{"text_format":"1","workbook":"xlsx","n_sheets":14,"sheets":["CAPA","CLIENTES","DADOS","ORC","ABC","Auxiliar_ABC","Auxiliar_ABC2","CPU","COT","SINAPI","SETOP","SICRO","SUDECAP","CRO 12 meses"],"not_rendered":{"charts":0,"images":26,"macros":1,"external_links":1,"defined_names":20,"comments":0,"pivot_tables":0},"unopened":[],"bounds":{"document_bytes":16777216,"sheet_cells":100000,"rows_first":2000,"rows_last":500,"rows_between":2000,"halvings":0,"cell_chars":16384,"cell_head_chars":4096},"cells_cut":0,"cells_raw":0,"read":"whole","date_system":"1900"}

{"sheet":"CAPA","index":0,"n_rows":0,"n_cols":0,"rows_kept":0,"cut":false,"hidden":false,"merged":[]}

{"sheet":"CLIENTES","index":1,"n_rows":8,"n_cols":2,"rows_kept":8,"cut":false,"hidden":true,"merged":[]}
[null,"PREFEITURA MUNICIPAL DE POUSO ALEGRE"]
[null,"PREFEITURA MUNICIPAL DE CACHOEIRA DE MINAS"]
[null,"PREFEITURA MUNICIPAL DE ITAJUBÁ"]
[null,"PREFEITURA MUNICIPAL DE SANTA RITA DO SAPUCAÍ"]
[null,"RYZA"]
[null,"FAPEPE"]
[null,"PREFEITURA MUNICIPAL DE DELFIM MOREIRA"]
[null,"PREFEITURA MUNICIPAL DE PIRANGUINHO"]

{"sheet":"DADOS","index":2,"n_rows":20,"n_cols":5,"rows_kept":20,"cut":false,"hidden":false,"merged":[]}
[]
[null,"DATA",null,"2025-01-27"]
[]
[null,"CLIENTE",null,null,1]
[]
[null,"REVISÃO",null,"R00"]
[]
[null,"PROJETO",null,"CONSTRUÇÃO DA UBS CRISTAIS"]
[]
[null,"BDI TIPO 1",null,0.26519999999999999]
[]
[null,"BDI TIPO 2",null,"-"]
[]
[null,"BANCOS DE DADOS",null,"SINAPI: 12/2024 Minas Gerais\nSETOP: 10/2024 Minas Gerais\nSICRO : 10/2024 Minas Gerais\nSUDECAP: 10/2024 Minas Gerais"]
[]
[null,"RESPONSÁVEL",null,"ALOISIO CAETANO FERREIRA"]
[]
[null,"CREA",null,"CREA -  MG 97.132/D"]
[]
[null,"TIPO",null,"PROJETO EXECUTIVO"]

{"sheet":"ORC","index":3,"n_rows":2486,"n_cols":15,"rows_kept":2486,"cut":false,"hidden":false,"merged":[[2485,5,2485,7],[2475,3,2475,11],[2475,12,2475,13],[2476,3,2476,11],[2476,12,2476,13],[2477,3,2477,11],[2477,12,2477,13],[13,12,15,13],[10,4,11,11],[12,4,12,11],[2484,5,2484,7],[26,3,27,13],[30,10,30,13],[31,10,32,11]]}
[]
[]
[1000,null,null,"A","ADMINISTRAÇÃO DE OBRA",null,null,null,null,null,null,null,{"$f":"SUMIF(A:A,D3,M:M)","v":0},{"$f":"SUMIF(A:A,D3,N:N)","v":0}]
[null,null,null,"A.B",null,null,null,null,null,null,null,null,{"$f":"IFERROR(SUMIFS(M:M,A:A,LEFT(D4,SEARCH(\".\",D4)-1),B:B,RIGHT(D4,LEN(D4)-SEARCH(\".\",D4))),\"\")","v":0},{"$f":"IFERROR(SUMIFS(N:N,A:A,LEFT(D4,SEARCH(\".\",D4)-1),B:B,RIGHT(D4,LEN(D4)-SEARCH(\".\",D4))),\"\")","v":0}]
[null,null,null,"A.B.C",null,null,null,null,null,null,null,null,{"$f":"IFERROR(SUMIFS(M:M,A:A,LEFT(D5,SEARCH(\".\",D5)-1),B:B,LEFT(RIGHT(D5,LEN(D5)-SEARCH(\".\",D5)),SEARCH(\".\",RIGHT(D5,LEN(D5)-SEARCH(\".\",D5)))-1),C:C,RIGHT(D5,LEN(D5)-SEARCH(\".\",D5,SEARCH(\".\",D5)+1))),\"\")","v":0},{"$f":"IFERROR(SUMIFS(N:N,A:A,LEFT(D5,SEARCH(\".\",D5)-1),B:B,LEFT(RIGHT(D5,LEN(D5)-SEARCH(\".\",D5)),SEARCH(\".\",RIGHT(D5,LEN(D5)-SEARCH(\".\",D5)))-1),C:C,RIGHT(D5,LEN(D5)-SEARCH(\".\",D5,SEARCH(\".\",D5)+1))),\"\")","v":0}]
[{"$f":"IFERROR(LEFT(D6,SEARCH(\".\",D6)-1),\"\")","v":"a"},{"$f":"IFERROR(LEFT(RIGHT(D6,LEN(D6)-SEARCH(\".\",D6)),SEARCH(\".\",RIGHT(D6,LEN(D6)-SEARCH(\".\",D6)))-1),\"\")","v":"a/a"},{"$f":"IFERROR(IF(LEN(D6)-LEN(SUBSTITUTE(D6,\".\",\"\"))<>3,\"\",MID(D6,SEARCH(\".\",D6,SEARCH(\".\",D6)+1)+1,LEN(D6)-SEARCH(\".\",D6,SEARCH(\".\",D6)+1)-(LEN(D6)-(SEARCH(\".\",D6,SEARCH(\".\",D6,SEARCH(\".\",D6)+1)+1)-1)))),\"\")","v":""},"a.a/a.a.a/a.a.a.a",{"$f":"IF($G6=\"SINAPI\",VLOOKUP($F6,DADOS_SINAPI,2,0),IF(G6=\"SETOP\",VLOOKUP($F6,DADOS_SETOP,2,0),IF(G6=\"CPU\",VLOOKUP($F6,DADOS_COMPOSICAO,2,0),IF(G6=\"SICRO\",VLOOKUP($F6,DADOS_SICRO,2,0),IF(G6=\"SUDECAP\",VLOOKUP(F6,DADOS_SUDECAP,2,0),IF(G6=\"COTAÇÃO\",VLOOKUP($F6,DADOS_COTACAO,2,0),\"\"))))))","v":""},null,null,{"$f":"IF(G6=\"SINAPI\",VLOOKUP($F6,DADOS_SINAPI,3,0),IF(G6=\"SETOP\",VLOOKUP($F6,DADOS_SETOP,3,0),IF(G6=\"CPU\",VLOOKUP($F6,DADOS_COMPOSICAO,10,0),IF(G6=\"SICRO\",VLOOKUP($F6,DADOS_SICRO,3,0),IF(G6=\"SUDECAP\",VLOOKUP(F6,DADOS_SUDECAP,3,0),IF(G6=\"COTAÇÃO\",VLOOKUP($F6,DADOS_COTACAO,9,0),\"\"))))))","v":""},null,{"$f":"TRUNC(IF(G6=\"SINAPI\",VLOOKUP($F6,DADOS_SINAPI,4,0),IF(G6=\"SETOP\",VLOOKUP($F6,DADOS_SETOP,4,0),IF(G6=\"CPU\",VLOOKUP($F6,DADOS_COMPOSICAO,13,0),IF(G6=\"SICRO\",VLOOKUP($F6,DADOS_SICRO,4,0),IF(G6=\"SUDECAP\",VLOOKUP(F6,DADOS_SUDECAP,4,0),IF(G6=\"COTAÇÃO\",VLOOKUP(F6,DADOS_COTACAO,12,0),\"\")))))),2)","v":{"$error":"#VALUE!"}},"BDI 1",{"$f":"TRUNC(J6*(1+$N$17),2)","v":{"$error":"#VALUE!"}},{"$f":"IFERROR(TRUNC(I6*J6,2),\"\")","v":""},{"$f":"IFERROR(TRUNC(L6*I6,2),\"\")","v":""}]
[{"$f":"IFERROR(LEFT(D7,SEARCH(\".\",D7)-1),\"\")","v":"a"},{"$f":"IFERROR(LEFT(RIGHT(D7,LEN(D7)-SEARCH(\".\",D7)),SEARCH(\".\",RIGHT(D7,LEN(D7)-SEARCH(\".\",D7)))-1),\"\")","v":"a/a"},{"$f":"IFERROR(IF(LEN(D7)-LEN(SUBSTITUTE(D7,\".\",\"\"))<>3,\"\",MID(D7,SEARCH(\".\",D7,SEARCH(\".\",D7)+1)+1,LEN(D7)-SEARCH(\".\",D7,SEARCH(\".\",D7)+1)-(LEN(D7)-(SEARCH(\".\",D7,SEARCH(\".\",D7,SEARCH(\".\",D7)+1)+1)-1)))),\"\")","v":""},"a.a/a.a.a/a.a.a.a",{"$f":"VLOOKUP($F7,DADOS_COTACAO,2,0)","v":{"$error":"#N/A"}},null,"COTAÇÃO",{"$f":"VLOOKUP($F7,DADOS_COTACAO,9,0)","v":{"$error":"#N/A"}},null,{"$f":"TRUNC(VLOOKUP($F7,DADOS_COTACAO,12,0),2)","v":{"$error":"#N/A"}},"BDI 2",{"$f":"TRUNC(J7*(1+$N$18),2)","v":{"$error":"#N/A"}},{"$f":"IFERROR(TRUNC(I7*J7,2),\"\")","v":""},{"$f":"IFERROR(TRUNC(L7*I7,2),\"\")","v":""}]
[2000]
[]
[]
[null,null,null,null,"PLANILHA ORÇAMENTÁRIA",null,null,null,null,null,null,null,"Revisão:",{"$f":"DADOS!D6","v":"R00"},"a"]
[null,null,null,null,null,null,null,null,null,null,null,null,"Data: ",{"$f":"DADOS!D2","v":"2025-01-27"}]
[null,null,null,"Projeto:",{"$f":"DADOS!D8","v":"CONSTRUÇÃO DA UBS CRISTAIS"},null,null,null,null,null,null,null,"Bancos:"]
[null,null,null,"Responsável:",null,"Cliente:",null,null,null,null,null,null,{"$f":"DADOS!D14","v":"SINAPI: 12/2024 Minas Gerais\nSETOP: 10/2024 Minas Gerais\nSICRO : 10/2024 Minas Gerais\nSUDECAP: 10/2024 Minas Gerais"}]
[]
[]
[null,null,null,null,null,null,null,null,null,null,null,null,"BDI 1:",{"$f":"DADOS!D10","v":0.26519999999999999}]
[null,null,null,null,null,null,null,null,null,null,null,null,"BDI 2:",{"$f":"DADOS!D12","v":"-"}]
[]
[]
[]
[]
[]
[]
[]
[]
[null,null,null,"PLANILHA ORÇAMENTÁRIA",null,null,null,null,null,null,null,null,null,null,"a"]
[]
[null,null,null,"PREFEITURA:","PREFEITURA MUNICIPAL DE POUSO ALEGRE",null,null,null,null,null,null,null,"FOLHA Nº: 1"]
[null,null,null,"OBRA: CONSTRUÇÃO DA UBS CRISTAIS",null,null,null,null,null,null,null,null,"DATA:27/01/2025"]
[null,null,null,"LOCAL: RUA ROBERTO SCODELER, BAIRRO BELLA ITÁLIA",null,null,null,null,null,null,"FORMA DE EXECUÇÃO"]
[null,null,null,"REGIÃO/MÊS DE REFERÊNCIA:  SINAPI: 12/2024 Minas Gerais SETOP: 10/2024 Minas Gerais SICRO : 10/2024 Minas Gerais SUDECAP: 10/2024 Minas Gerais",null,null,null,null,null,null,"(  ) DIRETA",null,"(X)","INDIRETA"]
[null,null,null,"PRAZO DE EXECUÇÃO: 12 MESES",null,null,null,null,null,null,null,null,"BDI 1:",{"$f":"DADOS!D10","v":0.26519999999999999}]
[]
[null,null,null,"Item","Descrição","Código","Banco","Unidade","Quantidade","Valor Unitário","BDI","Valor Unit. com BDI","Total","Total com BDI"]
[null,null,null,null,null,null,null,null,null,null,null,null,{"$f":"ROUND(I36*J36,2)","v":0},{"$f":"ROUND(L36*I36,2)","v":0}]
[1000,null,null,1,"ADMINISTRAÇÃO DE OBRA",null,null,null,null,null,null,null,{"$f":"SUMIF(A:A,D37,M:M)","v":98851.199999999997},{"$f":"SUMIF(A:A,D37,N:N)","v":125059.20000000001}]
[{"$f":"IFERROR(LEFT(D38,SEARCH(\".\",D38)-1),\"\")","v":"1"},{"$f":"IFERROR(LEFT(RIGHT(D38,LEN(D38)-SEARCH(\".\",D38)),SEARCH(\".\",RIGHT(D38,LEN(D38)-SEARCH(\".\",D38)))-1),\"\")","v":""},{"$f":"IFERROR(IF(LEN(D38)-LEN(SUBSTITUTE(D38,\".\",\"\"))<>3,\"\",MID(D38,SEARCH(\".\",D38,SEARCH(\".\",D38)+1)+1,LEN(D38)-SEARCH(\".\",D38,SEARCH(\".\",D38)+1)-(LEN(D38)-(SEARCH(\".\",D38,SEARCH(\".\",D38,SEARCH(\".\",D38)+1)+1)-1)))),\"\")","v":""},"1.1",{"$f":"IF($G38=\"SINAPI\",VLOOKUP($F38,DADOS_SINAPI,2,0),IF(G38=\"SETOP\",VLOOKUP($F38,DADOS_SETOP,2,0),IF(G38=\"CPU\",VLOOKUP($F38,DADOS_COMPOSICAO,2,0),IF(G38=\"SICRO\",VLOOKUP($F38,DADOS_SICRO,2,0),IF(G38=\"SUDECAP\",VLOOKUP(F38,DADOS_SUDECAP,2,0),IF(G38=\"COTAÇÃO\",VLOOKUP($F38,DADOS_COTACAO,2,0),\"\"))))))","v":"ENGENHEIRO CIVIL DE OBRA JUNIOR COM ENCARGOS COMPLEMENTARES"},90777,"SINAPI",{"$f":"IF(G38=\"SINAPI\",VLOOKUP($F38,DADOS_SINAPI,3,0),IF(G38=\"SETOP\",VLOOKUP($F38,DADOS_SETOP,3,0),IF(G38=\"CPU\",VLOOKUP($F38,DADOS_COMPOSICAO,10,0),IF(G38=\"SICRO\",VLOOKUP($F38,DADOS_SICRO,3,0),IF(G38=\"SUDECAP\",VLOOKUP(F38,DADOS_SUDECAP,3,0),IF(G38=\"COTAÇÃO\",VLOOKUP($F38,DADOS_COTACAO,9,0),\"\"))))))","v":"H"},{"$f":"F43","v":960},{"$f":"TRUNC(IF(G38=\"SINAPI\",VLOOKUP($F38,DADOS_SINAPI,4,0),IF(G38=\"SETOP\",VLOOKUP($F38,DADOS_SETOP,4,0),IF(G38=\"CPU\",VLOOKUP($F38,DADOS_COMPOSICAO,13,0),IF(G38=\"SICRO\",VLOOKUP($F38,DADOS_SICRO,4,0),IF(G38=\"SUDECAP\",VLOOKUP(F38,DADOS_SUDECAP,4,0),IF(G38=\"COTAÇÃO\",VLOOKUP(F38,DADOS_COTACAO,12,0),\"\")))))),2)","v":102.97},"BDI 1",{"$f":"TRUNC(J38*(1+$N$17),2)","v":130.27000000000001},{"$f":"IFERROR(TRUNC(I38*J38,2),\"\")","v":98851.199999999997},{"$f":"L38*I38","v":125059.20000000001}]
[2000]
[2000,null,null,null,"Horas",4]
[2000,null,null,null,"Dias",20]
[2000,null,null,null,"Meses",12]
[2000,null,null,null,"Total",{"$f":"F40*F41*F42","v":960},"h"]
[2000]
[1000,null,null,2,"CANTEIRO DE OBRA",null,null,null,null,null,null,null,{"$f":"SUMIF(A:A,D45,M:M)","v":64958.109999999993},{"$f":"SUMIF(A:A,D45,N:N)","v":82182.650000000009}]
[{"$f":"IFERROR(LEFT(D46,SEARCH(\".\",D46)-1),\"\")","v":"2"},{"$f":"IFERROR(LEFT(RIGHT(D46,LEN(D46)-SEARCH(\".\",D46)),SEARCH(\".\",RIGHT(D46,LEN(D46)-SEARCH(\".\",D46)))-1),\"\")","v":""},{"$f":"IFERROR(IF(LEN(D46)-LEN(SUBSTITUTE(D46,\".\",\"\"))<>3,\"\",MID(D46,SEARCH(\".\",D46,SEARCH(\".\",D46)+1)+1,LEN(D46)-SEARCH(\".\",D46,SEARCH(\".\",D46)+1)-(LEN(D46)-(SEARCH(\".\",D46,SEARCH(\".\",D46,SEARCH(\".\",D46)+1)+1)-1)))),\"\")","v":""},"2.1",{"$f":"IF($G46=\"SINAPI\",VLOOKUP($F46,DADOS_SINAPI,2,0),IF(G46=\"SETOP\",VLOOKUP($F46,DADOS_SETOP,2,0),IF(G46=\"CPU\",VLOOKUP($F46,DADOS_COMPOSICAO,2,0),IF(G46=\"SICRO\",VLOOKUP($F46,DADOS_SICRO,2,0),IF(G46=\"SUDECAP\",VLOOKUP(F46,DADOS_SUDECAP,2,0),IF(G46=\"COTAÇÃO\",VLOOKUP($F46,DADOS_COTACAO,2,0),\"\"))))))","v":"LOCAÇÃO DE CONTAINER COM ISOLAMENTO TÉRMICO, TIPO 3, PARA DEPÓSITO/FERRAMENTARIA DE OBRA, COM MEDIDAS REFERENCIAIS DE (6) METROS COMPRIMENTO, (2,3) METROS LARGURA E (2,5) METROS ALTURA ÚTIL INTERNA, INCLUSIVE LIGAÇÕES ELÉTRICAS INTERNAS, EXCLUSIVE MOBILIZAÇÃO/DESMOBILIZAÇÃO E LIGAÇÕES PROVISÓRIAS EXTERNAS"},"ED-16350","SETOP",{"$f":"IF(G46=\"SINAPI\",VLOOKUP($F46,DADOS_SINAPI,3,0),IF(G46=\"SETOP\",VLOOKUP($F46,DADOS_SETOP,3,0),IF(G46=\"CPU\",VLOOKUP($F46,DADOS_COMPOSICAO,10,0),IF(G46=\"SICRO\",VLOOKUP($F46,DADOS_SICRO,3,0),IF(G46=\"SUDECAP\",VLOOKUP(F46,DADOS_SUDECAP,3,0),IF(G46=\"COTAÇÃO\",VLOOKUP($F46,DADOS_COTACAO,9,0),\"\"))))))","v":"mês"},{"$f":"F48","v":12},{"$f":"TRUNC(IF(G46=\"SINAPI\",VLOOKUP($F46,DADOS_SINAPI,4,0),IF(G46=\"SETOP\",VLOOKUP($F46,DADOS_SETOP,4,0),IF(G46=\"CPU\",VLOOKUP($F46,DADOS_COMPOSICAO,13,0),IF(G46=\"SICRO\",VLOOKUP($F46,DADOS_SICRO,4,0),IF(G46=\"SUDECAP\",VLOOKUP(F46,DADOS_SUDECAP,4,0),IF(G46=\"COTAÇÃO\",VLOOKUP(F46,DADOS_COTACAO,12,0),\"\")))))),2)","v":801.86},"BDI 1",{"$f":"TRUNC(J46*(1+$N$17),2)","v":1014.51},{"$f":"IFERROR(TRUNC(I46*J46,2),\"\")","v":9622.32},{"$f":"L46*I46","v":12174.119999999999}]
[2000]
[2000,null,null,null,"Quantidade",12,"meses"]
[2000]
["2","","","2.2",{"$f":"IF($G50=\"SINAPI\",VLOOKUP($F50,DADOS_SINAPI,2,0),IF(G50=\"SETOP\",VLOOKUP($F50,DADOS_SETOP,2,0),IF(G50=\"CPU\",VLOOKUP($F50,DADOS_COMPOSICAO,2,0),IF(G50=\"SICRO\",VLOOKUP($F50,DADOS_SICRO,2,0),IF(G50=\"SUDECAP\",VLOOKUP(F50,DADOS_SUDECAP,2,0),IF(G50=\"COTAÇÃO\",VLOOKUP($F50,DADOS_COTACAO,2,0),\"\"))))))","v":"LIGAÇÕES PROVISÓRIAS PARA CONTAINER TIPO 3 (CORRESPONDENTE AO CÓDIGO ED-16350)"},"ED-16358","SETOP","un",{"$f":"F52","v":1},288.39,"BDI 1",364.87,288.39,{"$f":"L50*I50","v":364.87}]
[2000]
[2000,null,null,null,"Quantidade",1,"un"]
[2000]
[{"$f":"IFERROR(LEFT(D54,SEARCH(\".\",D54)-1),\"\")","v":"2"},{"$f":"IFERROR(LEFT(RIGHT(D54,LEN(D54)-SEARCH(\".\",D54)),SEARCH(\".\",RIGHT(D54,LEN(D54)-SEARCH(\".\",D54)))-1),\"\")","v":""},{"$f":"IFERROR(IF(LEN(D54)-LEN(SUBSTITUTE(D54,\".\",\"\"))<>3,\"\",MID(D54,SEARCH(\".\",D54,SEARCH(\".\",D54)+1)+1,LEN(D54)-SEARCH(\".\",D54,SEARCH(\".\",D54)+1)-(LEN(D54)-(SEARCH(\".\",D54,SEARCH(\".\",D54,SEARCH(\".\",D54)+1)+1)-1)))),\"\")","v":""},"2.3",{"$f":"IF($G54=\"SINAPI\",VLOOKUP($F54,DADOS_SINAPI,2,0),IF(G54=\"SETOP\",VLOOKUP($F54,DADOS_SETOP,2,0),IF(G54=\"CPU\",VLOOKUP($F54,DADOS_COMPOSICAO,2,0),IF(G54=\"SICRO\",VLOOKUP($F54,DADOS_SICRO,2,0),IF(G54=\"SUDECAP\",VLOOKUP(F54,DADOS_SUDECAP,2,0),IF(G54=\"COTAÇÃO\",VLOOKUP($F54,DADOS_COTACAO,2,0),\"\"))))))","v":"LOCAÇÃO DE CONTAINER COM ISOLAMENTO TÉRMICO, TIPO 1, PARA ESCRITÓRIO DE OBRA, COM MEDIDAS REFERENCIAIS DE (6) METROS COMPRIMENTO, (2,3) METROS LARGURA E (2,5) METROS ALTURA ÚTIL INTERNA, INCLUSIVE AR CONDICIONADO E LIGAÇÕES ELÉTRICAS INTERNAS, EXCLUSIVE MOBILIZAÇÃO/DESMOBILIZAÇÃO E LIGAÇÕES PROVISÓRIAS EXTERNAS"},"ED-16348","SETOP",{"$f":"IF(G54=\"SINAPI\",VLOOKUP($F54,DADOS_SINAPI,3,0),IF(G54=\"SETOP\",VLOOKUP($F54,DADOS_SETOP,3,0),IF(G54=\"CPU\",VLOOKUP($F54,DADOS_COMPOSICAO,10,0),IF(G54=\"SICRO\",VLOOKUP($F54,DADOS_SICRO,3,0),IF(G54=\"SUDECAP\",VLOOKUP(F54,DADOS_SUDECAP,3,0),IF(G54=\"COTAÇÃO\",VLOOKUP($F54,DADOS_COTACAO,9,0),\"\"))))))","v":"mês"},{"$f":"F56","v":12},{"$f":"TRUNC(IF(G54=\"SINAPI\",VLOOKUP($F54,DADOS_SINAPI,4,0),IF(G54=\"SETOP\",VLOOKUP($F54,DADOS_SETOP,4,0),IF(G54=\"CPU\",VLOOKUP($F54,DADOS_COMPOSICAO,13,0),IF(G54=\"SICRO\",VLOOKUP($F54,DADOS_SICRO,4,0),IF(G54=\"SUDECAP\",VLOOKUP(F54,DADOS_SUDECAP,4,0),IF(G54=\"COTAÇÃO\",VLOOKUP(F54,DADOS_COTACAO,12,0),\"\")))))),2)","v":1433.79},"BDI 1",{"$f":"TRUNC(J54*(1+$N$17),2)","v":1814.03},{"$f":"IFERROR(TRUNC(I54*J54,2),\"\")","v":17205.48},21768.36]
[2000]
[2000,null,null,null,"Quantidade",12,"meses"]
[2000]
[{"$f":"IFERROR(LEFT(D58,SEARCH(\".\",D58)-1),\"\")","v":"2"},{"$f":"IFERROR(LEFT(RIGHT(D58,LEN(D58)-SEARCH(\".\",D58)),SEARCH(\".\",RIGHT(D58,LEN(D58)-SEARCH(\".\",D58)))-1),\"\")","v":""},{"$f":"IFERROR(IF(LEN(D58)-LEN(SUBSTITUTE(D58,\".\",\"\"))<>3,\"\",MID(D58,SEARCH(\".\",D58,SEARCH(\".\",D58)+1)+1,LEN(D58)-SEARCH(\".\",D58,SEARCH(\".\",D58)+1)-(LEN(D58)-(SEARCH(\".\",D58,SEARCH(\".\",D58,SEARCH(\".\",D58)+1)+1)-1)))),\"\")","v":""},"2.4",{"$f":"IF($G58=\"SINAPI\",VLOOKUP($F58,DADOS_SINAPI,2,0),IF(G58=\"SETOP\",VLOOKUP($F58,DADOS_SETOP,2,0),IF(G58=\"CPU\",VLOOKUP($F58,DADOS_COMPOSICAO,2,0),IF(G58=\"SICRO\",VLOOKUP($F58,DADOS_SICRO,2,0),IF(G58=\"SUDECAP\",VLOOKUP(F58,DADOS_SUDECAP,2,0),IF(G58=\"COTAÇÃO\",VLOOKUP($F58,DADOS_COTACAO,2,0),\"\"))))))","v":"LIGAÇÕES PROVISÓRIAS PARA CONTAINER TIPO 1 (CORRESPONDENTE AO CÓDIGO ED-16348)"},"ED-16356","SETOP",{"$f":"IF(G58=\"SINAPI\",VLOOKUP($F58,DADOS_SINAPI,3,0),IF(G58=\"SETOP\",VLOOKUP($F58,DADOS_SETOP,3,0),IF(G58=\"CPU\",VLOOKUP($F58,DADOS_COMPOSICAO,10,0),IF(G58=\"SICRO\",VLOOKUP($F58,DADOS_SICRO,3,0),IF(G58=\"SUDECAP\",VLOOKUP(F58,DADOS_SUDECAP,3,0),IF(G58=\"COTAÇÃO\",VLOOKUP($F58,DADOS_COTACAO,9,0),\"\"))))))","v":"un"},{"$f":"F60","v":1},{"$f":"TRUNC(IF(G58=\"SINAPI\",VLOOKUP($F58,DADOS_SINAPI,4,0),IF(G58=\"SETOP\",VLOOKUP($F58,DADOS_SETOP,4,0),IF(G58=\"CPU\",VLOOKUP($F58,DADOS_COMPOSICAO,13,0),IF(G58=\"SICRO\",VLOOKUP($F58,DADOS_SICRO,4,0),IF(G58=\"SUDECAP\",VLOOKUP(F58,DADOS_SUDECAP,4,0),IF(G58=\"COTAÇÃO\",VLOOKUP(F58,DADOS_COTACAO,12,0),\"\")))))),2)","v":288.39},"BDI 1",{"$f":"TRUNC(J58*(1+$N$17),2)","v":364.87},{"$f":"IFERROR(TRUNC(I58*J58,2),\"\")","v":288.39},364.87]
[2000]
[2000,null,null,null,"Quantidade",1,"un"]
[2000]
["2","","","2.5","MOBILIZAÇÃO E DESMOBILIZAÇÃO DE CONTAINER, INCLUSIVE CARGA, DESCARGA E TRANSPORTE EM CAMINHÃO CARROCERIA COM GUINDAUTO (MUNCK), EXCLUSIVE LOCAÇÃO DO CONTAINER","ED-50137","SETOP","un",{"$f":"F64","v":2},1445.84,"BDI 1",1829.27,2891.68,3658.54]
[2000]
[2000,null,null,null,"Quantidade",2,"un"]
[2000]
["2","","","2.6","LOCAÇÃO DE BANHEIRO QUÍMICO, DIMENSÃO (110X120X230)CM, LINHA PADRÃO, CONTENDO UMA (1) PIA/HIGIENIZADOR DE MÃOS, INCLUSIVE MANUTENÇÃO E MOBILIZAÇÃO/DESMOBILIZAÇÃO","ED-50155","SETOP","mês",{"$f":"F70","v":24},900,"BDI 1",1138.68,21600,27328.32]
[2000]
[2000,null,null,null,"Quantidade",2,"un"]
[2000,null,null,null,"Tempo de obra",{"$f":"F48","v":12},"meses"]
[2000,null,null,null,"Total",{"$f":"F68*F69","v":24},"meses"]
[2000]
["2","","","2.7","LIGAÇÃO DE ÁGUA PROVISÓRIA PARA CANTEIRO,  INCLUSIVE HIDRÔMETRO E CAVALETE PARA MEDIÇÃO DE ÁGUA - ENTRADA PRINCIPAL, EM AÇO GALVANIZADO DN 20MM (1/2\") - PADRÃO CONCESSIONÁRIA","ED-50150","SETOP","un",{"$f":"F74","v":1},439.05,"BDI 1",555.48,439.05,555.48]
[2000]
[2000,null,null,null,"Quantidade",1,"un"]
[2000]
["2","","","2.8","LIGAÇÃO PROVISÓRIA COM ENTRADA DE ENERGIA AÉREA, PADRÃO CEMIG, CARGA INSTALADA DE 15,1KVA ATÉ 30KVA, TRIFÁSICO, COM SAÍDA SUBTERRÂNEA, INCLUSIVE POSTE, CAIXA PARA MEDIDOR, DISJUNTOR, BARRAMENTO, ATERRAMENTO E ACESSÓRIOS","ED-50151","SETOP","un",{"$f":"F78","v":1},1060.92,"BDI 1",1342.27,1060.92,1342.27]
[2000]
[2000,null,null,null,"Quantidade",1,"un"]
[2000]
["2","","","2.9","TAPUME FIXO DE PROTEÇÃO PARA FECHAMENTO DE OBRA EM TELHA METÁLICA GALVANIZADA, TIPO TRAPEZOIDAL, ESP. 0,5MM, COM MÓDULO NA DIMENSÃO DE (300X220)CM, COM REAPROVEITAMENTO, EXCLUSIVE PINTURA ESMALTE, INCLUSIVE PONTALETE E FIXAÇÃO","ED-29823","SETOP","m2",{"$f":"F84","v":209.00000000000003},52.79,"BDI 1",66.78,11033.11,13957.020000000002]
[2000]
[2000,null,null,null,"Comprimento",95,"m"]
[2000,null,null,null,"Altura",2.2000000000000002,"m"]
[2000,null,null,null,"Quantidade",{"$f":"F82*F83","v":209.00000000000003},"m²"]
[2000]
["2","","","2.10","REMOÇÃO DE TAPUME/ CHAPAS METÁLICAS E DE MADEIRA, DE FORMA MANUAL, SEM REAPROVEITAMENTO. AF_09/2023",97637,"SINAPI","M2",{"$f":"F88","v":209.00000000000003},2.5299999999999998,"BDI 1",3.2,528.77,668.80000000000018]
[2000]
[2000,null,null,null,"Área de tapume",{"$f":"F84","v":209.00000000000003},"m²"]
[2000]
[1000,null,null,3,"SERVIÇOS PRELIMINARES",null,null,null,null,null,null,null,{"$f":"SUMIF(A:A,D90,M:M)","v":5321.84},{"$f":"SUMIF(A:A,D90,N:N)","v":6733.1100000000006}]
[{"$f":"IFERROR(LEFT(D91,SEARCH(\".\",D91)-1),\"\")","v":"3"},{"$f":"IFERROR(LEFT(RIGHT(D91,LEN(D91)-SEARCH(\".\",D91)),SEARCH(\".\",RIGHT(D91,LEN(D91)-SEARCH(\".\",D91)))-1),\"\")","v":""},{"$f":"IFERROR(IF(LEN(D91)-LEN(SUBSTITUTE(D91,\".\",\"\"))<>3,\"\",MID(D91,SEARCH(\".\",D91,SEARCH(\".\",D91)+1)+1,LEN(D91)-SEARCH(\".\",D91,SEARCH(\".\",D91)+1)-(LEN(D91)-(SEARCH(\".\",D91,SEARCH(\".\",D91,SEARCH(\".\",D91)+1)+1)-1)))),\"\")","v":""},"3.1",{"$f":"IF($G91=\"SINAPI\",VLOOKUP($F91,DADOS_SINAPI,2,0),IF(G91=\"SETOP\",VLOOKUP($F91,DADOS_SETOP,2,0),IF(G91=\"CPU\",VLOOKUP($F91,DADOS_COMPOSICAO,2,0),IF(G91=\"SICRO\",VLOOKUP($F91,DADOS_SICRO,2,0),IF(G91=\"SUDECAP\",VLOOKUP(F91,DADOS_SUDECAP,2,0),IF(G91=\"COTAÇÃO\",VLOOKUP($F91,DADOS_COTACAO,2,0),\"\"))))))","v":"FORNECIMENTO E COLOCAÇÃO DE PLACA DE OBRA EM CHAPA GALVANIZADA #26, ESP. 0,45MM, DIMENSÃO (3X1,5)M, PLOTADA COM ADESIVO VINÍLICO, AFIXADA COM REBITES 4,8X40MM, EM ESTRUTURA METÁLICA DE METALON 20X20MM, ESP. 1,25MM, INCLUSIVE SUPORTE EM EUCALIPTO AUTOCLAVADO PINTADO COM TINTA PVA DUAS (2) DEMÃOS"},"ED-28427","SETOP",{"$f":"IF(G91=\"SINAPI\",VLOOKUP($F91,DADOS_SINAPI,3,0),IF(G91=\"SETOP\",VLOOKUP($F91,DADOS_SETOP,3,0),IF(G91=\"CPU\",VLOOKUP($F91,DADOS_COMPOSICAO,10,0),IF(G91=\"SICRO\",VLOOKUP($F91,DADOS_SICRO,3,0),IF(G91=\"SUDECAP\",VLOOKUP(F91,DADOS_SUDECAP,3,0),IF(G91=\"COTAÇÃO\",VLOOKUP($F91,DADOS_COTACAO,9,0),\"\"))))))","v":"un"},{"$f":"F93","v":1},{"$f":"TRUNC(IF(G91=\"SINAPI\",VLOOKUP($F91,DADOS_SINAPI,4,0),IF(G91=\"SETOP\",VLOOKUP($F91,DADOS_SETOP,4,0),IF(G91=\"CPU\",VLOOKUP($F91,DADOS_COMPOSICAO,13,0),IF(G91=\"SICRO\",VLOOKUP($F91,DADOS_SICRO,4,0),IF(G91=\"SUDECAP\",VLOOKUP(F91,DADOS_SUDECAP,4,0),IF(G91=\"COTAÇÃO\",VLOOKUP(F91,DADOS_COTACAO,12,0),\"\")))))),2)","v":1201.6400000000001},"BDI 1",{"$f":"TRUNC(J91*(1+$N$17),2)","v":1520.31},{"$f":"IFERROR(TRUNC(I91*J91,2),\"\")","v":1201.6400000000001},{"$f":"L91*I91","v":1520.31}]
[2000]
[2000,null,null,null,"Total",1,"un "]
[2000]
[{"$f":"IFERROR(LEFT(D95,SEARCH(\".\",D95)-1),\"\")","v":"3"},{"$f":"IFERROR(LEFT(RIGHT(D95,LEN(D95)-SEARCH(\".\",D95)),SEARCH(\".\",RIGHT(D95,LEN(D95)-SEARCH(\".\",D95)))-1),\"\")","v":""},{"$f":"IFERROR(IF(LEN(D95)-LEN(SUBSTITUTE(D95,\".\",\"\"))<>3,\"\",MID(D95,SEARCH(\".\",D95,SEARCH(\".\",D95)+1)+1,LEN(D95)-SEARCH(\".\",D95,SEARCH(\".\",D95)+1)-(LEN(D95)-(SEARCH(\".\",D95,SEARCH(\".\",D95,SEARCH(\".\",D95)+1)+1)-1)))),\"\")","v":""},"3.2",{"$f":"IF($G95=\"SINAPI\",VLOOKUP($F95,DADOS_SINAPI,2,0),IF(G95=\"SETOP\",VLOOKUP($F95,DADOS_SETOP,2,0),IF(G95=\"CPU\",VLOOKUP($F95,DADOS_COMPOSICAO,2,0),IF(G95=\"SICRO\",VLOOKUP($F95,DADOS_SICRO,2,0),IF(G95=\"SUDECAP\",VLOOKUP(F95,DADOS_SUDECAP,2,0),IF(G95=\"COTAÇÃO\",VLOOKUP($F95,DADOS_COTACAO,2,0),\"\"))))))","v":"LOCAÇÃO DE OBRA COM GABARITO DE TÁBUAS CORRIDAS PONTALETADAS A CADA 2,00M, REAPROVEITAMENTO (2X), INCLUSIVE ACOMPANHAMENTO DE EQUIPE TOPOGRÁFICA PARA MARCAÇÃO DE PONTO TOPOGRÁFICO"},"ED-17989","SETOP",{"$f":"IF(G95=\"SINAPI\",VLOOKUP($F95,DADOS_SINAPI,3,0),IF(G95=\"SETOP\",VLOOKUP($F95,DADOS_SETOP,3,0),IF(G95=\"CPU\",VLOOKUP($F95,DADOS_COMPOSICAO,10,0),IF(G95=\"SICRO\",VLOOKUP($F95,DADOS_SICRO,3,0),IF(G95=\"SUDECAP\",VLOOKUP(F95,DADOS_SUDECAP,3,0),IF(G95=\"COTAÇÃO\",VLOOKUP($F95,DADOS_COTACAO,9,0),\"\"))))))","v":"m"},{"$f":"F97","v":90},{"$f":"TRUNC(IF(G95=\"SINAPI\",VLOOKUP($F95,DADOS_SINAPI,4,0),IF(G95=\"SETOP\",VLOOKUP($F95,DADOS_SETOP,4,0),IF(G95=\"CPU\",VLOOKUP($F95,DADOS_COMPOSICAO,13,0),IF(G95=\"SICRO\",VLOOKUP($F95,DADOS_SICRO,4,0),IF(G95=\"SUDECAP\",VLOOKUP(F95,DADOS_SUDECAP,4,0),IF(G95=\"COTAÇÃO\",VLOOKUP(F95,DADOS_COTACAO,12,0),\"\")))))),2)","v":45.78},"BDI 1",{"$f":"TRUNC(J95*(1+$N$17),2)","v":57.92},{"$f":"IFERROR(TRUNC(I95*J95,2),\"\")","v":4120.2},{"$f":"L95*I95","v":5212.8}]
[2000]
[2000,null,null,null,"Total",90,"m"]
[2000,null,null,null,null,0]
[1000,null,null,4,"LIMPEZAS E DEMOLIÇÕES ",null,null,null,null,null,null,null,{"$f":"SUMIF(A:A,D99,M:M)","v":3916.4199999999996},{"$f":"SUMIF(A:A,D99,N:N)","v":4941.1400000000003}]
[{"$f":"IFERROR(LEFT(D100,SEARCH(\".\",D100)-1),\"\")","v":"4"},{"$f":"IFERROR(LEFT(RIGHT(D100,LEN(D100)-SEARCH(\".\",D100)),SEARCH(\".\",RIGHT(D100,LEN(D100)-SEARCH(\".\",D100)))-1),\"\")","v":""},{"$f":"IFERROR(IF(LEN(D100)-LEN(SUBSTITUTE(D100,\".\",\"\"))<>3,\"\",MID(D100,SEARCH(\".\",D100,SEARCH(\".\",D100)+1)+1,LEN(D100)-SEARCH(\".\",D100,SEARCH(\".\",D100)+1)-(LEN(D100)-(SEARCH(\".\",D100,SEARCH(\".\",D100,SEARCH(\".\",D100)+1)+1)-1)))),\"\")","v":""},"4.1",{"$f":"IF($G100=\"SINAPI\",VLOOKUP($F100,DADOS_SINAPI,2,0),IF(G100=\"SETOP\",VLOOKUP($F100,DADOS_SETOP,2,0),IF(G100=\"CPU\",VLOOKUP($F100,DADOS_COMPOSICAO,2,0),IF(G100=\"SICRO\",VLOOKUP($F100,DADOS_SICRO,2,0),IF(G100=\"SUDECAP\",VLOOKUP(F100,DADOS_SUDECAP,2,0),IF(G100=\"COTAÇÃO\",VLOOKUP($F100,DADOS_COTACAO,2,0),\"\"))))))","v":"LIMPEZA MECANIZADA DE CAMADA VEGETAL, VEGETAÇÃO E PEQUENAS ÁRVORES (DIÂMETRO DE TRONCO MENOR QUE 0,20 M), COM TRATOR DE ESTEIRAS. AF_03/2024"},98525,"SINAPI",{"$f":"IF(G100=\"SINAPI\",VLOOKUP($F100,DADOS_SINAPI,3,0),IF(G100=\"SETOP\",VLOOKUP($F100,DADOS_SETOP,3,0),IF(G100=\"CPU\",VLOOKUP($F100,DADOS_COMPOSICAO,10,0),IF(G100=\"SICRO\",VLOOKUP($F100,DADOS_SICRO,3,0),IF(G100=\"SUDECAP\",VLOOKUP(F100,DADOS_SUDECAP,3,0),IF(G100=\"COTAÇÃO\",VLOOKUP($F100,DADOS_COTACAO,9,0),\"\"))))))","v":"M2"},{"$f":"F102","v":562.5},{"$f":"TRUNC(IF(G100=\"SINAPI\",VLOOKUP($F100,DADOS_SINAPI,4,0),IF(G100=\"SETOP\",VLOOKUP($F100,DADOS_SETOP,4,0),IF(G100=\"CPU\",VLOOKUP($F100,DADOS_COMPOSICAO,13,0),IF(G100=\"SICRO\",VLOOKUP($F100,DADOS_SICRO,4,0),IF(G100=\"SUDECAP\",VLOOKUP(F100,DADOS_SUDECAP,4,0),IF(G100=\"COTAÇÃO\",VLOOKUP(F100,DADOS_COTACAO,12,0),\"\")))))),2)","v":0.66},"BDI 1",{"$f":"TRUNC(J100*(1+$N$17),2)","v":0.83},{"$f":"IFERROR(TRUNC(I100*J100,2),\"\")","v":371.25},466.88]
[2000]
[2000,null,null,null,"Total",562.5,"m²"]
[2000]
[{"$f":"IFERROR(LEFT(D104,SEARCH(\".\",D104)-1),\"\")","v":"4"},{"$f":"IFERROR(LEFT(RIGHT(D104,LEN(D104)-SEARCH(\".\",D104)),SEARCH(\".\",RIGHT(D104,LEN(D104)-SEARCH(\".\",D104)))-1),\"\")","v":""},{"$f":"IFERROR(IF(LEN(D104)-LEN(SUBSTITUTE(D104,\".\",\"\"))<>3,\"\",MID(D104,SEARCH(\".\",D104,SEARCH(\".\",D104)+1)+1,LEN(D104)-SEARCH(\".\",D104,SEARCH(\".\",D104)+1)-(LEN(D104)-(SEARCH(\".\",D104,SEARCH(\".\",D104,SEARCH(\".\",D104)+1)+1)-1)))),\"\")","v":""},"4.2",{"$f":"IF($G104=\"SINAPI\",VLOOKUP($F104,DADOS_SINAPI,2,0),IF(G104=\"SETOP\",VLOOKUP($F104,DADOS_SETOP,2,0),IF(G104=\"CPU\",VLOOKUP($F104,DADOS_COMPOSICAO,2,0),IF(G104=\"SICRO\",VLOOKUP($F104,DADOS_SICRO,2,0),IF(G104=\"SUDECAP\",VLOOKUP(F104,DADOS_SUDECAP,2,0),IF(G104=\"COTAÇÃO\",VLOOKUP($F104,DADOS_COTACAO,2,0),\"\"))))))","v":"CARGA, MANOBRA E DESCARGA DE ENTULHO EM CAMINHÃO BASCULANTE 10 M³ - CARGA COM ESCAVADEIRA HIDRÁULICA  (CAÇAMBA DE 0,80 M³ / 111 HP) E DESCARGA LIVRE (UNIDADE: M3). AF_07/2020"},100982,"SINAPI",{"$f":"IF(G104=\"SINAPI\",VLOOKUP($F104,DADOS_SINAPI,3,0),IF(G104=\"SETOP\",VLOOKUP($F104,DADOS_SETOP,3,0),IF(G104=\"CPU\",VLOOKUP($F104,DADOS_COMPOSICAO,10,0),IF(G104=\"SICRO\",VLOOKUP($F104,DADOS_SICRO,3,0),IF(G104=\"SUDECAP\",VLOOKUP(F104,DADOS_SUDECAP,3,0),IF(G104=\"COTAÇÃO\",VLOOKUP($F104,DADOS_COTACAO,9,0),\"\"))))))","v":"M3"},{"$f":"F109","v":109.69},{"$f":"TRUNC(IF(G104=\"SINAPI\",VLOOKUP($F104,DADOS_SINAPI,4,0),IF(G104=\"SETOP\",VLOOKUP($F104,DADOS_SETOP,4,0),IF(G104=\"CPU\",VLOOKUP($F104,DADOS_COMPOSICAO,13,0),IF(G104=\"SICRO\",VLOOKUP($F104,DADOS_SICRO,4,0),IF(G104=\"SUDECAP\",VLOOKUP(F104,DADOS_SUDECAP,4,0),IF(G104=\"COTAÇÃO\",VLOOKUP(F104,DADOS_COTACAO,12,0),\"\")))))),2)","v":8.89},"BDI 1",{"$f":"TRUNC(J104*(1+$N$17),2)","v":11.24},{"$f":"IFERROR(TRUNC(I104*J104,2),\"\")","v":975.14},1232.92]
[2000]
[2000,null,null,null,"Área de camada vegetal",{"$f":"F102","v":562.5},"m²"]
[2000,null,null,null,"Espessura",0.15,"m "]
[2000,null,null,null,"Empolamento",1.3," -"]
[2000,null,null,null,"Total",{"$f":"ROUND((F106*F107*F108),2)","v":109.69},"m²"]
[2000]
[{"$f":"IFERROR(LEFT(D111,SEARCH(\".\",D111)-1),\"\")","v":"4"},{"$f":"IFERROR(LEFT(RIGHT(D111,LEN(D111)-SEARCH(\".\",D111)),SEARCH(\".\",RIGHT(D111,LEN(D111)-SEARCH(\".\",D111)))-1),\"\")","v":""},{"$f":"IFERROR(IF(LEN(D111)-LEN(SUBSTITUTE(D111,\".\",\"\"))<>3,\"\",MID(D111,SEARCH(\".\",D111,SEARCH(\".\",D111)+1)+1,LEN(D111)-SEARCH(\".\",D111,SEARCH(\".\",D111)+1)-(LEN(D111)-(SEARCH(\".\",D111,SEARCH(\".\",D111,SEARCH(\".\",D111)+1)+1)-1)))),\"\")","v":""},"4.3",{"$f":"IF($G111=\"SINAPI\",VLOOKUP($F111,DADOS_SINAPI,2,0),IF(G111=\"SETOP\",VLOOKUP($F111,DADOS_SETOP,2,0),IF(G111=\"CPU\",VLOOKUP($F111,DADOS_COMPOSICAO,2,0),IF(G111=\"SICRO\",VLOOKUP($F111,DADOS_SICRO,2,0),IF(G111=\"SUDECAP\",VLOOKUP(F111,DADOS_SUDECAP,2,0),IF(G111=\"COTAÇÃO\",VLOOKUP($F111,DADOS_COTACAO,2,0),\"\"))))))","v":"TRANSPORTE COM CAMINHÃO BASCULANTE DE 10 M³, EM VIA URBANA PAVIMENTADA, DMT ATÉ 30 KM (UNIDADE: M3XKM). AF_07/2020"},95875,"SINAPI",{"$f":"IF(G111=\"SINAPI\",VLOOKUP($F111,DADOS_SINAPI,3,0),IF(G111=\"SETOP\",VLOOKUP($F111,DADOS_SETOP,3,0),IF(G111=\"CPU\",VLOOKUP($F111,DADOS_COMPOSICAO,10,0),IF(G111=\"SICRO\",VLOOKUP($F111,DADOS_SICRO,3,0),IF(G111=\"SUDECAP\",VLOOKUP(F111,DADOS_SUDECAP,3,0),IF(G111=\"COTAÇÃO\",VLOOKUP($F111,DADOS_COTACAO,9,0),\"\"))))))","v":"M3XKM"},{"$f":"F115","v":987.21},{"$f":"TRUNC(IF(G111=\"SINAPI\",VLOOKUP($F111,DADOS_SINAPI,4,0),IF(G111=\"SETOP\",VLOOKUP($F111,DADOS_SETOP,4,0),IF(G111=\"CPU\",VLOOKUP($F111,DADOS_COMPOSICAO,13,0),IF(G111=\"SICRO\",VLOOKUP($F111,DADOS_SICRO,4,0),IF(G111=\"SUDECAP\",VLOOKUP(F111,DADOS_SUDECAP,4,0),IF(G111=\"COTAÇÃO\",VLOOKUP(F111,DADOS_COTACAO,12,0),\"\")))))),2)","v":2.4500000000000002},"BDI 1",{"$f":"TRUNC(J111*(1+$N$17),2)","v":3.09},{"$f":"IFERROR(TRUNC(I111*J111,2),\"\")","v":2418.66},3050.48]
[2000]
[2000,null,null,null,"Volume de carga",{"$f":"F109","v":109.69},"m³"]
[2000,null,null,null,"DMT (bota-fora de resíduos da construção civil)",9,"km"]
[2000,null,null,null,"Total",{"$f":"F113*F114","v":987.21},"m³.km"]
[2000]
[{"$f":"IFERROR(LEFT(D117,SEARCH(\".\",D117)-1),\"\")","v":"4"},{"$f":"IFERROR(LEFT(RIGHT(D117,LEN(D117)-SEARCH(\".\",D117)),SEARCH(\".\",RIGHT(D117,LEN(D117)-SEARCH(\".\",D117)))-1),\"\")","v":""},{"$f":"IFERROR(IF(LEN(D117)-LEN(SUBSTITUTE(D117,\".\",\"\"))<>3,\"\",MID(D117,SEARCH(\".\",D117,SEARCH(\".\",D117)+1)+1,LEN(D117)-SEARCH(\".\",D117,SEARCH(\".\",D117)+1)-(LEN(D117)-(SEARCH(\".\",D117,SEARCH(\".\",D117,SEARCH(\".\",D117)+1)+1)-1)))),\"\")","v":""},"4.4",{"$f":"IF($G117=\"SINAPI\",VLOOKUP($F117,DADOS_SINAPI,2,0),IF(G117=\"SETOP\",VLOOKUP($F117,DADOS_SETOP,2,0),IF(G117=\"CPU\",VLOOKUP($F117,DADOS_COMPOSICAO,2,0),IF(G117=\"SICRO\",VLOOKUP($F117,DADOS_SICRO,2,0),IF(G117=\"SUDECAP\",VLOOKUP(F117,DADOS_SUDECAP,2,0),IF(G117=\"COTAÇÃO\",VLOOKUP($F117,DADOS_COTACAO,2,0),\"\"))))))","v":"ESPALHAMENTO DE MATERIAL COM TRATOR DE ESTEIRAS. AF_09/2024"},100574,"SINAPI",{"$f":"IF(G117=\"SINAPI\",VLOOKUP($F117,DADOS_SINAPI,3,0),IF(G117=\"SETOP\",VLOOKUP($F117,DADOS_SETOP,3,0),IF(G117=\"CPU\",VLOOKUP($F117,DADOS_COMPOSICAO,10,0),IF(G117=\"SICRO\",VLOOKUP($F117,DADOS_SICRO,3,0),IF(G117=\"SUDECAP\",VLOOKUP(F117,DADOS_SUDECAP,3,0),IF(G117=\"COTAÇÃO\",VLOOKUP($F117,DADOS_COTACAO,9,0),\"\"))))))","v":"M3"},{"$f":"F120","v":109.69},{"$f":"TRUNC(IF(G117=\"SINAPI\",VLOOKUP($F117,DADOS_SINAPI,4,0),IF(G117=\"SETOP\",VLOOKUP($F117,DADOS_SETOP,4,0),IF(G117=\"CPU\",VLOOKUP($F117,DADOS_COMPOSICAO,13,0),IF(G117=\"SICRO\",VLOOKUP($F117,DADOS_SICRO,4,0),IF(G117=\"SUDECAP\",VLOOKUP(F117,DADOS_SUDECAP,4,0),IF(G117=\"COTAÇÃO\",VLOOKUP(F117,DADOS_COTACAO,12,0),\"\")))))),2)","v":1.38},"BDI 1",{"$f":"TRUNC(J117*(1+$N$17),2)","v":1.74},{"$f":"IFERROR(TRUNC(I117*J117,2),\"\")","v":151.37},190.86]
[2000]
[2000,null,null,null,"Volume de carga",{"$f":"F109","v":109.69},"m³"]
[2000,null,null,null,"Total",{"$f":"F119","v":109.69},"m³"]
[2000]
[1000,null,null,5,"TERRAPLANAGEM",null,null,null,null,null,null,null,{"$f":"SUMIF(A:A,D122,M:M)","v":21460.44},{"$f":"SUMIF(A:A,D122,N:N)","v":27108.95}]
[null,null,null,"5.1","LOCAÇÕES",null,null,null,null,null,null,null,{"$f":"IFERROR(SUMIFS(M:M,A:A,LEFT(D123,SEARCH(\".\",D123)-1),B:B,RIGHT(D123,LEN(D123)-SEARCH(\".\",D123))),\"\")","v":960.05},{"$f":"IFERROR(SUMIFS(N:N,A:A,LEFT(D123,SEARCH(\".\",D123)-1),B:B,RIGHT(D123,LEN(D123)-SEARCH(\".\",D123))),\"\")","v":1214.5900000000001}]
[{"$f":"IFERROR(LEFT(D124,SEARCH(\".\",D124)-1),\"\")","v":"5"},{"$f":"IFERROR(LEFT(RIGHT(D124,LEN(D124)-SEARCH(\".\",D124)),SEARCH(\".\",RIGHT(D124,LEN(D124)-SEARCH(\".\",D124)))-1),\"\")","v":"1"},{"$f":"IFERROR(IF(LEN(D124)-LEN(SUBSTITUTE(D124,\".\",\"\"))<>3,\"\",MID(D124,SEARCH(\".\",D124,SEARCH(\".\",D124)+1)+1,LEN(D124)-SEARCH(\".\",D124,SEARCH(\".\",D124)+1)-(LEN(D124)-(SEARCH(\".\",D124,SEARCH(\".\",D124,SEARCH(\".\",D124)+1)+1)-1)))),\"\")","v":""},"5.1.1",{"$f":"IF($G124=\"SINAPI\",VLOOKUP($F124,DADOS_SINAPI,2,0),IF(G124=\"SETOP\",VLOOKUP($F124,DADOS_SETOP,2,0),IF(G124=\"CPU\",VLOOKUP($F124,DADOS_COMPOSICAO,2,0),IF(G124=\"SICRO\",VLOOKUP($F124,DADOS_SICRO,2,0),IF(G124=\"SUDECAP\",VLOOKUP(F124,DADOS_SUDECAP,2,0),IF(G124=\"COTAÇÃO\",VLOOKUP($F124,DADOS_COTACAO,2,0),\"\"))))))","v":"LOCAÇÃO TOPOGRÁFICA PARA ATÉ VINTE (20) PONTOS REFERENCIAIS, INCLUSIVE ESTACA (PIQUETE) DE MARCAÇÃO"},"ED-50274","SETOP",{"$f":"IF(G124=\"SINAPI\",VLOOKUP($F124,DADOS_SINAPI,3,0),IF(G124=\"SETOP\",VLOOKUP($F124,DADOS_SETOP,3,0),IF(G124=\"CPU\",VLOOKUP($F124,DADOS_COMPOSICAO,10,0),IF(G124=\"SICRO\",VLOOKUP($F124,DADOS_SICRO,3,0),IF(G124=\"SUDECAP\",VLOOKUP(F124,DADOS_SUDECAP,3,0),IF(G124=\"COTAÇÃO\",VLOOKUP($F124,DADOS_COTACAO,9,0),\"\"))))))","v":"un"},{"$f":"F126","v":13},{"$f":"TRUNC(IF(G124=\"SINAPI\",VLOOKUP($F124,DADOS_SINAPI,4,0),IF(G124=\"SETOP\",VLOOKUP($F124,DADOS_SETOP,4,0),IF(G124=\"CPU\",VLOOKUP($F124,DADOS_COMPOSICAO,13,0),IF(G124=\"SICRO\",VLOOKUP($F124,DADOS_SICRO,4,0),IF(G124=\"SUDECAP\",VLOOKUP(F124,DADOS_SUDECAP,4,0),IF(G124=\"COTAÇÃO\",VLOOKUP(F124,DADOS_COTACAO,12,0),\"\")))))),2)","v":73.849999999999994},"BDI 1",{"$f":"TRUNC(J124*(1+$N$17),2)","v":93.43},{"$f":"IFERROR(TRUNC(I124*J124,2),\"\")","v":960.05},{"$f":"L124*I124","v":1214.5900000000001}]
[2000]
[2000,null,null,null,"Total",13,"un "]
[2000]
[null,null,null,"5.2","EXECUÇÃO DE CORTE E ATERRO",null,null,null,null,null,null,null,{"$f":"IFERROR(SUMIFS(M:M,A:A,LEFT(D128,SEARCH(\".\",D128)-1),B:B,RIGHT(D128,LEN(D128)-SEARCH(\".\",D128))),\"\")","v":7933.74},{"$f":"IFERROR(SUMIFS(N:N,A:A,LEFT(D128,SEARCH(\".\",D128)-1),B:B,RIGHT(D128,LEN(D128)-SEARCH(\".\",D128))),\"\")","v":10032.91}]
[{"$f":"IFERROR(LEFT(D129,SEARCH(\".\",D129)-1),\"\")","v":"5"},{"$f":"IFERROR(LEFT(RIGHT(D129,LEN(D129)-SEARCH(\".\",D129)),SEARCH(\".\",RIGHT(D129,LEN(D129)-SEARCH(\".\",D129)))-1),\"\")","v":"2"},{"$f":"IFERROR(IF(LEN(D129)-LEN(SUBSTITUTE(D129,\".\",\"\"))<>3,\"\",MID(D129,SEARCH(\".\",D129,SEARCH(\".\",D129)+1)+1,LEN(D129)-SEARCH(\".\",D129,SEARCH(\".\",D129)+1)-(LEN(D129)-(SEARCH(\".\",D129,SEARCH(\".\",D129,SEARCH(\".\",D129)+1)+1)-1)))),\"\")","v":""},"5.2.1",{"$f":"IF($G129=\"SINAPI\",VLOOKUP($F129,DADOS_SINAPI,2,0),IF(G129=\"SETOP\",VLOOKUP($F129,DADOS_SETOP,2,0),IF(G129=\"CPU\",VLOOKUP($F129,DADOS_COMPOSICAO,2,0),IF(G129=\"SICRO\",VLOOKUP($F129,DADOS_SICRO,2,0),IF(G129=\"SUDECAP\",VLOOKUP(F129,DADOS_SUDECAP,2,0),IF(G129=\"COTAÇÃO\",VLOOKUP($F129,DADOS_COTACAO,2,0),\"\"))))))","v":"ESCAVAÇÃO VERTICAL PARA INFRAESTRUTURA, COM CARGA, DESCARGA E TRANSPORTE DE SOLO DE 1ª CATEGORIA, COM ESCAVADEIRA HIDRÁULICA (CAÇAMBA: 0,8 M³ / 111HP), FROTA DE 3 CAMINHÕES BASCULANTES DE 10 M³, DMT ATÉ 1 KM E VELOCIDADE MÉDIA14 KM/H. AF_05/2020"},101266,"SINAPI",{"$f":"IF(G129=\"SINAPI\",VLOOKUP($F129,DADOS_SINAPI,3,0),IF(G129=\"SETOP\",VLOOKUP($F129,DADOS_SETOP,3,0),IF(G129=\"CPU\",VLOOKUP($F129,DADOS_COMPOSICAO,10,0),IF(G129=\"SICRO\",VLOOKUP($F129,DADOS_SICRO,3,0),IF(G129=\"SUDECAP\",VLOOKUP(F129,DADOS_SUDECAP,3,0),IF(G129=\"COTAÇÃO\",VLOOKUP($F129,DADOS_COTACAO,9,0),\"\"))))))","v":"M3"},{"$f":"F132","v":570.04999999999995},{"$f":"TRUNC(IF(G129=\"SINAPI\",VLOOKUP($F129,DADOS_SINAPI,4,0),IF(G129=\"SETOP\",VLOOKUP($F129,DADOS_SETOP,4,0),IF(G129=\"CPU\",VLOOKUP($F129,DADOS_COMPOSICAO,13,0),IF(G129=\"SICRO\",VLOOKUP($F129,DADOS_SICRO,4,0),IF(G129=\"SUDECAP\",VLOOKUP(F129,DADOS_SUDECAP,4,0),IF(G129=\"COTAÇÃO\",VLOOKUP(F129,DADOS_COTACAO,12,0),\"\")))))),2)","v":11.23},"BDI 1",{"$f":"TRUNC(J129*(1+$N$17),2)","v":14.2},{"$f":"IFERROR(TRUNC(I129*J129,2),\"\")","v":6401.66},{"$f":"L129*I129","v":8094.7099999999991}]
[2000]
[2000,null,null,null,"Volume de corte",570.04999999999995,"m³"]
[2000,null,null,null,"Total",{"$f":"F131","v":570.04999999999995},"m³"]
[2000]
[{"$f":"IFERROR(LEFT(D134,SEARCH(\".\",D134)-1),\"\")","v":"5"},{"$f":"IFERROR(LEFT(RIGHT(D134,LEN(D134)-SEARCH(\".\",D134)),SEARCH(\".\",RIGHT(D134,LEN(D134)-SEARCH(\".\",D134)))-1),\"\")","v":"2"},{"$f":"IFERROR(IF(LEN(D134)-LEN(SUBSTITUTE(D134,\".\",\"\"))<>3,\"\",MID(D134,SEARCH(\".\",D134,SEARCH(\".\",D134)+1)+1,LEN(D134)-SEARCH(\".\",D134,SEARCH(\".\",D134)+1)-(LEN(D134)-(SEARCH(\".\",D134,SEARCH(\".\",D134,SEARCH(\".\",D134)+1)+1)-1)))),\"\")","v":""},"5.2.2",{"$f":"IF($G134=\"SINAPI\",VLOOKUP($F134,DADOS_SINAPI,2,0),IF(G134=\"SETOP\",VLOOKUP($F134,DADOS_SETOP,2,0),IF(G134=\"CPU\",VLOOKUP($F134,DADOS_COMPOSICAO,2,0),IF(G134=\"SICRO\",VLOOKUP($F134,DADOS_SICRO,2,0),IF(G134=\"SUDECAP\",VLOOKUP(F134,DADOS_SUDECAP,2,0),IF(G134=\"COTAÇÃO\",VLOOKUP($F134,DADOS_COTACAO,2,0),\"\"))))))","v":"EXECUÇÃO E COMPACTAÇÃO DE CORPO DE ATERRO DE ATERRO (95% DE ENERGIA DO PROCTOR NORMAL) COM SOLO PREDOMINANTEMENTE ARGILOSO ESPESSURA 15 CM - EXCLUSIVE MATERIAL, ESCAVAÇÃO, CARGA E TRANSPORTE. AF_09/2024"},96385,"SINAPI",{"$f":"IF(G134=\"SINAPI\",VLOOKUP($F134,DADOS_SINAPI,3,0),IF(G134=\"SETOP\",VLOOKUP($F134,DADOS_SETOP,3,0),IF(G134=\"CPU\",VLOOKUP($F134,DADOS_COMPOSICAO,10,0),IF(G134=\"SICRO\",VLOOKUP($F134,DADOS_SICRO,3,0),IF(G134=\"SUDECAP\",VLOOKUP(F134,DADOS_SUDECAP,3,0),IF(G134=\"COTAÇÃO\",VLOOKUP($F134,DADOS_COTACAO,9,0),\"\"))))))","v":"M3"},{"$f":"F137","v":25.24},{"$f":"TRUNC(IF(G134=\"SINAPI\",VLOOKUP($F134,DADOS_SINAPI,4,0),IF(G134=\"SETOP\",VLOOKUP($F134,DADOS_SETOP,4,0),IF(G134=\"CPU\",VLOOKUP($F134,DADOS_COMPOSICAO,13,0),IF(G134=\"SICRO\",VLOOKUP($F134,DADOS_SICRO,4,0),IF(G134=\"SUDECAP\",VLOOKUP(F134,DADOS_SUDECAP,4,0),IF(G134=\"COTAÇÃO\",VLOOKUP(F134,DADOS_COTACAO,12,0),\"\")))))),2)","v":11.67},"BDI 1",{"$f":"TRUNC(J134*(1+$N$17),2)","v":14.76},{"$f":"IFERROR(TRUNC(I134*J134,2),\"\")","v":294.55},372.54]
[2000]
[2000,null,null,null,"Volume de aterro",25.24,"m³"]
[2000,null,null,null,"Total",{"$f":"F136","v":25.24},"m³"]
[2000]
[{"$f":"IFERROR(LEFT(D139,SEARCH(\".\",D139)-1),\"\")","v":"5"},{"$f":"IFERROR(LEFT(RIGHT(D139,LEN(D139)-SEARCH(\".\",D139)),SEARCH(\".\",RIGHT(D139,LEN(D139)-SEARCH(\".\",D139)))-1),\"\")","v":"2"},{"$f":"IFERROR(IF(LEN(D139)-LEN(SUBSTITUTE(D139,\".\",\"\"))<>3,\"\",MID(D139,SEARCH(\".\",D139,SEARCH(\".\",D139)+1)+1,LEN(D139)-SEARCH(\".\",D139,SEARCH(\".\",D139)+1)-(LEN(D139)-(SEARCH(\".\",D139,SEARCH(\".\",D139,SEARCH(\".\",D139)+1)+1)-1)))),\"\")","v":""},"5.2.3",{"$f":"IF($G139=\"SINAPI\",VLOOKUP($F139,DADOS_SINAPI,2,0),IF(G139=\"SETOP\",VLOOKUP($F139,DADOS_SETOP,2,0),IF(G139=\"CPU\",VLOOKUP($F139,DADOS_COMPOSICAO,2,0),IF(G139=\"SICRO\",VLOOKUP($F139,DADOS_SICRO,2,0),IF(G139=\"SUDECAP\",VLOOKUP(F139,DADOS_SUDECAP,2,0),IF(G139=\"COTAÇÃO\",VLOOKUP($F139,DADOS_COTACAO,2,0),\"\"))))))","v":"REATERRO MANUAL DE VALAS, COM COMPACTADOR DE SOLOS DE PERCUSSÃO. AF_08/2023"},93382,"SINAPI",{"$f":"IF(G139=\"SINAPI\",VLOOKUP($F139,DADOS_SINAPI,3,0),IF(G139=\"SETOP\",VLOOKUP($F139,DADOS_SETOP,3,0),IF(G139=\"CPU\",VLOOKUP($F139,DADOS_COMPOSICAO,10,0),IF(G139=\"SICRO\",VLOOKUP($F139,DADOS_SICRO,3,0),IF(G139=\"SUDECAP\",VLOOKUP(F139,DADOS_SUDECAP,3,0),IF(G139=\"COTAÇÃO\",VLOOKUP($F139,DADOS_COTACAO,9,0),\"\"))))))","v":"M3"},{"$f":"F142","v":51.35},{"$f":"TRUNC(IF(G139=\"SINAPI\",VLOOKUP($F139,DADOS_SINAPI,4,0),IF(G139=\"SETOP\",VLOOKUP($F139,DADOS_SETOP,4,0),IF(G139=\"CPU\",VLOOKUP($F139,DADOS_COMPOSICAO,13,0),IF(G139=\"SICRO\",VLOOKUP($F139,DADOS_SICRO,4,0),IF(G139=\"SUDECAP\",VLOOKUP(F139,DADOS_SUDECAP,4,0),IF(G139=\"COTAÇÃO\",VLOOKUP(F139,DADOS_COTACAO,12,0),\"\")))))),2)","v":24.1},"BDI 1",{"$f":"TRUNC(J139*(1+$N$17),2)","v":30.49},{"$f":"IFERROR(TRUNC(I139*J139,2),\"\")","v":1237.53},1565.66]
[2000]
[2000,null,null,null,"Volume de reaterro",51.35,"m³"]
[2000,null,null,null,"Total",{"$f":"F141","v":51.35},"m³"]
[2000]
[null,null,null,"5.3","BOTA FORA DE SOLO",null,null,null,null,null,null,null,{"$f":"IFERROR(SUMIFS(M:M,A:A,LEFT(D144,SEARCH(\".\",D144)-1),B:B,RIGHT(D144,LEN(D144)-SEARCH(\".\",D144))),\"\")","v":12566.65},{"$f":"IFERROR(SUMIFS(N:N,A:A,LEFT(D144,SEARCH(\".\",D144)-1),B:B,RIGHT(D144,LEN(D144)-SEARCH(\".\",D144))),\"\")","v":15861.45}]
[{"$f":"IFERROR(LEFT(D145,SEARCH(\".\",D145)-1),\"\")","v":"5"},{"$f":"IFERROR(LEFT(RIGHT(D145,LEN(D145)-SEARCH(\".\",D145)),SEARCH(\".\",RIGHT(D145,LEN(D145)-SEARCH(\".\",D145)))-1),\"\")","v":"3"},{"$f":"IFERROR(IF(LEN(D145)-LEN(SUBSTITUTE(D145,\".\",\"\"))<>3,\"\",MID(D145,SEARCH(\".\",D145,SEARCH(\".\",D145)+1)+1,LEN(D145)-SEARCH(\".\",D145,SEARCH(\".\",D145)+1)-(LEN(D145)-(SEARCH(\".\",D145,SEARCH(\".\",D145,SEARCH(\".\",D145)+1)+1)-1)))),\"\")","v":""},"5.3.1",{"$f":"IF($G145=\"SINAPI\",VLOOKUP($F145,DADOS_SINAPI,2,0),IF(G145=\"SETOP\",VLOOKUP($F145,DADOS_SETOP,2,0),IF(G145=\"CPU\",VLOOKUP($F145,DADOS_COMPOSICAO,2,0),IF(G145=\"SICRO\",VLOOKUP($F145,DADOS_SICRO,2,0),IF(G145=\"SUDECAP\",VLOOKUP(F145,DADOS_SUDECAP,2,0),IF(G145=\"COTAÇÃO\",VLOOKUP($F145,DADOS_COTACAO,2,0),\"\"))))))","v":"CARGA, MANOBRA E DESCARGA DE SOLOS E MATERIAIS GRANULARES EM CAMINHÃO BASCULANTE 10 M³ - CARGA COM ESCAVADEIRA HIDRÁULICA (CAÇAMBA DE 1,20 M³ / 155 HP) E DESCARGA LIVRE (UNIDADE: M3). AF_07/2020"},100978,"SINAPI",{"$f":"IF(G145=\"SINAPI\",VLOOKUP($F145,DADOS_SINAPI,3,0),IF(G145=\"SETOP\",VLOOKUP($F145,DADOS_SETOP,3,0),IF(G145=\"CPU\",VLOOKUP($F145,DADOS_COMPOSICAO,10,0),IF(G145=\"SICRO\",VLOOKUP($F145,DADOS_SICRO,3,0),IF(G145=\"SUDECAP\",VLOOKUP(F145,DADOS_SUDECAP,3,0),IF(G145=\"COTAÇÃO\",VLOOKUP($F145,DADOS_COTACAO,9,0),\"\"))))))","v":"M3"},{"$f":"F153","v":704.60722222222216},{"$f":"TRUNC(IF(G145=\"SINAPI\",VLOOKUP($F145,DADOS_SINAPI,4,0),IF(G145=\"SETOP\",VLOOKUP($F145,DADOS_SETOP,4,0),IF(G145=\"CPU\",VLOOKUP($F145,DADOS_COMPOSICAO,13,0),IF(G145=\"SICRO\",VLOOKUP($F145,DADOS_SICRO,4,0),IF(G145=\"SUDECAP\",VLOOKUP(F145,DADOS_SUDECAP,4,0),IF(G145=\"COTAÇÃO\",VLOOKUP(F145,DADOS_COTACAO,12,0),\"\")))))),2)","v":6.9},"BDI 1",{"$f":"TRUNC(J145*(1+$N$17),2)","v":8.7200000000000006},{"$f":"IFERROR(TRUNC(I145*J145,2),\"\")","v":4861.78},6144.2]
[2000]
[2000,null,null,null,"Volume de aterro",{"$f":"F137","v":25.24},"m³"]
[2000,null,null,null,"Coeficiente de contração",0.9,"-"]
[2000,null,null,null,"Subtotal (volume de aterro)",{"$f":"F147/F148","v":28.044444444444441},"m³"]
[2000,null,null,null,"Volume de corte",{"$f":"F132","v":570.04999999999995},"m³"]
[2000,null,null,null,"Subtotal (volume de bota fora)",{"$f":"F150-F149","v":542.00555555555547},"m³"]
[2000,null,null,null,"Empolamento",1.3,"-"]
[2000,null,null,null,"Total",{"$f":"F151*F152","v":704.60722222222216},"m³"]
[2000]
[{"$f":"IFERROR(LEFT(D155,SEARCH(\".\",D155)-1),\"\")","v":"5"},{"$f":"IFERROR(LEFT(RIGHT(D155,LEN(D155)-SEARCH(\".\",D155)),SEARCH(\".\",RIGHT(D155,LEN(D155)-SEARCH(\".\",D155)))-1),\"\")","v":"3"},{"$f":"IFERROR(IF(LEN(D155)-LEN(SUBSTITUTE(D155,\".\",\"\"))<>3,\"\",MID(D155,SEARCH(\".\",D155,SEARCH(\".\",D155)+1)+1,LEN(D155)-SEARCH(\".\",D155,SEARCH(\".\",D155)+1)-(LEN(D155)-(SEARCH(\".\",D155,SEARCH(\".\",D155,SEARCH(\".\",D155)+1)+1)-1)))),\"\")","v":""},"5.3.2",{"$f":"IF($G155=\"SINAPI\",VLOOKUP($F155,DADOS_SINAPI,2,0),IF(G155=\"SETOP\",VLOOKUP($F155,DADOS_SETOP,2,0),IF(G155=\"CPU\",VLOOKUP($F155,DADOS_COMPOSICAO,2,0),IF(G155=\"SICRO\",VLOOKUP($F155,DADOS_SICRO,2,0),IF(G155=\"SUDECAP\",VLOOKUP(F155,DADOS_SUDECAP,2,0),IF(G155=\"COTAÇÃO\",VLOOKUP($F155,DADOS_COTACAO,2,0),\"\"))))))","v":"TRANSPORTE COM CAMINHÃO BASCULANTE DE 10 M³, EM VIA URBANA PAVIMENTADA, DMT ATÉ 30 KM (UNIDADE: M3XKM). AF_07/2020"},95875,"SINAPI",{"$f":"IF(G155=\"SINAPI\",VLOOKUP($F155,DADOS_SINAPI,3,0),IF(G155=\"SETOP\",VLOOKUP($F155,DADOS_SETOP,3,0),IF(G155=\"CPU\",VLOOKUP($F155,DADOS_COMPOSICAO,10,0),IF(G155=\"SICRO\",VLOOKUP($F155,DADOS_SICRO,3,0),IF(G155=\"SUDECAP\",VLOOKUP(F155,DADOS_SUDECAP,3,0),IF(G155=\"COTAÇÃO\",VLOOKUP($F155,DADOS_COTACAO,9,0),\"\"))))))","v":"M3XKM"},{"$f":"F159","v":2747.9681666666665},{"$f":"TRUNC(IF(G155=\"SINAPI\",VLOOKUP($F155,DADOS_SINAPI,4,0),IF(G155=\"SETOP\",VLOOKUP($F155,DADOS_SETOP,4,0),IF(G155=\"CPU\",VLOOKUP($F155,DADOS_COMPOSICAO,13,0),IF(G155=\"SICRO\",VLOOKUP($F155,DADOS_SICRO,4,0),IF(G155=\"SUDECAP\",VLOOKUP(F155,DADOS_SUDECAP,4,0),IF(G155=\"COTAÇÃO\",VLOOKUP(F155,DADOS_COTACAO,12,0),\"\")))))),2)","v":2.4500000000000002},"BDI 1",{"$f":"TRUNC(J155*(1+$N$17),2)","v":3.09},{"$f":"IFERROR(TRUNC(I155*J155,2),\"\")","v":6732.52},8491.23]
[2000]
[2000,null,null,null,"Volume de carga",{"$f":"F153","v":704.60722222222216},"m³"]
[2000,null,null,null,"DMT (bota fora de solos)",3.9,"km"]
[2000,null,null,null,"Total",{"$f":"F157*F158","v":2747.9681666666665},"m³.km"]
[2000]
[{"$f":"IFERROR(LEFT(D161,SEARCH(\".\",D161)-1),\"\")","v":"5"},{"$f":"IFERROR(LEFT(RIGHT(D161,LEN(D161)-SEARCH(\".\",D161)),SEARCH(\".\",RIGHT(D161,LEN(D161)-SEARCH(\".\",D161)))-1),\"\")","v":"3"},{"$f":"IFERROR(IF(LEN(D161)-LEN(SUBSTITUTE(D161,\".\",\"\"))<>3,\"\",MID(D161,SEARCH(\".\",D161,SEARCH(\".\",D161)+1)+1,LEN(D161)-SEARCH(\".\",D161,SEARCH(\".\",D161)+1)-(LEN(D161)-(SEARCH(\".\",D161,SEARCH(\".\",D161,SEARCH(\".\",D161)+1)+1)-1)))),\"\")","v":""},"5.3.3",{"$f":"IF($G161=\"SINAPI\",VLOOKUP($F161,DADOS_SINAPI,2,0),IF(G161=\"SETOP\",VLOOKUP($F161,DADOS_SETOP,2,0),IF(G161=\"CPU\",VLOOKUP($F161,DADOS_COMPOSICAO,2,0),IF(G161=\"SICRO\",VLOOKUP($F161,DADOS_SICRO,2,0),IF(G161=\"SUDECAP\",VLOOKUP(F161,DADOS_SUDECAP,2,0),IF(G161=\"COTAÇÃO\",VLOOKUP($F161,DADOS_COTACAO,2,0),\"\"))))))","v":"ESPALHAMENTO DE MATERIAL COM TRATOR DE ESTEIRAS. AF_09/2024"},100574,"SINAPI",{"$f":"IF(G161=\"SINAPI\",VLOOKUP($F161,DADOS_SINAPI,3,0),IF(G161=\"SETOP\",VLOOKUP($F161,DADOS_SETOP,3,0),IF(G161=\"CPU\",VLOOKUP($F161,DADOS_COMPOSICAO,10,0),IF(G161=\"SICRO\",VLOOKUP($F161,DADOS_SICRO,3,0),IF(G161=\"SUDECAP\",VLOOKUP(F161,DADOS_SUDECAP,3,0),IF(G161=\"COTAÇÃO\",VLOOKUP($F161,DADOS_COTACAO,9,0),\"\"))))))","v":"M3"},{"$f":"F164","v":704.60722222222216},{"$f":"TRUNC(IF(G161=\"SINAPI\",VLOOKUP($F161,DADOS_SINAPI,4,0),IF(G161=\"SETOP\",VLOOKUP($F161,DADOS_SETOP,4,0),IF(G161=\"CPU\",VLOOKUP($F161,DADOS_COMPOSICAO,13,0),IF(G161=\"SICRO\",VLOOKUP($F161,DADOS_SICRO,4,0),IF(G161=\"SUDECAP\",VLOOKUP(F161,DADOS_SUDECAP,4,0),IF(G161=\"COTAÇÃO\",VLOOKUP(F161,DADOS_COTACAO,12,0),\"\")))))),2)","v":1.38},"BDI 1",{"$f":"TRUNC(J161*(1+$N$17),2)","v":1.74},{"$f":"IFERROR(TRUNC(I161*J161,2),\"\")","v":972.35},1226.02]
[2000]
[2000,null,null,null,"Volume de carga",{"$f":"F153","v":704.60722222222216},"m³"]
[2000,null,null,null,"Total",{"$f":"F163","v":704.60722222222216},"m³"]
[2000]
[1000,null,null,6,"ESTRUTURA",null,null,null,null,null,null,null,{"$f":"SUMIF(A:A,D166,M:M)","v":859567.61},{"$f":"SUMIF(A:A,D166,N:N)","v":1087445.0900000001}]
[null,null,null,"6.1","MOVIMENTAÇÃO DE TERRA",null,null,null,null,null,null,null,{"$f":"IFERROR(SUMIFS(M:M,A:A,LEFT(D167,SEARCH(\".\",D167)-1),B:B,RIGHT(D167,LEN(D167)-SEARCH(\".\",D167))),\"\")","v":10686.150000000001},{"$f":"IFERROR(SUMIFS(N:N,A:A,LEFT(D167,SEARCH(\".\",D167)-1),B:B,RIGHT(D167,LEN(D167)-SEARCH(\".\",D167))),\"\")","v":13515.04}]
[{"$f":"IFERROR(LEFT(D168,SEARCH(\".\",D168)-1),\"\")","v":"6"},{"$f":"IFERROR(LEFT(RIGHT(D168,LEN(D168)-SEARCH(\".\",D168)),SEARCH(\".\",RIGHT(D168,LEN(D168)-SEARCH(\".\",D168)))-1),\"\")","v":"1"},{"$f":"IFERROR(IF(LEN(D168)-LEN(SUBSTITUTE(D168,\".\",\"\"))<>3,\"\",MID(D168,SEARCH(\".\",D168,SEARCH(\".\",D168)+1)+1,LEN(D168)-SEARCH(\".\",D168,SEARCH(\".\",D168)+1)-(LEN(D168)-(SEARCH(\".\",D168,SEARCH(\".\",D168,SEARCH(\".\",D168)+1)+1)-1)))),\"\")","v":""},"6.1.1",{"$f":"IF($G168=\"SINAPI\",VLOOKUP($F168,DADOS_SINAPI,2,0),IF(G168=\"SETOP\",VLOOKUP($F168,DADOS_SETOP,2,0),IF(G168=\"CPU\",VLOOKUP($F168,DADOS_COMPOSICAO,2,0),IF(G168=\"SICRO\",VLOOKUP($F168,DADOS_SICRO,2,0),IF(G168=\"SUDECAP\",VLOOKUP(F168,DADOS_SUDECAP,2,0),IF(G168=\"COTAÇÃO\",VLOOKUP($F168,DADOS_COTACAO,2,0),\"\"))))))","v":"ESCAVAÇÃO MECANIZADA PARA BLOCO DE COROAMENTO OU SAPATA COM RETROESCAVADEIRA (INCLUINDO ESCAVAÇÃO PARA COLOCAÇÃO DE FÔRMAS). AF_01/2024"},96521,"SINAPI",{"$f":"IF(G168=\"SINAPI\",VLOOKUP($F168,DADOS_SINAPI,3,0),IF(G168=\"SETOP\",VLOOKUP($F168,DADOS_SETOP,3,0),IF(G168=\"CPU\",VLOOKUP($F168,DADOS_COMPOSICAO,10,0),IF(G168=\"SICRO\",VLOOKUP($F168,DADOS_SICRO,3,0),IF(G168=\"SUDECAP\",VLOOKUP(F168,DADOS_SUDECAP,3,0),IF(G168=\"COTAÇÃO\",VLOOKUP($F168,DADOS_COTACAO,9,0),\"\"))))))","v":"M3"},{"$f":"ROUND(F172,2)","v":62.7},{"$f":"TRUNC(IF(G168=\"SINAPI\",VLOOKUP($F168,DADOS_SINAPI,4,0),IF(G168=\"SETOP\",VLOOKUP($F168,DADOS_SETOP,4,0),IF(G168=\"CPU\",VLOOKUP($F168,DADOS_COMPOSICAO,13,0),IF(G168=\"SICRO\",VLOOKUP($F168,DADOS_SICRO,4,0),IF(G168=\"SUDECAP\",VLOOKUP(F168,DADOS_SUDECAP,4,0),IF(G168=\"COTAÇÃO\",VLOOKUP(F168,DADOS_COTACAO,12,0),\"\")))))),2)","v":41.55},"BDI 1",{"$f":"TRUNC(J168*(1+$N$17),2)","v":52.56},{"$f":"IFERROR(TRUNC(I168*J168,2),\"\")","v":2605.1799999999998},3295.51]
[2000]
[2000,null,null,null,"Área de escavação",{"$f":"57","v":57},"m²"]
[2000,null,null,null,"Prof. Média",1.1000000000000001,"m"]
[2000,null,null,null,"Total",{"$f":"F171*F170","v":62.7},"m³"]
[2000]
[{"$f":"IFERROR(LEFT(D174,SEARCH(\".\",D174)-1),\"\")","v":"6"},{"$f":"IFERROR(LEFT(RIGHT(D174,LEN(D174)-SEARCH(\".\",D174)),SEARCH(\".\",RIGHT(D174,LEN(D174)-SEARCH(\".\",D174)))-1),\"\")","v":"1"},{"$f":"IFERROR(IF(LEN(D174)-LEN(SUBSTITUTE(D174,\".\",\"\"))<>3,\"\",MID(D174,SEARCH(\".\",D174,SEARCH(\".\",D174)+1)+1,LEN(D174)-SEARCH(\".\",D174,SEARCH(\".\",D174)+1)-(LEN(D174)-(SEARCH(\".\",D174,SEARCH(\".\",D174,SEARCH(\".\",D174)+1)+1)-1)))),\"\")","v":""},"6.1.2",{"$f":"IF($G174=\"SINAPI\",VLOOKUP($F174,DADOS_SINAPI,2,0),IF(G174=\"SETOP\",VLOOKUP($F174,DADOS_SETOP,2,0),IF(G174=\"CPU\",VLOOKUP($F174,DADOS_COMPOSICAO,2,0),IF(G174=\"SICRO\",VLOOKUP($F174,DADOS_SICRO,2,0),IF(G174=\"SUDECAP\",VLOOKUP(F174,DADOS_SUDECAP,2,0),IF(G174=\"COTAÇÃO\",VLOOKUP($F174,DADOS_COTACAO,2,0),\"\"))))))","v":"ESCAVAÇÃO MECANIZADA PARA VIGA BALDRAME OU SAPATA CORRIDA COM MINI-ESCAVADEIRA (INCLUINDO ESCAVAÇÃO PARA COLOCAÇÃO DE FÔRMAS). AF_01/2024"},96525,"SINAPI",{"$f":"IF(G174=\"SINAPI\",VLOOKUP($F174,DADOS_SINAPI,3,0),IF(G174=\"SETOP\",VLOOKUP($F174,DADOS_SETOP,3,0),IF(G174=\"CPU\",VLOOKUP($F174,DADOS_COMPOSICAO,10,0),IF(G174=\"SICRO\",VLOOKUP($F174,DADOS_SICRO,3,0),IF(G174=\"SUDECAP\",VLOOKUP(F174,DADOS_SUDECAP,3,0),IF(G174=\"COTAÇÃO\",VLOOKUP($F174,DADOS_COTACAO,9,0),\"\"))))))","v":"M3"},{"$f":"ROUND(F179,2)","v":53.17},{"$f":"TRUNC(IF(G174=\"SINAPI\",VLOOKUP($F174,DADOS_SINAPI,4,0),IF(G174=\"SETOP\",VLOOKUP($F174,DADOS_SETOP,4,0),IF(G174=\"CPU\",VLOOKUP($F174,DADOS_COMPOSICAO,13,0),IF(G174=\"SICRO\",VLOOKUP($F174,DADOS_SICRO,4,0),IF(G174=\"SUDECAP\",VLOOKUP(F174,DADOS_SUDECAP,4,0),IF(G174=\"COTAÇÃO\",VLOOKUP(F174,DADOS_COTACAO,12,0),\"\")))))),2)","v":53.13},"BDI 1",{"$f":"TRUNC(J174*(1+$N$17),2)","v":67.22},{"$f":"IFERROR(TRUNC(I174*J174,2),\"\")","v":2824.92},3574.09]
[2000]
[2000,null,null,null,"Comprimento total",272.68,"m"]
[2000,null,null,null,"Largura de escavação",{"$f":"0.19+0.2","v":0.39},"m"]
[2000,null,null,null,"Profundidade",0.5,"m"]
[2000,null,null,null,"Total",{"$f":"F176*F177*F178","v":53.172600000000003},"m³"]
[2000]
[{"$f":"IFERROR(LEFT(D181,SEARCH(\".\",D181)-1),\"\")","v":"6"},{"$f":"IFERROR(LEFT(RIGHT(D181,LEN(D181)-SEARCH(\".\",D181)),SEARCH(\".\",RIGHT(D181,LEN(D181)-SEARCH(\".\",D181)))-1),\"\")","v":"1"},{"$f":"IFERROR(IF(LEN(D181)-LEN(SUBSTITUTE(D181,\".\",\"\"))<>3,\"\",MID(D181,SEARCH(\".\",D181,SEARCH(\".\",D181)+1)+1,LEN(D181)-SEARCH(\".\",D181,SEARCH(\".\",D181)+1)-(LEN(D181)-(SEARCH(\".\",D181,SEARCH(\".\",D181,SEARCH(\".\",D181)+1)+1)-1)))),\"\")","v":""},"6.1.3",{"$f":"IF($G181=\"SINAPI\",VLOOKUP($F181,DADOS_SINAPI,2,0),IF(G181=\"SETOP\",VLOOKUP($F181,DADOS_SETOP,2,0),IF(G181=\"CPU\",VLOOKUP($F181,DADOS_COMPOSICAO,2,0),IF(G181=\"SICRO\",VLOOKUP($F181,DADOS_SICRO,2,0),IF(G181=\"SUDECAP\",VLOOKUP(F181,DADOS_SUDECAP,2,0),IF(G181=\"COTAÇÃO\",VLOOKUP($F181,DADOS_COTACAO,2,0),\"\"))))))","v":"LASTRO DE CONCRETO MAGRO, APLICADO EM BLOCOS DE COROAMENTO OU SAPATAS. AF_01/2024"},96616,"SINAPI",{"$f":"IF(G181=\"SINAPI\",VLOOKUP($F181,DADOS_SINAPI,3,0),IF(G181=\"SETOP\",VLOOKUP($F181,DADOS_SETOP,3,0),IF(G181=\"CPU\",VLOOKUP($F181,DADOS_COMPOSICAO,10,0),IF(G181=\"SICRO\",VLOOKUP($F181,DADOS_SICRO,3,0),IF(G181=\"SUDECAP\",VLOOKUP(F181,DADOS_SUDECAP,3,0),IF(G181=\"COTAÇÃO\",VLOOKUP($F181,DADOS_COTACAO,9,0),\"\"))))))","v":"M3"},{"$f":"ROUND(F183,2)","v":2.85},{"$f":"TRUNC(IF(G181=\"SINAPI\",VLOOKUP($F181,DADOS_SINAPI,4,0),IF(G181=\"SETOP\",VLOOKUP($F181,DADOS_SETOP,4,0),IF(G181=\"CPU\",VLOOKUP($F181,DADOS_COMPOSICAO,13,0),IF(G181=\"SICRO\",VLOOKUP($F181,DADOS_SICRO,4,0),IF(G181=\"SUDECAP\",VLOOKUP(F181,DADOS_SUDECAP,4,0),IF(G181=\"COTAÇÃO\",VLOOKUP(F181,DADOS_COTACAO,12,0),\"\")))))),2)","v":797.68},"BDI 1",{"$f":"TRUNC(J181*(1+$N$17),2)","v":1009.22},{"$f":"IFERROR(TRUNC(I181*J181,2),\"\")","v":2273.38},2876.28]
[2000]
[2000,null,null,null,"Total",{"$f":"F170*0.05","v":2.85},"m³"]
[2000]
[{"$f":"IFERROR(LEFT(D185,SEARCH(\".\",D185)-1),\"\")","v":"6"},{"$f":"IFERROR(LEFT(RIGHT(D185,LEN(D185)-SEARCH(\".\",D185)),SEARCH(\".\",RIGHT(D185,LEN(D185)-SEARCH(\".\",D185)))-1),\"\")","v":"1"},{"$f":"IFERROR(IF(LEN(D185)-LEN(SUBSTITUTE(D185,\".\",\"\"))<>3,\"\",MID(D185,SEARCH(\".\",D185,SEARCH(\".\",D185)+1)+1,LEN(D185)-SEARCH(\".\",D185,SEARCH(\".\",D185)+1)-(LEN(D185)-(SEARCH(\".\",D185,SEARCH(\".\",D185,SEARCH(\".\",D185)+1)+1)-1)))),\"\")","v":""},"6.1.4",{"$f":"IF($G185=\"SINAPI\",VLOOKUP($F185,DADOS_SINAPI,2,0),IF(G185=\"SETOP\",VLOOKUP($F185,DADOS_SETOP,2,0),IF(G185=\"CPU\",VLOOKUP($F185,DADOS_COMPOSICAO,2,0),IF(G185=\"SICRO\",VLOOKUP($F185,DADOS_SICRO,2,0),IF(G185=\"SUDECAP\",VLOOKUP(F185,DADOS_SUDECAP,2,0),IF(G185=\"COTAÇÃO\",VLOOKUP($F185,DADOS_COTACAO,2,0),\"\"))))))","v":"REATERRO MANUAL DE VALAS, COM PLACA VIBRATÓRIA. AF_08/2023"},104737,"SINAPI",{"$f":"IF(G185=\"SINAPI\",VLOOKUP($F185,DADOS_SINAPI,3,0),IF(G185=\"SETOP\",VLOOKUP($F185,DADOS_SETOP,3,0),IF(G185=\"CPU\",VLOOKUP($F185,DADOS_COMPOSICAO,10,0),IF(G185=\"SICRO\",VLOOKUP($F185,DADOS_SICRO,3,0),IF(G185=\"SUDECAP\",VLOOKUP(F185,DADOS_SUDECAP,3,0),IF(G185=\"COTAÇÃO\",VLOOKUP($F185,DADOS_COTACAO,9,0),\"\"))))))","v":"M3"},{"$f":"ROUND(F190,2)","v":94.79},{"$f":"TRUNC(IF(G185=\"SINAPI\",VLOOKUP($F185,DADOS_SINAPI,4,0),IF(G185=\"SETOP\",VLOOKUP($F185,DADOS_SETOP,4,0),IF(G185=\"CPU\",VLOOKUP($F185,DADOS_COMPOSICAO,13,0),IF(G185=\"SICRO\",VLOOKUP($F185,DADOS_SICRO,4,0),IF(G185=\"SUDECAP\",VLOOKUP(F185,DADOS_SUDECAP,4,0),IF(G185=\"COTAÇÃO\",VLOOKUP(F185,DADOS_COTACAO,12,0),\"\")))))),2)","v":19.149999999999999},"BDI 1",{"$f":"TRUNC(J185*(1+$N$17),2)","v":24.22},{"$f":"IFERROR(TRUNC(I185*J185,2),\"\")","v":1815.22},2295.81]
[2000]
[2000,null,null,null,"Volume escavado",{"$f":"F172+F179","v":115.87260000000001},"m³"]
[2000,null,null,null,"Volume de concreto",{"$f":"F278+F315","v":42.96},"m³"]
[2000,null,null,null,"Empolamento",30,"%"]
[2000,null,null,null,"Total",{"$f":"(F187-F188)*1.3","v":94.786379999999994},"m³"]
[2000]
[{"$f":"IFERROR(LEFT(D192,SEARCH(\".\",D192)-1),\"\")","v":"6"},{"$f":"IFERROR(LEFT(RIGHT(D192,LEN(D192)-SEARCH(\".\",D192)),SEARCH(\".\",RIGHT(D192,LEN(D192)-SEARCH(\".\",D192)))-1),\"\")","v":"1"},{"$f":"IFERROR(IF(LEN(D192)-LEN(SUBSTITUTE(D192,\".\",\"\"))<>3,\"\",MID(D192,SEARCH(\".\",D192,SEARCH(\".\",D192)+1)+1,LEN(D192)-SEARCH(\".\",D192,SEARCH(\".\",D192)+1)-(LEN(D192)-(SEARCH(\".\",D192,SEARCH(\".\",D192,SEARCH(\".\",D192)+1)+1)-1)))),\"\")","v":""},"6.1.5",{"$f":"IF($G192=\"SINAPI\",VLOOKUP($F192,DADOS_SINAPI,2,0),IF(G192=\"SETOP\",VLOOKUP($F192,DADOS_SETOP,2,0),IF(G192=\"CPU\",VLOOKUP($F192,DADOS_COMPOSICAO,2,0),IF(G192=\"SICRO\",VLOOKUP($F192,DADOS_SICRO,2,0),IF(G192=\"SUDECAP\",VLOOKUP(F192,DADOS_SUDECAP,2,0),IF(G192=\"COTAÇÃO\",VLOOKUP($F192,DADOS_COTACAO,2,0),\"\"))))))","v":"CARGA, MANOBRA E DESCARGA DE SOLOS E MATERIAIS GRANULARES EM CAMINHÃO BASCULANTE 6 M³ - CARGA COM ESCAVADEIRA HIDRÁULICA (CAÇAMBA DE 1,20 M³ / 155 HP) E DESCARGA LIVRE (UNIDADE: M3). AF_07/2020"},100977,"SINAPI",{"$f":"IF(G192=\"SINAPI\",VLOOKUP($F192,DADOS_SINAPI,3,0),IF(G192=\"SETOP\",VLOOKUP($F192,DADOS_SETOP,3,0),IF(G192=\"CPU\",VLOOKUP($F192,DADOS_COMPOSICAO,10,0),IF(G192=\"SICRO\",VLOOKUP($F192,DADOS_SICRO,3,0),IF(G192=\"SUDECAP\",VLOOKUP(F192,DADOS_SUDECAP,3,0),IF(G192=\"COTAÇÃO\",VLOOKUP($F192,DADOS_COTACAO,9,0),\"\"))))))","v":"M3"},{"$f":"ROUND(F197,2)","v":55.85},{"$f":"TRUNC(IF(G192=\"SINAPI\",VLOOKUP($F192,DADOS_SINAPI,4,0),IF(G192=\"SETOP\",VLOOKUP($F192,DADOS_SETOP,4,0),IF(G192=\"CPU\",VLOOKUP($F192,DADOS_COMPOSICAO,13,0),IF(G192=\"SICRO\",VLOOKUP($F192,DADOS_SICRO,4,0),IF(G192=\"SUDECAP\",VLOOKUP(F192,DADOS_SUDECAP,4,0),IF(G192=\"COTAÇÃO\",VLOOKUP(F192,DADOS_COTACAO,12,0),\"\")))))),2)","v":7.64},"BDI 1",{"$f":"TRUNC(J192*(1+$N$17),2)","v":9.66},{"$f":"IFERROR(TRUNC(I192*J192,2),\"\")","v":426.69},539.51]
[2000]
[2000,null,null,null,"Volume escavado",{"$f":"F187","v":115.87260000000001},"m³"]
[2000,null,null,null,"Volume de reaterro",{"$f":"F190","v":94.786379999999994},"m³"]
[2000,null,null,null,"Empolamento",30,"%"]
[2000,null,null,null,"Total",{"$f":"F194*1.3-F195","v":55.848000000000027},"m³"]
[2000]
[{"$f":"IFERROR(LEFT(D199,SEARCH(\".\",D199)-1),\"\")","v":"6"},{"$f":"IFERROR(LEFT(RIGHT(D199,LEN(D199)-SEARCH(\".\",D199)),SEARCH(\".\",RIGHT(D199,LEN(D199)-SEARCH(\".\",D199)))-1),\"\")","v":"1"},{"$f":"IFERROR(IF(LEN(D199)-LEN(SUBSTITUTE(D199,\".\",\"\"))<>3,\"\",MID(D199,SEARCH(\".\",D199,SEARCH(\".\",D199)+1)+1,LEN(D199)-SEARCH(\".\",D199,SEARCH(\".\",D199)+1)-(LEN(D199)-(SEARCH(\".\",D199,SEARCH(\".\",D199,SEARCH(\".\",D199)+1)+1)-1)))),\"\")","v":""},"6.1.6",{"$f":"IF($G199=\"SINAPI\",VLOOKUP($F199,DADOS_SINAPI,2,0),IF(G199=\"SETOP\",VLOOKUP($F199,DADOS_SETOP,2,0),IF(G199=\"CPU\",VLOOKUP($F199,DADOS_COMPOSICAO,2,0),IF(G199=\"SICRO\",VLOOKUP($F199,DADOS_SICRO,2,0),IF(G199=\"SUDECAP\",VLOOKUP(F199,DADOS_SUDECAP,2,0),IF(G199=\"COTAÇÃO\",VLOOKUP($F199,DADOS_COTACAO,2,0),\"\"))))))","v":"TRANSPORTE COM CAMINHÃO BASCULANTE DE 10 M³, EM VIA URBANA PAVIMENTADA, DMT ATÉ 30 KM (UNIDADE: TXKM). AF_07/2020"},95878,"SINAPI",{"$f":"IF(G199=\"SINAPI\",VLOOKUP($F199,DADOS_SINAPI,3,0),IF(G199=\"SETOP\",VLOOKUP($F199,DADOS_SETOP,3,0),IF(G199=\"CPU\",VLOOKUP($F199,DADOS_COMPOSICAO,10,0),IF(G199=\"SICRO\",VLOOKUP($F199,DADOS_SICRO,3,0),IF(G199=\"SUDECAP\",VLOOKUP(F199,DADOS_SUDECAP,3,0),IF(G199=\"COTAÇÃO\",VLOOKUP($F199,DADOS_COTACAO,9,0),\"\"))))))","v":"TXKM"},{"$f":"ROUND(F203,2)","v":369.67},{"$f":"TRUNC(IF(G199=\"SINAPI\",VLOOKUP($F199,DADOS_SINAPI,4,0),IF(G199=\"SETOP\",VLOOKUP($F199,DADOS_SETOP,4,0),IF(G199=\"CPU\",VLOOKUP($F199,DADOS_COMPOSICAO,13,0),IF(G199=\"SICRO\",VLOOKUP($F199,DADOS_SICRO,4,0),IF(G199=\"SUDECAP\",VLOOKUP(F199,DADOS_SUDECAP,4,0),IF(G199=\"COTAÇÃO\",VLOOKUP(F199,DADOS_COTACAO,12,0),\"\")))))),2)","v":1.65},"BDI 1",{"$f":"TRUNC(J199*(1+$N$17),2)","v":2.08},{"$f":"IFERROR(TRUNC(I199*J199,2),\"\")","v":609.95000000000005},768.91]
[2000]
[2000,null,null,null,"Volume de transporte",{"$f":"F190","v":94.786379999999994},"m³"]
[2000,null,null,null,"DMT",3.9,"km"]
[2000,null,null,null,"Total",{"$f":"F201*F202","v":369.66688199999999},"m³xkm"]
[2000]
[{"$f":"IFERROR(LEFT(D205,SEARCH(\".\",D205)-1),\"\")","v":"6"},{"$f":"IFERROR(LEFT(RIGHT(D205,LEN(D205)-SEARCH(\".\",D205)),SEARCH(\".\",RIGHT(D205,LEN(D205)-SEARCH(\".\",D205)))-1),\"\")","v":"1"},{"$f":"IFERROR(IF(LEN(D205)-LEN(SUBSTITUTE(D205,\".\",\"\"))<>3,\"\",MID(D205,SEARCH(\".\",D205,SEARCH(\".\",D205)+1)+1,LEN(D205)-SEARCH(\".\",D205,SEARCH(\".\",D205)+1)-(LEN(D205)-(SEARCH(\".\",D205,SEARCH(\".\",D205,SEARCH(\".\",D205)+1)+1)-1)))),\"\")","v":""},"6.1.7",{"$f":"IF($G205=\"SINAPI\",VLOOKUP($F205,DADOS_SINAPI,2,0),IF(G205=\"SETOP\",VLOOKUP($F205,DADOS_SETOP,2,0),IF(G205=\"CPU\",VLOOKUP($F205,DADOS_COMPOSICAO,2,0),IF(G205=\"SICRO\",VLOOKUP($F205,DADOS_SICRO,2,0),IF(G205=\"SUDECAP\",VLOOKUP(F205,DADOS_SUDECAP,2,0),IF(G205=\"COTAÇÃO\",VLOOKUP($F205,DADOS_COTACAO,2,0),\"\"))))))","v":"ESPALHAMENTO DE MATERIAL COM TRATOR DE ESTEIRAS. AF_09/2024"},100574,"SINAPI",{"$f":"IF(G205=\"SINAPI\",VLOOKUP($F205,DADOS_SINAPI,3,0),IF(G205=\"SETOP\",VLOOKUP($F205,DADOS_SETOP,3,0),IF(G205=\"CPU\",VLOOKUP($F205,DADOS_COMPOSICAO,10,0),IF(G205=\"SICRO\",VLOOKUP($F205,DADOS_SICRO,3,0),IF(G205=\"SUDECAP\",VLOOKUP(F205,DADOS_SUDECAP,3,0),IF(G205=\"COTAÇÃO\",VLOOKUP($F205,DADOS_COTACAO,9,0),\"\"))))))","v":"M3"},{"$f":"ROUND(F207,2)","v":94.79},{"$f":"TRUNC(IF(G205=\"SINAPI\",VLOOKUP($F205,DADOS_SINAPI,4,0),IF(G205=\"SETOP\",VLOOKUP($F205,DADOS_SETOP,4,0),IF(G205=\"CPU\",VLOOKUP($F205,DADOS_COMPOSICAO,13,0),IF(G205=\"SICRO\",VLOOKUP($F205,DADOS_SICRO,4,0),IF(G205=\"SUDECAP\",VLOOKUP(F205,DADOS_SUDECAP,4,0),IF(G205=\"COTAÇÃO\",VLOOKUP(F205,DADOS_COTACAO,12,0),\"\")))))),2)","v":1.38},"BDI 1",{"$f":"TRUNC(J205*(1+$N$17),2)","v":1.74},{"$f":"IFERROR(TRUNC(I205*J205,2),\"\")","v":130.81},164.93]
[2000]
[2000,null,null,null,"Total",{"$f":"F190","v":94.786379999999994},"m³"]
[2000]
[null,null,null,"6.2","FUNDAÇÃO",null,null,null,null,null,null,null,{"$f":"IFERROR(SUMIFS(M:M,A:A,LEFT(D209,SEARCH(\".\",D209)-1),B:B,RIGHT(D209,LEN(D209)-SEARCH(\".\",D209))),\"\")","v":262225.21000000002},{"$f":"IFERROR(SUMIFS(N:N,A:A,LEFT(D209,SEARCH(\".\",D209)-1),B:B,RIGHT(D209,LEN(D209)-SEARCH(\".\",D209))),\"\")","v":331742.3899999999}]
[null,null,null,"6.2.1","ESTACAS",null,null,null,null,null,null,null,{"$f":"IFERROR(SUMIFS(M:M,A:A,LEFT(D210,SEARCH(\".\",D210)-1),B:B,LEFT(RIGHT(D210,LEN(D210)-SEARCH(\".\",D210)),SEARCH(\".\",RIGHT(D210,LEN(D210)-SEARCH(\".\",D210)))-1),C:C,RIGHT(D210,LEN(D210)-SEARCH(\".\",D210,SEARCH(\".\",D210)+1))),\"\")","v":160845.57},{"$f":"IFERROR(SUMIFS(N:N,A:A,LEFT(D210,SEARCH(\".\",D210)-1),B:B,LEFT(RIGHT(D210,LEN(D210)-SEARCH(\".\",D210)),SEARCH(\".\",RIGHT(D210,LEN(D210)-SEARCH(\".\",D210)))-1),C:C,RIGHT(D210,LEN(D210)-SEARCH(\".\",D210,SEARCH(\".\",D210)+1))),\"\")","v":203487.37999999998}]
[{"$f":"IFERROR(LEFT(D211,SEARCH(\".\",D211)-1),\"\")","v":"6"},{"$f":"IFERROR(LEFT(RIGHT(D211,LEN(D211)-SEARCH(\".\",D211)),SEARCH(\".\",RIGHT(D211,LEN(D211)-SEARCH(\".\",D211)))-1),\"\")","v":"2"},{"$f":"IFERROR(IF(LEN(D211)-LEN(SUBSTITUTE(D211,\".\",\"\"))<>3,\"\",MID(D211,SEARCH(\".\",D211,SEARCH(\".\",D211)+1)+1,LEN(D211)-SEARCH(\".\",D211,SEARCH(\".\",D211)+1)-(LEN(D211)-(SEARCH(\".\",D211,SEARCH(\".\",D211,SEARCH(\".\",D211)+1)+1)-1)))),\"\")","v":"1"},"6.2.1.1",{"$f":"IF($G211=\"SINAPI\",VLOOKUP($F211,DADOS_SINAPI,2,0),IF(G211=\"SETOP\",VLOOKUP($F211,DADOS_SETOP,2,0),IF(G211=\"CPU\",VLOOKUP($F211,DADOS_COMPOSICAO,2,0),IF(G211=\"SICRO\",VLOOKUP($F211,DADOS_SICRO,2,0),IF(G211=\"SUDECAP\",VLOOKUP(F211,DADOS_SUDECAP,2,0),IF(G211=\"COTAÇÃO\",VLOOKUP($F211,DADOS_COTACAO,2,0),\"\"))))))","v":"MOBILIZAÇÃO E DESMOBILIZAÇÃO DE EQUIPAMENTO PARA ESTACA TIPO TRADO ROTATIVO (CUSTO FIXO), INCLUSIVE CARGA E DESCARGA, EXCLUSIVE TRANSPORTE EM QUILÔMETRO RODADO (CUSTO VARIÁVEL)"},"ED-29817","SETOP",{"$f":"IF(G211=\"SINAPI\",VLOOKUP($F211,DADOS_SINAPI,3,0),IF(G211=\"SETOP\",VLOOKUP($F211,DADOS_SETOP,3,0),IF(G211=\"CPU\",VLOOKUP($F211,DADOS_COMPOSICAO,10,0),IF(G211=\"SICRO\",VLOOKUP($F211,DADOS_SICRO,3,0),IF(G211=\"SUDECAP\",VLOOKUP(F211,DADOS_SUDECAP,3,0),IF(G211=\"COTAÇÃO\",VLOOKUP($F211,DADOS_COTACAO,9,0),\"\"))))))","v":"un"},{"$f":"ROUND(F213,2)","v":1},{"$f":"TRUNC(IF(G211=\"SINAPI\",VLOOKUP($F211,DADOS_SINAPI,4,0),IF(G211=\"SETOP\",VLOOKUP($F211,DADOS_SETOP,4,0),IF(G211=\"CPU\",VLOOKUP($F211,DADOS_COMPOSICAO,13,0),IF(G211=\"SICRO\",VLOOKUP($F211,DADOS_SICRO,4,0),IF(G211=\"SUDECAP\",VLOOKUP(F211,DADOS_SUDECAP,4,0),IF(G211=\"COTAÇÃO\",VLOOKUP(F211,DADOS_COTACAO,12,0),\"\")))))),2)","v":3607.9},"BDI 1",{"$f":"TRUNC(J211*(1+$N$17),2)","v":4564.71},{"$f":"IFERROR(TRUNC(I211*J211,2),\"\")","v":3607.9},{"$f":"L211*I211","v":4564.71}]
[2000]
[2000,null,null,null,"Total",1,"un"]
[2000]
["6","2","1","6.2.1.2","MOBILIZAÇÃO E DESMOBILIZAÇÃO DE EQUIPAMENTO PARA ESTACA TIPO TRADO ROTATIVO (CUSTO VARIÁVEL), EXCLUSIVE CUSTO FIXO DE TRANSPORTE","ED-29818","SETOP","km",{"$f":"ROUND(F217,2)","v":50},20.66,"BDI 1",26.13,1033,{"$f":"L215*I215","v":1306.5}]
[2000]
[2000,null,null,null,"Total",50,"km"]
[2000]
["6","2","1","6.2.1.3","MONTAGEM DE ARMADURA TRANSVERSAL DE ESTACAS DE SEÇÃO CIRCULAR, DIÂMETRO = 5,0 MM. AF_09/2021_PS",95583,"SINAPI","KG",{"$f":"ROUND(F221,2)","v":11},15.03,"BDI 1",19.010000000000002,165.33,209.11]
[2000]
[2000,null,null,null,"Total",{"$f":"1.1*10","v":11},"kg"]
[2000]
[{"$f":"IFERROR(LEFT(D223,SEARCH(\".\",D223)-1),\"\")","v":"6"},{"$f":"IFERROR(LEFT(RIGHT(D223,LEN(D223)-SEARCH(\".\",D223)),SEARCH(\".\",RIGHT(D223,LEN(D223)-SEARCH(\".\",D223)))-1),\"\")","v":"2"},{"$f":"IFERROR(IF(LEN(D223)-LEN(SUBSTITUTE(D223,\".\",\"\"))<>3,\"\",MID(D223,SEARCH(\".\",D223,SEARCH(\".\",D223)+1)+1,LEN(D223)-SEARCH(\".\",D223,SEARCH(\".\",D223)+1)-(LEN(D223)-(SEARCH(\".\",D223,SEARCH(\".\",D223,SEARCH(\".\",D223)+1)+1)-1)))),\"\")","v":"1"},"6.2.1.4",{"$f":"IF($G223=\"SINAPI\",VLOOKUP($F223,DADOS_SINAPI,2,0),IF(G223=\"SETOP\",VLOOKUP($F223,DADOS_SETOP,2,0),IF(G223=\"CPU\",VLOOKUP($F223,DADOS_COMPOSICAO,2,0),IF(G223=\"SICRO\",VLOOKUP($F223,DADOS_SICRO,2,0),IF(G223=\"SUDECAP\",VLOOKUP(F223,DADOS_SUDECAP,2,0),IF(G223=\"COTAÇÃO\",VLOOKUP($F223,DADOS_COTACAO,2,0),\"\"))))))","v":"MONTAGEM DE ARMADURA TRANSVERSAL DE ESTACAS DE SEÇÃO CIRCULAR, DIÂMETRO = 6,30 MM. AF_09/2021_PS"},95584,"SINAPI",{"$f":"IF(G223=\"SINAPI\",VLOOKUP($F223,DADOS_SINAPI,3,0),IF(G223=\"SETOP\",VLOOKUP($F223,DADOS_SETOP,3,0),IF(G223=\"CPU\",VLOOKUP($F223,DADOS_COMPOSICAO,10,0),IF(G223=\"SICRO\",VLOOKUP($F223,DADOS_SICRO,3,0),IF(G223=\"SUDECAP\",VLOOKUP(F223,DADOS_SUDECAP,3,0),IF(G223=\"COTAÇÃO\",VLOOKUP($F223,DADOS_COTACAO,9,0),\"\"))))))","v":"KG"},{"$f":"ROUND(F225,2)","v":365.2},{"$f":"TRUNC(IF(G223=\"SINAPI\",VLOOKUP($F223,DADOS_SINAPI,4,0),IF(G223=\"SETOP\",VLOOKUP($F223,DADOS_SETOP,4,0),IF(G223=\"CPU\",VLOOKUP($F223,DADOS_COMPOSICAO,13,0),IF(G223=\"SICRO\",VLOOKUP($F223,DADOS_SICRO,4,0),IF(G223=\"SUDECAP\",VLOOKUP(F223,DADOS_SUDECAP,4,0),IF(G223=\"COTAÇÃO\",VLOOKUP(F223,DADOS_COTACAO,12,0),\"\")))))),2)","v":13.34},"BDI 1",{"$f":"TRUNC(J223*(1+$N$17),2)","v":16.87},{"$f":"IFERROR(TRUNC(I223*J223,2),\"\")","v":4871.76},6160.92]
[2000]
[2000,null,null,null,"Total",{"$f":"1.1*332","v":365.20000000000005},"kg"]
[2000]
["6","2","1","6.2.1.5","MONTAGEM DE ARMADURA DE ESTACAS, DIÂMETRO = 10,0 MM. AF_09/2021_PS",95577,"SINAPI","KG",{"$f":"ROUND(F229,2)","v":85.25},10.34,"BDI 1",13.08,881.48,1115.07]
[2000]
[2000,null,null,null,"Total",{"$f":"1.1*77.5","v":85.25},"kg"]
[2000]
["6","2","1","6.2.1.6","MONTAGEM DE ARMADURA DE ESTACAS, DIÂMETRO = 16,0 MM. AF_09/2021_PS",95579,"SINAPI","KG",{"$f":"ROUND(F233,2)","v":2540.0300000000002},8.34,"BDI 1",10.55,21183.85,26797.32]
[2000]
[2000,null,null,null,"Total",{"$f":"1.1*2309.12","v":2540.0320000000002},"kg"]
[2000]
["6","2","1","6.2.1.7","ARRASAMENTO MECANICO DE ESTACA DE CONCRETO ARMADO, DIAMETROS DE ATÉ 40 CM. AF_05/2021",95601,"SINAPI","UN",{"$f":"ROUND(F237,2)","v":95},15.87,"BDI 1",20.07,1507.65,1906.65]
[2000]
[2000,null,null,null,"Total",{"$f":"82+13","v":95},"un"]
[2000]
[{"$f":"IFERROR(LEFT(D239,SEARCH(\".\",D239)-1),\"\")","v":"6"},{"$f":"IFERROR(LEFT(RIGHT(D239,LEN(D239)-SEARCH(\".\",D239)),SEARCH(\".\",RIGHT(D239,LEN(D239)-SEARCH(\".\",D239)))-1),\"\")","v":"2"},{"$f":"IFERROR(IF(LEN(D239)-LEN(SUBSTITUTE(D239,\".\",\"\"))<>3,\"\",MID(D239,SEARCH(\".\",D239,SEARCH(\".\",D239)+1)+1,LEN(D239)-SEARCH(\".\",D239,SEARCH(\".\",D239)+1)-(LEN(D239)-(SEARCH(\".\",D239,SEARCH(\".\",D239,SEARCH(\".\",D239)+1)+1)-1)))),\"\")","v":"1"},"6.2.1.8",{"$f":"IF($G239=\"SINAPI\",VLOOKUP($F239,DADOS_SINAPI,2,0),IF(G239=\"SETOP\",VLOOKUP($F239,DADOS_SETOP,2,0),IF(G239=\"CPU\",VLOOKUP($F239,DADOS_COMPOSICAO,2,0),IF(G239=\"SICRO\",VLOOKUP($F239,DADOS_SICRO,2,0),IF(G239=\"SUDECAP\",VLOOKUP(F239,DADOS_SUDECAP,2,0),IF(G239=\"COTAÇÃO\",VLOOKUP($F239,DADOS_COTACAO,2,0),\"\"))))))","v":"ESTACA HÉLICE CONTÍNUA, DIÂMETRO DE 30 CM, INCLUSO CONCRETO FCK=30MPA E ARMADURA MÍNIMA (EXCLUSIVE BOMBEAMENTO, MOBILIZAÇÃO E DESMOBILIZAÇÃO). "},"EST-001","CPU",{"$f":"IF(G239=\"SINAPI\",VLOOKUP($F239,DADOS_SINAPI,3,0),IF(G239=\"SETOP\",VLOOKUP($F239,DADOS_SETOP,3,0),IF(G239=\"CPU\",VLOOKUP($F239,DADOS_COMPOSICAO,10,0),IF(G239=\"SICRO\",VLOOKUP($F239,DADOS_SICRO,3,0),IF(G239=\"SUDECAP\",VLOOKUP(F239,DADOS_SUDECAP,3,0),IF(G239=\"COTAÇÃO\",VLOOKUP($F239,DADOS_COTACAO,9,0),\"\"))))))","v":"M"},{"$f":"ROUND(F241,2)","v":984},{"$f":"TRUNC(IF(G239=\"SINAPI\",VLOOKUP($F239,DADOS_SINAPI,4,0),IF(G239=\"SETOP\",VLOOKUP($F239,DADOS_SETOP,4,0),IF(G239=\"CPU\",VLOOKUP($F239,DADOS_COMPOSICAO,13,0),IF(G239=\"SICRO\",VLOOKUP($F239,DADOS_SICRO,4,0),IF(G239=\"SUDECAP\",VLOOKUP(F239,DADOS_SUDECAP,4,0),IF(G239=\"COTAÇÃO\",VLOOKUP(F239,DADOS_COTACAO,12,0),\"\")))))),2)","v":128.15},"BDI 1",{"$f":"TRUNC(J239*(1+$N$17),2)","v":162.13},{"$f":"IFERROR(TRUNC(I239*J239,2),\"\")","v":126099.6},159535.91999999998]
[2000]
[2000,null,null,null,"Total",{"$f":"82*12","v":984},"m"]
[2000]
[{"$f":"IFERROR(LEFT(D243,SEARCH(\".\",D243)-1),\"\")","v":"6"},{"$f":"IFERROR(LEFT(RIGHT(D243,LEN(D243)-SEARCH(\".\",D243)),SEARCH(\".\",RIGHT(D243,LEN(D243)-SEARCH(\".\",D243)))-1),\"\")","v":"2"},{"$f":"IFERROR(IF(LEN(D243)-LEN(SUBSTITUTE(D243,\".\",\"\"))<>3,\"\",MID(D243,SEARCH(\".\",D243,SEARCH(\".\",D243)+1)+1,LEN(D243)-SEARCH(\".\",D243,SEARCH(\".\",D243)+1)-(LEN(D243)-(SEARCH(\".\",D243,SEARCH(\".\",D243,SEARCH(\".\",D243)+1)+1)-1)))),\"\")","v":"1"},"6.2.1.9",{"$f":"IF($G243=\"SINAPI\",VLOOKUP($F243,DADOS_SINAPI,2,0),IF(G243=\"SETOP\",VLOOKUP($F243,DADOS_SETOP,2,0),IF(G243=\"CPU\",VLOOKUP($F243,DADOS_COMPOSICAO,2,0),IF(G243=\"SICRO\",VLOOKUP($F243,DADOS_SICRO,2,0),IF(G243=\"SUDECAP\",VLOOKUP(F243,DADOS_SUDECAP,2,0),IF(G243=\"COTAÇÃO\",VLOOKUP($F243,DADOS_COTACAO,2,0),\"\"))))))","v":"ESTACA BROCA DE CONCRETO, DIÂMETRO DE 20CM, ESCAVAÇÃO MANUAL COM TRADO CONCHA, EXCETO ARMADURA"},"EST-002","CPU",{"$f":"IF(G243=\"SINAPI\",VLOOKUP($F243,DADOS_SINAPI,3,0),IF(G243=\"SETOP\",VLOOKUP($F243,DADOS_SETOP,3,0),IF(G243=\"CPU\",VLOOKUP($F243,DADOS_COMPOSICAO,10,0),IF(G243=\"SICRO\",VLOOKUP($F243,DADOS_SICRO,3,0),IF(G243=\"SUDECAP\",VLOOKUP(F243,DADOS_SUDECAP,3,0),IF(G243=\"COTAÇÃO\",VLOOKUP($F243,DADOS_COTACAO,9,0),\"\"))))))","v":"M"},{"$f":"ROUND(F245,2)","v":32.5},{"$f":"TRUNC(IF(G243=\"SINAPI\",VLOOKUP($F243,DADOS_SINAPI,4,0),IF(G243=\"SETOP\",VLOOKUP($F243,DADOS_SETOP,4,0),IF(G243=\"CPU\",VLOOKUP($F243,DADOS_COMPOSICAO,13,0),IF(G243=\"SICRO\",VLOOKUP($F243,DADOS_SICRO,4,0),IF(G243=\"SUDECAP\",VLOOKUP(F243,DADOS_SUDECAP,4,0),IF(G243=\"COTAÇÃO\",VLOOKUP(F243,DADOS_COTACAO,12,0),\"\")))))),2)","v":46},"BDI 1",{"$f":"TRUNC(J243*(1+$N$17),2)","v":58.19},{"$f":"IFERROR(TRUNC(I243*J243,2),\"\")","v":1495},1891.18]
[2000]
[2000,null,null,null,"Total",{"$f":"13*2.5","v":32.5},"m"]
[2000]
[null,null,null,"6.2.2","BLOCOS DE COROAMENTO",null,null,null,null,null,null,null,{"$f":"IFERROR(SUMIFS(M:M,A:A,LEFT(D247,SEARCH(\".\",D247)-1),B:B,LEFT(RIGHT(D247,LEN(D247)-SEARCH(\".\",D247)),SEARCH(\".\",RIGHT(D247,LEN(D247)-SEARCH(\".\",D247)))-1),C:C,RIGHT(D247,LEN(D247)-SEARCH(\".\",D247,SEARCH(\".\",D247)+1))),\"\")","v":50156.97},{"$f":"IFERROR(SUMIFS(N:N,A:A,LEFT(D247,SEARCH(\".\",D247)-1),B:B,LEFT(RIGHT(D247,LEN(D247)-SEARCH(\".\",D247)),SEARCH(\".\",RIGHT(D247,LEN(D247)-SEARCH(\".\",D247)))-1),C:C,RIGHT(D247,LEN(D247)-SEARCH(\".\",D247,SEARCH(\".\",D247)+1))),\"\")","v":63455.47}]
[{"$f":"IFERROR(LEFT(D248,SEARCH(\".\",D248)-1),\"\")","v":"6"},{"$f":"IFERROR(LEFT(RIGHT(D248,LEN(D248)-SEARCH(\".\",D248)),SEARCH(\".\",RIGHT(D248,LEN(D248)-SEARCH(\".\",D248)))-1),\"\")","v":"2"},{"$f":"IFERROR(IF(LEN(D248)-LEN(SUBSTITUTE(D248,\".\",\"\"))<>3,\"\",MID(D248,SEARCH(\".\",D248,SEARCH(\".\",D248)+1)+1,LEN(D248)-SEARCH(\".\",D248,SEARCH(\".\",D248)+1)-(LEN(D248)-(SEARCH(\".\",D248,SEARCH(\".\",D248,SEARCH(\".\",D248)+1)+1)-1)))),\"\")","v":"2"},"6.2.2.1",{"$f":"IF($G248=\"SINAPI\",VLOOKUP($F248,DADOS_SINAPI,2,0),IF(G248=\"SETOP\",VLOOKUP($F248,DADOS_SETOP,2,0),IF(G248=\"CPU\",VLOOKUP($F248,DADOS_COMPOSICAO,2,0),IF(G248=\"SICRO\",VLOOKUP($F248,DADOS_SICRO,2,0),IF(G248=\"SUDECAP\",VLOOKUP(F248,DADOS_SUDECAP,2,0),IF(G248=\"COTAÇÃO\",VLOOKUP($F248,DADOS_COTACAO,2,0),\"\"))))))","v":"FABRICAÇÃO, MONTAGEM E DESMONTAGEM DE FÔRMA PARA BLOCO DE COROAMENTO, EM MADEIRA SERRADA, E=25 MM, 4 UTILIZAÇÕES. AF_01/2024"},96534,"SINAPI",{"$f":"IF(G248=\"SINAPI\",VLOOKUP($F248,DADOS_SINAPI,3,0),IF(G248=\"SETOP\",VLOOKUP($F248,DADOS_SETOP,3,0),IF(G248=\"CPU\",VLOOKUP($F248,DADOS_COMPOSICAO,10,0),IF(G248=\"SICRO\",VLOOKUP($F248,DADOS_SICRO,3,0),IF(G248=\"SUDECAP\",VLOOKUP(F248,DADOS_SUDECAP,3,0),IF(G248=\"COTAÇÃO\",VLOOKUP($F248,DADOS_COTACAO,9,0),\"\"))))))","v":"M2"},{"$f":"ROUND(F250,2)","v":147.44999999999999},{"$f":"TRUNC(IF(G248=\"SINAPI\",VLOOKUP($F248,DADOS_SINAPI,4,0),IF(G248=\"SETOP\",VLOOKUP($F248,DADOS_SETOP,4,0),IF(G248=\"CPU\",VLOOKUP($F248,DADOS_COMPOSICAO,13,0),IF(G248=\"SICRO\",VLOOKUP($F248,DADOS_SICRO,4,0),IF(G248=\"SUDECAP\",VLOOKUP(F248,DADOS_SUDECAP,4,0),IF(G248=\"COTAÇÃO\",VLOOKUP(F248,DADOS_COTACAO,12,0),\"\")))))),2)","v":70.97},"BDI 1",{"$f":"TRUNC(J248*(1+$N$17),2)","v":89.79},{"$f":"IFERROR(TRUNC(I248*J248,2),\"\")","v":10464.52},13239.54]
[2000]
[2000,null,null,null,"Total",{"$f":"63.96+29.05+18.08+19.51+16.85","v":147.44999999999999},"m²"]
[2000]
[{"$f":"IFERROR(LEFT(D252,SEARCH(\".\",D252)-1),\"\")","v":"6"},{"$f":"IFERROR(LEFT(RIGHT(D252,LEN(D252)-SEARCH(\".\",D252)),SEARCH(\".\",RIGHT(D252,LEN(D252)-SEARCH(\".\",D252)))-1),\"\")","v":"2"},{"$f":"IFERROR(IF(LEN(D252)-LEN(SUBSTITUTE(D252,\".\",\"\"))<>3,\"\",MID(D252,SEARCH(\".\",D252,SEARCH(\".\",D252)+1)+1,LEN(D252)-SEARCH(\".\",D252,SEARCH(\".\",D252)+1)-(LEN(D252)-(SEARCH(\".\",D252,SEARCH(\".\",D252,SEARCH(\".\",D252)+1)+1)-1)))),\"\")","v":"2"},"6.2.2.2",{"$f":"IF($G252=\"SINAPI\",VLOOKUP($F252,DADOS_SINAPI,2,0),IF(G252=\"SETOP\",VLOOKUP($F252,DADOS_SETOP,2,0),IF(G252=\"CPU\",VLOOKUP($F252,DADOS_COMPOSICAO,2,0),IF(G252=\"SICRO\",VLOOKUP($F252,DADOS_SICRO,2,0),IF(G252=\"SUDECAP\",VLOOKUP(F252,DADOS_SUDECAP,2,0),IF(G252=\"COTAÇÃO\",VLOOKUP($F252,DADOS_COTACAO,2,0),\"\"))))))","v":"ARMAÇÃO DE BLOCO UTILIZANDO AÇO CA-60 DE 5 MM - MONTAGEM. AF_01/2024"},96543,"SINAPI",{"$f":"IF(G252=\"SINAPI\",VLOOKUP($F252,DADOS_SINAPI,3,0),IF(G252=\"SETOP\",VLOOKUP($F252,DADOS_SETOP,3,0),IF(G252=\"CPU\",VLOOKUP($F252,DADOS_COMPOSICAO,10,0),IF(G252=\"SICRO\",VLOOKUP($F252,DADOS_SICRO,3,0),IF(G252=\"SUDECAP\",VLOOKUP(F252,DADOS_SUDECAP,3,0),IF(G252=\"COTAÇÃO\",VLOOKUP($F252,DADOS_COTACAO,9,0),\"\"))))))","v":"KG"},{"$f":"ROUND(F254,2)","v":122.4},{"$f":"TRUNC(IF(G252=\"SINAPI\",VLOOKUP($F252,DADOS_SINAPI,4,0),IF(G252=\"SETOP\",VLOOKUP($F252,DADOS_SETOP,4,0),IF(G252=\"CPU\",VLOOKUP($F252,DADOS_COMPOSICAO,13,0),IF(G252=\"SICRO\",VLOOKUP($F252,DADOS_SICRO,4,0),IF(G252=\"SUDECAP\",VLOOKUP(F252,DADOS_SUDECAP,4,0),IF(G252=\"COTAÇÃO\",VLOOKUP(F252,DADOS_COTACAO,12,0),\"\")))))),2)","v":18.64},"BDI 1",{"$f":"TRUNC(J252*(1+$N$17),2)","v":23.58},{"$f":"IFERROR(TRUNC(I252*J252,2),\"\")","v":2281.5300000000002},2886.19]
[2000]
[2000,null,null,null,"Total",{"$f":"46+22.4+16.5+19.5+18","v":122.4},"kg"]
[2000]
[{"$f":"IFERROR(LEFT(D256,SEARCH(\".\",D256)-1),\"\")","v":"6"},{"$f":"IFERROR(LEFT(RIGHT(D256,LEN(D256)-SEARCH(\".\",D256)),SEARCH(\".\",RIGHT(D256,LEN(D256)-SEARCH(\".\",D256)))-1),\"\")","v":"2"},{"$f":"IFERROR(IF(LEN(D256)-LEN(SUBSTITUTE(D256,\".\",\"\"))<>3,\"\",MID(D256,SEARCH(\".\",D256,SEARCH(\".\",D256)+1)+1,LEN(D256)-SEARCH(\".\",D256,SEARCH(\".\",D256)+1)-(LEN(D256)-(SEARCH(\".\",D256,SEARCH(\".\",D256,SEARCH(\".\",D256)+1)+1)-1)))),\"\")","v":"2"},"6.2.2.3",{"$f":"IF($G256=\"SINAPI\",VLOOKUP($F256,DADOS_SINAPI,2,0),IF(G256=\"SETOP\",VLOOKUP($F256,DADOS_SETOP,2,0),IF(G256=\"CPU\",VLOOKUP($F256,DADOS_COMPOSICAO,2,0),IF(G256=\"SICRO\",VLOOKUP($F256,DADOS_SICRO,2,0),IF(G256=\"SUDECAP\",VLOOKUP(F256,DADOS_SUDECAP,2,0),IF(G256=\"COTAÇÃO\",VLOOKUP($F256,DADOS_COTACAO,2,0),\"\"))))))","v":"ARMAÇÃO DE BLOCO UTILIZANDO AÇO CA-50 DE 6,3 MM - MONTAGEM. AF_01/2024"},96544,"SINAPI",{"$f":"IF(G256=\"SINAPI\",VLOOKUP($F256,DADOS_SINAPI,3,0),IF(G256=\"SETOP\",VLOOKUP($F256,DADOS_SETOP,3,0),IF(G256=\"CPU\",VLOOKUP($F256,DADOS_COMPOSICAO,10,0),IF(G256=\"SICRO\",VLOOKUP($F256,DADOS_SICRO,3,0),IF(G256=\"SUDECAP\",VLOOKUP(F256,DADOS_SUDECAP,3,0),IF(G256=\"COTAÇÃO\",VLOOKUP($F256,DADOS_COTACAO,9,0),\"\"))))))","v":"KG"},{"$f":"ROUND(F258,2)","v":416.7},{"$f":"TRUNC(IF(G256=\"SINAPI\",VLOOKUP($F256,DADOS_SINAPI,4,0),IF(G256=\"SETOP\",VLOOKUP($F256,DADOS_SETOP,4,0),IF(G256=\"CPU\",VLOOKUP($F256,DADOS_COMPOSICAO,13,0),IF(G256=\"SICRO\",VLOOKUP($F256,DADOS_SICRO,4,0),IF(G256=\"SUDECAP\",VLOOKUP(F256,DADOS_SUDECAP,4,0),IF(G256=\"COTAÇÃO\",VLOOKUP(F256,DADOS_COTACAO,12,0),\"\")))))),2)","v":16.86},"BDI 1",{"$f":"TRUNC(J256*(1+$N$17),2)","v":21.33},{"$f":"IFERROR(TRUNC(I256*J256,2),\"\")","v":7025.56},8888.2099999999991]
[2000]
[2000,null,null,null,"Total",{"$f":"195.9+80+55.4+51.4+34","v":416.69999999999993},"kg"]
[2000]
[{"$f":"IFERROR(LEFT(D260,SEARCH(\".\",D260)-1),\"\")","v":"6"},{"$f":"IFERROR(LEFT(RIGHT(D260,LEN(D260)-SEARCH(\".\",D260)),SEARCH(\".\",RIGHT(D260,LEN(D260)-SEARCH(\".\",D260)))-1),\"\")","v":"2"},{"$f":"IFERROR(IF(LEN(D260)-LEN(SUBSTITUTE(D260,\".\",\"\"))<>3,\"\",MID(D260,SEARCH(\".\",D260,SEARCH(\".\",D260)+1)+1,LEN(D260)-SEARCH(\".\",D260,SEARCH(\".\",D260)+1)-(LEN(D260)-(SEARCH(\".\",D260,SEARCH(\".\",D260,SEARCH(\".\",D260)+1)+1)-1)))),\"\")","v":"2"},"6.2.2.4",{"$f":"IF($G260=\"SINAPI\",VLOOKUP($F260,DADOS_SINAPI,2,0),IF(G260=\"SETOP\",VLOOKUP($F260,DADOS_SETOP,2,0),IF(G260=\"CPU\",VLOOKUP($F260,DADOS_COMPOSICAO,2,0),IF(G260=\"SICRO\",VLOOKUP($F260,DADOS_SICRO,2,0),IF(G260=\"SUDECAP\",VLOOKUP(F260,DADOS_SUDECAP,2,0),IF(G260=\"COTAÇÃO\",VLOOKUP($F260,DADOS_COTACAO,2,0),\"\"))))))","v":"ARMAÇÃO DE BLOCO UTILIZANDO AÇO CA-50 DE 8 MM - MONTAGEM. AF_01/2024"},96545,"SINAPI",{"$f":"IF(G260=\"SINAPI\",VLOOKUP($F260,DADOS_SINAPI,3,0),IF(G260=\"SETOP\",VLOOKUP($F260,DADOS_SETOP,3,0),IF(G260=\"CPU\",VLOOKUP($F260,DADOS_COMPOSICAO,10,0),IF(G260=\"SICRO\",VLOOKUP($F260,DADOS_SICRO,3,0),IF(G260=\"SUDECAP\",VLOOKUP(F260,DADOS_SUDECAP,3,0),IF(G260=\"COTAÇÃO\",VLOOKUP($F260,DADOS_COTACAO,9,0),\"\"))))))","v":"KG"},{"$f":"ROUND(F262,2)","v":113.9},{"$f":"TRUNC(IF(G260=\"SINAPI\",VLOOKUP($F260,DADOS_SINAPI,4,0),IF(G260=\"SETOP\",VLOOKUP($F260,DADOS_SETOP,4,0),IF(G260=\"CPU\",VLOOKUP($F260,DADOS_COMPOSICAO,13,0),IF(G260=\"SICRO\",VLOOKUP($F260,DADOS_SICRO,4,0),IF(G260=\"SUDECAP\",VLOOKUP(F260,DADOS_SUDECAP,4,0),IF(G260=\"COTAÇÃO\",VLOOKUP(F260,DADOS_COTACAO,12,0),\"\")))))),2)","v":15.24},"BDI 1",{"$f":"TRUNC(J260*(1+$N$17),2)","v":19.28},{"$f":"IFERROR(TRUNC(I260*J260,2),\"\")","v":1735.83},2195.9899999999998]
[2000]
[2000,null,null,null,"Total",{"$f":"2.6+10.6+40.9+53.2+6.6","v":113.89999999999999},"kg"]
[2000]
[{"$f":"IFERROR(LEFT(D264,SEARCH(\".\",D264)-1),\"\")","v":"6"},{"$f":"IFERROR(LEFT(RIGHT(D264,LEN(D264)-SEARCH(\".\",D264)),SEARCH(\".\",RIGHT(D264,LEN(D264)-SEARCH(\".\",D264)))-1),\"\")","v":"2"},{"$f":"IFERROR(IF(LEN(D264)-LEN(SUBSTITUTE(D264,\".\",\"\"))<>3,\"\",MID(D264,SEARCH(\".\",D264,SEARCH(\".\",D264)+1)+1,LEN(D264)-SEARCH(\".\",D264,SEARCH(\".\",D264)+1)-(LEN(D264)-(SEARCH(\".\",D264,SEARCH(\".\",D264,SEARCH(\".\",D264)+1)+1)-1)))),\"\")","v":"2"},"6.2.2.5",{"$f":"IF($G264=\"SINAPI\",VLOOKUP($F264,DADOS_SINAPI,2,0),IF(G264=\"SETOP\",VLOOKUP($F264,DADOS_SETOP,2,0),IF(G264=\"CPU\",VLOOKUP($F264,DADOS_COMPOSICAO,2,0),IF(G264=\"SICRO\",VLOOKUP($F264,DADOS_SICRO,2,0),IF(G264=\"SUDECAP\",VLOOKUP(F264,DADOS_SUDECAP,2,0),IF(G264=\"COTAÇÃO\",VLOOKUP($F264,DADOS_COTACAO,2,0),\"\"))))))","v":"ARMAÇÃO DE BLOCO UTILIZANDO AÇO CA-50 DE 10 MM - MONTAGEM. AF_01/2024"},96546,"SINAPI",{"$f":"IF(G264=\"SINAPI\",VLOOKUP($F264,DADOS_SINAPI,3,0),IF(G264=\"SETOP\",VLOOKUP($F264,DADOS_SETOP,3,0),IF(G264=\"CPU\",VLOOKUP($F264,DADOS_COMPOSICAO,10,0),IF(G264=\"SICRO\",VLOOKUP($F264,DADOS_SICRO,3,0),IF(G264=\"SUDECAP\",VLOOKUP(F264,DADOS_SUDECAP,3,0),IF(G264=\"COTAÇÃO\",VLOOKUP($F264,DADOS_COTACAO,9,0),\"\"))))))","v":"KG"},{"$f":"ROUND(F266,2)","v":318.3},{"$f":"TRUNC(IF(G264=\"SINAPI\",VLOOKUP($F264,DADOS_SINAPI,4,0),IF(G264=\"SETOP\",VLOOKUP($F264,DADOS_SETOP,4,0),IF(G264=\"CPU\",VLOOKUP($F264,DADOS_COMPOSICAO,13,0),IF(G264=\"SICRO\",VLOOKUP($F264,DADOS_SICRO,4,0),IF(G264=\"SUDECAP\",VLOOKUP(F264,DADOS_SUDECAP,4,0),IF(G264=\"COTAÇÃO\",VLOOKUP(F264,DADOS_COTACAO,12,0),\"\")))))),2)","v":13.36},"BDI 1",{"$f":"TRUNC(J264*(1+$N$17),2)","v":16.899999999999999},{"$f":"IFERROR(TRUNC(I264*J264,2),\"\")","v":4252.4799999999996},5379.27]
[2000]
[2000,null,null,null,"Total",{"$f":"114.1+55+40.9+53.2+55.1","v":318.3},"kg"]
[2000]
[{"$f":"IFERROR(LEFT(D268,SEARCH(\".\",D268)-1),\"\")","v":"6"},{"$f":"IFERROR(LEFT(RIGHT(D268,LEN(D268)-SEARCH(\".\",D268)),SEARCH(\".\",RIGHT(D268,LEN(D268)-SEARCH(\".\",D268)))-1),\"\")","v":"2"},{"$f":"IFERROR(IF(LEN(D268)-LEN(SUBSTITUTE(D268,\".\",\"\"))<>3,\"\",MID(D268,SEARCH(\".\",D268,SEARCH(\".\",D268)+1)+1,LEN(D268)-SEARCH(\".\",D268,SEARCH(\".\",D268)+1)-(LEN(D268)-(SEARCH(\".\",D268,SEARCH(\".\",D268,SEARCH(\".\",D268)+1)+1)-1)))),\"\")","v":"2"},"6.2.2.6",{"$f":"IF($G268=\"SINAPI\",VLOOKUP($F268,DADOS_SINAPI,2,0),IF(G268=\"SETOP\",VLOOKUP($F268,DADOS_SETOP,2,0),IF(G268=\"CPU\",VLOOKUP($F268,DADOS_COMPOSICAO,2,0),IF(G268=\"SICRO\",VLOOKUP($F268,DADOS_SICRO,2,0),IF(G268=\"SUDECAP\",VLOOKUP(F268,DADOS_SUDECAP,2,0),IF(G268=\"COTAÇÃO\",VLOOKUP($F268,DADOS_COTACAO,2,0),\"\"))))))","v":"ARMAÇÃO DE BLOCO, SAPATA ISOLADA, VIGA BALDRAME E SAPATA CORRIDA UTILIZANDO AÇO CA-50 DE 12,5 MM - MONTAGEM. AF_01/2024"},104920,"SINAPI",{"$f":"IF(G268=\"SINAPI\",VLOOKUP($F268,DADOS_SINAPI,3,0),IF(G268=\"SETOP\",VLOOKUP($F268,DADOS_SETOP,3,0),IF(G268=\"CPU\",VLOOKUP($F268,DADOS_COMPOSICAO,10,0),IF(G268=\"SICRO\",VLOOKUP($F268,DADOS_SICRO,3,0),IF(G268=\"SUDECAP\",VLOOKUP(F268,DADOS_SUDECAP,3,0),IF(G268=\"COTAÇÃO\",VLOOKUP($F268,DADOS_COTACAO,9,0),\"\"))))))","v":"KG"},{"$f":"ROUND(F270,2)","v":103.6},{"$f":"TRUNC(IF(G268=\"SINAPI\",VLOOKUP($F268,DADOS_SINAPI,4,0),IF(G268=\"SETOP\",VLOOKUP($F268,DADOS_SETOP,4,0),IF(G268=\"CPU\",VLOOKUP($F268,DADOS_COMPOSICAO,13,0),IF(G268=\"SICRO\",VLOOKUP($F268,DADOS_SICRO,4,0),IF(G268=\"SUDECAP\",VLOOKUP(F268,DADOS_SUDECAP,4,0),IF(G268=\"COTAÇÃO\",VLOOKUP(F268,DADOS_COTACAO,12,0),\"\")))))),2)","v":10.35},"BDI 1",{"$f":"TRUNC(J268*(1+$N$17),2)","v":13.09},{"$f":"IFERROR(TRUNC(I268*J268,2),\"\")","v":1072.26},1356.12]
[2000]
[2000,null,null,null,"Total",{"$f":"35.9+31.7+9+27","v":103.6},"kg"]
[2000]
[{"$f":"IFERROR(LEFT(D272,SEARCH(\".\",D272)-1),\"\")","v":"6"},{"$f":"IFERROR(LEFT(RIGHT(D272,LEN(D272)-SEARCH(\".\",D272)),SEARCH(\".\",RIGHT(D272,LEN(D272)-SEARCH(\".\",D272)))-1),\"\")","v":"2"},{"$f":"IFERROR(IF(LEN(D272)-LEN(SUBSTITUTE(D272,\".\",\"\"))<>3,\"\",MID(D272,SEARCH(\".\",D272,SEARCH(\".\",D272)+1)+1,LEN(D272)-SEARCH(\".\",D272,SEARCH(\".\",D272)+1)-(LEN(D272)-(SEARCH(\".\",D272,SEARCH(\".\",D272,SEARCH(\".\",D272)+1)+1)-1)))),\"\")","v":"2"},"6.2.2.7",{"$f":"IF($G272=\"SINAPI\",VLOOKUP($F272,DADOS_SINAPI,2,0),IF(G272=\"SETOP\",VLOOKUP($F272,DADOS_SETOP,2,0),IF(G272=\"CPU\",VLOOKUP($F272,DADOS_COMPOSICAO,2,0),IF(G272=\"SICRO\",VLOOKUP($F272,DADOS_SICRO,2,0),IF(G272=\"SUDECAP\",VLOOKUP(F272,DADOS_SUDECAP,2,0),IF(G272=\"COTAÇÃO\",VLOOKUP($F272,DADOS_COTACAO,2,0),\"\"))))))","v":"ARMAÇÃO DE BLOCO, SAPATA ISOLADA, VIGA BALDRAME E SAPATA CORRIDA UTILIZANDO AÇO CA-50 DE 16 MM - MONTAGEM. AF_01/2024"},104921,"SINAPI",{"$f":"IF(G272=\"SINAPI\",VLOOKUP($F272,DADOS_SINAPI,3,0),IF(G272=\"SETOP\",VLOOKUP($F272,DADOS_SETOP,3,0),IF(G272=\"CPU\",VLOOKUP($F272,DADOS_COMPOSICAO,10,0),IF(G272=\"SICRO\",VLOOKUP($F272,DADOS_SICRO,3,0),IF(G272=\"SUDECAP\",VLOOKUP(F272,DADOS_SUDECAP,3,0),IF(G272=\"COTAÇÃO\",VLOOKUP($F272,DADOS_COTACAO,9,0),\"\"))))))","v":"KG"},{"$f":"ROUND(F274,2)","v":293.39999999999998},{"$f":"TRUNC(IF(G272=\"SINAPI\",VLOOKUP($F272,DADOS_SINAPI,4,0),IF(G272=\"SETOP\",VLOOKUP($F272,DADOS_SETOP,4,0),IF(G272=\"CPU\",VLOOKUP($F272,DADOS_COMPOSICAO,13,0),IF(G272=\"SICRO\",VLOOKUP($F272,DADOS_SICRO,4,0),IF(G272=\"SUDECAP\",VLOOKUP(F272,DADOS_SUDECAP,4,0),IF(G272=\"COTAÇÃO\",VLOOKUP(F272,DADOS_COTACAO,12,0),\"\")))))),2)","v":9.77},"BDI 1",{"$f":"TRUNC(J272*(1+$N$17),2)","v":12.36},{"$f":"IFERROR(TRUNC(I272*J272,2),\"\")","v":2866.51},3626.42]
[2000]
[2000,null,null,null,"Total",{"$f":"181.8+58.6+53","v":293.39999999999998},"kg"]
[2000]
[{"$f":"IFERROR(LEFT(D276,SEARCH(\".\",D276)-1),\"\")","v":"6"},{"$f":"IFERROR(LEFT(RIGHT(D276,LEN(D276)-SEARCH(\".\",D276)),SEARCH(\".\",RIGHT(D276,LEN(D276)-SEARCH(\".\",D276)))-1),\"\")","v":"2"},{"$f":"IFERROR(IF(LEN(D276)-LEN(SUBSTITUTE(D276,\".\",\"\"))<>3,\"\",MID(D276,SEARCH(\".\",D276,SEARCH(\".\",D276)+1)+1,LEN(D276)-SEARCH(\".\",D276,SEARCH(\".\",D276)+1)-(LEN(D276)-(SEARCH(\".\",D276,SEARCH(\".\",D276,SEARCH(\".\",D276)+1)+1)-1)))),\"\")","v":"2"},"6.2.2.8",{"$f":"IF($G276=\"SINAPI\",VLOOKUP($F276,DADOS_SINAPI,2,0),IF(G276=\"SETOP\",VLOOKUP($F276,DADOS_SETOP,2,0),IF(G276=\"CPU\",VLOOKUP($F276,DADOS_COMPOSICAO,2,0),IF(G276=\"SICRO\",VLOOKUP($F276,DADOS_SICRO,2,0),IF(G276=\"SUDECAP\",VLOOKUP(F276,DADOS_SUDECAP,2,0),IF(G276=\"COTAÇÃO\",VLOOKUP($F276,DADOS_COTACAO,2,0),\"\"))))))","v":"CONCRETAGEM DE BLOCO DE COROAMENTO OU VIGA BALDRAME, FCK 30 MPA, COM USO DE BOMBA - LANÇAMENTO, ADENSAMENTO E ACABAMENTO. AF_01/2024"},96557,"SINAPI",{"$f":"IF(G276=\"SINAPI\",VLOOKUP($F276,DADOS_SINAPI,3,0),IF(G276=\"SETOP\",VLOOKUP($F276,DADOS_SETOP,3,0),IF(G276=\"CPU\",VLOOKUP($F276,DADOS_COMPOSICAO,10,0),IF(G276=\"SICRO\",VLOOKUP($F276,DADOS_SICRO,3,0),IF(G276=\"SUDECAP\",VLOOKUP(F276,DADOS_SUDECAP,3,0),IF(G276=\"COTAÇÃO\",VLOOKUP($F276,DADOS_COTACAO,9,0),\"\"))))))","v":"M3"},{"$f":"ROUND(F278,2)","v":24.86},{"$f":"TRUNC(IF(G276=\"SINAPI\",VLOOKUP($F276,DADOS_SINAPI,4,0),IF(G276=\"SETOP\",VLOOKUP($F276,DADOS_SETOP,4,0),IF(G276=\"CPU\",VLOOKUP($F276,DADOS_COMPOSICAO,13,0),IF(G276=\"SICRO\",VLOOKUP($F276,DADOS_SICRO,4,0),IF(G276=\"SUDECAP\",VLOOKUP(F276,DADOS_SUDECAP,4,0),IF(G276=\"COTAÇÃO\",VLOOKUP(F276,DADOS_COTACAO,12,0),\"\")))))),2)","v":822.94},"BDI 1",{"$f":"TRUNC(J276*(1+$N$17),2)","v":1041.18},{"$f":"IFERROR(TRUNC(I276*J276,2),\"\")","v":20458.28},25883.73]
[2000]
[2000,null,null,null,"Total",{"$f":"12.35+4.54+3.19+2.8+1.98","v":24.860000000000003},"m³"]
[2000]
[null,null,null,"6.2.3","VIGAS BALDRAME",null,null,null,null,null,null,null,{"$f":"IFERROR(SUMIFS(M:M,A:A,LEFT(D280,SEARCH(\".\",D280)-1),B:B,LEFT(RIGHT(D280,LEN(D280)-SEARCH(\".\",D280)),SEARCH(\".\",RIGHT(D280,LEN(D280)-SEARCH(\".\",D280)))-1),C:C,RIGHT(D280,LEN(D280)-SEARCH(\".\",D280,SEARCH(\".\",D280)+1))),\"\")","v":51222.67},{"$f":"IFERROR(SUMIFS(N:N,A:A,LEFT(D280,SEARCH(\".\",D280)-1),B:B,LEFT(RIGHT(D280,LEN(D280)-SEARCH(\".\",D280)),SEARCH(\".\",RIGHT(D280,LEN(D280)-SEARCH(\".\",D280)))-1),C:C,RIGHT(D280,LEN(D280)-SEARCH(\".\",D280,SEARCH(\".\",D280)+1))),\"\")","v":64799.539999999994}]
[{"$f":"IFERROR(LEFT(D281,SEARCH(\".\",D281)-1),\"\")","v":"6"},{"$f":"IFERROR(LEFT(RIGHT(D281,LEN(D281)-SEARCH(\".\",D281)),SEARCH(\".\",RIGHT(D281,LEN(D281)-SEARCH(\".\",D281)))-1),\"\")","v":"2"},{"$f":"IFERROR(IF(LEN(D281)-LEN(SUBSTITUTE(D281,\".\",\"\"))<>3,\"\",MID(D281,SEARCH(\".\",D281,SEARCH(\".\",D281)+1)+1,LEN(D281)-SEARCH(\".\",D281,SEARCH(\".\",D281)+1)-(LEN(D281)-(SEARCH(\".\",D281,SEARCH(\".\",D281,SEARCH(\".\",D281)+1)+1)-1)))),\"\")","v":"3"},"6.2.3.1",{"$f":"IF($G281=\"SINAPI\",VLOOKUP($F281,DADOS_SINAPI,2,0),IF(G281=\"SETOP\",VLOOKUP($F281,DADOS_SETOP,2,0),IF(G281=\"CPU\",VLOOKUP($F281,DADOS_COMPOSICAO,2,0),IF(G281=\"SICRO\",VLOOKUP($F281,DADOS_SICRO,2,0),IF(G281=\"SUDECAP\",VLOOKUP(F281,DADOS_SUDECAP,2,0),IF(G281=\"COTAÇÃO\",VLOOKUP($F281,DADOS_COTACAO,2,0),\"\"))))))","v":"FABRICAÇÃO, MONTAGEM E DESMONTAGEM DE FÔRMA PARA VIGA BALDRAME, EM MADEIRA SERRADA, E=25 MM, 4 UTILIZAÇÕES. AF_01/2024"},96536,"SINAPI",{"$f":"IF(G281=\"SINAPI\",VLOOKUP($F281,DADOS_SINAPI,3,0),IF(G281=\"SETOP\",VLOOKUP($F281,DADOS_SETOP,3,0),IF(G281=\"CPU\",VLOOKUP($F281,DADOS_COMPOSICAO,10,0),IF(G281=\"SICRO\",VLOOKUP($F281,DADOS_SICRO,3,0),IF(G281=\"SUDECAP\",VLOOKUP(F281,DADOS_SUDECAP,3,0),IF(G281=\"COTAÇÃO\",VLOOKUP($F281,DADOS_COTACAO,9,0),\"\"))))))","v":"M2"},{"$f":"ROUND(F283,2)","v":233.7},{"$f":"TRUNC(IF(G281=\"SINAPI\",VLOOKUP($F281,DADOS_SINAPI,4,0),IF(G281=\"SETOP\",VLOOKUP($F281,DADOS_SETOP,4,0),IF(G281=\"CPU\",VLOOKUP($F281,DADOS_COMPOSICAO,13,0),IF(G281=\"SICRO\",VLOOKUP($F281,DADOS_SICRO,4,0),IF(G281=\"SUDECAP\",VLOOKUP(F281,DADOS_SUDECAP,4,0),IF(G281=\"COTAÇÃO\",VLOOKUP(F281,DADOS_COTACAO,12,0),\"\")))))),2)","v":61.84},"BDI 1",{"$f":"TRUNC(J281*(1+$N$17),2)","v":78.23},{"$f":"IFERROR(TRUNC(I281*J281,2),\"\")","v":14452},18282.349999999999]
[2000]
[2000,null,null,null,"Total",{"$f":"88.97+26.76+38.94+79.03","v":233.70000000000002},"m²"]
[2000]
[{"$f":"IFERROR(LEFT(D285,SEARCH(\".\",D285)-1),\"\")","v":"6"},{"$f":"IFERROR(LEFT(RIGHT(D285,LEN(D285)-SEARCH(\".\",D285)),SEARCH(\".\",RIGHT(D285,LEN(D285)-SEARCH(\".\",D285)))-1),\"\")","v":"2"},{"$f":"IFERROR(IF(LEN(D285)-LEN(SUBSTITUTE(D285,\".\",\"\"))<>3,\"\",MID(D285,SEARCH(\".\",D285,SEARCH(\".\",D285)+1)+1,LEN(D285)-SEARCH(\".\",D285,SEARCH(\".\",D285)+1)-(LEN(D285)-(SEARCH(\".\",D285,SEARCH(\".\",D285,SEARCH(\".\",D285)+1)+1)-1)))),\"\")","v":"3"},"6.2.3.2",{"$f":"IF($G285=\"SINAPI\",VLOOKUP($F285,DADOS_SINAPI,2,0),IF(G285=\"SETOP\",VLOOKUP($F285,DADOS_SETOP,2,0),IF(G285=\"CPU\",VLOOKUP($F285,DADOS_COMPOSICAO,2,0),IF(G285=\"SICRO\",VLOOKUP($F285,DADOS_SICRO,2,0),IF(G285=\"SUDECAP\",VLOOKUP(F285,DADOS_SUDECAP,2,0),IF(G285=\"COTAÇÃO\",VLOOKUP($F285,DADOS_COTACAO,2,0),\"\"))))))","v":"IMPERMEABILIZAÇÃO DE SUPERFÍCIE COM EMULSÃO ASFÁLTICA, 2 DEMÃOS. AF_09/2023"},98557,"SINAPI",{"$f":"IF(G285=\"SINAPI\",VLOOKUP($F285,DADOS_SINAPI,3,0),IF(G285=\"SETOP\",VLOOKUP($F285,DADOS_SETOP,3,0),IF(G285=\"CPU\",VLOOKUP($F285,DADOS_COMPOSICAO,10,0),IF(G285=\"SICRO\",VLOOKUP($F285,DADOS_SICRO,3,0),IF(G285=\"SUDECAP\",VLOOKUP(F285,DADOS_SUDECAP,3,0),IF(G285=\"COTAÇÃO\",VLOOKUP($F285,DADOS_COTACAO,9,0),\"\"))))))","v":"M2"},{"$f":"ROUND(F287,2)","v":116.85},{"$f":"TRUNC(IF(G285=\"SINAPI\",VLOOKUP($F285,DADOS_SINAPI,4,0),IF(G285=\"SETOP\",VLOOKUP($F285,DADOS_SETOP,4,0),IF(G285=\"CPU\",VLOOKUP($F285,DADOS_COMPOSICAO,13,0),IF(G285=\"SICRO\",VLOOKUP($F285,DADOS_SICRO,4,0),IF(G285=\"SUDECAP\",VLOOKUP(F285,DADOS_SUDECAP,4,0),IF(G285=\"COTAÇÃO\",VLOOKUP(F285,DADOS_COTACAO,12,0),\"\")))))),2)","v":39.840000000000003},"BDI 1",{"$f":"TRUNC(J285*(1+$N$17),2)","v":50.4},{"$f":"IFERROR(TRUNC(I285*J285,2),\"\")","v":4655.3},5889.24]
[2000]
[2000,null,null,null,"Total",{"$f":"F283/2","v":116.85000000000001},"m²"]
[2000]
[{"$f":"IFERROR(LEFT(D289,SEARCH(\".\",D289)-1),\"\")","v":"6"},{"$f":"IFERROR(LEFT(RIGHT(D289,LEN(D289)-SEARCH(\".\",D289)),SEARCH(\".\",RIGHT(D289,LEN(D289)-SEARCH(\".\",D289)))-1),\"\")","v":"2"},{"$f":"IFERROR(IF(LEN(D289)-LEN(SUBSTITUTE(D289,\".\",\"\"))<>3,\"\",MID(D289,SEARCH(\".\",D289,SEARCH(\".\",D289)+1)+1,LEN(D289)-SEARCH(\".\",D289,SEARCH(\".\",D289)+1)-(LEN(D289)-(SEARCH(\".\",D289,SEARCH(\".\",D289,SEARCH(\".\",D289)+1)+1)-1)))),\"\")","v":"3"},"6.2.3.3",{"$f":"IF($G289=\"SINAPI\",VLOOKUP($F289,DADOS_SINAPI,2,0),IF(G289=\"SETOP\",VLOOKUP($F289,DADOS_SETOP,2,0),IF(G289=\"CPU\",VLOOKUP($F289,DADOS_COMPOSICAO,2,0),IF(G289=\"SICRO\",VLOOKUP($F289,DADOS_SICRO,2,0),IF(G289=\"SUDECAP\",VLOOKUP(F289,DADOS_SUDECAP,2,0),IF(G289=\"COTAÇÃO\",VLOOKUP($F289,DADOS_COTACAO,2,0),\"\"))))))","v":"ARMAÇÃO DE SAPATA ISOLADA, VIGA BALDRAME E SAPATA CORRIDA UTILIZANDO AÇO CA-60 DE 5 MM - MONTAGEM. AF_01/2024"},104916,"SINAPI",{"$f":"IF(G289=\"SINAPI\",VLOOKUP($F289,DADOS_SINAPI,3,0),IF(G289=\"SETOP\",VLOOKUP($F289,DADOS_SETOP,3,0),IF(G289=\"CPU\",VLOOKUP($F289,DADOS_COMPOSICAO,10,0),IF(G289=\"SICRO\",VLOOKUP($F289,DADOS_SICRO,3,0),IF(G289=\"SUDECAP\",VLOOKUP(F289,DADOS_SUDECAP,3,0),IF(G289=\"COTAÇÃO\",VLOOKUP($F289,DADOS_COTACAO,9,0),\"\"))))))","v":"KG"},{"$f":"ROUND(F291,2)","v":278.3},{"$f":"TRUNC(IF(G289=\"SINAPI\",VLOOKUP($F289,DADOS_SINAPI,4,0),IF(G289=\"SETOP\",VLOOKUP($F289,DADOS_SETOP,4,0),IF(G289=\"CPU\",VLOOKUP($F289,DADOS_COMPOSICAO,13,0),IF(G289=\"SICRO\",VLOOKUP($F289,DADOS_SICRO,4,0),IF(G289=\"SUDECAP\",VLOOKUP(F289,DADOS_SUDECAP,4,0),IF(G289=\"COTAÇÃO\",VLOOKUP(F289,DADOS_COTACAO,12,0),\"\")))))),2)","v":15.73},"BDI 1",{"$f":"TRUNC(J289*(1+$N$17),2)","v":19.899999999999999},{"$f":"IFERROR(TRUNC(I289*J289,2),\"\")","v":4377.6499999999996},{"$f":"L289*I289","v":5538.17}]
[2000]
[2000,null,null,null,"Total",{"$f":"90.5+34.6+52.6+100.6","v":278.29999999999995},"kg"]
[2000]
[{"$f":"IFERROR(LEFT(D293,SEARCH(\".\",D293)-1),\"\")","v":"6"},{"$f":"IFERROR(LEFT(RIGHT(D293,LEN(D293)-SEARCH(\".\",D293)),SEARCH(\".\",RIGHT(D293,LEN(D293)-SEARCH(\".\",D293)))-1),\"\")","v":"2"},{"$f":"IFERROR(IF(LEN(D293)-LEN(SUBSTITUTE(D293,\".\",\"\"))<>3,\"\",MID(D293,SEARCH(\".\",D293,SEARCH(\".\",D293)+1)+1,LEN(D293)-SEARCH(\".\",D293,SEARCH(\".\",D293)+1)-(LEN(D293)-(SEARCH(\".\",D293,SEARCH(\".\",D293,SEARCH(\".\",D293)+1)+1)-1)))),\"\")","v":"3"},"6.2.3.4",{"$f":"IF($G293=\"SINAPI\",VLOOKUP($F293,DADOS_SINAPI,2,0),IF(G293=\"SETOP\",VLOOKUP($F293,DADOS_SETOP,2,0),IF(G293=\"CPU\",VLOOKUP($F293,DADOS_COMPOSICAO,2,0),IF(G293=\"SICRO\",VLOOKUP($F293,DADOS_SICRO,2,0),IF(G293=\"SUDECAP\",VLOOKUP(F293,DADOS_SUDECAP,2,0),IF(G293=\"COTAÇÃO\",VLOOKUP($F293,DADOS_COTACAO,2,0),\"\"))))))","v":"ARMAÇÃO DE SAPATA ISOLADA, VIGA BALDRAME E SAPATA CORRIDA UTILIZANDO AÇO CA-50 DE 6,3 MM - MONTAGEM. AF_01/2024"},104917,"SINAPI",{"$f":"IF(G293=\"SINAPI\",VLOOKUP($F293,DADOS_SINAPI,3,0),IF(G293=\"SETOP\",VLOOKUP($F293,DADOS_SETOP,3,0),IF(G293=\"CPU\",VLOOKUP($F293,DADOS_COMPOSICAO,10,0),IF(G293=\"SICRO\",VLOOKUP($F293,DADOS_SICRO,3,0),IF(G293=\"SUDECAP\",VLOOKUP(F293,DADOS_SUDECAP,3,0),IF(G293=\"COTAÇÃO\",VLOOKUP($F293,DADOS_COTACAO,9,0),\"\"))))))","v":"KG"},{"$f":"ROUND(F295,2)","v":40.6},{"$f":"TRUNC(IF(G293=\"SINAPI\",VLOOKUP($F293,DADOS_SINAPI,4,0),IF(G293=\"SETOP\",VLOOKUP($F293,DADOS_SETOP,4,0),IF(G293=\"CPU\",VLOOKUP($F293,DADOS_COMPOSICAO,13,0),IF(G293=\"SICRO\",VLOOKUP($F293,DADOS_SICRO,4,0),IF(G293=\"SUDECAP\",VLOOKUP(F293,DADOS_SUDECAP,4,0),IF(G293=\"COTAÇÃO\",VLOOKUP(F293,DADOS_COTACAO,12,0),\"\")))))),2)","v":14.67},"BDI 1",{"$f":"TRUNC(J293*(1+$N$17),2)","v":18.559999999999999},{"$f":"IFERROR(TRUNC(I293*J293,2),\"\")","v":595.6},753.54]
[2000]
[2000,null,null,null,"Total",{"$f":"1+39.6","v":40.6},"kg"]
[2000]
[{"$f":"IFERROR(LEFT(D297,SEARCH(\".\",D297)-1),\"\")","v":"6"},{"$f":"IFERROR(LEFT(RIGHT(D297,LEN(D297)-SEARCH(\".\",D297)),SEARCH(\".\",RIGHT(D297,LEN(D297)-SEARCH(\".\",D297)))-1),\"\")","v":"2"},{"$f":"IFERROR(IF(LEN(D297)-LEN(SUBSTITUTE(D297,\".\",\"\"))<>3,\"\",MID(D297,SEARCH(\".\",D297,SEARCH(\".\",D297)+1)+1,LEN(D297)-SEARCH(\".\",D297,SEARCH(\".\",D297)+1)-(LEN(D297)-(SEARCH(\".\",D297,SEARCH(\".\",D297,SEARCH(\".\",D297)+1)+1)-1)))),\"\")","v":"3"},"6.2.3.5",{"$f":"IF($G297=\"SINAPI\",VLOOKUP($F297,DADOS_SINAPI,2,0),IF(G297=\"SETOP\",VLOOKUP($F297,DADOS_SETOP,2,0),IF(G297=\"CPU\",VLOOKUP($F297,DADOS_COMPOSICAO,2,0),IF(G297=\"SICRO\",VLOOKUP($F297,DADOS_SICRO,2,0),IF(G297=\"SUDECAP\",VLOOKUP(F297,DADOS_SUDECAP,2,0),IF(G297=\"COTAÇÃO\",VLOOKUP($F297,DADOS_COTACAO,2,0),\"\"))))))","v":"ARMAÇÃO DE SAPATA ISOLADA, VIGA BALDRAME E SAPATA CORRIDA UTILIZANDO AÇO CA-50 DE 8 MM - MONTAGEM. AF_01/2024"},104918,"SINAPI",{"$f":"IF(G297=\"SINAPI\",VLOOKUP($F297,DADOS_SINAPI,3,0),IF(G297=\"SETOP\",VLOOKUP($F297,DADOS_SETOP,3,0),IF(G297=\"CPU\",VLOOKUP($F297,DADOS_COMPOSICAO,10,0),IF(G297=\"SICRO\",VLOOKUP($F297,DADOS_SICRO,3,0),IF(G297=\"SUDECAP\",VLOOKUP(F297,DADOS_SUDECAP,3,0),IF(G297=\"COTAÇÃO\",VLOOKUP($F297,DADOS_COTACAO,9,0),\"\"))))))","v":"KG"},{"$f":"ROUND(F299,2)","v":109.5},{"$f":"TRUNC(IF(G297=\"SINAPI\",VLOOKUP($F297,DADOS_SINAPI,4,0),IF(G297=\"SETOP\",VLOOKUP($F297,DADOS_SETOP,4,0),IF(G297=\"CPU\",VLOOKUP($F297,DADOS_COMPOSICAO,13,0),IF(G297=\"SICRO\",VLOOKUP($F297,DADOS_SICRO,4,0),IF(G297=\"SUDECAP\",VLOOKUP(F297,DADOS_SUDECAP,4,0),IF(G297=\"COTAÇÃO\",VLOOKUP(F297,DADOS_COTACAO,12,0),\"\")))))),2)","v":13.64},"BDI 1",{"$f":"TRUNC(J297*(1+$N$17),2)","v":17.25},{"$f":"IFERROR(TRUNC(I297*J297,2),\"\")","v":1493.58},1888.88]
[2000]
[2000,null,null,null,"Total",{"$f":"59.7+49.8","v":109.5},"kg"]
[2000]
[{"$f":"IFERROR(LEFT(D301,SEARCH(\".\",D301)-1),\"\")","v":"6"},{"$f":"IFERROR(LEFT(RIGHT(D301,LEN(D301)-SEARCH(\".\",D301)),SEARCH(\".\",RIGHT(D301,LEN(D301)-SEARCH(\".\",D301)))-1),\"\")","v":"2"},{"$f":"IFERROR(IF(LEN(D301)-LEN(SUBSTITUTE(D301,\".\",\"\"))<>3,\"\",MID(D301,SEARCH(\".\",D301,SEARCH(\".\",D301)+1)+1,LEN(D301)-SEARCH(\".\",D301,SEARCH(\".\",D301)+1)-(LEN(D301)-(SEARCH(\".\",D301,SEARCH(\".\",D301,SEARCH(\".\",D301)+1)+1)-1)))),\"\")","v":"3"},"6.2.3.6",{"$f":"IF($G301=\"SINAPI\",VLOOKUP($F301,DADOS_SINAPI,2,0),IF(G301=\"SETOP\",VLOOKUP($F301,DADOS_SETOP,2,0),IF(G301=\"CPU\",VLOOKUP($F301,DADOS_COMPOSICAO,2,0),IF(G301=\"SICRO\",VLOOKUP($F301,DADOS_SICRO,2,0),IF(G301=\"SUDECAP\",VLOOKUP(F301,DADOS_SUDECAP,2,0),IF(G301=\"COTAÇÃO\",VLOOKUP($F301,DADOS_COTACAO,2,0),\"\"))))))","v":"ARMAÇÃO DE SAPATA ISOLADA, VIGA BALDRAME E SAPATA CORRIDA UTILIZANDO AÇO CA-50 DE 10 MM - MONTAGEM. AF_01/2024"},104919,"SINAPI",{"$f":"IF(G301=\"SINAPI\",VLOOKUP($F301,DADOS_SINAPI,3,0),IF(G301=\"SETOP\",VLOOKUP($F301,DADOS_SETOP,3,0),IF(G301=\"CPU\",VLOOKUP($F301,DADOS_COMPOSICAO,10,0),IF(G301=\"SICRO\",VLOOKUP($F301,DADOS_SICRO,3,0),IF(G301=\"SUDECAP\",VLOOKUP(F301,DADOS_SUDECAP,3,0),IF(G301=\"COTAÇÃO\",VLOOKUP($F301,DADOS_COTACAO,9,0),\"\"))))))","v":"KG"},{"$f":"ROUND(F303,2)","v":373.3},{"$f":"TRUNC(IF(G301=\"SINAPI\",VLOOKUP($F301,DADOS_SINAPI,4,0),IF(G301=\"SETOP\",VLOOKUP($F301,DADOS_SETOP,4,0),IF(G301=\"CPU\",VLOOKUP($F301,DADOS_COMPOSICAO,13,0),IF(G301=\"SICRO\",VLOOKUP($F301,DADOS_SICRO,4,0),IF(G301=\"SUDECAP\",VLOOKUP(F301,DADOS_SUDECAP,4,0),IF(G301=\"COTAÇÃO\",VLOOKUP(F301,DADOS_COTACAO,12,0),\"\")))))),2)","v":12.2},"BDI 1",{"$f":"TRUNC(J301*(1+$N$17),2)","v":15.43},{"$f":"IFERROR(TRUNC(I301*J301,2),\"\")","v":4554.26},5760.02]
[2000]
[2000,null,null,null,"Total",{"$f":"54.3+58.7+129+131.3","v":373.3},"kg"]
[2000]
[{"$f":"IFERROR(LEFT(D305,SEARCH(\".\",D305)-1),\"\")","v":"6"},{"$f":"IFERROR(LEFT(RIGHT(D305,LEN(D305)-SEARCH(\".\",D305)),SEARCH(\".\",RIGHT(D305,LEN(D305)-SEARCH(\".\",D305)))-1),\"\")","v":"2"},{"$f":"IFERROR(IF(LEN(D305)-LEN(SUBSTITUTE(D305,\".\",\"\"))<>3,\"\",MID(D305,SEARCH(\".\",D305,SEARCH(\".\",D305)+1)+1,LEN(D305)-SEARCH(\".\",D305,SEARCH(\".\",D305)+1)-(LEN(D305)-(SEARCH(\".\",D305,SEARCH(\".\",D305,SEARCH(\".\",D305)+1)+1)-1)))),\"\")","v":"3"},"6.2.3.7",{"$f":"IF($G305=\"SINAPI\",VLOOKUP($F305,DADOS_SINAPI,2,0),IF(G305=\"SETOP\",VLOOKUP($F305,DADOS_SETOP,2,0),IF(G305=\"CPU\",VLOOKUP($F305,DADOS_COMPOSICAO,2,0),IF(G305=\"SICRO\",VLOOKUP($F305,DADOS_SICRO,2,0),IF(G305=\"SUDECAP\",VLOOKUP(F305,DADOS_SUDECAP,2,0),IF(G305=\"COTAÇÃO\",VLOOKUP($F305,DADOS_COTACAO,2,0),\"\"))))))","v":"ARMAÇÃO DE BLOCO, SAPATA ISOLADA, VIGA BALDRAME E SAPATA CORRIDA UTILIZANDO AÇO CA-50 DE 12,5 MM - MONTAGEM. AF_01/2024"},104920,"SINAPI",{"$f":"IF(G305=\"SINAPI\",VLOOKUP($F305,DADOS_SINAPI,3,0),IF(G305=\"SETOP\",VLOOKUP($F305,DADOS_SETOP,3,0),IF(G305=\"CPU\",VLOOKUP($F305,DADOS_COMPOSICAO,10,0),IF(G305=\"SICRO\",VLOOKUP($F305,DADOS_SICRO,3,0),IF(G305=\"SUDECAP\",VLOOKUP(F305,DADOS_SUDECAP,3,0),IF(G305=\"COTAÇÃO\",VLOOKUP($F305,DADOS_COTACAO,9,0),\"\"))))))","v":"KG"},{"$f":"ROUND(F307,2)","v":121.3},{"$f":"TRUNC(IF(G305=\"SINAPI\",VLOOKUP($F305,DADOS_SINAPI,4,0),IF(G305=\"SETOP\",VLOOKUP($F305,DADOS_SETOP,4,0),IF(G305=\"CPU\",VLOOKUP($F305,DADOS_COMPOSICAO,13,0),IF(G305=\"SICRO\",VLOOKUP($F305,DADOS_SICRO,4,0),IF(G305=\"SUDECAP\",VLOOKUP(F305,DADOS_SUDECAP,4,0),IF(G305=\"COTAÇÃO\",VLOOKUP(F305,DADOS_COTACAO,12,0),\"\")))))),2)","v":10.35},"BDI 1",{"$f":"TRUNC(J305*(1+$N$17),2)","v":13.09},{"$f":"IFERROR(TRUNC(I305*J305,2),\"\")","v":1255.45},1587.82]
[2000]
[2000,null,null,null,"Total",{"$f":"80.6+40.1+0.6","v":121.29999999999998},"kg"]
[2000]
[{"$f":"IFERROR(LEFT(D309,SEARCH(\".\",D309)-1),\"\")","v":"6"},{"$f":"IFERROR(LEFT(RIGHT(D309,LEN(D309)-SEARCH(\".\",D309)),SEARCH(\".\",RIGHT(D309,LEN(D309)-SEARCH(\".\",D309)))-1),\"\")","v":"2"},{"$f":"IFERROR(IF(LEN(D309)-LEN(SUBSTITUTE(D309,\".\",\"\"))<>3,\"\",MID(D309,SEARCH(\".\",D309,SEARCH(\".\",D309)+1)+1,LEN(D309)-SEARCH(\".\",D309,SEARCH(\".\",D309)+1)-(LEN(D309)-(SEARCH(\".\",D309,SEARCH(\".\",D309,SEARCH(\".\",D309)+1)+1)-1)))),\"\")","v":"3"},"6.2.3.8",{"$f":"IF($G309=\"SINAPI\",VLOOKUP($F309,DADOS_SINAPI,2,0),IF(G309=\"SETOP\",VLOOKUP($F309,DADOS_SETOP,2,0),IF(G309=\"CPU\",VLOOKUP($F309,DADOS_COMPOSICAO,2,0),IF(G309=\"SICRO\",VLOOKUP($F309,DADOS_SICRO,2,0),IF(G309=\"SUDECAP\",VLOOKUP(F309,DADOS_SUDECAP,2,0),IF(G309=\"COTAÇÃO\",VLOOKUP($F309,DADOS_COTACAO,2,0),\"\"))))))","v":"ARMAÇÃO DE BLOCO, SAPATA ISOLADA, VIGA BALDRAME E SAPATA CORRIDA UTILIZANDO AÇO CA-50 DE 16 MM - MONTAGEM. AF_01/2024"},104921,"SINAPI",{"$f":"IF(G309=\"SINAPI\",VLOOKUP($F309,DADOS_SINAPI,3,0),IF(G309=\"SETOP\",VLOOKUP($F309,DADOS_SETOP,3,0),IF(G309=\"CPU\",VLOOKUP($F309,DADOS_COMPOSICAO,10,0),IF(G309=\"SICRO\",VLOOKUP($F309,DADOS_SICRO,3,0),IF(G309=\"SUDECAP\",VLOOKUP(F309,DADOS_SUDECAP,3,0),IF(G309=\"COTAÇÃO\",VLOOKUP($F309,DADOS_COTACAO,9,0),\"\"))))))","v":"KG"},{"$f":"ROUND(F311,2)","v":506},{"$f":"TRUNC(IF(G309=\"SINAPI\",VLOOKUP($F309,DADOS_SINAPI,4,0),IF(G309=\"SETOP\",VLOOKUP($F309,DADOS_SETOP,4,0),IF(G309=\"CPU\",VLOOKUP($F309,DADOS_COMPOSICAO,13,0),IF(G309=\"SICRO\",VLOOKUP($F309,DADOS_SICRO,4,0),IF(G309=\"SUDECAP\",VLOOKUP(F309,DADOS_SUDECAP,4,0),IF(G309=\"COTAÇÃO\",VLOOKUP(F309,DADOS_COTACAO,12,0),\"\")))))),2)","v":9.77},"BDI 1",{"$f":"TRUNC(J309*(1+$N$17),2)","v":12.36},{"$f":"IFERROR(TRUNC(I309*J309,2),\"\")","v":4943.62},6254.16]
[2000]
[2000,null,null,null,"Total",{"$f":"426.6+70.2+9.2","v":506},"kg"]
[2000]
[{"$f":"IFERROR(LEFT(D313,SEARCH(\".\",D313)-1),\"\")","v":"6"},{"$f":"IFERROR(LEFT(RIGHT(D313,LEN(D313)-SEARCH(\".\",D313)),SEARCH(\".\",RIGHT(D313,LEN(D313)-SEARCH(\".\",D313)))-1),\"\")","v":"2"},{"$f":"IFERROR(IF(LEN(D313)-LEN(SUBSTITUTE(D313,\".\",\"\"))<>3,\"\",MID(D313,SEARCH(\".\",D313,SEARCH(\".\",D313)+1)+1,LEN(D313)-SEARCH(\".\",D313,SEARCH(\".\",D313)+1)-(LEN(D313)-(SEARCH(\".\",D313,SEARCH(\".\",D313,SEARCH(\".\",D313)+1)+1)-1)))),\"\")","v":"3"},"6.2.3.9",{"$f":"IF($G313=\"SINAPI\",VLOOKUP($F313,DADOS_SINAPI,2,0),IF(G313=\"SETOP\",VLOOKUP($F313,DADOS_SETOP,2,0),IF(G313=\"CPU\",VLOOKUP($F313,DADOS_COMPOSICAO,2,0),IF(G313=\"SICRO\",VLOOKUP($F313,DADOS_SICRO,2,0),IF(G313=\"SUDECAP\",VLOOKUP(F313,DADOS_SUDECAP,2,0),IF(G313=\"COTAÇÃO\",VLOOKUP($F313,DADOS_COTACAO,2,0),\"\"))))))","v":"CONCRETAGEM DE BLOCO DE COROAMENTO OU VIGA BALDRAME, FCK 30 MPA, COM USO DE BOMBA - LANÇAMENTO, ADENSAMENTO E ACABAMENTO. AF_01/2024"},96557,"SINAPI",{"$f":"IF(G313=\"SINAPI\",VLOOKUP($F313,DADOS_SINAPI,3,0),IF(G313=\"SETOP\",VLOOKUP($F313,DADOS_SETOP,3,0),IF(G313=\"CPU\",VLOOKUP($F313,DADOS_COMPOSICAO,10,0),IF(G313=\"SICRO\",VLOOKUP($F313,DADOS_SICRO,3,0),IF(G313=\"SUDECAP\",VLOOKUP(F313,DADOS_SUDECAP,3,0),IF(G313=\"COTAÇÃO\",VLOOKUP($F313,DADOS_COTACAO,9,0),\"\"))))))","v":"M3"},{"$f":"ROUND(F315,2)","v":18.100000000000001},{"$f":"TRUNC(IF(G313=\"SINAPI\",VLOOKUP($F313,DADOS_SINAPI,4,0),IF(G313=\"SETOP\",VLOOKUP($F313,DADOS_SETOP,4,0),IF(G313=\"CPU\",VLOOKUP($F313,DADOS_COMPOSICAO,13,0),IF(G313=\"SICRO\",VLOOKUP($F313,DADOS_SICRO,4,0),IF(G313=\"SUDECAP\",VLOOKUP(F313,DADOS_SUDECAP,4,0),IF(G313=\"COTAÇÃO\",VLOOKUP(F313,DADOS_COTACAO,12,0),\"\")))))),2)","v":822.94},"BDI 1",{"$f":"TRUNC(J313*(1+$N$17),2)","v":1041.18},{"$f":"IFERROR(TRUNC(I313*J313,2),\"\")","v":14895.21},18845.36]
[2000]
[2000,null,null,null,"Total",{"$f":"6.69+2.14+3.96+5.31","v":18.099999999999998},"m³"]
[2000]
[null,null,null,"6.3","SUPERESTRUTURA",null,null,null,null,null,null,null,{"$f":"IFERROR(SUMIFS(M:M,A:A,LEFT(D317,SEARCH(\".\",D317)-1),B:B,RIGHT(D317,LEN(D317)-SEARCH(\".\",D317))),\"\")","v":586656.25},{"$f":"IFERROR(SUMIFS(N:N,A:A,LEFT(D317,SEARCH(\".\",D317)-1),B:B,RIGHT(D317,LEN(D317)-SEARCH(\".\",D317))),\"\")","v":742187.66000000015}]
[null,null,null,"6.3.1","VIGAS",null,null,null,null,null,null,null,{"$f":"IFERROR(SUMIFS(M:M,A:A,LEFT(D318,SEARCH(\".\",D318)-1),B:B,LEFT(RIGHT(D318,LEN(D318)-SEARCH(\".\",D318)),SEARCH(\".\",RIGHT(D318,LEN(D318)-SEARCH(\".\",D318)))-1),C:C,RIGHT(D318,LEN(D318)-SEARCH(\".\",D318,SEARCH(\".\",D318)+1))),\"\")","v":267509.26999999996},{"$f":"IFERROR(SUMIFS(N:N,A:A,LEFT(D318,SEARCH(\".\",D318)-1),B:B,LEFT(RIGHT(D318,LEN(D318)-SEARCH(\".\",D318)),SEARCH(\".\",RIGHT(D318,LEN(D318)-SEARCH(\".\",D318)))-1),C:C,RIGHT(D318,LEN(D318)-SEARCH(\".\",D318,SEARCH(\".\",D318)+1))),\"\")","v":338428}]
[{"$f":"IFERROR(LEFT(D319,SEARCH(\".\",D319)-1),\"\")","v":"6"},{"$f":"IFERROR(LEFT(RIGHT(D319,LEN(D319)-SEARCH(\".\",D319)),SEARCH(\".\",RIGHT(D319,LEN(D319)-SEARCH(\".\",D319)))-1),\"\")","v":"3"},{"$f":"IFERROR(IF(LEN(D319)-LEN(SUBSTITUTE(D319,\".\",\"\"))<>3,\"\",MID(D319,SEARCH(\".\",D319,SEARCH(\".\",D319)+1)+1,LEN(D319)-SEARCH(\".\",D319,SEARCH(\".\",D319)+1)-(LEN(D319)-(SEARCH(\".\",D319,SEARCH(\".\",D319,SEARCH(\".\",D319)+1)+1)-1)))),\"\")","v":"1"},"6.3.1.1",{"$f":"IF($G319=\"SINAPI\",VLOOKUP($F319,DADOS_SINAPI,2,0),IF(G319=\"SETOP\",VLOOKUP($F319,DADOS_SETOP,2,0),IF(G319=\"CPU\",VLOOKUP($F319,DADOS_COMPOSICAO,2,0),IF(G319=\"SICRO\",VLOOKUP($F319,DADOS_SICRO,2,0),IF(G319=\"SUDECAP\",VLOOKUP(F319,DADOS_SUDECAP,2,0),IF(G319=\"COTAÇÃO\",VLOOKUP($F319,DADOS_COTACAO,2,0),\"\"))))))","v":"MONTAGEM E DESMONTAGEM DE FÔRMA DE VIGA, ESCORAMENTO COM GARFO DE MADEIRA, PÉ-DIREITO DUPLO, EM CHAPA DE MADEIRA RESINADA, 4 UTILIZAÇÕES. AF_09/2020"},92453,"SINAPI",{"$f":"IF(G319=\"SINAPI\",VLOOKUP($F319,DADOS_SINAPI,3,0),IF(G319=\"SETOP\",VLOOKUP($F319,DADOS_SETOP,3,0),IF(G319=\"CPU\",VLOOKUP($F319,DADOS_COMPOSICAO,10,0),IF(G319=\"SICRO\",VLOOKUP($F319,DADOS_SICRO,3,0),IF(G319=\"SUDECAP\",VLOOKUP(F319,DADOS_SUDECAP,3,0),IF(G319=\"COTAÇÃO\",VLOOKUP($F319,DADOS_COTACAO,9,0),\"\"))))))","v":"M2"},{"$f":"ROUND(F321,2)","v":694.36},{"$f":"TRUNC(IF(G319=\"SINAPI\",VLOOKUP($F319,DADOS_SINAPI,4,0),IF(G319=\"SETOP\",VLOOKUP($F319,DADOS_SETOP,4,0),IF(G319=\"CPU\",VLOOKUP($F319,DADOS_COMPOSICAO,13,0),IF(G319=\"SICRO\",VLOOKUP($F319,DADOS_SICRO,4,0),IF(G319=\"SUDECAP\",VLOOKUP(F319,DADOS_SUDECAP,4,0),IF(G319=\"COTAÇÃO\",VLOOKUP(F319,DADOS_COTACAO,12,0),\"\")))))),2)","v":233.95},"BDI 1",{"$f":"TRUNC(J319*(1+$N$17),2)","v":295.99},{"$f":"IFERROR(TRUNC(I319*J319,2),\"\")","v":162445.51999999999},205523.62]
[2000]
[2000,null,null,null,"Total",{"$f":"140.76+284.91+268.69","v":694.36},"m²"]
[2000]
[{"$f":"IFERROR(LEFT(D323,SEARCH(\".\",D323)-1),\"\")","v":"6"},{"$f":"IFERROR(LEFT(RIGHT(D323,LEN(D323)-SEARCH(\".\",D323)),SEARCH(\".\",RIGHT(D323,LEN(D323)-SEARCH(\".\",D323)))-1),\"\")","v":"3"},{"$f":"IFERROR(IF(LEN(D323)-LEN(SUBSTITUTE(D323,\".\",\"\"))<>3,\"\",MID(D323,SEARCH(\".\",D323,SEARCH(\".\",D323)+1)+1,LEN(D323)-SEARCH(\".\",D323,SEARCH(\".\",D323)+1)-(LEN(D323)-(SEARCH(\".\",D323,SEARCH(\".\",D323,SEARCH(\".\",D323)+1)+1)-1)))),\"\")","v":"1"},"6.3.1.2",{"$f":"IF($G323=\"SINAPI\",VLOOKUP($F323,DADOS_SINAPI,2,0),IF(G323=\"SETOP\",VLOOKUP($F323,DADOS_SETOP,2,0),IF(G323=\"CPU\",VLOOKUP($F323,DADOS_COMPOSICAO,2,0),IF(G323=\"SICRO\",VLOOKUP($F323,DADOS_SICRO,2,0),IF(G323=\"SUDECAP\",VLOOKUP(F323,DADOS_SUDECAP,2,0),IF(G323=\"COTAÇÃO\",VLOOKUP($F323,DADOS_COTACAO,2,0),\"\"))))))","v":"ARMAÇÃO DE PILAR OU VIGA DE ESTRUTURA CONVENCIONAL DE CONCRETO ARMADO UTILIZANDO AÇO CA-60 DE 5,0 MM - MONTAGEM. AF_06/2022"},92759,"SINAPI",{"$f":"IF(G323=\"SINAPI\",VLOOKUP($F323,DADOS_SINAPI,3,0),IF(G323=\"SETOP\",VLOOKUP($F323,DADOS_SETOP,3,0),IF(G323=\"CPU\",VLOOKUP($F323,DADOS_COMPOSICAO,10,0),IF(G323=\"SICRO\",VLOOKUP($F323,DADOS_SICRO,3,0),IF(G323=\"SUDECAP\",VLOOKUP(F323,DADOS_SUDECAP,3,0),IF(G323=\"COTAÇÃO\",VLOOKUP($F323,DADOS_COTACAO,9,0),\"\"))))))","v":"KG"},{"$f":"ROUND(F325,2)","v":1099.3},{"$f":"TRUNC(IF(G323=\"SINAPI\",VLOOKUP($F323,DADOS_SINAPI,4,0),IF(G323=\"SETOP\",VLOOKUP($F323,DADOS_SETOP,4,0),IF(G323=\"CPU\",VLOOKUP($F323,DADOS_COMPOSICAO,13,0),IF(G323=\"SICRO\",VLOOKUP($F323,DADOS_SICRO,4,0),IF(G323=\"SUDECAP\",VLOOKUP(F323,DADOS_SUDECAP,4,0),IF(G323=\"COTAÇÃO\",VLOOKUP(F323,DADOS_COTACAO,12,0),\"\")))))),2)","v":13.36},"BDI 1",{"$f":"TRUNC(J323*(1+$N$17),2)","v":16.899999999999999},{"$f":"IFERROR(TRUNC(I323*J323,2),\"\")","v":14686.64},{"$f":"L323*I323","v":18578.169999999998}]
[2000]
[2000,null,null,null,"Total",{"$f":"199.5+487.4+412.4","v":1099.3},"kg"]
[2000]
[{"$f":"IFERROR(LEFT(D327,SEARCH(\".\",D327)-1),\"\")","v":"6"},{"$f":"IFERROR(LEFT(RIGHT(D327,LEN(D327)-SEARCH(\".\",D327)),SEARCH(\".\",RIGHT(D327,LEN(D327)-SEARCH(\".\",D327)))-1),\"\")","v":"3"},{"$f":"IFERROR(IF(LEN(D327)-LEN(SUBSTITUTE(D327,\".\",\"\"))<>3,\"\",MID(D327,SEARCH(\".\",D327,SEARCH(\".\",D327)+1)+1,LEN(D327)-SEARCH(\".\",D327,SEARCH(\".\",D327)+1)-(LEN(D327)-(SEARCH(\".\",D327,SEARCH(\".\",D327,SEARCH(\".\",D327)+1)+1)-1)))),\"\")","v":"1"},"6.3.1.3",{"$f":"IF($G327=\"SINAPI\",VLOOKUP($F327,DADOS_SINAPI,2,0),IF(G327=\"SETOP\",VLOOKUP($F327,DADOS_SETOP,2,0),IF(G327=\"CPU\",VLOOKUP($F327,DADOS_COMPOSICAO,2,0),IF(G327=\"SICRO\",VLOOKUP($F327,DADOS_SICRO,2,0),IF(G327=\"SUDECAP\",VLOOKUP(F327,DADOS_SUDECAP,2,0),IF(G327=\"COTAÇÃO\",VLOOKUP($F327,DADOS_COTACAO,2,0),\"\"))))))","v":"ARMAÇÃO DE PILAR OU VIGA DE ESTRUTURA CONVENCIONAL DE CONCRETO ARMADO UTILIZANDO AÇO CA-50 DE 6,3 MM - MONTAGEM. AF_06/2022"},92760,"SINAPI",{"$f":"IF(G327=\"SINAPI\",VLOOKUP($F327,DADOS_SINAPI,3,0),IF(G327=\"SETOP\",VLOOKUP($F327,DADOS_SETOP,3,0),IF(G327=\"CPU\",VLOOKUP($F327,DADOS_COMPOSICAO,10,0),IF(G327=\"SICRO\",VLOOKUP($F327,DADOS_SICRO,3,0),IF(G327=\"SUDECAP\",VLOOKUP(F327,DADOS_SUDECAP,3,0),IF(G327=\"COTAÇÃO\",VLOOKUP($F327,DADOS_COTACAO,9,0),\"\"))))))","v":"KG"},{"$f":"ROUND(F329,2)","v":512.79999999999995},{"$f":"TRUNC(IF(G327=\"SINAPI\",VLOOKUP($F327,DADOS_SINAPI,4,0),IF(G327=\"SETOP\",VLOOKUP($F327,DADOS_SETOP,4,0),IF(G327=\"CPU\",VLOOKUP($F327,DADOS_COMPOSICAO,13,0),IF(G327=\"SICRO\",VLOOKUP($F327,DADOS_SICRO,4,0),IF(G327=\"SUDECAP\",VLOOKUP(F327,DADOS_SUDECAP,4,0),IF(G327=\"COTAÇÃO\",VLOOKUP(F327,DADOS_COTACAO,12,0),\"\")))))),2)","v":12.66},"BDI 1",{"$f":"TRUNC(J327*(1+$N$17),2)","v":16.010000000000002},{"$f":"IFERROR(TRUNC(I327*J327,2),\"\")","v":6492.04},8209.93]
[2000]
[2000,null,null,null,"Total",{"$f":"3.1+225+284.7","v":512.79999999999995},"kg"]
[2000]
[{"$f":"IFERROR(LEFT(D331,SEARCH(\".\",D331)-1),\"\")","v":"6"},{"$f":"IFERROR(LEFT(RIGHT(D331,LEN(D331)-SEARCH(\".\",D331)),SEARCH(\".\",RIGHT(D331,LEN(D331)-SEARCH(\".\",D331)))-1),\"\")","v":"3"},{"$f":"IFERROR(IF(LEN(D331)-LEN(SUBSTITUTE(D331,\".\",\"\"))<>3,\"\",MID(D331,SEARCH(\".\",D331,SEARCH(\".\",D331)+1)+1,LEN(D331)-SEARCH(\".\",D331,SEARCH(\".\",D331)+1)-(LEN(D331)-(SEARCH(\".\",D331,SEARCH(\".\",D331,SEARCH(\".\",D331)+1)+1)-1)))),\"\")","v":"1"},"6.3.1.4",{"$f":"IF($G331=\"SINAPI\",VLOOKUP($F331,DADOS_SINAPI,2,0),IF(G331=\"SETOP\",VLOOKUP($F331,DADOS_SETOP,2,0),IF(G331=\"CPU\",VLOOKUP($F331,DADOS_COMPOSICAO,2,0),IF(G331=\"SICRO\",VLOOKUP($F331,DADOS_SICRO,2,0),IF(G331=\"SUDECAP\",VLOOKUP(F331,DADOS_SUDECAP,2,0),IF(G331=\"COTAÇÃO\",VLOOKUP($F331,DADOS_COTACAO,2,0),\"\"))))))","v":"ARMAÇÃO DE PILAR OU VIGA DE ESTRUTURA CONVENCIONAL DE CONCRETO ARMADO UTILIZANDO AÇO CA-50 DE 8,0 MM - MONTAGEM. AF_06/2022"},92761,"SINAPI",{"$f":"IF(G331=\"SINAPI\",VLOOKUP($F331,DADOS_SINAPI,3,0),IF(G331=\"SETOP\",VLOOKUP($F331,DADOS_SETOP,3,0),IF(G331=\"CPU\",VLOOKUP($F331,DADOS_COMPOSICAO,10,0),IF(G331=\"SICRO\",VLOOKUP($F331,DADOS_SICRO,3,0),IF(G331=\"SUDECAP\",VLOOKUP(F331,DADOS_SUDECAP,3,0),IF(G331=\"COTAÇÃO\",VLOOKUP($F331,DADOS_COTACAO,9,0),\"\"))))))","v":"KG"},{"$f":"ROUND(F333,2)","v":372.9},{"$f":"TRUNC(IF(G331=\"SINAPI\",VLOOKUP($F331,DADOS_SINAPI,4,0),IF(G331=\"SETOP\",VLOOKUP($F331,DADOS_SETOP,4,0),IF(G331=\"CPU\",VLOOKUP($F331,DADOS_COMPOSICAO,13,0),IF(G331=\"SICRO\",VLOOKUP($F331,DADOS_SICRO,4,0),IF(G331=\"SUDECAP\",VLOOKUP(F331,DADOS_SUDECAP,4,0),IF(G331=\"COTAÇÃO\",VLOOKUP(F331,DADOS_COTACAO,12,0),\"\")))))),2)","v":11.93},"BDI 1",{"$f":"TRUNC(J331*(1+$N$17),2)","v":15.09},{"$f":"IFERROR(TRUNC(I331*J331,2),\"\")","v":4448.6899999999996},5627.06]
[2000]
[2000,null,null,null,"Total",{"$f":"21.2+158.8+192.9","v":372.9},"kg"]
[2000]
[{"$f":"IFERROR(LEFT(D335,SEARCH(\".\",D335)-1),\"\")","v":"6"},{"$f":"IFERROR(LEFT(RIGHT(D335,LEN(D335)-SEARCH(\".\",D335)),SEARCH(\".\",RIGHT(D335,LEN(D335)-SEARCH(\".\",D335)))-1),\"\")","v":"3"},{"$f":"IFERROR(IF(LEN(D335)-LEN(SUBSTITUTE(D335,\".\",\"\"))<>3,\"\",MID(D335,SEARCH(\".\",D335,SEARCH(\".\",D335)+1)+1,LEN(D335)-SEARCH(\".\",D335,SEARCH(\".\",D335)+1)-(LEN(D335)-(SEARCH(\".\",D335,SEARCH(\".\",D335,SEARCH(\".\",D335)+1)+1)-1)))),\"\")","v":"1"},"6.3.1.5",{"$f":"IF($G335=\"SINAPI\",VLOOKUP($F335,DADOS_SINAPI,2,0),IF(G335=\"SETOP\",VLOOKUP($F335,DADOS_SETOP,2,0),IF(G335=\"CPU\",VLOOKUP($F335,DADOS_COMPOSICAO,2,0),IF(G335=\"SICRO\",VLOOKUP($F335,DADOS_SICRO,2,0),IF(G335=\"SUDECAP\",VLOOKUP(F335,DADOS_SUDECAP,2,0),IF(G335=\"COTAÇÃO\",VLOOKUP($F335,DADOS_COTACAO,2,0),\"\"))))))","v":"ARMAÇÃO DE PILAR OU VIGA DE ESTRUTURA CONVENCIONAL DE CONCRETO ARMADO UTILIZANDO AÇO CA-50 DE 10,0 MM - MONTAGEM. AF_06/2022"},92762,"SINAPI",{"$f":"IF(G335=\"SINAPI\",VLOOKUP($F335,DADOS_SINAPI,3,0),IF(G335=\"SETOP\",VLOOKUP($F335,DADOS_SETOP,3,0),IF(G335=\"CPU\",VLOOKUP($F335,DADOS_COMPOSICAO,10,0),IF(G335=\"SICRO\",VLOOKUP($F335,DADOS_SICRO,3,0),IF(G335=\"SUDECAP\",VLOOKUP(F335,DADOS_SUDECAP,3,0),IF(G335=\"COTAÇÃO\",VLOOKUP($F335,DADOS_COTACAO,9,0),\"\"))))))","v":"KG"},{"$f":"ROUND(F337,2)","v":1588.8},{"$f":"TRUNC(IF(G335=\"SINAPI\",VLOOKUP($F335,DADOS_SINAPI,4,0),IF(G335=\"SETOP\",VLOOKUP($F335,DADOS_SETOP,4,0),IF(G335=\"CPU\",VLOOKUP($F335,DADOS_COMPOSICAO,13,0),IF(G335=\"SICRO\",VLOOKUP($F335,DADOS_SICRO,4,0),IF(G335=\"SUDECAP\",VLOOKUP(F335,DADOS_SUDECAP,4,0),IF(G335=\"COTAÇÃO\",VLOOKUP(F335,DADOS_COTACAO,12,0),\"\")))))),2)","v":10.68},"BDI 1",{"$f":"TRUNC(J335*(1+$N$17),2)","v":13.51},{"$f":"IFERROR(TRUNC(I335*J335,2),\"\")","v":16968.38},21464.69]
[2000]
[2000,null,null,null,"Total",{"$f":"377.9+702.2+508.7","v":1588.8},"kg"]
[2000]
[{"$f":"IFERROR(LEFT(D339,SEARCH(\".\",D339)-1),\"\")","v":"6"},{"$f":"IFERROR(LEFT(RIGHT(D339,LEN(D339)-SEARCH(\".\",D339)),SEARCH(\".\",RIGHT(D339,LEN(D339)-SEARCH(\".\",D339)))-1),\"\")","v":"3"},{"$f":"IFERROR(IF(LEN(D339)-LEN(SUBSTITUTE(D339,\".\",\"\"))<>3,\"\",MID(D339,SEARCH(\".\",D339,SEARCH(\".\",D339)+1)+1,LEN(D339)-SEARCH(\".\",D339,SEARCH(\".\",D339)+1)-(LEN(D339)-(SEARCH(\".\",D339,SEARCH(\".\",D339,SEARCH(\".\",D339)+1)+1)-1)))),\"\")","v":"1"},"6.3.1.6",{"$f":"IF($G339=\"SINAPI\",VLOOKUP($F339,DADOS_SINAPI,2,0),IF(G339=\"SETOP\",VLOOKUP($F339,DADOS_SETOP,2,0),IF(G339=\"CPU\",VLOOKUP($F339,DADOS_COMPOSICAO,2,0),IF(G339=\"SICRO\",VLOOKUP($F339,DADOS_SICRO,2,0),IF(G339=\"SUDECAP\",VLOOKUP(F339,DADOS_SUDECAP,2,0),IF(G339=\"COTAÇÃO\",VLOOKUP($F339,DADOS_COTACAO,2,0),\"\"))))))","v":"ARMAÇÃO DE PILAR OU VIGA DE ESTRUTURA CONVENCIONAL DE CONCRETO ARMADO UTILIZANDO AÇO CA-50 DE 12,5 MM - MONTAGEM. AF_06/2022"},92763,"SINAPI",{"$f":"IF(G339=\"SINAPI\",VLOOKUP($F339,DADOS_SINAPI,3,0),IF(G339=\"SETOP\",VLOOKUP($F339,DADOS_SETOP,3,0),IF(G339=\"CPU\",VLOOKUP($F339,DADOS_COMPOSICAO,10,0),IF(G339=\"SICRO\",VLOOKUP($F339,DADOS_SICRO,3,0),IF(G339=\"SUDECAP\",VLOOKUP(F339,DADOS_SUDECAP,3,0),IF(G339=\"COTAÇÃO\",VLOOKUP($F339,DADOS_COTACAO,9,0),\"\"))))))","v":"KG"},{"$f":"ROUND(F341,2)","v":956.1},{"$f":"TRUNC(IF(G339=\"SINAPI\",VLOOKUP($F339,DADOS_SINAPI,4,0),IF(G339=\"SETOP\",VLOOKUP($F339,DADOS_SETOP,4,0),IF(G339=\"CPU\",VLOOKUP($F339,DADOS_COMPOSICAO,13,0),IF(G339=\"SICRO\",VLOOKUP($F339,DADOS_SICRO,4,0),IF(G339=\"SUDECAP\",VLOOKUP(F339,DADOS_SUDECAP,4,0),IF(G339=\"COTAÇÃO\",VLOOKUP(F339,DADOS_COTACAO,12,0),\"\")))))),2)","v":8.9700000000000006},"BDI 1",{"$f":"TRUNC(J339*(1+$N$17),2)","v":11.34},{"$f":"IFERROR(TRUNC(I339*J339,2),\"\")","v":8576.2099999999991},10842.17]
[2000]
[2000,null,null,null,"Total",{"$f":"394.2+425.5+136.4","v":956.1},"kg"]
[2000]
[{"$f":"IFERROR(LEFT(D343,SEARCH(\".\",D343)-1),\"\")","v":"6"},{"$f":"IFERROR(LEFT(RIGHT(D343,LEN(D343)-SEARCH(\".\",D343)),SEARCH(\".\",RIGHT(D343,LEN(D343)-SEARCH(\".\",D343)))-1),\"\")","v":"3"},{"$f":"IFERROR(IF(LEN(D343)-LEN(SUBSTITUTE(D343,\".\",\"\"))<>3,\"\",MID(D343,SEARCH(\".\",D343,SEARCH(\".\",D343)+1)+1,LEN(D343)-SEARCH(\".\",D343,SEARCH(\".\",D343)+1)-(LEN(D343)-(SEARCH(\".\",D343,SEARCH(\".\",D343,SEARCH(\".\",D343)+1)+1)-1)))),\"\")","v":"1"},"6.3.1.7",{"$f":"IF($G343=\"SINAPI\",VLOOKUP($F343,DADOS_SINAPI,2,0),IF(G343=\"SETOP\",VLOOKUP($F343,DADOS_SETOP,2,0),IF(G343=\"CPU\",VLOOKUP($F343,DADOS_COMPOSICAO,2,0),IF(G343=\"SICRO\",VLOOKUP($F343,DADOS_SICRO,2,0),IF(G343=\"SUDECAP\",VLOOKUP(F343,DADOS_SUDECAP,2,0),IF(G343=\"COTAÇÃO\",VLOOKUP($F343,DADOS_COTACAO,2,0),\"\"))))))","v":"ARMAÇÃO DE PILAR OU VIGA DE ESTRUTURA CONVENCIONAL DE CONCRETO ARMADO UTILIZANDO AÇO CA-50 DE 16,0 MM - MONTAGEM. AF_06/2022"},92764,"SINAPI",{"$f":"IF(G343=\"SINAPI\",VLOOKUP($F343,DADOS_SINAPI,3,0),IF(G343=\"SETOP\",VLOOKUP($F343,DADOS_SETOP,3,0),IF(G343=\"CPU\",VLOOKUP($F343,DADOS_COMPOSICAO,10,0),IF(G343=\"SICRO\",VLOOKUP($F343,DADOS_SICRO,3,0),IF(G343=\"SUDECAP\",VLOOKUP(F343,DADOS_SUDECAP,3,0),IF(G343=\"COTAÇÃO\",VLOOKUP($F343,DADOS_COTACAO,9,0),\"\"))))))","v":"KG"},{"$f":"ROUND(F345,2)","v":285.5},{"$f":"TRUNC(IF(G343=\"SINAPI\",VLOOKUP($F343,DADOS_SINAPI,4,0),IF(G343=\"SETOP\",VLOOKUP($F343,DADOS_SETOP,4,0),IF(G343=\"CPU\",VLOOKUP($F343,DADOS_COMPOSICAO,13,0),IF(G343=\"SICRO\",VLOOKUP($F343,DADOS_SICRO,4,0),IF(G343=\"SUDECAP\",VLOOKUP(F343,DADOS_SUDECAP,4,0),IF(G343=\"COTAÇÃO\",VLOOKUP(F343,DADOS_COTACAO,12,0),\"\")))))),2)","v":8.69},"BDI 1",{"$f":"TRUNC(J343*(1+$N$17),2)","v":10.99},{"$f":"IFERROR(TRUNC(I343*J343,2),\"\")","v":2480.9899999999998},3137.65]
[2000]
[2000,null,null,null,"Total",{"$f":"285.5","v":285.5},"kg"]
[2000]
[{"$f":"IFERROR(LEFT(D347,SEARCH(\".\",D347)-1),\"\")","v":"6"},{"$f":"IFERROR(LEFT(RIGHT(D347,LEN(D347)-SEARCH(\".\",D347)),SEARCH(\".\",RIGHT(D347,LEN(D347)-SEARCH(\".\",D347)))-1),\"\")","v":"3"},{"$f":"IFERROR(IF(LEN(D347)-LEN(SUBSTITUTE(D347,\".\",\"\"))<>3,\"\",MID(D347,SEARCH(\".\",D347,SEARCH(\".\",D347)+1)+1,LEN(D347)-SEARCH(\".\",D347,SEARCH(\".\",D347)+1)-(LEN(D347)-(SEARCH(\".\",D347,SEARCH(\".\",D347,SEARCH(\".\",D347)+1)+1)-1)))),\"\")","v":"1"},"6.3.1.8",{"$f":"IF($G347=\"SINAPI\",VLOOKUP($F347,DADOS_SINAPI,2,0),IF(G347=\"SETOP\",VLOOKUP($F347,DADOS_SETOP,2,0),IF(G347=\"CPU\",VLOOKUP($F347,DADOS_COMPOSICAO,2,0),IF(G347=\"SICRO\",VLOOKUP($F347,DADOS_SICRO,2,0),IF(G347=\"SUDECAP\",VLOOKUP(F347,DADOS_SUDECAP,2,0),IF(G347=\"COTAÇÃO\",VLOOKUP($F347,DADOS_COTACAO,2,0),\"\"))))))","v":"ARMAÇÃO DE PILAR OU VIGA DE ESTRUTURA CONVENCIONAL DE CONCRETO ARMADO UTILIZANDO AÇO CA-50 DE 20,0 MM - MONTAGEM. AF_06/2022"},92765,"SINAPI",{"$f":"IF(G347=\"SINAPI\",VLOOKUP($F347,DADOS_SINAPI,3,0),IF(G347=\"SETOP\",VLOOKUP($F347,DADOS_SETOP,3,0),IF(G347=\"CPU\",VLOOKUP($F347,DADOS_COMPOSICAO,10,0),IF(G347=\"SICRO\",VLOOKUP($F347,DADOS_SICRO,3,0),IF(G347=\"SUDECAP\",VLOOKUP(F347,DADOS_SUDECAP,3,0),IF(G347=\"COTAÇÃO\",VLOOKUP($F347,DADOS_COTACAO,9,0),\"\"))))))","v":"KG"},{"$f":"ROUND(F349,2)","v":126.7},{"$f":"TRUNC(IF(G347=\"SINAPI\",VLOOKUP($F347,DADOS_SINAPI,4,0),IF(G347=\"SETOP\",VLOOKUP($F347,DADOS_SETOP,4,0),IF(G347=\"CPU\",VLOOKUP($F347,DADOS_COMPOSICAO,13,0),IF(G347=\"SICRO\",VLOOKUP($F347,DADOS_SICRO,4,0),IF(G347=\"SUDECAP\",VLOOKUP(F347,DADOS_SUDECAP,4,0),IF(G347=\"COTAÇÃO\",VLOOKUP(F347,DADOS_COTACAO,12,0),\"\")))))),2)","v":9.92},"BDI 1",{"$f":"TRUNC(J347*(1+$N$17),2)","v":12.55},{"$f":"IFERROR(TRUNC(I347*J347,2),\"\")","v":1256.8599999999999},1590.09]
[2000]
[2000,null,null,null,"Total",{"$f":"126.7","v":126.7},"kg"]
[2000]
[{"$f":"IFERROR(LEFT(D351,SEARCH(\".\",D351)-1),\"\")","v":"6"},{"$f":"IFERROR(LEFT(RIGHT(D351,LEN(D351)-SEARCH(\".\",D351)),SEARCH(\".\",RIGHT(D351,LEN(D351)-SEARCH(\".\",D351)))-1),\"\")","v":"3"},{"$f":"IFERROR(IF(LEN(D351)-LEN(SUBSTITUTE(D351,\".\",\"\"))<>3,\"\",MID(D351,SEARCH(\".\",D351,SEARCH(\".\",D351)+1)+1,LEN(D351)-SEARCH(\".\",D351,SEARCH(\".\",D351)+1)-(LEN(D351)-(SEARCH(\".\",D351,SEARCH(\".\",D351,SEARCH(\".\",D351)+1)+1)-1)))),\"\")","v":"1"},"6.3.1.9",{"$f":"IF($G351=\"SINAPI\",VLOOKUP($F351,DADOS_SINAPI,2,0),IF(G351=\"SETOP\",VLOOKUP($F351,DADOS_SETOP,2,0),IF(G351=\"CPU\",VLOOKUP($F351,DADOS_COMPOSICAO,2,0),IF(G351=\"SICRO\",VLOOKUP($F351,DADOS_SICRO,2,0),IF(G351=\"SUDECAP\",VLOOKUP(F351,DADOS_SUDECAP,2,0),IF(G351=\"COTAÇÃO\",VLOOKUP($F351,DADOS_COTACAO,2,0),\"\"))))))","v":"CONCRETAGEM DE VIGAS E LAJES, FCK=30 MPA, PARA LAJES PREMOLDADAS COM USO DE BOMBA - LANÇAMENTO, ADENSAMENTO E ACABAMENTO."},"EST-007","CPU",{"$f":"IF(G351=\"SINAPI\",VLOOKUP($F351,DADOS_SINAPI,3,0),IF(G351=\"SETOP\",VLOOKUP($F351,DADOS_SETOP,3,0),IF(G351=\"CPU\",VLOOKUP($F351,DADOS_COMPOSICAO,10,0),IF(G351=\"SICRO\",VLOOKUP($F351,DADOS_SICRO,3,0),IF(G351=\"SUDECAP\",VLOOKUP(F351,DADOS_SUDECAP,3,0),IF(G351=\"COTAÇÃO\",VLOOKUP($F351,DADOS_COTACAO,9,0),\"\"))))))","v":"M3    "},{"$f":"ROUND(F353,2)","v":64.510000000000005},{"$f":"TRUNC(IF(G351=\"SINAPI\",VLOOKUP($F351,DADOS_SINAPI,4,0),IF(G351=\"SETOP\",VLOOKUP($F351,DADOS_SETOP,4,0),IF(G351=\"CPU\",VLOOKUP($F351,DADOS_COMPOSICAO,13,0),IF(G351=\"SICRO\",VLOOKUP($F351,DADOS_SICRO,4,0),IF(G351=\"SUDECAP\",VLOOKUP(F351,DADOS_SUDECAP,4,0),IF(G351=\"COTAÇÃO\",VLOOKUP(F351,DADOS_COTACAO,12,0),\"\")))))),2)","v":777.46},"BDI 1",{"$f":"TRUNC(J351*(1+$N$17),2)","v":983.64},{"$f":"IFERROR(TRUNC(I351*J351,2),\"\")","v":50153.94},63454.62]
[2000]
[2000,null,null,null,"Total",{"$f":"14.38+28.27+21.86","v":64.509999999999991},"m³"]
[2000]
[null,null,null,"6.3.2","LAJES",null,null,null,null,null,null,null,{"$f":"IFERROR(SUMIFS(M:M,A:A,LEFT(D355,SEARCH(\".\",D355)-1),B:B,LEFT(RIGHT(D355,LEN(D355)-SEARCH(\".\",D355)),SEARCH(\".\",RIGHT(D355,LEN(D355)-SEARCH(\".\",D355)))-1),C:C,RIGHT(D355,LEN(D355)-SEARCH(\".\",D355,SEARCH(\".\",D355)+1))),\"\")","v":207081.37},{"$f":"IFERROR(SUMIFS(N:N,A:A,LEFT(D355,SEARCH(\".\",D355)-1),B:B,LEFT(RIGHT(D355,LEN(D355)-SEARCH(\".\",D355)),SEARCH(\".\",RIGHT(D355,LEN(D355)-SEARCH(\".\",D355)))-1),C:C,RIGHT(D355,LEN(D355)-SEARCH(\".\",D355,SEARCH(\".\",D355)+1))),\"\")","v":261988.56999999998}]
[{"$f":"IFERROR(LEFT(D356,SEARCH(\".\",D356)-1),\"\")","v":"6"},{"$f":"IFERROR(LEFT(RIGHT(D356,LEN(D356)-SEARCH(\".\",D356)),SEARCH(\".\",RIGHT(D356,LEN(D356)-SEARCH(\".\",D356)))-1),\"\")","v":"3"},{"$f":"IFERROR(IF(LEN(D356)-LEN(SUBSTITUTE(D356,\".\",\"\"))<>3,\"\",MID(D356,SEARCH(\".\",D356,SEARCH(\".\",D356)+1)+1,LEN(D356)-SEARCH(\".\",D356,SEARCH(\".\",D356)+1)-(LEN(D356)-(SEARCH(\".\",D356,SEARCH(\".\",D356,SEARCH(\".\",D356)+1)+1)-1)))),\"\")","v":"2"},"6.3.2.1",{"$f":"IF($G356=\"SINAPI\",VLOOKUP($F356,DADOS_SINAPI,2,0),IF(G356=\"SETOP\",VLOOKUP($F356,DADOS_SETOP,2,0),IF(G356=\"CPU\",VLOOKUP($F356,DADOS_COMPOSICAO,2,0),IF(G356=\"SICRO\",VLOOKUP($F356,DADOS_SICRO,2,0),IF(G356=\"SUDECAP\",VLOOKUP(F356,DADOS_SUDECAP,2,0),IF(G356=\"COTAÇÃO\",VLOOKUP($F356,DADOS_COTACAO,2,0),\"\"))))))","v":"LAJE TRELIÇADA H=13 CM - INCLUSO MONTAGEM E FORNECIMENTO DOS MATERIAIS, EXCETO CONCRETAGEM"},"EST-004","CPU",{"$f":"IF(G356=\"SINAPI\",VLOOKUP($F356,DADOS_SINAPI,3,0),IF(G356=\"SETOP\",VLOOKUP($F356,DADOS_SETOP,3,0),IF(G356=\"CPU\",VLOOKUP($F356,DADOS_COMPOSICAO,10,0),IF(G356=\"SICRO\",VLOOKUP($F356,DADOS_SICRO,3,0),IF(G356=\"SUDECAP\",VLOOKUP(F356,DADOS_SUDECAP,3,0),IF(G356=\"COTAÇÃO\",VLOOKUP($F356,DADOS_COTACAO,9,0),\"\"))))))","v":"M2"},{"$f":"ROUND(F358,2)","v":75.41},{"$f":"TRUNC(IF(G356=\"SINAPI\",VLOOKUP($F356,DADOS_SINAPI,4,0),IF(G356=\"SETOP\",VLOOKUP($F356,DADOS_SETOP,4,0),IF(G356=\"CPU\",VLOOKUP($F356,DADOS_COMPOSICAO,13,0),IF(G356=\"SICRO\",VLOOKUP($F356,DADOS_SICRO,4,0),IF(G356=\"SUDECAP\",VLOOKUP(F356,DADOS_SUDECAP,4,0),IF(G356=\"COTAÇÃO\",VLOOKUP(F356,DADOS_COTACAO,12,0),\"\")))))),2)","v":101.56},"BDI 1",{"$f":"TRUNC(J356*(1+$N$17),2)","v":128.49},{"$f":"IFERROR(TRUNC(I356*J356,2),\"\")","v":7658.63},9689.43]
[2000]
[2000,null,null,null,"Total",{"$f":"70.05+5.36","v":75.41},"m²"]
[2000]
[{"$f":"IFERROR(LEFT(D360,SEARCH(\".\",D360)-1),\"\")","v":"6"},{"$f":"IFERROR(LEFT(RIGHT(D360,LEN(D360)-SEARCH(\".\",D360)),SEARCH(\".\",RIGHT(D360,LEN(D360)-SEARCH(\".\",D360)))-1),\"\")","v":"3"},{"$f":"IFERROR(IF(LEN(D360)-LEN(SUBSTITUTE(D360,\".\",\"\"))<>3,\"\",MID(D360,SEARCH(\".\",D360,SEARCH(\".\",D360)+1)+1,LEN(D360)-SEARCH(\".\",D360,SEARCH(\".\",D360)+1)-(LEN(D360)-(SEARCH(\".\",D360,SEARCH(\".\",D360,SEARCH(\".\",D360)+1)+1)-1)))),\"\")","v":"2"},"6.3.2.2",{"$f":"IF($G360=\"SINAPI\",VLOOKUP($F360,DADOS_SINAPI,2,0),IF(G360=\"SETOP\",VLOOKUP($F360,DADOS_SETOP,2,0),IF(G360=\"CPU\",VLOOKUP($F360,DADOS_COMPOSICAO,2,0),IF(G360=\"SICRO\",VLOOKUP($F360,DADOS_SICRO,2,0),IF(G360=\"SUDECAP\",VLOOKUP(F360,DADOS_SUDECAP,2,0),IF(G360=\"COTAÇÃO\",VLOOKUP($F360,DADOS_COTACAO,2,0),\"\"))))))","v":"LAJE TRELIÇADA H=17 CM - INCLUSO MONTAGEM E FORNECIMENTO DOS MATERIAIS, EXCETO CONCRETAGEM"},"EST-005","CPU",{"$f":"IF(G360=\"SINAPI\",VLOOKUP($F360,DADOS_SINAPI,3,0),IF(G360=\"SETOP\",VLOOKUP($F360,DADOS_SETOP,3,0),IF(G360=\"CPU\",VLOOKUP($F360,DADOS_COMPOSICAO,10,0),IF(G360=\"SICRO\",VLOOKUP($F360,DADOS_SICRO,3,0),IF(G360=\"SUDECAP\",VLOOKUP(F360,DADOS_SUDECAP,3,0),IF(G360=\"COTAÇÃO\",VLOOKUP($F360,DADOS_COTACAO,9,0),\"\"))))))","v":"M2"},{"$f":"ROUND(F362,2)","v":915.57},{"$f":"TRUNC(IF(G360=\"SINAPI\",VLOOKUP($F360,DADOS_SINAPI,4,0),IF(G360=\"SETOP\",VLOOKUP($F360,DADOS_SETOP,4,0),IF(G360=\"CPU\",VLOOKUP($F360,DADOS_COMPOSICAO,13,0),IF(G360=\"SICRO\",VLOOKUP($F360,DADOS_SICRO,4,0),IF(G360=\"SUDECAP\",VLOOKUP(F360,DADOS_SUDECAP,4,0),IF(G360=\"COTAÇÃO\",VLOOKUP(F360,DADOS_COTACAO,12,0),\"\")))))),2)","v":116.56},"BDI 1",{"$f":"TRUNC(J360*(1+$N$17),2)","v":147.47},{"$f":"IFERROR(TRUNC(I360*J360,2),\"\")","v":106718.83},135019.10999999999]
[2000]
[2000,null,null,null,"Total",{"$f":"260.15+280.98+374.44","v":915.56999999999994},"m²"]
[2000]
[{"$f":"IFERROR(LEFT(D364,SEARCH(\".\",D364)-1),\"\")","v":"6"},{"$f":"IFERROR(LEFT(RIGHT(D364,LEN(D364)-SEARCH(\".\",D364)),SEARCH(\".\",RIGHT(D364,LEN(D364)-SEARCH(\".\",D364)))-1),\"\")","v":"3"},{"$f":"IFERROR(IF(LEN(D364)-LEN(SUBSTITUTE(D364,\".\",\"\"))<>3,\"\",MID(D364,SEARCH(\".\",D364,SEARCH(\".\",D364)+1)+1,LEN(D364)-SEARCH(\".\",D364,SEARCH(\".\",D364)+1)-(LEN(D364)-(SEARCH(\".\",D364,SEARCH(\".\",D364,SEARCH(\".\",D364)+1)+1)-1)))),\"\")","v":"2"},"6.3.2.3",{"$f":"IF($G364=\"SINAPI\",VLOOKUP($F364,DADOS_SINAPI,2,0),IF(G364=\"SETOP\",VLOOKUP($F364,DADOS_SETOP,2,0),IF(G364=\"CPU\",VLOOKUP($F364,DADOS_COMPOSICAO,2,0),IF(G364=\"SICRO\",VLOOKUP($F364,DADOS_SICRO,2,0),IF(G364=\"SUDECAP\",VLOOKUP(F364,DADOS_SUDECAP,2,0),IF(G364=\"COTAÇÃO\",VLOOKUP($F364,DADOS_COTACAO,2,0),\"\"))))))","v":"LAJE TRELIÇADA H=21 CM - INCLUSO MONTAGEM E FORNECIMENTO DOS MATERIAIS, EXCETO CONCRETAGEM"},"EST-006","CPU",{"$f":"IF(G364=\"SINAPI\",VLOOKUP($F364,DADOS_SINAPI,3,0),IF(G364=\"SETOP\",VLOOKUP($F364,DADOS_SETOP,3,0),IF(G364=\"CPU\",VLOOKUP($F364,DADOS_COMPOSICAO,10,0),IF(G364=\"SICRO\",VLOOKUP($F364,DADOS_SICRO,3,0),IF(G364=\"SUDECAP\",VLOOKUP(F364,DADOS_SUDECAP,3,0),IF(G364=\"COTAÇÃO\",VLOOKUP($F364,DADOS_COTACAO,9,0),\"\"))))))","v":"M2"},{"$f":"ROUND(F366,2)","v":28.64},{"$f":"TRUNC(IF(G364=\"SINAPI\",VLOOKUP($F364,DADOS_SINAPI,4,0),IF(G364=\"SETOP\",VLOOKUP($F364,DADOS_SETOP,4,0),IF(G364=\"CPU\",VLOOKUP($F364,DADOS_COMPOSICAO,13,0),IF(G364=\"SICRO\",VLOOKUP($F364,DADOS_SICRO,4,0),IF(G364=\"SUDECAP\",VLOOKUP(F364,DADOS_SUDECAP,4,0),IF(G364=\"COTAÇÃO\",VLOOKUP(F364,DADOS_COTACAO,12,0),\"\")))))),2)","v":177.56},"BDI 1",{"$f":"TRUNC(J364*(1+$N$17),2)","v":224.64},{"$f":"IFERROR(TRUNC(I364*J364,2),\"\")","v":5085.3100000000004},6433.69]
[2000]
[2000,null,null,null,"Total",{"$f":"28.64","v":28.64},"m²"]
[2000]
[{"$f":"IFERROR(LEFT(D368,SEARCH(\".\",D368)-1),\"\")","v":"6"},{"$f":"IFERROR(LEFT(RIGHT(D368,LEN(D368)-SEARCH(\".\",D368)),SEARCH(\".\",RIGHT(D368,LEN(D368)-SEARCH(\".\",D368)))-1),\"\")","v":"3"},{"$f":"IFERROR(IF(LEN(D368)-LEN(SUBSTITUTE(D368,\".\",\"\"))<>3,\"\",MID(D368,SEARCH(\".\",D368,SEARCH(\".\",D368)+1)+1,LEN(D368)-SEARCH(\".\",D368,SEARCH(\".\",D368)+1)-(LEN(D368)-(SEARCH(\".\",D368,SEARCH(\".\",D368,SEARCH(\".\",D368)+1)+1)-1)))),\"\")","v":"2"},"6.3.2.4",{"$f":"IF($G368=\"SINAPI\",VLOOKUP($F368,DADOS_SINAPI,2,0),IF(G368=\"SETOP\",VLOOKUP($F368,DADOS_SETOP,2,0),IF(G368=\"CPU\",VLOOKUP($F368,DADOS_COMPOSICAO,2,0),IF(G368=\"SICRO\",VLOOKUP($F368,DADOS_SICRO,2,0),IF(G368=\"SUDECAP\",VLOOKUP(F368,DADOS_SUDECAP,2,0),IF(G368=\"COTAÇÃO\",VLOOKUP($F368,DADOS_COTACAO,2,0),\"\"))))))","v":"TELA DE ACO SOLDADA NERVURADA, CA-60, Q-92, (1,48 KG/M2), DIAMETRO DO FIO = 4,2 MM, LARGURA = 2,45 X 60 M DE COMPRIMENTO, ESPACAMENTO DA MALHA = 15 X 15 CM                                                                                                                                                                                                                                                                                                                                               "},21141,"SINAPI",{"$f":"IF(G368=\"SINAPI\",VLOOKUP($F368,DADOS_SINAPI,3,0),IF(G368=\"SETOP\",VLOOKUP($F368,DADOS_SETOP,3,0),IF(G368=\"CPU\",VLOOKUP($F368,DADOS_COMPOSICAO,10,0),IF(G368=\"SICRO\",VLOOKUP($F368,DADOS_SICRO,3,0),IF(G368=\"SUDECAP\",VLOOKUP(F368,DADOS_SUDECAP,3,0),IF(G368=\"COTAÇÃO\",VLOOKUP($F368,DADOS_COTACAO,9,0),\"\"))))))","v":"M2    "},{"$f":"ROUND(F370,2)","v":1019.62},{"$f":"TRUNC(IF(G368=\"SINAPI\",VLOOKUP($F368,DADOS_SINAPI,4,0),IF(G368=\"SETOP\",VLOOKUP($F368,DADOS_SETOP,4,0),IF(G368=\"CPU\",VLOOKUP($F368,DADOS_COMPOSICAO,13,0),IF(G368=\"SICRO\",VLOOKUP($F368,DADOS_SICRO,4,0),IF(G368=\"SUDECAP\",VLOOKUP(F368,DADOS_SUDECAP,4,0),IF(G368=\"COTAÇÃO\",VLOOKUP(F368,DADOS_COTACAO,12,0),\"\")))))),2)","v":14.22},"BDI 1",{"$f":"TRUNC(J368*(1+$N$17),2)","v":17.989999999999998},{"$f":"IFERROR(TRUNC(I368*J368,2),\"\")","v":14498.99},18342.96]
[2000]
[2000,null,null,null,"Total",{"$f":"F358+F362+F366","v":1019.6199999999999},"m²"]
[2000]
[{"$f":"IFERROR(LEFT(D372,SEARCH(\".\",D372)-1),\"\")","v":"6"},{"$f":"IFERROR(LEFT(RIGHT(D372,LEN(D372)-SEARCH(\".\",D372)),SEARCH(\".\",RIGHT(D372,LEN(D372)-SEARCH(\".\",D372)))-1),\"\")","v":"3"},{"$f":"IFERROR(IF(LEN(D372)-LEN(SUBSTITUTE(D372,\".\",\"\"))<>3,\"\",MID(D372,SEARCH(\".\",D372,SEARCH(\".\",D372)+1)+1,LEN(D372)-SEARCH(\".\",D372,SEARCH(\".\",D372)+1)-(LEN(D372)-(SEARCH(\".\",D372,SEARCH(\".\",D372,SEARCH(\".\",D372)+1)+1)-1)))),\"\")","v":"2"},"6.3.2.5",{"$f":"IF($G372=\"SINAPI\",VLOOKUP($F372,DADOS_SINAPI,2,0),IF(G372=\"SETOP\",VLOOKUP($F372,DADOS_SETOP,2,0),IF(G372=\"CPU\",VLOOKUP($F372,DADOS_COMPOSICAO,2,0),IF(G372=\"SICRO\",VLOOKUP($F372,DADOS_SICRO,2,0),IF(G372=\"SUDECAP\",VLOOKUP(F372,DADOS_SUDECAP,2,0),IF(G372=\"COTAÇÃO\",VLOOKUP($F372,DADOS_COTACAO,2,0),\"\"))))))","v":"ARMAÇÃO DE LAJE DE ESTRUTURA CONVENCIONAL DE CONCRETO ARMADO UTILIZANDO AÇO CA-50 DE 6,3 MM - MONTAGEM. AF_06/2022"},92769,"SINAPI",{"$f":"IF(G372=\"SINAPI\",VLOOKUP($F372,DADOS_SINAPI,3,0),IF(G372=\"SETOP\",VLOOKUP($F372,DADOS_SETOP,3,0),IF(G372=\"CPU\",VLOOKUP($F372,DADOS_COMPOSICAO,10,0),IF(G372=\"SICRO\",VLOOKUP($F372,DADOS_SICRO,3,0),IF(G372=\"SUDECAP\",VLOOKUP(F372,DADOS_SUDECAP,3,0),IF(G372=\"COTAÇÃO\",VLOOKUP($F372,DADOS_COTACAO,9,0),\"\"))))))","v":"KG"},{"$f":"ROUND(F374,2)","v":564.1},{"$f":"TRUNC(IF(G372=\"SINAPI\",VLOOKUP($F372,DADOS_SINAPI,4,0),IF(G372=\"SETOP\",VLOOKUP($F372,DADOS_SETOP,4,0),IF(G372=\"CPU\",VLOOKUP($F372,DADOS_COMPOSICAO,13,0),IF(G372=\"SICRO\",VLOOKUP($F372,DADOS_SICRO,4,0),IF(G372=\"SUDECAP\",VLOOKUP(F372,DADOS_SUDECAP,4,0),IF(G372=\"COTAÇÃO\",VLOOKUP(F372,DADOS_COTACAO,12,0),\"\")))))),2)","v":12.19},"BDI 1",{"$f":"TRUNC(J372*(1+$N$17),2)","v":15.42},{"$f":"IFERROR(TRUNC(I372*J372,2),\"\")","v":6876.37},8698.42]
[2000]
[2000,null,null,null,"Total",{"$f":"109.5+1.2+116.8+21.8+305.5+9.3","v":564.09999999999991},"kg"]
[2000]
[{"$f":"IFERROR(LEFT(D376,SEARCH(\".\",D376)-1),\"\")","v":"6"},{"$f":"IFERROR(LEFT(RIGHT(D376,LEN(D376)-SEARCH(\".\",D376)),SEARCH(\".\",RIGHT(D376,LEN(D376)-SEARCH(\".\",D376)))-1),\"\")","v":"3"},{"$f":"IFERROR(IF(LEN(D376)-LEN(SUBSTITUTE(D376,\".\",\"\"))<>3,\"\",MID(D376,SEARCH(\".\",D376,SEARCH(\".\",D376)+1)+1,LEN(D376)-SEARCH(\".\",D376,SEARCH(\".\",D376)+1)-(LEN(D376)-(SEARCH(\".\",D376,SEARCH(\".\",D376,SEARCH(\".\",D376)+1)+1)-1)))),\"\")","v":"2"},"6.3.2.6",{"$f":"IF($G376=\"SINAPI\",VLOOKUP($F376,DADOS_SINAPI,2,0),IF(G376=\"SETOP\",VLOOKUP($F376,DADOS_SETOP,2,0),IF(G376=\"CPU\",VLOOKUP($F376,DADOS_COMPOSICAO,2,0),IF(G376=\"SICRO\",VLOOKUP($F376,DADOS_SICRO,2,0),IF(G376=\"SUDECAP\",VLOOKUP(F376,DADOS_SUDECAP,2,0),IF(G376=\"COTAÇÃO\",VLOOKUP($F376,DADOS_COTACAO,2,0),\"\"))))))","v":"ARMAÇÃO DE LAJE DE ESTRUTURA CONVENCIONAL DE CONCRETO ARMADO UTILIZANDO AÇO CA-50 DE 8,0 MM - MONTAGEM. AF_06/2022"},92770,"SINAPI",{"$f":"IF(G376=\"SINAPI\",VLOOKUP($F376,DADOS_SINAPI,3,0),IF(G376=\"SETOP\",VLOOKUP($F376,DADOS_SETOP,3,0),IF(G376=\"CPU\",VLOOKUP($F376,DADOS_COMPOSICAO,10,0),IF(G376=\"SICRO\",VLOOKUP($F376,DADOS_SICRO,3,0),IF(G376=\"SUDECAP\",VLOOKUP(F376,DADOS_SUDECAP,3,0),IF(G376=\"COTAÇÃO\",VLOOKUP($F376,DADOS_COTACAO,9,0),\"\"))))))","v":"KG"},{"$f":"ROUND(F378,2)","v":444.6},{"$f":"TRUNC(IF(G376=\"SINAPI\",VLOOKUP($F376,DADOS_SINAPI,4,0),IF(G376=\"SETOP\",VLOOKUP($F376,DADOS_SETOP,4,0),IF(G376=\"CPU\",VLOOKUP($F376,DADOS_COMPOSICAO,13,0),IF(G376=\"SICRO\",VLOOKUP($F376,DADOS_SICRO,4,0),IF(G376=\"SUDECAP\",VLOOKUP(F376,DADOS_SUDECAP,4,0),IF(G376=\"COTAÇÃO\",VLOOKUP(F376,DADOS_COTACAO,12,0),\"\")))))),2)","v":11.47},"BDI 1",{"$f":"TRUNC(J376*(1+$N$17),2)","v":14.51},{"$f":"IFERROR(TRUNC(I376*J376,2),\"\")","v":5099.5600000000004},6451.15]
[2000]
[2000,null,null,null,"Total",{"$f":"219.5+158.1+8.9+52.9+5.2","v":444.59999999999997},"kg"]
[2000]
[{"$f":"IFERROR(LEFT(D380,SEARCH(\".\",D380)-1),\"\")","v":"6"},{"$f":"IFERROR(LEFT(RIGHT(D380,LEN(D380)-SEARCH(\".\",D380)),SEARCH(\".\",RIGHT(D380,LEN(D380)-SEARCH(\".\",D380)))-1),\"\")","v":"3"},{"$f":"IFERROR(IF(LEN(D380)-LEN(SUBSTITUTE(D380,\".\",\"\"))<>3,\"\",MID(D380,SEARCH(\".\",D380,SEARCH(\".\",D380)+1)+1,LEN(D380)-SEARCH(\".\",D380,SEARCH(\".\",D380)+1)-(LEN(D380)-(SEARCH(\".\",D380,SEARCH(\".\",D380,SEARCH(\".\",D380)+1)+1)-1)))),\"\")","v":"2"},"6.3.2.7",{"$f":"IF($G380=\"SINAPI\",VLOOKUP($F380,DADOS_SINAPI,2,0),IF(G380=\"SETOP\",VLOOKUP($F380,DADOS_SETOP,2,0),IF(G380=\"CPU\",VLOOKUP($F380,DADOS_COMPOSICAO,2,0),IF(G380=\"SICRO\",VLOOKUP($F380,DADOS_SICRO,2,0),IF(G380=\"SUDECAP\",VLOOKUP(F380,DADOS_SUDECAP,2,0),IF(G380=\"COTAÇÃO\",VLOOKUP($F380,DADOS_COTACAO,2,0),\"\"))))))","v":"ARMAÇÃO DE LAJE DE ESTRUTURA CONVENCIONAL DE CONCRETO ARMADO UTILIZANDO AÇO CA-50 DE 10,0 MM - MONTAGEM. AF_06/2022"},92771,"SINAPI",{"$f":"IF(G380=\"SINAPI\",VLOOKUP($F380,DADOS_SINAPI,3,0),IF(G380=\"SETOP\",VLOOKUP($F380,DADOS_SETOP,3,0),IF(G380=\"CPU\",VLOOKUP($F380,DADOS_COMPOSICAO,10,0),IF(G380=\"SICRO\",VLOOKUP($F380,DADOS_SICRO,3,0),IF(G380=\"SUDECAP\",VLOOKUP(F380,DADOS_SUDECAP,3,0),IF(G380=\"COTAÇÃO\",VLOOKUP($F380,DADOS_COTACAO,9,0),\"\"))))))","v":"KG"},{"$f":"ROUND(F382,2)","v":193.2},{"$f":"TRUNC(IF(G380=\"SINAPI\",VLOOKUP($F380,DADOS_SINAPI,4,0),IF(G380=\"SETOP\",VLOOKUP($F380,DADOS_SETOP,4,0),IF(G380=\"CPU\",VLOOKUP($F380,DADOS_COMPOSICAO,13,0),IF(G380=\"SICRO\",VLOOKUP($F380,DADOS_SICRO,4,0),IF(G380=\"SUDECAP\",VLOOKUP(F380,DADOS_SUDECAP,4,0),IF(G380=\"COTAÇÃO\",VLOOKUP(F380,DADOS_COTACAO,12,0),\"\")))))),2)","v":10.25},"BDI 1",{"$f":"TRUNC(J380*(1+$N$17),2)","v":12.96},{"$f":"IFERROR(TRUNC(I380*J380,2),\"\")","v":1980.3},2503.87]
[2000]
[2000,null,null,null,"Total",{"$f":"193.2","v":193.2},"kg"]
[2000]
[2000]
[{"$f":"IFERROR(LEFT(D385,SEARCH(\".\",D385)-1),\"\")","v":"6"},{"$f":"IFERROR(LEFT(RIGHT(D385,LEN(D385)-SEARCH(\".\",D385)),SEARCH(\".\",RIGHT(D385,LEN(D385)-SEARCH(\".\",D385)))-1),\"\")","v":"3"},{"$f":"IFERROR(IF(LEN(D385)-LEN(SUBSTITUTE(D385,\".\",\"\"))<>3,\"\",MID(D385,SEARCH(\".\",D385,SEARCH(\".\",D385)+1)+1,LEN(D385)-SEARCH(\".\",D385,SEARCH(\".\",D385)+1)-(LEN(D385)-(SEARCH(\".\",D385,SEARCH(\".\",D385,SEARCH(\".\",D385)+1)+1)-1)))),\"\")","v":"2"},"6.3.2.8",{"$f":"IF($G385=\"SINAPI\",VLOOKUP($F385,DADOS_SINAPI,2,0),IF(G385=\"SETOP\",VLOOKUP($F385,DADOS_SETOP,2,0),IF(G385=\"CPU\",VLOOKUP($F385,DADOS_COMPOSICAO,2,0),IF(G385=\"SICRO\",VLOOKUP($F385,DADOS_SICRO,2,0),IF(G385=\"SUDECAP\",VLOOKUP(F385,DADOS_SUDECAP,2,0),IF(G385=\"COTAÇÃO\",VLOOKUP($F385,DADOS_COTACAO,2,0),\"\"))))))","v":"ARMAÇÃO DE LAJE DE ESTRUTURA CONVENCIONAL DE CONCRETO ARMADO UTILIZANDO AÇO CA-50 DE 12,5 MM - MONTAGEM. AF_06/2022"},92772,"SINAPI",{"$f":"IF(G385=\"SINAPI\",VLOOKUP($F385,DADOS_SINAPI,3,0),IF(G385=\"SETOP\",VLOOKUP($F385,DADOS_SETOP,3,0),IF(G385=\"CPU\",VLOOKUP($F385,DADOS_COMPOSICAO,10,0),IF(G385=\"SICRO\",VLOOKUP($F385,DADOS_SICRO,3,0),IF(G385=\"SUDECAP\",VLOOKUP(F385,DADOS_SUDECAP,3,0),IF(G385=\"COTAÇÃO\",VLOOKUP($F385,DADOS_COTACAO,9,0),\"\"))))))","v":"KG"},{"$f":"ROUND(F387,2)","v":67.900000000000006},{"$f":"TRUNC(IF(G385=\"SINAPI\",VLOOKUP($F385,DADOS_SINAPI,4,0),IF(G385=\"SETOP\",VLOOKUP($F385,DADOS_SETOP,4,0),IF(G385=\"CPU\",VLOOKUP($F385,DADOS_COMPOSICAO,13,0),IF(G385=\"SICRO\",VLOOKUP($F385,DADOS_SICRO,4,0),IF(G385=\"SUDECAP\",VLOOKUP(F385,DADOS_SUDECAP,4,0),IF(G385=\"COTAÇÃO\",VLOOKUP(F385,DADOS_COTACAO,12,0),\"\")))))),2)","v":8.6},"BDI 1",{"$f":"TRUNC(J385*(1+$N$17),2)","v":10.88},{"$f":"IFERROR(TRUNC(I385*J385,2),\"\")","v":583.94000000000005},738.75]
[2000]
[2000,null,null,null,"Total",{"$f":"67.9","v":67.900000000000006},"kg"]
[2000]
[{"$f":"IFERROR(LEFT(D389,SEARCH(\".\",D389)-1),\"\")","v":"6"},{"$f":"IFERROR(LEFT(RIGHT(D389,LEN(D389)-SEARCH(\".\",D389)),SEARCH(\".\",RIGHT(D389,LEN(D389)-SEARCH(\".\",D389)))-1),\"\")","v":"3"},{"$f":"IFERROR(IF(LEN(D389)-LEN(SUBSTITUTE(D389,\".\",\"\"))<>3,\"\",MID(D389,SEARCH(\".\",D389,SEARCH(\".\",D389)+1)+1,LEN(D389)-SEARCH(\".\",D389,SEARCH(\".\",D389)+1)-(LEN(D389)-(SEARCH(\".\",D389,SEARCH(\".\",D389,SEARCH(\".\",D389)+1)+1)-1)))),\"\")","v":"2"},"6.3.2.9",{"$f":"IF($G389=\"SINAPI\",VLOOKUP($F389,DADOS_SINAPI,2,0),IF(G389=\"SETOP\",VLOOKUP($F389,DADOS_SETOP,2,0),IF(G389=\"CPU\",VLOOKUP($F389,DADOS_COMPOSICAO,2,0),IF(G389=\"SICRO\",VLOOKUP($F389,DADOS_SICRO,2,0),IF(G389=\"SUDECAP\",VLOOKUP(F389,DADOS_SUDECAP,2,0),IF(G389=\"COTAÇÃO\",VLOOKUP($F389,DADOS_COTACAO,2,0),\"\"))))))","v":"CIMBRAMENTO PARA LAJE PRÉ-MOLDADA COM ESCORAMENTO METÁLICO, TIPO \"B\", ALTURA DE (311 ATÉ 450)CM, INCLUSIVE DESCARGA, MONTAGEM, DESMONTAGEM E CARGA"},"ED-19638","SETOP",{"$f":"IF(G389=\"SINAPI\",VLOOKUP($F389,DADOS_SINAPI,3,0),IF(G389=\"SETOP\",VLOOKUP($F389,DADOS_SETOP,3,0),IF(G389=\"CPU\",VLOOKUP($F389,DADOS_COMPOSICAO,10,0),IF(G389=\"SICRO\",VLOOKUP($F389,DADOS_SICRO,3,0),IF(G389=\"SUDECAP\",VLOOKUP(F389,DADOS_SUDECAP,3,0),IF(G389=\"COTAÇÃO\",VLOOKUP($F389,DADOS_COTACAO,9,0),\"\"))))))","v":"m2xmês"},{"$f":"ROUND(F391,2)","v":1019.62},{"$f":"TRUNC(IF(G389=\"SINAPI\",VLOOKUP($F389,DADOS_SINAPI,4,0),IF(G389=\"SETOP\",VLOOKUP($F389,DADOS_SETOP,4,0),IF(G389=\"CPU\",VLOOKUP($F389,DADOS_COMPOSICAO,13,0),IF(G389=\"SICRO\",VLOOKUP($F389,DADOS_SICRO,4,0),IF(G389=\"SUDECAP\",VLOOKUP(F389,DADOS_SUDECAP,4,0),IF(G389=\"COTAÇÃO\",VLOOKUP(F389,DADOS_COTACAO,12,0),\"\")))))),2)","v":24.07},"BDI 1",{"$f":"TRUNC(J389*(1+$N$17),2)","v":30.45},{"$f":"IFERROR(TRUNC(I389*J389,2),\"\")","v":24542.25},31047.43]
[2000]
[2000,null,null,null,"Total",{"$f":"F358+F362+F366","v":1019.6199999999999},"m² x mês"]
[2000]
[{"$f":"IFERROR(LEFT(D393,SEARCH(\".\",D393)-1),\"\")","v":"6"},{"$f":"IFERROR(LEFT(RIGHT(D393,LEN(D393)-SEARCH(\".\",D393)),SEARCH(\".\",RIGHT(D393,LEN(D393)-SEARCH(\".\",D393)))-1),\"\")","v":"3"},{"$f":"IFERROR(IF(LEN(D393)-LEN(SUBSTITUTE(D393,\".\",\"\"))<>3,\"\",MID(D393,SEARCH(\".\",D393,SEARCH(\".\",D393)+1)+1,LEN(D393)-SEARCH(\".\",D393,SEARCH(\".\",D393)+1)-(LEN(D393)-(SEARCH(\".\",D393,SEARCH(\".\",D393,SEARCH(\".\",D393)+1)+1)-1)))),\"\")","v":"2"},"6.3.2.10",{"$f":"IF($G393=\"SINAPI\",VLOOKUP($F393,DADOS_SINAPI,2,0),IF(G393=\"SETOP\",VLOOKUP($F393,DADOS_SETOP,2,0),IF(G393=\"CPU\",VLOOKUP($F393,DADOS_COMPOSICAO,2,0),IF(G393=\"SICRO\",VLOOKUP($F393,DADOS_SICRO,2,0),IF(G393=\"SUDECAP\",VLOOKUP(F393,DADOS_SUDECAP,2,0),IF(G393=\"COTAÇÃO\",VLOOKUP($F393,DADOS_COTACAO,2,0),\"\"))))))","v":"CONCRETAGEM DE VIGAS E LAJES, FCK=30 MPA, PARA LAJES PREMOLDADAS COM USO DE BOMBA - LANÇAMENTO, ADENSAMENTO E ACABAMENTO."},"EST-007","CPU",{"$f":"IF(G393=\"SINAPI\",VLOOKUP($F393,DADOS_SINAPI,3,0),IF(G393=\"SETOP\",VLOOKUP($F393,DADOS_SETOP,3,0),IF(G393=\"CPU\",VLOOKUP($F393,DADOS_COMPOSICAO,10,0),IF(G393=\"SICRO\",VLOOKUP($F393,DADOS_SICRO,3,0),IF(G393=\"SUDECAP\",VLOOKUP(F393,DADOS_SUDECAP,3,0),IF(G393=\"COTAÇÃO\",VLOOKUP($F393,DADOS_COTACAO,9,0),\"\"))))))","v":"M3    "},{"$f":"ROUND(F395,2)","v":43.78},{"$f":"TRUNC(IF(G393=\"SINAPI\",VLOOKUP($F393,DADOS_SINAPI,4,0),IF(G393=\"SETOP\",VLOOKUP($F393,DADOS_SETOP,4,0),IF(G393=\"CPU\",VLOOKUP($F393,DADOS_COMPOSICAO,13,0),IF(G393=\"SICRO\",VLOOKUP($F393,DADOS_SICRO,4,0),IF(G393=\"SUDECAP\",VLOOKUP(F393,DADOS_SUDECAP,4,0),IF(G393=\"COTAÇÃO\",VLOOKUP(F393,DADOS_COTACAO,12,0),\"\")))))),2)","v":777.46},"BDI 1",{"$f":"TRUNC(J393*(1+$N$17),2)","v":983.64},{"$f":"IFERROR(TRUNC(I393*J393,2),\"\")","v":34037.19},43063.76]
[2000]
[2000,null,null,null,"Total",{"$f":"18.91+24.87","v":43.78},"m³"]
[2000]
[null,null,null,"6.3.3","CINTA DE AMARRAÇÃO - PLATIBANDA",null,null,null,null,null,null,null,{"$f":"IFERROR(SUMIFS(M:M,A:A,LEFT(D397,SEARCH(\".\",D397)-1),B:B,LEFT(RIGHT(D397,LEN(D397)-SEARCH(\".\",D397)),SEARCH(\".\",RIGHT(D397,LEN(D397)-SEARCH(\".\",D397)))-1),C:C,RIGHT(D397,LEN(D397)-SEARCH(\".\",D397,SEARCH(\".\",D397)+1))),\"\")","v":10473.83},{"$f":"IFERROR(SUMIFS(N:N,A:A,LEFT(D397,SEARCH(\".\",D397)-1),B:B,LEFT(RIGHT(D397,LEN(D397)-SEARCH(\".\",D397)),SEARCH(\".\",RIGHT(D397,LEN(D397)-SEARCH(\".\",D397)))-1),C:C,RIGHT(D397,LEN(D397)-SEARCH(\".\",D397,SEARCH(\".\",D397)+1))),\"\")","v":13250.14}]
[{"$f":"IFERROR(LEFT(D398,SEARCH(\".\",D398)-1),\"\")","v":"6"},{"$f":"IFERROR(LEFT(RIGHT(D398,LEN(D398)-SEARCH(\".\",D398)),SEARCH(\".\",RIGHT(D398,LEN(D398)-SEARCH(\".\",D398)))-1),\"\")","v":"3"},{"$f":"IFERROR(IF(LEN(D398)-LEN(SUBSTITUTE(D398,\".\",\"\"))<>3,\"\",MID(D398,SEARCH(\".\",D398,SEARCH(\".\",D398)+1)+1,LEN(D398)-SEARCH(\".\",D398,SEARCH(\".\",D398)+1)-(LEN(D398)-(SEARCH(\".\",D398,SEARCH(\".\",D398,SEARCH(\".\",D398)+1)+1)-1)))),\"\")","v":"3"},"6.3.3.1",{"$f":"IF($G398=\"SINAPI\",VLOOKUP($F398,DADOS_SINAPI,2,0),IF(G398=\"SETOP\",VLOOKUP($F398,DADOS_SETOP,2,0),IF(G398=\"CPU\",VLOOKUP($F398,DADOS_COMPOSICAO,2,0),IF(G398=\"SICRO\",VLOOKUP($F398,DADOS_SICRO,2,0),IF(G398=\"SUDECAP\",VLOOKUP(F398,DADOS_SUDECAP,2,0),IF(G398=\"COTAÇÃO\",VLOOKUP($F398,DADOS_COTACAO,2,0),\"\"))))))","v":"CINTA DE AMARRAÇÃO DE ALVENARIA MOLDADA IN LOCO COM UTILIZAÇÃO DE BLOCOS CANALETA, ESPESSURA DE *15* CM. AF_03/2024"},105033,"SINAPI",{"$f":"IF(G398=\"SINAPI\",VLOOKUP($F398,DADOS_SINAPI,3,0),IF(G398=\"SETOP\",VLOOKUP($F398,DADOS_SETOP,3,0),IF(G398=\"CPU\",VLOOKUP($F398,DADOS_COMPOSICAO,10,0),IF(G398=\"SICRO\",VLOOKUP($F398,DADOS_SICRO,3,0),IF(G398=\"SUDECAP\",VLOOKUP(F398,DADOS_SUDECAP,3,0),IF(G398=\"COTAÇÃO\",VLOOKUP($F398,DADOS_COTACAO,9,0),\"\"))))))","v":"M"},{"$f":"ROUND(F400,2)","v":188.48},{"$f":"TRUNC(IF(G398=\"SINAPI\",VLOOKUP($F398,DADOS_SINAPI,4,0),IF(G398=\"SETOP\",VLOOKUP($F398,DADOS_SETOP,4,0),IF(G398=\"CPU\",VLOOKUP($F398,DADOS_COMPOSICAO,13,0),IF(G398=\"SICRO\",VLOOKUP($F398,DADOS_SICRO,4,0),IF(G398=\"SUDECAP\",VLOOKUP(F398,DADOS_SUDECAP,4,0),IF(G398=\"COTAÇÃO\",VLOOKUP(F398,DADOS_COTACAO,12,0),\"\")))))),2)","v":55.57},"BDI 1",{"$f":"TRUNC(J398*(1+$N$17),2)","v":70.3},{"$f":"IFERROR(TRUNC(I398*J398,2),\"\")","v":10473.83},13250.14]
[2000]
[2000,null,null,null,"Total",188.48,"m"]
[2000]
[null,null,null,"6.3.4","PILARES",null,null,null,null,null,null,null,{"$f":"IFERROR(SUMIFS(M:M,A:A,LEFT(D402,SEARCH(\".\",D402)-1),B:B,LEFT(RIGHT(D402,LEN(D402)-SEARCH(\".\",D402)),SEARCH(\".\",RIGHT(D402,LEN(D402)-SEARCH(\".\",D402)))-1),C:C,RIGHT(D402,LEN(D402)-SEARCH(\".\",D402,SEARCH(\".\",D402)+1))),\"\")","v":86052.87999999999},{"$f":"IFERROR(SUMIFS(N:N,A:A,LEFT(D402,SEARCH(\".\",D402)-1),B:B,LEFT(RIGHT(D402,LEN(D402)-SEARCH(\".\",D402)),SEARCH(\".\",RIGHT(D402,LEN(D402)-SEARCH(\".\",D402)))-1),C:C,RIGHT(D402,LEN(D402)-SEARCH(\".\",D402,SEARCH(\".\",D402)+1))),\"\")","v":108862.8}]
[{"$f":"IFERROR(LEFT(D403,SEARCH(\".\",D403)-1),\"\")","v":"6"},{"$f":"IFERROR(LEFT(RIGHT(D403,LEN(D403)-SEARCH(\".\",D403)),SEARCH(\".\",RIGHT(D403,LEN(D403)-SEARCH(\".\",D403)))-1),\"\")","v":"3"},{"$f":"IFERROR(IF(LEN(D403)-LEN(SUBSTITUTE(D403,\".\",\"\"))<>3,\"\",MID(D403,SEARCH(\".\",D403,SEARCH(\".\",D403)+1)+1,LEN(D403)-SEARCH(\".\",D403,SEARCH(\".\",D403)+1)-(LEN(D403)-(SEARCH(\".\",D403,SEARCH(\".\",D403,SEARCH(\".\",D403)+1)+1)-1)))),\"\")","v":"4"},"6.3.4.1",{"$f":"IF($G403=\"SINAPI\",VLOOKUP($F403,DADOS_SINAPI,2,0),IF(G403=\"SETOP\",VLOOKUP($F403,DADOS_SETOP,2,0),IF(G403=\"CPU\",VLOOKUP($F403,DADOS_COMPOSICAO,2,0),IF(G403=\"SICRO\",VLOOKUP($F403,DADOS_SICRO,2,0),IF(G403=\"SUDECAP\",VLOOKUP(F403,DADOS_SUDECAP,2,0),IF(G403=\"COTAÇÃO\",VLOOKUP($F403,DADOS_COTACAO,2,0),\"\"))))))","v":"MONTAGEM E DESMONTAGEM DE FÔRMA DE PILARES RETANGULARES E ESTRUTURAS SIMILARES, PÉ-DIREITO DUPLO, EM CHAPA DE MADEIRA COMPENSADA RESINADA, 6 UTILIZAÇÕES. AF_09/2020"},92425,"SINAPI",{"$f":"IF(G403=\"SINAPI\",VLOOKUP($F403,DADOS_SINAPI,3,0),IF(G403=\"SETOP\",VLOOKUP($F403,DADOS_SETOP,3,0),IF(G403=\"CPU\",VLOOKUP($F403,DADOS_COMPOSICAO,10,0),IF(G403=\"SICRO\",VLOOKUP($F403,DADOS_SICRO,3,0),IF(G403=\"SUDECAP\",VLOOKUP(F403,DADOS_SUDECAP,3,0),IF(G403=\"COTAÇÃO\",VLOOKUP($F403,DADOS_COTACAO,9,0),\"\"))))))","v":"M2"},{"$f":"ROUND(F405,2)","v":447.72},{"$f":"TRUNC(IF(G403=\"SINAPI\",VLOOKUP($F403,DADOS_SINAPI,4,0),IF(G403=\"SETOP\",VLOOKUP($F403,DADOS_SETOP,4,0),IF(G403=\"CPU\",VLOOKUP($F403,DADOS_COMPOSICAO,13,0),IF(G403=\"SICRO\",VLOOKUP($F403,DADOS_SICRO,4,0),IF(G403=\"SUDECAP\",VLOOKUP(F403,DADOS_SUDECAP,4,0),IF(G403=\"COTAÇÃO\",VLOOKUP(F403,DADOS_COTACAO,12,0),\"\")))))),2)","v":81.63},"BDI 1",{"$f":"TRUNC(J403*(1+$N$17),2)","v":103.27},{"$f":"IFERROR(TRUNC(I403*J403,2),\"\")","v":36547.379999999997},46236.04]
[2000]
[2000,null,null,null,"Total",{"$f":"447.72","v":447.72},"m²"]
[2000]
[{"$f":"IFERROR(LEFT(D407,SEARCH(\".\",D407)-1),\"\")","v":"6"},{"$f":"IFERROR(LEFT(RIGHT(D407,LEN(D407)-SEARCH(\".\",D407)),SEARCH(\".\",RIGHT(D407,LEN(D407)-SEARCH(\".\",D407)))-1),\"\")","v":"3"},{"$f":"IFERROR(IF(LEN(D407)-LEN(SUBSTITUTE(D407,\".\",\"\"))<>3,\"\",MID(D407,SEARCH(\".\",D407,SEARCH(\".\",D407)+1)+1,LEN(D407)-SEARCH(\".\",D407,SEARCH(\".\",D407)+1)-(LEN(D407)-(SEARCH(\".\",D407,SEARCH(\".\",D407,SEARCH(\".\",D407)+1)+1)-1)))),\"\")","v":"4"},"6.3.4.2",{"$f":"IF($G407=\"SINAPI\",VLOOKUP($F407,DADOS_SINAPI,2,0),IF(G407=\"SETOP\",VLOOKUP($F407,DADOS_SETOP,2,0),IF(G407=\"CPU\",VLOOKUP($F407,DADOS_COMPOSICAO,2,0),IF(G407=\"SICRO\",VLOOKUP($F407,DADOS_SICRO,2,0),IF(G407=\"SUDECAP\",VLOOKUP(F407,DADOS_SUDECAP,2,0),IF(G407=\"COTAÇÃO\",VLOOKUP($F407,DADOS_COTACAO,2,0),\"\"))))))","v":"ARMAÇÃO DE PILAR OU VIGA DE ESTRUTURA CONVENCIONAL DE CONCRETO ARMADO UTILIZANDO AÇO CA-60 DE 5,0 MM - MONTAGEM. AF_06/2022"},92759,"SINAPI",{"$f":"IF(G407=\"SINAPI\",VLOOKUP($F407,DADOS_SINAPI,3,0),IF(G407=\"SETOP\",VLOOKUP($F407,DADOS_SETOP,3,0),IF(G407=\"CPU\",VLOOKUP($F407,DADOS_COMPOSICAO,10,0),IF(G407=\"SICRO\",VLOOKUP($F407,DADOS_SICRO,3,0),IF(G407=\"SUDECAP\",VLOOKUP(F407,DADOS_SUDECAP,3,0),IF(G407=\"COTAÇÃO\",VLOOKUP($F407,DADOS_COTACAO,9,0),\"\"))))))","v":"KG"},{"$f":"ROUND(F409,2)","v":820.8},{"$f":"TRUNC(IF(G407=\"SINAPI\",VLOOKUP($F407,DADOS_SINAPI,4,0),IF(G407=\"SETOP\",VLOOKUP($F407,DADOS_SETOP,4,0),IF(G407=\"CPU\",VLOOKUP($F407,DADOS_COMPOSICAO,13,0),IF(G407=\"SICRO\",VLOOKUP($F407,DADOS_SICRO,4,0),IF(G407=\"SUDECAP\",VLOOKUP(F407,DADOS_SUDECAP,4,0),IF(G407=\"COTAÇÃO\",VLOOKUP(F407,DADOS_COTACAO,12,0),\"\")))))),2)","v":13.36},"BDI 1",{"$f":"TRUNC(J407*(1+$N$17),2)","v":16.899999999999999},{"$f":"IFERROR(TRUNC(I407*J407,2),\"\")","v":10965.88},{"$f":"L407*I407","v":13871.519999999999}]
[2000]
[2000,null,null,null,"Total",820.8,"kg"]
[2000]
[{"$f":"IFERROR(LEFT(D411,SEARCH(\".\",D411)-1),\"\")","v":"6"},{"$f":"IFERROR(LEFT(RIGHT(D411,LEN(D411)-SEARCH(\".\",D411)),SEARCH(\".\",RIGHT(D411,LEN(D411)-SEARCH(\".\",D411)))-1),\"\")","v":"3"},{"$f":"IFERROR(IF(LEN(D411)-LEN(SUBSTITUTE(D411,\".\",\"\"))<>3,\"\",MID(D411,SEARCH(\".\",D411,SEARCH(\".\",D411)+1)+1,LEN(D411)-SEARCH(\".\",D411,SEARCH(\".\",D411)+1)-(LEN(D411)-(SEARCH(\".\",D411,SEARCH(\".\",D411,SEARCH(\".\",D411)+1)+1)-1)))),\"\")","v":"4"},"6.3.4.3",{"$f":"IF($G411=\"SINAPI\",VLOOKUP($F411,DADOS_SINAPI,2,0),IF(G411=\"SETOP\",VLOOKUP($F411,DADOS_SETOP,2,0),IF(G411=\"CPU\",VLOOKUP($F411,DADOS_COMPOSICAO,2,0),IF(G411=\"SICRO\",VLOOKUP($F411,DADOS_SICRO,2,0),IF(G411=\"SUDECAP\",VLOOKUP(F411,DADOS_SUDECAP,2,0),IF(G411=\"COTAÇÃO\",VLOOKUP($F411,DADOS_COTACAO,2,0),\"\"))))))","v":"ARMAÇÃO DE PILAR OU VIGA DE ESTRUTURA CONVENCIONAL DE CONCRETO ARMADO UTILIZANDO AÇO CA-50 DE 10,0 MM - MONTAGEM. AF_06/2022"},92762,"SINAPI",{"$f":"IF(G411=\"SINAPI\",VLOOKUP($F411,DADOS_SINAPI,3,0),IF(G411=\"SETOP\",VLOOKUP($F411,DADOS_SETOP,3,0),IF(G411=\"CPU\",VLOOKUP($F411,DADOS_COMPOSICAO,10,0),IF(G411=\"SICRO\",VLOOKUP($F411,DADOS_SICRO,3,0),IF(G411=\"SUDECAP\",VLOOKUP(F411,DADOS_SUDECAP,3,0),IF(G411=\"COTAÇÃO\",VLOOKUP($F411,DADOS_COTACAO,9,0),\"\"))))))","v":"KG"},{"$f":"ROUND(F413,2)","v":1647.3},{"$f":"TRUNC(IF(G411=\"SINAPI\",VLOOKUP($F411,DADOS_SINAPI,4,0),IF(G411=\"SETOP\",VLOOKUP($F411,DADOS_SETOP,4,0),IF(G411=\"CPU\",VLOOKUP($F411,DADOS_COMPOSICAO,13,0),IF(G411=\"SICRO\",VLOOKUP($F411,DADOS_SICRO,4,0),IF(G411=\"SUDECAP\",VLOOKUP(F411,DADOS_SUDECAP,4,0),IF(G411=\"COTAÇÃO\",VLOOKUP(F411,DADOS_COTACAO,12,0),\"\")))))),2)","v":10.68},"BDI 1",{"$f":"TRUNC(J411*(1+$N$17),2)","v":13.51},{"$f":"IFERROR(TRUNC(I411*J411,2),\"\")","v":17593.16},22255.02]
[2000]
[2000,null,null,null,"Total",{"$f":"1647.3","v":1647.3},"kg"]
[2000]
[{"$f":"IFERROR(LEFT(D415,SEARCH(\".\",D415)-1),\"\")","v":"6"},{"$f":"IFERROR(LEFT(RIGHT(D415,LEN(D415)-SEARCH(\".\",D415)),SEARCH(\".\",RIGHT(D415,LEN(D415)-SEARCH(\".\",D415)))-1),\"\")","v":"3"},{"$f":"IFERROR(IF(LEN(D415)-LEN(SUBSTITUTE(D415,\".\",\"\"))<>3,\"\",MID(D415,SEARCH(\".\",D415,SEARCH(\".\",D415)+1)+1,LEN(D415)-SEARCH(\".\",D415,SEARCH(\".\",D415)+1)-(LEN(D415)-(SEARCH(\".\",D415,SEARCH(\".\",D415,SEARCH(\".\",D415)+1)+1)-1)))),\"\")","v":"4"},"6.3.4.4",{"$f":"IF($G415=\"SINAPI\",VLOOKUP($F415,DADOS_SINAPI,2,0),IF(G415=\"SETOP\",VLOOKUP($F415,DADOS_SETOP,2,0),IF(G415=\"CPU\",VLOOKUP($F415,DADOS_COMPOSICAO,2,0),IF(G415=\"SICRO\",VLOOKUP($F415,DADOS_SICRO,2,0),IF(G415=\"SUDECAP\",VLOOKUP(F415,DADOS_SUDECAP,2,0),IF(G415=\"COTAÇÃO\",VLOOKUP($F415,DADOS_COTACAO,2,0),\"\"))))))","v":"ARMAÇÃO DE PILAR OU VIGA DE ESTRUTURA CONVENCIONAL DE CONCRETO ARMADO UTILIZANDO AÇO CA-50 DE 12,5 MM - MONTAGEM. AF_06/2022"},92763,"SINAPI",{"$f":"IF(G415=\"SINAPI\",VLOOKUP($F415,DADOS_SINAPI,3,0),IF(G415=\"SETOP\",VLOOKUP($F415,DADOS_SETOP,3,0),IF(G415=\"CPU\",VLOOKUP($F415,DADOS_COMPOSICAO,10,0),IF(G415=\"SICRO\",VLOOKUP($F415,DADOS_SICRO,3,0),IF(G415=\"SUDECAP\",VLOOKUP(F415,DADOS_SUDECAP,3,0),IF(G415=\"COTAÇÃO\",VLOOKUP($F415,DADOS_COTACAO,9,0),\"\"))))))","v":"KG"},{"$f":"ROUND(F417,2)","v":130.69999999999999},{"$f":"TRUNC(IF(G415=\"SINAPI\",VLOOKUP($F415,DADOS_SINAPI,4,0),IF(G415=\"SETOP\",VLOOKUP($F415,DADOS_SETOP,4,0),IF(G415=\"CPU\",VLOOKUP($F415,DADOS_COMPOSICAO,13,0),IF(G415=\"SICRO\",VLOOKUP($F415,DADOS_SICRO,4,0),IF(G415=\"SUDECAP\",VLOOKUP(F415,DADOS_SUDECAP,4,0),IF(G415=\"COTAÇÃO\",VLOOKUP(F415,DADOS_COTACAO,12,0),\"\")))))),2)","v":8.9700000000000006},"BDI 1",{"$f":"TRUNC(J415*(1+$N$17),2)","v":11.34},{"$f":"IFERROR(TRUNC(I415*J415,2),\"\")","v":1172.3699999999999},1482.14]
[2000]
[2000,null,null,null,"Total",{"$f":"130.7","v":130.69999999999999},"kg"]
[2000]
[{"$f":"IFERROR(LEFT(D419,SEARCH(\".\",D419)-1),\"\")","v":"6"},{"$f":"IFERROR(LEFT(RIGHT(D419,LEN(D419)-SEARCH(\".\",D419)),SEARCH(\".\",RIGHT(D419,LEN(D419)-SEARCH(\".\",D419)))-1),\"\")","v":"3"},{"$f":"IFERROR(IF(LEN(D419)-LEN(SUBSTITUTE(D419,\".\",\"\"))<>3,\"\",MID(D419,SEARCH(\".\",D419,SEARCH(\".\",D419)+1)+1,LEN(D419)-SEARCH(\".\",D419,SEARCH(\".\",D419)+1)-(LEN(D419)-(SEARCH(\".\",D419,SEARCH(\".\",D419,SEARCH(\".\",D419)+1)+1)-1)))),\"\")","v":"4"},"6.3.4.5",{"$f":"IF($G419=\"SINAPI\",VLOOKUP($F419,DADOS_SINAPI,2,0),IF(G419=\"SETOP\",VLOOKUP($F419,DADOS_SETOP,2,0),IF(G419=\"CPU\",VLOOKUP($F419,DADOS_COMPOSICAO,2,0),IF(G419=\"SICRO\",VLOOKUP($F419,DADOS_SICRO,2,0),IF(G419=\"SUDECAP\",VLOOKUP(F419,DADOS_SUDECAP,2,0),IF(G419=\"COTAÇÃO\",VLOOKUP($F419,DADOS_COTACAO,2,0),\"\"))))))","v":"CONCRETAGEM DE PILARES, FCK = 30 MPA, COM USO DE BOMBA - LANÇAMENTO, ADENSAMENTO E ACABAMENTO."},"EST-003","CPU",{"$f":"IF(G419=\"SINAPI\",VLOOKUP($F419,DADOS_SINAPI,3,0),IF(G419=\"SETOP\",VLOOKUP($F419,DADOS_SETOP,3,0),IF(G419=\"CPU\",VLOOKUP($F419,DADOS_COMPOSICAO,10,0),IF(G419=\"SICRO\",VLOOKUP($F419,DADOS_SICRO,3,0),IF(G419=\"SUDECAP\",VLOOKUP(F419,DADOS_SUDECAP,3,0),IF(G419=\"COTAÇÃO\",VLOOKUP($F419,DADOS_COTACAO,9,0),\"\"))))))","v":"M3    "},{"$f":"ROUND(F421,2)","v":26.07},{"$f":"TRUNC(IF(G419=\"SINAPI\",VLOOKUP($F419,DADOS_SINAPI,4,0),IF(G419=\"SETOP\",VLOOKUP($F419,DADOS_SETOP,4,0),IF(G419=\"CPU\",VLOOKUP($F419,DADOS_COMPOSICAO,13,0),IF(G419=\"SICRO\",VLOOKUP($F419,DADOS_SICRO,4,0),IF(G419=\"SUDECAP\",VLOOKUP(F419,DADOS_SUDECAP,4,0),IF(G419=\"COTAÇÃO\",VLOOKUP(F419,DADOS_COTACAO,12,0),\"\")))))),2)","v":758.5},"BDI 1",{"$f":"TRUNC(J419*(1+$N$17),2)","v":959.65},{"$f":"IFERROR(TRUNC(I419*J419,2),\"\")","v":19774.09},25018.080000000002]
[2000]
[2000,null,null,null,"Total",26.07,"m³"]
[2000]
[null,null,null,"6.3.6","ALVENARIA ESTRUTURAL",null,null,null,null,null,null,null,{"$f":"IFERROR(SUMIFS(M:M,A:A,LEFT(D423,SEARCH(\".\",D423)-1),B:B,LEFT(RIGHT(D423,LEN(D423)-SEARCH(\".\",D423)),SEARCH(\".\",RIGHT(D423,LEN(D423)-SEARCH(\".\",D423)))-1),C:C,RIGHT(D423,LEN(D423)-SEARCH(\".\",D423,SEARCH(\".\",D423)+1))),\"\")","v":15538.9},{"$f":"IFERROR(SUMIFS(N:N,A:A,LEFT(D423,SEARCH(\".\",D423)-1),B:B,LEFT(RIGHT(D423,LEN(D423)-SEARCH(\".\",D423)),SEARCH(\".\",RIGHT(D423,LEN(D423)-SEARCH(\".\",D423)))-1),C:C,RIGHT(D423,LEN(D423)-SEARCH(\".\",D423,SEARCH(\".\",D423)+1))),\"\")","v":19658.149999999998}]
[{"$f":"IFERROR(LEFT(D424,SEARCH(\".\",D424)-1),\"\")","v":"6"},{"$f":"IFERROR(LEFT(RIGHT(D424,LEN(D424)-SEARCH(\".\",D424)),SEARCH(\".\",RIGHT(D424,LEN(D424)-SEARCH(\".\",D424)))-1),\"\")","v":"3"},{"$f":"IFERROR(IF(LEN(D424)-LEN(SUBSTITUTE(D424,\".\",\"\"))<>3,\"\",MID(D424,SEARCH(\".\",D424,SEARCH(\".\",D424)+1)+1,LEN(D424)-SEARCH(\".\",D424,SEARCH(\".\",D424)+1)-(LEN(D424)-(SEARCH(\".\",D424,SEARCH(\".\",D424,SEARCH(\".\",D424)+1)+1)-1)))),\"\")","v":"6"},"6.3.6.1",{"$f":"IF($G424=\"SINAPI\",VLOOKUP($F424,DADOS_SINAPI,2,0),IF(G424=\"SETOP\",VLOOKUP($F424,DADOS_SETOP,2,0),IF(G424=\"CPU\",VLOOKUP($F424,DADOS_COMPOSICAO,2,0),IF(G424=\"SICRO\",VLOOKUP($F424,DADOS_SICRO,2,0),IF(G424=\"SUDECAP\",VLOOKUP(F424,DADOS_SUDECAP,2,0),IF(G424=\"COTAÇÃO\",VLOOKUP($F424,DADOS_COTACAO,2,0),\"\"))))))","v":"ALVENARIA DE BLOCOS DE CONCRETO ESTRUTURAL 19 X 19 X 39 CM (ESPESSURA 19 CM), FBK = 14 MPA, UTILIZANDO PALHETA."},"EST-008","CPU",{"$f":"IF(G424=\"SINAPI\",VLOOKUP($F424,DADOS_SINAPI,3,0),IF(G424=\"SETOP\",VLOOKUP($F424,DADOS_SETOP,3,0),IF(G424=\"CPU\",VLOOKUP($F424,DADOS_COMPOSICAO,10,0),IF(G424=\"SICRO\",VLOOKUP($F424,DADOS_SICRO,3,0),IF(G424=\"SUDECAP\",VLOOKUP(F424,DADOS_SUDECAP,3,0),IF(G424=\"COTAÇÃO\",VLOOKUP($F424,DADOS_COTACAO,9,0),\"\"))))))","v":"M2"},{"$f":"ROUND(F426,2)","v":54.06},{"$f":"TRUNC(IF(G424=\"SINAPI\",VLOOKUP($F424,DADOS_SINAPI,4,0),IF(G424=\"SETOP\",VLOOKUP($F424,DADOS_SETOP,4,0),IF(G424=\"CPU\",VLOOKUP($F424,DADOS_COMPOSICAO,13,0),IF(G424=\"SICRO\",VLOOKUP($F424,DADOS_SICRO,4,0),IF(G424=\"SUDECAP\",VLOOKUP(F424,DADOS_SUDECAP,4,0),IF(G424=\"COTAÇÃO\",VLOOKUP(F424,DADOS_COTACAO,12,0),\"\")))))),2)","v":133.88999999999999},"BDI 1",{"$f":"TRUNC(J424*(1+$N$17),2)","v":169.39},{"$f":"IFERROR(TRUNC(I424*J424,2),\"\")","v":7238.09},9157.2199999999993]
[2000]
[2000,null,null,null,"Total",{"$f":"54.06","v":54.06},"m²"]
[2000]
[{"$f":"IFERROR(LEFT(D428,SEARCH(\".\",D428)-1),\"\")","v":"6"},{"$f":"IFERROR(LEFT(RIGHT(D428,LEN(D428)-SEARCH(\".\",D428)),SEARCH(\".\",RIGHT(D428,LEN(D428)-SEARCH(\".\",D428)))-1),\"\")","v":"3"},{"$f":"IFERROR(IF(LEN(D428)-LEN(SUBSTITUTE(D428,\".\",\"\"))<>3,\"\",MID(D428,SEARCH(\".\",D428,SEARCH(\".\",D428)+1)+1,LEN(D428)-SEARCH(\".\",D428,SEARCH(\".\",D428)+1)-(LEN(D428)-(SEARCH(\".\",D428,SEARCH(\".\",D428,SEARCH(\".\",D428)+1)+1)-1)))),\"\")","v":"6"},"6.3.6.2",{"$f":"IF($G428=\"SINAPI\",VLOOKUP($F428,DADOS_SINAPI,2,0),IF(G428=\"SETOP\",VLOOKUP($F428,DADOS_SETOP,2,0),IF(G428=\"CPU\",VLOOKUP($F428,DADOS_COMPOSICAO,2,0),IF(G428=\"SICRO\",VLOOKUP($F428,DADOS_SICRO,2,0),IF(G428=\"SUDECAP\",VLOOKUP(F428,DADOS_SUDECAP,2,0),IF(G428=\"COTAÇÃO\",VLOOKUP($F428,DADOS_COTACAO,2,0),\"\"))))))","v":"GRAUTE FGK=15 MPA; TRAÇO 1:2,2:2,5:0,3 (EM MASSA SECA DE CIMENTO/ AREIA GROSSA/ BRITA 0/ ADITIVO) - PREPARO MECÂNICO COM BETONEIRA 400 L. AF_09/2021"},90282,"SINAPI",{"$f":"IF(G428=\"SINAPI\",VLOOKUP($F428,DADOS_SINAPI,3,0),IF(G428=\"SETOP\",VLOOKUP($F428,DADOS_SETOP,3,0),IF(G428=\"CPU\",VLOOKUP($F428,DADOS_COMPOSICAO,10,0),IF(G428=\"SICRO\",VLOOKUP($F428,DADOS_SICRO,3,0),IF(G428=\"SUDECAP\",VLOOKUP(F428,DADOS_SUDECAP,3,0),IF(G428=\"COTAÇÃO\",VLOOKUP($F428,DADOS_COTACAO,9,0),\"\"))))))","v":"M3"},{"$f":"ROUND(F430,2)","v":5.14},{"$f":"TRUNC(IF(G428=\"SINAPI\",VLOOKUP($F428,DADOS_SINAPI,4,0),IF(G428=\"SETOP\",VLOOKUP($F428,DADOS_SETOP,4,0),IF(G428=\"CPU\",VLOOKUP($F428,DADOS_COMPOSICAO,13,0),IF(G428=\"SICRO\",VLOOKUP($F428,DADOS_SICRO,4,0),IF(G428=\"SUDECAP\",VLOOKUP(F428,DADOS_SUDECAP,4,0),IF(G428=\"COTAÇÃO\",VLOOKUP(F428,DADOS_COTACAO,12,0),\"\")))))),2)","v":530.33000000000004},"BDI 1",{"$f":"TRUNC(J428*(1+$N$17),2)","v":670.97},{"$f":"IFERROR(TRUNC(I428*J428,2),\"\")","v":2725.89},3448.79]
[2000]
[2000,null,null,null,"Total",{"$f":"0.5*0.19*F426","v":5.1356999999999999},"m³"]
[2000]
[{"$f":"IFERROR(LEFT(D432,SEARCH(\".\",D432)-1),\"\")","v":"6"},{"$f":"IFERROR(LEFT(RIGHT(D432,LEN(D432)-SEARCH(\".\",D432)),SEARCH(\".\",RIGHT(D432,LEN(D432)-SEARCH(\".\",D432)))-1),\"\")","v":"3"},{"$f":"IFERROR(IF(LEN(D432)-LEN(SUBSTITUTE(D432,\".\",\"\"))<>3,\"\",MID(D432,SEARCH(\".\",D432,SEARCH(\".\",D432)+1)+1,LEN(D432)-SEARCH(\".\",D432,SEARCH(\".\",D432)+1)-(LEN(D432)-(SEARCH(\".\",D432,SEARCH(\".\",D432,SEARCH(\".\",D432)+1)+1)-1)))),\"\")","v":"6"},"6.3.6.3",{"$f":"IF($G432=\"SINAPI\",VLOOKUP($F432,DADOS_SINAPI,2,0),IF(G432=\"SETOP\",VLOOKUP($F432,DADOS_SETOP,2,0),IF(G432=\"CPU\",VLOOKUP($F432,DADOS_COMPOSICAO,2,0),IF(G432=\"SICRO\",VLOOKUP($F432,DADOS_SICRO,2,0),IF(G432=\"SUDECAP\",VLOOKUP(F432,DADOS_SUDECAP,2,0),IF(G432=\"COTAÇÃO\",VLOOKUP($F432,DADOS_COTACAO,2,0),\"\"))))))","v":"ARMAÇÃO DE ESTRUTURAS DIVERSAS DE CONCRETO ARMADO, EXCETO VIGAS, PILARES, LAJES E FUNDAÇÕES, UTILIZANDO AÇO CA-50 DE 8,0 MM - MONTAGEM. AF_06/2022"},92917,"SINAPI",{"$f":"IF(G432=\"SINAPI\",VLOOKUP($F432,DADOS_SINAPI,3,0),IF(G432=\"SETOP\",VLOOKUP($F432,DADOS_SETOP,3,0),IF(G432=\"CPU\",VLOOKUP($F432,DADOS_COMPOSICAO,10,0),IF(G432=\"SICRO\",VLOOKUP($F432,DADOS_SICRO,3,0),IF(G432=\"SUDECAP\",VLOOKUP(F432,DADOS_SUDECAP,3,0),IF(G432=\"COTAÇÃO\",VLOOKUP($F432,DADOS_COTACAO,9,0),\"\"))))))","v":"KG"},{"$f":"ROUND(F434,2)","v":117.45},{"$f":"TRUNC(IF(G432=\"SINAPI\",VLOOKUP($F432,DADOS_SINAPI,4,0),IF(G432=\"SETOP\",VLOOKUP($F432,DADOS_SETOP,4,0),IF(G432=\"CPU\",VLOOKUP($F432,DADOS_COMPOSICAO,13,0),IF(G432=\"SICRO\",VLOOKUP($F432,DADOS_SICRO,4,0),IF(G432=\"SUDECAP\",VLOOKUP(F432,DADOS_SUDECAP,4,0),IF(G432=\"COTAÇÃO\",VLOOKUP(F432,DADOS_COTACAO,12,0),\"\")))))),2)","v":13.22},"BDI 1",{"$f":"TRUNC(J432*(1+$N$17),2)","v":16.72},{"$f":"IFERROR(TRUNC(I432*J432,2),\"\")","v":1552.68},1963.76]
[2000]
[2000,null,null,null,"Total",{"$f":"5*F426*1.1*0.395","v":117.44535000000002},"kg"]
[2000]
[{"$f":"IFERROR(LEFT(D436,SEARCH(\".\",D436)-1),\"\")","v":"6"},{"$f":"IFERROR(LEFT(RIGHT(D436,LEN(D436)-SEARCH(\".\",D436)),SEARCH(\".\",RIGHT(D436,LEN(D436)-SEARCH(\".\",D436)))-1),\"\")","v":"3"},{"$f":"IFERROR(IF(LEN(D436)-LEN(SUBSTITUTE(D436,\".\",\"\"))<>3,\"\",MID(D436,SEARCH(\".\",D436,SEARCH(\".\",D436)+1)+1,LEN(D436)-SEARCH(\".\",D436,SEARCH(\".\",D436)+1)-(LEN(D436)-(SEARCH(\".\",D436,SEARCH(\".\",D436,SEARCH(\".\",D436)+1)+1)-1)))),\"\")","v":"6"},"6.3.6.4",{"$f":"IF($G436=\"SINAPI\",VLOOKUP($F436,DADOS_SINAPI,2,0),IF(G436=\"SETOP\",VLOOKUP($F436,DADOS_SETOP,2,0),IF(G436=\"CPU\",VLOOKUP($F436,DADOS_COMPOSICAO,2,0),IF(G436=\"SICRO\",VLOOKUP($F436,DADOS_SICRO,2,0),IF(G436=\"SUDECAP\",VLOOKUP(F436,DADOS_SUDECAP,2,0),IF(G436=\"COTAÇÃO\",VLOOKUP($F436,DADOS_COTACAO,2,0),\"\"))))))","v":"IMPERMEABILIZAÇÃO DE SUPERFÍCIE COM EMULSÃO ASFÁLTICA, 2 DEMÃOS. AF_09/2023"},98557,"SINAPI",{"$f":"IF(G436=\"SINAPI\",VLOOKUP($F436,DADOS_SINAPI,3,0),IF(G436=\"SETOP\",VLOOKUP($F436,DADOS_SETOP,3,0),IF(G436=\"CPU\",VLOOKUP($F436,DADOS_COMPOSICAO,10,0),IF(G436=\"SICRO\",VLOOKUP($F436,DADOS_SICRO,3,0),IF(G436=\"SUDECAP\",VLOOKUP(F436,DADOS_SUDECAP,3,0),IF(G436=\"COTAÇÃO\",VLOOKUP($F436,DADOS_COTACAO,9,0),\"\"))))))","v":"M2"},{"$f":"ROUND(F438,2)","v":100.96},{"$f":"TRUNC(IF(G436=\"SINAPI\",VLOOKUP($F436,DADOS_SINAPI,4,0),IF(G436=\"SETOP\",VLOOKUP($F436,DADOS_SETOP,4,0),IF(G436=\"CPU\",VLOOKUP($F436,DADOS_COMPOSICAO,13,0),IF(G436=\"SICRO\",VLOOKUP($F436,DADOS_SICRO,4,0),IF(G436=\"SUDECAP\",VLOOKUP(F436,DADOS_SUDECAP,4,0),IF(G436=\"COTAÇÃO\",VLOOKUP(F436,DADOS_COTACAO,12,0),\"\")))))),2)","v":39.840000000000003},"BDI 1",{"$f":"TRUNC(J436*(1+$N$17),2)","v":50.4},{"$f":"IFERROR(TRUNC(I436*J436,2),\"\")","v":4022.24},5088.38]
[2000]
[2000,null,null,null,"Total",100.96,"m²"]
[2000]
[1000,null,null,7,"SISTEMA VERTICAL",null,null,null,null,null,null,null,{"$f":"SUMIF(A:A,D440,M:M)","v":186340.73},{"$f":"SUMIF(A:A,D440,N:N)","v":235751.06999999998}]
[null,null,null,"7.1","VEDAÇÃO",null,null,null,null,null,null,null,{"$f":"IFERROR(SUMIFS(M:M,A:A,LEFT(D441,SEARCH(\".\",D441)-1),B:B,RIGHT(D441,LEN(D441)-SEARCH(\".\",D441))),\"\")","v":157171.85999999999},{"$f":"IFERROR(SUMIFS(N:N,A:A,LEFT(D441,SEARCH(\".\",D441)-1),B:B,RIGHT(D441,LEN(D441)-SEARCH(\".\",D441))),\"\")","v":198847.84999999998}]
[{"$f":"IFERROR(LEFT(D442,SEARCH(\".\",D442)-1),\"\")","v":"7"},{"$f":"IFERROR(LEFT(RIGHT(D442,LEN(D442)-SEARCH(\".\",D442)),SEARCH(\".\",RIGHT(D442,LEN(D442)-SEARCH(\".\",D442)))-1),\"\")","v":"1"},{"$f":"IFERROR(IF(LEN(D442)-LEN(SUBSTITUTE(D442,\".\",\"\"))<>3,\"\",MID(D442,SEARCH(\".\",D442,SEARCH(\".\",D442)+1)+1,LEN(D442)-SEARCH(\".\",D442,SEARCH(\".\",D442)+1)-(LEN(D442)-(SEARCH(\".\",D442,SEARCH(\".\",D442,SEARCH(\".\",D442)+1)+1)-1)))),\"\")","v":""},"7.1.1",{"$f":"IF($G442=\"SINAPI\",VLOOKUP($F442,DADOS_SINAPI,2,0),IF(G442=\"SETOP\",VLOOKUP($F442,DADOS_SETOP,2,0),IF(G442=\"CPU\",VLOOKUP($F442,DADOS_COMPOSICAO,2,0),IF(G442=\"SICRO\",VLOOKUP($F442,DADOS_SICRO,2,0),IF(G442=\"SUDECAP\",VLOOKUP(F442,DADOS_SUDECAP,2,0),IF(G442=\"COTAÇÃO\",VLOOKUP($F442,DADOS_COTACAO,2,0),\"\"))))))","v":"ALVENARIA DE VEDAÇÃO DE BLOCOS VAZADOS DE CONCRETO DE 9X19X39 CM (ESPESSURA 9 CM) E ARGAMASSA DE ASSENTAMENTO COM PREPARO EM BETONEIRA. AF_12/2021"},103316,"SINAPI",{"$f":"IF(G442=\"SINAPI\",VLOOKUP($F442,DADOS_SINAPI,3,0),IF(G442=\"SETOP\",VLOOKUP($F442,DADOS_SETOP,3,0),IF(G442=\"CPU\",VLOOKUP($F442,DADOS_COMPOSICAO,10,0),IF(G442=\"SICRO\",VLOOKUP($F442,DADOS_SICRO,3,0),IF(G442=\"SUDECAP\",VLOOKUP(F442,DADOS_SUDECAP,3,0),IF(G442=\"COTAÇÃO\",VLOOKUP($F442,DADOS_COTACAO,9,0),\"\"))))))","v":"M2"},{"$f":"F446","v":16.440000000000001},{"$f":"TRUNC(IF(G442=\"SINAPI\",VLOOKUP($F442,DADOS_SINAPI,4,0),IF(G442=\"SETOP\",VLOOKUP($F442,DADOS_SETOP,4,0),IF(G442=\"CPU\",VLOOKUP($F442,DADOS_COMPOSICAO,13,0),IF(G442=\"SICRO\",VLOOKUP($F442,DADOS_SICRO,4,0),IF(G442=\"SUDECAP\",VLOOKUP(F442,DADOS_SUDECAP,4,0),IF(G442=\"COTAÇÃO\",VLOOKUP(F442,DADOS_COTACAO,12,0),\"\")))))),2)","v":74.95},"BDI 1",{"$f":"TRUNC(J442*(1+$N$17),2)","v":94.82},{"$f":"IFERROR(TRUNC(I442*J442,2),\"\")","v":1232.17},1558.84]
[2000]
[2000,null,null,null,"Balcão Recepção",4.96,"m²"]
[2000,null,null,null,"Fachada",11.48,"m²"]
[2000,null,null,null,"Total",{"$f":"SUM(F444:F445)","v":16.440000000000001},"m²"]
[2000]
[{"$f":"IFERROR(LEFT(D448,SEARCH(\".\",D448)-1),\"\")","v":"7"},{"$f":"IFERROR(LEFT(RIGHT(D448,LEN(D448)-SEARCH(\".\",D448)),SEARCH(\".\",RIGHT(D448,LEN(D448)-SEARCH(\".\",D448)))-1),\"\")","v":"1"},{"$f":"IFERROR(IF(LEN(D448)-LEN(SUBSTITUTE(D448,\".\",\"\"))<>3,\"\",MID(D448,SEARCH(\".\",D448,SEARCH(\".\",D448)+1)+1,LEN(D448)-SEARCH(\".\",D448,SEARCH(\".\",D448)+1)-(LEN(D448)-(SEARCH(\".\",D448,SEARCH(\".\",D448,SEARCH(\".\",D448)+1)+1)-1)))),\"\")","v":""},"7.1.2",{"$f":"IF($G448=\"SINAPI\",VLOOKUP($F448,DADOS_SINAPI,2,0),IF(G448=\"SETOP\",VLOOKUP($F448,DADOS_SETOP,2,0),IF(G448=\"CPU\",VLOOKUP($F448,DADOS_COMPOSICAO,2,0),IF(G448=\"SICRO\",VLOOKUP($F448,DADOS_SICRO,2,0),IF(G448=\"SUDECAP\",VLOOKUP(F448,DADOS_SUDECAP,2,0),IF(G448=\"COTAÇÃO\",VLOOKUP($F448,DADOS_COTACAO,2,0),\"\"))))))","v":"ALVENARIA DE VEDAÇÃO DE BLOCOS VAZADOS DE CONCRETO DE 14X19X39 CM (ESPESSURA 14 CM)  E ARGAMASSA DE ASSENTAMENTO COM PREPARO EM BETONEIRA. AF_12/2021"},103318,"SINAPI",{"$f":"IF(G448=\"SINAPI\",VLOOKUP($F448,DADOS_SINAPI,3,0),IF(G448=\"SETOP\",VLOOKUP($F448,DADOS_SETOP,3,0),IF(G448=\"CPU\",VLOOKUP($F448,DADOS_COMPOSICAO,10,0),IF(G448=\"SICRO\",VLOOKUP($F448,DADOS_SICRO,3,0),IF(G448=\"SUDECAP\",VLOOKUP(F448,DADOS_SUDECAP,3,0),IF(G448=\"COTAÇÃO\",VLOOKUP($F448,DADOS_COTACAO,9,0),\"\"))))))","v":"M2"},{"$f":"F453","v":952.1400000000001},{"$f":"TRUNC(IF(G448=\"SINAPI\",VLOOKUP($F448,DADOS_SINAPI,4,0),IF(G448=\"SETOP\",VLOOKUP($F448,DADOS_SETOP,4,0),IF(G448=\"CPU\",VLOOKUP($F448,DADOS_COMPOSICAO,13,0),IF(G448=\"SICRO\",VLOOKUP($F448,DADOS_SICRO,4,0),IF(G448=\"SUDECAP\",VLOOKUP(F448,DADOS_SUDECAP,4,0),IF(G448=\"COTAÇÃO\",VLOOKUP(F448,DADOS_COTACAO,12,0),\"\")))))),2)","v":97.06},"BDI 1",{"$f":"TRUNC(J448*(1+$N$17),2)","v":122.8},{"$f":"IFERROR(TRUNC(I448*J448,2),\"\")","v":92414.7},116922.79]
[2000]
[2000,null,null,null,"Muro",127.43,"m²"]
[2000,null,null,null,"Platibanda",61.14,"m²"]
[2000,null,null,null,"Vedação",763.57,"m²"]
[2000,null,null,null,"Total",{"$f":"SUM(F450:F452)","v":952.1400000000001},"m²"]
[2000]
[{"$f":"IFERROR(LEFT(D455,SEARCH(\".\",D455)-1),\"\")","v":"7"},{"$f":"IFERROR(LEFT(RIGHT(D455,LEN(D455)-SEARCH(\".\",D455)),SEARCH(\".\",RIGHT(D455,LEN(D455)-SEARCH(\".\",D455)))-1),\"\")","v":"1"},{"$f":"IFERROR(IF(LEN(D455)-LEN(SUBSTITUTE(D455,\".\",\"\"))<>3,\"\",MID(D455,SEARCH(\".\",D455,SEARCH(\".\",D455)+1)+1,LEN(D455)-SEARCH(\".\",D455,SEARCH(\".\",D455)+1)-(LEN(D455)-(SEARCH(\".\",D455,SEARCH(\".\",D455,SEARCH(\".\",D455)+1)+1)-1)))),\"\")","v":""},"7.1.3",{"$f":"IF($G455=\"SINAPI\",VLOOKUP($F455,DADOS_SINAPI,2,0),IF(G455=\"SETOP\",VLOOKUP($F455,DADOS_SETOP,2,0),IF(G455=\"CPU\",VLOOKUP($F455,DADOS_COMPOSICAO,2,0),IF(G455=\"SICRO\",VLOOKUP($F455,DADOS_SICRO,2,0),IF(G455=\"SUDECAP\",VLOOKUP(F455,DADOS_SUDECAP,2,0),IF(G455=\"COTAÇÃO\",VLOOKUP($F455,DADOS_COTACAO,2,0),\"\"))))))","v":"ALVENARIA DE VEDAÇÃO DE BLOCOS VAZADOS DE CONCRETO DE 19X19X39 CM (ESPESSURA 19 CM) E ARGAMASSA DE ASSENTAMENTO COM PREPARO EM BETONEIRA. AF_12/2021"},103320,"SINAPI",{"$f":"IF(G455=\"SINAPI\",VLOOKUP($F455,DADOS_SINAPI,3,0),IF(G455=\"SETOP\",VLOOKUP($F455,DADOS_SETOP,3,0),IF(G455=\"CPU\",VLOOKUP($F455,DADOS_COMPOSICAO,10,0),IF(G455=\"SICRO\",VLOOKUP($F455,DADOS_SICRO,3,0),IF(G455=\"SUDECAP\",VLOOKUP(F455,DADOS_SUDECAP,3,0),IF(G455=\"COTAÇÃO\",VLOOKUP($F455,DADOS_COTACAO,9,0),\"\"))))))","v":"M2"},{"$f":"F459","v":309.61},{"$f":"TRUNC(IF(G455=\"SINAPI\",VLOOKUP($F455,DADOS_SINAPI,4,0),IF(G455=\"SETOP\",VLOOKUP($F455,DADOS_SETOP,4,0),IF(G455=\"CPU\",VLOOKUP($F455,DADOS_COMPOSICAO,13,0),IF(G455=\"SICRO\",VLOOKUP($F455,DADOS_SICRO,4,0),IF(G455=\"SUDECAP\",VLOOKUP(F455,DADOS_SUDECAP,4,0),IF(G455=\"COTAÇÃO\",VLOOKUP(F455,DADOS_COTACAO,12,0),\"\")))))),2)","v":117.07},"BDI 1",{"$f":"TRUNC(J455*(1+$N$17),2)","v":148.11000000000001},{"$f":"IFERROR(TRUNC(I455*J455,2),\"\")","v":36246.04},45856.34]
[2000]
[2000,null,null,null,"Fachada",3.24,"m²"]
[2000,null,null,null,"Pilotis",306.37,"m²"]
[2000,null,null,null,"Total",{"$f":"SUM(F457:F458)","v":309.61},"m²"]
[2000]
[{"$f":"IFERROR(LEFT(D461,SEARCH(\".\",D461)-1),\"\")","v":"7"},{"$f":"IFERROR(LEFT(RIGHT(D461,LEN(D461)-SEARCH(\".\",D461)),SEARCH(\".\",RIGHT(D461,LEN(D461)-SEARCH(\".\",D461)))-1),\"\")","v":"1"},{"$f":"IFERROR(IF(LEN(D461)-LEN(SUBSTITUTE(D461,\".\",\"\"))<>3,\"\",MID(D461,SEARCH(\".\",D461,SEARCH(\".\",D461)+1)+1,LEN(D461)-SEARCH(\".\",D461,SEARCH(\".\",D461)+1)-(LEN(D461)-(SEARCH(\".\",D461,SEARCH(\".\",D461,SEARCH(\".\",D461)+1)+1)-1)))),\"\")","v":""},"7.1.4",{"$f":"IF($G461=\"SINAPI\",VLOOKUP($F461,DADOS_SINAPI,2,0),IF(G461=\"SETOP\",VLOOKUP($F461,DADOS_SETOP,2,0),IF(G461=\"CPU\",VLOOKUP($F461,DADOS_COMPOSICAO,2,0),IF(G461=\"SICRO\",VLOOKUP($F461,DADOS_SICRO,2,0),IF(G461=\"SUDECAP\",VLOOKUP(F461,DADOS_SUDECAP,2,0),IF(G461=\"COTAÇÃO\",VLOOKUP($F461,DADOS_COTACAO,2,0),\"\"))))))","v":"GRADIL NYLOFOR H=2.03 M INCLUSIVE POSTE OU EQUIVALENTE"},"13.38.29","SUDECAP",{"$f":"IF(G461=\"SINAPI\",VLOOKUP($F461,DADOS_SINAPI,3,0),IF(G461=\"SETOP\",VLOOKUP($F461,DADOS_SETOP,3,0),IF(G461=\"CPU\",VLOOKUP($F461,DADOS_COMPOSICAO,10,0),IF(G461=\"SICRO\",VLOOKUP($F461,DADOS_SICRO,3,0),IF(G461=\"SUDECAP\",VLOOKUP(F461,DADOS_SUDECAP,3,0),IF(G461=\"COTAÇÃO\",VLOOKUP($F461,DADOS_COTACAO,9,0),\"\"))))))","v":"M"},{"$f":"F464","v":43},{"$f":"TRUNC(IF(G461=\"SINAPI\",VLOOKUP($F461,DADOS_SINAPI,4,0),IF(G461=\"SETOP\",VLOOKUP($F461,DADOS_SETOP,4,0),IF(G461=\"CPU\",VLOOKUP($F461,DADOS_COMPOSICAO,13,0),IF(G461=\"SICRO\",VLOOKUP($F461,DADOS_SICRO,4,0),IF(G461=\"SUDECAP\",VLOOKUP(F461,DADOS_SUDECAP,4,0),IF(G461=\"COTAÇÃO\",VLOOKUP(F461,DADOS_COTACAO,12,0),\"\")))))),2)","v":315.89},"BDI 1",{"$f":"TRUNC(J461*(1+$N$17),2)","v":399.66},{"$f":"IFERROR(TRUNC(I461*J461,2),\"\")","v":13583.27},{"$f":"L461*I461","v":17185.38}]
[2000]
[2000,null,null,null,"Fachada",43,"m"]
[2000,null,null,null,"Total",{"$f":"SUM(F463:F463)","v":43},"m"]
[2000]
[{"$f":"IFERROR(LEFT(D466,SEARCH(\".\",D466)-1),\"\")","v":"7"},{"$f":"IFERROR(LEFT(RIGHT(D466,LEN(D466)-SEARCH(\".\",D466)),SEARCH(\".\",RIGHT(D466,LEN(D466)-SEARCH(\".\",D466)))-1),\"\")","v":"1"},{"$f":"IFERROR(IF(LEN(D466)-LEN(SUBSTITUTE(D466,\".\",\"\"))<>3,\"\",MID(D466,SEARCH(\".\",D466,SEARCH(\".\",D466)+1)+1,LEN(D466)-SEARCH(\".\",D466,SEARCH(\".\",D466)+1)-(LEN(D466)-(SEARCH(\".\",D466,SEARCH(\".\",D466,SEARCH(\".\",D466)+1)+1)-1)))),\"\")","v":""},"7.1.5",{"$f":"IF($G466=\"SINAPI\",VLOOKUP($F466,DADOS_SINAPI,2,0),IF(G466=\"SETOP\",VLOOKUP($F466,DADOS_SETOP,2,0),IF(G466=\"CPU\",VLOOKUP($F466,DADOS_COMPOSICAO,2,0),IF(G466=\"SICRO\",VLOOKUP($F466,DADOS_SICRO,2,0),IF(G466=\"SUDECAP\",VLOOKUP(F466,DADOS_SUDECAP,2,0),IF(G466=\"COTAÇÃO\",VLOOKUP($F466,DADOS_COTACAO,2,0),\"\"))))))","v":"FIXAÇÃO (ENCUNHAMENTO) DE ALVENARIA DE VEDAÇÃO COM TIJOLO MACIÇO. AF_03/2024"},93202,"SINAPI",{"$f":"IF(G466=\"SINAPI\",VLOOKUP($F466,DADOS_SINAPI,3,0),IF(G466=\"SETOP\",VLOOKUP($F466,DADOS_SETOP,3,0),IF(G466=\"CPU\",VLOOKUP($F466,DADOS_COMPOSICAO,10,0),IF(G466=\"SICRO\",VLOOKUP($F466,DADOS_SICRO,3,0),IF(G466=\"SUDECAP\",VLOOKUP(F466,DADOS_SUDECAP,3,0),IF(G466=\"COTAÇÃO\",VLOOKUP($F466,DADOS_COTACAO,9,0),\"\"))))))","v":"M"},{"$f":"F470","v":539.20000000000005},{"$f":"TRUNC(IF(G466=\"SINAPI\",VLOOKUP($F466,DADOS_SINAPI,4,0),IF(G466=\"SETOP\",VLOOKUP($F466,DADOS_SETOP,4,0),IF(G466=\"CPU\",VLOOKUP($F466,DADOS_COMPOSICAO,13,0),IF(G466=\"SICRO\",VLOOKUP($F466,DADOS_SICRO,4,0),IF(G466=\"SUDECAP\",VLOOKUP(F466,DADOS_SUDECAP,4,0),IF(G466=\"COTAÇÃO\",VLOOKUP(F466,DADOS_COTACAO,12,0),\"\")))))),2)","v":25.4},"BDI 1",{"$f":"TRUNC(J466*(1+$N$17),2)","v":32.130000000000003},{"$f":"IFERROR(TRUNC(I466*J466,2),\"\")","v":13695.68},17324.5]
[2000]
[2000,null,null,null,"Vedação",401.1,"m"]
[2000,null,null,null,"Pilotis",{"$f":"31.2+106.9","v":138.1},"m"]
[2000,null,null,null,"Total",{"$f":"SUM(F468:F469)","v":539.20000000000005},"m"]
[2000]
[null,null,null,"7.2","DIVISÓRIAS",null,null,null,null,null,null,null,{"$f":"IFERROR(SUMIFS(M:M,A:A,LEFT(D472,SEARCH(\".\",D472)-1),B:B,RIGHT(D472,LEN(D472)-SEARCH(\".\",D472))),\"\")","v":5271.98},{"$f":"IFERROR(SUMIFS(N:N,A:A,LEFT(D472,SEARCH(\".\",D472)-1),B:B,RIGHT(D472,LEN(D472)-SEARCH(\".\",D472))),\"\")","v":6670.06}]
[{"$f":"IFERROR(LEFT(D473,SEARCH(\".\",D473)-1),\"\")","v":"7"},{"$f":"IFERROR(LEFT(RIGHT(D473,LEN(D473)-SEARCH(\".\",D473)),SEARCH(\".\",RIGHT(D473,LEN(D473)-SEARCH(\".\",D473)))-1),\"\")","v":"2"},{"$f":"IFERROR(IF(LEN(D473)-LEN(SUBSTITUTE(D473,\".\",\"\"))<>3,\"\",MID(D473,SEARCH(\".\",D473,SEARCH(\".\",D473)+1)+1,LEN(D473)-SEARCH(\".\",D473,SEARCH(\".\",D473)+1)-(LEN(D473)-(SEARCH(\".\",D473,SEARCH(\".\",D473,SEARCH(\".\",D473)+1)+1)-1)))),\"\")","v":""},"7.2.1",{"$f":"IF($G473=\"SINAPI\",VLOOKUP($F473,DADOS_SINAPI,2,0),IF(G473=\"SETOP\",VLOOKUP($F473,DADOS_SETOP,2,0),IF(G473=\"CPU\",VLOOKUP($F473,DADOS_COMPOSICAO,2,0),IF(G473=\"SICRO\",VLOOKUP($F473,DADOS_SICRO,2,0),IF(G473=\"SUDECAP\",VLOOKUP(F473,DADOS_SUDECAP,2,0),IF(G473=\"COTAÇÃO\",VLOOKUP($F473,DADOS_COTACAO,2,0),\"\"))))))","v":"DIVISÓRIA EM GRANITO CINZA ANDORINHA, ESP. 3CM, INCLUSIVE INSTALAÇÃO, FERRAGENS EM LATÃO CROMADO E ACESSÓRIOS"},"ED-48533","SETOP",{"$f":"IF(G473=\"SINAPI\",VLOOKUP($F473,DADOS_SINAPI,3,0),IF(G473=\"SETOP\",VLOOKUP($F473,DADOS_SETOP,3,0),IF(G473=\"CPU\",VLOOKUP($F473,DADOS_COMPOSICAO,10,0),IF(G473=\"SICRO\",VLOOKUP($F473,DADOS_SICRO,3,0),IF(G473=\"SUDECAP\",VLOOKUP(F473,DADOS_SUDECAP,3,0),IF(G473=\"COTAÇÃO\",VLOOKUP($F473,DADOS_COTACAO,9,0),\"\"))))))","v":"m2"},{"$f":"F479","v":8.0400000000000009},{"$f":"TRUNC(IF(G473=\"SINAPI\",VLOOKUP($F473,DADOS_SINAPI,4,0),IF(G473=\"SETOP\",VLOOKUP($F473,DADOS_SETOP,4,0),IF(G473=\"CPU\",VLOOKUP($F473,DADOS_COMPOSICAO,13,0),IF(G473=\"SICRO\",VLOOKUP($F473,DADOS_SICRO,4,0),IF(G473=\"SUDECAP\",VLOOKUP(F473,DADOS_SUDECAP,4,0),IF(G473=\"COTAÇÃO\",VLOOKUP(F473,DADOS_COTACAO,12,0),\"\")))))),2)","v":655.72},"BDI 1",{"$f":"TRUNC(J473*(1+$N$17),2)","v":829.61},{"$f":"IFERROR(TRUNC(I473*J473,2),\"\")","v":5271.98},6670.06]
[2000]
[2000,null,null,null,"Escovário",1.62,"m²"]
[2000,null,null,null,"Sala de Curativos",0.15,"m²"]
[2000,null,null,null,"Vestiário Feminino",5.04,"m²"]
[2000,null,null,null,"Vestiário Masculino",2.85,"m²"]
[2000,null,null,null,"Total",{"$f":"SUM(F476:F478)","v":8.0400000000000009},"m²"]
[2000]
[null,null,null,"7.3","PELE DE VIDRO",null,null,null,null,null,null,null,{"$f":"IFERROR(SUMIFS(M:M,A:A,LEFT(D481,SEARCH(\".\",D481)-1),B:B,RIGHT(D481,LEN(D481)-SEARCH(\".\",D481))),\"\")","v":11991.94},{"$f":"IFERROR(SUMIFS(N:N,A:A,LEFT(D481,SEARCH(\".\",D481)-1),B:B,RIGHT(D481,LEN(D481)-SEARCH(\".\",D481))),\"\")","v":15172.11}]
[{"$f":"IFERROR(LEFT(D482,SEARCH(\".\",D482)-1),\"\")","v":"7"},{"$f":"IFERROR(LEFT(RIGHT(D482,LEN(D482)-SEARCH(\".\",D482)),SEARCH(\".\",RIGHT(D482,LEN(D482)-SEARCH(\".\",D482)))-1),\"\")","v":"3"},{"$f":"IFERROR(IF(LEN(D482)-LEN(SUBSTITUTE(D482,\".\",\"\"))<>3,\"\",MID(D482,SEARCH(\".\",D482,SEARCH(\".\",D482)+1)+1,LEN(D482)-SEARCH(\".\",D482,SEARCH(\".\",D482)+1)-(LEN(D482)-(SEARCH(\".\",D482,SEARCH(\".\",D482,SEARCH(\".\",D482)+1)+1)-1)))),\"\")","v":""},"7.3.1",{"$f":"IF($G482=\"SINAPI\",VLOOKUP($F482,DADOS_SINAPI,2,0),IF(G482=\"SETOP\",VLOOKUP($F482,DADOS_SETOP,2,0),IF(G482=\"CPU\",VLOOKUP($F482,DADOS_COMPOSICAO,2,0),IF(G482=\"SICRO\",VLOOKUP($F482,DADOS_SICRO,2,0),IF(G482=\"SUDECAP\",VLOOKUP(F482,DADOS_SUDECAP,2,0),IF(G482=\"COTAÇÃO\",VLOOKUP($F482,DADOS_COTACAO,2,0),\"\"))))))","v":"INSTALAÇÃO DE VIDRO LAMINADO, E = 8 MM (4+4), ENCAIXADO EM PERFIL U. AF_01/2021_PS"},102176,"SINAPI",{"$f":"IF(G482=\"SINAPI\",VLOOKUP($F482,DADOS_SINAPI,3,0),IF(G482=\"SETOP\",VLOOKUP($F482,DADOS_SETOP,3,0),IF(G482=\"CPU\",VLOOKUP($F482,DADOS_COMPOSICAO,10,0),IF(G482=\"SICRO\",VLOOKUP($F482,DADOS_SICRO,3,0),IF(G482=\"SUDECAP\",VLOOKUP(F482,DADOS_SUDECAP,3,0),IF(G482=\"COTAÇÃO\",VLOOKUP($F482,DADOS_COTACAO,9,0),\"\"))))))","v":"M2"},{"$f":"F485","v":17.05},{"$f":"TRUNC(IF(G482=\"SINAPI\",VLOOKUP($F482,DADOS_SINAPI,4,0),IF(G482=\"SETOP\",VLOOKUP($F482,DADOS_SETOP,4,0),IF(G482=\"CPU\",VLOOKUP($F482,DADOS_COMPOSICAO,13,0),IF(G482=\"SICRO\",VLOOKUP($F482,DADOS_SICRO,4,0),IF(G482=\"SUDECAP\",VLOOKUP(F482,DADOS_SUDECAP,4,0),IF(G482=\"COTAÇÃO\",VLOOKUP(F482,DADOS_COTACAO,12,0),\"\")))))),2)","v":703.34},"BDI 1",{"$f":"TRUNC(J482*(1+$N$17),2)","v":889.86},{"$f":"IFERROR(TRUNC(I482*J482,2),\"\")","v":11991.94},15172.11]
[2000]
[2000,null,null,null,"Fachada",17.05,"m²"]
[2000,null,null,null,"Total",{"$f":"SUM(F484:F484)","v":17.05},"m²"]
[2000]
[null,null,null,"7.4","ACABAMENTOS",null,null,null,null,null,null,null,{"$f":"IFERROR(SUMIFS(M:M,A:A,LEFT(D487,SEARCH(\".\",D487)-1),B:B,RIGHT(D487,LEN(D487)-SEARCH(\".\",D487))),\"\")","v":4062.2},{"$f":"IFERROR(SUMIFS(N:N,A:A,LEFT(D487,SEARCH(\".\",D487)-1),B:B,RIGHT(D487,LEN(D487)-SEARCH(\".\",D487))),\"\")","v":5138.55}]
[{"$f":"IFERROR(LEFT(D488,SEARCH(\".\",D488)-1),\"\")","v":"7"},{"$f":"IFERROR(LEFT(RIGHT(D488,LEN(D488)-SEARCH(\".\",D488)),SEARCH(\".\",RIGHT(D488,LEN(D488)-SEARCH(\".\",D488)))-1),\"\")","v":"4"},{"$f":"IFERROR(IF(LEN(D488)-LEN(SUBSTITUTE(D488,\".\",\"\"))<>3,\"\",MID(D488,SEARCH(\".\",D488,SEARCH(\".\",D488)+1)+1,LEN(D488)-SEARCH(\".\",D488,SEARCH(\".\",D488)+1)-(LEN(D488)-(SEARCH(\".\",D488,SEARCH(\".\",D488,SEARCH(\".\",D488)+1)+1)-1)))),\"\")","v":""},"7.4.1",{"$f":"IF($G488=\"SINAPI\",VLOOKUP($F488,DADOS_SINAPI,2,0),IF(G488=\"SETOP\",VLOOKUP($F488,DADOS_SETOP,2,0),IF(G488=\"CPU\",VLOOKUP($F488,DADOS_COMPOSICAO,2,0),IF(G488=\"SICRO\",VLOOKUP($F488,DADOS_SICRO,2,0),IF(G488=\"SUDECAP\",VLOOKUP(F488,DADOS_SUDECAP,2,0),IF(G488=\"COTAÇÃO\",VLOOKUP($F488,DADOS_COTACAO,2,0),\"\"))))))","v":"CHAPIM (RUFO CAPA) EM AÇO GALVANIZADO, CORTE 33. AF_11/2020"},101979,"SINAPI",{"$f":"IF(G488=\"SINAPI\",VLOOKUP($F488,DADOS_SINAPI,3,0),IF(G488=\"SETOP\",VLOOKUP($F488,DADOS_SETOP,3,0),IF(G488=\"CPU\",VLOOKUP($F488,DADOS_COMPOSICAO,10,0),IF(G488=\"SICRO\",VLOOKUP($F488,DADOS_SICRO,3,0),IF(G488=\"SUDECAP\",VLOOKUP(F488,DADOS_SUDECAP,3,0),IF(G488=\"COTAÇÃO\",VLOOKUP($F488,DADOS_COTACAO,9,0),\"\"))))))","v":"M"},{"$f":"F490","v":95},{"$f":"TRUNC(IF(G488=\"SINAPI\",VLOOKUP($F488,DADOS_SINAPI,4,0),IF(G488=\"SETOP\",VLOOKUP($F488,DADOS_SETOP,4,0),IF(G488=\"CPU\",VLOOKUP($F488,DADOS_COMPOSICAO,13,0),IF(G488=\"SICRO\",VLOOKUP($F488,DADOS_SICRO,4,0),IF(G488=\"SUDECAP\",VLOOKUP(F488,DADOS_SUDECAP,4,0),IF(G488=\"COTAÇÃO\",VLOOKUP(F488,DADOS_COTACAO,12,0),\"\")))))),2)","v":42.76},"BDI 1",{"$f":"TRUNC(J488*(1+$N$17),2)","v":54.09},{"$f":"IFERROR(TRUNC(I488*J488,2),\"\")","v":4062.2},{"$f":"L488*I488","v":5138.55}]
[2000]
[2000,null,null,null,"Total",95,"m "]
[2000]
[null,null,null,"7.5","SEGURANÇA",null,null,null,null,null,null,null,{"$f":"IFERROR(SUMIFS(M:M,A:A,LEFT(D492,SEARCH(\".\",D492)-1),B:B,RIGHT(D492,LEN(D492)-SEARCH(\".\",D492))),\"\")","v":7842.75},{"$f":"IFERROR(SUMIFS(N:N,A:A,LEFT(D492,SEARCH(\".\",D492)-1),B:B,RIGHT(D492,LEN(D492)-SEARCH(\".\",D492))),\"\")","v":9922.5}]
[{"$f":"IFERROR(LEFT(D493,SEARCH(\".\",D493)-1),\"\")","v":"7"},{"$f":"IFERROR(LEFT(RIGHT(D493,LEN(D493)-SEARCH(\".\",D493)),SEARCH(\".\",RIGHT(D493,LEN(D493)-SEARCH(\".\",D493)))-1),\"\")","v":"5"},{"$f":"IFERROR(IF(LEN(D493)-LEN(SUBSTITUTE(D493,\".\",\"\"))<>3,\"\",MID(D493,SEARCH(\".\",D493,SEARCH(\".\",D493)+1)+1,LEN(D493)-SEARCH(\".\",D493,SEARCH(\".\",D493)+1)-(LEN(D493)-(SEARCH(\".\",D493,SEARCH(\".\",D493,SEARCH(\".\",D493)+1)+1)-1)))),\"\")","v":""},"7.5.1",{"$f":"IF($G493=\"SINAPI\",VLOOKUP($F493,DADOS_SINAPI,2,0),IF(G493=\"SETOP\",VLOOKUP($F493,DADOS_SETOP,2,0),IF(G493=\"CPU\",VLOOKUP($F493,DADOS_COMPOSICAO,2,0),IF(G493=\"SICRO\",VLOOKUP($F493,DADOS_SICRO,2,0),IF(G493=\"SUDECAP\",VLOOKUP(F493,DADOS_SUDECAP,2,0),IF(G493=\"COTAÇÃO\",VLOOKUP($F493,DADOS_COTACAO,2,0),\"\"))))))","v":"CORRIMÃO DUPLO EM TUBO DE AÇO INOX D = 1 1/2\" FIXADO EM PISO"},"ALV-001","CPU",{"$f":"IF(G493=\"SINAPI\",VLOOKUP($F493,DADOS_SINAPI,3,0),IF(G493=\"SETOP\",VLOOKUP($F493,DADOS_SETOP,3,0),IF(G493=\"CPU\",VLOOKUP($F493,DADOS_COMPOSICAO,10,0),IF(G493=\"SICRO\",VLOOKUP($F493,DADOS_SICRO,3,0),IF(G493=\"SUDECAP\",VLOOKUP(F493,DADOS_SUDECAP,3,0),IF(G493=\"COTAÇÃO\",VLOOKUP($F493,DADOS_COTACAO,9,0),\"\"))))))","v":"M"},{"$f":"F496","v":5.52},{"$f":"TRUNC(IF(G493=\"SINAPI\",VLOOKUP($F493,DADOS_SINAPI,4,0),IF(G493=\"SETOP\",VLOOKUP($F493,DADOS_SETOP,4,0),IF(G493=\"CPU\",VLOOKUP($F493,DADOS_COMPOSICAO,13,0),IF(G493=\"SICRO\",VLOOKUP($F493,DADOS_SICRO,4,0),IF(G493=\"SUDECAP\",VLOOKUP(F493,DADOS_SUDECAP,4,0),IF(G493=\"COTAÇÃO\",VLOOKUP(F493,DADOS_COTACAO,12,0),\"\")))))),2)","v":430.38},"BDI 1",{"$f":"TRUNC(J493*(1+$N$17),2)","v":544.51},{"$f":"IFERROR(TRUNC(I493*J493,2),\"\")","v":2375.69},3005.7]
[2000]
[2000,null,null,null,"Rampa",5.52,"m "]
[2000,null,null,null,"Total",{"$f":"SUM(F495:F495)","v":5.52},"m "]
[2000]
[{"$f":"IFERROR(LEFT(D498,SEARCH(\".\",D498)-1),\"\")","v":"7"},{"$f":"IFERROR(LEFT(RIGHT(D498,LEN(D498)-SEARCH(\".\",D498)),SEARCH(\".\",RIGHT(D498,LEN(D498)-SEARCH(\".\",D498)))-1),\"\")","v":"5"},{"$f":"IFERROR(IF(LEN(D498)-LEN(SUBSTITUTE(D498,\".\",\"\"))<>3,\"\",MID(D498,SEARCH(\".\",D498,SEARCH(\".\",D498)+1)+1,LEN(D498)-SEARCH(\".\",D498,SEARCH(\".\",D498)+1)-(LEN(D498)-(SEARCH(\".\",D498,SEARCH(\".\",D498,SEARCH(\".\",D498)+1)+1)-1)))),\"\")","v":""},"7.5.2",{"$f":"IF($G498=\"SINAPI\",VLOOKUP($F498,DADOS_SINAPI,2,0),IF(G498=\"SETOP\",VLOOKUP($F498,DADOS_SETOP,2,0),IF(G498=\"CPU\",VLOOKUP($F498,DADOS_COMPOSICAO,2,0),IF(G498=\"SICRO\",VLOOKUP($F498,DADOS_SICRO,2,0),IF(G498=\"SUDECAP\",VLOOKUP(F498,DADOS_SUDECAP,2,0),IF(G498=\"COTAÇÃO\",VLOOKUP($F498,DADOS_COTACAO,2,0),\"\"))))))","v":"CORRIMÃO DUPLO EM TUBO DE AÇO INOX D = 1 1/2\"   FIXADO EM ALVENARIA"},"ED-50943","SETOP",{"$f":"IF(G498=\"SINAPI\",VLOOKUP($F498,DADOS_SINAPI,3,0),IF(G498=\"SETOP\",VLOOKUP($F498,DADOS_SETOP,3,0),IF(G498=\"CPU\",VLOOKUP($F498,DADOS_COMPOSICAO,10,0),IF(G498=\"SICRO\",VLOOKUP($F498,DADOS_SICRO,3,0),IF(G498=\"SUDECAP\",VLOOKUP(F498,DADOS_SUDECAP,3,0),IF(G498=\"COTAÇÃO\",VLOOKUP($F498,DADOS_COTACAO,9,0),\"\"))))))","v":"m"},{"$f":"F501","v":6},{"$f":"TRUNC(IF(G498=\"SINAPI\",VLOOKUP($F498,DADOS_SINAPI,4,0),IF(G498=\"SETOP\",VLOOKUP($F498,DADOS_SETOP,4,0),IF(G498=\"CPU\",VLOOKUP($F498,DADOS_COMPOSICAO,13,0),IF(G498=\"SICRO\",VLOOKUP($F498,DADOS_SICRO,4,0),IF(G498=\"SUDECAP\",VLOOKUP(F498,DADOS_SUDECAP,4,0),IF(G498=\"COTAÇÃO\",VLOOKUP(F498,DADOS_COTACAO,12,0),\"\")))))),2)","v":435.86},"BDI 1",{"$f":"TRUNC(J498*(1+$N$17),2)","v":551.45000000000005},{"$f":"IFERROR(TRUNC(I498*J498,2),\"\")","v":2615.16},3308.7]
[2000]
[2000,null,null,null,"Rampa",6,"m "]
[2000,null,null,null,"Total",{"$f":"SUM(F500:F500)","v":6},"m "]
[2000]
[{"$f":"IFERROR(LEFT(D503,SEARCH(\".\",D503)-1),\"\")","v":"7"},{"$f":"IFERROR(LEFT(RIGHT(D503,LEN(D503)-SEARCH(\".\",D503)),SEARCH(\".\",RIGHT(D503,LEN(D503)-SEARCH(\".\",D503)))-1),\"\")","v":"5"},{"$f":"IFERROR(IF(LEN(D503)-LEN(SUBSTITUTE(D503,\".\",\"\"))<>3,\"\",MID(D503,SEARCH(\".\",D503,SEARCH(\".\",D503)+1)+1,LEN(D503)-SEARCH(\".\",D503,SEARCH(\".\",D503)+1)-(LEN(D503)-(SEARCH(\".\",D503,SEARCH(\".\",D503,SEARCH(\".\",D503)+1)+1)-1)))),\"\")","v":""},"7.5.3",{"$f":"IF($G503=\"SINAPI\",VLOOKUP($F503,DADOS_SINAPI,2,0),IF(G503=\"SETOP\",VLOOKUP($F503,DADOS_SETOP,2,0),IF(G503=\"CPU\",VLOOKUP($F503,DADOS_COMPOSICAO,2,0),IF(G503=\"SICRO\",VLOOKUP($F503,DADOS_SICRO,2,0),IF(G503=\"SUDECAP\",VLOOKUP(F503,DADOS_SUDECAP,2,0),IF(G503=\"COTAÇÃO\",VLOOKUP($F503,DADOS_COTACAO,2,0),\"\"))))))","v":"INSTALAÇÃO DE CONCERTINA SIMPLES, ESPIRAL DE 300 MM. AF_03/2024"},105126,"SINAPI",{"$f":"IF(G503=\"SINAPI\",VLOOKUP($F503,DADOS_SINAPI,3,0),IF(G503=\"SETOP\",VLOOKUP($F503,DADOS_SETOP,3,0),IF(G503=\"CPU\",VLOOKUP($F503,DADOS_COMPOSICAO,10,0),IF(G503=\"SICRO\",VLOOKUP($F503,DADOS_SICRO,3,0),IF(G503=\"SUDECAP\",VLOOKUP(F503,DADOS_SUDECAP,3,0),IF(G503=\"COTAÇÃO\",VLOOKUP($F503,DADOS_COTACAO,9,0),\"\"))))))","v":"M"},{"$f":"F505","v":95},{"$f":"TRUNC(IF(G503=\"SINAPI\",VLOOKUP($F503,DADOS_SINAPI,4,0),IF(G503=\"SETOP\",VLOOKUP($F503,DADOS_SETOP,4,0),IF(G503=\"CPU\",VLOOKUP($F503,DADOS_COMPOSICAO,13,0),IF(G503=\"SICRO\",VLOOKUP($F503,DADOS_SICRO,4,0),IF(G503=\"SUDECAP\",VLOOKUP(F503,DADOS_SUDECAP,4,0),IF(G503=\"COTAÇÃO\",VLOOKUP(F503,DADOS_COTACAO,12,0),\"\")))))),2)","v":30.02},"BDI 1",{"$f":"TRUNC(J503*(1+$N$17),2)","v":37.979999999999997},{"$f":"IFERROR(TRUNC(I503*J503,2),\"\")","v":2851.9},{"$f":"L503*I503","v":3608.1}]
[2000]
[2000,null,null,null,"Total",95,"m "]
[2000]
[1000,null,null,8,"ESQUADRIAS",null,null,null,null,null,null,null,{"$f":"SUMIF(A:A,D507,M:M)","v":133171.94},{"$f":"SUMIF(A:A,D507,N:N)","v":168488.26999999996}]
[null,null,null,"8.1","PORTAS EM MADEIRA",null,null,null,null,null,null,null,{"$f":"IFERROR(SUMIFS(M:M,A:A,LEFT(D508,SEARCH(\".\",D508)-1),B:B,RIGHT(D508,LEN(D508)-SEARCH(\".\",D508))),\"\")","v":32329},{"$f":"IFERROR(SUMIFS(N:N,A:A,LEFT(D508,SEARCH(\".\",D508)-1),B:B,RIGHT(D508,LEN(D508)-SEARCH(\".\",D508))),\"\")","v":40902.5}]
[{"$f":"IFERROR(LEFT(D509,SEARCH(\".\",D509)-1),\"\")","v":"8"},{"$f":"IFERROR(LEFT(RIGHT(D509,LEN(D509)-SEARCH(\".\",D509)),SEARCH(\".\",RIGHT(D509,LEN(D509)-SEARCH(\".\",D509)))-1),\"\")","v":"1"},{"$f":"IFERROR(IF(LEN(D509)-LEN(SUBSTITUTE(D509,\".\",\"\"))<>3,\"\",MID(D509,SEARCH(\".\",D509,SEARCH(\".\",D509)+1)+1,LEN(D509)-SEARCH(\".\",D509,SEARCH(\".\",D509)+1)-(LEN(D509)-(SEARCH(\".\",D509,SEARCH(\".\",D509,SEARCH(\".\",D509)+1)+1)-1)))),\"\")","v":""},"8.1.1",{"$f":"IF($G509=\"SINAPI\",VLOOKUP($F509,DADOS_SINAPI,2,0),IF(G509=\"SETOP\",VLOOKUP($F509,DADOS_SETOP,2,0),IF(G509=\"CPU\",VLOOKUP($F509,DADOS_COMPOSICAO,2,0),IF(G509=\"SICRO\",VLOOKUP($F509,DADOS_SICRO,2,0),IF(G509=\"SUDECAP\",VLOOKUP(F509,DADOS_SUDECAP,2,0),IF(G509=\"COTAÇÃO\",VLOOKUP($F509,DADOS_COTACAO,2,0),\"\"))))))","v":"KIT DE PORTA DE MADEIRA PARA PINTURA, SEMI-OCA (LEVE OU MÉDIA), PADRÃO MÉDIO, 80X210CM, ESPESSURA DE 3,5CM, ITENS INCLUSOS: DOBRADIÇAS, MONTAGEM E INSTALAÇÃO DO BATENTE, FECHADURA COM EXECUÇÃO DO FURO - FORNECIMENTO E INSTALAÇÃO. AF_12/2019"},90843,"SINAPI",{"$f":"IF(G509=\"SINAPI\",VLOOKUP($F509,DADOS_SINAPI,3,0),IF(G509=\"SETOP\",VLOOKUP($F509,DADOS_SETOP,3,0),IF(G509=\"CPU\",VLOOKUP($F509,DADOS_COMPOSICAO,10,0),IF(G509=\"SICRO\",VLOOKUP($F509,DADOS_SICRO,3,0),IF(G509=\"SUDECAP\",VLOOKUP(F509,DADOS_SUDECAP,3,0),IF(G509=\"COTAÇÃO\",VLOOKUP($F509,DADOS_COTACAO,9,0),\"\"))))))","v":"UN"},{"$f":"F512","v":5},{"$f":"TRUNC(IF(G509=\"SINAPI\",VLOOKUP($F509,DADOS_SINAPI,4,0),IF(G509=\"SETOP\",VLOOKUP($F509,DADOS_SETOP,4,0),IF(G509=\"CPU\",VLOOKUP($F509,DADOS_COMPOSICAO,13,0),IF(G509=\"SICRO\",VLOOKUP($F509,DADOS_SICRO,4,0),IF(G509=\"SUDECAP\",VLOOKUP(F509,DADOS_SUDECAP,4,0),IF(G509=\"COTAÇÃO\",VLOOKUP(F509,DADOS_COTACAO,12,0),\"\")))))),2)","v":1014.9},"BDI 1",{"$f":"TRUNC(J509*(1+$N$17),2)","v":1284.05},{"$f":"IFERROR(TRUNC(I509*J509,2),\"\")","v":5074.5},{"$f":"L509*I509","v":6420.25}]
[2000]
[2000,null,null,null,"PM1",5,"un "]
[2000,null,null,null,"Total",{"$f":"F511","v":5},"un "]
[2000]
[{"$f":"IFERROR(LEFT(D514,SEARCH(\".\",D514)-1),\"\")","v":"8"},{"$f":"IFERROR(LEFT(RIGHT(D514,LEN(D514)-SEARCH(\".\",D514)),SEARCH(\".\",RIGHT(D514,LEN(D514)-SEARCH(\".\",D514)))-1),\"\")","v":"1"},{"$f":"IFERROR(IF(LEN(D514)-LEN(SUBSTITUTE(D514,\".\",\"\"))<>3,\"\",MID(D514,SEARCH(\".\",D514,SEARCH(\".\",D514)+1)+1,LEN(D514)-SEARCH(\".\",D514,SEARCH(\".\",D514)+1)-(LEN(D514)-(SEARCH(\".\",D514,SEARCH(\".\",D514,SEARCH(\".\",D514)+1)+1)-1)))),\"\")","v":""},"8.1.2",{"$f":"IF($G514=\"SINAPI\",VLOOKUP($F514,DADOS_SINAPI,2,0),IF(G514=\"SETOP\",VLOOKUP($F514,DADOS_SETOP,2,0),IF(G514=\"CPU\",VLOOKUP($F514,DADOS_COMPOSICAO,2,0),IF(G514=\"SICRO\",VLOOKUP($F514,DADOS_SICRO,2,0),IF(G514=\"SUDECAP\",VLOOKUP(F514,DADOS_SUDECAP,2,0),IF(G514=\"COTAÇÃO\",VLOOKUP($F514,DADOS_COTACAO,2,0),\"\"))))))","v":"KIT DE PORTA DE MADEIRA PARA PINTURA, SEMI-OCA (LEVE OU MÉDIA), PADRÃO MÉDIO, 90X210CM, ESPESSURA DE 3,5CM, ITENS INCLUSOS: DOBRADIÇAS, MONTAGEM E INSTALAÇÃO DO BATENTE, FECHADURA COM EXECUÇÃO DO FURO - FORNECIMENTO E INSTALAÇÃO. AF_12/2019"},90844,"SINAPI",{"$f":"IF(G514=\"SINAPI\",VLOOKUP($F514,DADOS_SINAPI,3,0),IF(G514=\"SETOP\",VLOOKUP($F514,DADOS_SETOP,3,0),IF(G514=\"CPU\",VLOOKUP($F514,DADOS_COMPOSICAO,10,0),IF(G514=\"SICRO\",VLOOKUP($F514,DADOS_SICRO,3,0),IF(G514=\"SUDECAP\",VLOOKUP(F514,DADOS_SUDECAP,3,0),IF(G514=\"COTAÇÃO\",VLOOKUP($F514,DADOS_COTACAO,9,0),\"\"))))))","v":"UN"},{"$f":"F517","v":25},{"$f":"TRUNC(IF(G514=\"SINAPI\",VLOOKUP($F514,DADOS_SINAPI,4,0),IF(G514=\"SETOP\",VLOOKUP($F514,DADOS_SETOP,4,0),IF(G514=\"CPU\",VLOOKUP($F514,DADOS_COMPOSICAO,13,0),IF(G514=\"SICRO\",VLOOKUP($F514,DADOS_SICRO,4,0),IF(G514=\"SUDECAP\",VLOOKUP(F514,DADOS_SUDECAP,4,0),IF(G514=\"COTAÇÃO\",VLOOKUP(F514,DADOS_COTACAO,12,0),\"\")))))),2)","v":1090.18},"BDI 1",{"$f":"TRUNC(J514*(1+$N$17),2)","v":1379.29},{"$f":"IFERROR(TRUNC(I514*J514,2),\"\")","v":27254.5},{"$f":"L514*I514","v":34482.25}]
[2000]
[2000,null,null,null,"PM2",25,"un "]
[2000,null,null,null,"Total",25,"un "]
[2000]
[null,null,null,"8.2","PORTAS E PORTÕES METÁLICOS",null,null,null,null,null,null,null,{"$f":"IFERROR(SUMIFS(M:M,A:A,LEFT(D519,SEARCH(\".\",D519)-1),B:B,RIGHT(D519,LEN(D519)-SEARCH(\".\",D519))),\"\")","v":8870.35},{"$f":"IFERROR(SUMIFS(N:N,A:A,LEFT(D519,SEARCH(\".\",D519)-1),B:B,RIGHT(D519,LEN(D519)-SEARCH(\".\",D519))),\"\")","v":11222.68}]
[{"$f":"IFERROR(LEFT(D520,SEARCH(\".\",D520)-1),\"\")","v":"8"},{"$f":"IFERROR(LEFT(RIGHT(D520,LEN(D520)-SEARCH(\".\",D520)),SEARCH(\".\",RIGHT(D520,LEN(D520)-SEARCH(\".\",D520)))-1),\"\")","v":"2"},{"$f":"IFERROR(IF(LEN(D520)-LEN(SUBSTITUTE(D520,\".\",\"\"))<>3,\"\",MID(D520,SEARCH(\".\",D520,SEARCH(\".\",D520)+1)+1,LEN(D520)-SEARCH(\".\",D520,SEARCH(\".\",D520)+1)-(LEN(D520)-(SEARCH(\".\",D520,SEARCH(\".\",D520,SEARCH(\".\",D520)+1)+1)-1)))),\"\")","v":""},"8.2.1",{"$f":"IF($G520=\"SINAPI\",VLOOKUP($F520,DADOS_SINAPI,2,0),IF(G520=\"SETOP\",VLOOKUP($F520,DADOS_SETOP,2,0),IF(G520=\"CPU\",VLOOKUP($F520,DADOS_COMPOSICAO,2,0),IF(G520=\"SICRO\",VLOOKUP($F520,DADOS_SICRO,2,0),IF(G520=\"SUDECAP\",VLOOKUP(F520,DADOS_SUDECAP,2,0),IF(G520=\"COTAÇÃO\",VLOOKUP($F520,DADOS_COTACAO,2,0),\"\"))))))","v":"PORTA DE ALUMÍNIO DE ABRIR COM LAMBRI, FIXAÇÃO COM PARAFUSOS - FORNECIMENTO E INSTALAÇÃO. "},"ARQ-001","CPU",{"$f":"IF(G520=\"SINAPI\",VLOOKUP($F520,DADOS_SINAPI,3,0),IF(G520=\"SETOP\",VLOOKUP($F520,DADOS_SETOP,3,0),IF(G520=\"CPU\",VLOOKUP($F520,DADOS_COMPOSICAO,10,0),IF(G520=\"SICRO\",VLOOKUP($F520,DADOS_SICRO,3,0),IF(G520=\"SUDECAP\",VLOOKUP(F520,DADOS_SUDECAP,3,0),IF(G520=\"COTAÇÃO\",VLOOKUP($F520,DADOS_COTACAO,9,0),\"\"))))))","v":"M2    "},{"$f":"F524","v":7.6},{"$f":"TRUNC(IF(G520=\"SINAPI\",VLOOKUP($F520,DADOS_SINAPI,4,0),IF(G520=\"SETOP\",VLOOKUP($F520,DADOS_SETOP,4,0),IF(G520=\"CPU\",VLOOKUP($F520,DADOS_COMPOSICAO,13,0),IF(G520=\"SICRO\",VLOOKUP($F520,DADOS_SICRO,4,0),IF(G520=\"SUDECAP\",VLOOKUP(F520,DADOS_SUDECAP,4,0),IF(G520=\"COTAÇÃO\",VLOOKUP(F520,DADOS_COTACAO,12,0),\"\")))))),2)","v":651.58000000000004},"BDI 1",{"$f":"TRUNC(J520*(1+$N$17),2)","v":824.37},{"$f":"IFERROR(TRUNC(I520*J520,2),\"\")","v":4952},6265.21]
[2000]
[2000,null,null,null,"PA1",5,"un "]
[2000,null,null,null,"Área",{"$f":"0.8*1.9","v":1.52},"m²"]
[2000,null,null,null,"Total",{"$f":"F522*F523","v":7.6},"m²"]
[2000]
[{"$f":"IFERROR(LEFT(D526,SEARCH(\".\",D526)-1),\"\")","v":"8"},{"$f":"IFERROR(LEFT(RIGHT(D526,LEN(D526)-SEARCH(\".\",D526)),SEARCH(\".\",RIGHT(D526,LEN(D526)-SEARCH(\".\",D526)))-1),\"\")","v":"2"},{"$f":"IFERROR(IF(LEN(D526)-LEN(SUBSTITUTE(D526,\".\",\"\"))<>3,\"\",MID(D526,SEARCH(\".\",D526,SEARCH(\".\",D526)+1)+1,LEN(D526)-SEARCH(\".\",D526,SEARCH(\".\",D526)+1)-(LEN(D526)-(SEARCH(\".\",D526,SEARCH(\".\",D526,SEARCH(\".\",D526)+1)+1)-1)))),\"\")","v":""},"8.2.2",{"$f":"IF($G526=\"SINAPI\",VLOOKUP($F526,DADOS_SINAPI,2,0),IF(G526=\"SETOP\",VLOOKUP($F526,DADOS_SETOP,2,0),IF(G526=\"CPU\",VLOOKUP($F526,DADOS_COMPOSICAO,2,0),IF(G526=\"SICRO\",VLOOKUP($F526,DADOS_SICRO,2,0),IF(G526=\"SUDECAP\",VLOOKUP(F526,DADOS_SUDECAP,2,0),IF(G526=\"COTAÇÃO\",VLOOKUP($F526,DADOS_COTACAO,2,0),\"\"))))))","v":"PORTÃO EM TUBO DE AÇO GALVANIZADO COM COSTURA, DIÂMETRO DE 1.1/2\" (38,1MM), ESP. 2MM, COM TELA QUADRICULADA ONDULADA, TRAMA DE 1/2\" (12,70MM), FIO 12 (2,77MM), EXCLUSIVE CADEADO E PINTURA"},"ED-50986","SETOP",{"$f":"IF(G526=\"SINAPI\",VLOOKUP($F526,DADOS_SINAPI,3,0),IF(G526=\"SETOP\",VLOOKUP($F526,DADOS_SETOP,3,0),IF(G526=\"CPU\",VLOOKUP($F526,DADOS_COMPOSICAO,10,0),IF(G526=\"SICRO\",VLOOKUP($F526,DADOS_SICRO,3,0),IF(G526=\"SUDECAP\",VLOOKUP(F526,DADOS_SUDECAP,3,0),IF(G526=\"COTAÇÃO\",VLOOKUP($F526,DADOS_COTACAO,9,0),\"\"))))))","v":"m2"},{"$f":"F530","v":4.2},{"$f":"TRUNC(IF(G526=\"SINAPI\",VLOOKUP($F526,DADOS_SINAPI,4,0),IF(G526=\"SETOP\",VLOOKUP($F526,DADOS_SETOP,4,0),IF(G526=\"CPU\",VLOOKUP($F526,DADOS_COMPOSICAO,13,0),IF(G526=\"SICRO\",VLOOKUP($F526,DADOS_SICRO,4,0),IF(G526=\"SUDECAP\",VLOOKUP(F526,DADOS_SUDECAP,4,0),IF(G526=\"COTAÇÃO\",VLOOKUP(F526,DADOS_COTACAO,12,0),\"\")))))),2)","v":539.83000000000004},"BDI 1",{"$f":"TRUNC(J526*(1+$N$17),2)","v":682.99},{"$f":"IFERROR(TRUNC(I526*J526,2),\"\")","v":2267.2800000000002},2868.56]
[2000]
[2000,null,null,null,"PF1",2,"un "]
[2000,null,null,null,"Área",{"$f":"1*2.1","v":2.1},"m²"]
[2000,null,null,null,"Total",{"$f":"F528*F529","v":4.2},"m²"]
[2000]
[{"$f":"IFERROR(LEFT(D532,SEARCH(\".\",D532)-1),\"\")","v":"8"},{"$f":"IFERROR(LEFT(RIGHT(D532,LEN(D532)-SEARCH(\".\",D532)),SEARCH(\".\",RIGHT(D532,LEN(D532)-SEARCH(\".\",D532)))-1),\"\")","v":"2"},{"$f":"IFERROR(IF(LEN(D532)-LEN(SUBSTITUTE(D532,\".\",\"\"))<>3,\"\",MID(D532,SEARCH(\".\",D532,SEARCH(\".\",D532)+1)+1,LEN(D532)-SEARCH(\".\",D532,SEARCH(\".\",D532)+1)-(LEN(D532)-(SEARCH(\".\",D532,SEARCH(\".\",D532,SEARCH(\".\",D532)+1)+1)-1)))),\"\")","v":""},"8.2.3",{"$f":"IF($G532=\"SINAPI\",VLOOKUP($F532,DADOS_SINAPI,2,0),IF(G532=\"SETOP\",VLOOKUP($F532,DADOS_SETOP,2,0),IF(G532=\"CPU\",VLOOKUP($F532,DADOS_COMPOSICAO,2,0),IF(G532=\"SICRO\",VLOOKUP($F532,DADOS_SICRO,2,0),IF(G532=\"SUDECAP\",VLOOKUP(F532,DADOS_SUDECAP,2,0),IF(G532=\"COTAÇÃO\",VLOOKUP($F532,DADOS_COTACAO,2,0),\"\"))))))","v":"PORTÃO PARA GRADIL, TIPO CORRER - FORNECIMENTO E INSTALAÇÃO"},"ARQ-002","CPU",{"$f":"IF(G532=\"SINAPI\",VLOOKUP($F532,DADOS_SINAPI,3,0),IF(G532=\"SETOP\",VLOOKUP($F532,DADOS_SETOP,3,0),IF(G532=\"CPU\",VLOOKUP($F532,DADOS_COMPOSICAO,10,0),IF(G532=\"SICRO\",VLOOKUP($F532,DADOS_SICRO,3,0),IF(G532=\"SUDECAP\",VLOOKUP(F532,DADOS_SUDECAP,3,0),IF(G532=\"COTAÇÃO\",VLOOKUP($F532,DADOS_COTACAO,9,0),\"\"))))))","v":"M2"},{"$f":"F536","v":3.9000000000000004},{"$f":"TRUNC(IF(G532=\"SINAPI\",VLOOKUP($F532,DADOS_SINAPI,4,0),IF(G532=\"SETOP\",VLOOKUP($F532,DADOS_SETOP,4,0),IF(G532=\"CPU\",VLOOKUP($F532,DADOS_COMPOSICAO,13,0),IF(G532=\"SICRO\",VLOOKUP($F532,DADOS_SICRO,4,0),IF(G532=\"SUDECAP\",VLOOKUP(F532,DADOS_SUDECAP,4,0),IF(G532=\"COTAÇÃO\",VLOOKUP(F532,DADOS_COTACAO,12,0),\"\")))))),2)","v":310.02},"BDI 1",{"$f":"TRUNC(J532*(1+$N$17),2)","v":392.23},{"$f":"IFERROR(TRUNC(I532*J532,2),\"\")","v":1209.07},1529.7]
[2000]
[2000,null,null,null,"PF2",1,"un "]
[2000,null,null,null,"Área",{"$f":"1.5*2.6","v":3.9000000000000004},"m²"]
[2000,null,null,null,"Total",{"$f":"F534*F535","v":3.9000000000000004},"m²"]
[2000]
[{"$f":"IFERROR(LEFT(D538,SEARCH(\".\",D538)-1),\"\")","v":"8"},{"$f":"IFERROR(LEFT(RIGHT(D538,LEN(D538)-SEARCH(\".\",D538)),SEARCH(\".\",RIGHT(D538,LEN(D538)-SEARCH(\".\",D538)))-1),\"\")","v":"2"},{"$f":"IFERROR(IF(LEN(D538)-LEN(SUBSTITUTE(D538,\".\",\"\"))<>3,\"\",MID(D538,SEARCH(\".\",D538,SEARCH(\".\",D538)+1)+1,LEN(D538)-SEARCH(\".\",D538,SEARCH(\".\",D538)+1)-(LEN(D538)-(SEARCH(\".\",D538,SEARCH(\".\",D538,SEARCH(\".\",D538)+1)+1)-1)))),\"\")","v":""},"8.2.4",{"$f":"IF($G538=\"SINAPI\",VLOOKUP($F538,DADOS_SINAPI,2,0),IF(G538=\"SETOP\",VLOOKUP($F538,DADOS_SETOP,2,0),IF(G538=\"CPU\",VLOOKUP($F538,DADOS_COMPOSICAO,2,0),IF(G538=\"SICRO\",VLOOKUP($F538,DADOS_SICRO,2,0),IF(G538=\"SUDECAP\",VLOOKUP(F538,DADOS_SUDECAP,2,0),IF(G538=\"COTAÇÃO\",VLOOKUP($F538,DADOS_COTACAO,2,0),\"\"))))))","v":"ALÇAPÃO (80X80)CM COM QUADRO DE CANTONEIRA METÁLICA 1\"X 1/8\", TAMPA EM CANTONEIRA 7/8\"X 1/8\" E CHAPA METÁLICA Nº18 VINCADA, INCLUSIVE FERROLHO, CADEADO E PINTURA ANTICORROSIVA"},"ED-50924","SETOP",{"$f":"IF(G538=\"SINAPI\",VLOOKUP($F538,DADOS_SINAPI,3,0),IF(G538=\"SETOP\",VLOOKUP($F538,DADOS_SETOP,3,0),IF(G538=\"CPU\",VLOOKUP($F538,DADOS_COMPOSICAO,10,0),IF(G538=\"SICRO\",VLOOKUP($F538,DADOS_SICRO,3,0),IF(G538=\"SUDECAP\",VLOOKUP(F538,DADOS_SUDECAP,3,0),IF(G538=\"COTAÇÃO\",VLOOKUP($F538,DADOS_COTACAO,9,0),\"\"))))))","v":"un"},{"$f":"F541","v":1},{"$f":"TRUNC(IF(G538=\"SINAPI\",VLOOKUP($F538,DADOS_SINAPI,4,0),IF(G538=\"SETOP\",VLOOKUP($F538,DADOS_SETOP,4,0),IF(G538=\"CPU\",VLOOKUP($F538,DADOS_COMPOSICAO,13,0),IF(G538=\"SICRO\",VLOOKUP($F538,DADOS_SICRO,4,0),IF(G538=\"SUDECAP\",VLOOKUP(F538,DADOS_SUDECAP,4,0),IF(G538=\"COTAÇÃO\",VLOOKUP(F538,DADOS_COTACAO,12,0),\"\")))))),2)","v":442},"BDI 1",{"$f":"TRUNC(J538*(1+$N$17),2)","v":559.21},{"$f":"IFERROR(TRUNC(I538*J538,2),\"\")","v":442},{"$f":"L538*I538","v":559.21}]
[2000]
[2000,null,null,null,"PF3",1,"un "]
[2000,null,null,null,"Total",{"$f":"F540","v":1},"un "]
[2000]
[null,null,null,"8.3","PORTAS ESPECIAIS",null,null,null,null,null,null,null,{"$f":"IFERROR(SUMIFS(M:M,A:A,LEFT(D543,SEARCH(\".\",D543)-1),B:B,RIGHT(D543,LEN(D543)-SEARCH(\".\",D543))),\"\")","v":4631.25},{"$f":"IFERROR(SUMIFS(N:N,A:A,LEFT(D543,SEARCH(\".\",D543)-1),B:B,RIGHT(D543,LEN(D543)-SEARCH(\".\",D543))),\"\")","v":5859.45}]
[{"$f":"IFERROR(LEFT(D544,SEARCH(\".\",D544)-1),\"\")","v":"8"},{"$f":"IFERROR(LEFT(RIGHT(D544,LEN(D544)-SEARCH(\".\",D544)),SEARCH(\".\",RIGHT(D544,LEN(D544)-SEARCH(\".\",D544)))-1),\"\")","v":"3"},{"$f":"IFERROR(IF(LEN(D544)-LEN(SUBSTITUTE(D544,\".\",\"\"))<>3,\"\",MID(D544,SEARCH(\".\",D544,SEARCH(\".\",D544)+1)+1,LEN(D544)-SEARCH(\".\",D544,SEARCH(\".\",D544)+1)-(LEN(D544)-(SEARCH(\".\",D544,SEARCH(\".\",D544,SEARCH(\".\",D544)+1)+1)-1)))),\"\")","v":""},"8.3.1",{"$f":"IF($G544=\"SINAPI\",VLOOKUP($F544,DADOS_SINAPI,2,0),IF(G544=\"SETOP\",VLOOKUP($F544,DADOS_SETOP,2,0),IF(G544=\"CPU\",VLOOKUP($F544,DADOS_COMPOSICAO,2,0),IF(G544=\"SICRO\",VLOOKUP($F544,DADOS_SICRO,2,0),IF(G544=\"SUDECAP\",VLOOKUP(F544,DADOS_SUDECAP,2,0),IF(G544=\"COTAÇÃO\",VLOOKUP($F544,DADOS_COTACAO,2,0),\"\"))))))","v":"PORTAS VAI E VEM EM ABS, 150 X 210 CM, COM VISOR - FORNECIMENTO E INSTALAÇÃO"},"COT-ARQ-001","COTAÇÃO",{"$f":"IF(G544=\"SINAPI\",VLOOKUP($F544,DADOS_SINAPI,3,0),IF(G544=\"SETOP\",VLOOKUP($F544,DADOS_SETOP,3,0),IF(G544=\"CPU\",VLOOKUP($F544,DADOS_COMPOSICAO,10,0),IF(G544=\"SICRO\",VLOOKUP($F544,DADOS_SICRO,3,0),IF(G544=\"SUDECAP\",VLOOKUP(F544,DADOS_SUDECAP,3,0),IF(G544=\"COTAÇÃO\",VLOOKUP($F544,DADOS_COTACAO,9,0),\"\"))))))","v":"UN "},{"$f":"F547","v":1},{"$f":"TRUNC(IF(G544=\"SINAPI\",VLOOKUP($F544,DADOS_SINAPI,4,0),IF(G544=\"SETOP\",VLOOKUP($F544,DADOS_SETOP,4,0),IF(G544=\"CPU\",VLOOKUP($F544,DADOS_COMPOSICAO,13,0),IF(G544=\"SICRO\",VLOOKUP($F544,DADOS_SICRO,4,0),IF(G544=\"SUDECAP\",VLOOKUP(F544,DADOS_SUDECAP,4,0),IF(G544=\"COTAÇÃO\",VLOOKUP(F544,DADOS_COTACAO,12,0),\"\")))))),2)","v":4631.25},"BDI 1",{"$f":"TRUNC(J544*(1+$N$17),2)","v":5859.45},{"$f":"IFERROR(TRUNC(I544*J544,2),\"\")","v":4631.25},{"$f":"L544*I544","v":5859.45}]
[2000]
[2000,null,null,null,"PA2",1,"un "]
[2000,null,null,null,"Total",{"$f":"F546","v":1},"un "]
[2000]
[null,null,null,"8.4","PORTAS DE VIDRO",null,null,null,null,null,null,null,{"$f":"IFERROR(SUMIFS(M:M,A:A,LEFT(D549,SEARCH(\".\",D549)-1),B:B,RIGHT(D549,LEN(D549)-SEARCH(\".\",D549))),\"\")","v":5736.74},{"$f":"IFERROR(SUMIFS(N:N,A:A,LEFT(D549,SEARCH(\".\",D549)-1),B:B,RIGHT(D549,LEN(D549)-SEARCH(\".\",D549))),\"\")","v":7258.1100000000006}]
[{"$f":"IFERROR(LEFT(D550,SEARCH(\".\",D550)-1),\"\")","v":"8"},{"$f":"IFERROR(LEFT(RIGHT(D550,LEN(D550)-SEARCH(\".\",D550)),SEARCH(\".\",RIGHT(D550,LEN(D550)-SEARCH(\".\",D550)))-1),\"\")","v":"4"},{"$f":"IFERROR(IF(LEN(D550)-LEN(SUBSTITUTE(D550,\".\",\"\"))<>3,\"\",MID(D550,SEARCH(\".\",D550,SEARCH(\".\",D550)+1)+1,LEN(D550)-SEARCH(\".\",D550,SEARCH(\".\",D550)+1)-(LEN(D550)-(SEARCH(\".\",D550,SEARCH(\".\",D550,SEARCH(\".\",D550)+1)+1)-1)))),\"\")","v":""},"8.4.1",{"$f":"IF($G550=\"SINAPI\",VLOOKUP($F550,DADOS_SINAPI,2,0),IF(G550=\"SETOP\",VLOOKUP($F550,DADOS_SETOP,2,0),IF(G550=\"CPU\",VLOOKUP($F550,DADOS_COMPOSICAO,2,0),IF(G550=\"SICRO\",VLOOKUP($F550,DADOS_SICRO,2,0),IF(G550=\"SUDECAP\",VLOOKUP(F550,DADOS_SUDECAP,2,0),IF(G550=\"COTAÇÃO\",VLOOKUP($F550,DADOS_COTACAO,2,0),\"\"))))))","v":"PORTA EM ALUMÍNIO COMPLETA, DIMENSÃO (2,20 X 2,10 M), COM DUAS FOLHAS MÓVEIS, LINHA 25/SUPREMA, ACABAMENTO ANODIZADO PRETO, INCLUSIVE PERFIS, VIDRO FUME LAMINADO 6MM, FERRAGENS E INSTALAÇÃO"},"ARQ-003","CPU",{"$f":"IF(G550=\"SINAPI\",VLOOKUP($F550,DADOS_SINAPI,3,0),IF(G550=\"SETOP\",VLOOKUP($F550,DADOS_SETOP,3,0),IF(G550=\"CPU\",VLOOKUP($F550,DADOS_COMPOSICAO,10,0),IF(G550=\"SICRO\",VLOOKUP($F550,DADOS_SICRO,3,0),IF(G550=\"SUDECAP\",VLOOKUP(F550,DADOS_SUDECAP,3,0),IF(G550=\"COTAÇÃO\",VLOOKUP($F550,DADOS_COTACAO,9,0),\"\"))))))","v":"UN "},{"$f":"F553","v":1},{"$f":"TRUNC(IF(G550=\"SINAPI\",VLOOKUP($F550,DADOS_SINAPI,4,0),IF(G550=\"SETOP\",VLOOKUP($F550,DADOS_SETOP,4,0),IF(G550=\"CPU\",VLOOKUP($F550,DADOS_COMPOSICAO,13,0),IF(G550=\"SICRO\",VLOOKUP($F550,DADOS_SICRO,4,0),IF(G550=\"SUDECAP\",VLOOKUP(F550,DADOS_SUDECAP,4,0),IF(G550=\"COTAÇÃO\",VLOOKUP(F550,DADOS_COTACAO,12,0),\"\")))))),2)","v":4388.78},"BDI 1",{"$f":"TRUNC(J550*(1+$N$17),2)","v":5552.68},{"$f":"IFERROR(TRUNC(I550*J550,2),\"\")","v":4388.78},{"$f":"L550*I550","v":5552.68}]
[2000,null,null,null,null,null,null,null,null,null,null,null,null,{"$f":"L551*I551","v":0}]
[2000,null,null,null,"PV2",1,"un ",null,null,null,null,null,null,0]
[2000,null,null,null,"Total",{"$f":"F552","v":1},"un ",null,null,null,null,null,null,0]
[2000,null,null,null,null,null,null,null,null,null,null,null,null,0]
[{"$f":"IFERROR(LEFT(D555,SEARCH(\".\",D555)-1),\"\")","v":"8"},{"$f":"IFERROR(LEFT(RIGHT(D555,LEN(D555)-SEARCH(\".\",D555)),SEARCH(\".\",RIGHT(D555,LEN(D555)-SEARCH(\".\",D555)))-1),\"\")","v":"4"},{"$f":"IFERROR(IF(LEN(D555)-LEN(SUBSTITUTE(D555,\".\",\"\"))<>3,\"\",MID(D555,SEARCH(\".\",D555,SEARCH(\".\",D555)+1)+1,LEN(D555)-SEARCH(\".\",D555,SEARCH(\".\",D555)+1)-(LEN(D555)-(SEARCH(\".\",D555,SEARCH(\".\",D555,SEARCH(\".\",D555)+1)+1)-1)))),\"\")","v":""},"8.4.2",{"$f":"IF($G555=\"SINAPI\",VLOOKUP($F555,DADOS_SINAPI,2,0),IF(G555=\"SETOP\",VLOOKUP($F555,DADOS_SETOP,2,0),IF(G555=\"CPU\",VLOOKUP($F555,DADOS_COMPOSICAO,2,0),IF(G555=\"SICRO\",VLOOKUP($F555,DADOS_SICRO,2,0),IF(G555=\"SUDECAP\",VLOOKUP(F555,DADOS_SUDECAP,2,0),IF(G555=\"COTAÇÃO\",VLOOKUP($F555,DADOS_COTACAO,2,0),\"\"))))))","v":"PORTA PIVOTANTE DE VIDRO JATEADO, 2 FOLHAS DE 70X210 CM, ESPESSURA DE 6MM, INCLUSIVE ACESSÓRIOS."},"ARQ-004","CPU",{"$f":"IF(G555=\"SINAPI\",VLOOKUP($F555,DADOS_SINAPI,3,0),IF(G555=\"SETOP\",VLOOKUP($F555,DADOS_SETOP,3,0),IF(G555=\"CPU\",VLOOKUP($F555,DADOS_COMPOSICAO,10,0),IF(G555=\"SICRO\",VLOOKUP($F555,DADOS_SICRO,3,0),IF(G555=\"SUDECAP\",VLOOKUP(F555,DADOS_SUDECAP,3,0),IF(G555=\"COTAÇÃO\",VLOOKUP($F555,DADOS_COTACAO,9,0),\"\"))))))","v":"UN "},{"$f":"F558","v":1},{"$f":"TRUNC(IF(G555=\"SINAPI\",VLOOKUP($F555,DADOS_SINAPI,4,0),IF(G555=\"SETOP\",VLOOKUP($F555,DADOS_SETOP,4,0),IF(G555=\"CPU\",VLOOKUP($F555,DADOS_COMPOSICAO,13,0),IF(G555=\"SICRO\",VLOOKUP($F555,DADOS_SICRO,4,0),IF(G555=\"SUDECAP\",VLOOKUP(F555,DADOS_SUDECAP,4,0),IF(G555=\"COTAÇÃO\",VLOOKUP(F555,DADOS_COTACAO,12,0),\"\")))))),2)","v":1347.96},"BDI 1",{"$f":"TRUNC(J555*(1+$N$17),2)","v":1705.43},{"$f":"IFERROR(TRUNC(I555*J555,2),\"\")","v":1347.96},1705.43]
[2000]
[2000,null,null,null,"PV1",1,"un "]
[2000,null,null,null,"Total",{"$f":"F557","v":1},"un "]
[2000]
[null,null,null,"8.5","JANELAS EM ALUMÍNIO",null,null,null,null,null,null,null,{"$f":"IFERROR(SUMIFS(M:M,A:A,LEFT(D560,SEARCH(\".\",D560)-1),B:B,RIGHT(D560,LEN(D560)-SEARCH(\".\",D560))),\"\")","v":54887.37},{"$f":"IFERROR(SUMIFS(N:N,A:A,LEFT(D560,SEARCH(\".\",D560)-1),B:B,RIGHT(D560,LEN(D560)-SEARCH(\".\",D560))),\"\")","v":69443.319999999992}]
[{"$f":"IFERROR(LEFT(D561,SEARCH(\".\",D561)-1),\"\")","v":"8"},{"$f":"IFERROR(LEFT(RIGHT(D561,LEN(D561)-SEARCH(\".\",D561)),SEARCH(\".\",RIGHT(D561,LEN(D561)-SEARCH(\".\",D561)))-1),\"\")","v":"5"},{"$f":"IFERROR(IF(LEN(D561)-LEN(SUBSTITUTE(D561,\".\",\"\"))<>3,\"\",MID(D561,SEARCH(\".\",D561,SEARCH(\".\",D561)+1)+1,LEN(D561)-SEARCH(\".\",D561,SEARCH(\".\",D561)+1)-(LEN(D561)-(SEARCH(\".\",D561,SEARCH(\".\",D561,SEARCH(\".\",D561)+1)+1)-1)))),\"\")","v":""},"8.5.1",{"$f":"IF($G561=\"SINAPI\",VLOOKUP($F561,DADOS_SINAPI,2,0),IF(G561=\"SETOP\",VLOOKUP($F561,DADOS_SETOP,2,0),IF(G561=\"CPU\",VLOOKUP($F561,DADOS_COMPOSICAO,2,0),IF(G561=\"SICRO\",VLOOKUP($F561,DADOS_SICRO,2,0),IF(G561=\"SUDECAP\",VLOOKUP(F561,DADOS_SUDECAP,2,0),IF(G561=\"COTAÇÃO\",VLOOKUP($F561,DADOS_COTACAO,2,0),\"\"))))))","v":"JANELA ESQUADRIA MAXIM-AR 0,40 X 1,00 M - PINTURA PRETA E VIDRO TEMPERADO FUME 6MM"},"COT-ARQ-002","COTAÇÃO",{"$f":"IF(G561=\"SINAPI\",VLOOKUP($F561,DADOS_SINAPI,3,0),IF(G561=\"SETOP\",VLOOKUP($F561,DADOS_SETOP,3,0),IF(G561=\"CPU\",VLOOKUP($F561,DADOS_COMPOSICAO,10,0),IF(G561=\"SICRO\",VLOOKUP($F561,DADOS_SICRO,3,0),IF(G561=\"SUDECAP\",VLOOKUP(F561,DADOS_SUDECAP,3,0),IF(G561=\"COTAÇÃO\",VLOOKUP($F561,DADOS_COTACAO,9,0),\"\"))))))","v":"UN "},{"$f":"F564","v":1},{"$f":"TRUNC(IF(G561=\"SINAPI\",VLOOKUP($F561,DADOS_SINAPI,4,0),IF(G561=\"SETOP\",VLOOKUP($F561,DADOS_SETOP,4,0),IF(G561=\"CPU\",VLOOKUP($F561,DADOS_COMPOSICAO,13,0),IF(G561=\"SICRO\",VLOOKUP($F561,DADOS_SICRO,4,0),IF(G561=\"SUDECAP\",VLOOKUP(F561,DADOS_SUDECAP,4,0),IF(G561=\"COTAÇÃO\",VLOOKUP(F561,DADOS_COTACAO,12,0),\"\")))))),2)","v":545.88},"BDI 1",{"$f":"TRUNC(J561*(1+$N$17),2)","v":690.64},{"$f":"IFERROR(TRUNC(I561*J561,2),\"\")","v":545.88},{"$f":"L561*I561","v":690.64}]
[2000]
[2000,null,null,null,"JA1",1,"un "]
[2000,null,null,null,"Total",{"$f":"F563","v":1},"un "]
[2000]
[{"$f":"IFERROR(LEFT(D566,SEARCH(\".\",D566)-1),\"\")","v":"8"},{"$f":"IFERROR(LEFT(RIGHT(D566,LEN(D566)-SEARCH(\".\",D566)),SEARCH(\".\",RIGHT(D566,LEN(D566)-SEARCH(\".\",D566)))-1),\"\")","v":"5"},{"$f":"IFERROR(IF(LEN(D566)-LEN(SUBSTITUTE(D566,\".\",\"\"))<>3,\"\",MID(D566,SEARCH(\".\",D566,SEARCH(\".\",D566)+1)+1,LEN(D566)-SEARCH(\".\",D566,SEARCH(\".\",D566)+1)-(LEN(D566)-(SEARCH(\".\",D566,SEARCH(\".\",D566,SEARCH(\".\",D566)+1)+1)-1)))),\"\")","v":""},"8.5.2",{"$f":"IF($G566=\"SINAPI\",VLOOKUP($F566,DADOS_SINAPI,2,0),IF(G566=\"SETOP\",VLOOKUP($F566,DADOS_SETOP,2,0),IF(G566=\"CPU\",VLOOKUP($F566,DADOS_COMPOSICAO,2,0),IF(G566=\"SICRO\",VLOOKUP($F566,DADOS_SICRO,2,0),IF(G566=\"SUDECAP\",VLOOKUP(F566,DADOS_SUDECAP,2,0),IF(G566=\"COTAÇÃO\",VLOOKUP($F566,DADOS_COTACAO,2,0),\"\"))))))","v":"JANELA ESQUADRIA MAXIM-AR 0,70 X 0,70 M - PINTURA PRETA E VIDRO TEMPERADO FUME 6MM"},"COT-ARQ-003","COTAÇÃO",{"$f":"IF(G566=\"SINAPI\",VLOOKUP($F566,DADOS_SINAPI,3,0),IF(G566=\"SETOP\",VLOOKUP($F566,DADOS_SETOP,3,0),IF(G566=\"CPU\",VLOOKUP($F566,DADOS_COMPOSICAO,10,0),IF(G566=\"SICRO\",VLOOKUP($F566,DADOS_SICRO,3,0),IF(G566=\"SUDECAP\",VLOOKUP(F566,DADOS_SUDECAP,3,0),IF(G566=\"COTAÇÃO\",VLOOKUP($F566,DADOS_COTACAO,9,0),\"\"))))))","v":"UN "},{"$f":"F569","v":12},{"$f":"TRUNC(IF(G566=\"SINAPI\",VLOOKUP($F566,DADOS_SINAPI,4,0),IF(G566=\"SETOP\",VLOOKUP($F566,DADOS_SETOP,4,0),IF(G566=\"CPU\",VLOOKUP($F566,DADOS_COMPOSICAO,13,0),IF(G566=\"SICRO\",VLOOKUP($F566,DADOS_SICRO,4,0),IF(G566=\"SUDECAP\",VLOOKUP(F566,DADOS_SUDECAP,4,0),IF(G566=\"COTAÇÃO\",VLOOKUP(F566,DADOS_COTACAO,12,0),\"\")))))),2)","v":583},"BDI 1",{"$f":"TRUNC(J566*(1+$N$17),2)","v":737.61},{"$f":"IFERROR(TRUNC(I566*J566,2),\"\")","v":6996},{"$f":"L566*I566","v":8851.32}]
[2000]
[2000,null,null,null,"JA2",12,"un "]
[2000,null,null,null,"Total",{"$f":"F568","v":12},"un "]
[2000]
[{"$f":"IFERROR(LEFT(D571,SEARCH(\".\",D571)-1),\"\")","v":"8"},{"$f":"IFERROR(LEFT(RIGHT(D571,LEN(D571)-SEARCH(\".\",D571)),SEARCH(\".\",RIGHT(D571,LEN(D571)-SEARCH(\".\",D571)))-1),\"\")","v":"5"},{"$f":"IFERROR(IF(LEN(D571)-LEN(SUBSTITUTE(D571,\".\",\"\"))<>3,\"\",MID(D571,SEARCH(\".\",D571,SEARCH(\".\",D571)+1)+1,LEN(D571)-SEARCH(\".\",D571,SEARCH(\".\",D571)+1)-(LEN(D571)-(SEARCH(\".\",D571,SEARCH(\".\",D571,SEARCH(\".\",D571)+1)+1)-1)))),\"\")","v":""},"8.5.3",{"$f":"IF($G571=\"SINAPI\",VLOOKUP($F571,DADOS_SINAPI,2,0),IF(G571=\"SETOP\",VLOOKUP($F571,DADOS_SETOP,2,0),IF(G571=\"CPU\",VLOOKUP($F571,DADOS_COMPOSICAO,2,0),IF(G571=\"SICRO\",VLOOKUP($F571,DADOS_SICRO,2,0),IF(G571=\"SUDECAP\",VLOOKUP(F571,DADOS_SUDECAP,2,0),IF(G571=\"COTAÇÃO\",VLOOKUP($F571,DADOS_COTACAO,2,0),\"\"))))))","v":"JANELA ESQUADRIA MAXIM-AR 0,70 X 0,90 M - PINTURA PRETA E VIDRO TEMPERADO FUME 6MM"},"COT-ARQ-004","COTAÇÃO",{"$f":"IF(G571=\"SINAPI\",VLOOKUP($F571,DADOS_SINAPI,3,0),IF(G571=\"SETOP\",VLOOKUP($F571,DADOS_SETOP,3,0),IF(G571=\"CPU\",VLOOKUP($F571,DADOS_COMPOSICAO,10,0),IF(G571=\"SICRO\",VLOOKUP($F571,DADOS_SICRO,3,0),IF(G571=\"SUDECAP\",VLOOKUP(F571,DADOS_SUDECAP,3,0),IF(G571=\"COTAÇÃO\",VLOOKUP($F571,DADOS_COTACAO,9,0),\"\"))))))","v":"UN "},{"$f":"F574","v":4},{"$f":"TRUNC(IF(G571=\"SINAPI\",VLOOKUP($F571,DADOS_SINAPI,4,0),IF(G571=\"SETOP\",VLOOKUP($F571,DADOS_SETOP,4,0),IF(G571=\"CPU\",VLOOKUP($F571,DADOS_COMPOSICAO,13,0),IF(G571=\"SICRO\",VLOOKUP($F571,DADOS_SICRO,4,0),IF(G571=\"SUDECAP\",VLOOKUP(F571,DADOS_SUDECAP,4,0),IF(G571=\"COTAÇÃO\",VLOOKUP(F571,DADOS_COTACAO,12,0),\"\")))))),2)","v":1468},"BDI 1",{"$f":"TRUNC(J571*(1+$N$17),2)","v":1857.31},{"$f":"IFERROR(TRUNC(I571*J571,2),\"\")","v":5872},7429.24]
[2000]
[2000,null,null,null,"JA3",4,"un "]
[2000,null,null,null,"Total",{"$f":"F573","v":4},"un "]
[2000]
[{"$f":"IFERROR(LEFT(D576,SEARCH(\".\",D576)-1),\"\")","v":"8"},{"$f":"IFERROR(LEFT(RIGHT(D576,LEN(D576)-SEARCH(\".\",D576)),SEARCH(\".\",RIGHT(D576,LEN(D576)-SEARCH(\".\",D576)))-1),\"\")","v":"5"},{"$f":"IFERROR(IF(LEN(D576)-LEN(SUBSTITUTE(D576,\".\",\"\"))<>3,\"\",MID(D576,SEARCH(\".\",D576,SEARCH(\".\",D576)+1)+1,LEN(D576)-SEARCH(\".\",D576,SEARCH(\".\",D576)+1)-(LEN(D576)-(SEARCH(\".\",D576,SEARCH(\".\",D576,SEARCH(\".\",D576)+1)+1)-1)))),\"\")","v":""},"8.5.4",{"$f":"IF($G576=\"SINAPI\",VLOOKUP($F576,DADOS_SINAPI,2,0),IF(G576=\"SETOP\",VLOOKUP($F576,DADOS_SETOP,2,0),IF(G576=\"CPU\",VLOOKUP($F576,DADOS_COMPOSICAO,2,0),IF(G576=\"SICRO\",VLOOKUP($F576,DADOS_SICRO,2,0),IF(G576=\"SUDECAP\",VLOOKUP(F576,DADOS_SUDECAP,2,0),IF(G576=\"COTAÇÃO\",VLOOKUP($F576,DADOS_COTACAO,2,0),\"\"))))))","v":"JANELA ESQUADRIA TIPO GUILHOTINA 1,00 X 1,00 M - PINTURA PRETA E VIDRO TEMPERADO FUME 6MM"},"COT-ARQ-005","COTAÇÃO",{"$f":"IF(G576=\"SINAPI\",VLOOKUP($F576,DADOS_SINAPI,3,0),IF(G576=\"SETOP\",VLOOKUP($F576,DADOS_SETOP,3,0),IF(G576=\"CPU\",VLOOKUP($F576,DADOS_COMPOSICAO,10,0),IF(G576=\"SICRO\",VLOOKUP($F576,DADOS_SICRO,3,0),IF(G576=\"SUDECAP\",VLOOKUP(F576,DADOS_SUDECAP,3,0),IF(G576=\"COTAÇÃO\",VLOOKUP($F576,DADOS_COTACAO,9,0),\"\"))))))","v":"UN "},{"$f":"F579","v":1},{"$f":"TRUNC(IF(G576=\"SINAPI\",VLOOKUP($F576,DADOS_SINAPI,4,0),IF(G576=\"SETOP\",VLOOKUP($F576,DADOS_SETOP,4,0),IF(G576=\"CPU\",VLOOKUP($F576,DADOS_COMPOSICAO,13,0),IF(G576=\"SICRO\",VLOOKUP($F576,DADOS_SICRO,4,0),IF(G576=\"SUDECAP\",VLOOKUP(F576,DADOS_SUDECAP,4,0),IF(G576=\"COTAÇÃO\",VLOOKUP(F576,DADOS_COTACAO,12,0),\"\")))))),2)","v":1074},"BDI 1",{"$f":"TRUNC(J576*(1+$N$17),2)","v":1358.82},{"$f":"IFERROR(TRUNC(I576*J576,2),\"\")","v":1074},1358.82]
[2000]
[2000,null,null,null,"JA4",1,"un "]
[2000,null,null,null,"Total",{"$f":"F578","v":1},"un "]
[2000]
[{"$f":"IFERROR(LEFT(D581,SEARCH(\".\",D581)-1),\"\")","v":"8"},{"$f":"IFERROR(LEFT(RIGHT(D581,LEN(D581)-SEARCH(\".\",D581)),SEARCH(\".\",RIGHT(D581,LEN(D581)-SEARCH(\".\",D581)))-1),\"\")","v":"5"},{"$f":"IFERROR(IF(LEN(D581)-LEN(SUBSTITUTE(D581,\".\",\"\"))<>3,\"\",MID(D581,SEARCH(\".\",D581,SEARCH(\".\",D581)+1)+1,LEN(D581)-SEARCH(\".\",D581,SEARCH(\".\",D581)+1)-(LEN(D581)-(SEARCH(\".\",D581,SEARCH(\".\",D581,SEARCH(\".\",D581)+1)+1)-1)))),\"\")","v":""},"8.5.5",{"$f":"IF($G581=\"SINAPI\",VLOOKUP($F581,DADOS_SINAPI,2,0),IF(G581=\"SETOP\",VLOOKUP($F581,DADOS_SETOP,2,0),IF(G581=\"CPU\",VLOOKUP($F581,DADOS_COMPOSICAO,2,0),IF(G581=\"SICRO\",VLOOKUP($F581,DADOS_SICRO,2,0),IF(G581=\"SUDECAP\",VLOOKUP(F581,DADOS_SUDECAP,2,0),IF(G581=\"COTAÇÃO\",VLOOKUP($F581,DADOS_COTACAO,2,0),\"\"))))))","v":"JANELA ESQUADRIA MAXIM-AR 1,60 X 0,60 M - PINTURA PRETA E VIDRO TEMPERADO FUME 6MM"},"COT-ARQ-006","COTAÇÃO",{"$f":"IF(G581=\"SINAPI\",VLOOKUP($F581,DADOS_SINAPI,3,0),IF(G581=\"SETOP\",VLOOKUP($F581,DADOS_SETOP,3,0),IF(G581=\"CPU\",VLOOKUP($F581,DADOS_COMPOSICAO,10,0),IF(G581=\"SICRO\",VLOOKUP($F581,DADOS_SICRO,3,0),IF(G581=\"SUDECAP\",VLOOKUP(F581,DADOS_SUDECAP,3,0),IF(G581=\"COTAÇÃO\",VLOOKUP($F581,DADOS_COTACAO,9,0),\"\"))))))","v":"UN "},{"$f":"F584","v":2},{"$f":"TRUNC(IF(G581=\"SINAPI\",VLOOKUP($F581,DADOS_SINAPI,4,0),IF(G581=\"SETOP\",VLOOKUP($F581,DADOS_SETOP,4,0),IF(G581=\"CPU\",VLOOKUP($F581,DADOS_COMPOSICAO,13,0),IF(G581=\"SICRO\",VLOOKUP($F581,DADOS_SICRO,4,0),IF(G581=\"SUDECAP\",VLOOKUP(F581,DADOS_SUDECAP,4,0),IF(G581=\"COTAÇÃO\",VLOOKUP(F581,DADOS_COTACAO,12,0),\"\")))))),2)","v":1015.06},"BDI 1",{"$f":"TRUNC(J581*(1+$N$17),2)","v":1284.25},{"$f":"IFERROR(TRUNC(I581*J581,2),\"\")","v":2030.12},2568.5]
[2000]
[2000,null,null,null,"JA5",2,"un "]
[2000,null,null,null,"Total",{"$f":"F583","v":2},"un "]
[2000]
[{"$f":"IFERROR(LEFT(D586,SEARCH(\".\",D586)-1),\"\")","v":"8"},{"$f":"IFERROR(LEFT(RIGHT(D586,LEN(D586)-SEARCH(\".\",D586)),SEARCH(\".\",RIGHT(D586,LEN(D586)-SEARCH(\".\",D586)))-1),\"\")","v":"5"},{"$f":"IFERROR(IF(LEN(D586)-LEN(SUBSTITUTE(D586,\".\",\"\"))<>3,\"\",MID(D586,SEARCH(\".\",D586,SEARCH(\".\",D586)+1)+1,LEN(D586)-SEARCH(\".\",D586,SEARCH(\".\",D586)+1)-(LEN(D586)-(SEARCH(\".\",D586,SEARCH(\".\",D586,SEARCH(\".\",D586)+1)+1)-1)))),\"\")","v":""},"8.5.6",{"$f":"IF($G586=\"SINAPI\",VLOOKUP($F586,DADOS_SINAPI,2,0),IF(G586=\"SETOP\",VLOOKUP($F586,DADOS_SETOP,2,0),IF(G586=\"CPU\",VLOOKUP($F586,DADOS_COMPOSICAO,2,0),IF(G586=\"SICRO\",VLOOKUP($F586,DADOS_SICRO,2,0),IF(G586=\"SUDECAP\",VLOOKUP(F586,DADOS_SUDECAP,2,0),IF(G586=\"COTAÇÃO\",VLOOKUP($F586,DADOS_COTACAO,2,0),\"\"))))))","v":"JANELA ESQUADRIA MAXIM-AR 1,60 X 0,70 M - PINTURA PRETA E VIDRO TEMPERADO FUME 6MM"},"COT-ARQ-007","COTAÇÃO",{"$f":"IF(G586=\"SINAPI\",VLOOKUP($F586,DADOS_SINAPI,3,0),IF(G586=\"SETOP\",VLOOKUP($F586,DADOS_SETOP,3,0),IF(G586=\"CPU\",VLOOKUP($F586,DADOS_COMPOSICAO,10,0),IF(G586=\"SICRO\",VLOOKUP($F586,DADOS_SICRO,3,0),IF(G586=\"SUDECAP\",VLOOKUP(F586,DADOS_SUDECAP,3,0),IF(G586=\"COTAÇÃO\",VLOOKUP($F586,DADOS_COTACAO,9,0),\"\"))))))","v":"UN "},{"$f":"F589","v":2},{"$f":"TRUNC(IF(G586=\"SINAPI\",VLOOKUP($F586,DADOS_SINAPI,4,0),IF(G586=\"SETOP\",VLOOKUP($F586,DADOS_SETOP,4,0),IF(G586=\"CPU\",VLOOKUP($F586,DADOS_COMPOSICAO,13,0),IF(G586=\"SICRO\",VLOOKUP($F586,DADOS_SICRO,4,0),IF(G586=\"SUDECAP\",VLOOKUP(F586,DADOS_SUDECAP,4,0),IF(G586=\"COTAÇÃO\",VLOOKUP(F586,DADOS_COTACAO,12,0),\"\")))))),2)","v":1092.47},"BDI 1",{"$f":"TRUNC(J586*(1+$N$17),2)","v":1382.19},{"$f":"IFERROR(TRUNC(I586*J586,2),\"\")","v":2184.94},2764.38]
[2000]
[2000,null,null,null,"JA6",2,"un "]
[2000,null,null,null,"Total",{"$f":"F588","v":2},"un "]
[2000]
[{"$f":"IFERROR(LEFT(D591,SEARCH(\".\",D591)-1),\"\")","v":"8"},{"$f":"IFERROR(LEFT(RIGHT(D591,LEN(D591)-SEARCH(\".\",D591)),SEARCH(\".\",RIGHT(D591,LEN(D591)-SEARCH(\".\",D591)))-1),\"\")","v":"5"},{"$f":"IFERROR(IF(LEN(D591)-LEN(SUBSTITUTE(D591,\".\",\"\"))<>3,\"\",MID(D591,SEARCH(\".\",D591,SEARCH(\".\",D591)+1)+1,LEN(D591)-SEARCH(\".\",D591,SEARCH(\".\",D591)+1)-(LEN(D591)-(SEARCH(\".\",D591,SEARCH(\".\",D591,SEARCH(\".\",D591)+1)+1)-1)))),\"\")","v":""},"8.5.7",{"$f":"IF($G591=\"SINAPI\",VLOOKUP($F591,DADOS_SINAPI,2,0),IF(G591=\"SETOP\",VLOOKUP($F591,DADOS_SETOP,2,0),IF(G591=\"CPU\",VLOOKUP($F591,DADOS_COMPOSICAO,2,0),IF(G591=\"SICRO\",VLOOKUP($F591,DADOS_SICRO,2,0),IF(G591=\"SUDECAP\",VLOOKUP(F591,DADOS_SUDECAP,2,0),IF(G591=\"COTAÇÃO\",VLOOKUP($F591,DADOS_COTACAO,2,0),\"\"))))))","v":"JANELA ESQUADRIA MAXIM-AR 2,00 X 1,00 M - PINTURA PRETA E VIDRO TEMPERADO FUME 6MM"},"COT-ARQ-008","COTAÇÃO",{"$f":"IF(G591=\"SINAPI\",VLOOKUP($F591,DADOS_SINAPI,3,0),IF(G591=\"SETOP\",VLOOKUP($F591,DADOS_SETOP,3,0),IF(G591=\"CPU\",VLOOKUP($F591,DADOS_COMPOSICAO,10,0),IF(G591=\"SICRO\",VLOOKUP($F591,DADOS_SICRO,3,0),IF(G591=\"SUDECAP\",VLOOKUP(F591,DADOS_SUDECAP,3,0),IF(G591=\"COTAÇÃO\",VLOOKUP($F591,DADOS_COTACAO,9,0),\"\"))))))","v":"UN "},{"$f":"F594","v":11},{"$f":"TRUNC(IF(G591=\"SINAPI\",VLOOKUP($F591,DADOS_SINAPI,4,0),IF(G591=\"SETOP\",VLOOKUP($F591,DADOS_SETOP,4,0),IF(G591=\"CPU\",VLOOKUP($F591,DADOS_COMPOSICAO,13,0),IF(G591=\"SICRO\",VLOOKUP($F591,DADOS_SICRO,4,0),IF(G591=\"SUDECAP\",VLOOKUP(F591,DADOS_SUDECAP,4,0),IF(G591=\"COTAÇÃO\",VLOOKUP(F591,DADOS_COTACAO,12,0),\"\")))))),2)","v":1725.76},"BDI 1",{"$f":"TRUNC(J591*(1+$N$17),2)","v":2183.4299999999998},{"$f":"IFERROR(TRUNC(I591*J591,2),\"\")","v":18983.36},24017.73]
[2000]
[2000,null,null,null,"JA7",11,"un "]
[2000,null,null,null,"Total",{"$f":"F593","v":11},"un "]
[2000]
[{"$f":"IFERROR(LEFT(D596,SEARCH(\".\",D596)-1),\"\")","v":"8"},{"$f":"IFERROR(LEFT(RIGHT(D596,LEN(D596)-SEARCH(\".\",D596)),SEARCH(\".\",RIGHT(D596,LEN(D596)-SEARCH(\".\",D596)))-1),\"\")","v":"5"},{"$f":"IFERROR(IF(LEN(D596)-LEN(SUBSTITUTE(D596,\".\",\"\"))<>3,\"\",MID(D596,SEARCH(\".\",D596,SEARCH(\".\",D596)+1)+1,LEN(D596)-SEARCH(\".\",D596,SEARCH(\".\",D596)+1)-(LEN(D596)-(SEARCH(\".\",D596,SEARCH(\".\",D596,SEARCH(\".\",D596)+1)+1)-1)))),\"\")","v":""},"8.5.8",{"$f":"IF($G596=\"SINAPI\",VLOOKUP($F596,DADOS_SINAPI,2,0),IF(G596=\"SETOP\",VLOOKUP($F596,DADOS_SETOP,2,0),IF(G596=\"CPU\",VLOOKUP($F596,DADOS_COMPOSICAO,2,0),IF(G596=\"SICRO\",VLOOKUP($F596,DADOS_SICRO,2,0),IF(G596=\"SUDECAP\",VLOOKUP(F596,DADOS_SUDECAP,2,0),IF(G596=\"COTAÇÃO\",VLOOKUP($F596,DADOS_COTACAO,2,0),\"\"))))))","v":"JANELA ESQUADRIA MAXIM-AR 2,20 X 1,20 M - PINTURA PRETA E VIDRO TEMPERADO FUME 6MM"},"COT-ARQ-009","COTAÇÃO",{"$f":"IF(G596=\"SINAPI\",VLOOKUP($F596,DADOS_SINAPI,3,0),IF(G596=\"SETOP\",VLOOKUP($F596,DADOS_SETOP,3,0),IF(G596=\"CPU\",VLOOKUP($F596,DADOS_COMPOSICAO,10,0),IF(G596=\"SICRO\",VLOOKUP($F596,DADOS_SICRO,3,0),IF(G596=\"SUDECAP\",VLOOKUP(F596,DADOS_SUDECAP,3,0),IF(G596=\"COTAÇÃO\",VLOOKUP($F596,DADOS_COTACAO,9,0),\"\"))))))","v":"UN "},{"$f":"F599","v":2},{"$f":"TRUNC(IF(G596=\"SINAPI\",VLOOKUP($F596,DADOS_SINAPI,4,0),IF(G596=\"SETOP\",VLOOKUP($F596,DADOS_SETOP,4,0),IF(G596=\"CPU\",VLOOKUP($F596,DADOS_COMPOSICAO,13,0),IF(G596=\"SICRO\",VLOOKUP($F596,DADOS_SICRO,4,0),IF(G596=\"SUDECAP\",VLOOKUP(F596,DADOS_SUDECAP,4,0),IF(G596=\"COTAÇÃO\",VLOOKUP(F596,DADOS_COTACAO,12,0),\"\")))))),2)","v":2143.59},"BDI 1",{"$f":"TRUNC(J596*(1+$N$17),2)","v":2712.07},{"$f":"IFERROR(TRUNC(I596*J596,2),\"\")","v":4287.18},5424.14]
[2000]
[2000,null,null,null,"JA8",2,"un "]
[2000,null,null,null,"Total",{"$f":"F598","v":2},"un "]
[2000]
[{"$f":"IFERROR(LEFT(D601,SEARCH(\".\",D601)-1),\"\")","v":"8"},{"$f":"IFERROR(LEFT(RIGHT(D601,LEN(D601)-SEARCH(\".\",D601)),SEARCH(\".\",RIGHT(D601,LEN(D601)-SEARCH(\".\",D601)))-1),\"\")","v":"5"},{"$f":"IFERROR(IF(LEN(D601)-LEN(SUBSTITUTE(D601,\".\",\"\"))<>3,\"\",MID(D601,SEARCH(\".\",D601,SEARCH(\".\",D601)+1)+1,LEN(D601)-SEARCH(\".\",D601,SEARCH(\".\",D601)+1)-(LEN(D601)-(SEARCH(\".\",D601,SEARCH(\".\",D601,SEARCH(\".\",D601)+1)+1)-1)))),\"\")","v":""},"8.5.9",{"$f":"IF($G601=\"SINAPI\",VLOOKUP($F601,DADOS_SINAPI,2,0),IF(G601=\"SETOP\",VLOOKUP($F601,DADOS_SETOP,2,0),IF(G601=\"CPU\",VLOOKUP($F601,DADOS_COMPOSICAO,2,0),IF(G601=\"SICRO\",VLOOKUP($F601,DADOS_SICRO,2,0),IF(G601=\"SUDECAP\",VLOOKUP(F601,DADOS_SUDECAP,2,0),IF(G601=\"COTAÇÃO\",VLOOKUP($F601,DADOS_COTACAO,2,0),\"\"))))))","v":"JANELA ESQUADRIA MAXIM-AR 2,50 X 1,00 M - PINTURA PRETA E VIDRO TEMPERADO FUME 6MM"},"COT-ARQ-010","COTAÇÃO",{"$f":"IF(G601=\"SINAPI\",VLOOKUP($F601,DADOS_SINAPI,3,0),IF(G601=\"SETOP\",VLOOKUP($F601,DADOS_SETOP,3,0),IF(G601=\"CPU\",VLOOKUP($F601,DADOS_COMPOSICAO,10,0),IF(G601=\"SICRO\",VLOOKUP($F601,DADOS_SICRO,3,0),IF(G601=\"SUDECAP\",VLOOKUP(F601,DADOS_SUDECAP,3,0),IF(G601=\"COTAÇÃO\",VLOOKUP($F601,DADOS_COTACAO,9,0),\"\"))))))","v":"UN "},{"$f":"F604","v":4},{"$f":"TRUNC(IF(G601=\"SINAPI\",VLOOKUP($F601,DADOS_SINAPI,4,0),IF(G601=\"SETOP\",VLOOKUP($F601,DADOS_SETOP,4,0),IF(G601=\"CPU\",VLOOKUP($F601,DADOS_COMPOSICAO,13,0),IF(G601=\"SICRO\",VLOOKUP($F601,DADOS_SICRO,4,0),IF(G601=\"SUDECAP\",VLOOKUP(F601,DADOS_SUDECAP,4,0),IF(G601=\"COTAÇÃO\",VLOOKUP(F601,DADOS_COTACAO,12,0),\"\")))))),2)","v":2243},"BDI 1",{"$f":"TRUNC(J601*(1+$N$17),2)","v":2837.84},{"$f":"IFERROR(TRUNC(I601*J601,2),\"\")","v":8972},11351.36]
[2000]
[2000,null,null,null,"JA9",4,"un "]
[2000,null,null,null,"Total",{"$f":"F603","v":4},"un "]
[2000]
[{"$f":"IFERROR(LEFT(D606,SEARCH(\".\",D606)-1),\"\")","v":"8"},{"$f":"IFERROR(LEFT(RIGHT(D606,LEN(D606)-SEARCH(\".\",D606)),SEARCH(\".\",RIGHT(D606,LEN(D606)-SEARCH(\".\",D606)))-1),\"\")","v":"5"},{"$f":"IFERROR(IF(LEN(D606)-LEN(SUBSTITUTE(D606,\".\",\"\"))<>3,\"\",MID(D606,SEARCH(\".\",D606,SEARCH(\".\",D606)+1)+1,LEN(D606)-SEARCH(\".\",D606,SEARCH(\".\",D606)+1)-(LEN(D606)-(SEARCH(\".\",D606,SEARCH(\".\",D606,SEARCH(\".\",D606)+1)+1)-1)))),\"\")","v":""},"8.5.9",{"$f":"IF($G606=\"SINAPI\",VLOOKUP($F606,DADOS_SINAPI,2,0),IF(G606=\"SETOP\",VLOOKUP($F606,DADOS_SETOP,2,0),IF(G606=\"CPU\",VLOOKUP($F606,DADOS_COMPOSICAO,2,0),IF(G606=\"SICRO\",VLOOKUP($F606,DADOS_SICRO,2,0),IF(G606=\"SUDECAP\",VLOOKUP(F606,DADOS_SUDECAP,2,0),IF(G606=\"COTAÇÃO\",VLOOKUP($F606,DADOS_COTACAO,2,0),\"\"))))))","v":"ASSENTAMENTO DE ESQUADRIA DE ALUMÍNIO, INCLUSIVE FIXAÇÃO DO CONTRAMARCO, EXCLUSIVE FORNECIMENTO DA ESQUADRIA"},"ED-29455","SETOP",{"$f":"IF(G606=\"SINAPI\",VLOOKUP($F606,DADOS_SINAPI,3,0),IF(G606=\"SETOP\",VLOOKUP($F606,DADOS_SETOP,3,0),IF(G606=\"CPU\",VLOOKUP($F606,DADOS_COMPOSICAO,10,0),IF(G606=\"SICRO\",VLOOKUP($F606,DADOS_SICRO,3,0),IF(G606=\"SUDECAP\",VLOOKUP(F606,DADOS_SUDECAP,3,0),IF(G606=\"COTAÇÃO\",VLOOKUP($F606,DADOS_COTACAO,9,0),\"\"))))))","v":"m²"},{"$f":"F617","v":51.24},{"$f":"TRUNC(IF(G606=\"SINAPI\",VLOOKUP($F606,DADOS_SINAPI,4,0),IF(G606=\"SETOP\",VLOOKUP($F606,DADOS_SETOP,4,0),IF(G606=\"CPU\",VLOOKUP($F606,DADOS_COMPOSICAO,13,0),IF(G606=\"SICRO\",VLOOKUP($F606,DADOS_SICRO,4,0),IF(G606=\"SUDECAP\",VLOOKUP(F606,DADOS_SUDECAP,4,0),IF(G606=\"COTAÇÃO\",VLOOKUP(F606,DADOS_COTACAO,12,0),\"\")))))),2)","v":76.930000000000007},"BDI 1",{"$f":"TRUNC(J606*(1+$N$17),2)","v":97.33},{"$f":"IFERROR(TRUNC(I606*J606,2),\"\")","v":3941.89},4987.1899999999996]
[2000]
[2000,null,null,null,"JA1",{"$f":"F563*0.4*1","v":0.4},"m²"]
[2000,null,null,null,"JA2",{"$f":"F568*0.7*0.7","v":5.879999999999999},"m²"]
[2000,null,null,null,"JA3",{"$f":"F573*0.7*0.9","v":2.52},"m²"]
[2000,null,null,null,"JA4",{"$f":"F578*1*1","v":1},"m²"]
[2000,null,null,null,"JA5",{"$f":"F583*1.6*0.6","v":1.92},"m²"]
[2000,null,null,null,"JA6",{"$f":"F588*1.6*0.7","v":2.2399999999999998},"m²"]
[2000,null,null,null,"JA7",{"$f":"F593*2*1","v":22},"m²"]
[2000,null,null,null,"JA8",{"$f":"F598*2.2*1.2","v":5.28},"m²"]
[2000,null,null,null,"JA9",{"$f":"F603*2.5*1","v":10},"m²"]
[2000,null,null,null,"Total",{"$f":"SUM(F608:F616)","v":51.24},"m²"]
[2000]
[null,null,null,"8.6","VERGAS E CONTRAVERGAS",null,null,null,null,null,null,null,{"$f":"IFERROR(SUMIFS(M:M,A:A,LEFT(D619,SEARCH(\".\",D619)-1),B:B,RIGHT(D619,LEN(D619)-SEARCH(\".\",D619))),\"\")","v":13665.210000000001},{"$f":"IFERROR(SUMIFS(N:N,A:A,LEFT(D619,SEARCH(\".\",D619)-1),B:B,RIGHT(D619,LEN(D619)-SEARCH(\".\",D619))),\"\")","v":17288.349999999999}]
[{"$f":"IFERROR(LEFT(D620,SEARCH(\".\",D620)-1),\"\")","v":"8"},{"$f":"IFERROR(LEFT(RIGHT(D620,LEN(D620)-SEARCH(\".\",D620)),SEARCH(\".\",RIGHT(D620,LEN(D620)-SEARCH(\".\",D620)))-1),\"\")","v":"6"},{"$f":"IFERROR(IF(LEN(D620)-LEN(SUBSTITUTE(D620,\".\",\"\"))<>3,\"\",MID(D620,SEARCH(\".\",D620,SEARCH(\".\",D620)+1)+1,LEN(D620)-SEARCH(\".\",D620,SEARCH(\".\",D620)+1)-(LEN(D620)-(SEARCH(\".\",D620,SEARCH(\".\",D620,SEARCH(\".\",D620)+1)+1)-1)))),\"\")","v":""},"8.6.1",{"$f":"IF($G620=\"SINAPI\",VLOOKUP($F620,DADOS_SINAPI,2,0),IF(G620=\"SETOP\",VLOOKUP($F620,DADOS_SETOP,2,0),IF(G620=\"CPU\",VLOOKUP($F620,DADOS_COMPOSICAO,2,0),IF(G620=\"SICRO\",VLOOKUP($F620,DADOS_SICRO,2,0),IF(G620=\"SUDECAP\",VLOOKUP(F620,DADOS_SUDECAP,2,0),IF(G620=\"COTAÇÃO\",VLOOKUP($F620,DADOS_COTACAO,2,0),\"\"))))))","v":"VERGA MOLDADA IN LOCO COM UTILIZAÇÃO DE BLOCOS CANALETA, ESPESSURA DE *15* CM. AF_03/2024"},105025,"SINAPI",{"$f":"IF(G620=\"SINAPI\",VLOOKUP($F620,DADOS_SINAPI,3,0),IF(G620=\"SETOP\",VLOOKUP($F620,DADOS_SETOP,3,0),IF(G620=\"CPU\",VLOOKUP($F620,DADOS_COMPOSICAO,10,0),IF(G620=\"SICRO\",VLOOKUP($F620,DADOS_SICRO,3,0),IF(G620=\"SUDECAP\",VLOOKUP(F620,DADOS_SUDECAP,3,0),IF(G620=\"COTAÇÃO\",VLOOKUP($F620,DADOS_COTACAO,9,0),\"\"))))))","v":"M"},{"$f":"F650","v":161.4},{"$f":"TRUNC(IF(G620=\"SINAPI\",VLOOKUP($F620,DADOS_SINAPI,4,0),IF(G620=\"SETOP\",VLOOKUP($F620,DADOS_SETOP,4,0),IF(G620=\"CPU\",VLOOKUP($F620,DADOS_COMPOSICAO,13,0),IF(G620=\"SICRO\",VLOOKUP($F620,DADOS_SICRO,4,0),IF(G620=\"SUDECAP\",VLOOKUP(F620,DADOS_SUDECAP,4,0),IF(G620=\"COTAÇÃO\",VLOOKUP(F620,DADOS_COTACAO,12,0),\"\")))))),2)","v":57.81},"BDI 1",{"$f":"TRUNC(J620*(1+$N$17),2)","v":73.14},{"$f":"IFERROR(TRUNC(I620*J620,2),\"\")","v":9330.5300000000007},11804.8]
[2000]
[2000,null,null,null,"PA2",{"$f":"1.5+1","v":2.5},"m/un"]
[2000,null,null,null,"Quantidade",{"$f":"F546","v":1},"un"]
[2000,null,null,null,"PF1",{"$f":"1+1","v":2},"m/un"]
[2000,null,null,null,"Quantidade",{"$f":"F528","v":2},"un"]
[2000,null,null,null,"PM1",{"$f":"0.8+1","v":1.8},"m/un"]
[2000,null,null,null,"Quantidade",{"$f":"F511","v":5},"un"]
[2000,null,null,null,"PM2",{"$f":"0.9+1","v":1.9},"m/un"]
[2000,null,null,null,"Quantidade",{"$f":"F516","v":25},"un"]
[2000,null,null,null,"PV1",{"$f":"1.4+1","v":2.4},"m/un"]
[2000,null,null,null,"Quantidade",{"$f":"F557","v":1},"un"]
[2000,null,null,null,"PV2",{"$f":"2.2+1","v":3.2},"m/un"]
[2000,null,null,null,"Quantidade",{"$f":"F552","v":1},"un"]
[2000,null,null,null,"JA1",{"$f":"0.4+1","v":1.4},"m/un"]
[2000,null,null,null,"Quantidade",1,"un"]
[2000,null,null,null,"JA2",{"$f":"1+0.7","v":1.7},"m/un"]
[2000,null,null,null,"Quantidade",12,"un"]
[2000,null,null,null,"JA4",{"$f":"1+1","v":2},"m/un"]
[2000,null,null,null,"Quantidade",1,"un"]
[2000,null,null,null,"JA5",{"$f":"1.6+1","v":2.6},"m/un"]
[2000,null,null,null,"Quantidade",4,"un"]
[2000,null,null,null,"JA6",{"$f":"1.6+1","v":2.6},"m/un"]
[2000,null,null,null,"Quantidade",2,"un"]
[2000,null,null,null,"JA7",{"$f":"2+1","v":3},"m/un"]
[2000,null,null,null,"Quantidade",11,"un"]
[2000,null,null,null,"JA8",{"$f":"2.2+1","v":3.2},"m/un"]
[2000,null,null,null,"Quantidade",2,"un"]
[2000,null,null,null,"JA9",{"$f":"2.5+1","v":3.5},"m/un"]
[2000,null,null,null,"Quantidade",{"$f":"4","v":4},"un"]
[2000,null,null,null,"Total",{"$f":"(F622*F623)+(F624*F625)+(F626*F627)+(F628*F629)+(F630*F631)+(F632*F633)+(F634*F635)+(F636*F637)+(F638*F639)+(F640*F641)+(F642*F643)+(F644*F645)+(F646*F647)+(F648*F649)","v":161.4},"m "]
[2000]
[{"$f":"IFERROR(LEFT(D652,SEARCH(\".\",D652)-1),\"\")","v":"8"},{"$f":"IFERROR(LEFT(RIGHT(D652,LEN(D652)-SEARCH(\".\",D652)),SEARCH(\".\",RIGHT(D652,LEN(D652)-SEARCH(\".\",D652)))-1),\"\")","v":"6"},{"$f":"IFERROR(IF(LEN(D652)-LEN(SUBSTITUTE(D652,\".\",\"\"))<>3,\"\",MID(D652,SEARCH(\".\",D652,SEARCH(\".\",D652)+1)+1,LEN(D652)-SEARCH(\".\",D652,SEARCH(\".\",D652)+1)-(LEN(D652)-(SEARCH(\".\",D652,SEARCH(\".\",D652,SEARCH(\".\",D652)+1)+1)-1)))),\"\")","v":""},"8.6.2",{"$f":"IF($G652=\"SINAPI\",VLOOKUP($F652,DADOS_SINAPI,2,0),IF(G652=\"SETOP\",VLOOKUP($F652,DADOS_SETOP,2,0),IF(G652=\"CPU\",VLOOKUP($F652,DADOS_COMPOSICAO,2,0),IF(G652=\"SICRO\",VLOOKUP($F652,DADOS_SICRO,2,0),IF(G652=\"SUDECAP\",VLOOKUP(F652,DADOS_SUDECAP,2,0),IF(G652=\"COTAÇÃO\",VLOOKUP($F652,DADOS_COTACAO,2,0),\"\"))))))","v":"CONTRAVERGA MOLDADA IN LOCO COM UTILIZAÇÃO DE BLOCOS CANALETA, ESPESSURA DE *15* CM. AF_03/2024"},105031,"SINAPI",{"$f":"IF(G652=\"SINAPI\",VLOOKUP($F652,DADOS_SINAPI,3,0),IF(G652=\"SETOP\",VLOOKUP($F652,DADOS_SETOP,3,0),IF(G652=\"CPU\",VLOOKUP($F652,DADOS_COMPOSICAO,10,0),IF(G652=\"SICRO\",VLOOKUP($F652,DADOS_SICRO,3,0),IF(G652=\"SUDECAP\",VLOOKUP(F652,DADOS_SUDECAP,3,0),IF(G652=\"COTAÇÃO\",VLOOKUP($F652,DADOS_COTACAO,9,0),\"\"))))))","v":"M"},{"$f":"F670","v":92.8},{"$f":"TRUNC(IF(G652=\"SINAPI\",VLOOKUP($F652,DADOS_SINAPI,4,0),IF(G652=\"SETOP\",VLOOKUP($F652,DADOS_SETOP,4,0),IF(G652=\"CPU\",VLOOKUP($F652,DADOS_COMPOSICAO,13,0),IF(G652=\"SICRO\",VLOOKUP($F652,DADOS_SICRO,4,0),IF(G652=\"SUDECAP\",VLOOKUP(F652,DADOS_SUDECAP,4,0),IF(G652=\"COTAÇÃO\",VLOOKUP(F652,DADOS_COTACAO,12,0),\"\")))))),2)","v":46.71},"BDI 1",{"$f":"TRUNC(J652*(1+$N$17),2)","v":59.09},{"$f":"IFERROR(TRUNC(I652*J652,2),\"\")","v":4334.68},5483.55]
[2000]
[2000,null,null,null,"JA1",{"$f":"0.4+1","v":1.4},"m/un"]
[2000,null,null,null,"Quantidade",1,"un"]
[2000,null,null,null,"JA2",{"$f":"1+0.7","v":1.7},"m/un"]
[2000,null,null,null,"Quantidade",12,"un"]
[2000,null,null,null,"JA4",{"$f":"1+1","v":2},"m/un"]
[2000,null,null,null,"Quantidade",1,"un"]
[2000,null,null,null,"JA5",{"$f":"1.6+1","v":2.6},"m/un"]
[2000,null,null,null,"Quantidade",4,"un"]
[2000,null,null,null,"JA6",{"$f":"1.6+1","v":2.6},"m/un"]
[2000,null,null,null,"Quantidade",2,"un"]
[2000,null,null,null,"JA7",{"$f":"2+1","v":3},"m/un"]
[2000,null,null,null,"Quantidade",11,"un"]
[2000,null,null,null,"JA8",{"$f":"2.2+1","v":3.2},"m/un"]
[2000,null,null,null,"Quantidade",2,"un"]
[2000,null,null,null,"JA9",{"$f":"2.5+1","v":3.5},"m/un"]
[2000,null,null,null,"Quantidade",{"$f":"4","v":4},"un"]
[2000,null,null,null,"Total",{"$f":"((F654*F655)+(F656*F657)+(F658*F659)+(F660*F661)+(F664*F665)+(F666*F667)+(F668*F669)+(F662*F663))","v":92.8},"m "]
[2000]
[null,null,null,"8.7","ACABAMENTOS",null,null,null,null,null,null,null,{"$f":"IFERROR(SUMIFS(M:M,A:A,LEFT(D672,SEARCH(\".\",D672)-1),B:B,RIGHT(D672,LEN(D672)-SEARCH(\".\",D672))),\"\")","v":13052.02},{"$f":"IFERROR(SUMIFS(N:N,A:A,LEFT(D672,SEARCH(\".\",D672)-1),B:B,RIGHT(D672,LEN(D672)-SEARCH(\".\",D672))),\"\")","v":16513.86}]
[{"$f":"IFERROR(LEFT(D673,SEARCH(\".\",D673)-1),\"\")","v":"8"},{"$f":"IFERROR(LEFT(RIGHT(D673,LEN(D673)-SEARCH(\".\",D673)),SEARCH(\".\",RIGHT(D673,LEN(D673)-SEARCH(\".\",D673)))-1),\"\")","v":"7"},{"$f":"IFERROR(IF(LEN(D673)-LEN(SUBSTITUTE(D673,\".\",\"\"))<>3,\"\",MID(D673,SEARCH(\".\",D673,SEARCH(\".\",D673)+1)+1,LEN(D673)-SEARCH(\".\",D673,SEARCH(\".\",D673)+1)-(LEN(D673)-(SEARCH(\".\",D673,SEARCH(\".\",D673,SEARCH(\".\",D673)+1)+1)-1)))),\"\")","v":""},"8.7.1",{"$f":"IF($G673=\"SINAPI\",VLOOKUP($F673,DADOS_SINAPI,2,0),IF(G673=\"SETOP\",VLOOKUP($F673,DADOS_SETOP,2,0),IF(G673=\"CPU\",VLOOKUP($F673,DADOS_COMPOSICAO,2,0),IF(G673=\"SICRO\",VLOOKUP($F673,DADOS_SICRO,2,0),IF(G673=\"SUDECAP\",VLOOKUP(F673,DADOS_SUDECAP,2,0),IF(G673=\"COTAÇÃO\",VLOOKUP($F673,DADOS_COTACAO,2,0),\"\"))))))","v":"PINTURA ESMALTE BASE SOLVENTE EM ESTRUTURA METÁLICA, DUAS (2) DEMÃOS, INCLUSIVE UMA (1) DEMÃO FUNDO ANTICORROSIVO"},"ED-50497","SETOP",{"$f":"IF(G673=\"SINAPI\",VLOOKUP($F673,DADOS_SINAPI,3,0),IF(G673=\"SETOP\",VLOOKUP($F673,DADOS_SETOP,3,0),IF(G673=\"CPU\",VLOOKUP($F673,DADOS_COMPOSICAO,10,0),IF(G673=\"SICRO\",VLOOKUP($F673,DADOS_SICRO,3,0),IF(G673=\"SUDECAP\",VLOOKUP(F673,DADOS_SUDECAP,3,0),IF(G673=\"COTAÇÃO\",VLOOKUP($F673,DADOS_COTACAO,9,0),\"\"))))))","v":"m2"},{"$f":"F684","v":22.96},{"$f":"TRUNC(IF(G673=\"SINAPI\",VLOOKUP($F673,DADOS_SINAPI,4,0),IF(G673=\"SETOP\",VLOOKUP($F673,DADOS_SETOP,4,0),IF(G673=\"CPU\",VLOOKUP($F673,DADOS_COMPOSICAO,13,0),IF(G673=\"SICRO\",VLOOKUP($F673,DADOS_SICRO,4,0),IF(G673=\"SUDECAP\",VLOOKUP(F673,DADOS_SUDECAP,4,0),IF(G673=\"COTAÇÃO\",VLOOKUP(F673,DADOS_COTACAO,12,0),\"\")))))),2)","v":37.299999999999997},"BDI 1",{"$f":"TRUNC(J673*(1+$N$17),2)","v":47.19},{"$f":"IFERROR(TRUNC(I673*J673,2),\"\")","v":856.4},1083.48]
[2000]
[2000,null,null,null,"PA1",{"$f":"F523","v":1.52},"m²/un"]
[2000,null,null,null,"Quantidade",{"$f":"F522","v":5},"un"]
[2000,null,null,null,"PF1",{"$f":"F529*0.4","v":0.84000000000000008},"m²/un","Considerando 40% da área"]
[2000,null,null,null,"Quantidade",{"$f":"F528","v":2},"un"]
[2000,null,null,null,"PF2",{"$f":"F535*0.4","v":1.5600000000000003},"m²/un","Considerando 40% da área"]
[2000,null,null,null,"Quantidade",{"$f":"F534","v":1},"un"]
[2000,null,null,null,"PF3",{"$f":"0.8*0.8","v":0.64000000000000012},"m²/un"]
[2000,null,null,null,"Quantidade",{"$f":"F540","v":1},"un"]
[2000,null,null,null,"Lados",2," -"]
[2000,null,null,null,"Total",{"$f":"((F675*F676)+(F677*F678)+(F679*F680)+(F681*F682))*F683","v":22.96},"m²"]
[2000]
[{"$f":"IFERROR(LEFT(D686,SEARCH(\".\",D686)-1),\"\")","v":"8"},{"$f":"IFERROR(LEFT(RIGHT(D686,LEN(D686)-SEARCH(\".\",D686)),SEARCH(\".\",RIGHT(D686,LEN(D686)-SEARCH(\".\",D686)))-1),\"\")","v":"7"},{"$f":"IFERROR(IF(LEN(D686)-LEN(SUBSTITUTE(D686,\".\",\"\"))<>3,\"\",MID(D686,SEARCH(\".\",D686,SEARCH(\".\",D686)+1)+1,LEN(D686)-SEARCH(\".\",D686,SEARCH(\".\",D686)+1)-(LEN(D686)-(SEARCH(\".\",D686,SEARCH(\".\",D686,SEARCH(\".\",D686)+1)+1)-1)))),\"\")","v":""},"8.7.2",{"$f":"IF($G686=\"SINAPI\",VLOOKUP($F686,DADOS_SINAPI,2,0),IF(G686=\"SETOP\",VLOOKUP($F686,DADOS_SETOP,2,0),IF(G686=\"CPU\",VLOOKUP($F686,DADOS_COMPOSICAO,2,0),IF(G686=\"SICRO\",VLOOKUP($F686,DADOS_SICRO,2,0),IF(G686=\"SUDECAP\",VLOOKUP(F686,DADOS_SUDECAP,2,0),IF(G686=\"COTAÇÃO\",VLOOKUP($F686,DADOS_COTACAO,2,0),\"\"))))))","v":"PINTURA ESMALTE BASE SOLVENTE EM ESQUADRIA DE MADEIRA, DUAS (2) DEMÃOS, INCLUSIVE UMA (1) DEMÃO DE FUNDO NIVELADOR, EXCLUSIVE MASSA A ÓLEO"},"ED-50493","SETOP",{"$f":"IF(G686=\"SINAPI\",VLOOKUP($F686,DADOS_SINAPI,3,0),IF(G686=\"SETOP\",VLOOKUP($F686,DADOS_SETOP,3,0),IF(G686=\"CPU\",VLOOKUP($F686,DADOS_COMPOSICAO,10,0),IF(G686=\"SICRO\",VLOOKUP($F686,DADOS_SICRO,3,0),IF(G686=\"SUDECAP\",VLOOKUP(F686,DADOS_SUDECAP,3,0),IF(G686=\"COTAÇÃO\",VLOOKUP($F686,DADOS_COTACAO,9,0),\"\"))))))","v":"m2"},{"$f":"F693","v":111.3},{"$f":"TRUNC(IF(G686=\"SINAPI\",VLOOKUP($F686,DADOS_SINAPI,4,0),IF(G686=\"SETOP\",VLOOKUP($F686,DADOS_SETOP,4,0),IF(G686=\"CPU\",VLOOKUP($F686,DADOS_COMPOSICAO,13,0),IF(G686=\"SICRO\",VLOOKUP($F686,DADOS_SICRO,4,0),IF(G686=\"SUDECAP\",VLOOKUP(F686,DADOS_SUDECAP,4,0),IF(G686=\"COTAÇÃO\",VLOOKUP(F686,DADOS_COTACAO,12,0),\"\")))))),2)","v":29.84},"BDI 1",{"$f":"TRUNC(J686*(1+$N$17),2)","v":37.75},{"$f":"IFERROR(TRUNC(I686*J686,2),\"\")","v":3321.19},4201.58]
[2000]
[2000,null,null,null,"PM1",{"$f":"0.8*2.1","v":1.6800000000000002},"m²/un"]
[2000,null,null,null,"Quantidade",{"$f":"I509","v":5},"un"]
[2000,null,null,null,"PM2",{"$f":"0.9*2.1","v":1.8900000000000001},"m²/un"]
[2000,null,null,null,"Quantidade",{"$f":"I514","v":25},"un"]
[2000,null,null,null,"Lados",2," -"]
[2000,null,null,null,"Total",{"$f":"((F688*F689)+(F690*F691))*F692","v":111.3},"m²"]
[2000]
[{"$f":"IFERROR(LEFT(D695,SEARCH(\".\",D695)-1),\"\")","v":"8"},{"$f":"IFERROR(LEFT(RIGHT(D695,LEN(D695)-SEARCH(\".\",D695)),SEARCH(\".\",RIGHT(D695,LEN(D695)-SEARCH(\".\",D695)))-1),\"\")","v":"7"},{"$f":"IFERROR(IF(LEN(D695)-LEN(SUBSTITUTE(D695,\".\",\"\"))<>3,\"\",MID(D695,SEARCH(\".\",D695,SEARCH(\".\",D695)+1)+1,LEN(D695)-SEARCH(\".\",D695,SEARCH(\".\",D695)+1)-(LEN(D695)-(SEARCH(\".\",D695,SEARCH(\".\",D695,SEARCH(\".\",D695)+1)+1)-1)))),\"\")","v":""},"8.7.3",{"$f":"IF($G695=\"SINAPI\",VLOOKUP($F695,DADOS_SINAPI,2,0),IF(G695=\"SETOP\",VLOOKUP($F695,DADOS_SETOP,2,0),IF(G695=\"CPU\",VLOOKUP($F695,DADOS_COMPOSICAO,2,0),IF(G695=\"SICRO\",VLOOKUP($F695,DADOS_SICRO,2,0),IF(G695=\"SUDECAP\",VLOOKUP(F695,DADOS_SUDECAP,2,0),IF(G695=\"COTAÇÃO\",VLOOKUP($F695,DADOS_COTACAO,2,0),\"\"))))))","v":"PEITORIL DE GRANITO, NA COR CINZA ANDORINHA, COM PINGADEIRA, ESP. 3CM, ACABAMENTO POLIDO, ASSENTAMENTO COM ARGAMASSA INDUSTRIALIZADA, INCLUSIVE REJUNTAMENTO"},"ED-50998","SETOP",{"$f":"IF(G695=\"SINAPI\",VLOOKUP($F695,DADOS_SINAPI,3,0),IF(G695=\"SETOP\",VLOOKUP($F695,DADOS_SETOP,3,0),IF(G695=\"CPU\",VLOOKUP($F695,DADOS_COMPOSICAO,10,0),IF(G695=\"SICRO\",VLOOKUP($F695,DADOS_SICRO,3,0),IF(G695=\"SUDECAP\",VLOOKUP(F695,DADOS_SUDECAP,3,0),IF(G695=\"COTAÇÃO\",VLOOKUP($F695,DADOS_COTACAO,9,0),\"\"))))))","v":"m2"},{"$f":"F714","v":13.017999999999999},{"$f":"TRUNC(IF(G695=\"SINAPI\",VLOOKUP($F695,DADOS_SINAPI,4,0),IF(G695=\"SETOP\",VLOOKUP($F695,DADOS_SETOP,4,0),IF(G695=\"CPU\",VLOOKUP($F695,DADOS_COMPOSICAO,13,0),IF(G695=\"SICRO\",VLOOKUP($F695,DADOS_SICRO,4,0),IF(G695=\"SUDECAP\",VLOOKUP(F695,DADOS_SUDECAP,4,0),IF(G695=\"COTAÇÃO\",VLOOKUP(F695,DADOS_COTACAO,12,0),\"\")))))),2)","v":382.12},"BDI 1",{"$f":"TRUNC(J695*(1+$N$17),2)","v":483.45},{"$f":"IFERROR(TRUNC(I695*J695,2),\"\")","v":4974.43},6294.52]
[2000]
[2000,null,null,null,"JA1",{"$f":"0.4","v":0.4},"m/un"]
[2000,null,null,null,"Quantidade",1,"un"]
[2000,null,null,null,"JA2",0.7,"m/un"]
[2000,null,null,null,"Quantidade",12,"un"]
[2000,null,null,null,"JA4",1,"m/un"]
[2000,null,null,null,"Quantidade",1,"un"]
[2000,null,null,null,"JA5",1.6,"m/un"]
[2000,null,null,null,"Quantidade",4,"un"]
[2000,null,null,null,"JA6",1.6,"m/un"]
[2000,null,null,null,"Quantidade",11,"un"]
[2000,null,null,null,"JA7",2,"m/un"]
[2000,null,null,null,"Quantidade",2,"un"]
[2000,null,null,null,"JA8",2.2000000000000002,"m/un"]
[2000,null,null,null,"Quantidade",{"$f":"4","v":4},"un"]
[2000,null,null,null,"JA9",2.5,"m/un"]
[2000,null,null,null,"Quantidade",{"$f":"4","v":4},"un"]
[2000,null,null,null,"Espessura",0.23,"m"]
[2000,null,null,null,"Total",{"$f":"((F697*F698)+(F699*F700)+(F701*F702)+(F703*F704)+(F705*F706)+(F707*F708)+(F709*F710)+(F711*F712))*F713","v":13.017999999999999},"m²"]
[2000]
[{"$f":"IFERROR(LEFT(D716,SEARCH(\".\",D716)-1),\"\")","v":"8"},{"$f":"IFERROR(LEFT(RIGHT(D716,LEN(D716)-SEARCH(\".\",D716)),SEARCH(\".\",RIGHT(D716,LEN(D716)-SEARCH(\".\",D716)))-1),\"\")","v":"7"},{"$f":"IFERROR(IF(LEN(D716)-LEN(SUBSTITUTE(D716,\".\",\"\"))<>3,\"\",MID(D716,SEARCH(\".\",D716,SEARCH(\".\",D716)+1)+1,LEN(D716)-SEARCH(\".\",D716,SEARCH(\".\",D716)+1)-(LEN(D716)-(SEARCH(\".\",D716,SEARCH(\".\",D716,SEARCH(\".\",D716)+1)+1)-1)))),\"\")","v":""},"8.7.4",{"$f":"IF($G716=\"SINAPI\",VLOOKUP($F716,DADOS_SINAPI,2,0),IF(G716=\"SETOP\",VLOOKUP($F716,DADOS_SETOP,2,0),IF(G716=\"CPU\",VLOOKUP($F716,DADOS_COMPOSICAO,2,0),IF(G716=\"SICRO\",VLOOKUP($F716,DADOS_SICRO,2,0),IF(G716=\"SUDECAP\",VLOOKUP(F716,DADOS_SUDECAP,2,0),IF(G716=\"COTAÇÃO\",VLOOKUP($F716,DADOS_COTACAO,2,0),\"\"))))))","v":"LETREIRO - FORNECIMENTO E INSTALAÇÃO"},"COT-ARQ-011","COTAÇÃO",{"$f":"IF(G716=\"SINAPI\",VLOOKUP($F716,DADOS_SINAPI,3,0),IF(G716=\"SETOP\",VLOOKUP($F716,DADOS_SETOP,3,0),IF(G716=\"CPU\",VLOOKUP($F716,DADOS_COMPOSICAO,10,0),IF(G716=\"SICRO\",VLOOKUP($F716,DADOS_SICRO,3,0),IF(G716=\"SUDECAP\",VLOOKUP(F716,DADOS_SUDECAP,3,0),IF(G716=\"COTAÇÃO\",VLOOKUP($F716,DADOS_COTACAO,9,0),\"\"))))))","v":"UN "},{"$f":"F718","v":1},{"$f":"TRUNC(IF(G716=\"SINAPI\",VLOOKUP($F716,DADOS_SINAPI,4,0),IF(G716=\"SETOP\",VLOOKUP($F716,DADOS_SETOP,4,0),IF(G716=\"CPU\",VLOOKUP($F716,DADOS_COMPOSICAO,13,0),IF(G716=\"SICRO\",VLOOKUP($F716,DADOS_SICRO,4,0),IF(G716=\"SUDECAP\",VLOOKUP(F716,DADOS_SUDECAP,4,0),IF(G716=\"COTAÇÃO\",VLOOKUP(F716,DADOS_COTACAO,12,0),\"\")))))),2)","v":3900},"BDI 1",{"$f":"TRUNC(J716*(1+$N$17),2)","v":4934.28},{"$f":"IFERROR(TRUNC(I716*J716,2),\"\")","v":3900},{"$f":"L716*I716","v":4934.28}]
[2000]
[2000,null,null,null,"Total",1,"un"]
[2000]
[1000,null,null,9,"SISTEMA DE COBERTURA",null,null,null,null,null,null,null,{"$f":"SUMIF(A:A,D720,M:M)","v":128452.07},{"$f":"SUMIF(A:A,D720,N:N)","v":162495.79999999999}]
[{"$f":"IFERROR(LEFT(D721,SEARCH(\".\",D721)-1),\"\")","v":"9"},{"$f":"IFERROR(LEFT(RIGHT(D721,LEN(D721)-SEARCH(\".\",D721)),SEARCH(\".\",RIGHT(D721,LEN(D721)-SEARCH(\".\",D721)))-1),\"\")","v":""},{"$f":"IFERROR(IF(LEN(D721)-LEN(SUBSTITUTE(D721,\".\",\"\"))<>3,\"\",MID(D721,SEARCH(\".\",D721,SEARCH(\".\",D721)+1)+1,LEN(D721)-SEARCH(\".\",D721,SEARCH(\".\",D721)+1)-(LEN(D721)-(SEARCH(\".\",D721,SEARCH(\".\",D721,SEARCH(\".\",D721)+1)+1)-1)))),\"\")","v":""},"9.1",{"$f":"IF($G721=\"SINAPI\",VLOOKUP($F721,DADOS_SINAPI,2,0),IF(G721=\"SETOP\",VLOOKUP($F721,DADOS_SETOP,2,0),IF(G721=\"CPU\",VLOOKUP($F721,DADOS_COMPOSICAO,2,0),IF(G721=\"SICRO\",VLOOKUP($F721,DADOS_SICRO,2,0),IF(G721=\"SUDECAP\",VLOOKUP(F721,DADOS_SUDECAP,2,0),IF(G721=\"COTAÇÃO\",VLOOKUP($F721,DADOS_COTACAO,2,0),\"\"))))))","v":"FORNECIMENTO DE ESTRUTURA METÁLICA EM PERFIL LAMINADO, INCLUSIVE FABRICAÇÃO, TRANSPORTE, MONTAGEM E APLICAÇÃO DE FUNDO PREPARADOR ANTICORROSIVO EM SUPERFÍCIE METÁLICA, UMA (1) DEMÃO"},"ED-49664","SETOP",{"$f":"IF(G721=\"SINAPI\",VLOOKUP($F721,DADOS_SINAPI,3,0),IF(G721=\"SETOP\",VLOOKUP($F721,DADOS_SETOP,3,0),IF(G721=\"CPU\",VLOOKUP($F721,DADOS_COMPOSICAO,10,0),IF(G721=\"SICRO\",VLOOKUP($F721,DADOS_SICRO,3,0),IF(G721=\"SUDECAP\",VLOOKUP(F721,DADOS_SUDECAP,3,0),IF(G721=\"COTAÇÃO\",VLOOKUP($F721,DADOS_COTACAO,9,0),\"\"))))))","v":"Kg"},{"$f":"F723","v":3615.7},{"$f":"TRUNC(IF(G721=\"SINAPI\",VLOOKUP($F721,DADOS_SINAPI,4,0),IF(G721=\"SETOP\",VLOOKUP($F721,DADOS_SETOP,4,0),IF(G721=\"CPU\",VLOOKUP($F721,DADOS_COMPOSICAO,13,0),IF(G721=\"SICRO\",VLOOKUP($F721,DADOS_SICRO,4,0),IF(G721=\"SUDECAP\",VLOOKUP(F721,DADOS_SUDECAP,4,0),IF(G721=\"COTAÇÃO\",VLOOKUP(F721,DADOS_COTACAO,12,0),\"\")))))),2)","v":22.38},"BDI 1",{"$f":"TRUNC(J721*(1+$N$17),2)","v":28.31},{"$f":"IFERROR(TRUNC(I721*J721,2),\"\")","v":80919.360000000001},102360.47]
[2000]
[2000,null,null,null,"Total",3615.7,"kg"]
[2000]
[{"$f":"IFERROR(LEFT(D725,SEARCH(\".\",D725)-1),\"\")","v":"9"},{"$f":"IFERROR(LEFT(RIGHT(D725,LEN(D725)-SEARCH(\".\",D725)),SEARCH(\".\",RIGHT(D725,LEN(D725)-SEARCH(\".\",D725)))-1),\"\")","v":""},{"$f":"IFERROR(IF(LEN(D725)-LEN(SUBSTITUTE(D725,\".\",\"\"))<>3,\"\",MID(D725,SEARCH(\".\",D725,SEARCH(\".\",D725)+1)+1,LEN(D725)-SEARCH(\".\",D725,SEARCH(\".\",D725)+1)-(LEN(D725)-(SEARCH(\".\",D725,SEARCH(\".\",D725,SEARCH(\".\",D725)+1)+1)-1)))),\"\")","v":""},"9.2",{"$f":"IF($G725=\"SINAPI\",VLOOKUP($F725,DADOS_SINAPI,2,0),IF(G725=\"SETOP\",VLOOKUP($F725,DADOS_SETOP,2,0),IF(G725=\"CPU\",VLOOKUP($F725,DADOS_COMPOSICAO,2,0),IF(G725=\"SICRO\",VLOOKUP($F725,DADOS_SICRO,2,0),IF(G725=\"SUDECAP\",VLOOKUP(F725,DADOS_SUDECAP,2,0),IF(G725=\"COTAÇÃO\",VLOOKUP($F725,DADOS_COTACAO,2,0),\"\"))))))","v":"COBERTURA EM TELHA METÁLICA GALVANIZADA TRAPEZOIDAL, TIPO SIMPLES, ESP. 0,50MM, ACABAMENTO NATURAL, INCLUSIVE ACESSÓRIOS PARA FIXAÇÃO, FORNECIMENTO E INSTALAÇÃO"},"ED-48428","SETOP",{"$f":"IF(G725=\"SINAPI\",VLOOKUP($F725,DADOS_SINAPI,3,0),IF(G725=\"SETOP\",VLOOKUP($F725,DADOS_SETOP,3,0),IF(G725=\"CPU\",VLOOKUP($F725,DADOS_COMPOSICAO,10,0),IF(G725=\"SICRO\",VLOOKUP($F725,DADOS_SICRO,3,0),IF(G725=\"SUDECAP\",VLOOKUP(F725,DADOS_SUDECAP,3,0),IF(G725=\"COTAÇÃO\",VLOOKUP($F725,DADOS_COTACAO,9,0),\"\"))))))","v":"m2"},{"$f":"F727","v":318.35000000000002},{"$f":"TRUNC(IF(G725=\"SINAPI\",VLOOKUP($F725,DADOS_SINAPI,4,0),IF(G725=\"SETOP\",VLOOKUP($F725,DADOS_SETOP,4,0),IF(G725=\"CPU\",VLOOKUP($F725,DADOS_COMPOSICAO,13,0),IF(G725=\"SICRO\",VLOOKUP($F725,DADOS_SICRO,4,0),IF(G725=\"SUDECAP\",VLOOKUP(F725,DADOS_SUDECAP,4,0),IF(G725=\"COTAÇÃO\",VLOOKUP(F725,DADOS_COTACAO,12,0),\"\")))))),2)","v":92.03},"BDI 1",{"$f":"TRUNC(J725*(1+$N$17),2)","v":116.43},{"$f":"IFERROR(TRUNC(I725*J725,2),\"\")","v":29297.75},37065.49]
[2000]
[2000,null,null,null,"Total",318.35000000000002,"m²"]
[2000]
[{"$f":"IFERROR(LEFT(D729,SEARCH(\".\",D729)-1),\"\")","v":"9"},{"$f":"IFERROR(LEFT(RIGHT(D729,LEN(D729)-SEARCH(\".\",D729)),SEARCH(\".\",RIGHT(D729,LEN(D729)-SEARCH(\".\",D729)))-1),\"\")","v":""},{"$f":"IFERROR(IF(LEN(D729)-LEN(SUBSTITUTE(D729,\".\",\"\"))<>3,\"\",MID(D729,SEARCH(\".\",D729,SEARCH(\".\",D729)+1)+1,LEN(D729)-SEARCH(\".\",D729,SEARCH(\".\",D729)+1)-(LEN(D729)-(SEARCH(\".\",D729,SEARCH(\".\",D729,SEARCH(\".\",D729)+1)+1)-1)))),\"\")","v":""},"9.3",{"$f":"IF($G729=\"SINAPI\",VLOOKUP($F729,DADOS_SINAPI,2,0),IF(G729=\"SETOP\",VLOOKUP($F729,DADOS_SETOP,2,0),IF(G729=\"CPU\",VLOOKUP($F729,DADOS_COMPOSICAO,2,0),IF(G729=\"SICRO\",VLOOKUP($F729,DADOS_SICRO,2,0),IF(G729=\"SUDECAP\",VLOOKUP(F729,DADOS_SUDECAP,2,0),IF(G729=\"COTAÇÃO\",VLOOKUP($F729,DADOS_COTACAO,2,0),\"\"))))))","v":"PINTURA ESMALTE BASE SOLVENTE EM ESTRUTURA METÁLICA, DUAS (2) DEMÃOS, INCLUSIVE UMA (1) DEMÃO FUNDO ANTICORROSIVO"},"ED-50497","SETOP",{"$f":"IF(G729=\"SINAPI\",VLOOKUP($F729,DADOS_SINAPI,3,0),IF(G729=\"SETOP\",VLOOKUP($F729,DADOS_SETOP,3,0),IF(G729=\"CPU\",VLOOKUP($F729,DADOS_COMPOSICAO,10,0),IF(G729=\"SICRO\",VLOOKUP($F729,DADOS_SICRO,3,0),IF(G729=\"SUDECAP\",VLOOKUP(F729,DADOS_SUDECAP,3,0),IF(G729=\"COTAÇÃO\",VLOOKUP($F729,DADOS_COTACAO,9,0),\"\"))))))","v":"m2"},{"$f":"F731","v":461.8},{"$f":"TRUNC(IF(G729=\"SINAPI\",VLOOKUP($F729,DADOS_SINAPI,4,0),IF(G729=\"SETOP\",VLOOKUP($F729,DADOS_SETOP,4,0),IF(G729=\"CPU\",VLOOKUP($F729,DADOS_COMPOSICAO,13,0),IF(G729=\"SICRO\",VLOOKUP($F729,DADOS_SICRO,4,0),IF(G729=\"SUDECAP\",VLOOKUP(F729,DADOS_SUDECAP,4,0),IF(G729=\"COTAÇÃO\",VLOOKUP(F729,DADOS_COTACAO,12,0),\"\")))))),2)","v":37.299999999999997},"BDI 1",{"$f":"TRUNC(J729*(1+$N$17),2)","v":47.19},{"$f":"IFERROR(TRUNC(I729*J729,2),\"\")","v":17225.14},21792.34]
[2000]
[2000,null,null,null,"Total",461.8,"m²"]
[2000]
[{"$f":"IFERROR(LEFT(D733,SEARCH(\".\",D733)-1),\"\")","v":"9"},{"$f":"IFERROR(LEFT(RIGHT(D733,LEN(D733)-SEARCH(\".\",D733)),SEARCH(\".\",RIGHT(D733,LEN(D733)-SEARCH(\".\",D733)))-1),\"\")","v":""},{"$f":"IFERROR(IF(LEN(D733)-LEN(SUBSTITUTE(D733,\".\",\"\"))<>3,\"\",MID(D733,SEARCH(\".\",D733,SEARCH(\".\",D733)+1)+1,LEN(D733)-SEARCH(\".\",D733,SEARCH(\".\",D733)+1)-(LEN(D733)-(SEARCH(\".\",D733,SEARCH(\".\",D733,SEARCH(\".\",D733)+1)+1)-1)))),\"\")","v":""},"9.4",{"$f":"IF($G733=\"SINAPI\",VLOOKUP($F733,DADOS_SINAPI,2,0),IF(G733=\"SETOP\",VLOOKUP($F733,DADOS_SETOP,2,0),IF(G733=\"CPU\",VLOOKUP($F733,DADOS_COMPOSICAO,2,0),IF(G733=\"SICRO\",VLOOKUP($F733,DADOS_SICRO,2,0),IF(G733=\"SUDECAP\",VLOOKUP(F733,DADOS_SUDECAP,2,0),IF(G733=\"COTAÇÃO\",VLOOKUP($F733,DADOS_COTACAO,2,0),\"\"))))))","v":"CUMEEIRA GALVANIZADA TRAPEZOIDAL, TIPO SIMPLES, ESP. 0,50MM, ACABAMENTO NATURAL, INCLUSIVE ACESSÓRIOS PARA FIXAÇÃO, FORNECIMENTO, INSTALAÇÃO E IÇAMENTO MANUAL VERTICAL"},"ED-48402","SETOP",{"$f":"IF(G733=\"SINAPI\",VLOOKUP($F733,DADOS_SINAPI,3,0),IF(G733=\"SETOP\",VLOOKUP($F733,DADOS_SETOP,3,0),IF(G733=\"CPU\",VLOOKUP($F733,DADOS_COMPOSICAO,10,0),IF(G733=\"SICRO\",VLOOKUP($F733,DADOS_SICRO,3,0),IF(G733=\"SUDECAP\",VLOOKUP(F733,DADOS_SUDECAP,3,0),IF(G733=\"COTAÇÃO\",VLOOKUP($F733,DADOS_COTACAO,9,0),\"\"))))))","v":"m"},{"$f":"F735","v":14},{"$f":"TRUNC(IF(G733=\"SINAPI\",VLOOKUP($F733,DADOS_SINAPI,4,0),IF(G733=\"SETOP\",VLOOKUP($F733,DADOS_SETOP,4,0),IF(G733=\"CPU\",VLOOKUP($F733,DADOS_COMPOSICAO,13,0),IF(G733=\"SICRO\",VLOOKUP($F733,DADOS_SICRO,4,0),IF(G733=\"SUDECAP\",VLOOKUP(F733,DADOS_SUDECAP,4,0),IF(G733=\"COTAÇÃO\",VLOOKUP(F733,DADOS_COTACAO,12,0),\"\")))))),2)","v":72.13},"BDI 1",{"$f":"TRUNC(J733*(1+$N$17),2)","v":91.25},{"$f":"IFERROR(TRUNC(I733*J733,2),\"\")","v":1009.82},{"$f":"L733*I733","v":1277.5}]
[2000]
[2000,null,null,null,"Total",14,"m"]
[2000]
[1000,null,null,10,"REVESTIMENTOS INTERNOS E EXTERNOS ",null,null,null,null,null,null,null,{"$f":"SUMIF(A:A,D737,M:M)","v":272758.77},{"$f":"SUMIF(A:A,D737,N:N)","v":345044.70999999996}]
[null,null,null,"10.1","REVESTIMENTOS INTERNOS",null,null,null,null,null,null,null,{"$f":"IFERROR(SUMIFS(M:M,A:A,LEFT(D738,SEARCH(\".\",D738)-1),B:B,RIGHT(D738,LEN(D738)-SEARCH(\".\",D738))),\"\")","v":105710.93000000001},{"$f":"IFERROR(SUMIFS(N:N,A:A,LEFT(D738,SEARCH(\".\",D738)-1),B:B,RIGHT(D738,LEN(D738)-SEARCH(\".\",D738))),\"\")","v":133730.73000000001}]
[{"$f":"IFERROR(LEFT(D739,SEARCH(\".\",D739)-1),\"\")","v":"10"},{"$f":"IFERROR(LEFT(RIGHT(D739,LEN(D739)-SEARCH(\".\",D739)),SEARCH(\".\",RIGHT(D739,LEN(D739)-SEARCH(\".\",D739)))-1),\"\")","v":"1"},{"$f":"IFERROR(IF(LEN(D739)-LEN(SUBSTITUTE(D739,\".\",\"\"))<>3,\"\",MID(D739,SEARCH(\".\",D739,SEARCH(\".\",D739)+1)+1,LEN(D739)-SEARCH(\".\",D739,SEARCH(\".\",D739)+1)-(LEN(D739)-(SEARCH(\".\",D739,SEARCH(\".\",D739,SEARCH(\".\",D739)+1)+1)-1)))),\"\")","v":""},"10.1.1",{"$f":"IF($G739=\"SINAPI\",VLOOKUP($F739,DADOS_SINAPI,2,0),IF(G739=\"SETOP\",VLOOKUP($F739,DADOS_SETOP,2,0),IF(G739=\"CPU\",VLOOKUP($F739,DADOS_COMPOSICAO,2,0),IF(G739=\"SICRO\",VLOOKUP($F739,DADOS_SICRO,2,0),IF(G739=\"SUDECAP\",VLOOKUP(F739,DADOS_SUDECAP,2,0),IF(G739=\"COTAÇÃO\",VLOOKUP($F739,DADOS_COTACAO,2,0),\"\"))))))","v":"CHAPISCO APLICADO EM ALVENARIAS E ESTRUTURAS DE CONCRETO INTERNAS, COM COLHER DE PEDREIRO.  ARGAMASSA TRAÇO 1:3 COM PREPARO EM BETONEIRA 400L. AF_10/2022"},87879,"SINAPI",{"$f":"IF(G739=\"SINAPI\",VLOOKUP($F739,DADOS_SINAPI,3,0),IF(G739=\"SETOP\",VLOOKUP($F739,DADOS_SETOP,3,0),IF(G739=\"CPU\",VLOOKUP($F739,DADOS_COMPOSICAO,10,0),IF(G739=\"SICRO\",VLOOKUP($F739,DADOS_SICRO,3,0),IF(G739=\"SUDECAP\",VLOOKUP(F739,DADOS_SUDECAP,3,0),IF(G739=\"COTAÇÃO\",VLOOKUP($F739,DADOS_COTACAO,9,0),\"\"))))))","v":"M2"},{"$f":"F778","v":1190.0799999999997},{"$f":"TRUNC(IF(G739=\"SINAPI\",VLOOKUP($F739,DADOS_SINAPI,4,0),IF(G739=\"SETOP\",VLOOKUP($F739,DADOS_SETOP,4,0),IF(G739=\"CPU\",VLOOKUP($F739,DADOS_COMPOSICAO,13,0),IF(G739=\"SICRO\",VLOOKUP($F739,DADOS_SICRO,4,0),IF(G739=\"SUDECAP\",VLOOKUP(F739,DADOS_SUDECAP,4,0),IF(G739=\"COTAÇÃO\",VLOOKUP(F739,DADOS_COTACAO,12,0),\"\")))))),2)","v":4.2300000000000004},"BDI 1",{"$f":"TRUNC(J739*(1+$N$17),2)","v":5.35},{"$f":"IFERROR(TRUNC(I739*J739,2),\"\")","v":5034.03},6366.93]
[2000]
[2000,null,null,null,"Abrigo do compressor",14.440000000000001,"m²"]
[2000,null,null,null,"Almoxarifado",16.84,"m²"]
[2000,null,null,null,"Balcão recepção",5.15,"m²"]
[2000,null,null,null,"Ban. Ginecologia",19.64,"m²"]
[2000,null,null,null,"Ban. Pcd. Fem.",20.260000000000002,"m²"]
[2000,null,null,null,"Ban. Pcd. Masc.",20.260000000000002,"m²"]
[2000,null,null,null,"Circulação 01",15.55,"m²"]
[2000,null,null,null,"Circulação 02",74.850000000000009,"m²"]
[2000,null,null,null,"Circulação 03",67.92,"m²"]
[2000,null,null,null,"Sala de curativos",7.74,"m²"]
[2000,null,null,null,"Consultório 1",31.7,"m²"]
[2000,null,null,null,"Consultório 2",31.7,"m²"]
[2000,null,null,null,"Consultório 3",31.7,"m²"]
[2000,null,null,null,"Consultório ginecológico",40.49,"m²"]
[2000,null,null,null,"Consultório odontológico",86.52,"m²"]
[2000,null,null,null,"Copa",19.03,"m²"]
[2000,null,null,null,"Dml",19.22,"m²"]
[2000,null,null,null,"Escovário",42.68,"m²"]
[2000,null,null,null,"Esterilização",32.71,"m²"]
[2000,null,null,null,"Guarda de materiais",11.48,"m²"]
[2000,null,null,null,"Guarda de medicamentos",25.27,"m²"]
[2000,null,null,null,"Lavagem e desinfecção",44.54,"m²"]
[2000,null,null,null,"Recepção",4.82,"m²"]
[2000,null,null,null,"Recepção/circulação 01",68.800000000000011,"m²"]
[2000,null,null,null,"Resíduos sólidos",12.55,"m²"]
[2000,null,null,null,"Rouparia",15.53,"m²"]
[2000,null,null,null,"Sala de apoio de agentes de controle de endemia",34.43,"m²"]
[2000,null,null,null,"Sala de coleta de materiais",35.46,"m²"]
[2000,null,null,null,"Sala de cuidado básicos",44.769999999999996,"m²"]
[2000,null,null,null,"Sala de curativos",24.17,"m²"]
[2000,null,null,null,"Sala de gerente",31.68,"m²"]
[2000,null,null,null,"Sala de reuniões",60.55,"m²"]
[2000,null,null,null,"Sala de vacinação",33.870000000000005,"m²"]
[2000,null,null,null,"Sala dos agentes",47.050000000000004,"m²"]
[2000,null,null,null,"Triagem da unidade",31.3,"m²"]
[2000,null,null,null,"Vestiário feminino",34.979999999999997,"m²"]
[2000,null,null,null,"Vestiário masculino",30.43,"m²"]
[2000,null,null,null,"Total",{"$f":"SUM(F741:F777)","v":1190.0799999999997},"m²"]
[2000]
[{"$f":"IFERROR(LEFT(D780,SEARCH(\".\",D780)-1),\"\")","v":"10"},{"$f":"IFERROR(LEFT(RIGHT(D780,LEN(D780)-SEARCH(\".\",D780)),SEARCH(\".\",RIGHT(D780,LEN(D780)-SEARCH(\".\",D780)))-1),\"\")","v":"1"},{"$f":"IFERROR(IF(LEN(D780)-LEN(SUBSTITUTE(D780,\".\",\"\"))<>3,\"\",MID(D780,SEARCH(\".\",D780,SEARCH(\".\",D780)+1)+1,LEN(D780)-SEARCH(\".\",D780,SEARCH(\".\",D780)+1)-(LEN(D780)-(SEARCH(\".\",D780,SEARCH(\".\",D780,SEARCH(\".\",D780)+1)+1)-1)))),\"\")","v":""},"10.1.2",{"$f":"IF($G780=\"SINAPI\",VLOOKUP($F780,DADOS_SINAPI,2,0),IF(G780=\"SETOP\",VLOOKUP($F780,DADOS_SETOP,2,0),IF(G780=\"CPU\",VLOOKUP($F780,DADOS_COMPOSICAO,2,0),IF(G780=\"SICRO\",VLOOKUP($F780,DADOS_SICRO,2,0),IF(G780=\"SUDECAP\",VLOOKUP(F780,DADOS_SUDECAP,2,0),IF(G780=\"COTAÇÃO\",VLOOKUP($F780,DADOS_COTACAO,2,0),\"\"))))))","v":"MASSA ÚNICA, EM ARGAMASSA TRAÇO 1:2:8, PREPARO MECÂNICO, APLICADA MANUALMENTE EM PAREDES INTERNAS DE AMBIENTES COM ÁREA ENTRE 5M² E 10M², E = 17,5MM, COM TALISCAS. AF_03/2024"},87529,"SINAPI",{"$f":"IF(G780=\"SINAPI\",VLOOKUP($F780,DADOS_SINAPI,3,0),IF(G780=\"SETOP\",VLOOKUP($F780,DADOS_SETOP,3,0),IF(G780=\"CPU\",VLOOKUP($F780,DADOS_COMPOSICAO,10,0),IF(G780=\"SICRO\",VLOOKUP($F780,DADOS_SICRO,3,0),IF(G780=\"SUDECAP\",VLOOKUP(F780,DADOS_SUDECAP,3,0),IF(G780=\"COTAÇÃO\",VLOOKUP($F780,DADOS_COTACAO,9,0),\"\"))))))","v":"M2"},{"$f":"F782","v":1190.0799999999997},{"$f":"TRUNC(IF(G780=\"SINAPI\",VLOOKUP($F780,DADOS_SINAPI,4,0),IF(G780=\"SETOP\",VLOOKUP($F780,DADOS_SETOP,4,0),IF(G780=\"CPU\",VLOOKUP($F780,DADOS_COMPOSICAO,13,0),IF(G780=\"SICRO\",VLOOKUP($F780,DADOS_SICRO,4,0),IF(G780=\"SUDECAP\",VLOOKUP(F780,DADOS_SUDECAP,4,0),IF(G780=\"COTAÇÃO\",VLOOKUP(F780,DADOS_COTACAO,12,0),\"\")))))),2)","v":34.78},"BDI 1",{"$f":"TRUNC(J780*(1+$N$17),2)","v":44},{"$f":"IFERROR(TRUNC(I780*J780,2),\"\")","v":41390.980000000003},{"$f":"L780*I780","v":52363.51999999999}]
[2000]
[2000,null,null,null,"Área de chapisco",{"$f":"F778","v":1190.0799999999997},"m²"]
[2000]
[{"$f":"IFERROR(LEFT(D784,SEARCH(\".\",D784)-1),\"\")","v":"10"},{"$f":"IFERROR(LEFT(RIGHT(D784,LEN(D784)-SEARCH(\".\",D784)),SEARCH(\".\",RIGHT(D784,LEN(D784)-SEARCH(\".\",D784)))-1),\"\")","v":"1"},{"$f":"IFERROR(IF(LEN(D784)-LEN(SUBSTITUTE(D784,\".\",\"\"))<>3,\"\",MID(D784,SEARCH(\".\",D784,SEARCH(\".\",D784)+1)+1,LEN(D784)-SEARCH(\".\",D784,SEARCH(\".\",D784)+1)-(LEN(D784)-(SEARCH(\".\",D784,SEARCH(\".\",D784,SEARCH(\".\",D784)+1)+1)-1)))),\"\")","v":""},"10.1.3",{"$f":"IF($G784=\"SINAPI\",VLOOKUP($F784,DADOS_SINAPI,2,0),IF(G784=\"SETOP\",VLOOKUP($F784,DADOS_SETOP,2,0),IF(G784=\"CPU\",VLOOKUP($F784,DADOS_COMPOSICAO,2,0),IF(G784=\"SICRO\",VLOOKUP($F784,DADOS_SICRO,2,0),IF(G784=\"SUDECAP\",VLOOKUP(F784,DADOS_SUDECAP,2,0),IF(G784=\"COTAÇÃO\",VLOOKUP($F784,DADOS_COTACAO,2,0),\"\"))))))","v":"IMPERMEABILIZAÇÃO DE SUPERFÍCIE COM ARGAMASSA DE CIMENTO E AREIA, COM ADITIVO IMPERMEABILIZANTE, E = 1,5CM. AF_09/2023"},98562,"SINAPI",{"$f":"IF(G784=\"SINAPI\",VLOOKUP($F784,DADOS_SINAPI,3,0),IF(G784=\"SETOP\",VLOOKUP($F784,DADOS_SETOP,3,0),IF(G784=\"CPU\",VLOOKUP($F784,DADOS_COMPOSICAO,10,0),IF(G784=\"SICRO\",VLOOKUP($F784,DADOS_SICRO,3,0),IF(G784=\"SUDECAP\",VLOOKUP(F784,DADOS_SUDECAP,3,0),IF(G784=\"COTAÇÃO\",VLOOKUP($F784,DADOS_COTACAO,9,0),\"\"))))))","v":"M2"},{"$f":"F798","v":175.17000000000002},{"$f":"TRUNC(IF(G784=\"SINAPI\",VLOOKUP($F784,DADOS_SINAPI,4,0),IF(G784=\"SETOP\",VLOOKUP($F784,DADOS_SETOP,4,0),IF(G784=\"CPU\",VLOOKUP($F784,DADOS_COMPOSICAO,13,0),IF(G784=\"SICRO\",VLOOKUP($F784,DADOS_SICRO,4,0),IF(G784=\"SUDECAP\",VLOOKUP(F784,DADOS_SUDECAP,4,0),IF(G784=\"COTAÇÃO\",VLOOKUP(F784,DADOS_COTACAO,12,0),\"\")))))),2)","v":46.13},"BDI 1",{"$f":"TRUNC(J784*(1+$N$17),2)","v":58.36},{"$f":"IFERROR(TRUNC(I784*J784,2),\"\")","v":8080.59},10222.92]
[2000]
[2000,null,null,null,"Ban. Ginecologia",10.68,"m²"]
[2000,null,null,null,"Ban. Pcd. Fem.",11.115,"m²"]
[2000,null,null,null,"Ban. Pcd. Masc.",10.98,"m²"]
[2000,null,null,null,"Copa",10.379999999999999,"m²"]
[2000,null,null,null,"Dml",10.515000000000001,"m²"]
[2000,null,null,null,"Escovário",22.455000000000002,"m²"]
[2000,null,null,null,"Esterelização",16.934999999999999,"m²"]
[2000,null,null,null,"Lavagem e desinfeção de materiais",17.07,"m²"]
[2000,null,null,null,"Resíduos sólidos",9.495000000000001,"m²"]
[2000,null,null,null,"Sala de apoio de agentes de controle de endemia",19.86,"m²"]
[2000,null,null,null,"Vestiário feminino",19.169999999999998,"m²"]
[2000,null,null,null,"Vestiário masculino",16.515000000000001,"m²"]
[2000,null,null,null,"Total",{"$f":"SUM(F786:F797)","v":175.17000000000002},"m²"]
[2000]
[{"$f":"IFERROR(LEFT(D800,SEARCH(\".\",D800)-1),\"\")","v":"10"},{"$f":"IFERROR(LEFT(RIGHT(D800,LEN(D800)-SEARCH(\".\",D800)),SEARCH(\".\",RIGHT(D800,LEN(D800)-SEARCH(\".\",D800)))-1),\"\")","v":"1"},{"$f":"IFERROR(IF(LEN(D800)-LEN(SUBSTITUTE(D800,\".\",\"\"))<>3,\"\",MID(D800,SEARCH(\".\",D800,SEARCH(\".\",D800)+1)+1,LEN(D800)-SEARCH(\".\",D800,SEARCH(\".\",D800)+1)-(LEN(D800)-(SEARCH(\".\",D800,SEARCH(\".\",D800,SEARCH(\".\",D800)+1)+1)-1)))),\"\")","v":""},"10.1.4",{"$f":"IF($G800=\"SINAPI\",VLOOKUP($F800,DADOS_SINAPI,2,0),IF(G800=\"SETOP\",VLOOKUP($F800,DADOS_SETOP,2,0),IF(G800=\"CPU\",VLOOKUP($F800,DADOS_COMPOSICAO,2,0),IF(G800=\"SICRO\",VLOOKUP($F800,DADOS_SICRO,2,0),IF(G800=\"SUDECAP\",VLOOKUP(F800,DADOS_SUDECAP,2,0),IF(G800=\"COTAÇÃO\",VLOOKUP($F800,DADOS_COTACAO,2,0),\"\"))))))","v":"EMASSAMENTO EM PAREDE COM MASSA CORRIDA (PVA), DUAS (2) DEMÃOS, INCLUSIVE LIXAMENTO PARA PINTURA"},"ED-50478","SETOP",{"$f":"IF(G800=\"SINAPI\",VLOOKUP($F800,DADOS_SINAPI,3,0),IF(G800=\"SETOP\",VLOOKUP($F800,DADOS_SETOP,3,0),IF(G800=\"CPU\",VLOOKUP($F800,DADOS_COMPOSICAO,10,0),IF(G800=\"SICRO\",VLOOKUP($F800,DADOS_SICRO,3,0),IF(G800=\"SUDECAP\",VLOOKUP(F800,DADOS_SUDECAP,3,0),IF(G800=\"COTAÇÃO\",VLOOKUP($F800,DADOS_COTACAO,9,0),\"\"))))))","v":"m2"},{"$f":"F828","v":888.44999999999993},{"$f":"TRUNC(IF(G800=\"SINAPI\",VLOOKUP($F800,DADOS_SINAPI,4,0),IF(G800=\"SETOP\",VLOOKUP($F800,DADOS_SETOP,4,0),IF(G800=\"CPU\",VLOOKUP($F800,DADOS_COMPOSICAO,13,0),IF(G800=\"SICRO\",VLOOKUP($F800,DADOS_SICRO,4,0),IF(G800=\"SUDECAP\",VLOOKUP(F800,DADOS_SUDECAP,4,0),IF(G800=\"COTAÇÃO\",VLOOKUP(F800,DADOS_COTACAO,12,0),\"\")))))),2)","v":17.37},"BDI 1",{"$f":"TRUNC(J800*(1+$N$17),2)","v":21.97},{"$f":"IFERROR(TRUNC(I800*J800,2),\"\")","v":15432.37},19519.25]
[2000]
[2000,null,null,null,"Abrigo do compressor",14.440000000000001,"m²"]
[2000,null,null,null,"Almoxarifado",16.84,"m²"]
[2000,null,null,null,"Circulação 01",15.55,"m²"]
[2000,null,null,null,"Circulação 02",74.850000000000009,"m²"]
[2000,null,null,null,"Circulação 03",67.92,"m²"]
[2000,null,null,null,"Consultório 1",30.89,"m²"]
[2000,null,null,null,"Consultório 2",30.89,"m²"]
[2000,null,null,null,"Consultório 3",30.89,"m²"]
[2000,null,null,null,"Consultório ginecológico",39.68,"m²"]
[2000,null,null,null,"Consultório odontológico",82.32,"m²"]
[2000,null,null,null,"Copa",15.85,"m²"]
[2000,null,null,null,"Guarda de materiais",11.48,"m²"]
[2000,null,null,null,"Guarda de medicamentos",25.27,"m²"]
[2000,null,null,null,"Lavagem e desinfecção",14.27,"m²"]
[2000,null,null,null,"Recepção",4.82,"m²"]
[2000,null,null,null,"Recepção/circulação 01",68.800000000000011,"m²"]
[2000,null,null,null,"Rouparia",15.53,"m²"]
[2000,null,null,null,"Sala de apoio de agentes de controle de endemia",22.72,"m²"]
[2000,null,null,null,"Sala de coleta de materiais",33.85,"m²"]
[2000,null,null,null,"Sala de cuidado básicos",42.08,"m²"]
[2000,null,null,null,"Sala de curativos",{"$f":"20.31+7.74","v":28.049999999999997},"m²"]
[2000,null,null,null,"Sala de gerente",31.68,"m²"]
[2000,null,null,null,"Sala de reuniões",60.55,"m²"]
[2000,null,null,null,"Sala de vacinação",31.69,"m²"]
[2000,null,null,null,"Sala dos agentes",47.050000000000004,"m²"]
[2000,null,null,null,"Triagem da unidade",30.490000000000002,"m²"]
[2000,null,null,null,"Total",{"$f":"SUM(F802:F827)","v":888.44999999999993},"m²"]
[2000]
[{"$f":"IFERROR(LEFT(D830,SEARCH(\".\",D830)-1),\"\")","v":"10"},{"$f":"IFERROR(LEFT(RIGHT(D830,LEN(D830)-SEARCH(\".\",D830)),SEARCH(\".\",RIGHT(D830,LEN(D830)-SEARCH(\".\",D830)))-1),\"\")","v":"1"},{"$f":"IFERROR(IF(LEN(D830)-LEN(SUBSTITUTE(D830,\".\",\"\"))<>3,\"\",MID(D830,SEARCH(\".\",D830,SEARCH(\".\",D830)+1)+1,LEN(D830)-SEARCH(\".\",D830,SEARCH(\".\",D830)+1)-(LEN(D830)-(SEARCH(\".\",D830,SEARCH(\".\",D830,SEARCH(\".\",D830)+1)+1)-1)))),\"\")","v":""},"10.1.5",{"$f":"IF($G830=\"SINAPI\",VLOOKUP($F830,DADOS_SINAPI,2,0),IF(G830=\"SETOP\",VLOOKUP($F830,DADOS_SETOP,2,0),IF(G830=\"CPU\",VLOOKUP($F830,DADOS_COMPOSICAO,2,0),IF(G830=\"SICRO\",VLOOKUP($F830,DADOS_SICRO,2,0),IF(G830=\"SUDECAP\",VLOOKUP(F830,DADOS_SUDECAP,2,0),IF(G830=\"COTAÇÃO\",VLOOKUP($F830,DADOS_COTACAO,2,0),\"\"))))))","v":"REVESTIMENTO COM CERÂMICA APLICADO EM PAREDE, ACABAMENTO ESMALTADO, AMBIENTE INTERNO/EXTERNO, PADRÃO EXTRA, DIMENSÃO DA PEÇA ATÉ 2025 CM2, PEI III, ASSENTAMENTO COM ARGAMASSA INDUSTRIALIZADA, INCLUSIVE REJUNTAMENTO"},"ED-9081","SETOP",{"$f":"IF(G830=\"SINAPI\",VLOOKUP($F830,DADOS_SINAPI,3,0),IF(G830=\"SETOP\",VLOOKUP($F830,DADOS_SETOP,3,0),IF(G830=\"CPU\",VLOOKUP($F830,DADOS_COMPOSICAO,10,0),IF(G830=\"SICRO\",VLOOKUP($F830,DADOS_SICRO,3,0),IF(G830=\"SUDECAP\",VLOOKUP(F830,DADOS_SUDECAP,3,0),IF(G830=\"COTAÇÃO\",VLOOKUP($F830,DADOS_COTACAO,9,0),\"\"))))))","v":"m2"},{"$f":"F854","v":296.48000000000013},{"$f":"TRUNC(IF(G830=\"SINAPI\",VLOOKUP($F830,DADOS_SINAPI,4,0),IF(G830=\"SETOP\",VLOOKUP($F830,DADOS_SETOP,4,0),IF(G830=\"CPU\",VLOOKUP($F830,DADOS_COMPOSICAO,13,0),IF(G830=\"SICRO\",VLOOKUP($F830,DADOS_SICRO,4,0),IF(G830=\"SUDECAP\",VLOOKUP(F830,DADOS_SUDECAP,4,0),IF(G830=\"COTAÇÃO\",VLOOKUP(F830,DADOS_COTACAO,12,0),\"\")))))),2)","v":65.09},"BDI 1",{"$f":"TRUNC(J830*(1+$N$17),2)","v":82.35},{"$f":"IFERROR(TRUNC(I830*J830,2),\"\")","v":19297.88},24415.13]
[2000,null,null,null,null,null,null,null,null,null,null,null,null,{"$f":"L831*I831","v":0}]
[2000,null,null,null,"Ban. Ginecologia",19.64,"m²",null,null,null,null,null,null,0]
[2000,null,null,null,"Ban. Pcd. Fem.",20.260000000000002,"m²",null,null,null,null,null,null,0]
[2000,null,null,null,"Ban. Pcd. Masc.",20.260000000000002,"m²",null,null,null,null,null,null,0]
[2000,null,null,null,"Consultório 1",0.81,"m²",null,null,null,null,null,null,0]
[2000,null,null,null,"Consultório 2",0.81,"m²",null,null,null,null,null,null,0]
[2000,null,null,null,"Consultório 3",0.81,"m²",null,null,null,null,null,null,0]
[2000,null,null,null,"Consultório ginecológico",0.81,"m²",null,null,null,null,null,null,0]
[2000,null,null,null,"Consultório odontológico",4.2,"m²",null,null,null,null,null,null,0]
[2000,null,null,null,"Copa",3.18,"m²",null,null,null,null,null,null,0]
[2000,null,null,null,"Dml",19.22,"m²",null,null,null,null,null,null,0]
[2000,null,null,null,"Escovário",42.68,"m²",null,null,null,null,null,null,0]
[2000,null,null,null,"Esterilização",32.71,"m²",null,null,null,null,null,null,0]
[2000,null,null,null,"Lavagem e desinfecção de materiais",30.27,"m²",null,null,null,null,null,null,0]
[2000,null,null,null,"Resíduos sólidos",12.55,"m²",null,null,null,null,null,null,0]
[2000,null,null,null,"Sala de apoio de agentes de controle de endemia",11.71,"m²",null,null,null,null,null,null,0]
[2000,null,null,null,"Sala de coleta de materiais",1.61,"m²",null,null,null,null,null,null,0]
[2000,null,null,null,"Sala de cuidado básicos",2.69,"m²",null,null,null,null,null,null,0]
[2000,null,null,null,"Sala de curativos",3.86,"m²",null,null,null,null,null,null,0]
[2000,null,null,null,"Sala de vacinação",2.1800000000000002,"m²",null,null,null,null,null,null,0]
[2000,null,null,null,"Triagem da unidae",0.81,"m²",null,null,null,null,null,null,0]
[2000,null,null,null,"Vestiário feminino",34.979999999999997,"m²",null,null,null,null,null,null,0]
[2000,null,null,null,"Vestiário masculino",30.43,"m²",null,null,null,null,null,null,0]
[2000,null,null,null,"Total",{"$f":"SUM(F832:F853)","v":296.48000000000013},"m²",null,null,null,null,null,null,0]
[2000,null,null,null,null,null,null,null,null,null,null,null,null,0]
[{"$f":"IFERROR(LEFT(D856,SEARCH(\".\",D856)-1),\"\")","v":"10"},{"$f":"IFERROR(LEFT(RIGHT(D856,LEN(D856)-SEARCH(\".\",D856)),SEARCH(\".\",RIGHT(D856,LEN(D856)-SEARCH(\".\",D856)))-1),\"\")","v":"1"},{"$f":"IFERROR(IF(LEN(D856)-LEN(SUBSTITUTE(D856,\".\",\"\"))<>3,\"\",MID(D856,SEARCH(\".\",D856,SEARCH(\".\",D856)+1)+1,LEN(D856)-SEARCH(\".\",D856,SEARCH(\".\",D856)+1)-(LEN(D856)-(SEARCH(\".\",D856,SEARCH(\".\",D856,SEARCH(\".\",D856)+1)+1)-1)))),\"\")","v":""},"10.1.5",{"$f":"IF($G856=\"SINAPI\",VLOOKUP($F856,DADOS_SINAPI,2,0),IF(G856=\"SETOP\",VLOOKUP($F856,DADOS_SETOP,2,0),IF(G856=\"CPU\",VLOOKUP($F856,DADOS_COMPOSICAO,2,0),IF(G856=\"SICRO\",VLOOKUP($F856,DADOS_SICRO,2,0),IF(G856=\"SUDECAP\",VLOOKUP(F856,DADOS_SUDECAP,2,0),IF(G856=\"COTAÇÃO\",VLOOKUP($F856,DADOS_COTACAO,2,0),\"\"))))))","v":"REVESTIMENTO CERÂMICO PARA PAREDES EXTERNAS EM PASTILHAS DE PORCELANA 5 X 5 CM (PLACAS DE 30 X 30 CM), ALINHADAS A PRUMO. AF_02/2023"},87244,"SINAPI",{"$f":"IF(G856=\"SINAPI\",VLOOKUP($F856,DADOS_SINAPI,3,0),IF(G856=\"SETOP\",VLOOKUP($F856,DADOS_SETOP,3,0),IF(G856=\"CPU\",VLOOKUP($F856,DADOS_COMPOSICAO,10,0),IF(G856=\"SICRO\",VLOOKUP($F856,DADOS_SICRO,3,0),IF(G856=\"SUDECAP\",VLOOKUP(F856,DADOS_SUDECAP,3,0),IF(G856=\"COTAÇÃO\",VLOOKUP($F856,DADOS_COTACAO,9,0),\"\"))))))","v":"M2"},{"$f":"F859","v":5.15},{"$f":"TRUNC(IF(G856=\"SINAPI\",VLOOKUP($F856,DADOS_SINAPI,4,0),IF(G856=\"SETOP\",VLOOKUP($F856,DADOS_SETOP,4,0),IF(G856=\"CPU\",VLOOKUP($F856,DADOS_COMPOSICAO,13,0),IF(G856=\"SICRO\",VLOOKUP($F856,DADOS_SICRO,4,0),IF(G856=\"SUDECAP\",VLOOKUP(F856,DADOS_SUDECAP,4,0),IF(G856=\"COTAÇÃO\",VLOOKUP(F856,DADOS_COTACAO,12,0),\"\")))))),2)","v":252.58},"BDI 1",{"$f":"TRUNC(J856*(1+$N$17),2)","v":319.56},{"$f":"IFERROR(TRUNC(I856*J856,2),\"\")","v":1300.78},1645.73]
[2000]
[2000,null,null,null,"Balcão recepção",5.15,"m²"]
[2000,null,null,null,"Total",{"$f":"SUM(F858:F858)","v":5.15},"m²"]
[2000]
[{"$f":"IFERROR(LEFT(D861,SEARCH(\".\",D861)-1),\"\")","v":"10"},{"$f":"IFERROR(LEFT(RIGHT(D861,LEN(D861)-SEARCH(\".\",D861)),SEARCH(\".\",RIGHT(D861,LEN(D861)-SEARCH(\".\",D861)))-1),\"\")","v":"1"},{"$f":"IFERROR(IF(LEN(D861)-LEN(SUBSTITUTE(D861,\".\",\"\"))<>3,\"\",MID(D861,SEARCH(\".\",D861,SEARCH(\".\",D861)+1)+1,LEN(D861)-SEARCH(\".\",D861,SEARCH(\".\",D861)+1)-(LEN(D861)-(SEARCH(\".\",D861,SEARCH(\".\",D861,SEARCH(\".\",D861)+1)+1)-1)))),\"\")","v":""},"10.1.6",{"$f":"IF($G861=\"SINAPI\",VLOOKUP($F861,DADOS_SINAPI,2,0),IF(G861=\"SETOP\",VLOOKUP($F861,DADOS_SETOP,2,0),IF(G861=\"CPU\",VLOOKUP($F861,DADOS_COMPOSICAO,2,0),IF(G861=\"SICRO\",VLOOKUP($F861,DADOS_SICRO,2,0),IF(G861=\"SUDECAP\",VLOOKUP(F861,DADOS_SUDECAP,2,0),IF(G861=\"COTAÇÃO\",VLOOKUP($F861,DADOS_COTACAO,2,0),\"\"))))))","v":"APLICAÇÃO MANUAL DE GESSO DESEMPENADO (SEM TALISCAS) EM TETO DE AMBIENTES DE ÁREA ENTRE 5M² E 10M², ESPESSURA DE 1,0CM. AF_03/2023"},87415,"SINAPI",{"$f":"IF(G861=\"SINAPI\",VLOOKUP($F861,DADOS_SINAPI,3,0),IF(G861=\"SETOP\",VLOOKUP($F861,DADOS_SETOP,3,0),IF(G861=\"CPU\",VLOOKUP($F861,DADOS_COMPOSICAO,10,0),IF(G861=\"SICRO\",VLOOKUP($F861,DADOS_SICRO,3,0),IF(G861=\"SUDECAP\",VLOOKUP(F861,DADOS_SUDECAP,3,0),IF(G861=\"COTAÇÃO\",VLOOKUP($F861,DADOS_COTACAO,9,0),\"\"))))))","v":"M2"},{"$f":"F867","v":17.12},{"$f":"TRUNC(IF(G861=\"SINAPI\",VLOOKUP($F861,DADOS_SINAPI,4,0),IF(G861=\"SETOP\",VLOOKUP($F861,DADOS_SETOP,4,0),IF(G861=\"CPU\",VLOOKUP($F861,DADOS_COMPOSICAO,13,0),IF(G861=\"SICRO\",VLOOKUP($F861,DADOS_SICRO,4,0),IF(G861=\"SUDECAP\",VLOOKUP(F861,DADOS_SUDECAP,4,0),IF(G861=\"COTAÇÃO\",VLOOKUP(F861,DADOS_COTACAO,12,0),\"\")))))),2)","v":33.21},"BDI 1",{"$f":"TRUNC(J861*(1+$N$17),2)","v":42.01},{"$f":"IFERROR(TRUNC(I861*J861,2),\"\")","v":568.54999999999995},719.21]
[2000]
[2000,null,null,null,"Esterilização",6.12,"m²"]
[2000,null,null,null,"Lavagem e desinfecção de materiais",6.12,"m²"]
[2000,null,null,null,"Resíduos sólidos",2.4,"m²"]
[2000,null,null,null,"Abrigo compressor",2.48,"m²"]
[2000,null,null,null,"Total",{"$f":"SUM(F863:F866)","v":17.12},"m²"]
[2000]
[{"$f":"IFERROR(LEFT(D869,SEARCH(\".\",D869)-1),\"\")","v":"10"},{"$f":"IFERROR(LEFT(RIGHT(D869,LEN(D869)-SEARCH(\".\",D869)),SEARCH(\".\",RIGHT(D869,LEN(D869)-SEARCH(\".\",D869)))-1),\"\")","v":"1"},{"$f":"IFERROR(IF(LEN(D869)-LEN(SUBSTITUTE(D869,\".\",\"\"))<>3,\"\",MID(D869,SEARCH(\".\",D869,SEARCH(\".\",D869)+1)+1,LEN(D869)-SEARCH(\".\",D869,SEARCH(\".\",D869)+1)-(LEN(D869)-(SEARCH(\".\",D869,SEARCH(\".\",D869,SEARCH(\".\",D869)+1)+1)-1)))),\"\")","v":""},"10.1.7",{"$f":"IF($G869=\"SINAPI\",VLOOKUP($F869,DADOS_SINAPI,2,0),IF(G869=\"SETOP\",VLOOKUP($F869,DADOS_SETOP,2,0),IF(G869=\"CPU\",VLOOKUP($F869,DADOS_COMPOSICAO,2,0),IF(G869=\"SICRO\",VLOOKUP($F869,DADOS_SICRO,2,0),IF(G869=\"SUDECAP\",VLOOKUP(F869,DADOS_SUDECAP,2,0),IF(G869=\"COTAÇÃO\",VLOOKUP($F869,DADOS_COTACAO,2,0),\"\"))))))","v":"FORRO EM PLACAS DE GESSO, PARA AMBIENTES COMERCIAIS. AF_08/2023_PS"},96113,"SINAPI",{"$f":"IF(G869=\"SINAPI\",VLOOKUP($F869,DADOS_SINAPI,3,0),IF(G869=\"SETOP\",VLOOKUP($F869,DADOS_SETOP,3,0),IF(G869=\"CPU\",VLOOKUP($F869,DADOS_COMPOSICAO,10,0),IF(G869=\"SICRO\",VLOOKUP($F869,DADOS_SICRO,3,0),IF(G869=\"SUDECAP\",VLOOKUP(F869,DADOS_SUDECAP,3,0),IF(G869=\"COTAÇÃO\",VLOOKUP($F869,DADOS_COTACAO,9,0),\"\"))))))","v":"M2"},{"$f":"F899","v":332.1},{"$f":"TRUNC(IF(G869=\"SINAPI\",VLOOKUP($F869,DADOS_SINAPI,4,0),IF(G869=\"SETOP\",VLOOKUP($F869,DADOS_SETOP,4,0),IF(G869=\"CPU\",VLOOKUP($F869,DADOS_COMPOSICAO,13,0),IF(G869=\"SICRO\",VLOOKUP($F869,DADOS_SICRO,4,0),IF(G869=\"SUDECAP\",VLOOKUP(F869,DADOS_SUDECAP,4,0),IF(G869=\"COTAÇÃO\",VLOOKUP(F869,DADOS_COTACAO,12,0),\"\")))))),2)","v":43.98},"BDI 1",{"$f":"TRUNC(J869*(1+$N$17),2)","v":55.64},{"$f":"IFERROR(TRUNC(I869*J869,2),\"\")","v":14605.75},18478.04]
[2000]
[2000,null,null,null,"Almoxarifado",4.43,"m²"]
[2000,null,null,null,"Ban. Pcd. Fem",3.24,"m²"]
[2000,null,null,null,"Ban. Pcd. Masc.",3.24,"m²"]
[2000,null,null,null,"Ben. Ginecologia",3.04,"m²"]
[2000,null,null,null,"Circulação 02",27.36,"m²"]
[2000,null,null,null,"Circulação 03/ rouparia",24.63,"m²"]
[2000,null,null,null,"Consultório 1",7.92,"m²"]
[2000,null,null,null,"Consultório 2",7.92,"m²"]
[2000,null,null,null,"Consultório 3",7.92,"m²"]
[2000,null,null,null,"Consultório ginecológico",11.07,"m²"]
[2000,null,null,null,"Consultório odontológico",27.58,"m²"]
[2000,null,null,null,"Copa",2.64,"m²"]
[2000,null,null,null,"Dml",2.64,"m²"]
[2000,null,null,null,"Escovário",9.9,"m²"]
[2000,null,null,null,"Guarda de materiais",2.02,"m²"]
[2000,null,null,null,"Guarda de medicamentos",4.2,"m²"]
[2000,null,null,null,"Recepção/ circulação 01",48.84,"m²"]
[2000,null,null,null,"Sala de apoio de agentes de controle de endemia",8.16,"m²"]
[2000,null,null,null,"Sala de coleta de materiais",9.9,"m²"]
[2000,null,null,null,"Sala de cuidados básicos",16.2,"m²"]
[2000,null,null,null,"Sala de curativos",9.18,"m²"]
[2000,null,null,null,"Sala de gerente",7.81,"m²"]
[2000,null,null,null,"Sala de reuniões",30.15,"m²"]
[2000,null,null,null,"Sala de vacinação",10.8,"m²"]
[2000,null,null,null,"Sala dos agentes",18.37,"m²"]
[2000,null,null,null,"Triagem da unidade",6.6,"m²"]
[2000,null,null,null,"Vestiário feminino",9.5299999999999994,"m²"]
[2000,null,null,null,"Vestiário masculino",6.81,"m²"]
[2000,null,null,null,"Total",{"$f":"SUM(F871:F898)","v":332.1},"m²"]
[2000]
[null,null,null,"10.2","REVESTIMENTOS EXTERNOS",null,null,null,null,null,null,null,{"$f":"IFERROR(SUMIFS(M:M,A:A,LEFT(D901,SEARCH(\".\",D901)-1),B:B,RIGHT(D901,LEN(D901)-SEARCH(\".\",D901))),\"\")","v":167047.84},{"$f":"IFERROR(SUMIFS(N:N,A:A,LEFT(D901,SEARCH(\".\",D901)-1),B:B,RIGHT(D901,LEN(D901)-SEARCH(\".\",D901))),\"\")","v":211313.98}]
[{"$f":"IFERROR(LEFT(D902,SEARCH(\".\",D902)-1),\"\")","v":"10"},{"$f":"IFERROR(LEFT(RIGHT(D902,LEN(D902)-SEARCH(\".\",D902)),SEARCH(\".\",RIGHT(D902,LEN(D902)-SEARCH(\".\",D902)))-1),\"\")","v":"2"},{"$f":"IFERROR(IF(LEN(D902)-LEN(SUBSTITUTE(D902,\".\",\"\"))<>3,\"\",MID(D902,SEARCH(\".\",D902,SEARCH(\".\",D902)+1)+1,LEN(D902)-SEARCH(\".\",D902,SEARCH(\".\",D902)+1)-(LEN(D902)-(SEARCH(\".\",D902,SEARCH(\".\",D902,SEARCH(\".\",D902)+1)+1)-1)))),\"\")","v":""},"10.2.1",{"$f":"IF($G902=\"SINAPI\",VLOOKUP($F902,DADOS_SINAPI,2,0),IF(G902=\"SETOP\",VLOOKUP($F902,DADOS_SETOP,2,0),IF(G902=\"CPU\",VLOOKUP($F902,DADOS_COMPOSICAO,2,0),IF(G902=\"SICRO\",VLOOKUP($F902,DADOS_SICRO,2,0),IF(G902=\"SUDECAP\",VLOOKUP(F902,DADOS_SUDECAP,2,0),IF(G902=\"COTAÇÃO\",VLOOKUP($F902,DADOS_COTACAO,2,0),\"\"))))))","v":"CHAPISCO APLICADO EM ALVENARIA (COM PRESENÇA DE VÃOS) E ESTRUTURAS DE CONCRETO DE FACHADA, COM COLHER DE PEDREIRO.  ARGAMASSA TRAÇO 1:3 COM PREPARO EM BETONEIRA 400L. AF_10/2022"},87905,"SINAPI",{"$f":"IF(G902=\"SINAPI\",VLOOKUP($F902,DADOS_SINAPI,3,0),IF(G902=\"SETOP\",VLOOKUP($F902,DADOS_SETOP,3,0),IF(G902=\"CPU\",VLOOKUP($F902,DADOS_COMPOSICAO,10,0),IF(G902=\"SICRO\",VLOOKUP($F902,DADOS_SICRO,3,0),IF(G902=\"SUDECAP\",VLOOKUP(F902,DADOS_SUDECAP,3,0),IF(G902=\"COTAÇÃO\",VLOOKUP($F902,DADOS_COTACAO,9,0),\"\"))))))","v":"M2"},{"$f":"F907","v":218.29000000000002},{"$f":"TRUNC(IF(G902=\"SINAPI\",VLOOKUP($F902,DADOS_SINAPI,4,0),IF(G902=\"SETOP\",VLOOKUP($F902,DADOS_SETOP,4,0),IF(G902=\"CPU\",VLOOKUP($F902,DADOS_COMPOSICAO,13,0),IF(G902=\"SICRO\",VLOOKUP($F902,DADOS_SICRO,4,0),IF(G902=\"SUDECAP\",VLOOKUP(F902,DADOS_SUDECAP,4,0),IF(G902=\"COTAÇÃO\",VLOOKUP(F902,DADOS_COTACAO,12,0),\"\")))))),2)","v":7.46},"BDI 1",{"$f":"TRUNC(J902*(1+$N$17),2)","v":9.43},{"$f":"IFERROR(TRUNC(I902*J902,2),\"\")","v":1628.44},2058.4699999999998]
[2000]
[2000,null,null,null,"Externo",{"$f":"135.78+42.9","v":178.68},"m²"]
[2000,null,null,null,"Muro",23.78,"m²"]
[2000,null,null,null,"Platibanda",15.83,"m²"]
[2000,null,null,null,"Total",{"$f":"SUM(F904:F906)","v":218.29000000000002},"m²"]
[2000]
["10","2","","10.2.2","CHAPISCO APLICADO EM ALVENARIA (SEM PRESENÇA DE VÃOS) E ESTRUTURAS DE CONCRETO DE FACHADA, COM COLHER DE PEDREIRO.  ARGAMASSA TRAÇO 1:3 COM PREPARO EM BETONEIRA 400L. AF_10/2022",87894,"SINAPI","M2",{"$f":"F918","v":1201.4599999999998},6.43,"BDI 1",8.1300000000000008,7725.38,9767.8700000000008]
[2000]
[2000,null,null,null,"Beiral",1.78,"m²"]
[2000,null,null,null,"Externo",{"$f":"13.34+6.89","v":20.23},"m²"]
[2000,null,null,null,"Muro",600.38,"m²"]
[2000,null,null,null,"Platibanda",490.23,"m²"]
[2000,null,null,null,"Pastilhas",49.55,"m²"]
[2000,null,null,null,"Revestimento cerâmico fachada",26.57,"m²"]
[2000,null,null,null,"Fachada",12.72,"m²"]
[2000,null,null,null,"Total",{"$f":"SUM(F911:F917)","v":1201.4599999999998},"m²"]
[2000]
["10","2","","10.2.3","EMBOÇO OU MASSA ÚNICA EM ARGAMASSA TRAÇO 1:2:8, PREPARO MECÂNICO COM BETONEIRA 400 L, APLICADA MANUALMENTE EM PANOS DE FACHADA COM PRESENÇA DE VÃOS, ESPESSURA DE 35 MM. AF_08/2022",87779,"SINAPI","M2",{"$f":"F922","v":218.29000000000002},66.489999999999995,"BDI 1",84.12,14514.1,18362.55]
[2000]
[2000,null,null,null,"Área de chapisco com vãos",{"$f":"F907","v":218.29000000000002},"m²"]
[2000]
["10","2","","10.2.4","EMBOÇO OU MASSA ÚNICA EM ARGAMASSA TRAÇO 1:2:8, PREPARO MECÂNICO COM BETONEIRA 400 L, APLICADA MANUALMENTE EM PANOS CEGOS DE FACHADA (SEM PRESENÇA DE VÃOS), ESPESSURA DE 35 MM. AF_08/2022",87797,"SINAPI","M2",{"$f":"F926","v":1201.4599999999998},53.35,"BDI 1",67.489999999999995,64097.89,81086.539999999994]
[2000]
[2000,null,null,null,"Área de chapisco sem vãos",{"$f":"F918","v":1201.4599999999998},"m²"]
[2000]
[{"$f":"IFERROR(LEFT(D928,SEARCH(\".\",D928)-1),\"\")","v":"10"},{"$f":"IFERROR(LEFT(RIGHT(D928,LEN(D928)-SEARCH(\".\",D928)),SEARCH(\".\",RIGHT(D928,LEN(D928)-SEARCH(\".\",D928)))-1),\"\")","v":"2"},{"$f":"IFERROR(IF(LEN(D928)-LEN(SUBSTITUTE(D928,\".\",\"\"))<>3,\"\",MID(D928,SEARCH(\".\",D928,SEARCH(\".\",D928)+1)+1,LEN(D928)-SEARCH(\".\",D928,SEARCH(\".\",D928)+1)-(LEN(D928)-(SEARCH(\".\",D928,SEARCH(\".\",D928,SEARCH(\".\",D928)+1)+1)-1)))),\"\")","v":""},"10.2.5",{"$f":"IF($G928=\"SINAPI\",VLOOKUP($F928,DADOS_SINAPI,2,0),IF(G928=\"SETOP\",VLOOKUP($F928,DADOS_SETOP,2,0),IF(G928=\"CPU\",VLOOKUP($F928,DADOS_COMPOSICAO,2,0),IF(G928=\"SICRO\",VLOOKUP($F928,DADOS_SICRO,2,0),IF(G928=\"SUDECAP\",VLOOKUP(F928,DADOS_SUDECAP,2,0),IF(G928=\"COTAÇÃO\",VLOOKUP($F928,DADOS_COTACAO,2,0),\"\"))))))","v":"REVESTIMENTO COM CERÂMICA APLICADO EM PAREDE, ACABAMENTO ESMALTADO, AMBIENTE INTERNO/EXTERNO, PADRÃO EXTRA, DIMENSÃO DA PEÇA ATÉ 2025 CM2, PEI III, ASSENTAMENTO COM ARGAMASSA INDUSTRIALIZADA, INCLUSIVE REJUNTAMENTO"},"ED-9081","SETOP",{"$f":"IF(G928=\"SINAPI\",VLOOKUP($F928,DADOS_SINAPI,3,0),IF(G928=\"SETOP\",VLOOKUP($F928,DADOS_SETOP,3,0),IF(G928=\"CPU\",VLOOKUP($F928,DADOS_COMPOSICAO,10,0),IF(G928=\"SICRO\",VLOOKUP($F928,DADOS_SICRO,3,0),IF(G928=\"SUDECAP\",VLOOKUP(F928,DADOS_SUDECAP,3,0),IF(G928=\"COTAÇÃO\",VLOOKUP($F928,DADOS_COTACAO,9,0),\"\"))))))","v":"m2"},{"$f":"F931","v":26.57},{"$f":"TRUNC(IF(G928=\"SINAPI\",VLOOKUP($F928,DADOS_SINAPI,4,0),IF(G928=\"SETOP\",VLOOKUP($F928,DADOS_SETOP,4,0),IF(G928=\"CPU\",VLOOKUP($F928,DADOS_COMPOSICAO,13,0),IF(G928=\"SICRO\",VLOOKUP($F928,DADOS_SICRO,4,0),IF(G928=\"SUDECAP\",VLOOKUP(F928,DADOS_SUDECAP,4,0),IF(G928=\"COTAÇÃO\",VLOOKUP(F928,DADOS_COTACAO,12,0),\"\")))))),2)","v":65.09},"BDI 1",{"$f":"TRUNC(J928*(1+$N$17),2)","v":82.35},{"$f":"IFERROR(TRUNC(I928*J928,2),\"\")","v":1729.44},2188.04]
[2000]
[2000,null,null,null,"Fachada",26.57,"m²"]
[2000,null,null,null,"Total",{"$f":"SUM(F930:F930)","v":26.57},"m²"]
[2000]
[{"$f":"IFERROR(LEFT(D933,SEARCH(\".\",D933)-1),\"\")","v":"10"},{"$f":"IFERROR(LEFT(RIGHT(D933,LEN(D933)-SEARCH(\".\",D933)),SEARCH(\".\",RIGHT(D933,LEN(D933)-SEARCH(\".\",D933)))-1),\"\")","v":"2"},{"$f":"IFERROR(IF(LEN(D933)-LEN(SUBSTITUTE(D933,\".\",\"\"))<>3,\"\",MID(D933,SEARCH(\".\",D933,SEARCH(\".\",D933)+1)+1,LEN(D933)-SEARCH(\".\",D933,SEARCH(\".\",D933)+1)-(LEN(D933)-(SEARCH(\".\",D933,SEARCH(\".\",D933,SEARCH(\".\",D933)+1)+1)-1)))),\"\")","v":""},"10.2.6",{"$f":"IF($G933=\"SINAPI\",VLOOKUP($F933,DADOS_SINAPI,2,0),IF(G933=\"SETOP\",VLOOKUP($F933,DADOS_SETOP,2,0),IF(G933=\"CPU\",VLOOKUP($F933,DADOS_COMPOSICAO,2,0),IF(G933=\"SICRO\",VLOOKUP($F933,DADOS_SICRO,2,0),IF(G933=\"SUDECAP\",VLOOKUP(F933,DADOS_SUDECAP,2,0),IF(G933=\"COTAÇÃO\",VLOOKUP($F933,DADOS_COTACAO,2,0),\"\"))))))","v":"REVESTIMENTO CERÂMICO PARA PAREDES EXTERNAS EM PASTILHAS DE PORCELANA 5 X 5 CM (PLACAS DE 30 X 30 CM), ALINHADAS A PRUMO. AF_02/2023"},87244,"SINAPI",{"$f":"IF(G933=\"SINAPI\",VLOOKUP($F933,DADOS_SINAPI,3,0),IF(G933=\"SETOP\",VLOOKUP($F933,DADOS_SETOP,3,0),IF(G933=\"CPU\",VLOOKUP($F933,DADOS_COMPOSICAO,10,0),IF(G933=\"SICRO\",VLOOKUP($F933,DADOS_SICRO,3,0),IF(G933=\"SUDECAP\",VLOOKUP(F933,DADOS_SUDECAP,3,0),IF(G933=\"COTAÇÃO\",VLOOKUP($F933,DADOS_COTACAO,9,0),\"\"))))))","v":"M2"},{"$f":"F936","v":49.55},{"$f":"TRUNC(IF(G933=\"SINAPI\",VLOOKUP($F933,DADOS_SINAPI,4,0),IF(G933=\"SETOP\",VLOOKUP($F933,DADOS_SETOP,4,0),IF(G933=\"CPU\",VLOOKUP($F933,DADOS_COMPOSICAO,13,0),IF(G933=\"SICRO\",VLOOKUP($F933,DADOS_SICRO,4,0),IF(G933=\"SUDECAP\",VLOOKUP(F933,DADOS_SUDECAP,4,0),IF(G933=\"COTAÇÃO\",VLOOKUP(F933,DADOS_COTACAO,12,0),\"\")))))),2)","v":252.58},"BDI 1",{"$f":"TRUNC(J933*(1+$N$17),2)","v":319.56},{"$f":"IFERROR(TRUNC(I933*J933,2),\"\")","v":12515.33},15834.2]
[2000]
[2000,null,null,null,"Fachada",49.55,"m²"]
[2000,null,null,null,"Total",{"$f":"SUM(F935:F935)","v":49.55},"m²"]
[2000]
["10","2","","10.2.7","APLICAÇÃO MANUAL DE MASSA ACRÍLICA EM PAREDES EXTERNAS DE CASAS, UMA DEMÃO. AF_03/2024",96130,"SINAPI","M2",{"$f":"F945","v":1343.6299999999999},17.87,"BDI 1",22.6,24010.66,30366.04]
[2000]
[2000,null,null,null,"Beiral",{"$f":"F911","v":1.78},"m²"]
[2000,null,null,null,"Externo",{"$f":"F904+F912","v":198.91},"m²"]
[2000,null,null,null,"Muro",{"$f":"F905+F913","v":624.16},"m²"]
[2000,null,null,null,"Platibanda",{"$f":"F906+F914","v":506.06},"m²"]
[2000,null,null,null,"Fachada",12.72,"m²"]
[2000,null,null,null,"Total",{"$f":"SUM(F940:F944)","v":1343.6299999999999},"m²"]
[2000]
["10","2","","10.2.8","IMPERMEABILIZAÇÃO DE SUPERFÍCIE COM ARGAMASSA DE CIMENTO E AREIA, COM ADITIVO IMPERMEABILIZANTE, E = 1,5CM. AF_09/2023",98562,"SINAPI","M2",{"$f":"F951","v":630.81000000000006},46.13,"BDI 1",58.36,29099.26,36814.07]
[2000]
[2000,null,null,null,"Fachada",131.86000000000001,"m²"]
[2000,null,null,null,"Muro",{"$f":"283.47+215.48","v":498.95000000000005},"m²"]
[2000,null,null,null,"Total",{"$f":"SUM(F949:F950)","v":630.81000000000006},"m²"]
[2000]
[{"$f":"IFERROR(LEFT(D953,SEARCH(\".\",D953)-1),\"\")","v":"10"},{"$f":"IFERROR(LEFT(RIGHT(D953,LEN(D953)-SEARCH(\".\",D953)),SEARCH(\".\",RIGHT(D953,LEN(D953)-SEARCH(\".\",D953)))-1),\"\")","v":"2"},{"$f":"IFERROR(IF(LEN(D953)-LEN(SUBSTITUTE(D953,\".\",\"\"))<>3,\"\",MID(D953,SEARCH(\".\",D953,SEARCH(\".\",D953)+1)+1,LEN(D953)-SEARCH(\".\",D953,SEARCH(\".\",D953)+1)-(LEN(D953)-(SEARCH(\".\",D953,SEARCH(\".\",D953,SEARCH(\".\",D953)+1)+1)-1)))),\"\")","v":""},"10.2.9",{"$f":"IF($G953=\"SINAPI\",VLOOKUP($F953,DADOS_SINAPI,2,0),IF(G953=\"SETOP\",VLOOKUP($F953,DADOS_SETOP,2,0),IF(G953=\"CPU\",VLOOKUP($F953,DADOS_COMPOSICAO,2,0),IF(G953=\"SICRO\",VLOOKUP($F953,DADOS_SICRO,2,0),IF(G953=\"SUDECAP\",VLOOKUP(F953,DADOS_SUDECAP,2,0),IF(G953=\"COTAÇÃO\",VLOOKUP($F953,DADOS_COTACAO,2,0),\"\"))))))","v":"CAMADA DE REGULARIZAÇÃO COM ARGAMASSA, TRAÇO 1:3 (CIMENTO E AREIA), ESP. 20MM, APLICAÇÃO MANUAL, INCLUSIVE ARGAMASSA COM PREPARO MECANIZADO"},"ED-13287","SETOP",{"$f":"IF(G953=\"SINAPI\",VLOOKUP($F953,DADOS_SINAPI,3,0),IF(G953=\"SETOP\",VLOOKUP($F953,DADOS_SETOP,3,0),IF(G953=\"CPU\",VLOOKUP($F953,DADOS_COMPOSICAO,10,0),IF(G953=\"SICRO\",VLOOKUP($F953,DADOS_SICRO,3,0),IF(G953=\"SUDECAP\",VLOOKUP(F953,DADOS_SUDECAP,3,0),IF(G953=\"COTAÇÃO\",VLOOKUP($F953,DADOS_COTACAO,9,0),\"\"))))))","v":"m2"},{"$f":"F955","v":71.7},{"$f":"TRUNC(IF(G953=\"SINAPI\",VLOOKUP($F953,DADOS_SINAPI,4,0),IF(G953=\"SETOP\",VLOOKUP($F953,DADOS_SETOP,4,0),IF(G953=\"CPU\",VLOOKUP($F953,DADOS_COMPOSICAO,13,0),IF(G953=\"SICRO\",VLOOKUP($F953,DADOS_SICRO,4,0),IF(G953=\"SUDECAP\",VLOOKUP(F953,DADOS_SUDECAP,4,0),IF(G953=\"COTAÇÃO\",VLOOKUP(F953,DADOS_COTACAO,12,0),\"\")))))),2)","v":35.06},"BDI 1",{"$f":"TRUNC(J953*(1+$N$17),2)","v":44.35},{"$f":"IFERROR(TRUNC(I953*J953,2),\"\")","v":2513.8000000000002},3179.9]
[2000]
[2000,null,null,null,"Laje impermeabilizada",71.7,"m²"]
[2000,null,null,null,"Camadas",2]
[2000,null,null,null,"Total",{"$f":"F955*F956","v":143.4},"m²"]
[2000]
[{"$f":"IFERROR(LEFT(D959,SEARCH(\".\",D959)-1),\"\")","v":"10"},{"$f":"IFERROR(LEFT(RIGHT(D959,LEN(D959)-SEARCH(\".\",D959)),SEARCH(\".\",RIGHT(D959,LEN(D959)-SEARCH(\".\",D959)))-1),\"\")","v":"2"},{"$f":"IFERROR(IF(LEN(D959)-LEN(SUBSTITUTE(D959,\".\",\"\"))<>3,\"\",MID(D959,SEARCH(\".\",D959,SEARCH(\".\",D959)+1)+1,LEN(D959)-SEARCH(\".\",D959,SEARCH(\".\",D959)+1)-(LEN(D959)-(SEARCH(\".\",D959,SEARCH(\".\",D959,SEARCH(\".\",D959)+1)+1)-1)))),\"\")","v":""},"10.2.10",{"$f":"IF($G959=\"SINAPI\",VLOOKUP($F959,DADOS_SINAPI,2,0),IF(G959=\"SETOP\",VLOOKUP($F959,DADOS_SETOP,2,0),IF(G959=\"CPU\",VLOOKUP($F959,DADOS_COMPOSICAO,2,0),IF(G959=\"SICRO\",VLOOKUP($F959,DADOS_SICRO,2,0),IF(G959=\"SUDECAP\",VLOOKUP(F959,DADOS_SUDECAP,2,0),IF(G959=\"COTAÇÃO\",VLOOKUP($F959,DADOS_COTACAO,2,0),\"\"))))))","v":"IMPERMEABILIZAÇÃO DE SUPERFÍCIE COM MANTA ASFÁLTICA, UMA CAMADA, INCLUSIVE APLICAÇÃO DE PRIMER ASFÁLTICO, E=4MM. AF_09/2023"},98546,"SINAPI",{"$f":"IF(G959=\"SINAPI\",VLOOKUP($F959,DADOS_SINAPI,3,0),IF(G959=\"SETOP\",VLOOKUP($F959,DADOS_SETOP,3,0),IF(G959=\"CPU\",VLOOKUP($F959,DADOS_COMPOSICAO,10,0),IF(G959=\"SICRO\",VLOOKUP($F959,DADOS_SICRO,3,0),IF(G959=\"SUDECAP\",VLOOKUP(F959,DADOS_SUDECAP,3,0),IF(G959=\"COTAÇÃO\",VLOOKUP($F959,DADOS_COTACAO,9,0),\"\"))))))","v":"M2"},{"$f":"F962","v":71.7},{"$f":"TRUNC(IF(G959=\"SINAPI\",VLOOKUP($F959,DADOS_SINAPI,4,0),IF(G959=\"SETOP\",VLOOKUP($F959,DADOS_SETOP,4,0),IF(G959=\"CPU\",VLOOKUP($F959,DADOS_COMPOSICAO,13,0),IF(G959=\"SICRO\",VLOOKUP($F959,DADOS_SICRO,4,0),IF(G959=\"SUDECAP\",VLOOKUP(F959,DADOS_SUDECAP,4,0),IF(G959=\"COTAÇÃO\",VLOOKUP(F959,DADOS_COTACAO,12,0),\"\")))))),2)","v":108.89},"BDI 1",{"$f":"TRUNC(J959*(1+$N$17),2)","v":137.76},{"$f":"IFERROR(TRUNC(I959*J959,2),\"\")","v":7807.41},9877.39]
[2000]
[2000,null,null,null,"Laje impermeabilizada",71.7,"m²"]
[2000,null,null,null,"Total",{"$f":"F961","v":71.7},"m²"]
[2000]
[{"$f":"IFERROR(LEFT(D964,SEARCH(\".\",D964)-1),\"\")","v":"10"},{"$f":"IFERROR(LEFT(RIGHT(D964,LEN(D964)-SEARCH(\".\",D964)),SEARCH(\".\",RIGHT(D964,LEN(D964)-SEARCH(\".\",D964)))-1),\"\")","v":"2"},{"$f":"IFERROR(IF(LEN(D964)-LEN(SUBSTITUTE(D964,\".\",\"\"))<>3,\"\",MID(D964,SEARCH(\".\",D964,SEARCH(\".\",D964)+1)+1,LEN(D964)-SEARCH(\".\",D964,SEARCH(\".\",D964)+1)-(LEN(D964)-(SEARCH(\".\",D964,SEARCH(\".\",D964,SEARCH(\".\",D964)+1)+1)-1)))),\"\")","v":""},"10.2.11",{"$f":"IF($G964=\"SINAPI\",VLOOKUP($F964,DADOS_SINAPI,2,0),IF(G964=\"SETOP\",VLOOKUP($F964,DADOS_SETOP,2,0),IF(G964=\"CPU\",VLOOKUP($F964,DADOS_COMPOSICAO,2,0),IF(G964=\"SICRO\",VLOOKUP($F964,DADOS_SICRO,2,0),IF(G964=\"SUDECAP\",VLOOKUP(F964,DADOS_SUDECAP,2,0),IF(G964=\"COTAÇÃO\",VLOOKUP($F964,DADOS_COTACAO,2,0),\"\"))))))","v":"APLICAÇÃO MANUAL DE GESSO DESEMPENADO (SEM TALISCAS) EM TETO DE AMBIENTES DE ÁREA MAIOR QUE 10M², ESPESSURA DE 1,0CM. AF_03/2023"},87414,"SINAPI",{"$f":"IF(G964=\"SINAPI\",VLOOKUP($F964,DADOS_SINAPI,3,0),IF(G964=\"SETOP\",VLOOKUP($F964,DADOS_SETOP,3,0),IF(G964=\"CPU\",VLOOKUP($F964,DADOS_COMPOSICAO,10,0),IF(G964=\"SICRO\",VLOOKUP($F964,DADOS_SICRO,3,0),IF(G964=\"SUDECAP\",VLOOKUP(F964,DADOS_SUDECAP,3,0),IF(G964=\"COTAÇÃO\",VLOOKUP($F964,DADOS_COTACAO,9,0),\"\"))))))","v":"M2"},{"$f":"F967","v":54.82},{"$f":"TRUNC(IF(G964=\"SINAPI\",VLOOKUP($F964,DADOS_SINAPI,4,0),IF(G964=\"SETOP\",VLOOKUP($F964,DADOS_SETOP,4,0),IF(G964=\"CPU\",VLOOKUP($F964,DADOS_COMPOSICAO,13,0),IF(G964=\"SICRO\",VLOOKUP($F964,DADOS_SICRO,4,0),IF(G964=\"SUDECAP\",VLOOKUP(F964,DADOS_SUDECAP,4,0),IF(G964=\"COTAÇÃO\",VLOOKUP(F964,DADOS_COTACAO,12,0),\"\")))))),2)","v":25.65},"BDI 1",{"$f":"TRUNC(J964*(1+$N$17),2)","v":32.450000000000003},{"$f":"IFERROR(TRUNC(I964*J964,2),\"\")","v":1406.13},1778.91]
[2000]
[2000,null,null,null,"Beiral",54.82,"m²"]
[2000,null,null,null,"Total",{"$f":"F966","v":54.82},"m²"]
[2000]
[1000,null,null,11,"SISTEMA DE PISOS",null,null,null,null,null,null,null,{"$f":"SUMIF(A:A,D969,M:M)","v":102463.34},{"$f":"SUMIF(A:A,D969,N:N)","v":129626.5}]
[null,null,null,"11.1","PISOS INTERNOS",null,null,null,null,null,null,null,{"$f":"IFERROR(SUMIFS(M:M,A:A,LEFT(D970,SEARCH(\".\",D970)-1),B:B,RIGHT(D970,LEN(D970)-SEARCH(\".\",D970))),\"\")","v":71053.47},{"$f":"IFERROR(SUMIFS(N:N,A:A,LEFT(D970,SEARCH(\".\",D970)-1),B:B,RIGHT(D970,LEN(D970)-SEARCH(\".\",D970))),\"\")","v":89889.27}]
[{"$f":"IFERROR(LEFT(D971,SEARCH(\".\",D971)-1),\"\")","v":"11"},{"$f":"IFERROR(LEFT(RIGHT(D971,LEN(D971)-SEARCH(\".\",D971)),SEARCH(\".\",RIGHT(D971,LEN(D971)-SEARCH(\".\",D971)))-1),\"\")","v":"1"},{"$f":"IFERROR(IF(LEN(D971)-LEN(SUBSTITUTE(D971,\".\",\"\"))<>3,\"\",MID(D971,SEARCH(\".\",D971,SEARCH(\".\",D971)+1)+1,LEN(D971)-SEARCH(\".\",D971,SEARCH(\".\",D971)+1)-(LEN(D971)-(SEARCH(\".\",D971,SEARCH(\".\",D971,SEARCH(\".\",D971)+1)+1)-1)))),\"\")","v":""},"11.1.1",{"$f":"IF($G971=\"SINAPI\",VLOOKUP($F971,DADOS_SINAPI,2,0),IF(G971=\"SETOP\",VLOOKUP($F971,DADOS_SETOP,2,0),IF(G971=\"CPU\",VLOOKUP($F971,DADOS_COMPOSICAO,2,0),IF(G971=\"SICRO\",VLOOKUP($F971,DADOS_SICRO,2,0),IF(G971=\"SUDECAP\",VLOOKUP(F971,DADOS_SUDECAP,2,0),IF(G971=\"COTAÇÃO\",VLOOKUP($F971,DADOS_COTACAO,2,0),\"\"))))))","v":"LASTRO COM MATERIAL GRANULAR, APLICADO EM PISOS OU LAJES SOBRE SOLO, ESPESSURA DE *5 CM*. AF_01/2024"},96622,"SINAPI",{"$f":"IF(G971=\"SINAPI\",VLOOKUP($F971,DADOS_SINAPI,3,0),IF(G971=\"SETOP\",VLOOKUP($F971,DADOS_SETOP,3,0),IF(G971=\"CPU\",VLOOKUP($F971,DADOS_COMPOSICAO,10,0),IF(G971=\"SICRO\",VLOOKUP($F971,DADOS_SICRO,3,0),IF(G971=\"SUDECAP\",VLOOKUP(F971,DADOS_SUDECAP,3,0),IF(G971=\"COTAÇÃO\",VLOOKUP($F971,DADOS_COTACAO,9,0),\"\"))))))","v":"M3"},{"$f":"F975","v":4.5685000000000002},{"$f":"TRUNC(IF(G971=\"SINAPI\",VLOOKUP($F971,DADOS_SINAPI,4,0),IF(G971=\"SETOP\",VLOOKUP($F971,DADOS_SETOP,4,0),IF(G971=\"CPU\",VLOOKUP($F971,DADOS_COMPOSICAO,13,0),IF(G971=\"SICRO\",VLOOKUP($F971,DADOS_SICRO,4,0),IF(G971=\"SUDECAP\",VLOOKUP(F971,DADOS_SUDECAP,4,0),IF(G971=\"COTAÇÃO\",VLOOKUP(F971,DADOS_COTACAO,12,0),\"\")))))),2)","v":240.88},"BDI 1",{"$f":"TRUNC(J971*(1+$N$17),2)","v":304.76},{"$f":"IFERROR(TRUNC(I971*J971,2),\"\")","v":1100.46},1392.75]
[2000]
[2000,null,null,null,"Piso interno",91.37,"m²"]
[2000,null,null,null,"Espessura",0.05,"m"]
[2000,null,null,null,"Total",{"$f":"F973*F974","v":4.5685000000000002},"m²"]
[2000]
[{"$f":"IFERROR(LEFT(D977,SEARCH(\".\",D977)-1),\"\")","v":"11"},{"$f":"IFERROR(LEFT(RIGHT(D977,LEN(D977)-SEARCH(\".\",D977)),SEARCH(\".\",RIGHT(D977,LEN(D977)-SEARCH(\".\",D977)))-1),\"\")","v":"1"},{"$f":"IFERROR(IF(LEN(D977)-LEN(SUBSTITUTE(D977,\".\",\"\"))<>3,\"\",MID(D977,SEARCH(\".\",D977,SEARCH(\".\",D977)+1)+1,LEN(D977)-SEARCH(\".\",D977,SEARCH(\".\",D977)+1)-(LEN(D977)-(SEARCH(\".\",D977,SEARCH(\".\",D977,SEARCH(\".\",D977)+1)+1)-1)))),\"\")","v":""},"11.1.2",{"$f":"IF($G977=\"SINAPI\",VLOOKUP($F977,DADOS_SINAPI,2,0),IF(G977=\"SETOP\",VLOOKUP($F977,DADOS_SETOP,2,0),IF(G977=\"CPU\",VLOOKUP($F977,DADOS_COMPOSICAO,2,0),IF(G977=\"SICRO\",VLOOKUP($F977,DADOS_SICRO,2,0),IF(G977=\"SUDECAP\",VLOOKUP(F977,DADOS_SUDECAP,2,0),IF(G977=\"COTAÇÃO\",VLOOKUP($F977,DADOS_COTACAO,2,0),\"\"))))))","v":"COMPACTAÇÃO MECÂNICA DE SOLO PARA EXECUÇÃO DE RADIER, PISO DE CONCRETO OU LAJE SOBRE SOLO, COM COMPACTADOR DE SOLOS TIPO PLACA VIBRATÓRIA. AF_09/2021"},97084,"SINAPI",{"$f":"IF(G977=\"SINAPI\",VLOOKUP($F977,DADOS_SINAPI,3,0),IF(G977=\"SETOP\",VLOOKUP($F977,DADOS_SETOP,3,0),IF(G977=\"CPU\",VLOOKUP($F977,DADOS_COMPOSICAO,10,0),IF(G977=\"SICRO\",VLOOKUP($F977,DADOS_SICRO,3,0),IF(G977=\"SUDECAP\",VLOOKUP(F977,DADOS_SUDECAP,3,0),IF(G977=\"COTAÇÃO\",VLOOKUP($F977,DADOS_COTACAO,9,0),\"\"))))))","v":"M2"},{"$f":"F980","v":91.37},{"$f":"TRUNC(IF(G977=\"SINAPI\",VLOOKUP($F977,DADOS_SINAPI,4,0),IF(G977=\"SETOP\",VLOOKUP($F977,DADOS_SETOP,4,0),IF(G977=\"CPU\",VLOOKUP($F977,DADOS_COMPOSICAO,13,0),IF(G977=\"SICRO\",VLOOKUP($F977,DADOS_SICRO,4,0),IF(G977=\"SUDECAP\",VLOOKUP(F977,DADOS_SUDECAP,4,0),IF(G977=\"COTAÇÃO\",VLOOKUP(F977,DADOS_COTACAO,12,0),\"\")))))),2)","v":0.61},"BDI 1",{"$f":"TRUNC(J977*(1+$N$17),2)","v":0.77},{"$f":"IFERROR(TRUNC(I977*J977,2),\"\")","v":55.73},70.349999999999994]
[2000]
[2000,null,null,null,"Piso interno",91.37,"m²"]
[2000,null,null,null,"Total",{"$f":"F979","v":91.37},"m²"]
[2000]
[{"$f":"IFERROR(LEFT(D982,SEARCH(\".\",D982)-1),\"\")","v":"11"},{"$f":"IFERROR(LEFT(RIGHT(D982,LEN(D982)-SEARCH(\".\",D982)),SEARCH(\".\",RIGHT(D982,LEN(D982)-SEARCH(\".\",D982)))-1),\"\")","v":"1"},{"$f":"IFERROR(IF(LEN(D982)-LEN(SUBSTITUTE(D982,\".\",\"\"))<>3,\"\",MID(D982,SEARCH(\".\",D982,SEARCH(\".\",D982)+1)+1,LEN(D982)-SEARCH(\".\",D982,SEARCH(\".\",D982)+1)-(LEN(D982)-(SEARCH(\".\",D982,SEARCH(\".\",D982,SEARCH(\".\",D982)+1)+1)-1)))),\"\")","v":""},"11.1.3",{"$f":"IF($G982=\"SINAPI\",VLOOKUP($F982,DADOS_SINAPI,2,0),IF(G982=\"SETOP\",VLOOKUP($F982,DADOS_SETOP,2,0),IF(G982=\"CPU\",VLOOKUP($F982,DADOS_COMPOSICAO,2,0),IF(G982=\"SICRO\",VLOOKUP($F982,DADOS_SICRO,2,0),IF(G982=\"SUDECAP\",VLOOKUP(F982,DADOS_SUDECAP,2,0),IF(G982=\"COTAÇÃO\",VLOOKUP($F982,DADOS_COTACAO,2,0),\"\"))))))","v":"EXECUÇÃO DE PASSEIO (CALÇADA) OU PISO DE CONCRETO COM CONCRETO MOLDADO IN LOCO, USINADO, ACABAMENTO CONVENCIONAL, ESPESSURA 8 CM, ARMADO. AF_08/2022"},94995,"SINAPI",{"$f":"IF(G982=\"SINAPI\",VLOOKUP($F982,DADOS_SINAPI,3,0),IF(G982=\"SETOP\",VLOOKUP($F982,DADOS_SETOP,3,0),IF(G982=\"CPU\",VLOOKUP($F982,DADOS_COMPOSICAO,10,0),IF(G982=\"SICRO\",VLOOKUP($F982,DADOS_SICRO,3,0),IF(G982=\"SUDECAP\",VLOOKUP(F982,DADOS_SUDECAP,3,0),IF(G982=\"COTAÇÃO\",VLOOKUP($F982,DADOS_COTACAO,9,0),\"\"))))))","v":"M2"},{"$f":"F985","v":91.37},{"$f":"TRUNC(IF(G982=\"SINAPI\",VLOOKUP($F982,DADOS_SINAPI,4,0),IF(G982=\"SETOP\",VLOOKUP($F982,DADOS_SETOP,4,0),IF(G982=\"CPU\",VLOOKUP($F982,DADOS_COMPOSICAO,13,0),IF(G982=\"SICRO\",VLOOKUP($F982,DADOS_SICRO,4,0),IF(G982=\"SUDECAP\",VLOOKUP(F982,DADOS_SUDECAP,4,0),IF(G982=\"COTAÇÃO\",VLOOKUP(F982,DADOS_COTACAO,12,0),\"\")))))),2)","v":100.55},"BDI 1",{"$f":"TRUNC(J982*(1+$N$17),2)","v":127.21},{"$f":"IFERROR(TRUNC(I982*J982,2),\"\")","v":9187.25},11623.18]
[2000]
[2000,null,null,null,"Piso interno",91.37,"m²"]
[2000,null,null,null,"Total",{"$f":"F984","v":91.37},"m²"]
[2000]
[{"$f":"IFERROR(LEFT(D987,SEARCH(\".\",D987)-1),\"\")","v":"11"},{"$f":"IFERROR(LEFT(RIGHT(D987,LEN(D987)-SEARCH(\".\",D987)),SEARCH(\".\",RIGHT(D987,LEN(D987)-SEARCH(\".\",D987)))-1),\"\")","v":"1"},{"$f":"IFERROR(IF(LEN(D987)-LEN(SUBSTITUTE(D987,\".\",\"\"))<>3,\"\",MID(D987,SEARCH(\".\",D987,SEARCH(\".\",D987)+1)+1,LEN(D987)-SEARCH(\".\",D987,SEARCH(\".\",D987)+1)-(LEN(D987)-(SEARCH(\".\",D987,SEARCH(\".\",D987,SEARCH(\".\",D987)+1)+1)-1)))),\"\")","v":""},"11.1.4",{"$f":"IF($G987=\"SINAPI\",VLOOKUP($F987,DADOS_SINAPI,2,0),IF(G987=\"SETOP\",VLOOKUP($F987,DADOS_SETOP,2,0),IF(G987=\"CPU\",VLOOKUP($F987,DADOS_COMPOSICAO,2,0),IF(G987=\"SICRO\",VLOOKUP($F987,DADOS_SICRO,2,0),IF(G987=\"SUDECAP\",VLOOKUP(F987,DADOS_SUDECAP,2,0),IF(G987=\"COTAÇÃO\",VLOOKUP($F987,DADOS_COTACAO,2,0),\"\"))))))","v":"CONTRAPISO EM ARGAMASSA TRAÇO 1:4 (CIMENTO E AREIA), PREPARO MECÂNICO COM BETONEIRA 400 L, APLICADO EM ÁREAS SECAS SOBRE LAJE, ADERIDO, ACABAMENTO NÃO REFORÇADO, ESPESSURA 3CM. AF_07/2021"},87630,"SINAPI",{"$f":"IF(G987=\"SINAPI\",VLOOKUP($F987,DADOS_SINAPI,3,0),IF(G987=\"SETOP\",VLOOKUP($F987,DADOS_SETOP,3,0),IF(G987=\"CPU\",VLOOKUP($F987,DADOS_COMPOSICAO,10,0),IF(G987=\"SICRO\",VLOOKUP($F987,DADOS_SICRO,3,0),IF(G987=\"SUDECAP\",VLOOKUP(F987,DADOS_SUDECAP,3,0),IF(G987=\"COTAÇÃO\",VLOOKUP($F987,DADOS_COTACAO,9,0),\"\"))))))","v":"M2"},{"$f":"F1008","v":282.68},{"$f":"TRUNC(IF(G987=\"SINAPI\",VLOOKUP($F987,DADOS_SINAPI,4,0),IF(G987=\"SETOP\",VLOOKUP($F987,DADOS_SETOP,4,0),IF(G987=\"CPU\",VLOOKUP($F987,DADOS_COMPOSICAO,13,0),IF(G987=\"SICRO\",VLOOKUP($F987,DADOS_SICRO,4,0),IF(G987=\"SUDECAP\",VLOOKUP(F987,DADOS_SUDECAP,4,0),IF(G987=\"COTAÇÃO\",VLOOKUP(F987,DADOS_COTACAO,12,0),\"\")))))),2)","v":39.619999999999997},"BDI 1",{"$f":"TRUNC(J987*(1+$N$17),2)","v":50.12},{"$f":"IFERROR(TRUNC(I987*J987,2),\"\")","v":11199.78},14167.92]
[2000]
[2000,null,null,null,"Almoxarifado",4.43,"m²"]
[2000,null,null,null,"Circulação 02",27.36,"m²"]
[2000,null,null,null,"Circulação 03",24.63,"m²"]
[2000,null,null,null,"Consultório 1",7.92,"m²"]
[2000,null,null,null,"Consultório 2",7.92,"m²"]
[2000,null,null,null,"Consultório 3",7.92,"m²"]
[2000,null,null,null,"Consultório ginecológico",11.07,"m²"]
[2000,null,null,null,"Consultório odontológico",27.58,"m²"]
[2000,null,null,null,"Guarda de materiais",2.02,"m²"]
[2000,null,null,null,"Guarda de medicamentos",4.2,"m²"]
[2000,null,null,null,"Recepção/ circulação 01",48.62,"m²"]
[2000,null,null,null,"Sala de coleta de materiais",9.9,"m²"]
[2000,null,null,null,"Sala de cuidado básicos",16.2,"m²"]
[2000,null,null,null,"Sala de curativos",9.18,"m²"]
[2000,null,null,null,"Sala de gerente",7.81,"m²"]
[2000,null,null,null,"Sala de reuniões",30.15,"m²"]
[2000,null,null,null,"Sala de vacinação",10.8,"m²"]
[2000,null,null,null,"Sala dos agentes",18.37,"m²"]
[2000,null,null,null,"Triagem da unidade",6.6,"m²"]
[2000,null,null,null,"Total",{"$f":"SUM(F989:F1007)","v":282.68},"m²"]
[2000]
[{"$f":"IFERROR(LEFT(D1010,SEARCH(\".\",D1010)-1),\"\")","v":"11"},{"$f":"IFERROR(LEFT(RIGHT(D1010,LEN(D1010)-SEARCH(\".\",D1010)),SEARCH(\".\",RIGHT(D1010,LEN(D1010)-SEARCH(\".\",D1010)))-1),\"\")","v":"1"},{"$f":"IFERROR(IF(LEN(D1010)-LEN(SUBSTITUTE(D1010,\".\",\"\"))<>3,\"\",MID(D1010,SEARCH(\".\",D1010,SEARCH(\".\",D1010)+1)+1,LEN(D1010)-SEARCH(\".\",D1010,SEARCH(\".\",D1010)+1)-(LEN(D1010)-(SEARCH(\".\",D1010,SEARCH(\".\",D1010,SEARCH(\".\",D1010)+1)+1)-1)))),\"\")","v":""},"11.1.5",{"$f":"IF($G1010=\"SINAPI\",VLOOKUP($F1010,DADOS_SINAPI,2,0),IF(G1010=\"SETOP\",VLOOKUP($F1010,DADOS_SETOP,2,0),IF(G1010=\"CPU\",VLOOKUP($F1010,DADOS_COMPOSICAO,2,0),IF(G1010=\"SICRO\",VLOOKUP($F1010,DADOS_SICRO,2,0),IF(G1010=\"SUDECAP\",VLOOKUP(F1010,DADOS_SUDECAP,2,0),IF(G1010=\"COTAÇÃO\",VLOOKUP($F1010,DADOS_COTACAO,2,0),\"\"))))))","v":"CONTRAPISO EM ARGAMASSA TRAÇO 1:4 (CIMENTO E AREIA), PREPARO MECÂNICO COM BETONEIRA 400 L, APLICADO EM ÁREAS MOLHADAS SOBRE LAJE, ADERIDO, ACABAMENTO NÃO REFORÇADO, ESPESSURA 3CM. AF_07/2021"},87745,"SINAPI",{"$f":"IF(G1010=\"SINAPI\",VLOOKUP($F1010,DADOS_SINAPI,3,0),IF(G1010=\"SETOP\",VLOOKUP($F1010,DADOS_SETOP,3,0),IF(G1010=\"CPU\",VLOOKUP($F1010,DADOS_COMPOSICAO,10,0),IF(G1010=\"SICRO\",VLOOKUP($F1010,DADOS_SICRO,3,0),IF(G1010=\"SUDECAP\",VLOOKUP(F1010,DADOS_SUDECAP,3,0),IF(G1010=\"COTAÇÃO\",VLOOKUP($F1010,DADOS_COTACAO,9,0),\"\"))))))","v":"M2"},{"$f":"F1024","v":64.510000000000005},{"$f":"TRUNC(IF(G1010=\"SINAPI\",VLOOKUP($F1010,DADOS_SINAPI,4,0),IF(G1010=\"SETOP\",VLOOKUP($F1010,DADOS_SETOP,4,0),IF(G1010=\"CPU\",VLOOKUP($F1010,DADOS_COMPOSICAO,13,0),IF(G1010=\"SICRO\",VLOOKUP($F1010,DADOS_SICRO,4,0),IF(G1010=\"SUDECAP\",VLOOKUP(F1010,DADOS_SUDECAP,4,0),IF(G1010=\"COTAÇÃO\",VLOOKUP(F1010,DADOS_COTACAO,12,0),\"\")))))),2)","v":50.55},"BDI 1",{"$f":"TRUNC(J1010*(1+$N$17),2)","v":63.95},{"$f":"IFERROR(TRUNC(I1010*J1010,2),\"\")","v":3260.98},4125.41]
[2000]
[2000,null,null,null,"Ban. Ginecologia",3.04,"m²"]
[2000,null,null,null,"Ban. Pcd. Fem.",3.24,"m²"]
[2000,null,null,null,"Ban. Pcd. Masc.",3.24,"m²"]
[2000,null,null,null,"Copa",2.64,"m²"]
[2000,null,null,null,"Dml",2.64,"m²"]
[2000,null,null,null,"Escovário",9.9,"m²"]
[2000,null,null,null,"Esterelização",6.46,"m²"]
[2000,null,null,null,"Lavagem e desinfeção de materiais",6.46,"m²"]
[2000,null,null,null,"Resíduos sólidos",2.39,"m²"]
[2000,null,null,null,"Vestiário feminino",9.5299999999999994,"m²"]
[2000,null,null,null,"Vestiário masculino",6.81,"m²"]
[2000,null,null,null,"Sala de apoio de agentes de controle de endemia",8.16,"m²"]
[2000,null,null,null,"Total",{"$f":"SUM(F1012:F1023)","v":64.510000000000005},"m²"]
[2000]
[{"$f":"IFERROR(LEFT(D1026,SEARCH(\".\",D1026)-1),\"\")","v":"11"},{"$f":"IFERROR(LEFT(RIGHT(D1026,LEN(D1026)-SEARCH(\".\",D1026)),SEARCH(\".\",RIGHT(D1026,LEN(D1026)-SEARCH(\".\",D1026)))-1),\"\")","v":"1"},{"$f":"IFERROR(IF(LEN(D1026)-LEN(SUBSTITUTE(D1026,\".\",\"\"))<>3,\"\",MID(D1026,SEARCH(\".\",D1026,SEARCH(\".\",D1026)+1)+1,LEN(D1026)-SEARCH(\".\",D1026,SEARCH(\".\",D1026)+1)-(LEN(D1026)-(SEARCH(\".\",D1026,SEARCH(\".\",D1026,SEARCH(\".\",D1026)+1)+1)-1)))),\"\")","v":""},"11.1.6",{"$f":"IF($G1026=\"SINAPI\",VLOOKUP($F1026,DADOS_SINAPI,2,0),IF(G1026=\"SETOP\",VLOOKUP($F1026,DADOS_SETOP,2,0),IF(G1026=\"CPU\",VLOOKUP($F1026,DADOS_COMPOSICAO,2,0),IF(G1026=\"SICRO\",VLOOKUP($F1026,DADOS_SICRO,2,0),IF(G1026=\"SUDECAP\",VLOOKUP(F1026,DADOS_SUDECAP,2,0),IF(G1026=\"COTAÇÃO\",VLOOKUP($F1026,DADOS_COTACAO,2,0),\"\"))))))","v":"IMPERMEABILIZAÇÃO DE SUPERFÍCIE COM ARGAMASSA DE CIMENTO E AREIA, COM ADITIVO IMPERMEABILIZANTE, E = 1,5CM. AF_09/2023"},98562,"SINAPI",{"$f":"IF(G1026=\"SINAPI\",VLOOKUP($F1026,DADOS_SINAPI,3,0),IF(G1026=\"SETOP\",VLOOKUP($F1026,DADOS_SETOP,3,0),IF(G1026=\"CPU\",VLOOKUP($F1026,DADOS_COMPOSICAO,10,0),IF(G1026=\"SICRO\",VLOOKUP($F1026,DADOS_SICRO,3,0),IF(G1026=\"SUDECAP\",VLOOKUP(F1026,DADOS_SUDECAP,3,0),IF(G1026=\"COTAÇÃO\",VLOOKUP($F1026,DADOS_COTACAO,9,0),\"\"))))))","v":"M2"},{"$f":"F1028","v":64.510000000000005},{"$f":"TRUNC(IF(G1026=\"SINAPI\",VLOOKUP($F1026,DADOS_SINAPI,4,0),IF(G1026=\"SETOP\",VLOOKUP($F1026,DADOS_SETOP,4,0),IF(G1026=\"CPU\",VLOOKUP($F1026,DADOS_COMPOSICAO,13,0),IF(G1026=\"SICRO\",VLOOKUP($F1026,DADOS_SICRO,4,0),IF(G1026=\"SUDECAP\",VLOOKUP(F1026,DADOS_SUDECAP,4,0),IF(G1026=\"COTAÇÃO\",VLOOKUP(F1026,DADOS_COTACAO,12,0),\"\")))))),2)","v":46.13},"BDI 1",{"$f":"TRUNC(J1026*(1+$N$17),2)","v":58.36},{"$f":"IFERROR(TRUNC(I1026*J1026,2),\"\")","v":2975.84},3764.8]
[2000]
[2000,null,null,null,"Área contrapiso áreas molhadas",{"$f":"F1024","v":64.510000000000005},"m²"]
[2000]
[{"$f":"IFERROR(LEFT(D1030,SEARCH(\".\",D1030)-1),\"\")","v":"11"},{"$f":"IFERROR(LEFT(RIGHT(D1030,LEN(D1030)-SEARCH(\".\",D1030)),SEARCH(\".\",RIGHT(D1030,LEN(D1030)-SEARCH(\".\",D1030)))-1),\"\")","v":"1"},{"$f":"IFERROR(IF(LEN(D1030)-LEN(SUBSTITUTE(D1030,\".\",\"\"))<>3,\"\",MID(D1030,SEARCH(\".\",D1030,SEARCH(\".\",D1030)+1)+1,LEN(D1030)-SEARCH(\".\",D1030,SEARCH(\".\",D1030)+1)-(LEN(D1030)-(SEARCH(\".\",D1030,SEARCH(\".\",D1030,SEARCH(\".\",D1030)+1)+1)-1)))),\"\")","v":""},"11.1.7",{"$f":"IF($G1030=\"SINAPI\",VLOOKUP($F1030,DADOS_SINAPI,2,0),IF(G1030=\"SETOP\",VLOOKUP($F1030,DADOS_SETOP,2,0),IF(G1030=\"CPU\",VLOOKUP($F1030,DADOS_COMPOSICAO,2,0),IF(G1030=\"SICRO\",VLOOKUP($F1030,DADOS_SICRO,2,0),IF(G1030=\"SUDECAP\",VLOOKUP(F1030,DADOS_SUDECAP,2,0),IF(G1030=\"COTAÇÃO\",VLOOKUP($F1030,DADOS_COTACAO,2,0),\"\"))))))","v":"REVESTIMENTO COM PORCELANATO APLICADO EM PISO, ACABAMENTO POLÍDO, AMBIENTE INTERNO, PADRÃO EXTRA, BORDA RETIFICADA, DIMENSÃO DA PEÇA (60X60)CM, ASSENTAMENTO COM ARGAMASSA INDUSTRIALIZADA, INCLUSIVE REJUNTAMENTO"},"ED-50754","SETOP",{"$f":"IF(G1030=\"SINAPI\",VLOOKUP($F1030,DADOS_SINAPI,3,0),IF(G1030=\"SETOP\",VLOOKUP($F1030,DADOS_SETOP,3,0),IF(G1030=\"CPU\",VLOOKUP($F1030,DADOS_COMPOSICAO,10,0),IF(G1030=\"SICRO\",VLOOKUP($F1030,DADOS_SICRO,3,0),IF(G1030=\"SUDECAP\",VLOOKUP(F1030,DADOS_SUDECAP,3,0),IF(G1030=\"COTAÇÃO\",VLOOKUP($F1030,DADOS_COTACAO,9,0),\"\"))))))","v":"m2"},{"$f":"F1063","v":347.19},{"$f":"TRUNC(IF(G1030=\"SINAPI\",VLOOKUP($F1030,DADOS_SINAPI,4,0),IF(G1030=\"SETOP\",VLOOKUP($F1030,DADOS_SETOP,4,0),IF(G1030=\"CPU\",VLOOKUP($F1030,DADOS_COMPOSICAO,13,0),IF(G1030=\"SICRO\",VLOOKUP($F1030,DADOS_SICRO,4,0),IF(G1030=\"SUDECAP\",VLOOKUP(F1030,DADOS_SUDECAP,4,0),IF(G1030=\"COTAÇÃO\",VLOOKUP(F1030,DADOS_COTACAO,12,0),\"\")))))),2)","v":95.83},"BDI 1",{"$f":"TRUNC(J1030*(1+$N$17),2)","v":121.24},{"$f":"IFERROR(TRUNC(I1030*J1030,2),\"\")","v":33271.21},42093.32]
[2000]
[2000,null,null,null,"Almoxarifado",4.43,"m²"]
[2000,null,null,null,"Ban. Ginecologia",3.04,"m²"]
[2000,null,null,null,"Ban. Pcd. Fem.",3.24,"m²"]
[2000,null,null,null,"Ban. Pcd. Masc.",3.24,"m²"]
[2000,null,null,null,"Circulação 02",27.36,"m²"]
[2000,null,null,null,"Circulação 03",24.63,"m²"]
[2000,null,null,null,"Consultório 1",7.92,"m²"]
[2000,null,null,null,"Consultório 2",7.92,"m²"]
[2000,null,null,null,"Consultório 3",7.92,"m²"]
[2000,null,null,null,"Consultório ginecológico",11.07,"m²"]
[2000,null,null,null,"Consultório odontológico",27.58,"m²"]
[2000,null,null,null,"Copa",2.64,"m²"]
[2000,null,null,null,"Dml",2.64,"m²"]
[2000,null,null,null,"Escovário",9.9,"m²"]
[2000,null,null,null,"Esterelização",6.46,"m²"]
[2000,null,null,null,"Guarda de materiais",2.02,"m²"]
[2000,null,null,null,"Guarda de medicamentos",4.2,"m²"]
[2000,null,null,null,"Lavagem e desinfeção de materiais",6.46,"m²"]
[2000,null,null,null,"Recepção/ circulação 01",48.62,"m²"]
[2000,null,null,null,"Resíduos sólidos",2.39,"m²"]
[2000,null,null,null,"Sala de coleta de materiais",9.9,"m²"]
[2000,null,null,null,"Sala de cuidado básicos",16.2,"m²"]
[2000,null,null,null,"Sala de curativos",9.18,"m²"]
[2000,null,null,null,"Sala de gerente",7.81,"m²"]
[2000,null,null,null,"Sala de reuniões",30.15,"m²"]
[2000,null,null,null,"Sala de vacinação",10.8,"m²"]
[2000,null,null,null,"Sala dos agentes",18.37,"m²"]
[2000,null,null,null,"Triagem da unidade",6.6,"m²"]
[2000,null,null,null,"Vestiário feminino",9.5299999999999994,"m²"]
[2000,null,null,null,"Vestiário masculino",6.81,"m²"]
[2000,null,null,null,"Sala de apoio de agentes de controle de endemia",8.16,"m²"]
[2000,null,null,null,"Total",{"$f":"SUM(F1032:F1062)","v":347.19},"m²"]
[2000]
[{"$f":"IFERROR(LEFT(D1065,SEARCH(\".\",D1065)-1),\"\")","v":"11"},{"$f":"IFERROR(LEFT(RIGHT(D1065,LEN(D1065)-SEARCH(\".\",D1065)),SEARCH(\".\",RIGHT(D1065,LEN(D1065)-SEARCH(\".\",D1065)))-1),\"\")","v":"1"},{"$f":"IFERROR(IF(LEN(D1065)-LEN(SUBSTITUTE(D1065,\".\",\"\"))<>3,\"\",MID(D1065,SEARCH(\".\",D1065,SEARCH(\".\",D1065)+1)+1,LEN(D1065)-SEARCH(\".\",D1065,SEARCH(\".\",D1065)+1)-(LEN(D1065)-(SEARCH(\".\",D1065,SEARCH(\".\",D1065,SEARCH(\".\",D1065)+1)+1)-1)))),\"\")","v":""},"11.1.8",{"$f":"IF($G1065=\"SINAPI\",VLOOKUP($F1065,DADOS_SINAPI,2,0),IF(G1065=\"SETOP\",VLOOKUP($F1065,DADOS_SETOP,2,0),IF(G1065=\"CPU\",VLOOKUP($F1065,DADOS_COMPOSICAO,2,0),IF(G1065=\"SICRO\",VLOOKUP($F1065,DADOS_SICRO,2,0),IF(G1065=\"SUDECAP\",VLOOKUP(F1065,DADOS_SUDECAP,2,0),IF(G1065=\"COTAÇÃO\",VLOOKUP($F1065,DADOS_COTACAO,2,0),\"\"))))))","v":"RODAPÉ COM REVESTIMENTO EM PORCELANATO 60X60 COM BORDA RETIFICADA E ACABAMENTO POLIDO, ALTURA 10 CM."},"ARQ-007","CPU",{"$f":"IF(G1065=\"SINAPI\",VLOOKUP($F1065,DADOS_SINAPI,3,0),IF(G1065=\"SETOP\",VLOOKUP($F1065,DADOS_SETOP,3,0),IF(G1065=\"CPU\",VLOOKUP($F1065,DADOS_COMPOSICAO,10,0),IF(G1065=\"SICRO\",VLOOKUP($F1065,DADOS_SICRO,3,0),IF(G1065=\"SUDECAP\",VLOOKUP(F1065,DADOS_SUDECAP,3,0),IF(G1065=\"COTAÇÃO\",VLOOKUP($F1065,DADOS_COTACAO,9,0),\"\"))))))","v":"M"},{"$f":"F1089","v":337.1},{"$f":"TRUNC(IF(G1065=\"SINAPI\",VLOOKUP($F1065,DADOS_SINAPI,4,0),IF(G1065=\"SETOP\",VLOOKUP($F1065,DADOS_SETOP,4,0),IF(G1065=\"CPU\",VLOOKUP($F1065,DADOS_COMPOSICAO,13,0),IF(G1065=\"SICRO\",VLOOKUP($F1065,DADOS_SICRO,4,0),IF(G1065=\"SUDECAP\",VLOOKUP(F1065,DADOS_SUDECAP,4,0),IF(G1065=\"COTAÇÃO\",VLOOKUP(F1065,DADOS_COTACAO,12,0),\"\")))))),2)","v":21.68},"BDI 1",{"$f":"TRUNC(J1065*(1+$N$17),2)","v":27.42},{"$f":"IFERROR(TRUNC(I1065*J1065,2),\"\")","v":7308.32},9243.2800000000007]
[2000]
[2000,null,null,null,"Almoxarifado",8.86,"m"]
[2000,null,null,null,"Circulação 02",32.86,"m"]
[2000,null,null,null,"Circulação 03",29.01,"m"]
[2000,null,null,null,"Consultório 1",11.36,"m"]
[2000,null,null,null,"Consultório 2",11.36,"m"]
[2000,null,null,null,"Consultório 3",11.36,"m"]
[2000,null,null,null,"Consultório ginecológico",15.66,"m"]
[2000,null,null,null,"Consultório odontológico",30.13,"m"]
[2000,null,null,null,"Copa",5.65,"m"]
[2000,null,null,null,"Guarda de materiais",5.66,"m"]
[2000,null,null,null,"Guarda de medicamentos",8.76,"m"]
[2000,null,null,null,"Recepção/circulação",36.44,"m"]
[2000,null,null,null,"Rouparia",5.0199999999999996,"m"]
[2000,null,null,null,"Sala de coleta de materiais",12.56,"m"]
[2000,null,null,null,"Sala de cuidados básicos",16.760000000000002,"m"]
[2000,null,null,null,"Sala de curativos",12.16,"m"]
[2000,null,null,null,"Sala de gerente",11.35,"m"]
[2000,null,null,null,"Sala de reuniões",22.36,"m"]
[2000,null,null,null,"Sala de vacinação",13.36,"m"]
[2000,null,null,null,"Sala dos agentes",17.57,"m"]
[2000,null,null,null,"Triagem da unidade",10.36,"m"]
[2000,null,null,null,"Sala de apoio de agentes de controle de endemia",8.49,"m"]
[2000,null,null,null,"Total",{"$f":"SUM(F1067:F1088)","v":337.1},"m"]
[2000]
[{"$f":"IFERROR(LEFT(D1091,SEARCH(\".\",D1091)-1),\"\")","v":"11"},{"$f":"IFERROR(LEFT(RIGHT(D1091,LEN(D1091)-SEARCH(\".\",D1091)),SEARCH(\".\",RIGHT(D1091,LEN(D1091)-SEARCH(\".\",D1091)))-1),\"\")","v":"1"},{"$f":"IFERROR(IF(LEN(D1091)-LEN(SUBSTITUTE(D1091,\".\",\"\"))<>3,\"\",MID(D1091,SEARCH(\".\",D1091,SEARCH(\".\",D1091)+1)+1,LEN(D1091)-SEARCH(\".\",D1091,SEARCH(\".\",D1091)+1)-(LEN(D1091)-(SEARCH(\".\",D1091,SEARCH(\".\",D1091,SEARCH(\".\",D1091)+1)+1)-1)))),\"\")","v":""},"11.1.9",{"$f":"IF($G1091=\"SINAPI\",VLOOKUP($F1091,DADOS_SINAPI,2,0),IF(G1091=\"SETOP\",VLOOKUP($F1091,DADOS_SETOP,2,0),IF(G1091=\"CPU\",VLOOKUP($F1091,DADOS_COMPOSICAO,2,0),IF(G1091=\"SICRO\",VLOOKUP($F1091,DADOS_SICRO,2,0),IF(G1091=\"SUDECAP\",VLOOKUP(F1091,DADOS_SUDECAP,2,0),IF(G1091=\"COTAÇÃO\",VLOOKUP($F1091,DADOS_COTACAO,2,0),\"\"))))))","v":"SOLEIRA DE GRANITO, NA COR CINZA ANDORINHA, ESP. 3CM, ACABAMENTO POLIDO, ASSENTAMENTO COM ARGAMASSA INDUSTRIALIZADA, INCLUSIVE REJUNTAMENTO"},"ED-51003","SETOP",{"$f":"IF(G1091=\"SINAPI\",VLOOKUP($F1091,DADOS_SINAPI,3,0),IF(G1091=\"SETOP\",VLOOKUP($F1091,DADOS_SETOP,3,0),IF(G1091=\"CPU\",VLOOKUP($F1091,DADOS_COMPOSICAO,10,0),IF(G1091=\"SICRO\",VLOOKUP($F1091,DADOS_SICRO,3,0),IF(G1091=\"SUDECAP\",VLOOKUP(F1091,DADOS_SUDECAP,3,0),IF(G1091=\"COTAÇÃO\",VLOOKUP($F1091,DADOS_COTACAO,9,0),\"\"))))))","v":"m2"},{"$f":"F1126","v":7.87},{"$f":"TRUNC(IF(G1091=\"SINAPI\",VLOOKUP($F1091,DADOS_SINAPI,4,0),IF(G1091=\"SETOP\",VLOOKUP($F1091,DADOS_SETOP,4,0),IF(G1091=\"CPU\",VLOOKUP($F1091,DADOS_COMPOSICAO,13,0),IF(G1091=\"SICRO\",VLOOKUP($F1091,DADOS_SICRO,4,0),IF(G1091=\"SUDECAP\",VLOOKUP(F1091,DADOS_SUDECAP,4,0),IF(G1091=\"COTAÇÃO\",VLOOKUP(F1091,DADOS_COTACAO,12,0),\"\")))))),2)","v":342.3},"BDI 1",{"$f":"TRUNC(J1091*(1+$N$17),2)","v":433.07},{"$f":"IFERROR(TRUNC(I1091*J1091,2),\"\")","v":2693.9},3408.26]
[2000]
[2000,null,null,null,"Almoxarifado",0.18,"m²"]
[2000,null,null,null,"Ban. Ginecologia",0.18,"m²"]
[2000,null,null,null,"Ban. Pcd. Masc.",0.18,"m²"]
[2000,null,null,null,"Ban. Pcd.fem",0.18,"m²"]
[2000,null,null,null,"Circulação 01",0.26,"m²"]
[2000,null,null,null,"Circulação 02",0.18,"m²"]
[2000,null,null,null,"Circulação 03",0.18,"m²"]
[2000,null,null,null,"Consultório 1",0.18,"m²"]
[2000,null,null,null,"Consultório 2",0.18,"m²"]
[2000,null,null,null,"Consultório 3",0.18,"m²"]
[2000,null,null,null,"Consultório ginecológico",0.18,"m²"]
[2000,null,null,null,"Consultório odontológico",0.18,"m²"]
[2000,null,null,null,"Copa",0.16,"m²"]
[2000,null,null,null,"Dml",0.16,"m²"]
[2000,null,null,null,"Escovário",0.18,"m²"]
[2000,null,null,null,"Esterelização",0.18,"m²"]
[2000,null,null,null,"Guarda de materiais",0.16,"m²"]
[2000,null,null,null,"Guarda de medicamentos",0.18,"m²"]
[2000,null,null,null,"Lavagem e desinfeção de materiais",0.18,"m²"]
[2000,null,null,null,"Resíduos sólidos",0.2,"m²"]
[2000,null,null,null,"Sala de coleta de materiais",0.18,"m²"]
[2000,null,null,null,"Sala de cuidado básicos",0.3,"m²"]
[2000,null,null,null,"Sala de curativos",0.18,"m²"]
[2000,null,null,null,"Sala de espera",1.49,"m²"]
[2000,null,null,null,"Sala de gerente",0.18,"m²"]
[2000,null,null,null,"Sala de reuniões",0.38,"m²"]
[2000,null,null,null,"Sala de vacinação",0.36,"m²"]
[2000,null,null,null,"Sala dos agentes",0.18,"m²"]
[2000,null,null,null,"Sala para apoio de agentes de controle de endemias",0.3,"m²"]
[2000,null,null,null,"Triagem da unidade",0.18,"m²"]
[2000,null,null,null,"Vestiário feminino",0.16,"m²"]
[2000,null,null,null,"Vestiário masculino",0.16,"m²"]
[2000,null,null,null,"Área externa 01",0.18,"m²"]
[2000,null,null,null,"Total",{"$f":"SUM(F1093:F1125)","v":7.87},"m²"]
[2000]
[null,null,null,"11.2","PISOS EXTERNOS",null,null,null,null,null,null,null,{"$f":"IFERROR(SUMIFS(M:M,A:A,LEFT(D1128,SEARCH(\".\",D1128)-1),B:B,RIGHT(D1128,LEN(D1128)-SEARCH(\".\",D1128))),\"\")","v":31409.870000000003},{"$f":"IFERROR(SUMIFS(N:N,A:A,LEFT(D1128,SEARCH(\".\",D1128)-1),B:B,RIGHT(D1128,LEN(D1128)-SEARCH(\".\",D1128))),\"\")","v":39737.229999999996}]
[{"$f":"IFERROR(LEFT(D1129,SEARCH(\".\",D1129)-1),\"\")","v":"11"},{"$f":"IFERROR(LEFT(RIGHT(D1129,LEN(D1129)-SEARCH(\".\",D1129)),SEARCH(\".\",RIGHT(D1129,LEN(D1129)-SEARCH(\".\",D1129)))-1),\"\")","v":"2"},{"$f":"IFERROR(IF(LEN(D1129)-LEN(SUBSTITUTE(D1129,\".\",\"\"))<>3,\"\",MID(D1129,SEARCH(\".\",D1129,SEARCH(\".\",D1129)+1)+1,LEN(D1129)-SEARCH(\".\",D1129,SEARCH(\".\",D1129)+1)-(LEN(D1129)-(SEARCH(\".\",D1129,SEARCH(\".\",D1129,SEARCH(\".\",D1129)+1)+1)-1)))),\"\")","v":""},"11.2.1",{"$f":"IF($G1129=\"SINAPI\",VLOOKUP($F1129,DADOS_SINAPI,2,0),IF(G1129=\"SETOP\",VLOOKUP($F1129,DADOS_SETOP,2,0),IF(G1129=\"CPU\",VLOOKUP($F1129,DADOS_COMPOSICAO,2,0),IF(G1129=\"SICRO\",VLOOKUP($F1129,DADOS_SICRO,2,0),IF(G1129=\"SUDECAP\",VLOOKUP(F1129,DADOS_SUDECAP,2,0),IF(G1129=\"COTAÇÃO\",VLOOKUP($F1129,DADOS_COTACAO,2,0),\"\"))))))","v":"LASTRO COM MATERIAL GRANULAR, APLICADO EM PISOS OU LAJES SOBRE SOLO, ESPESSURA DE *5 CM*. AF_01/2024"},96622,"SINAPI",{"$f":"IF(G1129=\"SINAPI\",VLOOKUP($F1129,DADOS_SINAPI,3,0),IF(G1129=\"SETOP\",VLOOKUP($F1129,DADOS_SETOP,3,0),IF(G1129=\"CPU\",VLOOKUP($F1129,DADOS_COMPOSICAO,10,0),IF(G1129=\"SICRO\",VLOOKUP($F1129,DADOS_SICRO,3,0),IF(G1129=\"SUDECAP\",VLOOKUP(F1129,DADOS_SUDECAP,3,0),IF(G1129=\"COTAÇÃO\",VLOOKUP($F1129,DADOS_COTACAO,9,0),\"\"))))))","v":"M3"},{"$f":"F1133","v":1.9300000000000002},{"$f":"TRUNC(IF(G1129=\"SINAPI\",VLOOKUP($F1129,DADOS_SINAPI,4,0),IF(G1129=\"SETOP\",VLOOKUP($F1129,DADOS_SETOP,4,0),IF(G1129=\"CPU\",VLOOKUP($F1129,DADOS_COMPOSICAO,13,0),IF(G1129=\"SICRO\",VLOOKUP($F1129,DADOS_SICRO,4,0),IF(G1129=\"SUDECAP\",VLOOKUP(F1129,DADOS_SUDECAP,4,0),IF(G1129=\"COTAÇÃO\",VLOOKUP(F1129,DADOS_COTACAO,12,0),\"\")))))),2)","v":240.88},"BDI 1",{"$f":"TRUNC(J1129*(1+$N$17),2)","v":304.76},{"$f":"IFERROR(TRUNC(I1129*J1129,2),\"\")","v":464.89},588.19000000000005]
[2000]
[2000,null,null,null,"Piso externo",38.6,"m²"]
[2000,null,null,null,"Espessura",0.05,"m"]
[2000,null,null,null,"Total",{"$f":"F1131*F1132","v":1.9300000000000002},"m²"]
[2000]
[{"$f":"IFERROR(LEFT(D1135,SEARCH(\".\",D1135)-1),\"\")","v":"11"},{"$f":"IFERROR(LEFT(RIGHT(D1135,LEN(D1135)-SEARCH(\".\",D1135)),SEARCH(\".\",RIGHT(D1135,LEN(D1135)-SEARCH(\".\",D1135)))-1),\"\")","v":"2"},{"$f":"IFERROR(IF(LEN(D1135)-LEN(SUBSTITUTE(D1135,\".\",\"\"))<>3,\"\",MID(D1135,SEARCH(\".\",D1135,SEARCH(\".\",D1135)+1)+1,LEN(D1135)-SEARCH(\".\",D1135,SEARCH(\".\",D1135)+1)-(LEN(D1135)-(SEARCH(\".\",D1135,SEARCH(\".\",D1135,SEARCH(\".\",D1135)+1)+1)-1)))),\"\")","v":""},"11.2.2",{"$f":"IF($G1135=\"SINAPI\",VLOOKUP($F1135,DADOS_SINAPI,2,0),IF(G1135=\"SETOP\",VLOOKUP($F1135,DADOS_SETOP,2,0),IF(G1135=\"CPU\",VLOOKUP($F1135,DADOS_COMPOSICAO,2,0),IF(G1135=\"SICRO\",VLOOKUP($F1135,DADOS_SICRO,2,0),IF(G1135=\"SUDECAP\",VLOOKUP(F1135,DADOS_SUDECAP,2,0),IF(G1135=\"COTAÇÃO\",VLOOKUP($F1135,DADOS_COTACAO,2,0),\"\"))))))","v":"COMPACTAÇÃO MECÂNICA DE SOLO PARA EXECUÇÃO DE RADIER, PISO DE CONCRETO OU LAJE SOBRE SOLO, COM COMPACTADOR DE SOLOS TIPO PLACA VIBRATÓRIA. AF_09/2021"},97084,"SINAPI",{"$f":"IF(G1135=\"SINAPI\",VLOOKUP($F1135,DADOS_SINAPI,3,0),IF(G1135=\"SETOP\",VLOOKUP($F1135,DADOS_SETOP,3,0),IF(G1135=\"CPU\",VLOOKUP($F1135,DADOS_COMPOSICAO,10,0),IF(G1135=\"SICRO\",VLOOKUP($F1135,DADOS_SICRO,3,0),IF(G1135=\"SUDECAP\",VLOOKUP(F1135,DADOS_SUDECAP,3,0),IF(G1135=\"COTAÇÃO\",VLOOKUP($F1135,DADOS_COTACAO,9,0),\"\"))))))","v":"M2"},{"$f":"F1138","v":38.6},{"$f":"TRUNC(IF(G1135=\"SINAPI\",VLOOKUP($F1135,DADOS_SINAPI,4,0),IF(G1135=\"SETOP\",VLOOKUP($F1135,DADOS_SETOP,4,0),IF(G1135=\"CPU\",VLOOKUP($F1135,DADOS_COMPOSICAO,13,0),IF(G1135=\"SICRO\",VLOOKUP($F1135,DADOS_SICRO,4,0),IF(G1135=\"SUDECAP\",VLOOKUP(F1135,DADOS_SUDECAP,4,0),IF(G1135=\"COTAÇÃO\",VLOOKUP(F1135,DADOS_COTACAO,12,0),\"\")))))),2)","v":0.61},"BDI 1",{"$f":"TRUNC(J1135*(1+$N$17),2)","v":0.77},{"$f":"IFERROR(TRUNC(I1135*J1135,2),\"\")","v":23.54},29.72]
[2000]
[2000,null,null,null,"Piso externo",38.6,"m²"]
[2000,null,null,null,"Total",{"$f":"F1137","v":38.6},"m²"]
[2000]
[{"$f":"IFERROR(LEFT(D1140,SEARCH(\".\",D1140)-1),\"\")","v":"11"},{"$f":"IFERROR(LEFT(RIGHT(D1140,LEN(D1140)-SEARCH(\".\",D1140)),SEARCH(\".\",RIGHT(D1140,LEN(D1140)-SEARCH(\".\",D1140)))-1),\"\")","v":"2"},{"$f":"IFERROR(IF(LEN(D1140)-LEN(SUBSTITUTE(D1140,\".\",\"\"))<>3,\"\",MID(D1140,SEARCH(\".\",D1140,SEARCH(\".\",D1140)+1)+1,LEN(D1140)-SEARCH(\".\",D1140,SEARCH(\".\",D1140)+1)-(LEN(D1140)-(SEARCH(\".\",D1140,SEARCH(\".\",D1140,SEARCH(\".\",D1140)+1)+1)-1)))),\"\")","v":""},"11.2.3",{"$f":"IF($G1140=\"SINAPI\",VLOOKUP($F1140,DADOS_SINAPI,2,0),IF(G1140=\"SETOP\",VLOOKUP($F1140,DADOS_SETOP,2,0),IF(G1140=\"CPU\",VLOOKUP($F1140,DADOS_COMPOSICAO,2,0),IF(G1140=\"SICRO\",VLOOKUP($F1140,DADOS_SICRO,2,0),IF(G1140=\"SUDECAP\",VLOOKUP(F1140,DADOS_SUDECAP,2,0),IF(G1140=\"COTAÇÃO\",VLOOKUP($F1140,DADOS_COTACAO,2,0),\"\"))))))","v":"EXECUÇÃO DE PASSEIO (CALÇADA) OU PISO DE CONCRETO COM CONCRETO MOLDADO IN LOCO, USINADO, ACABAMENTO CONVENCIONAL, ESPESSURA 8 CM, ARMADO. AF_08/2022"},94995,"SINAPI",{"$f":"IF(G1140=\"SINAPI\",VLOOKUP($F1140,DADOS_SINAPI,3,0),IF(G1140=\"SETOP\",VLOOKUP($F1140,DADOS_SETOP,3,0),IF(G1140=\"CPU\",VLOOKUP($F1140,DADOS_COMPOSICAO,10,0),IF(G1140=\"SICRO\",VLOOKUP($F1140,DADOS_SICRO,3,0),IF(G1140=\"SUDECAP\",VLOOKUP(F1140,DADOS_SUDECAP,3,0),IF(G1140=\"COTAÇÃO\",VLOOKUP($F1140,DADOS_COTACAO,9,0),\"\"))))))","v":"M2"},{"$f":"F1143","v":38.6},{"$f":"TRUNC(IF(G1140=\"SINAPI\",VLOOKUP($F1140,DADOS_SINAPI,4,0),IF(G1140=\"SETOP\",VLOOKUP($F1140,DADOS_SETOP,4,0),IF(G1140=\"CPU\",VLOOKUP($F1140,DADOS_COMPOSICAO,13,0),IF(G1140=\"SICRO\",VLOOKUP($F1140,DADOS_SICRO,4,0),IF(G1140=\"SUDECAP\",VLOOKUP(F1140,DADOS_SUDECAP,4,0),IF(G1140=\"COTAÇÃO\",VLOOKUP(F1140,DADOS_COTACAO,12,0),\"\")))))),2)","v":100.55},"BDI 1",{"$f":"TRUNC(J1140*(1+$N$17),2)","v":127.21},{"$f":"IFERROR(TRUNC(I1140*J1140,2),\"\")","v":3881.23},4910.3100000000004]
[2000]
[2000,null,null,null,"Piso externo",38.6,"m²"]
[2000,null,null,null,"Total",{"$f":"F1142","v":38.6},"m²"]
[2000]
[{"$f":"IFERROR(LEFT(D1145,SEARCH(\".\",D1145)-1),\"\")","v":"11"},{"$f":"IFERROR(LEFT(RIGHT(D1145,LEN(D1145)-SEARCH(\".\",D1145)),SEARCH(\".\",RIGHT(D1145,LEN(D1145)-SEARCH(\".\",D1145)))-1),\"\")","v":"2"},{"$f":"IFERROR(IF(LEN(D1145)-LEN(SUBSTITUTE(D1145,\".\",\"\"))<>3,\"\",MID(D1145,SEARCH(\".\",D1145,SEARCH(\".\",D1145)+1)+1,LEN(D1145)-SEARCH(\".\",D1145,SEARCH(\".\",D1145)+1)-(LEN(D1145)-(SEARCH(\".\",D1145,SEARCH(\".\",D1145,SEARCH(\".\",D1145)+1)+1)-1)))),\"\")","v":""},"11.2.4",{"$f":"IF($G1145=\"SINAPI\",VLOOKUP($F1145,DADOS_SINAPI,2,0),IF(G1145=\"SETOP\",VLOOKUP($F1145,DADOS_SETOP,2,0),IF(G1145=\"CPU\",VLOOKUP($F1145,DADOS_COMPOSICAO,2,0),IF(G1145=\"SICRO\",VLOOKUP($F1145,DADOS_SICRO,2,0),IF(G1145=\"SUDECAP\",VLOOKUP(F1145,DADOS_SUDECAP,2,0),IF(G1145=\"COTAÇÃO\",VLOOKUP($F1145,DADOS_COTACAO,2,0),\"\"))))))","v":"PISO EM CONCRETO, USINADO CONVENCIONAL, ACABAMENTO POLIDO EM NÍVEL ZERO, ESP. 5CM, INCLUSIVE FORNECIMENTO, LANÇAMENTO, ADENSAMENTO "},"ARQ-008","CPU",{"$f":"IF(G1145=\"SINAPI\",VLOOKUP($F1145,DADOS_SINAPI,3,0),IF(G1145=\"SETOP\",VLOOKUP($F1145,DADOS_SETOP,3,0),IF(G1145=\"CPU\",VLOOKUP($F1145,DADOS_COMPOSICAO,10,0),IF(G1145=\"SICRO\",VLOOKUP($F1145,DADOS_SICRO,3,0),IF(G1145=\"SUDECAP\",VLOOKUP(F1145,DADOS_SUDECAP,3,0),IF(G1145=\"COTAÇÃO\",VLOOKUP($F1145,DADOS_COTACAO,9,0),\"\"))))))","v":"M2"},{"$f":"F1149","v":232.89999999999998},{"$f":"TRUNC(IF(G1145=\"SINAPI\",VLOOKUP($F1145,DADOS_SINAPI,4,0),IF(G1145=\"SETOP\",VLOOKUP($F1145,DADOS_SETOP,4,0),IF(G1145=\"CPU\",VLOOKUP($F1145,DADOS_COMPOSICAO,13,0),IF(G1145=\"SICRO\",VLOOKUP($F1145,DADOS_SICRO,4,0),IF(G1145=\"SUDECAP\",VLOOKUP(F1145,DADOS_SUDECAP,4,0),IF(G1145=\"COTAÇÃO\",VLOOKUP(F1145,DADOS_COTACAO,12,0),\"\")))))),2)","v":100.78},"BDI 1",{"$f":"TRUNC(J1145*(1+$N$17),2)","v":127.5},{"$f":"IFERROR(TRUNC(I1145*J1145,2),\"\")","v":23471.66},29694.75]
[2000]
[2000,null,null,null,"Abrigo do compressor",2.48,"m²"]
[2000,null,null,null,"Área externa",{"$f":"222.32+8.1","v":230.42},"m²"]
[2000,null,null,null,"Total",{"$f":"SUM(F1147:F1148)","v":232.89999999999998},"m²"]
[2000]
[{"$f":"IFERROR(LEFT(D1151,SEARCH(\".\",D1151)-1),\"\")","v":"11"},{"$f":"IFERROR(LEFT(RIGHT(D1151,LEN(D1151)-SEARCH(\".\",D1151)),SEARCH(\".\",RIGHT(D1151,LEN(D1151)-SEARCH(\".\",D1151)))-1),\"\")","v":"2"},{"$f":"IFERROR(IF(LEN(D1151)-LEN(SUBSTITUTE(D1151,\".\",\"\"))<>3,\"\",MID(D1151,SEARCH(\".\",D1151,SEARCH(\".\",D1151)+1)+1,LEN(D1151)-SEARCH(\".\",D1151,SEARCH(\".\",D1151)+1)-(LEN(D1151)-(SEARCH(\".\",D1151,SEARCH(\".\",D1151,SEARCH(\".\",D1151)+1)+1)-1)))),\"\")","v":""},"11.2.5",{"$f":"IF($G1151=\"SINAPI\",VLOOKUP($F1151,DADOS_SINAPI,2,0),IF(G1151=\"SETOP\",VLOOKUP($F1151,DADOS_SETOP,2,0),IF(G1151=\"CPU\",VLOOKUP($F1151,DADOS_COMPOSICAO,2,0),IF(G1151=\"SICRO\",VLOOKUP($F1151,DADOS_SICRO,2,0),IF(G1151=\"SUDECAP\",VLOOKUP(F1151,DADOS_SUDECAP,2,0),IF(G1151=\"COTAÇÃO\",VLOOKUP($F1151,DADOS_COTACAO,2,0),\"\"))))))","v":"PISO CIMENTADO, TRAÇO 1:3 (CIMENTO E AREIA), ACABAMENTO LISO, ESPESSURA 3,0 CM, PREPARO MECÂNICO DA ARGAMASSA. AF_09/2020"},98680,"SINAPI",{"$f":"IF(G1151=\"SINAPI\",VLOOKUP($F1151,DADOS_SINAPI,3,0),IF(G1151=\"SETOP\",VLOOKUP($F1151,DADOS_SETOP,3,0),IF(G1151=\"CPU\",VLOOKUP($F1151,DADOS_COMPOSICAO,10,0),IF(G1151=\"SICRO\",VLOOKUP($F1151,DADOS_SICRO,3,0),IF(G1151=\"SUDECAP\",VLOOKUP(F1151,DADOS_SUDECAP,3,0),IF(G1151=\"COTAÇÃO\",VLOOKUP($F1151,DADOS_COTACAO,9,0),\"\"))))))","v":"M2"},{"$f":"F1154","v":68.180000000000007},{"$f":"TRUNC(IF(G1151=\"SINAPI\",VLOOKUP($F1151,DADOS_SINAPI,4,0),IF(G1151=\"SETOP\",VLOOKUP($F1151,DADOS_SETOP,4,0),IF(G1151=\"CPU\",VLOOKUP($F1151,DADOS_COMPOSICAO,13,0),IF(G1151=\"SICRO\",VLOOKUP($F1151,DADOS_SICRO,4,0),IF(G1151=\"SUDECAP\",VLOOKUP(F1151,DADOS_SUDECAP,4,0),IF(G1151=\"COTAÇÃO\",VLOOKUP(F1151,DADOS_COTACAO,12,0),\"\")))))),2)","v":48.83},"BDI 1",{"$f":"TRUNC(J1151*(1+$N$17),2)","v":61.77},{"$f":"IFERROR(TRUNC(I1151*J1151,2),\"\")","v":3329.22},4211.4799999999996]
[2000]
[2000,null,null,null,"Calçada",68.180000000000007,"m²"]
[2000,null,null,null,"Total",{"$f":"F1153","v":68.180000000000007},"m²"]
[2000]
[{"$f":"IFERROR(LEFT(D1156,SEARCH(\".\",D1156)-1),\"\")","v":"11"},{"$f":"IFERROR(LEFT(RIGHT(D1156,LEN(D1156)-SEARCH(\".\",D1156)),SEARCH(\".\",RIGHT(D1156,LEN(D1156)-SEARCH(\".\",D1156)))-1),\"\")","v":"2"},{"$f":"IFERROR(IF(LEN(D1156)-LEN(SUBSTITUTE(D1156,\".\",\"\"))<>3,\"\",MID(D1156,SEARCH(\".\",D1156,SEARCH(\".\",D1156)+1)+1,LEN(D1156)-SEARCH(\".\",D1156,SEARCH(\".\",D1156)+1)-(LEN(D1156)-(SEARCH(\".\",D1156,SEARCH(\".\",D1156,SEARCH(\".\",D1156)+1)+1)-1)))),\"\")","v":""},"11.2.6",{"$f":"IF($G1156=\"SINAPI\",VLOOKUP($F1156,DADOS_SINAPI,2,0),IF(G1156=\"SETOP\",VLOOKUP($F1156,DADOS_SETOP,2,0),IF(G1156=\"CPU\",VLOOKUP($F1156,DADOS_COMPOSICAO,2,0),IF(G1156=\"SICRO\",VLOOKUP($F1156,DADOS_SICRO,2,0),IF(G1156=\"SUDECAP\",VLOOKUP(F1156,DADOS_SUDECAP,2,0),IF(G1156=\"COTAÇÃO\",VLOOKUP($F1156,DADOS_COTACAO,2,0),\"\"))))))","v":"GRAMA AMENDOIM - ARACHIS REPENS"},"21.30.08","SUDECAP",{"$f":"IF(G1156=\"SINAPI\",VLOOKUP($F1156,DADOS_SINAPI,3,0),IF(G1156=\"SETOP\",VLOOKUP($F1156,DADOS_SETOP,3,0),IF(G1156=\"CPU\",VLOOKUP($F1156,DADOS_COMPOSICAO,10,0),IF(G1156=\"SICRO\",VLOOKUP($F1156,DADOS_SICRO,3,0),IF(G1156=\"SUDECAP\",VLOOKUP(F1156,DADOS_SUDECAP,3,0),IF(G1156=\"COTAÇÃO\",VLOOKUP($F1156,DADOS_COTACAO,9,0),\"\"))))))","v":"M2"},{"$f":"F1159","v":4.76},{"$f":"TRUNC(IF(G1156=\"SINAPI\",VLOOKUP($F1156,DADOS_SINAPI,4,0),IF(G1156=\"SETOP\",VLOOKUP($F1156,DADOS_SETOP,4,0),IF(G1156=\"CPU\",VLOOKUP($F1156,DADOS_COMPOSICAO,13,0),IF(G1156=\"SICRO\",VLOOKUP($F1156,DADOS_SICRO,4,0),IF(G1156=\"SUDECAP\",VLOOKUP(F1156,DADOS_SUDECAP,4,0),IF(G1156=\"COTAÇÃO\",VLOOKUP(F1156,DADOS_COTACAO,12,0),\"\")))))),2)","v":50.28},"BDI 1",{"$f":"TRUNC(J1156*(1+$N$17),2)","v":63.61},{"$f":"IFERROR(TRUNC(I1156*J1156,2),\"\")","v":239.33},302.77999999999997]
[2000]
[2000,null,null,null,"Área exterrna",4.76,"m²"]
[2000,null,null,null,"Total",{"$f":"F1158","v":4.76},"m²"]
[2000]
[1000,null,null,12,"PINTURAS E ACABAMENTOS",null,null,null,null,null,null,null,{"$f":"SUMIF(A:A,D1161,M:M)","v":60263.61},{"$f":"SUMIF(A:A,D1161,N:N)","v":76220.56}]
[{"$f":"IFERROR(LEFT(D1162,SEARCH(\".\",D1162)-1),\"\")","v":"12"},{"$f":"IFERROR(LEFT(RIGHT(D1162,LEN(D1162)-SEARCH(\".\",D1162)),SEARCH(\".\",RIGHT(D1162,LEN(D1162)-SEARCH(\".\",D1162)))-1),\"\")","v":""},{"$f":"IFERROR(IF(LEN(D1162)-LEN(SUBSTITUTE(D1162,\".\",\"\"))<>3,\"\",MID(D1162,SEARCH(\".\",D1162,SEARCH(\".\",D1162)+1)+1,LEN(D1162)-SEARCH(\".\",D1162,SEARCH(\".\",D1162)+1)-(LEN(D1162)-(SEARCH(\".\",D1162,SEARCH(\".\",D1162,SEARCH(\".\",D1162)+1)+1)-1)))),\"\")","v":""},"12.1",{"$f":"IF($G1162=\"SINAPI\",VLOOKUP($F1162,DADOS_SINAPI,2,0),IF(G1162=\"SETOP\",VLOOKUP($F1162,DADOS_SETOP,2,0),IF(G1162=\"CPU\",VLOOKUP($F1162,DADOS_COMPOSICAO,2,0),IF(G1162=\"SICRO\",VLOOKUP($F1162,DADOS_SICRO,2,0),IF(G1162=\"SUDECAP\",VLOOKUP(F1162,DADOS_SUDECAP,2,0),IF(G1162=\"COTAÇÃO\",VLOOKUP($F1162,DADOS_COTACAO,2,0),\"\"))))))","v":"FUNDO SELADOR ACRÍLICO, APLICAÇÃO MANUAL EM PAREDE, UMA DEMÃO. AF_04/2023"},88485,"SINAPI",{"$f":"IF(G1162=\"SINAPI\",VLOOKUP($F1162,DADOS_SINAPI,3,0),IF(G1162=\"SETOP\",VLOOKUP($F1162,DADOS_SETOP,3,0),IF(G1162=\"CPU\",VLOOKUP($F1162,DADOS_COMPOSICAO,10,0),IF(G1162=\"SICRO\",VLOOKUP($F1162,DADOS_SICRO,3,0),IF(G1162=\"SUDECAP\",VLOOKUP(F1162,DADOS_SUDECAP,3,0),IF(G1162=\"COTAÇÃO\",VLOOKUP($F1162,DADOS_COTACAO,9,0),\"\"))))))","v":"M2"},{"$f":"F1164","v":888.44999999999993},{"$f":"TRUNC(IF(G1162=\"SINAPI\",VLOOKUP($F1162,DADOS_SINAPI,4,0),IF(G1162=\"SETOP\",VLOOKUP($F1162,DADOS_SETOP,4,0),IF(G1162=\"CPU\",VLOOKUP($F1162,DADOS_COMPOSICAO,13,0),IF(G1162=\"SICRO\",VLOOKUP($F1162,DADOS_SICRO,4,0),IF(G1162=\"SUDECAP\",VLOOKUP(F1162,DADOS_SUDECAP,4,0),IF(G1162=\"COTAÇÃO\",VLOOKUP(F1162,DADOS_COTACAO,12,0),\"\")))))),2)","v":4.13},"BDI 1",{"$f":"TRUNC(J1162*(1+$N$17),2)","v":5.22},{"$f":"IFERROR(TRUNC(I1162*J1162,2),\"\")","v":3669.29},4637.71]
[2000]
[2000,null,null,null,"Área de emassamento interno",{"$f":"F828","v":888.44999999999993},"m²"]
[2000]
["12","","","12.2","PINTURA EPÓXI EM PAREDE, DUAS (2) DEMÃOS, EXCLUSIVE SELADOR ACRÍLICO E MASSA ACRÍLICA/CORRIDA (PVA)","ED-9917","SETOP","m2",{"$f":"F1168","v":888.44999999999993},24.36,"BDI 1",30.82,21642.639999999999,27382.03]
[2000]
[2000,null,null,null,"Área de fundo selador",{"$f":"F1164","v":888.44999999999993},"m²"]
[2000]
["12","","","12.3","APLICAÇÃO MANUAL DE FUNDO SELADOR ACRÍLICO EM PAREDES EXTERNAS DE CASAS. AF_03/2024",88415,"SINAPI","M2",{"$f":"F1172","v":1343.6299999999999},5.1100000000000003,"BDI 1",6.46,6865.94,8679.85]
[2000]
[2000,null,null,null,"Área de emassamento externo",{"$f":"F945","v":1343.6299999999999},"m²"]
[2000]
["12","","","12.4","APLICAÇÃO MANUAL DE TINTA LÁTEX ACRÍLICA EM PAREDE EXTERNAS DE CASAS, DUAS DEMÃOS. AF_03/2024",95626,"SINAPI","M2",{"$f":"F1176","v":1343.6299999999999},15,"BDI 1",18.97,20154.45,25488.66]
[2000]
[2000,null,null,null,"Área de fundo selador",{"$f":"F1172","v":1343.6299999999999},"m²"]
[2000]
["12","","","12.5","FUNDO SELADOR ACRÍLICO, APLICAÇÃO MANUAL EM TETO, UMA DEMÃO. AF_04/2023",88484,"SINAPI","M2",{"$f":"F1183","v":404.04},4.99,"BDI 1",6.31,2016.15,2549.4899999999998]
[2000]
[2000,null,null,null,"Área gesso desempenado interno",{"$f":"F867","v":17.12},"m²"]
[2000,null,null,null,"Área placas gesso",{"$f":"F899","v":332.1},"m²"]
[2000,null,null,null,"Área gesso desempenado externo",{"$f":"F967","v":54.82},"m²"]
[2000,null,null,null,"Área de emassamento interno",{"$f":"SUM(F1180:F1182)","v":404.04},"m²"]
[2000]
["12","","","12.6","PINTURA LÁTEX ACRÍLICA PREMIUM, APLICAÇÃO MANUAL EM TETO, DUAS DEMÃOS. AF_04/2023",88488,"SINAPI","M2",{"$f":"F1187","v":404.04},14.64,"BDI 1",18.52,5915.14,7482.82]
[2000]
[2000,null,null,null,"Área de fundo selador",{"$f":"F1183","v":404.04},"m²"]
[2000]
[1000,null,null,13,"INSTALAÇÕES HIDRÁULICAS",null,null,null,null,null,null,null,{"$f":"SUMIF(A:A,D1189,M:M)","v":21740.929999999997},{"$f":"SUMIF(A:A,D1189,N:N)","v":27501.850000000002}]
[null,null,null,"13.1","METAIS",null,null,null,null,null,null,null,{"$f":"IFERROR(SUMIFS(M:M,A:A,LEFT(D1190,SEARCH(\".\",D1190)-1),B:B,RIGHT(D1190,LEN(D1190)-SEARCH(\".\",D1190))),\"\")","v":4919.329999999999},{"$f":"IFERROR(SUMIFS(N:N,A:A,LEFT(D1190,SEARCH(\".\",D1190)-1),B:B,RIGHT(D1190,LEN(D1190)-SEARCH(\".\",D1190))),\"\")","v":6223.68}]
[{"$f":"IFERROR(LEFT(D1191,SEARCH(\".\",D1191)-1),\"\")","v":"13"},{"$f":"IFERROR(LEFT(RIGHT(D1191,LEN(D1191)-SEARCH(\".\",D1191)),SEARCH(\".\",RIGHT(D1191,LEN(D1191)-SEARCH(\".\",D1191)))-1),\"\")","v":"1"},{"$f":"IFERROR(IF(LEN(D1191)-LEN(SUBSTITUTE(D1191,\".\",\"\"))<>3,\"\",MID(D1191,SEARCH(\".\",D1191,SEARCH(\".\",D1191)+1)+1,LEN(D1191)-SEARCH(\".\",D1191,SEARCH(\".\",D1191)+1)-(LEN(D1191)-(SEARCH(\".\",D1191,SEARCH(\".\",D1191,SEARCH(\".\",D1191)+1)+1)-1)))),\"\")","v":""},"13.1.1",{"$f":"IF($G1191=\"SINAPI\",VLOOKUP($F1191,DADOS_SINAPI,2,0),IF(G1191=\"SETOP\",VLOOKUP($F1191,DADOS_SETOP,2,0),IF(G1191=\"CPU\",VLOOKUP($F1191,DADOS_COMPOSICAO,2,0),IF(G1191=\"SICRO\",VLOOKUP($F1191,DADOS_SICRO,2,0),IF(G1191=\"SUDECAP\",VLOOKUP(F1191,DADOS_SUDECAP,2,0),IF(G1191=\"COTAÇÃO\",VLOOKUP($F1191,DADOS_COTACAO,2,0),\"\"))))))","v":"HIDRÔMETRO DN 3/4\", 5,0 M3/H - FORNECIMENTO E INSTALAÇÃO. AF_03/2024"},95675,"SINAPI",{"$f":"IF(G1191=\"SINAPI\",VLOOKUP($F1191,DADOS_SINAPI,3,0),IF(G1191=\"SETOP\",VLOOKUP($F1191,DADOS_SETOP,3,0),IF(G1191=\"CPU\",VLOOKUP($F1191,DADOS_COMPOSICAO,10,0),IF(G1191=\"SICRO\",VLOOKUP($F1191,DADOS_SICRO,3,0),IF(G1191=\"SUDECAP\",VLOOKUP(F1191,DADOS_SUDECAP,3,0),IF(G1191=\"COTAÇÃO\",VLOOKUP($F1191,DADOS_COTACAO,9,0),\"\"))))))","v":"UN"},{"$f":"F1193","v":1},{"$f":"TRUNC(IF(G1191=\"SINAPI\",VLOOKUP($F1191,DADOS_SINAPI,4,0),IF(G1191=\"SETOP\",VLOOKUP($F1191,DADOS_SETOP,4,0),IF(G1191=\"CPU\",VLOOKUP($F1191,DADOS_COMPOSICAO,13,0),IF(G1191=\"SICRO\",VLOOKUP($F1191,DADOS_SICRO,4,0),IF(G1191=\"SUDECAP\",VLOOKUP(F1191,DADOS_SUDECAP,4,0),IF(G1191=\"COTAÇÃO\",VLOOKUP(F1191,DADOS_COTACAO,12,0),\"\")))))),2)","v":217.36},"BDI 1",{"$f":"TRUNC(J1191*(1+$N$17),2)","v":275},{"$f":"IFERROR(TRUNC(I1191*J1191,2),\"\")","v":217.36},{"$f":"L1191*I1191","v":275}]
[2000]
[2000,null,null,null,"Quantidade",1,"un"]
[2000]
[{"$f":"IFERROR(LEFT(D1195,SEARCH(\".\",D1195)-1),\"\")","v":"13"},{"$f":"IFERROR(LEFT(RIGHT(D1195,LEN(D1195)-SEARCH(\".\",D1195)),SEARCH(\".\",RIGHT(D1195,LEN(D1195)-SEARCH(\".\",D1195)))-1),\"\")","v":"1"},{"$f":"IFERROR(IF(LEN(D1195)-LEN(SUBSTITUTE(D1195,\".\",\"\"))<>3,\"\",MID(D1195,SEARCH(\".\",D1195,SEARCH(\".\",D1195)+1)+1,LEN(D1195)-SEARCH(\".\",D1195,SEARCH(\".\",D1195)+1)-(LEN(D1195)-(SEARCH(\".\",D1195,SEARCH(\".\",D1195,SEARCH(\".\",D1195)+1)+1)-1)))),\"\")","v":""},"13.1.2",{"$f":"IF($G1195=\"SINAPI\",VLOOKUP($F1195,DADOS_SINAPI,2,0),IF(G1195=\"SETOP\",VLOOKUP($F1195,DADOS_SETOP,2,0),IF(G1195=\"CPU\",VLOOKUP($F1195,DADOS_COMPOSICAO,2,0),IF(G1195=\"SICRO\",VLOOKUP($F1195,DADOS_SICRO,2,0),IF(G1195=\"SUDECAP\",VLOOKUP(F1195,DADOS_SUDECAP,2,0),IF(G1195=\"COTAÇÃO\",VLOOKUP($F1195,DADOS_COTACAO,2,0),\"\"))))))","v":"KIT CAVALETE PARA MEDIÇÃO DE ÁGUA - ENTRADA PRINCIPAL, EM AÇO GALVANIZADO DN 32 MM (1 1/4\") - FORNECIMENTO E INSTALAÇÃO (EXCLUSIVE HIDRÔMETRO). AF_03/2024"},95637,"SINAPI",{"$f":"IF(G1195=\"SINAPI\",VLOOKUP($F1195,DADOS_SINAPI,3,0),IF(G1195=\"SETOP\",VLOOKUP($F1195,DADOS_SETOP,3,0),IF(G1195=\"CPU\",VLOOKUP($F1195,DADOS_COMPOSICAO,10,0),IF(G1195=\"SICRO\",VLOOKUP($F1195,DADOS_SICRO,3,0),IF(G1195=\"SUDECAP\",VLOOKUP(F1195,DADOS_SUDECAP,3,0),IF(G1195=\"COTAÇÃO\",VLOOKUP($F1195,DADOS_COTACAO,9,0),\"\"))))))","v":"UN"},{"$f":"F1197","v":1},{"$f":"TRUNC(IF(G1195=\"SINAPI\",VLOOKUP($F1195,DADOS_SINAPI,4,0),IF(G1195=\"SETOP\",VLOOKUP($F1195,DADOS_SETOP,4,0),IF(G1195=\"CPU\",VLOOKUP($F1195,DADOS_COMPOSICAO,13,0),IF(G1195=\"SICRO\",VLOOKUP($F1195,DADOS_SICRO,4,0),IF(G1195=\"SUDECAP\",VLOOKUP(F1195,DADOS_SUDECAP,4,0),IF(G1195=\"COTAÇÃO\",VLOOKUP(F1195,DADOS_COTACAO,12,0),\"\")))))),2)","v":532.71},"BDI 1",{"$f":"TRUNC(J1195*(1+$N$17),2)","v":673.98},{"$f":"IFERROR(TRUNC(I1195*J1195,2),\"\")","v":532.71},{"$f":"L1195*I1195","v":673.98}]
[2000]
[2000,null,null,null,"Quantidade",1,"un"]
[2000]
[{"$f":"IFERROR(LEFT(D1199,SEARCH(\".\",D1199)-1),\"\")","v":"13"},{"$f":"IFERROR(LEFT(RIGHT(D1199,LEN(D1199)-SEARCH(\".\",D1199)),SEARCH(\".\",RIGHT(D1199,LEN(D1199)-SEARCH(\".\",D1199)))-1),\"\")","v":"1"},{"$f":"IFERROR(IF(LEN(D1199)-LEN(SUBSTITUTE(D1199,\".\",\"\"))<>3,\"\",MID(D1199,SEARCH(\".\",D1199,SEARCH(\".\",D1199)+1)+1,LEN(D1199)-SEARCH(\".\",D1199,SEARCH(\".\",D1199)+1)-(LEN(D1199)-(SEARCH(\".\",D1199,SEARCH(\".\",D1199,SEARCH(\".\",D1199)+1)+1)-1)))),\"\")","v":""},"13.1.3",{"$f":"IF($G1199=\"SINAPI\",VLOOKUP($F1199,DADOS_SINAPI,2,0),IF(G1199=\"SETOP\",VLOOKUP($F1199,DADOS_SETOP,2,0),IF(G1199=\"CPU\",VLOOKUP($F1199,DADOS_COMPOSICAO,2,0),IF(G1199=\"SICRO\",VLOOKUP($F1199,DADOS_SICRO,2,0),IF(G1199=\"SUDECAP\",VLOOKUP(F1199,DADOS_SUDECAP,2,0),IF(G1199=\"COTAÇÃO\",VLOOKUP($F1199,DADOS_COTACAO,2,0),\"\"))))))","v":"REGISTRO DE GAVETA BRUTO, LATÃO, ROSCÁVEL, 3/4\", COM ACABAMENTO E CANOPLA CROMADOS - FORNECIMENTO E INSTALAÇÃO. AF_08/2021"},89987,"SINAPI",{"$f":"IF(G1199=\"SINAPI\",VLOOKUP($F1199,DADOS_SINAPI,3,0),IF(G1199=\"SETOP\",VLOOKUP($F1199,DADOS_SETOP,3,0),IF(G1199=\"CPU\",VLOOKUP($F1199,DADOS_COMPOSICAO,10,0),IF(G1199=\"SICRO\",VLOOKUP($F1199,DADOS_SICRO,3,0),IF(G1199=\"SUDECAP\",VLOOKUP(F1199,DADOS_SUDECAP,3,0),IF(G1199=\"COTAÇÃO\",VLOOKUP($F1199,DADOS_COTACAO,9,0),\"\"))))))","v":"UN"},{"$f":"F1201","v":31},{"$f":"TRUNC(IF(G1199=\"SINAPI\",VLOOKUP($F1199,DADOS_SINAPI,4,0),IF(G1199=\"SETOP\",VLOOKUP($F1199,DADOS_SETOP,4,0),IF(G1199=\"CPU\",VLOOKUP($F1199,DADOS_COMPOSICAO,13,0),IF(G1199=\"SICRO\",VLOOKUP($F1199,DADOS_SICRO,4,0),IF(G1199=\"SUDECAP\",VLOOKUP(F1199,DADOS_SUDECAP,4,0),IF(G1199=\"COTAÇÃO\",VLOOKUP(F1199,DADOS_COTACAO,12,0),\"\")))))),2)","v":129.59},"BDI 1",{"$f":"TRUNC(J1199*(1+$N$17),2)","v":163.95},{"$f":"IFERROR(TRUNC(I1199*J1199,2),\"\")","v":4017.29},5082.45]
[2000]
[2000,null,null,null,"Quantidade",31,"un"]
[2000]
[{"$f":"IFERROR(LEFT(D1203,SEARCH(\".\",D1203)-1),\"\")","v":"13"},{"$f":"IFERROR(LEFT(RIGHT(D1203,LEN(D1203)-SEARCH(\".\",D1203)),SEARCH(\".\",RIGHT(D1203,LEN(D1203)-SEARCH(\".\",D1203)))-1),\"\")","v":"1"},{"$f":"IFERROR(IF(LEN(D1203)-LEN(SUBSTITUTE(D1203,\".\",\"\"))<>3,\"\",MID(D1203,SEARCH(\".\",D1203,SEARCH(\".\",D1203)+1)+1,LEN(D1203)-SEARCH(\".\",D1203,SEARCH(\".\",D1203)+1)-(LEN(D1203)-(SEARCH(\".\",D1203,SEARCH(\".\",D1203,SEARCH(\".\",D1203)+1)+1)-1)))),\"\")","v":""},"13.1.4",{"$f":"IF($G1203=\"SINAPI\",VLOOKUP($F1203,DADOS_SINAPI,2,0),IF(G1203=\"SETOP\",VLOOKUP($F1203,DADOS_SETOP,2,0),IF(G1203=\"CPU\",VLOOKUP($F1203,DADOS_COMPOSICAO,2,0),IF(G1203=\"SICRO\",VLOOKUP($F1203,DADOS_SICRO,2,0),IF(G1203=\"SUDECAP\",VLOOKUP(F1203,DADOS_SUDECAP,2,0),IF(G1203=\"COTAÇÃO\",VLOOKUP($F1203,DADOS_COTACAO,2,0),\"\"))))))","v":"REGISTRO DE ESFERA, PVC, SOLDÁVEL, COM VOLANTE, DN  25 MM - FORNECIMENTO E INSTALAÇÃO. AF_08/2021"},94489,"SINAPI",{"$f":"IF(G1203=\"SINAPI\",VLOOKUP($F1203,DADOS_SINAPI,3,0),IF(G1203=\"SETOP\",VLOOKUP($F1203,DADOS_SETOP,3,0),IF(G1203=\"CPU\",VLOOKUP($F1203,DADOS_COMPOSICAO,10,0),IF(G1203=\"SICRO\",VLOOKUP($F1203,DADOS_SICRO,3,0),IF(G1203=\"SUDECAP\",VLOOKUP(F1203,DADOS_SUDECAP,3,0),IF(G1203=\"COTAÇÃO\",VLOOKUP($F1203,DADOS_COTACAO,9,0),\"\"))))))","v":"UN"},{"$f":"F1205","v":2},{"$f":"TRUNC(IF(G1203=\"SINAPI\",VLOOKUP($F1203,DADOS_SINAPI,4,0),IF(G1203=\"SETOP\",VLOOKUP($F1203,DADOS_SETOP,4,0),IF(G1203=\"CPU\",VLOOKUP($F1203,DADOS_COMPOSICAO,13,0),IF(G1203=\"SICRO\",VLOOKUP($F1203,DADOS_SICRO,4,0),IF(G1203=\"SUDECAP\",VLOOKUP(F1203,DADOS_SUDECAP,4,0),IF(G1203=\"COTAÇÃO\",VLOOKUP(F1203,DADOS_COTACAO,12,0),\"\")))))),2)","v":20.239999999999998},"BDI 1",{"$f":"TRUNC(J1203*(1+$N$17),2)","v":25.6},{"$f":"IFERROR(TRUNC(I1203*J1203,2),\"\")","v":40.479999999999997},51.2]
[2000]
[2000,null,null,null,"Quantidade",2,"un"]
[2000]
[{"$f":"IFERROR(LEFT(D1207,SEARCH(\".\",D1207)-1),\"\")","v":"13"},{"$f":"IFERROR(LEFT(RIGHT(D1207,LEN(D1207)-SEARCH(\".\",D1207)),SEARCH(\".\",RIGHT(D1207,LEN(D1207)-SEARCH(\".\",D1207)))-1),\"\")","v":"1"},{"$f":"IFERROR(IF(LEN(D1207)-LEN(SUBSTITUTE(D1207,\".\",\"\"))<>3,\"\",MID(D1207,SEARCH(\".\",D1207,SEARCH(\".\",D1207)+1)+1,LEN(D1207)-SEARCH(\".\",D1207,SEARCH(\".\",D1207)+1)-(LEN(D1207)-(SEARCH(\".\",D1207,SEARCH(\".\",D1207,SEARCH(\".\",D1207)+1)+1)-1)))),\"\")","v":""},"13.1.5",{"$f":"IF($G1207=\"SINAPI\",VLOOKUP($F1207,DADOS_SINAPI,2,0),IF(G1207=\"SETOP\",VLOOKUP($F1207,DADOS_SETOP,2,0),IF(G1207=\"CPU\",VLOOKUP($F1207,DADOS_COMPOSICAO,2,0),IF(G1207=\"SICRO\",VLOOKUP($F1207,DADOS_SICRO,2,0),IF(G1207=\"SUDECAP\",VLOOKUP(F1207,DADOS_SUDECAP,2,0),IF(G1207=\"COTAÇÃO\",VLOOKUP($F1207,DADOS_COTACAO,2,0),\"\"))))))","v":"REGISTRO DE ESFERA, PVC, SOLDÁVEL, COM VOLANTE, DN  32 MM - FORNECIMENTO E INSTALAÇÃO. AF_08/2021"},94490,"SINAPI",{"$f":"IF(G1207=\"SINAPI\",VLOOKUP($F1207,DADOS_SINAPI,3,0),IF(G1207=\"SETOP\",VLOOKUP($F1207,DADOS_SETOP,3,0),IF(G1207=\"CPU\",VLOOKUP($F1207,DADOS_COMPOSICAO,10,0),IF(G1207=\"SICRO\",VLOOKUP($F1207,DADOS_SICRO,3,0),IF(G1207=\"SUDECAP\",VLOOKUP(F1207,DADOS_SUDECAP,3,0),IF(G1207=\"COTAÇÃO\",VLOOKUP($F1207,DADOS_COTACAO,9,0),\"\"))))))","v":"UN"},{"$f":"F1209","v":1},{"$f":"TRUNC(IF(G1207=\"SINAPI\",VLOOKUP($F1207,DADOS_SINAPI,4,0),IF(G1207=\"SETOP\",VLOOKUP($F1207,DADOS_SETOP,4,0),IF(G1207=\"CPU\",VLOOKUP($F1207,DADOS_COMPOSICAO,13,0),IF(G1207=\"SICRO\",VLOOKUP($F1207,DADOS_SICRO,4,0),IF(G1207=\"SUDECAP\",VLOOKUP(F1207,DADOS_SUDECAP,4,0),IF(G1207=\"COTAÇÃO\",VLOOKUP(F1207,DADOS_COTACAO,12,0),\"\")))))),2)","v":29.19},"BDI 1",{"$f":"TRUNC(J1207*(1+$N$17),2)","v":36.93},{"$f":"IFERROR(TRUNC(I1207*J1207,2),\"\")","v":29.19},36.93]
[2000]
[2000,null,null,null,"Quantidade",1,"un"]
[2000]
[{"$f":"IFERROR(LEFT(D1211,SEARCH(\".\",D1211)-1),\"\")","v":"13"},{"$f":"IFERROR(LEFT(RIGHT(D1211,LEN(D1211)-SEARCH(\".\",D1211)),SEARCH(\".\",RIGHT(D1211,LEN(D1211)-SEARCH(\".\",D1211)))-1),\"\")","v":"1"},{"$f":"IFERROR(IF(LEN(D1211)-LEN(SUBSTITUTE(D1211,\".\",\"\"))<>3,\"\",MID(D1211,SEARCH(\".\",D1211,SEARCH(\".\",D1211)+1)+1,LEN(D1211)-SEARCH(\".\",D1211,SEARCH(\".\",D1211)+1)-(LEN(D1211)-(SEARCH(\".\",D1211,SEARCH(\".\",D1211,SEARCH(\".\",D1211)+1)+1)-1)))),\"\")","v":""},"13.1.6",{"$f":"IF($G1211=\"SINAPI\",VLOOKUP($F1211,DADOS_SINAPI,2,0),IF(G1211=\"SETOP\",VLOOKUP($F1211,DADOS_SETOP,2,0),IF(G1211=\"CPU\",VLOOKUP($F1211,DADOS_COMPOSICAO,2,0),IF(G1211=\"SICRO\",VLOOKUP($F1211,DADOS_SICRO,2,0),IF(G1211=\"SUDECAP\",VLOOKUP(F1211,DADOS_SUDECAP,2,0),IF(G1211=\"COTAÇÃO\",VLOOKUP($F1211,DADOS_COTACAO,2,0),\"\"))))))","v":"REGISTRO DE ESFERA, PVC, SOLDÁVEL, COM VOLANTE, DN  50 MM - FORNECIMENTO E INSTALAÇÃO. AF_08/2021"},94492,"SINAPI",{"$f":"IF(G1211=\"SINAPI\",VLOOKUP($F1211,DADOS_SINAPI,3,0),IF(G1211=\"SETOP\",VLOOKUP($F1211,DADOS_SETOP,3,0),IF(G1211=\"CPU\",VLOOKUP($F1211,DADOS_COMPOSICAO,10,0),IF(G1211=\"SICRO\",VLOOKUP($F1211,DADOS_SICRO,3,0),IF(G1211=\"SUDECAP\",VLOOKUP(F1211,DADOS_SUDECAP,3,0),IF(G1211=\"COTAÇÃO\",VLOOKUP($F1211,DADOS_COTACAO,9,0),\"\"))))))","v":"UN"},{"$f":"F1213","v":2},{"$f":"TRUNC(IF(G1211=\"SINAPI\",VLOOKUP($F1211,DADOS_SINAPI,4,0),IF(G1211=\"SETOP\",VLOOKUP($F1211,DADOS_SETOP,4,0),IF(G1211=\"CPU\",VLOOKUP($F1211,DADOS_COMPOSICAO,13,0),IF(G1211=\"SICRO\",VLOOKUP($F1211,DADOS_SICRO,4,0),IF(G1211=\"SUDECAP\",VLOOKUP(F1211,DADOS_SUDECAP,4,0),IF(G1211=\"COTAÇÃO\",VLOOKUP(F1211,DADOS_COTACAO,12,0),\"\")))))),2)","v":41.15},"BDI 1",{"$f":"TRUNC(J1211*(1+$N$17),2)","v":52.06},{"$f":"IFERROR(TRUNC(I1211*J1211,2),\"\")","v":82.3},104.12]
[2000]
[2000,null,null,null,"Quantidade",2,"un"]
[2000]
[null,null,null,"13.2","PVC RÍGIDO SOLDÁVEL",null,null,null,null,null,null,null,{"$f":"IFERROR(SUMIFS(M:M,A:A,LEFT(D1215,SEARCH(\".\",D1215)-1),B:B,RIGHT(D1215,LEN(D1215)-SEARCH(\".\",D1215))),\"\")","v":10838.009999999998},{"$f":"IFERROR(SUMIFS(N:N,A:A,LEFT(D1215,SEARCH(\".\",D1215)-1),B:B,RIGHT(D1215,LEN(D1215)-SEARCH(\".\",D1215))),\"\")","v":13709.080000000002}]
[{"$f":"IFERROR(LEFT(D1216,SEARCH(\".\",D1216)-1),\"\")","v":"13"},{"$f":"IFERROR(LEFT(RIGHT(D1216,LEN(D1216)-SEARCH(\".\",D1216)),SEARCH(\".\",RIGHT(D1216,LEN(D1216)-SEARCH(\".\",D1216)))-1),\"\")","v":"2"},{"$f":"IFERROR(IF(LEN(D1216)-LEN(SUBSTITUTE(D1216,\".\",\"\"))<>3,\"\",MID(D1216,SEARCH(\".\",D1216,SEARCH(\".\",D1216)+1)+1,LEN(D1216)-SEARCH(\".\",D1216,SEARCH(\".\",D1216)+1)-(LEN(D1216)-(SEARCH(\".\",D1216,SEARCH(\".\",D1216,SEARCH(\".\",D1216)+1)+1)-1)))),\"\")","v":""},"13.2.1",{"$f":"IF($G1216=\"SINAPI\",VLOOKUP($F1216,DADOS_SINAPI,2,0),IF(G1216=\"SETOP\",VLOOKUP($F1216,DADOS_SETOP,2,0),IF(G1216=\"CPU\",VLOOKUP($F1216,DADOS_COMPOSICAO,2,0),IF(G1216=\"SICRO\",VLOOKUP($F1216,DADOS_SICRO,2,0),IF(G1216=\"SUDECAP\",VLOOKUP(F1216,DADOS_SUDECAP,2,0),IF(G1216=\"COTAÇÃO\",VLOOKUP($F1216,DADOS_COTACAO,2,0),\"\"))))))","v":"ADAPTADOR COM FLANGE E ANEL DE VEDAÇÃO, PVC, SOLDÁVEL, DN  25 MM X 3/4\", INSTALADO EM RESERVAÇÃO PREDIAL DE ÁGUA - FORNECIMENTO E INSTALAÇÃO. AF_04/2024"},94703,"SINAPI",{"$f":"IF(G1216=\"SINAPI\",VLOOKUP($F1216,DADOS_SINAPI,3,0),IF(G1216=\"SETOP\",VLOOKUP($F1216,DADOS_SETOP,3,0),IF(G1216=\"CPU\",VLOOKUP($F1216,DADOS_COMPOSICAO,10,0),IF(G1216=\"SICRO\",VLOOKUP($F1216,DADOS_SICRO,3,0),IF(G1216=\"SUDECAP\",VLOOKUP(F1216,DADOS_SUDECAP,3,0),IF(G1216=\"COTAÇÃO\",VLOOKUP($F1216,DADOS_COTACAO,9,0),\"\"))))))","v":"UN"},{"$f":"F1218","v":1},{"$f":"TRUNC(IF(G1216=\"SINAPI\",VLOOKUP($F1216,DADOS_SINAPI,4,0),IF(G1216=\"SETOP\",VLOOKUP($F1216,DADOS_SETOP,4,0),IF(G1216=\"CPU\",VLOOKUP($F1216,DADOS_COMPOSICAO,13,0),IF(G1216=\"SICRO\",VLOOKUP($F1216,DADOS_SICRO,4,0),IF(G1216=\"SUDECAP\",VLOOKUP(F1216,DADOS_SUDECAP,4,0),IF(G1216=\"COTAÇÃO\",VLOOKUP(F1216,DADOS_COTACAO,12,0),\"\")))))),2)","v":18.53},"BDI 1",{"$f":"TRUNC(J1216*(1+$N$17),2)","v":23.44},{"$f":"IFERROR(TRUNC(I1216*J1216,2),\"\")","v":18.53},{"$f":"L1216*I1216","v":23.44}]
[2000]
[2000,null,null,null,"Quantidade",1,"un "]
[2000]
[{"$f":"IFERROR(LEFT(D1220,SEARCH(\".\",D1220)-1),\"\")","v":"13"},{"$f":"IFERROR(LEFT(RIGHT(D1220,LEN(D1220)-SEARCH(\".\",D1220)),SEARCH(\".\",RIGHT(D1220,LEN(D1220)-SEARCH(\".\",D1220)))-1),\"\")","v":"2"},{"$f":"IFERROR(IF(LEN(D1220)-LEN(SUBSTITUTE(D1220,\".\",\"\"))<>3,\"\",MID(D1220,SEARCH(\".\",D1220,SEARCH(\".\",D1220)+1)+1,LEN(D1220)-SEARCH(\".\",D1220,SEARCH(\".\",D1220)+1)-(LEN(D1220)-(SEARCH(\".\",D1220,SEARCH(\".\",D1220,SEARCH(\".\",D1220)+1)+1)-1)))),\"\")","v":""},"13.2.2",{"$f":"IF($G1220=\"SINAPI\",VLOOKUP($F1220,DADOS_SINAPI,2,0),IF(G1220=\"SETOP\",VLOOKUP($F1220,DADOS_SETOP,2,0),IF(G1220=\"CPU\",VLOOKUP($F1220,DADOS_COMPOSICAO,2,0),IF(G1220=\"SICRO\",VLOOKUP($F1220,DADOS_SICRO,2,0),IF(G1220=\"SUDECAP\",VLOOKUP(F1220,DADOS_SUDECAP,2,0),IF(G1220=\"COTAÇÃO\",VLOOKUP($F1220,DADOS_COTACAO,2,0),\"\"))))))","v":"ADAPTADOR COM FLANGE E ANEL DE VEDAÇÃO, PVC, SOLDÁVEL, DN 32 MM X 1\", INSTALADO EM RESERVAÇÃO PREDIAL DE ÁGUA - FORNECIMENTO E INSTALAÇÃO. AF_04/2024"},94704,"SINAPI",{"$f":"IF(G1220=\"SINAPI\",VLOOKUP($F1220,DADOS_SINAPI,3,0),IF(G1220=\"SETOP\",VLOOKUP($F1220,DADOS_SETOP,3,0),IF(G1220=\"CPU\",VLOOKUP($F1220,DADOS_COMPOSICAO,10,0),IF(G1220=\"SICRO\",VLOOKUP($F1220,DADOS_SICRO,3,0),IF(G1220=\"SUDECAP\",VLOOKUP(F1220,DADOS_SUDECAP,3,0),IF(G1220=\"COTAÇÃO\",VLOOKUP($F1220,DADOS_COTACAO,9,0),\"\"))))))","v":"UN"},{"$f":"F1222","v":2},{"$f":"TRUNC(IF(G1220=\"SINAPI\",VLOOKUP($F1220,DADOS_SINAPI,4,0),IF(G1220=\"SETOP\",VLOOKUP($F1220,DADOS_SETOP,4,0),IF(G1220=\"CPU\",VLOOKUP($F1220,DADOS_COMPOSICAO,13,0),IF(G1220=\"SICRO\",VLOOKUP($F1220,DADOS_SICRO,4,0),IF(G1220=\"SUDECAP\",VLOOKUP(F1220,DADOS_SUDECAP,4,0),IF(G1220=\"COTAÇÃO\",VLOOKUP(F1220,DADOS_COTACAO,12,0),\"\")))))),2)","v":25},"BDI 1",{"$f":"TRUNC(J1220*(1+$N$17),2)","v":31.63},{"$f":"IFERROR(TRUNC(I1220*J1220,2),\"\")","v":50},{"$f":"L1220*I1220","v":63.26}]
[2000]
[2000,null,null,null,"Quantidade",{"$f":"1+1","v":2},"un "]
[2000]
[{"$f":"IFERROR(LEFT(D1224,SEARCH(\".\",D1224)-1),\"\")","v":"13"},{"$f":"IFERROR(LEFT(RIGHT(D1224,LEN(D1224)-SEARCH(\".\",D1224)),SEARCH(\".\",RIGHT(D1224,LEN(D1224)-SEARCH(\".\",D1224)))-1),\"\")","v":"2"},{"$f":"IFERROR(IF(LEN(D1224)-LEN(SUBSTITUTE(D1224,\".\",\"\"))<>3,\"\",MID(D1224,SEARCH(\".\",D1224,SEARCH(\".\",D1224)+1)+1,LEN(D1224)-SEARCH(\".\",D1224,SEARCH(\".\",D1224)+1)-(LEN(D1224)-(SEARCH(\".\",D1224,SEARCH(\".\",D1224,SEARCH(\".\",D1224)+1)+1)-1)))),\"\")","v":""},"13.2.3",{"$f":"IF($G1224=\"SINAPI\",VLOOKUP($F1224,DADOS_SINAPI,2,0),IF(G1224=\"SETOP\",VLOOKUP($F1224,DADOS_SETOP,2,0),IF(G1224=\"CPU\",VLOOKUP($F1224,DADOS_COMPOSICAO,2,0),IF(G1224=\"SICRO\",VLOOKUP($F1224,DADOS_SICRO,2,0),IF(G1224=\"SUDECAP\",VLOOKUP(F1224,DADOS_SUDECAP,2,0),IF(G1224=\"COTAÇÃO\",VLOOKUP($F1224,DADOS_COTACAO,2,0),\"\"))))))","v":"ADAPTADOR COM FLANGE E ANEL DE VEDAÇÃO, PVC, SOLDÁVEL, DN 50 MM X 1 1/2\", INSTALADO EM RESERVAÇÃO PREDIAL DE ÁGUA - FORNECIMENTO E INSTALAÇÃO. AF_04/2024"},94706,"SINAPI",{"$f":"IF(G1224=\"SINAPI\",VLOOKUP($F1224,DADOS_SINAPI,3,0),IF(G1224=\"SETOP\",VLOOKUP($F1224,DADOS_SETOP,3,0),IF(G1224=\"CPU\",VLOOKUP($F1224,DADOS_COMPOSICAO,10,0),IF(G1224=\"SICRO\",VLOOKUP($F1224,DADOS_SICRO,3,0),IF(G1224=\"SUDECAP\",VLOOKUP(F1224,DADOS_SUDECAP,3,0),IF(G1224=\"COTAÇÃO\",VLOOKUP($F1224,DADOS_COTACAO,9,0),\"\"))))))","v":"UN"},{"$f":"F1226","v":4},{"$f":"TRUNC(IF(G1224=\"SINAPI\",VLOOKUP($F1224,DADOS_SINAPI,4,0),IF(G1224=\"SETOP\",VLOOKUP($F1224,DADOS_SETOP,4,0),IF(G1224=\"CPU\",VLOOKUP($F1224,DADOS_COMPOSICAO,13,0),IF(G1224=\"SICRO\",VLOOKUP($F1224,DADOS_SICRO,4,0),IF(G1224=\"SUDECAP\",VLOOKUP(F1224,DADOS_SUDECAP,4,0),IF(G1224=\"COTAÇÃO\",VLOOKUP(F1224,DADOS_COTACAO,12,0),\"\")))))),2)","v":33.590000000000003},"BDI 1",{"$f":"TRUNC(J1224*(1+$N$17),2)","v":42.49},{"$f":"IFERROR(TRUNC(I1224*J1224,2),\"\")","v":134.36000000000001},169.96]
[2000]
[2000,null,null,null,"Quantidade",4,"un "]
[2000]
[{"$f":"IFERROR(LEFT(D1228,SEARCH(\".\",D1228)-1),\"\")","v":"13"},{"$f":"IFERROR(LEFT(RIGHT(D1228,LEN(D1228)-SEARCH(\".\",D1228)),SEARCH(\".\",RIGHT(D1228,LEN(D1228)-SEARCH(\".\",D1228)))-1),\"\")","v":"2"},{"$f":"IFERROR(IF(LEN(D1228)-LEN(SUBSTITUTE(D1228,\".\",\"\"))<>3,\"\",MID(D1228,SEARCH(\".\",D1228,SEARCH(\".\",D1228)+1)+1,LEN(D1228)-SEARCH(\".\",D1228,SEARCH(\".\",D1228)+1)-(LEN(D1228)-(SEARCH(\".\",D1228,SEARCH(\".\",D1228,SEARCH(\".\",D1228)+1)+1)-1)))),\"\")","v":""},"13.2.4",{"$f":"IF($G1228=\"SINAPI\",VLOOKUP($F1228,DADOS_SINAPI,2,0),IF(G1228=\"SETOP\",VLOOKUP($F1228,DADOS_SETOP,2,0),IF(G1228=\"CPU\",VLOOKUP($F1228,DADOS_COMPOSICAO,2,0),IF(G1228=\"SICRO\",VLOOKUP($F1228,DADOS_SICRO,2,0),IF(G1228=\"SUDECAP\",VLOOKUP(F1228,DADOS_SUDECAP,2,0),IF(G1228=\"COTAÇÃO\",VLOOKUP($F1228,DADOS_COTACAO,2,0),\"\"))))))","v":"ADAPTADOR CURTO COM BOLSA E ROSCA PARA REGISTRO, PVC, SOLDÁVEL, DN  25 MM X 3/4\", INSTALADO EM RESERVAÇÃO PREDIAL DE ÁGUA - FORNECIMENTO E INSTALAÇÃO. AF_04/2024"},94656,"SINAPI",{"$f":"IF(G1228=\"SINAPI\",VLOOKUP($F1228,DADOS_SINAPI,3,0),IF(G1228=\"SETOP\",VLOOKUP($F1228,DADOS_SETOP,3,0),IF(G1228=\"CPU\",VLOOKUP($F1228,DADOS_COMPOSICAO,10,0),IF(G1228=\"SICRO\",VLOOKUP($F1228,DADOS_SICRO,3,0),IF(G1228=\"SUDECAP\",VLOOKUP(F1228,DADOS_SUDECAP,3,0),IF(G1228=\"COTAÇÃO\",VLOOKUP($F1228,DADOS_COTACAO,9,0),\"\"))))))","v":"UN"},{"$f":"F1230","v":62},{"$f":"TRUNC(IF(G1228=\"SINAPI\",VLOOKUP($F1228,DADOS_SINAPI,4,0),IF(G1228=\"SETOP\",VLOOKUP($F1228,DADOS_SETOP,4,0),IF(G1228=\"CPU\",VLOOKUP($F1228,DADOS_COMPOSICAO,13,0),IF(G1228=\"SICRO\",VLOOKUP($F1228,DADOS_SICRO,4,0),IF(G1228=\"SUDECAP\",VLOOKUP(F1228,DADOS_SUDECAP,4,0),IF(G1228=\"COTAÇÃO\",VLOOKUP(F1228,DADOS_COTACAO,12,0),\"\")))))),2)","v":3.14},"BDI 1",{"$f":"TRUNC(J1228*(1+$N$17),2)","v":3.97},{"$f":"IFERROR(TRUNC(I1228*J1228,2),\"\")","v":194.68},246.14000000000001]
[2000]
[2000,null,null,null,"Quantidade",62,"un "]
[2000]
[{"$f":"IFERROR(LEFT(D1232,SEARCH(\".\",D1232)-1),\"\")","v":"13"},{"$f":"IFERROR(LEFT(RIGHT(D1232,LEN(D1232)-SEARCH(\".\",D1232)),SEARCH(\".\",RIGHT(D1232,LEN(D1232)-SEARCH(\".\",D1232)))-1),\"\")","v":"2"},{"$f":"IFERROR(IF(LEN(D1232)-LEN(SUBSTITUTE(D1232,\".\",\"\"))<>3,\"\",MID(D1232,SEARCH(\".\",D1232,SEARCH(\".\",D1232)+1)+1,LEN(D1232)-SEARCH(\".\",D1232,SEARCH(\".\",D1232)+1)-(LEN(D1232)-(SEARCH(\".\",D1232,SEARCH(\".\",D1232,SEARCH(\".\",D1232)+1)+1)-1)))),\"\")","v":""},"13.2.5",{"$f":"IF($G1232=\"SINAPI\",VLOOKUP($F1232,DADOS_SINAPI,2,0),IF(G1232=\"SETOP\",VLOOKUP($F1232,DADOS_SETOP,2,0),IF(G1232=\"CPU\",VLOOKUP($F1232,DADOS_COMPOSICAO,2,0),IF(G1232=\"SICRO\",VLOOKUP($F1232,DADOS_SICRO,2,0),IF(G1232=\"SUDECAP\",VLOOKUP(F1232,DADOS_SUDECAP,2,0),IF(G1232=\"COTAÇÃO\",VLOOKUP($F1232,DADOS_COTACAO,2,0),\"\"))))))","v":"ADAPTADOR CURTO COM BOLSA E ROSCA PARA REGISTRO, PVC, SOLDÁVEL, DN 50 MM X 1 1/2\", INSTALADO EM RESERVAÇÃO PREDIAL DE ÁGUA - FORNECIMENTO E INSTALAÇÃO. AF_04/2024"},94662,"SINAPI",{"$f":"IF(G1232=\"SINAPI\",VLOOKUP($F1232,DADOS_SINAPI,3,0),IF(G1232=\"SETOP\",VLOOKUP($F1232,DADOS_SETOP,3,0),IF(G1232=\"CPU\",VLOOKUP($F1232,DADOS_COMPOSICAO,10,0),IF(G1232=\"SICRO\",VLOOKUP($F1232,DADOS_SICRO,3,0),IF(G1232=\"SUDECAP\",VLOOKUP(F1232,DADOS_SUDECAP,3,0),IF(G1232=\"COTAÇÃO\",VLOOKUP($F1232,DADOS_COTACAO,9,0),\"\"))))))","v":"UN"},{"$f":"F1234","v":1},{"$f":"TRUNC(IF(G1232=\"SINAPI\",VLOOKUP($F1232,DADOS_SINAPI,4,0),IF(G1232=\"SETOP\",VLOOKUP($F1232,DADOS_SETOP,4,0),IF(G1232=\"CPU\",VLOOKUP($F1232,DADOS_COMPOSICAO,13,0),IF(G1232=\"SICRO\",VLOOKUP($F1232,DADOS_SICRO,4,0),IF(G1232=\"SUDECAP\",VLOOKUP(F1232,DADOS_SUDECAP,4,0),IF(G1232=\"COTAÇÃO\",VLOOKUP(F1232,DADOS_COTACAO,12,0),\"\")))))),2)","v":9.9499999999999993},"BDI 1",{"$f":"TRUNC(J1232*(1+$N$17),2)","v":12.58},{"$f":"IFERROR(TRUNC(I1232*J1232,2),\"\")","v":9.9499999999999993},12.58]
[2000]
[2000,null,null,null,"Quantidade",1,"un "]
[2000]
[{"$f":"IFERROR(LEFT(D1236,SEARCH(\".\",D1236)-1),\"\")","v":"13"},{"$f":"IFERROR(LEFT(RIGHT(D1236,LEN(D1236)-SEARCH(\".\",D1236)),SEARCH(\".\",RIGHT(D1236,LEN(D1236)-SEARCH(\".\",D1236)))-1),\"\")","v":"2"},{"$f":"IFERROR(IF(LEN(D1236)-LEN(SUBSTITUTE(D1236,\".\",\"\"))<>3,\"\",MID(D1236,SEARCH(\".\",D1236,SEARCH(\".\",D1236)+1)+1,LEN(D1236)-SEARCH(\".\",D1236,SEARCH(\".\",D1236)+1)-(LEN(D1236)-(SEARCH(\".\",D1236,SEARCH(\".\",D1236,SEARCH(\".\",D1236)+1)+1)-1)))),\"\")","v":""},"13.2.6",{"$f":"IF($G1236=\"SINAPI\",VLOOKUP($F1236,DADOS_SINAPI,2,0),IF(G1236=\"SETOP\",VLOOKUP($F1236,DADOS_SETOP,2,0),IF(G1236=\"CPU\",VLOOKUP($F1236,DADOS_COMPOSICAO,2,0),IF(G1236=\"SICRO\",VLOOKUP($F1236,DADOS_SICRO,2,0),IF(G1236=\"SUDECAP\",VLOOKUP(F1236,DADOS_SUDECAP,2,0),IF(G1236=\"COTAÇÃO\",VLOOKUP($F1236,DADOS_COTACAO,2,0),\"\"))))))","v":"BUCHA DE REDUÇÃO, LONGA, PVC, SOLDÁVEL, DN 50 X 25 MM, INSTALADO EM RAMAL DE DISTRIBUIÇÃO DE ÁGUA - FORNECIMENTO E INSTALAÇÃO. AF_06/2022"},103999,"SINAPI",{"$f":"IF(G1236=\"SINAPI\",VLOOKUP($F1236,DADOS_SINAPI,3,0),IF(G1236=\"SETOP\",VLOOKUP($F1236,DADOS_SETOP,3,0),IF(G1236=\"CPU\",VLOOKUP($F1236,DADOS_COMPOSICAO,10,0),IF(G1236=\"SICRO\",VLOOKUP($F1236,DADOS_SICRO,3,0),IF(G1236=\"SUDECAP\",VLOOKUP(F1236,DADOS_SUDECAP,3,0),IF(G1236=\"COTAÇÃO\",VLOOKUP($F1236,DADOS_COTACAO,9,0),\"\"))))))","v":"UN"},{"$f":"F1238","v":34},{"$f":"TRUNC(IF(G1236=\"SINAPI\",VLOOKUP($F1236,DADOS_SINAPI,4,0),IF(G1236=\"SETOP\",VLOOKUP($F1236,DADOS_SETOP,4,0),IF(G1236=\"CPU\",VLOOKUP($F1236,DADOS_COMPOSICAO,13,0),IF(G1236=\"SICRO\",VLOOKUP($F1236,DADOS_SICRO,4,0),IF(G1236=\"SUDECAP\",VLOOKUP(F1236,DADOS_SUDECAP,4,0),IF(G1236=\"COTAÇÃO\",VLOOKUP(F1236,DADOS_COTACAO,12,0),\"\")))))),2)","v":11.46},"BDI 1",{"$f":"TRUNC(J1236*(1+$N$17),2)","v":14.49},{"$f":"IFERROR(TRUNC(I1236*J1236,2),\"\")","v":389.64},492.66]
[2000]
[2000,null,null,null,"Quantidade",34,"un "]
[2000]
[{"$f":"IFERROR(LEFT(D1240,SEARCH(\".\",D1240)-1),\"\")","v":"13"},{"$f":"IFERROR(LEFT(RIGHT(D1240,LEN(D1240)-SEARCH(\".\",D1240)),SEARCH(\".\",RIGHT(D1240,LEN(D1240)-SEARCH(\".\",D1240)))-1),\"\")","v":"2"},{"$f":"IFERROR(IF(LEN(D1240)-LEN(SUBSTITUTE(D1240,\".\",\"\"))<>3,\"\",MID(D1240,SEARCH(\".\",D1240,SEARCH(\".\",D1240)+1)+1,LEN(D1240)-SEARCH(\".\",D1240,SEARCH(\".\",D1240)+1)-(LEN(D1240)-(SEARCH(\".\",D1240,SEARCH(\".\",D1240,SEARCH(\".\",D1240)+1)+1)-1)))),\"\")","v":""},"13.2.7",{"$f":"IF($G1240=\"SINAPI\",VLOOKUP($F1240,DADOS_SINAPI,2,0),IF(G1240=\"SETOP\",VLOOKUP($F1240,DADOS_SETOP,2,0),IF(G1240=\"CPU\",VLOOKUP($F1240,DADOS_COMPOSICAO,2,0),IF(G1240=\"SICRO\",VLOOKUP($F1240,DADOS_SICRO,2,0),IF(G1240=\"SUDECAP\",VLOOKUP(F1240,DADOS_SUDECAP,2,0),IF(G1240=\"COTAÇÃO\",VLOOKUP($F1240,DADOS_COTACAO,2,0),\"\"))))))","v":"JOELHO PVC, SOLDÁVEL, 45 GRAUS, DN 25 MM, INSTALADO EM RESERVAÇÃO PREDIAL DE ÁGUA - FORNECIMENTO E INSTALAÇÃO. AF_04/2024"},105170,"SINAPI",{"$f":"IF(G1240=\"SINAPI\",VLOOKUP($F1240,DADOS_SINAPI,3,0),IF(G1240=\"SETOP\",VLOOKUP($F1240,DADOS_SETOP,3,0),IF(G1240=\"CPU\",VLOOKUP($F1240,DADOS_COMPOSICAO,10,0),IF(G1240=\"SICRO\",VLOOKUP($F1240,DADOS_SICRO,3,0),IF(G1240=\"SUDECAP\",VLOOKUP(F1240,DADOS_SUDECAP,3,0),IF(G1240=\"COTAÇÃO\",VLOOKUP($F1240,DADOS_COTACAO,9,0),\"\"))))))","v":"UN"},{"$f":"F1242","v":80},{"$f":"TRUNC(IF(G1240=\"SINAPI\",VLOOKUP($F1240,DADOS_SINAPI,4,0),IF(G1240=\"SETOP\",VLOOKUP($F1240,DADOS_SETOP,4,0),IF(G1240=\"CPU\",VLOOKUP($F1240,DADOS_COMPOSICAO,13,0),IF(G1240=\"SICRO\",VLOOKUP($F1240,DADOS_SICRO,4,0),IF(G1240=\"SUDECAP\",VLOOKUP(F1240,DADOS_SUDECAP,4,0),IF(G1240=\"COTAÇÃO\",VLOOKUP(F1240,DADOS_COTACAO,12,0),\"\")))))),2)","v":5.0199999999999996},"BDI 1",{"$f":"TRUNC(J1240*(1+$N$17),2)","v":6.35},{"$f":"IFERROR(TRUNC(I1240*J1240,2),\"\")","v":401.6},508]
[2000]
[2000,null,null,null,"Quantidade",80,"un "]
[2000]
[{"$f":"IFERROR(LEFT(D1244,SEARCH(\".\",D1244)-1),\"\")","v":"13"},{"$f":"IFERROR(LEFT(RIGHT(D1244,LEN(D1244)-SEARCH(\".\",D1244)),SEARCH(\".\",RIGHT(D1244,LEN(D1244)-SEARCH(\".\",D1244)))-1),\"\")","v":"2"},{"$f":"IFERROR(IF(LEN(D1244)-LEN(SUBSTITUTE(D1244,\".\",\"\"))<>3,\"\",MID(D1244,SEARCH(\".\",D1244,SEARCH(\".\",D1244)+1)+1,LEN(D1244)-SEARCH(\".\",D1244,SEARCH(\".\",D1244)+1)-(LEN(D1244)-(SEARCH(\".\",D1244,SEARCH(\".\",D1244,SEARCH(\".\",D1244)+1)+1)-1)))),\"\")","v":""},"13.2.8",{"$f":"IF($G1244=\"SINAPI\",VLOOKUP($F1244,DADOS_SINAPI,2,0),IF(G1244=\"SETOP\",VLOOKUP($F1244,DADOS_SETOP,2,0),IF(G1244=\"CPU\",VLOOKUP($F1244,DADOS_COMPOSICAO,2,0),IF(G1244=\"SICRO\",VLOOKUP($F1244,DADOS_SICRO,2,0),IF(G1244=\"SUDECAP\",VLOOKUP(F1244,DADOS_SUDECAP,2,0),IF(G1244=\"COTAÇÃO\",VLOOKUP($F1244,DADOS_COTACAO,2,0),\"\"))))))","v":"JOELHO 45 GRAUS, PVC, SOLDÁVEL, DN 32MM, INSTALADO EM RAMAL OU SUB-RAMAL DE ÁGUA - FORNECIMENTO E INSTALAÇÃO. AF_06/2022"},89368,"SINAPI",{"$f":"IF(G1244=\"SINAPI\",VLOOKUP($F1244,DADOS_SINAPI,3,0),IF(G1244=\"SETOP\",VLOOKUP($F1244,DADOS_SETOP,3,0),IF(G1244=\"CPU\",VLOOKUP($F1244,DADOS_COMPOSICAO,10,0),IF(G1244=\"SICRO\",VLOOKUP($F1244,DADOS_SICRO,3,0),IF(G1244=\"SUDECAP\",VLOOKUP(F1244,DADOS_SUDECAP,3,0),IF(G1244=\"COTAÇÃO\",VLOOKUP($F1244,DADOS_COTACAO,9,0),\"\"))))))","v":"UN"},{"$f":"F1246","v":1},{"$f":"TRUNC(IF(G1244=\"SINAPI\",VLOOKUP($F1244,DADOS_SINAPI,4,0),IF(G1244=\"SETOP\",VLOOKUP($F1244,DADOS_SETOP,4,0),IF(G1244=\"CPU\",VLOOKUP($F1244,DADOS_COMPOSICAO,13,0),IF(G1244=\"SICRO\",VLOOKUP($F1244,DADOS_SICRO,4,0),IF(G1244=\"SUDECAP\",VLOOKUP(F1244,DADOS_SUDECAP,4,0),IF(G1244=\"COTAÇÃO\",VLOOKUP(F1244,DADOS_COTACAO,12,0),\"\")))))),2)","v":13.58},"BDI 1",{"$f":"TRUNC(J1244*(1+$N$17),2)","v":17.18},{"$f":"IFERROR(TRUNC(I1244*J1244,2),\"\")","v":13.58},17.18]
[2000]
[2000,null,null,null,"Quantidade",1,"un "]
[2000]
[{"$f":"IFERROR(LEFT(D1248,SEARCH(\".\",D1248)-1),\"\")","v":"13"},{"$f":"IFERROR(LEFT(RIGHT(D1248,LEN(D1248)-SEARCH(\".\",D1248)),SEARCH(\".\",RIGHT(D1248,LEN(D1248)-SEARCH(\".\",D1248)))-1),\"\")","v":"2"},{"$f":"IFERROR(IF(LEN(D1248)-LEN(SUBSTITUTE(D1248,\".\",\"\"))<>3,\"\",MID(D1248,SEARCH(\".\",D1248,SEARCH(\".\",D1248)+1)+1,LEN(D1248)-SEARCH(\".\",D1248,SEARCH(\".\",D1248)+1)-(LEN(D1248)-(SEARCH(\".\",D1248,SEARCH(\".\",D1248,SEARCH(\".\",D1248)+1)+1)-1)))),\"\")","v":""},"13.2.9",{"$f":"IF($G1248=\"SINAPI\",VLOOKUP($F1248,DADOS_SINAPI,2,0),IF(G1248=\"SETOP\",VLOOKUP($F1248,DADOS_SETOP,2,0),IF(G1248=\"CPU\",VLOOKUP($F1248,DADOS_COMPOSICAO,2,0),IF(G1248=\"SICRO\",VLOOKUP($F1248,DADOS_SICRO,2,0),IF(G1248=\"SUDECAP\",VLOOKUP(F1248,DADOS_SUDECAP,2,0),IF(G1248=\"COTAÇÃO\",VLOOKUP($F1248,DADOS_COTACAO,2,0),\"\"))))))","v":"JOELHO PVC, SOLDÁVEL, 45 GRAUS, DN 50 MM, INSTALADO EM RESERVAÇÃO PREDIAL DE ÁGUA - FORNECIMENTO E INSTALAÇÃO. AF_04/2024"},105181,"SINAPI",{"$f":"IF(G1248=\"SINAPI\",VLOOKUP($F1248,DADOS_SINAPI,3,0),IF(G1248=\"SETOP\",VLOOKUP($F1248,DADOS_SETOP,3,0),IF(G1248=\"CPU\",VLOOKUP($F1248,DADOS_COMPOSICAO,10,0),IF(G1248=\"SICRO\",VLOOKUP($F1248,DADOS_SICRO,3,0),IF(G1248=\"SUDECAP\",VLOOKUP(F1248,DADOS_SUDECAP,3,0),IF(G1248=\"COTAÇÃO\",VLOOKUP($F1248,DADOS_COTACAO,9,0),\"\"))))))","v":"UN"},{"$f":"F1250","v":10},{"$f":"TRUNC(IF(G1248=\"SINAPI\",VLOOKUP($F1248,DADOS_SINAPI,4,0),IF(G1248=\"SETOP\",VLOOKUP($F1248,DADOS_SETOP,4,0),IF(G1248=\"CPU\",VLOOKUP($F1248,DADOS_COMPOSICAO,13,0),IF(G1248=\"SICRO\",VLOOKUP($F1248,DADOS_SICRO,4,0),IF(G1248=\"SUDECAP\",VLOOKUP(F1248,DADOS_SUDECAP,4,0),IF(G1248=\"COTAÇÃO\",VLOOKUP(F1248,DADOS_COTACAO,12,0),\"\")))))),2)","v":16.170000000000002},"BDI 1",{"$f":"TRUNC(J1248*(1+$N$17),2)","v":20.45},{"$f":"IFERROR(TRUNC(I1248*J1248,2),\"\")","v":161.69999999999999},204.5]
[2000]
[2000,null,null,null,"Quantidade",10,"un "]
[2000]
[{"$f":"IFERROR(LEFT(D1252,SEARCH(\".\",D1252)-1),\"\")","v":"13"},{"$f":"IFERROR(LEFT(RIGHT(D1252,LEN(D1252)-SEARCH(\".\",D1252)),SEARCH(\".\",RIGHT(D1252,LEN(D1252)-SEARCH(\".\",D1252)))-1),\"\")","v":"2"},{"$f":"IFERROR(IF(LEN(D1252)-LEN(SUBSTITUTE(D1252,\".\",\"\"))<>3,\"\",MID(D1252,SEARCH(\".\",D1252,SEARCH(\".\",D1252)+1)+1,LEN(D1252)-SEARCH(\".\",D1252,SEARCH(\".\",D1252)+1)-(LEN(D1252)-(SEARCH(\".\",D1252,SEARCH(\".\",D1252,SEARCH(\".\",D1252)+1)+1)-1)))),\"\")","v":""},"13.2.10",{"$f":"IF($G1252=\"SINAPI\",VLOOKUP($F1252,DADOS_SINAPI,2,0),IF(G1252=\"SETOP\",VLOOKUP($F1252,DADOS_SETOP,2,0),IF(G1252=\"CPU\",VLOOKUP($F1252,DADOS_COMPOSICAO,2,0),IF(G1252=\"SICRO\",VLOOKUP($F1252,DADOS_SICRO,2,0),IF(G1252=\"SUDECAP\",VLOOKUP(F1252,DADOS_SUDECAP,2,0),IF(G1252=\"COTAÇÃO\",VLOOKUP($F1252,DADOS_COTACAO,2,0),\"\"))))))","v":"JOELHO 90 GRAUS, PVC, SOLDÁVEL, DN 25MM, INSTALADO EM RAMAL OU SUB-RAMAL DE ÁGUA - FORNECIMENTO E INSTALAÇÃO. AF_06/2022"},89362,"SINAPI",{"$f":"IF(G1252=\"SINAPI\",VLOOKUP($F1252,DADOS_SINAPI,3,0),IF(G1252=\"SETOP\",VLOOKUP($F1252,DADOS_SETOP,3,0),IF(G1252=\"CPU\",VLOOKUP($F1252,DADOS_COMPOSICAO,10,0),IF(G1252=\"SICRO\",VLOOKUP($F1252,DADOS_SICRO,3,0),IF(G1252=\"SUDECAP\",VLOOKUP(F1252,DADOS_SUDECAP,3,0),IF(G1252=\"COTAÇÃO\",VLOOKUP($F1252,DADOS_COTACAO,9,0),\"\"))))))","v":"UN"},{"$f":"F1254","v":67},{"$f":"TRUNC(IF(G1252=\"SINAPI\",VLOOKUP($F1252,DADOS_SINAPI,4,0),IF(G1252=\"SETOP\",VLOOKUP($F1252,DADOS_SETOP,4,0),IF(G1252=\"CPU\",VLOOKUP($F1252,DADOS_COMPOSICAO,13,0),IF(G1252=\"SICRO\",VLOOKUP($F1252,DADOS_SICRO,4,0),IF(G1252=\"SUDECAP\",VLOOKUP(F1252,DADOS_SUDECAP,4,0),IF(G1252=\"COTAÇÃO\",VLOOKUP(F1252,DADOS_COTACAO,12,0),\"\")))))),2)","v":8.5500000000000007},"BDI 1",{"$f":"TRUNC(J1252*(1+$N$17),2)","v":10.81},{"$f":"IFERROR(TRUNC(I1252*J1252,2),\"\")","v":572.85},724.27]
[2000]
[2000,null,null,null,"Quantidade",67,"un "]
[2000]
[{"$f":"IFERROR(LEFT(D1256,SEARCH(\".\",D1256)-1),\"\")","v":"13"},{"$f":"IFERROR(LEFT(RIGHT(D1256,LEN(D1256)-SEARCH(\".\",D1256)),SEARCH(\".\",RIGHT(D1256,LEN(D1256)-SEARCH(\".\",D1256)))-1),\"\")","v":"2"},{"$f":"IFERROR(IF(LEN(D1256)-LEN(SUBSTITUTE(D1256,\".\",\"\"))<>3,\"\",MID(D1256,SEARCH(\".\",D1256,SEARCH(\".\",D1256)+1)+1,LEN(D1256)-SEARCH(\".\",D1256,SEARCH(\".\",D1256)+1)-(LEN(D1256)-(SEARCH(\".\",D1256,SEARCH(\".\",D1256,SEARCH(\".\",D1256)+1)+1)-1)))),\"\")","v":""},"13.2.11",{"$f":"IF($G1256=\"SINAPI\",VLOOKUP($F1256,DADOS_SINAPI,2,0),IF(G1256=\"SETOP\",VLOOKUP($F1256,DADOS_SETOP,2,0),IF(G1256=\"CPU\",VLOOKUP($F1256,DADOS_COMPOSICAO,2,0),IF(G1256=\"SICRO\",VLOOKUP($F1256,DADOS_SICRO,2,0),IF(G1256=\"SUDECAP\",VLOOKUP(F1256,DADOS_SUDECAP,2,0),IF(G1256=\"COTAÇÃO\",VLOOKUP($F1256,DADOS_COTACAO,2,0),\"\"))))))","v":"JOELHO 90 GRAUS, PVC, SOLDÁVEL, DN 32 MM INSTALADO EM RESERVAÇÃO PREDIAL DE ÁGUA - FORNECIMENTO E INSTALAÇÃO. AF_04/2024"},94674,"SINAPI",{"$f":"IF(G1256=\"SINAPI\",VLOOKUP($F1256,DADOS_SINAPI,3,0),IF(G1256=\"SETOP\",VLOOKUP($F1256,DADOS_SETOP,3,0),IF(G1256=\"CPU\",VLOOKUP($F1256,DADOS_COMPOSICAO,10,0),IF(G1256=\"SICRO\",VLOOKUP($F1256,DADOS_SICRO,3,0),IF(G1256=\"SUDECAP\",VLOOKUP(F1256,DADOS_SUDECAP,3,0),IF(G1256=\"COTAÇÃO\",VLOOKUP($F1256,DADOS_COTACAO,9,0),\"\"))))))","v":"UN"},{"$f":"F1258","v":3},{"$f":"TRUNC(IF(G1256=\"SINAPI\",VLOOKUP($F1256,DADOS_SINAPI,4,0),IF(G1256=\"SETOP\",VLOOKUP($F1256,DADOS_SETOP,4,0),IF(G1256=\"CPU\",VLOOKUP($F1256,DADOS_COMPOSICAO,13,0),IF(G1256=\"SICRO\",VLOOKUP($F1256,DADOS_SICRO,4,0),IF(G1256=\"SUDECAP\",VLOOKUP(F1256,DADOS_SUDECAP,4,0),IF(G1256=\"COTAÇÃO\",VLOOKUP(F1256,DADOS_COTACAO,12,0),\"\")))))),2)","v":7.07},"BDI 1",{"$f":"TRUNC(J1256*(1+$N$17),2)","v":8.94},{"$f":"IFERROR(TRUNC(I1256*J1256,2),\"\")","v":21.21},26.82]
[2000]
[2000,null,null,null,"Quantidade",3,"un "]
[2000]
[{"$f":"IFERROR(LEFT(D1260,SEARCH(\".\",D1260)-1),\"\")","v":"13"},{"$f":"IFERROR(LEFT(RIGHT(D1260,LEN(D1260)-SEARCH(\".\",D1260)),SEARCH(\".\",RIGHT(D1260,LEN(D1260)-SEARCH(\".\",D1260)))-1),\"\")","v":"2"},{"$f":"IFERROR(IF(LEN(D1260)-LEN(SUBSTITUTE(D1260,\".\",\"\"))<>3,\"\",MID(D1260,SEARCH(\".\",D1260,SEARCH(\".\",D1260)+1)+1,LEN(D1260)-SEARCH(\".\",D1260,SEARCH(\".\",D1260)+1)-(LEN(D1260)-(SEARCH(\".\",D1260,SEARCH(\".\",D1260,SEARCH(\".\",D1260)+1)+1)-1)))),\"\")","v":""},"13.2.12",{"$f":"IF($G1260=\"SINAPI\",VLOOKUP($F1260,DADOS_SINAPI,2,0),IF(G1260=\"SETOP\",VLOOKUP($F1260,DADOS_SETOP,2,0),IF(G1260=\"CPU\",VLOOKUP($F1260,DADOS_COMPOSICAO,2,0),IF(G1260=\"SICRO\",VLOOKUP($F1260,DADOS_SICRO,2,0),IF(G1260=\"SUDECAP\",VLOOKUP(F1260,DADOS_SUDECAP,2,0),IF(G1260=\"COTAÇÃO\",VLOOKUP($F1260,DADOS_COTACAO,2,0),\"\"))))))","v":"JOELHO 90 GRAUS, PVC, SOLDÁVEL, DN 50 MM INSTALADO EM RESERVAÇÃO PREDIAL DE ÁGUA - FORNECIMENTO E INSTALAÇÃO. AF_04/2024"},94678,"SINAPI",{"$f":"IF(G1260=\"SINAPI\",VLOOKUP($F1260,DADOS_SINAPI,3,0),IF(G1260=\"SETOP\",VLOOKUP($F1260,DADOS_SETOP,3,0),IF(G1260=\"CPU\",VLOOKUP($F1260,DADOS_COMPOSICAO,10,0),IF(G1260=\"SICRO\",VLOOKUP($F1260,DADOS_SICRO,3,0),IF(G1260=\"SUDECAP\",VLOOKUP(F1260,DADOS_SUDECAP,3,0),IF(G1260=\"COTAÇÃO\",VLOOKUP($F1260,DADOS_COTACAO,9,0),\"\"))))))","v":"UN"},{"$f":"F1262","v":40},{"$f":"TRUNC(IF(G1260=\"SINAPI\",VLOOKUP($F1260,DADOS_SINAPI,4,0),IF(G1260=\"SETOP\",VLOOKUP($F1260,DADOS_SETOP,4,0),IF(G1260=\"CPU\",VLOOKUP($F1260,DADOS_COMPOSICAO,13,0),IF(G1260=\"SICRO\",VLOOKUP($F1260,DADOS_SICRO,4,0),IF(G1260=\"SUDECAP\",VLOOKUP(F1260,DADOS_SUDECAP,4,0),IF(G1260=\"COTAÇÃO\",VLOOKUP(F1260,DADOS_COTACAO,12,0),\"\")))))),2)","v":13.72},"BDI 1",{"$f":"TRUNC(J1260*(1+$N$17),2)","v":17.350000000000001},{"$f":"IFERROR(TRUNC(I1260*J1260,2),\"\")","v":548.79999999999995},694]
[2000]
[2000,null,null,null,"Quantidade",40,"un "]
[2000]
[{"$f":"IFERROR(LEFT(D1264,SEARCH(\".\",D1264)-1),\"\")","v":"13"},{"$f":"IFERROR(LEFT(RIGHT(D1264,LEN(D1264)-SEARCH(\".\",D1264)),SEARCH(\".\",RIGHT(D1264,LEN(D1264)-SEARCH(\".\",D1264)))-1),\"\")","v":"2"},{"$f":"IFERROR(IF(LEN(D1264)-LEN(SUBSTITUTE(D1264,\".\",\"\"))<>3,\"\",MID(D1264,SEARCH(\".\",D1264,SEARCH(\".\",D1264)+1)+1,LEN(D1264)-SEARCH(\".\",D1264,SEARCH(\".\",D1264)+1)-(LEN(D1264)-(SEARCH(\".\",D1264,SEARCH(\".\",D1264,SEARCH(\".\",D1264)+1)+1)-1)))),\"\")","v":""},"13.2.13",{"$f":"IF($G1264=\"SINAPI\",VLOOKUP($F1264,DADOS_SINAPI,2,0),IF(G1264=\"SETOP\",VLOOKUP($F1264,DADOS_SETOP,2,0),IF(G1264=\"CPU\",VLOOKUP($F1264,DADOS_COMPOSICAO,2,0),IF(G1264=\"SICRO\",VLOOKUP($F1264,DADOS_SICRO,2,0),IF(G1264=\"SUDECAP\",VLOOKUP(F1264,DADOS_SUDECAP,2,0),IF(G1264=\"COTAÇÃO\",VLOOKUP($F1264,DADOS_COTACAO,2,0),\"\"))))))","v":"LUVA PVC, SOLDÁVEL, DN  25 MM, INSTALADO EM RESERVAÇÃO PREDIAL DE ÁGUA - FORNECIMENTO E INSTALAÇÃO. AF_04/2024"},94657,"SINAPI",{"$f":"IF(G1264=\"SINAPI\",VLOOKUP($F1264,DADOS_SINAPI,3,0),IF(G1264=\"SETOP\",VLOOKUP($F1264,DADOS_SETOP,3,0),IF(G1264=\"CPU\",VLOOKUP($F1264,DADOS_COMPOSICAO,10,0),IF(G1264=\"SICRO\",VLOOKUP($F1264,DADOS_SICRO,3,0),IF(G1264=\"SUDECAP\",VLOOKUP(F1264,DADOS_SUDECAP,3,0),IF(G1264=\"COTAÇÃO\",VLOOKUP($F1264,DADOS_COTACAO,9,0),\"\"))))))","v":"UN"},{"$f":"F1266","v":39},{"$f":"TRUNC(IF(G1264=\"SINAPI\",VLOOKUP($F1264,DADOS_SINAPI,4,0),IF(G1264=\"SETOP\",VLOOKUP($F1264,DADOS_SETOP,4,0),IF(G1264=\"CPU\",VLOOKUP($F1264,DADOS_COMPOSICAO,13,0),IF(G1264=\"SICRO\",VLOOKUP($F1264,DADOS_SICRO,4,0),IF(G1264=\"SUDECAP\",VLOOKUP(F1264,DADOS_SUDECAP,4,0),IF(G1264=\"COTAÇÃO\",VLOOKUP(F1264,DADOS_COTACAO,12,0),\"\")))))),2)","v":3.5},"BDI 1",{"$f":"TRUNC(J1264*(1+$N$17),2)","v":4.42},{"$f":"IFERROR(TRUNC(I1264*J1264,2),\"\")","v":136.5},172.38]
[2000]
[2000,null,null,null,"Quantidade",39,"un "]
[2000]
[{"$f":"IFERROR(LEFT(D1268,SEARCH(\".\",D1268)-1),\"\")","v":"13"},{"$f":"IFERROR(LEFT(RIGHT(D1268,LEN(D1268)-SEARCH(\".\",D1268)),SEARCH(\".\",RIGHT(D1268,LEN(D1268)-SEARCH(\".\",D1268)))-1),\"\")","v":"2"},{"$f":"IFERROR(IF(LEN(D1268)-LEN(SUBSTITUTE(D1268,\".\",\"\"))<>3,\"\",MID(D1268,SEARCH(\".\",D1268,SEARCH(\".\",D1268)+1)+1,LEN(D1268)-SEARCH(\".\",D1268,SEARCH(\".\",D1268)+1)-(LEN(D1268)-(SEARCH(\".\",D1268,SEARCH(\".\",D1268,SEARCH(\".\",D1268)+1)+1)-1)))),\"\")","v":""},"13.2.14",{"$f":"IF($G1268=\"SINAPI\",VLOOKUP($F1268,DADOS_SINAPI,2,0),IF(G1268=\"SETOP\",VLOOKUP($F1268,DADOS_SETOP,2,0),IF(G1268=\"CPU\",VLOOKUP($F1268,DADOS_COMPOSICAO,2,0),IF(G1268=\"SICRO\",VLOOKUP($F1268,DADOS_SICRO,2,0),IF(G1268=\"SUDECAP\",VLOOKUP(F1268,DADOS_SUDECAP,2,0),IF(G1268=\"COTAÇÃO\",VLOOKUP($F1268,DADOS_COTACAO,2,0),\"\"))))))","v":"LUVA, PVC, SOLDÁVEL, DN 32MM, INSTALADO EM PRUMADA DE ÁGUA - FORNECIMENTO E INSTALAÇÃO. AF_06/2022"},89541,"SINAPI",{"$f":"IF(G1268=\"SINAPI\",VLOOKUP($F1268,DADOS_SINAPI,3,0),IF(G1268=\"SETOP\",VLOOKUP($F1268,DADOS_SETOP,3,0),IF(G1268=\"CPU\",VLOOKUP($F1268,DADOS_COMPOSICAO,10,0),IF(G1268=\"SICRO\",VLOOKUP($F1268,DADOS_SICRO,3,0),IF(G1268=\"SUDECAP\",VLOOKUP(F1268,DADOS_SUDECAP,3,0),IF(G1268=\"COTAÇÃO\",VLOOKUP($F1268,DADOS_COTACAO,9,0),\"\"))))))","v":"UN"},{"$f":"F1270","v":1},{"$f":"TRUNC(IF(G1268=\"SINAPI\",VLOOKUP($F1268,DADOS_SINAPI,4,0),IF(G1268=\"SETOP\",VLOOKUP($F1268,DADOS_SETOP,4,0),IF(G1268=\"CPU\",VLOOKUP($F1268,DADOS_COMPOSICAO,13,0),IF(G1268=\"SICRO\",VLOOKUP($F1268,DADOS_SICRO,4,0),IF(G1268=\"SUDECAP\",VLOOKUP(F1268,DADOS_SUDECAP,4,0),IF(G1268=\"COTAÇÃO\",VLOOKUP(F1268,DADOS_COTACAO,12,0),\"\")))))),2)","v":5.88},"BDI 1",{"$f":"TRUNC(J1268*(1+$N$17),2)","v":7.43},{"$f":"IFERROR(TRUNC(I1268*J1268,2),\"\")","v":5.88},7.43]
[2000]
[2000,null,null,null,"Quantidade",{"$f":"1","v":1},"un "]
[2000]
[{"$f":"IFERROR(LEFT(D1272,SEARCH(\".\",D1272)-1),\"\")","v":"13"},{"$f":"IFERROR(LEFT(RIGHT(D1272,LEN(D1272)-SEARCH(\".\",D1272)),SEARCH(\".\",RIGHT(D1272,LEN(D1272)-SEARCH(\".\",D1272)))-1),\"\")","v":"2"},{"$f":"IFERROR(IF(LEN(D1272)-LEN(SUBSTITUTE(D1272,\".\",\"\"))<>3,\"\",MID(D1272,SEARCH(\".\",D1272,SEARCH(\".\",D1272)+1)+1,LEN(D1272)-SEARCH(\".\",D1272,SEARCH(\".\",D1272)+1)-(LEN(D1272)-(SEARCH(\".\",D1272,SEARCH(\".\",D1272,SEARCH(\".\",D1272)+1)+1)-1)))),\"\")","v":""},"13.2.15",{"$f":"IF($G1272=\"SINAPI\",VLOOKUP($F1272,DADOS_SINAPI,2,0),IF(G1272=\"SETOP\",VLOOKUP($F1272,DADOS_SETOP,2,0),IF(G1272=\"CPU\",VLOOKUP($F1272,DADOS_COMPOSICAO,2,0),IF(G1272=\"SICRO\",VLOOKUP($F1272,DADOS_SICRO,2,0),IF(G1272=\"SUDECAP\",VLOOKUP(F1272,DADOS_SUDECAP,2,0),IF(G1272=\"COTAÇÃO\",VLOOKUP($F1272,DADOS_COTACAO,2,0),\"\"))))))","v":"LUVA, PVC, SOLDÁVEL, DN 50MM, INSTALADO EM PRUMADA DE ÁGUA - FORNECIMENTO E INSTALAÇÃO. AF_06/2022"},89575,"SINAPI",{"$f":"IF(G1272=\"SINAPI\",VLOOKUP($F1272,DADOS_SINAPI,3,0),IF(G1272=\"SETOP\",VLOOKUP($F1272,DADOS_SETOP,3,0),IF(G1272=\"CPU\",VLOOKUP($F1272,DADOS_COMPOSICAO,10,0),IF(G1272=\"SICRO\",VLOOKUP($F1272,DADOS_SICRO,3,0),IF(G1272=\"SUDECAP\",VLOOKUP(F1272,DADOS_SUDECAP,3,0),IF(G1272=\"COTAÇÃO\",VLOOKUP($F1272,DADOS_COTACAO,9,0),\"\"))))))","v":"UN"},{"$f":"F1274","v":1},{"$f":"TRUNC(IF(G1272=\"SINAPI\",VLOOKUP($F1272,DADOS_SINAPI,4,0),IF(G1272=\"SETOP\",VLOOKUP($F1272,DADOS_SETOP,4,0),IF(G1272=\"CPU\",VLOOKUP($F1272,DADOS_COMPOSICAO,13,0),IF(G1272=\"SICRO\",VLOOKUP($F1272,DADOS_SICRO,4,0),IF(G1272=\"SUDECAP\",VLOOKUP(F1272,DADOS_SUDECAP,4,0),IF(G1272=\"COTAÇÃO\",VLOOKUP(F1272,DADOS_COTACAO,12,0),\"\")))))),2)","v":10.64},"BDI 1",{"$f":"TRUNC(J1272*(1+$N$17),2)","v":13.46},{"$f":"IFERROR(TRUNC(I1272*J1272,2),\"\")","v":10.64},13.46]
[2000]
[2000,null,null,null,"Quantidade",{"$f":"1","v":1},"un "]
[2000]
[{"$f":"IFERROR(LEFT(D1276,SEARCH(\".\",D1276)-1),\"\")","v":"13"},{"$f":"IFERROR(LEFT(RIGHT(D1276,LEN(D1276)-SEARCH(\".\",D1276)),SEARCH(\".\",RIGHT(D1276,LEN(D1276)-SEARCH(\".\",D1276)))-1),\"\")","v":"2"},{"$f":"IFERROR(IF(LEN(D1276)-LEN(SUBSTITUTE(D1276,\".\",\"\"))<>3,\"\",MID(D1276,SEARCH(\".\",D1276,SEARCH(\".\",D1276)+1)+1,LEN(D1276)-SEARCH(\".\",D1276,SEARCH(\".\",D1276)+1)-(LEN(D1276)-(SEARCH(\".\",D1276,SEARCH(\".\",D1276,SEARCH(\".\",D1276)+1)+1)-1)))),\"\")","v":""},"13.2.16",{"$f":"IF($G1276=\"SINAPI\",VLOOKUP($F1276,DADOS_SINAPI,2,0),IF(G1276=\"SETOP\",VLOOKUP($F1276,DADOS_SETOP,2,0),IF(G1276=\"CPU\",VLOOKUP($F1276,DADOS_COMPOSICAO,2,0),IF(G1276=\"SICRO\",VLOOKUP($F1276,DADOS_SICRO,2,0),IF(G1276=\"SUDECAP\",VLOOKUP(F1276,DADOS_SUDECAP,2,0),IF(G1276=\"COTAÇÃO\",VLOOKUP($F1276,DADOS_COTACAO,2,0),\"\"))))))","v":"REGISTRO DE PRESSÃO BRUTO, LATÃO, ROSCÁVEL, 3/4\", COM ACABAMENTO E CANOPLA CROMADOS - FORNECIMENTO E INSTALAÇÃO. AF_08/2021"},89985,"SINAPI",{"$f":"IF(G1276=\"SINAPI\",VLOOKUP($F1276,DADOS_SINAPI,3,0),IF(G1276=\"SETOP\",VLOOKUP($F1276,DADOS_SETOP,3,0),IF(G1276=\"CPU\",VLOOKUP($F1276,DADOS_COMPOSICAO,10,0),IF(G1276=\"SICRO\",VLOOKUP($F1276,DADOS_SICRO,3,0),IF(G1276=\"SUDECAP\",VLOOKUP(F1276,DADOS_SUDECAP,3,0),IF(G1276=\"COTAÇÃO\",VLOOKUP($F1276,DADOS_COTACAO,9,0),\"\"))))))","v":"UN"},{"$f":"F1278","v":3},{"$f":"TRUNC(IF(G1276=\"SINAPI\",VLOOKUP($F1276,DADOS_SINAPI,4,0),IF(G1276=\"SETOP\",VLOOKUP($F1276,DADOS_SETOP,4,0),IF(G1276=\"CPU\",VLOOKUP($F1276,DADOS_COMPOSICAO,13,0),IF(G1276=\"SICRO\",VLOOKUP($F1276,DADOS_SICRO,4,0),IF(G1276=\"SUDECAP\",VLOOKUP(F1276,DADOS_SUDECAP,4,0),IF(G1276=\"COTAÇÃO\",VLOOKUP(F1276,DADOS_COTACAO,12,0),\"\")))))),2)","v":122.79},"BDI 1",{"$f":"TRUNC(J1276*(1+$N$17),2)","v":155.35},{"$f":"IFERROR(TRUNC(I1276*J1276,2),\"\")","v":368.37},466.04999999999995]
[2000]
[2000,null,null,null,"Quantidade",3,"un "]
[2000]
[{"$f":"IFERROR(LEFT(D1280,SEARCH(\".\",D1280)-1),\"\")","v":"13"},{"$f":"IFERROR(LEFT(RIGHT(D1280,LEN(D1280)-SEARCH(\".\",D1280)),SEARCH(\".\",RIGHT(D1280,LEN(D1280)-SEARCH(\".\",D1280)))-1),\"\")","v":"2"},{"$f":"IFERROR(IF(LEN(D1280)-LEN(SUBSTITUTE(D1280,\".\",\"\"))<>3,\"\",MID(D1280,SEARCH(\".\",D1280,SEARCH(\".\",D1280)+1)+1,LEN(D1280)-SEARCH(\".\",D1280,SEARCH(\".\",D1280)+1)-(LEN(D1280)-(SEARCH(\".\",D1280,SEARCH(\".\",D1280,SEARCH(\".\",D1280)+1)+1)-1)))),\"\")","v":""},"13.2.17",{"$f":"IF($G1280=\"SINAPI\",VLOOKUP($F1280,DADOS_SINAPI,2,0),IF(G1280=\"SETOP\",VLOOKUP($F1280,DADOS_SETOP,2,0),IF(G1280=\"CPU\",VLOOKUP($F1280,DADOS_COMPOSICAO,2,0),IF(G1280=\"SICRO\",VLOOKUP($F1280,DADOS_SICRO,2,0),IF(G1280=\"SUDECAP\",VLOOKUP(F1280,DADOS_SUDECAP,2,0),IF(G1280=\"COTAÇÃO\",VLOOKUP($F1280,DADOS_COTACAO,2,0),\"\"))))))","v":"TORNEIRA DE BOIA PARA CAIXA D'ÁGUA, ROSCÁVEL, 3/4\" - FORNECIMENTO E INSTALAÇÃO. AF_08/2021"},94796,"SINAPI",{"$f":"IF(G1280=\"SINAPI\",VLOOKUP($F1280,DADOS_SINAPI,3,0),IF(G1280=\"SETOP\",VLOOKUP($F1280,DADOS_SETOP,3,0),IF(G1280=\"CPU\",VLOOKUP($F1280,DADOS_COMPOSICAO,10,0),IF(G1280=\"SICRO\",VLOOKUP($F1280,DADOS_SICRO,3,0),IF(G1280=\"SUDECAP\",VLOOKUP(F1280,DADOS_SUDECAP,3,0),IF(G1280=\"COTAÇÃO\",VLOOKUP($F1280,DADOS_COTACAO,9,0),\"\"))))))","v":"UN"},{"$f":"F1282","v":1},{"$f":"TRUNC(IF(G1280=\"SINAPI\",VLOOKUP($F1280,DADOS_SINAPI,4,0),IF(G1280=\"SETOP\",VLOOKUP($F1280,DADOS_SETOP,4,0),IF(G1280=\"CPU\",VLOOKUP($F1280,DADOS_COMPOSICAO,13,0),IF(G1280=\"SICRO\",VLOOKUP($F1280,DADOS_SICRO,4,0),IF(G1280=\"SUDECAP\",VLOOKUP(F1280,DADOS_SUDECAP,4,0),IF(G1280=\"COTAÇÃO\",VLOOKUP(F1280,DADOS_COTACAO,12,0),\"\")))))),2)","v":36.99},"BDI 1",{"$f":"TRUNC(J1280*(1+$N$17),2)","v":46.79},{"$f":"IFERROR(TRUNC(I1280*J1280,2),\"\")","v":36.99},46.79]
[2000]
[2000,null,null,null,"Quantidade",{"$f":"1","v":1},"un "]
[2000]
[{"$f":"IFERROR(LEFT(D1284,SEARCH(\".\",D1284)-1),\"\")","v":"13"},{"$f":"IFERROR(LEFT(RIGHT(D1284,LEN(D1284)-SEARCH(\".\",D1284)),SEARCH(\".\",RIGHT(D1284,LEN(D1284)-SEARCH(\".\",D1284)))-1),\"\")","v":"2"},{"$f":"IFERROR(IF(LEN(D1284)-LEN(SUBSTITUTE(D1284,\".\",\"\"))<>3,\"\",MID(D1284,SEARCH(\".\",D1284,SEARCH(\".\",D1284)+1)+1,LEN(D1284)-SEARCH(\".\",D1284,SEARCH(\".\",D1284)+1)-(LEN(D1284)-(SEARCH(\".\",D1284,SEARCH(\".\",D1284,SEARCH(\".\",D1284)+1)+1)-1)))),\"\")","v":""},"13.2.18",{"$f":"IF($G1284=\"SINAPI\",VLOOKUP($F1284,DADOS_SINAPI,2,0),IF(G1284=\"SETOP\",VLOOKUP($F1284,DADOS_SETOP,2,0),IF(G1284=\"CPU\",VLOOKUP($F1284,DADOS_COMPOSICAO,2,0),IF(G1284=\"SICRO\",VLOOKUP($F1284,DADOS_SICRO,2,0),IF(G1284=\"SUDECAP\",VLOOKUP(F1284,DADOS_SUDECAP,2,0),IF(G1284=\"COTAÇÃO\",VLOOKUP($F1284,DADOS_COTACAO,2,0),\"\"))))))","v":"TUBO, PVC, SOLDÁVEL, DE 25MM, INSTALADO EM RAMAL OU SUB-RAMAL DE ÁGUA - FORNECIMENTO E INSTALAÇÃO. AF_06/2022"},89356,"SINAPI",{"$f":"IF(G1284=\"SINAPI\",VLOOKUP($F1284,DADOS_SINAPI,3,0),IF(G1284=\"SETOP\",VLOOKUP($F1284,DADOS_SETOP,3,0),IF(G1284=\"CPU\",VLOOKUP($F1284,DADOS_COMPOSICAO,10,0),IF(G1284=\"SICRO\",VLOOKUP($F1284,DADOS_SICRO,3,0),IF(G1284=\"SUDECAP\",VLOOKUP(F1284,DADOS_SUDECAP,3,0),IF(G1284=\"COTAÇÃO\",VLOOKUP($F1284,DADOS_COTACAO,9,0),\"\"))))))","v":"M"},{"$f":"F1286","v":191.41},{"$f":"TRUNC(IF(G1284=\"SINAPI\",VLOOKUP($F1284,DADOS_SINAPI,4,0),IF(G1284=\"SETOP\",VLOOKUP($F1284,DADOS_SETOP,4,0),IF(G1284=\"CPU\",VLOOKUP($F1284,DADOS_COMPOSICAO,13,0),IF(G1284=\"SICRO\",VLOOKUP($F1284,DADOS_SICRO,4,0),IF(G1284=\"SUDECAP\",VLOOKUP(F1284,DADOS_SUDECAP,4,0),IF(G1284=\"COTAÇÃO\",VLOOKUP(F1284,DADOS_COTACAO,12,0),\"\")))))),2)","v":21.46},"BDI 1",{"$f":"TRUNC(J1284*(1+$N$17),2)","v":27.15},{"$f":"IFERROR(TRUNC(I1284*J1284,2),\"\")","v":4107.6499999999996},5196.78]
[2000]
[2000,null,null,null,"Comprimento",191.41,"m"]
[2000]
[{"$f":"IFERROR(LEFT(D1288,SEARCH(\".\",D1288)-1),\"\")","v":"13"},{"$f":"IFERROR(LEFT(RIGHT(D1288,LEN(D1288)-SEARCH(\".\",D1288)),SEARCH(\".\",RIGHT(D1288,LEN(D1288)-SEARCH(\".\",D1288)))-1),\"\")","v":"2"},{"$f":"IFERROR(IF(LEN(D1288)-LEN(SUBSTITUTE(D1288,\".\",\"\"))<>3,\"\",MID(D1288,SEARCH(\".\",D1288,SEARCH(\".\",D1288)+1)+1,LEN(D1288)-SEARCH(\".\",D1288,SEARCH(\".\",D1288)+1)-(LEN(D1288)-(SEARCH(\".\",D1288,SEARCH(\".\",D1288,SEARCH(\".\",D1288)+1)+1)-1)))),\"\")","v":""},"13.2.19",{"$f":"IF($G1288=\"SINAPI\",VLOOKUP($F1288,DADOS_SINAPI,2,0),IF(G1288=\"SETOP\",VLOOKUP($F1288,DADOS_SETOP,2,0),IF(G1288=\"CPU\",VLOOKUP($F1288,DADOS_COMPOSICAO,2,0),IF(G1288=\"SICRO\",VLOOKUP($F1288,DADOS_SICRO,2,0),IF(G1288=\"SUDECAP\",VLOOKUP(F1288,DADOS_SUDECAP,2,0),IF(G1288=\"COTAÇÃO\",VLOOKUP($F1288,DADOS_COTACAO,2,0),\"\"))))))","v":"TUBO, PVC, SOLDÁVEL, DE 32MM, INSTALADO EM RESERVAÇÃO PREDIAL DE ÁGUA - FORNECIMENTO E INSTALAÇÃO. AF_04/2024"},94649,"SINAPI",{"$f":"IF(G1288=\"SINAPI\",VLOOKUP($F1288,DADOS_SINAPI,3,0),IF(G1288=\"SETOP\",VLOOKUP($F1288,DADOS_SETOP,3,0),IF(G1288=\"CPU\",VLOOKUP($F1288,DADOS_COMPOSICAO,10,0),IF(G1288=\"SICRO\",VLOOKUP($F1288,DADOS_SICRO,3,0),IF(G1288=\"SUDECAP\",VLOOKUP(F1288,DADOS_SUDECAP,3,0),IF(G1288=\"COTAÇÃO\",VLOOKUP($F1288,DADOS_COTACAO,9,0),\"\"))))))","v":"M"},{"$f":"F1290","v":6.77},{"$f":"TRUNC(IF(G1288=\"SINAPI\",VLOOKUP($F1288,DADOS_SINAPI,4,0),IF(G1288=\"SETOP\",VLOOKUP($F1288,DADOS_SETOP,4,0),IF(G1288=\"CPU\",VLOOKUP($F1288,DADOS_COMPOSICAO,13,0),IF(G1288=\"SICRO\",VLOOKUP($F1288,DADOS_SICRO,4,0),IF(G1288=\"SUDECAP\",VLOOKUP(F1288,DADOS_SUDECAP,4,0),IF(G1288=\"COTAÇÃO\",VLOOKUP(F1288,DADOS_COTACAO,12,0),\"\")))))),2)","v":11.93},"BDI 1",{"$f":"TRUNC(J1288*(1+$N$17),2)","v":15.09},{"$f":"IFERROR(TRUNC(I1288*J1288,2),\"\")","v":80.760000000000005},102.16]
[2000]
[2000,null,null,null,"Comprimento",6.77,"m"]
[2000]
[{"$f":"IFERROR(LEFT(D1292,SEARCH(\".\",D1292)-1),\"\")","v":"13"},{"$f":"IFERROR(LEFT(RIGHT(D1292,LEN(D1292)-SEARCH(\".\",D1292)),SEARCH(\".\",RIGHT(D1292,LEN(D1292)-SEARCH(\".\",D1292)))-1),\"\")","v":"2"},{"$f":"IFERROR(IF(LEN(D1292)-LEN(SUBSTITUTE(D1292,\".\",\"\"))<>3,\"\",MID(D1292,SEARCH(\".\",D1292,SEARCH(\".\",D1292)+1)+1,LEN(D1292)-SEARCH(\".\",D1292,SEARCH(\".\",D1292)+1)-(LEN(D1292)-(SEARCH(\".\",D1292,SEARCH(\".\",D1292,SEARCH(\".\",D1292)+1)+1)-1)))),\"\")","v":""},"13.2.20",{"$f":"IF($G1292=\"SINAPI\",VLOOKUP($F1292,DADOS_SINAPI,2,0),IF(G1292=\"SETOP\",VLOOKUP($F1292,DADOS_SETOP,2,0),IF(G1292=\"CPU\",VLOOKUP($F1292,DADOS_COMPOSICAO,2,0),IF(G1292=\"SICRO\",VLOOKUP($F1292,DADOS_SICRO,2,0),IF(G1292=\"SUDECAP\",VLOOKUP(F1292,DADOS_SUDECAP,2,0),IF(G1292=\"COTAÇÃO\",VLOOKUP($F1292,DADOS_COTACAO,2,0),\"\"))))))","v":"TUBO, PVC, SOLDÁVEL, DE 50MM, INSTALADO EM RESERVAÇÃO PREDIAL DE ÁGUA - FORNECIMENTO E INSTALAÇÃO. AF_04/2024"},94651,"SINAPI",{"$f":"IF(G1292=\"SINAPI\",VLOOKUP($F1292,DADOS_SINAPI,3,0),IF(G1292=\"SETOP\",VLOOKUP($F1292,DADOS_SETOP,3,0),IF(G1292=\"CPU\",VLOOKUP($F1292,DADOS_COMPOSICAO,10,0),IF(G1292=\"SICRO\",VLOOKUP($F1292,DADOS_SICRO,3,0),IF(G1292=\"SUDECAP\",VLOOKUP(F1292,DADOS_SUDECAP,3,0),IF(G1292=\"COTAÇÃO\",VLOOKUP($F1292,DADOS_COTACAO,9,0),\"\"))))))","v":"M"},{"$f":"F1294","v":124.35},{"$f":"TRUNC(IF(G1292=\"SINAPI\",VLOOKUP($F1292,DADOS_SINAPI,4,0),IF(G1292=\"SETOP\",VLOOKUP($F1292,DADOS_SETOP,4,0),IF(G1292=\"CPU\",VLOOKUP($F1292,DADOS_COMPOSICAO,13,0),IF(G1292=\"SICRO\",VLOOKUP($F1292,DADOS_SICRO,4,0),IF(G1292=\"SUDECAP\",VLOOKUP(F1292,DADOS_SUDECAP,4,0),IF(G1292=\"COTAÇÃO\",VLOOKUP(F1292,DADOS_COTACAO,12,0),\"\")))))),2)","v":20.95},"BDI 1",{"$f":"TRUNC(J1292*(1+$N$17),2)","v":26.5},{"$f":"IFERROR(TRUNC(I1292*J1292,2),\"\")","v":2605.13},3295.27]
[2000]
[2000,null,null,null,"Comprimento",124.35,"m"]
[]
[{"$f":"IFERROR(LEFT(D1296,SEARCH(\".\",D1296)-1),\"\")","v":"13"},{"$f":"IFERROR(LEFT(RIGHT(D1296,LEN(D1296)-SEARCH(\".\",D1296)),SEARCH(\".\",RIGHT(D1296,LEN(D1296)-SEARCH(\".\",D1296)))-1),\"\")","v":"2"},{"$f":"IFERROR(IF(LEN(D1296)-LEN(SUBSTITUTE(D1296,\".\",\"\"))<>3,\"\",MID(D1296,SEARCH(\".\",D1296,SEARCH(\".\",D1296)+1)+1,LEN(D1296)-SEARCH(\".\",D1296,SEARCH(\".\",D1296)+1)-(LEN(D1296)-(SEARCH(\".\",D1296,SEARCH(\".\",D1296,SEARCH(\".\",D1296)+1)+1)-1)))),\"\")","v":""},"13.2.21",{"$f":"IF($G1296=\"SINAPI\",VLOOKUP($F1296,DADOS_SINAPI,2,0),IF(G1296=\"SETOP\",VLOOKUP($F1296,DADOS_SETOP,2,0),IF(G1296=\"CPU\",VLOOKUP($F1296,DADOS_COMPOSICAO,2,0),IF(G1296=\"SICRO\",VLOOKUP($F1296,DADOS_SICRO,2,0),IF(G1296=\"SUDECAP\",VLOOKUP(F1296,DADOS_SUDECAP,2,0),IF(G1296=\"COTAÇÃO\",VLOOKUP($F1296,DADOS_COTACAO,2,0),\"\"))))))","v":"TÊ, PVC, SOLDÁVEL, DN  25 MM INSTALADO EM RESERVAÇÃO PREDIAL DE ÁGUA - FORNECIMENTO E INSTALAÇÃO. AF_04/2024"},94688,"SINAPI",{"$f":"IF(G1296=\"SINAPI\",VLOOKUP($F1296,DADOS_SINAPI,3,0),IF(G1296=\"SETOP\",VLOOKUP($F1296,DADOS_SETOP,3,0),IF(G1296=\"CPU\",VLOOKUP($F1296,DADOS_COMPOSICAO,10,0),IF(G1296=\"SICRO\",VLOOKUP($F1296,DADOS_SICRO,3,0),IF(G1296=\"SUDECAP\",VLOOKUP(F1296,DADOS_SUDECAP,3,0),IF(G1296=\"COTAÇÃO\",VLOOKUP($F1296,DADOS_COTACAO,9,0),\"\"))))))","v":"UN"},{"$f":"F1298","v":20},{"$f":"TRUNC(IF(G1296=\"SINAPI\",VLOOKUP($F1296,DADOS_SINAPI,4,0),IF(G1296=\"SETOP\",VLOOKUP($F1296,DADOS_SETOP,4,0),IF(G1296=\"CPU\",VLOOKUP($F1296,DADOS_COMPOSICAO,13,0),IF(G1296=\"SICRO\",VLOOKUP($F1296,DADOS_SICRO,4,0),IF(G1296=\"SUDECAP\",VLOOKUP(F1296,DADOS_SUDECAP,4,0),IF(G1296=\"COTAÇÃO\",VLOOKUP(F1296,DADOS_COTACAO,12,0),\"\")))))),2)","v":6.09},"BDI 1",{"$f":"TRUNC(J1296*(1+$N$17),2)","v":7.7},{"$f":"IFERROR(TRUNC(I1296*J1296,2),\"\")","v":121.8},{"$f":"L1296*I1296","v":154}]
[2000]
[2000,null,null,null,"Quantidade",20,"un "]
[2000]
[{"$f":"IFERROR(LEFT(D1300,SEARCH(\".\",D1300)-1),\"\")","v":"13"},{"$f":"IFERROR(LEFT(RIGHT(D1300,LEN(D1300)-SEARCH(\".\",D1300)),SEARCH(\".\",RIGHT(D1300,LEN(D1300)-SEARCH(\".\",D1300)))-1),\"\")","v":"2"},{"$f":"IFERROR(IF(LEN(D1300)-LEN(SUBSTITUTE(D1300,\".\",\"\"))<>3,\"\",MID(D1300,SEARCH(\".\",D1300,SEARCH(\".\",D1300)+1)+1,LEN(D1300)-SEARCH(\".\",D1300,SEARCH(\".\",D1300)+1)-(LEN(D1300)-(SEARCH(\".\",D1300,SEARCH(\".\",D1300,SEARCH(\".\",D1300)+1)+1)-1)))),\"\")","v":""},"13.2.22",{"$f":"IF($G1300=\"SINAPI\",VLOOKUP($F1300,DADOS_SINAPI,2,0),IF(G1300=\"SETOP\",VLOOKUP($F1300,DADOS_SETOP,2,0),IF(G1300=\"CPU\",VLOOKUP($F1300,DADOS_COMPOSICAO,2,0),IF(G1300=\"SICRO\",VLOOKUP($F1300,DADOS_SICRO,2,0),IF(G1300=\"SUDECAP\",VLOOKUP(F1300,DADOS_SUDECAP,2,0),IF(G1300=\"COTAÇÃO\",VLOOKUP($F1300,DADOS_COTACAO,2,0),\"\"))))))","v":"TÊ, PVC, SOLDÁVEL, DN 32 MM INSTALADO EM RESERVAÇÃO PREDIAL DE ÁGUA - FORNECIMENTO E INSTALAÇÃO. AF_04/2024"},94690,"SINAPI",{"$f":"IF(G1300=\"SINAPI\",VLOOKUP($F1300,DADOS_SINAPI,3,0),IF(G1300=\"SETOP\",VLOOKUP($F1300,DADOS_SETOP,3,0),IF(G1300=\"CPU\",VLOOKUP($F1300,DADOS_COMPOSICAO,10,0),IF(G1300=\"SICRO\",VLOOKUP($F1300,DADOS_SICRO,3,0),IF(G1300=\"SUDECAP\",VLOOKUP(F1300,DADOS_SUDECAP,3,0),IF(G1300=\"COTAÇÃO\",VLOOKUP($F1300,DADOS_COTACAO,9,0),\"\"))))))","v":"UN"},{"$f":"F1302","v":1},{"$f":"TRUNC(IF(G1300=\"SINAPI\",VLOOKUP($F1300,DADOS_SINAPI,4,0),IF(G1300=\"SETOP\",VLOOKUP($F1300,DADOS_SETOP,4,0),IF(G1300=\"CPU\",VLOOKUP($F1300,DADOS_COMPOSICAO,13,0),IF(G1300=\"SICRO\",VLOOKUP($F1300,DADOS_SICRO,4,0),IF(G1300=\"SUDECAP\",VLOOKUP(F1300,DADOS_SUDECAP,4,0),IF(G1300=\"COTAÇÃO\",VLOOKUP(F1300,DADOS_COTACAO,12,0),\"\")))))),2)","v":10.210000000000001},"BDI 1",{"$f":"TRUNC(J1300*(1+$N$17),2)","v":12.91},{"$f":"IFERROR(TRUNC(I1300*J1300,2),\"\")","v":10.210000000000001},12.91]
[2000]
[2000,null,null,null,"Quantidade",{"$f":"1","v":1},"un "]
[2000]
[{"$f":"IFERROR(LEFT(D1304,SEARCH(\".\",D1304)-1),\"\")","v":"13"},{"$f":"IFERROR(LEFT(RIGHT(D1304,LEN(D1304)-SEARCH(\".\",D1304)),SEARCH(\".\",RIGHT(D1304,LEN(D1304)-SEARCH(\".\",D1304)))-1),\"\")","v":"2"},{"$f":"IFERROR(IF(LEN(D1304)-LEN(SUBSTITUTE(D1304,\".\",\"\"))<>3,\"\",MID(D1304,SEARCH(\".\",D1304,SEARCH(\".\",D1304)+1)+1,LEN(D1304)-SEARCH(\".\",D1304,SEARCH(\".\",D1304)+1)-(LEN(D1304)-(SEARCH(\".\",D1304,SEARCH(\".\",D1304,SEARCH(\".\",D1304)+1)+1)-1)))),\"\")","v":""},"13.2.23",{"$f":"IF($G1304=\"SINAPI\",VLOOKUP($F1304,DADOS_SINAPI,2,0),IF(G1304=\"SETOP\",VLOOKUP($F1304,DADOS_SETOP,2,0),IF(G1304=\"CPU\",VLOOKUP($F1304,DADOS_COMPOSICAO,2,0),IF(G1304=\"SICRO\",VLOOKUP($F1304,DADOS_SICRO,2,0),IF(G1304=\"SUDECAP\",VLOOKUP(F1304,DADOS_SUDECAP,2,0),IF(G1304=\"COTAÇÃO\",VLOOKUP($F1304,DADOS_COTACAO,2,0),\"\"))))))","v":"TÊ, PVC, SOLDÁVEL, DN 50 MM INSTALADO EM RESERVAÇÃO PREDIAL DE ÁGUA - FORNECIMENTO E INSTALAÇÃO. AF_04/2024"},94694,"SINAPI",{"$f":"IF(G1304=\"SINAPI\",VLOOKUP($F1304,DADOS_SINAPI,3,0),IF(G1304=\"SETOP\",VLOOKUP($F1304,DADOS_SETOP,3,0),IF(G1304=\"CPU\",VLOOKUP($F1304,DADOS_COMPOSICAO,10,0),IF(G1304=\"SICRO\",VLOOKUP($F1304,DADOS_SICRO,3,0),IF(G1304=\"SUDECAP\",VLOOKUP(F1304,DADOS_SUDECAP,3,0),IF(G1304=\"COTAÇÃO\",VLOOKUP($F1304,DADOS_COTACAO,9,0),\"\"))))))","v":"UN"},{"$f":"F1306","v":35},{"$f":"TRUNC(IF(G1304=\"SINAPI\",VLOOKUP($F1304,DADOS_SINAPI,4,0),IF(G1304=\"SETOP\",VLOOKUP($F1304,DADOS_SETOP,4,0),IF(G1304=\"CPU\",VLOOKUP($F1304,DADOS_COMPOSICAO,13,0),IF(G1304=\"SICRO\",VLOOKUP($F1304,DADOS_SICRO,4,0),IF(G1304=\"SUDECAP\",VLOOKUP(F1304,DADOS_SUDECAP,4,0),IF(G1304=\"COTAÇÃO\",VLOOKUP(F1304,DADOS_COTACAO,12,0),\"\")))))),2)","v":21.66},"BDI 1",{"$f":"TRUNC(J1304*(1+$N$17),2)","v":27.4},{"$f":"IFERROR(TRUNC(I1304*J1304,2),\"\")","v":758.1},959]
[2000]
[2000,null,null,null,"Quantidade",35,"un "]
[2000]
[{"$f":"IFERROR(LEFT(D1308,SEARCH(\".\",D1308)-1),\"\")","v":"13"},{"$f":"IFERROR(LEFT(RIGHT(D1308,LEN(D1308)-SEARCH(\".\",D1308)),SEARCH(\".\",RIGHT(D1308,LEN(D1308)-SEARCH(\".\",D1308)))-1),\"\")","v":"2"},{"$f":"IFERROR(IF(LEN(D1308)-LEN(SUBSTITUTE(D1308,\".\",\"\"))<>3,\"\",MID(D1308,SEARCH(\".\",D1308,SEARCH(\".\",D1308)+1)+1,LEN(D1308)-SEARCH(\".\",D1308,SEARCH(\".\",D1308)+1)-(LEN(D1308)-(SEARCH(\".\",D1308,SEARCH(\".\",D1308,SEARCH(\".\",D1308)+1)+1)-1)))),\"\")","v":""},"13.2.24",{"$f":"IF($G1308=\"SINAPI\",VLOOKUP($F1308,DADOS_SINAPI,2,0),IF(G1308=\"SETOP\",VLOOKUP($F1308,DADOS_SETOP,2,0),IF(G1308=\"CPU\",VLOOKUP($F1308,DADOS_COMPOSICAO,2,0),IF(G1308=\"SICRO\",VLOOKUP($F1308,DADOS_SICRO,2,0),IF(G1308=\"SUDECAP\",VLOOKUP(F1308,DADOS_SUDECAP,2,0),IF(G1308=\"COTAÇÃO\",VLOOKUP($F1308,DADOS_COTACAO,2,0),\"\"))))))","v":"TE DE REDUÇÃO, PVC, SOLDÁVEL, 90 GRAUS, DN 50 MM X 25 MM, INSTALADO EM RESERVAÇÃO PREDIAL DE ÁGUA - FORNECIMENTO E INSTALAÇÃO. AF_04/2024"},105189,"SINAPI",{"$f":"IF(G1308=\"SINAPI\",VLOOKUP($F1308,DADOS_SINAPI,3,0),IF(G1308=\"SETOP\",VLOOKUP($F1308,DADOS_SETOP,3,0),IF(G1308=\"CPU\",VLOOKUP($F1308,DADOS_COMPOSICAO,10,0),IF(G1308=\"SICRO\",VLOOKUP($F1308,DADOS_SICRO,3,0),IF(G1308=\"SUDECAP\",VLOOKUP(F1308,DADOS_SUDECAP,3,0),IF(G1308=\"COTAÇÃO\",VLOOKUP($F1308,DADOS_COTACAO,9,0),\"\"))))))","v":"UN"},{"$f":"F1310","v":4},{"$f":"TRUNC(IF(G1308=\"SINAPI\",VLOOKUP($F1308,DADOS_SINAPI,4,0),IF(G1308=\"SETOP\",VLOOKUP($F1308,DADOS_SETOP,4,0),IF(G1308=\"CPU\",VLOOKUP($F1308,DADOS_COMPOSICAO,13,0),IF(G1308=\"SICRO\",VLOOKUP($F1308,DADOS_SICRO,4,0),IF(G1308=\"SUDECAP\",VLOOKUP(F1308,DADOS_SUDECAP,4,0),IF(G1308=\"COTAÇÃO\",VLOOKUP(F1308,DADOS_COTACAO,12,0),\"\")))))),2)","v":19.77},"BDI 1",{"$f":"TRUNC(J1308*(1+$N$17),2)","v":25.01},{"$f":"IFERROR(TRUNC(I1308*J1308,2),\"\")","v":79.08},100.04]
[2000]
[2000,null,null,null,"Quantidade",4,"un "]
[2000]
[null,null,null,"13.3","PVC MISTO SOLDÁVEL",null,null,null,null,null,null,null,{"$f":"IFERROR(SUMIFS(M:M,A:A,LEFT(D1312,SEARCH(\".\",D1312)-1),B:B,RIGHT(D1312,LEN(D1312)-SEARCH(\".\",D1312))),\"\")","v":13.22},{"$f":"IFERROR(SUMIFS(N:N,A:A,LEFT(D1312,SEARCH(\".\",D1312)-1),B:B,RIGHT(D1312,LEN(D1312)-SEARCH(\".\",D1312))),\"\")","v":16.72}]
[{"$f":"IFERROR(LEFT(D1313,SEARCH(\".\",D1313)-1),\"\")","v":"13"},{"$f":"IFERROR(LEFT(RIGHT(D1313,LEN(D1313)-SEARCH(\".\",D1313)),SEARCH(\".\",RIGHT(D1313,LEN(D1313)-SEARCH(\".\",D1313)))-1),\"\")","v":"3"},{"$f":"IFERROR(IF(LEN(D1313)-LEN(SUBSTITUTE(D1313,\".\",\"\"))<>3,\"\",MID(D1313,SEARCH(\".\",D1313,SEARCH(\".\",D1313)+1)+1,LEN(D1313)-SEARCH(\".\",D1313,SEARCH(\".\",D1313)+1)-(LEN(D1313)-(SEARCH(\".\",D1313,SEARCH(\".\",D1313,SEARCH(\".\",D1313)+1)+1)-1)))),\"\")","v":""},"13.3.1",{"$f":"IF($G1313=\"SINAPI\",VLOOKUP($F1313,DADOS_SINAPI,2,0),IF(G1313=\"SETOP\",VLOOKUP($F1313,DADOS_SETOP,2,0),IF(G1313=\"CPU\",VLOOKUP($F1313,DADOS_COMPOSICAO,2,0),IF(G1313=\"SICRO\",VLOOKUP($F1313,DADOS_SICRO,2,0),IF(G1313=\"SUDECAP\",VLOOKUP(F1313,DADOS_SUDECAP,2,0),IF(G1313=\"COTAÇÃO\",VLOOKUP($F1313,DADOS_COTACAO,2,0),\"\"))))))","v":"LUVA SOLDÁVEL E COM ROSCA, PVC, SOLDÁVEL, DN 25MM X 3/4 , INSTALADO EM RAMAL OU SUB-RAMAL DE ÁGUA - FORNECIMENTO E INSTALAÇÃO. AF_06/2022"},89385,"SINAPI",{"$f":"IF(G1313=\"SINAPI\",VLOOKUP($F1313,DADOS_SINAPI,3,0),IF(G1313=\"SETOP\",VLOOKUP($F1313,DADOS_SETOP,3,0),IF(G1313=\"CPU\",VLOOKUP($F1313,DADOS_COMPOSICAO,10,0),IF(G1313=\"SICRO\",VLOOKUP($F1313,DADOS_SICRO,3,0),IF(G1313=\"SUDECAP\",VLOOKUP(F1313,DADOS_SUDECAP,3,0),IF(G1313=\"COTAÇÃO\",VLOOKUP($F1313,DADOS_COTACAO,9,0),\"\"))))))","v":"UN"},{"$f":"F1315","v":2},{"$f":"TRUNC(IF(G1313=\"SINAPI\",VLOOKUP($F1313,DADOS_SINAPI,4,0),IF(G1313=\"SETOP\",VLOOKUP($F1313,DADOS_SETOP,4,0),IF(G1313=\"CPU\",VLOOKUP($F1313,DADOS_COMPOSICAO,13,0),IF(G1313=\"SICRO\",VLOOKUP($F1313,DADOS_SICRO,4,0),IF(G1313=\"SUDECAP\",VLOOKUP(F1313,DADOS_SUDECAP,4,0),IF(G1313=\"COTAÇÃO\",VLOOKUP(F1313,DADOS_COTACAO,12,0),\"\")))))),2)","v":6.61},"BDI 1",{"$f":"TRUNC(J1313*(1+$N$17),2)","v":8.36},{"$f":"IFERROR(TRUNC(I1313*J1313,2),\"\")","v":13.22},{"$f":"L1313*I1313","v":16.72}]
[2000]
[2000,null,null,null,"Quantidade",2,"un "]
[2000]
[null,null,null,"13.4","PVC SOLDÁVEL AZUL C/ BUCHA LATÃO",null,null,null,null,null,null,null,{"$f":"IFERROR(SUMIFS(M:M,A:A,LEFT(D1317,SEARCH(\".\",D1317)-1),B:B,RIGHT(D1317,LEN(D1317)-SEARCH(\".\",D1317))),\"\")","v":742.2},{"$f":"IFERROR(SUMIFS(N:N,A:A,LEFT(D1317,SEARCH(\".\",D1317)-1),B:B,RIGHT(D1317,LEN(D1317)-SEARCH(\".\",D1317))),\"\")","v":938.76}]
[{"$f":"IFERROR(LEFT(D1318,SEARCH(\".\",D1318)-1),\"\")","v":"13"},{"$f":"IFERROR(LEFT(RIGHT(D1318,LEN(D1318)-SEARCH(\".\",D1318)),SEARCH(\".\",RIGHT(D1318,LEN(D1318)-SEARCH(\".\",D1318)))-1),\"\")","v":"4"},{"$f":"IFERROR(IF(LEN(D1318)-LEN(SUBSTITUTE(D1318,\".\",\"\"))<>3,\"\",MID(D1318,SEARCH(\".\",D1318,SEARCH(\".\",D1318)+1)+1,LEN(D1318)-SEARCH(\".\",D1318,SEARCH(\".\",D1318)+1)-(LEN(D1318)-(SEARCH(\".\",D1318,SEARCH(\".\",D1318,SEARCH(\".\",D1318)+1)+1)-1)))),\"\")","v":""},"13.4.1",{"$f":"IF($G1318=\"SINAPI\",VLOOKUP($F1318,DADOS_SINAPI,2,0),IF(G1318=\"SETOP\",VLOOKUP($F1318,DADOS_SETOP,2,0),IF(G1318=\"CPU\",VLOOKUP($F1318,DADOS_COMPOSICAO,2,0),IF(G1318=\"SICRO\",VLOOKUP($F1318,DADOS_SICRO,2,0),IF(G1318=\"SUDECAP\",VLOOKUP(F1318,DADOS_SUDECAP,2,0),IF(G1318=\"COTAÇÃO\",VLOOKUP($F1318,DADOS_COTACAO,2,0),\"\"))))))","v":"JOELHO 90 GRAUS COM BUCHA DE LATÃO, PVC, SOLDÁVEL, DN 25MM, X 3/4  INSTALADO EM RAMAL OU SUB-RAMAL DE ÁGUA - FORNECIMENTO E INSTALAÇÃO. AF_06/2022"},89366,"SINAPI",{"$f":"IF(G1318=\"SINAPI\",VLOOKUP($F1318,DADOS_SINAPI,3,0),IF(G1318=\"SETOP\",VLOOKUP($F1318,DADOS_SETOP,3,0),IF(G1318=\"CPU\",VLOOKUP($F1318,DADOS_COMPOSICAO,10,0),IF(G1318=\"SICRO\",VLOOKUP($F1318,DADOS_SICRO,3,0),IF(G1318=\"SUDECAP\",VLOOKUP(F1318,DADOS_SUDECAP,3,0),IF(G1318=\"COTAÇÃO\",VLOOKUP($F1318,DADOS_COTACAO,9,0),\"\"))))))","v":"UN"},{"$f":"F1320","v":22},{"$f":"TRUNC(IF(G1318=\"SINAPI\",VLOOKUP($F1318,DADOS_SINAPI,4,0),IF(G1318=\"SETOP\",VLOOKUP($F1318,DADOS_SETOP,4,0),IF(G1318=\"CPU\",VLOOKUP($F1318,DADOS_COMPOSICAO,13,0),IF(G1318=\"SICRO\",VLOOKUP($F1318,DADOS_SICRO,4,0),IF(G1318=\"SUDECAP\",VLOOKUP(F1318,DADOS_SUDECAP,4,0),IF(G1318=\"COTAÇÃO\",VLOOKUP(F1318,DADOS_COTACAO,12,0),\"\")))))),2)","v":15.16},"BDI 1",{"$f":"TRUNC(J1318*(1+$N$17),2)","v":19.18},{"$f":"IFERROR(TRUNC(I1318*J1318,2),\"\")","v":333.52},{"$f":"L1318*I1318","v":421.96}]
[2000]
[2000,null,null,null,"Quantidade",22,"un "]
[2000]
[{"$f":"IFERROR(LEFT(D1322,SEARCH(\".\",D1322)-1),\"\")","v":"13"},{"$f":"IFERROR(LEFT(RIGHT(D1322,LEN(D1322)-SEARCH(\".\",D1322)),SEARCH(\".\",RIGHT(D1322,LEN(D1322)-SEARCH(\".\",D1322)))-1),\"\")","v":"4"},{"$f":"IFERROR(IF(LEN(D1322)-LEN(SUBSTITUTE(D1322,\".\",\"\"))<>3,\"\",MID(D1322,SEARCH(\".\",D1322,SEARCH(\".\",D1322)+1)+1,LEN(D1322)-SEARCH(\".\",D1322,SEARCH(\".\",D1322)+1)-(LEN(D1322)-(SEARCH(\".\",D1322,SEARCH(\".\",D1322,SEARCH(\".\",D1322)+1)+1)-1)))),\"\")","v":""},"13.4.2",{"$f":"IF($G1322=\"SINAPI\",VLOOKUP($F1322,DADOS_SINAPI,2,0),IF(G1322=\"SETOP\",VLOOKUP($F1322,DADOS_SETOP,2,0),IF(G1322=\"CPU\",VLOOKUP($F1322,DADOS_COMPOSICAO,2,0),IF(G1322=\"SICRO\",VLOOKUP($F1322,DADOS_SICRO,2,0),IF(G1322=\"SUDECAP\",VLOOKUP(F1322,DADOS_SUDECAP,2,0),IF(G1322=\"COTAÇÃO\",VLOOKUP($F1322,DADOS_COTACAO,2,0),\"\"))))))","v":"JOELHO 90 GRAUS COM BUCHA DE LATÃO, PVC, SOLDÁVEL, DN 25MM, X 1/2  INSTALADO EM RAMAL OU SUB-RAMAL DE ÁGUA - FORNECIMENTO E INSTALAÇÃO. AF_06/2022"},90373,"SINAPI",{"$f":"IF(G1322=\"SINAPI\",VLOOKUP($F1322,DADOS_SINAPI,3,0),IF(G1322=\"SETOP\",VLOOKUP($F1322,DADOS_SETOP,3,0),IF(G1322=\"CPU\",VLOOKUP($F1322,DADOS_COMPOSICAO,10,0),IF(G1322=\"SICRO\",VLOOKUP($F1322,DADOS_SICRO,3,0),IF(G1322=\"SUDECAP\",VLOOKUP(F1322,DADOS_SUDECAP,3,0),IF(G1322=\"COTAÇÃO\",VLOOKUP($F1322,DADOS_COTACAO,9,0),\"\"))))))","v":"UN"},{"$f":"F1324","v":34},{"$f":"TRUNC(IF(G1322=\"SINAPI\",VLOOKUP($F1322,DADOS_SINAPI,4,0),IF(G1322=\"SETOP\",VLOOKUP($F1322,DADOS_SETOP,4,0),IF(G1322=\"CPU\",VLOOKUP($F1322,DADOS_COMPOSICAO,13,0),IF(G1322=\"SICRO\",VLOOKUP($F1322,DADOS_SICRO,4,0),IF(G1322=\"SUDECAP\",VLOOKUP(F1322,DADOS_SUDECAP,4,0),IF(G1322=\"COTAÇÃO\",VLOOKUP(F1322,DADOS_COTACAO,12,0),\"\")))))),2)","v":12.02},"BDI 1",{"$f":"TRUNC(J1322*(1+$N$17),2)","v":15.2},{"$f":"IFERROR(TRUNC(I1322*J1322,2),\"\")","v":408.68},{"$f":"L1322*I1322","v":516.79999999999995}]
[2000]
[2000,null,null,null,"Quantidade",34,"un "]
[2000]
[null,null,null,"13.5","RESERVATÓRIO",null,null,null,null,null,null,null,{"$f":"IFERROR(SUMIFS(M:M,A:A,LEFT(D1326,SEARCH(\".\",D1326)-1),B:B,RIGHT(D1326,LEN(D1326)-SEARCH(\".\",D1326))),\"\")","v":2183.4},{"$f":"IFERROR(SUMIFS(N:N,A:A,LEFT(D1326,SEARCH(\".\",D1326)-1),B:B,RIGHT(D1326,LEN(D1326)-SEARCH(\".\",D1326))),\"\")","v":2762.43}]
[{"$f":"IFERROR(LEFT(D1327,SEARCH(\".\",D1327)-1),\"\")","v":"13"},{"$f":"IFERROR(LEFT(RIGHT(D1327,LEN(D1327)-SEARCH(\".\",D1327)),SEARCH(\".\",RIGHT(D1327,LEN(D1327)-SEARCH(\".\",D1327)))-1),\"\")","v":"5"},{"$f":"IFERROR(IF(LEN(D1327)-LEN(SUBSTITUTE(D1327,\".\",\"\"))<>3,\"\",MID(D1327,SEARCH(\".\",D1327,SEARCH(\".\",D1327)+1)+1,LEN(D1327)-SEARCH(\".\",D1327,SEARCH(\".\",D1327)+1)-(LEN(D1327)-(SEARCH(\".\",D1327,SEARCH(\".\",D1327,SEARCH(\".\",D1327)+1)+1)-1)))),\"\")","v":""},"13.5.1",{"$f":"IF($G1327=\"SINAPI\",VLOOKUP($F1327,DADOS_SINAPI,2,0),IF(G1327=\"SETOP\",VLOOKUP($F1327,DADOS_SETOP,2,0),IF(G1327=\"CPU\",VLOOKUP($F1327,DADOS_COMPOSICAO,2,0),IF(G1327=\"SICRO\",VLOOKUP($F1327,DADOS_SICRO,2,0),IF(G1327=\"SUDECAP\",VLOOKUP(F1327,DADOS_SUDECAP,2,0),IF(G1327=\"COTAÇÃO\",VLOOKUP($F1327,DADOS_COTACAO,2,0),\"\"))))))","v":"CAIXA D´ÁGUA EM POLIETILENO, 3000 LITROS - FORNECIMENTO E INSTALAÇÃO. AF_06/2021"},102610,"SINAPI",{"$f":"IF(G1327=\"SINAPI\",VLOOKUP($F1327,DADOS_SINAPI,3,0),IF(G1327=\"SETOP\",VLOOKUP($F1327,DADOS_SETOP,3,0),IF(G1327=\"CPU\",VLOOKUP($F1327,DADOS_COMPOSICAO,10,0),IF(G1327=\"SICRO\",VLOOKUP($F1327,DADOS_SICRO,3,0),IF(G1327=\"SUDECAP\",VLOOKUP(F1327,DADOS_SUDECAP,3,0),IF(G1327=\"COTAÇÃO\",VLOOKUP($F1327,DADOS_COTACAO,9,0),\"\"))))))","v":"UN"},{"$f":"F1329","v":1},{"$f":"TRUNC(IF(G1327=\"SINAPI\",VLOOKUP($F1327,DADOS_SINAPI,4,0),IF(G1327=\"SETOP\",VLOOKUP($F1327,DADOS_SETOP,4,0),IF(G1327=\"CPU\",VLOOKUP($F1327,DADOS_COMPOSICAO,13,0),IF(G1327=\"SICRO\",VLOOKUP($F1327,DADOS_SICRO,4,0),IF(G1327=\"SUDECAP\",VLOOKUP(F1327,DADOS_SUDECAP,4,0),IF(G1327=\"COTAÇÃO\",VLOOKUP(F1327,DADOS_COTACAO,12,0),\"\")))))),2)","v":2183.4},"BDI 1",{"$f":"TRUNC(J1327*(1+$N$17),2)","v":2762.43},{"$f":"IFERROR(TRUNC(I1327*J1327,2),\"\")","v":2183.4},{"$f":"L1327*I1327","v":2762.43}]
[2000]
[2000,null,null,null,"Quantidade",1,"un "]
[2000]
[null,null,null,"13.6","RASGOS E CHUMBAMENTOS",null,null,null,null,null,null,null,{"$f":"IFERROR(SUMIFS(M:M,A:A,LEFT(D1331,SEARCH(\".\",D1331)-1),B:B,RIGHT(D1331,LEN(D1331)-SEARCH(\".\",D1331))),\"\")","v":2832.01},{"$f":"IFERROR(SUMIFS(N:N,A:A,LEFT(D1331,SEARCH(\".\",D1331)-1),B:B,RIGHT(D1331,LEN(D1331)-SEARCH(\".\",D1331))),\"\")","v":3582.03}]
[{"$f":"IFERROR(LEFT(D1332,SEARCH(\".\",D1332)-1),\"\")","v":"13"},{"$f":"IFERROR(LEFT(RIGHT(D1332,LEN(D1332)-SEARCH(\".\",D1332)),SEARCH(\".\",RIGHT(D1332,LEN(D1332)-SEARCH(\".\",D1332)))-1),\"\")","v":"6"},{"$f":"IFERROR(IF(LEN(D1332)-LEN(SUBSTITUTE(D1332,\".\",\"\"))<>3,\"\",MID(D1332,SEARCH(\".\",D1332,SEARCH(\".\",D1332)+1)+1,LEN(D1332)-SEARCH(\".\",D1332,SEARCH(\".\",D1332)+1)-(LEN(D1332)-(SEARCH(\".\",D1332,SEARCH(\".\",D1332,SEARCH(\".\",D1332)+1)+1)-1)))),\"\")","v":""},"13.6.1",{"$f":"IF($G1332=\"SINAPI\",VLOOKUP($F1332,DADOS_SINAPI,2,0),IF(G1332=\"SETOP\",VLOOKUP($F1332,DADOS_SETOP,2,0),IF(G1332=\"CPU\",VLOOKUP($F1332,DADOS_COMPOSICAO,2,0),IF(G1332=\"SICRO\",VLOOKUP($F1332,DADOS_SICRO,2,0),IF(G1332=\"SUDECAP\",VLOOKUP(F1332,DADOS_SUDECAP,2,0),IF(G1332=\"COTAÇÃO\",VLOOKUP($F1332,DADOS_COTACAO,2,0),\"\"))))))","v":"RASGO LINEAR MANUAL EM ALVENARIA, PARA RAMAIS/ DISTRIBUIÇÃO DE INSTALAÇÕES HIDRÁULICAS, DIÂMETROS MENORES OU IGUAIS A 40 MM. AF_09/2023"},90443,"SINAPI",{"$f":"IF(G1332=\"SINAPI\",VLOOKUP($F1332,DADOS_SINAPI,3,0),IF(G1332=\"SETOP\",VLOOKUP($F1332,DADOS_SETOP,3,0),IF(G1332=\"CPU\",VLOOKUP($F1332,DADOS_COMPOSICAO,10,0),IF(G1332=\"SICRO\",VLOOKUP($F1332,DADOS_SICRO,3,0),IF(G1332=\"SUDECAP\",VLOOKUP(F1332,DADOS_SUDECAP,3,0),IF(G1332=\"COTAÇÃO\",VLOOKUP($F1332,DADOS_COTACAO,9,0),\"\"))))))","v":"M"},{"$f":"F1334","v":134.41},{"$f":"TRUNC(IF(G1332=\"SINAPI\",VLOOKUP($F1332,DADOS_SINAPI,4,0),IF(G1332=\"SETOP\",VLOOKUP($F1332,DADOS_SETOP,4,0),IF(G1332=\"CPU\",VLOOKUP($F1332,DADOS_COMPOSICAO,13,0),IF(G1332=\"SICRO\",VLOOKUP($F1332,DADOS_SICRO,4,0),IF(G1332=\"SUDECAP\",VLOOKUP(F1332,DADOS_SUDECAP,4,0),IF(G1332=\"COTAÇÃO\",VLOOKUP(F1332,DADOS_COTACAO,12,0),\"\")))))),2)","v":7.07},"BDI 1",{"$f":"TRUNC(J1332*(1+$N$17),2)","v":8.94},{"$f":"IFERROR(TRUNC(I1332*J1332,2),\"\")","v":950.27},1201.6300000000001]
[2000]
[2000,null,null,null,"Comprimento",134.41,"m"]
[2000]
[{"$f":"IFERROR(LEFT(D1336,SEARCH(\".\",D1336)-1),\"\")","v":"13"},{"$f":"IFERROR(LEFT(RIGHT(D1336,LEN(D1336)-SEARCH(\".\",D1336)),SEARCH(\".\",RIGHT(D1336,LEN(D1336)-SEARCH(\".\",D1336)))-1),\"\")","v":"6"},{"$f":"IFERROR(IF(LEN(D1336)-LEN(SUBSTITUTE(D1336,\".\",\"\"))<>3,\"\",MID(D1336,SEARCH(\".\",D1336,SEARCH(\".\",D1336)+1)+1,LEN(D1336)-SEARCH(\".\",D1336,SEARCH(\".\",D1336)+1)-(LEN(D1336)-(SEARCH(\".\",D1336,SEARCH(\".\",D1336,SEARCH(\".\",D1336)+1)+1)-1)))),\"\")","v":""},"13.6.2",{"$f":"IF($G1336=\"SINAPI\",VLOOKUP($F1336,DADOS_SINAPI,2,0),IF(G1336=\"SETOP\",VLOOKUP($F1336,DADOS_SETOP,2,0),IF(G1336=\"CPU\",VLOOKUP($F1336,DADOS_COMPOSICAO,2,0),IF(G1336=\"SICRO\",VLOOKUP($F1336,DADOS_SICRO,2,0),IF(G1336=\"SUDECAP\",VLOOKUP(F1336,DADOS_SUDECAP,2,0),IF(G1336=\"COTAÇÃO\",VLOOKUP($F1336,DADOS_COTACAO,2,0),\"\"))))))","v":"CHUMBAMENTO LINEAR EM ALVENARIA PARA RAMAIS/DISTRIBUIÇÃO DE INSTALAÇÕES HIDRÁULICAS COM DIÂMETROS MENORES OU IGUAIS A 40 MM. AF_09/2023"},90466,"SINAPI",{"$f":"IF(G1336=\"SINAPI\",VLOOKUP($F1336,DADOS_SINAPI,3,0),IF(G1336=\"SETOP\",VLOOKUP($F1336,DADOS_SETOP,3,0),IF(G1336=\"CPU\",VLOOKUP($F1336,DADOS_COMPOSICAO,10,0),IF(G1336=\"SICRO\",VLOOKUP($F1336,DADOS_SICRO,3,0),IF(G1336=\"SUDECAP\",VLOOKUP(F1336,DADOS_SUDECAP,3,0),IF(G1336=\"COTAÇÃO\",VLOOKUP($F1336,DADOS_COTACAO,9,0),\"\"))))))","v":"M"},{"$f":"F1338","v":134.41},{"$f":"TRUNC(IF(G1336=\"SINAPI\",VLOOKUP($F1336,DADOS_SINAPI,4,0),IF(G1336=\"SETOP\",VLOOKUP($F1336,DADOS_SETOP,4,0),IF(G1336=\"CPU\",VLOOKUP($F1336,DADOS_COMPOSICAO,13,0),IF(G1336=\"SICRO\",VLOOKUP($F1336,DADOS_SICRO,4,0),IF(G1336=\"SUDECAP\",VLOOKUP(F1336,DADOS_SUDECAP,4,0),IF(G1336=\"COTAÇÃO\",VLOOKUP(F1336,DADOS_COTACAO,12,0),\"\")))))),2)","v":14},"BDI 1",{"$f":"TRUNC(J1336*(1+$N$17),2)","v":17.71},{"$f":"IFERROR(TRUNC(I1336*J1336,2),\"\")","v":1881.74},2380.4]
[2000]
[2000,null,null,null,"Comprimento",{"$f":"F1334","v":134.41},"m"]
[2000]
[null,null,null,"13.7","ESCAVAÇÕES E REATERROS",null,null,null,null,null,null,null,{"$f":"IFERROR(SUMIFS(M:M,A:A,LEFT(D1340,SEARCH(\".\",D1340)-1),B:B,RIGHT(D1340,LEN(D1340)-SEARCH(\".\",D1340))),\"\")","v":212.76},{"$f":"IFERROR(SUMIFS(N:N,A:A,LEFT(D1340,SEARCH(\".\",D1340)-1),B:B,RIGHT(D1340,LEN(D1340)-SEARCH(\".\",D1340))),\"\")","v":269.14999999999998}]
[{"$f":"IFERROR(LEFT(D1341,SEARCH(\".\",D1341)-1),\"\")","v":"13"},{"$f":"IFERROR(LEFT(RIGHT(D1341,LEN(D1341)-SEARCH(\".\",D1341)),SEARCH(\".\",RIGHT(D1341,LEN(D1341)-SEARCH(\".\",D1341)))-1),\"\")","v":"7"},{"$f":"IFERROR(IF(LEN(D1341)-LEN(SUBSTITUTE(D1341,\".\",\"\"))<>3,\"\",MID(D1341,SEARCH(\".\",D1341,SEARCH(\".\",D1341)+1)+1,LEN(D1341)-SEARCH(\".\",D1341,SEARCH(\".\",D1341)+1)-(LEN(D1341)-(SEARCH(\".\",D1341,SEARCH(\".\",D1341,SEARCH(\".\",D1341)+1)+1)-1)))),\"\")","v":""},"13.7.1",{"$f":"IF($G1341=\"SINAPI\",VLOOKUP($F1341,DADOS_SINAPI,2,0),IF(G1341=\"SETOP\",VLOOKUP($F1341,DADOS_SETOP,2,0),IF(G1341=\"CPU\",VLOOKUP($F1341,DADOS_COMPOSICAO,2,0),IF(G1341=\"SICRO\",VLOOKUP($F1341,DADOS_SICRO,2,0),IF(G1341=\"SUDECAP\",VLOOKUP(F1341,DADOS_SUDECAP,2,0),IF(G1341=\"COTAÇÃO\",VLOOKUP($F1341,DADOS_COTACAO,2,0),\"\"))))))","v":"ESCAVAÇÃO MANUAL DE VALA. AF_09/2024"},93358,"SINAPI",{"$f":"IF(G1341=\"SINAPI\",VLOOKUP($F1341,DADOS_SINAPI,3,0),IF(G1341=\"SETOP\",VLOOKUP($F1341,DADOS_SETOP,3,0),IF(G1341=\"CPU\",VLOOKUP($F1341,DADOS_COMPOSICAO,10,0),IF(G1341=\"SICRO\",VLOOKUP($F1341,DADOS_SICRO,3,0),IF(G1341=\"SUDECAP\",VLOOKUP(F1341,DADOS_SUDECAP,3,0),IF(G1341=\"COTAÇÃO\",VLOOKUP($F1341,DADOS_COTACAO,9,0),\"\"))))))","v":"M3"},{"$f":"F1343","v":2.2799999999999998},{"$f":"TRUNC(IF(G1341=\"SINAPI\",VLOOKUP($F1341,DADOS_SINAPI,4,0),IF(G1341=\"SETOP\",VLOOKUP($F1341,DADOS_SETOP,4,0),IF(G1341=\"CPU\",VLOOKUP($F1341,DADOS_COMPOSICAO,13,0),IF(G1341=\"SICRO\",VLOOKUP($F1341,DADOS_SICRO,4,0),IF(G1341=\"SUDECAP\",VLOOKUP(F1341,DADOS_SUDECAP,4,0),IF(G1341=\"COTAÇÃO\",VLOOKUP(F1341,DADOS_COTACAO,12,0),\"\")))))),2)","v":74.17},"BDI 1",{"$f":"TRUNC(J1341*(1+$N$17),2)","v":93.83},{"$f":"IFERROR(TRUNC(I1341*J1341,2),\"\")","v":169.1},213.93]
[2000]
[2000,null,null,null,"Volume",2.2799999999999998,"m³"]
[2000]
[{"$f":"IFERROR(LEFT(D1345,SEARCH(\".\",D1345)-1),\"\")","v":"13"},{"$f":"IFERROR(LEFT(RIGHT(D1345,LEN(D1345)-SEARCH(\".\",D1345)),SEARCH(\".\",RIGHT(D1345,LEN(D1345)-SEARCH(\".\",D1345)))-1),\"\")","v":"7"},{"$f":"IFERROR(IF(LEN(D1345)-LEN(SUBSTITUTE(D1345,\".\",\"\"))<>3,\"\",MID(D1345,SEARCH(\".\",D1345,SEARCH(\".\",D1345)+1)+1,LEN(D1345)-SEARCH(\".\",D1345,SEARCH(\".\",D1345)+1)-(LEN(D1345)-(SEARCH(\".\",D1345,SEARCH(\".\",D1345,SEARCH(\".\",D1345)+1)+1)-1)))),\"\")","v":""},"13.7.2",{"$f":"IF($G1345=\"SINAPI\",VLOOKUP($F1345,DADOS_SINAPI,2,0),IF(G1345=\"SETOP\",VLOOKUP($F1345,DADOS_SETOP,2,0),IF(G1345=\"CPU\",VLOOKUP($F1345,DADOS_COMPOSICAO,2,0),IF(G1345=\"SICRO\",VLOOKUP($F1345,DADOS_SICRO,2,0),IF(G1345=\"SUDECAP\",VLOOKUP(F1345,DADOS_SUDECAP,2,0),IF(G1345=\"COTAÇÃO\",VLOOKUP($F1345,DADOS_COTACAO,2,0),\"\"))))))","v":"REATERRO MANUAL DE VALAS, COM PLACA VIBRATÓRIA. AF_08/2023"},104737,"SINAPI",{"$f":"IF(G1345=\"SINAPI\",VLOOKUP($F1345,DADOS_SINAPI,3,0),IF(G1345=\"SETOP\",VLOOKUP($F1345,DADOS_SETOP,3,0),IF(G1345=\"CPU\",VLOOKUP($F1345,DADOS_COMPOSICAO,10,0),IF(G1345=\"SICRO\",VLOOKUP($F1345,DADOS_SICRO,3,0),IF(G1345=\"SUDECAP\",VLOOKUP(F1345,DADOS_SUDECAP,3,0),IF(G1345=\"COTAÇÃO\",VLOOKUP($F1345,DADOS_COTACAO,9,0),\"\"))))))","v":"M3"},{"$f":"F1347","v":2.2799999999999998},{"$f":"TRUNC(IF(G1345=\"SINAPI\",VLOOKUP($F1345,DADOS_SINAPI,4,0),IF(G1345=\"SETOP\",VLOOKUP($F1345,DADOS_SETOP,4,0),IF(G1345=\"CPU\",VLOOKUP($F1345,DADOS_COMPOSICAO,13,0),IF(G1345=\"SICRO\",VLOOKUP($F1345,DADOS_SICRO,4,0),IF(G1345=\"SUDECAP\",VLOOKUP(F1345,DADOS_SUDECAP,4,0),IF(G1345=\"COTAÇÃO\",VLOOKUP(F1345,DADOS_COTACAO,12,0),\"\")))))),2)","v":19.149999999999999},"BDI 1",{"$f":"TRUNC(J1345*(1+$N$17),2)","v":24.22},{"$f":"IFERROR(TRUNC(I1345*J1345,2),\"\")","v":43.66},55.22]
[2000]
[2000,null,null,null,"Volume",{"$f":"F1343","v":2.2799999999999998},"m³"]
[2000]
[1000,null,null,14,"INSTALAÇÕES SANITÁRIAS",null,null,null,null,null,null,null,{"$f":"SUMIF(A:A,D1349,M:M)","v":19775.29},{"$f":"SUMIF(A:A,D1349,N:N)","v":25015.830000000005}]
[null,null,null,"14.1","CAIXAS DE PASSAGEM",null,null,null,null,null,null,null,{"$f":"IFERROR(SUMIFS(M:M,A:A,LEFT(D1350,SEARCH(\".\",D1350)-1),B:B,RIGHT(D1350,LEN(D1350)-SEARCH(\".\",D1350))),\"\")","v":2687.8900000000003},{"$f":"IFERROR(SUMIFS(N:N,A:A,LEFT(D1350,SEARCH(\".\",D1350)-1),B:B,RIGHT(D1350,LEN(D1350)-SEARCH(\".\",D1350))),\"\")","v":3400.6899999999996}]
[{"$f":"IFERROR(LEFT(D1351,SEARCH(\".\",D1351)-1),\"\")","v":"14"},{"$f":"IFERROR(LEFT(RIGHT(D1351,LEN(D1351)-SEARCH(\".\",D1351)),SEARCH(\".\",RIGHT(D1351,LEN(D1351)-SEARCH(\".\",D1351)))-1),\"\")","v":"1"},{"$f":"IFERROR(IF(LEN(D1351)-LEN(SUBSTITUTE(D1351,\".\",\"\"))<>3,\"\",MID(D1351,SEARCH(\".\",D1351,SEARCH(\".\",D1351)+1)+1,LEN(D1351)-SEARCH(\".\",D1351,SEARCH(\".\",D1351)+1)-(LEN(D1351)-(SEARCH(\".\",D1351,SEARCH(\".\",D1351,SEARCH(\".\",D1351)+1)+1)-1)))),\"\")","v":""},"14.1.1",{"$f":"IF($G1351=\"SINAPI\",VLOOKUP($F1351,DADOS_SINAPI,2,0),IF(G1351=\"SETOP\",VLOOKUP($F1351,DADOS_SETOP,2,0),IF(G1351=\"CPU\",VLOOKUP($F1351,DADOS_COMPOSICAO,2,0),IF(G1351=\"SICRO\",VLOOKUP($F1351,DADOS_SICRO,2,0),IF(G1351=\"SUDECAP\",VLOOKUP(F1351,DADOS_SUDECAP,2,0),IF(G1351=\"COTAÇÃO\",VLOOKUP($F1351,DADOS_COTACAO,2,0),\"\"))))))","v":"CAIXA DE GORDURA SIMPLES (CGS), CIRCULAR, EM CONCRETO PRÉ-MOLDADO, CAPACIDADE DE 31L, INCLUSIVE ESCAVAÇÃO, REATERRO, TRANSPORTE E RETIRADA DO MATERIAL ESCAVADO (EM CAÇAMBA)"},"ED-49939","SETOP",{"$f":"IF(G1351=\"SINAPI\",VLOOKUP($F1351,DADOS_SINAPI,3,0),IF(G1351=\"SETOP\",VLOOKUP($F1351,DADOS_SETOP,3,0),IF(G1351=\"CPU\",VLOOKUP($F1351,DADOS_COMPOSICAO,10,0),IF(G1351=\"SICRO\",VLOOKUP($F1351,DADOS_SICRO,3,0),IF(G1351=\"SUDECAP\",VLOOKUP(F1351,DADOS_SUDECAP,3,0),IF(G1351=\"COTAÇÃO\",VLOOKUP($F1351,DADOS_COTACAO,9,0),\"\"))))))","v":"un"},{"$f":"F1353","v":1},{"$f":"TRUNC(IF(G1351=\"SINAPI\",VLOOKUP($F1351,DADOS_SINAPI,4,0),IF(G1351=\"SETOP\",VLOOKUP($F1351,DADOS_SETOP,4,0),IF(G1351=\"CPU\",VLOOKUP($F1351,DADOS_COMPOSICAO,13,0),IF(G1351=\"SICRO\",VLOOKUP($F1351,DADOS_SICRO,4,0),IF(G1351=\"SUDECAP\",VLOOKUP(F1351,DADOS_SUDECAP,4,0),IF(G1351=\"COTAÇÃO\",VLOOKUP(F1351,DADOS_COTACAO,12,0),\"\")))))),2)","v":165.87},"BDI 1",{"$f":"TRUNC(J1351*(1+$N$17),2)","v":209.85},{"$f":"IFERROR(TRUNC(I1351*J1351,2),\"\")","v":165.87},{"$f":"L1351*I1351","v":209.85}]
[2000]
[2000,null,null,null,"Total",1,"un "]
[2000]
[{"$f":"IFERROR(LEFT(D1355,SEARCH(\".\",D1355)-1),\"\")","v":"14"},{"$f":"IFERROR(LEFT(RIGHT(D1355,LEN(D1355)-SEARCH(\".\",D1355)),SEARCH(\".\",RIGHT(D1355,LEN(D1355)-SEARCH(\".\",D1355)))-1),\"\")","v":"1"},{"$f":"IFERROR(IF(LEN(D1355)-LEN(SUBSTITUTE(D1355,\".\",\"\"))<>3,\"\",MID(D1355,SEARCH(\".\",D1355,SEARCH(\".\",D1355)+1)+1,LEN(D1355)-SEARCH(\".\",D1355,SEARCH(\".\",D1355)+1)-(LEN(D1355)-(SEARCH(\".\",D1355,SEARCH(\".\",D1355,SEARCH(\".\",D1355)+1)+1)-1)))),\"\")","v":""},"14.1.2",{"$f":"IF($G1355=\"SINAPI\",VLOOKUP($F1355,DADOS_SINAPI,2,0),IF(G1355=\"SETOP\",VLOOKUP($F1355,DADOS_SETOP,2,0),IF(G1355=\"CPU\",VLOOKUP($F1355,DADOS_COMPOSICAO,2,0),IF(G1355=\"SICRO\",VLOOKUP($F1355,DADOS_SICRO,2,0),IF(G1355=\"SUDECAP\",VLOOKUP(F1355,DADOS_SUDECAP,2,0),IF(G1355=\"COTAÇÃO\",VLOOKUP($F1355,DADOS_COTACAO,2,0),\"\"))))))","v":"CAIXA DE INSPEÇÃO DE POLIETILENO , Ø 100 MM"},"ED-49950","SETOP",{"$f":"IF(G1355=\"SINAPI\",VLOOKUP($F1355,DADOS_SINAPI,3,0),IF(G1355=\"SETOP\",VLOOKUP($F1355,DADOS_SETOP,3,0),IF(G1355=\"CPU\",VLOOKUP($F1355,DADOS_COMPOSICAO,10,0),IF(G1355=\"SICRO\",VLOOKUP($F1355,DADOS_SICRO,3,0),IF(G1355=\"SUDECAP\",VLOOKUP(F1355,DADOS_SUDECAP,3,0),IF(G1355=\"COTAÇÃO\",VLOOKUP($F1355,DADOS_COTACAO,9,0),\"\"))))))","v":"un"},{"$f":"F1357","v":3},{"$f":"TRUNC(IF(G1355=\"SINAPI\",VLOOKUP($F1355,DADOS_SINAPI,4,0),IF(G1355=\"SETOP\",VLOOKUP($F1355,DADOS_SETOP,4,0),IF(G1355=\"CPU\",VLOOKUP($F1355,DADOS_COMPOSICAO,13,0),IF(G1355=\"SICRO\",VLOOKUP($F1355,DADOS_SICRO,4,0),IF(G1355=\"SUDECAP\",VLOOKUP(F1355,DADOS_SUDECAP,4,0),IF(G1355=\"COTAÇÃO\",VLOOKUP(F1355,DADOS_COTACAO,12,0),\"\")))))),2)","v":334.92},"BDI 1",{"$f":"TRUNC(J1355*(1+$N$17),2)","v":423.74},{"$f":"IFERROR(TRUNC(I1355*J1355,2),\"\")","v":1004.76},{"$f":"L1355*I1355","v":1271.22}]
[2000]
[2000,null,null,null,"Total",3,"un "]
[2000]
[{"$f":"IFERROR(LEFT(D1359,SEARCH(\".\",D1359)-1),\"\")","v":"14"},{"$f":"IFERROR(LEFT(RIGHT(D1359,LEN(D1359)-SEARCH(\".\",D1359)),SEARCH(\".\",RIGHT(D1359,LEN(D1359)-SEARCH(\".\",D1359)))-1),\"\")","v":"1"},{"$f":"IFERROR(IF(LEN(D1359)-LEN(SUBSTITUTE(D1359,\".\",\"\"))<>3,\"\",MID(D1359,SEARCH(\".\",D1359,SEARCH(\".\",D1359)+1)+1,LEN(D1359)-SEARCH(\".\",D1359,SEARCH(\".\",D1359)+1)-(LEN(D1359)-(SEARCH(\".\",D1359,SEARCH(\".\",D1359,SEARCH(\".\",D1359)+1)+1)-1)))),\"\")","v":""},"14.1.3",{"$f":"IF($G1359=\"SINAPI\",VLOOKUP($F1359,DADOS_SINAPI,2,0),IF(G1359=\"SETOP\",VLOOKUP($F1359,DADOS_SETOP,2,0),IF(G1359=\"CPU\",VLOOKUP($F1359,DADOS_COMPOSICAO,2,0),IF(G1359=\"SICRO\",VLOOKUP($F1359,DADOS_SICRO,2,0),IF(G1359=\"SUDECAP\",VLOOKUP(F1359,DADOS_SUDECAP,2,0),IF(G1359=\"COTAÇÃO\",VLOOKUP($F1359,DADOS_COTACAO,2,0),\"\"))))))","v":"CAIXA DE ESGOTO DE INSPEÇÃO/PASSAGEM EM ALVENARIA (60X60X100CM), REVESTIMENTO EM ARGAMASSA COM ADITIVO IMPERMEABILIZANTE, COM TAMPA DE CONCRETO, INCLUSIVE ESCAVAÇÃO, REATERRO E TRANSPORTE COM RETIRADA DO MATERIAL ESCAVADO (EM CAÇAMBA)"},"ED-49889","SETOP",{"$f":"IF(G1359=\"SINAPI\",VLOOKUP($F1359,DADOS_SINAPI,3,0),IF(G1359=\"SETOP\",VLOOKUP($F1359,DADOS_SETOP,3,0),IF(G1359=\"CPU\",VLOOKUP($F1359,DADOS_COMPOSICAO,10,0),IF(G1359=\"SICRO\",VLOOKUP($F1359,DADOS_SICRO,3,0),IF(G1359=\"SUDECAP\",VLOOKUP(F1359,DADOS_SUDECAP,3,0),IF(G1359=\"COTAÇÃO\",VLOOKUP($F1359,DADOS_COTACAO,9,0),\"\"))))))","v":"un"},{"$f":"F1361","v":2},{"$f":"TRUNC(IF(G1359=\"SINAPI\",VLOOKUP($F1359,DADOS_SINAPI,4,0),IF(G1359=\"SETOP\",VLOOKUP($F1359,DADOS_SETOP,4,0),IF(G1359=\"CPU\",VLOOKUP($F1359,DADOS_COMPOSICAO,13,0),IF(G1359=\"SICRO\",VLOOKUP($F1359,DADOS_SICRO,4,0),IF(G1359=\"SUDECAP\",VLOOKUP(F1359,DADOS_SUDECAP,4,0),IF(G1359=\"COTAÇÃO\",VLOOKUP(F1359,DADOS_COTACAO,12,0),\"\")))))),2)","v":758.63},"BDI 1",{"$f":"TRUNC(J1359*(1+$N$17),2)","v":959.81},{"$f":"IFERROR(TRUNC(I1359*J1359,2),\"\")","v":1517.26},1919.62]
[2000]
[2000,null,null,null,"Total",2,"un "]
[2000]
[null,null,null,"14.2","PVC ACESSÓRIOS ",null,null,null,null,null,null,null,{"$f":"IFERROR(SUMIFS(M:M,A:A,LEFT(D1363,SEARCH(\".\",D1363)-1),B:B,RIGHT(D1363,LEN(D1363)-SEARCH(\".\",D1363))),\"\")","v":1631.83},{"$f":"IFERROR(SUMIFS(N:N,A:A,LEFT(D1363,SEARCH(\".\",D1363)-1),B:B,RIGHT(D1363,LEN(D1363)-SEARCH(\".\",D1363))),\"\")","v":2064.4700000000003}]
[{"$f":"IFERROR(LEFT(D1364,SEARCH(\".\",D1364)-1),\"\")","v":"14"},{"$f":"IFERROR(LEFT(RIGHT(D1364,LEN(D1364)-SEARCH(\".\",D1364)),SEARCH(\".\",RIGHT(D1364,LEN(D1364)-SEARCH(\".\",D1364)))-1),\"\")","v":"2"},{"$f":"IFERROR(IF(LEN(D1364)-LEN(SUBSTITUTE(D1364,\".\",\"\"))<>3,\"\",MID(D1364,SEARCH(\".\",D1364,SEARCH(\".\",D1364)+1)+1,LEN(D1364)-SEARCH(\".\",D1364,SEARCH(\".\",D1364)+1)-(LEN(D1364)-(SEARCH(\".\",D1364,SEARCH(\".\",D1364,SEARCH(\".\",D1364)+1)+1)-1)))),\"\")","v":""},"14.2.1",{"$f":"IF($G1364=\"SINAPI\",VLOOKUP($F1364,DADOS_SINAPI,2,0),IF(G1364=\"SETOP\",VLOOKUP($F1364,DADOS_SETOP,2,0),IF(G1364=\"CPU\",VLOOKUP($F1364,DADOS_COMPOSICAO,2,0),IF(G1364=\"SICRO\",VLOOKUP($F1364,DADOS_SICRO,2,0),IF(G1364=\"SUDECAP\",VLOOKUP(F1364,DADOS_SUDECAP,2,0),IF(G1364=\"COTAÇÃO\",VLOOKUP($F1364,DADOS_COTACAO,2,0),\"\"))))))","v":"CAIXA SIFONADA, PVC, DN 100 X 100 X 50 MM, FORNECIDA E INSTALADA EM RAMAIS DE ENCAMINHAMENTO DE ÁGUA PLUVIAL. AF_06/2022"},89482,"SINAPI",{"$f":"IF(G1364=\"SINAPI\",VLOOKUP($F1364,DADOS_SINAPI,3,0),IF(G1364=\"SETOP\",VLOOKUP($F1364,DADOS_SETOP,3,0),IF(G1364=\"CPU\",VLOOKUP($F1364,DADOS_COMPOSICAO,10,0),IF(G1364=\"SICRO\",VLOOKUP($F1364,DADOS_SICRO,3,0),IF(G1364=\"SUDECAP\",VLOOKUP(F1364,DADOS_SUDECAP,3,0),IF(G1364=\"COTAÇÃO\",VLOOKUP($F1364,DADOS_COTACAO,9,0),\"\"))))))","v":"UN"},{"$f":"F1366","v":4},{"$f":"TRUNC(IF(G1364=\"SINAPI\",VLOOKUP($F1364,DADOS_SINAPI,4,0),IF(G1364=\"SETOP\",VLOOKUP($F1364,DADOS_SETOP,4,0),IF(G1364=\"CPU\",VLOOKUP($F1364,DADOS_COMPOSICAO,13,0),IF(G1364=\"SICRO\",VLOOKUP($F1364,DADOS_SICRO,4,0),IF(G1364=\"SUDECAP\",VLOOKUP(F1364,DADOS_SUDECAP,4,0),IF(G1364=\"COTAÇÃO\",VLOOKUP(F1364,DADOS_COTACAO,12,0),\"\")))))),2)","v":34.96},"BDI 1",{"$f":"TRUNC(J1364*(1+$N$17),2)","v":44.23},{"$f":"IFERROR(TRUNC(I1364*J1364,2),\"\")","v":139.84},{"$f":"L1364*I1364","v":176.92}]
[2000]
[2000,null,null,null,"Total",4,"un "]
[2000]
[{"$f":"IFERROR(LEFT(D1368,SEARCH(\".\",D1368)-1),\"\")","v":"14"},{"$f":"IFERROR(LEFT(RIGHT(D1368,LEN(D1368)-SEARCH(\".\",D1368)),SEARCH(\".\",RIGHT(D1368,LEN(D1368)-SEARCH(\".\",D1368)))-1),\"\")","v":"2"},{"$f":"IFERROR(IF(LEN(D1368)-LEN(SUBSTITUTE(D1368,\".\",\"\"))<>3,\"\",MID(D1368,SEARCH(\".\",D1368,SEARCH(\".\",D1368)+1)+1,LEN(D1368)-SEARCH(\".\",D1368,SEARCH(\".\",D1368)+1)-(LEN(D1368)-(SEARCH(\".\",D1368,SEARCH(\".\",D1368,SEARCH(\".\",D1368)+1)+1)-1)))),\"\")","v":""},"14.2.2",{"$f":"IF($G1368=\"SINAPI\",VLOOKUP($F1368,DADOS_SINAPI,2,0),IF(G1368=\"SETOP\",VLOOKUP($F1368,DADOS_SETOP,2,0),IF(G1368=\"CPU\",VLOOKUP($F1368,DADOS_COMPOSICAO,2,0),IF(G1368=\"SICRO\",VLOOKUP($F1368,DADOS_SICRO,2,0),IF(G1368=\"SUDECAP\",VLOOKUP(F1368,DADOS_SUDECAP,2,0),IF(G1368=\"COTAÇÃO\",VLOOKUP($F1368,DADOS_COTACAO,2,0),\"\"))))))","v":"CAIXA SIFONADA, COM GRELHA QUADRADA, PVC, DN 150 X 150 X 50 MM, JUNTA SOLDÁVEL, FORNECIDA E INSTALADA EM RAMAL DE DESCARGA OU EM RAMAL DE ESGOTO SANITÁRIO. AF_08/2022"},104328,"SINAPI",{"$f":"IF(G1368=\"SINAPI\",VLOOKUP($F1368,DADOS_SINAPI,3,0),IF(G1368=\"SETOP\",VLOOKUP($F1368,DADOS_SETOP,3,0),IF(G1368=\"CPU\",VLOOKUP($F1368,DADOS_COMPOSICAO,10,0),IF(G1368=\"SICRO\",VLOOKUP($F1368,DADOS_SICRO,3,0),IF(G1368=\"SUDECAP\",VLOOKUP(F1368,DADOS_SUDECAP,3,0),IF(G1368=\"COTAÇÃO\",VLOOKUP($F1368,DADOS_COTACAO,9,0),\"\"))))))","v":"UN"},{"$f":"F1370","v":9},{"$f":"TRUNC(IF(G1368=\"SINAPI\",VLOOKUP($F1368,DADOS_SINAPI,4,0),IF(G1368=\"SETOP\",VLOOKUP($F1368,DADOS_SETOP,4,0),IF(G1368=\"CPU\",VLOOKUP($F1368,DADOS_COMPOSICAO,13,0),IF(G1368=\"SICRO\",VLOOKUP($F1368,DADOS_SICRO,4,0),IF(G1368=\"SUDECAP\",VLOOKUP(F1368,DADOS_SUDECAP,4,0),IF(G1368=\"COTAÇÃO\",VLOOKUP(F1368,DADOS_COTACAO,12,0),\"\")))))),2)","v":61.95},"BDI 1",{"$f":"TRUNC(J1368*(1+$N$17),2)","v":78.37},{"$f":"IFERROR(TRUNC(I1368*J1368,2),\"\")","v":557.54999999999995},{"$f":"L1368*I1368","v":705.33}]
[2000]
[2000,null,null,null,"Total",9,"un "]
[2000]
[{"$f":"IFERROR(LEFT(D1372,SEARCH(\".\",D1372)-1),\"\")","v":"14"},{"$f":"IFERROR(LEFT(RIGHT(D1372,LEN(D1372)-SEARCH(\".\",D1372)),SEARCH(\".\",RIGHT(D1372,LEN(D1372)-SEARCH(\".\",D1372)))-1),\"\")","v":"2"},{"$f":"IFERROR(IF(LEN(D1372)-LEN(SUBSTITUTE(D1372,\".\",\"\"))<>3,\"\",MID(D1372,SEARCH(\".\",D1372,SEARCH(\".\",D1372)+1)+1,LEN(D1372)-SEARCH(\".\",D1372,SEARCH(\".\",D1372)+1)-(LEN(D1372)-(SEARCH(\".\",D1372,SEARCH(\".\",D1372,SEARCH(\".\",D1372)+1)+1)-1)))),\"\")","v":""},"14.2.3",{"$f":"IF($G1372=\"SINAPI\",VLOOKUP($F1372,DADOS_SINAPI,2,0),IF(G1372=\"SETOP\",VLOOKUP($F1372,DADOS_SETOP,2,0),IF(G1372=\"CPU\",VLOOKUP($F1372,DADOS_COMPOSICAO,2,0),IF(G1372=\"SICRO\",VLOOKUP($F1372,DADOS_SICRO,2,0),IF(G1372=\"SUDECAP\",VLOOKUP(F1372,DADOS_SUDECAP,2,0),IF(G1372=\"COTAÇÃO\",VLOOKUP($F1372,DADOS_COTACAO,2,0),\"\"))))))","v":"CAIXA SIFONADA EM PVC COM TAMPA CEGA 150 X 150 X 50 MM"},"ED-50014","SETOP",{"$f":"IF(G1372=\"SINAPI\",VLOOKUP($F1372,DADOS_SINAPI,3,0),IF(G1372=\"SETOP\",VLOOKUP($F1372,DADOS_SETOP,3,0),IF(G1372=\"CPU\",VLOOKUP($F1372,DADOS_COMPOSICAO,10,0),IF(G1372=\"SICRO\",VLOOKUP($F1372,DADOS_SICRO,3,0),IF(G1372=\"SUDECAP\",VLOOKUP(F1372,DADOS_SUDECAP,3,0),IF(G1372=\"COTAÇÃO\",VLOOKUP($F1372,DADOS_COTACAO,9,0),\"\"))))))","v":"un"},{"$f":"F1374","v":13},{"$f":"TRUNC(IF(G1372=\"SINAPI\",VLOOKUP($F1372,DADOS_SINAPI,4,0),IF(G1372=\"SETOP\",VLOOKUP($F1372,DADOS_SETOP,4,0),IF(G1372=\"CPU\",VLOOKUP($F1372,DADOS_COMPOSICAO,13,0),IF(G1372=\"SICRO\",VLOOKUP($F1372,DADOS_SICRO,4,0),IF(G1372=\"SUDECAP\",VLOOKUP(F1372,DADOS_SUDECAP,4,0),IF(G1372=\"COTAÇÃO\",VLOOKUP(F1372,DADOS_COTACAO,12,0),\"\")))))),2)","v":71.88},"BDI 1",{"$f":"TRUNC(J1372*(1+$N$17),2)","v":90.94},{"$f":"IFERROR(TRUNC(I1372*J1372,2),\"\")","v":934.44},1182.22]
[2000]
[2000,null,null,null,"Total",13,"un "]
[2000]
[null,null,null,"14.3","PVC ESGOTO",null,null,null,null,null,null,null,{"$f":"IFERROR(SUMIFS(M:M,A:A,LEFT(D1376,SEARCH(\".\",D1376)-1),B:B,RIGHT(D1376,LEN(D1376)-SEARCH(\".\",D1376))),\"\")","v":9550.18},{"$f":"IFERROR(SUMIFS(N:N,A:A,LEFT(D1376,SEARCH(\".\",D1376)-1),B:B,RIGHT(D1376,LEN(D1376)-SEARCH(\".\",D1376))),\"\")","v":12080.449999999999}]
[{"$f":"IFERROR(LEFT(D1377,SEARCH(\".\",D1377)-1),\"\")","v":"14"},{"$f":"IFERROR(LEFT(RIGHT(D1377,LEN(D1377)-SEARCH(\".\",D1377)),SEARCH(\".\",RIGHT(D1377,LEN(D1377)-SEARCH(\".\",D1377)))-1),\"\")","v":"3"},{"$f":"IFERROR(IF(LEN(D1377)-LEN(SUBSTITUTE(D1377,\".\",\"\"))<>3,\"\",MID(D1377,SEARCH(\".\",D1377,SEARCH(\".\",D1377)+1)+1,LEN(D1377)-SEARCH(\".\",D1377,SEARCH(\".\",D1377)+1)-(LEN(D1377)-(SEARCH(\".\",D1377,SEARCH(\".\",D1377,SEARCH(\".\",D1377)+1)+1)-1)))),\"\")","v":""},"14.3.1",{"$f":"IF($G1377=\"SINAPI\",VLOOKUP($F1377,DADOS_SINAPI,2,0),IF(G1377=\"SETOP\",VLOOKUP($F1377,DADOS_SETOP,2,0),IF(G1377=\"CPU\",VLOOKUP($F1377,DADOS_COMPOSICAO,2,0),IF(G1377=\"SICRO\",VLOOKUP($F1377,DADOS_SICRO,2,0),IF(G1377=\"SUDECAP\",VLOOKUP(F1377,DADOS_SUDECAP,2,0),IF(G1377=\"COTAÇÃO\",VLOOKUP($F1377,DADOS_COTACAO,2,0),\"\"))))))","v":"CURVA CURTA 90 GRAUS, PVC, SERIE NORMAL, ESGOTO PREDIAL, DN 40 MM, JUNTA SOLDÁVEL, FORNECIDO E INSTALADO EM RAMAL DE DESCARGA OU RAMAL DE ESGOTO SANITÁRIO. AF_08/2022"},89728,"SINAPI",{"$f":"IF(G1377=\"SINAPI\",VLOOKUP($F1377,DADOS_SINAPI,3,0),IF(G1377=\"SETOP\",VLOOKUP($F1377,DADOS_SETOP,3,0),IF(G1377=\"CPU\",VLOOKUP($F1377,DADOS_COMPOSICAO,10,0),IF(G1377=\"SICRO\",VLOOKUP($F1377,DADOS_SICRO,3,0),IF(G1377=\"SUDECAP\",VLOOKUP(F1377,DADOS_SUDECAP,3,0),IF(G1377=\"COTAÇÃO\",VLOOKUP($F1377,DADOS_COTACAO,9,0),\"\"))))))","v":"UN"},{"$f":"F1379","v":25},{"$f":"TRUNC(IF(G1377=\"SINAPI\",VLOOKUP($F1377,DADOS_SINAPI,4,0),IF(G1377=\"SETOP\",VLOOKUP($F1377,DADOS_SETOP,4,0),IF(G1377=\"CPU\",VLOOKUP($F1377,DADOS_COMPOSICAO,13,0),IF(G1377=\"SICRO\",VLOOKUP($F1377,DADOS_SICRO,4,0),IF(G1377=\"SUDECAP\",VLOOKUP(F1377,DADOS_SUDECAP,4,0),IF(G1377=\"COTAÇÃO\",VLOOKUP(F1377,DADOS_COTACAO,12,0),\"\")))))),2)","v":12.35},"BDI 1",{"$f":"TRUNC(J1377*(1+$N$17),2)","v":15.62},{"$f":"IFERROR(TRUNC(I1377*J1377,2),\"\")","v":308.75},{"$f":"L1377*I1377","v":390.5}]
[2000]
[2000,null,null,null,"Total",25,"un "]
[2000]
[{"$f":"IFERROR(LEFT(D1381,SEARCH(\".\",D1381)-1),\"\")","v":"14"},{"$f":"IFERROR(LEFT(RIGHT(D1381,LEN(D1381)-SEARCH(\".\",D1381)),SEARCH(\".\",RIGHT(D1381,LEN(D1381)-SEARCH(\".\",D1381)))-1),\"\")","v":"3"},{"$f":"IFERROR(IF(LEN(D1381)-LEN(SUBSTITUTE(D1381,\".\",\"\"))<>3,\"\",MID(D1381,SEARCH(\".\",D1381,SEARCH(\".\",D1381)+1)+1,LEN(D1381)-SEARCH(\".\",D1381,SEARCH(\".\",D1381)+1)-(LEN(D1381)-(SEARCH(\".\",D1381,SEARCH(\".\",D1381,SEARCH(\".\",D1381)+1)+1)-1)))),\"\")","v":""},"14.3.2",{"$f":"IF($G1381=\"SINAPI\",VLOOKUP($F1381,DADOS_SINAPI,2,0),IF(G1381=\"SETOP\",VLOOKUP($F1381,DADOS_SETOP,2,0),IF(G1381=\"CPU\",VLOOKUP($F1381,DADOS_COMPOSICAO,2,0),IF(G1381=\"SICRO\",VLOOKUP($F1381,DADOS_SICRO,2,0),IF(G1381=\"SUDECAP\",VLOOKUP(F1381,DADOS_SUDECAP,2,0),IF(G1381=\"COTAÇÃO\",VLOOKUP($F1381,DADOS_COTACAO,2,0),\"\"))))))","v":"JOELHO 45 GRAUS, PVC, SERIE NORMAL, ESGOTO PREDIAL, DN 100 MM, JUNTA ELÁSTICA, FORNECIDO E INSTALADO EM RAMAL DE DESCARGA OU RAMAL DE ESGOTO SANITÁRIO. AF_08/2022"},89746,"SINAPI",{"$f":"IF(G1381=\"SINAPI\",VLOOKUP($F1381,DADOS_SINAPI,3,0),IF(G1381=\"SETOP\",VLOOKUP($F1381,DADOS_SETOP,3,0),IF(G1381=\"CPU\",VLOOKUP($F1381,DADOS_COMPOSICAO,10,0),IF(G1381=\"SICRO\",VLOOKUP($F1381,DADOS_SICRO,3,0),IF(G1381=\"SUDECAP\",VLOOKUP(F1381,DADOS_SUDECAP,3,0),IF(G1381=\"COTAÇÃO\",VLOOKUP($F1381,DADOS_COTACAO,9,0),\"\"))))))","v":"UN"},{"$f":"F1383","v":15},{"$f":"TRUNC(IF(G1381=\"SINAPI\",VLOOKUP($F1381,DADOS_SINAPI,4,0),IF(G1381=\"SETOP\",VLOOKUP($F1381,DADOS_SETOP,4,0),IF(G1381=\"CPU\",VLOOKUP($F1381,DADOS_COMPOSICAO,13,0),IF(G1381=\"SICRO\",VLOOKUP($F1381,DADOS_SICRO,4,0),IF(G1381=\"SUDECAP\",VLOOKUP(F1381,DADOS_SUDECAP,4,0),IF(G1381=\"COTAÇÃO\",VLOOKUP(F1381,DADOS_COTACAO,12,0),\"\")))))),2)","v":26.49},"BDI 1",{"$f":"TRUNC(J1381*(1+$N$17),2)","v":33.51},{"$f":"IFERROR(TRUNC(I1381*J1381,2),\"\")","v":397.35},{"$f":"L1381*I1381","v":502.65}]
[2000]
[2000,null,null,null,"Total",15,"un "]
[2000]
[{"$f":"IFERROR(LEFT(D1385,SEARCH(\".\",D1385)-1),\"\")","v":"14"},{"$f":"IFERROR(LEFT(RIGHT(D1385,LEN(D1385)-SEARCH(\".\",D1385)),SEARCH(\".\",RIGHT(D1385,LEN(D1385)-SEARCH(\".\",D1385)))-1),\"\")","v":"3"},{"$f":"IFERROR(IF(LEN(D1385)-LEN(SUBSTITUTE(D1385,\".\",\"\"))<>3,\"\",MID(D1385,SEARCH(\".\",D1385,SEARCH(\".\",D1385)+1)+1,LEN(D1385)-SEARCH(\".\",D1385,SEARCH(\".\",D1385)+1)-(LEN(D1385)-(SEARCH(\".\",D1385,SEARCH(\".\",D1385,SEARCH(\".\",D1385)+1)+1)-1)))),\"\")","v":""},"14.3.3",{"$f":"IF($G1385=\"SINAPI\",VLOOKUP($F1385,DADOS_SINAPI,2,0),IF(G1385=\"SETOP\",VLOOKUP($F1385,DADOS_SETOP,2,0),IF(G1385=\"CPU\",VLOOKUP($F1385,DADOS_COMPOSICAO,2,0),IF(G1385=\"SICRO\",VLOOKUP($F1385,DADOS_SICRO,2,0),IF(G1385=\"SUDECAP\",VLOOKUP(F1385,DADOS_SUDECAP,2,0),IF(G1385=\"COTAÇÃO\",VLOOKUP($F1385,DADOS_COTACAO,2,0),\"\"))))))","v":"JOELHO 45 GRAUS, PVC, SERIE NORMAL, ESGOTO PREDIAL, DN 40 MM, JUNTA SOLDÁVEL, FORNECIDO E INSTALADO EM RAMAL DE DESCARGA OU RAMAL DE ESGOTO SANITÁRIO. AF_08/2022"},89726,"SINAPI",{"$f":"IF(G1385=\"SINAPI\",VLOOKUP($F1385,DADOS_SINAPI,3,0),IF(G1385=\"SETOP\",VLOOKUP($F1385,DADOS_SETOP,3,0),IF(G1385=\"CPU\",VLOOKUP($F1385,DADOS_COMPOSICAO,10,0),IF(G1385=\"SICRO\",VLOOKUP($F1385,DADOS_SICRO,3,0),IF(G1385=\"SUDECAP\",VLOOKUP(F1385,DADOS_SUDECAP,3,0),IF(G1385=\"COTAÇÃO\",VLOOKUP($F1385,DADOS_COTACAO,9,0),\"\"))))))","v":"UN"},{"$f":"F1387","v":3},{"$f":"TRUNC(IF(G1385=\"SINAPI\",VLOOKUP($F1385,DADOS_SINAPI,4,0),IF(G1385=\"SETOP\",VLOOKUP($F1385,DADOS_SETOP,4,0),IF(G1385=\"CPU\",VLOOKUP($F1385,DADOS_COMPOSICAO,13,0),IF(G1385=\"SICRO\",VLOOKUP($F1385,DADOS_SICRO,4,0),IF(G1385=\"SUDECAP\",VLOOKUP(F1385,DADOS_SUDECAP,4,0),IF(G1385=\"COTAÇÃO\",VLOOKUP(F1385,DADOS_COTACAO,12,0),\"\")))))),2)","v":9.66},"BDI 1",{"$f":"TRUNC(J1385*(1+$N$17),2)","v":12.22},{"$f":"IFERROR(TRUNC(I1385*J1385,2),\"\")","v":28.98},36.660000000000004]
[2000]
[2000,null,null,null,"Total",3,"un "]
[2000]
[{"$f":"IFERROR(LEFT(D1389,SEARCH(\".\",D1389)-1),\"\")","v":"14"},{"$f":"IFERROR(LEFT(RIGHT(D1389,LEN(D1389)-SEARCH(\".\",D1389)),SEARCH(\".\",RIGHT(D1389,LEN(D1389)-SEARCH(\".\",D1389)))-1),\"\")","v":"3"},{"$f":"IFERROR(IF(LEN(D1389)-LEN(SUBSTITUTE(D1389,\".\",\"\"))<>3,\"\",MID(D1389,SEARCH(\".\",D1389,SEARCH(\".\",D1389)+1)+1,LEN(D1389)-SEARCH(\".\",D1389,SEARCH(\".\",D1389)+1)-(LEN(D1389)-(SEARCH(\".\",D1389,SEARCH(\".\",D1389,SEARCH(\".\",D1389)+1)+1)-1)))),\"\")","v":""},"14.3.4",{"$f":"IF($G1389=\"SINAPI\",VLOOKUP($F1389,DADOS_SINAPI,2,0),IF(G1389=\"SETOP\",VLOOKUP($F1389,DADOS_SETOP,2,0),IF(G1389=\"CPU\",VLOOKUP($F1389,DADOS_COMPOSICAO,2,0),IF(G1389=\"SICRO\",VLOOKUP($F1389,DADOS_SICRO,2,0),IF(G1389=\"SUDECAP\",VLOOKUP(F1389,DADOS_SUDECAP,2,0),IF(G1389=\"COTAÇÃO\",VLOOKUP($F1389,DADOS_COTACAO,2,0),\"\"))))))","v":"JOELHO 45 GRAUS, PVC, SERIE NORMAL, ESGOTO PREDIAL, DN 50 MM, JUNTA ELÁSTICA, FORNECIDO E INSTALADO EM RAMAL DE DESCARGA OU RAMAL DE ESGOTO SANITÁRIO. AF_08/2022"},89732,"SINAPI",{"$f":"IF(G1389=\"SINAPI\",VLOOKUP($F1389,DADOS_SINAPI,3,0),IF(G1389=\"SETOP\",VLOOKUP($F1389,DADOS_SETOP,3,0),IF(G1389=\"CPU\",VLOOKUP($F1389,DADOS_COMPOSICAO,10,0),IF(G1389=\"SICRO\",VLOOKUP($F1389,DADOS_SICRO,3,0),IF(G1389=\"SUDECAP\",VLOOKUP(F1389,DADOS_SUDECAP,3,0),IF(G1389=\"COTAÇÃO\",VLOOKUP($F1389,DADOS_COTACAO,9,0),\"\"))))))","v":"UN"},{"$f":"F1391","v":23},{"$f":"TRUNC(IF(G1389=\"SINAPI\",VLOOKUP($F1389,DADOS_SINAPI,4,0),IF(G1389=\"SETOP\",VLOOKUP($F1389,DADOS_SETOP,4,0),IF(G1389=\"CPU\",VLOOKUP($F1389,DADOS_COMPOSICAO,13,0),IF(G1389=\"SICRO\",VLOOKUP($F1389,DADOS_SICRO,4,0),IF(G1389=\"SUDECAP\",VLOOKUP(F1389,DADOS_SUDECAP,4,0),IF(G1389=\"COTAÇÃO\",VLOOKUP(F1389,DADOS_COTACAO,12,0),\"\")))))),2)","v":14.49},"BDI 1",{"$f":"TRUNC(J1389*(1+$N$17),2)","v":18.329999999999998},{"$f":"IFERROR(TRUNC(I1389*J1389,2),\"\")","v":333.27},421.59]
[2000]
[2000,null,null,null,"Total",23,"un "]
[2000]
["14","3","","14.3.5","JOELHO 90 GRAUS, PVC, SERIE NORMAL, ESGOTO PREDIAL, DN 100 MM, JUNTA ELÁSTICA, FORNECIDO E INSTALADO EM RAMAL DE DESCARGA OU RAMAL DE ESGOTO SANITÁRIO. AF_08/2022",89744,"SINAPI","UN",{"$f":"F1395","v":8},25.65,"BDI 1",32.450000000000003,205.2,259.60000000000002]
[2000]
[2000,null,null,null,"Total",8,"un "]
[2000]
[{"$f":"IFERROR(LEFT(D1397,SEARCH(\".\",D1397)-1),\"\")","v":"14"},{"$f":"IFERROR(LEFT(RIGHT(D1397,LEN(D1397)-SEARCH(\".\",D1397)),SEARCH(\".\",RIGHT(D1397,LEN(D1397)-SEARCH(\".\",D1397)))-1),\"\")","v":"3"},{"$f":"IFERROR(IF(LEN(D1397)-LEN(SUBSTITUTE(D1397,\".\",\"\"))<>3,\"\",MID(D1397,SEARCH(\".\",D1397,SEARCH(\".\",D1397)+1)+1,LEN(D1397)-SEARCH(\".\",D1397,SEARCH(\".\",D1397)+1)-(LEN(D1397)-(SEARCH(\".\",D1397,SEARCH(\".\",D1397,SEARCH(\".\",D1397)+1)+1)-1)))),\"\")","v":""},"14.3.6",{"$f":"IF($G1397=\"SINAPI\",VLOOKUP($F1397,DADOS_SINAPI,2,0),IF(G1397=\"SETOP\",VLOOKUP($F1397,DADOS_SETOP,2,0),IF(G1397=\"CPU\",VLOOKUP($F1397,DADOS_COMPOSICAO,2,0),IF(G1397=\"SICRO\",VLOOKUP($F1397,DADOS_SICRO,2,0),IF(G1397=\"SUDECAP\",VLOOKUP(F1397,DADOS_SUDECAP,2,0),IF(G1397=\"COTAÇÃO\",VLOOKUP($F1397,DADOS_COTACAO,2,0),\"\"))))))","v":"JOELHO 90 GRAUS, PVC, SERIE NORMAL, ESGOTO PREDIAL, DN 40 MM, JUNTA SOLDÁVEL, FORNECIDO E INSTALADO EM RAMAL DE DESCARGA OU RAMAL DE ESGOTO SANITÁRIO. AF_08/2022"},89724,"SINAPI",{"$f":"IF(G1397=\"SINAPI\",VLOOKUP($F1397,DADOS_SINAPI,3,0),IF(G1397=\"SETOP\",VLOOKUP($F1397,DADOS_SETOP,3,0),IF(G1397=\"CPU\",VLOOKUP($F1397,DADOS_COMPOSICAO,10,0),IF(G1397=\"SICRO\",VLOOKUP($F1397,DADOS_SICRO,3,0),IF(G1397=\"SUDECAP\",VLOOKUP(F1397,DADOS_SUDECAP,3,0),IF(G1397=\"COTAÇÃO\",VLOOKUP($F1397,DADOS_COTACAO,9,0),\"\"))))))","v":"UN"},{"$f":"F1399","v":50},{"$f":"TRUNC(IF(G1397=\"SINAPI\",VLOOKUP($F1397,DADOS_SINAPI,4,0),IF(G1397=\"SETOP\",VLOOKUP($F1397,DADOS_SETOP,4,0),IF(G1397=\"CPU\",VLOOKUP($F1397,DADOS_COMPOSICAO,13,0),IF(G1397=\"SICRO\",VLOOKUP($F1397,DADOS_SICRO,4,0),IF(G1397=\"SUDECAP\",VLOOKUP(F1397,DADOS_SUDECAP,4,0),IF(G1397=\"COTAÇÃO\",VLOOKUP(F1397,DADOS_COTACAO,12,0),\"\")))))),2)","v":9.43},"BDI 1",{"$f":"TRUNC(J1397*(1+$N$17),2)","v":11.93},{"$f":"IFERROR(TRUNC(I1397*J1397,2),\"\")","v":471.5},596.5]
[2000]
[2000,null,null,null,"Total",50,"un "]
[2000]
["14","3","","14.3.7","JOELHO 90 GRAUS, PVC, SERIE NORMAL, ESGOTO PREDIAL, DN 50 MM, JUNTA ELÁSTICA, FORNECIDO E INSTALADO EM RAMAL DE DESCARGA OU RAMAL DE ESGOTO SANITÁRIO. AF_08/2022",89731,"SINAPI","UN",{"$f":"F1403","v":43},13.76,"BDI 1",17.399999999999999,591.67999999999995,748.19999999999993]
[2000]
[2000,null,null,null,"Total",43,"un "]
[2000]
[{"$f":"IFERROR(LEFT(D1405,SEARCH(\".\",D1405)-1),\"\")","v":"14"},{"$f":"IFERROR(LEFT(RIGHT(D1405,LEN(D1405)-SEARCH(\".\",D1405)),SEARCH(\".\",RIGHT(D1405,LEN(D1405)-SEARCH(\".\",D1405)))-1),\"\")","v":"3"},"","14.3.8",{"$f":"IF($G1405=\"SINAPI\",VLOOKUP($F1405,DADOS_SINAPI,2,0),IF(G1405=\"SETOP\",VLOOKUP($F1405,DADOS_SETOP,2,0),IF(G1405=\"CPU\",VLOOKUP($F1405,DADOS_COMPOSICAO,2,0),IF(G1405=\"SICRO\",VLOOKUP($F1405,DADOS_SICRO,2,0),IF(G1405=\"SUDECAP\",VLOOKUP(F1405,DADOS_SUDECAP,2,0),IF(G1405=\"COTAÇÃO\",VLOOKUP($F1405,DADOS_COTACAO,2,0),\"\"))))))","v":"JOELHO PVC, COM BOLSA E ANEL, 90 GRAUS, DN 40 X *38* MM, SERIE NORMAL, PARA ESGOTO PREDIAL - FORNECIMENTO E INSTALAÇÃO"},"SAN-001","CPU",{"$f":"IF(G1405=\"SINAPI\",VLOOKUP($F1405,DADOS_SINAPI,3,0),IF(G1405=\"SETOP\",VLOOKUP($F1405,DADOS_SETOP,3,0),IF(G1405=\"CPU\",VLOOKUP($F1405,DADOS_COMPOSICAO,10,0),IF(G1405=\"SICRO\",VLOOKUP($F1405,DADOS_SICRO,3,0),IF(G1405=\"SUDECAP\",VLOOKUP(F1405,DADOS_SUDECAP,3,0),IF(G1405=\"COTAÇÃO\",VLOOKUP($F1405,DADOS_COTACAO,9,0),\"\"))))))","v":"UN"},{"$f":"F1407","v":25},{"$f":"TRUNC(IF(G1405=\"SINAPI\",VLOOKUP($F1405,DADOS_SINAPI,4,0),IF(G1405=\"SETOP\",VLOOKUP($F1405,DADOS_SETOP,4,0),IF(G1405=\"CPU\",VLOOKUP($F1405,DADOS_COMPOSICAO,13,0),IF(G1405=\"SICRO\",VLOOKUP($F1405,DADOS_SICRO,4,0),IF(G1405=\"SUDECAP\",VLOOKUP(F1405,DADOS_SUDECAP,4,0),IF(G1405=\"COTAÇÃO\",VLOOKUP(F1405,DADOS_COTACAO,12,0),\"\")))))),2)","v":17.170000000000002},"BDI 1",{"$f":"TRUNC(J1405*(1+$N$17),2)","v":21.72},{"$f":"IFERROR(TRUNC(I1405*J1405,2),\"\")","v":429.25},543]
[2000]
[2000,null,null,null,"Total",25,"un "]
[2000]
["14","3","","14.3.9",{"$f":"IF($G1409=\"SINAPI\",VLOOKUP($F1409,DADOS_SINAPI,2,0),IF(G1409=\"SETOP\",VLOOKUP($F1409,DADOS_SETOP,2,0),IF(G1409=\"CPU\",VLOOKUP($F1409,DADOS_COMPOSICAO,2,0),IF(G1409=\"SICRO\",VLOOKUP($F1409,DADOS_SICRO,2,0),IF(G1409=\"SUDECAP\",VLOOKUP(F1409,DADOS_SUDECAP,2,0),IF(G1409=\"COTAÇÃO\",VLOOKUP($F1409,DADOS_COTACAO,2,0),\"\"))))))","v":"JUNÇÃO SIMPLES, PVC, SERIE NORMAL, ESGOTO PREDIAL, DN 100 X 50 MM, JUNTA ELÁSTICA, FORNECIDO E INSTALADO"},"SAN-002","CPU","UN",{"$f":"F1411","v":20},43.5,"BDI 1",55.03,870,1100.5999999999999]
[2000]
[2000,null,null,null,"Total",20,"un "]
[2000]
[{"$f":"IFERROR(LEFT(D1413,SEARCH(\".\",D1413)-1),\"\")","v":"14"},{"$f":"IFERROR(LEFT(RIGHT(D1413,LEN(D1413)-SEARCH(\".\",D1413)),SEARCH(\".\",RIGHT(D1413,LEN(D1413)-SEARCH(\".\",D1413)))-1),\"\")","v":"3"},{"$f":"IFERROR(IF(LEN(D1413)-LEN(SUBSTITUTE(D1413,\".\",\"\"))<>3,\"\",MID(D1413,SEARCH(\".\",D1413,SEARCH(\".\",D1413)+1)+1,LEN(D1413)-SEARCH(\".\",D1413,SEARCH(\".\",D1413)+1)-(LEN(D1413)-(SEARCH(\".\",D1413,SEARCH(\".\",D1413,SEARCH(\".\",D1413)+1)+1)-1)))),\"\")","v":""},"14.3.10",{"$f":"IF($G1413=\"SINAPI\",VLOOKUP($F1413,DADOS_SINAPI,2,0),IF(G1413=\"SETOP\",VLOOKUP($F1413,DADOS_SETOP,2,0),IF(G1413=\"CPU\",VLOOKUP($F1413,DADOS_COMPOSICAO,2,0),IF(G1413=\"SICRO\",VLOOKUP($F1413,DADOS_SICRO,2,0),IF(G1413=\"SUDECAP\",VLOOKUP(F1413,DADOS_SUDECAP,2,0),IF(G1413=\"COTAÇÃO\",VLOOKUP($F1413,DADOS_COTACAO,2,0),\"\"))))))","v":"JUNÇÃO SIMPLES, PVC, SERIE NORMAL, ESGOTO PREDIAL, DN 100 X 100 MM, JUNTA ELÁSTICA, FORNECIDO E INSTALADO EM PRUMADA DE ESGOTO SANITÁRIO OU VENTILAÇÃO. AF_08/2022"},89834,"SINAPI",{"$f":"IF(G1413=\"SINAPI\",VLOOKUP($F1413,DADOS_SINAPI,3,0),IF(G1413=\"SETOP\",VLOOKUP($F1413,DADOS_SETOP,3,0),IF(G1413=\"CPU\",VLOOKUP($F1413,DADOS_COMPOSICAO,10,0),IF(G1413=\"SICRO\",VLOOKUP($F1413,DADOS_SICRO,3,0),IF(G1413=\"SUDECAP\",VLOOKUP(F1413,DADOS_SUDECAP,3,0),IF(G1413=\"COTAÇÃO\",VLOOKUP($F1413,DADOS_COTACAO,9,0),\"\"))))))","v":"UN"},{"$f":"F1415","v":6},{"$f":"TRUNC(IF(G1413=\"SINAPI\",VLOOKUP($F1413,DADOS_SINAPI,4,0),IF(G1413=\"SETOP\",VLOOKUP($F1413,DADOS_SETOP,4,0),IF(G1413=\"CPU\",VLOOKUP($F1413,DADOS_COMPOSICAO,13,0),IF(G1413=\"SICRO\",VLOOKUP($F1413,DADOS_SICRO,4,0),IF(G1413=\"SUDECAP\",VLOOKUP(F1413,DADOS_SUDECAP,4,0),IF(G1413=\"COTAÇÃO\",VLOOKUP(F1413,DADOS_COTACAO,12,0),\"\")))))),2)","v":50.07},"BDI 1",{"$f":"TRUNC(J1413*(1+$N$17),2)","v":63.34},{"$f":"IFERROR(TRUNC(I1413*J1413,2),\"\")","v":300.42},380.04]
[2000]
[2000,null,null,null,"Total",6,"un "]
[2000]
[{"$f":"IFERROR(LEFT(D1417,SEARCH(\".\",D1417)-1),\"\")","v":"14"},{"$f":"IFERROR(LEFT(RIGHT(D1417,LEN(D1417)-SEARCH(\".\",D1417)),SEARCH(\".\",RIGHT(D1417,LEN(D1417)-SEARCH(\".\",D1417)))-1),\"\")","v":"3"},{"$f":"IFERROR(IF(LEN(D1417)-LEN(SUBSTITUTE(D1417,\".\",\"\"))<>3,\"\",MID(D1417,SEARCH(\".\",D1417,SEARCH(\".\",D1417)+1)+1,LEN(D1417)-SEARCH(\".\",D1417,SEARCH(\".\",D1417)+1)-(LEN(D1417)-(SEARCH(\".\",D1417,SEARCH(\".\",D1417,SEARCH(\".\",D1417)+1)+1)-1)))),\"\")","v":""},"14.3.11",{"$f":"IF($G1417=\"SINAPI\",VLOOKUP($F1417,DADOS_SINAPI,2,0),IF(G1417=\"SETOP\",VLOOKUP($F1417,DADOS_SETOP,2,0),IF(G1417=\"CPU\",VLOOKUP($F1417,DADOS_COMPOSICAO,2,0),IF(G1417=\"SICRO\",VLOOKUP($F1417,DADOS_SICRO,2,0),IF(G1417=\"SUDECAP\",VLOOKUP(F1417,DADOS_SUDECAP,2,0),IF(G1417=\"COTAÇÃO\",VLOOKUP($F1417,DADOS_COTACAO,2,0),\"\"))))))","v":"JUNÇÃO SIMPLES, PVC, SERIE NORMAL, ESGOTO PREDIAL, DN 50 X 50 MM, JUNTA ELÁSTICA, FORNECIDO E INSTALADO EM PRUMADA DE ESGOTO SANITÁRIO OU VENTILAÇÃO. AF_08/2022"},89827,"SINAPI",{"$f":"IF(G1417=\"SINAPI\",VLOOKUP($F1417,DADOS_SINAPI,3,0),IF(G1417=\"SETOP\",VLOOKUP($F1417,DADOS_SETOP,3,0),IF(G1417=\"CPU\",VLOOKUP($F1417,DADOS_COMPOSICAO,10,0),IF(G1417=\"SICRO\",VLOOKUP($F1417,DADOS_SICRO,3,0),IF(G1417=\"SUDECAP\",VLOOKUP(F1417,DADOS_SUDECAP,3,0),IF(G1417=\"COTAÇÃO\",VLOOKUP($F1417,DADOS_COTACAO,9,0),\"\"))))))","v":"UN"},{"$f":"F1419","v":5},{"$f":"TRUNC(IF(G1417=\"SINAPI\",VLOOKUP($F1417,DADOS_SINAPI,4,0),IF(G1417=\"SETOP\",VLOOKUP($F1417,DADOS_SETOP,4,0),IF(G1417=\"CPU\",VLOOKUP($F1417,DADOS_COMPOSICAO,13,0),IF(G1417=\"SICRO\",VLOOKUP($F1417,DADOS_SICRO,4,0),IF(G1417=\"SUDECAP\",VLOOKUP(F1417,DADOS_SUDECAP,4,0),IF(G1417=\"COTAÇÃO\",VLOOKUP(F1417,DADOS_COTACAO,12,0),\"\")))))),2)","v":18.739999999999998},"BDI 1",{"$f":"TRUNC(J1417*(1+$N$17),2)","v":23.7},{"$f":"IFERROR(TRUNC(I1417*J1417,2),\"\")","v":93.7},118.5]
[2000]
[2000,null,null,null,"Total",5,"un "]
[2000]
[{"$f":"IFERROR(LEFT(D1421,SEARCH(\".\",D1421)-1),\"\")","v":"14"},{"$f":"IFERROR(LEFT(RIGHT(D1421,LEN(D1421)-SEARCH(\".\",D1421)),SEARCH(\".\",RIGHT(D1421,LEN(D1421)-SEARCH(\".\",D1421)))-1),\"\")","v":"3"},{"$f":"IFERROR(IF(LEN(D1421)-LEN(SUBSTITUTE(D1421,\".\",\"\"))<>3,\"\",MID(D1421,SEARCH(\".\",D1421,SEARCH(\".\",D1421)+1)+1,LEN(D1421)-SEARCH(\".\",D1421,SEARCH(\".\",D1421)+1)-(LEN(D1421)-(SEARCH(\".\",D1421,SEARCH(\".\",D1421,SEARCH(\".\",D1421)+1)+1)-1)))),\"\")","v":""},"14.3.12",{"$f":"IF($G1421=\"SINAPI\",VLOOKUP($F1421,DADOS_SINAPI,2,0),IF(G1421=\"SETOP\",VLOOKUP($F1421,DADOS_SETOP,2,0),IF(G1421=\"CPU\",VLOOKUP($F1421,DADOS_COMPOSICAO,2,0),IF(G1421=\"SICRO\",VLOOKUP($F1421,DADOS_SICRO,2,0),IF(G1421=\"SUDECAP\",VLOOKUP(F1421,DADOS_SUDECAP,2,0),IF(G1421=\"COTAÇÃO\",VLOOKUP($F1421,DADOS_COTACAO,2,0),\"\"))))))","v":"REDUÇÃO EXCÊNTRICA, PVC, SERIE NORMAL, ESGOTO PREDIAL, DN 100 X 50 MM, JUNTA ELÁSTICA, FORNECIDO E INSTALADO"},"SAN-003","CPU",{"$f":"IF(G1421=\"SINAPI\",VLOOKUP($F1421,DADOS_SINAPI,3,0),IF(G1421=\"SETOP\",VLOOKUP($F1421,DADOS_SETOP,3,0),IF(G1421=\"CPU\",VLOOKUP($F1421,DADOS_COMPOSICAO,10,0),IF(G1421=\"SICRO\",VLOOKUP($F1421,DADOS_SICRO,3,0),IF(G1421=\"SUDECAP\",VLOOKUP(F1421,DADOS_SUDECAP,3,0),IF(G1421=\"COTAÇÃO\",VLOOKUP($F1421,DADOS_COTACAO,9,0),\"\"))))))","v":"UN"},{"$f":"F1423","v":4},{"$f":"TRUNC(IF(G1421=\"SINAPI\",VLOOKUP($F1421,DADOS_SINAPI,4,0),IF(G1421=\"SETOP\",VLOOKUP($F1421,DADOS_SETOP,4,0),IF(G1421=\"CPU\",VLOOKUP($F1421,DADOS_COMPOSICAO,13,0),IF(G1421=\"SICRO\",VLOOKUP($F1421,DADOS_SICRO,4,0),IF(G1421=\"SUDECAP\",VLOOKUP(F1421,DADOS_SUDECAP,4,0),IF(G1421=\"COTAÇÃO\",VLOOKUP(F1421,DADOS_COTACAO,12,0),\"\")))))),2)","v":17.43},"BDI 1",{"$f":"TRUNC(J1421*(1+$N$17),2)","v":22.05},{"$f":"IFERROR(TRUNC(I1421*J1421,2),\"\")","v":69.72},88.2]
[2000]
[2000,null,null,null,"Total",4,"un "]
[2000]
[{"$f":"IFERROR(LEFT(D1425,SEARCH(\".\",D1425)-1),\"\")","v":"14"},{"$f":"IFERROR(LEFT(RIGHT(D1425,LEN(D1425)-SEARCH(\".\",D1425)),SEARCH(\".\",RIGHT(D1425,LEN(D1425)-SEARCH(\".\",D1425)))-1),\"\")","v":"3"},{"$f":"IFERROR(IF(LEN(D1425)-LEN(SUBSTITUTE(D1425,\".\",\"\"))<>3,\"\",MID(D1425,SEARCH(\".\",D1425,SEARCH(\".\",D1425)+1)+1,LEN(D1425)-SEARCH(\".\",D1425,SEARCH(\".\",D1425)+1)-(LEN(D1425)-(SEARCH(\".\",D1425,SEARCH(\".\",D1425,SEARCH(\".\",D1425)+1)+1)-1)))),\"\")","v":""},"14.3.13",{"$f":"IF($G1425=\"SINAPI\",VLOOKUP($F1425,DADOS_SINAPI,2,0),IF(G1425=\"SETOP\",VLOOKUP($F1425,DADOS_SETOP,2,0),IF(G1425=\"CPU\",VLOOKUP($F1425,DADOS_COMPOSICAO,2,0),IF(G1425=\"SICRO\",VLOOKUP($F1425,DADOS_SICRO,2,0),IF(G1425=\"SUDECAP\",VLOOKUP(F1425,DADOS_SUDECAP,2,0),IF(G1425=\"COTAÇÃO\",VLOOKUP($F1425,DADOS_COTACAO,2,0),\"\"))))))","v":"TERMINAL DE VENTILAÇÃO, PVC, SÉRIE NORMAL, ESGOTO PREDIAL, DN 50 MM, JUNTA SOLDÁVEL, FORNECIDO E INSTALADO EM PRUMADA DE ESGOTO SANITÁRIO OU VENTILAÇÃO. AF_08/2022"},104348,"SINAPI",{"$f":"IF(G1425=\"SINAPI\",VLOOKUP($F1425,DADOS_SINAPI,3,0),IF(G1425=\"SETOP\",VLOOKUP($F1425,DADOS_SETOP,3,0),IF(G1425=\"CPU\",VLOOKUP($F1425,DADOS_COMPOSICAO,10,0),IF(G1425=\"SICRO\",VLOOKUP($F1425,DADOS_SICRO,3,0),IF(G1425=\"SUDECAP\",VLOOKUP(F1425,DADOS_SUDECAP,3,0),IF(G1425=\"COTAÇÃO\",VLOOKUP($F1425,DADOS_COTACAO,9,0),\"\"))))))","v":"UN"},{"$f":"F1427","v":7},{"$f":"TRUNC(IF(G1425=\"SINAPI\",VLOOKUP($F1425,DADOS_SINAPI,4,0),IF(G1425=\"SETOP\",VLOOKUP($F1425,DADOS_SETOP,4,0),IF(G1425=\"CPU\",VLOOKUP($F1425,DADOS_COMPOSICAO,13,0),IF(G1425=\"SICRO\",VLOOKUP($F1425,DADOS_SICRO,4,0),IF(G1425=\"SUDECAP\",VLOOKUP(F1425,DADOS_SUDECAP,4,0),IF(G1425=\"COTAÇÃO\",VLOOKUP(F1425,DADOS_COTACAO,12,0),\"\")))))),2)","v":10.84},"BDI 1",{"$f":"TRUNC(J1425*(1+$N$17),2)","v":13.71},{"$f":"IFERROR(TRUNC(I1425*J1425,2),\"\")","v":75.88},95.97]
[2000]
[2000,null,null,null,"Total",7,"un "]
[2000]
["14","3","","14.3.14","TUBO PVC, SERIE NORMAL, ESGOTO PREDIAL, DN 100 MM, FORNECIDO E INSTALADO EM RAMAL DE DESCARGA OU RAMAL DE ESGOTO SANITÁRIO. AF_08/2022",89714,"SINAPI","M",{"$f":"F1431","v":72.34},35.590000000000003,"BDI 1",45.02,2574.58,3256.75]
[2000]
[2000,null,null,null,"Comprimento",72.34,"m"]
[2000]
["14","3","","14.3.15","TUBO PVC, SERIE NORMAL, ESGOTO PREDIAL, DN 40 MM, FORNECIDO E INSTALADO EM RAMAL DE DESCARGA OU RAMAL DE ESGOTO SANITÁRIO. AF_08/2022",89711,"SINAPI","M",{"$f":"F1435","v":33.33},19.96,"BDI 1",25.25,665.26,841.58]
[2000]
[2000,null,null,null,"Comprimento",33.33,"m"]
[2000]
["14","3","","14.3.16","TUBO PVC, SERIE NORMAL, ESGOTO PREDIAL, DN 50 MM, FORNECIDO E INSTALADO EM RAMAL DE DESCARGA OU RAMAL DE ESGOTO SANITÁRIO. AF_08/2022",89712,"SINAPI","M",{"$f":"F1439","v":72.209999999999994},25.56,"BDI 1",32.33,1845.68,2334.5500000000002]
[2000]
[2000,null,null,null,"Comprimento",72.209999999999994,"m"]
[2000]
[{"$f":"IFERROR(LEFT(D1441,SEARCH(\".\",D1441)-1),\"\")","v":"14"},{"$f":"IFERROR(LEFT(RIGHT(D1441,LEN(D1441)-SEARCH(\".\",D1441)),SEARCH(\".\",RIGHT(D1441,LEN(D1441)-SEARCH(\".\",D1441)))-1),\"\")","v":"3"},{"$f":"IFERROR(IF(LEN(D1441)-LEN(SUBSTITUTE(D1441,\".\",\"\"))<>3,\"\",MID(D1441,SEARCH(\".\",D1441,SEARCH(\".\",D1441)+1)+1,LEN(D1441)-SEARCH(\".\",D1441,SEARCH(\".\",D1441)+1)-(LEN(D1441)-(SEARCH(\".\",D1441,SEARCH(\".\",D1441,SEARCH(\".\",D1441)+1)+1)-1)))),\"\")","v":""},"14.3.17",{"$f":"IF($G1441=\"SINAPI\",VLOOKUP($F1441,DADOS_SINAPI,2,0),IF(G1441=\"SETOP\",VLOOKUP($F1441,DADOS_SETOP,2,0),IF(G1441=\"CPU\",VLOOKUP($F1441,DADOS_COMPOSICAO,2,0),IF(G1441=\"SICRO\",VLOOKUP($F1441,DADOS_SICRO,2,0),IF(G1441=\"SUDECAP\",VLOOKUP(F1441,DADOS_SUDECAP,2,0),IF(G1441=\"COTAÇÃO\",VLOOKUP($F1441,DADOS_COTACAO,2,0),\"\"))))))","v":"TE, PVC, SÉRIE NORMAL, ESGOTO PREDIAL, DN 100 X 50 MM, JUNTA ELÁSTICA, FORNECIDO E INSTALADO EM RAMAL DE DESCARGA OU RAMAL DE ESGOTO SANITÁRIO. AF_08/2022"},104344,"SINAPI",{"$f":"IF(G1441=\"SINAPI\",VLOOKUP($F1441,DADOS_SINAPI,3,0),IF(G1441=\"SETOP\",VLOOKUP($F1441,DADOS_SETOP,3,0),IF(G1441=\"CPU\",VLOOKUP($F1441,DADOS_COMPOSICAO,10,0),IF(G1441=\"SICRO\",VLOOKUP($F1441,DADOS_SICRO,3,0),IF(G1441=\"SUDECAP\",VLOOKUP(F1441,DADOS_SUDECAP,3,0),IF(G1441=\"COTAÇÃO\",VLOOKUP($F1441,DADOS_COTACAO,9,0),\"\"))))))","v":"UN"},{"$f":"F1443","v":4},{"$f":"TRUNC(IF(G1441=\"SINAPI\",VLOOKUP($F1441,DADOS_SINAPI,4,0),IF(G1441=\"SETOP\",VLOOKUP($F1441,DADOS_SETOP,4,0),IF(G1441=\"CPU\",VLOOKUP($F1441,DADOS_COMPOSICAO,13,0),IF(G1441=\"SICRO\",VLOOKUP($F1441,DADOS_SICRO,4,0),IF(G1441=\"SUDECAP\",VLOOKUP(F1441,DADOS_SUDECAP,4,0),IF(G1441=\"COTAÇÃO\",VLOOKUP(F1441,DADOS_COTACAO,12,0),\"\")))))),2)","v":38.4},"BDI 1",{"$f":"TRUNC(J1441*(1+$N$17),2)","v":48.58},{"$f":"IFERROR(TRUNC(I1441*J1441,2),\"\")","v":153.6},194.32]
[2000]
[2000,null,null,null,"Total",4,"un "]
[2000]
[{"$f":"IFERROR(LEFT(D1445,SEARCH(\".\",D1445)-1),\"\")","v":"14"},{"$f":"IFERROR(LEFT(RIGHT(D1445,LEN(D1445)-SEARCH(\".\",D1445)),SEARCH(\".\",RIGHT(D1445,LEN(D1445)-SEARCH(\".\",D1445)))-1),\"\")","v":"3"},{"$f":"IFERROR(IF(LEN(D1445)-LEN(SUBSTITUTE(D1445,\".\",\"\"))<>3,\"\",MID(D1445,SEARCH(\".\",D1445,SEARCH(\".\",D1445)+1)+1,LEN(D1445)-SEARCH(\".\",D1445,SEARCH(\".\",D1445)+1)-(LEN(D1445)-(SEARCH(\".\",D1445,SEARCH(\".\",D1445,SEARCH(\".\",D1445)+1)+1)-1)))),\"\")","v":""},"14.3.18",{"$f":"IF($G1445=\"SINAPI\",VLOOKUP($F1445,DADOS_SINAPI,2,0),IF(G1445=\"SETOP\",VLOOKUP($F1445,DADOS_SETOP,2,0),IF(G1445=\"CPU\",VLOOKUP($F1445,DADOS_COMPOSICAO,2,0),IF(G1445=\"SICRO\",VLOOKUP($F1445,DADOS_SICRO,2,0),IF(G1445=\"SUDECAP\",VLOOKUP(F1445,DADOS_SUDECAP,2,0),IF(G1445=\"COTAÇÃO\",VLOOKUP($F1445,DADOS_COTACAO,2,0),\"\"))))))","v":"TE, PVC, SERIE NORMAL, ESGOTO PREDIAL, DN 50 X 50 MM, JUNTA ELÁSTICA, FORNECIDO E INSTALADO EM RAMAL DE DESCARGA OU RAMAL DE ESGOTO SANITÁRIO. AF_08/2022"},89784,"SINAPI",{"$f":"IF(G1445=\"SINAPI\",VLOOKUP($F1445,DADOS_SINAPI,3,0),IF(G1445=\"SETOP\",VLOOKUP($F1445,DADOS_SETOP,3,0),IF(G1445=\"CPU\",VLOOKUP($F1445,DADOS_COMPOSICAO,10,0),IF(G1445=\"SICRO\",VLOOKUP($F1445,DADOS_SICRO,3,0),IF(G1445=\"SUDECAP\",VLOOKUP(F1445,DADOS_SUDECAP,3,0),IF(G1445=\"COTAÇÃO\",VLOOKUP($F1445,DADOS_COTACAO,9,0),\"\"))))))","v":"UN"},{"$f":"F1447","v":6},{"$f":"TRUNC(IF(G1445=\"SINAPI\",VLOOKUP($F1445,DADOS_SINAPI,4,0),IF(G1445=\"SETOP\",VLOOKUP($F1445,DADOS_SETOP,4,0),IF(G1445=\"CPU\",VLOOKUP($F1445,DADOS_COMPOSICAO,13,0),IF(G1445=\"SICRO\",VLOOKUP($F1445,DADOS_SICRO,4,0),IF(G1445=\"SUDECAP\",VLOOKUP(F1445,DADOS_SUDECAP,4,0),IF(G1445=\"COTAÇÃO\",VLOOKUP(F1445,DADOS_COTACAO,12,0),\"\")))))),2)","v":22.56},"BDI 1",{"$f":"TRUNC(J1445*(1+$N$17),2)","v":28.54},{"$f":"IFERROR(TRUNC(I1445*J1445,2),\"\")","v":135.36000000000001},{"$f":"L1445*I1445","v":171.24}]
[2000]
[2000,null,null,null,"Total",6,"un "]
[2000]
[null,null,null,"14.4","RASGOS E CHUMBAMENTOS",null,null,null,null,null,null,null,{"$f":"IFERROR(SUMIFS(M:M,A:A,LEFT(D1449,SEARCH(\".\",D1449)-1),B:B,RIGHT(D1449,LEN(D1449)-SEARCH(\".\",D1449))),\"\")","v":672.01},{"$f":"IFERROR(SUMIFS(N:N,A:A,LEFT(D1449,SEARCH(\".\",D1449)-1),B:B,RIGHT(D1449,LEN(D1449)-SEARCH(\".\",D1449))),\"\")","v":849.97}]
[{"$f":"IFERROR(LEFT(D1450,SEARCH(\".\",D1450)-1),\"\")","v":"14"},{"$f":"IFERROR(LEFT(RIGHT(D1450,LEN(D1450)-SEARCH(\".\",D1450)),SEARCH(\".\",RIGHT(D1450,LEN(D1450)-SEARCH(\".\",D1450)))-1),\"\")","v":"4"},{"$f":"IFERROR(IF(LEN(D1450)-LEN(SUBSTITUTE(D1450,\".\",\"\"))<>3,\"\",MID(D1450,SEARCH(\".\",D1450,SEARCH(\".\",D1450)+1)+1,LEN(D1450)-SEARCH(\".\",D1450,SEARCH(\".\",D1450)+1)-(LEN(D1450)-(SEARCH(\".\",D1450,SEARCH(\".\",D1450,SEARCH(\".\",D1450)+1)+1)-1)))),\"\")","v":""},"14.4.1",{"$f":"IF($G1450=\"SINAPI\",VLOOKUP($F1450,DADOS_SINAPI,2,0),IF(G1450=\"SETOP\",VLOOKUP($F1450,DADOS_SETOP,2,0),IF(G1450=\"CPU\",VLOOKUP($F1450,DADOS_COMPOSICAO,2,0),IF(G1450=\"SICRO\",VLOOKUP($F1450,DADOS_SICRO,2,0),IF(G1450=\"SUDECAP\",VLOOKUP(F1450,DADOS_SUDECAP,2,0),IF(G1450=\"COTAÇÃO\",VLOOKUP($F1450,DADOS_COTACAO,2,0),\"\"))))))","v":"RASGO LINEAR MANUAL EM ALVENARIA, PARA RAMAIS/ DISTRIBUIÇÃO DE INSTALAÇÕES HIDRÁULICAS, DIÂMETROS MAIORES QUE 40 MM E MENORES OU IGUAIS A 75 MM. AF_09/2023"},91222,"SINAPI",{"$f":"IF(G1450=\"SINAPI\",VLOOKUP($F1450,DADOS_SINAPI,3,0),IF(G1450=\"SETOP\",VLOOKUP($F1450,DADOS_SETOP,3,0),IF(G1450=\"CPU\",VLOOKUP($F1450,DADOS_COMPOSICAO,10,0),IF(G1450=\"SICRO\",VLOOKUP($F1450,DADOS_SICRO,3,0),IF(G1450=\"SUDECAP\",VLOOKUP(F1450,DADOS_SUDECAP,3,0),IF(G1450=\"COTAÇÃO\",VLOOKUP($F1450,DADOS_COTACAO,9,0),\"\"))))))","v":"M"},{"$f":"F1452","v":14.02},{"$f":"TRUNC(IF(G1450=\"SINAPI\",VLOOKUP($F1450,DADOS_SINAPI,4,0),IF(G1450=\"SETOP\",VLOOKUP($F1450,DADOS_SETOP,4,0),IF(G1450=\"CPU\",VLOOKUP($F1450,DADOS_COMPOSICAO,13,0),IF(G1450=\"SICRO\",VLOOKUP($F1450,DADOS_SICRO,4,0),IF(G1450=\"SUDECAP\",VLOOKUP(F1450,DADOS_SUDECAP,4,0),IF(G1450=\"COTAÇÃO\",VLOOKUP(F1450,DADOS_COTACAO,12,0),\"\")))))),2)","v":7.86},"BDI 1",{"$f":"TRUNC(J1450*(1+$N$17),2)","v":9.94},{"$f":"IFERROR(TRUNC(I1450*J1450,2),\"\")","v":110.19},139.36000000000001]
[2000]
[2000,null,null,null,"Quantidade",14.02,"m"]
[2000]
[{"$f":"IFERROR(LEFT(D1454,SEARCH(\".\",D1454)-1),\"\")","v":"14"},{"$f":"IFERROR(LEFT(RIGHT(D1454,LEN(D1454)-SEARCH(\".\",D1454)),SEARCH(\".\",RIGHT(D1454,LEN(D1454)-SEARCH(\".\",D1454)))-1),\"\")","v":"4"},{"$f":"IFERROR(IF(LEN(D1454)-LEN(SUBSTITUTE(D1454,\".\",\"\"))<>3,\"\",MID(D1454,SEARCH(\".\",D1454,SEARCH(\".\",D1454)+1)+1,LEN(D1454)-SEARCH(\".\",D1454,SEARCH(\".\",D1454)+1)-(LEN(D1454)-(SEARCH(\".\",D1454,SEARCH(\".\",D1454,SEARCH(\".\",D1454)+1)+1)-1)))),\"\")","v":""},"14.4.2",{"$f":"IF($G1454=\"SINAPI\",VLOOKUP($F1454,DADOS_SINAPI,2,0),IF(G1454=\"SETOP\",VLOOKUP($F1454,DADOS_SETOP,2,0),IF(G1454=\"CPU\",VLOOKUP($F1454,DADOS_COMPOSICAO,2,0),IF(G1454=\"SICRO\",VLOOKUP($F1454,DADOS_SICRO,2,0),IF(G1454=\"SUDECAP\",VLOOKUP(F1454,DADOS_SUDECAP,2,0),IF(G1454=\"COTAÇÃO\",VLOOKUP($F1454,DADOS_COTACAO,2,0),\"\"))))))","v":"CHUMBAMENTO LINEAR EM ALVENARIA PARA RAMAIS/DISTRIBUIÇÃO DE INSTALAÇÕES HIDRÁULICAS COM DIÂMETROS MAIORES QUE 40 MM E MENORES OU IGUAIS A 75 MM. AF_09/2023"},90467,"SINAPI",{"$f":"IF(G1454=\"SINAPI\",VLOOKUP($F1454,DADOS_SINAPI,3,0),IF(G1454=\"SETOP\",VLOOKUP($F1454,DADOS_SETOP,3,0),IF(G1454=\"CPU\",VLOOKUP($F1454,DADOS_COMPOSICAO,10,0),IF(G1454=\"SICRO\",VLOOKUP($F1454,DADOS_SICRO,3,0),IF(G1454=\"SUDECAP\",VLOOKUP(F1454,DADOS_SUDECAP,3,0),IF(G1454=\"COTAÇÃO\",VLOOKUP($F1454,DADOS_COTACAO,9,0),\"\"))))))","v":"M"},{"$f":"F1456","v":14.02},{"$f":"TRUNC(IF(G1454=\"SINAPI\",VLOOKUP($F1454,DADOS_SINAPI,4,0),IF(G1454=\"SETOP\",VLOOKUP($F1454,DADOS_SETOP,4,0),IF(G1454=\"CPU\",VLOOKUP($F1454,DADOS_COMPOSICAO,13,0),IF(G1454=\"SICRO\",VLOOKUP($F1454,DADOS_SICRO,4,0),IF(G1454=\"SUDECAP\",VLOOKUP(F1454,DADOS_SUDECAP,4,0),IF(G1454=\"COTAÇÃO\",VLOOKUP(F1454,DADOS_COTACAO,12,0),\"\")))))),2)","v":21.07},"BDI 1",{"$f":"TRUNC(J1454*(1+$N$17),2)","v":26.65},{"$f":"IFERROR(TRUNC(I1454*J1454,2),\"\")","v":295.39999999999998},373.63]
[2000]
[2000,null,null,null,"Quantidade",{"$f":"F1452","v":14.02},"m"]
[2000]
[{"$f":"IFERROR(LEFT(D1458,SEARCH(\".\",D1458)-1),\"\")","v":"14"},{"$f":"IFERROR(LEFT(RIGHT(D1458,LEN(D1458)-SEARCH(\".\",D1458)),SEARCH(\".\",RIGHT(D1458,LEN(D1458)-SEARCH(\".\",D1458)))-1),\"\")","v":"4"},{"$f":"IFERROR(IF(LEN(D1458)-LEN(SUBSTITUTE(D1458,\".\",\"\"))<>3,\"\",MID(D1458,SEARCH(\".\",D1458,SEARCH(\".\",D1458)+1)+1,LEN(D1458)-SEARCH(\".\",D1458,SEARCH(\".\",D1458)+1)-(LEN(D1458)-(SEARCH(\".\",D1458,SEARCH(\".\",D1458,SEARCH(\".\",D1458)+1)+1)-1)))),\"\")","v":""},"14.4.3",{"$f":"IF($G1458=\"SINAPI\",VLOOKUP($F1458,DADOS_SINAPI,2,0),IF(G1458=\"SETOP\",VLOOKUP($F1458,DADOS_SETOP,2,0),IF(G1458=\"CPU\",VLOOKUP($F1458,DADOS_COMPOSICAO,2,0),IF(G1458=\"SICRO\",VLOOKUP($F1458,DADOS_SICRO,2,0),IF(G1458=\"SUDECAP\",VLOOKUP(F1458,DADOS_SUDECAP,2,0),IF(G1458=\"COTAÇÃO\",VLOOKUP($F1458,DADOS_COTACAO,2,0),\"\"))))))","v":"ABRAÇADEIRA PARA FIXAÇÃO DE TUBOS"},"SAN-004","CPU",{"$f":"IF(G1458=\"SINAPI\",VLOOKUP($F1458,DADOS_SINAPI,3,0),IF(G1458=\"SETOP\",VLOOKUP($F1458,DADOS_SETOP,3,0),IF(G1458=\"CPU\",VLOOKUP($F1458,DADOS_COMPOSICAO,10,0),IF(G1458=\"SICRO\",VLOOKUP($F1458,DADOS_SICRO,3,0),IF(G1458=\"SUDECAP\",VLOOKUP(F1458,DADOS_SUDECAP,3,0),IF(G1458=\"COTAÇÃO\",VLOOKUP($F1458,DADOS_COTACAO,9,0),\"\"))))))","v":"UN"},{"$f":"F1460","v":14},{"$f":"TRUNC(IF(G1458=\"SINAPI\",VLOOKUP($F1458,DADOS_SINAPI,4,0),IF(G1458=\"SETOP\",VLOOKUP($F1458,DADOS_SETOP,4,0),IF(G1458=\"CPU\",VLOOKUP($F1458,DADOS_COMPOSICAO,13,0),IF(G1458=\"SICRO\",VLOOKUP($F1458,DADOS_SICRO,4,0),IF(G1458=\"SUDECAP\",VLOOKUP(F1458,DADOS_SUDECAP,4,0),IF(G1458=\"COTAÇÃO\",VLOOKUP(F1458,DADOS_COTACAO,12,0),\"\")))))),2)","v":19.03},"BDI 1",{"$f":"TRUNC(J1458*(1+$N$17),2)","v":24.07},{"$f":"IFERROR(TRUNC(I1458*J1458,2),\"\")","v":266.42},{"$f":"L1458*I1458","v":336.98}]
[2000]
[2000,null,null,null,"Quantidade",14,"un "]
[2000]
[null,null,null,"14.5","ESCAVAÇÃO E REATERRO",null,null,null,null,null,null,null,{"$f":"IFERROR(SUMIFS(M:M,A:A,LEFT(D1462,SEARCH(\".\",D1462)-1),B:B,RIGHT(D1462,LEN(D1462)-SEARCH(\".\",D1462))),\"\")","v":5233.38},{"$f":"IFERROR(SUMIFS(N:N,A:A,LEFT(D1462,SEARCH(\".\",D1462)-1),B:B,RIGHT(D1462,LEN(D1462)-SEARCH(\".\",D1462))),\"\")","v":6620.25}]
[{"$f":"IFERROR(LEFT(D1463,SEARCH(\".\",D1463)-1),\"\")","v":"14"},{"$f":"IFERROR(LEFT(RIGHT(D1463,LEN(D1463)-SEARCH(\".\",D1463)),SEARCH(\".\",RIGHT(D1463,LEN(D1463)-SEARCH(\".\",D1463)))-1),\"\")","v":"5"},{"$f":"IFERROR(IF(LEN(D1463)-LEN(SUBSTITUTE(D1463,\".\",\"\"))<>3,\"\",MID(D1463,SEARCH(\".\",D1463,SEARCH(\".\",D1463)+1)+1,LEN(D1463)-SEARCH(\".\",D1463,SEARCH(\".\",D1463)+1)-(LEN(D1463)-(SEARCH(\".\",D1463,SEARCH(\".\",D1463,SEARCH(\".\",D1463)+1)+1)-1)))),\"\")","v":""},"14.5.1",{"$f":"IF($G1463=\"SINAPI\",VLOOKUP($F1463,DADOS_SINAPI,2,0),IF(G1463=\"SETOP\",VLOOKUP($F1463,DADOS_SETOP,2,0),IF(G1463=\"CPU\",VLOOKUP($F1463,DADOS_COMPOSICAO,2,0),IF(G1463=\"SICRO\",VLOOKUP($F1463,DADOS_SICRO,2,0),IF(G1463=\"SUDECAP\",VLOOKUP(F1463,DADOS_SUDECAP,2,0),IF(G1463=\"COTAÇÃO\",VLOOKUP($F1463,DADOS_COTACAO,2,0),\"\"))))))","v":"ESCAVAÇÃO MANUAL DE VALA. AF_09/2024"},93358,"SINAPI",{"$f":"IF(G1463=\"SINAPI\",VLOOKUP($F1463,DADOS_SINAPI,3,0),IF(G1463=\"SETOP\",VLOOKUP($F1463,DADOS_SETOP,3,0),IF(G1463=\"CPU\",VLOOKUP($F1463,DADOS_COMPOSICAO,10,0),IF(G1463=\"SICRO\",VLOOKUP($F1463,DADOS_SICRO,3,0),IF(G1463=\"SUDECAP\",VLOOKUP(F1463,DADOS_SUDECAP,3,0),IF(G1463=\"COTAÇÃO\",VLOOKUP($F1463,DADOS_COTACAO,9,0),\"\"))))))","v":"M3"},{"$f":"F1465","v":56.08},{"$f":"TRUNC(IF(G1463=\"SINAPI\",VLOOKUP($F1463,DADOS_SINAPI,4,0),IF(G1463=\"SETOP\",VLOOKUP($F1463,DADOS_SETOP,4,0),IF(G1463=\"CPU\",VLOOKUP($F1463,DADOS_COMPOSICAO,13,0),IF(G1463=\"SICRO\",VLOOKUP($F1463,DADOS_SICRO,4,0),IF(G1463=\"SUDECAP\",VLOOKUP(F1463,DADOS_SUDECAP,4,0),IF(G1463=\"COTAÇÃO\",VLOOKUP(F1463,DADOS_COTACAO,12,0),\"\")))))),2)","v":74.17},"BDI 1",{"$f":"TRUNC(J1463*(1+$N$17),2)","v":93.83},{"$f":"IFERROR(TRUNC(I1463*J1463,2),\"\")","v":4159.45},5261.99]
[2000]
[2000,null,null,null,"Quantidade",56.08,"m³"]
[2000]
[{"$f":"IFERROR(LEFT(D1467,SEARCH(\".\",D1467)-1),\"\")","v":"14"},{"$f":"IFERROR(LEFT(RIGHT(D1467,LEN(D1467)-SEARCH(\".\",D1467)),SEARCH(\".\",RIGHT(D1467,LEN(D1467)-SEARCH(\".\",D1467)))-1),\"\")","v":"5"},{"$f":"IFERROR(IF(LEN(D1467)-LEN(SUBSTITUTE(D1467,\".\",\"\"))<>3,\"\",MID(D1467,SEARCH(\".\",D1467,SEARCH(\".\",D1467)+1)+1,LEN(D1467)-SEARCH(\".\",D1467,SEARCH(\".\",D1467)+1)-(LEN(D1467)-(SEARCH(\".\",D1467,SEARCH(\".\",D1467,SEARCH(\".\",D1467)+1)+1)-1)))),\"\")","v":""},"14.5.2",{"$f":"IF($G1467=\"SINAPI\",VLOOKUP($F1467,DADOS_SINAPI,2,0),IF(G1467=\"SETOP\",VLOOKUP($F1467,DADOS_SETOP,2,0),IF(G1467=\"CPU\",VLOOKUP($F1467,DADOS_COMPOSICAO,2,0),IF(G1467=\"SICRO\",VLOOKUP($F1467,DADOS_SICRO,2,0),IF(G1467=\"SUDECAP\",VLOOKUP(F1467,DADOS_SUDECAP,2,0),IF(G1467=\"COTAÇÃO\",VLOOKUP($F1467,DADOS_COTACAO,2,0),\"\"))))))","v":"REATERRO MANUAL DE VALAS, COM PLACA VIBRATÓRIA. AF_08/2023"},104737,"SINAPI",{"$f":"IF(G1467=\"SINAPI\",VLOOKUP($F1467,DADOS_SINAPI,3,0),IF(G1467=\"SETOP\",VLOOKUP($F1467,DADOS_SETOP,3,0),IF(G1467=\"CPU\",VLOOKUP($F1467,DADOS_COMPOSICAO,10,0),IF(G1467=\"SICRO\",VLOOKUP($F1467,DADOS_SICRO,3,0),IF(G1467=\"SUDECAP\",VLOOKUP(F1467,DADOS_SUDECAP,3,0),IF(G1467=\"COTAÇÃO\",VLOOKUP($F1467,DADOS_COTACAO,9,0),\"\"))))))","v":"M3"},{"$f":"F1469","v":56.08},{"$f":"TRUNC(IF(G1467=\"SINAPI\",VLOOKUP($F1467,DADOS_SINAPI,4,0),IF(G1467=\"SETOP\",VLOOKUP($F1467,DADOS_SETOP,4,0),IF(G1467=\"CPU\",VLOOKUP($F1467,DADOS_COMPOSICAO,13,0),IF(G1467=\"SICRO\",VLOOKUP($F1467,DADOS_SICRO,4,0),IF(G1467=\"SUDECAP\",VLOOKUP(F1467,DADOS_SUDECAP,4,0),IF(G1467=\"COTAÇÃO\",VLOOKUP(F1467,DADOS_COTACAO,12,0),\"\")))))),2)","v":19.149999999999999},"BDI 1",{"$f":"TRUNC(J1467*(1+$N$17),2)","v":24.22},{"$f":"IFERROR(TRUNC(I1467*J1467,2),\"\")","v":1073.93},1358.26]
[2000]
[2000,null,null,null,"Quantidade",{"$f":"F1465","v":56.08},"m³"]
[2000]
[1000,null,null,15,"LOUÇAS E ACESSÓRIOS ",null,null,null,null,null,null,null,{"$f":"SUMIF(A:A,D1471,M:M)","v":75391.19},{"$f":"SUMIF(A:A,D1471,N:N)","v":95384.01999999999}]
[{"$f":"IFERROR(LEFT(D1472,SEARCH(\".\",D1472)-1),\"\")","v":"15"},{"$f":"IFERROR(LEFT(RIGHT(D1472,LEN(D1472)-SEARCH(\".\",D1472)),SEARCH(\".\",RIGHT(D1472,LEN(D1472)-SEARCH(\".\",D1472)))-1),\"\")","v":""},{"$f":"IFERROR(IF(LEN(D1472)-LEN(SUBSTITUTE(D1472,\".\",\"\"))<>3,\"\",MID(D1472,SEARCH(\".\",D1472,SEARCH(\".\",D1472)+1)+1,LEN(D1472)-SEARCH(\".\",D1472,SEARCH(\".\",D1472)+1)-(LEN(D1472)-(SEARCH(\".\",D1472,SEARCH(\".\",D1472,SEARCH(\".\",D1472)+1)+1)-1)))),\"\")","v":""},"15.1",{"$f":"IF($G1472=\"SINAPI\",VLOOKUP($F1472,DADOS_SINAPI,2,0),IF(G1472=\"SETOP\",VLOOKUP($F1472,DADOS_SETOP,2,0),IF(G1472=\"CPU\",VLOOKUP($F1472,DADOS_COMPOSICAO,2,0),IF(G1472=\"SICRO\",VLOOKUP($F1472,DADOS_SICRO,2,0),IF(G1472=\"SUDECAP\",VLOOKUP(F1472,DADOS_SUDECAP,2,0),IF(G1472=\"COTAÇÃO\",VLOOKUP($F1472,DADOS_COTACAO,2,0),\"\"))))))","v":"VASO SANITÁRIO SIFONADO COM CAIXA ACOPLADA LOUÇA BRANCA - PADRÃO MÉDIO, INCLUSO ENGATE FLEXÍVEL EM METAL CROMADO, 1/2  X 40CM - FORNECIMENTO E INSTALAÇÃO. AF_01/2020"},86932,"SINAPI",{"$f":"IF(G1472=\"SINAPI\",VLOOKUP($F1472,DADOS_SINAPI,3,0),IF(G1472=\"SETOP\",VLOOKUP($F1472,DADOS_SETOP,3,0),IF(G1472=\"CPU\",VLOOKUP($F1472,DADOS_COMPOSICAO,10,0),IF(G1472=\"SICRO\",VLOOKUP($F1472,DADOS_SICRO,3,0),IF(G1472=\"SUDECAP\",VLOOKUP(F1472,DADOS_SUDECAP,3,0),IF(G1472=\"COTAÇÃO\",VLOOKUP($F1472,DADOS_COTACAO,9,0),\"\"))))))","v":"UN"},{"$f":"F1479","v":6},{"$f":"TRUNC(IF(G1472=\"SINAPI\",VLOOKUP($F1472,DADOS_SINAPI,4,0),IF(G1472=\"SETOP\",VLOOKUP($F1472,DADOS_SETOP,4,0),IF(G1472=\"CPU\",VLOOKUP($F1472,DADOS_COMPOSICAO,13,0),IF(G1472=\"SICRO\",VLOOKUP($F1472,DADOS_SICRO,4,0),IF(G1472=\"SUDECAP\",VLOOKUP(F1472,DADOS_SUDECAP,4,0),IF(G1472=\"COTAÇÃO\",VLOOKUP(F1472,DADOS_COTACAO,12,0),\"\")))))),2)","v":557.03},"BDI 1",{"$f":"TRUNC(J1472*(1+$N$17),2)","v":704.75},{"$f":"IFERROR(TRUNC(I1472*J1472,2),\"\")","v":3342.18},{"$f":"L1472*I1472","v":4228.5}]
[2000]
[2000,null,null,null,"Ban. Ginecologia",1,"un "]
[2000,null,null,null,"Ban. Pcd. Fem.",1,"un "]
[2000,null,null,null,"Ban. Pcd. Masc.",1,"un "]
[2000,null,null,null,"Vestiário feminino",2,"un "]
[2000,null,null,null,"Vestiário masculino",1,"un "]
[2000,null,null,null,"Total",{"$f":"SUM(F1474:F1478)","v":6},"un "]
[2000]
[{"$f":"IFERROR(LEFT(D1481,SEARCH(\".\",D1481)-1),\"\")","v":"15"},{"$f":"IFERROR(LEFT(RIGHT(D1481,LEN(D1481)-SEARCH(\".\",D1481)),SEARCH(\".\",RIGHT(D1481,LEN(D1481)-SEARCH(\".\",D1481)))-1),\"\")","v":""},{"$f":"IFERROR(IF(LEN(D1481)-LEN(SUBSTITUTE(D1481,\".\",\"\"))<>3,\"\",MID(D1481,SEARCH(\".\",D1481,SEARCH(\".\",D1481)+1)+1,LEN(D1481)-SEARCH(\".\",D1481,SEARCH(\".\",D1481)+1)-(LEN(D1481)-(SEARCH(\".\",D1481,SEARCH(\".\",D1481,SEARCH(\".\",D1481)+1)+1)-1)))),\"\")","v":""},"15.2",{"$f":"IF($G1481=\"SINAPI\",VLOOKUP($F1481,DADOS_SINAPI,2,0),IF(G1481=\"SETOP\",VLOOKUP($F1481,DADOS_SETOP,2,0),IF(G1481=\"CPU\",VLOOKUP($F1481,DADOS_COMPOSICAO,2,0),IF(G1481=\"SICRO\",VLOOKUP($F1481,DADOS_SICRO,2,0),IF(G1481=\"SUDECAP\",VLOOKUP(F1481,DADOS_SUDECAP,2,0),IF(G1481=\"COTAÇÃO\",VLOOKUP($F1481,DADOS_COTACAO,2,0),\"\"))))))","v":"ASSENTO SANITÁRIO CONVENCIONAL - FORNECIMENTO E INSTALACAO. AF_01/2020"},100849,"SINAPI",{"$f":"IF(G1481=\"SINAPI\",VLOOKUP($F1481,DADOS_SINAPI,3,0),IF(G1481=\"SETOP\",VLOOKUP($F1481,DADOS_SETOP,3,0),IF(G1481=\"CPU\",VLOOKUP($F1481,DADOS_COMPOSICAO,10,0),IF(G1481=\"SICRO\",VLOOKUP($F1481,DADOS_SICRO,3,0),IF(G1481=\"SUDECAP\",VLOOKUP(F1481,DADOS_SUDECAP,3,0),IF(G1481=\"COTAÇÃO\",VLOOKUP($F1481,DADOS_COTACAO,9,0),\"\"))))))","v":"UN"},{"$f":"F1488","v":6},{"$f":"TRUNC(IF(G1481=\"SINAPI\",VLOOKUP($F1481,DADOS_SINAPI,4,0),IF(G1481=\"SETOP\",VLOOKUP($F1481,DADOS_SETOP,4,0),IF(G1481=\"CPU\",VLOOKUP($F1481,DADOS_COMPOSICAO,13,0),IF(G1481=\"SICRO\",VLOOKUP($F1481,DADOS_SICRO,4,0),IF(G1481=\"SUDECAP\",VLOOKUP(F1481,DADOS_SUDECAP,4,0),IF(G1481=\"COTAÇÃO\",VLOOKUP(F1481,DADOS_COTACAO,12,0),\"\")))))),2)","v":43.56},"BDI 1",{"$f":"TRUNC(J1481*(1+$N$17),2)","v":55.11},{"$f":"IFERROR(TRUNC(I1481*J1481,2),\"\")","v":261.36},{"$f":"L1481*I1481","v":330.65999999999997}]
[2000]
[2000,null,null,null,"Ban. Ginecologia",1,"un "]
[2000,null,null,null,"Ban. Pcd. Fem.",1,"un "]
[2000,null,null,null,"Ban. Pcd. Masc.",1,"un "]
[2000,null,null,null,"Vestiário feminino",2,"un "]
[2000,null,null,null,"Vestiário masculino",1,"un "]
[2000,null,null,null,"Total",{"$f":"SUM(F1483:F1487)","v":6},"un "]
[2000]
[{"$f":"IFERROR(LEFT(D1490,SEARCH(\".\",D1490)-1),\"\")","v":"15"},{"$f":"IFERROR(LEFT(RIGHT(D1490,LEN(D1490)-SEARCH(\".\",D1490)),SEARCH(\".\",RIGHT(D1490,LEN(D1490)-SEARCH(\".\",D1490)))-1),\"\")","v":""},{"$f":"IFERROR(IF(LEN(D1490)-LEN(SUBSTITUTE(D1490,\".\",\"\"))<>3,\"\",MID(D1490,SEARCH(\".\",D1490,SEARCH(\".\",D1490)+1)+1,LEN(D1490)-SEARCH(\".\",D1490,SEARCH(\".\",D1490)+1)-(LEN(D1490)-(SEARCH(\".\",D1490,SEARCH(\".\",D1490,SEARCH(\".\",D1490)+1)+1)-1)))),\"\")","v":""},"15.3",{"$f":"IF($G1490=\"SINAPI\",VLOOKUP($F1490,DADOS_SINAPI,2,0),IF(G1490=\"SETOP\",VLOOKUP($F1490,DADOS_SETOP,2,0),IF(G1490=\"CPU\",VLOOKUP($F1490,DADOS_COMPOSICAO,2,0),IF(G1490=\"SICRO\",VLOOKUP($F1490,DADOS_SICRO,2,0),IF(G1490=\"SUDECAP\",VLOOKUP(F1490,DADOS_SUDECAP,2,0),IF(G1490=\"COTAÇÃO\",VLOOKUP($F1490,DADOS_COTACAO,2,0),\"\"))))))","v":"CUBA DE EMBUTIR DE AÇO INOXIDÁVEL MÉDIA, INCLUSO VÁLVULA TIPO AMERICANA E SIFÃO TIPO GARRAFA EM METAL CROMADO - FORNECIMENTO E INSTALAÇÃO. AF_01/2020"},86936,"SINAPI",{"$f":"IF(G1490=\"SINAPI\",VLOOKUP($F1490,DADOS_SINAPI,3,0),IF(G1490=\"SETOP\",VLOOKUP($F1490,DADOS_SETOP,3,0),IF(G1490=\"CPU\",VLOOKUP($F1490,DADOS_COMPOSICAO,10,0),IF(G1490=\"SICRO\",VLOOKUP($F1490,DADOS_SICRO,3,0),IF(G1490=\"SUDECAP\",VLOOKUP(F1490,DADOS_SUDECAP,3,0),IF(G1490=\"COTAÇÃO\",VLOOKUP($F1490,DADOS_COTACAO,9,0),\"\"))))))","v":"UN"},{"$f":"F1499","v":8},{"$f":"TRUNC(IF(G1490=\"SINAPI\",VLOOKUP($F1490,DADOS_SINAPI,4,0),IF(G1490=\"SETOP\",VLOOKUP($F1490,DADOS_SETOP,4,0),IF(G1490=\"CPU\",VLOOKUP($F1490,DADOS_COMPOSICAO,13,0),IF(G1490=\"SICRO\",VLOOKUP($F1490,DADOS_SICRO,4,0),IF(G1490=\"SUDECAP\",VLOOKUP(F1490,DADOS_SUDECAP,4,0),IF(G1490=\"COTAÇÃO\",VLOOKUP(F1490,DADOS_COTACAO,12,0),\"\")))))),2)","v":540.58000000000004},"BDI 1",{"$f":"TRUNC(J1490*(1+$N$17),2)","v":683.94},{"$f":"IFERROR(TRUNC(I1490*J1490,2),\"\")","v":4324.6400000000003},5471.52]
[2000]
[2000,null,null,null,"Consultório odontológico",2,"un "]
[2000,null,null,null,"Copa",1,"un "]
[2000,null,null,null,"Lavagem e desinfeção de materiais",1,"un "]
[2000,null,null,null,"Sala de coleta de materiais",1,"un "]
[2000,null,null,null,"Sala de cuidado básicos",1,"un "]
[2000,null,null,null,"Sala de curativos",1,"un "]
[2000,null,null,null,"Sala de Vacinação",1,"un "]
[2000,null,null,null,"Total",{"$f":"SUM(F1492:F1498)","v":8},"un "]
[2000]
[{"$f":"IFERROR(LEFT(D1501,SEARCH(\".\",D1501)-1),\"\")","v":"15"},{"$f":"IFERROR(LEFT(RIGHT(D1501,LEN(D1501)-SEARCH(\".\",D1501)),SEARCH(\".\",RIGHT(D1501,LEN(D1501)-SEARCH(\".\",D1501)))-1),\"\")","v":""},{"$f":"IFERROR(IF(LEN(D1501)-LEN(SUBSTITUTE(D1501,\".\",\"\"))<>3,\"\",MID(D1501,SEARCH(\".\",D1501,SEARCH(\".\",D1501)+1)+1,LEN(D1501)-SEARCH(\".\",D1501,SEARCH(\".\",D1501)+1)-(LEN(D1501)-(SEARCH(\".\",D1501,SEARCH(\".\",D1501,SEARCH(\".\",D1501)+1)+1)-1)))),\"\")","v":""},"15.4",{"$f":"IF($G1501=\"SINAPI\",VLOOKUP($F1501,DADOS_SINAPI,2,0),IF(G1501=\"SETOP\",VLOOKUP($F1501,DADOS_SETOP,2,0),IF(G1501=\"CPU\",VLOOKUP($F1501,DADOS_COMPOSICAO,2,0),IF(G1501=\"SICRO\",VLOOKUP($F1501,DADOS_SICRO,2,0),IF(G1501=\"SUDECAP\",VLOOKUP(F1501,DADOS_SUDECAP,2,0),IF(G1501=\"COTAÇÃO\",VLOOKUP($F1501,DADOS_COTACAO,2,0),\"\"))))))","v":"TORNEIRA METÁLICA PARA PIA, BICA MÓVEL, ABERTURA 1/4 DE VOLTA, ACABAMENTO CROMADO, COM AREJADOR, APLICAÇÃO DE MESA, INCLUSIVE ENGATE FLEXÍVEL METÁLICO, FORNECIMENTO E INSTALAÇÃO"},"ED-50324","SETOP",{"$f":"IF(G1501=\"SINAPI\",VLOOKUP($F1501,DADOS_SINAPI,3,0),IF(G1501=\"SETOP\",VLOOKUP($F1501,DADOS_SETOP,3,0),IF(G1501=\"CPU\",VLOOKUP($F1501,DADOS_COMPOSICAO,10,0),IF(G1501=\"SICRO\",VLOOKUP($F1501,DADOS_SICRO,3,0),IF(G1501=\"SUDECAP\",VLOOKUP(F1501,DADOS_SUDECAP,3,0),IF(G1501=\"COTAÇÃO\",VLOOKUP($F1501,DADOS_COTACAO,9,0),\"\"))))))","v":"un"},{"$f":"F1510","v":8},{"$f":"TRUNC(IF(G1501=\"SINAPI\",VLOOKUP($F1501,DADOS_SINAPI,4,0),IF(G1501=\"SETOP\",VLOOKUP($F1501,DADOS_SETOP,4,0),IF(G1501=\"CPU\",VLOOKUP($F1501,DADOS_COMPOSICAO,13,0),IF(G1501=\"SICRO\",VLOOKUP($F1501,DADOS_SICRO,4,0),IF(G1501=\"SUDECAP\",VLOOKUP(F1501,DADOS_SUDECAP,4,0),IF(G1501=\"COTAÇÃO\",VLOOKUP(F1501,DADOS_COTACAO,12,0),\"\")))))),2)","v":181.02},"BDI 1",{"$f":"TRUNC(J1501*(1+$N$17),2)","v":229.02},{"$f":"IFERROR(TRUNC(I1501*J1501,2),\"\")","v":1448.16},1832.16]
[2000]
[2000,null,null,null,"Consultório odontológico",2,"un "]
[2000,null,null,null,"Copa",1,"un "]
[2000,null,null,null,"Lavagem e desinfeção de materiais",1,"un "]
[2000,null,null,null,"Sala de coleta de materiais",1,"un "]
[2000,null,null,null,"Sala de cuidado básicos",1,"un "]
[2000,null,null,null,"Sala de curativos",1,"un "]
[2000,null,null,null,"Sala de Vacinação",1,"un "]
[2000,null,null,null,"Total",{"$f":"SUM(F1503:F1509)","v":8},"un "]
[2000]
[{"$f":"IFERROR(LEFT(D1512,SEARCH(\".\",D1512)-1),\"\")","v":"15"},{"$f":"IFERROR(LEFT(RIGHT(D1512,LEN(D1512)-SEARCH(\".\",D1512)),SEARCH(\".\",RIGHT(D1512,LEN(D1512)-SEARCH(\".\",D1512)))-1),\"\")","v":""},{"$f":"IFERROR(IF(LEN(D1512)-LEN(SUBSTITUTE(D1512,\".\",\"\"))<>3,\"\",MID(D1512,SEARCH(\".\",D1512,SEARCH(\".\",D1512)+1)+1,LEN(D1512)-SEARCH(\".\",D1512,SEARCH(\".\",D1512)+1)-(LEN(D1512)-(SEARCH(\".\",D1512,SEARCH(\".\",D1512,SEARCH(\".\",D1512)+1)+1)-1)))),\"\")","v":""},"15.5",{"$f":"IF($G1512=\"SINAPI\",VLOOKUP($F1512,DADOS_SINAPI,2,0),IF(G1512=\"SETOP\",VLOOKUP($F1512,DADOS_SETOP,2,0),IF(G1512=\"CPU\",VLOOKUP($F1512,DADOS_COMPOSICAO,2,0),IF(G1512=\"SICRO\",VLOOKUP($F1512,DADOS_SICRO,2,0),IF(G1512=\"SUDECAP\",VLOOKUP(F1512,DADOS_SUDECAP,2,0),IF(G1512=\"COTAÇÃO\",VLOOKUP($F1512,DADOS_COTACAO,2,0),\"\"))))))","v":"CUBA DE EMBUTIR OVAL EM LOUÇA BRANCA, 35 X 50CM OU EQUIVALENTE, INCLUSO VÁLVULA E SIFÃO TIPO GARRAFA EM METAL CROMADO - FORNECIMENTO E INSTALAÇÃO. AF_01/2020"},86938,"SINAPI",{"$f":"IF(G1512=\"SINAPI\",VLOOKUP($F1512,DADOS_SINAPI,3,0),IF(G1512=\"SETOP\",VLOOKUP($F1512,DADOS_SETOP,3,0),IF(G1512=\"CPU\",VLOOKUP($F1512,DADOS_COMPOSICAO,10,0),IF(G1512=\"SICRO\",VLOOKUP($F1512,DADOS_SICRO,3,0),IF(G1512=\"SUDECAP\",VLOOKUP(F1512,DADOS_SUDECAP,3,0),IF(G1512=\"COTAÇÃO\",VLOOKUP($F1512,DADOS_COTACAO,9,0),\"\"))))))","v":"UN"},{"$f":"F1518","v":8},{"$f":"TRUNC(IF(G1512=\"SINAPI\",VLOOKUP($F1512,DADOS_SINAPI,4,0),IF(G1512=\"SETOP\",VLOOKUP($F1512,DADOS_SETOP,4,0),IF(G1512=\"CPU\",VLOOKUP($F1512,DADOS_COMPOSICAO,13,0),IF(G1512=\"SICRO\",VLOOKUP($F1512,DADOS_SICRO,4,0),IF(G1512=\"SUDECAP\",VLOOKUP(F1512,DADOS_SUDECAP,4,0),IF(G1512=\"COTAÇÃO\",VLOOKUP(F1512,DADOS_COTACAO,12,0),\"\")))))),2)","v":479.6},"BDI 1",{"$f":"TRUNC(J1512*(1+$N$17),2)","v":606.78},{"$f":"IFERROR(TRUNC(I1512*J1512,2),\"\")","v":3836.8},4854.24]
[2000]
[2000,null,null,null,"Escovário",4,"un "]
[2000,null,null,null,"Sala de curativos",1,"un "]
[2000,null,null,null,"Vestiário feminino",2,"un "]
[2000,null,null,null,"Vestiário masculino",1,"un "]
[2000,null,null,null,"Total",{"$f":"SUM(F1514:F1517)","v":8},"un "]
[2000]
[{"$f":"IFERROR(LEFT(D1520,SEARCH(\".\",D1520)-1),\"\")","v":"15"},{"$f":"IFERROR(LEFT(RIGHT(D1520,LEN(D1520)-SEARCH(\".\",D1520)),SEARCH(\".\",RIGHT(D1520,LEN(D1520)-SEARCH(\".\",D1520)))-1),\"\")","v":""},{"$f":"IFERROR(IF(LEN(D1520)-LEN(SUBSTITUTE(D1520,\".\",\"\"))<>3,\"\",MID(D1520,SEARCH(\".\",D1520,SEARCH(\".\",D1520)+1)+1,LEN(D1520)-SEARCH(\".\",D1520,SEARCH(\".\",D1520)+1)-(LEN(D1520)-(SEARCH(\".\",D1520,SEARCH(\".\",D1520,SEARCH(\".\",D1520)+1)+1)-1)))),\"\")","v":""},"15.6",{"$f":"IF($G1520=\"SINAPI\",VLOOKUP($F1520,DADOS_SINAPI,2,0),IF(G1520=\"SETOP\",VLOOKUP($F1520,DADOS_SETOP,2,0),IF(G1520=\"CPU\",VLOOKUP($F1520,DADOS_COMPOSICAO,2,0),IF(G1520=\"SICRO\",VLOOKUP($F1520,DADOS_SICRO,2,0),IF(G1520=\"SUDECAP\",VLOOKUP(F1520,DADOS_SUDECAP,2,0),IF(G1520=\"COTAÇÃO\",VLOOKUP($F1520,DADOS_COTACAO,2,0),\"\"))))))","v":"LAVATÓRIO DE CANTO DE LOUÇA BRANCA SEM COLUNA, TAMANHO PEQUENO, INCLUSIVE ACESSÓRIOS DE FIXAÇÃO COM PARAFUSO CASTELO, VÁLVULA DE ESCOAMENTO DE METAL COM ACABAMENTO CROMADO, SIFÃO DE METAL TIPO COPO COM ACABAMENTO CROMADO, FORNECIMENTO, INSTALAÇÃO E REJUNTAMENTO, EXCLUSIVE TORNEIRA E ENGATE FLEXÍVEL"},"ED-2552","SETOP",{"$f":"IF(G1520=\"SINAPI\",VLOOKUP($F1520,DADOS_SINAPI,3,0),IF(G1520=\"SETOP\",VLOOKUP($F1520,DADOS_SETOP,3,0),IF(G1520=\"CPU\",VLOOKUP($F1520,DADOS_COMPOSICAO,10,0),IF(G1520=\"SICRO\",VLOOKUP($F1520,DADOS_SICRO,3,0),IF(G1520=\"SUDECAP\",VLOOKUP(F1520,DADOS_SUDECAP,3,0),IF(G1520=\"COTAÇÃO\",VLOOKUP($F1520,DADOS_COTACAO,9,0),\"\"))))))","v":"un"},{"$f":"F1525","v":3},{"$f":"TRUNC(IF(G1520=\"SINAPI\",VLOOKUP($F1520,DADOS_SINAPI,4,0),IF(G1520=\"SETOP\",VLOOKUP($F1520,DADOS_SETOP,4,0),IF(G1520=\"CPU\",VLOOKUP($F1520,DADOS_COMPOSICAO,13,0),IF(G1520=\"SICRO\",VLOOKUP($F1520,DADOS_SICRO,4,0),IF(G1520=\"SUDECAP\",VLOOKUP(F1520,DADOS_SUDECAP,4,0),IF(G1520=\"COTAÇÃO\",VLOOKUP(F1520,DADOS_COTACAO,12,0),\"\")))))),2)","v":579.32000000000005},"BDI 1",{"$f":"TRUNC(J1520*(1+$N$17),2)","v":732.95},{"$f":"IFERROR(TRUNC(I1520*J1520,2),\"\")","v":1737.96},2198.8500000000004]
[2000]
[2000,null,null,null,"Ban. Ginecologia",1,"un "]
[2000,null,null,null,"Ban. Pcd. Fem.",1,"un "]
[2000,null,null,null,"Ban. Pcd. Masc.",1,"un "]
[2000,null,null,null,"Total",{"$f":"SUM(F1522:F1524)","v":3},"un "]
[2000]
[{"$f":"IFERROR(LEFT(D1527,SEARCH(\".\",D1527)-1),\"\")","v":"15"},{"$f":"IFERROR(LEFT(RIGHT(D1527,LEN(D1527)-SEARCH(\".\",D1527)),SEARCH(\".\",RIGHT(D1527,LEN(D1527)-SEARCH(\".\",D1527)))-1),\"\")","v":""},{"$f":"IFERROR(IF(LEN(D1527)-LEN(SUBSTITUTE(D1527,\".\",\"\"))<>3,\"\",MID(D1527,SEARCH(\".\",D1527,SEARCH(\".\",D1527)+1)+1,LEN(D1527)-SEARCH(\".\",D1527,SEARCH(\".\",D1527)+1)-(LEN(D1527)-(SEARCH(\".\",D1527,SEARCH(\".\",D1527,SEARCH(\".\",D1527)+1)+1)-1)))),\"\")","v":""},"15.7",{"$f":"IF($G1527=\"SINAPI\",VLOOKUP($F1527,DADOS_SINAPI,2,0),IF(G1527=\"SETOP\",VLOOKUP($F1527,DADOS_SETOP,2,0),IF(G1527=\"CPU\",VLOOKUP($F1527,DADOS_COMPOSICAO,2,0),IF(G1527=\"SICRO\",VLOOKUP($F1527,DADOS_SICRO,2,0),IF(G1527=\"SUDECAP\",VLOOKUP(F1527,DADOS_SUDECAP,2,0),IF(G1527=\"COTAÇÃO\",VLOOKUP($F1527,DADOS_COTACAO,2,0),\"\"))))))","v":"LAVATÓRIO DE LOUÇA BRANCA SEM COLUNA, TAMANHO MÉDIO, INCLUSIVE ACESSÓRIOS DE FIXAÇÃO, VÁLVULA DE ESCOAMENTO DE METAL COM ACABAMENTO CROMADO, SIFÃO DE METAL TIPO COPO COM ACABAMENTO CROMADO, FORNECIMENTO, INSTALAÇÃO E REJUNTAMENTO, EXCLUSIVE TORNEIRA E ENGATE FLEXÍVEL"},"ED-50283","SETOP",{"$f":"IF(G1527=\"SINAPI\",VLOOKUP($F1527,DADOS_SINAPI,3,0),IF(G1527=\"SETOP\",VLOOKUP($F1527,DADOS_SETOP,3,0),IF(G1527=\"CPU\",VLOOKUP($F1527,DADOS_COMPOSICAO,10,0),IF(G1527=\"SICRO\",VLOOKUP($F1527,DADOS_SICRO,3,0),IF(G1527=\"SUDECAP\",VLOOKUP(F1527,DADOS_SUDECAP,3,0),IF(G1527=\"COTAÇÃO\",VLOOKUP($F1527,DADOS_COTACAO,9,0),\"\"))))))","v":"U"},{"$f":"F1541","v":13},{"$f":"TRUNC(IF(G1527=\"SINAPI\",VLOOKUP($F1527,DADOS_SINAPI,4,0),IF(G1527=\"SETOP\",VLOOKUP($F1527,DADOS_SETOP,4,0),IF(G1527=\"CPU\",VLOOKUP($F1527,DADOS_COMPOSICAO,13,0),IF(G1527=\"SICRO\",VLOOKUP($F1527,DADOS_SICRO,4,0),IF(G1527=\"SUDECAP\",VLOOKUP(F1527,DADOS_SUDECAP,4,0),IF(G1527=\"COTAÇÃO\",VLOOKUP(F1527,DADOS_COTACAO,12,0),\"\")))))),2)","v":462.33},"BDI 1",{"$f":"TRUNC(J1527*(1+$N$17),2)","v":584.92999999999995},{"$f":"IFERROR(TRUNC(I1527*J1527,2),\"\")","v":6010.29},7604.0899999999992]
[2000]
[2000,null,null,null,"Consultório 1",1,"un "]
[2000,null,null,null,"Consultório 2",1,"un "]
[2000,null,null,null,"Consultório 3",1,"un "]
[2000,null,null,null,"Consultório ginecológico",1,"un "]
[2000,null,null,null,"Consultório odontológico",2,"un "]
[2000,null,null,null,"Esterelização",1,"un "]
[2000,null,null,null,"Lavagem e desinfeção de materiais",1,"un "]
[2000,null,null,null,"Sala de coleta de materiais",1,"un "]
[2000,null,null,null,"Sala de cuidado básicos",1,"un "]
[2000,null,null,null,"Sala de curativos",1,"un "]
[2000,null,null,null,"Sala de vacinação",1,"un "]
[2000,null,null,null,"Triagem da unidade",1,"un "]
[2000,null,null,null,"Total",{"$f":"SUM(F1529:F1540)","v":13},"un "]
[2000]
[{"$f":"IFERROR(LEFT(D1543,SEARCH(\".\",D1543)-1),\"\")","v":"15"},{"$f":"IFERROR(LEFT(RIGHT(D1543,LEN(D1543)-SEARCH(\".\",D1543)),SEARCH(\".\",RIGHT(D1543,LEN(D1543)-SEARCH(\".\",D1543)))-1),\"\")","v":""},{"$f":"IFERROR(IF(LEN(D1543)-LEN(SUBSTITUTE(D1543,\".\",\"\"))<>3,\"\",MID(D1543,SEARCH(\".\",D1543,SEARCH(\".\",D1543)+1)+1,LEN(D1543)-SEARCH(\".\",D1543,SEARCH(\".\",D1543)+1)-(LEN(D1543)-(SEARCH(\".\",D1543,SEARCH(\".\",D1543,SEARCH(\".\",D1543)+1)+1)-1)))),\"\")","v":""},"15.8",{"$f":"IF($G1543=\"SINAPI\",VLOOKUP($F1543,DADOS_SINAPI,2,0),IF(G1543=\"SETOP\",VLOOKUP($F1543,DADOS_SETOP,2,0),IF(G1543=\"CPU\",VLOOKUP($F1543,DADOS_COMPOSICAO,2,0),IF(G1543=\"SICRO\",VLOOKUP($F1543,DADOS_SICRO,2,0),IF(G1543=\"SUDECAP\",VLOOKUP(F1543,DADOS_SUDECAP,2,0),IF(G1543=\"COTAÇÃO\",VLOOKUP($F1543,DADOS_COTACAO,2,0),\"\"))))))","v":"ENGATE FLEXÍVEL EM INOX, 1/2  X 30CM - FORNECIMENTO E INSTALAÇÃO. AF_01/2020"},86886,"SINAPI",{"$f":"IF(G1543=\"SINAPI\",VLOOKUP($F1543,DADOS_SINAPI,3,0),IF(G1543=\"SETOP\",VLOOKUP($F1543,DADOS_SETOP,3,0),IF(G1543=\"CPU\",VLOOKUP($F1543,DADOS_COMPOSICAO,10,0),IF(G1543=\"SICRO\",VLOOKUP($F1543,DADOS_SICRO,3,0),IF(G1543=\"SUDECAP\",VLOOKUP(F1543,DADOS_SUDECAP,3,0),IF(G1543=\"COTAÇÃO\",VLOOKUP($F1543,DADOS_COTACAO,9,0),\"\"))))))","v":"UN"},{"$f":"F1546","v":13},{"$f":"TRUNC(IF(G1543=\"SINAPI\",VLOOKUP($F1543,DADOS_SINAPI,4,0),IF(G1543=\"SETOP\",VLOOKUP($F1543,DADOS_SETOP,4,0),IF(G1543=\"CPU\",VLOOKUP($F1543,DADOS_COMPOSICAO,13,0),IF(G1543=\"SICRO\",VLOOKUP($F1543,DADOS_SICRO,4,0),IF(G1543=\"SUDECAP\",VLOOKUP(F1543,DADOS_SUDECAP,4,0),IF(G1543=\"COTAÇÃO\",VLOOKUP(F1543,DADOS_COTACAO,12,0),\"\")))))),2)","v":60.63},"BDI 1",{"$f":"TRUNC(J1543*(1+$N$17),2)","v":76.7},{"$f":"IFERROR(TRUNC(I1543*J1543,2),\"\")","v":788.19},{"$f":"L1543*I1543","v":997.1}]
[2000]
[2000,null,null,null,"Lavatórios sem coluna",{"$f":"F1541","v":13},"un "]
[2000,null,null,null,"Total",{"$f":"SUM(F1545:F1545)","v":13},"un "]
[2000]
[{"$f":"IFERROR(LEFT(D1548,SEARCH(\".\",D1548)-1),\"\")","v":"15"},{"$f":"IFERROR(LEFT(RIGHT(D1548,LEN(D1548)-SEARCH(\".\",D1548)),SEARCH(\".\",RIGHT(D1548,LEN(D1548)-SEARCH(\".\",D1548)))-1),\"\")","v":""},{"$f":"IFERROR(IF(LEN(D1548)-LEN(SUBSTITUTE(D1548,\".\",\"\"))<>3,\"\",MID(D1548,SEARCH(\".\",D1548,SEARCH(\".\",D1548)+1)+1,LEN(D1548)-SEARCH(\".\",D1548,SEARCH(\".\",D1548)+1)-(LEN(D1548)-(SEARCH(\".\",D1548,SEARCH(\".\",D1548,SEARCH(\".\",D1548)+1)+1)-1)))),\"\")","v":""},"15.9",{"$f":"IF($G1548=\"SINAPI\",VLOOKUP($F1548,DADOS_SINAPI,2,0),IF(G1548=\"SETOP\",VLOOKUP($F1548,DADOS_SETOP,2,0),IF(G1548=\"CPU\",VLOOKUP($F1548,DADOS_COMPOSICAO,2,0),IF(G1548=\"SICRO\",VLOOKUP($F1548,DADOS_SICRO,2,0),IF(G1548=\"SUDECAP\",VLOOKUP(F1548,DADOS_SUDECAP,2,0),IF(G1548=\"COTAÇÃO\",VLOOKUP($F1548,DADOS_COTACAO,2,0),\"\"))))))","v":"TANQUE DE LOUÇA BRANCA COM COLUNA, 30L OU EQUIVALENTE, INCLUSO SIFÃO FLEXÍVEL EM PVC, VÁLVULA METÁLICA E TORNEIRA DE METAL CROMADO PADRÃO MÉDIO - FORNECIMENTO E INSTALAÇÃO. AF_01/2020"},86919,"SINAPI",{"$f":"IF(G1548=\"SINAPI\",VLOOKUP($F1548,DADOS_SINAPI,3,0),IF(G1548=\"SETOP\",VLOOKUP($F1548,DADOS_SETOP,3,0),IF(G1548=\"CPU\",VLOOKUP($F1548,DADOS_COMPOSICAO,10,0),IF(G1548=\"SICRO\",VLOOKUP($F1548,DADOS_SICRO,3,0),IF(G1548=\"SUDECAP\",VLOOKUP(F1548,DADOS_SUDECAP,3,0),IF(G1548=\"COTAÇÃO\",VLOOKUP($F1548,DADOS_COTACAO,9,0),\"\"))))))","v":"UN"},{"$f":"F1552","v":2},{"$f":"TRUNC(IF(G1548=\"SINAPI\",VLOOKUP($F1548,DADOS_SINAPI,4,0),IF(G1548=\"SETOP\",VLOOKUP($F1548,DADOS_SETOP,4,0),IF(G1548=\"CPU\",VLOOKUP($F1548,DADOS_COMPOSICAO,13,0),IF(G1548=\"SICRO\",VLOOKUP($F1548,DADOS_SICRO,4,0),IF(G1548=\"SUDECAP\",VLOOKUP(F1548,DADOS_SUDECAP,4,0),IF(G1548=\"COTAÇÃO\",VLOOKUP(F1548,DADOS_COTACAO,12,0),\"\")))))),2)","v":926.55},"BDI 1",{"$f":"TRUNC(J1548*(1+$N$17),2)","v":1172.27},{"$f":"IFERROR(TRUNC(I1548*J1548,2),\"\")","v":1853.1},2344.54]
[2000]
[2000,null,null,null,"Dml",1,"un "]
[2000,null,null,null,"Sala para apoio de agentes de controle de endemia",1,"un "]
[2000,null,null,null,"Total",{"$f":"SUM(F1550:F1551)","v":2},"un "]
[2000]
[{"$f":"IFERROR(LEFT(D1554,SEARCH(\".\",D1554)-1),\"\")","v":"15"},{"$f":"IFERROR(LEFT(RIGHT(D1554,LEN(D1554)-SEARCH(\".\",D1554)),SEARCH(\".\",RIGHT(D1554,LEN(D1554)-SEARCH(\".\",D1554)))-1),\"\")","v":""},{"$f":"IFERROR(IF(LEN(D1554)-LEN(SUBSTITUTE(D1554,\".\",\"\"))<>3,\"\",MID(D1554,SEARCH(\".\",D1554,SEARCH(\".\",D1554)+1)+1,LEN(D1554)-SEARCH(\".\",D1554,SEARCH(\".\",D1554)+1)-(LEN(D1554)-(SEARCH(\".\",D1554,SEARCH(\".\",D1554,SEARCH(\".\",D1554)+1)+1)-1)))),\"\")","v":""},"15.10",{"$f":"IF($G1554=\"SINAPI\",VLOOKUP($F1554,DADOS_SINAPI,2,0),IF(G1554=\"SETOP\",VLOOKUP($F1554,DADOS_SETOP,2,0),IF(G1554=\"CPU\",VLOOKUP($F1554,DADOS_COMPOSICAO,2,0),IF(G1554=\"SICRO\",VLOOKUP($F1554,DADOS_SICRO,2,0),IF(G1554=\"SUDECAP\",VLOOKUP(F1554,DADOS_SUDECAP,2,0),IF(G1554=\"COTAÇÃO\",VLOOKUP($F1554,DADOS_COTACAO,2,0),\"\"))))))","v":"TORNEIRA METÁLICA PARA IRRIGAÇÃO/JARDIM, ACABAMENTO CROMADO, APLICAÇÃO DE PAREDE, INCLUSIVE FORNECIMENTO E INSTALAÇÃO"},"ED-50323","SETOP",{"$f":"IF(G1554=\"SINAPI\",VLOOKUP($F1554,DADOS_SINAPI,3,0),IF(G1554=\"SETOP\",VLOOKUP($F1554,DADOS_SETOP,3,0),IF(G1554=\"CPU\",VLOOKUP($F1554,DADOS_COMPOSICAO,10,0),IF(G1554=\"SICRO\",VLOOKUP($F1554,DADOS_SICRO,3,0),IF(G1554=\"SUDECAP\",VLOOKUP(F1554,DADOS_SUDECAP,3,0),IF(G1554=\"COTAÇÃO\",VLOOKUP($F1554,DADOS_COTACAO,9,0),\"\"))))))","v":"un"},{"$f":"F1557","v":9},{"$f":"TRUNC(IF(G1554=\"SINAPI\",VLOOKUP($F1554,DADOS_SINAPI,4,0),IF(G1554=\"SETOP\",VLOOKUP($F1554,DADOS_SETOP,4,0),IF(G1554=\"CPU\",VLOOKUP($F1554,DADOS_COMPOSICAO,13,0),IF(G1554=\"SICRO\",VLOOKUP($F1554,DADOS_SICRO,4,0),IF(G1554=\"SUDECAP\",VLOOKUP(F1554,DADOS_SUDECAP,4,0),IF(G1554=\"COTAÇÃO\",VLOOKUP(F1554,DADOS_COTACAO,12,0),\"\")))))),2)","v":52.06},"BDI 1",{"$f":"TRUNC(J1554*(1+$N$17),2)","v":65.86},{"$f":"IFERROR(TRUNC(I1554*J1554,2),\"\")","v":468.54},592.74]
[2000]
[2000,null,null,null,"Torneira de jardim",9,"un "]
[2000,null,null,null,"Total",{"$f":"SUM(F1556:F1556)","v":9},"un "]
[2000]
[{"$f":"IFERROR(LEFT(D1559,SEARCH(\".\",D1559)-1),\"\")","v":"15"},{"$f":"IFERROR(LEFT(RIGHT(D1559,LEN(D1559)-SEARCH(\".\",D1559)),SEARCH(\".\",RIGHT(D1559,LEN(D1559)-SEARCH(\".\",D1559)))-1),\"\")","v":""},{"$f":"IFERROR(IF(LEN(D1559)-LEN(SUBSTITUTE(D1559,\".\",\"\"))<>3,\"\",MID(D1559,SEARCH(\".\",D1559,SEARCH(\".\",D1559)+1)+1,LEN(D1559)-SEARCH(\".\",D1559,SEARCH(\".\",D1559)+1)-(LEN(D1559)-(SEARCH(\".\",D1559,SEARCH(\".\",D1559,SEARCH(\".\",D1559)+1)+1)-1)))),\"\")","v":""},"15.11",{"$f":"IF($G1559=\"SINAPI\",VLOOKUP($F1559,DADOS_SINAPI,2,0),IF(G1559=\"SETOP\",VLOOKUP($F1559,DADOS_SETOP,2,0),IF(G1559=\"CPU\",VLOOKUP($F1559,DADOS_COMPOSICAO,2,0),IF(G1559=\"SICRO\",VLOOKUP($F1559,DADOS_SICRO,2,0),IF(G1559=\"SUDECAP\",VLOOKUP(F1559,DADOS_SUDECAP,2,0),IF(G1559=\"COTAÇÃO\",VLOOKUP($F1559,DADOS_COTACAO,2,0),\"\"))))))","v":"TORNEIRA CROMADA DE MESA PARA LAVATÓRIO COM SENSOR DE PRESENCA. AF_01/2020"},100854,"SINAPI",{"$f":"IF(G1559=\"SINAPI\",VLOOKUP($F1559,DADOS_SINAPI,3,0),IF(G1559=\"SETOP\",VLOOKUP($F1559,DADOS_SETOP,3,0),IF(G1559=\"CPU\",VLOOKUP($F1559,DADOS_COMPOSICAO,10,0),IF(G1559=\"SICRO\",VLOOKUP($F1559,DADOS_SICRO,3,0),IF(G1559=\"SUDECAP\",VLOOKUP(F1559,DADOS_SUDECAP,3,0),IF(G1559=\"COTAÇÃO\",VLOOKUP($F1559,DADOS_COTACAO,9,0),\"\"))))))","v":"UN"},{"$f":"F1565","v":4},{"$f":"TRUNC(IF(G1559=\"SINAPI\",VLOOKUP($F1559,DADOS_SINAPI,4,0),IF(G1559=\"SETOP\",VLOOKUP($F1559,DADOS_SETOP,4,0),IF(G1559=\"CPU\",VLOOKUP($F1559,DADOS_COMPOSICAO,13,0),IF(G1559=\"SICRO\",VLOOKUP($F1559,DADOS_SICRO,4,0),IF(G1559=\"SUDECAP\",VLOOKUP(F1559,DADOS_SUDECAP,4,0),IF(G1559=\"COTAÇÃO\",VLOOKUP(F1559,DADOS_COTACAO,12,0),\"\")))))),2)","v":1856.26},"BDI 1",{"$f":"TRUNC(J1559*(1+$N$17),2)","v":2348.54},{"$f":"IFERROR(TRUNC(I1559*J1559,2),\"\")","v":7425.04},9394.16]
[2000]
[2000,null,null,null,"Ban. Ginecologia",1,"un "]
[2000,null,null,null,"Ban. Pcd. Fem.",1,"un "]
[2000,null,null,null,"Ban. Pcd. Masc.",1,"un "]
[2000,null,null,null,"Escovário",1,"un "]
[2000,null,null,null,"Total",{"$f":"SUM(F1561:F1564)","v":4},"un "]
[2000]
[{"$f":"IFERROR(LEFT(D1567,SEARCH(\".\",D1567)-1),\"\")","v":"15"},{"$f":"IFERROR(LEFT(RIGHT(D1567,LEN(D1567)-SEARCH(\".\",D1567)),SEARCH(\".\",RIGHT(D1567,LEN(D1567)-SEARCH(\".\",D1567)))-1),\"\")","v":""},{"$f":"IFERROR(IF(LEN(D1567)-LEN(SUBSTITUTE(D1567,\".\",\"\"))<>3,\"\",MID(D1567,SEARCH(\".\",D1567,SEARCH(\".\",D1567)+1)+1,LEN(D1567)-SEARCH(\".\",D1567,SEARCH(\".\",D1567)+1)-(LEN(D1567)-(SEARCH(\".\",D1567,SEARCH(\".\",D1567,SEARCH(\".\",D1567)+1)+1)-1)))),\"\")","v":""},"15.12",{"$f":"IF($G1567=\"SINAPI\",VLOOKUP($F1567,DADOS_SINAPI,2,0),IF(G1567=\"SETOP\",VLOOKUP($F1567,DADOS_SETOP,2,0),IF(G1567=\"CPU\",VLOOKUP($F1567,DADOS_COMPOSICAO,2,0),IF(G1567=\"SICRO\",VLOOKUP($F1567,DADOS_SICRO,2,0),IF(G1567=\"SUDECAP\",VLOOKUP(F1567,DADOS_SUDECAP,2,0),IF(G1567=\"COTAÇÃO\",VLOOKUP($F1567,DADOS_COTACAO,2,0),\"\"))))))","v":"TORNEIRA ELÉTRICA 5550W, FORNECIMENTO E INSTALAÇÃO"},"LOU-001","CPU",{"$f":"IF(G1567=\"SINAPI\",VLOOKUP($F1567,DADOS_SINAPI,3,0),IF(G1567=\"SETOP\",VLOOKUP($F1567,DADOS_SETOP,3,0),IF(G1567=\"CPU\",VLOOKUP($F1567,DADOS_COMPOSICAO,10,0),IF(G1567=\"SICRO\",VLOOKUP($F1567,DADOS_SICRO,3,0),IF(G1567=\"SUDECAP\",VLOOKUP(F1567,DADOS_SUDECAP,3,0),IF(G1567=\"COTAÇÃO\",VLOOKUP($F1567,DADOS_COTACAO,9,0),\"\"))))))","v":"UN"},{"$f":"F1570","v":1},{"$f":"TRUNC(IF(G1567=\"SINAPI\",VLOOKUP($F1567,DADOS_SINAPI,4,0),IF(G1567=\"SETOP\",VLOOKUP($F1567,DADOS_SETOP,4,0),IF(G1567=\"CPU\",VLOOKUP($F1567,DADOS_COMPOSICAO,13,0),IF(G1567=\"SICRO\",VLOOKUP($F1567,DADOS_SICRO,4,0),IF(G1567=\"SUDECAP\",VLOOKUP(F1567,DADOS_SUDECAP,4,0),IF(G1567=\"COTAÇÃO\",VLOOKUP(F1567,DADOS_COTACAO,12,0),\"\")))))),2)","v":232.26},"BDI 1",{"$f":"TRUNC(J1567*(1+$N$17),2)","v":293.85000000000002},{"$f":"IFERROR(TRUNC(I1567*J1567,2),\"\")","v":232.26},293.85000000000002]
[2000]
[2000,null,null,null,"Lavagem e desinfecção de materiais",1,"un "]
[2000,null,null,null,"Total",{"$f":"SUM(F1569:F1569)","v":1},"un "]
[2000]
[{"$f":"IFERROR(LEFT(D1572,SEARCH(\".\",D1572)-1),\"\")","v":"15"},{"$f":"IFERROR(LEFT(RIGHT(D1572,LEN(D1572)-SEARCH(\".\",D1572)),SEARCH(\".\",RIGHT(D1572,LEN(D1572)-SEARCH(\".\",D1572)))-1),\"\")","v":""},{"$f":"IFERROR(IF(LEN(D1572)-LEN(SUBSTITUTE(D1572,\".\",\"\"))<>3,\"\",MID(D1572,SEARCH(\".\",D1572,SEARCH(\".\",D1572)+1)+1,LEN(D1572)-SEARCH(\".\",D1572,SEARCH(\".\",D1572)+1)-(LEN(D1572)-(SEARCH(\".\",D1572,SEARCH(\".\",D1572,SEARCH(\".\",D1572)+1)+1)-1)))),\"\")","v":""},"15.13",{"$f":"IF($G1572=\"SINAPI\",VLOOKUP($F1572,DADOS_SINAPI,2,0),IF(G1572=\"SETOP\",VLOOKUP($F1572,DADOS_SETOP,2,0),IF(G1572=\"CPU\",VLOOKUP($F1572,DADOS_COMPOSICAO,2,0),IF(G1572=\"SICRO\",VLOOKUP($F1572,DADOS_SICRO,2,0),IF(G1572=\"SUDECAP\",VLOOKUP(F1572,DADOS_SUDECAP,2,0),IF(G1572=\"COTAÇÃO\",VLOOKUP($F1572,DADOS_COTACAO,2,0),\"\"))))))","v":"TORNEIRA METÁLICA PARA LAVATÓRIO, FECHAMENTO AUTOMÁTICO, ACABAMENTO CROMADO, COM AREJADOR, APLICAÇÃO DE MESA, INCLUSIVE ENGATE FLEXÍVEL METÁLICO, FORNECIMENTO E INSTALAÇÃO"},"ED-50329","SETOP",{"$f":"IF(G1572=\"SINAPI\",VLOOKUP($F1572,DADOS_SINAPI,3,0),IF(G1572=\"SETOP\",VLOOKUP($F1572,DADOS_SETOP,3,0),IF(G1572=\"CPU\",VLOOKUP($F1572,DADOS_COMPOSICAO,10,0),IF(G1572=\"SICRO\",VLOOKUP($F1572,DADOS_SICRO,3,0),IF(G1572=\"SUDECAP\",VLOOKUP(F1572,DADOS_SUDECAP,3,0),IF(G1572=\"COTAÇÃO\",VLOOKUP($F1572,DADOS_COTACAO,9,0),\"\"))))))","v":"un"},{"$f":"F1588","v":18},{"$f":"TRUNC(IF(G1572=\"SINAPI\",VLOOKUP($F1572,DADOS_SINAPI,4,0),IF(G1572=\"SETOP\",VLOOKUP($F1572,DADOS_SETOP,4,0),IF(G1572=\"CPU\",VLOOKUP($F1572,DADOS_COMPOSICAO,13,0),IF(G1572=\"SICRO\",VLOOKUP($F1572,DADOS_SICRO,4,0),IF(G1572=\"SUDECAP\",VLOOKUP(F1572,DADOS_SUDECAP,4,0),IF(G1572=\"COTAÇÃO\",VLOOKUP(F1572,DADOS_COTACAO,12,0),\"\")))))),2)","v":219.43},"BDI 1",{"$f":"TRUNC(J1572*(1+$N$17),2)","v":277.62},{"$f":"IFERROR(TRUNC(I1572*J1572,2),\"\")","v":3949.74},4997.16]
[2000]
[2000,null,null,null,"Consultório 1",1,"un "]
[2000,null,null,null,"Consultório 2",1,"un "]
[2000,null,null,null,"Consultório 3",1,"un "]
[2000,null,null,null,"Consultório ginecológico",1,"un "]
[2000,null,null,null,"Consultório odontológico",2,"un "]
[2000,null,null,null,"Escovário",3,"un "]
[2000,null,null,null,"Esterelização",1,"un "]
[2000,null,null,null,"Lavagem e desinfeção de materiais",1,"un "]
[2000,null,null,null,"Sala de coleta de materiais",1,"un "]
[2000,null,null,null,"Sala de cuidado básicos",1,"un "]
[2000,null,null,null,"Sala de curativos",1,"un "]
[2000,null,null,null,"Sala de vacinação",1,"un "]
[2000,null,null,null,"Triagem da unidade",1,"un "]
[2000,null,null,null,"Vestiário feminino",2,"un "]
[2000,null,null,null,"Total",{"$f":"SUM(F1574:F1587)","v":18},"un "]
[2000]
[{"$f":"IFERROR(LEFT(D1590,SEARCH(\".\",D1590)-1),\"\")","v":"15"},{"$f":"IFERROR(LEFT(RIGHT(D1590,LEN(D1590)-SEARCH(\".\",D1590)),SEARCH(\".\",RIGHT(D1590,LEN(D1590)-SEARCH(\".\",D1590)))-1),\"\")","v":""},{"$f":"IFERROR(IF(LEN(D1590)-LEN(SUBSTITUTE(D1590,\".\",\"\"))<>3,\"\",MID(D1590,SEARCH(\".\",D1590,SEARCH(\".\",D1590)+1)+1,LEN(D1590)-SEARCH(\".\",D1590,SEARCH(\".\",D1590)+1)-(LEN(D1590)-(SEARCH(\".\",D1590,SEARCH(\".\",D1590,SEARCH(\".\",D1590)+1)+1)-1)))),\"\")","v":""},"15.14",{"$f":"IF($G1590=\"SINAPI\",VLOOKUP($F1590,DADOS_SINAPI,2,0),IF(G1590=\"SETOP\",VLOOKUP($F1590,DADOS_SETOP,2,0),IF(G1590=\"CPU\",VLOOKUP($F1590,DADOS_COMPOSICAO,2,0),IF(G1590=\"SICRO\",VLOOKUP($F1590,DADOS_SICRO,2,0),IF(G1590=\"SUDECAP\",VLOOKUP(F1590,DADOS_SUDECAP,2,0),IF(G1590=\"COTAÇÃO\",VLOOKUP($F1590,DADOS_COTACAO,2,0),\"\"))))))","v":"CHUVEIRO ELÉTRICO CROMADO, TENSÃO 127V/220V, POTÊNCIA 5500W/6800W, INCLUSIVE BRAÇO, FORNECIMENTO E INSTALAÇÃO"},"ED-50313","SETOP",{"$f":"IF(G1590=\"SINAPI\",VLOOKUP($F1590,DADOS_SINAPI,3,0),IF(G1590=\"SETOP\",VLOOKUP($F1590,DADOS_SETOP,3,0),IF(G1590=\"CPU\",VLOOKUP($F1590,DADOS_COMPOSICAO,10,0),IF(G1590=\"SICRO\",VLOOKUP($F1590,DADOS_SICRO,3,0),IF(G1590=\"SUDECAP\",VLOOKUP(F1590,DADOS_SUDECAP,3,0),IF(G1590=\"COTAÇÃO\",VLOOKUP($F1590,DADOS_COTACAO,9,0),\"\"))))))","v":"un"},{"$f":"F1595","v":3},{"$f":"TRUNC(IF(G1590=\"SINAPI\",VLOOKUP($F1590,DADOS_SINAPI,4,0),IF(G1590=\"SETOP\",VLOOKUP($F1590,DADOS_SETOP,4,0),IF(G1590=\"CPU\",VLOOKUP($F1590,DADOS_COMPOSICAO,13,0),IF(G1590=\"SICRO\",VLOOKUP($F1590,DADOS_SICRO,4,0),IF(G1590=\"SUDECAP\",VLOOKUP(F1590,DADOS_SUDECAP,4,0),IF(G1590=\"COTAÇÃO\",VLOOKUP(F1590,DADOS_COTACAO,12,0),\"\")))))),2)","v":267.5},"BDI 1",{"$f":"TRUNC(J1590*(1+$N$17),2)","v":338.44},{"$f":"IFERROR(TRUNC(I1590*J1590,2),\"\")","v":802.5},1015.3199999999999]
[2000]
[2000,null,null,null,"Sala para apoio de agentes de controle de endemia",1,"un "]
[2000,null,null,null,"Vestiário feminino",1,"un "]
[2000,null,null,null,"Vestiário masculino",1,"un "]
[2000,null,null,null,"Total",{"$f":"SUM(F1592:F1594)","v":3},"un "]
[2000]
[{"$f":"IFERROR(LEFT(D1597,SEARCH(\".\",D1597)-1),\"\")","v":"15"},{"$f":"IFERROR(LEFT(RIGHT(D1597,LEN(D1597)-SEARCH(\".\",D1597)),SEARCH(\".\",RIGHT(D1597,LEN(D1597)-SEARCH(\".\",D1597)))-1),\"\")","v":""},{"$f":"IFERROR(IF(LEN(D1597)-LEN(SUBSTITUTE(D1597,\".\",\"\"))<>3,\"\",MID(D1597,SEARCH(\".\",D1597,SEARCH(\".\",D1597)+1)+1,LEN(D1597)-SEARCH(\".\",D1597,SEARCH(\".\",D1597)+1)-(LEN(D1597)-(SEARCH(\".\",D1597,SEARCH(\".\",D1597,SEARCH(\".\",D1597)+1)+1)-1)))),\"\")","v":""},"15.15",{"$f":"IF($G1597=\"SINAPI\",VLOOKUP($F1597,DADOS_SINAPI,2,0),IF(G1597=\"SETOP\",VLOOKUP($F1597,DADOS_SETOP,2,0),IF(G1597=\"CPU\",VLOOKUP($F1597,DADOS_COMPOSICAO,2,0),IF(G1597=\"SICRO\",VLOOKUP($F1597,DADOS_SICRO,2,0),IF(G1597=\"SUDECAP\",VLOOKUP(F1597,DADOS_SUDECAP,2,0),IF(G1597=\"COTAÇÃO\",VLOOKUP($F1597,DADOS_COTACAO,2,0),\"\"))))))","v":"BANCADA EM GRANITO CINZA ANDORINHA E = 3 CM, APOIADA EM CONSOLE DE METALON 20 X 30 MM"},"ED-48343","SETOP",{"$f":"IF(G1597=\"SINAPI\",VLOOKUP($F1597,DADOS_SINAPI,3,0),IF(G1597=\"SETOP\",VLOOKUP($F1597,DADOS_SETOP,3,0),IF(G1597=\"CPU\",VLOOKUP($F1597,DADOS_COMPOSICAO,10,0),IF(G1597=\"SICRO\",VLOOKUP($F1597,DADOS_SICRO,3,0),IF(G1597=\"SUDECAP\",VLOOKUP(F1597,DADOS_SUDECAP,3,0),IF(G1597=\"COTAÇÃO\",VLOOKUP($F1597,DADOS_COTACAO,9,0),\"\"))))))","v":"m2"},{"$f":"F1603","v":6.6300000000000008},{"$f":"TRUNC(IF(G1597=\"SINAPI\",VLOOKUP($F1597,DADOS_SINAPI,4,0),IF(G1597=\"SETOP\",VLOOKUP($F1597,DADOS_SETOP,4,0),IF(G1597=\"CPU\",VLOOKUP($F1597,DADOS_COMPOSICAO,13,0),IF(G1597=\"SICRO\",VLOOKUP($F1597,DADOS_SICRO,4,0),IF(G1597=\"SUDECAP\",VLOOKUP(F1597,DADOS_SUDECAP,4,0),IF(G1597=\"COTAÇÃO\",VLOOKUP(F1597,DADOS_COTACAO,12,0),\"\")))))),2)","v":376.27},"BDI 1",{"$f":"TRUNC(J1597*(1+$N$17),2)","v":476.05},{"$f":"IFERROR(TRUNC(I1597*J1597,2),\"\")","v":2494.67},3156.21]
[2000]
[2000,null,null,null,"Escovário",1.74,"m²"]
[2000,null,null,null,"Recepção",4.04,"m²"]
[2000,null,null,null,"Vestiário feminino",0.56999999999999995,"m²"]
[2000,null,null,null,"Vestiário masculino",0.28000000000000003,"m²"]
[2000,null,null,null,"Total",{"$f":"SUM(F1599:F1602)","v":6.6300000000000008},"m²"]
[2000]
[{"$f":"IFERROR(LEFT(D1605,SEARCH(\".\",D1605)-1),\"\")","v":"15"},{"$f":"IFERROR(LEFT(RIGHT(D1605,LEN(D1605)-SEARCH(\".\",D1605)),SEARCH(\".\",RIGHT(D1605,LEN(D1605)-SEARCH(\".\",D1605)))-1),\"\")","v":""},{"$f":"IFERROR(IF(LEN(D1605)-LEN(SUBSTITUTE(D1605,\".\",\"\"))<>3,\"\",MID(D1605,SEARCH(\".\",D1605,SEARCH(\".\",D1605)+1)+1,LEN(D1605)-SEARCH(\".\",D1605,SEARCH(\".\",D1605)+1)-(LEN(D1605)-(SEARCH(\".\",D1605,SEARCH(\".\",D1605,SEARCH(\".\",D1605)+1)+1)-1)))),\"\")","v":""},"15.16",{"$f":"IF($G1605=\"SINAPI\",VLOOKUP($F1605,DADOS_SINAPI,2,0),IF(G1605=\"SETOP\",VLOOKUP($F1605,DADOS_SETOP,2,0),IF(G1605=\"CPU\",VLOOKUP($F1605,DADOS_COMPOSICAO,2,0),IF(G1605=\"SICRO\",VLOOKUP($F1605,DADOS_SICRO,2,0),IF(G1605=\"SUDECAP\",VLOOKUP(F1605,DADOS_SUDECAP,2,0),IF(G1605=\"COTAÇÃO\",VLOOKUP($F1605,DADOS_COTACAO,2,0),\"\"))))))","v":"RODABANCA/FRONTÃO PARA BANCADA EM GRANITO, COR CINZA ANDORINHA, ESP. 2CM, ALTURA DE 7CM, INCLUSIVE REJUNTAMENTO EM MASSA PLÁSTICA NA COR DA PEDRA"},"ED-48347","SETOP",{"$f":"IF(G1605=\"SINAPI\",VLOOKUP($F1605,DADOS_SINAPI,3,0),IF(G1605=\"SETOP\",VLOOKUP($F1605,DADOS_SETOP,3,0),IF(G1605=\"CPU\",VLOOKUP($F1605,DADOS_COMPOSICAO,10,0),IF(G1605=\"SICRO\",VLOOKUP($F1605,DADOS_SICRO,3,0),IF(G1605=\"SUDECAP\",VLOOKUP(F1605,DADOS_SUDECAP,3,0),IF(G1605=\"COTAÇÃO\",VLOOKUP($F1605,DADOS_COTACAO,9,0),\"\"))))))","v":"m"},{"$f":"F1610","v":14.129999999999999},{"$f":"TRUNC(IF(G1605=\"SINAPI\",VLOOKUP($F1605,DADOS_SINAPI,4,0),IF(G1605=\"SETOP\",VLOOKUP($F1605,DADOS_SETOP,4,0),IF(G1605=\"CPU\",VLOOKUP($F1605,DADOS_COMPOSICAO,13,0),IF(G1605=\"SICRO\",VLOOKUP($F1605,DADOS_SICRO,4,0),IF(G1605=\"SUDECAP\",VLOOKUP(F1605,DADOS_SUDECAP,4,0),IF(G1605=\"COTAÇÃO\",VLOOKUP(F1605,DADOS_COTACAO,12,0),\"\")))))),2)","v":43.22},"BDI 1",{"$f":"TRUNC(J1605*(1+$N$17),2)","v":54.68},{"$f":"IFERROR(TRUNC(I1605*J1605,2),\"\")","v":610.69000000000005},772.63]
[2000]
[2000,null,null,null,"Escovário",8.0500000000000007,"m"]
[2000,null,null,null,"Vestiário feminino",3.63,"m"]
[2000,null,null,null,"Vestiário masculino",2.4500000000000002,"m"]
[2000,null,null,null,"Total",{"$f":"SUM(F1607:F1609)","v":14.129999999999999},"m"]
[2000]
[{"$f":"IFERROR(LEFT(D1612,SEARCH(\".\",D1612)-1),\"\")","v":"15"},{"$f":"IFERROR(LEFT(RIGHT(D1612,LEN(D1612)-SEARCH(\".\",D1612)),SEARCH(\".\",RIGHT(D1612,LEN(D1612)-SEARCH(\".\",D1612)))-1),\"\")","v":""},{"$f":"IFERROR(IF(LEN(D1612)-LEN(SUBSTITUTE(D1612,\".\",\"\"))<>3,\"\",MID(D1612,SEARCH(\".\",D1612,SEARCH(\".\",D1612)+1)+1,LEN(D1612)-SEARCH(\".\",D1612,SEARCH(\".\",D1612)+1)-(LEN(D1612)-(SEARCH(\".\",D1612,SEARCH(\".\",D1612,SEARCH(\".\",D1612)+1)+1)-1)))),\"\")","v":""},"15.17",{"$f":"IF($G1612=\"SINAPI\",VLOOKUP($F1612,DADOS_SINAPI,2,0),IF(G1612=\"SETOP\",VLOOKUP($F1612,DADOS_SETOP,2,0),IF(G1612=\"CPU\",VLOOKUP($F1612,DADOS_COMPOSICAO,2,0),IF(G1612=\"SICRO\",VLOOKUP($F1612,DADOS_SICRO,2,0),IF(G1612=\"SUDECAP\",VLOOKUP(F1612,DADOS_SUDECAP,2,0),IF(G1612=\"COTAÇÃO\",VLOOKUP($F1612,DADOS_COTACAO,2,0),\"\"))))))","v":"BANCADA EM AÇO INOX COM RODABANCA"},"LOU-002","CPU",{"$f":"IF(G1612=\"SINAPI\",VLOOKUP($F1612,DADOS_SINAPI,3,0),IF(G1612=\"SETOP\",VLOOKUP($F1612,DADOS_SETOP,3,0),IF(G1612=\"CPU\",VLOOKUP($F1612,DADOS_COMPOSICAO,10,0),IF(G1612=\"SICRO\",VLOOKUP($F1612,DADOS_SICRO,3,0),IF(G1612=\"SUDECAP\",VLOOKUP(F1612,DADOS_SUDECAP,3,0),IF(G1612=\"COTAÇÃO\",VLOOKUP($F1612,DADOS_COTACAO,9,0),\"\"))))))","v":"M2"},{"$f":"F1623","v":9.8600000000000012},{"$f":"TRUNC(IF(G1612=\"SINAPI\",VLOOKUP($F1612,DADOS_SINAPI,4,0),IF(G1612=\"SETOP\",VLOOKUP($F1612,DADOS_SETOP,4,0),IF(G1612=\"CPU\",VLOOKUP($F1612,DADOS_COMPOSICAO,13,0),IF(G1612=\"SICRO\",VLOOKUP($F1612,DADOS_SICRO,4,0),IF(G1612=\"SUDECAP\",VLOOKUP(F1612,DADOS_SUDECAP,4,0),IF(G1612=\"COTAÇÃO\",VLOOKUP(F1612,DADOS_COTACAO,12,0),\"\")))))),2)","v":1944.27},"BDI 1",{"$f":"TRUNC(J1612*(1+$N$17),2)","v":2459.89},{"$f":"IFERROR(TRUNC(I1612*J1612,2),\"\")","v":19170.5},24254.52]
[2000]
[2000,null,null,null,"Consultório odontológico",1.38,"m²"]
[2000,null,null,null,"Copa",0.54,"m²"]
[2000,null,null,null,"Esterilização",1.5,"m²"]
[2000,null,null,null,"Lavagem e desinfeção de materiais",1.4,"m²"]
[2000,null,null,null,"Sala de apoio de agentes de controle de endemia",0.8,"m²"]
[2000,null,null,null,"Sala de coleta de materiais",0.54,"m²"]
[2000,null,null,null,"Sala de cuidado básicos",1.2,"m²"]
[2000,null,null,null,"Sala de curativos",1.78,"m²"]
[2000,null,null,null,"Sala de Vacinação",0.72,"m²"]
[2000,null,null,null,"Total",{"$f":"SUM(F1614:F1622)","v":9.8600000000000012},"m²"]
[2000]
[{"$f":"IFERROR(LEFT(D1625,SEARCH(\".\",D1625)-1),\"\")","v":"15"},{"$f":"IFERROR(LEFT(RIGHT(D1625,LEN(D1625)-SEARCH(\".\",D1625)),SEARCH(\".\",RIGHT(D1625,LEN(D1625)-SEARCH(\".\",D1625)))-1),\"\")","v":""},{"$f":"IFERROR(IF(LEN(D1625)-LEN(SUBSTITUTE(D1625,\".\",\"\"))<>3,\"\",MID(D1625,SEARCH(\".\",D1625,SEARCH(\".\",D1625)+1)+1,LEN(D1625)-SEARCH(\".\",D1625,SEARCH(\".\",D1625)+1)-(LEN(D1625)-(SEARCH(\".\",D1625,SEARCH(\".\",D1625,SEARCH(\".\",D1625)+1)+1)-1)))),\"\")","v":""},"15.18",{"$f":"IF($G1625=\"SINAPI\",VLOOKUP($F1625,DADOS_SINAPI,2,0),IF(G1625=\"SETOP\",VLOOKUP($F1625,DADOS_SETOP,2,0),IF(G1625=\"CPU\",VLOOKUP($F1625,DADOS_COMPOSICAO,2,0),IF(G1625=\"SICRO\",VLOOKUP($F1625,DADOS_SICRO,2,0),IF(G1625=\"SUDECAP\",VLOOKUP(F1625,DADOS_SUDECAP,2,0),IF(G1625=\"COTAÇÃO\",VLOOKUP($F1625,DADOS_COTACAO,2,0),\"\"))))))","v":"PAPELEIRA PLASTICA TIPO DISPENSER PARA PAPEL HIGIENICO ROLAO"},"ED-48183","SETOP",{"$f":"IF(G1625=\"SINAPI\",VLOOKUP($F1625,DADOS_SINAPI,3,0),IF(G1625=\"SETOP\",VLOOKUP($F1625,DADOS_SETOP,3,0),IF(G1625=\"CPU\",VLOOKUP($F1625,DADOS_COMPOSICAO,10,0),IF(G1625=\"SICRO\",VLOOKUP($F1625,DADOS_SICRO,3,0),IF(G1625=\"SUDECAP\",VLOOKUP(F1625,DADOS_SUDECAP,3,0),IF(G1625=\"COTAÇÃO\",VLOOKUP($F1625,DADOS_COTACAO,9,0),\"\"))))))","v":"U"},{"$f":"F1632","v":6},{"$f":"TRUNC(IF(G1625=\"SINAPI\",VLOOKUP($F1625,DADOS_SINAPI,4,0),IF(G1625=\"SETOP\",VLOOKUP($F1625,DADOS_SETOP,4,0),IF(G1625=\"CPU\",VLOOKUP($F1625,DADOS_COMPOSICAO,13,0),IF(G1625=\"SICRO\",VLOOKUP($F1625,DADOS_SICRO,4,0),IF(G1625=\"SUDECAP\",VLOOKUP(F1625,DADOS_SUDECAP,4,0),IF(G1625=\"COTAÇÃO\",VLOOKUP(F1625,DADOS_COTACAO,12,0),\"\")))))),2)","v":60.78},"BDI 1",{"$f":"TRUNC(J1625*(1+$N$17),2)","v":76.89},{"$f":"IFERROR(TRUNC(I1625*J1625,2),\"\")","v":364.68},{"$f":"L1625*I1625","v":461.34000000000003}]
[2000]
[2000,null,null,null,"Ban. Ginecologia",1,"un "]
[2000,null,null,null,"Ban. Pcd. Fem.",1,"un "]
[2000,null,null,null,"Ban. Pcd. Masc.",1,"un "]
[2000,null,null,null,"Vestiário feminino",2,"un "]
[2000,null,null,null,"Vestiário masculino",1,"un "]
[2000,null,null,null,"Total",{"$f":"SUM(F1627:F1631)","v":6},"un "]
[2000]
[{"$f":"IFERROR(LEFT(D1634,SEARCH(\".\",D1634)-1),\"\")","v":"15"},{"$f":"IFERROR(LEFT(RIGHT(D1634,LEN(D1634)-SEARCH(\".\",D1634)),SEARCH(\".\",RIGHT(D1634,LEN(D1634)-SEARCH(\".\",D1634)))-1),\"\")","v":""},{"$f":"IFERROR(IF(LEN(D1634)-LEN(SUBSTITUTE(D1634,\".\",\"\"))<>3,\"\",MID(D1634,SEARCH(\".\",D1634,SEARCH(\".\",D1634)+1)+1,LEN(D1634)-SEARCH(\".\",D1634,SEARCH(\".\",D1634)+1)-(LEN(D1634)-(SEARCH(\".\",D1634,SEARCH(\".\",D1634,SEARCH(\".\",D1634)+1)+1)-1)))),\"\")","v":""},"15.19",{"$f":"IF($G1634=\"SINAPI\",VLOOKUP($F1634,DADOS_SINAPI,2,0),IF(G1634=\"SETOP\",VLOOKUP($F1634,DADOS_SETOP,2,0),IF(G1634=\"CPU\",VLOOKUP($F1634,DADOS_COMPOSICAO,2,0),IF(G1634=\"SICRO\",VLOOKUP($F1634,DADOS_SICRO,2,0),IF(G1634=\"SUDECAP\",VLOOKUP(F1634,DADOS_SUDECAP,2,0),IF(G1634=\"COTAÇÃO\",VLOOKUP($F1634,DADOS_COTACAO,2,0),\"\"))))))","v":"SABONETEIRA PLASTICA TIPO DISPENSER PARA SABONETE LIQUIDO COM RESERVATORIO 1500 ML"},"ED-48189","SETOP",{"$f":"IF(G1634=\"SINAPI\",VLOOKUP($F1634,DADOS_SINAPI,3,0),IF(G1634=\"SETOP\",VLOOKUP($F1634,DADOS_SETOP,3,0),IF(G1634=\"CPU\",VLOOKUP($F1634,DADOS_COMPOSICAO,10,0),IF(G1634=\"SICRO\",VLOOKUP($F1634,DADOS_SICRO,3,0),IF(G1634=\"SUDECAP\",VLOOKUP(F1634,DADOS_SUDECAP,3,0),IF(G1634=\"COTAÇÃO\",VLOOKUP($F1634,DADOS_COTACAO,9,0),\"\"))))))","v":"U"},{"$f":"F1655","v":29},{"$f":"TRUNC(IF(G1634=\"SINAPI\",VLOOKUP($F1634,DADOS_SINAPI,4,0),IF(G1634=\"SETOP\",VLOOKUP($F1634,DADOS_SETOP,4,0),IF(G1634=\"CPU\",VLOOKUP($F1634,DADOS_COMPOSICAO,13,0),IF(G1634=\"SICRO\",VLOOKUP($F1634,DADOS_SICRO,4,0),IF(G1634=\"SUDECAP\",VLOOKUP(F1634,DADOS_SUDECAP,4,0),IF(G1634=\"COTAÇÃO\",VLOOKUP(F1634,DADOS_COTACAO,12,0),\"\")))))),2)","v":87.77},"BDI 1",{"$f":"TRUNC(J1634*(1+$N$17),2)","v":111.04},{"$f":"IFERROR(TRUNC(I1634*J1634,2),\"\")","v":2545.33},3220.1600000000003]
[2000]
[2000,null,null,null,"Ban. Ginecologia",1,"un "]
[2000,null,null,null,"Ban. Pcd. Fem.",1,"un "]
[2000,null,null,null,"Ban. Pcd. Masc.",1,"un "]
[2000,null,null,null,"Consultório 1",1,"un "]
[2000,null,null,null,"Consultório 2",1,"un "]
[2000,null,null,null,"Consultório 3",1,"un "]
[2000,null,null,null,"Consultório ginecológico",1,"un "]
[2000,null,null,null,"Consultório odontológico",4,"un "]
[2000,null,null,null,"Copa",1,"un "]
[2000,null,null,null,"Escovário",4,"un "]
[2000,null,null,null,"Esterelização",1,"un "]
[2000,null,null,null,"Lavagem e desinfeção de materiais",2,"un "]
[2000,null,null,null,"Sala de coleta de materiais",2,"un "]
[2000,null,null,null,"Sala de cuidado básicos",2,"un "]
[2000,null,null,null,"Sala de curativos",2,"un "]
[2000,null,null,null,"Sala de vacinação",1,"un "]
[2000,null,null,null,"Triagem da unidade",1,"un "]
[2000,null,null,null,"Vestiário feminino",1,"un "]
[2000,null,null,null,"Vestiário masculino",1,"un "]
[2000,null,null,null,"Total",{"$f":"SUM(F1636:F1654)","v":29},"un "]
[2000]
[{"$f":"IFERROR(LEFT(D1657,SEARCH(\".\",D1657)-1),\"\")","v":"15"},{"$f":"IFERROR(LEFT(RIGHT(D1657,LEN(D1657)-SEARCH(\".\",D1657)),SEARCH(\".\",RIGHT(D1657,LEN(D1657)-SEARCH(\".\",D1657)))-1),\"\")","v":""},{"$f":"IFERROR(IF(LEN(D1657)-LEN(SUBSTITUTE(D1657,\".\",\"\"))<>3,\"\",MID(D1657,SEARCH(\".\",D1657,SEARCH(\".\",D1657)+1)+1,LEN(D1657)-SEARCH(\".\",D1657,SEARCH(\".\",D1657)+1)-(LEN(D1657)-(SEARCH(\".\",D1657,SEARCH(\".\",D1657,SEARCH(\".\",D1657)+1)+1)-1)))),\"\")","v":""},"15.20",{"$f":"IF($G1657=\"SINAPI\",VLOOKUP($F1657,DADOS_SINAPI,2,0),IF(G1657=\"SETOP\",VLOOKUP($F1657,DADOS_SETOP,2,0),IF(G1657=\"CPU\",VLOOKUP($F1657,DADOS_COMPOSICAO,2,0),IF(G1657=\"SICRO\",VLOOKUP($F1657,DADOS_SICRO,2,0),IF(G1657=\"SUDECAP\",VLOOKUP(F1657,DADOS_SUDECAP,2,0),IF(G1657=\"COTAÇÃO\",VLOOKUP($F1657,DADOS_COTACAO,2,0),\"\"))))))","v":"DISPENSER EM PLÁSTICO PARA PAPEL TOALHA 2 OU 3 FOLHAS"},"ED-48182","SETOP",{"$f":"IF(G1657=\"SINAPI\",VLOOKUP($F1657,DADOS_SINAPI,3,0),IF(G1657=\"SETOP\",VLOOKUP($F1657,DADOS_SETOP,3,0),IF(G1657=\"CPU\",VLOOKUP($F1657,DADOS_COMPOSICAO,10,0),IF(G1657=\"SICRO\",VLOOKUP($F1657,DADOS_SICRO,3,0),IF(G1657=\"SUDECAP\",VLOOKUP(F1657,DADOS_SUDECAP,3,0),IF(G1657=\"COTAÇÃO\",VLOOKUP($F1657,DADOS_COTACAO,9,0),\"\"))))))","v":"U"},{"$f":"F1678","v":22},{"$f":"TRUNC(IF(G1657=\"SINAPI\",VLOOKUP($F1657,DADOS_SINAPI,4,0),IF(G1657=\"SETOP\",VLOOKUP($F1657,DADOS_SETOP,4,0),IF(G1657=\"CPU\",VLOOKUP($F1657,DADOS_COMPOSICAO,13,0),IF(G1657=\"SICRO\",VLOOKUP($F1657,DADOS_SICRO,4,0),IF(G1657=\"SUDECAP\",VLOOKUP(F1657,DADOS_SUDECAP,4,0),IF(G1657=\"COTAÇÃO\",VLOOKUP(F1657,DADOS_COTACAO,12,0),\"\")))))),2)","v":70.739999999999995},"BDI 1",{"$f":"TRUNC(J1657*(1+$N$17),2)","v":89.5},{"$f":"IFERROR(TRUNC(I1657*J1657,2),\"\")","v":1556.28},1969]
[2000]
[2000,null,null,null,"Ban. Ginecologia",1,"un "]
[2000,null,null,null,"Ban. Pcd. Fem.",1,"un "]
[2000,null,null,null,"Ban. Pcd. Masc.",1,"un "]
[2000,null,null,null,"Consultório 1",1,"un "]
[2000,null,null,null,"Consultório 2",1,"un "]
[2000,null,null,null,"Consultório 3",1,"un "]
[2000,null,null,null,"Consultório ginecológico",1,"un "]
[2000,null,null,null,"Consultório odontológico",3,"un "]
[2000,null,null,null,"Copa",1,"un "]
[2000,null,null,null,"Escovário",1,"un "]
[2000,null,null,null,"Esterelização",1,"un "]
[2000,null,null,null,"Lavagem e desinfeção de materiais",1,"un "]
[2000,null,null,null,"Sala de coleta de materiais",1,"un "]
[2000,null,null,null,"Sala de cuidado básicos",1,"un "]
[2000,null,null,null,"Sala de curativos",2,"un "]
[2000,null,null,null,"Sala de vacinação",1,"un "]
[2000,null,null,null,"Triagem da unidade",1,"un "]
[2000,null,null,null,"Vestiário feminino",1,"un "]
[2000,null,null,null,"Vestiário masculino",1,"un "]
[2000,null,null,null,"Total",{"$f":"SUM(F1659:F1677)","v":22},"un "]
[2000]
[{"$f":"IFERROR(LEFT(D1680,SEARCH(\".\",D1680)-1),\"\")","v":"15"},{"$f":"IFERROR(LEFT(RIGHT(D1680,LEN(D1680)-SEARCH(\".\",D1680)),SEARCH(\".\",RIGHT(D1680,LEN(D1680)-SEARCH(\".\",D1680)))-1),\"\")","v":""},{"$f":"IFERROR(IF(LEN(D1680)-LEN(SUBSTITUTE(D1680,\".\",\"\"))<>3,\"\",MID(D1680,SEARCH(\".\",D1680,SEARCH(\".\",D1680)+1)+1,LEN(D1680)-SEARCH(\".\",D1680,SEARCH(\".\",D1680)+1)-(LEN(D1680)-(SEARCH(\".\",D1680,SEARCH(\".\",D1680,SEARCH(\".\",D1680)+1)+1)-1)))),\"\")","v":""},"15.21",{"$f":"IF($G1680=\"SINAPI\",VLOOKUP($F1680,DADOS_SINAPI,2,0),IF(G1680=\"SETOP\",VLOOKUP($F1680,DADOS_SETOP,2,0),IF(G1680=\"CPU\",VLOOKUP($F1680,DADOS_COMPOSICAO,2,0),IF(G1680=\"SICRO\",VLOOKUP($F1680,DADOS_SICRO,2,0),IF(G1680=\"SUDECAP\",VLOOKUP(F1680,DADOS_SUDECAP,2,0),IF(G1680=\"COTAÇÃO\",VLOOKUP($F1680,DADOS_COTACAO,2,0),\"\"))))))","v":"ESPELHO CRISTAL, E = 4 MM, APARAFUSADO, ÁREA MENOR OU IGUAL A 1,0 M2, FORNECIMENTO E INSTALAÇÃO REF 102143"},"16.20.20","SUDECAP",{"$f":"IF(G1680=\"SINAPI\",VLOOKUP($F1680,DADOS_SINAPI,3,0),IF(G1680=\"SETOP\",VLOOKUP($F1680,DADOS_SETOP,3,0),IF(G1680=\"CPU\",VLOOKUP($F1680,DADOS_COMPOSICAO,10,0),IF(G1680=\"SICRO\",VLOOKUP($F1680,DADOS_SICRO,3,0),IF(G1680=\"SUDECAP\",VLOOKUP(F1680,DADOS_SUDECAP,3,0),IF(G1680=\"COTAÇÃO\",VLOOKUP($F1680,DADOS_COTACAO,9,0),\"\"))))))","v":"M2"},{"$f":"F1688","v":5.0100000000000007},{"$f":"TRUNC(IF(G1680=\"SINAPI\",VLOOKUP($F1680,DADOS_SINAPI,4,0),IF(G1680=\"SETOP\",VLOOKUP($F1680,DADOS_SETOP,4,0),IF(G1680=\"CPU\",VLOOKUP($F1680,DADOS_COMPOSICAO,13,0),IF(G1680=\"SICRO\",VLOOKUP($F1680,DADOS_SICRO,4,0),IF(G1680=\"SUDECAP\",VLOOKUP(F1680,DADOS_SUDECAP,4,0),IF(G1680=\"COTAÇÃO\",VLOOKUP(F1680,DADOS_COTACAO,12,0),\"\")))))),2)","v":211.22},"BDI 1",{"$f":"TRUNC(J1680*(1+$N$17),2)","v":267.23},{"$f":"IFERROR(TRUNC(I1680*J1680,2),\"\")","v":1058.21},1338.82]
[2000]
[2000,null,null,null,"Ban. Ginecologia",0.53,"m²"]
[2000,null,null,null,"Ban. Pcd. Fem.",0.53,"m²"]
[2000,null,null,null,"Ban. Pcd. Masc.",0.53,"m²"]
[2000,null,null,null,"Escovário",1.8,"m²"]
[2000,null,null,null,"Vestiário feminino",1.08,"m²"]
[2000,null,null,null,"Vestiário masculino",0.54,"m²"]
[2000,null,null,null,"Total",{"$f":"SUM(F1682:F1687)","v":5.0100000000000007},"m²"]
[2000]
[{"$f":"IFERROR(LEFT(D1690,SEARCH(\".\",D1690)-1),\"\")","v":"15"},{"$f":"IFERROR(LEFT(RIGHT(D1690,LEN(D1690)-SEARCH(\".\",D1690)),SEARCH(\".\",RIGHT(D1690,LEN(D1690)-SEARCH(\".\",D1690)))-1),\"\")","v":""},{"$f":"IFERROR(IF(LEN(D1690)-LEN(SUBSTITUTE(D1690,\".\",\"\"))<>3,\"\",MID(D1690,SEARCH(\".\",D1690,SEARCH(\".\",D1690)+1)+1,LEN(D1690)-SEARCH(\".\",D1690,SEARCH(\".\",D1690)+1)-(LEN(D1690)-(SEARCH(\".\",D1690,SEARCH(\".\",D1690,SEARCH(\".\",D1690)+1)+1)-1)))),\"\")","v":""},"15.22",{"$f":"IF($G1690=\"SINAPI\",VLOOKUP($F1690,DADOS_SINAPI,2,0),IF(G1690=\"SETOP\",VLOOKUP($F1690,DADOS_SETOP,2,0),IF(G1690=\"CPU\",VLOOKUP($F1690,DADOS_COMPOSICAO,2,0),IF(G1690=\"SICRO\",VLOOKUP($F1690,DADOS_SICRO,2,0),IF(G1690=\"SUDECAP\",VLOOKUP(F1690,DADOS_SUDECAP,2,0),IF(G1690=\"COTAÇÃO\",VLOOKUP($F1690,DADOS_COTACAO,2,0),\"\"))))))","v":"BEBEDOURO INDUSTRIAL 50L"},"10.47.07","SUDECAP",{"$f":"IF(G1690=\"SINAPI\",VLOOKUP($F1690,DADOS_SINAPI,3,0),IF(G1690=\"SETOP\",VLOOKUP($F1690,DADOS_SETOP,3,0),IF(G1690=\"CPU\",VLOOKUP($F1690,DADOS_COMPOSICAO,10,0),IF(G1690=\"SICRO\",VLOOKUP($F1690,DADOS_SICRO,3,0),IF(G1690=\"SUDECAP\",VLOOKUP(F1690,DADOS_SUDECAP,3,0),IF(G1690=\"COTAÇÃO\",VLOOKUP($F1690,DADOS_COTACAO,9,0),\"\"))))))","v":"UN"},{"$f":"F1693","v":1},{"$f":"TRUNC(IF(G1690=\"SINAPI\",VLOOKUP($F1690,DADOS_SINAPI,4,0),IF(G1690=\"SETOP\",VLOOKUP($F1690,DADOS_SETOP,4,0),IF(G1690=\"CPU\",VLOOKUP($F1690,DADOS_COMPOSICAO,13,0),IF(G1690=\"SICRO\",VLOOKUP($F1690,DADOS_SICRO,4,0),IF(G1690=\"SUDECAP\",VLOOKUP(F1690,DADOS_SUDECAP,4,0),IF(G1690=\"COTAÇÃO\",VLOOKUP(F1690,DADOS_COTACAO,12,0),\"\")))))),2)","v":1575.46},"BDI 1",{"$f":"TRUNC(J1690*(1+$N$17),2)","v":1993.27},{"$f":"IFERROR(TRUNC(I1690*J1690,2),\"\")","v":1575.46},{"$f":"L1690*I1690","v":1993.27}]
[2000]
[2000,null,null,null,"Recepção",1,"un "]
[2000,null,null,null,"Total",{"$f":"SUM(F1692:F1692)","v":1},"un "]
[2000]
[{"$f":"IFERROR(LEFT(D1695,SEARCH(\".\",D1695)-1),\"\")","v":"15"},{"$f":"IFERROR(LEFT(RIGHT(D1695,LEN(D1695)-SEARCH(\".\",D1695)),SEARCH(\".\",RIGHT(D1695,LEN(D1695)-SEARCH(\".\",D1695)))-1),\"\")","v":""},{"$f":"IFERROR(IF(LEN(D1695)-LEN(SUBSTITUTE(D1695,\".\",\"\"))<>3,\"\",MID(D1695,SEARCH(\".\",D1695,SEARCH(\".\",D1695)+1)+1,LEN(D1695)-SEARCH(\".\",D1695,SEARCH(\".\",D1695)+1)-(LEN(D1695)-(SEARCH(\".\",D1695,SEARCH(\".\",D1695,SEARCH(\".\",D1695)+1)+1)-1)))),\"\")","v":""},"15.23",{"$f":"IF($G1695=\"SINAPI\",VLOOKUP($F1695,DADOS_SINAPI,2,0),IF(G1695=\"SETOP\",VLOOKUP($F1695,DADOS_SETOP,2,0),IF(G1695=\"CPU\",VLOOKUP($F1695,DADOS_COMPOSICAO,2,0),IF(G1695=\"SICRO\",VLOOKUP($F1695,DADOS_SICRO,2,0),IF(G1695=\"SUDECAP\",VLOOKUP(F1695,DADOS_SUDECAP,2,0),IF(G1695=\"COTAÇÃO\",VLOOKUP($F1695,DADOS_COTACAO,2,0),\"\"))))))","v":"DUCHA HIGIÊNICA COM REGISTRO PARA CONTROLE DE FLUXO DE ÁGUA, DIÂMETRO 1/2\" (20MM), INCLUSIVE FORNECIMENTO E INSTALAÇÃO"},"ED-50316","SETOP",{"$f":"IF(G1695=\"SINAPI\",VLOOKUP($F1695,DADOS_SINAPI,3,0),IF(G1695=\"SETOP\",VLOOKUP($F1695,DADOS_SETOP,3,0),IF(G1695=\"CPU\",VLOOKUP($F1695,DADOS_COMPOSICAO,10,0),IF(G1695=\"SICRO\",VLOOKUP($F1695,DADOS_SICRO,3,0),IF(G1695=\"SUDECAP\",VLOOKUP(F1695,DADOS_SUDECAP,3,0),IF(G1695=\"COTAÇÃO\",VLOOKUP($F1695,DADOS_COTACAO,9,0),\"\"))))))","v":"un"},{"$f":"F1700","v":3},{"$f":"TRUNC(IF(G1695=\"SINAPI\",VLOOKUP($F1695,DADOS_SINAPI,4,0),IF(G1695=\"SETOP\",VLOOKUP($F1695,DADOS_SETOP,4,0),IF(G1695=\"CPU\",VLOOKUP($F1695,DADOS_COMPOSICAO,13,0),IF(G1695=\"SICRO\",VLOOKUP($F1695,DADOS_SICRO,4,0),IF(G1695=\"SUDECAP\",VLOOKUP(F1695,DADOS_SUDECAP,4,0),IF(G1695=\"COTAÇÃO\",VLOOKUP(F1695,DADOS_COTACAO,12,0),\"\")))))),2)","v":173.53},"BDI 1",{"$f":"TRUNC(J1695*(1+$N$17),2)","v":219.55},{"$f":"IFERROR(TRUNC(I1695*J1695,2),\"\")","v":520.59},658.65000000000009]
[2000]
[2000,null,null,null,"Ban. Ginecologia",1,"un "]
[2000,null,null,null,"Ban. Pcd. Fem.",1,"un "]
[2000,null,null,null,"Ban. Pcd. Masc.",1,"un "]
[2000,null,null,null,"Total",{"$f":"SUM(F1697:F1699)","v":3},"un "]
[2000]
[{"$f":"IFERROR(LEFT(D1702,SEARCH(\".\",D1702)-1),\"\")","v":"15"},{"$f":"IFERROR(LEFT(RIGHT(D1702,LEN(D1702)-SEARCH(\".\",D1702)),SEARCH(\".\",RIGHT(D1702,LEN(D1702)-SEARCH(\".\",D1702)))-1),\"\")","v":""},{"$f":"IFERROR(IF(LEN(D1702)-LEN(SUBSTITUTE(D1702,\".\",\"\"))<>3,\"\",MID(D1702,SEARCH(\".\",D1702,SEARCH(\".\",D1702)+1)+1,LEN(D1702)-SEARCH(\".\",D1702,SEARCH(\".\",D1702)+1)-(LEN(D1702)-(SEARCH(\".\",D1702,SEARCH(\".\",D1702,SEARCH(\".\",D1702)+1)+1)-1)))),\"\")","v":""},"15.24",{"$f":"IF($G1702=\"SINAPI\",VLOOKUP($F1702,DADOS_SINAPI,2,0),IF(G1702=\"SETOP\",VLOOKUP($F1702,DADOS_SETOP,2,0),IF(G1702=\"CPU\",VLOOKUP($F1702,DADOS_COMPOSICAO,2,0),IF(G1702=\"SICRO\",VLOOKUP($F1702,DADOS_SICRO,2,0),IF(G1702=\"SUDECAP\",VLOOKUP(F1702,DADOS_SUDECAP,2,0),IF(G1702=\"COTAÇÃO\",VLOOKUP($F1702,DADOS_COTACAO,2,0),\"\"))))))","v":"EXPURGO HOSPITALAR COM SIFÃO, TRITURADOR - FORNECIMENTO E INSTALAÇÃO"},"LOU-003","CPU",{"$f":"IF(G1702=\"SINAPI\",VLOOKUP($F1702,DADOS_SINAPI,3,0),IF(G1702=\"SETOP\",VLOOKUP($F1702,DADOS_SETOP,3,0),IF(G1702=\"CPU\",VLOOKUP($F1702,DADOS_COMPOSICAO,10,0),IF(G1702=\"SICRO\",VLOOKUP($F1702,DADOS_SICRO,3,0),IF(G1702=\"SUDECAP\",VLOOKUP(F1702,DADOS_SUDECAP,3,0),IF(G1702=\"COTAÇÃO\",VLOOKUP($F1702,DADOS_COTACAO,9,0),\"\"))))))","v":"UN "},{"$f":"F1704","v":1},{"$f":"TRUNC(IF(G1702=\"SINAPI\",VLOOKUP($F1702,DADOS_SINAPI,4,0),IF(G1702=\"SETOP\",VLOOKUP($F1702,DADOS_SETOP,4,0),IF(G1702=\"CPU\",VLOOKUP($F1702,DADOS_COMPOSICAO,13,0),IF(G1702=\"SICRO\",VLOOKUP($F1702,DADOS_SICRO,4,0),IF(G1702=\"SUDECAP\",VLOOKUP(F1702,DADOS_SUDECAP,4,0),IF(G1702=\"COTAÇÃO\",VLOOKUP(F1702,DADOS_COTACAO,12,0),\"\")))))),2)","v":9014.02},"BDI 1",{"$f":"TRUNC(J1702*(1+$N$17),2)","v":11404.53},{"$f":"IFERROR(TRUNC(I1702*J1702,2),\"\")","v":9014.02},11404.53]
[2000]
[2000,null,null,null,"Total",1,"un "]
[2000]
[1000,null,null,16,"ACESSIBILIDADE",null,null,null,null,null,null,null,{"$f":"SUMIF(A:A,D1706,M:M)","v":28535},{"$f":"SUMIF(A:A,D1706,N:N)","v":36102.400000000001}]
[null,null,null,"16.1","PORTAS",null,null,null,null,null,null,null,{"$f":"IFERROR(SUMIFS(M:M,A:A,LEFT(D1707,SEARCH(\".\",D1707)-1),B:B,RIGHT(D1707,LEN(D1707)-SEARCH(\".\",D1707))),\"\")","v":14731.2},{"$f":"IFERROR(SUMIFS(N:N,A:A,LEFT(D1707,SEARCH(\".\",D1707)-1),B:B,RIGHT(D1707,LEN(D1707)-SEARCH(\".\",D1707))),\"\")","v":18637.52}]
[{"$f":"IFERROR(LEFT(D1708,SEARCH(\".\",D1708)-1),\"\")","v":"16"},{"$f":"IFERROR(LEFT(RIGHT(D1708,LEN(D1708)-SEARCH(\".\",D1708)),SEARCH(\".\",RIGHT(D1708,LEN(D1708)-SEARCH(\".\",D1708)))-1),\"\")","v":"1"},{"$f":"IFERROR(IF(LEN(D1708)-LEN(SUBSTITUTE(D1708,\".\",\"\"))<>3,\"\",MID(D1708,SEARCH(\".\",D1708,SEARCH(\".\",D1708)+1)+1,LEN(D1708)-SEARCH(\".\",D1708,SEARCH(\".\",D1708)+1)-(LEN(D1708)-(SEARCH(\".\",D1708,SEARCH(\".\",D1708,SEARCH(\".\",D1708)+1)+1)-1)))),\"\")","v":""},"16.1.1",{"$f":"IF($G1708=\"SINAPI\",VLOOKUP($F1708,DADOS_SINAPI,2,0),IF(G1708=\"SETOP\",VLOOKUP($F1708,DADOS_SETOP,2,0),IF(G1708=\"CPU\",VLOOKUP($F1708,DADOS_COMPOSICAO,2,0),IF(G1708=\"SICRO\",VLOOKUP($F1708,DADOS_SICRO,2,0),IF(G1708=\"SUDECAP\",VLOOKUP(F1708,DADOS_SUDECAP,2,0),IF(G1708=\"COTAÇÃO\",VLOOKUP($F1708,DADOS_COTACAO,2,0),\"\"))))))","v":"PUXADOR PARA PCD, FIXADO NA PORTA - FORNECIMENTO E INSTALAÇÃO. AF_01/2020"},100874,"SINAPI",{"$f":"IF(G1708=\"SINAPI\",VLOOKUP($F1708,DADOS_SINAPI,3,0),IF(G1708=\"SETOP\",VLOOKUP($F1708,DADOS_SETOP,3,0),IF(G1708=\"CPU\",VLOOKUP($F1708,DADOS_COMPOSICAO,10,0),IF(G1708=\"SICRO\",VLOOKUP($F1708,DADOS_SICRO,3,0),IF(G1708=\"SUDECAP\",VLOOKUP(F1708,DADOS_SUDECAP,3,0),IF(G1708=\"COTAÇÃO\",VLOOKUP($F1708,DADOS_COTACAO,9,0),\"\"))))))","v":"UN"},{"$f":"F1710","v":44},{"$f":"TRUNC(IF(G1708=\"SINAPI\",VLOOKUP($F1708,DADOS_SINAPI,4,0),IF(G1708=\"SETOP\",VLOOKUP($F1708,DADOS_SETOP,4,0),IF(G1708=\"CPU\",VLOOKUP($F1708,DADOS_COMPOSICAO,13,0),IF(G1708=\"SICRO\",VLOOKUP($F1708,DADOS_SICRO,4,0),IF(G1708=\"SUDECAP\",VLOOKUP(F1708,DADOS_SUDECAP,4,0),IF(G1708=\"COTAÇÃO\",VLOOKUP(F1708,DADOS_COTACAO,12,0),\"\")))))),2)","v":334.8},"BDI 1",{"$f":"TRUNC(J1708*(1+$N$17),2)","v":423.58},{"$f":"IFERROR(TRUNC(I1708*J1708,2),\"\")","v":14731.2},{"$f":"L1708*I1708","v":18637.52}]
[2000]
[2000,null,null,null,"Quantidade",44,"un"]
[2000]
[null,null,null,"16.2","SANITÁRIOS PNE",null,null,null,null,null,null,null,{"$f":"IFERROR(SUMIFS(M:M,A:A,LEFT(D1712,SEARCH(\".\",D1712)-1),B:B,RIGHT(D1712,LEN(D1712)-SEARCH(\".\",D1712))),\"\")","v":5650.5599999999995},{"$f":"IFERROR(SUMIFS(N:N,A:A,LEFT(D1712,SEARCH(\".\",D1712)-1),B:B,RIGHT(D1712,LEN(D1712)-SEARCH(\".\",D1712))),\"\")","v":7148.98}]
[{"$f":"IFERROR(LEFT(D1713,SEARCH(\".\",D1713)-1),\"\")","v":"16"},{"$f":"IFERROR(LEFT(RIGHT(D1713,LEN(D1713)-SEARCH(\".\",D1713)),SEARCH(\".\",RIGHT(D1713,LEN(D1713)-SEARCH(\".\",D1713)))-1),\"\")","v":"2"},{"$f":"IFERROR(IF(LEN(D1713)-LEN(SUBSTITUTE(D1713,\".\",\"\"))<>3,\"\",MID(D1713,SEARCH(\".\",D1713,SEARCH(\".\",D1713)+1)+1,LEN(D1713)-SEARCH(\".\",D1713,SEARCH(\".\",D1713)+1)-(LEN(D1713)-(SEARCH(\".\",D1713,SEARCH(\".\",D1713,SEARCH(\".\",D1713)+1)+1)-1)))),\"\")","v":""},"16.2.1",{"$f":"IF($G1713=\"SINAPI\",VLOOKUP($F1713,DADOS_SINAPI,2,0),IF(G1713=\"SETOP\",VLOOKUP($F1713,DADOS_SETOP,2,0),IF(G1713=\"CPU\",VLOOKUP($F1713,DADOS_COMPOSICAO,2,0),IF(G1713=\"SICRO\",VLOOKUP($F1713,DADOS_SICRO,2,0),IF(G1713=\"SUDECAP\",VLOOKUP(F1713,DADOS_SUDECAP,2,0),IF(G1713=\"COTAÇÃO\",VLOOKUP($F1713,DADOS_COTACAO,2,0),\"\"))))))","v":"BARRA DE APOIO EM AÇO INOX POLIDO RETA, DN 1.1/4\" (31,75MM), PARA ACESSIBILIDADE (PMR/PCR), COMPRIMENTO 70CM, INSTALADO EM PAREDE, INCLUSIVE FORNECIMENTO, INSTALAÇÃO E ACESSÓRIOS PARA FIXAÇÃO"},"ED-48164","SETOP",{"$f":"IF(G1713=\"SINAPI\",VLOOKUP($F1713,DADOS_SINAPI,3,0),IF(G1713=\"SETOP\",VLOOKUP($F1713,DADOS_SETOP,3,0),IF(G1713=\"CPU\",VLOOKUP($F1713,DADOS_COMPOSICAO,10,0),IF(G1713=\"SICRO\",VLOOKUP($F1713,DADOS_SICRO,3,0),IF(G1713=\"SUDECAP\",VLOOKUP(F1713,DADOS_SUDECAP,3,0),IF(G1713=\"COTAÇÃO\",VLOOKUP($F1713,DADOS_COTACAO,9,0),\"\"))))))","v":"un"},{"$f":"F1715","v":3},{"$f":"TRUNC(IF(G1713=\"SINAPI\",VLOOKUP($F1713,DADOS_SINAPI,4,0),IF(G1713=\"SETOP\",VLOOKUP($F1713,DADOS_SETOP,4,0),IF(G1713=\"CPU\",VLOOKUP($F1713,DADOS_COMPOSICAO,13,0),IF(G1713=\"SICRO\",VLOOKUP($F1713,DADOS_SICRO,4,0),IF(G1713=\"SUDECAP\",VLOOKUP(F1713,DADOS_SUDECAP,4,0),IF(G1713=\"COTAÇÃO\",VLOOKUP(F1713,DADOS_COTACAO,12,0),\"\")))))),2)","v":216.56},"BDI 1",{"$f":"TRUNC(J1713*(1+$N$17),2)","v":273.99},{"$f":"IFERROR(TRUNC(I1713*J1713,2),\"\")","v":649.67999999999995},{"$f":"L1713*I1713","v":821.97}]
[2000]
[2000,null,null,null,"Quantidade",3,"un"]
[2000,null,null,null,null,0]
[{"$f":"IFERROR(LEFT(D1717,SEARCH(\".\",D1717)-1),\"\")","v":"16"},{"$f":"IFERROR(LEFT(RIGHT(D1717,LEN(D1717)-SEARCH(\".\",D1717)),SEARCH(\".\",RIGHT(D1717,LEN(D1717)-SEARCH(\".\",D1717)))-1),\"\")","v":"2"},{"$f":"IFERROR(IF(LEN(D1717)-LEN(SUBSTITUTE(D1717,\".\",\"\"))<>3,\"\",MID(D1717,SEARCH(\".\",D1717,SEARCH(\".\",D1717)+1)+1,LEN(D1717)-SEARCH(\".\",D1717,SEARCH(\".\",D1717)+1)-(LEN(D1717)-(SEARCH(\".\",D1717,SEARCH(\".\",D1717,SEARCH(\".\",D1717)+1)+1)-1)))),\"\")","v":""},"16.2.2",{"$f":"IF($G1717=\"SINAPI\",VLOOKUP($F1717,DADOS_SINAPI,2,0),IF(G1717=\"SETOP\",VLOOKUP($F1717,DADOS_SETOP,2,0),IF(G1717=\"CPU\",VLOOKUP($F1717,DADOS_COMPOSICAO,2,0),IF(G1717=\"SICRO\",VLOOKUP($F1717,DADOS_SICRO,2,0),IF(G1717=\"SUDECAP\",VLOOKUP(F1717,DADOS_SUDECAP,2,0),IF(G1717=\"COTAÇÃO\",VLOOKUP($F1717,DADOS_COTACAO,2,0),\"\"))))))","v":"BARRA DE APOIO EM AÇO INOX POLIDO RETA, DN 1.1/4\" (31,75MM), PARA ACESSIBILIDADE (PMR/PCR), COMPRIMENTO 80CM, INSTALADO EM PAREDE, INCLUSIVE FORNECIMENTO, INSTALAÇÃO E ACESSÓRIOS PARA FIXAÇÃO"},"ED-48160","SETOP",{"$f":"IF(G1717=\"SINAPI\",VLOOKUP($F1717,DADOS_SINAPI,3,0),IF(G1717=\"SETOP\",VLOOKUP($F1717,DADOS_SETOP,3,0),IF(G1717=\"CPU\",VLOOKUP($F1717,DADOS_COMPOSICAO,10,0),IF(G1717=\"SICRO\",VLOOKUP($F1717,DADOS_SICRO,3,0),IF(G1717=\"SUDECAP\",VLOOKUP(F1717,DADOS_SUDECAP,3,0),IF(G1717=\"COTAÇÃO\",VLOOKUP($F1717,DADOS_COTACAO,9,0),\"\"))))))","v":"un"},{"$f":"F1719","v":6},{"$f":"TRUNC(IF(G1717=\"SINAPI\",VLOOKUP($F1717,DADOS_SINAPI,4,0),IF(G1717=\"SETOP\",VLOOKUP($F1717,DADOS_SETOP,4,0),IF(G1717=\"CPU\",VLOOKUP($F1717,DADOS_COMPOSICAO,13,0),IF(G1717=\"SICRO\",VLOOKUP($F1717,DADOS_SICRO,4,0),IF(G1717=\"SUDECAP\",VLOOKUP(F1717,DADOS_SUDECAP,4,0),IF(G1717=\"COTAÇÃO\",VLOOKUP(F1717,DADOS_COTACAO,12,0),\"\")))))),2)","v":195.08},"BDI 1",{"$f":"TRUNC(J1717*(1+$N$17),2)","v":246.81},{"$f":"IFERROR(TRUNC(I1717*J1717,2),\"\")","v":1170.48},{"$f":"L1717*I1717","v":1480.8600000000001}]
[2000]
[2000,null,null,null,"Quantidade",6,"un"]
[2000]
[{"$f":"IFERROR(LEFT(D1721,SEARCH(\".\",D1721)-1),\"\")","v":"16"},{"$f":"IFERROR(LEFT(RIGHT(D1721,LEN(D1721)-SEARCH(\".\",D1721)),SEARCH(\".\",RIGHT(D1721,LEN(D1721)-SEARCH(\".\",D1721)))-1),\"\")","v":"2"},{"$f":"IFERROR(IF(LEN(D1721)-LEN(SUBSTITUTE(D1721,\".\",\"\"))<>3,\"\",MID(D1721,SEARCH(\".\",D1721,SEARCH(\".\",D1721)+1)+1,LEN(D1721)-SEARCH(\".\",D1721,SEARCH(\".\",D1721)+1)-(LEN(D1721)-(SEARCH(\".\",D1721,SEARCH(\".\",D1721,SEARCH(\".\",D1721)+1)+1)-1)))),\"\")","v":""},"16.2.3",{"$f":"IF($G1721=\"SINAPI\",VLOOKUP($F1721,DADOS_SINAPI,2,0),IF(G1721=\"SETOP\",VLOOKUP($F1721,DADOS_SETOP,2,0),IF(G1721=\"CPU\",VLOOKUP($F1721,DADOS_COMPOSICAO,2,0),IF(G1721=\"SICRO\",VLOOKUP($F1721,DADOS_SICRO,2,0),IF(G1721=\"SUDECAP\",VLOOKUP(F1721,DADOS_SUDECAP,2,0),IF(G1721=\"COTAÇÃO\",VLOOKUP($F1721,DADOS_COTACAO,2,0),\"\"))))))","v":"BARRA DE APOIO EM AÇO INOX POLIDO PARA LAVATÓRIO DE CANTO, DN 1.1/4\" (31,75MM), PARA ACESSIBILIDADE (PMR/PCR), INSTALADO EM PAREDE, INCLUSIVE FORNECIMENTO, INSTALAÇÃO E ACESSÓRIOS PARA FIXAÇÃO"},"ED-48167","SETOP",{"$f":"IF(G1721=\"SINAPI\",VLOOKUP($F1721,DADOS_SINAPI,3,0),IF(G1721=\"SETOP\",VLOOKUP($F1721,DADOS_SETOP,3,0),IF(G1721=\"CPU\",VLOOKUP($F1721,DADOS_COMPOSICAO,10,0),IF(G1721=\"SICRO\",VLOOKUP($F1721,DADOS_SICRO,3,0),IF(G1721=\"SUDECAP\",VLOOKUP(F1721,DADOS_SUDECAP,3,0),IF(G1721=\"COTAÇÃO\",VLOOKUP($F1721,DADOS_COTACAO,9,0),\"\"))))))","v":"un"},{"$f":"F1723","v":6},{"$f":"TRUNC(IF(G1721=\"SINAPI\",VLOOKUP($F1721,DADOS_SINAPI,4,0),IF(G1721=\"SETOP\",VLOOKUP($F1721,DADOS_SETOP,4,0),IF(G1721=\"CPU\",VLOOKUP($F1721,DADOS_COMPOSICAO,13,0),IF(G1721=\"SICRO\",VLOOKUP($F1721,DADOS_SICRO,4,0),IF(G1721=\"SUDECAP\",VLOOKUP(F1721,DADOS_SUDECAP,4,0),IF(G1721=\"COTAÇÃO\",VLOOKUP(F1721,DADOS_COTACAO,12,0),\"\")))))),2)","v":178.51},"BDI 1",{"$f":"TRUNC(J1721*(1+$N$17),2)","v":225.85},{"$f":"IFERROR(TRUNC(I1721*J1721,2),\"\")","v":1071.06},1355.1]
[2000]
[2000,null,null,null,"Quantidade",6,"un"]
[2000]
[{"$f":"IFERROR(LEFT(D1725,SEARCH(\".\",D1725)-1),\"\")","v":"16"},{"$f":"IFERROR(LEFT(RIGHT(D1725,LEN(D1725)-SEARCH(\".\",D1725)),SEARCH(\".\",RIGHT(D1725,LEN(D1725)-SEARCH(\".\",D1725)))-1),\"\")","v":"2"},{"$f":"IFERROR(IF(LEN(D1725)-LEN(SUBSTITUTE(D1725,\".\",\"\"))<>3,\"\",MID(D1725,SEARCH(\".\",D1725,SEARCH(\".\",D1725)+1)+1,LEN(D1725)-SEARCH(\".\",D1725,SEARCH(\".\",D1725)+1)-(LEN(D1725)-(SEARCH(\".\",D1725,SEARCH(\".\",D1725,SEARCH(\".\",D1725)+1)+1)-1)))),\"\")","v":""},"16.2.4",{"$f":"IF($G1725=\"SINAPI\",VLOOKUP($F1725,DADOS_SINAPI,2,0),IF(G1725=\"SETOP\",VLOOKUP($F1725,DADOS_SETOP,2,0),IF(G1725=\"CPU\",VLOOKUP($F1725,DADOS_COMPOSICAO,2,0),IF(G1725=\"SICRO\",VLOOKUP($F1725,DADOS_SICRO,2,0),IF(G1725=\"SUDECAP\",VLOOKUP(F1725,DADOS_SUDECAP,2,0),IF(G1725=\"COTAÇÃO\",VLOOKUP($F1725,DADOS_COTACAO,2,0),\"\"))))))","v":"PLACA DE SINALIZACAO EM CHAPA DE ALUMINIO COM PINTURA REFLETIVA, E = 2 MM - FORNECIMENTO E INSTALAÇÃO"},"ACE-001","CPU",{"$f":"IF(G1725=\"SINAPI\",VLOOKUP($F1725,DADOS_SINAPI,3,0),IF(G1725=\"SETOP\",VLOOKUP($F1725,DADOS_SETOP,3,0),IF(G1725=\"CPU\",VLOOKUP($F1725,DADOS_COMPOSICAO,10,0),IF(G1725=\"SICRO\",VLOOKUP($F1725,DADOS_SICRO,3,0),IF(G1725=\"SUDECAP\",VLOOKUP(F1725,DADOS_SUDECAP,3,0),IF(G1725=\"COTAÇÃO\",VLOOKUP($F1725,DADOS_COTACAO,9,0),\"\"))))))","v":"M2    "},{"$f":"F1727","v":0.20000000000000004},{"$f":"TRUNC(IF(G1725=\"SINAPI\",VLOOKUP($F1725,DADOS_SINAPI,4,0),IF(G1725=\"SETOP\",VLOOKUP($F1725,DADOS_SETOP,4,0),IF(G1725=\"CPU\",VLOOKUP($F1725,DADOS_COMPOSICAO,13,0),IF(G1725=\"SICRO\",VLOOKUP($F1725,DADOS_SICRO,4,0),IF(G1725=\"SUDECAP\",VLOOKUP(F1725,DADOS_SUDECAP,4,0),IF(G1725=\"COTAÇÃO\",VLOOKUP(F1725,DADOS_COTACAO,12,0),\"\")))))),2)","v":1281.9100000000001},"BDI 1",{"$f":"TRUNC(J1725*(1+$N$17),2)","v":1621.87},{"$f":"IFERROR(TRUNC(I1725*J1725,2),\"\")","v":256.38},324.37]
[2000]
[2000,null,null,null,"Quantidade",{"$f":"0.2*0.2*5","v":0.20000000000000004},"m²"]
[2000]
[{"$f":"IFERROR(LEFT(D1729,SEARCH(\".\",D1729)-1),\"\")","v":"16"},{"$f":"IFERROR(LEFT(RIGHT(D1729,LEN(D1729)-SEARCH(\".\",D1729)),SEARCH(\".\",RIGHT(D1729,LEN(D1729)-SEARCH(\".\",D1729)))-1),\"\")","v":"2"},{"$f":"IFERROR(IF(LEN(D1729)-LEN(SUBSTITUTE(D1729,\".\",\"\"))<>3,\"\",MID(D1729,SEARCH(\".\",D1729,SEARCH(\".\",D1729)+1)+1,LEN(D1729)-SEARCH(\".\",D1729,SEARCH(\".\",D1729)+1)-(LEN(D1729)-(SEARCH(\".\",D1729,SEARCH(\".\",D1729,SEARCH(\".\",D1729)+1)+1)-1)))),\"\")","v":""},"16.2.5",{"$f":"IF($G1729=\"SINAPI\",VLOOKUP($F1729,DADOS_SINAPI,2,0),IF(G1729=\"SETOP\",VLOOKUP($F1729,DADOS_SETOP,2,0),IF(G1729=\"CPU\",VLOOKUP($F1729,DADOS_COMPOSICAO,2,0),IF(G1729=\"SICRO\",VLOOKUP($F1729,DADOS_SICRO,2,0),IF(G1729=\"SUDECAP\",VLOOKUP(F1729,DADOS_SUDECAP,2,0),IF(G1729=\"COTAÇÃO\",VLOOKUP($F1729,DADOS_COTACAO,2,0),\"\"))))))","v":"CHAPA DE PROTEÇÃO IMPACTO PARA PORTA 40X80"},"COT-ACE-001","COTAÇÃO",{"$f":"IF(G1729=\"SINAPI\",VLOOKUP($F1729,DADOS_SINAPI,3,0),IF(G1729=\"SETOP\",VLOOKUP($F1729,DADOS_SETOP,3,0),IF(G1729=\"CPU\",VLOOKUP($F1729,DADOS_COMPOSICAO,10,0),IF(G1729=\"SICRO\",VLOOKUP($F1729,DADOS_SICRO,3,0),IF(G1729=\"SUDECAP\",VLOOKUP(F1729,DADOS_SUDECAP,3,0),IF(G1729=\"COTAÇÃO\",VLOOKUP($F1729,DADOS_COTACAO,9,0),\"\"))))))","v":"UN "},{"$f":"F1731","v":12},{"$f":"TRUNC(IF(G1729=\"SINAPI\",VLOOKUP($F1729,DADOS_SINAPI,4,0),IF(G1729=\"SETOP\",VLOOKUP($F1729,DADOS_SETOP,4,0),IF(G1729=\"CPU\",VLOOKUP($F1729,DADOS_COMPOSICAO,13,0),IF(G1729=\"SICRO\",VLOOKUP($F1729,DADOS_SICRO,4,0),IF(G1729=\"SUDECAP\",VLOOKUP(F1729,DADOS_SUDECAP,4,0),IF(G1729=\"COTAÇÃO\",VLOOKUP(F1729,DADOS_COTACAO,12,0),\"\")))))),2)","v":204.83},"BDI 1",{"$f":"TRUNC(J1729*(1+$N$17),2)","v":259.14999999999998},{"$f":"IFERROR(TRUNC(I1729*J1729,2),\"\")","v":2457.96},3109.7999999999997]
[2000]
[2000,null,null,null,"Quantidade",12,"un"]
[2000]
[{"$f":"IFERROR(LEFT(D1733,SEARCH(\".\",D1733)-1),\"\")","v":"16"},{"$f":"IFERROR(LEFT(RIGHT(D1733,LEN(D1733)-SEARCH(\".\",D1733)),SEARCH(\".\",RIGHT(D1733,LEN(D1733)-SEARCH(\".\",D1733)))-1),\"\")","v":"2"},{"$f":"IFERROR(IF(LEN(D1733)-LEN(SUBSTITUTE(D1733,\".\",\"\"))<>3,\"\",MID(D1733,SEARCH(\".\",D1733,SEARCH(\".\",D1733)+1)+1,LEN(D1733)-SEARCH(\".\",D1733,SEARCH(\".\",D1733)+1)-(LEN(D1733)-(SEARCH(\".\",D1733,SEARCH(\".\",D1733,SEARCH(\".\",D1733)+1)+1)-1)))),\"\")","v":""},"16.2.6",{"$f":"IF($G1733=\"SINAPI\",VLOOKUP($F1733,DADOS_SINAPI,2,0),IF(G1733=\"SETOP\",VLOOKUP($F1733,DADOS_SETOP,2,0),IF(G1733=\"CPU\",VLOOKUP($F1733,DADOS_COMPOSICAO,2,0),IF(G1733=\"SICRO\",VLOOKUP($F1733,DADOS_SICRO,2,0),IF(G1733=\"SUDECAP\",VLOOKUP(F1733,DADOS_SUDECAP,2,0),IF(G1733=\"COTAÇÃO\",VLOOKUP($F1733,DADOS_COTACAO,2,0),\"\"))))))","v":"INSTALAÇÃO CHAPA DE PROTEÇÃO IMPACTO PARA PORTA 40X80"},"ACE-002","CPU",{"$f":"IF(G1733=\"SINAPI\",VLOOKUP($F1733,DADOS_SINAPI,3,0),IF(G1733=\"SETOP\",VLOOKUP($F1733,DADOS_SETOP,3,0),IF(G1733=\"CPU\",VLOOKUP($F1733,DADOS_COMPOSICAO,10,0),IF(G1733=\"SICRO\",VLOOKUP($F1733,DADOS_SICRO,3,0),IF(G1733=\"SUDECAP\",VLOOKUP(F1733,DADOS_SUDECAP,3,0),IF(G1733=\"COTAÇÃO\",VLOOKUP($F1733,DADOS_COTACAO,9,0),\"\"))))))","v":"UN"},{"$f":"F1735","v":12},{"$f":"TRUNC(IF(G1733=\"SINAPI\",VLOOKUP($F1733,DADOS_SINAPI,4,0),IF(G1733=\"SETOP\",VLOOKUP($F1733,DADOS_SETOP,4,0),IF(G1733=\"CPU\",VLOOKUP($F1733,DADOS_COMPOSICAO,13,0),IF(G1733=\"SICRO\",VLOOKUP($F1733,DADOS_SICRO,4,0),IF(G1733=\"SUDECAP\",VLOOKUP(F1733,DADOS_SUDECAP,4,0),IF(G1733=\"COTAÇÃO\",VLOOKUP(F1733,DADOS_COTACAO,12,0),\"\")))))),2)","v":3.75},"BDI 1",{"$f":"TRUNC(J1733*(1+$N$17),2)","v":4.74},{"$f":"IFERROR(TRUNC(I1733*J1733,2),\"\")","v":45},56.88]
[2000]
[2000,null,null,null,"Quantidade",12,"un"]
[2000]
[null,null,null,"16.3","SINALIZAÇÃO TÁTIL E BRAILLE",null,null,null,null,null,null,null,{"$f":"IFERROR(SUMIFS(M:M,A:A,LEFT(D1737,SEARCH(\".\",D1737)-1),B:B,RIGHT(D1737,LEN(D1737)-SEARCH(\".\",D1737))),\"\")","v":8153.24},{"$f":"IFERROR(SUMIFS(N:N,A:A,LEFT(D1737,SEARCH(\".\",D1737)-1),B:B,RIGHT(D1737,LEN(D1737)-SEARCH(\".\",D1737))),\"\")","v":10315.9}]
[{"$f":"IFERROR(LEFT(D1738,SEARCH(\".\",D1738)-1),\"\")","v":"16"},{"$f":"IFERROR(LEFT(RIGHT(D1738,LEN(D1738)-SEARCH(\".\",D1738)),SEARCH(\".\",RIGHT(D1738,LEN(D1738)-SEARCH(\".\",D1738)))-1),\"\")","v":"3"},{"$f":"IFERROR(IF(LEN(D1738)-LEN(SUBSTITUTE(D1738,\".\",\"\"))<>3,\"\",MID(D1738,SEARCH(\".\",D1738,SEARCH(\".\",D1738)+1)+1,LEN(D1738)-SEARCH(\".\",D1738,SEARCH(\".\",D1738)+1)-(LEN(D1738)-(SEARCH(\".\",D1738,SEARCH(\".\",D1738,SEARCH(\".\",D1738)+1)+1)-1)))),\"\")","v":""},"16.3.1",{"$f":"IF($G1738=\"SINAPI\",VLOOKUP($F1738,DADOS_SINAPI,2,0),IF(G1738=\"SETOP\",VLOOKUP($F1738,DADOS_SETOP,2,0),IF(G1738=\"CPU\",VLOOKUP($F1738,DADOS_COMPOSICAO,2,0),IF(G1738=\"SICRO\",VLOOKUP($F1738,DADOS_SICRO,2,0),IF(G1738=\"SUDECAP\",VLOOKUP(F1738,DADOS_SUDECAP,2,0),IF(G1738=\"COTAÇÃO\",VLOOKUP($F1738,DADOS_COTACAO,2,0),\"\"))))))","v":"PISO TATIL ALERTA OU DIRECIONAL, DE BORRACHA, COLORIDO, 25 X 25 CM, E = 5 MM, PARA COLA - FORNECIMENTO E INSTALAÇÃO "},"ACE-003","CPU",{"$f":"IF(G1738=\"SINAPI\",VLOOKUP($F1738,DADOS_SINAPI,3,0),IF(G1738=\"SETOP\",VLOOKUP($F1738,DADOS_SETOP,3,0),IF(G1738=\"CPU\",VLOOKUP($F1738,DADOS_COMPOSICAO,10,0),IF(G1738=\"SICRO\",VLOOKUP($F1738,DADOS_SICRO,3,0),IF(G1738=\"SUDECAP\",VLOOKUP(F1738,DADOS_SUDECAP,3,0),IF(G1738=\"COTAÇÃO\",VLOOKUP($F1738,DADOS_COTACAO,9,0),\"\"))))))","v":"M2    "},{"$f":"F1742","v":16.6875},{"$f":"TRUNC(IF(G1738=\"SINAPI\",VLOOKUP($F1738,DADOS_SINAPI,4,0),IF(G1738=\"SETOP\",VLOOKUP($F1738,DADOS_SETOP,4,0),IF(G1738=\"CPU\",VLOOKUP($F1738,DADOS_COMPOSICAO,13,0),IF(G1738=\"SICRO\",VLOOKUP($F1738,DADOS_SICRO,4,0),IF(G1738=\"SUDECAP\",VLOOKUP(F1738,DADOS_SUDECAP,4,0),IF(G1738=\"COTAÇÃO\",VLOOKUP(F1738,DADOS_COTACAO,12,0),\"\")))))),2)","v":256.36},"BDI 1",{"$f":"TRUNC(J1738*(1+$N$17),2)","v":324.33999999999997},{"$f":"IFERROR(TRUNC(I1738*J1738,2),\"\")","v":4278},5413.23]
[2000]
[2000,null,null,null,"Quantidade de Pisos Tateis - Internos",{"$f":"175+92","v":267},"un"]
[2000,null,null,null,"Área de cada piso Tátil",6.25E-2,"m²"]
[2000,null,null,null,"Total",{"$f":"F1741*F1740","v":16.6875},"m²"]
[2000]
["16","3","","16.3.2","PISO TATIL DE ALERTA OU DIRECIONAL, DE BORRACHA, PRETO, 25 X 25 CM, E = 12 MM, PARA ARGAMASSA - FORNECIMENTO E INSTALAÇÃO ","ACE-004","CPU","M2    ",{"$f":"F1748","v":4.75},518.21,"BDI 1",655.63,2461.4899999999998,3114.24]
[2000]
[2000,null,null,null,"Quantidade de Pisos Tateis - Externos",{"$f":"45+31","v":76},"un"]
[2000,null,null,null,"Área de cada piso Tátil",6.25E-2,"m²"]
[2000,null,null,null,"Total",{"$f":"F1747*F1746","v":4.75},"m²"]
[2000]
["16","3","","16.3.3","PLACA TÁTIL BRAILLE EM ACRÍLICO 30X10 CM (ATÉ 3 PALAVRAS) - FORNECIMENTO E INSTALAÇÃO","ACE-005","CPU","UN",{"$f":"F1752","v":29},48.75,"BDI 1",61.67,1413.75,{"$f":"L1750*I1750","v":1788.43}]
[2000]
[2000,null,null,null,"Quantidade",29,"un"]
[2000]
[1000,null,null,17,"DRENAGEM PLUVIAL",null,null,null,null,null,null,null,{"$f":"SUMIF(A:A,D1754,M:M)","v":55500.15},{"$f":"SUMIF(A:A,D1754,N:N)","v":70213.209999999992}]
[null,null,null,"17.1","CALHA METÁLICA E ACESSÓRIOS ",null,null,null,null,null,null,null,{"$f":"IFERROR(SUMIFS(M:M,A:A,LEFT(D1755,SEARCH(\".\",D1755)-1),B:B,RIGHT(D1755,LEN(D1755)-SEARCH(\".\",D1755))),\"\")","v":36292.39},{"$f":"IFERROR(SUMIFS(N:N,A:A,LEFT(D1755,SEARCH(\".\",D1755)-1),B:B,RIGHT(D1755,LEN(D1755)-SEARCH(\".\",D1755))),\"\")","v":45913.62}]
[{"$f":"IFERROR(LEFT(D1756,SEARCH(\".\",D1756)-1),\"\")","v":"17"},{"$f":"IFERROR(LEFT(RIGHT(D1756,LEN(D1756)-SEARCH(\".\",D1756)),SEARCH(\".\",RIGHT(D1756,LEN(D1756)-SEARCH(\".\",D1756)))-1),\"\")","v":"1"},{"$f":"IFERROR(IF(LEN(D1756)-LEN(SUBSTITUTE(D1756,\".\",\"\"))<>3,\"\",MID(D1756,SEARCH(\".\",D1756,SEARCH(\".\",D1756)+1)+1,LEN(D1756)-SEARCH(\".\",D1756,SEARCH(\".\",D1756)+1)-(LEN(D1756)-(SEARCH(\".\",D1756,SEARCH(\".\",D1756,SEARCH(\".\",D1756)+1)+1)-1)))),\"\")","v":""},"17.1.1",{"$f":"IF($G1756=\"SINAPI\",VLOOKUP($F1756,DADOS_SINAPI,2,0),IF(G1756=\"SETOP\",VLOOKUP($F1756,DADOS_SETOP,2,0),IF(G1756=\"CPU\",VLOOKUP($F1756,DADOS_COMPOSICAO,2,0),IF(G1756=\"SICRO\",VLOOKUP($F1756,DADOS_SICRO,2,0),IF(G1756=\"SUDECAP\",VLOOKUP(F1756,DADOS_SUDECAP,2,0),IF(G1756=\"COTAÇÃO\",VLOOKUP($F1756,DADOS_COTACAO,2,0),\"\"))))))","v":"CALHA EM CHAPA DE AÇO GALVANIZADO NÚMERO 24, DESENVOLVIMENTO DE 100 CM, INCLUSO TRANSPORTE VERTICAL. AF_07/2019"},94229,"SINAPI",{"$f":"IF(G1756=\"SINAPI\",VLOOKUP($F1756,DADOS_SINAPI,3,0),IF(G1756=\"SETOP\",VLOOKUP($F1756,DADOS_SETOP,3,0),IF(G1756=\"CPU\",VLOOKUP($F1756,DADOS_COMPOSICAO,10,0),IF(G1756=\"SICRO\",VLOOKUP($F1756,DADOS_SICRO,3,0),IF(G1756=\"SUDECAP\",VLOOKUP(F1756,DADOS_SUDECAP,3,0),IF(G1756=\"COTAÇÃO\",VLOOKUP($F1756,DADOS_COTACAO,9,0),\"\"))))))","v":"M"},{"$f":"F1758","v":80.45},{"$f":"TRUNC(IF(G1756=\"SINAPI\",VLOOKUP($F1756,DADOS_SINAPI,4,0),IF(G1756=\"SETOP\",VLOOKUP($F1756,DADOS_SETOP,4,0),IF(G1756=\"CPU\",VLOOKUP($F1756,DADOS_COMPOSICAO,13,0),IF(G1756=\"SICRO\",VLOOKUP($F1756,DADOS_SICRO,4,0),IF(G1756=\"SUDECAP\",VLOOKUP(F1756,DADOS_SUDECAP,4,0),IF(G1756=\"COTAÇÃO\",VLOOKUP(F1756,DADOS_COTACAO,12,0),\"\")))))),2)","v":183.66},"BDI 1",{"$f":"TRUNC(J1756*(1+$N$17),2)","v":232.36},{"$f":"IFERROR(TRUNC(I1756*J1756,2),\"\")","v":14775.44},18693.36]
[2000]
[2000,null,null,null,"Quantidade",80.45,"m"]
[2000]
[{"$f":"IFERROR(LEFT(D1760,SEARCH(\".\",D1760)-1),\"\")","v":"17"},{"$f":"IFERROR(LEFT(RIGHT(D1760,LEN(D1760)-SEARCH(\".\",D1760)),SEARCH(\".\",RIGHT(D1760,LEN(D1760)-SEARCH(\".\",D1760)))-1),\"\")","v":"1"},{"$f":"IFERROR(IF(LEN(D1760)-LEN(SUBSTITUTE(D1760,\".\",\"\"))<>3,\"\",MID(D1760,SEARCH(\".\",D1760,SEARCH(\".\",D1760)+1)+1,LEN(D1760)-SEARCH(\".\",D1760,SEARCH(\".\",D1760)+1)-(LEN(D1760)-(SEARCH(\".\",D1760,SEARCH(\".\",D1760,SEARCH(\".\",D1760)+1)+1)-1)))),\"\")","v":""},"17.1.2",{"$f":"IF($G1760=\"SINAPI\",VLOOKUP($F1760,DADOS_SINAPI,2,0),IF(G1760=\"SETOP\",VLOOKUP($F1760,DADOS_SETOP,2,0),IF(G1760=\"CPU\",VLOOKUP($F1760,DADOS_COMPOSICAO,2,0),IF(G1760=\"SICRO\",VLOOKUP($F1760,DADOS_SICRO,2,0),IF(G1760=\"SUDECAP\",VLOOKUP(F1760,DADOS_SUDECAP,2,0),IF(G1760=\"COTAÇÃO\",VLOOKUP($F1760,DADOS_COTACAO,2,0),\"\"))))))","v":"RUFO EXTERNO/INTERNO EM CHAPA DE AÇO GALVANIZADO NÚMERO 26, CORTE DE 33 CM, INCLUSO IÇAMENTO. AF_07/2019"},100327,"SINAPI",{"$f":"IF(G1760=\"SINAPI\",VLOOKUP($F1760,DADOS_SINAPI,3,0),IF(G1760=\"SETOP\",VLOOKUP($F1760,DADOS_SETOP,3,0),IF(G1760=\"CPU\",VLOOKUP($F1760,DADOS_COMPOSICAO,10,0),IF(G1760=\"SICRO\",VLOOKUP($F1760,DADOS_SICRO,3,0),IF(G1760=\"SUDECAP\",VLOOKUP(F1760,DADOS_SUDECAP,3,0),IF(G1760=\"COTAÇÃO\",VLOOKUP($F1760,DADOS_COTACAO,9,0),\"\"))))))","v":"M"},{"$f":"F1762","v":206.81},{"$f":"TRUNC(IF(G1760=\"SINAPI\",VLOOKUP($F1760,DADOS_SINAPI,4,0),IF(G1760=\"SETOP\",VLOOKUP($F1760,DADOS_SETOP,4,0),IF(G1760=\"CPU\",VLOOKUP($F1760,DADOS_COMPOSICAO,13,0),IF(G1760=\"SICRO\",VLOOKUP($F1760,DADOS_SICRO,4,0),IF(G1760=\"SUDECAP\",VLOOKUP(F1760,DADOS_SUDECAP,4,0),IF(G1760=\"COTAÇÃO\",VLOOKUP(F1760,DADOS_COTACAO,12,0),\"\")))))),2)","v":62.99},"BDI 1",{"$f":"TRUNC(J1760*(1+$N$17),2)","v":79.69},{"$f":"IFERROR(TRUNC(I1760*J1760,2),\"\")","v":13026.96},16480.689999999999]
[2000]
[2000,null,null,null,"Quantidade",206.81,"m"]
[2000]
[{"$f":"IFERROR(LEFT(D1764,SEARCH(\".\",D1764)-1),\"\")","v":"17"},{"$f":"IFERROR(LEFT(RIGHT(D1764,LEN(D1764)-SEARCH(\".\",D1764)),SEARCH(\".\",RIGHT(D1764,LEN(D1764)-SEARCH(\".\",D1764)))-1),\"\")","v":"1"},{"$f":"IFERROR(IF(LEN(D1764)-LEN(SUBSTITUTE(D1764,\".\",\"\"))<>3,\"\",MID(D1764,SEARCH(\".\",D1764,SEARCH(\".\",D1764)+1)+1,LEN(D1764)-SEARCH(\".\",D1764,SEARCH(\".\",D1764)+1)-(LEN(D1764)-(SEARCH(\".\",D1764,SEARCH(\".\",D1764,SEARCH(\".\",D1764)+1)+1)-1)))),\"\")","v":""},"17.1.3",{"$f":"IF($G1764=\"SINAPI\",VLOOKUP($F1764,DADOS_SINAPI,2,0),IF(G1764=\"SETOP\",VLOOKUP($F1764,DADOS_SETOP,2,0),IF(G1764=\"CPU\",VLOOKUP($F1764,DADOS_COMPOSICAO,2,0),IF(G1764=\"SICRO\",VLOOKUP($F1764,DADOS_SICRO,2,0),IF(G1764=\"SUDECAP\",VLOOKUP(F1764,DADOS_SUDECAP,2,0),IF(G1764=\"COTAÇÃO\",VLOOKUP($F1764,DADOS_COTACAO,2,0),\"\"))))))","v":"CHAPIM (RUFO CAPA) EM AÇO GALVANIZADO, CORTE 33. AF_11/2020"},101979,"SINAPI",{"$f":"IF(G1764=\"SINAPI\",VLOOKUP($F1764,DADOS_SINAPI,3,0),IF(G1764=\"SETOP\",VLOOKUP($F1764,DADOS_SETOP,3,0),IF(G1764=\"CPU\",VLOOKUP($F1764,DADOS_COMPOSICAO,10,0),IF(G1764=\"SICRO\",VLOOKUP($F1764,DADOS_SICRO,3,0),IF(G1764=\"SUDECAP\",VLOOKUP(F1764,DADOS_SUDECAP,3,0),IF(G1764=\"COTAÇÃO\",VLOOKUP($F1764,DADOS_COTACAO,9,0),\"\"))))))","v":"M"},{"$f":"F1766","v":198.55},{"$f":"TRUNC(IF(G1764=\"SINAPI\",VLOOKUP($F1764,DADOS_SINAPI,4,0),IF(G1764=\"SETOP\",VLOOKUP($F1764,DADOS_SETOP,4,0),IF(G1764=\"CPU\",VLOOKUP($F1764,DADOS_COMPOSICAO,13,0),IF(G1764=\"SICRO\",VLOOKUP($F1764,DADOS_SICRO,4,0),IF(G1764=\"SUDECAP\",VLOOKUP(F1764,DADOS_SUDECAP,4,0),IF(G1764=\"COTAÇÃO\",VLOOKUP(F1764,DADOS_COTACAO,12,0),\"\")))))),2)","v":42.76},"BDI 1",{"$f":"TRUNC(J1764*(1+$N$17),2)","v":54.09},{"$f":"IFERROR(TRUNC(I1764*J1764,2),\"\")","v":8489.99},10739.57]
[2000]
[2000,null,null,null,"Quantidade",198.55,"m"]
[2000]
[null,null,null,"17.2","PVC ACESSÓRIOS ",null,null,null,null,null,null,null,{"$f":"IFERROR(SUMIFS(M:M,A:A,LEFT(D1768,SEARCH(\".\",D1768)-1),B:B,RIGHT(D1768,LEN(D1768)-SEARCH(\".\",D1768))),\"\")","v":1318.02},{"$f":"IFERROR(SUMIFS(N:N,A:A,LEFT(D1768,SEARCH(\".\",D1768)-1),B:B,RIGHT(D1768,LEN(D1768)-SEARCH(\".\",D1768))),\"\")","v":1667.36}]
[{"$f":"IFERROR(LEFT(D1769,SEARCH(\".\",D1769)-1),\"\")","v":"17"},{"$f":"IFERROR(LEFT(RIGHT(D1769,LEN(D1769)-SEARCH(\".\",D1769)),SEARCH(\".\",RIGHT(D1769,LEN(D1769)-SEARCH(\".\",D1769)))-1),\"\")","v":"2"},{"$f":"IFERROR(IF(LEN(D1769)-LEN(SUBSTITUTE(D1769,\".\",\"\"))<>3,\"\",MID(D1769,SEARCH(\".\",D1769,SEARCH(\".\",D1769)+1)+1,LEN(D1769)-SEARCH(\".\",D1769,SEARCH(\".\",D1769)+1)-(LEN(D1769)-(SEARCH(\".\",D1769,SEARCH(\".\",D1769,SEARCH(\".\",D1769)+1)+1)-1)))),\"\")","v":""},"17.2.1",{"$f":"IF($G1769=\"SINAPI\",VLOOKUP($F1769,DADOS_SINAPI,2,0),IF(G1769=\"SETOP\",VLOOKUP($F1769,DADOS_SETOP,2,0),IF(G1769=\"CPU\",VLOOKUP($F1769,DADOS_COMPOSICAO,2,0),IF(G1769=\"SICRO\",VLOOKUP($F1769,DADOS_SICRO,2,0),IF(G1769=\"SUDECAP\",VLOOKUP(F1769,DADOS_SUDECAP,2,0),IF(G1769=\"COTAÇÃO\",VLOOKUP($F1769,DADOS_COTACAO,2,0),\"\"))))))","v":"RALO HEMISFÉRICO, TIPO ABACAXI, DIÂMETRO DE 100MM, EXCLUSIVE CONDUTOR DE ÁGUA PLUVIAL"},"ED-49962","SETOP",{"$f":"IF(G1769=\"SINAPI\",VLOOKUP($F1769,DADOS_SINAPI,3,0),IF(G1769=\"SETOP\",VLOOKUP($F1769,DADOS_SETOP,3,0),IF(G1769=\"CPU\",VLOOKUP($F1769,DADOS_COMPOSICAO,10,0),IF(G1769=\"SICRO\",VLOOKUP($F1769,DADOS_SICRO,3,0),IF(G1769=\"SUDECAP\",VLOOKUP(F1769,DADOS_SUDECAP,3,0),IF(G1769=\"COTAÇÃO\",VLOOKUP($F1769,DADOS_COTACAO,9,0),\"\"))))))","v":"un"},{"$f":"F1771","v":14},{"$f":"TRUNC(IF(G1769=\"SINAPI\",VLOOKUP($F1769,DADOS_SINAPI,4,0),IF(G1769=\"SETOP\",VLOOKUP($F1769,DADOS_SETOP,4,0),IF(G1769=\"CPU\",VLOOKUP($F1769,DADOS_COMPOSICAO,13,0),IF(G1769=\"SICRO\",VLOOKUP($F1769,DADOS_SICRO,4,0),IF(G1769=\"SUDECAP\",VLOOKUP(F1769,DADOS_SUDECAP,4,0),IF(G1769=\"COTAÇÃO\",VLOOKUP(F1769,DADOS_COTACAO,12,0),\"\")))))),2)","v":46.67},"BDI 1",{"$f":"TRUNC(J1769*(1+$N$17),2)","v":59.04},{"$f":"IFERROR(TRUNC(I1769*J1769,2),\"\")","v":653.38},{"$f":"L1769*I1769","v":826.56}]
[2000]
[2000,null,null,null,"Total",14,"un "]
[2000]
[{"$f":"IFERROR(LEFT(D1773,SEARCH(\".\",D1773)-1),\"\")","v":"17"},{"$f":"IFERROR(LEFT(RIGHT(D1773,LEN(D1773)-SEARCH(\".\",D1773)),SEARCH(\".\",RIGHT(D1773,LEN(D1773)-SEARCH(\".\",D1773)))-1),\"\")","v":"2"},{"$f":"IFERROR(IF(LEN(D1773)-LEN(SUBSTITUTE(D1773,\".\",\"\"))<>3,\"\",MID(D1773,SEARCH(\".\",D1773,SEARCH(\".\",D1773)+1)+1,LEN(D1773)-SEARCH(\".\",D1773,SEARCH(\".\",D1773)+1)-(LEN(D1773)-(SEARCH(\".\",D1773,SEARCH(\".\",D1773,SEARCH(\".\",D1773)+1)+1)-1)))),\"\")","v":""},"17.2.2",{"$f":"IF($G1773=\"SINAPI\",VLOOKUP($F1773,DADOS_SINAPI,2,0),IF(G1773=\"SETOP\",VLOOKUP($F1773,DADOS_SETOP,2,0),IF(G1773=\"CPU\",VLOOKUP($F1773,DADOS_COMPOSICAO,2,0),IF(G1773=\"SICRO\",VLOOKUP($F1773,DADOS_SICRO,2,0),IF(G1773=\"SUDECAP\",VLOOKUP(F1773,DADOS_SUDECAP,2,0),IF(G1773=\"COTAÇÃO\",VLOOKUP($F1773,DADOS_COTACAO,2,0),\"\"))))))","v":"RALO LINEAR COM GRELHA 90 CM - FORNECIMENTO E INSTALAÇÃO"},"PLU-001","CPU",{"$f":"IF(G1773=\"SINAPI\",VLOOKUP($F1773,DADOS_SINAPI,3,0),IF(G1773=\"SETOP\",VLOOKUP($F1773,DADOS_SETOP,3,0),IF(G1773=\"CPU\",VLOOKUP($F1773,DADOS_COMPOSICAO,10,0),IF(G1773=\"SICRO\",VLOOKUP($F1773,DADOS_SICRO,3,0),IF(G1773=\"SUDECAP\",VLOOKUP(F1773,DADOS_SUDECAP,3,0),IF(G1773=\"COTAÇÃO\",VLOOKUP($F1773,DADOS_COTACAO,9,0),\"\"))))))","v":"UN "},{"$f":"F1775","v":2},{"$f":"TRUNC(IF(G1773=\"SINAPI\",VLOOKUP($F1773,DADOS_SINAPI,4,0),IF(G1773=\"SETOP\",VLOOKUP($F1773,DADOS_SETOP,4,0),IF(G1773=\"CPU\",VLOOKUP($F1773,DADOS_COMPOSICAO,13,0),IF(G1773=\"SICRO\",VLOOKUP($F1773,DADOS_SICRO,4,0),IF(G1773=\"SUDECAP\",VLOOKUP(F1773,DADOS_SUDECAP,4,0),IF(G1773=\"COTAÇÃO\",VLOOKUP(F1773,DADOS_COTACAO,12,0),\"\")))))),2)","v":178.87},"BDI 1",{"$f":"TRUNC(J1773*(1+$N$17),2)","v":226.3},{"$f":"IFERROR(TRUNC(I1773*J1773,2),\"\")","v":357.74},{"$f":"L1773*I1773","v":452.6}]
[2000]
[2000,null,null,null,"Total",2,"un "]
[2000]
[{"$f":"IFERROR(LEFT(D1777,SEARCH(\".\",D1777)-1),\"\")","v":"17"},{"$f":"IFERROR(LEFT(RIGHT(D1777,LEN(D1777)-SEARCH(\".\",D1777)),SEARCH(\".\",RIGHT(D1777,LEN(D1777)-SEARCH(\".\",D1777)))-1),\"\")","v":"2"},{"$f":"IFERROR(IF(LEN(D1777)-LEN(SUBSTITUTE(D1777,\".\",\"\"))<>3,\"\",MID(D1777,SEARCH(\".\",D1777,SEARCH(\".\",D1777)+1)+1,LEN(D1777)-SEARCH(\".\",D1777,SEARCH(\".\",D1777)+1)-(LEN(D1777)-(SEARCH(\".\",D1777,SEARCH(\".\",D1777,SEARCH(\".\",D1777)+1)+1)-1)))),\"\")","v":""},"17.2.3",{"$f":"IF($G1777=\"SINAPI\",VLOOKUP($F1777,DADOS_SINAPI,2,0),IF(G1777=\"SETOP\",VLOOKUP($F1777,DADOS_SETOP,2,0),IF(G1777=\"CPU\",VLOOKUP($F1777,DADOS_COMPOSICAO,2,0),IF(G1777=\"SICRO\",VLOOKUP($F1777,DADOS_SICRO,2,0),IF(G1777=\"SUDECAP\",VLOOKUP(F1777,DADOS_SUDECAP,2,0),IF(G1777=\"COTAÇÃO\",VLOOKUP($F1777,DADOS_COTACAO,2,0),\"\"))))))","v":"RALO SECO PVC QUADRADO 100 X 53 X 40 MM COM GRELHA BRANCA"},"ED-49959","SETOP",{"$f":"IF(G1777=\"SINAPI\",VLOOKUP($F1777,DADOS_SINAPI,3,0),IF(G1777=\"SETOP\",VLOOKUP($F1777,DADOS_SETOP,3,0),IF(G1777=\"CPU\",VLOOKUP($F1777,DADOS_COMPOSICAO,10,0),IF(G1777=\"SICRO\",VLOOKUP($F1777,DADOS_SICRO,3,0),IF(G1777=\"SUDECAP\",VLOOKUP(F1777,DADOS_SUDECAP,3,0),IF(G1777=\"COTAÇÃO\",VLOOKUP($F1777,DADOS_COTACAO,9,0),\"\"))))))","v":"un"},{"$f":"F1779","v":10},{"$f":"TRUNC(IF(G1777=\"SINAPI\",VLOOKUP($F1777,DADOS_SINAPI,4,0),IF(G1777=\"SETOP\",VLOOKUP($F1777,DADOS_SETOP,4,0),IF(G1777=\"CPU\",VLOOKUP($F1777,DADOS_COMPOSICAO,13,0),IF(G1777=\"SICRO\",VLOOKUP($F1777,DADOS_SICRO,4,0),IF(G1777=\"SUDECAP\",VLOOKUP(F1777,DADOS_SUDECAP,4,0),IF(G1777=\"COTAÇÃO\",VLOOKUP(F1777,DADOS_COTACAO,12,0),\"\")))))),2)","v":30.69},"BDI 1",{"$f":"TRUNC(J1777*(1+$N$17),2)","v":38.82},{"$f":"IFERROR(TRUNC(I1777*J1777,2),\"\")","v":306.89999999999998},388.2]
[2000]
[2000,null,null,null,"Total",10,"un "]
[2000]
[null,null,null,"17.3","PVC SÉRIE R",null,null,null,null,null,null,null,{"$f":"IFERROR(SUMIFS(M:M,A:A,LEFT(D1781,SEARCH(\".\",D1781)-1),B:B,RIGHT(D1781,LEN(D1781)-SEARCH(\".\",D1781))),\"\")","v":12763.250000000002},{"$f":"IFERROR(SUMIFS(N:N,A:A,LEFT(D1781,SEARCH(\".\",D1781)-1),B:B,RIGHT(D1781,LEN(D1781)-SEARCH(\".\",D1781))),\"\")","v":16146.73}]
[{"$f":"IFERROR(LEFT(D1782,SEARCH(\".\",D1782)-1),\"\")","v":"17"},{"$f":"IFERROR(LEFT(RIGHT(D1782,LEN(D1782)-SEARCH(\".\",D1782)),SEARCH(\".\",RIGHT(D1782,LEN(D1782)-SEARCH(\".\",D1782)))-1),\"\")","v":"3"},{"$f":"IFERROR(IF(LEN(D1782)-LEN(SUBSTITUTE(D1782,\".\",\"\"))<>3,\"\",MID(D1782,SEARCH(\".\",D1782,SEARCH(\".\",D1782)+1)+1,LEN(D1782)-SEARCH(\".\",D1782,SEARCH(\".\",D1782)+1)-(LEN(D1782)-(SEARCH(\".\",D1782,SEARCH(\".\",D1782,SEARCH(\".\",D1782)+1)+1)-1)))),\"\")","v":""},"17.3.1",{"$f":"IF($G1782=\"SINAPI\",VLOOKUP($F1782,DADOS_SINAPI,2,0),IF(G1782=\"SETOP\",VLOOKUP($F1782,DADOS_SETOP,2,0),IF(G1782=\"CPU\",VLOOKUP($F1782,DADOS_COMPOSICAO,2,0),IF(G1782=\"SICRO\",VLOOKUP($F1782,DADOS_SICRO,2,0),IF(G1782=\"SUDECAP\",VLOOKUP(F1782,DADOS_SUDECAP,2,0),IF(G1782=\"COTAÇÃO\",VLOOKUP($F1782,DADOS_COTACAO,2,0),\"\"))))))","v":"JOELHO 45 GRAUS, PVC, SERIE R, ÁGUA PLUVIAL, DN 100 MM, JUNTA ELÁSTICA, FORNECIDO E INSTALADO EM RAMAL DE ENCAMINHAMENTO. AF_06/2022"},89531,"SINAPI",{"$f":"IF(G1782=\"SINAPI\",VLOOKUP($F1782,DADOS_SINAPI,3,0),IF(G1782=\"SETOP\",VLOOKUP($F1782,DADOS_SETOP,3,0),IF(G1782=\"CPU\",VLOOKUP($F1782,DADOS_COMPOSICAO,10,0),IF(G1782=\"SICRO\",VLOOKUP($F1782,DADOS_SICRO,3,0),IF(G1782=\"SUDECAP\",VLOOKUP(F1782,DADOS_SUDECAP,3,0),IF(G1782=\"COTAÇÃO\",VLOOKUP($F1782,DADOS_COTACAO,9,0),\"\"))))))","v":"UN"},{"$f":"F1784","v":10},{"$f":"TRUNC(IF(G1782=\"SINAPI\",VLOOKUP($F1782,DADOS_SINAPI,4,0),IF(G1782=\"SETOP\",VLOOKUP($F1782,DADOS_SETOP,4,0),IF(G1782=\"CPU\",VLOOKUP($F1782,DADOS_COMPOSICAO,13,0),IF(G1782=\"SICRO\",VLOOKUP($F1782,DADOS_SICRO,4,0),IF(G1782=\"SUDECAP\",VLOOKUP(F1782,DADOS_SUDECAP,4,0),IF(G1782=\"COTAÇÃO\",VLOOKUP(F1782,DADOS_COTACAO,12,0),\"\")))))),2)","v":35.93},"BDI 1",{"$f":"TRUNC(J1782*(1+$N$17),2)","v":45.45},{"$f":"IFERROR(TRUNC(I1782*J1782,2),\"\")","v":359.3},{"$f":"L1782*I1782","v":454.5}]
[2000]
[2000,null,null,null,"Total",10,"un "]
[2000]
[{"$f":"IFERROR(LEFT(D1786,SEARCH(\".\",D1786)-1),\"\")","v":"17"},{"$f":"IFERROR(LEFT(RIGHT(D1786,LEN(D1786)-SEARCH(\".\",D1786)),SEARCH(\".\",RIGHT(D1786,LEN(D1786)-SEARCH(\".\",D1786)))-1),\"\")","v":"3"},{"$f":"IFERROR(IF(LEN(D1786)-LEN(SUBSTITUTE(D1786,\".\",\"\"))<>3,\"\",MID(D1786,SEARCH(\".\",D1786,SEARCH(\".\",D1786)+1)+1,LEN(D1786)-SEARCH(\".\",D1786,SEARCH(\".\",D1786)+1)-(LEN(D1786)-(SEARCH(\".\",D1786,SEARCH(\".\",D1786,SEARCH(\".\",D1786)+1)+1)-1)))),\"\")","v":""},"17.3.2",{"$f":"IF($G1786=\"SINAPI\",VLOOKUP($F1786,DADOS_SINAPI,2,0),IF(G1786=\"SETOP\",VLOOKUP($F1786,DADOS_SETOP,2,0),IF(G1786=\"CPU\",VLOOKUP($F1786,DADOS_COMPOSICAO,2,0),IF(G1786=\"SICRO\",VLOOKUP($F1786,DADOS_SICRO,2,0),IF(G1786=\"SUDECAP\",VLOOKUP(F1786,DADOS_SUDECAP,2,0),IF(G1786=\"COTAÇÃO\",VLOOKUP($F1786,DADOS_COTACAO,2,0),\"\"))))))","v":"JOELHO 45 GRAUS, PVC, SERIE R, ÁGUA PLUVIAL, DN 50 MM, JUNTA ELÁSTICA, FORNECIDO E INSTALADO EM RAMAL DE ENCAMINHAMENTO. AF_06/2022"},89520,"SINAPI",{"$f":"IF(G1786=\"SINAPI\",VLOOKUP($F1786,DADOS_SINAPI,3,0),IF(G1786=\"SETOP\",VLOOKUP($F1786,DADOS_SETOP,3,0),IF(G1786=\"CPU\",VLOOKUP($F1786,DADOS_COMPOSICAO,10,0),IF(G1786=\"SICRO\",VLOOKUP($F1786,DADOS_SICRO,3,0),IF(G1786=\"SUDECAP\",VLOOKUP(F1786,DADOS_SUDECAP,3,0),IF(G1786=\"COTAÇÃO\",VLOOKUP($F1786,DADOS_COTACAO,9,0),\"\"))))))","v":"UN"},{"$f":"F1788","v":1},{"$f":"TRUNC(IF(G1786=\"SINAPI\",VLOOKUP($F1786,DADOS_SINAPI,4,0),IF(G1786=\"SETOP\",VLOOKUP($F1786,DADOS_SETOP,4,0),IF(G1786=\"CPU\",VLOOKUP($F1786,DADOS_COMPOSICAO,13,0),IF(G1786=\"SICRO\",VLOOKUP($F1786,DADOS_SICRO,4,0),IF(G1786=\"SUDECAP\",VLOOKUP(F1786,DADOS_SUDECAP,4,0),IF(G1786=\"COTAÇÃO\",VLOOKUP(F1786,DADOS_COTACAO,12,0),\"\")))))),2)","v":14.99},"BDI 1",{"$f":"TRUNC(J1786*(1+$N$17),2)","v":18.96},{"$f":"IFERROR(TRUNC(I1786*J1786,2),\"\")","v":14.99},{"$f":"L1786*I1786","v":18.96}]
[2000]
[2000,null,null,null,"Total",1,"un "]
[2000]
[{"$f":"IFERROR(LEFT(D1790,SEARCH(\".\",D1790)-1),\"\")","v":"17"},{"$f":"IFERROR(LEFT(RIGHT(D1790,LEN(D1790)-SEARCH(\".\",D1790)),SEARCH(\".\",RIGHT(D1790,LEN(D1790)-SEARCH(\".\",D1790)))-1),\"\")","v":"3"},{"$f":"IFERROR(IF(LEN(D1790)-LEN(SUBSTITUTE(D1790,\".\",\"\"))<>3,\"\",MID(D1790,SEARCH(\".\",D1790,SEARCH(\".\",D1790)+1)+1,LEN(D1790)-SEARCH(\".\",D1790,SEARCH(\".\",D1790)+1)-(LEN(D1790)-(SEARCH(\".\",D1790,SEARCH(\".\",D1790,SEARCH(\".\",D1790)+1)+1)-1)))),\"\")","v":""},"17.3.3",{"$f":"IF($G1790=\"SINAPI\",VLOOKUP($F1790,DADOS_SINAPI,2,0),IF(G1790=\"SETOP\",VLOOKUP($F1790,DADOS_SETOP,2,0),IF(G1790=\"CPU\",VLOOKUP($F1790,DADOS_COMPOSICAO,2,0),IF(G1790=\"SICRO\",VLOOKUP($F1790,DADOS_SICRO,2,0),IF(G1790=\"SUDECAP\",VLOOKUP(F1790,DADOS_SUDECAP,2,0),IF(G1790=\"COTAÇÃO\",VLOOKUP($F1790,DADOS_COTACAO,2,0),\"\"))))))","v":"JOELHO 90 GRAUS, PVC, SERIE R, ÁGUA PLUVIAL, DN 100 MM, JUNTA ELÁSTICA, FORNECIDO E INSTALADO EM CONDUTORES VERTICAIS DE ÁGUAS PLUVIAIS. AF_06/2022"},89584,"SINAPI",{"$f":"IF(G1790=\"SINAPI\",VLOOKUP($F1790,DADOS_SINAPI,3,0),IF(G1790=\"SETOP\",VLOOKUP($F1790,DADOS_SETOP,3,0),IF(G1790=\"CPU\",VLOOKUP($F1790,DADOS_COMPOSICAO,10,0),IF(G1790=\"SICRO\",VLOOKUP($F1790,DADOS_SICRO,3,0),IF(G1790=\"SUDECAP\",VLOOKUP(F1790,DADOS_SUDECAP,3,0),IF(G1790=\"COTAÇÃO\",VLOOKUP($F1790,DADOS_COTACAO,9,0),\"\"))))))","v":"UN"},{"$f":"F1792","v":42},{"$f":"TRUNC(IF(G1790=\"SINAPI\",VLOOKUP($F1790,DADOS_SINAPI,4,0),IF(G1790=\"SETOP\",VLOOKUP($F1790,DADOS_SETOP,4,0),IF(G1790=\"CPU\",VLOOKUP($F1790,DADOS_COMPOSICAO,13,0),IF(G1790=\"SICRO\",VLOOKUP($F1790,DADOS_SICRO,4,0),IF(G1790=\"SUDECAP\",VLOOKUP(F1790,DADOS_SUDECAP,4,0),IF(G1790=\"COTAÇÃO\",VLOOKUP(F1790,DADOS_COTACAO,12,0),\"\")))))),2)","v":41.32},"BDI 1",{"$f":"TRUNC(J1790*(1+$N$17),2)","v":52.27},{"$f":"IFERROR(TRUNC(I1790*J1790,2),\"\")","v":1735.44},2195.34]
[2000]
[2000,null,null,null,"Total",42,"un "]
[2000]
["17","3","","17.3.4","JUNÇÃO SIMPLES, PVC, SERIE R, ÁGUA PLUVIAL, DN 100 X 100 MM, JUNTA ELÁSTICA, FORNECIDO E INSTALADO EM CONDUTORES VERTICAIS DE ÁGUAS PLUVIAIS. AF_06/2022",89690,"SINAPI","UN",{"$f":"F1796","v":1},85.05,"BDI 1",107.6,85.05,107.6]
[2000]
[2000,null,null,null,"Total",1,"un "]
[2000]
["17","3","","17.3.5","TUBO PVC, SÉRIE R, ÁGUA PLUVIAL, DN 100 MM, FORNECIDO E INSTALADO EM CONDUTORES VERTICAIS DE ÁGUAS PLUVIAIS. AF_06/2022",89578,"SINAPI","M",{"$f":"F1800","v":283.93},32.549999999999997,"BDI 1",41.18,9241.92,11692.24]
[2000]
[2000,null,null,null,"Total",283.93,"m"]
[2000]
[{"$f":"IFERROR(LEFT(D1802,SEARCH(\".\",D1802)-1),\"\")","v":"17"},{"$f":"IFERROR(LEFT(RIGHT(D1802,LEN(D1802)-SEARCH(\".\",D1802)),SEARCH(\".\",RIGHT(D1802,LEN(D1802)-SEARCH(\".\",D1802)))-1),\"\")","v":"3"},{"$f":"IFERROR(IF(LEN(D1802)-LEN(SUBSTITUTE(D1802,\".\",\"\"))<>3,\"\",MID(D1802,SEARCH(\".\",D1802,SEARCH(\".\",D1802)+1)+1,LEN(D1802)-SEARCH(\".\",D1802,SEARCH(\".\",D1802)+1)-(LEN(D1802)-(SEARCH(\".\",D1802,SEARCH(\".\",D1802,SEARCH(\".\",D1802)+1)+1)-1)))),\"\")","v":""},"17.3.6",{"$f":"IF($G1802=\"SINAPI\",VLOOKUP($F1802,DADOS_SINAPI,2,0),IF(G1802=\"SETOP\",VLOOKUP($F1802,DADOS_SETOP,2,0),IF(G1802=\"CPU\",VLOOKUP($F1802,DADOS_COMPOSICAO,2,0),IF(G1802=\"SICRO\",VLOOKUP($F1802,DADOS_SICRO,2,0),IF(G1802=\"SUDECAP\",VLOOKUP(F1802,DADOS_SUDECAP,2,0),IF(G1802=\"COTAÇÃO\",VLOOKUP($F1802,DADOS_COTACAO,2,0),\"\"))))))","v":"TUBO PVC, SÉRIE R, ÁGUA PLUVIAL, DN 50 MM, FORNECIDO E INSTALADO EM RAMAL DE ENCAMINHAMENTO. AF_06/2022"},89509,"SINAPI",{"$f":"IF(G1802=\"SINAPI\",VLOOKUP($F1802,DADOS_SINAPI,3,0),IF(G1802=\"SETOP\",VLOOKUP($F1802,DADOS_SETOP,3,0),IF(G1802=\"CPU\",VLOOKUP($F1802,DADOS_COMPOSICAO,10,0),IF(G1802=\"SICRO\",VLOOKUP($F1802,DADOS_SICRO,3,0),IF(G1802=\"SUDECAP\",VLOOKUP(F1802,DADOS_SUDECAP,3,0),IF(G1802=\"COTAÇÃO\",VLOOKUP($F1802,DADOS_COTACAO,9,0),\"\"))))))","v":"M"},{"$f":"F1804","v":7},{"$f":"TRUNC(IF(G1802=\"SINAPI\",VLOOKUP($F1802,DADOS_SINAPI,4,0),IF(G1802=\"SETOP\",VLOOKUP($F1802,DADOS_SETOP,4,0),IF(G1802=\"CPU\",VLOOKUP($F1802,DADOS_COMPOSICAO,13,0),IF(G1802=\"SICRO\",VLOOKUP($F1802,DADOS_SICRO,4,0),IF(G1802=\"SUDECAP\",VLOOKUP(F1802,DADOS_SUDECAP,4,0),IF(G1802=\"COTAÇÃO\",VLOOKUP(F1802,DADOS_COTACAO,12,0),\"\")))))),2)","v":21.73},"BDI 1",{"$f":"TRUNC(J1802*(1+$N$17),2)","v":27.49},{"$f":"IFERROR(TRUNC(I1802*J1802,2),\"\")","v":152.11000000000001},192.42999999999998]
[2000]
[2000,null,null,null,"Total",7,"m"]
[2000]
[{"$f":"IFERROR(LEFT(D1806,SEARCH(\".\",D1806)-1),\"\")","v":"17"},{"$f":"IFERROR(LEFT(RIGHT(D1806,LEN(D1806)-SEARCH(\".\",D1806)),SEARCH(\".\",RIGHT(D1806,LEN(D1806)-SEARCH(\".\",D1806)))-1),\"\")","v":"3"},{"$f":"IFERROR(IF(LEN(D1806)-LEN(SUBSTITUTE(D1806,\".\",\"\"))<>3,\"\",MID(D1806,SEARCH(\".\",D1806,SEARCH(\".\",D1806)+1)+1,LEN(D1806)-SEARCH(\".\",D1806,SEARCH(\".\",D1806)+1)-(LEN(D1806)-(SEARCH(\".\",D1806,SEARCH(\".\",D1806,SEARCH(\".\",D1806)+1)+1)-1)))),\"\")","v":""},"17.3.7",{"$f":"IF($G1806=\"SINAPI\",VLOOKUP($F1806,DADOS_SINAPI,2,0),IF(G1806=\"SETOP\",VLOOKUP($F1806,DADOS_SETOP,2,0),IF(G1806=\"CPU\",VLOOKUP($F1806,DADOS_COMPOSICAO,2,0),IF(G1806=\"SICRO\",VLOOKUP($F1806,DADOS_SICRO,2,0),IF(G1806=\"SUDECAP\",VLOOKUP(F1806,DADOS_SUDECAP,2,0),IF(G1806=\"COTAÇÃO\",VLOOKUP($F1806,DADOS_COTACAO,2,0),\"\"))))))","v":"TÊ DE INSPEÇÃO, PVC, SERIE R, ÁGUA PLUVIAL, DN 100 MM, JUNTA ELÁSTICA, FORNECIDO E INSTALADO EM RAMAL DE ENCAMINHAMENTO. AF_06/2022"},89559,"SINAPI",{"$f":"IF(G1806=\"SINAPI\",VLOOKUP($F1806,DADOS_SINAPI,3,0),IF(G1806=\"SETOP\",VLOOKUP($F1806,DADOS_SETOP,3,0),IF(G1806=\"CPU\",VLOOKUP($F1806,DADOS_COMPOSICAO,10,0),IF(G1806=\"SICRO\",VLOOKUP($F1806,DADOS_SICRO,3,0),IF(G1806=\"SUDECAP\",VLOOKUP(F1806,DADOS_SUDECAP,3,0),IF(G1806=\"COTAÇÃO\",VLOOKUP($F1806,DADOS_COTACAO,9,0),\"\"))))))","v":"UN"},{"$f":"F1808","v":10},{"$f":"TRUNC(IF(G1806=\"SINAPI\",VLOOKUP($F1806,DADOS_SINAPI,4,0),IF(G1806=\"SETOP\",VLOOKUP($F1806,DADOS_SETOP,4,0),IF(G1806=\"CPU\",VLOOKUP($F1806,DADOS_COMPOSICAO,13,0),IF(G1806=\"SICRO\",VLOOKUP($F1806,DADOS_SICRO,4,0),IF(G1806=\"SUDECAP\",VLOOKUP(F1806,DADOS_SUDECAP,4,0),IF(G1806=\"COTAÇÃO\",VLOOKUP(F1806,DADOS_COTACAO,12,0),\"\")))))),2)","v":64.16},"BDI 1",{"$f":"TRUNC(J1806*(1+$N$17),2)","v":81.17},{"$f":"IFERROR(TRUNC(I1806*J1806,2),\"\")","v":641.6},811.7]
[2000]
[2000,null,null,null,"Total",10,"un "]
[2000]
[{"$f":"IFERROR(LEFT(D1810,SEARCH(\".\",D1810)-1),\"\")","v":"17"},{"$f":"IFERROR(LEFT(RIGHT(D1810,LEN(D1810)-SEARCH(\".\",D1810)),SEARCH(\".\",RIGHT(D1810,LEN(D1810)-SEARCH(\".\",D1810)))-1),\"\")","v":"3"},{"$f":"IFERROR(IF(LEN(D1810)-LEN(SUBSTITUTE(D1810,\".\",\"\"))<>3,\"\",MID(D1810,SEARCH(\".\",D1810,SEARCH(\".\",D1810)+1)+1,LEN(D1810)-SEARCH(\".\",D1810,SEARCH(\".\",D1810)+1)-(LEN(D1810)-(SEARCH(\".\",D1810,SEARCH(\".\",D1810,SEARCH(\".\",D1810)+1)+1)-1)))),\"\")","v":""},"17.3.8",{"$f":"IF($G1810=\"SINAPI\",VLOOKUP($F1810,DADOS_SINAPI,2,0),IF(G1810=\"SETOP\",VLOOKUP($F1810,DADOS_SETOP,2,0),IF(G1810=\"CPU\",VLOOKUP($F1810,DADOS_COMPOSICAO,2,0),IF(G1810=\"SICRO\",VLOOKUP($F1810,DADOS_SICRO,2,0),IF(G1810=\"SUDECAP\",VLOOKUP(F1810,DADOS_SUDECAP,2,0),IF(G1810=\"COTAÇÃO\",VLOOKUP($F1810,DADOS_COTACAO,2,0),\"\"))))))","v":"ABRAÇADEIRA PARA FIXAÇÃO DE TUBOS"},"SAN-004","CPU",{"$f":"IF(G1810=\"SINAPI\",VLOOKUP($F1810,DADOS_SINAPI,3,0),IF(G1810=\"SETOP\",VLOOKUP($F1810,DADOS_SETOP,3,0),IF(G1810=\"CPU\",VLOOKUP($F1810,DADOS_COMPOSICAO,10,0),IF(G1810=\"SICRO\",VLOOKUP($F1810,DADOS_SICRO,3,0),IF(G1810=\"SUDECAP\",VLOOKUP(F1810,DADOS_SUDECAP,3,0),IF(G1810=\"COTAÇÃO\",VLOOKUP($F1810,DADOS_COTACAO,9,0),\"\"))))))","v":"UN"},{"$f":"F1812","v":28},{"$f":"TRUNC(IF(G1810=\"SINAPI\",VLOOKUP($F1810,DADOS_SINAPI,4,0),IF(G1810=\"SETOP\",VLOOKUP($F1810,DADOS_SETOP,4,0),IF(G1810=\"CPU\",VLOOKUP($F1810,DADOS_COMPOSICAO,13,0),IF(G1810=\"SICRO\",VLOOKUP($F1810,DADOS_SICRO,4,0),IF(G1810=\"SUDECAP\",VLOOKUP(F1810,DADOS_SUDECAP,4,0),IF(G1810=\"COTAÇÃO\",VLOOKUP(F1810,DADOS_COTACAO,12,0),\"\")))))),2)","v":19.03},"BDI 1",{"$f":"TRUNC(J1810*(1+$N$17),2)","v":24.07},{"$f":"IFERROR(TRUNC(I1810*J1810,2),\"\")","v":532.84},673.96]
[2000]
[2000,null,null,null,"Quantidade",28,"un "]
[2000]
[null,null,null,"17.4","ESCAVAÇÃO E REATERRO",null,null,null,null,null,null,null,{"$f":"IFERROR(SUMIFS(M:M,A:A,LEFT(D1814,SEARCH(\".\",D1814)-1),B:B,RIGHT(D1814,LEN(D1814)-SEARCH(\".\",D1814))),\"\")","v":5126.49},{"$f":"IFERROR(SUMIFS(N:N,A:A,LEFT(D1814,SEARCH(\".\",D1814)-1),B:B,RIGHT(D1814,LEN(D1814)-SEARCH(\".\",D1814))),\"\")","v":6485.5}]
[{"$f":"IFERROR(LEFT(D1815,SEARCH(\".\",D1815)-1),\"\")","v":"17"},{"$f":"IFERROR(LEFT(RIGHT(D1815,LEN(D1815)-SEARCH(\".\",D1815)),SEARCH(\".\",RIGHT(D1815,LEN(D1815)-SEARCH(\".\",D1815)))-1),\"\")","v":"4"},{"$f":"IFERROR(IF(LEN(D1815)-LEN(SUBSTITUTE(D1815,\".\",\"\"))<>3,\"\",MID(D1815,SEARCH(\".\",D1815,SEARCH(\".\",D1815)+1)+1,LEN(D1815)-SEARCH(\".\",D1815,SEARCH(\".\",D1815)+1)-(LEN(D1815)-(SEARCH(\".\",D1815,SEARCH(\".\",D1815,SEARCH(\".\",D1815)+1)+1)-1)))),\"\")","v":""},"17.4.1",{"$f":"IF($G1815=\"SINAPI\",VLOOKUP($F1815,DADOS_SINAPI,2,0),IF(G1815=\"SETOP\",VLOOKUP($F1815,DADOS_SETOP,2,0),IF(G1815=\"CPU\",VLOOKUP($F1815,DADOS_COMPOSICAO,2,0),IF(G1815=\"SICRO\",VLOOKUP($F1815,DADOS_SICRO,2,0),IF(G1815=\"SUDECAP\",VLOOKUP(F1815,DADOS_SUDECAP,2,0),IF(G1815=\"COTAÇÃO\",VLOOKUP($F1815,DADOS_COTACAO,2,0),\"\"))))))","v":"ESCAVAÇÃO MANUAL DE VALA. AF_09/2024"},93358,"SINAPI",{"$f":"IF(G1815=\"SINAPI\",VLOOKUP($F1815,DADOS_SINAPI,3,0),IF(G1815=\"SETOP\",VLOOKUP($F1815,DADOS_SETOP,3,0),IF(G1815=\"CPU\",VLOOKUP($F1815,DADOS_COMPOSICAO,10,0),IF(G1815=\"SICRO\",VLOOKUP($F1815,DADOS_SICRO,3,0),IF(G1815=\"SUDECAP\",VLOOKUP(F1815,DADOS_SUDECAP,3,0),IF(G1815=\"COTAÇÃO\",VLOOKUP($F1815,DADOS_COTACAO,9,0),\"\"))))))","v":"M3"},{"$f":"F1817","v":44.47},{"$f":"TRUNC(IF(G1815=\"SINAPI\",VLOOKUP($F1815,DADOS_SINAPI,4,0),IF(G1815=\"SETOP\",VLOOKUP($F1815,DADOS_SETOP,4,0),IF(G1815=\"CPU\",VLOOKUP($F1815,DADOS_COMPOSICAO,13,0),IF(G1815=\"SICRO\",VLOOKUP($F1815,DADOS_SICRO,4,0),IF(G1815=\"SUDECAP\",VLOOKUP(F1815,DADOS_SUDECAP,4,0),IF(G1815=\"COTAÇÃO\",VLOOKUP(F1815,DADOS_COTACAO,12,0),\"\")))))),2)","v":74.17},"BDI 1",{"$f":"TRUNC(J1815*(1+$N$17),2)","v":93.83},{"$f":"IFERROR(TRUNC(I1815*J1815,2),\"\")","v":3298.33},4172.62]
[2000]
[2000,null,null,null,"Quantidade",44.47,"m³"]
[2000]
[{"$f":"IFERROR(LEFT(D1819,SEARCH(\".\",D1819)-1),\"\")","v":"17"},{"$f":"IFERROR(LEFT(RIGHT(D1819,LEN(D1819)-SEARCH(\".\",D1819)),SEARCH(\".\",RIGHT(D1819,LEN(D1819)-SEARCH(\".\",D1819)))-1),\"\")","v":"4"},{"$f":"IFERROR(IF(LEN(D1819)-LEN(SUBSTITUTE(D1819,\".\",\"\"))<>3,\"\",MID(D1819,SEARCH(\".\",D1819,SEARCH(\".\",D1819)+1)+1,LEN(D1819)-SEARCH(\".\",D1819,SEARCH(\".\",D1819)+1)-(LEN(D1819)-(SEARCH(\".\",D1819,SEARCH(\".\",D1819,SEARCH(\".\",D1819)+1)+1)-1)))),\"\")","v":""},"17.4.2",{"$f":"IF($G1819=\"SINAPI\",VLOOKUP($F1819,DADOS_SINAPI,2,0),IF(G1819=\"SETOP\",VLOOKUP($F1819,DADOS_SETOP,2,0),IF(G1819=\"CPU\",VLOOKUP($F1819,DADOS_COMPOSICAO,2,0),IF(G1819=\"SICRO\",VLOOKUP($F1819,DADOS_SICRO,2,0),IF(G1819=\"SUDECAP\",VLOOKUP(F1819,DADOS_SUDECAP,2,0),IF(G1819=\"COTAÇÃO\",VLOOKUP($F1819,DADOS_COTACAO,2,0),\"\"))))))","v":"REATERRO MANUAL DE VALA, INCLUSIVE ESPALHAMENTO E COMPACTAÇÃO MECANIZADA COM PLACA VIBRATÓRIA"},"ED-51121","SETOP",{"$f":"IF(G1819=\"SINAPI\",VLOOKUP($F1819,DADOS_SINAPI,3,0),IF(G1819=\"SETOP\",VLOOKUP($F1819,DADOS_SETOP,3,0),IF(G1819=\"CPU\",VLOOKUP($F1819,DADOS_COMPOSICAO,10,0),IF(G1819=\"SICRO\",VLOOKUP($F1819,DADOS_SICRO,3,0),IF(G1819=\"SUDECAP\",VLOOKUP(F1819,DADOS_SUDECAP,3,0),IF(G1819=\"COTAÇÃO\",VLOOKUP($F1819,DADOS_COTACAO,9,0),\"\"))))))","v":"m3"},{"$f":"F1821","v":44.47},{"$f":"TRUNC(IF(G1819=\"SINAPI\",VLOOKUP($F1819,DADOS_SINAPI,4,0),IF(G1819=\"SETOP\",VLOOKUP($F1819,DADOS_SETOP,4,0),IF(G1819=\"CPU\",VLOOKUP($F1819,DADOS_COMPOSICAO,13,0),IF(G1819=\"SICRO\",VLOOKUP($F1819,DADOS_SICRO,4,0),IF(G1819=\"SUDECAP\",VLOOKUP(F1819,DADOS_SUDECAP,4,0),IF(G1819=\"COTAÇÃO\",VLOOKUP(F1819,DADOS_COTACAO,12,0),\"\")))))),2)","v":41.11},"BDI 1",{"$f":"TRUNC(J1819*(1+$N$17),2)","v":52.01},{"$f":"IFERROR(TRUNC(I1819*J1819,2),\"\")","v":1828.16},2312.88]
[2000]
[2000,null,null,null,"Quantidade",44.47,"m³"]
[2000]
[1000,null,null,18,"CLIMATIZAÇÃO ",null,null,null,null,null,null,null,{"$f":"SUMIF(A:A,D1823,M:M)","v":60755.499999999993},{"$f":"SUMIF(A:A,D1823,N:N)","v":76864.320000000007}]
[null,null,null,"18.1","EQUIPAMENTOS",null,null,null,null,null,null,null,{"$f":"IFERROR(SUMIFS(M:M,A:A,LEFT(D1824,SEARCH(\".\",D1824)-1),B:B,RIGHT(D1824,LEN(D1824)-SEARCH(\".\",D1824))),\"\")","v":48618.69},{"$f":"IFERROR(SUMIFS(N:N,A:A,LEFT(D1824,SEARCH(\".\",D1824)-1),B:B,RIGHT(D1824,LEN(D1824)-SEARCH(\".\",D1824))),\"\")","v":61512.3}]
[{"$f":"IFERROR(LEFT(D1825,SEARCH(\".\",D1825)-1),\"\")","v":"18"},{"$f":"IFERROR(LEFT(RIGHT(D1825,LEN(D1825)-SEARCH(\".\",D1825)),SEARCH(\".\",RIGHT(D1825,LEN(D1825)-SEARCH(\".\",D1825)))-1),\"\")","v":"1"},{"$f":"IFERROR(IF(LEN(D1825)-LEN(SUBSTITUTE(D1825,\".\",\"\"))<>3,\"\",MID(D1825,SEARCH(\".\",D1825,SEARCH(\".\",D1825)+1)+1,LEN(D1825)-SEARCH(\".\",D1825,SEARCH(\".\",D1825)+1)-(LEN(D1825)-(SEARCH(\".\",D1825,SEARCH(\".\",D1825,SEARCH(\".\",D1825)+1)+1)-1)))),\"\")","v":""},"18.1.1",{"$f":"IF($G1825=\"SINAPI\",VLOOKUP($F1825,DADOS_SINAPI,2,0),IF(G1825=\"SETOP\",VLOOKUP($F1825,DADOS_SETOP,2,0),IF(G1825=\"CPU\",VLOOKUP($F1825,DADOS_COMPOSICAO,2,0),IF(G1825=\"SICRO\",VLOOKUP($F1825,DADOS_SICRO,2,0),IF(G1825=\"SUDECAP\",VLOOKUP(F1825,DADOS_SUDECAP,2,0),IF(G1825=\"COTAÇÃO\",VLOOKUP($F1825,DADOS_COTACAO,2,0),\"\"))))))","v":"AR CONDICIONADO SPLIT INVERTER, HI-WALL (PAREDE), 12000 BTU/H, CICLO FRIO - FORNECIMENTO E INSTALAÇÃO. AF_11/2021_PE"},103247,"SINAPI",{"$f":"IF(G1825=\"SINAPI\",VLOOKUP($F1825,DADOS_SINAPI,3,0),IF(G1825=\"SETOP\",VLOOKUP($F1825,DADOS_SETOP,3,0),IF(G1825=\"CPU\",VLOOKUP($F1825,DADOS_COMPOSICAO,10,0),IF(G1825=\"SICRO\",VLOOKUP($F1825,DADOS_SICRO,3,0),IF(G1825=\"SUDECAP\",VLOOKUP(F1825,DADOS_SUDECAP,3,0),IF(G1825=\"COTAÇÃO\",VLOOKUP($F1825,DADOS_COTACAO,9,0),\"\"))))))","v":"UN"},{"$f":"F1827","v":3},{"$f":"TRUNC(IF(G1825=\"SINAPI\",VLOOKUP($F1825,DADOS_SINAPI,4,0),IF(G1825=\"SETOP\",VLOOKUP($F1825,DADOS_SETOP,4,0),IF(G1825=\"CPU\",VLOOKUP($F1825,DADOS_COMPOSICAO,13,0),IF(G1825=\"SICRO\",VLOOKUP($F1825,DADOS_SICRO,4,0),IF(G1825=\"SUDECAP\",VLOOKUP(F1825,DADOS_SUDECAP,4,0),IF(G1825=\"COTAÇÃO\",VLOOKUP(F1825,DADOS_COTACAO,12,0),\"\")))))),2)","v":2897.95},"BDI 1",{"$f":"TRUNC(J1825*(1+$N$17),2)","v":3666.48},{"$f":"IFERROR(TRUNC(I1825*J1825,2),\"\")","v":8693.85},{"$f":"L1825*I1825","v":10999.44}]
[2000]
[2000,null,null,null,"Quantidade",3,"un "]
[2000]
[{"$f":"IFERROR(LEFT(D1829,SEARCH(\".\",D1829)-1),\"\")","v":"18"},{"$f":"IFERROR(LEFT(RIGHT(D1829,LEN(D1829)-SEARCH(\".\",D1829)),SEARCH(\".\",RIGHT(D1829,LEN(D1829)-SEARCH(\".\",D1829)))-1),\"\")","v":"1"},{"$f":"IFERROR(IF(LEN(D1829)-LEN(SUBSTITUTE(D1829,\".\",\"\"))<>3,\"\",MID(D1829,SEARCH(\".\",D1829,SEARCH(\".\",D1829)+1)+1,LEN(D1829)-SEARCH(\".\",D1829,SEARCH(\".\",D1829)+1)-(LEN(D1829)-(SEARCH(\".\",D1829,SEARCH(\".\",D1829,SEARCH(\".\",D1829)+1)+1)-1)))),\"\")","v":""},"18.1.2",{"$f":"IF($G1829=\"SINAPI\",VLOOKUP($F1829,DADOS_SINAPI,2,0),IF(G1829=\"SETOP\",VLOOKUP($F1829,DADOS_SETOP,2,0),IF(G1829=\"CPU\",VLOOKUP($F1829,DADOS_COMPOSICAO,2,0),IF(G1829=\"SICRO\",VLOOKUP($F1829,DADOS_SICRO,2,0),IF(G1829=\"SUDECAP\",VLOOKUP(F1829,DADOS_SUDECAP,2,0),IF(G1829=\"COTAÇÃO\",VLOOKUP($F1829,DADOS_COTACAO,2,0),\"\"))))))","v":"AR CONDICIONADO SPLIT INVERTER, HI-WALL (PAREDE), 18000 BTU/H, CICLO FRIO - FORNECIMENTO E INSTALAÇÃO. AF_11/2021_PE"},103250,"SINAPI",{"$f":"IF(G1829=\"SINAPI\",VLOOKUP($F1829,DADOS_SINAPI,3,0),IF(G1829=\"SETOP\",VLOOKUP($F1829,DADOS_SETOP,3,0),IF(G1829=\"CPU\",VLOOKUP($F1829,DADOS_COMPOSICAO,10,0),IF(G1829=\"SICRO\",VLOOKUP($F1829,DADOS_SICRO,3,0),IF(G1829=\"SUDECAP\",VLOOKUP(F1829,DADOS_SUDECAP,3,0),IF(G1829=\"COTAÇÃO\",VLOOKUP($F1829,DADOS_COTACAO,9,0),\"\"))))))","v":"UN"},{"$f":"F1831","v":1},{"$f":"TRUNC(IF(G1829=\"SINAPI\",VLOOKUP($F1829,DADOS_SINAPI,4,0),IF(G1829=\"SETOP\",VLOOKUP($F1829,DADOS_SETOP,4,0),IF(G1829=\"CPU\",VLOOKUP($F1829,DADOS_COMPOSICAO,13,0),IF(G1829=\"SICRO\",VLOOKUP($F1829,DADOS_SICRO,4,0),IF(G1829=\"SUDECAP\",VLOOKUP(F1829,DADOS_SUDECAP,4,0),IF(G1829=\"COTAÇÃO\",VLOOKUP(F1829,DADOS_COTACAO,12,0),\"\")))))),2)","v":4222.43},"BDI 1",{"$f":"TRUNC(J1829*(1+$N$17),2)","v":5342.21},{"$f":"IFERROR(TRUNC(I1829*J1829,2),\"\")","v":4222.43},{"$f":"L1829*I1829","v":5342.21}]
[2000]
[2000,null,null,null,"Quantidade",1,"un "]
[2000]
[{"$f":"IFERROR(LEFT(D1833,SEARCH(\".\",D1833)-1),\"\")","v":"18"},{"$f":"IFERROR(LEFT(RIGHT(D1833,LEN(D1833)-SEARCH(\".\",D1833)),SEARCH(\".\",RIGHT(D1833,LEN(D1833)-SEARCH(\".\",D1833)))-1),\"\")","v":"1"},{"$f":"IFERROR(IF(LEN(D1833)-LEN(SUBSTITUTE(D1833,\".\",\"\"))<>3,\"\",MID(D1833,SEARCH(\".\",D1833,SEARCH(\".\",D1833)+1)+1,LEN(D1833)-SEARCH(\".\",D1833,SEARCH(\".\",D1833)+1)-(LEN(D1833)-(SEARCH(\".\",D1833,SEARCH(\".\",D1833,SEARCH(\".\",D1833)+1)+1)-1)))),\"\")","v":""},"18.1.3",{"$f":"IF($G1833=\"SINAPI\",VLOOKUP($F1833,DADOS_SINAPI,2,0),IF(G1833=\"SETOP\",VLOOKUP($F1833,DADOS_SETOP,2,0),IF(G1833=\"CPU\",VLOOKUP($F1833,DADOS_COMPOSICAO,2,0),IF(G1833=\"SICRO\",VLOOKUP($F1833,DADOS_SICRO,2,0),IF(G1833=\"SUDECAP\",VLOOKUP(F1833,DADOS_SUDECAP,2,0),IF(G1833=\"COTAÇÃO\",VLOOKUP($F1833,DADOS_COTACAO,2,0),\"\"))))))","v":"AR CONDICIONADO SPLIT INVERTER, HI-WALL (PAREDE), 24000 BTU/H, CICLO FRIO - FORNECIMENTO E INSTALAÇÃO. AF_11/2021_PE"},103253,"SINAPI",{"$f":"IF(G1833=\"SINAPI\",VLOOKUP($F1833,DADOS_SINAPI,3,0),IF(G1833=\"SETOP\",VLOOKUP($F1833,DADOS_SETOP,3,0),IF(G1833=\"CPU\",VLOOKUP($F1833,DADOS_COMPOSICAO,10,0),IF(G1833=\"SICRO\",VLOOKUP($F1833,DADOS_SICRO,3,0),IF(G1833=\"SUDECAP\",VLOOKUP(F1833,DADOS_SUDECAP,3,0),IF(G1833=\"COTAÇÃO\",VLOOKUP($F1833,DADOS_COTACAO,9,0),\"\"))))))","v":"UN"},{"$f":"F1835","v":1},{"$f":"TRUNC(IF(G1833=\"SINAPI\",VLOOKUP($F1833,DADOS_SINAPI,4,0),IF(G1833=\"SETOP\",VLOOKUP($F1833,DADOS_SETOP,4,0),IF(G1833=\"CPU\",VLOOKUP($F1833,DADOS_COMPOSICAO,13,0),IF(G1833=\"SICRO\",VLOOKUP($F1833,DADOS_SICRO,4,0),IF(G1833=\"SUDECAP\",VLOOKUP(F1833,DADOS_SUDECAP,4,0),IF(G1833=\"COTAÇÃO\",VLOOKUP(F1833,DADOS_COTACAO,12,0),\"\")))))),2)","v":5767.51},"BDI 1",{"$f":"TRUNC(J1833*(1+$N$17),2)","v":7297.05},{"$f":"IFERROR(TRUNC(I1833*J1833,2),\"\")","v":5767.51},7297.05]
[2000]
[2000,null,null,null,"Quantidade",1,"un "]
[2000]
[{"$f":"IFERROR(LEFT(D1837,SEARCH(\".\",D1837)-1),\"\")","v":"18"},{"$f":"IFERROR(LEFT(RIGHT(D1837,LEN(D1837)-SEARCH(\".\",D1837)),SEARCH(\".\",RIGHT(D1837,LEN(D1837)-SEARCH(\".\",D1837)))-1),\"\")","v":"1"},{"$f":"IFERROR(IF(LEN(D1837)-LEN(SUBSTITUTE(D1837,\".\",\"\"))<>3,\"\",MID(D1837,SEARCH(\".\",D1837,SEARCH(\".\",D1837)+1)+1,LEN(D1837)-SEARCH(\".\",D1837,SEARCH(\".\",D1837)+1)-(LEN(D1837)-(SEARCH(\".\",D1837,SEARCH(\".\",D1837,SEARCH(\".\",D1837)+1)+1)-1)))),\"\")","v":""},"18.1.4",{"$f":"IF($G1837=\"SINAPI\",VLOOKUP($F1837,DADOS_SINAPI,2,0),IF(G1837=\"SETOP\",VLOOKUP($F1837,DADOS_SETOP,2,0),IF(G1837=\"CPU\",VLOOKUP($F1837,DADOS_COMPOSICAO,2,0),IF(G1837=\"SICRO\",VLOOKUP($F1837,DADOS_SICRO,2,0),IF(G1837=\"SUDECAP\",VLOOKUP(F1837,DADOS_SUDECAP,2,0),IF(G1837=\"COTAÇÃO\",VLOOKUP($F1837,DADOS_COTACAO,2,0),\"\"))))))","v":"AR CONDICIONADO SPLIT INVERTER, PISO TETO, 36000 BTU/H, CICLO FRIO - FORNECIMENTO E INSTALAÇÃO. AF_11/2021_PSE"},103261,"SINAPI",{"$f":"IF(G1837=\"SINAPI\",VLOOKUP($F1837,DADOS_SINAPI,3,0),IF(G1837=\"SETOP\",VLOOKUP($F1837,DADOS_SETOP,3,0),IF(G1837=\"CPU\",VLOOKUP($F1837,DADOS_COMPOSICAO,10,0),IF(G1837=\"SICRO\",VLOOKUP($F1837,DADOS_SICRO,3,0),IF(G1837=\"SUDECAP\",VLOOKUP(F1837,DADOS_SUDECAP,3,0),IF(G1837=\"COTAÇÃO\",VLOOKUP($F1837,DADOS_COTACAO,9,0),\"\"))))))","v":"UN"},{"$f":"F1839","v":1},{"$f":"TRUNC(IF(G1837=\"SINAPI\",VLOOKUP($F1837,DADOS_SINAPI,4,0),IF(G1837=\"SETOP\",VLOOKUP($F1837,DADOS_SETOP,4,0),IF(G1837=\"CPU\",VLOOKUP($F1837,DADOS_COMPOSICAO,13,0),IF(G1837=\"SICRO\",VLOOKUP($F1837,DADOS_SICRO,4,0),IF(G1837=\"SUDECAP\",VLOOKUP(F1837,DADOS_SUDECAP,4,0),IF(G1837=\"COTAÇÃO\",VLOOKUP(F1837,DADOS_COTACAO,12,0),\"\")))))),2)","v":13536.58},"BDI 1",{"$f":"TRUNC(J1837*(1+$N$17),2)","v":17126.48},{"$f":"IFERROR(TRUNC(I1837*J1837,2),\"\")","v":13536.58},17126.48]
[2000]
[2000,null,null,null,"Quantidade",1,"un "]
[2000]
[{"$f":"IFERROR(LEFT(D1841,SEARCH(\".\",D1841)-1),\"\")","v":"18"},{"$f":"IFERROR(LEFT(RIGHT(D1841,LEN(D1841)-SEARCH(\".\",D1841)),SEARCH(\".\",RIGHT(D1841,LEN(D1841)-SEARCH(\".\",D1841)))-1),\"\")","v":"1"},{"$f":"IFERROR(IF(LEN(D1841)-LEN(SUBSTITUTE(D1841,\".\",\"\"))<>3,\"\",MID(D1841,SEARCH(\".\",D1841,SEARCH(\".\",D1841)+1)+1,LEN(D1841)-SEARCH(\".\",D1841,SEARCH(\".\",D1841)+1)-(LEN(D1841)-(SEARCH(\".\",D1841,SEARCH(\".\",D1841,SEARCH(\".\",D1841)+1)+1)-1)))),\"\")","v":""},"18.1.5",{"$f":"IF($G1841=\"SINAPI\",VLOOKUP($F1841,DADOS_SINAPI,2,0),IF(G1841=\"SETOP\",VLOOKUP($F1841,DADOS_SETOP,2,0),IF(G1841=\"CPU\",VLOOKUP($F1841,DADOS_COMPOSICAO,2,0),IF(G1841=\"SICRO\",VLOOKUP($F1841,DADOS_SICRO,2,0),IF(G1841=\"SUDECAP\",VLOOKUP(F1841,DADOS_SUDECAP,2,0),IF(G1841=\"COTAÇÃO\",VLOOKUP($F1841,DADOS_COTACAO,2,0),\"\"))))))","v":"AR CONDICIONADO SPLIT ON/OFF, HI-WALL (PAREDE), 9000 BTUS/H, CICLO FRIO - FORNECIMENTO E INSTALAÇÃO. AF_11/2021_PE"},103245,"SINAPI",{"$f":"IF(G1841=\"SINAPI\",VLOOKUP($F1841,DADOS_SINAPI,3,0),IF(G1841=\"SETOP\",VLOOKUP($F1841,DADOS_SETOP,3,0),IF(G1841=\"CPU\",VLOOKUP($F1841,DADOS_COMPOSICAO,10,0),IF(G1841=\"SICRO\",VLOOKUP($F1841,DADOS_SICRO,3,0),IF(G1841=\"SUDECAP\",VLOOKUP(F1841,DADOS_SUDECAP,3,0),IF(G1841=\"COTAÇÃO\",VLOOKUP($F1841,DADOS_COTACAO,9,0),\"\"))))))","v":"UN"},{"$f":"F1843","v":8},{"$f":"TRUNC(IF(G1841=\"SINAPI\",VLOOKUP($F1841,DADOS_SINAPI,4,0),IF(G1841=\"SETOP\",VLOOKUP($F1841,DADOS_SETOP,4,0),IF(G1841=\"CPU\",VLOOKUP($F1841,DADOS_COMPOSICAO,13,0),IF(G1841=\"SICRO\",VLOOKUP($F1841,DADOS_SICRO,4,0),IF(G1841=\"SUDECAP\",VLOOKUP(F1841,DADOS_SUDECAP,4,0),IF(G1841=\"COTAÇÃO\",VLOOKUP(F1841,DADOS_COTACAO,12,0),\"\")))))),2)","v":2049.79},"BDI 1",{"$f":"TRUNC(J1841*(1+$N$17),2)","v":2593.39},{"$f":"IFERROR(TRUNC(I1841*J1841,2),\"\")","v":16398.32},20747.12]
[2000]
[2000,null,null,null,"Quantidade",8,"un "]
[2000]
[null,null,null,"18.2","PVC RÍGIDO SOLDÁVEL",null,null,null,null,null,null,null,{"$f":"IFERROR(SUMIFS(M:M,A:A,LEFT(D1845,SEARCH(\".\",D1845)-1),B:B,RIGHT(D1845,LEN(D1845)-SEARCH(\".\",D1845))),\"\")","v":2422.16},{"$f":"IFERROR(SUMIFS(N:N,A:A,LEFT(D1845,SEARCH(\".\",D1845)-1),B:B,RIGHT(D1845,LEN(D1845)-SEARCH(\".\",D1845))),\"\")","v":3063.15}]
[{"$f":"IFERROR(LEFT(D1846,SEARCH(\".\",D1846)-1),\"\")","v":"18"},{"$f":"IFERROR(LEFT(RIGHT(D1846,LEN(D1846)-SEARCH(\".\",D1846)),SEARCH(\".\",RIGHT(D1846,LEN(D1846)-SEARCH(\".\",D1846)))-1),\"\")","v":"2"},{"$f":"IFERROR(IF(LEN(D1846)-LEN(SUBSTITUTE(D1846,\".\",\"\"))<>3,\"\",MID(D1846,SEARCH(\".\",D1846,SEARCH(\".\",D1846)+1)+1,LEN(D1846)-SEARCH(\".\",D1846,SEARCH(\".\",D1846)+1)-(LEN(D1846)-(SEARCH(\".\",D1846,SEARCH(\".\",D1846,SEARCH(\".\",D1846)+1)+1)-1)))),\"\")","v":""},"18.2.1",{"$f":"IF($G1846=\"SINAPI\",VLOOKUP($F1846,DADOS_SINAPI,2,0),IF(G1846=\"SETOP\",VLOOKUP($F1846,DADOS_SETOP,2,0),IF(G1846=\"CPU\",VLOOKUP($F1846,DADOS_COMPOSICAO,2,0),IF(G1846=\"SICRO\",VLOOKUP($F1846,DADOS_SICRO,2,0),IF(G1846=\"SUDECAP\",VLOOKUP(F1846,DADOS_SUDECAP,2,0),IF(G1846=\"COTAÇÃO\",VLOOKUP($F1846,DADOS_COTACAO,2,0),\"\"))))))","v":"JOELHO 45 GRAUS, PVC, SOLDÁVEL, DN 25MM, INSTALADO EM DRENO DE AR-CONDICIONADO - FORNECIMENTO E INSTALAÇÃO. AF_08/2022"},89867,"SINAPI",{"$f":"IF(G1846=\"SINAPI\",VLOOKUP($F1846,DADOS_SINAPI,3,0),IF(G1846=\"SETOP\",VLOOKUP($F1846,DADOS_SETOP,3,0),IF(G1846=\"CPU\",VLOOKUP($F1846,DADOS_COMPOSICAO,10,0),IF(G1846=\"SICRO\",VLOOKUP($F1846,DADOS_SICRO,3,0),IF(G1846=\"SUDECAP\",VLOOKUP(F1846,DADOS_SUDECAP,3,0),IF(G1846=\"COTAÇÃO\",VLOOKUP($F1846,DADOS_COTACAO,9,0),\"\"))))))","v":"UN"},{"$f":"F1848","v":28},{"$f":"TRUNC(IF(G1846=\"SINAPI\",VLOOKUP($F1846,DADOS_SINAPI,4,0),IF(G1846=\"SETOP\",VLOOKUP($F1846,DADOS_SETOP,4,0),IF(G1846=\"CPU\",VLOOKUP($F1846,DADOS_COMPOSICAO,13,0),IF(G1846=\"SICRO\",VLOOKUP($F1846,DADOS_SICRO,4,0),IF(G1846=\"SUDECAP\",VLOOKUP(F1846,DADOS_SUDECAP,4,0),IF(G1846=\"COTAÇÃO\",VLOOKUP(F1846,DADOS_COTACAO,12,0),\"\")))))),2)","v":7.39},"BDI 1",{"$f":"TRUNC(J1846*(1+$N$17),2)","v":9.34},{"$f":"IFERROR(TRUNC(I1846*J1846,2),\"\")","v":206.92},{"$f":"L1846*I1846","v":261.52}]
[2000]
[2000,null,null,null,"Quantidade",28,"un "]
[2000]
[{"$f":"IFERROR(LEFT(D1850,SEARCH(\".\",D1850)-1),\"\")","v":"18"},{"$f":"IFERROR(LEFT(RIGHT(D1850,LEN(D1850)-SEARCH(\".\",D1850)),SEARCH(\".\",RIGHT(D1850,LEN(D1850)-SEARCH(\".\",D1850)))-1),\"\")","v":"2"},{"$f":"IFERROR(IF(LEN(D1850)-LEN(SUBSTITUTE(D1850,\".\",\"\"))<>3,\"\",MID(D1850,SEARCH(\".\",D1850,SEARCH(\".\",D1850)+1)+1,LEN(D1850)-SEARCH(\".\",D1850,SEARCH(\".\",D1850)+1)-(LEN(D1850)-(SEARCH(\".\",D1850,SEARCH(\".\",D1850,SEARCH(\".\",D1850)+1)+1)-1)))),\"\")","v":""},"18.2.2",{"$f":"IF($G1850=\"SINAPI\",VLOOKUP($F1850,DADOS_SINAPI,2,0),IF(G1850=\"SETOP\",VLOOKUP($F1850,DADOS_SETOP,2,0),IF(G1850=\"CPU\",VLOOKUP($F1850,DADOS_COMPOSICAO,2,0),IF(G1850=\"SICRO\",VLOOKUP($F1850,DADOS_SICRO,2,0),IF(G1850=\"SUDECAP\",VLOOKUP(F1850,DADOS_SUDECAP,2,0),IF(G1850=\"COTAÇÃO\",VLOOKUP($F1850,DADOS_COTACAO,2,0),\"\"))))))","v":"JOELHO 90 GRAUS, PVC, SOLDÁVEL, DN 25MM, INSTALADO EM DRENO DE AR-CONDICIONADO - FORNECIMENTO E INSTALAÇÃO. AF_08/2022"},89866,"SINAPI",{"$f":"IF(G1850=\"SINAPI\",VLOOKUP($F1850,DADOS_SINAPI,3,0),IF(G1850=\"SETOP\",VLOOKUP($F1850,DADOS_SETOP,3,0),IF(G1850=\"CPU\",VLOOKUP($F1850,DADOS_COMPOSICAO,10,0),IF(G1850=\"SICRO\",VLOOKUP($F1850,DADOS_SICRO,3,0),IF(G1850=\"SUDECAP\",VLOOKUP(F1850,DADOS_SUDECAP,3,0),IF(G1850=\"COTAÇÃO\",VLOOKUP($F1850,DADOS_COTACAO,9,0),\"\"))))))","v":"UN"},{"$f":"F1852","v":41},{"$f":"TRUNC(IF(G1850=\"SINAPI\",VLOOKUP($F1850,DADOS_SINAPI,4,0),IF(G1850=\"SETOP\",VLOOKUP($F1850,DADOS_SETOP,4,0),IF(G1850=\"CPU\",VLOOKUP($F1850,DADOS_COMPOSICAO,13,0),IF(G1850=\"SICRO\",VLOOKUP($F1850,DADOS_SICRO,4,0),IF(G1850=\"SUDECAP\",VLOOKUP(F1850,DADOS_SUDECAP,4,0),IF(G1850=\"COTAÇÃO\",VLOOKUP(F1850,DADOS_COTACAO,12,0),\"\")))))),2)","v":6.63},"BDI 1",{"$f":"TRUNC(J1850*(1+$N$17),2)","v":8.3800000000000008},{"$f":"IFERROR(TRUNC(I1850*J1850,2),\"\")","v":271.83},{"$f":"L1850*I1850","v":343.58000000000004}]
[2000]
[2000,null,null,null,"Quantidade",41,"un "]
[2000]
[{"$f":"IFERROR(LEFT(D1854,SEARCH(\".\",D1854)-1),\"\")","v":"18"},{"$f":"IFERROR(LEFT(RIGHT(D1854,LEN(D1854)-SEARCH(\".\",D1854)),SEARCH(\".\",RIGHT(D1854,LEN(D1854)-SEARCH(\".\",D1854)))-1),\"\")","v":"2"},{"$f":"IFERROR(IF(LEN(D1854)-LEN(SUBSTITUTE(D1854,\".\",\"\"))<>3,\"\",MID(D1854,SEARCH(\".\",D1854,SEARCH(\".\",D1854)+1)+1,LEN(D1854)-SEARCH(\".\",D1854,SEARCH(\".\",D1854)+1)-(LEN(D1854)-(SEARCH(\".\",D1854,SEARCH(\".\",D1854,SEARCH(\".\",D1854)+1)+1)-1)))),\"\")","v":""},"18.2.3",{"$f":"IF($G1854=\"SINAPI\",VLOOKUP($F1854,DADOS_SINAPI,2,0),IF(G1854=\"SETOP\",VLOOKUP($F1854,DADOS_SETOP,2,0),IF(G1854=\"CPU\",VLOOKUP($F1854,DADOS_COMPOSICAO,2,0),IF(G1854=\"SICRO\",VLOOKUP($F1854,DADOS_SICRO,2,0),IF(G1854=\"SUDECAP\",VLOOKUP(F1854,DADOS_SUDECAP,2,0),IF(G1854=\"COTAÇÃO\",VLOOKUP($F1854,DADOS_COTACAO,2,0),\"\"))))))","v":"TUBO, PVC, SOLDÁVEL, DE 25MM, INSTALADO EM DRENO DE AR-CONDICIONADO - FORNECIMENTO E INSTALAÇÃO. AF_08/2022"},89865,"SINAPI",{"$f":"IF(G1854=\"SINAPI\",VLOOKUP($F1854,DADOS_SINAPI,3,0),IF(G1854=\"SETOP\",VLOOKUP($F1854,DADOS_SETOP,3,0),IF(G1854=\"CPU\",VLOOKUP($F1854,DADOS_COMPOSICAO,10,0),IF(G1854=\"SICRO\",VLOOKUP($F1854,DADOS_SICRO,3,0),IF(G1854=\"SUDECAP\",VLOOKUP(F1854,DADOS_SUDECAP,3,0),IF(G1854=\"COTAÇÃO\",VLOOKUP($F1854,DADOS_COTACAO,9,0),\"\"))))))","v":"M"},{"$f":"F1856","v":119},{"$f":"TRUNC(IF(G1854=\"SINAPI\",VLOOKUP($F1854,DADOS_SINAPI,4,0),IF(G1854=\"SETOP\",VLOOKUP($F1854,DADOS_SETOP,4,0),IF(G1854=\"CPU\",VLOOKUP($F1854,DADOS_COMPOSICAO,13,0),IF(G1854=\"SICRO\",VLOOKUP($F1854,DADOS_SICRO,4,0),IF(G1854=\"SUDECAP\",VLOOKUP(F1854,DADOS_SUDECAP,4,0),IF(G1854=\"COTAÇÃO\",VLOOKUP(F1854,DADOS_COTACAO,12,0),\"\")))))),2)","v":15.71},"BDI 1",{"$f":"TRUNC(J1854*(1+$N$17),2)","v":19.87},{"$f":"IFERROR(TRUNC(I1854*J1854,2),\"\")","v":1869.49},2364.5300000000002]
[2000]
[2000,null,null,null,"Comprimento",119,"m"]
[2000]
[{"$f":"IFERROR(LEFT(D1858,SEARCH(\".\",D1858)-1),\"\")","v":"18"},{"$f":"IFERROR(LEFT(RIGHT(D1858,LEN(D1858)-SEARCH(\".\",D1858)),SEARCH(\".\",RIGHT(D1858,LEN(D1858)-SEARCH(\".\",D1858)))-1),\"\")","v":"2"},{"$f":"IFERROR(IF(LEN(D1858)-LEN(SUBSTITUTE(D1858,\".\",\"\"))<>3,\"\",MID(D1858,SEARCH(\".\",D1858,SEARCH(\".\",D1858)+1)+1,LEN(D1858)-SEARCH(\".\",D1858,SEARCH(\".\",D1858)+1)-(LEN(D1858)-(SEARCH(\".\",D1858,SEARCH(\".\",D1858,SEARCH(\".\",D1858)+1)+1)-1)))),\"\")","v":""},"18.2.4",{"$f":"IF($G1858=\"SINAPI\",VLOOKUP($F1858,DADOS_SINAPI,2,0),IF(G1858=\"SETOP\",VLOOKUP($F1858,DADOS_SETOP,2,0),IF(G1858=\"CPU\",VLOOKUP($F1858,DADOS_COMPOSICAO,2,0),IF(G1858=\"SICRO\",VLOOKUP($F1858,DADOS_SICRO,2,0),IF(G1858=\"SUDECAP\",VLOOKUP(F1858,DADOS_SUDECAP,2,0),IF(G1858=\"COTAÇÃO\",VLOOKUP($F1858,DADOS_COTACAO,2,0),\"\"))))))","v":"TE, PVC, SOLDÁVEL, DN 25MM, INSTALADO EM DRENO DE AR-CONDICIONADO - FORNECIMENTO E INSTALAÇÃO. AF_08/2022"},89869,"SINAPI",{"$f":"IF(G1858=\"SINAPI\",VLOOKUP($F1858,DADOS_SINAPI,3,0),IF(G1858=\"SETOP\",VLOOKUP($F1858,DADOS_SETOP,3,0),IF(G1858=\"CPU\",VLOOKUP($F1858,DADOS_COMPOSICAO,10,0),IF(G1858=\"SICRO\",VLOOKUP($F1858,DADOS_SICRO,3,0),IF(G1858=\"SUDECAP\",VLOOKUP(F1858,DADOS_SUDECAP,3,0),IF(G1858=\"COTAÇÃO\",VLOOKUP($F1858,DADOS_COTACAO,9,0),\"\"))))))","v":"UN"},{"$f":"F1860","v":8},{"$f":"TRUNC(IF(G1858=\"SINAPI\",VLOOKUP($F1858,DADOS_SINAPI,4,0),IF(G1858=\"SETOP\",VLOOKUP($F1858,DADOS_SETOP,4,0),IF(G1858=\"CPU\",VLOOKUP($F1858,DADOS_COMPOSICAO,13,0),IF(G1858=\"SICRO\",VLOOKUP($F1858,DADOS_SICRO,4,0),IF(G1858=\"SUDECAP\",VLOOKUP(F1858,DADOS_SUDECAP,4,0),IF(G1858=\"COTAÇÃO\",VLOOKUP(F1858,DADOS_COTACAO,12,0),\"\")))))),2)","v":9.24},"BDI 1",{"$f":"TRUNC(J1858*(1+$N$17),2)","v":11.69},{"$f":"IFERROR(TRUNC(I1858*J1858,2),\"\")","v":73.92},93.52]
[2000]
[2000,null,null,null,"Quantidade",8,"un "]
[2000]
[null,null,null,"18.3","SEGMENTOS DE DUTO",null,null,null,null,null,null,null,{"$f":"IFERROR(SUMIFS(M:M,A:A,LEFT(D1862,SEARCH(\".\",D1862)-1),B:B,RIGHT(D1862,LEN(D1862)-SEARCH(\".\",D1862))),\"\")","v":7177.1900000000005},{"$f":"IFERROR(SUMIFS(N:N,A:A,LEFT(D1862,SEARCH(\".\",D1862)-1),B:B,RIGHT(D1862,LEN(D1862)-SEARCH(\".\",D1862))),\"\")","v":9079.4100000000017}]
[{"$f":"IFERROR(LEFT(D1863,SEARCH(\".\",D1863)-1),\"\")","v":"18"},{"$f":"IFERROR(LEFT(RIGHT(D1863,LEN(D1863)-SEARCH(\".\",D1863)),SEARCH(\".\",RIGHT(D1863,LEN(D1863)-SEARCH(\".\",D1863)))-1),\"\")","v":"3"},{"$f":"IFERROR(IF(LEN(D1863)-LEN(SUBSTITUTE(D1863,\".\",\"\"))<>3,\"\",MID(D1863,SEARCH(\".\",D1863,SEARCH(\".\",D1863)+1)+1,LEN(D1863)-SEARCH(\".\",D1863,SEARCH(\".\",D1863)+1)-(LEN(D1863)-(SEARCH(\".\",D1863,SEARCH(\".\",D1863,SEARCH(\".\",D1863)+1)+1)-1)))),\"\")","v":""},"18.3.1",{"$f":"IF($G1863=\"SINAPI\",VLOOKUP($F1863,DADOS_SINAPI,2,0),IF(G1863=\"SETOP\",VLOOKUP($F1863,DADOS_SETOP,2,0),IF(G1863=\"CPU\",VLOOKUP($F1863,DADOS_COMPOSICAO,2,0),IF(G1863=\"SICRO\",VLOOKUP($F1863,DADOS_SICRO,2,0),IF(G1863=\"SUDECAP\",VLOOKUP(F1863,DADOS_SUDECAP,2,0),IF(G1863=\"COTAÇÃO\",VLOOKUP($F1863,DADOS_COTACAO,2,0),\"\"))))))","v":"CABO PP TETRAPOLAR, 4X2,5MM², 1KV"},"COT-CLI-001","COTAÇÃO",{"$f":"IF(G1863=\"SINAPI\",VLOOKUP($F1863,DADOS_SINAPI,3,0),IF(G1863=\"SETOP\",VLOOKUP($F1863,DADOS_SETOP,3,0),IF(G1863=\"CPU\",VLOOKUP($F1863,DADOS_COMPOSICAO,10,0),IF(G1863=\"SICRO\",VLOOKUP($F1863,DADOS_SICRO,3,0),IF(G1863=\"SUDECAP\",VLOOKUP(F1863,DADOS_SUDECAP,3,0),IF(G1863=\"COTAÇÃO\",VLOOKUP($F1863,DADOS_COTACAO,9,0),\"\"))))))","v":"M"},{"$f":"F1865","v":57.6},{"$f":"TRUNC(IF(G1863=\"SINAPI\",VLOOKUP($F1863,DADOS_SINAPI,4,0),IF(G1863=\"SETOP\",VLOOKUP($F1863,DADOS_SETOP,4,0),IF(G1863=\"CPU\",VLOOKUP($F1863,DADOS_COMPOSICAO,13,0),IF(G1863=\"SICRO\",VLOOKUP($F1863,DADOS_SICRO,4,0),IF(G1863=\"SUDECAP\",VLOOKUP(F1863,DADOS_SUDECAP,4,0),IF(G1863=\"COTAÇÃO\",VLOOKUP(F1863,DADOS_COTACAO,12,0),\"\")))))),2)","v":30.49},"BDI 1",{"$f":"TRUNC(J1863*(1+$N$17),2)","v":38.57},{"$f":"IFERROR(TRUNC(I1863*J1863,2),\"\")","v":1756.22},2221.63]
[2000]
[2000,null,null,null,"Quantidade",57.6,"m"]
[2000]
[{"$f":"IFERROR(LEFT(D1867,SEARCH(\".\",D1867)-1),\"\")","v":"18"},{"$f":"IFERROR(LEFT(RIGHT(D1867,LEN(D1867)-SEARCH(\".\",D1867)),SEARCH(\".\",RIGHT(D1867,LEN(D1867)-SEARCH(\".\",D1867)))-1),\"\")","v":"3"},{"$f":"IFERROR(IF(LEN(D1867)-LEN(SUBSTITUTE(D1867,\".\",\"\"))<>3,\"\",MID(D1867,SEARCH(\".\",D1867,SEARCH(\".\",D1867)+1)+1,LEN(D1867)-SEARCH(\".\",D1867,SEARCH(\".\",D1867)+1)-(LEN(D1867)-(SEARCH(\".\",D1867,SEARCH(\".\",D1867,SEARCH(\".\",D1867)+1)+1)-1)))),\"\")","v":""},"18.3.2",{"$f":"IF($G1867=\"SINAPI\",VLOOKUP($F1867,DADOS_SINAPI,2,0),IF(G1867=\"SETOP\",VLOOKUP($F1867,DADOS_SETOP,2,0),IF(G1867=\"CPU\",VLOOKUP($F1867,DADOS_COMPOSICAO,2,0),IF(G1867=\"SICRO\",VLOOKUP($F1867,DADOS_SICRO,2,0),IF(G1867=\"SUDECAP\",VLOOKUP(F1867,DADOS_SUDECAP,2,0),IF(G1867=\"COTAÇÃO\",VLOOKUP($F1867,DADOS_COTACAO,2,0),\"\"))))))","v":"INSTALAÇÃO DE CABOS PP "},"CLI-001","CPU",{"$f":"IF(G1867=\"SINAPI\",VLOOKUP($F1867,DADOS_SINAPI,3,0),IF(G1867=\"SETOP\",VLOOKUP($F1867,DADOS_SETOP,3,0),IF(G1867=\"CPU\",VLOOKUP($F1867,DADOS_COMPOSICAO,10,0),IF(G1867=\"SICRO\",VLOOKUP($F1867,DADOS_SICRO,3,0),IF(G1867=\"SUDECAP\",VLOOKUP(F1867,DADOS_SUDECAP,3,0),IF(G1867=\"COTAÇÃO\",VLOOKUP($F1867,DADOS_COTACAO,9,0),\"\"))))))","v":"UN "},{"$f":"F1869","v":57.6},{"$f":"TRUNC(IF(G1867=\"SINAPI\",VLOOKUP($F1867,DADOS_SINAPI,4,0),IF(G1867=\"SETOP\",VLOOKUP($F1867,DADOS_SETOP,4,0),IF(G1867=\"CPU\",VLOOKUP($F1867,DADOS_COMPOSICAO,13,0),IF(G1867=\"SICRO\",VLOOKUP($F1867,DADOS_SICRO,4,0),IF(G1867=\"SUDECAP\",VLOOKUP(F1867,DADOS_SUDECAP,4,0),IF(G1867=\"COTAÇÃO\",VLOOKUP(F1867,DADOS_COTACAO,12,0),\"\")))))),2)","v":9.34},"BDI 1",{"$f":"TRUNC(J1867*(1+$N$17),2)","v":11.81},{"$f":"IFERROR(TRUNC(I1867*J1867,2),\"\")","v":537.98},680.26]
[2000]
[2000,null,null,null,"Quantidade",57.6,"m"]
[2000]
[{"$f":"IFERROR(LEFT(D1871,SEARCH(\".\",D1871)-1),\"\")","v":"18"},{"$f":"IFERROR(LEFT(RIGHT(D1871,LEN(D1871)-SEARCH(\".\",D1871)),SEARCH(\".\",RIGHT(D1871,LEN(D1871)-SEARCH(\".\",D1871)))-1),\"\")","v":"3"},{"$f":"IFERROR(IF(LEN(D1871)-LEN(SUBSTITUTE(D1871,\".\",\"\"))<>3,\"\",MID(D1871,SEARCH(\".\",D1871,SEARCH(\".\",D1871)+1)+1,LEN(D1871)-SEARCH(\".\",D1871,SEARCH(\".\",D1871)+1)-(LEN(D1871)-(SEARCH(\".\",D1871,SEARCH(\".\",D1871,SEARCH(\".\",D1871)+1)+1)-1)))),\"\")","v":""},"18.3.3",{"$f":"IF($G1871=\"SINAPI\",VLOOKUP($F1871,DADOS_SINAPI,2,0),IF(G1871=\"SETOP\",VLOOKUP($F1871,DADOS_SETOP,2,0),IF(G1871=\"CPU\",VLOOKUP($F1871,DADOS_COMPOSICAO,2,0),IF(G1871=\"SICRO\",VLOOKUP($F1871,DADOS_SICRO,2,0),IF(G1871=\"SUDECAP\",VLOOKUP(F1871,DADOS_SUDECAP,2,0),IF(G1871=\"COTAÇÃO\",VLOOKUP($F1871,DADOS_COTACAO,2,0),\"\"))))))","v":"TUBO EM COBRE FLEXÍVEL, DN 1/2\", COM ISOLAMENTO, INSTALADO EM RAMAL DE ALIMENTAÇÃO DE AR CONDICIONADO COM CONDENSADORA INDIVIDUAL - FORNECIMENTO E INSTALAÇÃO. AF_12/2015"},97329,"SINAPI",{"$f":"IF(G1871=\"SINAPI\",VLOOKUP($F1871,DADOS_SINAPI,3,0),IF(G1871=\"SETOP\",VLOOKUP($F1871,DADOS_SETOP,3,0),IF(G1871=\"CPU\",VLOOKUP($F1871,DADOS_COMPOSICAO,10,0),IF(G1871=\"SICRO\",VLOOKUP($F1871,DADOS_SICRO,3,0),IF(G1871=\"SUDECAP\",VLOOKUP(F1871,DADOS_SUDECAP,3,0),IF(G1871=\"COTAÇÃO\",VLOOKUP($F1871,DADOS_COTACAO,9,0),\"\"))))))","v":"M"},{"$f":"F1873","v":16.899999999999999},{"$f":"TRUNC(IF(G1871=\"SINAPI\",VLOOKUP($F1871,DADOS_SINAPI,4,0),IF(G1871=\"SETOP\",VLOOKUP($F1871,DADOS_SETOP,4,0),IF(G1871=\"CPU\",VLOOKUP($F1871,DADOS_COMPOSICAO,13,0),IF(G1871=\"SICRO\",VLOOKUP($F1871,DADOS_SICRO,4,0),IF(G1871=\"SUDECAP\",VLOOKUP(F1871,DADOS_SUDECAP,4,0),IF(G1871=\"COTAÇÃO\",VLOOKUP(F1871,DADOS_COTACAO,12,0),\"\")))))),2)","v":58.6},"BDI 1",{"$f":"TRUNC(J1871*(1+$N$17),2)","v":74.14},{"$f":"IFERROR(TRUNC(I1871*J1871,2),\"\")","v":990.34},1252.97]
[2000]
[2000,null,null,null,"Comprimento",16.899999999999999,"m"]
[2000]
["18","3","","18.3.4","TUBO EM COBRE FLEXÍVEL, DN 1/4\", COM ISOLAMENTO, INSTALADO EM RAMAL DE ALIMENTAÇÃO DE AR CONDICIONADO COM CONDENSADORA INDIVIDUAL   FORNECIMENTO E INSTALAÇÃO. AF_12/2015",97327,"SINAPI","M",{"$f":"F1877","v":47.9},27.4,"BDI 1",34.659999999999997,1312.46,1660.21]
[2000]
[2000,null,null,null,"Comprimento",47.9,"m"]
[2000]
[{"$f":"IFERROR(LEFT(D1879,SEARCH(\".\",D1879)-1),\"\")","v":"18"},{"$f":"IFERROR(LEFT(RIGHT(D1879,LEN(D1879)-SEARCH(\".\",D1879)),SEARCH(\".\",RIGHT(D1879,LEN(D1879)-SEARCH(\".\",D1879)))-1),\"\")","v":"3"},{"$f":"IFERROR(IF(LEN(D1879)-LEN(SUBSTITUTE(D1879,\".\",\"\"))<>3,\"\",MID(D1879,SEARCH(\".\",D1879,SEARCH(\".\",D1879)+1)+1,LEN(D1879)-SEARCH(\".\",D1879,SEARCH(\".\",D1879)+1)-(LEN(D1879)-(SEARCH(\".\",D1879,SEARCH(\".\",D1879,SEARCH(\".\",D1879)+1)+1)-1)))),\"\")","v":""},"18.3.5",{"$f":"IF($G1879=\"SINAPI\",VLOOKUP($F1879,DADOS_SINAPI,2,0),IF(G1879=\"SETOP\",VLOOKUP($F1879,DADOS_SETOP,2,0),IF(G1879=\"CPU\",VLOOKUP($F1879,DADOS_COMPOSICAO,2,0),IF(G1879=\"SICRO\",VLOOKUP($F1879,DADOS_SICRO,2,0),IF(G1879=\"SUDECAP\",VLOOKUP(F1879,DADOS_SUDECAP,2,0),IF(G1879=\"COTAÇÃO\",VLOOKUP($F1879,DADOS_COTACAO,2,0),\"\"))))))","v":"TUBO EM COBRE FLEXÍVEL, DN 3/8\", COM ISOLAMENTO, INSTALADO EM RAMAL DE ALIMENTAÇÃO DE AR CONDICIONADO COM CONDENSADORA INDIVIDUAL - FORNECIMENTO E INSTALAÇÃO. AF_12/2015"},97328,"SINAPI",{"$f":"IF(G1879=\"SINAPI\",VLOOKUP($F1879,DADOS_SINAPI,3,0),IF(G1879=\"SETOP\",VLOOKUP($F1879,DADOS_SETOP,3,0),IF(G1879=\"CPU\",VLOOKUP($F1879,DADOS_COMPOSICAO,10,0),IF(G1879=\"SICRO\",VLOOKUP($F1879,DADOS_SICRO,3,0),IF(G1879=\"SUDECAP\",VLOOKUP(F1879,DADOS_SUDECAP,3,0),IF(G1879=\"COTAÇÃO\",VLOOKUP($F1879,DADOS_COTACAO,9,0),\"\"))))))","v":"M"},{"$f":"F1881","v":40.700000000000003},{"$f":"TRUNC(IF(G1879=\"SINAPI\",VLOOKUP($F1879,DADOS_SINAPI,4,0),IF(G1879=\"SETOP\",VLOOKUP($F1879,DADOS_SETOP,4,0),IF(G1879=\"CPU\",VLOOKUP($F1879,DADOS_COMPOSICAO,13,0),IF(G1879=\"SICRO\",VLOOKUP($F1879,DADOS_SICRO,4,0),IF(G1879=\"SUDECAP\",VLOOKUP(F1879,DADOS_SUDECAP,4,0),IF(G1879=\"COTAÇÃO\",VLOOKUP(F1879,DADOS_COTACAO,12,0),\"\")))))),2)","v":46.2},"BDI 1",{"$f":"TRUNC(J1879*(1+$N$17),2)","v":58.45},{"$f":"IFERROR(TRUNC(I1879*J1879,2),\"\")","v":1880.34},2378.92]
[2000]
[2000,null,null,null,"Comprimento",40.700000000000003,"m"]
[2000]
[{"$f":"IFERROR(LEFT(D1883,SEARCH(\".\",D1883)-1),\"\")","v":"18"},{"$f":"IFERROR(LEFT(RIGHT(D1883,LEN(D1883)-SEARCH(\".\",D1883)),SEARCH(\".\",RIGHT(D1883,LEN(D1883)-SEARCH(\".\",D1883)))-1),\"\")","v":"3"},{"$f":"IFERROR(IF(LEN(D1883)-LEN(SUBSTITUTE(D1883,\".\",\"\"))<>3,\"\",MID(D1883,SEARCH(\".\",D1883,SEARCH(\".\",D1883)+1)+1,LEN(D1883)-SEARCH(\".\",D1883,SEARCH(\".\",D1883)+1)-(LEN(D1883)-(SEARCH(\".\",D1883,SEARCH(\".\",D1883,SEARCH(\".\",D1883)+1)+1)-1)))),\"\")","v":""},"18.3.6",{"$f":"IF($G1883=\"SINAPI\",VLOOKUP($F1883,DADOS_SINAPI,2,0),IF(G1883=\"SETOP\",VLOOKUP($F1883,DADOS_SETOP,2,0),IF(G1883=\"CPU\",VLOOKUP($F1883,DADOS_COMPOSICAO,2,0),IF(G1883=\"SICRO\",VLOOKUP($F1883,DADOS_SICRO,2,0),IF(G1883=\"SUDECAP\",VLOOKUP(F1883,DADOS_SUDECAP,2,0),IF(G1883=\"COTAÇÃO\",VLOOKUP($F1883,DADOS_COTACAO,2,0),\"\"))))))","v":"TUBO EM COBRE FLEXÍVEL, DN 5/8\", COM ISOLAMENTO, INSTALADO EM RAMAL DE ALIMENTAÇÃO DE AR CONDICIONADO COM CONDENSADORA CENTRAL   FORNECIMENTO E INSTALAÇÃO. AF_12/2015"},97334,"SINAPI",{"$f":"IF(G1883=\"SINAPI\",VLOOKUP($F1883,DADOS_SINAPI,3,0),IF(G1883=\"SETOP\",VLOOKUP($F1883,DADOS_SETOP,3,0),IF(G1883=\"CPU\",VLOOKUP($F1883,DADOS_COMPOSICAO,10,0),IF(G1883=\"SICRO\",VLOOKUP($F1883,DADOS_SICRO,3,0),IF(G1883=\"SUDECAP\",VLOOKUP(F1883,DADOS_SUDECAP,3,0),IF(G1883=\"COTAÇÃO\",VLOOKUP($F1883,DADOS_COTACAO,9,0),\"\"))))))","v":"M"},{"$f":"F1885","v":9.6999999999999993},{"$f":"TRUNC(IF(G1883=\"SINAPI\",VLOOKUP($F1883,DADOS_SINAPI,4,0),IF(G1883=\"SETOP\",VLOOKUP($F1883,DADOS_SETOP,4,0),IF(G1883=\"CPU\",VLOOKUP($F1883,DADOS_COMPOSICAO,13,0),IF(G1883=\"SICRO\",VLOOKUP($F1883,DADOS_SICRO,4,0),IF(G1883=\"SUDECAP\",VLOOKUP(F1883,DADOS_SUDECAP,4,0),IF(G1883=\"COTAÇÃO\",VLOOKUP(F1883,DADOS_COTACAO,12,0),\"\")))))),2)","v":72.150000000000006},"BDI 1",{"$f":"TRUNC(J1883*(1+$N$17),2)","v":91.28},{"$f":"IFERROR(TRUNC(I1883*J1883,2),\"\")","v":699.85},885.42]
[2000]
[2000,null,null,null,"Comprimento",9.6999999999999993,"m"]
[2000]
[null,null,null,"18.4","RASGOS E CHUMBAMENTOS",null,null,null,null,null,null,null,{"$f":"IFERROR(SUMIFS(M:M,A:A,LEFT(D1887,SEARCH(\".\",D1887)-1),B:B,RIGHT(D1887,LEN(D1887)-SEARCH(\".\",D1887))),\"\")","v":2537.46},{"$f":"IFERROR(SUMIFS(N:N,A:A,LEFT(D1887,SEARCH(\".\",D1887)-1),B:B,RIGHT(D1887,LEN(D1887)-SEARCH(\".\",D1887))),\"\")","v":3209.46}]
[{"$f":"IFERROR(LEFT(D1888,SEARCH(\".\",D1888)-1),\"\")","v":"18"},{"$f":"IFERROR(LEFT(RIGHT(D1888,LEN(D1888)-SEARCH(\".\",D1888)),SEARCH(\".\",RIGHT(D1888,LEN(D1888)-SEARCH(\".\",D1888)))-1),\"\")","v":"4"},{"$f":"IFERROR(IF(LEN(D1888)-LEN(SUBSTITUTE(D1888,\".\",\"\"))<>3,\"\",MID(D1888,SEARCH(\".\",D1888,SEARCH(\".\",D1888)+1)+1,LEN(D1888)-SEARCH(\".\",D1888,SEARCH(\".\",D1888)+1)-(LEN(D1888)-(SEARCH(\".\",D1888,SEARCH(\".\",D1888,SEARCH(\".\",D1888)+1)+1)-1)))),\"\")","v":""},"18.4.1",{"$f":"IF($G1888=\"SINAPI\",VLOOKUP($F1888,DADOS_SINAPI,2,0),IF(G1888=\"SETOP\",VLOOKUP($F1888,DADOS_SETOP,2,0),IF(G1888=\"CPU\",VLOOKUP($F1888,DADOS_COMPOSICAO,2,0),IF(G1888=\"SICRO\",VLOOKUP($F1888,DADOS_SICRO,2,0),IF(G1888=\"SUDECAP\",VLOOKUP(F1888,DADOS_SUDECAP,2,0),IF(G1888=\"COTAÇÃO\",VLOOKUP($F1888,DADOS_COTACAO,2,0),\"\"))))))","v":"RASGO LINEAR MANUAL EM ALVENARIA, PARA RAMAIS/ DISTRIBUIÇÃO DE INSTALAÇÕES HIDRÁULICAS, DIÂMETROS MENORES OU IGUAIS A 40 MM. AF_09/2023"},90443,"SINAPI",{"$f":"IF(G1888=\"SINAPI\",VLOOKUP($F1888,DADOS_SINAPI,3,0),IF(G1888=\"SETOP\",VLOOKUP($F1888,DADOS_SETOP,3,0),IF(G1888=\"CPU\",VLOOKUP($F1888,DADOS_COMPOSICAO,10,0),IF(G1888=\"SICRO\",VLOOKUP($F1888,DADOS_SICRO,3,0),IF(G1888=\"SUDECAP\",VLOOKUP(F1888,DADOS_SUDECAP,3,0),IF(G1888=\"COTAÇÃO\",VLOOKUP($F1888,DADOS_COTACAO,9,0),\"\"))))))","v":"M"},{"$f":"F1890","v":120.43},{"$f":"TRUNC(IF(G1888=\"SINAPI\",VLOOKUP($F1888,DADOS_SINAPI,4,0),IF(G1888=\"SETOP\",VLOOKUP($F1888,DADOS_SETOP,4,0),IF(G1888=\"CPU\",VLOOKUP($F1888,DADOS_COMPOSICAO,13,0),IF(G1888=\"SICRO\",VLOOKUP($F1888,DADOS_SICRO,4,0),IF(G1888=\"SUDECAP\",VLOOKUP(F1888,DADOS_SUDECAP,4,0),IF(G1888=\"COTAÇÃO\",VLOOKUP(F1888,DADOS_COTACAO,12,0),\"\")))))),2)","v":7.07},"BDI 1",{"$f":"TRUNC(J1888*(1+$N$17),2)","v":8.94},{"$f":"IFERROR(TRUNC(I1888*J1888,2),\"\")","v":851.44},1076.6400000000001]
[2000]
[2000,null,null,null,"Quantidade",120.43,"m"]
[2000]
[{"$f":"IFERROR(LEFT(D1892,SEARCH(\".\",D1892)-1),\"\")","v":"18"},{"$f":"IFERROR(LEFT(RIGHT(D1892,LEN(D1892)-SEARCH(\".\",D1892)),SEARCH(\".\",RIGHT(D1892,LEN(D1892)-SEARCH(\".\",D1892)))-1),\"\")","v":"4"},{"$f":"IFERROR(IF(LEN(D1892)-LEN(SUBSTITUTE(D1892,\".\",\"\"))<>3,\"\",MID(D1892,SEARCH(\".\",D1892,SEARCH(\".\",D1892)+1)+1,LEN(D1892)-SEARCH(\".\",D1892,SEARCH(\".\",D1892)+1)-(LEN(D1892)-(SEARCH(\".\",D1892,SEARCH(\".\",D1892,SEARCH(\".\",D1892)+1)+1)-1)))),\"\")","v":""},"18.4.2",{"$f":"IF($G1892=\"SINAPI\",VLOOKUP($F1892,DADOS_SINAPI,2,0),IF(G1892=\"SETOP\",VLOOKUP($F1892,DADOS_SETOP,2,0),IF(G1892=\"CPU\",VLOOKUP($F1892,DADOS_COMPOSICAO,2,0),IF(G1892=\"SICRO\",VLOOKUP($F1892,DADOS_SICRO,2,0),IF(G1892=\"SUDECAP\",VLOOKUP(F1892,DADOS_SUDECAP,2,0),IF(G1892=\"COTAÇÃO\",VLOOKUP($F1892,DADOS_COTACAO,2,0),\"\"))))))","v":"CHUMBAMENTO LINEAR EM ALVENARIA PARA RAMAIS/DISTRIBUIÇÃO DE INSTALAÇÕES HIDRÁULICAS COM DIÂMETROS MENORES OU IGUAIS A 40 MM. AF_09/2023"},90466,"SINAPI",{"$f":"IF(G1892=\"SINAPI\",VLOOKUP($F1892,DADOS_SINAPI,3,0),IF(G1892=\"SETOP\",VLOOKUP($F1892,DADOS_SETOP,3,0),IF(G1892=\"CPU\",VLOOKUP($F1892,DADOS_COMPOSICAO,10,0),IF(G1892=\"SICRO\",VLOOKUP($F1892,DADOS_SICRO,3,0),IF(G1892=\"SUDECAP\",VLOOKUP(F1892,DADOS_SUDECAP,3,0),IF(G1892=\"COTAÇÃO\",VLOOKUP($F1892,DADOS_COTACAO,9,0),\"\"))))))","v":"M"},{"$f":"F1894","v":120.43},{"$f":"TRUNC(IF(G1892=\"SINAPI\",VLOOKUP($F1892,DADOS_SINAPI,4,0),IF(G1892=\"SETOP\",VLOOKUP($F1892,DADOS_SETOP,4,0),IF(G1892=\"CPU\",VLOOKUP($F1892,DADOS_COMPOSICAO,13,0),IF(G1892=\"SICRO\",VLOOKUP($F1892,DADOS_SICRO,4,0),IF(G1892=\"SUDECAP\",VLOOKUP(F1892,DADOS_SUDECAP,4,0),IF(G1892=\"COTAÇÃO\",VLOOKUP(F1892,DADOS_COTACAO,12,0),\"\")))))),2)","v":14},"BDI 1",{"$f":"TRUNC(J1892*(1+$N$17),2)","v":17.71},{"$f":"IFERROR(TRUNC(I1892*J1892,2),\"\")","v":1686.02},2132.8200000000002]
[2000]
[2000,null,null,null,"Quantidade",{"$f":"F1890","v":120.43},"m"]
[2000]
[1000,null,null,19,"EXAUSTÃO",null,null,null,null,null,null,null,{"$f":"SUMIF(A:A,D1896,M:M)","v":664.96},{"$f":"SUMIF(A:A,D1896,N:N)","v":841.27}]
[null,null,null,"19.1","CONDUTOS",null,null,null,null,null,null,null,{"$f":"IFERROR(SUMIFS(M:M,A:A,LEFT(D1897,SEARCH(\".\",D1897)-1),B:B,RIGHT(D1897,LEN(D1897)-SEARCH(\".\",D1897))),\"\")","v":200.95},{"$f":"IFERROR(SUMIFS(N:N,A:A,LEFT(D1897,SEARCH(\".\",D1897)-1),B:B,RIGHT(D1897,LEN(D1897)-SEARCH(\".\",D1897))),\"\")","v":254.22}]
[{"$f":"IFERROR(LEFT(D1898,SEARCH(\".\",D1898)-1),\"\")","v":"19"},{"$f":"IFERROR(LEFT(RIGHT(D1898,LEN(D1898)-SEARCH(\".\",D1898)),SEARCH(\".\",RIGHT(D1898,LEN(D1898)-SEARCH(\".\",D1898)))-1),\"\")","v":"1"},{"$f":"IFERROR(IF(LEN(D1898)-LEN(SUBSTITUTE(D1898,\".\",\"\"))<>3,\"\",MID(D1898,SEARCH(\".\",D1898,SEARCH(\".\",D1898)+1)+1,LEN(D1898)-SEARCH(\".\",D1898,SEARCH(\".\",D1898)+1)-(LEN(D1898)-(SEARCH(\".\",D1898,SEARCH(\".\",D1898,SEARCH(\".\",D1898)+1)+1)-1)))),\"\")","v":""},"19.1.1",{"$f":"IF($G1898=\"SINAPI\",VLOOKUP($F1898,DADOS_SINAPI,2,0),IF(G1898=\"SETOP\",VLOOKUP($F1898,DADOS_SETOP,2,0),IF(G1898=\"CPU\",VLOOKUP($F1898,DADOS_COMPOSICAO,2,0),IF(G1898=\"SICRO\",VLOOKUP($F1898,DADOS_SICRO,2,0),IF(G1898=\"SUDECAP\",VLOOKUP(F1898,DADOS_SUDECAP,2,0),IF(G1898=\"COTAÇÃO\",VLOOKUP($F1898,DADOS_COTACAO,2,0),\"\"))))))","v":"LUVA SIMPLES, PVC, SÉRIE NORMAL, ESGOTO PREDIAL, DN 150 MM, JUNTA ELÁSTICA, FORNECIDO E INSTALADO EM SUBCOLETOR AÉREO DE ESGOTO SANITÁRIO. AF_08/2022"},95693,"SINAPI",{"$f":"IF(G1898=\"SINAPI\",VLOOKUP($F1898,DADOS_SINAPI,3,0),IF(G1898=\"SETOP\",VLOOKUP($F1898,DADOS_SETOP,3,0),IF(G1898=\"CPU\",VLOOKUP($F1898,DADOS_COMPOSICAO,10,0),IF(G1898=\"SICRO\",VLOOKUP($F1898,DADOS_SICRO,3,0),IF(G1898=\"SUDECAP\",VLOOKUP(F1898,DADOS_SUDECAP,3,0),IF(G1898=\"COTAÇÃO\",VLOOKUP($F1898,DADOS_COTACAO,9,0),\"\"))))))","v":"UN"},{"$f":"F1900","v":1},{"$f":"TRUNC(IF(G1898=\"SINAPI\",VLOOKUP($F1898,DADOS_SINAPI,4,0),IF(G1898=\"SETOP\",VLOOKUP($F1898,DADOS_SETOP,4,0),IF(G1898=\"CPU\",VLOOKUP($F1898,DADOS_COMPOSICAO,13,0),IF(G1898=\"SICRO\",VLOOKUP($F1898,DADOS_SICRO,4,0),IF(G1898=\"SUDECAP\",VLOOKUP(F1898,DADOS_SUDECAP,4,0),IF(G1898=\"COTAÇÃO\",VLOOKUP(F1898,DADOS_COTACAO,12,0),\"\")))))),2)","v":48.89},"BDI 1",{"$f":"TRUNC(J1898*(1+$N$17),2)","v":61.85},{"$f":"IFERROR(TRUNC(I1898*J1898,2),\"\")","v":48.89},{"$f":"L1898*I1898","v":61.85}]
[2000]
[2000,null,null,null,"Comprimento",1,"un "]
[2000]
[{"$f":"IFERROR(LEFT(D1902,SEARCH(\".\",D1902)-1),\"\")","v":"19"},{"$f":"IFERROR(LEFT(RIGHT(D1902,LEN(D1902)-SEARCH(\".\",D1902)),SEARCH(\".\",RIGHT(D1902,LEN(D1902)-SEARCH(\".\",D1902)))-1),\"\")","v":"1"},{"$f":"IFERROR(IF(LEN(D1902)-LEN(SUBSTITUTE(D1902,\".\",\"\"))<>3,\"\",MID(D1902,SEARCH(\".\",D1902,SEARCH(\".\",D1902)+1)+1,LEN(D1902)-SEARCH(\".\",D1902,SEARCH(\".\",D1902)+1)-(LEN(D1902)-(SEARCH(\".\",D1902,SEARCH(\".\",D1902,SEARCH(\".\",D1902)+1)+1)-1)))),\"\")","v":""},"19.1.2",{"$f":"IF($G1902=\"SINAPI\",VLOOKUP($F1902,DADOS_SINAPI,2,0),IF(G1902=\"SETOP\",VLOOKUP($F1902,DADOS_SETOP,2,0),IF(G1902=\"CPU\",VLOOKUP($F1902,DADOS_COMPOSICAO,2,0),IF(G1902=\"SICRO\",VLOOKUP($F1902,DADOS_SICRO,2,0),IF(G1902=\"SUDECAP\",VLOOKUP(F1902,DADOS_SUDECAP,2,0),IF(G1902=\"COTAÇÃO\",VLOOKUP($F1902,DADOS_COTACAO,2,0),\"\"))))))","v":"TUBO EM COBRE FLEXÍVEL, DN 5/8\", COM ISOLAMENTO, INSTALADO EM RAMAL DE ALIMENTAÇÃO DE AR CONDICIONADO COM CONDENSADORA CENTRAL   FORNECIMENTO E INSTALAÇÃO. AF_12/2015"},97334,"SINAPI",{"$f":"IF(G1902=\"SINAPI\",VLOOKUP($F1902,DADOS_SINAPI,3,0),IF(G1902=\"SETOP\",VLOOKUP($F1902,DADOS_SETOP,3,0),IF(G1902=\"CPU\",VLOOKUP($F1902,DADOS_COMPOSICAO,10,0),IF(G1902=\"SICRO\",VLOOKUP($F1902,DADOS_SICRO,3,0),IF(G1902=\"SUDECAP\",VLOOKUP(F1902,DADOS_SUDECAP,3,0),IF(G1902=\"COTAÇÃO\",VLOOKUP($F1902,DADOS_COTACAO,9,0),\"\"))))))","v":"M"},{"$f":"F1904","v":2},{"$f":"TRUNC(IF(G1902=\"SINAPI\",VLOOKUP($F1902,DADOS_SINAPI,4,0),IF(G1902=\"SETOP\",VLOOKUP($F1902,DADOS_SETOP,4,0),IF(G1902=\"CPU\",VLOOKUP($F1902,DADOS_COMPOSICAO,13,0),IF(G1902=\"SICRO\",VLOOKUP($F1902,DADOS_SICRO,4,0),IF(G1902=\"SUDECAP\",VLOOKUP(F1902,DADOS_SUDECAP,4,0),IF(G1902=\"COTAÇÃO\",VLOOKUP(F1902,DADOS_COTACAO,12,0),\"\")))))),2)","v":72.150000000000006},"BDI 1",{"$f":"TRUNC(J1902*(1+$N$17),2)","v":91.28},{"$f":"IFERROR(TRUNC(I1902*J1902,2),\"\")","v":144.30000000000001},{"$f":"L1902*I1902","v":182.56}]
[2000]
[2000,null,null,null,"Comprimento",2,"m"]
[2000]
[{"$f":"IFERROR(LEFT(D1906,SEARCH(\".\",D1906)-1),\"\")","v":"19"},{"$f":"IFERROR(LEFT(RIGHT(D1906,LEN(D1906)-SEARCH(\".\",D1906)),SEARCH(\".\",RIGHT(D1906,LEN(D1906)-SEARCH(\".\",D1906)))-1),\"\")","v":"1"},{"$f":"IFERROR(IF(LEN(D1906)-LEN(SUBSTITUTE(D1906,\".\",\"\"))<>3,\"\",MID(D1906,SEARCH(\".\",D1906,SEARCH(\".\",D1906)+1)+1,LEN(D1906)-SEARCH(\".\",D1906,SEARCH(\".\",D1906)+1)-(LEN(D1906)-(SEARCH(\".\",D1906,SEARCH(\".\",D1906,SEARCH(\".\",D1906)+1)+1)-1)))),\"\")","v":""},"19.1.3",{"$f":"IF($G1906=\"SINAPI\",VLOOKUP($F1906,DADOS_SINAPI,2,0),IF(G1906=\"SETOP\",VLOOKUP($F1906,DADOS_SETOP,2,0),IF(G1906=\"CPU\",VLOOKUP($F1906,DADOS_COMPOSICAO,2,0),IF(G1906=\"SICRO\",VLOOKUP($F1906,DADOS_SICRO,2,0),IF(G1906=\"SUDECAP\",VLOOKUP(F1906,DADOS_SUDECAP,2,0),IF(G1906=\"COTAÇÃO\",VLOOKUP($F1906,DADOS_COTACAO,2,0),\"\"))))))","v":"FURO MECANIZADO EM CONCRETO, COM PERFURATRIZ, PARA INSTALAÇÕES HIDRÁULICAS, DIÂMETROS MAIORES QUE 75 MM E MENORES OU IGUAIS A 150 MM. AF_09/2023"},104777,"SINAPI",{"$f":"IF(G1906=\"SINAPI\",VLOOKUP($F1906,DADOS_SINAPI,3,0),IF(G1906=\"SETOP\",VLOOKUP($F1906,DADOS_SETOP,3,0),IF(G1906=\"CPU\",VLOOKUP($F1906,DADOS_COMPOSICAO,10,0),IF(G1906=\"SICRO\",VLOOKUP($F1906,DADOS_SICRO,3,0),IF(G1906=\"SUDECAP\",VLOOKUP(F1906,DADOS_SUDECAP,3,0),IF(G1906=\"COTAÇÃO\",VLOOKUP($F1906,DADOS_COTACAO,9,0),\"\"))))))","v":"UN"},{"$f":"F1908","v":1},{"$f":"TRUNC(IF(G1906=\"SINAPI\",VLOOKUP($F1906,DADOS_SINAPI,4,0),IF(G1906=\"SETOP\",VLOOKUP($F1906,DADOS_SETOP,4,0),IF(G1906=\"CPU\",VLOOKUP($F1906,DADOS_COMPOSICAO,13,0),IF(G1906=\"SICRO\",VLOOKUP($F1906,DADOS_SICRO,4,0),IF(G1906=\"SUDECAP\",VLOOKUP(F1906,DADOS_SUDECAP,4,0),IF(G1906=\"COTAÇÃO\",VLOOKUP(F1906,DADOS_COTACAO,12,0),\"\")))))),2)","v":7.76},"BDI 1",{"$f":"TRUNC(J1906*(1+$N$17),2)","v":9.81},{"$f":"IFERROR(TRUNC(I1906*J1906,2),\"\")","v":7.76},9.81]
[2000]
[2000,null,null,null,"Quantidade",1,"un"]
[2000]
[null,null,null,"19.2","EQUIPAMENTOS",null,null,null,null,null,null,null,{"$f":"IFERROR(SUMIFS(M:M,A:A,LEFT(D1910,SEARCH(\".\",D1910)-1),B:B,RIGHT(D1910,LEN(D1910)-SEARCH(\".\",D1910))),\"\")","v":464.01},{"$f":"IFERROR(SUMIFS(N:N,A:A,LEFT(D1910,SEARCH(\".\",D1910)-1),B:B,RIGHT(D1910,LEN(D1910)-SEARCH(\".\",D1910))),\"\")","v":587.04999999999995}]
[{"$f":"IFERROR(LEFT(D1911,SEARCH(\".\",D1911)-1),\"\")","v":"19"},{"$f":"IFERROR(LEFT(RIGHT(D1911,LEN(D1911)-SEARCH(\".\",D1911)),SEARCH(\".\",RIGHT(D1911,LEN(D1911)-SEARCH(\".\",D1911)))-1),\"\")","v":"2"},{"$f":"IFERROR(IF(LEN(D1911)-LEN(SUBSTITUTE(D1911,\".\",\"\"))<>3,\"\",MID(D1911,SEARCH(\".\",D1911,SEARCH(\".\",D1911)+1)+1,LEN(D1911)-SEARCH(\".\",D1911,SEARCH(\".\",D1911)+1)-(LEN(D1911)-(SEARCH(\".\",D1911,SEARCH(\".\",D1911,SEARCH(\".\",D1911)+1)+1)-1)))),\"\")","v":""},"19.2.1",{"$f":"IF($G1911=\"SINAPI\",VLOOKUP($F1911,DADOS_SINAPI,2,0),IF(G1911=\"SETOP\",VLOOKUP($F1911,DADOS_SETOP,2,0),IF(G1911=\"CPU\",VLOOKUP($F1911,DADOS_COMPOSICAO,2,0),IF(G1911=\"SICRO\",VLOOKUP($F1911,DADOS_SICRO,2,0),IF(G1911=\"SUDECAP\",VLOOKUP(F1911,DADOS_SUDECAP,2,0),IF(G1911=\"COTAÇÃO\",VLOOKUP($F1911,DADOS_COTACAO,2,0),\"\"))))))","v":"EXAUSTOR VENTOKIT, DN 150MM, VAZÃO DE AR 280 M³/H"},"COT-EXA-001","COTAÇÃO",{"$f":"IF(G1911=\"SINAPI\",VLOOKUP($F1911,DADOS_SINAPI,3,0),IF(G1911=\"SETOP\",VLOOKUP($F1911,DADOS_SETOP,3,0),IF(G1911=\"CPU\",VLOOKUP($F1911,DADOS_COMPOSICAO,10,0),IF(G1911=\"SICRO\",VLOOKUP($F1911,DADOS_SICRO,3,0),IF(G1911=\"SUDECAP\",VLOOKUP(F1911,DADOS_SUDECAP,3,0),IF(G1911=\"COTAÇÃO\",VLOOKUP($F1911,DADOS_COTACAO,9,0),\"\"))))))","v":"UN "},{"$f":"F1913","v":1},{"$f":"TRUNC(IF(G1911=\"SINAPI\",VLOOKUP($F1911,DADOS_SINAPI,4,0),IF(G1911=\"SETOP\",VLOOKUP($F1911,DADOS_SETOP,4,0),IF(G1911=\"CPU\",VLOOKUP($F1911,DADOS_COMPOSICAO,13,0),IF(G1911=\"SICRO\",VLOOKUP($F1911,DADOS_SICRO,4,0),IF(G1911=\"SUDECAP\",VLOOKUP(F1911,DADOS_SUDECAP,4,0),IF(G1911=\"COTAÇÃO\",VLOOKUP(F1911,DADOS_COTACAO,12,0),\"\")))))),2)","v":335.06},"BDI 1",{"$f":"TRUNC(J1911*(1+$N$17),2)","v":423.91},{"$f":"IFERROR(TRUNC(I1911*J1911,2),\"\")","v":335.06},{"$f":"L1911*I1911","v":423.91}]
[2000]
[2000,null,null,null,"Comprimento",1,"un "]
[2000]
[{"$f":"IFERROR(LEFT(D1915,SEARCH(\".\",D1915)-1),\"\")","v":"19"},{"$f":"IFERROR(LEFT(RIGHT(D1915,LEN(D1915)-SEARCH(\".\",D1915)),SEARCH(\".\",RIGHT(D1915,LEN(D1915)-SEARCH(\".\",D1915)))-1),\"\")","v":"2"},{"$f":"IFERROR(IF(LEN(D1915)-LEN(SUBSTITUTE(D1915,\".\",\"\"))<>3,\"\",MID(D1915,SEARCH(\".\",D1915,SEARCH(\".\",D1915)+1)+1,LEN(D1915)-SEARCH(\".\",D1915,SEARCH(\".\",D1915)+1)-(LEN(D1915)-(SEARCH(\".\",D1915,SEARCH(\".\",D1915,SEARCH(\".\",D1915)+1)+1)-1)))),\"\")","v":""},"19.2.2",{"$f":"IF($G1915=\"SINAPI\",VLOOKUP($F1915,DADOS_SINAPI,2,0),IF(G1915=\"SETOP\",VLOOKUP($F1915,DADOS_SETOP,2,0),IF(G1915=\"CPU\",VLOOKUP($F1915,DADOS_COMPOSICAO,2,0),IF(G1915=\"SICRO\",VLOOKUP($F1915,DADOS_SICRO,2,0),IF(G1915=\"SUDECAP\",VLOOKUP(F1915,DADOS_SUDECAP,2,0),IF(G1915=\"COTAÇÃO\",VLOOKUP($F1915,DADOS_COTACAO,2,0),\"\"))))))","v":"GRELHA VENEZIANA AUTO FECHAMENTO, DN 150 MM"},"COT-EXA-002","COTAÇÃO",{"$f":"IF(G1915=\"SINAPI\",VLOOKUP($F1915,DADOS_SINAPI,3,0),IF(G1915=\"SETOP\",VLOOKUP($F1915,DADOS_SETOP,3,0),IF(G1915=\"CPU\",VLOOKUP($F1915,DADOS_COMPOSICAO,10,0),IF(G1915=\"SICRO\",VLOOKUP($F1915,DADOS_SICRO,3,0),IF(G1915=\"SUDECAP\",VLOOKUP(F1915,DADOS_SUDECAP,3,0),IF(G1915=\"COTAÇÃO\",VLOOKUP($F1915,DADOS_COTACAO,9,0),\"\"))))))","v":"UN "},{"$f":"F1917","v":1},{"$f":"TRUNC(IF(G1915=\"SINAPI\",VLOOKUP($F1915,DADOS_SINAPI,4,0),IF(G1915=\"SETOP\",VLOOKUP($F1915,DADOS_SETOP,4,0),IF(G1915=\"CPU\",VLOOKUP($F1915,DADOS_COMPOSICAO,13,0),IF(G1915=\"SICRO\",VLOOKUP($F1915,DADOS_SICRO,4,0),IF(G1915=\"SUDECAP\",VLOOKUP(F1915,DADOS_SUDECAP,4,0),IF(G1915=\"COTAÇÃO\",VLOOKUP(F1915,DADOS_COTACAO,12,0),\"\")))))),2)","v":63.5},"BDI 1",{"$f":"TRUNC(J1915*(1+$N$17),2)","v":80.34},{"$f":"IFERROR(TRUNC(I1915*J1915,2),\"\")","v":63.5},{"$f":"L1915*I1915","v":80.34}]
[2000]
[2000,null,null,null,"Comprimento",1,"un "]
[2000]
[{"$f":"IFERROR(LEFT(D1919,SEARCH(\".\",D1919)-1),\"\")","v":"19"},{"$f":"IFERROR(LEFT(RIGHT(D1919,LEN(D1919)-SEARCH(\".\",D1919)),SEARCH(\".\",RIGHT(D1919,LEN(D1919)-SEARCH(\".\",D1919)))-1),\"\")","v":"2"},{"$f":"IFERROR(IF(LEN(D1919)-LEN(SUBSTITUTE(D1919,\".\",\"\"))<>3,\"\",MID(D1919,SEARCH(\".\",D1919,SEARCH(\".\",D1919)+1)+1,LEN(D1919)-SEARCH(\".\",D1919,SEARCH(\".\",D1919)+1)-(LEN(D1919)-(SEARCH(\".\",D1919,SEARCH(\".\",D1919,SEARCH(\".\",D1919)+1)+1)-1)))),\"\")","v":""},"19.2.3",{"$f":"IF($G1919=\"SINAPI\",VLOOKUP($F1919,DADOS_SINAPI,2,0),IF(G1919=\"SETOP\",VLOOKUP($F1919,DADOS_SETOP,2,0),IF(G1919=\"CPU\",VLOOKUP($F1919,DADOS_COMPOSICAO,2,0),IF(G1919=\"SICRO\",VLOOKUP($F1919,DADOS_SICRO,2,0),IF(G1919=\"SUDECAP\",VLOOKUP(F1919,DADOS_SUDECAP,2,0),IF(G1919=\"COTAÇÃO\",VLOOKUP($F1919,DADOS_COTACAO,2,0),\"\"))))))","v":"INSTALAÇÃO EXAUSTOR"},"EXA-001","CPU",{"$f":"IF(G1919=\"SINAPI\",VLOOKUP($F1919,DADOS_SINAPI,3,0),IF(G1919=\"SETOP\",VLOOKUP($F1919,DADOS_SETOP,3,0),IF(G1919=\"CPU\",VLOOKUP($F1919,DADOS_COMPOSICAO,10,0),IF(G1919=\"SICRO\",VLOOKUP($F1919,DADOS_SICRO,3,0),IF(G1919=\"SUDECAP\",VLOOKUP(F1919,DADOS_SUDECAP,3,0),IF(G1919=\"COTAÇÃO\",VLOOKUP($F1919,DADOS_COTACAO,9,0),\"\"))))))","v":"UN"},{"$f":"F1921","v":1},{"$f":"TRUNC(IF(G1919=\"SINAPI\",VLOOKUP($F1919,DADOS_SINAPI,4,0),IF(G1919=\"SETOP\",VLOOKUP($F1919,DADOS_SETOP,4,0),IF(G1919=\"CPU\",VLOOKUP($F1919,DADOS_COMPOSICAO,13,0),IF(G1919=\"SICRO\",VLOOKUP($F1919,DADOS_SICRO,4,0),IF(G1919=\"SUDECAP\",VLOOKUP(F1919,DADOS_SUDECAP,4,0),IF(G1919=\"COTAÇÃO\",VLOOKUP(F1919,DADOS_COTACAO,12,0),\"\")))))),2)","v":65.45},"BDI 1",{"$f":"TRUNC(J1919*(1+$N$17),2)","v":82.8},{"$f":"IFERROR(TRUNC(I1919*J1919,2),\"\")","v":65.45},82.8]
[2000]
[2000,null,null,null,"Quantidade",1,"un"]
[2000]
[1000,null,null,20,"INSTALAÇÕES ELÉTRICAS",null,null,null,null,null,null,null,{"$f":"SUMIF(A:A,D1923,M:M)","v":117080.70000000004},{"$f":"SUMIF(A:A,D1923,N:N)","v":148091.31999999998}]
[null,null,null,"20.1","ACESSÓRIOS PARA ELETRODUTOS",null,null,null,null,null,null,null,{"$f":"IFERROR(SUMIFS(M:M,A:A,LEFT(D1924,SEARCH(\".\",D1924)-1),B:B,RIGHT(D1924,LEN(D1924)-SEARCH(\".\",D1924))),\"\")","v":4847.7},{"$f":"IFERROR(SUMIFS(N:N,A:A,LEFT(D1924,SEARCH(\".\",D1924)-1),B:B,RIGHT(D1924,LEN(D1924)-SEARCH(\".\",D1924))),\"\")","v":6132.15}]
[{"$f":"IFERROR(LEFT(D1925,SEARCH(\".\",D1925)-1),\"\")","v":"20"},{"$f":"IFERROR(LEFT(RIGHT(D1925,LEN(D1925)-SEARCH(\".\",D1925)),SEARCH(\".\",RIGHT(D1925,LEN(D1925)-SEARCH(\".\",D1925)))-1),\"\")","v":"1"},{"$f":"IFERROR(IF(LEN(D1925)-LEN(SUBSTITUTE(D1925,\".\",\"\"))<>3,\"\",MID(D1925,SEARCH(\".\",D1925,SEARCH(\".\",D1925)+1)+1,LEN(D1925)-SEARCH(\".\",D1925,SEARCH(\".\",D1925)+1)-(LEN(D1925)-(SEARCH(\".\",D1925,SEARCH(\".\",D1925,SEARCH(\".\",D1925)+1)+1)-1)))),\"\")","v":""},"20.1.1",{"$f":"IF($G1925=\"SINAPI\",VLOOKUP($F1925,DADOS_SINAPI,2,0),IF(G1925=\"SETOP\",VLOOKUP($F1925,DADOS_SETOP,2,0),IF(G1925=\"CPU\",VLOOKUP($F1925,DADOS_COMPOSICAO,2,0),IF(G1925=\"SICRO\",VLOOKUP($F1925,DADOS_SICRO,2,0),IF(G1925=\"SUDECAP\",VLOOKUP(F1925,DADOS_SUDECAP,2,0),IF(G1925=\"COTAÇÃO\",VLOOKUP($F1925,DADOS_COTACAO,2,0),\"\"))))))","v":"CAIXA RETANGULAR 4\" X 2\" MÉDIA (1,30 M DO PISO), METÁLICA, INSTALADA EM PAREDE - FORNECIMENTO E INSTALAÇÃO. AF_03/2023"},92868,"SINAPI",{"$f":"IF(G1925=\"SINAPI\",VLOOKUP($F1925,DADOS_SINAPI,3,0),IF(G1925=\"SETOP\",VLOOKUP($F1925,DADOS_SETOP,3,0),IF(G1925=\"CPU\",VLOOKUP($F1925,DADOS_COMPOSICAO,10,0),IF(G1925=\"SICRO\",VLOOKUP($F1925,DADOS_SICRO,3,0),IF(G1925=\"SUDECAP\",VLOOKUP(F1925,DADOS_SUDECAP,3,0),IF(G1925=\"COTAÇÃO\",VLOOKUP($F1925,DADOS_COTACAO,9,0),\"\"))))))","v":"UN"},{"$f":"F1927","v":207},{"$f":"TRUNC(IF(G1925=\"SINAPI\",VLOOKUP($F1925,DADOS_SINAPI,4,0),IF(G1925=\"SETOP\",VLOOKUP($F1925,DADOS_SETOP,4,0),IF(G1925=\"CPU\",VLOOKUP($F1925,DADOS_COMPOSICAO,13,0),IF(G1925=\"SICRO\",VLOOKUP($F1925,DADOS_SICRO,4,0),IF(G1925=\"SUDECAP\",VLOOKUP(F1925,DADOS_SUDECAP,4,0),IF(G1925=\"COTAÇÃO\",VLOOKUP(F1925,DADOS_COTACAO,12,0),\"\")))))),2)","v":15.77},"BDI 1",{"$f":"TRUNC(J1925*(1+$N$17),2)","v":19.95},{"$f":"IFERROR(TRUNC(I1925*J1925,2),\"\")","v":3264.39},{"$f":"L1925*I1925","v":4129.6499999999996}]
[2000]
[2000,null,null,null,"Quantidade",207,"un"]
[2000]
[{"$f":"IFERROR(LEFT(D1929,SEARCH(\".\",D1929)-1),\"\")","v":"20"},{"$f":"IFERROR(LEFT(RIGHT(D1929,LEN(D1929)-SEARCH(\".\",D1929)),SEARCH(\".\",RIGHT(D1929,LEN(D1929)-SEARCH(\".\",D1929)))-1),\"\")","v":"1"},{"$f":"IFERROR(IF(LEN(D1929)-LEN(SUBSTITUTE(D1929,\".\",\"\"))<>3,\"\",MID(D1929,SEARCH(\".\",D1929,SEARCH(\".\",D1929)+1)+1,LEN(D1929)-SEARCH(\".\",D1929,SEARCH(\".\",D1929)+1)-(LEN(D1929)-(SEARCH(\".\",D1929,SEARCH(\".\",D1929,SEARCH(\".\",D1929)+1)+1)-1)))),\"\")","v":""},"20.1.2",{"$f":"IF($G1929=\"SINAPI\",VLOOKUP($F1929,DADOS_SINAPI,2,0),IF(G1929=\"SETOP\",VLOOKUP($F1929,DADOS_SETOP,2,0),IF(G1929=\"CPU\",VLOOKUP($F1929,DADOS_COMPOSICAO,2,0),IF(G1929=\"SICRO\",VLOOKUP($F1929,DADOS_SICRO,2,0),IF(G1929=\"SUDECAP\",VLOOKUP(F1929,DADOS_SUDECAP,2,0),IF(G1929=\"COTAÇÃO\",VLOOKUP($F1929,DADOS_COTACAO,2,0),\"\"))))))","v":"CAIXA OCTOGONAL 4\" X 4\", PVC, INSTALADA EM LAJE - FORNECIMENTO E INSTALAÇÃO. AF_03/2023"},91936,"SINAPI",{"$f":"IF(G1929=\"SINAPI\",VLOOKUP($F1929,DADOS_SINAPI,3,0),IF(G1929=\"SETOP\",VLOOKUP($F1929,DADOS_SETOP,3,0),IF(G1929=\"CPU\",VLOOKUP($F1929,DADOS_COMPOSICAO,10,0),IF(G1929=\"SICRO\",VLOOKUP($F1929,DADOS_SICRO,3,0),IF(G1929=\"SUDECAP\",VLOOKUP(F1929,DADOS_SUDECAP,3,0),IF(G1929=\"COTAÇÃO\",VLOOKUP($F1929,DADOS_COTACAO,9,0),\"\"))))))","v":"UN"},{"$f":"F1931","v":89},{"$f":"TRUNC(IF(G1929=\"SINAPI\",VLOOKUP($F1929,DADOS_SINAPI,4,0),IF(G1929=\"SETOP\",VLOOKUP($F1929,DADOS_SETOP,4,0),IF(G1929=\"CPU\",VLOOKUP($F1929,DADOS_COMPOSICAO,13,0),IF(G1929=\"SICRO\",VLOOKUP($F1929,DADOS_SICRO,4,0),IF(G1929=\"SUDECAP\",VLOOKUP(F1929,DADOS_SUDECAP,4,0),IF(G1929=\"COTAÇÃO\",VLOOKUP(F1929,DADOS_COTACAO,12,0),\"\")))))),2)","v":17.79},"BDI 1",{"$f":"TRUNC(J1929*(1+$N$17),2)","v":22.5},{"$f":"IFERROR(TRUNC(I1929*J1929,2),\"\")","v":1583.31},{"$f":"L1929*I1929","v":2002.5}]
[2000]
[2000,null,null,null,"Quantidade",89,"un"]
[2000]
[null,null,null,"20.2","CABO UNIPOLAR",null,null,null,null,null,null,null,{"$f":"IFERROR(SUMIFS(M:M,A:A,LEFT(D1933,SEARCH(\".\",D1933)-1),B:B,RIGHT(D1933,LEN(D1933)-SEARCH(\".\",D1933))),\"\")","v":34121.959999999992},{"$f":"IFERROR(SUMIFS(N:N,A:A,LEFT(D1933,SEARCH(\".\",D1933)-1),B:B,RIGHT(D1933,LEN(D1933)-SEARCH(\".\",D1933))),\"\")","v":43143.740000000005}]
[{"$f":"IFERROR(LEFT(D1934,SEARCH(\".\",D1934)-1),\"\")","v":"20"},{"$f":"IFERROR(LEFT(RIGHT(D1934,LEN(D1934)-SEARCH(\".\",D1934)),SEARCH(\".\",RIGHT(D1934,LEN(D1934)-SEARCH(\".\",D1934)))-1),\"\")","v":"2"},{"$f":"IFERROR(IF(LEN(D1934)-LEN(SUBSTITUTE(D1934,\".\",\"\"))<>3,\"\",MID(D1934,SEARCH(\".\",D1934,SEARCH(\".\",D1934)+1)+1,LEN(D1934)-SEARCH(\".\",D1934,SEARCH(\".\",D1934)+1)-(LEN(D1934)-(SEARCH(\".\",D1934,SEARCH(\".\",D1934,SEARCH(\".\",D1934)+1)+1)-1)))),\"\")","v":""},"20.2.1",{"$f":"IF($G1934=\"SINAPI\",VLOOKUP($F1934,DADOS_SINAPI,2,0),IF(G1934=\"SETOP\",VLOOKUP($F1934,DADOS_SETOP,2,0),IF(G1934=\"CPU\",VLOOKUP($F1934,DADOS_COMPOSICAO,2,0),IF(G1934=\"SICRO\",VLOOKUP($F1934,DADOS_SICRO,2,0),IF(G1934=\"SUDECAP\",VLOOKUP(F1934,DADOS_SUDECAP,2,0),IF(G1934=\"COTAÇÃO\",VLOOKUP($F1934,DADOS_COTACAO,2,0),\"\"))))))","v":"CABO DE COBRE FLEXÍVEL ISOLADO, 10 MM², ANTI-CHAMA 0,6/1,0 KV, PARA CIRCUITOS TERMINAIS - FORNECIMENTO E INSTALAÇÃO. AF_03/2023"},91933,"SINAPI",{"$f":"IF(G1934=\"SINAPI\",VLOOKUP($F1934,DADOS_SINAPI,3,0),IF(G1934=\"SETOP\",VLOOKUP($F1934,DADOS_SETOP,3,0),IF(G1934=\"CPU\",VLOOKUP($F1934,DADOS_COMPOSICAO,10,0),IF(G1934=\"SICRO\",VLOOKUP($F1934,DADOS_SICRO,3,0),IF(G1934=\"SUDECAP\",VLOOKUP(F1934,DADOS_SUDECAP,3,0),IF(G1934=\"COTAÇÃO\",VLOOKUP($F1934,DADOS_COTACAO,9,0),\"\"))))))","v":"M"},{"$f":"F1941","v":567.70000000000005},{"$f":"TRUNC(IF(G1934=\"SINAPI\",VLOOKUP($F1934,DADOS_SINAPI,4,0),IF(G1934=\"SETOP\",VLOOKUP($F1934,DADOS_SETOP,4,0),IF(G1934=\"CPU\",VLOOKUP($F1934,DADOS_COMPOSICAO,13,0),IF(G1934=\"SICRO\",VLOOKUP($F1934,DADOS_SICRO,4,0),IF(G1934=\"SUDECAP\",VLOOKUP(F1934,DADOS_SUDECAP,4,0),IF(G1934=\"COTAÇÃO\",VLOOKUP(F1934,DADOS_COTACAO,12,0),\"\")))))),2)","v":15.75},"BDI 1",{"$f":"TRUNC(J1934*(1+$N$17),2)","v":19.920000000000002},{"$f":"IFERROR(TRUNC(I1934*J1934,2),\"\")","v":8941.27},11308.58]
[2000]
[2000,null,null,null,"Azul claro",88.5,"m"]
[2000,null,null,null,"Branco",119.8,"m"]
[2000,null,null,null,"Preto",119.8,"m"]
[2000,null,null,null,"Verde-amarelo",119.8,"m"]
[2000,null,null,null,"Vermelho",119.8,"m"]
[2000,null,null,null,"Total",{"$f":"SUM(F1936:F1940)","v":567.70000000000005},"m"]
[2000]
[{"$f":"IFERROR(LEFT(D1943,SEARCH(\".\",D1943)-1),\"\")","v":"20"},{"$f":"IFERROR(LEFT(RIGHT(D1943,LEN(D1943)-SEARCH(\".\",D1943)),SEARCH(\".\",RIGHT(D1943,LEN(D1943)-SEARCH(\".\",D1943)))-1),\"\")","v":"2"},{"$f":"IFERROR(IF(LEN(D1943)-LEN(SUBSTITUTE(D1943,\".\",\"\"))<>3,\"\",MID(D1943,SEARCH(\".\",D1943,SEARCH(\".\",D1943)+1)+1,LEN(D1943)-SEARCH(\".\",D1943,SEARCH(\".\",D1943)+1)-(LEN(D1943)-(SEARCH(\".\",D1943,SEARCH(\".\",D1943,SEARCH(\".\",D1943)+1)+1)-1)))),\"\")","v":""},"20.2.2",{"$f":"IF($G1943=\"SINAPI\",VLOOKUP($F1943,DADOS_SINAPI,2,0),IF(G1943=\"SETOP\",VLOOKUP($F1943,DADOS_SETOP,2,0),IF(G1943=\"CPU\",VLOOKUP($F1943,DADOS_COMPOSICAO,2,0),IF(G1943=\"SICRO\",VLOOKUP($F1943,DADOS_SICRO,2,0),IF(G1943=\"SUDECAP\",VLOOKUP(F1943,DADOS_SUDECAP,2,0),IF(G1943=\"COTAÇÃO\",VLOOKUP($F1943,DADOS_COTACAO,2,0),\"\"))))))","v":"CABO DE COBRE FLEXÍVEL ISOLADO, 16 MM², ANTI-CHAMA 0,6/1,0 KV, PARA CIRCUITOS TERMINAIS - FORNECIMENTO E INSTALAÇÃO. AF_03/2023"},91935,"SINAPI",{"$f":"IF(G1943=\"SINAPI\",VLOOKUP($F1943,DADOS_SINAPI,3,0),IF(G1943=\"SETOP\",VLOOKUP($F1943,DADOS_SETOP,3,0),IF(G1943=\"CPU\",VLOOKUP($F1943,DADOS_COMPOSICAO,10,0),IF(G1943=\"SICRO\",VLOOKUP($F1943,DADOS_SICRO,3,0),IF(G1943=\"SUDECAP\",VLOOKUP(F1943,DADOS_SUDECAP,3,0),IF(G1943=\"COTAÇÃO\",VLOOKUP($F1943,DADOS_COTACAO,9,0),\"\"))))))","v":"M"},{"$f":"F1946","v":5},{"$f":"TRUNC(IF(G1943=\"SINAPI\",VLOOKUP($F1943,DADOS_SINAPI,4,0),IF(G1943=\"SETOP\",VLOOKUP($F1943,DADOS_SETOP,4,0),IF(G1943=\"CPU\",VLOOKUP($F1943,DADOS_COMPOSICAO,13,0),IF(G1943=\"SICRO\",VLOOKUP($F1943,DADOS_SICRO,4,0),IF(G1943=\"SUDECAP\",VLOOKUP(F1943,DADOS_SUDECAP,4,0),IF(G1943=\"COTAÇÃO\",VLOOKUP(F1943,DADOS_COTACAO,12,0),\"\")))))),2)","v":24.73},"BDI 1",{"$f":"TRUNC(J1943*(1+$N$17),2)","v":31.28},{"$f":"IFERROR(TRUNC(I1943*J1943,2),\"\")","v":123.65},{"$f":"L1943*I1943","v":156.4}]
[2000]
[2000,null,null,null,"Verde-amarelo",5,"m"]
[2000,null,null,null,"Total",{"$f":"SUM(F1945:F1945)","v":5},"m"]
[2000]
[{"$f":"IFERROR(LEFT(D1948,SEARCH(\".\",D1948)-1),\"\")","v":"20"},{"$f":"IFERROR(LEFT(RIGHT(D1948,LEN(D1948)-SEARCH(\".\",D1948)),SEARCH(\".\",RIGHT(D1948,LEN(D1948)-SEARCH(\".\",D1948)))-1),\"\")","v":"2"},{"$f":"IFERROR(IF(LEN(D1948)-LEN(SUBSTITUTE(D1948,\".\",\"\"))<>3,\"\",MID(D1948,SEARCH(\".\",D1948,SEARCH(\".\",D1948)+1)+1,LEN(D1948)-SEARCH(\".\",D1948,SEARCH(\".\",D1948)+1)-(LEN(D1948)-(SEARCH(\".\",D1948,SEARCH(\".\",D1948,SEARCH(\".\",D1948)+1)+1)-1)))),\"\")","v":""},"20.2.3",{"$f":"IF($G1948=\"SINAPI\",VLOOKUP($F1948,DADOS_SINAPI,2,0),IF(G1948=\"SETOP\",VLOOKUP($F1948,DADOS_SETOP,2,0),IF(G1948=\"CPU\",VLOOKUP($F1948,DADOS_COMPOSICAO,2,0),IF(G1948=\"SICRO\",VLOOKUP($F1948,DADOS_SICRO,2,0),IF(G1948=\"SUDECAP\",VLOOKUP(F1948,DADOS_SUDECAP,2,0),IF(G1948=\"COTAÇÃO\",VLOOKUP($F1948,DADOS_COTACAO,2,0),\"\"))))))","v":"CABO DE COBRE FLEXÍVEL ISOLADO, 25 MM², ANTI-CHAMA 0,6/1,0 KV, PARA REDE ENTERRADA DE DISTRIBUIÇÃO DE ENERGIA ELÉTRICA - FORNECIMENTO E INSTALAÇÃO. AF_12/2021"},92984,"SINAPI",{"$f":"IF(G1948=\"SINAPI\",VLOOKUP($F1948,DADOS_SINAPI,3,0),IF(G1948=\"SETOP\",VLOOKUP($F1948,DADOS_SETOP,3,0),IF(G1948=\"CPU\",VLOOKUP($F1948,DADOS_COMPOSICAO,10,0),IF(G1948=\"SICRO\",VLOOKUP($F1948,DADOS_SICRO,3,0),IF(G1948=\"SUDECAP\",VLOOKUP(F1948,DADOS_SUDECAP,3,0),IF(G1948=\"COTAÇÃO\",VLOOKUP($F1948,DADOS_COTACAO,9,0),\"\"))))))","v":"M"},{"$f":"F1954","v":20},{"$f":"TRUNC(IF(G1948=\"SINAPI\",VLOOKUP($F1948,DADOS_SINAPI,4,0),IF(G1948=\"SETOP\",VLOOKUP($F1948,DADOS_SETOP,4,0),IF(G1948=\"CPU\",VLOOKUP($F1948,DADOS_COMPOSICAO,13,0),IF(G1948=\"SICRO\",VLOOKUP($F1948,DADOS_SICRO,4,0),IF(G1948=\"SUDECAP\",VLOOKUP(F1948,DADOS_SUDECAP,4,0),IF(G1948=\"COTAÇÃO\",VLOOKUP(F1948,DADOS_COTACAO,12,0),\"\")))))),2)","v":27.41},"BDI 1",{"$f":"TRUNC(J1948*(1+$N$17),2)","v":34.67},{"$f":"IFERROR(TRUNC(I1948*J1948,2),\"\")","v":548.20000000000005},693.40000000000009]
[2000]
[2000,null,null,null,"Azul claro",5,"m"]
[2000,null,null,null,"Branco",5,"m"]
[2000,null,null,null,"Preto",5,"m"]
[2000,null,null,null,"Vermelho",5,"m"]
[2000,null,null,null,"Total",{"$f":"SUM(F1950:F1953)","v":20},"m"]
[2000]
[{"$f":"IFERROR(LEFT(D1956,SEARCH(\".\",D1956)-1),\"\")","v":"20"},{"$f":"IFERROR(LEFT(RIGHT(D1956,LEN(D1956)-SEARCH(\".\",D1956)),SEARCH(\".\",RIGHT(D1956,LEN(D1956)-SEARCH(\".\",D1956)))-1),\"\")","v":"2"},{"$f":"IFERROR(IF(LEN(D1956)-LEN(SUBSTITUTE(D1956,\".\",\"\"))<>3,\"\",MID(D1956,SEARCH(\".\",D1956,SEARCH(\".\",D1956)+1)+1,LEN(D1956)-SEARCH(\".\",D1956,SEARCH(\".\",D1956)+1)-(LEN(D1956)-(SEARCH(\".\",D1956,SEARCH(\".\",D1956,SEARCH(\".\",D1956)+1)+1)-1)))),\"\")","v":""},"20.2.4",{"$f":"IF($G1956=\"SINAPI\",VLOOKUP($F1956,DADOS_SINAPI,2,0),IF(G1956=\"SETOP\",VLOOKUP($F1956,DADOS_SETOP,2,0),IF(G1956=\"CPU\",VLOOKUP($F1956,DADOS_COMPOSICAO,2,0),IF(G1956=\"SICRO\",VLOOKUP($F1956,DADOS_SICRO,2,0),IF(G1956=\"SUDECAP\",VLOOKUP(F1956,DADOS_SUDECAP,2,0),IF(G1956=\"COTAÇÃO\",VLOOKUP($F1956,DADOS_COTACAO,2,0),\"\"))))))","v":"CABO DE COBRE FLEXÍVEL ISOLADO, 35 MM², ANTI-CHAMA 0,6/1,0 KV, PARA REDE ENTERRADA DE DISTRIBUIÇÃO DE ENERGIA ELÉTRICA - FORNECIMENTO E INSTALAÇÃO. AF_12/2021"},92986,"SINAPI",{"$f":"IF(G1956=\"SINAPI\",VLOOKUP($F1956,DADOS_SINAPI,3,0),IF(G1956=\"SETOP\",VLOOKUP($F1956,DADOS_SETOP,3,0),IF(G1956=\"CPU\",VLOOKUP($F1956,DADOS_COMPOSICAO,10,0),IF(G1956=\"SICRO\",VLOOKUP($F1956,DADOS_SICRO,3,0),IF(G1956=\"SUDECAP\",VLOOKUP(F1956,DADOS_SUDECAP,3,0),IF(G1956=\"COTAÇÃO\",VLOOKUP($F1956,DADOS_COTACAO,9,0),\"\"))))))","v":"M"},{"$f":"F1959","v":24.42},{"$f":"TRUNC(IF(G1956=\"SINAPI\",VLOOKUP($F1956,DADOS_SINAPI,4,0),IF(G1956=\"SETOP\",VLOOKUP($F1956,DADOS_SETOP,4,0),IF(G1956=\"CPU\",VLOOKUP($F1956,DADOS_COMPOSICAO,13,0),IF(G1956=\"SICRO\",VLOOKUP($F1956,DADOS_SICRO,4,0),IF(G1956=\"SUDECAP\",VLOOKUP(F1956,DADOS_SUDECAP,4,0),IF(G1956=\"COTAÇÃO\",VLOOKUP(F1956,DADOS_COTACAO,12,0),\"\")))))),2)","v":37.96},"BDI 1",{"$f":"TRUNC(J1956*(1+$N$17),2)","v":48.02},{"$f":"IFERROR(TRUNC(I1956*J1956,2),\"\")","v":926.98},1172.6500000000001]
[2000]
[2000,null,null,null,"Verde-amarelo",24.42,"m"]
[2000,null,null,null,"Total",{"$f":"SUM(F1958:F1958)","v":24.42},"m"]
[2000]
[{"$f":"IFERROR(LEFT(D1961,SEARCH(\".\",D1961)-1),\"\")","v":"20"},{"$f":"IFERROR(LEFT(RIGHT(D1961,LEN(D1961)-SEARCH(\".\",D1961)),SEARCH(\".\",RIGHT(D1961,LEN(D1961)-SEARCH(\".\",D1961)))-1),\"\")","v":"2"},{"$f":"IFERROR(IF(LEN(D1961)-LEN(SUBSTITUTE(D1961,\".\",\"\"))<>3,\"\",MID(D1961,SEARCH(\".\",D1961,SEARCH(\".\",D1961)+1)+1,LEN(D1961)-SEARCH(\".\",D1961,SEARCH(\".\",D1961)+1)-(LEN(D1961)-(SEARCH(\".\",D1961,SEARCH(\".\",D1961,SEARCH(\".\",D1961)+1)+1)-1)))),\"\")","v":""},"20.2.5",{"$f":"IF($G1961=\"SINAPI\",VLOOKUP($F1961,DADOS_SINAPI,2,0),IF(G1961=\"SETOP\",VLOOKUP($F1961,DADOS_SETOP,2,0),IF(G1961=\"CPU\",VLOOKUP($F1961,DADOS_COMPOSICAO,2,0),IF(G1961=\"SICRO\",VLOOKUP($F1961,DADOS_SICRO,2,0),IF(G1961=\"SUDECAP\",VLOOKUP(F1961,DADOS_SUDECAP,2,0),IF(G1961=\"COTAÇÃO\",VLOOKUP($F1961,DADOS_COTACAO,2,0),\"\"))))))","v":"CABO DE COBRE FLEXÍVEL ISOLADO, 70 MM², ANTI-CHAMA 0,6/1,0 KV, PARA REDE ENTERRADA DE DISTRIBUIÇÃO DE ENERGIA ELÉTRICA - FORNECIMENTO E INSTALAÇÃO. AF_12/2021"},92990,"SINAPI",{"$f":"IF(G1961=\"SINAPI\",VLOOKUP($F1961,DADOS_SINAPI,3,0),IF(G1961=\"SETOP\",VLOOKUP($F1961,DADOS_SETOP,3,0),IF(G1961=\"CPU\",VLOOKUP($F1961,DADOS_COMPOSICAO,10,0),IF(G1961=\"SICRO\",VLOOKUP($F1961,DADOS_SICRO,3,0),IF(G1961=\"SUDECAP\",VLOOKUP(F1961,DADOS_SUDECAP,3,0),IF(G1961=\"COTAÇÃO\",VLOOKUP($F1961,DADOS_COTACAO,9,0),\"\"))))))","v":"M"},{"$f":"F1967","v":103.48},{"$f":"TRUNC(IF(G1961=\"SINAPI\",VLOOKUP($F1961,DADOS_SINAPI,4,0),IF(G1961=\"SETOP\",VLOOKUP($F1961,DADOS_SETOP,4,0),IF(G1961=\"CPU\",VLOOKUP($F1961,DADOS_COMPOSICAO,13,0),IF(G1961=\"SICRO\",VLOOKUP($F1961,DADOS_SICRO,4,0),IF(G1961=\"SUDECAP\",VLOOKUP(F1961,DADOS_SUDECAP,4,0),IF(G1961=\"COTAÇÃO\",VLOOKUP(F1961,DADOS_COTACAO,12,0),\"\")))))),2)","v":76.489999999999995},"BDI 1",{"$f":"TRUNC(J1961*(1+$N$17),2)","v":96.77},{"$f":"IFERROR(TRUNC(I1961*J1961,2),\"\")","v":7915.18},10013.76]
[2000]
[2000,null,null,null,"Azul claro",25.87,"m"]
[2000,null,null,null,"Branco",25.87,"m"]
[2000,null,null,null,"Preto",25.87,"m"]
[2000,null,null,null,"Vermelho",25.87,"m"]
[2000,null,null,null,"Total",{"$f":"SUM(F1963:F1966)","v":103.48},"m"]
[2000]
[{"$f":"IFERROR(LEFT(D1969,SEARCH(\".\",D1969)-1),\"\")","v":"20"},{"$f":"IFERROR(LEFT(RIGHT(D1969,LEN(D1969)-SEARCH(\".\",D1969)),SEARCH(\".\",RIGHT(D1969,LEN(D1969)-SEARCH(\".\",D1969)))-1),\"\")","v":"2"},{"$f":"IFERROR(IF(LEN(D1969)-LEN(SUBSTITUTE(D1969,\".\",\"\"))<>3,\"\",MID(D1969,SEARCH(\".\",D1969,SEARCH(\".\",D1969)+1)+1,LEN(D1969)-SEARCH(\".\",D1969,SEARCH(\".\",D1969)+1)-(LEN(D1969)-(SEARCH(\".\",D1969,SEARCH(\".\",D1969,SEARCH(\".\",D1969)+1)+1)-1)))),\"\")","v":""},"20.2.6",{"$f":"IF($G1969=\"SINAPI\",VLOOKUP($F1969,DADOS_SINAPI,2,0),IF(G1969=\"SETOP\",VLOOKUP($F1969,DADOS_SETOP,2,0),IF(G1969=\"CPU\",VLOOKUP($F1969,DADOS_COMPOSICAO,2,0),IF(G1969=\"SICRO\",VLOOKUP($F1969,DADOS_SICRO,2,0),IF(G1969=\"SUDECAP\",VLOOKUP(F1969,DADOS_SUDECAP,2,0),IF(G1969=\"COTAÇÃO\",VLOOKUP($F1969,DADOS_COTACAO,2,0),\"\"))))))","v":"CABO DE COBRE FLEXÍVEL ISOLADO, 1,5 MM², ANTI-CHAMA 450/750 V, PARA CIRCUITOS TERMINAIS - FORNECIMENTO E INSTALAÇÃO. AF_03/2023"},91924,"SINAPI",{"$f":"IF(G1969=\"SINAPI\",VLOOKUP($F1969,DADOS_SINAPI,3,0),IF(G1969=\"SETOP\",VLOOKUP($F1969,DADOS_SETOP,3,0),IF(G1969=\"CPU\",VLOOKUP($F1969,DADOS_COMPOSICAO,10,0),IF(G1969=\"SICRO\",VLOOKUP($F1969,DADOS_SICRO,3,0),IF(G1969=\"SUDECAP\",VLOOKUP(F1969,DADOS_SUDECAP,3,0),IF(G1969=\"COTAÇÃO\",VLOOKUP($F1969,DADOS_COTACAO,9,0),\"\"))))))","v":"M"},{"$f":"F1977","v":1070.8},{"$f":"TRUNC(IF(G1969=\"SINAPI\",VLOOKUP($F1969,DADOS_SINAPI,4,0),IF(G1969=\"SETOP\",VLOOKUP($F1969,DADOS_SETOP,4,0),IF(G1969=\"CPU\",VLOOKUP($F1969,DADOS_COMPOSICAO,13,0),IF(G1969=\"SICRO\",VLOOKUP($F1969,DADOS_SICRO,4,0),IF(G1969=\"SUDECAP\",VLOOKUP(F1969,DADOS_SUDECAP,4,0),IF(G1969=\"COTAÇÃO\",VLOOKUP(F1969,DADOS_COTACAO,12,0),\"\")))))),2)","v":2.85},"BDI 1",{"$f":"TRUNC(J1969*(1+$N$17),2)","v":3.6},{"$f":"IFERROR(TRUNC(I1969*J1969,2),\"\")","v":3051.78},3854.88]
[2000]
[2000,null,null,null,"Amarelo",379.9,"m"]
[2000,null,null,null,"Azul claro",312.10000000000002,"m"]
[2000,null,null,null,"Branco",97.17,"m"]
[null,null,null,null,"Preto",49.24,"m"]
[null,null,null,null,"Verde-amarelo",128.1,"m"]
[2000,null,null,null,"Vermelho",104.29,"m"]
[2000,null,null,null,"Total",{"$f":"SUM(F1971:F1976)","v":1070.8},"m"]
[2000]
[{"$f":"IFERROR(LEFT(D1979,SEARCH(\".\",D1979)-1),\"\")","v":"20"},{"$f":"IFERROR(LEFT(RIGHT(D1979,LEN(D1979)-SEARCH(\".\",D1979)),SEARCH(\".\",RIGHT(D1979,LEN(D1979)-SEARCH(\".\",D1979)))-1),\"\")","v":"2"},{"$f":"IFERROR(IF(LEN(D1979)-LEN(SUBSTITUTE(D1979,\".\",\"\"))<>3,\"\",MID(D1979,SEARCH(\".\",D1979,SEARCH(\".\",D1979)+1)+1,LEN(D1979)-SEARCH(\".\",D1979,SEARCH(\".\",D1979)+1)-(LEN(D1979)-(SEARCH(\".\",D1979,SEARCH(\".\",D1979,SEARCH(\".\",D1979)+1)+1)-1)))),\"\")","v":""},"20.2.7",{"$f":"IF($G1979=\"SINAPI\",VLOOKUP($F1979,DADOS_SINAPI,2,0),IF(G1979=\"SETOP\",VLOOKUP($F1979,DADOS_SETOP,2,0),IF(G1979=\"CPU\",VLOOKUP($F1979,DADOS_COMPOSICAO,2,0),IF(G1979=\"SICRO\",VLOOKUP($F1979,DADOS_SICRO,2,0),IF(G1979=\"SUDECAP\",VLOOKUP(F1979,DADOS_SUDECAP,2,0),IF(G1979=\"COTAÇÃO\",VLOOKUP($F1979,DADOS_COTACAO,2,0),\"\"))))))","v":"CABO DE COBRE FLEXÍVEL ISOLADO, 2,5 MM², ANTI-CHAMA 450/750 V, PARA CIRCUITOS TERMINAIS - FORNECIMENTO E INSTALAÇÃO. AF_03/2023"},91926,"SINAPI",{"$f":"IF(G1979=\"SINAPI\",VLOOKUP($F1979,DADOS_SINAPI,3,0),IF(G1979=\"SETOP\",VLOOKUP($F1979,DADOS_SETOP,3,0),IF(G1979=\"CPU\",VLOOKUP($F1979,DADOS_COMPOSICAO,10,0),IF(G1979=\"SICRO\",VLOOKUP($F1979,DADOS_SICRO,3,0),IF(G1979=\"SUDECAP\",VLOOKUP(F1979,DADOS_SUDECAP,3,0),IF(G1979=\"COTAÇÃO\",VLOOKUP($F1979,DADOS_COTACAO,9,0),\"\"))))))","v":"M"},{"$f":"F1987","v":2737.7},{"$f":"TRUNC(IF(G1979=\"SINAPI\",VLOOKUP($F1979,DADOS_SINAPI,4,0),IF(G1979=\"SETOP\",VLOOKUP($F1979,DADOS_SETOP,4,0),IF(G1979=\"CPU\",VLOOKUP($F1979,DADOS_COMPOSICAO,13,0),IF(G1979=\"SICRO\",VLOOKUP($F1979,DADOS_SICRO,4,0),IF(G1979=\"SUDECAP\",VLOOKUP(F1979,DADOS_SUDECAP,4,0),IF(G1979=\"COTAÇÃO\",VLOOKUP(F1979,DADOS_COTACAO,12,0),\"\")))))),2)","v":4.17},"BDI 1",{"$f":"TRUNC(J1979*(1+$N$17),2)","v":5.27},{"$f":"IFERROR(TRUNC(I1979*J1979,2),\"\")","v":11416.2},14427.68]
[2000]
[2000,null,null,null,"Amarelo",97.4,"m"]
[2000,null,null,null,"Azul claro",774.3,"m"]
[2000,null,null,null,"Branco",519,"m"]
[2000,null,null,null,"Preto",305.3,"m"]
[2000,null,null,null,"Verde-amarelo",708.4,"m"]
[2000,null,null,null,"Vermelho",333.3,"m"]
[2000,null,null,null,"Total",{"$f":"SUM(F1981:F1986)","v":2737.7},"m"]
[2000]
[{"$f":"IFERROR(LEFT(D1989,SEARCH(\".\",D1989)-1),\"\")","v":"20"},{"$f":"IFERROR(LEFT(RIGHT(D1989,LEN(D1989)-SEARCH(\".\",D1989)),SEARCH(\".\",RIGHT(D1989,LEN(D1989)-SEARCH(\".\",D1989)))-1),\"\")","v":"2"},{"$f":"IFERROR(IF(LEN(D1989)-LEN(SUBSTITUTE(D1989,\".\",\"\"))<>3,\"\",MID(D1989,SEARCH(\".\",D1989,SEARCH(\".\",D1989)+1)+1,LEN(D1989)-SEARCH(\".\",D1989,SEARCH(\".\",D1989)+1)-(LEN(D1989)-(SEARCH(\".\",D1989,SEARCH(\".\",D1989,SEARCH(\".\",D1989)+1)+1)-1)))),\"\")","v":""},"20.2.8",{"$f":"IF($G1989=\"SINAPI\",VLOOKUP($F1989,DADOS_SINAPI,2,0),IF(G1989=\"SETOP\",VLOOKUP($F1989,DADOS_SETOP,2,0),IF(G1989=\"CPU\",VLOOKUP($F1989,DADOS_COMPOSICAO,2,0),IF(G1989=\"SICRO\",VLOOKUP($F1989,DADOS_SICRO,2,0),IF(G1989=\"SUDECAP\",VLOOKUP(F1989,DADOS_SUDECAP,2,0),IF(G1989=\"COTAÇÃO\",VLOOKUP($F1989,DADOS_COTACAO,2,0),\"\"))))))","v":"CABO DE COBRE FLEXÍVEL ISOLADO, 4 MM², ANTI-CHAMA 450/750 V, PARA CIRCUITOS TERMINAIS - FORNECIMENTO E INSTALAÇÃO. AF_03/2023"},91928,"SINAPI",{"$f":"IF(G1989=\"SINAPI\",VLOOKUP($F1989,DADOS_SINAPI,3,0),IF(G1989=\"SETOP\",VLOOKUP($F1989,DADOS_SETOP,3,0),IF(G1989=\"CPU\",VLOOKUP($F1989,DADOS_COMPOSICAO,10,0),IF(G1989=\"SICRO\",VLOOKUP($F1989,DADOS_SICRO,3,0),IF(G1989=\"SUDECAP\",VLOOKUP(F1989,DADOS_SUDECAP,3,0),IF(G1989=\"COTAÇÃO\",VLOOKUP($F1989,DADOS_COTACAO,9,0),\"\"))))))","v":"M"},{"$f":"F1996","v":184.70000000000002},{"$f":"TRUNC(IF(G1989=\"SINAPI\",VLOOKUP($F1989,DADOS_SINAPI,4,0),IF(G1989=\"SETOP\",VLOOKUP($F1989,DADOS_SETOP,4,0),IF(G1989=\"CPU\",VLOOKUP($F1989,DADOS_COMPOSICAO,13,0),IF(G1989=\"SICRO\",VLOOKUP($F1989,DADOS_SICRO,4,0),IF(G1989=\"SUDECAP\",VLOOKUP(F1989,DADOS_SUDECAP,4,0),IF(G1989=\"COTAÇÃO\",VLOOKUP(F1989,DADOS_COTACAO,12,0),\"\")))))),2)","v":6.49},"BDI 1",{"$f":"TRUNC(J1989*(1+$N$17),2)","v":8.2100000000000009},{"$f":"IFERROR(TRUNC(I1989*J1989,2),\"\")","v":1198.7},1516.39]
[2000]
[2000,null,null,null,"Azul claro",24.7,"m"]
[2000,null,null,null,"Branco",15.8,"m"]
[2000,null,null,null,"Preto",28.2,"m"]
[2000,null,null,null,"Verde-amarelo",61.6,"m"]
[2000,null,null,null,"Vermelho",54.4,"m"]
[2000,null,null,null,"Total",{"$f":"SUM(F1991:F1995)","v":184.70000000000002},"m"]
[2000]
[null,null,null,"20.3","CAIXA DE PASSAGEM",null,null,null,null,null,null,null,{"$f":"IFERROR(SUMIFS(M:M,A:A,LEFT(D1998,SEARCH(\".\",D1998)-1),B:B,RIGHT(D1998,LEN(D1998)-SEARCH(\".\",D1998))),\"\")","v":2310.4299999999998},{"$f":"IFERROR(SUMIFS(N:N,A:A,LEFT(D1998,SEARCH(\".\",D1998)-1),B:B,RIGHT(D1998,LEN(D1998)-SEARCH(\".\",D1998))),\"\")","v":2923.12}]
[{"$f":"IFERROR(LEFT(D1999,SEARCH(\".\",D1999)-1),\"\")","v":"20"},{"$f":"IFERROR(LEFT(RIGHT(D1999,LEN(D1999)-SEARCH(\".\",D1999)),SEARCH(\".\",RIGHT(D1999,LEN(D1999)-SEARCH(\".\",D1999)))-1),\"\")","v":"3"},{"$f":"IFERROR(IF(LEN(D1999)-LEN(SUBSTITUTE(D1999,\".\",\"\"))<>3,\"\",MID(D1999,SEARCH(\".\",D1999,SEARCH(\".\",D1999)+1)+1,LEN(D1999)-SEARCH(\".\",D1999,SEARCH(\".\",D1999)+1)-(LEN(D1999)-(SEARCH(\".\",D1999,SEARCH(\".\",D1999,SEARCH(\".\",D1999)+1)+1)-1)))),\"\")","v":""},"20.3.1",{"$f":"IF($G1999=\"SINAPI\",VLOOKUP($F1999,DADOS_SINAPI,2,0),IF(G1999=\"SETOP\",VLOOKUP($F1999,DADOS_SETOP,2,0),IF(G1999=\"CPU\",VLOOKUP($F1999,DADOS_COMPOSICAO,2,0),IF(G1999=\"SICRO\",VLOOKUP($F1999,DADOS_SICRO,2,0),IF(G1999=\"SUDECAP\",VLOOKUP(F1999,DADOS_SUDECAP,2,0),IF(G1999=\"COTAÇÃO\",VLOOKUP($F1999,DADOS_COTACAO,2,0),\"\"))))))","v":"CAIXA DE PASSAGEM, DIMENSÃO (20X20)CM, EM CHAPA DE AÇO, TIPO DE EMBUTIR, COM ACABAMENTO EM PINTURA ELETROSTÁTICA E TAMPA CEGA, INCLUSIVE FIXAÇÃO EM ALVENARIA"},"ED-49149","SETOP",{"$f":"IF(G1999=\"SINAPI\",VLOOKUP($F1999,DADOS_SINAPI,3,0),IF(G1999=\"SETOP\",VLOOKUP($F1999,DADOS_SETOP,3,0),IF(G1999=\"CPU\",VLOOKUP($F1999,DADOS_COMPOSICAO,10,0),IF(G1999=\"SICRO\",VLOOKUP($F1999,DADOS_SICRO,3,0),IF(G1999=\"SUDECAP\",VLOOKUP(F1999,DADOS_SUDECAP,3,0),IF(G1999=\"COTAÇÃO\",VLOOKUP($F1999,DADOS_COTACAO,9,0),\"\"))))))","v":"un"},{"$f":"F2001","v":1},{"$f":"TRUNC(IF(G1999=\"SINAPI\",VLOOKUP($F1999,DADOS_SINAPI,4,0),IF(G1999=\"SETOP\",VLOOKUP($F1999,DADOS_SETOP,4,0),IF(G1999=\"CPU\",VLOOKUP($F1999,DADOS_COMPOSICAO,13,0),IF(G1999=\"SICRO\",VLOOKUP($F1999,DADOS_SICRO,4,0),IF(G1999=\"SUDECAP\",VLOOKUP(F1999,DADOS_SUDECAP,4,0),IF(G1999=\"COTAÇÃO\",VLOOKUP(F1999,DADOS_COTACAO,12,0),\"\")))))),2)","v":104.93},"BDI 1",{"$f":"TRUNC(J1999*(1+$N$17),2)","v":132.75},{"$f":"IFERROR(TRUNC(I1999*J1999,2),\"\")","v":104.93},{"$f":"L1999*I1999","v":132.75}]
[2000]
[2000,null,null,null,"Total",1,"un"]
[2000]
[{"$f":"IFERROR(LEFT(D2003,SEARCH(\".\",D2003)-1),\"\")","v":"20"},{"$f":"IFERROR(LEFT(RIGHT(D2003,LEN(D2003)-SEARCH(\".\",D2003)),SEARCH(\".\",RIGHT(D2003,LEN(D2003)-SEARCH(\".\",D2003)))-1),\"\")","v":"3"},{"$f":"IFERROR(IF(LEN(D2003)-LEN(SUBSTITUTE(D2003,\".\",\"\"))<>3,\"\",MID(D2003,SEARCH(\".\",D2003,SEARCH(\".\",D2003)+1)+1,LEN(D2003)-SEARCH(\".\",D2003,SEARCH(\".\",D2003)+1)-(LEN(D2003)-(SEARCH(\".\",D2003,SEARCH(\".\",D2003,SEARCH(\".\",D2003)+1)+1)-1)))),\"\")","v":""},"20.3.2",{"$f":"IF($G2003=\"SINAPI\",VLOOKUP($F2003,DADOS_SINAPI,2,0),IF(G2003=\"SETOP\",VLOOKUP($F2003,DADOS_SETOP,2,0),IF(G2003=\"CPU\",VLOOKUP($F2003,DADOS_COMPOSICAO,2,0),IF(G2003=\"SICRO\",VLOOKUP($F2003,DADOS_SICRO,2,0),IF(G2003=\"SUDECAP\",VLOOKUP(F2003,DADOS_SUDECAP,2,0),IF(G2003=\"COTAÇÃO\",VLOOKUP($F2003,DADOS_COTACAO,2,0),\"\"))))))","v":"CAIXA DE INSPEÇÃO EM CONCRETO, TIPO \"ZA\" PASSEIO, PADRÃO CEMIG, DIMENSÃO (28X28)CM, ALTURA 40CM, COM TAMPA E ARO ARTICULADO EM FERRO FUNDIDO, INCLUSIVE ESCAVAÇÃO, APILOAMENTO, LASTRO DE BRITA, REATERRO E TRANSPORTE COM RETIRADA DO MATERIAL ESCAVADO (EM CAÇAMBA)"},"ED-49197","SETOP",{"$f":"IF(G2003=\"SINAPI\",VLOOKUP($F2003,DADOS_SINAPI,3,0),IF(G2003=\"SETOP\",VLOOKUP($F2003,DADOS_SETOP,3,0),IF(G2003=\"CPU\",VLOOKUP($F2003,DADOS_COMPOSICAO,10,0),IF(G2003=\"SICRO\",VLOOKUP($F2003,DADOS_SICRO,3,0),IF(G2003=\"SUDECAP\",VLOOKUP(F2003,DADOS_SUDECAP,3,0),IF(G2003=\"COTAÇÃO\",VLOOKUP($F2003,DADOS_COTACAO,9,0),\"\"))))))","v":"un"},{"$f":"F2005","v":11},{"$f":"TRUNC(IF(G2003=\"SINAPI\",VLOOKUP($F2003,DADOS_SINAPI,4,0),IF(G2003=\"SETOP\",VLOOKUP($F2003,DADOS_SETOP,4,0),IF(G2003=\"CPU\",VLOOKUP($F2003,DADOS_COMPOSICAO,13,0),IF(G2003=\"SICRO\",VLOOKUP($F2003,DADOS_SICRO,4,0),IF(G2003=\"SUDECAP\",VLOOKUP(F2003,DADOS_SUDECAP,4,0),IF(G2003=\"COTAÇÃO\",VLOOKUP(F2003,DADOS_COTACAO,12,0),\"\")))))),2)","v":200.5},"BDI 1",{"$f":"TRUNC(J2003*(1+$N$17),2)","v":253.67},{"$f":"IFERROR(TRUNC(I2003*J2003,2),\"\")","v":2205.5},{"$f":"L2003*I2003","v":2790.37}]
[2000]
[2000,null,null,null,"Total",11,"un"]
[2000]
[null,null,null,"20.4","DISPOSITIVO ELÉTRICO",null,null,null,null,null,null,null,{"$f":"IFERROR(SUMIFS(M:M,A:A,LEFT(D2007,SEARCH(\".\",D2007)-1),B:B,RIGHT(D2007,LEN(D2007)-SEARCH(\".\",D2007))),\"\")","v":6692.6799999999994},{"$f":"IFERROR(SUMIFS(N:N,A:A,LEFT(D2007,SEARCH(\".\",D2007)-1),B:B,RIGHT(D2007,LEN(D2007)-SEARCH(\".\",D2007))),\"\")","v":8467}]
[{"$f":"IFERROR(LEFT(D2008,SEARCH(\".\",D2008)-1),\"\")","v":"20"},{"$f":"IFERROR(LEFT(RIGHT(D2008,LEN(D2008)-SEARCH(\".\",D2008)),SEARCH(\".\",RIGHT(D2008,LEN(D2008)-SEARCH(\".\",D2008)))-1),\"\")","v":"4"},{"$f":"IFERROR(IF(LEN(D2008)-LEN(SUBSTITUTE(D2008,\".\",\"\"))<>3,\"\",MID(D2008,SEARCH(\".\",D2008,SEARCH(\".\",D2008)+1)+1,LEN(D2008)-SEARCH(\".\",D2008,SEARCH(\".\",D2008)+1)-(LEN(D2008)-(SEARCH(\".\",D2008,SEARCH(\".\",D2008,SEARCH(\".\",D2008)+1)+1)-1)))),\"\")","v":""},"20.4.1",{"$f":"IF($G2008=\"SINAPI\",VLOOKUP($F2008,DADOS_SINAPI,2,0),IF(G2008=\"SETOP\",VLOOKUP($F2008,DADOS_SETOP,2,0),IF(G2008=\"CPU\",VLOOKUP($F2008,DADOS_COMPOSICAO,2,0),IF(G2008=\"SICRO\",VLOOKUP($F2008,DADOS_SICRO,2,0),IF(G2008=\"SUDECAP\",VLOOKUP(F2008,DADOS_SUDECAP,2,0),IF(G2008=\"COTAÇÃO\",VLOOKUP($F2008,DADOS_COTACAO,2,0),\"\"))))))","v":"INTERRUPTOR PARALELO (1 MÓDULO), 10A/250V, INCLUINDO SUPORTE E PLACA - FORNECIMENTO E INSTALAÇÃO. AF_03/2023"},91955,"SINAPI",{"$f":"IF(G2008=\"SINAPI\",VLOOKUP($F2008,DADOS_SINAPI,3,0),IF(G2008=\"SETOP\",VLOOKUP($F2008,DADOS_SETOP,3,0),IF(G2008=\"CPU\",VLOOKUP($F2008,DADOS_COMPOSICAO,10,0),IF(G2008=\"SICRO\",VLOOKUP($F2008,DADOS_SICRO,3,0),IF(G2008=\"SUDECAP\",VLOOKUP(F2008,DADOS_SUDECAP,3,0),IF(G2008=\"COTAÇÃO\",VLOOKUP($F2008,DADOS_COTACAO,9,0),\"\"))))))","v":"UN"},{"$f":"F2010","v":7},{"$f":"TRUNC(IF(G2008=\"SINAPI\",VLOOKUP($F2008,DADOS_SINAPI,4,0),IF(G2008=\"SETOP\",VLOOKUP($F2008,DADOS_SETOP,4,0),IF(G2008=\"CPU\",VLOOKUP($F2008,DADOS_COMPOSICAO,13,0),IF(G2008=\"SICRO\",VLOOKUP($F2008,DADOS_SICRO,4,0),IF(G2008=\"SUDECAP\",VLOOKUP(F2008,DADOS_SUDECAP,4,0),IF(G2008=\"COTAÇÃO\",VLOOKUP(F2008,DADOS_COTACAO,12,0),\"\")))))),2)","v":33.47},"BDI 1",{"$f":"TRUNC(J2008*(1+$N$17),2)","v":42.34},{"$f":"IFERROR(TRUNC(I2008*J2008,2),\"\")","v":234.29},{"$f":"L2008*I2008","v":296.38}]
[2000]
[2000,null,null,null,"Total",7,"un"]
[2000]
[{"$f":"IFERROR(LEFT(D2012,SEARCH(\".\",D2012)-1),\"\")","v":"20"},{"$f":"IFERROR(LEFT(RIGHT(D2012,LEN(D2012)-SEARCH(\".\",D2012)),SEARCH(\".\",RIGHT(D2012,LEN(D2012)-SEARCH(\".\",D2012)))-1),\"\")","v":"4"},{"$f":"IFERROR(IF(LEN(D2012)-LEN(SUBSTITUTE(D2012,\".\",\"\"))<>3,\"\",MID(D2012,SEARCH(\".\",D2012,SEARCH(\".\",D2012)+1)+1,LEN(D2012)-SEARCH(\".\",D2012,SEARCH(\".\",D2012)+1)-(LEN(D2012)-(SEARCH(\".\",D2012,SEARCH(\".\",D2012,SEARCH(\".\",D2012)+1)+1)-1)))),\"\")","v":""},"20.4.2",{"$f":"IF($G2012=\"SINAPI\",VLOOKUP($F2012,DADOS_SINAPI,2,0),IF(G2012=\"SETOP\",VLOOKUP($F2012,DADOS_SETOP,2,0),IF(G2012=\"CPU\",VLOOKUP($F2012,DADOS_COMPOSICAO,2,0),IF(G2012=\"SICRO\",VLOOKUP($F2012,DADOS_SICRO,2,0),IF(G2012=\"SUDECAP\",VLOOKUP(F2012,DADOS_SUDECAP,2,0),IF(G2012=\"COTAÇÃO\",VLOOKUP($F2012,DADOS_COTACAO,2,0),\"\"))))))","v":"INTERRUPTOR SIMPLES (2 MÓDULOS) COM INTERRUPTOR PARALELO (1 MÓDULO), 10A/250V, INCLUINDO SUPORTE E PLACA - FORNECIMENTO E INSTALAÇÃO. AF_03/2023"},91965,"SINAPI",{"$f":"IF(G2012=\"SINAPI\",VLOOKUP($F2012,DADOS_SINAPI,3,0),IF(G2012=\"SETOP\",VLOOKUP($F2012,DADOS_SETOP,3,0),IF(G2012=\"CPU\",VLOOKUP($F2012,DADOS_COMPOSICAO,10,0),IF(G2012=\"SICRO\",VLOOKUP($F2012,DADOS_SICRO,3,0),IF(G2012=\"SUDECAP\",VLOOKUP(F2012,DADOS_SUDECAP,3,0),IF(G2012=\"COTAÇÃO\",VLOOKUP($F2012,DADOS_COTACAO,9,0),\"\"))))))","v":"UN"},{"$f":"F2014","v":1},{"$f":"TRUNC(IF(G2012=\"SINAPI\",VLOOKUP($F2012,DADOS_SINAPI,4,0),IF(G2012=\"SETOP\",VLOOKUP($F2012,DADOS_SETOP,4,0),IF(G2012=\"CPU\",VLOOKUP($F2012,DADOS_COMPOSICAO,13,0),IF(G2012=\"SICRO\",VLOOKUP($F2012,DADOS_SICRO,4,0),IF(G2012=\"SUDECAP\",VLOOKUP(F2012,DADOS_SUDECAP,4,0),IF(G2012=\"COTAÇÃO\",VLOOKUP(F2012,DADOS_COTACAO,12,0),\"\")))))),2)","v":62.37},"BDI 1",{"$f":"TRUNC(J2012*(1+$N$17),2)","v":78.91},{"$f":"IFERROR(TRUNC(I2012*J2012,2),\"\")","v":62.37},{"$f":"L2012*I2012","v":78.91}]
[2000]
[2000,null,null,null,"Total",1,"un"]
[2000]
[{"$f":"IFERROR(LEFT(D2016,SEARCH(\".\",D2016)-1),\"\")","v":"20"},{"$f":"IFERROR(LEFT(RIGHT(D2016,LEN(D2016)-SEARCH(\".\",D2016)),SEARCH(\".\",RIGHT(D2016,LEN(D2016)-SEARCH(\".\",D2016)))-1),\"\")","v":"4"},{"$f":"IFERROR(IF(LEN(D2016)-LEN(SUBSTITUTE(D2016,\".\",\"\"))<>3,\"\",MID(D2016,SEARCH(\".\",D2016,SEARCH(\".\",D2016)+1)+1,LEN(D2016)-SEARCH(\".\",D2016,SEARCH(\".\",D2016)+1)-(LEN(D2016)-(SEARCH(\".\",D2016,SEARCH(\".\",D2016,SEARCH(\".\",D2016)+1)+1)-1)))),\"\")","v":""},"20.4.3",{"$f":"IF($G2016=\"SINAPI\",VLOOKUP($F2016,DADOS_SINAPI,2,0),IF(G2016=\"SETOP\",VLOOKUP($F2016,DADOS_SETOP,2,0),IF(G2016=\"CPU\",VLOOKUP($F2016,DADOS_COMPOSICAO,2,0),IF(G2016=\"SICRO\",VLOOKUP($F2016,DADOS_SICRO,2,0),IF(G2016=\"SUDECAP\",VLOOKUP(F2016,DADOS_SUDECAP,2,0),IF(G2016=\"COTAÇÃO\",VLOOKUP($F2016,DADOS_COTACAO,2,0),\"\"))))))","v":"INTERRUPTOR SIMPLES (1 MÓDULO), 10A/250V, INCLUINDO SUPORTE E PLACA - FORNECIMENTO E INSTALAÇÃO. AF_03/2023"},91953,"SINAPI",{"$f":"IF(G2016=\"SINAPI\",VLOOKUP($F2016,DADOS_SINAPI,3,0),IF(G2016=\"SETOP\",VLOOKUP($F2016,DADOS_SETOP,3,0),IF(G2016=\"CPU\",VLOOKUP($F2016,DADOS_COMPOSICAO,10,0),IF(G2016=\"SICRO\",VLOOKUP($F2016,DADOS_SICRO,3,0),IF(G2016=\"SUDECAP\",VLOOKUP(F2016,DADOS_SUDECAP,3,0),IF(G2016=\"COTAÇÃO\",VLOOKUP($F2016,DADOS_COTACAO,9,0),\"\"))))))","v":"UN"},{"$f":"F2018","v":23},{"$f":"TRUNC(IF(G2016=\"SINAPI\",VLOOKUP($F2016,DADOS_SINAPI,4,0),IF(G2016=\"SETOP\",VLOOKUP($F2016,DADOS_SETOP,4,0),IF(G2016=\"CPU\",VLOOKUP($F2016,DADOS_COMPOSICAO,13,0),IF(G2016=\"SICRO\",VLOOKUP($F2016,DADOS_SICRO,4,0),IF(G2016=\"SUDECAP\",VLOOKUP(F2016,DADOS_SUDECAP,4,0),IF(G2016=\"COTAÇÃO\",VLOOKUP(F2016,DADOS_COTACAO,12,0),\"\")))))),2)","v":27.53},"BDI 1",{"$f":"TRUNC(J2016*(1+$N$17),2)","v":34.83},{"$f":"IFERROR(TRUNC(I2016*J2016,2),\"\")","v":633.19000000000005},801.08999999999992]
[2000]
[2000,null,null,null,"Total",23,"un"]
[2000]
[{"$f":"IFERROR(LEFT(D2020,SEARCH(\".\",D2020)-1),\"\")","v":"20"},{"$f":"IFERROR(LEFT(RIGHT(D2020,LEN(D2020)-SEARCH(\".\",D2020)),SEARCH(\".\",RIGHT(D2020,LEN(D2020)-SEARCH(\".\",D2020)))-1),\"\")","v":"4"},{"$f":"IFERROR(IF(LEN(D2020)-LEN(SUBSTITUTE(D2020,\".\",\"\"))<>3,\"\",MID(D2020,SEARCH(\".\",D2020,SEARCH(\".\",D2020)+1)+1,LEN(D2020)-SEARCH(\".\",D2020,SEARCH(\".\",D2020)+1)-(LEN(D2020)-(SEARCH(\".\",D2020,SEARCH(\".\",D2020,SEARCH(\".\",D2020)+1)+1)-1)))),\"\")","v":""},"20.4.5",{"$f":"IF($G2020=\"SINAPI\",VLOOKUP($F2020,DADOS_SINAPI,2,0),IF(G2020=\"SETOP\",VLOOKUP($F2020,DADOS_SETOP,2,0),IF(G2020=\"CPU\",VLOOKUP($F2020,DADOS_COMPOSICAO,2,0),IF(G2020=\"SICRO\",VLOOKUP($F2020,DADOS_SICRO,2,0),IF(G2020=\"SUDECAP\",VLOOKUP(F2020,DADOS_SUDECAP,2,0),IF(G2020=\"COTAÇÃO\",VLOOKUP($F2020,DADOS_COTACAO,2,0),\"\"))))))","v":"CONJUNTO DE UM (1) MÓDULO COM FURO PARA SAÍDA DE FIO Ø10MM, COM PLACA 4\"X2\" DE UM (1) POSTO, INCLUSIVE FORNECIMENTO, INSTALAÇÃO, SUPORTE, MÓDULO E PLACA"},"ED-15763","SETOP",{"$f":"IF(G2020=\"SINAPI\",VLOOKUP($F2020,DADOS_SINAPI,3,0),IF(G2020=\"SETOP\",VLOOKUP($F2020,DADOS_SETOP,3,0),IF(G2020=\"CPU\",VLOOKUP($F2020,DADOS_COMPOSICAO,10,0),IF(G2020=\"SICRO\",VLOOKUP($F2020,DADOS_SICRO,3,0),IF(G2020=\"SUDECAP\",VLOOKUP(F2020,DADOS_SUDECAP,3,0),IF(G2020=\"COTAÇÃO\",VLOOKUP($F2020,DADOS_COTACAO,9,0),\"\"))))))","v":"un"},{"$f":"F2022","v":23},{"$f":"TRUNC(IF(G2020=\"SINAPI\",VLOOKUP($F2020,DADOS_SINAPI,4,0),IF(G2020=\"SETOP\",VLOOKUP($F2020,DADOS_SETOP,4,0),IF(G2020=\"CPU\",VLOOKUP($F2020,DADOS_COMPOSICAO,13,0),IF(G2020=\"SICRO\",VLOOKUP($F2020,DADOS_SICRO,4,0),IF(G2020=\"SUDECAP\",VLOOKUP(F2020,DADOS_SUDECAP,4,0),IF(G2020=\"COTAÇÃO\",VLOOKUP(F2020,DADOS_COTACAO,12,0),\"\")))))),2)","v":15.47},"BDI 1",{"$f":"TRUNC(J2020*(1+$N$17),2)","v":19.57},{"$f":"IFERROR(TRUNC(I2020*J2020,2),\"\")","v":355.81},450.11]
[2000]
[2000,null,null,null,"Total",23,"un"]
[2000]
[{"$f":"IFERROR(LEFT(D2024,SEARCH(\".\",D2024)-1),\"\")","v":"20"},{"$f":"IFERROR(LEFT(RIGHT(D2024,LEN(D2024)-SEARCH(\".\",D2024)),SEARCH(\".\",RIGHT(D2024,LEN(D2024)-SEARCH(\".\",D2024)))-1),\"\")","v":"4"},{"$f":"IFERROR(IF(LEN(D2024)-LEN(SUBSTITUTE(D2024,\".\",\"\"))<>3,\"\",MID(D2024,SEARCH(\".\",D2024,SEARCH(\".\",D2024)+1)+1,LEN(D2024)-SEARCH(\".\",D2024,SEARCH(\".\",D2024)+1)-(LEN(D2024)-(SEARCH(\".\",D2024,SEARCH(\".\",D2024,SEARCH(\".\",D2024)+1)+1)-1)))),\"\")","v":""},"20.4.6",{"$f":"IF($G2024=\"SINAPI\",VLOOKUP($F2024,DADOS_SINAPI,2,0),IF(G2024=\"SETOP\",VLOOKUP($F2024,DADOS_SETOP,2,0),IF(G2024=\"CPU\",VLOOKUP($F2024,DADOS_COMPOSICAO,2,0),IF(G2024=\"SICRO\",VLOOKUP($F2024,DADOS_SICRO,2,0),IF(G2024=\"SUDECAP\",VLOOKUP(F2024,DADOS_SUDECAP,2,0),IF(G2024=\"COTAÇÃO\",VLOOKUP($F2024,DADOS_COTACAO,2,0),\"\"))))))","v":"INTERRUPTOR SIMPLES (1 MÓDULO) COM 1 TOMADA DE EMBUTIR 2P+T 10 A, INCLUINDO SUPORTE E PLACA - FORNECIMENTO E INSTALAÇÃO. AF_03/2023"},92023,"SINAPI",{"$f":"IF(G2024=\"SINAPI\",VLOOKUP($F2024,DADOS_SINAPI,3,0),IF(G2024=\"SETOP\",VLOOKUP($F2024,DADOS_SETOP,3,0),IF(G2024=\"CPU\",VLOOKUP($F2024,DADOS_COMPOSICAO,10,0),IF(G2024=\"SICRO\",VLOOKUP($F2024,DADOS_SICRO,3,0),IF(G2024=\"SUDECAP\",VLOOKUP(F2024,DADOS_SUDECAP,3,0),IF(G2024=\"COTAÇÃO\",VLOOKUP($F2024,DADOS_COTACAO,9,0),\"\"))))))","v":"UN"},{"$f":"F2026","v":6},{"$f":"TRUNC(IF(G2024=\"SINAPI\",VLOOKUP($F2024,DADOS_SINAPI,4,0),IF(G2024=\"SETOP\",VLOOKUP($F2024,DADOS_SETOP,4,0),IF(G2024=\"CPU\",VLOOKUP($F2024,DADOS_COMPOSICAO,13,0),IF(G2024=\"SICRO\",VLOOKUP($F2024,DADOS_SICRO,4,0),IF(G2024=\"SUDECAP\",VLOOKUP(F2024,DADOS_SUDECAP,4,0),IF(G2024=\"COTAÇÃO\",VLOOKUP(F2024,DADOS_COTACAO,12,0),\"\")))))),2)","v":46.82},"BDI 1",{"$f":"TRUNC(J2024*(1+$N$17),2)","v":59.23},{"$f":"IFERROR(TRUNC(I2024*J2024,2),\"\")","v":280.92},355.38]
[2000]
[2000,null,null,null,"Total",6,"un"]
[2000]
[{"$f":"IFERROR(LEFT(D2028,SEARCH(\".\",D2028)-1),\"\")","v":"20"},{"$f":"IFERROR(LEFT(RIGHT(D2028,LEN(D2028)-SEARCH(\".\",D2028)),SEARCH(\".\",RIGHT(D2028,LEN(D2028)-SEARCH(\".\",D2028)))-1),\"\")","v":"4"},{"$f":"IFERROR(IF(LEN(D2028)-LEN(SUBSTITUTE(D2028,\".\",\"\"))<>3,\"\",MID(D2028,SEARCH(\".\",D2028,SEARCH(\".\",D2028)+1)+1,LEN(D2028)-SEARCH(\".\",D2028,SEARCH(\".\",D2028)+1)-(LEN(D2028)-(SEARCH(\".\",D2028,SEARCH(\".\",D2028,SEARCH(\".\",D2028)+1)+1)-1)))),\"\")","v":""},"20.4.7",{"$f":"IF($G2028=\"SINAPI\",VLOOKUP($F2028,DADOS_SINAPI,2,0),IF(G2028=\"SETOP\",VLOOKUP($F2028,DADOS_SETOP,2,0),IF(G2028=\"CPU\",VLOOKUP($F2028,DADOS_COMPOSICAO,2,0),IF(G2028=\"SICRO\",VLOOKUP($F2028,DADOS_SICRO,2,0),IF(G2028=\"SUDECAP\",VLOOKUP(F2028,DADOS_SUDECAP,2,0),IF(G2028=\"COTAÇÃO\",VLOOKUP($F2028,DADOS_COTACAO,2,0),\"\"))))))","v":"TOMADA MÉDIA DE EMBUTIR (2 MÓDULOS), 2P+T 10 A, INCLUINDO SUPORTE E PLACA - FORNECIMENTO E INSTALAÇÃO. AF_03/2023"},92004,"SINAPI",{"$f":"IF(G2028=\"SINAPI\",VLOOKUP($F2028,DADOS_SINAPI,3,0),IF(G2028=\"SETOP\",VLOOKUP($F2028,DADOS_SETOP,3,0),IF(G2028=\"CPU\",VLOOKUP($F2028,DADOS_COMPOSICAO,10,0),IF(G2028=\"SICRO\",VLOOKUP($F2028,DADOS_SICRO,3,0),IF(G2028=\"SUDECAP\",VLOOKUP(F2028,DADOS_SUDECAP,3,0),IF(G2028=\"COTAÇÃO\",VLOOKUP($F2028,DADOS_COTACAO,9,0),\"\"))))))","v":"UN"},{"$f":"F2030","v":31},{"$f":"TRUNC(IF(G2028=\"SINAPI\",VLOOKUP($F2028,DADOS_SINAPI,4,0),IF(G2028=\"SETOP\",VLOOKUP($F2028,DADOS_SETOP,4,0),IF(G2028=\"CPU\",VLOOKUP($F2028,DADOS_COMPOSICAO,13,0),IF(G2028=\"SICRO\",VLOOKUP($F2028,DADOS_SICRO,4,0),IF(G2028=\"SUDECAP\",VLOOKUP(F2028,DADOS_SUDECAP,4,0),IF(G2028=\"COTAÇÃO\",VLOOKUP(F2028,DADOS_COTACAO,12,0),\"\")))))),2)","v":51.75},"BDI 1",{"$f":"TRUNC(J2028*(1+$N$17),2)","v":65.47},{"$f":"IFERROR(TRUNC(I2028*J2028,2),\"\")","v":1604.25},2029.57]
[2000]
[2000,null,null,null,"Total",31,"un"]
[2000]
[{"$f":"IFERROR(LEFT(D2032,SEARCH(\".\",D2032)-1),\"\")","v":"20"},{"$f":"IFERROR(LEFT(RIGHT(D2032,LEN(D2032)-SEARCH(\".\",D2032)),SEARCH(\".\",RIGHT(D2032,LEN(D2032)-SEARCH(\".\",D2032)))-1),\"\")","v":"4"},{"$f":"IFERROR(IF(LEN(D2032)-LEN(SUBSTITUTE(D2032,\".\",\"\"))<>3,\"\",MID(D2032,SEARCH(\".\",D2032,SEARCH(\".\",D2032)+1)+1,LEN(D2032)-SEARCH(\".\",D2032,SEARCH(\".\",D2032)+1)-(LEN(D2032)-(SEARCH(\".\",D2032,SEARCH(\".\",D2032,SEARCH(\".\",D2032)+1)+1)-1)))),\"\")","v":""},"20.4.8",{"$f":"IF($G2032=\"SINAPI\",VLOOKUP($F2032,DADOS_SINAPI,2,0),IF(G2032=\"SETOP\",VLOOKUP($F2032,DADOS_SETOP,2,0),IF(G2032=\"CPU\",VLOOKUP($F2032,DADOS_COMPOSICAO,2,0),IF(G2032=\"SICRO\",VLOOKUP($F2032,DADOS_SICRO,2,0),IF(G2032=\"SUDECAP\",VLOOKUP(F2032,DADOS_SUDECAP,2,0),IF(G2032=\"COTAÇÃO\",VLOOKUP($F2032,DADOS_COTACAO,2,0),\"\"))))))","v":"TOMADA MÉDIA DE EMBUTIR (1 MÓDULO), 2P+T 10 A, INCLUINDO SUPORTE E PLACA - FORNECIMENTO E INSTALAÇÃO. AF_03/2023"},91996,"SINAPI",{"$f":"IF(G2032=\"SINAPI\",VLOOKUP($F2032,DADOS_SINAPI,3,0),IF(G2032=\"SETOP\",VLOOKUP($F2032,DADOS_SETOP,3,0),IF(G2032=\"CPU\",VLOOKUP($F2032,DADOS_COMPOSICAO,10,0),IF(G2032=\"SICRO\",VLOOKUP($F2032,DADOS_SICRO,3,0),IF(G2032=\"SUDECAP\",VLOOKUP(F2032,DADOS_SUDECAP,3,0),IF(G2032=\"COTAÇÃO\",VLOOKUP($F2032,DADOS_COTACAO,9,0),\"\"))))))","v":"UN"},{"$f":"F2034","v":83},{"$f":"TRUNC(IF(G2032=\"SINAPI\",VLOOKUP($F2032,DADOS_SINAPI,4,0),IF(G2032=\"SETOP\",VLOOKUP($F2032,DADOS_SETOP,4,0),IF(G2032=\"CPU\",VLOOKUP($F2032,DADOS_COMPOSICAO,13,0),IF(G2032=\"SICRO\",VLOOKUP($F2032,DADOS_SICRO,4,0),IF(G2032=\"SUDECAP\",VLOOKUP(F2032,DADOS_SUDECAP,4,0),IF(G2032=\"COTAÇÃO\",VLOOKUP(F2032,DADOS_COTACAO,12,0),\"\")))))),2)","v":32.4},"BDI 1",{"$f":"TRUNC(J2032*(1+$N$17),2)","v":40.99},{"$f":"IFERROR(TRUNC(I2032*J2032,2),\"\")","v":2689.2},3402.17]
[2000]
[2000,null,null,null,"Total",83,"un"]
[2000]
[{"$f":"IFERROR(LEFT(D2036,SEARCH(\".\",D2036)-1),\"\")","v":"20"},{"$f":"IFERROR(LEFT(RIGHT(D2036,LEN(D2036)-SEARCH(\".\",D2036)),SEARCH(\".\",RIGHT(D2036,LEN(D2036)-SEARCH(\".\",D2036)))-1),\"\")","v":"4"},{"$f":"IFERROR(IF(LEN(D2036)-LEN(SUBSTITUTE(D2036,\".\",\"\"))<>3,\"\",MID(D2036,SEARCH(\".\",D2036,SEARCH(\".\",D2036)+1)+1,LEN(D2036)-SEARCH(\".\",D2036,SEARCH(\".\",D2036)+1)-(LEN(D2036)-(SEARCH(\".\",D2036,SEARCH(\".\",D2036,SEARCH(\".\",D2036)+1)+1)-1)))),\"\")","v":""},"20.4.9",{"$f":"IF($G2036=\"SINAPI\",VLOOKUP($F2036,DADOS_SINAPI,2,0),IF(G2036=\"SETOP\",VLOOKUP($F2036,DADOS_SETOP,2,0),IF(G2036=\"CPU\",VLOOKUP($F2036,DADOS_COMPOSICAO,2,0),IF(G2036=\"SICRO\",VLOOKUP($F2036,DADOS_SICRO,2,0),IF(G2036=\"SUDECAP\",VLOOKUP(F2036,DADOS_SUDECAP,2,0),IF(G2036=\"COTAÇÃO\",VLOOKUP($F2036,DADOS_COTACAO,2,0),\"\"))))))","v":"TOMADA MÉDIA DE EMBUTIR (2 MÓDULOS), 2P+T 20 A, INCLUINDO SUPORTE E PLACA - FORNECIMENTO E INSTALAÇÃO. AF_03/2023"},92005,"SINAPI",{"$f":"IF(G2036=\"SINAPI\",VLOOKUP($F2036,DADOS_SINAPI,3,0),IF(G2036=\"SETOP\",VLOOKUP($F2036,DADOS_SETOP,3,0),IF(G2036=\"CPU\",VLOOKUP($F2036,DADOS_COMPOSICAO,10,0),IF(G2036=\"SICRO\",VLOOKUP($F2036,DADOS_SICRO,3,0),IF(G2036=\"SUDECAP\",VLOOKUP(F2036,DADOS_SUDECAP,3,0),IF(G2036=\"COTAÇÃO\",VLOOKUP($F2036,DADOS_COTACAO,9,0),\"\"))))))","v":"UN"},{"$f":"F2038","v":11},{"$f":"TRUNC(IF(G2036=\"SINAPI\",VLOOKUP($F2036,DADOS_SINAPI,4,0),IF(G2036=\"SETOP\",VLOOKUP($F2036,DADOS_SETOP,4,0),IF(G2036=\"CPU\",VLOOKUP($F2036,DADOS_COMPOSICAO,13,0),IF(G2036=\"SICRO\",VLOOKUP($F2036,DADOS_SICRO,4,0),IF(G2036=\"SUDECAP\",VLOOKUP(F2036,DADOS_SUDECAP,4,0),IF(G2036=\"COTAÇÃO\",VLOOKUP(F2036,DADOS_COTACAO,12,0),\"\")))))),2)","v":55.89},"BDI 1",{"$f":"TRUNC(J2036*(1+$N$17),2)","v":70.709999999999994},{"$f":"IFERROR(TRUNC(I2036*J2036,2),\"\")","v":614.79},777.81]
[2000]
[2000,null,null,null,"Total",11,"un"]
[2000]
[{"$f":"IFERROR(LEFT(D2040,SEARCH(\".\",D2040)-1),\"\")","v":"20"},{"$f":"IFERROR(LEFT(RIGHT(D2040,LEN(D2040)-SEARCH(\".\",D2040)),SEARCH(\".\",RIGHT(D2040,LEN(D2040)-SEARCH(\".\",D2040)))-1),\"\")","v":"4"},{"$f":"IFERROR(IF(LEN(D2040)-LEN(SUBSTITUTE(D2040,\".\",\"\"))<>3,\"\",MID(D2040,SEARCH(\".\",D2040,SEARCH(\".\",D2040)+1)+1,LEN(D2040)-SEARCH(\".\",D2040,SEARCH(\".\",D2040)+1)-(LEN(D2040)-(SEARCH(\".\",D2040,SEARCH(\".\",D2040,SEARCH(\".\",D2040)+1)+1)-1)))),\"\")","v":""},"20.4.10",{"$f":"IF($G2040=\"SINAPI\",VLOOKUP($F2040,DADOS_SINAPI,2,0),IF(G2040=\"SETOP\",VLOOKUP($F2040,DADOS_SETOP,2,0),IF(G2040=\"CPU\",VLOOKUP($F2040,DADOS_COMPOSICAO,2,0),IF(G2040=\"SICRO\",VLOOKUP($F2040,DADOS_SICRO,2,0),IF(G2040=\"SUDECAP\",VLOOKUP(F2040,DADOS_SUDECAP,2,0),IF(G2040=\"COTAÇÃO\",VLOOKUP($F2040,DADOS_COTACAO,2,0),\"\"))))))","v":"RELÉ FOTOELÉTRICO PARA COMANDO DE ILUMINAÇÃO EXTERNA 1000 W - FORNECIMENTO E INSTALAÇÃO. AF_08/2020"},101632,"SINAPI",{"$f":"IF(G2040=\"SINAPI\",VLOOKUP($F2040,DADOS_SINAPI,3,0),IF(G2040=\"SETOP\",VLOOKUP($F2040,DADOS_SETOP,3,0),IF(G2040=\"CPU\",VLOOKUP($F2040,DADOS_COMPOSICAO,10,0),IF(G2040=\"SICRO\",VLOOKUP($F2040,DADOS_SICRO,3,0),IF(G2040=\"SUDECAP\",VLOOKUP(F2040,DADOS_SUDECAP,3,0),IF(G2040=\"COTAÇÃO\",VLOOKUP($F2040,DADOS_COTACAO,9,0),\"\"))))))","v":"UN"},{"$f":"F2042","v":6},{"$f":"TRUNC(IF(G2040=\"SINAPI\",VLOOKUP($F2040,DADOS_SINAPI,4,0),IF(G2040=\"SETOP\",VLOOKUP($F2040,DADOS_SETOP,4,0),IF(G2040=\"CPU\",VLOOKUP($F2040,DADOS_COMPOSICAO,13,0),IF(G2040=\"SICRO\",VLOOKUP($F2040,DADOS_SICRO,4,0),IF(G2040=\"SUDECAP\",VLOOKUP(F2040,DADOS_SUDECAP,4,0),IF(G2040=\"COTAÇÃO\",VLOOKUP(F2040,DADOS_COTACAO,12,0),\"\")))))),2)","v":36.31},"BDI 1",{"$f":"TRUNC(J2040*(1+$N$17),2)","v":45.93},{"$f":"IFERROR(TRUNC(I2040*J2040,2),\"\")","v":217.86},275.58]
[2000]
[2000,null,null,null,"Total",6,"un"]
[2000]
[null,null,null,"20.5","DISPOSITIVO DE PROTEÇÃO",null,null,null,null,null,null,null,{"$f":"IFERROR(SUMIFS(M:M,A:A,LEFT(D2044,SEARCH(\".\",D2044)-1),B:B,RIGHT(D2044,LEN(D2044)-SEARCH(\".\",D2044))),\"\")","v":8778.5099999999984},{"$f":"IFERROR(SUMIFS(N:N,A:A,LEFT(D2044,SEARCH(\".\",D2044)-1),B:B,RIGHT(D2044,LEN(D2044)-SEARCH(\".\",D2044))),\"\")","v":11105.84}]
[{"$f":"IFERROR(LEFT(D2045,SEARCH(\".\",D2045)-1),\"\")","v":"20"},{"$f":"IFERROR(LEFT(RIGHT(D2045,LEN(D2045)-SEARCH(\".\",D2045)),SEARCH(\".\",RIGHT(D2045,LEN(D2045)-SEARCH(\".\",D2045)))-1),\"\")","v":"5"},{"$f":"IFERROR(IF(LEN(D2045)-LEN(SUBSTITUTE(D2045,\".\",\"\"))<>3,\"\",MID(D2045,SEARCH(\".\",D2045,SEARCH(\".\",D2045)+1)+1,LEN(D2045)-SEARCH(\".\",D2045,SEARCH(\".\",D2045)+1)-(LEN(D2045)-(SEARCH(\".\",D2045,SEARCH(\".\",D2045,SEARCH(\".\",D2045)+1)+1)-1)))),\"\")","v":""},"20.5.1",{"$f":"IF($G2045=\"SINAPI\",VLOOKUP($F2045,DADOS_SINAPI,2,0),IF(G2045=\"SETOP\",VLOOKUP($F2045,DADOS_SETOP,2,0),IF(G2045=\"CPU\",VLOOKUP($F2045,DADOS_COMPOSICAO,2,0),IF(G2045=\"SICRO\",VLOOKUP($F2045,DADOS_SICRO,2,0),IF(G2045=\"SUDECAP\",VLOOKUP(F2045,DADOS_SUDECAP,2,0),IF(G2045=\"COTAÇÃO\",VLOOKUP($F2045,DADOS_COTACAO,2,0),\"\"))))))","v":"DISJUNTOR TRIPOLAR TIPO DIN, CORRENTE NOMINAL DE 10A - FORNECIMENTO E INSTALAÇÃO. AF_10/2020"},93667,"SINAPI",{"$f":"IF(G2045=\"SINAPI\",VLOOKUP($F2045,DADOS_SINAPI,3,0),IF(G2045=\"SETOP\",VLOOKUP($F2045,DADOS_SETOP,3,0),IF(G2045=\"CPU\",VLOOKUP($F2045,DADOS_COMPOSICAO,10,0),IF(G2045=\"SICRO\",VLOOKUP($F2045,DADOS_SICRO,3,0),IF(G2045=\"SUDECAP\",VLOOKUP(F2045,DADOS_SUDECAP,3,0),IF(G2045=\"COTAÇÃO\",VLOOKUP($F2045,DADOS_COTACAO,9,0),\"\"))))))","v":"UN"},{"$f":"F2047","v":2},{"$f":"TRUNC(IF(G2045=\"SINAPI\",VLOOKUP($F2045,DADOS_SINAPI,4,0),IF(G2045=\"SETOP\",VLOOKUP($F2045,DADOS_SETOP,4,0),IF(G2045=\"CPU\",VLOOKUP($F2045,DADOS_COMPOSICAO,13,0),IF(G2045=\"SICRO\",VLOOKUP($F2045,DADOS_SICRO,4,0),IF(G2045=\"SUDECAP\",VLOOKUP(F2045,DADOS_SUDECAP,4,0),IF(G2045=\"COTAÇÃO\",VLOOKUP(F2045,DADOS_COTACAO,12,0),\"\")))))),2)","v":106.69},"BDI 1",{"$f":"TRUNC(J2045*(1+$N$17),2)","v":134.97999999999999},{"$f":"IFERROR(TRUNC(I2045*J2045,2),\"\")","v":213.38},{"$f":"L2045*I2045","v":269.95999999999998}]
[2000]
[2000,null,null,null,"Total",2,"un"]
[2000]
[{"$f":"IFERROR(LEFT(D2049,SEARCH(\".\",D2049)-1),\"\")","v":"20"},{"$f":"IFERROR(LEFT(RIGHT(D2049,LEN(D2049)-SEARCH(\".\",D2049)),SEARCH(\".\",RIGHT(D2049,LEN(D2049)-SEARCH(\".\",D2049)))-1),\"\")","v":"5"},{"$f":"IFERROR(IF(LEN(D2049)-LEN(SUBSTITUTE(D2049,\".\",\"\"))<>3,\"\",MID(D2049,SEARCH(\".\",D2049,SEARCH(\".\",D2049)+1)+1,LEN(D2049)-SEARCH(\".\",D2049,SEARCH(\".\",D2049)+1)-(LEN(D2049)-(SEARCH(\".\",D2049,SEARCH(\".\",D2049,SEARCH(\".\",D2049)+1)+1)-1)))),\"\")","v":""},"20.5.2",{"$f":"IF($G2049=\"SINAPI\",VLOOKUP($F2049,DADOS_SINAPI,2,0),IF(G2049=\"SETOP\",VLOOKUP($F2049,DADOS_SETOP,2,0),IF(G2049=\"CPU\",VLOOKUP($F2049,DADOS_COMPOSICAO,2,0),IF(G2049=\"SICRO\",VLOOKUP($F2049,DADOS_SICRO,2,0),IF(G2049=\"SUDECAP\",VLOOKUP(F2049,DADOS_SUDECAP,2,0),IF(G2049=\"COTAÇÃO\",VLOOKUP($F2049,DADOS_COTACAO,2,0),\"\"))))))","v":"DISJUNTOR TRIPOLAR TIPO DIN, CORRENTE NOMINAL DE 16A - FORNECIMENTO E INSTALAÇÃO. AF_10/2020"},93668,"SINAPI",{"$f":"IF(G2049=\"SINAPI\",VLOOKUP($F2049,DADOS_SINAPI,3,0),IF(G2049=\"SETOP\",VLOOKUP($F2049,DADOS_SETOP,3,0),IF(G2049=\"CPU\",VLOOKUP($F2049,DADOS_COMPOSICAO,10,0),IF(G2049=\"SICRO\",VLOOKUP($F2049,DADOS_SICRO,3,0),IF(G2049=\"SUDECAP\",VLOOKUP(F2049,DADOS_SUDECAP,3,0),IF(G2049=\"COTAÇÃO\",VLOOKUP($F2049,DADOS_COTACAO,9,0),\"\"))))))","v":"UN"},{"$f":"F2051","v":2},{"$f":"TRUNC(IF(G2049=\"SINAPI\",VLOOKUP($F2049,DADOS_SINAPI,4,0),IF(G2049=\"SETOP\",VLOOKUP($F2049,DADOS_SETOP,4,0),IF(G2049=\"CPU\",VLOOKUP($F2049,DADOS_COMPOSICAO,13,0),IF(G2049=\"SICRO\",VLOOKUP($F2049,DADOS_SICRO,4,0),IF(G2049=\"SUDECAP\",VLOOKUP(F2049,DADOS_SUDECAP,4,0),IF(G2049=\"COTAÇÃO\",VLOOKUP(F2049,DADOS_COTACAO,12,0),\"\")))))),2)","v":108.43},"BDI 1",{"$f":"TRUNC(J2049*(1+$N$17),2)","v":137.18},{"$f":"IFERROR(TRUNC(I2049*J2049,2),\"\")","v":216.86},{"$f":"L2049*I2049","v":274.36}]
[2000]
[2000,null,null,null,"Total",2,"un"]
[2000]
[{"$f":"IFERROR(LEFT(D2053,SEARCH(\".\",D2053)-1),\"\")","v":"20"},{"$f":"IFERROR(LEFT(RIGHT(D2053,LEN(D2053)-SEARCH(\".\",D2053)),SEARCH(\".\",RIGHT(D2053,LEN(D2053)-SEARCH(\".\",D2053)))-1),\"\")","v":"5"},{"$f":"IFERROR(IF(LEN(D2053)-LEN(SUBSTITUTE(D2053,\".\",\"\"))<>3,\"\",MID(D2053,SEARCH(\".\",D2053,SEARCH(\".\",D2053)+1)+1,LEN(D2053)-SEARCH(\".\",D2053,SEARCH(\".\",D2053)+1)-(LEN(D2053)-(SEARCH(\".\",D2053,SEARCH(\".\",D2053,SEARCH(\".\",D2053)+1)+1)-1)))),\"\")","v":""},"20.5.3",{"$f":"IF($G2053=\"SINAPI\",VLOOKUP($F2053,DADOS_SINAPI,2,0),IF(G2053=\"SETOP\",VLOOKUP($F2053,DADOS_SETOP,2,0),IF(G2053=\"CPU\",VLOOKUP($F2053,DADOS_COMPOSICAO,2,0),IF(G2053=\"SICRO\",VLOOKUP($F2053,DADOS_SICRO,2,0),IF(G2053=\"SUDECAP\",VLOOKUP(F2053,DADOS_SUDECAP,2,0),IF(G2053=\"COTAÇÃO\",VLOOKUP($F2053,DADOS_COTACAO,2,0),\"\"))))))","v":"DISJUNTOR TERMOMAGNETICO TRIPOLAR 150 A / 600 V, TIPO FXD / ICC - 35 KA                                                                                                                                                                                                                                                                                                                                                                                                                                   "},2374,"SINAPI",{"$f":"IF(G2053=\"SINAPI\",VLOOKUP($F2053,DADOS_SINAPI,3,0),IF(G2053=\"SETOP\",VLOOKUP($F2053,DADOS_SETOP,3,0),IF(G2053=\"CPU\",VLOOKUP($F2053,DADOS_COMPOSICAO,10,0),IF(G2053=\"SICRO\",VLOOKUP($F2053,DADOS_SICRO,3,0),IF(G2053=\"SUDECAP\",VLOOKUP(F2053,DADOS_SUDECAP,3,0),IF(G2053=\"COTAÇÃO\",VLOOKUP($F2053,DADOS_COTACAO,9,0),\"\"))))))","v":"UN    "},{"$f":"F2055","v":1},{"$f":"TRUNC(IF(G2053=\"SINAPI\",VLOOKUP($F2053,DADOS_SINAPI,4,0),IF(G2053=\"SETOP\",VLOOKUP($F2053,DADOS_SETOP,4,0),IF(G2053=\"CPU\",VLOOKUP($F2053,DADOS_COMPOSICAO,13,0),IF(G2053=\"SICRO\",VLOOKUP($F2053,DADOS_SICRO,4,0),IF(G2053=\"SUDECAP\",VLOOKUP(F2053,DADOS_SUDECAP,4,0),IF(G2053=\"COTAÇÃO\",VLOOKUP(F2053,DADOS_COTACAO,12,0),\"\")))))),2)","v":603.99},"BDI 1",{"$f":"TRUNC(J2053*(1+$N$17),2)","v":764.16},{"$f":"IFERROR(TRUNC(I2053*J2053,2),\"\")","v":603.99},764.16]
[2000]
[2000,null,null,null,"Total",1,"un"]
[2000]
[{"$f":"IFERROR(LEFT(D2057,SEARCH(\".\",D2057)-1),\"\")","v":"20"},{"$f":"IFERROR(LEFT(RIGHT(D2057,LEN(D2057)-SEARCH(\".\",D2057)),SEARCH(\".\",RIGHT(D2057,LEN(D2057)-SEARCH(\".\",D2057)))-1),\"\")","v":"5"},{"$f":"IFERROR(IF(LEN(D2057)-LEN(SUBSTITUTE(D2057,\".\",\"\"))<>3,\"\",MID(D2057,SEARCH(\".\",D2057,SEARCH(\".\",D2057)+1)+1,LEN(D2057)-SEARCH(\".\",D2057,SEARCH(\".\",D2057)+1)-(LEN(D2057)-(SEARCH(\".\",D2057,SEARCH(\".\",D2057,SEARCH(\".\",D2057)+1)+1)-1)))),\"\")","v":""},"20.5.4",{"$f":"IF($G2057=\"SINAPI\",VLOOKUP($F2057,DADOS_SINAPI,2,0),IF(G2057=\"SETOP\",VLOOKUP($F2057,DADOS_SETOP,2,0),IF(G2057=\"CPU\",VLOOKUP($F2057,DADOS_COMPOSICAO,2,0),IF(G2057=\"SICRO\",VLOOKUP($F2057,DADOS_SICRO,2,0),IF(G2057=\"SUDECAP\",VLOOKUP(F2057,DADOS_SUDECAP,2,0),IF(G2057=\"COTAÇÃO\",VLOOKUP($F2057,DADOS_COTACAO,2,0),\"\"))))))","v":"DISJUNTOR TRIPOLAR TIPO DIN, CORRENTE NOMINAL DE 20A - FORNECIMENTO E INSTALAÇÃO. AF_10/2020"},93669,"SINAPI",{"$f":"IF(G2057=\"SINAPI\",VLOOKUP($F2057,DADOS_SINAPI,3,0),IF(G2057=\"SETOP\",VLOOKUP($F2057,DADOS_SETOP,3,0),IF(G2057=\"CPU\",VLOOKUP($F2057,DADOS_COMPOSICAO,10,0),IF(G2057=\"SICRO\",VLOOKUP($F2057,DADOS_SICRO,3,0),IF(G2057=\"SUDECAP\",VLOOKUP(F2057,DADOS_SUDECAP,3,0),IF(G2057=\"COTAÇÃO\",VLOOKUP($F2057,DADOS_COTACAO,9,0),\"\"))))))","v":"UN"},{"$f":"F2059","v":2},{"$f":"TRUNC(IF(G2057=\"SINAPI\",VLOOKUP($F2057,DADOS_SINAPI,4,0),IF(G2057=\"SETOP\",VLOOKUP($F2057,DADOS_SETOP,4,0),IF(G2057=\"CPU\",VLOOKUP($F2057,DADOS_COMPOSICAO,13,0),IF(G2057=\"SICRO\",VLOOKUP($F2057,DADOS_SICRO,4,0),IF(G2057=\"SUDECAP\",VLOOKUP(F2057,DADOS_SUDECAP,4,0),IF(G2057=\"COTAÇÃO\",VLOOKUP(F2057,DADOS_COTACAO,12,0),\"\")))))),2)","v":112.31},"BDI 1",{"$f":"TRUNC(J2057*(1+$N$17),2)","v":142.09},{"$f":"IFERROR(TRUNC(I2057*J2057,2),\"\")","v":224.62},284.18]
[2000]
[2000,null,null,null,"Total",2,"un"]
[2000]
[{"$f":"IFERROR(LEFT(D2061,SEARCH(\".\",D2061)-1),\"\")","v":"20"},{"$f":"IFERROR(LEFT(RIGHT(D2061,LEN(D2061)-SEARCH(\".\",D2061)),SEARCH(\".\",RIGHT(D2061,LEN(D2061)-SEARCH(\".\",D2061)))-1),\"\")","v":"5"},{"$f":"IFERROR(IF(LEN(D2061)-LEN(SUBSTITUTE(D2061,\".\",\"\"))<>3,\"\",MID(D2061,SEARCH(\".\",D2061,SEARCH(\".\",D2061)+1)+1,LEN(D2061)-SEARCH(\".\",D2061,SEARCH(\".\",D2061)+1)-(LEN(D2061)-(SEARCH(\".\",D2061,SEARCH(\".\",D2061,SEARCH(\".\",D2061)+1)+1)-1)))),\"\")","v":""},"20.5.5",{"$f":"IF($G2061=\"SINAPI\",VLOOKUP($F2061,DADOS_SINAPI,2,0),IF(G2061=\"SETOP\",VLOOKUP($F2061,DADOS_SETOP,2,0),IF(G2061=\"CPU\",VLOOKUP($F2061,DADOS_COMPOSICAO,2,0),IF(G2061=\"SICRO\",VLOOKUP($F2061,DADOS_SICRO,2,0),IF(G2061=\"SUDECAP\",VLOOKUP(F2061,DADOS_SUDECAP,2,0),IF(G2061=\"COTAÇÃO\",VLOOKUP($F2061,DADOS_COTACAO,2,0),\"\"))))))","v":"DISJUNTOR TRIPOLAR TIPO DIN, CORRENTE NOMINAL DE 32A - FORNECIMENTO E INSTALAÇÃO. AF_10/2020"},93671,"SINAPI",{"$f":"IF(G2061=\"SINAPI\",VLOOKUP($F2061,DADOS_SINAPI,3,0),IF(G2061=\"SETOP\",VLOOKUP($F2061,DADOS_SETOP,3,0),IF(G2061=\"CPU\",VLOOKUP($F2061,DADOS_COMPOSICAO,10,0),IF(G2061=\"SICRO\",VLOOKUP($F2061,DADOS_SICRO,3,0),IF(G2061=\"SUDECAP\",VLOOKUP(F2061,DADOS_SUDECAP,3,0),IF(G2061=\"COTAÇÃO\",VLOOKUP($F2061,DADOS_COTACAO,9,0),\"\"))))))","v":"UN"},{"$f":"F2063","v":2},{"$f":"TRUNC(IF(G2061=\"SINAPI\",VLOOKUP($F2061,DADOS_SINAPI,4,0),IF(G2061=\"SETOP\",VLOOKUP($F2061,DADOS_SETOP,4,0),IF(G2061=\"CPU\",VLOOKUP($F2061,DADOS_COMPOSICAO,13,0),IF(G2061=\"SICRO\",VLOOKUP($F2061,DADOS_SICRO,4,0),IF(G2061=\"SUDECAP\",VLOOKUP(F2061,DADOS_SUDECAP,4,0),IF(G2061=\"COTAÇÃO\",VLOOKUP(F2061,DADOS_COTACAO,12,0),\"\")))))),2)","v":116.84},"BDI 1",{"$f":"TRUNC(J2061*(1+$N$17),2)","v":147.82},{"$f":"IFERROR(TRUNC(I2061*J2061,2),\"\")","v":233.68},295.64]
[2000]
[2000,null,null,null,"Total",2,"un"]
[2000]
[{"$f":"IFERROR(LEFT(D2065,SEARCH(\".\",D2065)-1),\"\")","v":"20"},{"$f":"IFERROR(LEFT(RIGHT(D2065,LEN(D2065)-SEARCH(\".\",D2065)),SEARCH(\".\",RIGHT(D2065,LEN(D2065)-SEARCH(\".\",D2065)))-1),\"\")","v":"5"},{"$f":"IFERROR(IF(LEN(D2065)-LEN(SUBSTITUTE(D2065,\".\",\"\"))<>3,\"\",MID(D2065,SEARCH(\".\",D2065,SEARCH(\".\",D2065)+1)+1,LEN(D2065)-SEARCH(\".\",D2065,SEARCH(\".\",D2065)+1)-(LEN(D2065)-(SEARCH(\".\",D2065,SEARCH(\".\",D2065,SEARCH(\".\",D2065)+1)+1)-1)))),\"\")","v":""},"20.5.6",{"$f":"IF($G2065=\"SINAPI\",VLOOKUP($F2065,DADOS_SINAPI,2,0),IF(G2065=\"SETOP\",VLOOKUP($F2065,DADOS_SETOP,2,0),IF(G2065=\"CPU\",VLOOKUP($F2065,DADOS_COMPOSICAO,2,0),IF(G2065=\"SICRO\",VLOOKUP($F2065,DADOS_SICRO,2,0),IF(G2065=\"SUDECAP\",VLOOKUP(F2065,DADOS_SUDECAP,2,0),IF(G2065=\"COTAÇÃO\",VLOOKUP($F2065,DADOS_COTACAO,2,0),\"\"))))))","v":"DISJUNTOR TRIPOLAR TIPO DIN, CORRENTE NOMINAL DE 40A - FORNECIMENTO E INSTALAÇÃO. AF_10/2020"},93672,"SINAPI",{"$f":"IF(G2065=\"SINAPI\",VLOOKUP($F2065,DADOS_SINAPI,3,0),IF(G2065=\"SETOP\",VLOOKUP($F2065,DADOS_SETOP,3,0),IF(G2065=\"CPU\",VLOOKUP($F2065,DADOS_COMPOSICAO,10,0),IF(G2065=\"SICRO\",VLOOKUP($F2065,DADOS_SICRO,3,0),IF(G2065=\"SUDECAP\",VLOOKUP(F2065,DADOS_SUDECAP,3,0),IF(G2065=\"COTAÇÃO\",VLOOKUP($F2065,DADOS_COTACAO,9,0),\"\"))))))","v":"UN"},{"$f":"F2067","v":4},{"$f":"TRUNC(IF(G2065=\"SINAPI\",VLOOKUP($F2065,DADOS_SINAPI,4,0),IF(G2065=\"SETOP\",VLOOKUP($F2065,DADOS_SETOP,4,0),IF(G2065=\"CPU\",VLOOKUP($F2065,DADOS_COMPOSICAO,13,0),IF(G2065=\"SICRO\",VLOOKUP($F2065,DADOS_SICRO,4,0),IF(G2065=\"SUDECAP\",VLOOKUP(F2065,DADOS_SUDECAP,4,0),IF(G2065=\"COTAÇÃO\",VLOOKUP(F2065,DADOS_COTACAO,12,0),\"\")))))),2)","v":123.52},"BDI 1",{"$f":"TRUNC(J2065*(1+$N$17),2)","v":156.27000000000001},{"$f":"IFERROR(TRUNC(I2065*J2065,2),\"\")","v":494.08},625.08000000000004]
[2000]
[2000,null,null,null,"Total",4,"un"]
[2000]
[{"$f":"IFERROR(LEFT(D2069,SEARCH(\".\",D2069)-1),\"\")","v":"20"},{"$f":"IFERROR(LEFT(RIGHT(D2069,LEN(D2069)-SEARCH(\".\",D2069)),SEARCH(\".\",RIGHT(D2069,LEN(D2069)-SEARCH(\".\",D2069)))-1),\"\")","v":"5"},{"$f":"IFERROR(IF(LEN(D2069)-LEN(SUBSTITUTE(D2069,\".\",\"\"))<>3,\"\",MID(D2069,SEARCH(\".\",D2069,SEARCH(\".\",D2069)+1)+1,LEN(D2069)-SEARCH(\".\",D2069,SEARCH(\".\",D2069)+1)-(LEN(D2069)-(SEARCH(\".\",D2069,SEARCH(\".\",D2069,SEARCH(\".\",D2069)+1)+1)-1)))),\"\")","v":""},"20.5.7",{"$f":"IF($G2069=\"SINAPI\",VLOOKUP($F2069,DADOS_SINAPI,2,0),IF(G2069=\"SETOP\",VLOOKUP($F2069,DADOS_SETOP,2,0),IF(G2069=\"CPU\",VLOOKUP($F2069,DADOS_COMPOSICAO,2,0),IF(G2069=\"SICRO\",VLOOKUP($F2069,DADOS_SICRO,2,0),IF(G2069=\"SUDECAP\",VLOOKUP(F2069,DADOS_SUDECAP,2,0),IF(G2069=\"COTAÇÃO\",VLOOKUP($F2069,DADOS_COTACAO,2,0),\"\"))))))","v":"DISJUNTOR TRIPOLAR TIPO DIN, CORRENTE NOMINAL DE 80A, FORNECIMENTO E INSTALAÇÃO, INCLUSIVE TERMINAL ILHÓS"},"ED-34495","SETOP",{"$f":"IF(G2069=\"SINAPI\",VLOOKUP($F2069,DADOS_SINAPI,3,0),IF(G2069=\"SETOP\",VLOOKUP($F2069,DADOS_SETOP,3,0),IF(G2069=\"CPU\",VLOOKUP($F2069,DADOS_COMPOSICAO,10,0),IF(G2069=\"SICRO\",VLOOKUP($F2069,DADOS_SICRO,3,0),IF(G2069=\"SUDECAP\",VLOOKUP(F2069,DADOS_SUDECAP,3,0),IF(G2069=\"COTAÇÃO\",VLOOKUP($F2069,DADOS_COTACAO,9,0),\"\"))))))","v":"un"},{"$f":"F2071","v":1},{"$f":"TRUNC(IF(G2069=\"SINAPI\",VLOOKUP($F2069,DADOS_SINAPI,4,0),IF(G2069=\"SETOP\",VLOOKUP($F2069,DADOS_SETOP,4,0),IF(G2069=\"CPU\",VLOOKUP($F2069,DADOS_COMPOSICAO,13,0),IF(G2069=\"SICRO\",VLOOKUP($F2069,DADOS_SICRO,4,0),IF(G2069=\"SUDECAP\",VLOOKUP(F2069,DADOS_SUDECAP,4,0),IF(G2069=\"COTAÇÃO\",VLOOKUP(F2069,DADOS_COTACAO,12,0),\"\")))))),2)","v":184.34},"BDI 1",{"$f":"TRUNC(J2069*(1+$N$17),2)","v":233.22},{"$f":"IFERROR(TRUNC(I2069*J2069,2),\"\")","v":184.34},233.22]
[2000]
[2000,null,null,null,"Total",1,"un"]
[2000]
[{"$f":"IFERROR(LEFT(D2073,SEARCH(\".\",D2073)-1),\"\")","v":"20"},{"$f":"IFERROR(LEFT(RIGHT(D2073,LEN(D2073)-SEARCH(\".\",D2073)),SEARCH(\".\",RIGHT(D2073,LEN(D2073)-SEARCH(\".\",D2073)))-1),\"\")","v":"5"},{"$f":"IFERROR(IF(LEN(D2073)-LEN(SUBSTITUTE(D2073,\".\",\"\"))<>3,\"\",MID(D2073,SEARCH(\".\",D2073,SEARCH(\".\",D2073)+1)+1,LEN(D2073)-SEARCH(\".\",D2073,SEARCH(\".\",D2073)+1)-(LEN(D2073)-(SEARCH(\".\",D2073,SEARCH(\".\",D2073,SEARCH(\".\",D2073)+1)+1)-1)))),\"\")","v":""},"20.5.8",{"$f":"IF($G2073=\"SINAPI\",VLOOKUP($F2073,DADOS_SINAPI,2,0),IF(G2073=\"SETOP\",VLOOKUP($F2073,DADOS_SETOP,2,0),IF(G2073=\"CPU\",VLOOKUP($F2073,DADOS_COMPOSICAO,2,0),IF(G2073=\"SICRO\",VLOOKUP($F2073,DADOS_SICRO,2,0),IF(G2073=\"SUDECAP\",VLOOKUP(F2073,DADOS_SUDECAP,2,0),IF(G2073=\"COTAÇÃO\",VLOOKUP($F2073,DADOS_COTACAO,2,0),\"\"))))))","v":"DISJUNTOR TRIPOLAR TIPO DIN, CORRENTE NOMINAL DE 100A, FORNECIMENTO E INSTALAÇÃO, INCLUSIVE TERMINAL ILHÓS"},"ED-34496","SETOP",{"$f":"IF(G2073=\"SINAPI\",VLOOKUP($F2073,DADOS_SINAPI,3,0),IF(G2073=\"SETOP\",VLOOKUP($F2073,DADOS_SETOP,3,0),IF(G2073=\"CPU\",VLOOKUP($F2073,DADOS_COMPOSICAO,10,0),IF(G2073=\"SICRO\",VLOOKUP($F2073,DADOS_SICRO,3,0),IF(G2073=\"SUDECAP\",VLOOKUP(F2073,DADOS_SUDECAP,3,0),IF(G2073=\"COTAÇÃO\",VLOOKUP($F2073,DADOS_COTACAO,9,0),\"\"))))))","v":"un"},{"$f":"F2075","v":1},{"$f":"TRUNC(IF(G2073=\"SINAPI\",VLOOKUP($F2073,DADOS_SINAPI,4,0),IF(G2073=\"SETOP\",VLOOKUP($F2073,DADOS_SETOP,4,0),IF(G2073=\"CPU\",VLOOKUP($F2073,DADOS_COMPOSICAO,13,0),IF(G2073=\"SICRO\",VLOOKUP($F2073,DADOS_SICRO,4,0),IF(G2073=\"SUDECAP\",VLOOKUP(F2073,DADOS_SUDECAP,4,0),IF(G2073=\"COTAÇÃO\",VLOOKUP(F2073,DADOS_COTACAO,12,0),\"\")))))),2)","v":184.48},"BDI 1",{"$f":"TRUNC(J2073*(1+$N$17),2)","v":233.4},{"$f":"IFERROR(TRUNC(I2073*J2073,2),\"\")","v":184.48},233.4]
[2000]
[2000,null,null,null,"Total",1,"un"]
[2000]
[{"$f":"IFERROR(LEFT(D2077,SEARCH(\".\",D2077)-1),\"\")","v":"20"},{"$f":"IFERROR(LEFT(RIGHT(D2077,LEN(D2077)-SEARCH(\".\",D2077)),SEARCH(\".\",RIGHT(D2077,LEN(D2077)-SEARCH(\".\",D2077)))-1),\"\")","v":"5"},{"$f":"IFERROR(IF(LEN(D2077)-LEN(SUBSTITUTE(D2077,\".\",\"\"))<>3,\"\",MID(D2077,SEARCH(\".\",D2077,SEARCH(\".\",D2077)+1)+1,LEN(D2077)-SEARCH(\".\",D2077,SEARCH(\".\",D2077)+1)-(LEN(D2077)-(SEARCH(\".\",D2077,SEARCH(\".\",D2077,SEARCH(\".\",D2077)+1)+1)-1)))),\"\")","v":""},"20.5.9",{"$f":"IF($G2077=\"SINAPI\",VLOOKUP($F2077,DADOS_SINAPI,2,0),IF(G2077=\"SETOP\",VLOOKUP($F2077,DADOS_SETOP,2,0),IF(G2077=\"CPU\",VLOOKUP($F2077,DADOS_COMPOSICAO,2,0),IF(G2077=\"SICRO\",VLOOKUP($F2077,DADOS_SICRO,2,0),IF(G2077=\"SUDECAP\",VLOOKUP(F2077,DADOS_SUDECAP,2,0),IF(G2077=\"COTAÇÃO\",VLOOKUP($F2077,DADOS_COTACAO,2,0),\"\"))))))","v":"DISJUNTOR MONOPOLAR TIPO DIN, CORRENTE NOMINAL DE 10A - FORNECIMENTO E INSTALAÇÃO. AF_10/2020"},93653,"SINAPI",{"$f":"IF(G2077=\"SINAPI\",VLOOKUP($F2077,DADOS_SINAPI,3,0),IF(G2077=\"SETOP\",VLOOKUP($F2077,DADOS_SETOP,3,0),IF(G2077=\"CPU\",VLOOKUP($F2077,DADOS_COMPOSICAO,10,0),IF(G2077=\"SICRO\",VLOOKUP($F2077,DADOS_SICRO,3,0),IF(G2077=\"SUDECAP\",VLOOKUP(F2077,DADOS_SUDECAP,3,0),IF(G2077=\"COTAÇÃO\",VLOOKUP($F2077,DADOS_COTACAO,9,0),\"\"))))))","v":"UN"},{"$f":"F2079","v":48},{"$f":"TRUNC(IF(G2077=\"SINAPI\",VLOOKUP($F2077,DADOS_SINAPI,4,0),IF(G2077=\"SETOP\",VLOOKUP($F2077,DADOS_SETOP,4,0),IF(G2077=\"CPU\",VLOOKUP($F2077,DADOS_COMPOSICAO,13,0),IF(G2077=\"SICRO\",VLOOKUP($F2077,DADOS_SICRO,4,0),IF(G2077=\"SUDECAP\",VLOOKUP(F2077,DADOS_SUDECAP,4,0),IF(G2077=\"COTAÇÃO\",VLOOKUP(F2077,DADOS_COTACAO,12,0),\"\")))))),2)","v":16.93},"BDI 1",{"$f":"TRUNC(J2077*(1+$N$17),2)","v":21.41},{"$f":"IFERROR(TRUNC(I2077*J2077,2),\"\")","v":812.64},1027.68]
[2000]
[2000,null,null,null,"Total",48,"un"]
[2000]
[{"$f":"IFERROR(LEFT(D2081,SEARCH(\".\",D2081)-1),\"\")","v":"20"},{"$f":"IFERROR(LEFT(RIGHT(D2081,LEN(D2081)-SEARCH(\".\",D2081)),SEARCH(\".\",RIGHT(D2081,LEN(D2081)-SEARCH(\".\",D2081)))-1),\"\")","v":"5"},{"$f":"IFERROR(IF(LEN(D2081)-LEN(SUBSTITUTE(D2081,\".\",\"\"))<>3,\"\",MID(D2081,SEARCH(\".\",D2081,SEARCH(\".\",D2081)+1)+1,LEN(D2081)-SEARCH(\".\",D2081,SEARCH(\".\",D2081)+1)-(LEN(D2081)-(SEARCH(\".\",D2081,SEARCH(\".\",D2081,SEARCH(\".\",D2081)+1)+1)-1)))),\"\")","v":""},"20.5.10",{"$f":"IF($G2081=\"SINAPI\",VLOOKUP($F2081,DADOS_SINAPI,2,0),IF(G2081=\"SETOP\",VLOOKUP($F2081,DADOS_SETOP,2,0),IF(G2081=\"CPU\",VLOOKUP($F2081,DADOS_COMPOSICAO,2,0),IF(G2081=\"SICRO\",VLOOKUP($F2081,DADOS_SICRO,2,0),IF(G2081=\"SUDECAP\",VLOOKUP(F2081,DADOS_SUDECAP,2,0),IF(G2081=\"COTAÇÃO\",VLOOKUP($F2081,DADOS_COTACAO,2,0),\"\"))))))","v":"DISJUNTOR MONOPOLAR TIPO DIN, CORRENTE NOMINAL DE 16A - FORNECIMENTO E INSTALAÇÃO. AF_10/2020"},93654,"SINAPI",{"$f":"IF(G2081=\"SINAPI\",VLOOKUP($F2081,DADOS_SINAPI,3,0),IF(G2081=\"SETOP\",VLOOKUP($F2081,DADOS_SETOP,3,0),IF(G2081=\"CPU\",VLOOKUP($F2081,DADOS_COMPOSICAO,10,0),IF(G2081=\"SICRO\",VLOOKUP($F2081,DADOS_SICRO,3,0),IF(G2081=\"SUDECAP\",VLOOKUP(F2081,DADOS_SUDECAP,3,0),IF(G2081=\"COTAÇÃO\",VLOOKUP($F2081,DADOS_COTACAO,9,0),\"\"))))))","v":"UN"},{"$f":"F2083","v":2},{"$f":"TRUNC(IF(G2081=\"SINAPI\",VLOOKUP($F2081,DADOS_SINAPI,4,0),IF(G2081=\"SETOP\",VLOOKUP($F2081,DADOS_SETOP,4,0),IF(G2081=\"CPU\",VLOOKUP($F2081,DADOS_COMPOSICAO,13,0),IF(G2081=\"SICRO\",VLOOKUP($F2081,DADOS_SICRO,4,0),IF(G2081=\"SUDECAP\",VLOOKUP(F2081,DADOS_SUDECAP,4,0),IF(G2081=\"COTAÇÃO\",VLOOKUP(F2081,DADOS_COTACAO,12,0),\"\")))))),2)","v":17.5},"BDI 1",{"$f":"TRUNC(J2081*(1+$N$17),2)","v":22.14},{"$f":"IFERROR(TRUNC(I2081*J2081,2),\"\")","v":35},44.28]
[2000]
[2000,null,null,null,"Total",2,"un"]
[2000]
[{"$f":"IFERROR(LEFT(D2085,SEARCH(\".\",D2085)-1),\"\")","v":"20"},{"$f":"IFERROR(LEFT(RIGHT(D2085,LEN(D2085)-SEARCH(\".\",D2085)),SEARCH(\".\",RIGHT(D2085,LEN(D2085)-SEARCH(\".\",D2085)))-1),\"\")","v":"5"},{"$f":"IFERROR(IF(LEN(D2085)-LEN(SUBSTITUTE(D2085,\".\",\"\"))<>3,\"\",MID(D2085,SEARCH(\".\",D2085,SEARCH(\".\",D2085)+1)+1,LEN(D2085)-SEARCH(\".\",D2085,SEARCH(\".\",D2085)+1)-(LEN(D2085)-(SEARCH(\".\",D2085,SEARCH(\".\",D2085,SEARCH(\".\",D2085)+1)+1)-1)))),\"\")","v":""},"20.5.11",{"$f":"IF($G2085=\"SINAPI\",VLOOKUP($F2085,DADOS_SINAPI,2,0),IF(G2085=\"SETOP\",VLOOKUP($F2085,DADOS_SETOP,2,0),IF(G2085=\"CPU\",VLOOKUP($F2085,DADOS_COMPOSICAO,2,0),IF(G2085=\"SICRO\",VLOOKUP($F2085,DADOS_SICRO,2,0),IF(G2085=\"SUDECAP\",VLOOKUP(F2085,DADOS_SUDECAP,2,0),IF(G2085=\"COTAÇÃO\",VLOOKUP($F2085,DADOS_COTACAO,2,0),\"\"))))))","v":"DISJUNTOR BIPOLAR TIPO DIN, CORRENTE NOMINAL DE 10A - FORNECIMENTO E INSTALAÇÃO. AF_10/2020"},93660,"SINAPI",{"$f":"IF(G2085=\"SINAPI\",VLOOKUP($F2085,DADOS_SINAPI,3,0),IF(G2085=\"SETOP\",VLOOKUP($F2085,DADOS_SETOP,3,0),IF(G2085=\"CPU\",VLOOKUP($F2085,DADOS_COMPOSICAO,10,0),IF(G2085=\"SICRO\",VLOOKUP($F2085,DADOS_SICRO,3,0),IF(G2085=\"SUDECAP\",VLOOKUP(F2085,DADOS_SUDECAP,3,0),IF(G2085=\"COTAÇÃO\",VLOOKUP($F2085,DADOS_COTACAO,9,0),\"\"))))))","v":"UN"},{"$f":"F2087","v":23},{"$f":"TRUNC(IF(G2085=\"SINAPI\",VLOOKUP($F2085,DADOS_SINAPI,4,0),IF(G2085=\"SETOP\",VLOOKUP($F2085,DADOS_SETOP,4,0),IF(G2085=\"CPU\",VLOOKUP($F2085,DADOS_COMPOSICAO,13,0),IF(G2085=\"SICRO\",VLOOKUP($F2085,DADOS_SICRO,4,0),IF(G2085=\"SUDECAP\",VLOOKUP(F2085,DADOS_SUDECAP,4,0),IF(G2085=\"COTAÇÃO\",VLOOKUP(F2085,DADOS_COTACAO,12,0),\"\")))))),2)","v":85.72},"BDI 1",{"$f":"TRUNC(J2085*(1+$N$17),2)","v":108.45},{"$f":"IFERROR(TRUNC(I2085*J2085,2),\"\")","v":1971.56},2494.35]
[2000]
[2000,null,null,null,"Total",23,"un"]
[2000]
[{"$f":"IFERROR(LEFT(D2089,SEARCH(\".\",D2089)-1),\"\")","v":"20"},{"$f":"IFERROR(LEFT(RIGHT(D2089,LEN(D2089)-SEARCH(\".\",D2089)),SEARCH(\".\",RIGHT(D2089,LEN(D2089)-SEARCH(\".\",D2089)))-1),\"\")","v":"5"},{"$f":"IFERROR(IF(LEN(D2089)-LEN(SUBSTITUTE(D2089,\".\",\"\"))<>3,\"\",MID(D2089,SEARCH(\".\",D2089,SEARCH(\".\",D2089)+1)+1,LEN(D2089)-SEARCH(\".\",D2089,SEARCH(\".\",D2089)+1)-(LEN(D2089)-(SEARCH(\".\",D2089,SEARCH(\".\",D2089,SEARCH(\".\",D2089)+1)+1)-1)))),\"\")","v":""},"20.5.12",{"$f":"IF($G2089=\"SINAPI\",VLOOKUP($F2089,DADOS_SINAPI,2,0),IF(G2089=\"SETOP\",VLOOKUP($F2089,DADOS_SETOP,2,0),IF(G2089=\"CPU\",VLOOKUP($F2089,DADOS_COMPOSICAO,2,0),IF(G2089=\"SICRO\",VLOOKUP($F2089,DADOS_SICRO,2,0),IF(G2089=\"SUDECAP\",VLOOKUP(F2089,DADOS_SUDECAP,2,0),IF(G2089=\"COTAÇÃO\",VLOOKUP($F2089,DADOS_COTACAO,2,0),\"\"))))))","v":"DISJUNTOR BIPOLAR TIPO DIN, CORRENTE NOMINAL DE 16A - FORNECIMENTO E INSTALAÇÃO. AF_10/2020"},93661,"SINAPI",{"$f":"IF(G2089=\"SINAPI\",VLOOKUP($F2089,DADOS_SINAPI,3,0),IF(G2089=\"SETOP\",VLOOKUP($F2089,DADOS_SETOP,3,0),IF(G2089=\"CPU\",VLOOKUP($F2089,DADOS_COMPOSICAO,10,0),IF(G2089=\"SICRO\",VLOOKUP($F2089,DADOS_SICRO,3,0),IF(G2089=\"SUDECAP\",VLOOKUP(F2089,DADOS_SUDECAP,3,0),IF(G2089=\"COTAÇÃO\",VLOOKUP($F2089,DADOS_COTACAO,9,0),\"\"))))))","v":"UN"},{"$f":"F2091","v":3},{"$f":"TRUNC(IF(G2089=\"SINAPI\",VLOOKUP($F2089,DADOS_SINAPI,4,0),IF(G2089=\"SETOP\",VLOOKUP($F2089,DADOS_SETOP,4,0),IF(G2089=\"CPU\",VLOOKUP($F2089,DADOS_COMPOSICAO,13,0),IF(G2089=\"SICRO\",VLOOKUP($F2089,DADOS_SICRO,4,0),IF(G2089=\"SUDECAP\",VLOOKUP(F2089,DADOS_SUDECAP,4,0),IF(G2089=\"COTAÇÃO\",VLOOKUP(F2089,DADOS_COTACAO,12,0),\"\")))))),2)","v":86.87},"BDI 1",{"$f":"TRUNC(J2089*(1+$N$17),2)","v":109.9},{"$f":"IFERROR(TRUNC(I2089*J2089,2),\"\")","v":260.61},329.70000000000005]
[2000]
[2000,null,null,null,"Total",3,"un"]
[2000]
[{"$f":"IFERROR(LEFT(D2093,SEARCH(\".\",D2093)-1),\"\")","v":"20"},{"$f":"IFERROR(LEFT(RIGHT(D2093,LEN(D2093)-SEARCH(\".\",D2093)),SEARCH(\".\",RIGHT(D2093,LEN(D2093)-SEARCH(\".\",D2093)))-1),\"\")","v":"5"},{"$f":"IFERROR(IF(LEN(D2093)-LEN(SUBSTITUTE(D2093,\".\",\"\"))<>3,\"\",MID(D2093,SEARCH(\".\",D2093,SEARCH(\".\",D2093)+1)+1,LEN(D2093)-SEARCH(\".\",D2093,SEARCH(\".\",D2093)+1)-(LEN(D2093)-(SEARCH(\".\",D2093,SEARCH(\".\",D2093,SEARCH(\".\",D2093)+1)+1)-1)))),\"\")","v":""},"20.5.13",{"$f":"IF($G2093=\"SINAPI\",VLOOKUP($F2093,DADOS_SINAPI,2,0),IF(G2093=\"SETOP\",VLOOKUP($F2093,DADOS_SETOP,2,0),IF(G2093=\"CPU\",VLOOKUP($F2093,DADOS_COMPOSICAO,2,0),IF(G2093=\"SICRO\",VLOOKUP($F2093,DADOS_SICRO,2,0),IF(G2093=\"SUDECAP\",VLOOKUP(F2093,DADOS_SUDECAP,2,0),IF(G2093=\"COTAÇÃO\",VLOOKUP($F2093,DADOS_COTACAO,2,0),\"\"))))))","v":"DISJUNTOR BIPOLAR TIPO DIN, CORRENTE NOMINAL DE 20A - FORNECIMENTO E INSTALAÇÃO. AF_10/2020"},93662,"SINAPI",{"$f":"IF(G2093=\"SINAPI\",VLOOKUP($F2093,DADOS_SINAPI,3,0),IF(G2093=\"SETOP\",VLOOKUP($F2093,DADOS_SETOP,3,0),IF(G2093=\"CPU\",VLOOKUP($F2093,DADOS_COMPOSICAO,10,0),IF(G2093=\"SICRO\",VLOOKUP($F2093,DADOS_SICRO,3,0),IF(G2093=\"SUDECAP\",VLOOKUP(F2093,DADOS_SUDECAP,3,0),IF(G2093=\"COTAÇÃO\",VLOOKUP($F2093,DADOS_COTACAO,9,0),\"\"))))))","v":"UN"},{"$f":"F2095","v":1},{"$f":"TRUNC(IF(G2093=\"SINAPI\",VLOOKUP($F2093,DADOS_SINAPI,4,0),IF(G2093=\"SETOP\",VLOOKUP($F2093,DADOS_SETOP,4,0),IF(G2093=\"CPU\",VLOOKUP($F2093,DADOS_COMPOSICAO,13,0),IF(G2093=\"SICRO\",VLOOKUP($F2093,DADOS_SICRO,4,0),IF(G2093=\"SUDECAP\",VLOOKUP(F2093,DADOS_SUDECAP,4,0),IF(G2093=\"COTAÇÃO\",VLOOKUP(F2093,DADOS_COTACAO,12,0),\"\")))))),2)","v":89.46},"BDI 1",{"$f":"TRUNC(J2093*(1+$N$17),2)","v":113.18},{"$f":"IFERROR(TRUNC(I2093*J2093,2),\"\")","v":89.46},113.18]
[2000]
[2000,null,null,null,"Total",1,"un"]
[2000]
[{"$f":"IFERROR(LEFT(D2097,SEARCH(\".\",D2097)-1),\"\")","v":"20"},{"$f":"IFERROR(LEFT(RIGHT(D2097,LEN(D2097)-SEARCH(\".\",D2097)),SEARCH(\".\",RIGHT(D2097,LEN(D2097)-SEARCH(\".\",D2097)))-1),\"\")","v":"5"},{"$f":"IFERROR(IF(LEN(D2097)-LEN(SUBSTITUTE(D2097,\".\",\"\"))<>3,\"\",MID(D2097,SEARCH(\".\",D2097,SEARCH(\".\",D2097)+1)+1,LEN(D2097)-SEARCH(\".\",D2097,SEARCH(\".\",D2097)+1)-(LEN(D2097)-(SEARCH(\".\",D2097,SEARCH(\".\",D2097,SEARCH(\".\",D2097)+1)+1)-1)))),\"\")","v":""},"20.5.14",{"$f":"IF($G2097=\"SINAPI\",VLOOKUP($F2097,DADOS_SINAPI,2,0),IF(G2097=\"SETOP\",VLOOKUP($F2097,DADOS_SETOP,2,0),IF(G2097=\"CPU\",VLOOKUP($F2097,DADOS_COMPOSICAO,2,0),IF(G2097=\"SICRO\",VLOOKUP($F2097,DADOS_SICRO,2,0),IF(G2097=\"SUDECAP\",VLOOKUP(F2097,DADOS_SUDECAP,2,0),IF(G2097=\"COTAÇÃO\",VLOOKUP($F2097,DADOS_COTACAO,2,0),\"\"))))))","v":"DISJUNTOR BIPOLAR TIPO DIN, CORRENTE NOMINAL DE 32A - FORNECIMENTO E INSTALAÇÃO. AF_10/2020"},93664,"SINAPI",{"$f":"IF(G2097=\"SINAPI\",VLOOKUP($F2097,DADOS_SINAPI,3,0),IF(G2097=\"SETOP\",VLOOKUP($F2097,DADOS_SETOP,3,0),IF(G2097=\"CPU\",VLOOKUP($F2097,DADOS_COMPOSICAO,10,0),IF(G2097=\"SICRO\",VLOOKUP($F2097,DADOS_SICRO,3,0),IF(G2097=\"SUDECAP\",VLOOKUP(F2097,DADOS_SUDECAP,3,0),IF(G2097=\"COTAÇÃO\",VLOOKUP($F2097,DADOS_COTACAO,9,0),\"\"))))))","v":"UN"},{"$f":"F2099","v":4},{"$f":"TRUNC(IF(G2097=\"SINAPI\",VLOOKUP($F2097,DADOS_SINAPI,4,0),IF(G2097=\"SETOP\",VLOOKUP($F2097,DADOS_SETOP,4,0),IF(G2097=\"CPU\",VLOOKUP($F2097,DADOS_COMPOSICAO,13,0),IF(G2097=\"SICRO\",VLOOKUP($F2097,DADOS_SICRO,4,0),IF(G2097=\"SUDECAP\",VLOOKUP(F2097,DADOS_SUDECAP,4,0),IF(G2097=\"COTAÇÃO\",VLOOKUP(F2097,DADOS_COTACAO,12,0),\"\")))))),2)","v":92.48},"BDI 1",{"$f":"TRUNC(J2097*(1+$N$17),2)","v":117},{"$f":"IFERROR(TRUNC(I2097*J2097,2),\"\")","v":369.92},468]
[2000]
[2000,null,null,null,"Total",4,"un"]
[2000]
[{"$f":"IFERROR(LEFT(D2101,SEARCH(\".\",D2101)-1),\"\")","v":"20"},{"$f":"IFERROR(LEFT(RIGHT(D2101,LEN(D2101)-SEARCH(\".\",D2101)),SEARCH(\".\",RIGHT(D2101,LEN(D2101)-SEARCH(\".\",D2101)))-1),\"\")","v":"5"},{"$f":"IFERROR(IF(LEN(D2101)-LEN(SUBSTITUTE(D2101,\".\",\"\"))<>3,\"\",MID(D2101,SEARCH(\".\",D2101,SEARCH(\".\",D2101)+1)+1,LEN(D2101)-SEARCH(\".\",D2101,SEARCH(\".\",D2101)+1)-(LEN(D2101)-(SEARCH(\".\",D2101,SEARCH(\".\",D2101,SEARCH(\".\",D2101)+1)+1)-1)))),\"\")","v":""},"20.5.15",{"$f":"IF($G2101=\"SINAPI\",VLOOKUP($F2101,DADOS_SINAPI,2,0),IF(G2101=\"SETOP\",VLOOKUP($F2101,DADOS_SETOP,2,0),IF(G2101=\"CPU\",VLOOKUP($F2101,DADOS_COMPOSICAO,2,0),IF(G2101=\"SICRO\",VLOOKUP($F2101,DADOS_SICRO,2,0),IF(G2101=\"SUDECAP\",VLOOKUP(F2101,DADOS_SUDECAP,2,0),IF(G2101=\"COTAÇÃO\",VLOOKUP($F2101,DADOS_COTACAO,2,0),\"\"))))))","v":"DISPOSITIVO DPS CLASSE II, 1 POLO, TENSAO MAXIMA DE 175 V, CORRENTE MAXIMA DE *20* KA (TIPO AC)                                                                                                                                                                                                                                                                                                                                                                                                           "},39465,"SINAPI",{"$f":"IF(G2101=\"SINAPI\",VLOOKUP($F2101,DADOS_SINAPI,3,0),IF(G2101=\"SETOP\",VLOOKUP($F2101,DADOS_SETOP,3,0),IF(G2101=\"CPU\",VLOOKUP($F2101,DADOS_COMPOSICAO,10,0),IF(G2101=\"SICRO\",VLOOKUP($F2101,DADOS_SICRO,3,0),IF(G2101=\"SUDECAP\",VLOOKUP(F2101,DADOS_SUDECAP,3,0),IF(G2101=\"COTAÇÃO\",VLOOKUP($F2101,DADOS_COTACAO,9,0),\"\"))))))","v":"UN    "},{"$f":"F2103","v":4},{"$f":"TRUNC(IF(G2101=\"SINAPI\",VLOOKUP($F2101,DADOS_SINAPI,4,0),IF(G2101=\"SETOP\",VLOOKUP($F2101,DADOS_SETOP,4,0),IF(G2101=\"CPU\",VLOOKUP($F2101,DADOS_COMPOSICAO,13,0),IF(G2101=\"SICRO\",VLOOKUP($F2101,DADOS_SICRO,4,0),IF(G2101=\"SUDECAP\",VLOOKUP(F2101,DADOS_SUDECAP,4,0),IF(G2101=\"COTAÇÃO\",VLOOKUP(F2101,DADOS_COTACAO,12,0),\"\")))))),2)","v":104},"BDI 1",{"$f":"TRUNC(J2101*(1+$N$17),2)","v":131.58000000000001},{"$f":"IFERROR(TRUNC(I2101*J2101,2),\"\")","v":416},526.32000000000005]
[2000]
[2000,null,null,null,"Total",4,"un"]
[2000]
[{"$f":"IFERROR(LEFT(D2105,SEARCH(\".\",D2105)-1),\"\")","v":"20"},{"$f":"IFERROR(LEFT(RIGHT(D2105,LEN(D2105)-SEARCH(\".\",D2105)),SEARCH(\".\",RIGHT(D2105,LEN(D2105)-SEARCH(\".\",D2105)))-1),\"\")","v":"5"},{"$f":"IFERROR(IF(LEN(D2105)-LEN(SUBSTITUTE(D2105,\".\",\"\"))<>3,\"\",MID(D2105,SEARCH(\".\",D2105,SEARCH(\".\",D2105)+1)+1,LEN(D2105)-SEARCH(\".\",D2105,SEARCH(\".\",D2105)+1)-(LEN(D2105)-(SEARCH(\".\",D2105,SEARCH(\".\",D2105,SEARCH(\".\",D2105)+1)+1)-1)))),\"\")","v":""},"20.5.16",{"$f":"IF($G2105=\"SINAPI\",VLOOKUP($F2105,DADOS_SINAPI,2,0),IF(G2105=\"SETOP\",VLOOKUP($F2105,DADOS_SETOP,2,0),IF(G2105=\"CPU\",VLOOKUP($F2105,DADOS_COMPOSICAO,2,0),IF(G2105=\"SICRO\",VLOOKUP($F2105,DADOS_SICRO,2,0),IF(G2105=\"SUDECAP\",VLOOKUP(F2105,DADOS_SUDECAP,2,0),IF(G2105=\"COTAÇÃO\",VLOOKUP($F2105,DADOS_COTACAO,2,0),\"\"))))))","v":"DISPOSITIVO DR, 4 POLOS, SENSIBILIDADE DE 300 MA, CORRENTE DE 100 A, TIPO AC                                                                                                                                                                                                                                                                                                                                                                                                                              "},39464,"SINAPI",{"$f":"IF(G2105=\"SINAPI\",VLOOKUP($F2105,DADOS_SINAPI,3,0),IF(G2105=\"SETOP\",VLOOKUP($F2105,DADOS_SETOP,3,0),IF(G2105=\"CPU\",VLOOKUP($F2105,DADOS_COMPOSICAO,10,0),IF(G2105=\"SICRO\",VLOOKUP($F2105,DADOS_SICRO,3,0),IF(G2105=\"SUDECAP\",VLOOKUP(F2105,DADOS_SUDECAP,3,0),IF(G2105=\"COTAÇÃO\",VLOOKUP($F2105,DADOS_COTACAO,9,0),\"\"))))))","v":"UN    "},{"$f":"F2107","v":1},{"$f":"TRUNC(IF(G2105=\"SINAPI\",VLOOKUP($F2105,DADOS_SINAPI,4,0),IF(G2105=\"SETOP\",VLOOKUP($F2105,DADOS_SETOP,4,0),IF(G2105=\"CPU\",VLOOKUP($F2105,DADOS_COMPOSICAO,13,0),IF(G2105=\"SICRO\",VLOOKUP($F2105,DADOS_SICRO,4,0),IF(G2105=\"SUDECAP\",VLOOKUP(F2105,DADOS_SUDECAP,4,0),IF(G2105=\"COTAÇÃO\",VLOOKUP(F2105,DADOS_COTACAO,12,0),\"\")))))),2)","v":798.19},"BDI 1",{"$f":"TRUNC(J2105*(1+$N$17),2)","v":1009.86},{"$f":"IFERROR(TRUNC(I2105*J2105,2),\"\")","v":798.19},1009.86]
[2000]
[2000,null,null,null,"Total",1,"un"]
[2000]
[{"$f":"IFERROR(LEFT(D2109,SEARCH(\".\",D2109)-1),\"\")","v":"20"},{"$f":"IFERROR(LEFT(RIGHT(D2109,LEN(D2109)-SEARCH(\".\",D2109)),SEARCH(\".\",RIGHT(D2109,LEN(D2109)-SEARCH(\".\",D2109)))-1),\"\")","v":"5"},{"$f":"IFERROR(IF(LEN(D2109)-LEN(SUBSTITUTE(D2109,\".\",\"\"))<>3,\"\",MID(D2109,SEARCH(\".\",D2109,SEARCH(\".\",D2109)+1)+1,LEN(D2109)-SEARCH(\".\",D2109,SEARCH(\".\",D2109)+1)-(LEN(D2109)-(SEARCH(\".\",D2109,SEARCH(\".\",D2109,SEARCH(\".\",D2109)+1)+1)-1)))),\"\")","v":""},"20.5.17",{"$f":"IF($G2109=\"SINAPI\",VLOOKUP($F2109,DADOS_SINAPI,2,0),IF(G2109=\"SETOP\",VLOOKUP($F2109,DADOS_SETOP,2,0),IF(G2109=\"CPU\",VLOOKUP($F2109,DADOS_COMPOSICAO,2,0),IF(G2109=\"SICRO\",VLOOKUP($F2109,DADOS_SICRO,2,0),IF(G2109=\"SUDECAP\",VLOOKUP(F2109,DADOS_SUDECAP,2,0),IF(G2109=\"COTAÇÃO\",VLOOKUP($F2109,DADOS_COTACAO,2,0),\"\"))))))","v":"DISPOSITIVO DR, 4 POLOS, SENSIBILIDADE DE 300 MA, CORRENTE DE 25 A, TIPO AC                                                                                                                                                                                                                                                                                                                                                                                                                               "},39460,"SINAPI",{"$f":"IF(G2109=\"SINAPI\",VLOOKUP($F2109,DADOS_SINAPI,3,0),IF(G2109=\"SETOP\",VLOOKUP($F2109,DADOS_SETOP,3,0),IF(G2109=\"CPU\",VLOOKUP($F2109,DADOS_COMPOSICAO,10,0),IF(G2109=\"SICRO\",VLOOKUP($F2109,DADOS_SICRO,3,0),IF(G2109=\"SUDECAP\",VLOOKUP(F2109,DADOS_SUDECAP,3,0),IF(G2109=\"COTAÇÃO\",VLOOKUP($F2109,DADOS_COTACAO,9,0),\"\"))))))","v":"UN    "},{"$f":"F2111","v":2},{"$f":"TRUNC(IF(G2109=\"SINAPI\",VLOOKUP($F2109,DADOS_SINAPI,4,0),IF(G2109=\"SETOP\",VLOOKUP($F2109,DADOS_SETOP,4,0),IF(G2109=\"CPU\",VLOOKUP($F2109,DADOS_COMPOSICAO,13,0),IF(G2109=\"SICRO\",VLOOKUP($F2109,DADOS_SICRO,4,0),IF(G2109=\"SUDECAP\",VLOOKUP(F2109,DADOS_SUDECAP,4,0),IF(G2109=\"COTAÇÃO\",VLOOKUP(F2109,DADOS_COTACAO,12,0),\"\")))))),2)","v":302.74},"BDI 1",{"$f":"TRUNC(J2109*(1+$N$17),2)","v":383.02},{"$f":"IFERROR(TRUNC(I2109*J2109,2),\"\")","v":605.48},766.04]
[2000]
[2000,null,null,null,"Total",2,"un"]
[2000]
[{"$f":"IFERROR(LEFT(D2113,SEARCH(\".\",D2113)-1),\"\")","v":"20"},{"$f":"IFERROR(LEFT(RIGHT(D2113,LEN(D2113)-SEARCH(\".\",D2113)),SEARCH(\".\",RIGHT(D2113,LEN(D2113)-SEARCH(\".\",D2113)))-1),\"\")","v":"5"},{"$f":"IFERROR(IF(LEN(D2113)-LEN(SUBSTITUTE(D2113,\".\",\"\"))<>3,\"\",MID(D2113,SEARCH(\".\",D2113,SEARCH(\".\",D2113)+1)+1,LEN(D2113)-SEARCH(\".\",D2113,SEARCH(\".\",D2113)+1)-(LEN(D2113)-(SEARCH(\".\",D2113,SEARCH(\".\",D2113,SEARCH(\".\",D2113)+1)+1)-1)))),\"\")","v":""},"20.5.18",{"$f":"IF($G2113=\"SINAPI\",VLOOKUP($F2113,DADOS_SINAPI,2,0),IF(G2113=\"SETOP\",VLOOKUP($F2113,DADOS_SETOP,2,0),IF(G2113=\"CPU\",VLOOKUP($F2113,DADOS_COMPOSICAO,2,0),IF(G2113=\"SICRO\",VLOOKUP($F2113,DADOS_SICRO,2,0),IF(G2113=\"SUDECAP\",VLOOKUP(F2113,DADOS_SUDECAP,2,0),IF(G2113=\"COTAÇÃO\",VLOOKUP($F2113,DADOS_COTACAO,2,0),\"\"))))))","v":"DISPOSITIVO DR, 4 POLOS, SENSIBILIDADE DE 300 MA, CORRENTE DE 40 A, TIPO AC                                                                                                                                                                                                                                                                                                                                                                                                                               "},39461,"SINAPI",{"$f":"IF(G2113=\"SINAPI\",VLOOKUP($F2113,DADOS_SINAPI,3,0),IF(G2113=\"SETOP\",VLOOKUP($F2113,DADOS_SETOP,3,0),IF(G2113=\"CPU\",VLOOKUP($F2113,DADOS_COMPOSICAO,10,0),IF(G2113=\"SICRO\",VLOOKUP($F2113,DADOS_SICRO,3,0),IF(G2113=\"SUDECAP\",VLOOKUP(F2113,DADOS_SUDECAP,3,0),IF(G2113=\"COTAÇÃO\",VLOOKUP($F2113,DADOS_COTACAO,9,0),\"\"))))))","v":"UN    "},{"$f":"F2115","v":3},{"$f":"TRUNC(IF(G2113=\"SINAPI\",VLOOKUP($F2113,DADOS_SINAPI,4,0),IF(G2113=\"SETOP\",VLOOKUP($F2113,DADOS_SETOP,4,0),IF(G2113=\"CPU\",VLOOKUP($F2113,DADOS_COMPOSICAO,13,0),IF(G2113=\"SICRO\",VLOOKUP($F2113,DADOS_SICRO,4,0),IF(G2113=\"SUDECAP\",VLOOKUP(F2113,DADOS_SUDECAP,4,0),IF(G2113=\"COTAÇÃO\",VLOOKUP(F2113,DADOS_COTACAO,12,0),\"\")))))),2)","v":354.74},"BDI 1",{"$f":"TRUNC(J2113*(1+$N$17),2)","v":448.81},{"$f":"IFERROR(TRUNC(I2113*J2113,2),\"\")","v":1064.22},{"$f":"L2113*I2113","v":1346.43}]
[2000]
[2000,null,null,null,"Total",3,"un"]
[2000]
[null,null,null,"20.6","ELETRODUTO PVC FLEXÍVEL",null,null,null,null,null,null,null,{"$f":"IFERROR(SUMIFS(M:M,A:A,LEFT(D2117,SEARCH(\".\",D2117)-1),B:B,RIGHT(D2117,LEN(D2117)-SEARCH(\".\",D2117))),\"\")","v":18327.609999999993},{"$f":"IFERROR(SUMIFS(N:N,A:A,LEFT(D2117,SEARCH(\".\",D2117)-1),B:B,RIGHT(D2117,LEN(D2117)-SEARCH(\".\",D2117))),\"\")","v":23179.699999999997}]
[{"$f":"IFERROR(LEFT(D2118,SEARCH(\".\",D2118)-1),\"\")","v":"20"},{"$f":"IFERROR(LEFT(RIGHT(D2118,LEN(D2118)-SEARCH(\".\",D2118)),SEARCH(\".\",RIGHT(D2118,LEN(D2118)-SEARCH(\".\",D2118)))-1),\"\")","v":"6"},{"$f":"IFERROR(IF(LEN(D2118)-LEN(SUBSTITUTE(D2118,\".\",\"\"))<>3,\"\",MID(D2118,SEARCH(\".\",D2118,SEARCH(\".\",D2118)+1)+1,LEN(D2118)-SEARCH(\".\",D2118,SEARCH(\".\",D2118)+1)-(LEN(D2118)-(SEARCH(\".\",D2118,SEARCH(\".\",D2118,SEARCH(\".\",D2118)+1)+1)-1)))),\"\")","v":""},"20.6.1",{"$f":"IF($G2118=\"SINAPI\",VLOOKUP($F2118,DADOS_SINAPI,2,0),IF(G2118=\"SETOP\",VLOOKUP($F2118,DADOS_SETOP,2,0),IF(G2118=\"CPU\",VLOOKUP($F2118,DADOS_COMPOSICAO,2,0),IF(G2118=\"SICRO\",VLOOKUP($F2118,DADOS_SICRO,2,0),IF(G2118=\"SUDECAP\",VLOOKUP(F2118,DADOS_SUDECAP,2,0),IF(G2118=\"COTAÇÃO\",VLOOKUP($F2118,DADOS_COTACAO,2,0),\"\"))))))","v":"ELETRODUTO FLEXÍVEL CORRUGADO, PVC, DN 32 MM (1\"), PARA CIRCUITOS TERMINAIS, INSTALADO EM FORRO - FORNECIMENTO E INSTALAÇÃO. AF_03/2023_PA"},91836,"SINAPI",{"$f":"IF(G2118=\"SINAPI\",VLOOKUP($F2118,DADOS_SINAPI,3,0),IF(G2118=\"SETOP\",VLOOKUP($F2118,DADOS_SETOP,3,0),IF(G2118=\"CPU\",VLOOKUP($F2118,DADOS_COMPOSICAO,10,0),IF(G2118=\"SICRO\",VLOOKUP($F2118,DADOS_SICRO,3,0),IF(G2118=\"SUDECAP\",VLOOKUP(F2118,DADOS_SUDECAP,3,0),IF(G2118=\"COTAÇÃO\",VLOOKUP($F2118,DADOS_COTACAO,9,0),\"\"))))))","v":"M"},{"$f":"F2120","v":66.900000000000006},{"$f":"TRUNC(IF(G2118=\"SINAPI\",VLOOKUP($F2118,DADOS_SINAPI,4,0),IF(G2118=\"SETOP\",VLOOKUP($F2118,DADOS_SETOP,4,0),IF(G2118=\"CPU\",VLOOKUP($F2118,DADOS_COMPOSICAO,13,0),IF(G2118=\"SICRO\",VLOOKUP($F2118,DADOS_SICRO,4,0),IF(G2118=\"SUDECAP\",VLOOKUP(F2118,DADOS_SUDECAP,4,0),IF(G2118=\"COTAÇÃO\",VLOOKUP(F2118,DADOS_COTACAO,12,0),\"\")))))),2)","v":19.440000000000001},"BDI 1",{"$f":"TRUNC(J2118*(1+$N$17),2)","v":24.59},{"$f":"IFERROR(TRUNC(I2118*J2118,2),\"\")","v":1300.53},1645.07]
[2000]
[2000,null,null,null,"Total",66.900000000000006,"m"]
[2000]
[{"$f":"IFERROR(LEFT(D2122,SEARCH(\".\",D2122)-1),\"\")","v":"20"},{"$f":"IFERROR(LEFT(RIGHT(D2122,LEN(D2122)-SEARCH(\".\",D2122)),SEARCH(\".\",RIGHT(D2122,LEN(D2122)-SEARCH(\".\",D2122)))-1),\"\")","v":"6"},{"$f":"IFERROR(IF(LEN(D2122)-LEN(SUBSTITUTE(D2122,\".\",\"\"))<>3,\"\",MID(D2122,SEARCH(\".\",D2122,SEARCH(\".\",D2122)+1)+1,LEN(D2122)-SEARCH(\".\",D2122,SEARCH(\".\",D2122)+1)-(LEN(D2122)-(SEARCH(\".\",D2122,SEARCH(\".\",D2122,SEARCH(\".\",D2122)+1)+1)-1)))),\"\")","v":""},"20.6.2",{"$f":"IF($G2122=\"SINAPI\",VLOOKUP($F2122,DADOS_SINAPI,2,0),IF(G2122=\"SETOP\",VLOOKUP($F2122,DADOS_SETOP,2,0),IF(G2122=\"CPU\",VLOOKUP($F2122,DADOS_COMPOSICAO,2,0),IF(G2122=\"SICRO\",VLOOKUP($F2122,DADOS_SICRO,2,0),IF(G2122=\"SUDECAP\",VLOOKUP(F2122,DADOS_SUDECAP,2,0),IF(G2122=\"COTAÇÃO\",VLOOKUP($F2122,DADOS_COTACAO,2,0),\"\"))))))","v":"ELETRODUTO FLEXÍVEL CORRUGADO REFORÇADO, PVC, DN 25 MM (3/4\"), PARA CIRCUITOS TERMINAIS, INSTALADO EM FORRO - FORNECIMENTO E INSTALAÇÃO. AF_03/2023_PA"},91835,"SINAPI",{"$f":"IF(G2122=\"SINAPI\",VLOOKUP($F2122,DADOS_SINAPI,3,0),IF(G2122=\"SETOP\",VLOOKUP($F2122,DADOS_SETOP,3,0),IF(G2122=\"CPU\",VLOOKUP($F2122,DADOS_COMPOSICAO,10,0),IF(G2122=\"SICRO\",VLOOKUP($F2122,DADOS_SICRO,3,0),IF(G2122=\"SUDECAP\",VLOOKUP(F2122,DADOS_SUDECAP,3,0),IF(G2122=\"COTAÇÃO\",VLOOKUP($F2122,DADOS_COTACAO,9,0),\"\"))))))","v":"M"},{"$f":"F2124","v":832.1},{"$f":"TRUNC(IF(G2122=\"SINAPI\",VLOOKUP($F2122,DADOS_SINAPI,4,0),IF(G2122=\"SETOP\",VLOOKUP($F2122,DADOS_SETOP,4,0),IF(G2122=\"CPU\",VLOOKUP($F2122,DADOS_COMPOSICAO,13,0),IF(G2122=\"SICRO\",VLOOKUP($F2122,DADOS_SICRO,4,0),IF(G2122=\"SUDECAP\",VLOOKUP(F2122,DADOS_SUDECAP,4,0),IF(G2122=\"COTAÇÃO\",VLOOKUP(F2122,DADOS_COTACAO,12,0),\"\")))))),2)","v":18.170000000000002},"BDI 1",{"$f":"TRUNC(J2122*(1+$N$17),2)","v":22.98},{"$f":"IFERROR(TRUNC(I2122*J2122,2),\"\")","v":15119.25},19121.66]
[2000]
[2000,null,null,null,"Total",832.1,"m"]
[2000]
[{"$f":"IFERROR(LEFT(D2126,SEARCH(\".\",D2126)-1),\"\")","v":"20"},{"$f":"IFERROR(LEFT(RIGHT(D2126,LEN(D2126)-SEARCH(\".\",D2126)),SEARCH(\".\",RIGHT(D2126,LEN(D2126)-SEARCH(\".\",D2126)))-1),\"\")","v":"6"},{"$f":"IFERROR(IF(LEN(D2126)-LEN(SUBSTITUTE(D2126,\".\",\"\"))<>3,\"\",MID(D2126,SEARCH(\".\",D2126,SEARCH(\".\",D2126)+1)+1,LEN(D2126)-SEARCH(\".\",D2126,SEARCH(\".\",D2126)+1)-(LEN(D2126)-(SEARCH(\".\",D2126,SEARCH(\".\",D2126,SEARCH(\".\",D2126)+1)+1)-1)))),\"\")","v":""},"20.6.3",{"$f":"IF($G2126=\"SINAPI\",VLOOKUP($F2126,DADOS_SINAPI,2,0),IF(G2126=\"SETOP\",VLOOKUP($F2126,DADOS_SETOP,2,0),IF(G2126=\"CPU\",VLOOKUP($F2126,DADOS_COMPOSICAO,2,0),IF(G2126=\"SICRO\",VLOOKUP($F2126,DADOS_SICRO,2,0),IF(G2126=\"SUDECAP\",VLOOKUP(F2126,DADOS_SUDECAP,2,0),IF(G2126=\"COTAÇÃO\",VLOOKUP($F2126,DADOS_COTACAO,2,0),\"\"))))))","v":"ELETRODUTO FLEXÍVEL CORRUGADO, PEAD, DN 50 (1 1/2\"), PARA REDE ENTERRADA DE DISTRIBUIÇÃO DE ENERGIA ELÉTRICA - FORNECIMENTO E INSTALAÇÃO. AF_12/2021"},97667,"SINAPI",{"$f":"IF(G2126=\"SINAPI\",VLOOKUP($F2126,DADOS_SINAPI,3,0),IF(G2126=\"SETOP\",VLOOKUP($F2126,DADOS_SETOP,3,0),IF(G2126=\"CPU\",VLOOKUP($F2126,DADOS_COMPOSICAO,10,0),IF(G2126=\"SICRO\",VLOOKUP($F2126,DADOS_SICRO,3,0),IF(G2126=\"SUDECAP\",VLOOKUP(F2126,DADOS_SUDECAP,3,0),IF(G2126=\"COTAÇÃO\",VLOOKUP($F2126,DADOS_COTACAO,9,0),\"\"))))))","v":"M"},{"$f":"F2128","v":38.15},{"$f":"TRUNC(IF(G2126=\"SINAPI\",VLOOKUP($F2126,DADOS_SINAPI,4,0),IF(G2126=\"SETOP\",VLOOKUP($F2126,DADOS_SETOP,4,0),IF(G2126=\"CPU\",VLOOKUP($F2126,DADOS_COMPOSICAO,13,0),IF(G2126=\"SICRO\",VLOOKUP($F2126,DADOS_SICRO,4,0),IF(G2126=\"SUDECAP\",VLOOKUP(F2126,DADOS_SUDECAP,4,0),IF(G2126=\"COTAÇÃO\",VLOOKUP(F2126,DADOS_COTACAO,12,0),\"\")))))),2)","v":7.92},"BDI 1",{"$f":"TRUNC(J2126*(1+$N$17),2)","v":10.02},{"$f":"IFERROR(TRUNC(I2126*J2126,2),\"\")","v":302.14},382.26]
[2000]
[2000,null,null,null,"Total",38.15,"m"]
[2000]
[{"$f":"IFERROR(LEFT(D2130,SEARCH(\".\",D2130)-1),\"\")","v":"20"},{"$f":"IFERROR(LEFT(RIGHT(D2130,LEN(D2130)-SEARCH(\".\",D2130)),SEARCH(\".\",RIGHT(D2130,LEN(D2130)-SEARCH(\".\",D2130)))-1),\"\")","v":"6"},{"$f":"IFERROR(IF(LEN(D2130)-LEN(SUBSTITUTE(D2130,\".\",\"\"))<>3,\"\",MID(D2130,SEARCH(\".\",D2130,SEARCH(\".\",D2130)+1)+1,LEN(D2130)-SEARCH(\".\",D2130,SEARCH(\".\",D2130)+1)-(LEN(D2130)-(SEARCH(\".\",D2130,SEARCH(\".\",D2130,SEARCH(\".\",D2130)+1)+1)-1)))),\"\")","v":""},"20.6.4",{"$f":"IF($G2130=\"SINAPI\",VLOOKUP($F2130,DADOS_SINAPI,2,0),IF(G2130=\"SETOP\",VLOOKUP($F2130,DADOS_SETOP,2,0),IF(G2130=\"CPU\",VLOOKUP($F2130,DADOS_COMPOSICAO,2,0),IF(G2130=\"SICRO\",VLOOKUP($F2130,DADOS_SICRO,2,0),IF(G2130=\"SUDECAP\",VLOOKUP(F2130,DADOS_SUDECAP,2,0),IF(G2130=\"COTAÇÃO\",VLOOKUP($F2130,DADOS_COTACAO,2,0),\"\"))))))","v":"ELETRODUTO FLEXÍVEL CORRUGADO, PEAD, DN 40 MM (1 1/4\"), PARA CIRCUITOS TERMINAIS, INSTALADO EM PAREDE - FORNECIMENTO E INSTALAÇÃO. AF_03/2023"},91860,"SINAPI",{"$f":"IF(G2130=\"SINAPI\",VLOOKUP($F2130,DADOS_SINAPI,3,0),IF(G2130=\"SETOP\",VLOOKUP($F2130,DADOS_SETOP,3,0),IF(G2130=\"CPU\",VLOOKUP($F2130,DADOS_COMPOSICAO,10,0),IF(G2130=\"SICRO\",VLOOKUP($F2130,DADOS_SICRO,3,0),IF(G2130=\"SUDECAP\",VLOOKUP(F2130,DADOS_SUDECAP,3,0),IF(G2130=\"COTAÇÃO\",VLOOKUP($F2130,DADOS_COTACAO,9,0),\"\"))))))","v":"M"},{"$f":"F2132","v":50.16},{"$f":"TRUNC(IF(G2130=\"SINAPI\",VLOOKUP($F2130,DADOS_SINAPI,4,0),IF(G2130=\"SETOP\",VLOOKUP($F2130,DADOS_SETOP,4,0),IF(G2130=\"CPU\",VLOOKUP($F2130,DADOS_COMPOSICAO,13,0),IF(G2130=\"SICRO\",VLOOKUP($F2130,DADOS_SICRO,4,0),IF(G2130=\"SUDECAP\",VLOOKUP(F2130,DADOS_SUDECAP,4,0),IF(G2130=\"COTAÇÃO\",VLOOKUP(F2130,DADOS_COTACAO,12,0),\"\")))))),2)","v":11.61},"BDI 1",{"$f":"TRUNC(J2130*(1+$N$17),2)","v":14.68},{"$f":"IFERROR(TRUNC(I2130*J2130,2),\"\")","v":582.35},736.35]
[2000]
[2000,null,null,null,"Total",50.16,"m"]
[2000]
[{"$f":"IFERROR(LEFT(D2134,SEARCH(\".\",D2134)-1),\"\")","v":"20"},{"$f":"IFERROR(LEFT(RIGHT(D2134,LEN(D2134)-SEARCH(\".\",D2134)),SEARCH(\".\",RIGHT(D2134,LEN(D2134)-SEARCH(\".\",D2134)))-1),\"\")","v":"6"},{"$f":"IFERROR(IF(LEN(D2134)-LEN(SUBSTITUTE(D2134,\".\",\"\"))<>3,\"\",MID(D2134,SEARCH(\".\",D2134,SEARCH(\".\",D2134)+1)+1,LEN(D2134)-SEARCH(\".\",D2134,SEARCH(\".\",D2134)+1)-(LEN(D2134)-(SEARCH(\".\",D2134,SEARCH(\".\",D2134,SEARCH(\".\",D2134)+1)+1)-1)))),\"\")","v":""},"20.6.5",{"$f":"IF($G2134=\"SINAPI\",VLOOKUP($F2134,DADOS_SINAPI,2,0),IF(G2134=\"SETOP\",VLOOKUP($F2134,DADOS_SETOP,2,0),IF(G2134=\"CPU\",VLOOKUP($F2134,DADOS_COMPOSICAO,2,0),IF(G2134=\"SICRO\",VLOOKUP($F2134,DADOS_SICRO,2,0),IF(G2134=\"SUDECAP\",VLOOKUP(F2134,DADOS_SUDECAP,2,0),IF(G2134=\"COTAÇÃO\",VLOOKUP($F2134,DADOS_COTACAO,2,0),\"\"))))))","v":"ELETRODUTO FLEXÍVEL CORRUGADO, PEAD, DN 63 (2\"), PARA REDE ENTERRADA DE DISTRIBUIÇÃO DE ENERGIA ELÉTRICA - FORNECIMENTO E INSTALAÇÃO. AF_12/2021"},97668,"SINAPI",{"$f":"IF(G2134=\"SINAPI\",VLOOKUP($F2134,DADOS_SINAPI,3,0),IF(G2134=\"SETOP\",VLOOKUP($F2134,DADOS_SETOP,3,0),IF(G2134=\"CPU\",VLOOKUP($F2134,DADOS_COMPOSICAO,10,0),IF(G2134=\"SICRO\",VLOOKUP($F2134,DADOS_SICRO,3,0),IF(G2134=\"SUDECAP\",VLOOKUP(F2134,DADOS_SUDECAP,3,0),IF(G2134=\"COTAÇÃO\",VLOOKUP($F2134,DADOS_COTACAO,9,0),\"\"))))))","v":"M"},{"$f":"F2136","v":2},{"$f":"TRUNC(IF(G2134=\"SINAPI\",VLOOKUP($F2134,DADOS_SINAPI,4,0),IF(G2134=\"SETOP\",VLOOKUP($F2134,DADOS_SETOP,4,0),IF(G2134=\"CPU\",VLOOKUP($F2134,DADOS_COMPOSICAO,13,0),IF(G2134=\"SICRO\",VLOOKUP($F2134,DADOS_SICRO,4,0),IF(G2134=\"SUDECAP\",VLOOKUP(F2134,DADOS_SUDECAP,4,0),IF(G2134=\"COTAÇÃO\",VLOOKUP(F2134,DADOS_COTACAO,12,0),\"\")))))),2)","v":11.3},"BDI 1",{"$f":"TRUNC(J2134*(1+$N$17),2)","v":14.29},{"$f":"IFERROR(TRUNC(I2134*J2134,2),\"\")","v":22.6},28.58]
[2000]
[2000,null,null,null,"Total",2,"m"]
[2000]
[{"$f":"IFERROR(LEFT(D2138,SEARCH(\".\",D2138)-1),\"\")","v":"20"},{"$f":"IFERROR(LEFT(RIGHT(D2138,LEN(D2138)-SEARCH(\".\",D2138)),SEARCH(\".\",RIGHT(D2138,LEN(D2138)-SEARCH(\".\",D2138)))-1),\"\")","v":"6"},{"$f":"IFERROR(IF(LEN(D2138)-LEN(SUBSTITUTE(D2138,\".\",\"\"))<>3,\"\",MID(D2138,SEARCH(\".\",D2138,SEARCH(\".\",D2138)+1)+1,LEN(D2138)-SEARCH(\".\",D2138,SEARCH(\".\",D2138)+1)-(LEN(D2138)-(SEARCH(\".\",D2138,SEARCH(\".\",D2138,SEARCH(\".\",D2138)+1)+1)-1)))),\"\")","v":""},"20.6.6",{"$f":"IF($G2138=\"SINAPI\",VLOOKUP($F2138,DADOS_SINAPI,2,0),IF(G2138=\"SETOP\",VLOOKUP($F2138,DADOS_SETOP,2,0),IF(G2138=\"CPU\",VLOOKUP($F2138,DADOS_COMPOSICAO,2,0),IF(G2138=\"SICRO\",VLOOKUP($F2138,DADOS_SICRO,2,0),IF(G2138=\"SUDECAP\",VLOOKUP(F2138,DADOS_SUDECAP,2,0),IF(G2138=\"COTAÇÃO\",VLOOKUP($F2138,DADOS_COTACAO,2,0),\"\"))))))","v":"ELETRODUTO FLEXÍVEL CORRUGADO, PEAD, DN 90 (3\"), PARA REDE ENTERRADA DE DISTRIBUIÇÃO DE ENERGIA ELÉTRICA - FORNECIMENTO E INSTALAÇÃO. AF_12/2021"},97669,"SINAPI",{"$f":"IF(G2138=\"SINAPI\",VLOOKUP($F2138,DADOS_SINAPI,3,0),IF(G2138=\"SETOP\",VLOOKUP($F2138,DADOS_SETOP,3,0),IF(G2138=\"CPU\",VLOOKUP($F2138,DADOS_COMPOSICAO,10,0),IF(G2138=\"SICRO\",VLOOKUP($F2138,DADOS_SICRO,3,0),IF(G2138=\"SUDECAP\",VLOOKUP(F2138,DADOS_SUDECAP,3,0),IF(G2138=\"COTAÇÃO\",VLOOKUP($F2138,DADOS_COTACAO,9,0),\"\"))))))","v":"M"},{"$f":"F2140","v":56.1},{"$f":"TRUNC(IF(G2138=\"SINAPI\",VLOOKUP($F2138,DADOS_SINAPI,4,0),IF(G2138=\"SETOP\",VLOOKUP($F2138,DADOS_SETOP,4,0),IF(G2138=\"CPU\",VLOOKUP($F2138,DADOS_COMPOSICAO,13,0),IF(G2138=\"SICRO\",VLOOKUP($F2138,DADOS_SICRO,4,0),IF(G2138=\"SUDECAP\",VLOOKUP(F2138,DADOS_SUDECAP,4,0),IF(G2138=\"COTAÇÃO\",VLOOKUP(F2138,DADOS_COTACAO,12,0),\"\")))))),2)","v":16.690000000000001},"BDI 1",{"$f":"TRUNC(J2138*(1+$N$17),2)","v":21.11},{"$f":"IFERROR(TRUNC(I2138*J2138,2),\"\")","v":936.3},1184.27]
[2000]
[2000,null,null,null,"Total",56.1,"m"]
[2000]
[{"$f":"IFERROR(LEFT(D2142,SEARCH(\".\",D2142)-1),\"\")","v":"20"},{"$f":"IFERROR(LEFT(RIGHT(D2142,LEN(D2142)-SEARCH(\".\",D2142)),SEARCH(\".\",RIGHT(D2142,LEN(D2142)-SEARCH(\".\",D2142)))-1),\"\")","v":"6"},{"$f":"IFERROR(IF(LEN(D2142)-LEN(SUBSTITUTE(D2142,\".\",\"\"))<>3,\"\",MID(D2142,SEARCH(\".\",D2142,SEARCH(\".\",D2142)+1)+1,LEN(D2142)-SEARCH(\".\",D2142,SEARCH(\".\",D2142)+1)-(LEN(D2142)-(SEARCH(\".\",D2142,SEARCH(\".\",D2142,SEARCH(\".\",D2142)+1)+1)-1)))),\"\")","v":""},"20.6.7",{"$f":"IF($G2142=\"SINAPI\",VLOOKUP($F2142,DADOS_SINAPI,2,0),IF(G2142=\"SETOP\",VLOOKUP($F2142,DADOS_SETOP,2,0),IF(G2142=\"CPU\",VLOOKUP($F2142,DADOS_COMPOSICAO,2,0),IF(G2142=\"SICRO\",VLOOKUP($F2142,DADOS_SICRO,2,0),IF(G2142=\"SUDECAP\",VLOOKUP(F2142,DADOS_SUDECAP,2,0),IF(G2142=\"COTAÇÃO\",VLOOKUP($F2142,DADOS_COTACAO,2,0),\"\"))))))","v":"ELETRODUTO FLEXÍVEL CORRUGADO, PEAD, DN 100 (4\"), PARA REDE ENTERRADA DE DISTRIBUIÇÃO DE ENERGIA ELÉTRICA - FORNECIMENTO E INSTALAÇÃO. AF_12/2021"},97670,"SINAPI",{"$f":"IF(G2142=\"SINAPI\",VLOOKUP($F2142,DADOS_SINAPI,3,0),IF(G2142=\"SETOP\",VLOOKUP($F2142,DADOS_SETOP,3,0),IF(G2142=\"CPU\",VLOOKUP($F2142,DADOS_COMPOSICAO,10,0),IF(G2142=\"SICRO\",VLOOKUP($F2142,DADOS_SICRO,3,0),IF(G2142=\"SUDECAP\",VLOOKUP(F2142,DADOS_SUDECAP,3,0),IF(G2142=\"COTAÇÃO\",VLOOKUP($F2142,DADOS_COTACAO,9,0),\"\"))))))","v":"M"},{"$f":"F2144","v":3},{"$f":"TRUNC(IF(G2142=\"SINAPI\",VLOOKUP($F2142,DADOS_SINAPI,4,0),IF(G2142=\"SETOP\",VLOOKUP($F2142,DADOS_SETOP,4,0),IF(G2142=\"CPU\",VLOOKUP($F2142,DADOS_COMPOSICAO,13,0),IF(G2142=\"SICRO\",VLOOKUP($F2142,DADOS_SICRO,4,0),IF(G2142=\"SUDECAP\",VLOOKUP(F2142,DADOS_SUDECAP,4,0),IF(G2142=\"COTAÇÃO\",VLOOKUP(F2142,DADOS_COTACAO,12,0),\"\")))))),2)","v":21.48},"BDI 1",{"$f":"TRUNC(J2142*(1+$N$17),2)","v":27.17},{"$f":"IFERROR(TRUNC(I2142*J2142,2),\"\")","v":64.44},81.510000000000005]
[2000]
[2000,null,null,null,"Total",3,"m"]
[2000]
[null,null,null,"20.7","LUMINÁRIA E ACESSÓRIOS",null,null,null,null,null,null,null,{"$f":"IFERROR(SUMIFS(M:M,A:A,LEFT(D2146,SEARCH(\".\",D2146)-1),B:B,RIGHT(D2146,LEN(D2146)-SEARCH(\".\",D2146))),\"\")","v":17147.96},{"$f":"IFERROR(SUMIFS(N:N,A:A,LEFT(D2146,SEARCH(\".\",D2146)-1),B:B,RIGHT(D2146,LEN(D2146)-SEARCH(\".\",D2146))),\"\")","v":21695.049999999996}]
[{"$f":"IFERROR(LEFT(D2147,SEARCH(\".\",D2147)-1),\"\")","v":"20"},{"$f":"IFERROR(LEFT(RIGHT(D2147,LEN(D2147)-SEARCH(\".\",D2147)),SEARCH(\".\",RIGHT(D2147,LEN(D2147)-SEARCH(\".\",D2147)))-1),\"\")","v":"7"},{"$f":"IFERROR(IF(LEN(D2147)-LEN(SUBSTITUTE(D2147,\".\",\"\"))<>3,\"\",MID(D2147,SEARCH(\".\",D2147,SEARCH(\".\",D2147)+1)+1,LEN(D2147)-SEARCH(\".\",D2147,SEARCH(\".\",D2147)+1)-(LEN(D2147)-(SEARCH(\".\",D2147,SEARCH(\".\",D2147,SEARCH(\".\",D2147)+1)+1)-1)))),\"\")","v":""},"20.7.1",{"$f":"IF($G2147=\"SINAPI\",VLOOKUP($F2147,DADOS_SINAPI,2,0),IF(G2147=\"SETOP\",VLOOKUP($F2147,DADOS_SETOP,2,0),IF(G2147=\"CPU\",VLOOKUP($F2147,DADOS_COMPOSICAO,2,0),IF(G2147=\"SICRO\",VLOOKUP($F2147,DADOS_SICRO,2,0),IF(G2147=\"SUDECAP\",VLOOKUP(F2147,DADOS_SUDECAP,2,0),IF(G2147=\"COTAÇÃO\",VLOOKUP($F2147,DADOS_COTACAO,2,0),\"\"))))))","v":"LUMINÁRIA TIPO PLAFON CIRCULAR, DE SOBREPOR, COM LED DE 12/13 W - FORNECIMENTO E INSTALAÇÃO. AF_09/2024"},103782,"SINAPI",{"$f":"IF(G2147=\"SINAPI\",VLOOKUP($F2147,DADOS_SINAPI,3,0),IF(G2147=\"SETOP\",VLOOKUP($F2147,DADOS_SETOP,3,0),IF(G2147=\"CPU\",VLOOKUP($F2147,DADOS_COMPOSICAO,10,0),IF(G2147=\"SICRO\",VLOOKUP($F2147,DADOS_SICRO,3,0),IF(G2147=\"SUDECAP\",VLOOKUP(F2147,DADOS_SUDECAP,3,0),IF(G2147=\"COTAÇÃO\",VLOOKUP($F2147,DADOS_COTACAO,9,0),\"\"))))))","v":"UN"},{"$f":"F2149","v":3},{"$f":"TRUNC(IF(G2147=\"SINAPI\",VLOOKUP($F2147,DADOS_SINAPI,4,0),IF(G2147=\"SETOP\",VLOOKUP($F2147,DADOS_SETOP,4,0),IF(G2147=\"CPU\",VLOOKUP($F2147,DADOS_COMPOSICAO,13,0),IF(G2147=\"SICRO\",VLOOKUP($F2147,DADOS_SICRO,4,0),IF(G2147=\"SUDECAP\",VLOOKUP(F2147,DADOS_SUDECAP,4,0),IF(G2147=\"COTAÇÃO\",VLOOKUP(F2147,DADOS_COTACAO,12,0),\"\")))))),2)","v":27.02},"BDI 1",{"$f":"TRUNC(J2147*(1+$N$17),2)","v":34.18},{"$f":"IFERROR(TRUNC(I2147*J2147,2),\"\")","v":81.06},{"$f":"L2147*I2147","v":102.53999999999999}]
[2000]
[2000,null,null,null,"Total",3,"un"]
[2000]
[{"$f":"IFERROR(LEFT(D2151,SEARCH(\".\",D2151)-1),\"\")","v":"20"},{"$f":"IFERROR(LEFT(RIGHT(D2151,LEN(D2151)-SEARCH(\".\",D2151)),SEARCH(\".\",RIGHT(D2151,LEN(D2151)-SEARCH(\".\",D2151)))-1),\"\")","v":"7"},{"$f":"IFERROR(IF(LEN(D2151)-LEN(SUBSTITUTE(D2151,\".\",\"\"))<>3,\"\",MID(D2151,SEARCH(\".\",D2151,SEARCH(\".\",D2151)+1)+1,LEN(D2151)-SEARCH(\".\",D2151,SEARCH(\".\",D2151)+1)-(LEN(D2151)-(SEARCH(\".\",D2151,SEARCH(\".\",D2151,SEARCH(\".\",D2151)+1)+1)-1)))),\"\")","v":""},"20.7.2",{"$f":"IF($G2151=\"SINAPI\",VLOOKUP($F2151,DADOS_SINAPI,2,0),IF(G2151=\"SETOP\",VLOOKUP($F2151,DADOS_SETOP,2,0),IF(G2151=\"CPU\",VLOOKUP($F2151,DADOS_COMPOSICAO,2,0),IF(G2151=\"SICRO\",VLOOKUP($F2151,DADOS_SICRO,2,0),IF(G2151=\"SUDECAP\",VLOOKUP(F2151,DADOS_SUDECAP,2,0),IF(G2151=\"COTAÇÃO\",VLOOKUP($F2151,DADOS_COTACAO,2,0),\"\"))))))","v":"LUMINARIA SPOT DE SOBREPOR EM ALUMINIO COM ALETA PLASTICA PARA 1 LAMPADA, BASE E27, POTENCIA MAXIMA 40/60 W (NAO INCLUI LAMPADA)                                                                                                                                                                                                                                                                                                                                                                          "},12266,"SINAPI",{"$f":"IF(G2151=\"SINAPI\",VLOOKUP($F2151,DADOS_SINAPI,3,0),IF(G2151=\"SETOP\",VLOOKUP($F2151,DADOS_SETOP,3,0),IF(G2151=\"CPU\",VLOOKUP($F2151,DADOS_COMPOSICAO,10,0),IF(G2151=\"SICRO\",VLOOKUP($F2151,DADOS_SICRO,3,0),IF(G2151=\"SUDECAP\",VLOOKUP(F2151,DADOS_SUDECAP,3,0),IF(G2151=\"COTAÇÃO\",VLOOKUP($F2151,DADOS_COTACAO,9,0),\"\"))))))","v":"UN    "},{"$f":"F2153","v":2},{"$f":"TRUNC(IF(G2151=\"SINAPI\",VLOOKUP($F2151,DADOS_SINAPI,4,0),IF(G2151=\"SETOP\",VLOOKUP($F2151,DADOS_SETOP,4,0),IF(G2151=\"CPU\",VLOOKUP($F2151,DADOS_COMPOSICAO,13,0),IF(G2151=\"SICRO\",VLOOKUP($F2151,DADOS_SICRO,4,0),IF(G2151=\"SUDECAP\",VLOOKUP(F2151,DADOS_SUDECAP,4,0),IF(G2151=\"COTAÇÃO\",VLOOKUP(F2151,DADOS_COTACAO,12,0),\"\")))))),2)","v":107.48},"BDI 1",{"$f":"TRUNC(J2151*(1+$N$17),2)","v":135.97999999999999},{"$f":"IFERROR(TRUNC(I2151*J2151,2),\"\")","v":214.96},{"$f":"L2151*I2151","v":271.95999999999998}]
[2000]
[2000,null,null,null,"Total",2,"un"]
[2000]
[{"$f":"IFERROR(LEFT(D2155,SEARCH(\".\",D2155)-1),\"\")","v":"20"},{"$f":"IFERROR(LEFT(RIGHT(D2155,LEN(D2155)-SEARCH(\".\",D2155)),SEARCH(\".\",RIGHT(D2155,LEN(D2155)-SEARCH(\".\",D2155)))-1),\"\")","v":"7"},{"$f":"IFERROR(IF(LEN(D2155)-LEN(SUBSTITUTE(D2155,\".\",\"\"))<>3,\"\",MID(D2155,SEARCH(\".\",D2155,SEARCH(\".\",D2155)+1)+1,LEN(D2155)-SEARCH(\".\",D2155,SEARCH(\".\",D2155)+1)-(LEN(D2155)-(SEARCH(\".\",D2155,SEARCH(\".\",D2155,SEARCH(\".\",D2155)+1)+1)-1)))),\"\")","v":""},"20.7.3",{"$f":"IF($G2155=\"SINAPI\",VLOOKUP($F2155,DADOS_SINAPI,2,0),IF(G2155=\"SETOP\",VLOOKUP($F2155,DADOS_SETOP,2,0),IF(G2155=\"CPU\",VLOOKUP($F2155,DADOS_COMPOSICAO,2,0),IF(G2155=\"SICRO\",VLOOKUP($F2155,DADOS_SICRO,2,0),IF(G2155=\"SUDECAP\",VLOOKUP(F2155,DADOS_SUDECAP,2,0),IF(G2155=\"COTAÇÃO\",VLOOKUP($F2155,DADOS_COTACAO,2,0),\"\"))))))","v":"LÂMPADA COMPACTA DE LED 10 W, BASE E27 - FORNECIMENTO E INSTALAÇÃO. AF_09/2024"},97610,"SINAPI",{"$f":"IF(G2155=\"SINAPI\",VLOOKUP($F2155,DADOS_SINAPI,3,0),IF(G2155=\"SETOP\",VLOOKUP($F2155,DADOS_SETOP,3,0),IF(G2155=\"CPU\",VLOOKUP($F2155,DADOS_COMPOSICAO,10,0),IF(G2155=\"SICRO\",VLOOKUP($F2155,DADOS_SICRO,3,0),IF(G2155=\"SUDECAP\",VLOOKUP(F2155,DADOS_SUDECAP,3,0),IF(G2155=\"COTAÇÃO\",VLOOKUP($F2155,DADOS_COTACAO,9,0),\"\"))))))","v":"UN"},{"$f":"F2157","v":2},{"$f":"TRUNC(IF(G2155=\"SINAPI\",VLOOKUP($F2155,DADOS_SINAPI,4,0),IF(G2155=\"SETOP\",VLOOKUP($F2155,DADOS_SETOP,4,0),IF(G2155=\"CPU\",VLOOKUP($F2155,DADOS_COMPOSICAO,13,0),IF(G2155=\"SICRO\",VLOOKUP($F2155,DADOS_SICRO,4,0),IF(G2155=\"SUDECAP\",VLOOKUP(F2155,DADOS_SUDECAP,4,0),IF(G2155=\"COTAÇÃO\",VLOOKUP(F2155,DADOS_COTACAO,12,0),\"\")))))),2)","v":13.15},"BDI 1",{"$f":"TRUNC(J2155*(1+$N$17),2)","v":16.63},{"$f":"IFERROR(TRUNC(I2155*J2155,2),\"\")","v":26.3},33.26]
[2000]
[2000,null,null,null,"Total",2,"un"]
[2000]
[{"$f":"IFERROR(LEFT(D2159,SEARCH(\".\",D2159)-1),\"\")","v":"20"},{"$f":"IFERROR(LEFT(RIGHT(D2159,LEN(D2159)-SEARCH(\".\",D2159)),SEARCH(\".\",RIGHT(D2159,LEN(D2159)-SEARCH(\".\",D2159)))-1),\"\")","v":"7"},{"$f":"IFERROR(IF(LEN(D2159)-LEN(SUBSTITUTE(D2159,\".\",\"\"))<>3,\"\",MID(D2159,SEARCH(\".\",D2159,SEARCH(\".\",D2159)+1)+1,LEN(D2159)-SEARCH(\".\",D2159,SEARCH(\".\",D2159)+1)-(LEN(D2159)-(SEARCH(\".\",D2159,SEARCH(\".\",D2159,SEARCH(\".\",D2159)+1)+1)-1)))),\"\")","v":""},"20.7.4",{"$f":"IF($G2159=\"SINAPI\",VLOOKUP($F2159,DADOS_SINAPI,2,0),IF(G2159=\"SETOP\",VLOOKUP($F2159,DADOS_SETOP,2,0),IF(G2159=\"CPU\",VLOOKUP($F2159,DADOS_COMPOSICAO,2,0),IF(G2159=\"SICRO\",VLOOKUP($F2159,DADOS_SICRO,2,0),IF(G2159=\"SUDECAP\",VLOOKUP(F2159,DADOS_SUDECAP,2,0),IF(G2159=\"COTAÇÃO\",VLOOKUP($F2159,DADOS_COTACAO,2,0),\"\"))))))","v":"LUMINÁRIA COMERCIAL CHANFRADA DE SOBREPOR COMPLETA, PARA DUAS (2) LÂMPADAS TUBULARES LED 2X18W-ØT8, TEMPERATURA DA COR 6500K, FORNECIMENTO E INSTALAÇÃO, INCLUSIVE BASE E LÂMPADAS"},"ED-13338","SETOP",{"$f":"IF(G2159=\"SINAPI\",VLOOKUP($F2159,DADOS_SINAPI,3,0),IF(G2159=\"SETOP\",VLOOKUP($F2159,DADOS_SETOP,3,0),IF(G2159=\"CPU\",VLOOKUP($F2159,DADOS_COMPOSICAO,10,0),IF(G2159=\"SICRO\",VLOOKUP($F2159,DADOS_SICRO,3,0),IF(G2159=\"SUDECAP\",VLOOKUP(F2159,DADOS_SUDECAP,3,0),IF(G2159=\"COTAÇÃO\",VLOOKUP($F2159,DADOS_COTACAO,9,0),\"\"))))))","v":"un"},{"$f":"F2161","v":89},{"$f":"TRUNC(IF(G2159=\"SINAPI\",VLOOKUP($F2159,DADOS_SINAPI,4,0),IF(G2159=\"SETOP\",VLOOKUP($F2159,DADOS_SETOP,4,0),IF(G2159=\"CPU\",VLOOKUP($F2159,DADOS_COMPOSICAO,13,0),IF(G2159=\"SICRO\",VLOOKUP($F2159,DADOS_SICRO,4,0),IF(G2159=\"SUDECAP\",VLOOKUP(F2159,DADOS_SUDECAP,4,0),IF(G2159=\"COTAÇÃO\",VLOOKUP(F2159,DADOS_COTACAO,12,0),\"\")))))),2)","v":173.47},"BDI 1",{"$f":"TRUNC(J2159*(1+$N$17),2)","v":219.47},{"$f":"IFERROR(TRUNC(I2159*J2159,2),\"\")","v":15438.83},19532.829999999998]
[2000]
[2000,null,null,null,"Total",89,"un"]
[2000]
[{"$f":"IFERROR(LEFT(D2163,SEARCH(\".\",D2163)-1),\"\")","v":"20"},{"$f":"IFERROR(LEFT(RIGHT(D2163,LEN(D2163)-SEARCH(\".\",D2163)),SEARCH(\".\",RIGHT(D2163,LEN(D2163)-SEARCH(\".\",D2163)))-1),\"\")","v":"7"},{"$f":"IFERROR(IF(LEN(D2163)-LEN(SUBSTITUTE(D2163,\".\",\"\"))<>3,\"\",MID(D2163,SEARCH(\".\",D2163,SEARCH(\".\",D2163)+1)+1,LEN(D2163)-SEARCH(\".\",D2163,SEARCH(\".\",D2163)+1)-(LEN(D2163)-(SEARCH(\".\",D2163,SEARCH(\".\",D2163,SEARCH(\".\",D2163)+1)+1)-1)))),\"\")","v":""},"20.7.5",{"$f":"IF($G2163=\"SINAPI\",VLOOKUP($F2163,DADOS_SINAPI,2,0),IF(G2163=\"SETOP\",VLOOKUP($F2163,DADOS_SETOP,2,0),IF(G2163=\"CPU\",VLOOKUP($F2163,DADOS_COMPOSICAO,2,0),IF(G2163=\"SICRO\",VLOOKUP($F2163,DADOS_SICRO,2,0),IF(G2163=\"SUDECAP\",VLOOKUP(F2163,DADOS_SUDECAP,2,0),IF(G2163=\"COTAÇÃO\",VLOOKUP($F2163,DADOS_COTACAO,2,0),\"\"))))))","v":"LUMINÁRIA ARANDELA TIPO MEIA-LUA COMPLETA, DIÂMETRO 25 CM, PARA UMA (1) LÂMPADA LED, POTÊNCIA 15W, BULBO A65, FORNECIMENTO E INSTALAÇÃO, INCLUSIVE BASE E LÂMPADA"},"ED-13345","SETOP",{"$f":"IF(G2163=\"SINAPI\",VLOOKUP($F2163,DADOS_SINAPI,3,0),IF(G2163=\"SETOP\",VLOOKUP($F2163,DADOS_SETOP,3,0),IF(G2163=\"CPU\",VLOOKUP($F2163,DADOS_COMPOSICAO,10,0),IF(G2163=\"SICRO\",VLOOKUP($F2163,DADOS_SICRO,3,0),IF(G2163=\"SUDECAP\",VLOOKUP(F2163,DADOS_SUDECAP,3,0),IF(G2163=\"COTAÇÃO\",VLOOKUP($F2163,DADOS_COTACAO,9,0),\"\"))))))","v":"un"},{"$f":"F2165","v":19},{"$f":"TRUNC(IF(G2163=\"SINAPI\",VLOOKUP($F2163,DADOS_SINAPI,4,0),IF(G2163=\"SETOP\",VLOOKUP($F2163,DADOS_SETOP,4,0),IF(G2163=\"CPU\",VLOOKUP($F2163,DADOS_COMPOSICAO,13,0),IF(G2163=\"SICRO\",VLOOKUP($F2163,DADOS_SICRO,4,0),IF(G2163=\"SUDECAP\",VLOOKUP(F2163,DADOS_SUDECAP,4,0),IF(G2163=\"COTAÇÃO\",VLOOKUP(F2163,DADOS_COTACAO,12,0),\"\")))))),2)","v":72.989999999999995},"BDI 1",{"$f":"TRUNC(J2163*(1+$N$17),2)","v":92.34},{"$f":"IFERROR(TRUNC(I2163*J2163,2),\"\")","v":1386.81},1754.46]
[2000]
[2000,null,null,null,"Total",19,"un"]
[2000]
[null,null,null,"20.8","ENTRADA DE SERVIÇO",null,null,null,null,null,null,null,{"$f":"IFERROR(SUMIFS(M:M,A:A,LEFT(D2167,SEARCH(\".\",D2167)-1),B:B,RIGHT(D2167,LEN(D2167)-SEARCH(\".\",D2167))),\"\")","v":6666.2},{"$f":"IFERROR(SUMIFS(N:N,A:A,LEFT(D2167,SEARCH(\".\",D2167)-1),B:B,RIGHT(D2167,LEN(D2167)-SEARCH(\".\",D2167))),\"\")","v":8434.07}]
[{"$f":"IFERROR(LEFT(D2168,SEARCH(\".\",D2168)-1),\"\")","v":"20"},{"$f":"IFERROR(LEFT(RIGHT(D2168,LEN(D2168)-SEARCH(\".\",D2168)),SEARCH(\".\",RIGHT(D2168,LEN(D2168)-SEARCH(\".\",D2168)))-1),\"\")","v":"8"},{"$f":"IFERROR(IF(LEN(D2168)-LEN(SUBSTITUTE(D2168,\".\",\"\"))<>3,\"\",MID(D2168,SEARCH(\".\",D2168,SEARCH(\".\",D2168)+1)+1,LEN(D2168)-SEARCH(\".\",D2168,SEARCH(\".\",D2168)+1)-(LEN(D2168)-(SEARCH(\".\",D2168,SEARCH(\".\",D2168,SEARCH(\".\",D2168)+1)+1)-1)))),\"\")","v":""},"20.8.1",{"$f":"IF($G2168=\"SINAPI\",VLOOKUP($F2168,DADOS_SINAPI,2,0),IF(G2168=\"SETOP\",VLOOKUP($F2168,DADOS_SETOP,2,0),IF(G2168=\"CPU\",VLOOKUP($F2168,DADOS_COMPOSICAO,2,0),IF(G2168=\"SICRO\",VLOOKUP($F2168,DADOS_SICRO,2,0),IF(G2168=\"SUDECAP\",VLOOKUP(F2168,DADOS_SUDECAP,2,0),IF(G2168=\"COTAÇÃO\",VLOOKUP($F2168,DADOS_COTACAO,2,0),\"\"))))))","v":"ENTRADA DE ENERGIA AÉREA, TIPO C6, PADRÃO CEMIG, CARGA INSTALADA DE 47,1KVA ATÉ 57KVA, TRIFÁSICO, COM SAÍDA SUBTERRÂNEA, INCLUSIVE POSTE, CAIXA PARA MEDIDOR, DISJUNTOR, BARRAMENTO, ATERRAMENTO E ACESSÓRIOS"},"ED-20586","SETOP",{"$f":"IF(G2168=\"SINAPI\",VLOOKUP($F2168,DADOS_SINAPI,3,0),IF(G2168=\"SETOP\",VLOOKUP($F2168,DADOS_SETOP,3,0),IF(G2168=\"CPU\",VLOOKUP($F2168,DADOS_COMPOSICAO,10,0),IF(G2168=\"SICRO\",VLOOKUP($F2168,DADOS_SICRO,3,0),IF(G2168=\"SUDECAP\",VLOOKUP(F2168,DADOS_SUDECAP,3,0),IF(G2168=\"COTAÇÃO\",VLOOKUP($F2168,DADOS_COTACAO,9,0),\"\"))))))","v":"un"},{"$f":"F2170","v":1},{"$f":"TRUNC(IF(G2168=\"SINAPI\",VLOOKUP($F2168,DADOS_SINAPI,4,0),IF(G2168=\"SETOP\",VLOOKUP($F2168,DADOS_SETOP,4,0),IF(G2168=\"CPU\",VLOOKUP($F2168,DADOS_COMPOSICAO,13,0),IF(G2168=\"SICRO\",VLOOKUP($F2168,DADOS_SICRO,4,0),IF(G2168=\"SUDECAP\",VLOOKUP(F2168,DADOS_SUDECAP,4,0),IF(G2168=\"COTAÇÃO\",VLOOKUP(F2168,DADOS_COTACAO,12,0),\"\")))))),2)","v":6666.2},"BDI 1",{"$f":"TRUNC(J2168*(1+$N$17),2)","v":8434.07},{"$f":"IFERROR(TRUNC(I2168*J2168,2),\"\")","v":6666.2},{"$f":"L2168*I2168","v":8434.07}]
[2000]
[2000,null,null,null,"Total",1,"un"]
[2000]
[null,null,null,"20.9","QUADRO DE DISTRIBUIÇÃO",null,null,null,null,null,null,null,{"$f":"IFERROR(SUMIFS(M:M,A:A,LEFT(D2172,SEARCH(\".\",D2172)-1),B:B,RIGHT(D2172,LEN(D2172)-SEARCH(\".\",D2172))),\"\")","v":5666.34},{"$f":"IFERROR(SUMIFS(N:N,A:A,LEFT(D2172,SEARCH(\".\",D2172)-1),B:B,RIGHT(D2172,LEN(D2172)-SEARCH(\".\",D2172))),\"\")","v":7169.0399999999991}]
[{"$f":"IFERROR(LEFT(D2173,SEARCH(\".\",D2173)-1),\"\")","v":"20"},{"$f":"IFERROR(LEFT(RIGHT(D2173,LEN(D2173)-SEARCH(\".\",D2173)),SEARCH(\".\",RIGHT(D2173,LEN(D2173)-SEARCH(\".\",D2173)))-1),\"\")","v":"9"},{"$f":"IFERROR(IF(LEN(D2173)-LEN(SUBSTITUTE(D2173,\".\",\"\"))<>3,\"\",MID(D2173,SEARCH(\".\",D2173,SEARCH(\".\",D2173)+1)+1,LEN(D2173)-SEARCH(\".\",D2173,SEARCH(\".\",D2173)+1)-(LEN(D2173)-(SEARCH(\".\",D2173,SEARCH(\".\",D2173,SEARCH(\".\",D2173)+1)+1)-1)))),\"\")","v":""},"20.9.1",{"$f":"IF($G2173=\"SINAPI\",VLOOKUP($F2173,DADOS_SINAPI,2,0),IF(G2173=\"SETOP\",VLOOKUP($F2173,DADOS_SETOP,2,0),IF(G2173=\"CPU\",VLOOKUP($F2173,DADOS_COMPOSICAO,2,0),IF(G2173=\"SICRO\",VLOOKUP($F2173,DADOS_SICRO,2,0),IF(G2173=\"SUDECAP\",VLOOKUP(F2173,DADOS_SUDECAP,2,0),IF(G2173=\"COTAÇÃO\",VLOOKUP($F2173,DADOS_COTACAO,2,0),\"\"))))))","v":"QUADRO DE DISTRIBUIÇÃO DE ENERGIA EM CHAPA DE AÇO GALVANIZADO, DE EMBUTIR, COM BARRAMENTO TRIFÁSICO, PARA 30 DISJUNTORES DIN 150A - FORNECIMENTO E INSTALAÇÃO. AF_10/2020"},101880,"SINAPI",{"$f":"IF(G2173=\"SINAPI\",VLOOKUP($F2173,DADOS_SINAPI,3,0),IF(G2173=\"SETOP\",VLOOKUP($F2173,DADOS_SETOP,3,0),IF(G2173=\"CPU\",VLOOKUP($F2173,DADOS_COMPOSICAO,10,0),IF(G2173=\"SICRO\",VLOOKUP($F2173,DADOS_SICRO,3,0),IF(G2173=\"SUDECAP\",VLOOKUP(F2173,DADOS_SUDECAP,3,0),IF(G2173=\"COTAÇÃO\",VLOOKUP($F2173,DADOS_COTACAO,9,0),\"\"))))))","v":"UN"},{"$f":"F2175","v":5},{"$f":"TRUNC(IF(G2173=\"SINAPI\",VLOOKUP($F2173,DADOS_SINAPI,4,0),IF(G2173=\"SETOP\",VLOOKUP($F2173,DADOS_SETOP,4,0),IF(G2173=\"CPU\",VLOOKUP($F2173,DADOS_COMPOSICAO,13,0),IF(G2173=\"SICRO\",VLOOKUP($F2173,DADOS_SICRO,4,0),IF(G2173=\"SUDECAP\",VLOOKUP(F2173,DADOS_SUDECAP,4,0),IF(G2173=\"COTAÇÃO\",VLOOKUP(F2173,DADOS_COTACAO,12,0),\"\")))))),2)","v":651.32000000000005},"BDI 1",{"$f":"TRUNC(J2173*(1+$N$17),2)","v":824.05},{"$f":"IFERROR(TRUNC(I2173*J2173,2),\"\")","v":3256.6},{"$f":"L2173*I2173","v":4120.25}]
[2000]
[2000,null,null,null,"Total",5,"un"]
[2000]
[{"$f":"IFERROR(LEFT(D2177,SEARCH(\".\",D2177)-1),\"\")","v":"20"},{"$f":"IFERROR(LEFT(RIGHT(D2177,LEN(D2177)-SEARCH(\".\",D2177)),SEARCH(\".\",RIGHT(D2177,LEN(D2177)-SEARCH(\".\",D2177)))-1),\"\")","v":"9"},{"$f":"IFERROR(IF(LEN(D2177)-LEN(SUBSTITUTE(D2177,\".\",\"\"))<>3,\"\",MID(D2177,SEARCH(\".\",D2177,SEARCH(\".\",D2177)+1)+1,LEN(D2177)-SEARCH(\".\",D2177,SEARCH(\".\",D2177)+1)-(LEN(D2177)-(SEARCH(\".\",D2177,SEARCH(\".\",D2177,SEARCH(\".\",D2177)+1)+1)-1)))),\"\")","v":""},"20.9.2",{"$f":"IF($G2177=\"SINAPI\",VLOOKUP($F2177,DADOS_SINAPI,2,0),IF(G2177=\"SETOP\",VLOOKUP($F2177,DADOS_SETOP,2,0),IF(G2177=\"CPU\",VLOOKUP($F2177,DADOS_COMPOSICAO,2,0),IF(G2177=\"SICRO\",VLOOKUP($F2177,DADOS_SICRO,2,0),IF(G2177=\"SUDECAP\",VLOOKUP(F2177,DADOS_SUDECAP,2,0),IF(G2177=\"COTAÇÃO\",VLOOKUP($F2177,DADOS_COTACAO,2,0),\"\"))))))","v":"QUADRO DE DISTRIBUIÇÃO DE ENERGIA EM CHAPA DE AÇO GALVANIZADO, DE EMBUTIR, COM BARRAMENTO TRIFÁSICO, PARA 40 DISJUNTORES DIN 100A - FORNECIMENTO E INSTALAÇÃO. AF_10/2020"},101881,"SINAPI",{"$f":"IF(G2177=\"SINAPI\",VLOOKUP($F2177,DADOS_SINAPI,3,0),IF(G2177=\"SETOP\",VLOOKUP($F2177,DADOS_SETOP,3,0),IF(G2177=\"CPU\",VLOOKUP($F2177,DADOS_COMPOSICAO,10,0),IF(G2177=\"SICRO\",VLOOKUP($F2177,DADOS_SICRO,3,0),IF(G2177=\"SUDECAP\",VLOOKUP(F2177,DADOS_SUDECAP,3,0),IF(G2177=\"COTAÇÃO\",VLOOKUP($F2177,DADOS_COTACAO,9,0),\"\"))))))","v":"UN"},{"$f":"F2179","v":2},{"$f":"TRUNC(IF(G2177=\"SINAPI\",VLOOKUP($F2177,DADOS_SINAPI,4,0),IF(G2177=\"SETOP\",VLOOKUP($F2177,DADOS_SETOP,4,0),IF(G2177=\"CPU\",VLOOKUP($F2177,DADOS_COMPOSICAO,13,0),IF(G2177=\"SICRO\",VLOOKUP($F2177,DADOS_SICRO,4,0),IF(G2177=\"SUDECAP\",VLOOKUP(F2177,DADOS_SUDECAP,4,0),IF(G2177=\"COTAÇÃO\",VLOOKUP(F2177,DADOS_COTACAO,12,0),\"\")))))),2)","v":935.68},"BDI 1",{"$f":"TRUNC(J2177*(1+$N$17),2)","v":1183.82},{"$f":"IFERROR(TRUNC(I2177*J2177,2),\"\")","v":1871.36},{"$f":"L2177*I2177","v":2367.64}]
[2000]
[2000,null,null,null,"Total",2,"un"]
[2000]
[{"$f":"IFERROR(LEFT(D2181,SEARCH(\".\",D2181)-1),\"\")","v":"20"},{"$f":"IFERROR(LEFT(RIGHT(D2181,LEN(D2181)-SEARCH(\".\",D2181)),SEARCH(\".\",RIGHT(D2181,LEN(D2181)-SEARCH(\".\",D2181)))-1),\"\")","v":"9"},{"$f":"IFERROR(IF(LEN(D2181)-LEN(SUBSTITUTE(D2181,\".\",\"\"))<>3,\"\",MID(D2181,SEARCH(\".\",D2181,SEARCH(\".\",D2181)+1)+1,LEN(D2181)-SEARCH(\".\",D2181,SEARCH(\".\",D2181)+1)-(LEN(D2181)-(SEARCH(\".\",D2181,SEARCH(\".\",D2181,SEARCH(\".\",D2181)+1)+1)-1)))),\"\")","v":""},"20.9.3",{"$f":"IF($G2181=\"SINAPI\",VLOOKUP($F2181,DADOS_SINAPI,2,0),IF(G2181=\"SETOP\",VLOOKUP($F2181,DADOS_SETOP,2,0),IF(G2181=\"CPU\",VLOOKUP($F2181,DADOS_COMPOSICAO,2,0),IF(G2181=\"SICRO\",VLOOKUP($F2181,DADOS_SICRO,2,0),IF(G2181=\"SUDECAP\",VLOOKUP(F2181,DADOS_SUDECAP,2,0),IF(G2181=\"COTAÇÃO\",VLOOKUP($F2181,DADOS_COTACAO,2,0),\"\"))))))","v":"QUADRO DE DISTRIBUIÇÃO DE ENERGIA EM CHAPA DE AÇO GALVANIZADO, DE SOBREPOR, COM BARRAMENTO TRIFÁSICO, PARA 18 DISJUNTORES DIN 100A - FORNECIMENTO E INSTALAÇÃO. AF_10/2020"},101878,"SINAPI",{"$f":"IF(G2181=\"SINAPI\",VLOOKUP($F2181,DADOS_SINAPI,3,0),IF(G2181=\"SETOP\",VLOOKUP($F2181,DADOS_SETOP,3,0),IF(G2181=\"CPU\",VLOOKUP($F2181,DADOS_COMPOSICAO,10,0),IF(G2181=\"SICRO\",VLOOKUP($F2181,DADOS_SICRO,3,0),IF(G2181=\"SUDECAP\",VLOOKUP(F2181,DADOS_SUDECAP,3,0),IF(G2181=\"COTAÇÃO\",VLOOKUP($F2181,DADOS_COTACAO,9,0),\"\"))))))","v":"UN"},{"$f":"F2183","v":1},{"$f":"TRUNC(IF(G2181=\"SINAPI\",VLOOKUP($F2181,DADOS_SINAPI,4,0),IF(G2181=\"SETOP\",VLOOKUP($F2181,DADOS_SETOP,4,0),IF(G2181=\"CPU\",VLOOKUP($F2181,DADOS_COMPOSICAO,13,0),IF(G2181=\"SICRO\",VLOOKUP($F2181,DADOS_SICRO,4,0),IF(G2181=\"SUDECAP\",VLOOKUP(F2181,DADOS_SUDECAP,4,0),IF(G2181=\"COTAÇÃO\",VLOOKUP(F2181,DADOS_COTACAO,12,0),\"\")))))),2)","v":538.38},"BDI 1",{"$f":"TRUNC(J2181*(1+$N$17),2)","v":681.15},{"$f":"IFERROR(TRUNC(I2181*J2181,2),\"\")","v":538.38},681.15]
[2000]
[2000,null,null,null,"Total",1,"un"]
[2000]
[null,null,null,"20.10","LISTA COMPLEMENTAR",null,null,null,null,null,null,null,{"$f":"IFERROR(SUMIFS(M:M,A:A,LEFT(D2185,SEARCH(\".\",D2185)-1),B:B,RIGHT(D2185,LEN(D2185)-SEARCH(\".\",D2185))),\"\")","v":12521.31},{"$f":"IFERROR(SUMIFS(N:N,A:A,LEFT(D2185,SEARCH(\".\",D2185)-1),B:B,RIGHT(D2185,LEN(D2185)-SEARCH(\".\",D2185))),\"\")","v":15841.61}]
[{"$f":"IFERROR(LEFT(D2186,SEARCH(\".\",D2186)-1),\"\")","v":"20"},{"$f":"IFERROR(LEFT(RIGHT(D2186,LEN(D2186)-SEARCH(\".\",D2186)),SEARCH(\".\",RIGHT(D2186,LEN(D2186)-SEARCH(\".\",D2186)))-1),\"\")","v":"10"},{"$f":"IFERROR(IF(LEN(D2186)-LEN(SUBSTITUTE(D2186,\".\",\"\"))<>3,\"\",MID(D2186,SEARCH(\".\",D2186,SEARCH(\".\",D2186)+1)+1,LEN(D2186)-SEARCH(\".\",D2186,SEARCH(\".\",D2186)+1)-(LEN(D2186)-(SEARCH(\".\",D2186,SEARCH(\".\",D2186,SEARCH(\".\",D2186)+1)+1)-1)))),\"\")","v":""},"20.10.1",{"$f":"IF($G2186=\"SINAPI\",VLOOKUP($F2186,DADOS_SINAPI,2,0),IF(G2186=\"SETOP\",VLOOKUP($F2186,DADOS_SETOP,2,0),IF(G2186=\"CPU\",VLOOKUP($F2186,DADOS_COMPOSICAO,2,0),IF(G2186=\"SICRO\",VLOOKUP($F2186,DADOS_SICRO,2,0),IF(G2186=\"SUDECAP\",VLOOKUP(F2186,DADOS_SUDECAP,2,0),IF(G2186=\"COTAÇÃO\",VLOOKUP($F2186,DADOS_COTACAO,2,0),\"\"))))))","v":"ESCAVAÇÃO MANUAL DE VALA. AF_09/2024"},93358,"SINAPI",{"$f":"IF(G2186=\"SINAPI\",VLOOKUP($F2186,DADOS_SINAPI,3,0),IF(G2186=\"SETOP\",VLOOKUP($F2186,DADOS_SETOP,3,0),IF(G2186=\"CPU\",VLOOKUP($F2186,DADOS_COMPOSICAO,10,0),IF(G2186=\"SICRO\",VLOOKUP($F2186,DADOS_SICRO,3,0),IF(G2186=\"SUDECAP\",VLOOKUP(F2186,DADOS_SUDECAP,3,0),IF(G2186=\"COTAÇÃO\",VLOOKUP($F2186,DADOS_COTACAO,9,0),\"\"))))))","v":"M3"},{"$f":"F2188","v":19.319999999999997},{"$f":"TRUNC(IF(G2186=\"SINAPI\",VLOOKUP($F2186,DADOS_SINAPI,4,0),IF(G2186=\"SETOP\",VLOOKUP($F2186,DADOS_SETOP,4,0),IF(G2186=\"CPU\",VLOOKUP($F2186,DADOS_COMPOSICAO,13,0),IF(G2186=\"SICRO\",VLOOKUP($F2186,DADOS_SICRO,4,0),IF(G2186=\"SUDECAP\",VLOOKUP(F2186,DADOS_SUDECAP,4,0),IF(G2186=\"COTAÇÃO\",VLOOKUP(F2186,DADOS_COTACAO,12,0),\"\")))))),2)","v":74.17},"BDI 1",{"$f":"TRUNC(J2186*(1+$N$17),2)","v":93.83},{"$f":"IFERROR(TRUNC(I2186*J2186,2),\"\")","v":1432.96},1812.8]
[2000]
[2000,null,null,null,"Total",{"$f":"92*0.7*0.3","v":19.319999999999997},"m³"]
[2000]
[{"$f":"IFERROR(LEFT(D2190,SEARCH(\".\",D2190)-1),\"\")","v":"20"},{"$f":"IFERROR(LEFT(RIGHT(D2190,LEN(D2190)-SEARCH(\".\",D2190)),SEARCH(\".\",RIGHT(D2190,LEN(D2190)-SEARCH(\".\",D2190)))-1),\"\")","v":"10"},{"$f":"IFERROR(IF(LEN(D2190)-LEN(SUBSTITUTE(D2190,\".\",\"\"))<>3,\"\",MID(D2190,SEARCH(\".\",D2190,SEARCH(\".\",D2190)+1)+1,LEN(D2190)-SEARCH(\".\",D2190,SEARCH(\".\",D2190)+1)-(LEN(D2190)-(SEARCH(\".\",D2190,SEARCH(\".\",D2190,SEARCH(\".\",D2190)+1)+1)-1)))),\"\")","v":""},"20.10.2",{"$f":"IF($G2190=\"SINAPI\",VLOOKUP($F2190,DADOS_SINAPI,2,0),IF(G2190=\"SETOP\",VLOOKUP($F2190,DADOS_SETOP,2,0),IF(G2190=\"CPU\",VLOOKUP($F2190,DADOS_COMPOSICAO,2,0),IF(G2190=\"SICRO\",VLOOKUP($F2190,DADOS_SICRO,2,0),IF(G2190=\"SUDECAP\",VLOOKUP(F2190,DADOS_SUDECAP,2,0),IF(G2190=\"COTAÇÃO\",VLOOKUP($F2190,DADOS_COTACAO,2,0),\"\"))))))","v":"REATERRO MANUAL DE VALAS, COM PLACA VIBRATÓRIA. AF_08/2023"},104737,"SINAPI",{"$f":"IF(G2190=\"SINAPI\",VLOOKUP($F2190,DADOS_SINAPI,3,0),IF(G2190=\"SETOP\",VLOOKUP($F2190,DADOS_SETOP,3,0),IF(G2190=\"CPU\",VLOOKUP($F2190,DADOS_COMPOSICAO,10,0),IF(G2190=\"SICRO\",VLOOKUP($F2190,DADOS_SICRO,3,0),IF(G2190=\"SUDECAP\",VLOOKUP(F2190,DADOS_SUDECAP,3,0),IF(G2190=\"COTAÇÃO\",VLOOKUP($F2190,DADOS_COTACAO,9,0),\"\"))))))","v":"M3"},{"$f":"F2192","v":19.319999999999997},{"$f":"TRUNC(IF(G2190=\"SINAPI\",VLOOKUP($F2190,DADOS_SINAPI,4,0),IF(G2190=\"SETOP\",VLOOKUP($F2190,DADOS_SETOP,4,0),IF(G2190=\"CPU\",VLOOKUP($F2190,DADOS_COMPOSICAO,13,0),IF(G2190=\"SICRO\",VLOOKUP($F2190,DADOS_SICRO,4,0),IF(G2190=\"SUDECAP\",VLOOKUP(F2190,DADOS_SUDECAP,4,0),IF(G2190=\"COTAÇÃO\",VLOOKUP(F2190,DADOS_COTACAO,12,0),\"\")))))),2)","v":19.149999999999999},"BDI 1",{"$f":"TRUNC(J2190*(1+$N$17),2)","v":24.22},{"$f":"IFERROR(TRUNC(I2190*J2190,2),\"\")","v":369.97},467.93]
[2000]
[2000,null,null,null,"Total",{"$f":"F2188","v":19.319999999999997},"m³"]
[2000]
[{"$f":"IFERROR(LEFT(D2194,SEARCH(\".\",D2194)-1),\"\")","v":"20"},{"$f":"IFERROR(LEFT(RIGHT(D2194,LEN(D2194)-SEARCH(\".\",D2194)),SEARCH(\".\",RIGHT(D2194,LEN(D2194)-SEARCH(\".\",D2194)))-1),\"\")","v":"10"},{"$f":"IFERROR(IF(LEN(D2194)-LEN(SUBSTITUTE(D2194,\".\",\"\"))<>3,\"\",MID(D2194,SEARCH(\".\",D2194,SEARCH(\".\",D2194)+1)+1,LEN(D2194)-SEARCH(\".\",D2194,SEARCH(\".\",D2194)+1)-(LEN(D2194)-(SEARCH(\".\",D2194,SEARCH(\".\",D2194,SEARCH(\".\",D2194)+1)+1)-1)))),\"\")","v":""},"20.10.3",{"$f":"IF($G2194=\"SINAPI\",VLOOKUP($F2194,DADOS_SINAPI,2,0),IF(G2194=\"SETOP\",VLOOKUP($F2194,DADOS_SETOP,2,0),IF(G2194=\"CPU\",VLOOKUP($F2194,DADOS_COMPOSICAO,2,0),IF(G2194=\"SICRO\",VLOOKUP($F2194,DADOS_SICRO,2,0),IF(G2194=\"SUDECAP\",VLOOKUP(F2194,DADOS_SUDECAP,2,0),IF(G2194=\"COTAÇÃO\",VLOOKUP($F2194,DADOS_COTACAO,2,0),\"\"))))))","v":"GERADOR MONOFÁSICO 5500 VA"},"COT-ELE-002","COTAÇÃO",{"$f":"F2196","v":1},{"$f":"F2196","v":1},{"$f":"TRUNC(IF(G2194=\"SINAPI\",VLOOKUP($F2194,DADOS_SINAPI,4,0),IF(G2194=\"SETOP\",VLOOKUP($F2194,DADOS_SETOP,4,0),IF(G2194=\"CPU\",VLOOKUP($F2194,DADOS_COMPOSICAO,13,0),IF(G2194=\"SICRO\",VLOOKUP($F2194,DADOS_SICRO,4,0),IF(G2194=\"SUDECAP\",VLOOKUP(F2194,DADOS_SUDECAP,4,0),IF(G2194=\"COTAÇÃO\",VLOOKUP(F2194,DADOS_COTACAO,12,0),\"\")))))),2)","v":8274.7999999999993},"BDI 1",{"$f":"TRUNC(J2194*(1+$N$17),2)","v":10469.27},{"$f":"IFERROR(TRUNC(I2194*J2194,2),\"\")","v":8274.7999999999993},{"$f":"L2194*I2194","v":10469.27}]
[2000]
[2000,null,null,null,"Total",1,"un"]
[2000]
[{"$f":"IFERROR(LEFT(D2198,SEARCH(\".\",D2198)-1),\"\")","v":"20"},{"$f":"IFERROR(LEFT(RIGHT(D2198,LEN(D2198)-SEARCH(\".\",D2198)),SEARCH(\".\",RIGHT(D2198,LEN(D2198)-SEARCH(\".\",D2198)))-1),\"\")","v":"10"},{"$f":"IFERROR(IF(LEN(D2198)-LEN(SUBSTITUTE(D2198,\".\",\"\"))<>3,\"\",MID(D2198,SEARCH(\".\",D2198,SEARCH(\".\",D2198)+1)+1,LEN(D2198)-SEARCH(\".\",D2198,SEARCH(\".\",D2198)+1)-(LEN(D2198)-(SEARCH(\".\",D2198,SEARCH(\".\",D2198,SEARCH(\".\",D2198)+1)+1)-1)))),\"\")","v":""},"20.10.4",{"$f":"IF($G2198=\"SINAPI\",VLOOKUP($F2198,DADOS_SINAPI,2,0),IF(G2198=\"SETOP\",VLOOKUP($F2198,DADOS_SETOP,2,0),IF(G2198=\"CPU\",VLOOKUP($F2198,DADOS_COMPOSICAO,2,0),IF(G2198=\"SICRO\",VLOOKUP($F2198,DADOS_SICRO,2,0),IF(G2198=\"SUDECAP\",VLOOKUP(F2198,DADOS_SUDECAP,2,0),IF(G2198=\"COTAÇÃO\",VLOOKUP($F2198,DADOS_COTACAO,2,0),\"\"))))))","v":"CHAVE DE TRANSFERENCIA GERADOR"},"COT-ELE-001","COTAÇÃO",{"$f":"F2200","v":1},{"$f":"F2200","v":1},{"$f":"TRUNC(IF(G2198=\"SINAPI\",VLOOKUP($F2198,DADOS_SINAPI,4,0),IF(G2198=\"SETOP\",VLOOKUP($F2198,DADOS_SETOP,4,0),IF(G2198=\"CPU\",VLOOKUP($F2198,DADOS_COMPOSICAO,13,0),IF(G2198=\"SICRO\",VLOOKUP($F2198,DADOS_SICRO,4,0),IF(G2198=\"SUDECAP\",VLOOKUP(F2198,DADOS_SUDECAP,4,0),IF(G2198=\"COTAÇÃO\",VLOOKUP(F2198,DADOS_COTACAO,12,0),\"\")))))),2)","v":575.58000000000004},"BDI 1",{"$f":"TRUNC(J2198*(1+$N$17),2)","v":728.22},{"$f":"IFERROR(TRUNC(I2198*J2198,2),\"\")","v":575.58000000000004},728.22]
[2000]
[2000,null,null,null,"Total",1,"un"]
[2000]
[{"$f":"IFERROR(LEFT(D2202,SEARCH(\".\",D2202)-1),\"\")","v":"20"},{"$f":"IFERROR(LEFT(RIGHT(D2202,LEN(D2202)-SEARCH(\".\",D2202)),SEARCH(\".\",RIGHT(D2202,LEN(D2202)-SEARCH(\".\",D2202)))-1),\"\")","v":"10"},{"$f":"IFERROR(IF(LEN(D2202)-LEN(SUBSTITUTE(D2202,\".\",\"\"))<>3,\"\",MID(D2202,SEARCH(\".\",D2202,SEARCH(\".\",D2202)+1)+1,LEN(D2202)-SEARCH(\".\",D2202,SEARCH(\".\",D2202)+1)-(LEN(D2202)-(SEARCH(\".\",D2202,SEARCH(\".\",D2202,SEARCH(\".\",D2202)+1)+1)-1)))),\"\")","v":""},"20.10.5",{"$f":"IF($G2202=\"SINAPI\",VLOOKUP($F2202,DADOS_SINAPI,2,0),IF(G2202=\"SETOP\",VLOOKUP($F2202,DADOS_SETOP,2,0),IF(G2202=\"CPU\",VLOOKUP($F2202,DADOS_COMPOSICAO,2,0),IF(G2202=\"SICRO\",VLOOKUP($F2202,DADOS_SICRO,2,0),IF(G2202=\"SUDECAP\",VLOOKUP(F2202,DADOS_SUDECAP,2,0),IF(G2202=\"COTAÇÃO\",VLOOKUP($F2202,DADOS_COTACAO,2,0),\"\"))))))","v":"INSTALAÇÃO DE GERADOR TRIFÁSICO 5,5 KVA - CABINADO "},"ELE-002","CPU",{"$f":"IF(G2202=\"SINAPI\",VLOOKUP($F2202,DADOS_SINAPI,3,0),IF(G2202=\"SETOP\",VLOOKUP($F2202,DADOS_SETOP,3,0),IF(G2202=\"CPU\",VLOOKUP($F2202,DADOS_COMPOSICAO,10,0),IF(G2202=\"SICRO\",VLOOKUP($F2202,DADOS_SICRO,3,0),IF(G2202=\"SUDECAP\",VLOOKUP(F2202,DADOS_SUDECAP,3,0),IF(G2202=\"COTAÇÃO\",VLOOKUP($F2202,DADOS_COTACAO,9,0),\"\"))))))","v":"UN"},{"$f":"F2204","v":1},{"$f":"TRUNC(IF(G2202=\"SINAPI\",VLOOKUP($F2202,DADOS_SINAPI,4,0),IF(G2202=\"SETOP\",VLOOKUP($F2202,DADOS_SETOP,4,0),IF(G2202=\"CPU\",VLOOKUP($F2202,DADOS_COMPOSICAO,13,0),IF(G2202=\"SICRO\",VLOOKUP($F2202,DADOS_SICRO,4,0),IF(G2202=\"SUDECAP\",VLOOKUP(F2202,DADOS_SUDECAP,4,0),IF(G2202=\"COTAÇÃO\",VLOOKUP(F2202,DADOS_COTACAO,12,0),\"\")))))),2)","v":1167.5},"BDI 1",{"$f":"TRUNC(J2202*(1+$N$17),2)","v":1477.12},{"$f":"IFERROR(TRUNC(I2202*J2202,2),\"\")","v":1167.5},1477.12]
[2000]
[2000,null,null,null,"Total",1,"un"]
[2000]
[{"$f":"IFERROR(LEFT(D2206,SEARCH(\".\",D2206)-1),\"\")","v":"20"},{"$f":"IFERROR(LEFT(RIGHT(D2206,LEN(D2206)-SEARCH(\".\",D2206)),SEARCH(\".\",RIGHT(D2206,LEN(D2206)-SEARCH(\".\",D2206)))-1),\"\")","v":"10"},{"$f":"IFERROR(IF(LEN(D2206)-LEN(SUBSTITUTE(D2206,\".\",\"\"))<>3,\"\",MID(D2206,SEARCH(\".\",D2206,SEARCH(\".\",D2206)+1)+1,LEN(D2206)-SEARCH(\".\",D2206,SEARCH(\".\",D2206)+1)-(LEN(D2206)-(SEARCH(\".\",D2206,SEARCH(\".\",D2206,SEARCH(\".\",D2206)+1)+1)-1)))),\"\")","v":""},"20.10.6",{"$f":"IF($G2206=\"SINAPI\",VLOOKUP($F2206,DADOS_SINAPI,2,0),IF(G2206=\"SETOP\",VLOOKUP($F2206,DADOS_SETOP,2,0),IF(G2206=\"CPU\",VLOOKUP($F2206,DADOS_COMPOSICAO,2,0),IF(G2206=\"SICRO\",VLOOKUP($F2206,DADOS_SICRO,2,0),IF(G2206=\"SUDECAP\",VLOOKUP(F2206,DADOS_SUDECAP,2,0),IF(G2206=\"COTAÇÃO\",VLOOKUP($F2206,DADOS_COTACAO,2,0),\"\"))))))","v":"INSTALAÇÃO DE QUADRO DE TRANSFERÊNCIA"},"ELE-001","CPU",{"$f":"IF(G2206=\"SINAPI\",VLOOKUP($F2206,DADOS_SINAPI,3,0),IF(G2206=\"SETOP\",VLOOKUP($F2206,DADOS_SETOP,3,0),IF(G2206=\"CPU\",VLOOKUP($F2206,DADOS_COMPOSICAO,10,0),IF(G2206=\"SICRO\",VLOOKUP($F2206,DADOS_SICRO,3,0),IF(G2206=\"SUDECAP\",VLOOKUP(F2206,DADOS_SUDECAP,3,0),IF(G2206=\"COTAÇÃO\",VLOOKUP($F2206,DADOS_COTACAO,9,0),\"\"))))))","v":"UN"},{"$f":"F2208","v":1},{"$f":"TRUNC(IF(G2206=\"SINAPI\",VLOOKUP($F2206,DADOS_SINAPI,4,0),IF(G2206=\"SETOP\",VLOOKUP($F2206,DADOS_SETOP,4,0),IF(G2206=\"CPU\",VLOOKUP($F2206,DADOS_COMPOSICAO,13,0),IF(G2206=\"SICRO\",VLOOKUP($F2206,DADOS_SICRO,4,0),IF(G2206=\"SUDECAP\",VLOOKUP(F2206,DADOS_SUDECAP,4,0),IF(G2206=\"COTAÇÃO\",VLOOKUP(F2206,DADOS_COTACAO,12,0),\"\")))))),2)","v":700.5},"BDI 1",{"$f":"TRUNC(J2206*(1+$N$17),2)","v":886.27},{"$f":"IFERROR(TRUNC(I2206*J2206,2),\"\")","v":700.5},886.27]
[2000]
[2000,null,null,null,"Total",1,"un"]
[2000]
[1000,null,null,21,"CABEAMENTO ESTRUTURADO E CFTV",null,null,null,null,null,null,null,{"$f":"SUMIF(A:A,D2210,M:M)","v":53020.37999999999},{"$f":"SUMIF(A:A,D2210,N:N)","v":67074.559999999998}]
[null,null,null,"21.1","ACESSÓRIOS CABEAMENTO ",null,null,null,null,null,null,null,{"$f":"IFERROR(SUMIFS(M:M,A:A,LEFT(D2211,SEARCH(\".\",D2211)-1),B:B,RIGHT(D2211,LEN(D2211)-SEARCH(\".\",D2211))),\"\")","v":14916.58},{"$f":"IFERROR(SUMIFS(N:N,A:A,LEFT(D2211,SEARCH(\".\",D2211)-1),B:B,RIGHT(D2211,LEN(D2211)-SEARCH(\".\",D2211))),\"\")","v":18872.09}]
[{"$f":"IFERROR(LEFT(D2212,SEARCH(\".\",D2212)-1),\"\")","v":"21"},{"$f":"IFERROR(LEFT(RIGHT(D2212,LEN(D2212)-SEARCH(\".\",D2212)),SEARCH(\".\",RIGHT(D2212,LEN(D2212)-SEARCH(\".\",D2212)))-1),\"\")","v":"1"},{"$f":"IFERROR(IF(LEN(D2212)-LEN(SUBSTITUTE(D2212,\".\",\"\"))<>3,\"\",MID(D2212,SEARCH(\".\",D2212,SEARCH(\".\",D2212)+1)+1,LEN(D2212)-SEARCH(\".\",D2212,SEARCH(\".\",D2212)+1)-(LEN(D2212)-(SEARCH(\".\",D2212,SEARCH(\".\",D2212,SEARCH(\".\",D2212)+1)+1)-1)))),\"\")","v":""},"21.1.1",{"$f":"IF($G2212=\"SINAPI\",VLOOKUP($F2212,DADOS_SINAPI,2,0),IF(G2212=\"SETOP\",VLOOKUP($F2212,DADOS_SETOP,2,0),IF(G2212=\"CPU\",VLOOKUP($F2212,DADOS_COMPOSICAO,2,0),IF(G2212=\"SICRO\",VLOOKUP($F2212,DADOS_SICRO,2,0),IF(G2212=\"SUDECAP\",VLOOKUP(F2212,DADOS_SUDECAP,2,0),IF(G2212=\"COTAÇÃO\",VLOOKUP($F2212,DADOS_COTACAO,2,0),\"\"))))))","v":"ACCESS POINT"},"COT-DAD-005","COTAÇÃO",{"$f":"IF(G2212=\"SINAPI\",VLOOKUP($F2212,DADOS_SINAPI,3,0),IF(G2212=\"SETOP\",VLOOKUP($F2212,DADOS_SETOP,3,0),IF(G2212=\"CPU\",VLOOKUP($F2212,DADOS_COMPOSICAO,10,0),IF(G2212=\"SICRO\",VLOOKUP($F2212,DADOS_SICRO,3,0),IF(G2212=\"SUDECAP\",VLOOKUP(F2212,DADOS_SUDECAP,3,0),IF(G2212=\"COTAÇÃO\",VLOOKUP($F2212,DADOS_COTACAO,9,0),\"\"))))))","v":"UN "},{"$f":"F2214","v":3},{"$f":"TRUNC(IF(G2212=\"SINAPI\",VLOOKUP($F2212,DADOS_SINAPI,4,0),IF(G2212=\"SETOP\",VLOOKUP($F2212,DADOS_SETOP,4,0),IF(G2212=\"CPU\",VLOOKUP($F2212,DADOS_COMPOSICAO,13,0),IF(G2212=\"SICRO\",VLOOKUP($F2212,DADOS_SICRO,4,0),IF(G2212=\"SUDECAP\",VLOOKUP(F2212,DADOS_SUDECAP,4,0),IF(G2212=\"COTAÇÃO\",VLOOKUP(F2212,DADOS_COTACAO,12,0),\"\")))))),2)","v":896.84},"BDI 1",{"$f":"TRUNC(J2212*(1+$N$17),2)","v":1134.68},{"$f":"IFERROR(TRUNC(I2212*J2212,2),\"\")","v":2690.52},{"$f":"L2212*I2212","v":3404.04}]
[2000]
[2000,null,null,null,"Total",3,"un"]
[2000]
[{"$f":"IFERROR(LEFT(D2216,SEARCH(\".\",D2216)-1),\"\")","v":"21"},{"$f":"IFERROR(LEFT(RIGHT(D2216,LEN(D2216)-SEARCH(\".\",D2216)),SEARCH(\".\",RIGHT(D2216,LEN(D2216)-SEARCH(\".\",D2216)))-1),\"\")","v":"1"},{"$f":"IFERROR(IF(LEN(D2216)-LEN(SUBSTITUTE(D2216,\".\",\"\"))<>3,\"\",MID(D2216,SEARCH(\".\",D2216,SEARCH(\".\",D2216)+1)+1,LEN(D2216)-SEARCH(\".\",D2216,SEARCH(\".\",D2216)+1)-(LEN(D2216)-(SEARCH(\".\",D2216,SEARCH(\".\",D2216,SEARCH(\".\",D2216)+1)+1)-1)))),\"\")","v":""},"21.1.2",{"$f":"IF($G2216=\"SINAPI\",VLOOKUP($F2216,DADOS_SINAPI,2,0),IF(G2216=\"SETOP\",VLOOKUP($F2216,DADOS_SETOP,2,0),IF(G2216=\"CPU\",VLOOKUP($F2216,DADOS_COMPOSICAO,2,0),IF(G2216=\"SICRO\",VLOOKUP($F2216,DADOS_SICRO,2,0),IF(G2216=\"SUDECAP\",VLOOKUP(F2216,DADOS_SUDECAP,2,0),IF(G2216=\"COTAÇÃO\",VLOOKUP($F2216,DADOS_COTACAO,2,0),\"\"))))))","v":"CONECTOR RJ45 - 100 UNIDADES"},"COT-DAD-008","COTAÇÃO",{"$f":"IF(G2216=\"SINAPI\",VLOOKUP($F2216,DADOS_SINAPI,3,0),IF(G2216=\"SETOP\",VLOOKUP($F2216,DADOS_SETOP,3,0),IF(G2216=\"CPU\",VLOOKUP($F2216,DADOS_COMPOSICAO,10,0),IF(G2216=\"SICRO\",VLOOKUP($F2216,DADOS_SICRO,3,0),IF(G2216=\"SUDECAP\",VLOOKUP(F2216,DADOS_SUDECAP,3,0),IF(G2216=\"COTAÇÃO\",VLOOKUP($F2216,DADOS_COTACAO,9,0),\"\"))))))","v":"UN "},{"$f":"F2218","v":1},{"$f":"TRUNC(IF(G2216=\"SINAPI\",VLOOKUP($F2216,DADOS_SINAPI,4,0),IF(G2216=\"SETOP\",VLOOKUP($F2216,DADOS_SETOP,4,0),IF(G2216=\"CPU\",VLOOKUP($F2216,DADOS_COMPOSICAO,13,0),IF(G2216=\"SICRO\",VLOOKUP($F2216,DADOS_SICRO,4,0),IF(G2216=\"SUDECAP\",VLOOKUP(F2216,DADOS_SUDECAP,4,0),IF(G2216=\"COTAÇÃO\",VLOOKUP(F2216,DADOS_COTACAO,12,0),\"\")))))),2)","v":33.56},"BDI 1",{"$f":"TRUNC(J2216*(1+$N$17),2)","v":42.46},{"$f":"IFERROR(TRUNC(I2216*J2216,2),\"\")","v":33.56},{"$f":"L2216*I2216","v":42.46}]
[2000]
[2000,null,null,null,"Total",1,"un"]
[2000]
[{"$f":"IFERROR(LEFT(D2220,SEARCH(\".\",D2220)-1),\"\")","v":"21"},{"$f":"IFERROR(LEFT(RIGHT(D2220,LEN(D2220)-SEARCH(\".\",D2220)),SEARCH(\".\",RIGHT(D2220,LEN(D2220)-SEARCH(\".\",D2220)))-1),\"\")","v":"1"},{"$f":"IFERROR(IF(LEN(D2220)-LEN(SUBSTITUTE(D2220,\".\",\"\"))<>3,\"\",MID(D2220,SEARCH(\".\",D2220,SEARCH(\".\",D2220)+1)+1,LEN(D2220)-SEARCH(\".\",D2220,SEARCH(\".\",D2220)+1)-(LEN(D2220)-(SEARCH(\".\",D2220,SEARCH(\".\",D2220,SEARCH(\".\",D2220)+1)+1)-1)))),\"\")","v":""},"21.1.3",{"$f":"IF($G2220=\"SINAPI\",VLOOKUP($F2220,DADOS_SINAPI,2,0),IF(G2220=\"SETOP\",VLOOKUP($F2220,DADOS_SETOP,2,0),IF(G2220=\"CPU\",VLOOKUP($F2220,DADOS_COMPOSICAO,2,0),IF(G2220=\"SICRO\",VLOOKUP($F2220,DADOS_SICRO,2,0),IF(G2220=\"SUDECAP\",VLOOKUP(F2220,DADOS_SUDECAP,2,0),IF(G2220=\"COTAÇÃO\",VLOOKUP($F2220,DADOS_COTACAO,2,0),\"\"))))))","v":"NVR 16 PORTAS"},"COT-DAD-001","COTAÇÃO",{"$f":"IF(G2220=\"SINAPI\",VLOOKUP($F2220,DADOS_SINAPI,3,0),IF(G2220=\"SETOP\",VLOOKUP($F2220,DADOS_SETOP,3,0),IF(G2220=\"CPU\",VLOOKUP($F2220,DADOS_COMPOSICAO,10,0),IF(G2220=\"SICRO\",VLOOKUP($F2220,DADOS_SICRO,3,0),IF(G2220=\"SUDECAP\",VLOOKUP(F2220,DADOS_SUDECAP,3,0),IF(G2220=\"COTAÇÃO\",VLOOKUP($F2220,DADOS_COTACAO,9,0),\"\"))))))","v":"UN "},{"$f":"F2222","v":1},{"$f":"TRUNC(IF(G2220=\"SINAPI\",VLOOKUP($F2220,DADOS_SINAPI,4,0),IF(G2220=\"SETOP\",VLOOKUP($F2220,DADOS_SETOP,4,0),IF(G2220=\"CPU\",VLOOKUP($F2220,DADOS_COMPOSICAO,13,0),IF(G2220=\"SICRO\",VLOOKUP($F2220,DADOS_SICRO,4,0),IF(G2220=\"SUDECAP\",VLOOKUP(F2220,DADOS_SUDECAP,4,0),IF(G2220=\"COTAÇÃO\",VLOOKUP(F2220,DADOS_COTACAO,12,0),\"\")))))),2)","v":2956.98},"BDI 1",{"$f":"TRUNC(J2220*(1+$N$17),2)","v":3741.17},{"$f":"IFERROR(TRUNC(I2220*J2220,2),\"\")","v":2956.98},3741.17]
[2000]
[2000,null,null,null,"Total",1,"un"]
[2000]
[{"$f":"IFERROR(LEFT(D2224,SEARCH(\".\",D2224)-1),\"\")","v":"21"},{"$f":"IFERROR(LEFT(RIGHT(D2224,LEN(D2224)-SEARCH(\".\",D2224)),SEARCH(\".\",RIGHT(D2224,LEN(D2224)-SEARCH(\".\",D2224)))-1),\"\")","v":"1"},{"$f":"IFERROR(IF(LEN(D2224)-LEN(SUBSTITUTE(D2224,\".\",\"\"))<>3,\"\",MID(D2224,SEARCH(\".\",D2224,SEARCH(\".\",D2224)+1)+1,LEN(D2224)-SEARCH(\".\",D2224,SEARCH(\".\",D2224)+1)-(LEN(D2224)-(SEARCH(\".\",D2224,SEARCH(\".\",D2224,SEARCH(\".\",D2224)+1)+1)-1)))),\"\")","v":""},"21.1.4",{"$f":"IF($G2224=\"SINAPI\",VLOOKUP($F2224,DADOS_SINAPI,2,0),IF(G2224=\"SETOP\",VLOOKUP($F2224,DADOS_SETOP,2,0),IF(G2224=\"CPU\",VLOOKUP($F2224,DADOS_COMPOSICAO,2,0),IF(G2224=\"SICRO\",VLOOKUP($F2224,DADOS_SICRO,2,0),IF(G2224=\"SUDECAP\",VLOOKUP(F2224,DADOS_SUDECAP,2,0),IF(G2224=\"COTAÇÃO\",VLOOKUP($F2224,DADOS_COTACAO,2,0),\"\"))))))","v":"HD 2 TB"},"COT-DAD-002","COTAÇÃO",{"$f":"IF(G2224=\"SINAPI\",VLOOKUP($F2224,DADOS_SINAPI,3,0),IF(G2224=\"SETOP\",VLOOKUP($F2224,DADOS_SETOP,3,0),IF(G2224=\"CPU\",VLOOKUP($F2224,DADOS_COMPOSICAO,10,0),IF(G2224=\"SICRO\",VLOOKUP($F2224,DADOS_SICRO,3,0),IF(G2224=\"SUDECAP\",VLOOKUP(F2224,DADOS_SUDECAP,3,0),IF(G2224=\"COTAÇÃO\",VLOOKUP($F2224,DADOS_COTACAO,9,0),\"\"))))))","v":"UN "},{"$f":"F2226","v":1},{"$f":"TRUNC(IF(G2224=\"SINAPI\",VLOOKUP($F2224,DADOS_SINAPI,4,0),IF(G2224=\"SETOP\",VLOOKUP($F2224,DADOS_SETOP,4,0),IF(G2224=\"CPU\",VLOOKUP($F2224,DADOS_COMPOSICAO,13,0),IF(G2224=\"SICRO\",VLOOKUP($F2224,DADOS_SICRO,4,0),IF(G2224=\"SUDECAP\",VLOOKUP(F2224,DADOS_SUDECAP,4,0),IF(G2224=\"COTAÇÃO\",VLOOKUP(F2224,DADOS_COTACAO,12,0),\"\")))))),2)","v":460.97},"BDI 1",{"$f":"TRUNC(J2224*(1+$N$17),2)","v":583.21},{"$f":"IFERROR(TRUNC(I2224*J2224,2),\"\")","v":460.97},583.21]
[2000]
[2000,null,null,null,"Total",1,"un"]
[2000]
[{"$f":"IFERROR(LEFT(D2228,SEARCH(\".\",D2228)-1),\"\")","v":"21"},{"$f":"IFERROR(LEFT(RIGHT(D2228,LEN(D2228)-SEARCH(\".\",D2228)),SEARCH(\".\",RIGHT(D2228,LEN(D2228)-SEARCH(\".\",D2228)))-1),\"\")","v":"1"},{"$f":"IFERROR(IF(LEN(D2228)-LEN(SUBSTITUTE(D2228,\".\",\"\"))<>3,\"\",MID(D2228,SEARCH(\".\",D2228,SEARCH(\".\",D2228)+1)+1,LEN(D2228)-SEARCH(\".\",D2228,SEARCH(\".\",D2228)+1)-(LEN(D2228)-(SEARCH(\".\",D2228,SEARCH(\".\",D2228,SEARCH(\".\",D2228)+1)+1)-1)))),\"\")","v":""},"21.1.5",{"$f":"IF($G2228=\"SINAPI\",VLOOKUP($F2228,DADOS_SINAPI,2,0),IF(G2228=\"SETOP\",VLOOKUP($F2228,DADOS_SETOP,2,0),IF(G2228=\"CPU\",VLOOKUP($F2228,DADOS_COMPOSICAO,2,0),IF(G2228=\"SICRO\",VLOOKUP($F2228,DADOS_SICRO,2,0),IF(G2228=\"SUDECAP\",VLOOKUP(F2228,DADOS_SUDECAP,2,0),IF(G2228=\"COTAÇÃO\",VLOOKUP($F2228,DADOS_COTACAO,2,0),\"\"))))))","v":"PATCH CORD RJ45/RJ45 UTP-4P METÁLICO CATEGORIA 6, PINAGEM T568A (VOZ), COMPRIMENTO 3 METROS"},"ED-48372","SETOP",{"$f":"IF(G2228=\"SINAPI\",VLOOKUP($F2228,DADOS_SINAPI,3,0),IF(G2228=\"SETOP\",VLOOKUP($F2228,DADOS_SETOP,3,0),IF(G2228=\"CPU\",VLOOKUP($F2228,DADOS_COMPOSICAO,10,0),IF(G2228=\"SICRO\",VLOOKUP($F2228,DADOS_SICRO,3,0),IF(G2228=\"SUDECAP\",VLOOKUP(F2228,DADOS_SUDECAP,3,0),IF(G2228=\"COTAÇÃO\",VLOOKUP($F2228,DADOS_COTACAO,9,0),\"\"))))))","v":"un"},{"$f":"F2230","v":50},{"$f":"TRUNC(IF(G2228=\"SINAPI\",VLOOKUP($F2228,DADOS_SINAPI,4,0),IF(G2228=\"SETOP\",VLOOKUP($F2228,DADOS_SETOP,4,0),IF(G2228=\"CPU\",VLOOKUP($F2228,DADOS_COMPOSICAO,13,0),IF(G2228=\"SICRO\",VLOOKUP($F2228,DADOS_SICRO,4,0),IF(G2228=\"SUDECAP\",VLOOKUP(F2228,DADOS_SUDECAP,4,0),IF(G2228=\"COTAÇÃO\",VLOOKUP(F2228,DADOS_COTACAO,12,0),\"\")))))),2)","v":21.97},"BDI 1",{"$f":"TRUNC(J2228*(1+$N$17),2)","v":27.79},{"$f":"IFERROR(TRUNC(I2228*J2228,2),\"\")","v":1098.5},1389.5]
[2000]
[2000,null,null,null,"Total",50,"un"]
[2000]
[{"$f":"IFERROR(LEFT(D2232,SEARCH(\".\",D2232)-1),\"\")","v":"21"},{"$f":"IFERROR(LEFT(RIGHT(D2232,LEN(D2232)-SEARCH(\".\",D2232)),SEARCH(\".\",RIGHT(D2232,LEN(D2232)-SEARCH(\".\",D2232)))-1),\"\")","v":"1"},{"$f":"IFERROR(IF(LEN(D2232)-LEN(SUBSTITUTE(D2232,\".\",\"\"))<>3,\"\",MID(D2232,SEARCH(\".\",D2232,SEARCH(\".\",D2232)+1)+1,LEN(D2232)-SEARCH(\".\",D2232,SEARCH(\".\",D2232)+1)-(LEN(D2232)-(SEARCH(\".\",D2232,SEARCH(\".\",D2232,SEARCH(\".\",D2232)+1)+1)-1)))),\"\")","v":""},"21.1.6",{"$f":"IF($G2232=\"SINAPI\",VLOOKUP($F2232,DADOS_SINAPI,2,0),IF(G2232=\"SETOP\",VLOOKUP($F2232,DADOS_SETOP,2,0),IF(G2232=\"CPU\",VLOOKUP($F2232,DADOS_COMPOSICAO,2,0),IF(G2232=\"SICRO\",VLOOKUP($F2232,DADOS_SICRO,2,0),IF(G2232=\"SUDECAP\",VLOOKUP(F2232,DADOS_SUDECAP,2,0),IF(G2232=\"COTAÇÃO\",VLOOKUP($F2232,DADOS_COTACAO,2,0),\"\"))))))","v":"PATCH PANEL 48 POSIÇÕES, CATEGORIA COM GUIA TRASEIRO"},"ED-48374","SETOP",{"$f":"IF(G2232=\"SINAPI\",VLOOKUP($F2232,DADOS_SINAPI,3,0),IF(G2232=\"SETOP\",VLOOKUP($F2232,DADOS_SETOP,3,0),IF(G2232=\"CPU\",VLOOKUP($F2232,DADOS_COMPOSICAO,10,0),IF(G2232=\"SICRO\",VLOOKUP($F2232,DADOS_SICRO,3,0),IF(G2232=\"SUDECAP\",VLOOKUP(F2232,DADOS_SUDECAP,3,0),IF(G2232=\"COTAÇÃO\",VLOOKUP($F2232,DADOS_COTACAO,9,0),\"\"))))))","v":"cj"},{"$f":"F2234","v":1},{"$f":"TRUNC(IF(G2232=\"SINAPI\",VLOOKUP($F2232,DADOS_SINAPI,4,0),IF(G2232=\"SETOP\",VLOOKUP($F2232,DADOS_SETOP,4,0),IF(G2232=\"CPU\",VLOOKUP($F2232,DADOS_COMPOSICAO,13,0),IF(G2232=\"SICRO\",VLOOKUP($F2232,DADOS_SICRO,4,0),IF(G2232=\"SUDECAP\",VLOOKUP(F2232,DADOS_SUDECAP,4,0),IF(G2232=\"COTAÇÃO\",VLOOKUP(F2232,DADOS_COTACAO,12,0),\"\")))))),2)","v":1451.66},"BDI 1",{"$f":"TRUNC(J2232*(1+$N$17),2)","v":1836.64},{"$f":"IFERROR(TRUNC(I2232*J2232,2),\"\")","v":1451.66},1836.64]
[2000]
[2000,null,null,null,"Total",1,"un"]
[2000]
[{"$f":"IFERROR(LEFT(D2236,SEARCH(\".\",D2236)-1),\"\")","v":"21"},{"$f":"IFERROR(LEFT(RIGHT(D2236,LEN(D2236)-SEARCH(\".\",D2236)),SEARCH(\".\",RIGHT(D2236,LEN(D2236)-SEARCH(\".\",D2236)))-1),\"\")","v":"1"},{"$f":"IFERROR(IF(LEN(D2236)-LEN(SUBSTITUTE(D2236,\".\",\"\"))<>3,\"\",MID(D2236,SEARCH(\".\",D2236,SEARCH(\".\",D2236)+1)+1,LEN(D2236)-SEARCH(\".\",D2236,SEARCH(\".\",D2236)+1)-(LEN(D2236)-(SEARCH(\".\",D2236,SEARCH(\".\",D2236,SEARCH(\".\",D2236)+1)+1)-1)))),\"\")","v":""},"21.1.7",{"$f":"IF($G2236=\"SINAPI\",VLOOKUP($F2236,DADOS_SINAPI,2,0),IF(G2236=\"SETOP\",VLOOKUP($F2236,DADOS_SETOP,2,0),IF(G2236=\"CPU\",VLOOKUP($F2236,DADOS_COMPOSICAO,2,0),IF(G2236=\"SICRO\",VLOOKUP($F2236,DADOS_SICRO,2,0),IF(G2236=\"SUDECAP\",VLOOKUP(F2236,DADOS_SUDECAP,2,0),IF(G2236=\"COTAÇÃO\",VLOOKUP($F2236,DADOS_COTACAO,2,0),\"\"))))))","v":"SWITCH GIGABIT 48 PORTAS POE"},"COT-DAD-004","COTAÇÃO",{"$f":"IF(G2236=\"SINAPI\",VLOOKUP($F2236,DADOS_SINAPI,3,0),IF(G2236=\"SETOP\",VLOOKUP($F2236,DADOS_SETOP,3,0),IF(G2236=\"CPU\",VLOOKUP($F2236,DADOS_COMPOSICAO,10,0),IF(G2236=\"SICRO\",VLOOKUP($F2236,DADOS_SICRO,3,0),IF(G2236=\"SUDECAP\",VLOOKUP(F2236,DADOS_SUDECAP,3,0),IF(G2236=\"COTAÇÃO\",VLOOKUP($F2236,DADOS_COTACAO,9,0),\"\"))))))","v":"UN "},{"$f":"F2238","v":1},{"$f":"TRUNC(IF(G2236=\"SINAPI\",VLOOKUP($F2236,DADOS_SINAPI,4,0),IF(G2236=\"SETOP\",VLOOKUP($F2236,DADOS_SETOP,4,0),IF(G2236=\"CPU\",VLOOKUP($F2236,DADOS_COMPOSICAO,13,0),IF(G2236=\"SICRO\",VLOOKUP($F2236,DADOS_SICRO,4,0),IF(G2236=\"SUDECAP\",VLOOKUP(F2236,DADOS_SUDECAP,4,0),IF(G2236=\"COTAÇÃO\",VLOOKUP(F2236,DADOS_COTACAO,12,0),\"\")))))),2)","v":5383.79},"BDI 1",{"$f":"TRUNC(J2236*(1+$N$17),2)","v":6811.57},{"$f":"IFERROR(TRUNC(I2236*J2236,2),\"\")","v":5383.79},6811.57]
[2000]
[2000,null,null,null,"Total",1,"un"]
[2000]
[{"$f":"IFERROR(LEFT(D2240,SEARCH(\".\",D2240)-1),\"\")","v":"21"},{"$f":"IFERROR(LEFT(RIGHT(D2240,LEN(D2240)-SEARCH(\".\",D2240)),SEARCH(\".\",RIGHT(D2240,LEN(D2240)-SEARCH(\".\",D2240)))-1),\"\")","v":"1"},{"$f":"IFERROR(IF(LEN(D2240)-LEN(SUBSTITUTE(D2240,\".\",\"\"))<>3,\"\",MID(D2240,SEARCH(\".\",D2240,SEARCH(\".\",D2240)+1)+1,LEN(D2240)-SEARCH(\".\",D2240,SEARCH(\".\",D2240)+1)-(LEN(D2240)-(SEARCH(\".\",D2240,SEARCH(\".\",D2240,SEARCH(\".\",D2240)+1)+1)-1)))),\"\")","v":""},"21.1.8",{"$f":"IF($G2240=\"SINAPI\",VLOOKUP($F2240,DADOS_SINAPI,2,0),IF(G2240=\"SETOP\",VLOOKUP($F2240,DADOS_SETOP,2,0),IF(G2240=\"CPU\",VLOOKUP($F2240,DADOS_COMPOSICAO,2,0),IF(G2240=\"SICRO\",VLOOKUP($F2240,DADOS_SICRO,2,0),IF(G2240=\"SUDECAP\",VLOOKUP(F2240,DADOS_SUDECAP,2,0),IF(G2240=\"COTAÇÃO\",VLOOKUP($F2240,DADOS_COTACAO,2,0),\"\"))))))","v":"INSTALAÇÃO ACESSÓRIOS CABEAMENTO"},"DADO-001","CPU",{"$f":"IF(G2240=\"SINAPI\",VLOOKUP($F2240,DADOS_SINAPI,3,0),IF(G2240=\"SETOP\",VLOOKUP($F2240,DADOS_SETOP,3,0),IF(G2240=\"CPU\",VLOOKUP($F2240,DADOS_COMPOSICAO,10,0),IF(G2240=\"SICRO\",VLOOKUP($F2240,DADOS_SICRO,3,0),IF(G2240=\"SUDECAP\",VLOOKUP(F2240,DADOS_SUDECAP,3,0),IF(G2240=\"COTAÇÃO\",VLOOKUP($F2240,DADOS_COTACAO,9,0),\"\"))))))","v":"UN"},{"$f":"F2242","v":6},{"$f":"TRUNC(IF(G2240=\"SINAPI\",VLOOKUP($F2240,DADOS_SINAPI,4,0),IF(G2240=\"SETOP\",VLOOKUP($F2240,DADOS_SETOP,4,0),IF(G2240=\"CPU\",VLOOKUP($F2240,DADOS_COMPOSICAO,13,0),IF(G2240=\"SICRO\",VLOOKUP($F2240,DADOS_SICRO,4,0),IF(G2240=\"SUDECAP\",VLOOKUP(F2240,DADOS_SUDECAP,4,0),IF(G2240=\"COTAÇÃO\",VLOOKUP(F2240,DADOS_COTACAO,12,0),\"\")))))),2)","v":140.1},"BDI 1",{"$f":"TRUNC(J2240*(1+$N$17),2)","v":177.25},{"$f":"IFERROR(TRUNC(I2240*J2240,2),\"\")","v":840.6},1063.5]
[2000]
[2000,null,null,null,"Total",{"$f":"F2214+F2222+F2226+F2238","v":6},"un"]
[2000]
[null,null,null,"21.2","ACESSÓRIOS CABEAMENTO - RACK",null,null,null,null,null,null,null,{"$f":"IFERROR(SUMIFS(M:M,A:A,LEFT(D2244,SEARCH(\".\",D2244)-1),B:B,RIGHT(D2244,LEN(D2244)-SEARCH(\".\",D2244))),\"\")","v":554.79999999999995},{"$f":"IFERROR(SUMIFS(N:N,A:A,LEFT(D2244,SEARCH(\".\",D2244)-1),B:B,RIGHT(D2244,LEN(D2244)-SEARCH(\".\",D2244))),\"\")","v":701.83999999999992}]
[{"$f":"IFERROR(LEFT(D2245,SEARCH(\".\",D2245)-1),\"\")","v":"21"},{"$f":"IFERROR(LEFT(RIGHT(D2245,LEN(D2245)-SEARCH(\".\",D2245)),SEARCH(\".\",RIGHT(D2245,LEN(D2245)-SEARCH(\".\",D2245)))-1),\"\")","v":"2"},{"$f":"IFERROR(IF(LEN(D2245)-LEN(SUBSTITUTE(D2245,\".\",\"\"))<>3,\"\",MID(D2245,SEARCH(\".\",D2245,SEARCH(\".\",D2245)+1)+1,LEN(D2245)-SEARCH(\".\",D2245,SEARCH(\".\",D2245)+1)-(LEN(D2245)-(SEARCH(\".\",D2245,SEARCH(\".\",D2245,SEARCH(\".\",D2245)+1)+1)-1)))),\"\")","v":""},"21.2.1",{"$f":"IF($G2245=\"SINAPI\",VLOOKUP($F2245,DADOS_SINAPI,2,0),IF(G2245=\"SETOP\",VLOOKUP($F2245,DADOS_SETOP,2,0),IF(G2245=\"CPU\",VLOOKUP($F2245,DADOS_COMPOSICAO,2,0),IF(G2245=\"SICRO\",VLOOKUP($F2245,DADOS_SICRO,2,0),IF(G2245=\"SUDECAP\",VLOOKUP(F2245,DADOS_SUDECAP,2,0),IF(G2245=\"COTAÇÃO\",VLOOKUP($F2245,DADOS_COTACAO,2,0),\"\"))))))","v":"RÉGUA COM 8 TOMADAS (2P+T), PARA FIXAÇÃO NO RACK DE 19\" (1U)"},"ED-48375","SETOP",{"$f":"IF(G2245=\"SINAPI\",VLOOKUP($F2245,DADOS_SINAPI,3,0),IF(G2245=\"SETOP\",VLOOKUP($F2245,DADOS_SETOP,3,0),IF(G2245=\"CPU\",VLOOKUP($F2245,DADOS_COMPOSICAO,10,0),IF(G2245=\"SICRO\",VLOOKUP($F2245,DADOS_SICRO,3,0),IF(G2245=\"SUDECAP\",VLOOKUP(F2245,DADOS_SUDECAP,3,0),IF(G2245=\"COTAÇÃO\",VLOOKUP($F2245,DADOS_COTACAO,9,0),\"\"))))))","v":"un"},{"$f":"F2247","v":1},{"$f":"TRUNC(IF(G2245=\"SINAPI\",VLOOKUP($F2245,DADOS_SINAPI,4,0),IF(G2245=\"SETOP\",VLOOKUP($F2245,DADOS_SETOP,4,0),IF(G2245=\"CPU\",VLOOKUP($F2245,DADOS_COMPOSICAO,13,0),IF(G2245=\"SICRO\",VLOOKUP($F2245,DADOS_SICRO,4,0),IF(G2245=\"SUDECAP\",VLOOKUP(F2245,DADOS_SUDECAP,4,0),IF(G2245=\"COTAÇÃO\",VLOOKUP(F2245,DADOS_COTACAO,12,0),\"\")))))),2)","v":87.8},"BDI 1",{"$f":"TRUNC(J2245*(1+$N$17),2)","v":111.08},{"$f":"IFERROR(TRUNC(I2245*J2245,2),\"\")","v":87.8},{"$f":"L2245*I2245","v":111.08}]
[2000]
[2000,null,null,null,"Total",1,"un"]
[2000]
[{"$f":"IFERROR(LEFT(D2249,SEARCH(\".\",D2249)-1),\"\")","v":"21"},{"$f":"IFERROR(LEFT(RIGHT(D2249,LEN(D2249)-SEARCH(\".\",D2249)),SEARCH(\".\",RIGHT(D2249,LEN(D2249)-SEARCH(\".\",D2249)))-1),\"\")","v":"2"},{"$f":"IFERROR(IF(LEN(D2249)-LEN(SUBSTITUTE(D2249,\".\",\"\"))<>3,\"\",MID(D2249,SEARCH(\".\",D2249,SEARCH(\".\",D2249)+1)+1,LEN(D2249)-SEARCH(\".\",D2249,SEARCH(\".\",D2249)+1)-(LEN(D2249)-(SEARCH(\".\",D2249,SEARCH(\".\",D2249,SEARCH(\".\",D2249)+1)+1)-1)))),\"\")","v":""},"21.2.2",{"$f":"IF($G2249=\"SINAPI\",VLOOKUP($F2249,DADOS_SINAPI,2,0),IF(G2249=\"SETOP\",VLOOKUP($F2249,DADOS_SETOP,2,0),IF(G2249=\"CPU\",VLOOKUP($F2249,DADOS_COMPOSICAO,2,0),IF(G2249=\"SICRO\",VLOOKUP($F2249,DADOS_SICRO,2,0),IF(G2249=\"SUDECAP\",VLOOKUP(F2249,DADOS_SUDECAP,2,0),IF(G2249=\"COTAÇÃO\",VLOOKUP($F2249,DADOS_COTACAO,2,0),\"\"))))))","v":"ORGANIZADOR DE CABOS DE 1U PARA RACK 19\""},"ED-48377","SETOP",{"$f":"IF(G2249=\"SINAPI\",VLOOKUP($F2249,DADOS_SINAPI,3,0),IF(G2249=\"SETOP\",VLOOKUP($F2249,DADOS_SETOP,3,0),IF(G2249=\"CPU\",VLOOKUP($F2249,DADOS_COMPOSICAO,10,0),IF(G2249=\"SICRO\",VLOOKUP($F2249,DADOS_SICRO,3,0),IF(G2249=\"SUDECAP\",VLOOKUP(F2249,DADOS_SUDECAP,3,0),IF(G2249=\"COTAÇÃO\",VLOOKUP($F2249,DADOS_COTACAO,9,0),\"\"))))))","v":"cj"},4,{"$f":"TRUNC(IF(G2249=\"SINAPI\",VLOOKUP($F2249,DADOS_SINAPI,4,0),IF(G2249=\"SETOP\",VLOOKUP($F2249,DADOS_SETOP,4,0),IF(G2249=\"CPU\",VLOOKUP($F2249,DADOS_COMPOSICAO,13,0),IF(G2249=\"SICRO\",VLOOKUP($F2249,DADOS_SICRO,4,0),IF(G2249=\"SUDECAP\",VLOOKUP(F2249,DADOS_SUDECAP,4,0),IF(G2249=\"COTAÇÃO\",VLOOKUP(F2249,DADOS_COTACAO,12,0),\"\")))))),2)","v":78.45},"BDI 1",{"$f":"TRUNC(J2249*(1+$N$17),2)","v":99.25},{"$f":"IFERROR(TRUNC(I2249*J2249,2),\"\")","v":313.8},{"$f":"L2249*I2249","v":397}]
[2000]
[2000,null,null,null,"Total",4,"un"]
[2000]
[{"$f":"IFERROR(LEFT(D2253,SEARCH(\".\",D2253)-1),\"\")","v":"21"},{"$f":"IFERROR(LEFT(RIGHT(D2253,LEN(D2253)-SEARCH(\".\",D2253)),SEARCH(\".\",RIGHT(D2253,LEN(D2253)-SEARCH(\".\",D2253)))-1),\"\")","v":"2"},{"$f":"IFERROR(IF(LEN(D2253)-LEN(SUBSTITUTE(D2253,\".\",\"\"))<>3,\"\",MID(D2253,SEARCH(\".\",D2253,SEARCH(\".\",D2253)+1)+1,LEN(D2253)-SEARCH(\".\",D2253,SEARCH(\".\",D2253)+1)-(LEN(D2253)-(SEARCH(\".\",D2253,SEARCH(\".\",D2253,SEARCH(\".\",D2253)+1)+1)-1)))),\"\")","v":""},"21.2.3",{"$f":"IF($G2253=\"SINAPI\",VLOOKUP($F2253,DADOS_SINAPI,2,0),IF(G2253=\"SETOP\",VLOOKUP($F2253,DADOS_SETOP,2,0),IF(G2253=\"CPU\",VLOOKUP($F2253,DADOS_COMPOSICAO,2,0),IF(G2253=\"SICRO\",VLOOKUP($F2253,DADOS_SICRO,2,0),IF(G2253=\"SUDECAP\",VLOOKUP(F2253,DADOS_SUDECAP,2,0),IF(G2253=\"COTAÇÃO\",VLOOKUP($F2253,DADOS_COTACAO,2,0),\"\"))))))","v":"TAMPA CEGA DE 1U PARA RACK 19\""},"ED-48378","SETOP",{"$f":"IF(G2253=\"SINAPI\",VLOOKUP($F2253,DADOS_SINAPI,3,0),IF(G2253=\"SETOP\",VLOOKUP($F2253,DADOS_SETOP,3,0),IF(G2253=\"CPU\",VLOOKUP($F2253,DADOS_COMPOSICAO,10,0),IF(G2253=\"SICRO\",VLOOKUP($F2253,DADOS_SICRO,3,0),IF(G2253=\"SUDECAP\",VLOOKUP(F2253,DADOS_SUDECAP,3,0),IF(G2253=\"COTAÇÃO\",VLOOKUP($F2253,DADOS_COTACAO,9,0),\"\"))))))","v":"cj"},8,{"$f":"TRUNC(IF(G2253=\"SINAPI\",VLOOKUP($F2253,DADOS_SINAPI,4,0),IF(G2253=\"SETOP\",VLOOKUP($F2253,DADOS_SETOP,4,0),IF(G2253=\"CPU\",VLOOKUP($F2253,DADOS_COMPOSICAO,13,0),IF(G2253=\"SICRO\",VLOOKUP($F2253,DADOS_SICRO,4,0),IF(G2253=\"SUDECAP\",VLOOKUP(F2253,DADOS_SUDECAP,4,0),IF(G2253=\"COTAÇÃO\",VLOOKUP(F2253,DADOS_COTACAO,12,0),\"\")))))),2)","v":19.149999999999999},"BDI 1",{"$f":"TRUNC(J2253*(1+$N$17),2)","v":24.22},{"$f":"IFERROR(TRUNC(I2253*J2253,2),\"\")","v":153.19999999999999},193.76]
[2000]
[2000,null,null,null,"Total",4,"un"]
[2000]
[null,null,null,"21.3","ACESSÓRIOS PARA ELETRODUTOS",null,null,null,null,null,null,null,{"$f":"IFERROR(SUMIFS(M:M,A:A,LEFT(D2257,SEARCH(\".\",D2257)-1),B:B,RIGHT(D2257,LEN(D2257)-SEARCH(\".\",D2257))),\"\")","v":1118.78},{"$f":"IFERROR(SUMIFS(N:N,A:A,LEFT(D2257,SEARCH(\".\",D2257)-1),B:B,RIGHT(D2257,LEN(D2257)-SEARCH(\".\",D2257))),\"\")","v":1415.22}]
[{"$f":"IFERROR(LEFT(D2258,SEARCH(\".\",D2258)-1),\"\")","v":"21"},{"$f":"IFERROR(LEFT(RIGHT(D2258,LEN(D2258)-SEARCH(\".\",D2258)),SEARCH(\".\",RIGHT(D2258,LEN(D2258)-SEARCH(\".\",D2258)))-1),\"\")","v":"3"},{"$f":"IFERROR(IF(LEN(D2258)-LEN(SUBSTITUTE(D2258,\".\",\"\"))<>3,\"\",MID(D2258,SEARCH(\".\",D2258,SEARCH(\".\",D2258)+1)+1,LEN(D2258)-SEARCH(\".\",D2258,SEARCH(\".\",D2258)+1)-(LEN(D2258)-(SEARCH(\".\",D2258,SEARCH(\".\",D2258,SEARCH(\".\",D2258)+1)+1)-1)))),\"\")","v":""},"21.3.1",{"$f":"IF($G2258=\"SINAPI\",VLOOKUP($F2258,DADOS_SINAPI,2,0),IF(G2258=\"SETOP\",VLOOKUP($F2258,DADOS_SETOP,2,0),IF(G2258=\"CPU\",VLOOKUP($F2258,DADOS_COMPOSICAO,2,0),IF(G2258=\"SICRO\",VLOOKUP($F2258,DADOS_SICRO,2,0),IF(G2258=\"SUDECAP\",VLOOKUP(F2258,DADOS_SUDECAP,2,0),IF(G2258=\"COTAÇÃO\",VLOOKUP($F2258,DADOS_COTACAO,2,0),\"\"))))))","v":"CAIXA RETANGULAR 4\" X 2\" ALTA (2,00 M DO PISO), PVC, INSTALADA EM PAREDE - FORNECIMENTO E INSTALAÇÃO. AF_03/2023"},91939,"SINAPI",{"$f":"IF(G2258=\"SINAPI\",VLOOKUP($F2258,DADOS_SINAPI,3,0),IF(G2258=\"SETOP\",VLOOKUP($F2258,DADOS_SETOP,3,0),IF(G2258=\"CPU\",VLOOKUP($F2258,DADOS_COMPOSICAO,10,0),IF(G2258=\"SICRO\",VLOOKUP($F2258,DADOS_SICRO,3,0),IF(G2258=\"SUDECAP\",VLOOKUP(F2258,DADOS_SUDECAP,3,0),IF(G2258=\"COTAÇÃO\",VLOOKUP($F2258,DADOS_COTACAO,9,0),\"\"))))))","v":"UN"},24,{"$f":"TRUNC(IF(G2258=\"SINAPI\",VLOOKUP($F2258,DADOS_SINAPI,4,0),IF(G2258=\"SETOP\",VLOOKUP($F2258,DADOS_SETOP,4,0),IF(G2258=\"CPU\",VLOOKUP($F2258,DADOS_COMPOSICAO,13,0),IF(G2258=\"SICRO\",VLOOKUP($F2258,DADOS_SICRO,4,0),IF(G2258=\"SUDECAP\",VLOOKUP(F2258,DADOS_SUDECAP,4,0),IF(G2258=\"COTAÇÃO\",VLOOKUP(F2258,DADOS_COTACAO,12,0),\"\")))))),2)","v":29.14},"BDI 1",{"$f":"TRUNC(J2258*(1+$N$17),2)","v":36.86},{"$f":"IFERROR(TRUNC(I2258*J2258,2),\"\")","v":699.36},{"$f":"L2258*I2258","v":884.64}]
[2000]
[2000,null,null,null,"Total",34,"un"]
[2000]
[{"$f":"IFERROR(LEFT(D2262,SEARCH(\".\",D2262)-1),\"\")","v":"21"},{"$f":"IFERROR(LEFT(RIGHT(D2262,LEN(D2262)-SEARCH(\".\",D2262)),SEARCH(\".\",RIGHT(D2262,LEN(D2262)-SEARCH(\".\",D2262)))-1),\"\")","v":"3"},{"$f":"IFERROR(IF(LEN(D2262)-LEN(SUBSTITUTE(D2262,\".\",\"\"))<>3,\"\",MID(D2262,SEARCH(\".\",D2262,SEARCH(\".\",D2262)+1)+1,LEN(D2262)-SEARCH(\".\",D2262,SEARCH(\".\",D2262)+1)-(LEN(D2262)-(SEARCH(\".\",D2262,SEARCH(\".\",D2262,SEARCH(\".\",D2262)+1)+1)-1)))),\"\")","v":""},"21.3.2",{"$f":"IF($G2262=\"SINAPI\",VLOOKUP($F2262,DADOS_SINAPI,2,0),IF(G2262=\"SETOP\",VLOOKUP($F2262,DADOS_SETOP,2,0),IF(G2262=\"CPU\",VLOOKUP($F2262,DADOS_COMPOSICAO,2,0),IF(G2262=\"SICRO\",VLOOKUP($F2262,DADOS_SICRO,2,0),IF(G2262=\"SUDECAP\",VLOOKUP(F2262,DADOS_SUDECAP,2,0),IF(G2262=\"COTAÇÃO\",VLOOKUP($F2262,DADOS_COTACAO,2,0),\"\"))))))","v":"CAIXA RETANGULAR 4\" X 4\" ALTA (2,00 M DO PISO), PVC, INSTALADA EM PAREDE - FORNECIMENTO E INSTALAÇÃO. AF_03/2023"},91942,"SINAPI",{"$f":"IF(G2262=\"SINAPI\",VLOOKUP($F2262,DADOS_SINAPI,3,0),IF(G2262=\"SETOP\",VLOOKUP($F2262,DADOS_SETOP,3,0),IF(G2262=\"CPU\",VLOOKUP($F2262,DADOS_COMPOSICAO,10,0),IF(G2262=\"SICRO\",VLOOKUP($F2262,DADOS_SICRO,3,0),IF(G2262=\"SUDECAP\",VLOOKUP(F2262,DADOS_SUDECAP,3,0),IF(G2262=\"COTAÇÃO\",VLOOKUP($F2262,DADOS_COTACAO,9,0),\"\"))))))","v":"UN"},8,{"$f":"TRUNC(IF(G2262=\"SINAPI\",VLOOKUP($F2262,DADOS_SINAPI,4,0),IF(G2262=\"SETOP\",VLOOKUP($F2262,DADOS_SETOP,4,0),IF(G2262=\"CPU\",VLOOKUP($F2262,DADOS_COMPOSICAO,13,0),IF(G2262=\"SICRO\",VLOOKUP($F2262,DADOS_SICRO,4,0),IF(G2262=\"SUDECAP\",VLOOKUP(F2262,DADOS_SUDECAP,4,0),IF(G2262=\"COTAÇÃO\",VLOOKUP(F2262,DADOS_COTACAO,12,0),\"\")))))),2)","v":33.090000000000003},"BDI 1",{"$f":"TRUNC(J2262*(1+$N$17),2)","v":41.86},{"$f":"IFERROR(TRUNC(I2262*J2262,2),\"\")","v":264.72000000000003},{"$f":"L2262*I2262","v":334.88}]
[2000]
[2000,null,null,null,"Total",1,"un"]
[2000]
[{"$f":"IFERROR(LEFT(D2266,SEARCH(\".\",D2266)-1),\"\")","v":"21"},{"$f":"IFERROR(LEFT(RIGHT(D2266,LEN(D2266)-SEARCH(\".\",D2266)),SEARCH(\".\",RIGHT(D2266,LEN(D2266)-SEARCH(\".\",D2266)))-1),\"\")","v":"3"},{"$f":"IFERROR(IF(LEN(D2266)-LEN(SUBSTITUTE(D2266,\".\",\"\"))<>3,\"\",MID(D2266,SEARCH(\".\",D2266,SEARCH(\".\",D2266)+1)+1,LEN(D2266)-SEARCH(\".\",D2266,SEARCH(\".\",D2266)+1)-(LEN(D2266)-(SEARCH(\".\",D2266,SEARCH(\".\",D2266,SEARCH(\".\",D2266)+1)+1)-1)))),\"\")","v":""},"21.3.3",{"$f":"IF($G2266=\"SINAPI\",VLOOKUP($F2266,DADOS_SINAPI,2,0),IF(G2266=\"SETOP\",VLOOKUP($F2266,DADOS_SETOP,2,0),IF(G2266=\"CPU\",VLOOKUP($F2266,DADOS_COMPOSICAO,2,0),IF(G2266=\"SICRO\",VLOOKUP($F2266,DADOS_SICRO,2,0),IF(G2266=\"SUDECAP\",VLOOKUP(F2266,DADOS_SUDECAP,2,0),IF(G2266=\"COTAÇÃO\",VLOOKUP($F2266,DADOS_COTACAO,2,0),\"\"))))))","v":"CONJUNTO DE UM (1) MÓDULO COM FURO PARA SAÍDA DE FIO Ø10MM, COM PLACA 4\"X2\" DE UM (1) POSTO, INCLUSIVE FORNECIMENTO, INSTALAÇÃO, SUPORTE, MÓDULO E PLACA"},"ED-15763","SETOP",{"$f":"IF(G2266=\"SINAPI\",VLOOKUP($F2266,DADOS_SINAPI,3,0),IF(G2266=\"SETOP\",VLOOKUP($F2266,DADOS_SETOP,3,0),IF(G2266=\"CPU\",VLOOKUP($F2266,DADOS_COMPOSICAO,10,0),IF(G2266=\"SICRO\",VLOOKUP($F2266,DADOS_SICRO,3,0),IF(G2266=\"SUDECAP\",VLOOKUP(F2266,DADOS_SUDECAP,3,0),IF(G2266=\"COTAÇÃO\",VLOOKUP($F2266,DADOS_COTACAO,9,0),\"\"))))))","v":"un"},{"$f":"F2268","v":10},{"$f":"TRUNC(IF(G2266=\"SINAPI\",VLOOKUP($F2266,DADOS_SINAPI,4,0),IF(G2266=\"SETOP\",VLOOKUP($F2266,DADOS_SETOP,4,0),IF(G2266=\"CPU\",VLOOKUP($F2266,DADOS_COMPOSICAO,13,0),IF(G2266=\"SICRO\",VLOOKUP($F2266,DADOS_SICRO,4,0),IF(G2266=\"SUDECAP\",VLOOKUP(F2266,DADOS_SUDECAP,4,0),IF(G2266=\"COTAÇÃO\",VLOOKUP(F2266,DADOS_COTACAO,12,0),\"\")))))),2)","v":15.47},"BDI 1",{"$f":"TRUNC(J2266*(1+$N$17),2)","v":19.57},{"$f":"IFERROR(TRUNC(I2266*J2266,2),\"\")","v":154.69999999999999},195.7]
[2000]
[2000,null,null,null,"Total",10,"un"]
[2000]
[null,null,null,"21.4","CABEAMENTO ESTRUTURADO METÁLICO",null,null,null,null,null,null,null,{"$f":"IFERROR(SUMIFS(M:M,A:A,LEFT(D2270,SEARCH(\".\",D2270)-1),B:B,RIGHT(D2270,LEN(D2270)-SEARCH(\".\",D2270))),\"\")","v":3081.58},{"$f":"IFERROR(SUMIFS(N:N,A:A,LEFT(D2270,SEARCH(\".\",D2270)-1),B:B,RIGHT(D2270,LEN(D2270)-SEARCH(\".\",D2270))),\"\")","v":3896.6}]
[{"$f":"IFERROR(LEFT(D2271,SEARCH(\".\",D2271)-1),\"\")","v":"21"},{"$f":"IFERROR(LEFT(RIGHT(D2271,LEN(D2271)-SEARCH(\".\",D2271)),SEARCH(\".\",RIGHT(D2271,LEN(D2271)-SEARCH(\".\",D2271)))-1),\"\")","v":"4"},{"$f":"IFERROR(IF(LEN(D2271)-LEN(SUBSTITUTE(D2271,\".\",\"\"))<>3,\"\",MID(D2271,SEARCH(\".\",D2271,SEARCH(\".\",D2271)+1)+1,LEN(D2271)-SEARCH(\".\",D2271,SEARCH(\".\",D2271)+1)-(LEN(D2271)-(SEARCH(\".\",D2271,SEARCH(\".\",D2271,SEARCH(\".\",D2271)+1)+1)-1)))),\"\")","v":""},"21.4.1",{"$f":"IF($G2271=\"SINAPI\",VLOOKUP($F2271,DADOS_SINAPI,2,0),IF(G2271=\"SETOP\",VLOOKUP($F2271,DADOS_SETOP,2,0),IF(G2271=\"CPU\",VLOOKUP($F2271,DADOS_COMPOSICAO,2,0),IF(G2271=\"SICRO\",VLOOKUP($F2271,DADOS_SICRO,2,0),IF(G2271=\"SUDECAP\",VLOOKUP(F2271,DADOS_SUDECAP,2,0),IF(G2271=\"COTAÇÃO\",VLOOKUP($F2271,DADOS_COTACAO,2,0),\"\"))))))","v":"CABO ELETRÔNICO CATEGORIA 5E, INSTALADO EM EDIFICAÇÃO INSTITUCIONAL - FORNECIMENTO E INSTALAÇÃO. AF_11/2019"},98295,"SINAPI",{"$f":"IF(G2271=\"SINAPI\",VLOOKUP($F2271,DADOS_SINAPI,3,0),IF(G2271=\"SETOP\",VLOOKUP($F2271,DADOS_SETOP,3,0),IF(G2271=\"CPU\",VLOOKUP($F2271,DADOS_COMPOSICAO,10,0),IF(G2271=\"SICRO\",VLOOKUP($F2271,DADOS_SICRO,3,0),IF(G2271=\"SUDECAP\",VLOOKUP(F2271,DADOS_SUDECAP,3,0),IF(G2271=\"COTAÇÃO\",VLOOKUP($F2271,DADOS_COTACAO,9,0),\"\"))))))","v":"M"},{"$f":"F2273","v":594.9},{"$f":"TRUNC(IF(G2271=\"SINAPI\",VLOOKUP($F2271,DADOS_SINAPI,4,0),IF(G2271=\"SETOP\",VLOOKUP($F2271,DADOS_SETOP,4,0),IF(G2271=\"CPU\",VLOOKUP($F2271,DADOS_COMPOSICAO,13,0),IF(G2271=\"SICRO\",VLOOKUP($F2271,DADOS_SICRO,4,0),IF(G2271=\"SUDECAP\",VLOOKUP(F2271,DADOS_SUDECAP,4,0),IF(G2271=\"COTAÇÃO\",VLOOKUP(F2271,DADOS_COTACAO,12,0),\"\")))))),2)","v":5.18},"BDI 1",{"$f":"TRUNC(J2271*(1+$N$17),2)","v":6.55},{"$f":"IFERROR(TRUNC(I2271*J2271,2),\"\")","v":3081.58},3896.6]
[2000]
[2000,null,null,null,"Total",594.9,"m"]
[2000]
[null,null,null,"21.5","CAIXA DE PASSAGEM",null,null,null,null,null,null,null,{"$f":"IFERROR(SUMIFS(M:M,A:A,LEFT(D2275,SEARCH(\".\",D2275)-1),B:B,RIGHT(D2275,LEN(D2275)-SEARCH(\".\",D2275))),\"\")","v":524.65},{"$f":"IFERROR(SUMIFS(N:N,A:A,LEFT(D2275,SEARCH(\".\",D2275)-1),B:B,RIGHT(D2275,LEN(D2275)-SEARCH(\".\",D2275))),\"\")","v":663.75}]
[{"$f":"IFERROR(LEFT(D2276,SEARCH(\".\",D2276)-1),\"\")","v":"21"},{"$f":"IFERROR(LEFT(RIGHT(D2276,LEN(D2276)-SEARCH(\".\",D2276)),SEARCH(\".\",RIGHT(D2276,LEN(D2276)-SEARCH(\".\",D2276)))-1),\"\")","v":"5"},{"$f":"IFERROR(IF(LEN(D2276)-LEN(SUBSTITUTE(D2276,\".\",\"\"))<>3,\"\",MID(D2276,SEARCH(\".\",D2276,SEARCH(\".\",D2276)+1)+1,LEN(D2276)-SEARCH(\".\",D2276,SEARCH(\".\",D2276)+1)-(LEN(D2276)-(SEARCH(\".\",D2276,SEARCH(\".\",D2276,SEARCH(\".\",D2276)+1)+1)-1)))),\"\")","v":""},"21.5.1",{"$f":"IF($G2276=\"SINAPI\",VLOOKUP($F2276,DADOS_SINAPI,2,0),IF(G2276=\"SETOP\",VLOOKUP($F2276,DADOS_SETOP,2,0),IF(G2276=\"CPU\",VLOOKUP($F2276,DADOS_COMPOSICAO,2,0),IF(G2276=\"SICRO\",VLOOKUP($F2276,DADOS_SICRO,2,0),IF(G2276=\"SUDECAP\",VLOOKUP(F2276,DADOS_SUDECAP,2,0),IF(G2276=\"COTAÇÃO\",VLOOKUP($F2276,DADOS_COTACAO,2,0),\"\"))))))","v":"CAIXA DE PASSAGEM, DIMENSÃO (20X20)CM, EM CHAPA DE AÇO, TIPO DE EMBUTIR, COM ACABAMENTO EM PINTURA ELETROSTÁTICA E TAMPA CEGA, INCLUSIVE FIXAÇÃO EM ALVENARIA"},"ED-49149","SETOP",{"$f":"IF(G2276=\"SINAPI\",VLOOKUP($F2276,DADOS_SINAPI,3,0),IF(G2276=\"SETOP\",VLOOKUP($F2276,DADOS_SETOP,3,0),IF(G2276=\"CPU\",VLOOKUP($F2276,DADOS_COMPOSICAO,10,0),IF(G2276=\"SICRO\",VLOOKUP($F2276,DADOS_SICRO,3,0),IF(G2276=\"SUDECAP\",VLOOKUP(F2276,DADOS_SUDECAP,3,0),IF(G2276=\"COTAÇÃO\",VLOOKUP($F2276,DADOS_COTACAO,9,0),\"\"))))))","v":"un"},{"$f":"F2278","v":5},{"$f":"TRUNC(IF(G2276=\"SINAPI\",VLOOKUP($F2276,DADOS_SINAPI,4,0),IF(G2276=\"SETOP\",VLOOKUP($F2276,DADOS_SETOP,4,0),IF(G2276=\"CPU\",VLOOKUP($F2276,DADOS_COMPOSICAO,13,0),IF(G2276=\"SICRO\",VLOOKUP($F2276,DADOS_SICRO,4,0),IF(G2276=\"SUDECAP\",VLOOKUP(F2276,DADOS_SUDECAP,4,0),IF(G2276=\"COTAÇÃO\",VLOOKUP(F2276,DADOS_COTACAO,12,0),\"\")))))),2)","v":104.93},"BDI 1",{"$f":"TRUNC(J2276*(1+$N$17),2)","v":132.75},{"$f":"IFERROR(TRUNC(I2276*J2276,2),\"\")","v":524.65},{"$f":"L2276*I2276","v":663.75}]
[2000]
[2000,null,null,null,"Total",5,"un"]
[2000]
[null,null,null,"21.6","DISPOSITIVO LÓGICA",null,null,null,null,null,null,null,{"$f":"IFERROR(SUMIFS(M:M,A:A,LEFT(D2280,SEARCH(\".\",D2280)-1),B:B,RIGHT(D2280,LEN(D2280)-SEARCH(\".\",D2280))),\"\")","v":5830.6},{"$f":"IFERROR(SUMIFS(N:N,A:A,LEFT(D2280,SEARCH(\".\",D2280)-1),B:B,RIGHT(D2280,LEN(D2280)-SEARCH(\".\",D2280))),\"\")","v":7376.8}]
[{"$f":"IFERROR(LEFT(D2281,SEARCH(\".\",D2281)-1),\"\")","v":"21"},{"$f":"IFERROR(LEFT(RIGHT(D2281,LEN(D2281)-SEARCH(\".\",D2281)),SEARCH(\".\",RIGHT(D2281,LEN(D2281)-SEARCH(\".\",D2281)))-1),\"\")","v":"6"},{"$f":"IFERROR(IF(LEN(D2281)-LEN(SUBSTITUTE(D2281,\".\",\"\"))<>3,\"\",MID(D2281,SEARCH(\".\",D2281,SEARCH(\".\",D2281)+1)+1,LEN(D2281)-SEARCH(\".\",D2281,SEARCH(\".\",D2281)+1)-(LEN(D2281)-(SEARCH(\".\",D2281,SEARCH(\".\",D2281,SEARCH(\".\",D2281)+1)+1)-1)))),\"\")","v":""},"21.6.1",{"$f":"IF($G2281=\"SINAPI\",VLOOKUP($F2281,DADOS_SINAPI,2,0),IF(G2281=\"SETOP\",VLOOKUP($F2281,DADOS_SETOP,2,0),IF(G2281=\"CPU\",VLOOKUP($F2281,DADOS_COMPOSICAO,2,0),IF(G2281=\"SICRO\",VLOOKUP($F2281,DADOS_SICRO,2,0),IF(G2281=\"SUDECAP\",VLOOKUP(F2281,DADOS_SUDECAP,2,0),IF(G2281=\"COTAÇÃO\",VLOOKUP($F2281,DADOS_COTACAO,2,0),\"\"))))))","v":"CAMERA POE"},"COT-DAD-006","COTAÇÃO",{"$f":"IF(G2281=\"SINAPI\",VLOOKUP($F2281,DADOS_SINAPI,3,0),IF(G2281=\"SETOP\",VLOOKUP($F2281,DADOS_SETOP,3,0),IF(G2281=\"CPU\",VLOOKUP($F2281,DADOS_COMPOSICAO,10,0),IF(G2281=\"SICRO\",VLOOKUP($F2281,DADOS_SICRO,3,0),IF(G2281=\"SUDECAP\",VLOOKUP(F2281,DADOS_SUDECAP,3,0),IF(G2281=\"COTAÇÃO\",VLOOKUP($F2281,DADOS_COTACAO,9,0),\"\"))))))","v":"UN "},{"$f":"F2283","v":10},{"$f":"TRUNC(IF(G2281=\"SINAPI\",VLOOKUP($F2281,DADOS_SINAPI,4,0),IF(G2281=\"SETOP\",VLOOKUP($F2281,DADOS_SETOP,4,0),IF(G2281=\"CPU\",VLOOKUP($F2281,DADOS_COMPOSICAO,13,0),IF(G2281=\"SICRO\",VLOOKUP($F2281,DADOS_SICRO,4,0),IF(G2281=\"SUDECAP\",VLOOKUP(F2281,DADOS_SUDECAP,4,0),IF(G2281=\"COTAÇÃO\",VLOOKUP(F2281,DADOS_COTACAO,12,0),\"\")))))),2)","v":546.91},"BDI 1",{"$f":"TRUNC(J2281*(1+$N$17),2)","v":691.95},{"$f":"IFERROR(TRUNC(I2281*J2281,2),\"\")","v":5469.1},{"$f":"L2281*I2281","v":6919.5}]
[2000]
[2000,null,null,null,"Total",10,"un"]
[2000]
[{"$f":"IFERROR(LEFT(D2285,SEARCH(\".\",D2285)-1),\"\")","v":"21"},{"$f":"IFERROR(LEFT(RIGHT(D2285,LEN(D2285)-SEARCH(\".\",D2285)),SEARCH(\".\",RIGHT(D2285,LEN(D2285)-SEARCH(\".\",D2285)))-1),\"\")","v":"6"},{"$f":"IFERROR(IF(LEN(D2285)-LEN(SUBSTITUTE(D2285,\".\",\"\"))<>3,\"\",MID(D2285,SEARCH(\".\",D2285,SEARCH(\".\",D2285)+1)+1,LEN(D2285)-SEARCH(\".\",D2285,SEARCH(\".\",D2285)+1)-(LEN(D2285)-(SEARCH(\".\",D2285,SEARCH(\".\",D2285,SEARCH(\".\",D2285)+1)+1)-1)))),\"\")","v":""},"21.6.2",{"$f":"IF($G2285=\"SINAPI\",VLOOKUP($F2285,DADOS_SINAPI,2,0),IF(G2285=\"SETOP\",VLOOKUP($F2285,DADOS_SETOP,2,0),IF(G2285=\"CPU\",VLOOKUP($F2285,DADOS_COMPOSICAO,2,0),IF(G2285=\"SICRO\",VLOOKUP($F2285,DADOS_SICRO,2,0),IF(G2285=\"SUDECAP\",VLOOKUP(F2285,DADOS_SUDECAP,2,0),IF(G2285=\"COTAÇÃO\",VLOOKUP($F2285,DADOS_COTACAO,2,0),\"\"))))))","v":"INSTALAÇÃO CÂMERA"},"DADO-002","CPU",{"$f":"IF(G2285=\"SINAPI\",VLOOKUP($F2285,DADOS_SINAPI,3,0),IF(G2285=\"SETOP\",VLOOKUP($F2285,DADOS_SETOP,3,0),IF(G2285=\"CPU\",VLOOKUP($F2285,DADOS_COMPOSICAO,10,0),IF(G2285=\"SICRO\",VLOOKUP($F2285,DADOS_SICRO,3,0),IF(G2285=\"SUDECAP\",VLOOKUP(F2285,DADOS_SUDECAP,3,0),IF(G2285=\"COTAÇÃO\",VLOOKUP($F2285,DADOS_COTACAO,9,0),\"\"))))))","v":"UN"},{"$f":"F2287","v":10},{"$f":"TRUNC(IF(G2285=\"SINAPI\",VLOOKUP($F2285,DADOS_SINAPI,4,0),IF(G2285=\"SETOP\",VLOOKUP($F2285,DADOS_SETOP,4,0),IF(G2285=\"CPU\",VLOOKUP($F2285,DADOS_COMPOSICAO,13,0),IF(G2285=\"SICRO\",VLOOKUP($F2285,DADOS_SICRO,4,0),IF(G2285=\"SUDECAP\",VLOOKUP(F2285,DADOS_SUDECAP,4,0),IF(G2285=\"COTAÇÃO\",VLOOKUP(F2285,DADOS_COTACAO,12,0),\"\")))))),2)","v":36.15},"BDI 1",{"$f":"TRUNC(J2285*(1+$N$17),2)","v":45.73},{"$f":"IFERROR(TRUNC(I2285*J2285,2),\"\")","v":361.5},{"$f":"L2285*I2285","v":457.29999999999995}]
[2000]
[2000,null,null,null,"Total",10,"un"]
[2000]
[null,null,null,"21.7","DISPOSITIVO CABEAMENTO",null,null,null,null,null,null,null,{"$f":"IFERROR(SUMIFS(M:M,A:A,LEFT(D2289,SEARCH(\".\",D2289)-1),B:B,RIGHT(D2289,LEN(D2289)-SEARCH(\".\",D2289))),\"\")","v":1673.29},{"$f":"IFERROR(SUMIFS(N:N,A:A,LEFT(D2289,SEARCH(\".\",D2289)-1),B:B,RIGHT(D2289,LEN(D2289)-SEARCH(\".\",D2289))),\"\")","v":2116.9}]
[{"$f":"IFERROR(LEFT(D2290,SEARCH(\".\",D2290)-1),\"\")","v":"21"},{"$f":"IFERROR(LEFT(RIGHT(D2290,LEN(D2290)-SEARCH(\".\",D2290)),SEARCH(\".\",RIGHT(D2290,LEN(D2290)-SEARCH(\".\",D2290)))-1),\"\")","v":"7"},{"$f":"IFERROR(IF(LEN(D2290)-LEN(SUBSTITUTE(D2290,\".\",\"\"))<>3,\"\",MID(D2290,SEARCH(\".\",D2290,SEARCH(\".\",D2290)+1)+1,LEN(D2290)-SEARCH(\".\",D2290,SEARCH(\".\",D2290)+1)-(LEN(D2290)-(SEARCH(\".\",D2290,SEARCH(\".\",D2290,SEARCH(\".\",D2290)+1)+1)-1)))),\"\")","v":""},"21.7.1",{"$f":"IF($G2290=\"SINAPI\",VLOOKUP($F2290,DADOS_SINAPI,2,0),IF(G2290=\"SETOP\",VLOOKUP($F2290,DADOS_SETOP,2,0),IF(G2290=\"CPU\",VLOOKUP($F2290,DADOS_COMPOSICAO,2,0),IF(G2290=\"SICRO\",VLOOKUP($F2290,DADOS_SICRO,2,0),IF(G2290=\"SUDECAP\",VLOOKUP(F2290,DADOS_SUDECAP,2,0),IF(G2290=\"COTAÇÃO\",VLOOKUP($F2290,DADOS_COTACAO,2,0),\"\"))))))","v":"CONJUNTO DE UMA (1) TOMADA DE DADOS (CONECTOR RJ45 CAT.6E), COM PLACA 4\"X2\" DE UM (1) POSTO, INCLUSIVE FORNECIMENTO, INSTALAÇÃO, SUPORTE, MÓDULO E PLACA"},"ED-15752","SETOP",{"$f":"IF(G2290=\"SINAPI\",VLOOKUP($F2290,DADOS_SINAPI,3,0),IF(G2290=\"SETOP\",VLOOKUP($F2290,DADOS_SETOP,3,0),IF(G2290=\"CPU\",VLOOKUP($F2290,DADOS_COMPOSICAO,10,0),IF(G2290=\"SICRO\",VLOOKUP($F2290,DADOS_SICRO,3,0),IF(G2290=\"SUDECAP\",VLOOKUP(F2290,DADOS_SUDECAP,3,0),IF(G2290=\"COTAÇÃO\",VLOOKUP($F2290,DADOS_COTACAO,9,0),\"\"))))))","v":"un"},{"$f":"F2292","v":23},{"$f":"TRUNC(IF(G2290=\"SINAPI\",VLOOKUP($F2290,DADOS_SINAPI,4,0),IF(G2290=\"SETOP\",VLOOKUP($F2290,DADOS_SETOP,4,0),IF(G2290=\"CPU\",VLOOKUP($F2290,DADOS_COMPOSICAO,13,0),IF(G2290=\"SICRO\",VLOOKUP($F2290,DADOS_SICRO,4,0),IF(G2290=\"SUDECAP\",VLOOKUP(F2290,DADOS_SUDECAP,4,0),IF(G2290=\"COTAÇÃO\",VLOOKUP(F2290,DADOS_COTACAO,12,0),\"\")))))),2)","v":67.52},"BDI 1",{"$f":"TRUNC(J2290*(1+$N$17),2)","v":85.42},{"$f":"IFERROR(TRUNC(I2290*J2290,2),\"\")","v":1552.96},{"$f":"L2290*I2290","v":1964.66}]
[2000]
[2000,null,null,null,"Total",23,"un"]
[2000]
[{"$f":"IFERROR(LEFT(D2294,SEARCH(\".\",D2294)-1),\"\")","v":"21"},{"$f":"IFERROR(LEFT(RIGHT(D2294,LEN(D2294)-SEARCH(\".\",D2294)),SEARCH(\".\",RIGHT(D2294,LEN(D2294)-SEARCH(\".\",D2294)))-1),\"\")","v":"7"},{"$f":"IFERROR(IF(LEN(D2294)-LEN(SUBSTITUTE(D2294,\".\",\"\"))<>3,\"\",MID(D2294,SEARCH(\".\",D2294,SEARCH(\".\",D2294)+1)+1,LEN(D2294)-SEARCH(\".\",D2294,SEARCH(\".\",D2294)+1)-(LEN(D2294)-(SEARCH(\".\",D2294,SEARCH(\".\",D2294,SEARCH(\".\",D2294)+1)+1)-1)))),\"\")","v":""},"21.7.2",{"$f":"IF($G2294=\"SINAPI\",VLOOKUP($F2294,DADOS_SINAPI,2,0),IF(G2294=\"SETOP\",VLOOKUP($F2294,DADOS_SETOP,2,0),IF(G2294=\"CPU\",VLOOKUP($F2294,DADOS_COMPOSICAO,2,0),IF(G2294=\"SICRO\",VLOOKUP($F2294,DADOS_SICRO,2,0),IF(G2294=\"SUDECAP\",VLOOKUP(F2294,DADOS_SUDECAP,2,0),IF(G2294=\"COTAÇÃO\",VLOOKUP($F2294,DADOS_COTACAO,2,0),\"\"))))))","v":"CONJUNTO DE DUAS (2) TOMADAS DE DADOS (CONECTOR RJ45 CAT.6E), COM PLACA 4\"X2\" DE DOIS (2) POSTOS, INCLUSIVE FORNECIMENTO, INSTALAÇÃO, SUPORTE, MÓDULO E PLACA"},"ED-15762","SETOP",{"$f":"IF(G2294=\"SINAPI\",VLOOKUP($F2294,DADOS_SINAPI,3,0),IF(G2294=\"SETOP\",VLOOKUP($F2294,DADOS_SETOP,3,0),IF(G2294=\"CPU\",VLOOKUP($F2294,DADOS_COMPOSICAO,10,0),IF(G2294=\"SICRO\",VLOOKUP($F2294,DADOS_SICRO,3,0),IF(G2294=\"SUDECAP\",VLOOKUP(F2294,DADOS_SUDECAP,3,0),IF(G2294=\"COTAÇÃO\",VLOOKUP($F2294,DADOS_COTACAO,9,0),\"\"))))))","v":"un"},{"$f":"F2296","v":1},{"$f":"TRUNC(IF(G2294=\"SINAPI\",VLOOKUP($F2294,DADOS_SINAPI,4,0),IF(G2294=\"SETOP\",VLOOKUP($F2294,DADOS_SETOP,4,0),IF(G2294=\"CPU\",VLOOKUP($F2294,DADOS_COMPOSICAO,13,0),IF(G2294=\"SICRO\",VLOOKUP($F2294,DADOS_SICRO,4,0),IF(G2294=\"SUDECAP\",VLOOKUP(F2294,DADOS_SUDECAP,4,0),IF(G2294=\"COTAÇÃO\",VLOOKUP(F2294,DADOS_COTACAO,12,0),\"\")))))),2)","v":120.33},"BDI 1",{"$f":"TRUNC(J2294*(1+$N$17),2)","v":152.24},{"$f":"IFERROR(TRUNC(I2294*J2294,2),\"\")","v":120.33},{"$f":"L2294*I2294","v":152.24}]
[2000]
[2000,null,null,null,"Total",1,"un"]
[2000]
[null,null,null,"21.8","ELETROCALHA",null,null,null,null,null,null,null,{"$f":"IFERROR(SUMIFS(M:M,A:A,LEFT(D2298,SEARCH(\".\",D2298)-1),B:B,RIGHT(D2298,LEN(D2298)-SEARCH(\".\",D2298))),\"\")","v":21670.5},{"$f":"IFERROR(SUMIFS(N:N,A:A,LEFT(D2298,SEARCH(\".\",D2298)-1),B:B,RIGHT(D2298,LEN(D2298)-SEARCH(\".\",D2298))),\"\")","v":27415.67}]
[{"$f":"IFERROR(LEFT(D2299,SEARCH(\".\",D2299)-1),\"\")","v":"21"},{"$f":"IFERROR(LEFT(RIGHT(D2299,LEN(D2299)-SEARCH(\".\",D2299)),SEARCH(\".\",RIGHT(D2299,LEN(D2299)-SEARCH(\".\",D2299)))-1),\"\")","v":"8"},{"$f":"IFERROR(IF(LEN(D2299)-LEN(SUBSTITUTE(D2299,\".\",\"\"))<>3,\"\",MID(D2299,SEARCH(\".\",D2299,SEARCH(\".\",D2299)+1)+1,LEN(D2299)-SEARCH(\".\",D2299,SEARCH(\".\",D2299)+1)-(LEN(D2299)-(SEARCH(\".\",D2299,SEARCH(\".\",D2299,SEARCH(\".\",D2299)+1)+1)-1)))),\"\")","v":""},"21.8.1",{"$f":"IF($G2299=\"SINAPI\",VLOOKUP($F2299,DADOS_SINAPI,2,0),IF(G2299=\"SETOP\",VLOOKUP($F2299,DADOS_SETOP,2,0),IF(G2299=\"CPU\",VLOOKUP($F2299,DADOS_COMPOSICAO,2,0),IF(G2299=\"SICRO\",VLOOKUP($F2299,DADOS_SICRO,2,0),IF(G2299=\"SUDECAP\",VLOOKUP(F2299,DADOS_SUDECAP,2,0),IF(G2299=\"COTAÇÃO\",VLOOKUP($F2299,DADOS_COTACAO,2,0),\"\"))))))","v":"ELETROCALHA PERFURADA (100X50)MM EM CHAPA DE AÇO GALVANIZADO #18, COM TRATAMENTO PRÉ-ZINCADO, INCLUSIVE TAMPA DE ENCAIXE, FIXAÇÃO SUPERIOR, CONEXÕES E ACESSÓRIOS"},"ED-19519","SETOP",{"$f":"IF(G2299=\"SINAPI\",VLOOKUP($F2299,DADOS_SINAPI,3,0),IF(G2299=\"SETOP\",VLOOKUP($F2299,DADOS_SETOP,3,0),IF(G2299=\"CPU\",VLOOKUP($F2299,DADOS_COMPOSICAO,10,0),IF(G2299=\"SICRO\",VLOOKUP($F2299,DADOS_SICRO,3,0),IF(G2299=\"SUDECAP\",VLOOKUP(F2299,DADOS_SUDECAP,3,0),IF(G2299=\"COTAÇÃO\",VLOOKUP($F2299,DADOS_COTACAO,9,0),\"\"))))))","v":"m"},257.39999999999998,{"$f":"TRUNC(IF(G2299=\"SINAPI\",VLOOKUP($F2299,DADOS_SINAPI,4,0),IF(G2299=\"SETOP\",VLOOKUP($F2299,DADOS_SETOP,4,0),IF(G2299=\"CPU\",VLOOKUP($F2299,DADOS_COMPOSICAO,13,0),IF(G2299=\"SICRO\",VLOOKUP($F2299,DADOS_SICRO,4,0),IF(G2299=\"SUDECAP\",VLOOKUP(F2299,DADOS_SUDECAP,4,0),IF(G2299=\"COTAÇÃO\",VLOOKUP(F2299,DADOS_COTACAO,12,0),\"\")))))),2)","v":84.19},"BDI 1",{"$f":"TRUNC(J2299*(1+$N$17),2)","v":106.51},{"$f":"IFERROR(TRUNC(I2299*J2299,2),\"\")","v":21670.5},27415.67]
[2000]
[2000,null,null,null,"Total",2.2000000000000002,"m"]
[2000]
[null,null,null,"21.9","ELETRODUTO PVC FLEXÍVEL",null,null,null,null,null,null,null,{"$f":"IFERROR(SUMIFS(M:M,A:A,LEFT(D2303,SEARCH(\".\",D2303)-1),B:B,RIGHT(D2303,LEN(D2303)-SEARCH(\".\",D2303))),\"\")","v":2776.66},{"$f":"IFERROR(SUMIFS(N:N,A:A,LEFT(D2303,SEARCH(\".\",D2303)-1),B:B,RIGHT(D2303,LEN(D2303)-SEARCH(\".\",D2303))),\"\")","v":3511.2599999999998}]
[{"$f":"IFERROR(LEFT(D2304,SEARCH(\".\",D2304)-1),\"\")","v":"21"},{"$f":"IFERROR(LEFT(RIGHT(D2304,LEN(D2304)-SEARCH(\".\",D2304)),SEARCH(\".\",RIGHT(D2304,LEN(D2304)-SEARCH(\".\",D2304)))-1),\"\")","v":"9"},{"$f":"IFERROR(IF(LEN(D2304)-LEN(SUBSTITUTE(D2304,\".\",\"\"))<>3,\"\",MID(D2304,SEARCH(\".\",D2304,SEARCH(\".\",D2304)+1)+1,LEN(D2304)-SEARCH(\".\",D2304,SEARCH(\".\",D2304)+1)-(LEN(D2304)-(SEARCH(\".\",D2304,SEARCH(\".\",D2304,SEARCH(\".\",D2304)+1)+1)-1)))),\"\")","v":""},"21.9.1",{"$f":"IF($G2304=\"SINAPI\",VLOOKUP($F2304,DADOS_SINAPI,2,0),IF(G2304=\"SETOP\",VLOOKUP($F2304,DADOS_SETOP,2,0),IF(G2304=\"CPU\",VLOOKUP($F2304,DADOS_COMPOSICAO,2,0),IF(G2304=\"SICRO\",VLOOKUP($F2304,DADOS_SICRO,2,0),IF(G2304=\"SUDECAP\",VLOOKUP(F2304,DADOS_SUDECAP,2,0),IF(G2304=\"COTAÇÃO\",VLOOKUP($F2304,DADOS_COTACAO,2,0),\"\"))))))","v":"ELETRODUTO FLEXÍVEL CORRUGADO REFORÇADO, PVC, DN 25 MM (3/4\"), PARA CIRCUITOS TERMINAIS, INSTALADO EM LAJE - FORNECIMENTO E INSTALAÇÃO. AF_03/2023"},91845,"SINAPI",{"$f":"IF(G2304=\"SINAPI\",VLOOKUP($F2304,DADOS_SINAPI,3,0),IF(G2304=\"SETOP\",VLOOKUP($F2304,DADOS_SETOP,3,0),IF(G2304=\"CPU\",VLOOKUP($F2304,DADOS_COMPOSICAO,10,0),IF(G2304=\"SICRO\",VLOOKUP($F2304,DADOS_SICRO,3,0),IF(G2304=\"SUDECAP\",VLOOKUP(F2304,DADOS_SUDECAP,3,0),IF(G2304=\"COTAÇÃO\",VLOOKUP($F2304,DADOS_COTACAO,9,0),\"\"))))))","v":"M"},257.39999999999998,{"$f":"TRUNC(IF(G2304=\"SINAPI\",VLOOKUP($F2304,DADOS_SINAPI,4,0),IF(G2304=\"SETOP\",VLOOKUP($F2304,DADOS_SETOP,4,0),IF(G2304=\"CPU\",VLOOKUP($F2304,DADOS_COMPOSICAO,13,0),IF(G2304=\"SICRO\",VLOOKUP($F2304,DADOS_SICRO,4,0),IF(G2304=\"SUDECAP\",VLOOKUP(F2304,DADOS_SUDECAP,4,0),IF(G2304=\"COTAÇÃO\",VLOOKUP(F2304,DADOS_COTACAO,12,0),\"\")))))),2)","v":8.32},"BDI 1",{"$f":"TRUNC(J2304*(1+$N$17),2)","v":10.52},{"$f":"IFERROR(TRUNC(I2304*J2304,2),\"\")","v":2141.56},2707.85]
[2000]
[2000,null,null,null,"Total",257.39999999999998,"m"]
[2000]
[{"$f":"IFERROR(LEFT(D2308,SEARCH(\".\",D2308)-1),\"\")","v":"21"},{"$f":"IFERROR(LEFT(RIGHT(D2308,LEN(D2308)-SEARCH(\".\",D2308)),SEARCH(\".\",RIGHT(D2308,LEN(D2308)-SEARCH(\".\",D2308)))-1),\"\")","v":"9"},{"$f":"IFERROR(IF(LEN(D2308)-LEN(SUBSTITUTE(D2308,\".\",\"\"))<>3,\"\",MID(D2308,SEARCH(\".\",D2308,SEARCH(\".\",D2308)+1)+1,LEN(D2308)-SEARCH(\".\",D2308,SEARCH(\".\",D2308)+1)-(LEN(D2308)-(SEARCH(\".\",D2308,SEARCH(\".\",D2308,SEARCH(\".\",D2308)+1)+1)-1)))),\"\")","v":""},"21.9.2",{"$f":"IF($G2308=\"SINAPI\",VLOOKUP($F2308,DADOS_SINAPI,2,0),IF(G2308=\"SETOP\",VLOOKUP($F2308,DADOS_SETOP,2,0),IF(G2308=\"CPU\",VLOOKUP($F2308,DADOS_COMPOSICAO,2,0),IF(G2308=\"SICRO\",VLOOKUP($F2308,DADOS_SICRO,2,0),IF(G2308=\"SUDECAP\",VLOOKUP(F2308,DADOS_SUDECAP,2,0),IF(G2308=\"COTAÇÃO\",VLOOKUP($F2308,DADOS_COTACAO,2,0),\"\"))))))","v":"ELETRODUTO FLEXÍVEL CORRUGADO REFORÇADO, PVC, DN 32 MM (1\"), PARA CIRCUITOS TERMINAIS, INSTALADO EM LAJE - FORNECIMENTO E INSTALAÇÃO. AF_03/2023"},91847,"SINAPI",{"$f":"IF(G2308=\"SINAPI\",VLOOKUP($F2308,DADOS_SINAPI,3,0),IF(G2308=\"SETOP\",VLOOKUP($F2308,DADOS_SETOP,3,0),IF(G2308=\"CPU\",VLOOKUP($F2308,DADOS_COMPOSICAO,10,0),IF(G2308=\"SICRO\",VLOOKUP($F2308,DADOS_SICRO,3,0),IF(G2308=\"SUDECAP\",VLOOKUP(F2308,DADOS_SUDECAP,3,0),IF(G2308=\"COTAÇÃO\",VLOOKUP($F2308,DADOS_COTACAO,9,0),\"\"))))))","v":"M"},42.4,{"$f":"TRUNC(IF(G2308=\"SINAPI\",VLOOKUP($F2308,DADOS_SINAPI,4,0),IF(G2308=\"SETOP\",VLOOKUP($F2308,DADOS_SETOP,4,0),IF(G2308=\"CPU\",VLOOKUP($F2308,DADOS_COMPOSICAO,13,0),IF(G2308=\"SICRO\",VLOOKUP($F2308,DADOS_SICRO,4,0),IF(G2308=\"SUDECAP\",VLOOKUP(F2308,DADOS_SUDECAP,4,0),IF(G2308=\"COTAÇÃO\",VLOOKUP(F2308,DADOS_COTACAO,12,0),\"\")))))),2)","v":13.66},"BDI 1",{"$f":"TRUNC(J2308*(1+$N$17),2)","v":17.28},{"$f":"IFERROR(TRUNC(I2308*J2308,2),\"\")","v":579.17999999999995},732.67]
[2000]
[2000,null,null,null,"Total",42.4,"m"]
[2000]
[{"$f":"IFERROR(LEFT(D2312,SEARCH(\".\",D2312)-1),\"\")","v":"21"},{"$f":"IFERROR(LEFT(RIGHT(D2312,LEN(D2312)-SEARCH(\".\",D2312)),SEARCH(\".\",RIGHT(D2312,LEN(D2312)-SEARCH(\".\",D2312)))-1),\"\")","v":"9"},{"$f":"IFERROR(IF(LEN(D2312)-LEN(SUBSTITUTE(D2312,\".\",\"\"))<>3,\"\",MID(D2312,SEARCH(\".\",D2312,SEARCH(\".\",D2312)+1)+1,LEN(D2312)-SEARCH(\".\",D2312,SEARCH(\".\",D2312)+1)-(LEN(D2312)-(SEARCH(\".\",D2312,SEARCH(\".\",D2312,SEARCH(\".\",D2312)+1)+1)-1)))),\"\")","v":""},"21.9.3",{"$f":"IF($G2312=\"SINAPI\",VLOOKUP($F2312,DADOS_SINAPI,2,0),IF(G2312=\"SETOP\",VLOOKUP($F2312,DADOS_SETOP,2,0),IF(G2312=\"CPU\",VLOOKUP($F2312,DADOS_COMPOSICAO,2,0),IF(G2312=\"SICRO\",VLOOKUP($F2312,DADOS_SICRO,2,0),IF(G2312=\"SUDECAP\",VLOOKUP(F2312,DADOS_SUDECAP,2,0),IF(G2312=\"COTAÇÃO\",VLOOKUP($F2312,DADOS_COTACAO,2,0),\"\"))))))","v":"ELETRODUTO FLEXÍVEL CORRUGADO, PEAD, DN 40 MM (1 1/4\"), PARA CIRCUITOS TERMINAIS, INSTALADO EM LAJE - FORNECIMENTO E INSTALAÇÃO. AF_03/2023"},91850,"SINAPI",{"$f":"IF(G2312=\"SINAPI\",VLOOKUP($F2312,DADOS_SINAPI,3,0),IF(G2312=\"SETOP\",VLOOKUP($F2312,DADOS_SETOP,3,0),IF(G2312=\"CPU\",VLOOKUP($F2312,DADOS_COMPOSICAO,10,0),IF(G2312=\"SICRO\",VLOOKUP($F2312,DADOS_SICRO,3,0),IF(G2312=\"SUDECAP\",VLOOKUP(F2312,DADOS_SUDECAP,3,0),IF(G2312=\"COTAÇÃO\",VLOOKUP($F2312,DADOS_COTACAO,9,0),\"\"))))))","v":"M"},6.2,{"$f":"TRUNC(IF(G2312=\"SINAPI\",VLOOKUP($F2312,DADOS_SINAPI,4,0),IF(G2312=\"SETOP\",VLOOKUP($F2312,DADOS_SETOP,4,0),IF(G2312=\"CPU\",VLOOKUP($F2312,DADOS_COMPOSICAO,13,0),IF(G2312=\"SICRO\",VLOOKUP($F2312,DADOS_SICRO,4,0),IF(G2312=\"SUDECAP\",VLOOKUP(F2312,DADOS_SUDECAP,4,0),IF(G2312=\"COTAÇÃO\",VLOOKUP(F2312,DADOS_COTACAO,12,0),\"\")))))),2)","v":9.02},"BDI 1",{"$f":"TRUNC(J2312*(1+$N$17),2)","v":11.41},{"$f":"IFERROR(TRUNC(I2312*J2312,2),\"\")","v":55.92},70.739999999999995]
[2000]
[2000,null,null,null,"Total",6.2,"m"]
[2000]
[null,null,null,"21.10","RACK",null,null,null,null,null,null,null,{"$f":"IFERROR(SUMIFS(M:M,A:A,LEFT(D2316,SEARCH(\".\",D2316)-1),B:B,RIGHT(D2316,LEN(D2316)-SEARCH(\".\",D2316))),\"\")","v":872.94},{"$f":"IFERROR(SUMIFS(N:N,A:A,LEFT(D2316,SEARCH(\".\",D2316)-1),B:B,RIGHT(D2316,LEN(D2316)-SEARCH(\".\",D2316))),\"\")","v":1104.43}]
[{"$f":"IFERROR(LEFT(D2317,SEARCH(\".\",D2317)-1),\"\")","v":"21"},{"$f":"IFERROR(LEFT(RIGHT(D2317,LEN(D2317)-SEARCH(\".\",D2317)),SEARCH(\".\",RIGHT(D2317,LEN(D2317)-SEARCH(\".\",D2317)))-1),\"\")","v":"10"},{"$f":"IFERROR(IF(LEN(D2317)-LEN(SUBSTITUTE(D2317,\".\",\"\"))<>3,\"\",MID(D2317,SEARCH(\".\",D2317,SEARCH(\".\",D2317)+1)+1,LEN(D2317)-SEARCH(\".\",D2317,SEARCH(\".\",D2317)+1)-(LEN(D2317)-(SEARCH(\".\",D2317,SEARCH(\".\",D2317,SEARCH(\".\",D2317)+1)+1)-1)))),\"\")","v":""},"21.10.1",{"$f":"IF($G2317=\"SINAPI\",VLOOKUP($F2317,DADOS_SINAPI,2,0),IF(G2317=\"SETOP\",VLOOKUP($F2317,DADOS_SETOP,2,0),IF(G2317=\"CPU\",VLOOKUP($F2317,DADOS_COMPOSICAO,2,0),IF(G2317=\"SICRO\",VLOOKUP($F2317,DADOS_SICRO,2,0),IF(G2317=\"SUDECAP\",VLOOKUP(F2317,DADOS_SUDECAP,2,0),IF(G2317=\"COTAÇÃO\",VLOOKUP($F2317,DADOS_COTACAO,2,0),\"\"))))))","v":"RACK 16U 570MM"},"COT-DAD-007","COTAÇÃO",{"$f":"IF(G2317=\"SINAPI\",VLOOKUP($F2317,DADOS_SINAPI,3,0),IF(G2317=\"SETOP\",VLOOKUP($F2317,DADOS_SETOP,3,0),IF(G2317=\"CPU\",VLOOKUP($F2317,DADOS_COMPOSICAO,10,0),IF(G2317=\"SICRO\",VLOOKUP($F2317,DADOS_SICRO,3,0),IF(G2317=\"SUDECAP\",VLOOKUP(F2317,DADOS_SUDECAP,3,0),IF(G2317=\"COTAÇÃO\",VLOOKUP($F2317,DADOS_COTACAO,9,0),\"\"))))))","v":"UN "},{"$f":"F2319","v":1},{"$f":"TRUNC(IF(G2317=\"SINAPI\",VLOOKUP($F2317,DADOS_SINAPI,4,0),IF(G2317=\"SETOP\",VLOOKUP($F2317,DADOS_SETOP,4,0),IF(G2317=\"CPU\",VLOOKUP($F2317,DADOS_COMPOSICAO,13,0),IF(G2317=\"SICRO\",VLOOKUP($F2317,DADOS_SICRO,4,0),IF(G2317=\"SUDECAP\",VLOOKUP(F2317,DADOS_SUDECAP,4,0),IF(G2317=\"COTAÇÃO\",VLOOKUP(F2317,DADOS_COTACAO,12,0),\"\")))))),2)","v":800.63},"BDI 1",{"$f":"TRUNC(J2317*(1+$N$17),2)","v":1012.95},{"$f":"IFERROR(TRUNC(I2317*J2317,2),\"\")","v":800.63},{"$f":"L2317*I2317","v":1012.95}]
[2000]
[2000,null,null,null,"Total",1,"un"]
[2000]
[{"$f":"IFERROR(LEFT(D2321,SEARCH(\".\",D2321)-1),\"\")","v":"21"},{"$f":"IFERROR(LEFT(RIGHT(D2321,LEN(D2321)-SEARCH(\".\",D2321)),SEARCH(\".\",RIGHT(D2321,LEN(D2321)-SEARCH(\".\",D2321)))-1),\"\")","v":"10"},{"$f":"IFERROR(IF(LEN(D2321)-LEN(SUBSTITUTE(D2321,\".\",\"\"))<>3,\"\",MID(D2321,SEARCH(\".\",D2321,SEARCH(\".\",D2321)+1)+1,LEN(D2321)-SEARCH(\".\",D2321,SEARCH(\".\",D2321)+1)-(LEN(D2321)-(SEARCH(\".\",D2321,SEARCH(\".\",D2321,SEARCH(\".\",D2321)+1)+1)-1)))),\"\")","v":""},"21.10.2",{"$f":"IF($G2321=\"SINAPI\",VLOOKUP($F2321,DADOS_SINAPI,2,0),IF(G2321=\"SETOP\",VLOOKUP($F2321,DADOS_SETOP,2,0),IF(G2321=\"CPU\",VLOOKUP($F2321,DADOS_COMPOSICAO,2,0),IF(G2321=\"SICRO\",VLOOKUP($F2321,DADOS_SICRO,2,0),IF(G2321=\"SUDECAP\",VLOOKUP(F2321,DADOS_SUDECAP,2,0),IF(G2321=\"COTAÇÃO\",VLOOKUP($F2321,DADOS_COTACAO,2,0),\"\"))))))","v":"INSTALAÇÃO RACK"},"DADO-003","CPU",{"$f":"IF(G2321=\"SINAPI\",VLOOKUP($F2321,DADOS_SINAPI,3,0),IF(G2321=\"SETOP\",VLOOKUP($F2321,DADOS_SETOP,3,0),IF(G2321=\"CPU\",VLOOKUP($F2321,DADOS_COMPOSICAO,10,0),IF(G2321=\"SICRO\",VLOOKUP($F2321,DADOS_SICRO,3,0),IF(G2321=\"SUDECAP\",VLOOKUP(F2321,DADOS_SUDECAP,3,0),IF(G2321=\"COTAÇÃO\",VLOOKUP($F2321,DADOS_COTACAO,9,0),\"\"))))))","v":"UN"},{"$f":"F2323","v":1},{"$f":"TRUNC(IF(G2321=\"SINAPI\",VLOOKUP($F2321,DADOS_SINAPI,4,0),IF(G2321=\"SETOP\",VLOOKUP($F2321,DADOS_SETOP,4,0),IF(G2321=\"CPU\",VLOOKUP($F2321,DADOS_COMPOSICAO,13,0),IF(G2321=\"SICRO\",VLOOKUP($F2321,DADOS_SICRO,4,0),IF(G2321=\"SUDECAP\",VLOOKUP(F2321,DADOS_SUDECAP,4,0),IF(G2321=\"COTAÇÃO\",VLOOKUP(F2321,DADOS_COTACAO,12,0),\"\")))))),2)","v":72.31},"BDI 1",{"$f":"TRUNC(J2321*(1+$N$17),2)","v":91.48},{"$f":"IFERROR(TRUNC(I2321*J2321,2),\"\")","v":72.31},{"$f":"L2321*I2321","v":91.48}]
[2000]
[2000,null,null,null,"Total",1,"un"]
[2000]
[1000,null,null,22,"SISTEMA DE PROTEÇÃO CONTRA DESCARGAS ATMOSFÉRICAS",null,null,null,null,null,null,null,{"$f":"SUMIF(A:A,D2325,M:M)","v":25811.07},{"$f":"SUMIF(A:A,D2325,N:N)","v":32653.7}]
[null,null,null,"22.1","ATERRAMENTO",null,null,null,null,null,null,null,{"$f":"IFERROR(SUMIFS(M:M,A:A,LEFT(D2326,SEARCH(\".\",D2326)-1),B:B,RIGHT(D2326,LEN(D2326)-SEARCH(\".\",D2326))),\"\")","v":6724.52},{"$f":"IFERROR(SUMIFS(N:N,A:A,LEFT(D2326,SEARCH(\".\",D2326)-1),B:B,RIGHT(D2326,LEN(D2326)-SEARCH(\".\",D2326))),\"\")","v":8507.7900000000009}]
[{"$f":"IFERROR(LEFT(D2327,SEARCH(\".\",D2327)-1),\"\")","v":"22"},{"$f":"IFERROR(LEFT(RIGHT(D2327,LEN(D2327)-SEARCH(\".\",D2327)),SEARCH(\".\",RIGHT(D2327,LEN(D2327)-SEARCH(\".\",D2327)))-1),\"\")","v":"1"},{"$f":"IFERROR(IF(LEN(D2327)-LEN(SUBSTITUTE(D2327,\".\",\"\"))<>3,\"\",MID(D2327,SEARCH(\".\",D2327,SEARCH(\".\",D2327)+1)+1,LEN(D2327)-SEARCH(\".\",D2327,SEARCH(\".\",D2327)+1)-(LEN(D2327)-(SEARCH(\".\",D2327,SEARCH(\".\",D2327,SEARCH(\".\",D2327)+1)+1)-1)))),\"\")","v":""},"22.1.1",{"$f":"IF($G2327=\"SINAPI\",VLOOKUP($F2327,DADOS_SINAPI,2,0),IF(G2327=\"SETOP\",VLOOKUP($F2327,DADOS_SETOP,2,0),IF(G2327=\"CPU\",VLOOKUP($F2327,DADOS_COMPOSICAO,2,0),IF(G2327=\"SICRO\",VLOOKUP($F2327,DADOS_SICRO,2,0),IF(G2327=\"SUDECAP\",VLOOKUP(F2327,DADOS_SUDECAP,2,0),IF(G2327=\"COTAÇÃO\",VLOOKUP($F2327,DADOS_COTACAO,2,0),\"\"))))))","v":"CAIXA DE EQUALIZAÇÃO PARA USO INTERNO E EXTERNO COM 9 TERMINAIS 380X320X175MM EM AÇO E ACABAMENTO EM EPOXI"},"ED-51054","SETOP",{"$f":"IF(G2327=\"SINAPI\",VLOOKUP($F2327,DADOS_SINAPI,3,0),IF(G2327=\"SETOP\",VLOOKUP($F2327,DADOS_SETOP,3,0),IF(G2327=\"CPU\",VLOOKUP($F2327,DADOS_COMPOSICAO,10,0),IF(G2327=\"SICRO\",VLOOKUP($F2327,DADOS_SICRO,3,0),IF(G2327=\"SUDECAP\",VLOOKUP(F2327,DADOS_SUDECAP,3,0),IF(G2327=\"COTAÇÃO\",VLOOKUP($F2327,DADOS_COTACAO,9,0),\"\"))))))","v":"U"},{"$f":"F2329","v":1},{"$f":"TRUNC(IF(G2327=\"SINAPI\",VLOOKUP($F2327,DADOS_SINAPI,4,0),IF(G2327=\"SETOP\",VLOOKUP($F2327,DADOS_SETOP,4,0),IF(G2327=\"CPU\",VLOOKUP($F2327,DADOS_COMPOSICAO,13,0),IF(G2327=\"SICRO\",VLOOKUP($F2327,DADOS_SICRO,4,0),IF(G2327=\"SUDECAP\",VLOOKUP(F2327,DADOS_SUDECAP,4,0),IF(G2327=\"COTAÇÃO\",VLOOKUP(F2327,DADOS_COTACAO,12,0),\"\")))))),2)","v":390.34},"BDI 1",{"$f":"TRUNC(J2327*(1+$N$17),2)","v":493.85},{"$f":"IFERROR(TRUNC(I2327*J2327,2),\"\")","v":390.34},{"$f":"L2327*I2327","v":493.85}]
[2000]
[2000,null,null,null,"Total",1,"un"]
[2000]
[{"$f":"IFERROR(LEFT(D2331,SEARCH(\".\",D2331)-1),\"\")","v":"22"},{"$f":"IFERROR(LEFT(RIGHT(D2331,LEN(D2331)-SEARCH(\".\",D2331)),SEARCH(\".\",RIGHT(D2331,LEN(D2331)-SEARCH(\".\",D2331)))-1),\"\")","v":"1"},{"$f":"IFERROR(IF(LEN(D2331)-LEN(SUBSTITUTE(D2331,\".\",\"\"))<>3,\"\",MID(D2331,SEARCH(\".\",D2331,SEARCH(\".\",D2331)+1)+1,LEN(D2331)-SEARCH(\".\",D2331,SEARCH(\".\",D2331)+1)-(LEN(D2331)-(SEARCH(\".\",D2331,SEARCH(\".\",D2331,SEARCH(\".\",D2331)+1)+1)-1)))),\"\")","v":""},"22.1.2",{"$f":"IF($G2331=\"SINAPI\",VLOOKUP($F2331,DADOS_SINAPI,2,0),IF(G2331=\"SETOP\",VLOOKUP($F2331,DADOS_SETOP,2,0),IF(G2331=\"CPU\",VLOOKUP($F2331,DADOS_COMPOSICAO,2,0),IF(G2331=\"SICRO\",VLOOKUP($F2331,DADOS_SICRO,2,0),IF(G2331=\"SUDECAP\",VLOOKUP(F2331,DADOS_SUDECAP,2,0),IF(G2331=\"COTAÇÃO\",VLOOKUP($F2331,DADOS_COTACAO,2,0),\"\"))))))","v":"ATERRAMENTO COMPLETO PARA PARA-RAIOS, COM HASTE DE COBRE DE ALTA CAMADA, TIPO COPPERWELD, DIÂMETRO DE 3/4\", COMPRIMENTO DE 240CM, EXCLUSIVE CABO, INCLUSIVE CAIXA DE INSPEÇÃO COM TAMPA EM FERRO FUNDIDO E GRAMPO PARA HASTE"},"ED-51017","SETOP",{"$f":"IF(G2331=\"SINAPI\",VLOOKUP($F2331,DADOS_SINAPI,3,0),IF(G2331=\"SETOP\",VLOOKUP($F2331,DADOS_SETOP,3,0),IF(G2331=\"CPU\",VLOOKUP($F2331,DADOS_COMPOSICAO,10,0),IF(G2331=\"SICRO\",VLOOKUP($F2331,DADOS_SICRO,3,0),IF(G2331=\"SUDECAP\",VLOOKUP(F2331,DADOS_SUDECAP,3,0),IF(G2331=\"COTAÇÃO\",VLOOKUP($F2331,DADOS_COTACAO,9,0),\"\"))))))","v":"un"},{"$f":"F2333","v":3},{"$f":"TRUNC(IF(G2331=\"SINAPI\",VLOOKUP($F2331,DADOS_SINAPI,4,0),IF(G2331=\"SETOP\",VLOOKUP($F2331,DADOS_SETOP,4,0),IF(G2331=\"CPU\",VLOOKUP($F2331,DADOS_COMPOSICAO,13,0),IF(G2331=\"SICRO\",VLOOKUP($F2331,DADOS_SICRO,4,0),IF(G2331=\"SUDECAP\",VLOOKUP(F2331,DADOS_SUDECAP,4,0),IF(G2331=\"COTAÇÃO\",VLOOKUP(F2331,DADOS_COTACAO,12,0),\"\")))))),2)","v":1124.57},"BDI 1",{"$f":"TRUNC(J2331*(1+$N$17),2)","v":1422.8},{"$f":"IFERROR(TRUNC(I2331*J2331,2),\"\")","v":3373.71},{"$f":"L2331*I2331","v":4268.3999999999996}]
[2000]
[2000,null,null,null,"Total",3,"un"]
[2000]
[{"$f":"IFERROR(LEFT(D2335,SEARCH(\".\",D2335)-1),\"\")","v":"22"},{"$f":"IFERROR(LEFT(RIGHT(D2335,LEN(D2335)-SEARCH(\".\",D2335)),SEARCH(\".\",RIGHT(D2335,LEN(D2335)-SEARCH(\".\",D2335)))-1),\"\")","v":"1"},{"$f":"IFERROR(IF(LEN(D2335)-LEN(SUBSTITUTE(D2335,\".\",\"\"))<>3,\"\",MID(D2335,SEARCH(\".\",D2335,SEARCH(\".\",D2335)+1)+1,LEN(D2335)-SEARCH(\".\",D2335,SEARCH(\".\",D2335)+1)-(LEN(D2335)-(SEARCH(\".\",D2335,SEARCH(\".\",D2335,SEARCH(\".\",D2335)+1)+1)-1)))),\"\")","v":""},"22.1.3",{"$f":"IF($G2335=\"SINAPI\",VLOOKUP($F2335,DADOS_SINAPI,2,0),IF(G2335=\"SETOP\",VLOOKUP($F2335,DADOS_SETOP,2,0),IF(G2335=\"CPU\",VLOOKUP($F2335,DADOS_COMPOSICAO,2,0),IF(G2335=\"SICRO\",VLOOKUP($F2335,DADOS_SICRO,2,0),IF(G2335=\"SUDECAP\",VLOOKUP(F2335,DADOS_SUDECAP,2,0),IF(G2335=\"COTAÇÃO\",VLOOKUP($F2335,DADOS_COTACAO,2,0),\"\"))))))","v":"ATERRAMENTO COM HASTE DE COBRE, TIPO COPPERWELD, DIÂMETRO DE  5/8\", COMPRIMENTO DE 240CM, EXCLUSIVE CABO E CAIXA PARA ATERRAMENTO, INCLUSIVE GRAMPO PARA HASTE E INSTALAÇÃO"},"ED-48700","SETOP",{"$f":"IF(G2335=\"SINAPI\",VLOOKUP($F2335,DADOS_SINAPI,3,0),IF(G2335=\"SETOP\",VLOOKUP($F2335,DADOS_SETOP,3,0),IF(G2335=\"CPU\",VLOOKUP($F2335,DADOS_COMPOSICAO,10,0),IF(G2335=\"SICRO\",VLOOKUP($F2335,DADOS_SICRO,3,0),IF(G2335=\"SUDECAP\",VLOOKUP(F2335,DADOS_SUDECAP,3,0),IF(G2335=\"COTAÇÃO\",VLOOKUP($F2335,DADOS_COTACAO,9,0),\"\"))))))","v":"un"},{"$f":"F2337","v":12},{"$f":"TRUNC(IF(G2335=\"SINAPI\",VLOOKUP($F2335,DADOS_SINAPI,4,0),IF(G2335=\"SETOP\",VLOOKUP($F2335,DADOS_SETOP,4,0),IF(G2335=\"CPU\",VLOOKUP($F2335,DADOS_COMPOSICAO,13,0),IF(G2335=\"SICRO\",VLOOKUP($F2335,DADOS_SICRO,4,0),IF(G2335=\"SUDECAP\",VLOOKUP(F2335,DADOS_SUDECAP,4,0),IF(G2335=\"COTAÇÃO\",VLOOKUP(F2335,DADOS_COTACAO,12,0),\"\")))))),2)","v":242.85},"BDI 1",{"$f":"TRUNC(J2335*(1+$N$17),2)","v":307.25},{"$f":"IFERROR(TRUNC(I2335*J2335,2),\"\")","v":2914.2},3687]
[2000]
[2000,null,null,null,"Total",12,"un"]
[2000]
[{"$f":"IFERROR(LEFT(D2339,SEARCH(\".\",D2339)-1),\"\")","v":"22"},{"$f":"IFERROR(LEFT(RIGHT(D2339,LEN(D2339)-SEARCH(\".\",D2339)),SEARCH(\".\",RIGHT(D2339,LEN(D2339)-SEARCH(\".\",D2339)))-1),\"\")","v":"1"},{"$f":"IFERROR(IF(LEN(D2339)-LEN(SUBSTITUTE(D2339,\".\",\"\"))<>3,\"\",MID(D2339,SEARCH(\".\",D2339,SEARCH(\".\",D2339)+1)+1,LEN(D2339)-SEARCH(\".\",D2339,SEARCH(\".\",D2339)+1)-(LEN(D2339)-(SEARCH(\".\",D2339,SEARCH(\".\",D2339,SEARCH(\".\",D2339)+1)+1)-1)))),\"\")","v":""},"22.1.4",{"$f":"IF($G2339=\"SINAPI\",VLOOKUP($F2339,DADOS_SINAPI,2,0),IF(G2339=\"SETOP\",VLOOKUP($F2339,DADOS_SETOP,2,0),IF(G2339=\"CPU\",VLOOKUP($F2339,DADOS_COMPOSICAO,2,0),IF(G2339=\"SICRO\",VLOOKUP($F2339,DADOS_SICRO,2,0),IF(G2339=\"SUDECAP\",VLOOKUP(F2339,DADOS_SUDECAP,2,0),IF(G2339=\"COTAÇÃO\",VLOOKUP($F2339,DADOS_COTACAO,2,0),\"\"))))))","v":"CAIXA DE INSPEÇÃO PARA ATERRAMENTO, CIRCULAR, EM POLIETILENO, DIÂMETRO INTERNO = 0,3 M. AF_12/2020"},98111,"SINAPI",{"$f":"IF(G2339=\"SINAPI\",VLOOKUP($F2339,DADOS_SINAPI,3,0),IF(G2339=\"SETOP\",VLOOKUP($F2339,DADOS_SETOP,3,0),IF(G2339=\"CPU\",VLOOKUP($F2339,DADOS_COMPOSICAO,10,0),IF(G2339=\"SICRO\",VLOOKUP($F2339,DADOS_SICRO,3,0),IF(G2339=\"SUDECAP\",VLOOKUP(F2339,DADOS_SUDECAP,3,0),IF(G2339=\"COTAÇÃO\",VLOOKUP($F2339,DADOS_COTACAO,9,0),\"\"))))))","v":"UN"},{"$f":"F2341","v":1},{"$f":"TRUNC(IF(G2339=\"SINAPI\",VLOOKUP($F2339,DADOS_SINAPI,4,0),IF(G2339=\"SETOP\",VLOOKUP($F2339,DADOS_SETOP,4,0),IF(G2339=\"CPU\",VLOOKUP($F2339,DADOS_COMPOSICAO,13,0),IF(G2339=\"SICRO\",VLOOKUP($F2339,DADOS_SICRO,4,0),IF(G2339=\"SUDECAP\",VLOOKUP(F2339,DADOS_SUDECAP,4,0),IF(G2339=\"COTAÇÃO\",VLOOKUP(F2339,DADOS_COTACAO,12,0),\"\")))))),2)","v":46.27},"BDI 1",{"$f":"TRUNC(J2339*(1+$N$17),2)","v":58.54},{"$f":"IFERROR(TRUNC(I2339*J2339,2),\"\")","v":46.27},{"$f":"L2339*I2339","v":58.54}]
[2000]
[2000,null,null,null,"Total",1,"un"]
[2000]
[null,null,null,"22.2","CAPTORES",null,null,null,null,null,null,null,{"$f":"IFERROR(SUMIFS(M:M,A:A,LEFT(D2343,SEARCH(\".\",D2343)-1),B:B,RIGHT(D2343,LEN(D2343)-SEARCH(\".\",D2343))),\"\")","v":506.29999999999995},{"$f":"IFERROR(SUMIFS(N:N,A:A,LEFT(D2343,SEARCH(\".\",D2343)-1),B:B,RIGHT(D2343,LEN(D2343)-SEARCH(\".\",D2343))),\"\")","v":640.48}]
[{"$f":"IFERROR(LEFT(D2344,SEARCH(\".\",D2344)-1),\"\")","v":"22"},{"$f":"IFERROR(LEFT(RIGHT(D2344,LEN(D2344)-SEARCH(\".\",D2344)),SEARCH(\".\",RIGHT(D2344,LEN(D2344)-SEARCH(\".\",D2344)))-1),\"\")","v":"2"},{"$f":"IFERROR(IF(LEN(D2344)-LEN(SUBSTITUTE(D2344,\".\",\"\"))<>3,\"\",MID(D2344,SEARCH(\".\",D2344,SEARCH(\".\",D2344)+1)+1,LEN(D2344)-SEARCH(\".\",D2344,SEARCH(\".\",D2344)+1)-(LEN(D2344)-(SEARCH(\".\",D2344,SEARCH(\".\",D2344,SEARCH(\".\",D2344)+1)+1)-1)))),\"\")","v":""},"22.2.1",{"$f":"IF($G2344=\"SINAPI\",VLOOKUP($F2344,DADOS_SINAPI,2,0),IF(G2344=\"SETOP\",VLOOKUP($F2344,DADOS_SETOP,2,0),IF(G2344=\"CPU\",VLOOKUP($F2344,DADOS_COMPOSICAO,2,0),IF(G2344=\"SICRO\",VLOOKUP($F2344,DADOS_SICRO,2,0),IF(G2344=\"SUDECAP\",VLOOKUP(F2344,DADOS_SUDECAP,2,0),IF(G2344=\"COTAÇÃO\",VLOOKUP($F2344,DADOS_COTACAO,2,0),\"\"))))))","v":"MINI CAPTOR PARA SPDA - FORNECIMENTO E INSTALAÇÃO. AF_08/2023"},104746,"SINAPI",{"$f":"IF(G2344=\"SINAPI\",VLOOKUP($F2344,DADOS_SINAPI,3,0),IF(G2344=\"SETOP\",VLOOKUP($F2344,DADOS_SETOP,3,0),IF(G2344=\"CPU\",VLOOKUP($F2344,DADOS_COMPOSICAO,10,0),IF(G2344=\"SICRO\",VLOOKUP($F2344,DADOS_SICRO,3,0),IF(G2344=\"SUDECAP\",VLOOKUP(F2344,DADOS_SUDECAP,3,0),IF(G2344=\"COTAÇÃO\",VLOOKUP($F2344,DADOS_COTACAO,9,0),\"\"))))))","v":"UN"},{"$f":"F2346","v":8},{"$f":"TRUNC(IF(G2344=\"SINAPI\",VLOOKUP($F2344,DADOS_SINAPI,4,0),IF(G2344=\"SETOP\",VLOOKUP($F2344,DADOS_SETOP,4,0),IF(G2344=\"CPU\",VLOOKUP($F2344,DADOS_COMPOSICAO,13,0),IF(G2344=\"SICRO\",VLOOKUP($F2344,DADOS_SICRO,4,0),IF(G2344=\"SUDECAP\",VLOOKUP(F2344,DADOS_SUDECAP,4,0),IF(G2344=\"COTAÇÃO\",VLOOKUP(F2344,DADOS_COTACAO,12,0),\"\")))))),2)","v":25.3},"BDI 1",{"$f":"TRUNC(J2344*(1+$N$17),2)","v":32},{"$f":"IFERROR(TRUNC(I2344*J2344,2),\"\")","v":202.4},{"$f":"L2344*I2344","v":256}]
[2000]
[2000,null,null,null,"Total",8,"un"]
[2000]
[{"$f":"IFERROR(LEFT(D2348,SEARCH(\".\",D2348)-1),\"\")","v":"22"},{"$f":"IFERROR(LEFT(RIGHT(D2348,LEN(D2348)-SEARCH(\".\",D2348)),SEARCH(\".\",RIGHT(D2348,LEN(D2348)-SEARCH(\".\",D2348)))-1),\"\")","v":"2"},{"$f":"IFERROR(IF(LEN(D2348)-LEN(SUBSTITUTE(D2348,\".\",\"\"))<>3,\"\",MID(D2348,SEARCH(\".\",D2348,SEARCH(\".\",D2348)+1)+1,LEN(D2348)-SEARCH(\".\",D2348,SEARCH(\".\",D2348)+1)-(LEN(D2348)-(SEARCH(\".\",D2348,SEARCH(\".\",D2348,SEARCH(\".\",D2348)+1)+1)-1)))),\"\")","v":""},"22.2.2",{"$f":"IF($G2348=\"SINAPI\",VLOOKUP($F2348,DADOS_SINAPI,2,0),IF(G2348=\"SETOP\",VLOOKUP($F2348,DADOS_SETOP,2,0),IF(G2348=\"CPU\",VLOOKUP($F2348,DADOS_COMPOSICAO,2,0),IF(G2348=\"SICRO\",VLOOKUP($F2348,DADOS_SICRO,2,0),IF(G2348=\"SUDECAP\",VLOOKUP(F2348,DADOS_SUDECAP,2,0),IF(G2348=\"COTAÇÃO\",VLOOKUP($F2348,DADOS_COTACAO,2,0),\"\"))))))","v":"MASTRO 1 ½\", COM 3 METROS, PARA SPDA - FORNECIMENTO E INSTALAÇÃO. AF_08/2023"},96988,"SINAPI",{"$f":"IF(G2348=\"SINAPI\",VLOOKUP($F2348,DADOS_SINAPI,3,0),IF(G2348=\"SETOP\",VLOOKUP($F2348,DADOS_SETOP,3,0),IF(G2348=\"CPU\",VLOOKUP($F2348,DADOS_COMPOSICAO,10,0),IF(G2348=\"SICRO\",VLOOKUP($F2348,DADOS_SICRO,3,0),IF(G2348=\"SUDECAP\",VLOOKUP(F2348,DADOS_SUDECAP,3,0),IF(G2348=\"COTAÇÃO\",VLOOKUP($F2348,DADOS_COTACAO,9,0),\"\"))))))","v":"UN"},{"$f":"F2350","v":2},{"$f":"TRUNC(IF(G2348=\"SINAPI\",VLOOKUP($F2348,DADOS_SINAPI,4,0),IF(G2348=\"SETOP\",VLOOKUP($F2348,DADOS_SETOP,4,0),IF(G2348=\"CPU\",VLOOKUP($F2348,DADOS_COMPOSICAO,13,0),IF(G2348=\"SICRO\",VLOOKUP($F2348,DADOS_SICRO,4,0),IF(G2348=\"SUDECAP\",VLOOKUP(F2348,DADOS_SUDECAP,4,0),IF(G2348=\"COTAÇÃO\",VLOOKUP(F2348,DADOS_COTACAO,12,0),\"\")))))),2)","v":151.94999999999999},"BDI 1",{"$f":"TRUNC(J2348*(1+$N$17),2)","v":192.24},{"$f":"IFERROR(TRUNC(I2348*J2348,2),\"\")","v":303.89999999999998},{"$f":"L2348*I2348","v":384.48}]
[2000]
[2000,null,null,null,"Total",2,"un"]
[2000]
[null,null,null,"22.3","CONDUTORES DE PROTEÇÃO",null,null,null,null,null,null,null,{"$f":"IFERROR(SUMIFS(M:M,A:A,LEFT(D2352,SEARCH(\".\",D2352)-1),B:B,RIGHT(D2352,LEN(D2352)-SEARCH(\".\",D2352))),\"\")","v":18089.66},{"$f":"IFERROR(SUMIFS(N:N,A:A,LEFT(D2352,SEARCH(\".\",D2352)-1),B:B,RIGHT(D2352,LEN(D2352)-SEARCH(\".\",D2352))),\"\")","v":22884.91}]
[{"$f":"IFERROR(LEFT(D2353,SEARCH(\".\",D2353)-1),\"\")","v":"22"},{"$f":"IFERROR(LEFT(RIGHT(D2353,LEN(D2353)-SEARCH(\".\",D2353)),SEARCH(\".\",RIGHT(D2353,LEN(D2353)-SEARCH(\".\",D2353)))-1),\"\")","v":"3"},{"$f":"IFERROR(IF(LEN(D2353)-LEN(SUBSTITUTE(D2353,\".\",\"\"))<>3,\"\",MID(D2353,SEARCH(\".\",D2353,SEARCH(\".\",D2353)+1)+1,LEN(D2353)-SEARCH(\".\",D2353,SEARCH(\".\",D2353)+1)-(LEN(D2353)-(SEARCH(\".\",D2353,SEARCH(\".\",D2353,SEARCH(\".\",D2353)+1)+1)-1)))),\"\")","v":""},"22.3.1",{"$f":"IF($G2353=\"SINAPI\",VLOOKUP($F2353,DADOS_SINAPI,2,0),IF(G2353=\"SETOP\",VLOOKUP($F2353,DADOS_SETOP,2,0),IF(G2353=\"CPU\",VLOOKUP($F2353,DADOS_COMPOSICAO,2,0),IF(G2353=\"SICRO\",VLOOKUP($F2353,DADOS_SICRO,2,0),IF(G2353=\"SUDECAP\",VLOOKUP(F2353,DADOS_SUDECAP,2,0),IF(G2353=\"COTAÇÃO\",VLOOKUP($F2353,DADOS_COTACAO,2,0),\"\"))))))","v":"BARRA CHATA DE ALUMÍNIO 7/8\" X 1/8\" X 3M"},"ED-51019","SETOP",{"$f":"IF(G2353=\"SINAPI\",VLOOKUP($F2353,DADOS_SINAPI,3,0),IF(G2353=\"SETOP\",VLOOKUP($F2353,DADOS_SETOP,3,0),IF(G2353=\"CPU\",VLOOKUP($F2353,DADOS_COMPOSICAO,10,0),IF(G2353=\"SICRO\",VLOOKUP($F2353,DADOS_SICRO,3,0),IF(G2353=\"SUDECAP\",VLOOKUP(F2353,DADOS_SUDECAP,3,0),IF(G2353=\"COTAÇÃO\",VLOOKUP($F2353,DADOS_COTACAO,9,0),\"\"))))))","v":"U"},{"$f":"F2355","v":82},{"$f":"TRUNC(IF(G2353=\"SINAPI\",VLOOKUP($F2353,DADOS_SINAPI,4,0),IF(G2353=\"SETOP\",VLOOKUP($F2353,DADOS_SETOP,4,0),IF(G2353=\"CPU\",VLOOKUP($F2353,DADOS_COMPOSICAO,13,0),IF(G2353=\"SICRO\",VLOOKUP($F2353,DADOS_SICRO,4,0),IF(G2353=\"SUDECAP\",VLOOKUP(F2353,DADOS_SUDECAP,4,0),IF(G2353=\"COTAÇÃO\",VLOOKUP(F2353,DADOS_COTACAO,12,0),\"\")))))),2)","v":27.74},"BDI 1",{"$f":"TRUNC(J2353*(1+$N$17),2)","v":35.090000000000003},{"$f":"IFERROR(TRUNC(I2353*J2353,2),\"\")","v":2274.6799999999998},{"$f":"L2353*I2353","v":2877.38}]
[2000]
[2000,null,null,null,"Total",{"$f":"ROUNDUP(243.7/3,0)","v":82},"un"]
[2000]
[{"$f":"IFERROR(LEFT(D2357,SEARCH(\".\",D2357)-1),\"\")","v":"22"},{"$f":"IFERROR(LEFT(RIGHT(D2357,LEN(D2357)-SEARCH(\".\",D2357)),SEARCH(\".\",RIGHT(D2357,LEN(D2357)-SEARCH(\".\",D2357)))-1),\"\")","v":"3"},{"$f":"IFERROR(IF(LEN(D2357)-LEN(SUBSTITUTE(D2357,\".\",\"\"))<>3,\"\",MID(D2357,SEARCH(\".\",D2357,SEARCH(\".\",D2357)+1)+1,LEN(D2357)-SEARCH(\".\",D2357,SEARCH(\".\",D2357)+1)-(LEN(D2357)-(SEARCH(\".\",D2357,SEARCH(\".\",D2357,SEARCH(\".\",D2357)+1)+1)-1)))),\"\")","v":""},"22.3.2",{"$f":"IF($G2357=\"SINAPI\",VLOOKUP($F2357,DADOS_SINAPI,2,0),IF(G2357=\"SETOP\",VLOOKUP($F2357,DADOS_SETOP,2,0),IF(G2357=\"CPU\",VLOOKUP($F2357,DADOS_COMPOSICAO,2,0),IF(G2357=\"SICRO\",VLOOKUP($F2357,DADOS_SICRO,2,0),IF(G2357=\"SUDECAP\",VLOOKUP(F2357,DADOS_SUDECAP,2,0),IF(G2357=\"COTAÇÃO\",VLOOKUP($F2357,DADOS_COTACAO,2,0),\"\"))))))","v":"CABO DE COBRE NU #35MM2 - 7 FIOSX2,50MM, PARA ELEMENTOS DE CAPTAÇÃO/ANEL DE CINTAMENTO (SPDA), INCLUSIVE PRESILHA DE FIXAÇÃO"},"ED-13934","SETOP",{"$f":"IF(G2357=\"SINAPI\",VLOOKUP($F2357,DADOS_SINAPI,3,0),IF(G2357=\"SETOP\",VLOOKUP($F2357,DADOS_SETOP,3,0),IF(G2357=\"CPU\",VLOOKUP($F2357,DADOS_COMPOSICAO,10,0),IF(G2357=\"SICRO\",VLOOKUP($F2357,DADOS_SICRO,3,0),IF(G2357=\"SUDECAP\",VLOOKUP(F2357,DADOS_SUDECAP,3,0),IF(G2357=\"COTAÇÃO\",VLOOKUP($F2357,DADOS_COTACAO,9,0),\"\"))))))","v":"m"},{"$f":"F2359","v":21.7},{"$f":"TRUNC(IF(G2357=\"SINAPI\",VLOOKUP($F2357,DADOS_SINAPI,4,0),IF(G2357=\"SETOP\",VLOOKUP($F2357,DADOS_SETOP,4,0),IF(G2357=\"CPU\",VLOOKUP($F2357,DADOS_COMPOSICAO,13,0),IF(G2357=\"SICRO\",VLOOKUP($F2357,DADOS_SICRO,4,0),IF(G2357=\"SUDECAP\",VLOOKUP(F2357,DADOS_SUDECAP,4,0),IF(G2357=\"COTAÇÃO\",VLOOKUP(F2357,DADOS_COTACAO,12,0),\"\")))))),2)","v":44.19},"BDI 1",{"$f":"TRUNC(J2357*(1+$N$17),2)","v":55.9},{"$f":"IFERROR(TRUNC(I2357*J2357,2),\"\")","v":958.92},{"$f":"L2357*I2357","v":1213.03}]
[2000]
[2000,null,null,null,"Total",21.7,"m"]
[2000]
[{"$f":"IFERROR(LEFT(D2361,SEARCH(\".\",D2361)-1),\"\")","v":"22"},{"$f":"IFERROR(LEFT(RIGHT(D2361,LEN(D2361)-SEARCH(\".\",D2361)),SEARCH(\".\",RIGHT(D2361,LEN(D2361)-SEARCH(\".\",D2361)))-1),\"\")","v":"3"},{"$f":"IFERROR(IF(LEN(D2361)-LEN(SUBSTITUTE(D2361,\".\",\"\"))<>3,\"\",MID(D2361,SEARCH(\".\",D2361,SEARCH(\".\",D2361)+1)+1,LEN(D2361)-SEARCH(\".\",D2361,SEARCH(\".\",D2361)+1)-(LEN(D2361)-(SEARCH(\".\",D2361,SEARCH(\".\",D2361,SEARCH(\".\",D2361)+1)+1)-1)))),\"\")","v":""},"22.3.3",{"$f":"IF($G2361=\"SINAPI\",VLOOKUP($F2361,DADOS_SINAPI,2,0),IF(G2361=\"SETOP\",VLOOKUP($F2361,DADOS_SETOP,2,0),IF(G2361=\"CPU\",VLOOKUP($F2361,DADOS_COMPOSICAO,2,0),IF(G2361=\"SICRO\",VLOOKUP($F2361,DADOS_SICRO,2,0),IF(G2361=\"SUDECAP\",VLOOKUP(F2361,DADOS_SUDECAP,2,0),IF(G2361=\"COTAÇÃO\",VLOOKUP($F2361,DADOS_COTACAO,2,0),\"\"))))))","v":"CABO DE COBRE NU #50 MM2 - 7 FIOSX3,00MM, PARA ELEMENTOS DE CAPTAÇÃO/ANEL DE CINTAMENTO (SPDA), INCLUSIVE PRESILHA DE FIXAÇÃO"},"ED-13935","SETOP",{"$f":"IF(G2361=\"SINAPI\",VLOOKUP($F2361,DADOS_SINAPI,3,0),IF(G2361=\"SETOP\",VLOOKUP($F2361,DADOS_SETOP,3,0),IF(G2361=\"CPU\",VLOOKUP($F2361,DADOS_COMPOSICAO,10,0),IF(G2361=\"SICRO\",VLOOKUP($F2361,DADOS_SICRO,3,0),IF(G2361=\"SUDECAP\",VLOOKUP(F2361,DADOS_SUDECAP,3,0),IF(G2361=\"COTAÇÃO\",VLOOKUP($F2361,DADOS_COTACAO,9,0),\"\"))))))","v":"m"},{"$f":"F2363","v":124.8},{"$f":"TRUNC(IF(G2361=\"SINAPI\",VLOOKUP($F2361,DADOS_SINAPI,4,0),IF(G2361=\"SETOP\",VLOOKUP($F2361,DADOS_SETOP,4,0),IF(G2361=\"CPU\",VLOOKUP($F2361,DADOS_COMPOSICAO,13,0),IF(G2361=\"SICRO\",VLOOKUP($F2361,DADOS_SICRO,4,0),IF(G2361=\"SUDECAP\",VLOOKUP(F2361,DADOS_SUDECAP,4,0),IF(G2361=\"COTAÇÃO\",VLOOKUP(F2361,DADOS_COTACAO,12,0),\"\")))))),2)","v":59.59},"BDI 1",{"$f":"TRUNC(J2361*(1+$N$17),2)","v":75.39},{"$f":"IFERROR(TRUNC(I2361*J2361,2),\"\")","v":7436.83},9408.67]
[2000]
[2000,null,null,null,"Total",124.8,"m"]
[2000]
[{"$f":"IFERROR(LEFT(D2365,SEARCH(\".\",D2365)-1),\"\")","v":"22"},{"$f":"IFERROR(LEFT(RIGHT(D2365,LEN(D2365)-SEARCH(\".\",D2365)),SEARCH(\".\",RIGHT(D2365,LEN(D2365)-SEARCH(\".\",D2365)))-1),\"\")","v":"3"},{"$f":"IFERROR(IF(LEN(D2365)-LEN(SUBSTITUTE(D2365,\".\",\"\"))<>3,\"\",MID(D2365,SEARCH(\".\",D2365,SEARCH(\".\",D2365)+1)+1,LEN(D2365)-SEARCH(\".\",D2365,SEARCH(\".\",D2365)+1)-(LEN(D2365)-(SEARCH(\".\",D2365,SEARCH(\".\",D2365,SEARCH(\".\",D2365)+1)+1)-1)))),\"\")","v":""},"22.3.4",{"$f":"IF($G2365=\"SINAPI\",VLOOKUP($F2365,DADOS_SINAPI,2,0),IF(G2365=\"SETOP\",VLOOKUP($F2365,DADOS_SETOP,2,0),IF(G2365=\"CPU\",VLOOKUP($F2365,DADOS_COMPOSICAO,2,0),IF(G2365=\"SICRO\",VLOOKUP($F2365,DADOS_SICRO,2,0),IF(G2365=\"SUDECAP\",VLOOKUP(F2365,DADOS_SUDECAP,2,0),IF(G2365=\"COTAÇÃO\",VLOOKUP($F2365,DADOS_COTACAO,2,0),\"\"))))))","v":"SUPORTE DE FIXAÇÃO PARA BARRA CHATA TEL726"},"COT-SPDA-001","COTAÇÃO",{"$f":"IF(G2365=\"SINAPI\",VLOOKUP($F2365,DADOS_SINAPI,3,0),IF(G2365=\"SETOP\",VLOOKUP($F2365,DADOS_SETOP,3,0),IF(G2365=\"CPU\",VLOOKUP($F2365,DADOS_COMPOSICAO,10,0),IF(G2365=\"SICRO\",VLOOKUP($F2365,DADOS_SICRO,3,0),IF(G2365=\"SUDECAP\",VLOOKUP(F2365,DADOS_SUDECAP,3,0),IF(G2365=\"COTAÇÃO\",VLOOKUP($F2365,DADOS_COTACAO,9,0),\"\"))))))","v":"UN "},{"$f":"F2367","v":34},{"$f":"TRUNC(IF(G2365=\"SINAPI\",VLOOKUP($F2365,DADOS_SINAPI,4,0),IF(G2365=\"SETOP\",VLOOKUP($F2365,DADOS_SETOP,4,0),IF(G2365=\"CPU\",VLOOKUP($F2365,DADOS_COMPOSICAO,13,0),IF(G2365=\"SICRO\",VLOOKUP($F2365,DADOS_SICRO,4,0),IF(G2365=\"SUDECAP\",VLOOKUP(F2365,DADOS_SUDECAP,4,0),IF(G2365=\"COTAÇÃO\",VLOOKUP(F2365,DADOS_COTACAO,12,0),\"\")))))),2)","v":30.58},"BDI 1",{"$f":"TRUNC(J2365*(1+$N$17),2)","v":38.68},{"$f":"IFERROR(TRUNC(I2365*J2365,2),\"\")","v":1039.72},1315.12]
[2000]
[2000,null,null,null,"Total",34,"un"]
[2000]
[{"$f":"IFERROR(LEFT(D2369,SEARCH(\".\",D2369)-1),\"\")","v":"22"},{"$f":"IFERROR(LEFT(RIGHT(D2369,LEN(D2369)-SEARCH(\".\",D2369)),SEARCH(\".\",RIGHT(D2369,LEN(D2369)-SEARCH(\".\",D2369)))-1),\"\")","v":"3"},{"$f":"IFERROR(IF(LEN(D2369)-LEN(SUBSTITUTE(D2369,\".\",\"\"))<>3,\"\",MID(D2369,SEARCH(\".\",D2369,SEARCH(\".\",D2369)+1)+1,LEN(D2369)-SEARCH(\".\",D2369,SEARCH(\".\",D2369)+1)-(LEN(D2369)-(SEARCH(\".\",D2369,SEARCH(\".\",D2369,SEARCH(\".\",D2369)+1)+1)-1)))),\"\")","v":""},"22.3.5",{"$f":"IF($G2369=\"SINAPI\",VLOOKUP($F2369,DADOS_SINAPI,2,0),IF(G2369=\"SETOP\",VLOOKUP($F2369,DADOS_SETOP,2,0),IF(G2369=\"CPU\",VLOOKUP($F2369,DADOS_COMPOSICAO,2,0),IF(G2369=\"SICRO\",VLOOKUP($F2369,DADOS_SICRO,2,0),IF(G2369=\"SUDECAP\",VLOOKUP(F2369,DADOS_SUDECAP,2,0),IF(G2369=\"COTAÇÃO\",VLOOKUP($F2369,DADOS_COTACAO,2,0),\"\"))))))","v":"INSTALAÇÃO SUPORTE DE FIXAÇÃO PARA BARRA CHATA TEL726"},"SPDA-001","CPU",{"$f":"IF(G2369=\"SINAPI\",VLOOKUP($F2369,DADOS_SINAPI,3,0),IF(G2369=\"SETOP\",VLOOKUP($F2369,DADOS_SETOP,3,0),IF(G2369=\"CPU\",VLOOKUP($F2369,DADOS_COMPOSICAO,10,0),IF(G2369=\"SICRO\",VLOOKUP($F2369,DADOS_SICRO,3,0),IF(G2369=\"SUDECAP\",VLOOKUP(F2369,DADOS_SUDECAP,3,0),IF(G2369=\"COTAÇÃO\",VLOOKUP($F2369,DADOS_COTACAO,9,0),\"\"))))))","v":"UN"},{"$f":"F2371","v":34},{"$f":"TRUNC(IF(G2369=\"SINAPI\",VLOOKUP($F2369,DADOS_SINAPI,4,0),IF(G2369=\"SETOP\",VLOOKUP($F2369,DADOS_SETOP,4,0),IF(G2369=\"CPU\",VLOOKUP($F2369,DADOS_COMPOSICAO,13,0),IF(G2369=\"SICRO\",VLOOKUP($F2369,DADOS_SICRO,4,0),IF(G2369=\"SUDECAP\",VLOOKUP(F2369,DADOS_SUDECAP,4,0),IF(G2369=\"COTAÇÃO\",VLOOKUP(F2369,DADOS_COTACAO,12,0),\"\")))))),2)","v":36.15},"BDI 1",{"$f":"TRUNC(J2369*(1+$N$17),2)","v":45.73},{"$f":"IFERROR(TRUNC(I2369*J2369,2),\"\")","v":1229.0999999999999},1554.82]
[2000]
[2000,null,null,null,"Total",34,"un"]
[2000]
[{"$f":"IFERROR(LEFT(D2373,SEARCH(\".\",D2373)-1),\"\")","v":"22"},{"$f":"IFERROR(LEFT(RIGHT(D2373,LEN(D2373)-SEARCH(\".\",D2373)),SEARCH(\".\",RIGHT(D2373,LEN(D2373)-SEARCH(\".\",D2373)))-1),\"\")","v":"3"},{"$f":"IFERROR(IF(LEN(D2373)-LEN(SUBSTITUTE(D2373,\".\",\"\"))<>3,\"\",MID(D2373,SEARCH(\".\",D2373,SEARCH(\".\",D2373)+1)+1,LEN(D2373)-SEARCH(\".\",D2373,SEARCH(\".\",D2373)+1)-(LEN(D2373)-(SEARCH(\".\",D2373,SEARCH(\".\",D2373,SEARCH(\".\",D2373)+1)+1)-1)))),\"\")","v":""},"22.3.6",{"$f":"IF($G2373=\"SINAPI\",VLOOKUP($F2373,DADOS_SINAPI,2,0),IF(G2373=\"SETOP\",VLOOKUP($F2373,DADOS_SETOP,2,0),IF(G2373=\"CPU\",VLOOKUP($F2373,DADOS_COMPOSICAO,2,0),IF(G2373=\"SICRO\",VLOOKUP($F2373,DADOS_SICRO,2,0),IF(G2373=\"SUDECAP\",VLOOKUP(F2373,DADOS_SUDECAP,2,0),IF(G2373=\"COTAÇÃO\",VLOOKUP($F2373,DADOS_COTACAO,2,0),\"\"))))))","v":"RE-BAR 8MM X 4M COM 3 CLIPS PARA EMENDA 8-10MM"},"ED-51021","SETOP",{"$f":"IF(G2373=\"SINAPI\",VLOOKUP($F2373,DADOS_SINAPI,3,0),IF(G2373=\"SETOP\",VLOOKUP($F2373,DADOS_SETOP,3,0),IF(G2373=\"CPU\",VLOOKUP($F2373,DADOS_COMPOSICAO,10,0),IF(G2373=\"SICRO\",VLOOKUP($F2373,DADOS_SICRO,3,0),IF(G2373=\"SUDECAP\",VLOOKUP(F2373,DADOS_SUDECAP,3,0),IF(G2373=\"COTAÇÃO\",VLOOKUP($F2373,DADOS_COTACAO,9,0),\"\"))))))","v":"U"},{"$f":"F2375","v":31},{"$f":"TRUNC(IF(G2373=\"SINAPI\",VLOOKUP($F2373,DADOS_SINAPI,4,0),IF(G2373=\"SETOP\",VLOOKUP($F2373,DADOS_SETOP,4,0),IF(G2373=\"CPU\",VLOOKUP($F2373,DADOS_COMPOSICAO,13,0),IF(G2373=\"SICRO\",VLOOKUP($F2373,DADOS_SICRO,4,0),IF(G2373=\"SUDECAP\",VLOOKUP(F2373,DADOS_SUDECAP,4,0),IF(G2373=\"COTAÇÃO\",VLOOKUP(F2373,DADOS_COTACAO,12,0),\"\")))))),2)","v":56.11},"BDI 1",{"$f":"TRUNC(J2373*(1+$N$17),2)","v":70.989999999999995},{"$f":"IFERROR(TRUNC(I2373*J2373,2),\"\")","v":1739.41},2200.69]
[2000]
[2000,null,null,null,"Total",{"$f":"ROUNDUP(123.03/4,0)","v":31},"un"]
[2000]
[{"$f":"IFERROR(LEFT(D2377,SEARCH(\".\",D2377)-1),\"\")","v":"22"},{"$f":"IFERROR(LEFT(RIGHT(D2377,LEN(D2377)-SEARCH(\".\",D2377)),SEARCH(\".\",RIGHT(D2377,LEN(D2377)-SEARCH(\".\",D2377)))-1),\"\")","v":"3"},{"$f":"IFERROR(IF(LEN(D2377)-LEN(SUBSTITUTE(D2377,\".\",\"\"))<>3,\"\",MID(D2377,SEARCH(\".\",D2377,SEARCH(\".\",D2377)+1)+1,LEN(D2377)-SEARCH(\".\",D2377,SEARCH(\".\",D2377)+1)-(LEN(D2377)-(SEARCH(\".\",D2377,SEARCH(\".\",D2377,SEARCH(\".\",D2377)+1)+1)-1)))),\"\")","v":""},"22.3.7",{"$f":"IF($G2377=\"SINAPI\",VLOOKUP($F2377,DADOS_SINAPI,2,0),IF(G2377=\"SETOP\",VLOOKUP($F2377,DADOS_SETOP,2,0),IF(G2377=\"CPU\",VLOOKUP($F2377,DADOS_COMPOSICAO,2,0),IF(G2377=\"SICRO\",VLOOKUP($F2377,DADOS_SICRO,2,0),IF(G2377=\"SUDECAP\",VLOOKUP(F2377,DADOS_SUDECAP,2,0),IF(G2377=\"COTAÇÃO\",VLOOKUP($F2377,DADOS_COTACAO,2,0),\"\"))))))","v":"CONECTOR ATERRINSERT"},"COT-SPDA-002","COTAÇÃO",{"$f":"IF(G2377=\"SINAPI\",VLOOKUP($F2377,DADOS_SINAPI,3,0),IF(G2377=\"SETOP\",VLOOKUP($F2377,DADOS_SETOP,3,0),IF(G2377=\"CPU\",VLOOKUP($F2377,DADOS_COMPOSICAO,10,0),IF(G2377=\"SICRO\",VLOOKUP($F2377,DADOS_SICRO,3,0),IF(G2377=\"SUDECAP\",VLOOKUP(F2377,DADOS_SUDECAP,3,0),IF(G2377=\"COTAÇÃO\",VLOOKUP($F2377,DADOS_COTACAO,9,0),\"\"))))))","v":"UN "},{"$f":"F2379","v":30},{"$f":"TRUNC(IF(G2377=\"SINAPI\",VLOOKUP($F2377,DADOS_SINAPI,4,0),IF(G2377=\"SETOP\",VLOOKUP($F2377,DADOS_SETOP,4,0),IF(G2377=\"CPU\",VLOOKUP($F2377,DADOS_COMPOSICAO,13,0),IF(G2377=\"SICRO\",VLOOKUP($F2377,DADOS_SICRO,4,0),IF(G2377=\"SUDECAP\",VLOOKUP(F2377,DADOS_SUDECAP,4,0),IF(G2377=\"COTAÇÃO\",VLOOKUP(F2377,DADOS_COTACAO,12,0),\"\")))))),2)","v":67},"BDI 1",{"$f":"TRUNC(J2377*(1+$N$17),2)","v":84.76},{"$f":"IFERROR(TRUNC(I2377*J2377,2),\"\")","v":2010},2542.8000000000002]
[2000]
[2000,null,null,null,"Total",30,"un"]
[2000]
[{"$f":"IFERROR(LEFT(D2381,SEARCH(\".\",D2381)-1),\"\")","v":"22"},{"$f":"IFERROR(LEFT(RIGHT(D2381,LEN(D2381)-SEARCH(\".\",D2381)),SEARCH(\".\",RIGHT(D2381,LEN(D2381)-SEARCH(\".\",D2381)))-1),\"\")","v":"3"},{"$f":"IFERROR(IF(LEN(D2381)-LEN(SUBSTITUTE(D2381,\".\",\"\"))<>3,\"\",MID(D2381,SEARCH(\".\",D2381,SEARCH(\".\",D2381)+1)+1,LEN(D2381)-SEARCH(\".\",D2381,SEARCH(\".\",D2381)+1)-(LEN(D2381)-(SEARCH(\".\",D2381,SEARCH(\".\",D2381,SEARCH(\".\",D2381)+1)+1)-1)))),\"\")","v":""},"22.3.8",{"$f":"IF($G2381=\"SINAPI\",VLOOKUP($F2381,DADOS_SINAPI,2,0),IF(G2381=\"SETOP\",VLOOKUP($F2381,DADOS_SETOP,2,0),IF(G2381=\"CPU\",VLOOKUP($F2381,DADOS_COMPOSICAO,2,0),IF(G2381=\"SICRO\",VLOOKUP($F2381,DADOS_SICRO,2,0),IF(G2381=\"SUDECAP\",VLOOKUP(F2381,DADOS_SUDECAP,2,0),IF(G2381=\"COTAÇÃO\",VLOOKUP($F2381,DADOS_COTACAO,2,0),\"\"))))))","v":"INSTALAÇÃO CONECTOR ATERRINSERT"},"SPDA-002","CPU",{"$f":"IF(G2381=\"SINAPI\",VLOOKUP($F2381,DADOS_SINAPI,3,0),IF(G2381=\"SETOP\",VLOOKUP($F2381,DADOS_SETOP,3,0),IF(G2381=\"CPU\",VLOOKUP($F2381,DADOS_COMPOSICAO,10,0),IF(G2381=\"SICRO\",VLOOKUP($F2381,DADOS_SICRO,3,0),IF(G2381=\"SUDECAP\",VLOOKUP(F2381,DADOS_SUDECAP,3,0),IF(G2381=\"COTAÇÃO\",VLOOKUP($F2381,DADOS_COTACAO,9,0),\"\"))))))","v":"UN"},{"$f":"F2383","v":30},{"$f":"TRUNC(IF(G2381=\"SINAPI\",VLOOKUP($F2381,DADOS_SINAPI,4,0),IF(G2381=\"SETOP\",VLOOKUP($F2381,DADOS_SETOP,4,0),IF(G2381=\"CPU\",VLOOKUP($F2381,DADOS_COMPOSICAO,13,0),IF(G2381=\"SICRO\",VLOOKUP($F2381,DADOS_SICRO,4,0),IF(G2381=\"SUDECAP\",VLOOKUP(F2381,DADOS_SUDECAP,4,0),IF(G2381=\"COTAÇÃO\",VLOOKUP(F2381,DADOS_COTACAO,12,0),\"\")))))),2)","v":46.7},"BDI 1",{"$f":"TRUNC(J2381*(1+$N$17),2)","v":59.08},{"$f":"IFERROR(TRUNC(I2381*J2381,2),\"\")","v":1401},1772.3999999999999]
[2000]
[2000,null,null,null,"Total",30,"un"]
[2000]
[null,null,null,"22.4","ELETRODUTO",null,null,null,null,null,null,null,{"$f":"IFERROR(SUMIFS(M:M,A:A,LEFT(D2385,SEARCH(\".\",D2385)-1),B:B,RIGHT(D2385,LEN(D2385)-SEARCH(\".\",D2385))),\"\")","v":490.59},{"$f":"IFERROR(SUMIFS(N:N,A:A,LEFT(D2385,SEARCH(\".\",D2385)-1),B:B,RIGHT(D2385,LEN(D2385)-SEARCH(\".\",D2385))),\"\")","v":620.52}]
[{"$f":"IFERROR(LEFT(D2386,SEARCH(\".\",D2386)-1),\"\")","v":"22"},{"$f":"IFERROR(LEFT(RIGHT(D2386,LEN(D2386)-SEARCH(\".\",D2386)),SEARCH(\".\",RIGHT(D2386,LEN(D2386)-SEARCH(\".\",D2386)))-1),\"\")","v":"4"},{"$f":"IFERROR(IF(LEN(D2386)-LEN(SUBSTITUTE(D2386,\".\",\"\"))<>3,\"\",MID(D2386,SEARCH(\".\",D2386,SEARCH(\".\",D2386)+1)+1,LEN(D2386)-SEARCH(\".\",D2386,SEARCH(\".\",D2386)+1)-(LEN(D2386)-(SEARCH(\".\",D2386,SEARCH(\".\",D2386,SEARCH(\".\",D2386)+1)+1)-1)))),\"\")","v":""},"22.4.1",{"$f":"IF($G2386=\"SINAPI\",VLOOKUP($F2386,DADOS_SINAPI,2,0),IF(G2386=\"SETOP\",VLOOKUP($F2386,DADOS_SETOP,2,0),IF(G2386=\"CPU\",VLOOKUP($F2386,DADOS_COMPOSICAO,2,0),IF(G2386=\"SICRO\",VLOOKUP($F2386,DADOS_SICRO,2,0),IF(G2386=\"SUDECAP\",VLOOKUP(F2386,DADOS_SUDECAP,2,0),IF(G2386=\"COTAÇÃO\",VLOOKUP($F2386,DADOS_COTACAO,2,0),\"\"))))))","v":"ELETRODUTO RÍGIDO ROSCÁVEL, PVC, DN 32 MM (1\"), PARA CIRCUITOS TERMINAIS, INSTALADO EM FORRO - FORNECIMENTO E INSTALAÇÃO. AF_03/2023"},91864,"SINAPI",{"$f":"IF(G2386=\"SINAPI\",VLOOKUP($F2386,DADOS_SINAPI,3,0),IF(G2386=\"SETOP\",VLOOKUP($F2386,DADOS_SETOP,3,0),IF(G2386=\"CPU\",VLOOKUP($F2386,DADOS_COMPOSICAO,10,0),IF(G2386=\"SICRO\",VLOOKUP($F2386,DADOS_SICRO,3,0),IF(G2386=\"SUDECAP\",VLOOKUP(F2386,DADOS_SUDECAP,3,0),IF(G2386=\"COTAÇÃO\",VLOOKUP($F2386,DADOS_COTACAO,9,0),\"\"))))))","v":"M"},{"$f":"F2388","v":12},{"$f":"TRUNC(IF(G2386=\"SINAPI\",VLOOKUP($F2386,DADOS_SINAPI,4,0),IF(G2386=\"SETOP\",VLOOKUP($F2386,DADOS_SETOP,4,0),IF(G2386=\"CPU\",VLOOKUP($F2386,DADOS_COMPOSICAO,13,0),IF(G2386=\"SICRO\",VLOOKUP($F2386,DADOS_SICRO,4,0),IF(G2386=\"SUDECAP\",VLOOKUP(F2386,DADOS_SUDECAP,4,0),IF(G2386=\"COTAÇÃO\",VLOOKUP(F2386,DADOS_COTACAO,12,0),\"\")))))),2)","v":15.48},"BDI 1",{"$f":"TRUNC(J2386*(1+$N$17),2)","v":19.579999999999998},{"$f":"IFERROR(TRUNC(I2386*J2386,2),\"\")","v":185.76},{"$f":"L2386*I2386","v":234.95999999999998}]
[2000]
[2000,null,null,null,"Total",12,"m"]
[2000]
[{"$f":"IFERROR(LEFT(D2390,SEARCH(\".\",D2390)-1),\"\")","v":"22"},{"$f":"IFERROR(LEFT(RIGHT(D2390,LEN(D2390)-SEARCH(\".\",D2390)),SEARCH(\".\",RIGHT(D2390,LEN(D2390)-SEARCH(\".\",D2390)))-1),\"\")","v":"4"},{"$f":"IFERROR(IF(LEN(D2390)-LEN(SUBSTITUTE(D2390,\".\",\"\"))<>3,\"\",MID(D2390,SEARCH(\".\",D2390,SEARCH(\".\",D2390)+1)+1,LEN(D2390)-SEARCH(\".\",D2390,SEARCH(\".\",D2390)+1)-(LEN(D2390)-(SEARCH(\".\",D2390,SEARCH(\".\",D2390,SEARCH(\".\",D2390)+1)+1)-1)))),\"\")","v":""},"22.4.2",{"$f":"IF($G2390=\"SINAPI\",VLOOKUP($F2390,DADOS_SINAPI,2,0),IF(G2390=\"SETOP\",VLOOKUP($F2390,DADOS_SETOP,2,0),IF(G2390=\"CPU\",VLOOKUP($F2390,DADOS_COMPOSICAO,2,0),IF(G2390=\"SICRO\",VLOOKUP($F2390,DADOS_SICRO,2,0),IF(G2390=\"SUDECAP\",VLOOKUP(F2390,DADOS_SUDECAP,2,0),IF(G2390=\"COTAÇÃO\",VLOOKUP($F2390,DADOS_COTACAO,2,0),\"\"))))))","v":"ELETRODUTO RÍGIDO ROSCÁVEL, PVC, DN 25 MM (3/4\"), PARA CIRCUITOS TERMINAIS, INSTALADO EM FORRO - FORNECIMENTO E INSTALAÇÃO. AF_03/2023"},91863,"SINAPI",{"$f":"IF(G2390=\"SINAPI\",VLOOKUP($F2390,DADOS_SINAPI,3,0),IF(G2390=\"SETOP\",VLOOKUP($F2390,DADOS_SETOP,3,0),IF(G2390=\"CPU\",VLOOKUP($F2390,DADOS_COMPOSICAO,10,0),IF(G2390=\"SICRO\",VLOOKUP($F2390,DADOS_SICRO,3,0),IF(G2390=\"SUDECAP\",VLOOKUP(F2390,DADOS_SUDECAP,3,0),IF(G2390=\"COTAÇÃO\",VLOOKUP($F2390,DADOS_COTACAO,9,0),\"\"))))))","v":"M"},{"$f":"F2392","v":27},{"$f":"TRUNC(IF(G2390=\"SINAPI\",VLOOKUP($F2390,DADOS_SINAPI,4,0),IF(G2390=\"SETOP\",VLOOKUP($F2390,DADOS_SETOP,4,0),IF(G2390=\"CPU\",VLOOKUP($F2390,DADOS_COMPOSICAO,13,0),IF(G2390=\"SICRO\",VLOOKUP($F2390,DADOS_SICRO,4,0),IF(G2390=\"SUDECAP\",VLOOKUP(F2390,DADOS_SUDECAP,4,0),IF(G2390=\"COTAÇÃO\",VLOOKUP(F2390,DADOS_COTACAO,12,0),\"\")))))),2)","v":11.29},"BDI 1",{"$f":"TRUNC(J2390*(1+$N$17),2)","v":14.28},{"$f":"IFERROR(TRUNC(I2390*J2390,2),\"\")","v":304.83},{"$f":"L2390*I2390","v":385.56}]
[2000]
[2000,null,null,null,"Total",27,"m"]
[2000]
[1000,null,null,23,"SISTEMA DE PROTEÇÃO CONTRA INCÊNDIO E PÂNICO",null,null,null,null,null,null,null,{"$f":"SUMIF(A:A,D2394,M:M)","v":1403.9099999999999},{"$f":"SUMIF(A:A,D2394,N:N)","v":1776.05}]
[null,null,null,"23.1","ILUMINAÇÃO DE EMERGÊNCIA",null,null,null,null,null,null,null,{"$f":"IFERROR(SUMIFS(M:M,A:A,LEFT(D2395,SEARCH(\".\",D2395)-1),B:B,RIGHT(D2395,LEN(D2395)-SEARCH(\".\",D2395))),\"\")","v":127.68},{"$f":"IFERROR(SUMIFS(N:N,A:A,LEFT(D2395,SEARCH(\".\",D2395)-1),B:B,RIGHT(D2395,LEN(D2395)-SEARCH(\".\",D2395))),\"\")","v":161.49}]
[{"$f":"IFERROR(LEFT(D2396,SEARCH(\".\",D2396)-1),\"\")","v":"23"},{"$f":"IFERROR(LEFT(RIGHT(D2396,LEN(D2396)-SEARCH(\".\",D2396)),SEARCH(\".\",RIGHT(D2396,LEN(D2396)-SEARCH(\".\",D2396)))-1),\"\")","v":"1"},{"$f":"IFERROR(IF(LEN(D2396)-LEN(SUBSTITUTE(D2396,\".\",\"\"))<>3,\"\",MID(D2396,SEARCH(\".\",D2396,SEARCH(\".\",D2396)+1)+1,LEN(D2396)-SEARCH(\".\",D2396,SEARCH(\".\",D2396)+1)-(LEN(D2396)-(SEARCH(\".\",D2396,SEARCH(\".\",D2396,SEARCH(\".\",D2396)+1)+1)-1)))),\"\")","v":""},"23.1.1",{"$f":"IF($G2396=\"SINAPI\",VLOOKUP($F2396,DADOS_SINAPI,2,0),IF(G2396=\"SETOP\",VLOOKUP($F2396,DADOS_SETOP,2,0),IF(G2396=\"CPU\",VLOOKUP($F2396,DADOS_COMPOSICAO,2,0),IF(G2396=\"SICRO\",VLOOKUP($F2396,DADOS_SICRO,2,0),IF(G2396=\"SUDECAP\",VLOOKUP(F2396,DADOS_SUDECAP,2,0),IF(G2396=\"COTAÇÃO\",VLOOKUP($F2396,DADOS_COTACAO,2,0),\"\"))))))","v":"LUMINÁRIA DE EMERGÊNCIA, COM 30 LÂMPADAS LED DE 2 W, SEM REATOR - FORNECIMENTO E INSTALAÇÃO. AF_09/2024"},97599,"SINAPI",{"$f":"IF(G2396=\"SINAPI\",VLOOKUP($F2396,DADOS_SINAPI,3,0),IF(G2396=\"SETOP\",VLOOKUP($F2396,DADOS_SETOP,3,0),IF(G2396=\"CPU\",VLOOKUP($F2396,DADOS_COMPOSICAO,10,0),IF(G2396=\"SICRO\",VLOOKUP($F2396,DADOS_SICRO,3,0),IF(G2396=\"SUDECAP\",VLOOKUP(F2396,DADOS_SUDECAP,3,0),IF(G2396=\"COTAÇÃO\",VLOOKUP($F2396,DADOS_COTACAO,9,0),\"\"))))))","v":"UN"},{"$f":"F2398","v":7},{"$f":"TRUNC(IF(G2396=\"SINAPI\",VLOOKUP($F2396,DADOS_SINAPI,4,0),IF(G2396=\"SETOP\",VLOOKUP($F2396,DADOS_SETOP,4,0),IF(G2396=\"CPU\",VLOOKUP($F2396,DADOS_COMPOSICAO,13,0),IF(G2396=\"SICRO\",VLOOKUP($F2396,DADOS_SICRO,4,0),IF(G2396=\"SUDECAP\",VLOOKUP(F2396,DADOS_SUDECAP,4,0),IF(G2396=\"COTAÇÃO\",VLOOKUP(F2396,DADOS_COTACAO,12,0),\"\")))))),2)","v":18.239999999999998},"BDI 1",{"$f":"TRUNC(J2396*(1+$N$17),2)","v":23.07},{"$f":"IFERROR(TRUNC(I2396*J2396,2),\"\")","v":127.68},{"$f":"L2396*I2396","v":161.49}]
[2000]
[2000,null,null,null,"Quantidade",7,"un"]
[2000]
[null,null,null,"23.2","SINALIZAÇÃO DE EMERGÊNCIA",null,null,null,null,null,null,null,{"$f":"IFERROR(SUMIFS(M:M,A:A,LEFT(D2400,SEARCH(\".\",D2400)-1),B:B,RIGHT(D2400,LEN(D2400)-SEARCH(\".\",D2400))),\"\")","v":411.05999999999995},{"$f":"IFERROR(SUMIFS(N:N,A:A,LEFT(D2400,SEARCH(\".\",D2400)-1),B:B,RIGHT(D2400,LEN(D2400)-SEARCH(\".\",D2400))),\"\")","v":519.98}]
[null,null,null,"23.2.1","SINALIZAÇÃO DE ALERTA",null,null,null,null,null,null,null,{"$f":"IFERROR(SUMIFS(M:M,A:A,LEFT(D2401,SEARCH(\".\",D2401)-1),B:B,LEFT(RIGHT(D2401,LEN(D2401)-SEARCH(\".\",D2401)),SEARCH(\".\",RIGHT(D2401,LEN(D2401)-SEARCH(\".\",D2401)))-1),C:C,RIGHT(D2401,LEN(D2401)-SEARCH(\".\",D2401,SEARCH(\".\",D2401)+1))),\"\")","v":15.98},{"$f":"IFERROR(SUMIFS(N:N,A:A,LEFT(D2401,SEARCH(\".\",D2401)-1),B:B,LEFT(RIGHT(D2401,LEN(D2401)-SEARCH(\".\",D2401)),SEARCH(\".\",RIGHT(D2401,LEN(D2401)-SEARCH(\".\",D2401)))-1),C:C,RIGHT(D2401,LEN(D2401)-SEARCH(\".\",D2401,SEARCH(\".\",D2401)+1))),\"\")","v":20.21}]
[{"$f":"IFERROR(LEFT(D2402,SEARCH(\".\",D2402)-1),\"\")","v":"23"},{"$f":"IFERROR(LEFT(RIGHT(D2402,LEN(D2402)-SEARCH(\".\",D2402)),SEARCH(\".\",RIGHT(D2402,LEN(D2402)-SEARCH(\".\",D2402)))-1),\"\")","v":"2"},{"$f":"IFERROR(IF(LEN(D2402)-LEN(SUBSTITUTE(D2402,\".\",\"\"))<>3,\"\",MID(D2402,SEARCH(\".\",D2402,SEARCH(\".\",D2402)+1)+1,LEN(D2402)-SEARCH(\".\",D2402,SEARCH(\".\",D2402)+1)-(LEN(D2402)-(SEARCH(\".\",D2402,SEARCH(\".\",D2402,SEARCH(\".\",D2402)+1)+1)-1)))),\"\")","v":"1"},"23.2.1.1",{"$f":"IF($G2402=\"SINAPI\",VLOOKUP($F2402,DADOS_SINAPI,2,0),IF(G2402=\"SETOP\",VLOOKUP($F2402,DADOS_SETOP,2,0),IF(G2402=\"CPU\",VLOOKUP($F2402,DADOS_COMPOSICAO,2,0),IF(G2402=\"SICRO\",VLOOKUP($F2402,DADOS_SICRO,2,0),IF(G2402=\"SUDECAP\",VLOOKUP(F2402,DADOS_SUDECAP,2,0),IF(G2402=\"COTAÇÃO\",VLOOKUP($F2402,DADOS_COTACAO,2,0),\"\"))))))","v":"PLACA FOTOLUMINESCENTE PARA SINALIZAÇÃO DE EMERGÊNCIA, TIPO \"A5\", DIMENSÃO DA BASE 300MM, INCLUSIVE FIXAÇÃO"},"ED-29387","SETOP",{"$f":"IF(G2402=\"SINAPI\",VLOOKUP($F2402,DADOS_SINAPI,3,0),IF(G2402=\"SETOP\",VLOOKUP($F2402,DADOS_SETOP,3,0),IF(G2402=\"CPU\",VLOOKUP($F2402,DADOS_COMPOSICAO,10,0),IF(G2402=\"SICRO\",VLOOKUP($F2402,DADOS_SICRO,3,0),IF(G2402=\"SUDECAP\",VLOOKUP(F2402,DADOS_SUDECAP,3,0),IF(G2402=\"COTAÇÃO\",VLOOKUP($F2402,DADOS_COTACAO,9,0),\"\"))))))","v":"un"},{"$f":"F2404","v":1},{"$f":"TRUNC(IF(G2402=\"SINAPI\",VLOOKUP($F2402,DADOS_SINAPI,4,0),IF(G2402=\"SETOP\",VLOOKUP($F2402,DADOS_SETOP,4,0),IF(G2402=\"CPU\",VLOOKUP($F2402,DADOS_COMPOSICAO,13,0),IF(G2402=\"SICRO\",VLOOKUP($F2402,DADOS_SICRO,4,0),IF(G2402=\"SUDECAP\",VLOOKUP(F2402,DADOS_SUDECAP,4,0),IF(G2402=\"COTAÇÃO\",VLOOKUP(F2402,DADOS_COTACAO,12,0),\"\")))))),2)","v":15.98},"BDI 1",{"$f":"TRUNC(J2402*(1+$N$17),2)","v":20.21},{"$f":"IFERROR(TRUNC(I2402*J2402,2),\"\")","v":15.98},{"$f":"L2402*I2402","v":20.21}]
[2000]
[2000,null,null,null,"Quantidade",1,"un"]
[2000]
[null,null,null,"23.2.2","SINALIZAÇÃO DE PROIBIÇÃO",null,null,null,null,null,null,null,{"$f":"IFERROR(SUMIFS(M:M,A:A,LEFT(D2406,SEARCH(\".\",D2406)-1),B:B,LEFT(RIGHT(D2406,LEN(D2406)-SEARCH(\".\",D2406)),SEARCH(\".\",RIGHT(D2406,LEN(D2406)-SEARCH(\".\",D2406)))-1),C:C,RIGHT(D2406,LEN(D2406)-SEARCH(\".\",D2406,SEARCH(\".\",D2406)+1))),\"\")","v":42.75},{"$f":"IFERROR(SUMIFS(N:N,A:A,LEFT(D2406,SEARCH(\".\",D2406)-1),B:B,LEFT(RIGHT(D2406,LEN(D2406)-SEARCH(\".\",D2406)),SEARCH(\".\",RIGHT(D2406,LEN(D2406)-SEARCH(\".\",D2406)))-1),C:C,RIGHT(D2406,LEN(D2406)-SEARCH(\".\",D2406,SEARCH(\".\",D2406)+1))),\"\")","v":54.080000000000005}]
[{"$f":"IFERROR(LEFT(D2407,SEARCH(\".\",D2407)-1),\"\")","v":"23"},{"$f":"IFERROR(LEFT(RIGHT(D2407,LEN(D2407)-SEARCH(\".\",D2407)),SEARCH(\".\",RIGHT(D2407,LEN(D2407)-SEARCH(\".\",D2407)))-1),\"\")","v":"2"},{"$f":"IFERROR(IF(LEN(D2407)-LEN(SUBSTITUTE(D2407,\".\",\"\"))<>3,\"\",MID(D2407,SEARCH(\".\",D2407,SEARCH(\".\",D2407)+1)+1,LEN(D2407)-SEARCH(\".\",D2407,SEARCH(\".\",D2407)+1)-(LEN(D2407)-(SEARCH(\".\",D2407,SEARCH(\".\",D2407,SEARCH(\".\",D2407)+1)+1)-1)))),\"\")","v":"2"},"23.2.2.1",{"$f":"IF($G2407=\"SINAPI\",VLOOKUP($F2407,DADOS_SINAPI,2,0),IF(G2407=\"SETOP\",VLOOKUP($F2407,DADOS_SETOP,2,0),IF(G2407=\"CPU\",VLOOKUP($F2407,DADOS_COMPOSICAO,2,0),IF(G2407=\"SICRO\",VLOOKUP($F2407,DADOS_SICRO,2,0),IF(G2407=\"SUDECAP\",VLOOKUP(F2407,DADOS_SUDECAP,2,0),IF(G2407=\"COTAÇÃO\",VLOOKUP($F2407,DADOS_COTACAO,2,0),\"\"))))))","v":"PLACA FOTOLUMINESCENTE PARA SINALIZAÇÃO DE EMERGÊNCIA, TIPO \"P1\", DIÂMETRO DE 300MM, EXCLUSIVE FIXAÇÃO"},"COT-INC-001","COTAÇÃO",{"$f":"IF(G2407=\"SINAPI\",VLOOKUP($F2407,DADOS_SINAPI,3,0),IF(G2407=\"SETOP\",VLOOKUP($F2407,DADOS_SETOP,3,0),IF(G2407=\"CPU\",VLOOKUP($F2407,DADOS_COMPOSICAO,10,0),IF(G2407=\"SICRO\",VLOOKUP($F2407,DADOS_SICRO,3,0),IF(G2407=\"SUDECAP\",VLOOKUP(F2407,DADOS_SUDECAP,3,0),IF(G2407=\"COTAÇÃO\",VLOOKUP($F2407,DADOS_COTACAO,9,0),\"\"))))))","v":"UN "},{"$f":"F2409","v":1},{"$f":"TRUNC(IF(G2407=\"SINAPI\",VLOOKUP($F2407,DADOS_SINAPI,4,0),IF(G2407=\"SETOP\",VLOOKUP($F2407,DADOS_SETOP,4,0),IF(G2407=\"CPU\",VLOOKUP($F2407,DADOS_COMPOSICAO,13,0),IF(G2407=\"SICRO\",VLOOKUP($F2407,DADOS_SICRO,4,0),IF(G2407=\"SUDECAP\",VLOOKUP(F2407,DADOS_SUDECAP,4,0),IF(G2407=\"COTAÇÃO\",VLOOKUP(F2407,DADOS_COTACAO,12,0),\"\")))))),2)","v":32.68},"BDI 1",{"$f":"TRUNC(J2407*(1+$N$17),2)","v":41.34},{"$f":"IFERROR(TRUNC(I2407*J2407,2),\"\")","v":32.68},{"$f":"L2407*I2407","v":41.34}]
[2000]
[2000,null,null,null,"Quantidade",1,"un"]
[2000]
[{"$f":"IFERROR(LEFT(D2411,SEARCH(\".\",D2411)-1),\"\")","v":"23"},{"$f":"IFERROR(LEFT(RIGHT(D2411,LEN(D2411)-SEARCH(\".\",D2411)),SEARCH(\".\",RIGHT(D2411,LEN(D2411)-SEARCH(\".\",D2411)))-1),\"\")","v":"2"},{"$f":"IFERROR(IF(LEN(D2411)-LEN(SUBSTITUTE(D2411,\".\",\"\"))<>3,\"\",MID(D2411,SEARCH(\".\",D2411,SEARCH(\".\",D2411)+1)+1,LEN(D2411)-SEARCH(\".\",D2411,SEARCH(\".\",D2411)+1)-(LEN(D2411)-(SEARCH(\".\",D2411,SEARCH(\".\",D2411,SEARCH(\".\",D2411)+1)+1)-1)))),\"\")","v":"2"},"23.2.2.2",{"$f":"IF($G2411=\"SINAPI\",VLOOKUP($F2411,DADOS_SINAPI,2,0),IF(G2411=\"SETOP\",VLOOKUP($F2411,DADOS_SETOP,2,0),IF(G2411=\"CPU\",VLOOKUP($F2411,DADOS_COMPOSICAO,2,0),IF(G2411=\"SICRO\",VLOOKUP($F2411,DADOS_SICRO,2,0),IF(G2411=\"SUDECAP\",VLOOKUP(F2411,DADOS_SUDECAP,2,0),IF(G2411=\"COTAÇÃO\",VLOOKUP($F2411,DADOS_COTACAO,2,0),\"\"))))))","v":"FIXAÇÃO DE PLACAS FOTOLUMINESCENTES PARA SINALIZAÇÃO DE EMERGÊNCIA"},"INC-001","CPU",{"$f":"IF(G2411=\"SINAPI\",VLOOKUP($F2411,DADOS_SINAPI,3,0),IF(G2411=\"SETOP\",VLOOKUP($F2411,DADOS_SETOP,3,0),IF(G2411=\"CPU\",VLOOKUP($F2411,DADOS_COMPOSICAO,10,0),IF(G2411=\"SICRO\",VLOOKUP($F2411,DADOS_SICRO,3,0),IF(G2411=\"SUDECAP\",VLOOKUP(F2411,DADOS_SUDECAP,3,0),IF(G2411=\"COTAÇÃO\",VLOOKUP($F2411,DADOS_COTACAO,9,0),\"\"))))))","v":"UN"},{"$f":"F2414","v":1},{"$f":"TRUNC(IF(G2411=\"SINAPI\",VLOOKUP($F2411,DADOS_SINAPI,4,0),IF(G2411=\"SETOP\",VLOOKUP($F2411,DADOS_SETOP,4,0),IF(G2411=\"CPU\",VLOOKUP($F2411,DADOS_COMPOSICAO,13,0),IF(G2411=\"SICRO\",VLOOKUP($F2411,DADOS_SICRO,4,0),IF(G2411=\"SUDECAP\",VLOOKUP(F2411,DADOS_SUDECAP,4,0),IF(G2411=\"COTAÇÃO\",VLOOKUP(F2411,DADOS_COTACAO,12,0),\"\")))))),2)","v":10.07},"BDI 1",{"$f":"TRUNC(J2411*(1+$N$17),2)","v":12.74},{"$f":"IFERROR(TRUNC(I2411*J2411,2),\"\")","v":10.07},{"$f":"L2411*I2411","v":12.74}]
[2000]
[2000,null,null,null,"Placa P1",{"$f":"F2409","v":1},"un"]
[2000,null,null,null,"Quantidade",{"$f":"SUM(F2413:F2413)","v":1},"un"]
[2000]
[null,null,null,"23.2.3","SINALIZAÇÃO DE ORIENTAÇÃO E SALVAMENTO",null,null,null,null,null,null,null,{"$f":"IFERROR(SUMIFS(M:M,A:A,LEFT(D2416,SEARCH(\".\",D2416)-1),B:B,LEFT(RIGHT(D2416,LEN(D2416)-SEARCH(\".\",D2416)),SEARCH(\".\",RIGHT(D2416,LEN(D2416)-SEARCH(\".\",D2416)))-1),C:C,RIGHT(D2416,LEN(D2416)-SEARCH(\".\",D2416,SEARCH(\".\",D2416)+1))),\"\")","v":203.49},{"$f":"IFERROR(SUMIFS(N:N,A:A,LEFT(D2416,SEARCH(\".\",D2416)-1),B:B,LEFT(RIGHT(D2416,LEN(D2416)-SEARCH(\".\",D2416)),SEARCH(\".\",RIGHT(D2416,LEN(D2416)-SEARCH(\".\",D2416)))-1),C:C,RIGHT(D2416,LEN(D2416)-SEARCH(\".\",D2416,SEARCH(\".\",D2416)+1))),\"\")","v":257.40000000000003}]
[{"$f":"IFERROR(LEFT(D2417,SEARCH(\".\",D2417)-1),\"\")","v":"23"},{"$f":"IFERROR(LEFT(RIGHT(D2417,LEN(D2417)-SEARCH(\".\",D2417)),SEARCH(\".\",RIGHT(D2417,LEN(D2417)-SEARCH(\".\",D2417)))-1),\"\")","v":"2"},{"$f":"IFERROR(IF(LEN(D2417)-LEN(SUBSTITUTE(D2417,\".\",\"\"))<>3,\"\",MID(D2417,SEARCH(\".\",D2417,SEARCH(\".\",D2417)+1)+1,LEN(D2417)-SEARCH(\".\",D2417,SEARCH(\".\",D2417)+1)-(LEN(D2417)-(SEARCH(\".\",D2417,SEARCH(\".\",D2417,SEARCH(\".\",D2417)+1)+1)-1)))),\"\")","v":"3"},"23.2.3.1",{"$f":"IF($G2417=\"SINAPI\",VLOOKUP($F2417,DADOS_SINAPI,2,0),IF(G2417=\"SETOP\",VLOOKUP($F2417,DADOS_SETOP,2,0),IF(G2417=\"CPU\",VLOOKUP($F2417,DADOS_COMPOSICAO,2,0),IF(G2417=\"SICRO\",VLOOKUP($F2417,DADOS_SICRO,2,0),IF(G2417=\"SUDECAP\",VLOOKUP(F2417,DADOS_SUDECAP,2,0),IF(G2417=\"COTAÇÃO\",VLOOKUP($F2417,DADOS_COTACAO,2,0),\"\"))))))","v":"PLACA FOTOLUMINESCENTE PARA SINALIZAÇÃO DE EMERGÊNCIA, TIPO \"S2\", DIMENSÃO (380X190)MM, INCLUSIVE FIXAÇÃO"},"ED-50201","SETOP",{"$f":"IF(G2417=\"SINAPI\",VLOOKUP($F2417,DADOS_SINAPI,3,0),IF(G2417=\"SETOP\",VLOOKUP($F2417,DADOS_SETOP,3,0),IF(G2417=\"CPU\",VLOOKUP($F2417,DADOS_COMPOSICAO,10,0),IF(G2417=\"SICRO\",VLOOKUP($F2417,DADOS_SICRO,3,0),IF(G2417=\"SUDECAP\",VLOOKUP(F2417,DADOS_SUDECAP,3,0),IF(G2417=\"COTAÇÃO\",VLOOKUP($F2417,DADOS_COTACAO,9,0),\"\"))))))","v":"un"},{"$f":"F2419","v":6},{"$f":"TRUNC(IF(G2417=\"SINAPI\",VLOOKUP($F2417,DADOS_SINAPI,4,0),IF(G2417=\"SETOP\",VLOOKUP($F2417,DADOS_SETOP,4,0),IF(G2417=\"CPU\",VLOOKUP($F2417,DADOS_COMPOSICAO,13,0),IF(G2417=\"SICRO\",VLOOKUP($F2417,DADOS_SICRO,4,0),IF(G2417=\"SUDECAP\",VLOOKUP(F2417,DADOS_SUDECAP,4,0),IF(G2417=\"COTAÇÃO\",VLOOKUP(F2417,DADOS_COTACAO,12,0),\"\")))))),2)","v":22.61},"BDI 1",{"$f":"TRUNC(J2417*(1+$N$17),2)","v":28.6},{"$f":"IFERROR(TRUNC(I2417*J2417,2),\"\")","v":135.66},{"$f":"L2417*I2417","v":171.60000000000002}]
[2000]
[2000,null,null,null,"Quantidade",6,"un"]
[2000]
[{"$f":"IFERROR(LEFT(D2421,SEARCH(\".\",D2421)-1),\"\")","v":"23"},{"$f":"IFERROR(LEFT(RIGHT(D2421,LEN(D2421)-SEARCH(\".\",D2421)),SEARCH(\".\",RIGHT(D2421,LEN(D2421)-SEARCH(\".\",D2421)))-1),\"\")","v":"2"},{"$f":"IFERROR(IF(LEN(D2421)-LEN(SUBSTITUTE(D2421,\".\",\"\"))<>3,\"\",MID(D2421,SEARCH(\".\",D2421,SEARCH(\".\",D2421)+1)+1,LEN(D2421)-SEARCH(\".\",D2421,SEARCH(\".\",D2421)+1)-(LEN(D2421)-(SEARCH(\".\",D2421,SEARCH(\".\",D2421,SEARCH(\".\",D2421)+1)+1)-1)))),\"\")","v":"3"},"23.2.3.2",{"$f":"IF($G2421=\"SINAPI\",VLOOKUP($F2421,DADOS_SINAPI,2,0),IF(G2421=\"SETOP\",VLOOKUP($F2421,DADOS_SETOP,2,0),IF(G2421=\"CPU\",VLOOKUP($F2421,DADOS_COMPOSICAO,2,0),IF(G2421=\"SICRO\",VLOOKUP($F2421,DADOS_SICRO,2,0),IF(G2421=\"SUDECAP\",VLOOKUP(F2421,DADOS_SUDECAP,2,0),IF(G2421=\"COTAÇÃO\",VLOOKUP($F2421,DADOS_COTACAO,2,0),\"\"))))))","v":"PLACA FOTOLUMINESCENTE PARA SINALIZAÇÃO DE EMERGÊNCIA, TIPO \"S3\", DIMENSÃO (380X190)MM, INCLUSIVE FIXAÇÃO"},"ED-29400","SETOP",{"$f":"IF(G2421=\"SINAPI\",VLOOKUP($F2421,DADOS_SINAPI,3,0),IF(G2421=\"SETOP\",VLOOKUP($F2421,DADOS_SETOP,3,0),IF(G2421=\"CPU\",VLOOKUP($F2421,DADOS_COMPOSICAO,10,0),IF(G2421=\"SICRO\",VLOOKUP($F2421,DADOS_SICRO,3,0),IF(G2421=\"SUDECAP\",VLOOKUP(F2421,DADOS_SUDECAP,3,0),IF(G2421=\"COTAÇÃO\",VLOOKUP($F2421,DADOS_COTACAO,9,0),\"\"))))))","v":"un"},{"$f":"F2423","v":2},{"$f":"TRUNC(IF(G2421=\"SINAPI\",VLOOKUP($F2421,DADOS_SINAPI,4,0),IF(G2421=\"SETOP\",VLOOKUP($F2421,DADOS_SETOP,4,0),IF(G2421=\"CPU\",VLOOKUP($F2421,DADOS_COMPOSICAO,13,0),IF(G2421=\"SICRO\",VLOOKUP($F2421,DADOS_SICRO,4,0),IF(G2421=\"SUDECAP\",VLOOKUP(F2421,DADOS_SUDECAP,4,0),IF(G2421=\"COTAÇÃO\",VLOOKUP(F2421,DADOS_COTACAO,12,0),\"\")))))),2)","v":22.61},"BDI 1",{"$f":"TRUNC(J2421*(1+$N$17),2)","v":28.6},{"$f":"IFERROR(TRUNC(I2421*J2421,2),\"\")","v":45.22},{"$f":"L2421*I2421","v":57.2}]
[2000]
[2000,null,null,null,"Quantidade",2,"un"]
[2000]
[{"$f":"IFERROR(LEFT(D2425,SEARCH(\".\",D2425)-1),\"\")","v":"23"},{"$f":"IFERROR(LEFT(RIGHT(D2425,LEN(D2425)-SEARCH(\".\",D2425)),SEARCH(\".\",RIGHT(D2425,LEN(D2425)-SEARCH(\".\",D2425)))-1),\"\")","v":"2"},{"$f":"IFERROR(IF(LEN(D2425)-LEN(SUBSTITUTE(D2425,\".\",\"\"))<>3,\"\",MID(D2425,SEARCH(\".\",D2425,SEARCH(\".\",D2425)+1)+1,LEN(D2425)-SEARCH(\".\",D2425,SEARCH(\".\",D2425)+1)-(LEN(D2425)-(SEARCH(\".\",D2425,SEARCH(\".\",D2425,SEARCH(\".\",D2425)+1)+1)-1)))),\"\")","v":"3"},"23.2.3.3",{"$f":"IF($G2425=\"SINAPI\",VLOOKUP($F2425,DADOS_SINAPI,2,0),IF(G2425=\"SETOP\",VLOOKUP($F2425,DADOS_SETOP,2,0),IF(G2425=\"CPU\",VLOOKUP($F2425,DADOS_COMPOSICAO,2,0),IF(G2425=\"SICRO\",VLOOKUP($F2425,DADOS_SICRO,2,0),IF(G2425=\"SUDECAP\",VLOOKUP(F2425,DADOS_SUDECAP,2,0),IF(G2425=\"COTAÇÃO\",VLOOKUP($F2425,DADOS_COTACAO,2,0),\"\"))))))","v":"PLACA FOTOLUMINESCENTE PARA SINALIZAÇÃO DE EMERGÊNCIA, TIPO \"S12\", DIMENSÃO (380X190)MM, INCLUSIVE FIXAÇÃO"},"ED-50205","SETOP",{"$f":"IF(G2425=\"SINAPI\",VLOOKUP($F2425,DADOS_SINAPI,3,0),IF(G2425=\"SETOP\",VLOOKUP($F2425,DADOS_SETOP,3,0),IF(G2425=\"CPU\",VLOOKUP($F2425,DADOS_COMPOSICAO,10,0),IF(G2425=\"SICRO\",VLOOKUP($F2425,DADOS_SICRO,3,0),IF(G2425=\"SUDECAP\",VLOOKUP(F2425,DADOS_SUDECAP,3,0),IF(G2425=\"COTAÇÃO\",VLOOKUP($F2425,DADOS_COTACAO,9,0),\"\"))))))","v":"un"},{"$f":"F2427","v":1},{"$f":"TRUNC(IF(G2425=\"SINAPI\",VLOOKUP($F2425,DADOS_SINAPI,4,0),IF(G2425=\"SETOP\",VLOOKUP($F2425,DADOS_SETOP,4,0),IF(G2425=\"CPU\",VLOOKUP($F2425,DADOS_COMPOSICAO,13,0),IF(G2425=\"SICRO\",VLOOKUP($F2425,DADOS_SICRO,4,0),IF(G2425=\"SUDECAP\",VLOOKUP(F2425,DADOS_SUDECAP,4,0),IF(G2425=\"COTAÇÃO\",VLOOKUP(F2425,DADOS_COTACAO,12,0),\"\")))))),2)","v":22.61},"BDI 1",{"$f":"TRUNC(J2425*(1+$N$17),2)","v":28.6},{"$f":"IFERROR(TRUNC(I2425*J2425,2),\"\")","v":22.61},28.6]
[2000]
[2000,null,null,null,"Quantidade",1,"un"]
[2000]
[null,null,null,"23.2.4","SINALIZAÇÃO DE EQUIPAMENTOS DE COMBATE A INCÊNDIO",null,null,null,null,null,null,null,{"$f":"IFERROR(SUMIFS(M:M,A:A,LEFT(D2429,SEARCH(\".\",D2429)-1),B:B,LEFT(RIGHT(D2429,LEN(D2429)-SEARCH(\".\",D2429)),SEARCH(\".\",RIGHT(D2429,LEN(D2429)-SEARCH(\".\",D2429)))-1),C:C,RIGHT(D2429,LEN(D2429)-SEARCH(\".\",D2429,SEARCH(\".\",D2429)+1))),\"\")","v":48.81},{"$f":"IFERROR(SUMIFS(N:N,A:A,LEFT(D2429,SEARCH(\".\",D2429)-1),B:B,LEFT(RIGHT(D2429,LEN(D2429)-SEARCH(\".\",D2429)),SEARCH(\".\",RIGHT(D2429,LEN(D2429)-SEARCH(\".\",D2429)))-1),C:C,RIGHT(D2429,LEN(D2429)-SEARCH(\".\",D2429,SEARCH(\".\",D2429)+1))),\"\")","v":61.739999999999995}]
[{"$f":"IFERROR(LEFT(D2430,SEARCH(\".\",D2430)-1),\"\")","v":"23"},{"$f":"IFERROR(LEFT(RIGHT(D2430,LEN(D2430)-SEARCH(\".\",D2430)),SEARCH(\".\",RIGHT(D2430,LEN(D2430)-SEARCH(\".\",D2430)))-1),\"\")","v":"2"},{"$f":"IFERROR(IF(LEN(D2430)-LEN(SUBSTITUTE(D2430,\".\",\"\"))<>3,\"\",MID(D2430,SEARCH(\".\",D2430,SEARCH(\".\",D2430)+1)+1,LEN(D2430)-SEARCH(\".\",D2430,SEARCH(\".\",D2430)+1)-(LEN(D2430)-(SEARCH(\".\",D2430,SEARCH(\".\",D2430,SEARCH(\".\",D2430)+1)+1)-1)))),\"\")","v":"4"},"23.2.4.1",{"$f":"IF($G2430=\"SINAPI\",VLOOKUP($F2430,DADOS_SINAPI,2,0),IF(G2430=\"SETOP\",VLOOKUP($F2430,DADOS_SETOP,2,0),IF(G2430=\"CPU\",VLOOKUP($F2430,DADOS_COMPOSICAO,2,0),IF(G2430=\"SICRO\",VLOOKUP($F2430,DADOS_SICRO,2,0),IF(G2430=\"SUDECAP\",VLOOKUP(F2430,DADOS_SUDECAP,2,0),IF(G2430=\"COTAÇÃO\",VLOOKUP($F2430,DADOS_COTACAO,2,0),\"\"))))))","v":"PLACA FOTOLUMINESCENTE PARA SINALIZAÇÃO DE EMERGÊNCIA, TIPO \"E5\", DIMENSÃO (300X300)MM, INCLUSIVE FIXAÇÃO"},"ED-50199","SETOP",{"$f":"IF(G2430=\"SINAPI\",VLOOKUP($F2430,DADOS_SINAPI,3,0),IF(G2430=\"SETOP\",VLOOKUP($F2430,DADOS_SETOP,3,0),IF(G2430=\"CPU\",VLOOKUP($F2430,DADOS_COMPOSICAO,10,0),IF(G2430=\"SICRO\",VLOOKUP($F2430,DADOS_SICRO,3,0),IF(G2430=\"SUDECAP\",VLOOKUP(F2430,DADOS_SUDECAP,3,0),IF(G2430=\"COTAÇÃO\",VLOOKUP($F2430,DADOS_COTACAO,9,0),\"\"))))))","v":"un"},{"$f":"F2432","v":3},{"$f":"TRUNC(IF(G2430=\"SINAPI\",VLOOKUP($F2430,DADOS_SINAPI,4,0),IF(G2430=\"SETOP\",VLOOKUP($F2430,DADOS_SETOP,4,0),IF(G2430=\"CPU\",VLOOKUP($F2430,DADOS_COMPOSICAO,13,0),IF(G2430=\"SICRO\",VLOOKUP($F2430,DADOS_SICRO,4,0),IF(G2430=\"SUDECAP\",VLOOKUP(F2430,DADOS_SUDECAP,4,0),IF(G2430=\"COTAÇÃO\",VLOOKUP(F2430,DADOS_COTACAO,12,0),\"\")))))),2)","v":16.27},"BDI 1",{"$f":"TRUNC(J2430*(1+$N$17),2)","v":20.58},{"$f":"IFERROR(TRUNC(I2430*J2430,2),\"\")","v":48.81},{"$f":"L2430*I2430","v":61.739999999999995}]
[2000]
[2000,null,null,null,"Quantidade",3,"un"]
[2000]
[null,null,null,"23.2.5","SINALIZAÇÃO COMPLEMENTAR",null,null,null,null,null,null,null,{"$f":"IFERROR(SUMIFS(M:M,A:A,LEFT(D2434,SEARCH(\".\",D2434)-1),B:B,LEFT(RIGHT(D2434,LEN(D2434)-SEARCH(\".\",D2434)),SEARCH(\".\",RIGHT(D2434,LEN(D2434)-SEARCH(\".\",D2434)))-1),C:C,RIGHT(D2434,LEN(D2434)-SEARCH(\".\",D2434,SEARCH(\".\",D2434)+1))),\"\")","v":100.03},{"$f":"IFERROR(SUMIFS(N:N,A:A,LEFT(D2434,SEARCH(\".\",D2434)-1),B:B,LEFT(RIGHT(D2434,LEN(D2434)-SEARCH(\".\",D2434)),SEARCH(\".\",RIGHT(D2434,LEN(D2434)-SEARCH(\".\",D2434)))-1),C:C,RIGHT(D2434,LEN(D2434)-SEARCH(\".\",D2434,SEARCH(\".\",D2434)+1))),\"\")","v":126.55}]
[{"$f":"IFERROR(LEFT(D2435,SEARCH(\".\",D2435)-1),\"\")","v":"23"},{"$f":"IFERROR(LEFT(RIGHT(D2435,LEN(D2435)-SEARCH(\".\",D2435)),SEARCH(\".\",RIGHT(D2435,LEN(D2435)-SEARCH(\".\",D2435)))-1),\"\")","v":"2"},{"$f":"IFERROR(IF(LEN(D2435)-LEN(SUBSTITUTE(D2435,\".\",\"\"))<>3,\"\",MID(D2435,SEARCH(\".\",D2435,SEARCH(\".\",D2435)+1)+1,LEN(D2435)-SEARCH(\".\",D2435,SEARCH(\".\",D2435)+1)-(LEN(D2435)-(SEARCH(\".\",D2435,SEARCH(\".\",D2435,SEARCH(\".\",D2435)+1)+1)-1)))),\"\")","v":"5"},"23.2.5.1",{"$f":"IF($G2435=\"SINAPI\",VLOOKUP($F2435,DADOS_SINAPI,2,0),IF(G2435=\"SETOP\",VLOOKUP($F2435,DADOS_SETOP,2,0),IF(G2435=\"CPU\",VLOOKUP($F2435,DADOS_COMPOSICAO,2,0),IF(G2435=\"SICRO\",VLOOKUP($F2435,DADOS_SICRO,2,0),IF(G2435=\"SUDECAP\",VLOOKUP(F2435,DADOS_SUDECAP,2,0),IF(G2435=\"COTAÇÃO\",VLOOKUP($F2435,DADOS_COTACAO,2,0),\"\"))))))","v":"PLACA FOTOLUMINESCENTE PARA SINALIZAÇÃO DE EMERGÊNCIA, TIPO \"M1\", DIMENSÃO (400X600)MM, INCLUSIVE FIXAÇÃO"},"ED-32246","SETOP",{"$f":"IF(G2435=\"SINAPI\",VLOOKUP($F2435,DADOS_SINAPI,3,0),IF(G2435=\"SETOP\",VLOOKUP($F2435,DADOS_SETOP,3,0),IF(G2435=\"CPU\",VLOOKUP($F2435,DADOS_COMPOSICAO,10,0),IF(G2435=\"SICRO\",VLOOKUP($F2435,DADOS_SICRO,3,0),IF(G2435=\"SUDECAP\",VLOOKUP(F2435,DADOS_SUDECAP,3,0),IF(G2435=\"COTAÇÃO\",VLOOKUP($F2435,DADOS_COTACAO,9,0),\"\"))))))","v":"un"},{"$f":"F2437","v":1},{"$f":"TRUNC(IF(G2435=\"SINAPI\",VLOOKUP($F2435,DADOS_SINAPI,4,0),IF(G2435=\"SETOP\",VLOOKUP($F2435,DADOS_SETOP,4,0),IF(G2435=\"CPU\",VLOOKUP($F2435,DADOS_COMPOSICAO,13,0),IF(G2435=\"SICRO\",VLOOKUP($F2435,DADOS_SICRO,4,0),IF(G2435=\"SUDECAP\",VLOOKUP(F2435,DADOS_SUDECAP,4,0),IF(G2435=\"COTAÇÃO\",VLOOKUP(F2435,DADOS_COTACAO,12,0),\"\")))))),2)","v":100.03},"BDI 1",{"$f":"TRUNC(J2435*(1+$N$17),2)","v":126.55},{"$f":"IFERROR(TRUNC(I2435*J2435,2),\"\")","v":100.03},{"$f":"L2435*I2435","v":126.55}]
[2000]
[2000,null,null,null,"Quantidade",1,"un"]
[2000]
[null,null,null,"23.3","EXTINTORES",null,null,null,null,null,null,null,{"$f":"IFERROR(SUMIFS(M:M,A:A,LEFT(D2439,SEARCH(\".\",D2439)-1),B:B,RIGHT(D2439,LEN(D2439)-SEARCH(\".\",D2439))),\"\")","v":865.17},{"$f":"IFERROR(SUMIFS(N:N,A:A,LEFT(D2439,SEARCH(\".\",D2439)-1),B:B,RIGHT(D2439,LEN(D2439)-SEARCH(\".\",D2439))),\"\")","v":1094.58}]
[{"$f":"IFERROR(LEFT(D2440,SEARCH(\".\",D2440)-1),\"\")","v":"23"},{"$f":"IFERROR(LEFT(RIGHT(D2440,LEN(D2440)-SEARCH(\".\",D2440)),SEARCH(\".\",RIGHT(D2440,LEN(D2440)-SEARCH(\".\",D2440)))-1),\"\")","v":"3"},{"$f":"IFERROR(IF(LEN(D2440)-LEN(SUBSTITUTE(D2440,\".\",\"\"))<>3,\"\",MID(D2440,SEARCH(\".\",D2440,SEARCH(\".\",D2440)+1)+1,LEN(D2440)-SEARCH(\".\",D2440,SEARCH(\".\",D2440)+1)-(LEN(D2440)-(SEARCH(\".\",D2440,SEARCH(\".\",D2440,SEARCH(\".\",D2440)+1)+1)-1)))),\"\")","v":""},"23.3.1",{"$f":"IF($G2440=\"SINAPI\",VLOOKUP($F2440,DADOS_SINAPI,2,0),IF(G2440=\"SETOP\",VLOOKUP($F2440,DADOS_SETOP,2,0),IF(G2440=\"CPU\",VLOOKUP($F2440,DADOS_COMPOSICAO,2,0),IF(G2440=\"SICRO\",VLOOKUP($F2440,DADOS_SICRO,2,0),IF(G2440=\"SUDECAP\",VLOOKUP(F2440,DADOS_SUDECAP,2,0),IF(G2440=\"COTAÇÃO\",VLOOKUP($F2440,DADOS_COTACAO,2,0),\"\"))))))","v":"EXTINTOR DE INCÊNDIO TIPO PÓ QUÍMICO 2-A:20-B:C, CAPACIDADE 6 KG"},"ED-50193","SETOP",{"$f":"IF(G2440=\"SINAPI\",VLOOKUP($F2440,DADOS_SINAPI,3,0),IF(G2440=\"SETOP\",VLOOKUP($F2440,DADOS_SETOP,3,0),IF(G2440=\"CPU\",VLOOKUP($F2440,DADOS_COMPOSICAO,10,0),IF(G2440=\"SICRO\",VLOOKUP($F2440,DADOS_SICRO,3,0),IF(G2440=\"SUDECAP\",VLOOKUP(F2440,DADOS_SUDECAP,3,0),IF(G2440=\"COTAÇÃO\",VLOOKUP($F2440,DADOS_COTACAO,9,0),\"\"))))))","v":"U"},{"$f":"F2442","v":3},{"$f":"TRUNC(IF(G2440=\"SINAPI\",VLOOKUP($F2440,DADOS_SINAPI,4,0),IF(G2440=\"SETOP\",VLOOKUP($F2440,DADOS_SETOP,4,0),IF(G2440=\"CPU\",VLOOKUP($F2440,DADOS_COMPOSICAO,13,0),IF(G2440=\"SICRO\",VLOOKUP($F2440,DADOS_SICRO,4,0),IF(G2440=\"SUDECAP\",VLOOKUP(F2440,DADOS_SUDECAP,4,0),IF(G2440=\"COTAÇÃO\",VLOOKUP(F2440,DADOS_COTACAO,12,0),\"\")))))),2)","v":253.35},"BDI 1",{"$f":"TRUNC(J2440*(1+$N$17),2)","v":320.52999999999997},{"$f":"IFERROR(TRUNC(I2440*J2440,2),\"\")","v":760.05},{"$f":"L2440*I2440","v":961.58999999999992}]
[2000]
[2000,null,null,null,"Quantidade",{"$f":"F2432","v":3},"un"]
[2000]
[{"$f":"IFERROR(LEFT(D2444,SEARCH(\".\",D2444)-1),\"\")","v":"23"},{"$f":"IFERROR(LEFT(RIGHT(D2444,LEN(D2444)-SEARCH(\".\",D2444)),SEARCH(\".\",RIGHT(D2444,LEN(D2444)-SEARCH(\".\",D2444)))-1),\"\")","v":"3"},{"$f":"IFERROR(IF(LEN(D2444)-LEN(SUBSTITUTE(D2444,\".\",\"\"))<>3,\"\",MID(D2444,SEARCH(\".\",D2444,SEARCH(\".\",D2444)+1)+1,LEN(D2444)-SEARCH(\".\",D2444,SEARCH(\".\",D2444)+1)-(LEN(D2444)-(SEARCH(\".\",D2444,SEARCH(\".\",D2444,SEARCH(\".\",D2444)+1)+1)-1)))),\"\")","v":""},"23.3.2",{"$f":"IF($G2444=\"SINAPI\",VLOOKUP($F2444,DADOS_SINAPI,2,0),IF(G2444=\"SETOP\",VLOOKUP($F2444,DADOS_SETOP,2,0),IF(G2444=\"CPU\",VLOOKUP($F2444,DADOS_COMPOSICAO,2,0),IF(G2444=\"SICRO\",VLOOKUP($F2444,DADOS_SICRO,2,0),IF(G2444=\"SUDECAP\",VLOOKUP(F2444,DADOS_SUDECAP,2,0),IF(G2444=\"COTAÇÃO\",VLOOKUP($F2444,DADOS_COTACAO,2,0),\"\"))))))","v":"BASE DECORATIVA PARA EXTINTORES"},"ED-50194","SETOP",{"$f":"IF(G2444=\"SINAPI\",VLOOKUP($F2444,DADOS_SINAPI,3,0),IF(G2444=\"SETOP\",VLOOKUP($F2444,DADOS_SETOP,3,0),IF(G2444=\"CPU\",VLOOKUP($F2444,DADOS_COMPOSICAO,10,0),IF(G2444=\"SICRO\",VLOOKUP($F2444,DADOS_SICRO,3,0),IF(G2444=\"SUDECAP\",VLOOKUP(F2444,DADOS_SUDECAP,3,0),IF(G2444=\"COTAÇÃO\",VLOOKUP($F2444,DADOS_COTACAO,9,0),\"\"))))))","v":"U"},{"$f":"F2446","v":3},{"$f":"TRUNC(IF(G2444=\"SINAPI\",VLOOKUP($F2444,DADOS_SINAPI,4,0),IF(G2444=\"SETOP\",VLOOKUP($F2444,DADOS_SETOP,4,0),IF(G2444=\"CPU\",VLOOKUP($F2444,DADOS_COMPOSICAO,13,0),IF(G2444=\"SICRO\",VLOOKUP($F2444,DADOS_SICRO,4,0),IF(G2444=\"SUDECAP\",VLOOKUP(F2444,DADOS_SUDECAP,4,0),IF(G2444=\"COTAÇÃO\",VLOOKUP(F2444,DADOS_COTACAO,12,0),\"\")))))),2)","v":35.04},"BDI 1",{"$f":"TRUNC(J2444*(1+$N$17),2)","v":44.33},{"$f":"IFERROR(TRUNC(I2444*J2444,2),\"\")","v":105.12},{"$f":"L2444*I2444","v":132.99}]
[2000]
[2000,null,null,null,"Quantidade",3,"un"]
[2000]
[1000,null,null,24,"SERVIÇOS COMPLEMENTARES",null,null,null,null,null,null,null,{"$f":"SUMIF(A:A,D2448,M:M)","v":51867.16},{"$f":"SUMIF(A:A,D2448,N:N)","v":65609.81}]
[{"$f":"IFERROR(LEFT(D2449,SEARCH(\".\",D2449)-1),\"\")","v":"24"},{"$f":"IFERROR(LEFT(RIGHT(D2449,LEN(D2449)-SEARCH(\".\",D2449)),SEARCH(\".\",RIGHT(D2449,LEN(D2449)-SEARCH(\".\",D2449)))-1),\"\")","v":""},{"$f":"IFERROR(IF(LEN(D2449)-LEN(SUBSTITUTE(D2449,\".\",\"\"))<>3,\"\",MID(D2449,SEARCH(\".\",D2449,SEARCH(\".\",D2449)+1)+1,LEN(D2449)-SEARCH(\".\",D2449,SEARCH(\".\",D2449)+1)-(LEN(D2449)-(SEARCH(\".\",D2449,SEARCH(\".\",D2449,SEARCH(\".\",D2449)+1)+1)-1)))),\"\")","v":""},"24.1",{"$f":"IF($G2449=\"SINAPI\",VLOOKUP($F2449,DADOS_SINAPI,2,0),IF(G2449=\"SETOP\",VLOOKUP($F2449,DADOS_SETOP,2,0),IF(G2449=\"CPU\",VLOOKUP($F2449,DADOS_COMPOSICAO,2,0),IF(G2449=\"SICRO\",VLOOKUP($F2449,DADOS_SICRO,2,0),IF(G2449=\"SUDECAP\",VLOOKUP(F2449,DADOS_SUDECAP,2,0),IF(G2449=\"COTAÇÃO\",VLOOKUP($F2449,DADOS_COTACAO,2,0),\"\"))))))","v":"MONTAGEM E DESMONTAGEM DE ANDAIME METÁLICO PARA FACHADA COM PISO METÁLICO, INCLUSIVE RODAPÉ/GUARDA-CORPO EM MADEIRA, EXCLUSIVE FORNECIMENTO DO ANDAIME"},"ED-48245","SETOP",{"$f":"IF(G2449=\"SINAPI\",VLOOKUP($F2449,DADOS_SINAPI,3,0),IF(G2449=\"SETOP\",VLOOKUP($F2449,DADOS_SETOP,3,0),IF(G2449=\"CPU\",VLOOKUP($F2449,DADOS_COMPOSICAO,10,0),IF(G2449=\"SICRO\",VLOOKUP($F2449,DADOS_SICRO,3,0),IF(G2449=\"SUDECAP\",VLOOKUP(F2449,DADOS_SUDECAP,3,0),IF(G2449=\"COTAÇÃO\",VLOOKUP($F2449,DADOS_COTACAO,9,0),\"\"))))))","v":"m2"},{"$f":"F2451","v":1419.7499999999998},{"$f":"TRUNC(IF(G2449=\"SINAPI\",VLOOKUP($F2449,DADOS_SINAPI,4,0),IF(G2449=\"SETOP\",VLOOKUP($F2449,DADOS_SETOP,4,0),IF(G2449=\"CPU\",VLOOKUP($F2449,DADOS_COMPOSICAO,13,0),IF(G2449=\"SICRO\",VLOOKUP($F2449,DADOS_SICRO,4,0),IF(G2449=\"SUDECAP\",VLOOKUP(F2449,DADOS_SUDECAP,4,0),IF(G2449=\"COTAÇÃO\",VLOOKUP(F2449,DADOS_COTACAO,12,0),\"\")))))),2)","v":12.91},"BDI 1",{"$f":"TRUNC(J2449*(1+$N$17),2)","v":16.329999999999998},{"$f":"IFERROR(TRUNC(I2449*J2449,2),\"\")","v":18328.97},23184.52]
[2000]
[2000,null,null,null,"Área de chapisco exteno",{"$f":"I902+I909","v":1419.7499999999998},"m²"]
[2000]
[{"$f":"IFERROR(LEFT(D2453,SEARCH(\".\",D2453)-1),\"\")","v":"24"},{"$f":"IFERROR(LEFT(RIGHT(D2453,LEN(D2453)-SEARCH(\".\",D2453)),SEARCH(\".\",RIGHT(D2453,LEN(D2453)-SEARCH(\".\",D2453)))-1),\"\")","v":""},{"$f":"IFERROR(IF(LEN(D2453)-LEN(SUBSTITUTE(D2453,\".\",\"\"))<>3,\"\",MID(D2453,SEARCH(\".\",D2453,SEARCH(\".\",D2453)+1)+1,LEN(D2453)-SEARCH(\".\",D2453,SEARCH(\".\",D2453)+1)-(LEN(D2453)-(SEARCH(\".\",D2453,SEARCH(\".\",D2453,SEARCH(\".\",D2453)+1)+1)-1)))),\"\")","v":""},"24.2",{"$f":"IF($G2453=\"SINAPI\",VLOOKUP($F2453,DADOS_SINAPI,2,0),IF(G2453=\"SETOP\",VLOOKUP($F2453,DADOS_SETOP,2,0),IF(G2453=\"CPU\",VLOOKUP($F2453,DADOS_COMPOSICAO,2,0),IF(G2453=\"SICRO\",VLOOKUP($F2453,DADOS_SICRO,2,0),IF(G2453=\"SUDECAP\",VLOOKUP(F2453,DADOS_SUDECAP,2,0),IF(G2453=\"COTAÇÃO\",VLOOKUP($F2453,DADOS_COTACAO,2,0),\"\"))))))","v":"FORNECIMENTO DE ANDAIME METÁLICO PARA FACHADA (LOCAÇÃO), INCLUSIVE PISO METÁLICO E SAPATAS, EXCLUSIVE MONTAGEM E DESMONTAGEM"},"ED-9075","SETOP",{"$f":"IF(G2453=\"SINAPI\",VLOOKUP($F2453,DADOS_SINAPI,3,0),IF(G2453=\"SETOP\",VLOOKUP($F2453,DADOS_SETOP,3,0),IF(G2453=\"CPU\",VLOOKUP($F2453,DADOS_COMPOSICAO,10,0),IF(G2453=\"SICRO\",VLOOKUP($F2453,DADOS_SICRO,3,0),IF(G2453=\"SUDECAP\",VLOOKUP(F2453,DADOS_SUDECAP,3,0),IF(G2453=\"COTAÇÃO\",VLOOKUP($F2453,DADOS_COTACAO,9,0),\"\"))))))","v":"m2xmês"},{"$f":"F2457","v":1440},{"$f":"TRUNC(IF(G2453=\"SINAPI\",VLOOKUP($F2453,DADOS_SINAPI,4,0),IF(G2453=\"SETOP\",VLOOKUP($F2453,DADOS_SETOP,4,0),IF(G2453=\"CPU\",VLOOKUP($F2453,DADOS_COMPOSICAO,13,0),IF(G2453=\"SICRO\",VLOOKUP($F2453,DADOS_SICRO,4,0),IF(G2453=\"SUDECAP\",VLOOKUP(F2453,DADOS_SUDECAP,4,0),IF(G2453=\"COTAÇÃO\",VLOOKUP(F2453,DADOS_COTACAO,12,0),\"\")))))),2)","v":13.5},"BDI 1",{"$f":"TRUNC(J2453*(1+$N$17),2)","v":17.079999999999998},{"$f":"IFERROR(TRUNC(I2453*J2453,2),\"\")","v":19440},24595.200000000001]
[2000]
[2000,null,null,null,"Área",240,"m²"]
[2000,null,null,null,"Meses",6,"mês"]
[2000,null,null,null,"Total",{"$f":"F2455*F2456","v":1440},"m².mês"]
[2000]
[{"$f":"IFERROR(LEFT(D2459,SEARCH(\".\",D2459)-1),\"\")","v":"24"},{"$f":"IFERROR(LEFT(RIGHT(D2459,LEN(D2459)-SEARCH(\".\",D2459)),SEARCH(\".\",RIGHT(D2459,LEN(D2459)-SEARCH(\".\",D2459)))-1),\"\")","v":""},{"$f":"IFERROR(IF(LEN(D2459)-LEN(SUBSTITUTE(D2459,\".\",\"\"))<>3,\"\",MID(D2459,SEARCH(\".\",D2459,SEARCH(\".\",D2459)+1)+1,LEN(D2459)-SEARCH(\".\",D2459,SEARCH(\".\",D2459)+1)-(LEN(D2459)-(SEARCH(\".\",D2459,SEARCH(\".\",D2459,SEARCH(\".\",D2459)+1)+1)-1)))),\"\")","v":""},"24.3",{"$f":"IF($G2459=\"SINAPI\",VLOOKUP($F2459,DADOS_SINAPI,2,0),IF(G2459=\"SETOP\",VLOOKUP($F2459,DADOS_SETOP,2,0),IF(G2459=\"CPU\",VLOOKUP($F2459,DADOS_COMPOSICAO,2,0),IF(G2459=\"SICRO\",VLOOKUP($F2459,DADOS_SICRO,2,0),IF(G2459=\"SUDECAP\",VLOOKUP(F2459,DADOS_SUDECAP,2,0),IF(G2459=\"COTAÇÃO\",VLOOKUP($F2459,DADOS_COTACAO,2,0),\"\"))))))","v":"FORNECIMENTO DE ANDAIME METÁLICO TUBULAR TIPO TORRE (LOCAÇÃO), INCLUSIVE RODÍZIOS, EXCLUSIVE MONTAGEM E DESMONTAGEM"},"ED-9076","SETOP",{"$f":"IF(G2459=\"SINAPI\",VLOOKUP($F2459,DADOS_SINAPI,3,0),IF(G2459=\"SETOP\",VLOOKUP($F2459,DADOS_SETOP,3,0),IF(G2459=\"CPU\",VLOOKUP($F2459,DADOS_COMPOSICAO,10,0),IF(G2459=\"SICRO\",VLOOKUP($F2459,DADOS_SICRO,3,0),IF(G2459=\"SUDECAP\",VLOOKUP(F2459,DADOS_SUDECAP,3,0),IF(G2459=\"COTAÇÃO\",VLOOKUP($F2459,DADOS_COTACAO,9,0),\"\"))))))","v":"mxmês"},{"$f":"F2463","v":420},{"$f":"TRUNC(IF(G2459=\"SINAPI\",VLOOKUP($F2459,DADOS_SINAPI,4,0),IF(G2459=\"SETOP\",VLOOKUP($F2459,DADOS_SETOP,4,0),IF(G2459=\"CPU\",VLOOKUP($F2459,DADOS_COMPOSICAO,13,0),IF(G2459=\"SICRO\",VLOOKUP($F2459,DADOS_SICRO,4,0),IF(G2459=\"SUDECAP\",VLOOKUP(F2459,DADOS_SUDECAP,4,0),IF(G2459=\"COTAÇÃO\",VLOOKUP(F2459,DADOS_COTACAO,12,0),\"\")))))),2)","v":22},"BDI 1",{"$f":"TRUNC(J2459*(1+$N$17),2)","v":27.83},{"$f":"IFERROR(TRUNC(I2459*J2459,2),\"\")","v":9240},{"$f":"L2459*I2459","v":11688.599999999999}]
[2000]
[2000,null,null,null,"Comprimento",70,"m"]
[2000,null,null,null,"Meses",6,"mês"]
[2000,null,null,null,"Total",{"$f":"F2461*F2462","v":420},"m.mês"]
[2000]
[{"$f":"IFERROR(LEFT(D2465,SEARCH(\".\",D2465)-1),\"\")","v":"24"},{"$f":"IFERROR(LEFT(RIGHT(D2465,LEN(D2465)-SEARCH(\".\",D2465)),SEARCH(\".\",RIGHT(D2465,LEN(D2465)-SEARCH(\".\",D2465)))-1),\"\")","v":""},{"$f":"IFERROR(IF(LEN(D2465)-LEN(SUBSTITUTE(D2465,\".\",\"\"))<>3,\"\",MID(D2465,SEARCH(\".\",D2465,SEARCH(\".\",D2465)+1)+1,LEN(D2465)-SEARCH(\".\",D2465,SEARCH(\".\",D2465)+1)-(LEN(D2465)-(SEARCH(\".\",D2465,SEARCH(\".\",D2465,SEARCH(\".\",D2465)+1)+1)-1)))),\"\")","v":""},"24.4",{"$f":"IF($G2465=\"SINAPI\",VLOOKUP($F2465,DADOS_SINAPI,2,0),IF(G2465=\"SETOP\",VLOOKUP($F2465,DADOS_SETOP,2,0),IF(G2465=\"CPU\",VLOOKUP($F2465,DADOS_COMPOSICAO,2,0),IF(G2465=\"SICRO\",VLOOKUP($F2465,DADOS_SICRO,2,0),IF(G2465=\"SUDECAP\",VLOOKUP(F2465,DADOS_SUDECAP,2,0),IF(G2465=\"COTAÇÃO\",VLOOKUP($F2465,DADOS_COTACAO,2,0),\"\"))))))","v":"MONTAGEM E DESMONTAGEM DE ANDAIME METÁLICO TUBULAR TIPO TORRE, EXCLUSIVE FORNECIMENTO DO ANDAIME"},"ED-9077","SETOP",{"$f":"IF(G2465=\"SINAPI\",VLOOKUP($F2465,DADOS_SINAPI,3,0),IF(G2465=\"SETOP\",VLOOKUP($F2465,DADOS_SETOP,3,0),IF(G2465=\"CPU\",VLOOKUP($F2465,DADOS_COMPOSICAO,10,0),IF(G2465=\"SICRO\",VLOOKUP($F2465,DADOS_SICRO,3,0),IF(G2465=\"SUDECAP\",VLOOKUP(F2465,DADOS_SUDECAP,3,0),IF(G2465=\"COTAÇÃO\",VLOOKUP($F2465,DADOS_COTACAO,9,0),\"\"))))))","v":"m"},{"$f":"F2467","v":539.20000000000005},{"$f":"TRUNC(IF(G2465=\"SINAPI\",VLOOKUP($F2465,DADOS_SINAPI,4,0),IF(G2465=\"SETOP\",VLOOKUP($F2465,DADOS_SETOP,4,0),IF(G2465=\"CPU\",VLOOKUP($F2465,DADOS_COMPOSICAO,13,0),IF(G2465=\"SICRO\",VLOOKUP($F2465,DADOS_SICRO,4,0),IF(G2465=\"SUDECAP\",VLOOKUP(F2465,DADOS_SUDECAP,4,0),IF(G2465=\"COTAÇÃO\",VLOOKUP(F2465,DADOS_COTACAO,12,0),\"\")))))),2)","v":9.01},"BDI 1",{"$f":"TRUNC(J2465*(1+$N$17),2)","v":11.39},{"$f":"IFERROR(TRUNC(I2465*J2465,2),\"\")","v":4858.1899999999996},6141.49]
[2000]
[2000,null,null,null,"Comprimento encunhamento",{"$f":"I466","v":539.20000000000005},"m"]
[2000]
[1000,null,null,25,"SERVIÇOS FINAIS ",null,null,null,null,null,null,null,{"$f":"SUMIF(A:A,D2469,M:M)","v":3100.48},{"$f":"SUMIF(A:A,D2469,N:N)","v":3921.07}]
[{"$f":"IFERROR(LEFT(D2470,SEARCH(\".\",D2470)-1),\"\")","v":"25"},{"$f":"IFERROR(LEFT(RIGHT(D2470,LEN(D2470)-SEARCH(\".\",D2470)),SEARCH(\".\",RIGHT(D2470,LEN(D2470)-SEARCH(\".\",D2470)))-1),\"\")","v":""},{"$f":"IFERROR(IF(LEN(D2470)-LEN(SUBSTITUTE(D2470,\".\",\"\"))<>3,\"\",MID(D2470,SEARCH(\".\",D2470,SEARCH(\".\",D2470)+1)+1,LEN(D2470)-SEARCH(\".\",D2470,SEARCH(\".\",D2470)+1)-(LEN(D2470)-(SEARCH(\".\",D2470,SEARCH(\".\",D2470,SEARCH(\".\",D2470)+1)+1)-1)))),\"\")","v":""},"25.1",{"$f":"IF($G2470=\"SINAPI\",VLOOKUP($F2470,DADOS_SINAPI,2,0),IF(G2470=\"SETOP\",VLOOKUP($F2470,DADOS_SETOP,2,0),IF(G2470=\"CPU\",VLOOKUP($F2470,DADOS_COMPOSICAO,2,0),IF(G2470=\"SICRO\",VLOOKUP($F2470,DADOS_SICRO,2,0),IF(G2470=\"SUDECAP\",VLOOKUP(F2470,DADOS_SUDECAP,2,0),IF(G2470=\"COTAÇÃO\",VLOOKUP($F2470,DADOS_COTACAO,2,0),\"\"))))))","v":"LIMPEZA FINAL PARA ENTREGA DA OBRA"},"ED-50266","SETOP",{"$f":"IF(G2470=\"SINAPI\",VLOOKUP($F2470,DADOS_SINAPI,3,0),IF(G2470=\"SETOP\",VLOOKUP($F2470,DADOS_SETOP,3,0),IF(G2470=\"CPU\",VLOOKUP($F2470,DADOS_COMPOSICAO,10,0),IF(G2470=\"SICRO\",VLOOKUP($F2470,DADOS_SICRO,3,0),IF(G2470=\"SUDECAP\",VLOOKUP(F2470,DADOS_SUDECAP,3,0),IF(G2470=\"COTAÇÃO\",VLOOKUP($F2470,DADOS_COTACAO,9,0),\"\"))))))","v":"m2"},{"$f":"F2473","v":443.56},{"$f":"TRUNC(IF(G2470=\"SINAPI\",VLOOKUP($F2470,DADOS_SINAPI,4,0),IF(G2470=\"SETOP\",VLOOKUP($F2470,DADOS_SETOP,4,0),IF(G2470=\"CPU\",VLOOKUP($F2470,DADOS_COMPOSICAO,13,0),IF(G2470=\"SICRO\",VLOOKUP($F2470,DADOS_SICRO,4,0),IF(G2470=\"SUDECAP\",VLOOKUP(F2470,DADOS_SUDECAP,4,0),IF(G2470=\"COTAÇÃO\",VLOOKUP(F2470,DADOS_COTACAO,12,0),\"\")))))),2)","v":6.99},"BDI 1",{"$f":"TRUNC(J2470*(1+$N$17),2)","v":8.84},{"$f":"IFERROR(TRUNC(I2470*J2470,2),\"\")","v":3100.48},3921.07]
[2000]
[2000,null,null,null,"Área para limpeza",443.56,"m²"]
[2000,null,null,null,"Total",{"$f":"F2472","v":443.56},"m²"]
[2000]
[]
[null,null,null,"TOTAL INCLUINDO ADMINISTRAÇÃO",null,null,null,null,null,null,null,null,{"$f":"IFERROR(SUMIF(A:A,1000,M:M),\"\")","v":2452172.8000000003}]
[null,null,null,"BDI",null,null,null,null,null,null,null,null,{"$f":"IFERROR(M2478-M2476,\"\")","v":649973.65999999968}]
[null,null,null,"TOTAL GERAL",null,null,null,null,null,null,null,null,{"$f":"IFERROR(SUMIF(A:A,1000,N:N),\"\")","v":3102146.46}]
[]
[]
[]
[]
[]
[]
[null,null,null,null,"RESPONSÁVEL TÉCNICO:",{"$f":"DADOS!D16","v":"ALOISIO CAETANO FERREIRA"}]
[null,null,null,null,null,{"$f":"DADOS!D18","v":"CREA -  MG 97.132/D"}]

{"sheet":"ABC","index":4,"n_rows":500,"n_cols":9,"rows_kept":500,"cut":false,"hidden":false,"merged":[[492,7,492,8],[493,7,493,8],[491,0,491,6],[492,0,492,6],[493,0,493,6],[1,0,2,6],[4,7,6,8],[4,0,8,1],[491,7,491,8],[17,0,17,8],[18,0,18,6],[18,7,18,8],[19,0,19,6],[19,7,19,8],[20,0,20,4],[20,5,20,8],[21,0,21,4],[21,5,22,6],[21,7,21,8],[22,0,22,4]]}
[]
["CURVA ABC DE SERVIÇOS",null,null,null,null,null,null,"Revisão:",{"$f":"DADOS!D6","v":"R00"}]
[null,null,null,null,null,null,null,"Data: ",{"$f":"DADOS!D2","v":"2025-01-27"}]
["Projeto:",null,"Responsável:","Cliente:",null,null,null,"Bancos:"]
[{"$f":"DADOS!D8","v":"CONSTRUÇÃO DA UBS CRISTAIS"},null,null,null,null,null,null,{"$f":"DADOS!D14","v":"SINAPI: 12/2024 Minas Gerais\nSETOP: 10/2024 Minas Gerais\nSICRO : 10/2024 Minas Gerais\nSUDECAP: 10/2024 Minas Gerais"}]
[]
[]
[null,null,null,null,null,null,null,"BDI 1:",{"$f":"DADOS!D10","v":0.26519999999999999}]
[null,null,null,null,null,null,null,"BDI 2:",{"$f":"DADOS!D12","v":"-"}]
[]
[]
[]
[]
[]
[]
[]
[]
["CURVA ABC DE SERVIÇOS"]
["PREFEITURA: PREFEITURA MUNICIPAL DE POUSO ALEGRE",null,null,null,null,null,null,"FOLHA Nº: 3"]
["OBRA: CONSTRUÇÃO DA UBS CRISTAIS",null,null,null,null,null,null,"DATA:27/01/2025"]
["LOCAL: RUA ROBERTO SCODELER, BAIRRO BELLA ITÁLIA",null,null,null,null,"FORMA DE EXECUÇÃO"]
["REGIÃO/MÊS DE REFERÊNCIA:  SINAPI: 12/2024 Minas Gerais SETOP: 10/2024 Minas Gerais SICRO : 10/2024 Minas Gerais SUDECAP: 10/2024 Minas Gerais",null,null,null,null,"(  ) DIRETA",null,"(X) INDIRETA"]
["PRAZO DE EXECUÇÃO: 12 MESES",null,null,null,null,null,null,"BDI 1: ",{"$f":"DADOS!D10","v":0.26519999999999999}]
["Código","Banco","Descrição","Unidade","Quantidade","Valor Unitário","Total","Peso (%)","Peso Acumulado (%)"]
[]
[92453,"SINAPI","MONTAGEM E DESMONTAGEM DE FÔRMA DE VIGA, ESCORAMENTO COM GARFO DE MADEIRA, PÉ-DIREITO DUPLO, EM CHAPA DE MADEIRA RESINADA, 4 UTILIZAÇÕES. AF_09/2020","M2",694.36,295.99,205523.62,6.6252068575769221E-2,6.6252068575769221E-2]
["EST-001","CPU","ESTACA HÉLICE CONTÍNUA, DIÂMETRO DE 30 CM, INCLUSO CONCRETO FCK=30MPA E ARMADURA MÍNIMA (EXCLUSIVE BOMBEAMENTO, MOBILIZAÇÃO E DESMOBILIZAÇÃO). ","M",984,162.13,159535.91999999998,5.1427591204059327E-2,0.11767965977982855]
["EST-005","CPU","LAJE TRELIÇADA H=17 CM - INCLUSO MONTAGEM E FORNECIMENTO DOS MATERIAIS, EXCETO CONCRETAGEM","M2",915.57,147.47,135019.10999999999,4.3524415027135693E-2,0.16120407480696425]
[90777,"SINAPI","ENGENHEIRO CIVIL DE OBRA JUNIOR COM ENCARGOS COMPLEMENTARES","H",960,130.27000000000001,125059.20000000001,4.0313763909135304E-2,0.20151783871609955]
[103318,"SINAPI","ALVENARIA DE VEDAÇÃO DE BLOCOS VAZADOS DE CONCRETO DE 14X19X39 CM (ESPESSURA 14 CM)  E ARGAMASSA DE ASSENTAMENTO COM PREPARO EM BETONEIRA. AF_12/2021","M2",952.1400000000001,122.8,116922.79,3.769093158805914E-2,0.23920877030415869]
["EST-007","CPU","CONCRETAGEM DE VIGAS E LAJES, FCK=30 MPA, PARA LAJES PREMOLDADAS COM USO DE BOMBA - LANÇAMENTO, ADENSAMENTO E ACABAMENTO.","M3    ",108.29,983.64,106518.38,3.4336992586739397E-2,0.2735457628908981]
["ED-49664","SETOP","FORNECIMENTO DE ESTRUTURA METÁLICA EM PERFIL LAMINADO, INCLUSIVE FABRICAÇÃO, TRANSPORTE, MONTAGEM E APLICAÇÃO DE FUNDO PREPARADOR ANTICORROSIVO EM SUPERFÍCIE METÁLICA, UMA (1) DEMÃO","Kg",3615.7,28.31,102360.47,3.2996659351796E-2,0.30654242224269412]
[87797,"SINAPI","EMBOÇO OU MASSA ÚNICA EM ARGAMASSA TRAÇO 1:2:8, PREPARO MECÂNICO COM BETONEIRA 400 L, APLICADA MANUALMENTE EM PANOS CEGOS DE FACHADA (SEM PRESENÇA DE VÃOS), ESPESSURA DE 35 MM. AF_08/2022","M2",1201.4599999999998,67.489999999999995,81086.539999999994,2.6138849678941298E-2,0.33268127192163544]
[87529,"SINAPI","MASSA ÚNICA, EM ARGAMASSA TRAÇO 1:2:8, PREPARO MECÂNICO, APLICADA MANUALMENTE EM PAREDES INTERNAS DE AMBIENTES COM ÁREA ENTRE 5M² E 10M², E = 17,5MM, COM TALISCAS. AF_03/2024","M2",1190.0799999999997,44,52363.51999999999,1.6879770402587608E-2,0.34956104232422303]
[98562,"SINAPI","IMPERMEABILIZAÇÃO DE SUPERFÍCIE COM ARGAMASSA DE CIMENTO E AREIA, COM ADITIVO IMPERMEABILIZANTE, E = 1,5CM. AF_09/2023","M2",870.49,58.36,50801.79,1.637633511346203E-2,0.36593737743768506]
[92425,"SINAPI","MONTAGEM E DESMONTAGEM DE FÔRMA DE PILARES RETANGULARES E ESTRUTURAS SIMILARES, PÉ-DIREITO DUPLO, EM CHAPA DE MADEIRA COMPENSADA RESINADA, 6 UTILIZAÇÕES. AF_09/2020","M2",447.72,103.27,46236.04,1.4904531619051906E-2,0.38084190905673698]
[103320,"SINAPI","ALVENARIA DE VEDAÇÃO DE BLOCOS VAZADOS DE CONCRETO DE 19X19X39 CM (ESPESSURA 19 CM) E ARGAMASSA DE ASSENTAMENTO COM PREPARO EM BETONEIRA. AF_12/2021","M2",309.61,148.11000000000001,45856.34,1.4782132498025234E-2,0.39562404155476222]
[96557,"SINAPI","CONCRETAGEM DE BLOCO DE COROAMENTO OU VIGA BALDRAME, FCK 30 MPA, COM USO DE BOMBA - LANÇAMENTO, ADENSAMENTO E ACABAMENTO. AF_01/2024","M3",42.96,1041.18,44729.09,1.441875507064226E-2,0.41004279662540449]
[92762,"SINAPI","ARMAÇÃO DE PILAR OU VIGA DE ESTRUTURA CONVENCIONAL DE CONCRETO ARMADO UTILIZANDO AÇO CA-50 DE 10,0 MM - MONTAGEM. AF_06/2022","KG",3236.1,13.51,43719.71,1.409337391504073E-2,0.42413617054044522]
["ED-50754","SETOP","REVESTIMENTO COM PORCELANATO APLICADO EM PISO, ACABAMENTO POLÍDO, AMBIENTE INTERNO, PADRÃO EXTRA, BORDA RETIFICADA, DIMENSÃO DA PEÇA (60X60)CM, ASSENTAMENTO COM ARGAMASSA INDUSTRIALIZADA, INCLUSIVE REJUNTAMENTO","m2",347.19,121.24,42093.32,1.3569094993664465E-2,0.43770526553410971]
["ED-48428","SETOP","COBERTURA EM TELHA METÁLICA GALVANIZADA TRAPEZOIDAL, TIPO SIMPLES, ESP. 0,50MM, ACABAMENTO NATURAL, INCLUSIVE ACESSÓRIOS PARA FIXAÇÃO, FORNECIMENTO E INSTALAÇÃO","m2",318.35000000000002,116.43,37065.49,1.194833657209078E-2,0.44965360210620048]
[90844,"SINAPI","KIT DE PORTA DE MADEIRA PARA PINTURA, SEMI-OCA (LEVE OU MÉDIA), PADRÃO MÉDIO, 90X210CM, ESPESSURA DE 3,5CM, ITENS INCLUSOS: DOBRADIÇAS, MONTAGEM E INSTALAÇÃO DO BATENTE, FECHADURA COM EXECUÇÃO DO FURO - FORNECIMENTO E INSTALAÇÃO. AF_12/2019","UN",25,1379.29,34482.25,1.1115609931582648E-2,0.46076921203778315]
[92759,"SINAPI","ARMAÇÃO DE PILAR OU VIGA DE ESTRUTURA CONVENCIONAL DE CONCRETO ARMADO UTILIZANDO AÇO CA-60 DE 5,0 MM - MONTAGEM. AF_06/2022","KG",1920.1,16.899999999999999,32449.689999999995,1.0460399087669107E-2,0.47122961112545225]
["ED-19638","SETOP","CIMBRAMENTO PARA LAJE PRÉ-MOLDADA COM ESCORAMENTO METÁLICO, TIPO \"B\", ALTURA DE (311 ATÉ 450)CM, INCLUSIVE DESCARGA, MONTAGEM, DESMONTAGEM E CARGA","m2xmês",1019.62,30.45,31047.43,1.0008370139944959E-2,0.48123798126539719]
[96130,"SINAPI","APLICAÇÃO MANUAL DE MASSA ACRÍLICA EM PAREDES EXTERNAS DE CASAS, UMA DEMÃO. AF_03/2024","M2",1343.6299999999999,22.6,30366.04,9.7887190020035219E-3,0.4910267002674007]
["ARQ-008","CPU","PISO EM CONCRETO, USINADO CONVENCIONAL, ACABAMENTO POLIDO EM NÍVEL ZERO, ESP. 5CM, INCLUSIVE FORNECIMENTO, LANÇAMENTO, ADENSAMENTO ","M2",232.89999999999998,127.5,29694.75,9.5723236742342455E-3,0.50059902394163491]
["ED-19519","SETOP","ELETROCALHA PERFURADA (100X50)MM EM CHAPA DE AÇO GALVANIZADO #18, COM TRATAMENTO PRÉ-ZINCADO, INCLUSIVE TAMPA DE ENCAIXE, FIXAÇÃO SUPERIOR, CONEXÕES E ACESSÓRIOS","m",257.39999999999998,106.51,27415.67,8.8376452735245657E-3,0.50943666921515951]
["ED-9917","SETOP","PINTURA EPÓXI EM PAREDE, DUAS (2) DEMÃOS, EXCLUSIVE SELADOR ACRÍLICO E MASSA ACRÍLICA/CORRIDA (PVA)","m2",888.44999999999993,30.82,27382.03,8.8268011691491708E-3,0.51826347038430864]
["ED-50155","SETOP","LOCAÇÃO DE BANHEIRO QUÍMICO, DIMENSÃO (110X120X230)CM, LINHA PADRÃO, CONTENDO UMA (1) PIA/HIGIENIZADOR DE MÃOS, INCLUSIVE MANUTENÇÃO E MOBILIZAÇÃO/DESMOBILIZAÇÃO","mês",24,1138.68,27328.32,8.8094873508970176E-3,0.52707295773520568]
[95579,"SINAPI","MONTAGEM DE ARMADURA DE ESTACAS, DIÂMETRO = 16,0 MM. AF_09/2021_PS","KG",2540.0300000000002,10.55,26797.32,8.6383155487764953E-3,0.53571127328398216]
["ED-9081","SETOP","REVESTIMENTO COM CERÂMICA APLICADO EM PAREDE, ACABAMENTO ESMALTADO, AMBIENTE INTERNO/EXTERNO, PADRÃO EXTRA, DIMENSÃO DA PEÇA ATÉ 2025 CM2, PEI III, ASSENTAMENTO COM ARGAMASSA INDUSTRIALIZADA, INCLUSIVE REJUNTAMENTO","m2",323.05000000000013,82.35,26603.170000000002,8.5757298512591715E-3,0.54428700313524137]
[95626,"SINAPI","APLICAÇÃO MANUAL DE TINTA LÁTEX ACRÍLICA EM PAREDE EXTERNAS DE CASAS, DUAS DEMÃOS. AF_03/2024","M2",1343.6299999999999,18.97,25488.66,8.216459257697319E-3,0.55250346239293868]
["EST-003","CPU","CONCRETAGEM DE PILARES, FCK = 30 MPA, COM USO DE BOMBA - LANÇAMENTO, ADENSAMENTO E ACABAMENTO.","M3    ",26.07,959.65,25018.080000000002,8.0647642922700592E-3,0.56056822668520878]
["ED-9075","SETOP","FORNECIMENTO DE ANDAIME METÁLICO PARA FACHADA (LOCAÇÃO), INCLUSIVE PISO METÁLICO E SAPATAS, EXCLUSIVE MONTAGEM E DESMONTAGEM","m2xmês",1440,17.079999999999998,24595.200000000001,7.928445776863793E-3,0.56849667246207258]
["LOU-002","CPU","BANCADA EM AÇO INOX COM RODABANCA","M2",9.8600000000000012,2459.89,24254.52,7.8186250432547167E-3,0.57631529750532728]
["COT-ARQ-008","COTAÇÃO","JANELA ESQUADRIA MAXIM-AR 2,00 X 1,00 M - PINTURA PRETA E VIDRO TEMPERADO FUME 6MM","UN ",11,2183.4299999999998,24017.73,7.7422940243769044E-3,0.58405759152970416]
["ED-48245","SETOP","MONTAGEM E DESMONTAGEM DE ANDAIME METÁLICO PARA FACHADA COM PISO METÁLICO, INCLUSIVE RODAPÉ/GUARDA-CORPO EM MADEIRA, EXCLUSIVE FORNECIMENTO DO ANDAIME","m2",1419.7499999999998,16.329999999999998,23184.52,7.4737025794713672E-3,0.59153129410917549]
["ED-50497","SETOP","PINTURA ESMALTE BASE SOLVENTE EM ESTRUTURA METÁLICA, DUAS (2) DEMÃOS, INCLUSIVE UMA (1) DEMÃO FUNDO ANTICORROSIVO","m2",484.76,47.19,22875.82,7.3741908368826561E-3,0.59890548494605811]
["ED-16348","SETOP","LOCAÇÃO DE CONTAINER COM ISOLAMENTO TÉRMICO, TIPO 1, PARA ESCRITÓRIO DE OBRA, COM MEDIDAS REFERENCIAIS DE (6) METROS COMPRIMENTO, (2,3) METROS LARGURA E (2,5) METROS ALTURA ÚTIL INTERNA, INCLUSIVE AR CONDICIONADO E LIGAÇÕES ELÉTRICAS INTERNAS, EXCLUSIVE MOBILIZAÇÃO/DESMOBILIZAÇÃO E LIGAÇÕES PROVISÓRIAS EXTERNAS","mês",12,1814.03,21768.36,7.0171928632924612E-3,0.60592267780935061]
[103245,"SINAPI","AR CONDICIONADO SPLIT ON/OFF, HI-WALL (PAREDE), 9000 BTUS/H, CICLO FRIO - FORNECIMENTO E INSTALAÇÃO. AF_11/2021_PE","UN",8,2593.39,20747.12,6.6879885484194615E-3,0.61261066635777006]
["ED-13338","SETOP","LUMINÁRIA COMERCIAL CHANFRADA DE SOBREPOR COMPLETA, PARA DUAS (2) LÂMPADAS TUBULARES LED 2X18W-ØT8, TEMPERATURA DA COR 6500K, FORNECIMENTO E INSTALAÇÃO, INCLUSIVE BASE E LÂMPADAS","un",89,219.47,19532.829999999998,6.2965531292162044E-3,0.61890721948698624]
["ED-50478","SETOP","EMASSAMENTO EM PAREDE COM MASSA CORRIDA (PVA), DUAS (2) DEMÃOS, INCLUSIVE LIXAMENTO PARA PINTURA","m2",888.44999999999993,21.97,19519.25,6.2921755151431422E-3,0.6251993950021294]
[91835,"SINAPI","ELETRODUTO FLEXÍVEL CORRUGADO REFORÇADO, PVC, DN 25 MM (3/4\"), PARA CIRCUITOS TERMINAIS, INSTALADO EM FORRO - FORNECIMENTO E INSTALAÇÃO. AF_03/2023_PA","M",832.1,22.98,19121.66,6.1640094194649903E-3,0.63136340442159444]
[94229,"SINAPI","CALHA EM CHAPA DE AÇO GALVANIZADO NÚMERO 24, DESENVOLVIMENTO DE 100 CM, INCLUSO TRANSPORTE VERTICAL. AF_07/2019","M",80.45,232.36,18693.36,6.0259437267188133E-3,0.63738934814831327]
[100874,"SINAPI","PUXADOR PARA PCD, FIXADO NA PORTA - FORNECIMENTO E INSTALAÇÃO. AF_01/2020","UN",44,423.58,18637.52,6.0079432871135222E-3,0.64339729143542679]
[96113,"SINAPI","FORRO EM PLACAS DE GESSO, PARA AMBIENTES COMERCIAIS. AF_08/2023_PS","M2",332.1,55.64,18478.04,5.956533722137663E-3,0.64935382515756446]
[87779,"SINAPI","EMBOÇO OU MASSA ÚNICA EM ARGAMASSA TRAÇO 1:2:8, PREPARO MECÂNICO COM BETONEIRA 400 L, APLICADA MANUALMENTE EM PANOS DE FACHADA COM PRESENÇA DE VÃOS, ESPESSURA DE 35 MM. AF_08/2022","M2",218.29000000000002,84.12,18362.55,5.9193046610700566E-3,0.6552731298186345]
[21141,"SINAPI","TELA DE ACO SOLDADA NERVURADA, CA-60, Q-92, (1,48 KG/M2), DIAMETRO DO FIO = 4,2 MM, LARGURA = 2,45 X 60 M DE COMPRIMENTO, ESPACAMENTO DA MALHA = 15 X 15 CM                                                                                                                                                                                                                                                                                                                                               ","M2    ",1019.62,17.989999999999998,18342.96,5.9129896787658356E-3,0.66118611949740036]
[96536,"SINAPI","FABRICAÇÃO, MONTAGEM E DESMONTAGEM DE FÔRMA PARA VIGA BALDRAME, EM MADEIRA SERRADA, E=25 MM, 4 UTILIZAÇÕES. AF_01/2024","M2",233.7,78.23,18282.349999999999,5.8934515941584439E-3,0.6670795710915588]
[87244,"SINAPI","REVESTIMENTO CERÂMICO PARA PAREDES EXTERNAS EM PASTILHAS DE PORCELANA 5 X 5 CM (PLACAS DE 30 X 30 CM), ALINHADAS A PRUMO. AF_02/2023","M2",54.699999999999996,319.56,17479.93,5.6347855349163549E-3,0.67271435662647516]
[93202,"SINAPI","FIXAÇÃO (ENCUNHAMENTO) DE ALVENARIA DE VEDAÇÃO COM TIJOLO MACIÇO. AF_03/2024","M",539.20000000000005,32.130000000000003,17324.5,5.5846815175837885E-3,0.6782990381440589]
["13.38.29","SUDECAP","GRADIL NYLOFOR H=2.03 M INCLUSIVE POSTE OU EQUIVALENTE","M",43,399.66,17185.38,5.5398351501430975E-3,0.68383887329420201]
[103261,"SINAPI","AR CONDICIONADO SPLIT INVERTER, PISO TETO, 36000 BTU/H, CICLO FRIO - FORNECIMENTO E INSTALAÇÃO. AF_11/2021_PSE","UN",1,17126.48,17126.48,5.520848296762873E-3,0.68935972159096492]
[94995,"SINAPI","EXECUÇÃO DE PASSEIO (CALÇADA) OU PISO DE CONCRETO COM CONCRETO MOLDADO IN LOCO, USINADO, ACABAMENTO CONVENCIONAL, ESPESSURA 8 CM, ARMADO. AF_08/2022","M2",129.97,127.21,16533.490000000002,5.3296935567639127E-3,0.69468941514772886]
[100327,"SINAPI","RUFO EXTERNO/INTERNO EM CHAPA DE AÇO GALVANIZADO NÚMERO 26, CORTE DE 33 CM, INCLUSO IÇAMENTO. AF_07/2019","M",206.81,79.69,16480.689999999999,5.3126730837846957E-3,0.70000208823151355]
[101979,"SINAPI","CHAPIM (RUFO CAPA) EM AÇO GALVANIZADO, CORTE 33. AF_11/2020","M",293.55,54.09,15878.119999999999,5.1184301594838231E-3,0.70512051839099743]
[102176,"SINAPI","INSTALAÇÃO DE VIDRO LAMINADO, E = 8 MM (4+4), ENCAIXADO EM PERFIL U. AF_01/2021_PS","M2",17.05,889.86,15172.11,4.8908425813009426E-3,0.71001136097229833]
[91926,"SINAPI","CABO DE COBRE FLEXÍVEL ISOLADO, 2,5 MM², ANTI-CHAMA 450/750 V, PARA CIRCUITOS TERMINAIS - FORNECIMENTO E INSTALAÇÃO. AF_03/2023","M",2737.7,5.27,14427.68,4.6508700301661392E-3,0.71466223100246451]
[87630,"SINAPI","CONTRAPISO EM ARGAMASSA TRAÇO 1:4 (CIMENTO E AREIA), PREPARO MECÂNICO COM BETONEIRA 400 L, APLICADO EM ÁREAS SECAS SOBRE LAJE, ADERIDO, ACABAMENTO NÃO REFORÇADO, ESPESSURA 3CM. AF_07/2021","M2",282.68,50.12,14167.92,4.5671344608274817E-3,0.71922936546329197]
["ED-29823","SETOP","TAPUME FIXO DE PROTEÇÃO PARA FECHAMENTO DE OBRA EM TELHA METÁLICA GALVANIZADA, TIPO TRAPEZOIDAL, ESP. 0,5MM, COM MÓDULO NA DIMENSÃO DE (300X220)CM, COM REAPROVEITAMENTO, EXCLUSIVE PINTURA ESMALTE, INCLUSIVE PONTALETE E FIXAÇÃO","m2",209.00000000000003,66.78,13957.020000000002,4.4991492761434554E-3,0.72372851473943545]
[105033,"SINAPI","CINTA DE AMARRAÇÃO DE ALVENARIA MOLDADA IN LOCO COM UTILIZAÇÃO DE BLOCOS CANALETA, ESPESSURA DE *15* CM. AF_03/2024","M",188.48,70.3,13250.14,4.271281246985348E-3,0.72799979598642084]
[96534,"SINAPI","FABRICAÇÃO, MONTAGEM E DESMONTAGEM DE FÔRMA PARA BLOCO DE COROAMENTO, EM MADEIRA SERRADA, E=25 MM, 4 UTILIZAÇÕES. AF_01/2024","M2",147.44999999999999,89.79,13239.54,4.2678642580917933E-3,0.73226766024451262]
[92763,"SINAPI","ARMAÇÃO DE PILAR OU VIGA DE ESTRUTURA CONVENCIONAL DE CONCRETO ARMADO UTILIZANDO AÇO CA-50 DE 12,5 MM - MONTAGEM. AF_06/2022","KG",1086.8,11.34,12324.31,3.9728330557287691E-3,0.73624049330024144]
["ED-16350","SETOP","LOCAÇÃO DE CONTAINER COM ISOLAMENTO TÉRMICO, TIPO 3, PARA DEPÓSITO/FERRAMENTARIA DE OBRA, COM MEDIDAS REFERENCIAIS DE (6) METROS COMPRIMENTO, (2,3) METROS LARGURA E (2,5) METROS ALTURA ÚTIL INTERNA, INCLUSIVE LIGAÇÕES ELÉTRICAS INTERNAS, EXCLUSIVE MOBILIZAÇÃO/DESMOBILIZAÇÃO E LIGAÇÕES PROVISÓRIAS EXTERNAS","mês",12,1014.51,12174.119999999999,3.9244181913964124E-3,0.74016491149163788]
[105025,"SINAPI","VERGA MOLDADA IN LOCO COM UTILIZAÇÃO DE BLOCOS CANALETA, ESPESSURA DE *15* CM. AF_03/2024","M",161.4,73.14,11804.8,3.8053651406258823E-3,0.74397027663226378]
[89578,"SINAPI","TUBO PVC, SÉRIE R, ÁGUA PLUVIAL, DN 100 MM, FORNECIDO E INSTALADO EM CONDUTORES VERTICAIS DE ÁGUAS PLUVIAIS. AF_06/2022","M",283.93,41.18,11692.24,3.7690805868656452E-3,0.74773935721912943]
["ED-9076","SETOP","FORNECIMENTO DE ANDAIME METÁLICO TUBULAR TIPO TORRE (LOCAÇÃO), INCLUSIVE RODÍZIOS, EXCLUSIVE MONTAGEM E DESMONTAGEM","mxmês",420,27.83,11688.599999999999,3.7679072057738958E-3,0.75150726442490334]
[95875,"SINAPI","TRANSPORTE COM CAMINHÃO BASCULANTE DE 10 M³, EM VIA URBANA PAVIMENTADA, DMT ATÉ 30 KM (UNIDADE: M3XKM). AF_07/2020","M3XKM",3735.1781666666666,3.09,11541.71,3.7205561210027407E-3,0.75522782054590609]
[93358,"SINAPI","ESCAVAÇÃO MANUAL DE VALA. AF_09/2024","M3",122.14999999999999,93.83,11461.34,3.6946482533258551E-3,0.75892246879923198]
["LOU-003","CPU","EXPURGO HOSPITALAR COM SIFÃO, TRITURADOR - FORNECIMENTO E INSTALAÇÃO","UN ",1,11404.53,11404.53,3.6763351270010587E-3,0.76259880392623303]
["COT-ARQ-010","COTAÇÃO","JANELA ESQUADRIA MAXIM-AR 2,50 X 1,00 M - PINTURA PRETA E VIDRO TEMPERADO FUME 6MM","UN ",4,2837.84,11351.36,3.6591953817680114E-3,0.76625799930800109]
[91933,"SINAPI","CABO DE COBRE FLEXÍVEL ISOLADO, 10 MM², ANTI-CHAMA 0,6/1,0 KV, PARA CIRCUITOS TERMINAIS - FORNECIMENTO E INSTALAÇÃO. AF_03/2023","M",567.70000000000005,19.920000000000002,11308.58,3.645404930365533E-3,0.76990340423836667]
[103247,"SINAPI","AR CONDICIONADO SPLIT INVERTER, HI-WALL (PAREDE), 12000 BTU/H, CICLO FRIO - FORNECIMENTO E INSTALAÇÃO. AF_11/2021_PE","UN",3,3666.48,10999.44,3.5457513505019957E-3,0.77344915558886862]
[98557,"SINAPI","IMPERMEABILIZAÇÃO DE SUPERFÍCIE COM EMULSÃO ASFÁLTICA, 2 DEMÃOS. AF_09/2023","M2",217.81,50.4,10977.619999999999,3.5387175111003572E-3,0.77698787309996897]
["COT-ELE-002","COTAÇÃO","GERADOR MONOFÁSICO 5500 VA",1,1,10469.27,10469.27,3.3748471050589874E-3,0.78036272020502795]
[92990,"SINAPI","CABO DE COBRE FLEXÍVEL ISOLADO, 70 MM², ANTI-CHAMA 0,6/1,0 KV, PARA REDE ENTERRADA DE DISTRIBUIÇÃO DE ENERGIA ELÉTRICA - FORNECIMENTO E INSTALAÇÃO. AF_12/2021","M",103.48,96.77,10013.76,3.2280100662945444E-3,0.78359073027132253]
[104921,"SINAPI","ARMAÇÃO DE BLOCO, SAPATA ISOLADA, VIGA BALDRAME E SAPATA CORRIDA UTILIZANDO AÇO CA-50 DE 16 MM - MONTAGEM. AF_01/2024","KG",799.4,12.36,9880.58,3.185078502064015E-3,0.7867758087733866]
[98546,"SINAPI","IMPERMEABILIZAÇÃO DE SUPERFÍCIE COM MANTA ASFÁLTICA, UMA CAMADA, INCLUSIVE APLICAÇÃO DE PRIMER ASFÁLTICO, E=4MM. AF_09/2023","M2",71.7,137.76,9877.39,3.1840501818215204E-3,0.78995985895520815]
[87894,"SINAPI","CHAPISCO APLICADO EM ALVENARIA (SEM PRESENÇA DE VÃOS) E ESTRUTURAS DE CONCRETO DE FACHADA, COM COLHER DE PEDREIRO.  ARGAMASSA TRAÇO 1:3 COM PREPARO EM BETONEIRA 400L. AF_10/2022","M2",1201.4599999999998,8.1300000000000008,9767.8700000000008,3.1487455946873598E-3,0.79310860454989551]
["EST-004","CPU","LAJE TRELIÇADA H=13 CM - INCLUSO MONTAGEM E FORNECIMENTO DOS MATERIAIS, EXCETO CONCRETAGEM","M2",75.41,128.49,9689.43,3.1234598768750551E-3,0.79623206442677052]
["ED-13935","SETOP","CABO DE COBRE NU #50 MM2 - 7 FIOSX3,00MM, PARA ELEMENTOS DE CAPTAÇÃO/ANEL DE CINTAMENTO (SPDA), INCLUSIVE PRESILHA DE FIXAÇÃO","m",124.8,75.39,9408.67,3.0329548012378461E-3,0.79926501922800841]
[100854,"SINAPI","TORNEIRA CROMADA DE MESA PARA LAVATÓRIO COM SENSOR DE PRESENCA. AF_01/2020","UN",4,2348.54,9394.16,3.0282773947429894E-3,0.8022932966227514]
["ARQ-007","CPU","RODAPÉ COM REVESTIMENTO EM PORCELANATO 60X60 COM BORDA RETIFICADA E ACABAMENTO POLIDO, ALTURA 10 CM.","M",337.1,27.42,9243.2800000000007,2.9796401037751096E-3,0.80527293672652656]
["EST-008","CPU","ALVENARIA DE BLOCOS DE CONCRETO ESTRUTURAL 19 X 19 X 39 CM (ESPESSURA 19 CM), FBK = 14 MPA, UTILIZANDO PALHETA.","M2",54.06,169.39,9157.2199999999993,2.9518980222487585E-3,0.80822483474877527]
[96544,"SINAPI","ARMAÇÃO DE BLOCO UTILIZANDO AÇO CA-50 DE 6,3 MM - MONTAGEM. AF_01/2024","KG",416.7,21.33,8888.2099999999991,2.8651806465643105E-3,0.81109001539533954]
["COT-ARQ-003","COTAÇÃO","JANELA ESQUADRIA MAXIM-AR 0,70 X 0,70 M - PINTURA PRETA E VIDRO TEMPERADO FUME 6MM","UN ",12,737.61,8851.32,2.8532888804998547E-3,0.81394330427583939]
[92769,"SINAPI","ARMAÇÃO DE LAJE DE ESTRUTURA CONVENCIONAL DE CONCRETO ARMADO UTILIZANDO AÇO CA-50 DE 6,3 MM - MONTAGEM. AF_06/2022","KG",564.1,15.42,8698.42,2.8040004274975426E-3,0.8167473047033369]
[88415,"SINAPI","APLICAÇÃO MANUAL DE FUNDO SELADOR ACRÍLICO EM PAREDES EXTERNAS DE CASAS. AF_03/2024","M2",1343.6299999999999,6.46,8679.85,2.7980142497849663E-3,0.81954531895312188]
["ED-20586","SETOP","ENTRADA DE ENERGIA AÉREA, TIPO C6, PADRÃO CEMIG, CARGA INSTALADA DE 47,1KVA ATÉ 57KVA, TRIFÁSICO, COM SAÍDA SUBTERRÂNEA, INCLUSIVE POSTE, CAIXA PARA MEDIDOR, DISJUNTOR, BARRAMENTO, ATERRAMENTO E ACESSÓRIOS","un",1,8434.07,8434.07,2.7187852374964878E-3,0.82226410419061835]
[92760,"SINAPI","ARMAÇÃO DE PILAR OU VIGA DE ESTRUTURA CONVENCIONAL DE CONCRETO ARMADO UTILIZANDO AÇO CA-50 DE 6,3 MM - MONTAGEM. AF_06/2022","KG",512.79999999999995,16.010000000000002,8209.93,2.6465320402699458E-3,0.82491063623088834]
[101266,"SINAPI","ESCAVAÇÃO VERTICAL PARA INFRAESTRUTURA, COM CARGA, DESCARGA E TRANSPORTE DE SOLO DE 1ª CATEGORIA, COM ESCAVADEIRA HIDRÁULICA (CAÇAMBA: 0,8 M³ / 111HP), FROTA DE 3 CAMINHÕES BASCULANTES DE 10 M³, DMT ATÉ 1 KM E VELOCIDADE MÉDIA14 KM/H. AF_05/2020","M3",570.04999999999995,14.2,8094.7099999999991,2.6093900157118915E-3,0.82752002624660026]
["ED-50283","SETOP","LAVATÓRIO DE LOUÇA BRANCA SEM COLUNA, TAMANHO MÉDIO, INCLUSIVE ACESSÓRIOS DE FIXAÇÃO, VÁLVULA DE ESCOAMENTO DE METAL COM ACABAMENTO CROMADO, SIFÃO DE METAL TIPO COPO COM ACABAMENTO CROMADO, FORNECIMENTO, INSTALAÇÃO E REJUNTAMENTO, EXCLUSIVE TORNEIRA E ENGATE FLEXÍVEL","U",13,584.92999999999995,7604.0899999999992,2.4512350071311554E-3,0.82997126125373144]
[88488,"SINAPI","PINTURA LÁTEX ACRÍLICA PREMIUM, APLICAÇÃO MANUAL EM TETO, DUAS DEMÃOS. AF_04/2023","M2",404.04,18.52,7482.82,2.4121427200442334E-3,0.83238340397377564]
["COT-ARQ-004","COTAÇÃO","JANELA ESQUADRIA MAXIM-AR 0,70 X 0,90 M - PINTURA PRETA E VIDRO TEMPERADO FUME 6MM","UN ",4,1857.31,7429.24,2.3948708082596427E-3,0.83477827478203526]
[103253,"SINAPI","AR CONDICIONADO SPLIT INVERTER, HI-WALL (PAREDE), 24000 BTU/H, CICLO FRIO - FORNECIMENTO E INSTALAÇÃO. AF_11/2021_PE","UN",1,7297.05,7297.05,2.3522583778974736E-3,0.83713053315993269]
["COT-DAD-006","COTAÇÃO","CAMERA POE","UN ",10,691.95,6919.5,2.2305523253727971E-3,0.83936108548530552]
["COT-DAD-004","COTAÇÃO","SWITCH GIGABIT 48 PORTAS POE","UN ",1,6811.57,6811.57,2.195760286572669E-3,0.84155684577187817]
["ED-48533","SETOP","DIVISÓRIA EM GRANITO CINZA ANDORINHA, ESP. 3CM, INCLUSIVE INSTALAÇÃO, FERRAGENS EM LATÃO CROMADO E ACESSÓRIOS","m2",8.0400000000000009,829.61,6670.06,2.150143484843714E-3,0.84370698925672194]
[92770,"SINAPI","ARMAÇÃO DE LAJE DE ESTRUTURA CONVENCIONAL DE CONCRETO ARMADO UTILIZANDO AÇO CA-50 DE 8,0 MM - MONTAGEM. AF_06/2022","KG",444.6,14.51,6451.15,2.079576217042954E-3,0.84578656547376485]
["EST-006","CPU","LAJE TRELIÇADA H=21 CM - INCLUSO MONTAGEM E FORNECIMENTO DOS MATERIAIS, EXCETO CONCRETAGEM","M2",28.64,224.64,6433.69,2.0739478560918723E-3,0.84786051332985668]
[90843,"SINAPI","KIT DE PORTA DE MADEIRA PARA PINTURA, SEMI-OCA (LEVE OU MÉDIA), PADRÃO MÉDIO, 80X210CM, ESPESSURA DE 3,5CM, ITENS INCLUSOS: DOBRADIÇAS, MONTAGEM E INSTALAÇÃO DO BATENTE, FECHADURA COM EXECUÇÃO DO FURO - FORNECIMENTO E INSTALAÇÃO. AF_12/2019","UN",5,1284.05,6420.25,2.0696153720607992E-3,0.84993012870191753]
[87879,"SINAPI","CHAPISCO APLICADO EM ALVENARIAS E ESTRUTURAS DE CONCRETO INTERNAS, COM COLHER DE PEDREIRO.  ARGAMASSA TRAÇO 1:3 COM PREPARO EM BETONEIRA 400L. AF_10/2022","M2",1190.0799999999997,5.35,6366.93,2.0524272732113337E-3,0.85198255597512884]
["ED-50998","SETOP","PEITORIL DE GRANITO, NA COR CINZA ANDORINHA, COM PINGADEIRA, ESP. 3CM, ACABAMENTO POLIDO, ASSENTAMENTO COM ARGAMASSA INDUSTRIALIZADA, INCLUSIVE REJUNTAMENTO","m2",13.017999999999999,483.45,6294.52,2.0290853707790419E-3,0.8540116413459079]
["ARQ-001","CPU","PORTA DE ALUMÍNIO DE ABRIR COM LAMBRI, FIXAÇÃO COM PARAFUSOS - FORNECIMENTO E INSTALAÇÃO. ","M2    ",7.6,824.37,6265.21,2.0196370741309201E-3,0.85603127842003879]
[95584,"SINAPI","MONTAGEM DE ARMADURA TRANSVERSAL DE ESTACAS DE SEÇÃO CIRCULAR, DIÂMETRO = 6,30 MM. AF_09/2021_PS","KG",365.2,16.87,6160.92,1.986018416422541E-3,0.85801729683646133]
[100978,"SINAPI","CARGA, MANOBRA E DESCARGA DE SOLOS E MATERIAIS GRANULARES EM CAMINHÃO BASCULANTE 10 M³ - CARGA COM ESCAVADEIRA HIDRÁULICA (CAÇAMBA DE 1,20 M³ / 155 HP) E DESCARGA LIVRE (UNIDADE: M3). AF_07/2020","M3",704.60722222222216,8.7200000000000006,6144.2,1.9806285999791227E-3,0.85999792543644049]
["ED-9077","SETOP","MONTAGEM E DESMONTAGEM DE ANDAIME METÁLICO TUBULAR TIPO TORRE, EXCLUSIVE FORNECIMENTO DO ANDAIME","m",539.20000000000005,11.39,6141.49,1.9797550113091669E-3,0.86197768044774969]
["COT-ARQ-001","COTAÇÃO","PORTAS VAI E VEM EM ABS, 150 X 210 CM, COM VISOR - FORNECIMENTO E INSTALAÇÃO","UN ",1,5859.45,5859.45,1.888837318145189E-3,0.86386651776589485]
[104919,"SINAPI","ARMAÇÃO DE SAPATA ISOLADA, VIGA BALDRAME E SAPATA CORRIDA UTILIZANDO AÇO CA-50 DE 10 MM - MONTAGEM. AF_01/2024","KG",373.3,15.43,5760.02,1.8567853176087608E-3,0.86572330308350365]
[92761,"SINAPI","ARMAÇÃO DE PILAR OU VIGA DE ESTRUTURA CONVENCIONAL DE CONCRETO ARMADO UTILIZANDO AÇO CA-50 DE 8,0 MM - MONTAGEM. AF_06/2022","KG",372.9,15.09,5627.06,1.8139246720156445E-3,0.86753722775551934]
["ARQ-003","CPU","PORTA EM ALUMÍNIO COMPLETA, DIMENSÃO (2,20 X 2,10 M), COM DUAS FOLHAS MÓVEIS, LINHA 25/SUPREMA, ACABAMENTO ANODIZADO PRETO, INCLUSIVE PERFIS, VIDRO FUME LAMINADO 6MM, FERRAGENS E INSTALAÇÃO","UN ",1,5552.68,5552.68,1.7899477254210599E-3,0.86932717548094041]
[104916,"SINAPI","ARMAÇÃO DE SAPATA ISOLADA, VIGA BALDRAME E SAPATA CORRIDA UTILIZANDO AÇO CA-60 DE 5 MM - MONTAGEM. AF_01/2024","KG",278.3,19.899999999999999,5538.17,1.7852703189262034E-3,0.87111244579986657]
[105031,"SINAPI","CONTRAVERGA MOLDADA IN LOCO COM UTILIZAÇÃO DE BLOCOS CANALETA, ESPESSURA DE *15* CM. AF_03/2024","M",92.8,59.09,5483.55,1.767663155401113E-3,0.87288010895526769]
[86936,"SINAPI","CUBA DE EMBUTIR DE AÇO INOXIDÁVEL MÉDIA, INCLUSO VÁLVULA TIPO AMERICANA E SIFÃO TIPO GARRAFA EM METAL CROMADO - FORNECIMENTO E INSTALAÇÃO. AF_01/2020","UN",8,683.94,5471.52,1.7637851953643713E-3,0.87464389415063204]
["COT-ARQ-009","COTAÇÃO","JANELA ESQUADRIA MAXIM-AR 2,20 X 1,20 M - PINTURA PRETA E VIDRO TEMPERADO FUME 6MM","UN ",2,2712.07,5424.14,1.7485118997250676E-3,0.87639240605035706]
["ACE-003","CPU","PISO TATIL ALERTA OU DIRECIONAL, DE BORRACHA, COLORIDO, 25 X 25 CM, E = 5 MM, PARA COLA - FORNECIMENTO E INSTALAÇÃO ","M2    ",16.6875,324.33999999999997,5413.23,1.7449949800242483E-3,0.87813740103038129]
[96546,"SINAPI","ARMAÇÃO DE BLOCO UTILIZANDO AÇO CA-50 DE 10 MM - MONTAGEM. AF_01/2024","KG",318.3,16.899999999999999,5379.27,1.7340477212671619E-3,0.87987144875164847]
[103250,"SINAPI","AR CONDICIONADO SPLIT INVERTER, HI-WALL (PAREDE), 18000 BTU/H, CICLO FRIO - FORNECIMENTO E INSTALAÇÃO. AF_11/2021_PE","UN",1,5342.21,5342.21,1.722101154437432E-3,0.88159354990608585]
["ED-17989","SETOP","LOCAÇÃO DE OBRA COM GABARITO DE TÁBUAS CORRIDAS PONTALETADAS A CADA 2,00M, REAPROVEITAMENTO (2X), INCLUSIVE ACOMPANHAMENTO DE EQUIPE TOPOGRÁFICA PARA MARCAÇÃO DE PONTO TOPOGRÁFICO","m",90,57.92,5212.8,1.6803848777662139E-3,0.88327393478385208]
[89356,"SINAPI","TUBO, PVC, SOLDÁVEL, DE 25MM, INSTALADO EM RAMAL OU SUB-RAMAL DE ÁGUA - FORNECIMENTO E INSTALAÇÃO. AF_06/2022","M",191.41,27.15,5196.78,1.6752207115327473E-3,0.88494915549538478]
[89987,"SINAPI","REGISTRO DE GAVETA BRUTO, LATÃO, ROSCÁVEL, 3/4\", COM ACABAMENTO E CANOPLA CROMADOS - FORNECIMENTO E INSTALAÇÃO. AF_08/2021","UN",31,163.95,5082.45,1.6383655850987749E-3,0.88658752108048355]
["ED-50329","SETOP","TORNEIRA METÁLICA PARA LAVATÓRIO, FECHAMENTO AUTOMÁTICO, ACABAMENTO CROMADO, COM AREJADOR, APLICAÇÃO DE MESA, INCLUSIVE ENGATE FLEXÍVEL METÁLICO, FORNECIMENTO E INSTALAÇÃO","un",18,277.62,4997.16,1.610871718803371E-3,0.88819839279928692]
["ED-29455","SETOP","ASSENTAMENTO DE ESQUADRIA DE ALUMÍNIO, INCLUSIVE FIXAÇÃO DO CONTRAMARCO, EXCLUSIVE FORNECIMENTO DA ESQUADRIA","m²",51.24,97.33,4987.1899999999996,1.6076578150987729E-3,0.88980605061438567]
["COT-ARQ-011","COTAÇÃO","LETREIRO - FORNECIMENTO E INSTALAÇÃO","UN ",1,4934.28,4934.28,1.5906018828008505E-3,0.89139665249718647]
[86938,"SINAPI","CUBA DE EMBUTIR OVAL EM LOUÇA BRANCA, 35 X 50CM OU EQUIVALENTE, INCLUSO VÁLVULA E SIFÃO TIPO GARRAFA EM METAL CROMADO - FORNECIMENTO E INSTALAÇÃO. AF_01/2020","UN",8,606.78,4854.24,1.5648003930800846E-3,0.89296145289026652]
[88485,"SINAPI","FUNDO SELADOR ACRÍLICO, APLICAÇÃO MANUAL EM PAREDE, UMA DEMÃO. AF_04/2023","M2",888.44999999999993,5.22,4637.71,1.4950003359931606E-3,0.89445645322625966]
["ED-29817","SETOP","MOBILIZAÇÃO E DESMOBILIZAÇÃO DE EQUIPAMENTO PARA ESTACA TIPO TRADO ROTATIVO (CUSTO FIXO), INCLUSIVE CARGA E DESCARGA, EXCLUSIVE TRANSPORTE EM QUILÔMETRO RODADO (CUSTO VARIÁVEL)","un",1,4564.71,4564.71,1.4714682426696236E-3,0.8959279214689293]
[90466,"SINAPI","CHUMBAMENTO LINEAR EM ALVENARIA PARA RAMAIS/DISTRIBUIÇÃO DE INSTALAÇÕES HIDRÁULICAS COM DIÂMETROS MENORES OU IGUAIS A 40 MM. AF_09/2023","M",254.84,17.71,4513.22,1.4548700579404604E-3,0.89738279152686973]
["ED-51017","SETOP","ATERRAMENTO COMPLETO PARA PARA-RAIOS, COM HASTE DE COBRE DE ALTA CAMADA, TIPO COPPERWELD, DIÂMETRO DE 3/4\", COMPRIMENTO DE 240CM, EXCLUSIVE CABO, INCLUSIVE CAIXA DE INSPEÇÃO COM TAMPA EM FERRO FUNDIDO E GRAMPO PARA HASTE","un",3,1422.8,4268.3999999999996,1.3759505087970584E-3,0.89875874203566675]
[86932,"SINAPI","VASO SANITÁRIO SIFONADO COM CAIXA ACOPLADA LOUÇA BRANCA - PADRÃO MÉDIO, INCLUSO ENGATE FLEXÍVEL EM METAL CROMADO, 1/2  X 40CM - FORNECIMENTO E INSTALAÇÃO. AF_01/2020","UN",6,704.75,4228.5,1.3630884468298103E-3,0.90012183048249661]
[98680,"SINAPI","PISO CIMENTADO, TRAÇO 1:3 (CIMENTO E AREIA), ACABAMENTO LISO, ESPESSURA 3,0 CM, PREPARO MECÂNICO DA ARGAMASSA. AF_09/2020","M2",68.180000000000007,61.77,4211.4799999999996,1.3576019231535555E-3,0.90147943240565021]
["ED-50493","SETOP","PINTURA ESMALTE BASE SOLVENTE EM ESQUADRIA DE MADEIRA, DUAS (2) DEMÃOS, INCLUSIVE UMA (1) DEMÃO DE FUNDO NIVELADOR, EXCLUSIVE MASSA A ÓLEO","m2",111.3,37.75,4201.58,1.3544105844699526E-3,0.90283384299012015]
[104737,"SINAPI","REATERRO MANUAL DE VALAS, COM PLACA VIBRATÓRIA. AF_08/2023","M3",172.47,24.22,4177.22,1.3465579571636326E-3,0.9041804009472838]
[92868,"SINAPI","CAIXA RETANGULAR 4\" X 2\" MÉDIA (1,30 M DO PISO), METÁLICA, INSTALADA EM PAREDE - FORNECIMENTO E INSTALAÇÃO. AF_03/2023","UN",207,19.95,4129.6499999999996,1.3312234136101989E-3,0.90551162436089405]
[87745,"SINAPI","CONTRAPISO EM ARGAMASSA TRAÇO 1:4 (CIMENTO E AREIA), PREPARO MECÂNICO COM BETONEIRA 400 L, APLICADO EM ÁREAS MOLHADAS SOBRE LAJE, ADERIDO, ACABAMENTO NÃO REFORÇADO, ESPESSURA 3CM. AF_07/2021","M2",64.510000000000005,63.95,4125.41,1.3298566180527771E-3,0.90684148097894679]
[101880,"SINAPI","QUADRO DE DISTRIBUIÇÃO DE ENERGIA EM CHAPA DE AÇO GALVANIZADO, DE EMBUTIR, COM BARRAMENTO TRIFÁSICO, PARA 30 DISJUNTORES DIN 150A - FORNECIMENTO E INSTALAÇÃO. AF_10/2020","UN",5,824.05,4120.25,1.3281932536479901E-3,0.90816967423259476]
["ED-50266","SETOP","LIMPEZA FINAL PARA ENTREGA DA OBRA","m2",443.56,8.84,3921.07,1.2639860981934409E-3,0.90943366033078821]
[98295,"SINAPI","CABO ELETRÔNICO CATEGORIA 5E, INSTALADO EM EDIFICAÇÃO INSTITUCIONAL - FORNECIMENTO E INSTALAÇÃO. AF_11/2019","M",594.9,6.55,3896.6,1.256098011568414E-3,0.91068975834235666]
[91924,"SINAPI","CABO DE COBRE FLEXÍVEL ISOLADO, 1,5 MM², ANTI-CHAMA 450/750 V, PARA CIRCUITOS TERMINAIS - FORNECIMENTO E INSTALAÇÃO. AF_03/2023","M",1070.8,3.6,3854.88,1.2426492590552913E-3,0.91193240760141192]
["COT-DAD-001","COTAÇÃO","NVR 16 PORTAS","UN ",1,3741.17,3741.17,1.2059939942358476E-3,0.91313840159564774]
["ED-48700","SETOP","ATERRAMENTO COM HASTE DE COBRE, TIPO COPPERWELD, DIÂMETRO DE  5/8\", COMPRIMENTO DE 240CM, EXCLUSIVE CABO E CAIXA PARA ATERRAMENTO, INCLUSIVE GRAMPO PARA HASTE E INSTALAÇÃO","un",12,307.25,3687,1.1885318915600121E-3,0.91432693348720773]
["ED-50137","SETOP","MOBILIZAÇÃO E DESMOBILIZAÇÃO DE CONTAINER, INCLUSIVE CARGA, DESCARGA E TRANSPORTE EM CAMINHÃO CARROCERIA COM GUINDAUTO (MUNCK), EXCLUSIVE LOCAÇÃO DO CONTAINER","un",2,1829.27,3658.54,1.1793575987382604E-3,0.91550629108594594]
[105126,"SINAPI","INSTALAÇÃO DE CONCERTINA SIMPLES, ESPIRAL DE 300 MM. AF_03/2024","M",95,37.979999999999997,3608.1,1.1630978893240247E-3,0.91666938897526995]
[96525,"SINAPI","ESCAVAÇÃO MECANIZADA PARA VIGA BALDRAME OU SAPATA CORRIDA COM MINI-ESCAVADEIRA (INCLUINDO ESCAVAÇÃO PARA COLOCAÇÃO DE FÔRMAS). AF_01/2024","M3",53.17,67.22,3574.09,1.1521345126947989E-3,0.91782152348796475]
[90282,"SINAPI","GRAUTE FGK=15 MPA; TRAÇO 1:2,2:2,5:0,3 (EM MASSA SECA DE CIMENTO/ AREIA GROSSA/ BRITA 0/ ADITIVO) - PREPARO MECÂNICO COM BETONEIRA 400 L. AF_09/2021","M3",5.14,670.97,3448.79,1.1117431251134401E-3,0.91893326661307817]
["ED-51003","SETOP","SOLEIRA DE GRANITO, NA COR CINZA ANDORINHA, ESP. 3CM, ACABAMENTO POLIDO, ASSENTAMENTO COM ARGAMASSA INDUSTRIALIZADA, INCLUSIVE REJUNTAMENTO","m2",7.87,433.07,3408.26,1.0986779779572353E-3,0.92003194459103543]
["COT-DAD-005","COTAÇÃO","ACCESS POINT","UN ",3,1134.68,3404.04,1.0973176295486691E-3,0.92112926222058411]
[91996,"SINAPI","TOMADA MÉDIA DE EMBUTIR (1 MÓDULO), 2P+T 10 A, INCLUINDO SUPORTE E PLACA - FORNECIMENTO E INSTALAÇÃO. AF_03/2023","UN",83,40.99,3402.17,1.0967148211306554E-3,0.92222597704171472]
["ED-50943","SETOP","CORRIMÃO DUPLO EM TUBO DE AÇO INOX D = 1 1/2\"   FIXADO EM ALVENARIA","m",6,551.45000000000005,3308.7,1.0665840709532441E-3,0.923292561112668]
[96521,"SINAPI","ESCAVAÇÃO MECANIZADA PARA BLOCO DE COROAMENTO OU SAPATA COM RETROESCAVADEIRA (INCLUINDO ESCAVAÇÃO PARA COLOCAÇÃO DE FÔRMAS). AF_01/2024","M3",62.7,52.56,3295.51,1.0623321762828683E-3,0.92435489328895082]
[94651,"SINAPI","TUBO, PVC, SOLDÁVEL, DE 50MM, INSTALADO EM RESERVAÇÃO PREDIAL DE ÁGUA - FORNECIMENTO E INSTALAÇÃO. AF_04/2024","M",124.35,26.5,3295.27,1.062254810496599E-3,0.92541714809944742]
[89714,"SINAPI","TUBO PVC, SERIE NORMAL, ESGOTO PREDIAL, DN 100 MM, FORNECIDO E INSTALADO EM RAMAL DE DESCARGA OU RAMAL DE ESGOTO SANITÁRIO. AF_08/2022","M",72.34,45.02,3256.75,1.0498376018003984E-3,0.92646698570124786]
["ED-48189","SETOP","SABONETEIRA PLASTICA TIPO DISPENSER PARA SABONETE LIQUIDO COM RESERVATORIO 1500 ML","U",29,111.04,3220.1600000000003,1.0380425429687792E-3,0.92750502824421666]
["ED-13287","SETOP","CAMADA DE REGULARIZAÇÃO COM ARGAMASSA, TRAÇO 1:3 (CIMENTO E AREIA), ESP. 20MM, APLICAÇÃO MANUAL, INCLUSIVE ARGAMASSA COM PREPARO MECANIZADO","m2",71.7,44.35,3179.9,1.0250644323221269E-3,0.92853009267653874]
["ED-48343","SETOP","BANCADA EM GRANITO CINZA ANDORINHA E = 3 CM, APOIADA EM CONSOLE DE METALON 20 X 30 MM","m2",6.6300000000000008,476.05,3156.21,1.0174277845024751E-3,0.92954752046104117]
[92764,"SINAPI","ARMAÇÃO DE PILAR OU VIGA DE ESTRUTURA CONVENCIONAL DE CONCRETO ARMADO UTILIZANDO AÇO CA-50 DE 16,0 MM - MONTAGEM. AF_06/2022","KG",285.5,10.99,3137.65,1.0114448303643266E-3,0.93055896529140547]
["ACE-004","CPU","PISO TATIL DE ALERTA OU DIRECIONAL, DE BORRACHA, PRETO, 25 X 25 CM, E = 12 MM, PARA ARGAMASSA - FORNECIMENTO E INSTALAÇÃO ","M2    ",4.75,655.63,3114.24,1.0038984426286551E-3,0.93156286373403407]
["COT-ACE-001","COTAÇÃO","CHAPA DE PROTEÇÃO IMPACTO PARA PORTA 40X80","UN ",12,259.14999999999998,3109.7999999999997,1.0024671755826755E-3,0.9325653309096168]
["ALV-001","CPU","CORRIMÃO DUPLO EM TUBO DE AÇO INOX D = 1 1/2\" FIXADO EM PISO","M",5.52,544.51,3005.7,9.6890976578842627E-4,0.93353424067540525]
[104920,"SINAPI","ARMAÇÃO DE BLOCO, SAPATA ISOLADA, VIGA BALDRAME E SAPATA CORRIDA UTILIZANDO AÇO CA-50 DE 12,5 MM - MONTAGEM. AF_01/2024","KG",224.89999999999998,13.09,2943.9399999999996,9.4900097012182833E-4,0.9344832416455271]
[96543,"SINAPI","ARMAÇÃO DE BLOCO UTILIZANDO AÇO CA-60 DE 5 MM - MONTAGEM. AF_01/2024","KG",122.4,23.58,2886.19,9.3038482780081122E-4,0.93541362647332793]
["ED-51019","SETOP","BARRA CHATA DE ALUMÍNIO 7/8\" X 1/8\" X 3M","U",82,35.090000000000003,2877.38,9.2754485872984741E-4,0.93634117133205774]
[96616,"SINAPI","LASTRO DE CONCRETO MAGRO, APLICADO EM BLOCOS DE COROAMENTO OU SAPATAS. AF_01/2024","M3",2.85,1009.22,2876.28,9.2719026554278041E-4,0.93726836159760052]
["ED-50986","SETOP","PORTÃO EM TUBO DE AÇO GALVANIZADO COM COSTURA, DIÂMETRO DE 1.1/2\" (38,1MM), ESP. 2MM, COM TELA QUADRICULADA ONDULADA, TRAMA DE 1/2\" (12,70MM), FIO 12 (2,77MM), EXCLUSIVE CADEADO E PINTURA","m2",4.2,682.99,2868.56,9.247016660844556E-4,0.93819306326368501]
["ED-49197","SETOP","CAIXA DE INSPEÇÃO EM CONCRETO, TIPO \"ZA\" PASSEIO, PADRÃO CEMIG, DIMENSÃO (28X28)CM, ALTURA 40CM, COM TAMPA E ARO ARTICULADO EM FERRO FUNDIDO, INCLUSIVE ESCAVAÇÃO, APILOAMENTO, LASTRO DE BRITA, REATERRO E TRANSPORTE COM RETIRADA DO MATERIAL ESCAVADO (EM CAÇAMBA)","un",11,253.67,2790.37,8.9949653763284803E-4,0.93909255980131789]
["COT-ARQ-007","COTAÇÃO","JANELA ESQUADRIA MAXIM-AR 1,60 X 0,70 M - PINTURA PRETA E VIDRO TEMPERADO FUME 6MM","UN ",2,1382.19,2764.38,8.9111846769478328E-4,0.93998367826901263]
[102610,"SINAPI","CAIXA D´ÁGUA EM POLIETILENO, 3000 LITROS - FORNECIMENTO E INSTALAÇÃO. AF_06/2021","UN",1,2762.43,2762.43,8.9048987068134631E-4,0.94087416813969393]
[91845,"SINAPI","ELETRODUTO FLEXÍVEL CORRUGADO REFORÇADO, PVC, DN 25 MM (3/4\"), PARA CIRCUITOS TERMINAIS, INSTALADO EM LAJE - FORNECIMENTO E INSTALAÇÃO. AF_03/2023","M",257.39999999999998,10.52,2707.85,8.7289560145396752E-4,0.94174706374114792]
["COT-ARQ-006","COTAÇÃO","JANELA ESQUADRIA MAXIM-AR 1,60 X 0,60 M - PINTURA PRETA E VIDRO TEMPERADO FUME 6MM","UN ",2,1284.25,2568.5,8.2797509180143494E-4,0.94257503883294935]
[88484,"SINAPI","FUNDO SELADOR ACRÍLICO, APLICAÇÃO MANUAL EM TETO, UMA DEMÃO. AF_04/2023","M2",404.04,6.31,2549.4899999999998,8.2184707681403171E-4,0.94339688590976334]
["COT-SPDA-002","COTAÇÃO","CONECTOR ATERRINSERT","UN ",30,84.76,2542.8000000000002,8.1969050552177882E-4,0.94421657641528511]
[92771,"SINAPI","ARMAÇÃO DE LAJE DE ESTRUTURA CONVENCIONAL DE CONCRETO ARMADO UTILIZANDO AÇO CA-50 DE 10,0 MM - MONTAGEM. AF_06/2022","KG",193.2,12.96,2503.87,8.0714113027403498E-4,0.94502371754555914]
[93660,"SINAPI","DISJUNTOR BIPOLAR TIPO DIN, CORRENTE NOMINAL DE 10A - FORNECIMENTO E INSTALAÇÃO. AF_10/2020","UN",23,108.45,2494.35,8.0407228741869157E-4,0.94582778983297788]
[97328,"SINAPI","TUBO EM COBRE FLEXÍVEL, DN 3/8\", COM ISOLAMENTO, INSTALADO EM RAMAL DE ALIMENTAÇÃO DE AR CONDICIONADO COM CONDENSADORA INDIVIDUAL - FORNECIMENTO E INSTALAÇÃO. AF_12/2015","M",40.700000000000003,58.45,2378.92,7.668625677976522E-4,0.94659465240077556]
[101881,"SINAPI","QUADRO DE DISTRIBUIÇÃO DE ENERGIA EM CHAPA DE AÇO GALVANIZADO, DE EMBUTIR, COM BARRAMENTO TRIFÁSICO, PARA 40 DISJUNTORES DIN 100A - FORNECIMENTO E INSTALAÇÃO. AF_10/2020","UN",2,1183.82,2367.64,7.6322637584300156E-4,0.94735787877661859]
[89865,"SINAPI","TUBO, PVC, SOLDÁVEL, DE 25MM, INSTALADO EM DRENO DE AR-CONDICIONADO - FORNECIMENTO E INSTALAÇÃO. AF_08/2022","M",119,19.87,2364.5300000000002,7.6222384419593042E-4,0.94812010262081448]
[86919,"SINAPI","TANQUE DE LOUÇA BRANCA COM COLUNA, 30L OU EQUIVALENTE, INCLUSO SIFÃO FLEXÍVEL EM PVC, VÁLVULA METÁLICA E TORNEIRA DE METAL CROMADO PADRÃO MÉDIO - FORNECIMENTO E INSTALAÇÃO. AF_01/2020","UN",2,1172.27,2344.54,7.5577991891459463E-4,0.9488758825397291]
[89712,"SINAPI","TUBO PVC, SERIE NORMAL, ESGOTO PREDIAL, DN 50 MM, FORNECIDO E INSTALADO EM RAMAL DE DESCARGA OU RAMAL DE ESGOTO SANITÁRIO. AF_08/2022","M",72.209999999999994,32.33,2334.5500000000002,7.5255956806114085E-4,0.94962844210779029]
["ED-51121","SETOP","REATERRO MANUAL DE VALA, INCLUSIVE ESPALHAMENTO E COMPACTAÇÃO MECANIZADA COM PLACA VIBRATÓRIA","m3",44.47,52.01,2312.88,7.4557408227592093E-4,0.95037401619006623]
[90443,"SINAPI","RASGO LINEAR MANUAL EM ALVENARIA, PARA RAMAIS/ DISTRIBUIÇÃO DE INSTALAÇÕES HIDRÁULICAS, DIÂMETROS MENORES OU IGUAIS A 40 MM. AF_09/2023","M",254.84,8.94,2278.2700000000004,7.3441729118102223E-4,0.9511084334812473]
["COT-CLI-001","COTAÇÃO","CABO PP TETRAPOLAR, 4X2,5MM², 1KV","M",57.6,38.57,2221.63,7.1615896562149969E-4,0.95182459244686879]
["ED-51021","SETOP","RE-BAR 8MM X 4M COM 3 CLIPS PARA EMENDA 8-10MM","U",31,70.989999999999995,2200.69,7.0940880076951528E-4,0.95253400124763832]
["ED-2552","SETOP","LAVATÓRIO DE CANTO DE LOUÇA BRANCA SEM COLUNA, TAMANHO PEQUENO, INCLUSIVE ACESSÓRIOS DE FIXAÇÃO COM PARAFUSO CASTELO, VÁLVULA DE ESCOAMENTO DE METAL COM ACABAMENTO CROMADO, SIFÃO DE METAL TIPO COPO COM ACABAMENTO CROMADO, FORNECIMENTO, INSTALAÇÃO E REJUNTAMENTO, EXCLUSIVE TORNEIRA E ENGATE FLEXÍVEL","un",3,732.95,2198.8500000000004,7.0881566307478508E-4,0.95324281691071311]
[96545,"SINAPI","ARMAÇÃO DE BLOCO UTILIZANDO AÇO CA-50 DE 8 MM - MONTAGEM. AF_01/2024","KG",113.9,19.28,2195.9899999999998,7.0789372078841075E-4,0.9539507106315015]
[89584,"SINAPI","JOELHO 90 GRAUS, PVC, SERIE R, ÁGUA PLUVIAL, DN 100 MM, JUNTA ELÁSTICA, FORNECIDO E INSTALADO EM CONDUTORES VERTICAIS DE ÁGUAS PLUVIAIS. AF_06/2022","UN",42,52.27,2195.34,7.0768418845059853E-4,0.95465839481995207]
[87905,"SINAPI","CHAPISCO APLICADO EM ALVENARIA (COM PRESENÇA DE VÃOS) E ESTRUTURAS DE CONCRETO DE FACHADA, COM COLHER DE PEDREIRO.  ARGAMASSA TRAÇO 1:3 COM PREPARO EM BETONEIRA 400L. AF_10/2022","M2",218.29000000000002,9.43,2058.4699999999998,6.6356312525618058E-4,0.95532195794520824]
[92004,"SINAPI","TOMADA MÉDIA DE EMBUTIR (2 MÓDULOS), 2P+T 10 A, INCLUINDO SUPORTE E PLACA - FORNECIMENTO E INSTALAÇÃO. AF_03/2023","UN",31,65.47,2029.57,6.5424699515960222E-4,0.95597620494036784]
[91936,"SINAPI","CAIXA OCTOGONAL 4\" X 4\", PVC, INSTALADA EM LAJE - FORNECIMENTO E INSTALAÇÃO. AF_03/2023","UN",89,22.5,2002.5,6.4552077918332627E-4,0.95662172571955117]
["10.47.07","SUDECAP","BEBEDOURO INDUSTRIAL 50L","UN",1,1993.27,1993.27,6.4254541998639138E-4,0.9572642711395376]
[96622,"SINAPI","LASTRO COM MATERIAL GRANULAR, APLICADO EM PISOS OU LAJES SOBRE SOLO, ESPESSURA DE *5 CM*. AF_01/2024","M3",6.4984999999999999,304.76,1980.94,6.3857075271681323E-4,0.95790284189225439]
["ED-48182","SETOP","DISPENSER EM PLÁSTICO PARA PAPEL TOALHA 2 OU 3 FOLHAS","U",22,89.5,1969,6.3472180484992237E-4,0.9585375636971043]
["ED-15752","SETOP","CONJUNTO DE UMA (1) TOMADA DE DADOS (CONECTOR RJ45 CAT.6E), COM PLACA 4\"X2\" DE UM (1) POSTO, INCLUSIVE FORNECIMENTO, INSTALAÇÃO, SUPORTE, MÓDULO E PLACA","un",23,85.42,1964.66,6.3332277354822164E-4,0.95917088647065252]
[92917,"SINAPI","ARMAÇÃO DE ESTRUTURAS DIVERSAS DE CONCRETO ARMADO, EXCETO VIGAS, PILARES, LAJES E FUNDAÇÕES, UTILIZANDO AÇO CA-50 DE 8,0 MM - MONTAGEM. AF_06/2022","KG",117.45,16.72,1963.76,6.3303265184971229E-4,0.95980391912250218]
["ED-49889","SETOP","CAIXA DE ESGOTO DE INSPEÇÃO/PASSAGEM EM ALVENARIA (60X60X100CM), REVESTIMENTO EM ARGAMASSA COM ADITIVO IMPERMEABILIZANTE, COM TAMPA DE CONCRETO, INCLUSIVE ESCAVAÇÃO, REATERRO E TRANSPORTE COM RETIRADA DO MATERIAL ESCAVADO (EM CAÇAMBA)","un",2,959.81,1919.62,6.1880379432504207E-4,0.96042272291682718]
[95601,"SINAPI","ARRASAMENTO MECANICO DE ESTACA DE CONCRETO ARMADO, DIAMETROS DE ATÉ 40 CM. AF_05/2021","UN",95,20.07,1906.65,6.1462281829207949E-4,0.96103734573511923]
["EST-002","CPU","ESTACA BROCA DE CONCRETO, DIÂMETRO DE 20CM, ESCAVAÇÃO MANUAL COM TRADO CONCHA, EXCETO ARMADURA","M",32.5,58.19,1891.18,6.0963594865214629E-4,0.96164698168377138]
[104918,"SINAPI","ARMAÇÃO DE SAPATA ISOLADA, VIGA BALDRAME E SAPATA CORRIDA UTILIZANDO AÇO CA-50 DE 8 MM - MONTAGEM. AF_01/2024","KG",109.5,17.25,1888.88,6.0889452653373351E-4,0.96225587621030517]
["ED-48374","SETOP","PATCH PANEL 48 POSIÇÕES, CATEGORIA COM GUIA TRASEIRO","cj",1,1836.64,1836.64,5.9205457372247909E-4,0.96284793078402764]
["ED-50324","SETOP","TORNEIRA METÁLICA PARA PIA, BICA MÓVEL, ABERTURA 1/4 DE VOLTA, ACABAMENTO CROMADO, COM AREJADOR, APLICAÇÃO DE MESA, INCLUSIVE ENGATE FLEXÍVEL METÁLICO, FORNECIMENTO E INSTALAÇÃO","un",8,229.02,1832.16,5.9061041237878811E-4,0.96343854119640637]
["ACE-005","CPU","PLACA TÁTIL BRAILLE EM ACRÍLICO 30X10 CM (ATÉ 3 PALAVRAS) - FORNECIMENTO E INSTALAÇÃO","UN",29,61.67,1788.43,5.7651372140566108E-4,0.96401505491781203]
[87414,"SINAPI","APLICAÇÃO MANUAL DE GESSO DESEMPENADO (SEM TALISCAS) EM TETO DE AMBIENTES DE ÁREA MAIOR QUE 10M², ESPESSURA DE 1,0CM. AF_03/2023","M2",54.82,32.450000000000003,1778.91,5.7344487855031756E-4,0.9645884997963623]
["SPDA-002","CPU","INSTALAÇÃO CONECTOR ATERRINSERT","UN",30,59.08,1772.3999999999999,5.7134633159776653E-4,0.96515984612796002]
["ED-13345","SETOP","LUMINÁRIA ARANDELA TIPO MEIA-LUA COMPLETA, DIÂMETRO 25 CM, PARA UMA (1) LÂMPADA LED, POTÊNCIA 15W, BULBO A65, FORNECIMENTO E INSTALAÇÃO, INCLUSIVE BASE E LÂMPADA","un",19,92.34,1754.46,5.6556323907414659E-4,0.96572540936703422]
["ARQ-004","CPU","PORTA PIVOTANTE DE VIDRO JATEADO, 2 FOLHAS DE 70X210 CM, ESPESSURA DE 6MM, INCLUSIVE ACESSÓRIOS.","UN ",1,1705.43,1705.43,5.4975805365424231E-4,0.96627516742068842]
[97327,"SINAPI","TUBO EM COBRE FLEXÍVEL, DN 1/4\", COM ISOLAMENTO, INSTALADO EM RAMAL DE ALIMENTAÇÃO DE AR CONDICIONADO COM CONDENSADORA INDIVIDUAL   FORNECIMENTO E INSTALAÇÃO. AF_12/2015","M",47.9,34.659999999999997,1660.21,5.3518105009136088E-4,0.96681034847077973]
[91836,"SINAPI","ELETRODUTO FLEXÍVEL CORRUGADO, PVC, DN 32 MM (1\"), PARA CIRCUITOS TERMINAIS, INSTALADO EM FORRO - FORNECIMENTO E INSTALAÇÃO. AF_03/2023_PA","M",66.900000000000006,24.59,1645.07,5.3030055840754778E-4,0.96734064902918726]
[92765,"SINAPI","ARMAÇÃO DE PILAR OU VIGA DE ESTRUTURA CONVENCIONAL DE CONCRETO ARMADO UTILIZANDO AÇO CA-50 DE 20,0 MM - MONTAGEM. AF_06/2022","KG",126.7,12.55,1590.09,5.1257734620305381E-4,0.96785322637539029]
[100574,"SINAPI","ESPALHAMENTO DE MATERIAL COM TRATOR DE ESTEIRAS. AF_09/2024","M3",909.08722222222218,1.74,1581.8100000000002,5.0990822657676776E-4,0.9683631346019671]
[93382,"SINAPI","REATERRO MANUAL DE VALAS, COM COMPACTADOR DE SOLOS DE PERCUSSÃO. AF_08/2023","M3",51.35,30.49,1565.66,5.0470215387573864E-4,0.96886783675584287]
[103316,"SINAPI","ALVENARIA DE VEDAÇÃO DE BLOCOS VAZADOS DE CONCRETO DE 9X19X39 CM (ESPESSURA 9 CM) E ARGAMASSA DE ASSENTAMENTO COM PREPARO EM BETONEIRA. AF_12/2021","M2",16.440000000000001,94.82,1558.84,5.0250367611592319E-4,0.9693703404319588]
["SPDA-001","CPU","INSTALAÇÃO SUPORTE DE FIXAÇÃO PARA BARRA CHATA TEL726","UN",34,45.73,1554.82,5.0120779919591478E-4,0.96987154823115473]
["ARQ-002","CPU","PORTÃO PARA GRADIL, TIPO CORRER - FORNECIMENTO E INSTALAÇÃO","M2",3.9000000000000004,392.23,1529.7,4.9311018023307581E-4,0.97036465841138786]
["ED-28427","SETOP","FORNECIMENTO E COLOCAÇÃO DE PLACA DE OBRA EM CHAPA GALVANIZADA #26, ESP. 0,45MM, DIMENSÃO (3X1,5)M, PLOTADA COM ADESIVO VINÍLICO, AFIXADA COM REBITES 4,8X40MM, EM ESTRUTURA METÁLICA DE METALON 20X20MM, ESP. 1,25MM, INCLUSIVE SUPORTE EM EUCALIPTO AUTOCLAVADO PINTADO COM TINTA PVA DUAS (2) DEMÃOS","un",1,1520.31,1520.31,4.9008324384529475E-4,0.97085474165523311]
[91928,"SINAPI","CABO DE COBRE FLEXÍVEL ISOLADO, 4 MM², ANTI-CHAMA 450/750 V, PARA CIRCUITOS TERMINAIS - FORNECIMENTO E INSTALAÇÃO. AF_03/2023","M",184.70000000000002,8.2100000000000009,1516.39,4.8881960266956511E-4,0.97134356125790267]
["ED-48160","SETOP","BARRA DE APOIO EM AÇO INOX POLIDO RETA, DN 1.1/4\" (31,75MM), PARA ACESSIBILIDADE (PMR/PCR), COMPRIMENTO 80CM, INSTALADO EM PAREDE, INCLUSIVE FORNECIMENTO, INSTALAÇÃO E ACESSÓRIOS PARA FIXAÇÃO","un",6,246.81,1480.8600000000001,4.7736624272730121E-4,0.97182092750062998]
["ELE-002","CPU","INSTALAÇÃO DE GERADOR TRIFÁSICO 5,5 KVA - CABINADO ","UN",1,1477.12,1477.12,4.7616062589127332E-4,0.97229708812652127]
["ED-48372","SETOP","PATCH CORD RJ45/RJ45 UTP-4P METÁLICO CATEGORIA 6, PINAGEM T568A (VOZ), COMPRIMENTO 3 METROS","un",50,27.79,1389.5,4.479156667541732E-4,0.97274500379327544]
["COT-ARQ-005","COTAÇÃO","JANELA ESQUADRIA TIPO GUILHOTINA 1,00 X 1,00 M - PINTURA PRETA E VIDRO TEMPERADO FUME 6MM","UN ",1,1358.82,1358.82,4.3802574040943188E-4,0.97318302953368485]
["ED-48167","SETOP","BARRA DE APOIO EM AÇO INOX POLIDO PARA LAVATÓRIO DE CANTO, DN 1.1/4\" (31,75MM), PARA ACESSIBILIDADE (PMR/PCR), INSTALADO EM PAREDE, INCLUSIVE FORNECIMENTO, INSTALAÇÃO E ACESSÓRIOS PARA FIXAÇÃO","un",6,225.85,1355.1,4.3682657072225989E-4,0.97361985610440716]
[39461,"SINAPI","DISPOSITIVO DR, 4 POLOS, SENSIBILIDADE DE 300 MA, CORRENTE DE 40 A, TIPO AC                                                                                                                                                                                                                                                                                                                                                                                                                               ","UN    ",3,448.81,1346.43,4.340317316932864E-4,0.97405388783610047]
["ED-50151","SETOP","LIGAÇÃO PROVISÓRIA COM ENTRADA DE ENERGIA AÉREA, PADRÃO CEMIG, CARGA INSTALADA DE 15,1KVA ATÉ 30KVA, TRIFÁSICO, COM SAÍDA SUBTERRÂNEA, INCLUSIVE POSTE, CAIXA PARA MEDIDOR, DISJUNTOR, BARRAMENTO, ATERRAMENTO E ACESSÓRIOS","un",1,1342.27,1342.27,4.3269072473128758E-4,0.97448657856083176]
["16.20.20","SUDECAP","ESPELHO CRISTAL, E = 4 MM, APARAFUSADO, ÁREA MENOR OU IGUAL A 1,0 M2, FORNECIMENTO E INSTALAÇÃO REF 102143","M2",5.0100000000000007,267.23,1338.82,4.3157859155366836E-4,0.97491815715238539]
["COT-SPDA-001","COTAÇÃO","SUPORTE DE FIXAÇÃO PARA BARRA CHATA TEL726","UN ",34,38.68,1315.12,4.2393872015958849E-4,0.97534209587254495]
["ED-29818","SETOP","MOBILIZAÇÃO E DESMOBILIZAÇÃO DE EQUIPAMENTO PARA ESTACA TIPO TRADO ROTATIVO (CUSTO VARIÁVEL), EXCLUSIVE CUSTO FIXO DE TRANSPORTE","km",50,26.13,1306.5,4.2115999900275443E-4,0.97576325587154766]
["ED-48402","SETOP","CUMEEIRA GALVANIZADA TRAPEZOIDAL, TIPO SIMPLES, ESP. 0,50MM, ACABAMENTO NATURAL, INCLUSIVE ACESSÓRIOS PARA FIXAÇÃO, FORNECIMENTO, INSTALAÇÃO E IÇAMENTO MANUAL VERTICAL","m",14,91.25,1277.5,4.1181163316189731E-4,0.97617506750470961]
["ED-49950","SETOP","CAIXA DE INSPEÇÃO DE POLIETILENO , Ø 100 MM","un",3,423.74,1271.22,4.0978722842118756E-4,0.97658485473313084]
[97329,"SINAPI","TUBO EM COBRE FLEXÍVEL, DN 1/2\", COM ISOLAMENTO, INSTALADO EM RAMAL DE ALIMENTAÇÃO DE AR CONDICIONADO COM CONDENSADORA INDIVIDUAL - FORNECIMENTO E INSTALAÇÃO. AF_12/2015","M",16.899999999999999,74.14,1252.97,4.0390420509030332E-4,0.97698875893822112]
[100982,"SINAPI","CARGA, MANOBRA E DESCARGA DE ENTULHO EM CAMINHÃO BASCULANTE 10 M³ - CARGA COM ESCAVADEIRA HIDRÁULICA  (CAÇAMBA DE 0,80 M³ / 111 HP) E DESCARGA LIVRE (UNIDADE: M3). AF_07/2020","M3",109.69,11.24,1232.92,3.9744093836240036E-4,0.97738619987658348]
["ED-50274","SETOP","LOCAÇÃO TOPOGRÁFICA PARA ATÉ VINTE (20) PONTOS REFERENCIAIS, INCLUSIVE ESTACA (PIQUETE) DE MARCAÇÃO","un",13,93.43,1214.5900000000001,3.9153212643609309E-4,0.97777773200301954]
["ED-13934","SETOP","CABO DE COBRE NU #35MM2 - 7 FIOSX2,50MM, PARA ELEMENTOS DE CAPTAÇÃO/ANEL DE CINTAMENTO (SPDA), INCLUSIVE PRESILHA DE FIXAÇÃO","m",21.7,55.9,1213.03,3.9102924882534345E-4,0.97816876125184493]
[97669,"SINAPI","ELETRODUTO FLEXÍVEL CORRUGADO, PEAD, DN 90 (3\"), PARA REDE ENTERRADA DE DISTRIBUIÇÃO DE ENERGIA ELÉTRICA - FORNECIMENTO E INSTALAÇÃO. AF_12/2021","M",56.1,21.11,1184.27,3.8175824877075546E-4,0.97855051950061567]
["ED-50014","SETOP","CAIXA SIFONADA EM PVC COM TAMPA CEGA 150 X 150 X 50 MM","un",13,90.94,1182.22,3.8109741601303972E-4,0.97893161691662867]
[92986,"SINAPI","CABO DE COBRE FLEXÍVEL ISOLADO, 35 MM², ANTI-CHAMA 0,6/1,0 KV, PARA REDE ENTERRADA DE DISTRIBUIÇÃO DE ENERGIA ELÉTRICA - FORNECIMENTO E INSTALAÇÃO. AF_12/2021","M",24.42,48.02,1172.6500000000001,3.7801245528555687E-4,0.97930962937191424]
[95577,"SINAPI","MONTAGEM DE ARMADURA DE ESTACAS, DIÂMETRO = 10,0 MM. AF_09/2021_PS","KG",85.25,13.08,1115.07,3.5945111372981354E-4,0.97966908048564405]
["SAN-002","CPU","JUNÇÃO SIMPLES, PVC, SERIE NORMAL, ESGOTO PREDIAL, DN 100 X 50 MM, JUNTA ELÁSTICA, FORNECIDO E INSTALADO","UN",20,55.03,1100.5999999999999,3.5478660153266857E-4,0.9800238670871767]
[97334,"SINAPI","TUBO EM COBRE FLEXÍVEL, DN 5/8\", COM ISOLAMENTO, INSTALADO EM RAMAL DE ALIMENTAÇÃO DE AR CONDICIONADO COM CONDENSADORA CENTRAL   FORNECIMENTO E INSTALAÇÃO. AF_12/2015","M",11.7,91.28,1067.98,3.4427130174891828E-4,0.98036813838892567]
["DADO-001","CPU","INSTALAÇÃO ACESSÓRIOS CABEAMENTO","UN",6,177.25,1063.5,3.4282714040522724E-4,0.9807109655293309]
[93653,"SINAPI","DISJUNTOR MONOPOLAR TIPO DIN, CORRENTE NOMINAL DE 10A - FORNECIMENTO E INSTALAÇÃO. AF_10/2020","UN",48,21.41,1027.68,3.3128029680455472E-4,0.98104224582613542]
["ED-50313","SETOP","CHUVEIRO ELÉTRICO CROMADO, TENSÃO 127V/220V, POTÊNCIA 5500W/6800W, INCLUSIVE BRAÇO, FORNECIMENTO E INSTALAÇÃO","un",3,338.44,1015.3199999999999,3.2729595881169276E-4,0.98136954178494706]
["COT-DAD-007","COTAÇÃO","RACK 16U 570MM","UN ",1,1012.95,1012.95,3.2653197167228486E-4,0.98169607375661938]
["SAN-004","CPU","ABRAÇADEIRA PARA FIXAÇÃO DE TUBOS","UN",42,24.07,1010.94,3.2588403321228061E-4,0.9820219577898317]
[39464,"SINAPI","DISPOSITIVO DR, 4 POLOS, SENSIBILIDADE DE 300 MA, CORRENTE DE 100 A, TIPO AC                                                                                                                                                                                                                                                                                                                                                                                                                              ","UN    ",1,1009.86,1009.86,3.2553588717406935E-4,0.9823474936770058]
[86886,"SINAPI","ENGATE FLEXÍVEL EM INOX, 1/2  X 30CM - FORNECIMENTO E INSTALAÇÃO. AF_01/2020","UN",13,76.7,997.1,3.2142260620409221E-4,0.98266891628320985]
["ED-50193","SETOP","EXTINTOR DE INCÊNDIO TIPO PÓ QUÍMICO 2-A:20-B:C, CAPACIDADE 6 KG","U",3,320.52999999999997,961.58999999999992,3.09975693410684E-4,0.98297889197662058]
[94694,"SINAPI","TÊ, PVC, SOLDÁVEL, DN 50 MM INSTALADO EM RESERVAÇÃO PREDIAL DE ÁGUA - FORNECIMENTO E INSTALAÇÃO. AF_04/2024","UN",35,27.4,959,3.091407876338626E-4,0.98328803276425447]
["ELE-001","CPU","INSTALAÇÃO DE QUADRO DE TRANSFERÊNCIA","UN",1,886.27,886.27,2.8569573081987844E-4,0.9835737284950743]
[91939,"SINAPI","CAIXA RETANGULAR 4\" X 2\" ALTA (2,00 M DO PISO), PVC, INSTALADA EM PAREDE - FORNECIMENTO E INSTALAÇÃO. AF_03/2023","UN",24,36.86,884.64,2.8517028818813368E-4,0.98385889878326238]
[89711,"SINAPI","TUBO PVC, SERIE NORMAL, ESGOTO PREDIAL, DN 40 MM, FORNECIDO E INSTALADO EM RAMAL DE DESCARGA OU RAMAL DE ESGOTO SANITÁRIO. AF_08/2022","M",33.33,25.25,841.58,2.7128957670167477E-4,0.98413018835996402]
["ED-49962","SETOP","RALO HEMISFÉRICO, TIPO ABACAXI, DIÂMETRO DE 100MM, EXCLUSIVE CONDUTOR DE ÁGUA PLUVIAL","un",14,59.04,826.56,2.664477679109963E-4,0.98439663612787498]
["ED-48164","SETOP","BARRA DE APOIO EM AÇO INOX POLIDO RETA, DN 1.1/4\" (31,75MM), PARA ACESSIBILIDADE (PMR/PCR), COMPRIMENTO 70CM, INSTALADO EM PAREDE, INCLUSIVE FORNECIMENTO, INSTALAÇÃO E ACESSÓRIOS PARA FIXAÇÃO","un",3,273.99,821.97,2.649681472485986E-4,0.98466160427512361]
[89559,"SINAPI","TÊ DE INSPEÇÃO, PVC, SERIE R, ÁGUA PLUVIAL, DN 100 MM, JUNTA ELÁSTICA, FORNECIDO E INSTALADO EM RAMAL DE ENCAMINHAMENTO. AF_06/2022","UN",10,81.17,811.7,2.6165753631116404E-4,0.98492326181143475]
[91953,"SINAPI","INTERRUPTOR SIMPLES (1 MÓDULO), 10A/250V, INCLUINDO SUPORTE E PLACA - FORNECIMENTO E INSTALAÇÃO. AF_03/2023","UN",23,34.83,801.08999999999992,2.5823732384318141E-4,0.98518149913527797]
["ED-49149","SETOP","CAIXA DE PASSAGEM, DIMENSÃO (20X20)CM, EM CHAPA DE AÇO, TIPO DE EMBUTIR, COM ACABAMENTO EM PINTURA ELETROSTÁTICA E TAMPA CEGA, INCLUSIVE FIXAÇÃO EM ALVENARIA","un",6,132.75,796.5,2.5675770318078371E-4,0.98543825683845876]
[92005,"SINAPI","TOMADA MÉDIA DE EMBUTIR (2 MÓDULOS), 2P+T 20 A, INCLUINDO SUPORTE E PLACA - FORNECIMENTO E INSTALAÇÃO. AF_03/2023","UN",11,70.709999999999994,777.81,2.5073284257507263E-4,0.9856889896810338]
["ED-48347","SETOP","RODABANCA/FRONTÃO PARA BANCADA EM GRANITO, COR CINZA ANDORINHA, ESP. 2CM, ALTURA DE 7CM, INCLUSIVE REJUNTAMENTO EM MASSA PLÁSTICA NA COR DA PEDRA","m",14.129999999999999,54.68,772.63,2.4906303102142989E-4,0.98593805271205526]
[95878,"SINAPI","TRANSPORTE COM CAMINHÃO BASCULANTE DE 10 M³, EM VIA URBANA PAVIMENTADA, DMT ATÉ 30 KM (UNIDADE: TXKM). AF_07/2020","TXKM",369.67,2.08,768.91,2.478638613342579E-4,0.9861859165733895]
[39460,"SINAPI","DISPOSITIVO DR, 4 POLOS, SENSIBILIDADE DE 300 MA, CORRENTE DE 25 A, TIPO AC                                                                                                                                                                                                                                                                                                                                                                                                                               ","UN    ",2,383.02,766.04,2.4693869547345578E-4,0.98643285526886293]
[2374,"SINAPI","DISJUNTOR TERMOMAGNETICO TRIPOLAR 150 A / 600 V, TIPO FXD / ICC - 35 KA                                                                                                                                                                                                                                                                                                                                                                                                                                   ","UN    ",1,764.16,764.16,2.4633266348101404E-4,0.98667918793234399]
[104917,"SINAPI","ARMAÇÃO DE SAPATA ISOLADA, VIGA BALDRAME E SAPATA CORRIDA UTILIZANDO AÇO CA-50 DE 6,3 MM - MONTAGEM. AF_01/2024","KG",40.6,18.559999999999999,753.54,2.4290922743860357E-4,0.98692209715978263]
[89731,"SINAPI","JOELHO 90 GRAUS, PVC, SERIE NORMAL, ESGOTO PREDIAL, DN 50 MM, JUNTA ELÁSTICA, FORNECIDO E INSTALADO EM RAMAL DE DESCARGA OU RAMAL DE ESGOTO SANITÁRIO. AF_08/2022","UN",43,17.399999999999999,748.19999999999993,2.4118783869411469E-4,0.98716328499847672]
[92772,"SINAPI","ARMAÇÃO DE LAJE DE ESTRUTURA CONVENCIONAL DE CONCRETO ARMADO UTILIZANDO AÇO CA-50 DE 12,5 MM - MONTAGEM. AF_06/2022","KG",67.900000000000006,10.88,738.75,2.3814156085976644E-4,0.98740142655933649]
[91860,"SINAPI","ELETRODUTO FLEXÍVEL CORRUGADO, PEAD, DN 40 MM (1 1/4\"), PARA CIRCUITOS TERMINAIS, INSTALADO EM PAREDE - FORNECIMENTO E INSTALAÇÃO. AF_03/2023","M",50.16,14.68,736.35,2.3736790299707481E-4,0.9876387944623336]
[91847,"SINAPI","ELETRODUTO FLEXÍVEL CORRUGADO REFORÇADO, PVC, DN 32 MM (1\"), PARA CIRCUITOS TERMINAIS, INSTALADO EM LAJE - FORNECIMENTO E INSTALAÇÃO. AF_03/2023","M",42.4,17.28,732.67,2.3618162760761431E-4,0.98787497608994124]
["COT-ELE-001","COTAÇÃO","CHAVE DE TRANSFERENCIA GERADOR",1,1,728.22,728.22,2.3474713698720695E-4,0.98810972322692847]
[89362,"SINAPI","JOELHO 90 GRAUS, PVC, SOLDÁVEL, DN 25MM, INSTALADO EM RAMAL OU SUB-RAMAL DE ÁGUA - FORNECIMENTO E INSTALAÇÃO. AF_06/2022","UN",67,10.81,724.27,2.3347382508819362E-4,0.98834319705201668]
[87415,"SINAPI","APLICAÇÃO MANUAL DE GESSO DESEMPENADO (SEM TALISCAS) EM TETO DE AMBIENTES DE ÁREA ENTRE 5M² E 10M², ESPESSURA DE 1,0CM. AF_03/2023","M2",17.12,42.01,719.21,2.3184269642768547E-4,0.98857503974844441]
[104328,"SINAPI","CAIXA SIFONADA, COM GRELHA QUADRADA, PVC, DN 150 X 150 X 50 MM, JUNTA SOLDÁVEL, FORNECIDA E INSTALADA EM RAMAL DE DESCARGA OU EM RAMAL DE ESGOTO SANITÁRIO. AF_08/2022","UN",9,78.37,705.33,2.2736837512178553E-4,0.98880240812356623]
[94678,"SINAPI","JOELHO 90 GRAUS, PVC, SOLDÁVEL, DN 50 MM INSTALADO EM RESERVAÇÃO PREDIAL DE ÁGUA - FORNECIMENTO E INSTALAÇÃO. AF_04/2024","UN",40,17.350000000000001,694,2.2371606529499548E-4,0.98902612418886127]
[92984,"SINAPI","CABO DE COBRE FLEXÍVEL ISOLADO, 25 MM², ANTI-CHAMA 0,6/1,0 KV, PARA REDE ENTERRADA DE DISTRIBUIÇÃO DE ENERGIA ELÉTRICA - FORNECIMENTO E INSTALAÇÃO. AF_12/2021","M",20,34.67,693.40000000000009,2.235226508293226E-4,0.98924964683969063]
["COT-ARQ-002","COTAÇÃO","JANELA ESQUADRIA MAXIM-AR 0,40 X 1,00 M - PINTURA PRETA E VIDRO TEMPERADO FUME 6MM","UN ",1,690.64,690.64,2.2263294428722719E-4,0.98947227978397789]
[101878,"SINAPI","QUADRO DE DISTRIBUIÇÃO DE ENERGIA EM CHAPA DE AÇO GALVANIZADO, DE SOBREPOR, COM BARRAMENTO TRIFÁSICO, PARA 18 DISJUNTORES DIN 100A - FORNECIMENTO E INSTALAÇÃO. AF_10/2020","UN",1,681.15,681.15,2.1957377215516739E-4,0.98969185355613309]
["CLI-001","CPU","INSTALAÇÃO DE CABOS PP ","UN ",57.6,11.81,680.26,2.1928687403108591E-4,0.98991114043016415]
[95637,"SINAPI","KIT CAVALETE PARA MEDIÇÃO DE ÁGUA - ENTRADA PRINCIPAL, EM AÇO GALVANIZADO DN 32 MM (1 1/4\") - FORNECIMENTO E INSTALAÇÃO (EXCLUSIVE HIDRÔMETRO). AF_03/2024","UN",1,673.98,673.98,2.1726246929037617E-4,0.99012840289945447]
[97637,"SINAPI","REMOÇÃO DE TAPUME/ CHAPAS METÁLICAS E DE MADEIRA, DE FORMA MANUAL, SEM REAPROVEITAMENTO. AF_09/2023","M2",209.00000000000003,3.2,668.80000000000018,2.1559265773673345E-4,0.99034399555719121]
["ED-50316","SETOP","DUCHA HIGIÊNICA COM REGISTRO PARA CONTROLE DE FLUXO DE ÁGUA, DIÂMETRO 1/2\" (20MM), INCLUSIVE FORNECIMENTO E INSTALAÇÃO","un",3,219.55,658.65000000000009,2.123207296924334E-4,0.99055631628688368]
["ED-15763","SETOP","CONJUNTO DE UM (1) MÓDULO COM FURO PARA SAÍDA DE FIO Ø10MM, COM PLACA 4\"X2\" DE UM (1) POSTO, INCLUSIVE FORNECIMENTO, INSTALAÇÃO, SUPORTE, MÓDULO E PLACA","un",33,19.57,645.80999999999995,2.0818166012703316E-4,0.99076449794701071]
[93672,"SINAPI","DISJUNTOR TRIPOLAR TIPO DIN, CORRENTE NOMINAL DE 40A - FORNECIMENTO E INSTALAÇÃO. AF_10/2020","UN",4,156.27000000000001,625.08000000000004,2.0149919033803426E-4,0.99096599713734879]
[89724,"SINAPI","JOELHO 90 GRAUS, PVC, SERIE NORMAL, ESGOTO PREDIAL, DN 40 MM, JUNTA SOLDÁVEL, FORNECIDO E INSTALADO EM RAMAL DE DESCARGA OU RAMAL DE ESGOTO SANITÁRIO. AF_08/2022","UN",50,11.93,596.5,1.9228621462314812E-4,0.99115828335197198]
["ED-50323","SETOP","TORNEIRA METÁLICA PARA IRRIGAÇÃO/JARDIM, ACABAMENTO CROMADO, APLICAÇÃO DE PAREDE, INCLUSIVE FORNECIMENTO E INSTALAÇÃO","un",9,65.86,592.74,1.9107415063826459E-4,0.99134935750261022]
["COT-DAD-002","COTAÇÃO","HD 2 TB","UN ",1,583.21,583.21,1.8800208420849325E-4,0.99153735958681866]
["ED-50924","SETOP","ALÇAPÃO (80X80)CM COM QUADRO DE CANTONEIRA METÁLICA 1\"X 1/8\", TAMPA EM CANTONEIRA 7/8\"X 1/8\" E CHAPA METÁLICA Nº18 VINCADA, INCLUSIVE FERROLHO, CADEADO E PINTURA ANTICORROSIVA","un",1,559.21,559.21,1.8026550558157699E-4,0.99171762509240025]
["ED-50150","SETOP","LIGAÇÃO DE ÁGUA PROVISÓRIA PARA CANTEIRO,  INCLUSIVE HIDRÔMETRO E CAVALETE PARA MEDIÇÃO DE ÁGUA - ENTRADA PRINCIPAL, EM AÇO GALVANIZADO DN 20MM (1/2\") - PADRÃO CONCESSIONÁRIA","un",1,555.48,555.48,1.7906311231997708E-4,0.99189668820472021]
["SAN-001","CPU","JOELHO PVC, COM BOLSA E ANEL, 90 GRAUS, DN 40 X *38* MM, SERIE NORMAL, PARA ESGOTO PREDIAL - FORNECIMENTO E INSTALAÇÃO","UN",25,21.72,543,1.7504009143398062E-4,0.9920717282961542]
[100977,"SINAPI","CARGA, MANOBRA E DESCARGA DE SOLOS E MATERIAIS GRANULARES EM CAMINHÃO BASCULANTE 6 M³ - CARGA COM ESCAVADEIRA HIDRÁULICA (CAÇAMBA DE 1,20 M³ / 155 HP) E DESCARGA LIVRE (UNIDADE: M3). AF_07/2020","M3",55.85,9.66,539.51,1.7391506395864986E-4,0.99224564336011289]
[39465,"SINAPI","DISPOSITIVO DPS CLASSE II, 1 POLO, TENSAO MAXIMA DE 175 V, CORRENTE MAXIMA DE *20* KA (TIPO AC)                                                                                                                                                                                                                                                                                                                                                                                                           ","UN    ",4,131.58000000000001,526.32000000000005,1.6966316928827382E-4,0.99241530652940113]
[90373,"SINAPI","JOELHO 90 GRAUS COM BUCHA DE LATÃO, PVC, SOLDÁVEL, DN 25MM, X 1/2  INSTALADO EM RAMAL OU SUB-RAMAL DE ÁGUA - FORNECIMENTO E INSTALAÇÃO. AF_06/2022","UN",34,15.2,516.79999999999995,1.6659432643293033E-4,0.99258190085583409]
[105170,"SINAPI","JOELHO PVC, SOLDÁVEL, 45 GRAUS, DN 25 MM, INSTALADO EM RESERVAÇÃO PREDIAL DE ÁGUA - FORNECIMENTO E INSTALAÇÃO. AF_04/2024","UN",80,6.35,508,1.6375758093639439E-4,0.99274565843677043]
[89746,"SINAPI","JOELHO 45 GRAUS, PVC, SERIE NORMAL, ESGOTO PREDIAL, DN 100 MM, JUNTA ELÁSTICA, FORNECIDO E INSTALADO EM RAMAL DE DESCARGA OU RAMAL DE ESGOTO SANITÁRIO. AF_08/2022","UN",15,33.51,502.65,1.6203296861747762E-4,0.99290769140538793]
["ED-51054","SETOP","CAIXA DE EQUALIZAÇÃO PARA USO INTERNO E EXTERNO COM 9 TERMINAIS 380X320X175MM EM AÇO E ACABAMENTO EM EPOXI","U",1,493.85,493.85,1.5919622312094168E-4,0.99306688762850892]
[103999,"SINAPI","BUCHA DE REDUÇÃO, LONGA, PVC, SOLDÁVEL, DN 50 X 25 MM, INSTALADO EM RAMAL DE DISTRIBUIÇÃO DE ÁGUA - FORNECIMENTO E INSTALAÇÃO. AF_06/2022","UN",34,14.49,492.66,1.5881261776402373E-4,0.99322570024627299]
[93664,"SINAPI","DISJUNTOR BIPOLAR TIPO DIN, CORRENTE NOMINAL DE 32A - FORNECIMENTO E INSTALAÇÃO. AF_10/2020","UN",4,117,468,1.5086328322486727E-4,0.99337656352949788]
[98525,"SINAPI","LIMPEZA MECANIZADA DE CAMADA VEGETAL, VEGETAÇÃO E PEQUENAS ÁRVORES (DIÂMETRO DE TRONCO MENOR QUE 0,20 M), COM TRATOR DE ESTEIRAS. AF_03/2024","M2",562.5,0.83,466.88,1.505022428889445E-4,0.99352706577238681]
[89985,"SINAPI","REGISTRO DE PRESSÃO BRUTO, LATÃO, ROSCÁVEL, 3/4\", COM ACABAMENTO E CANOPLA CROMADOS - FORNECIMENTO E INSTALAÇÃO. AF_08/2021","UN",3,155.35,466.04999999999995,1.502346862114303E-4,0.99367730045859826]
["ED-48183","SETOP","PAPELEIRA PLASTICA TIPO DISPENSER PARA PAPEL HIGIENICO ROLAO","U",6,76.89,461.34000000000003,1.4871638265589801E-4,0.99382601684125416]
["DADO-002","CPU","INSTALAÇÃO CÂMERA","UN",10,45.73,457.29999999999995,1.4741405858703375E-4,0.99397343089984114]
[89531,"SINAPI","JOELHO 45 GRAUS, PVC, SERIE R, ÁGUA PLUVIAL, DN 100 MM, JUNTA ELÁSTICA, FORNECIDO E INSTALADO EM RAMAL DE ENCAMINHAMENTO. AF_06/2022","UN",10,45.45,454.5,1.4651145774722686E-4,0.99411994235758838]
["PLU-001","CPU","RALO LINEAR COM GRELHA 90 CM - FORNECIMENTO E INSTALAÇÃO","UN ",2,226.3,452.6,1.4589897860592933E-4,0.99426584133619433]
["COT-EXA-001","COTAÇÃO","EXAUSTOR VENTOKIT, DN 150MM, VAZÃO DE AR 280 M³/H","UN ",1,423.91,423.91,1.3665054357233652E-4,0.9944024918797667]
[89366,"SINAPI","JOELHO 90 GRAUS COM BUCHA DE LATÃO, PVC, SOLDÁVEL, DN 25MM, X 3/4  INSTALADO EM RAMAL OU SUB-RAMAL DE ÁGUA - FORNECIMENTO E INSTALAÇÃO. AF_06/2022","UN",22,19.18,421.96,1.3602194655889954E-4,0.99453851382632563]
[89732,"SINAPI","JOELHO 45 GRAUS, PVC, SERIE NORMAL, ESGOTO PREDIAL, DN 50 MM, JUNTA ELÁSTICA, FORNECIDO E INSTALADO EM RAMAL DE DESCARGA OU RAMAL DE ESGOTO SANITÁRIO. AF_08/2022","UN",23,18.329999999999998,421.59,1.3590267430506792E-4,0.99467441650063071]
["ED-48377","SETOP","ORGANIZADOR DE CABOS DE 1U PARA RACK 19\"","cj",4,99.25,397,1.2797590478690665E-4,0.99480239240541757]
[89728,"SINAPI","CURVA CURTA 90 GRAUS, PVC, SERIE NORMAL, ESGOTO PREDIAL, DN 40 MM, JUNTA SOLDÁVEL, FORNECIDO E INSTALADO EM RAMAL DE DESCARGA OU RAMAL DE ESGOTO SANITÁRIO. AF_08/2022","UN",25,15.62,390.5,1.2588058140878348E-4,0.9949282729868264]
["ED-49959","SETOP","RALO SECO PVC QUADRADO 100 X 53 X 40 MM COM GRELHA BRANCA","un",10,38.82,388.2,1.2513915929037066E-4,0.99505341214611676]
[91863,"SINAPI","ELETRODUTO RÍGIDO ROSCÁVEL, PVC, DN 25 MM (3/4\"), PARA CIRCUITOS TERMINAIS, INSTALADO EM FORRO - FORNECIMENTO E INSTALAÇÃO. AF_03/2023","M",27,14.28,385.56,1.2428813564140987E-4,0.99517770028175812]
[96988,"SINAPI","MASTRO 1 ½\", COM 3 METROS, PARA SPDA - FORNECIMENTO E INSTALAÇÃO. AF_08/2023","UN",2,192.24,384.48,1.2393998960319864E-4,0.99530164027136137]
[97667,"SINAPI","ELETRODUTO FLEXÍVEL CORRUGADO, PEAD, DN 50 (1 1/2\"), PARA REDE ENTERRADA DE DISTRIBUIÇÃO DE ENERGIA ELÉTRICA - FORNECIMENTO E INSTALAÇÃO. AF_12/2021","M",38.15,10.02,382.26,1.232243560802089E-4,0.99542486462744162]
[89834,"SINAPI","JUNÇÃO SIMPLES, PVC, SERIE NORMAL, ESGOTO PREDIAL, DN 100 X 100 MM, JUNTA ELÁSTICA, FORNECIDO E INSTALADO EM PRUMADA DE ESGOTO SANITÁRIO OU VENTILAÇÃO. AF_08/2022","UN",6,63.34,380.04,1.2250872255721915E-4,0.99554737334999888]
[90467,"SINAPI","CHUMBAMENTO LINEAR EM ALVENARIA PARA RAMAIS/DISTRIBUIÇÃO DE INSTALAÇÕES HIDRÁULICAS COM DIÂMETROS MAIORES QUE 40 MM E MENORES OU IGUAIS A 75 MM. AF_09/2023","M",14.02,26.65,373.63,1.2044241134894691E-4,0.99566781576134777]
[96385,"SINAPI","EXECUÇÃO E COMPACTAÇÃO DE CORPO DE ATERRO DE ATERRO (95% DE ENERGIA DO PROCTOR NORMAL) COM SOLO PREDOMINANTEMENTE ARGILOSO ESPESSURA 15 CM - EXCLUSIVE MATERIAL, ESCAVAÇÃO, CARGA E TRANSPORTE. AF_09/2024","M3",25.24,14.76,372.54,1.2009104173630781E-4,0.99578790680308404]
["ED-16358","SETOP","LIGAÇÕES PROVISÓRIAS PARA CONTAINER TIPO 3 (CORRESPONDENTE AO CÓDIGO ED-16350)","un",1,364.87,364.87,1.1761856015012248E-4,0.99590552536323418]
["ED-16356","SETOP","LIGAÇÕES PROVISÓRIAS PARA CONTAINER TIPO 1 (CORRESPONDENTE AO CÓDIGO ED-16348)","un",1,364.87,364.87,1.1761856015012248E-4,0.99602314392338431]
[92023,"SINAPI","INTERRUPTOR SIMPLES (1 MÓDULO) COM 1 TOMADA DE EMBUTIR 2P+T 10 A, INCLUINDO SUPORTE E PLACA - FORNECIMENTO E INSTALAÇÃO. AF_03/2023","UN",6,59.23,355.38,1.1455938801806267E-4,0.99613770331140239]
[89866,"SINAPI","JOELHO 90 GRAUS, PVC, SOLDÁVEL, DN 25MM, INSTALADO EM DRENO DE AR-CONDICIONADO - FORNECIMENTO E INSTALAÇÃO. AF_08/2022","UN",41,8.3800000000000008,343.58000000000004,1.1075557019316218E-4,0.99624845888159552]
[91942,"SINAPI","CAIXA RETANGULAR 4\" X 4\" ALTA (2,00 M DO PISO), PVC, INSTALADA EM PAREDE - FORNECIMENTO E INSTALAÇÃO. AF_03/2023","UN",8,41.86,334.88,1.0795106044090502E-4,0.99635640994203645]
[100849,"SINAPI","ASSENTO SANITÁRIO CONVENCIONAL - FORNECIMENTO E INSTALACAO. AF_01/2020","UN",6,55.11,330.65999999999997,1.065907120323389E-4,0.99646300065406879]
[93661,"SINAPI","DISJUNTOR BIPOLAR TIPO DIN, CORRENTE NOMINAL DE 16A - FORNECIMENTO E INSTALAÇÃO. AF_10/2020","UN",3,109.9,329.70000000000005,1.0628124888726228E-4,0.99656928190295602]
["ACE-001","CPU","PLACA DE SINALIZACAO EM CHAPA DE ALUMINIO COM PINTURA REFLETIVA, E = 2 MM - FORNECIMENTO E INSTALAÇÃO","M2    ",0.20000000000000004,1621.87,324.37,1.0456308371720127E-4,0.99667384498667322]
["21.30.08","SUDECAP","GRAMA AMENDOIM - ARACHIS REPENS","M2",4.76,63.61,302.77999999999997,9.7603386527404505E-5,0.99677144837320064]
[91955,"SINAPI","INTERRUPTOR PARALELO (1 MÓDULO), 10A/250V, INCLUINDO SUPORTE E PLACA - FORNECIMENTO E INSTALAÇÃO. AF_03/2023","UN",7,42.34,296.38,9.5540298893560167E-5,0.99686698867209422]
[93671,"SINAPI","DISJUNTOR TRIPOLAR TIPO DIN, CORRENTE NOMINAL DE 32A - FORNECIMENTO E INSTALAÇÃO. AF_10/2020","UN",2,147.82,295.64,9.5301754385896919E-5,0.9969622904264801]
["LOU-001","CPU","TORNEIRA ELÉTRICA 5550W, FORNECIMENTO E INSTALAÇÃO","UN",1,293.85000000000002,293.85000000000002,9.4724734563306093E-5,0.99705701516104339]
[93669,"SINAPI","DISJUNTOR TRIPOLAR TIPO DIN, CORRENTE NOMINAL DE 20A - FORNECIMENTO E INSTALAÇÃO. AF_10/2020","UN",2,142.09,284.18,9.1607538091544404E-5,0.99714862269913496]
[101632,"SINAPI","RELÉ FOTOELÉTRICO PARA COMANDO DE ILUMINAÇÃO EXTERNA 1000 W - FORNECIMENTO E INSTALAÇÃO. AF_08/2020","UN",6,45.93,275.58,8.8835264083566063E-5,0.9972374579632185]
[95675,"SINAPI","HIDRÔMETRO DN 3/4\", 5,0 M3/H - FORNECIMENTO E INSTALAÇÃO. AF_03/2024","UN",1,275,275,8.8648296766748934E-5,0.9973261062599853]
[93668,"SINAPI","DISJUNTOR TRIPOLAR TIPO DIN, CORRENTE NOMINAL DE 16A - FORNECIMENTO E INSTALAÇÃO. AF_10/2020","UN",2,137.18,274.36,8.8441988003364495E-5,0.9974145482479887]
[12266,"SINAPI","LUMINARIA SPOT DE SOBREPOR EM ALUMINIO COM ALETA PLASTICA PARA 1 LAMPADA, BASE E27, POTENCIA MAXIMA 40/60 W (NAO INCLUI LAMPADA)                                                                                                                                                                                                                                                                                                                                                                          ","UN    ",2,135.97999999999999,271.95999999999998,8.7668330140672858E-5,0.99750221657812932]
[93667,"SINAPI","DISJUNTOR TRIPOLAR TIPO DIN, CORRENTE NOMINAL DE 10A - FORNECIMENTO E INSTALAÇÃO. AF_10/2020","UN",2,134.97999999999999,269.95999999999998,8.70236152550965E-5,0.99758924019338446]
[89867,"SINAPI","JOELHO 45 GRAUS, PVC, SOLDÁVEL, DN 25MM, INSTALADO EM DRENO DE AR-CONDICIONADO - FORNECIMENTO E INSTALAÇÃO. AF_08/2022","UN",28,9.34,261.52,8.4302918437964279E-5,0.99767354311182244]
[89744,"SINAPI","JOELHO 90 GRAUS, PVC, SERIE NORMAL, ESGOTO PREDIAL, DN 100 MM, JUNTA ELÁSTICA, FORNECIDO E INSTALADO EM RAMAL DE DESCARGA OU RAMAL DE ESGOTO SANITÁRIO. AF_08/2022","UN",8,32.450000000000003,259.60000000000002,8.3683992147811002E-5,0.9977572271039703]
[104746,"SINAPI","MINI CAPTOR PARA SPDA - FORNECIMENTO E INSTALAÇÃO. AF_08/2023","UN",8,32,256,8.2523505353773553E-5,0.99783975060932406]
[94656,"SINAPI","ADAPTADOR CURTO COM BOLSA E ROSCA PARA REGISTRO, PVC, SOLDÁVEL, DN  25 MM X 3/4\", INSTALADO EM RESERVAÇÃO PREDIAL DE ÁGUA - FORNECIMENTO E INSTALAÇÃO. AF_04/2024","UN",62,3.97,246.14000000000001,7.9345060967882117E-5,0.99791909567029191]
[91864,"SINAPI","ELETRODUTO RÍGIDO ROSCÁVEL, PVC, DN 32 MM (1\"), PARA CIRCUITOS TERMINAIS, INSTALADO EM FORRO - FORNECIMENTO E INSTALAÇÃO. AF_03/2023","M",12,19.579999999999998,234.95999999999998,7.5741104757510275E-5,0.99799483677504941]
["ED-34496","SETOP","DISJUNTOR TRIPOLAR TIPO DIN, CORRENTE NOMINAL DE 100A, FORNECIMENTO E INSTALAÇÃO, INCLUSIVE TERMINAL ILHÓS","un",1,233.4,233.4,7.5238227146760724E-5,0.99807007500219613]
["ED-34495","SETOP","DISJUNTOR TRIPOLAR TIPO DIN, CORRENTE NOMINAL DE 80A, FORNECIMENTO E INSTALAÇÃO, INCLUSIVE TERMINAL ILHÓS","un",1,233.22,233.22,7.5180202807058848E-5,0.99814525520500319]
["ED-49939","SETOP","CAIXA DE GORDURA SIMPLES (CGS), CIRCULAR, EM CONCRETO PRÉ-MOLDADO, CAPACIDADE DE 31L, INCLUSIVE ESCAVAÇÃO, REATERRO, TRANSPORTE E RETIRADA DO MATERIAL ESCAVADO (EM CAÇAMBA)","un",1,209.85,209.85,6.7646709369099129E-5,0.99821290191437229]
[95583,"SINAPI","MONTAGEM DE ARMADURA TRANSVERSAL DE ESTACAS DE SEÇÃO CIRCULAR, DIÂMETRO = 5,0 MM. AF_09/2021_PS","KG",11,19.010000000000002,209.11,6.7408164861435893E-5,0.99828031007923368]
[105181,"SINAPI","JOELHO PVC, SOLDÁVEL, 45 GRAUS, DN 50 MM, INSTALADO EM RESERVAÇÃO PREDIAL DE ÁGUA - FORNECIMENTO E INSTALAÇÃO. AF_04/2024","UN",10,20.45,204.5,6.5922097050182381E-5,0.99834623217628382]
[104344,"SINAPI","TE, PVC, SÉRIE NORMAL, ESGOTO PREDIAL, DN 100 X 50 MM, JUNTA ELÁSTICA, FORNECIDO E INSTALADO EM RAMAL DE DESCARGA OU RAMAL DE ESGOTO SANITÁRIO. AF_08/2022","UN",4,48.58,194.32,6.2640498282598732E-5,0.99840887267456646]
["ED-48378","SETOP","TAMPA CEGA DE 1U PARA RACK 19\"","cj",8,24.22,193.76,6.2459978114637346E-5,0.99847133265268107]
[89509,"SINAPI","TUBO PVC, SÉRIE R, ÁGUA PLUVIAL, DN 50 MM, FORNECIDO E INSTALADO EM RAMAL DE ENCAMINHAMENTO. AF_06/2022","M",7,27.49,192.42999999999998,6.2031242715729069E-5,0.99853336389539682]
[89482,"SINAPI","CAIXA SIFONADA, PVC, DN 100 X 100 X 50 MM, FORNECIDA E INSTALADA EM RAMAIS DE ENCAMINHAMENTO DE ÁGUA PLUVIAL. AF_06/2022","UN",4,44.23,176.92,5.7031478778084436E-5,0.99859039537417493]
[94657,"SINAPI","LUVA PVC, SOLDÁVEL, DN  25 MM, INSTALADO EM RESERVAÇÃO PREDIAL DE ÁGUA - FORNECIMENTO E INSTALAÇÃO. AF_04/2024","UN",39,4.42,172.38,5.5567975987826105E-5,0.99864596335016276]
["ED-50201","SETOP","PLACA FOTOLUMINESCENTE PARA SINALIZAÇÃO DE EMERGÊNCIA, TIPO \"S2\", DIMENSÃO (380X190)MM, INCLUSIVE FIXAÇÃO","un",6,28.6,171.60000000000002,5.5316537182451337E-5,0.99870127988734525]
[89784,"SINAPI","TE, PVC, SERIE NORMAL, ESGOTO PREDIAL, DN 50 X 50 MM, JUNTA ELÁSTICA, FORNECIDO E INSTALADO EM RAMAL DE DESCARGA OU RAMAL DE ESGOTO SANITÁRIO. AF_08/2022","UN",6,28.54,171.24,5.520048850304759E-5,0.9987564803758483]
[94706,"SINAPI","ADAPTADOR COM FLANGE E ANEL DE VEDAÇÃO, PVC, SOLDÁVEL, DN 50 MM X 1 1/2\", INSTALADO EM RESERVAÇÃO PREDIAL DE ÁGUA - FORNECIMENTO E INSTALAÇÃO. AF_04/2024","UN",4,42.49,169.96,5.4787870976278719E-5,0.99881126824682454]
[97599,"SINAPI","LUMINÁRIA DE EMERGÊNCIA, COM 30 LÂMPADAS LED DE 2 W, SEM REATOR - FORNECIMENTO E INSTALAÇÃO. AF_09/2024","UN",7,23.07,161.49,5.2057503435862855E-5,0.99886332575026038]
[91935,"SINAPI","CABO DE COBRE FLEXÍVEL ISOLADO, 16 MM², ANTI-CHAMA 0,6/1,0 KV, PARA CIRCUITOS TERMINAIS - FORNECIMENTO E INSTALAÇÃO. AF_03/2023","M",5,31.28,156.4,5.0416704052071031E-5,0.99891374245431241]
[94688,"SINAPI","TÊ, PVC, SOLDÁVEL, DN  25 MM INSTALADO EM RESERVAÇÃO PREDIAL DE ÁGUA - FORNECIMENTO E INSTALAÇÃO. AF_04/2024","UN",20,7.7,154,4.9643046189379401E-5,0.99896338550050179]
["ED-15762","SETOP","CONJUNTO DE DUAS (2) TOMADAS DE DADOS (CONECTOR RJ45 CAT.6E), COM PLACA 4\"X2\" DE DOIS (2) POSTOS, INCLUSIVE FORNECIMENTO, INSTALAÇÃO, SUPORTE, MÓDULO E PLACA","un",1,152.24,152.24,4.907569709007221E-5,0.99901246119759191]
[91222,"SINAPI","RASGO LINEAR MANUAL EM ALVENARIA, PARA RAMAIS/ DISTRIBUIÇÃO DE INSTALAÇÕES HIDRÁULICAS, DIÂMETROS MAIORES QUE 40 MM E MENORES OU IGUAIS A 75 MM. AF_09/2023","M",14.02,9.94,139.36000000000001,4.4923733226960481E-5,0.99905738493081886]
["ED-50194","SETOP","BASE DECORATIVA PARA EXTINTORES","U",3,44.33,132.99,4.2870316316399785E-5,0.9991002552471353]
["ED-32246","SETOP","PLACA FOTOLUMINESCENTE PARA SINALIZAÇÃO DE EMERGÊNCIA, TIPO \"M1\", DIMENSÃO (400X600)MM, INCLUSIVE FIXAÇÃO","un",1,126.55,126.55,4.0794334384843914E-5,0.99914104958152017]
[89827,"SINAPI","JUNÇÃO SIMPLES, PVC, SERIE NORMAL, ESGOTO PREDIAL, DN 50 X 50 MM, JUNTA ELÁSTICA, FORNECIDO E INSTALADO EM PRUMADA DE ESGOTO SANITÁRIO OU VENTILAÇÃO. AF_08/2022","UN",5,23.7,118.5,3.8199356970399086E-5,0.99917924893849053]
[93662,"SINAPI","DISJUNTOR BIPOLAR TIPO DIN, CORRENTE NOMINAL DE 20A - FORNECIMENTO E INSTALAÇÃO. AF_10/2020","UN",1,113.18,113.18,3.648441537476598E-5,0.99921573335386527]
["ED-48375","SETOP","RÉGUA COM 8 TOMADAS (2P+T), PARA FIXAÇÃO NO RACK DE 19\" (1U)","un",1,111.08,111.08,3.58074647449108E-5,0.99925154081861023]
[89690,"SINAPI","JUNÇÃO SIMPLES, PVC, SERIE R, ÁGUA PLUVIAL, DN 100 X 100 MM, JUNTA ELÁSTICA, FORNECIDO E INSTALADO EM CONDUTORES VERTICAIS DE ÁGUAS PLUVIAIS. AF_06/2022","UN",1,107.6,107.6,3.4685660844007945E-5,0.9992862264794542]
[94492,"SINAPI","REGISTRO DE ESFERA, PVC, SOLDÁVEL, COM VOLANTE, DN  50 MM - FORNECIMENTO E INSTALAÇÃO. AF_08/2021","UN",2,52.06,104.12,3.356385694310509E-5,0.99931979033639728]
[103782,"SINAPI","LUMINÁRIA TIPO PLAFON CIRCULAR, DE SOBREPOR, COM LED DE 12/13 W - FORNECIMENTO E INSTALAÇÃO. AF_09/2024","UN",3,34.18,102.53999999999999,3.3054532183499762E-5,0.99935284486858078]
[94649,"SINAPI","TUBO, PVC, SOLDÁVEL, DE 32MM, INSTALADO EM RESERVAÇÃO PREDIAL DE ÁGUA - FORNECIMENTO E INSTALAÇÃO. AF_04/2024","M",6.77,15.09,102.16,3.2932036355240252E-5,0.99938577690493602]
[97084,"SINAPI","COMPACTAÇÃO MECÂNICA DE SOLO PARA EXECUÇÃO DE RADIER, PISO DE CONCRETO OU LAJE SOBRE SOLO, COM COMPACTADOR DE SOLOS TIPO PLACA VIBRATÓRIA. AF_09/2021","M2",129.97,0.77,100.07,3.2258309299812964E-5,0.99941803521423578]
[105189,"SINAPI","TE DE REDUÇÃO, PVC, SOLDÁVEL, 90 GRAUS, DN 50 MM X 25 MM, INSTALADO EM RESERVAÇÃO PREDIAL DE ÁGUA - FORNECIMENTO E INSTALAÇÃO. AF_04/2024","UN",4,25.01,100.04,3.2248638576529322E-5,0.99945028385281232]
[104348,"SINAPI","TERMINAL DE VENTILAÇÃO, PVC, SÉRIE NORMAL, ESGOTO PREDIAL, DN 50 MM, JUNTA SOLDÁVEL, FORNECIDO E INSTALADO EM PRUMADA DE ESGOTO SANITÁRIO OU VENTILAÇÃO. AF_08/2022","UN",7,13.71,95.97,3.0936643784381432E-5,0.99948122049659671]
[89869,"SINAPI","TE, PVC, SOLDÁVEL, DN 25MM, INSTALADO EM DRENO DE AR-CONDICIONADO - FORNECIMENTO E INSTALAÇÃO. AF_08/2022","UN",8,11.69,93.52,3.0146868049550398E-5,0.9995113673646463]
["DADO-003","CPU","INSTALAÇÃO RACK","UN",1,91.48,91.48,2.9489258866262517E-5,0.99954085662351255]
["SAN-003","CPU","REDUÇÃO EXCÊNTRICA, PVC, SERIE NORMAL, ESGOTO PREDIAL, DN 100 X 50 MM, JUNTA ELÁSTICA, FORNECIDO E INSTALADO","UN",4,22.05,88.2,2.8431926453917295E-5,0.99956928854996652]
["EXA-001","CPU","INSTALAÇÃO EXAUSTOR","UN",1,82.8,82.8,2.6691196262861132E-5,0.99959597974622938]
[97670,"SINAPI","ELETRODUTO FLEXÍVEL CORRUGADO, PEAD, DN 100 (4\"), PARA REDE ENTERRADA DE DISTRIBUIÇÃO DE ENERGIA ELÉTRICA - FORNECIMENTO E INSTALAÇÃO. AF_12/2021","M",3,27.17,81.510000000000005,2.6275355161664382E-5,0.99962225510139102]
["COT-EXA-002","COTAÇÃO","GRELHA VENEZIANA AUTO FECHAMENTO, DN 150 MM","UN ",1,80.34,80.34,2.5898196953602216E-5,0.99964815329834467]
[91965,"SINAPI","INTERRUPTOR SIMPLES (2 MÓDULOS) COM INTERRUPTOR PARALELO (1 MÓDULO), 10A/250V, INCLUINDO SUPORTE E PLACA - FORNECIMENTO E INSTALAÇÃO. AF_03/2023","UN",1,78.91,78.91,2.5437225810415119E-5,0.99967359052415505]
[91850,"SINAPI","ELETRODUTO FLEXÍVEL CORRUGADO, PEAD, DN 40 MM (1 1/4\"), PARA CIRCUITOS TERMINAIS, INSTALADO EM LAJE - FORNECIMENTO E INSTALAÇÃO. AF_03/2023","M",6.2,11.41,70.739999999999995,2.2803565502835706E-5,0.99969639408965794]
[94704,"SINAPI","ADAPTADOR COM FLANGE E ANEL DE VEDAÇÃO, PVC, SOLDÁVEL, DN 32 MM X 1\", INSTALADO EM RESERVAÇÃO PREDIAL DE ÁGUA - FORNECIMENTO E INSTALAÇÃO. AF_04/2024","UN",2,31.63,63.26,2.0392331830780136E-5,0.99971678642148876]
[95693,"SINAPI","LUVA SIMPLES, PVC, SÉRIE NORMAL, ESGOTO PREDIAL, DN 150 MM, JUNTA ELÁSTICA, FORNECIDO E INSTALADO EM SUBCOLETOR AÉREO DE ESGOTO SANITÁRIO. AF_08/2022","UN",1,61.85,61.85,1.9937807836448806E-5,0.99973672422932525]
["ED-50199","SETOP","PLACA FOTOLUMINESCENTE PARA SINALIZAÇÃO DE EMERGÊNCIA, TIPO \"E5\", DIMENSÃO (300X300)MM, INCLUSIVE FIXAÇÃO","un",3,20.58,61.739999999999995,1.9902348517742101E-5,0.99975662657784303]
[98111,"SINAPI","CAIXA DE INSPEÇÃO PARA ATERRAMENTO, CIRCULAR, EM POLIETILENO, DIÂMETRO INTERNO = 0,3 M. AF_12/2020","UN",1,58.54,58.54,1.8870804700819936E-5,0.9997754973825439]
["ED-29400","SETOP","PLACA FOTOLUMINESCENTE PARA SINALIZAÇÃO DE EMERGÊNCIA, TIPO \"S3\", DIMENSÃO (380X190)MM, INCLUSIVE FIXAÇÃO","un",2,28.6,57.2,1.8438845727483778E-5,0.9997939362282714]
["ACE-002","CPU","INSTALAÇÃO CHAPA DE PROTEÇÃO IMPACTO PARA PORTA 40X80","UN",12,4.74,56.88,1.8335691345791561E-5,0.99981227191961719]
[94489,"SINAPI","REGISTRO DE ESFERA, PVC, SOLDÁVEL, COM VOLANTE, DN  25 MM - FORNECIMENTO E INSTALAÇÃO. AF_08/2021","UN",2,25.6,51.2,1.6504701070754709E-5,0.99982877662068792]
[94796,"SINAPI","TORNEIRA DE BOIA PARA CAIXA D'ÁGUA, ROSCÁVEL, 3/4\" - FORNECIMENTO E INSTALAÇÃO. AF_08/2021","UN",1,46.79,46.79,1.5083104748058844E-5,0.99984385972543599]
[93654,"SINAPI","DISJUNTOR MONOPOLAR TIPO DIN, CORRENTE NOMINAL DE 16A - FORNECIMENTO E INSTALAÇÃO. AF_10/2020","UN",2,22.14,44.28,1.4273987566660519E-5,0.99985813371300269]
["COT-DAD-008","COTAÇÃO","CONECTOR RJ45 - 100 UNIDADES","UN ",1,42.46,42.46,1.3687297020786035E-5,0.99987182101002348]
["COT-INC-001","COTAÇÃO","PLACA FOTOLUMINESCENTE PARA SINALIZAÇÃO DE EMERGÊNCIA, TIPO \"P1\", DIÂMETRO DE 300MM, EXCLUSIVE FIXAÇÃO","UN ",1,41.34,41.34,1.3326256684863276E-5,0.9998851472667083]
[94490,"SINAPI","REGISTRO DE ESFERA, PVC, SOLDÁVEL, COM VOLANTE, DN  32 MM - FORNECIMENTO E INSTALAÇÃO. AF_08/2021","UN",1,36.93,36.93,1.1904660362167411E-5,0.99989705192707046]
[89726,"SINAPI","JOELHO 45 GRAUS, PVC, SERIE NORMAL, ESGOTO PREDIAL, DN 40 MM, JUNTA SOLDÁVEL, FORNECIDO E INSTALADO EM RAMAL DE DESCARGA OU RAMAL DE ESGOTO SANITÁRIO. AF_08/2022","UN",3,12.22,36.660000000000004,1.1817623852614604E-5,0.99990886955092306]
[97610,"SINAPI","LÂMPADA COMPACTA DE LED 10 W, BASE E27 - FORNECIMENTO E INSTALAÇÃO. AF_09/2024","UN",2,16.63,33.26,1.0721608547134797E-5,0.99991959115947016]
["ED-50205","SETOP","PLACA FOTOLUMINESCENTE PARA SINALIZAÇÃO DE EMERGÊNCIA, TIPO \"S12\", DIMENSÃO (380X190)MM, INCLUSIVE FIXAÇÃO","un",1,28.6,28.6,9.2194228637418889E-6,0.99992881058233385]
[97668,"SINAPI","ELETRODUTO FLEXÍVEL CORRUGADO, PEAD, DN 63 (2\"), PARA REDE ENTERRADA DE DISTRIBUIÇÃO DE ENERGIA ELÉTRICA - FORNECIMENTO E INSTALAÇÃO. AF_12/2021","M",2,14.29,28.58,9.2129757148861239E-6,0.99993802355804873]
[94674,"SINAPI","JOELHO 90 GRAUS, PVC, SOLDÁVEL, DN 32 MM INSTALADO EM RESERVAÇÃO PREDIAL DE ÁGUA - FORNECIMENTO E INSTALAÇÃO. AF_04/2024","UN",3,8.94,26.82,8.6456266155789313E-6,0.99994666918466435]
[94703,"SINAPI","ADAPTADOR COM FLANGE E ANEL DE VEDAÇÃO, PVC, SOLDÁVEL, DN  25 MM X 3/4\", INSTALADO EM RESERVAÇÃO PREDIAL DE ÁGUA - FORNECIMENTO E INSTALAÇÃO. AF_04/2024","UN",1,23.44,23.44,7.556058458954891E-6,0.99995422524312327]
["ED-29387","SETOP","PLACA FOTOLUMINESCENTE PARA SINALIZAÇÃO DE EMERGÊNCIA, TIPO \"A5\", DIMENSÃO DA BASE 300MM, INCLUSIVE FIXAÇÃO","un",1,20.21,20.21,6.5148439187490763E-6,0.99996074008704205]
[89520,"SINAPI","JOELHO 45 GRAUS, PVC, SERIE R, ÁGUA PLUVIAL, DN 50 MM, JUNTA ELÁSTICA, FORNECIDO E INSTALADO EM RAMAL DE ENCAMINHAMENTO. AF_06/2022","UN",1,18.96,18.96,6.1118971152638538E-6,0.99996685198415736]
[89368,"SINAPI","JOELHO 45 GRAUS, PVC, SOLDÁVEL, DN 32MM, INSTALADO EM RAMAL OU SUB-RAMAL DE ÁGUA - FORNECIMENTO E INSTALAÇÃO. AF_06/2022","UN",1,17.18,17.18,5.5381008671008963E-6,0.99997239008502448]
[89385,"SINAPI","LUVA SOLDÁVEL E COM ROSCA, PVC, SOLDÁVEL, DN 25MM X 3/4 , INSTALADO EM RAMAL OU SUB-RAMAL DE ÁGUA - FORNECIMENTO E INSTALAÇÃO. AF_06/2022","UN",2,8.36,16.72,5.3898164434183344E-6,0.99997777990146786]
[89575,"SINAPI","LUVA, PVC, SOLDÁVEL, DN 50MM, INSTALADO EM PRUMADA DE ÁGUA - FORNECIMENTO E INSTALAÇÃO. AF_06/2022","UN",1,13.46,13.46,4.3389311799288748E-6,0.99998211883264776]
[94690,"SINAPI","TÊ, PVC, SOLDÁVEL, DN 32 MM INSTALADO EM RESERVAÇÃO PREDIAL DE ÁGUA - FORNECIMENTO E INSTALAÇÃO. AF_04/2024","UN",1,12.91,12.91,4.1616345863953772E-6,0.99998628046723415]
["INC-001","CPU","FIXAÇÃO DE PLACAS FOTOLUMINESCENTES PARA SINALIZAÇÃO DE EMERGÊNCIA","UN",1,12.74,12.74,4.1068338211213866E-6,0.99999038730105527]
[94662,"SINAPI","ADAPTADOR CURTO COM BOLSA E ROSCA PARA REGISTRO, PVC, SOLDÁVEL, DN 50 MM X 1 1/2\", INSTALADO EM RESERVAÇÃO PREDIAL DE ÁGUA - FORNECIMENTO E INSTALAÇÃO. AF_04/2024","UN",1,12.58,12.58,4.0552566302752785E-6,0.99999444255768555]
[104777,"SINAPI","FURO MECANIZADO EM CONCRETO, COM PERFURATRIZ, PARA INSTALAÇÕES HIDRÁULICAS, DIÂMETROS MAIORES QUE 75 MM E MENORES OU IGUAIS A 150 MM. AF_09/2023","UN",1,9.81,9.81,3.1623265137520256E-6,0.99999760488419931]
[89541,"SINAPI","LUVA, PVC, SOLDÁVEL, DN 32MM, INSTALADO EM PRUMADA DE ÁGUA - FORNECIMENTO E INSTALAÇÃO. AF_06/2022","UN",1,7.43,7.43,2.3951157999161618E-6,0.99999999999999922]
[]
[]
[]
[]
[]
[]
[]
[]
[]
[]
[]
[]
[]
[]
[]
[]
[]
[]
[]
[]
[]
[]
[]
[]
[]
[]
[]
[]
[]
[]
[]
[]
[]
[]
[]
[]
[]
[]
[]
[]
[]
[]
[]
[]
[]
[]
[]
[]
[]
[]
[]
[]
[]
[]
[]
[]
[]
[]
[]
[]
[]
[]
[]
[]
[]
[]
[]
[]
[]
[]
[]
[]
[]
["TOTAL INCLUINDO ADMINISTRAÇÃO",null,null,null,null,null,null,{"$f":"ORC!M2476","v":2452172.8000000003}]
["BDI",null,null,null,null,null,null,{"$f":"ORC!M2477","v":649973.65999999968}]
["TOTAL GERAL",null,null,null,null,null,null,{"$f":"IF(ORC!M2478=TRUNC(SUM(G:G),2),ORC!M2478,\"ERRO\")","v":3102146.46}]
[]
[]
[]
[]
[null,null,null,"RESPONSÁVEL TÉCNICO:",null,{"$f":"DADOS!D16","v":"ALOISIO CAETANO FERREIRA"}]
[null,null,null,null,null,{"$f":"DADOS!D18","v":"CREA -  MG 97.132/D"}]

{"sheet":"Auxiliar_ABC","index":5,"n_rows":393,"n_cols":24,"rows_kept":393,"cut":false,"hidden":true,"merged":[]}
[92453,"SINAPI","MONTAGEM E DESMONTAGEM DE FÔRMA DE VIGA, ESCORAMENTO COM GARFO DE MADEIRA, PÉ-DIREITO DUPLO, EM CHAPA DE MADEIRA RESINADA, 4 UTILIZAÇÕES. AF_09/2020","M2",694.36,295.99,205523.62,6.6252068575769221E-2,6.6252068575769221E-2,null,null,null,null,null,null,null,null,"QUANTIDADE TOTAL",null,null,null,"VALOR TOTAL","%",{"$f":"W1","v":"%"}]
["EST-001","CPU","ESTACA HÉLICE CONTÍNUA, DIÂMETRO DE 30 CM, INCLUSO CONCRETO FCK=30MPA E ARMADURA MÍNIMA (EXCLUSIVE BOMBEAMENTO, MOBILIZAÇÃO E DESMOBILIZAÇÃO). ","M",984,162.13,159535.91999999998,5.1427591204059327E-2,0.11767965977982855,null,null,null,null,null,null,null,null,{"$f":"SUMIF(ORC!$F:$F,O2,ORC!$I:$I)","v":0},null,null,null,{"$f":"SUMIF(ORC!$F:$F,O2,ORC!$N:$N)","v":0},{"$f":"V2/SUM($I:$I)","v":0},{"$f":"W2+X1","v":{"$error":"#VALUE!"}}]
["EST-005","CPU","LAJE TRELIÇADA H=17 CM - INCLUSO MONTAGEM E FORNECIMENTO DOS MATERIAIS, EXCETO CONCRETAGEM","M2",915.57,147.47,135019.10999999999,4.3524415027135693E-2,0.16120407480696425]
[90777,"SINAPI","ENGENHEIRO CIVIL DE OBRA JUNIOR COM ENCARGOS COMPLEMENTARES","H",960,130.27000000000001,125059.20000000001,4.0313763909135304E-2,0.20151783871609955]
[103318,"SINAPI","ALVENARIA DE VEDAÇÃO DE BLOCOS VAZADOS DE CONCRETO DE 14X19X39 CM (ESPESSURA 14 CM)  E ARGAMASSA DE ASSENTAMENTO COM PREPARO EM BETONEIRA. AF_12/2021","M2",952.1400000000001,122.8,116922.79,3.769093158805914E-2,0.23920877030415869]
["EST-007","CPU","CONCRETAGEM DE VIGAS E LAJES, FCK=30 MPA, PARA LAJES PREMOLDADAS COM USO DE BOMBA - LANÇAMENTO, ADENSAMENTO E ACABAMENTO.","M3    ",108.29,983.64,106518.38,3.4336992586739397E-2,0.2735457628908981]
["ED-49664","SETOP","FORNECIMENTO DE ESTRUTURA METÁLICA EM PERFIL LAMINADO, INCLUSIVE FABRICAÇÃO, TRANSPORTE, MONTAGEM E APLICAÇÃO DE FUNDO PREPARADOR ANTICORROSIVO EM SUPERFÍCIE METÁLICA, UMA (1) DEMÃO","Kg",3615.7,28.31,102360.47,3.2996659351796E-2,0.30654242224269412]
[87797,"SINAPI","EMBOÇO OU MASSA ÚNICA EM ARGAMASSA TRAÇO 1:2:8, PREPARO MECÂNICO COM BETONEIRA 400 L, APLICADA MANUALMENTE EM PANOS CEGOS DE FACHADA (SEM PRESENÇA DE VÃOS), ESPESSURA DE 35 MM. AF_08/2022","M2",1201.4599999999998,67.489999999999995,81086.539999999994,2.6138849678941298E-2,0.33268127192163544]
[87529,"SINAPI","MASSA ÚNICA, EM ARGAMASSA TRAÇO 1:2:8, PREPARO MECÂNICO, APLICADA MANUALMENTE EM PAREDES INTERNAS DE AMBIENTES COM ÁREA ENTRE 5M² E 10M², E = 17,5MM, COM TALISCAS. AF_03/2024","M2",1190.0799999999997,44,52363.51999999999,1.6879770402587608E-2,0.34956104232422303]
[98562,"SINAPI","IMPERMEABILIZAÇÃO DE SUPERFÍCIE COM ARGAMASSA DE CIMENTO E AREIA, COM ADITIVO IMPERMEABILIZANTE, E = 1,5CM. AF_09/2023","M2",870.49,58.36,50801.79,1.637633511346203E-2,0.36593737743768506]
[92425,"SINAPI","MONTAGEM E DESMONTAGEM DE FÔRMA DE PILARES RETANGULARES E ESTRUTURAS SIMILARES, PÉ-DIREITO DUPLO, EM CHAPA DE MADEIRA COMPENSADA RESINADA, 6 UTILIZAÇÕES. AF_09/2020","M2",447.72,103.27,46236.04,1.4904531619051906E-2,0.38084190905673698]
[103320,"SINAPI","ALVENARIA DE VEDAÇÃO DE BLOCOS VAZADOS DE CONCRETO DE 19X19X39 CM (ESPESSURA 19 CM) E ARGAMASSA DE ASSENTAMENTO COM PREPARO EM BETONEIRA. AF_12/2021","M2",309.61,148.11000000000001,45856.34,1.4782132498025234E-2,0.39562404155476222]
[96557,"SINAPI","CONCRETAGEM DE BLOCO DE COROAMENTO OU VIGA BALDRAME, FCK 30 MPA, COM USO DE BOMBA - LANÇAMENTO, ADENSAMENTO E ACABAMENTO. AF_01/2024","M3",42.96,1041.18,44729.09,1.441875507064226E-2,0.41004279662540449]
[92762,"SINAPI","ARMAÇÃO DE PILAR OU VIGA DE ESTRUTURA CONVENCIONAL DE CONCRETO ARMADO UTILIZANDO AÇO CA-50 DE 10,0 MM - MONTAGEM. AF_06/2022","KG",3236.1,13.51,43719.71,1.409337391504073E-2,0.42413617054044522]
["ED-50754","SETOP","REVESTIMENTO COM PORCELANATO APLICADO EM PISO, ACABAMENTO POLÍDO, AMBIENTE INTERNO, PADRÃO EXTRA, BORDA RETIFICADA, DIMENSÃO DA PEÇA (60X60)CM, ASSENTAMENTO COM ARGAMASSA INDUSTRIALIZADA, INCLUSIVE REJUNTAMENTO","m2",347.19,121.24,42093.32,1.3569094993664465E-2,0.43770526553410971]
["ED-48428","SETOP","COBERTURA EM TELHA METÁLICA GALVANIZADA TRAPEZOIDAL, TIPO SIMPLES, ESP. 0,50MM, ACABAMENTO NATURAL, INCLUSIVE ACESSÓRIOS PARA FIXAÇÃO, FORNECIMENTO E INSTALAÇÃO","m2",318.35000000000002,116.43,37065.49,1.194833657209078E-2,0.44965360210620048]
[90844,"SINAPI","KIT DE PORTA DE MADEIRA PARA PINTURA, SEMI-OCA (LEVE OU MÉDIA), PADRÃO MÉDIO, 90X210CM, ESPESSURA DE 3,5CM, ITENS INCLUSOS: DOBRADIÇAS, MONTAGEM E INSTALAÇÃO DO BATENTE, FECHADURA COM EXECUÇÃO DO FURO - FORNECIMENTO E INSTALAÇÃO. AF_12/2019","UN",25,1379.29,34482.25,1.1115609931582648E-2,0.46076921203778315]
[92759,"SINAPI","ARMAÇÃO DE PILAR OU VIGA DE ESTRUTURA CONVENCIONAL DE CONCRETO ARMADO UTILIZANDO AÇO CA-60 DE 5,0 MM - MONTAGEM. AF_06/2022","KG",1920.1,16.899999999999999,32449.689999999995,1.0460399087669107E-2,0.47122961112545225]
["ED-19638","SETOP","CIMBRAMENTO PARA LAJE PRÉ-MOLDADA COM ESCORAMENTO METÁLICO, TIPO \"B\", ALTURA DE (311 ATÉ 450)CM, INCLUSIVE DESCARGA, MONTAGEM, DESMONTAGEM E CARGA","m2xmês",1019.62,30.45,31047.43,1.0008370139944959E-2,0.48123798126539719]
[96130,"SINAPI","APLICAÇÃO MANUAL DE MASSA ACRÍLICA EM PAREDES EXTERNAS DE CASAS, UMA DEMÃO. AF_03/2024","M2",1343.6299999999999,22.6,30366.04,9.7887190020035219E-3,0.4910267002674007]
["ARQ-008","CPU","PISO EM CONCRETO, USINADO CONVENCIONAL, ACABAMENTO POLIDO EM NÍVEL ZERO, ESP. 5CM, INCLUSIVE FORNECIMENTO, LANÇAMENTO, ADENSAMENTO ","M2",232.89999999999998,127.5,29694.75,9.5723236742342455E-3,0.50059902394163491]
["ED-19519","SETOP","ELETROCALHA PERFURADA (100X50)MM EM CHAPA DE AÇO GALVANIZADO #18, COM TRATAMENTO PRÉ-ZINCADO, INCLUSIVE TAMPA DE ENCAIXE, FIXAÇÃO SUPERIOR, CONEXÕES E ACESSÓRIOS","m",257.39999999999998,106.51,27415.67,8.8376452735245657E-3,0.50943666921515951]
["ED-9917","SETOP","PINTURA EPÓXI EM PAREDE, DUAS (2) DEMÃOS, EXCLUSIVE SELADOR ACRÍLICO E MASSA ACRÍLICA/CORRIDA (PVA)","m2",888.44999999999993,30.82,27382.03,8.8268011691491708E-3,0.51826347038430864]
["ED-50155","SETOP","LOCAÇÃO DE BANHEIRO QUÍMICO, DIMENSÃO (110X120X230)CM, LINHA PADRÃO, CONTENDO UMA (1) PIA/HIGIENIZADOR DE MÃOS, INCLUSIVE MANUTENÇÃO E MOBILIZAÇÃO/DESMOBILIZAÇÃO","mês",24,1138.68,27328.32,8.8094873508970176E-3,0.52707295773520568]
[95579,"SINAPI","MONTAGEM DE ARMADURA DE ESTACAS, DIÂMETRO = 16,0 MM. AF_09/2021_PS","KG",2540.0300000000002,10.55,26797.32,8.6383155487764953E-3,0.53571127328398216]
["ED-9081","SETOP","REVESTIMENTO COM CERÂMICA APLICADO EM PAREDE, ACABAMENTO ESMALTADO, AMBIENTE INTERNO/EXTERNO, PADRÃO EXTRA, DIMENSÃO DA PEÇA ATÉ 2025 CM2, PEI III, ASSENTAMENTO COM ARGAMASSA INDUSTRIALIZADA, INCLUSIVE REJUNTAMENTO","m2",323.05000000000013,82.35,26603.170000000002,8.5757298512591715E-3,0.54428700313524137]
[95626,"SINAPI","APLICAÇÃO MANUAL DE TINTA LÁTEX ACRÍLICA EM PAREDE EXTERNAS DE CASAS, DUAS DEMÃOS. AF_03/2024","M2",1343.6299999999999,18.97,25488.66,8.216459257697319E-3,0.55250346239293868]
["EST-003","CPU","CONCRETAGEM DE PILARES, FCK = 30 MPA, COM USO DE BOMBA - LANÇAMENTO, ADENSAMENTO E ACABAMENTO.","M3    ",26.07,959.65,25018.080000000002,8.0647642922700592E-3,0.56056822668520878]
["ED-9075","SETOP","FORNECIMENTO DE ANDAIME METÁLICO PARA FACHADA (LOCAÇÃO), INCLUSIVE PISO METÁLICO E SAPATAS, EXCLUSIVE MONTAGEM E DESMONTAGEM","m2xmês",1440,17.079999999999998,24595.200000000001,7.928445776863793E-3,0.56849667246207258]
["LOU-002","CPU","BANCADA EM AÇO INOX COM RODABANCA","M2",9.8600000000000012,2459.89,24254.52,7.8186250432547167E-3,0.57631529750532728]
["COT-ARQ-008","COTAÇÃO","JANELA ESQUADRIA MAXIM-AR 2,00 X 1,00 M - PINTURA PRETA E VIDRO TEMPERADO FUME 6MM","UN ",11,2183.4299999999998,24017.73,7.7422940243769044E-3,0.58405759152970416]
["ED-48245","SETOP","MONTAGEM E DESMONTAGEM DE ANDAIME METÁLICO PARA FACHADA COM PISO METÁLICO, INCLUSIVE RODAPÉ/GUARDA-CORPO EM MADEIRA, EXCLUSIVE FORNECIMENTO DO ANDAIME","m2",1419.7499999999998,16.329999999999998,23184.52,7.4737025794713672E-3,0.59153129410917549]
["ED-50497","SETOP","PINTURA ESMALTE BASE SOLVENTE EM ESTRUTURA METÁLICA, DUAS (2) DEMÃOS, INCLUSIVE UMA (1) DEMÃO FUNDO ANTICORROSIVO","m2",484.76,47.19,22875.82,7.3741908368826561E-3,0.59890548494605811]
["ED-16348","SETOP","LOCAÇÃO DE CONTAINER COM ISOLAMENTO TÉRMICO, TIPO 1, PARA ESCRITÓRIO DE OBRA, COM MEDIDAS REFERENCIAIS DE (6) METROS COMPRIMENTO, (2,3) METROS LARGURA E (2,5) METROS ALTURA ÚTIL INTERNA, INCLUSIVE AR CONDICIONADO E LIGAÇÕES ELÉTRICAS INTERNAS, EXCLUSIVE MOBILIZAÇÃO/DESMOBILIZAÇÃO E LIGAÇÕES PROVISÓRIAS EXTERNAS","mês",12,1814.03,21768.36,7.0171928632924612E-3,0.60592267780935061]
[103245,"SINAPI","AR CONDICIONADO SPLIT ON/OFF, HI-WALL (PAREDE), 9000 BTUS/H, CICLO FRIO - FORNECIMENTO E INSTALAÇÃO. AF_11/2021_PE","UN",8,2593.39,20747.12,6.6879885484194615E-3,0.61261066635777006]
["ED-13338","SETOP","LUMINÁRIA COMERCIAL CHANFRADA DE SOBREPOR COMPLETA, PARA DUAS (2) LÂMPADAS TUBULARES LED 2X18W-ØT8, TEMPERATURA DA COR 6500K, FORNECIMENTO E INSTALAÇÃO, INCLUSIVE BASE E LÂMPADAS","un",89,219.47,19532.829999999998,6.2965531292162044E-3,0.61890721948698624]
["ED-50478","SETOP","EMASSAMENTO EM PAREDE COM MASSA CORRIDA (PVA), DUAS (2) DEMÃOS, INCLUSIVE LIXAMENTO PARA PINTURA","m2",888.44999999999993,21.97,19519.25,6.2921755151431422E-3,0.6251993950021294]
[91835,"SINAPI","ELETRODUTO FLEXÍVEL CORRUGADO REFORÇADO, PVC, DN 25 MM (3/4\"), PARA CIRCUITOS TERMINAIS, INSTALADO EM FORRO - FORNECIMENTO E INSTALAÇÃO. AF_03/2023_PA","M",832.1,22.98,19121.66,6.1640094194649903E-3,0.63136340442159444]
[94229,"SINAPI","CALHA EM CHAPA DE AÇO GALVANIZADO NÚMERO 24, DESENVOLVIMENTO DE 100 CM, INCLUSO TRANSPORTE VERTICAL. AF_07/2019","M",80.45,232.36,18693.36,6.0259437267188133E-3,0.63738934814831327]
[100874,"SINAPI","PUXADOR PARA PCD, FIXADO NA PORTA - FORNECIMENTO E INSTALAÇÃO. AF_01/2020","UN",44,423.58,18637.52,6.0079432871135222E-3,0.64339729143542679]
[96113,"SINAPI","FORRO EM PLACAS DE GESSO, PARA AMBIENTES COMERCIAIS. AF_08/2023_PS","M2",332.1,55.64,18478.04,5.956533722137663E-3,0.64935382515756446]
[87779,"SINAPI","EMBOÇO OU MASSA ÚNICA EM ARGAMASSA TRAÇO 1:2:8, PREPARO MECÂNICO COM BETONEIRA 400 L, APLICADA MANUALMENTE EM PANOS DE FACHADA COM PRESENÇA DE VÃOS, ESPESSURA DE 35 MM. AF_08/2022","M2",218.29000000000002,84.12,18362.55,5.9193046610700566E-3,0.6552731298186345]
[21141,"SINAPI","TELA DE ACO SOLDADA NERVURADA, CA-60, Q-92, (1,48 KG/M2), DIAMETRO DO FIO = 4,2 MM, LARGURA = 2,45 X 60 M DE COMPRIMENTO, ESPACAMENTO DA MALHA = 15 X 15 CM                                                                                                                                                                                                                                                                                                                                               ","M2    ",1019.62,17.989999999999998,18342.96,5.9129896787658356E-3,0.66118611949740036]
[96536,"SINAPI","FABRICAÇÃO, MONTAGEM E DESMONTAGEM DE FÔRMA PARA VIGA BALDRAME, EM MADEIRA SERRADA, E=25 MM, 4 UTILIZAÇÕES. AF_01/2024","M2",233.7,78.23,18282.349999999999,5.8934515941584439E-3,0.6670795710915588]
[87244,"SINAPI","REVESTIMENTO CERÂMICO PARA PAREDES EXTERNAS EM PASTILHAS DE PORCELANA 5 X 5 CM (PLACAS DE 30 X 30 CM), ALINHADAS A PRUMO. AF_02/2023","M2",54.699999999999996,319.56,17479.93,5.6347855349163549E-3,0.67271435662647516]
[93202,"SINAPI","FIXAÇÃO (ENCUNHAMENTO) DE ALVENARIA DE VEDAÇÃO COM TIJOLO MACIÇO. AF_03/2024","M",539.20000000000005,32.130000000000003,17324.5,5.5846815175837885E-3,0.6782990381440589]
["13.38.29","SUDECAP","GRADIL NYLOFOR H=2.03 M INCLUSIVE POSTE OU EQUIVALENTE","M",43,399.66,17185.38,5.5398351501430975E-3,0.68383887329420201]
[103261,"SINAPI","AR CONDICIONADO SPLIT INVERTER, PISO TETO, 36000 BTU/H, CICLO FRIO - FORNECIMENTO E INSTALAÇÃO. AF_11/2021_PSE","UN",1,17126.48,17126.48,5.520848296762873E-3,0.68935972159096492]
[94995,"SINAPI","EXECUÇÃO DE PASSEIO (CALÇADA) OU PISO DE CONCRETO COM CONCRETO MOLDADO IN LOCO, USINADO, ACABAMENTO CONVENCIONAL, ESPESSURA 8 CM, ARMADO. AF_08/2022","M2",129.97,127.21,16533.490000000002,5.3296935567639127E-3,0.69468941514772886]
[100327,"SINAPI","RUFO EXTERNO/INTERNO EM CHAPA DE AÇO GALVANIZADO NÚMERO 26, CORTE DE 33 CM, INCLUSO IÇAMENTO. AF_07/2019","M",206.81,79.69,16480.689999999999,5.3126730837846957E-3,0.70000208823151355]
[101979,"SINAPI","CHAPIM (RUFO CAPA) EM AÇO GALVANIZADO, CORTE 33. AF_11/2020","M",293.55,54.09,15878.119999999999,5.1184301594838231E-3,0.70512051839099743]
[102176,"SINAPI","INSTALAÇÃO DE VIDRO LAMINADO, E = 8 MM (4+4), ENCAIXADO EM PERFIL U. AF_01/2021_PS","M2",17.05,889.86,15172.11,4.8908425813009426E-3,0.71001136097229833]
[91926,"SINAPI","CABO DE COBRE FLEXÍVEL ISOLADO, 2,5 MM², ANTI-CHAMA 450/750 V, PARA CIRCUITOS TERMINAIS - FORNECIMENTO E INSTALAÇÃO. AF_03/2023","M",2737.7,5.27,14427.68,4.6508700301661392E-3,0.71466223100246451]
[87630,"SINAPI","CONTRAPISO EM ARGAMASSA TRAÇO 1:4 (CIMENTO E AREIA), PREPARO MECÂNICO COM BETONEIRA 400 L, APLICADO EM ÁREAS SECAS SOBRE LAJE, ADERIDO, ACABAMENTO NÃO REFORÇADO, ESPESSURA 3CM. AF_07/2021","M2",282.68,50.12,14167.92,4.5671344608274817E-3,0.71922936546329197]
["ED-29823","SETOP","TAPUME FIXO DE PROTEÇÃO PARA FECHAMENTO DE OBRA EM TELHA METÁLICA GALVANIZADA, TIPO TRAPEZOIDAL, ESP. 0,5MM, COM MÓDULO NA DIMENSÃO DE (300X220)CM, COM REAPROVEITAMENTO, EXCLUSIVE PINTURA ESMALTE, INCLUSIVE PONTALETE E FIXAÇÃO","m2",209.00000000000003,66.78,13957.020000000002,4.4991492761434554E-3,0.72372851473943545]
[105033,"SINAPI","CINTA DE AMARRAÇÃO DE ALVENARIA MOLDADA IN LOCO COM UTILIZAÇÃO DE BLOCOS CANALETA, ESPESSURA DE *15* CM. AF_03/2024","M",188.48,70.3,13250.14,4.271281246985348E-3,0.72799979598642084]
[96534,"SINAPI","FABRICAÇÃO, MONTAGEM E DESMONTAGEM DE FÔRMA PARA BLOCO DE COROAMENTO, EM MADEIRA SERRADA, E=25 MM, 4 UTILIZAÇÕES. AF_01/2024","M2",147.44999999999999,89.79,13239.54,4.2678642580917933E-3,0.73226766024451262]
[92763,"SINAPI","ARMAÇÃO DE PILAR OU VIGA DE ESTRUTURA CONVENCIONAL DE CONCRETO ARMADO UTILIZANDO AÇO CA-50 DE 12,5 MM - MONTAGEM. AF_06/2022","KG",1086.8,11.34,12324.31,3.9728330557287691E-3,0.73624049330024144]
["ED-16350","SETOP","LOCAÇÃO DE CONTAINER COM ISOLAMENTO TÉRMICO, TIPO 3, PARA DEPÓSITO/FERRAMENTARIA DE OBRA, COM MEDIDAS REFERENCIAIS DE (6) METROS COMPRIMENTO, (2,3) METROS LARGURA E (2,5) METROS ALTURA ÚTIL INTERNA, INCLUSIVE LIGAÇÕES ELÉTRICAS INTERNAS, EXCLUSIVE MOBILIZAÇÃO/DESMOBILIZAÇÃO E LIGAÇÕES PROVISÓRIAS EXTERNAS","mês",12,1014.51,12174.119999999999,3.9244181913964124E-3,0.74016491149163788]
[105025,"SINAPI","VERGA MOLDADA IN LOCO COM UTILIZAÇÃO DE BLOCOS CANALETA, ESPESSURA DE *15* CM. AF_03/2024","M",161.4,73.14,11804.8,3.8053651406258823E-3,0.74397027663226378]
[89578,"SINAPI","TUBO PVC, SÉRIE R, ÁGUA PLUVIAL, DN 100 MM, FORNECIDO E INSTALADO EM CONDUTORES VERTICAIS DE ÁGUAS PLUVIAIS. AF_06/2022","M",283.93,41.18,11692.24,3.7690805868656452E-3,0.74773935721912943]
["ED-9076","SETOP","FORNECIMENTO DE ANDAIME METÁLICO TUBULAR TIPO TORRE (LOCAÇÃO), INCLUSIVE RODÍZIOS, EXCLUSIVE MONTAGEM E DESMONTAGEM","mxmês",420,27.83,11688.599999999999,3.7679072057738958E-3,0.75150726442490334]
[95875,"SINAPI","TRANSPORTE COM CAMINHÃO BASCULANTE DE 10 M³, EM VIA URBANA PAVIMENTADA, DMT ATÉ 30 KM (UNIDADE: M3XKM). AF_07/2020","M3XKM",3735.1781666666666,3.09,11541.71,3.7205561210027407E-3,0.75522782054590609]
[93358,"SINAPI","ESCAVAÇÃO MANUAL DE VALA. AF_09/2024","M3",122.14999999999999,93.83,11461.34,3.6946482533258551E-3,0.75892246879923198]
["LOU-003","CPU","EXPURGO HOSPITALAR COM SIFÃO, TRITURADOR - FORNECIMENTO E INSTALAÇÃO","UN ",1,11404.53,11404.53,3.6763351270010587E-3,0.76259880392623303]
["COT-ARQ-010","COTAÇÃO","JANELA ESQUADRIA MAXIM-AR 2,50 X 1,00 M - PINTURA PRETA E VIDRO TEMPERADO FUME 6MM","UN ",4,2837.84,11351.36,3.6591953817680114E-3,0.76625799930800109]
[91933,"SINAPI","CABO DE COBRE FLEXÍVEL ISOLADO, 10 MM², ANTI-CHAMA 0,6/1,0 KV, PARA CIRCUITOS TERMINAIS - FORNECIMENTO E INSTALAÇÃO. AF_03/2023","M",567.70000000000005,19.920000000000002,11308.58,3.645404930365533E-3,0.76990340423836667]
[103247,"SINAPI","AR CONDICIONADO SPLIT INVERTER, HI-WALL (PAREDE), 12000 BTU/H, CICLO FRIO - FORNECIMENTO E INSTALAÇÃO. AF_11/2021_PE","UN",3,3666.48,10999.44,3.5457513505019957E-3,0.77344915558886862]
[98557,"SINAPI","IMPERMEABILIZAÇÃO DE SUPERFÍCIE COM EMULSÃO ASFÁLTICA, 2 DEMÃOS. AF_09/2023","M2",217.81,50.4,10977.619999999999,3.5387175111003572E-3,0.77698787309996897]
["COT-ELE-002","COTAÇÃO","GERADOR MONOFÁSICO 5500 VA",1,1,10469.27,10469.27,3.3748471050589874E-3,0.78036272020502795]
[92990,"SINAPI","CABO DE COBRE FLEXÍVEL ISOLADO, 70 MM², ANTI-CHAMA 0,6/1,0 KV, PARA REDE ENTERRADA DE DISTRIBUIÇÃO DE ENERGIA ELÉTRICA - FORNECIMENTO E INSTALAÇÃO. AF_12/2021","M",103.48,96.77,10013.76,3.2280100662945444E-3,0.78359073027132253]
[104921,"SINAPI","ARMAÇÃO DE BLOCO, SAPATA ISOLADA, VIGA BALDRAME E SAPATA CORRIDA UTILIZANDO AÇO CA-50 DE 16 MM - MONTAGEM. AF_01/2024","KG",799.4,12.36,9880.58,3.185078502064015E-3,0.7867758087733866]
[98546,"SINAPI","IMPERMEABILIZAÇÃO DE SUPERFÍCIE COM MANTA ASFÁLTICA, UMA CAMADA, INCLUSIVE APLICAÇÃO DE PRIMER ASFÁLTICO, E=4MM. AF_09/2023","M2",71.7,137.76,9877.39,3.1840501818215204E-3,0.78995985895520815]
[87894,"SINAPI","CHAPISCO APLICADO EM ALVENARIA (SEM PRESENÇA DE VÃOS) E ESTRUTURAS DE CONCRETO DE FACHADA, COM COLHER DE PEDREIRO.  ARGAMASSA TRAÇO 1:3 COM PREPARO EM BETONEIRA 400L. AF_10/2022","M2",1201.4599999999998,8.1300000000000008,9767.8700000000008,3.1487455946873598E-3,0.79310860454989551]
["EST-004","CPU","LAJE TRELIÇADA H=13 CM - INCLUSO MONTAGEM E FORNECIMENTO DOS MATERIAIS, EXCETO CONCRETAGEM","M2",75.41,128.49,9689.43,3.1234598768750551E-3,0.79623206442677052]
["ED-13935","SETOP","CABO DE COBRE NU #50 MM2 - 7 FIOSX3,00MM, PARA ELEMENTOS DE CAPTAÇÃO/ANEL DE CINTAMENTO (SPDA), INCLUSIVE PRESILHA DE FIXAÇÃO","m",124.8,75.39,9408.67,3.0329548012378461E-3,0.79926501922800841]
[100854,"SINAPI","TORNEIRA CROMADA DE MESA PARA LAVATÓRIO COM SENSOR DE PRESENCA. AF_01/2020","UN",4,2348.54,9394.16,3.0282773947429894E-3,0.8022932966227514]
["ARQ-007","CPU","RODAPÉ COM REVESTIMENTO EM PORCELANATO 60X60 COM BORDA RETIFICADA E ACABAMENTO POLIDO, ALTURA 10 CM.","M",337.1,27.42,9243.2800000000007,2.9796401037751096E-3,0.80527293672652656]
["EST-008","CPU","ALVENARIA DE BLOCOS DE CONCRETO ESTRUTURAL 19 X 19 X 39 CM (ESPESSURA 19 CM), FBK = 14 MPA, UTILIZANDO PALHETA.","M2",54.06,169.39,9157.2199999999993,2.9518980222487585E-3,0.80822483474877527]
[96544,"SINAPI","ARMAÇÃO DE BLOCO UTILIZANDO AÇO CA-50 DE 6,3 MM - MONTAGEM. AF_01/2024","KG",416.7,21.33,8888.2099999999991,2.8651806465643105E-3,0.81109001539533954]
["COT-ARQ-003","COTAÇÃO","JANELA ESQUADRIA MAXIM-AR 0,70 X 0,70 M - PINTURA PRETA E VIDRO TEMPERADO FUME 6MM","UN ",12,737.61,8851.32,2.8532888804998547E-3,0.81394330427583939]
[92769,"SINAPI","ARMAÇÃO DE LAJE DE ESTRUTURA CONVENCIONAL DE CONCRETO ARMADO UTILIZANDO AÇO CA-50 DE 6,3 MM - MONTAGEM. AF_06/2022","KG",564.1,15.42,8698.42,2.8040004274975426E-3,0.8167473047033369]
[88415,"SINAPI","APLICAÇÃO MANUAL DE FUNDO SELADOR ACRÍLICO EM PAREDES EXTERNAS DE CASAS. AF_03/2024","M2",1343.6299999999999,6.46,8679.85,2.7980142497849663E-3,0.81954531895312188]
["ED-20586","SETOP","ENTRADA DE ENERGIA AÉREA, TIPO C6, PADRÃO CEMIG, CARGA INSTALADA DE 47,1KVA ATÉ 57KVA, TRIFÁSICO, COM SAÍDA SUBTERRÂNEA, INCLUSIVE POSTE, CAIXA PARA MEDIDOR, DISJUNTOR, BARRAMENTO, ATERRAMENTO E ACESSÓRIOS","un",1,8434.07,8434.07,2.7187852374964878E-3,0.82226410419061835]
[92760,"SINAPI","ARMAÇÃO DE PILAR OU VIGA DE ESTRUTURA CONVENCIONAL DE CONCRETO ARMADO UTILIZANDO AÇO CA-50 DE 6,3 MM - MONTAGEM. AF_06/2022","KG",512.79999999999995,16.010000000000002,8209.93,2.6465320402699458E-3,0.82491063623088834]
[101266,"SINAPI","ESCAVAÇÃO VERTICAL PARA INFRAESTRUTURA, COM CARGA, DESCARGA E TRANSPORTE DE SOLO DE 1ª CATEGORIA, COM ESCAVADEIRA HIDRÁULICA (CAÇAMBA: 0,8 M³ / 111HP), FROTA DE 3 CAMINHÕES BASCULANTES DE 10 M³, DMT ATÉ 1 KM E VELOCIDADE MÉDIA14 KM/H. AF_05/2020","M3",570.04999999999995,14.2,8094.7099999999991,2.6093900157118915E-3,0.82752002624660026]
["ED-50283","SETOP","LAVATÓRIO DE LOUÇA BRANCA SEM COLUNA, TAMANHO MÉDIO, INCLUSIVE ACESSÓRIOS DE FIXAÇÃO, VÁLVULA DE ESCOAMENTO DE METAL COM ACABAMENTO CROMADO, SIFÃO DE METAL TIPO COPO COM ACABAMENTO CROMADO, FORNECIMENTO, INSTALAÇÃO E REJUNTAMENTO, EXCLUSIVE TORNEIRA E ENGATE FLEXÍVEL","U",13,584.92999999999995,7604.0899999999992,2.4512350071311554E-3,0.82997126125373144]
[88488,"SINAPI","PINTURA LÁTEX ACRÍLICA PREMIUM, APLICAÇÃO MANUAL EM TETO, DUAS DEMÃOS. AF_04/2023","M2",404.04,18.52,7482.82,2.4121427200442334E-3,0.83238340397377564]
["COT-ARQ-004","COTAÇÃO","JANELA ESQUADRIA MAXIM-AR 0,70 X 0,90 M - PINTURA PRETA E VIDRO TEMPERADO FUME 6MM","UN ",4,1857.31,7429.24,2.3948708082596427E-3,0.83477827478203526]
[103253,"SINAPI","AR CONDICIONADO SPLIT INVERTER, HI-WALL (PAREDE), 24000 BTU/H, CICLO FRIO - FORNECIMENTO E INSTALAÇÃO. AF_11/2021_PE","UN",1,7297.05,7297.05,2.3522583778974736E-3,0.83713053315993269]
["COT-DAD-006","COTAÇÃO","CAMERA POE","UN ",10,691.95,6919.5,2.2305523253727971E-3,0.83936108548530552]
["COT-DAD-004","COTAÇÃO","SWITCH GIGABIT 48 PORTAS POE","UN ",1,6811.57,6811.57,2.195760286572669E-3,0.84155684577187817]
["ED-48533","SETOP","DIVISÓRIA EM GRANITO CINZA ANDORINHA, ESP. 3CM, INCLUSIVE INSTALAÇÃO, FERRAGENS EM LATÃO CROMADO E ACESSÓRIOS","m2",8.0400000000000009,829.61,6670.06,2.150143484843714E-3,0.84370698925672194]
[92770,"SINAPI","ARMAÇÃO DE LAJE DE ESTRUTURA CONVENCIONAL DE CONCRETO ARMADO UTILIZANDO AÇO CA-50 DE 8,0 MM - MONTAGEM. AF_06/2022","KG",444.6,14.51,6451.15,2.079576217042954E-3,0.84578656547376485]
["EST-006","CPU","LAJE TRELIÇADA H=21 CM - INCLUSO MONTAGEM E FORNECIMENTO DOS MATERIAIS, EXCETO CONCRETAGEM","M2",28.64,224.64,6433.69,2.0739478560918723E-3,0.84786051332985668]
[90843,"SINAPI","KIT DE PORTA DE MADEIRA PARA PINTURA, SEMI-OCA (LEVE OU MÉDIA), PADRÃO MÉDIO, 80X210CM, ESPESSURA DE 3,5CM, ITENS INCLUSOS: DOBRADIÇAS, MONTAGEM E INSTALAÇÃO DO BATENTE, FECHADURA COM EXECUÇÃO DO FURO - FORNECIMENTO E INSTALAÇÃO. AF_12/2019","UN",5,1284.05,6420.25,2.0696153720607992E-3,0.84993012870191753]
[87879,"SINAPI","CHAPISCO APLICADO EM ALVENARIAS E ESTRUTURAS DE CONCRETO INTERNAS, COM COLHER DE PEDREIRO.  ARGAMASSA TRAÇO 1:3 COM PREPARO EM BETONEIRA 400L. AF_10/2022","M2",1190.0799999999997,5.35,6366.93,2.0524272732113337E-3,0.85198255597512884]
["ED-50998","SETOP","PEITORIL DE GRANITO, NA COR CINZA ANDORINHA, COM PINGADEIRA, ESP. 3CM, ACABAMENTO POLIDO, ASSENTAMENTO COM ARGAMASSA INDUSTRIALIZADA, INCLUSIVE REJUNTAMENTO","m2",13.017999999999999,483.45,6294.52,2.0290853707790419E-3,0.8540116413459079]
["ARQ-001","CPU","PORTA DE ALUMÍNIO DE ABRIR COM LAMBRI, FIXAÇÃO COM PARAFUSOS - FORNECIMENTO E INSTALAÇÃO. ","M2    ",7.6,824.37,6265.21,2.0196370741309201E-3,0.85603127842003879]
[95584,"SINAPI","MONTAGEM DE ARMADURA TRANSVERSAL DE ESTACAS DE SEÇÃO CIRCULAR, DIÂMETRO = 6,30 MM. AF_09/2021_PS","KG",365.2,16.87,6160.92,1.986018416422541E-3,0.85801729683646133]
[100978,"SINAPI","CARGA, MANOBRA E DESCARGA DE SOLOS E MATERIAIS GRANULARES EM CAMINHÃO BASCULANTE 10 M³ - CARGA COM ESCAVADEIRA HIDRÁULICA (CAÇAMBA DE 1,20 M³ / 155 HP) E DESCARGA LIVRE (UNIDADE: M3). AF_07/2020","M3",704.60722222222216,8.7200000000000006,6144.2,1.9806285999791227E-3,0.85999792543644049]
["ED-9077","SETOP","MONTAGEM E DESMONTAGEM DE ANDAIME METÁLICO TUBULAR TIPO TORRE, EXCLUSIVE FORNECIMENTO DO ANDAIME","m",539.20000000000005,11.39,6141.49,1.9797550113091669E-3,0.86197768044774969]
["COT-ARQ-001","COTAÇÃO","PORTAS VAI E VEM EM ABS, 150 X 210 CM, COM VISOR - FORNECIMENTO E INSTALAÇÃO","UN ",1,5859.45,5859.45,1.888837318145189E-3,0.86386651776589485]
[104919,"SINAPI","ARMAÇÃO DE SAPATA ISOLADA, VIGA BALDRAME E SAPATA CORRIDA UTILIZANDO AÇO CA-50 DE 10 MM - MONTAGEM. AF_01/2024","KG",373.3,15.43,5760.02,1.8567853176087608E-3,0.86572330308350365]
[92761,"SINAPI","ARMAÇÃO DE PILAR OU VIGA DE ESTRUTURA CONVENCIONAL DE CONCRETO ARMADO UTILIZANDO AÇO CA-50 DE 8,0 MM - MONTAGEM. AF_06/2022","KG",372.9,15.09,5627.06,1.8139246720156445E-3,0.86753722775551934]
["ARQ-003","CPU","PORTA EM ALUMÍNIO COMPLETA, DIMENSÃO (2,20 X 2,10 M), COM DUAS FOLHAS MÓVEIS, LINHA 25/SUPREMA, ACABAMENTO ANODIZADO PRETO, INCLUSIVE PERFIS, VIDRO FUME LAMINADO 6MM, FERRAGENS E INSTALAÇÃO","UN ",1,5552.68,5552.68,1.7899477254210599E-3,0.86932717548094041]
[104916,"SINAPI","ARMAÇÃO DE SAPATA ISOLADA, VIGA BALDRAME E SAPATA CORRIDA UTILIZANDO AÇO CA-60 DE 5 MM - MONTAGEM. AF_01/2024","KG",278.3,19.899999999999999,5538.17,1.7852703189262034E-3,0.87111244579986657]
[105031,"SINAPI","CONTRAVERGA MOLDADA IN LOCO COM UTILIZAÇÃO DE BLOCOS CANALETA, ESPESSURA DE *15* CM. AF_03/2024","M",92.8,59.09,5483.55,1.767663155401113E-3,0.87288010895526769]
[86936,"SINAPI","CUBA DE EMBUTIR DE AÇO INOXIDÁVEL MÉDIA, INCLUSO VÁLVULA TIPO AMERICANA E SIFÃO TIPO GARRAFA EM METAL CROMADO - FORNECIMENTO E INSTALAÇÃO. AF_01/2020","UN",8,683.94,5471.52,1.7637851953643713E-3,0.87464389415063204]
["COT-ARQ-009","COTAÇÃO","JANELA ESQUADRIA MAXIM-AR 2,20 X 1,20 M - PINTURA PRETA E VIDRO TEMPERADO FUME 6MM","UN ",2,2712.07,5424.14,1.7485118997250676E-3,0.87639240605035706]
["ACE-003","CPU","PISO TATIL ALERTA OU DIRECIONAL, DE BORRACHA, COLORIDO, 25 X 25 CM, E = 5 MM, PARA COLA - FORNECIMENTO E INSTALAÇÃO ","M2    ",16.6875,324.33999999999997,5413.23,1.7449949800242483E-3,0.87813740103038129]
[96546,"SINAPI","ARMAÇÃO DE BLOCO UTILIZANDO AÇO CA-50 DE 10 MM - MONTAGEM. AF_01/2024","KG",318.3,16.899999999999999,5379.27,1.7340477212671619E-3,0.87987144875164847]
[103250,"SINAPI","AR CONDICIONADO SPLIT INVERTER, HI-WALL (PAREDE), 18000 BTU/H, CICLO FRIO - FORNECIMENTO E INSTALAÇÃO. AF_11/2021_PE","UN",1,5342.21,5342.21,1.722101154437432E-3,0.88159354990608585]
["ED-17989","SETOP","LOCAÇÃO DE OBRA COM GABARITO DE TÁBUAS CORRIDAS PONTALETADAS A CADA 2,00M, REAPROVEITAMENTO (2X), INCLUSIVE ACOMPANHAMENTO DE EQUIPE TOPOGRÁFICA PARA MARCAÇÃO DE PONTO TOPOGRÁFICO","m",90,57.92,5212.8,1.6803848777662139E-3,0.88327393478385208]
[89356,"SINAPI","TUBO, PVC, SOLDÁVEL, DE 25MM, INSTALADO EM RAMAL OU SUB-RAMAL DE ÁGUA - FORNECIMENTO E INSTALAÇÃO. AF_06/2022","M",191.41,27.15,5196.78,1.6752207115327473E-3,0.88494915549538478]
[89987,"SINAPI","REGISTRO DE GAVETA BRUTO, LATÃO, ROSCÁVEL, 3/4\", COM ACABAMENTO E CANOPLA CROMADOS - FORNECIMENTO E INSTALAÇÃO. AF_08/2021","UN",31,163.95,5082.45,1.6383655850987749E-3,0.88658752108048355]
["ED-50329","SETOP","TORNEIRA METÁLICA PARA LAVATÓRIO, FECHAMENTO AUTOMÁTICO, ACABAMENTO CROMADO, COM AREJADOR, APLICAÇÃO DE MESA, INCLUSIVE ENGATE FLEXÍVEL METÁLICO, FORNECIMENTO E INSTALAÇÃO","un",18,277.62,4997.16,1.610871718803371E-3,0.88819839279928692]
["ED-29455","SETOP","ASSENTAMENTO DE ESQUADRIA DE ALUMÍNIO, INCLUSIVE FIXAÇÃO DO CONTRAMARCO, EXCLUSIVE FORNECIMENTO DA ESQUADRIA","m²",51.24,97.33,4987.1899999999996,1.6076578150987729E-3,0.88980605061438567]
["COT-ARQ-011","COTAÇÃO","LETREIRO - FORNECIMENTO E INSTALAÇÃO","UN ",1,4934.28,4934.28,1.5906018828008505E-3,0.89139665249718647]
[86938,"SINAPI","CUBA DE EMBUTIR OVAL EM LOUÇA BRANCA, 35 X 50CM OU EQUIVALENTE, INCLUSO VÁLVULA E SIFÃO TIPO GARRAFA EM METAL CROMADO - FORNECIMENTO E INSTALAÇÃO. AF_01/2020","UN",8,606.78,4854.24,1.5648003930800846E-3,0.89296145289026652]
[88485,"SINAPI","FUNDO SELADOR ACRÍLICO, APLICAÇÃO MANUAL EM PAREDE, UMA DEMÃO. AF_04/2023","M2",888.44999999999993,5.22,4637.71,1.4950003359931606E-3,0.89445645322625966]
["ED-29817","SETOP","MOBILIZAÇÃO E DESMOBILIZAÇÃO DE EQUIPAMENTO PARA ESTACA TIPO TRADO ROTATIVO (CUSTO FIXO), INCLUSIVE CARGA E DESCARGA, EXCLUSIVE TRANSPORTE EM QUILÔMETRO RODADO (CUSTO VARIÁVEL)","un",1,4564.71,4564.71,1.4714682426696236E-3,0.8959279214689293]
[90466,"SINAPI","CHUMBAMENTO LINEAR EM ALVENARIA PARA RAMAIS/DISTRIBUIÇÃO DE INSTALAÇÕES HIDRÁULICAS COM DIÂMETROS MENORES OU IGUAIS A 40 MM. AF_09/2023","M",254.84,17.71,4513.22,1.4548700579404604E-3,0.89738279152686973]
["ED-51017","SETOP","ATERRAMENTO COMPLETO PARA PARA-RAIOS, COM HASTE DE COBRE DE ALTA CAMADA, TIPO COPPERWELD, DIÂMETRO DE 3/4\", COMPRIMENTO DE 240CM, EXCLUSIVE CABO, INCLUSIVE CAIXA DE INSPEÇÃO COM TAMPA EM FERRO FUNDIDO E GRAMPO PARA HASTE","un",3,1422.8,4268.3999999999996,1.3759505087970584E-3,0.89875874203566675]
[86932,"SINAPI","VASO SANITÁRIO SIFONADO COM CAIXA ACOPLADA LOUÇA BRANCA - PADRÃO MÉDIO, INCLUSO ENGATE FLEXÍVEL EM METAL CROMADO, 1/2  X 40CM - FORNECIMENTO E INSTALAÇÃO. AF_01/2020","UN",6,704.75,4228.5,1.3630884468298103E-3,0.90012183048249661]
[98680,"SINAPI","PISO CIMENTADO, TRAÇO 1:3 (CIMENTO E AREIA), ACABAMENTO LISO, ESPESSURA 3,0 CM, PREPARO MECÂNICO DA ARGAMASSA. AF_09/2020","M2",68.180000000000007,61.77,4211.4799999999996,1.3576019231535555E-3,0.90147943240565021]
["ED-50493","SETOP","PINTURA ESMALTE BASE SOLVENTE EM ESQUADRIA DE MADEIRA, DUAS (2) DEMÃOS, INCLUSIVE UMA (1) DEMÃO DE FUNDO NIVELADOR, EXCLUSIVE MASSA A ÓLEO","m2",111.3,37.75,4201.58,1.3544105844699526E-3,0.90283384299012015]
[104737,"SINAPI","REATERRO MANUAL DE VALAS, COM PLACA VIBRATÓRIA. AF_08/2023","M3",172.47,24.22,4177.22,1.3465579571636326E-3,0.9041804009472838]
[92868,"SINAPI","CAIXA RETANGULAR 4\" X 2\" MÉDIA (1,30 M DO PISO), METÁLICA, INSTALADA EM PAREDE - FORNECIMENTO E INSTALAÇÃO. AF_03/2023","UN",207,19.95,4129.6499999999996,1.3312234136101989E-3,0.90551162436089405]
[87745,"SINAPI","CONTRAPISO EM ARGAMASSA TRAÇO 1:4 (CIMENTO E AREIA), PREPARO MECÂNICO COM BETONEIRA 400 L, APLICADO EM ÁREAS MOLHADAS SOBRE LAJE, ADERIDO, ACABAMENTO NÃO REFORÇADO, ESPESSURA 3CM. AF_07/2021","M2",64.510000000000005,63.95,4125.41,1.3298566180527771E-3,0.90684148097894679]
[101880,"SINAPI","QUADRO DE DISTRIBUIÇÃO DE ENERGIA EM CHAPA DE AÇO GALVANIZADO, DE EMBUTIR, COM BARRAMENTO TRIFÁSICO, PARA 30 DISJUNTORES DIN 150A - FORNECIMENTO E INSTALAÇÃO. AF_10/2020","UN",5,824.05,4120.25,1.3281932536479901E-3,0.90816967423259476]
["ED-50266","SETOP","LIMPEZA FINAL PARA ENTREGA DA OBRA","m2",443.56,8.84,3921.07,1.2639860981934409E-3,0.90943366033078821]
[98295,"SINAPI","CABO ELETRÔNICO CATEGORIA 5E, INSTALADO EM EDIFICAÇÃO INSTITUCIONAL - FORNECIMENTO E INSTALAÇÃO. AF_11/2019","M",594.9,6.55,3896.6,1.256098011568414E-3,0.91068975834235666]
[91924,"SINAPI","CABO DE COBRE FLEXÍVEL ISOLADO, 1,5 MM², ANTI-CHAMA 450/750 V, PARA CIRCUITOS TERMINAIS - FORNECIMENTO E INSTALAÇÃO. AF_03/2023","M",1070.8,3.6,3854.88,1.2426492590552913E-3,0.91193240760141192]
["COT-DAD-001","COTAÇÃO","NVR 16 PORTAS","UN ",1,3741.17,3741.17,1.2059939942358476E-3,0.91313840159564774]
["ED-48700","SETOP","ATERRAMENTO COM HASTE DE COBRE, TIPO COPPERWELD, DIÂMETRO DE  5/8\", COMPRIMENTO DE 240CM, EXCLUSIVE CABO E CAIXA PARA ATERRAMENTO, INCLUSIVE GRAMPO PARA HASTE E INSTALAÇÃO","un",12,307.25,3687,1.1885318915600121E-3,0.91432693348720773]
["ED-50137","SETOP","MOBILIZAÇÃO E DESMOBILIZAÇÃO DE CONTAINER, INCLUSIVE CARGA, DESCARGA E TRANSPORTE EM CAMINHÃO CARROCERIA COM GUINDAUTO (MUNCK), EXCLUSIVE LOCAÇÃO DO CONTAINER","un",2,1829.27,3658.54,1.1793575987382604E-3,0.91550629108594594]
[105126,"SINAPI","INSTALAÇÃO DE CONCERTINA SIMPLES, ESPIRAL DE 300 MM. AF_03/2024","M",95,37.979999999999997,3608.1,1.1630978893240247E-3,0.91666938897526995]
[96525,"SINAPI","ESCAVAÇÃO MECANIZADA PARA VIGA BALDRAME OU SAPATA CORRIDA COM MINI-ESCAVADEIRA (INCLUINDO ESCAVAÇÃO PARA COLOCAÇÃO DE FÔRMAS). AF_01/2024","M3",53.17,67.22,3574.09,1.1521345126947989E-3,0.91782152348796475]
[90282,"SINAPI","GRAUTE FGK=15 MPA; TRAÇO 1:2,2:2,5:0,3 (EM MASSA SECA DE CIMENTO/ AREIA GROSSA/ BRITA 0/ ADITIVO) - PREPARO MECÂNICO COM BETONEIRA 400 L. AF_09/2021","M3",5.14,670.97,3448.79,1.1117431251134401E-3,0.91893326661307817]
["ED-51003","SETOP","SOLEIRA DE GRANITO, NA COR CINZA ANDORINHA, ESP. 3CM, ACABAMENTO POLIDO, ASSENTAMENTO COM ARGAMASSA INDUSTRIALIZADA, INCLUSIVE REJUNTAMENTO","m2",7.87,433.07,3408.26,1.0986779779572353E-3,0.92003194459103543]
["COT-DAD-005","COTAÇÃO","ACCESS POINT","UN ",3,1134.68,3404.04,1.0973176295486691E-3,0.92112926222058411]
[91996,"SINAPI","TOMADA MÉDIA DE EMBUTIR (1 MÓDULO), 2P+T 10 A, INCLUINDO SUPORTE E PLACA - FORNECIMENTO E INSTALAÇÃO. AF_03/2023","UN",83,40.99,3402.17,1.0967148211306554E-3,0.92222597704171472]
["ED-50943","SETOP","CORRIMÃO DUPLO EM TUBO DE AÇO INOX D = 1 1/2\"   FIXADO EM ALVENARIA","m",6,551.45000000000005,3308.7,1.0665840709532441E-3,0.923292561112668]
[96521,"SINAPI","ESCAVAÇÃO MECANIZADA PARA BLOCO DE COROAMENTO OU SAPATA COM RETROESCAVADEIRA (INCLUINDO ESCAVAÇÃO PARA COLOCAÇÃO DE FÔRMAS). AF_01/2024","M3",62.7,52.56,3295.51,1.0623321762828683E-3,0.92435489328895082]
[94651,"SINAPI","TUBO, PVC, SOLDÁVEL, DE 50MM, INSTALADO EM RESERVAÇÃO PREDIAL DE ÁGUA - FORNECIMENTO E INSTALAÇÃO. AF_04/2024","M",124.35,26.5,3295.27,1.062254810496599E-3,0.92541714809944742]
[89714,"SINAPI","TUBO PVC, SERIE NORMAL, ESGOTO PREDIAL, DN 100 MM, FORNECIDO E INSTALADO EM RAMAL DE DESCARGA OU RAMAL DE ESGOTO SANITÁRIO. AF_08/2022","M",72.34,45.02,3256.75,1.0498376018003984E-3,0.92646698570124786]
["ED-48189","SETOP","SABONETEIRA PLASTICA TIPO DISPENSER PARA SABONETE LIQUIDO COM RESERVATORIO 1500 ML","U",29,111.04,3220.1600000000003,1.0380425429687792E-3,0.92750502824421666]
["ED-13287","SETOP","CAMADA DE REGULARIZAÇÃO COM ARGAMASSA, TRAÇO 1:3 (CIMENTO E AREIA), ESP. 20MM, APLICAÇÃO MANUAL, INCLUSIVE ARGAMASSA COM PREPARO MECANIZADO","m2",71.7,44.35,3179.9,1.0250644323221269E-3,0.92853009267653874]
["ED-48343","SETOP","BANCADA EM GRANITO CINZA ANDORINHA E = 3 CM, APOIADA EM CONSOLE DE METALON 20 X 30 MM","m2",6.6300000000000008,476.05,3156.21,1.0174277845024751E-3,0.92954752046104117]
[92764,"SINAPI","ARMAÇÃO DE PILAR OU VIGA DE ESTRUTURA CONVENCIONAL DE CONCRETO ARMADO UTILIZANDO AÇO CA-50 DE 16,0 MM - MONTAGEM. AF_06/2022","KG",285.5,10.99,3137.65,1.0114448303643266E-3,0.93055896529140547]
["ACE-004","CPU","PISO TATIL DE ALERTA OU DIRECIONAL, DE BORRACHA, PRETO, 25 X 25 CM, E = 12 MM, PARA ARGAMASSA - FORNECIMENTO E INSTALAÇÃO ","M2    ",4.75,655.63,3114.24,1.0038984426286551E-3,0.93156286373403407]
["COT-ACE-001","COTAÇÃO","CHAPA DE PROTEÇÃO IMPACTO PARA PORTA 40X80","UN ",12,259.14999999999998,3109.7999999999997,1.0024671755826755E-3,0.9325653309096168]
["ALV-001","CPU","CORRIMÃO DUPLO EM TUBO DE AÇO INOX D = 1 1/2\" FIXADO EM PISO","M",5.52,544.51,3005.7,9.6890976578842627E-4,0.93353424067540525]
[104920,"SINAPI","ARMAÇÃO DE BLOCO, SAPATA ISOLADA, VIGA BALDRAME E SAPATA CORRIDA UTILIZANDO AÇO CA-50 DE 12,5 MM - MONTAGEM. AF_01/2024","KG",224.89999999999998,13.09,2943.9399999999996,9.4900097012182833E-4,0.9344832416455271]
[96543,"SINAPI","ARMAÇÃO DE BLOCO UTILIZANDO AÇO CA-60 DE 5 MM - MONTAGEM. AF_01/2024","KG",122.4,23.58,2886.19,9.3038482780081122E-4,0.93541362647332793]
["ED-51019","SETOP","BARRA CHATA DE ALUMÍNIO 7/8\" X 1/8\" X 3M","U",82,35.090000000000003,2877.38,9.2754485872984741E-4,0.93634117133205774]
[96616,"SINAPI","LASTRO DE CONCRETO MAGRO, APLICADO EM BLOCOS DE COROAMENTO OU SAPATAS. AF_01/2024","M3",2.85,1009.22,2876.28,9.2719026554278041E-4,0.93726836159760052]
["ED-50986","SETOP","PORTÃO EM TUBO DE AÇO GALVANIZADO COM COSTURA, DIÂMETRO DE 1.1/2\" (38,1MM), ESP. 2MM, COM TELA QUADRICULADA ONDULADA, TRAMA DE 1/2\" (12,70MM), FIO 12 (2,77MM), EXCLUSIVE CADEADO E PINTURA","m2",4.2,682.99,2868.56,9.247016660844556E-4,0.93819306326368501]
["ED-49197","SETOP","CAIXA DE INSPEÇÃO EM CONCRETO, TIPO \"ZA\" PASSEIO, PADRÃO CEMIG, DIMENSÃO (28X28)CM, ALTURA 40CM, COM TAMPA E ARO ARTICULADO EM FERRO FUNDIDO, INCLUSIVE ESCAVAÇÃO, APILOAMENTO, LASTRO DE BRITA, REATERRO E TRANSPORTE COM RETIRADA DO MATERIAL ESCAVADO (EM CAÇAMBA)","un",11,253.67,2790.37,8.9949653763284803E-4,0.93909255980131789]
["COT-ARQ-007","COTAÇÃO","JANELA ESQUADRIA MAXIM-AR 1,60 X 0,70 M - PINTURA PRETA E VIDRO TEMPERADO FUME 6MM","UN ",2,1382.19,2764.38,8.9111846769478328E-4,0.93998367826901263]
[102610,"SINAPI","CAIXA D´ÁGUA EM POLIETILENO, 3000 LITROS - FORNECIMENTO E INSTALAÇÃO. AF_06/2021","UN",1,2762.43,2762.43,8.9048987068134631E-4,0.94087416813969393]
[91845,"SINAPI","ELETRODUTO FLEXÍVEL CORRUGADO REFORÇADO, PVC, DN 25 MM (3/4\"), PARA CIRCUITOS TERMINAIS, INSTALADO EM LAJE - FORNECIMENTO E INSTALAÇÃO. AF_03/2023","M",257.39999999999998,10.52,2707.85,8.7289560145396752E-4,0.94174706374114792]
["COT-ARQ-006","COTAÇÃO","JANELA ESQUADRIA MAXIM-AR 1,60 X 0,60 M - PINTURA PRETA E VIDRO TEMPERADO FUME 6MM","UN ",2,1284.25,2568.5,8.2797509180143494E-4,0.94257503883294935]
[88484,"SINAPI","FUNDO SELADOR ACRÍLICO, APLICAÇÃO MANUAL EM TETO, UMA DEMÃO. AF_04/2023","M2",404.04,6.31,2549.4899999999998,8.2184707681403171E-4,0.94339688590976334]
["COT-SPDA-002","COTAÇÃO","CONECTOR ATERRINSERT","UN ",30,84.76,2542.8000000000002,8.1969050552177882E-4,0.94421657641528511]
[92771,"SINAPI","ARMAÇÃO DE LAJE DE ESTRUTURA CONVENCIONAL DE CONCRETO ARMADO UTILIZANDO AÇO CA-50 DE 10,0 MM - MONTAGEM. AF_06/2022","KG",193.2,12.96,2503.87,8.0714113027403498E-4,0.94502371754555914]
[93660,"SINAPI","DISJUNTOR BIPOLAR TIPO DIN, CORRENTE NOMINAL DE 10A - FORNECIMENTO E INSTALAÇÃO. AF_10/2020","UN",23,108.45,2494.35,8.0407228741869157E-4,0.94582778983297788]
[97328,"SINAPI","TUBO EM COBRE FLEXÍVEL, DN 3/8\", COM ISOLAMENTO, INSTALADO EM RAMAL DE ALIMENTAÇÃO DE AR CONDICIONADO COM CONDENSADORA INDIVIDUAL - FORNECIMENTO E INSTALAÇÃO. AF_12/2015","M",40.700000000000003,58.45,2378.92,7.668625677976522E-4,0.94659465240077556]
[101881,"SINAPI","QUADRO DE DISTRIBUIÇÃO DE ENERGIA EM CHAPA DE AÇO GALVANIZADO, DE EMBUTIR, COM BARRAMENTO TRIFÁSICO, PARA 40 DISJUNTORES DIN 100A - FORNECIMENTO E INSTALAÇÃO. AF_10/2020","UN",2,1183.82,2367.64,7.6322637584300156E-4,0.94735787877661859]
[89865,"SINAPI","TUBO, PVC, SOLDÁVEL, DE 25MM, INSTALADO EM DRENO DE AR-CONDICIONADO - FORNECIMENTO E INSTALAÇÃO. AF_08/2022","M",119,19.87,2364.5300000000002,7.6222384419593042E-4,0.94812010262081448]
[86919,"SINAPI","TANQUE DE LOUÇA BRANCA COM COLUNA, 30L OU EQUIVALENTE, INCLUSO SIFÃO FLEXÍVEL EM PVC, VÁLVULA METÁLICA E TORNEIRA DE METAL CROMADO PADRÃO MÉDIO - FORNECIMENTO E INSTALAÇÃO. AF_01/2020","UN",2,1172.27,2344.54,7.5577991891459463E-4,0.9488758825397291]
[89712,"SINAPI","TUBO PVC, SERIE NORMAL, ESGOTO PREDIAL, DN 50 MM, FORNECIDO E INSTALADO EM RAMAL DE DESCARGA OU RAMAL DE ESGOTO SANITÁRIO. AF_08/2022","M",72.209999999999994,32.33,2334.5500000000002,7.5255956806114085E-4,0.94962844210779029]
["ED-51121","SETOP","REATERRO MANUAL DE VALA, INCLUSIVE ESPALHAMENTO E COMPACTAÇÃO MECANIZADA COM PLACA VIBRATÓRIA","m3",44.47,52.01,2312.88,7.4557408227592093E-4,0.95037401619006623]
[90443,"SINAPI","RASGO LINEAR MANUAL EM ALVENARIA, PARA RAMAIS/ DISTRIBUIÇÃO DE INSTALAÇÕES HIDRÁULICAS, DIÂMETROS MENORES OU IGUAIS A 40 MM. AF_09/2023","M",254.84,8.94,2278.2700000000004,7.3441729118102223E-4,0.9511084334812473]
["COT-CLI-001","COTAÇÃO","CABO PP TETRAPOLAR, 4X2,5MM², 1KV","M",57.6,38.57,2221.63,7.1615896562149969E-4,0.95182459244686879]
["ED-51021","SETOP","RE-BAR 8MM X 4M COM 3 CLIPS PARA EMENDA 8-10MM","U",31,70.989999999999995,2200.69,7.0940880076951528E-4,0.95253400124763832]
["ED-2552","SETOP","LAVATÓRIO DE CANTO DE LOUÇA BRANCA SEM COLUNA, TAMANHO PEQUENO, INCLUSIVE ACESSÓRIOS DE FIXAÇÃO COM PARAFUSO CASTELO, VÁLVULA DE ESCOAMENTO DE METAL COM ACABAMENTO CROMADO, SIFÃO DE METAL TIPO COPO COM ACABAMENTO CROMADO, FORNECIMENTO, INSTALAÇÃO E REJUNTAMENTO, EXCLUSIVE TORNEIRA E ENGATE FLEXÍVEL","un",3,732.95,2198.8500000000004,7.0881566307478508E-4,0.95324281691071311]
[96545,"SINAPI","ARMAÇÃO DE BLOCO UTILIZANDO AÇO CA-50 DE 8 MM - MONTAGEM. AF_01/2024","KG",113.9,19.28,2195.9899999999998,7.0789372078841075E-4,0.9539507106315015]
[89584,"SINAPI","JOELHO 90 GRAUS, PVC, SERIE R, ÁGUA PLUVIAL, DN 100 MM, JUNTA ELÁSTICA, FORNECIDO E INSTALADO EM CONDUTORES VERTICAIS DE ÁGUAS PLUVIAIS. AF_06/2022","UN",42,52.27,2195.34,7.0768418845059853E-4,0.95465839481995207]
[87905,"SINAPI","CHAPISCO APLICADO EM ALVENARIA (COM PRESENÇA DE VÃOS) E ESTRUTURAS DE CONCRETO DE FACHADA, COM COLHER DE PEDREIRO.  ARGAMASSA TRAÇO 1:3 COM PREPARO EM BETONEIRA 400L. AF_10/2022","M2",218.29000000000002,9.43,2058.4699999999998,6.6356312525618058E-4,0.95532195794520824]
[92004,"SINAPI","TOMADA MÉDIA DE EMBUTIR (2 MÓDULOS), 2P+T 10 A, INCLUINDO SUPORTE E PLACA - FORNECIMENTO E INSTALAÇÃO. AF_03/2023","UN",31,65.47,2029.57,6.5424699515960222E-4,0.95597620494036784]
[91936,"SINAPI","CAIXA OCTOGONAL 4\" X 4\", PVC, INSTALADA EM LAJE - FORNECIMENTO E INSTALAÇÃO. AF_03/2023","UN",89,22.5,2002.5,6.4552077918332627E-4,0.95662172571955117]
["10.47.07","SUDECAP","BEBEDOURO INDUSTRIAL 50L","UN",1,1993.27,1993.27,6.4254541998639138E-4,0.9572642711395376]
[96622,"SINAPI","LASTRO COM MATERIAL GRANULAR, APLICADO EM PISOS OU LAJES SOBRE SOLO, ESPESSURA DE *5 CM*. AF_01/2024","M3",6.4984999999999999,304.76,1980.94,6.3857075271681323E-4,0.95790284189225439]
["ED-48182","SETOP","DISPENSER EM PLÁSTICO PARA PAPEL TOALHA 2 OU 3 FOLHAS","U",22,89.5,1969,6.3472180484992237E-4,0.9585375636971043]
["ED-15752","SETOP","CONJUNTO DE UMA (1) TOMADA DE DADOS (CONECTOR RJ45 CAT.6E), COM PLACA 4\"X2\" DE UM (1) POSTO, INCLUSIVE FORNECIMENTO, INSTALAÇÃO, SUPORTE, MÓDULO E PLACA","un",23,85.42,1964.66,6.3332277354822164E-4,0.95917088647065252]
[92917,"SINAPI","ARMAÇÃO DE ESTRUTURAS DIVERSAS DE CONCRETO ARMADO, EXCETO VIGAS, PILARES, LAJES E FUNDAÇÕES, UTILIZANDO AÇO CA-50 DE 8,0 MM - MONTAGEM. AF_06/2022","KG",117.45,16.72,1963.76,6.3303265184971229E-4,0.95980391912250218]
["ED-49889","SETOP","CAIXA DE ESGOTO DE INSPEÇÃO/PASSAGEM EM ALVENARIA (60X60X100CM), REVESTIMENTO EM ARGAMASSA COM ADITIVO IMPERMEABILIZANTE, COM TAMPA DE CONCRETO, INCLUSIVE ESCAVAÇÃO, REATERRO E TRANSPORTE COM RETIRADA DO MATERIAL ESCAVADO (EM CAÇAMBA)","un",2,959.81,1919.62,6.1880379432504207E-4,0.96042272291682718]
[95601,"SINAPI","ARRASAMENTO MECANICO DE ESTACA DE CONCRETO ARMADO, DIAMETROS DE ATÉ 40 CM. AF_05/2021","UN",95,20.07,1906.65,6.1462281829207949E-4,0.96103734573511923]
["EST-002","CPU","ESTACA BROCA DE CONCRETO, DIÂMETRO DE 20CM, ESCAVAÇÃO MANUAL COM TRADO CONCHA, EXCETO ARMADURA","M",32.5,58.19,1891.18,6.0963594865214629E-4,0.96164698168377138]
[104918,"SINAPI","ARMAÇÃO DE SAPATA ISOLADA, VIGA BALDRAME E SAPATA CORRIDA UTILIZANDO AÇO CA-50 DE 8 MM - MONTAGEM. AF_01/2024","KG",109.5,17.25,1888.88,6.0889452653373351E-4,0.96225587621030517]
["ED-48374","SETOP","PATCH PANEL 48 POSIÇÕES, CATEGORIA COM GUIA TRASEIRO","cj",1,1836.64,1836.64,5.9205457372247909E-4,0.96284793078402764]
["ED-50324","SETOP","TORNEIRA METÁLICA PARA PIA, BICA MÓVEL, ABERTURA 1/4 DE VOLTA, ACABAMENTO CROMADO, COM AREJADOR, APLICAÇÃO DE MESA, INCLUSIVE ENGATE FLEXÍVEL METÁLICO, FORNECIMENTO E INSTALAÇÃO","un",8,229.02,1832.16,5.9061041237878811E-4,0.96343854119640637]
["ACE-005","CPU","PLACA TÁTIL BRAILLE EM ACRÍLICO 30X10 CM (ATÉ 3 PALAVRAS) - FORNECIMENTO E INSTALAÇÃO","UN",29,61.67,1788.43,5.7651372140566108E-4,0.96401505491781203]
[87414,"SINAPI","APLICAÇÃO MANUAL DE GESSO DESEMPENADO (SEM TALISCAS) EM TETO DE AMBIENTES DE ÁREA MAIOR QUE 10M², ESPESSURA DE 1,0CM. AF_03/2023","M2",54.82,32.450000000000003,1778.91,5.7344487855031756E-4,0.9645884997963623]
["SPDA-002","CPU","INSTALAÇÃO CONECTOR ATERRINSERT","UN",30,59.08,1772.3999999999999,5.7134633159776653E-4,0.96515984612796002]
["ED-13345","SETOP","LUMINÁRIA ARANDELA TIPO MEIA-LUA COMPLETA, DIÂMETRO 25 CM, PARA UMA (1) LÂMPADA LED, POTÊNCIA 15W, BULBO A65, FORNECIMENTO E INSTALAÇÃO, INCLUSIVE BASE E LÂMPADA","un",19,92.34,1754.46,5.6556323907414659E-4,0.96572540936703422]
["ARQ-004","CPU","PORTA PIVOTANTE DE VIDRO JATEADO, 2 FOLHAS DE 70X210 CM, ESPESSURA DE 6MM, INCLUSIVE ACESSÓRIOS.","UN ",1,1705.43,1705.43,5.4975805365424231E-4,0.96627516742068842]
[97327,"SINAPI","TUBO EM COBRE FLEXÍVEL, DN 1/4\", COM ISOLAMENTO, INSTALADO EM RAMAL DE ALIMENTAÇÃO DE AR CONDICIONADO COM CONDENSADORA INDIVIDUAL   FORNECIMENTO E INSTALAÇÃO. AF_12/2015","M",47.9,34.659999999999997,1660.21,5.3518105009136088E-4,0.96681034847077973]
[91836,"SINAPI","ELETRODUTO FLEXÍVEL CORRUGADO, PVC, DN 32 MM (1\"), PARA CIRCUITOS TERMINAIS, INSTALADO EM FORRO - FORNECIMENTO E INSTALAÇÃO. AF_03/2023_PA","M",66.900000000000006,24.59,1645.07,5.3030055840754778E-4,0.96734064902918726]
[92765,"SINAPI","ARMAÇÃO DE PILAR OU VIGA DE ESTRUTURA CONVENCIONAL DE CONCRETO ARMADO UTILIZANDO AÇO CA-50 DE 20,0 MM - MONTAGEM. AF_06/2022","KG",126.7,12.55,1590.09,5.1257734620305381E-4,0.96785322637539029]
[100574,"SINAPI","ESPALHAMENTO DE MATERIAL COM TRATOR DE ESTEIRAS. AF_09/2024","M3",909.08722222222218,1.74,1581.8100000000002,5.0990822657676776E-4,0.9683631346019671]
[93382,"SINAPI","REATERRO MANUAL DE VALAS, COM COMPACTADOR DE SOLOS DE PERCUSSÃO. AF_08/2023","M3",51.35,30.49,1565.66,5.0470215387573864E-4,0.96886783675584287]
[103316,"SINAPI","ALVENARIA DE VEDAÇÃO DE BLOCOS VAZADOS DE CONCRETO DE 9X19X39 CM (ESPESSURA 9 CM) E ARGAMASSA DE ASSENTAMENTO COM PREPARO EM BETONEIRA. AF_12/2021","M2",16.440000000000001,94.82,1558.84,5.0250367611592319E-4,0.9693703404319588]
["SPDA-001","CPU","INSTALAÇÃO SUPORTE DE FIXAÇÃO PARA BARRA CHATA TEL726","UN",34,45.73,1554.82,5.0120779919591478E-4,0.96987154823115473]
["ARQ-002","CPU","PORTÃO PARA GRADIL, TIPO CORRER - FORNECIMENTO E INSTALAÇÃO","M2",3.9000000000000004,392.23,1529.7,4.9311018023307581E-4,0.97036465841138786]
["ED-28427","SETOP","FORNECIMENTO E COLOCAÇÃO DE PLACA DE OBRA EM CHAPA GALVANIZADA #26, ESP. 0,45MM, DIMENSÃO (3X1,5)M, PLOTADA COM ADESIVO VINÍLICO, AFIXADA COM REBITES 4,8X40MM, EM ESTRUTURA METÁLICA DE METALON 20X20MM, ESP. 1,25MM, INCLUSIVE SUPORTE EM EUCALIPTO AUTOCLAVADO PINTADO COM TINTA PVA DUAS (2) DEMÃOS","un",1,1520.31,1520.31,4.9008324384529475E-4,0.97085474165523311]
[91928,"SINAPI","CABO DE COBRE FLEXÍVEL ISOLADO, 4 MM², ANTI-CHAMA 450/750 V, PARA CIRCUITOS TERMINAIS - FORNECIMENTO E INSTALAÇÃO. AF_03/2023","M",184.70000000000002,8.2100000000000009,1516.39,4.8881960266956511E-4,0.97134356125790267]
["ED-48160","SETOP","BARRA DE APOIO EM AÇO INOX POLIDO RETA, DN 1.1/4\" (31,75MM), PARA ACESSIBILIDADE (PMR/PCR), COMPRIMENTO 80CM, INSTALADO EM PAREDE, INCLUSIVE FORNECIMENTO, INSTALAÇÃO E ACESSÓRIOS PARA FIXAÇÃO","un",6,246.81,1480.8600000000001,4.7736624272730121E-4,0.97182092750062998]
["ELE-002","CPU","INSTALAÇÃO DE GERADOR TRIFÁSICO 5,5 KVA - CABINADO ","UN",1,1477.12,1477.12,4.7616062589127332E-4,0.97229708812652127]
["ED-48372","SETOP","PATCH CORD RJ45/RJ45 UTP-4P METÁLICO CATEGORIA 6, PINAGEM T568A (VOZ), COMPRIMENTO 3 METROS","un",50,27.79,1389.5,4.479156667541732E-4,0.97274500379327544]
["COT-ARQ-005","COTAÇÃO","JANELA ESQUADRIA TIPO GUILHOTINA 1,00 X 1,00 M - PINTURA PRETA E VIDRO TEMPERADO FUME 6MM","UN ",1,1358.82,1358.82,4.3802574040943188E-4,0.97318302953368485]
["ED-48167","SETOP","BARRA DE APOIO EM AÇO INOX POLIDO PARA LAVATÓRIO DE CANTO, DN 1.1/4\" (31,75MM), PARA ACESSIBILIDADE (PMR/PCR), INSTALADO EM PAREDE, INCLUSIVE FORNECIMENTO, INSTALAÇÃO E ACESSÓRIOS PARA FIXAÇÃO","un",6,225.85,1355.1,4.3682657072225989E-4,0.97361985610440716]
[39461,"SINAPI","DISPOSITIVO DR, 4 POLOS, SENSIBILIDADE DE 300 MA, CORRENTE DE 40 A, TIPO AC                                                                                                                                                                                                                                                                                                                                                                                                                               ","UN    ",3,448.81,1346.43,4.340317316932864E-4,0.97405388783610047]
["ED-50151","SETOP","LIGAÇÃO PROVISÓRIA COM ENTRADA DE ENERGIA AÉREA, PADRÃO CEMIG, CARGA INSTALADA DE 15,1KVA ATÉ 30KVA, TRIFÁSICO, COM SAÍDA SUBTERRÂNEA, INCLUSIVE POSTE, CAIXA PARA MEDIDOR, DISJUNTOR, BARRAMENTO, ATERRAMENTO E ACESSÓRIOS","un",1,1342.27,1342.27,4.3269072473128758E-4,0.97448657856083176]
["16.20.20","SUDECAP","ESPELHO CRISTAL, E = 4 MM, APARAFUSADO, ÁREA MENOR OU IGUAL A 1,0 M2, FORNECIMENTO E INSTALAÇÃO REF 102143","M2",5.0100000000000007,267.23,1338.82,4.3157859155366836E-4,0.97491815715238539]
["COT-SPDA-001","COTAÇÃO","SUPORTE DE FIXAÇÃO PARA BARRA CHATA TEL726","UN ",34,38.68,1315.12,4.2393872015958849E-4,0.97534209587254495]
["ED-29818","SETOP","MOBILIZAÇÃO E DESMOBILIZAÇÃO DE EQUIPAMENTO PARA ESTACA TIPO TRADO ROTATIVO (CUSTO VARIÁVEL), EXCLUSIVE CUSTO FIXO DE TRANSPORTE","km",50,26.13,1306.5,4.2115999900275443E-4,0.97576325587154766]
["ED-48402","SETOP","CUMEEIRA GALVANIZADA TRAPEZOIDAL, TIPO SIMPLES, ESP. 0,50MM, ACABAMENTO NATURAL, INCLUSIVE ACESSÓRIOS PARA FIXAÇÃO, FORNECIMENTO, INSTALAÇÃO E IÇAMENTO MANUAL VERTICAL","m",14,91.25,1277.5,4.1181163316189731E-4,0.97617506750470961]
["ED-49950","SETOP","CAIXA DE INSPEÇÃO DE POLIETILENO , Ø 100 MM","un",3,423.74,1271.22,4.0978722842118756E-4,0.97658485473313084]
[97329,"SINAPI","TUBO EM COBRE FLEXÍVEL, DN 1/2\", COM ISOLAMENTO, INSTALADO EM RAMAL DE ALIMENTAÇÃO DE AR CONDICIONADO COM CONDENSADORA INDIVIDUAL - FORNECIMENTO E INSTALAÇÃO. AF_12/2015","M",16.899999999999999,74.14,1252.97,4.0390420509030332E-4,0.97698875893822112]
[100982,"SINAPI","CARGA, MANOBRA E DESCARGA DE ENTULHO EM CAMINHÃO BASCULANTE 10 M³ - CARGA COM ESCAVADEIRA HIDRÁULICA  (CAÇAMBA DE 0,80 M³ / 111 HP) E DESCARGA LIVRE (UNIDADE: M3). AF_07/2020","M3",109.69,11.24,1232.92,3.9744093836240036E-4,0.97738619987658348]
["ED-50274","SETOP","LOCAÇÃO TOPOGRÁFICA PARA ATÉ VINTE (20) PONTOS REFERENCIAIS, INCLUSIVE ESTACA (PIQUETE) DE MARCAÇÃO","un",13,93.43,1214.5900000000001,3.9153212643609309E-4,0.97777773200301954]
["ED-13934","SETOP","CABO DE COBRE NU #35MM2 - 7 FIOSX2,50MM, PARA ELEMENTOS DE CAPTAÇÃO/ANEL DE CINTAMENTO (SPDA), INCLUSIVE PRESILHA DE FIXAÇÃO","m",21.7,55.9,1213.03,3.9102924882534345E-4,0.97816876125184493]
[97669,"SINAPI","ELETRODUTO FLEXÍVEL CORRUGADO, PEAD, DN 90 (3\"), PARA REDE ENTERRADA DE DISTRIBUIÇÃO DE ENERGIA ELÉTRICA - FORNECIMENTO E INSTALAÇÃO. AF_12/2021","M",56.1,21.11,1184.27,3.8175824877075546E-4,0.97855051950061567]
["ED-50014","SETOP","CAIXA SIFONADA EM PVC COM TAMPA CEGA 150 X 150 X 50 MM","un",13,90.94,1182.22,3.8109741601303972E-4,0.97893161691662867]
[92986,"SINAPI","CABO DE COBRE FLEXÍVEL ISOLADO, 35 MM², ANTI-CHAMA 0,6/1,0 KV, PARA REDE ENTERRADA DE DISTRIBUIÇÃO DE ENERGIA ELÉTRICA - FORNECIMENTO E INSTALAÇÃO. AF_12/2021","M",24.42,48.02,1172.6500000000001,3.7801245528555687E-4,0.97930962937191424]
[95577,"SINAPI","MONTAGEM DE ARMADURA DE ESTACAS, DIÂMETRO = 10,0 MM. AF_09/2021_PS","KG",85.25,13.08,1115.07,3.5945111372981354E-4,0.97966908048564405]
["SAN-002","CPU","JUNÇÃO SIMPLES, PVC, SERIE NORMAL, ESGOTO PREDIAL, DN 100 X 50 MM, JUNTA ELÁSTICA, FORNECIDO E INSTALADO","UN",20,55.03,1100.5999999999999,3.5478660153266857E-4,0.9800238670871767]
[97334,"SINAPI","TUBO EM COBRE FLEXÍVEL, DN 5/8\", COM ISOLAMENTO, INSTALADO EM RAMAL DE ALIMENTAÇÃO DE AR CONDICIONADO COM CONDENSADORA CENTRAL   FORNECIMENTO E INSTALAÇÃO. AF_12/2015","M",11.7,91.28,1067.98,3.4427130174891828E-4,0.98036813838892567]
["DADO-001","CPU","INSTALAÇÃO ACESSÓRIOS CABEAMENTO","UN",6,177.25,1063.5,3.4282714040522724E-4,0.9807109655293309]
[93653,"SINAPI","DISJUNTOR MONOPOLAR TIPO DIN, CORRENTE NOMINAL DE 10A - FORNECIMENTO E INSTALAÇÃO. AF_10/2020","UN",48,21.41,1027.68,3.3128029680455472E-4,0.98104224582613542]
["ED-50313","SETOP","CHUVEIRO ELÉTRICO CROMADO, TENSÃO 127V/220V, POTÊNCIA 5500W/6800W, INCLUSIVE BRAÇO, FORNECIMENTO E INSTALAÇÃO","un",3,338.44,1015.3199999999999,3.2729595881169276E-4,0.98136954178494706]
["COT-DAD-007","COTAÇÃO","RACK 16U 570MM","UN ",1,1012.95,1012.95,3.2653197167228486E-4,0.98169607375661938]
["SAN-004","CPU","ABRAÇADEIRA PARA FIXAÇÃO DE TUBOS","UN",42,24.07,1010.94,3.2588403321228061E-4,0.9820219577898317]
[39464,"SINAPI","DISPOSITIVO DR, 4 POLOS, SENSIBILIDADE DE 300 MA, CORRENTE DE 100 A, TIPO AC                                                                                                                                                                                                                                                                                                                                                                                                                              ","UN    ",1,1009.86,1009.86,3.2553588717406935E-4,0.9823474936770058]
[86886,"SINAPI","ENGATE FLEXÍVEL EM INOX, 1/2  X 30CM - FORNECIMENTO E INSTALAÇÃO. AF_01/2020","UN",13,76.7,997.1,3.2142260620409221E-4,0.98266891628320985]
["ED-50193","SETOP","EXTINTOR DE INCÊNDIO TIPO PÓ QUÍMICO 2-A:20-B:C, CAPACIDADE 6 KG","U",3,320.52999999999997,961.58999999999992,3.09975693410684E-4,0.98297889197662058]
[94694,"SINAPI","TÊ, PVC, SOLDÁVEL, DN 50 MM INSTALADO EM RESERVAÇÃO PREDIAL DE ÁGUA - FORNECIMENTO E INSTALAÇÃO. AF_04/2024","UN",35,27.4,959,3.091407876338626E-4,0.98328803276425447]
["ELE-001","CPU","INSTALAÇÃO DE QUADRO DE TRANSFERÊNCIA","UN",1,886.27,886.27,2.8569573081987844E-4,0.9835737284950743]
[91939,"SINAPI","CAIXA RETANGULAR 4\" X 2\" ALTA (2,00 M DO PISO), PVC, INSTALADA EM PAREDE - FORNECIMENTO E INSTALAÇÃO. AF_03/2023","UN",24,36.86,884.64,2.8517028818813368E-4,0.98385889878326238]
[89711,"SINAPI","TUBO PVC, SERIE NORMAL, ESGOTO PREDIAL, DN 40 MM, FORNECIDO E INSTALADO EM RAMAL DE DESCARGA OU RAMAL DE ESGOTO SANITÁRIO. AF_08/2022","M",33.33,25.25,841.58,2.7128957670167477E-4,0.98413018835996402]
["ED-49962","SETOP","RALO HEMISFÉRICO, TIPO ABACAXI, DIÂMETRO DE 100MM, EXCLUSIVE CONDUTOR DE ÁGUA PLUVIAL","un",14,59.04,826.56,2.664477679109963E-4,0.98439663612787498]
["ED-48164","SETOP","BARRA DE APOIO EM AÇO INOX POLIDO RETA, DN 1.1/4\" (31,75MM), PARA ACESSIBILIDADE (PMR/PCR), COMPRIMENTO 70CM, INSTALADO EM PAREDE, INCLUSIVE FORNECIMENTO, INSTALAÇÃO E ACESSÓRIOS PARA FIXAÇÃO","un",3,273.99,821.97,2.649681472485986E-4,0.98466160427512361]
[89559,"SINAPI","TÊ DE INSPEÇÃO, PVC, SERIE R, ÁGUA PLUVIAL, DN 100 MM, JUNTA ELÁSTICA, FORNECIDO E INSTALADO EM RAMAL DE ENCAMINHAMENTO. AF_06/2022","UN",10,81.17,811.7,2.6165753631116404E-4,0.98492326181143475]
[91953,"SINAPI","INTERRUPTOR SIMPLES (1 MÓDULO), 10A/250V, INCLUINDO SUPORTE E PLACA - FORNECIMENTO E INSTALAÇÃO. AF_03/2023","UN",23,34.83,801.08999999999992,2.5823732384318141E-4,0.98518149913527797]
["ED-49149","SETOP","CAIXA DE PASSAGEM, DIMENSÃO (20X20)CM, EM CHAPA DE AÇO, TIPO DE EMBUTIR, COM ACABAMENTO EM PINTURA ELETROSTÁTICA E TAMPA CEGA, INCLUSIVE FIXAÇÃO EM ALVENARIA","un",6,132.75,796.5,2.5675770318078371E-4,0.98543825683845876]
[92005,"SINAPI","TOMADA MÉDIA DE EMBUTIR (2 MÓDULOS), 2P+T 20 A, INCLUINDO SUPORTE E PLACA - FORNECIMENTO E INSTALAÇÃO. AF_03/2023","UN",11,70.709999999999994,777.81,2.5073284257507263E-4,0.9856889896810338]
["ED-48347","SETOP","RODABANCA/FRONTÃO PARA BANCADA EM GRANITO, COR CINZA ANDORINHA, ESP. 2CM, ALTURA DE 7CM, INCLUSIVE REJUNTAMENTO EM MASSA PLÁSTICA NA COR DA PEDRA","m",14.129999999999999,54.68,772.63,2.4906303102142989E-4,0.98593805271205526]
[95878,"SINAPI","TRANSPORTE COM CAMINHÃO BASCULANTE DE 10 M³, EM VIA URBANA PAVIMENTADA, DMT ATÉ 30 KM (UNIDADE: TXKM). AF_07/2020","TXKM",369.67,2.08,768.91,2.478638613342579E-4,0.9861859165733895]
[39460,"SINAPI","DISPOSITIVO DR, 4 POLOS, SENSIBILIDADE DE 300 MA, CORRENTE DE 25 A, TIPO AC                                                                                                                                                                                                                                                                                                                                                                                                                               ","UN    ",2,383.02,766.04,2.4693869547345578E-4,0.98643285526886293]
[2374,"SINAPI","DISJUNTOR TERMOMAGNETICO TRIPOLAR 150 A / 600 V, TIPO FXD / ICC - 35 KA                                                                                                                                                                                                                                                                                                                                                                                                                                   ","UN    ",1,764.16,764.16,2.4633266348101404E-4,0.98667918793234399]
[104917,"SINAPI","ARMAÇÃO DE SAPATA ISOLADA, VIGA BALDRAME E SAPATA CORRIDA UTILIZANDO AÇO CA-50 DE 6,3 MM - MONTAGEM. AF_01/2024","KG",40.6,18.559999999999999,753.54,2.4290922743860357E-4,0.98692209715978263]
[89731,"SINAPI","JOELHO 90 GRAUS, PVC, SERIE NORMAL, ESGOTO PREDIAL, DN 50 MM, JUNTA ELÁSTICA, FORNECIDO E INSTALADO EM RAMAL DE DESCARGA OU RAMAL DE ESGOTO SANITÁRIO. AF_08/2022","UN",43,17.399999999999999,748.19999999999993,2.4118783869411469E-4,0.98716328499847672]
[92772,"SINAPI","ARMAÇÃO DE LAJE DE ESTRUTURA CONVENCIONAL DE CONCRETO ARMADO UTILIZANDO AÇO CA-50 DE 12,5 MM - MONTAGEM. AF_06/2022","KG",67.900000000000006,10.88,738.75,2.3814156085976644E-4,0.98740142655933649]
[91860,"SINAPI","ELETRODUTO FLEXÍVEL CORRUGADO, PEAD, DN 40 MM (1 1/4\"), PARA CIRCUITOS TERMINAIS, INSTALADO EM PAREDE - FORNECIMENTO E INSTALAÇÃO. AF_03/2023","M",50.16,14.68,736.35,2.3736790299707481E-4,0.9876387944623336]
[91847,"SINAPI","ELETRODUTO FLEXÍVEL CORRUGADO REFORÇADO, PVC, DN 32 MM (1\"), PARA CIRCUITOS TERMINAIS, INSTALADO EM LAJE - FORNECIMENTO E INSTALAÇÃO. AF_03/2023","M",42.4,17.28,732.67,2.3618162760761431E-4,0.98787497608994124]
["COT-ELE-001","COTAÇÃO","CHAVE DE TRANSFERENCIA GERADOR",1,1,728.22,728.22,2.3474713698720695E-4,0.98810972322692847]
[89362,"SINAPI","JOELHO 90 GRAUS, PVC, SOLDÁVEL, DN 25MM, INSTALADO EM RAMAL OU SUB-RAMAL DE ÁGUA - FORNECIMENTO E INSTALAÇÃO. AF_06/2022","UN",67,10.81,724.27,2.3347382508819362E-4,0.98834319705201668]
[87415,"SINAPI","APLICAÇÃO MANUAL DE GESSO DESEMPENADO (SEM TALISCAS) EM TETO DE AMBIENTES DE ÁREA ENTRE 5M² E 10M², ESPESSURA DE 1,0CM. AF_03/2023","M2",17.12,42.01,719.21,2.3184269642768547E-4,0.98857503974844441]
[104328,"SINAPI","CAIXA SIFONADA, COM GRELHA QUADRADA, PVC, DN 150 X 150 X 50 MM, JUNTA SOLDÁVEL, FORNECIDA E INSTALADA EM RAMAL DE DESCARGA OU EM RAMAL DE ESGOTO SANITÁRIO. AF_08/2022","UN",9,78.37,705.33,2.2736837512178553E-4,0.98880240812356623]
[94678,"SINAPI","JOELHO 90 GRAUS, PVC, SOLDÁVEL, DN 50 MM INSTALADO EM RESERVAÇÃO PREDIAL DE ÁGUA - FORNECIMENTO E INSTALAÇÃO. AF_04/2024","UN",40,17.350000000000001,694,2.2371606529499548E-4,0.98902612418886127]
[92984,"SINAPI","CABO DE COBRE FLEXÍVEL ISOLADO, 25 MM², ANTI-CHAMA 0,6/1,0 KV, PARA REDE ENTERRADA DE DISTRIBUIÇÃO DE ENERGIA ELÉTRICA - FORNECIMENTO E INSTALAÇÃO. AF_12/2021","M",20,34.67,693.40000000000009,2.235226508293226E-4,0.98924964683969063]
["COT-ARQ-002","COTAÇÃO","JANELA ESQUADRIA MAXIM-AR 0,40 X 1,00 M - PINTURA PRETA E VIDRO TEMPERADO FUME 6MM","UN ",1,690.64,690.64,2.2263294428722719E-4,0.98947227978397789]
[101878,"SINAPI","QUADRO DE DISTRIBUIÇÃO DE ENERGIA EM CHAPA DE AÇO GALVANIZADO, DE SOBREPOR, COM BARRAMENTO TRIFÁSICO, PARA 18 DISJUNTORES DIN 100A - FORNECIMENTO E INSTALAÇÃO. AF_10/2020","UN",1,681.15,681.15,2.1957377215516739E-4,0.98969185355613309]
["CLI-001","CPU","INSTALAÇÃO DE CABOS PP ","UN ",57.6,11.81,680.26,2.1928687403108591E-4,0.98991114043016415]
[95637,"SINAPI","KIT CAVALETE PARA MEDIÇÃO DE ÁGUA - ENTRADA PRINCIPAL, EM AÇO GALVANIZADO DN 32 MM (1 1/4\") - FORNECIMENTO E INSTALAÇÃO (EXCLUSIVE HIDRÔMETRO). AF_03/2024","UN",1,673.98,673.98,2.1726246929037617E-4,0.99012840289945447]
[97637,"SINAPI","REMOÇÃO DE TAPUME/ CHAPAS METÁLICAS E DE MADEIRA, DE FORMA MANUAL, SEM REAPROVEITAMENTO. AF_09/2023","M2",209.00000000000003,3.2,668.80000000000018,2.1559265773673345E-4,0.99034399555719121]
["ED-50316","SETOP","DUCHA HIGIÊNICA COM REGISTRO PARA CONTROLE DE FLUXO DE ÁGUA, DIÂMETRO 1/2\" (20MM), INCLUSIVE FORNECIMENTO E INSTALAÇÃO","un",3,219.55,658.65000000000009,2.123207296924334E-4,0.99055631628688368]
["ED-15763","SETOP","CONJUNTO DE UM (1) MÓDULO COM FURO PARA SAÍDA DE FIO Ø10MM, COM PLACA 4\"X2\" DE UM (1) POSTO, INCLUSIVE FORNECIMENTO, INSTALAÇÃO, SUPORTE, MÓDULO E PLACA","un",33,19.57,645.80999999999995,2.0818166012703316E-4,0.99076449794701071]
[93672,"SINAPI","DISJUNTOR TRIPOLAR TIPO DIN, CORRENTE NOMINAL DE 40A - FORNECIMENTO E INSTALAÇÃO. AF_10/2020","UN",4,156.27000000000001,625.08000000000004,2.0149919033803426E-4,0.99096599713734879]
[89724,"SINAPI","JOELHO 90 GRAUS, PVC, SERIE NORMAL, ESGOTO PREDIAL, DN 40 MM, JUNTA SOLDÁVEL, FORNECIDO E INSTALADO EM RAMAL DE DESCARGA OU RAMAL DE ESGOTO SANITÁRIO. AF_08/2022","UN",50,11.93,596.5,1.9228621462314812E-4,0.99115828335197198]
["ED-50323","SETOP","TORNEIRA METÁLICA PARA IRRIGAÇÃO/JARDIM, ACABAMENTO CROMADO, APLICAÇÃO DE PAREDE, INCLUSIVE FORNECIMENTO E INSTALAÇÃO","un",9,65.86,592.74,1.9107415063826459E-4,0.99134935750261022]
["COT-DAD-002","COTAÇÃO","HD 2 TB","UN ",1,583.21,583.21,1.8800208420849325E-4,0.99153735958681866]
["ED-50924","SETOP","ALÇAPÃO (80X80)CM COM QUADRO DE CANTONEIRA METÁLICA 1\"X 1/8\", TAMPA EM CANTONEIRA 7/8\"X 1/8\" E CHAPA METÁLICA Nº18 VINCADA, INCLUSIVE FERROLHO, CADEADO E PINTURA ANTICORROSIVA","un",1,559.21,559.21,1.8026550558157699E-4,0.99171762509240025]
["ED-50150","SETOP","LIGAÇÃO DE ÁGUA PROVISÓRIA PARA CANTEIRO,  INCLUSIVE HIDRÔMETRO E CAVALETE PARA MEDIÇÃO DE ÁGUA - ENTRADA PRINCIPAL, EM AÇO GALVANIZADO DN 20MM (1/2\") - PADRÃO CONCESSIONÁRIA","un",1,555.48,555.48,1.7906311231997708E-4,0.99189668820472021]
["SAN-001","CPU","JOELHO PVC, COM BOLSA E ANEL, 90 GRAUS, DN 40 X *38* MM, SERIE NORMAL, PARA ESGOTO PREDIAL - FORNECIMENTO E INSTALAÇÃO","UN",25,21.72,543,1.7504009143398062E-4,0.9920717282961542]
[100977,"SINAPI","CARGA, MANOBRA E DESCARGA DE SOLOS E MATERIAIS GRANULARES EM CAMINHÃO BASCULANTE 6 M³ - CARGA COM ESCAVADEIRA HIDRÁULICA (CAÇAMBA DE 1,20 M³ / 155 HP) E DESCARGA LIVRE (UNIDADE: M3). AF_07/2020","M3",55.85,9.66,539.51,1.7391506395864986E-4,0.99224564336011289]
[39465,"SINAPI","DISPOSITIVO DPS CLASSE II, 1 POLO, TENSAO MAXIMA DE 175 V, CORRENTE MAXIMA DE *20* KA (TIPO AC)                                                                                                                                                                                                                                                                                                                                                                                                           ","UN    ",4,131.58000000000001,526.32000000000005,1.6966316928827382E-4,0.99241530652940113]
[90373,"SINAPI","JOELHO 90 GRAUS COM BUCHA DE LATÃO, PVC, SOLDÁVEL, DN 25MM, X 1/2  INSTALADO EM RAMAL OU SUB-RAMAL DE ÁGUA - FORNECIMENTO E INSTALAÇÃO. AF_06/2022","UN",34,15.2,516.79999999999995,1.6659432643293033E-4,0.99258190085583409]
[105170,"SINAPI","JOELHO PVC, SOLDÁVEL, 45 GRAUS, DN 25 MM, INSTALADO EM RESERVAÇÃO PREDIAL DE ÁGUA - FORNECIMENTO E INSTALAÇÃO. AF_04/2024","UN",80,6.35,508,1.6375758093639439E-4,0.99274565843677043]
[89746,"SINAPI","JOELHO 45 GRAUS, PVC, SERIE NORMAL, ESGOTO PREDIAL, DN 100 MM, JUNTA ELÁSTICA, FORNECIDO E INSTALADO EM RAMAL DE DESCARGA OU RAMAL DE ESGOTO SANITÁRIO. AF_08/2022","UN",15,33.51,502.65,1.6203296861747762E-4,0.99290769140538793]
["ED-51054","SETOP","CAIXA DE EQUALIZAÇÃO PARA USO INTERNO E EXTERNO COM 9 TERMINAIS 380X320X175MM EM AÇO E ACABAMENTO EM EPOXI","U",1,493.85,493.85,1.5919622312094168E-4,0.99306688762850892]
[103999,"SINAPI","BUCHA DE REDUÇÃO, LONGA, PVC, SOLDÁVEL, DN 50 X 25 MM, INSTALADO EM RAMAL DE DISTRIBUIÇÃO DE ÁGUA - FORNECIMENTO E INSTALAÇÃO. AF_06/2022","UN",34,14.49,492.66,1.5881261776402373E-4,0.99322570024627299]
[93664,"SINAPI","DISJUNTOR BIPOLAR TIPO DIN, CORRENTE NOMINAL DE 32A - FORNECIMENTO E INSTALAÇÃO. AF_10/2020","UN",4,117,468,1.5086328322486727E-4,0.99337656352949788]
[98525,"SINAPI","LIMPEZA MECANIZADA DE CAMADA VEGETAL, VEGETAÇÃO E PEQUENAS ÁRVORES (DIÂMETRO DE TRONCO MENOR QUE 0,20 M), COM TRATOR DE ESTEIRAS. AF_03/2024","M2",562.5,0.83,466.88,1.505022428889445E-4,0.99352706577238681]
[89985,"SINAPI","REGISTRO DE PRESSÃO BRUTO, LATÃO, ROSCÁVEL, 3/4\", COM ACABAMENTO E CANOPLA CROMADOS - FORNECIMENTO E INSTALAÇÃO. AF_08/2021","UN",3,155.35,466.04999999999995,1.502346862114303E-4,0.99367730045859826]
["ED-48183","SETOP","PAPELEIRA PLASTICA TIPO DISPENSER PARA PAPEL HIGIENICO ROLAO","U",6,76.89,461.34000000000003,1.4871638265589801E-4,0.99382601684125416]
["DADO-002","CPU","INSTALAÇÃO CÂMERA","UN",10,45.73,457.29999999999995,1.4741405858703375E-4,0.99397343089984114]
[89531,"SINAPI","JOELHO 45 GRAUS, PVC, SERIE R, ÁGUA PLUVIAL, DN 100 MM, JUNTA ELÁSTICA, FORNECIDO E INSTALADO EM RAMAL DE ENCAMINHAMENTO. AF_06/2022","UN",10,45.45,454.5,1.4651145774722686E-4,0.99411994235758838]
["PLU-001","CPU","RALO LINEAR COM GRELHA 90 CM - FORNECIMENTO E INSTALAÇÃO","UN ",2,226.3,452.6,1.4589897860592933E-4,0.99426584133619433]
["COT-EXA-001","COTAÇÃO","EXAUSTOR VENTOKIT, DN 150MM, VAZÃO DE AR 280 M³/H","UN ",1,423.91,423.91,1.3665054357233652E-4,0.9944024918797667]
[89366,"SINAPI","JOELHO 90 GRAUS COM BUCHA DE LATÃO, PVC, SOLDÁVEL, DN 25MM, X 3/4  INSTALADO EM RAMAL OU SUB-RAMAL DE ÁGUA - FORNECIMENTO E INSTALAÇÃO. AF_06/2022","UN",22,19.18,421.96,1.3602194655889954E-4,0.99453851382632563]
[89732,"SINAPI","JOELHO 45 GRAUS, PVC, SERIE NORMAL, ESGOTO PREDIAL, DN 50 MM, JUNTA ELÁSTICA, FORNECIDO E INSTALADO EM RAMAL DE DESCARGA OU RAMAL DE ESGOTO SANITÁRIO. AF_08/2022","UN",23,18.329999999999998,421.59,1.3590267430506792E-4,0.99467441650063071]
["ED-48377","SETOP","ORGANIZADOR DE CABOS DE 1U PARA RACK 19\"","cj",4,99.25,397,1.2797590478690665E-4,0.99480239240541757]
[89728,"SINAPI","CURVA CURTA 90 GRAUS, PVC, SERIE NORMAL, ESGOTO PREDIAL, DN 40 MM, JUNTA SOLDÁVEL, FORNECIDO E INSTALADO EM RAMAL DE DESCARGA OU RAMAL DE ESGOTO SANITÁRIO. AF_08/2022","UN",25,15.62,390.5,1.2588058140878348E-4,0.9949282729868264]
["ED-49959","SETOP","RALO SECO PVC QUADRADO 100 X 53 X 40 MM COM GRELHA BRANCA","un",10,38.82,388.2,1.2513915929037066E-4,0.99505341214611676]
[91863,"SINAPI","ELETRODUTO RÍGIDO ROSCÁVEL, PVC, DN 25 MM (3/4\"), PARA CIRCUITOS TERMINAIS, INSTALADO EM FORRO - FORNECIMENTO E INSTALAÇÃO. AF_03/2023","M",27,14.28,385.56,1.2428813564140987E-4,0.99517770028175812]
[96988,"SINAPI","MASTRO 1 ½\", COM 3 METROS, PARA SPDA - FORNECIMENTO E INSTALAÇÃO. AF_08/2023","UN",2,192.24,384.48,1.2393998960319864E-4,0.99530164027136137]
[97667,"SINAPI","ELETRODUTO FLEXÍVEL CORRUGADO, PEAD, DN 50 (1 1/2\"), PARA REDE ENTERRADA DE DISTRIBUIÇÃO DE ENERGIA ELÉTRICA - FORNECIMENTO E INSTALAÇÃO. AF_12/2021","M",38.15,10.02,382.26,1.232243560802089E-4,0.99542486462744162]
[89834,"SINAPI","JUNÇÃO SIMPLES, PVC, SERIE NORMAL, ESGOTO PREDIAL, DN 100 X 100 MM, JUNTA ELÁSTICA, FORNECIDO E INSTALADO EM PRUMADA DE ESGOTO SANITÁRIO OU VENTILAÇÃO. AF_08/2022","UN",6,63.34,380.04,1.2250872255721915E-4,0.99554737334999888]
[90467,"SINAPI","CHUMBAMENTO LINEAR EM ALVENARIA PARA RAMAIS/DISTRIBUIÇÃO DE INSTALAÇÕES HIDRÁULICAS COM DIÂMETROS MAIORES QUE 40 MM E MENORES OU IGUAIS A 75 MM. AF_09/2023","M",14.02,26.65,373.63,1.2044241134894691E-4,0.99566781576134777]
[96385,"SINAPI","EXECUÇÃO E COMPACTAÇÃO DE CORPO DE ATERRO DE ATERRO (95% DE ENERGIA DO PROCTOR NORMAL) COM SOLO PREDOMINANTEMENTE ARGILOSO ESPESSURA 15 CM - EXCLUSIVE MATERIAL, ESCAVAÇÃO, CARGA E TRANSPORTE. AF_09/2024","M3",25.24,14.76,372.54,1.2009104173630781E-4,0.99578790680308404]
["ED-16358","SETOP","LIGAÇÕES PROVISÓRIAS PARA CONTAINER TIPO 3 (CORRESPONDENTE AO CÓDIGO ED-16350)","un",1,364.87,364.87,1.1761856015012248E-4,0.99590552536323418]
["ED-16356","SETOP","LIGAÇÕES PROVISÓRIAS PARA CONTAINER TIPO 1 (CORRESPONDENTE AO CÓDIGO ED-16348)","un",1,364.87,364.87,1.1761856015012248E-4,0.99602314392338431]
[92023,"SINAPI","INTERRUPTOR SIMPLES (1 MÓDULO) COM 1 TOMADA DE EMBUTIR 2P+T 10 A, INCLUINDO SUPORTE E PLACA - FORNECIMENTO E INSTALAÇÃO. AF_03/2023","UN",6,59.23,355.38,1.1455938801806267E-4,0.99613770331140239]
[89866,"SINAPI","JOELHO 90 GRAUS, PVC, SOLDÁVEL, DN 25MM, INSTALADO EM DRENO DE AR-CONDICIONADO - FORNECIMENTO E INSTALAÇÃO. AF_08/2022","UN",41,8.3800000000000008,343.58000000000004,1.1075557019316218E-4,0.99624845888159552]
[91942,"SINAPI","CAIXA RETANGULAR 4\" X 4\" ALTA (2,00 M DO PISO), PVC, INSTALADA EM PAREDE - FORNECIMENTO E INSTALAÇÃO. AF_03/2023","UN",8,41.86,334.88,1.0795106044090502E-4,0.99635640994203645]
[100849,"SINAPI","ASSENTO SANITÁRIO CONVENCIONAL - FORNECIMENTO E INSTALACAO. AF_01/2020","UN",6,55.11,330.65999999999997,1.065907120323389E-4,0.99646300065406879]
[93661,"SINAPI","DISJUNTOR BIPOLAR TIPO DIN, CORRENTE NOMINAL DE 16A - FORNECIMENTO E INSTALAÇÃO. AF_10/2020","UN",3,109.9,329.70000000000005,1.0628124888726228E-4,0.99656928190295602]
["ACE-001","CPU","PLACA DE SINALIZACAO EM CHAPA DE ALUMINIO COM PINTURA REFLETIVA, E = 2 MM - FORNECIMENTO E INSTALAÇÃO","M2    ",0.20000000000000004,1621.87,324.37,1.0456308371720127E-4,0.99667384498667322]
["21.30.08","SUDECAP","GRAMA AMENDOIM - ARACHIS REPENS","M2",4.76,63.61,302.77999999999997,9.7603386527404505E-5,0.99677144837320064]
[91955,"SINAPI","INTERRUPTOR PARALELO (1 MÓDULO), 10A/250V, INCLUINDO SUPORTE E PLACA - FORNECIMENTO E INSTALAÇÃO. AF_03/2023","UN",7,42.34,296.38,9.5540298893560167E-5,0.99686698867209422]
[93671,"SINAPI","DISJUNTOR TRIPOLAR TIPO DIN, CORRENTE NOMINAL DE 32A - FORNECIMENTO E INSTALAÇÃO. AF_10/2020","UN",2,147.82,295.64,9.5301754385896919E-5,0.9969622904264801]
["LOU-001","CPU","TORNEIRA ELÉTRICA 5550W, FORNECIMENTO E INSTALAÇÃO","UN",1,293.85000000000002,293.85000000000002,9.4724734563306093E-5,0.99705701516104339]
[93669,"SINAPI","DISJUNTOR TRIPOLAR TIPO DIN, CORRENTE NOMINAL DE 20A - FORNECIMENTO E INSTALAÇÃO. AF_10/2020","UN",2,142.09,284.18,9.1607538091544404E-5,0.99714862269913496]
[101632,"SINAPI","RELÉ FOTOELÉTRICO PARA COMANDO DE ILUMINAÇÃO EXTERNA 1000 W - FORNECIMENTO E INSTALAÇÃO. AF_08/2020","UN",6,45.93,275.58,8.8835264083566063E-5,0.9972374579632185]
[95675,"SINAPI","HIDRÔMETRO DN 3/4\", 5,0 M3/H - FORNECIMENTO E INSTALAÇÃO. AF_03/2024","UN",1,275,275,8.8648296766748934E-5,0.9973261062599853]
[93668,"SINAPI","DISJUNTOR TRIPOLAR TIPO DIN, CORRENTE NOMINAL DE 16A - FORNECIMENTO E INSTALAÇÃO. AF_10/2020","UN",2,137.18,274.36,8.8441988003364495E-5,0.9974145482479887]
[12266,"SINAPI","LUMINARIA SPOT DE SOBREPOR EM ALUMINIO COM ALETA PLASTICA PARA 1 LAMPADA, BASE E27, POTENCIA MAXIMA 40/60 W (NAO INCLUI LAMPADA)                                                                                                                                                                                                                                                                                                                                                                          ","UN    ",2,135.97999999999999,271.95999999999998,8.7668330140672858E-5,0.99750221657812932]
[93667,"SINAPI","DISJUNTOR TRIPOLAR TIPO DIN, CORRENTE NOMINAL DE 10A - FORNECIMENTO E INSTALAÇÃO. AF_10/2020","UN",2,134.97999999999999,269.95999999999998,8.70236152550965E-5,0.99758924019338446]
[89867,"SINAPI","JOELHO 45 GRAUS, PVC, SOLDÁVEL, DN 25MM, INSTALADO EM DRENO DE AR-CONDICIONADO - FORNECIMENTO E INSTALAÇÃO. AF_08/2022","UN",28,9.34,261.52,8.4302918437964279E-5,0.99767354311182244]
[89744,"SINAPI","JOELHO 90 GRAUS, PVC, SERIE NORMAL, ESGOTO PREDIAL, DN 100 MM, JUNTA ELÁSTICA, FORNECIDO E INSTALADO EM RAMAL DE DESCARGA OU RAMAL DE ESGOTO SANITÁRIO. AF_08/2022","UN",8,32.450000000000003,259.60000000000002,8.3683992147811002E-5,0.9977572271039703]
[104746,"SINAPI","MINI CAPTOR PARA SPDA - FORNECIMENTO E INSTALAÇÃO. AF_08/2023","UN",8,32,256,8.2523505353773553E-5,0.99783975060932406]
[94656,"SINAPI","ADAPTADOR CURTO COM BOLSA E ROSCA PARA REGISTRO, PVC, SOLDÁVEL, DN  25 MM X 3/4\", INSTALADO EM RESERVAÇÃO PREDIAL DE ÁGUA - FORNECIMENTO E INSTALAÇÃO. AF_04/2024","UN",62,3.97,246.14000000000001,7.9345060967882117E-5,0.99791909567029191]
[91864,"SINAPI","ELETRODUTO RÍGIDO ROSCÁVEL, PVC, DN 32 MM (1\"), PARA CIRCUITOS TERMINAIS, INSTALADO EM FORRO - FORNECIMENTO E INSTALAÇÃO. AF_03/2023","M",12,19.579999999999998,234.95999999999998,7.5741104757510275E-5,0.99799483677504941]
["ED-34496","SETOP","DISJUNTOR TRIPOLAR TIPO DIN, CORRENTE NOMINAL DE 100A, FORNECIMENTO E INSTALAÇÃO, INCLUSIVE TERMINAL ILHÓS","un",1,233.4,233.4,7.5238227146760724E-5,0.99807007500219613]
["ED-34495","SETOP","DISJUNTOR TRIPOLAR TIPO DIN, CORRENTE NOMINAL DE 80A, FORNECIMENTO E INSTALAÇÃO, INCLUSIVE TERMINAL ILHÓS","un",1,233.22,233.22,7.5180202807058848E-5,0.99814525520500319]
["ED-49939","SETOP","CAIXA DE GORDURA SIMPLES (CGS), CIRCULAR, EM CONCRETO PRÉ-MOLDADO, CAPACIDADE DE 31L, INCLUSIVE ESCAVAÇÃO, REATERRO, TRANSPORTE E RETIRADA DO MATERIAL ESCAVADO (EM CAÇAMBA)","un",1,209.85,209.85,6.7646709369099129E-5,0.99821290191437229]
[95583,"SINAPI","MONTAGEM DE ARMADURA TRANSVERSAL DE ESTACAS DE SEÇÃO CIRCULAR, DIÂMETRO = 5,0 MM. AF_09/2021_PS","KG",11,19.010000000000002,209.11,6.7408164861435893E-5,0.99828031007923368]
[105181,"SINAPI","JOELHO PVC, SOLDÁVEL, 45 GRAUS, DN 50 MM, INSTALADO EM RESERVAÇÃO PREDIAL DE ÁGUA - FORNECIMENTO E INSTALAÇÃO. AF_04/2024","UN",10,20.45,204.5,6.5922097050182381E-5,0.99834623217628382]
[104344,"SINAPI","TE, PVC, SÉRIE NORMAL, ESGOTO PREDIAL, DN 100 X 50 MM, JUNTA ELÁSTICA, FORNECIDO E INSTALADO EM RAMAL DE DESCARGA OU RAMAL DE ESGOTO SANITÁRIO. AF_08/2022","UN",4,48.58,194.32,6.2640498282598732E-5,0.99840887267456646]
["ED-48378","SETOP","TAMPA CEGA DE 1U PARA RACK 19\"","cj",8,24.22,193.76,6.2459978114637346E-5,0.99847133265268107]
[89509,"SINAPI","TUBO PVC, SÉRIE R, ÁGUA PLUVIAL, DN 50 MM, FORNECIDO E INSTALADO EM RAMAL DE ENCAMINHAMENTO. AF_06/2022","M",7,27.49,192.42999999999998,6.2031242715729069E-5,0.99853336389539682]
[89482,"SINAPI","CAIXA SIFONADA, PVC, DN 100 X 100 X 50 MM, FORNECIDA E INSTALADA EM RAMAIS DE ENCAMINHAMENTO DE ÁGUA PLUVIAL. AF_06/2022","UN",4,44.23,176.92,5.7031478778084436E-5,0.99859039537417493]
[94657,"SINAPI","LUVA PVC, SOLDÁVEL, DN  25 MM, INSTALADO EM RESERVAÇÃO PREDIAL DE ÁGUA - FORNECIMENTO E INSTALAÇÃO. AF_04/2024","UN",39,4.42,172.38,5.5567975987826105E-5,0.99864596335016276]
["ED-50201","SETOP","PLACA FOTOLUMINESCENTE PARA SINALIZAÇÃO DE EMERGÊNCIA, TIPO \"S2\", DIMENSÃO (380X190)MM, INCLUSIVE FIXAÇÃO","un",6,28.6,171.60000000000002,5.5316537182451337E-5,0.99870127988734525]
[89784,"SINAPI","TE, PVC, SERIE NORMAL, ESGOTO PREDIAL, DN 50 X 50 MM, JUNTA ELÁSTICA, FORNECIDO E INSTALADO EM RAMAL DE DESCARGA OU RAMAL DE ESGOTO SANITÁRIO. AF_08/2022","UN",6,28.54,171.24,5.520048850304759E-5,0.9987564803758483]
[94706,"SINAPI","ADAPTADOR COM FLANGE E ANEL DE VEDAÇÃO, PVC, SOLDÁVEL, DN 50 MM X 1 1/2\", INSTALADO EM RESERVAÇÃO PREDIAL DE ÁGUA - FORNECIMENTO E INSTALAÇÃO. AF_04/2024","UN",4,42.49,169.96,5.4787870976278719E-5,0.99881126824682454]
[97599,"SINAPI","LUMINÁRIA DE EMERGÊNCIA, COM 30 LÂMPADAS LED DE 2 W, SEM REATOR - FORNECIMENTO E INSTALAÇÃO. AF_09/2024","UN",7,23.07,161.49,5.2057503435862855E-5,0.99886332575026038]
[91935,"SINAPI","CABO DE COBRE FLEXÍVEL ISOLADO, 16 MM², ANTI-CHAMA 0,6/1,0 KV, PARA CIRCUITOS TERMINAIS - FORNECIMENTO E INSTALAÇÃO. AF_03/2023","M",5,31.28,156.4,5.0416704052071031E-5,0.99891374245431241]
[94688,"SINAPI","TÊ, PVC, SOLDÁVEL, DN  25 MM INSTALADO EM RESERVAÇÃO PREDIAL DE ÁGUA - FORNECIMENTO E INSTALAÇÃO. AF_04/2024","UN",20,7.7,154,4.9643046189379401E-5,0.99896338550050179]
["ED-15762","SETOP","CONJUNTO DE DUAS (2) TOMADAS DE DADOS (CONECTOR RJ45 CAT.6E), COM PLACA 4\"X2\" DE DOIS (2) POSTOS, INCLUSIVE FORNECIMENTO, INSTALAÇÃO, SUPORTE, MÓDULO E PLACA","un",1,152.24,152.24,4.907569709007221E-5,0.99901246119759191]
[91222,"SINAPI","RASGO LINEAR MANUAL EM ALVENARIA, PARA RAMAIS/ DISTRIBUIÇÃO DE INSTALAÇÕES HIDRÁULICAS, DIÂMETROS MAIORES QUE 40 MM E MENORES OU IGUAIS A 75 MM. AF_09/2023","M",14.02,9.94,139.36000000000001,4.4923733226960481E-5,0.99905738493081886]
["ED-50194","SETOP","BASE DECORATIVA PARA EXTINTORES","U",3,44.33,132.99,4.2870316316399785E-5,0.9991002552471353]
["ED-32246","SETOP","PLACA FOTOLUMINESCENTE PARA SINALIZAÇÃO DE EMERGÊNCIA, TIPO \"M1\", DIMENSÃO (400X600)MM, INCLUSIVE FIXAÇÃO","un",1,126.55,126.55,4.0794334384843914E-5,0.99914104958152017]
[89827,"SINAPI","JUNÇÃO SIMPLES, PVC, SERIE NORMAL, ESGOTO PREDIAL, DN 50 X 50 MM, JUNTA ELÁSTICA, FORNECIDO E INSTALADO EM PRUMADA DE ESGOTO SANITÁRIO OU VENTILAÇÃO. AF_08/2022","UN",5,23.7,118.5,3.8199356970399086E-5,0.99917924893849053]
[93662,"SINAPI","DISJUNTOR BIPOLAR TIPO DIN, CORRENTE NOMINAL DE 20A - FORNECIMENTO E INSTALAÇÃO. AF_10/2020","UN",1,113.18,113.18,3.648441537476598E-5,0.99921573335386527]
["ED-48375","SETOP","RÉGUA COM 8 TOMADAS (2P+T), PARA FIXAÇÃO NO RACK DE 19\" (1U)","un",1,111.08,111.08,3.58074647449108E-5,0.99925154081861023]
[89690,"SINAPI","JUNÇÃO SIMPLES, PVC, SERIE R, ÁGUA PLUVIAL, DN 100 X 100 MM, JUNTA ELÁSTICA, FORNECIDO E INSTALADO EM CONDUTORES VERTICAIS DE ÁGUAS PLUVIAIS. AF_06/2022","UN",1,107.6,107.6,3.4685660844007945E-5,0.9992862264794542]
[94492,"SINAPI","REGISTRO DE ESFERA, PVC, SOLDÁVEL, COM VOLANTE, DN  50 MM - FORNECIMENTO E INSTALAÇÃO. AF_08/2021","UN",2,52.06,104.12,3.356385694310509E-5,0.99931979033639728]
[103782,"SINAPI","LUMINÁRIA TIPO PLAFON CIRCULAR, DE SOBREPOR, COM LED DE 12/13 W - FORNECIMENTO E INSTALAÇÃO. AF_09/2024","UN",3,34.18,102.53999999999999,3.3054532183499762E-5,0.99935284486858078]
[94649,"SINAPI","TUBO, PVC, SOLDÁVEL, DE 32MM, INSTALADO EM RESERVAÇÃO PREDIAL DE ÁGUA - FORNECIMENTO E INSTALAÇÃO. AF_04/2024","M",6.77,15.09,102.16,3.2932036355240252E-5,0.99938577690493602]
[97084,"SINAPI","COMPACTAÇÃO MECÂNICA DE SOLO PARA EXECUÇÃO DE RADIER, PISO DE CONCRETO OU LAJE SOBRE SOLO, COM COMPACTADOR DE SOLOS TIPO PLACA VIBRATÓRIA. AF_09/2021","M2",129.97,0.77,100.07,3.2258309299812964E-5,0.99941803521423578]
[105189,"SINAPI","TE DE REDUÇÃO, PVC, SOLDÁVEL, 90 GRAUS, DN 50 MM X 25 MM, INSTALADO EM RESERVAÇÃO PREDIAL DE ÁGUA - FORNECIMENTO E INSTALAÇÃO. AF_04/2024","UN",4,25.01,100.04,3.2248638576529322E-5,0.99945028385281232]
[104348,"SINAPI","TERMINAL DE VENTILAÇÃO, PVC, SÉRIE NORMAL, ESGOTO PREDIAL, DN 50 MM, JUNTA SOLDÁVEL, FORNECIDO E INSTALADO EM PRUMADA DE ESGOTO SANITÁRIO OU VENTILAÇÃO. AF_08/2022","UN",7,13.71,95.97,3.0936643784381432E-5,0.99948122049659671]
[89869,"SINAPI","TE, PVC, SOLDÁVEL, DN 25MM, INSTALADO EM DRENO DE AR-CONDICIONADO - FORNECIMENTO E INSTALAÇÃO. AF_08/2022","UN",8,11.69,93.52,3.0146868049550398E-5,0.9995113673646463]
["DADO-003","CPU","INSTALAÇÃO RACK","UN",1,91.48,91.48,2.9489258866262517E-5,0.99954085662351255]
["SAN-003","CPU","REDUÇÃO EXCÊNTRICA, PVC, SERIE NORMAL, ESGOTO PREDIAL, DN 100 X 50 MM, JUNTA ELÁSTICA, FORNECIDO E INSTALADO","UN",4,22.05,88.2,2.8431926453917295E-5,0.99956928854996652]
["EXA-001","CPU","INSTALAÇÃO EXAUSTOR","UN",1,82.8,82.8,2.6691196262861132E-5,0.99959597974622938]
[97670,"SINAPI","ELETRODUTO FLEXÍVEL CORRUGADO, PEAD, DN 100 (4\"), PARA REDE ENTERRADA DE DISTRIBUIÇÃO DE ENERGIA ELÉTRICA - FORNECIMENTO E INSTALAÇÃO. AF_12/2021","M",3,27.17,81.510000000000005,2.6275355161664382E-5,0.99962225510139102]
["COT-EXA-002","COTAÇÃO","GRELHA VENEZIANA AUTO FECHAMENTO, DN 150 MM","UN ",1,80.34,80.34,2.5898196953602216E-5,0.99964815329834467]
[91965,"SINAPI","INTERRUPTOR SIMPLES (2 MÓDULOS) COM INTERRUPTOR PARALELO (1 MÓDULO), 10A/250V, INCLUINDO SUPORTE E PLACA - FORNECIMENTO E INSTALAÇÃO. AF_03/2023","UN",1,78.91,78.91,2.5437225810415119E-5,0.99967359052415505]
[91850,"SINAPI","ELETRODUTO FLEXÍVEL CORRUGADO, PEAD, DN 40 MM (1 1/4\"), PARA CIRCUITOS TERMINAIS, INSTALADO EM LAJE - FORNECIMENTO E INSTALAÇÃO. AF_03/2023","M",6.2,11.41,70.739999999999995,2.2803565502835706E-5,0.99969639408965794]
[94704,"SINAPI","ADAPTADOR COM FLANGE E ANEL DE VEDAÇÃO, PVC, SOLDÁVEL, DN 32 MM X 1\", INSTALADO EM RESERVAÇÃO PREDIAL DE ÁGUA - FORNECIMENTO E INSTALAÇÃO. AF_04/2024","UN",2,31.63,63.26,2.0392331830780136E-5,0.99971678642148876]
[95693,"SINAPI","LUVA SIMPLES, PVC, SÉRIE NORMAL, ESGOTO PREDIAL, DN 150 MM, JUNTA ELÁSTICA, FORNECIDO E INSTALADO EM SUBCOLETOR AÉREO DE ESGOTO SANITÁRIO. AF_08/2022","UN",1,61.85,61.85,1.9937807836448806E-5,0.99973672422932525]
["ED-50199","SETOP","PLACA FOTOLUMINESCENTE PARA SINALIZAÇÃO DE EMERGÊNCIA, TIPO \"E5\", DIMENSÃO (300X300)MM, INCLUSIVE FIXAÇÃO","un",3,20.58,61.739999999999995,1.9902348517742101E-5,0.99975662657784303]
[98111,"SINAPI","CAIXA DE INSPEÇÃO PARA ATERRAMENTO, CIRCULAR, EM POLIETILENO, DIÂMETRO INTERNO = 0,3 M. AF_12/2020","UN",1,58.54,58.54,1.8870804700819936E-5,0.9997754973825439]
["ED-29400","SETOP","PLACA FOTOLUMINESCENTE PARA SINALIZAÇÃO DE EMERGÊNCIA, TIPO \"S3\", DIMENSÃO (380X190)MM, INCLUSIVE FIXAÇÃO","un",2,28.6,57.2,1.8438845727483778E-5,0.9997939362282714]
["ACE-002","CPU","INSTALAÇÃO CHAPA DE PROTEÇÃO IMPACTO PARA PORTA 40X80","UN",12,4.74,56.88,1.8335691345791561E-5,0.99981227191961719]
[94489,"SINAPI","REGISTRO DE ESFERA, PVC, SOLDÁVEL, COM VOLANTE, DN  25 MM - FORNECIMENTO E INSTALAÇÃO. AF_08/2021","UN",2,25.6,51.2,1.6504701070754709E-5,0.99982877662068792]
[94796,"SINAPI","TORNEIRA DE BOIA PARA CAIXA D'ÁGUA, ROSCÁVEL, 3/4\" - FORNECIMENTO E INSTALAÇÃO. AF_08/2021","UN",1,46.79,46.79,1.5083104748058844E-5,0.99984385972543599]
[93654,"SINAPI","DISJUNTOR MONOPOLAR TIPO DIN, CORRENTE NOMINAL DE 16A - FORNECIMENTO E INSTALAÇÃO. AF_10/2020","UN",2,22.14,44.28,1.4273987566660519E-5,0.99985813371300269]
["COT-DAD-008","COTAÇÃO","CONECTOR RJ45 - 100 UNIDADES","UN ",1,42.46,42.46,1.3687297020786035E-5,0.99987182101002348]
["COT-INC-001","COTAÇÃO","PLACA FOTOLUMINESCENTE PARA SINALIZAÇÃO DE EMERGÊNCIA, TIPO \"P1\", DIÂMETRO DE 300MM, EXCLUSIVE FIXAÇÃO","UN ",1,41.34,41.34,1.3326256684863276E-5,0.9998851472667083]
[94490,"SINAPI","REGISTRO DE ESFERA, PVC, SOLDÁVEL, COM VOLANTE, DN  32 MM - FORNECIMENTO E INSTALAÇÃO. AF_08/2021","UN",1,36.93,36.93,1.1904660362167411E-5,0.99989705192707046]
[89726,"SINAPI","JOELHO 45 GRAUS, PVC, SERIE NORMAL, ESGOTO PREDIAL, DN 40 MM, JUNTA SOLDÁVEL, FORNECIDO E INSTALADO EM RAMAL DE DESCARGA OU RAMAL DE ESGOTO SANITÁRIO. AF_08/2022","UN",3,12.22,36.660000000000004,1.1817623852614604E-5,0.99990886955092306]
[97610,"SINAPI","LÂMPADA COMPACTA DE LED 10 W, BASE E27 - FORNECIMENTO E INSTALAÇÃO. AF_09/2024","UN",2,16.63,33.26,1.0721608547134797E-5,0.99991959115947016]
["ED-50205","SETOP","PLACA FOTOLUMINESCENTE PARA SINALIZAÇÃO DE EMERGÊNCIA, TIPO \"S12\", DIMENSÃO (380X190)MM, INCLUSIVE FIXAÇÃO","un",1,28.6,28.6,9.2194228637418889E-6,0.99992881058233385]
[97668,"SINAPI","ELETRODUTO FLEXÍVEL CORRUGADO, PEAD, DN 63 (2\"), PARA REDE ENTERRADA DE DISTRIBUIÇÃO DE ENERGIA ELÉTRICA - FORNECIMENTO E INSTALAÇÃO. AF_12/2021","M",2,14.29,28.58,9.2129757148861239E-6,0.99993802355804873]
[94674,"SINAPI","JOELHO 90 GRAUS, PVC, SOLDÁVEL, DN 32 MM INSTALADO EM RESERVAÇÃO PREDIAL DE ÁGUA - FORNECIMENTO E INSTALAÇÃO. AF_04/2024","UN",3,8.94,26.82,8.6456266155789313E-6,0.99994666918466435]
[94703,"SINAPI","ADAPTADOR COM FLANGE E ANEL DE VEDAÇÃO, PVC, SOLDÁVEL, DN  25 MM X 3/4\", INSTALADO EM RESERVAÇÃO PREDIAL DE ÁGUA - FORNECIMENTO E INSTALAÇÃO. AF_04/2024","UN",1,23.44,23.44,7.556058458954891E-6,0.99995422524312327]
["ED-29387","SETOP","PLACA FOTOLUMINESCENTE PARA SINALIZAÇÃO DE EMERGÊNCIA, TIPO \"A5\", DIMENSÃO DA BASE 300MM, INCLUSIVE FIXAÇÃO","un",1,20.21,20.21,6.5148439187490763E-6,0.99996074008704205]
[89520,"SINAPI","JOELHO 45 GRAUS, PVC, SERIE R, ÁGUA PLUVIAL, DN 50 MM, JUNTA ELÁSTICA, FORNECIDO E INSTALADO EM RAMAL DE ENCAMINHAMENTO. AF_06/2022","UN",1,18.96,18.96,6.1118971152638538E-6,0.99996685198415736]
[89368,"SINAPI","JOELHO 45 GRAUS, PVC, SOLDÁVEL, DN 32MM, INSTALADO EM RAMAL OU SUB-RAMAL DE ÁGUA - FORNECIMENTO E INSTALAÇÃO. AF_06/2022","UN",1,17.18,17.18,5.5381008671008963E-6,0.99997239008502448]
[89385,"SINAPI","LUVA SOLDÁVEL E COM ROSCA, PVC, SOLDÁVEL, DN 25MM X 3/4 , INSTALADO EM RAMAL OU SUB-RAMAL DE ÁGUA - FORNECIMENTO E INSTALAÇÃO. AF_06/2022","UN",2,8.36,16.72,5.3898164434183344E-6,0.99997777990146786]
[89575,"SINAPI","LUVA, PVC, SOLDÁVEL, DN 50MM, INSTALADO EM PRUMADA DE ÁGUA - FORNECIMENTO E INSTALAÇÃO. AF_06/2022","UN",1,13.46,13.46,4.3389311799288748E-6,0.99998211883264776]
[94690,"SINAPI","TÊ, PVC, SOLDÁVEL, DN 32 MM INSTALADO EM RESERVAÇÃO PREDIAL DE ÁGUA - FORNECIMENTO E INSTALAÇÃO. AF_04/2024","UN",1,12.91,12.91,4.1616345863953772E-6,0.99998628046723415]
["INC-001","CPU","FIXAÇÃO DE PLACAS FOTOLUMINESCENTES PARA SINALIZAÇÃO DE EMERGÊNCIA","UN",1,12.74,12.74,4.1068338211213866E-6,0.99999038730105527]
[94662,"SINAPI","ADAPTADOR CURTO COM BOLSA E ROSCA PARA REGISTRO, PVC, SOLDÁVEL, DN 50 MM X 1 1/2\", INSTALADO EM RESERVAÇÃO PREDIAL DE ÁGUA - FORNECIMENTO E INSTALAÇÃO. AF_04/2024","UN",1,12.58,12.58,4.0552566302752785E-6,0.99999444255768555]
[104777,"SINAPI","FURO MECANIZADO EM CONCRETO, COM PERFURATRIZ, PARA INSTALAÇÕES HIDRÁULICAS, DIÂMETROS MAIORES QUE 75 MM E MENORES OU IGUAIS A 150 MM. AF_09/2023","UN",1,9.81,9.81,3.1623265137520256E-6,0.99999760488419931]
[89541,"SINAPI","LUVA, PVC, SOLDÁVEL, DN 32MM, INSTALADO EM PRUMADA DE ÁGUA - FORNECIMENTO E INSTALAÇÃO. AF_06/2022","UN",1,7.43,7.43,2.3951157999161618E-6,0.99999999999999922]

{"sheet":"Auxiliar_ABC2","index":6,"n_rows":425,"n_cols":14,"rows_kept":425,"cut":false,"hidden":true,"merged":[]}
["1","","","1.1","ENGENHEIRO CIVIL DE OBRA JUNIOR COM ENCARGOS COMPLEMENTARES",90777,"SINAPI","H",960,102.97,"BDI 1",130.27000000000001,98851.199999999997,125059.20000000001]
["2","","","2.1","LOCAÇÃO DE CONTAINER COM ISOLAMENTO TÉRMICO, TIPO 3, PARA DEPÓSITO/FERRAMENTARIA DE OBRA, COM MEDIDAS REFERENCIAIS DE (6) METROS COMPRIMENTO, (2,3) METROS LARGURA E (2,5) METROS ALTURA ÚTIL INTERNA, INCLUSIVE LIGAÇÕES ELÉTRICAS INTERNAS, EXCLUSIVE MOBILIZAÇÃO/DESMOBILIZAÇÃO E LIGAÇÕES PROVISÓRIAS EXTERNAS","ED-16350","SETOP","mês",12,801.86,"BDI 1",1014.51,9622.32,12174.119999999999]
["2","","","2.2","LIGAÇÕES PROVISÓRIAS PARA CONTAINER TIPO 3 (CORRESPONDENTE AO CÓDIGO ED-16350)","ED-16358","SETOP","un",1,288.39,"BDI 1",364.87,288.39,364.87]
["2","","","2.3","LOCAÇÃO DE CONTAINER COM ISOLAMENTO TÉRMICO, TIPO 1, PARA ESCRITÓRIO DE OBRA, COM MEDIDAS REFERENCIAIS DE (6) METROS COMPRIMENTO, (2,3) METROS LARGURA E (2,5) METROS ALTURA ÚTIL INTERNA, INCLUSIVE AR CONDICIONADO E LIGAÇÕES ELÉTRICAS INTERNAS, EXCLUSIVE MOBILIZAÇÃO/DESMOBILIZAÇÃO E LIGAÇÕES PROVISÓRIAS EXTERNAS","ED-16348","SETOP","mês",12,1433.79,"BDI 1",1814.03,17205.48,21768.36]
["2","","","2.4","LIGAÇÕES PROVISÓRIAS PARA CONTAINER TIPO 1 (CORRESPONDENTE AO CÓDIGO ED-16348)","ED-16356","SETOP","un",1,288.39,"BDI 1",364.87,288.39,364.87]
["2","","","2.5","MOBILIZAÇÃO E DESMOBILIZAÇÃO DE CONTAINER, INCLUSIVE CARGA, DESCARGA E TRANSPORTE EM CAMINHÃO CARROCERIA COM GUINDAUTO (MUNCK), EXCLUSIVE LOCAÇÃO DO CONTAINER","ED-50137","SETOP","un",2,1445.84,"BDI 1",1829.27,2891.68,3658.54]
["2","","","2.6","LOCAÇÃO DE BANHEIRO QUÍMICO, DIMENSÃO (110X120X230)CM, LINHA PADRÃO, CONTENDO UMA (1) PIA/HIGIENIZADOR DE MÃOS, INCLUSIVE MANUTENÇÃO E MOBILIZAÇÃO/DESMOBILIZAÇÃO","ED-50155","SETOP","mês",24,900,"BDI 1",1138.68,21600,27328.32]
["2","","","2.7","LIGAÇÃO DE ÁGUA PROVISÓRIA PARA CANTEIRO,  INCLUSIVE HIDRÔMETRO E CAVALETE PARA MEDIÇÃO DE ÁGUA - ENTRADA PRINCIPAL, EM AÇO GALVANIZADO DN 20MM (1/2\") - PADRÃO CONCESSIONÁRIA","ED-50150","SETOP","un",1,439.05,"BDI 1",555.48,439.05,555.48]
["2","","","2.8","LIGAÇÃO PROVISÓRIA COM ENTRADA DE ENERGIA AÉREA, PADRÃO CEMIG, CARGA INSTALADA DE 15,1KVA ATÉ 30KVA, TRIFÁSICO, COM SAÍDA SUBTERRÂNEA, INCLUSIVE POSTE, CAIXA PARA MEDIDOR, DISJUNTOR, BARRAMENTO, ATERRAMENTO E ACESSÓRIOS","ED-50151","SETOP","un",1,1060.92,"BDI 1",1342.27,1060.92,1342.27]
["2","","","2.9","TAPUME FIXO DE PROTEÇÃO PARA FECHAMENTO DE OBRA EM TELHA METÁLICA GALVANIZADA, TIPO TRAPEZOIDAL, ESP. 0,5MM, COM MÓDULO NA DIMENSÃO DE (300X220)CM, COM REAPROVEITAMENTO, EXCLUSIVE PINTURA ESMALTE, INCLUSIVE PONTALETE E FIXAÇÃO","ED-29823","SETOP","m2",209.00000000000003,52.79,"BDI 1",66.78,11033.11,13957.020000000002]
["2","","","2.10","REMOÇÃO DE TAPUME/ CHAPAS METÁLICAS E DE MADEIRA, DE FORMA MANUAL, SEM REAPROVEITAMENTO. AF_09/2023",97637,"SINAPI","M2",209.00000000000003,2.5299999999999998,"BDI 1",3.2,528.77,668.80000000000018]
["3","","","3.1","FORNECIMENTO E COLOCAÇÃO DE PLACA DE OBRA EM CHAPA GALVANIZADA #26, ESP. 0,45MM, DIMENSÃO (3X1,5)M, PLOTADA COM ADESIVO VINÍLICO, AFIXADA COM REBITES 4,8X40MM, EM ESTRUTURA METÁLICA DE METALON 20X20MM, ESP. 1,25MM, INCLUSIVE SUPORTE EM EUCALIPTO AUTOCLAVADO PINTADO COM TINTA PVA DUAS (2) DEMÃOS","ED-28427","SETOP","un",1,1201.6400000000001,"BDI 1",1520.31,1201.6400000000001,1520.31]
["3","","","3.2","LOCAÇÃO DE OBRA COM GABARITO DE TÁBUAS CORRIDAS PONTALETADAS A CADA 2,00M, REAPROVEITAMENTO (2X), INCLUSIVE ACOMPANHAMENTO DE EQUIPE TOPOGRÁFICA PARA MARCAÇÃO DE PONTO TOPOGRÁFICO","ED-17989","SETOP","m",90,45.78,"BDI 1",57.92,4120.2,5212.8]
["4","","","4.1","LIMPEZA MECANIZADA DE CAMADA VEGETAL, VEGETAÇÃO E PEQUENAS ÁRVORES (DIÂMETRO DE TRONCO MENOR QUE 0,20 M), COM TRATOR DE ESTEIRAS. AF_03/2024",98525,"SINAPI","M2",562.5,0.66,"BDI 1",0.83,371.25,466.88]
["4","","","4.2","CARGA, MANOBRA E DESCARGA DE ENTULHO EM CAMINHÃO BASCULANTE 10 M³ - CARGA COM ESCAVADEIRA HIDRÁULICA  (CAÇAMBA DE 0,80 M³ / 111 HP) E DESCARGA LIVRE (UNIDADE: M3). AF_07/2020",100982,"SINAPI","M3",109.69,8.89,"BDI 1",11.24,975.14,1232.92]
["4","","","4.3","TRANSPORTE COM CAMINHÃO BASCULANTE DE 10 M³, EM VIA URBANA PAVIMENTADA, DMT ATÉ 30 KM (UNIDADE: M3XKM). AF_07/2020",95875,"SINAPI","M3XKM",987.21,2.4500000000000002,"BDI 1",3.09,2418.66,3050.48]
["4","","","4.4","ESPALHAMENTO DE MATERIAL COM TRATOR DE ESTEIRAS. AF_09/2024",100574,"SINAPI","M3",109.69,1.38,"BDI 1",1.74,151.37,190.86]
["5","1","","5.1.1","LOCAÇÃO TOPOGRÁFICA PARA ATÉ VINTE (20) PONTOS REFERENCIAIS, INCLUSIVE ESTACA (PIQUETE) DE MARCAÇÃO","ED-50274","SETOP","un",13,73.849999999999994,"BDI 1",93.43,960.05,1214.5900000000001]
["5","2","","5.2.1","ESCAVAÇÃO VERTICAL PARA INFRAESTRUTURA, COM CARGA, DESCARGA E TRANSPORTE DE SOLO DE 1ª CATEGORIA, COM ESCAVADEIRA HIDRÁULICA (CAÇAMBA: 0,8 M³ / 111HP), FROTA DE 3 CAMINHÕES BASCULANTES DE 10 M³, DMT ATÉ 1 KM E VELOCIDADE MÉDIA14 KM/H. AF_05/2020",101266,"SINAPI","M3",570.04999999999995,11.23,"BDI 1",14.2,6401.66,8094.7099999999991]
["5","2","","5.2.2","EXECUÇÃO E COMPACTAÇÃO DE CORPO DE ATERRO DE ATERRO (95% DE ENERGIA DO PROCTOR NORMAL) COM SOLO PREDOMINANTEMENTE ARGILOSO ESPESSURA 15 CM - EXCLUSIVE MATERIAL, ESCAVAÇÃO, CARGA E TRANSPORTE. AF_09/2024",96385,"SINAPI","M3",25.24,11.67,"BDI 1",14.76,294.55,372.54]
["5","2","","5.2.3","REATERRO MANUAL DE VALAS, COM COMPACTADOR DE SOLOS DE PERCUSSÃO. AF_08/2023",93382,"SINAPI","M3",51.35,24.1,"BDI 1",30.49,1237.53,1565.66]
["5","3","","5.3.1","CARGA, MANOBRA E DESCARGA DE SOLOS E MATERIAIS GRANULARES EM CAMINHÃO BASCULANTE 10 M³ - CARGA COM ESCAVADEIRA HIDRÁULICA (CAÇAMBA DE 1,20 M³ / 155 HP) E DESCARGA LIVRE (UNIDADE: M3). AF_07/2020",100978,"SINAPI","M3",704.60722222222216,6.9,"BDI 1",8.7200000000000006,4861.78,6144.2]
["5","3","","5.3.2","TRANSPORTE COM CAMINHÃO BASCULANTE DE 10 M³, EM VIA URBANA PAVIMENTADA, DMT ATÉ 30 KM (UNIDADE: M3XKM). AF_07/2020",95875,"SINAPI","M3XKM",2747.9681666666665,2.4500000000000002,"BDI 1",3.09,6732.52,8491.23]
["5","3","","5.3.3","ESPALHAMENTO DE MATERIAL COM TRATOR DE ESTEIRAS. AF_09/2024",100574,"SINAPI","M3",704.60722222222216,1.38,"BDI 1",1.74,972.35,1226.02]
["6","1","","6.1.1","ESCAVAÇÃO MECANIZADA PARA BLOCO DE COROAMENTO OU SAPATA COM RETROESCAVADEIRA (INCLUINDO ESCAVAÇÃO PARA COLOCAÇÃO DE FÔRMAS). AF_01/2024",96521,"SINAPI","M3",62.7,41.55,"BDI 1",52.56,2605.1799999999998,3295.51]
["6","1","","6.1.2","ESCAVAÇÃO MECANIZADA PARA VIGA BALDRAME OU SAPATA CORRIDA COM MINI-ESCAVADEIRA (INCLUINDO ESCAVAÇÃO PARA COLOCAÇÃO DE FÔRMAS). AF_01/2024",96525,"SINAPI","M3",53.17,53.13,"BDI 1",67.22,2824.92,3574.09]
["6","1","","6.1.3","LASTRO DE CONCRETO MAGRO, APLICADO EM BLOCOS DE COROAMENTO OU SAPATAS. AF_01/2024",96616,"SINAPI","M3",2.85,797.68,"BDI 1",1009.22,2273.38,2876.28]
["6","1","","6.1.4","REATERRO MANUAL DE VALAS, COM PLACA VIBRATÓRIA. AF_08/2023",104737,"SINAPI","M3",94.79,19.149999999999999,"BDI 1",24.22,1815.22,2295.81]
["6","1","","6.1.5","CARGA, MANOBRA E DESCARGA DE SOLOS E MATERIAIS GRANULARES EM CAMINHÃO BASCULANTE 6 M³ - CARGA COM ESCAVADEIRA HIDRÁULICA (CAÇAMBA DE 1,20 M³ / 155 HP) E DESCARGA LIVRE (UNIDADE: M3). AF_07/2020",100977,"SINAPI","M3",55.85,7.64,"BDI 1",9.66,426.69,539.51]
["6","1","","6.1.6","TRANSPORTE COM CAMINHÃO BASCULANTE DE 10 M³, EM VIA URBANA PAVIMENTADA, DMT ATÉ 30 KM (UNIDADE: TXKM). AF_07/2020",95878,"SINAPI","TXKM",369.67,1.65,"BDI 1",2.08,609.95000000000005,768.91]
["6","1","","6.1.7","ESPALHAMENTO DE MATERIAL COM TRATOR DE ESTEIRAS. AF_09/2024",100574,"SINAPI","M3",94.79,1.38,"BDI 1",1.74,130.81,164.93]
["6","2","1","6.2.1.1","MOBILIZAÇÃO E DESMOBILIZAÇÃO DE EQUIPAMENTO PARA ESTACA TIPO TRADO ROTATIVO (CUSTO FIXO), INCLUSIVE CARGA E DESCARGA, EXCLUSIVE TRANSPORTE EM QUILÔMETRO RODADO (CUSTO VARIÁVEL)","ED-29817","SETOP","un",1,3607.9,"BDI 1",4564.71,3607.9,4564.71]
["6","2","1","6.2.1.2","MOBILIZAÇÃO E DESMOBILIZAÇÃO DE EQUIPAMENTO PARA ESTACA TIPO TRADO ROTATIVO (CUSTO VARIÁVEL), EXCLUSIVE CUSTO FIXO DE TRANSPORTE","ED-29818","SETOP","km",50,20.66,"BDI 1",26.13,1033,1306.5]
["6","2","1","6.2.1.3","MONTAGEM DE ARMADURA TRANSVERSAL DE ESTACAS DE SEÇÃO CIRCULAR, DIÂMETRO = 5,0 MM. AF_09/2021_PS",95583,"SINAPI","KG",11,15.03,"BDI 1",19.010000000000002,165.33,209.11]
["6","2","1","6.2.1.4","MONTAGEM DE ARMADURA TRANSVERSAL DE ESTACAS DE SEÇÃO CIRCULAR, DIÂMETRO = 6,30 MM. AF_09/2021_PS",95584,"SINAPI","KG",365.2,13.34,"BDI 1",16.87,4871.76,6160.92]
["6","2","1","6.2.1.5","MONTAGEM DE ARMADURA DE ESTACAS, DIÂMETRO = 10,0 MM. AF_09/2021_PS",95577,"SINAPI","KG",85.25,10.34,"BDI 1",13.08,881.48,1115.07]
["6","2","1","6.2.1.6","MONTAGEM DE ARMADURA DE ESTACAS, DIÂMETRO = 16,0 MM. AF_09/2021_PS",95579,"SINAPI","KG",2540.0300000000002,8.34,"BDI 1",10.55,21183.85,26797.32]
["6","2","1","6.2.1.7","ARRASAMENTO MECANICO DE ESTACA DE CONCRETO ARMADO, DIAMETROS DE ATÉ 40 CM. AF_05/2021",95601,"SINAPI","UN",95,15.87,"BDI 1",20.07,1507.65,1906.65]
["6","2","1","6.2.1.8","ESTACA HÉLICE CONTÍNUA, DIÂMETRO DE 30 CM, INCLUSO CONCRETO FCK=30MPA E ARMADURA MÍNIMA (EXCLUSIVE BOMBEAMENTO, MOBILIZAÇÃO E DESMOBILIZAÇÃO). ","EST-001","CPU","M",984,128.15,"BDI 1",162.13,126099.6,159535.91999999998]
["6","2","1","6.2.1.9","ESTACA BROCA DE CONCRETO, DIÂMETRO DE 20CM, ESCAVAÇÃO MANUAL COM TRADO CONCHA, EXCETO ARMADURA","EST-002","CPU","M",32.5,46,"BDI 1",58.19,1495,1891.18]
["6","2","2","6.2.2.1","FABRICAÇÃO, MONTAGEM E DESMONTAGEM DE FÔRMA PARA BLOCO DE COROAMENTO, EM MADEIRA SERRADA, E=25 MM, 4 UTILIZAÇÕES. AF_01/2024",96534,"SINAPI","M2",147.44999999999999,70.97,"BDI 1",89.79,10464.52,13239.54]
["6","2","2","6.2.2.2","ARMAÇÃO DE BLOCO UTILIZANDO AÇO CA-60 DE 5 MM - MONTAGEM. AF_01/2024",96543,"SINAPI","KG",122.4,18.64,"BDI 1",23.58,2281.5300000000002,2886.19]
["6","2","2","6.2.2.3","ARMAÇÃO DE BLOCO UTILIZANDO AÇO CA-50 DE 6,3 MM - MONTAGEM. AF_01/2024",96544,"SINAPI","KG",416.7,16.86,"BDI 1",21.33,7025.56,8888.2099999999991]
["6","2","2","6.2.2.4","ARMAÇÃO DE BLOCO UTILIZANDO AÇO CA-50 DE 8 MM - MONTAGEM. AF_01/2024",96545,"SINAPI","KG",113.9,15.24,"BDI 1",19.28,1735.83,2195.9899999999998]
["6","2","2","6.2.2.5","ARMAÇÃO DE BLOCO UTILIZANDO AÇO CA-50 DE 10 MM - MONTAGEM. AF_01/2024",96546,"SINAPI","KG",318.3,13.36,"BDI 1",16.899999999999999,4252.4799999999996,5379.27]
["6","2","2","6.2.2.6","ARMAÇÃO DE BLOCO, SAPATA ISOLADA, VIGA BALDRAME E SAPATA CORRIDA UTILIZANDO AÇO CA-50 DE 12,5 MM - MONTAGEM. AF_01/2024",104920,"SINAPI","KG",103.6,10.35,"BDI 1",13.09,1072.26,1356.12]
["6","2","2","6.2.2.7","ARMAÇÃO DE BLOCO, SAPATA ISOLADA, VIGA BALDRAME E SAPATA CORRIDA UTILIZANDO AÇO CA-50 DE 16 MM - MONTAGEM. AF_01/2024",104921,"SINAPI","KG",293.39999999999998,9.77,"BDI 1",12.36,2866.51,3626.42]
["6","2","2","6.2.2.8","CONCRETAGEM DE BLOCO DE COROAMENTO OU VIGA BALDRAME, FCK 30 MPA, COM USO DE BOMBA - LANÇAMENTO, ADENSAMENTO E ACABAMENTO. AF_01/2024",96557,"SINAPI","M3",24.86,822.94,"BDI 1",1041.18,20458.28,25883.73]
["6","2","3","6.2.3.1","FABRICAÇÃO, MONTAGEM E DESMONTAGEM DE FÔRMA PARA VIGA BALDRAME, EM MADEIRA SERRADA, E=25 MM, 4 UTILIZAÇÕES. AF_01/2024",96536,"SINAPI","M2",233.7,61.84,"BDI 1",78.23,14452,18282.349999999999]
["6","2","3","6.2.3.2","IMPERMEABILIZAÇÃO DE SUPERFÍCIE COM EMULSÃO ASFÁLTICA, 2 DEMÃOS. AF_09/2023",98557,"SINAPI","M2",116.85,39.840000000000003,"BDI 1",50.4,4655.3,5889.24]
["6","2","3","6.2.3.3","ARMAÇÃO DE SAPATA ISOLADA, VIGA BALDRAME E SAPATA CORRIDA UTILIZANDO AÇO CA-60 DE 5 MM - MONTAGEM. AF_01/2024",104916,"SINAPI","KG",278.3,15.73,"BDI 1",19.899999999999999,4377.6499999999996,5538.17]
["6","2","3","6.2.3.4","ARMAÇÃO DE SAPATA ISOLADA, VIGA BALDRAME E SAPATA CORRIDA UTILIZANDO AÇO CA-50 DE 6,3 MM - MONTAGEM. AF_01/2024",104917,"SINAPI","KG",40.6,14.67,"BDI 1",18.559999999999999,595.6,753.54]
["6","2","3","6.2.3.5","ARMAÇÃO DE SAPATA ISOLADA, VIGA BALDRAME E SAPATA CORRIDA UTILIZANDO AÇO CA-50 DE 8 MM - MONTAGEM. AF_01/2024",104918,"SINAPI","KG",109.5,13.64,"BDI 1",17.25,1493.58,1888.88]
["6","2","3","6.2.3.6","ARMAÇÃO DE SAPATA ISOLADA, VIGA BALDRAME E SAPATA CORRIDA UTILIZANDO AÇO CA-50 DE 10 MM - MONTAGEM. AF_01/2024",104919,"SINAPI","KG",373.3,12.2,"BDI 1",15.43,4554.26,5760.02]
["6","2","3","6.2.3.7","ARMAÇÃO DE BLOCO, SAPATA ISOLADA, VIGA BALDRAME E SAPATA CORRIDA UTILIZANDO AÇO CA-50 DE 12,5 MM - MONTAGEM. AF_01/2024",104920,"SINAPI","KG",121.3,10.35,"BDI 1",13.09,1255.45,1587.82]
["6","2","3","6.2.3.8","ARMAÇÃO DE BLOCO, SAPATA ISOLADA, VIGA BALDRAME E SAPATA CORRIDA UTILIZANDO AÇO CA-50 DE 16 MM - MONTAGEM. AF_01/2024",104921,"SINAPI","KG",506,9.77,"BDI 1",12.36,4943.62,6254.16]
["6","2","3","6.2.3.9","CONCRETAGEM DE BLOCO DE COROAMENTO OU VIGA BALDRAME, FCK 30 MPA, COM USO DE BOMBA - LANÇAMENTO, ADENSAMENTO E ACABAMENTO. AF_01/2024",96557,"SINAPI","M3",18.100000000000001,822.94,"BDI 1",1041.18,14895.21,18845.36]
["6","3","1","6.3.1.1","MONTAGEM E DESMONTAGEM DE FÔRMA DE VIGA, ESCORAMENTO COM GARFO DE MADEIRA, PÉ-DIREITO DUPLO, EM CHAPA DE MADEIRA RESINADA, 4 UTILIZAÇÕES. AF_09/2020",92453,"SINAPI","M2",694.36,233.95,"BDI 1",295.99,162445.51999999999,205523.62]
["6","3","1","6.3.1.2","ARMAÇÃO DE PILAR OU VIGA DE ESTRUTURA CONVENCIONAL DE CONCRETO ARMADO UTILIZANDO AÇO CA-60 DE 5,0 MM - MONTAGEM. AF_06/2022",92759,"SINAPI","KG",1099.3,13.36,"BDI 1",16.899999999999999,14686.64,18578.169999999998]
["6","3","1","6.3.1.3","ARMAÇÃO DE PILAR OU VIGA DE ESTRUTURA CONVENCIONAL DE CONCRETO ARMADO UTILIZANDO AÇO CA-50 DE 6,3 MM - MONTAGEM. AF_06/2022",92760,"SINAPI","KG",512.79999999999995,12.66,"BDI 1",16.010000000000002,6492.04,8209.93]
["6","3","1","6.3.1.4","ARMAÇÃO DE PILAR OU VIGA DE ESTRUTURA CONVENCIONAL DE CONCRETO ARMADO UTILIZANDO AÇO CA-50 DE 8,0 MM - MONTAGEM. AF_06/2022",92761,"SINAPI","KG",372.9,11.93,"BDI 1",15.09,4448.6899999999996,5627.06]
["6","3","1","6.3.1.5","ARMAÇÃO DE PILAR OU VIGA DE ESTRUTURA CONVENCIONAL DE CONCRETO ARMADO UTILIZANDO AÇO CA-50 DE 10,0 MM - MONTAGEM. AF_06/2022",92762,"SINAPI","KG",1588.8,10.68,"BDI 1",13.51,16968.38,21464.69]
["6","3","1","6.3.1.6","ARMAÇÃO DE PILAR OU VIGA DE ESTRUTURA CONVENCIONAL DE CONCRETO ARMADO UTILIZANDO AÇO CA-50 DE 12,5 MM - MONTAGEM. AF_06/2022",92763,"SINAPI","KG",956.1,8.9700000000000006,"BDI 1",11.34,8576.2099999999991,10842.17]
["6","3","1","6.3.1.7","ARMAÇÃO DE PILAR OU VIGA DE ESTRUTURA CONVENCIONAL DE CONCRETO ARMADO UTILIZANDO AÇO CA-50 DE 16,0 MM - MONTAGEM. AF_06/2022",92764,"SINAPI","KG",285.5,8.69,"BDI 1",10.99,2480.9899999999998,3137.65]
["6","3","1","6.3.1.8","ARMAÇÃO DE PILAR OU VIGA DE ESTRUTURA CONVENCIONAL DE CONCRETO ARMADO UTILIZANDO AÇO CA-50 DE 20,0 MM - MONTAGEM. AF_06/2022",92765,"SINAPI","KG",126.7,9.92,"BDI 1",12.55,1256.8599999999999,1590.09]
["6","3","1","6.3.1.9","CONCRETAGEM DE VIGAS E LAJES, FCK=30 MPA, PARA LAJES PREMOLDADAS COM USO DE BOMBA - LANÇAMENTO, ADENSAMENTO E ACABAMENTO.","EST-007","CPU","M3    ",64.510000000000005,777.46,"BDI 1",983.64,50153.94,63454.62]
["6","3","2","6.3.2.1","LAJE TRELIÇADA H=13 CM - INCLUSO MONTAGEM E FORNECIMENTO DOS MATERIAIS, EXCETO CONCRETAGEM","EST-004","CPU","M2",75.41,101.56,"BDI 1",128.49,7658.63,9689.43]
["6","3","2","6.3.2.2","LAJE TRELIÇADA H=17 CM - INCLUSO MONTAGEM E FORNECIMENTO DOS MATERIAIS, EXCETO CONCRETAGEM","EST-005","CPU","M2",915.57,116.56,"BDI 1",147.47,106718.83,135019.10999999999]
["6","3","2","6.3.2.3","LAJE TRELIÇADA H=21 CM - INCLUSO MONTAGEM E FORNECIMENTO DOS MATERIAIS, EXCETO CONCRETAGEM","EST-006","CPU","M2",28.64,177.56,"BDI 1",224.64,5085.3100000000004,6433.69]
["6","3","2","6.3.2.4","TELA DE ACO SOLDADA NERVURADA, CA-60, Q-92, (1,48 KG/M2), DIAMETRO DO FIO = 4,2 MM, LARGURA = 2,45 X 60 M DE COMPRIMENTO, ESPACAMENTO DA MALHA = 15 X 15 CM                                                                                                                                                                                                                                                                                                                                               ",21141,"SINAPI","M2    ",1019.62,14.22,"BDI 1",17.989999999999998,14498.99,18342.96]
["6","3","2","6.3.2.5","ARMAÇÃO DE LAJE DE ESTRUTURA CONVENCIONAL DE CONCRETO ARMADO UTILIZANDO AÇO CA-50 DE 6,3 MM - MONTAGEM. AF_06/2022",92769,"SINAPI","KG",564.1,12.19,"BDI 1",15.42,6876.37,8698.42]
["6","3","2","6.3.2.6","ARMAÇÃO DE LAJE DE ESTRUTURA CONVENCIONAL DE CONCRETO ARMADO UTILIZANDO AÇO CA-50 DE 8,0 MM - MONTAGEM. AF_06/2022",92770,"SINAPI","KG",444.6,11.47,"BDI 1",14.51,5099.5600000000004,6451.15]
["6","3","2","6.3.2.7","ARMAÇÃO DE LAJE DE ESTRUTURA CONVENCIONAL DE CONCRETO ARMADO UTILIZANDO AÇO CA-50 DE 10,0 MM - MONTAGEM. AF_06/2022",92771,"SINAPI","KG",193.2,10.25,"BDI 1",12.96,1980.3,2503.87]
["6","3","2","6.3.2.8","ARMAÇÃO DE LAJE DE ESTRUTURA CONVENCIONAL DE CONCRETO ARMADO UTILIZANDO AÇO CA-50 DE 12,5 MM - MONTAGEM. AF_06/2022",92772,"SINAPI","KG",67.900000000000006,8.6,"BDI 1",10.88,583.94000000000005,738.75]
["6","3","2","6.3.2.9","CIMBRAMENTO PARA LAJE PRÉ-MOLDADA COM ESCORAMENTO METÁLICO, TIPO \"B\", ALTURA DE (311 ATÉ 450)CM, INCLUSIVE DESCARGA, MONTAGEM, DESMONTAGEM E CARGA","ED-19638","SETOP","m2xmês",1019.62,24.07,"BDI 1",30.45,24542.25,31047.43]
["6","3","2","6.3.2.10","CONCRETAGEM DE VIGAS E LAJES, FCK=30 MPA, PARA LAJES PREMOLDADAS COM USO DE BOMBA - LANÇAMENTO, ADENSAMENTO E ACABAMENTO.","EST-007","CPU","M3    ",43.78,777.46,"BDI 1",983.64,34037.19,43063.76]
["6","3","3","6.3.3.1","CINTA DE AMARRAÇÃO DE ALVENARIA MOLDADA IN LOCO COM UTILIZAÇÃO DE BLOCOS CANALETA, ESPESSURA DE *15* CM. AF_03/2024",105033,"SINAPI","M",188.48,55.57,"BDI 1",70.3,10473.83,13250.14]
["6","3","4","6.3.4.1","MONTAGEM E DESMONTAGEM DE FÔRMA DE PILARES RETANGULARES E ESTRUTURAS SIMILARES, PÉ-DIREITO DUPLO, EM CHAPA DE MADEIRA COMPENSADA RESINADA, 6 UTILIZAÇÕES. AF_09/2020",92425,"SINAPI","M2",447.72,81.63,"BDI 1",103.27,36547.379999999997,46236.04]
["6","3","4","6.3.4.2","ARMAÇÃO DE PILAR OU VIGA DE ESTRUTURA CONVENCIONAL DE CONCRETO ARMADO UTILIZANDO AÇO CA-60 DE 5,0 MM - MONTAGEM. AF_06/2022",92759,"SINAPI","KG",820.8,13.36,"BDI 1",16.899999999999999,10965.88,13871.519999999999]
["6","3","4","6.3.4.3","ARMAÇÃO DE PILAR OU VIGA DE ESTRUTURA CONVENCIONAL DE CONCRETO ARMADO UTILIZANDO AÇO CA-50 DE 10,0 MM - MONTAGEM. AF_06/2022",92762,"SINAPI","KG",1647.3,10.68,"BDI 1",13.51,17593.16,22255.02]
["6","3","4","6.3.4.4","ARMAÇÃO DE PILAR OU VIGA DE ESTRUTURA CONVENCIONAL DE CONCRETO ARMADO UTILIZANDO AÇO CA-50 DE 12,5 MM - MONTAGEM. AF_06/2022",92763,"SINAPI","KG",130.69999999999999,8.9700000000000006,"BDI 1",11.34,1172.3699999999999,1482.14]
["6","3","4","6.3.4.5","CONCRETAGEM DE PILARES, FCK = 30 MPA, COM USO DE BOMBA - LANÇAMENTO, ADENSAMENTO E ACABAMENTO.","EST-003","CPU","M3    ",26.07,758.5,"BDI 1",959.65,19774.09,25018.080000000002]
["6","3","6","6.3.6.1","ALVENARIA DE BLOCOS DE CONCRETO ESTRUTURAL 19 X 19 X 39 CM (ESPESSURA 19 CM), FBK = 14 MPA, UTILIZANDO PALHETA.","EST-008","CPU","M2",54.06,133.88999999999999,"BDI 1",169.39,7238.09,9157.2199999999993]
["6","3","6","6.3.6.2","GRAUTE FGK=15 MPA; TRAÇO 1:2,2:2,5:0,3 (EM MASSA SECA DE CIMENTO/ AREIA GROSSA/ BRITA 0/ ADITIVO) - PREPARO MECÂNICO COM BETONEIRA 400 L. AF_09/2021",90282,"SINAPI","M3",5.14,530.33000000000004,"BDI 1",670.97,2725.89,3448.79]
["6","3","6","6.3.6.3","ARMAÇÃO DE ESTRUTURAS DIVERSAS DE CONCRETO ARMADO, EXCETO VIGAS, PILARES, LAJES E FUNDAÇÕES, UTILIZANDO AÇO CA-50 DE 8,0 MM - MONTAGEM. AF_06/2022",92917,"SINAPI","KG",117.45,13.22,"BDI 1",16.72,1552.68,1963.76]
["6","3","6","6.3.6.4","IMPERMEABILIZAÇÃO DE SUPERFÍCIE COM EMULSÃO ASFÁLTICA, 2 DEMÃOS. AF_09/2023",98557,"SINAPI","M2",100.96,39.840000000000003,"BDI 1",50.4,4022.24,5088.38]
["7","1","","7.1.1","ALVENARIA DE VEDAÇÃO DE BLOCOS VAZADOS DE CONCRETO DE 9X19X39 CM (ESPESSURA 9 CM) E ARGAMASSA DE ASSENTAMENTO COM PREPARO EM BETONEIRA. AF_12/2021",103316,"SINAPI","M2",16.440000000000001,74.95,"BDI 1",94.82,1232.17,1558.84]
["7","1","","7.1.2","ALVENARIA DE VEDAÇÃO DE BLOCOS VAZADOS DE CONCRETO DE 14X19X39 CM (ESPESSURA 14 CM)  E ARGAMASSA DE ASSENTAMENTO COM PREPARO EM BETONEIRA. AF_12/2021",103318,"SINAPI","M2",952.1400000000001,97.06,"BDI 1",122.8,92414.7,116922.79]
["7","1","","7.1.3","ALVENARIA DE VEDAÇÃO DE BLOCOS VAZADOS DE CONCRETO DE 19X19X39 CM (ESPESSURA 19 CM) E ARGAMASSA DE ASSENTAMENTO COM PREPARO EM BETONEIRA. AF_12/2021",103320,"SINAPI","M2",309.61,117.07,"BDI 1",148.11000000000001,36246.04,45856.34]
["7","1","","7.1.4","GRADIL NYLOFOR H=2.03 M INCLUSIVE POSTE OU EQUIVALENTE","13.38.29","SUDECAP","M",43,315.89,"BDI 1",399.66,13583.27,17185.38]
["7","1","","7.1.5","FIXAÇÃO (ENCUNHAMENTO) DE ALVENARIA DE VEDAÇÃO COM TIJOLO MACIÇO. AF_03/2024",93202,"SINAPI","M",539.20000000000005,25.4,"BDI 1",32.130000000000003,13695.68,17324.5]
["7","2","","7.2.1","DIVISÓRIA EM GRANITO CINZA ANDORINHA, ESP. 3CM, INCLUSIVE INSTALAÇÃO, FERRAGENS EM LATÃO CROMADO E ACESSÓRIOS","ED-48533","SETOP","m2",8.0400000000000009,655.72,"BDI 1",829.61,5271.98,6670.06]
["7","3","","7.3.1","INSTALAÇÃO DE VIDRO LAMINADO, E = 8 MM (4+4), ENCAIXADO EM PERFIL U. AF_01/2021_PS",102176,"SINAPI","M2",17.05,703.34,"BDI 1",889.86,11991.94,15172.11]
["7","4","","7.4.1","CHAPIM (RUFO CAPA) EM AÇO GALVANIZADO, CORTE 33. AF_11/2020",101979,"SINAPI","M",95,42.76,"BDI 1",54.09,4062.2,5138.55]
["7","5","","7.5.1","CORRIMÃO DUPLO EM TUBO DE AÇO INOX D = 1 1/2\" FIXADO EM PISO","ALV-001","CPU","M",5.52,430.38,"BDI 1",544.51,2375.69,3005.7]
["7","5","","7.5.2","CORRIMÃO DUPLO EM TUBO DE AÇO INOX D = 1 1/2\"   FIXADO EM ALVENARIA","ED-50943","SETOP","m",6,435.86,"BDI 1",551.45000000000005,2615.16,3308.7]
["7","5","","7.5.3","INSTALAÇÃO DE CONCERTINA SIMPLES, ESPIRAL DE 300 MM. AF_03/2024",105126,"SINAPI","M",95,30.02,"BDI 1",37.979999999999997,2851.9,3608.1]
["8","1","","8.1.1","KIT DE PORTA DE MADEIRA PARA PINTURA, SEMI-OCA (LEVE OU MÉDIA), PADRÃO MÉDIO, 80X210CM, ESPESSURA DE 3,5CM, ITENS INCLUSOS: DOBRADIÇAS, MONTAGEM E INSTALAÇÃO DO BATENTE, FECHADURA COM EXECUÇÃO DO FURO - FORNECIMENTO E INSTALAÇÃO. AF_12/2019",90843,"SINAPI","UN",5,1014.9,"BDI 1",1284.05,5074.5,6420.25]
["8","1","","8.1.2","KIT DE PORTA DE MADEIRA PARA PINTURA, SEMI-OCA (LEVE OU MÉDIA), PADRÃO MÉDIO, 90X210CM, ESPESSURA DE 3,5CM, ITENS INCLUSOS: DOBRADIÇAS, MONTAGEM E INSTALAÇÃO DO BATENTE, FECHADURA COM EXECUÇÃO DO FURO - FORNECIMENTO E INSTALAÇÃO. AF_12/2019",90844,"SINAPI","UN",25,1090.18,"BDI 1",1379.29,27254.5,34482.25]
["8","2","","8.2.1","PORTA DE ALUMÍNIO DE ABRIR COM LAMBRI, FIXAÇÃO COM PARAFUSOS - FORNECIMENTO E INSTALAÇÃO. ","ARQ-001","CPU","M2    ",7.6,651.58000000000004,"BDI 1",824.37,4952,6265.21]
["8","2","","8.2.2","PORTÃO EM TUBO DE AÇO GALVANIZADO COM COSTURA, DIÂMETRO DE 1.1/2\" (38,1MM), ESP. 2MM, COM TELA QUADRICULADA ONDULADA, TRAMA DE 1/2\" (12,70MM), FIO 12 (2,77MM), EXCLUSIVE CADEADO E PINTURA","ED-50986","SETOP","m2",4.2,539.83000000000004,"BDI 1",682.99,2267.2800000000002,2868.56]
["8","2","","8.2.3","PORTÃO PARA GRADIL, TIPO CORRER - FORNECIMENTO E INSTALAÇÃO","ARQ-002","CPU","M2",3.9000000000000004,310.02,"BDI 1",392.23,1209.07,1529.7]
["8","2","","8.2.4","ALÇAPÃO (80X80)CM COM QUADRO DE CANTONEIRA METÁLICA 1\"X 1/8\", TAMPA EM CANTONEIRA 7/8\"X 1/8\" E CHAPA METÁLICA Nº18 VINCADA, INCLUSIVE FERROLHO, CADEADO E PINTURA ANTICORROSIVA","ED-50924","SETOP","un",1,442,"BDI 1",559.21,442,559.21]
["8","3","","8.3.1","PORTAS VAI E VEM EM ABS, 150 X 210 CM, COM VISOR - FORNECIMENTO E INSTALAÇÃO","COT-ARQ-001","COTAÇÃO","UN ",1,4631.25,"BDI 1",5859.45,4631.25,5859.45]
["8","4","","8.4.1","PORTA EM ALUMÍNIO COMPLETA, DIMENSÃO (2,20 X 2,10 M), COM DUAS FOLHAS MÓVEIS, LINHA 25/SUPREMA, ACABAMENTO ANODIZADO PRETO, INCLUSIVE PERFIS, VIDRO FUME LAMINADO 6MM, FERRAGENS E INSTALAÇÃO","ARQ-003","CPU","UN ",1,4388.78,"BDI 1",5552.68,4388.78,5552.68]
["8","4","","8.4.2","PORTA PIVOTANTE DE VIDRO JATEADO, 2 FOLHAS DE 70X210 CM, ESPESSURA DE 6MM, INCLUSIVE ACESSÓRIOS.","ARQ-004","CPU","UN ",1,1347.96,"BDI 1",1705.43,1347.96,1705.43]
["8","5","","8.5.1","JANELA ESQUADRIA MAXIM-AR 0,40 X 1,00 M - PINTURA PRETA E VIDRO TEMPERADO FUME 6MM","COT-ARQ-002","COTAÇÃO","UN ",1,545.88,"BDI 1",690.64,545.88,690.64]
["8","5","","8.5.2","JANELA ESQUADRIA MAXIM-AR 0,70 X 0,70 M - PINTURA PRETA E VIDRO TEMPERADO FUME 6MM","COT-ARQ-003","COTAÇÃO","UN ",12,583,"BDI 1",737.61,6996,8851.32]
["8","5","","8.5.3","JANELA ESQUADRIA MAXIM-AR 0,70 X 0,90 M - PINTURA PRETA E VIDRO TEMPERADO FUME 6MM","COT-ARQ-004","COTAÇÃO","UN ",4,1468,"BDI 1",1857.31,5872,7429.24]
["8","5","","8.5.4","JANELA ESQUADRIA TIPO GUILHOTINA 1,00 X 1,00 M - PINTURA PRETA E VIDRO TEMPERADO FUME 6MM","COT-ARQ-005","COTAÇÃO","UN ",1,1074,"BDI 1",1358.82,1074,1358.82]
["8","5","","8.5.5","JANELA ESQUADRIA MAXIM-AR 1,60 X 0,60 M - PINTURA PRETA E VIDRO TEMPERADO FUME 6MM","COT-ARQ-006","COTAÇÃO","UN ",2,1015.06,"BDI 1",1284.25,2030.12,2568.5]
["8","5","","8.5.6","JANELA ESQUADRIA MAXIM-AR 1,60 X 0,70 M - PINTURA PRETA E VIDRO TEMPERADO FUME 6MM","COT-ARQ-007","COTAÇÃO","UN ",2,1092.47,"BDI 1",1382.19,2184.94,2764.38]
["8","5","","8.5.7","JANELA ESQUADRIA MAXIM-AR 2,00 X 1,00 M - PINTURA PRETA E VIDRO TEMPERADO FUME 6MM","COT-ARQ-008","COTAÇÃO","UN ",11,1725.76,"BDI 1",2183.4299999999998,18983.36,24017.73]
["8","5","","8.5.8","JANELA ESQUADRIA MAXIM-AR 2,20 X 1,20 M - PINTURA PRETA E VIDRO TEMPERADO FUME 6MM","COT-ARQ-009","COTAÇÃO","UN ",2,2143.59,"BDI 1",2712.07,4287.18,5424.14]
["8","5","","8.5.9","JANELA ESQUADRIA MAXIM-AR 2,50 X 1,00 M - PINTURA PRETA E VIDRO TEMPERADO FUME 6MM","COT-ARQ-010","COTAÇÃO","UN ",4,2243,"BDI 1",2837.84,8972,11351.36]
["8","5","","8.5.9","ASSENTAMENTO DE ESQUADRIA DE ALUMÍNIO, INCLUSIVE FIXAÇÃO DO CONTRAMARCO, EXCLUSIVE FORNECIMENTO DA ESQUADRIA","ED-29455","SETOP","m²",51.24,76.930000000000007,"BDI 1",97.33,3941.89,4987.1899999999996]
["8","6","","8.6.1","VERGA MOLDADA IN LOCO COM UTILIZAÇÃO DE BLOCOS CANALETA, ESPESSURA DE *15* CM. AF_03/2024",105025,"SINAPI","M",161.4,57.81,"BDI 1",73.14,9330.5300000000007,11804.8]
["8","6","","8.6.2","CONTRAVERGA MOLDADA IN LOCO COM UTILIZAÇÃO DE BLOCOS CANALETA, ESPESSURA DE *15* CM. AF_03/2024",105031,"SINAPI","M",92.8,46.71,"BDI 1",59.09,4334.68,5483.55]
["8","7","","8.7.1","PINTURA ESMALTE BASE SOLVENTE EM ESTRUTURA METÁLICA, DUAS (2) DEMÃOS, INCLUSIVE UMA (1) DEMÃO FUNDO ANTICORROSIVO","ED-50497","SETOP","m2",22.96,37.299999999999997,"BDI 1",47.19,856.4,1083.48]
["8","7","","8.7.2","PINTURA ESMALTE BASE SOLVENTE EM ESQUADRIA DE MADEIRA, DUAS (2) DEMÃOS, INCLUSIVE UMA (1) DEMÃO DE FUNDO NIVELADOR, EXCLUSIVE MASSA A ÓLEO","ED-50493","SETOP","m2",111.3,29.84,"BDI 1",37.75,3321.19,4201.58]
["8","7","","8.7.3","PEITORIL DE GRANITO, NA COR CINZA ANDORINHA, COM PINGADEIRA, ESP. 3CM, ACABAMENTO POLIDO, ASSENTAMENTO COM ARGAMASSA INDUSTRIALIZADA, INCLUSIVE REJUNTAMENTO","ED-50998","SETOP","m2",13.017999999999999,382.12,"BDI 1",483.45,4974.43,6294.52]
["8","7","","8.7.4","LETREIRO - FORNECIMENTO E INSTALAÇÃO","COT-ARQ-011","COTAÇÃO","UN ",1,3900,"BDI 1",4934.28,3900,4934.28]
["9","","","9.1","FORNECIMENTO DE ESTRUTURA METÁLICA EM PERFIL LAMINADO, INCLUSIVE FABRICAÇÃO, TRANSPORTE, MONTAGEM E APLICAÇÃO DE FUNDO PREPARADOR ANTICORROSIVO EM SUPERFÍCIE METÁLICA, UMA (1) DEMÃO","ED-49664","SETOP","Kg",3615.7,22.38,"BDI 1",28.31,80919.360000000001,102360.47]
["9","","","9.2","COBERTURA EM TELHA METÁLICA GALVANIZADA TRAPEZOIDAL, TIPO SIMPLES, ESP. 0,50MM, ACABAMENTO NATURAL, INCLUSIVE ACESSÓRIOS PARA FIXAÇÃO, FORNECIMENTO E INSTALAÇÃO","ED-48428","SETOP","m2",318.35000000000002,92.03,"BDI 1",116.43,29297.75,37065.49]
["9","","","9.3","PINTURA ESMALTE BASE SOLVENTE EM ESTRUTURA METÁLICA, DUAS (2) DEMÃOS, INCLUSIVE UMA (1) DEMÃO FUNDO ANTICORROSIVO","ED-50497","SETOP","m2",461.8,37.299999999999997,"BDI 1",47.19,17225.14,21792.34]
["9","","","9.4","CUMEEIRA GALVANIZADA TRAPEZOIDAL, TIPO SIMPLES, ESP. 0,50MM, ACABAMENTO NATURAL, INCLUSIVE ACESSÓRIOS PARA FIXAÇÃO, FORNECIMENTO, INSTALAÇÃO E IÇAMENTO MANUAL VERTICAL","ED-48402","SETOP","m",14,72.13,"BDI 1",91.25,1009.82,1277.5]
["10","1","","10.1.1","CHAPISCO APLICADO EM ALVENARIAS E ESTRUTURAS DE CONCRETO INTERNAS, COM COLHER DE PEDREIRO.  ARGAMASSA TRAÇO 1:3 COM PREPARO EM BETONEIRA 400L. AF_10/2022",87879,"SINAPI","M2",1190.0799999999997,4.2300000000000004,"BDI 1",5.35,5034.03,6366.93]
["10","1","","10.1.2","MASSA ÚNICA, EM ARGAMASSA TRAÇO 1:2:8, PREPARO MECÂNICO, APLICADA MANUALMENTE EM PAREDES INTERNAS DE AMBIENTES COM ÁREA ENTRE 5M² E 10M², E = 17,5MM, COM TALISCAS. AF_03/2024",87529,"SINAPI","M2",1190.0799999999997,34.78,"BDI 1",44,41390.980000000003,52363.51999999999]
["10","1","","10.1.3","IMPERMEABILIZAÇÃO DE SUPERFÍCIE COM ARGAMASSA DE CIMENTO E AREIA, COM ADITIVO IMPERMEABILIZANTE, E = 1,5CM. AF_09/2023",98562,"SINAPI","M2",175.17000000000002,46.13,"BDI 1",58.36,8080.59,10222.92]
["10","1","","10.1.4","EMASSAMENTO EM PAREDE COM MASSA CORRIDA (PVA), DUAS (2) DEMÃOS, INCLUSIVE LIXAMENTO PARA PINTURA","ED-50478","SETOP","m2",888.44999999999993,17.37,"BDI 1",21.97,15432.37,19519.25]
["10","1","","10.1.5","REVESTIMENTO COM CERÂMICA APLICADO EM PAREDE, ACABAMENTO ESMALTADO, AMBIENTE INTERNO/EXTERNO, PADRÃO EXTRA, DIMENSÃO DA PEÇA ATÉ 2025 CM2, PEI III, ASSENTAMENTO COM ARGAMASSA INDUSTRIALIZADA, INCLUSIVE REJUNTAMENTO","ED-9081","SETOP","m2",296.48000000000013,65.09,"BDI 1",82.35,19297.88,24415.13]
["10","1","","10.1.5","REVESTIMENTO CERÂMICO PARA PAREDES EXTERNAS EM PASTILHAS DE PORCELANA 5 X 5 CM (PLACAS DE 30 X 30 CM), ALINHADAS A PRUMO. AF_02/2023",87244,"SINAPI","M2",5.15,252.58,"BDI 1",319.56,1300.78,1645.73]
["10","1","","10.1.6","APLICAÇÃO MANUAL DE GESSO DESEMPENADO (SEM TALISCAS) EM TETO DE AMBIENTES DE ÁREA ENTRE 5M² E 10M², ESPESSURA DE 1,0CM. AF_03/2023",87415,"SINAPI","M2",17.12,33.21,"BDI 1",42.01,568.54999999999995,719.21]
["10","1","","10.1.7","FORRO EM PLACAS DE GESSO, PARA AMBIENTES COMERCIAIS. AF_08/2023_PS",96113,"SINAPI","M2",332.1,43.98,"BDI 1",55.64,14605.75,18478.04]
["10","2","","10.2.1","CHAPISCO APLICADO EM ALVENARIA (COM PRESENÇA DE VÃOS) E ESTRUTURAS DE CONCRETO DE FACHADA, COM COLHER DE PEDREIRO.  ARGAMASSA TRAÇO 1:3 COM PREPARO EM BETONEIRA 400L. AF_10/2022",87905,"SINAPI","M2",218.29000000000002,7.46,"BDI 1",9.43,1628.44,2058.4699999999998]
["10","2","","10.2.2","CHAPISCO APLICADO EM ALVENARIA (SEM PRESENÇA DE VÃOS) E ESTRUTURAS DE CONCRETO DE FACHADA, COM COLHER DE PEDREIRO.  ARGAMASSA TRAÇO 1:3 COM PREPARO EM BETONEIRA 400L. AF_10/2022",87894,"SINAPI","M2",1201.4599999999998,6.43,"BDI 1",8.1300000000000008,7725.38,9767.8700000000008]
["10","2","","10.2.3","EMBOÇO OU MASSA ÚNICA EM ARGAMASSA TRAÇO 1:2:8, PREPARO MECÂNICO COM BETONEIRA 400 L, APLICADA MANUALMENTE EM PANOS DE FACHADA COM PRESENÇA DE VÃOS, ESPESSURA DE 35 MM. AF_08/2022",87779,"SINAPI","M2",218.29000000000002,66.489999999999995,"BDI 1",84.12,14514.1,18362.55]
["10","2","","10.2.4","EMBOÇO OU MASSA ÚNICA EM ARGAMASSA TRAÇO 1:2:8, PREPARO MECÂNICO COM BETONEIRA 400 L, APLICADA MANUALMENTE EM PANOS CEGOS DE FACHADA (SEM PRESENÇA DE VÃOS), ESPESSURA DE 35 MM. AF_08/2022",87797,"SINAPI","M2",1201.4599999999998,53.35,"BDI 1",67.489999999999995,64097.89,81086.539999999994]
["10","2","","10.2.5","REVESTIMENTO COM CERÂMICA APLICADO EM PAREDE, ACABAMENTO ESMALTADO, AMBIENTE INTERNO/EXTERNO, PADRÃO EXTRA, DIMENSÃO DA PEÇA ATÉ 2025 CM2, PEI III, ASSENTAMENTO COM ARGAMASSA INDUSTRIALIZADA, INCLUSIVE REJUNTAMENTO","ED-9081","SETOP","m2",26.57,65.09,"BDI 1",82.35,1729.44,2188.04]
["10","2","","10.2.6","REVESTIMENTO CERÂMICO PARA PAREDES EXTERNAS EM PASTILHAS DE PORCELANA 5 X 5 CM (PLACAS DE 30 X 30 CM), ALINHADAS A PRUMO. AF_02/2023",87244,"SINAPI","M2",49.55,252.58,"BDI 1",319.56,12515.33,15834.2]
["10","2","","10.2.7","APLICAÇÃO MANUAL DE MASSA ACRÍLICA EM PAREDES EXTERNAS DE CASAS, UMA DEMÃO. AF_03/2024",96130,"SINAPI","M2",1343.6299999999999,17.87,"BDI 1",22.6,24010.66,30366.04]
["10","2","","10.2.8","IMPERMEABILIZAÇÃO DE SUPERFÍCIE COM ARGAMASSA DE CIMENTO E AREIA, COM ADITIVO IMPERMEABILIZANTE, E = 1,5CM. AF_09/2023",98562,"SINAPI","M2",630.81000000000006,46.13,"BDI 1",58.36,29099.26,36814.07]
["10","2","","10.2.9","CAMADA DE REGULARIZAÇÃO COM ARGAMASSA, TRAÇO 1:3 (CIMENTO E AREIA), ESP. 20MM, APLICAÇÃO MANUAL, INCLUSIVE ARGAMASSA COM PREPARO MECANIZADO","ED-13287","SETOP","m2",71.7,35.06,"BDI 1",44.35,2513.8000000000002,3179.9]
["10","2","","10.2.10","IMPERMEABILIZAÇÃO DE SUPERFÍCIE COM MANTA ASFÁLTICA, UMA CAMADA, INCLUSIVE APLICAÇÃO DE PRIMER ASFÁLTICO, E=4MM. AF_09/2023",98546,"SINAPI","M2",71.7,108.89,"BDI 1",137.76,7807.41,9877.39]
["10","2","","10.2.11","APLICAÇÃO MANUAL DE GESSO DESEMPENADO (SEM TALISCAS) EM TETO DE AMBIENTES DE ÁREA MAIOR QUE 10M², ESPESSURA DE 1,0CM. AF_03/2023",87414,"SINAPI","M2",54.82,25.65,"BDI 1",32.450000000000003,1406.13,1778.91]
["11","1","","11.1.1","LASTRO COM MATERIAL GRANULAR, APLICADO EM PISOS OU LAJES SOBRE SOLO, ESPESSURA DE *5 CM*. AF_01/2024",96622,"SINAPI","M3",4.5685000000000002,240.88,"BDI 1",304.76,1100.46,1392.75]
["11","1","","11.1.2","COMPACTAÇÃO MECÂNICA DE SOLO PARA EXECUÇÃO DE RADIER, PISO DE CONCRETO OU LAJE SOBRE SOLO, COM COMPACTADOR DE SOLOS TIPO PLACA VIBRATÓRIA. AF_09/2021",97084,"SINAPI","M2",91.37,0.61,"BDI 1",0.77,55.73,70.349999999999994]
["11","1","","11.1.3","EXECUÇÃO DE PASSEIO (CALÇADA) OU PISO DE CONCRETO COM CONCRETO MOLDADO IN LOCO, USINADO, ACABAMENTO CONVENCIONAL, ESPESSURA 8 CM, ARMADO. AF_08/2022",94995,"SINAPI","M2",91.37,100.55,"BDI 1",127.21,9187.25,11623.18]
["11","1","","11.1.4","CONTRAPISO EM ARGAMASSA TRAÇO 1:4 (CIMENTO E AREIA), PREPARO MECÂNICO COM BETONEIRA 400 L, APLICADO EM ÁREAS SECAS SOBRE LAJE, ADERIDO, ACABAMENTO NÃO REFORÇADO, ESPESSURA 3CM. AF_07/2021",87630,"SINAPI","M2",282.68,39.619999999999997,"BDI 1",50.12,11199.78,14167.92]
["11","1","","11.1.5","CONTRAPISO EM ARGAMASSA TRAÇO 1:4 (CIMENTO E AREIA), PREPARO MECÂNICO COM BETONEIRA 400 L, APLICADO EM ÁREAS MOLHADAS SOBRE LAJE, ADERIDO, ACABAMENTO NÃO REFORÇADO, ESPESSURA 3CM. AF_07/2021",87745,"SINAPI","M2",64.510000000000005,50.55,"BDI 1",63.95,3260.98,4125.41]
["11","1","","11.1.6","IMPERMEABILIZAÇÃO DE SUPERFÍCIE COM ARGAMASSA DE CIMENTO E AREIA, COM ADITIVO IMPERMEABILIZANTE, E = 1,5CM. AF_09/2023",98562,"SINAPI","M2",64.510000000000005,46.13,"BDI 1",58.36,2975.84,3764.8]
["11","1","","11.1.7","REVESTIMENTO COM PORCELANATO APLICADO EM PISO, ACABAMENTO POLÍDO, AMBIENTE INTERNO, PADRÃO EXTRA, BORDA RETIFICADA, DIMENSÃO DA PEÇA (60X60)CM, ASSENTAMENTO COM ARGAMASSA INDUSTRIALIZADA, INCLUSIVE REJUNTAMENTO","ED-50754","SETOP","m2",347.19,95.83,"BDI 1",121.24,33271.21,42093.32]
["11","1","","11.1.8","RODAPÉ COM REVESTIMENTO EM PORCELANATO 60X60 COM BORDA RETIFICADA E ACABAMENTO POLIDO, ALTURA 10 CM.","ARQ-007","CPU","M",337.1,21.68,"BDI 1",27.42,7308.32,9243.2800000000007]
["11","1","","11.1.9","SOLEIRA DE GRANITO, NA COR CINZA ANDORINHA, ESP. 3CM, ACABAMENTO POLIDO, ASSENTAMENTO COM ARGAMASSA INDUSTRIALIZADA, INCLUSIVE REJUNTAMENTO","ED-51003","SETOP","m2",7.87,342.3,"BDI 1",433.07,2693.9,3408.26]
["11","2","","11.2.1","LASTRO COM MATERIAL GRANULAR, APLICADO EM PISOS OU LAJES SOBRE SOLO, ESPESSURA DE *5 CM*. AF_01/2024",96622,"SINAPI","M3",1.9300000000000002,240.88,"BDI 1",304.76,464.89,588.19000000000005]
["11","2","","11.2.2","COMPACTAÇÃO MECÂNICA DE SOLO PARA EXECUÇÃO DE RADIER, PISO DE CONCRETO OU LAJE SOBRE SOLO, COM COMPACTADOR DE SOLOS TIPO PLACA VIBRATÓRIA. AF_09/2021",97084,"SINAPI","M2",38.6,0.61,"BDI 1",0.77,23.54,29.72]
["11","2","","11.2.3","EXECUÇÃO DE PASSEIO (CALÇADA) OU PISO DE CONCRETO COM CONCRETO MOLDADO IN LOCO, USINADO, ACABAMENTO CONVENCIONAL, ESPESSURA 8 CM, ARMADO. AF_08/2022",94995,"SINAPI","M2",38.6,100.55,"BDI 1",127.21,3881.23,4910.3100000000004]
["11","2","","11.2.4","PISO EM CONCRETO, USINADO CONVENCIONAL, ACABAMENTO POLIDO EM NÍVEL ZERO, ESP. 5CM, INCLUSIVE FORNECIMENTO, LANÇAMENTO, ADENSAMENTO ","ARQ-008","CPU","M2",232.89999999999998,100.78,"BDI 1",127.5,23471.66,29694.75]
["11","2","","11.2.5","PISO CIMENTADO, TRAÇO 1:3 (CIMENTO E AREIA), ACABAMENTO LISO, ESPESSURA 3,0 CM, PREPARO MECÂNICO DA ARGAMASSA. AF_09/2020",98680,"SINAPI","M2",68.180000000000007,48.83,"BDI 1",61.77,3329.22,4211.4799999999996]
["11","2","","11.2.6","GRAMA AMENDOIM - ARACHIS REPENS","21.30.08","SUDECAP","M2",4.76,50.28,"BDI 1",63.61,239.33,302.77999999999997]
["12","","","12.1","FUNDO SELADOR ACRÍLICO, APLICAÇÃO MANUAL EM PAREDE, UMA DEMÃO. AF_04/2023",88485,"SINAPI","M2",888.44999999999993,4.13,"BDI 1",5.22,3669.29,4637.71]
["12","","","12.2","PINTURA EPÓXI EM PAREDE, DUAS (2) DEMÃOS, EXCLUSIVE SELADOR ACRÍLICO E MASSA ACRÍLICA/CORRIDA (PVA)","ED-9917","SETOP","m2",888.44999999999993,24.36,"BDI 1",30.82,21642.639999999999,27382.03]
["12","","","12.3","APLICAÇÃO MANUAL DE FUNDO SELADOR ACRÍLICO EM PAREDES EXTERNAS DE CASAS. AF_03/2024",88415,"SINAPI","M2",1343.6299999999999,5.1100000000000003,"BDI 1",6.46,6865.94,8679.85]
["12","","","12.4","APLICAÇÃO MANUAL DE TINTA LÁTEX ACRÍLICA EM PAREDE EXTERNAS DE CASAS, DUAS DEMÃOS. AF_03/2024",95626,"SINAPI","M2",1343.6299999999999,15,"BDI 1",18.97,20154.45,25488.66]
["12","","","12.5","FUNDO SELADOR ACRÍLICO, APLICAÇÃO MANUAL EM TETO, UMA DEMÃO. AF_04/2023",88484,"SINAPI","M2",404.04,4.99,"BDI 1",6.31,2016.15,2549.4899999999998]
["12","","","12.6","PINTURA LÁTEX ACRÍLICA PREMIUM, APLICAÇÃO MANUAL EM TETO, DUAS DEMÃOS. AF_04/2023",88488,"SINAPI","M2",404.04,14.64,"BDI 1",18.52,5915.14,7482.82]
["13","1","","13.1.1","HIDRÔMETRO DN 3/4\", 5,0 M3/H - FORNECIMENTO E INSTALAÇÃO. AF_03/2024",95675,"SINAPI","UN",1,217.36,"BDI 1",275,217.36,275]
["13","1","","13.1.2","KIT CAVALETE PARA MEDIÇÃO DE ÁGUA - ENTRADA PRINCIPAL, EM AÇO GALVANIZADO DN 32 MM (1 1/4\") - FORNECIMENTO E INSTALAÇÃO (EXCLUSIVE HIDRÔMETRO). AF_03/2024",95637,"SINAPI","UN",1,532.71,"BDI 1",673.98,532.71,673.98]
["13","1","","13.1.3","REGISTRO DE GAVETA BRUTO, LATÃO, ROSCÁVEL, 3/4\", COM ACABAMENTO E CANOPLA CROMADOS - FORNECIMENTO E INSTALAÇÃO. AF_08/2021",89987,"SINAPI","UN",31,129.59,"BDI 1",163.95,4017.29,5082.45]
["13","1","","13.1.4","REGISTRO DE ESFERA, PVC, SOLDÁVEL, COM VOLANTE, DN  25 MM - FORNECIMENTO E INSTALAÇÃO. AF_08/2021",94489,"SINAPI","UN",2,20.239999999999998,"BDI 1",25.6,40.479999999999997,51.2]
["13","1","","13.1.5","REGISTRO DE ESFERA, PVC, SOLDÁVEL, COM VOLANTE, DN  32 MM - FORNECIMENTO E INSTALAÇÃO. AF_08/2021",94490,"SINAPI","UN",1,29.19,"BDI 1",36.93,29.19,36.93]
["13","1","","13.1.6","REGISTRO DE ESFERA, PVC, SOLDÁVEL, COM VOLANTE, DN  50 MM - FORNECIMENTO E INSTALAÇÃO. AF_08/2021",94492,"SINAPI","UN",2,41.15,"BDI 1",52.06,82.3,104.12]
["13","2","","13.2.1","ADAPTADOR COM FLANGE E ANEL DE VEDAÇÃO, PVC, SOLDÁVEL, DN  25 MM X 3/4\", INSTALADO EM RESERVAÇÃO PREDIAL DE ÁGUA - FORNECIMENTO E INSTALAÇÃO. AF_04/2024",94703,"SINAPI","UN",1,18.53,"BDI 1",23.44,18.53,23.44]
["13","2","","13.2.2","ADAPTADOR COM FLANGE E ANEL DE VEDAÇÃO, PVC, SOLDÁVEL, DN 32 MM X 1\", INSTALADO EM RESERVAÇÃO PREDIAL DE ÁGUA - FORNECIMENTO E INSTALAÇÃO. AF_04/2024",94704,"SINAPI","UN",2,25,"BDI 1",31.63,50,63.26]
["13","2","","13.2.3","ADAPTADOR COM FLANGE E ANEL DE VEDAÇÃO, PVC, SOLDÁVEL, DN 50 MM X 1 1/2\", INSTALADO EM RESERVAÇÃO PREDIAL DE ÁGUA - FORNECIMENTO E INSTALAÇÃO. AF_04/2024",94706,"SINAPI","UN",4,33.590000000000003,"BDI 1",42.49,134.36000000000001,169.96]
["13","2","","13.2.4","ADAPTADOR CURTO COM BOLSA E ROSCA PARA REGISTRO, PVC, SOLDÁVEL, DN  25 MM X 3/4\", INSTALADO EM RESERVAÇÃO PREDIAL DE ÁGUA - FORNECIMENTO E INSTALAÇÃO. AF_04/2024",94656,"SINAPI","UN",62,3.14,"BDI 1",3.97,194.68,246.14000000000001]
["13","2","","13.2.5","ADAPTADOR CURTO COM BOLSA E ROSCA PARA REGISTRO, PVC, SOLDÁVEL, DN 50 MM X 1 1/2\", INSTALADO EM RESERVAÇÃO PREDIAL DE ÁGUA - FORNECIMENTO E INSTALAÇÃO. AF_04/2024",94662,"SINAPI","UN",1,9.9499999999999993,"BDI 1",12.58,9.9499999999999993,12.58]
["13","2","","13.2.6","BUCHA DE REDUÇÃO, LONGA, PVC, SOLDÁVEL, DN 50 X 25 MM, INSTALADO EM RAMAL DE DISTRIBUIÇÃO DE ÁGUA - FORNECIMENTO E INSTALAÇÃO. AF_06/2022",103999,"SINAPI","UN",34,11.46,"BDI 1",14.49,389.64,492.66]
["13","2","","13.2.7","JOELHO PVC, SOLDÁVEL, 45 GRAUS, DN 25 MM, INSTALADO EM RESERVAÇÃO PREDIAL DE ÁGUA - FORNECIMENTO E INSTALAÇÃO. AF_04/2024",105170,"SINAPI","UN",80,5.0199999999999996,"BDI 1",6.35,401.6,508]
["13","2","","13.2.8","JOELHO 45 GRAUS, PVC, SOLDÁVEL, DN 32MM, INSTALADO EM RAMAL OU SUB-RAMAL DE ÁGUA - FORNECIMENTO E INSTALAÇÃO. AF_06/2022",89368,"SINAPI","UN",1,13.58,"BDI 1",17.18,13.58,17.18]
["13","2","","13.2.9","JOELHO PVC, SOLDÁVEL, 45 GRAUS, DN 50 MM, INSTALADO EM RESERVAÇÃO PREDIAL DE ÁGUA - FORNECIMENTO E INSTALAÇÃO. AF_04/2024",105181,"SINAPI","UN",10,16.170000000000002,"BDI 1",20.45,161.69999999999999,204.5]
["13","2","","13.2.10","JOELHO 90 GRAUS, PVC, SOLDÁVEL, DN 25MM, INSTALADO EM RAMAL OU SUB-RAMAL DE ÁGUA - FORNECIMENTO E INSTALAÇÃO. AF_06/2022",89362,"SINAPI","UN",67,8.5500000000000007,"BDI 1",10.81,572.85,724.27]
["13","2","","13.2.11","JOELHO 90 GRAUS, PVC, SOLDÁVEL, DN 32 MM INSTALADO EM RESERVAÇÃO PREDIAL DE ÁGUA - FORNECIMENTO E INSTALAÇÃO. AF_04/2024",94674,"SINAPI","UN",3,7.07,"BDI 1",8.94,21.21,26.82]
["13","2","","13.2.12","JOELHO 90 GRAUS, PVC, SOLDÁVEL, DN 50 MM INSTALADO EM RESERVAÇÃO PREDIAL DE ÁGUA - FORNECIMENTO E INSTALAÇÃO. AF_04/2024",94678,"SINAPI","UN",40,13.72,"BDI 1",17.350000000000001,548.79999999999995,694]
["13","2","","13.2.13","LUVA PVC, SOLDÁVEL, DN  25 MM, INSTALADO EM RESERVAÇÃO PREDIAL DE ÁGUA - FORNECIMENTO E INSTALAÇÃO. AF_04/2024",94657,"SINAPI","UN",39,3.5,"BDI 1",4.42,136.5,172.38]
["13","2","","13.2.14","LUVA, PVC, SOLDÁVEL, DN 32MM, INSTALADO EM PRUMADA DE ÁGUA - FORNECIMENTO E INSTALAÇÃO. AF_06/2022",89541,"SINAPI","UN",1,5.88,"BDI 1",7.43,5.88,7.43]
["13","2","","13.2.15","LUVA, PVC, SOLDÁVEL, DN 50MM, INSTALADO EM PRUMADA DE ÁGUA - FORNECIMENTO E INSTALAÇÃO. AF_06/2022",89575,"SINAPI","UN",1,10.64,"BDI 1",13.46,10.64,13.46]
["13","2","","13.2.16","REGISTRO DE PRESSÃO BRUTO, LATÃO, ROSCÁVEL, 3/4\", COM ACABAMENTO E CANOPLA CROMADOS - FORNECIMENTO E INSTALAÇÃO. AF_08/2021",89985,"SINAPI","UN",3,122.79,"BDI 1",155.35,368.37,466.04999999999995]
["13","2","","13.2.17","TORNEIRA DE BOIA PARA CAIXA D'ÁGUA, ROSCÁVEL, 3/4\" - FORNECIMENTO E INSTALAÇÃO. AF_08/2021",94796,"SINAPI","UN",1,36.99,"BDI 1",46.79,36.99,46.79]
["13","2","","13.2.18","TUBO, PVC, SOLDÁVEL, DE 25MM, INSTALADO EM RAMAL OU SUB-RAMAL DE ÁGUA - FORNECIMENTO E INSTALAÇÃO. AF_06/2022",89356,"SINAPI","M",191.41,21.46,"BDI 1",27.15,4107.6499999999996,5196.78]
["13","2","","13.2.19","TUBO, PVC, SOLDÁVEL, DE 32MM, INSTALADO EM RESERVAÇÃO PREDIAL DE ÁGUA - FORNECIMENTO E INSTALAÇÃO. AF_04/2024",94649,"SINAPI","M",6.77,11.93,"BDI 1",15.09,80.760000000000005,102.16]
["13","2","","13.2.20","TUBO, PVC, SOLDÁVEL, DE 50MM, INSTALADO EM RESERVAÇÃO PREDIAL DE ÁGUA - FORNECIMENTO E INSTALAÇÃO. AF_04/2024",94651,"SINAPI","M",124.35,20.95,"BDI 1",26.5,2605.13,3295.27]
["13","2","","13.2.21","TÊ, PVC, SOLDÁVEL, DN  25 MM INSTALADO EM RESERVAÇÃO PREDIAL DE ÁGUA - FORNECIMENTO E INSTALAÇÃO. AF_04/2024",94688,"SINAPI","UN",20,6.09,"BDI 1",7.7,121.8,154]
["13","2","","13.2.22","TÊ, PVC, SOLDÁVEL, DN 32 MM INSTALADO EM RESERVAÇÃO PREDIAL DE ÁGUA - FORNECIMENTO E INSTALAÇÃO. AF_04/2024",94690,"SINAPI","UN",1,10.210000000000001,"BDI 1",12.91,10.210000000000001,12.91]
["13","2","","13.2.23","TÊ, PVC, SOLDÁVEL, DN 50 MM INSTALADO EM RESERVAÇÃO PREDIAL DE ÁGUA - FORNECIMENTO E INSTALAÇÃO. AF_04/2024",94694,"SINAPI","UN",35,21.66,"BDI 1",27.4,758.1,959]
["13","2","","13.2.24","TE DE REDUÇÃO, PVC, SOLDÁVEL, 90 GRAUS, DN 50 MM X 25 MM, INSTALADO EM RESERVAÇÃO PREDIAL DE ÁGUA - FORNECIMENTO E INSTALAÇÃO. AF_04/2024",105189,"SINAPI","UN",4,19.77,"BDI 1",25.01,79.08,100.04]
["13","3","","13.3.1","LUVA SOLDÁVEL E COM ROSCA, PVC, SOLDÁVEL, DN 25MM X 3/4 , INSTALADO EM RAMAL OU SUB-RAMAL DE ÁGUA - FORNECIMENTO E INSTALAÇÃO. AF_06/2022",89385,"SINAPI","UN",2,6.61,"BDI 1",8.36,13.22,16.72]
["13","4","","13.4.1","JOELHO 90 GRAUS COM BUCHA DE LATÃO, PVC, SOLDÁVEL, DN 25MM, X 3/4  INSTALADO EM RAMAL OU SUB-RAMAL DE ÁGUA - FORNECIMENTO E INSTALAÇÃO. AF_06/2022",89366,"SINAPI","UN",22,15.16,"BDI 1",19.18,333.52,421.96]
["13","4","","13.4.2","JOELHO 90 GRAUS COM BUCHA DE LATÃO, PVC, SOLDÁVEL, DN 25MM, X 1/2  INSTALADO EM RAMAL OU SUB-RAMAL DE ÁGUA - FORNECIMENTO E INSTALAÇÃO. AF_06/2022",90373,"SINAPI","UN",34,12.02,"BDI 1",15.2,408.68,516.79999999999995]
["13","5","","13.5.1","CAIXA D´ÁGUA EM POLIETILENO, 3000 LITROS - FORNECIMENTO E INSTALAÇÃO. AF_06/2021",102610,"SINAPI","UN",1,2183.4,"BDI 1",2762.43,2183.4,2762.43]
["13","6","","13.6.1","RASGO LINEAR MANUAL EM ALVENARIA, PARA RAMAIS/ DISTRIBUIÇÃO DE INSTALAÇÕES HIDRÁULICAS, DIÂMETROS MENORES OU IGUAIS A 40 MM. AF_09/2023",90443,"SINAPI","M",134.41,7.07,"BDI 1",8.94,950.27,1201.6300000000001]
["13","6","","13.6.2","CHUMBAMENTO LINEAR EM ALVENARIA PARA RAMAIS/DISTRIBUIÇÃO DE INSTALAÇÕES HIDRÁULICAS COM DIÂMETROS MENORES OU IGUAIS A 40 MM. AF_09/2023",90466,"SINAPI","M",134.41,14,"BDI 1",17.71,1881.74,2380.4]
["13","7","","13.7.1","ESCAVAÇÃO MANUAL DE VALA. AF_09/2024",93358,"SINAPI","M3",2.2799999999999998,74.17,"BDI 1",93.83,169.1,213.93]
["13","7","","13.7.2","REATERRO MANUAL DE VALAS, COM PLACA VIBRATÓRIA. AF_08/2023",104737,"SINAPI","M3",2.2799999999999998,19.149999999999999,"BDI 1",24.22,43.66,55.22]
["14","1","","14.1.1","CAIXA DE GORDURA SIMPLES (CGS), CIRCULAR, EM CONCRETO PRÉ-MOLDADO, CAPACIDADE DE 31L, INCLUSIVE ESCAVAÇÃO, REATERRO, TRANSPORTE E RETIRADA DO MATERIAL ESCAVADO (EM CAÇAMBA)","ED-49939","SETOP","un",1,165.87,"BDI 1",209.85,165.87,209.85]
["14","1","","14.1.2","CAIXA DE INSPEÇÃO DE POLIETILENO , Ø 100 MM","ED-49950","SETOP","un",3,334.92,"BDI 1",423.74,1004.76,1271.22]
["14","1","","14.1.3","CAIXA DE ESGOTO DE INSPEÇÃO/PASSAGEM EM ALVENARIA (60X60X100CM), REVESTIMENTO EM ARGAMASSA COM ADITIVO IMPERMEABILIZANTE, COM TAMPA DE CONCRETO, INCLUSIVE ESCAVAÇÃO, REATERRO E TRANSPORTE COM RETIRADA DO MATERIAL ESCAVADO (EM CAÇAMBA)","ED-49889","SETOP","un",2,758.63,"BDI 1",959.81,1517.26,1919.62]
["14","2","","14.2.1","CAIXA SIFONADA, PVC, DN 100 X 100 X 50 MM, FORNECIDA E INSTALADA EM RAMAIS DE ENCAMINHAMENTO DE ÁGUA PLUVIAL. AF_06/2022",89482,"SINAPI","UN",4,34.96,"BDI 1",44.23,139.84,176.92]
["14","2","","14.2.2","CAIXA SIFONADA, COM GRELHA QUADRADA, PVC, DN 150 X 150 X 50 MM, JUNTA SOLDÁVEL, FORNECIDA E INSTALADA EM RAMAL DE DESCARGA OU EM RAMAL DE ESGOTO SANITÁRIO. AF_08/2022",104328,"SINAPI","UN",9,61.95,"BDI 1",78.37,557.54999999999995,705.33]
["14","2","","14.2.3","CAIXA SIFONADA EM PVC COM TAMPA CEGA 150 X 150 X 50 MM","ED-50014","SETOP","un",13,71.88,"BDI 1",90.94,934.44,1182.22]
["14","3","","14.3.1","CURVA CURTA 90 GRAUS, PVC, SERIE NORMAL, ESGOTO PREDIAL, DN 40 MM, JUNTA SOLDÁVEL, FORNECIDO E INSTALADO EM RAMAL DE DESCARGA OU RAMAL DE ESGOTO SANITÁRIO. AF_08/2022",89728,"SINAPI","UN",25,12.35,"BDI 1",15.62,308.75,390.5]
["14","3","","14.3.2","JOELHO 45 GRAUS, PVC, SERIE NORMAL, ESGOTO PREDIAL, DN 100 MM, JUNTA ELÁSTICA, FORNECIDO E INSTALADO EM RAMAL DE DESCARGA OU RAMAL DE ESGOTO SANITÁRIO. AF_08/2022",89746,"SINAPI","UN",15,26.49,"BDI 1",33.51,397.35,502.65]
["14","3","","14.3.3","JOELHO 45 GRAUS, PVC, SERIE NORMAL, ESGOTO PREDIAL, DN 40 MM, JUNTA SOLDÁVEL, FORNECIDO E INSTALADO EM RAMAL DE DESCARGA OU RAMAL DE ESGOTO SANITÁRIO. AF_08/2022",89726,"SINAPI","UN",3,9.66,"BDI 1",12.22,28.98,36.660000000000004]
["14","3","","14.3.4","JOELHO 45 GRAUS, PVC, SERIE NORMAL, ESGOTO PREDIAL, DN 50 MM, JUNTA ELÁSTICA, FORNECIDO E INSTALADO EM RAMAL DE DESCARGA OU RAMAL DE ESGOTO SANITÁRIO. AF_08/2022",89732,"SINAPI","UN",23,14.49,"BDI 1",18.329999999999998,333.27,421.59]
["14","3","","14.3.5","JOELHO 90 GRAUS, PVC, SERIE NORMAL, ESGOTO PREDIAL, DN 100 MM, JUNTA ELÁSTICA, FORNECIDO E INSTALADO EM RAMAL DE DESCARGA OU RAMAL DE ESGOTO SANITÁRIO. AF_08/2022",89744,"SINAPI","UN",8,25.65,"BDI 1",32.450000000000003,205.2,259.60000000000002]
["14","3","","14.3.6","JOELHO 90 GRAUS, PVC, SERIE NORMAL, ESGOTO PREDIAL, DN 40 MM, JUNTA SOLDÁVEL, FORNECIDO E INSTALADO EM RAMAL DE DESCARGA OU RAMAL DE ESGOTO SANITÁRIO. AF_08/2022",89724,"SINAPI","UN",50,9.43,"BDI 1",11.93,471.5,596.5]
["14","3","","14.3.7","JOELHO 90 GRAUS, PVC, SERIE NORMAL, ESGOTO PREDIAL, DN 50 MM, JUNTA ELÁSTICA, FORNECIDO E INSTALADO EM RAMAL DE DESCARGA OU RAMAL DE ESGOTO SANITÁRIO. AF_08/2022",89731,"SINAPI","UN",43,13.76,"BDI 1",17.399999999999999,591.67999999999995,748.19999999999993]
["14","3","","14.3.8","JOELHO PVC, COM BOLSA E ANEL, 90 GRAUS, DN 40 X *38* MM, SERIE NORMAL, PARA ESGOTO PREDIAL - FORNECIMENTO E INSTALAÇÃO","SAN-001","CPU","UN",25,17.170000000000002,"BDI 1",21.72,429.25,543]
["14","3","","14.3.9","JUNÇÃO SIMPLES, PVC, SERIE NORMAL, ESGOTO PREDIAL, DN 100 X 50 MM, JUNTA ELÁSTICA, FORNECIDO E INSTALADO","SAN-002","CPU","UN",20,43.5,"BDI 1",55.03,870,1100.5999999999999]
["14","3","","14.3.10","JUNÇÃO SIMPLES, PVC, SERIE NORMAL, ESGOTO PREDIAL, DN 100 X 100 MM, JUNTA ELÁSTICA, FORNECIDO E INSTALADO EM PRUMADA DE ESGOTO SANITÁRIO OU VENTILAÇÃO. AF_08/2022",89834,"SINAPI","UN",6,50.07,"BDI 1",63.34,300.42,380.04]
["14","3","","14.3.11","JUNÇÃO SIMPLES, PVC, SERIE NORMAL, ESGOTO PREDIAL, DN 50 X 50 MM, JUNTA ELÁSTICA, FORNECIDO E INSTALADO EM PRUMADA DE ESGOTO SANITÁRIO OU VENTILAÇÃO. AF_08/2022",89827,"SINAPI","UN",5,18.739999999999998,"BDI 1",23.7,93.7,118.5]
["14","3","","14.3.12","REDUÇÃO EXCÊNTRICA, PVC, SERIE NORMAL, ESGOTO PREDIAL, DN 100 X 50 MM, JUNTA ELÁSTICA, FORNECIDO E INSTALADO","SAN-003","CPU","UN",4,17.43,"BDI 1",22.05,69.72,88.2]
["14","3","","14.3.13","TERMINAL DE VENTILAÇÃO, PVC, SÉRIE NORMAL, ESGOTO PREDIAL, DN 50 MM, JUNTA SOLDÁVEL, FORNECIDO E INSTALADO EM PRUMADA DE ESGOTO SANITÁRIO OU VENTILAÇÃO. AF_08/2022",104348,"SINAPI","UN",7,10.84,"BDI 1",13.71,75.88,95.97]
["14","3","","14.3.14","TUBO PVC, SERIE NORMAL, ESGOTO PREDIAL, DN 100 MM, FORNECIDO E INSTALADO EM RAMAL DE DESCARGA OU RAMAL DE ESGOTO SANITÁRIO. AF_08/2022",89714,"SINAPI","M",72.34,35.590000000000003,"BDI 1",45.02,2574.58,3256.75]
["14","3","","14.3.15","TUBO PVC, SERIE NORMAL, ESGOTO PREDIAL, DN 40 MM, FORNECIDO E INSTALADO EM RAMAL DE DESCARGA OU RAMAL DE ESGOTO SANITÁRIO. AF_08/2022",89711,"SINAPI","M",33.33,19.96,"BDI 1",25.25,665.26,841.58]
["14","3","","14.3.16","TUBO PVC, SERIE NORMAL, ESGOTO PREDIAL, DN 50 MM, FORNECIDO E INSTALADO EM RAMAL DE DESCARGA OU RAMAL DE ESGOTO SANITÁRIO. AF_08/2022",89712,"SINAPI","M",72.209999999999994,25.56,"BDI 1",32.33,1845.68,2334.5500000000002]
["14","3","","14.3.17","TE, PVC, SÉRIE NORMAL, ESGOTO PREDIAL, DN 100 X 50 MM, JUNTA ELÁSTICA, FORNECIDO E INSTALADO EM RAMAL DE DESCARGA OU RAMAL DE ESGOTO SANITÁRIO. AF_08/2022",104344,"SINAPI","UN",4,38.4,"BDI 1",48.58,153.6,194.32]
["14","3","","14.3.18","TE, PVC, SERIE NORMAL, ESGOTO PREDIAL, DN 50 X 50 MM, JUNTA ELÁSTICA, FORNECIDO E INSTALADO EM RAMAL DE DESCARGA OU RAMAL DE ESGOTO SANITÁRIO. AF_08/2022",89784,"SINAPI","UN",6,22.56,"BDI 1",28.54,135.36000000000001,171.24]
["14","4","","14.4.1","RASGO LINEAR MANUAL EM ALVENARIA, PARA RAMAIS/ DISTRIBUIÇÃO DE INSTALAÇÕES HIDRÁULICAS, DIÂMETROS MAIORES QUE 40 MM E MENORES OU IGUAIS A 75 MM. AF_09/2023",91222,"SINAPI","M",14.02,7.86,"BDI 1",9.94,110.19,139.36000000000001]
["14","4","","14.4.2","CHUMBAMENTO LINEAR EM ALVENARIA PARA RAMAIS/DISTRIBUIÇÃO DE INSTALAÇÕES HIDRÁULICAS COM DIÂMETROS MAIORES QUE 40 MM E MENORES OU IGUAIS A 75 MM. AF_09/2023",90467,"SINAPI","M",14.02,21.07,"BDI 1",26.65,295.39999999999998,373.63]
["14","4","","14.4.3","ABRAÇADEIRA PARA FIXAÇÃO DE TUBOS","SAN-004","CPU","UN",14,19.03,"BDI 1",24.07,266.42,336.98]
["14","5","","14.5.1","ESCAVAÇÃO MANUAL DE VALA. AF_09/2024",93358,"SINAPI","M3",56.08,74.17,"BDI 1",93.83,4159.45,5261.99]
["14","5","","14.5.2","REATERRO MANUAL DE VALAS, COM PLACA VIBRATÓRIA. AF_08/2023",104737,"SINAPI","M3",56.08,19.149999999999999,"BDI 1",24.22,1073.93,1358.26]
["15","","","15.1","VASO SANITÁRIO SIFONADO COM CAIXA ACOPLADA LOUÇA BRANCA - PADRÃO MÉDIO, INCLUSO ENGATE FLEXÍVEL EM METAL CROMADO, 1/2  X 40CM - FORNECIMENTO E INSTALAÇÃO. AF_01/2020",86932,"SINAPI","UN",6,557.03,"BDI 1",704.75,3342.18,4228.5]
["15","","","15.2","ASSENTO SANITÁRIO CONVENCIONAL - FORNECIMENTO E INSTALACAO. AF_01/2020",100849,"SINAPI","UN",6,43.56,"BDI 1",55.11,261.36,330.65999999999997]
["15","","","15.3","CUBA DE EMBUTIR DE AÇO INOXIDÁVEL MÉDIA, INCLUSO VÁLVULA TIPO AMERICANA E SIFÃO TIPO GARRAFA EM METAL CROMADO - FORNECIMENTO E INSTALAÇÃO. AF_01/2020",86936,"SINAPI","UN",8,540.58000000000004,"BDI 1",683.94,4324.6400000000003,5471.52]
["15","","","15.4","TORNEIRA METÁLICA PARA PIA, BICA MÓVEL, ABERTURA 1/4 DE VOLTA, ACABAMENTO CROMADO, COM AREJADOR, APLICAÇÃO DE MESA, INCLUSIVE ENGATE FLEXÍVEL METÁLICO, FORNECIMENTO E INSTALAÇÃO","ED-50324","SETOP","un",8,181.02,"BDI 1",229.02,1448.16,1832.16]
["15","","","15.5","CUBA DE EMBUTIR OVAL EM LOUÇA BRANCA, 35 X 50CM OU EQUIVALENTE, INCLUSO VÁLVULA E SIFÃO TIPO GARRAFA EM METAL CROMADO - FORNECIMENTO E INSTALAÇÃO. AF_01/2020",86938,"SINAPI","UN",8,479.6,"BDI 1",606.78,3836.8,4854.24]
["15","","","15.6","LAVATÓRIO DE CANTO DE LOUÇA BRANCA SEM COLUNA, TAMANHO PEQUENO, INCLUSIVE ACESSÓRIOS DE FIXAÇÃO COM PARAFUSO CASTELO, VÁLVULA DE ESCOAMENTO DE METAL COM ACABAMENTO CROMADO, SIFÃO DE METAL TIPO COPO COM ACABAMENTO CROMADO, FORNECIMENTO, INSTALAÇÃO E REJUNTAMENTO, EXCLUSIVE TORNEIRA E ENGATE FLEXÍVEL","ED-2552","SETOP","un",3,579.32000000000005,"BDI 1",732.95,1737.96,2198.8500000000004]
["15","","","15.7","LAVATÓRIO DE LOUÇA BRANCA SEM COLUNA, TAMANHO MÉDIO, INCLUSIVE ACESSÓRIOS DE FIXAÇÃO, VÁLVULA DE ESCOAMENTO DE METAL COM ACABAMENTO CROMADO, SIFÃO DE METAL TIPO COPO COM ACABAMENTO CROMADO, FORNECIMENTO, INSTALAÇÃO E REJUNTAMENTO, EXCLUSIVE TORNEIRA E ENGATE FLEXÍVEL","ED-50283","SETOP","U",13,462.33,"BDI 1",584.92999999999995,6010.29,7604.0899999999992]
["15","","","15.8","ENGATE FLEXÍVEL EM INOX, 1/2  X 30CM - FORNECIMENTO E INSTALAÇÃO. AF_01/2020",86886,"SINAPI","UN",13,60.63,"BDI 1",76.7,788.19,997.1]
["15","","","15.9","TANQUE DE LOUÇA BRANCA COM COLUNA, 30L OU EQUIVALENTE, INCLUSO SIFÃO FLEXÍVEL EM PVC, VÁLVULA METÁLICA E TORNEIRA DE METAL CROMADO PADRÃO MÉDIO - FORNECIMENTO E INSTALAÇÃO. AF_01/2020",86919,"SINAPI","UN",2,926.55,"BDI 1",1172.27,1853.1,2344.54]
["15","","","15.10","TORNEIRA METÁLICA PARA IRRIGAÇÃO/JARDIM, ACABAMENTO CROMADO, APLICAÇÃO DE PAREDE, INCLUSIVE FORNECIMENTO E INSTALAÇÃO","ED-50323","SETOP","un",9,52.06,"BDI 1",65.86,468.54,592.74]
["15","","","15.11","TORNEIRA CROMADA DE MESA PARA LAVATÓRIO COM SENSOR DE PRESENCA. AF_01/2020",100854,"SINAPI","UN",4,1856.26,"BDI 1",2348.54,7425.04,9394.16]
["15","","","15.12","TORNEIRA ELÉTRICA 5550W, FORNECIMENTO E INSTALAÇÃO","LOU-001","CPU","UN",1,232.26,"BDI 1",293.85000000000002,232.26,293.85000000000002]
["15","","","15.13","TORNEIRA METÁLICA PARA LAVATÓRIO, FECHAMENTO AUTOMÁTICO, ACABAMENTO CROMADO, COM AREJADOR, APLICAÇÃO DE MESA, INCLUSIVE ENGATE FLEXÍVEL METÁLICO, FORNECIMENTO E INSTALAÇÃO","ED-50329","SETOP","un",18,219.43,"BDI 1",277.62,3949.74,4997.16]
["15","","","15.14","CHUVEIRO ELÉTRICO CROMADO, TENSÃO 127V/220V, POTÊNCIA 5500W/6800W, INCLUSIVE BRAÇO, FORNECIMENTO E INSTALAÇÃO","ED-50313","SETOP","un",3,267.5,"BDI 1",338.44,802.5,1015.3199999999999]
["15","","","15.15","BANCADA EM GRANITO CINZA ANDORINHA E = 3 CM, APOIADA EM CONSOLE DE METALON 20 X 30 MM","ED-48343","SETOP","m2",6.6300000000000008,376.27,"BDI 1",476.05,2494.67,3156.21]
["15","","","15.16","RODABANCA/FRONTÃO PARA BANCADA EM GRANITO, COR CINZA ANDORINHA, ESP. 2CM, ALTURA DE 7CM, INCLUSIVE REJUNTAMENTO EM MASSA PLÁSTICA NA COR DA PEDRA","ED-48347","SETOP","m",14.129999999999999,43.22,"BDI 1",54.68,610.69000000000005,772.63]
["15","","","15.17","BANCADA EM AÇO INOX COM RODABANCA","LOU-002","CPU","M2",9.8600000000000012,1944.27,"BDI 1",2459.89,19170.5,24254.52]
["15","","","15.18","PAPELEIRA PLASTICA TIPO DISPENSER PARA PAPEL HIGIENICO ROLAO","ED-48183","SETOP","U",6,60.78,"BDI 1",76.89,364.68,461.34000000000003]
["15","","","15.19","SABONETEIRA PLASTICA TIPO DISPENSER PARA SABONETE LIQUIDO COM RESERVATORIO 1500 ML","ED-48189","SETOP","U",29,87.77,"BDI 1",111.04,2545.33,3220.1600000000003]
["15","","","15.20","DISPENSER EM PLÁSTICO PARA PAPEL TOALHA 2 OU 3 FOLHAS","ED-48182","SETOP","U",22,70.739999999999995,"BDI 1",89.5,1556.28,1969]
["15","","","15.21","ESPELHO CRISTAL, E = 4 MM, APARAFUSADO, ÁREA MENOR OU IGUAL A 1,0 M2, FORNECIMENTO E INSTALAÇÃO REF 102143","16.20.20","SUDECAP","M2",5.0100000000000007,211.22,"BDI 1",267.23,1058.21,1338.82]
["15","","","15.22","BEBEDOURO INDUSTRIAL 50L","10.47.07","SUDECAP","UN",1,1575.46,"BDI 1",1993.27,1575.46,1993.27]
["15","","","15.23","DUCHA HIGIÊNICA COM REGISTRO PARA CONTROLE DE FLUXO DE ÁGUA, DIÂMETRO 1/2\" (20MM), INCLUSIVE FORNECIMENTO E INSTALAÇÃO","ED-50316","SETOP","un",3,173.53,"BDI 1",219.55,520.59,658.65000000000009]
["15","","","15.24","EXPURGO HOSPITALAR COM SIFÃO, TRITURADOR - FORNECIMENTO E INSTALAÇÃO","LOU-003","CPU","UN ",1,9014.02,"BDI 1",11404.53,9014.02,11404.53]
["16","1","","16.1.1","PUXADOR PARA PCD, FIXADO NA PORTA - FORNECIMENTO E INSTALAÇÃO. AF_01/2020",100874,"SINAPI","UN",44,334.8,"BDI 1",423.58,14731.2,18637.52]
["16","2","","16.2.1","BARRA DE APOIO EM AÇO INOX POLIDO RETA, DN 1.1/4\" (31,75MM), PARA ACESSIBILIDADE (PMR/PCR), COMPRIMENTO 70CM, INSTALADO EM PAREDE, INCLUSIVE FORNECIMENTO, INSTALAÇÃO E ACESSÓRIOS PARA FIXAÇÃO","ED-48164","SETOP","un",3,216.56,"BDI 1",273.99,649.67999999999995,821.97]
["16","2","","16.2.2","BARRA DE APOIO EM AÇO INOX POLIDO RETA, DN 1.1/4\" (31,75MM), PARA ACESSIBILIDADE (PMR/PCR), COMPRIMENTO 80CM, INSTALADO EM PAREDE, INCLUSIVE FORNECIMENTO, INSTALAÇÃO E ACESSÓRIOS PARA FIXAÇÃO","ED-48160","SETOP","un",6,195.08,"BDI 1",246.81,1170.48,1480.8600000000001]
["16","2","","16.2.3","BARRA DE APOIO EM AÇO INOX POLIDO PARA LAVATÓRIO DE CANTO, DN 1.1/4\" (31,75MM), PARA ACESSIBILIDADE (PMR/PCR), INSTALADO EM PAREDE, INCLUSIVE FORNECIMENTO, INSTALAÇÃO E ACESSÓRIOS PARA FIXAÇÃO","ED-48167","SETOP","un",6,178.51,"BDI 1",225.85,1071.06,1355.1]
["16","2","","16.2.4","PLACA DE SINALIZACAO EM CHAPA DE ALUMINIO COM PINTURA REFLETIVA, E = 2 MM - FORNECIMENTO E INSTALAÇÃO","ACE-001","CPU","M2    ",0.20000000000000004,1281.9100000000001,"BDI 1",1621.87,256.38,324.37]
["16","2","","16.2.5","CHAPA DE PROTEÇÃO IMPACTO PARA PORTA 40X80","COT-ACE-001","COTAÇÃO","UN ",12,204.83,"BDI 1",259.14999999999998,2457.96,3109.7999999999997]
["16","2","","16.2.6","INSTALAÇÃO CHAPA DE PROTEÇÃO IMPACTO PARA PORTA 40X80","ACE-002","CPU","UN",12,3.75,"BDI 1",4.74,45,56.88]
["16","3","","16.3.1","PISO TATIL ALERTA OU DIRECIONAL, DE BORRACHA, COLORIDO, 25 X 25 CM, E = 5 MM, PARA COLA - FORNECIMENTO E INSTALAÇÃO ","ACE-003","CPU","M2    ",16.6875,256.36,"BDI 1",324.33999999999997,4278,5413.23]
["16","3","","16.3.2","PISO TATIL DE ALERTA OU DIRECIONAL, DE BORRACHA, PRETO, 25 X 25 CM, E = 12 MM, PARA ARGAMASSA - FORNECIMENTO E INSTALAÇÃO ","ACE-004","CPU","M2    ",4.75,518.21,"BDI 1",655.63,2461.4899999999998,3114.24]
["16","3","","16.3.3","PLACA TÁTIL BRAILLE EM ACRÍLICO 30X10 CM (ATÉ 3 PALAVRAS) - FORNECIMENTO E INSTALAÇÃO","ACE-005","CPU","UN",29,48.75,"BDI 1",61.67,1413.75,1788.43]
["17","1","","17.1.1","CALHA EM CHAPA DE AÇO GALVANIZADO NÚMERO 24, DESENVOLVIMENTO DE 100 CM, INCLUSO TRANSPORTE VERTICAL. AF_07/2019",94229,"SINAPI","M",80.45,183.66,"BDI 1",232.36,14775.44,18693.36]
["17","1","","17.1.2","RUFO EXTERNO/INTERNO EM CHAPA DE AÇO GALVANIZADO NÚMERO 26, CORTE DE 33 CM, INCLUSO IÇAMENTO. AF_07/2019",100327,"SINAPI","M",206.81,62.99,"BDI 1",79.69,13026.96,16480.689999999999]
["17","1","","17.1.3","CHAPIM (RUFO CAPA) EM AÇO GALVANIZADO, CORTE 33. AF_11/2020",101979,"SINAPI","M",198.55,42.76,"BDI 1",54.09,8489.99,10739.57]
["17","2","","17.2.1","RALO HEMISFÉRICO, TIPO ABACAXI, DIÂMETRO DE 100MM, EXCLUSIVE CONDUTOR DE ÁGUA PLUVIAL","ED-49962","SETOP","un",14,46.67,"BDI 1",59.04,653.38,826.56]
["17","2","","17.2.2","RALO LINEAR COM GRELHA 90 CM - FORNECIMENTO E INSTALAÇÃO","PLU-001","CPU","UN ",2,178.87,"BDI 1",226.3,357.74,452.6]
["17","2","","17.2.3","RALO SECO PVC QUADRADO 100 X 53 X 40 MM COM GRELHA BRANCA","ED-49959","SETOP","un",10,30.69,"BDI 1",38.82,306.89999999999998,388.2]
["17","3","","17.3.1","JOELHO 45 GRAUS, PVC, SERIE R, ÁGUA PLUVIAL, DN 100 MM, JUNTA ELÁSTICA, FORNECIDO E INSTALADO EM RAMAL DE ENCAMINHAMENTO. AF_06/2022",89531,"SINAPI","UN",10,35.93,"BDI 1",45.45,359.3,454.5]
["17","3","","17.3.2","JOELHO 45 GRAUS, PVC, SERIE R, ÁGUA PLUVIAL, DN 50 MM, JUNTA ELÁSTICA, FORNECIDO E INSTALADO EM RAMAL DE ENCAMINHAMENTO. AF_06/2022",89520,"SINAPI","UN",1,14.99,"BDI 1",18.96,14.99,18.96]
["17","3","","17.3.3","JOELHO 90 GRAUS, PVC, SERIE R, ÁGUA PLUVIAL, DN 100 MM, JUNTA ELÁSTICA, FORNECIDO E INSTALADO EM CONDUTORES VERTICAIS DE ÁGUAS PLUVIAIS. AF_06/2022",89584,"SINAPI","UN",42,41.32,"BDI 1",52.27,1735.44,2195.34]
["17","3","","17.3.4","JUNÇÃO SIMPLES, PVC, SERIE R, ÁGUA PLUVIAL, DN 100 X 100 MM, JUNTA ELÁSTICA, FORNECIDO E INSTALADO EM CONDUTORES VERTICAIS DE ÁGUAS PLUVIAIS. AF_06/2022",89690,"SINAPI","UN",1,85.05,"BDI 1",107.6,85.05,107.6]
["17","3","","17.3.5","TUBO PVC, SÉRIE R, ÁGUA PLUVIAL, DN 100 MM, FORNECIDO E INSTALADO EM CONDUTORES VERTICAIS DE ÁGUAS PLUVIAIS. AF_06/2022",89578,"SINAPI","M",283.93,32.549999999999997,"BDI 1",41.18,9241.92,11692.24]
["17","3","","17.3.6","TUBO PVC, SÉRIE R, ÁGUA PLUVIAL, DN 50 MM, FORNECIDO E INSTALADO EM RAMAL DE ENCAMINHAMENTO. AF_06/2022",89509,"SINAPI","M",7,21.73,"BDI 1",27.49,152.11000000000001,192.42999999999998]
["17","3","","17.3.7","TÊ DE INSPEÇÃO, PVC, SERIE R, ÁGUA PLUVIAL, DN 100 MM, JUNTA ELÁSTICA, FORNECIDO E INSTALADO EM RAMAL DE ENCAMINHAMENTO. AF_06/2022",89559,"SINAPI","UN",10,64.16,"BDI 1",81.17,641.6,811.7]
["17","3","","17.3.8","ABRAÇADEIRA PARA FIXAÇÃO DE TUBOS","SAN-004","CPU","UN",28,19.03,"BDI 1",24.07,532.84,673.96]
["17","4","","17.4.1","ESCAVAÇÃO MANUAL DE VALA. AF_09/2024",93358,"SINAPI","M3",44.47,74.17,"BDI 1",93.83,3298.33,4172.62]
["17","4","","17.4.2","REATERRO MANUAL DE VALA, INCLUSIVE ESPALHAMENTO E COMPACTAÇÃO MECANIZADA COM PLACA VIBRATÓRIA","ED-51121","SETOP","m3",44.47,41.11,"BDI 1",52.01,1828.16,2312.88]
["18","1","","18.1.1","AR CONDICIONADO SPLIT INVERTER, HI-WALL (PAREDE), 12000 BTU/H, CICLO FRIO - FORNECIMENTO E INSTALAÇÃO. AF_11/2021_PE",103247,"SINAPI","UN",3,2897.95,"BDI 1",3666.48,8693.85,10999.44]
["18","1","","18.1.2","AR CONDICIONADO SPLIT INVERTER, HI-WALL (PAREDE), 18000 BTU/H, CICLO FRIO - FORNECIMENTO E INSTALAÇÃO. AF_11/2021_PE",103250,"SINAPI","UN",1,4222.43,"BDI 1",5342.21,4222.43,5342.21]
["18","1","","18.1.3","AR CONDICIONADO SPLIT INVERTER, HI-WALL (PAREDE), 24000 BTU/H, CICLO FRIO - FORNECIMENTO E INSTALAÇÃO. AF_11/2021_PE",103253,"SINAPI","UN",1,5767.51,"BDI 1",7297.05,5767.51,7297.05]
["18","1","","18.1.4","AR CONDICIONADO SPLIT INVERTER, PISO TETO, 36000 BTU/H, CICLO FRIO - FORNECIMENTO E INSTALAÇÃO. AF_11/2021_PSE",103261,"SINAPI","UN",1,13536.58,"BDI 1",17126.48,13536.58,17126.48]
["18","1","","18.1.5","AR CONDICIONADO SPLIT ON/OFF, HI-WALL (PAREDE), 9000 BTUS/H, CICLO FRIO - FORNECIMENTO E INSTALAÇÃO. AF_11/2021_PE",103245,"SINAPI","UN",8,2049.79,"BDI 1",2593.39,16398.32,20747.12]
["18","2","","18.2.1","JOELHO 45 GRAUS, PVC, SOLDÁVEL, DN 25MM, INSTALADO EM DRENO DE AR-CONDICIONADO - FORNECIMENTO E INSTALAÇÃO. AF_08/2022",89867,"SINAPI","UN",28,7.39,"BDI 1",9.34,206.92,261.52]
["18","2","","18.2.2","JOELHO 90 GRAUS, PVC, SOLDÁVEL, DN 25MM, INSTALADO EM DRENO DE AR-CONDICIONADO - FORNECIMENTO E INSTALAÇÃO. AF_08/2022",89866,"SINAPI","UN",41,6.63,"BDI 1",8.3800000000000008,271.83,343.58000000000004]
["18","2","","18.2.3","TUBO, PVC, SOLDÁVEL, DE 25MM, INSTALADO EM DRENO DE AR-CONDICIONADO - FORNECIMENTO E INSTALAÇÃO. AF_08/2022",89865,"SINAPI","M",119,15.71,"BDI 1",19.87,1869.49,2364.5300000000002]
["18","2","","18.2.4","TE, PVC, SOLDÁVEL, DN 25MM, INSTALADO EM DRENO DE AR-CONDICIONADO - FORNECIMENTO E INSTALAÇÃO. AF_08/2022",89869,"SINAPI","UN",8,9.24,"BDI 1",11.69,73.92,93.52]
["18","3","","18.3.1","CABO PP TETRAPOLAR, 4X2,5MM², 1KV","COT-CLI-001","COTAÇÃO","M",57.6,30.49,"BDI 1",38.57,1756.22,2221.63]
["18","3","","18.3.2","INSTALAÇÃO DE CABOS PP ","CLI-001","CPU","UN ",57.6,9.34,"BDI 1",11.81,537.98,680.26]
["18","3","","18.3.3","TUBO EM COBRE FLEXÍVEL, DN 1/2\", COM ISOLAMENTO, INSTALADO EM RAMAL DE ALIMENTAÇÃO DE AR CONDICIONADO COM CONDENSADORA INDIVIDUAL - FORNECIMENTO E INSTALAÇÃO. AF_12/2015",97329,"SINAPI","M",16.899999999999999,58.6,"BDI 1",74.14,990.34,1252.97]
["18","3","","18.3.4","TUBO EM COBRE FLEXÍVEL, DN 1/4\", COM ISOLAMENTO, INSTALADO EM RAMAL DE ALIMENTAÇÃO DE AR CONDICIONADO COM CONDENSADORA INDIVIDUAL   FORNECIMENTO E INSTALAÇÃO. AF_12/2015",97327,"SINAPI","M",47.9,27.4,"BDI 1",34.659999999999997,1312.46,1660.21]
["18","3","","18.3.5","TUBO EM COBRE FLEXÍVEL, DN 3/8\", COM ISOLAMENTO, INSTALADO EM RAMAL DE ALIMENTAÇÃO DE AR CONDICIONADO COM CONDENSADORA INDIVIDUAL - FORNECIMENTO E INSTALAÇÃO. AF_12/2015",97328,"SINAPI","M",40.700000000000003,46.2,"BDI 1",58.45,1880.34,2378.92]
["18","3","","18.3.6","TUBO EM COBRE FLEXÍVEL, DN 5/8\", COM ISOLAMENTO, INSTALADO EM RAMAL DE ALIMENTAÇÃO DE AR CONDICIONADO COM CONDENSADORA CENTRAL   FORNECIMENTO E INSTALAÇÃO. AF_12/2015",97334,"SINAPI","M",9.6999999999999993,72.150000000000006,"BDI 1",91.28,699.85,885.42]
["18","4","","18.4.1","RASGO LINEAR MANUAL EM ALVENARIA, PARA RAMAIS/ DISTRIBUIÇÃO DE INSTALAÇÕES HIDRÁULICAS, DIÂMETROS MENORES OU IGUAIS A 40 MM. AF_09/2023",90443,"SINAPI","M",120.43,7.07,"BDI 1",8.94,851.44,1076.6400000000001]
["18","4","","18.4.2","CHUMBAMENTO LINEAR EM ALVENARIA PARA RAMAIS/DISTRIBUIÇÃO DE INSTALAÇÕES HIDRÁULICAS COM DIÂMETROS MENORES OU IGUAIS A 40 MM. AF_09/2023",90466,"SINAPI","M",120.43,14,"BDI 1",17.71,1686.02,2132.8200000000002]
["19","1","","19.1.1","LUVA SIMPLES, PVC, SÉRIE NORMAL, ESGOTO PREDIAL, DN 150 MM, JUNTA ELÁSTICA, FORNECIDO E INSTALADO EM SUBCOLETOR AÉREO DE ESGOTO SANITÁRIO. AF_08/2022",95693,"SINAPI","UN",1,48.89,"BDI 1",61.85,48.89,61.85]
["19","1","","19.1.2","TUBO EM COBRE FLEXÍVEL, DN 5/8\", COM ISOLAMENTO, INSTALADO EM RAMAL DE ALIMENTAÇÃO DE AR CONDICIONADO COM CONDENSADORA CENTRAL   FORNECIMENTO E INSTALAÇÃO. AF_12/2015",97334,"SINAPI","M",2,72.150000000000006,"BDI 1",91.28,144.30000000000001,182.56]
["19","1","","19.1.3","FURO MECANIZADO EM CONCRETO, COM PERFURATRIZ, PARA INSTALAÇÕES HIDRÁULICAS, DIÂMETROS MAIORES QUE 75 MM E MENORES OU IGUAIS A 150 MM. AF_09/2023",104777,"SINAPI","UN",1,7.76,"BDI 1",9.81,7.76,9.81]
["19","2","","19.2.1","EXAUSTOR VENTOKIT, DN 150MM, VAZÃO DE AR 280 M³/H","COT-EXA-001","COTAÇÃO","UN ",1,335.06,"BDI 1",423.91,335.06,423.91]
["19","2","","19.2.2","GRELHA VENEZIANA AUTO FECHAMENTO, DN 150 MM","COT-EXA-002","COTAÇÃO","UN ",1,63.5,"BDI 1",80.34,63.5,80.34]
["19","2","","19.2.3","INSTALAÇÃO EXAUSTOR","EXA-001","CPU","UN",1,65.45,"BDI 1",82.8,65.45,82.8]
["20","1","","20.1.1","CAIXA RETANGULAR 4\" X 2\" MÉDIA (1,30 M DO PISO), METÁLICA, INSTALADA EM PAREDE - FORNECIMENTO E INSTALAÇÃO. AF_03/2023",92868,"SINAPI","UN",207,15.77,"BDI 1",19.95,3264.39,4129.6499999999996]
["20","1","","20.1.2","CAIXA OCTOGONAL 4\" X 4\", PVC, INSTALADA EM LAJE - FORNECIMENTO E INSTALAÇÃO. AF_03/2023",91936,"SINAPI","UN",89,17.79,"BDI 1",22.5,1583.31,2002.5]
["20","2","","20.2.1","CABO DE COBRE FLEXÍVEL ISOLADO, 10 MM², ANTI-CHAMA 0,6/1,0 KV, PARA CIRCUITOS TERMINAIS - FORNECIMENTO E INSTALAÇÃO. AF_03/2023",91933,"SINAPI","M",567.70000000000005,15.75,"BDI 1",19.920000000000002,8941.27,11308.58]
["20","2","","20.2.2","CABO DE COBRE FLEXÍVEL ISOLADO, 16 MM², ANTI-CHAMA 0,6/1,0 KV, PARA CIRCUITOS TERMINAIS - FORNECIMENTO E INSTALAÇÃO. AF_03/2023",91935,"SINAPI","M",5,24.73,"BDI 1",31.28,123.65,156.4]
["20","2","","20.2.3","CABO DE COBRE FLEXÍVEL ISOLADO, 25 MM², ANTI-CHAMA 0,6/1,0 KV, PARA REDE ENTERRADA DE DISTRIBUIÇÃO DE ENERGIA ELÉTRICA - FORNECIMENTO E INSTALAÇÃO. AF_12/2021",92984,"SINAPI","M",20,27.41,"BDI 1",34.67,548.20000000000005,693.40000000000009]
["20","2","","20.2.4","CABO DE COBRE FLEXÍVEL ISOLADO, 35 MM², ANTI-CHAMA 0,6/1,0 KV, PARA REDE ENTERRADA DE DISTRIBUIÇÃO DE ENERGIA ELÉTRICA - FORNECIMENTO E INSTALAÇÃO. AF_12/2021",92986,"SINAPI","M",24.42,37.96,"BDI 1",48.02,926.98,1172.6500000000001]
["20","2","","20.2.5","CABO DE COBRE FLEXÍVEL ISOLADO, 70 MM², ANTI-CHAMA 0,6/1,0 KV, PARA REDE ENTERRADA DE DISTRIBUIÇÃO DE ENERGIA ELÉTRICA - FORNECIMENTO E INSTALAÇÃO. AF_12/2021",92990,"SINAPI","M",103.48,76.489999999999995,"BDI 1",96.77,7915.18,10013.76]
["20","2","","20.2.6","CABO DE COBRE FLEXÍVEL ISOLADO, 1,5 MM², ANTI-CHAMA 450/750 V, PARA CIRCUITOS TERMINAIS - FORNECIMENTO E INSTALAÇÃO. AF_03/2023",91924,"SINAPI","M",1070.8,2.85,"BDI 1",3.6,3051.78,3854.88]
["20","2","","20.2.7","CABO DE COBRE FLEXÍVEL ISOLADO, 2,5 MM², ANTI-CHAMA 450/750 V, PARA CIRCUITOS TERMINAIS - FORNECIMENTO E INSTALAÇÃO. AF_03/2023",91926,"SINAPI","M",2737.7,4.17,"BDI 1",5.27,11416.2,14427.68]
["20","2","","20.2.8","CABO DE COBRE FLEXÍVEL ISOLADO, 4 MM², ANTI-CHAMA 450/750 V, PARA CIRCUITOS TERMINAIS - FORNECIMENTO E INSTALAÇÃO. AF_03/2023",91928,"SINAPI","M",184.70000000000002,6.49,"BDI 1",8.2100000000000009,1198.7,1516.39]
["20","3","","20.3.1","CAIXA DE PASSAGEM, DIMENSÃO (20X20)CM, EM CHAPA DE AÇO, TIPO DE EMBUTIR, COM ACABAMENTO EM PINTURA ELETROSTÁTICA E TAMPA CEGA, INCLUSIVE FIXAÇÃO EM ALVENARIA","ED-49149","SETOP","un",1,104.93,"BDI 1",132.75,104.93,132.75]
["20","3","","20.3.2","CAIXA DE INSPEÇÃO EM CONCRETO, TIPO \"ZA\" PASSEIO, PADRÃO CEMIG, DIMENSÃO (28X28)CM, ALTURA 40CM, COM TAMPA E ARO ARTICULADO EM FERRO FUNDIDO, INCLUSIVE ESCAVAÇÃO, APILOAMENTO, LASTRO DE BRITA, REATERRO E TRANSPORTE COM RETIRADA DO MATERIAL ESCAVADO (EM CAÇAMBA)","ED-49197","SETOP","un",11,200.5,"BDI 1",253.67,2205.5,2790.37]
["20","4","","20.4.1","INTERRUPTOR PARALELO (1 MÓDULO), 10A/250V, INCLUINDO SUPORTE E PLACA - FORNECIMENTO E INSTALAÇÃO. AF_03/2023",91955,"SINAPI","UN",7,33.47,"BDI 1",42.34,234.29,296.38]
["20","4","","20.4.2","INTERRUPTOR SIMPLES (2 MÓDULOS) COM INTERRUPTOR PARALELO (1 MÓDULO), 10A/250V, INCLUINDO SUPORTE E PLACA - FORNECIMENTO E INSTALAÇÃO. AF_03/2023",91965,"SINAPI","UN",1,62.37,"BDI 1",78.91,62.37,78.91]
["20","4","","20.4.3","INTERRUPTOR SIMPLES (1 MÓDULO), 10A/250V, INCLUINDO SUPORTE E PLACA - FORNECIMENTO E INSTALAÇÃO. AF_03/2023",91953,"SINAPI","UN",23,27.53,"BDI 1",34.83,633.19000000000005,801.08999999999992]
["20","4","","20.4.5","CONJUNTO DE UM (1) MÓDULO COM FURO PARA SAÍDA DE FIO Ø10MM, COM PLACA 4\"X2\" DE UM (1) POSTO, INCLUSIVE FORNECIMENTO, INSTALAÇÃO, SUPORTE, MÓDULO E PLACA","ED-15763","SETOP","un",23,15.47,"BDI 1",19.57,355.81,450.11]
["20","4","","20.4.6","INTERRUPTOR SIMPLES (1 MÓDULO) COM 1 TOMADA DE EMBUTIR 2P+T 10 A, INCLUINDO SUPORTE E PLACA - FORNECIMENTO E INSTALAÇÃO. AF_03/2023",92023,"SINAPI","UN",6,46.82,"BDI 1",59.23,280.92,355.38]
["20","4","","20.4.7","TOMADA MÉDIA DE EMBUTIR (2 MÓDULOS), 2P+T 10 A, INCLUINDO SUPORTE E PLACA - FORNECIMENTO E INSTALAÇÃO. AF_03/2023",92004,"SINAPI","UN",31,51.75,"BDI 1",65.47,1604.25,2029.57]
["20","4","","20.4.8","TOMADA MÉDIA DE EMBUTIR (1 MÓDULO), 2P+T 10 A, INCLUINDO SUPORTE E PLACA - FORNECIMENTO E INSTALAÇÃO. AF_03/2023",91996,"SINAPI","UN",83,32.4,"BDI 1",40.99,2689.2,3402.17]
["20","4","","20.4.9","TOMADA MÉDIA DE EMBUTIR (2 MÓDULOS), 2P+T 20 A, INCLUINDO SUPORTE E PLACA - FORNECIMENTO E INSTALAÇÃO. AF_03/2023",92005,"SINAPI","UN",11,55.89,"BDI 1",70.709999999999994,614.79,777.81]
["20","4","","20.4.10","RELÉ FOTOELÉTRICO PARA COMANDO DE ILUMINAÇÃO EXTERNA 1000 W - FORNECIMENTO E INSTALAÇÃO. AF_08/2020",101632,"SINAPI","UN",6,36.31,"BDI 1",45.93,217.86,275.58]
["20","5","","20.5.1","DISJUNTOR TRIPOLAR TIPO DIN, CORRENTE NOMINAL DE 10A - FORNECIMENTO E INSTALAÇÃO. AF_10/2020",93667,"SINAPI","UN",2,106.69,"BDI 1",134.97999999999999,213.38,269.95999999999998]
["20","5","","20.5.2","DISJUNTOR TRIPOLAR TIPO DIN, CORRENTE NOMINAL DE 16A - FORNECIMENTO E INSTALAÇÃO. AF_10/2020",93668,"SINAPI","UN",2,108.43,"BDI 1",137.18,216.86,274.36]
["20","5","","20.5.3","DISJUNTOR TERMOMAGNETICO TRIPOLAR 150 A / 600 V, TIPO FXD / ICC - 35 KA                                                                                                                                                                                                                                                                                                                                                                                                                                   ",2374,"SINAPI","UN    ",1,603.99,"BDI 1",764.16,603.99,764.16]
["20","5","","20.5.4","DISJUNTOR TRIPOLAR TIPO DIN, CORRENTE NOMINAL DE 20A - FORNECIMENTO E INSTALAÇÃO. AF_10/2020",93669,"SINAPI","UN",2,112.31,"BDI 1",142.09,224.62,284.18]
["20","5","","20.5.5","DISJUNTOR TRIPOLAR TIPO DIN, CORRENTE NOMINAL DE 32A - FORNECIMENTO E INSTALAÇÃO. AF_10/2020",93671,"SINAPI","UN",2,116.84,"BDI 1",147.82,233.68,295.64]
["20","5","","20.5.6","DISJUNTOR TRIPOLAR TIPO DIN, CORRENTE NOMINAL DE 40A - FORNECIMENTO E INSTALAÇÃO. AF_10/2020",93672,"SINAPI","UN",4,123.52,"BDI 1",156.27000000000001,494.08,625.08000000000004]
["20","5","","20.5.7","DISJUNTOR TRIPOLAR TIPO DIN, CORRENTE NOMINAL DE 80A, FORNECIMENTO E INSTALAÇÃO, INCLUSIVE TERMINAL ILHÓS","ED-34495","SETOP","un",1,184.34,"BDI 1",233.22,184.34,233.22]
["20","5","","20.5.8","DISJUNTOR TRIPOLAR TIPO DIN, CORRENTE NOMINAL DE 100A, FORNECIMENTO E INSTALAÇÃO, INCLUSIVE TERMINAL ILHÓS","ED-34496","SETOP","un",1,184.48,"BDI 1",233.4,184.48,233.4]
["20","5","","20.5.9","DISJUNTOR MONOPOLAR TIPO DIN, CORRENTE NOMINAL DE 10A - FORNECIMENTO E INSTALAÇÃO. AF_10/2020",93653,"SINAPI","UN",48,16.93,"BDI 1",21.41,812.64,1027.68]
["20","5","","20.5.10","DISJUNTOR MONOPOLAR TIPO DIN, CORRENTE NOMINAL DE 16A - FORNECIMENTO E INSTALAÇÃO. AF_10/2020",93654,"SINAPI","UN",2,17.5,"BDI 1",22.14,35,44.28]
["20","5","","20.5.11","DISJUNTOR BIPOLAR TIPO DIN, CORRENTE NOMINAL DE 10A - FORNECIMENTO E INSTALAÇÃO. AF_10/2020",93660,"SINAPI","UN",23,85.72,"BDI 1",108.45,1971.56,2494.35]
["20","5","","20.5.12","DISJUNTOR BIPOLAR TIPO DIN, CORRENTE NOMINAL DE 16A - FORNECIMENTO E INSTALAÇÃO. AF_10/2020",93661,"SINAPI","UN",3,86.87,"BDI 1",109.9,260.61,329.70000000000005]
["20","5","","20.5.13","DISJUNTOR BIPOLAR TIPO DIN, CORRENTE NOMINAL DE 20A - FORNECIMENTO E INSTALAÇÃO. AF_10/2020",93662,"SINAPI","UN",1,89.46,"BDI 1",113.18,89.46,113.18]
["20","5","","20.5.14","DISJUNTOR BIPOLAR TIPO DIN, CORRENTE NOMINAL DE 32A - FORNECIMENTO E INSTALAÇÃO. AF_10/2020",93664,"SINAPI","UN",4,92.48,"BDI 1",117,369.92,468]
["20","5","","20.5.15","DISPOSITIVO DPS CLASSE II, 1 POLO, TENSAO MAXIMA DE 175 V, CORRENTE MAXIMA DE *20* KA (TIPO AC)                                                                                                                                                                                                                                                                                                                                                                                                           ",39465,"SINAPI","UN    ",4,104,"BDI 1",131.58000000000001,416,526.32000000000005]
["20","5","","20.5.16","DISPOSITIVO DR, 4 POLOS, SENSIBILIDADE DE 300 MA, CORRENTE DE 100 A, TIPO AC                                                                                                                                                                                                                                                                                                                                                                                                                              ",39464,"SINAPI","UN    ",1,798.19,"BDI 1",1009.86,798.19,1009.86]
["20","5","","20.5.17","DISPOSITIVO DR, 4 POLOS, SENSIBILIDADE DE 300 MA, CORRENTE DE 25 A, TIPO AC                                                                                                                                                                                                                                                                                                                                                                                                                               ",39460,"SINAPI","UN    ",2,302.74,"BDI 1",383.02,605.48,766.04]
["20","5","","20.5.18","DISPOSITIVO DR, 4 POLOS, SENSIBILIDADE DE 300 MA, CORRENTE DE 40 A, TIPO AC                                                                                                                                                                                                                                                                                                                                                                                                                               ",39461,"SINAPI","UN    ",3,354.74,"BDI 1",448.81,1064.22,1346.43]
["20","6","","20.6.1","ELETRODUTO FLEXÍVEL CORRUGADO, PVC, DN 32 MM (1\"), PARA CIRCUITOS TERMINAIS, INSTALADO EM FORRO - FORNECIMENTO E INSTALAÇÃO. AF_03/2023_PA",91836,"SINAPI","M",66.900000000000006,19.440000000000001,"BDI 1",24.59,1300.53,1645.07]
["20","6","","20.6.2","ELETRODUTO FLEXÍVEL CORRUGADO REFORÇADO, PVC, DN 25 MM (3/4\"), PARA CIRCUITOS TERMINAIS, INSTALADO EM FORRO - FORNECIMENTO E INSTALAÇÃO. AF_03/2023_PA",91835,"SINAPI","M",832.1,18.170000000000002,"BDI 1",22.98,15119.25,19121.66]
["20","6","","20.6.3","ELETRODUTO FLEXÍVEL CORRUGADO, PEAD, DN 50 (1 1/2\"), PARA REDE ENTERRADA DE DISTRIBUIÇÃO DE ENERGIA ELÉTRICA - FORNECIMENTO E INSTALAÇÃO. AF_12/2021",97667,"SINAPI","M",38.15,7.92,"BDI 1",10.02,302.14,382.26]
["20","6","","20.6.4","ELETRODUTO FLEXÍVEL CORRUGADO, PEAD, DN 40 MM (1 1/4\"), PARA CIRCUITOS TERMINAIS, INSTALADO EM PAREDE - FORNECIMENTO E INSTALAÇÃO. AF_03/2023",91860,"SINAPI","M",50.16,11.61,"BDI 1",14.68,582.35,736.35]
["20","6","","20.6.5","ELETRODUTO FLEXÍVEL CORRUGADO, PEAD, DN 63 (2\"), PARA REDE ENTERRADA DE DISTRIBUIÇÃO DE ENERGIA ELÉTRICA - FORNECIMENTO E INSTALAÇÃO. AF_12/2021",97668,"SINAPI","M",2,11.3,"BDI 1",14.29,22.6,28.58]
["20","6","","20.6.6","ELETRODUTO FLEXÍVEL CORRUGADO, PEAD, DN 90 (3\"), PARA REDE ENTERRADA DE DISTRIBUIÇÃO DE ENERGIA ELÉTRICA - FORNECIMENTO E INSTALAÇÃO. AF_12/2021",97669,"SINAPI","M",56.1,16.690000000000001,"BDI 1",21.11,936.3,1184.27]
["20","6","","20.6.7","ELETRODUTO FLEXÍVEL CORRUGADO, PEAD, DN 100 (4\"), PARA REDE ENTERRADA DE DISTRIBUIÇÃO DE ENERGIA ELÉTRICA - FORNECIMENTO E INSTALAÇÃO. AF_12/2021",97670,"SINAPI","M",3,21.48,"BDI 1",27.17,64.44,81.510000000000005]
["20","7","","20.7.1","LUMINÁRIA TIPO PLAFON CIRCULAR, DE SOBREPOR, COM LED DE 12/13 W - FORNECIMENTO E INSTALAÇÃO. AF_09/2024",103782,"SINAPI","UN",3,27.02,"BDI 1",34.18,81.06,102.53999999999999]
["20","7","","20.7.2","LUMINARIA SPOT DE SOBREPOR EM ALUMINIO COM ALETA PLASTICA PARA 1 LAMPADA, BASE E27, POTENCIA MAXIMA 40/60 W (NAO INCLUI LAMPADA)                                                                                                                                                                                                                                                                                                                                                                          ",12266,"SINAPI","UN    ",2,107.48,"BDI 1",135.97999999999999,214.96,271.95999999999998]
["20","7","","20.7.3","LÂMPADA COMPACTA DE LED 10 W, BASE E27 - FORNECIMENTO E INSTALAÇÃO. AF_09/2024",97610,"SINAPI","UN",2,13.15,"BDI 1",16.63,26.3,33.26]
["20","7","","20.7.4","LUMINÁRIA COMERCIAL CHANFRADA DE SOBREPOR COMPLETA, PARA DUAS (2) LÂMPADAS TUBULARES LED 2X18W-ØT8, TEMPERATURA DA COR 6500K, FORNECIMENTO E INSTALAÇÃO, INCLUSIVE BASE E LÂMPADAS","ED-13338","SETOP","un",89,173.47,"BDI 1",219.47,15438.83,19532.829999999998]
["20","7","","20.7.5","LUMINÁRIA ARANDELA TIPO MEIA-LUA COMPLETA, DIÂMETRO 25 CM, PARA UMA (1) LÂMPADA LED, POTÊNCIA 15W, BULBO A65, FORNECIMENTO E INSTALAÇÃO, INCLUSIVE BASE E LÂMPADA","ED-13345","SETOP","un",19,72.989999999999995,"BDI 1",92.34,1386.81,1754.46]
["20","8","","20.8.1","ENTRADA DE ENERGIA AÉREA, TIPO C6, PADRÃO CEMIG, CARGA INSTALADA DE 47,1KVA ATÉ 57KVA, TRIFÁSICO, COM SAÍDA SUBTERRÂNEA, INCLUSIVE POSTE, CAIXA PARA MEDIDOR, DISJUNTOR, BARRAMENTO, ATERRAMENTO E ACESSÓRIOS","ED-20586","SETOP","un",1,6666.2,"BDI 1",8434.07,6666.2,8434.07]
["20","9","","20.9.1","QUADRO DE DISTRIBUIÇÃO DE ENERGIA EM CHAPA DE AÇO GALVANIZADO, DE EMBUTIR, COM BARRAMENTO TRIFÁSICO, PARA 30 DISJUNTORES DIN 150A - FORNECIMENTO E INSTALAÇÃO. AF_10/2020",101880,"SINAPI","UN",5,651.32000000000005,"BDI 1",824.05,3256.6,4120.25]
["20","9","","20.9.2","QUADRO DE DISTRIBUIÇÃO DE ENERGIA EM CHAPA DE AÇO GALVANIZADO, DE EMBUTIR, COM BARRAMENTO TRIFÁSICO, PARA 40 DISJUNTORES DIN 100A - FORNECIMENTO E INSTALAÇÃO. AF_10/2020",101881,"SINAPI","UN",2,935.68,"BDI 1",1183.82,1871.36,2367.64]
["20","9","","20.9.3","QUADRO DE DISTRIBUIÇÃO DE ENERGIA EM CHAPA DE AÇO GALVANIZADO, DE SOBREPOR, COM BARRAMENTO TRIFÁSICO, PARA 18 DISJUNTORES DIN 100A - FORNECIMENTO E INSTALAÇÃO. AF_10/2020",101878,"SINAPI","UN",1,538.38,"BDI 1",681.15,538.38,681.15]
["20","10","","20.10.1","ESCAVAÇÃO MANUAL DE VALA. AF_09/2024",93358,"SINAPI","M3",19.319999999999997,74.17,"BDI 1",93.83,1432.96,1812.8]
["20","10","","20.10.2","REATERRO MANUAL DE VALAS, COM PLACA VIBRATÓRIA. AF_08/2023",104737,"SINAPI","M3",19.319999999999997,19.149999999999999,"BDI 1",24.22,369.97,467.93]
["20","10","","20.10.3","GERADOR MONOFÁSICO 5500 VA","COT-ELE-002","COTAÇÃO",1,1,8274.7999999999993,"BDI 1",10469.27,8274.7999999999993,10469.27]
["20","10","","20.10.4","CHAVE DE TRANSFERENCIA GERADOR","COT-ELE-001","COTAÇÃO",1,1,575.58000000000004,"BDI 1",728.22,575.58000000000004,728.22]
["20","10","","20.10.5","INSTALAÇÃO DE GERADOR TRIFÁSICO 5,5 KVA - CABINADO ","ELE-002","CPU","UN",1,1167.5,"BDI 1",1477.12,1167.5,1477.12]
["20","10","","20.10.6","INSTALAÇÃO DE QUADRO DE TRANSFERÊNCIA","ELE-001","CPU","UN",1,700.5,"BDI 1",886.27,700.5,886.27]
["21","1","","21.1.1","ACCESS POINT","COT-DAD-005","COTAÇÃO","UN ",3,896.84,"BDI 1",1134.68,2690.52,3404.04]
["21","1","","21.1.2","CONECTOR RJ45 - 100 UNIDADES","COT-DAD-008","COTAÇÃO","UN ",1,33.56,"BDI 1",42.46,33.56,42.46]
["21","1","","21.1.3","NVR 16 PORTAS","COT-DAD-001","COTAÇÃO","UN ",1,2956.98,"BDI 1",3741.17,2956.98,3741.17]
["21","1","","21.1.4","HD 2 TB","COT-DAD-002","COTAÇÃO","UN ",1,460.97,"BDI 1",583.21,460.97,583.21]
["21","1","","21.1.5","PATCH CORD RJ45/RJ45 UTP-4P METÁLICO CATEGORIA 6, PINAGEM T568A (VOZ), COMPRIMENTO 3 METROS","ED-48372","SETOP","un",50,21.97,"BDI 1",27.79,1098.5,1389.5]
["21","1","","21.1.6","PATCH PANEL 48 POSIÇÕES, CATEGORIA COM GUIA TRASEIRO","ED-48374","SETOP","cj",1,1451.66,"BDI 1",1836.64,1451.66,1836.64]
["21","1","","21.1.7","SWITCH GIGABIT 48 PORTAS POE","COT-DAD-004","COTAÇÃO","UN ",1,5383.79,"BDI 1",6811.57,5383.79,6811.57]
["21","1","","21.1.8","INSTALAÇÃO ACESSÓRIOS CABEAMENTO","DADO-001","CPU","UN",6,140.1,"BDI 1",177.25,840.6,1063.5]
["21","2","","21.2.1","RÉGUA COM 8 TOMADAS (2P+T), PARA FIXAÇÃO NO RACK DE 19\" (1U)","ED-48375","SETOP","un",1,87.8,"BDI 1",111.08,87.8,111.08]
["21","2","","21.2.2","ORGANIZADOR DE CABOS DE 1U PARA RACK 19\"","ED-48377","SETOP","cj",4,78.45,"BDI 1",99.25,313.8,397]
["21","2","","21.2.3","TAMPA CEGA DE 1U PARA RACK 19\"","ED-48378","SETOP","cj",8,19.149999999999999,"BDI 1",24.22,153.19999999999999,193.76]
["21","3","","21.3.1","CAIXA RETANGULAR 4\" X 2\" ALTA (2,00 M DO PISO), PVC, INSTALADA EM PAREDE - FORNECIMENTO E INSTALAÇÃO. AF_03/2023",91939,"SINAPI","UN",24,29.14,"BDI 1",36.86,699.36,884.64]
["21","3","","21.3.2","CAIXA RETANGULAR 4\" X 4\" ALTA (2,00 M DO PISO), PVC, INSTALADA EM PAREDE - FORNECIMENTO E INSTALAÇÃO. AF_03/2023",91942,"SINAPI","UN",8,33.090000000000003,"BDI 1",41.86,264.72000000000003,334.88]
["21","3","","21.3.3","CONJUNTO DE UM (1) MÓDULO COM FURO PARA SAÍDA DE FIO Ø10MM, COM PLACA 4\"X2\" DE UM (1) POSTO, INCLUSIVE FORNECIMENTO, INSTALAÇÃO, SUPORTE, MÓDULO E PLACA","ED-15763","SETOP","un",10,15.47,"BDI 1",19.57,154.69999999999999,195.7]
["21","4","","21.4.1","CABO ELETRÔNICO CATEGORIA 5E, INSTALADO EM EDIFICAÇÃO INSTITUCIONAL - FORNECIMENTO E INSTALAÇÃO. AF_11/2019",98295,"SINAPI","M",594.9,5.18,"BDI 1",6.55,3081.58,3896.6]
["21","5","","21.5.1","CAIXA DE PASSAGEM, DIMENSÃO (20X20)CM, EM CHAPA DE AÇO, TIPO DE EMBUTIR, COM ACABAMENTO EM PINTURA ELETROSTÁTICA E TAMPA CEGA, INCLUSIVE FIXAÇÃO EM ALVENARIA","ED-49149","SETOP","un",5,104.93,"BDI 1",132.75,524.65,663.75]
["21","6","","21.6.1","CAMERA POE","COT-DAD-006","COTAÇÃO","UN ",10,546.91,"BDI 1",691.95,5469.1,6919.5]
["21","6","","21.6.2","INSTALAÇÃO CÂMERA","DADO-002","CPU","UN",10,36.15,"BDI 1",45.73,361.5,457.29999999999995]
["21","7","","21.7.1","CONJUNTO DE UMA (1) TOMADA DE DADOS (CONECTOR RJ45 CAT.6E), COM PLACA 4\"X2\" DE UM (1) POSTO, INCLUSIVE FORNECIMENTO, INSTALAÇÃO, SUPORTE, MÓDULO E PLACA","ED-15752","SETOP","un",23,67.52,"BDI 1",85.42,1552.96,1964.66]
["21","7","","21.7.2","CONJUNTO DE DUAS (2) TOMADAS DE DADOS (CONECTOR RJ45 CAT.6E), COM PLACA 4\"X2\" DE DOIS (2) POSTOS, INCLUSIVE FORNECIMENTO, INSTALAÇÃO, SUPORTE, MÓDULO E PLACA","ED-15762","SETOP","un",1,120.33,"BDI 1",152.24,120.33,152.24]
["21","8","","21.8.1","ELETROCALHA PERFURADA (100X50)MM EM CHAPA DE AÇO GALVANIZADO #18, COM TRATAMENTO PRÉ-ZINCADO, INCLUSIVE TAMPA DE ENCAIXE, FIXAÇÃO SUPERIOR, CONEXÕES E ACESSÓRIOS","ED-19519","SETOP","m",257.39999999999998,84.19,"BDI 1",106.51,21670.5,27415.67]
["21","9","","21.9.1","ELETRODUTO FLEXÍVEL CORRUGADO REFORÇADO, PVC, DN 25 MM (3/4\"), PARA CIRCUITOS TERMINAIS, INSTALADO EM LAJE - FORNECIMENTO E INSTALAÇÃO. AF_03/2023",91845,"SINAPI","M",257.39999999999998,8.32,"BDI 1",10.52,2141.56,2707.85]
["21","9","","21.9.2","ELETRODUTO FLEXÍVEL CORRUGADO REFORÇADO, PVC, DN 32 MM (1\"), PARA CIRCUITOS TERMINAIS, INSTALADO EM LAJE - FORNECIMENTO E INSTALAÇÃO. AF_03/2023",91847,"SINAPI","M",42.4,13.66,"BDI 1",17.28,579.17999999999995,732.67]
["21","9","","21.9.3","ELETRODUTO FLEXÍVEL CORRUGADO, PEAD, DN 40 MM (1 1/4\"), PARA CIRCUITOS TERMINAIS, INSTALADO EM LAJE - FORNECIMENTO E INSTALAÇÃO. AF_03/2023",91850,"SINAPI","M",6.2,9.02,"BDI 1",11.41,55.92,70.739999999999995]
["21","10","","21.10.1","RACK 16U 570MM","COT-DAD-007","COTAÇÃO","UN ",1,800.63,"BDI 1",1012.95,800.63,1012.95]
["21","10","","21.10.2","INSTALAÇÃO RACK","DADO-003","CPU","UN",1,72.31,"BDI 1",91.48,72.31,91.48]
["22","1","","22.1.1","CAIXA DE EQUALIZAÇÃO PARA USO INTERNO E EXTERNO COM 9 TERMINAIS 380X320X175MM EM AÇO E ACABAMENTO EM EPOXI","ED-51054","SETOP","U",1,390.34,"BDI 1",493.85,390.34,493.85]
["22","1","","22.1.2","ATERRAMENTO COMPLETO PARA PARA-RAIOS, COM HASTE DE COBRE DE ALTA CAMADA, TIPO COPPERWELD, DIÂMETRO DE 3/4\", COMPRIMENTO DE 240CM, EXCLUSIVE CABO, INCLUSIVE CAIXA DE INSPEÇÃO COM TAMPA EM FERRO FUNDIDO E GRAMPO PARA HASTE","ED-51017","SETOP","un",3,1124.57,"BDI 1",1422.8,3373.71,4268.3999999999996]
["22","1","","22.1.3","ATERRAMENTO COM HASTE DE COBRE, TIPO COPPERWELD, DIÂMETRO DE  5/8\", COMPRIMENTO DE 240CM, EXCLUSIVE CABO E CAIXA PARA ATERRAMENTO, INCLUSIVE GRAMPO PARA HASTE E INSTALAÇÃO","ED-48700","SETOP","un",12,242.85,"BDI 1",307.25,2914.2,3687]
["22","1","","22.1.4","CAIXA DE INSPEÇÃO PARA ATERRAMENTO, CIRCULAR, EM POLIETILENO, DIÂMETRO INTERNO = 0,3 M. AF_12/2020",98111,"SINAPI","UN",1,46.27,"BDI 1",58.54,46.27,58.54]
["22","2","","22.2.1","MINI CAPTOR PARA SPDA - FORNECIMENTO E INSTALAÇÃO. AF_08/2023",104746,"SINAPI","UN",8,25.3,"BDI 1",32,202.4,256]
["22","2","","22.2.2","MASTRO 1 ½\", COM 3 METROS, PARA SPDA - FORNECIMENTO E INSTALAÇÃO. AF_08/2023",96988,"SINAPI","UN",2,151.94999999999999,"BDI 1",192.24,303.89999999999998,384.48]
["22","3","","22.3.1","BARRA CHATA DE ALUMÍNIO 7/8\" X 1/8\" X 3M","ED-51019","SETOP","U",82,27.74,"BDI 1",35.090000000000003,2274.6799999999998,2877.38]
["22","3","","22.3.2","CABO DE COBRE NU #35MM2 - 7 FIOSX2,50MM, PARA ELEMENTOS DE CAPTAÇÃO/ANEL DE CINTAMENTO (SPDA), INCLUSIVE PRESILHA DE FIXAÇÃO","ED-13934","SETOP","m",21.7,44.19,"BDI 1",55.9,958.92,1213.03]
["22","3","","22.3.3","CABO DE COBRE NU #50 MM2 - 7 FIOSX3,00MM, PARA ELEMENTOS DE CAPTAÇÃO/ANEL DE CINTAMENTO (SPDA), INCLUSIVE PRESILHA DE FIXAÇÃO","ED-13935","SETOP","m",124.8,59.59,"BDI 1",75.39,7436.83,9408.67]
["22","3","","22.3.4","SUPORTE DE FIXAÇÃO PARA BARRA CHATA TEL726","COT-SPDA-001","COTAÇÃO","UN ",34,30.58,"BDI 1",38.68,1039.72,1315.12]
["22","3","","22.3.5","INSTALAÇÃO SUPORTE DE FIXAÇÃO PARA BARRA CHATA TEL726","SPDA-001","CPU","UN",34,36.15,"BDI 1",45.73,1229.0999999999999,1554.82]
["22","3","","22.3.6","RE-BAR 8MM X 4M COM 3 CLIPS PARA EMENDA 8-10MM","ED-51021","SETOP","U",31,56.11,"BDI 1",70.989999999999995,1739.41,2200.69]
["22","3","","22.3.7","CONECTOR ATERRINSERT","COT-SPDA-002","COTAÇÃO","UN ",30,67,"BDI 1",84.76,2010,2542.8000000000002]
["22","3","","22.3.8","INSTALAÇÃO CONECTOR ATERRINSERT","SPDA-002","CPU","UN",30,46.7,"BDI 1",59.08,1401,1772.3999999999999]
["22","4","","22.4.1","ELETRODUTO RÍGIDO ROSCÁVEL, PVC, DN 32 MM (1\"), PARA CIRCUITOS TERMINAIS, INSTALADO EM FORRO - FORNECIMENTO E INSTALAÇÃO. AF_03/2023",91864,"SINAPI","M",12,15.48,"BDI 1",19.579999999999998,185.76,234.95999999999998]
["22","4","","22.4.2","ELETRODUTO RÍGIDO ROSCÁVEL, PVC, DN 25 MM (3/4\"), PARA CIRCUITOS TERMINAIS, INSTALADO EM FORRO - FORNECIMENTO E INSTALAÇÃO. AF_03/2023",91863,"SINAPI","M",27,11.29,"BDI 1",14.28,304.83,385.56]
["23","1","","23.1.1","LUMINÁRIA DE EMERGÊNCIA, COM 30 LÂMPADAS LED DE 2 W, SEM REATOR - FORNECIMENTO E INSTALAÇÃO. AF_09/2024",97599,"SINAPI","UN",7,18.239999999999998,"BDI 1",23.07,127.68,161.49]
["23","2","1","23.2.1.1","PLACA FOTOLUMINESCENTE PARA SINALIZAÇÃO DE EMERGÊNCIA, TIPO \"A5\", DIMENSÃO DA BASE 300MM, INCLUSIVE FIXAÇÃO","ED-29387","SETOP","un",1,15.98,"BDI 1",20.21,15.98,20.21]
["23","2","2","23.2.2.1","PLACA FOTOLUMINESCENTE PARA SINALIZAÇÃO DE EMERGÊNCIA, TIPO \"P1\", DIÂMETRO DE 300MM, EXCLUSIVE FIXAÇÃO","COT-INC-001","COTAÇÃO","UN ",1,32.68,"BDI 1",41.34,32.68,41.34]
["23","2","2","23.2.2.2","FIXAÇÃO DE PLACAS FOTOLUMINESCENTES PARA SINALIZAÇÃO DE EMERGÊNCIA","INC-001","CPU","UN",1,10.07,"BDI 1",12.74,10.07,12.74]
["23","2","3","23.2.3.1","PLACA FOTOLUMINESCENTE PARA SINALIZAÇÃO DE EMERGÊNCIA, TIPO \"S2\", DIMENSÃO (380X190)MM, INCLUSIVE FIXAÇÃO","ED-50201","SETOP","un",6,22.61,"BDI 1",28.6,135.66,171.60000000000002]
["23","2","3","23.2.3.2","PLACA FOTOLUMINESCENTE PARA SINALIZAÇÃO DE EMERGÊNCIA, TIPO \"S3\", DIMENSÃO (380X190)MM, INCLUSIVE FIXAÇÃO","ED-29400","SETOP","un",2,22.61,"BDI 1",28.6,45.22,57.2]
["23","2","3","23.2.3.3","PLACA FOTOLUMINESCENTE PARA SINALIZAÇÃO DE EMERGÊNCIA, TIPO \"S12\", DIMENSÃO (380X190)MM, INCLUSIVE FIXAÇÃO","ED-50205","SETOP","un",1,22.61,"BDI 1",28.6,22.61,28.6]
["23","2","4","23.2.4.1","PLACA FOTOLUMINESCENTE PARA SINALIZAÇÃO DE EMERGÊNCIA, TIPO \"E5\", DIMENSÃO (300X300)MM, INCLUSIVE FIXAÇÃO","ED-50199","SETOP","un",3,16.27,"BDI 1",20.58,48.81,61.739999999999995]
["23","2","5","23.2.5.1","PLACA FOTOLUMINESCENTE PARA SINALIZAÇÃO DE EMERGÊNCIA, TIPO \"M1\", DIMENSÃO (400X600)MM, INCLUSIVE FIXAÇÃO","ED-32246","SETOP","un",1,100.03,"BDI 1",126.55,100.03,126.55]
["23","3","","23.3.1","EXTINTOR DE INCÊNDIO TIPO PÓ QUÍMICO 2-A:20-B:C, CAPACIDADE 6 KG","ED-50193","SETOP","U",3,253.35,"BDI 1",320.52999999999997,760.05,961.58999999999992]
["23","3","","23.3.2","BASE DECORATIVA PARA EXTINTORES","ED-50194","SETOP","U",3,35.04,"BDI 1",44.33,105.12,132.99]
["24","","","24.1","MONTAGEM E DESMONTAGEM DE ANDAIME METÁLICO PARA FACHADA COM PISO METÁLICO, INCLUSIVE RODAPÉ/GUARDA-CORPO EM MADEIRA, EXCLUSIVE FORNECIMENTO DO ANDAIME","ED-48245","SETOP","m2",1419.7499999999998,12.91,"BDI 1",16.329999999999998,18328.97,23184.52]
["24","","","24.2","FORNECIMENTO DE ANDAIME METÁLICO PARA FACHADA (LOCAÇÃO), INCLUSIVE PISO METÁLICO E SAPATAS, EXCLUSIVE MONTAGEM E DESMONTAGEM","ED-9075","SETOP","m2xmês",1440,13.5,"BDI 1",17.079999999999998,19440,24595.200000000001]
["24","","","24.3","FORNECIMENTO DE ANDAIME METÁLICO TUBULAR TIPO TORRE (LOCAÇÃO), INCLUSIVE RODÍZIOS, EXCLUSIVE MONTAGEM E DESMONTAGEM","ED-9076","SETOP","mxmês",420,22,"BDI 1",27.83,9240,11688.599999999999]
["24","","","24.4","MONTAGEM E DESMONTAGEM DE ANDAIME METÁLICO TUBULAR TIPO TORRE, EXCLUSIVE FORNECIMENTO DO ANDAIME","ED-9077","SETOP","m",539.20000000000005,9.01,"BDI 1",11.39,4858.1899999999996,6141.49]
["25","","","25.1","LIMPEZA FINAL PARA ENTREGA DA OBRA","ED-50266","SETOP","m2",443.56,6.99,"BDI 1",8.84,3100.48,3921.07]

{"sheet":"CPU","index":7,"n_rows":290,"n_cols":13,"rows_kept":290,"cut":false,"hidden":false,"merged":[[279,1,279,7],[288,3,288,5],[288,6,288,9],[289,6,289,9],[257,1,257,7],[261,1,261,7],[265,1,265,7],[270,1,270,7],[274,1,274,7],[237,1,237,7],[242,1,242,7],[248,1,248,7],[252,1,252,7],[204,1,204,7],[208,1,208,7],[211,1,211,7],[217,1,217,7],[223,1,223,7],[228,1,228,7],[173,1,173,7],[181,1,181,7],[188,1,188,7],[193,1,193,7],[198,1,198,7],[133,1,133,7],[143,1,143,7],[150,1,150,7],[159,1,159,7],[165,1,165,7],[98,1,98,7],[105,1,105,7],[111,1,111,7],[117,1,117,7],[123,1,123,7],[60,1,60,7],[68,1,68,7],[76,1,76,7],[84,1,84,7],[91,1,91,7],[29,1,29,7],[39,1,39,7],[44,1,44,7],[52,1,52,7],[1,0,2,10],[4,0,8,2],[9,0,9,12],[26,1,26,7],[4,11,6,12],[17,0,18,12],[22,0,22,8],[22,9,22,12],[23,9,24,10]]}
[]
["COMPOSIÇÕES DE CUSTO",null,null,null,null,null,null,null,null,null,null,"Revisão:",{"$f":"DADOS!D6","v":"R00"}]
[null,null,null,null,null,null,null,null,null,null,null,"Data: ",{"$f":"DADOS!D2","v":"2025-01-27"}]
["Projeto:",null,null,"Responsável:",null,null,null,"Cliente:",null,null,null,"Bancos:"]
[{"$f":"DADOS!D8","v":"CONSTRUÇÃO DA UBS CRISTAIS"},null,null,null,null,null,null,null,null,null,null,{"$f":"DADOS!D14","v":"SINAPI: 12/2024 Minas Gerais\nSETOP: 10/2024 Minas Gerais\nSICRO : 10/2024 Minas Gerais\nSUDECAP: 10/2024 Minas Gerais"}]
[]
[]
[null,null,null,null,null,null,null,null,null,null,null,"BDI 1:",{"$f":"DADOS!D10","v":0.26519999999999999}]
[null,null,null,null,null,null,null,null,null,null,null,"BDI 2:",{"$f":"DADOS!D12","v":"-"}]
[]
[]
[]
[]
[]
[]
[]
[]
["COMPOSIÇÃO DE PREÇO UNITÁRIO"]
[]
["PREFEITURA:","PREFEITURA MUNICIPAL DE POUSO ALEGRE"]
["OBRA: CONSTRUÇÃO DA UBS CRISTAIS",null,null,null,null,null,null,null,null,null,null,"FOLHA Nº: 4"]
["LOCAL: RUA ROBERTO SCODELER, BAIRRO BELLA ITÁLIA",null,null,null,null,null,null,null,null,null,null,"DATA:27/01/2025"]
["REGIÃO/MÊS DE REFERÊNCIA:  SINAPI: 12/2024 Minas Gerais SETOP: 10/2024 Minas Gerais SICRO : 10/2024 Minas Gerais SUDECAP: 10/2024 Minas Gerais",null,null,null,null,null,null,null,null,"FORMA DE EXECUÇÃO"]
["PRAZO DE EXECUÇÃO: 12 MESES",null,null,null,null,null,null,null,null,"(  ) DIRETA",null,"(X)","INDIRETA"]
[null,null,null,null,null,null,null,null,null,null,null,"BDI 1:",{"$f":"DADOS!D10","v":0.26519999999999999}]
[]
["CÓDIGO","DESCRIÇÃO",null,null,null,null,null,null,"Banco","Unid.","Coeficiente","Preço Unit.","Total"]
[]
[6,{"$f":"VLOOKUP(A29,[1]ORC!$D$46:$N$2472,2,0)","v":"ESTRUTURA"}]
["EST-001","ESTACA HÉLICE CONTÍNUA, DIÂMETRO DE 30 CM, INCLUSO CONCRETO FCK=30MPA E ARMADURA MÍNIMA (EXCLUSIVE BOMBEAMENTO, MOBILIZAÇÃO E DESMOBILIZAÇÃO). ",null,null,null,null,null,null,"CPU","M",null,null,{"$f":"SUM(M31:M38)","v":128.15482599999999}]
[null,100973,{"$f":"IF(I31=\"SINAPI\",VLOOKUP(B31,DADOS_SINAPI,2,0),IF(I31=\"SETOP\",VLOOKUP(B31,DADOS_SETOP,2,0),IF(I31=\"SICRO\",VLOOKUP(B31,DADOS_SICRO,2,0),IF(I31=\"SUDECAP\",VLOOKUP(B31,DADOS_SUDECAP,2,0),IF(I31=\"COTAÇÃO\",VLOOKUP(B31,DADOS_COTACAO,2,0),VLOOKUP(B31,DADOS_COMPOSICAO,2,0))))))","v":"CARGA, MANOBRA E DESCARGA DE SOLOS E MATERIAIS GRANULARES EM CAMINHÃO BASCULANTE 6 M³ - CARGA COM PÁ CARREGADEIRA (CAÇAMBA DE 1,7 A 2,8 M³ / 128 HP) E DESCARGA LIVRE (UNIDADE: M3). AF_07/2020"},null,null,null,null,null,"SINAPI",{"$f":"IF(I31=\"SINAPI\",VLOOKUP(B31,DADOS_SINAPI,3,0),IF(I31=\"SETOP\",VLOOKUP(B31,DADOS_SETOP,3,0),IF(I31=\"SICRO\",VLOOKUP(B31,DADOS_SICRO,3,0),IF(I31=\"SUDECAP\",VLOOKUP(B31,DADOS_SUDECAP,3,0),IF(I31=\"COTAÇÃO\",VLOOKUP(B31,DADOS_COTACAO,9,0),VLOOKUP(B31,DADOS_COMPOSICAO,10,0))))))","v":"M3"},9.6600000000000005E-2,{"$f":"IF(I31=\"SINAPI\",VLOOKUP(B31,DADOS_SINAPI,4,0),IF(I31=\"SETOP\",VLOOKUP(B31,DADOS_SETOP,4,0),IF(I31=\"SICRO\",VLOOKUP(B31,DADOS_SICRO,4,0),IF(I31=\"SUDECAP\",VLOOKUP(B31,DADOS_SUDECAP,4,0),IF(I31=\"COTAÇÃO\",VLOOKUP(B31,DADOS_COTACAO,12,0),VLOOKUP(B31,DADOS_COMPOSICAO,13,0))))))","v":8.86},{"$f":"K31*L31","v":0.85587599999999997}]
[null,90776,"ENCARREGADO GERAL COM ENCARGOS COMPLEMENTARES",null,null,null,null,null,"SINAPI","H",8.3599999999999994E-2,49.93,4.1741479999999997]
[null,90778,"ENGENHEIRO CIVIL DE OBRA PLENO COM ENCARGOS COMPLEMENTARES",null,null,null,null,null,"SINAPI","H",1.5699999999999999E-2,106.43,1.6709510000000001]
[null,90675,"PERFURATRIZ COM TORRE METÁLICA PARA EXECUÇÃO DE ESTACA HÉLICE CONTÍNUA, PROFUNDIDADE MÁXIMA DE 30 M, DIÂMETRO MÁXIMO DE 800 MM, POTÊNCIA INSTALADA DE 268 HP, MESA ROTATIVA COM TORQUE MÁXIMO DE 170 KNM - CHI DIURNO. AF_06/2015",null,null,null,null,null,"SINAPI","CHI",5.9400000000000001E-2,320.14999999999998,19.016909999999999]
[null,90674,"PERFURATRIZ COM TORRE METÁLICA PARA EXECUÇÃO DE ESTACA HÉLICE CONTÍNUA, PROFUNDIDADE MÁXIMA DE 30 M, DIÂMETRO MÁXIMO DE 800 MM, POTÊNCIA INSTALADA DE 268 HP, MESA ROTATIVA COM TORQUE MÁXIMO DE 170 KNM - CHP DIURNO. AF_06/2015",null,null,null,null,null,"SINAPI","CHP",2.4199999999999999E-2,723.52,17.509183999999998]
[null,88316,{"$f":"IF(I36=\"SINAPI\",VLOOKUP(B36,DADOS_SINAPI,2,0),IF(I36=\"SETOP\",VLOOKUP(B36,DADOS_SETOP,2,0),IF(I36=\"SICRO\",VLOOKUP(B36,DADOS_SICRO,2,0),IF(I36=\"SUDECAP\",VLOOKUP(B36,DADOS_SUDECAP,2,0),IF(I36=\"COTAÇÃO\",VLOOKUP(B36,DADOS_COTACAO,2,0),VLOOKUP(B36,DADOS_COMPOSICAO,2,0))))))","v":"SERVENTE COM ENCARGOS COMPLEMENTARES"},null,null,null,null,null,"SINAPI",{"$f":"IF(I36=\"SINAPI\",VLOOKUP(B36,DADOS_SINAPI,3,0),IF(I36=\"SETOP\",VLOOKUP(B36,DADOS_SETOP,3,0),IF(I36=\"SICRO\",VLOOKUP(B36,DADOS_SICRO,3,0),IF(I36=\"SUDECAP\",VLOOKUP(B36,DADOS_SUDECAP,3,0),IF(I36=\"COTAÇÃO\",VLOOKUP(B36,DADOS_COTACAO,9,0),VLOOKUP(B36,DADOS_COMPOSICAO,10,0))))))","v":"H"},0.25090000000000001,{"$f":"IF(I36=\"SINAPI\",VLOOKUP(B36,DADOS_SINAPI,4,0),IF(I36=\"SETOP\",VLOOKUP(B36,DADOS_SETOP,4,0),IF(I36=\"SICRO\",VLOOKUP(B36,DADOS_SICRO,4,0),IF(I36=\"SUDECAP\",VLOOKUP(B36,DADOS_SUDECAP,4,0),IF(I36=\"COTAÇÃO\",VLOOKUP(B36,DADOS_COTACAO,12,0),VLOOKUP(B36,DADOS_COMPOSICAO,13,0))))))","v":18.75},4.7043750000000006]
[null,97913,"TRANSPORTE COM CAMINHÃO BASCULANTE DE 6 M³, EM VIA URBANA EM REVESTIMENTO PRIMÁRIO (UNIDADE: M3XKM). AF_07/2020",null,null,null,null,null,"SINAPI","M3XKM",2.9000000000000001E-2,3.21,9.3090000000000006E-2]
[null,43360,{"$f":"IF(I38=\"SINAPI\",VLOOKUP(B38,DADOS_SINAPI,2,0),IF(I38=\"SETOP\",VLOOKUP(B38,DADOS_SETOP,2,0),IF(I38=\"SICRO\",VLOOKUP(B38,DADOS_SICRO,2,0),IF(I38=\"SUDECAP\",VLOOKUP(B38,DADOS_SUDECAP,2,0),IF(I38=\"COTAÇÃO\",VLOOKUP(B38,DADOS_COTACAO,2,0),VLOOKUP(B38,DADOS_COMPOSICAO,2,0))))))","v":"CONCRETO USINADO BOMBEAVEL, CLASSE DE RESISTENCIA C30, COM BRITA 0 E 1, SLUMP = 220 +/- 30 MM, EXCLUI SERVICO DE BOMBEAMENTO (NBR 8953)                                                                                                                                                                                                                                                                                                                                                                   "},null,null,null,null,null,"SINAPI",{"$f":"IF(I38=\"SINAPI\",VLOOKUP(B38,DADOS_SINAPI,3,0),IF(I38=\"SETOP\",VLOOKUP(B38,DADOS_SETOP,3,0),IF(I38=\"SICRO\",VLOOKUP(B38,DADOS_SICRO,3,0),IF(I38=\"SUDECAP\",VLOOKUP(B38,DADOS_SUDECAP,3,0),IF(I38=\"COTAÇÃO\",VLOOKUP(B38,DADOS_COTACAO,9,0),VLOOKUP(B38,DADOS_COMPOSICAO,10,0))))))","v":"M3    "},0.1133,{"$f":"IF(I38=\"SINAPI\",VLOOKUP(B38,DADOS_SINAPI,4,0),IF(I38=\"SETOP\",VLOOKUP(B38,DADOS_SETOP,4,0),IF(I38=\"SICRO\",VLOOKUP(B38,DADOS_SICRO,4,0),IF(I38=\"SUDECAP\",VLOOKUP(B38,DADOS_SUDECAP,4,0),IF(I38=\"COTAÇÃO\",VLOOKUP(B38,DADOS_COTACAO,12,0),VLOOKUP(B38,DADOS_COMPOSICAO,13,0))))))","v":707.24},80.130291999999997]
[]
["EST-002","ESTACA BROCA DE CONCRETO, DIÂMETRO DE 20CM, ESCAVAÇÃO MANUAL COM TRADO CONCHA, EXCETO ARMADURA",null,null,null,null,null,null,"CPU","M",null,null,{"$f":"SUM(M41:M43)","v":46.00573}]
[null,94970,{"$f":"IF(I41=\"SINAPI\",VLOOKUP(B41,DADOS_SINAPI,2,0),IF(I41=\"SETOP\",VLOOKUP(B41,DADOS_SETOP,2,0),IF(I41=\"SICRO\",VLOOKUP(B41,DADOS_SICRO,2,0),IF(I41=\"SUDECAP\",VLOOKUP(B41,DADOS_SUDECAP,2,0),IF(I41=\"COTAÇÃO\",VLOOKUP(B41,DADOS_COTACAO,2,0),VLOOKUP(B41,DADOS_COMPOSICAO,2,0))))))","v":"CONCRETO FCK = 20MPA, TRAÇO 1:2,7:3 (EM MASSA SECA DE CIMENTO/ AREIA MÉDIA/ BRITA 1) - PREPARO MECÂNICO COM BETONEIRA 600 L. AF_05/2021"},null,null,null,null,null,"SINAPI",{"$f":"IF(I41=\"SINAPI\",VLOOKUP(B41,DADOS_SINAPI,3,0),IF(I41=\"SETOP\",VLOOKUP(B41,DADOS_SETOP,3,0),IF(I41=\"SICRO\",VLOOKUP(B41,DADOS_SICRO,3,0),IF(I41=\"SUDECAP\",VLOOKUP(B41,DADOS_SUDECAP,3,0),IF(I41=\"COTAÇÃO\",VLOOKUP(B41,DADOS_COTACAO,9,0),VLOOKUP(B41,DADOS_COMPOSICAO,10,0))))))","v":"M3"},4.2999999999999997E-2,{"$f":"IF(I41=\"SINAPI\",VLOOKUP(B41,DADOS_SINAPI,4,0),IF(I41=\"SETOP\",VLOOKUP(B41,DADOS_SETOP,4,0),IF(I41=\"SICRO\",VLOOKUP(B41,DADOS_SICRO,4,0),IF(I41=\"SUDECAP\",VLOOKUP(B41,DADOS_SUDECAP,4,0),IF(I41=\"COTAÇÃO\",VLOOKUP(B41,DADOS_COTACAO,12,0),VLOOKUP(B41,DADOS_COMPOSICAO,13,0))))))","v":494.32},{"$f":"K41*L41","v":21.255759999999999}]
[null,88309,"PEDREIRO COM ENCARGOS COMPLEMENTARES",null,null,null,null,null,"SINAPI","H",0.48599999999999999,25.27,12.281219999999999]
[null,88316,"SERVENTE COM ENCARGOS COMPLEMENTARES",null,null,null,null,null,"SINAPI","H",0.66500000000000004,18.75,12.46875]
[]
["EST-003","CONCRETAGEM DE PILARES, FCK = 30 MPA, COM USO DE BOMBA - LANÇAMENTO, ADENSAMENTO E ACABAMENTO.",null,null,null,null,null,null,"CPU","M3    ",null,null,{"$f":"SUM(M46:M51)","v":758.50537000000008}]
[null,88262,{"$f":"IF(I46=\"SINAPI\",VLOOKUP(B46,DADOS_SINAPI,2,0),IF(I46=\"SETOP\",VLOOKUP(B46,DADOS_SETOP,2,0),IF(I46=\"SICRO\",VLOOKUP(B46,DADOS_SICRO,2,0),IF(I46=\"SUDECAP\",VLOOKUP(B46,DADOS_SUDECAP,2,0),IF(I46=\"COTAÇÃO\",VLOOKUP(B46,DADOS_COTACAO,2,0),VLOOKUP(B46,DADOS_COMPOSICAO,2,0))))))","v":"CARPINTEIRO DE FORMAS COM ENCARGOS COMPLEMENTARES"},null,null,null,null,null,"SINAPI",{"$f":"IF(I46=\"SINAPI\",VLOOKUP(B46,DADOS_SINAPI,3,0),IF(I46=\"SETOP\",VLOOKUP(B46,DADOS_SETOP,3,0),IF(I46=\"SICRO\",VLOOKUP(B46,DADOS_SICRO,3,0),IF(I46=\"SUDECAP\",VLOOKUP(B46,DADOS_SUDECAP,3,0),IF(I46=\"COTAÇÃO\",VLOOKUP(B46,DADOS_COTACAO,9,0),VLOOKUP(B46,DADOS_COMPOSICAO,10,0))))))","v":"H"},0.224,{"$f":"IF(I46=\"SINAPI\",VLOOKUP(B46,DADOS_SINAPI,4,0),IF(I46=\"SETOP\",VLOOKUP(B46,DADOS_SETOP,4,0),IF(I46=\"SICRO\",VLOOKUP(B46,DADOS_SICRO,4,0),IF(I46=\"SUDECAP\",VLOOKUP(B46,DADOS_SUDECAP,4,0),IF(I46=\"COTAÇÃO\",VLOOKUP(B46,DADOS_COTACAO,12,0),VLOOKUP(B46,DADOS_COMPOSICAO,13,0))))))","v":24.92},{"$f":"K46*L46","v":5.5820800000000004}]
[null,88309,"PEDREIRO COM ENCARGOS COMPLEMENTARES",null,null,null,null,null,"SINAPI","H",0.224,25.27,5.6604799999999997]
[null,88316,"SERVENTE COM ENCARGOS COMPLEMENTARES",null,null,null,null,null,"SINAPI","H",1.345,18.75,25.21875]
[null,90587,"VIBRADOR DE IMERSÃO, DIÂMETRO DE PONTEIRA 45MM, MOTOR ELÉTRICO TRIFÁSICO POTÊNCIA DE 2 CV - CHI DIURNO. AF_06/2015",null,null,null,null,null,"SINAPI","CHI",0.13,0.53,6.8900000000000003E-2]
[null,90586,"VIBRADOR DE IMERSÃO, DIÂMETRO DE PONTEIRA 45MM, MOTOR ELÉTRICO TRIFÁSICO POTÊNCIA DE 2 CV - CHP DIURNO. AF_06/2015",null,null,null,null,null,"SINAPI","CHP",9.4E-2,1.36,0.12784000000000001]
[null,1525,"CONCRETO USINADO BOMBEAVEL, CLASSE DE RESISTENCIA C30, BRITA 0 E 1, SLUMP = 100 +/- 20 MM, COM BOMBEAMENTO (DISPONIBILIZACAO DE BOMBA), SEM O LANCAMENTO (NBR 8953)                                                                                                                                                                                                                                                                                                                                       ",null,null,null,null,null,"SINAPI","M3    ",1.103,654.44000000000005,721.84732000000008]
[]
["EST-004","LAJE TRELIÇADA H=13 CM - INCLUSO MONTAGEM E FORNECIMENTO DOS MATERIAIS, EXCETO CONCRETAGEM",null,null,null,null,null,null,"CPU","M2",null,null,{"$f":"SUM(M54:M59)","v":101.56242040000001}]
[null,88262,{"$f":"IF(I54=\"SINAPI\",VLOOKUP(B54,DADOS_SINAPI,2,0),IF(I54=\"SETOP\",VLOOKUP(B54,DADOS_SETOP,2,0),IF(I54=\"SICRO\",VLOOKUP(B54,DADOS_SICRO,2,0),IF(I54=\"SUDECAP\",VLOOKUP(B54,DADOS_SUDECAP,2,0),IF(I54=\"COTAÇÃO\",VLOOKUP(B54,DADOS_COTACAO,2,0),VLOOKUP(B54,DADOS_COMPOSICAO,2,0))))))","v":"CARPINTEIRO DE FORMAS COM ENCARGOS COMPLEMENTARES"},null,null,null,null,null,"SINAPI",{"$f":"IF(I54=\"SINAPI\",VLOOKUP(B54,DADOS_SINAPI,3,0),IF(I54=\"SETOP\",VLOOKUP(B54,DADOS_SETOP,3,0),IF(I54=\"SICRO\",VLOOKUP(B54,DADOS_SICRO,3,0),IF(I54=\"SUDECAP\",VLOOKUP(B54,DADOS_SUDECAP,3,0),IF(I54=\"COTAÇÃO\",VLOOKUP(B54,DADOS_COTACAO,9,0),VLOOKUP(B54,DADOS_COMPOSICAO,10,0))))))","v":"H"},0.55881999999999998,{"$f":"IF(I54=\"SINAPI\",VLOOKUP(B54,DADOS_SINAPI,4,0),IF(I54=\"SETOP\",VLOOKUP(B54,DADOS_SETOP,4,0),IF(I54=\"SICRO\",VLOOKUP(B54,DADOS_SICRO,4,0),IF(I54=\"SUDECAP\",VLOOKUP(B54,DADOS_SUDECAP,4,0),IF(I54=\"COTAÇÃO\",VLOOKUP(B54,DADOS_COTACAO,12,0),VLOOKUP(B54,DADOS_COMPOSICAO,13,0))))))","v":24.92},{"$f":"K54*L54","v":13.925794400000001}]
[null,88316,"SERVENTE COM ENCARGOS COMPLEMENTARES",null,null,null,null,null,"SINAPI","H",0.34237000000000001,18.75,6.4194374999999999]
[null,"71.01.09","TÁBUA DE PINUS 2,5CM X 20 CM REF 6193",null,null,null,null,null,"SUDECAP","M",0.46750000000000003,7.5,3.5062500000000001]
[null,"71.30.04","MADEIRA ROLICA D=  6 A 10 CM COMPRIMENTO 6 METROS",null,null,null,null,null,"SUDECAP","M",1.2706999999999999,13.83,17.573781]
[null,"76.08.03","LAJE PRÉ-MOLDADA TRELIÇADA, UNIDIRECIONAL, BI-APOIADA, C/TRELIÇA METÁLICA TR08 E ENCHIMENTO EM EPS, SC=300Kgf/m², VÃO ATÉ 4 METROS, SEM COLOCAÇÃO",null,null,null,null,null,"SUDECAP","M2",1,59,59]
[null,5075,"PREGO DE ACO POLIDO COM CABECA 18 X 30 (2 3/4 X 10)                                                                                                                                                                                                                                                                                                                                                                                                                                                       ",null,null,null,null,null,"SINAPI","KG    ",6.2309999999999997E-2,18.25,1.1371575]
[]
["EST-005","LAJE TRELIÇADA H=17 CM - INCLUSO MONTAGEM E FORNECIMENTO DOS MATERIAIS, EXCETO CONCRETAGEM",null,null,null,null,null,null,"CPU","M2",null,null,{"$f":"SUM(M62:M67)","v":116.56242040000001}]
[null,88262,{"$f":"IF(I62=\"SINAPI\",VLOOKUP(B62,DADOS_SINAPI,2,0),IF(I62=\"SETOP\",VLOOKUP(B62,DADOS_SETOP,2,0),IF(I62=\"SICRO\",VLOOKUP(B62,DADOS_SICRO,2,0),IF(I62=\"SUDECAP\",VLOOKUP(B62,DADOS_SUDECAP,2,0),IF(I62=\"COTAÇÃO\",VLOOKUP(B62,DADOS_COTACAO,2,0),VLOOKUP(B62,DADOS_COMPOSICAO,2,0))))))","v":"CARPINTEIRO DE FORMAS COM ENCARGOS COMPLEMENTARES"},null,null,null,null,null,"SINAPI",{"$f":"IF(I62=\"SINAPI\",VLOOKUP(B62,DADOS_SINAPI,3,0),IF(I62=\"SETOP\",VLOOKUP(B62,DADOS_SETOP,3,0),IF(I62=\"SICRO\",VLOOKUP(B62,DADOS_SICRO,3,0),IF(I62=\"SUDECAP\",VLOOKUP(B62,DADOS_SUDECAP,3,0),IF(I62=\"COTAÇÃO\",VLOOKUP(B62,DADOS_COTACAO,9,0),VLOOKUP(B62,DADOS_COMPOSICAO,10,0))))))","v":"H"},0.55881999999999998,{"$f":"IF(I62=\"SINAPI\",VLOOKUP(B62,DADOS_SINAPI,4,0),IF(I62=\"SETOP\",VLOOKUP(B62,DADOS_SETOP,4,0),IF(I62=\"SICRO\",VLOOKUP(B62,DADOS_SICRO,4,0),IF(I62=\"SUDECAP\",VLOOKUP(B62,DADOS_SUDECAP,4,0),IF(I62=\"COTAÇÃO\",VLOOKUP(B62,DADOS_COTACAO,12,0),VLOOKUP(B62,DADOS_COMPOSICAO,13,0))))))","v":24.92},{"$f":"K62*L62","v":13.925794400000001}]
[null,88316,"SERVENTE COM ENCARGOS COMPLEMENTARES",null,null,null,null,null,"SINAPI","H",0.34237000000000001,18.75,6.4194374999999999]
[null,"71.01.09","TÁBUA DE PINUS 2,5CM X 20 CM REF 6193",null,null,null,null,null,"SUDECAP","M",0.46750000000000003,7.5,3.5062500000000001]
[null,"71.30.04","MADEIRA ROLICA D=  6 A 10 CM COMPRIMENTO 6 METROS",null,null,null,null,null,"SUDECAP","M",1.2706999999999999,13.83,17.573781]
[null,"76.08.13","LAJE PRÉ-MOLDADA TRELIÇADA, UNIDIRECIONAL, BI-APOIADA, C/TRELIÇA METÁLICA TR12 E ENCHIMENTO EM EPS, SC=300Kgf/m², VÃO ATÉ 5 METROS, SEM COLOCAÇÃO",null,null,null,null,null,"SUDECAP","M2",1,74,74]
[null,5075,"PREGO DE ACO POLIDO COM CABECA 18 X 30 (2 3/4 X 10)                                                                                                                                                                                                                                                                                                                                                                                                                                                       ",null,null,null,null,null,"SINAPI","KG    ",6.2309999999999997E-2,18.25,1.1371575]
[]
["EST-006","LAJE TRELIÇADA H=21 CM - INCLUSO MONTAGEM E FORNECIMENTO DOS MATERIAIS, EXCETO CONCRETAGEM",null,null,null,null,null,null,"CPU","M2",null,null,{"$f":"SUM(M70:M75)","v":177.56242040000001}]
[null,88262,{"$f":"IF(I70=\"SINAPI\",VLOOKUP(B70,DADOS_SINAPI,2,0),IF(I70=\"SETOP\",VLOOKUP(B70,DADOS_SETOP,2,0),IF(I70=\"SICRO\",VLOOKUP(B70,DADOS_SICRO,2,0),IF(I70=\"SUDECAP\",VLOOKUP(B70,DADOS_SUDECAP,2,0),IF(I70=\"COTAÇÃO\",VLOOKUP(B70,DADOS_COTACAO,2,0),VLOOKUP(B70,DADOS_COMPOSICAO,2,0))))))","v":"CARPINTEIRO DE FORMAS COM ENCARGOS COMPLEMENTARES"},null,null,null,null,null,"SINAPI",{"$f":"IF(I70=\"SINAPI\",VLOOKUP(B70,DADOS_SINAPI,3,0),IF(I70=\"SETOP\",VLOOKUP(B70,DADOS_SETOP,3,0),IF(I70=\"SICRO\",VLOOKUP(B70,DADOS_SICRO,3,0),IF(I70=\"SUDECAP\",VLOOKUP(B70,DADOS_SUDECAP,3,0),IF(I70=\"COTAÇÃO\",VLOOKUP(B70,DADOS_COTACAO,9,0),VLOOKUP(B70,DADOS_COMPOSICAO,10,0))))))","v":"H"},0.55881999999999998,{"$f":"IF(I70=\"SINAPI\",VLOOKUP(B70,DADOS_SINAPI,4,0),IF(I70=\"SETOP\",VLOOKUP(B70,DADOS_SETOP,4,0),IF(I70=\"SICRO\",VLOOKUP(B70,DADOS_SICRO,4,0),IF(I70=\"SUDECAP\",VLOOKUP(B70,DADOS_SUDECAP,4,0),IF(I70=\"COTAÇÃO\",VLOOKUP(B70,DADOS_COTACAO,12,0),VLOOKUP(B70,DADOS_COMPOSICAO,13,0))))))","v":24.92},{"$f":"K70*L70","v":13.925794400000001}]
[null,88316,"SERVENTE COM ENCARGOS COMPLEMENTARES",null,null,null,null,null,"SINAPI","H",0.34237000000000001,18.75,6.4194374999999999]
[null,"71.01.09","TÁBUA DE PINUS 2,5CM X 20 CM REF 6193",null,null,null,null,null,"SUDECAP","M",0.46750000000000003,7.5,3.5062500000000001]
[null,"71.30.04","MADEIRA ROLICA D=  6 A 10 CM COMPRIMENTO 6 METROS",null,null,null,null,null,"SUDECAP","M",1.2706999999999999,13.83,17.573781]
[null,"76.08.23","LAJE PRÉ-MOLDADA TRELIÇADA, UNIDIRECIONAL, BI-APOIADA, C/TRELIÇA METÁLICA TR16 E ENCHIMENTO EM EPS, SC=300Kgf/m², VÃO ATÉ 6 METROS, SEM COLOCAÇÃO",null,null,null,null,null,"SUDECAP","M2",1,135,135]
[null,5075,"PREGO DE ACO POLIDO COM CABECA 18 X 30 (2 3/4 X 10)                                                                                                                                                                                                                                                                                                                                                                                                                                                       ",null,null,null,null,null,"SINAPI","KG    ",6.2309999999999997E-2,18.25,1.1371575]
[]
["EST-007","CONCRETAGEM DE VIGAS E LAJES, FCK=30 MPA, PARA LAJES PREMOLDADAS COM USO DE BOMBA - LANÇAMENTO, ADENSAMENTO E ACABAMENTO.",null,null,null,null,null,null,"CPU","M3    ",null,null,{"$f":"SUM(M78:M83)","v":777.46828000000005}]
[null,88262,{"$f":"IF(I78=\"SINAPI\",VLOOKUP(B78,DADOS_SINAPI,2,0),IF(I78=\"SETOP\",VLOOKUP(B78,DADOS_SETOP,2,0),IF(I78=\"SICRO\",VLOOKUP(B78,DADOS_SICRO,2,0),IF(I78=\"SUDECAP\",VLOOKUP(B78,DADOS_SUDECAP,2,0),IF(I78=\"COTAÇÃO\",VLOOKUP(B78,DADOS_COTACAO,2,0),VLOOKUP(B78,DADOS_COMPOSICAO,2,0))))))","v":"CARPINTEIRO DE FORMAS COM ENCARGOS COMPLEMENTARES"},null,null,null,null,null,"SINAPI",{"$f":"IF(I78=\"SINAPI\",VLOOKUP(B78,DADOS_SINAPI,3,0),IF(I78=\"SETOP\",VLOOKUP(B78,DADOS_SETOP,3,0),IF(I78=\"SICRO\",VLOOKUP(B78,DADOS_SICRO,3,0),IF(I78=\"SUDECAP\",VLOOKUP(B78,DADOS_SUDECAP,3,0),IF(I78=\"COTAÇÃO\",VLOOKUP(B78,DADOS_COTACAO,9,0),VLOOKUP(B78,DADOS_COMPOSICAO,10,0))))))","v":"H"},0.186,{"$f":"IF(I78=\"SINAPI\",VLOOKUP(B78,DADOS_SINAPI,4,0),IF(I78=\"SETOP\",VLOOKUP(B78,DADOS_SETOP,4,0),IF(I78=\"SICRO\",VLOOKUP(B78,DADOS_SICRO,4,0),IF(I78=\"SUDECAP\",VLOOKUP(B78,DADOS_SUDECAP,4,0),IF(I78=\"COTAÇÃO\",VLOOKUP(B78,DADOS_COTACAO,12,0),VLOOKUP(B78,DADOS_COMPOSICAO,13,0))))))","v":24.92},{"$f":"K78*L78","v":4.6351200000000006}]
[null,88309,"PEDREIRO COM ENCARGOS COMPLEMENTARES",null,null,null,null,null,"SINAPI","H",1.119,25.27,28.27713]
[null,88316,"SERVENTE COM ENCARGOS COMPLEMENTARES",null,null,null,null,null,"SINAPI","H",1.1919999999999999,18.75,22.349999999999998]
[null,90587,"VIBRADOR DE IMERSÃO, DIÂMETRO DE PONTEIRA 45MM, MOTOR ELÉTRICO TRIFÁSICO POTÊNCIA DE 2 CV - CHI DIURNO. AF_06/2015",null,null,null,null,null,"SINAPI","CHI",0.17899999999999999,0.53,9.4869999999999996E-2]
[null,90586,"VIBRADOR DE IMERSÃO, DIÂMETRO DE PONTEIRA 45MM, MOTOR ELÉTRICO TRIFÁSICO POTÊNCIA DE 2 CV - CHP DIURNO. AF_06/2015",null,null,null,null,null,"SINAPI","CHP",0.19400000000000001,1.36,0.26384000000000002]
[null,1525,"CONCRETO USINADO BOMBEAVEL, CLASSE DE RESISTENCIA C30, BRITA 0 E 1, SLUMP = 100 +/- 20 MM, COM BOMBEAMENTO (DISPONIBILIZACAO DE BOMBA), SEM O LANCAMENTO (NBR 8953)                                                                                                                                                                                                                                                                                                                                       ",null,null,null,null,null,"SINAPI","M3    ",1.103,654.44000000000005,721.84732000000008]
[]
["EST-008","ALVENARIA DE BLOCOS DE CONCRETO ESTRUTURAL 19 X 19 X 39 CM (ESPESSURA 19 CM), FBK = 14 MPA, UTILIZANDO PALHETA.",null,null,null,null,null,null,"CPU","M2",null,null,{"$f":"SUM(M86:M89)","v":133.899281}]
[null,88626,{"$f":"IF(I86=\"SINAPI\",VLOOKUP(B86,DADOS_SINAPI,2,0),IF(I86=\"SETOP\",VLOOKUP(B86,DADOS_SETOP,2,0),IF(I86=\"SICRO\",VLOOKUP(B86,DADOS_SICRO,2,0),IF(I86=\"SUDECAP\",VLOOKUP(B86,DADOS_SUDECAP,2,0),IF(I86=\"COTAÇÃO\",VLOOKUP(B86,DADOS_COTACAO,2,0),VLOOKUP(B86,DADOS_COMPOSICAO,2,0))))))","v":"ARGAMASSA TRAÇO 1:0,5:4,5 (EM VOLUME DE CIMENTO, CAL E AREIA MÉDIA ÚMIDA), PREPARO MECÂNICO COM BETONEIRA 400 L. AF_08/2019"},null,null,null,null,null,"SINAPI",{"$f":"IF(I86=\"SINAPI\",VLOOKUP(B86,DADOS_SINAPI,3,0),IF(I86=\"SETOP\",VLOOKUP(B86,DADOS_SETOP,3,0),IF(I86=\"SICRO\",VLOOKUP(B86,DADOS_SICRO,3,0),IF(I86=\"SUDECAP\",VLOOKUP(B86,DADOS_SUDECAP,3,0),IF(I86=\"COTAÇÃO\",VLOOKUP(B86,DADOS_COTACAO,9,0),VLOOKUP(B86,DADOS_COMPOSICAO,10,0))))))","v":"M3"},1.1299999999999999E-2,{"$f":"IF(I86=\"SINAPI\",VLOOKUP(B86,DADOS_SINAPI,4,0),IF(I86=\"SETOP\",VLOOKUP(B86,DADOS_SETOP,4,0),IF(I86=\"SICRO\",VLOOKUP(B86,DADOS_SICRO,4,0),IF(I86=\"SUDECAP\",VLOOKUP(B86,DADOS_SUDECAP,4,0),IF(I86=\"COTAÇÃO\",VLOOKUP(B86,DADOS_COTACAO,12,0),VLOOKUP(B86,DADOS_COMPOSICAO,13,0))))))","v":584.37},{"$f":"K86*L86","v":6.6033809999999997}]
[null,88309,{"$f":"IF(I87=\"SINAPI\",VLOOKUP(B87,DADOS_SINAPI,2,0),IF(I87=\"SETOP\",VLOOKUP(B87,DADOS_SETOP,2,0),IF(I87=\"SICRO\",VLOOKUP(B87,DADOS_SICRO,2,0),IF(I87=\"SUDECAP\",VLOOKUP(B87,DADOS_SUDECAP,2,0),IF(I87=\"COTAÇÃO\",VLOOKUP(B87,DADOS_COTACAO,2,0),VLOOKUP(B87,DADOS_COMPOSICAO,2,0))))))","v":"PEDREIRO COM ENCARGOS COMPLEMENTARES"},null,null,null,null,null,"SINAPI",{"$f":"IF(I87=\"SINAPI\",VLOOKUP(B87,DADOS_SINAPI,3,0),IF(I87=\"SETOP\",VLOOKUP(B87,DADOS_SETOP,3,0),IF(I87=\"SICRO\",VLOOKUP(B87,DADOS_SICRO,3,0),IF(I87=\"SUDECAP\",VLOOKUP(B87,DADOS_SUDECAP,3,0),IF(I87=\"COTAÇÃO\",VLOOKUP(B87,DADOS_COTACAO,9,0),VLOOKUP(B87,DADOS_COMPOSICAO,10,0))))))","v":"H"},0.48,{"$f":"IF(I87=\"SINAPI\",VLOOKUP(B87,DADOS_SINAPI,4,0),IF(I87=\"SETOP\",VLOOKUP(B87,DADOS_SETOP,4,0),IF(I87=\"SICRO\",VLOOKUP(B87,DADOS_SICRO,4,0),IF(I87=\"SUDECAP\",VLOOKUP(B87,DADOS_SUDECAP,4,0),IF(I87=\"COTAÇÃO\",VLOOKUP(B87,DADOS_COTACAO,12,0),VLOOKUP(B87,DADOS_COMPOSICAO,13,0))))))","v":25.27},12.1296]
[null,88316,{"$f":"IF(I88=\"SINAPI\",VLOOKUP(B88,DADOS_SINAPI,2,0),IF(I88=\"SETOP\",VLOOKUP(B88,DADOS_SETOP,2,0),IF(I88=\"SICRO\",VLOOKUP(B88,DADOS_SICRO,2,0),IF(I88=\"SUDECAP\",VLOOKUP(B88,DADOS_SUDECAP,2,0),IF(I88=\"COTAÇÃO\",VLOOKUP(B88,DADOS_COTACAO,2,0),VLOOKUP(B88,DADOS_COMPOSICAO,2,0))))))","v":"SERVENTE COM ENCARGOS COMPLEMENTARES"},null,null,null,null,null,"SINAPI",{"$f":"IF(I88=\"SINAPI\",VLOOKUP(B88,DADOS_SINAPI,3,0),IF(I88=\"SETOP\",VLOOKUP(B88,DADOS_SETOP,3,0),IF(I88=\"SICRO\",VLOOKUP(B88,DADOS_SICRO,3,0),IF(I88=\"SUDECAP\",VLOOKUP(B88,DADOS_SUDECAP,3,0),IF(I88=\"COTAÇÃO\",VLOOKUP(B88,DADOS_COTACAO,9,0),VLOOKUP(B88,DADOS_COMPOSICAO,10,0))))))","v":"H"},0.48,{"$f":"IF(I88=\"SINAPI\",VLOOKUP(B88,DADOS_SINAPI,4,0),IF(I88=\"SETOP\",VLOOKUP(B88,DADOS_SETOP,4,0),IF(I88=\"SICRO\",VLOOKUP(B88,DADOS_SICRO,4,0),IF(I88=\"SUDECAP\",VLOOKUP(B88,DADOS_SUDECAP,4,0),IF(I88=\"COTAÇÃO\",VLOOKUP(B88,DADOS_COTACAO,12,0),VLOOKUP(B88,DADOS_COMPOSICAO,13,0))))))","v":18.75},9]
[null,34578,{"$f":"IF(I89=\"SINAPI\",VLOOKUP(B89,DADOS_SINAPI,2,0),IF(I89=\"SETOP\",VLOOKUP(B89,DADOS_SETOP,2,0),IF(I89=\"SICRO\",VLOOKUP(B89,DADOS_SICRO,2,0),IF(I89=\"SUDECAP\",VLOOKUP(B89,DADOS_SUDECAP,2,0),IF(I89=\"COTAÇÃO\",VLOOKUP(B89,DADOS_COTACAO,2,0),VLOOKUP(B89,DADOS_COMPOSICAO,2,0))))))","v":"BLOCO DE CONCRETO ESTRUTURAL 19 X 19 X 39 CM, FBK 14 MPA (NBR 6136)                                                                                                                                                                                                                                                                                                                                                                                                                                       "},null,null,null,null,null,"SINAPI",{"$f":"IF(I89=\"SINAPI\",VLOOKUP(B89,DADOS_SINAPI,3,0),IF(I89=\"SETOP\",VLOOKUP(B89,DADOS_SETOP,3,0),IF(I89=\"SICRO\",VLOOKUP(B89,DADOS_SICRO,3,0),IF(I89=\"SUDECAP\",VLOOKUP(B89,DADOS_SUDECAP,3,0),IF(I89=\"COTAÇÃO\",VLOOKUP(B89,DADOS_COTACAO,9,0),VLOOKUP(B89,DADOS_COMPOSICAO,10,0))))))","v":"UN    "},13.49,{"$f":"IF(I89=\"SINAPI\",VLOOKUP(B89,DADOS_SINAPI,4,0),IF(I89=\"SETOP\",VLOOKUP(B89,DADOS_SETOP,4,0),IF(I89=\"SICRO\",VLOOKUP(B89,DADOS_SICRO,4,0),IF(I89=\"SUDECAP\",VLOOKUP(B89,DADOS_SUDECAP,4,0),IF(I89=\"COTAÇÃO\",VLOOKUP(B89,DADOS_COTACAO,12,0),VLOOKUP(B89,DADOS_COMPOSICAO,13,0))))))","v":7.87},106.16630000000001]
[]
[7,{"$f":"VLOOKUP(A91,[1]ORC!$D$46:$N$2472,2,0)","v":"SISTEMA VERTICAL"}]
["ALV-001","CORRIMÃO DUPLO EM TUBO DE AÇO INOX D = 1 1/2\" FIXADO EM PISO",null,null,null,null,null,null,"CPU","M",null,null,{"$f":"SUM(M93:XFD96)","v":430.38689999999991}]
[null,"MATED-12684",{"$f":"IF(I93=\"SINAPI\",VLOOKUP(B93,DADOS_SINAPI,2,0),IF(I93=\"SETOP\",VLOOKUP(B93,DADOS_SETOP,2,0),IF(I93=\"SICRO\",VLOOKUP(B93,DADOS_SICRO,2,0),IF(I93=\"SUDECAP\",VLOOKUP(B93,DADOS_SUDECAP,2,0),IF(I93=\"COTAÇÃO\",VLOOKUP(B93,DADOS_COTACAO,2,0),VLOOKUP(B93,DADOS_COMPOSICAO,2,0))))))","v":"CORRIMÃO (MATERIAL: AÇO INOX|TIPO: DUPLO|DIÂMETRO DO TUBO: 1.1/2\") - IPRM"},null,null,null,null,null,"SETOP",{"$f":"IF(I93=\"SINAPI\",VLOOKUP(B93,DADOS_SINAPI,3,0),IF(I93=\"SETOP\",VLOOKUP(B93,DADOS_SETOP,3,0),IF(I93=\"SICRO\",VLOOKUP(B93,DADOS_SICRO,3,0),IF(I93=\"SUDECAP\",VLOOKUP(B93,DADOS_SUDECAP,3,0),IF(I93=\"COTAÇÃO\",VLOOKUP(B93,DADOS_COTACAO,9,0),VLOOKUP(B93,DADOS_COMPOSICAO,10,0))))))","v":"m"},1,{"$f":"IF(I93=\"SINAPI\",VLOOKUP(B93,DADOS_SINAPI,4,0),IF(I93=\"SETOP\",VLOOKUP(B93,DADOS_SETOP,4,0),IF(I93=\"SICRO\",VLOOKUP(B93,DADOS_SICRO,4,0),IF(I93=\"SUDECAP\",VLOOKUP(B93,DADOS_SUDECAP,4,0),IF(I93=\"COTAÇÃO\",VLOOKUP(B93,DADOS_COTACAO,12,0),VLOOKUP(B93,DADOS_COMPOSICAO,13,0))))))","v":403.09},{"$f":"K93*L93","v":403.09}]
[null,"ED-50381","PEDREIRO COM ENCARGOS COMPLEMENTARES",null,null,null,null,null,"SETOP","hora",0.4,25.29,10.116]
[null,"ED-50367","SERVENTE COM ENCARGOS COMPLEMENTARES",null,null,null,null,null,"SETOP","hora",0.4,18.53,7.4120000000000008]
[null,"ED-48302","ARGAMASSA, TRAÇO 1:3 (CIMENTO E AREIA), COM PREPARO MECANIZADO",null,null,null,null,null,"SETOP","m3",1.4999999999999999E-2,651.26,9.7689000000000004]
[]
[8,{"$f":"VLOOKUP(A98,[1]ORC!$D$46:$N$2472,2,0)","v":"ESQUADRIAS"}]
["ARQ-001","PORTA DE ALUMÍNIO DE ABRIR COM LAMBRI, FIXAÇÃO COM PARAFUSOS - FORNECIMENTO E INSTALAÇÃO. ",null,null,null,null,null,null,"CPU","M2    ",null,null,{"$f":"SUM(M100:XFD104)","v":651.58679899999993}]
[null,88309,{"$f":"IF(I100=\"SINAPI\",VLOOKUP(B100,DADOS_SINAPI,2,0),IF(I100=\"SETOP\",VLOOKUP(B100,DADOS_SETOP,2,0),IF(I100=\"SICRO\",VLOOKUP(B100,DADOS_SICRO,2,0),IF(I100=\"SUDECAP\",VLOOKUP(B100,DADOS_SUDECAP,2,0),IF(I100=\"COTAÇÃO\",VLOOKUP(B100,DADOS_COTACAO,2,0),VLOOKUP(B100,DADOS_COMPOSICAO,2,0))))))","v":"PEDREIRO COM ENCARGOS COMPLEMENTARES"},null,null,null,null,null,"SINAPI",{"$f":"IF(I100=\"SINAPI\",VLOOKUP(B100,DADOS_SINAPI,3,0),IF(I100=\"SETOP\",VLOOKUP(B100,DADOS_SETOP,3,0),IF(I100=\"SICRO\",VLOOKUP(B100,DADOS_SICRO,3,0),IF(I100=\"SUDECAP\",VLOOKUP(B100,DADOS_SUDECAP,3,0),IF(I100=\"COTAÇÃO\",VLOOKUP(B100,DADOS_COTACAO,9,0),VLOOKUP(B100,DADOS_COMPOSICAO,10,0))))))","v":"H"},0.35630000000000001,{"$f":"IF(I100=\"SINAPI\",VLOOKUP(B100,DADOS_SINAPI,4,0),IF(I100=\"SETOP\",VLOOKUP(B100,DADOS_SETOP,4,0),IF(I100=\"SICRO\",VLOOKUP(B100,DADOS_SICRO,4,0),IF(I100=\"SUDECAP\",VLOOKUP(B100,DADOS_SUDECAP,4,0),IF(I100=\"COTAÇÃO\",VLOOKUP(B100,DADOS_COTACAO,12,0),VLOOKUP(B100,DADOS_COMPOSICAO,13,0))))))","v":25.27},{"$f":"K100*L100","v":9.0037009999999995}]
[null,88316,{"$f":"IF(I101=\"SINAPI\",VLOOKUP(B101,DADOS_SINAPI,2,0),IF(I101=\"SETOP\",VLOOKUP(B101,DADOS_SETOP,2,0),IF(I101=\"SICRO\",VLOOKUP(B101,DADOS_SICRO,2,0),IF(I101=\"SUDECAP\",VLOOKUP(B101,DADOS_SUDECAP,2,0),IF(I101=\"COTAÇÃO\",VLOOKUP(B101,DADOS_COTACAO,2,0),VLOOKUP(B101,DADOS_COMPOSICAO,2,0))))))","v":"SERVENTE COM ENCARGOS COMPLEMENTARES"},null,null,null,null,null,"SINAPI",{"$f":"IF(I101=\"SINAPI\",VLOOKUP(B101,DADOS_SINAPI,3,0),IF(I101=\"SETOP\",VLOOKUP(B101,DADOS_SETOP,3,0),IF(I101=\"SICRO\",VLOOKUP(B101,DADOS_SICRO,3,0),IF(I101=\"SUDECAP\",VLOOKUP(B101,DADOS_SUDECAP,3,0),IF(I101=\"COTAÇÃO\",VLOOKUP(B101,DADOS_COTACAO,9,0),VLOOKUP(B101,DADOS_COMPOSICAO,10,0))))))","v":"H"},0.1779,{"$f":"IF(I101=\"SINAPI\",VLOOKUP(B101,DADOS_SINAPI,4,0),IF(I101=\"SETOP\",VLOOKUP(B101,DADOS_SETOP,4,0),IF(I101=\"SICRO\",VLOOKUP(B101,DADOS_SICRO,4,0),IF(I101=\"SUDECAP\",VLOOKUP(B101,DADOS_SUDECAP,4,0),IF(I101=\"COTAÇÃO\",VLOOKUP(B101,DADOS_COTACAO,12,0),VLOOKUP(B101,DADOS_COMPOSICAO,13,0))))))","v":18.75},3.3356249999999998]
[null,7568,"BUCHA DE NYLON SEM ABA S10, COM PARAFUSO DE 6,10 X 65 MM EM ACO ZINCADO COM ROSCA SOBERBA, CABECA CHATA E FENDA PHILLIPS                                                                                                                                                                                                                                                                                                                                                                                  ",null,null,null,null,null,"SINAPI","UN    ",4.8166000000000002,0.92,4.4312720000000008]
[null,4914,"PORTA DE ABRIR EM ALUMINIO COM LAMBRI HORIZONTAL/LAMINADA, ACABAMENTO ANODIZADO NATURAL, SEM GUARNICAO/ALIZAR/VISTA                                                                                                                                                                                                                                                                                                                                                                                       ",null,null,null,null,null,"SINAPI","M2    ",1,607.72,607.72]
[null,142,"SELANTE ELASTICO MONOCOMPONENTE A BASE DE POLIURETANO (PU) PARA JUNTAS DIVERSAS                                                                                                                                                                                                                                                                                                                                                                                                                           ",null,null,null,null,null,"SINAPI","310ML ",0.88290000000000002,30.69,27.096201000000001]
[]
["ARQ-002","PORTÃO PARA GRADIL, TIPO CORRER - FORNECIMENTO E INSTALAÇÃO",null,null,null,null,null,null,"CPU","M2",null,null,{"$f":"SUM(M107:XFD110)","v":310.02499999999998}]
[null,88315,{"$f":"IF(I107=\"SINAPI\",VLOOKUP(B107,DADOS_SINAPI,2,0),IF(I107=\"SETOP\",VLOOKUP(B107,DADOS_SETOP,2,0),IF(I107=\"SICRO\",VLOOKUP(B107,DADOS_SICRO,2,0),IF(I107=\"SUDECAP\",VLOOKUP(B107,DADOS_SUDECAP,2,0),IF(I107=\"COTAÇÃO\",VLOOKUP(B107,DADOS_COTACAO,2,0),VLOOKUP(B107,DADOS_COMPOSICAO,2,0))))))","v":"SERRALHEIRO COM ENCARGOS COMPLEMENTARES"},null,null,null,null,null,"SINAPI",{"$f":"IF(I107=\"SINAPI\",VLOOKUP(B107,DADOS_SINAPI,3,0),IF(I107=\"SETOP\",VLOOKUP(B107,DADOS_SETOP,3,0),IF(I107=\"SICRO\",VLOOKUP(B107,DADOS_SICRO,3,0),IF(I107=\"SUDECAP\",VLOOKUP(B107,DADOS_SUDECAP,3,0),IF(I107=\"COTAÇÃO\",VLOOKUP(B107,DADOS_COTACAO,9,0),VLOOKUP(B107,DADOS_COMPOSICAO,10,0))))))","v":"H"},1.5,{"$f":"IF(I107=\"SINAPI\",VLOOKUP(B107,DADOS_SINAPI,4,0),IF(I107=\"SETOP\",VLOOKUP(B107,DADOS_SETOP,4,0),IF(I107=\"SICRO\",VLOOKUP(B107,DADOS_SICRO,4,0),IF(I107=\"SUDECAP\",VLOOKUP(B107,DADOS_SUDECAP,4,0),IF(I107=\"COTAÇÃO\",VLOOKUP(B107,DADOS_COTACAO,12,0),VLOOKUP(B107,DADOS_COMPOSICAO,13,0))))))","v":25.06},{"$f":"K107*L107","v":37.589999999999996}]
[null,88251,"AUXILIAR DE SERRALHEIRO COM ENCARGOS COMPLEMENTARES",null,null,null,null,null,"SINAPI","H",1.5,20.67,31.005000000000003]
[null,"78.13.01","GRADIL NYLOFOR 3D H= 2.03 M OU EQUIVALENTE",null,null,null,null,null,"SUDECAP","UN",0.4,464.9,185.96]
[null,"76.46.03","POSTE PARA GRADIL NYLOFOR 3D H= 2.60 M OU EQUIVALENTE",null,null,null,null,null,"SUDECAP","UN",0.3,184.9,55.47]
[]
["ARQ-003","PORTA EM ALUMÍNIO COMPLETA, DIMENSÃO (2,20 X 2,10 M), COM DUAS FOLHAS MÓVEIS, LINHA 25/SUPREMA, ACABAMENTO ANODIZADO PRETO, INCLUSIVE PERFIS, VIDRO FUME LAMINADO 6MM, FERRAGENS E INSTALAÇÃO",null,null,null,null,null,null,"CPU","UN ",null,null,{"$f":"SUM(M113:XFD116)","v":4388.7854000000007}]
[null,"ED-29454",{"$f":"IF(I113=\"SINAPI\",VLOOKUP(B113,DADOS_SINAPI,2,0),IF(I113=\"SETOP\",VLOOKUP(B113,DADOS_SETOP,2,0),IF(I113=\"SICRO\",VLOOKUP(B113,DADOS_SICRO,2,0),IF(I113=\"SUDECAP\",VLOOKUP(B113,DADOS_SUDECAP,2,0),IF(I113=\"COTAÇÃO\",VLOOKUP(B113,DADOS_COTACAO,2,0),VLOOKUP(B113,DADOS_COMPOSICAO,2,0))))))","v":"FERRAGENS PARA PORTA DE ALUMÍNIO PARA CONJUNTO DE DUAS (2) FOLHAS DE CORRER, INCLUSIVE ROLDANAS E ACESSÓRIOS, FORNECIMENTO E INSTALAÇÃO, EXCLUSIVE PORTA"},null,null,null,null,null,"SETOP",{"$f":"IF(I113=\"SINAPI\",VLOOKUP(B113,DADOS_SINAPI,3,0),IF(I113=\"SETOP\",VLOOKUP(B113,DADOS_SETOP,3,0),IF(I113=\"SICRO\",VLOOKUP(B113,DADOS_SICRO,3,0),IF(I113=\"SUDECAP\",VLOOKUP(B113,DADOS_SUDECAP,3,0),IF(I113=\"COTAÇÃO\",VLOOKUP(B113,DADOS_COTACAO,9,0),VLOOKUP(B113,DADOS_COMPOSICAO,10,0))))))","v":"un"},1,{"$f":"IF(I113=\"SINAPI\",VLOOKUP(B113,DADOS_SINAPI,4,0),IF(I113=\"SETOP\",VLOOKUP(B113,DADOS_SETOP,4,0),IF(I113=\"SICRO\",VLOOKUP(B113,DADOS_SICRO,4,0),IF(I113=\"SUDECAP\",VLOOKUP(B113,DADOS_SUDECAP,4,0),IF(I113=\"COTAÇÃO\",VLOOKUP(B113,DADOS_COTACAO,12,0),VLOOKUP(B113,DADOS_COMPOSICAO,13,0))))))","v":175.42},{"$f":"K113*L113","v":175.42}]
[null,"ED-29455","ASSENTAMENTO DE ESQUADRIA DE ALUMÍNIO, INCLUSIVE FIXAÇÃO DO CONTRAMARCO, EXCLUSIVE FORNECIMENTO DA ESQUADRIA",null,null,null,null,null,"SETOP","m²",{"$f":"2.2*2.1","v":4.620000000000001},76.930000000000007,355.41660000000013]
[null,"ED-29521","PORTA EM ALUMÍNIO DE CORRER COM DUAS (2) FOLHAS (120X210)CM COMPLETA, LINHA 25/SUPREMA, ACABAMENTO ANODIZADO, INCLUSIVE PERFIS, EXCLUSIVE VIDRO E ACESSÓRIOS (FORNECIMENTO/FABRICAÇÃO)",null,null,null,null,null,"SETOP","m2",2,1112.99,2225.98]
[null,102167,"INSTALAÇÃO DE VIDRO LISO FUME, E = 6 MM, EM ESQUADRIA DE ALUMÍNIO OU PVC, FIXADO COM BAGUETE. AF_01/2021_PS",null,null,null,null,null,"SINAPI","M2",{"$f":"K114","v":4.620000000000001},353.24,1631.9688000000003]
[]
["ARQ-004","PORTA PIVOTANTE DE VIDRO JATEADO, 2 FOLHAS DE 70X210 CM, ESPESSURA DE 6MM, INCLUSIVE ACESSÓRIOS.",null,null,null,null,null,null,"CPU","UN ",null,null,{"$f":"SUM(M119:XFD122)","v":1347.9619188000001}]
[null,88316,{"$f":"IF(I119=\"SINAPI\",VLOOKUP(B119,DADOS_SINAPI,2,0),IF(I119=\"SETOP\",VLOOKUP(B119,DADOS_SETOP,2,0),IF(I119=\"SICRO\",VLOOKUP(B119,DADOS_SICRO,2,0),IF(I119=\"SUDECAP\",VLOOKUP(B119,DADOS_SUDECAP,2,0),IF(I119=\"COTAÇÃO\",VLOOKUP(B119,DADOS_COTACAO,2,0),VLOOKUP(B119,DADOS_COMPOSICAO,2,0))))))","v":"SERVENTE COM ENCARGOS COMPLEMENTARES"},null,null,null,null,null,"SINAPI",{"$f":"IF(I119=\"SINAPI\",VLOOKUP(B119,DADOS_SINAPI,3,0),IF(I119=\"SETOP\",VLOOKUP(B119,DADOS_SETOP,3,0),IF(I119=\"SICRO\",VLOOKUP(B119,DADOS_SICRO,3,0),IF(I119=\"SUDECAP\",VLOOKUP(B119,DADOS_SUDECAP,3,0),IF(I119=\"COTAÇÃO\",VLOOKUP(B119,DADOS_COTACAO,9,0),VLOOKUP(B119,DADOS_COMPOSICAO,10,0))))))","v":"H"},{"$f":"3.988","v":3.988},{"$f":"IF(I119=\"SINAPI\",VLOOKUP(B119,DADOS_SINAPI,4,0),IF(I119=\"SETOP\",VLOOKUP(B119,DADOS_SETOP,4,0),IF(I119=\"SICRO\",VLOOKUP(B119,DADOS_SICRO,4,0),IF(I119=\"SUDECAP\",VLOOKUP(B119,DADOS_SUDECAP,4,0),IF(I119=\"COTAÇÃO\",VLOOKUP(B119,DADOS_COTACAO,12,0),VLOOKUP(B119,DADOS_COMPOSICAO,13,0))))))","v":18.75},{"$f":"K119*L119","v":74.775000000000006}]
[null,88325,"VIDRACEIRO COM ENCARGOS COMPLEMENTARES",null,null,null,null,null,"SINAPI","H",4.0999999999999996,20.440000000000001,83.804000000000002]
[null,3104,"CONJ. DE FERRAGENS PARA PORTA DE VIDRO TEMPERADO, EM ZAMAC CROMADO, CONTEMPLANDO DOBRADICA INF., DOBRADICA SUP., PIVO PARA DOBRADICA INF., PIVO PARA DOBRADICA SUP., FECHADURA CENTRAL EM ZAMC. CROMADO, CONTRA FECHADURA DE PRESSAO                                                                                                                                                                                                                                                                      ",null,null,null,null,null,"SINAPI","CJ    ",2,146.24,292.48]
[null,"ARQ-005","INSTALAÇÃO DE VIDRO JATEADO BRANCO, E=6MM, ENCAIXADO EM PERFIL U.",null,null,null,null,null,"CPU","UN ",{"$f":"0.7*2.1*2","v":2.94},305.06902000000002,896.90291880000007]
[]
["ARQ-005","INSTALAÇÃO DE VIDRO JATEADO BRANCO, E=6MM, ENCAIXADO EM PERFIL U.",null,null,null,null,null,null,"CPU","UN ",null,null,{"$f":"SUM(M125:XFD131)","v":305.06902000000002}]
[null,88316,{"$f":"IF(I125=\"SINAPI\",VLOOKUP(B125,DADOS_SINAPI,2,0),IF(I125=\"SETOP\",VLOOKUP(B125,DADOS_SETOP,2,0),IF(I125=\"SICRO\",VLOOKUP(B125,DADOS_SICRO,2,0),IF(I125=\"SUDECAP\",VLOOKUP(B125,DADOS_SUDECAP,2,0),IF(I125=\"COTAÇÃO\",VLOOKUP(B125,DADOS_COTACAO,2,0),VLOOKUP(B125,DADOS_COMPOSICAO,2,0))))))","v":"SERVENTE COM ENCARGOS COMPLEMENTARES"},null,null,null,null,null,"SINAPI",{"$f":"IF(I125=\"SINAPI\",VLOOKUP(B125,DADOS_SINAPI,3,0),IF(I125=\"SETOP\",VLOOKUP(B125,DADOS_SETOP,3,0),IF(I125=\"SICRO\",VLOOKUP(B125,DADOS_SICRO,3,0),IF(I125=\"SUDECAP\",VLOOKUP(B125,DADOS_SUDECAP,3,0),IF(I125=\"COTAÇÃO\",VLOOKUP(B125,DADOS_COTACAO,9,0),VLOOKUP(B125,DADOS_COMPOSICAO,10,0))))))","v":"H"},1.542,{"$f":"IF(I125=\"SINAPI\",VLOOKUP(B125,DADOS_SINAPI,4,0),IF(I125=\"SETOP\",VLOOKUP(B125,DADOS_SETOP,4,0),IF(I125=\"SICRO\",VLOOKUP(B125,DADOS_SICRO,4,0),IF(I125=\"SUDECAP\",VLOOKUP(B125,DADOS_SUDECAP,4,0),IF(I125=\"COTAÇÃO\",VLOOKUP(B125,DADOS_COTACAO,12,0),VLOOKUP(B125,DADOS_COMPOSICAO,13,0))))))","v":18.75},{"$f":"K125*L125","v":28.912500000000001}]
[null,88325,"VIDRACEIRO COM ENCARGOS COMPLEMENTARES",null,null,null,null,null,"SINAPI","H",1.5860000000000001,20.440000000000001,32.417840000000005]
[null,11950,"BUCHA DE NYLON SEM ABA S6, COM PARAFUSO DE 4,20 X 40 MM EM ACO ZINCADO COM ROSCA SOBERBA, CABECA CHATA E FENDA PHILLIPS                                                                                                                                                                                                                                                                                                                                                                                   ",null,null,null,null,null,"SINAPI","UN    ",2.1960000000000002,0.31,0.68076000000000003]
[null,39432,{"$f":"IF(I128=\"SINAPI\",VLOOKUP(B128,DADOS_SINAPI,2,0),IF(I128=\"SETOP\",VLOOKUP(B128,DADOS_SETOP,2,0),IF(I128=\"SICRO\",VLOOKUP(B128,DADOS_SICRO,2,0),IF(I128=\"SUDECAP\",VLOOKUP(B128,DADOS_SUDECAP,2,0),IF(I128=\"COTAÇÃO\",VLOOKUP(B128,DADOS_COTACAO,2,0),VLOOKUP(B128,DADOS_COMPOSICAO,2,0))))))","v":"FITA DE PAPEL REFORCADA COM LAMINA DE METAL PARA REFORCO DE CANTOS DE CHAPA DE GESSO PARA DRYWALL                                                                                                                                                                                                                                                                                                                                                                                                         "},null,null,null,null,null,"SINAPI",{"$f":"IF(I128=\"SINAPI\",VLOOKUP(B128,DADOS_SINAPI,3,0),IF(I128=\"SETOP\",VLOOKUP(B128,DADOS_SETOP,3,0),IF(I128=\"SICRO\",VLOOKUP(B128,DADOS_SICRO,3,0),IF(I128=\"SUDECAP\",VLOOKUP(B128,DADOS_SUDECAP,3,0),IF(I128=\"COTAÇÃO\",VLOOKUP(B128,DADOS_COTACAO,9,0),VLOOKUP(B128,DADOS_COMPOSICAO,10,0))))))","v":"M     "},2.992,{"$f":"IF(I128=\"SINAPI\",VLOOKUP(B128,DADOS_SINAPI,4,0),IF(I128=\"SETOP\",VLOOKUP(B128,DADOS_SETOP,4,0),IF(I128=\"SICRO\",VLOOKUP(B128,DADOS_SICRO,4,0),IF(I128=\"SUDECAP\",VLOOKUP(B128,DADOS_SUDECAP,4,0),IF(I128=\"COTAÇÃO\",VLOOKUP(B128,DADOS_COTACAO,12,0),VLOOKUP(B128,DADOS_COMPOSICAO,13,0))))))","v":2.91},8.7067200000000007]
[null,34360,"PERFIL DE ALUMINIO ANODIZADO                                                                                                                                                                                                                                                                                                                                                                                                                                                                              ",null,null,null,null,null,"SINAPI","KG    ",0.96399999999999997,63.61,61.320039999999999]
[null,39961,"SILICONE ACETICO USO GERAL INCOLOR 280 G                                                                                                                                                                                                                                                                                                                                                                                                                                                                  ",null,null,null,null,null,"SINAPI","UN    ",0.39700000000000002,20.28,8.0511600000000012]
[null,34388,"VIDRO CRISTAL COLORIDO, 6 MM, PINTADO NA COR BRANCA                                                                                                                                                                                                                                                                                                                                                                                                                                                       ",null,null,null,null,null,"SINAPI","M2    ",1,164.98,164.98]
[]
[]
["ARQ-006","JANELA TIPO MAXIM-AR AÇO GALVANIZADO COM PINTURA ANTICORROSIVA, VIDRO FUME 6MM, BATENTE E FERRAGENS. FORNECIMENTO E INSTALAÇÃO. ",null,null,null,null,null,null,"CPU","UN ",null,null,{"$f":"SUM(M135:XFD140)","v":1236.7996820000001}]
[null,88309,{"$f":"IF(I135=\"SINAPI\",VLOOKUP(B135,DADOS_SINAPI,2,0),IF(I135=\"SETOP\",VLOOKUP(B135,DADOS_SETOP,2,0),IF(I135=\"SICRO\",VLOOKUP(B135,DADOS_SICRO,2,0),IF(I135=\"SUDECAP\",VLOOKUP(B135,DADOS_SUDECAP,2,0),IF(I135=\"COTAÇÃO\",VLOOKUP(B135,DADOS_COTACAO,2,0),VLOOKUP(B135,DADOS_COMPOSICAO,2,0))))))","v":"PEDREIRO COM ENCARGOS COMPLEMENTARES"},null,null,null,null,null,"SINAPI",{"$f":"IF(I135=\"SINAPI\",VLOOKUP(B135,DADOS_SINAPI,3,0),IF(I135=\"SETOP\",VLOOKUP(B135,DADOS_SETOP,3,0),IF(I135=\"SICRO\",VLOOKUP(B135,DADOS_SICRO,3,0),IF(I135=\"SUDECAP\",VLOOKUP(B135,DADOS_SUDECAP,3,0),IF(I135=\"COTAÇÃO\",VLOOKUP(B135,DADOS_COTACAO,9,0),VLOOKUP(B135,DADOS_COMPOSICAO,10,0))))))","v":"H"},1.7070000000000001,{"$f":"IF(I135=\"SINAPI\",VLOOKUP(B135,DADOS_SINAPI,4,0),IF(I135=\"SETOP\",VLOOKUP(B135,DADOS_SETOP,4,0),IF(I135=\"SICRO\",VLOOKUP(B135,DADOS_SICRO,4,0),IF(I135=\"SUDECAP\",VLOOKUP(B135,DADOS_SUDECAP,4,0),IF(I135=\"COTAÇÃO\",VLOOKUP(B135,DADOS_COTACAO,12,0),VLOOKUP(B135,DADOS_COMPOSICAO,13,0))))))","v":25.27},{"$f":"K135*L135","v":43.135890000000003}]
[null,88316,"SERVENTE COM ENCARGOS COMPLEMENTARES",null,null,null,null,null,"SINAPI","H",0.85299999999999998,18.75,15.99375]
[null,34797,"JANELA MAXIM-AR, ACO GALVANIZADO PINT. ANTICORROSIVA, COM BATENTE/REQUADRO DE 6 A 14 CM, SEM VIDRO, COM GRADE, 1 FL, 60 X 80 CM (A X L)                                                                                                                                                                                                                                                                                                                                                                   ",null,null,null,null,null,"SINAPI","UN    ",2.0832999999999999,381.02,793.77896599999997]
[null,4377,"PARAFUSO DE ACO ZINCADO COM ROSCA SOBERBA, CABECA CHATA E FENDA SIMPLES, DIAMETRO 4,2 MM, COMPRIMENTO * 32 * MM                                                                                                                                                                                                                                                                                                                                                                                           ",null,null,null,null,null,"SINAPI","UN    ",24.4,0.22,5.3679999999999994]
[null,39961,"SILICONE ACETICO USO GERAL INCOLOR 280 G                                                                                                                                                                                                                                                                                                                                                                                                                                                                  ",null,null,null,null,null,"SINAPI","UN    ",1.2466999999999999,20.28,25.283076000000001]
[null,102167,"INSTALAÇÃO DE VIDRO LISO FUME, E = 6 MM, EM ESQUADRIA DE ALUMÍNIO OU PVC, FIXADO COM BAGUETE. AF_01/2021_PS",null,null,null,null,null,"SINAPI","M2",1,353.24,353.24]
[]
[]
[11,{"$f":"VLOOKUP(A143,[1]ORC!$D$46:$N$2472,2,0)","v":"SISTEMA DE PISOS"}]
["ARQ-007","RODAPÉ COM REVESTIMENTO EM PORCELANATO 60X60 COM BORDA RETIFICADA E ACABAMENTO POLIDO, ALTURA 10 CM.",null,null,null,null,null,null,"CPU","M",null,null,{"$f":"SUM(M145:XFD149)","v":21.688084285714286}]
[null,88256,{"$f":"IF(I145=\"SINAPI\",VLOOKUP(B145,DADOS_SINAPI,2,0),IF(I145=\"SETOP\",VLOOKUP(B145,DADOS_SETOP,2,0),IF(I145=\"SICRO\",VLOOKUP(B145,DADOS_SICRO,2,0),IF(I145=\"SUDECAP\",VLOOKUP(B145,DADOS_SUDECAP,2,0),IF(I145=\"COTAÇÃO\",VLOOKUP(B145,DADOS_COTACAO,2,0),VLOOKUP(B145,DADOS_COMPOSICAO,2,0))))))","v":"AZULEJISTA OU LADRILHISTA COM ENCARGOS COMPLEMENTARES"},null,null,null,null,null,"SINAPI",{"$f":"IF(I145=\"SINAPI\",VLOOKUP(B145,DADOS_SINAPI,3,0),IF(I145=\"SETOP\",VLOOKUP(B145,DADOS_SETOP,3,0),IF(I145=\"SICRO\",VLOOKUP(B145,DADOS_SICRO,3,0),IF(I145=\"SUDECAP\",VLOOKUP(B145,DADOS_SUDECAP,3,0),IF(I145=\"COTAÇÃO\",VLOOKUP(B145,DADOS_COTACAO,9,0),VLOOKUP(B145,DADOS_COMPOSICAO,10,0))))))","v":"H"},{"$f":"0.0871*10/7","v":0.12442857142857143},{"$f":"IF(I145=\"SINAPI\",VLOOKUP(B145,DADOS_SINAPI,4,0),IF(I145=\"SETOP\",VLOOKUP(B145,DADOS_SETOP,4,0),IF(I145=\"SICRO\",VLOOKUP(B145,DADOS_SICRO,4,0),IF(I145=\"SUDECAP\",VLOOKUP(B145,DADOS_SUDECAP,4,0),IF(I145=\"COTAÇÃO\",VLOOKUP(B145,DADOS_COTACAO,12,0),VLOOKUP(B145,DADOS_COMPOSICAO,13,0))))))","v":26.74},{"$f":"K145*L145","v":3.3272200000000001}]
[null,88316,"SERVENTE COM ENCARGOS COMPLEMENTARES",null,null,null,null,null,"SINAPI","H",{"$f":"0.0326*10/7","v":4.6571428571428562E-2},18.75,0.8732142857142855]
[null,1381,"ARGAMASSA COLANTE AC I PARA CERAMICAS                                                                                                                                                                                                                                                                                                                                                                                                                                                                     ",null,null,null,null,null,"SINAPI","KG    ",{"$f":"0.6392*10/7","v":0.91314285714285703},0.7,0.63919999999999988]
[null,45190,"PISO EM PORCELANATO, RETIFICADO, LISO, MONOCOLOR, ACETINADO OU POLIDO, FORMATO MAIOR QUE 2500 ATE 6400 CM2                                                                                                                                                                                                                                                                                                                                                                                                ",null,null,null,null,null,"SINAPI","M2    ",{"$f":"0.1875*10/7","v":0.26785714285714285},60.95,16.325892857142858]
[null,34357,"REJUNTE CIMENTICIO, QUALQUER COR                                                                                                                                                                                                                                                                                                                                                                                                                                                                          ",null,null,null,null,null,"SINAPI","KG    ",{"$f":"0.089*10/7","v":0.12714285714285714},4.1100000000000003,0.52255714285714294]
[]
["ARQ-008","PISO EM CONCRETO, USINADO CONVENCIONAL, ACABAMENTO POLIDO EM NÍVEL ZERO, ESP. 5CM, INCLUSIVE FORNECIMENTO, LANÇAMENTO, ADENSAMENTO ",null,null,null,null,null,null,"CPU","M2",null,null,{"$f":"SUM(M152:XFD156)","v":100.78779857142857}]
[null,34492,{"$f":"IF(I152=\"SINAPI\",VLOOKUP(B152,DADOS_SINAPI,2,0),IF(I152=\"SETOP\",VLOOKUP(B152,DADOS_SETOP,2,0),IF(I152=\"SICRO\",VLOOKUP(B152,DADOS_SICRO,2,0),IF(I152=\"SUDECAP\",VLOOKUP(B152,DADOS_SUDECAP,2,0),IF(I152=\"COTAÇÃO\",VLOOKUP(B152,DADOS_COTACAO,2,0),VLOOKUP(B152,DADOS_COMPOSICAO,2,0))))))","v":"CONCRETO USINADO BOMBEAVEL, CLASSE DE RESISTENCIA C20, COM BRITA 0 E 1, SLUMP = 100 +/- 20 MM, EXCLUI SERVICO DE BOMBEAMENTO (NBR 8953)                                                                                                                                                                                                                                                                                                                                                                   "},null,null,null,null,null,"SINAPI",{"$f":"IF(I152=\"SINAPI\",VLOOKUP(B152,DADOS_SINAPI,3,0),IF(I152=\"SETOP\",VLOOKUP(B152,DADOS_SETOP,3,0),IF(I152=\"SICRO\",VLOOKUP(B152,DADOS_SICRO,3,0),IF(I152=\"SUDECAP\",VLOOKUP(B152,DADOS_SUDECAP,3,0),IF(I152=\"COTAÇÃO\",VLOOKUP(B152,DADOS_COTACAO,9,0),VLOOKUP(B152,DADOS_COMPOSICAO,10,0))))))","v":"M3    "},{"$f":"0.0871*10/7","v":0.12442857142857143},{"$f":"IF(I152=\"SINAPI\",VLOOKUP(B152,DADOS_SINAPI,4,0),IF(I152=\"SETOP\",VLOOKUP(B152,DADOS_SETOP,4,0),IF(I152=\"SICRO\",VLOOKUP(B152,DADOS_SICRO,4,0),IF(I152=\"SUDECAP\",VLOOKUP(B152,DADOS_SUDECAP,4,0),IF(I152=\"COTAÇÃO\",VLOOKUP(B152,DADOS_COTACAO,12,0),VLOOKUP(B152,DADOS_COMPOSICAO,13,0))))))","v":570},{"$f":"K152*L152","v":70.924285714285716}]
[null,"ED-48324","TRANSPORTE, LANÇAMENTO E ADENSAMENTO DE CONCRETO EM RADIER, PISO OU ELEMENTO PRÉ-MOLDADO, INCLUSIVE ACABAMENTO",null,null,null,null,null,"SETOP","m3",{"$f":"0.0326*10/7","v":4.6571428571428562E-2},98.28,4.5770399999999993]
[null,"ED-50367","SERVENTE COM ENCARGOS COMPLEMENTARES",null,null,null,null,null,"SETOP","hora",{"$f":"0.6392*10/7","v":0.91314285714285703},18.53,16.920537142857142]
[null,"ED-50381","PEDREIRO COM ENCARGOS COMPLEMENTARES",null,null,null,null,null,"SETOP","hora",{"$f":"0.1875*10/7","v":0.26785714285714285},25.29,6.774107142857142]
[null,"ED-50619","POLIMENTO MECANIZADO DE SUPERFÍCIE EM CONCRETO, INCLUSIVE ACABAMENTO DE CONCRETAGEM EM NIVELAMENTO A LASER (NÍVEL ZERO)",null,null,null,null,null,"SETOP","m2",{"$f":"0.089*10/7","v":0.12714285714285714},12.52,1.5918285714285714]
[]
[]
[14,{"$f":"VLOOKUP(A159,[1]ORC!$D$46:$N$2472,2,0)","v":"INSTALAÇÕES SANITÁRIAS"}]
["SAN-001","JOELHO PVC, COM BOLSA E ANEL, 90 GRAUS, DN 40 X *38* MM, SERIE NORMAL, PARA ESGOTO PREDIAL - FORNECIMENTO E INSTALAÇÃO",null,null,null,null,null,null,"CPU","UN",null,null,{"$f":"SUM(M161:XFD164)","v":17.179034000000001}]
[null,88248,{"$f":"IF(I161=\"SINAPI\",VLOOKUP(B161,DADOS_SINAPI,2,0),IF(I161=\"SETOP\",VLOOKUP(B161,DADOS_SETOP,2,0),IF(I161=\"SICRO\",VLOOKUP(B161,DADOS_SICRO,2,0),IF(I161=\"SUDECAP\",VLOOKUP(B161,DADOS_SUDECAP,2,0),IF(I161=\"COTAÇÃO\",VLOOKUP(B161,DADOS_COTACAO,2,0),VLOOKUP(B161,DADOS_COMPOSICAO,2,0))))))","v":"AUXILIAR DE ENCANADOR OU BOMBEIRO HIDRÁULICO COM ENCARGOS COMPLEMENTARES"},null,null,null,null,null,"SINAPI",{"$f":"IF(I161=\"SINAPI\",VLOOKUP(B161,DADOS_SINAPI,3,0),IF(I161=\"SETOP\",VLOOKUP(B161,DADOS_SETOP,3,0),IF(I161=\"SICRO\",VLOOKUP(B161,DADOS_SICRO,3,0),IF(I161=\"SUDECAP\",VLOOKUP(B161,DADOS_SUDECAP,3,0),IF(I161=\"COTAÇÃO\",VLOOKUP(B161,DADOS_COTACAO,9,0),VLOOKUP(B161,DADOS_COMPOSICAO,10,0))))))","v":"H"},0.19259999999999999,{"$f":"IF(I161=\"SINAPI\",VLOOKUP(B161,DADOS_SINAPI,4,0),IF(I161=\"SETOP\",VLOOKUP(B161,DADOS_SETOP,4,0),IF(I161=\"SICRO\",VLOOKUP(B161,DADOS_SICRO,4,0),IF(I161=\"SUDECAP\",VLOOKUP(B161,DADOS_SUDECAP,4,0),IF(I161=\"COTAÇÃO\",VLOOKUP(B161,DADOS_COTACAO,12,0),VLOOKUP(B161,DADOS_COMPOSICAO,13,0))))))","v":20.079999999999998},{"$f":"K161*L161","v":3.8674079999999997}]
[null,88267,"ENCANADOR OU BOMBEIRO HIDRÁULICO COM ENCARGOS COMPLEMENTARES",null,null,null,null,null,"SINAPI","H",0.19259999999999999,24.51,4.7206260000000002]
[null,10835,"JOELHO PVC, COM BOLSA E ANEL, 90 GRAUS, DN 40 X *38* MM, SERIE NORMAL, PARA ESGOTO PREDIAL                                                                                                                                                                                                                                                                                                                                                                                                                ",null,null,null,null,null,"SINAPI","UN    ",1,5.67,5.67]
[null,20078,"PASTA LUBRIFICANTE PARA TUBOS E CONEXOES COM JUNTA ELASTICA, EMBALAGEM DE *400* GR (USO EM PVC, ACO, POLIETILENO E OUTROS)                                                                                                                                                                                                                                                                                                                                                                                ",null,null,null,null,null,"SINAPI","UN    ",0.115,25.4,2.9209999999999998]
[]
["SAN-002","JUNÇÃO SIMPLES, PVC, SERIE NORMAL, ESGOTO PREDIAL, DN 100 X 50 MM, JUNTA ELÁSTICA, FORNECIDO E INSTALADO",null,null,null,null,null,null,"CPU","UN",null,null,{"$f":"SUM(M167:M172)","v":43.504763999999994}]
[null,88248,{"$f":"IF(I167=\"SINAPI\",VLOOKUP(B167,DADOS_SINAPI,2,0),IF(I167=\"SETOP\",VLOOKUP(B167,DADOS_SETOP,2,0),IF(I167=\"SICRO\",VLOOKUP(B167,DADOS_SICRO,2,0),IF(I167=\"SUDECAP\",VLOOKUP(B167,DADOS_SUDECAP,2,0),IF(I167=\"COTAÇÃO\",VLOOKUP(B167,DADOS_COTACAO,2,0),VLOOKUP(B167,DADOS_COMPOSICAO,2,0))))))","v":"AUXILIAR DE ENCANADOR OU BOMBEIRO HIDRÁULICO COM ENCARGOS COMPLEMENTARES"},null,null,null,null,null,"SINAPI",{"$f":"IF(I167=\"SINAPI\",VLOOKUP(B167,DADOS_SINAPI,3,0),IF(I167=\"SETOP\",VLOOKUP(B167,DADOS_SETOP,3,0),IF(I167=\"SICRO\",VLOOKUP(B167,DADOS_SICRO,3,0),IF(I167=\"SUDECAP\",VLOOKUP(B167,DADOS_SUDECAP,3,0),IF(I167=\"COTAÇÃO\",VLOOKUP(B167,DADOS_COTACAO,9,0),VLOOKUP(B167,DADOS_COMPOSICAO,10,0))))))","v":"H"},0.28960000000000002,{"$f":"IF(I167=\"SINAPI\",VLOOKUP(B167,DADOS_SINAPI,4,0),IF(I167=\"SETOP\",VLOOKUP(B167,DADOS_SETOP,4,0),IF(I167=\"SICRO\",VLOOKUP(B167,DADOS_SICRO,4,0),IF(I167=\"SUDECAP\",VLOOKUP(B167,DADOS_SUDECAP,4,0),IF(I167=\"COTAÇÃO\",VLOOKUP(B167,DADOS_COTACAO,12,0),VLOOKUP(B167,DADOS_COMPOSICAO,13,0))))))","v":20.079999999999998},{"$f":"K167*L167","v":5.8151679999999999}]
[null,88267,"ENCANADOR OU BOMBEIRO HIDRÁULICO COM ENCARGOS COMPLEMENTARES",null,null,null,null,null,"SINAPI","H",0.28960000000000002,24.51,7.0980960000000008]
[null,301,"ANEL BORRACHA PARA TUBO ESGOTO PREDIAL, DN 100 MM (NBR 5688)                                                                                                                                                                                                                                                                                                                                                                                                                                              ",null,null,null,null,null,"SINAPI","UN    ",2,2.92,5.84]
[null,296,"ANEL BORRACHA PARA TUBO ESGOTO PREDIAL, DN 50 MM (NBR 5688)                                                                                                                                                                                                                                                                                                                                                                                                                                               ",null,null,null,null,null,"SINAPI","UN    ",1,1.65,1.65]
[null,3659,"JUNCAO SIMPLES DE REDUCAO, PVC, DN 100 X 50 MM, SERIE NORMAL PARA ESGOTO PREDIAL                                                                                                                                                                                                                                                                                                                                                                                                                          ",null,null,null,null,null,"SINAPI","UN    ",1,18.72,18.72]
[null,20078,"PASTA LUBRIFICANTE PARA TUBOS E CONEXOES COM JUNTA ELASTICA, EMBALAGEM DE *400* GR (USO EM PVC, ACO, POLIETILENO E OUTROS)                                                                                                                                                                                                                                                                                                                                                                                ",null,null,null,null,null,"SINAPI","UN    ",0.17249999999999999,25.4,4.3814999999999991]
[]
["SAN-003","REDUÇÃO EXCÊNTRICA, PVC, SERIE NORMAL, ESGOTO PREDIAL, DN 100 X 50 MM, JUNTA ELÁSTICA, FORNECIDO E INSTALADO",null,null,null,null,null,null,"CPU","UN",null,null,{"$f":"SUM(M175:M180)","v":17.438344000000001}]
[null,88248,{"$f":"IF(I175=\"SINAPI\",VLOOKUP(B175,DADOS_SINAPI,2,0),IF(I175=\"SETOP\",VLOOKUP(B175,DADOS_SETOP,2,0),IF(I175=\"SICRO\",VLOOKUP(B175,DADOS_SICRO,2,0),IF(I175=\"SUDECAP\",VLOOKUP(B175,DADOS_SUDECAP,2,0),IF(I175=\"COTAÇÃO\",VLOOKUP(B175,DADOS_COTACAO,2,0),VLOOKUP(B175,DADOS_COMPOSICAO,2,0))))))","v":"AUXILIAR DE ENCANADOR OU BOMBEIRO HIDRÁULICO COM ENCARGOS COMPLEMENTARES"},null,null,null,null,null,"SINAPI",{"$f":"IF(I175=\"SINAPI\",VLOOKUP(B175,DADOS_SINAPI,3,0),IF(I175=\"SETOP\",VLOOKUP(B175,DADOS_SETOP,3,0),IF(I175=\"SICRO\",VLOOKUP(B175,DADOS_SICRO,3,0),IF(I175=\"SUDECAP\",VLOOKUP(B175,DADOS_SUDECAP,3,0),IF(I175=\"COTAÇÃO\",VLOOKUP(B175,DADOS_COTACAO,9,0),VLOOKUP(B175,DADOS_COMPOSICAO,10,0))))))","v":"H"},5.16E-2,{"$f":"IF(I175=\"SINAPI\",VLOOKUP(B175,DADOS_SINAPI,4,0),IF(I175=\"SETOP\",VLOOKUP(B175,DADOS_SETOP,4,0),IF(I175=\"SICRO\",VLOOKUP(B175,DADOS_SICRO,4,0),IF(I175=\"SUDECAP\",VLOOKUP(B175,DADOS_SUDECAP,4,0),IF(I175=\"COTAÇÃO\",VLOOKUP(B175,DADOS_COTACAO,12,0),VLOOKUP(B175,DADOS_COMPOSICAO,13,0))))))","v":20.079999999999998},{"$f":"K175*L175","v":1.0361279999999999}]
[null,88267,"ENCANADOR OU BOMBEIRO HIDRÁULICO COM ENCARGOS COMPLEMENTARES",null,null,null,null,null,"SINAPI","H",5.16E-2,24.51,1.2647160000000002]
[null,301,"ANEL BORRACHA PARA TUBO ESGOTO PREDIAL, DN 100 MM (NBR 5688)                                                                                                                                                                                                                                                                                                                                                                                                                                              ",null,null,null,null,null,"SINAPI","UN    ",1,2.92,2.92]
[null,296,"ANEL BORRACHA PARA TUBO ESGOTO PREDIAL, DN 50 MM (NBR 5688)                                                                                                                                                                                                                                                                                                                                                                                                                                               ",null,null,null,null,null,"SINAPI","UN    ",1,1.65,1.65]
[null,20043,"REDUCAO EXCENTRICA PVC, DN 100 X 50 MM, PARA ESGOTO PREDIAL                                                                                                                                                                                                                                                                                                                                                                                                                                               ",null,null,null,null,null,"SINAPI","UN    ",1,8.98,8.98]
[null,20078,"PASTA LUBRIFICANTE PARA TUBOS E CONEXOES COM JUNTA ELASTICA, EMBALAGEM DE *400* GR (USO EM PVC, ACO, POLIETILENO E OUTROS)                                                                                                                                                                                                                                                                                                                                                                                ",null,null,null,null,null,"SINAPI","UN    ",6.25E-2,25.4,1.5874999999999999]
[]
["SAN-004","ABRAÇADEIRA PARA FIXAÇÃO DE TUBOS",null,null,null,null,null,null,"CPU","UN",null,null,{"$f":"SUM(M183:M186)","v":19.031200000000002}]
[null,88248,{"$f":"IF(I183=\"SINAPI\",VLOOKUP(B183,DADOS_SINAPI,2,0),IF(I183=\"SETOP\",VLOOKUP(B183,DADOS_SETOP,2,0),IF(I183=\"SICRO\",VLOOKUP(B183,DADOS_SICRO,2,0),IF(I183=\"SUDECAP\",VLOOKUP(B183,DADOS_SUDECAP,2,0),IF(I183=\"COTAÇÃO\",VLOOKUP(B183,DADOS_COTACAO,2,0),VLOOKUP(B183,DADOS_COMPOSICAO,2,0))))))","v":"AUXILIAR DE ENCANADOR OU BOMBEIRO HIDRÁULICO COM ENCARGOS COMPLEMENTARES"},null,null,null,null,null,"SINAPI",{"$f":"IF(I183=\"SINAPI\",VLOOKUP(B183,DADOS_SINAPI,3,0),IF(I183=\"SETOP\",VLOOKUP(B183,DADOS_SETOP,3,0),IF(I183=\"SICRO\",VLOOKUP(B183,DADOS_SICRO,3,0),IF(I183=\"SUDECAP\",VLOOKUP(B183,DADOS_SUDECAP,3,0),IF(I183=\"COTAÇÃO\",VLOOKUP(B183,DADOS_COTACAO,9,0),VLOOKUP(B183,DADOS_COMPOSICAO,10,0))))))","v":"H"},0.09,{"$f":"IF(I183=\"SINAPI\",VLOOKUP(B183,DADOS_SINAPI,4,0),IF(I183=\"SETOP\",VLOOKUP(B183,DADOS_SETOP,4,0),IF(I183=\"SICRO\",VLOOKUP(B183,DADOS_SICRO,4,0),IF(I183=\"SUDECAP\",VLOOKUP(B183,DADOS_SUDECAP,4,0),IF(I183=\"COTAÇÃO\",VLOOKUP(B183,DADOS_COTACAO,12,0),VLOOKUP(B183,DADOS_COMPOSICAO,13,0))))))","v":20.079999999999998},{"$f":"K183*L183","v":1.8071999999999997}]
[null,88267,"ENCANADOR OU BOMBEIRO HIDRÁULICO COM ENCARGOS COMPLEMENTARES",null,null,null,null,null,"SINAPI","H",0.4,24.51,9.804000000000002]
[null,399,"ABRACADEIRA EM ACO PARA AMARRACAO DE ELETRODUTOS, TIPO D, COM 4\" E PARAFUSO DE FIXACAO                                                                                                                                                                                                                                                                                                                                                                                                                    ",null,null,null,null,null,"SINAPI","UN    ",1,6.66,6.66]
[null,4350,"BUCHA DE NYLON, DIAMETRO DO FURO 8 MM, COMPRIMENTO 40 MM, COM PARAFUSO DE ROSCA SOBERBA, CABECA CHATA, FENDA SIMPLES, 4,8 X 50 MM                                                                                                                                                                                                                                                                                                                                                                         ",null,null,null,null,null,"SINAPI","UN    ",1,0.76,0.76]
[]
[15,{"$f":"VLOOKUP(A188,[1]ORC!$D$46:$N$2472,2,0)","v":"LOUÇAS E ACESSÓRIOS "}]
["LOU-001","TORNEIRA ELÉTRICA 5550W, FORNECIMENTO E INSTALAÇÃO",null,null,null,null,null,null,"CPU","UN",null,null,{"$f":"SUM(M190:M192)","v":232.26}]
[null,11777,{"$f":"IF(I190=\"SINAPI\",VLOOKUP(B190,DADOS_SINAPI,2,0),IF(I190=\"SETOP\",VLOOKUP(B190,DADOS_SETOP,2,0),IF(I190=\"SICRO\",VLOOKUP(B190,DADOS_SICRO,2,0),IF(I190=\"SUDECAP\",VLOOKUP(B190,DADOS_SUDECAP,2,0),IF(I190=\"COTAÇÃO\",VLOOKUP(B190,DADOS_COTACAO,2,0),VLOOKUP(B190,DADOS_COMPOSICAO,2,0))))))","v":"TORNEIRA ELETRICA DE PAREDE, PLASTICA, BICA ALTA, PARA COZINHA, 5500 W (110/220 V)                                                                                                                                                                                                                                                                                                                                                                                                                        "},null,null,null,null,null,"SINAPI",{"$f":"IF(I190=\"SINAPI\",VLOOKUP(B190,DADOS_SINAPI,3,0),IF(I190=\"SETOP\",VLOOKUP(B190,DADOS_SETOP,3,0),IF(I190=\"SICRO\",VLOOKUP(B190,DADOS_SICRO,3,0),IF(I190=\"SUDECAP\",VLOOKUP(B190,DADOS_SUDECAP,3,0),IF(I190=\"COTAÇÃO\",VLOOKUP(B190,DADOS_COTACAO,9,0),VLOOKUP(B190,DADOS_COMPOSICAO,10,0))))))","v":"UN    "},1,{"$f":"IF(I190=\"SINAPI\",VLOOKUP(B190,DADOS_SINAPI,4,0),IF(I190=\"SETOP\",VLOOKUP(B190,DADOS_SETOP,4,0),IF(I190=\"SICRO\",VLOOKUP(B190,DADOS_SICRO,4,0),IF(I190=\"SUDECAP\",VLOOKUP(B190,DADOS_SUDECAP,4,0),IF(I190=\"COTAÇÃO\",VLOOKUP(B190,DADOS_COTACAO,12,0),VLOOKUP(B190,DADOS_COMPOSICAO,13,0))))))","v":182.14},{"$f":"K190*L190","v":182.14}]
[null,88267,"ENCANADOR OU BOMBEIRO HIDRÁULICO COM ENCARGOS COMPLEMENTARES",null,null,null,null,null,"SINAPI","H",1,24.51,24.51]
[null,88264,"ELETRICISTA COM ENCARGOS COMPLEMENTARES",null,null,null,null,null,"SINAPI","H",1,25.61,25.61]
[]
["LOU-002","BANCADA EM AÇO INOX COM RODABANCA",null,null,null,null,null,null,"CPU","M2",null,null,{"$f":"SUM(M195:M197)","v":1944.2755000000002}]
[null,88309,{"$f":"IF(I195=\"SINAPI\",VLOOKUP(B195,DADOS_SINAPI,2,0),IF(I195=\"SETOP\",VLOOKUP(B195,DADOS_SETOP,2,0),IF(I195=\"SICRO\",VLOOKUP(B195,DADOS_SICRO,2,0),IF(I195=\"SUDECAP\",VLOOKUP(B195,DADOS_SUDECAP,2,0),IF(I195=\"COTAÇÃO\",VLOOKUP(B195,DADOS_COTACAO,2,0),VLOOKUP(B195,DADOS_COMPOSICAO,2,0))))))","v":"PEDREIRO COM ENCARGOS COMPLEMENTARES"},null,null,null,null,null,"SINAPI",{"$f":"IF(I195=\"SINAPI\",VLOOKUP(B195,DADOS_SINAPI,3,0),IF(I195=\"SETOP\",VLOOKUP(B195,DADOS_SETOP,3,0),IF(I195=\"SICRO\",VLOOKUP(B195,DADOS_SICRO,3,0),IF(I195=\"SUDECAP\",VLOOKUP(B195,DADOS_SUDECAP,3,0),IF(I195=\"COTAÇÃO\",VLOOKUP(B195,DADOS_COTACAO,9,0),VLOOKUP(B195,DADOS_COMPOSICAO,10,0))))))","v":"H"},6,{"$f":"IF(I195=\"SINAPI\",VLOOKUP(B195,DADOS_SINAPI,4,0),IF(I195=\"SETOP\",VLOOKUP(B195,DADOS_SETOP,4,0),IF(I195=\"SICRO\",VLOOKUP(B195,DADOS_SICRO,4,0),IF(I195=\"SUDECAP\",VLOOKUP(B195,DADOS_SUDECAP,4,0),IF(I195=\"COTAÇÃO\",VLOOKUP(B195,DADOS_COTACAO,12,0),VLOOKUP(B195,DADOS_COMPOSICAO,13,0))))))","v":25.27},{"$f":"K195*L195","v":151.62}]
[null,88316,{"$f":"IF(I196=\"SINAPI\",VLOOKUP(B196,DADOS_SINAPI,2,0),IF(I196=\"SETOP\",VLOOKUP(B196,DADOS_SETOP,2,0),IF(I196=\"SICRO\",VLOOKUP(B196,DADOS_SICRO,2,0),IF(I196=\"SUDECAP\",VLOOKUP(B196,DADOS_SUDECAP,2,0),IF(I196=\"COTAÇÃO\",VLOOKUP(B196,DADOS_COTACAO,2,0),VLOOKUP(B196,DADOS_COMPOSICAO,2,0))))))","v":"SERVENTE COM ENCARGOS COMPLEMENTARES"},null,null,null,null,null,"SINAPI",{"$f":"IF(I196=\"SINAPI\",VLOOKUP(B196,DADOS_SINAPI,3,0),IF(I196=\"SETOP\",VLOOKUP(B196,DADOS_SETOP,3,0),IF(I196=\"SICRO\",VLOOKUP(B196,DADOS_SICRO,3,0),IF(I196=\"SUDECAP\",VLOOKUP(B196,DADOS_SUDECAP,3,0),IF(I196=\"COTAÇÃO\",VLOOKUP(B196,DADOS_COTACAO,9,0),VLOOKUP(B196,DADOS_COMPOSICAO,10,0))))))","v":"H"},3.5,{"$f":"IF(I196=\"SINAPI\",VLOOKUP(B196,DADOS_SINAPI,4,0),IF(I196=\"SETOP\",VLOOKUP(B196,DADOS_SETOP,4,0),IF(I196=\"SICRO\",VLOOKUP(B196,DADOS_SICRO,4,0),IF(I196=\"SUDECAP\",VLOOKUP(B196,DADOS_SUDECAP,4,0),IF(I196=\"COTAÇÃO\",VLOOKUP(B196,DADOS_COTACAO,12,0),VLOOKUP(B196,DADOS_COMPOSICAO,13,0))))))","v":18.75},65.625]
[null,11687,{"$f":"IF(I197=\"SINAPI\",VLOOKUP(B197,DADOS_SINAPI,2,0),IF(I197=\"SETOP\",VLOOKUP(B197,DADOS_SETOP,2,0),IF(I197=\"SICRO\",VLOOKUP(B197,DADOS_SICRO,2,0),IF(I197=\"SUDECAP\",VLOOKUP(B197,DADOS_SUDECAP,2,0),IF(I197=\"COTAÇÃO\",VLOOKUP(B197,DADOS_COTACAO,2,0),VLOOKUP(B197,DADOS_COMPOSICAO,2,0))))))","v":"BANCADA/TAMPO ACO INOX (AISI 304), LARGURA 60 CM, COM RODABANCA (NAO INCLUI PES DE APOIO)                                                                                                                                                                                                                                                                                                                                                                                                                 "},null,null,null,null,null,"SINAPI",{"$f":"IF(I197=\"SINAPI\",VLOOKUP(B197,DADOS_SINAPI,3,0),IF(I197=\"SETOP\",VLOOKUP(B197,DADOS_SETOP,3,0),IF(I197=\"SICRO\",VLOOKUP(B197,DADOS_SICRO,3,0),IF(I197=\"SUDECAP\",VLOOKUP(B197,DADOS_SUDECAP,3,0),IF(I197=\"COTAÇÃO\",VLOOKUP(B197,DADOS_COTACAO,9,0),VLOOKUP(B197,DADOS_COMPOSICAO,10,0))))))","v":"M     "},1.67,{"$f":"IF(I197=\"SINAPI\",VLOOKUP(B197,DADOS_SINAPI,4,0),IF(I197=\"SETOP\",VLOOKUP(B197,DADOS_SETOP,4,0),IF(I197=\"SICRO\",VLOOKUP(B197,DADOS_SICRO,4,0),IF(I197=\"SUDECAP\",VLOOKUP(B197,DADOS_SUDECAP,4,0),IF(I197=\"COTAÇÃO\",VLOOKUP(B197,DADOS_COTACAO,12,0),VLOOKUP(B197,DADOS_COMPOSICAO,13,0))))))","v":1034.1500000000001},1727.0305000000001]
[]
["LOU-003","EXPURGO HOSPITALAR COM SIFÃO, TRITURADOR - FORNECIMENTO E INSTALAÇÃO",null,null,null,null,null,null,"CPU","UN ",null,null,{"$f":"SUM(M200:M202)","v":9014.0249999999996}]
[null,88248,{"$f":"IF(I200=\"SINAPI\",VLOOKUP(B200,DADOS_SINAPI,2,0),IF(I200=\"SETOP\",VLOOKUP(B200,DADOS_SETOP,2,0),IF(I200=\"SICRO\",VLOOKUP(B200,DADOS_SICRO,2,0),IF(I200=\"SUDECAP\",VLOOKUP(B200,DADOS_SUDECAP,2,0),IF(I200=\"COTAÇÃO\",VLOOKUP(B200,DADOS_COTACAO,2,0),VLOOKUP(B200,DADOS_COMPOSICAO,2,0))))))","v":"AUXILIAR DE ENCANADOR OU BOMBEIRO HIDRÁULICO COM ENCARGOS COMPLEMENTARES"},null,null,null,null,null,"SINAPI",{"$f":"IF(I200=\"SINAPI\",VLOOKUP(B200,DADOS_SINAPI,3,0),IF(I200=\"SETOP\",VLOOKUP(B200,DADOS_SETOP,3,0),IF(I200=\"SICRO\",VLOOKUP(B200,DADOS_SICRO,3,0),IF(I200=\"SUDECAP\",VLOOKUP(B200,DADOS_SUDECAP,3,0),IF(I200=\"COTAÇÃO\",VLOOKUP(B200,DADOS_COTACAO,9,0),VLOOKUP(B200,DADOS_COMPOSICAO,10,0))))))","v":"H"},2.5,{"$f":"IF(I200=\"SINAPI\",VLOOKUP(B200,DADOS_SINAPI,4,0),IF(I200=\"SETOP\",VLOOKUP(B200,DADOS_SETOP,4,0),IF(I200=\"SICRO\",VLOOKUP(B200,DADOS_SICRO,4,0),IF(I200=\"SUDECAP\",VLOOKUP(B200,DADOS_SUDECAP,4,0),IF(I200=\"COTAÇÃO\",VLOOKUP(B200,DADOS_COTACAO,12,0),VLOOKUP(B200,DADOS_COMPOSICAO,13,0))))))","v":20.079999999999998},{"$f":"K200*L200","v":50.199999999999996}]
[null,88267,{"$f":"IF(I201=\"SINAPI\",VLOOKUP(B201,DADOS_SINAPI,2,0),IF(I201=\"SETOP\",VLOOKUP(B201,DADOS_SETOP,2,0),IF(I201=\"SICRO\",VLOOKUP(B201,DADOS_SICRO,2,0),IF(I201=\"SUDECAP\",VLOOKUP(B201,DADOS_SUDECAP,2,0),IF(I201=\"COTAÇÃO\",VLOOKUP(B201,DADOS_COTACAO,2,0),VLOOKUP(B201,DADOS_COMPOSICAO,2,0))))))","v":"ENCANADOR OU BOMBEIRO HIDRÁULICO COM ENCARGOS COMPLEMENTARES"},null,null,null,null,null,"SINAPI",{"$f":"IF(I201=\"SINAPI\",VLOOKUP(B201,DADOS_SINAPI,3,0),IF(I201=\"SETOP\",VLOOKUP(B201,DADOS_SETOP,3,0),IF(I201=\"SICRO\",VLOOKUP(B201,DADOS_SICRO,3,0),IF(I201=\"SUDECAP\",VLOOKUP(B201,DADOS_SUDECAP,3,0),IF(I201=\"COTAÇÃO\",VLOOKUP(B201,DADOS_COTACAO,9,0),VLOOKUP(B201,DADOS_COMPOSICAO,10,0))))))","v":"H"},2.5,{"$f":"IF(I201=\"SINAPI\",VLOOKUP(B201,DADOS_SINAPI,4,0),IF(I201=\"SETOP\",VLOOKUP(B201,DADOS_SETOP,4,0),IF(I201=\"SICRO\",VLOOKUP(B201,DADOS_SICRO,4,0),IF(I201=\"SUDECAP\",VLOOKUP(B201,DADOS_SUDECAP,4,0),IF(I201=\"COTAÇÃO\",VLOOKUP(B201,DADOS_COTACAO,12,0),VLOOKUP(B201,DADOS_COMPOSICAO,13,0))))))","v":24.51},61.275000000000006]
[null,"COT-LOU-001",{"$f":"IF(I202=\"SINAPI\",VLOOKUP(B202,DADOS_SINAPI,2,0),IF(I202=\"SETOP\",VLOOKUP(B202,DADOS_SETOP,2,0),IF(I202=\"SICRO\",VLOOKUP(B202,DADOS_SICRO,2,0),IF(I202=\"SUDECAP\",VLOOKUP(B202,DADOS_SUDECAP,2,0),IF(I202=\"COTAÇÃO\",VLOOKUP(B202,DADOS_COTACAO,2,0),VLOOKUP(B202,DADOS_COMPOSICAO,2,0))))))","v":"EXPURGO HOSPITALAR COM SIFÃO, TRITURADOR E CONJUNTO DE INTALAÇÃO"},null,null,null,null,null,"COTAÇÃO",{"$f":"IF(I202=\"SINAPI\",VLOOKUP(B202,DADOS_SINAPI,3,0),IF(I202=\"SETOP\",VLOOKUP(B202,DADOS_SETOP,3,0),IF(I202=\"SICRO\",VLOOKUP(B202,DADOS_SICRO,3,0),IF(I202=\"SUDECAP\",VLOOKUP(B202,DADOS_SUDECAP,3,0),IF(I202=\"COTAÇÃO\",VLOOKUP(B202,DADOS_COTACAO,9,0),VLOOKUP(B202,DADOS_COMPOSICAO,10,0))))))","v":"UN "},1,{"$f":"IF(I202=\"SINAPI\",VLOOKUP(B202,DADOS_SINAPI,4,0),IF(I202=\"SETOP\",VLOOKUP(B202,DADOS_SETOP,4,0),IF(I202=\"SICRO\",VLOOKUP(B202,DADOS_SICRO,4,0),IF(I202=\"SUDECAP\",VLOOKUP(B202,DADOS_SUDECAP,4,0),IF(I202=\"COTAÇÃO\",VLOOKUP(B202,DADOS_COTACAO,12,0),VLOOKUP(B202,DADOS_COMPOSICAO,13,0))))))","v":8902.5499999999993},8902.5499999999993]
[]
[16,{"$f":"VLOOKUP(A204,[1]ORC!$D$46:$N$2472,2,0)","v":"ACESSIBILIDADE"}]
["ACE-001","PLACA DE SINALIZACAO EM CHAPA DE ALUMINIO COM PINTURA REFLETIVA, E = 2 MM - FORNECIMENTO E INSTALAÇÃO",null,null,null,null,null,null,"CPU","M2    ",null,null,{"$f":"SUM(M206:M207)","v":1281.9100000000001}]
[null,34721,{"$f":"IF(I206=\"SINAPI\",VLOOKUP(B206,DADOS_SINAPI,2,0),IF(I206=\"SETOP\",VLOOKUP(B206,DADOS_SETOP,2,0),IF(I206=\"SICRO\",VLOOKUP(B206,DADOS_SICRO,2,0),IF(I206=\"SUDECAP\",VLOOKUP(B206,DADOS_SUDECAP,2,0),IF(I206=\"COTAÇÃO\",VLOOKUP(B206,DADOS_COTACAO,2,0),VLOOKUP(B206,DADOS_COMPOSICAO,2,0))))))","v":"PLACA DE SINALIZACAO EM CHAPA DE ALUMINIO COM PINTURA REFLETIVA, E = 2 MM                                                                                                                                                                                                                                                                                                                                                                                                                                 "},null,null,null,null,null,"SINAPI",{"$f":"IF(I206=\"SINAPI\",VLOOKUP(B206,DADOS_SINAPI,3,0),IF(I206=\"SETOP\",VLOOKUP(B206,DADOS_SETOP,3,0),IF(I206=\"SICRO\",VLOOKUP(B206,DADOS_SICRO,3,0),IF(I206=\"SUDECAP\",VLOOKUP(B206,DADOS_SUDECAP,3,0),IF(I206=\"COTAÇÃO\",VLOOKUP(B206,DADOS_COTACAO,9,0),VLOOKUP(B206,DADOS_COMPOSICAO,10,0))))))","v":"M2    "},1,{"$f":"IF(I206=\"SINAPI\",VLOOKUP(B206,DADOS_SINAPI,4,0),IF(I206=\"SETOP\",VLOOKUP(B206,DADOS_SETOP,4,0),IF(I206=\"SICRO\",VLOOKUP(B206,DADOS_SICRO,4,0),IF(I206=\"SUDECAP\",VLOOKUP(B206,DADOS_SUDECAP,4,0),IF(I206=\"COTAÇÃO\",VLOOKUP(B206,DADOS_COTACAO,12,0),VLOOKUP(B206,DADOS_COMPOSICAO,13,0))))))","v":1274.4100000000001},{"$f":"K206*L206","v":1274.4100000000001}]
[null,88316,{"$f":"IF(I207=\"SINAPI\",VLOOKUP(B207,DADOS_SINAPI,2,0),IF(I207=\"SETOP\",VLOOKUP(B207,DADOS_SETOP,2,0),IF(I207=\"SICRO\",VLOOKUP(B207,DADOS_SICRO,2,0),IF(I207=\"SUDECAP\",VLOOKUP(B207,DADOS_SUDECAP,2,0),IF(I207=\"COTAÇÃO\",VLOOKUP(B207,DADOS_COTACAO,2,0),VLOOKUP(B207,DADOS_COMPOSICAO,2,0))))))","v":"SERVENTE COM ENCARGOS COMPLEMENTARES"},null,null,null,null,null,"SINAPI",{"$f":"IF(I207=\"SINAPI\",VLOOKUP(B207,DADOS_SINAPI,3,0),IF(I207=\"SETOP\",VLOOKUP(B207,DADOS_SETOP,3,0),IF(I207=\"SICRO\",VLOOKUP(B207,DADOS_SICRO,3,0),IF(I207=\"SUDECAP\",VLOOKUP(B207,DADOS_SUDECAP,3,0),IF(I207=\"COTAÇÃO\",VLOOKUP(B207,DADOS_COTACAO,9,0),VLOOKUP(B207,DADOS_COMPOSICAO,10,0))))))","v":"H"},0.4,{"$f":"IF(I207=\"SINAPI\",VLOOKUP(B207,DADOS_SINAPI,4,0),IF(I207=\"SETOP\",VLOOKUP(B207,DADOS_SETOP,4,0),IF(I207=\"SICRO\",VLOOKUP(B207,DADOS_SICRO,4,0),IF(I207=\"SUDECAP\",VLOOKUP(B207,DADOS_SUDECAP,4,0),IF(I207=\"COTAÇÃO\",VLOOKUP(B207,DADOS_COTACAO,12,0),VLOOKUP(B207,DADOS_COMPOSICAO,13,0))))))","v":18.75},7.5]
[]
["ACE-002","INSTALAÇÃO CHAPA DE PROTEÇÃO IMPACTO PARA PORTA 40X80",null,null,null,null,null,null,"CPU","UN",null,null,{"$f":"SUM(M210:M210)","v":3.75}]
[null,88316,{"$f":"IF(I210=\"SINAPI\",VLOOKUP(B210,DADOS_SINAPI,2,0),IF(I210=\"SETOP\",VLOOKUP(B210,DADOS_SETOP,2,0),IF(I210=\"SICRO\",VLOOKUP(B210,DADOS_SICRO,2,0),IF(I210=\"SUDECAP\",VLOOKUP(B210,DADOS_SUDECAP,2,0),IF(I210=\"COTAÇÃO\",VLOOKUP(B210,DADOS_COTACAO,2,0),VLOOKUP(B210,DADOS_COMPOSICAO,2,0))))))","v":"SERVENTE COM ENCARGOS COMPLEMENTARES"},null,null,null,null,null,"SINAPI",{"$f":"IF(I210=\"SINAPI\",VLOOKUP(B210,DADOS_SINAPI,3,0),IF(I210=\"SETOP\",VLOOKUP(B210,DADOS_SETOP,3,0),IF(I210=\"SICRO\",VLOOKUP(B210,DADOS_SICRO,3,0),IF(I210=\"SUDECAP\",VLOOKUP(B210,DADOS_SUDECAP,3,0),IF(I210=\"COTAÇÃO\",VLOOKUP(B210,DADOS_COTACAO,9,0),VLOOKUP(B210,DADOS_COMPOSICAO,10,0))))))","v":"H"},0.2,{"$f":"IF(I210=\"SINAPI\",VLOOKUP(B210,DADOS_SINAPI,4,0),IF(I210=\"SETOP\",VLOOKUP(B210,DADOS_SETOP,4,0),IF(I210=\"SICRO\",VLOOKUP(B210,DADOS_SICRO,4,0),IF(I210=\"SUDECAP\",VLOOKUP(B210,DADOS_SUDECAP,4,0),IF(I210=\"COTAÇÃO\",VLOOKUP(B210,DADOS_COTACAO,12,0),VLOOKUP(B210,DADOS_COMPOSICAO,13,0))))))","v":18.75},3.75]
[]
["ACE-003","PISO TATIL ALERTA OU DIRECIONAL, DE BORRACHA, COLORIDO, 25 X 25 CM, E = 5 MM, PARA COLA - FORNECIMENTO E INSTALAÇÃO ",null,null,null,null,null,null,"CPU","M2    ",null,null,{"$f":"SUM(M213:M216)","v":256.36699999999996}]
[null,88316,{"$f":"IF(I213=\"SINAPI\",VLOOKUP(B213,DADOS_SINAPI,2,0),IF(I213=\"SETOP\",VLOOKUP(B213,DADOS_SETOP,2,0),IF(I213=\"SICRO\",VLOOKUP(B213,DADOS_SICRO,2,0),IF(I213=\"SUDECAP\",VLOOKUP(B213,DADOS_SUDECAP,2,0),IF(I213=\"COTAÇÃO\",VLOOKUP(B213,DADOS_COTACAO,2,0),VLOOKUP(B213,DADOS_COMPOSICAO,2,0))))))","v":"SERVENTE COM ENCARGOS COMPLEMENTARES"},null,null,null,null,null,"SINAPI",{"$f":"IF(I213=\"SINAPI\",VLOOKUP(B213,DADOS_SINAPI,3,0),IF(I213=\"SETOP\",VLOOKUP(B213,DADOS_SETOP,3,0),IF(I213=\"SICRO\",VLOOKUP(B213,DADOS_SICRO,3,0),IF(I213=\"SUDECAP\",VLOOKUP(B213,DADOS_SUDECAP,3,0),IF(I213=\"COTAÇÃO\",VLOOKUP(B213,DADOS_COTACAO,9,0),VLOOKUP(B213,DADOS_COMPOSICAO,10,0))))))","v":"H"},0.4,{"$f":"IF(I213=\"SINAPI\",VLOOKUP(B213,DADOS_SINAPI,4,0),IF(I213=\"SETOP\",VLOOKUP(B213,DADOS_SETOP,4,0),IF(I213=\"SICRO\",VLOOKUP(B213,DADOS_SICRO,4,0),IF(I213=\"SUDECAP\",VLOOKUP(B213,DADOS_SUDECAP,4,0),IF(I213=\"COTAÇÃO\",VLOOKUP(B213,DADOS_COTACAO,12,0),VLOOKUP(B213,DADOS_COMPOSICAO,13,0))))))","v":18.75},{"$f":"K213*L213","v":7.5}]
[null,38181,{"$f":"IF(I214=\"SINAPI\",VLOOKUP(B214,DADOS_SINAPI,2,0),IF(I214=\"SETOP\",VLOOKUP(B214,DADOS_SETOP,2,0),IF(I214=\"SICRO\",VLOOKUP(B214,DADOS_SICRO,2,0),IF(I214=\"SUDECAP\",VLOOKUP(B214,DADOS_SUDECAP,2,0),IF(I214=\"COTAÇÃO\",VLOOKUP(B214,DADOS_COTACAO,2,0),VLOOKUP(B214,DADOS_COMPOSICAO,2,0))))))","v":"PISO TATIL ALERTA OU DIRECIONAL, DE BORRACHA, COLORIDO, 25 X 25 CM, E = 5 MM, PARA COLA                                                                                                                                                                                                                                                                                                                                                                                                                   "},null,null,null,null,null,"SINAPI",{"$f":"IF(I214=\"SINAPI\",VLOOKUP(B214,DADOS_SINAPI,3,0),IF(I214=\"SETOP\",VLOOKUP(B214,DADOS_SETOP,3,0),IF(I214=\"SICRO\",VLOOKUP(B214,DADOS_SICRO,3,0),IF(I214=\"SUDECAP\",VLOOKUP(B214,DADOS_SUDECAP,3,0),IF(I214=\"COTAÇÃO\",VLOOKUP(B214,DADOS_COTACAO,9,0),VLOOKUP(B214,DADOS_COMPOSICAO,10,0))))))","v":"M2    "},1,{"$f":"IF(I214=\"SINAPI\",VLOOKUP(B214,DADOS_SINAPI,4,0),IF(I214=\"SETOP\",VLOOKUP(B214,DADOS_SETOP,4,0),IF(I214=\"SICRO\",VLOOKUP(B214,DADOS_SICRO,4,0),IF(I214=\"SUDECAP\",VLOOKUP(B214,DADOS_SUDECAP,4,0),IF(I214=\"COTAÇÃO\",VLOOKUP(B214,DADOS_COTACAO,12,0),VLOOKUP(B214,DADOS_COMPOSICAO,13,0))))))","v":223.28},223.28]
[null,3767,{"$f":"IF(I215=\"SINAPI\",VLOOKUP(B215,DADOS_SINAPI,2,0),IF(I215=\"SETOP\",VLOOKUP(B215,DADOS_SETOP,2,0),IF(I215=\"SICRO\",VLOOKUP(B215,DADOS_SICRO,2,0),IF(I215=\"SUDECAP\",VLOOKUP(B215,DADOS_SUDECAP,2,0),IF(I215=\"COTAÇÃO\",VLOOKUP(B215,DADOS_COTACAO,2,0),VLOOKUP(B215,DADOS_COMPOSICAO,2,0))))))","v":"LIXA EM FOLHA PARA PAREDE OU MADEIRA, NUMERO 120, COR VERMELHA                                                                                                                                                                                                                                                                                                                                                                                                                                            "},null,null,null,null,null,"SINAPI",{"$f":"IF(I215=\"SINAPI\",VLOOKUP(B215,DADOS_SINAPI,3,0),IF(I215=\"SETOP\",VLOOKUP(B215,DADOS_SETOP,3,0),IF(I215=\"SICRO\",VLOOKUP(B215,DADOS_SICRO,3,0),IF(I215=\"SUDECAP\",VLOOKUP(B215,DADOS_SUDECAP,3,0),IF(I215=\"COTAÇÃO\",VLOOKUP(B215,DADOS_COTACAO,9,0),VLOOKUP(B215,DADOS_COMPOSICAO,10,0))))))","v":"UN    "},0.4,{"$f":"IF(I215=\"SINAPI\",VLOOKUP(B215,DADOS_SINAPI,4,0),IF(I215=\"SETOP\",VLOOKUP(B215,DADOS_SETOP,4,0),IF(I215=\"SICRO\",VLOOKUP(B215,DADOS_SICRO,4,0),IF(I215=\"SUDECAP\",VLOOKUP(B215,DADOS_SUDECAP,4,0),IF(I215=\"COTAÇÃO\",VLOOKUP(B215,DADOS_COTACAO,12,0),VLOOKUP(B215,DADOS_COMPOSICAO,13,0))))))","v":1.23},0.49199999999999999]
[null,4791,{"$f":"IF(I216=\"SINAPI\",VLOOKUP(B216,DADOS_SINAPI,2,0),IF(I216=\"SETOP\",VLOOKUP(B216,DADOS_SETOP,2,0),IF(I216=\"SICRO\",VLOOKUP(B216,DADOS_SICRO,2,0),IF(I216=\"SUDECAP\",VLOOKUP(B216,DADOS_SUDECAP,2,0),IF(I216=\"COTAÇÃO\",VLOOKUP(B216,DADOS_COTACAO,2,0),VLOOKUP(B216,DADOS_COMPOSICAO,2,0))))))","v":"ADESIVO ACRILICO DE BASE AQUOSA / COLA DE CONTATO                                                                                                                                                                                                                                                                                                                                                                                                                                                         "},null,null,null,null,null,"SINAPI",{"$f":"IF(I216=\"SINAPI\",VLOOKUP(B216,DADOS_SINAPI,3,0),IF(I216=\"SETOP\",VLOOKUP(B216,DADOS_SETOP,3,0),IF(I216=\"SICRO\",VLOOKUP(B216,DADOS_SICRO,3,0),IF(I216=\"SUDECAP\",VLOOKUP(B216,DADOS_SUDECAP,3,0),IF(I216=\"COTAÇÃO\",VLOOKUP(B216,DADOS_COTACAO,9,0),VLOOKUP(B216,DADOS_COMPOSICAO,10,0))))))","v":"KG    "},0.5,{"$f":"IF(I216=\"SINAPI\",VLOOKUP(B216,DADOS_SINAPI,4,0),IF(I216=\"SETOP\",VLOOKUP(B216,DADOS_SETOP,4,0),IF(I216=\"SICRO\",VLOOKUP(B216,DADOS_SICRO,4,0),IF(I216=\"SUDECAP\",VLOOKUP(B216,DADOS_SUDECAP,4,0),IF(I216=\"COTAÇÃO\",VLOOKUP(B216,DADOS_COTACAO,12,0),VLOOKUP(B216,DADOS_COMPOSICAO,13,0))))))","v":50.19},25.094999999999999]
[]
["ACE-004","PISO TATIL DE ALERTA OU DIRECIONAL, DE BORRACHA, PRETO, 25 X 25 CM, E = 12 MM, PARA ARGAMASSA - FORNECIMENTO E INSTALAÇÃO ",null,null,null,null,null,null,"CPU","M2    ",null,null,{"$f":"SUM(M219:M222)","v":518.21749999999997}]
[null,88316,{"$f":"IF(I219=\"SINAPI\",VLOOKUP(B219,DADOS_SINAPI,2,0),IF(I219=\"SETOP\",VLOOKUP(B219,DADOS_SETOP,2,0),IF(I219=\"SICRO\",VLOOKUP(B219,DADOS_SICRO,2,0),IF(I219=\"SUDECAP\",VLOOKUP(B219,DADOS_SUDECAP,2,0),IF(I219=\"COTAÇÃO\",VLOOKUP(B219,DADOS_COTACAO,2,0),VLOOKUP(B219,DADOS_COMPOSICAO,2,0))))))","v":"SERVENTE COM ENCARGOS COMPLEMENTARES"},null,null,null,null,null,"SINAPI",{"$f":"IF(I219=\"SINAPI\",VLOOKUP(B219,DADOS_SINAPI,3,0),IF(I219=\"SETOP\",VLOOKUP(B219,DADOS_SETOP,3,0),IF(I219=\"SICRO\",VLOOKUP(B219,DADOS_SICRO,3,0),IF(I219=\"SUDECAP\",VLOOKUP(B219,DADOS_SUDECAP,3,0),IF(I219=\"COTAÇÃO\",VLOOKUP(B219,DADOS_COTACAO,9,0),VLOOKUP(B219,DADOS_COMPOSICAO,10,0))))))","v":"H"},0.4,{"$f":"IF(I219=\"SINAPI\",VLOOKUP(B219,DADOS_SINAPI,4,0),IF(I219=\"SETOP\",VLOOKUP(B219,DADOS_SETOP,4,0),IF(I219=\"SICRO\",VLOOKUP(B219,DADOS_SICRO,4,0),IF(I219=\"SUDECAP\",VLOOKUP(B219,DADOS_SUDECAP,4,0),IF(I219=\"COTAÇÃO\",VLOOKUP(B219,DADOS_COTACAO,12,0),VLOOKUP(B219,DADOS_COMPOSICAO,13,0))))))","v":18.75},{"$f":"K219*L219","v":7.5}]
[null,38185,{"$f":"IF(I220=\"SINAPI\",VLOOKUP(B220,DADOS_SINAPI,2,0),IF(I220=\"SETOP\",VLOOKUP(B220,DADOS_SETOP,2,0),IF(I220=\"SICRO\",VLOOKUP(B220,DADOS_SICRO,2,0),IF(I220=\"SUDECAP\",VLOOKUP(B220,DADOS_SUDECAP,2,0),IF(I220=\"COTAÇÃO\",VLOOKUP(B220,DADOS_COTACAO,2,0),VLOOKUP(B220,DADOS_COMPOSICAO,2,0))))))","v":"PISO TATIL DE ALERTA OU DIRECIONAL, DE BORRACHA, PRETO, 25 X 25 CM, E = 12 MM, PARA ARGAMASSA                                                                                                                                                                                                                                                                                                                                                                                                             "},null,null,null,null,null,"SINAPI",{"$f":"IF(I220=\"SINAPI\",VLOOKUP(B220,DADOS_SINAPI,3,0),IF(I220=\"SETOP\",VLOOKUP(B220,DADOS_SETOP,3,0),IF(I220=\"SICRO\",VLOOKUP(B220,DADOS_SICRO,3,0),IF(I220=\"SUDECAP\",VLOOKUP(B220,DADOS_SUDECAP,3,0),IF(I220=\"COTAÇÃO\",VLOOKUP(B220,DADOS_COTACAO,9,0),VLOOKUP(B220,DADOS_COMPOSICAO,10,0))))))","v":"M2    "},1,{"$f":"IF(I220=\"SINAPI\",VLOOKUP(B220,DADOS_SINAPI,4,0),IF(I220=\"SETOP\",VLOOKUP(B220,DADOS_SETOP,4,0),IF(I220=\"SICRO\",VLOOKUP(B220,DADOS_SICRO,4,0),IF(I220=\"SUDECAP\",VLOOKUP(B220,DADOS_SUDECAP,4,0),IF(I220=\"COTAÇÃO\",VLOOKUP(B220,DADOS_COTACAO,12,0),VLOOKUP(B220,DADOS_COMPOSICAO,13,0))))))","v":492.22},492.22]
[null,88309,{"$f":"IF(I221=\"SINAPI\",VLOOKUP(B221,DADOS_SINAPI,2,0),IF(I221=\"SETOP\",VLOOKUP(B221,DADOS_SETOP,2,0),IF(I221=\"SICRO\",VLOOKUP(B221,DADOS_SICRO,2,0),IF(I221=\"SUDECAP\",VLOOKUP(B221,DADOS_SUDECAP,2,0),IF(I221=\"COTAÇÃO\",VLOOKUP(B221,DADOS_COTACAO,2,0),VLOOKUP(B221,DADOS_COMPOSICAO,2,0))))))","v":"PEDREIRO COM ENCARGOS COMPLEMENTARES"},null,null,null,null,null,"SINAPI",{"$f":"IF(I221=\"SINAPI\",VLOOKUP(B221,DADOS_SINAPI,3,0),IF(I221=\"SETOP\",VLOOKUP(B221,DADOS_SETOP,3,0),IF(I221=\"SICRO\",VLOOKUP(B221,DADOS_SICRO,3,0),IF(I221=\"SUDECAP\",VLOOKUP(B221,DADOS_SUDECAP,3,0),IF(I221=\"COTAÇÃO\",VLOOKUP(B221,DADOS_COTACAO,9,0),VLOOKUP(B221,DADOS_COMPOSICAO,10,0))))))","v":"H"},0.4,{"$f":"IF(I221=\"SINAPI\",VLOOKUP(B221,DADOS_SINAPI,4,0),IF(I221=\"SETOP\",VLOOKUP(B221,DADOS_SETOP,4,0),IF(I221=\"SICRO\",VLOOKUP(B221,DADOS_SICRO,4,0),IF(I221=\"SUDECAP\",VLOOKUP(B221,DADOS_SUDECAP,4,0),IF(I221=\"COTAÇÃO\",VLOOKUP(B221,DADOS_COTACAO,12,0),VLOOKUP(B221,DADOS_COMPOSICAO,13,0))))))","v":25.27},10.108000000000001]
[null,"ED-48303",{"$f":"IF(I222=\"SINAPI\",VLOOKUP(B222,DADOS_SINAPI,2,0),IF(I222=\"SETOP\",VLOOKUP(B222,DADOS_SETOP,2,0),IF(I222=\"SICRO\",VLOOKUP(B222,DADOS_SICRO,2,0),IF(I222=\"SUDECAP\",VLOOKUP(B222,DADOS_SUDECAP,2,0),IF(I222=\"COTAÇÃO\",VLOOKUP(B222,DADOS_COTACAO,2,0),VLOOKUP(B222,DADOS_COMPOSICAO,2,0))))))","v":"ARGAMASSA, TRAÇO 1:4 (CIMENTO E AREIA), COM PREPARO MECANIZADO"},null,null,null,null,null,"SETOP",{"$f":"IF(I222=\"SINAPI\",VLOOKUP(B222,DADOS_SINAPI,3,0),IF(I222=\"SETOP\",VLOOKUP(B222,DADOS_SETOP,3,0),IF(I222=\"SICRO\",VLOOKUP(B222,DADOS_SICRO,3,0),IF(I222=\"SUDECAP\",VLOOKUP(B222,DADOS_SUDECAP,3,0),IF(I222=\"COTAÇÃO\",VLOOKUP(B222,DADOS_COTACAO,9,0),VLOOKUP(B222,DADOS_COMPOSICAO,10,0))))))","v":"m3"},1.4999999999999999E-2,{"$f":"IF(I222=\"SINAPI\",VLOOKUP(B222,DADOS_SINAPI,4,0),IF(I222=\"SETOP\",VLOOKUP(B222,DADOS_SETOP,4,0),IF(I222=\"SICRO\",VLOOKUP(B222,DADOS_SICRO,4,0),IF(I222=\"SUDECAP\",VLOOKUP(B222,DADOS_SUDECAP,4,0),IF(I222=\"COTAÇÃO\",VLOOKUP(B222,DADOS_COTACAO,12,0),VLOOKUP(B222,DADOS_COMPOSICAO,13,0))))))","v":559.29999999999995},8.3894999999999982]
[]
["ACE-005","PLACA TÁTIL BRAILLE EM ACRÍLICO 30X10 CM (ATÉ 3 PALAVRAS) - FORNECIMENTO E INSTALAÇÃO",null,null,null,null,null,null,"CPU","UN",null,null,{"$f":"SUM(M225:XFD226)","v":48.75}]
[null,88316,{"$f":"IF(I225=\"SINAPI\",VLOOKUP(B225,DADOS_SINAPI,2,0),IF(I225=\"SETOP\",VLOOKUP(B225,DADOS_SETOP,2,0),IF(I225=\"SICRO\",VLOOKUP(B225,DADOS_SICRO,2,0),IF(I225=\"SUDECAP\",VLOOKUP(B225,DADOS_SUDECAP,2,0),IF(I225=\"COTAÇÃO\",VLOOKUP(B225,DADOS_COTACAO,2,0),VLOOKUP(B225,DADOS_COMPOSICAO,2,0))))))","v":"SERVENTE COM ENCARGOS COMPLEMENTARES"},null,null,null,null,null,"SINAPI",{"$f":"IF(I225=\"SINAPI\",VLOOKUP(B225,DADOS_SINAPI,3,0),IF(I225=\"SETOP\",VLOOKUP(B225,DADOS_SETOP,3,0),IF(I225=\"SICRO\",VLOOKUP(B225,DADOS_SICRO,3,0),IF(I225=\"SUDECAP\",VLOOKUP(B225,DADOS_SUDECAP,3,0),IF(I225=\"COTAÇÃO\",VLOOKUP(B225,DADOS_COTACAO,9,0),VLOOKUP(B225,DADOS_COMPOSICAO,10,0))))))","v":"H"},0.2,{"$f":"IF(I225=\"SINAPI\",VLOOKUP(B225,DADOS_SINAPI,4,0),IF(I225=\"SETOP\",VLOOKUP(B225,DADOS_SETOP,4,0),IF(I225=\"SICRO\",VLOOKUP(B225,DADOS_SICRO,4,0),IF(I225=\"SUDECAP\",VLOOKUP(B225,DADOS_SUDECAP,4,0),IF(I225=\"COTAÇÃO\",VLOOKUP(B225,DADOS_COTACAO,12,0),VLOOKUP(B225,DADOS_COMPOSICAO,13,0))))))","v":18.75},{"$f":"K225*L225","v":3.75}]
[null,"83.17.52",{"$f":"IF(I226=\"SINAPI\",VLOOKUP(B226,DADOS_SINAPI,2,0),IF(I226=\"SETOP\",VLOOKUP(B226,DADOS_SETOP,2,0),IF(I226=\"SICRO\",VLOOKUP(B226,DADOS_SICRO,2,0),IF(I226=\"SUDECAP\",VLOOKUP(B226,DADOS_SUDECAP,2,0),IF(I226=\"COTAÇÃO\",VLOOKUP(B226,DADOS_COTACAO,2,0),VLOOKUP(B226,DADOS_COMPOSICAO,2,0))))))","v":"PLACA TÁTIL BRAILLE EM ACRÍLICO 30X10 CM (ATÉ 3 PALAVRAS)"},null,null,null,null,null,"SUDECAP",{"$f":"IF(I226=\"SINAPI\",VLOOKUP(B226,DADOS_SINAPI,3,0),IF(I226=\"SETOP\",VLOOKUP(B226,DADOS_SETOP,3,0),IF(I226=\"SICRO\",VLOOKUP(B226,DADOS_SICRO,3,0),IF(I226=\"SUDECAP\",VLOOKUP(B226,DADOS_SUDECAP,3,0),IF(I226=\"COTAÇÃO\",VLOOKUP(B226,DADOS_COTACAO,9,0),VLOOKUP(B226,DADOS_COMPOSICAO,10,0))))))","v":"UN"},1,{"$f":"IF(I226=\"SINAPI\",VLOOKUP(B226,DADOS_SINAPI,4,0),IF(I226=\"SETOP\",VLOOKUP(B226,DADOS_SETOP,4,0),IF(I226=\"SICRO\",VLOOKUP(B226,DADOS_SICRO,4,0),IF(I226=\"SUDECAP\",VLOOKUP(B226,DADOS_SUDECAP,4,0),IF(I226=\"COTAÇÃO\",VLOOKUP(B226,DADOS_COTACAO,12,0),VLOOKUP(B226,DADOS_COMPOSICAO,13,0))))))","v":45},45]
[]
[17,{"$f":"VLOOKUP(A228,[1]ORC!$D$46:$N$2472,2,0)","v":"DRENAGEM PLUVIAL"}]
["PLU-001","RALO LINEAR COM GRELHA 90 CM - FORNECIMENTO E INSTALAÇÃO",null,null,null,null,null,null,"CPU","UN ",null,null,{"$f":"SUM(M230:M235)","v":178.87416499999998}]
[null,"COT-PLU-001",{"$f":"IF(I230=\"SINAPI\",VLOOKUP(B230,DADOS_SINAPI,2,0),IF(I230=\"SETOP\",VLOOKUP(B230,DADOS_SETOP,2,0),IF(I230=\"SICRO\",VLOOKUP(B230,DADOS_SICRO,2,0),IF(I230=\"SUDECAP\",VLOOKUP(B230,DADOS_SUDECAP,2,0),IF(I230=\"COTAÇÃO\",VLOOKUP(B230,DADOS_COTACAO,2,0),VLOOKUP(B230,DADOS_COMPOSICAO,2,0))))))","v":"RALO LINEAR 90 CM COM GRELHA BRANCA"},null,null,null,null,null,"COTAÇÃO",{"$f":"IF(I230=\"SINAPI\",VLOOKUP(B230,DADOS_SINAPI,3,0),IF(I230=\"SETOP\",VLOOKUP(B230,DADOS_SETOP,3,0),IF(I230=\"SICRO\",VLOOKUP(B230,DADOS_SICRO,3,0),IF(I230=\"SUDECAP\",VLOOKUP(B230,DADOS_SUDECAP,3,0),IF(I230=\"COTAÇÃO\",VLOOKUP(B230,DADOS_COTACAO,9,0),VLOOKUP(B230,DADOS_COMPOSICAO,10,0))))))","v":"UN "},1,{"$f":"IF(I230=\"SINAPI\",VLOOKUP(B230,DADOS_SINAPI,4,0),IF(I230=\"SETOP\",VLOOKUP(B230,DADOS_SETOP,4,0),IF(I230=\"SICRO\",VLOOKUP(B230,DADOS_SICRO,4,0),IF(I230=\"SUDECAP\",VLOOKUP(B230,DADOS_SUDECAP,4,0),IF(I230=\"COTAÇÃO\",VLOOKUP(B230,DADOS_COTACAO,12,0),VLOOKUP(B230,DADOS_COMPOSICAO,13,0))))))","v":169.03},{"$f":"K230*L230","v":169.03}]
[null,88248,"AUXILIAR DE ENCANADOR OU BOMBEIRO HIDRÁULICO COM ENCARGOS COMPLEMENTARES",null,null,null,null,null,"SINAPI","H",0.2,20.079999999999998,4.016]
[null,88267,"ENCANADOR OU BOMBEIRO HIDRÁULICO COM ENCARGOS COMPLEMENTARES",null,null,null,null,null,"SINAPI","H",0.2,24.51,4.902000000000001]
[null,122,"ADESIVO PLASTICO PARA PVC, FRASCO COM *850* GR                                                                                                                                                                                                                                                                                                                                                                                                                                                            ",null,null,null,null,null,"SINAPI","UN    ",4.8999999999999998E-3,61.55,0.301595]
[null,38383,"LIXA D'AGUA EM FOLHA, COR PRETA, GRAO 100                                                                                                                                                                                                                                                                                                                                                                                                                                                                 ",null,null,null,null,null,"SINAPI","UN    ",3.5999999999999997E-2,2.82,0.10151999999999999]
[null,20083,"SOLUCAO PREPARADORA / LIMPADORA PARA PVC, FRASCO COM 1000 CM3                                                                                                                                                                                                                                                                                                                                                                                                                                             ",null,null,null,null,null,"SINAPI","UN    ",7.4999999999999997E-3,69.739999999999995,0.5230499999999999]
[]
[18,{"$f":"VLOOKUP(A237,[1]ORC!$D$46:$N$2472,2,0)","v":"CLIMATIZAÇÃO "}]
["CLI-001","INSTALAÇÃO DE CABOS PP ",null,null,null,null,null,null,"CPU","UN ",null,null,{"$f":"SUM(M239:M240)","v":9.34}]
[null,88247,{"$f":"IF(I239=\"SINAPI\",VLOOKUP(B239,DADOS_SINAPI,2,0),IF(I239=\"SETOP\",VLOOKUP(B239,DADOS_SETOP,2,0),IF(I239=\"SICRO\",VLOOKUP(B239,DADOS_SICRO,2,0),IF(I239=\"SUDECAP\",VLOOKUP(B239,DADOS_SUDECAP,2,0),IF(I239=\"COTAÇÃO\",VLOOKUP(B239,DADOS_COTACAO,2,0),VLOOKUP(B239,DADOS_COMPOSICAO,2,0))))))","v":"AUXILIAR DE ELETRICISTA COM ENCARGOS COMPLEMENTARES"},null,null,null,null,null,"SINAPI",{"$f":"IF(I239=\"SINAPI\",VLOOKUP(B239,DADOS_SINAPI,3,0),IF(I239=\"SETOP\",VLOOKUP(B239,DADOS_SETOP,3,0),IF(I239=\"SICRO\",VLOOKUP(B239,DADOS_SICRO,3,0),IF(I239=\"SUDECAP\",VLOOKUP(B239,DADOS_SUDECAP,3,0),IF(I239=\"COTAÇÃO\",VLOOKUP(B239,DADOS_COTACAO,9,0),VLOOKUP(B239,DADOS_COMPOSICAO,10,0))))))","v":"H"},0.2,{"$f":"IF(I239=\"SINAPI\",VLOOKUP(B239,DADOS_SINAPI,4,0),IF(I239=\"SETOP\",VLOOKUP(B239,DADOS_SETOP,4,0),IF(I239=\"SICRO\",VLOOKUP(B239,DADOS_SICRO,4,0),IF(I239=\"SUDECAP\",VLOOKUP(B239,DADOS_SUDECAP,4,0),IF(I239=\"COTAÇÃO\",VLOOKUP(B239,DADOS_COTACAO,12,0),VLOOKUP(B239,DADOS_COMPOSICAO,13,0))))))","v":21.09},{"$f":"K239*L239","v":4.218}]
[null,88264,"ELETRICISTA COM ENCARGOS COMPLEMENTARES",null,null,null,null,null,"SINAPI","H",0.2,25.61,5.1219999999999999]
[]
[19,{"$f":"VLOOKUP(A242,[1]ORC!$D$46:$N$2472,2,0)","v":"EXAUSTÃO"}]
["EXA-001","INSTALAÇÃO EXAUSTOR",null,null,null,null,null,null,"CPU","UN",null,null,{"$f":"SUM(M244:M246)","v":65.45}]
[null,88264,{"$f":"IF(I244=\"SINAPI\",VLOOKUP(B244,DADOS_SINAPI,2,0),IF(I244=\"SETOP\",VLOOKUP(B244,DADOS_SETOP,2,0),IF(I244=\"SICRO\",VLOOKUP(B244,DADOS_SICRO,2,0),IF(I244=\"SUDECAP\",VLOOKUP(B244,DADOS_SUDECAP,2,0),IF(I244=\"COTAÇÃO\",VLOOKUP(B244,DADOS_COTACAO,2,0),VLOOKUP(B244,DADOS_COMPOSICAO,2,0))))))","v":"ELETRICISTA COM ENCARGOS COMPLEMENTARES"},null,null,null,null,null,"SINAPI",{"$f":"IF(I244=\"SINAPI\",VLOOKUP(B244,DADOS_SINAPI,3,0),IF(I244=\"SETOP\",VLOOKUP(B244,DADOS_SETOP,3,0),IF(I244=\"SICRO\",VLOOKUP(B244,DADOS_SICRO,3,0),IF(I244=\"SUDECAP\",VLOOKUP(B244,DADOS_SUDECAP,3,0),IF(I244=\"COTAÇÃO\",VLOOKUP(B244,DADOS_COTACAO,9,0),VLOOKUP(B244,DADOS_COMPOSICAO,10,0))))))","v":"H"},1,{"$f":"IF(I244=\"SINAPI\",VLOOKUP(B244,DADOS_SINAPI,4,0),IF(I244=\"SETOP\",VLOOKUP(B244,DADOS_SETOP,4,0),IF(I244=\"SICRO\",VLOOKUP(B244,DADOS_SICRO,4,0),IF(I244=\"SUDECAP\",VLOOKUP(B244,DADOS_SUDECAP,4,0),IF(I244=\"COTAÇÃO\",VLOOKUP(B244,DADOS_COTACAO,12,0),VLOOKUP(B244,DADOS_COMPOSICAO,13,0))))))","v":25.61},{"$f":"K244*L244","v":25.61}]
[null,88247,{"$f":"IF(I245=\"SINAPI\",VLOOKUP(B245,DADOS_SINAPI,2,0),IF(I245=\"SETOP\",VLOOKUP(B245,DADOS_SETOP,2,0),IF(I245=\"SICRO\",VLOOKUP(B245,DADOS_SICRO,2,0),IF(I245=\"SUDECAP\",VLOOKUP(B245,DADOS_SUDECAP,2,0),IF(I245=\"COTAÇÃO\",VLOOKUP(B245,DADOS_COTACAO,2,0),VLOOKUP(B245,DADOS_COMPOSICAO,2,0))))))","v":"AUXILIAR DE ELETRICISTA COM ENCARGOS COMPLEMENTARES"},null,null,null,null,null,"SINAPI",{"$f":"IF(I245=\"SINAPI\",VLOOKUP(B245,DADOS_SINAPI,3,0),IF(I245=\"SETOP\",VLOOKUP(B245,DADOS_SETOP,3,0),IF(I245=\"SICRO\",VLOOKUP(B245,DADOS_SICRO,3,0),IF(I245=\"SUDECAP\",VLOOKUP(B245,DADOS_SUDECAP,3,0),IF(I245=\"COTAÇÃO\",VLOOKUP(B245,DADOS_COTACAO,9,0),VLOOKUP(B245,DADOS_COMPOSICAO,10,0))))))","v":"H"},1,{"$f":"IF(I245=\"SINAPI\",VLOOKUP(B245,DADOS_SINAPI,4,0),IF(I245=\"SETOP\",VLOOKUP(B245,DADOS_SETOP,4,0),IF(I245=\"SICRO\",VLOOKUP(B245,DADOS_SICRO,4,0),IF(I245=\"SUDECAP\",VLOOKUP(B245,DADOS_SUDECAP,4,0),IF(I245=\"COTAÇÃO\",VLOOKUP(B245,DADOS_COTACAO,12,0),VLOOKUP(B245,DADOS_COMPOSICAO,13,0))))))","v":21.09},21.09]
[null,88316,{"$f":"IF(I246=\"SINAPI\",VLOOKUP(B246,DADOS_SINAPI,2,0),IF(I246=\"SETOP\",VLOOKUP(B246,DADOS_SETOP,2,0),IF(I246=\"SICRO\",VLOOKUP(B246,DADOS_SICRO,2,0),IF(I246=\"SUDECAP\",VLOOKUP(B246,DADOS_SUDECAP,2,0),IF(I246=\"COTAÇÃO\",VLOOKUP(B246,DADOS_COTACAO,2,0),VLOOKUP(B246,DADOS_COMPOSICAO,2,0))))))","v":"SERVENTE COM ENCARGOS COMPLEMENTARES"},null,null,null,null,null,"SINAPI",{"$f":"IF(I246=\"SINAPI\",VLOOKUP(B246,DADOS_SINAPI,3,0),IF(I246=\"SETOP\",VLOOKUP(B246,DADOS_SETOP,3,0),IF(I246=\"SICRO\",VLOOKUP(B246,DADOS_SICRO,3,0),IF(I246=\"SUDECAP\",VLOOKUP(B246,DADOS_SUDECAP,3,0),IF(I246=\"COTAÇÃO\",VLOOKUP(B246,DADOS_COTACAO,9,0),VLOOKUP(B246,DADOS_COMPOSICAO,10,0))))))","v":"H"},1,{"$f":"IF(I246=\"SINAPI\",VLOOKUP(B246,DADOS_SINAPI,4,0),IF(I246=\"SETOP\",VLOOKUP(B246,DADOS_SETOP,4,0),IF(I246=\"SICRO\",VLOOKUP(B246,DADOS_SICRO,4,0),IF(I246=\"SUDECAP\",VLOOKUP(B246,DADOS_SUDECAP,4,0),IF(I246=\"COTAÇÃO\",VLOOKUP(B246,DADOS_COTACAO,12,0),VLOOKUP(B246,DADOS_COMPOSICAO,13,0))))))","v":18.75},18.75]
[]
[20,{"$f":"VLOOKUP(A248,[1]ORC!$D$46:$N$2472,2,0)","v":"INSTALAÇÕES ELÉTRICAS"}]
["ELE-001","INSTALAÇÃO DE QUADRO DE TRANSFERÊNCIA",null,null,null,null,null,null,"CPU","UN",null,null,{"$f":"SUM(M250:XFD251)","v":700.5}]
[null,88264,{"$f":"IF(I250=\"SINAPI\",VLOOKUP(B250,DADOS_SINAPI,2,0),IF(I250=\"SETOP\",VLOOKUP(B250,DADOS_SETOP,2,0),IF(I250=\"SICRO\",VLOOKUP(B250,DADOS_SICRO,2,0),IF(I250=\"SUDECAP\",VLOOKUP(B250,DADOS_SUDECAP,2,0),IF(I250=\"COTAÇÃO\",VLOOKUP(B250,DADOS_COTACAO,2,0),VLOOKUP(B250,DADOS_COMPOSICAO,2,0))))))","v":"ELETRICISTA COM ENCARGOS COMPLEMENTARES"},null,null,null,null,null,"SINAPI",{"$f":"IF(I250=\"SINAPI\",VLOOKUP(B250,DADOS_SINAPI,3,0),IF(I250=\"SETOP\",VLOOKUP(B250,DADOS_SETOP,3,0),IF(I250=\"SICRO\",VLOOKUP(B250,DADOS_SICRO,3,0),IF(I250=\"SUDECAP\",VLOOKUP(B250,DADOS_SUDECAP,3,0),IF(I250=\"COTAÇÃO\",VLOOKUP(B250,DADOS_COTACAO,9,0),VLOOKUP(B250,DADOS_COMPOSICAO,10,0))))))","v":"H"},15,{"$f":"IF(I250=\"SINAPI\",VLOOKUP(B250,DADOS_SINAPI,4,0),IF(I250=\"SETOP\",VLOOKUP(B250,DADOS_SETOP,4,0),IF(I250=\"SICRO\",VLOOKUP(B250,DADOS_SICRO,4,0),IF(I250=\"SUDECAP\",VLOOKUP(B250,DADOS_SUDECAP,4,0),IF(I250=\"COTAÇÃO\",VLOOKUP(B250,DADOS_COTACAO,12,0),VLOOKUP(B250,DADOS_COMPOSICAO,13,0))))))","v":25.61},{"$f":"K250*L250","v":384.15}]
[null,88247,"AUXILIAR DE ELETRICISTA COM ENCARGOS COMPLEMENTARES",null,null,null,null,null,"SINAPI","H",15,21.09,316.35000000000002]
[]
["ELE-002","INSTALAÇÃO DE GERADOR TRIFÁSICO 5,5 KVA - CABINADO ",null,null,null,null,null,null,"CPU","UN",null,null,{"$f":"SUM(M254:XFD255)","v":1167.5}]
[null,88264,{"$f":"IF(I254=\"SINAPI\",VLOOKUP(B254,DADOS_SINAPI,2,0),IF(I254=\"SETOP\",VLOOKUP(B254,DADOS_SETOP,2,0),IF(I254=\"SICRO\",VLOOKUP(B254,DADOS_SICRO,2,0),IF(I254=\"SUDECAP\",VLOOKUP(B254,DADOS_SUDECAP,2,0),IF(I254=\"COTAÇÃO\",VLOOKUP(B254,DADOS_COTACAO,2,0),VLOOKUP(B254,DADOS_COMPOSICAO,2,0))))))","v":"ELETRICISTA COM ENCARGOS COMPLEMENTARES"},null,null,null,null,null,"SINAPI",{"$f":"IF(I254=\"SINAPI\",VLOOKUP(B254,DADOS_SINAPI,3,0),IF(I254=\"SETOP\",VLOOKUP(B254,DADOS_SETOP,3,0),IF(I254=\"SICRO\",VLOOKUP(B254,DADOS_SICRO,3,0),IF(I254=\"SUDECAP\",VLOOKUP(B254,DADOS_SUDECAP,3,0),IF(I254=\"COTAÇÃO\",VLOOKUP(B254,DADOS_COTACAO,9,0),VLOOKUP(B254,DADOS_COMPOSICAO,10,0))))))","v":"H"},25,{"$f":"IF(I254=\"SINAPI\",VLOOKUP(B254,DADOS_SINAPI,4,0),IF(I254=\"SETOP\",VLOOKUP(B254,DADOS_SETOP,4,0),IF(I254=\"SICRO\",VLOOKUP(B254,DADOS_SICRO,4,0),IF(I254=\"SUDECAP\",VLOOKUP(B254,DADOS_SUDECAP,4,0),IF(I254=\"COTAÇÃO\",VLOOKUP(B254,DADOS_COTACAO,12,0),VLOOKUP(B254,DADOS_COMPOSICAO,13,0))))))","v":25.61},{"$f":"K254*L254","v":640.25}]
[null,88247,"AUXILIAR DE ELETRICISTA COM ENCARGOS COMPLEMENTARES",null,null,null,null,null,"SINAPI","H",25,21.09,527.25]
[]
[21,{"$f":"VLOOKUP(A257,[1]ORC!$D$46:$N$2472,2,0)","v":"CABEAMENTO ESTRUTURADO E CFTV"}]
["DADO-001","INSTALAÇÃO ACESSÓRIOS CABEAMENTO",null,null,null,null,null,null,"CPU","UN",null,null,{"$f":"SUM(M259:M260)","v":140.1}]
[null,88264,{"$f":"IF(I259=\"SINAPI\",VLOOKUP(B259,DADOS_SINAPI,2,0),IF(I259=\"SETOP\",VLOOKUP(B259,DADOS_SETOP,2,0),IF(I259=\"SICRO\",VLOOKUP(B259,DADOS_SICRO,2,0),IF(I259=\"SUDECAP\",VLOOKUP(B259,DADOS_SUDECAP,2,0),IF(I259=\"COTAÇÃO\",VLOOKUP(B259,DADOS_COTACAO,2,0),VLOOKUP(B259,DADOS_COMPOSICAO,2,0))))))","v":"ELETRICISTA COM ENCARGOS COMPLEMENTARES"},null,null,null,null,null,"SINAPI",{"$f":"IF(I259=\"SINAPI\",VLOOKUP(B259,DADOS_SINAPI,3,0),IF(I259=\"SETOP\",VLOOKUP(B259,DADOS_SETOP,3,0),IF(I259=\"SICRO\",VLOOKUP(B259,DADOS_SICRO,3,0),IF(I259=\"SUDECAP\",VLOOKUP(B259,DADOS_SUDECAP,3,0),IF(I259=\"COTAÇÃO\",VLOOKUP(B259,DADOS_COTACAO,9,0),VLOOKUP(B259,DADOS_COMPOSICAO,10,0))))))","v":"H"},3,{"$f":"IF(I259=\"SINAPI\",VLOOKUP(B259,DADOS_SINAPI,4,0),IF(I259=\"SETOP\",VLOOKUP(B259,DADOS_SETOP,4,0),IF(I259=\"SICRO\",VLOOKUP(B259,DADOS_SICRO,4,0),IF(I259=\"SUDECAP\",VLOOKUP(B259,DADOS_SUDECAP,4,0),IF(I259=\"COTAÇÃO\",VLOOKUP(B259,DADOS_COTACAO,12,0),VLOOKUP(B259,DADOS_COMPOSICAO,13,0))))))","v":25.61},{"$f":"K259*L259","v":76.83}]
[null,88247,{"$f":"IF(I260=\"SINAPI\",VLOOKUP(B260,DADOS_SINAPI,2,0),IF(I260=\"SETOP\",VLOOKUP(B260,DADOS_SETOP,2,0),IF(I260=\"SICRO\",VLOOKUP(B260,DADOS_SICRO,2,0),IF(I260=\"SUDECAP\",VLOOKUP(B260,DADOS_SUDECAP,2,0),IF(I260=\"COTAÇÃO\",VLOOKUP(B260,DADOS_COTACAO,2,0),VLOOKUP(B260,DADOS_COMPOSICAO,2,0))))))","v":"AUXILIAR DE ELETRICISTA COM ENCARGOS COMPLEMENTARES"},null,null,null,null,null,"SINAPI",{"$f":"IF(I260=\"SINAPI\",VLOOKUP(B260,DADOS_SINAPI,3,0),IF(I260=\"SETOP\",VLOOKUP(B260,DADOS_SETOP,3,0),IF(I260=\"SICRO\",VLOOKUP(B260,DADOS_SICRO,3,0),IF(I260=\"SUDECAP\",VLOOKUP(B260,DADOS_SUDECAP,3,0),IF(I260=\"COTAÇÃO\",VLOOKUP(B260,DADOS_COTACAO,9,0),VLOOKUP(B260,DADOS_COMPOSICAO,10,0))))))","v":"H"},3,{"$f":"IF(I260=\"SINAPI\",VLOOKUP(B260,DADOS_SINAPI,4,0),IF(I260=\"SETOP\",VLOOKUP(B260,DADOS_SETOP,4,0),IF(I260=\"SICRO\",VLOOKUP(B260,DADOS_SICRO,4,0),IF(I260=\"SUDECAP\",VLOOKUP(B260,DADOS_SUDECAP,4,0),IF(I260=\"COTAÇÃO\",VLOOKUP(B260,DADOS_COTACAO,12,0),VLOOKUP(B260,DADOS_COMPOSICAO,13,0))))))","v":21.09},{"$f":"K260*L260","v":63.269999999999996}]
[]
["DADO-002","INSTALAÇÃO CÂMERA",null,null,null,null,null,null,"CPU","UN",null,null,{"$f":"SUM(M263:M264)","v":36.155000000000001}]
[null,88264,{"$f":"IF(I263=\"SINAPI\",VLOOKUP(B263,DADOS_SINAPI,2,0),IF(I263=\"SETOP\",VLOOKUP(B263,DADOS_SETOP,2,0),IF(I263=\"SICRO\",VLOOKUP(B263,DADOS_SICRO,2,0),IF(I263=\"SUDECAP\",VLOOKUP(B263,DADOS_SUDECAP,2,0),IF(I263=\"COTAÇÃO\",VLOOKUP(B263,DADOS_COTACAO,2,0),VLOOKUP(B263,DADOS_COMPOSICAO,2,0))))))","v":"ELETRICISTA COM ENCARGOS COMPLEMENTARES"},null,null,null,null,null,"SINAPI",{"$f":"IF(I263=\"SINAPI\",VLOOKUP(B263,DADOS_SINAPI,3,0),IF(I263=\"SETOP\",VLOOKUP(B263,DADOS_SETOP,3,0),IF(I263=\"SICRO\",VLOOKUP(B263,DADOS_SICRO,3,0),IF(I263=\"SUDECAP\",VLOOKUP(B263,DADOS_SUDECAP,3,0),IF(I263=\"COTAÇÃO\",VLOOKUP(B263,DADOS_COTACAO,9,0),VLOOKUP(B263,DADOS_COMPOSICAO,10,0))))))","v":"H"},1,{"$f":"IF(I263=\"SINAPI\",VLOOKUP(B263,DADOS_SINAPI,4,0),IF(I263=\"SETOP\",VLOOKUP(B263,DADOS_SETOP,4,0),IF(I263=\"SICRO\",VLOOKUP(B263,DADOS_SICRO,4,0),IF(I263=\"SUDECAP\",VLOOKUP(B263,DADOS_SUDECAP,4,0),IF(I263=\"COTAÇÃO\",VLOOKUP(B263,DADOS_COTACAO,12,0),VLOOKUP(B263,DADOS_COMPOSICAO,13,0))))))","v":25.61},{"$f":"K263*L263","v":25.61}]
[null,88247,{"$f":"IF(I264=\"SINAPI\",VLOOKUP(B264,DADOS_SINAPI,2,0),IF(I264=\"SETOP\",VLOOKUP(B264,DADOS_SETOP,2,0),IF(I264=\"SICRO\",VLOOKUP(B264,DADOS_SICRO,2,0),IF(I264=\"SUDECAP\",VLOOKUP(B264,DADOS_SUDECAP,2,0),IF(I264=\"COTAÇÃO\",VLOOKUP(B264,DADOS_COTACAO,2,0),VLOOKUP(B264,DADOS_COMPOSICAO,2,0))))))","v":"AUXILIAR DE ELETRICISTA COM ENCARGOS COMPLEMENTARES"},null,null,null,null,null,"SINAPI",{"$f":"IF(I264=\"SINAPI\",VLOOKUP(B264,DADOS_SINAPI,3,0),IF(I264=\"SETOP\",VLOOKUP(B264,DADOS_SETOP,3,0),IF(I264=\"SICRO\",VLOOKUP(B264,DADOS_SICRO,3,0),IF(I264=\"SUDECAP\",VLOOKUP(B264,DADOS_SUDECAP,3,0),IF(I264=\"COTAÇÃO\",VLOOKUP(B264,DADOS_COTACAO,9,0),VLOOKUP(B264,DADOS_COMPOSICAO,10,0))))))","v":"H"},0.5,{"$f":"IF(I264=\"SINAPI\",VLOOKUP(B264,DADOS_SINAPI,4,0),IF(I264=\"SETOP\",VLOOKUP(B264,DADOS_SETOP,4,0),IF(I264=\"SICRO\",VLOOKUP(B264,DADOS_SICRO,4,0),IF(I264=\"SUDECAP\",VLOOKUP(B264,DADOS_SUDECAP,4,0),IF(I264=\"COTAÇÃO\",VLOOKUP(B264,DADOS_COTACAO,12,0),VLOOKUP(B264,DADOS_COMPOSICAO,13,0))))))","v":21.09},10.545]
[]
["DADO-003","INSTALAÇÃO RACK",null,null,null,null,null,null,"CPU","UN",null,null,{"$f":"SUM(M267:M268)","v":72.31}]
[null,88264,{"$f":"IF(I267=\"SINAPI\",VLOOKUP(B267,DADOS_SINAPI,2,0),IF(I267=\"SETOP\",VLOOKUP(B267,DADOS_SETOP,2,0),IF(I267=\"SICRO\",VLOOKUP(B267,DADOS_SICRO,2,0),IF(I267=\"SUDECAP\",VLOOKUP(B267,DADOS_SUDECAP,2,0),IF(I267=\"COTAÇÃO\",VLOOKUP(B267,DADOS_COTACAO,2,0),VLOOKUP(B267,DADOS_COMPOSICAO,2,0))))))","v":"ELETRICISTA COM ENCARGOS COMPLEMENTARES"},null,null,null,null,null,"SINAPI",{"$f":"IF(I267=\"SINAPI\",VLOOKUP(B267,DADOS_SINAPI,3,0),IF(I267=\"SETOP\",VLOOKUP(B267,DADOS_SETOP,3,0),IF(I267=\"SICRO\",VLOOKUP(B267,DADOS_SICRO,3,0),IF(I267=\"SUDECAP\",VLOOKUP(B267,DADOS_SUDECAP,3,0),IF(I267=\"COTAÇÃO\",VLOOKUP(B267,DADOS_COTACAO,9,0),VLOOKUP(B267,DADOS_COMPOSICAO,10,0))))))","v":"H"},2,{"$f":"IF(I267=\"SINAPI\",VLOOKUP(B267,DADOS_SINAPI,4,0),IF(I267=\"SETOP\",VLOOKUP(B267,DADOS_SETOP,4,0),IF(I267=\"SICRO\",VLOOKUP(B267,DADOS_SICRO,4,0),IF(I267=\"SUDECAP\",VLOOKUP(B267,DADOS_SUDECAP,4,0),IF(I267=\"COTAÇÃO\",VLOOKUP(B267,DADOS_COTACAO,12,0),VLOOKUP(B267,DADOS_COMPOSICAO,13,0))))))","v":25.61},{"$f":"K267*L267","v":51.22}]
[null,88247,{"$f":"IF(I268=\"SINAPI\",VLOOKUP(B268,DADOS_SINAPI,2,0),IF(I268=\"SETOP\",VLOOKUP(B268,DADOS_SETOP,2,0),IF(I268=\"SICRO\",VLOOKUP(B268,DADOS_SICRO,2,0),IF(I268=\"SUDECAP\",VLOOKUP(B268,DADOS_SUDECAP,2,0),IF(I268=\"COTAÇÃO\",VLOOKUP(B268,DADOS_COTACAO,2,0),VLOOKUP(B268,DADOS_COMPOSICAO,2,0))))))","v":"AUXILIAR DE ELETRICISTA COM ENCARGOS COMPLEMENTARES"},null,null,null,null,null,"SINAPI",{"$f":"IF(I268=\"SINAPI\",VLOOKUP(B268,DADOS_SINAPI,3,0),IF(I268=\"SETOP\",VLOOKUP(B268,DADOS_SETOP,3,0),IF(I268=\"SICRO\",VLOOKUP(B268,DADOS_SICRO,3,0),IF(I268=\"SUDECAP\",VLOOKUP(B268,DADOS_SUDECAP,3,0),IF(I268=\"COTAÇÃO\",VLOOKUP(B268,DADOS_COTACAO,9,0),VLOOKUP(B268,DADOS_COMPOSICAO,10,0))))))","v":"H"},1,{"$f":"IF(I268=\"SINAPI\",VLOOKUP(B268,DADOS_SINAPI,4,0),IF(I268=\"SETOP\",VLOOKUP(B268,DADOS_SETOP,4,0),IF(I268=\"SICRO\",VLOOKUP(B268,DADOS_SICRO,4,0),IF(I268=\"SUDECAP\",VLOOKUP(B268,DADOS_SUDECAP,4,0),IF(I268=\"COTAÇÃO\",VLOOKUP(B268,DADOS_COTACAO,12,0),VLOOKUP(B268,DADOS_COMPOSICAO,13,0))))))","v":21.09},21.09]
[]
[22,{"$f":"VLOOKUP(A270,[1]ORC!$D$46:$N$2472,2,0)","v":"SISTEMA DE PROTEÇÃO CONTRA DESCARGAS ATMOSFÉRICAS"}]
["SPDA-001","INSTALAÇÃO SUPORTE DE FIXAÇÃO PARA BARRA CHATA TEL726",null,null,null,null,null,null,"CPU","UN",null,null,{"$f":"SUM(M272:M273)","v":36.155000000000001}]
[null,88264,{"$f":"IF(I272=\"SINAPI\",VLOOKUP(B272,DADOS_SINAPI,2,0),IF(I272=\"SETOP\",VLOOKUP(B272,DADOS_SETOP,2,0),IF(I272=\"SICRO\",VLOOKUP(B272,DADOS_SICRO,2,0),IF(I272=\"SUDECAP\",VLOOKUP(B272,DADOS_SUDECAP,2,0),IF(I272=\"COTAÇÃO\",VLOOKUP(B272,DADOS_COTACAO,2,0),VLOOKUP(B272,DADOS_COMPOSICAO,2,0))))))","v":"ELETRICISTA COM ENCARGOS COMPLEMENTARES"},null,null,null,null,null,"SINAPI",{"$f":"IF(I272=\"SINAPI\",VLOOKUP(B272,DADOS_SINAPI,3,0),IF(I272=\"SETOP\",VLOOKUP(B272,DADOS_SETOP,3,0),IF(I272=\"SICRO\",VLOOKUP(B272,DADOS_SICRO,3,0),IF(I272=\"SUDECAP\",VLOOKUP(B272,DADOS_SUDECAP,3,0),IF(I272=\"COTAÇÃO\",VLOOKUP(B272,DADOS_COTACAO,9,0),VLOOKUP(B272,DADOS_COMPOSICAO,10,0))))))","v":"H"},1,{"$f":"IF(I272=\"SINAPI\",VLOOKUP(B272,DADOS_SINAPI,4,0),IF(I272=\"SETOP\",VLOOKUP(B272,DADOS_SETOP,4,0),IF(I272=\"SICRO\",VLOOKUP(B272,DADOS_SICRO,4,0),IF(I272=\"SUDECAP\",VLOOKUP(B272,DADOS_SUDECAP,4,0),IF(I272=\"COTAÇÃO\",VLOOKUP(B272,DADOS_COTACAO,12,0),VLOOKUP(B272,DADOS_COMPOSICAO,13,0))))))","v":25.61},{"$f":"K272*L272","v":25.61}]
[null,88247,{"$f":"IF(I273=\"SINAPI\",VLOOKUP(B273,DADOS_SINAPI,2,0),IF(I273=\"SETOP\",VLOOKUP(B273,DADOS_SETOP,2,0),IF(I273=\"SICRO\",VLOOKUP(B273,DADOS_SICRO,2,0),IF(I273=\"SUDECAP\",VLOOKUP(B273,DADOS_SUDECAP,2,0),IF(I273=\"COTAÇÃO\",VLOOKUP(B273,DADOS_COTACAO,2,0),VLOOKUP(B273,DADOS_COMPOSICAO,2,0))))))","v":"AUXILIAR DE ELETRICISTA COM ENCARGOS COMPLEMENTARES"},null,null,null,null,null,"SINAPI",{"$f":"IF(I273=\"SINAPI\",VLOOKUP(B273,DADOS_SINAPI,3,0),IF(I273=\"SETOP\",VLOOKUP(B273,DADOS_SETOP,3,0),IF(I273=\"SICRO\",VLOOKUP(B273,DADOS_SICRO,3,0),IF(I273=\"SUDECAP\",VLOOKUP(B273,DADOS_SUDECAP,3,0),IF(I273=\"COTAÇÃO\",VLOOKUP(B273,DADOS_COTACAO,9,0),VLOOKUP(B273,DADOS_COMPOSICAO,10,0))))))","v":"H"},0.5,{"$f":"IF(I273=\"SINAPI\",VLOOKUP(B273,DADOS_SINAPI,4,0),IF(I273=\"SETOP\",VLOOKUP(B273,DADOS_SETOP,4,0),IF(I273=\"SICRO\",VLOOKUP(B273,DADOS_SICRO,4,0),IF(I273=\"SUDECAP\",VLOOKUP(B273,DADOS_SUDECAP,4,0),IF(I273=\"COTAÇÃO\",VLOOKUP(B273,DADOS_COTACAO,12,0),VLOOKUP(B273,DADOS_COMPOSICAO,13,0))))))","v":21.09},10.545]
[]
["SPDA-002","INSTALAÇÃO CONECTOR ATERRINSERT",null,null,null,null,null,null,"CPU","UN",null,null,{"$f":"SUM(M276:M277)","v":46.7}]
[null,88264,{"$f":"IF(I276=\"SINAPI\",VLOOKUP(B276,DADOS_SINAPI,2,0),IF(I276=\"SETOP\",VLOOKUP(B276,DADOS_SETOP,2,0),IF(I276=\"SICRO\",VLOOKUP(B276,DADOS_SICRO,2,0),IF(I276=\"SUDECAP\",VLOOKUP(B276,DADOS_SUDECAP,2,0),IF(I276=\"COTAÇÃO\",VLOOKUP(B276,DADOS_COTACAO,2,0),VLOOKUP(B276,DADOS_COMPOSICAO,2,0))))))","v":"ELETRICISTA COM ENCARGOS COMPLEMENTARES"},null,null,null,null,null,"SINAPI",{"$f":"IF(I276=\"SINAPI\",VLOOKUP(B276,DADOS_SINAPI,3,0),IF(I276=\"SETOP\",VLOOKUP(B276,DADOS_SETOP,3,0),IF(I276=\"SICRO\",VLOOKUP(B276,DADOS_SICRO,3,0),IF(I276=\"SUDECAP\",VLOOKUP(B276,DADOS_SUDECAP,3,0),IF(I276=\"COTAÇÃO\",VLOOKUP(B276,DADOS_COTACAO,9,0),VLOOKUP(B276,DADOS_COMPOSICAO,10,0))))))","v":"H"},1,{"$f":"IF(I276=\"SINAPI\",VLOOKUP(B276,DADOS_SINAPI,4,0),IF(I276=\"SETOP\",VLOOKUP(B276,DADOS_SETOP,4,0),IF(I276=\"SICRO\",VLOOKUP(B276,DADOS_SICRO,4,0),IF(I276=\"SUDECAP\",VLOOKUP(B276,DADOS_SUDECAP,4,0),IF(I276=\"COTAÇÃO\",VLOOKUP(B276,DADOS_COTACAO,12,0),VLOOKUP(B276,DADOS_COMPOSICAO,13,0))))))","v":25.61},{"$f":"K276*L276","v":25.61}]
[null,88247,{"$f":"IF(I277=\"SINAPI\",VLOOKUP(B277,DADOS_SINAPI,2,0),IF(I277=\"SETOP\",VLOOKUP(B277,DADOS_SETOP,2,0),IF(I277=\"SICRO\",VLOOKUP(B277,DADOS_SICRO,2,0),IF(I277=\"SUDECAP\",VLOOKUP(B277,DADOS_SUDECAP,2,0),IF(I277=\"COTAÇÃO\",VLOOKUP(B277,DADOS_COTACAO,2,0),VLOOKUP(B277,DADOS_COMPOSICAO,2,0))))))","v":"AUXILIAR DE ELETRICISTA COM ENCARGOS COMPLEMENTARES"},null,null,null,null,null,"SINAPI",{"$f":"IF(I277=\"SINAPI\",VLOOKUP(B277,DADOS_SINAPI,3,0),IF(I277=\"SETOP\",VLOOKUP(B277,DADOS_SETOP,3,0),IF(I277=\"SICRO\",VLOOKUP(B277,DADOS_SICRO,3,0),IF(I277=\"SUDECAP\",VLOOKUP(B277,DADOS_SUDECAP,3,0),IF(I277=\"COTAÇÃO\",VLOOKUP(B277,DADOS_COTACAO,9,0),VLOOKUP(B277,DADOS_COMPOSICAO,10,0))))))","v":"H"},1,{"$f":"IF(I277=\"SINAPI\",VLOOKUP(B277,DADOS_SINAPI,4,0),IF(I277=\"SETOP\",VLOOKUP(B277,DADOS_SETOP,4,0),IF(I277=\"SICRO\",VLOOKUP(B277,DADOS_SICRO,4,0),IF(I277=\"SUDECAP\",VLOOKUP(B277,DADOS_SUDECAP,4,0),IF(I277=\"COTAÇÃO\",VLOOKUP(B277,DADOS_COTACAO,12,0),VLOOKUP(B277,DADOS_COMPOSICAO,13,0))))))","v":21.09},21.09]
[]
[23,{"$f":"VLOOKUP(A279,[1]ORC!$D$46:$N$2472,2,0)","v":"SISTEMA DE PROTEÇÃO CONTRA INCÊNDIO E PÂNICO"}]
["INC-001","FIXAÇÃO DE PLACAS FOTOLUMINESCENTES PARA SINALIZAÇÃO DE EMERGÊNCIA",null,null,null,null,null,null,"CPU","UN",null,null,{"$f":"SUM(M281:XFD283)","v":10.079836199999999}]
[null,88309,{"$f":"IF(I281=\"SINAPI\",VLOOKUP(B281,DADOS_SINAPI,2,0),IF(I281=\"SETOP\",VLOOKUP(B281,DADOS_SETOP,2,0),IF(I281=\"SICRO\",VLOOKUP(B281,DADOS_SICRO,2,0),IF(I281=\"SUDECAP\",VLOOKUP(B281,DADOS_SUDECAP,2,0),IF(I281=\"COTAÇÃO\",VLOOKUP(B281,DADOS_COTACAO,2,0),VLOOKUP(B281,DADOS_COMPOSICAO,2,0))))))","v":"PEDREIRO COM ENCARGOS COMPLEMENTARES"},null,null,null,null,null,"SINAPI",{"$f":"IF(I281=\"SINAPI\",VLOOKUP(B281,DADOS_SINAPI,3,0),IF(I281=\"SETOP\",VLOOKUP(B281,DADOS_SETOP,3,0),IF(I281=\"SICRO\",VLOOKUP(B281,DADOS_SICRO,3,0),IF(I281=\"SUDECAP\",VLOOKUP(B281,DADOS_SUDECAP,3,0),IF(I281=\"COTAÇÃO\",VLOOKUP(B281,DADOS_COTACAO,9,0),VLOOKUP(B281,DADOS_COMPOSICAO,10,0))))))","v":"H"},0.12222,{"$f":"IF(I281=\"SINAPI\",VLOOKUP(B281,DADOS_SINAPI,4,0),IF(I281=\"SETOP\",VLOOKUP(B281,DADOS_SETOP,4,0),IF(I281=\"SICRO\",VLOOKUP(B281,DADOS_SICRO,4,0),IF(I281=\"SUDECAP\",VLOOKUP(B281,DADOS_SUDECAP,4,0),IF(I281=\"COTAÇÃO\",VLOOKUP(B281,DADOS_COTACAO,12,0),VLOOKUP(B281,DADOS_COMPOSICAO,13,0))))))","v":25.27},{"$f":"K281*L281","v":3.0884993999999999}]
[null,88242,{"$f":"IF(I282=\"SINAPI\",VLOOKUP(B282,DADOS_SINAPI,2,0),IF(I282=\"SETOP\",VLOOKUP(B282,DADOS_SETOP,2,0),IF(I282=\"SICRO\",VLOOKUP(B282,DADOS_SICRO,2,0),IF(I282=\"SUDECAP\",VLOOKUP(B282,DADOS_SUDECAP,2,0),IF(I282=\"COTAÇÃO\",VLOOKUP(B282,DADOS_COTACAO,2,0),VLOOKUP(B282,DADOS_COMPOSICAO,2,0))))))","v":"AJUDANTE DE PEDREIRO COM ENCARGOS COMPLEMENTARES"},null,null,null,null,null,"SINAPI",{"$f":"IF(I282=\"SINAPI\",VLOOKUP(B282,DADOS_SINAPI,3,0),IF(I282=\"SETOP\",VLOOKUP(B282,DADOS_SETOP,3,0),IF(I282=\"SICRO\",VLOOKUP(B282,DADOS_SICRO,3,0),IF(I282=\"SUDECAP\",VLOOKUP(B282,DADOS_SUDECAP,3,0),IF(I282=\"COTAÇÃO\",VLOOKUP(B282,DADOS_COTACAO,9,0),VLOOKUP(B282,DADOS_COMPOSICAO,10,0))))))","v":"H"},0.24443999999999999,{"$f":"IF(I282=\"SINAPI\",VLOOKUP(B282,DADOS_SINAPI,4,0),IF(I282=\"SETOP\",VLOOKUP(B282,DADOS_SETOP,4,0),IF(I282=\"SICRO\",VLOOKUP(B282,DADOS_SICRO,4,0),IF(I282=\"SUDECAP\",VLOOKUP(B282,DADOS_SUDECAP,4,0),IF(I282=\"COTAÇÃO\",VLOOKUP(B282,DADOS_COTACAO,12,0),VLOOKUP(B282,DADOS_COMPOSICAO,13,0))))))","v":20.72},5.0647967999999999]
[null,"83.41.04",{"$f":"IF(I283=\"SINAPI\",VLOOKUP(B283,DADOS_SINAPI,2,0),IF(I283=\"SETOP\",VLOOKUP(B283,DADOS_SETOP,2,0),IF(I283=\"SICRO\",VLOOKUP(B283,DADOS_SICRO,2,0),IF(I283=\"SUDECAP\",VLOOKUP(B283,DADOS_SUDECAP,2,0),IF(I283=\"COTAÇÃO\",VLOOKUP(B283,DADOS_COTACAO,2,0),VLOOKUP(B283,DADOS_COMPOSICAO,2,0))))))","v":"FITA DUPLA FACE TRANSFERIVEL VHB12MMX20M UNITARIO 3M OU EQUIVALENTE"},null,null,null,null,null,"SUDECAP",{"$f":"IF(I283=\"SINAPI\",VLOOKUP(B283,DADOS_SINAPI,3,0),IF(I283=\"SETOP\",VLOOKUP(B283,DADOS_SETOP,3,0),IF(I283=\"SICRO\",VLOOKUP(B283,DADOS_SICRO,3,0),IF(I283=\"SUDECAP\",VLOOKUP(B283,DADOS_SUDECAP,3,0),IF(I283=\"COTAÇÃO\",VLOOKUP(B283,DADOS_COTACAO,9,0),VLOOKUP(B283,DADOS_COMPOSICAO,10,0))))))","v":"UN"},0.126,{"$f":"IF(I283=\"SINAPI\",VLOOKUP(B283,DADOS_SINAPI,4,0),IF(I283=\"SETOP\",VLOOKUP(B283,DADOS_SETOP,4,0),IF(I283=\"SICRO\",VLOOKUP(B283,DADOS_SICRO,4,0),IF(I283=\"SUDECAP\",VLOOKUP(B283,DADOS_SUDECAP,4,0),IF(I283=\"COTAÇÃO\",VLOOKUP(B283,DADOS_COTACAO,12,0),VLOOKUP(B283,DADOS_COMPOSICAO,13,0))))))","v":15.29},1.9265399999999999]
[]
[]
[]
[]
[]
[null,null,null,"RESPONSÁVEL TÉCNICO:",null,null,{"$f":"DADOS!D16","v":"ALOISIO CAETANO FERREIRA"}]
[null,null,null,null,null,null,{"$f":"DADOS!D18","v":"CREA -  MG 97.132/D"}]

{"sheet":"COT","index":8,"n_rows":202,"n_cols":12,"rows_kept":202,"cut":false,"hidden":false,"merged":[[180,2,180,5],[181,2,181,5],[182,2,182,5],[184,1,184,7],[186,2,186,5],[171,2,171,5],[172,2,172,5],[174,1,174,7],[176,2,176,5],[178,1,178,7],[194,2,194,5],[200,2,200,4],[200,5,200,6],[201,5,201,6],[187,2,187,5],[188,2,188,5],[190,1,190,7],[192,2,192,5],[193,2,193,5],[166,2,166,5],[167,2,167,5],[169,1,169,7],[155,2,155,5],[157,1,157,7],[159,2,159,5],[160,2,160,5],[161,2,161,5],[148,2,148,5],[149,2,149,5],[151,1,151,7],[153,2,153,5],[154,2,154,5],[163,1,163,7],[165,2,165,5],[141,2,141,5],[142,2,142,5],[143,2,143,5],[145,1,145,7],[147,2,147,5],[133,1,133,7],[135,2,135,5],[136,2,136,5],[137,2,137,5],[139,1,139,7],[125,2,125,5],[127,1,127,7],[129,2,129,5],[130,2,130,5],[131,2,131,5],[118,2,118,5],[119,2,119,5],[121,1,121,7],[123,2,123,5],[124,2,124,5],[111,2,111,5],[112,2,112,5],[113,2,113,5],[115,1,115,7],[117,2,117,5],[103,1,103,7],[105,2,105,5],[106,2,106,5],[107,2,107,5],[109,1,109,7],[95,2,95,5],[97,1,97,7],[99,2,99,5],[100,2,100,5],[101,2,101,5],[87,1,87,7],[89,2,89,5],[91,1,91,7],[93,2,93,5],[94,2,94,5],[79,2,79,5],[80,2,80,5],[81,2,81,5],[83,1,83,7],[85,2,85,5],[71,1,71,7],[73,2,73,5],[74,2,74,5],[75,2,75,5],[77,1,77,7],[63,2,63,5],[65,1,65,7],[67,2,67,5],[68,2,68,5],[69,2,69,5],[56,2,56,5],[57,2,57,5],[59,1,59,7],[61,2,61,5],[62,2,62,5],[48,1,48,7],[50,2,50,5],[51,2,51,5],[52,2,52,5],[54,1,54,7],[25,1,25,7],[27,2,27,5],[28,2,28,5],[33,2,33,5],[34,2,34,5],[39,2,39,5],[30,1,30,7],[1,0,2,9],[4,0,8,2],[45,2,45,5],[46,2,46,5],[4,10,6,11],[9,0,9,11],[40,2,40,5],[32,2,32,5],[36,1,36,7],[38,2,38,5],[42,1,42,7],[44,2,44,5],[16,0,17,11],[21,0,21,7],[21,8,21,11]]}
[]
["PLANILHA DE COTAÇÕES",null,null,null,null,null,null,null,null,null,"Revisão:",{"$f":"DADOS!D6","v":"R00"}]
[null,null,null,null,null,null,null,null,null,null,"Data: ",{"$f":"DADOS!D2","v":"2025-01-27"}]
["Projeto:",null,null,"Responsável:",null,null,"Cliente:",null,null,null,"Bancos:"]
[{"$f":"DADOS!D8","v":"CONSTRUÇÃO DA UBS CRISTAIS"},null,null,null,null,null,null,null,null,null,{"$f":"DADOS!D14","v":"SINAPI: 12/2024 Minas Gerais\nSETOP: 10/2024 Minas Gerais\nSICRO : 10/2024 Minas Gerais\nSUDECAP: 10/2024 Minas Gerais"}]
[]
[]
[null,null,null,null,null,null,null,null,null,null,"BDI 1:",{"$f":"DADOS!D10","v":0.26519999999999999}]
[null,null,null,null,null,null,null,null,null,null,"BDI 2:",{"$f":"DADOS!D12","v":"-"}]
[]
[]
[]
[]
[]
[]
[]
["COTAÇÕES"]
[]
["PREFEITURA:","PREFEITURA MUNICIPAL DE POUSO ALEGRE"]
["OBRA: CONSTRUÇÃO DA UBS CRISTAIS",null,null,null,null,null,null,null,null,null,"FOLHA Nº: 5"]
["LOCAL: RUA ROBERTO SCODELER, BAIRRO BELLA ITÁLIA",null,null,null,null,null,null,null,null,null,"DATA:27/01/2025"]
["REGIÃO/MÊS DE REFERÊNCIA:  SINAPI: 12/2024 Minas Gerais SETOP: 10/2024 Minas Gerais SICRO : 10/2024 Minas Gerais SUDECAP: 10/2024 Minas Gerais",null,null,null,null,null,null,null,"FORMA DE EXECUÇÃO"]
["PRAZO DE EXECUÇÃO: 12 MESES",null,null,null,null,null,null,null,null,null,"(X)","INDIRETA"]
[null,null,null,null,null,null,null,null,null,null,"BDI 1:",{"$f":"DADOS!D10","v":0.26519999999999999}]
[]
["COT-ARQ-001","PORTAS VAI E VEM EM ABS, 150 X 210 CM, COM VISOR - FORNECIMENTO E INSTALAÇÃO",null,null,null,null,null,null,"UN ",null,null,{"$f":"MEDIAN(L28:XFD29)","v":4631.25}]
["EMPRESA","CIDADE","LOCAL / LINK",null,null,null,"CNPJ","CONTATO ","UN ","VALOR","FRETE","TOTAL"]
["ANDER FLEX",null,"PROPOSTA COMERCIAL",null,null,null,"27.831.538/0001-02","(11) 4642-0606","UN ",4550,0,{"$f":"J28+K28","v":4550}]
["MULTIFLEX",null,"PROPOSTA COMERCIAL",null,null,null,"14.592.447/0001-01","(11) 4755-9555","UN ",4712.5,0,{"$f":"J29+K29","v":4712.5}]
[]
["COT-ARQ-002","JANELA ESQUADRIA MAXIM-AR 0,40 X 1,00 M - PINTURA PRETA E VIDRO TEMPERADO FUME 6MM",null,null,null,null,null,null,"UN ",null,null,{"$f":"MEDIAN(L33:XFD35)","v":545.88}]
["EMPRESA","CIDADE","LOCAL / LINK",null,null,null,"CNPJ","CONTATO ","UN ","VALOR","FRETE","TOTAL"]
["ALUVIMAX",null,"PROPOSTA COMERCIAL",null,null,null,"21.238.335/0001-12","(35) 3622-8305","UN ",545.88,0,{"$f":"J33+K33","v":545.88}]
["ATUAL ESQUADRIAS",null,"PROPOSTA COMERCIAL",null,null,null,"39.800.746/0001-15","(35) 99895-8134","UN ",652,0,{"$f":"J34+K34","v":652}]
["ALUMIVIDROS",null,"PROPOSTA COMERCIAL",null,null,null,"36.399.289/0001-00","(35) 3022-7774","UN ",510.16,0,{"$f":"J35+K35","v":510.16}]
[]
["COT-ARQ-003","JANELA ESQUADRIA MAXIM-AR 0,70 X 0,70 M - PINTURA PRETA E VIDRO TEMPERADO FUME 6MM",null,null,null,null,null,null,"UN ",null,null,{"$f":"MEDIAN(L39:XFD41)","v":583}]
["EMPRESA","CIDADE","LOCAL / LINK",null,null,null,"CNPJ","CONTATO ","UN ","VALOR","FRETE","TOTAL"]
["ALUVIMAX",null,"PROPOSTA COMERCIAL",null,null,null,"21.238.335/0001-12","(35) 3622-8305","UN ",668.7,0,{"$f":"J39+K39","v":668.7}]
["ATUAL ESQUADRIAS",null,"PROPOSTA COMERCIAL",null,null,null,"39.800.746/0001-15","(35) 99895-8134","UN ",583,0,{"$f":"J40+K40","v":583}]
["ALUMIVIDROS",null,"PROPOSTA COMERCIAL",null,null,null,"36.399.289/0001-00","(35) 3022-7774","UN ",526.42999999999995,0,{"$f":"J41+K41","v":526.42999999999995}]
[]
["COT-ARQ-004","JANELA ESQUADRIA MAXIM-AR 0,70 X 0,90 M - PINTURA PRETA E VIDRO TEMPERADO FUME 6MM",null,null,null,null,null,null,"UN ",null,null,{"$f":"MEDIAN(L45:XFD47)","v":1468}]
["EMPRESA","CIDADE","LOCAL / LINK",null,null,null,"CNPJ","CONTATO ","UN ","VALOR","FRETE","TOTAL"]
["ALUVIMAX",null,"PROPOSTA COMERCIAL",null,null,null,"21.238.335/0001-12","(35) 3622-8305","UN ",859.76,0,{"$f":"J45+K45","v":859.76}]
["ATUAL ESQUADRIAS",null,"PROPOSTA COMERCIAL",null,null,null,"39.800.746/0001-15","(35) 99895-8134","UN ",1468,0,{"$f":"J46+K46","v":1468}]
["ALUMIVIDROS",null,"PROPOSTA COMERCIAL",null,null,null,"36.399.289/0001-00","(35) 3022-7774","UN ",1862.16,0,{"$f":"J47+K47","v":1862.16}]
[]
["COT-ARQ-005","JANELA ESQUADRIA TIPO GUILHOTINA 1,00 X 1,00 M - PINTURA PRETA E VIDRO TEMPERADO FUME 6MM",null,null,null,null,null,null,"UN ",null,null,{"$f":"MEDIAN(L51:XFD53)","v":1074}]
["EMPRESA","CIDADE","LOCAL / LINK",null,null,null,"CNPJ","CONTATO ","UN ","VALOR","FRETE","TOTAL"]
["ALUVIMAX",null,"PROPOSTA COMERCIAL",null,null,null,"21.238.335/0001-12","(35) 3622-8305","UN ",834.7,0,{"$f":"J51+K51","v":834.7}]
["ATUAL ESQUADRIAS",null,"PROPOSTA COMERCIAL",null,null,null,"39.800.746/0001-15","(35) 99895-8134","UN ",1074,0,{"$f":"J52+K52","v":1074}]
["ALUMIVIDROS",null,"PROPOSTA COMERCIAL",null,null,null,"36.399.289/0001-00","(35) 3022-7774","UN ",1361.86,0,{"$f":"J53+K53","v":1361.86}]
[]
["COT-ARQ-006","JANELA ESQUADRIA MAXIM-AR 1,60 X 0,60 M - PINTURA PRETA E VIDRO TEMPERADO FUME 6MM",null,null,null,null,null,null,"UN ",null,null,{"$f":"MEDIAN(L57:XFD58)","v":1015.0650000000001}]
["EMPRESA","CIDADE","LOCAL / LINK",null,null,null,"CNPJ","CONTATO ","UN ","VALOR","FRETE","TOTAL"]
["ATUAL ESQUADRIAS",null,"PROPOSTA COMERCIAL",null,null,null,"39.800.746/0001-15","(35) 99895-8134","UN ",1026,0,{"$f":"J57+K57","v":1026}]
["ALUMIVIDROS",null,"PROPOSTA COMERCIAL",null,null,null,"36.399.289/0001-00","(35) 3022-7774","UN ",1004.13,0,{"$f":"J58+K58","v":1004.13}]
[]
["COT-ARQ-007","JANELA ESQUADRIA MAXIM-AR 1,60 X 0,70 M - PINTURA PRETA E VIDRO TEMPERADO FUME 6MM",null,null,null,null,null,null,"UN ",null,null,{"$f":"MEDIAN(L62:XFD64)","v":1092.47}]
["EMPRESA","CIDADE","LOCAL / LINK",null,null,null,"CNPJ","CONTATO ","UN ","VALOR","FRETE","TOTAL"]
["ALUVIMAX",null,"PROPOSTA COMERCIAL",null,null,null,"21.238.335/0001-12","(35) 3622-8305","UN ",1528.46,0,{"$f":"J62+K62","v":1528.46}]
["ATUAL ESQUADRIAS",null,"PROPOSTA COMERCIAL",null,null,null,"39.800.746/0001-15","(35) 99895-8134","UN ",1090,0,{"$f":"J63+K63","v":1090}]
["ALUMIVIDROS",null,"PROPOSTA COMERCIAL",null,null,null,"36.399.289/0001-00","(35) 3022-7774","UN ",1092.47,0,{"$f":"J64+K64","v":1092.47}]
[]
["COT-ARQ-008","JANELA ESQUADRIA MAXIM-AR 2,00 X 1,00 M - PINTURA PRETA E VIDRO TEMPERADO FUME 6MM",null,null,null,null,null,null,"UN ",null,null,{"$f":"MEDIAN(L68:XFD70)","v":1725.76}]
["EMPRESA","CIDADE","LOCAL / LINK",null,null,null,"CNPJ","CONTATO ","UN ","VALOR","FRETE","TOTAL"]
["ALUVIMAX",null,"PROPOSTA COMERCIAL",null,null,null,"21.238.335/0001-12","(35) 3622-8305","UN ",2729.4,0,{"$f":"J68+K68","v":2729.4}]
["ATUAL ESQUADRIAS",null,"PROPOSTA COMERCIAL",null,null,null,"39.800.746/0001-15","(35) 99895-8134","UN ",1633,0,{"$f":"J69+K69","v":1633}]
["ALUMIVIDROS",null,"PROPOSTA COMERCIAL",null,null,null,"36.399.289/0001-00","(35) 3022-7774","UN ",1725.76,0,{"$f":"J70+K70","v":1725.76}]
[]
["COT-ARQ-009","JANELA ESQUADRIA MAXIM-AR 2,20 X 1,20 M - PINTURA PRETA E VIDRO TEMPERADO FUME 6MM",null,null,null,null,null,null,"UN ",null,null,{"$f":"MEDIAN(L74:XFD76)","v":2143.59}]
["EMPRESA","CIDADE","LOCAL / LINK",null,null,null,"CNPJ","CONTATO ","UN ","VALOR","FRETE","TOTAL"]
["ALUVIMAX",null,"PROPOSTA COMERCIAL",null,null,null,"21.238.335/0001-12","(35) 3622-8305","UN ",1801.4,0,{"$f":"J74+K74","v":1801.4}]
["ATUAL ESQUADRIAS",null,"PROPOSTA COMERCIAL",null,null,null,"39.800.746/0001-15","(35) 99895-8134","UN ",2242,0,{"$f":"J75+K75","v":2242}]
["ALUMIVIDROS",null,"PROPOSTA COMERCIAL",null,null,null,"36.399.289/0001-00","(35) 3022-7774","UN ",2143.59,0,{"$f":"J76+K76","v":2143.59}]
[]
["COT-ARQ-010","JANELA ESQUADRIA MAXIM-AR 2,50 X 1,00 M - PINTURA PRETA E VIDRO TEMPERADO FUME 6MM",null,null,null,null,null,null,"UN ",null,null,{"$f":"MEDIAN(L80:XFD82)","v":2243}]
["EMPRESA","CIDADE","LOCAL / LINK",null,null,null,"CNPJ","CONTATO ","UN ","VALOR","FRETE","TOTAL"]
["ALUVIMAX",null,"PROPOSTA COMERCIAL",null,null,null,"21.238.335/0001-12","(35) 3622-8305","UN ",3411.75,0,{"$f":"J80+K80","v":3411.75}]
["ATUAL ESQUADRIAS",null,"PROPOSTA COMERCIAL",null,null,null,"39.800.746/0001-15","(35) 99895-8134","UN ",2243,0,{"$f":"J81+K81","v":2243}]
["ALUMIVIDROS",null,"PROPOSTA COMERCIAL",null,null,null,"36.399.289/0001-00","(35) 3022-7774","UN ",2232.36,0,{"$f":"J82+K82","v":2232.36}]
[]
["COT-ARQ-011","LETREIRO - FORNECIMENTO E INSTALAÇÃO",null,null,null,null,null,null,"UN ",null,null,{"$f":"MEDIAN(L86:XFD86)","v":3900}]
["EMPRESA","CIDADE","LOCAL / LINK",null,null,null,"CNPJ","CONTATO ","UN ","VALOR","FRETE","TOTAL"]
["IMPRIMAX",null,"PROPOSTA COMERCIAL",null,null,null,"24.414.141/0001-19","(35) 3622-5210","UN ",3900,0,{"$f":"J86+K86","v":3900}]
[]
["COT-LOU-001","EXPURGO HOSPITALAR COM SIFÃO, TRITURADOR E CONJUNTO DE INTALAÇÃO",null,null,null,null,null,null,"UN ",null,null,{"$f":"MEDIAN(L90:XFD90)","v":8902.5499999999993}]
["EMPRESA","CIDADE","LOCAL / LINK",null,null,null,"CNPJ","CONTATO ","UN ","VALOR","FRETE","TOTAL"]
["PALMETAL",null,"https://www.palmetal.com.br/expurgo-palmetal-modelo-em",null,null,null,"39.139.985/0001-76","(21) 2481-6453","UN ",{"$f":"2890+1155+31+4826.55","v":8902.5499999999993},0,{"$f":"J90+K90","v":8902.5499999999993}]
[]
["COT-PLU-001","RALO LINEAR 90 CM COM GRELHA BRANCA",null,null,null,null,null,null,"UN ",null,null,{"$f":"MEDIAN(L94:XFD96)","v":169.03}]
["EMPRESA","CIDADE","LOCAL / LINK",null,null,null,"CNPJ","CONTATO ","UN ","VALOR","FRETE","TOTAL"]
["LOJA DO PEDRÃO",null,"https://www.lojadopedrao.com.br/ralo-linear-com-grelha-90cm-branco--tigre-41365/p?idsku=41365",null,null,null,"60.344.348/0001-28","(16) 3434-3535","UN ",149.80000000000001,19.23,{"$f":"J94+K94","v":169.03}]
["MAGAZINE LUIZA",null,"https://www.magazineluiza.com.br/ralo-linear-0-90cm-grelha-branca-tigre/p/gfc40eh227/cj/ragl/?seller_id=ferrajao&srsltid=AfmBOooGhtW8z_JiKYTjSFwlZcd1_bAjBJCSRKTDjTA3kE-lladY25HJiQE",null,null,null,"47.960.950/1088-36","0800 773 3838","UN ",125,0,{"$f":"J95+K95","v":125}]
["BERNAL",null,"https://www.bernalonline.com.br/ralo-linear-sifonado-com-grelha-branca-90cm-amanco-7309-p29478?tsid=27",null,null,null,"01.438.458/0001-90","(21) 96463-8299","UN ",129.99,46.56,{"$f":"J96+K96","v":176.55}]
[]
["COT-CLI-001","CABO PP TETRAPOLAR, 4X2,5MM², 1KV",null,null,null,null,null,null,"M",null,null,{"$f":"MEDIAN(L100:XFD102)","v":30.490000000000002}]
["EMPRESA","CIDADE","LOCAL / LINK",null,null,null,"CNPJ","CONTATO ","UN ","VALOR","FRETE","TOTAL"]
["DIMENSIONAL",null,"https://www.dimensional.com.br/cabo-flexivel-1kv-90g-hepr-4x4mm2-preto1361472/p?idsku=1361472&gad_source=1&gclid=CjwKCAjwooq3BhB3EiwAYqYoEshb911gTmRJl45myL5hgR8IffnNx1HMuLdgONnKYbwO-oWZ80tsgBoCxYsQAvD_BwE",null,null,null,"06.913.480/0015-63","(19) 3446-7400","M",11.69,22.33,{"$f":"J100+K100","v":34.019999999999996}]
["MULTIFRIO",null,"https://www.multifrioshop.com/ar-condicionado/cabos-pp/cabo-pp-4-vias-de-2-5-milimetros-4x2-5mm-por-metro?parceiro=2316&gad_source=1&gclid=CjwKCAjwooq3BhB3EiwAYqYoEqr8g5bC-Q_0_ep55OOqkHRxOk0xab3VzbN4sY-CI2RVZllFNr6wBRoCIOgQAvD_BwE",null,null,null,"57.704.363/0001-25","(16) 2101-7700","M",9.08,16.54,{"$f":"J101+K101","v":25.619999999999997}]
["SANTIL",null,"https://www.santil.com.br/produto/cabo-flexivel-hepr-4x25mm-preto-1kv-vendido-por-metro-sil/2898155/",null,null,null,"49.474.398/0008-63","(11) 3998-3000","M",11.53,18.96,{"$f":"J102+K102","v":30.490000000000002}]
[]
["COT-EXA-001","EXAUSTOR VENTOKIT, DN 150MM, VAZÃO DE AR 280 M³/H",null,null,null,null,null,null,"UN ",null,null,{"$f":"MEDIAN(L106:XFD108)","v":335.06}]
["EMPRESA","CIDADE","LOCAL / LINK",null,null,null,"CNPJ","CONTATO ","UN ","VALOR","FRETE","TOTAL"]
["UTILITY HOME","SANTA CATARINA","https://www.uthome.com.br/para-casa/ventokit-exaustor-new-classic-m-280-bivolt",null,null,null,"04.013.423/0001-05","(47) 99967-6272","UN ",253.9,23.63,{"$f":"J106+K106","v":277.53000000000003}]
["HIDRA COMMERCE",null,"https://www.hidracommerce.com.br/carrinho/index",null,null,null,"43.192.452/0001-25","(15) 99817-3985","UN ",355.44,0,{"$f":"J107+K107","v":355.44}]
["PRINCE","SÃO PAULO","https://www.ventilador.com.br/exaustores/banheiros/new-classic-m-280-ventokit",null,null,null,"58.351.438/0001-02","(11) 2966-4433","UN ",302,33.06,{"$f":"J108+K108","v":335.06}]
[]
["COT-EXA-002","GRELHA VENEZIANA AUTO FECHAMENTO, DN 150 MM",null,null,null,null,null,null,"UN ",null,null,{"$f":"MEDIAN(L112:XFD114)","v":63.5}]
["EMPRESA","CIDADE","LOCAL / LINK",null,null,null,"CNPJ","CONTATO ","UN ","VALOR","FRETE","TOTAL"]
["NOVA EXAUSTORES",null,"https://www.novaexaustores.com.br/exaustores/grelha-auto-fechante-pduto-6-pexaustor-de-banheiro-mod-gvaf-150?parceiro=1604&gad_source=4&gclid=Cj0KCQjwsoe5BhDiARIsAOXVoUv2Ntc5KuTimEWcXVRV6ii9SXNX0qaxQ6Q-AoQySHgqhhwqUQLDrmEaAisZEALw_wcB",null,null,null,"08.022.764/0001-90","(11) 2943-4499","UN ",50,41.7,{"$f":"J112+K112","v":91.7}]
["ASKOI",null,"https://www.askoi.com.br/produtos/grade-veneziana-auto-fechante-branca-150mm/?variant=843181780&pf=mc&gad_source=4&gclid=Cj0KCQjwsoe5BhDiARIsAOXVoUuTeSksTmoVjrxqiaVKr9zCaXn-UIQDgnKQyFKa8r_8uwXAirkkMt4aAhmBEALw_wcB",null,null,null,"26.520.352/0001-61","(47)98406-7226","UN ",39.9,23.6,{"$f":"J113+K113","v":63.5}]
["AR TECH",null,"https://www.lojaartech.com.br/grade-externa-para-saida-de-ar-auto-fechante-exautor-150mm?utm_source=google&utm_medium=Shopping&utm_campaign=grade-externa-para-saida-de-ar-auto-fechante-exautor-150mm&inStock&parceiro=8962&gad_source=4&gclid=Cj0KCQjwsoe5BhDiARIsAOXVoUuW06SZR5q_IV1Nsj9Qn888rAllpCTa0h81SLoZdWSzWPFxFGfMoLUaAizKEALw_wcB",null,null,null,"26.074.486/0002-87","(47) 3522-4949","UN ",41.8,12.95,{"$f":"J114+K114","v":54.75}]
[]
["COT-DAD-001","NVR 16 PORTAS",null,null,null,null,null,null,"UN ",null,null,{"$f":"MEDIAN(L118:XFD120)","v":2956.98}]
["EMPRESA","CIDADE","LOCAL / LINK",null,null,null,"CNPJ","CONTATO ","UN ","VALOR","FRETE","TOTAL"]
["AMAZON",null,"https://www.amazon.com.br/gravador-canais-v%C3%ADdeo-Intelbras-3316-P/dp/B0B1LVWBM7?source=ps-sl-shoppingads-lpcontext&ref_=fplfs&psc=1&smid=A3FH3SY6IF6Y95",null,null,null,"15.436.940/0001-03","0800 038 0541","UN ",2899,57.98,{"$f":"J118+K118","v":2956.98}]
["TUDO FORTE",null,"https://www.tudoforte.com.br/gravador-de-video-intelbras-nvd-3316-p-4k-16-canais-com-16-portas-poe-suporta-cameras-ip?parceiro=6347&srsltid=AfmBOop3Dczt7AZk7OlnLdro-edMfbEzSkxsNncZ7J3TxPPBdunXYQ3BGrQ",null,null,null,"17.666.002/0001-17","(11) 4062-7849","UN ",2717.69,0,{"$f":"J119+K119","v":2717.69}]
["KABUM",null,"https://www.kabum.com.br/produto/367602/gravador-de-video-intelbras-serie-3000-nvr-16-canais-3316?srsltid=AfmBOopXiTyyAiHZI_C-QR9GMEQ4AtE5ADopXN-3vH19auT-f7aRcyERRV8",null,null,null,"05.570.714/0001-59","(19) 2114-4444","UN ",3013.62,47.91,{"$f":"J120+K120","v":3061.5299999999997}]
[]
["COT-DAD-002","HD 2 TB",null,null,null,null,null,null,"UN ",null,null,{"$f":"MEDIAN(L124:XFD126)","v":460.97}]
["EMPRESA","CIDADE","LOCAL / LINK",null,null,null,"CNPJ","CONTATO ","UN ","VALOR","FRETE","TOTAL"]
["AMAZON",null,"https://www.amazon.com.br/Desktop-Seagate-BarraCuda-3-5-SATA/dp/B075QJTBVT/ref=sr_1_1?c=ts&dib=eyJ2IjoiMSJ9.JpSCYWE80V6AgZzaIwhL50DZ5OQ6Cd-f3Me7RVLXD6MyCHEUWRSfdtPZfnen-u1tJOOsX9oxllinTLzK-CSEuPuOv-w5z2f1EObdtEObjW-OGYyP5sRGn3MM0FznhuE2yHQGoEIkoIdjdBqRbNBZs5PimBBE2YqEBD6s5qUrNkbKAc6ZxoWiEylsMFJfOn5z52NCc056Zou5njUa8bb-EtYPYh1uoo_YHl2jMM9-Xh9jaUMUFL0gMaFF6xBbPzlCBRkiLy9IkSXqt8BGrEqqkUxf_MakM9aU5c6ad9FUWmo.mP2Abkaq2jyWlnTVXDQAcM_PjyOI7ZVO0mWbePLvE5Y&dib_tag=se&keywords=HD+Interno&qid=1715005066&refinements=p_n_feature_eighteen_browse-bin%3A16365099011&s=computers&sr=1-1&ts_id=16364781011&ufe=app_do%3Aamzn1.fos.4bddec23-2dcf-4403-8597-e1a02442043d",null,null,null,"15.436.940/0001-03","0800-7213-244","UN ",460.97,null,{"$f":"J124+K124","v":460.97}]
["KABUM",null,"https://www.kabum.com.br/produto/100916/hd-seagate-2tb-barracuda-3-5-sata-st2000dm008?gclid=CjwKCAjw69moBhBgEiwAUFCx2L60gZbEJjO6vnd5Ezt3yq9U85yeJ5RejJC0b3P0wR32FoK0-tYvExoCNQAQAvD_BwE",null,null,null,"05.570.714/0001-59","(19) 2114-4444","UN ",349.99,17.07,{"$f":"J125+K125","v":367.06}]
["TUDO FORTE",null,"https://www.tudoforte.com.br/hd-interno-wd-purple-2tb-surveillance-sata-iii-6gb/s-5400-rpm-wd20purz?parceiro=6347&utm_source=google&utm_medium=cpc&utm_term=&campaignid=16698014837&adgroupid=&targetid=&adid=&rnd=10771864723408634540&gclid=CjwKCAjw69moBhBgEiwAUFCx2KmvOQ4JdKIRBNkt4eXMuHO54vl0fYeIqU1CsR8JOvybxVyRGVQ27xoChwQQAvD_BwE",null,null,null,"17.666.002/0001-17","(11) 3522-8255","UN ",601.08000000000004,22.89,{"$f":"J126+K126","v":623.97}]
[]
["COT-DAD-003","SWITCH GIGABIT 24 PORTAS POE",null,null,null,null,null,null,"UN ",null,null,{"$f":"MEDIAN(L130:XFD132)","v":1421.09}]
["EMPRESA","CIDADE","LOCAL / LINK",null,null,null,"CNPJ","CONTATO ","UN ","VALOR","FRETE","TOTAL"]
["MAGAZINE LUIZA",null,"https://www.magazineluiza.com.br/switch-gerenciavel-tp-link-tl-sg3428-l2-24-portas-gigabit-10-100-1000mbps-4-slots-sfp/p/gc7fcdaefj/in/swit/",null,null,null,"47.960.950/1088-36","0800 773 3838","UN ",1548.9,35.1,{"$f":"J130+K130","v":1584}]
["AMAZON",null,"https://www.amazon.com.br/SWITCH-GERENCI%C3%81VEL-GIGABIT-JETSTREAM-TL-SG3428/dp/B08MH7LN99?source=ps-sl-shoppingads-lpcontext&ref_=fplfs&psc=1&smid=A3PPGJX18DKYL",null,null,null,"15.436.940/0001-03","0800-7213-244","UN ",1337,0,{"$f":"J131+K131","v":1337}]
["KABUM",null,"https://www.kabum.com.br/produto/190124/switch-tp-link-tl-sg3428-t1600g-28ts-t2600g-28ts-gerenciavel-gigabit-l2-com-4-slots-24-portas?srsltid=AfmBOorbltDStpb-ap1WA5tlmPOmd5AaNU7nO2x0da77qBi5P9zHNgkpmN0",null,null,null,"05.570.714/0001-59","(19) 2114-4444","UN ",1299.49,121.6,{"$f":"J132+K132","v":1421.09}]
[]
["COT-DAD-004","SWITCH GIGABIT 48 PORTAS POE",null,null,null,null,null,null,"UN ",null,null,{"$f":"MEDIAN(L136:XFD138)","v":5383.79}]
["EMPRESA","CIDADE","LOCAL / LINK",null,null,null,"CNPJ","CONTATO ","UN ","VALOR","FRETE","TOTAL"]
["AMERICANAS",null,"https://www.americanas.com.br/produto/6609588924/switch-48-portas-poe-tp-link-gigabit-10-100-1000mbps-tl-sg3452p?opn=YSMESP&offerId=6389f7b5401db3b86bae9ea3&srsltid=AfmBOop3jXf-qRa8nQkko658NGvjBY9wSluT-U4BxcSX7sIezCYnP2ukrvY",null,null,null,"00.776.574/0006-60","4003-4848 ","UN ",5383.79,0,{"$f":"J136+K136","v":5383.79}]
["MAGAZINE LUIZA",null,"https://www.magazineluiza.com.br/switch-48-portas-poe-tp-link-gigabit-10-100-1000mbps-tl-sg3452p/p/ae065kajgg/in/swit/?seller_id=gigantec",null,null,null,"47.960.950/1088-36","0800 773 3838","UN ",5386.9,61.3,{"$f":"J137+K137","v":5448.2}]
["SUBMARINO",null,"https://www.submarino.com.br/produto/6609588924?opn=XMLGOOGLE&offerId=6389f7b5401db3b86bae9ea3",null,null,null,"00.776.574/0006-60","4003 5544","UN ",5383.79,0,{"$f":"J138+K138","v":5383.79}]
[]
["COT-DAD-005","ACCESS POINT",null,null,null,null,null,null,"UN ",null,null,{"$f":"MEDIAN(L142:XFD144)","v":896.84}]
["EMPRESA","CIDADE","LOCAL / LINK",null,null,null,"CNPJ","CONTATO ","UN ","VALOR","FRETE","TOTAL"]
["KABUM",null,"https://www.kabum.com.br/produto/409430/access-point-ubiquiti-unifi-6-lite-u6-lite-dual-band-2-4-ghz-e-5-ghz-1201mbps-gigabit-poe?srsltid=AfmBOopcj-kBWMVO-aSwQl3BTEurz_7zVGP3saaynSHt8LTkZdTRG1zDrXs",null,null,null,"05.570.714/0001-59","(19) 2114-4444","UN ",781,115.84,{"$f":"J142+K142","v":896.84}]
["AMAZON",null,"https://www.amazon.com.br/Ponto-acesso-Ubiquiti-U6-LITE-UniFi/dp/B08T6CKG5B?source=ps-sl-shoppingads-lpcontext&ref_=fplfs&psc=1&smid=A17SCC0J0BZUPZ",null,null,null,"15.436.940/0001-03","0800-7213-244","UN ",896,0,{"$f":"J143+K143","v":896}]
["MAGAZINE LUIZA",null,"https://www.magazineluiza.com.br/access-point-ubiquiti-u6-lite-2x2-wifi-6-2-4-5-0ghz-1-5gbps-sem-fonte-poe/p/chdkkeccaj/in/rpts/?seller_id=brasiltekinfor",null,null,null,"15.436.940/0001-03","0800 773 3838","UN ",1049,24.9,{"$f":"J144+K144","v":1073.9000000000001}]
[]
["COT-DAD-006","CAMERA POE",null,null,null,null,null,null,"UN ",null,null,{"$f":"MEDIAN(L148:XFD150)","v":546.91}]
["EMPRESA","CIDADE","LOCAL / LINK",null,null,null,"CNPJ","CONTATO ","UN ","VALOR","FRETE","TOTAL"]
["AMERICANAS",null,"https://www.americanas.com.br/produto/3143195036/camera-bullet-ip-poe-hikvision-ds-2cd2021g1-i-1080p?pfm_carac=camera-hikvision-poe&pfm_index=3&pfm_page=search&pfm_pos=grid&pfm_type=search_page&offerId=63f02a99401db3b86be32a47&buyboxToken=smartbuybox-acom-v2-00b13232-a53f-4aa4-b91e-0b0c8a8aac2c-2024-05-17%2019%3A33%3A41%200000-none-default",null,null,null,"00.776.574/0006-60","4003 4848","UN ",487.87,59.04,{"$f":"J148+K148","v":546.91}]
["CASAS BAHIA",null,"https://www.casasbahia.com.br/camera-hikvision-ip-bullet-ds-2cd1023g0e-i-2mp-28mm/p/1560706468?utm_source=gp_branding&utm_medium=cpc&utm_campaign=gg_brd_inst_cb_exata",null,null,null,"33.041.260/0652-90","0800 200 4336","UN ",321,36.840000000000003,{"$f":"J149+K149","v":357.84000000000003}]
["MAGAZINE LUIZA",null,"https://www.magazineluiza.com.br/camera-bullet-ip-poe-hikvision-ds-2cd2021g1-i-1080p/p/bfh1ba0a80/cj/cagu/",null,null,null,"15.436.940/0001-03","0800 773 3838","UN ",589.03,null,{"$f":"J150+K150","v":589.03}]
[]
["COT-DAD-007","RACK 16U 570MM",null,null,null,null,null,null,"UN ",null,null,{"$f":"MEDIAN(L154:XFD156)","v":800.63}]
["EMPRESA","CIDADE","LOCAL / LINK",null,null,null,"CNPJ","CONTATO ","UN ","VALOR","FRETE","TOTAL"]
["CENTRAL CABOS","SÃO PAULO","https://www.centralcabos.com.br/rack-de-piso-16u/p",null,null,null,"08.626.431/0001-70","(11) 3334-3720","UN ",1158.05,149.80000000000001,{"$f":"J154+K154","v":1307.8499999999999}]
["RACKFORT",null,"https://www.rackfort.com.br/mini-rack/mini-rack-de-parede-16u-x-570mm",null,null,null,"31.690.876/0001-30","(41) 4103-1717","UN ",663.87,136.76,{"$f":"J155+K155","v":800.63}]
["UPPER SEG",null,"https://www.upperseg.com.br/cftv/rack-organizador/rack-horizontal/rack-19-para-parede-16u-x-570mm-porta-frontal-acrilica-protectm/",null,null,null," 17.354.683/0001-88 ","(43) 3024-5144","UN ",588.91,129.94999999999999,{"$f":"J156+K156","v":718.8599999999999}]
[]
["COT-DAD-008","CONECTOR RJ45 - 100 UNIDADES",null,null,null,null,null,null,"UN ",null,null,{"$f":"MEDIAN(L160:XFD162)","v":33.56}]
["EMPRESA","CIDADE","LOCAL / LINK",null,null,null,"CNPJ","CONTATO ","UN ","VALOR","FRETE","TOTAL"]
["AMAZON",null,"https://www.amazon.com.br/conectores-RJ45-para-cabo-rede/dp/B07L9FV41Q?source=ps-sl-shoppingads-lpcontext&ref_=fplfs&psc=1&smid=A2QHCDPKVBIA4S",null,null,null,"15.436.940/0001-03","0800 038 0541","UN ",18.649999999999999,11.6,{"$f":"J160+K160","v":30.25}]
["MAGAZINE LUIZA",null,"https://www.magazineluiza.com.br/conector-rj45-plug-cristal-8p8c-cat5e-caixa-com-100-unidades-o-m/p/be4gckd935/in/aprf/?seller_id=piertelecom",null,null,null,"47.960.950/1088-36","0800 773 3838","UN ",18.75,14.81,{"$f":"J161+K161","v":33.56}]
["MERCADO LIVRE",null,"https://produto.mercadolivre.com.br/MLB-1467369971-conector-macho-rj45-cat5e-exbom-pacote-c-100-unidades-_JM?matt_tool=76735400&matt_word=&matt_source=google&matt_campaign_id=14303413823&matt_ad_group_id=125956126719&matt_match_type=&matt_network=g&matt_device=c&matt_creative=543112166789&matt_keyword=&matt_ad_position=&matt_ad_type=pla&matt_merchant_id=138393922&matt_product_id=MLB1467369971&matt_product_partition_id=2270299237635&matt_target_id=pla-2270299237635&cq_src=google_ads&cq_cmp=14303413823&cq_net=g&cq_plt=gp&cq_med=pla&gad_source=1&gclid=Cj0KCQjw_-GxBhC1ARIsADGgDjt4xiQcd5MC2E4tNY8ii_wImixOiuOnaJH2mI-jan9O0ij0uKBs0e0aAhiUEALw_wcB",null,null,null," 03.007.331/0001-41","0800 637 7246","UN ",20.8,18.600000000000001,{"$f":"J162+K162","v":39.400000000000006}]
[]
["COT-ELE-001","CHAVE DE TRANSFERENCIA GERADOR",null,null,null,null,null,null,"UN ",null,null,{"$f":"MEDIAN(L166:XFD168)","v":575.57999999999993}]
["EMPRESA","CIDADE","LOCAL / LINK",null,null,null,"CNPJ","CONTATO ","UN ","VALOR","FRETE","TOTAL"]
["MAGAZINE LUIZA",null,"https://www.magazineluiza.com.br/chave-de-transferencia-automatica-para-rede-x-gerador-modelo-2-polos-hycq5-63g-63a-atua-sob-carga-sibratec/p/bg9gc7kc13/cj/cjge/",null,null,null,"43.944.389/0001-36","(16) 2120-0460","UN ",555.66,19.920000000000002,{"$f":"J166+K166","v":575.57999999999993}]
["VIEW TECH",null,"https://www.viewtech.ind.br/chave-de-transferencia-automatica-63a-2-polos-rede-gerador",null,null,null,"07.327.325/0001-22","0800 770 8411","UN",541.96,0,{"$f":"J167+K167","v":541.96}]
["LEROY  MERLIN",null,"https://www.leroymerlin.com.br/chave-de-transferencia-automatica-bifasica-63a_1569177009?region=outros",null,null,null,"01.438.784/00048-60","0800 602 1380","UN",584.9,19.920000000000002,604.81999999999994]
[]
["COT-ELE-002","GERADOR MONOFÁSICO 5500 VA",null,null,null,null,null,null,"UN ",null,null,{"$f":"MEDIAN(L172:XFD173)","v":8274.8050000000003}]
["EMPRESA","CIDADE","LOCAL / LINK",null,null,null,"CNPJ","CONTATO ","UN ","VALOR","FRETE","TOTAL"]
["LEROY  MERLIN",null,"https://www.leroymerlin.com.br/gerador-de-energia-diesel-cabinado-5,5-kva-bivolt-tdg7000sexp-toyama_90318480?region=outros&region_id=42100&gad_source=1&gclid=Cj0KCQiAoae5BhCNARIsADVLzZcNeSBxxEvxRMv_qIHuwrc2NVUvdQE24f1k9-Gx2M3xvCf-fdPBt60aAgQ_EALw_wcB",null,null,null,"01.438.784/00048-60","0800 602 1380","UN ",8753.9699999999993,277.74,{"$f":"J172+K172","v":9031.7099999999991}]
["PROPOSTO",null,"https://www.proposto.com.br/43864-gerador-de-energia-a-diesel-105-hp-monofsico-ats-tdg7000sexp-toyama-p14169?utm_source=google&utm_medium=cpc&utm_campaign=lojavirtual&gad_source=4&gclid=Cj0KCQiAoae5BhCNARIsADVLzZdZ8ceWUmmscPOu7MH8BsKC5XYmarXKwqQJaoI89puq65AlteU1YNMaAlX_EALw_wcB",null,null,null,"81.049.827/0001-91","(41) 3332-2754","UN ",7263,254.9,{"$f":"J173+K173","v":7517.9}]
[]
["COT-SPDA-001","SUPORTE DE FIXAÇÃO PARA BARRA CHATA TEL726",null,null,null,null,null,null,"UN ",null,null,{"$f":"MEDIAN(L177:XFD177)","v":30.580000000000002}]
["EMPRESA","CIDADE","LOCAL / LINK",null,null,null,"CNPJ","CONTATO ","UN ","VALOR","FRETE","TOTAL"]
["ELETROCENTER",null,"https://www.eletrocenterlondrina.com.br/suporte-guia-fixacao-barra-chata-ou-cabos-tel0726yt?utm_source=Site&utm_medium=GoogleShopping&utm_campaign=IntegracaoGoogle",null,null,null,"03.590.055/0001-97","(43) 98839-4677","UN ",4.05,26.53,{"$f":"J177+K177","v":30.580000000000002}]
[]
["COT-SPDA-002","CONECTOR ATERRINSERT",null,null,null,null,null,null,"UN ",null,null,{"$f":"MEDIAN(L181:XFD181)","v":67}]
["EMPRESA","CIDADE","LOCAL / LINK",null,null,null,"CNPJ","CONTATO ","UN ","VALOR","FRETE","TOTAL"]
["ELETROCOMERCIAL",null,"https://www.a3eletro.com.br/eletrica/conector-aterrinsert-cdisco-tel0656yt?gad_source=1&gclid=Cj0KCQjw4Oe4BhCcARIsADQ0csnNHfMztC8lAheRTETidFOFncVsl1RktyPRDiFFJVH87zvfJ0LvBh4aAjznEALw_wcB",null,null,null," 47.478.326/0001-92","(11)3228-1577","UN ",48.72,18.28,{"$f":"J181+K181","v":67}]
["MULTISEG",null,"https://www.multiseg.com.br/3892/conector-aterrinsert-m12-ajuste-25-40mm-r3?gad_source=1&gclid=Cj0KCQjw4Oe4BhCcARIsADQ0csnSvREQc_CjX99BUa1yHJK3bgB_L0xtho80ofUE0CGQdLl3AmexlVUaApyxEALw_wcB",null,null,null,"10.498.304/0001-84","(47)99237-1425","UN ",68.14,28.44,{"$f":"J182+K182","v":96.58}]
["ELETROCENTER",null,"https://www.eletrocenterlondrina.com.br/conector-aterrinsert-disco-m-12-ajuste-8-10mm-38-tel0656yt?utm_source=Site&utm_medium=GoogleShopping&utm_campaign=IntegracaoGoogle",null,null,null,"03.590.055/0001-97","(43)98839-4677","UN ",57.79,26.85,{"$f":"J183+K183","v":84.64}]
[]
["COT-INC-001","PLACA FOTOLUMINESCENTE PARA SINALIZAÇÃO DE EMERGÊNCIA, TIPO \"P1\", DIÂMETRO DE 300MM, EXCLUSIVE FIXAÇÃO",null,null,null,null,null,null,"UN ",null,null,{"$f":"MEDIAN(L187:XFD189)","v":32.68}]
["EMPRESA","CIDADE","LOCAL / LINK",null,null,null,"CNPJ","CONTATO ","UN ","VALOR","FRETE","TOTAL"]
["EXTINCENTRO",null,"https://www.extincentro.com.br/placa-p1-10x10?utm_source=Site&utm_medium=GoogleShopping&utm_campaign=IntegracaoGoogle",null,null,null,"25.923.913/0001-00","(37) 2101-0665","UN ",11.35,18.440000000000001,{"$f":"J187+K187","v":29.79}]
["RECONNSTEK",null,"https://www.loja.reconnstek.com.br/produto/placa-p1-proibido-fumar-19-x-19-cm?utm_source=Site&utm_medium=GoogleShopping&utm_campaign=GooglePMax",null,null,null,"23.990.771/0001-79","(11) 3384-6538","UN ",15,17.68,{"$f":"J188+K188","v":32.68}]
["TRIAMOM",null,"https://triamom.com.br/produto/placa-de-sinalizacao-p1-proibido-fumar/",null,null,null,"41.787.899/0001-11","(35) 3421-2050","UN ",17.690000000000001,18.670000000000002,{"$f":"J189+K189","v":36.36}]
[]
["COT-ACE-001","CHAPA DE PROTEÇÃO IMPACTO PARA PORTA 40X80",null,null,null,null,null,null,"UN ",null,null,{"$f":"MEDIAN(L193:L195)","v":204.83}]
["EMPRESA","CIDADE","LOCAL / LINK",null,null,null,"CNPJ","CONTATO ","UN ","VALOR","FRETE","TOTAL"]
["MAGAZINE LUIZA",null,"https://www.magazineluiza.com.br/chapa-de-protecao-impacto-para-porta-40x90-cm-aco-inox-loren-metais/p/cd28kegajb/ud/chbf/?seller_id=oliststore&utm_source=google&utm_medium=pla&utm_campaign=&partner_id=73929&gclid=CjwKCAjwjaWoBhAmEiwAXz8DBV5tMrM6_0jflL8-xkaPR_HCoyQd_IJhiwD3J8njZ6WGJ6UbbZqdVhoCZYsQAvD_BwE&gclsrc=aw.ds",null,null,null,"47.960.650/1088-36","0800 773 3838","UN ",198.1,0,{"$f":"J193+K193","v":198.1}]
["CASAS BAHIA",null,"https://www.casasbahia.com.br/chapa-de-protecao-impacto-para-porta-40x90-cm-aco-inox-1549476999/p/1549476999?utm_medium=Cpc&utm_source=GP_PLA&IdSku=1549476999&idLojista=145305&tipoLojista=3P&&utm_campaign=3p_gg_pmax_longtail_agro&gclid=CjwKCAjwjaWoBhAmEiwAXz8DBWaAd5A6JtyABW-12zplZbI1g1hm1cUDRbWsDJBsdUDuw2DB3q8ABRoCfF4QAvD_BwE&gclsrc=aw.ds",null,null,null,"33.041.260/0652-90","0800   200 4336","UN ",210.76,0,{"$f":"J194+K194","v":210.76}]
["CARREFOUR",null,"https://www.carrefour.com.br/chapa-de-protecao-impacto-para-porta-40x90-cm-aco-inox-mp927239685/p?utm_medium=sem&utm_source=google_pmax_4p&utm_campaign=4p_performancemax_todos_os_produtos&gclid=CjwKCAjwjaWoBhAmEiwAXz8DBXzvb8LzlBH7qP1RJ-l4bqdFeIc1yL7BFzHTJ3VhWTSkJ5AYOZ1H7hoChx0QAvD_BwE",null,null,null,"45.543.915/0846-95","(11) 3004-2222","UN ",204.83,"-",{"$f":"SUM(J195:K195)","v":204.83}]
[]
[]
[]
[]
[]
[null,null,"RESPONSÁVEL TÉCNICO:",null,null,{"$f":"DADOS!D16","v":"ALOISIO CAETANO FERREIRA"}]
[null,null,null,null,null,{"$f":"DADOS!D18","v":"CREA -  MG 97.132/D"}]

{"sheet":"SINAPI","index":9,"n_rows":12670,"n_cols":4,"rows_kept":12670,"cut":false,"hidden":false,"merged":[]}
[null,"SINAPI DEZEMBRO 2024"]
["CÓDIGO","DESCRIÇÃO","UNIDADE","PREÇO"]
[97141,"ASSENTAMENTO DE TUBO DE FERRO FUNDIDO PARA REDE DE ÁGUA, DN 80 MM, JUNTA ELÁSTICA, INSTALADO EM LOCAL COM NÍVEL ALTO DE INTERFERÊNCIAS (NÃO INCLUI FORNECIMENTO). AF_05/2024","M",4.7]
[97142,"ASSENTAMENTO DE TUBO DE FERRO FUNDIDO PARA REDE DE ÁGUA, DN 100 MM, JUNTA ELÁSTICA, INSTALADO EM LOCAL COM NÍVEL ALTO DE INTERFERÊNCIAS (NÃO INCLUI FORNECIMENTO). AF_05/2024","M",5.38]
[97143,"ASSENTAMENTO DE TUBO DE FERRO FUNDIDO PARA REDE DE ÁGUA, DN 150 MM, JUNTA ELÁSTICA, INSTALADO EM LOCAL COM NÍVEL ALTO DE INTERFERÊNCIAS (NÃO INCLUI FORNECIMENTO). AF_05/2024","M",7.09]
[97144,"ASSENTAMENTO DE TUBO DE FERRO FUNDIDO PARA REDE DE ÁGUA, DN 200 MM, JUNTA ELÁSTICA, INSTALADO EM LOCAL COM NÍVEL ALTO DE INTERFERÊNCIAS (NÃO INCLUI FORNECIMENTO). AF_05/2024","M",8.7799999999999994]
[97145,"ASSENTAMENTO DE TUBO DE FERRO FUNDIDO PARA REDE DE ÁGUA, DN 250 MM, JUNTA ELÁSTICA, INSTALADO EM LOCAL COM NÍVEL ALTO DE INTERFERÊNCIAS (NÃO INCLUI FORNECIMENTO). AF_05/2024","M",10.49]
[97146,"ASSENTAMENTO DE TUBO DE FERRO FUNDIDO PARA REDE DE ÁGUA, DN 300 MM, JUNTA ELÁSTICA, INSTALADO EM LOCAL COM NÍVEL ALTO DE INTERFERÊNCIAS (NÃO INCLUI FORNECIMENTO). AF_05/2024","M",12.22]
[97147,"ASSENTAMENTO DE TUBO DE FERRO FUNDIDO PARA REDE DE ÁGUA, DN 350 MM, JUNTA ELÁSTICA, INSTALADO EM LOCAL COM NÍVEL ALTO DE INTERFERÊNCIAS (NÃO INCLUI FORNECIMENTO). AF_05/2024","M",13.93]
[97148,"ASSENTAMENTO DE TUBO DE FERRO FUNDIDO PARA REDE DE ÁGUA, DN 400 MM, JUNTA ELÁSTICA, INSTALADO EM LOCAL COM NÍVEL ALTO DE INTERFERÊNCIAS (NÃO INCLUI FORNECIMENTO). AF_05/2024","M",15.64]
[97149,"ASSENTAMENTO DE TUBO DE FERRO FUNDIDO PARA REDE DE ÁGUA, DN 450 MM, JUNTA ELÁSTICA, INSTALADO EM LOCAL COM NÍVEL ALTO DE INTERFERÊNCIAS (NÃO INCLUI FORNECIMENTO). AF_05/2024","M",17.38]
[97150,"ASSENTAMENTO DE TUBO DE FERRO FUNDIDO PARA REDE DE ÁGUA, DN 500 MM, JUNTA ELÁSTICA, INSTALADO EM LOCAL COM NÍVEL ALTO DE INTERFERÊNCIAS (NÃO INCLUI FORNECIMENTO). AF_05/2024","M",21.84]
[97151,"ASSENTAMENTO DE TUBO DE FERRO FUNDIDO PARA REDE DE ÁGUA, DN 600 MM, JUNTA ELÁSTICA, INSTALADO EM LOCAL COM NÍVEL ALTO DE INTERFERÊNCIAS (NÃO INCLUI FORNECIMENTO). AF_05/2024","M",25.73]
[97152,"ASSENTAMENTO DE TUBO DE FERRO FUNDIDO PARA REDE DE ÁGUA, DN 700 MM, JUNTA ELÁSTICA, INSTALADO EM LOCAL COM NÍVEL ALTO DE INTERFERÊNCIAS (NÃO INCLUI FORNECIMENTO). AF_05/2024","M",29.38]
[97153,"ASSENTAMENTO DE TUBO DE FERRO FUNDIDO PARA REDE DE ÁGUA, DN 800 MM, JUNTA ELÁSTICA, INSTALADO EM LOCAL COM NÍVEL ALTO DE INTERFERÊNCIAS (NÃO INCLUI FORNECIMENTO). AF_05/2024","M",33.18]
[97154,"ASSENTAMENTO DE TUBO DE FERRO FUNDIDO PARA REDE DE ÁGUA, DN 900 MM, JUNTA ELÁSTICA, INSTALADO EM LOCAL COM NÍVEL ALTO DE INTERFERÊNCIAS (NÃO INCLUI FORNECIMENTO). AF_05/2024","M",37.01]
[97155,"ASSENTAMENTO DE TUBO DE FERRO FUNDIDO PARA REDE DE ÁGUA, DN 1000 MM, JUNTA ELÁSTICA, INSTALADO EM LOCAL COM NÍVEL ALTO DE INTERFERÊNCIAS (NÃO INCLUI FORNECIMENTO). AF_05/2024","M",40.85]
[97156,"ASSENTAMENTO DE TUBO DE FERRO FUNDIDO PARA REDE DE ÁGUA, DN 1200 MM, JUNTA ELÁSTICA, INSTALADO EM LOCAL COM NÍVEL ALTO DE INTERFERÊNCIAS (NÃO INCLUI FORNECIMENTO). AF_05/2024","M",48.9]
[97157,"ASSENTAMENTO DE TUBO DE FERRO FUNDIDO PARA REDE DE ÁGUA, DN 80 MM, JUNTA ELÁSTICA, INSTALADO EM LOCAL COM NÍVEL BAIXO DE INTERFERÊNCIAS (NÃO INCLUI FORNECIMENTO). AF_05/2024","M",3.52]
[97158,"ASSENTAMENTO DE TUBO DE FERRO FUNDIDO PARA REDE DE ÁGUA, DN 100 MM, JUNTA ELÁSTICA, INSTALADO EM LOCAL COM NÍVEL BAIXO DE INTERFERÊNCIAS (NÃO INCLUI FORNECIMENTO). AF_05/2024","M",4.08]
[97159,"ASSENTAMENTO DE TUBO DE FERRO FUNDIDO PARA REDE DE ÁGUA, DN 150 MM, JUNTA ELÁSTICA, INSTALADO EM LOCAL COM NÍVEL BAIXO DE INTERFERÊNCIAS (NÃO INCLUI FORNECIMENTO). AF_05/2024","M",5.47]
[97160,"ASSENTAMENTO DE TUBO DE FERRO FUNDIDO PARA REDE DE ÁGUA, DN 200 MM, JUNTA ELÁSTICA, INSTALADO EM LOCAL COM NÍVEL BAIXO DE INTERFERÊNCIAS (NÃO INCLUI FORNECIMENTO). AF_05/2024","M",6.86]
[97161,"ASSENTAMENTO DE TUBO DE FERRO FUNDIDO PARA REDE DE ÁGUA, DN 250 MM, JUNTA ELÁSTICA, INSTALADO EM LOCAL COM NÍVEL BAIXO DE INTERFERÊNCIAS (NÃO INCLUI FORNECIMENTO). AF_05/2024","M",8.25]
[97162,"ASSENTAMENTO DE TUBO DE FERRO FUNDIDO PARA REDE DE ÁGUA, DN 300 MM, JUNTA ELÁSTICA, INSTALADO EM LOCAL COM NÍVEL BAIXO DE INTERFERÊNCIAS (NÃO INCLUI FORNECIMENTO). AF_05/2024","M",9.68]
[97163,"ASSENTAMENTO DE TUBO DE FERRO FUNDIDO PARA REDE DE ÁGUA, DN 350 MM, JUNTA ELÁSTICA, INSTALADO EM LOCAL COM NÍVEL BAIXO DE INTERFERÊNCIAS (NÃO INCLUI FORNECIMENTO). AF_05/2024","M",11.08]
[97164,"ASSENTAMENTO DE TUBO DE FERRO FUNDIDO PARA REDE DE ÁGUA, DN 400 MM, JUNTA ELÁSTICA, INSTALADO EM LOCAL COM NÍVEL BAIXO DE INTERFERÊNCIAS (NÃO INCLUI FORNECIMENTO). AF_05/2024","M",12.49]
[97165,"ASSENTAMENTO DE TUBO DE FERRO FUNDIDO PARA REDE DE ÁGUA, DN 450 MM, JUNTA ELÁSTICA, INSTALADO EM LOCAL COM NÍVEL BAIXO DE INTERFERÊNCIAS (NÃO INCLUI FORNECIMENTO). AF_05/2024","M",13.91]
[97166,"ASSENTAMENTO DE TUBO DE FERRO FUNDIDO PARA REDE DE ÁGUA, DN 500 MM, JUNTA ELÁSTICA, INSTALADO EM LOCAL COM NÍVEL BAIXO DE INTERFERÊNCIAS (NÃO INCLUI FORNECIMENTO). AF_05/2024","M",17.18]
[97167,"ASSENTAMENTO DE TUBO DE FERRO FUNDIDO PARA REDE DE ÁGUA, DN 600 MM, JUNTA ELÁSTICA, INSTALADO EM LOCAL COM NÍVEL BAIXO DE INTERFERÊNCIAS (NÃO INCLUI FORNECIMENTO). AF_05/2024","M",20.309999999999999]
[97168,"ASSENTAMENTO DE TUBO DE FERRO FUNDIDO PARA REDE DE ÁGUA, DN 700 MM, JUNTA ELÁSTICA, INSTALADO EM LOCAL COM NÍVEL BAIXO DE INTERFERÊNCIAS (NÃO INCLUI FORNECIMENTO). AF_05/2024","M",23.21]
[97169,"ASSENTAMENTO DE TUBO DE FERRO FUNDIDO PARA REDE DE ÁGUA, DN 800 MM, JUNTA ELÁSTICA, INSTALADO EM LOCAL COM NÍVEL BAIXO DE INTERFERÊNCIAS (NÃO INCLUI FORNECIMENTO). AF_05/2024","M",26.26]
[97170,"ASSENTAMENTO DE TUBO DE FERRO FUNDIDO PARA REDE DE ÁGUA, DN 900 MM, JUNTA ELÁSTICA, INSTALADO EM LOCAL COM NÍVEL BAIXO DE INTERFERÊNCIAS (NÃO INCLUI FORNECIMENTO). AF_05/2024","M",29.33]
[97171,"ASSENTAMENTO DE TUBO DE FERRO FUNDIDO PARA REDE DE ÁGUA, DN 1000 MM, JUNTA ELÁSTICA, INSTALADO EM LOCAL COM NÍVEL BAIXO DE INTERFERÊNCIAS (NÃO INCLUI FORNECIMENTO). AF_05/2024","M",32.43]
[97172,"ASSENTAMENTO DE TUBO DE FERRO FUNDIDO PARA REDE DE ÁGUA, DN 1200 MM, JUNTA ELÁSTICA, INSTALADO EM LOCAL COM NÍVEL BAIXO DE INTERFERÊNCIAS (NÃO INCLUI FORNECIMENTO). AF_05/2024","M",38.979999999999997]
[105249,"ASSENTAMENTO DE CONEXÃO 2 ACESSOS ALINHADOS DE FERRO FUNDIDO PARA REDE DE ÁGUA, DN 1200, JUNTA ELÁSTICA, INSTALADO EM LOCAL COM NÍVEL ALTO DE INTERFERÊNCIAS (NÃO INCLUI FORNECIMENTO). AF_05/2024","UN",108.48]
[105250,"ASSENTAMENTO DE CONEXÃO 2 ACESSOS INCLINADOS DE FERRO FUNDIDO PARA REDE DE ÁGUA, DN 80, JUNTA ELÁSTICA, INSTALADO EM LOCAL COM NÍVEL ALTO DE INTERFERÊNCIAS (NÃO INCLUI FORNECIMENTO). AF_05/2024","UN",14.85]
[105251,"ASSENTAMENTO DE CONEXÃO 2 ACESSOS INCLINADOS DE FERRO FUNDIDO PARA REDE DE ÁGUA, DN 100, JUNTA ELÁSTICA, INSTALADO EM LOCAL COM NÍVEL ALTO DE INTERFERÊNCIAS (NÃO INCLUI FORNECIMENTO). AF_05/2024","UN",17.010000000000002]
[105252,"ASSENTAMENTO DE CONEXÃO 2 ACESSOS INCLINADOS DE FERRO FUNDIDO PARA REDE DE ÁGUA, DN 150, JUNTA ELÁSTICA, INSTALADO EM LOCAL COM NÍVEL ALTO DE INTERFERÊNCIAS (NÃO INCLUI FORNECIMENTO). AF_05/2024","UN",22.35]
[105253,"ASSENTAMENTO DE CONEXÃO 2 ACESSOS INCLINADOS DE FERRO FUNDIDO PARA REDE DE ÁGUA, DN 200, JUNTA ELÁSTICA, INSTALADO EM LOCAL COM NÍVEL ALTO DE INTERFERÊNCIAS (NÃO INCLUI FORNECIMENTO). AF_05/2024","UN",27.7]
[105254,"ASSENTAMENTO DE CONEXÃO 2 ACESSOS INCLINADOS DE FERRO FUNDIDO PARA REDE DE ÁGUA, DN 250, JUNTA ELÁSTICA, INSTALADO EM LOCAL COM NÍVEL ALTO DE INTERFERÊNCIAS (NÃO INCLUI FORNECIMENTO). AF_05/2024","UN",33.18]
[105255,"ASSENTAMENTO DE CONEXÃO 2 ACESSOS INCLINADOS DE FERRO FUNDIDO PARA REDE DE ÁGUA, DN 300, JUNTA ELÁSTICA, INSTALADO EM LOCAL COM NÍVEL ALTO DE INTERFERÊNCIAS (NÃO INCLUI FORNECIMENTO). AF_05/2024","UN",38.64]
[105256,"ASSENTAMENTO DE CONEXÃO 2 ACESSOS INCLINADOS DE FERRO FUNDIDO PARA REDE DE ÁGUA, DN 350, JUNTA ELÁSTICA, INSTALADO EM LOCAL COM NÍVEL ALTO DE INTERFERÊNCIAS (NÃO INCLUI FORNECIMENTO). AF_05/2024","UN",44.11]
[105257,"ASSENTAMENTO DE CONEXÃO 2 ACESSOS INCLINADOS DE FERRO FUNDIDO PARA REDE DE ÁGUA, DN 400, JUNTA ELÁSTICA, INSTALADO EM LOCAL COM NÍVEL ALTO DE INTERFERÊNCIAS (NÃO INCLUI FORNECIMENTO). AF_05/2024","UN",49.56]
[105258,"ASSENTAMENTO DE CONEXÃO 2 ACESSOS ALINHADOS DE FERRO FUNDIDO PARA REDE DE ÁGUA, DN 400, JUNTA ELÁSTICA, INSTALADO EM LOCAL COM NÍVEL BAIXO DE INTERFERÊNCIAS (NÃO INCLUI FORNECIMENTO). AF_05/2024","UN",27.5]
[105259,"ASSENTAMENTO DE CONEXÃO 3 ACESSOS DE FERRO FUNDIDO PARA REDE DE ÁGUA, DN 100, JUNTA ELÁSTICA, INSTALADO EM LOCAL COM NÍVEL BAIXO DE INTERFERÊNCIAS (NÃO INCLUI FORNECIMENTO). AF_05/2024","UN",17.920000000000002]
[105261,"ASSENTAMENTO DE CONEXÃO 2 ACESSOS ALINHADOS DE FERRO FUNDIDO PARA REDE DE ÁGUA, DN 450, JUNTA ELÁSTICA, INSTALADO EM LOCAL COM NÍVEL BAIXO DE INTERFERÊNCIAS (NÃO INCLUI FORNECIMENTO). AF_05/2024","UN",30.76]
[105262,"ASSENTAMENTO DE CONEXÃO 2 ACESSOS ALINHADOS DE FERRO FUNDIDO PARA REDE DE ÁGUA, DN 500, JUNTA ELÁSTICA, INSTALADO EM LOCAL COM NÍVEL BAIXO DE INTERFERÊNCIAS (NÃO INCLUI FORNECIMENTO). AF_05/2024","UN",37.76]
[105263,"ASSENTAMENTO DE CONEXÃO 2 ACESSOS ALINHADOS DE FERRO FUNDIDO PARA REDE DE ÁGUA, DN 600, JUNTA ELÁSTICA, INSTALADO EM LOCAL COM NÍVEL BAIXO DE INTERFERÊNCIAS (NÃO INCLUI FORNECIMENTO). AF_05/2024","UN",44.84]
[105264,"ASSENTAMENTO DE CONEXÃO 2 ACESSOS ALINHADOS DE FERRO FUNDIDO PARA REDE DE ÁGUA, DN 700, JUNTA ELÁSTICA, INSTALADO EM LOCAL COM NÍVEL BAIXO DE INTERFERÊNCIAS (NÃO INCLUI FORNECIMENTO). AF_05/2024","UN",51.22]
[105265,"ASSENTAMENTO DE CONEXÃO 2 ACESSOS ALINHADOS DE FERRO FUNDIDO PARA REDE DE ÁGUA, DN 800, JUNTA ELÁSTICA, INSTALADO EM LOCAL COM NÍVEL BAIXO DE INTERFERÊNCIAS (NÃO INCLUI FORNECIMENTO). AF_05/2024","UN",57.84]
[105266,"ASSENTAMENTO DE CONEXÃO 2 ACESSOS ALINHADOS DE FERRO FUNDIDO PARA REDE DE ÁGUA, DN 900, JUNTA ELÁSTICA, INSTALADO EM LOCAL COM NÍVEL BAIXO DE INTERFERÊNCIAS (NÃO INCLUI FORNECIMENTO). AF_05/2024","UN",64.67]
[105267,"ASSENTAMENTO DE CONEXÃO 2 ACESSOS ALINHADOS DE FERRO FUNDIDO PARA REDE DE ÁGUA, DN 1000, JUNTA ELÁSTICA, INSTALADO EM LOCAL COM NÍVEL BAIXO DE INTERFERÊNCIAS (NÃO INCLUI FORNECIMENTO). AF_05/2024","UN",71.599999999999994]
[105268,"ASSENTAMENTO DE CONEXÃO 2 ACESSOS ALINHADOS DE FERRO FUNDIDO PARA REDE DE ÁGUA, DN 1200, JUNTA ELÁSTICA, INSTALADO EM LOCAL COM NÍVEL BAIXO DE INTERFERÊNCIAS (NÃO INCLUI FORNECIMENTO). AF_05/2024","UN",88.12]
[105269,"ASSENTAMENTO DE CONEXÃO 2 ACESSOS INCLINADOS DE FERRO FUNDIDO PARA REDE DE ÁGUA, DN 80, JUNTA ELÁSTICA, INSTALADO EM LOCAL COM NÍVEL BAIXO DE INTERFERÊNCIAS (NÃO INCLUI FORNECIMENTO). AF_05/2024","UN",11.22]
[105270,"ASSENTAMENTO DE CONEXÃO 2 ACESSOS INCLINADOS DE FERRO FUNDIDO PARA REDE DE ÁGUA, DN 450, JUNTA ELÁSTICA, INSTALADO EM LOCAL COM NÍVEL ALTO DE INTERFERÊNCIAS (NÃO INCLUI FORNECIMENTO). AF_05/2024","UN",55.16]
[105271,"ASSENTAMENTO DE CONEXÃO 2 ACESSOS INCLINADOS DE FERRO FUNDIDO PARA REDE DE ÁGUA, DN 500, JUNTA ELÁSTICA, INSTALADO EM LOCAL COM NÍVEL ALTO DE INTERFERÊNCIAS (NÃO INCLUI FORNECIMENTO). AF_05/2024","UN",69.12]
[105272,"ASSENTAMENTO DE CONEXÃO 2 ACESSOS INCLINADOS DE FERRO FUNDIDO PARA REDE DE ÁGUA, DN 600, JUNTA ELÁSTICA, INSTALADO EM LOCAL COM NÍVEL ALTO DE INTERFERÊNCIAS (NÃO INCLUI FORNECIMENTO). AF_05/2024","UN",81.540000000000006]
[105273,"ASSENTAMENTO DE CONEXÃO 2 ACESSOS INCLINADOS DE FERRO FUNDIDO PARA REDE DE ÁGUA, DN 700, JUNTA ELÁSTICA, INSTALADO EM LOCAL COM NÍVEL ALTO DE INTERFERÊNCIAS (NÃO INCLUI FORNECIMENTO). AF_05/2024","UN",93.27]
[105274,"ASSENTAMENTO DE CONEXÃO 2 ACESSOS INCLINADOS DE FERRO FUNDIDO PARA REDE DE ÁGUA, DN 800, JUNTA ELÁSTICA, INSTALADO EM LOCAL COM NÍVEL ALTO DE INTERFERÊNCIAS (NÃO INCLUI FORNECIMENTO). AF_05/2024","UN",105.27]
[105275,"ASSENTAMENTO DE CONEXÃO 2 ACESSOS INCLINADOS DE FERRO FUNDIDO PARA REDE DE ÁGUA, DN 900, JUNTA ELÁSTICA, INSTALADO EM LOCAL COM NÍVEL ALTO DE INTERFERÊNCIAS (NÃO INCLUI FORNECIMENTO). AF_05/2024","UN",117.44]
[105276,"ASSENTAMENTO DE CONEXÃO 2 ACESSOS INCLINADOS DE FERRO FUNDIDO PARA REDE DE ÁGUA, DN 1000, JUNTA ELÁSTICA, INSTALADO EM LOCAL COM NÍVEL ALTO DE INTERFERÊNCIAS (NÃO INCLUI FORNECIMENTO). AF_05/2024","UN",129.74]
[105277,"ASSENTAMENTO DE CONEXÃO 2 ACESSOS INCLINADOS DE FERRO FUNDIDO PARA REDE DE ÁGUA, DN 1200, JUNTA ELÁSTICA, INSTALADO EM LOCAL COM NÍVEL ALTO DE INTERFERÊNCIAS (NÃO INCLUI FORNECIMENTO). AF_05/2024","UN",156.94999999999999]
[105278,"ASSENTAMENTO DE CONEXÃO 3 ACESSOS DE FERRO FUNDIDO PARA REDE DE ÁGUA, DN 80, JUNTA ELÁSTICA, INSTALADO EM LOCAL COM NÍVEL ALTO DE INTERFERÊNCIAS (NÃO INCLUI FORNECIMENTO). AF_05/2024","UN",20.28]
[105279,"ASSENTAMENTO DE CONEXÃO 3 ACESSOS DE FERRO FUNDIDO PARA REDE DE ÁGUA, DN 100, JUNTA ELÁSTICA, INSTALADO EM LOCAL COM NÍVEL ALTO DE INTERFERÊNCIAS (NÃO INCLUI FORNECIMENTO). AF_05/2024","UN",23.25]
[105280,"ASSENTAMENTO DE CONEXÃO 3 ACESSOS DE FERRO FUNDIDO PARA REDE DE ÁGUA, DN 150, JUNTA ELÁSTICA, INSTALADO EM LOCAL COM NÍVEL ALTO DE INTERFERÊNCIAS (NÃO INCLUI FORNECIMENTO). AF_05/2024","UN",30.53]
[105281,"ASSENTAMENTO DE CONEXÃO 3 ACESSOS DE FERRO FUNDIDO PARA REDE DE ÁGUA, DN 200, JUNTA ELÁSTICA, INSTALADO EM LOCAL COM NÍVEL ALTO DE INTERFERÊNCIAS (NÃO INCLUI FORNECIMENTO). AF_05/2024","UN",37.81]
[105282,"ASSENTAMENTO DE CONEXÃO 2 ACESSOS INCLINADOS DE FERRO FUNDIDO PARA REDE DE ÁGUA, DN 100, JUNTA ELÁSTICA, INSTALADO EM LOCAL COM NÍVEL BAIXO DE INTERFERÊNCIAS (NÃO INCLUI FORNECIMENTO). AF_05/2024","UN",13.01]
[105283,"ASSENTAMENTO DE CONEXÃO 3 ACESSOS DE FERRO FUNDIDO PARA REDE DE ÁGUA, DN 150, JUNTA ELÁSTICA, INSTALADO EM LOCAL COM NÍVEL BAIXO DE INTERFERÊNCIAS (NÃO INCLUI FORNECIMENTO). AF_05/2024","UN",23.92]
[105284,"ASSENTAMENTO DE CONEXÃO 3 ACESSOS DE FERRO FUNDIDO PARA REDE DE ÁGUA, DN 250, JUNTA ELÁSTICA, INSTALADO EM LOCAL COM NÍVEL ALTO DE INTERFERÊNCIAS (NÃO INCLUI FORNECIMENTO). AF_05/2024","UN",45.4]
[105297,"ASSENTAMENTO DE CONEXÃO 2 ACESSOS ALINHADOS DE FERRO FUNDIDO PARA REDE DE ÁGUA, DN 80, JUNTA ELÁSTICA, INSTALADO EM LOCAL COM NÍVEL ALTO DE INTERFERÊNCIAS (NÃO INCLUI FORNECIMENTO). AF_05/2024","UN",10.130000000000001]
[105298,"ASSENTAMENTO DE CONEXÃO 2 ACESSOS INCLINADOS DE FERRO FUNDIDO PARA REDE DE ÁGUA, DN 150, JUNTA ELÁSTICA, INSTALADO EM LOCAL COM NÍVEL BAIXO DE INTERFERÊNCIAS (NÃO INCLUI FORNECIMENTO). AF_05/2024","UN",17.38]
[105299,"ASSENTAMENTO DE CONEXÃO 2 ACESSOS INCLINADOS DE FERRO FUNDIDO PARA REDE DE ÁGUA, DN 200, JUNTA ELÁSTICA, INSTALADO EM LOCAL COM NÍVEL BAIXO DE INTERFERÊNCIAS (NÃO INCLUI FORNECIMENTO). AF_05/2024","UN",21.78]
[105300,"ASSENTAMENTO DE CONEXÃO 2 ACESSOS INCLINADOS DE FERRO FUNDIDO PARA REDE DE ÁGUA, DN 250, JUNTA ELÁSTICA, INSTALADO EM LOCAL COM NÍVEL BAIXO DE INTERFERÊNCIAS (NÃO INCLUI FORNECIMENTO). AF_05/2024","UN",26.31]
[105301,"ASSENTAMENTO DE CONEXÃO 2 ACESSOS INCLINADOS DE FERRO FUNDIDO PARA REDE DE ÁGUA, DN 300, JUNTA ELÁSTICA, INSTALADO EM LOCAL COM NÍVEL BAIXO DE INTERFERÊNCIAS (NÃO INCLUI FORNECIMENTO). AF_05/2024","UN",30.83]
[105302,"ASSENTAMENTO DE CONEXÃO 2 ACESSOS INCLINADOS DE FERRO FUNDIDO PARA REDE DE ÁGUA, DN 350, JUNTA ELÁSTICA, INSTALADO EM LOCAL COM NÍVEL BAIXO DE INTERFERÊNCIAS (NÃO INCLUI FORNECIMENTO). AF_05/2024","UN",35.340000000000003]
[105303,"ASSENTAMENTO DE CONEXÃO 2 ACESSOS INCLINADOS DE FERRO FUNDIDO PARA REDE DE ÁGUA, DN 400, JUNTA ELÁSTICA, INSTALADO EM LOCAL COM NÍVEL BAIXO DE INTERFERÊNCIAS (NÃO INCLUI FORNECIMENTO). AF_05/2024","UN",39.83]
[105304,"ASSENTAMENTO DE CONEXÃO 2 ACESSOS INCLINADOS DE FERRO FUNDIDO PARA REDE DE ÁGUA, DN 450, JUNTA ELÁSTICA, INSTALADO EM LOCAL COM NÍVEL BAIXO DE INTERFERÊNCIAS (NÃO INCLUI FORNECIMENTO). AF_05/2024","UN",44.48]
[105305,"ASSENTAMENTO DE CONEXÃO 2 ACESSOS INCLINADOS DE FERRO FUNDIDO PARA REDE DE ÁGUA, DN 500, JUNTA ELÁSTICA, INSTALADO EM LOCAL COM NÍVEL BAIXO DE INTERFERÊNCIAS (NÃO INCLUI FORNECIMENTO). AF_05/2024","UN",54.77]
[105306,"ASSENTAMENTO DE CONEXÃO 2 ACESSOS INCLINADOS DE FERRO FUNDIDO PARA REDE DE ÁGUA, DN 600, JUNTA ELÁSTICA, INSTALADO EM LOCAL COM NÍVEL BAIXO DE INTERFERÊNCIAS (NÃO INCLUI FORNECIMENTO). AF_05/2024","UN",64.88]
[105307,"ASSENTAMENTO DE CONEXÃO 2 ACESSOS INCLINADOS DE FERRO FUNDIDO PARA REDE DE ÁGUA, DN 700, JUNTA ELÁSTICA, INSTALADO EM LOCAL COM NÍVEL BAIXO DE INTERFERÊNCIAS (NÃO INCLUI FORNECIMENTO). AF_05/2024","UN",74.3]
[105317,"ASSENTAMENTO DE CONEXÃO 2 ACESSOS ALINHADOS DE FERRO FUNDIDO PARA REDE DE ÁGUA, DN 300, JUNTA ELÁSTICA, INSTALADO EM LOCAL COM NÍVEL BAIXO DE INTERFERÊNCIAS (NÃO INCLUI FORNECIMENTO). AF_05/2024","UN",21.25]
[105318,"ASSENTAMENTO DE CONEXÃO 2 ACESSOS ALINHADOS DE FERRO FUNDIDO PARA REDE DE ÁGUA, DN 350, JUNTA ELÁSTICA, INSTALADO EM LOCAL COM NÍVEL BAIXO DE INTERFERÊNCIAS (NÃO INCLUI FORNECIMENTO). AF_05/2024","UN",24.37]
[105319,"ASSENTAMENTO DE CONEXÃO 3 ACESSOS DE FERRO FUNDIDO PARA REDE DE ÁGUA, DN 200, JUNTA ELÁSTICA, INSTALADO EM LOCAL COM NÍVEL BAIXO DE INTERFERÊNCIAS (NÃO INCLUI FORNECIMENTO). AF_05/2024","UN",29.94]
[105320,"ASSENTAMENTO DE CONEXÃO 3 ACESSOS DE FERRO FUNDIDO PARA REDE DE ÁGUA, DN 250, JUNTA ELÁSTICA, INSTALADO EM LOCAL COM NÍVEL BAIXO DE INTERFERÊNCIAS (NÃO INCLUI FORNECIMENTO). AF_05/2024","UN",36.25]
[105321,"ASSENTAMENTO DE CONEXÃO 3 ACESSOS DE FERRO FUNDIDO PARA REDE DE ÁGUA, DN 300, JUNTA ELÁSTICA, INSTALADO EM LOCAL COM NÍVEL BAIXO DE INTERFERÊNCIAS (NÃO INCLUI FORNECIMENTO). AF_05/2024","UN",42.52]
[105322,"ASSENTAMENTO DE CONEXÃO 3 ACESSOS DE FERRO FUNDIDO PARA REDE DE ÁGUA, DN 350, JUNTA ELÁSTICA, INSTALADO EM LOCAL COM NÍVEL BAIXO DE INTERFERÊNCIAS (NÃO INCLUI FORNECIMENTO). AF_05/2024","UN",48.78]
[105323,"ASSENTAMENTO DE CONEXÃO 3 ACESSOS DE FERRO FUNDIDO PARA REDE DE ÁGUA, DN 400, JUNTA ELÁSTICA, INSTALADO EM LOCAL COM NÍVEL BAIXO DE INTERFERÊNCIAS (NÃO INCLUI FORNECIMENTO). AF_05/2024","UN",55.05]
[105324,"ASSENTAMENTO DE CONEXÃO 3 ACESSOS DE FERRO FUNDIDO PARA REDE DE ÁGUA, DN 450, JUNTA ELÁSTICA, INSTALADO EM LOCAL COM NÍVEL BAIXO DE INTERFERÊNCIAS (NÃO INCLUI FORNECIMENTO). AF_05/2024","UN",61.56]
[105325,"ASSENTAMENTO DE CONEXÃO 3 ACESSOS DE FERRO FUNDIDO PARA REDE DE ÁGUA, DN 500, JUNTA ELÁSTICA, INSTALADO EM LOCAL COM NÍVEL BAIXO DE INTERFERÊNCIAS (NÃO INCLUI FORNECIMENTO). AF_05/2024","UN",75.55]
[105326,"ASSENTAMENTO DE CONEXÃO 3 ACESSOS DE FERRO FUNDIDO PARA REDE DE ÁGUA, DN 600, JUNTA ELÁSTICA, INSTALADO EM LOCAL COM NÍVEL BAIXO DE INTERFERÊNCIAS (NÃO INCLUI FORNECIMENTO). AF_05/2024","UN",89.7]
[105340,"ASSENTAMENTO DE CONEXÃO 2 ACESSOS INCLINADOS DE FERRO FUNDIDO PARA REDE DE ÁGUA, DN 800, JUNTA ELÁSTICA, INSTALADO EM LOCAL COM NÍVEL BAIXO DE INTERFERÊNCIAS (NÃO INCLUI FORNECIMENTO). AF_05/2024","UN",83.97]
[105341,"ASSENTAMENTO DE CONEXÃO 2 ACESSOS INCLINADOS DE FERRO FUNDIDO PARA REDE DE ÁGUA, DN 1000, JUNTA ELÁSTICA, INSTALADO EM LOCAL COM NÍVEL BAIXO DE INTERFERÊNCIAS (NÃO INCLUI FORNECIMENTO). AF_05/2024","UN",103.82]
[105342,"ASSENTAMENTO DE CONEXÃO 2 ACESSOS INCLINADOS DE FERRO FUNDIDO PARA REDE DE ÁGUA, DN 1200, JUNTA ELÁSTICA, INSTALADO EM LOCAL COM NÍVEL BAIXO DE INTERFERÊNCIAS (NÃO INCLUI FORNECIMENTO). AF_05/2024","UN",126.41]
[105343,"ASSENTAMENTO DE CONEXÃO 3 ACESSOS DE FERRO FUNDIDO PARA REDE DE ÁGUA, DN 80, JUNTA ELÁSTICA, INSTALADO EM LOCAL COM NÍVEL BAIXO DE INTERFERÊNCIAS (NÃO INCLUI FORNECIMENTO). AF_05/2024","UN",15.44]
[105344,"ASSENTAMENTO DE CONEXÃO 3 ACESSOS DE FERRO FUNDIDO PARA REDE DE ÁGUA, DN 700, JUNTA ELÁSTICA, INSTALADO EM LOCAL COM NÍVEL BAIXO DE INTERFERÊNCIAS (NÃO INCLUI FORNECIMENTO). AF_05/2024","UN",102.44]
[105345,"ASSENTAMENTO DE CONEXÃO 3 ACESSOS DE FERRO FUNDIDO PARA REDE DE ÁGUA, DN 900, JUNTA ELÁSTICA, INSTALADO EM LOCAL COM NÍVEL BAIXO DE INTERFERÊNCIAS (NÃO INCLUI FORNECIMENTO). AF_05/2024","UN",129.35]
[105346,"ASSENTAMENTO DE CONEXÃO 3 ACESSOS DE FERRO FUNDIDO PARA REDE DE ÁGUA, DN 1000, JUNTA ELÁSTICA, INSTALADO EM LOCAL COM NÍVEL BAIXO DE INTERFERÊNCIAS (NÃO INCLUI FORNECIMENTO). AF_05/2024","UN",143.22]
[105347,"ASSENTAMENTO DE CONEXÃO 3 ACESSOS DE FERRO FUNDIDO PARA REDE DE ÁGUA, DN 1200, JUNTA ELÁSTICA, INSTALADO EM LOCAL COM NÍVEL BAIXO DE INTERFERÊNCIAS (NÃO INCLUI FORNECIMENTO). AF_05/2024","UN",176.23]
[105348,"ASSENTAMENTO DE CONEXÃO 3 ACESSOS DE FERRO FUNDIDO PARA REDE DE ÁGUA, DN 300, JUNTA ELÁSTICA, INSTALADO EM LOCAL COM NÍVEL ALTO DE INTERFERÊNCIAS (NÃO INCLUI FORNECIMENTO). AF_05/2024","UN",52.93]
[105349,"ASSENTAMENTO DE CONEXÃO 3 ACESSOS DE FERRO FUNDIDO PARA REDE DE ÁGUA, DN 350, JUNTA ELÁSTICA, INSTALADO EM LOCAL COM NÍVEL ALTO DE INTERFERÊNCIAS (NÃO INCLUI FORNECIMENTO). AF_05/2024","UN",60.47]
[105350,"ASSENTAMENTO DE CONEXÃO 3 ACESSOS DE FERRO FUNDIDO PARA REDE DE ÁGUA, DN 400, JUNTA ELÁSTICA, INSTALADO EM LOCAL COM NÍVEL ALTO DE INTERFERÊNCIAS (NÃO INCLUI FORNECIMENTO). AF_05/2024","UN",68.010000000000005]
[105351,"ASSENTAMENTO DE CONEXÃO 3 ACESSOS DE FERRO FUNDIDO PARA REDE DE ÁGUA, DN 450, JUNTA ELÁSTICA, INSTALADO EM LOCAL COM NÍVEL ALTO DE INTERFERÊNCIAS (NÃO INCLUI FORNECIMENTO). AF_05/2024","UN",75.790000000000006]
[105352,"ASSENTAMENTO DE CONEXÃO 3 ACESSOS DE FERRO FUNDIDO PARA REDE DE ÁGUA, DN 500, JUNTA ELÁSTICA, INSTALADO EM LOCAL COM NÍVEL ALTO DE INTERFERÊNCIAS (NÃO INCLUI FORNECIMENTO). AF_05/2024","UN",94.68]
[105353,"ASSENTAMENTO DE CONEXÃO 3 ACESSOS DE FERRO FUNDIDO PARA REDE DE ÁGUA, DN 600, JUNTA ELÁSTICA, INSTALADO EM LOCAL COM NÍVEL ALTO DE INTERFERÊNCIAS (NÃO INCLUI FORNECIMENTO). AF_05/2024","UN",111.93]
[105354,"ASSENTAMENTO DE CONEXÃO 3 ACESSOS DE FERRO FUNDIDO PARA REDE DE ÁGUA, DN 700, JUNTA ELÁSTICA, INSTALADO EM LOCAL COM NÍVEL ALTO DE INTERFERÊNCIAS (NÃO INCLUI FORNECIMENTO). AF_05/2024","UN",127.75]
[105355,"ASSENTAMENTO DE CONEXÃO 3 ACESSOS DE FERRO FUNDIDO PARA REDE DE ÁGUA, DN 800, JUNTA ELÁSTICA, INSTALADO EM LOCAL COM NÍVEL ALTO DE INTERFERÊNCIAS (NÃO INCLUI FORNECIMENTO). AF_05/2024","UN",144.09]
[105356,"ASSENTAMENTO DE CONEXÃO 3 ACESSOS DE FERRO FUNDIDO PARA REDE DE ÁGUA, DN 900, JUNTA ELÁSTICA, INSTALADO EM LOCAL COM NÍVEL ALTO DE INTERFERÊNCIAS (NÃO INCLUI FORNECIMENTO). AF_05/2024","UN",160.81]
[105357,"ASSENTAMENTO DE CONEXÃO 3 ACESSOS DE FERRO FUNDIDO PARA REDE DE ÁGUA, DN 1000, JUNTA ELÁSTICA, INSTALADO EM LOCAL COM NÍVEL ALTO DE INTERFERÊNCIAS (NÃO INCLUI FORNECIMENTO). AF_05/2024","UN",177.78]
[105358,"ASSENTAMENTO DE CONEXÃO 3 ACESSOS DE FERRO FUNDIDO PARA REDE DE ÁGUA, DN 1200, JUNTA ELÁSTICA, INSTALADO EM LOCAL COM NÍVEL ALTO DE INTERFERÊNCIAS (NÃO INCLUI FORNECIMENTO). AF_05/2024","UN",216.97]
[105369,"FORNECIMENTO E ASSENTAMENTO DE TE RANHURADO EM FERRO FUNDIDO, DN 80 (3\") PARA REDE DE ÁGUA, INSTALADO EM LOCAL COM NÍVEL ALTO DE INTERFERÊNCIAS (INCLUI FORNECIMENTO). AF_05/2024","UN",74.16]
[105377,"FORNECIMENTO E ASSENTAMENTO DE CURVA 45 GRAUS RANHURADA EM FERRO FUNDIDO, DN 80 MM (3\") PARA REDE DE ÁGUA, INSTALADO EM LOCAL COM NÍVEL ALTO DE INTERFERÊNCIAS (INCLUI FORNECIMENTO). AF_05/2024","UN",46.99]
[105378,"ASSENTAMENTO DE CONEXÃO 2 ACESSOS ALINHADOS DE FERRO FUNDIDO PARA REDE DE ÁGUA, DN 100, JUNTA ELÁSTICA, INSTALADO EM LOCAL COM NÍVEL ALTO DE INTERFERÊNCIAS (NÃO INCLUI FORNECIMENTO). AF_05/2024","UN",11.61]
[105379,"ASSENTAMENTO DE CONEXÃO 2 ACESSOS ALINHADOS DE FERRO FUNDIDO PARA REDE DE ÁGUA, DN 150, JUNTA ELÁSTICA, INSTALADO EM LOCAL COM NÍVEL ALTO DE INTERFERÊNCIAS (NÃO INCLUI FORNECIMENTO). AF_05/2024","UN",15.24]
[105380,"ASSENTAMENTO DE CONEXÃO 2 ACESSOS ALINHADOS DE FERRO FUNDIDO PARA REDE DE ÁGUA, DN 1000, JUNTA ELÁSTICA, INSTALADO EM LOCAL COM NÍVEL ALTO DE INTERFERÊNCIAS (NÃO INCLUI FORNECIMENTO). AF_05/2024","UN",88.88]
[105388,"ASSENTAMENTO DE CONEXÃO 2 ACESSOS ALINHADOS DE FERRO FUNDIDO PARA REDE DE ÁGUA, DN 150, JUNTA ELÁSTICA, INSTALADO EM LOCAL COM NÍVEL BAIXO DE INTERFERÊNCIAS (NÃO INCLUI FORNECIMENTO). AF_05/2024","UN",11.94]
[105389,"ASSENTAMENTO DE CONEXÃO 2 ACESSOS ALINHADOS DE FERRO FUNDIDO PARA REDE DE ÁGUA, DN 200, JUNTA ELÁSTICA, INSTALADO EM LOCAL COM NÍVEL BAIXO DE INTERFERÊNCIAS (NÃO INCLUI FORNECIMENTO). AF_05/2024","UN",14.95]
[105390,"ASSENTAMENTO DE CONEXÃO 2 ACESSOS INCLINADOS DE FERRO FUNDIDO PARA REDE DE ÁGUA, DN 900, JUNTA ELÁSTICA, INSTALADO EM LOCAL COM NÍVEL BAIXO DE INTERFERÊNCIAS (NÃO INCLUI FORNECIMENTO). AF_05/2024","UN",93.84]
[105391,"ASSENTAMENTO DE CONEXÃO 3 ACESSOS DE FERRO FUNDIDO PARA REDE DE ÁGUA, DN 800, JUNTA ELÁSTICA, INSTALADO EM LOCAL COM NÍVEL BAIXO DE INTERFERÊNCIAS (NÃO INCLUI FORNECIMENTO). AF_05/2024","UN",115.7]
[105392,"ASSENTAMENTO DE CONEXÃO 2 ACESSOS ALINHADOS DE FERRO FUNDIDO PARA REDE DE ÁGUA, DN 200, JUNTA ELÁSTICA, INSTALADO EM LOCAL COM NÍVEL ALTO DE INTERFERÊNCIAS (NÃO INCLUI FORNECIMENTO). AF_05/2024","UN",18.89]
[105393,"ASSENTAMENTO DE CONEXÃO 2 ACESSOS ALINHADOS DE FERRO FUNDIDO PARA REDE DE ÁGUA, DN 250, JUNTA ELÁSTICA, INSTALADO EM LOCAL COM NÍVEL ALTO DE INTERFERÊNCIAS (NÃO INCLUI FORNECIMENTO). AF_05/2024","UN",22.69]
[105394,"ASSENTAMENTO DE CONEXÃO 2 ACESSOS ALINHADOS DE FERRO FUNDIDO PARA REDE DE ÁGUA, DN 300, JUNTA ELÁSTICA, INSTALADO EM LOCAL COM NÍVEL ALTO DE INTERFERÊNCIAS (NÃO INCLUI FORNECIMENTO). AF_05/2024","UN",26.44]
[105395,"ASSENTAMENTO DE CONEXÃO 2 ACESSOS ALINHADOS DE FERRO FUNDIDO PARA REDE DE ÁGUA, DN 350, JUNTA ELÁSTICA, INSTALADO EM LOCAL COM NÍVEL ALTO DE INTERFERÊNCIAS (NÃO INCLUI FORNECIMENTO). AF_05/2024","UN",30.21]
[105396,"ASSENTAMENTO DE CONEXÃO 2 ACESSOS ALINHADOS DE FERRO FUNDIDO PARA REDE DE ÁGUA, DN 400, JUNTA ELÁSTICA, INSTALADO EM LOCAL COM NÍVEL ALTO DE INTERFERÊNCIAS (NÃO INCLUI FORNECIMENTO). AF_05/2024","UN",33.979999999999997]
[105397,"ASSENTAMENTO DE CONEXÃO 2 ACESSOS ALINHADOS DE FERRO FUNDIDO PARA REDE DE ÁGUA, DN 450, JUNTA ELÁSTICA, INSTALADO EM LOCAL COM NÍVEL ALTO DE INTERFERÊNCIAS (NÃO INCLUI FORNECIMENTO). AF_05/2024","UN",37.880000000000003]
[105398,"ASSENTAMENTO DE CONEXÃO 2 ACESSOS ALINHADOS DE FERRO FUNDIDO PARA REDE DE ÁGUA, DN 500, JUNTA ELÁSTICA, INSTALADO EM LOCAL COM NÍVEL ALTO DE INTERFERÊNCIAS (NÃO INCLUI FORNECIMENTO). AF_05/2024","UN",47.34]
[105399,"ASSENTAMENTO DE CONEXÃO 2 ACESSOS ALINHADOS DE FERRO FUNDIDO PARA REDE DE ÁGUA, DN 600, JUNTA ELÁSTICA, INSTALADO EM LOCAL COM NÍVEL ALTO DE INTERFERÊNCIAS (NÃO INCLUI FORNECIMENTO). AF_05/2024","UN",55.94]
[105400,"ASSENTAMENTO DE CONEXÃO 2 ACESSOS ALINHADOS DE FERRO FUNDIDO PARA REDE DE ÁGUA, DN 700, JUNTA ELÁSTICA, INSTALADO EM LOCAL COM NÍVEL ALTO DE INTERFERÊNCIAS (NÃO INCLUI FORNECIMENTO). AF_05/2024","UN",63.87]
[105401,"ASSENTAMENTO DE CONEXÃO 2 ACESSOS ALINHADOS DE FERRO FUNDIDO PARA REDE DE ÁGUA, DN 800, JUNTA ELÁSTICA, INSTALADO EM LOCAL COM NÍVEL ALTO DE INTERFERÊNCIAS (NÃO INCLUI FORNECIMENTO). AF_05/2024","UN",72.03]
[105402,"ASSENTAMENTO DE CONEXÃO 2 ACESSOS ALINHADOS DE FERRO FUNDIDO PARA REDE DE ÁGUA, DN 900, JUNTA ELÁSTICA, INSTALADO EM LOCAL COM NÍVEL ALTO DE INTERFERÊNCIAS (NÃO INCLUI FORNECIMENTO). AF_05/2024","UN",80.41]
[97173,"ASSENTAMENTO DE TUBO DE AÇO CARBONO PARA REDE DE ÁGUA, DN 600 MM (24\"), JUNTA SOLDADA, INSTALADO EM LOCAL COM NÍVEL ALTO DE INTERFERÊNCIAS (NÃO INCLUI FORNECIMENTO). AF_05/2024","M",43.89]
[97174,"ASSENTAMENTO DE TUBO DE AÇO CARBONO PARA REDE DE ÁGUA, DN 700 MM (28\"), JUNTA SOLDADA, INSTALADO EM LOCAL COM NÍVEL ALTO DE INTERFERÊNCIAS (NÃO INCLUI FORNECIMENTO). AF_05/2024","M",52.1]
[97175,"ASSENTAMENTO DE TUBO DE AÇO CARBONO PARA REDE DE ÁGUA, DN 800 MM (32\"), JUNTA SOLDADA, INSTALADO EM LOCAL COM NÍVEL ALTO DE INTERFERÊNCIAS (NÃO INCLUI FORNECIMENTO). AF_05/2024","M",60.3]
[97176,"ASSENTAMENTO DE TUBO DE AÇO CARBONO PARA REDE DE ÁGUA, DN 900 MM (36\"), JUNTA SOLDADA, INSTALADO EM LOCAL COM NÍVEL ALTO DE INTERFERÊNCIAS (NÃO INCLUI FORNECIMENTO). AF_05/2024","M",68.52]
[97177,"ASSENTAMENTO DE TUBO DE AÇO CARBONO PARA REDE DE ÁGUA, DN 1000 MM (40\") OU DN 1100 MM (44\"), JUNTA SOLDADA, INSTALADO EM LOCAL COM NÍVEL ALTO DE INTERFERÊNCIAS (NÃO INCLUI FORNECIMENTO). AF_05/2024","M",76.72]
[97178,"ASSENTAMENTO DE TUBO DE AÇO CARBONO PARA REDE DE ÁGUA, DN 1200 MM (48\") OU DN 1300 MM (52\"), JUNTA SOLDADA, INSTALADO EM LOCAL COM NÍVEL ALTO DE INTERFERÊNCIAS (NÃO INCLUI FORNECIMENTO). AF_05/2024","M",93.13]
[97179,"ASSENTAMENTO DE TUBO DE AÇO CARBONO PARA REDE DE ÁGUA, DN 1400 MM (56'') OU DN 1500 MM (60\"), JUNTA SOLDADA, INSTALADO EM LOCAL COM NÍVEL ALTO DE INTERFERÊNCIAS (NÃO INCLUI FORNECIMENTO). AF_05/2024","M",109.56]
[97180,"ASSENTAMENTO DE TUBO DE AÇO CARBONO PARA REDE DE ÁGUA, DN 1600 MM (64\") OU DN 1700 MM (68\"), JUNTA SOLDADA, INSTALADO EM LOCAL COM NÍVEL ALTO DE INTERFERÊNCIAS (NÃO INCLUI FORNECIMENTO). AF_05/2024","M",125.98]
[97181,"ASSENTAMENTO DE TUBO DE AÇO CARBONO PARA REDE DE ÁGUA, DN 1800 MM (72\") OU DN 1900 MM (76\"), JUNTA SOLDADA, INSTALADO EM LOCAL COM NÍVEL ALTO DE INTERFERÊNCIAS (NÃO INCLUI FORNECIMENTO). AF_05/2024","M",142.4]
[97182,"ASSENTAMENTO DE TUBO DE AÇO CARBONO PARA REDE DE ÁGUA, DN 2000 MM (80\") OU DN 2100 MM (84\"), JUNTA SOLDADA, INSTALADO EM LOCAL COM NÍVEL ALTO DE INTERFERÊNCIAS (NÃO INCLUI FORNECIMENTO). AF_05/2024","M",162.93]
[97183,"ASSENTAMENTO DE TUBO DE AÇO CARBONO PARA REDE DE ÁGUA, DN 600 MM (24\"), JUNTA SOLDADA, INSTALADO EM LOCAL COM NÍVEL BAIXO DE INTERFERÊNCIAS (NÃO INCLUI FORNECIMENTO). AF_05/2024","M",39.479999999999997]
[97184,"ASSENTAMENTO DE TUBO DE AÇO CARBONO PARA REDE DE ÁGUA, DN 700 MM (28\"), JUNTA SOLDADA, INSTALADO EM LOCAL COM NÍVEL BAIXO DE INTERFERÊNCIAS (NÃO INCLUI FORNECIMENTO). AF_05/2024","M",46.92]
[97185,"ASSENTAMENTO DE TUBO DE AÇO CARBONO PARA REDE DE ÁGUA, DN 800 MM (32\"), JUNTA SOLDADA, INSTALADO EM LOCAL COM NÍVEL BAIXO DE INTERFERÊNCIAS (NÃO INCLUI FORNECIMENTO). AF_05/2024","M",54.38]
[97186,"ASSENTAMENTO DE TUBO DE AÇO CARBONO PARA REDE DE ÁGUA, DN 900 MM (36\"), JUNTA SOLDADA, INSTALADO EM LOCAL COM NÍVEL BAIXO DE INTERFERÊNCIAS (NÃO INCLUI FORNECIMENTO). AF_05/2024","M",61.85]
[97187,"ASSENTAMENTO DE TUBO DE AÇO CARBONO PARA REDE DE ÁGUA, DN 1000 MM (40\") OU DN 1100 MM (44\"), JUNTA SOLDADA, INSTALADO EM LOCAL COM NÍVEL BAIXO DE INTERFERÊNCIAS (NÃO INCLUI FORNECIMENTO). AF_05/2024","M",69.290000000000006]
[97188,"ASSENTAMENTO DE TUBO DE AÇO CARBONO PARA REDE DE ÁGUA, DN 1200 MM (48\") OU DN 1300 MM (52\"), JUNTA SOLDADA, INSTALADO EM LOCAL COM NÍVEL BAIXO DE INTERFERÊNCIAS (NÃO INCLUI FORNECIMENTO). AF_05/2024","M",84.2]
[97189,"ASSENTAMENTO DE TUBO DE AÇO CARBONO PARA REDE DE ÁGUA, DN 1400 MM (56'') OU DN 1500 MM (60\"), JUNTA SOLDADA, INSTALADO EM LOCAL COM NÍVEL BAIXO DE INTERFERÊNCIAS (NÃO INCLUI FORNECIMENTO). AF_05/2024","M",99.12]
[97190,"ASSENTAMENTO DE TUBO DE AÇO CARBONO PARA REDE DE ÁGUA, DN 1600 MM (64\") OU DN 1700 MM (68\"), JUNTA SOLDADA, INSTALADO EM LOCAL COM NÍVEL BAIXO DE INTERFERÊNCIAS (NÃO INCLUI FORNECIMENTO). AF_05/2024","M",114.03]
[97191,"ASSENTAMENTO DE TUBO DE AÇO CARBONO PARA REDE DE ÁGUA, DN 1800 MM (72\") OU DN 1900 MM (76\"), JUNTA SOLDADA, INSTALADO EM LOCAL COM NÍVEL BAIXO DE INTERFERÊNCIAS (NÃO INCLUI FORNECIMENTO). AF_05/2024","M",128.94]
[97192,"ASSENTAMENTO DE TUBO DE AÇO CARBONO PARA REDE DE ÁGUA, DN 2000 MM (80\") OU DN 2100 MM (84\"), JUNTA SOLDADA, INSTALADO EM LOCAL COM NÍVEL BAIXO DE INTERFERÊNCIAS (NÃO INCLUI FORNECIMENTO). AF_05/2024","M",147.03]
[90694,"TUBO DE PVC PARA REDE COLETORA DE ESGOTO DE PAREDE MACIÇA, DN 100 MM, JUNTA ELÁSTICA - FORNECIMENTO E ASSENTAMENTO. AF_01/2021","M",45.34]
[90695,"TUBO DE PVC PARA REDE COLETORA DE ESGOTO DE PAREDE MACIÇA, DN 150 MM, JUNTA ELÁSTICA  - FORNECIMENTO E ASSENTAMENTO. AF_01/2021","M",86.52]
[90696,"TUBO DE PVC PARA REDE COLETORA DE ESGOTO DE PAREDE MACIÇA, DN 200 MM, JUNTA ELÁSTICA - FORNECIMENTO E ASSENTAMENTO. AF_01/2021","M",144.85]
[90697,"TUBO DE PVC PARA REDE COLETORA DE ESGOTO DE PAREDE MACIÇA, DN 250 MM, JUNTA ELÁSTICA  - FORNECIMENTO E ASSENTAMENTO. AF_01/2021","M",225.02]
[90698,"TUBO DE PVC PARA REDE COLETORA DE ESGOTO DE PAREDE MACIÇA, DN 300 MM, JUNTA ELÁSTICA,  FORNECIMENTO E ASSENTAMENTO. AF_01/2021","M",344.27]
[90699,"TUBO DE PVC PARA REDE COLETORA DE ESGOTO DE PAREDE MACIÇA, DN 350 MM, JUNTA ELÁSTICA  - FORNECIMENTO E ASSENTAMENTO. AF_01/2021","M",484.82]
[90700,"TUBO DE PVC PARA REDE COLETORA DE ESGOTO DE PAREDE MACIÇA, DN 400 MM, JUNTA ELÁSTICA  FORNECIMENTO E ASSENTAMENTO. AF_01/2021","M",566.92999999999995]
[90701,"TUBO DE PVC CORRUGADO DE DUPLA PAREDE PARA REDE COLETORA DE ESGOTO, DN 150 MM, JUNTA ELÁSTICA - FORNECIMENTO E ASSENTAMENTO. AF_01/2021","M",67.78]
[90702,"TUBO DE PVC CORRUGADO DE DUPLA PAREDE PARA REDE COLETORA DE ESGOTO, DN 200 MM, JUNTA ELÁSTICA - FORNECIMENTO E ASSENTAMENTO. AF_01/2021","M",112.55]
[90703,"TUBO DE PVC CORRUGADO DE DUPLA PAREDE PARA REDE COLETORA DE ESGOTO, DN 250 MM, JUNTA ELÁSTICA - FORNECIMENTO E ASSENTAMENTO. AF_01/2021","M",176.63]
[90704,"TUBO DE PVC CORRUGADO DE DUPLA PAREDE PARA REDE COLETORA DE ESGOTO, DN 300 MM, JUNTA ELÁSTICA - FORNECIMENTO E ASSENTAMENTO. AF_01/2021","M",262.83]
[90705,"TUBO DE PVC CORRUGADO DE DUPLA PAREDE PARA REDE COLETORA DE ESGOTO, DN 350 MM, JUNTA ELÁSTICA - FORNECIMENTO E ASSENTAMENTO. AF_01/2021","M",343.7]
[90706,"TUBO DE PVC CORRUGADO DE DUPLA PAREDE PARA REDE COLETORA DE ESGOTO, DN 400 MM, JUNTA ELÁSTICA - FORNECIMENTO E ASSENTAMENTO. AF_01/2021","M",456.51]
[90708,"TUBO DE PEAD CORRUGADO DE DUPLA PAREDE PARA REDE COLETORA DE ESGOTO, DN 600 MM, JUNTA ELÁSTICA INTEGRADA - FORNECIMENTO E ASSENTAMENTO. AF_01/2021","M",696.85]
[90724,"JUNTA ARGAMASSADA ENTRE TUBO DN 100 MM E O POÇO DE VISITA/ CAIXA DE CONCRETO OU ALVENARIA EM REDES DE ESGOTO. AF_01/2021","UN",21.03]
[90725,"JUNTA ARGAMASSADA ENTRE TUBO DN 150 MM E O POÇO DE VISITA/ CAIXA DE CONCRETO OU ALVENARIA EM REDES DE ESGOTO. AF_01/2021","UN",25.9]
[90726,"JUNTA ARGAMASSADA ENTRE TUBO DN 200 MM E O POÇO/ CAIXA DE CONCRETO OU ALVENARIA EM REDES DE ESGOTO. AF_01/2021","UN",30.85]
[90727,"JUNTA ARGAMASSADA ENTRE TUBO DN 250 MM E O POÇO DE VISITA/ CAIXA DE CONCRETO OU ALVENARIA EM REDES DE ESGOTO. AF_01/2021","UN",35.72]
[90728,"JUNTA ARGAMASSADA ENTRE TUBO DN 300 MM E O POÇO DE VISITA/ CAIXA DE CONCRETO OU ALVENARIA EM REDES DE ESGOTO. AF_01/2021","UN",40.6]
[90729,"JUNTA ARGAMASSADA ENTRE TUBO DN 350 MM E O POÇO DE VISITA/ CAIXA DE CONCRETO OU ALVENARIA EM REDES DE ESGOTO. AF_01/2021","UN",45.49]
[90730,"JUNTA ARGAMASSADA ENTRE TUBO DN 400 MM E O POÇO DE VISITA/ CAIXA DE CONCRETO OU ALVENARIA EM REDES DE ESGOTO. AF_01/2021","UN",50.37]
[90731,"JUNTA ARGAMASSADA ENTRE TUBO DN 450 MM E O POÇO DE VISITA/ CAIXA DE CONCRETO OU ALVENARIA EM REDES DE ESGOTO. AF_01/2021","UN",55.25]
[90732,"JUNTA ARGAMASSADA ENTRE TUBO DN 600 MM E O POÇO DE VISITA/ CAIXA DE CONCRETO OU ALVENARIA EM REDES DE ESGOTO. AF_01/2021","UN",69.88]
[90733,"ASSENTAMENTO DE TUBO DE PVC PARA REDE COLETORA DE ESGOTO DE PAREDE MACIÇA, DN 100 MM, JUNTA ELÁSTICA (NÃO INCLUI FORNECIMENTO). AF_01/2021","M",2.93]
[90734,"ASSENTAMENTO DE TUBO DE PVC PARA REDE COLETORA DE ESGOTO DE PAREDE MACIÇA, DN 150 MM, JUNTA ELÁSTICA,  (NÃO INCLUI FORNECIMENTO). AF_01/2021","M",3.47]
[90735,"ASSENTAMENTO DE TUBO DE PVC PARA REDE COLETORA DE ESGOTO DE PAREDE MACIÇA, DN 200 MM, JUNTA ELÁSTICA (NÃO INCLUI FORNECIMENTO). AF_01/2021","M",4.01]
[90736,"ASSENTAMENTO DE TUBO DE PVC PARA REDE COLETORA DE ESGOTO DE PAREDE MACIÇA, DN 250 MM, JUNTA ELÁSTICA (NÃO INCLUI FORNECIMENTO). AF_01/2021","M",4.55]
[90737,"ASSENTAMENTO DE TUBO DE PVC PARA REDE COLETORA DE ESGOTO DE PAREDE MACIÇA, DN 300 MM, JUNTA ELÁSTICA  (NÃO INCLUI FORNECIMENTO). AF_01/2021","M",5.0999999999999996]
[90738,"ASSENTAMENTO DE TUBO DE PVC PARA REDE COLETORA DE ESGOTO DE PAREDE MACIÇA, DN 350 MM, JUNTA ELÁSTICA (NÃO INCLUI FORNECIMENTO). AF_01/2021","M",5.64]
[90739,"ASSENTAMENTO DE TUBO DE PVC PARA REDE COLETORA DE ESGOTO DE PAREDE MACIÇA, DN 400 MM, JUNTA ELÁSTICA (NÃO INCLUI FORNECIMENTO). AF_01/2021","M",8.89]
[90740,"ASSENTAMENTO DE TUBO DE PVC CORRUGADO DE DUPLA PAREDE PARA REDE COLETORA DE ESGOTO, DN 150 MM, JUNTA ELÁSTICA (NÃO INCLUI FORNECIMENTO). AF_01/2021","M",3.87]
[90741,"ASSENTAMENTO DE TUBO DE PVC CORRUGADO DE DUPLA PAREDE PARA REDE COLETORA DE ESGOTO, DN 200 MM, JUNTA ELÁSTICA (NÃO INCLUI FORNECIMENTO). AF_01/2021","M",4.41]
[90742,"ASSENTAMENTO DE TUBO DE PVC CORRUGADO DE DUPLA PAREDE PARA REDE COLETORA DE ESGOTO, DN 250 MM, JUNTA ELÁSTICA (NÃO INCLUI FORNECIMENTO). AF_01/2021","M",4.95]
[90743,"ASSENTAMENTO DE TUBO DE PVC CORRUGADO DE DUPLA PAREDE PARA REDE COLETORA DE ESGOTO, DN 300 MM, JUNTA ELÁSTICA (NÃO INCLUI FORNECIMENTO). AF_01/2021","M",5.49]
[90744,"ASSENTAMENTO DE TUBO DE PVC CORRUGADO DE DUPLA PAREDE PARA REDE COLETORA DE ESGOTO, DN 350 MM, JUNTA ELÁSTICA (NÃO INCLUI FORNECIMENTO). AF_01/2021","M",6.03]
[90745,"ASSENTAMENTO DE TUBO DE PVC CORRUGADO DE DUPLA PAREDE PARA REDE COLETORA DE ESGOTO, DN 400 MM, JUNTA ELÁSTICA  (NÃO INCLUI FORNECIMENTO). AF_01/2021","M",9.93]
[90746,"ASSENTAMENTO DE TUBO DE PEAD CORRUGADO DE DUPLA PAREDE PARA REDE COLETORA DE ESGOTO, DN 450 MM, JUNTA ELÁSTICA INTEGRADA (NÃO INCLUI FORNECIMENTO). AF_01/2021","M",3.16]
[90747,"ASSENTAMENTO DE TUBO DE PEAD CORRUGADO DE DUPLA PAREDE PARA REDE COLETORA DE ESGOTO, DN 600 MM, JUNTA ELÁSTICA INTEGRADA (NÃO INCLUI FORNECIMENTO). AF_01/2021","M",16.190000000000001]
[94869,"TUBO DE PEAD CORRUGADO DE DUPLA PAREDE PARA REDE COLETORA DE ESGOTO, DN 250 MM, JUNTA ELÁSTICA INTEGRADA - FORNECIMENTO E ASSENTAMENTO. AF_01/2021","M",122.7]
[94870,"ASSENTAMENTO DE TUBO DE PEAD CORRUGADO DE DUPLA PAREDE PARA REDE COLETORA DE ESGOTO, DN 250 MM, JUNTA ELÁSTICA INTEGRADA (NÃO INCLUI FORNECIMENTO). AF_01/2021","M",1.73]
[94871,"TUBO DE PEAD CORRUGADO DE DUPLA PAREDE PARA REDE COLETORA DE ESGOTO, DN 300 MM, JUNTA ELÁSTICA INTEGRADA - FORNECIMENTO E ASSENTAMENTO. AF_01/2021","M",191.92]
[94872,"ASSENTAMENTO DE TUBO DE PEAD CORRUGADO DE DUPLA PAREDE PARA REDE COLETORA DE ESGOTO, DN 300 MM, JUNTA ELÁSTICA INTEGRADA  (NÃO INCLUI FORNECIMENTO). AF_01/2021","M",2.4]
[94875,"TUBO DE PEAD CORRUGADO DE DUPLA PAREDE PARA REDE COLETORA DE ESGOTO, DN 800 MM, JUNTA ELÁSTICA INTEGRADA - FORNECIMENTO E ASSENTAMENTO. AF_01/2021","M",1131.43]
[94876,"ASSENTAMENTO DE TUBO DE PEAD CORRUGADO DE DUPLA PAREDE PARA REDE COLETORA DE ESGOTO, DN 800 MM, JUNTA ELÁSTICA INTEGRADA  (NÃO INCLUI FORNECIMENTO). AF_01/2021","M",27.17]
[94878,"ASSENTAMENTO DE TUBO DE PEAD CORRUGADO DE DUPLA PAREDE PARA REDE COLETORA DE ESGOTO, DN 900 MM, JUNTA ELÁSTICA INTEGRADA (NÃO INCLUI FORNECIMENTO). AF_01/2021","M",31.43]
[94879,"TUBO DE PEAD CORRUGADO DE DUPLA PAREDE PARA REDE COLETORA DE ESGOTO, DN 1000 MM, JUNTA ELÁSTICA INTEGRADA - FORNECIMENTO E ASSENTAMENTO. AF_01/2021","M",1741.63]
[94880,"ASSENTAMENTO DE TUBO DE PEAD CORRUGADO DE DUPLA PAREDE PARA REDE COLETORA DE ESGOTO, DN 1000 MM, JUNTA ELÁSTICA INTEGRADA (NÃO INCLUI FORNECIMENTO). AF_01/2021","M",40.54]
[94881,"TUBO DE PEAD CORRUGADO DE DUPLA PAREDE PARA REDE COLETORA DE ESGOTO, DN 1200 MM, JUNTA ELÁSTICA INTEGRADA - FORNECIMENTO E ASSENTAMENTO. AF_01/2021","M",2398.11]
[94882,"ASSENTAMENTO DE TUBO DE PEAD CORRUGADO DE DUPLA PAREDE PARA REDE COLETORA DE ESGOTO, DN 1200 MM, JUNTA ELÁSTICA INTEGRADA (NÃO INCLUI FORNECIMENTO). AF_01/2021","M",47.09]
[94884,"ASSENTAMENTO DE TUBO DE PEAD CORRUGADO DE DUPLA PAREDE PARA REDE COLETORA DE ESGOTO, DN 1500 MM, JUNTA ELÁSTICA INTEGRADA (NÃO INCLUI FORNECIMENTO). AF_01/2021","M",60.41]
[97121,"ASSENTAMENTO DE TUBO DE PVC PBA PARA REDE DE ÁGUA, DN 50 MM, JUNTA ELÁSTICA INTEGRADA, INSTALADO EM LOCAL COM NÍVEL ALTO DE INTERFERÊNCIAS (NÃO INCLUI FORNECIMENTO). AF_05/2024","M",2.59]
[97122,"ASSENTAMENTO DE TUBO DE PVC PBA PARA REDE DE ÁGUA, DN 75 MM, JUNTA ELÁSTICA INTEGRADA, INSTALADO EM LOCAL COM NÍVEL ALTO DE INTERFERÊNCIAS (NÃO INCLUI FORNECIMENTO). AF_05/2024","M",3.12]
[97123,"ASSENTAMENTO DE TUBO DE PVC PBA PARA REDE DE ÁGUA, DN 100 MM, JUNTA ELÁSTICA INTEGRADA, INSTALADO EM LOCAL COM NÍVEL ALTO DE INTERFERÊNCIAS (NÃO INCLUI FORNECIMENTO). AF_05/2024","M",3.62]
[97124,"ASSENTAMENTO DE TUBO DE PVC PBA PARA REDE DE ÁGUA, DN 50 MM, JUNTA ELÁSTICA INTEGRADA, INSTALADO EM LOCAL COM NÍVEL BAIXO DE INTERFERÊNCIAS (NÃO INCLUI FORNECIMENTO). AF_05/2024","M",2.12]
[97125,"ASSENTAMENTO DE TUBO DE PVC PBA PARA REDE DE ÁGUA, DN 75 MM, JUNTA ELÁSTICA INTEGRADA, INSTALADO EM LOCAL COM NÍVEL BAIXO DE INTERFERÊNCIAS (NÃO INCLUI FORNECIMENTO). AF_05/2024","M",2.56]
[97126,"ASSENTAMENTO DE TUBO DE PVC PBA PARA REDE DE ÁGUA, DN 100 MM, JUNTA ELÁSTICA INTEGRADA, INSTALADO EM LOCAL COM NÍVEL BAIXO DE INTERFERÊNCIAS (NÃO INCLUI FORNECIMENTO). AF_05/2024","M",2.98]
[102264,"TUBO DE PVC BRANCO PARA REDE COLETORA DE ESGOTO CONDOMINIAL DE PAREDE MACIÇA, DN 100 MM, JUNTA ELÁSTICA - FORNECIMENTO E ASSENTAMENTO. AF_01/2021","M",19.37]
[102265,"JUNTA ARGAMASSADA ENTRE TUBO DN 800 MM E O POÇO DE VISITA/ CAIXA DE CONCRETO OU ALVENARIA EM REDES DE ESGOTO. AF_01/2021","UN",89.4]
[102266,"JUNTA ARGAMASSADA ENTRE TUBO DN 900 MM E O POÇO DE VISITA/ CAIXA DE CONCRETO OU ALVENARIA EM REDES DE ESGOTO. AF_01/2021","UN",99.15]
[102267,"JUNTA ARGAMASSADA ENTRE TUBO DN 1000 MM E O POÇO DE VISITA/ CAIXA DE CONCRETO OU ALVENARIA EM REDES DE ESGOTO. AF_01/2021","UN",113.86]
[102268,"JUNTA ARGAMASSADA ENTRE TUBO DN 1200 MM E O POÇO DE VISITA/ CAIXA DE CONCRETO OU ALVENARIA EM REDES DE ESGOTO. AF_01/2021","UN",128.5]
[102269,"JUNTA ARGAMASSADA ENTRE TUBO DN 1500 MM E O POÇO DE VISITA/ CAIXA DE CONCRETO OU ALVENARIA EM REDES DE ESGOTO. AF_01/2021","UN",157.77000000000001]
[105260,"ASSENTAMENTO E FORNECIMENTO DE TUBO DE PVC PBA PARA REDE DE ÁGUA, DN 50, JUNTA ELÁSTICA INTEGRADA, INSTALADO EM LOCAL COM NÍVEL ALTO DE INTERFERÊNCIAS (INCLUI FORNECIMENTO). AF_05/2024","UN",24.79]
[105285,"ASSENTAMENTO E FORNECIMENTO DE TUBO DE PVC PBA PARA REDE DE ÁGUA, DN 50, JUNTA ELÁSTICA INTEGRADA, INSTALADO EM LOCAL COM NÍVEL BAIXO DE INTERFERÊNCIAS (INCLUI FORNECIMENTO). AF_05/2024","UN",24.32]
[105286,"ASSENTAMENTO E FORNECIMENTO DE LUVA SIMPLES, PVC PBA, JE, DN 50 / DE 60 MM, PARA REDE AGUA, JUNTA ELÁSTICA INTEGRADA, INSTALADO EM LOCAL COM NÍVEL ALTO DE INTERFERÊNCIAS (INCLUI FORNECIMENTO). AF_05/2024","UN",28.11]
[105287,"ASSENTAMENTO E FORNECIMENTO DE LUVA SIMPLES, PVC PBA, JE, DN 50 / DE 60 MM, PARA REDE AGUA, JUNTA ELÁSTICA INTEGRADA, INSTALADO EM LOCAL COM NÍVEL BAIXO DE INTERFERÊNCIAS (INCLUI FORNECIMENTO). AF_05/2024","UN",26.21]
[105288,"ASSENTAMENTO E FORNECIMENTO DE LUVA SIMPLES, PVC PBA, JE, DN 75 / DE 85 MM, PARA REDE AGUA, JUNTA ELÁSTICA INTEGRADA, INSTALADO EM LOCAL COM NÍVEL ALTO DE INTERFERÊNCIAS (INCLUI FORNECIMENTO). AF_05/2024","UN",46.6]
[105289,"ASSENTAMENTO E FORNECIMENTO DE LUVA SIMPLES, PVC PBA, JE, DN 75 / DE 85 MM, PARA REDE AGUA, JUNTA ELÁSTICA INTEGRADA, INSTALADO EM LOCAL COM NÍVEL BAIXO DE INTERFERÊNCIAS (INCLUI FORNECIMENTO). AF_05/2024","UN",44.36]
[105290,"ASSENTAMENTO E FORNECIMENTO DE LUVA SIMPLES, PVC PBA, JE, DN 100 / DE 110 MM, PARA REDE AGUA, JUNTA ELÁSTICA INTEGRADA, INSTALADO EM LOCAL COM NÍVEL ALTO DE INTERFERÊNCIAS (INCLUI FORNECIMENTO). AF_05/2024","UN",62.83]
[105291,"ASSENTAMENTO E FORNECIMENTO DE LUVA SIMPLES, PVC PBA, JE, DN 100 / DE 110 MM, PARA REDE AGUA, JUNTA ELÁSTICA INTEGRADA, INSTALADO EM LOCAL COM NÍVEL BAIXO DE INTERFERÊNCIAS (INCLUI FORNECIMENTO). AF_05/2024","UN",60.24]
[105292,"ASSENTAMENTO E FORNECIMENTO DE CURVA PVC PBA, JE, PB, 45 GRAUS, DN 50 / DE 60 MM, PARA REDE AGUA, JUNTA ELÁSTICA INTEGRADA, INSTALADO EM LOCAL COM NÍVEL ALTO DE INTERFERÊNCIAS (INCLUI FORNECIMENTO). AF_05/2024","UN",46.99]
[105293,"ASSENTAMENTO E FORNECIMENTO DE CURVA PVC PBA, JE, PB, 45 GRAUS, DN 50 / DE 60 MM, PARA REDE AGUA, JUNTA ELÁSTICA INTEGRADA, INSTALADO EM LOCAL COM NÍVEL BAIXO DE INTERFERÊNCIAS (INCLUI FORNECIMENTO). AF_05/2024","UN",44.14]
[105294,"ASSENTAMENTO E FORNECIMENTO DE CURVA PVC PBA, JE, PB, 45 GRAUS, DN 75 / DE 85 MM, PARA REDE AGUA, JUNTA ELÁSTICA INTEGRADA, INSTALADO EM LOCAL COM NÍVEL ALTO DE INTERFERÊNCIAS (INCLUI FORNECIMENTO). AF_05/2024","UN",96.08]
[105295,"ASSENTAMENTO E FORNECIMENTO DE CURVA PVC PBA, JE, PB, 45 GRAUS, DN 75 / DE 85 MM, PARA REDE AGUA, JUNTA ELÁSTICA INTEGRADA, INSTALADO EM LOCAL COM NÍVEL BAIXO DE INTERFERÊNCIAS (INCLUI FORNECIMENTO). AF_05/2024","UN",92.71]
[105296,"ASSENTAMENTO E FORNECIMENTO DE CURVA PVC PBA, JE, PB, 45 GRAUS, DN 100 / DE 110 MM, PARA REDE AGUA, JUNTA ELÁSTICA INTEGRADA, INSTALADO EM LOCAL COM NÍVEL ALTO DE INTERFERÊNCIAS (INCLUI FORNECIMENTO). AF_05/2024","UN",165.17]
[105308,"ASSENTAMENTO DE TUBO DE PVC PBA PARA REDE DE ÁGUA, DN 125, JUNTA ELÁSTICA INTEGRADA, INSTALADO EM LOCAL COM NÍVEL ALTO DE INTERFERÊNCIAS (NÃO INCLUI FORNECIMENTO). AF_05/2024","M",4.1900000000000004]
[105309,"ASSENTAMENTO DE TUBO DE PVC PBA PARA REDE DE ÁGUA, DN 140, JUNTA ELÁSTICA INTEGRADA, INSTALADO EM LOCAL COM NÍVEL ALTO DE INTERFERÊNCIAS (NÃO INCLUI FORNECIMENTO). AF_05/2024","M",4.51]
[105310,"ASSENTAMENTO DE TUBO DE PVC PBA PARA REDE DE ÁGUA, DN 180, JUNTA ELÁSTICA INTEGRADA, INSTALADO EM LOCAL COM NÍVEL ALTO DE INTERFERÊNCIAS (NÃO INCLUI FORNECIMENTO). AF_05/2024","M",5.31]
[105311,"ASSENTAMENTO DE TUBO DE PVC DEFOFO OU PRFV OU RPVC PARA REDE DE ÁGUA, DN 100, JUNTA ELÁSTICA INTEGRADA, INSTALADO EM LOCAL COM NÍVEL ALTO DE INTERFERÊNCIAS (NÃO INCLUI FORNECIMENTO). AF_05/2024","M",3.37]
[105312,"ASSENTAMENTO DE TUBO DE PVC PBA PARA REDE DE ÁGUA, DN 125, JUNTA ELÁSTICA INTEGRADA, INSTALADO EM LOCAL COM NÍVEL BAIXO DE INTERFERÊNCIAS (NÃO INCLUI FORNECIMENTO). AF_05/2024","M",3.46]
[105313,"ASSENTAMENTO DE TUBO DE PVC PBA PARA REDE DE ÁGUA, DN 140, JUNTA ELÁSTICA INTEGRADA, INSTALADO EM LOCAL COM NÍVEL BAIXO DE INTERFERÊNCIAS (NÃO INCLUI FORNECIMENTO). AF_05/2024","M",3.72]
[105314,"ASSENTAMENTO DE TUBO DE PVC PBA PARA REDE DE ÁGUA, DN 180, JUNTA ELÁSTICA INTEGRADA, INSTALADO EM LOCAL COM NÍVEL BAIXO DE INTERFERÊNCIAS (NÃO INCLUI FORNECIMENTO). AF_05/2024","M",4.4000000000000004]
[105315,"ASSENTAMENTO DE CONEXÃO 2 ACESSOS ALINHADOS DE PVC PBA PARA REDE DE ÁGUA, DN 50, JUNTA ELÁSTICA INTEGRADA, INSTALADO EM LOCAL COM NÍVEL BAIXO DE INTERFERÊNCIAS (NÃO INCLUI FORNECIMENTO). AF_05/2024","UN",8.8000000000000007]
[105316,"ASSENTAMENTO DE CONEXÃO 2 ACESSOS ALINHADOS DE FERRO FUNDIDO PARA REDE DE ÁGUA, DN 250, JUNTA ELÁSTICA, INSTALADO EM LOCAL COM NÍVEL BAIXO DE INTERFERÊNCIAS (NÃO INCLUI FORNECIMENTO). AF_05/2024","UN",18.13]
[105327,"ASSENTAMENTO E FORNECIMENTO DE TUBO DE PVC PBA PARA REDE DE ÁGUA, DN 75, JUNTA ELÁSTICA INTEGRADA, INSTALADO EM LOCAL COM NÍVEL ALTO DE INTERFERÊNCIAS (INCLUI FORNECIMENTO). AF_05/2024","UN",46.71]
[105328,"ASSENTAMENTO E FORNECIMENTO DE TUBO DE PVC PBA PARA REDE DE ÁGUA, DN 75, JUNTA ELÁSTICA INTEGRADA, INSTALADO EM LOCAL COM NÍVEL BAIXO DE INTERFERÊNCIAS (INCLUI FORNECIMENTO). AF_05/2024","UN",46.15]
[105329,"ASSENTAMENTO E FORNECIMENTO DE TUBO DE PVC PBA PARA REDE DE ÁGUA, DN 100, JUNTA ELÁSTICA INTEGRADA, INSTALADO EM LOCAL COM NÍVEL ALTO DE INTERFERÊNCIAS (INCLUI FORNECIMENTO). AF_05/2024","UN",76.45]
[105330,"ASSENTAMENTO E FORNECIMENTO DE TUBO DE PVC PBA PARA REDE DE ÁGUA, DN 100, JUNTA ELÁSTICA INTEGRADA, INSTALADO EM LOCAL COM NÍVEL BAIXO DE INTERFERÊNCIAS (INCLUI FORNECIMENTO). AF_05/2024","UN",75.81]
[105331,"ASSENTAMENTO E FORNECIMENTO DE TUBO DE PVC DEFOFO OU PRFV OU RPVC PARA REDE DE ÁGUA, DN 100, JUNTA ELÁSTICA INTEGRADA, INSTALADO EM LOCAL COM NÍVEL ALTO DE INTERFERÊNCIAS (INCLUI FORNECIMENTO). AF_05/2024","M",54.03]
[105332,"ASSENTAMENTO E FORNECIMENTO DE TUBO DE PVC DEFOFO OU PRFV OU RPVC PARA REDE DE ÁGUA, DN 100, JUNTA ELÁSTICA INTEGRADA, INSTALADO EM LOCAL COM NÍVEL BAIXO DE INTERFERÊNCIAS (INCLUI FORNECIMENTO). AF_05/2024","M",53.43]
[105333,"ASSENTAMENTO E FORNECIMENTO DE TUBO DE PVC DEFOFO PARA REDE DE ÁGUA, DN 200, JUNTA ELÁSTICA INTEGRADA, INSTALADO EM LOCAL COM NÍVEL ALTO DE INTERFERÊNCIAS (INCLUI FORNECIMENTO). AF_05/2024","M",240.34]
[105334,"ASSENTAMENTO E FORNECIMENTO DE TUBO DE PVC DEFOFO PARA REDE DE ÁGUA, DN 200, JUNTA ELÁSTICA INTEGRADA, INSTALADO EM LOCAL COM NÍVEL BAIXO DE INTERFERÊNCIAS (INCLUI FORNECIMENTO). AF_05/2024","M",238.09]
[105335,"ASSENTAMENTO E FORNECIMENTO DE TUBO DE PVC DEFOFO PARA REDE DE ÁGUA, DN 250, JUNTA ELÁSTICA INTEGRADA, INSTALADO EM LOCAL COM NÍVEL ALTO DE INTERFERÊNCIAS (INCLUI FORNECIMENTO). AF_05/2024","M",362.73]
[105336,"ASSENTAMENTO E FORNECIMENTO DE TUBO DE PVC DEFOFO PARA REDE DE ÁGUA, DN 250, JUNTA ELÁSTICA INTEGRADA, INSTALADO EM LOCAL COM NÍVEL BAIXO DE INTERFERÊNCIAS (INCLUI FORNECIMENTO). AF_05/2024","M",360.08]
[105337,"ASSENTAMENTO E FORNECIMENTO DE TUBO DE PVC DEFOFO PARA REDE DE ÁGUA, DN 300, JUNTA ELÁSTICA INTEGRADA, INSTALADO EM LOCAL COM NÍVEL ALTO DE INTERFERÊNCIAS (INCLUI FORNECIMENTO). AF_05/2024","M",512.20000000000005]
[105338,"ASSENTAMENTO E FORNECIMENTO DE TUBO DE PVC DEFOFO PARA REDE DE ÁGUA, DN 300, JUNTA ELÁSTICA INTEGRADA, INSTALADO EM LOCAL COM NÍVEL BAIXO DE INTERFERÊNCIAS (INCLUI FORNECIMENTO). AF_05/2024","M",509.14]
[105339,"ASSENTAMENTO DE TUBO DE PVC DEFOFO OU PRFV OU RPVC PARA REDE DE ÁGUA, DN 100, JUNTA ELÁSTICA INTEGRADA, INSTALADO EM LOCAL COM NÍVEL BAIXO DE INTERFERÊNCIAS (NÃO INCLUI FORNECIMENTO). AF_05/2024","M",2.77]
[105359,"ASSENTAMENTO DE CONEXÃO 2 ACESSOS ALINHADOS DE PVC PBA PARA REDE DE ÁGUA, DN 50, JUNTA ELÁSTICA INTEGRADA, INSTALADO EM LOCAL COM NÍVEL ALTO DE INTERFERÊNCIAS (NÃO INCLUI FORNECIMENTO). AF_05/2024","UN",10.7]
[105360,"ASSENTAMENTO DE CONEXÃO 2 ACESSOS ALINHADOS DE PVC PBA PARA REDE DE ÁGUA, DN 75, JUNTA ELÁSTICA INTEGRADA, INSTALADO EM LOCAL COM NÍVEL ALTO DE INTERFERÊNCIAS (NÃO INCLUI FORNECIMENTO). AF_05/2024","UN",13.01]
[105361,"ASSENTAMENTO DE CONEXÃO 2 ACESSOS ALINHADOS DE PVC PBA PARA REDE DE ÁGUA, DN 100, JUNTA ELÁSTICA INTEGRADA, INSTALADO EM LOCAL COM NÍVEL ALTO DE INTERFERÊNCIAS (NÃO INCLUI FORNECIMENTO). AF_05/2024","UN",15.16]
[105362,"ASSENTAMENTO DE CONEXÃO 2 ACESSOS INCLINADOS DE PVC PBA PARA REDE DE ÁGUA, DN 50, JUNTA ELÁSTICA INTEGRADA, INSTALADO EM LOCAL COM NÍVEL ALTO DE INTERFERÊNCIAS (NÃO INCLUI FORNECIMENTO). AF_05/2024","UN",15.74]
[105363,"ASSENTAMENTO DE CONEXÃO 2 ACESSOS INCLINADOS DE PVC PBA PARA REDE DE ÁGUA, DN 75, JUNTA ELÁSTICA INTEGRADA, INSTALADO EM LOCAL COM NÍVEL ALTO DE INTERFERÊNCIAS (NÃO INCLUI FORNECIMENTO). AF_05/2024","UN",18.96]
[105364,"ASSENTAMENTO DE CONEXÃO 2 ACESSOS INCLINADOS DE PVC PBA PARA REDE DE ÁGUA, DN 100, JUNTA ELÁSTICA INTEGRADA, INSTALADO EM LOCAL COM NÍVEL ALTO DE INTERFERÊNCIAS (NÃO INCLUI FORNECIMENTO). AF_05/2024","UN",22.03]
[105365,"ASSENTAMENTO DE CONEXÃO 3 ACESSOS DE PVC PBA PARA REDE DE ÁGUA, DN 50, JUNTA ELÁSTICA INTEGRADA, INSTALADO EM LOCAL COM NÍVEL ALTO DE INTERFERÊNCIAS (NÃO INCLUI FORNECIMENTO). AF_05/2024","UN",21.43]
[105366,"ASSENTAMENTO DE CONEXÃO 3 ACESSOS DE PVC PBA PARA REDE DE ÁGUA, DN 75, JUNTA ELÁSTICA INTEGRADA, INSTALADO EM LOCAL COM NÍVEL ALTO DE INTERFERÊNCIAS (NÃO INCLUI FORNECIMENTO). AF_05/2024","UN",26.04]
[105367,"ASSENTAMENTO DE CONEXÃO 3 ACESSOS DE PVC PBA PARA REDE DE ÁGUA, DN 100, JUNTA ELÁSTICA INTEGRADA, INSTALADO EM LOCAL COM NÍVEL ALTO DE INTERFERÊNCIAS (NÃO INCLUI FORNECIMENTO). AF_05/2024","UN",30.32]
[105368,"FORNECIMENTO E ASSENTAMENTO DE CURVA 45 GRAUS RANHURADA EM FERRO FUNDIDO, DN 80 MM (3\") PARA REDE DE ÁGUA, INSTALADO EM LOCAL COM NÍVEL BAIXO DE INTERFERÊNCIAS (INCLUI FORNECIMENTO). AF_05/2024","UN",43.36]
[105370,"FORNECIMENTO E ASSENTAMENTO DE TE RANHURADO EM FERRO FUNDIDO, DN 80 (3\") PARA REDE DE ÁGUA, INSTALADO EM LOCAL COM NÍVEL BAIXO DE INTERFERÊNCIAS (INCLUI FORNECIMENTO). AF_05/2024","UN",69.319999999999993]
[105371,"ASSENTAMENTO DE CONEXÃO 3 ACESSOS DE PVC PBA PARA REDE DE ÁGUA, DN 100, JUNTA ELÁSTICA INTEGRADA, INSTALADO EM LOCAL COM NÍVEL BAIXO DE INTERFERÊNCIAS (NÃO INCLUI FORNECIMENTO). AF_05/2024","UN",25.14]
[105372,"ASSENTAMENTO DE CONEXÃO 2 ACESSOS ALINHADOS DE FERRO FUNDIDO PARA REDE DE ÁGUA, DN 80, JUNTA ELÁSTICA, INSTALADO EM LOCAL COM NÍVEL BAIXO DE INTERFERÊNCIAS (NÃO INCLUI FORNECIMENTO). AF_05/2024","UN",7.72]
[105373,"ASSENTAMENTO DE CONEXÃO 2 ACESSOS ALINHADOS DE FERRO FUNDIDO PARA REDE DE ÁGUA, DN 100, JUNTA ELÁSTICA, INSTALADO EM LOCAL COM NÍVEL BAIXO DE INTERFERÊNCIAS (NÃO INCLUI FORNECIMENTO). AF_05/2024","UN",8.9499999999999993]
[105374,"ASSENTAMENTO E FORNECIMENTO DE CURVA PVC PBA, JE, PB, 45 GRAUS, DN 100 / DE 110 MM, PARA REDE AGUA, JUNTA ELÁSTICA INTEGRADA, INSTALADO EM LOCAL COM NÍVEL BAIXO DE INTERFERÊNCIAS (INCLUI FORNECIMENTO). AF_05/2024","UN",161.28]
[105375,"ASSENTAMENTO E FORNECIMENTO DE TE DE REDUCAO, PVC PBA, BBB, JE, DN 100 X 50 / DE 110 X 60 MM, PARA REDE AGUA, JUNTA ELÁSTICA INTEGRADA, INSTALADO EM LOCAL COM NÍVEL ALTO DE INTERFERÊNCIAS (INCLUI FORNECIMENTO). AF_05/2024","UN",127.24]
[105376,"ASSENTAMENTO E FORNECIMENTO DE TE DE REDUCAO, PVC PBA, BBB, JE, DN 100 X 50 / DE 110 X 60 MM, PARA REDE AGUA, JUNTA ELÁSTICA INTEGRADA, INSTALADO EM LOCAL COM NÍVEL BAIXO DE INTERFERÊNCIAS (INCLUI FORNECIMENTO). AF_05/2024","UN",122.06]
[105381,"ASSENTAMENTO DE CONEXÃO 2 ACESSOS ALINHADOS DE PVC PBA PARA REDE DE ÁGUA, DN 75, JUNTA ELÁSTICA INTEGRADA, INSTALADO EM LOCAL COM NÍVEL BAIXO DE INTERFERÊNCIAS (NÃO INCLUI FORNECIMENTO). AF_05/2024","UN",10.77]
[105382,"ASSENTAMENTO DE CONEXÃO 2 ACESSOS ALINHADOS DE PVC PBA PARA REDE DE ÁGUA, DN 100, JUNTA ELÁSTICA INTEGRADA, INSTALADO EM LOCAL COM NÍVEL BAIXO DE INTERFERÊNCIAS (NÃO INCLUI FORNECIMENTO). AF_05/2024","UN",12.57]
[105383,"ASSENTAMENTO DE CONEXÃO 2 ACESSOS INCLINADOS DE PVC PBA PARA REDE DE ÁGUA, DN 50, JUNTA ELÁSTICA INTEGRADA, INSTALADO EM LOCAL COM NÍVEL BAIXO DE INTERFERÊNCIAS (NÃO INCLUI FORNECIMENTO). AF_05/2024","UN",12.89]
[105384,"ASSENTAMENTO DE CONEXÃO 2 ACESSOS INCLINADOS DE PVC PBA PARA REDE DE ÁGUA, DN 75, JUNTA ELÁSTICA INTEGRADA, INSTALADO EM LOCAL COM NÍVEL BAIXO DE INTERFERÊNCIAS (NÃO INCLUI FORNECIMENTO). AF_05/2024","UN",15.59]
[105385,"ASSENTAMENTO DE CONEXÃO 2 ACESSOS INCLINADOS DE PVC PBA PARA REDE DE ÁGUA, DN 100, JUNTA ELÁSTICA INTEGRADA, INSTALADO EM LOCAL COM NÍVEL BAIXO DE INTERFERÊNCIAS (NÃO INCLUI FORNECIMENTO). AF_05/2024","UN",18.14]
[105386,"ASSENTAMENTO DE CONEXÃO 3 ACESSOS DE PVC PBA PARA REDE DE ÁGUA, DN 50, JUNTA ELÁSTICA INTEGRADA, INSTALADO EM LOCAL COM NÍVEL BAIXO DE INTERFERÊNCIAS (NÃO INCLUI FORNECIMENTO). AF_05/2024","UN",17.62]
[105387,"ASSENTAMENTO DE CONEXÃO 3 ACESSOS DE PVC PBA PARA REDE DE ÁGUA, DN 75, JUNTA ELÁSTICA INTEGRADA, INSTALADO EM LOCAL COM NÍVEL BAIXO DE INTERFERÊNCIAS (NÃO INCLUI FORNECIMENTO). AF_05/2024","UN",21.54]
[92833,"TUBO DE CONCRETO PARA REDES COLETORAS DE ESGOTO SANITÁRIO, DIÂMETRO DE 300 MM, JUNTA ELÁSTICA, INSTALADO EM LOCAL COM BAIXO NÍVEL DE INTERFERÊNCIAS - FORNECIMENTO E ASSENTAMENTO. AF_03/2024","M",200.25]
[92834,"ASSENTAMENTO DE TUBO DE CONCRETO PARA REDES COLETORAS DE ESGOTO SANITÁRIO, DIÂMETRO DE 300 MM, JUNTA ELÁSTICA, INSTALADO EM LOCAL COM BAIXO NÍVEL DE INTERFERÊNCIAS (NÃO INCLUI FORNECIMENTO). AF_03/2024","M",18.82]
[92835,"TUBO DE CONCRETO PARA REDES COLETORAS DE ESGOTO SANITÁRIO, DIÂMETRO DE 400 MM, JUNTA ELÁSTICA, INSTALADO EM LOCAL COM BAIXO NÍVEL DE INTERFERÊNCIAS - FORNECIMENTO E ASSENTAMENTO. AF_03/2024","M",210.93]
[92836,"ASSENTAMENTO DE TUBO DE CONCRETO PARA REDES COLETORAS DE ESGOTO SANITÁRIO, DIÂMETRO DE 400 MM, JUNTA ELÁSTICA, INSTALADO EM LOCAL COM BAIXO NÍVEL DE INTERFERÊNCIAS (NÃO INCLUI FORNECIMENTO). AF_03/2024","M",24.84]
[92837,"TUBO DE CONCRETO PARA REDES COLETORAS DE ESGOTO SANITÁRIO, DIÂMETRO DE 500 MM, JUNTA ELÁSTICA, INSTALADO EM LOCAL COM BAIXO NÍVEL DE INTERFERÊNCIAS - FORNECIMENTO E ASSENTAMENTO. AF_03/2024","M",375.47]
[92838,"ASSENTAMENTO DE TUBO DE CONCRETO PARA REDES COLETORAS DE ESGOTO SANITÁRIO, DIÂMETRO DE 500 MM, JUNTA ELÁSTICA, INSTALADO EM LOCAL COM BAIXO NÍVEL DE INTERFERÊNCIAS (NÃO INCLUI FORNECIMENTO). AF_03/2024","M",31.21]
[92839,"TUBO DE CONCRETO PARA REDES COLETORAS DE ESGOTO SANITÁRIO, DIÂMETRO DE 600 MM, JUNTA ELÁSTICA, INSTALADO EM LOCAL COM BAIXO NÍVEL DE INTERFERÊNCIAS - FORNECIMENTO E ASSENTAMENTO. AF_03/2024","M",460.27]
[92840,"ASSENTAMENTO DE TUBO DE CONCRETO PARA REDES COLETORAS DE ESGOTO SANITÁRIO, DIÂMETRO DE 600 MM, JUNTA ELÁSTICA, INSTALADO EM LOCAL COM BAIXO NÍVEL DE INTERFERÊNCIAS (NÃO INCLUI FORNECIMENTO). AF_03/2024","M",37.85]
[92841,"TUBO DE CONCRETO PARA REDES COLETORAS DE ESGOTO SANITÁRIO, DIÂMETRO DE 700 MM, JUNTA ELÁSTICA, INSTALADO EM LOCAL COM BAIXO NÍVEL DE INTERFERÊNCIAS - FORNECIMENTO E ASSENTAMENTO. AF_03/2024","M",599.25]
[92842,"ASSENTAMENTO DE TUBO DE CONCRETO PARA REDES COLETORAS DE ESGOTO SANITÁRIO, DIÂMETRO DE 700 MM, JUNTA ELÁSTICA, INSTALADO EM LOCAL COM BAIXO NÍVEL DE INTERFERÊNCIAS (NÃO INCLUI FORNECIMENTO). AF_03/2024","M",47.49]
[92843,"TUBO DE CONCRETO PARA REDES COLETORAS DE ESGOTO SANITÁRIO, DIÂMETRO DE 800 MM, JUNTA ELÁSTICA, INSTALADO EM LOCAL COM BAIXO NÍVEL DE INTERFERÊNCIAS - FORNECIMENTO E ASSENTAMENTO. AF_03/2024","M",620.38]
[92844,"ASSENTAMENTO DE TUBO DE CONCRETO PARA REDES COLETORAS DE ESGOTO SANITÁRIO, DIÂMETRO DE 800 MM, JUNTA ELÁSTICA, INSTALADO EM LOCAL COM BAIXO NÍVEL DE INTERFERÊNCIAS (NÃO INCLUI FORNECIMENTO). AF_03/2024","M",56.44]
[92845,"TUBO DE CONCRETO PARA REDES COLETORAS DE ESGOTO SANITÁRIO, DIÂMETRO DE 900 MM, JUNTA ELÁSTICA, INSTALADO EM LOCAL COM BAIXO NÍVEL DE INTERFERÊNCIAS - FORNECIMENTO E ASSENTAMENTO. AF_03/2024","M",919.8]
[92846,"ASSENTAMENTO DE TUBO DE CONCRETO PARA REDES COLETORAS DE ESGOTO SANITÁRIO, DIÂMETRO DE 900 MM, JUNTA ELÁSTICA, INSTALADO EM LOCAL COM BAIXO NÍVEL DE INTERFERÊNCIAS (NÃO INCLUI FORNECIMENTO). AF_03/2024","M",64.72]
[92847,"TUBO DE CONCRETO PARA REDES COLETORAS DE ESGOTO SANITÁRIO, DIÂMETRO DE 1000 MM, JUNTA ELÁSTICA, INSTALADO EM LOCAL COM BAIXO NÍVEL DE INTERFERÊNCIAS - FORNECIMENTO E ASSENTAMENTO. AF_03/2024","M",943.52]
[92848,"ASSENTAMENTO DE TUBO DE CONCRETO PARA REDES COLETORAS DE ESGOTO SANITÁRIO, DIÂMETRO DE 1000 MM, JUNTA ELÁSTICA, INSTALADO EM LOCAL COM BAIXO NÍVEL DE INTERFERÊNCIAS (NÃO INCLUI FORNECIMENTO). AF_03/2024","M",76.34]
[92849,"TUBO DE CONCRETO PARA REDES COLETORAS DE ESGOTO SANITÁRIO, DIÂMETRO DE 300 MM, JUNTA ELÁSTICA, INSTALADO EM LOCAL COM ALTO NÍVEL DE INTERFERÊNCIAS - FORNECIMENTO E ASSENTAMENTO. AF_03/2024","M",202.55]
[92850,"ASSENTAMENTO DE TUBO DE CONCRETO PARA REDES COLETORAS DE ESGOTO SANITÁRIO, DIÂMETRO DE 300 MM, JUNTA ELÁSTICA, INSTALADO EM LOCAL COM ALTO NÍVEL DE INTERFERÊNCIAS (NÃO INCLUI FORNECIMENTO). AF_03/2024","M",21.12]
[92851,"TUBO DE CONCRETO PARA REDES COLETORAS DE ESGOTO SANITÁRIO, DIÂMETRO DE 400 MM, JUNTA ELÁSTICA, INSTALADO EM LOCAL COM ALTO NÍVEL DE INTERFERÊNCIAS - FORNECIMENTO E ASSENTAMENTO. AF_03/2024","M",214.2]
[92852,"ASSENTAMENTO DE TUBO DE CONCRETO PARA REDES COLETORAS DE ESGOTO SANITÁRIO, DIÂMETRO DE 400 MM, JUNTA ELÁSTICA, INSTALADO EM LOCAL COM ALTO NÍVEL DE INTERFERÊNCIAS (NÃO INCLUI FORNECIMENTO). AF_03/2024","M",28.11]
[92853,"TUBO DE CONCRETO PARA REDES COLETORAS DE ESGOTO SANITÁRIO, DIÂMETRO DE 500 MM, JUNTA ELÁSTICA, INSTALADO EM LOCAL COM ALTO NÍVEL DE INTERFERÊNCIAS - FORNECIMENTO E ASSENTAMENTO. AF_03/2024","M",379.7]
[92854,"ASSENTAMENTO DE TUBO DE CONCRETO PARA REDES COLETORAS DE ESGOTO SANITÁRIO, DIÂMETRO DE 500 MM, JUNTA ELÁSTICA, INSTALADO EM LOCAL COM ALTO NÍVEL DE INTERFERÊNCIAS (NÃO INCLUI FORNECIMENTO). AF_03/2024","M",35.44]
[92855,"TUBO DE CONCRETO PARA REDES COLETORAS DE ESGOTO SANITÁRIO, DIÂMETRO DE 600 MM, JUNTA ELÁSTICA, INSTALADO EM LOCAL COM ALTO NÍVEL DE INTERFERÊNCIAS - FORNECIMENTO E ASSENTAMENTO. AF_03/2024","M",465.47]
[92856,"ASSENTAMENTO DE TUBO DE CONCRETO PARA REDES COLETORAS DE ESGOTO SANITÁRIO, DIÂMETRO DE 600 MM, JUNTA ELÁSTICA, INSTALADO EM LOCAL COM ALTO NÍVEL DE INTERFERÊNCIAS (NÃO INCLUI FORNECIMENTO). AF_03/2024","M",43.05]
[92857,"TUBO DE CONCRETO PARA REDES COLETORAS DE ESGOTO SANITÁRIO, DIÂMETRO DE 700 MM, JUNTA ELÁSTICA, INSTALADO EM LOCAL COM ALTO NÍVEL DE INTERFERÊNCIAS - FORNECIMENTO E ASSENTAMENTO. AF_03/2024","M",605.45000000000005]
[92858,"ASSENTAMENTO DE TUBO DE CONCRETO PARA REDES COLETORAS DE ESGOTO SANITÁRIO, DIÂMETRO DE 700 MM, JUNTA ELÁSTICA, INSTALADO EM LOCAL COM ALTO NÍVEL DE INTERFERÊNCIAS (NÃO INCLUI FORNECIMENTO). AF_03/2024","M",53.69]
[92859,"TUBO DE CONCRETO PARA REDES COLETORAS DE ESGOTO SANITÁRIO, DIÂMETRO DE 800 MM, JUNTA ELÁSTICA, INSTALADO EM LOCAL COM ALTO NÍVEL DE INTERFERÊNCIAS - FORNECIMENTO E ASSENTAMENTO. AF_03/2024","M",627.55999999999995]
[92860,"ASSENTAMENTO DE TUBO DE CONCRETO PARA REDES COLETORAS DE ESGOTO SANITÁRIO, DIÂMETRO DE 800 MM, JUNTA ELÁSTICA, INSTALADO EM LOCAL COM ALTO NÍVEL DE INTERFERÊNCIAS (NÃO INCLUI FORNECIMENTO). AF_03/2024","M",63.62]
[92861,"TUBO DE CONCRETO PARA REDES COLETORAS DE ESGOTO SANITÁRIO, DIÂMETRO DE 900 MM, JUNTA ELÁSTICA, INSTALADO EM LOCAL COM ALTO NÍVEL DE INTERFERÊNCIAS - FORNECIMENTO E ASSENTAMENTO. AF_03/2024","M",927.95]
[92862,"ASSENTAMENTO DE TUBO DE CONCRETO PARA REDES COLETORAS DE ESGOTO SANITÁRIO, DIÂMETRO DE 900 MM, JUNTA ELÁSTICA, INSTALADO EM LOCAL COM ALTO NÍVEL DE INTERFERÊNCIAS (NÃO INCLUI FORNECIMENTO). AF_03/2024","M",72.87]
[92863,"TUBO DE CONCRETO PARA REDES COLETORAS DE ESGOTO SANITÁRIO, DIÂMETRO DE 1000 MM, JUNTA ELÁSTICA, INSTALADO EM LOCAL COM ALTO NÍVEL DE INTERFERÊNCIAS - FORNECIMENTO E ASSENTAMENTO. AF_03/2024","M",952.64]
[92864,"ASSENTAMENTO DE TUBO DE CONCRETO PARA REDES COLETORAS DE ESGOTO SANITÁRIO, DIÂMETRO DE 1000 MM, JUNTA ELÁSTICA, INSTALADO EM LOCAL COM ALTO NÍVEL DE INTERFERÊNCIAS (NÃO INCLUI FORNECIMENTO). AF_03/2024","M",85.46]
[92210,"TUBO DE CONCRETO PARA REDES COLETORAS DE ÁGUAS PLUVIAIS, DIÂMETRO DE 400 MM, JUNTA RÍGIDA, INSTALADO EM LOCAL COM BAIXO NÍVEL DE INTERFERÊNCIAS - FORNECIMENTO E ASSENTAMENTO. AF_03/2024","M",146.28]
[92211,"TUBO DE CONCRETO PARA REDES COLETORAS DE ÁGUAS PLUVIAIS, DIÂMETRO DE 500 MM, JUNTA RÍGIDA, INSTALADO EM LOCAL COM BAIXO NÍVEL DE INTERFERÊNCIAS - FORNECIMENTO E ASSENTAMENTO. AF_03/2024","M",177.95]
[92212,"TUBO DE CONCRETO PARA REDES COLETORAS DE ÁGUAS PLUVIAIS, DIÂMETRO DE 600 MM, JUNTA RÍGIDA, INSTALADO EM LOCAL COM BAIXO NÍVEL DE INTERFERÊNCIAS - FORNECIMENTO E ASSENTAMENTO. AF_03/2024","M",272.14]
[92213,"TUBO DE CONCRETO PARA REDES COLETORAS DE ÁGUAS PLUVIAIS, DIÂMETRO DE 700 MM, JUNTA RÍGIDA, INSTALADO EM LOCAL COM BAIXO NÍVEL DE INTERFERÊNCIAS - FORNECIMENTO E ASSENTAMENTO. AF_03/2024","M",362.31]
[92214,"TUBO DE CONCRETO PARA REDES COLETORAS DE ÁGUAS PLUVIAIS, DIÂMETRO DE 800 MM, JUNTA RÍGIDA, INSTALADO EM LOCAL COM BAIXO NÍVEL DE INTERFERÊNCIAS - FORNECIMENTO E ASSENTAMENTO. AF_03/2024","M",438.98]
[92215,"TUBO DE CONCRETO PARA REDES COLETORAS DE ÁGUAS PLUVIAIS, DIÂMETRO DE 900 MM, JUNTA RÍGIDA, INSTALADO EM LOCAL COM BAIXO NÍVEL DE INTERFERÊNCIAS - FORNECIMENTO E ASSENTAMENTO. AF_03/2024","M",504.15]
[92216,"TUBO DE CONCRETO PARA REDES COLETORAS DE ÁGUAS PLUVIAIS, DIÂMETRO DE 1000 MM, JUNTA RÍGIDA, INSTALADO EM LOCAL COM BAIXO NÍVEL DE INTERFERÊNCIAS - FORNECIMENTO E ASSENTAMENTO. AF_03/2024","M",523.03]
[92219,"TUBO DE CONCRETO PARA REDES COLETORAS DE ÁGUAS PLUVIAIS, DIÂMETRO DE 400 MM, JUNTA RÍGIDA, INSTALADO EM LOCAL COM ALTO NÍVEL DE INTERFERÊNCIAS - FORNECIMENTO E ASSENTAMENTO. AF_03/2024","M",149.55000000000001]
[92220,"TUBO DE CONCRETO PARA REDES COLETORAS DE ÁGUAS PLUVIAIS, DIÂMETRO DE 500 MM, JUNTA RÍGIDA, INSTALADO EM LOCAL COM ALTO NÍVEL DE INTERFERÊNCIAS - FORNECIMENTO E ASSENTAMENTO. AF_03/2024","M",182.18]
[92221,"TUBO DE CONCRETO PARA REDES COLETORAS DE ÁGUAS PLUVIAIS, DIÂMETRO DE 600 MM, JUNTA RÍGIDA, INSTALADO EM LOCAL COM ALTO NÍVEL DE INTERFERÊNCIAS - FORNECIMENTO E ASSENTAMENTO. AF_03/2024","M",277.33999999999997]
[92222,"TUBO DE CONCRETO PARA REDES COLETORAS DE ÁGUAS PLUVIAIS, DIÂMETRO DE 700 MM, JUNTA RÍGIDA, INSTALADO EM LOCAL COM ALTO NÍVEL DE INTERFERÊNCIAS - FORNECIMENTO E ASSENTAMENTO. AF_03/2024","M",368.48]
[92223,"TUBO DE CONCRETO PARA REDES COLETORAS DE ÁGUAS PLUVIAIS, DIÂMETRO DE 800 MM, JUNTA RÍGIDA, INSTALADO EM LOCAL COM ALTO NÍVEL DE INTERFERÊNCIAS - FORNECIMENTO E ASSENTAMENTO. AF_03/2024","M",446.12]
[92224,"TUBO DE CONCRETO PARA REDES COLETORAS DE ÁGUAS PLUVIAIS, DIÂMETRO DE 900 MM, JUNTA RÍGIDA, INSTALADO EM LOCAL COM ALTO NÍVEL DE INTERFERÊNCIAS - FORNECIMENTO E ASSENTAMENTO. AF_03/2024","M",512.32000000000005]
[92226,"TUBO DE CONCRETO PARA REDES COLETORAS DE ÁGUAS PLUVIAIS, DIÂMETRO DE 1000 MM, JUNTA RÍGIDA, INSTALADO EM LOCAL COM ALTO NÍVEL DE INTERFERÊNCIAS - FORNECIMENTO E ASSENTAMENTO. AF_03/2024","M",532.16]
[92808,"ASSENTAMENTO DE TUBO DE CONCRETO PARA REDES COLETORAS DE ÁGUAS PLUVIAIS, DIÂMETRO DE 300 MM, JUNTA RÍGIDA, INSTALADO EM LOCAL COM BAIXO NÍVEL DE INTERFERÊNCIAS (NÃO INCLUI FORNECIMENTO). AF_03/2024","M",22.87]
[92809,"ASSENTAMENTO DE TUBO DE CONCRETO PARA REDES COLETORAS DE ÁGUAS PLUVIAIS, DIÂMETRO DE 400 MM, JUNTA RÍGIDA, INSTALADO EM LOCAL COM BAIXO NÍVEL DE INTERFERÊNCIAS (NÃO INCLUI FORNECIMENTO). AF_03/2024","M",31.84]
[92810,"ASSENTAMENTO DE TUBO DE CONCRETO PARA REDES COLETORAS DE ÁGUAS PLUVIAIS, DIÂMETRO DE 500 MM, JUNTA RÍGIDA, INSTALADO EM LOCAL COM BAIXO NÍVEL DE INTERFERÊNCIAS (NÃO INCLUI FORNECIMENTO). AF_03/2024","M",41.18]
[92811,"ASSENTAMENTO DE TUBO DE CONCRETO PARA REDES COLETORAS DE ÁGUAS PLUVIAIS, DIÂMETRO DE 600 MM, JUNTA RÍGIDA, INSTALADO EM LOCAL COM BAIXO NÍVEL DE INTERFERÊNCIAS (NÃO INCLUI FORNECIMENTO). AF_03/2024","M",50.69]
[92812,"ASSENTAMENTO DE TUBO DE CONCRETO PARA REDES COLETORAS DE ÁGUAS PLUVIAIS, DIÂMETRO DE 700 MM, JUNTA RÍGIDA, INSTALADO EM LOCAL COM BAIXO NÍVEL DE INTERFERÊNCIAS (NÃO INCLUI FORNECIMENTO). AF_03/2024","M",60.47]
[92813,"ASSENTAMENTO DE TUBO DE CONCRETO PARA REDES COLETORAS DE ÁGUAS PLUVIAIS, DIÂMETRO DE 800 MM, JUNTA RÍGIDA, INSTALADO EM LOCAL COM BAIXO NÍVEL DE INTERFERÊNCIAS (NÃO INCLUI FORNECIMENTO). AF_03/2024","M",70.52]
[92814,"ASSENTAMENTO DE TUBO DE CONCRETO PARA REDES COLETORAS DE ÁGUAS PLUVIAIS, DIÂMETRO DE 900 MM, JUNTA RÍGIDA, INSTALADO EM LOCAL COM BAIXO NÍVEL DE INTERFERÊNCIAS (NÃO INCLUI FORNECIMENTO). AF_03/2024","M",80.8]
[92815,"ASSENTAMENTO DE TUBO DE CONCRETO PARA REDES COLETORAS DE ÁGUAS PLUVIAIS, DIÂMETRO DE 1000 MM, JUNTA RÍGIDA, INSTALADO EM LOCAL COM BAIXO NÍVEL DE INTERFERÊNCIAS (NÃO INCLUI FORNECIMENTO). AF_03/2024","M",91.31]
[92816,"TUBO DE CONCRETO PARA REDES COLETORAS DE ÁGUAS PLUVIAIS, DIÂMETRO DE 1200 MM, JUNTA RÍGIDA, INSTALADO EM LOCAL COM BAIXO NÍVEL DE INTERFERÊNCIAS - FORNECIMENTO E ASSENTAMENTO. AF_03/2024","M",757.96]
[92817,"ASSENTAMENTO DE TUBO DE CONCRETO PARA REDES COLETORAS DE ÁGUAS PLUVIAIS, DIÂMETRO DE 1200 MM, JUNTA RÍGIDA, INSTALADO EM LOCAL COM BAIXO NÍVEL DE INTERFERÊNCIAS (NÃO INCLUI FORNECIMENTO). AF_03/2024","M",113.16]
[92818,"TUBO DE CONCRETO PARA REDES COLETORAS DE ÁGUAS PLUVIAIS, DIÂMETRO DE 1500 MM, JUNTA RÍGIDA, INSTALADO EM LOCAL COM BAIXO NÍVEL DE INTERFERÊNCIAS - FORNECIMENTO E ASSENTAMENTO. AF_03/2024","M",1081.92]
[92819,"ASSENTAMENTO DE TUBO DE CONCRETO PARA REDES COLETORAS DE ÁGUAS PLUVIAIS, DIÂMETRO DE 1500 MM, JUNTA RÍGIDA, INSTALADO EM LOCAL COM BAIXO NÍVEL DE INTERFERÊNCIAS (NÃO INCLUI FORNECIMENTO). AF_03/2024","M",147.75]
[92820,"ASSENTAMENTO DE TUBO DE CONCRETO PARA REDES COLETORAS DE ÁGUAS PLUVIAIS, DIÂMETRO DE 300 MM, JUNTA RÍGIDA, INSTALADO EM LOCAL COM ALTO NÍVEL DE INTERFERÊNCIAS (NÃO INCLUI FORNECIMENTO). AF_03/2024","M",25.17]
[92821,"ASSENTAMENTO DE TUBO DE CONCRETO PARA REDES COLETORAS DE ÁGUAS PLUVIAIS, DIÂMETRO DE 400 MM, JUNTA RÍGIDA, INSTALADO EM LOCAL COM ALTO NÍVEL DE INTERFERÊNCIAS (NÃO INCLUI FORNECIMENTO). AF_03/2024","M",35.11]
[92822,"ASSENTAMENTO DE TUBO DE CONCRETO PARA REDES COLETORAS DE ÁGUAS PLUVIAIS, DIÂMETRO DE 500 MM, JUNTA RÍGIDA, INSTALADO EM LOCAL COM ALTO NÍVEL DE INTERFERÊNCIAS (NÃO INCLUI FORNECIMENTO). AF_03/2024","M",45.41]
[92824,"ASSENTAMENTO DE TUBO DE CONCRETO PARA REDES COLETORAS DE ÁGUAS PLUVIAIS, DIÂMETRO DE 600 MM, JUNTA RÍGIDA, INSTALADO EM LOCAL COM ALTO NÍVEL DE INTERFERÊNCIAS (NÃO INCLUI FORNECIMENTO). AF_03/2024","M",55.89]
[92825,"ASSENTAMENTO DE TUBO DE CONCRETO PARA REDES COLETORAS DE ÁGUAS PLUVIAIS, DIÂMETRO DE 700 MM, JUNTA RÍGIDA, INSTALADO EM LOCAL COM ALTO NÍVEL DE INTERFERÊNCIAS (NÃO INCLUI FORNECIMENTO). AF_03/2024","M",66.64]
[92826,"ASSENTAMENTO DE TUBO DE CONCRETO PARA REDES COLETORAS DE ÁGUAS PLUVIAIS, DIÂMETRO DE 800 MM, JUNTA RÍGIDA, INSTALADO EM LOCAL COM ALTO NÍVEL DE INTERFERÊNCIAS (NÃO INCLUI FORNECIMENTO). AF_03/2024","M",77.66]
[92827,"ASSENTAMENTO DE TUBO DE CONCRETO PARA REDES COLETORAS DE ÁGUAS PLUVIAIS, DIÂMETRO DE 900 MM, JUNTA RÍGIDA, INSTALADO EM LOCAL COM ALTO NÍVEL DE INTERFERÊNCIAS (NÃO INCLUI FORNECIMENTO). AF_03/2024","M",88.97]
[92828,"ASSENTAMENTO DE TUBO DE CONCRETO PARA REDES COLETORAS DE ÁGUAS PLUVIAIS, DIÂMETRO DE 1000 MM, JUNTA RÍGIDA, INSTALADO EM LOCAL COM ALTO NÍVEL DE INTERFERÊNCIAS (NÃO INCLUI FORNECIMENTO). AF_03/2024","M",100.44]
[92829,"TUBO DE CONCRETO PARA REDES COLETORAS DE ÁGUAS PLUVIAIS, DIÂMETRO DE 1200 MM, JUNTA RÍGIDA, INSTALADO EM LOCAL COM ALTO NÍVEL DE INTERFERÊNCIAS - FORNECIMENTO E ASSENTAMENTO. AF_03/2024","M",769.02]
[92830,"ASSENTAMENTO DE TUBO DE CONCRETO PARA REDES COLETORAS DE ÁGUAS PLUVIAIS, DIÂMETRO DE 1200 MM, JUNTA RÍGIDA, INSTALADO EM LOCAL COM ALTO NÍVEL DE INTERFERÊNCIAS (NÃO INCLUI FORNECIMENTO). AF_03/2024","M",124.22]
[92831,"TUBO DE CONCRETO PARA REDES COLETORAS DE ÁGUAS PLUVIAIS, DIÂMETRO DE 1500 MM, JUNTA RÍGIDA, INSTALADO EM LOCAL COM ALTO NÍVEL DE INTERFERÊNCIAS - FORNECIMENTO E ASSENTAMENTO. AF_03/2024","M",1095.92]
[92832,"ASSENTAMENTO DE TUBO DE CONCRETO PARA REDES COLETORAS DE ÁGUAS PLUVIAIS, DIÂMETRO DE 1500 MM, JUNTA RÍGIDA, INSTALADO EM LOCAL COM ALTO NÍVEL DE INTERFERÊNCIAS (NÃO INCLUI FORNECIMENTO). AF_03/2024","M",161.75]
[95565,"TUBO DE CONCRETO PARA REDES COLETORAS DE ÁGUAS PLUVIAIS, DIÂMETRO DE 300MM, JUNTA RÍGIDA, INSTALADO EM LOCAL COM BAIXO NÍVEL DE INTERFERÊNCIAS - FORNECIMENTO E ASSENTAMENTO. AF_03/2024","M",124.28]
[95566,"TUBO DE CONCRETO PARA REDES COLETORAS DE ÁGUAS PLUVIAIS, DIÂMETRO DE 300MM, JUNTA RÍGIDA, INSTALADO EM LOCAL COM ALTO NÍVEL DE INTERFERÊNCIAS - FORNECIMENTO E ASSENTAMENTO. AF_03/2024","M",126.58]
[95567,"TUBO DE CONCRETO (SIMPLES) PARA REDES COLETORAS DE ÁGUAS PLUVIAIS, DIÂMETRO DE 300 MM, JUNTA RÍGIDA, INSTALADO EM LOCAL COM BAIXO NÍVEL DE INTERFERÊNCIAS - FORNECIMENTO E ASSENTAMENTO. AF_03/2024","M",118.14]
[95568,"TUBO DE CONCRETO (SIMPLES) PARA REDES COLETORAS DE ÁGUAS PLUVIAIS, DIÂMETRO DE 400 MM, JUNTA RÍGIDA, INSTALADO EM LOCAL COM BAIXO NÍVEL DE INTERFERÊNCIAS - FORNECIMENTO E ASSENTAMENTO. AF_03/2024","M",144.41999999999999]
[95569,"TUBO DE CONCRETO (SIMPLES) PARA REDES COLETORAS DE ÁGUAS PLUVIAIS, DIÂMETRO DE 500 MM, JUNTA RÍGIDA, INSTALADO EM LOCAL COM BAIXO NÍVEL DE INTERFERÊNCIAS - FORNECIMENTO E ASSENTAMENTO. AF_03/2024","M",208.74]
[95570,"TUBO DE CONCRETO (SIMPLES) PARA REDES COLETORAS DE ÁGUAS PLUVIAIS, DIÂMETRO DE 300 MM, JUNTA RÍGIDA, INSTALADO EM LOCAL COM ALTO NÍVEL DE INTERFERÊNCIAS - FORNECIMENTO E ASSENTAMENTO. AF_03/2024","M",120.44]
[95571,"TUBO DE CONCRETO (SIMPLES) PARA REDES COLETORAS DE ÁGUAS PLUVIAIS, DIÂMETRO DE 400 MM, JUNTA RÍGIDA, INSTALADO EM LOCAL COM ALTO NÍVEL DE INTERFERÊNCIAS - FORNECIMENTO E ASSENTAMENTO. AF_03/2024","M",147.69]
[95572,"TUBO DE CONCRETO (SIMPLES) PARA REDES COLETORAS DE ÁGUAS PLUVIAIS, DIÂMETRO DE 500 MM, JUNTA RÍGIDA, INSTALADO EM LOCAL COM ALTO NÍVEL DE INTERFERÊNCIAS - FORNECIMENTO E ASSENTAMENTO. AF_03/2024","M",212.97]
[97127,"ASSENTAMENTO DE TUBO DE PVC DEFOFO OU PRFV OU RPVC PARA REDE DE ÁGUA, DN 150 MM, JUNTA ELÁSTICA INTEGRADA, INSTALADO EM LOCAL COM NÍVEL ALTO DE INTERFERÊNCIAS (NÃO INCLUI FORNECIMENTO). AF_05/2024","M",4.41]
[97128,"ASSENTAMENTO DE TUBO DE PVC DEFOFO OU PRFV OU RPVC PARA REDE DE ÁGUA, DN 200 MM, JUNTA ELÁSTICA INTEGRADA, INSTALADO EM LOCAL COM NÍVEL ALTO DE INTERFERÊNCIAS (NÃO INCLUI FORNECIMENTO). AF_05/2024","M",9.2799999999999994]
[97129,"ASSENTAMENTO DE TUBO DE PVC DEFOFO OU PRFV OU RPVC PARA REDE DE ÁGUA, DN 250 MM, JUNTA ELÁSTICA INTEGRADA, INSTALADO EM LOCAL COM NÍVEL ALTO DE INTERFERÊNCIAS (NÃO INCLUI FORNECIMENTO). AF_05/2024","M",10.98]
[97130,"ASSENTAMENTO DE TUBO DE PVC DEFOFO OU PRFV OU RPVC PARA REDE DE ÁGUA, DN 300 MM, JUNTA ELÁSTICA INTEGRADA, INSTALADO EM LOCAL COM NÍVEL ALTO DE INTERFERÊNCIAS (NÃO INCLUI FORNECIMENTO). AF_05/2024","M",12.7]
[97131,"ASSENTAMENTO DE TUBO DE PVC DEFOFO OU PRFV OU RPVC PARA REDE DE ÁGUA, DN 350 MM, JUNTA ELÁSTICA INTEGRADA, INSTALADO EM LOCAL COM NÍVEL ALTO DE INTERFERÊNCIAS (NÃO INCLUI FORNECIMENTO). AF_05/2024","M",14.42]
[97132,"ASSENTAMENTO DE TUBO DE PVC DEFOFO OU PRFV OU RPVC PARA REDE DE ÁGUA, DN 400 MM, JUNTA ELÁSTICA INTEGRADA, INSTALADO EM LOCAL COM NÍVEL ALTO DE INTERFERÊNCIAS (NÃO INCLUI FORNECIMENTO). AF_05/2024","M",16.14]
[97133,"ASSENTAMENTO DE TUBO DE PVC DEFOFO OU PRFV OU RPVC PARA REDE DE ÁGUA, DN 500 MM, JUNTA ELÁSTICA INTEGRADA, INSTALADO EM LOCAL COM NÍVEL ALTO DE INTERFERÊNCIAS (NÃO INCLUI FORNECIMENTO). AF_05/2024","M",19.57]
[97134,"ASSENTAMENTO DE TUBO DE PVC DEFOFO OU PRFV OU RPVC PARA REDE DE ÁGUA, DN 150 MM, JUNTA ELÁSTICA INTEGRADA, INSTALADO EM LOCAL COM NÍVEL BAIXO DE INTERFERÊNCIAS (NÃO INCLUI FORNECIMENTO). AF_05/2024","M",3.64]
[97135,"ASSENTAMENTO DE TUBO DE PVC DEFOFO OU PRFV OU RPVC PARA REDE DE ÁGUA, DN 200 MM, JUNTA ELÁSTICA INTEGRADA, INSTALADO EM LOCAL COM NÍVEL BAIXO DE INTERFERÊNCIAS (NÃO INCLUI FORNECIMENTO). AF_05/2024","M",7.03]
[97136,"ASSENTAMENTO DE TUBO DE PVC DEFOFO OU PRFV OU RPVC PARA REDE DE ÁGUA, DN 250 MM, JUNTA ELÁSTICA INTEGRADA, INSTALADO EM LOCAL COM NÍVEL BAIXO DE INTERFERÊNCIAS (NÃO INCLUI FORNECIMENTO). AF_05/2024","M",8.33]
[97137,"ASSENTAMENTO DE TUBO DE PVC DEFOFO OU PRFV OU RPVC PARA REDE DE ÁGUA, DN 300 MM, JUNTA ELÁSTICA INTEGRADA, INSTALADO EM LOCAL COM NÍVEL BAIXO DE INTERFERÊNCIAS (NÃO INCLUI FORNECIMENTO). AF_05/2024","M",9.64]
[97138,"ASSENTAMENTO DE TUBO DE PVC DEFOFO OU PRFV OU RPVC PARA REDE DE ÁGUA, DN 350 MM, JUNTA ELÁSTICA INTEGRADA, INSTALADO EM LOCAL COM NÍVEL BAIXO DE INTERFERÊNCIAS (NÃO INCLUI FORNECIMENTO). AF_05/2024","M",10.96]
[97139,"ASSENTAMENTO DE TUBO DE PVC DEFOFO OU PRFV OU RPVC PARA REDE DE ÁGUA, DN 400 MM, JUNTA ELÁSTICA INTEGRADA, INSTALADO EM LOCAL COM NÍVEL BAIXO DE INTERFERÊNCIAS (NÃO INCLUI FORNECIMENTO). AF_05/2024","M",12.26]
[97140,"ASSENTAMENTO DE TUBO DE PVC DEFOFO OU PRFV OU RPVC PARA REDE DE ÁGUA, DN 500 MM, JUNTA ELÁSTICA INTEGRADA, INSTALADO EM LOCAL COM NÍVEL BAIXO DE INTERFERÊNCIAS (NÃO INCLUI FORNECIMENTO). AF_05/2024","M",14.88]
[103089,"ASSENTAMENTO DE TUBO DE FERRO FUNDIDO PARA REDE DE ÁGUA, DN 80 MM, JUNTA FLANGEADA (NÃO INCLUI O FORNECIMENTO). AF_09/2021","M",11.08]
[103090,"ASSENTAMENTO DE TUBO DE FERRO FUNDIDO PARA REDE DE ÁGUA, DN 100 MM, JUNTA FLANGEADA (NÃO INCLUI O FORNECIMENTO). AF_09/2021","M",13.23]
[103091,"ASSENTAMENTO DE TUBO DE FERRO FUNDIDO PARA REDE DE ÁGUA, DN 150 MM, JUNTA FLANGEADA (NÃO INCLUI O FORNECIMENTO). AF_09/2021","M",18.57]
[103092,"ASSENTAMENTO DE TUBO DE FERRO FUNDIDO PARA REDE DE ÁGUA, DN 200 MM, JUNTA FLANGEADA (NÃO INCLUI O FORNECIMENTO). AF_09/2021","M",23.93]
[103093,"ASSENTAMENTO DE TUBO DE FERRO FUNDIDO PARA REDE DE ÁGUA, DN 250 MM, JUNTA FLANGEADA (NÃO INCLUI O FORNECIMENTO). AF_09/2021","M",36.58]
[103094,"ASSENTAMENTO DE TUBO DE FERRO FUNDIDO PARA REDE DE ÁGUA, DN 300 MM, JUNTA FLANGEADA (NÃO INCLUI O FORNECIMENTO). AF_09/2021","M",41.96]
[103095,"ASSENTAMENTO DE TUBO DE FERRO FUNDIDO PARA REDE DE ÁGUA, DN 350 MM, JUNTA FLANGEADA (NÃO INCLUI O FORNECIMENTO). AF_09/2021","M",54.59]
[103096,"ASSENTAMENTO DE TUBO DE FERRO FUNDIDO PARA REDE DE ÁGUA, DN 400 MM, JUNTA FLANGEADA (NÃO INCLUI O FORNECIMENTO). AF_09/2021","M",59.97]
[103097,"ASSENTAMENTO DE TUBO DE FERRO FUNDIDO PARA REDE DE ÁGUA, DN 450 MM, JUNTA FLANGEADA (NÃO INCLUI O FORNECIMENTO). AF_09/2021","M",72.599999999999994]
[103098,"ASSENTAMENTO DE TUBO DE FERRO FUNDIDO PARA REDE DE ÁGUA, DN 500 MM, JUNTA FLANGEADA (NÃO INCLUI O FORNECIMENTO). AF_09/2021","M",77.98]
[103099,"ASSENTAMENTO DE TUBO DE FERRO FUNDIDO PARA REDE DE ÁGUA, DN 600 MM, JUNTA FLANGEADA (NÃO INCLUI O FORNECIMENTO). AF_09/2021","M",88.68]
[103100,"ASSENTAMENTO DE TUBO DE FERRO FUNDIDO PARA REDE DE ÁGUA, DN 700 MM, JUNTA FLANGEADA (NÃO INCLUI O FORNECIMENTO). AF_09/2021","M",94.61]
[103101,"ASSENTAMENTO DE TUBO DE FERRO FUNDIDO PARA REDE DE ÁGUA, DN 800 MM, JUNTA FLANGEADA (NÃO INCLUI O FORNECIMENTO). AF_09/2021","M",104.18]
[103102,"ASSENTAMENTO DE TUBO DE FERRO FUNDIDO PARA REDE DE ÁGUA, DN 900 MM, JUNTA FLANGEADA (NÃO INCLUI O FORNECIMENTO). AF_09/2021","M",119.98]
[103103,"ASSENTAMENTO DE TUBO DE FERRO FUNDIDO PARA REDE DE ÁGUA, DN 1000 MM, JUNTA FLANGEADA (NÃO INCLUI O FORNECIMENTO). AF_09/2021","M",129.55000000000001]
[103104,"ASSENTAMENTO DE TUBO DE FERRO FUNDIDO PARA REDE DE ÁGUA, DN 1200 MM, JUNTA FLANGEADA (NÃO INCLUI O FORNECIMENTO). AF_09/2021","M",154.94]
[103105,"ASSENTAMENTO DE CONEXÃO COM 2 ACESSOS, FERRO FUNDIDO PARA REDE DE ÁGUA, DN  80 MM, JUNTA FLANGEADA (NÃO INCLUI O FORNECIMENTO). AF_09/2021","UN",47.11]
[103106,"ASSENTAMENTO DE CONEXÃO COM 2 ACESSOS, FERRO FUNDIDO PARA REDE DE ÁGUA, DN  100 MM, JUNTA FLANGEADA (NÃO INCLUI O FORNECIMENTO). AF_09/2021","UN",56.12]
[103107,"ASSENTAMENTO DE CONEXÃO COM 2 ACESSOS, FERRO FUNDIDO PARA REDE DE ÁGUA, DN  150 MM, JUNTA FLANGEADA (NÃO INCLUI O FORNECIMENTO). AF_09/2021","UN",78.62]
[103108,"ASSENTAMENTO DE CONEXÃO COM 2 ACESSOS, FERRO FUNDIDO PARA REDE DE ÁGUA, DN  200 MM, JUNTA FLANGEADA (NÃO INCLUI O FORNECIMENTO). AF_09/2021","UN",101.12]
[103109,"ASSENTAMENTO DE CONEXÃO COM 2 ACESSOS, FERRO FUNDIDO PARA REDE DE ÁGUA, DN  250 MM, JUNTA FLANGEADA (NÃO INCLUI O FORNECIMENTO). AF_09/2021","UN",165.91]
[103110,"ASSENTAMENTO DE CONEXÃO COM 2 ACESSOS, FERRO FUNDIDO PARA REDE DE ÁGUA, DN  300 MM, JUNTA FLANGEADA (NÃO INCLUI O FORNECIMENTO). AF_09/2021","UN",188.41]
[103111,"ASSENTAMENTO DE CONEXÃO COM 2 ACESSOS, FERRO FUNDIDO PARA REDE DE ÁGUA, DN  350 MM, JUNTA FLANGEADA (NÃO INCLUI O FORNECIMENTO). AF_09/2021","UN",253.2]
[103112,"ASSENTAMENTO DE CONEXÃO COM 2 ACESSOS, FERRO FUNDIDO PARA REDE DE ÁGUA, DN  400 MM, JUNTA FLANGEADA (NÃO INCLUI O FORNECIMENTO). AF_09/2021","UN",275.69]
[103113,"ASSENTAMENTO DE CONEXÃO COM 2 ACESSOS, FERRO FUNDIDO PARA REDE DE ÁGUA, DN  450 MM, JUNTA FLANGEADA (NÃO INCLUI O FORNECIMENTO). AF_09/2021","UN",340.48]
[103114,"ASSENTAMENTO DE CONEXÃO COM 2 ACESSOS, FERRO FUNDIDO PARA REDE DE ÁGUA, DN  500 MM, JUNTA FLANGEADA (NÃO INCLUI O FORNECIMENTO). AF_09/2021","UN",362.97]
[103115,"ASSENTAMENTO DE CONEXÃO COM 2 ACESSOS, FERRO FUNDIDO PARA REDE DE ÁGUA, DN  600 MM, JUNTA FLANGEADA (NÃO INCLUI O FORNECIMENTO). AF_09/2021","UN",407.99]
[103116,"ASSENTAMENTO DE CONEXÃO COM 2 ACESSOS, FERRO FUNDIDO PARA REDE DE ÁGUA, DN  700 MM, JUNTA FLANGEADA (NÃO INCLUI O FORNECIMENTO). AF_09/2021","UN",495.28]
[103117,"ASSENTAMENTO DE CONEXÃO COM 2 ACESSOS, FERRO FUNDIDO PARA REDE DE ÁGUA, DN  800 MM, JUNTA FLANGEADA (NÃO INCLUI O FORNECIMENTO). AF_09/2021","UN",540.28]
[103118,"ASSENTAMENTO DE CONEXÃO COM 2 ACESSOS, FERRO FUNDIDO PARA REDE DE ÁGUA, DN  900 MM, JUNTA FLANGEADA (NÃO INCLUI O FORNECIMENTO). AF_09/2021","UN",627.57000000000005]
[103119,"ASSENTAMENTO DE CONEXÃO COM 2 ACESSOS, FERRO FUNDIDO PARA REDE DE ÁGUA, DN  1000 MM, JUNTA FLANGEADA (NÃO INCLUI O FORNECIMENTO). AF_09/2021","UN",672.57]
[103120,"ASSENTAMENTO DE CONEXÃO COM 2 ACESSOS, FERRO FUNDIDO PARA REDE DE ÁGUA, DN  1200 MM, JUNTA FLANGEADA (NÃO INCLUI O FORNECIMENTO). AF_09/2021","UN",804.87]
[103121,"ASSENTAMENTO DE CONEXÃO COM 3 ACESSOS, FERRO FUNDIDO PARA REDE DE ÁGUA, DN  80 MM, JUNTA FLANGEADA (NÃO INCLUI O FORNECIMENTO). AF_09/2021","UN",61.68]
[103122,"ASSENTAMENTO DE CONEXÃO COM 3 ACESSOS, FERRO FUNDIDO PARA REDE DE ÁGUA, DN  100 MM, JUNTA FLANGEADA (NÃO INCLUI O FORNECIMENTO). AF_09/2021","UN",75.180000000000007]
[103123,"ASSENTAMENTO DE CONEXÃO COM 3 ACESSOS, FERRO FUNDIDO PARA REDE DE ÁGUA, DN  150 MM, JUNTA FLANGEADA (NÃO INCLUI O FORNECIMENTO). AF_09/2021","UN",108.96]
[103124,"ASSENTAMENTO DE CONEXÃO COM 3 ACESSOS, FERRO FUNDIDO PARA REDE DE ÁGUA, DN  200 MM, JUNTA FLANGEADA (NÃO INCLUI O FORNECIMENTO). AF_09/2021","UN",142.68]
[103125,"ASSENTAMENTO DE CONEXÃO COM 3 ACESSOS, FERRO FUNDIDO PARA REDE DE ÁGUA, DN  250 MM, JUNTA FLANGEADA (NÃO INCLUI O FORNECIMENTO). AF_09/2021","UN",239.88]
[103126,"ASSENTAMENTO DE CONEXÃO COM 3 ACESSOS, FERRO FUNDIDO PARA REDE DE ÁGUA, DN  300 MM, JUNTA FLANGEADA (NÃO INCLUI O FORNECIMENTO). AF_09/2021","UN",273.63]
[103127,"ASSENTAMENTO DE CONEXÃO COM 3 ACESSOS, FERRO FUNDIDO PARA REDE DE ÁGUA, DN  350 MM, JUNTA FLANGEADA (NÃO INCLUI O FORNECIMENTO). AF_09/2021","UN",370.81]
[103128,"ASSENTAMENTO DE CONEXÃO COM 3 ACESSOS, FERRO FUNDIDO PARA REDE DE ÁGUA, DN  400 MM, JUNTA FLANGEADA (NÃO INCLUI O FORNECIMENTO). AF_09/2021","UN",404.55]
[103129,"ASSENTAMENTO DE CONEXÃO COM 3 ACESSOS, FERRO FUNDIDO PARA REDE DE ÁGUA, DN  450 MM, JUNTA FLANGEADA (NÃO INCLUI O FORNECIMENTO). AF_09/2021","UN",501.74]
[103130,"ASSENTAMENTO DE CONEXÃO COM 3 ACESSOS, FERRO FUNDIDO PARA REDE DE ÁGUA, DN  500 MM, JUNTA FLANGEADA (NÃO INCLUI O FORNECIMENTO). AF_09/2021","UN",535.49]
[103131,"ASSENTAMENTO DE CONEXÃO COM 3 ACESSOS, FERRO FUNDIDO PARA REDE DE ÁGUA, DN  600 MM, JUNTA FLANGEADA (NÃO INCLUI O FORNECIMENTO). AF_09/2021","UN",602.99]
[103132,"ASSENTAMENTO DE CONEXÃO COM 3 ACESSOS, FERRO FUNDIDO PARA REDE DE ÁGUA, DN  700 MM, JUNTA FLANGEADA (NÃO INCLUI O FORNECIMENTO). AF_09/2021","UN",733.92]
[103133,"ASSENTAMENTO DE CONEXÃO COM 3 ACESSOS, FERRO FUNDIDO PARA REDE DE ÁGUA, DN  800 MM, JUNTA FLANGEADA (NÃO INCLUI O FORNECIMENTO). AF_09/2021","UN",801.43]
[103134,"ASSENTAMENTO DE CONEXÃO COM 3 ACESSOS, FERRO FUNDIDO PARA REDE DE ÁGUA, DN  900 MM, JUNTA FLANGEADA (NÃO INCLUI O FORNECIMENTO). AF_09/2021","UN",932.37]
[103135,"ASSENTAMENTO DE CONEXÃO COM 3 ACESSOS, FERRO FUNDIDO PARA REDE DE ÁGUA, DN  1000 MM, JUNTA FLANGEADA (NÃO INCLUI O FORNECIMENTO). AF_09/2021","UN",999.87]
[103136,"ASSENTAMENTO DE CONEXÃO COM 3 ACESSOS, FERRO FUNDIDO PARA REDE DE ÁGUA, DN  1200 MM, JUNTA FLANGEADA (NÃO INCLUI O FORNECIMENTO). AF_09/2021","UN",1198.31]
[103137,"ASSENTAMENTO DE CONEXÃO COM 1 ACESSO, FERRO FUNDIDO PARA REDE DE ÁGUA, DN  80 MM, JUNTA FLANGEADA (NÃO INCLUI O FORNECIMENTO). AF_09/2021","UN",32.549999999999997]
[103138,"ASSENTAMENTO DE CONEXÃO COM 1 ACESSO, FERRO FUNDIDO PARA REDE DE ÁGUA, DN  100 MM, JUNTA FLANGEADA (NÃO INCLUI O FORNECIMENTO). AF_09/2021","UN",37.049999999999997]
[103139,"ASSENTAMENTO DE CONEXÃO COM 1 ACESSO, FERRO FUNDIDO PARA REDE DE ÁGUA, DN  150 MM, JUNTA FLANGEADA (NÃO INCLUI O FORNECIMENTO). AF_09/2021","UN",48.3]
[103140,"ASSENTAMENTO DE CONEXÃO COM 1 ACESSO, FERRO FUNDIDO PARA REDE DE ÁGUA, DN  200 MM, JUNTA FLANGEADA (NÃO INCLUI O FORNECIMENTO). AF_09/2021","UN",59.55]
[103141,"ASSENTAMENTO DE CONEXÃO COM 1 ACESSO, FERRO FUNDIDO PARA REDE DE ÁGUA, DN  250 MM, JUNTA FLANGEADA (NÃO INCLUI O FORNECIMENTO). AF_09/2021","UN",91.96]
[103142,"ASSENTAMENTO DE CONEXÃO COM 1 ACESSO, FERRO FUNDIDO PARA REDE DE ÁGUA, DN  300 MM, JUNTA FLANGEADA (NÃO INCLUI O FORNECIMENTO). AF_09/2021","UN",103.2]
[103143,"ASSENTAMENTO DE CONEXÃO COM 1 ACESSO, FERRO FUNDIDO PARA REDE DE ÁGUA, DN  350 MM, JUNTA FLANGEADA (NÃO INCLUI O FORNECIMENTO). AF_09/2021","UN",135.59]
[103144,"ASSENTAMENTO DE CONEXÃO COM 1 ACESSO, FERRO FUNDIDO PARA REDE DE ÁGUA, DN  400 MM, JUNTA FLANGEADA (NÃO INCLUI O FORNECIMENTO). AF_09/2021","UN",146.84]
[103145,"ASSENTAMENTO DE CONEXÃO COM 1 ACESSO, FERRO FUNDIDO PARA REDE DE ÁGUA, DN  450 MM, JUNTA FLANGEADA (NÃO INCLUI O FORNECIMENTO). AF_09/2021","UN",179.25]
[103146,"ASSENTAMENTO DE CONEXÃO COM 1 ACESSO, FERRO FUNDIDO PARA REDE DE ÁGUA, DN  500 MM, JUNTA FLANGEADA (NÃO INCLUI O FORNECIMENTO). AF_09/2021","UN",190.48]
[103147,"ASSENTAMENTO DE CONEXÃO COM 1 ACESSO, FERRO FUNDIDO PARA REDE DE ÁGUA, DN  600 MM, JUNTA FLANGEADA (NÃO INCLUI O FORNECIMENTO). AF_09/2021","UN",212.98]
[103148,"ASSENTAMENTO DE CONEXÃO COM 1 ACESSO, FERRO FUNDIDO PARA REDE DE ÁGUA, DN  700 MM, JUNTA FLANGEADA (NÃO INCLUI O FORNECIMENTO). AF_09/2021","UN",256.63]
[103149,"ASSENTAMENTO DE CONEXÃO COM 1 ACESSO, FERRO FUNDIDO PARA REDE DE ÁGUA, DN  800 MM, JUNTA FLANGEADA (NÃO INCLUI O FORNECIMENTO). AF_09/2021","UN",279.13]
[103150,"ASSENTAMENTO DE CONEXÃO COM 1 ACESSO, FERRO FUNDIDO PARA REDE DE ÁGUA, DN  900 MM, JUNTA FLANGEADA (NÃO INCLUI O FORNECIMENTO). AF_09/2021","UN",322.74]
[103151,"ASSENTAMENTO DE CONEXÃO COM 1 ACESSO, FERRO FUNDIDO PARA REDE DE ÁGUA, DN  1000 MM, JUNTA FLANGEADA (NÃO INCLUI O FORNECIMENTO). AF_09/2021","UN",345.28]
[103152,"ASSENTAMENTO DE CONEXÃO COM 1 ACESSO, FERRO FUNDIDO PARA REDE DE ÁGUA, DN  1200 MM, JUNTA FLANGEADA (NÃO INCLUI O FORNECIMENTO). AF_09/2021","UN",411.43]
[103372,"TUBO PEAD LISO PARA REDE DE ÁGUA OU ESGOTO, DIÂMETRO DE 20 MM, JUNTA SOLDADA (NÃO INCLUI A EXECUÇÃO DE SOLDA) - FORNECIMENTO E ASSENTAMENTO. AF_12/2021","M",5.24]
[103373,"TUBO PEAD LISO PARA REDE DE ÁGUA OU ESGOTO, DIÂMETRO DE 32 MM, JUNTA SOLDADA (NÃO INCLUI A EXECUÇÃO DE SOLDA) - FORNECIMENTO E ASSENTAMENTO. AF_12/2021","M",10.29]
[103376,"TUBO PEAD LISO PARA REDE DE ÁGUA OU ESGOTO, DIÂMETRO DE 110 MM, JUNTA SOLDADA (NÃO INCLUI A EXECUÇÃO DE SOLDA) - FORNECIMENTO E ASSENTAMENTO. AF_12/2021","M",122.92]
[103377,"TUBO PEAD LISO PARA REDE DE ÁGUA OU ESGOTO, DIÂMETRO DE 160 MM, JUNTA SOLDADA (NÃO INCLUI A EXECUÇÃO DE SOLDA) - FORNECIMENTO E ASSENTAMENTO. AF_12/2021","M",263.13]
[103379,"TUBO PEAD LISO PARA REDE DE ÁGUA OU ESGOTO, DIÂMETRO DE 200 MM, JUNTA SOLDADA (NÃO INCLUI A EXECUÇÃO DE SOLDA) - FORNECIMENTO E ASSENTAMENTO. AF_12/2021","M",409.71]
[103383,"TUBO PEAD LISO PARA REDE DE ÁGUA OU ESGOTO, DIÂMETRO DE 315 MM, JUNTA SOLDADA (NÃO INCLUI A EXECUÇÃO DE SOLDA) - FORNECIMENTO E ASSENTAMENTO. AF_12/2021","M",1005.1]
[103385,"TUBO PEAD LISO PARA REDE DE ÁGUA OU ESGOTO, DIÂMETRO DE 400 MM, JUNTA SOLDADA (NÃO INCLUI A EXECUÇÃO DE SOLDA) - FORNECIMENTO E ASSENTAMENTO. AF_12/2021","M",1620.66]
[103387,"TUBO PEAD LISO PARA REDE DE ÁGUA OU ESGOTO, DIÂMETRO DE 500 MM, JUNTA SOLDADA (NÃO INCLUI A EXECUÇÃO DE SOLDA) - FORNECIMENTO E ASSENTAMENTO. AF_12/2021","M",2843.1]
[103389,"TUBO PEAD LISO PARA REDE DE ÁGUA OU ESGOTO, DIÂMETRO DE 630 MM, JUNTA SOLDADA (NÃO INCLUI A EXECUÇÃO DE SOLDA) - FORNECIMENTO E ASSENTAMENTO. AF_12/2021","M",4228.1400000000003]
[103391,"TUBO PEAD LISO PARA REDE DE ÁGUA OU ESGOTO, DIÂMETRO DE 800 MM, JUNTA SOLDADA (NÃO INCLUI A EXECUÇÃO DE SOLDA) - FORNECIMENTO E ASSENTAMENTO. AF_12/2021","M",2786.24]
[103392,"TUBO PEAD LISO PARA REDE DE ÁGUA OU ESGOTO, DIÂMETRO DE 900 MM, JUNTA SOLDADA (NÃO INCLUI A EXECUÇÃO DE SOLDA) - FORNECIMENTO E ASSENTAMENTO. AF_12/2021","M",4553.3100000000004]
[103393,"TUBO PEAD LISO PARA REDE DE ÁGUA OU ESGOTO, DIÂMETRO DE 1000 MM, JUNTA SOLDADA (NÃO INCLUI A EXECUÇÃO DE SOLDA) - FORNECIMENTO E ASSENTAMENTO. AF_12/2021","M",5022.18]
[103397,"ASSENTAMENTO DE CONEXÃO COM 2 ACESSOS, EM PEAD LISO PARA REDE DE ÁGUA OU ESGOTO, DIÂMETRO DE 20 MM, JUNTA SOLDADA (NÃO INCLUI O FORNECIMENTO E EXECUÇÃO DE SOLDA). AF_12/2021","UN",3.32]
[103398,"ASSENTAMENTO DE CONEXÃO COM 2 ACESSOS, EM PEAD LISO PARA REDE DE ÁGUA OU ESGOTO, DIÂMETRO DE 32 MM, JUNTA SOLDADA (NÃO INCLUI O FORNECIMENTO E EXECUÇÃO DE SOLDA). AF_12/2021","UN",5.33]
[103399,"ASSENTAMENTO DE CONEXÃO COM 2 ACESSOS, EM PEAD LISO PARA REDE DE ÁGUA OU ESGOTO, DIÂMETRO DE 63 MM, JUNTA SOLDADA (NÃO INCLUI O FORNECIMENTO E EXECUÇÃO DE SOLDA). AF_12/2021","UN",10.49]
[103400,"ASSENTAMENTO DE CONEXÃO COM 2 ACESSOS, EM PEAD LISO PARA REDE DE ÁGUA OU ESGOTO, DIÂMETRO DE 90 MM, JUNTA SOLDADA (NÃO INCLUI O FORNECIMENTO E EXECUÇÃO DE SOLDA). AF_12/2021","UN",15]
[103401,"ASSENTAMENTO DE CONEXÃO COM 2 ACESSOS, EM PEAD LISO PARA REDE DE ÁGUA OU ESGOTO, DIÂMETRO DE 110 MM, JUNTA SOLDADA (NÃO INCLUI O FORNECIMENTO E EXECUÇÃO DE SOLDA). AF_12/2021","UN",18.329999999999998]
[103402,"ASSENTAMENTO DE CONEXÃO COM 2 ACESSOS, EM PEAD LISO PARA REDE DE ÁGUA OU ESGOTO, DIÂMETRO DE 160 MM, JUNTA SOLDADA (NÃO INCLUI O FORNECIMENTO E EXECUÇÃO DE SOLDA). AF_12/2021","UN",26.67]
[103403,"ASSENTAMENTO DE CONEXÃO COM 2 ACESSOS, EM PEAD LISO PARA REDE DE ÁGUA OU ESGOTO, DIÂMETRO DE 180 MM, JUNTA SOLDADA (NÃO INCLUI O FORNECIMENTO E EXECUÇÃO DE SOLDA). AF_12/2021","UN",30]
[103404,"ASSENTAMENTO DE CONEXÃO COM 2 ACESSOS, EM PEAD LISO PARA REDE DE ÁGUA OU ESGOTO, DIÂMETRO DE 200 MM, JUNTA SOLDADA (NÃO INCLUI O FORNECIMENTO E EXECUÇÃO DE SOLDA). AF_12/2021","UN",33.340000000000003]
[103405,"ASSENTAMENTO DE CONEXÃO COM 2 ACESSOS, EM PEAD LISO PARA REDE DE ÁGUA OU ESGOTO, DIÂMETRO DE 225 MM, JUNTA SOLDADA (NÃO INCLUI O FORNECIMENTO E EXECUÇÃO DE SOLDA). AF_12/2021","UN",37.5]
[103406,"ASSENTAMENTO DE CONEXÃO COM 2 ACESSOS, EM PEAD LISO PARA REDE DE ÁGUA OU ESGOTO, DIÂMETRO DE 250 MM, JUNTA SOLDADA (NÃO INCLUI O FORNECIMENTO E EXECUÇÃO DE SOLDA). AF_12/2021","UN",41.68]
[103407,"ASSENTAMENTO DE CONEXÃO COM 2 ACESSOS, EM PEAD LISO PARA REDE DE ÁGUA OU ESGOTO, DIÂMETRO DE 280 MM, JUNTA SOLDADA (NÃO INCLUI O FORNECIMENTO E EXECUÇÃO DE SOLDA). AF_12/2021","UN",46.68]
[103408,"ASSENTAMENTO DE CONEXÃO COM 2 ACESSOS, EM PEAD LISO PARA REDE DE ÁGUA OU ESGOTO, DIÂMETRO DE 315 MM, JUNTA SOLDADA (NÃO INCLUI O FORNECIMENTO E EXECUÇÃO DE SOLDA). AF_12/2021","UN",52.52]
[103409,"ASSENTAMENTO DE CONEXÃO COM 2 ACESSOS, EM PEAD LISO PARA REDE DE ÁGUA OU ESGOTO, DIÂMETRO DE 355 MM, JUNTA SOLDADA (NÃO INCLUI O FORNECIMENTO E EXECUÇÃO DE SOLDA). AF_12/2021","UN",59.19]
[103410,"ASSENTAMENTO DE CONEXÃO COM 2 ACESSOS, EM PEAD LISO PARA REDE DE ÁGUA OU ESGOTO, DIÂMETRO DE 400 MM, JUNTA SOLDADA (NÃO INCLUI O FORNECIMENTO E EXECUÇÃO DE SOLDA). AF_12/2021","UN",66.69]
[103411,"ASSENTAMENTO DE CONEXÃO COM 3 ACESSOS, EM PEAD LISO PARA REDE DE ÁGUA OU ESGOTO, DIÂMETRO DE 20 MM, JUNTA SOLDADA (NÃO INCLUI O FORNECIMENTO E EXECUÇÃO DE SOLDA). AF_12/2021","UN",6.66]
[103412,"ASSENTAMENTO DE CONEXÃO COM 3 ACESSOS, EM PEAD LISO PARA REDE DE ÁGUA OU ESGOTO, DIÂMETRO DE 32 MM, JUNTA SOLDADA (NÃO INCLUI O FORNECIMENTO E EXECUÇÃO DE SOLDA). AF_12/2021","UN",10.66]
[103413,"ASSENTAMENTO DE CONEXÃO COM 3 ACESSOS, EM PEAD LISO PARA REDE DE ÁGUA OU ESGOTO, DIÂMETRO DE 63 MM, JUNTA SOLDADA (NÃO INCLUI O FORNECIMENTO E EXECUÇÃO DE SOLDA). AF_12/2021","UN",21]
[103414,"ASSENTAMENTO DE CONEXÃO COM 3 ACESSOS, EM PEAD LISO PARA REDE DE ÁGUA OU ESGOTO, DIÂMETRO DE 90 MM, JUNTA SOLDADA (NÃO INCLUI O FORNECIMENTO E EXECUÇÃO DE SOLDA). AF_12/2021","UN",30]
[103415,"ASSENTAMENTO DE CONEXÃO COM 3 ACESSOS, EM PEAD LISO PARA REDE DE ÁGUA OU ESGOTO, DIÂMETRO DE 110 MM, JUNTA SOLDADA (NÃO INCLUI O FORNECIMENTO E EXECUÇÃO DE SOLDA). AF_12/2021","UN",36.67]
[103416,"ASSENTAMENTO DE CONEXÃO COM 3 ACESSOS, EM PEAD LISO PARA REDE DE ÁGUA OU ESGOTO, DIÂMETRO DE 160 MM, JUNTA SOLDADA (NÃO INCLUI O FORNECIMENTO E EXECUÇÃO DE SOLDA). AF_12/2021","UN",53.35]
[103417,"ASSENTAMENTO DE CONEXÃO COM 3 ACESSOS, EM PEAD LISO PARA REDE DE ÁGUA OU ESGOTO, DIÂMETRO DE 180 MM, JUNTA SOLDADA (NÃO INCLUI O FORNECIMENTO E EXECUÇÃO DE SOLDA). AF_12/2021","UN",60.02]
[103418,"ASSENTAMENTO DE CONEXÃO COM 3 ACESSOS, EM PEAD LISO PARA REDE DE ÁGUA OU ESGOTO, DIÂMETRO DE 200 MM, JUNTA SOLDADA (NÃO INCLUI O FORNECIMENTO E EXECUÇÃO DE SOLDA). AF_12/2021","UN",66.69]
[103419,"ASSENTAMENTO DE CONEXÃO COM 3 ACESSOS, EM PEAD LISO PARA REDE DE ÁGUA OU ESGOTO, DIÂMETRO DE 225 MM, JUNTA SOLDADA (NÃO INCLUI O FORNECIMENTO E EXECUÇÃO DE SOLDA). AF_12/2021","UN",75.02]
[103420,"ASSENTAMENTO DE CONEXÃO COM 3 ACESSOS, EM PEAD LISO PARA REDE DE ÁGUA OU ESGOTO, DIÂMETRO DE 250 MM, JUNTA SOLDADA (NÃO INCLUI O FORNECIMENTO E EXECUÇÃO DE SOLDA). AF_12/2021","UN",83.36]
[103421,"ASSENTAMENTO DE CONEXÃO COM 3 ACESSOS, EM PEAD LISO PARA REDE DE ÁGUA OU ESGOTO, DIÂMETRO DE 280 MM, JUNTA SOLDADA (NÃO INCLUI O FORNECIMENTO E EXECUÇÃO DE SOLDA). AF_12/2021","UN",93.37]
[103422,"ASSENTAMENTO DE CONEXÃO COM 3 ACESSOS, EM PEAD LISO PARA REDE DE ÁGUA OU ESGOTO, DIÂMETRO DE 315 MM, JUNTA SOLDADA (NÃO INCLUI O FORNECIMENTO E EXECUÇÃO DE SOLDA). AF_12/2021","UN",105.04]
[103423,"ASSENTAMENTO DE CONEXÃO COM 3 ACESSOS, EM PEAD LISO PARA REDE DE ÁGUA OU ESGOTO, DIÂMETRO DE 355 MM, JUNTA SOLDADA (NÃO INCLUI O FORNECIMENTO E EXECUÇÃO DE SOLDA). AF_12/2021","UN",118.38]
[103424,"ASSENTAMENTO DE CONEXÃO COM 3 ACESSOS, EM PEAD LISO PARA REDE DE ÁGUA OU ESGOTO, DIÂMETRO DE 400 MM, JUNTA SOLDADA (NÃO INCLUI O FORNECIMENTO E EXECUÇÃO DE SOLDA). AF_12/2021","UN",133.38999999999999]
[103425,"LUVA, EM PEAD LISO PARA REDE DE ÁGUA OU ESGOTO, DIÂMETRO DE 20 MM, JUNTA SOLDADA POR ELETROFUSÃO (NÃO INCLUI A EXECUÇÃO DE SOLDA). AF_12/2021","UN",14.79]
[103426,"LUVA, EM PEAD LISO PARA REDE DE ÁGUA OU ESGOTO, DIÂMETRO DE 32 MM, JUNTA SOLDADA POR ELETROFUSÃO (NÃO INCLUI A EXECUÇÃO DE SOLDA). AF_12/2021","UN",17.690000000000001]
[103427,"LUVA, EM PEAD LISO PARA REDE DE ÁGUA OU ESGOTO, DIÂMETRO DE 63 MM, JUNTA SOLDADA POR ELETROFUSÃO (NÃO INCLUI A EXECUÇÃO DE SOLDA). AF_12/2021","UN",35.44]
[103428,"LUVA, EM PEAD LISO PARA REDE DE ÁGUA OU ESGOTO, DIÂMETRO DE 200 MM, JUNTA SOLDADA POR ELETROFUSÃO (NÃO INCLUI A EXECUÇÃO DE SOLDA). AF_12/2021","UN",238.48]
[103429,"LUVA, EM PEAD LISO PARA REDE DE ÁGUA OU ESGOTO, DIÂMETRO DE 400 MM, JUNTA SOLDADA POR ELETROFUSÃO (NÃO INCLUI A EXECUÇÃO DE SOLDA). AF_12/2021","UN",2660.87]
[103430,"COTOVELO 45 GRAUS, EM PEAD LISO PARA REDE DE ÁGUA OU ESGOTO, DIÂMETRO DE 32 MM, JUNTA SOLDADA POR ELETROFUSÃO (NÃO INCLUI A EXECUÇÃO DE SOLDA). AF_12/2021","UN",31.88]
[103431,"COTOVELO 45 GRAUS, EM PEAD LISO PARA REDE DE ÁGUA OU ESGOTO, DIÂMETRO DE 63 MM, JUNTA SOLDADA POR ELETROFUSÃO (NÃO INCLUI A EXECUÇÃO DE SOLDA). AF_12/2021","UN",55.82]
[103432,"COTOVELO 45 GRAUS, EM PEAD LISO PARA REDE DE ÁGUA OU ESGOTO, DIÂMETRO DE 200 MM, JUNTA SOLDADA POR ELETROFUSÃO (NÃO INCLUI A EXECUÇÃO DE SOLDA). AF_12/2021","UN",1510.79]
[103433,"COTOVELO 90 GRAUS, EM PEAD LISO PARA REDE DE ÁGUA OU ESGOTO, DIÂMETRO DE 20 MM, JUNTA SOLDADA POR ELETROFUSÃO (NÃO INCLUI A EXECUÇÃO DE SOLDA). AF_12/2021","UN",31.64]
[103434,"COTOVELO 90 GRAUS, EM PEAD LISO PARA REDE DE ÁGUA OU ESGOTO, DIÂMETRO DE 32 MM, JUNTA SOLDADA POR ELETROFUSÃO (NÃO INCLUI A EXECUÇÃO DE SOLDA). AF_12/2021","UN",43.74]
[103435,"COTOVELO 90 GRAUS, EM PEAD LISO PARA REDE DE ÁGUA OU ESGOTO, DIÂMETRO DE 63 MM, JUNTA SOLDADA POR ELETROFUSÃO (NÃO INCLUI A EXECUÇÃO DE SOLDA). AF_12/2021","UN",81.349999999999994]
[103436,"COTOVELO 90 GRAUS, POLIETILENO DE ALTA DENSIDADE (PEAD) PARA REDE DE ÁGUA OU ESGOTO, DIÂMETRO DE 200 MM, JUNTA SOLDADA POR ELETROFUSÃO (NÃO INCLUI A EXECUÇÃO DE SOLDA). AF_12/2021","UN",2140.38]
[103437,"TÊ DE SERVIÇO, EM PEAD LISO PARA REDE DE ÁGUA OU ESGOTO, DIÂMETRO DE 63 X 20 MM, JUNTA SOLDADA POR ELETROFUSÃO (NÃO INCLUI A EXECUÇÃO DE SOLDA). AF_12/2021","UN",168.83]
[103438,"TÊ DE SERVIÇO, EM PEAD LISO PARA REDE DE ÁGUA OU ESGOTO, DIÂMETRO DE 63 X 32 MM, JUNTA SOLDADA POR ELETROFUSÃO (NÃO INCLUI A EXECUÇÃO DE SOLDA). AF_12/2021","UN",168.83]
[103439,"TÊ DE SERVIÇO, EM PEAD LISO PARA REDE DE ÁGUA OU ESGOTO, DIÂMETRO DE 63 X 63 MM, JUNTA SOLDADA POR ELETROFUSÃO (NÃO INCLUI A EXECUÇÃO DE SOLDA). AF_12/2021","UN",199.06]
[103440,"TÊ DE SERVIÇO, EM PEAD LISO PARA REDE DE ÁGUA OU ESGOTO, DIÂMETRO DE 200 X 20 MM, JUNTA SOLDADA POR ELETROFUSÃO (NÃO INCLUI A EXECUÇÃO DE SOLDA). AF_12/2021","UN",379.67]
[103441,"TÊ DE SERVIÇO, EM PEAD LISO PARA REDE DE ÁGUA OU ESGOTO, DIÂMETRO DE 200 X 32 MM, JUNTA SOLDADA POR ELETROFUSÃO (NÃO INCLUI A EXECUÇÃO DE SOLDA). AF_12/2021","UN",384.57]
[103442,"TÊ DE SERVIÇO, EM PEAD LISO PARA REDE DE ÁGUA OU ESGOTO, DIÂMETRO DE 200 X 63 MM, JUNTA SOLDADA POR ELETROFUSÃO (NÃO INCLUI A EXECUÇÃO DE SOLDA). AF_12/2021","UN",502.72]
[98441,"PAREDE DE MADEIRA COMPENSADA PARA CONSTRUÇÃO TEMPORÁRIA EM CHAPA SIMPLES, EXTERNA, SEM VÃO. AF_03/2024","M2",90.65]
[98443,"PAREDE DE MADEIRA COMPENSADA PARA CONSTRUÇÃO TEMPORÁRIA EM CHAPA SIMPLES, INTERNA, SEM VÃO. AF_03/2024","M2",72.13]
[98445,"PAREDE DE MADEIRA COMPENSADA PARA CONSTRUÇÃO TEMPORÁRIA EM CHAPA SIMPLES, EXTERNA, COM ÁREA LÍQUIDA MAIOR OU IGUAL A 6 M², COM VÃO. AF_03/2024","M2",105.67]
[98446,"PAREDE DE MADEIRA COMPENSADA PARA CONSTRUÇÃO TEMPORÁRIA EM CHAPA SIMPLES, EXTERNA, COM ÁREA LÍQUIDA MENOR QUE 6 M², COM VÃO. AF_03/2024","M2",133.22]
[98447,"PAREDE DE MADEIRA COMPENSADA PARA CONSTRUÇÃO TEMPORÁRIA EM CHAPA SIMPLES, INTERNA, COM ÁREA LÍQUIDA MAIOR OU IGUAL A 6 M², COM VÃO. AF_03/2024","M2",84.08]
[98448,"PAREDE DE MADEIRA COMPENSADA PARA CONSTRUÇÃO TEMPORÁRIA EM CHAPA SIMPLES, INTERNA, COM ÁREA LÍQUIDA MENOR QUE 6 M², COM VÃO. AF_03/2024","M2",106.25]
[98449,"PAREDE DE MADEIRA COMPENSADA PARA CONSTRUÇÃO TEMPORÁRIA EM CHAPA DUPLA, EXTERNA, SEM VÃO. AF_03/2024","M2",130.19]
[98451,"PAREDE DE MADEIRA COMPENSADA PARA CONSTRUÇÃO TEMPORÁRIA EM CHAPA DUPLA, INTERNA, SEM VÃO. AF_03/2024","M2",109.2]
[98453,"PAREDE DE MADEIRA COMPENSADA PARA CONSTRUÇÃO TEMPORÁRIA EM CHAPA DUPLA, EXTERNA, COM ÁREA LÍQUIDA MAIOR OU IGUAL A QUE 6 M², COM VÃO. AF_03/2024","M2",148.80000000000001]
[98454,"PAREDE DE MADEIRA COMPENSADA PARA CONSTRUÇÃO TEMPORÁRIA EM CHAPA DUPLA, EXTERNA, COM ÁREA LÍQUIDA MENOR QUE 6 M², COM VÃO. AF_03/2024","M2",183.18]
[98455,"PAREDE DE MADEIRA COMPENSADA PARA CONSTRUÇÃO TEMPORÁRIA EM CHAPA DUPLA, INTERNA, COM ÁREA LÍQUIDA MAIOR OU IGUAL A 6 M², COM VÃO. AF_03/2024","M2",124.03]
[98456,"PAREDE DE MADEIRA COMPENSADA PARA CONSTRUÇÃO TEMPORÁRIA EM CHAPA DUPLA, INTERNA, COM ÁREA LÍQUIDA MENOR QUE 6 M², COM VÃO. AF_03/2024","M2",153.41999999999999]
[98458,"TAPUME COM COMPENSADO DE MADEIRA. AF_03/2024","M2",91.07]
[98459,"TAPUME COM TELHA METÁLICA. AF_03/2024","M2",76.209999999999994]
[98460,"PISO PARA CONSTRUÇÃO TEMPORÁRIA EM MADEIRA, SEM REAPROVEITAMENTO. AF_03/2024","M2",63.89]
[98461,"ESTRUTURA DE MADEIRA PROVISÓRIA PARA SUPORTE DE CAIXA DÁGUA ELEVADA DE 1000 LITROS. AF_03/2024","UN",5141.2299999999996]
[98462,"ESTRUTURA DE MADEIRA PROVISÓRIA PARA SUPORTE DE CAIXA DÁGUA ELEVADA DE 3000 LITROS. AF_03/2024","UN",8736.9500000000007]
[105113,"ESTRUTURA DE MADEIRA PROVISÓRIA PARA SUPORTE DE CAIXA D'ÁGUA ELEVADA DE 2000 LITROS. AF_03/2024","UN",6789.61]
[105114,"EXECUÇÃO DOS APOIOS PARA CONTÊINER OU MÓDULO HABITÁVEL. AF_03/2024","M3",1672.75]
[105115,"INSTALAÇÃO E DESINSTALAÇÃO MECANIZADA DE CONTÊINER OU MÓDULO HABITÁVEL DE USOS DIVERSOS. AF_03/2024","UN",120.26]
[105116,"INSTALAÇÃO E DESINSTALAÇÃO MANUAL DE CONTÊINER OU MÓDULO HABITÁVEL PEQUENO. AF_03/2024","UN",10.4]
[105126,"INSTALAÇÃO DE CONCERTINA SIMPLES, ESPIRAL DE 300 MM. AF_03/2024","M",30.02]
[105127,"INSTALAÇÃO DE CONCERTINA DUPLA CLIPADA, ESPIRAL DE 300 MM. AF_03/2024","M",27.67]
[105128,"INSTALAÇÃO DE CONCERTINA FLAT, ESPIRAL DE 300 MM. AF_03/2024","M",87.92]
[105130,"EXECUÇÃO DE PILARETES PARA TAPUMES E CONSTRUÇÕES TEMPORÁRIAS. AF_03/2024","M",25.85]
[5631,"ESCAVADEIRA HIDRÁULICA SOBRE ESTEIRAS, CAÇAMBA 0,80 M3, PESO OPERACIONAL 17 T, POTENCIA BRUTA 111 HP - CHP DIURNO. AF_06/2014","CHP",208.51]
[5678,"RETROESCAVADEIRA SOBRE RODAS COM CARREGADEIRA, TRAÇÃO 4X4, POTÊNCIA LÍQ. 88 HP, CAÇAMBA CARREG. CAP. MÍN. 1 M3, CAÇAMBA RETRO CAP. 0,26 M3, PESO OPERACIONAL MÍN. 6.674 KG, PROFUNDIDADE ESCAVAÇÃO MÁX. 4,37 M - CHP DIURNO. AF_06/2014","CHP",152.49]
[5680,"RETROESCAVADEIRA SOBRE RODAS COM CARREGADEIRA, TRAÇÃO 4X2, POTÊNCIA LÍQ. 79 HP, CAÇAMBA CARREG. CAP. MÍN. 1 M3, CAÇAMBA RETRO CAP. 0,20 M3, PESO OPERACIONAL MÍN. 6.570 KG, PROFUNDIDADE ESCAVAÇÃO MÁX. 4,37 M - CHP DIURNO. AF_06/2014","CHP",139.76]
[5684,"ROLO COMPACTADOR VIBRATÓRIO DE UM CILINDRO AÇO LISO, POTÊNCIA 80 HP, PESO OPERACIONAL MÁXIMO 8,1 T, IMPACTO DINÂMICO 16,15 / 9,5 T, LARGURA DE TRABALHO 1,68 M - CHP DIURNO. AF_06/2014","CHP",159.01]
[5689,"GRADE DE DISCO CONTROLE REMOTO REBOCÁVEL, COM 24 DISCOS 24 X 6 MM COM PNEUS PARA TRANSPORTE - CHP DIURNO. AF_06/2014","CHP",6.32]
[5795,"MARTELETE OU ROMPEDOR PNEUMÁTICO MANUAL, 28 KG, COM SILENCIADOR - CHP DIURNO. AF_07/2016","CHP",27.22]
[5811,"CAMINHÃO BASCULANTE 6 M3, PESO BRUTO TOTAL 16.000 KG, CARGA ÚTIL MÁXIMA 13.071 KG, DISTÂNCIA ENTRE EIXOS 4,80 M, POTÊNCIA 230 CV INCLUSIVE CAÇAMBA METÁLICA - CHP DIURNO. AF_06/2014","CHP",201.51]
[5823,"USINA DE CONCRETO FIXA, CAPACIDADE NOMINAL DE 90 A 120 M3/H, SEM SILO - CHP DIURNO. AF_07/2016","CHP",211.49]
[5824,"CAMINHÃO TOCO, PBT 16.000 KG, CARGA ÚTIL MÁX. 10.685 KG, DIST. ENTRE EIXOS 4,8 M, POTÊNCIA 189 CV, INCLUSIVE CARROCERIA FIXA ABERTA DE MADEIRA P/ TRANSPORTE GERAL DE CARGA SECA, DIMEN. APROX. 2,5 X 7,00 X 0,50 M - CHP DIURNO. AF_06/2014","CHP",212.48]
[5835,"VIBROACABADORA DE ASFALTO SOBRE ESTEIRAS, LARGURA DE PAVIMENTAÇÃO 1,90 M A 5,30 M, POTÊNCIA 105 HP CAPACIDADE 450 T/H - CHP DIURNO. AF_11/2014","CHP",370.22]
[5839,"VASSOURA MECÂNICA REBOCÁVEL COM ESCOVA CILÍNDRICA, LARGURA ÚTIL DE VARRIMENTO DE 2,44 M - CHP DIURNO. AF_06/2014","CHP",9.33]
[5843,"TRATOR DE PNEUS, POTÊNCIA 122 CV, TRAÇÃO 4X4, PESO COM LASTRO DE 4.510 KG - CHP DIURNO. AF_06/2014","CHP",179.87]
[5847,"TRATOR DE ESTEIRAS, POTÊNCIA 170 HP, PESO OPERACIONAL 19 T, CAÇAMBA 5,2 M3 - CHP DIURNO. AF_06/2014","CHP",274.73]
[5851,"TRATOR DE ESTEIRAS, POTÊNCIA 150 HP, PESO OPERACIONAL 16,7 T, COM RODA MOTRIZ ELEVADA E LÂMINA 3,18 M3 - CHP DIURNO. AF_06/2014","CHP",263.22000000000003]
[5855,"TRATOR DE ESTEIRAS, POTÊNCIA 347 HP, PESO OPERACIONAL 38,5 T, COM LÂMINA 8,70 M3 - CHP DIURNO. AF_06/2014","CHP",702.35]
[5863,"ROLO COMPACTADOR VIBRATÓRIO REBOCÁVEL, CILINDRO DE AÇO LISO, POTÊNCIA DE TRAÇÃO DE 65 CV, PESO 4,7 T, IMPACTO DINÂMICO 18,3 T, LARGURA DE TRABALHO 1,67 M - CHP DIURNO. AF_02/2016","CHP",24.36]
[5867,"ROLO COMPACTADOR VIBRATÓRIO TANDEM AÇO LISO, POTÊNCIA 58 HP, PESO SEM/COM LASTRO 6,5 / 9,4 T, LARGURA DE TRABALHO 1,2 M - CHP DIURNO. AF_06/2014","CHP",161.35]
[5875,"RETROESCAVADEIRA SOBRE RODAS COM CARREGADEIRA, TRAÇÃO 4X4, POTÊNCIA LÍQ. 72 HP, CAÇAMBA CARREG. CAP. MÍN. 0,79 M3, CAÇAMBA RETRO CAP. 0,18 M3, PESO OPERACIONAL MÍN. 7.140 KG, PROFUNDIDADE ESCAVAÇÃO MÁX. 4,50 M - CHP DIURNO. AF_06/2014","CHP",140.91]
[5879,"ROLO COMPACTADOR VIBRATÓRIO PÉ DE CARNEIRO, OPERADO POR CONTROLE REMOTO, POTÊNCIA 12,5 KW, PESO OPERACIONAL 1,675 T, LARGURA DE TRABALHO 0,85 M - CHP DIURNO. AF_02/2016","CHP",143.99]
[5882,"USINA DE LAMA ASFÁLTICA, PROD 30 A 50 T/H, SILO DE AGREGADO 7 M3, RESERVATÓRIOS PARA EMULSÃO E ÁGUA DE 2,3 M3 CADA, MISTURADOR TIPO PUG MILL A SER MONTADO SOBRE CAMINHÃO - CHP DIURNO. AF_10/2014","CHP",120.97]
[5890,"CAMINHÃO TOCO, PESO BRUTO TOTAL 14.300 KG, CARGA ÚTIL MÁXIMA 9590 KG, DISTÂNCIA ENTRE EIXOS 4,76 M, POTÊNCIA 185 CV (NÃO INCLUI CARROCERIA) - CHP DIURNO. AF_06/2014","CHP",199.46]
[5894,"CAMINHÃO TOCO, PESO BRUTO TOTAL 16.000 KG, CARGA ÚTIL MÁXIMA DE 10.685 KG, DISTÂNCIA ENTRE EIXOS 4,80 M, POTÊNCIA 189 CV EXCLUSIVE CARROCERIA - CHP DIURNO. AF_06/2014","CHP",207.64]
[5901,"CAMINHÃO PIPA 10.000 L TRUCADO, PESO BRUTO TOTAL 23.000 KG, CARGA ÚTIL MÁXIMA 15.935 KG, DISTÂNCIA ENTRE EIXOS 4,8 M, POTÊNCIA 230 CV, INCLUSIVE TANQUE DE AÇO PARA TRANSPORTE DE ÁGUA - CHP DIURNO. AF_06/2014","CHP",311.85000000000002]
[5909,"ESPARGIDOR DE ASFALTO PRESSURIZADO COM TANQUE DE 2500 L, REBOCÁVEL COM MOTOR A GASOLINA POTÊNCIA 3,4 HP - CHP DIURNO. AF_07/2014","CHP",31.3]
[5921,"GRADE DE DISCO REBOCÁVEL COM 20 DISCOS 24\" X 6 MM COM PNEUS PARA TRANSPORTE - CHP DIURNO. AF_06/2014","CHP",4.96]
[5928,"GUINDAUTO HIDRÁULICO, CAPACIDADE MÁXIMA DE CARGA 6200 KG, MOMENTO MÁXIMO DE CARGA 11,7 TM, ALCANCE MÁXIMO HORIZONTAL 9,70 M, INCLUSIVE CAMINHÃO TOCO PBT 16.000 KG, POTÊNCIA DE 189 CV - CHP DIURNO. AF_06/2014","CHP",272.79000000000002]
[5932,"MOTONIVELADORA POTÊNCIA BÁSICA LÍQUIDA (PRIMEIRA MARCHA) 125 HP, PESO BRUTO 13032 KG, LARGURA DA LÂMINA DE 3,7 M - CHP DIURNO. AF_06/2014","CHP",252.61]
[5940,"PÁ CARREGADEIRA SOBRE RODAS, POTÊNCIA LÍQUIDA 128 HP, CAPACIDADE DA CAÇAMBA 1,7 A 2,8 M3, PESO OPERACIONAL 11632 KG - CHP DIURNO. AF_06/2014","CHP",176.74]
[5944,"PÁ CARREGADEIRA SOBRE RODAS, POTÊNCIA 197 HP, CAPACIDADE DA CAÇAMBA 2,5 A 3,5 M3, PESO OPERACIONAL 18338 KG - CHP DIURNO. AF_06/2014","CHP",241.36]
[5953,"COMPRESSOR DE AR REBOCÁVEL, VAZÃO 189 PCM, PRESSÃO EFETIVA DE TRABALHO 102 PSI, MOTOR DIESEL, POTÊNCIA 63 CV - CHP DIURNO. AF_06/2015","CHP",59.96]
[6259,"CAMINHÃO PIPA 6.000 L, PESO BRUTO TOTAL 13.000 KG, DISTÂNCIA ENTRE EIXOS 4,80 M, POTÊNCIA 189 CV INCLUSIVE TANQUE DE AÇO PARA TRANSPORTE DE ÁGUA, CAPACIDADE 6 M3 - CHP DIURNO. AF_06/2014","CHP",251.42]
[6879,"ROLO COMPACTADOR DE PNEUS ESTÁTICO, PRESSÃO VARIÁVEL, POTÊNCIA 111 HP, PESO SEM/COM LASTRO 9,5 / 26 T, LARGURA DE TRABALHO 1,90 M - CHP DIURNO. AF_07/2014","CHP",211.69]
[7030,"TANQUE DE ASFALTO ESTACIONÁRIO COM SERPENTINA, CAPACIDADE 30.000 L - CHP DIURNO. AF_05/2023","CHP",265.52]
[7042,"MOTOBOMBA TRASH (PARA ÁGUA SUJA) AUTO ESCORVANTE, MOTOR GASOLINA DE 6,41 HP, DIÂMETROS DE SUCÇÃO X RECALQUE: 3\" X 3\", HM/Q = 10 MCA / 60 M3/H A 23 MCA / 0 M3/H - CHP DIURNO. AF_10/2014","CHP",25.68]
[7049,"ROLO COMPACTADOR PE DE CARNEIRO VIBRATORIO, POTENCIA 125 HP, PESO OPERACIONAL SEM/COM LASTRO 11,95 / 13,30 T, IMPACTO DINAMICO 38,5 / 22,5 T, LARGURA DE TRABALHO 2,15 M - CHP DIURNO. AF_06/2014","CHP",222.02]
[67826,"CAMINHÃO BASCULANTE 6 M3 TOCO, PESO BRUTO TOTAL 16.000 KG, CARGA ÚTIL MÁXIMA 11.130 KG, DISTÂNCIA ENTRE EIXOS 5,36 M, POTÊNCIA 185 CV, INCLUSIVE CAÇAMBA METÁLICA - CHP DIURNO. AF_06/2014","CHP",184.45]
[73417,"GRUPO GERADOR ESTACIONÁRIO, MOTOR DIESEL POTÊNCIA 170 KVA - CHP DIURNO. AF_02/2016","CHP",189.47]
[73436,"ROLO COMPACTADOR VIBRATÓRIO PÉ DE CARNEIRO PARA SOLOS, POTÊNCIA 80 HP, PESO OPERACIONAL SEM/COM LASTRO 7,4 / 8,8 T, LARGURA DE TRABALHO 1,68 M - CHP DIURNO. AF_02/2016","CHP",162.29]
[73467,"CAMINHÃO TOCO, PBT 14.300 KG, CARGA ÚTIL MÁX. 9.710 KG, DIST. ENTRE EIXOS 3,56 M, POTÊNCIA 185 CV, INCLUSIVE CARROCERIA FIXA ABERTA DE MADEIRA P/ TRANSPORTE GERAL DE CARGA SECA, DIMEN. APROX. 2,50 X 6,50 X 0,50 M - CHP DIURNO. AF_06/2014","CHP",244.23]
[73536,"MOTOBOMBA CENTRÍFUGA, MOTOR A GASOLINA, POTÊNCIA 5,42 HP, BOCAIS 1 1/2\" X 1\", DIÂMETRO ROTOR 143 MM HM/Q = 6 MCA / 16,8 M3/H A 38 MCA / 6,6 M3/H - CHP DIURNO. AF_06/2014","CHP",21.72]
[83362,"ESPARGIDOR DE ASFALTO PRESSURIZADO, TANQUE 6 M3 COM ISOLAÇÃO TÉRMICA, AQUECIDO COM 2 MAÇARICOS, COM BARRA ESPARGIDORA 3,60 M, MONTADO SOBRE CAMINHÃO  TOCO, PBT 14.300 KG, POTÊNCIA 185 CV - CHP DIURNO. AF_05/2023","CHP",261.2]
[83765,"GRUPO DE SOLDAGEM COM GERADOR A DIESEL 60 CV PARA SOLDA ELÉTRICA, SOBRE 04 RODAS, COM MOTOR 4 CILINDROS 600 A - CHP DIURNO. AF_02/2016","CHP",99.04]
[87445,"BETONEIRA CAPACIDADE NOMINAL 400 L, CAPACIDADE DE MISTURA 310 L, MOTOR A DIESEL POTÊNCIA 5,0 HP, SEM CARREGADOR - CHP DIURNO. AF_05/2023","CHP",5.42]
[88386,"MISTURADOR DE ARGAMASSA, EIXO HORIZONTAL, CAPACIDADE DE MISTURA 300 KG, MOTOR ELÉTRICO POTÊNCIA 5 CV - CHP DIURNO. AF_05/2023","CHP",5.41]
[88393,"MISTURADOR DE ARGAMASSA, EIXO HORIZONTAL, CAPACIDADE DE MISTURA 600 KG, MOTOR ELÉTRICO POTÊNCIA 7,5 CV - CHP DIURNO. AF_05/2023","CHP",7.4]
[88399,"MISTURADOR DE ARGAMASSA, EIXO HORIZONTAL, CAPACIDADE DE MISTURA 160 KG, MOTOR ELÉTRICO POTÊNCIA 3 CV - CHP DIURNO. AF_05/2023","CHP",4.07]
[88418,"PROJETOR DE ARGAMASSA, CAPACIDADE DE PROJEÇÃO 1,5 M3/H, ALCANCE DE 30 ATÉ 60 M, MOTOR ELÉTRICO POTÊNCIA 7,5 HP - CHP DIURNO. AF_06/2014","CHP",16.55]
[88433,"PROJETOR DE ARGAMASSA, CAPACIDADE DE PROJEÇÃO 2 M3/H, ALCANCE ATÉ 50 M, MOTOR ELÉTRICO POTÊNCIA 7,5 HP - CHP DIURNO. AF_06/2014","CHP",21.6]
[88830,"BETONEIRA CAPACIDADE NOMINAL DE 400 L, CAPACIDADE DE MISTURA 280 L, MOTOR ELÉTRICO TRIFÁSICO POTÊNCIA DE 2 CV, SEM CARREGADOR - CHP DIURNO. AF_05/2023","CHP",2.1]
[88843,"TRATOR DE ESTEIRAS, POTÊNCIA 125 HP, PESO OPERACIONAL 12,9 T, COM LÂMINA 2,7 M3 - CHP DIURNO. AF_10/2014","CHP",220.92]
[88907,"ESCAVADEIRA HIDRÁULICA SOBRE ESTEIRAS, CAÇAMBA 1,20 M3, PESO OPERACIONAL 21 T, POTÊNCIA BRUTA 155 HP - CHP DIURNO. AF_06/2014","CHP",248.33]
[89021,"BOMBA SUBMERSÍVEL ELÉTRICA TRIFÁSICA, POTÊNCIA 2,96 HP, Ø ROTOR 144 MM SEMI-ABERTO, BOCAL DE SAÍDA Ø 2\", HM/Q = 2 MCA / 38,8 M3/H A 28 MCA / 5 M3/H - CHP DIURNO. AF_06/2014","CHP",2.95]
[89028,"TANQUE DE ASFALTO ESTACIONÁRIO COM MAÇARICO, CAPACIDADE 20.000 L - CHP DIURNO. AF_05/2023","CHP",178.79]
[89032,"TRATOR DE ESTEIRAS, POTÊNCIA 100 HP, PESO OPERACIONAL 9,4 T, COM LÂMINA 2,19 M3 - CHP DIURNO. AF_06/2014","CHP",200.41]
[89035,"TRATOR DE PNEUS, POTÊNCIA 85 CV, TRAÇÃO 4X4, PESO COM LASTRO DE 4.675 KG - CHP DIURNO. AF_06/2014","CHP",136.63999999999999]
[89225,"BETONEIRA CAPACIDADE NOMINAL DE 600 L, CAPACIDADE DE MISTURA 360 L, MOTOR ELÉTRICO TRIFÁSICO POTÊNCIA DE 4 CV, SEM CARREGADOR - CHP DIURNO. AF_05/2023","CHP",6.07]
[89234,"FRESADORA DE ASFALTO A FRIO SOBRE RODAS, LARGURA FRESAGEM DE 1,0 M, POTÊNCIA 208 HP - CHP DIURNO. AF_11/2014","CHP",563.6]
[89242,"FRESADORA DE ASFALTO A FRIO SOBRE RODAS, LARGURA FRESAGEM DE 2,0 M, POTÊNCIA 550 HP - CHP DIURNO. AF_11/2014","CHP",1330.88]
[89250,"RECICLADORA DE ASFALTO A FRIO SOBRE RODAS, LARGURA FRESAGEM DE 2,0 M, POTÊNCIA 422 HP - CHP DIURNO. AF_11/2014","CHP",1152.8399999999999]
[89257,"VIBROACABADORA DE ASFALTO SOBRE ESTEIRAS, LARGURA DE PAVIMENTAÇÃO 2,13 M A 4,55 M, POTÊNCIA 100 HP CAPACIDADE 400 T/H - CHP DIURNO. AF_11/2014","CHP",320]
[89272,"GUINDASTE HIDRÁULICO AUTOPROPELIDO, COM LANÇA TELESCÓPICA 28,80 M, CAPACIDADE MÁXIMA 30 T, POTÊNCIA 97 KW, TRAÇÃO 4 X 4 - CHP DIURNO. AF_11/2014","CHP",223.06]
[89278,"BETONEIRA CAPACIDADE NOMINAL DE 600 L, CAPACIDADE DE MISTURA 440 L, MOTOR A DIESEL POTÊNCIA 10 HP, COM CARREGADOR - CHP DIURNO. AF_05/2023","CHP",12.96]
[89843,"BATE-ESTACAS POR GRAVIDADE, POTÊNCIA DE 160 HP, PESO DO MARTELO ATÉ 3 TONELADAS - CHP DIURNO. AF_11/2014","CHP",209.31]
[89876,"CAMINHÃO BASCULANTE 14 M3, COM CAVALO MECÂNICO DE CAPACIDADE MÁXIMA DE TRAÇÃO COMBINADO DE 36000 KG, POTÊNCIA 286 CV, INCLUSIVE SEMIREBOQUE COM CAÇAMBA METÁLICA - CHP DIURNO. AF_12/2014","CHP",325.83]
[89883,"CAMINHÃO BASCULANTE 18 M3, COM CAVALO MECÂNICO DE CAPACIDADE MÁXIMA DE TRAÇÃO COMBINADO DE 45000 KG, POTÊNCIA 330 CV, INCLUSIVE SEMIREBOQUE COM CAÇAMBA METÁLICA - CHP DIURNO. AF_12/2014","CHP",360.85]
[90586,"VIBRADOR DE IMERSÃO, DIÂMETRO DE PONTEIRA 45MM, MOTOR ELÉTRICO TRIFÁSICO POTÊNCIA DE 2 CV - CHP DIURNO. AF_06/2015","CHP",1.36]
[90625,"PERFURATRIZ MANUAL, TORQUE MÁXIMO 83 N.M, POTÊNCIA 5 CV, COM DIÂMETRO MÁXIMO 4\" - CHP DIURNO. AF_06/2015","CHP",8.83]
[90631,"PERFURATRIZ SOBRE ESTEIRA, TORQUE MÁXIMO 600 KGF, PESO MÉDIO 1000 KG, POTÊNCIA 20 HP, DIÂMETRO MÁXIMO 10\" - CHP DIURNO. AF_06/2015","CHP",159.83000000000001]
[90637,"MISTURADOR DUPLO HORIZONTAL DE ALTA TURBULÊNCIA, CAPACIDADE / VOLUME 2 X 500 LITROS, MOTORES ELÉTRICOS MÍNIMO 5 CV CADA, PARA NATA CIMENTO, ARGAMASSA E OUTROS - CHP DIURNO. AF_06/2015","CHP",17.309999999999999]
[90643,"BOMBA TRIPLEX, PARA INJEÇÃO DE NATA DE CIMENTO, VAZÃO MÁXIMA DE 100 LITROS/MINUTO, PRESSÃO MÁXIMA DE 70 BAR - CHP DIURNO. AF_06/2015","CHP",29.12]
[90650,"BOMBA CENTRÍFUGA MONOESTÁGIO COM MOTOR ELÉTRICO MONOFÁSICO, POTÊNCIA 15 HP, DIÂMETRO DO ROTOR 173 MM, HM/Q = 30 MCA / 90 M3/H A 45 MCA / 55 M3/H - CHP DIURNO. AF_06/2015","CHP",12.27]
[90656,"BOMBA DE PROJEÇÃO DE CONCRETO SECO, POTÊNCIA 10 CV, VAZÃO 3 M3/H - CHP DIURNO. AF_06/2015","CHP",17.13]
[90662,"BOMBA DE PROJEÇÃO DE CONCRETO SECO, POTÊNCIA 10 CV, VAZÃO 6 M3/H - CHP DIURNO. AF_06/2015","CHP",17.899999999999999]
[90668,"PROJETOR PNEUMÁTICO DE ARGAMASSA PARA CHAPISCO E REBOCO COM RECIPIENTE ACOPLADO, TIPO CANEQUINHA, COM COMPRESSOR DE AR REBOCÁVEL VAZÃO 89 PCM E MOTOR DIESEL DE 20 CV - CHP DIURNO. AF_05/2023","CHP",32.770000000000003]
[90674,"PERFURATRIZ COM TORRE METÁLICA PARA EXECUÇÃO DE ESTACA HÉLICE CONTÍNUA, PROFUNDIDADE MÁXIMA DE 30 M, DIÂMETRO MÁXIMO DE 800 MM, POTÊNCIA INSTALADA DE 268 HP, MESA ROTATIVA COM TORQUE MÁXIMO DE 170 KNM - CHP DIURNO. AF_06/2015","CHP",723.52]
[90680,"PERFURATRIZ HIDRÁULICA SOBRE CAMINHÃO COM TRADO CURTO ACOPLADO, PROFUNDIDADE MÁXIMA DE 20 M, DIÂMETRO MÁXIMO DE 1500 MM, POTÊNCIA INSTALADA DE 137 HP, MESA ROTATIVA COM TORQUE MÁXIMO DE 30 KNM - CHP DIURNO. AF_06/2015","CHP",385.83]
[90686,"MANIPULADOR TELESCÓPICO, POTÊNCIA DE 85 HP, CAPACIDADE DE CARGA DE 3.500 KG, ALTURA MÁXIMA DE ELEVAÇÃO DE 12,3 M - CHP DIURNO. AF_05/2023","CHP",175.34]
[90692,"MINICARREGADEIRA SOBRE RODAS, POTÊNCIA LÍQUIDA DE 47 HP, CAPACIDADE NOMINAL DE OPERAÇÃO DE 646 KG - CHP DIURNO. AF_06/2015","CHP",125.5]
[90964,"COMPRESSOR DE AR REBOCÁVEL, VAZÃO 89 PCM, PRESSÃO EFETIVA DE TRABALHO 102 PSI, MOTOR DIESEL, POTÊNCIA 20 CV - CHP DIURNO. AF_06/2015","CHP",32.659999999999997]
[90972,"COMPRESSOR DE AR REBOCAVEL, VAZÃO 250 PCM, PRESSAO DE TRABALHO 102 PSI, MOTOR A DIESEL POTÊNCIA 81 CV - CHP DIURNO. AF_06/2015","CHP",77.8]
[90979,"COMPRESSOR DE AR REBOCÁVEL, VAZÃO 748 PCM, PRESSÃO EFETIVA DE TRABALHO 102 PSI, MOTOR DIESEL, POTÊNCIA 210 CV - CHP DIURNO. AF_06/2015","CHP",200.88]
[90999,"COMPRESSOR DE AR REBOCAVEL, VAZÃO 400 PCM, PRESSAO DE TRABALHO 102 PSI, MOTOR A DIESEL POTÊNCIA 110 CV - CHP DIURNO. AF_06/2015","CHP",102.6]
[91031,"CAMINHÃO TRUCADO (C/ TERCEIRO EIXO) ELETRÔNICO - POTÊNCIA 231CV - PBT = 22000KG - DIST. ENTRE EIXOS 5170 MM - INCLUI CARROCERIA FIXA ABERTA DE MADEIRA - CHP DIURNO. AF_06/2015","CHP",254.63]
[91277,"PLACA VIBRATÓRIA REVERSÍVEL COM MOTOR 4 TEMPOS A GASOLINA, FORÇA CENTRÍFUGA DE 25 KN (2500 KGF), POTÊNCIA 5,5 CV - CHP DIURNO. AF_08/2015","CHP",9.86]
[91283,"CORTADORA DE PISO COM MOTOR 4 TEMPOS A GASOLINA, POTÊNCIA DE 13 HP, COM DISCO DE CORTE DIAMANTADO SEGMENTADO PARA CONCRETO, DIÂMETRO DE 350 MM, FURO DE 1\" (14 X 1\") - CHP DIURNO. AF_08/2015","CHP",10.63]
[91386,"CAMINHÃO BASCULANTE 10 M3, TRUCADO CABINE SIMPLES, PESO BRUTO TOTAL 23.000 KG, CARGA ÚTIL MÁXIMA 15.935 KG, DISTÂNCIA ENTRE EIXOS 4,80 M, POTÊNCIA 230 CV INCLUSIVE CAÇAMBA METÁLICA - CHP DIURNO. AF_06/2014","CHP",264.36]
[91533,"COMPACTADOR DE SOLOS DE PERCUSSÃO (SOQUETE) COM MOTOR A GASOLINA 4 TEMPOS, POTÊNCIA 4 CV - CHP DIURNO. AF_08/2015","CHP",38.99]
[91634,"GUINDAUTO HIDRÁULICO, CAPACIDADE MÁXIMA DE CARGA 6500 KG, MOMENTO MÁXIMO DE CARGA 5,8 TM, ALCANCE MÁXIMO HORIZONTAL 7,60 M, INCLUSIVE CAMINHÃO TOCO PBT 9.700 KG, POTÊNCIA DE 160 CV - CHP DIURNO. AF_08/2015","CHP",231.45]
[91645,"CAMINHÃO DE TRANSPORTE DE MATERIAL ASFÁLTICO 30.000 L, COM CAVALO MECÂNICO DE CAPACIDADE MÁXIMA DE TRAÇÃO COMBINADO DE 66.000 KG, POTÊNCIA 360 CV, INCLUSIVE TANQUE DE ASFALTO COM SERPENTINA - CHP DIURNO. AF_08/2015","CHP",459.36]
[91692,"SERRA CIRCULAR DE BANCADA COM MOTOR ELÉTRICO POTÊNCIA DE 5HP, COM COIFA PARA DISCO 10\" - CHP DIURNO. AF_08/2015","CHP",32.549999999999997]
[92043,"DISTRIBUIDOR DE AGREGADOS REBOCAVEL, CAPACIDADE 1,9 M³, LARGURA DE TRABALHO 3,66 M - CHP DIURNO. AF_11/2015","CHP",13.19]
[92106,"CAMINHÃO PARA EQUIPAMENTO DE LIMPEZA A SUCÇÃO, COM CAMINHÃO TRUCADO DE PESO BRUTO TOTAL 23000 KG, CARGA ÚTIL MÁXIMA 15935 KG, DISTÂNCIA ENTRE EIXOS 4,80 M, POTÊNCIA 230 CV, INCLUSIVE LIMPADORA A SUCÇÃO, TANQUE 12000 L - CHP DIURNO. AF_05/2023","CHP",350.72]
[92112,"PENEIRA ROTATIVA COM MOTOR ELÉTRICO TRIFÁSICO DE 2 CV, CILINDRO DE 1 M X 0,60 M, COM FUROS DE 3,17 MM - CHP DIURNO. AF_05/2023","CHP",4]
[92118,"DOSADOR DE AREIA, CAPACIDADE DE 26 LITROS - CHP DIURNO. AF_05/2023","CHP",0.52]
[92138,"CAMINHONETE COM MOTOR A DIESEL, POTÊNCIA 180 CV, CABINE DUPLA, 4X4 - CHP DIURNO. AF_11/2015","CHP",94.11]
[92145,"CAMINHONETE CABINE SIMPLES COM MOTOR 1.6 FLEX, CÂMBIO MANUAL, POTÊNCIA 101/104 CV, 2 PORTAS - CHP DIURNO. AF_11/2015","CHP",78.38]
[92242,"CAMINHÃO DE TRANSPORTE DE MATERIAL ASFÁLTICO 20.000 L, COM CAVALO MECÂNICO DE CAPACIDADE MÁXIMA DE TRAÇÃO COMBINADO DE 45.000 KG, POTÊNCIA 330 CV, INCLUSIVE TANQUE DE ASFALTO COM MAÇARICO - CHP DIURNO. AF_12/2015","CHP",399.56]
[92716,"APARELHO PARA CORTE E SOLDA OXI-ACETILENO SOBRE RODAS, INCLUSIVE CILINDROS E MAÇARICOS - CHP DIURNO. AF_05/2023","CHP",125.65]
[92960,"MÁQUINA EXTRUSORA DE CONCRETO PARA GUIAS E SARJETAS, MOTOR A DIESEL, POTÊNCIA 14 CV - CHP DIURNO. AF_12/2015","CHP",19.149999999999999]
[92966,"MARTELO PERFURADOR PNEUMÁTICO MANUAL, HASTE 25 X 75 MM, 21 KG - CHP DIURNO. AF_12/2015","CHP",27.35]
[93224,"PERFURATRIZ COM TORRE METÁLICA PARA EXECUÇÃO DE ESTACA HÉLICE CONTÍNUA, PROFUNDIDADE MÁXIMA DE 32 M, DIÂMETRO MÁXIMO DE 1000 MM, POTÊNCIA INSTALADA DE 350 HP, MESA ROTATIVA COM TORQUE MÁXIMO DE 263 KNM - CHP DIURNO. AF_01/2016","CHP",1065.98]
[93233,"BETONEIRA CAPACIDADE NOMINAL 400 L, CAPACIDADE DE MISTURA 310 L, MOTOR A GASOLINA POTÊNCIA 5,5 HP, SEM CARREGADOR - CHP DIURNO. AF_02/2016","CHP",5.87]
[93272,"GRUA ASCENSIONAL, LANCA DE 30 M, CAPACIDADE DE 1,0 T A 30 M, ALTURA ATE 39 M - CHP DIURNO. AF_05/2023","CHP",104.63]
[93281,"GUINCHO ELÉTRICO DE COLUNA, CAPACIDADE 400 KG, COM MOTO FREIO, MOTOR TRIFÁSICO DE 1,25 CV - CHP DIURNO. AF_03/2016","CHP",24.66]
[93287,"GUINDASTE HIDRÁULICO AUTOPROPELIDO, COM LANÇA TELESCÓPICA 40 M, CAPACIDADE MÁXIMA 60 T, POTÊNCIA 260 KW - CHP DIURNO. AF_03/2016","CHP",356.68]
[93402,"GUINDAUTO HIDRÁULICO, CAPACIDADE MÁXIMA DE CARGA 3300 KG, MOMENTO MÁXIMO DE CARGA 5,8 TM, ALCANCE MÁXIMO HORIZONTAL 7,60 M, INCLUSIVE CAMINHÃO TOCO PBT 16.000 KG, POTÊNCIA DE 189 CV - CHP DIURNO. AF_03/2016","CHP",266.74]
[93408,"MÁQUINA JATO DE PRESSAO PORTÁTIL, CAMARA DE 1 SAIDA, CAPACIDADE 280 L, DIAMETRO 670 MM, BICO DE JATO CURTO VENTURI DE 5/16\" , MANGUEIRA DE 1\" COM COMPRESSOR DE AR REBOCÁVEL 189 PCM E MOTOR DIESEL 63 CV - CHP DIURNO. AF_05/2023","CHP",91.06]
[93415,"GERADOR PORTÁTIL MONOFÁSICO, POTÊNCIA 5500 VA, MOTOR A GASOLINA, POTÊNCIA DO MOTOR 13 CV - CHP DIURNO. AF_03/2016","CHP",11.84]
[93421,"GRUPO GERADOR REBOCÁVEL, POTÊNCIA 66 KVA, MOTOR A DIESEL - CHP DIURNO. AF_03/2016","CHP",76.33]
[93427,"GRUPO GERADOR ESTACIONÁRIO, POTÊNCIA 150 KVA, MOTOR A DIESEL- CHP DIURNO. AF_03/2016","CHP",172.6]
[93433,"USINA DE MISTURA ASFÁLTICA À QUENTE, TIPO CONTRA FLUXO, PROD 40 A 80 TON/HORA - CHP DIURNO. AF_05/2023","CHP",2640.04]
[93439,"USINA DE ASFALTO À FRIO, CAPACIDADE DE 40 A 60 TON/HORA, ELÉTRICA POTÊNCIA 30 CV - CHP DIURNO. AF_05/2023","CHP",242.1]
[95121,"USINA MISTURADORA DE SOLOS, CAPACIDADE DE 200 A 500 TON/H, POTENCIA 75KW - CHP DIURNO. AF_07/2016","CHP",345.78]
[95127,"DISTRIBUIDOR DE AGREGADOS AUTOPROPELIDO, CAP 3 M3, A DIESEL, POTÊNCIA 176CV - CHP DIURNO. AF_07/2016","CHP",219.46]
[95133,"MÁQUINA DEMARCADORA DE FAIXA DE TRÁFEGO À FRIO, AUTOPROPELIDA, POTÊNCIA 38 HP - CHP DIURNO. AF_07/2016","CHP",180.89]
[95139,"TALHA MANUAL DE CORRENTE, CAPACIDADE DE 2 TON. COM ELEVAÇÃO DE 3 M - CHP DIURNO. AF_07/2016","CHP",0.05]
[95212,"GRUA ASCENCIONAL, LANCA DE 42 M, CAPACIDADE DE 1,5 T A 30 M, ALTURA ATE 39 M - CHP DIURNO. AF_05/2023","CHP",167.41]
[95258,"MARTELO DEMOLIDOR PNEUMÁTICO MANUAL, 32 KG - CHP DIURNO. AF_09/2016","CHP",26.73]
[95264,"COMPACTADOR DE SOLOS DE PERCUSÃO (SOQUETE) COM MOTOR A GASOLINA, POTÊNCIA 3 CV - CHP DIURNO. AF_09/2016","CHP",6.08]
[95270,"RÉGUA VIBRATÓRIA DUPLA PARA CONCRETO, PESO DE 60KG, COMPRIMENTO 4 M, COM MOTOR A GASOLINA, POTÊNCIA 5,5 HP - CHP DIURNO. AF_09/2016","CHP",9.84]
[95276,"POLIDORA DE PISO (POLITRIZ), PESO DE 100KG, DIÂMETRO 450 MM, MOTOR ELÉTRICO, POTÊNCIA 4 HP - CHP DIURNO. AF_05/2023","CHP",3.46]
[95282,"DESEMPENADEIRA DE CONCRETO, PESO DE 78 KG, 4 PÁS, MOTOR A GASOLINA, POTÊNCIA 5,5 HP - CHP DIURNO. AF_05/2023","CHP",10.06]
[95620,"PERFURATRIZ PNEUMATICA MANUAL DE PESO MEDIO, MARTELETE, 18KG, COMPRIMENTO MÁXIMO DE CURSO DE 6 M, DIAMETRO DO PISTAO DE 5,5 CM - CHP DIURNO. AF_11/2016","CHP",26.04]
[95631,"ROLO COMPACTADOR VIBRATORIO TANDEM, ACO LISO, POTENCIA 125 HP, PESO SEM/COM LASTRO 10,20/11,65 T, LARGURA DE TRABALHO 1,73 M - CHP DIURNO. AF_11/2016","CHP",230.8]
[95702,"PERFURATRIZ MANUAL, TORQUE MAXIMO 55 KGF.M, POTENCIA 5 CV, COM DIAMETRO MAXIMO 8 1/2\" - CHP DIURNO. AF_11/2016","CHP",46.96]
[95708,"PERFURATRIZ SOBRE ESTEIRA, TORQUE MÁXIMO 600 KGF, POTÊNCIA ENTRE 50 E 60 HP, DIÂMETRO MÁXIMO 10\" - CHP DIURNO. AF_11/2016","CHP",163.62]
[95720,"ESCAVADEIRA HIDRAULICA SOBRE ESTEIRA, EQUIPADA COM CLAMSHELL, COM CAPACIDADE DA CAÇAMBA ENTRE 1,20 E 1,50 M3, PESO OPERACIONAL ENTRE 20,00 E 22,00 TON, POTENCIA LIQUIDA ENTRE 150 E 160 HP - CHP DIURNO. AF_11/2016","CHP",276.54000000000002]
[95872,"GRUPO GERADOR COM CARENAGEM, MOTOR DIESEL POTÊNCIA STANDART ENTRE 250 E 260 KVA - CHP DIURNO. AF_12/2016","CHP",292.56]
[96013,"TRATOR DE PNEUS COM POTÊNCIA DE 122 CV, TRAÇÃO 4X4, COM VASSOURA MECÂNICA ACOPLADA - CHP DIURNO. AF_02/2017","CHP",188.16]
[96020,"TRATOR DE PNEUS COM POTÊNCIA DE 122 CV, TRAÇÃO 4X4, COM GRADE DE DISCOS ACOPLADA - CHP DIURNO. AF_02/2017","CHP",187.69]
[96028,"TRATOR DE PNEUS COM POTÊNCIA DE 85 CV, TRAÇÃO 4X4, COM GRADE DE DISCOS ACOPLADA - CHP DIURNO. AF_02/2017","CHP",144.51]
[96035,"CAMINHÃO BASCULANTE 10 M3, TRUCADO, POTÊNCIA 230 CV, INCLUSIVE CAÇAMBA METÁLICA, COM DISTRIBUIDOR DE AGREGADOS ACOPLADO - CHP DIURNO. AF_02/2017","CHP",278.06]
[96157,"TRATOR DE PNEUS COM POTÊNCIA DE 85 CV, TRAÇÃO 4X4, COM VASSOURA MECÂNICA ACOPLADA - CHP DIURNO. AF_03/2017","CHP",144.97999999999999]
[96158,"MINICARREGADEIRA SOBRE RODAS POTENCIA 47HP CAPACIDADE OPERACAO 646 KG, COM VASSOURA MECÂNICA ACOPLADA - CHP DIURNO. AF_03/2017","CHP",134.83000000000001]
[96245,"MINIESCAVADEIRA SOBRE ESTEIRAS, POTÊNCIA LÍQUIDA DE *30* HP, PESO OPERACIONAL DE *3.500* KG - CHP DIURNO. AF_04/2017","CHP",114.78]
[96463,"ROLO COMPACTADOR DE PNEUS, ESTÁTICO, PRESSÃO VARIÁVEL, POTÊNCIA 110 HP, PESO SEM/COM LASTRO 10,8/27 T, LARGURA DE ROLAGEM 2,30 M - CHP DIURNO. AF_06/2017","CHP",218.85]
[98764,"INVERSOR DE SOLDA MONOFÁSICO DE 160 A, POTÊNCIA DE 5400 W, TENSÃO DE 220 V, PARA SOLDA COM ELETRODOS DE 2,0 A 4,0 MM E PROCESSO TIG - CHP DIURNO. AF_06/2018","CHP",4.66]
[99833,"LAVADORA DE ALTA PRESSAO (LAVA-JATO) PARA AGUA FRIA, PRESSAO DE OPERACAO ENTRE 1400 E 1900 LIB/POL2, VAZAO MAXIMA ENTRE 400 E 700 L/H - CHP DIURNO. AF_05/2023","CHP",4.6900000000000004]
[100641,"USINA DE MISTURA ASFÁLTICA À QUENTE, TIPO CONTRA FLUXO, PROD 100 A 140 TON/HORA - CHP DIURNO. AF_12/2019","CHP",4784.54]
[100647,"USINA DE ASFALTO, TIPO GRAVIMÉTRICA, PROD 150 TON/HORA - CHP DIURNO. AF_12/2019","CHP",6526]
[102275,"MARTELO DEMOLIDOR ELÉTRICO, COM POTÊNCIA DE 2.000 W, 1.000 IMPACTOS POR MINUTO, PESO DE 30 KG - CHP DIURNO. AF_01/2021","CHP",26.44]
[102874,"PERFURATRIZ HIDRÁULICA SOBRE ESTEIRA, TORQUE MÁXIMO 161 KNM, PROFUNDIDADE MÁXIMA 54 M, DIÂMETRO MÁXIMO 1500 MM, POTÊNCIA MOTOR 268 HP - CHP DIURNO. AF_04/2019","CHP",987.39]
[102880,"PERFURATRIZ PARA EXECUÇÃO DE ESTACAS SECANTES, TIPO HÉLICE CONTÍNUA COM CABEÇOTE DUPLO E TUBO METÁLICO - CHP DIURNO. AF_04/2019","CHP",1373.17]
[102964,"PERFURATRIZ HIDRÁULICA SOBRE ESTEIRA, TORQUE MÁXIMO 98 KNM, PROFUNDIDADE MÁXIMA 25 M, DIÂMETRO MÁXIMO 115 MM, POTÊNCIA MOTOR 190 HP - CHP DIURNO. AF_02/2021","CHP",471.05]
[102976,"PERFURATRIZ ROTATIVA SOBRE ESTEIRA, TORQUE MAXIMO 2500 KGM, POTENCIA 110 HP, MOTOR DIESEL- CHP DIURNO. AF_05/2017","CHP",270.37]
[103224,"PERFURATRIZ PARA FURO DIRECIONAL HORIZONTAL (HDD) COM CAPACIDADE ATÉ 89 KN, POTÊNCIA 24,8 HP A 80 HP (INCLUSO FERRAMENTAS E LOCALIZADOR) - CHP DIURNO. AF_05/2023","CHP",421.92]
[103230,"PERFURATRIZ PARA FURO DIRECIONAL HORIZONTAL (HDD) COM CAPACIDADE DE 90 KN A 200 KN, POTÊNCIA 100 HP A 160 HP (INCLUSO FERRAMENTAS E LOCALIZADOR) - CHP DIURNO. AF_05/2023","CHP",934.31]
[103236,"PERFURATRIZ PARA FURO DIRECIONAL HORIZONTAL (HDD) COM CAPACIDADE DE 201 KN A 560 KN, POTÊNCIA 200 HP A 260 HP (INCLUSO FERRAMENTAS E LOCALIZADOR) - CHP DIURNO. AF_05/2023","CHP",1277.51]
[104091,"TERMOFUSORA PARA TUBOS E CONEXÕES EM PPR COM DIÂMETROS DE 20 A 63 MM, POTÊNCIA DE 800 W, TENSAO 220 V - CHP DIURNO. AF_05/2022","CHP",0.79]
[104097,"TERMOFUSORA PARA TUBOS E CONEXÕES EM PPR COM DIÂMETROS DE 75 A 110 MM, POTÊNCIA DE *1100* W, TENSÃO 220 V - CHP DIURNO. AF_05/2022","CHP",1.0900000000000001]
[104695,"PERFURATRIZ DE COROA DIAMANTADA PARA CONCRETO, DIÂMETRO ATÉ 250 MM, MOTOR ELÉTRICO 220 V, POTÊNCIA 2.500 W - CHP DIURNO. AF_05/2023","CHP",35.4]
[104716,"ESCAVADEIRA HIDRÁULICA DE BRAÇO LONGO (LONGO ALCANCE) SOBRE ESTEIRAS, CAÇAMBA 0,52 M3, PESO OPERACIONAL 24 T, POTÊNCIA LÍQUIDA 155 HP  - CHP DIURNO. AF_06/2023","CHP",267.27]
[5632,"ESCAVADEIRA HIDRÁULICA SOBRE ESTEIRAS, CAÇAMBA 0,80 M3, PESO OPERACIONAL 17 T, POTENCIA BRUTA 111 HP - CHI DIURNO. AF_06/2014","CHI",89.49]
[5679,"RETROESCAVADEIRA SOBRE RODAS COM CARREGADEIRA, TRAÇÃO 4X4, POTÊNCIA LÍQ. 88 HP, CAÇAMBA CARREG. CAP. MÍN. 1 M3, CAÇAMBA RETRO CAP. 0,26 M3, PESO OPERACIONAL MÍN. 6.674 KG, PROFUNDIDADE ESCAVAÇÃO MÁX. 4,37 M - CHI DIURNO. AF_06/2014","CHI",67.98]
[5681,"RETROESCAVADEIRA SOBRE RODAS COM CARREGADEIRA, TRAÇÃO 4X2, POTÊNCIA LÍQ. 79 HP, CAÇAMBA CARREG. CAP. MÍN. 1 M3, CAÇAMBA RETRO CAP. 0,20 M3, PESO OPERACIONAL MÍN. 6.570 KG, PROFUNDIDADE ESCAVAÇÃO MÁX. 4,37 M - CHI DIURNO. AF_06/2014","CHI",64.16]
[5685,"ROLO COMPACTADOR VIBRATÓRIO DE UM CILINDRO AÇO LISO, POTÊNCIA 80 HP, PESO OPERACIONAL MÁXIMO 8,1 T, IMPACTO DINÂMICO 16,15 / 9,5 T, LARGURA DE TRABALHO 1,68 M - CHI DIURNO. AF_06/2014","CHI",62.46]
[5690,"GRADE DE DISCO CONTROLE REMOTO REBOCÁVEL, COM 24 DISCOS 24\" X 6 MM COM PNEUS PARA TRANSPORTE - CHI DIURNO. AF_06/2014","CHI",4.09]
[5806,"MOTOBOMBA CENTRÍFUGA, MOTOR A GASOLINA, POTÊNCIA 5,42 HP, BOCAIS 1 1/2\" X 1\", DIÂMETRO ROTOR 143 MM HM/Q = 6 MCA / 16,8 M3/H A 38 MCA / 6,6 M3/H - CHI DIURNO. AF_06/2014","CHI",0.41]
[5826,"CAMINHÃO TOCO, PBT 16.000 KG, CARGA ÚTIL MÁX. 10.685 KG, DIST. ENTRE EIXOS 4,8 M, POTÊNCIA 189 CV, INCLUSIVE CARROCERIA FIXA ABERTA DE MADEIRA P/ TRANSPORTE GERAL DE CARGA SECA, DIMEN. APROX. 2,5 X 7,00 X 0,50 M - CHI DIURNO. AF_06/2014","CHI",60]
[5829,"USINA DE CONCRETO FIXA, CAPACIDADE NOMINAL DE 90 A 120 M3/H, SEM SILO - CHI DIURNO. AF_07/2016","CHI",152.55000000000001]
[5837,"VIBROACABADORA DE ASFALTO SOBRE ESTEIRAS, LARGURA DE PAVIMENTAÇÃO 1,90 M A 5,30 M, POTÊNCIA 105 HP CAPACIDADE 450 T/H - CHI DIURNO. AF_11/2014","CHI",143.86000000000001]
[5841,"VASSOURA MECÂNICA REBOCÁVEL COM ESCOVA CILÍNDRICA, LARGURA ÚTIL DE VARRIMENTO DE 2,44 M - CHI DIURNO. AF_06/2014","CHI",4.6900000000000004]
[5845,"TRATOR DE PNEUS, POTÊNCIA 122 CV, TRAÇÃO 4X4, PESO COM LASTRO DE 4.510 KG - CHI DIURNO. AF_06/2014","CHI",59.71]
[5849,"TRATOR DE ESTEIRAS, POTÊNCIA 170 HP, PESO OPERACIONAL 19 T, CAÇAMBA 5,2 M3 - CHI DIURNO. AF_06/2014","CHI",92.96]
[5853,"TRATOR DE ESTEIRAS, POTÊNCIA 150 HP, PESO OPERACIONAL 16,7 T, COM RODA MOTRIZ ELEVADA E LÂMINA 3,18 M3 - CHI DIURNO. AF_06/2014","CHI",93.34]
[5857,"TRATOR DE ESTEIRAS, POTÊNCIA 347 HP, PESO OPERACIONAL 38,5 T, COM LÂMINA 8,70 M3 - CHI DIURNO. AF_06/2014","CHI",235.04]
[5865,"ROLO COMPACTADOR VIBRATÓRIO REBOCÁVEL, CILINDRO DE AÇO LISO, POTÊNCIA DE TRAÇÃO DE 65 CV, PESO 4,7 T, IMPACTO DINÂMICO 18,3 T, LARGURA DE TRABALHO 1,67 M - CHI DIURNO. AF_02/2016","CHI",12.26]
[5869,"ROLO COMPACTADOR VIBRATÓRIO TANDEM AÇO LISO, POTÊNCIA 58 HP, PESO SEM/COM LASTRO 6,5 / 9,4 T, LARGURA DE TRABALHO 1,2 M - CHI DIURNO. AF_06/2014","CHI",71.73]
[5877,"RETROESCAVADEIRA SOBRE RODAS COM CARREGADEIRA, TRAÇÃO 4X4, POTÊNCIA LÍQ. 72 HP, CAÇAMBA CARREG. CAP. MÍN. 0,79 M3, CAÇAMBA RETRO CAP. 0,18 M3, PESO OPERACIONAL MÍN. 7.140 KG, PROFUNDIDADE ESCAVAÇÃO MÁX. 4,50 M - CHI DIURNO. AF_06/2014","CHI",66.760000000000005]
[5881,"ROLO COMPACTADOR VIBRATÓRIO PÉ DE CARNEIRO, OPERADO POR CONTROLE REMOTO, POTÊNCIA 12,5 KW, PESO OPERACIONAL 1,675 T, LARGURA DE TRABALHO 0,85 M - CHI DIURNO. AF_02/2016","CHI",77.36]
[5884,"USINA DE LAMA ASFÁLTICA, PROD 30 A 50 T/H, SILO DE AGREGADO 7 M3, RESERVATÓRIOS PARA EMULSÃO E ÁGUA DE 2,3 M3 CADA, MISTURADOR TIPO PUG MILL A SER MONTADO SOBRE CAMINHÃO - CHI DIURNO. AF_10/2014","CHI",50.95]
[5892,"CAMINHÃO TOCO, PESO BRUTO TOTAL 14.300 KG, CARGA ÚTIL MÁXIMA 9590 KG, DISTÂNCIA ENTRE EIXOS 4,76 M, POTÊNCIA 185 CV (NÃO INCLUI CARROCERIA) - CHI DIURNO. AF_06/2014","CHI",54.85]
[5896,"CAMINHÃO TOCO, PESO BRUTO TOTAL 16.000 KG, CARGA ÚTIL MÁXIMA DE 10.685 KG, DISTÂNCIA ENTRE EIXOS 4,80 M, POTÊNCIA 189 CV EXCLUSIVE CARROCERIA - CHI DIURNO. AF_06/2014","CHI",57.48]
[5903,"CAMINHÃO PIPA 10.000 L TRUCADO, PESO BRUTO TOTAL 23.000 KG, CARGA ÚTIL MÁXIMA 15.935 KG, DISTÂNCIA ENTRE EIXOS 4,8 M, POTÊNCIA 230 CV, INCLUSIVE TANQUE DE AÇO PARA TRANSPORTE DE ÁGUA - CHI DIURNO. AF_06/2014","CHI",71.63]
[5911,"ESPARGIDOR DE ASFALTO PRESSURIZADO COM TANQUE DE 2500 L, REBOCÁVEL COM MOTOR A GASOLINA POTÊNCIA 3,4 HP - CHI DIURNO. AF_07/2014","CHI",23.74]
[5923,"GRADE DE DISCO REBOCÁVEL COM 20 DISCOS 24\" X 6 MM COM PNEUS PARA TRANSPORTE - CHI DIURNO. AF_06/2014","CHI",3.21]
[5930,"GUINDAUTO HIDRÁULICO, CAPACIDADE MÁXIMA DE CARGA 6200 KG, MOMENTO MÁXIMO DE CARGA 11,7 TM, ALCANCE MÁXIMO HORIZONTAL 9,70 M, INCLUSIVE CAMINHÃO TOCO PBT 16.000 KG, POTÊNCIA DE 189 CV - CHI DIURNO. AF_06/2014","CHI",71.510000000000005]
[5934,"MOTONIVELADORA POTÊNCIA BÁSICA LÍQUIDA (PRIMEIRA MARCHA) 125 HP, PESO BRUTO 13032 KG, LARGURA DA LÂMINA DE 3,7 M - CHI DIURNO. AF_06/2014","CHI",96.63]
[5942,"PÁ CARREGADEIRA SOBRE RODAS, POTÊNCIA LÍQUIDA 128 HP, CAPACIDADE DA CAÇAMBA 1,7 A 2,8 M3, PESO OPERACIONAL 11632 KG - CHI DIURNO. AF_06/2014","CHI",79.790000000000006]
[5946,"PÁ CARREGADEIRA SOBRE RODAS, POTÊNCIA 197 HP, CAPACIDADE DA CAÇAMBA 2,5 A 3,5 M3, PESO OPERACIONAL 18338 KG - CHI DIURNO. AF_06/2014","CHI",100.04]
[5952,"MARTELETE OU ROMPEDOR PNEUMÁTICO MANUAL, 28 KG, COM SILENCIADOR - CHI DIURNO. AF_07/2016","CHI",25.04]
[5954,"COMPRESSOR DE AR REBOCÁVEL, VAZÃO 189 PCM, PRESSÃO EFETIVA DE TRABALHO 102 PSI, MOTOR DIESEL, POTÊNCIA 63 CV - CHI DIURNO. AF_06/2015","CHI",6.74]
[5961,"CAMINHÃO BASCULANTE 6 M3, PESO BRUTO TOTAL 16.000 KG, CARGA ÚTIL MÁXIMA 13.071 KG, DISTÂNCIA ENTRE EIXOS 4,80 M, POTÊNCIA 230 CV INCLUSIVE CAÇAMBA METÁLICA - CHI DIURNO. AF_06/2014","CHI",62.32]
[6260,"CAMINHÃO PIPA 6.000 L, PESO BRUTO TOTAL 13.000 KG, DISTÂNCIA ENTRE EIXOS 4,80 M, POTÊNCIA 189 CV INCLUSIVE TANQUE DE AÇO PARA TRANSPORTE DE ÁGUA, CAPACIDADE 6 M3 - CHI DIURNO. AF_06/2014","CHI",59.36]
[6880,"ROLO COMPACTADOR DE PNEUS ESTÁTICO, PRESSÃO VARIÁVEL, POTÊNCIA 111 HP, PESO SEM/COM LASTRO 9,5 / 26 T, LARGURA DE TRABALHO 1,90 M - CHI DIURNO. AF_07/2014","CHI",85.35]
[7031,"TANQUE DE ASFALTO ESTACIONÁRIO COM SERPENTINA, CAPACIDADE 30.000 L - CHI DIURNO. AF_05/2023","CHI",6.33]
[7043,"MOTOBOMBA TRASH (PARA ÁGUA SUJA) AUTO ESCORVANTE, MOTOR GASOLINA DE 6,41 HP, DIÂMETROS DE SUCÇÃO X RECALQUE: 3\" X 3\", HM/Q = 10 MCA / 60 M3/H A 23 MCA / 0 M3/H - CHI DIURNO. AF_10/2014","CHI",0.51]
[7050,"ROLO COMPACTADOR PE DE CARNEIRO VIBRATORIO, POTENCIA 125 HP, PESO OPERACIONAL SEM/COM LASTRO 11,95 / 13,30 T, IMPACTO DINAMICO 38,5 / 22,5 T, LARGURA DE TRABALHO 2,15 M - CHI DIURNO. AF_06/2014","CHI",78.239999999999995]
[67827,"CAMINHÃO BASCULANTE 6 M3 TOCO, PESO BRUTO TOTAL 16.000 KG, CARGA ÚTIL MÁXIMA 11.130 KG, DISTÂNCIA ENTRE EIXOS 5,36 M, POTÊNCIA 185 CV, INCLUSIVE CAÇAMBA METÁLICA - CHI DIURNO. AF_06/2014","CHI",63.49]
[73395,"GRUPO GERADOR ESTACIONÁRIO, MOTOR DIESEL POTÊNCIA 170 KVA - CHI DIURNO. AF_02/2016","CHI",9.67]
[83766,"GRUPO DE SOLDAGEM COM GERADOR A DIESEL 60 CV PARA SOLDA ELÉTRICA, SOBRE 04 RODAS, COM MOTOR 4 CILINDROS 600 A - CHI DIURNO. AF_02/2016","CHI",40.96]
[87446,"BETONEIRA CAPACIDADE NOMINAL 400 L, CAPACIDADE DE MISTURA 310 L, MOTOR A DIESEL POTÊNCIA 5,0 HP, SEM CARREGADOR - CHI DIURNO. AF_05/2023","CHI",0.64]
[88392,"MISTURADOR DE ARGAMASSA, EIXO HORIZONTAL, CAPACIDADE DE MISTURA 300 KG, MOTOR ELÉTRICO POTÊNCIA 5 CV - CHI DIURNO. AF_05/2023","CHI",1.24]
[88398,"MISTURADOR DE ARGAMASSA, EIXO HORIZONTAL, CAPACIDADE DE MISTURA 600 KG, MOTOR ELÉTRICO POTÊNCIA 7,5 CV - CHI DIURNO. AF_05/2023","CHI",1.49]
[88404,"MISTURADOR DE ARGAMASSA, EIXO HORIZONTAL, CAPACIDADE DE MISTURA 160 KG, MOTOR ELÉTRICO POTÊNCIA 3 CV - CHI DIURNO. AF_05/2023","CHI",1.18]
[88430,"PROJETOR DE ARGAMASSA, CAPACIDADE DE PROJEÇÃO 1,5 M3/H, ALCANCE DE 30 ATÉ 60 M, MOTOR ELÉTRICO POTÊNCIA 7,5 HP - CHI DIURNO. AF_06/2014","CHI",7.7]
[88438,"PROJETOR DE ARGAMASSA, CAPACIDADE DE PROJEÇÃO 2 M3/H, ALCANCE ATÉ 50 M, MOTOR ELÉTRICO POTÊNCIA 7,5 HP - CHI DIURNO. AF_06/2014","CHI",10.199999999999999]
[88831,"BETONEIRA CAPACIDADE NOMINAL DE 400 L, CAPACIDADE DE MISTURA 280 L, MOTOR ELÉTRICO TRIFÁSICO POTÊNCIA DE 2 CV, SEM CARREGADOR - CHI DIURNO. AF_05/2023","CHI",0.46]
[88844,"TRATOR DE ESTEIRAS, POTÊNCIA 125 HP, PESO OPERACIONAL 12,9 T, COM LÂMINA 2,7 M3 - CHI DIURNO. AF_10/2014","CHI",81.349999999999994]
[88908,"ESCAVADEIRA HIDRÁULICA SOBRE ESTEIRAS, CAÇAMBA 1,20 M3, PESO OPERACIONAL 21 T, POTÊNCIA BRUTA 155 HP - CHI DIURNO. AF_06/2014","CHI",96.85]
[89022,"BOMBA SUBMERSÍVEL ELÉTRICA TRIFÁSICA, POTÊNCIA 2,96 HP, Ø ROTOR 144 MM SEMI-ABERTO, BOCAL DE SAÍDA Ø 2\", HM/Q = 2 MCA / 38,8 M3/H A 28 MCA / 5 M3/H - CHI DIURNO. AF_06/2014","CHI",0.56000000000000005]
[89027,"TANQUE DE ASFALTO ESTACIONÁRIO COM MAÇARICO, CAPACIDADE 20.000 L - CHI DIURNO. AF_05/2023","CHI",5.14]
[89031,"TRATOR DE ESTEIRAS, POTÊNCIA 100 HP, PESO OPERACIONAL 9,4 T, COM LÂMINA 2,19 M3 - CHI DIURNO. AF_06/2014","CHI",79.099999999999994]
[89036,"TRATOR DE PNEUS, POTÊNCIA 85 CV, TRAÇÃO 4X4, PESO COM LASTRO DE 4.675 KG - CHI DIURNO. AF_06/2014","CHI",52.03]
[89218,"BATE-ESTACAS POR GRAVIDADE, POTÊNCIA DE 160 HP, PESO DO MARTELO ATÉ 3 TONELADAS - CHI DIURNO. AF_11/2014","CHI",89.43]
[89226,"BETONEIRA CAPACIDADE NOMINAL DE 600 L, CAPACIDADE DE MISTURA 360 L, MOTOR ELÉTRICO TRIFÁSICO POTÊNCIA DE 4 CV, SEM CARREGADOR - CHI DIURNO. AF_05/2023","CHI",1.92]
[89235,"FRESADORA DE ASFALTO A FRIO SOBRE RODAS, LARGURA FRESAGEM DE 1,0 M, POTÊNCIA 208 HP - CHI DIURNO. AF_11/2014","CHI",184.29]
[89243,"FRESADORA DE ASFALTO A FRIO SOBRE RODAS, LARGURA FRESAGEM DE 2,0 M, POTÊNCIA 550 HP - CHI DIURNO. AF_11/2014","CHI",393.89]
[89251,"RECICLADORA DE ASFALTO A FRIO SOBRE RODAS, LARGURA FRESAGEM DE 2,0 M, POTÊNCIA 422 HP - CHI DIURNO. AF_11/2014","CHI",345.86]
[89258,"VIBROACABADORA DE ASFALTO SOBRE ESTEIRAS, LARGURA DE PAVIMENTAÇÃO 2,13 M A 4,55 M, POTÊNCIA 100 HP, CAPACIDADE 400 T/H - CHI DIURNO. AF_11/2014","CHI",122.83]
[89273,"GUINDASTE HIDRÁULICO AUTOPROPELIDO, COM LANÇA TELESCÓPICA 28,80 M, CAPACIDADE MÁXIMA 30 T, POTÊNCIA 97 KW, TRAÇÃO 4 X 4 - CHI DIURNO. AF_11/2014","CHI",110.46]
[89279,"BETONEIRA CAPACIDADE NOMINAL DE 600 L, CAPACIDADE DE MISTURA 440 L, MOTOR A DIESEL POTÊNCIA 10 HP, COM CARREGADOR - CHI DIURNO. AF_05/2023","CHI",2.3199999999999998]
[89877,"CAMINHÃO BASCULANTE 14 M3, COM CAVALO MECÂNICO DE CAPACIDADE MÁXIMA DE TRAÇÃO COMBINADO DE 36000 KG, POTÊNCIA 286 CV, INCLUSIVE SEMIREBOQUE COM CAÇAMBA METÁLICA - CHI DIURNO. AF_12/2014","CHI",86.22]
[89884,"CAMINHÃO BASCULANTE 18 M3, COM CAVALO MECÂNICO DE CAPACIDADE MÁXIMA DE TRAÇÃO COMBINADO DE 45000 KG, POTÊNCIA 330 CV, INCLUSIVE SEMIREBOQUE COM CAÇAMBA METÁLICA - CHI DIURNO. AF_12/2014","CHI",90.21]
[90587,"VIBRADOR DE IMERSÃO, DIÂMETRO DE PONTEIRA 45MM, MOTOR ELÉTRICO TRIFÁSICO POTÊNCIA DE 2 CV - CHI DIURNO. AF_06/2015","CHI",0.53]
[90626,"PERFURATRIZ MANUAL, TORQUE MÁXIMO 83 N.M, POTÊNCIA 5 CV, COM DIÂMETRO MÁXIMO 4\" - CHI DIURNO. AF_06/2015","CHI",2.86]
[90632,"PERFURATRIZ SOBRE ESTEIRA, TORQUE MÁXIMO 600 KGF, PESO MÉDIO 1000 KG, POTÊNCIA 20 HP, DIÂMETRO MÁXIMO 10\" - CHI DIURNO. AF_06/2015","CHI",95.15]
[90638,"MISTURADOR DUPLO HORIZONTAL DE ALTA TURBULÊNCIA, CAPACIDADE / VOLUME 2 X 500 LITROS, MOTORES ELÉTRICOS MÍNIMO 5 CV CADA, PARA NATA CIMENTO, ARGAMASSA E OUTROS - CHI DIURNO. AF_06/2015","CHI",5.92]
[90644,"BOMBA TRIPLEX, PARA INJEÇÃO DE NATA DE CIMENTO, VAZÃO MÁXIMA DE 100 LITROS/MINUTO, PRESSÃO MÁXIMA DE 70 BAR - CHI DIURNO. AF_06/2015","CHI",8.85]
[90651,"BOMBA CENTRÍFUGA MONOESTÁGIO COM MOTOR ELÉTRICO MONOFÁSICO, POTÊNCIA 15 HP, DIÂMETRO DO ROTOR 173 MM, HM/Q = 30 MCA / 90 M3/H A 45 MCA / 55 M3/H - CHI DIURNO. AF_06/2015","CHI",1.46]
[90657,"BOMBA DE PROJEÇÃO DE CONCRETO SECO, POTÊNCIA 10 CV, VAZÃO 3 M3/H - CHI DIURNO. AF_06/2015","CHI",5.76]
[90663,"BOMBA DE PROJEÇÃO DE CONCRETO SECO, POTÊNCIA 10 CV, VAZÃO 6 M3/H - CHI DIURNO. AF_06/2015","CHI",6.16]
[90669,"PROJETOR PNEUMÁTICO DE ARGAMASSA PARA CHAPISCO E REBOCO COM RECIPIENTE ACOPLADO, TIPO CANEQUINHA, COM COMPRESSOR DE AR REBOCÁVEL VAZÃO 89 PCM E MOTOR DIESEL DE 20 CV - CHI DIURNO. AF_05/2023","CHI",9.0500000000000007]
[90675,"PERFURATRIZ COM TORRE METÁLICA PARA EXECUÇÃO DE ESTACA HÉLICE CONTÍNUA, PROFUNDIDADE MÁXIMA DE 30 M, DIÂMETRO MÁXIMO DE 800 MM, POTÊNCIA INSTALADA DE 268 HP, MESA ROTATIVA COM TORQUE MÁXIMO DE 170 KNM - CHI DIURNO. AF_06/2015","CHI",320.14999999999998]
[90681,"PERFURATRIZ HIDRÁULICA SOBRE CAMINHÃO COM TRADO CURTO ACOPLADO, PROFUNDIDADE MÁXIMA DE 20 M, DIÂMETRO MÁXIMO DE 1500 MM, POTÊNCIA INSTALADA DE 137 HP, MESA ROTATIVA COM TORQUE MÁXIMO DE 30 KNM - CHI DIURNO. AF_06/2015","CHI",164.29]
[90687,"MANIPULADOR TELESCÓPICO, POTÊNCIA DE 85 HP, CAPACIDADE DE CARGA DE 3.500 KG, ALTURA MÁXIMA DE ELEVAÇÃO DE 12,3 M - CHI DIURNO. AF_05/2023","CHI",75.98]
[90693,"MINICARREGADEIRA SOBRE RODAS, POTÊNCIA LÍQUIDA DE 47 HP, CAPACIDADE NOMINAL DE OPERAÇÃO DE 646 KG - CHI DIURNO. AF_06/2015","CHI",56.14]
[90965,"COMPRESSOR DE AR REBOCÁVEL, VAZÃO 89 PCM, PRESSÃO EFETIVA DE TRABALHO 102 PSI, MOTOR DIESEL, POTÊNCIA 20 CV - CHI DIURNO. AF_06/2015","CHI",9]
[90973,"COMPRESSOR DE AR REBOCAVEL, VAZÃO 250 PCM, PRESSAO DE TRABALHO 102 PSI, MOTOR A DIESEL POTÊNCIA 81 CV - CHI DIURNO. AF_06/2015","CHI",9.0299999999999994]
[90982,"COMPRESSOR DE AR REBOCÁVEL, VAZÃO 748 PCM, PRESSÃO EFETIVA DE TRABALHO 102 PSI, MOTOR DIESEL, POTÊNCIA 210 CV - CHI DIURNO. AF_06/2015","CHI",22.94]
[91001,"COMPRESSOR DE AR REBOCAVEL, VAZÃO 400 PCM, PRESSAO DE TRABALHO 102 PSI, MOTOR A DIESEL POTÊNCIA 110 CV - CHI DIURNO. AF_06/2015","CHI",10.71]
[91032,"CAMINHÃO TRUCADO (C/ TERCEIRO EIXO) ELETRÔNICO - POTÊNCIA 231CV - PBT = 22000KG - DIST. ENTRE EIXOS 5170 MM - INCLUI CARROCERIA FIXA ABERTA DE MADEIRA - CHI DIURNO. AF_06/2015","CHI",65.61]
[91278,"PLACA VIBRATÓRIA REVERSÍVEL COM MOTOR 4 TEMPOS A GASOLINA, FORÇA CENTRÍFUGA DE 25 KN (2500 KGF), POTÊNCIA 5,5 CV - CHI DIURNO. AF_08/2015","CHI",0.55000000000000004]
[91285,"CORTADORA DE PISO COM MOTOR 4 TEMPOS A GASOLINA, POTÊNCIA DE 13 HP, COM DISCO DE CORTE DIAMANTADO SEGMENTADO PARA CONCRETO, DIÂMETRO DE 350 MM, FURO DE 1\" (14 X 1\") - CHI DIURNO. AF_08/2015","CHI",0.89]
[91387,"CAMINHÃO BASCULANTE 10 M3, TRUCADO CABINE SIMPLES, PESO BRUTO TOTAL 23.000 KG, CARGA ÚTIL MÁXIMA 15.935 KG, DISTÂNCIA ENTRE EIXOS 4,80 M, POTÊNCIA 230 CV INCLUSIVE CAÇAMBA METÁLICA - CHI DIURNO. AF_06/2014","CHI",72.89]
[91395,"CAMINHÃO TOCO, PBT 14.300 KG, CARGA ÚTIL MÁX. 9.710 KG, DIST. ENTRE EIXOS 3,56 M, POTÊNCIA 185 CV, INCLUSIVE CARROCERIA FIXA ABERTA DE MADEIRA P/ TRANSPORTE GERAL DE CARGA SECA, DIMEN. APROX. 2,50 X 6,50 X 0,50 M - CHI DIURNO. AF_06/2014","CHI",57.21]
[91486,"ESPARGIDOR DE ASFALTO PRESSURIZADO, TANQUE 6 M3 COM ISOLAÇÃO TÉRMICA, AQUECIDO COM 2 MAÇARICOS, COM BARRA ESPARGIDORA 3,60 M, MONTADO SOBRE CAMINHÃO  TOCO, PBT 14.300 KG, POTÊNCIA 185 CV - CHI DIURNO. AF_05/2023","CHI",66.55]
[91534,"COMPACTADOR DE SOLOS DE PERCUSSÃO (SOQUETE) COM MOTOR A GASOLINA 4 TEMPOS, POTÊNCIA 4 CV - CHI DIURNO. AF_08/2015","CHI",31.9]
[91635,"GUINDAUTO HIDRÁULICO, CAPACIDADE MÁXIMA DE CARGA 6500 KG, MOMENTO MÁXIMO DE CARGA 5,8 TM, ALCANCE MÁXIMO HORIZONTAL 7,60 M, INCLUSIVE CAMINHÃO TOCO PBT 9.700 KG, POTÊNCIA DE 160 CV - CHI DIURNO. AF_08/2015","CHI",63.19]
[91646,"CAMINHÃO DE TRANSPORTE DE MATERIAL ASFÁLTICO 30.000 L, COM CAVALO MECÂNICO DE CAPACIDADE MÁXIMA DE TRAÇÃO COMBINADO DE 66.000 KG, POTÊNCIA 360 CV, INCLUSIVE TANQUE DE ASFALTO COM SERPENTINA - CHI DIURNO. AF_08/2015","CHI",93.3]
[91693,"SERRA CIRCULAR DE BANCADA COM MOTOR ELÉTRICO POTÊNCIA DE 5HP, COM COIFA PARA DISCO 10\" - CHI DIURNO. AF_08/2015","CHI",31.17]
[92044,"DISTRIBUIDOR DE AGREGADOS REBOCAVEL, CAPACIDADE 1,9 M³, LARGURA DE TRABALHO 3,66 M - CHI DIURNO. AF_11/2015","CHI",7.8]
[92107,"CAMINHÃO PARA EQUIPAMENTO DE LIMPEZA A SUCÇÃO COM CAMINHÃO TRUCADO DE PESO BRUTO TOTAL 23000 KG, CARGA ÚTIL MÁXIMA 15935 KG, DISTÂNCIA ENTRE EIXOS 4,80 M, POTÊNCIA 230 CV, INCLUSIVE LIMPADORA A SUCÇÃO, TANQUE 12000 L - CHI DIURNO. AF_05/2023","CHI",91.32]
[92113,"PENEIRA ROTATIVA COM MOTOR ELÉTRICO TRIFÁSICO DE 2 CV, CILINDRO DE 1 M X 0,60 M, COM FUROS DE 3,17 MM - CHI DIURNO. AF_05/2023","CHI",1.38]
[92119,"DOSADOR DE AREIA, CAPACIDADE DE 26 LITROS - CHI DIURNO. AF_05/2023","CHI",0.33]
[92139,"CAMINHONETE COM MOTOR A DIESEL, POTÊNCIA 180 CV, CABINE DUPLA, 4X4 - CHI DIURNO. AF_11/2015","CHI",43.38]
[92146,"CAMINHONETE CABINE SIMPLES COM MOTOR 1.6 FLEX, CÂMBIO MANUAL, POTÊNCIA 101/104 CV, 2 PORTAS - CHI DIURNO. AF_11/2015","CHI",31.81]
[92243,"CAMINHÃO DE TRANSPORTE DE MATERIAL ASFÁLTICO 20.000 L, COM CAVALO MECÂNICO DE CAPACIDADE MÁXIMA DE TRAÇÃO COMBINADO DE 45.000 KG, POTÊNCIA 330 CV, INCLUSIVE TANQUE DE ASFALTO COM MAÇARICO - CHI DIURNO. AF_12/2015","CHI",77.08]
[92717,"APARELHO PARA CORTE E SOLDA OXI-ACETILENO SOBRE RODAS, INCLUSIVE CILINDROS E MAÇARICOS - CHI DIURNO. AF_05/2023","CHI",0.23]
[92961,"MÁQUINA EXTRUSORA DE CONCRETO PARA GUIAS E SARJETAS, MOTOR A DIESEL, POTÊNCIA 14 CV - CHI DIURNO. AF_12/2015","CHI",5.29]
[92967,"MARTELO PERFURADOR PNEUMÁTICO MANUAL, HASTE 25 X 75 MM, 21 KG - CHI DIURNO. AF_12/2015","CHI",25.1]
[93225,"PERFURATRIZ COM TORRE METÁLICA PARA EXECUÇÃO DE ESTACA HÉLICE CONTÍNUA, PROFUNDIDADE MÁXIMA DE 32 M, DIÂMETRO MÁXIMO DE 1000 MM, POTÊNCIA INSTALADA DE 350 HP, MESA ROTATIVA COM TORQUE MÁXIMO DE 263 KNM - CHI DIURNO. AF_01/2016","CHI",474.32]
[93234,"BETONEIRA CAPACIDADE NOMINAL 400 L, CAPACIDADE DE MISTURA 310 L, MOTOR A GASOLINA POTÊNCIA 5,5 HP, SEM CARREGADOR - CHI DIURNO. AF_02/2016","CHI",0.59]
[93244,"ROLO COMPACTADOR VIBRATÓRIO PÉ DE CARNEIRO PARA SOLOS, POTÊNCIA 80 HP, PESO OPERACIONAL SEM/COM LASTRO 7,4 / 8,8 T, LARGURA DE TRABALHO 1,68 M - CHI DIURNO. AF_02/2016","CHI",64.14]
[93274,"GRUA ASCENSIONAL, LANÇA DE 30 M, CAPACIDADE DE 1,0 T A 30 M, ALTURA ATÉ 39 M - CHI DIURNO. AF_05/2023","CHI",69.349999999999994]
[93282,"GUINCHO ELÉTRICO DE COLUNA, CAPACIDADE 400 KG, COM MOTO FREIO, MOTOR TRIFÁSICO DE 1,25 CV - CHI DIURNO. AF_03/2016","CHI",23.68]
[93288,"GUINDASTE HIDRÁULICO AUTOPROPELIDO, COM LANÇA TELESCÓPICA 40 M, CAPACIDADE MÁXIMA 60 T, POTÊNCIA 260 KW - CHI DIURNO. AF_03/2016","CHI",182.52]
[93403,"GUINDAUTO HIDRÁULICO, CAPACIDADE MÁXIMA DE CARGA 3300 KG, MOMENTO MÁXIMO DE CARGA 5,8 TM, ALCANCE MÁXIMO HORIZONTAL 7,60 M, INCLUSIVE CAMINHÃO TOCO PBT 16.000 KG, POTÊNCIA DE 189 CV - CHI DIURNO. AF_03/2016","CHI",68.349999999999994]
[93409,"MÁQUINA JATO DE PRESSAO PORTÁTIL, CAMARA DE 1 SAIDA, CAPACIDADE 280 L, DIAMETRO 670 MM, BICO DE JATO CURTO VENTURI DE 5/16\" , MANGUEIRA DE 1\" COM COMPRESSOR DE AR REBOCÁVEL 189 PCM E MOTOR DIESEL 63 CV - CHI DIURNO. AF_05/2023","CHI",35.08]
[93416,"GERADOR PORTÁTIL MONOFÁSICO, POTÊNCIA 5500 VA, MOTOR A GASOLINA, POTÊNCIA DO MOTOR 13 CV - CHI DIURNO. AF_03/2016","CHI",0.46]
[93422,"GRUPO GERADOR REBOCÁVEL, POTÊNCIA 66 KVA, MOTOR A DIESEL - CHI DIURNO. AF_03/2016","CHI",6.07]
[93428,"GRUPO GERADOR ESTACIONÁRIO, POTÊNCIA 150 KVA, MOTOR A DIESEL- CHI DIURNO. AF_03/2016","CHI",8.6]
[93434,"USINA DE MISTURA ASFÁLTICA À QUENTE, TIPO CONTRA FLUXO, PROD 40 A 80 TON/HORA - CHI DIURNO. AF_05/2023","CHI",315.64]
[93440,"USINA DE ASFALTO À FRIO, CAPACIDADE DE 40 A 60 TON/HORA, ELÉTRICA POTÊNCIA 30 CV - CHI DIURNO. AF_05/2023","CHI",121.51]
[95122,"USINA MISTURADORA DE SOLOS, CAPACIDADE DE 200 A 500 TON/H, POTENCIA 75KW - CHI DIURNO. AF_07/2016","CHI",204.37]
[95128,"DISTRIBUIDOR DE AGREGADOS AUTOPROPELIDO, CAP 3 M3, A DIESEL, POTÊNCIA 176CV - CHI DIURNO. AF_07/2016","CHI",54.46]
[95140,"TALHA MANUAL DE CORRENTE, CAPACIDADE DE 2 TON. COM ELEVAÇÃO DE 3 M - CHI DIURNO. AF_07/2016","CHI",0.03]
[95213,"GRUA ASCENCIONAL, LANÇA DE 42 M, CAPACIDADE DE 1,5 T A 30 M, ALTURA ATÉ 39 M - CHI DIURNO. AF_05/2023","CHI",99.05]
[95259,"MARTELO DEMOLIDOR PNEUMÁTICO MANUAL, 32 KG - CHI DIURNO. AF_09/2016","CHI",24.79]
[95265,"COMPACTADOR DE SOLOS DE PERCUSÃO (SOQUETE) COM MOTOR A GASOLINA, POTÊNCIA 3 CV - CHI DIURNO. AF_09/2016","CHI",0.67]
[95271,"RÉGUA VIBRATÓRIA DUPLA PARA CONCRETO, PESO DE 60KG, COMPRIMENTO 4 M, COM MOTOR A GASOLINA, POTÊNCIA 5,5 HP - CHI DIURNO. AF_09/2016","CHI",0.6]
[95277,"POLIDORA DE PISO (POLITRIZ), PESO DE 100KG, DIÂMETRO 450 MM, MOTOR ELÉTRICO, POTÊNCIA 4 HP - CHI DIURNO. AF_05/2023","CHI",0.6]
[95283,"DESEMPENADEIRA DE CONCRETO, PESO DE 78 KG, 4 PÁS, MOTOR A GASOLINA, POTÊNCIA 5,5 HP - CHI DIURNO. AF_05/2023","CHI",0.72]
[95621,"PERFURATRIZ PNEUMATICA MANUAL DE PESO MEDIO, MARTELETE, 18KG, COMPRIMENTO MÁXIMO DE CURSO DE 6 M, DIAMETRO DO PISTAO DE 5,5 CM - CHI DIURNO. AF_11/2016","CHI",24.45]
[95632,"ROLO COMPACTADOR VIBRATORIO TANDEM, ACO LISO, POTENCIA 125 HP, PESO SEM/COM LASTRO 10,20/11,65 T, LARGURA DE TRABALHO 1,73 M - CHI DIURNO. AF_11/2016","CHI",82.62]
[95703,"PERFURATRIZ MANUAL, TORQUE MAXIMO 55 KGF.M, POTENCIA 5 CV, COM DIAMETRO MAXIMO 8 1/2\" - CHI DIURNO. AF_11/2016","CHI",37.44]
[95709,"PERFURATRIZ SOBRE ESTEIRA, TORQUE MÁXIMO 600 KGF, POTÊNCIA ENTRE 50 E 60 HP, DIÂMETRO MÁXIMO 10\" - CHI DIURNO. AF_11/2016","CHI",95.77]
[95721,"ESCAVADEIRA HIDRAULICA SOBRE ESTEIRA, EQUIPADA COM CLAMSHELL, COM CAPACIDADE DA CAÇAMBA ENTRE 1,20 E 1,50 M3, PESO OPERACIONAL ENTRE 20,00 E 22,00 TON, POTENCIA LIQUIDA ENTRE 150 E 160 HP - CHI DIURNO. AF_11/2016","CHI",111.04]
[95873,"GRUPO GERADOR COM CARENAGEM, MOTOR DIESEL POTÊNCIA STANDART ENTRE 250 E 260 KVA - CHI DIURNO. AF_12/2016","CHI",13.75]
[96014,"TRATOR DE PNEUS COM POTÊNCIA DE 122 CV, TRAÇÃO 4X4, COM VASSOURA MECÂNICA ACOPLADA - CHI DIURNO. AF_02/2017","CHI",64.13]
[96021,"TRATOR DE PNEUS COM POTÊNCIA DE 122 CV, TRAÇÃO 4X4, COM GRADE DE DISCOS ACOPLADA - CHI DIURNO. AF_02/2017","CHI",63.88]
[96029,"TRATOR DE PNEUS COM POTÊNCIA DE 85 CV, TRAÇÃO 4X4, COM GRADE DE DISCOS ACOPLADA - CHI DIURNO. AF_02/2017","CHI",56.25]
[96036,"CAMINHÃO BASCULANTE 10 M3, TRUCADO, POTÊNCIA 230 CV, INCLUSIVE CAÇAMBA METÁLICA, COM DISTRIBUIDOR DE AGREGADOS ACOPLADO - CHI DIURNO. AF_02/2017","CHI",81.2]
[96155,"TRATOR DE PNEUS COM POTÊNCIA DE 85 CV, TRAÇÃO 4X4, COM VASSOURA MECÂNICA ACOPLADA - CHI DIURNO. AF_02/2017","CHI",56.5]
[96156,"MINICARREGADEIRA SOBRE RODAS POTENCIA 47HP CAPACIDADE OPERACAO 646 KG, COM VASSOURA MECÂNICA ACOPLADA - CHI DIURNO. AF_03/2017","CHI",60.83]
[96159,"MÁQUINA DEMARCADORA DE FAIXA DE TRÁFEGO À FRIO, AUTOPROPELIDA, POTÊNCIA 38 HP - CHI DIURNO. AF_07/2016","CHI",92.66]
[96246,"MINIESCAVADEIRA SOBRE ESTEIRAS, POTÊNCIA LÍQUIDA DE *30* HP, PESO OPERACIONAL DE *3.500* KG - CHI DIURNO. AF_04/2017","CHI",65.72]
[96464,"ROLO COMPACTADOR DE PNEUS, ESTÁTICO, PRESSÃO VARIÁVEL, POTÊNCIA 110 HP, PESO SEM/COM LASTRO 10,8/27 T, LARGURA DE ROLAGEM 2,30 M - CHI DIURNO. AF_06/2017","CHI",89.25]
[98765,"INVERSOR DE SOLDA MONOFÁSICO DE 160 A, POTÊNCIA DE 5400 W, TENSÃO DE 220 V, PARA SOLDA COM ELETRODOS DE 2,0 A 4,0 MM E PROCESSO TIG - CHI DIURNO. AF_06/2018","CHI",0.08]
[99834,"LAVADORA DE ALTA PRESSAO (LAVA-JATO) PARA AGUA FRIA, PRESSAO DE OPERACAO ENTRE 1400 E 1900 LIB/POL2, VAZAO MAXIMA ENTRE 400 E 700 L/H - CHI DIURNO. AF_05/2023","CHI",0.23]
[100642,"USINA DE MISTURA ASFÁLTICA À QUENTE, TIPO CONTRA FLUXO, PROD 100 A 140 TON/HORA - CHI DIURNO. AF_12/2019","CHI",287.60000000000002]
[100648,"USINA DE ASFALTO, TIPO GRAVIMÉTRICA, PROD 150 TON/HORA - CHI DIURNO. AF_12/2019","CHI",570.49]
[102274,"MARTELO DEMOLIDOR ELÉTRICO, COM POTÊNCIA DE 2.000 W, 1.000 IMPACTOS POR MINUTO, PESO DE 30 KG -  CHI DIURNO. AF_01/2021","CHI",23.82]
[102875,"PERFURATRIZ HIDRÁULICA SOBRE ESTEIRA, TORQUE MÁXIMO 161 KNM, PROFUNDIDADE MÁXIMA 54 M, DIÂMETRO MÁXIMO 1500 MM, POTÊNCIA MOTOR 268 HP - CHI DIURNO. AF_04/2019","CHI",453.28]
[102881,"PERFURATRIZ PARA EXECUÇÃO DE ESTACAS SECANTES, TIPO HÉLICE CONTÍNUA COM CABEÇOTE DUPLO E TUBO METÁLICO - CHI DIURNO. AF_04/2019","CHI",617.80999999999995]
[102965,"PERFURATRIZ HIDRÁULICA SOBRE ESTEIRA, TORQUE MÁXIMO 98 KNM, PROFUNDIDADE MÁXIMA 25 M, DIÂMETRO MÁXIMO 115 MM, POTÊNCIA MOTOR 190 HP - CHI DIURNO. AF_02/2021","CHI",235.98]
[102975,"PERFURATRIZ ROTATIVA SOBRE ESTEIRA, TORQUE MAXIMO 2500 KGM, POTENCIA 110 HP, MOTOR DIESEL - CHI DIURNO. AF_05/2017","CHI",141.08000000000001]
[103225,"PERFURATRIZ PARA FURO DIRECIONAL HORIZONTAL (HDD) COM CAPACIDADE ATÉ 89 KN, POTÊNCIA 24,8 HP A 80 HP (INCLUSO FERRAMENTAS E LOCALIZADOR) - CHI DIURNO. AF_05/2023","CHI",210.51]
[103231,"PERFURATRIZ PARA FURO DIRECIONAL HORIZONTAL (HDD) COM CAPACIDADE DE 90 KN A 200 KN, POTÊNCIA 100 HP A 160 HP (INCLUSO FERRAMENTAS E LOCALIZADOR) - CHI DIURNO. AF_05/2023","CHI",442.74]
[103237,"PERFURATRIZ PARA FURO DIRECIONAL HORIZONTAL (HDD) COM CAPACIDADE DE 201 KN A 560 KN, POTÊNCIA 200 HP A 260 HP (INCLUSO FERRAMENTAS E LOCALIZADOR) - CHI DIURNO. AF_05/2023","CHI",594.03]
[104092,"TERMOFUSORA PARA TUBOS E CONEXÕES EM PPR COM DIÂMETROS DE 20 A 63 MM, POTÊNCIA DE 800 W, TENSAO 220 V - CHI DIURNO. AF_05/2022","CHI",0.06]
[104098,"TERMOFUSORA PARA TUBOS E CONEXÕES EM PPR COM DIÂMETROS DE 75 A 110 MM, POTÊNCIA DE *1100* W, TENSÃO 220 V - CHI DIURNO. AF_05/2022","CHI",0.08]
[104696,"PERFURATRIZ DE COROA DIAMANTADA PARA CONCRETO, DIÂMETRO ATÉ 250 MM, MOTOR ELÉTRICO 220 V, POTÊNCIA 2.500 W - CHI DIURNO. AF_05/2023","CHI",32.19]
[104717,"ESCAVADEIRA HIDRÁULICA DE BRAÇO LONGO (LONGO ALCANCE) SOBRE ESTEIRAS, CAÇAMBA 0,52 M3, PESO OPERACIONAL 24 T, POTÊNCIA LÍQUIDA 155 HP - CHI DIURNO. AF_06/2023","CHI",106.38]
[5089,"ROLO COMPACTADOR VIBRATÓRIO PÉ DE CARNEIRO PARA SOLOS, POTÊNCIA 80 HP, PESO OPERACIONAL SEM/COM LASTRO 7,4 / 8,8 T, LARGURA DE TRABALHO 1,68 M - MANUTENÇÃO. AF_02/2016","H",41.71]
[5627,"ESCAVADEIRA HIDRÁULICA SOBRE ESTEIRAS, CAÇAMBA 0,80 M3, PESO OPERACIONAL 17 T, POTENCIA BRUTA 111 HP - DEPRECIAÇÃO. AF_06/2014","H",44.3]
[5628,"ESCAVADEIRA HIDRÁULICA SOBRE ESTEIRAS, CAÇAMBA 0,80 M3, PESO OPERACIONAL 17 T, POTENCIA BRUTA 111 HP - JUROS. AF_06/2014","H",11.7]
[5629,"ESCAVADEIRA HIDRÁULICA SOBRE ESTEIRAS, CAÇAMBA 0,80 M3, PESO OPERACIONAL 17 T, POTENCIA BRUTA 111 HP - MANUTENÇÃO. AF_06/2014","H",55.37]
[5630,"ESCAVADEIRA HIDRÁULICA SOBRE ESTEIRAS, CAÇAMBA 0,80 M3, PESO OPERACIONAL 17 T, POTENCIA BRUTA 111 HP - MATERIAIS NA OPERAÇÃO. AF_06/2014","H",63.65]
[5658,"GRADE DE DISCO CONTROLE REMOTO REBOCÁVEL, COM 24 DISCOS 24\" X 6 MM COM PNEUS PARA TRANSPORTE - MANUTENÇÃO. AF_06/2014","H",2.23]
[5664,"RETROESCAVADEIRA SOBRE RODAS COM CARREGADEIRA, TRAÇÃO 4X4, POTÊNCIA LÍQ. 88 HP, CAÇAMBA CARREG. CAP. MÍN. 1 M3, CAÇAMBA RETRO CAP. 0,26 M3, PESO OPERACIONAL MÍN. 6.674 KG, PROFUNDIDADE ESCAVAÇÃO MÁX. 4,37 M - MANUTENÇÃO. AF_06/2014","H",34.1]
[5667,"RETROESCAVADEIRA SOBRE RODAS COM CARREGADEIRA, TRAÇÃO 4X2, POTÊNCIA LÍQ. 79 HP, CAÇAMBA CARREG. CAP. MÍN. 1 M3, CAÇAMBA RETRO CAP. 0,20 M3, PESO OPERACIONAL MÍN. 6.570 KG, PROFUNDIDADE ESCAVAÇÃO MÁX. 4,37 M - MANUTENÇÃO. AF_06/2014","H",30.33]
[5668,"RETROESCAVADEIRA SOBRE RODAS COM CARREGADEIRA, TRAÇÃO 4X2, POTÊNCIA LÍQ. 79 HP, CAÇAMBA CARREG. CAP. MÍN. 1 M3, CAÇAMBA RETRO CAP. 0,20 M3, PESO OPERACIONAL MÍN. 6.570 KG, PROFUNDIDADE ESCAVAÇÃO MÁX. 4,37 M - MATERIAIS NA OPERAÇÃO. AF_06/2014","H",45.27]
[5674,"ROLO COMPACTADOR VIBRATÓRIO DE UM CILINDRO AÇO LISO, POTÊNCIA 80 HP, PESO OPERACIONAL MÁXIMO 8,1 T, IMPACTO DINÂMICO 16,15 / 9,5 T, LARGURA DE TRABALHO 1,68 M - MANUTENÇÃO. AF_06/2014","H",40.11]
[5692,"MOTOBOMBA CENTRÍFUGA, MOTOR A GASOLINA, POTÊNCIA 5,42 HP, BOCAIS 1 1/2\" X 1\", DIÂMETRO ROTOR 143 MM HM/Q = 6 MCA / 16,8 M3/H A 38 MCA / 6,6 M3/H - MANUTENÇÃO. AF_06/2014","H",0.37]
[5693,"MOTOBOMBA CENTRÍFUGA, MOTOR A GASOLINA, POTÊNCIA 5,42 HP, BOCAIS 1 1/2\" X 1\", DIÂMETRO ROTOR 143 MM HM/Q = 6 MCA / 16,8 M3/H A 38 MCA / 6,6 M3/H - MATERIAIS NA OPERAÇÃO. AF_06/2014","H",20.94]
[5695,"CAMINHÃO BASCULANTE 6 M3, PESO BRUTO TOTAL 16.000 KG, CARGA ÚTIL MÁXIMA 13.071 KG, DISTÂNCIA ENTRE EIXOS 4,80 M, POTÊNCIA 230 CV INCLUSIVE CAÇAMBA METÁLICA - MANUTENÇÃO. AF_06/2014","H",39.14]
[5703,"USINA DE CONCRETO FIXA, CAPACIDADE NOMINAL DE 90 A 120 M3/H, SEM SILO - MATERIAIS NA OPERAÇÃO. AF_07/2016","H",23.32]
[5705,"CAMINHÃO TOCO, PBT 16.000 KG, CARGA ÚTIL MÁX. 10.685 KG, DIST. ENTRE EIXOS 4,8 M, POTÊNCIA 189 CV, INCLUSIVE CARROCERIA FIXA ABERTA DE MADEIRA P/ TRANSPORTE GERAL DE CARGA SECA, DIMEN. APROX. 2,5 X 7,00 X 0,50 M - MANUTENÇÃO. AF_06/2014","H",37.42]
[5707,"USINA MISTURADORA DE SOLOS, CAPACIDADE DE 200 A 500 TON/H, POTENCIA 75KW - MANUTENÇÃO. AF_07/2016","H",78.94]
[5710,"VIBROACABADORA DE ASFALTO SOBRE ESTEIRAS, LARGURA DE PAVIMENTAÇÃO 1,90 M A 5,30 M, POTÊNCIA 105 HP CAPACIDADE 450 T/H - MANUTENÇÃO. AF_11/2014","H",138.41999999999999]
[5711,"VIBROACABADORA DE ASFALTO SOBRE ESTEIRAS, LARGURA DE PAVIMENTAÇÃO 1,90 M A 5,30 M, POTÊNCIA 105 HP CAPACIDADE 450 T/H - MATERIAIS NA OPERAÇÃO. AF_11/2014","H",87.94]
[5714,"TRATOR DE PNEUS, POTÊNCIA 85 CV, TRAÇÃO 4X4, PESO COM LASTRO DE 4.675 KG - MANUTENÇÃO. AF_06/2014","H",18.07]
[5715,"TRATOR DE PNEUS, POTÊNCIA 85 CV, TRAÇÃO 4X4, PESO COM LASTRO DE 4.675 KG - MATERIAIS NA OPERAÇÃO. AF_06/2014","H",66.540000000000006]
[5718,"TRATOR DE ESTEIRAS, POTÊNCIA 170 HP, PESO OPERACIONAL 19 T, CAÇAMBA 5,2 M3 - MATERIAIS NA OPERAÇÃO. AF_06/2014","H",104.96]
[5721,"TRATOR DE ESTEIRAS, POTÊNCIA 150 HP, PESO OPERACIONAL 16,7 T, COM RODA MOTRIZ ELEVADA E LÂMINA 3,18 M3 - MATERIAIS NA OPERAÇÃO. AF_06/2014","H",92.6]
[5722,"TRATOR DE ESTEIRAS, POTÊNCIA 347 HP, PESO OPERACIONAL 38,5 T, COM LÂMINA 8,70 M3 - MATERIAIS NA OPERAÇÃO. AF_06/2014","H",214.17]
[5724,"TRATOR DE ESTEIRAS, POTÊNCIA 100 HP, PESO OPERACIONAL 9,4 T, COM LÂMINA 2,19 M3 - MANUTENÇÃO. AF_06/2014","H",59.61]
[5727,"ROLO COMPACTADOR VIBRATÓRIO REBOCÁVEL, CILINDRO DE AÇO LISO, POTÊNCIA DE TRAÇÃO DE 65 CV, PESO 4,7 T, IMPACTO DINÂMICO 18,3 T, LARGURA DE TRABALHO 1,67 M - MANUTENÇÃO. AF_02/2016","H",12.1]
[5729,"ROLO COMPACTADOR VIBRATÓRIO TANDEM AÇO LISO, POTÊNCIA 58 HP, PESO SEM/COM LASTRO 6,5 / 9,4 T, LARGURA DE TRABALHO 1,2 M - MANUTENÇÃO. AF_06/2014","H",49.26]
[5730,"ROLO COMPACTADOR VIBRATÓRIO TANDEM AÇO LISO, POTÊNCIA 58 HP, PESO SEM/COM LASTRO 6,5 / 9,4 T, LARGURA DE TRABALHO 1,2 M - MATERIAIS NA OPERAÇÃO. AF_06/2014","H",40.36]
[5735,"RETROESCAVADEIRA SOBRE RODAS COM CARREGADEIRA, TRAÇÃO 4X4, POTÊNCIA LÍQ. 72 HP, CAÇAMBA CARREG. CAP. MÍN. 0,79 M3, CAÇAMBA RETRO CAP. 0,18 M3, PESO OPERACIONAL MÍN. 7.140 KG, PROFUNDIDADE ESCAVAÇÃO MÁX. 4,50 M - MANUTENÇÃO. AF_06/2014","H",32.9]
[5736,"RETROESCAVADEIRA SOBRE RODAS COM CARREGADEIRA, TRAÇÃO 4X4, POTÊNCIA LÍQ. 72 HP, CAÇAMBA CARREG. CAP. MÍN. 0,79 M3, CAÇAMBA RETRO CAP. 0,18 M3, PESO OPERACIONAL MÍN. 7.140 KG, PROFUNDIDADE ESCAVAÇÃO MÁX. 4,50 M - MATERIAIS NA OPERAÇÃO. AF_06/2014","H",41.25]
[5738,"ROLO COMPACTADOR VIBRATÓRIO PÉ DE CARNEIRO, OPERADO POR CONTROLE REMOTO, POTÊNCIA 12,5 KW, PESO OPERACIONAL 1,675 T, LARGURA DE TRABALHO 0,85 M - DEPRECIAÇÃO. AF_02/2016","H",43.8]
[5739,"ROLO COMPACTADOR VIBRATÓRIO PÉ DE CARNEIRO, OPERADO POR CONTROLE REMOTO, POTÊNCIA 12,5 KW, PESO OPERACIONAL 1,675 T, LARGURA DE TRABALHO 0,85 M - MANUTENÇÃO. AF_02/2016","H",54.81]
[5741,"USINA DE LAMA ASFÁLTICA, PROD 30 A 50 T/H, SILO DE AGREGADO 7 M3, RESERVATÓRIOS PARA EMULSÃO E ÁGUA DE 2,3 M3 CADA, MISTURADOR TIPO PUG MILL A SER MONTADO SOBRE CAMINHÃO - MANUTENÇÃO. AF_10/2014","H",42.78]
[5742,"USINA DE LAMA ASFÁLTICA, PROD 30 A 50 T/H, SILO DE AGREGADO 7 M3, RESERVATÓRIOS PARA EMULSÃO E ÁGUA DE 2,3 M3 CADA, MISTURADOR TIPO PUG MILL A SER MONTADO SOBRE CAMINHÃO - MATERIAIS NA OPERAÇÃO. AF_10/2014","H",27.24]
[5747,"CAMINHÃO PIPA 6.000 L, PESO BRUTO TOTAL 13.000 KG, DISTÂNCIA ENTRE EIXOS 4,80 M, POTÊNCIA 189 CV INCLUSIVE TANQUE DE AÇO PARA TRANSPORTE DE ÁGUA, CAPACIDADE 6 M3 - MATERIAIS NA OPERAÇÃO. AF_06/2014","H",156.19999999999999]
[5751,"CAMINHÃO TOCO, PESO BRUTO TOTAL 14.300 KG, CARGA ÚTIL MÁXIMA 9590 KG, DISTÂNCIA ENTRE EIXOS 4,76 M, POTÊNCIA 185 CV (NÃO INCLUI CARROCERIA) - MANUTENÇÃO. AF_06/2014","H",31.97]
[5754,"CAMINHÃO TOCO, PESO BRUTO TOTAL 16.000 KG, CARGA ÚTIL MÁXIMA DE 10.685 KG, DISTÂNCIA ENTRE EIXOS 4,80 M, POTÊNCIA 189 CV EXCLUSIVE CARROCERIA - MANUTENÇÃO. AF_06/2014","H",35.1]
[5763,"CAMINHÃO PIPA 10.000 L TRUCADO, PESO BRUTO TOTAL 23.000 KG, CARGA ÚTIL MÁXIMA 15.935 KG, DISTÂNCIA ENTRE EIXOS 4,8 M, POTÊNCIA 230 CV, INCLUSIVE TANQUE DE AÇO PARA TRANSPORTE DE ÁGUA - MANUTENÇÃO. AF_06/2014","H",50.16]
[5765,"ESPARGIDOR DE ASFALTO PRESSURIZADO COM TANQUE DE 2500 L, REBOCÁVEL COM MOTOR A GASOLINA POTÊNCIA 3,4 HP - MANUTENÇÃO. AF_07/2014","H",4.6399999999999997]
[5766,"ESPARGIDOR DE ASFALTO PRESSURIZADO COM TANQUE DE 2500 L, REBOCÁVEL COM MOTOR A GASOLINA POTÊNCIA 3,4 HP - MATERIAIS NA OPERAÇÃO. AF_07/2014","H",2.92]
[5779,"MOTONIVELADORA POTÊNCIA BÁSICA LÍQUIDA (PRIMEIRA MARCHA) 125 HP, PESO BRUTO 13032 KG, LARGURA DA LÂMINA DE 3,7 M - MANUTENÇÃO. AF_06/2014","H",73.3]
[5787,"PÁ CARREGADEIRA SOBRE RODAS, POTÊNCIA 197 HP, CAPACIDADE DA CAÇAMBA 2,5 A 3,5 M3, PESO OPERACIONAL 18338 KG - MATERIAIS NA OPERAÇÃO. AF_06/2014","H",69.5]
[5797,"COMPRESSOR DE AR REBOCÁVEL, VAZÃO 189 PCM, PRESSÃO EFETIVA DE TRABALHO 102 PSI, MOTOR DIESEL, POTÊNCIA 63 CV - MANUTENÇÃO. AF_06/2015","H",6.65]
[5800,"BOMBA SUBMERSÍVEL ELÉTRICA TRIFÁSICA, POTÊNCIA 2,96 HP, Ø ROTOR 144 MM SEMI-ABERTO, BOCAL DE SAÍDA Ø 2\", HM/Q = 2 MCA / 38,8 M3/H A 28 MCA / 5 M3/H - MANUTENÇÃO. AF_06/2014","H",0.51]
[7032,"TANQUE DE ASFALTO ESTACIONÁRIO COM SERPENTINA, CAPACIDADE 30.000 L - DEPRECIAÇÃO. AF_05/2023","H",4.7]
[7033,"TANQUE DE ASFALTO ESTACIONÁRIO COM SERPENTINA, CAPACIDADE 30.000 L - JUROS. AF_05/2023","H",1.63]
[7034,"TANQUE DE ASFALTO ESTACIONÁRIO COM SERPENTINA, CAPACIDADE 30.000 L - MANUTENÇÃO. AF_05/2023","H",5.88]
[7035,"TANQUE DE ASFALTO ESTACIONÁRIO COM SERPENTINA, CAPACIDADE 30.000 L - MATERIAIS NA OPERAÇÃO. AF_05/2023","H",253.31]
[7038,"ROLO COMPACTADOR DE PNEUS ESTÁTICO, PRESSÃO VARIÁVEL, POTÊNCIA 111 HP, PESO SEM/COM LASTRO 9,5 / 26 T, LARGURA DE TRABALHO 1,90 M - DEPRECIAÇÃO. AF_07/2014","H",50.1]
[7039,"ROLO COMPACTADOR DE PNEUS ESTÁTICO, PRESSÃO VARIÁVEL, POTÊNCIA 111 HP, PESO SEM/COM LASTRO 9,5 / 26 T, LARGURA DE TRABALHO 1,90 M - JUROS. AF_07/2014","H",13.44]
[7040,"ROLO COMPACTADOR DE PNEUS ESTÁTICO, PRESSÃO VARIÁVEL, POTÊNCIA 111 HP, PESO SEM/COM LASTRO 9,5 / 26 T, LARGURA DE TRABALHO 1,90 M - MANUTENÇÃO. AF_07/2014","H",62.69]
[7044,"MOTOBOMBA TRASH (PARA ÁGUA SUJA) AUTO ESCORVANTE, MOTOR GASOLINA DE 6,41 HP, DIÂMETROS DE SUCÇÃO X RECALQUE: 3\" X 3\", HM/Q = 10 MCA / 60 M3/H A 23 MCA / 0 M3/H - DEPRECIAÇÃO. AF_10/2014","H",0.42]
[7045,"MOTOBOMBA TRASH (PARA ÁGUA SUJA) AUTO ESCORVANTE, MOTOR GASOLINA DE 6,41 HP, DIÂMETROS DE SUCÇÃO X RECALQUE: 3\" X 3\", HM/Q = 10 MCA / 60 M3/H A 23 MCA / 0 M3/H - JUROS. AF_10/2014","H",0.09]
[7046,"MOTOBOMBA TRASH (PARA ÁGUA SUJA) AUTO ESCORVANTE, MOTOR GASOLINA DE 6,41 HP, DIÂMETROS DE SUCÇÃO X RECALQUE: 3\" X 3\", HM/Q = 10 MCA / 60 M3/H A 23 MCA / 0 M3/H - MANUTENÇÃO. AF_10/2014","H",0.45]
[7047,"MOTOBOMBA TRASH (PARA ÁGUA SUJA) AUTO ESCORVANTE, MOTOR GASOLINA DE 6,41 HP, DIÂMETROS DE SUCÇÃO X RECALQUE: 3\" X 3\", HM/Q = 10 MCA / 60 M3/H A 23 MCA / 0 M3/H - MATERIAIS NA OPERAÇÃO. AF_10/2014","H",24.72]
[7051,"ROLO COMPACTADOR PE DE CARNEIRO VIBRATORIO, POTENCIA 125 HP, PESO OPERACIONAL SEM/COM LASTRO 11,95 / 13,30 T, IMPACTO DINAMICO 38,5 / 22,5 T, LARGURA DE TRABALHO 2,15 M - DEPRECIAÇÃO. AF_06/2014","H",44.43]
[7052,"ROLO COMPACTADOR PE DE CARNEIRO VIBRATORIO, POTENCIA 125 HP, PESO OPERACIONAL SEM/COM LASTRO 11,95 / 13,30 T, IMPACTO DINAMICO 38,5 / 22,5 T, LARGURA DE TRABALHO 2,15 M - JUROS. AF_06/2014","H",12]
[7053,"ROLO COMPACTADOR PE DE CARNEIRO VIBRATORIO, POTENCIA 125 HP, PESO OPERACIONAL SEM/COM LASTRO 11,95 / 13,30 T, IMPACTO DINAMICO 38,5 / 22,5 T, LARGURA DE TRABALHO 2,15 M - MANUTENÇÃO. AF_06/2014","H",55.61]
[7054,"ROLO COMPACTADOR PE DE CARNEIRO VIBRATORIO, POTENCIA 125 HP, PESO OPERACIONAL SEM/COM LASTRO 11,95 / 13,30 T, IMPACTO DINAMICO 38,5 / 22,5 T, LARGURA DE TRABALHO 2,15 M - MATERIAIS NA OPERAÇÃO. AF_06/2014","H",88.17]
[7058,"CAMINHÃO BASCULANTE 6 M3 TOCO, PESO BRUTO TOTAL 16.000 KG, CARGA ÚTIL MÁXIMA 11.130 KG, DISTÂNCIA ENTRE EIXOS 5,36 M, POTÊNCIA 185 CV, INCLUSIVE CAÇAMBA METÁLICA - DEPRECIAÇÃO. AF_06/2014","H",22.53]
[7059,"CAMINHÃO BASCULANTE 6 M3 TOCO, PESO BRUTO TOTAL 16.000 KG, CARGA ÚTIL MÁXIMA 11.130 KG, DISTÂNCIA ENTRE EIXOS 5,36 M, POTÊNCIA 185 CV, INCLUSIVE CAÇAMBA METÁLICA - JUROS. AF_06/2014","H",8.6199999999999992]
[7060,"CAMINHÃO BASCULANTE 6 M3 TOCO, PESO BRUTO TOTAL 16.000 KG, CARGA ÚTIL MÁXIMA 11.130 KG, DISTÂNCIA ENTRE EIXOS 5,36 M, POTÊNCIA 185 CV, INCLUSIVE CAÇAMBA METÁLICA - MANUTENÇÃO. AF_06/2014","H",40.47]
[7061,"CAMINHÃO BASCULANTE 6 M3 TOCO, PESO BRUTO TOTAL 16.000 KG, CARGA ÚTIL MÁXIMA 11.130 KG, DISTÂNCIA ENTRE EIXOS 5,36 M, POTÊNCIA 185 CV, INCLUSIVE CAÇAMBA METÁLICA - MATERIAIS NA OPERAÇÃO. AF_06/2014","H",80.489999999999995]
[7063,"TRATOR DE PNEUS, POTÊNCIA 122 CV, TRAÇÃO 4X4, PESO COM LASTRO DE 4.510 KG - DEPRECIAÇÃO. AF_06/2014","H",22.54]
[7064,"TRATOR DE PNEUS, POTÊNCIA 122 CV, TRAÇÃO 4X4, PESO COM LASTRO DE 4.510 KG - JUROS. AF_06/2014","H",6.09]
[7065,"TRATOR DE PNEUS, POTÊNCIA 122 CV, TRAÇÃO 4X4, PESO COM LASTRO DE 4.510 KG - MANUTENÇÃO. AF_06/2014","H",24.66]
[7066,"TRATOR DE PNEUS, POTÊNCIA 122 CV, TRAÇÃO 4X4, PESO COM LASTRO DE 4.510 KG - MATERIAIS NA OPERAÇÃO. AF_06/2014","H",95.5]
[53786,"RETROESCAVADEIRA SOBRE RODAS COM CARREGADEIRA, TRAÇÃO 4X4, POTÊNCIA LÍQ. 88 HP, CAÇAMBA CARREG. CAP. MÍN. 1 M3, CAÇAMBA RETRO CAP. 0,26 M3, PESO OPERACIONAL MÍN. 6.674 KG, PROFUNDIDADE ESCAVAÇÃO MÁX. 4,37 M - MATERIAIS NA OPERAÇÃO. AF_06/2014","H",50.41]
[53788,"ROLO COMPACTADOR VIBRATÓRIO DE UM CILINDRO AÇO LISO, POTÊNCIA 80 HP, PESO OPERACIONAL MÁXIMO 8,1 T, IMPACTO DINÂMICO 16,15 / 9,5 T, LARGURA DE TRABALHO 1,68 M - MATERIAIS NA OPERAÇÃO. AF_06/2014","H",56.44]
[53792,"CAMINHÃO BASCULANTE 6 M3, PESO BRUTO TOTAL 16.000 KG, CARGA ÚTIL MÁXIMA 13.071 KG, DISTÂNCIA ENTRE EIXOS 4,80 M, POTÊNCIA 230 CV INCLUSIVE CAÇAMBA METÁLICA - MATERIAIS NA OPERAÇÃO. AF_06/2014","H",100.05]
[53794,"USINA DE CONCRETO FIXA, CAPACIDADE NOMINAL DE 90 A 120 M3/H, SEM SILO - MANUTENÇÃO. AF_07/2016","H",35.619999999999997]
[53797,"CAMINHÃO TOCO, PBT 16.000 KG, CARGA ÚTIL MÁX. 10.685 KG, DIST. ENTRE EIXOS 4,8 M, POTÊNCIA 189 CV, INCLUSIVE CARROCERIA FIXA ABERTA DE MADEIRA P/ TRANSPORTE GERAL DE CARGA SECA, DIMEN. APROX. 2,5 X 7,00 X 0,50 M - MATERIAIS NA OPERAÇÃO. AF_06/2014","H",115.06]
[53804,"VASSOURA MECÂNICA REBOCÁVEL COM ESCOVA CILÍNDRICA, LARGURA ÚTIL DE VARRIMENTO DE 2,44 M - MANUTENÇÃO. AF_06/2014","H",4.6399999999999997]
[53806,"TRATOR DE ESTEIRAS, POTÊNCIA 170 HP, PESO OPERACIONAL 19 T, CAÇAMBA 5,2 M3 - MANUTENÇÃO. AF_06/2014","H",76.81]
[53810,"TRATOR DE ESTEIRAS, POTÊNCIA 150 HP, PESO OPERACIONAL 16,7 T, COM RODA MOTRIZ ELEVADA E LÂMINA 3,18 M3 - MANUTENÇÃO. AF_06/2014","H",77.28]
[53814,"TRATOR DE ESTEIRAS, POTÊNCIA 347 HP, PESO OPERACIONAL 38,5 T, COM LÂMINA 8,70 M3 - MANUTENÇÃO. AF_06/2014","H",253.14]
[53817,"TRATOR DE ESTEIRAS, POTÊNCIA 100 HP, PESO OPERACIONAL 9,4 T, COM LÂMINA 2,19 M3 - MATERIAIS NA OPERAÇÃO. AF_06/2014","H",61.7]
[53818,"ROLO COMPACTADOR VIBRATÓRIO REBOCÁVEL, CILINDRO DE AÇO LISO, POTÊNCIA DE TRAÇÃO DE 65 CV, PESO 4,7 T, IMPACTO DINÂMICO 18,3 T, LARGURA DE TRABALHO 1,67 M - DEPRECIAÇÃO. AF_02/2016","H",9.67]
[53827,"CAMINHÃO TOCO, PESO BRUTO TOTAL 14.300 KG, CARGA ÚTIL MÁXIMA 9590 KG, DISTÂNCIA ENTRE EIXOS 4,76 M, POTÊNCIA 185 CV (NÃO INCLUI CARROCERIA) - MATERIAIS NA OPERAÇÃO. AF_06/2014","H",112.64]
[53829,"CAMINHÃO TOCO, PESO BRUTO TOTAL 16.000 KG, CARGA ÚTIL MÁXIMA DE 10.685 KG, DISTÂNCIA ENTRE EIXOS 4,80 M, POTÊNCIA 189 CV EXCLUSIVE CARROCERIA - MATERIAIS NA OPERAÇÃO. AF_06/2014","H",115.06]
[53831,"CAMINHÃO PIPA 10.000 L TRUCADO, PESO BRUTO TOTAL 23.000 KG, CARGA ÚTIL MÁXIMA 15.935 KG, DISTÂNCIA ENTRE EIXOS 4,8 M, POTÊNCIA 230 CV, INCLUSIVE TANQUE DE AÇO PARA TRANSPORTE DE ÁGUA - MATERIAIS NA OPERAÇÃO. AF_06/2014","H",190.06]
[53840,"GRADE DE DISCO REBOCÁVEL COM 20 DISCOS 24\" X 6 MM COM PNEUS PARA TRANSPORTE - DEPRECIAÇÃO. AF_06/2014","H",2.52]
[53841,"GRADE DE DISCO REBOCÁVEL COM 20 DISCOS 24\" X 6 MM COM PNEUS PARA TRANSPORTE - MANUTENÇÃO. AF_06/2014","H",1.75]
[53849,"MOTONIVELADORA POTÊNCIA BÁSICA LÍQUIDA (PRIMEIRA MARCHA) 125 HP, PESO BRUTO 13032 KG, LARGURA DA LÂMINA DE 3,7 M - MATERIAIS NA OPERAÇÃO. AF_06/2014","H",82.68]
[53857,"PÁ CARREGADEIRA SOBRE RODAS, POTÊNCIA LÍQUIDA 128 HP, CAPACIDADE DA CAÇAMBA 1,7 A 2,8 M3, PESO OPERACIONAL 11632 KG - MANUTENÇÃO. AF_06/2014","H",51.8]
[53858,"PÁ CARREGADEIRA SOBRE RODAS, POTÊNCIA LÍQUIDA 128 HP, CAPACIDADE DA CAÇAMBA 1,7 A 2,8 M3, PESO OPERACIONAL 11632 KG - MATERIAIS NA OPERAÇÃO. AF_06/2014","H",45.15]
[53861,"PÁ CARREGADEIRA SOBRE RODAS, POTÊNCIA 197 HP, CAPACIDADE DA CAÇAMBA 2,5 A 3,5 M3, PESO OPERACIONAL 18338 KG - MANUTENÇÃO. AF_06/2014","H",71.819999999999993]
[53863,"MARTELETE OU ROMPEDOR PNEUMÁTICO MANUAL, 28 KG, COM SILENCIADOR - MANUTENÇÃO. AF_07/2016","H",2.1800000000000002]
[53865,"COMPRESSOR DE AR REBOCÁVEL, VAZÃO 189 PCM, PRESSÃO EFETIVA DE TRABALHO 102 PSI, MOTOR DIESEL, POTÊNCIA 63 CV - MATERIAIS NA OPERAÇÃO. AF_06/2015","H",46.57]
[53866,"BOMBA SUBMERSÍVEL ELÉTRICA TRIFÁSICA, POTÊNCIA 2,96 HP, Ø ROTOR 144 MM SEMI-ABERTO, BOCAL DE SAÍDA Ø 2\", HM/Q = 2 MCA / 38,8 M3/H A 28 MCA / 5 M3/H - MATERIAIS NA OPERAÇÃO. AF_06/2014","H",1.88]
[53882,"CAMINHÃO PIPA 6.000 L, PESO BRUTO TOTAL 13.000 KG, DISTÂNCIA ENTRE EIXOS 4,80 M, POTÊNCIA 189 CV INCLUSIVE TANQUE DE AÇO PARA TRANSPORTE DE ÁGUA, CAPACIDADE 6 M3 - MANUTENÇÃO. AF_06/2014","H",35.86]
[55263,"ROLO COMPACTADOR DE PNEUS ESTÁTICO, PRESSÃO VARIÁVEL, POTÊNCIA 111 HP, PESO SEM/COM LASTRO 9,5 / 26 T, LARGURA DE TRABALHO 1,90 M - MATERIAIS NA OPERAÇÃO. AF_07/2014","H",63.65]
[73303,"GRUPO GERADOR ESTACIONÁRIO, MOTOR DIESEL POTÊNCIA 170 KVA - DEPRECIAÇÃO. AF_02/2016","H",7.15]
[73307,"GRUPO GERADOR ESTACIONÁRIO, MOTOR DIESEL POTÊNCIA 170 KVA - MANUTENÇÃO. AF_02/2016","H",6.38]
[73309,"ROLO COMPACTADOR VIBRATÓRIO PÉ DE CARNEIRO PARA SOLOS, POTÊNCIA 80 HP, PESO OPERACIONAL SEM/COM LASTRO 7,4 / 8,8 T, LARGURA DE TRABALHO 1,68 M - DEPRECIAÇÃO. AF_02/2016","H",33.33]
[73311,"GRUPO GERADOR ESTACIONÁRIO, MOTOR DIESEL POTÊNCIA 170 KVA - MATERIAIS NA OPERAÇÃO. AF_02/2016","H",175.94]
[73313,"ROLO COMPACTADOR VIBRATÓRIO PÉ DE CARNEIRO PARA SOLOS, POTÊNCIA 80 HP, PESO OPERACIONAL SEM/COM LASTRO 7,4 / 8,8 T, LARGURA DE TRABALHO 1,68 M - JUROS. AF_02/2016","H",9]
[73315,"ROLO COMPACTADOR VIBRATÓRIO PÉ DE CARNEIRO PARA SOLOS, POTÊNCIA 80 HP, PESO OPERACIONAL SEM/COM LASTRO 7,4 / 8,8 T, LARGURA DE TRABALHO 1,68 M - MATERIAIS NA OPERAÇÃO. AF_02/2016","H",56.44]
[73335,"CAMINHÃO TOCO, PBT 14.300 KG, CARGA ÚTIL MÁX. 9.710 KG, DIST. ENTRE EIXOS 3,56 M, POTÊNCIA 185 CV, INCLUSIVE CARROCERIA FIXA ABERTA DE MADEIRA P/ TRANSPORTE GERAL DE CARGA SECA, DIMEN. APROX. 2,50 X 6,50 X 0,50 M - MANUTENÇÃO. AF_06/2014","H",34.130000000000003]
[73340,"CAMINHÃO TOCO, PBT 14.300 KG, CARGA ÚTIL MÁX. 9.710 KG, DIST. ENTRE EIXOS 3,56 M, POTÊNCIA 185 CV, INCLUSIVE CARROCERIA FIXA ABERTA DE MADEIRA P/ TRANSPORTE GERAL DE CARGA SECA, DIMEN. APROX. 2,50 X 6,50 X 0,50 M - MATERIAIS NA OPERAÇÃO. AF_06/2014","H",152.88999999999999]
[83361,"ESPARGIDOR DE ASFALTO PRESSURIZADO, TANQUE 6 M3 COM ISOLAÇÃO TÉRMICA, AQUECIDO COM 2 MAÇARICOS, COM BARRA ESPARGIDORA 3,60 M, MONTADO SOBRE CAMINHÃO  TOCO, PBT 14.300 KG, POTÊNCIA 185 CV - MANUTENÇÃO. AF_08/2015","H",41.76]
[83761,"GRUPO DE SOLDAGEM COM GERADOR A DIESEL 60 CV PARA SOLDA ELÉTRICA, SOBRE 04 RODAS, COM MOTOR 4 CILINDROS 600 A - DEPRECIAÇÃO. AF_02/2016","H",9.52]
[83762,"GRUPO DE SOLDAGEM COM GERADOR A DIESEL 60 CV PARA SOLDA ELÉTRICA, SOBRE 04 RODAS, COM MOTOR 4 CILINDROS 600 A - MANUTENÇÃO. AF_02/2016","H",8.5]
[83763,"GRUPO DE SOLDAGEM COM GERADOR A DIESEL 60 CV PARA SOLDA ELÉTRICA, SOBRE 04 RODAS, COM MOTOR 4 CILINDROS 600 A - MATERIAIS NA OPERAÇÃO. AF_02/2016","H",49.58]
[83764,"GRUPO DE SOLDAGEM COM GERADOR A DIESEL 60 CV PARA SOLDA ELÉTRICA, SOBRE 04 RODAS, COM MOTOR 4 CILINDROS 600 A - JUROS. AF_02/2016","H",3.35]
[87026,"GRADE DE DISCO REBOCÁVEL COM 20 DISCOS 24\" X 6 MM COM PNEUS PARA TRANSPORTE - JUROS. AF_06/2014","H",0.69]
[87441,"BETONEIRA CAPACIDADE NOMINAL 400 L, CAPACIDADE DE MISTURA 310 L, MOTOR A DIESEL POTÊNCIA 5,0 CV, SEM CARREGADOR - DEPRECIAÇÃO. AF_05/2023","H",0.52]
[87442,"BETONEIRA CAPACIDADE NOMINAL 400 L, CAPACIDADE DE MISTURA 310 L, MOTOR A DIESEL POTÊNCIA 5,0 CV, SEM CARREGADOR - JUROS. AF_05/2023","H",0.12]
[87443,"BETONEIRA CAPACIDADE NOMINAL 400 L, CAPACIDADE DE MISTURA 310 L, MOTOR A DIESEL POTÊNCIA 5,0 CV, SEM CARREGADOR - MANUTENÇÃO. AF_05/2023","H",0.65]
[87444,"BETONEIRA CAPACIDADE NOMINAL 400 L, CAPACIDADE DE MISTURA 310 L, MOTOR A DIESEL POTÊNCIA 5,0 CV, SEM CARREGADOR - MATERIAIS NA OPERAÇÃO. AF_05/2023","H",4.13]
[88387,"MISTURADOR DE ARGAMASSA, EIXO HORIZONTAL, CAPACIDADE DE MISTURA 300 KG, MOTOR ELÉTRICO POTÊNCIA 5 CV - DEPRECIAÇÃO. AF_05/2023","H",1.01]
[88389,"MISTURADOR DE ARGAMASSA, EIXO HORIZONTAL, CAPACIDADE DE MISTURA 300 KG, MOTOR ELÉTRICO POTÊNCIA 5 CV - JUROS. AF_05/2023","H",0.23]
[88390,"MISTURADOR DE ARGAMASSA, EIXO HORIZONTAL, CAPACIDADE DE MISTURA 300 KG, MOTOR ELÉTRICO POTÊNCIA 5 CV - MANUTENÇÃO. AF_05/2023","H",1.1100000000000001]
[88391,"MISTURADOR DE ARGAMASSA, EIXO HORIZONTAL, CAPACIDADE DE MISTURA 300 KG, MOTOR ELÉTRICO POTÊNCIA 5 CV - MATERIAIS NA OPERAÇÃO. AF_05/2023","H",3.06]
[88394,"MISTURADOR DE ARGAMASSA, EIXO HORIZONTAL, CAPACIDADE DE MISTURA 600 KG, MOTOR ELÉTRICO POTÊNCIA 7,5 CV - DEPRECIAÇÃO. AF_05/2023","H",1.21]
[88395,"MISTURADOR DE ARGAMASSA, EIXO HORIZONTAL, CAPACIDADE DE MISTURA 600 KG, MOTOR ELÉTRICO POTÊNCIA 7,5 CV - JUROS. AF_05/2023","H",0.28000000000000003]
[88396,"MISTURADOR DE ARGAMASSA, EIXO HORIZONTAL, CAPACIDADE DE MISTURA 600 KG, MOTOR ELÉTRICO POTÊNCIA 7,5 CV - MANUTENÇÃO. AF_05/2023","H",1.32]
[88397,"MISTURADOR DE ARGAMASSA, EIXO HORIZONTAL, CAPACIDADE DE MISTURA 600 KG, MOTOR ELÉTRICO POTÊNCIA 7,5 CV - MATERIAIS NA OPERAÇÃO. AF_05/2023","H",4.59]
[88400,"MISTURADOR DE ARGAMASSA, EIXO HORIZONTAL, CAPACIDADE DE MISTURA 160 KG, MOTOR ELÉTRICO POTÊNCIA 3 CV - DEPRECIAÇÃO. AF_05/2023","H",0.96]
[88401,"MISTURADOR DE ARGAMASSA, EIXO HORIZONTAL, CAPACIDADE DE MISTURA 160 KG, MOTOR ELÉTRICO POTÊNCIA 3 CV - JUROS. AF_05/2023","H",0.22]
[88402,"MISTURADOR DE ARGAMASSA, EIXO HORIZONTAL, CAPACIDADE DE MISTURA 160 KG, MOTOR ELÉTRICO POTÊNCIA 3 CV - MANUTENÇÃO. AF_05/2023","H",1.05]
[88403,"MISTURADOR DE ARGAMASSA, EIXO HORIZONTAL, CAPACIDADE DE MISTURA 160 KG, MOTOR ELÉTRICO POTÊNCIA 3 CV - MATERIAIS NA OPERAÇÃO. AF_05/2023","H",1.84]
[88419,"PROJETOR DE ARGAMASSA, CAPACIDADE DE PROJEÇÃO 1,5 M3/H, ALCANCE DE 30 ATÉ 60 M, MOTOR ELÉTRICO POTÊNCIA 7,5 HP - DEPRECIAÇÃO. AF_06/2014","H",6.26]
[88422,"PROJETOR DE ARGAMASSA, CAPACIDADE DE PROJEÇÃO 1,5 M3/H, ALCANCE DE 30 ATÉ 60 M, MOTOR ELÉTRICO POTÊNCIA 7,5 HP - JUROS. AF_06/2014","H",1.44]
[88425,"PROJETOR DE ARGAMASSA, CAPACIDADE DE PROJEÇÃO 1,5 M3/H, ALCANCE DE 30 ATÉ 60 M, MOTOR ELÉTRICO POTÊNCIA 7,5 HP - MANUTENÇÃO. AF_06/2014","H",7.82]
[88427,"PROJETOR DE ARGAMASSA, CAPACIDADE DE PROJEÇÃO 1,5 M3/H, ALCANCE DE 30 ATÉ 60 M, MOTOR ELÉTRICO POTÊNCIA 7,5 HP - MATERIAIS NA OPERAÇÃO. AF_06/2014","H",1.03]
[88434,"PROJETOR DE ARGAMASSA, CAPACIDADE DE PROJEÇÃO 2 M3/H, ALCANCE ATÉ 50 M, MOTOR ELÉTRICO POTÊNCIA 7,5 HP - DEPRECIAÇÃO. AF_06/2014","H",8.2899999999999991]
[88435,"PROJETOR DE ARGAMASSA, CAPACIDADE DE PROJEÇÃO 2 M3/H, ALCANCE ATÉ 50 M, MOTOR ELÉTRICO POTÊNCIA 7,5 HP - JUROS. AF_06/2014","H",1.91]
[88436,"PROJETOR DE ARGAMASSA, CAPACIDADE DE PROJEÇÃO 2 M3/H, ALCANCE ATÉ 50 M, MOTOR ELÉTRICO POTÊNCIA 7,5 HP - MANUTENÇÃO. AF_06/2014","H",10.37]
[88437,"PROJETOR DE ARGAMASSA, CAPACIDADE DE PROJEÇÃO 2 M3/H, ALCANCE ATÉ 50 M, MOTOR ELÉTRICO POTÊNCIA 7,5 HP - MATERIAIS NA OPERAÇÃO. AF_06/2014","H",1.03]
[88569,"ESPARGIDOR DE ASFALTO PRESSURIZADO COM TANQUE DE 2500 L, REBOCÁVEL COM MOTOR A GASOLINA POTÊNCIA 3,4 HP - DEPRECIAÇÃO. AF_07/2014","H",3.71]
[88570,"ESPARGIDOR DE ASFALTO PRESSURIZADO COM TANQUE DE 2500 L, REBOCÁVEL COM MOTOR A GASOLINA POTÊNCIA 3,4 HP - JUROS. AF_07/2014","H",1.28]
[88826,"BETONEIRA CAPACIDADE NOMINAL DE 400 L, CAPACIDADE DE MISTURA 280 L, MOTOR ELÉTRICO TRIFÁSICO POTÊNCIA DE 2 CV, SEM CARREGADOR - DEPRECIAÇÃO. AF_05/2023","H",0.38]
[88827,"BETONEIRA CAPACIDADE NOMINAL DE 400 L, CAPACIDADE DE MISTURA 280 L, MOTOR ELÉTRICO TRIFÁSICO POTÊNCIA DE 2 CV, SEM CARREGADOR - JUROS. AF_05/2023","H",0.08]
[88828,"BETONEIRA CAPACIDADE NOMINAL DE 400 L, CAPACIDADE DE MISTURA 280 L, MOTOR ELÉTRICO TRIFÁSICO POTÊNCIA DE 2 CV, SEM CARREGADOR - MANUTENÇÃO. AF_05/2023","H",0.42]
[88829,"BETONEIRA CAPACIDADE NOMINAL DE 400 L, CAPACIDADE DE MISTURA 280 L, MOTOR ELÉTRICO TRIFÁSICO POTÊNCIA DE 2 CV, SEM CARREGADOR - MATERIAIS NA OPERAÇÃO. AF_05/2023","H",1.22]
[88839,"TRATOR DE ESTEIRAS, POTÊNCIA 125 HP, PESO OPERACIONAL 12,9 T, COM LÂMINA 2,7 M3 - DEPRECIAÇÃO. AF_10/2014","H",34.9]
[88840,"TRATOR DE ESTEIRAS, POTÊNCIA 125 HP, PESO OPERACIONAL 12,9 T, COM LÂMINA 2,7 M3 - JUROS. AF_10/2014","H",15.37]
[88841,"TRATOR DE ESTEIRAS, POTÊNCIA 125 HP, PESO OPERACIONAL 12,9 T, COM LÂMINA 2,7 M3 - MANUTENÇÃO. AF_10/2014","H",62.39]
[88842,"TRATOR DE ESTEIRAS, POTÊNCIA 125 HP, PESO OPERACIONAL 12,9 T, COM LÂMINA 2,7 M3 - MATERIAIS NA OPERAÇÃO. AF_10/2014","H",77.180000000000007]
[88847,"USINA DE LAMA ASFÁLTICA, PROD 30 A 50 T/H, SILO DE AGREGADO 7 M3, RESERVATÓRIOS PARA EMULSÃO E ÁGUA DE 2,3 M3 CADA, MISTURADOR TIPO PUG MILL A SER MONTADO SOBRE CAMINHÃO - DEPRECIAÇÃO. AF_10/2014","H",22.82]
[88848,"USINA DE LAMA ASFÁLTICA, PROD 30 A 50 T/H, SILO DE AGREGADO 7 M3, RESERVATÓRIOS PARA EMULSÃO E ÁGUA DE 2,3 M3 CADA, MISTURADOR TIPO PUG MILL A SER MONTADO SOBRE CAMINHÃO - JUROS. AF_10/2014","H",9.3800000000000008]
[88853,"MOTOBOMBA CENTRÍFUGA, MOTOR A GASOLINA, POTÊNCIA 5,42 HP, BOCAIS 1 1/2\" X 1\", DIÂMETRO ROTOR 143 MM HM/Q = 6 MCA / 16,8 M3/H A 38 MCA / 6,6 M3/H - DEPRECIAÇÃO. AF_06/2014","H",0.34]
[88854,"MOTOBOMBA CENTRÍFUGA, MOTOR A GASOLINA, POTÊNCIA 5,42 HP, BOCAIS 1 1/2\" X 1\", DIÂMETRO ROTOR 143 MM HM/Q = 6 MCA / 16,8 M3/H A 38 MCA / 6,6 M3/H - JUROS. AF_06/2014","H",7.0000000000000007E-2]
[88855,"GRADE DE DISCO CONTROLE REMOTO REBOCÁVEL, COM 24 DISCOS 24\" X 6 MM COM PNEUS PARA TRANSPORTE - DEPRECIAÇÃO. AF_06/2014","H",3.21]
[88856,"GRADE DE DISCO CONTROLE REMOTO REBOCÁVEL, COM 24 DISCOS 24\" X 6 MM COM PNEUS PARA TRANSPORTE - JUROS. AF_06/2014","H",0.88]
[88857,"RETROESCAVADEIRA SOBRE RODAS COM CARREGADEIRA, TRAÇÃO 4X4, POTÊNCIA LÍQ. 88 HP, CAÇAMBA CARREG. CAP. MÍN. 1 M3, CAÇAMBA RETRO CAP. 0,26 M3, PESO OPERACIONAL MÍN. 6.674 KG, PROFUNDIDADE ESCAVAÇÃO MÁX. 4,37 M - DEPRECIAÇÃO. AF_06/2014","H",27.28]
[88858,"RETROESCAVADEIRA SOBRE RODAS COM CARREGADEIRA, TRAÇÃO 4X4, POTÊNCIA LÍQ. 88 HP, CAÇAMBA CARREG. CAP. MÍN. 1 M3, CAÇAMBA RETRO CAP. 0,26 M3, PESO OPERACIONAL MÍN. 6.674 KG, PROFUNDIDADE ESCAVAÇÃO MÁX. 4,37 M - JUROS. AF_06/2014","H",7.21]
[88859,"RETROESCAVADEIRA SOBRE RODAS COM CARREGADEIRA, TRAÇÃO 4X2, POTÊNCIA LÍQ. 79 HP, CAÇAMBA CARREG. CAP. MÍN. 1 M3, CAÇAMBA RETRO CAP. 0,20 M3, PESO OPERACIONAL MÍN. 6.570 KG, PROFUNDIDADE ESCAVAÇÃO MÁX. 4,37 M - DEPRECIAÇÃO. AF_06/2014","H",24.26]
[88860,"RETROESCAVADEIRA SOBRE RODAS COM CARREGADEIRA, TRAÇÃO 4X2, POTÊNCIA LÍQ. 79 HP, CAÇAMBA CARREG. CAP. MÍN. 1 M3, CAÇAMBA RETRO CAP. 0,20 M3, PESO OPERACIONAL MÍN. 6.570 KG, PROFUNDIDADE ESCAVAÇÃO MÁX. 4,37 M - JUROS. AF_06/2014","H",6.41]
[88900,"ESCAVADEIRA HIDRÁULICA SOBRE ESTEIRAS, CAÇAMBA 1,20 M3, PESO OPERACIONAL 21 T, POTÊNCIA BRUTA 155 HP - DEPRECIAÇÃO. AF_06/2014","H",50.12]
[88902,"ESCAVADEIRA HIDRÁULICA SOBRE ESTEIRAS, CAÇAMBA 1,20 M3, PESO OPERACIONAL 21 T, POTÊNCIA BRUTA 155 HP - JUROS. AF_06/2014","H",13.24]
[88903,"ESCAVADEIRA HIDRÁULICA SOBRE ESTEIRAS, CAÇAMBA 1,20 M3, PESO OPERACIONAL 21 T, POTÊNCIA BRUTA 155 HP - MANUTENÇÃO. AF_06/2014","H",62.66]
[88904,"ESCAVADEIRA HIDRÁULICA SOBRE ESTEIRAS, CAÇAMBA 1,20 M3, PESO OPERACIONAL 21 T, POTÊNCIA BRUTA 155 HP - MATERIAIS NA OPERAÇÃO. AF_06/2014","H",88.82]
[89009,"TRATOR DE ESTEIRAS, POTÊNCIA 150 HP, PESO OPERACIONAL 16,7 T, COM RODA MOTRIZ ELEVADA E LÂMINA 3,18 M3 - DEPRECIAÇÃO. AF_06/2014","H",43.22]
[89010,"TRATOR DE ESTEIRAS, POTÊNCIA 150 HP, PESO OPERACIONAL 16,7 T, COM RODA MOTRIZ ELEVADA E LÂMINA 3,18 M3 - JUROS. AF_06/2014","H",19.04]
[89011,"RETROESCAVADEIRA SOBRE RODAS COM CARREGADEIRA, TRAÇÃO 4X4, POTÊNCIA LÍQ. 72 HP, CAÇAMBA CARREG. CAP. MÍN. 0,79 M3, CAÇAMBA RETRO CAP. 0,18 M3, PESO OPERACIONAL MÍN. 7.140 KG, PROFUNDIDADE ESCAVAÇÃO MÁX. 4,50 M - DEPRECIAÇÃO. AF_06/2014","H",26.32]
[89012,"RETROESCAVADEIRA SOBRE RODAS COM CARREGADEIRA, TRAÇÃO 4X4, POTÊNCIA LÍQ. 72 HP, CAÇAMBA CARREG. CAP. MÍN. 0,79 M3, CAÇAMBA RETRO CAP. 0,18 M3, PESO OPERACIONAL MÍN. 7.140 KG, PROFUNDIDADE ESCAVAÇÃO MÁX. 4,50 M - JUROS. AF_06/2014","H",6.95]
[89013,"TRATOR DE ESTEIRAS, POTÊNCIA 347 HP, PESO OPERACIONAL 38,5 T, COM LÂMINA 8,70 M3 - DEPRECIAÇÃO. AF_06/2014","H",141.59]
[89014,"TRATOR DE ESTEIRAS, POTÊNCIA 347 HP, PESO OPERACIONAL 38,5 T, COM LÂMINA 8,70 M3 - JUROS. AF_06/2014","H",62.37]
[89015,"VASSOURA MECÂNICA REBOCÁVEL COM ESCOVA CILÍNDRICA, LARGURA ÚTIL DE VARRIMENTO DE 2,44 M - DEPRECIAÇÃO. AF_06/2014","H",3.71]
[89016,"VASSOURA MECÂNICA REBOCÁVEL COM ESCOVA CILÍNDRICA, LARGURA ÚTIL DE VARRIMENTO DE 2,44 M - JUROS. AF_06/2014","H",0.98]
[89017,"TRATOR DE ESTEIRAS, POTÊNCIA 170 HP, PESO OPERACIONAL 19 T, CAÇAMBA 5,2 M3 - DEPRECIAÇÃO. AF_06/2014","H",42.96]
[89018,"TRATOR DE ESTEIRAS, POTÊNCIA 170 HP, PESO OPERACIONAL 19 T, CAÇAMBA 5,2 M3 - JUROS. AF_06/2014","H",18.920000000000002]
[89019,"BOMBA SUBMERSÍVEL ELÉTRICA TRIFÁSICA, POTÊNCIA 2,96 HP, Ø ROTOR 144 MM SEMI-ABERTO, BOCAL DE SAÍDA Ø 2\", HM/Q = 2 MCA / 38,8 M3/H A 28 MCA / 5 M3/H - DEPRECIAÇÃO. AF_06/2014","H",0.46]
[89020,"BOMBA SUBMERSÍVEL ELÉTRICA TRIFÁSICA, POTÊNCIA 2,96 HP, Ø ROTOR 144 MM SEMI-ABERTO, BOCAL DE SAÍDA Ø 2\", HM/Q = 2 MCA / 38,8 M3/H A 28 MCA / 5 M3/H - JUROS. AF_06/2014","H",0.1]
[89023,"TANQUE DE ASFALTO ESTACIONÁRIO COM MAÇARICO, CAPACIDADE 20.000 L - DEPRECIAÇÃO. AF_05/2023","H",3.82]
[89024,"TANQUE DE ASFALTO ESTACIONÁRIO COM MAÇARICO, CAPACIDADE 20.000 L - JUROS. AF_05/2023","H",1.32]
[89025,"TANQUE DE ASFALTO ESTACIONÁRIO COM MAÇARICO, CAPACIDADE 20.000 L - MANUTENÇÃO. AF_05/2023","H",4.78]
[89026,"TANQUE DE ASFALTO ESTACIONÁRIO COM MAÇARICO, CAPACIDADE 20.000 L - MATERIAIS NA OPERAÇÃO. AF_05/2023","H",168.87]
[89029,"TRATOR DE ESTEIRAS, POTÊNCIA 100 HP, PESO OPERACIONAL 9,4 T, COM LÂMINA 2,19 M3 - DEPRECIAÇÃO. AF_06/2014","H",33.340000000000003]
[89030,"TRATOR DE ESTEIRAS, POTÊNCIA 100 HP, PESO OPERACIONAL 9,4 T, COM LÂMINA 2,19 M3 - JUROS. AF_06/2014","H",14.68]
[89033,"TRATOR DE PNEUS, POTÊNCIA 85 CV, TRAÇÃO 4X4, PESO COM LASTRO DE 4.675 KG - DEPRECIAÇÃO. AF_06/2014","H",16.52]
[89034,"TRATOR DE PNEUS, POTÊNCIA 85 CV, TRAÇÃO 4X4, PESO COM LASTRO DE 4.675 KG - JUROS. AF_06/2014","H",4.43]
[89128,"PÁ CARREGADEIRA SOBRE RODAS, POTÊNCIA LÍQUIDA 128 HP, CAPACIDADE DA CAÇAMBA 1,7 A 2,8 M3, PESO OPERACIONAL 11632 KG - DEPRECIAÇÃO. AF_06/2014","H",41.44]
[89129,"PÁ CARREGADEIRA SOBRE RODAS, POTÊNCIA LÍQUIDA 128 HP, CAPACIDADE DA CAÇAMBA 1,7 A 2,8 M3, PESO OPERACIONAL 11632 KG - JUROS. AF_06/2014","H",10.95]
[89130,"PÁ CARREGADEIRA SOBRE RODAS, POTÊNCIA 197 HP, CAPACIDADE DA CAÇAMBA 2,5 A 3,5 M3, PESO OPERACIONAL 18338 KG - DEPRECIAÇÃO. AF_06/2014","H",57.46]
[89131,"PÁ CARREGADEIRA SOBRE RODAS, POTÊNCIA 197 HP, CAPACIDADE DA CAÇAMBA 2,5 A 3,5 M3, PESO OPERACIONAL 18338 KG - JUROS. AF_06/2014","H",15.18]
[89210,"ROLO COMPACTADOR VIBRATÓRIO DE UM CILINDRO AÇO LISO, POTÊNCIA 80 HP, PESO OPERACIONAL MÁXIMO 8,1 T, IMPACTO DINÂMICO 16,15 / 9,5 T, LARGURA DE TRABALHO 1,68 M - DEPRECIAÇÃO. AF_06/2014","H",32.049999999999997]
[89211,"ROLO COMPACTADOR VIBRATÓRIO DE UM CILINDRO AÇO LISO, POTÊNCIA 80 HP, PESO OPERACIONAL MÁXIMO 8,1 T, IMPACTO DINÂMICO 16,15 / 9,5 T, LARGURA DE TRABALHO 1,68 M - JUROS. AF_06/2014","H",8.6]
[89212,"BATE-ESTACAS POR GRAVIDADE, POTÊNCIA DE 160 HP, PESO DO MARTELO ATÉ 3 TONELADAS - DEPRECIAÇÃO. AF_11/2014","H",30]
[89213,"BATE-ESTACAS POR GRAVIDADE, POTÊNCIA DE 160 HP, PESO DO MARTELO ATÉ 3 TONELADAS - JUROS. AF_11/2014","H",9.25]
[89214,"BATE-ESTACAS POR GRAVIDADE, POTÊNCIA DE 160 HP, PESO DO MARTELO ATÉ 3 TONELADAS - MANUTENÇÃO. AF_11/2014","H",28.16]
[89215,"BATE-ESTACAS POR GRAVIDADE, POTÊNCIA DE 160 HP, PESO DO MARTELO ATÉ 3 TONELADAS - MATERIAIS NA OPERAÇÃO. AF_11/2014","H",91.72]
[89221,"BETONEIRA CAPACIDADE NOMINAL DE 600 L, CAPACIDADE DE MISTURA 360 L, MOTOR ELÉTRICO TRIFÁSICO POTÊNCIA DE 4 CV, SEM CARREGADOR - DEPRECIAÇÃO. AF_05/2023","H",1.56]
[89222,"BETONEIRA CAPACIDADE NOMINAL DE 600 L, CAPACIDADE DE MISTURA 360 L, MOTOR ELÉTRICO TRIFÁSICO POTÊNCIA DE 4 CV, SEM CARREGADOR - JUROS. AF_05/2023","H",0.36]
[89223,"BETONEIRA CAPACIDADE NOMINAL DE 600 L, CAPACIDADE DE MISTURA 360 L, MOTOR ELÉTRICO TRIFÁSICO POTÊNCIA DE 4 CV, SEM CARREGADOR - MANUTENÇÃO. AF_05/2023","H",1.7]
[89224,"BETONEIRA CAPACIDADE NOMINAL DE 600 L, CAPACIDADE DE MISTURA 360 L, MOTOR ELÉTRICO TRIFÁSICO POTÊNCIA DE 4 CV, SEM CARREGADOR - MATERIAIS NA OPERAÇÃO. AF_05/2023","H",2.4500000000000002]
[89228,"MOTONIVELADORA POTÊNCIA BÁSICA LÍQUIDA (PRIMEIRA MARCHA) 125 HP, PESO BRUTO 13032 KG, LARGURA DA LÂMINA DE 3,7 M - DEPRECIAÇÃO. AF_06/2014","H",45.6]
[89229,"MOTONIVELADORA POTÊNCIA BÁSICA LÍQUIDA (PRIMEIRA MARCHA) 125 HP, PESO BRUTO 13032 KG, LARGURA DA LÂMINA DE 3,7 M - JUROS. AF_06/2014","H",16.07]
[89230,"FRESADORA DE ASFALTO A FRIO SOBRE RODAS, LARGURA FRESAGEM DE 1,0 M, POTÊNCIA 208 HP - DEPRECIAÇÃO. AF_11/2014","H",120.11]
[89231,"FRESADORA DE ASFALTO A FRIO SOBRE RODAS, LARGURA FRESAGEM DE 1,0 M, POTÊNCIA 208 HP - JUROS. AF_11/2014","H",36.78]
[89232,"FRESADORA DE ASFALTO A FRIO SOBRE RODAS, LARGURA FRESAGEM DE 1,0 M, POTÊNCIA 208 HP - MANUTENÇÃO. AF_11/2014","H",214.25]
[89233,"FRESADORA DE ASFALTO A FRIO SOBRE RODAS, LARGURA FRESAGEM DE 1,0 M, POTÊNCIA 208 HP - MATERIAIS NA OPERAÇÃO. AF_11/2014","H",165.06]
[89236,"FRESADORA DE ASFALTO A FRIO SOBRE RODAS, LARGURA FRESAGEM DE 2,0 M, POTÊNCIA 550 HP - DEPRECIAÇÃO. AF_11/2014","H",280.58]
[89237,"FRESADORA DE ASFALTO A FRIO SOBRE RODAS, LARGURA FRESAGEM DE 2,0 M, POTÊNCIA 550 HP - JUROS. AF_11/2014","H",85.91]
[89238,"FRESADORA DE ASFALTO A FRIO SOBRE RODAS, LARGURA FRESAGEM DE 2,0 M, POTÊNCIA 550 HP - MANUTENÇÃO. AF_11/2014","H",500.48]
[89239,"FRESADORA DE ASFALTO A FRIO SOBRE RODAS, LARGURA FRESAGEM DE 2,0 M, POTÊNCIA 550 HP - MATERIAIS NA OPERAÇÃO. AF_11/2014","H",436.51]
[89240,"VIBROACABADORA DE ASFALTO SOBRE ESTEIRAS, LARGURA DE PAVIMENTAÇÃO 1,90 M A 5,30 M, POTÊNCIA 105 HP CAPACIDADE 450 T/H - DEPRECIAÇÃO. AF_11/2014","H",86.11]
[89241,"VIBROACABADORA DE ASFALTO SOBRE ESTEIRAS, LARGURA DE PAVIMENTAÇÃO 1,90 M A 5,30 M, POTÊNCIA 105 HP CAPACIDADE 450 T/H - JUROS. AF_11/2014","H",30.35]
[89246,"RECICLADORA DE ASFALTO A FRIO SOBRE RODAS, LARGURA FRESAGEM DE 2,0 M, POTÊNCIA 422 HP - DEPRECIAÇÃO. AF_11/2014","H",243.81]
[89247,"RECICLADORA DE ASFALTO A FRIO SOBRE RODAS, LARGURA FRESAGEM DE 2,0 M, POTÊNCIA 422 HP - JUROS. AF_11/2014","H",74.650000000000006]
[89248,"RECICLADORA DE ASFALTO A FRIO SOBRE RODAS, LARGURA FRESAGEM DE 2,0 M, POTÊNCIA 422 HP - MANUTENÇÃO. AF_11/2014","H",434.89]
[89249,"RECICLADORA DE ASFALTO A FRIO SOBRE RODAS, LARGURA FRESAGEM DE 2,0 M, POTÊNCIA 422 HP - MATERIAIS NA OPERAÇÃO. AF_11/2014","H",372.09]
[89253,"VIBROACABADORA DE ASFALTO SOBRE ESTEIRAS, LARGURA DE PAVIMENTAÇÃO 2,13 M A 4,55 M, POTÊNCIA 100 HP, CAPACIDADE 400 T/H - DEPRECIAÇÃO. AF_11/2014","H",70.56]
[89254,"VIBROACABADORA DE ASFALTO SOBRE ESTEIRAS, LARGURA DE PAVIMENTAÇÃO 2,13 M A 4,55 M, POTÊNCIA 100 HP, CAPACIDADE 400 T/H - JUROS. AF_11/2014","H",24.87]
[89255,"VIBROACABADORA DE ASFALTO SOBRE ESTEIRAS, LARGURA DE PAVIMENTAÇÃO 2,13 M A 4,55 M, POTÊNCIA 100 HP, CAPACIDADE 400 T/H - MANUTENÇÃO. AF_11/2014","H",113.43]
[89256,"VIBROACABADORA DE ASFALTO SOBRE ESTEIRAS, LARGURA DE PAVIMENTAÇÃO 2,13 M A 4,55 M, POTÊNCIA 100 HP, CAPACIDADE 400 T/H - MATERIAIS NA OPERAÇÃO. AF_11/2014","H",83.74]
[89259,"GUINDAUTO HIDRÁULICO, CAPACIDADE MÁXIMA DE CARGA 6200 KG, MOMENTO MÁXIMO DE CARGA 11,7 TM, ALCANCE MÁXIMO HORIZONTAL 9,70 M, INCLUSIVE CAMINHÃO TOCO PBT 16.000 KG, POTÊNCIA DE 189 CV - DEPRECIAÇÃO. AF_06/2014","H",26.7]
[89260,"GUINDAUTO HIDRÁULICO, CAPACIDADE MÁXIMA DE CARGA 6200 KG, MOMENTO MÁXIMO DE CARGA 11,7 TM, ALCANCE MÁXIMO HORIZONTAL 9,70 M, INCLUSIVE CAMINHÃO TOCO PBT 16.000 KG, POTÊNCIA DE 189 CV - JUROS. AF_06/2014","H",9.77]
[89262,"GUINDAUTO HIDRÁULICO, CAPACIDADE MÁXIMA DE CARGA 6200 KG, MOMENTO MÁXIMO DE CARGA 11,7 TM, ALCANCE MÁXIMO HORIZONTAL 9,70 M, INCLUSIVE CAMINHÃO TOCO PBT 16.000 KG, POTÊNCIA DE 189 CV - MANUTENÇÃO. AF_06/2014","H",45.08]
[89264,"CAMINHÃO TOCO, PBT 16.000 KG, CARGA ÚTIL MÁX. 10.685 KG, DIST. ENTRE EIXOS 4,8 M, POTÊNCIA 189 CV, INCLUSIVE CARROCERIA FIXA ABERTA DE MADEIRA P/ TRANSPORTE GERAL DE CARGA SECA, DIMEN. APROX. 2,5 X 7,00 X 0,50 M - DEPRECIAÇÃO. AF_06/2014","H",20.57]
[89265,"CAMINHÃO TOCO, PBT 16.000 KG, CARGA ÚTIL MÁX. 10.685 KG, DIST. ENTRE EIXOS 4,8 M, POTÊNCIA 189 CV, INCLUSIVE CARROCERIA FIXA ABERTA DE MADEIRA P/ TRANSPORTE GERAL DE CARGA SECA, DIMEN. APROX. 2,5 X 7,00 X 0,50 M - JUROS. AF_06/2014","H",8.17]
[89266,"CAMINHÃO TOCO, PBT 16.000 KG, CARGA ÚTIL MÁX. 10.685 KG, DIST. ENTRE EIXOS 4,8 M, POTÊNCIA 189 CV, INCLUSIVE CARROCERIA FIXA ABERTA DE MADEIRA P/ TRANSPORTE GERAL DE CARGA SECA, DIMEN. APROX. 2,5 X 7,00 X 0,50 M - IMPOSTOS E SEGUROS. AF_06/2014","H",3.3]
[89267,"GUINDASTE HIDRÁULICO AUTOPROPELIDO, COM LANÇA TELESCÓPICA 28,80 M, CAPACIDADE MÁXIMA 30 T, POTÊNCIA 97 KW, TRAÇÃO 4 X 4 - DEPRECIAÇÃO. AF_11/2014","H",52.21]
[89268,"GUINDASTE HIDRÁULICO AUTOPROPELIDO, COM LANÇA TELESCÓPICA 28,80 M, CAPACIDADE MÁXIMA 30 T, POTÊNCIA 97 KW, TRAÇÃO 4 X 4 - JUROS. AF_11/2014","H",18.399999999999999]
[89269,"GUINDASTE HIDRÁULICO AUTOPROPELIDO, COM LANÇA TELESCÓPICA 28,80 M, CAPACIDADE MÁXIMA 30 T, POTÊNCIA 97 KW, TRAÇÃO 4 X 4 - IMPOSTOS E SEGUROS. AF_11/2014","H",7.44]
[89270,"GUINDASTE HIDRÁULICO AUTOPROPELIDO, COM LANÇA TELESCÓPICA 28,80 M, CAPACIDADE MÁXIMA 30 T, POTÊNCIA 97 KW, TRAÇÃO 4 X 4 - MANUTENÇÃO. AF_11/2014","H",83.94]
[89271,"GUINDASTE HIDRÁULICO AUTOPROPELIDO, COM LANÇA TELESCÓPICA 28,80 M, CAPACIDADE MÁXIMA 30 T, POTÊNCIA 97 KW, TRAÇÃO 4 X 4 - MATERIAIS NA OPERAÇÃO. AF_11/2014","H",28.66]
[89274,"BETONEIRA CAPACIDADE NOMINAL DE 600 L, CAPACIDADE DE MISTURA 440 L, MOTOR A DIESEL POTÊNCIA 10 CV, COM CARREGADOR - DEPRECIAÇÃO. AF_05/2023","H",1.89]
[89275,"BETONEIRA CAPACIDADE NOMINAL DE 600 L, CAPACIDADE DE MISTURA 440 L, MOTOR A DIESEL POTÊNCIA 10 CV, COM CARREGADOR - JUROS. AF_05/2023","H",0.43]
[89276,"BETONEIRA CAPACIDADE NOMINAL DE 600 L, CAPACIDADE DE MISTURA 440 L, MOTOR A DIESEL POTÊNCIA 10 CV, COM CARREGADOR - MANUTENÇÃO. AF_05/2023","H",2.37]
[89277,"BETONEIRA CAPACIDADE NOMINAL DE 600 L, CAPACIDADE DE MISTURA 440 L, MOTOR A DIESEL POTÊNCIA 10 CV, COM CARREGADOR - MATERIAIS NA OPERAÇÃO. AF_05/2023","H",8.27]
[89280,"ROLO COMPACTADOR VIBRATÓRIO TANDEM AÇO LISO, POTÊNCIA 58 HP, PESO SEM/COM LASTRO 6,5 / 9,4 T, LARGURA DE TRABALHO 1,2 M - DEPRECIAÇÃO. AF_06/2014","H",39.36]
[89281,"ROLO COMPACTADOR VIBRATÓRIO TANDEM AÇO LISO, POTÊNCIA 58 HP, PESO SEM/COM LASTRO 6,5 / 9,4 T, LARGURA DE TRABALHO 1,2 M - JUROS. AF_06/2014","H",10.56]
[89870,"CAMINHÃO BASCULANTE 14 M3, COM CAVALO MECÂNICO DE CAPACIDADE MÁXIMA DE TRAÇÃO COMBINADO DE 36000 KG, POTÊNCIA 286 CV, INCLUSIVE SEMIREBOQUE COM CAÇAMBA METÁLICA - DEPRECIAÇÃO. AF_12/2014","H",38.61]
[89871,"CAMINHÃO BASCULANTE 14 M3, COM CAVALO MECÂNICO DE CAPACIDADE MÁXIMA DE TRAÇÃO COMBINADO DE 36000 KG, POTÊNCIA 286 CV, INCLUSIVE SEMIREBOQUE COM CAÇAMBA METÁLICA - JUROS. AF_12/2014","H",13.36]
[89872,"CAMINHÃO BASCULANTE 14 M3, COM CAVALO MECÂNICO DE CAPACIDADE MÁXIMA DE TRAÇÃO COMBINADO DE 36000 KG, POTÊNCIA 286 CV, INCLUSIVE SEMIREBOQUE COM CAÇAMBA METÁLICA - IMPOSTOS E SEGUROS. AF_12/2014","H",5.39]
[89873,"CAMINHÃO BASCULANTE 14 M3, COM CAVALO MECÂNICO DE CAPACIDADE MÁXIMA DE TRAÇÃO COMBINADO DE 36000 KG, POTÊNCIA 286 CV, INCLUSIVE SEMIREBOQUE COM CAÇAMBA METÁLICA - MANUTENÇÃO. AF_12/2014","H",65.45]
[89874,"CAMINHÃO BASCULANTE 14 M3, COM CAVALO MECÂNICO DE CAPACIDADE MÁXIMA DE TRAÇÃO COMBINADO DE 36000 KG, POTÊNCIA 286 CV, INCLUSIVE SEMIREBOQUE COM CAÇAMBA METÁLICA - MATERIAIS NA OPERAÇÃO. AF_12/2014","H",174.16]
[89878,"CAMINHÃO BASCULANTE 18 M3, COM CAVALO MECÂNICO DE CAPACIDADE MÁXIMA DE TRAÇÃO COMBINADO DE 45000 KG, POTÊNCIA 330 CV, INCLUSIVE SEMIREBOQUE COM CAÇAMBA METÁLICA - DEPRECIAÇÃO. AF_12/2014","H",41.53]
[89879,"CAMINHÃO BASCULANTE 18 M3, COM CAVALO MECÂNICO DE CAPACIDADE MÁXIMA DE TRAÇÃO COMBINADO DE 45000 KG, POTÊNCIA 330 CV, INCLUSIVE SEMIREBOQUE COM CAÇAMBA METÁLICA - JUROS. AF_12/2014","H",14.12]
[89880,"CAMINHÃO BASCULANTE 18 M3, COM CAVALO MECÂNICO DE CAPACIDADE MÁXIMA DE TRAÇÃO COMBINADO DE 45000 KG, POTÊNCIA 330 CV, INCLUSIVE SEMIREBOQUE COM CAÇAMBA METÁLICA - IMPOSTOS E SEGUROS. AF_12/2014","H",5.7]
[89881,"CAMINHÃO BASCULANTE 18 M3, COM CAVALO MECÂNICO DE CAPACIDADE MÁXIMA DE TRAÇÃO COMBINADO DE 45000 KG, POTÊNCIA 330 CV, INCLUSIVE SEMIREBOQUE COM CAÇAMBA METÁLICA - MANUTENÇÃO. AF_12/2014","H",69.7]
[89882,"CAMINHÃO BASCULANTE 18 M3, COM CAVALO MECÂNICO DE CAPACIDADE MÁXIMA DE TRAÇÃO COMBINADO DE 45000 KG, POTÊNCIA 330 CV, INCLUSIVE SEMIREBOQUE COM CAÇAMBA METÁLICA - MATERIAIS NA OPERAÇÃO. AF_12/2014","H",200.94]
[90582,"VIBRADOR DE IMERSÃO, DIÂMETRO DE PONTEIRA 45MM, MOTOR ELÉTRICO TRIFÁSICO POTÊNCIA DE 2 CV - DEPRECIAÇÃO. AF_06/2015","H",0.43]
[90583,"VIBRADOR DE IMERSÃO, DIÂMETRO DE PONTEIRA 45MM, MOTOR ELÉTRICO TRIFÁSICO POTÊNCIA DE 2 CV - JUROS. AF_06/2015","H",0.1]
[90584,"VIBRADOR DE IMERSÃO, DIÂMETRO DE PONTEIRA 45MM, MOTOR ELÉTRICO TRIFÁSICO POTÊNCIA DE 2 CV - MANUTENÇÃO. AF_06/2015","H",0.33]
[90585,"VIBRADOR DE IMERSÃO, DIÂMETRO DE PONTEIRA 45MM, MOTOR ELÉTRICO TRIFÁSICO POTÊNCIA DE 2 CV - MATERIAIS NA OPERAÇÃO. AF_06/2015","H",0.5]
[90621,"PERFURATRIZ MANUAL, TORQUE MÁXIMO 83 N.M, POTÊNCIA 5 CV, COM DIÂMETRO MÁXIMO 4\" - DEPRECIAÇÃO. AF_06/2015","H",2.33]
[90622,"PERFURATRIZ MANUAL, TORQUE MÁXIMO 83 N.M, POTÊNCIA 5 CV, COM DIÂMETRO MÁXIMO 4\" - JUROS. AF_06/2015","H",0.53]
[90623,"PERFURATRIZ MANUAL, TORQUE MÁXIMO 83 N.M, POTÊNCIA 5 CV, COM DIÂMETRO MÁXIMO 4\" - MANUTENÇÃO. AF_06/2015","H",2.91]
[90624,"PERFURATRIZ MANUAL, TORQUE MÁXIMO 83 N.M, POTÊNCIA 5 CV, COM DIÂMETRO MÁXIMO 4\" - MATERIAIS NA OPERAÇÃO. AF_06/2015","H",3.06]
[90627,"PERFURATRIZ SOBRE ESTEIRA, TORQUE MÁXIMO 600 KGF, PESO MÉDIO 1000 KG, POTÊNCIA 20 HP, DIÂMETRO MÁXIMO 10\" - DEPRECIAÇÃO. AF_06/2015","H",50.52]
[90628,"PERFURATRIZ SOBRE ESTEIRA, TORQUE MÁXIMO 600 KGF, PESO MÉDIO 1000 KG, POTÊNCIA 20 HP, DIÂMETRO MÁXIMO 10\" - JUROS. AF_06/2015","H",13.55]
[90629,"PERFURATRIZ SOBRE ESTEIRA, TORQUE MÁXIMO 600 KGF, PESO MÉDIO 1000 KG, POTÊNCIA 20 HP, DIÂMETRO MÁXIMO 10\" - MANUTENÇÃO. AF_06/2015","H",63.22]
[90630,"PERFURATRIZ SOBRE ESTEIRA, TORQUE MÁXIMO 600 KGF, PESO MÉDIO 1000 KG, POTÊNCIA 20 HP, DIÂMETRO MÁXIMO 10\" - MATERIAIS NA OPERAÇÃO. AF_06/2015","H",1.46]
[90633,"MISTURADOR DUPLO HORIZONTAL DE ALTA TURBULÊNCIA, CAPACIDADE / VOLUME 2 X 500 LITROS, MOTORES ELÉTRICOS MÍNIMO 5 CV CADA, PARA NATA CIMENTO, ARGAMASSA E OUTROS - DEPRECIAÇÃO. AF_06/2015","H",4.8099999999999996]
[90634,"MISTURADOR DUPLO HORIZONTAL DE ALTA TURBULÊNCIA, CAPACIDADE / VOLUME 2 X 500 LITROS, MOTORES ELÉTRICOS MÍNIMO 5 CV CADA, PARA NATA CIMENTO, ARGAMASSA E OUTROS - JUROS. AF_06/2015","H",1.1100000000000001]
[90635,"MISTURADOR DUPLO HORIZONTAL DE ALTA TURBULÊNCIA, CAPACIDADE / VOLUME 2 X 500 LITROS, MOTORES ELÉTRICOS MÍNIMO 5 CV CADA, PARA NATA CIMENTO, ARGAMASSA E OUTROS - MANUTENÇÃO. AF_06/2015","H",5.26]
[90636,"MISTURADOR DUPLO HORIZONTAL DE ALTA TURBULÊNCIA, CAPACIDADE / VOLUME 2 X 500 LITROS, MOTORES ELÉTRICOS MÍNIMO 5 CV CADA, PARA NATA CIMENTO, ARGAMASSA E OUTROS - MATERIAIS NA OPERAÇÃO. AF_06/2015","H",6.13]
[90639,"BOMBA TRIPLEX, PARA INJEÇÃO DE NATA DE CIMENTO, VAZÃO MÁXIMA DE 100 LITROS/MINUTO, PRESSÃO MÁXIMA DE 70 BAR - DEPRECIAÇÃO. AF_06/2015","H",7.19]
[90640,"BOMBA TRIPLEX, PARA INJEÇÃO DE NATA DE CIMENTO, VAZÃO MÁXIMA DE 100 LITROS/MINUTO, PRESSÃO MÁXIMA DE 70 BAR - JUROS. AF_06/2015","H",1.66]
[90641,"BOMBA TRIPLEX, PARA INJEÇÃO DE NATA DE CIMENTO, VAZÃO MÁXIMA DE 100 LITROS/MINUTO, PRESSÃO MÁXIMA DE 70 BAR - MANUTENÇÃO. AF_06/2015","H",7.86]
[90642,"BOMBA TRIPLEX, PARA INJEÇÃO DE NATA DE CIMENTO, VAZÃO MÁXIMA DE 100 LITROS/MINUTO, PRESSÃO MÁXIMA DE 70 BAR - MATERIAIS NA OPERAÇÃO. AF_06/2015","H",12.41]
[90646,"BOMBA CENTRÍFUGA MONOESTÁGIO COM MOTOR ELÉTRICO MONOFÁSICO, POTÊNCIA 15 HP, DIÂMETRO DO ROTOR 173 MM, HM/Q = 30 MCA / 90 M3/H A 45 MCA / 55 M3/H - DEPRECIAÇÃO. AF_06/2015","H",1.19]
[90647,"BOMBA CENTRÍFUGA MONOESTÁGIO COM MOTOR ELÉTRICO MONOFÁSICO, POTÊNCIA 15 HP, DIÂMETRO DO ROTOR 173 MM, HM/Q = 30 MCA / 90 M3/H A 45 MCA / 55 M3/H - JUROS. AF_06/2015","H",0.27]
[90648,"BOMBA CENTRÍFUGA MONOESTÁGIO COM MOTOR ELÉTRICO MONOFÁSICO, POTÊNCIA 15 HP, DIÂMETRO DO ROTOR 173 MM, HM/Q = 30 MCA / 90 M3/H A 45 MCA / 55 M3/H - MANUTENÇÃO. AF_06/2015","H",1.3]
[90649,"BOMBA CENTRÍFUGA MONOESTÁGIO COM MOTOR ELÉTRICO MONOFÁSICO, POTÊNCIA 15 HP, DIÂMETRO DO ROTOR 173 MM, HM/Q = 30 MCA / 90 M3/H A 45 MCA / 55 M3/H - MATERIAIS NA OPERAÇÃO. AF_06/2015","H",9.51]
[90652,"BOMBA DE PROJEÇÃO DE CONCRETO SECO, POTÊNCIA 10 CV, VAZÃO 3 M3/H - DEPRECIAÇÃO. AF_06/2015","H",4.68]
[90653,"BOMBA DE PROJEÇÃO DE CONCRETO SECO, POTÊNCIA 10 CV, VAZÃO 3 M3/H - JUROS. AF_06/2015","H",1.08]
[90654,"BOMBA DE PROJEÇÃO DE CONCRETO SECO, POTÊNCIA 10 CV, VAZÃO 3 M3/H - MANUTENÇÃO. AF_06/2015","H",5.1100000000000003]
[90655,"BOMBA DE PROJEÇÃO DE CONCRETO SECO, POTÊNCIA 10 CV, VAZÃO 3 M3/H - MATERIAIS NA OPERAÇÃO. AF_06/2015","H",6.26]
[90658,"BOMBA DE PROJEÇÃO DE CONCRETO SECO, POTÊNCIA 10 CV, VAZÃO 6 M3/H - DEPRECIAÇÃO. AF_06/2015","H",5.01]
[90659,"BOMBA DE PROJEÇÃO DE CONCRETO SECO, POTÊNCIA 10 CV, VAZÃO 6 M3/H - JUROS. AF_06/2015","H",1.1499999999999999]
[90660,"BOMBA DE PROJEÇÃO DE CONCRETO SECO, POTÊNCIA 10 CV, VAZÃO 6 M3/H - MANUTENÇÃO. AF_06/2015","H",5.48]
[90661,"BOMBA DE PROJEÇÃO DE CONCRETO SECO, POTÊNCIA 10 CV, VAZÃO 6 M3/H - MATERIAIS NA OPERAÇÃO. AF_06/2015","H",6.26]
[90664,"PROJETOR PNEUMÁTICO DE ARGAMASSA PARA CHAPISCO E REBOCO COM RECIPIENTE ACOPLADO, TIPO CANEQUINHA, COM COMPRESSOR DE AR REBOCÁVEL VAZÃO 89 PCM E MOTOR DIESEL DE 20 CV - DEPRECIAÇÃO. AF_05/2023","H",7.15]
[90665,"PROJETOR PNEUMÁTICO DE ARGAMASSA PARA CHAPISCO E REBOCO COM RECIPIENTE ACOPLADO, TIPO CANEQUINHA, COM COMPRESSOR DE AR REBOCÁVEL VAZÃO 89 PCM E MOTOR DIESEL DE 20 CV - JUROS. AF_05/2023","H",1.9]
[90666,"PROJETOR PNEUMÁTICO DE ARGAMASSA PARA CHAPISCO E REBOCO COM RECIPIENTE ACOPLADO, TIPO CANEQUINHA, COM COMPRESSOR DE AR REBOCÁVEL VAZÃO 89 PCM E MOTOR DIESEL DE 20 CV - MANUTENÇÃO. AF_05/2023","H",8.9499999999999993]
[90667,"PROJETOR PNEUMÁTICO DE ARGAMASSA PARA CHAPISCO E REBOCO COM RECIPIENTE ACOPLADO, TIPO CANEQUINHA, COM COMPRESSOR DE AR REBOCÁVEL VAZÃO 89 PCM E MOTOR DIESEL DE 20 CV - MATERIAIS NA OPERAÇÃO. AF_05/2023","H",14.77]
[90670,"PERFURATRIZ COM TORRE METÁLICA PARA EXECUÇÃO DE ESTACA HÉLICE CONTÍNUA, PROFUNDIDADE MÁXIMA DE 30 M, DIÂMETRO MÁXIMO DE 800 MM, POTÊNCIA INSTALADA DE 268 HP, MESA ROTATIVA COM TORQUE MÁXIMO DE 170 KNM - DEPRECIAÇÃO. AF_06/2015","H",227.92]
[90671,"PERFURATRIZ COM TORRE METÁLICA PARA EXECUÇÃO DE ESTACA HÉLICE CONTÍNUA, PROFUNDIDADE MÁXIMA DE 30 M, DIÂMETRO MÁXIMO DE 800 MM, POTÊNCIA INSTALADA DE 268 HP, MESA ROTATIVA COM TORQUE MÁXIMO DE 170 KNM - JUROS. AF_06/2015","H",61.15]
[90672,"PERFURATRIZ COM TORRE METÁLICA PARA EXECUÇÃO DE ESTACA HÉLICE CONTÍNUA, PROFUNDIDADE MÁXIMA DE 30 M, DIÂMETRO MÁXIMO DE 800 MM, POTÊNCIA INSTALADA DE 268 HP, MESA ROTATIVA COM TORQUE MÁXIMO DE 170 KNM - MANUTENÇÃO. AF_06/2015","H",285.23]
[90673,"PERFURATRIZ COM TORRE METÁLICA PARA EXECUÇÃO DE ESTACA HÉLICE CONTÍNUA, PROFUNDIDADE MÁXIMA DE 30 M, DIÂMETRO MÁXIMO DE 800 MM, POTÊNCIA INSTALADA DE 268 HP, MESA ROTATIVA COM TORQUE MÁXIMO DE 170 KNM - MATERIAIS NA OPERAÇÃO. AF_06/2015","H",118.14]
[90676,"PERFURATRIZ HIDRÁULICA SOBRE CAMINHÃO COM TRADO CURTO ACOPLADO, PROFUNDIDADE MÁXIMA DE 20 M, DIÂMETRO MÁXIMO DE 1500 MM, POTÊNCIA INSTALADA DE 137 HP, MESA ROTATIVA COM TORQUE MÁXIMO DE 30 KNM - DEPRECIAÇÃO. AF_06/2015","H",93.47]
[90677,"PERFURATRIZ HIDRÁULICA SOBRE CAMINHÃO COM TRADO CURTO ACOPLADO, PROFUNDIDADE MÁXIMA DE 20 M, DIÂMETRO MÁXIMO DE 1500 MM, POTÊNCIA INSTALADA DE 137 HP, MESA ROTATIVA COM TORQUE MÁXIMO DE 30 KNM - JUROS. AF_06/2015","H",28.29]
[90678,"PERFURATRIZ HIDRÁULICA SOBRE CAMINHÃO COM TRADO CURTO ACOPLADO, PROFUNDIDADE MÁXIMA DE 20 M, DIÂMETRO MÁXIMO DE 1500 MM, POTÊNCIA INSTALADA DE 137 HP, MESA ROTATIVA COM TORQUE MÁXIMO DE 30 KNM - MANUTENÇÃO. AF_06/2015","H",130.94]
[90679,"PERFURATRIZ HIDRÁULICA SOBRE CAMINHÃO COM TRADO CURTO ACOPLADO, PROFUNDIDADE MÁXIMA DE 20 M, DIÂMETRO MÁXIMO DE 1500 MM, POTÊNCIA INSTALADA DE 137 HP, MESA ROTATIVA COM TORQUE MÁXIMO DE 30 KNM - MATERIAIS NA OPERAÇÃO. AF_06/2015","H",90.6]
[90682,"MANIPULADOR TELESCÓPICO, POTÊNCIA DE 85 HP, CAPACIDADE DE CARGA DE 3.500 KG, ALTURA MÁXIMA DE ELEVAÇÃO DE 12,3 M - DEPRECIAÇÃO. AF_05/2023","H",39.46]
[90683,"MANIPULADOR TELESCÓPICO, POTÊNCIA DE 85 HP, CAPACIDADE DE CARGA DE 3.500 KG, ALTURA MÁXIMA DE ELEVAÇÃO DE 12,3 M - JUROS. AF_05/2023","H",9.1199999999999992]
[90684,"MANIPULADOR TELESCÓPICO, POTÊNCIA DE 85 HP, CAPACIDADE DE CARGA DE 3.500 KG, ALTURA MÁXIMA DE ELEVAÇÃO DE 12,3 M - MANUTENÇÃO. AF_05/2023","H",43.16]
[90685,"MANIPULADOR TELESCÓPICO, POTÊNCIA DE 85 HP, CAPACIDADE DE CARGA DE 3.500 KG, ALTURA MÁXIMA DE ELEVAÇÃO DE 12,3 M - MATERIAIS NA OPERAÇÃO. AF_05/2023","H",56.2]
[90688,"MINICARREGADEIRA SOBRE RODAS, POTÊNCIA LÍQUIDA DE 47 HP, CAPACIDADE NOMINAL DE OPERAÇÃO DE 646 KG - DEPRECIAÇÃO. AF_06/2015","H",24]
[90689,"MINICARREGADEIRA SOBRE RODAS, POTÊNCIA LÍQUIDA DE 47 HP, CAPACIDADE NOMINAL DE OPERAÇÃO DE 646 KG - JUROS. AF_06/2015","H",4.74]
[90690,"MINICARREGADEIRA SOBRE RODAS, POTÊNCIA LÍQUIDA DE 47 HP, CAPACIDADE NOMINAL DE OPERAÇÃO DE 646 KG - MANUTENÇÃO. AF_06/2015","H",30]
[90691,"MINICARREGADEIRA SOBRE RODAS, POTÊNCIA LÍQUIDA DE 47 HP, CAPACIDADE NOMINAL DE OPERAÇÃO DE 646 KG - MATERIAIS NA OPERAÇÃO. AF_06/2015","H",39.36]
[90957,"COMPRESSOR DE AR REBOCÁVEL, VAZÃO 189 PCM, PRESSÃO EFETIVA DE TRABALHO 102 PSI, MOTOR DIESEL, POTÊNCIA 63 CV - DEPRECIAÇÃO. AF_06/2015","H",5.32]
[90958,"COMPRESSOR DE AR REBOCÁVEL, VAZÃO 189 PCM, PRESSÃO EFETIVA DE TRABALHO 102 PSI, MOTOR DIESEL, POTÊNCIA 63 CV - JUROS. AF_06/2015","H",1.42]
[90960,"COMPRESSOR DE AR REBOCÁVEL, VAZÃO 89 PCM, PRESSÃO EFETIVA DE TRABALHO 102 PSI, MOTOR DIESEL, POTÊNCIA 20 CV - DEPRECIAÇÃO. AF_06/2015","H",7.1]
[90961,"COMPRESSOR DE AR REBOCÁVEL, VAZÃO 89 PCM, PRESSÃO EFETIVA DE TRABALHO 102 PSI, MOTOR DIESEL, POTÊNCIA 20 CV - JUROS. AF_06/2015","H",1.9]
[90962,"COMPRESSOR DE AR REBOCÁVEL, VAZÃO 89 PCM, PRESSÃO EFETIVA DE TRABALHO 102 PSI, MOTOR DIESEL, POTÊNCIA 20 CV - MANUTENÇÃO. AF_06/2015","H",8.89]
[90963,"COMPRESSOR DE AR REBOCÁVEL, VAZÃO 89 PCM, PRESSÃO EFETIVA DE TRABALHO 102 PSI, MOTOR DIESEL, POTÊNCIA 20 CV - MATERIAIS NA OPERAÇÃO. AF_06/2015","H",14.77]
[90968,"COMPRESSOR DE AR REBOCAVEL, VAZÃO 250 PCM, PRESSAO DE TRABALHO 102 PSI, MOTOR A DIESEL POTÊNCIA 81 CV - DEPRECIAÇÃO. AF_06/2015","H",7.12]
[90969,"COMPRESSOR DE AR REBOCAVEL, VAZÃO 250 PCM, PRESSAO DE TRABALHO 102 PSI, MOTOR A DIESEL POTÊNCIA 81 CV - JUROS. AF_06/2015","H",1.91]
[90970,"COMPRESSOR DE AR REBOCAVEL, VAZÃO 250 PCM, PRESSAO DE TRABALHO 102 PSI, MOTOR A DIESEL POTÊNCIA 81 CV - MANUTENÇÃO. AF_06/2015","H",8.91]
[90971,"COMPRESSOR DE AR REBOCAVEL, VAZÃO 250 PCM, PRESSAO DE TRABALHO 102 PSI, MOTOR A DIESEL POTÊNCIA 81 CV - MATERIAIS NA OPERAÇÃO. AF_06/2015","H",59.86]
[90975,"COMPRESSOR DE AR REBOCÁVEL, VAZÃO 748 PCM, PRESSÃO EFETIVA DE TRABALHO 102 PSI, MOTOR DIESEL, POTÊNCIA 210 CV - DEPRECIAÇÃO. AF_06/2015","H",18.09]
[90976,"COMPRESSOR DE AR REBOCÁVEL, VAZÃO 748 PCM, PRESSÃO EFETIVA DE TRABALHO 102 PSI, MOTOR DIESEL, POTÊNCIA 210 CV - JUROS. AF_06/2015","H",4.8499999999999996]
[90977,"COMPRESSOR DE AR REBOCÁVEL, VAZÃO 748 PCM, PRESSÃO EFETIVA DE TRABALHO 102 PSI, MOTOR DIESEL, POTÊNCIA 210 CV - MANUTENÇÃO. AF_06/2015","H",22.63]
[90978,"COMPRESSOR DE AR REBOCÁVEL, VAZÃO 748 PCM, PRESSÃO EFETIVA DE TRABALHO 102 PSI, MOTOR DIESEL, POTÊNCIA 210 CV - MATERIAIS NA OPERAÇÃO. AF_06/2015","H",155.31]
[90992,"COMPRESSOR DE AR REBOCAVEL, VAZÃO 400 PCM, PRESSAO DE TRABALHO 102 PSI, MOTOR A DIESEL POTÊNCIA 110 CV - DEPRECIAÇÃO. AF_06/2015","H",8.4499999999999993]
[90993,"COMPRESSOR DE AR REBOCAVEL, VAZÃO 400 PCM, PRESSAO DE TRABALHO 102 PSI, MOTOR A DIESEL POTÊNCIA 110 CV - JUROS. AF_06/2015","H",2.2599999999999998]
[90994,"COMPRESSOR DE AR REBOCAVEL, VAZÃO 400 PCM, PRESSAO DE TRABALHO 102 PSI, MOTOR A DIESEL POTÊNCIA 110 CV - MANUTENÇÃO. AF_06/2015","H",10.57]
[90995,"COMPRESSOR DE AR REBOCAVEL, VAZÃO 400 PCM, PRESSAO DE TRABALHO 102 PSI, MOTOR A DIESEL POTÊNCIA 110 CV - MATERIAIS NA OPERAÇÃO. AF_06/2015","H",81.319999999999993]
[91021,"PERFURATRIZ HIDRÁULICA SOBRE CAMINHÃO COM TRADO CURTO ACOPLADO, PROFUNDIDADE MÁXIMA DE 20 M, DIÂMETRO MÁXIMO DE 1500 MM, POTÊNCIA INSTALADA DE 137 HP, MESA ROTATIVA COM TORQUE MÁXIMO DE 30 KNM - IMPOSTOS E SEGUROS. AF_06/2015","H",11.45]
[91026,"CAMINHÃO TRUCADO (C/ TERCEIRO EIXO) ELETRÔNICO - POTÊNCIA 231CV - PBT = 22000KG - DIST. ENTRE EIXOS 5170 MM - INCLUI CARROCERIA FIXA ABERTA DE MADEIRA - DEPRECIAÇÃO. AF_06/2015","H",24.11]
[91027,"CAMINHÃO TRUCADO (C/ TERCEIRO EIXO) ELETRÔNICO - POTÊNCIA 231CV - PBT = 22000KG - DIST. ENTRE EIXOS 5170 MM - INCLUI CARROCERIA FIXA ABERTA DE MADEIRA - JUROS. AF_06/2015","H",9.65]
[91028,"CAMINHÃO TRUCADO (C/ TERCEIRO EIXO) ELETRÔNICO - POTÊNCIA 231CV - PBT = 22000KG - DIST. ENTRE EIXOS 5170 MM - INCLUI CARROCERIA FIXA ABERTA DE MADEIRA - IMPOSTOS E SEGUROS. AF_06/2015","H",3.89]
[91029,"CAMINHÃO TRUCADO (C/ TERCEIRO EIXO) ELETRÔNICO - POTÊNCIA 231CV - PBT = 22000KG - DIST. ENTRE EIXOS 5170 MM - INCLUI CARROCERIA FIXA ABERTA DE MADEIRA - MANUTENÇÃO. AF_06/2015","H",44.11]
[91030,"CAMINHÃO TRUCADO (C/ TERCEIRO EIXO) ELETRÔNICO - POTÊNCIA 231CV - PBT = 22000KG - DIST. ENTRE EIXOS 5170 MM - INCLUI CARROCERIA FIXA ABERTA DE MADEIRA - MATERIAIS NA OPERAÇÃO. AF_06/2015","H",144.91]
[91273,"PLACA VIBRATÓRIA REVERSÍVEL COM MOTOR 4 TEMPOS A GASOLINA, FORÇA CENTRÍFUGA DE 25 KN (2500 KGF), POTÊNCIA 5,5 CV - DEPRECIAÇÃO. AF_08/2015","H",0.44]
[91274,"PLACA VIBRATÓRIA REVERSÍVEL COM MOTOR 4 TEMPOS A GASOLINA, FORÇA CENTRÍFUGA DE 25 KN (2500 KGF), POTÊNCIA 5,5 CV - JUROS. AF_08/2015","H",0.11]
[91275,"PLACA VIBRATÓRIA REVERSÍVEL COM MOTOR 4 TEMPOS A GASOLINA, FORÇA CENTRÍFUGA DE 25 KN (2500 KGF), POTÊNCIA 5,5 CV - MANUTENÇÃO. AF_08/2015","H",0.55000000000000004]
[91276,"PLACA VIBRATÓRIA REVERSÍVEL COM MOTOR 4 TEMPOS A GASOLINA, FORÇA CENTRÍFUGA DE 25 KN (2500 KGF), POTÊNCIA 5,5 CV - MATERIAIS NA OPERAÇÃO. AF_08/2015","H",8.76]
[91279,"CORTADORA DE PISO COM MOTOR 4 TEMPOS A GASOLINA, POTÊNCIA DE 13 HP, COM DISCO DE CORTE DIAMANTADO SEGMENTADO PARA CONCRETO, DIÂMETRO DE 350 MM, FURO DE 1\" (14 X 1\") - DEPRECIAÇÃO. AF_08/2015","H",0.73]
[91280,"CORTADORA DE PISO COM MOTOR 4 TEMPOS A GASOLINA, POTÊNCIA DE 13 HP, COM DISCO DE CORTE DIAMANTADO SEGMENTADO PARA CONCRETO, DIÂMETRO DE 350 MM, FURO DE 1\" (14 X 1\") - JUROS. AF_08/2015","H",0.16]
[91281,"CORTADORA DE PISO COM MOTOR 4 TEMPOS A GASOLINA, POTÊNCIA DE 13 HP, COM DISCO DE CORTE DIAMANTADO SEGMENTADO PARA CONCRETO, DIÂMETRO DE 350 MM, FURO DE 1\" (14 X 1\") - MANUTENÇÃO. AF_08/2015","H",0.91]
[91282,"CORTADORA DE PISO COM MOTOR 4 TEMPOS A GASOLINA, POTÊNCIA DE 13 HP, COM DISCO DE CORTE DIAMANTADO SEGMENTADO PARA CONCRETO, DIÂMETRO DE 350 MM, FURO DE 1\" (14 X 1\") - MATERIAIS NA OPERAÇÃO. AF_08/2015","H",8.83]
[91354,"CAMINHÃO TOCO, PESO BRUTO TOTAL 14.300 KG, CARGA ÚTIL MÁXIMA 9590 KG, DISTÂNCIA ENTRE EIXOS 4,76 M, POTÊNCIA 185 CV (NÃO INCLUI CARROCERIA) - DEPRECIAÇÃO. AF_06/2014","H",17.05]
[91355,"CAMINHÃO TOCO, PESO BRUTO TOTAL 14.300 KG, CARGA ÚTIL MÁXIMA 9590 KG, DISTÂNCIA ENTRE EIXOS 4,76 M, POTÊNCIA 185 CV (NÃO INCLUI CARROCERIA) - JUROS. AF_06/2014","H",7.01]
[91356,"CAMINHÃO TOCO, PESO BRUTO TOTAL 14.300 KG, CARGA ÚTIL MÁXIMA 9590 KG, DISTÂNCIA ENTRE EIXOS 4,76 M, POTÊNCIA 185 CV (NÃO INCLUI CARROCERIA) - IMPOSTOS E SEGUROS. AF_06/2014","H",2.83]
[91359,"CAMINHÃO PIPA 6.000 L, PESO BRUTO TOTAL 13.000 KG, DISTÂNCIA ENTRE EIXOS 4,80 M, POTÊNCIA 189 CV INCLUSIVE TANQUE DE AÇO PARA TRANSPORTE DE ÁGUA, CAPACIDADE 6 M3 - DEPRECIAÇÃO. AF_06/2014","H",20.440000000000001]
[91360,"CAMINHÃO PIPA 6.000 L, PESO BRUTO TOTAL 13.000 KG, DISTÂNCIA ENTRE EIXOS 4,80 M, POTÊNCIA 189 CV INCLUSIVE TANQUE DE AÇO PARA TRANSPORTE DE ÁGUA, CAPACIDADE 6 M3 - JUROS. AF_06/2014","H",7.81]
[91361,"CAMINHÃO PIPA 6.000 L, PESO BRUTO TOTAL 13.000 KG, DISTÂNCIA ENTRE EIXOS 4,80 M, POTÊNCIA 189 CV INCLUSIVE TANQUE DE AÇO PARA TRANSPORTE DE ÁGUA, CAPACIDADE 6 M3 - IMPOSTOS E SEGUROS. AF_06/2014","H",3.15]
[91367,"CAMINHÃO BASCULANTE 6 M3, PESO BRUTO TOTAL 16.000 KG, CARGA ÚTIL MÁXIMA 13.071 KG, DISTÂNCIA ENTRE EIXOS 4,80 M, POTÊNCIA 230 CV INCLUSIVE CAÇAMBA METÁLICA - DEPRECIAÇÃO. AF_06/2014","H",21.79]
[91368,"CAMINHÃO BASCULANTE 6 M3, PESO BRUTO TOTAL 16.000 KG, CARGA ÚTIL MÁXIMA 13.071 KG, DISTÂNCIA ENTRE EIXOS 4,80 M, POTÊNCIA 230 CV INCLUSIVE CAÇAMBA METÁLICA - JUROS. AF_06/2014","H",8.32]
[91369,"CAMINHÃO BASCULANTE 6 M3, PESO BRUTO TOTAL 16.000 KG, CARGA ÚTIL MÁXIMA 13.071 KG, DISTÂNCIA ENTRE EIXOS 4,80 M, POTÊNCIA 230 CV INCLUSIVE CAÇAMBA METÁLICA - IMPOSTOS E SEGUROS. AF_06/2014","H",3.35]
[91375,"CAMINHÃO TOCO, PESO BRUTO TOTAL 16.000 KG, CARGA ÚTIL MÁXIMA DE 10.685 KG, DISTÂNCIA ENTRE EIXOS 4,80 M, POTÊNCIA 189 CV EXCLUSIVE CARROCERIA - DEPRECIAÇÃO. AF_06/2014","H",18.72]
[91376,"CAMINHÃO TOCO, PESO BRUTO TOTAL 16.000 KG, CARGA ÚTIL MÁXIMA DE 10.685 KG, DISTÂNCIA ENTRE EIXOS 4,80 M, POTÊNCIA 189 CV EXCLUSIVE CARROCERIA - JUROS. AF_06/2014","H",7.69]
[91377,"CAMINHÃO TOCO, PESO BRUTO TOTAL 16.000 KG, CARGA ÚTIL MÁXIMA DE 10.685 KG, DISTÂNCIA ENTRE EIXOS 4,80 M, POTÊNCIA 189 CV EXCLUSIVE CARROCERIA - IMPOSTOS E SEGUROS. AF_06/2014","H",3.11]
[91380,"CAMINHÃO BASCULANTE 10 M3, TRUCADO CABINE SIMPLES, PESO BRUTO TOTAL 23.000 KG, CARGA ÚTIL MÁXIMA 15.935 KG, DISTÂNCIA ENTRE EIXOS 4,80 M, POTÊNCIA 230 CV INCLUSIVE CAÇAMBA METÁLICA - DEPRECIAÇÃO. AF_06/2014","H",28.67]
[91381,"CAMINHÃO BASCULANTE 10 M3, TRUCADO CABINE SIMPLES, PESO BRUTO TOTAL 23.000 KG, CARGA ÚTIL MÁXIMA 15.935 KG, DISTÂNCIA ENTRE EIXOS 4,80 M, POTÊNCIA 230 CV INCLUSIVE CAÇAMBA METÁLICA - JUROS. AF_06/2014","H",10.94]
[91382,"CAMINHÃO BASCULANTE 10 M3, TRUCADO CABINE SIMPLES, PESO BRUTO TOTAL 23.000 KG, CARGA ÚTIL MÁXIMA 15.935 KG, DISTÂNCIA ENTRE EIXOS 4,80 M, POTÊNCIA 230 CV INCLUSIVE CAÇAMBA METÁLICA - IMPOSTOS E SEGUROS. AF_06/2014","H",4.42]
[91383,"CAMINHÃO BASCULANTE 10 M3, TRUCADO CABINE SIMPLES, PESO BRUTO TOTAL 23.000 KG, CARGA ÚTIL MÁXIMA 15.935 KG, DISTÂNCIA ENTRE EIXOS 4,80 M, POTÊNCIA 230 CV INCLUSIVE CAÇAMBA METÁLICA - MANUTENÇÃO. AF_06/2014","H",51.41]
[91384,"CAMINHÃO BASCULANTE 10 M3, TRUCADO CABINE SIMPLES, PESO BRUTO TOTAL 23.000 KG, CARGA ÚTIL MÁXIMA 15.935 KG, DISTÂNCIA ENTRE EIXOS 4,80 M, POTÊNCIA 230 CV INCLUSIVE CAÇAMBA METÁLICA - MATERIAIS NA OPERAÇÃO. AF_06/2014","H",140.06]
[91390,"CAMINHÃO TOCO, PBT 14.300 KG, CARGA ÚTIL MÁX. 9.710 KG, DIST. ENTRE EIXOS 3,56 M, POTÊNCIA 185 CV, INCLUSIVE CARROCERIA FIXA ABERTA DE MADEIRA P/ TRANSPORTE GERAL DE CARGA SECA, DIMEN. APROX. 2,50 X 6,50 X 0,50 M - DEPRECIAÇÃO. AF_06/2014","H",18.78]
[91391,"CAMINHÃO TOCO, PBT 14.300 KG, CARGA ÚTIL MÁX. 9.710 KG, DIST. ENTRE EIXOS 3,56 M, POTÊNCIA 185 CV, INCLUSIVE CARROCERIA FIXA ABERTA DE MADEIRA P/ TRANSPORTE GERAL DE CARGA SECA, DIMEN. APROX. 2,50 X 6,50 X 0,50 M - JUROS. AF_06/2014","H",7.46]
[91392,"CAMINHÃO TOCO, PBT 14.300 KG, CARGA ÚTIL MÁX. 9.710 KG, DIST. ENTRE EIXOS 3,56 M, POTÊNCIA 185 CV, INCLUSIVE CARROCERIA FIXA ABERTA DE MADEIRA P/ TRANSPORTE GERAL DE CARGA SECA, DIMEN. APROX. 2,50 X 6,50 X 0,50 M - IMPOSTOS E SEGUROS. AF_06/2014","H",3.01]
[91396,"CAMINHÃO PIPA 10.000 L TRUCADO, PESO BRUTO TOTAL 23.000 KG, CARGA ÚTIL MÁXIMA 15.935 KG, DISTÂNCIA ENTRE EIXOS 4,8 M, POTÊNCIA 230 CV, INCLUSIVE TANQUE DE AÇO PARA TRANSPORTE DE ÁGUA - DEPRECIAÇÃO. AF_06/2014","H",28.33]
[91397,"CAMINHÃO PIPA 10.000 L TRUCADO, PESO BRUTO TOTAL 23.000 KG, CARGA ÚTIL MÁXIMA 15.935 KG, DISTÂNCIA ENTRE EIXOS 4,8 M, POTÊNCIA 230 CV, INCLUSIVE TANQUE DE AÇO PARA TRANSPORTE DE ÁGUA - JUROS. AF_06/2014","H",10.93]
[91398,"CAMINHÃO PIPA 10.000 L TRUCADO, PESO BRUTO TOTAL 23.000 KG, CARGA ÚTIL MÁXIMA 15.935 KG, DISTÂNCIA ENTRE EIXOS 4,8 M, POTÊNCIA 230 CV, INCLUSIVE TANQUE DE AÇO PARA TRANSPORTE DE ÁGUA - IMPOSTOS E SEGUROS. AF_06/2014","H",4.41]
[91402,"CAMINHÃO BASCULANTE 6 M3 TOCO, PESO BRUTO TOTAL 16.000 KG, CARGA ÚTIL MÁXIMA 11.130 KG, DISTÂNCIA ENTRE EIXOS 5,36 M, POTÊNCIA 185 CV, INCLUSIVE CAÇAMBA METÁLICA - IMPOSTOS E SEGUROS. AF_06/2014","H",3.48]
[91466,"GUINDAUTO HIDRÁULICO, CAPACIDADE MÁXIMA DE CARGA 6200 KG, MOMENTO MÁXIMO DE CARGA 11,7 TM, ALCANCE MÁXIMO HORIZONTAL 9,70 M, INCLUSIVE CAMINHÃO TOCO PBT 16.000 KG, POTÊNCIA DE 189 CV - IMPOSTOS E SEGUROS. AF_08/2015","H",3.95]
[91467,"GUINDAUTO HIDRÁULICO, CAPACIDADE MÁXIMA DE CARGA 6200 KG, MOMENTO MÁXIMO DE CARGA 11,7 TM, ALCANCE MÁXIMO HORIZONTAL 9,70 M, INCLUSIVE CAMINHÃO TOCO PBT 16.000 KG, POTÊNCIA DE 189 CV - MATERIAIS NA OPERAÇÃO. AF_08/2015","H",156.19999999999999]
[91468,"ESPARGIDOR DE ASFALTO PRESSURIZADO, TANQUE 6 M3 COM ISOLAÇÃO TÉRMICA, AQUECIDO COM 2 MAÇARICOS, COM BARRA ESPARGIDORA 3,60 M, MONTADO SOBRE CAMINHÃO  TOCO, PBT 14.300 KG, POTÊNCIA 185 CV - DEPRECIAÇÃO. AF_05/2023","H",24.92]
[91469,"ESPARGIDOR DE ASFALTO PRESSURIZADO, TANQUE 6 M3 COM ISOLAÇÃO TÉRMICA, AQUECIDO COM 2 MAÇARICOS, COM BARRA ESPARGIDORA 3,60 M, MONTADO SOBRE CAMINHÃO  TOCO, PBT 14.300 KG, POTÊNCIA 185 CV - JUROS. AF_05/2023","H",9.74]
[91484,"ESPARGIDOR DE ASFALTO PRESSURIZADO, TANQUE 6 M3 COM ISOLAÇÃO TÉRMICA, AQUECIDO COM 2 MAÇARICOS, COM BARRA ESPARGIDORA 3,60 M, MONTADO SOBRE CAMINHÃO  TOCO, PBT 14.300 KG, POTÊNCIA 185 CV - IMPOSTOS E SEGUROS. AF_05/2023","H",3.93]
[91485,"ESPARGIDOR DE ASFALTO PRESSURIZADO, TANQUE 6 M3 COM ISOLAÇÃO TÉRMICA, AQUECIDO COM 2 MAÇARICOS, COM BARRA ESPARGIDORA 3,60 M, MONTADO SOBRE CAMINHÃO  TOCO, PBT 14.300 KG, POTÊNCIA 185 CV - MATERIAIS NA OPERAÇÃO. AF_05/2023","H",152.88999999999999]
[91529,"COMPACTADOR DE SOLOS DE PERCUSSÃO (SOQUETE) COM MOTOR A GASOLINA 4 TEMPOS, POTÊNCIA 4 CV - DEPRECIAÇÃO. AF_08/2015","H",0.65]
[91530,"COMPACTADOR DE SOLOS DE PERCUSSÃO (SOQUETE) COM MOTOR A GASOLINA 4 TEMPOS, POTÊNCIA 4 CV - JUROS. AF_08/2015","H",0.17]
[91531,"COMPACTADOR DE SOLOS DE PERCUSSÃO (SOQUETE) COM MOTOR A GASOLINA 4 TEMPOS, POTÊNCIA 4 CV - MANUTENÇÃO. AF_08/2015","H",0.82]
[91532,"COMPACTADOR DE SOLOS DE PERCUSSÃO (SOQUETE) COM MOTOR A GASOLINA 4 TEMPOS, POTÊNCIA 4 CV - MATERIAIS NA OPERAÇÃO. AF_08/2015","H",6.27]
[91629,"GUINDAUTO HIDRÁULICO, CAPACIDADE MÁXIMA DE CARGA 6500 KG, MOMENTO MÁXIMO DE CARGA 5,8 TM, ALCANCE MÁXIMO HORIZONTAL 7,60 M, INCLUSIVE CAMINHÃO TOCO PBT 9.700 KG, POTÊNCIA DE 160 CV - DEPRECIAÇÃO. AF_08/2015","H",21.12]
[91630,"GUINDAUTO HIDRÁULICO, CAPACIDADE MÁXIMA DE CARGA 6500 KG, MOMENTO MÁXIMO DE CARGA 5,8 TM, ALCANCE MÁXIMO HORIZONTAL 7,60 M, INCLUSIVE CAMINHÃO TOCO PBT 9.700 KG, POTÊNCIA DE 160 CV - JUROS. AF_08/2015","H",7.83]
[91631,"GUINDAUTO HIDRÁULICO, CAPACIDADE MÁXIMA DE CARGA 6500 KG, MOMENTO MÁXIMO DE CARGA 5,8 TM, ALCANCE MÁXIMO HORIZONTAL 7,60 M, INCLUSIVE CAMINHÃO TOCO PBT 9.700 KG, POTÊNCIA DE 160 CV - IMPOSTOS E SEGUROS. AF_08/2015","H",3.15]
[91632,"GUINDAUTO HIDRÁULICO, CAPACIDADE MÁXIMA DE CARGA 6500 KG, MOMENTO MÁXIMO DE CARGA 5,8 TM, ALCANCE MÁXIMO HORIZONTAL 7,60 M, INCLUSIVE CAMINHÃO TOCO PBT 9.700 KG, POTÊNCIA DE 160 CV - MANUTENÇÃO. AF_08/2015","H",36.06]
[91633,"GUINDAUTO HIDRÁULICO, CAPACIDADE MÁXIMA DE CARGA 6500 KG, MOMENTO MÁXIMO DE CARGA 5,8 TM, ALCANCE MÁXIMO HORIZONTAL 7,60 M, INCLUSIVE CAMINHÃO TOCO PBT 9.700 KG, POTÊNCIA DE 160 CV - MATERIAIS NA OPERAÇÃO. AF_08/2015","H",132.19999999999999]
[91640,"CAMINHÃO DE TRANSPORTE DE MATERIAL ASFÁLTICO 30.000 L, COM CAVALO MECÂNICO DE CAPACIDADE MÁXIMA DE TRAÇÃO COMBINADO DE 66.000 KG, POTÊNCIA 360 CV, INCLUSIVE TANQUE DE ASFALTO COM SERPENTINA - DEPRECIAÇÃO. AF_08/2015","H",38.130000000000003]
[91641,"CAMINHÃO DE TRANSPORTE DE MATERIAL ASFÁLTICO 30.000 L, COM CAVALO MECÂNICO DE CAPACIDADE MÁXIMA DE TRAÇÃO COMBINADO DE 66.000 KG, POTÊNCIA 360 CV, INCLUSIVE TANQUE DE ASFALTO COM SERPENTINA - JUROS. AF_08/2015","H",15.37]
[91642,"CAMINHÃO DE TRANSPORTE DE MATERIAL ASFÁLTICO 30.000 L, COM CAVALO MECÂNICO DE CAPACIDADE MÁXIMA DE TRAÇÃO COMBINADO DE 66.000 KG, POTÊNCIA 360 CV, INCLUSIVE TANQUE DE ASFALTO COM SERPENTINA - IMPOSTOS E SEGUROS. AF_08/2015","H",6.21]
[91643,"CAMINHÃO DE TRANSPORTE DE MATERIAL ASFÁLTICO 30.000 L, COM CAVALO MECÂNICO DE CAPACIDADE MÁXIMA DE TRAÇÃO COMBINADO DE 66.000 KG, POTÊNCIA 360 CV, INCLUSIVE TANQUE DE ASFALTO COM SERPENTINA - MANUTENÇÃO. AF_08/2015","H",68.56]
[91644,"CAMINHÃO DE TRANSPORTE DE MATERIAL ASFÁLTICO 30.000 L, COM CAVALO MECÂNICO DE CAPACIDADE MÁXIMA DE TRAÇÃO COMBINADO DE 66.000 KG, POTÊNCIA 360 CV, INCLUSIVE TANQUE DE ASFALTO COM SERPENTINA - MATERIAIS NA OPERAÇÃO. AF_08/2015","H",297.5]
[91688,"SERRA CIRCULAR DE BANCADA COM MOTOR ELÉTRICO POTÊNCIA DE 5HP, COM COIFA PARA DISCO 10\" - DEPRECIAÇÃO. AF_08/2015","H",0.08]
[91689,"SERRA CIRCULAR DE BANCADA COM MOTOR ELÉTRICO POTÊNCIA DE 5HP, COM COIFA PARA DISCO 10\" - JUROS. AF_08/2015","H",0.01]
[91690,"SERRA CIRCULAR DE BANCADA COM MOTOR ELÉTRICO POTÊNCIA DE 5HP, COM COIFA PARA DISCO 10\" - MANUTENÇÃO. AF_08/2015","H",0.05]
[91691,"SERRA CIRCULAR DE BANCADA COM MOTOR ELÉTRICO POTÊNCIA DE 5HP, COM COIFA PARA DISCO 10\" - MATERIAIS NA OPERAÇÃO. AF_08/2015","H",1.33]
[92040,"DISTRIBUIDOR DE AGREGADOS REBOCAVEL, CAPACIDADE 1,9 M³, LARGURA DE TRABALHO 3,66 M - DEPRECIAÇÃO. AF_11/2015","H",6.47]
[92041,"DISTRIBUIDOR DE AGREGADOS REBOCAVEL, CAPACIDADE 1,9 M³, LARGURA DE TRABALHO 3,66 M - JUROS. AF_11/2015","H",1.33]
[92042,"DISTRIBUIDOR DE AGREGADOS REBOCAVEL, CAPACIDADE 1,9 M³, LARGURA DE TRABALHO 3,66 M - MANUTENÇÃO. AF_11/2015","H",5.39]
[92101,"CAMINHÃO PARA EQUIPAMENTO DE LIMPEZA A SUCÇÃO COM CAMINHÃO TRUCADO DE PESO BRUTO TOTAL 23000 KG, CARGA ÚTIL MÁXIMA 15935 KG, DISTÂNCIA ENTRE EIXOS 4,80 M, POTÊNCIA 230 CV, INCLUSIVE LIMPADORA A SUCÇÃO, TANQUE 12000 L - DEPRECIAÇÃO. AF_05/2023","H",44.06]
[92102,"CAMINHÃO PARA EQUIPAMENTO DE LIMPEZA A SUCÇÃO COM CAMINHÃO TRUCADO DE PESO BRUTO TOTAL 23000 KG, CARGA ÚTIL MÁXIMA 15935 KG, DISTÂNCIA ENTRE EIXOS 4,80 M, POTÊNCIA 230 CV, INCLUSIVE LIMPADORA A SUCÇÃO, TANQUE 12000 L - JUROS. AF_05/2023","H",13.74]
[92103,"CAMINHÃO PARA EQUIPAMENTO DE LIMPEZA A SUCÇÃO COM CAMINHÃO TRUCADO DE PESO BRUTO TOTAL 23000 KG, CARGA ÚTIL MÁXIMA 15935 KG, DISTÂNCIA ENTRE EIXOS 4,80 M, POTÊNCIA 230 CV, INCLUSIVE LIMPADORA A SUCÇÃO, TANQUE 12000 L - IMPOSTOS E SEGUROS. AF_05/2023","H",5.56]
[92104,"CAMINHÃO PARA EQUIPAMENTO DE LIMPEZA A SUCÇÃO COM CAMINHÃO TRUCADO DE PESO BRUTO TOTAL 23000 KG, CARGA ÚTIL MÁXIMA 15935 KG, DISTÂNCIA ENTRE EIXOS 4,80 M, POTÊNCIA 230 CV, INCLUSIVE LIMPADORA A SUCÇÃO, TANQUE 12000 L - MANUTENÇÃO. AF_05/2023","H",69.34]
[92105,"CAMINHÃO PARA EQUIPAMENTO DE LIMPEZA A SUCÇÃO COM CAMINHÃO TRUCADO DE PESO BRUTO TOTAL 23000 KG, CARGA ÚTIL MÁX. 15935 KG, DISTÂNCIA ENTRE EIXOS 4,80 M, POTÊNCIA 230 CV, INCLUSIVE LIMPADORA A SUCÇÃO, TANQUE 12000 L - MATERIAIS NA OPERAÇÃO. AF_05/2023","H",190.06]
[92108,"PENEIRA ROTATIVA COM MOTOR ELÉTRICO TRIFÁSICO DE 2 CV, CILINDRO DE 1 M X 0,60 M, COM FUROS DE 3,17 MM - DEPRECIAÇÃO. AF_05/2023","H",1.1200000000000001]
[92109,"PENEIRA ROTATIVA COM MOTOR ELÉTRICO TRIFÁSICO DE 2 CV, CILINDRO DE 1 M X 0,60 M, COM FUROS DE 3,17 MM - JUROS. AF_05/2023","H",0.26]
[92110,"PENEIRA ROTATIVA COM MOTOR ELÉTRICO TRIFÁSICO DE 2 CV, CILINDRO DE 1 M X 0,60 M, COM FUROS DE 3,17 MM - MANUTENÇÃO. AF_05/2023","H",1.4]
[92111,"PENEIRA ROTATIVA COM MOTOR ELÉTRICO TRIFÁSICO DE 2 CV, CILINDRO DE 1 M X 0,60 M, COM FUROS DE 3,17 MM - MATERIAIS NA OPERAÇÃO. AF_05/2023","H",1.22]
[92114,"DOSADOR DE AREIA, CAPACIDADE DE 26 LITROS - DEPRECIAÇÃO. AF_05/2023","H",0.28000000000000003]
[92115,"DOSADOR DE AREIA, CAPACIDADE DE 26 LITROS - JUROS. AF_05/2023","H",0.05]
[92116,"DOSADOR DE AREIA, CAPACIDADE DE 26 LITROS - MANUTENÇÃO. AF_05/2023","H",0.19]
[92133,"CAMINHONETE COM MOTOR A DIESEL, POTÊNCIA 180 CV, CABINE DUPLA, 4X4 - DEPRECIAÇÃO. AF_11/2015","H",12.74]
[92134,"CAMINHONETE COM MOTOR A DIESEL, POTÊNCIA 180 CV, CABINE DUPLA, 4X4 - JUROS. AF_11/2015","H",3.93]
[92135,"CAMINHONETE COM MOTOR A DIESEL, POTÊNCIA 180 CV, CABINE DUPLA, 4X4 - IMPOSTOS E SEGUROS. AF_11/2015","H",1.59]
[92136,"CAMINHONETE COM MOTOR A DIESEL, POTÊNCIA 180 CV, CABINE DUPLA, 4X4 - MANUTENÇÃO. AF_11/2015","H",15.93]
[92137,"CAMINHONETE COM MOTOR A DIESEL, POTÊNCIA 180 CV, CABINE DUPLA, 4X4 - MATERIAIS NA OPERAÇÃO. AF_11/2015","H",34.799999999999997]
[92140,"CAMINHONETE CABINE SIMPLES COM MOTOR 1.6 FLEX, CÂMBIO MANUAL, POTÊNCIA 101/104 CV, 2 PORTAS - DEPRECIAÇÃO. AF_11/2015","H",4.67]
[92141,"CAMINHONETE CABINE SIMPLES COM MOTOR 1.6 FLEX, CÂMBIO MANUAL, POTÊNCIA 101/104 CV, 2 PORTAS - JUROS. AF_11/2015","H",1.44]
[92142,"CAMINHONETE CABINE SIMPLES COM MOTOR 1.6 FLEX, CÂMBIO MANUAL, POTÊNCIA 101/104 CV, 2 PORTAS - IMPOSTOS E SEGUROS. AF_11/2015","H",0.57999999999999996]
[92143,"CAMINHONETE CABINE SIMPLES COM MOTOR 1.6 FLEX, CÂMBIO MANUAL, POTÊNCIA 101/104 CV, 2 PORTAS - MANUTENÇÃO. AF_11/2015","H",5.83]
[92144,"CAMINHONETE CABINE SIMPLES COM MOTOR 1.6 FLEX, CÂMBIO MANUAL, POTÊNCIA 101/104 CV, 2 PORTAS - MATERIAIS NA OPERAÇÃO. AF_11/2015","H",40.74]
[92237,"CAMINHÃO DE TRANSPORTE DE MATERIAL ASFÁLTICO 20.000 L, COM CAVALO MECÂNICO DE CAPACIDADE MÁXIMA DE TRAÇÃO COMBINADO DE 45.000 KG, POTÊNCIA 330 CV, INCLUSIVE TANQUE DE ASFALTO COM MAÇARICO - DEPRECIAÇÃO. AF_12/2015","H",27.8]
[92238,"CAMINHÃO DE TRANSPORTE DE MATERIAL ASFÁLTICO 20.000 L, COM CAVALO MECÂNICO DE CAPACIDADE MÁXIMA DE TRAÇÃO COMBINADO DE 45.000 KG, POTÊNCIA 330 CV, INCLUSIVE TANQUE DE ASFALTO COM MAÇARICO - JUROS. AF_12/2015","H",11.18]
[92239,"CAMINHÃO DE TRANSPORTE DE MATERIAL ASFÁLTICO 20.000 L, COM CAVALO MECÂNICO DE CAPACIDADE MÁXIMA DE TRAÇÃO COMBINADO DE 45.000 KG, POTÊNCIA 330 CV, INCLUSIVE TANQUE DE ASFALTO COM MAÇARICO - IMPOSTOS E SEGUROS. AF_12/2015","H",4.51]
[92240,"CAMINHÃO DE TRANSPORTE DE MATERIAL ASFÁLTICO 20.000 L, COM CAVALO MECÂNICO DE CAPACIDADE MÁXIMA DE TRAÇÃO COMBINADO DE 45.000 KG, POTÊNCIA 330 CV, INCLUSIVE TANQUE DE ASFALTO COM MAÇARICO - MANUTENÇÃO. AF_12/2015","H",49.74]
[92241,"CAMINHÃO DE TRANSPORTE DE MATERIAL ASFÁLTICO 20.000 L, COM CAVALO MECÂNICO DE CAPACIDADE MÁXIMA DE TRAÇÃO COMBINADO DE 45.000 KG, POTÊNCIA 330 CV, INCLUSIVE TANQUE DE ASFALTO COM MAÇARICO - MATERIAIS NA OPERAÇÃO. AF_12/2015","H",272.74]
[92712,"APARELHO PARA CORTE E SOLDA OXI-ACETILENO SOBRE RODAS, INCLUSIVE CILINDROS E MAÇARICOS - DEPRECIAÇÃO. AF_05/2023","H",0.19]
[92713,"APARELHO PARA CORTE E SOLDA OXI-ACETILENO SOBRE RODAS, INCLUSIVE CILINDROS E MAÇARICOS - JUROS. AF_05/2023","H",0.04]
[92714,"APARELHO PARA CORTE E SOLDA OXI-ACETILENO SOBRE RODAS, INCLUSIVE CILINDROS E MAÇARICOS - MANUTENÇÃO. AF_05/2023","H",0.24]
[92715,"APARELHO PARA CORTE E SOLDA OXI-ACETILENO SOBRE RODAS, INCLUSIVE CILINDROS E MAÇARICOS - MATERIAIS NA OPERAÇÃO. AF_05/2023","H",125.18]
[92956,"MÁQUINA EXTRUSORA DE CONCRETO PARA GUIAS E SARJETAS, MOTOR A DIESEL, POTÊNCIA 14 CV - DEPRECIAÇÃO. AF_12/2015","H",4.3]
[92957,"MÁQUINA EXTRUSORA DE CONCRETO PARA GUIAS E SARJETAS, MOTOR A DIESEL, POTÊNCIA 14 CV - JUROS. AF_12/2015","H",0.99]
[92958,"MÁQUINA EXTRUSORA DE CONCRETO PARA GUIAS E SARJETAS, MOTOR A DIESEL, POTÊNCIA 14 CV - MANUTENÇÃO. AF_12/2015","H",4.7]
[92959,"MÁQUINA EXTRUSORA DE CONCRETO PARA GUIAS E SARJETAS, MOTOR A DIESEL, POTÊNCIA 14 CV - MATERIAIS NA OPERAÇÃO. AF_12/2015","H",9.16]
[92963,"MARTELO PERFURADOR PNEUMÁTICO MANUAL, HASTE 25 X 75 MM, 21 KG - DEPRECIAÇÃO. AF_12/2015","H",1.8]
[92964,"MARTELO PERFURADOR PNEUMÁTICO MANUAL, HASTE 25 X 75 MM, 21 KG - JUROS. AF_12/2015","H",0.41]
[92965,"MARTELO PERFURADOR PNEUMÁTICO MANUAL, HASTE 25 X 75 MM, 21 KG - MANUTENÇÃO. AF_12/2015","H",2.25]
[93220,"PERFURATRIZ COM TORRE METÁLICA PARA EXECUÇÃO DE ESTACA HÉLICE CONTÍNUA, PROFUNDIDADE MÁXIMA DE 32 M, DIÂMETRO MÁXIMO DE 1000 MM, POTÊNCIA INSTALADA DE 350 HP, MESA ROTATIVA COM TORQUE MÁXIMO DE 263 KNM - DEPRECIAÇÃO. AF_01/2016","H",349.48]
[93221,"PERFURATRIZ COM TORRE METÁLICA PARA EXECUÇÃO DE ESTACA HÉLICE CONTÍNUA, PROFUNDIDADE MÁXIMA DE 32 M, DIÂMETRO MÁXIMO DE 1000 MM, POTÊNCIA INSTALADA DE 350 HP, MESA ROTATIVA COM TORQUE MÁXIMO DE 263 KNM - JUROS. AF_01/2016","H",93.76]
[93222,"PERFURATRIZ COM TORRE METÁLICA PARA EXECUÇÃO DE ESTACA HÉLICE CONTÍNUA, PROFUNDIDADE MÁXIMA DE 32 M, DIÂMETRO MÁXIMO DE 1000 MM, POTÊNCIA INSTALADA DE 350 HP, MESA ROTATIVA COM TORQUE MÁXIMO DE 263 KNM - MANUTENÇÃO. AF_01/2016","H",437.35]
[93223,"PERFURATRIZ COM TORRE METÁLICA PARA EXECUÇÃO DE ESTACA HÉLICE CONTÍNUA, PROFUNDIDADE MÁXIMA DE 32 M, DIÂMETRO MÁXIMO DE 1000 MM, POTÊNCIA INSTALADA DE 350 HP, MESA ROTATIVA COM TORQUE MÁXIMO DE 263 KNM - MATERIAIS NA OPERAÇÃO. AF_01/2016","H",154.31]
[93229,"BETONEIRA CAPACIDADE NOMINAL 400 L, CAPACIDADE DE MISTURA 310 L, MOTOR A GASOLINA POTÊNCIA 5,5 CV, SEM CARREGADOR - DEPRECIAÇÃO. AF_02/2016","H",0.48]
[93230,"BETONEIRA CAPACIDADE NOMINAL 400 L, CAPACIDADE DE MISTURA 310 L, MOTOR A GASOLINA POTÊNCIA 5,5 CV, SEM CARREGADOR - JUROS. AF_02/2016","H",0.11]
[93231,"BETONEIRA CAPACIDADE NOMINAL 400 L, CAPACIDADE DE MISTURA 310 L, MOTOR A GASOLINA POTÊNCIA 5,5 CV, SEM CARREGADOR - MANUTENÇÃO. AF_02/2016","H",0.6]
[93232,"BETONEIRA CAPACIDADE NOMINAL 400 L, CAPACIDADE DE MISTURA 310 L, MOTOR A GASOLINA POTÊNCIA 5,5 CV, SEM CARREGADOR - MATERIAIS NA OPERAÇÃO. AF_02/2016","H",4.68]
[93235,"GRUPO GERADOR ESTACIONÁRIO, MOTOR DIESEL POTÊNCIA 170 KVA - JUROS. AF_02/2016","H",2.52]
[93238,"ROLO COMPACTADOR VIBRATÓRIO REBOCÁVEL, CILINDRO DE AÇO LISO, POTÊNCIA DE TRAÇÃO DE 65 CV, PESO 4,7 T, IMPACTO DINÂMICO 18,3 T, LARGURA DE TRABALHO 1,67 M - JUROS. AF_02/2016","H",2.59]
[93239,"ROLO COMPACTADOR VIBRATÓRIO PÉ DE CARNEIRO, OPERADO POR CONTROLE REMOTO, POTÊNCIA 12,5 KW, PESO OPERACIONAL 1,675 T, LARGURA DE TRABALHO 0,85 M - JUROS. AF_02/2016","H",11.75]
[93240,"ROLO COMPACTADOR VIBRATÓRIO PÉ DE CARNEIRO, OPERADO POR CONTROLE REMOTO, POTÊNCIA 12,5 KW, PESO OPERACIONAL 1,675 T, LARGURA DE TRABALHO 0,85 M - MATERIAIS NA OPERAÇÃO. AF_02/2016","H",11.82]
[93267,"GRUA ASCENCIONAL, LANÇA DE 30 M, CAPACIDADE DE 1,0 T A 30 M, ALTURA ATÉ 39 M   DEPRECIAÇÃO. AF_05/2023","H",26.87]
[93269,"GRUA ASCENCIONAL, LANÇA DE 30 M, CAPACIDADE DE 1,0 T A 30 M, ALTURA ATÉ 39 M   JUROS. AF_05/2023","H",10.07]
[93270,"GRUA ASCENCIONAL, LANÇA DE 30 M, CAPACIDADE DE 1,0 T A 30 M, ALTURA ATÉ 39 M   MANUTENÇÃO. AF_05/2023","H",26.12]
[93271,"GRUA ASCENCIONAL, LANÇA DE 30 M, CAPACIDADE DE 1,0 T A 30 M, ALTURA ATÉ 39 M   MATERIAIS NA OPERAÇÃO. AF_05/2023","H",9.16]
[93277,"GUINCHO ELÉTRICO DE COLUNA, CAPACIDADE 400 KG, COM MOTO FREIO, MOTOR TRIFÁSICO DE 1,25 CV - DEPRECIAÇÃO. AF_03/2016","H",0.24]
[93278,"GUINCHO ELÉTRICO DE COLUNA, CAPACIDADE 400 KG, COM MOTO FREIO, MOTOR TRIFÁSICO DE 1,25 CV - JUROS. AF_03/2016","H",0.05]
[93279,"GUINCHO ELÉTRICO DE COLUNA, CAPACIDADE 400 KG, COM MOTO FREIO, MOTOR TRIFÁSICO DE 1,25 CV - MANUTENÇÃO. AF_03/2016","H",0.22]
[93280,"GUINCHO ELÉTRICO DE COLUNA, CAPACIDADE 400 KG, COM MOTO FREIO, MOTOR TRIFÁSICO DE 1,25 CV - MATERIAIS NA OPERAÇÃO. AF_03/2016","H",0.76]
[93283,"GUINDASTE HIDRÁULICO AUTOPROPELIDO, COM LANÇA TELESCÓPICA 40 M, CAPACIDADE MÁXIMA 60 T, POTÊNCIA 260 KW - DEPRECIAÇÃO. AF_03/2016","H",100.42]
[93284,"GUINDASTE HIDRÁULICO AUTOPROPELIDO, COM LANÇA TELESCÓPICA 40 M, CAPACIDADE MÁXIMA 60 T, POTÊNCIA 260 KW - JUROS. AF_03/2016","H",35.39]
[93285,"GUINDASTE HIDRÁULICO AUTOPROPELIDO, COM LANÇA TELESCÓPICA 40 M, CAPACIDADE MÁXIMA 60 T, POTÊNCIA 260 KW - MANUTENÇÃO. AF_03/2016","H",161.41999999999999]
[93286,"GUINDASTE HIDRÁULICO AUTOPROPELIDO, COM LANÇA TELESCÓPICA 40 M, CAPACIDADE MÁXIMA 60 T, POTÊNCIA 260 KW - MATERIAIS NA OPERAÇÃO. AF_03/2016","H",12.74]
[93296,"GUINDASTE HIDRÁULICO AUTOPROPELIDO, COM LANÇA TELESCÓPICA 40 M, CAPACIDADE MÁXIMA 60 T, POTÊNCIA 260 KW - IMPOSTOS E SEGUROS. AF_03/2016","H",14.3]
[93397,"GUINDAUTO HIDRÁULICO, CAPACIDADE MÁXIMA DE CARGA 3300 KG, MOMENTO MÁXIMO DE CARGA 5,8 TM, ALCANCE MÁXIMO HORIZONTAL 7,60 M, INCLUSIVE CAMINHÃO TOCO PBT 16.000 KG, POTÊNCIA DE 189 CV - DEPRECIAÇÃO. AF_03/2016","H",24.39]
[93398,"GUINDAUTO HIDRÁULICO, CAPACIDADE MÁXIMA DE CARGA 3300 KG, MOMENTO MÁXIMO DE CARGA 5,8 TM, ALCANCE MÁXIMO HORIZONTAL 7,60 M, INCLUSIVE CAMINHÃO TOCO PBT 16.000 KG, POTÊNCIA DE 189 CV - JUROS. AF_03/2016","H",9.17]
[93399,"GUINDAUTO HIDRÁULICO, CAPACIDADE MÁXIMA DE CARGA 3300 KG, MOMENTO MÁXIMO DE CARGA 5,8 TM, ALCANCE MÁXIMO HORIZONTAL 7,60 M, INCLUSIVE CAMINHÃO TOCO PBT 16.000 KG, POTÊNCIA DE 189 CV - IMPOSTOS E SEGUROS. AF_03/2016","H",3.7]
[93400,"GUINDAUTO HIDRÁULICO, CAPACIDADE MÁXIMA DE CARGA 3300 KG, MOMENTO MÁXIMO DE CARGA 5,8 TM, ALCANCE MÁXIMO HORIZONTAL 7,60 M, INCLUSIVE CAMINHÃO TOCO PBT 16.000 KG, POTÊNCIA DE 189 CV - MANUTENÇÃO. AF_03/2016","H",42.19]
[93401,"GUINDAUTO HIDRÁULICO, CAPACIDADE MÁXIMA DE CARGA 3300 KG, MOMENTO MÁXIMO DE CARGA 5,8 TM, ALCANCE MÁXIMO HORIZONTAL 7,60 M, INCLUSIVE CAMINHÃO TOCO PBT 16.000 KG, POTÊNCIA DE 189 CV - MATERIAIS NA OPERAÇÃO. AF_03/2016","H",156.19999999999999]
[93404,"MÁQUINA JATO DE PRESSAO PORTÁTIL, CAMARA DE 1 SAIDA, CAPACIDADE 280 L, DIAMETRO 670 MM, BICO DE JATO CURTO VENTURI DE 5/16\" , MANGUEIRA DE 1\" COM COMPRESSOR DE AR REBOCÁVEL 189 PCM E MOTOR DIESEL 63 CV - DEPRECIAÇÃO. AF_05/2023","H",7.84]
[93405,"MÁQUINA JATO DE PRESSAO PORTÁTIL, CAMARA DE 1 SAIDA, CAPACIDADE 280 L, DIAMETRO 670 MM, BICO DE JATO CURTO VENTURI DE 5/16\" , MANGUEIRA DE 1\" COM COMPRESSOR DE AR REBOCÁVEL 189 PCM E MOTOR DIESEL 63 CV - JUROS. AF_05/2023","H",2]
[93406,"MÁQUINA JATO DE PRESSAO PORTÁTIL, CAMARA DE 1 SAIDA, CAPACIDADE 280 L, DIAMETRO 670 MM, BICO DE JATO CURTO VENTURI DE 5/16\" , MANGUEIRA DE 1\" COM COMPRESSOR DE AR REBOCÁVEL 189 PCM E MOTOR DIESEL 63 CV - MANUTENÇÃO. AF_05/2023","H",9.41]
[93407,"MÁQUINA JATO DE PRESSAO PORTÁTIL, CAMARA DE 1 SAIDA, CAPACIDADE 280 L, DIAMETRO 670 MM, BICO DE JATO CURTO VENTURI DE 5/16\" , MANGUEIRA DE 1\" COM COMPRESSOR DE AR REBOCÁVEL 189 PCM E MOTOR DIESEL 63 CV - MATERIAIS NA OPERAÇÃO. AF_05/2023","H",46.57]
[93411,"GERADOR PORTÁTIL MONOFÁSICO, POTÊNCIA 5500 VA, MOTOR A GASOLINA, POTÊNCIA DO MOTOR 13 CV - DEPRECIAÇÃO. AF_03/2016","H",0.34]
[93412,"GERADOR PORTÁTIL MONOFÁSICO, POTÊNCIA 5500 VA, MOTOR A GASOLINA, POTÊNCIA DO MOTOR 13 CV - JUROS. AF_03/2016","H",0.12]
[93413,"GERADOR PORTÁTIL MONOFÁSICO, POTÊNCIA 5500 VA, MOTOR A GASOLINA, POTÊNCIA DO MOTOR 13 CV - MANUTENÇÃO. AF_03/2016","H",0.3]
[93414,"GERADOR PORTÁTIL MONOFÁSICO, POTÊNCIA 5500 VA, MOTOR A GASOLINA, POTÊNCIA DO MOTOR 13 CV - MATERIAIS NA OPERAÇÃO. AF_03/2016","H",11.08]
[93417,"GRUPO GERADOR REBOCÁVEL, POTÊNCIA 66 KVA, MOTOR A DIESEL - DEPRECIAÇÃO. AF_03/2016","H",4.49]
[93418,"GRUPO GERADOR REBOCÁVEL, POTÊNCIA 66 KVA, MOTOR A DIESEL - JUROS. AF_03/2016","H",1.58]
[93419,"GRUPO GERADOR REBOCÁVEL, POTÊNCIA 66 KVA, MOTOR A DIESEL - MANUTENÇÃO. AF_03/2016","H",4.01]
[93420,"GRUPO GERADOR REBOCÁVEL, POTÊNCIA 66 KVA, MOTOR A DIESEL - MATERIAIS NA OPERAÇÃO. AF_03/2016","H",66.25]
[93423,"GRUPO GERADOR ESTACIONÁRIO, POTÊNCIA 150 KVA, MOTOR A DIESEL- DEPRECIAÇÃO. AF_03/2016","H",6.36]
[93424,"GRUPO GERADOR ESTACIONÁRIO, POTÊNCIA 150 KVA, MOTOR A DIESEL- JUROS. AF_03/2016","H",2.2400000000000002]
[93425,"GRUPO GERADOR ESTACIONÁRIO, POTÊNCIA 150 KVA, MOTOR A DIESEL- MANUTENÇÃO. AF_03/2016","H",5.68]
[93426,"GRUPO GERADOR ESTACIONÁRIO, POTÊNCIA 150 KVA, MOTOR A DIESEL- MATERIAIS NA OPERAÇÃO. AF_03/2016","H",158.32]
[93429,"USINA DE MISTURA ASFÁLTICA À QUENTE, TIPO CONTRA FLUXO, PROD 40 A 80 TON/HORA - DEPRECIAÇÃO. AF_05/2023","H",157.32]
[93430,"USINA DE MISTURA ASFÁLTICA À QUENTE, TIPO CONTRA FLUXO, PROD 40 A 80 TON/HORA - JUROS. AF_05/2023","H",48.36]
[93431,"USINA DE MISTURA ASFÁLTICA À QUENTE, TIPO CONTRA FLUXO, PROD 40 A 80 TON/HORA - MANUTENÇÃO. AF_05/2023","H",196.8]
[93432,"USINA DE MISTURA ASFÁLTICA À QUENTE, TIPO CONTRA FLUXO, PROD 40 A 80 TON/HORA - MATERIAIS NA OPERAÇÃO. AF_05/2023","H",2127.6]
[93435,"USINA DE ASFALTO À FRIO, CAPACIDADE DE 40 A 60 TON/HORA, ELÉTRICA POTÊNCIA 30 CV - DEPRECIAÇÃO. AF_05/2023","H",8.83]
[93436,"USINA DE ASFALTO À FRIO, CAPACIDADE DE 40 A 60 TON/HORA, ELÉTRICA POTÊNCIA 30 CV - JUROS. AF_05/2023","H",2.72]
[93437,"USINA DE ASFALTO À FRIO, CAPACIDADE DE 40 A 60 TON/HORA, ELÉTRICA POTÊNCIA 30 CV - MANUTENÇÃO. AF_05/2023","H",9.66]
[93438,"USINA DE ASFALTO À FRIO, CAPACIDADE DE 40 A 60 TON/HORA, ELÉTRICA POTÊNCIA 30 CV - MATERIAIS NA OPERAÇÃO. AF_05/2023","H",110.93]
[95114,"MARTELETE OU ROMPEDOR PNEUMÁTICO MANUAL, 28 KG, COM SILENCIADOR - DEPRECIAÇÃO. AF_07/2016","H",1.75]
[95115,"MARTELETE OU ROMPEDOR PNEUMÁTICO MANUAL, 28 KG, COM SILENCIADOR - JUROS. AF_07/2016","H",0.4]
[95116,"USINA DE CONCRETO FIXA, CAPACIDADE NOMINAL DE 90 A 120 M3/H, SEM SILO - DEPRECIAÇÃO. AF_07/2016","H",32.549999999999997]
[95117,"USINA DE CONCRETO FIXA, CAPACIDADE NOMINAL DE 90 A 120 M3/H, SEM SILO - JUROS. AF_07/2016","H",10.039999999999999]
[95118,"USINA MISTURADORA DE SOLOS, CAPACIDADE DE 200 A 500 TON/H, POTENCIA 75KW - DEPRECIAÇÃO. AF_07/2016","H",72.150000000000006]
[95119,"USINA MISTURADORA DE SOLOS, CAPACIDADE DE 200 A 500 TON/H, POTENCIA 75KW - JUROS. AF_07/2016","H",22.26]
[95120,"USINA MISTURADORA DE SOLOS, CAPACIDADE DE 200 A 500 TON/H, POTENCIA 75KW - MATERIAIS NA OPERAÇÃO. AF_07/2016","H",62.47]
[95123,"DISTRIBUIDOR DE AGREGADOS AUTOPROPELIDO, CAP 3 M3, A DIESEL, POTÊNCIA 176CV - DEPRECIAÇÃO. AF_07/2016","H",17.87]
[95124,"DISTRIBUIDOR DE AGREGADOS AUTOPROPELIDO, C/AP 3 M3, A DIESEL, POTÊNCIA 176CV - JUROS. AF_07/2016","H",5.51]
[95125,"DISTRIBUIDOR DE AGREGADOS AUTOPROPELIDO, CAP 3 M3, A DIESEL, POTÊNCIA 176CV - MANUTENÇÃO. AF_07/2016","H",19.559999999999999]
[95126,"DISTRIBUIDOR DE AGREGADOS AUTOPROPELIDO, CAP 3 M3, A DIESEL, POTÊNCIA 176CV - MATERIAIS NA OPERAÇÃO. AF_07/2016","H",145.44]
[95129,"MÁQUINA DEMARCADORA DE FAIXA DE TRÁFEGO À FRIO, AUTOPROPELIDA, POTÊNCIA 38 HP - DEPRECIAÇÃO. AF_07/2016","H",47.9]
[95130,"MÁQUINA DEMARCADORA DE FAIXA DE TRÁFEGO À FRIO, AUTOPROPELIDA, POTÊNCIA 38 HP - JUROS. AF_07/2016","H",17.36]
[95131,"MÁQUINA DEMARCADORA DE FAIXA DE TRÁFEGO À FRIO, AUTOPROPELIDA, POTÊNCIA 38 HP - MANUTENÇÃO. AF_07/2016","H",56.38]
[95132,"MÁQUINA DEMARCADORA DE FAIXA DE TRÁFEGO À FRIO, AUTOPROPELIDA, POTÊNCIA 38 HP - MATERIAIS NA OPERAÇÃO. AF_07/2016","H",31.85]
[95136,"TALHA MANUAL DE CORRENTE, CAPACIDADE DE 2 TON. COM ELEVAÇÃO DE 3 M - DEPRECIAÇÃO. AF_07/2016","H",0.02]
[95137,"TALHA MANUAL DE CORRENTE, CAPACIDADE DE 2 TON. COM ELEVAÇÃO DE 3 M - JUROS. AF_07/2016","H",0.01]
[95138,"TALHA MANUAL DE CORRENTE, CAPACIDADE DE 2 TON. COM ELEVAÇÃO DE 3 M - MANUTENÇÃO. AF_07/2016","H",0.02]
[95208,"GRUA ASCENCIONAL, LANÇA DE 42 M, CAPACIDADE DE 1,5 T A 30 M, ALTURA ATÉ 39 M   DEPRECIAÇÃO. AF_05/2023","H",54.13]
[95209,"GRUA ASCENCIONAL, LANCA DE 42 M, CAPACIDADE DE 1,5 T A 30 M, ALTURA ATE 39 M   JUROS. AF_05/2023","H",12.51]
[95210,"GRUA ASCENCIONAL, LANCA DE 42 M, CAPACIDADE DE 1,5 T A 30 M, ALTURA ATE 39 M   MANUTENÇÃO. AF_05/2023","H",59.2]
[95211,"GRUA ASCENCIONAL, LANCA DE 42 M, CAPACIDADE DE 1,5 T A 30 M, ALTURA ATE 39 M   MATERIAIS NA OPERAÇÃO. AF_05/2023","H",9.16]
[95217,"PULVERIZADOR DE TINTA ELÉTRICO/MÁQUINA DE PINTURA AIRLESS, VAZÃO 2 L/MIN - MATERIAIS NA OPERAÇÃO. AF_05/2023","H",0.61]
[95255,"MARTELO DEMOLIDOR PNEUMÁTICO MANUAL, 32 KG - DEPRECIAÇÃO. AF_09/2016","H",1.55]
[95256,"MARTELO DEMOLIDOR PNEUMÁTICO MANUAL, 32 KG - JUROS. AF_09/2016","H",0.35]
[95257,"MARTELO DEMOLIDOR PNEUMÁTICO MANUAL, 32 KG - MANUTENÇÃO. AF_09/2016","H",1.94]
[95260,"COMPACTADOR DE SOLOS DE PERCUSÃO (SOQUETE) COM MOTOR A GASOLINA, POTÊNCIA 3 CV - DEPRECIAÇÃO. AF_09/2016","H",0.53]
[95261,"COMPACTADOR DE SOLOS DE PERCUSÃO (SOQUETE) COM MOTOR A GASOLINA, POTÊNCIA 3 CV - JUROS. AF_09/2016","H",0.14000000000000001]
[95262,"COMPACTADOR DE SOLOS DE PERCUSÃO (SOQUETE) COM MOTOR A GASOLINA, POTÊNCIA 3 CV - MANUTENÇÃO. AF_09/2016","H",0.66]
[95263,"COMPACTADOR DE SOLOS DE PERCUSÃO (SOQUETE) COM MOTOR A GASOLINA, POTÊNCIA 3 CV - MATERIAIS NA OPERAÇÃO. AF_09/2016","H",4.75]
[95266,"RÉGUA VIBRATÓRIA DUPLA PARA CONCRETO, PESO DE 60KG, COMPRIMENTO 4 M, COM MOTOR A GASOLINA, POTÊNCIA 5,5 HP - DEPRECIAÇÃO. AF_09/2016","H",0.5]
[95267,"RÉGUA VIBRATÓRIA DUPLA PARA CONCRETO, PESO DE 60KG, COMPRIMENTO 4 M, COM MOTOR A GASOLINA, POTÊNCIA 5,5 HP - JUROS. AF_09/2016","H",0.1]
[95268,"RÉGUA VIBRATÓRIA DUPLA PARA CONCRETO, PESO DE 60KG, COMPRIMENTO 4 M, COM MOTOR A GASOLINA, POTÊNCIA 5,5 HP - MANUTENÇÃO. AF_09/2016","H",0.48]
[95269,"RÉGUA VIBRATÓRIA DUPLA PARA CONCRETO, PESO DE 60KG, COMPRIMENTO 4 M, COM MOTOR A GASOLINA, POTÊNCIA 5,5 HP - MATERIAIS NA OPERAÇÃO. AF_09/2016","H",8.76]
[95272,"POLIDORA DE PISO (POLITRIZ), PESO DE 100KG, DIÂMETRO 450 MM, MOTOR ELÉTRICO, POTÊNCIA 4 HP - DEPRECIAÇÃO. AF_05/2023","H",0.49]
[95273,"POLIDORA DE PISO (POLITRIZ), PESO DE 100KG, DIÂMETRO 450 MM, MOTOR ELÉTRICO, POTÊNCIA 4 HP - JUROS. AF_05/2023","H",0.11]
[95274,"POLIDORA DE PISO (POLITRIZ), PESO DE 100KG, DIÂMETRO 450 MM, MOTOR ELÉTRICO, POTÊNCIA 4 HP - MANUTENÇÃO. AF_05/2023","H",0.38]
[95275,"POLIDORA DE PISO (POLITRIZ), PESO DE 100KG, DIÂMETRO 450 MM, MOTOR ELÉTRICO, POTÊNCIA 4 HP - MATERIAIS NA OPERAÇÃO. AF_05/2023","H",2.48]
[95278,"DESEMPENADEIRA DE CONCRETO, PESO DE 78 KG, 4 PÁS, MOTOR A GASOLINA, POTÊNCIA 5,5 HP - DEPRECIAÇÃO. AF_05/2023","H",0.6]
[95279,"DESEMPENADEIRA DE CONCRETO, PESO DE 78 KG, 4 PÁS, MOTOR A GASOLINA, POTÊNCIA 5,5 HP - JUROS. AF_05/2023","H",0.12]
[95280,"DESEMPENADEIRA DE CONCRETO, PESO DE 78 KG, 4 PÁS, MOTOR A GASOLINA, POTÊNCIA 5,5 HP - MANUTENÇÃO. AF_05/2023","H",0.57999999999999996]
[95281,"DESEMPENADEIRA DE CONCRETO, PESO DE 78 KG, 4 PÁS, MOTOR A GASOLINA, POTÊNCIA 5,5 HP   MATERIAIS NA OPERAÇÃO. AF_05/2023","H",8.76]
[95617,"PERFURATRIZ PNEUMATICA MANUAL DE PESO MEDIO, MARTELETE, 18KG, COMPRIMENTO MÁXIMO DE CURSO DE 6 M, DIAMETRO DO PISTAO DE 5,5 CM - DEPRECIAÇÃO. AF_11/2016","H",1.27]
[95618,"PERFURATRIZ PNEUMATICA MANUAL DE PESO MEDIO, MARTELETE, 18KG, COMPRIMENTO MÁXIMO DE CURSO DE 6 M, DIAMETRO DO PISTAO DE 5,5 CM - JUROS. AF_11/2016","H",0.28999999999999998]
[95619,"PERFURATRIZ PNEUMATICA MANUAL DE PESO MEDIO, MARTELETE, 18KG, COMPRIMENTO MÁXIMO DE CURSO DE 6 M, DIAMETRO DO PISTAO DE 5,5 CM - MANUTENÇÃO. AF_11/2016","H",1.59]
[95627,"ROLO COMPACTADOR VIBRATORIO TANDEM, ACO LISO, POTENCIA 125 HP, PESO SEM/COM LASTRO 10,20/11,65 T, LARGURA DE TRABALHO 1,73 M - DEPRECIAÇÃO. AF_11/2016","H",47.95]
[95628,"ROLO COMPACTADOR VIBRATORIO TANDEM, ACO LISO, POTENCIA 125 HP, PESO SEM/COM LASTRO 10,20/11,65 T, LARGURA DE TRABALHO 1,73 M - JUROS. AF_11/2016","H",12.86]
[95629,"ROLO COMPACTADOR VIBRATORIO TANDEM, ACO LISO, POTENCIA 125 HP, PESO SEM/COM LASTRO 10,20/11,65 T, LARGURA DE TRABALHO 1,73 M - MANUTENÇÃO. AF_11/2016","H",60.01]
[95630,"ROLO COMPACTADOR VIBRATORIO TANDEM, ACO LISO, POTENCIA 125 HP, PESO SEM/COM LASTRO 10,20/11,65 T, LARGURA DE TRABALHO 1,73 M - MATERIAIS NA OPERAÇÃO. AF_11/2016","H",88.17]
[95698,"PERFURATRIZ MANUAL, TORQUE MAXIMO 55 KGF.M, POTENCIA 5 CV, COM DIAMETRO MAXIMO 8 1/2\" - DEPRECIAÇÃO. AF_11/2016","H",5.17]
[95699,"PERFURATRIZ MANUAL, TORQUE MAXIMO 55 KGF.M, POTENCIA 5 CV, COM DIAMETRO MAXIMO 8 1/2\" - JUROS. AF_11/2016","H",1.19]
[95700,"PERFURATRIZ MANUAL, TORQUE MAXIMO 55 KGF.M, POTENCIA 5 CV, COM DIAMETRO MAXIMO 8 1/2\" - MANUTENÇÃO. AF_11/2016","H",6.46]
[95701,"PERFURATRIZ MANUAL, TORQUE MAXIMO 55 KGF.M, POTENCIA 5 CV, COM DIAMETRO MAXIMO 8 1/2\" - MATERIAIS NA OPERAÇÃO. AF_11/2016","H",3.06]
[95704,"PERFURATRIZ SOBRE ESTEIRA, TORQUE MÁXIMO 600 KGF, POTÊNCIA ENTRE 50 E 60 HP, DIÂMETRO MÁXIMO 10\" - DEPRECIAÇÃO. AF_11/2016","H",51.01]
[95705,"PERFURATRIZ SOBRE ESTEIRA, TORQUE MÁXIMO 600 KGF, POTÊNCIA ENTRE 50 E 60 HP, DIÂMETRO MÁXIMO 10\" - JUROS. AF_11/2016","H",13.68]
[95706,"PERFURATRIZ SOBRE ESTEIRA, TORQUE MÁXIMO 600 KGF, POTÊNCIA ENTRE 50 E 60 HP, DIÂMETRO MÁXIMO 10\" - MANUTENÇÃO. AF_11/2016","H",63.84]
[95707,"PERFURATRIZ SOBRE ESTEIRA, TORQUE MÁXIMO 600 KGF, POTÊNCIA ENTRE 50 E 60 HP, DIÂMETRO MÁXIMO 10\" - MATERIAIS NA OPERAÇÃO. AF_11/2016","H",4.01]
[95716,"ESCAVADEIRA HIDRAULICA SOBRE ESTEIRA, EQUIPADA COM CLAMSHELL, COM CAPACIDADE DA CAÇAMBA ENTRE 1,20 E 1,50 M3, PESO OPERACIONAL ENTRE 20,00 E 22,00 TON, POTENCIA LIQUIDA ENTRE 150 E 160 HP - DEPRECIAÇÃO. AF_11/2016","H",61.34]
[95717,"ESCAVADEIRA HIDRAULICA SOBRE ESTEIRA, EQUIPADA COM CLAMSHELL, COM CAPACIDADE DA CAÇAMBA ENTRE 1,20 E 1,50 M3, PESO OPERACIONAL ENTRE 20,00 E 22,00 TON, POTENCIA LIQUIDA ENTRE 150 E 160 HP - JUROS. AF_11/2016","H",16.21]
[95718,"ESCAVADEIRA HIDRAULICA SOBRE ESTEIRA, EQUIPADA COM CLAMSHELL, COM CAPACIDADE DA CAÇAMBA ENTRE 1,20 E 1,50 M3, PESO OPERACIONAL ENTRE 20,00 E 22,00 TON, POTENCIA LIQUIDA ENTRE 150 E 160 HP - MANUTENÇÃO. AF_11/2016","H",76.680000000000007]
[95719,"ESCAVADEIRA HIDRAULICA SOBRE ESTEIRA, EQUIPADA COM CLAMSHELL, COM CAPACIDADE DA CAÇAMBA ENTRE 1,20 E 1,50 M3, PESO OPERACIONAL ENTRE 20,00 E 22,00 TON, POTENCIA LIQUIDA ENTRE 150 E 160 HP - MATERIAIS NA OPERAÇÃO. AF_11/2016","H",88.82]
[95869,"GRUPO GERADOR COM CARENAGEM, MOTOR DIESEL POTÊNCIA STANDART ENTRE 250 E 260 KVA - JUROS. AF_12/2016","H",3.58]
[95870,"GRUPO GERADOR COM CARENAGEM, MOTOR DIESEL POTÊNCIA STANDART ENTRE 250 E 260 KVA - MANUTENÇÃO. AF_12/2016","H",9.08]
[95871,"GRUPO GERADOR COM CARENAGEM, MOTOR DIESEL POTÊNCIA STANDART ENTRE 250 E 260 KVA - MATERIAIS NA OPERAÇÃO. AF_12/2016","H",269.73]
[95874,"GRUPO GERADOR COM CARENAGEM, MOTOR DIESEL POTÊNCIA STANDART ENTRE 250 E 260 KVA - DEPRECIAÇÃO. AF_12/2016","H",10.17]
[96008,"TRATOR DE PNEUS COM POTÊNCIA DE 122 CV, TRAÇÃO 4X4, COM VASSOURA MECÂNICA ACOPLADA - DEPRECIAÇÃO. AF_02/2017","H",26.07]
[96009,"TRATOR DE PNEUS COM POTÊNCIA DE 122 CV, TRAÇÃO 4X4, COM VASSOURA MECÂNICA ACOPLADA - JUROS. AF_02/2017","H",6.98]
[96011,"TRATOR DE PNEUS COM POTÊNCIA DE 122 CV, TRAÇÃO 4X4, COM VASSOURA MECÂNICA ACOPLADA - MANUTENÇÃO. AF_02/2017","H",28.53]
[96012,"TRATOR DE PNEUS COM POTÊNCIA DE 122 CV, TRAÇÃO 4X4, COM VASSOURA MECÂNICA ACOPLADA - MATERIAIS NA OPERAÇÃO. AF_02/2017","H",95.5]
[96015,"TRATOR DE PNEUS COM POTÊNCIA DE 122 CV, TRAÇÃO 4X4, COM GRADE DE DISCOS ACOPLADA - DEPRECIAÇÃO. AF_02/2017","H",25.87]
[96016,"TRATOR DE PNEUS COM POTÊNCIA DE 122 CV, TRAÇÃO 4X4, COM GRADE DE DISCOS ACOPLADA - JUROS. AF_02/2017","H",6.93]
[96018,"TRATOR DE PNEUS COM POTÊNCIA DE 122 CV, TRAÇÃO 4X4, COM GRADE DE DISCOS ACOPLADA - MANUTENÇÃO. AF_02/2017","H",28.31]
[96019,"TRATOR DE PNEUS COM POTÊNCIA DE 122 CV, TRAÇÃO 4X4, COM GRADE DE DISCOS ACOPLADA - MATERIAIS NA OPERAÇÃO. AF_02/2017","H",95.5]
[96023,"TRATOR DE PNEUS COM POTÊNCIA DE 85 CV, TRAÇÃO 4X4, COM GRADE DE DISCOS ACOPLADA - DEPRECIAÇÃO. AF_02/2017","H",19.850000000000001]
[96024,"TRATOR DE PNEUS COM POTÊNCIA DE 85 CV, TRAÇÃO 4X4, COM GRADE DE DISCOS ACOPLADA - JUROS. AF_02/2017","H",5.32]
[96026,"TRATOR DE PNEUS COM POTÊNCIA DE 85 CV, TRAÇÃO 4X4, COM GRADE DE DISCOS ACOPLADA - MANUTENÇÃO. AF_02/2017","H",21.72]
[96027,"TRATOR DE PNEUS COM POTÊNCIA DE 85 CV, TRAÇÃO 4X4, COM GRADE DE DISCOS ACOPLADA - MATERIAIS NA OPERAÇÃO. AF_02/2017","H",66.540000000000006]
[96030,"CAMINHÃO BASCULANTE 10 M3, TRUCADO, POTÊNCIA 230 CV, INCLUSIVE CAÇAMBA METÁLICA, COM DISTRIBUIDOR DE AGREGADOS ACOPLADO - DEPRECIAÇÃO. AF_02/2017","H",35.14]
[96031,"CAMINHÃO BASCULANTE 10 M3, TRUCADO, POTÊNCIA 230 CV, INCLUSIVE CAÇAMBA METÁLICA, COM DISTRIBUIDOR DE AGREGADOS ACOPLADO - JUROS. AF_02/2017","H",12.27]
[96032,"CAMINHÃO BASCULANTE 10 M3, TRUCADO, POTÊNCIA 230 CV, INCLUSIVE CAÇAMBA METÁLICA, COM DISTRIBUIDOR DE AGREGADOS ACOPLADO - IMPOSTOS E SEGUROS. AF_02/2017","H",4.93]
[96033,"CAMINHÃO BASCULANTE 10 M3, TRUCADO, POTÊNCIA 230 CV, INCLUSIVE CAÇAMBA METÁLICA, COM DISTRIBUIDOR DE AGREGADOS ACOPLADO - MANUTENÇÃO. AF_02/2017","H",56.8]
[96034,"CAMINHÃO BASCULANTE 10 M3, TRUCADO, POTÊNCIA 230 CV, INCLUSIVE CAÇAMBA METÁLICA, COM DISTRIBUIDOR DE AGREGADOS ACOPLADO - MATERIAIS NA OPERAÇÃO. AF_02/2017","H",140.06]
[96053,"TRATOR DE PNEUS COM POTÊNCIA DE 85 CV, TRAÇÃO 4X4, COM VASSOURA MECÂNICA ACOPLADA - DEPRECIAÇÃO. AF_03/2017","H",20.05]
[96054,"MINICARREGADEIRA SOBRE RODAS POTENCIA 47HP CAPACIDADE OPERACAO 646 KG, COM VASSOURA MECÂNICA ACOPLADA - DEPRECIAÇÃO. AF_03/2017","H",27.71]
[96055,"TRATOR DE PNEUS COM POTÊNCIA DE 85 CV, TRAÇÃO 4X4, COM VASSOURA MECÂNICA ACOPLADA - JUROS. AF_03/2017","H",5.37]
[96056,"TRATOR DE PNEUS COM POTÊNCIA DE 85 CV, TRAÇÃO 4X4, COM VASSOURA MECÂNICA ACOPLADA - MANUTENÇÃO. AF_03/2017","H",21.94]
[96057,"TRATOR DE PNEUS COM POTÊNCIA DE 85 CV, TRAÇÃO 4X4, COM VASSOURA MECÂNICA ACOPLADA - MATERIAIS NA OPERAÇÃO. AF_03/2017","H",66.540000000000006]
[96060,"MINICARREGADEIRA SOBRE RODAS POTENCIA 47HP CAPACIDADE OPERACAO 646 KG, COM VASSOURA MECÂNICA ACOPLADA - JUROS. AF_03/2017","H",5.72]
[96061,"MINICARREGADEIRA SOBRE RODAS POTENCIA 47HP CAPACIDADE OPERACAO 646 KG, COM VASSOURA MECÂNICA ACOPLADA - MANUTENÇÃO. AF_03/2017","H",34.64]
[96062,"MINICARREGADEIRA SOBRE RODAS POTENCIA 47HP CAPACIDADE OPERACAO 646 KG, COM VASSOURA MECÂNICA ACOPLADA - MATERIAIS NA OPERAÇÃO. AF_03/2017","H",39.36]
[96241,"MINIESCAVADEIRA SOBRE ESTEIRAS, POTÊNCIA LÍQUIDA DE *30* HP, PESO OPERACIONAL DE *3.500* KG - DEPRECIAÇÃO. AF_04/2017","H",25.5]
[96242,"MINIESCAVADEIRA SOBRE ESTEIRAS, POTÊNCIA LÍQUIDA DE *30* HP, PESO OPERACIONAL DE *3.500* KG - JUROS. AF_04/2017","H",6.73]
[96243,"MINIESCAVADEIRA SOBRE ESTEIRAS, POTÊNCIA LÍQUIDA DE *30* HP, PESO OPERACIONAL DE *3.500* KG - MANUTENÇÃO. AF_04/2017","H",31.87]
[96244,"MINIESCAVADEIRA SOBRE ESTEIRAS, POTÊNCIA LÍQUIDA DE *30* HP, PESO OPERACIONAL DE *3.500* KG - MATERIAIS NA OPERAÇÃO. AF_04/2017","H",17.190000000000001]
[96301,"PERFURATRIZ ROTATIVA SOBRE ESTEIRA, TORQUE MAXIMO 2500 KGM, POTENCIA 110 HP, MOTOR DIESEL - MATERIAIS NA OPERAÇÃO. AF_05/2017","H",48.52]
[96457,"ROLO COMPACTADOR DE PNEUS, ESTÁTICO, PRESSÃO VARIÁVEL, POTÊNCIA 110 HP, PESO SEM/COM LASTRO 10,8/27 T, LARGURA DE ROLAGEM 2,30 M - MATERIAIS NA OPERAÇÃO. AF_06/2017","H",63.05]
[96458,"ROLO COMPACTADOR DE PNEUS, ESTÁTICO, PRESSÃO VARIÁVEL, POTÊNCIA 110 HP, PESO SEM/COM LASTRO 10,8/27 T, LARGURA DE ROLAGEM 2,30 M - MANUTENÇÃO. AF_06/2017","H",66.55]
[96459,"ROLO COMPACTADOR DE PNEUS, ESTÁTICO, PRESSÃO VARIÁVEL, POTÊNCIA 110 HP, PESO SEM/COM LASTRO 10,8/27 T, LARGURA DE ROLAGEM 2,30 M - JUROS. AF_06/2017","H",14.26]
[96460,"ROLO COMPACTADOR DE PNEUS, ESTÁTICO, PRESSÃO VARIÁVEL, POTÊNCIA 110 HP, PESO SEM/COM LASTRO 10,8/27 T, LARGURA DE ROLAGEM 2,30 M - DEPRECIAÇÃO. AF_06/2017","H",53.18]
[98760,"INVERSOR DE SOLDA MONOFÁSICO DE 160 A, POTÊNCIA DE 5400 W, TENSÃO DE 220 V, PARA SOLDA COM ELETRODOS DE 2,0 A 4,0 MM E PROCESSO TIG - DEPRECIAÇÃO. AF_06/2018","H",7.0000000000000007E-2]
[98761,"INVERSOR DE SOLDA MONOFÁSICO DE 160 A, POTÊNCIA DE 5400 W, TENSÃO DE 220 V, PARA SOLDA COM ELETRODOS DE 2,0 A 4,0 MM E PROCESSO TIG - JUROS. AF_06/2018","H",0.01]
[98762,"INVERSOR DE SOLDA MONOFÁSICO DE 160 A, POTÊNCIA DE 5400 W, TENSÃO DE 220 V, PARA SOLDA COM ELETRODOS DE 2,0 A 4,0 MM E PROCESSO TIG - MANUTENÇÃO. AF_06/2018","H",0.09]
[98763,"INVERSOR DE SOLDA MONOFÁSICO DE 160 A, POTÊNCIA DE 5400 W, TENSÃO DE 220 V, PARA SOLDA COM ELETRODOS DE 2,0 A 4,0 MM E PROCESSO TIG - MATERIAIS NA OPERAÇÃO. AF_06/2018","H",4.49]
[99829,"LAVADORA DE ALTA PRESSAO (LAVA-JATO) PARA AGUA FRIA, PRESSAO DE OPERACAO ENTRE 1400 E 1900 LIB/POL2, VAZAO MAXIMA ENTRE 400 E 700 L/H - DEPRECIAÇÃO. AF_05/2023","H",0.19]
[99830,"LAVADORA DE ALTA PRESSAO (LAVA-JATO) PARA AGUA FRIA, PRESSAO DE OPERACAO ENTRE 1400 E 1900 LIB/POL2, VAZAO MAXIMA ENTRE 400 E 700 L/H - JUROS. AF_05/2023","H",0.04]
[99831,"LAVADORA DE ALTA PRESSAO (LAVA-JATO) PARA AGUA FRIA, PRESSAO DE OPERACAO ENTRE 1400 E 1900 LIB/POL2, VAZAO MAXIMA ENTRE 400 E 700 L/H - MANUTENÇÃO. AF_05/2023","H",0.13]
[99832,"LAVADORA DE ALTA PRESSAO (LAVA-JATO) PARA AGUA FRIA, PRESSAO DE OPERACAO ENTRE 1400 E 1900 LIB/POL2, VAZAO MAXIMA ENTRE 400 E 700 L/H - MATERIAIS NA OPERAÇÃO. AF_05/2023","H",4.33]
[100637,"USINA DE MISTURA ASFÁLTICA À QUENTE, TIPO CONTRA FLUXO, PROD 100 A 140 TON/HORA - DEPRECIAÇÃO. AF_12/2019","H",193.24]
[100638,"USINA DE MISTURA ASFÁLTICA À QUENTE, TIPO CONTRA FLUXO, PROD 100 A 140 TON/HORA - JUROS. AF_12/2019","H",59.4]
[100639,"USINA DE MISTURA ASFÁLTICA À QUENTE, TIPO CONTRA FLUXO, PROD 100 A 140 TON/HORA - MANUTENÇÃO. AF_12/2019","H",241.74]
[100640,"USINA DE MISTURA ASFÁLTICA À QUENTE, TIPO CONTRA FLUXO, PROD 100 A 140 TON/HORA - MATERIAIS NA OPERAÇÃO. AF_12/2019","H",4255.2]
[100643,"USINA DE ASFALTO, TIPO GRAVIMÉTRICA, PROD 150 TON/HORA - DEPRECIAÇÃO. AF_12/2019","H",395.96]
[100644,"USINA DE ASFALTO, TIPO GRAVIMÉTRICA, PROD 150 TON/HORA - JUROS. AF_12/2019","H",139.57]
[100645,"USINA DE ASFALTO, TIPO GRAVIMÉTRICA, PROD 150 TON/HORA - MANUTENÇÃO. AF_12/2019","H",636.51]
[100646,"USINA DE ASFALTO, TIPO GRAVIMÉTRICA, PROD 150 TON/HORA - MATERIAIS NA OPERAÇÃO. AF_12/2019","H",5319]
[102270,"MARTELO DEMOLIDOR ELÉTRICO, COM POTÊNCIA DE 2.000 W, 1.000 IMPACTOS POR MINUTO, PESO DE 30 KG - DEPRECIAÇÃO. AF_01/2021","H",0.76]
[102271,"MARTELO DEMOLIDOR ELÉTRICO, COM POTÊNCIA DE 2.000 W, 1.000 IMPACTOS POR MINUTO, PESO DE 30 KG - JUROS. AF_01/2021","H",0.17]
[102272,"MARTELO DEMOLIDOR ELÉTRICO, COM POTÊNCIA DE 2.000 W, 1.000 IMPACTOS POR MINUTO, PESO DE 30 KG - MANUTENÇÃO. AF_01/2021","H",0.96]
[102273,"MARTELO DEMOLIDOR ELÉTRICO, COM POTÊNCIA DE 2.000 W, 1.000 IMPACTOS POR MINUTO, PESO DE 30 KG - MATERIAIS NA OPERAÇÃO. AF_01/2021","H",1.66]
[102809,"CALDEIRA A GÁS COM TERMOSTATO, CAPACIDADE 100 LITROS - MATERIAIS NA OPERAÇÃO. AF_05/2023","H",17.27]
[102815,"CENTRAL DE LAMA BENTONÍTICA (DEPÓSITO DE BENTONITA, MISTURADOR DE ALTA TURBULÊNCIA, SILOS DE ARMAZENAMENTO DE LAMA E ÁGUA, LABORATÓRIO DE CONTROLE DE QUALIDADE DA LAMA) - MATERIAIS NA OPERAÇÃO. AF_04/2019","H",3.33]
[102826,"CONJUNTO MACACO E BOMBA HIDRÁULICA PARA PROTENSAO DE CORDOALHAS, ESFORÇO MAXIMO DE 115 TONELADAS - MATERIAIS NA OPERAÇÃO. AF_05/2023","H",6.25]
[102832,"CONJUNTO CILINDRO E BOMBA HIDRÁULICA PARA PROTENSÃO DE MONOBARRAS PARA TIRANTES, ESFORÇO MÁXIMO DE 30 TONELADAS  - MATERIAIS NA OPERAÇÃO. AF_05/2023","H",8.33]
[102843,"GUINDASTE HIDRAULICO AUTOPROPELIDO, COM LANÇA TRELIÇADA 40 M, CAPACIDADE MÁXIMA 75 T, EQUIPADO COM CLAMSHELL - MATERIAIS NA OPERAÇÃO. AF_04/2019","H",132.97]
[102849,"GUINDASTE SOBRE ESTEIRAS, COM LANÇA TRELIÇADA 40 M, CAPACIDADE MÁXIMA 75 T - MATERIAIS NA OPERAÇÃO. AF_04/2019","H",65.010000000000005]
[102855,"GUINDASTE SOBRE ESTEIRAS, COM LANÇA TRELIÇADA 40 M, CAPACIDADE MÁXIMA 75 T, EQUIPADO COM CLAMSHELL - MATERIAIS NA OPERAÇÃO. AF_04/2019","H",65.010000000000005]
[102861,"MÁQUINA FORMER DOBRAS DIVERSAS: 220V/380V TRIFÁSICO OU MONOFÁSICO, CAPACIDADE 0,5-1,27MM, MOTOR 2CV - MATERIAIS NA OPERAÇÃO. AF_05/2023","H",1.22]
[102867,"MÁQUINA SOLDA ARCO COM PISTOLA DE SOLDAGEM PARA STUD BOLT DE 5 MM A 22 MM - MATERIAIS NA OPERAÇÃO. AF_05/2023","H",0.66]
[102870,"PERFURATRIZ HIDRÁULICA SOBRE ESTEIRA, TORQUE MÁXIMO 161 KNM, PROFUNDIDADE MÁXIMA 54 M, DIÂMETRO MÁXIMO 1500 MM, POTÊNCIA MOTOR 268 HP - DEPRECIAÇÃO. AF_04/2019","H",332.4]
[102871,"PERFURATRIZ HIDRÁULICA SOBRE ESTEIRA, TORQUE MÁXIMO 161 KNM, PROFUNDIDADE MÁXIMA 54 M, DIÂMETRO MÁXIMO 1500 MM, POTÊNCIA MOTOR 268 HP - JUROS. AF_04/2019","H",89.8]
[102872,"PERFURATRIZ HIDRÁULICA SOBRE ESTEIRA, TORQUE MÁXIMO 161 KNM, PROFUNDIDADE MÁXIMA 54 M, DIÂMETRO MÁXIMO 1500 MM, POTÊNCIA MOTOR 268 HP - MANUTENÇÃO. AF_04/2019","H",415.97]
[102873,"PERFURATRIZ HIDRÁULICA SOBRE ESTEIRA, TORQUE MÁXIMO 161 KNM, PROFUNDIDADE MÁXIMA 54 M, DIÂMETRO MÁXIMO 1500 MM, POTÊNCIA MOTOR 268 HP - MATERIAIS NA OPERAÇÃO. AF_04/2019","H",118.14]
[102876,"PERFURATRIZ PARA EXECUÇÃO DE ESTACAS SECANTES, TIPO HÉLICE CONTÍNUA COM CABEÇOTE DUPLO E TUBO METÁLICO - DEPRECIAÇÃO. AF_04/2019","H",461.93]
[102877,"PERFURATRIZ PARA EXECUÇÃO DE ESTACAS SECANTES, TIPO HÉLICE CONTÍNUA COM CABEÇOTE DUPLO E TUBO METÁLICO - JUROS. AF_04/2019","H",124.8]
[102878,"PERFURATRIZ PARA EXECUÇÃO DE ESTACAS SECANTES, TIPO HÉLICE CONTÍNUA COM CABEÇOTE DUPLO E TUBO METÁLICO - MANUTENÇÃO. AF_04/2019","H",578.05999999999995]
[102879,"PERFURATRIZ PARA EXECUÇÃO DE ESTACAS SECANTES, TIPO HÉLICE CONTÍNUA COM CABEÇOTE DUPLO E TUBO METÁLICO - MATERIAIS NA OPERAÇÃO. AF_04/2019","H",177.3]
[102885,"PLATAFORMA ELEVATÓRIA - MATERIAIS NA OPERAÇÃO. AF_04/2019","H",1.25]
[102891,"PÓRTICO ROLANTE MONOVIGA, PERFIL I, 4 PERNAS, CAPACIDADE 5 T  - MATERIAIS NA OPERAÇÃO. AF_04/2019","H",1.25]
[102897,"ESCAVADEIRA HIDRÁULICA SOBRE ESTEIRA, PESO OPERACIONAL ENTRE 22,00 E 23,50 T, POTÊNCIA NOMINAL 139 HP, COM MARTELO ROMPEDOR HIDRÁULICO 1700 KG - MATERIAIS NA OPERAÇÃO. AF_04/2019","H",88.82]
[102903,"TORRE, COMPOSTA POR GUINCHO MECÂNICO, GUINCHO MANUAL, CABOS DE AÇO, PITEIRA E SOQUETE  - MATERIAIS NA OPERAÇÃO. AF_05/2023","H",11.52]
[102909,"UNIDADE DOSADORA AIRLESS TIPO HOT SPRAY - MATERIAIS NA OPERAÇÃO. AF_05/2023","H",3.99]
[102915,"ENCERADEIRA INDUSTRIAL, 400 MM, 220V, 1 HP - MATERIAIS NA OPERAÇÃO. AF_05/2023","H",0.61]
[102927,"SERRA FITA HORIZONTAL, ELÉTRICA, COM CONTROLE HIDRÁULICO, PAINEL DE COMANDO EM 24 V, MOTOR ELÉTRICO 1,5 CV, DIMENSÕES DA FITA 3880 X 27 X 0,9 MM, TRIFÁSICA - MATERIAIS NA OPERAÇÃO. AF_05/2023","H",0.92]
[102933,"FURADEIRA ELETROMAGNÉTICA, VELOCIDADE (SEM CARGA/ COM CARGA) 450/ 270 RPM, ESPESSURA MÁXIMA DA CHAPA A SER FURADA 50 MM, PORÇA DE ADESÃO MAGNÉTICA 17000 N, POTÊNCIA 1100 W, ALIMENTÇÃO 220 - 60 HZ, MONOFÁSICA - MATERIAIS NA OPERAÇÃO. AF_08/2019","H",0.92]
[102939,"MÁQUINA METALEIRA UNIVERSAL MODELO IW 110/180 BTD - MATERIAIS NA OPERAÇÃO. AF_05/2023","H",9.16]
[102945,"TARTARUGA DE OXICORTE CG1, MONOFÁSICA, 220 V, FREQUÊNCIA 50 HZ, VELOCIDADE DE CORTE (MM/MIN) 50 A 750, DIÂMETRO MÍNIMO DO COMPASSO MM 200 - MATERIAIS NA OPERAÇÃO. AF_05/2023","H",0.01]
[102951,"BETONEIRA CAPACIDADE NOMINAL DE 250 L, CAPACIDADE DE MISTURA DE 175 L, MOTOR ELÉTRICO MONOFÁSICO POTÊNCIA 1CV - MATERIAIS NA OPERAÇÃO. AF_05/2023","H",0.61]
[102957,"RETROESCAVADEIRA SOBRE RODAS COM CARREGADEIRA , PESO OPERACIONAL MÍN. 6,674, POTÊNCIA LÍQ 88 HP, COM MARTELO ROMPEDOR HIDRÁULICO ENTRE  275 A 362 KG - MATERIAIS NA OPERAÇÃO. AF_02/2021","H",38.82]
[102960,"PERFURATRIZ HIDRÁULICA SOBRE ESTEIRA, TORQUE MÁXIMO 98 KNM, PROFUNDIDADE MÁXIMA 25 M, DIÂMETRO MÁXIMO 115 MM, POTÊNCIA MOTOR 190 HP - DEPRECIAÇÃO. AF_02/2021","H",161.32]
[102961,"PERFURATRIZ HIDRÁULICA SOBRE ESTEIRA, TORQUE MÁXIMO 98 KNM, PROFUNDIDADE MÁXIMA 25 M, DIÂMETRO MÁXIMO 115 MM, POTÊNCIA MOTOR 190 HP - JUROS. AF_02/2021","H",43.58]
[102962,"PERFURATRIZ HIDRÁULICA SOBRE ESTEIRA, TORQUE MÁXIMO 98 KNM, PROFUNDIDADE MÁXIMA 25 M, DIÂMETRO MÁXIMO 115 MM, POTÊNCIA MOTOR 190 HP - MANUTENÇÃO. AF_02/2021","H",151.33000000000001]
[102963,"PERFURATRIZ HIDRÁULICA SOBRE ESTEIRA, TORQUE MÁXIMO 98 KNM, PROFUNDIDADE MÁXIMA 25 M, DIÂMETRO MÁXIMO 115 MM, POTÊNCIA MOTOR 190 HP - MATERIAIS NA OPERAÇÃO. AF_02/2021","H",83.74]
[102969,"COMPRESSOR DE AR, VAZAO DE 10 PCM, RESERVATORIO 100 L, PRESSAO DE TRABALHO ENTRE 6,9 E 9,7 BAR, POTENCIA 2 HP, TENSAO 110/220 V - MATERIAIS NA OPERAÇÃO. AF_05/2023","H",0.14000000000000001]
[102972,"PERFURATRIZ ROTATIVA SOBRE ESTEIRA, TORQUE MAXIMO 2500 KGM, POTENCIA 110 HP, MOTOR DIESEL - DEPRECIAÇÃO. AF_05/2017","H",86.1]
[102973,"PERFURATRIZ ROTATIVA SOBRE ESTEIRA, TORQUE MAXIMO 2500 KGM, POTENCIA 110 HP, MOTOR DIESEL - JUROS. AF_05/2017","H",23.9]
[102974,"PERFURATRIZ ROTATIVA SOBRE ESTEIRA, TORQUE MAXIMO 2500 KGM, POTENCIA 110 HP, MOTOR DIESEL - MANUTENÇÃO. AF_05/2017","H",80.77]
[102985,"MÁQUINA DEMARCADORA DE FAIXA DE TRÁFEGO À FRIO, TRAÇÃO MANUAL, 4 CV, PRESSÃO MAX 3300 PSI, TANQUE 20 L - MATERIAIS NA OPERAÇÃO. AF_06/2021","H",14.77]
[103156,"MÁQUINA PARA SOLDA POR ELETROFUSÃO PARA TUBOS DE POLIETILENO DE ALTA DENSIDADE (PEAD) COM DIÂMETRO EXTERNO DE 20 A 800 MM, POTÊNCIA ENTRE 2750 E 3000 W - MATERIAIS NA OPERAÇÃO. AF_05/2023","H",2.33]
[103162,"MÁQUINA PARA SOLDA POR ELETROFUSÃO PARA TUBOS DE POLIETILENO DE ALTA DENSIDADE (PEAD) COM DIÂMETRO EXTERNO DE 20 A 1600 MM, POTÊNCIA DE 3500 W - MATERIAIS NA OPERAÇÃO. AF_05/2023","H",0.65]
[103168,"MÁQUINA PARA SOLDA POR TERMOFUSÃO PARA TUBOS DE POLIETILENO DE ALTA DENSIDADE (PEAD) COM DIÂMETRO EXTERNO DE 90 A 315 MM, POTÊNCIA ENTRE 2500 E 5350 W - MATERIAIS NA OPERAÇÃO. AF_05/2023","H",0.74]
[103174,"MÁQUINA PARA SOLDA POR TERMOFUSÃO PARA TUBOS DE POLIETILENO DE ALTA DENSIDADE (PEAD) COM DIÂMETRO EXTERNO DE 315 A 630 MM, POTÊNCIA ENTRE 8000 E 12350 W - MATERIAIS NA OPERAÇÃO. AF_05/2023","H",1.86]
[103180,"MÁQUINA PARA SOLDA POR TERMOFUSÃO PARA TUBOS DE POLIETILENO DE ALTA DENSIDADE (PEAD) COM DIÂMETRO EXTERNO DE 710 A 1200 MM, POTÊNCIA ENTRE 16000 E 29500 W - MATERIAIS NA OPERAÇÃO. AF_05/2023","H",4.28]
[103220,"PERFURATRIZ PARA FURO DIRECIONAL HORIZONTAL (HDD) COM CAPACIDADE ATÉ 89 KN, POTÊNCIA 24,8 HP A 80 HP (INCLUSO FERRAMENTAS E LOCALIZADOR) - DEPRECIAÇÃO. AF_05/2023","H",141.27000000000001]
[103221,"PERFURATRIZ PARA FURO DIRECIONAL HORIZONTAL (HDD) COM CAPACIDADE ATÉ 89 KN, POTÊNCIA 24,8 HP A 80 HP (INCLUSO FERRAMENTAS E LOCALIZADOR) - JUROS. AF_05/2023","H",38.159999999999997]
[103222,"PERFURATRIZ PARA FURO DIRECIONAL HORIZONTAL (HDD) COM CAPACIDADE ATÉ 89 KN, POTÊNCIA 24,8 HP A 80 HP (INCLUSO FERRAMENTAS E LOCALIZADOR) - MANUTENÇÃO. AF_05/2023","H",176.78]
[103223,"PERFURATRIZ PARA FURO DIRECIONAL HORIZONTAL (HDD) COM CAPACIDADE ATÉ 89 KN, POTÊNCIA 24,8 HP A 80 HP (INCLUSO FERRAMENTAS E LOCALIZADOR) - MATERIAIS NA OPERAÇÃO. AF_05/2023","H",34.630000000000003]
[103226,"PERFURATRIZ PARA FURO DIRECIONAL HORIZONTAL (HDD) COM CAPACIDADE DE 90 KN A 200 KN, POTÊNCIA 100 HP A 160 HP (INCLUSO FERRAMENTAS E LOCALIZADOR) - DEPRECIAÇÃO. AF_05/2023","H",324.10000000000002]
[103227,"PERFURATRIZ PARA FURO DIRECIONAL HORIZONTAL (HDD) COM CAPACIDADE DE 90 KN A 200 KN, POTÊNCIA 100 HP A 160 HP (INCLUSO FERRAMENTAS E LOCALIZADOR) - JUROS. AF_05/2023","H",87.56]
[103228,"PERFURATRIZ PARA FURO DIRECIONAL HORIZONTAL (HDD) COM CAPACIDADE DE 90 KN A 200 KN, POTÊNCIA 100 HP A 160 HP (INCLUSO FERRAMENTAS E LOCALIZADOR - MANUTENÇÃO. AF_05/2023","H",405.58]
[103229,"PERFURATRIZ PARA FURO DIRECIONAL HORIZONTAL (HDD) COM CAPACIDADE DE 90 KN A 200 KN, POTÊNCIA 100 HP A 160 HP (INCLUSO FERRAMENTAS E LOCALIZADOR) - MATERIAIS NA OPERAÇÃO. AF_05/2023","H",85.99]
[103232,"PERFURATRIZ PARA FURO DIRECIONAL HORIZONTAL (HDD) COM CAPACIDADE DE 201 KN A 560 KN, POTÊNCIA 200 HP A 260 HP (INCLUSO FERRAMENTAS E LOCALIZADOR) - DEPRECIAÇÃO. AF_05/2023","H",443.21]
[103233,"PERFURATRIZ PARA FURO DIRECIONAL HORIZONTAL (HDD) COM CAPACIDADE DE 201 KN A 560 KN, POTÊNCIA 200 HP A 260 HP (INCLUSO FERRAMENTAS E LOCALIZADOR) - JUROS. AF_05/2023","H",119.74]
[103234,"PERFURATRIZ PARA FURO DIRECIONAL HORIZONTAL (HDD) COM CAPACIDADE DE 201 KN A 560 KN, POTÊNCIA 200 HP A 260 HP (INCLUSO FERRAMENTAS E LOCALIZADOR) - MANUTENÇÃO. AF_05/2023","H",582.08000000000004]
[103235,"PERFURATRIZ PARA FURO DIRECIONAL HORIZONTAL (HDD) COM CAPACIDADE DE 201 KN A 560 KN, POTÊNCIA 200 HP A 260 HP (INCLUSO FERRAMENTAS E LOCALIZADOR) - MATERIAIS NA OPERAÇÃO. AF_05/2023","H",101.4]
[103241,"MISTURADOR PARA PREPARO DE LAMA ESTABILIZANTE COM CAPACIDADE DE *4000* L, COM BOMBA CENTRÍFUGA 5,5 HP A 23,07 HP, PARA SISTEMA DE FURO DIRECIONAL - MATERIAIS NA OPERAÇÃO. AF_05/2023","H",11.49]
[103660,"VARREDEIRA DE GRAMA SINTÉTICA A GASOLINA, 2,4 CV, 4 TEMPOS - MATERIAIS NA OPERAÇÃO. AF_05/2023","H",11.81]
[103666,"BATE ESTACA PARA INSTALAÇÃO DE DEFENSAS METÁLICAS (GUARD RAIL) FIXO, INCLUSIVE CAMINHÃO TOCO PBT 9.700 KG, POTÊNCIA DE 160 CV - MATERIAIS NA OPERAÇÃO. AF_05/2023","H",134.03]
[103792,"MINI GUINDASTE ARANHA SOBRE ESTEIRAS E LANCA TELESCÓPICA, CAPACIDADE MÁXIMA DE CARGA 3,0 TON, RAIO MÁXIMO DE TRABALHO 8,25 M, ALTURA DE LANÇA DO SOLO 9,2 M, 55 M DE CABO DE AÇO 8 MM, MOTOR ELÉTRICO 220/380 VOLTS - MATERIAIS NA OPERAÇÃO. AF_03/2022","H",4.58]
[103937,"CONJUNTO MACACO HIDRÁULICO E CENTRAL DE BOMBEAMENTO MOTORIZADO 1,8 KW PARA PROTENSÃO DE MONOCABOS PARA CONCRETO PROTENDIDO, ESFORÇO MÁXIMO DE 20 TONELADAS  - MATERIAIS NA OPERAÇÃO. AF_05/2022","H",1.49]
[103943,"CONJUNTO MACACO HIDRÁULICO E CENTRAL DE BOMBEAMENTO MOTORIZADO 1,8 KW PARA PROTENSÃO DE MONOCABOS PARA CONCRETO PROTENDIDO, ESFORÇO MÁXIMO DE 30 TONELADAS  - MATERIAIS NA OPERAÇÃO. AF_05/2022","H",1.49]
[104087,"TERMOFUSORA PARA TUBOS E CONEXÕES EM PPR COM DIÂMETROS DE 20 A 63 MM, POTÊNCIA DE 800 W, TENSAO 220 V - DEPRECIAÇÃO. AF_05/2022","H",0.05]
[104088,"TERMOFUSORA PARA TUBOS E CONEXÕES EM PPR COM DIÂMETROS DE 20 A 63 MM, POTÊNCIA DE 800 W, TENSAO 220 V - JUROS. AF_05/2022","H",0.01]
[104089,"TERMOFUSORA PARA TUBOS E CONEXÕES EM PPR COM DIÂMETROS DE 20 A 63 MM, POTÊNCIA DE 800 W, TENSAO 220 V - MANUTENÇÃO. AF_05/2022","H",7.0000000000000007E-2]
[104090,"TERMOFUSORA PARA TUBOS E CONEXÕES EM PPR COM DIÂMETROS DE 20 A 63 MM, POTÊNCIA DE 800 W, TENSAO 220 V - MATERIAIS NA OPERAÇÃO. AF_05/2022","H",0.66]
[104093,"TERMOFUSORA PARA TUBOS E CONEXÕES EM PPR COM DIÂMETROS DE 75 A 110 MM, POTÊNCIA DE *1100* W, TENSÃO 220 V - DEPRECIAÇÃO. AF_05/2022","H",7.0000000000000007E-2]
[104094,"TERMOFUSORA PARA TUBOS E CONEXÕES EM PPR COM DIÂMETROS DE 75 A 110 MM, POTÊNCIA DE *1100* W, TENSÃO 220 V - JUROS. AF_05/2022","H",0.01]
[104095,"TERMOFUSORA PARA TUBOS E CONEXÕES EM PPR COM DIÂMETROS DE 75 A 110 MM, POTÊNCIA DE *1100* W, TENSÃO 220 V - MANUTENÇÃO. AF_05/2022","H",0.09]
[104096,"TERMOFUSORA PARA TUBOS E CONEXÕES EM PPR COM DIÂMETROS DE 75 A 110 MM, POTÊNCIA DE *1100* W, TENSÃO 220 V - MATERIAIS NA OPERAÇÃO. AF_05/2022","H",0.92]
[104519,"LIXADEIRA DE PAREDE, COM LED, POTÊNCIA 750 W, FREQUÊNCIA 60 HZ, VELOCIDADE 1000 A 2100 RPM, DIÂMETRO DA LIXA 225 MM - MATERIAIS NA OPERAÇÃO. AF_12/2022","H",0.62]
[104655,"MARTELETE PERFURADOR/ ROMPEDOR ELÉTRICO, POTÊNCIA 800 W, 220 V - MATERIAIS NA OPERAÇÃO. AF_05/2023","H",0.66]
[104687,"GRUPO GERADOR DIESEL, COM CARENAGEM, POTÊNCIA STANDART ENTRE 400 E 460 KVA, VELOCIDADE DE 1800 RPM, FREQUÊNCIA DE 60 HZ - MATERIAIS NA OPERAÇÃO. AF_05/2023","H",443.95]
[104691,"PERFURATRIZ DE COROA DIAMANTADA PARA CONCRETO, DIÂMETRO ATÉ 250 MM, MOTOR ELÉTRICO 220 V, POTÊNCIA 2.500 W - DEPRECIAÇÃO. AF_05/2023","H",0.9]
[104692,"PERFURATRIZ DE COROA DIAMANTADA PARA CONCRETO, DIÂMETRO ATÉ 250 MM, MOTOR ELÉTRICO 220 V, POTÊNCIA 2.500 W - JUROS. AF_05/2023","H",0.21]
[104693,"PERFURATRIZ DE COROA DIAMANTADA PARA CONCRETO, DIÂMETRO ATÉ 250 MM, MOTOR ELÉTRICO 220 V, POTÊNCIA 2.500 W - MANUTENÇÃO. AF_05/2023","H",1.1299999999999999]
[104694,"PERFURATRIZ DE COROA DIAMANTADA PARA CONCRETO, DIÂMETRO ATÉ 250 MM, MOTOR ELÉTRICO 220 V, POTÊNCIA 2.500 W - MATERIAIS NA OPERAÇÃO. AF_05/2023","H",2.08]
[104703,"CAMINHÃO TANQUE PARA HIDROSSEMEADURA, COM CAPACIDADE DE 8.000 LITROS, INCLUINDO BOMBA PARA LANÇAMENTO COM MOTOR DIESEL COM POTÊNCIA DE 105 CV - MATERIAIS NA OPERAÇÃO. AF_06/2023","H",91.36]
[104709,"GUINDASTE HIDRÁULICO AUTOPROPELIDO, COM LANÇA TRELICADA 41 M, CAPACIDADE MÁXIMA DE ELEVAÇÃO 43 T, POTÊNCIA 230 KW, EQUIPADO COM CAÇAMBA DE ARRASTO (DRAGLINE) DE 0,76 M3 - MATERIAIS NA OPERAÇÃO. AF_06/2023","H",1155.4000000000001]
[104712,"ESCAVADEIRA HIDRÁULICA DE BRAÇO LONGO (LONGO ALCANCE) SOBRE ESTEIRAS, CAÇAMBA 0,52 M3, PESO OPERACIONAL 24 T, POTÊNCIA LÍQUIDA 155 HP - DEPRECIAÇÃO. AF_06/2023","H",57.66]
[104713,"ESCAVADEIRA HIDRÁULICA DE BRAÇO LONGO (LONGO ALCANCE) SOBRE ESTEIRAS, CAÇAMBA 0,52 M3, PESO OPERACIONAL 24 T, POTÊNCIA LÍQUIDA 155 HP - JUROS. AF_06/2023","H",15.23]
[104714,"ESCAVADEIRA HIDRÁULICA DE BRAÇO LONGO (LONGO ALCANCE) SOBRE ESTEIRAS, CAÇAMBA 0,52 M3, PESO OPERACIONAL 24 T, POTÊNCIA LÍQUIDA 155 HP - MANUTENÇÃO. AF_06/2023","H",72.069999999999993]
[104715,"ESCAVADEIRA HIDRÁULICA DE BRAÇO LONGO (LONGO ALCANCE) SOBRE ESTEIRAS, CAÇAMBA 0,52 M3, PESO OPERACIONAL 24 T, POTÊNCIA LÍQUIDA 155 HP  - MATERIAIS NA OPERAÇÃO. AF_06/2023","H",88.82]
[104906,"GUINDASTE HIDRÁULICO RODOVIÁRIO, LANCA TELESCÓPICA DE *50+20* M, CAPACIDADE MÁXIMA DE 90T, 4 EIXOS, POTÊNCIA 330 KW, MOTOR DIESEL - MATERIAIS NA OPERAÇÃO. AF_01/2024","H",97.51]
[104912,"GUINDASTE DERRICK, LANÇA DE *20* M, CARGA MÁXIMA 10T, POTÊNCIA 45 KW - MATERIAIS NA OPERAÇÃO. AF_01/2024","H",37.479999999999997]
[92259,"INSTALAÇÃO DE TESOURA (INTEIRA OU MEIA), BIAPOIADA, EM MADEIRA NÃO APARELHADA, PARA VÃOS MAIORES OU IGUAIS A 3,0 M E MENORES QUE 6,0 M, INCLUSO IÇAMENTO. AF_07/2019","UN",550.01]
[92260,"INSTALAÇÃO DE TESOURA (INTEIRA OU MEIA), BIAPOIADA, EM MADEIRA NÃO APARELHADA, PARA VÃOS MAIORES OU IGUAIS A 6,0 M E MENORES QUE 8,0 M, INCLUSO IÇAMENTO. AF_07/2019","UN",609.30999999999995]
[92261,"INSTALAÇÃO DE TESOURA (INTEIRA OU MEIA), BIAPOIADA, EM MADEIRA NÃO APARELHADA, PARA VÃOS MAIORES OU IGUAIS A 8,0 M E MENORES QUE 10,0 M, INCLUSO IÇAMENTO. AF_07/2019","UN",666.81]
[92262,"INSTALAÇÃO DE TESOURA (INTEIRA OU MEIA), BIAPOIADA, EM MADEIRA NÃO APARELHADA, PARA VÃOS MAIORES OU IGUAIS A 10,0 M E MENORES QUE 12,0 M, INCLUSO IÇAMENTO. AF_07/2019","UN",759.38]
[92539,"TRAMA DE MADEIRA COMPOSTA POR RIPAS, CAIBROS E TERÇAS PARA TELHADOS DE ATÉ 2 ÁGUAS PARA TELHA DE ENCAIXE DE CERÂMICA OU DE CONCRETO, INCLUSO TRANSPORTE VERTICAL. AF_07/2019","M2",94.28]
[92540,"TRAMA DE MADEIRA COMPOSTA POR RIPAS, CAIBROS E TERÇAS PARA TELHADOS DE MAIS QUE 2 ÁGUAS PARA TELHA DE ENCAIXE DE CERÂMICA OU DE CONCRETO, INCLUSO TRANSPORTE VERTICAL. AF_07/2019","M2",103.35]
[92541,"TRAMA DE MADEIRA COMPOSTA POR RIPAS, CAIBROS E TERÇAS PARA TELHADOS DE ATÉ 2 ÁGUAS PARA TELHA CERÂMICA CAPA-CANAL, INCLUSO TRANSPORTE VERTICAL. AF_07/2019","M2",102.2]
[92542,"TRAMA DE MADEIRA COMPOSTA POR RIPAS, CAIBROS E TERÇAS PARA TELHADOS DE MAIS QUE 2 ÁGUAS PARA TELHA CERÂMICA CAPA-CANAL, INCLUSO TRANSPORTE VERTICAL. AF_07/2019","M2",122.32]
[92543,"TRAMA DE MADEIRA COMPOSTA POR TERÇAS PARA TELHADOS DE ATÉ 2 ÁGUAS PARA TELHA ONDULADA DE FIBROCIMENTO, METÁLICA, PLÁSTICA OU TERMOACÚSTICA, INCLUSO TRANSPORTE VERTICAL. AF_07/2019","M2",29.19]
[92544,"TRAMA DE MADEIRA COMPOSTA POR TERÇAS PARA TELHADOS DE ATÉ 2 ÁGUAS PARA TELHA ESTRUTURAL DE FIBROCIMENTO, INCLUSO TRANSPORTE VERTICAL. AF_07/2019","M2",23.24]
[92545,"FABRICAÇÃO E INSTALAÇÃO DE TESOURA INTEIRA EM MADEIRA NÃO APARELHADA, VÃO DE 3 M, PARA TELHA CERÂMICA OU DE CONCRETO, INCLUSO IÇAMENTO. AF_07/2019","UN",1192.42]
[92546,"FABRICAÇÃO E INSTALAÇÃO DE TESOURA INTEIRA EM MADEIRA NÃO APARELHADA, VÃO DE 4 M, PARA TELHA CERÂMICA OU DE CONCRETO, INCLUSO IÇAMENTO. AF_07/2019","UN",1456.19]
[92547,"FABRICAÇÃO E INSTALAÇÃO DE TESOURA INTEIRA EM MADEIRA NÃO APARELHADA, VÃO DE 5 M, PARA TELHA CERÂMICA OU DE CONCRETO, INCLUSO IÇAMENTO. AF_07/2019","UN",1551.57]
[92548,"FABRICAÇÃO E INSTALAÇÃO DE TESOURA INTEIRA EM MADEIRA NÃO APARELHADA, VÃO DE 6 M, PARA TELHA CERÂMICA OU DE CONCRETO, INCLUSO IÇAMENTO. AF_07/2019","UN",1725.26]
[92549,"FABRICAÇÃO E INSTALAÇÃO DE TESOURA INTEIRA EM MADEIRA NÃO APARELHADA, VÃO DE 7 M, PARA TELHA CERÂMICA OU DE CONCRETO, INCLUSO IÇAMENTO. AF_07/2019","UN",2123.96]
[92550,"FABRICAÇÃO E INSTALAÇÃO DE TESOURA INTEIRA EM MADEIRA NÃO APARELHADA, VÃO DE 8 M, PARA TELHA CERÂMICA OU DE CONCRETO, INCLUSO IÇAMENTO. AF_07/2019","UN",2596.66]
[92551,"FABRICAÇÃO E INSTALAÇÃO DE TESOURA INTEIRA EM MADEIRA NÃO APARELHADA, VÃO DE 9 M, PARA TELHA CERÂMICA OU DE CONCRETO, INCLUSO IÇAMENTO. AF_07/2019","UN",2719.67]
[92552,"FABRICAÇÃO E INSTALAÇÃO DE TESOURA INTEIRA EM MADEIRA NÃO APARELHADA, VÃO DE 10 M, PARA TELHA CERÂMICA OU DE CONCRETO, INCLUSO IÇAMENTO. AF_07/2019","UN",2954.27]
[92553,"FABRICAÇÃO E INSTALAÇÃO DE TESOURA INTEIRA EM MADEIRA NÃO APARELHADA, VÃO DE 11 M, PARA TELHA CERÂMICA OU DE CONCRETO, INCLUSO IÇAMENTO. AF_07/2019","UN",3363.82]
[92554,"FABRICAÇÃO E INSTALAÇÃO DE TESOURA INTEIRA EM MADEIRA NÃO APARELHADA, VÃO DE 12 M, PARA TELHA CERÂMICA OU DE CONCRETO, INCLUSO IÇAMENTO. AF_07/2019","UN",3504.98]
[92555,"FABRICAÇÃO E INSTALAÇÃO DE TESOURA INTEIRA EM MADEIRA NÃO APARELHADA, VÃO DE 3 M, PARA TELHA ONDULADA DE FIBROCIMENTO, METÁLICA, PLÁSTICA OU TERMOACÚSTICA, INCLUSO IÇAMENTO. AF_07/2019","UN",1173.4100000000001]
[92556,"FABRICAÇÃO E INSTALAÇÃO DE TESOURA INTEIRA EM MADEIRA NÃO APARELHADA, VÃO DE 4 M, PARA TELHA ONDULADA DE FIBROCIMENTO, METÁLICA, PLÁSTICA OU TERMOACÚSTICA, INCLUSO IÇAMENTO. AF_07/2019","UN",1422.88]
[92557,"FABRICAÇÃO E INSTALAÇÃO DE TESOURA INTEIRA EM MADEIRA NÃO APARELHADA, VÃO DE 5 M, PARA TELHA ONDULADA DE FIBROCIMENTO, METÁLICA, PLÁSTICA OU TERMOACÚSTICA, INCLUSO IÇAMENTO. AF_07/2019","UN",1518.25]
[92558,"FABRICAÇÃO E INSTALAÇÃO DE TESOURA INTEIRA EM MADEIRA NÃO APARELHADA, VÃO DE 6 M, PARA TELHA ONDULADA DE FIBROCIMENTO, METÁLICA, PLÁSTICA OU TERMOACÚSTICA, INCLUSO IÇAMENTO. AF_07/2019","UN",1706.24]
[92559,"FABRICAÇÃO E INSTALAÇÃO DE TESOURA INTEIRA EM MADEIRA NÃO APARELHADA, VÃO DE 7 M, PARA TELHA ONDULADA DE FIBROCIMENTO, METÁLICA, PLÁSTICA OU TERMOACÚSTICA, INCLUSO IÇAMENTO. AF_07/2019","UN",2088.56]
[92560,"FABRICAÇÃO E INSTALAÇÃO DE TESOURA INTEIRA EM MADEIRA NÃO APARELHADA, VÃO DE 8 M, PARA TELHA ONDULADA DE FIBROCIMENTO, METÁLICA, PLÁSTICA OU TERMOACÚSTICA, INCLUSO IÇAMENTO. AF_07/2019","UN",2548.44]
[92561,"FABRICAÇÃO E INSTALAÇÃO DE TESOURA INTEIRA EM MADEIRA NÃO APARELHADA, VÃO DE 9 M, PARA TELHA ONDULADA DE FIBROCIMENTO, METÁLICA, PLÁSTICA OU TERMOACÚSTICA, INCLUSO IÇAMENTO. AF_07/2019","UN",2672.76]
[92562,"FABRICAÇÃO E INSTALAÇÃO DE TESOURA INTEIRA EM MADEIRA NÃO APARELHADA, VÃO DE 10 M, PARA TELHA ONDULADA DE FIBROCIMENTO, METÁLICA, PLÁSTICA OU TERMOACÚSTICA, INCLUSO IÇAMENTO. AF_07/2019","UN",2874.05]
[92563,"FABRICAÇÃO E INSTALAÇÃO DE TESOURA INTEIRA EM MADEIRA NÃO APARELHADA, VÃO DE 11 M, PARA TELHA ONDULADA DE FIBROCIMENTO, METÁLICA, PLÁSTICA OU TERMOACÚSTICA, INCLUSO IÇAMENTO. AF_07/2019","UN",3270.02]
[92564,"FABRICAÇÃO E INSTALAÇÃO DE TESOURA INTEIRA EM MADEIRA NÃO APARELHADA, VÃO DE 12 M, PARA TELHA ONDULADA DE FIBROCIMENTO, METÁLICA, PLÁSTICA OU TERMOACÚSTICA, INCLUSO IÇAMENTO. AF_07/2019","UN",3390.09]
[100379,"FABRICAÇÃO E INSTALAÇÃO DE PONTALETES DE MADEIRA NÃO APARELHADA PARA TELHADOS COM ATÉ 2 ÁGUAS E COM TELHA CERÂMICA OU DE CONCRETO EM EDIFÍCIO RESIDENCIAL TÉRREO, INCLUSO TRANSPORTE VERTICAL. AF_07/2019","M2",44.13]
[100380,"FABRICAÇÃO E INSTALAÇÃO DE PONTALETES DE MADEIRA NÃO APARELHADA PARA TELHADOS COM ATÉ 2 ÁGUAS E COM TELHA CERÂMICA OU DE CONCRETO EM EDIFÍCIO RESIDENCIAL DE MÚLTIPLOS PAVIMENTOS, INCLUSO TRANSPORTE VERTICAL. AF_07/2019","M2",57.22]
[100381,"FABRICAÇÃO E INSTALAÇÃO DE PONTALETES DE MADEIRA NÃO APARELHADA PARA TELHADOS COM ATÉ 2 ÁGUAS E COM TELHA CERÂMICA OU DE CONCRETO EM EDIFÍCIO INSTITUCIONAL TÉRREO, INCLUSO TRANSPORTE VERTICAL. AF_07/2019","M2",63.39]
[100383,"FABRICAÇÃO E INSTALAÇÃO DE PONTALETES DE MADEIRA NÃO APARELHADA PARA TELHADOS COM ATÉ 2 ÁGUAS E COM TELHA ONDULADA DE FIBROCIMENTO, ALUMÍNIO OU PLÁSTICA EM EDIFÍCIO RESIDENCIAL DE MÚLTIPLOS PAVIMENTOS, INCLUSO TRANSPORTE VERTICAL. AF_07/2019","M2",31.11]
[100384,"FABRICAÇÃO E INSTALAÇÃO DE PONTALETES DE MADEIRA NÃO APARELHADA PARA TELHADOS COM ATÉ 2 ÁGUAS E COM TELHA ONDULADA DE FIBROCIMENTO, ALUMÍNIO OU PLÁSTICA EM EDIFÍCIO INSTITUCIONAL TÉRREO, INCLUSO TRANSPORTE VERTICAL. AF_07/2019","M2",32.36]
[100385,"FABRICAÇÃO E INSTALAÇÃO DE PONTALETES DE MADEIRA NÃO APARELHADA PARA TELHADOS COM MAIS QUE 2 ÁGUAS E COM TELHA CERÂMICA OU DE CONCRETO EM EDIFÍCIO RESIDENCIAL TÉRREO, INCLUSO TRANSPORTE VERTICAL. AF_07/2019","M2",40.24]
[100386,"FABRICAÇÃO E INSTALAÇÃO DE PONTALETES DE MADEIRA NÃO APARELHADA PARA TELHADOS COM MAIS QUE 2 ÁGUAS E COM TELHA CERÂMICA OU DE CONCRETO EM EDIFÍCIO RESIDENCIAL DE MÚLTIPLOS PAVIMENTOS. AF_07/2019","M2",51.01]
[100387,"FABRICAÇÃO E INSTALAÇÃO DE PONTALETES DE MADEIRA NÃO APARELHADA PARA TELHADOS COM MAIS QUE 2 ÁGUAS E COM TELHA CERÂMICA OU DE CONCRETO EM EDIFÍCIO INSTITUCIONAL TÉRREO, INCLUSO TRANSPORTE VERTICAL. AF_07/2019","M2",62.65]
[100388,"RETIRADA E RECOLOCAÇÃO DE RIPA EM TELHADOS DE ATÉ 2 ÁGUAS COM TELHA CERÂMICA OU DE CONCRETO DE ENCAIXE, INCLUSO TRANSPORTE VERTICAL. AF_07/2019","M2",21.61]
[100389,"RETIRADA E RECOLOCAÇÃO DE CAIBRO EM TELHADOS DE ATÉ 2 ÁGUAS COM TELHA CERÂMICA OU DE CONCRETO DE ENCAIXE, INCLUSO TRANSPORTE VERTICAL. AF_07/2019","M2",18.37]
[100390,"RETIRADA E RECOLOCAÇÃO DE RIPA EM TELHADOS DE MAIS DE 2 ÁGUAS COM TELHA CERÂMICA OU DE CONCRETO DE ENCAIXE, INCLUSO TRANSPORTE VERTICAL. AF_07/2019","M2",25.14]
[100391,"RETIRADA E RECOLOCAÇÃO DE CAIBRO EM TELHADOS DE MAIS DE 2 ÁGUAS COM TELHA CERÂMICA OU DE CONCRETO DE ENCAIXE, INCLUSO TRANSPORTE VERTICAL. AF_07/2019","M2",20.69]
[100392,"RETIRADA E RECOLOCAÇÃO DE RIPA EM TELHADOS DE ATÉ 2 ÁGUAS COM TELHA CERÂMICA CAPA-CANAL, INCLUSO TRANSPORTE VERTICAL. AF_07/2019","M2",17.010000000000002]
[100393,"RETIRADA E RECOLOCAÇÃO DE CAIBRO EM TELHADOS DE ATÉ 2 ÁGUAS COM TELHA CERÂMICA CAPA-CANAL, INCLUSO TRANSPORTE VERTICAL. AF_07/2019","M2",21.12]
[100394,"RETIRADA E RECOLOCAÇÃO DE RIPA EM TELHADOS DE MAIS DE 2 ÁGUAS COM TELHA CERÂMICA CAPA-CANAL, INCLUSO TRANSPORTE VERTICAL. AF_07/2019","M2",19.77]
[100395,"RETIRADA E RECOLOCAÇÃO DE CAIBRO EM TELHADOS DE MAIS DE 2 ÁGUAS COM TELHA CERÂMICA CAPA-CANAL, INCLUSO TRANSPORTE VERTICAL. AF_07/2019","M2",24.66]
[94189,"TELHAMENTO COM TELHA DE CONCRETO DE ENCAIXE, COM ATÉ 2 ÁGUAS, INCLUSO TRANSPORTE VERTICAL. AF_07/2019","M2",42.2]
[94192,"TELHAMENTO COM TELHA DE CONCRETO DE ENCAIXE, COM MAIS DE 2 ÁGUAS, INCLUSO TRANSPORTE VERTICAL. AF_07/2019","M2",44.55]
[94195,"TELHAMENTO COM TELHA CERÂMICA DE ENCAIXE, TIPO PORTUGUESA, COM ATÉ 2 ÁGUAS, INCLUSO TRANSPORTE VERTICAL. AF_07/2019","M2",58.18]
[94198,"TELHAMENTO COM TELHA CERÂMICA DE ENCAIXE, TIPO PORTUGUESA, COM MAIS DE 2 ÁGUAS, INCLUSO TRANSPORTE VERTICAL. AF_07/2019","M2",61.28]
[94201,"TELHAMENTO COM TELHA CERÂMICA CAPA-CANAL, TIPO COLONIAL, COM ATÉ 2 ÁGUAS, INCLUSO TRANSPORTE VERTICAL. AF_07/2019","M2",81.64]
[94204,"TELHAMENTO COM TELHA CERÂMICA CAPA-CANAL, TIPO COLONIAL, COM MAIS DE 2 ÁGUAS, INCLUSO TRANSPORTE VERTICAL. AF_07/2019","M2",86.9]
[94224,"EMBOÇAMENTO COM ARGAMASSA TRAÇO 1:2:9 (CIMENTO, CAL E AREIA). AF_07/2019","M",24.32]
[94226,"SUBCOBERTURA COM MANTA PLÁSTICA REVESTIDA POR PELÍCULA DE ALUMÍNO, INCLUSO TRANSPORTE VERTICAL. AF_07/2019","M2",19.309999999999999]
[94232,"AMARRAÇÃO DE TELHAS CERÂMICAS OU DE CONCRETO. AF_07/2019","UN",2.66]
[94440,"TELHAMENTO COM TELHA CERÂMICA DE ENCAIXE, TIPO FRANCESA, COM ATÉ 2 ÁGUAS, INCLUSO TRANSPORTE VERTICAL. AF_07/2019","M2",58.18]
[94441,"TELHAMENTO COM TELHA CERÂMICA DE ENCAIXE, TIPO FRANCESA, COM MAIS DE 2 ÁGUAS, INCLUSO TRANSPORTE VERTICAL. AF_07/2019","M2",61.28]
[94442,"TELHAMENTO COM TELHA CERÂMICA DE ENCAIXE, TIPO ROMANA, COM ATÉ 2 ÁGUAS, INCLUSO TRANSPORTE VERTICAL. AF_07/2019","M2",58.18]
[94443,"TELHAMENTO COM TELHA CERÂMICA DE ENCAIXE, TIPO ROMANA, COM MAIS DE 2 ÁGUAS, INCLUSO TRANSPORTE VERTICAL. AF_07/2019","M2",61.28]
[94445,"TELHAMENTO COM TELHA CERÂMICA CAPA-CANAL, TIPO PLAN, COM ATÉ 2 ÁGUAS, INCLUSO TRANSPORTE VERTICAL. AF_07/2019","M2",81.64]
[94446,"TELHAMENTO COM TELHA CERÂMICA CAPA-CANAL, TIPO PLAN, COM MAIS DE 2 ÁGUAS, INCLUSO TRANSPORTE VERTICAL. AF_07/2019","M2",86.9]
[94447,"TELHAMENTO COM TELHA CERÂMICA CAPA-CANAL, TIPO PAULISTA, COM ATÉ 2 ÁGUAS, INCLUSO TRANSPORTE VERTICAL. AF_07/2019","M2",81.64]
[94448,"TELHAMENTO COM TELHA CERÂMICA CAPA-CANAL, TIPO PAULISTA, COM MAIS DE 2 ÁGUAS, INCLUSO TRANSPORTE VERTICAL. AF_07/2019","M2",86.9]
[94207,"TELHAMENTO COM TELHA ONDULADA DE FIBROCIMENTO E = 6 MM, COM RECOBRIMENTO LATERAL DE 1/4 DE ONDA PARA TELHADO COM INCLINAÇÃO MAIOR QUE 10°, COM ATÉ 2 ÁGUAS, INCLUSO IÇAMENTO. AF_07/2019","M2",42.44]
[94210,"TELHAMENTO COM TELHA ONDULADA DE FIBROCIMENTO E = 6 MM, COM RECOBRIMENTO LATERAL DE 1 1/4 DE ONDA PARA TELHADO COM INCLINAÇÃO MÁXIMA DE 10°, COM ATÉ 2 ÁGUAS, INCLUSO IÇAMENTO. AF_07/2019","M2",44.92]
[94218,"TELHAMENTO COM TELHA ESTRUTURAL DE FIBROCIMENTO E= 8 MM, COM ATÉ 2 ÁGUAS, INCLUSO IÇAMENTO. AF_07/2019_PS","M2",103.53]
[94213,"TELHAMENTO COM TELHA DE AÇO/ALUMÍNIO E = 0,5 MM, COM ATÉ 2 ÁGUAS, INCLUSO IÇAMENTO. AF_07/2019","M2",58.29]
[94216,"TELHAMENTO COM TELHA METÁLICA TERMOACÚSTICA E = 30 MM, COM ATÉ 2 ÁGUAS, INCLUSO IÇAMENTO. AF_07/2019","M2",155.93]
[94219,"CUMEEIRA E ESPIGÃO PARA TELHA CERÂMICA EMBOÇADA COM ARGAMASSA TRAÇO 1:2:9 (CIMENTO, CAL E AREIA), PARA TELHADOS COM MAIS DE 2 ÁGUAS, INCLUSO TRANSPORTE VERTICAL. AF_07/2019","M",40.659999999999997]
[94220,"CUMEEIRA E ESPIGÃO PARA TELHA DE CONCRETO EMBOÇADA COM ARGAMASSA TRAÇO 1:2:9 (CIMENTO, CAL E AREIA), PARA TELHADOS COM MAIS DE 2 ÁGUAS, INCLUSO TRANSPORTE VERTICAL. AF_07/2019","M",56.59]
[94221,"CUMEEIRA PARA TELHA CERÂMICA EMBOÇADA COM ARGAMASSA TRAÇO 1:2:9 (CIMENTO, CAL E AREIA) PARA TELHADOS COM ATÉ 2 ÁGUAS, INCLUSO TRANSPORTE VERTICAL. AF_07/2019","M",34.53]
[94222,"CUMEEIRA PARA TELHA DE CONCRETO EMBOÇADA COM ARGAMASSA TRAÇO 1:2:9 (CIMENTO, CAL E AREIA) PARA TELHADOS COM ATÉ 2 ÁGUAS, INCLUSO TRANSPORTE VERTICAL. AF_07/2019","M",50.46]
[94223,"CUMEEIRA PARA TELHA DE FIBROCIMENTO ONDULADA E = 6 MM, INCLUSO ACESSÓRIOS DE FIXAÇÃO E IÇAMENTO. AF_07/2019","M",76.75]
[94451,"CUMEEIRA PARA TELHA DE FIBROCIMENTO ESTRUTURAL E = 6 MM, INCLUSO ACESSÓRIOS DE FIXAÇÃO E IÇAMENTO. AF_07/2019","M",84.56]
[100325,"CUMEEIRA SHED PARA TELHA ONDULADA DE FIBROCIMENTO, E = 6 MM, INCLUSO ACESSÓRIOS DE FIXAÇÃO E IÇAMENTO. AF_07/2019","M",82.34]
[100327,"RUFO EXTERNO/INTERNO EM CHAPA DE AÇO GALVANIZADO NÚMERO 26, CORTE DE 33 CM, INCLUSO IÇAMENTO. AF_07/2019","M",62.99]
[100328,"RETIRADA E RECOLOCAÇÃO DE  TELHA CERÂMICA DE ENCAIXE, COM ATÉ DUAS ÁGUAS, INCLUSO IÇAMENTO. AF_07/2019","M2",17.63]
[100329,"RETIRADA E RECOLOCAÇÃO DE  TELHA CERÂMICA DE ENCAIXE, COM MAIS DE DUAS ÁGUAS, INCLUSO IÇAMENTO. AF_07/2019","M2",20.73]
[100330,"RETIRADA E RECOLOCAÇÃO DE  TELHA CERÂMICA CAPA-CANAL, COM ATÉ DUAS ÁGUAS, INCLUSO IÇAMENTO. AF_07/2019","M2",24.02]
[100331,"RETIRADA E RECOLOCAÇÃO DE  TELHA CERÂMICA CAPA-CANAL, COM MAIS DE DUAS ÁGUAS, INCLUSO IÇAMENTO. AF_07/2019","M2",29.32]
[100434,"CALHA DE BEIRAL, SEMICIRCULAR DE PVC, DIAMETRO 125 MM, INCLUINDO CABECEIRAS, EMENDAS, BOCAIS, SUPORTES E VEDAÇÕES, EXCLUINDO CONDUTORES, INCLUSO TRANSPORTE VERTICAL. AF_07/2019","M",160.27000000000001]
[100435,"RUFO EM FIBROCIMENTO PARA TELHA ONDULADA E = 6 MM, ABA DE 26 CM, INCLUSO TRANSPORTE VERTICAL, EXCETO CONTRARRUFO. AF_07/2019","M",52.12]
[94227,"CALHA EM CHAPA DE AÇO GALVANIZADO NÚMERO 24, DESENVOLVIMENTO DE 33 CM, INCLUSO TRANSPORTE VERTICAL. AF_07/2019","M",68.81]
[94228,"CALHA EM CHAPA DE AÇO GALVANIZADO NÚMERO 24, DESENVOLVIMENTO DE 50 CM, INCLUSO TRANSPORTE VERTICAL. AF_07/2019","M",94.53]
[94229,"CALHA EM CHAPA DE AÇO GALVANIZADO NÚMERO 24, DESENVOLVIMENTO DE 100 CM, INCLUSO TRANSPORTE VERTICAL. AF_07/2019","M",183.66]
[94231,"RUFO EM CHAPA DE AÇO GALVANIZADO NÚMERO 24, CORTE DE 25 CM, INCLUSO TRANSPORTE VERTICAL. AF_07/2019","M",55.02]
[94449,"TELHAMENTO COM TELHA ONDULADA DE FIBRA DE VIDRO E = 0,6 MM, PARA TELHADO COM INCLINAÇÃO MAIOR QUE 10°, COM ATÉ 2 ÁGUAS, INCLUSO IÇAMENTO. AF_07/2019","M2",75.53]
[92255,"INSTALAÇÃO DE TESOURA (INTEIRA OU MEIA), EM AÇO, PARA VÃOS MAIORES OU IGUAIS A 3,0 M E MENORES QUE 6,0 M, INCLUSO IÇAMENTO. AF_07/2019","UN",187.78]
[92256,"INSTALAÇÃO DE TESOURA (INTEIRA OU MEIA), EM AÇO, PARA VÃOS MAIORES OU IGUAIS A 6,0 M E MENORES QUE 8,0 M, INCLUSO IÇAMENTO. AF_07/2019","UN",227.88]
[92257,"INSTALAÇÃO DE TESOURA (INTEIRA OU MEIA), EM AÇO, PARA VÃOS MAIORES OU IGUAIS A 8,0 M E MENORES QUE 10,0 M, INCLUSO IÇAMENTO. AF_07/2019","UN",267.5]
[92258,"INSTALAÇÃO DE TESOURA (INTEIRA OU MEIA), EM AÇO, PARA VÃOS MAIORES OU IGUAIS A 10,0 M E MENORES QUE 12,0 M, INCLUSO IÇAMENTO. AF_07/2019","UN",331.22]
[92568,"TRAMA DE AÇO COMPOSTA POR RIPAS, CAIBROS E TERÇAS PARA TELHADOS DE ATÉ 2 ÁGUAS PARA TELHA DE ENCAIXE DE CERÂMICA OU DE CONCRETO, INCLUSO TRANSPORTE VERTICAL. AF_07/2019","M2",114.02]
[92569,"TRAMA DE AÇO COMPOSTA POR RIPAS E CAIBROS PARA TELHADOS DE ATÉ 2 ÁGUAS PARA TELHA DE ENCAIXE DE CERÂMICA OU DE CONCRETO, INCLUSO TRANSPORTE VERTICAL. AF_07/2019","M2",63.35]
[92570,"TRAMA DE AÇO COMPOSTA POR RIPAS PARA TELHADOS DE ATÉ 2 ÁGUAS PARA TELHA DE ENCAIXE DE CERÂMICA OU DE CONCRETO, INCLUSO TRANSPORTE VERTICAL. AF_07/2019","M2",40.049999999999997]
[92571,"TRAMA DE AÇO COMPOSTA POR RIPAS, CAIBROS E TERÇAS PARA TELHADOS DE MAIS DE 2 ÁGUAS PARA TELHA DE ENCAIXE DE CERÂMICA OU DE CONCRETO, INCLUSO TRANSPORTE VERTICAL. AF_07/2019","M2",121.75]
[92572,"TRAMA DE AÇO COMPOSTA POR RIPAS E CAIBROS PARA TELHADOS DE MAIS DE 2 ÁGUAS PARA TELHA DE ENCAIXE DE CERÂMICA OU DE CONCRETO, INCLUSO TRANSPORTE VERTICAL. AF_07/2019","M2",72.760000000000005]
[92573,"TRAMA DE AÇO COMPOSTA POR RIPAS PARA TELHADOS DE MAIS DE 2 ÁGUAS PARA TELHA DE ENCAIXE DE CERÂMICA OU DE CONCRETO, INCLUSO TRANSPORTE VERTICAL, INCLUSO TRANSPORTE VERTICAL. AF_07/2019","M2",43.33]
[92574,"TRAMA DE AÇO COMPOSTA POR RIPAS, CAIBROS E TERÇAS PARA TELHADOS DE ATÉ 2 ÁGUAS PARA TELHA CERÂMICA CAPA-CANAL, INCLUSO TRANSPORTE VERTICAL. AF_07/2019","M2",115.94]
[92575,"TRAMA DE AÇO COMPOSTA POR RIPAS E CAIBROS PARA TELHADOS DE ATÉ 2 ÁGUAS PARA TELHA CERÂMICA CAPA-CANAL, INCLUSO TRANSPORTE VERTICAL. AF_07/2019","M2",58.09]
[92576,"TRAMA DE AÇO COMPOSTA POR RIPAS PARA TELHADOS DE ATÉ 2 ÁGUAS PARA TELHA CERÂMICA CAPA-CANAL, INCLUSO TRANSPORTE VERTICAL. AF_07/2019","M2",31.73]
[92577,"TRAMA DE AÇO COMPOSTA POR RIPAS, CAIBROS E TERÇAS PARA TELHADOS DE MAIS DE 2 ÁGUAS PARA TELHA CERÂMICA CAPA-CANAL, INCLUSO TRANSPORTE VERTICAL. AF_07/2019","M2",124.04]
[92578,"TRAMA DE AÇO COMPOSTA POR RIPAS E CAIBROS PARA TELHADOS DE MAIS DE 2 ÁGUAS PARA TELHA CERÂMICA CAPA-CANAL, INCLUSO TRANSPORTE VERTICAL. AF_07/2019","M2",62.62]
[92579,"TRAMA DE AÇO COMPOSTA POR RIPAS PARA TELHADOS DE MAIS DE 2 ÁGUAS PARA TELHA CERÂMICA CAPA-CANAL, INCLUSO TRANSPORTE VERTICAL. AF_07/2019","M2",34.369999999999997]
[92580,"TRAMA DE AÇO COMPOSTA POR TERÇAS PARA TELHADOS DE ATÉ 2 ÁGUAS PARA TELHA ONDULADA DE FIBROCIMENTO, METÁLICA, PLÁSTICA OU TERMOACÚSTICA, INCLUSO TRANSPORTE VERTICAL. AF_07/2019","M2",42.82]
[92581,"TRAMA DE AÇO COMPOSTA POR TERÇAS PARA TELHADOS DE ATÉ 2 ÁGUAS PARA TELHA ESTRUTURAL DE FIBROCIMENTO, INCLUSO TRANSPORTE VERTICAL. AF_07/2019","M2",44.57]
[92582,"FABRICAÇÃO E INSTALAÇÃO DE TESOURA INTEIRA EM AÇO, VÃO DE 3 M, PARA TELHA CERÂMICA OU DE CONCRETO, INCLUSO IÇAMENTO. AF_07/2019","UN",650.01]
[92584,"FABRICAÇÃO E INSTALAÇÃO DE TESOURA INTEIRA EM AÇO, VÃO DE 4 M, PARA TELHA CERÂMICA OU DE CONCRETO, INCLUSO IÇAMENTO. AF_07/2019","UN",755.63]
[92586,"FABRICAÇÃO E INSTALAÇÃO DE TESOURA INTEIRA EM AÇO, VÃO DE 5 M, PARA TELHA CERÂMICA OU DE CONCRETO, INCLUSO IÇAMENTO. AF_07/2019","UN",861.25]
[92588,"FABRICAÇÃO E INSTALAÇÃO DE TESOURA INTEIRA EM AÇO, VÃO DE 6 M, PARA TELHA CERÂMICA OU DE CONCRETO, INCLUSO IÇAMENTO. AF_07/2019","UN",1087.96]
[92590,"FABRICAÇÃO E INSTALAÇÃO DE TESOURA INTEIRA EM AÇO, VÃO DE 7 M, PARA TELHA CERÂMICA OU DE CONCRETO, INCLUSO IÇAMENTO. AF_07/2019","UN",1193.58]
[92592,"FABRICAÇÃO E INSTALAÇÃO DE TESOURA INTEIRA EM AÇO, VÃO DE 8 M, PARA TELHA CERÂMICA OU DE CONCRETO, INCLUSO IÇAMENTO. AF_07/2019","UN",1338.82]
[92594,"FABRICAÇÃO E INSTALAÇÃO DE TESOURA INTEIRA EM AÇO, VÃO DE 9 M, PARA TELHA CERÂMICA OU DE CONCRETO, INCLUSO IÇAMENTO. AF_07/2019","UN",1552.14]
[92596,"FABRICAÇÃO E INSTALAÇÃO DE TESOURA INTEIRA EM AÇO, VÃO DE 10 M, PARA TELHA CERÂMICA OU DE CONCRETO, INCLUSO IÇAMENTO. AF_07/2019","UN",1726]
[92598,"FABRICAÇÃO E INSTALAÇÃO DE TESOURA INTEIRA EM AÇO, VÃO DE 11 M, PARA TELHA CERÂMICA OU DE CONCRETO, INCLUSO IÇAMENTO. AF_07/2019","UN",1831.62]
[92600,"FABRICAÇÃO E INSTALAÇÃO DE TESOURA INTEIRA EM AÇO, VÃO DE 12 M, PARA TELHA CERÂMICA OU DE CONCRETO, INCLUSO IÇAMENTO. AF_07/2019","UN",1963.96]
[92602,"FABRICAÇÃO E INSTALAÇÃO DE TESOURA INTEIRA EM AÇO, VÃO DE 3 M, PARA TELHA ONDULADA DE FIBROCIMENTO, METÁLICA, PLÁSTICA OU TERMOACÚSTICA, INCLUSO IÇAMENTO. AF_07/2019","UN",650.01]
[92604,"FABRICAÇÃO E INSTALAÇÃO DE TESOURA INTEIRA EM AÇO, VÃO DE 4 M, PARA TELHA ONDULADA DE FIBROCIMENTO, METÁLICA, PLÁSTICA OU TERMOACÚSTICA, INCLUSO IÇAMENTO. AF_07/2019","UN",728.91]
[92606,"FABRICAÇÃO E INSTALAÇÃO DE TESOURA INTEIRA EM AÇO, VÃO DE 5 M, PARA TELHA ONDULADA DE FIBROCIMENTO, METÁLICA, PLÁSTICA OU TERMOACÚSTICA, INCLUSO IÇAMENTO. AF_07/2019","UN",834.53]
[92608,"FABRICAÇÃO E INSTALAÇÃO DE TESOURA INTEIRA EM AÇO, VÃO DE 6 M, PARA TELHA ONDULADA DE FIBROCIMENTO, METÁLICA, PLÁSTICA OU TERMOACÚSTICA, INCLUSO IÇAMENTO. AF_07/2019","UN",1034.52]
[92610,"FABRICAÇÃO E INSTALAÇÃO DE TESOURA INTEIRA EM AÇO, VÃO DE 7 M, PARA TELHA ONDULADA DE FIBROCIMENTO, METÁLICA, PLÁSTICA OU TERMOACÚSTICA, INCLUSO IÇAMENTO. AF_07/2019","UN",1140.1400000000001]
[92612,"FABRICAÇÃO E INSTALAÇÃO DE TESOURA INTEIRA EM AÇO, VÃO DE 8 M, PARA TELHA ONDULADA DE FIBROCIMENTO, METÁLICA, PLÁSTICA OU TERMOACÚSTICA, INCLUSO IÇAMENTO, INCLUSO IÇAMENTO. AF_07/2019","UN",1285.3800000000001]
[92614,"FABRICAÇÃO E INSTALAÇÃO DE TESOURA INTEIRA EM AÇO, VÃO DE 9 M, PARA TELHA ONDULADA DE FIBROCIMENTO, METÁLICA, PLÁSTICA OU TERMOACÚSTICA, INCLUSO IÇAMENTO. AF_07/2019","UN",1445.27]
[92616,"FABRICAÇÃO E INSTALAÇÃO DE TESOURA INTEIRA EM AÇO, VÃO DE 10 M, PARA TELHA ONDULADA DE FIBROCIMENTO, METÁLICA, PLÁSTICA OU TERMOACÚSTICA, INCLUSO IÇAMENTO. AF_07/2019","UN",1645.85]
[92618,"FABRICAÇÃO E INSTALAÇÃO DE TESOURA INTEIRA EM AÇO, VÃO DE 11 M, PARA TELHA ONDULADA DE FIBROCIMENTO, METÁLICA, PLÁSTICA OU TERMOACÚSTICA, INCLUSO IÇAMENTO. AF_07/2019","UN",1751.47]
[92620,"FABRICAÇÃO E INSTALAÇÃO DE TESOURA INTEIRA EM AÇO, VÃO DE 12 M, PARA TELHA ONDULADA DE FIBROCIMENTO, METÁLICA, PLÁSTICA OU TERMOACÚSTICA, INCLUSO IÇAMENTO. AF_07/2019","UN",1857.08]
[100357,"FABRICAÇÃO E INSTALAÇÃO DE MEIA TESOURA DE MADEIRA NÃO APARELHADA, COM VÃO DE 3 M, PARA TELHA CERÂMICA OU DE CONCRETO, INCLUSO IÇAMENTO. AF_07/2019","UN",1246.9100000000001]
[100358,"FABRICAÇÃO E INSTALAÇÃO DE MEIA TESOURA DE MADEIRA NÃO APARELHADA, COM VÃO DE 4 M, PARA TELHA CERÂMICA OU DE CONCRETO, INCLUSO IÇAMENTO. AF_07/2019","UN",1652.82]
[100359,"FABRICAÇÃO E INSTALAÇÃO DE MEIA TESOURA DE MADEIRA NÃO APARELHADA, COM VÃO DE 5 M, PARA TELHA CERÂMICA OU DE CONCRETO, INCLUSO IÇAMENTO. AF_07/2019","UN",1750.67]
[100360,"FABRICAÇÃO E INSTALAÇÃO DE MEIA TESOURA DE MADEIRA NÃO APARELHADA, COM VÃO DE 6 M, PARA TELHA CERÂMICA OU DE CONCRETO, INCLUSO IÇAMENTO. AF_07/2019","UN",1944.55]
[100361,"FABRICAÇÃO E INSTALAÇÃO DE MEIA TESOURA DE MADEIRA NÃO APARELHADA, COM VÃO DE 7 M, PARA TELHA CERÂMICA OU DE CONCRETO, INCLUSO IÇAMENTO. AF_07/2019","UN",2392.63]
[100362,"FABRICAÇÃO E INSTALAÇÃO DE MEIA TESOURA DE MADEIRA NÃO APARELHADA, COM VÃO DE 8 M, PARA TELHA CERÂMICA OU DE CONCRETO, INCLUSO IÇAMENTO. AF_07/2019","UN",3151.32]
[100363,"FABRICAÇÃO E INSTALAÇÃO DE MEIA TESOURA DE MADEIRA NÃO APARELHADA, COM VÃO DE 9 M, PARA TELHA CERÂMICA OU DE CONCRETO, INCLUSO IÇAMENTO. AF_07/2019","UN",3269.58]
[100364,"FABRICAÇÃO E INSTALAÇÃO DE MEIA TESOURA DE MADEIRA NÃO APARELHADA, COM VÃO DE 10 M, PARA TELHA CERÂMICA OU DE CONCRETO, INCLUSO IÇAMENTO. AF_07/2019","UN",3554.4]
[100365,"FABRICAÇÃO E INSTALAÇÃO DE MEIA TESOURA DE MADEIRA NÃO APARELHADA, COM VÃO DE 11 M, PARA TELHA CERÂMICA OU DE CONCRETO, INCLUSO IÇAMENTO. AF_07/2019","UN",4073.9]
[100366,"FABRICAÇÃO E INSTALAÇÃO DE MEIA TESOURA DE MADEIRA NÃO APARELHADA, COM VÃO DE 12 M, PARA TELHA CERÂMICA OU DE CONCRETO, INCLUSO IÇAMENTO. AF_07/2019","UN",4396.1000000000004]
[100367,"FABRICAÇÃO E INSTALAÇÃO DE MEIA TESOURA DE MADEIRA NÃO APARELHADA, COM VÃO DE 3 M, PARA TELHA ONDULADA DE FIBROCIMENTO, ALUMÍNIO, PLÁSTICA OU TERMOACÚSTICA, INCLUSO IÇAMENTO. AF_07/2019","UN",1208.8800000000001]
[100368,"FABRICAÇÃO E INSTALAÇÃO DE MEIA TESOURA DE MADEIRA NÃO APARELHADA, COM VÃO DE 4 M, PARA TELHA ONDULADA DE FIBROCIMENTO, ALUMÍNIO, PLÁSTICA OU TERMOACÚSTICA, INCLUSO IÇAMENTO. AF_07/2019","UN",1605.91]
[100369,"FABRICAÇÃO E INSTALAÇÃO DE MEIA TESOURA DE MADEIRA NÃO APARELHADA, COM VÃO DE 5 M, PARA TELHA ONDULADA DE FIBROCIMENTO, ALUMÍNIO, PLÁSTICA OU TERMOACÚSTICA, INCLUSO IÇAMENTO. AF_07/2019","UN",1703.77]
[100370,"FABRICAÇÃO E INSTALAÇÃO DE MEIA TESOURA DE MADEIRA NÃO APARELHADA, COM VÃO DE 6 M, PARA TELHA ONDULADA DE FIBROCIMENTO, ALUMÍNIO, PLÁSTICA OU TERMOACÚSTICA, INCLUSO IÇAMENTO. AF_07/2019","UN",2042.99]
[100371,"FABRICAÇÃO E INSTALAÇÃO DE MEIA TESOURA DE MADEIRA NÃO APARELHADA, COM VÃO DE 7 M, PARA TELHA ONDULADA DE FIBROCIMENTO, ALUMÍNIO, PLÁSTICA OU TERMOACÚSTICA, INCLUSO IÇAMENTO. AF_07/2019","UN",2267.56]
[100372,"FABRICAÇÃO E INSTALAÇÃO DE MEIA TESOURA DE MADEIRA NÃO APARELHADA, COM VÃO DE 8 M, PARA TELHA ONDULADA DE FIBROCIMENTO, ALUMÍNIO, PLÁSTICA OU TERMOACÚSTICA, INCLUSO IÇAMENTO. AF_07/2019","UN",2937.01]
[100373,"FABRICAÇÃO E INSTALAÇÃO DE MEIA TESOURA DE MADEIRA NÃO APARELHADA, COM VÃO DE 9 M, PARA TELHA ONDULADA DE FIBROCIMENTO, ALUMÍNIO, PLÁSTICA OU TERMOACÚSTICA, INCLUSO IÇAMENTO. AF_07/2019","UN",3055.71]
[100374,"FABRICAÇÃO E INSTALAÇÃO DE MEIA TESOURA DE MADEIRA NÃO APARELHADA, COM VÃO DE 10 M, PARA TELHA ONDULADA DE FIBROCIMENTO, ALUMÍNIO, PLÁSTICA OU TERMOACÚSTICA, INCLUSO IÇAMENTO. AF_07/2019","UN",3273.78]
[100375,"FABRICAÇÃO E INSTALAÇÃO DE MEIA TESOURA DE MADEIRA NÃO APARELHADA, COM VÃO DE 11 M, PARA TELHA ONDULADA DE FIBROCIMENTO, ALUMÍNIO, PLÁSTICA OU TERMOACÚSTICA, INCLUSO IÇAMENTO. AF_07/2019","UN",3654.54]
[100376,"FABRICAÇÃO E INSTALAÇÃO DE MEIA TESOURA DE MADEIRA NÃO APARELHADA, COM VÃO DE 12 M, PARA TELHA ONDULADA DE FIBROCIMENTO, ALUMÍNIO, PLÁSTICA OU TERMOACÚSTICA, INCLUSO IÇAMENTO. AF_07/2019","UN",3560.73]
[100377,"FABRICAÇÃO E INSTALAÇÃO DE TESOURA (INTEIRA OU MEIA) EM AÇO, VÃOS MAIORES OU IGUAIS A 3,0 M E MENORES OU IGUAL A 6,0 M, INCLUSO IÇAMENTO. AF_07/2019","KG",10.68]
[100378,"FABRICAÇÃO E INSTALAÇÃO DE TESOURA (INTEIRA OU MEIA) EM AÇO, VÃOS MAIORES QUE 6,0 M E MENORES QUE 12,0 M, INCLUSO IÇAMENTO. AF_07/2019","KG",9.8000000000000007]
[100382,"FABRICAÇÃO E INSTALAÇÃO DE PONTALETES DE MADEIRA NÃO APARELHADA PARA TELHADOS COM ATÉ 2 ÁGUAS E COM TELHA ONDULADA DE FIBROCIMENTO, ALUMÍNIO OU PLÁSTICA EM EDIFÍCIO RESIDENCIAL TÉRREO, INCLUSO TRANSPORTE VERTICAL. AF_07/2019","M2",28.88]
[104314,"TRAMA DE AÇO COMPOSTA POR TERÇAS PARA TELHADOS DE ATÉ 2 ÁGUAS PARA TELHA ONDULADA DE FIBROCIMENTO, METÁLICA, PLÁSTICA OU TERMOACÚSTICA, INCLUSO TRANSPORTE VERTICAL (EM KG). AF_07/2019","KG",9.86]
[94444,"TELHAMENTO COM TELHA DE ENCAIXE, TIPO FRANCESA DE VIDRO, COM ATÉ 2 ÁGUAS, INCLUSO TRANSPORTE VERTICAL. AF_07/2019","M2",560.47]
[104482,"ESGOTAMENTO DE VALA COM BOMBA SUBMERSÍVEL. AF_12/2022","H",26.76]
[104184,"INSTALAÇÃO E DESINSTALAÇÃO DE REGISTRO DE PVC PARA SISTEMA DE REBAIXAMENTO DE LENÇOL FREÁTICO POR PONTEIRAS FILTRANTES. AF_12/2022","UN",26.62]
[104185,"INSTALAÇÃO E DESINSTALAÇÃO DE CONJUNTO DE BOMBAS, À VÁCUO E CENTRÍFUGA, PARA SISTEMA DE REBAIXAMENTO DE LENÇOL FREÁTICO POR PONTEIRAS FILTRANTES (EXCLUI O FORNECIMENTO DE BOMBAS). AF_12/2022","UN",22.37]
[104186,"PERFURAÇÃO DE SOLO PARA SISTEMA DE REBAIXAMENTO DE LENÇOL FREÁTICO POR POÇOS PROFUNDOS, DIÂMETRO DO POÇO DE 400 MM. AF_12/2022","M",265.81]
[104187,"INSTALAÇÃO E RETIRADA DE REVESTIMENTO METÁLICO PARA PERFURAÇÃO DE SOLO PARA SISTEMA DE REBAIXAMENTO DE LENÇOL FREÁTICO POR PORÇOS PROFUNDOS, DIÂMETRO DO POÇO DE 400 MM. AF_12/2022","M",1458.31]
[104189,"INSTALAÇÃO DE MATERIAL GRANULAR FILTRANTE PARA SISTEMA DE REBAIXAMENTO DE LENÇOL FREÁTICO POR POÇOS PROFUNDOSA, DIÂMETRO DO POÇO DE 400 MM. AF_12/2022","M3",178.85]
[104190,"INSTALAÇÃO E DESINSTALAÇÃO DE SISTEMA DE BOMBA PARA SISTEMA DE REBAIXAMENTO DE LENÇOL FREÁTICO POR POÇOS PROFUNDOS (EXCLUI O FORNECIMENTO DE BOMBA). AF_12/2022","UN",600.41999999999996]
[102661,"DRENO SUBSUPERFICIAL (SEÇÃO 0,40 X 0,40 M), COM TUBO DE PEAD CORRUGADO PERFURADO, DN 100 MM, ENCHIMENTO COM AREIA. AF_07/2021","M",40.409999999999997]
[102662,"DRENO SUBSUPERFICIAL (SEÇÃO 0,40 X 0,40 M), COM TUBO DE PVC CORRUGADO RÍGIDO PERFURADO, DN 100 MM, ENCHIMENTO COM AREIA. AF_07/2021","M",93.32]
[102663,"DRENO SUBSUPERFICIAL (SEÇÃO 0,40 X 0,40 M), COM TUBO DE CONCRETO SIMPLES POROSO, DN 200 MM, ENCHIMENTO COM AREIA. AF_07/2021","M",87.98]
[102664,"DRENO SUBSUPERFICIAL (SEÇÃO 0,40 X 0,40 M), CEGO, ENCHIMENTO DE BRITA, ENVOLVIDO COM MANTA GEOTÊXTIL. AF_07/2021","M",48.94]
[102665,"DRENO SUBSUPERFICIAL (SEÇÃO 0,40 X 0,40 M), CEGO, ENCHIMENTO DE BRITA. AF_07/2021","M",28.74]
[102666,"DRENO SUBSUPERFICIAL (SEÇÃO 0,40 X 0,40 M), COM TUBO DE PEAD CORRUGADO PERFURADO, DN 100 MM, ENCHIMENTO COM BRITA, ENVOLVIDO COM MANTA GEOTÊXTIL. AF_07/2021","M",60.06]
[102668,"DRENO SUBSUPERFICIAL (SEÇÃO 0,40 X 0,40 M), COM TUBO DE PVC CORRUGADO RÍGIDO PERFURADO, DN 100 MM, ENCHIMENTO COM BRITA, ENVOLVIDO COM MANTA GEOTÊXTIL. AF_07/2021","M",112.97]
[102669,"DRENO SUBSUPERFICIAL (SEÇÃO 0,40 X 0,40 M), COM TUBO DE CONCRETO SIMPLES POROSO, DN 200 MM, ENCHIMENTO COM BRITA, ENVOLVIDO COM MANTA GEOTÊXTIL. AF_07/2021","M",107.7]
[102670,"DRENO PROFUNDO (SEÇÃO 0,50 X 1,50 M), COM TUBO DE PEAD CORRUGADO PERFURADO, DN 100 MM, ENCHIMENTO COM AREIA, COM SELO DE ARGILA. AF_07/2021","M",127.21]
[102672,"DRENO PROFUNDO (SEÇÃO 0,50 X 1,50 M), COM TUBO DE PVC CORRUGADO RÍGIDO PERFURADO, DN 100 MM, ENCHIMENTO COM AREIA, COM SELO DE ARGILA. AF_07/2021","M",193.12]
[102673,"DRENO PROFUNDO (SEÇÃO 0,50 X 1,50 M), COM TUBO DE CONCRETO SIMPLES POROSO, DN 200 MM, ENCHIMENTO COM AREIA, COM SELO DE ARGILA. AF_07/2021","M",201.97]
[102674,"DRENO PROFUNDO (SEÇÃO 0,50 X 1,50 M), COM TUBO DE PEAD CORRUGADO PERFURADO, DN 100 MM, ENCHIMENTO COM AREIA. AF_07/2021","M",141.13999999999999]
[102676,"DRENO PROFUNDO (SEÇÃO 0,50 X 1,50 M), COM TUBO DE PVC CORRUGADO RÍGIDO PERFURADO, DN 100 MM, ENCHIMENTO COM AREIA. AF_07/2021","M",197.87]
[102677,"DRENO PROFUNDO (SEÇÃO 0,50 X 1,50 M), COM TUBO DE CONCRETO SIMPLES POROSO, DN 200 MM, ENCHIMENTO COM AREIA. AF_07/2021","M",195.14]
[102678,"DRENO PROFUNDO (SEÇÃO 0,50 X 1,50 M), CEGO, ENCHIMENTO DE BRITA, ENVOLVIDO COM MANTA GEOTÊXTIL, COM SELO DE ARGILA. AF_07/2021","M",149.72999999999999]
[102679,"DRENO PROFUNDO (SEÇÃO 0,50 X 1,50 M), CEGO, ENCHIMENTO DE BRITA, ENVOLVIDO COM MANTA GEOTÊXTIL. AF_07/2021","M",166.7]
[102680,"DRENO PROFUNDO (SEÇÃO 0,50 X 1,50 M), COM TUBO DE PEAD CORRUGADO PERFURADO, DN 100 MM, ENCHIMENTO COM BRITA, ENVOLVIDO COM MANTA GEOTÊXTIL, COM SELO DE ARGILA. AF_07/2021","M",162.13999999999999]
[102681,"DRENO PROFUNDO (SEÇÃO 0,50 X 1,50 M), COM TUBO DE PVC CORRUGADO RÍGIDO PERFURADO, DN 100 MM, ENCHIMENTO COM BRITA, ENVOLVIDO COM MANTA GEOTÊXTIL, COM SELO DE ARGILA. AF_07/2021","M",218.86]
[102683,"DRENO PROFUNDO (SEÇÃO 0,50 X 1,50 M), COM TUBO DE CONCRETO SIMPLES POROSO, DN 200 MM, ENCHIMENTO COM BRITA, ENVOLVIDO COM MANTA GEOTÊXTIL, COM SELO DE ARGILA. AF_07/2021","M",221.03]
[102684,"DRENO PROFUNDO (SEÇÃO 0,50 X 1,50 M), COM TUBO DE PEAD CORRUGADO PERFURADO, DN 100 MM, ENCHIMENTO COM BRITA, ENVOLVIDO COM MANTA GEOTÊXTIL. AF_07/2021","M",179.12]
[102685,"DRENO PROFUNDO (SEÇÃO 0,50 X 1,50 M), COM TUBO DE PVC CORRUGADO RÍGIDO PERFURADO, DN 100 MM, ENCHIMENTO COM BRITA, ENVOLVIDO COM MANTA GEOTÊXTIL. AF_07/2021","M",235.84]
[102687,"DRENO PROFUNDO (SEÇÃO 0,50 X 1,50 M), COM TUBO DE CONCRETO SIMPLES POROSO, DN 200 MM, ENCHIMENTO COM BRITA, ENVOLVIDO COM MANTA GEOTÊXTIL. AF_07/2021","M",233.18]
[102688,"DRENO ESPINHA DE PEIXE (SEÇÃO 0,40 X 0,40 M), COM TUBO DE PEAD CORRUGADO PERFURADO, DN 100 MM, ENCHIMENTO COM AREIA, INCLUSIVE CONEXÕES. AF_07/2021","M",46.01]
[102689,"DRENO ESPINHA DE PEIXE (SEÇÃO 0,40 X 0,40 M), COM TUBO DE PVC CORRUGADO RÍGIDO PERFURADO, DN 100 MM, ENCHIMENTO COM AREIA, INCLUSIVE CONEXÕES. AF_07/2021","M",96.6]
[102690,"DRENO ESPINHA DE PEIXE (SEÇÃO (0,40 X 0,40 M), COM TUBO DE PEAD CORRUGADO PERFURADO, DN 100 MM, ENCHIMENTO COM BRITA, ENVOLVIDO COM MANTA GEOTÊXTIL, INCLUSIVE CONEXÕES. AF_07/2021","M",65.66]
[102693,"DRENO ESPINHA DE PEIXE (SEÇÃO 0,40 X 0,40 M), COM TUBO DE PVC CORRUGADO RÍGIDO PERFURADO, DN 100 MM, ENCHIMENTO COM BRITA, ENVOLVIDO COM MANTA GEOTÊXTIL, INCLUSIVE CONEXÕES. AF_07/2021","M",116.24]
[102694,"DRENO ESPINHA DE PEIXE (SEÇÃO 0,50 X 0,80 M), COM TUBO DE PEAD CORRUGADO PERFURADO, DN 100 MM, ENCHIMENTO COM AREIA, INCLUSIVE CONEXÕES. AF_07/2021","M",91.7]
[102696,"DRENO ESPINHA DE PEIXE (SEÇÃO 0,50 X 0,80 M), COM TUBO DE PVC CORRUGADO RÍGIDO PERFURADO, DN 100 MM, ENCHIMENTO COM AREIA, INCLUSIVE CONEXÕES. AF_07/2021","M",142.36000000000001]
[102697,"DRENO ESPINHA DE PEIXE (SEÇÃO 0,50 X 0,80 M), COM TUBO DE PEAD CORRUGADO PERFURADO, DN 100 MM, ENCHIMENTO COM BRITA, ENVOLVIDO COM MANTA GEOTÊXTIL, INCLUSIVE CONEXÕES. AF_07/2021","M",118.12]
[102703,"DRENO ESPINHA DE PEIXE (SEÇÃO 0,50 X 0,80 M), COM TUBO DE PVC CORRUGADO RÍGIDO PERFURADO, DN 100 MM, ENCHIMENTO COM BRITA, ENVOLVIDO COM MANTA GEOTÊXTIL, INCLUSIVE CONEXÕES. AF_07/2021","M",168.77]
[102704,"TUBO DE PEAD CORRUGADO PERFURADO, DN 100 MM, PARA DRENO - FORNECIMENTO E ASSENTAMENTO. AF_07/2021","M",12.14]
[102705,"TUBO DE PVC CORRUGADO RÍGIDO PERFURADO, DN 100 MM, PARA DRENO - FORNECIMENTO E ASSENTAMENTO. AF_07/2021","M",61.67]
[102707,"TUBO DE CONCRETO SIMPLES POROSO, DN 200 MM, PARA DRENO - FORNECIMENTO E ASSENTAMENTO. AF_07/2021","M",64.14]
[102708,"LUVA DE PVC, SÉRIE NORMAL, PARA ESGOTO PREDIAL, DN 100 MM, INSTALADA EM DRENO  - FORNECIMENTO E INSTALAÇÃO. AF_07/2021","UN",22.12]
[102710,"JUNÇÃO SIMPLES DE PVC, 45 GRAUS, SÉRIE NORMAL, PARA ESGOTO PREDIAL, DN 100 MM, INSTALADA EM DRENO - FORNECIMENTO E INSTALAÇÃO. AF_07/2021","UN",55.17]
[102711,"JUNÇÃO DUPLA DE PVC, SÉRIE NORMAL, PARA ESGOTO PREDIAL, DN 100 X 100 X 100 MM, INSTALADA EM DRENO  - FORNECIMENTO E INSTALAÇÃO. AF_07/2021","UN",73.040000000000006]
[102712,"GEOTÊXTIL NÃO TECIDO 100% POLIÉSTER, RESISTÊNCIA A TRAÇÃO DE 9 KN/M (RT - 9), INSTALADO EM DRENO - FORNECIMENTO E INSTALAÇÃO. AF_07/2021","M2",7.87]
[102713,"GEOTÊXTIL NÃO TECIDO 100% POLIÉSTER, RESISTÊNCIA A TRAÇÃO DE 14 KN/M (RT - 14), INSTALADO EM DRENO - FORNECIMENTO E INSTALAÇÃO. AF_07/2021","M2",10.81]
[102715,"GEOTÊXTIL NÃO TECIDO 100% POLIÉSTER, RESISTÊNCIA A TRAÇÃO DE 26 KN/M (RT - 26), INSTALADO EM DRENO - FORNECIMENTO E INSTALAÇÃO. AF_07/2021","M2",21.38]
[102716,"ENCHIMENTO DE AREIA PARA DRENO, LANÇAMENTO MECANIZADO. AF_07/2021","M3",170.03]
[102717,"ENCHIMENTO DE BRITA PARA DRENO, LANÇAMENTO MECANIZADO. AF_07/2021","M3",166.38]
[102718,"ENCHIMENTO DE AREIA PARA DRENO, LANÇAMENTO MANUAL. AF_07/2021","M3",175.09]
[102719,"ENCHIMENTO DE BRITA PARA DRENO, LANÇAMENTO MANUAL. AF_07/2021","M3",171.44]
[102722,"DRENO EM MURO DE CONTENÇÃO, EXECUTADO NO PÉ DO MURO, COM TUBO DE PEAD CORRUGADO FLEXÍVEL PERFURADO, ENCHIMENTO COM BRITA, ENVOLVIDO COM MANTA GEOTÊXTIL. AF_07/2021","M",52.04]
[102723,"DRENO EM MURO DE CONTENÇÃO, EXECUTADO NO PÉ DO MURO, COM TUBO DE PVC CORRUGADO RÍGIDO PERFURADO, ENCHIMENTO COM BRITA, ENVOLVIDO COM MANTA GEOTÊXTIL. AF_07/2021","M",101.57]
[102724,"DRENO BARBACÃ, DN 100 MM, COM MATERIAL DRENANTE. AF_07/2021","UN",27.84]
[102725,"DRENO BARBACÃ, DN 75 MM, COM MATERIAL DRENANTE. AF_07/2021","UN",27.26]
[102726,"DRENO BARBACÃ, DN 50 MM, COM MATERIAL DRENANTE. AF_07/2021","UN",25.39]
[103653,"GEOTÊXTIL NÃO TECIDO 100% POLIÉSTER, RESISTÊNCIA A TRAÇÃO DE 31 KN/M (RT-31), INSTALADO EM DRENO - FORNECIMENTO E INSTALAÇÃO. AF_07/2021","M2",25.54]
[92743,"MURO DE GABIÃO, ENCHIMENTO COM PEDRA DE MÃO TIPO RACHÃO, DE GRAVIDADE, COM GAIOLAS DE COMPRIMENTO IGUAL A 2 M, PARA MUROS COM ALTURA MENOR OU IGUAL A 4 M - FORNECIMENTO E EXECUÇÃO. AF_03/2024","M3",667.38]
[92744,"MURO DE GABIÃO, ENCHIMENTO COM PEDRA DE MÃO TIPO RACHÃO, DE GRAVIDADE, COM GAIOLAS DE COMPRIMENTO IGUAL A 5 M, PARA MUROS COM ALTURA MENOR OU IGUAL A 4 M - FORNECIMENTO E EXECUÇÃO. AF_03/2024","M3",629.97]
[92745,"MURO DE GABIÃO, ENCHIMENTO COM PEDRA DE MÃO TIPO RACHÃO, DE GRAVIDADE, COM GAIOLAS DE COMPRIMENTO IGUAL A 2 M, PARA MUROS COM ALTURA MAIOR QUE 4 M E MENOR OU IGUAL A 6 M - FORNECIMENTO E EXECUÇÃO. AF_03/2024","M3",802.18]
[92746,"MURO DE GABIÃO, ENCHIMENTO COM PEDRA DE MÃO TIPO RACHÃO, DE GRAVIDADE, COM GAIOLAS DE COMPRIMENTO IGUAL A 5 M, PARA MUROS COM ALTURA MAIOR QUE 4 M E MENOR OU IGUAL A 6 M - FORNECIMENTO E EXECUÇÃO. AF_03/2024","M3",737.9]
[92747,"MURO DE GABIÃO, ENCHIMENTO COM PEDRA DE MÃO TIPO RACHÃO, DE GRAVIDADE, COM GAIOLAS DE COMPRIMENTO IGUAL A 2 M, PARA MUROS COM ALTURA MAIOR QUE 6 M E MENOR OU IGUAL A 10 M - FORNECIMENTO E EXECUÇÃO. AF_03/2024","M3",885.51]
[92748,"MURO DE GABIÃO, ENCHIMENTO COM PEDRA DE MÃO TIPO RACHÃO, DE GRAVIDADE, COM GAIOLAS DE COMPRIMENTO IGUAL A 5 M, PARA MUROS COM ALTURA MAIOR QUE 6 M E MENOR OU IGUAL A 10 M- FORNECIMENTO E EXECUÇÃO. AF_03/2024","M3",802.67]
[92749,"MURO DE GABIÃO, ENCHIMENTO COM PEDRA DE MÃO TIPO RACHÃO, COM SOLO REFORÇADO, PARA MUROS COM ALTURA MENOR OU IGUAL A 4 M - FORNECIMENTO E EXECUÇÃO. AF_03/2024","M3",940.54]
[92750,"MURO DE GABIÃO, ENCHIMENTO COM PEDRA DE MÃO TIPO RACHÃO, COM SOLO REFORÇADO, PARA MUROS COM ALTURA MAIOR QUE 4 M E MENOR OU IGUAL A 12 M - FORNECIMENTO E EXECUÇÃO. AF_03/2024","M3",1545.04]
[92751,"MURO DE GABIÃO, ENCHIMENTO COM PEDRA DE MÃO TIPO RACHÃO, COM SOLO REFORÇADO, PARA MUROS COM ALTURA MAIOR QUE 12 M E MENOR OU IGUAL A 20 M - FORNECIMENTO E EXECUÇÃO. AF_03/2024","M3",1898.2]
[92752,"MURO DE GABIÃO, ENCHIMENTO COM PEDRA DE MÃO TIPO RACHÃO, COM SOLO REFORÇADO, PARA MUROS COM ALTURA MAIOR QUE 20 M E MENOR OU IGUAL A 28 M - FORNECIMENTO E EXECUÇÃO. AF_03/2024","M3",2249.0700000000002]
[92753,"MURO DE GABIÃO, ENCHIMENTO COM RESÍDUO DE CONSTRUÇÃO E DEMOLIÇÃO, DE GRAVIDADE, COM GAIOLA TRAPEZOIDAL DE COMPRIMENTO IGUAL A 2 M, PARA MUROS COM ALTURA MENOR OU IGUAL A 2 M - FORNECIMENTO E EXECUÇÃO. AF_03/2024","M3",605.82000000000005]
[92754,"MURO DE GABIÃO, ENCHIMENTO COM RESÍDUO DE CONSTRUÇÃO E DEMOLIÇÃO, DE GRAVIDADE, COM GAIOLA TRAPEZOIDAL DE COMPRIMENTO IGUAL A 2 M, PARA MUROS COM ALTURA MAIOR QUE 2 M E MENOR OU IGUAL A 4 M - FORNECIMENTO E EXECUÇÃO. AF_03/2024","M3",589.85]
[92755,"PROTEÇÃO SUPERFICIAL DE CANAL EM GABIÃO TIPO COLCHÃO, ALTURA DE 17 CENTÍMETROS, ENCHIMENTO COM PEDRA DE MÃO TIPO RACHÃO - FORNECIMENTO E EXECUÇÃO. AF_03/2024","M2",236.07]
[92756,"PROTEÇÃO SUPERFICIAL DE CANAL EM GABIÃO TIPO COLCHÃO, ALTURA DE 23 CENTÍMETROS, ENCHIMENTO COM PEDRA DE MÃO TIPO RACHÃO - FORNECIMENTO E EXECUÇÃO. AF_03/2024","M2",272.07]
[92757,"PROTEÇÃO SUPERFICIAL DE CANAL EM GABIÃO TIPO COLCHÃO, ALTURA DE 30 CENTÍMETROS, ENCHIMENTO COM PEDRA DE MÃO TIPO RACHÃO - FORNECIMENTO E EXECUÇÃO. AF_03/2024","M2",315.18]
[92758,"PROTEÇÃO SUPERFICIAL DE CANAL EM GABIÃO TIPO SACO, DIÂMETRO DE 65 CENTÍMETROS, ENCHIMENTO MANUAL COM PEDRA DE MÃO TIPO RACHÃO - FORNECIMENTO E EXECUÇÃO. AF_03/2024","M3",690.51]
[91069,"EXECUÇÃO DE REVESTIMENTO DE CONCRETO PROJETADO COM ESPESSURA DE 7 CM, ARMADO COM TELA, INCLINAÇÃO MENOR QUE 90°, APLICAÇÃO CONTÍNUA, UTILIZANDO EQUIPAMENTO DE PROJEÇÃO COM 6 M³/H DE CAPACIDADE. AF_07/2024","M2",200.55]
[91070,"EXECUÇÃO DE REVESTIMENTO DE CONCRETO PROJETADO COM ESPESSURA DE 10 CM, ARMADO COM TELA, INCLINAÇÃO MENOR QUE 90°, APLICAÇÃO CONTÍNUA, UTILIZANDO EQUIPAMENTO DE PROJEÇÃO COM 6 M³/H DE CAPACIDADE. AF_07/2024","M2",212.22]
[91071,"EXECUÇÃO DE REVESTIMENTO DE CONCRETO PROJETADO COM ESPESSURA DE 7 CM, ARMADO COM TELA, INCLINAÇÃO DE 90°, APLICAÇÃO CONTÍNUA, UTILIZANDO EQUIPAMENTO DE PROJEÇÃO COM 6 M³/H DE CAPACIDADE. AF_07/2024","M2",317.14999999999998]
[91072,"EXECUÇÃO DE REVESTIMENTO DE CONCRETO PROJETADO COM ESPESSURA DE 10 CM, ARMADO COM TELA, INCLINAÇÃO DE 90°, APLICAÇÃO CONTÍNUA, UTILIZANDO EQUIPAMENTO DE PROJEÇÃO COM 6 M³/H DE CAPACIDADE. AF_07/2024","M2",326.52999999999997]
[91073,"EXECUÇÃO DE REVESTIMENTO DE CONCRETO PROJETADO COM ESPESSURA DE 7 CM, ARMADO COM TELA, INCLINAÇÃO MENOR QUE 90°, APLICAÇÃO CONTÍNUA, UTILIZANDO EQUIPAMENTO DE PROJEÇÃO COM 3 M³/H DE CAPACIDADE. AF_07/2024","M2",259.45]
[91074,"EXECUÇÃO DE REVESTIMENTO DE CONCRETO PROJETADO COM ESPESSURA DE 10 CM, ARMADO COM TELA, INCLINAÇÃO MENOR QUE 90°, APLICAÇÃO CONTÍNUA, UTILIZANDO EQUIPAMENTO DE PROJEÇÃO COM 3 M³/H DE CAPACIDADE. AF_07/2024","M2",247]
[91075,"EXECUÇÃO DE REVESTIMENTO DE CONCRETO PROJETADO COM ESPESSURA DE 7 CM, ARMADO COM TELA, INCLINAÇÃO DE 90°, APLICAÇÃO CONTÍNUA, UTILIZANDO EQUIPAMENTO DE PROJEÇÃO COM 3 M³/H DE CAPACIDADE. AF_07/2024","M2",403.94]
[91076,"EXECUÇÃO DE REVESTIMENTO DE CONCRETO PROJETADO COM ESPESSURA DE 10 CM, ARMADO COM TELA, INCLINAÇÃO DE 90°, APLICAÇÃO CONTÍNUA, UTILIZANDO EQUIPAMENTO DE PROJEÇÃO COM 3 M³/H DE CAPACIDADE. AF_07/2024","M2",371.47]
[91077,"EXECUÇÃO DE REVESTIMENTO DE CONCRETO PROJETADO COM ESPESSURA DE 7 CM, ARMADO COM FIBRAS DE AÇO, INCLINAÇÃO MENOR QUE 90°, APLICAÇÃO CONTÍNUA, UTILIZANDO EQUIPAMENTO DE PROJEÇÃO COM 6 M³/H DE CAPACIDADE. AF_07/2024","M2",181.81]
[91078,"EXECUÇÃO DE REVESTIMENTO DE CONCRETO PROJETADO COM ESPESSURA DE 10 CM, ARMADO COM FIBRAS DE AÇO, INCLINAÇÃO MENOR QUE 90°, APLICAÇÃO CONTÍNUA, UTILIZANDO EQUIPAMENTO DE PROJEÇÃO COM 6 M³/H DE CAPACIDADE. AF_07/2024","M2",198.83]
[91079,"EXECUÇÃO DE REVESTIMENTO DE CONCRETO PROJETADO COM ESPESSURA DE 7 CM, ARMADO COM FIBRAS DE AÇO, INCLINAÇÃO DE 90°, APLICAÇÃO CONTÍNUA, UTILIZANDO EQUIPAMENTO DE PROJEÇÃO COM 6 M³/H DE CAPACIDADE. AF_07/2024","M2",197.12]
[91080,"EXECUÇÃO DE REVESTIMENTO DE CONCRETO PROJETADO COM ESPESSURA DE 10 CM, ARMADO COM FIBRAS DE AÇO, INCLINAÇÃO DE 90°, APLICAÇÃO CONTÍNUA, UTILIZANDO EQUIPAMENTO DE PROJEÇÃO COM 6 M³/H DE CAPACIDADE. AF_07/2024","M2",210.41]
[91081,"EXECUÇÃO DE REVESTIMENTO DE CONCRETO PROJETADO COM ESPESSURA DE 7 CM, ARMADO COM FIBRAS DE AÇO, INCLINAÇÃO MENOR QUE 90°, APLICAÇÃO CONTÍNUA, UTILIZANDO EQUIPAMENTO DE PROJEÇÃO COM 3 M³/H DE CAPACIDADE. AF_07/2024","M2",265.35000000000002]
[91082,"EXECUÇÃO DE REVESTIMENTO DE CONCRETO PROJETADO COM ESPESSURA DE 10 CM, ARMADO COM FIBRAS DE AÇO, INCLINAÇÃO MENOR QUE 90°, APLICAÇÃO CONTÍNUA, UTILIZANDO EQUIPAMENTO DE PROJEÇÃO COM 3 M³/H DE CAPACIDADE. AF_07/2024","M2",241.73]
[91083,"EXECUÇÃO DE REVESTIMENTO DE CONCRETO PROJETADO COM ESPESSURA DE 7 CM, ARMADO COM FIBRAS DE AÇO, INCLINAÇÃO DE 90°, APLICAÇÃO CONTÍNUA, UTILIZANDO EQUIPAMENTO DE PROJEÇÃO COM 3 M³/H DE CAPACIDADE. AF_07/2024","M2",330.61]
[91084,"EXECUÇÃO DE REVESTIMENTO DE CONCRETO PROJETADO COM ESPESSURA DE 10 CM, ARMADO COM FIBRAS DE AÇO, INCLINAÇÃO DE 90°, APLICAÇÃO CONTÍNUA, UTILIZANDO EQUIPAMENTO DE PROJEÇÃO COM 3 M³/H DE CAPACIDADE. AF_07/2024","M2",267.29000000000002]
[91086,"EXECUÇÃO DE REVESTIMENTO DE CONCRETO PROJETADO COM ESPESSURA DE 7 CM, ARMADO COM TELA, INCLINAÇÃO MENOR QUE 90°, APLICAÇÃO DESCONTÍNUA, UTILIZANDO EQUIPAMENTO DE PROJEÇÃO COM 6 M³/H DE CAPACIDADE. AF_07/2024","M2",219.87]
[91087,"EXECUÇÃO DE REVESTIMENTO DE CONCRETO PROJETADO COM ESPESSURA DE 10 CM, ARMADO COM TELA, INCLINAÇÃO MENOR QUE 90°, APLICAÇÃO DESCONTÍNUA, UTILIZANDO EQUIPAMENTO DE PROJEÇÃO COM 6 M³/H DE CAPACIDADE. AF_07/2024","M2",233.1]
[91088,"EXECUÇÃO DE REVESTIMENTO DE CONCRETO PROJETADO COM ESPESSURA DE 7 CM, ARMADO COM TELA, INCLINAÇÃO DE 90°, APLICAÇÃO DESCONTÍNUA, UTILIZANDO EQUIPAMENTO DE PROJEÇÃO COM 6 M³/H DE CAPACIDADE. AF_07/2024","M2",336.62]
[91089,"EXECUÇÃO DE REVESTIMENTO DE CONCRETO PROJETADO COM ESPESSURA DE 10 CM, ARMADO COM TELA, INCLINAÇÃO DE 90°, APLICAÇÃO DESCONTÍNUA, UTILIZANDO EQUIPAMENTO DE PROJEÇÃO COM 6 M³/H DE CAPACIDADE. AF_07/2024","M2",348.39]
[91090,"EXECUÇÃO DE REVESTIMENTO DE CONCRETO PROJETADO COM ESPESSURA DE 7 CM, ARMADO COM TELA, INCLINAÇÃO MENOR QUE 90°, APLICAÇÃO DESCONTÍNUA, UTILIZANDO EQUIPAMENTO DE PROJEÇÃO COM 3 M³/H DE CAPACIDADE. AF_07/2024","M2",264.33999999999997]
[91091,"EXECUÇÃO DE REVESTIMENTO DE CONCRETO PROJETADO COM ESPESSURA DE 10 CM, ARMADO COM TELA, INCLINAÇÃO MENOR QUE 90°, APLICAÇÃO DESCONTÍNUA, UTILIZANDO EQUIPAMENTO DE PROJEÇÃO COM 3 M³/H DE CAPACIDADE. AF_07/2024","M2",262.11]
[91092,"EXECUÇÃO DE REVESTIMENTO DE CONCRETO PROJETADO COM ESPESSURA DE 7 CM, ARMADO COM TELA, INCLINAÇÃO DE 90°, APLICAÇÃO DESCONTÍNUA, UTILIZANDO EQUIPAMENTO DE PROJEÇÃO COM 3 M³/H DE CAPACIDADE. AF_07/2024","M2",398.86]
[91093,"EXECUÇÃO DE REVESTIMENTO DE CONCRETO PROJETADO COM ESPESSURA DE 10 CM, ARMADO COM TELA, INCLINAÇÃO DE 90°, APLICAÇÃO DESCONTÍNUA, UTILIZANDO EQUIPAMENTO DE PROJEÇÃO COM 3 M³/H DE CAPACIDADE. AF_07/2024","M2",385.16]
[91094,"EXECUÇÃO DE REVESTIMENTO DE CONCRETO PROJETADO COM ESPESSURA DE 7 CM, ARMADO COM FIBRAS DE AÇO, INCLINAÇÃO MENOR QUE 90°, APLICAÇÃO DESCONTÍNUA, UTILIZANDO EQUIPAMENTO DE PROJEÇÃO COM 6 M³/H DE CAPACIDADE. AF_07/2024","M2",173.7]
[91095,"EXECUÇÃO DE REVESTIMENTO DE CONCRETO PROJETADO COM ESPESSURA DE 10 CM, ARMADO COM FIBRAS DE AÇO, INCLINAÇÃO MENOR QUE 90°, APLICAÇÃO DESCONTÍNUA, UTILIZANDO EQUIPAMENTO DE PROJEÇÃO COM 6 M³/H DE CAPACIDADE. AF_07/2024","M2",193.06]
[91096,"EXECUÇÃO DE REVESTIMENTO DE CONCRETO PROJETADO COM ESPESSURA DE 7 CM, ARMADO COM FIBRAS DE AÇO, INCLINAÇÃO DE 90°, APLICAÇÃO DESCONTÍNUA, UTILIZANDO EQUIPAMENTO DE PROJEÇÃO COM 6 M³/H DE CAPACIDADE. AF_07/2024","M2",186.25]
[91097,"EXECUÇÃO DE REVESTIMENTO DE CONCRETO PROJETADO COM ESPESSURA DE 10 CM, ARMADO COM FIBRAS DE AÇO, INCLINAÇÃO DE 90°, APLICAÇÃO DESCONTÍNUA, UTILIZANDO EQUIPAMENTO DE PROJEÇÃO COM 6 M³/H DE CAPACIDADE. AF_07/2024","M2",203.25]
[91098,"EXECUÇÃO DE REVESTIMENTO DE CONCRETO PROJETADO COM ESPESSURA DE 7 CM, ARMADO COM FIBRAS DE AÇO, INCLINAÇÃO MENOR QUE 90°, APLICAÇÃO DESCONTÍNUA, UTILIZANDO EQUIPAMENTO DE PROJEÇÃO COM 3 M³/H DE CAPACIDADE. AF_07/2024","M2",233.44]
[91099,"EXECUÇÃO DE REVESTIMENTO DE CONCRETO PROJETADO COM ESPESSURA DE 10 CM, ARMADO COM FIBRAS DE AÇO, INCLINAÇÃO MENOR QUE 90°, APLICAÇÃO DESCONTÍNUA, UTILIZANDO EQUIPAMENTO DE PROJEÇÃO COM 3 M³/H DE CAPACIDADE. AF_07/2024","M2",228.12]
[91100,"EXECUÇÃO DE REVESTIMENTO DE CONCRETO PROJETADO COM ESPESSURA DE 7 CM, ARMADO COM FIBRAS DE AÇO, INCLINAÇÃO DE 90°, APLICAÇÃO DESCONTÍNUA, UTILIZANDO EQUIPAMENTO DE PROJEÇÃO COM 3 M³/H DE CAPACIDADE. AF_07/2024","M2",274.56]
[91101,"EXECUÇÃO DE REVESTIMENTO DE CONCRETO PROJETADO COM ESPESSURA DE 10 CM, ARMADO COM FIBRAS DE AÇO, INCLINAÇÃO DE 90°, APLICAÇÃO DESCONTÍNUA, UTILIZANDO EQUIPAMENTO DE PROJEÇÃO COM 3 M³/H DE CAPACIDADE. AF_07/2024","M2",248.19]
[93957,"EXECUÇÃO DE GRAMPO PARA SOLO GRAMPEADO COM COMPRIMENTO MENOR OU IGUAL A 6 M, DIÂMETRO DE 10 CM, PERFURAÇÃO COM EQUIPAMENTO MANUAL E ARMADURA COM DIÂMETRO DE 20 MM. AF_07/2024","M",336.64]
[93959,"EXECUÇÃO DE GRAMPO PARA SOLO GRAMPEADO COM COMPRIMENTO MAIOR QUE 6 M E MENOR OU IGUAL A 10 M, DIÂMETRO DE 10 CM, PERFURAÇÃO COM EQUIPAMENTO MANUAL E ARMADURA COM DIÂMETRO DE 20 MM. AF_07/2024","M",272.19]
[93961,"EXECUÇÃO DE GRAMPO PARA SOLO GRAMPEADO COM COMPRIMENTO MAIOR QUE 10 M, DIÂMETRO DE 10 CM, PERFURAÇÃO COM EQUIPAMENTO MANUAL E ARMADURA COM DIÂMETRO DE 20 MM. AF_07/2024","M",245.04]
[93967,"EXECUÇÃO DE GRAMPO PARA SOLO GRAMPEADO COM COMPRIMENTO MENOR OU IGUAL A 6 M, DIÂMETRO DE 7 CM, PERFURAÇÃO COM EQUIPAMENTO MANUAL E ARMADURA COM DIÂMETRO DE 20 MM. AF_07/2024","M",279.83]
[93969,"EXECUÇÃO DE GRAMPO PARA SOLO GRAMPEADO COM COMPRIMENTO MAIOR QUE 6 M E MENOR OU IGUAL A 10 M, DIÂMETRO DE 7 CM, PERFURAÇÃO COM EQUIPAMENTO MANUAL E ARMADURA COM DIÂMETRO DE 20 MM. AF_07/2024","M",226.21]
[93971,"EXECUÇÃO DE GRAMPO PARA SOLO GRAMPEADO COM COMPRIMENTO MAIOR QUE 10 M, DIÂMETRO DE 7 CM, PERFURAÇÃO COM EQUIPAMENTO MANUAL E ARMADURA COM DIÂMETRO DE 20 MM. AF_07/2024","M",204.36]
[95108,"EXECUÇÃO DE PROTEÇÃO DA CABEÇA DO TIRANTE COM USO DE FÔRMAS METÁLICAS, 50 UTILIZAÇÕES, E CONCRETO FCK =15 MPA. AF_11/2023","UN",35.43]
[100341,"FABRICAÇÃO, MONTAGEM E DESMONTAGEM DE FÔRMA PARA CORTINA DE CONTENÇÃO, EM CHAPA DE MADEIRA COMPENSADA PLASTIFICADA, E = 18 MM, 10 UTILIZAÇÕES. AF_11/2024","M2",37.56]
[100342,"ARMAÇÃO DE CORTINA DE CONTENÇÃO EM CONCRETO ARMADO, COM AÇO CA-50 DE 6,3 MM - MONTAGEM. AF_11/2024","KG",15.99]
[100343,"ARMAÇÃO DE CORTINA DE CONTENÇÃO EM CONCRETO ARMADO, COM AÇO CA-50 DE 8 MM - MONTAGEM. AF_11/2024","KG",14.29]
[100344,"ARMAÇÃO DE CORTINA DE CONTENÇÃO EM CONCRETO ARMADO, COM AÇO CA-50 DE 10 MM - MONTAGEM. AF_11/2024","KG",11.89]
[100345,"ARMAÇÃO DE CORTINA DE CONTENÇÃO EM CONCRETO ARMADO, COM AÇO CA-50 DE 12,5 MM - MONTAGEM. AF_11/2024","KG",9.36]
[100346,"ARMAÇÃO DE CORTINA DE CONTENÇÃO EM CONCRETO ARMADO, COM AÇO CA-50 DE 16 MM - MONTAGEM. AF_11/2024","KG",8.99]
[100347,"ARMAÇÃO DE CORTINA DE CONTENÇÃO EM CONCRETO ARMADO, COM AÇO CA-50 DE 20 MM - MONTAGEM. AF_11/2024","KG",10.15]
[100348,"ARMAÇÃO DE CORTINA DE CONTENÇÃO EM CONCRETO ARMADO, COM AÇO CA-50 DE 25 MM - MONTAGEM. AF_11/2024","KG",9.99]
[100349,"CONCRETAGEM DE CORTINA DE CONTENÇÃO, ATRAVÉS DE BOMBA - LANÇAMENTO, ADENSAMENTO E ACABAMENTO. AF_11/2024","M3",748.91]
[104841,"EXECUÇÃO DE PERFURAÇÃO PARA TIRANTE, COMPRIMENTO MAIOR OU IGUAL A 14 M E MENOR QUE 22 M, COM DIÂMETRO DE FURO DE 100 MM EXECUTADO COM HASTE E TUBOS DE REVESTIMENTO UTILIZANDO PERFURATRIZ SOBRE ESTEIRA. AF_11/2023","M",84.75]
[104842,"EXECUÇÃO DE PERFURAÇÃO PARA TIRANTE, COMPRIMENTO MAIOR OU IGUAL A 22 M E MENOR QUE 30 M, COM DIÂMETRO DE FURO DE 100 MM EXECUTADO COM HASTE E TUBOS DE REVESTIMENTO UTILIZANDO PERFURATRIZ SOBRE ESTEIRA. AF_11/2023","M",72.569999999999993]
[104843,"EXECUÇÃO DE PERFURAÇÃO PARA TIRANTE, COMPRIMENTO MAIOR OU IGUAL A 6 M E MENOR QUE 14 M, COM DIÂMETRO DE FURO DE 150 MM EXECUTADO COM HASTE E TUBOS DE REVESTIMENTO UTILIZANDO PERFURATRIZ SOBRE ESTEIRA. AF_11/2023","M",115.93]
[104844,"EXECUÇÃO DE PERFURAÇÃO PARA TIRANTE, COMPRIMENTO MAIOR OU IGUAL A 14 M E MENOR QUE 22 M, COM DIÂMETRO DE FURO DE 150 MM EXECUTADO COM HASTE E TUBOS DE REVESTIMENTO UTILIZANDO PERFURATRIZ SOBRE ESTEIRA. AF_11/2023","M",93.45]
[104845,"EXECUÇÃO DE PERFURAÇÃO PARA TIRANTE, COMPRIMENTO MAIOR OU IGUAL A 6 M E MENOR QUE 14 M, COM DIÂMETRO DE FURO DE 200 MM EXECUTADO COM HASTE E TUBOS DE REVESTIMENTO UTILIZANDO PERFURATRIZ SOBRE ESTEIRA. AF_11/2023","M",132.01]
[104846,"EXECUÇÃO DE PERFURAÇÃO PARA TIRANTE, COMPRIMENTO MAIOR OU IGUAL A 14 M E MENOR QUE 22 M, COM DIÂMETRO DE FURO DE 200 MM EXECUTADO COM HASTE E TUBOS DE REVESTIMENTO UTILIZANDO PERFURATRIZ SOBRE ESTEIRA. AF_11/2023","M",106.34]
[104847,"EXECUÇÃO DE PERFURAÇÃO PARA TIRANTE, COMPRIMENTO MAIOR OU IGUAL A 22 M E MENOR QUE 30 M, COM DIÂMETRO DE FURO DE 200 MM EXECUTADO COM HASTE E TUBOS DE REVESTIMENTO UTILIZANDO PERFURATRIZ SOBRE ESTEIRA. AF_11/2023","M",90.57]
[104848,"EXECUÇÃO DE PERFURAÇÃO PARA TIRANTE, COMPRIMENTO MAIOR OU IGUAL A 6 M E MENOR QUE 14 M, COM DIÂMETRO DE FURO DE 100 MM EXECUTADO COM HASTE UTILIZANDO PERFURATRIZ MANUAL SOBRE BASE DE MONTAGEM. AF_11/2023","M",67.91]
[104849,"EXECUÇÃO DE PERFURAÇÃO PARA TIRANTE, COMPRIMENTO MAIOR OU IGUAL A 14 M E MENOR QUE 22 M, COM DIÂMETRO DE FURO DE 100 MM EXECUTADO COM HASTE UTILIZANDO PERFURATRIZ MANUAL SOBRE BASE DE MONTAGEM. AF_11/2023","M",58.52]
[104850,"EXECUÇÃO DE PERFURAÇÃO PARA TIRANTE, COMPRIMENTO MAIOR OU IGUAL A 22 M E MENOR QUE 30 M, COM DIÂMETRO DE FURO DE 100 MM EXECUTADO COM HASTE UTILIZANDO PERFURATRIZ MANUAL SOBRE BASE DE MONTAGEM. AF_11/2023","M",52.21]
[104851,"EXECUÇÃO DE PERFURAÇÃO PARA TIRANTE, COMPRIMENTO MAIOR OU IGUAL A 6 M E MENOR QUE 14 M, COM DIÂMETRO DE FURO DE 150 MM EXECUTADO COM HASTE UTILIZANDO PERFURATRIZ MANUAL SOBRE BASE DE MONTAGEM. AF_11/2023","M",75.16]
[104852,"EXECUÇÃO DE PERFURAÇÃO PARA TIRANTE, COMPRIMENTO MAIOR OU IGUAL A 14 M E MENOR QUE 22 M, COM DIÂMETRO DE FURO DE 150 MM EXECUTADO COM HASTE UTILIZANDO PERFURATRIZ MANUAL SOBRE BASE DE MONTAGEM. AF_11/2023","M",64.34]
[104853,"EXECUÇÃO DE PERFURAÇÃO PARA TIRANTE, COMPRIMENTO MAIOR OU IGUAL A 22 M E MENOR QUE 30 M, COM DIÂMETRO DE FURO DE 150 MM EXECUTADO COM HASTE UTILIZANDO PERFURATRIZ MANUAL SOBRE BASE DE MONTAGEM. AF_11/2023","M",57.1]
[104854,"EXECUÇÃO DE PERFURAÇÃO PARA TIRANTE, COMPRIMENTO MAIOR OU IGUAL A 14 M E MENOR QUE 22 M, COM DIÂMETRO DE FURO DE 200 MM EXECUTADO COM HASTE UTILIZANDO PERFURATRIZ MANUAL SOBRE BASE DE MONTAGEM. AF_11/2023","M",72.98]
[104855,"EXECUÇÃO DE PERFURAÇÃO PARA TIRANTE, COMPRIMENTO MAIOR OU IGUAL A 22 M E MENOR QUE 30 M, COM DIÂMETRO DE FURO DE 200 MM EXECUTADO COM HASTE UTILIZANDO PERFURATRIZ MANUAL SOBRE BASE DE MONTAGEM. AF_11/2023","M",64.28]
[104875,"PERFURAÇÃO DE PAREDE DIAFRAGMA COM COROA DIAMANTADA DE DIÂMETRO DE 102 MM. AF_11/2023","M",121.47]
[104876,"PERFURAÇÃO DE CORTINA PRÉ-MOLDADA COM MARTELETE ROMPEDOR. AF_11/2023","UN",22.38]
[104877,"EXECUÇÃO DE LONGARINA, PARA TIRANTES PROVISÓRIOS, COM PERFIL METÁLICO, INCLUINDO CUNHA E SOLIDARIZAÇÃO. AF_11/2023","UN",599.49]
[104878,"EXECUÇÃO DE LONGARINA, PARA TIRANTES PERMANENTES, COM PERFIL METÁLICO, INCLUINDO CUNHA E SOLIDARIZAÇÃO. AF_11/2023","UN",2148.6799999999998]
[104879,"EXECUÇÃO DE PERFURAÇÃO PARA TIRANTE, COMPRIMENTO MAIOR OU IGUAL A 22 M E MENOR QUE 30 M, COM DIÂMETRO DE FURO DE 150 MM EXECUTADO COM HASTE E TUBOS DE REVESTIMENTO UTILIZANDO PERFURATRIZ SOBRE ESTEIRA. AF_11/2023","M",79.81]
[104880,"EXECUÇÃO DE PERFURAÇÃO PARA TIRANTE, COMPRIMENTO MAIOR OU IGUAL A 6 M E MENOR QUE 14 M, COM DIÂMETRO DE FURO DE 200 MM EXECUTADO COM HASTE UTILIZANDO PERFURATRIZ MANUAL SOBRE BASE DE MONTAGEM. AF_11/2023","M",85.92]
[104886,"EXECUÇÃO DE PERFURAÇÃO PARA TIRANTE, COMPRIMENTO MAIOR OU IGUAL A 6 M E MENOR QUE 14 M, COM DIÂMETRO DE FURO DE 100 MM EXECUTADO COM HASTE UTILIZANDO PERFURATRIZ SOBRE ESTEIRA. AF_11/2023","M",51.59]
[104887,"EXECUÇÃO DE PERFURAÇÃO PARA TIRANTE, COMPRIMENTO MAIOR OU IGUAL A 14 M E MENOR QUE 22 M, COM DIÂMETRO DE FURO DE 100 MM EXECUTADO COM HASTE UTILIZANDO PERFURATRIZ SOBRE ESTEIRA. AF_11/2023","M",45.52]
[104888,"EXECUÇÃO DE PERFURAÇÃO PARA TIRANTE, COMPRIMENTO MAIOR OU IGUAL A 22 M E MENOR QUE 30 M, COM DIÂMETRO DE FURO DE 100 MM EXECUTADO COM HASTE UTILIZANDO PERFURATRIZ SOBRE ESTEIRA. AF_11/2023","M",41.42]
[104889,"EXECUÇÃO DE PERFURAÇÃO PARA TIRANTE, COMPRIMENTO MAIOR OU IGUAL A 6 M E MENOR QUE 14 M, COM DIÂMETRO DE FURO DE 200 MM EXECUTADO COM HASTE UTILIZANDO PERFURATRIZ SOBRE ESTEIRA. AF_11/2023","M",59.71]
[104890,"EXECUÇÃO DE PERFURAÇÃO PARA TIRANTE, COMPRIMENTO MAIOR OU IGUAL A 14 M E MENOR QUE 22 M, COM DIÂMETRO DE FURO DE 200 MM EXECUTADO COM HASTE UTILIZANDO PERFURATRIZ SOBRE ESTEIRA. AF_11/2023","M",52.07]
[104891,"EXECUÇÃO DE PERFURAÇÃO PARA TIRANTE, COMPRIMENTO MAIOR OU IGUAL A 22 M E MENOR QUE 30 M, COM DIÂMETRO DE FURO DE 200 MM EXECUTADO COM HASTE UTILIZANDO PERFURATRIZ SOBRE ESTEIRA. AF_11/2023","M",46.93]
[104892,"EXECUÇÃO DE PERFURAÇÃO PARA TIRANTE, COMPRIMENTO MAIOR OU IGUAL A 6 M E MENOR QUE 14 M, COM DIÂMETRO DE FURO DE 100 MM EXECUTADO COM HASTE E TUBOS DE REVESTIMENTO UTILIZANDO PERFURATRIZ SOBRE ESTEIRA. AF_11/2023","M",105.1]
[102989,"CANALETA MEIA CANA PRÉ-MOLDADA DE CONCRETO (D = 20 CM) - FORNECIMENTO E INSTALAÇÃO. AF_08/2021","M",49.99]
[102990,"CANALETA MEIA CANA PRÉ-MOLDADA DE CONCRETO (D = 30 CM) - FORNECIMENTO E INSTALAÇÃO. AF_08/2021","M",60.89]
[102991,"CANALETA MEIA CANA PRÉ-MOLDADA DE CONCRETO (D = 40 CM) - FORNECIMENTO E INSTALAÇÃO. AF_08/2021","M",79.099999999999994]
[102992,"CANALETA MEIA CANA PRÉ-MOLDADA DE CONCRETO (D = 50 CM) - FORNECIMENTO E INSTALAÇÃO. AF_08/2021","M",120]
[102993,"CANALETA MEIA CANA PRÉ-MOLDADA DE CONCRETO (D = 60 CM) - FORNECIMENTO E INSTALAÇÃO. AF_08/2021","M",155.93]
[102994,"CANALETA MEIA CANA PRÉ-MOLDADA DE CONCRETO (D = 80 CM) - FORNECIMENTO E INSTALAÇÃO. AF_08/2021","M",274.13]
[102995,"EXECUÇÃO DE CANALETA DE CONCRETO MOLDADO IN LOCO, ESPESSURA DE 0,07 M, GEOMETRIA TRAPEZOIDAL (DIMENSÕES INTERNAS: B=0,6 M; B=0,147 M; H=0,2 M). AF_08/2021","M",53.29]
[102996,"EXECUÇÃO DE CANALETA DE CONCRETO MOLDADO IN LOCO, ESPESSURA DE 0,07 M, GEOMETRIA TRAPEZOIDAL (DIMENSÕES INTERNAS: B=0,9 M; B=0,246 M; H=0,3 M). AF_08/2021","M",75.45]
[102997,"EXECUÇÃO DE CANALETA DE CONCRETO MOLDADO IN LOCO, ESPESSURA DE 0,08 M, GEOMETRIA TRAPEZOIDAL (DIMENSÕES INTERNAS: B=1M; B=0,5 M; H=0,25 M). AF_08/2021","M",101.26]
[102998,"EXECUÇÃO DE CANALETA DE CONCRETO MOLDADO IN LOCO, ESPESSURA DE 0,08 M, GEOMETRIA TRAPEZOIDAL (DIMENSÕES INTERNAS: B=1,074 M; B=0,534 M; H=0,27 M). AF_08/2021","M",96.52]
[102999,"EXECUÇÃO DE CANALETA DE CONCRETO MOLDADO IN LOCO, ESPESSURA DE 0,08 M, GEOMETRIA TRAPEZOIDAL (DIMENSÕES INTERNAS: B=1,4 M; B=0,7 M; H=0,35 M). AF_08/2021","M",122.2]
[103000,"EXECUÇÃO DE CANALETA DE CONCRETO MOLDADO IN LOCO, ESPESSURA DE 0,08 M, GEOMETRIA TRAPEZOIDAL (DIMENSÕES INTERNAS: B=1,474 M; B=0,934 M; H=0,27 M). AF_08/2021","M",122.7]
[103001,"GRELHA DE FERRO FUNDIDO SIMPLES COM REQUADRO, 150 X 1000 MM, ASSENTADA COM ARGAMASSA 1 : 3 CIMENTO: AREIA - FORNECIMENTO E INSTALAÇÃO. AF_08/2021","UN",183.52]
[103002,"GRELHA DE FERRO FUNDIDO SIMPLES COM REQUADRO, 200 X 1000 MM, ASSENTADA COM ARGAMASSA 1 : 3 CIMENTO: AREIA - FORNECIMENTO E INSTALAÇÃO. AF_08/2021","UN",227.84]
[103003,"GRELHA DE FERRO FUNDIDO SIMPLES COM REQUADRO, 300 X 1000 MM, ASSENTADA COM ARGAMASSA 1 : 3 CIMENTO: AREIA - FORNECIMENTO E INSTALAÇÃO. AF_08/2021","UN",316.52999999999997]
[103005,"CAIXA COM GRELHA RETANGULAR DE FERRO FUNDIDO, EM ALVENARIA COM TIJOLOS CERÂMICOS MACIÇOS, DIMENSÕES INTERNAS: 0,15 X 1,00 X 0,3 M. AF_08/2021","UN",518.16]
[103006,"CAIXA COM GRELHA RETANGULAR DE FERRO FUNDIDO, EM ALVENARIA COM TIJOLOS CERÂMICOS MACIÇOS, DIMENSÕES INTERNAS: 0,20 X 1,00 X 0,4 M. AF_08/2021","UN",719.21]
[103007,"CAIXA COM GRELHA RETANGULAR DE FERRO FUNDIDO, EM ALVENARIA COM TIJOLOS CERÂMICOS MACIÇOS, DIMENSÕES INTERNAS: 0,30 X 1,00 X 0,5 M. AF_08/2021","UN",945.34]
[97933,"CAIXA COM GRELHA SIMPLES RETANGULAR, EM CONCRETO PRÉ-MOLDADO, DIMENSÕES INTERNAS: 0,6X1,0X1,0 M. AF_12/2020","UN",1020.71]
[97934,"CAIXA COM GRELHA DUPLA RETANGULAR, EM CONCRETO PRÉ-MOLDADO, DIMENSÕES INTERNAS: 0,5X2,2X1,0 M. AF_12/2020","UN",2240.2199999999998]
[97935,"CAIXA PARA BOCA DE LOBO SIMPLES RETANGULAR, EM CONCRETO PRÉ-MOLDADO, DIMENSÕES INTERNAS: 0,6X1,0X1,2 M. AF_12/2020","UN",853.31]
[97936,"CAIXA PARA BOCA DE LOBO DUPLA RETANGULAR, EM CONCRETO PRÉ-MOLDADO, DIMENSÕES INTERNAS: 0,6X2,2X1,2 M. AF_12/2020","UN",1934.97]
[97947,"CAIXA COM GRELHA SIMPLES RETANGULAR, EM ALVENARIA COM TIJOLOS CERÂMICOS MACIÇOS, DIMENSÕES INTERNAS: 0,5X1X1 M. AF_12/2020","UN",1672.6]
[97948,"CAIXA COM GRELHA DUPLA RETANGULAR, EM ALVENARIA COM TIJOLOS CERÂMICOS MACIÇOS, DIMENSÕES INTERNAS: 0,5X2,2X1 M. AF_12/2020","UN",3086.57]
[97949,"CAIXA PARA BOCA DE LOBO SIMPLES RETANGULAR, EM ALVENARIA COM TIJOLOS CERÂMICOS MACIÇOS, DIMENSÕES INTERNAS: 0,6X1X1,2 M. AF_12/2020","UN",1694.07]
[97950,"CAIXA PARA BOCA DE LOBO DUPLA RETANGULAR, EM ALVENARIA COM TIJOLOS CERÂMICOS MACIÇOS, DIMENSÕES INTERNAS: 0,6X2,2X1,2 M. AF_12/2020","UN",2990.44]
[97951,"CAIXA PARA BOCA DE LOBO COMBINADA COM GRELHA RETANGULAR, EM ALVENARIA COM TIJOLOS CERÂMICOS MACIÇOS, DIMENSÕES INTERNAS: 1,3X1X1,2 M. AF_12/2020","UN",2715.63]
[97952,"CAIXA PARA BOCA DE LOBO DUPLA COMBINADA COM GRELHA RETANGULAR, EM ALVENARIA COM TIJOLOS CERÂMICOS MACIÇOS, DIMENSÕES INTERNAS: 1,3X2,2X1,2 M. AF_12/2020","UN",4714.38]
[97953,"CAIXA COM GRELHA SIMPLES RETANGULAR, EM ALVENARIA COM BLOCOS DE CONCRETO, DIMENSÕES INTERNAS: 0,5X1X1 M. AF_12/2020","UN",1339.72]
[97955,"CAIXA COM GRELHA DUPLA RETANGULAR, EM ALVENARIA COM BLOCOS DE CONCRETO, DIMENSÕES INTERNAS: 0,5X2,2X1 M. AF_12/2020","UN",2911.98]
[97956,"CAIXA PARA BOCA DE LOBO SIMPLES RETANGULAR, EM ALVENARIA COM BLOCOS DE CONCRETO, DIMENSÕES INTERNAS: 0,6X1X1,2 M. AF_12/2020","UN",1474.57]
[97957,"CAIXA PARA BOCA DE LOBO DUPLA RETANGULAR, EM ALVENARIA COM BLOCOS DE CONCRETO, DIMENSÕES INTERNAS: 0,6X2,2X1,2 M. AF_12/2020","UN",2628.46]
[97961,"CAIXA PARA BOCA DE LOBO COMBINADA COM GRELHA RETANGULAR, EM ALVENARIA COM BLOCOS DE CONCRETO, DIMENSÕES INTERNAS: 1,3X1X1,2 M. AF_12/2020","UN",2368.94]
[97973,"CAIXA PARA BOCA DE LOBO DUPLA COMBINADA COM GRELHA RETANGULAR, EM ALVENARIA COM BLOCOS DE CONCRETO, DIMENSÕES INTERNAS: 1,3X2,2X1,2 M. AF_12/2020","UN",4425.75]
[97974,"POÇO DE INSPEÇÃO CIRCULAR PARA ESGOTO, EM CONCRETO PRÉ-MOLDADO, DIÂMETRO INTERNO = 0,60 M, PROFUNDIDADE = 0,90 M, EXCLUINDO TAMPÃO. AF_12/2020_PA","UN",463.5]
[97975,"POÇO DE INSPEÇÃO CIRCULAR PARA ESGOTO, EM CONCRETO PRÉ-MOLDADO, DIÂMETRO INTERNO = 0,60 M, PROFUNDIDADE = 1,40 M, EXCLUINDO TAMPÃO. AF_12/2020_PA","UN",603.36]
[97976,"POÇO DE INSPEÇÃO CIRCULAR PARA ESGOTO, EM ALVENARIA COM TIJOLOS CERÂMICOS MACIÇOS, DIÂMETRO INTERNO = 0,60 M, PROFUNDIDADE = 0,95 M, EXCLUINDO TAMPÃO. AF_12/2020_PA","UN",1077.24]
[97977,"POÇO DE INSPEÇÃO CIRCULAR PARA ESGOTO, EM ALVENARIA COM TIJOLOS CERÂMICOS MACIÇOS, DIÂMETRO INTERNO = 0,60 M, PROFUNDIDADE = 1,45 M, EXCLUINDO TAMPÃO. AF_12/2020_PA","UN",1528.4]
[97978,"BASE PARA POÇO DE VISITA CIRCULAR PARA ESGOTO, EM CONCRETO PRÉ-MOLDADO, DIÂMETRO INTERNO = 0,80 M, PROFUNDIDADE = 1,35 M, EXCLUINDO TAMPÃO. AF_12/2020_PA","UN",926.84]
[97980,"BASE PARA POÇO DE VISITA CIRCULAR PARA  ESGOTO, EM ALVENARIA COM TIJOLOS CERÂMICOS MACIÇOS, DIÂMETRO INTERNO = 0,80 M, PROFUNDIDADE = 1,40 M, EXCLUINDO TAMPÃO. AF_12/2020_PA","UN",1972.79]
[97981,"ACRÉSCIMO PARA POÇO DE VISITA CIRCULAR PARA ESGOTO, EM ALVENARIA COM TIJOLOS CERÂMICOS MACIÇOS, DIÂMETRO INTERNO = 0,8 M. AF_12/2020","M",1108.82]
[97983,"ACRÉSCIMO PARA POÇO DE VISITA CIRCULAR PARA ESGOTO, EM CONCRETO PRÉ-MOLDADO, DIÂMETRO INTERNO = 1 M. AF_12/2020","M",492.74]
[97985,"ACRÉSCIMO PARA POÇO DE VISITA CIRCULAR PARA  ESGOTO, EM ALVENARIA COM TIJOLOS CERÂMICOS MACIÇOS, DIÂMETRO INTERNO = 1 M. AF_12/2020","M",1332.55]
[97987,"ACRÉSCIMO PARA POÇO DE VISITA CIRCULAR PARA ESGOTO, EM CONCRETO PRÉ-MOLDADO, DIÂMETRO INTERNO = 1,2 M. AF_12/2020","M",654.86]
[97988,"BASE PARA POÇO DE VISITA CIRCULAR PARA  ESGOTO, EM ALVENARIA COM TIJOLOS CERÂMICOS MACIÇOS, DIÂMETRO INTERNO = 1,20 M, PROFUNDIDADE = 1,40 M, EXCLUINDO TAMPÃO. AF_12/2020_PA","UN",2892.15]
[97989,"ACRÉSCIMO PARA POÇO DE VISITA CIRCULAR PARA ESGOTO, EM ALVENARIA COM TIJOLOS CERÂMICOS MACIÇOS, DIÂMETRO INTERNO = 1,2 M. AF_12/2020","M",1556.21]
[97991,"ACRÉSCIMO PARA POÇO DE VISITA CIRCULAR PARA  ESGOTO, EM CONCRETO PRÉ-MOLDADO, DIÂMETRO INTERNO = 1,5 M. AF_12/2020","M",897.15]
[97992,"BASE PARA POÇO DE VISITA CIRCULAR PARA ESGOTO, EM ALVENARIA COM TIJOLOS CERÂMICOS MACIÇOS, DIÂMETRO INTERNO = 1,50 M, PROFUNDIDADE = 1,40 M, EXCLUINDO TAMPÃO. AF_12/2020_PA","UN",3707.29]
[97993,"ACRÉSCIMO PARA POÇO DE VISITA CIRCULAR PARA  ESGOTO, EM ALVENARIA COM TIJOLOS CERÂMICOS MACIÇOS, DIÂMETRO INTERNO = 1,5 M. AF_12/2020","M",1891.85]
[97994,"BASE PARA POÇO DE VISITA RETANGULAR PARA  ESGOTO, EM ALVENARIA COM BLOCOS DE CONCRETO, DIMENSÕES INTERNAS = 1X1 M, PROFUNDIDADE = 1,40 M, EXCLUINDO TAMPÃO. AF_12/2020_PA","UN",2559.73]
[97995,"ACRÉSCIMO PARA POÇO DE VISITA RETANGULAR PARA ESGOTO, EM ALVENARIA COM BLOCOS DE CONCRETO, DIMENSÕES INTERNAS = 1X1 M. AF_12/2020","M",1286.82]
[97996,"BASE PARA POÇO DE VISITA RETANGULAR PARA ESGOTO, EM ALVENARIA COM BLOCOS DE CONCRETO, DIMENSÕES INTERNAS = 1X1,5 M, PROFUNDIDADE = 1,40 M, EXCLUINDO TAMPÃO. AF_12/2020_PA","UN",3241.02]
[97997,"ACRÉSCIMO PARA POÇO DE VISITA RETANGULAR PARA ESGOTO, EM ALVENARIA COM BLOCOS DE CONCRETO, DIMENSÕES INTERNAS = 1X1,5 M. AF_12/2020","M",1537.89]
[97999,"ACRÉSCIMO PARA POÇO DE VISITA RETANGULAR PARA ESGOTO, EM ALVENARIA COM BLOCOS DE CONCRETO, DIMENSÕES INTERNAS = 1X2 M. AF_12/2020","M",1789.02]
[98001,"ACRÉSCIMO PARA POÇO DE VISITA RETANGULAR PARA ESGOTO, EM ALVENARIA COM BLOCOS DE CONCRETO, DIMENSÕES INTERNAS = 1X2,5 M. AF_12/2020","M",2040.08]
[98002,"BASE PARA POÇO DE VISITA RETANGULAR PARA ESGOTO, EM ALVENARIA COM BLOCOS DE CONCRETO, DIMENSÕES INTERNAS = 1X3 M, PROFUNDIDADE = 1,40 M, EXCLUINDO TAMPÃO. AF_12/2020_PA","UN",5315.9]
[98003,"ACRÉSCIMO PARA POÇO DE VISITA RETANGULAR PARA ESGOTO, EM ALVENARIA COM BLOCOS DE CONCRETO, DIMENSÕES INTERNAS = 1X3 M. AF_12/2020","M",2291.1999999999998]
[98005,"ACRÉSCIMO PARA POÇO DE VISITA RETANGULAR PARA ESGOTO, EM ALVENARIA COM BLOCOS DE CONCRETO, DIMENSÕES INTERNAS = 1X3,5 M. AF_12/2020","M",2542.34]
[98006,"BASE PARA POÇO DE VISITA RETANGULAR PARA ESGOTO, EM ALVENARIA COM BLOCOS DE CONCRETO, DIMENSÕES INTERNAS = 1X4 M, PROFUNDIDADE = 1,40 M, EXCLUINDO TAMPÃO. AF_12/2020_PA","UN",6686.26]
[98007,"ACRÉSCIMO PARA POÇO DE VISITA RETANGULAR PARA ESGOTO, EM ALVENARIA COM BLOCOS DE CONCRETO, DIMENSÕES INTERNAS = 1X4 M. AF_12/2020","M",2793.41]
[98008,"BASE PARA POÇO DE VISITA RETANGULAR PARA ESGOTO, EM ALVENARIA COM BLOCOS DE CONCRETO, DIMENSÕES INTERNAS = 1,5X1,5 M, PROFUNDIDADE = 1,45 M, EXCLUINDO TAMPÃO . AF_12/2020_PA","UN",4022.12]
[98009,"ACRÉSCIMO PARA POÇO DE VISITA RETANGULAR PARA ESGOTO, EM ALVENARIA COM BLOCOS DE CONCRETO, DIMENSÕES INTERNAS = 1,5X1,5 M. AF_12/2020","M",1789.02]
[98010,"BASE PARA POÇO DE VISITA RETANGULAR PARA ESGOTO, EM ALVENARIA COM BLOCOS DE CONCRETO, DIMENSÕES INTERNAS = 1,5X2 M, PROFUNDIDADE = 1,40 M, EXCLUINDO TAMPÃO. AF_12/2020_PA","UN",4910.22]
[98011,"ACRÉSCIMO PARA POÇO DE VISITA RETANGULAR PARA ESGOTO, EM ALVENARIA COM BLOCOS DE CONCRETO, DIMENSÕES INTERNAS = 1,5X2 M. AF_12/2020","M",2040.08]
[98012,"BASE PARA POÇO DE VISITA RETANGULAR PARA ESGOTO, EM ALVENARIA COM BLOCOS DE CONCRETO, DIMENSÕES INTERNAS = 1,5X2,5 M, PROFUNDIDADE = 1,40 M, EXCLUINDO TAMPÃO. AF_12/2020_PA","UN",5773.55]
[98013,"ACRÉSCIMO PARA POÇO DE VISITA RETANGULAR PARA ESGOTO, EM ALVENARIA COM BLOCOS DE CONCRETO, DIMENSÕES INTERNAS = 1,5X2,5 M. AF_12/2020","M",2291.1999999999998]
[98014,"BASE PARA POÇO DE VISITA RETANGULAR PARA ESGOTO, EM ALVENARIA COM BLOCOS DE CONCRETO, DIMENSÕES INTERNAS = 1,5X3 M, PROFUNDIDADE = 1,40 M, EXCLUINDO TAMPÃO. AF_12/2020_PA","UN",6636.82]
[98015,"ACRÉSCIMO PARA POÇO DE VISITA RETANGULAR PARA ESGOTO, EM ALVENARIA COM BLOCOS DE CONCRETO, DIMENSÕES INTERNAS = 1,5X3 M. AF_12/2020","M",2542.34]
[98016,"BASE PARA POÇO DE VISITA RETANGULAR PARA ESGOTO, EM ALVENARIA COM BLOCOS DE CONCRETO, DIMENSÕES INTERNAS = 1,5X3,5 M, PROFUNDIDADE = 1,40 M, EXCLUINDO TAMPÃO. AF_12/2020_PA","UN",7500.22]
[98017,"ACRÉSCIMO PARA POÇO DE VISITA RETANGULAR PARA ESGOTO, EM ALVENARIA COM BLOCOS DE CONCRETO, DIMENSÕES INTERNAS = 1,5X3,5 M. AF_12/2020","M",2793.41]
[98018,"BASE PARA POÇO DE VISITA RETANGULAR PARA ESGOTO, EM ALVENARIA COM BLOCOS DE CONCRETO, DIMENSÕES INTERNAS = 1,5X4 M, PROFUNDIDADE = 1,40 M, EXCLUINDO TAMPÃO. AF_12/2020_PA","UN",8363.5]
[98019,"ACRÉSCIMO PARA POÇO DE VISITA RETANGULAR PARA ESGOTO, EM ALVENARIA COM BLOCOS DE CONCRETO, DIMENSÕES INTERNAS = 1,5X4 M. AF_12/2020","M",3067.59]
[98020,"BASE PARA POÇO DE VISITA RETANGULAR PARA ESGOTO, EM ALVENARIA COM BLOCOS DE CONCRETO, DIMENSÕES INTERNAS = 2X2 M, PROFUNDIDADE = 1,40 M, EXCLUINDO TAMPÃO. AF_12/2020_PA","UN",5944.32]
[98021,"ACRÉSCIMO PARA POÇO DE VISITA RETANGULAR PARA ESGOTO, EM ALVENARIA COM BLOCOS DE CONCRETO, DIMENSÕES INTERNAS = 2X2 M. AF_12/2020","M",2314.31]
[98022,"BASE PARA POÇO DE VISITA RETANGULAR PARA ESGOTO, EM ALVENARIA COM BLOCOS DE CONCRETO, DIMENSÕES INTERNAS = 2X2,5 M, PROFUNDIDADE = 1,40 M, EXCLUINDO TAMPÃO. AF_12/2020_PA","UN",6973.22]
[98023,"ACRÉSCIMO PARA POÇO DE VISITA RETANGULAR PARA ESGOTO, EM ALVENARIA COM BLOCOS DE CONCRETO, DIMENSÕES INTERNAS = 2X2,5 M. AF_12/2020","M",2565.39]
[98024,"BASE PARA POÇO DE VISITA RETANGULAR PARA ESGOTO, EM ALVENARIA COM BLOCOS DE CONCRETO, DIMENSÕES INTERNAS = 2X3 M, PROFUNDIDADE = 1,40 M, EXCLUINDO TAMPÃO. AF_12/2020_PA","UN",8056.98]
[98025,"ACRÉSCIMO PARA POÇO DE VISITA RETANGULAR PARA ESGOTO, EM ALVENARIA COM BLOCOS DE CONCRETO, DIMENSÕES INTERNAS = 2X3 M. AF_12/2020","M",2816.54]
[98026,"BASE PARA POÇO DE VISITA RETANGULAR PARA ESGOTO, EM ALVENARIA COM BLOCOS DE CONCRETO, DIMENSÕES INTERNAS = 2X3,5 M, PROFUNDIDADE = 1,40 M, EXCLUINDO TAMPÃO. AF_12/2020_PA","UN",9092.7800000000007]
[98027,"ACRÉSCIMO PARA POÇO DE VISITA RETANGULAR PARA ESGOTO, EM ALVENARIA COM BLOCOS DE CONCRETO, DIMENSÕES INTERNAS = 2X3,5 M. AF_12/2020","M",3067.59]
[98028,"BASE PARA POÇO DE VISITA RETANGULAR PARA ESGOTO, EM ALVENARIA COM BLOCOS DE CONCRETO, DIMENSÕES INTERNAS = 2X4 M, PROFUNDIDADE = 1,40 M, EXCLUINDO TAMPÃO. AF_12/2020_PA","UN",10128.629999999999]
[98029,"ACRÉSCIMO PARA POÇO DE VISITA RETANGULAR PARA ESGOTO, EM ALVENARIA COM BLOCOS DE CONCRETO, DIMENSÕES INTERNAS = 2X4 M. AF_12/2020","M",3323.44]
[98030,"BASE PARA POÇO DE VISITA RETANGULAR PARA ESGOTO, EM ALVENARIA COM BLOCOS DE CONCRETO, DIMENSÕES INTERNAS = 2,5X2,5 M, PROFUNDIDADE = 1,40 M, EXCLUINDO TAMPÃO. AF_12/2020_PA","UN",8267.91]
[98031,"ACRÉSCIMO PARA POÇO DE VISITA RETANGULAR PARA ESGOTO, EM ALVENARIA COM BLOCOS DE CONCRETO, DIMENSÕES INTERNAS = 2,5X2,5 M. AF_12/2020","M",2821.35]
[98032,"BASE PARA POÇO DE VISITA RETANGULAR PARA ESGOTO, EM ALVENARIA COM BLOCOS DE CONCRETO, DIMENSÕES INTERNAS = 2,5X3 M, PROFUNDIDADE = 1,40 M, EXCLUINDO TAMPÃO. AF_12/2020_PA","UN",9522.1299999999992]
[98033,"ACRÉSCIMO PARA POÇO DE VISITA RETANGULAR PARA ESGOTO, EM ALVENARIA COM BLOCOS DE CONCRETO, DIMENSÕES INTERNAS = 2,5X3 M. AF_12/2020","M",3072.41]
[98034,"BASE PARA POÇO DE VISITA RETANGULAR PARA ESGOTO, EM ALVENARIA COM BLOCOS DE CONCRETO, DIMENSÕES INTERNAS = 2,5X3,5 M, PROFUNDIDADE = 1,40 M, EXCLUINDO TAMPÃO. AF_12/2020_PA","UN",10776.36]
[98035,"ACRÉSCIMO PARA POÇO DE VISITA RETANGULAR PARA ESGOTO, EM ALVENARIA COM BLOCOS DE CONCRETO, DIMENSÕES INTERNAS = 2,5X3,5 M. AF_12/2020","M",3323.44]
[98036,"BASE PARA POÇO DE VISITA RETANGULAR PARA ESGOTO, EM ALVENARIA COM BLOCOS DE CONCRETO, DIMENSÕES INTERNAS = 2,5X4 M, PROFUNDIDADE = 1,40 M, EXCLUINDO TAMPÃO. AF_12/2020_PA","UN",12030.58]
[98037,"ACRÉSCIMO PARA POÇO DE VISITA RETANGULAR PARA ESGOTO, EM ALVENARIA COM BLOCOS DE CONCRETO, DIMENSÕES INTERNAS = 2,5X4 M. AF_12/2020","M",3579.33]
[98038,"BASE PARA POÇO DE VISITA RETANGULAR PARA ESGOTO, EM ALVENARIA COM BLOCOS DE CONCRETO, DIMENSÕES INTERNAS = 3X3 M, PROFUNDIDADE = 1,40 M, EXCLUINDO TAMPÃO. AF_12/2020_PA","UN",11012.5]
[98039,"ACRÉSCIMO PARA POÇO DE VISITA RETANGULAR PARA ESGOTO, EM ALVENARIA COM BLOCOS DE CONCRETO, DIMENSÕES INTERNAS = 3X3 M. AF_12/2020","M",3328.26]
[98040,"BASE PARA POÇO DE VISITA RETANGULAR PARA ESGOTO, EM ALVENARIA COM BLOCOS DE CONCRETO, DIMENSÕES INTERNAS = 3X3,5 M, PROFUNDIDADE = 1,40 M, EXCLUINDO TAMPÃO. AF_12/2020_PA","UN",12456.61]
[98041,"ACRÉSCIMO PARA POÇO DE VISITA RETANGULAR PARA ESGOTO, EM ALVENARIA COM BLOCOS DE CONCRETO, DIMENSÕES INTERNAS = 3X3,5 M. AF_12/2020","M",3579.33]
[98042,"BASE PARA POÇO DE VISITA RETANGULAR PARA ESGOTO, EM ALVENARIA COM BLOCOS DE CONCRETO, DIMENSÕES INTERNAS = 3X4 M, PROFUNDIDADE = 1,40 M, EXCLUINDO TAMPÃO. AF_12/2020_PA","UN",13900.76]
[98043,"ACRÉSCIMO PARA POÇO DE VISITA RETANGULAR PARA ESGOTO, EM ALVENARIA COM BLOCOS DE CONCRETO, DIMENSÕES INTERNAS = 3X4 M. AF_12/2020","M",3835.27]
[98044,"BASE PARA POÇO DE VISITA RETANGULAR PARA ESGOTO, EM ALVENARIA COM BLOCOS DE CONCRETO, DIMENSÕES INTERNAS = 3,5X3,5 M, PROFUNDIDADE = 1,40 M, EXCLUINDO TAMPÃO. AF_12/2020_PA","UN",14136.96]
[98045,"ACRÉSCIMO PARA POÇO DE VISITA RETANGULAR PARA ESGOTO, EM ALVENARIA COM BLOCOS DE CONCRETO, DIMENSÕES INTERNAS = 3,5X3,5 M. AF_12/2020","M",3835.27]
[98046,"BASE PARA POÇO DE VISITA RETANGULAR PARA ESGOTO, EM ALVENARIA COM BLOCOS DE CONCRETO, DIMENSÕES INTERNAS = 3,5X4 M, PROFUNDIDADE = 1,40 M, EXCLUINDO TAMPÃO. AF_12/2020_PA","UN",15770.79]
[98047,"ACRÉSCIMO PARA POÇO DE VISITA RETANGULAR PARA ESGOTO, EM ALVENARIA COM BLOCOS DE CONCRETO, DIMENSÕES INTERNAS = 3,5X4 M. AF_12/2020","M",4091.16]
[98048,"BASE PARA POÇO DE VISITA RETANGULAR PARA ESGOTO, EM ALVENARIA COM BLOCOS DE CONCRETO, DIMENSÕES INTERNAS = 4X4 M, PROFUNDIDADE = 1,45 M, EXCLUINDO TAMPÃO. AF_12/2020_PA","UN",17640.939999999999]
[98049,"ACRÉSCIMO PARA POÇO DE VISITA RETANGULAR PARA ESGOTO, EM ALVENARIA COM BLOCOS DE CONCRETO, DIMENSÕES INTERNAS = 4X4 M. AF_12/2020","M",4299.97]
[98050,"CHAMINÉ CIRCULAR PARA POÇO DE VISITA PARA ESGOTO, EM CONCRETO PRÉ-MOLDADO, DIÂMETRO INTERNO = 0,6 M. AF_12/2020","M",272.11]
[98051,"CHAMINÉ CIRCULAR PARA POÇO DE VISITA PARA ESGOTO, EM ALVENARIA COM TIJOLOS CERÂMICOS MACIÇOS, DIÂMETRO INTERNO = 0,6 M. AF_12/2020","M",890.83]
[98405,"BASE PARA POÇO DE VISITA CIRCULAR PARA  ESGOTO, EM ALVENARIA COM TIJOLOS CERÂMICOS MACIÇOS, DIÂMETRO INTERNO = 1,0 M, PROFUNDIDADE = 1,40 M, EXCLUINDO TAMPÃO. AF_12/2020_PA","UN",2431.29]
[98406,"BASE PARA POÇO DE VISITA RETANGULAR PARA ESGOTO, EM ALVENARIA COM BLOCOS DE CONCRETO, DIMENSÕES INTERNAS = 1X3,5 M, PROFUNDIDADE = 1,40 M, EXCLUINDO TAMPÃO. AF_12/2020_PA","UN",6001.04]
[98407,"BASE PARA POÇO DE VISITA RETANGULAR PARA ESGOTO, EM ALVENARIA COM BLOCOS DE CONCRETO, DIMENSÕES INTERNAS = 1X2 M, PROFUNDIDADE = 1,40 M, EXCLUINDO TAMPÃO. AF_12/2020_PA","UN",3922.16]
[98408,"BASE PARA POÇO DE VISITA RETANGULAR PARA ESGOTO, EM ALVENARIA COM BLOCOS DE CONCRETO, DIMENSÕES INTERNAS = 1X2,5 M, PROFUNDIDADE = 1,40 M, EXCLUINDO TAMPÃO. AF_12/2020_PA","UN",4603.4399999999996]
[98409,"ACRÉSCIMO PARA POÇO DE VISITA CIRCULAR PARA ESGOTO, EM CONCRETO PRÉ-MOLDADO, DIÂMETRO INTERNO = 0,8 M. AF_12/2020","M",373.72]
[98410,"BASE PARA POÇO DE VISITA CIRCULAR PARA ESGOTO, EM CONCRETO PRÉ-MOLDADO, DIÂMETRO INTERNO = 1,0 M, PROFUNDIDADE = 1,35 M, EXCLUINDO TAMPÃO. AF_12/2020_PA","UN",1188.6400000000001]
[99240,"ACRÉSCIMO PARA POÇO DE VISITA CIRCULAR PARA DRENAGEM, EM CONCRETO PRÉ-MOLDADO, DIÂMETRO INTERNO = 1,2 M. AF_12/2020","M",651.79]
[99241,"ACRÉSCIMO PARA POÇO DE VISITA RETANGULAR PARA DRENAGEM, EM ALVENARIA COM BLOCOS DE CONCRETO, DIMENSÕES INTERNAS = 1,5X1,5 M. AF_12/2020","M",1724.52]
[99242,"BASE PARA POÇO DE VISITA CIRCULAR PARA DRENAGEM, EM ALVENARIA COM TIJOLOS CERÂMICOS MACIÇOS, DIÂMETRO INTERNO = 1,2 M, PROFUNDIDADE = 1,40 M, EXCLUINDO TAMPÃO. AF_12/2020_PA","UN",2804.45]
[99243,"ACRÉSCIMO PARA POÇO DE VISITA CIRCULAR PARA DRENAGEM, EM ALVENARIA COM TIJOLOS CERÂMICOS MACIÇOS, DIÂMETRO INTERNO = 1,2 M. AF_12/2020","M",1473.16]
[99244,"BASE PARA POÇO DE VISITA RETANGULAR PARA DRENAGEM, EM ALVENARIA COM BLOCOS DE CONCRETO, DIMENSÕES INTERNAS = 1,5X2 M, PROFUNDIDADE = 1,40 M, EXCLUINDO TAMPÃO. AF_12/2020_PA","UN",4804.8500000000004]
[99246,"ACRÉSCIMO PARA POÇO DE VISITA CIRCULAR PARA DRENAGEM, EM CONCRETO PRÉ-MOLDADO, DIÂMETRO INTERNO = 1,5 M. AF_12/2020","M",892.95]
[99247,"ACRÉSCIMO PARA POÇO DE VISITA RETANGULAR PARA DRENAGEM, EM ALVENARIA COM BLOCOS DE CONCRETO, DIMENSÕES INTERNAS = 1,5X2 M. AF_12/2020","M",1966.1]
[99248,"BASE PARA POÇO DE VISITA CIRCULAR PARA DRENAGEM, EM ALVENARIA COM TIJOLOS CERÂMICOS MACIÇOS, DIÂMETRO INTERNO = 1,50 M, PROFUNDIDADE = 1,40 M, EXCLUINDO TAMPÃO. AF_12/2020_PA","UN",3601.45]
[99249,"ACRÉSCIMO PARA POÇO DE VISITA CIRCULAR PARA DRENAGEM, EM ALVENARIA COM TIJOLOS CERÂMICOS MACIÇOS, DIÂMETRO INTERNO = 1,5 M. AF_12/2020","M",1795.87]
[99252,"BASE PARA POÇO DE VISITA RETANGULAR PARA DRENAGEM, EM ALVENARIA COM BLOCOS DE CONCRETO, DIMENSÕES INTERNAS = 1X1 M, PROFUNDIDADE = 1,40 M, EXCLUINDO TAMPÃO. AF_12/2020_PA","UN",2504.8000000000002]
[99254,"ACRÉSCIMO PARA POÇO DE VISITA RETANGULAR PARA DRENAGEM, EM ALVENARIA COM BLOCOS DE CONCRETO, DIMENSÕES INTERNAS = 1X1 M. AF_12/2020","M",1241.3]
[99256,"BASE PARA POÇO DE VISITA RETANGULAR PARA DRENAGEM, EM ALVENARIA COM BLOCOS DE CONCRETO, DIMENSÕES INTERNAS = 1,5X2,5 M, PROFUNDIDADE = 1,40 M, EXCLUINDO TAMPÃO. AF_12/2020_PA","UN",5649.19]
[99259,"BASE PARA POÇO DE VISITA RETANGULAR PARA DRENAGEM, EM ALVENARIA COM BLOCOS DE CONCRETO, DIMENSÕES INTERNAS = 1X1,5 M, PROFUNDIDADE = 1,40 M, EXCLUINDO TAMPÃO. AF_12/2020_PA","UN",3170.93]
[99261,"ACRÉSCIMO PARA POÇO DE VISITA RETANGULAR PARA DRENAGEM, EM ALVENARIA COM BLOCOS DE CONCRETO, DIMENSÕES INTERNAS = 1X1,5 M. AF_12/2020","M",1482.89]
[99263,"ACRÉSCIMO PARA POÇO DE VISITA RETANGULAR PARA DRENAGEM, EM ALVENARIA COM BLOCOS DE CONCRETO, DIMENSÕES INTERNAS = 1,5X2,5 M. AF_12/2020","M",2207.73]
[99265,"BASE PARA POÇO DE VISITA RETANGULAR PARA DRENAGEM, EM ALVENARIA COM BLOCOS DE CONCRETO, DIMENSÕES INTERNAS = 1X2 M, PROFUNDIDADE = 1,40 M, EXCLUINDO TAMPÃO. AF_12/2020_PA","UN",3836.93]
[99266,"ACRÉSCIMO PARA POÇO DE VISITA RETANGULAR PARA DRENAGEM, EM ALVENARIA COM BLOCOS DE CONCRETO, DIMENSÕES INTERNAS = 1X2 M. AF_12/2020","M",1724.52]
[99267,"BASE PARA POÇO DE VISITA RETANGULAR PARA DRENAGEM, EM ALVENARIA COM BLOCOS DE CONCRETO, DIMENSÕES INTERNAS = 1X2,5 M, PROFUNDIDADE = 1,40 M, EXCLUINDO TAMPÃO. AF_12/2020_PA","UN",4503.04]
[99268,"POÇO DE INSPEÇÃO CIRCULAR PARA DRENAGEM, EM CONCRETO PRÉ-MOLDADO, DIÂMETRO INTERNO = 0,60 M, PROFUNDIDADE = 0,90 M, EXCLUINDO TAMPÃO. AF_12/2020_PA","UN",459.58]
[99269,"ACRÉSCIMO PARA POÇO DE VISITA RETANGULAR PARA DRENAGEM, EM ALVENARIA COM BLOCOS DE CONCRETO, DIMENSÕES INTERNAS = 1X2,5 M. AF_12/2020","M",1966.1]
[99270,"POÇO DE INSPEÇÃO CIRCULAR PARA DRENAGEM, EM CONCRETO PRÉ-MOLDADO, DIÂMETRO INTERNO = 0,60 M, PROFUNDIDADE = 1,40 M, EXCLUINDO TAMPÃO. AF_12/2020_PA","UN",598.77]
[99271,"BASE PARA POÇO DE VISITA RETANGULAR PARA DRENAGEM, EM ALVENARIA COM BLOCOS DE CONCRETO, DIMENSÕES INTERNAS = 1,5X3 M, PROFUNDIDADE = 1,40 M, EXCLUINDO TAMPÃO. AF_12/2020_PA","UN",6493.46]
[99272,"POÇO DE INSPEÇÃO CIRCULAR PARA DRENAGEM, EM ALVENARIA COM TIJOLOS CERÂMICOS MACIÇOS, DIÂMETRO INTERNO = 0,60 M, PROFUNDIDADE = 0,95 M, EXCLUINDO TAMPÃO. AF_12/2020_PA","UN",1037.77]
[99273,"POÇO DE INSPEÇÃO CIRCULAR PARA DRENAGEM, EM ALVENARIA COM TIJOLOS CERÂMICOS MACIÇOS, DIÂMETRO INTERNO = 0,60 M, PROFUNDIDADE = 1,45 M, EXCLUINDO TAMPÃO. AF_12/2020_PA","UN",1458.42]
[99274,"BASE PARA POÇO DE VISITA RETANGULAR PARA DRENAGEM, EM ALVENARIA COM BLOCOS DE CONCRETO, DIMENSÕES INTERNAS = 1X3 M, PROFUNDIDADE = 1,40 M, EXCLUINDO TAMPÃO. AF_12/2020_PA","UN",5200.3599999999997]
[99275,"BASE PARA POÇO DE VISITA CIRCULAR PARA DRENAGEM, EM CONCRETO PRÉ-MOLDADO, DIÂMETRO INTERNO = 0,80 M, PROFUNDIDADE = 1,35 M, EXCLUINDO TAMPÃO. AF_12/2020_PA","UN",919.14]
[99276,"ACRÉSCIMO PARA POÇO DE VISITA RETANGULAR PARA DRENAGEM, EM ALVENARIA COM BLOCOS DE CONCRETO, DIMENSÕES INTERNAS = 1,5X3 M. AF_12/2020","M",2449.39]
[99277,"ACRÉSCIMO PARA POÇO DE VISITA RETANGULAR PARA DRENAGEM, EM ALVENARIA COM BLOCOS DE CONCRETO, DIMENSÕES INTERNAS = 1X3 M. AF_12/2020","M",2207.73]
[99278,"ACRÉSCIMO PARA POÇO DE VISITA CIRCULAR PARA DRENAGEM, EM CONCRETO PRÉ-MOLDADO, DIÂMETRO INTERNO = 0,8 M. AF_12/2020","M",371.85]
[99279,"BASE PARA POÇO DE VISITA RETANGULAR PARA DRENAGEM, EM ALVENARIA COM BLOCOS DE CONCRETO, DIMENSÕES INTERNAS = 1X3,5 M, PROFUNDIDADE = 1,40 M, EXCLUINDO TAMPÃO. AF_12/2020_PA","UN",5870.33]
[99280,"BASE PARA POÇO DE VISITA CIRCULAR PARA DRENAGEM, EM ALVENARIA COM TIJOLOS CERÂMICOS MACIÇOS, DIÂMETRO INTERNO = 0,80 M, PROFUNDIDADE = 1,40 M, EXCLUINDO TAMPÃO. AF_12/2020_PA","UN",1903.63]
[99281,"ACRÉSCIMO PARA POÇO DE VISITA RETANGULAR PARA DRENAGEM, EM ALVENARIA COM BLOCOS DE CONCRETO, DIMENSÕES INTERNAS = 1X3,5 M. AF_12/2020","M",2449.39]
[99282,"ACRÉSCIMO PARA POÇO DE VISITA RETANGULAR PARA DRENAGEM, EM ALVENARIA COM BLOCOS DE CONCRETO, DIMENSÕES INTERNAS = 2,5X2,5 M. AF_12/2020","M",2715.47]
[99283,"ACRÉSCIMO PARA POÇO DE VISITA CIRCULAR PARA DRENAGEM, EM ALVENARIA COM TIJOLOS CERÂMICOS MACIÇOS, DIÂMETRO INTERNO = 0,8 M. AF_12/2020","M",1042.99]
[99284,"BASE PARA POÇO DE VISITA RETANGULAR PARA DRENAGEM, EM ALVENARIA COM BLOCOS DE CONCRETO, DIMENSÕES INTERNAS = 1,5X3,5 M, PROFUNDIDADE = 1,40 M, EXCLUINDO TAMPÃO. AF_12/2020_PA","UN",7337.84]
[99285,"BASE PARA POÇO DE VISITA CIRCULAR PARA DRENAGEM, EM CONCRETO PRÉ-MOLDADO, DIÂMETRO INTERNO = 1,0 M, PROFUNDIDADE = 1,35 M, EXCLUINDO TAMPÃO. AF_05/2018_PA","UN",1252.43]
[99286,"BASE PARA POÇO DE VISITA RETANGULAR PARA DRENAGEM, EM ALVENARIA COM BLOCOS DE CONCRETO, DIMENSÕES INTERNAS = 1X4 M, PROFUNDIDADE = 1,40 M, EXCLUINDO TAMPÃO. AF_12/2020_PA","UN",6540.4]
[99287,"BASE PARA POÇO DE VISITA RETANGULAR PARA DRENAGEM, EM ALVENARIA COM BLOCOS DE CONCRETO, DIMENSÕES INTERNAS = 2,5X3 M, PROFUNDIDADE = 1,40 M, EXCLUINDO TAMPÃO. AF_12/2020_PA","UN",9315.4699999999993]
[99288,"ACRÉSCIMO PARA POÇO DE VISITA CIRCULAR PARA DRENAGEM, EM CONCRETO PRÉ-MOLDADO, DIÂMETRO INTERNO = 1 M. AF_12/2020","M",490.29]
[99289,"ACRÉSCIMO PARA POÇO DE VISITA RETANGULAR PARA DRENAGEM, EM ALVENARIA COM BLOCOS DE CONCRETO, DIMENSÕES INTERNAS = 1X4 M. AF_12/2020","M",2690.98]
[99290,"BASE PARA POÇO DE VISITA RETANGULAR PARA DRENAGEM, EM ALVENARIA COM BLOCOS DE CONCRETO, DIMENSÕES INTERNAS = 1,5X1,5 M, PROFUNDIDADE = 1,40 M, EXCLUINDO TAMPÃO. AF_12/2020_PA","UN",3935.76]
[99291,"ACRÉSCIMO PARA POÇO DE VISITA RETANGULAR PARA DRENAGEM, EM ALVENARIA COM BLOCOS DE CONCRETO, DIMENSÕES INTERNAS = 1,5X3,5 M. AF_12/2020","M",2690.98]
[99292,"BASE PARA POÇO DE VISITA CIRCULAR PARA DRENAGEM, EM ALVENARIA COM TIJOLOS CERÂMICOS MACIÇOS, DIÂMETRO INTERNO = 1,0 M, PROFUNDIDADE = 1,40 M, EXCLUINDO TAMPÃO. AF_12/2020_PA","UN",2352.4299999999998]
[99293,"ACRÉSCIMO PARA POÇO DE VISITA CIRCULAR PARA DRENAGEM, EM ALVENARIA COM TIJOLOS CERÂMICOS MACIÇOS, DIÂMETRO INTERNO = 1 M. AF_12/2020","M",1258.1099999999999]
[99294,"BASE PARA POÇO DE VISITA RETANGULAR PARA DRENAGEM, EM ALVENARIA COM BLOCOS DE CONCRETO, DIMENSÕES INTERNAS = 1,5X4 M, PROFUNDIDADE = 1,40 M, EXCLUINDO TAMPÃO. AF_12/2020_PA","UN",8182.13]
[99296,"ACRÉSCIMO PARA POÇO DE VISITA RETANGULAR PARA DRENAGEM, EM ALVENARIA COM BLOCOS DE CONCRETO, DIMENSÕES INTERNAS = 2,5X3 M. AF_12/2020","M",2957.05]
[99297,"ACRÉSCIMO PARA POÇO DE VISITA RETANGULAR PARA DRENAGEM, EM ALVENARIA COM BLOCOS DE CONCRETO, DIMENSÕES INTERNAS = 1,5X4 M. AF_12/2020","M",2952.83]
[99298,"BASE PARA POÇO DE VISITA RETANGULAR PARA DRENAGEM, EM ALVENARIA COM BLOCOS DE CONCRETO, DIMENSÕES INTERNAS = 2,5X3,5 M, PROFUNDIDADE = 1,40 M, EXCLUINDO TAMPÃO. AF_12/2020_PA","UN",10541.94]
[99299,"ACRÉSCIMO PARA POÇO DE VISITA RETANGULAR PARA DRENAGEM, EM ALVENARIA COM BLOCOS DE CONCRETO, DIMENSÕES INTERNAS = 2,5X3,5 M. AF_12/2020","M",3198.59]
[99300,"BASE PARA POÇO DE VISITA RETANGULAR PARA DRENAGEM, EM ALVENARIA COM BLOCOS DE CONCRETO, DIMENSÕES INTERNAS = 2,5X4 M, PROFUNDIDADE = 1,40 M, EXCLUINDO TAMPÃO. AF_12/2020_PA","UN",11768.39]
[99301,"BASE PARA POÇO DE VISITA RETANGULAR PARA DRENAGEM, EM ALVENARIA COM BLOCOS DE CONCRETO, DIMENSÕES INTERNAS = 2X2 M, PROFUNDIDADE = 1,40 M, EXCLUINDO TAMPÃO. AF_12/2020_PA","UN",5815.97]
[99302,"ACRÉSCIMO PARA POÇO DE VISITA RETANGULAR PARA DRENAGEM, EM ALVENARIA COM BLOCOS DE CONCRETO, DIMENSÕES INTERNAS = 2,5X4 M. AF_12/2020","M",3444.41]
[99303,"BASE PARA POÇO DE VISITA RETANGULAR PARA DRENAGEM, EM ALVENARIA COM BLOCOS DE CONCRETO, DIMENSÕES INTERNAS = 3X3 M, PROFUNDIDADE = 1,40 M, EXCLUINDO TAMPÃO. AF_12/2020_PA","UN",10772.77]
[99304,"ACRÉSCIMO PARA POÇO DE VISITA RETANGULAR PARA DRENAGEM, EM ALVENARIA COM BLOCOS DE CONCRETO, DIMENSÕES INTERNAS = 3X3 M. AF_12/2020","M",3202.81]
[99305,"BASE PARA POÇO DE VISITA RETANGULAR PARA DRENAGEM, EM ALVENARIA COM BLOCOS DE CONCRETO, DIMENSÕES INTERNAS = 3X3,5 M, PROFUNDIDADE = 1,40 M, EXCLUINDO TAMPÃO. AF_12/2020_PA","UN",12185.06]
[99306,"ACRÉSCIMO PARA POÇO DE VISITA RETANGULAR PARA DRENAGEM, EM ALVENARIA COM BLOCOS DE CONCRETO, DIMENSÕES INTERNAS = 3X3,5 M. AF_12/2020","M",3444.41]
[99307,"ACRÉSCIMO PARA POÇO DE VISITA RETANGULAR PARA DRENAGEM, EM ALVENARIA COM BLOCOS DE CONCRETO, DIMENSÕES INTERNAS = 2X2 M. AF_12/2020","M",2227.9899999999998]
[99308,"BASE PARA POÇO DE VISITA RETANGULAR PARA DRENAGEM, EM ALVENARIA COM BLOCOS DE CONCRETO, DIMENSÕES INTERNAS = 3X4 M, PROFUNDIDADE = 1,40 M, EXCLUINDO TAMPÃO. AF_12/2020_PA","UN",13597.4]
[99309,"ACRÉSCIMO PARA POÇO DE VISITA RETANGULAR PARA DRENAGEM, EM ALVENARIA COM BLOCOS DE CONCRETO, DIMENSÕES INTERNAS = 3X4 M. AF_12/2020","M",3690.26]
[99310,"BASE PARA POÇO DE VISITA RETANGULAR PARA DRENAGEM, EM ALVENARIA COM BLOCOS DE CONCRETO, DIMENSÕES INTERNAS = 3,5X3,5 M, PROFUNDIDADE = 1,40 M, EXCLUINDO TAMPÃO. AF_12/2020_PA","UN",13828.28]
[99311,"ACRÉSCIMO PARA POÇO DE VISITA RETANGULAR PARA DRENAGEM, EM ALVENARIA COM BLOCOS DE CONCRETO, DIMENSÕES INTERNAS = 3,5X3,5 M. AF_12/2020","M",3690.26]
[99312,"BASE PARA POÇO DE VISITA RETANGULAR PARA DRENAGEM, EM ALVENARIA COM BLOCOS DE CONCRETO, DIMENSÕES INTERNAS = 2X2,5 M, PROFUNDIDADE = 1,40 M, EXCLUINDO TAMPÃO. AF_12/2020_PA","UN",6822.49]
[99313,"BASE PARA POÇO DE VISITA RETANGULAR PARA DRENAGEM, EM ALVENARIA COM BLOCOS DE CONCRETO, DIMENSÕES INTERNAS = 3,5X4 M, PROFUNDIDADE = 1,40 M, EXCLUINDO TAMPÃO. AF_12/2020_PA","UN",15426.26]
[99314,"ACRÉSCIMO PARA POÇO DE VISITA RETANGULAR PARA DRENAGEM, EM ALVENARIA COM BLOCOS DE CONCRETO, DIMENSÕES INTERNAS = 3,5X4 M. AF_12/2020","M",3936.08]
[99315,"BASE PARA POÇO DE VISITA RETANGULAR PARA DRENAGEM, EM ALVENARIA COM BLOCOS DE CONCRETO, DIMENSÕES INTERNAS = 4X4 M, PROFUNDIDADE = 1,40 M, EXCLUINDO TAMPÃO. AF_12/2020_PA","UN",17255.25]
[99317,"ACRÉSCIMO PARA POÇO DE VISITA RETANGULAR PARA DRENAGEM, EM ALVENARIA COM BLOCOS DE CONCRETO, DIMENSÕES INTERNAS = 2X2,5 M. AF_12/2020","M",2469.59]
[99318,"CHAMINÉ CIRCULAR PARA POÇO DE VISITA PARA DRENAGEM, EM CONCRETO PRÉ-MOLDADO, DIÂMETRO INTERNO = 0,6 M. AF_12/2020","M",271.27]
[99319,"CHAMINÉ CIRCULAR PARA POÇO DE VISITA PARA DRENAGEM, EM ALVENARIA COM TIJOLOS CERÂMICOS MACIÇOS, DIÂMETRO INTERNO = 0,6 M. AF_12/2020","M",835.76]
[99320,"BASE PARA POÇO DE VISITA RETANGULAR PARA DRENAGEM, EM ALVENARIA COM BLOCOS DE CONCRETO, DIMENSÕES INTERNAS = 2X3 M, PROFUNDIDADE = 1,40 M, EXCLUINDO TAMPÃO. AF_12/2020_PA","UN",7883.86]
[99321,"ACRÉSCIMO PARA POÇO DE VISITA RETANGULAR PARA DRENAGEM, EM ALVENARIA COM BLOCOS DE CONCRETO, DIMENSÕES INTERNAS = 2X3 M. AF_12/2020","M",2711.25]
[99322,"BASE PARA POÇO DE VISITA RETANGULAR PARA DRENAGEM, EM ALVENARIA COM BLOCOS DE CONCRETO, DIMENSÕES INTERNAS = 2X3,5 M, PROFUNDIDADE = 1,40 M, EXCLUINDO TAMPÃO. AF_12/2020_PA","UN",8897.2800000000007]
[99323,"ACRÉSCIMO PARA POÇO DE VISITA RETANGULAR PARA DRENAGEM, EM ALVENARIA COM BLOCOS DE CONCRETO, DIMENSÕES INTERNAS = 2X3,5 M. AF_12/2020","M",2952.83]
[99324,"BASE PARA POÇO DE VISITA RETANGULAR PARA DRENAGEM, EM ALVENARIA COM BLOCOS DE CONCRETO, DIMENSÕES INTERNAS = 2X4 M, PROFUNDIDADE = 1,40 M, EXCLUINDO TAMPÃO. AF_12/2020_PA","UN",9910.74]
[99325,"ACRÉSCIMO PARA POÇO DE VISITA RETANGULAR PARA DRENAGEM, EM ALVENARIA COM BLOCOS DE CONCRETO, DIMENSÕES INTERNAS = 2X4 M. AF_12/2020","M",3198.59]
[99326,"BASE PARA POÇO DE VISITA RETANGULAR PARA DRENAGEM, EM ALVENARIA COM BLOCOS DE CONCRETO, DIMENSÕES INTERNAS = 2,5X2,5 M, PROFUNDIDADE = 1,40 M, EXCLUINDO TAMPÃO. AF_12/2020_PA","UN",8089.02]
[99327,"ACRÉSCIMO PARA POÇO DE VISITA RETANGULAR PARA DRENAGEM, EM ALVENARIA COM BLOCOS DE CONCRETO, DIMENSÕES INTERNAS = 4X4 M. AF_12/2020","M",4140.63]
[101800,"CAIXA COM GRELHA RETANGULAR DE FERRO FUNDIDO, EM ALVENARIA COM TIJOLOS CERÂMICOS MACIÇOS, DIMENSÕES INTERNAS: 0,30 X 1,00 X 1,00. AF_12/2020","UN",1326.9]
[101801,"CAIXA COM GRELHA RETANGULAR DE FERRO FUNDIDO, EM ALVENARIA COM BLOCOS DE CONCRETO, DIMENSÕES INTERNAS: 0,30 X 1,00 X 1,00. AF_12/2020","UN",976.81]
[101806,"CAIXA ENTERRADA DISTRIBUIDORA DE VAZÃO (SUMIDOUROS MÚLTIPLOS), RETANGULAR, EM ALVENARIA COM TIJOLOS MACIÇOS, DIMENSÕES INTERNAS: 0,60 X 0,60 X H=0,50 M. AF_12/2020","UN",509.8]
[101807,"CAIXA ENTERRADA DISTRIBUIDORA DE VAZÃO (SUMIDOUROS MÚLTIPLOS), RETANGULAR, EM ALVENARIA COM BLOCOS DE CONCRETO, DIMENSÕES INTERNAS: 0,60 X 0,60 X H=0,50 M. AF_12/2020","UN",479.86]
[101808,"CAIXA ENTERRADA DISTRIBUIDORA DE VAZÃO (SUMIDOUROS MÚLTIPLOS), RETANGULAR, EM CONCRETO PRÉ-MOLDADO, DIMENSÕES INTERNAS: 0,60 X 0,60 X H=0,50 M. AF_12/2020","UN",508.23]
[101809,"BASE PARA POCO DE VISITA RETANGULAR PARA ESGOTO E DRENAGEM, EM CONCRETO ESTRUTURAL, DIMENSÕES INTERNAS DE 90X150 M, PROFUNDIDADE DE 1,25 M, EXCLUINDO TAMPÃO. AF_12/2020_PA","UN",2798.96]
[102139,"BASE PARA POÇO DE VISITA CIRCULAR PARA  ESGOTO, EM CONCRETO PRÉ-MOLDADO, DIÂMETRO INTERNO = 1,20 M, PROFUNDIDADE = 1,60 M, EXCLUINDO TAMPÃO. AF_12/2020_PA","UN",1633.66]
[102141,"BASE PARA POÇO DE VISITA CIRCULAR PARA  ESGOTO, EM CONCRETO PRÉ-MOLDADO, DIÂMETRO INTERNO = 1,50 M, PROFUNDIDADE = 1,35 M, EXCLUINDO TAMPÃO. AF_12/2020_PA","UN",2518.39]
[102142,"BASE PARA POÇO DE VISITA CIRCULAR PARA DRENAGEM, EM CONCRETO PRÉ-MOLDADO, DIÂMETRO INTERNO = 1,50 M, PROFUNDIDADE = 1,35 M, EXCLUINDO TAMPÃO. AF_12/2020_PA","UN",2483.6]
[102457,"BASE PARA POÇO DE VISITA CIRCULAR PARA DRENAGEM, EM CONCRETO PRÉ-MOLDADO, DIÂMETRO INTERNO = 1,20 M, PROFUNDIDADE = 1,60 M, EXCLUINDO TAMPÃO. AF_05/2021_PA","UN",1573.14]
[94263,"GUIA (MEIO-FIO) CONCRETO, MOLDADA  IN LOCO  EM TRECHO RETO COM EXTRUSORA, 13 CM BASE X 22 CM ALTURA. AF_01/2024","M",35.020000000000003]
[94264,"GUIA (MEIO-FIO) CONCRETO, MOLDADA  IN LOCO  EM TRECHO CURVO COM EXTRUSORA, 13 CM BASE X 22 CM ALTURA. AF_01/2024","M",39.159999999999997]
[94265,"GUIA (MEIO-FIO) CONCRETO, MOLDADA  IN LOCO  EM TRECHO RETO COM EXTRUSORA, 15 CM BASE X 30 CM ALTURA. AF_01/2024","M",49.01]
[94266,"GUIA (MEIO-FIO) CONCRETO, MOLDADA  IN LOCO  EM TRECHO CURVO COM EXTRUSORA, 15 CM BASE X 30 CM ALTURA. AF_01/2024","M",53.76]
[94267,"GUIA (MEIO-FIO) E SARJETA CONJUGADOS DE CONCRETO, MOLDADA  IN LOCO  EM TRECHO RETO COM EXTRUSORA, 45 CM BASE (15 CM BASE DA GUIA + 30 CM BASE DA SARJETA) X 22 CM ALTURA. AF_01/2024","M",59.67]
[94268,"GUIA (MEIO-FIO) E SARJETA CONJUGADOS DE CONCRETO, MOLDADA  IN LOCO  EM TRECHO CURVO COM EXTRUSORA, 45 CM BASE (15 CM BASE DA GUIA + 30 CM BASE DA SARJETA) X 22 CM ALTURA. AF_01/2024","M",64.91]
[94269,"GUIA (MEIO-FIO) E SARJETA CONJUGADOS DE CONCRETO, MOLDADA  IN LOCO  EM TRECHO RETO COM EXTRUSORA, 60 CM BASE (15 CM BASE DA GUIA + 45 CM BASE DA SARJETA) X 26 CM ALTURA. AF_01/2024","M",86.91]
[94270,"GUIA (MEIO-FIO) E SARJETA CONJUGADOS DE CONCRETO, MOLDADA IN LOCO  EM TRECHO CURVO COM EXTRUSORA, 60 CM BASE (15 CM BASE DA GUIA + 45 CM BASE DA SARJETA) X 26 CM ALTURA. AF_01/2024","M",94.17]
[94271,"GUIA (MEIO-FIO) E SARJETA CONJUGADOS DE CONCRETO, MOLDADA  IN LOCO  EM TRECHO RETO COM EXTRUSORA, 65 CM BASE (15 CM BASE DA GUIA + 50 CM BASE DA SARJETA) X 26 CM ALTURA. AF_01/2024","M",106.25]
[94272,"GUIA (MEIO-FIO) E SARJETA CONJUGADOS DE CONCRETO, MOLDADA  IN LOCO  EM TRECHO CURVO COM EXTRUSORA, 65 CM BASE (15 CM BASE DA GUIA + 50 CM BASE DA SARJETA) X 26 CM ALTURA. AF_01/2024","M",115.95]
[94273,"ASSENTAMENTO DE GUIA (MEIO-FIO) EM TRECHO RETO, CONFECCIONADA EM CONCRETO PRÉ-FABRICADO, DIMENSÕES 100X15X13X30 CM (COMPRIMENTO X BASE INFERIOR X BASE SUPERIOR X ALTURA). AF_01/2024","M",61.81]
[94274,"ASSENTAMENTO DE GUIA (MEIO-FIO) EM TRECHO CURVO, CONFECCIONADA EM CONCRETO PRÉ-FABRICADO, DIMENSÕES 100X15X13X30 CM (COMPRIMENTO X BASE INFERIOR X BASE SUPERIOR X ALTURA). AF_01/2024","M",64.290000000000006]
[94275,"ASSENTAMENTO DE GUIA (MEIO-FIO) EM TRECHO RETO, CONFECCIONADA EM CONCRETO PRÉ-FABRICADO, DIMENSÕES 100X15X13X20 CM (COMPRIMENTO X BASE INFERIOR X BASE SUPERIOR X ALTURA). AF_01/2024","M",56.08]
[94276,"ASSENTAMENTO DE GUIA (MEIO-FIO) EM TRECHO CURVO, CONFECCIONADA EM CONCRETO PRÉ-FABRICADO, DIMENSÕES 100X15X13X20 CM (COMPRIMENTO X BASE INFERIOR X BASE SUPERIOR X ALTURA). AF_01/2024","M",58.57]
[94277,"ASSENTAMENTO DE GUIA (MEIO-FIO) EM TRECHO RETO, CONFECCIONADA EM CONCRETO PRÉ-FABRICADO, DIMENSÕES 80X08X08X25 CM (COMPRIMENTO X BASE INFERIOR X BASE SUPERIOR X ALTURA). AF_01/2024","M",48.98]
[94278,"ASSENTAMENTO DE GUIA (MEIO-FIO) EM TRECHO CURVO, CONFECCIONADA EM CONCRETO PRÉ-FABRICADO, DIMENSÕES 80X08X08X25 CM (COMPRIMENTO X BASE INFERIOR X BASE SUPERIOR X ALTURA). AF_01/2024","M",51.45]
[94279,"ASSENTAMENTO DE GUIA (MEIO-FIO) EM TRECHO RETO, CONFECCIONADA EM CONCRETO PRÉ-FABRICADO, DIMENSÕES 39X6,5X6,5X19 CM (COMPRIMENTO X BASE INFERIOR X BASE SUPERIOR X ALTURA), PARA DELIMITAÇÃO DE JARDINS, PRAÇAS OU PASSEIOS. AF_01/2024","M",60.64]
[94280,"ASSENTAMENTO DE GUIA (MEIO-FIO) EM TRECHO CURVO, CONFECCIONADA EM CONCRETO PRÉ-FABRICADO, DIMENSÕES 39X6,5X6,5X19 CM (COMPRIMENTO X BASE INFERIOR X BASE SUPERIOR X ALTURA), PARA DELIMITAÇÃO DE JARDINS, PRAÇAS OU PASSEIOS. AF_01/2024","M",63.12]
[94281,"EXECUÇÃO DE SARJETA DE CONCRETO USINADO, MOLDADA  IN LOCO  EM TRECHO RETO, 30 CM BASE X 15 CM ALTURA. AF_01/2024","M",46.56]
[94282,"EXECUÇÃO DE SARJETA DE CONCRETO USINADO, MOLDADA  IN LOCO  EM TRECHO CURVO, 30 CM BASE X 15 CM ALTURA. AF_01/2024","M",53.11]
[94283,"EXECUÇÃO DE SARJETA DE CONCRETO USINADO, MOLDADA  IN LOCO  EM TRECHO RETO, 45 CM BASE X 15 CM ALTURA. AF_01/2024","M",64.48]
[94284,"EXECUÇÃO DE SARJETA DE CONCRETO USINADO, MOLDADA  IN LOCO  EM TRECHO CURVO, 45 CM BASE X 15 CM ALTURA. AF_01/2024","M",71.040000000000006]
[94285,"EXECUÇÃO DE SARJETA DE CONCRETO USINADO, MOLDADA  IN LOCO  EM TRECHO RETO, 60 CM BASE X 15 CM ALTURA. AF_01/2024","M",84.45]
[94286,"EXECUÇÃO DE SARJETA DE CONCRETO USINADO, MOLDADA  IN LOCO  EM TRECHO CURVO, 60 CM BASE X 15 CM ALTURA. AF_01/2024","M",91]
[94287,"EXECUÇÃO DE SARJETA DE CONCRETO USINADO, MOLDADA  IN LOCO  EM TRECHO RETO, 30 CM BASE X 10 CM ALTURA. AF_01/2024","M",34.57]
[94288,"EXECUÇÃO DE SARJETA DE CONCRETO USINADO, MOLDADA  IN LOCO  EM TRECHO CURVO, 30 CM BASE X 10 CM ALTURA. AF_01/2024","M",40.4]
[94289,"EXECUÇÃO DE SARJETA DE CONCRETO USINADO, MOLDADA  IN LOCO  EM TRECHO RETO, 45 CM BASE X 10 CM ALTURA. AF_01/2024","M",46.12]
[94290,"EXECUÇÃO DE SARJETA DE CONCRETO USINADO, MOLDADA  IN LOCO  EM TRECHO CURVO, 45 CM BASE X 10 CM ALTURA. AF_01/2024","M",51.95]
[94291,"EXECUÇÃO DE SARJETA DE CONCRETO USINADO, MOLDADA  IN LOCO  EM TRECHO RETO, 60 CM BASE X 10 CM ALTURA. AF_01/2024","M",58.11]
[94292,"EXECUÇÃO DE SARJETA DE CONCRETO USINADO, MOLDADA  IN LOCO  EM TRECHO CURVO, 60 CM BASE X 10 CM ALTURA. AF_01/2024","M",63.95]
[94293,"EXECUÇÃO DE SARJETÃO DE CONCRETO USINADO, MOLDADA  IN LOCO  EM TRECHO RETO, 100 CM BASE X 20 CM ALTURA. AF_01/2024","M",188.7]
[94294,"EXECUÇÃO DE ESCORAS DE CONCRETO PARA CONTENÇÃO DE GUIAS PRÉ-FABRICADAS. AF_01/2024","M",8.3000000000000007]
[104491,"ADUELA/ GALERIA FECHADA PRE-MOLDADA DE CONCRETO ARMADO, SECAO QUADRANGULAR INTERNA DE 1,50 X 1,50 M (L X A), MISULA DE 20 X 20 CM, C = 1,00 M, ESPESSURA MIN = 15 CM, TB-45 E FCK DO CONCRETO = 30 MPA   FORNECIMENTO E ASSENTAMENTO. AF_01/2023","M",3693.29]
[104492,"ADUELA/ GALERIA FECHADA PRE-MOLDADA DE CONCRETO ARMADO, SECAO QUADRANGULAR INTERNA DE 2,00 X 2,00 M (L X A), MISULA DE 20 X 20 CM, C = 1,00 M, ESPESSURA MIN = 15 CM, TB-45 E FCK DO CONCRETO = 30 MPA   FORNECIMENTO E ASSENTAMENTO. AF_01/2023","M",4617.3100000000004]
[104494,"ADUELA/ GALERIA FECHADA PRE-MOLDADA DE CONCRETO ARMADO, SECAO QUADRANGULAR INTERNA DE 2,50 X 2,50 M (L X A), MISULA DE 20 X 20 CM, C = 1,00 M, ESPESSURA MIN = 15 CM, TB-45 E FCK DO CONCRETO = 30 MPA   FORNECIMENTO E ASSENTAMENTO. AF_01/2023","M",6237.33]
[104497,"ADUELA/ GALERIA FECHADA PRE-MOLDADA DE CONCRETO ARMADO, SECAO QUADRANGULAR INTERNA DE 3,00 X 3,00 M (L X A), MISULA DE 20 X 20 CM, C = 1,00 M, ESPESSURA MIN = 20 CM, TB-45 E FCK DO CONCRETO = 30 MPA   FORNECIMENTO E ASSENTAMENTO. AF_01/2023","M",7488.23]
[104515,"APLICAÇÃO DE MANTA GEOTÊXTIL NAS JUNTAS RÍGIDAS DE ADUELAS PRÉ-MOLDADAS DE CONCRETO ARMADO. AF_01/2023","M2",22.07]
[102727,"FABRICAÇÃO, MONTAGEM E DESMONTAGEM DE FÔRMA PARA BOCA PARA BUEIRO, EM CHAPA DE MADEIRA COMPENSADA RESINADA, E = 17 MM, 2 UTILIZAÇÕES. AF_07/2021","M2",92.16]
[102728,"ARMAÇÃO DE MURO ALA E MURO TESTA UTILIZANDO AÇO CA-50 DE 6,3 MM - MONTAGEM. AF_07/2021","KG",13.85]
[102729,"ARMAÇÃO DE MURO ALA E MURO TESTA UTILIZANDO AÇO CA-50 DE 8 MM - MONTAGEM. AF_07/2021","KG",12.89]
[102730,"ARMAÇÃO DE MURO ALA E MURO TESTA UTILIZANDO AÇO CA-50 DE 10 MM - MONTAGEM. AF_07/2021","KG",11.47]
[102731,"ARMAÇÃO DE MURO ALA E MURO TESTA UTILIZANDO AÇO CA-50 DE 12,5 MM - MONTAGEM. AF_07/2021","KG",9.64]
[102732,"ARMAÇÃO DE MURO ALA E MURO TESTA UTILIZANDO AÇO CA-50 DE 16 MM - MONTAGEM. AF_07/2021","KG",9.09]
[102733,"ARMAÇÃO DE MURO ALA E MURO TESTA UTILIZANDO AÇO CA-50 DE 20 MM - MONTAGEM. AF_07/2021","KG",10.1]
[102734,"ARMAÇÃO DE SOLEIRA UTILIZANDO AÇO CA-50 DE 6,3 MM - MONTAGEM. AF_07/2021","KG",13.02]
[102735,"ARMAÇÃO DE SOLEIRA UTILIZANDO AÇO CA-50 DE 8 MM - MONTAGEM. AF_07/2021","KG",12.15]
[102736,"CONCRETAGEM DE BOCA PARA BUEIRO, FCK = 20 MPA, COM USO DE BOMBA - LANÇAMENTO, ADENSAMENTO E ACABAMENTO. AF_07/2021","M3",719.98]
[102737,"BOCA PARA BUEIRO SIMPLES TUBULAR D = 40 CM EM CONCRETO, ALAS COM ESCONSIDADE DE 0°, INCLUINDO FÔRMAS E MATERIAIS. AF_07/2021","UN",1078.46]
[102738,"BOCA PARA BUEIRO SIMPLES TUBULAR D = 60 CM EM CONCRETO, ALAS COM ESCONSIDADE DE 0°, INCLUINDO FÔRMAS E MATERIAIS. AF_07/2021","UN",2214.7600000000002]
[102739,"BOCA PARA BUEIRO SIMPLES TUBULAR D = 80 CM EM CONCRETO, ALAS COM ESCONSIDADE DE 0°, INCLUINDO FÔRMAS E MATERIAIS. AF_07/2021","UN",3710.01]
[102740,"BOCA PARA BUEIRO SIMPLES TUBULAR D = 100 CM EM CONCRETO, ALAS COM ESCONSIDADE DE 0°, INCLUINDO FÔRMAS E MATERIAIS. AF_07/2021","UN",5565.39]
[102741,"BOCA PARA BUEIRO SIMPLES TUBULAR D = 120 CM EM CONCRETO, ALAS COM ESCONSIDADE DE 0°, INCLUINDO FÔRMAS E MATERIAIS. AF_07/2021","UN",7818.97]
[102742,"BOCA PARA BUEIRO SIMPLES TUBULAR D = 150 CM EM CONCRETO, ALAS COM ESCONSIDADE DE 0°, INCLUINDO FÔRMAS E MATERIAIS. AF_07/2021","UN",13555.54]
[102743,"BOCA PARA BUEIRO DUPLO TUBULAR D = 80 CM EM CONCRETO, ALAS COM ESCONSIDADE DE 0°, INCLUINDO FÔRMAS E MATERIAIS. AF_07/2021","UN",4510.68]
[102744,"BOCA PARA BUEIRO DUPLO TUBULAR D = 100 CM EM CONCRETO, ALAS COM ESCONSIDADE DE 0°, INCLUINDO FÔRMAS E MATERIAIS. AF_07/2021","UN",6761.47]
[102745,"BOCA PARA BUEIRO DUPLO TUBULAR D = 120 CM EM CONCRETO, ALAS COM ESCONSIDADE DE 0°, INCLUINDO FÔRMAS E MATERIAIS. AF_07/2021","UN",9511.18]
[102746,"BOCA PARA BUEIRO DUPLO TUBULAR D = 150 CM EM CONCRETO, ALAS COM ESCONSIDADE DE 0°, INCLUINDO FÔRMAS E MATERIAIS. AF_07/2021","UN",16509.72]
[102747,"BOCA PARA BUEIRO TRIPLO TUBULAR D = 100 CM EM CONCRETO, ALAS COM ESCONSIDADE DE 0°, INCLUINDO FÔRMAS E MATERIAIS. AF_07/2021","UN",8411.91]
[102748,"BOCA PARA BUEIRO TRIPLO TUBULAR D = 120 CM EM CONCRETO, ALAS COM ESCONSIDADE DE 0°, INCLUINDO FÔRMAS E MATERIAIS. AF_07/2021","UN",11780.21]
[102749,"BOCA PARA BUEIRO TRIPLO TUBULAR D = 150 CM EM CONCRETO, ALAS COM ESCONSIDADE DE 0°, INCLUINDO FÔRMAS E MATERIAIS. AF_07/2021","UN",20253.2]
[102750,"BOCA PARA BUEIRO SIMPLES TUBULAR D = 60 CM EM CONCRETO, ALAS COM ESCONSIDADE DE 30°, INCLUINDO FÔRMAS E MATERIAIS. AF_07/2021","UN",2702.94]
[102751,"BOCA PARA BUEIRO SIMPLES TUBULAR D = 80 CM EM CONCRETO, ALAS COM ESCONSIDADE DE 30°, INCLUINDO FÔRMAS E MATERIAIS. AF_07/2021","UN",4703.07]
[102752,"BOCA PARA BUEIRO SIMPLES TUBULAR D = 100 CM EM CONCRETO, ALAS COM ESCONSIDADE DE 30°, INCLUINDO FÔRMAS E MATERIAIS. AF_07/2021","UN",7501.68]
[102753,"BOCA PARA BUEIRO SIMPLES TUBULAR D = 120 CM EM CONCRETO, ALAS COM ESCONSIDADE DE 30°, INCLUINDO FÔRMAS E MATERIAIS. AF_07/2021","UN",11116.13]
[102754,"BOCA PARA BUEIRO SIMPLES TUBULAR D = 150 CM EM CONCRETO, ALAS COM ESCONSIDADE DE 30°, INCLUINDO FÔRMAS E MATERIAIS. AF_07/2021","UN",21171.9]
[102755,"BOCA PARA BUEIRO DUPLO TUBULAR D = 100 CM EM CONCRETO, ALAS COM ESCONSIDADE DE 30°, INCLUINDO FÔRMAS E MATERIAIS. AF_07/2021","UN",10505.25]
[102756,"BOCA PARA BUEIRO DUPLO TUBULAR D = 120 CM EM CONCRETO, ALAS COM ESCONSIDADE DE 30°, INCLUINDO FÔRMAS E MATERIAIS. AF_07/2021","UN",15614.84]
[102757,"BOCA PARA BUEIRO DUPLO TUBULAR D = 150 CM EM CONCRETO, ALAS COM ESCONSIDADE DE 30°, INCLUINDO FÔRMAS E MATERIAIS. AF_07/2021","UN",29100.45]
[102758,"BOCA PARA BUEIRO TRIPLO TUBULAR D = 100 CM EM CONCRETO, ALAS COM ESCONSIDADE DE 30°, INCLUINDO FÔRMAS E MATERIAIS. AF_07/2021","UN",13521.94]
[102759,"BOCA PARA BUEIRO TRIPLO TUBULAR D = 120 CM EM CONCRETO, ALAS COM ESCONSIDADE DE 30°, INCLUINDO FÔRMAS E MATERIAIS. AF_07/2021","UN",20133.439999999999]
[102760,"BOCA PARA BUEIRO TRIPLO TUBULAR D = 150 CM EM CONCRETO, ALAS COM ESCONSIDADE DE 30°, INCLUINDO FÔRMAS E MATERIAIS. AF_07/2021","UN",37173.629999999997]
[102761,"BOCA PARA BUEIRO SIMPLES CELULAR 150 X 150 CM EM CONCRETO, ALAS COM ESCONSIDADE DE 30°, INCLUINDO FÔRMAS E MATERIAIS. AF_07/2021","UN",12810.39]
[102762,"BOCA PARA BUEIRO SIMPLES CELULAR 200 X 200 CM EM CONCRETO, ALAS COM ESCONSIDADE DE 30°, INCLUINDO FÔRMAS E MATERIAIS. AF_07/2021","UN",19884.7]
[102763,"BOCA PARA BUEIRO SIMPLES CELULAR 250 X 250 CM EM CONCRETO, ALAS COM ESCONSIDADE DE 30°, INCLUINDO FÔRMAS E MATERIAIS. AF_07/2021","UN",27652.66]
[102764,"BOCA PARA BUEIRO SIMPLES CELULAR 300 X 300 CM EM CONCRETO, ALAS COM ESCONSIDADE DE 30°, INCLUINDO FÔRMAS E MATERIAIS. AF_07/2021","UN",39126.69]
[102765,"BOCA PARA BUEIRO DUPLO CELULAR 150 X 150 CM EM CONCRETO, ALAS COM ESCONSIDADE DE 30°, INCLUINDO FÔRMAS E MATERIAIS. AF_07/2021","UN",16018.54]
[102766,"BOCA PARA BUEIRO DUPLO CELULAR 200 X 200 CM EM CONCRETO, ALAS COM ESCONSIDADE DE 30°, INCLUINDO FÔRMAS E MATERIAIS. AF_07/2021","UN",24252.85]
[102767,"BOCA PARA BUEIRO DUPLO CELULAR 250 X 250 CM EM CONCRETO, ALAS COM ESCONSIDADE DE 30°, INCLUINDO FÔRMAS E MATERIAIS. AF_07/2021","UN",33899.199999999997]
[102768,"BOCA PARA BUEIRO DUPLO CELULAR 300 X 300 CM EM CONCRETO, ALAS COM ESCONSIDADE DE 30°, INCLUINDO FÔRMAS E MATERIAIS. AF_07/2021","UN",47511.94]
[102769,"BOCA PARA BUEIRO TRIPLO CELULAR 150 X 150 CM EM CONCRETO, ALAS COM ESCONSIDADE DE 30°, INCLUINDO FÔRMAS E MATERIAIS. AF_07/2021","UN",18626.16]
[102770,"BOCA PARA BUEIRO TRIPLO CELULAR 200 X 200 CM EM CONCRETO, ALAS COM ESCONSIDADE DE 30°, INCLUINDO FÔRMAS E MATERIAIS. AF_07/2021","UN",28670.92]
[102771,"BOCA PARA BUEIRO TRIPLO CELULAR 250 X 250 CM EM CONCRETO, ALAS COM ESCONSIDADE DE 30°, INCLUINDO FÔRMAS E MATERIAIS. AF_07/2021","UN",40060.31]
[102772,"BOCA PARA BUEIRO TRIPLO CELULAR 300 X 300 CM EM CONCRETO, ALAS COM ESCONSIDADE DE 30°, INCLUINDO FÔRMAS E MATERIAIS. AF_07/2021","UN",56452.39]
[102773,"BOCA PARA BUEIRO SIMPLES TUBULAR D = 40 CM EM GABIÃO, ALAS COM ESCONSIDADE DE 45°, INCLUINDO FÔRMAS E MATERIAIS. AF_07/2021","UN",8059.74]
[102774,"BOCA PARA BUEIRO SIMPLES TUBULAR D = 60 CM EM GABIÃO, ALAS COM ESCONSIDADE DE 45°, INCLUINDO FÔRMAS E MATERIAIS. AF_07/2021","UN",8059.74]
[102775,"BOCA PARA BUEIRO SIMPLES TUBULAR D = 80 CM EM GABIÃO, ALAS COM ESCONSIDADE DE 45°, INCLUINDO FÔRMAS E MATERIAIS. AF_07/2021","UN",12064.02]
[102776,"BOCA PARA BUEIRO SIMPLES TUBULAR D = 100 CM EM GABIÃO, ALAS COM ESCONSIDADE DE 45°, INCLUINDO FÔRMAS E MATERIAIS. AF_07/2021","UN",12064.02]
[102777,"BOCA PARA BUEIRO SIMPLES TUBULAR D = 120 CM EM GABIÃO, ALAS COM ESCONSIDADE DE 45°, INCLUINDO FÔRMAS E MATERIAIS. AF_07/2021","UN",18280.89]
[102778,"BOCA PARA BUEIRO SIMPLES TUBULAR D = 150 CM EM GABIÃO, ALAS COM ESCONSIDADE DE 45°, INCLUINDO FÔRMAS E MATERIAIS. AF_07/2021","UN",27284.28]
[102779,"BOCA PARA BUEIRO DUPLO TUBULAR D = 40 CM EM GABIÃO, ALAS COM ESCONSIDADE DE 45°, INCLUINDO FÔRMAS E MATERIAIS. AF_07/2021","UN",8059.74]
[102780,"BOCA PARA BUEIRO DUPLO TUBULAR D = 60 CM EM GABIÃO, ALAS COM ESCONSIDADE DE 45°, INCLUINDO FÔRMAS E MATERIAIS. AF_07/2021","UN",9271.26]
[102781,"BOCA PARA BUEIRO DUPLO TUBULAR D = 80 CM EM GABIÃO, ALAS COM ESCONSIDADE DE 45°, INCLUINDO FÔRMAS E MATERIAIS. AF_07/2021","UN",13776.07]
[102782,"BOCA PARA BUEIRO DUPLO TUBULAR D = 100 CM EM GABIÃO, ALAS COM ESCONSIDADE DE 45°, INCLUINDO FÔRMAS E MATERIAIS. AF_07/2021","UN",15338.49]
[102783,"BOCA PARA BUEIRO DUPLO TUBULAR D = 120 CM EM GABIÃO, ALAS COM ESCONSIDADE DE 45°, INCLUINDO FÔRMAS E MATERIAIS. AF_07/2021","UN",20343.84]
[102784,"BOCA PARA BUEIRO DUPLO TUBULAR D = 150 CM EM GABIÃO, ALAS COM ESCONSIDADE DE 45°, INCLUINDO FÔRMAS E MATERIAIS. AF_07/2021","UN",31785.97]
[102785,"BOCA PARA BUEIRO TRIPLO TUBULAR D = 40 CM EM GABIÃO, ALAS COM ESCONSIDADE DE 45°, INCLUINDO FÔRMAS E MATERIAIS. AF_07/2021","UN",9271.26]
[102786,"BOCA PARA BUEIRO TRIPLO TUBULAR D = 60 CM EM GABIÃO, ALAS COM ESCONSIDADE DE 45°, INCLUINDO FÔRMAS E MATERIAIS. AF_07/2021","UN",10333.14]
[102787,"BOCA PARA BUEIRO TRIPLO TUBULAR D = 80 CM EM GABIÃO, ALAS COM ESCONSIDADE DE 45°, INCLUINDO FÔRMAS E MATERIAIS. AF_07/2021","UN",15338.49]
[102788,"BOCA PARA BUEIRO TRIPLO TUBULAR D = 100 CM EM GABIÃO, ALAS COM ESCONSIDADE DE 45°, INCLUINDO FÔRMAS E MATERIAIS. AF_07/2021","UN",16872.84]
[102789,"BOCA PARA BUEIRO TRIPLO TUBULAR D = 120 CM EM GABIÃO, ALAS COM ESCONSIDADE DE 45°, INCLUINDO FÔRMAS E MATERIAIS. AF_07/2021","UN",22238.44]
[102790,"BOCA PARA BUEIRO TRIPLO TUBULAR D = 150 CM EM GABIÃO, ALAS COM ESCONSIDADE DE 45°, INCLUINDO FÔRMAS E MATERIAIS. AF_07/2021","UN",36755.29]
[102791,"BOCA PARA BUEIRO SIMPLES CELULAR 150 X 150 CM EM GABIÃO, ALAS COM ESCONSIDADE DE 45°, INCLUINDO FÔRMAS E MATERIAIS. AF_07/2021","UN",29513.88]
[102792,"BOCA PARA BUEIRO SIMPLES CELULAR 200 X 200 CM EM GABIÃO, ALAS COM ESCONSIDADE DE 45°, INCLUINDO FÔRMAS E MATERIAIS. AF_07/2021","UN",48067.839999999997]
[102793,"BOCA PARA BUEIRO SIMPLES CELULAR 250 X 250 CM EM GABIÃO, ALAS COM ESCONSIDADE DE 45°, INCLUINDO FÔRMAS E MATERIAIS. AF_07/2021","UN",64759.99]
[102794,"BOCA PARA BUEIRO SIMPLES CELULAR 300 X 300 CM EM GABIÃO, ALAS COM ESCONSIDADE DE 45°, INCLUINDO FÔRMAS E MATERIAIS. AF_07/2021","UN",92911.76]
[102795,"BOCA PARA BUEIRO DUPLO CELULAR 150 X 150 CM EM GABIÃO, ALAS COM ESCONSIDADE DE 45°, INCLUINDO FÔRMAS E MATERIAIS. AF_07/2021","UN",31461.279999999999]
[102796,"BOCA PARA BUEIRO DUPLO CELULAR 200 X 200 CM EM GABIÃO, ALAS COM ESCONSIDADE DE 45°, INCLUINDO FÔRMAS E MATERIAIS. AF_07/2021","UN",50818.25]
[102797,"BOCA PARA BUEIRO DUPLO CELULAR 250 X 250 CM EM GABIÃO, ALAS COM ESCONSIDADE DE 45°, INCLUINDO FÔRMAS E MATERIAIS. AF_07/2021","UN",72043]
[102798,"BOCA PARA BUEIRO DUPLO CELULAR 300 X 300 CM EM GABIÃO, ALAS COM ESCONSIDADE DE 45°, INCLUINDO FÔRMAS E MATERIAIS. AF_07/2021","UN",88272.26]
[102799,"BOCA PARA BUEIRO TRIPLO CELULAR 150 X 150 CM EM GABIÃO, ALAS COM ESCONSIDADE DE 45°, INCLUINDO FÔRMAS E MATERIAIS. AF_07/2021","UN",32128.66]
[102800,"BOCA PARA BUEIRO TRIPLO CELULAR 200 X 200 CM EM GABIÃO, ALAS COM ESCONSIDADE DE 45°, INCLUINDO FÔRMAS E MATERIAIS. AF_07/2021","UN",55756.36]
[102801,"BOCA PARA BUEIRO TRIPLO CELULAR 250 X 250 CM EM GABIÃO, ALAS COM ESCONSIDADE DE 45°, INCLUINDO FÔRMAS E MATERIAIS. AF_07/2021","UN",78080.399999999994]
[102802,"BOCA PARA BUEIRO TRIPLO CELULAR 300 X 300 CM EM GABIÃO, ALAS COM ESCONSIDADE DE 45°, INCLUINDO FÔRMAS E MATERIAIS. AF_07/2021","UN",93681.07]
[101570,"ESCORAMENTO DE VALA, TIPO PONTALETEAMENTO, COM PROFUNDIDADE DE 0 A 1,5 M, LARGURA MENOR QUE 1,5 M. AF_08/2020","M2",23.77]
[101571,"ESCORAMENTO DE VALA, TIPO PONTALETEAMENTO, COM PROFUNDIDADE DE 0 A 1,5 M, LARGURA MAIOR OU IGUAL A 1,5 M E MENOR QUE 2,5 M. AF_08/2020","M2",31.47]
[101572,"ESCORAMENTO DE VALA, TIPO PONTALETEAMENTO, COM PROFUNDIDADE DE 1,5 A 3,0 M, LARGURA MENOR QUE 1,5 M. AF_08/2020","M2",18.86]
[101573,"ESCORAMENTO DE VALA, TIPO PONTALETEAMENTO, COM PROFUNDIDADE DE 1,5 A 3,0 M, LARGURA MAIOR OU IGUAL A 1,5 M E MENOR QUE 2,5 M. AF_08/2020","M2",26.56]
[101574,"ESCORAMENTO DE VALA, TIPO PONTALETEAMENTO, COM PROFUNDIDADE DE 3,0 A 4,5 M, LARGURA MENOR QUE 1,5 M. AF_08/2020","M2",14.84]
[101575,"ESCORAMENTO DE VALA, TIPO PONTALETEAMENTO, COM PROFUNDIDADE DE 3,0 A 4,5 M, LARGURA MAIOR OU IGUAL A 1,5 M E MENOR QUE 2,5 M. AF_08/2020","M2",22.67]
[101576,"ESCORAMENTO DE VALA, TIPO DESCONTÍNUO, COM PROFUNDIDADE DE 0 A 1,5 M, LARGURA MENOR QUE 1,5 M. AF_08/2020","M2",45.58]
[101577,"ESCORAMENTO DE VALA, TIPO DESCONTÍNUO, COM PROFUNDIDADE DE 0 A 1,5 M, LARGURA MAIOR OU IGUAL A 1,5 M E MENOR QUE 2,5 M. AF_08/2020","M2",55.44]
[101578,"ESCORAMENTO DE VALA, TIPO DESCONTÍNUO, COM PROFUNDIDADE DE 1,5 M A 3,0 M, LARGURA MENOR QUE 1,5 M. AF_08/2020","M2",38.28]
[101579,"ESCORAMENTO DE VALA, TIPO DESCONTÍNUO, COM PROFUNDIDADE DE 1,5 A 3,0 M, LARGURA MAIOR OU IGUAL A 1,5 M E MENOR QUE 2,5 M. AF_08/2020","M2",48.13]
[101580,"ESCORAMENTO DE VALA, TIPO DESCONTÍNUO, COM PROFUNDIDADE DE 3,0 A 4,5 M, LARGURA MENOR QUE 1,5 M. AF_08/2020","M2",35.090000000000003]
[101581,"ESCORAMENTO DE VALA, TIPO DESCONTÍNUO, COM PROFUNDIDADE DE 3,0 A 4,5 M, LARGURA MAIOR OU IGUAL A 1,5 E MENOR QUE 2,5 M. AF_08/2020","M2",45.08]
[101582,"ESCORAMENTO DE VALA, TIPO CONTÍNUO, COM PROFUNDIDADE DE 0 A 1,5 M, LARGURA MENOR QUE 1,5 M. AF_08/2020","M2",75.45]
[101583,"ESCORAMENTO DE VALA, TIPO CONTÍNUO, COM PROFUNDIDADE DE 0 A 1,5 M, LARGURA MAIOR OU IGUAL A 1,5 M E MENOR QUE 2,5 M. AF_08/2020","M2",90.8]
[101584,"ESCORAMENTO DE VALA, TIPO CONTÍNUO, COM PROFUNDIDADE DE 1,5 M A 3,0 M, LARGURA MENOR QUE 1,5 M. AF_08/2020","M2",62.92]
[101585,"ESCORAMENTO DE VALA, TIPO CONTÍNUO, COM PROFUNDIDADE DE 1,5 A 3,0 M, LARGURA MAIOR OU IGUAL A 1,5 M E MENOR QUE 2,5 M. AF_08/2020","M2",78.27]
[101586,"ESCORAMENTO DE VALA, TIPO CONTÍNUO, COM PROFUNDIDADE DE 3,0 A 4,5 M, LARGURA MENOR QUE 1,5 M. AF_08/2020","M2",56.14]
[101587,"ESCORAMENTO DE VALA, TIPO CONTÍNUO, COM PROFUNDIDADE DE 3,0 A 4,5 M, LARGURA MAIOR OU IGUAL A 1,5 E MENOR QUE 2,5 M. AF_08/2020","M2",71.63]
[101588,"ESCORAMENTO DE VALA, TIPO CONTÍNUO COM PERFIL METÁLICO \"U\", COM PROFUNDIDADE DE 0 A 1,5 M, LARGURA MENOR QUE 1,5 M. AF_08/2020","M2",89.54]
[101589,"ESCORAMENTO DE VALA,TIPO CONTÍNUO COM PERFIL METÁLICO \"U\", COM PROFUNDIDADE DE 0 A 1,5 M, LARGURA MAIOR OU IGUAL A 1,5 E MENOR QUE 2,5 M. AF_08/2020","M2",129.81]
[101590,"ESCORAMENTO DE VALA, TIPO CONTÍNUO COM PERFIL METÁLICO \"U\", COM PROFUNDIDADE DE 1,5 A 3,0 M, LARGURA MENOR QUE 1,5 M. AF_08/2020","M2",68.13]
[101591,"ESCORAMENTO DE VALA, TIPO CONTÍNUO COM PERFIL METÁLICO \"U\", COM PROFUNDIDADE DE 1,5 A 3,0 M, LARGURA MAIOR OU IGUAL 1,5 M E MENOR QUE 2,5 M. AF_08/2020","M2",108.4]
[101592,"ESCORAMENTO DE VALA, TIPO CONTÍNUO COM PERFIL METÁLICO \"U\", COM PROFUNDIDADE DE 3,0 A 4,5 M, LARGURA MENOR QUE 1,5 M. AF_08/2020","M2",48.78]
[101593,"ESCORAMENTO DE VALA, TIPO CONTÍNUO COM PERFIL METÁLICO \"U\", COM PROFUNDIDADE DE 3,0 A 4,5 M, LARGURA MAIOR OU IGUAL A 1,5 M E MENOR QUE 2,5 M. AF_08/2020","M2",89.17]
[101600,"ESCORAMENTO DE VALA, TIPO BLINDAGEM, COM PROFUNDIDADE DE 0 A 1,5 M, LARGURA MENOR QUE 1,5 M - EXECUÇÃO, NÃO INCLUI MATERIAL. AF_08/2020","M2",16.52]
[101601,"ESCORAMENTO DE VALA, TIPO BLINDAGEM COM PROFUNDIDADE DE 0 A 1,5 M, LARGURA MAIOR OU IGUAL A 1,5 M E MENOR QUE 2,5 M - EXECUÇÃO, NÃO INCLUI MATERIAL. AF_08/2020","M2",24.45]
[101602,"ESCORAMENTO DE VALA, TIPO BLINDAGEM, COM PROFUNDIDADE DE 1,5 A 3,0 M, LARGURA MENOR QUE 1,5 M - EXECUÇÃO, NÃO INCLUI MATERIAL. AF_08/2020","M2",12.25]
[101603,"ESCORAMENTO DE VALA, TIPO BLINDAGEM, COM PROFUNDIDADE DE 1,5 A 3,0 M, LARGURA MAIOR OU IGUAL A 1,5 M E MENOR QUE 2,5 M - EXECUÇÃO, NÃO INCLUI MATERIAL. AF_08/2020","M2",20.18]
[101604,"ESCORAMENTO DE VALA, TIPO BLINDAGEM, COM PROFUNDIDADE DE 3,0 A 4,5 M, LARGURA MENOR QUE 1,5 M - EXECUÇÃO, NÃO INCLUI MATERIAL. AF_08/2020","M2",8.02]
[101605,"ESCORAMENTO DE VALA, TIPO BLINDAGEM, COM PROFUNDIDADE DE 3,0 A 4,5 M, LARGURA MAIOR OU IGUAL A 1,5 M E MENOR QUE 2,5 M - EXECUÇÃO, NÃO INCLUI MATERIAL. AF_08/2020","M2",15.95]
[90788,"KIT DE PORTA-PRONTA DE MADEIRA EM ACABAMENTO MELAMÍNICO BRANCO, FOLHA LEVE OU MÉDIA, 60X210CM, EXCLUSIVE FECHADURA, FIXAÇÃO COM PREENCHIMENTO PARCIAL DE ESPUMA EXPANSIVA - FORNECIMENTO E INSTALAÇÃO. AF_12/2019","UN",750.2]
[90789,"KIT DE PORTA-PRONTA DE MADEIRA EM ACABAMENTO MELAMÍNICO BRANCO, FOLHA LEVE OU MÉDIA, 70X210CM, EXCLUSIVE FECHADURA, FIXAÇÃO COM PREENCHIMENTO PARCIAL DE ESPUMA EXPANSIVA - FORNECIMENTO E INSTALAÇÃO. AF_12/2019","UN",751.99]
[90790,"KIT DE PORTA-PRONTA DE MADEIRA EM ACABAMENTO MELAMÍNICO BRANCO, FOLHA LEVE OU MÉDIA, 80X210CM, EXCLUSIVE FECHADURA, FIXAÇÃO COM PREENCHIMENTO PARCIAL DE ESPUMA EXPANSIVA - FORNECIMENTO E INSTALAÇÃO. AF_12/2019","UN",775.78]
[90791,"KIT DE PORTA-PRONTA DE MADEIRA EM ACABAMENTO MELAMÍNICO BRANCO, FOLHA PESADA OU SUPERPESADA, 80X210CM, FIXAÇÃO COM PREENCHIMENTO PARCIAL DE ESPUMA EXPANSIVA - FORNECIMENTO E INSTALAÇÃO. AF_12/2019","UN",909.8]
[90793,"KIT DE PORTA-PRONTA DE MADEIRA EM ACABAMENTO MELAMÍNICO BRANCO, FOLHA PESADA OU SUPERPESADA, 90X210CM, FIXAÇÃO COM PREENCHIMENTO TOTAL DE ESPUMA EXPANSIVA - FORNECIMENTO E INSTALAÇÃO. AF_12/2019","UN",962.15]
[90794,"KIT DE PORTA-PRONTA DE MADEIRA EM ACABAMENTO MELAMÍNICO BRANCO, FOLHA LEVE OU MÉDIA, E BATENTE METÁLICO, 60X210CM, FIXAÇÃO COM ARGAMASSA - FORNECIMENTO E INSTALAÇÃO. AF_12/2019","UN",651.1]
[90795,"KIT DE PORTA-PRONTA DE MADEIRA EM ACABAMENTO MELAMÍNICO BRANCO, FOLHA LEVE OU MÉDIA, E BATENTE METÁLICO, 70X210CM, FIXAÇÃO COM ARGAMASSA - FORNECIMENTO E INSTALAÇÃO. AF_12/2019","UN",658.08]
[90796,"KIT DE PORTA-PRONTA DE MADEIRA EM ACABAMENTO MELAMÍNICO BRANCO, FOLHA LEVE OU MÉDIA, E BATENTE METÁLICO, 80X210CM, FIXAÇÃO COM ARGAMASSA - FORNECIMENTO E INSTALAÇÃO. AF_12/2019","UN",665.04]
[90797,"KIT DE PORTA-PRONTA DE MADEIRA EM ACABAMENTO MELAMÍNICO BRANCO, FOLHA LEVE OU MÉDIA, E BATENTE METÁLICO, 90X210CM, FIXAÇÃO COM ARGAMASSA - FORNECIMENTO E INSTALAÇÃO. AF_12/2019","UN",672.01]
[90798,"KIT DE PORTA-PRONTA DE MADEIRA EM ACABAMENTO MELAMÍNICO BRANCO, FOLHA PESADA OU SUPERPESADA, E BATENTE METÁLICO, 80X210CM, FIXAÇÃO COM ARGAMASSA - FORNECIMENTO E INSTALAÇÃO. AF_12/2019","UN",971.74]
[90799,"KIT DE PORTA-PRONTA DE MADEIRA EM ACABAMENTO MELAMÍNICO BRANCO, FOLHA PESADA OU SUPERPESADA, E BATENTE METÁLICO, 90X210CM, FIXAÇÃO COM ARGAMASSA - FORNECIMENTO E INSTALAÇÃO. AF_12/2019","UN",1003.18]
[90801,"BATENTE PARA PORTA DE MADEIRA, PADRÃO MÉDIO - FORNECIMENTO E MONTAGEM. AF_12/2019","UN",314.91000000000003]
[90806,"BATENTE PARA PORTA DE MADEIRA, FIXAÇÃO COM ARGAMASSA, PADRÃO MÉDIO - FORNECIMENTO E INSTALAÇÃO. AF_12/2019","UN",403.15]
[90820,"PORTA DE MADEIRA PARA PINTURA, SEMI-OCA (LEVE OU MÉDIA), 60X210CM, ESPESSURA DE 3,5CM, INCLUSO DOBRADIÇAS - FORNECIMENTO E INSTALAÇÃO. AF_12/2019","UN",304.06]
[90821,"PORTA DE MADEIRA PARA PINTURA, SEMI-OCA (LEVE OU MÉDIA), 70X210CM, ESPESSURA DE 3,5CM, INCLUSO DOBRADIÇAS - FORNECIMENTO E INSTALAÇÃO. AF_12/2019","UN",310.66000000000003]
[90822,"PORTA DE MADEIRA PARA PINTURA, SEMI-OCA (LEVE OU MÉDIA), 80X210CM, ESPESSURA DE 3,5CM, INCLUSO DOBRADIÇAS - FORNECIMENTO E INSTALAÇÃO. AF_12/2019","UN",332.73]
[90823,"PORTA DE MADEIRA PARA PINTURA, SEMI-OCA (LEVE OU MÉDIA), 90X210CM, ESPESSURA DE 3,5CM, INCLUSO DOBRADIÇAS - FORNECIMENTO E INSTALAÇÃO. AF_12/2019","UN",405.69]
[90824,"PORTA DE MADEIRA PARA PINTURA, SEMI-OCA (PESADA OU SUPERPESADA), 80X210CM, ESPESSURA DE 3,5CM, INCLUSO DOBRADIÇAS - FORNECIMENTO E INSTALAÇÃO. AF_12/2019","UN",574.85]
[90825,"PORTA DE MADEIRA, MACIÇA (PESADA OU SUPERPESADA), 90X210CM, ESPESSURA DE 3,5CM, INCLUSO DOBRADIÇAS - FORNECIMENTO E INSTALAÇÃO. AF_12/2019","UN",638.87]
[90830,"FECHADURA DE EMBUTIR COM CILINDRO, EXTERNA, COMPLETA, ACABAMENTO PADRÃO MÉDIO, INCLUSO EXECUÇÃO DE FURO - FORNECIMENTO E INSTALAÇÃO. AF_12/2019","UN",163.02000000000001]
[90831,"FECHADURA DE EMBUTIR PARA PORTA DE BANHEIRO, COMPLETA, ACABAMENTO PADRÃO MÉDIO, INCLUSO EXECUÇÃO DE FURO - FORNECIMENTO E INSTALAÇÃO. AF_12/2019","UN",142.46]
[90841,"KIT DE PORTA DE MADEIRA PARA PINTURA, SEMI-OCA (LEVE OU MÉDIA), PADRÃO MÉDIO, 60X210CM, ESPESSURA DE 3,5CM, ITENS INCLUSOS: DOBRADIÇAS, MONTAGEM E INSTALAÇÃO DO BATENTE, FECHADURA COM EXECUÇÃO DO FURO - FORNECIMENTO E INSTALAÇÃO. AF_12/2019","UN",961.03]
[90842,"KIT DE PORTA DE MADEIRA PARA PINTURA, SEMI-OCA (LEVE OU MÉDIA), PADRÃO MÉDIO, 70X210CM, ESPESSURA DE 3,5CM, ITENS INCLUSOS: DOBRADIÇAS, MONTAGEM E INSTALAÇÃO DO BATENTE, FECHADURA COM EXECUÇÃO DO FURO - FORNECIMENTO E INSTALAÇÃO. AF_12/2019","UN",969.95]
[90843,"KIT DE PORTA DE MADEIRA PARA PINTURA, SEMI-OCA (LEVE OU MÉDIA), PADRÃO MÉDIO, 80X210CM, ESPESSURA DE 3,5CM, ITENS INCLUSOS: DOBRADIÇAS, MONTAGEM E INSTALAÇÃO DO BATENTE, FECHADURA COM EXECUÇÃO DO FURO - FORNECIMENTO E INSTALAÇÃO. AF_12/2019","UN",1014.9]
[90844,"KIT DE PORTA DE MADEIRA PARA PINTURA, SEMI-OCA (LEVE OU MÉDIA), PADRÃO MÉDIO, 90X210CM, ESPESSURA DE 3,5CM, ITENS INCLUSOS: DOBRADIÇAS, MONTAGEM E INSTALAÇÃO DO BATENTE, FECHADURA COM EXECUÇÃO DO FURO - FORNECIMENTO E INSTALAÇÃO. AF_12/2019","UN",1090.18]
[90845,"KIT DE PORTA DE MADEIRA PARA PINTURA, SEMI-OCA (PESADA OU SUPERPESADA), PADRÃO MÉDIO, 80X210CM, ESPESSURA DE 3,5CM, ITENS INCLUSOS: DOBRADIÇAS, MONTAGEM E INSTALAÇÃO DO BATENTE, FECHADURA COM EXECUÇÃO DO FURO - FORNECIMENTO E INSTALAÇÃO. AF_12/2019","UN",1257.02]
[90846,"KIT DE PORTA DE MADEIRA PARA PINTURA, SEMI-OCA (PESADA OU SUPERPESADA), PADRÃO MÉDIO, 90X210CM, ESPESSURA DE 3,5CM, ITENS INCLUSOS: DOBRADIÇAS, MONTAGEM E INSTALAÇÃO DO BATENTE, FECHADURA COM EXECUÇÃO DO FURO - FORNECIMENTO E INSTALAÇÃO. AF_12/2019","UN",1323.36]
[90847,"KIT DE PORTA DE MADEIRA PARA PINTURA, SEMI-OCA (LEVE OU MÉDIA), PADRÃO MÉDIO, 60X210CM, ESPESSURA DE 3,5CM, ITENS INCLUSOS: DOBRADIÇAS, MONTAGEM E INSTALAÇÃO DO BATENTE, SEM FECHADURA - FORNECIMENTO E INSTALAÇÃO. AF_12/2019","UN",818.57]
[90848,"KIT DE PORTA DE MADEIRA PARA PINTURA, SEMI-OCA (LEVE OU MÉDIA), PADRÃO MÉDIO, 70X210CM, ESPESSURA DE 3,5CM, ITENS INCLUSOS: DOBRADIÇAS, MONTAGEM E INSTALAÇÃO DO BATENTE, SEM FECHADURA - FORNECIMENTO E INSTALAÇÃO. AF_12/2019","UN",827.49]
[90849,"KIT DE PORTA DE MADEIRA PARA PINTURA, SEMI-OCA (LEVE OU MÉDIA), PADRÃO MÉDIO, 80X210CM, ESPESSURA DE 3,5CM, ITENS INCLUSOS: DOBRADIÇAS, MONTAGEM E INSTALAÇÃO DO BATENTE, SEM FECHADURA - FORNECIMENTO E INSTALAÇÃO. AF_12/2019","UN",851.88]
[90850,"KIT DE PORTA DE MADEIRA PARA PINTURA, SEMI-OCA (LEVE OU MÉDIA), PADRÃO MÉDIO, 90X210CM, ESPESSURA DE 3,5CM, ITENS INCLUSOS: DOBRADIÇAS, MONTAGEM E INSTALAÇÃO DO BATENTE, SEM FECHADURA - FORNECIMENTO E INSTALAÇÃO. AF_12/2019","UN",927.16]
[90851,"KIT DE PORTA DE MADEIRA PARA PINTURA, SEMI-OCA (PESADA OU SUPERPESADA), PADRÃO MÉDIO, 80X210CM, ESPESSURA DE 3,5CM, ITENS INCLUSOS: DOBRADIÇAS, MONTAGEM E INSTALAÇÃO DO BATENTE, SEM FECHADURA - FORNECIMENTO E INSTALAÇÃO. AF_12/2019","UN",1094]
[90852,"KIT DE PORTA DE MADEIRA PARA PINTURA, SEMI-OCA (PESADA OU SUPERPESADA), PADRÃO MÉDIO, 90X210CM, ESPESSURA DE 3,5CM, ITENS INCLUSOS: DOBRADIÇAS, MONTAGEM E INSTALAÇÃO DO BATENTE, SEM FECHADURA - FORNECIMENTO E INSTALAÇÃO. AF_12/2019","UN",1160.3399999999999]
[91009,"PORTA DE MADEIRA PARA VERNIZ, SEMI-OCA (LEVE OU MÉDIA), 60X210CM, ESPESSURA DE 3,5CM, INCLUSO DOBRADIÇAS - FORNECIMENTO E INSTALAÇÃO. AF_12/2019","UN",314.24]
[91010,"PORTA DE MADEIRA PARA VERNIZ, SEMI-OCA (LEVE OU MÉDIA), 70X210CM, ESPESSURA DE 3,5CM, INCLUSO DOBRADIÇAS - FORNECIMENTO E INSTALAÇÃO. AF_12/2019","UN",321.33]
[91011,"PORTA DE MADEIRA PARA VERNIZ, SEMI-OCA (LEVE OU MÉDIA), 80X210CM, ESPESSURA DE 3,5CM, INCLUSO DOBRADIÇAS - FORNECIMENTO E INSTALAÇÃO. AF_12/2019","UN",374.09]
[91012,"PORTA DE MADEIRA PARA VERNIZ, SEMI-OCA (LEVE OU MÉDIA), 90X210CM, ESPESSURA DE 3,5CM, INCLUSO DOBRADIÇAS - FORNECIMENTO E INSTALAÇÃO. AF_12/2019","UN",414.72]
[91013,"KIT DE PORTA DE MADEIRA PARA VERNIZ, SEMI-OCA (LEVE OU MÉDIA), PADRÃO MÉDIO, 60X210CM, ESPESSURA DE 3,5CM, ITENS INCLUSOS: DOBRADIÇAS, MONTAGEM E INSTALAÇÃO DO BATENTE, SEM FECHADURA - FORNECIMENTO E INSTALAÇÃO. AF_12/2019","UN",828.75]
[91014,"KIT DE PORTA DE MADEIRA PARA VERNIZ, SEMI-OCA (LEVE OU MÉDIA), PADRÃO MÉDIO, 70X210CM, ESPESSURA DE 3,5CM, ITENS INCLUSOS: DOBRADIÇAS, MONTAGEM E INSTALAÇÃO DO BATENTE, SEM FECHADURA - FORNECIMENTO E INSTALAÇÃO. AF_12/2019","UN",838.16]
[91015,"KIT DE PORTA DE MADEIRA PARA VERNIZ, SEMI-OCA (LEVE OU MÉDIA), PADRÃO MÉDIO, 80X210CM, ESPESSURA DE 3,5CM, ITENS INCLUSOS: DOBRADIÇAS, MONTAGEM E INSTALAÇÃO DO BATENTE, SEM FECHADURA - FORNECIMENTO E INSTALAÇÃO. AF_12/2019","UN",893.24]
[91016,"KIT DE PORTA DE MADEIRA PARA VERNIZ, SEMI-OCA (LEVE OU MÉDIA), PADRÃO MÉDIO, 90X210CM, ESPESSURA DE 3,5CM, ITENS INCLUSOS: DOBRADIÇAS, MONTAGEM E INSTALAÇÃO DO BATENTE, SEM FECHADURA - FORNECIMENTO E INSTALAÇÃO. AF_12/2019","UN",936.19]
[91287,"BATENTE PARA PORTA DE MADEIRA, PADRÃO POPULAR - FORNECIMENTO E MONTAGEM. AF_12/2019","UN",234.59]
[91292,"BATENTE PARA PORTA DE MADEIRA, FIXAÇÃO COM ARGAMASSA, PADRÃO POPULAR. FORNECIMENTO E INSTALAÇÃO. AF_12/2019","UN",322.83]
[91295,"PORTA DE MADEIRA FRISADA, SEMI-OCA (LEVE OU MÉDIA), 60X210CM, ESPESSURA DE 3CM, INCLUSO DOBRADIÇAS - FORNECIMENTO E INSTALAÇÃO. AF_12/2019","UN",323.06]
[91296,"PORTA DE MADEIRA FRISADA, SEMI-OCA (LEVE OU MÉDIA), 70X210CM, ESPESSURA DE 3CM, INCLUSO DOBRADIÇAS - FORNECIMENTO E INSTALAÇÃO. AF_12/2019","UN",345.97]
[91297,"PORTA DE MADEIRA FRISADA, SEMI-OCA (LEVE OU MÉDIA), 80X210CM, ESPESSURA DE 3,5CM, INCLUSO DOBRADIÇAS - FORNECIMENTO E INSTALAÇÃO. AF_12/2019","UN",379.97]
[91298,"PORTA DE MADEIRA TIPO VENEZIANA, 80X210CM, ESPESSURA DE 3CM, INCLUSO DOBRADIÇAS - FORNECIMENTO E INSTALAÇÃO. AF_12/2019","UN",1058.5999999999999]
[91299,"PORTA DE MADEIRA, TIPO MEXICANA, MACIÇA (PESADA OU SUPERPESADA), 80X210CM, ESPESSURA DE 3,5CM, INCLUSO DOBRADIÇAS - FORNECIMENTO E INSTALAÇÃO. AF_12/2019","UN",1488.27]
[91304,"FECHADURA DE EMBUTIR COM CILINDRO, EXTERNA, COMPLETA, ACABAMENTO PADRÃO POPULAR, INCLUSO EXECUÇÃO DE FURO - FORNECIMENTO E INSTALAÇÃO. AF_12/2019","UN",100.94]
[91305,"FECHADURA DE EMBUTIR PARA PORTA DE BANHEIRO, COMPLETA, ACABAMENTO PADRÃO POPULAR, INCLUSO EXECUÇÃO DE FURO - FORNECIMENTO E INSTALAÇÃO. AF_12/2019","UN",99.75]
[91306,"FECHADURA DE EMBUTIR PARA PORTAS INTERNAS, COMPLETA, ACABAMENTO PADRÃO MÉDIO, COM EXECUÇÃO DE FURO - FORNECIMENTO E INSTALAÇÃO. AF_12/2019","UN",142.46]
[91307,"FECHADURA DE EMBUTIR PARA PORTAS INTERNAS, COMPLETA, ACABAMENTO PADRÃO POPULAR, COM EXECUÇÃO DE FURO - FORNECIMENTO E INSTALAÇÃO. AF_12/2019","UN",85.34]
[91312,"KIT DE PORTA DE MADEIRA PARA PINTURA, SEMI-OCA (LEVE OU MÉDIA), PADRÃO POPULAR, 60X210CM, ESPESSURA DE 3,5CM, ITENS INCLUSOS: DOBRADIÇAS, MONTAGEM E INSTALAÇÃO DO BATENTE, FECHADURA COM EXECUÇÃO DO FURO - FORNECIMENTO E INSTALAÇÃO. AF_12/2019","UN",803.34]
[91313,"KIT DE PORTA DE MADEIRA PARA PINTURA, SEMI-OCA (LEVE OU MÉDIA), PADRÃO POPULAR, 70X210CM, ESPESSURA DE 3,5CM, ITENS INCLUSOS: DOBRADIÇAS, MONTAGEM E INSTALAÇÃO DO BATENTE, FECHADURA COM EXECUÇÃO DO FURO - FORNECIMENTO E INSTALAÇÃO. AF_12/2019","UN",797.13]
[91314,"KIT DE PORTA DE MADEIRA PARA PINTURA, SEMI-OCA (LEVE OU MÉDIA), PADRÃO POPULAR, 80X210CM, ESPESSURA DE 3,5CM, ITENS INCLUSOS: DOBRADIÇAS, MONTAGEM E INSTALAÇÃO DO BATENTE, FECHADURA COM EXECUÇÃO DO FURO - FORNECIMENTO E INSTALAÇÃO. AF_12/2019","UN",836.4]
[91315,"KIT DE PORTA DE MADEIRA PARA PINTURA, SEMI-OCA (LEVE OU MÉDIA), PADRÃO POPULAR, 90X210CM, ESPESSURA DE 3,5CM, ITENS INCLUSOS: DOBRADIÇAS, MONTAGEM E INSTALAÇÃO DO BATENTE, FECHADURA COM EXECUÇÃO DO FURO - FORNECIMENTO E INSTALAÇÃO. AF_12/2019","UN",910.95]
[91316,"KIT DE PORTA DE MADEIRA PARA PINTURA, SEMI-OCA (PESADA OU SUPERPESADA), PADRÃO POPULAR, 80X210CM, ESPESSURA DE 3,5CM, ITENS INCLUSOS: DOBRADIÇAS, MONTAGEM E INSTALAÇÃO DO BATENTE, FECHADURA COM EXECUÇÃO DO FURO - FORNECIMENTO E INSTALAÇÃO. AF_12/2019","UN",1078.52]
[91317,"KIT DE PORTA DE MADEIRA PARA PINTURA, SEMI-OCA (PESADA OU SUPERPESADA), PADRÃO POPULAR, 90X210CM, ESPESSURA DE 3,5CM, ITENS INCLUSOS: DOBRADIÇAS, MONTAGEM E INSTALAÇÃO DO BATENTE, FECHADURA COM EXECUÇÃO DO FURO - FORNECIMENTO E INSTALAÇÃO. AF_12/2019","UN",1144.1300000000001]
[91318,"KIT DE PORTA DE MADEIRA PARA PINTURA, SEMI-OCA (LEVE OU MÉDIA), PADRÃO POPULAR, 60X210CM, ESPESSURA DE 3,5CM, ITENS INCLUSOS: DOBRADIÇAS, MONTAGEM E INSTALAÇÃO DO BATENTE, SEM FECHADURA - FORNECIMENTO E INSTALAÇÃO. AF_12/2019","UN",703.59]
[91319,"KIT DE PORTA DE MADEIRA PARA PINTURA, SEMI-OCA (LEVE OU MÉDIA), PADRÃO POPULAR, 70X210CM, ESPESSURA DE 3,5CM, ITENS INCLUSOS: DOBRADIÇAS, MONTAGEM E INSTALAÇÃO DO BATENTE, SEM FECHADURA - FORNECIMENTO E INSTALAÇÃO. AF_12/2019","UN",711.79]
[91320,"KIT DE PORTA DE MADEIRA PARA PINTURA, SEMI-OCA (LEVE OU MÉDIA), PADRÃO POPULAR, 80X210CM, ESPESSURA DE 3,5CM, ITENS INCLUSOS: DOBRADIÇAS, MONTAGEM E INSTALAÇÃO DO BATENTE, SEM FECHADURA - FORNECIMENTO E INSTALAÇÃO. AF_12/2019","UN",735.46]
[91321,"KIT DE PORTA DE MADEIRA PARA PINTURA, SEMI-OCA (LEVE OU MÉDIA), PADRÃO POPULAR, 90X210CM, ESPESSURA DE 3,5CM, ITENS INCLUSOS: DOBRADIÇAS, MONTAGEM E INSTALAÇÃO DO BATENTE, SEM FECHADURA - FORNECIMENTO E INSTALAÇÃO. AF_12/2019","UN",810.01]
[91322,"KIT DE PORTA DE MADEIRA PARA PINTURA, SEMI-OCA (PESADA OU SUPERPESADA), PADRÃO POPULAR, 80X210CM, ESPESSURA DE 3,5CM, ITENS INCLUSOS: DOBRADIÇAS, MONTAGEM E INSTALAÇÃO DO BATENTE, SEM FECHADURA - FORNECIMENTO E INSTALAÇÃO. AF_12/2019","UN",977.58]
[91323,"KIT DE PORTA DE MADEIRA PARA PINTURA, SEMI-OCA (PESADA OU SUPERPESADA), PADRÃO POPULAR, 90X210CM, ESPESSURA DE 3,5CM, ITENS INCLUSOS: DOBRADIÇAS, MONTAGEM E INSTALAÇÃO DO BATENTE, SEM FECHADURA - FORNECIMENTO E INSTALAÇÃO. AF_12/2019","UN",1043.19]
[91324,"KIT DE PORTA DE MADEIRA PARA VERNIZ, SEMI-OCA (LEVE OU MÉDIA), PADRÃO POPULAR, 60X210CM, ESPESSURA DE 3,5CM, ITENS INCLUSOS: DOBRADIÇAS, MONTAGEM E INSTALAÇÃO DO BATENTE, SEM FECHADURA - FORNECIMENTO E INSTALAÇÃO. AF_12/2019","UN",713.77]
[91325,"KIT DE PORTA DE MADEIRA PARA VERNIZ, SEMI-OCA (LEVE OU MÉDIA), PADRÃO POPULAR, 70X210CM, ESPESSURA DE 3,5CM, ITENS INCLUSOS: DOBRADIÇAS, MONTAGEM E INSTALAÇÃO DO BATENTE, SEM FECHADURA - FORNECIMENTO E INSTALAÇÃO. AF_12/2019","UN",722.46]
[91326,"KIT DE PORTA DE MADEIRA PARA VERNIZ, SEMI-OCA (LEVE OU MÉDIA), PADRÃO POPULAR, 80X210CM, ESPESSURA DE 3,5CM, ITENS INCLUSOS: DOBRADIÇAS, MONTAGEM E INSTALAÇÃO DO BATENTE, SEM FECHADURA - FORNECIMENTO E INSTALAÇÃO. AF_12/2019","UN",776.82]
[91327,"KIT DE PORTA DE MADEIRA PARA VERNIZ, SEMI-OCA (LEVE OU MÉDIA), PADRÃO POPULAR, 90X210CM, ESPESSURA DE 3,5CM, ITENS INCLUSOS: DOBRADIÇAS, MONTAGEM E INSTALAÇÃO DO BATENTE, SEM FECHADURA - FORNECIMENTO E INSTALAÇÃO. AF_12/2019","UN",819.04]
[91328,"KIT DE PORTA DE MADEIRA FRISADA, SEMI-OCA (LEVE OU MÉDIA), PADRÃO MÉDIO 60X210CM, ESPESSURA DE 3CM, ITENS INCLUSOS: DOBRADIÇAS, MONTAGEM E INSTALAÇÃO DO BATENTE, SEM FECHADURA - FORNECIMENTO E INSTALAÇÃO. AF_12/2019","UN",837.57]
[91329,"KIT DE PORTA DE MADEIRA FRISADA, SEMI-OCA (LEVE OU MÉDIA), PADRÃO POPULAR, 60X210CM, ESPESSURA DE 3CM, ITENS INCLUSOS: DOBRADIÇAS, MONTAGEM E INSTALAÇÃO DO BATENTE, SEM FECHADURA - FORNECIMENTO E INSTALAÇÃO. AF_12/2019","UN",722.59]
[91330,"KIT DE PORTA DE MADEIRA FRISADA, SEMI-OCA (LEVE OU MÉDIA), PADRÃO MÉDIO, 70X210CM, ESPESSURA DE 3CM, ITENS INCLUSOS: DOBRADIÇAS, MONTAGEM E INSTALAÇÃO DO BATENTE, SEM FECHADURA - FORNECIMENTO E INSTALAÇÃO. AF_12/2019","UN",862.8]
[91331,"KIT DE PORTA DE MADEIRA FRISADA, SEMI-OCA (LEVE OU MÉDIA), PADRÃO POPULAR, 70X210CM, ESPESSURA DE 3CM, ITENS INCLUSOS: DOBRADIÇAS, MONTAGEM E INSTALAÇÃO DO BATENTE, SEM FECHADURA - FORNECIMENTO E INSTALAÇÃO. AF_12/2019","UN",747.1]
[91332,"KIT DE PORTA DE MADEIRA FRISADA, SEMI-OCA (LEVE OU MÉDIA), PADRÃO MÉDIO, 80X210CM, ESPESSURA DE 3,5CM, ITENS INCLUSOS: DOBRADIÇAS, MONTAGEM E INSTALAÇÃO DO BATENTE, SEM FECHADURA - FORNECIMENTO E INSTALAÇÃO. AF_12/2019","UN",899.12]
[91333,"KIT DE PORTA DE MADEIRA FRISADA, SEMI-OCA (LEVE OU MÉDIA), PADRÃO POPULAR, 80X210CM, ESPESSURA DE 3,5CM, ITENS INCLUSOS: DOBRADIÇAS, MONTAGEM E INSTALAÇÃO DO BATENTE, SEM FECHADURA - FORNECIMENTO E INSTALAÇÃO. AF_12/2019","UN",782.7]
[91334,"KIT DE PORTA DE MADEIRA TIPO VENEZIANA, PADRÃO MÉDIO, 80X210CM, ESPESSURA DE 3CM, ITENS INCLUSOS: DOBRADIÇAS, MONTAGEM E INSTALAÇÃO DO BATENTE, SEM FECHADURA - FORNECIMENTO E INSTALAÇÃO. AF_12/2019","UN",1577.75]
[91335,"KIT DE PORTA DE MADEIRA TIPO VENEZIANA, PADRÃO POPULAR, 80X210CM, ESPESSURA DE 3CM, ITENS INCLUSOS: DOBRADIÇAS, MONTAGEM E INSTALAÇÃO DO BATENTE, SEM FECHADURA - FORNECIMENTO E INSTALAÇÃO. AF_12/2019","UN",1461.33]
[91336,"KIT DE PORTA DE MADEIRA TIPO MEXICANA, MACIÇA (PESADA OU SUPERPESADA), PADRÃO MÉDIO, 80X210CM, ESPESSURA DE 3CM, ITENS INCLUSOS: DOBRADIÇAS, MONTAGEM E INSTALAÇÃO DO BATENTE, SEM FECHADURA - FORNECIMENTO E INSTALAÇÃO. AF_12/2019","UN",2007.42]
[91337,"KIT DE PORTA DE MADEIRA TIPO MEXICANA, MACIÇA (PESADA OU SUPERPESADA), PADRÃO POPULAR, 80X210CM, ESPESSURA DE 3CM, ITENS INCLUSOS: DOBRADIÇAS, MONTAGEM E INSTALAÇÃO DO BATENTE, SEM FECHADURA - FORNECIMENTO E INSTALAÇÃO. AF_12/2019","UN",1891]
[100659,"ALIZAR DE 5X1,5CM PARA PORTA FIXADO COM PREGOS, PADRÃO MÉDIO - FORNECIMENTO E INSTALAÇÃO. AF_12/2019","M",11.6]
[100660,"ALIZAR DE 5X1,5CM PARA PORTA FIXADO COM PREGOS, PADRÃO POPULAR - FORNECIMENTO E INSTALAÇÃO. AF_12/2019","M",7.99]
[100675,"KIT DE PORTA-PRONTA DE MADEIRA EM ACABAMENTO MELAMÍNICO BRANCO, FOLHA LEVE OU MÉDIA, 90X210, EXCLUSIVE FECHADURA, FIXAÇÃO COM PREENCHIMENTO TOTAL DE ESPUMA EXPANSIVA - FORNECIMENTO E INSTALAÇÃO. AF_12/2019","UN",856.65]
[100676,"BATENTE PARA PORTA COM BANDEIRA, FIXAÇÃO COM PARAFUSO E BUCHA. AF_12/2019","UN",197.7]
[100678,"KIT DE PORTA DE MADEIRA PARA VERNIZ, SEMI-OCA (LEVE OU MÉDIA), PADRÃO MÉDIO, 60X210CM, ESPESSURA DE 3,5CM, ITENS INCLUSOS: DOBRADIÇAS, MONTAGEM E INSTALAÇÃO DE BATENTE, FECHADURA COM EXECUÇÃO DO FURO - FORNECIMENTO E INSTALAÇÃO. AF_12/2019","UN",971.21]
[100679,"KIT DE PORTA DE MADEIRA PARA VERNIZ, SEMI-OCA (LEVE OU MÉDIA), PADRÃO POPULAR, 60X210CM, ESPESSURA DE 3,5CM, ITENS INCLUSOS: DOBRADIÇAS, MONTAGEM E INSTALAÇÃO DE BATENTE, FECHADURA COM EXECUÇÃO DO FURO - FORNECIMENTO E INSTALAÇÃO. AF_12/2019","UN",813.52]
[100680,"KIT DE PORTA DE MADEIRA PARA VERNIZ, SEMI-OCA (LEVE OU MÉDIA), PADRÃO MÉDIO, 70X210CM, ESPESSURA DE 3,5CM, ITENS INCLUSOS: DOBRADIÇAS, MONTAGEM E INSTALAÇÃO DE BATENTE, FECHADURA COM EXECUÇÃO DO FURO - FORNECIMENTO E INSTALAÇÃO. AF_12/2019","UN",980.62]
[100681,"KIT DE PORTA DE MADEIRA FRISADA, SEMI-OCA (LEVE OU MÉDIA), PADRÃO MÉDIO, 70X210CM, ESPESSURA DE 3CM, ITENS INCLUSOS: DOBRADIÇAS, MONTAGEM E INSTALAÇÃO DE BATENTE, FECHADURA COM EXECUÇÃO DO FURO - FORNECIMENTO E INSTALAÇÃO. AF_12/2019","UN",1005.26]
[100682,"KIT DE PORTA DE MADEIRA FRISADA, SEMI-OCA (LEVE OU MÉDIA), PADRÃO POPULAR, 70X210CM, ESPESSURA DE 3CM, ITENS INCLUSOS: DOBRADIÇAS, MONTAGEM E INSTALAÇÃO DE BATENTE, FECHADURA COM EXECUÇÃO DO FURO - FORNECIMENTO E INSTALAÇÃO. AF_12/2019","UN",832.44]
[100683,"KIT DE PORTA DE MADEIRA PARA VERNIZ, SEMI-OCA (LEVE OU MÉDIA), PADRÃO MÉDIO, 80X210CM, ESPESSURA DE 3,5CM, ITENS INCLUSOS: DOBRADIÇAS, MONTAGEM E INSTALAÇÃO DE BATENTE, FECHADURA COM EXECUÇÃO DO FURO - FORNECIMENTO E INSTALAÇÃO. AF_12/2019","UN",1056.26]
[100684,"KIT DE PORTA DE MADEIRA PARA VERNIZ, SEMI-OCA (LEVE OU MÉDIA), PADRÃO POPULAR, 80X210CM, ESPESSURA DE 3,5CM, ITENS INCLUSOS: DOBRADIÇAS, MONTAGEM E INSTALAÇÃO DE BATENTE, FECHADURA COM EXECUÇÃO DO FURO - FORNECIMENTO E INSTALAÇÃO. AF_12/2019","UN",877.76]
[100685,"KIT DE PORTA DE MADEIRA PARA VERNIZ, SEMI-OCA (LEVE OU MÉDIA), PADRÃO MÉDIO, 90X210CM, ESPESSURA DE 3,5CM, ITENS INCLUSOS: DOBRADIÇAS, MONTAGEM E INSTALAÇÃO DE BATENTE, FECHADURA COM EXECUÇÃO DO FURO - FORNECIMENTO E INSTALAÇÃO. AF_12/2019","UN",1099.21]
[100686,"KIT DE PORTA DE MADEIRA PARA VERNIZ, SEMI-OCA (LEVE OU MÉDIA), PADRÃO POPULAR, 90X210CM, ESPESSURA DE 3CM, ITENS INCLUSOS: DOBRADIÇAS, MONTAGEM E INSTALAÇÃO DE BATENTE, FECHADURA COM EXECUÇÃO DO FURO - FORNECIMENTO E INSTALAÇÃO. AF_12/2019","UN",919.98]
[100687,"KIT DE PORTA DE MADEIRA FRISADA, SEMI-OCA (LEVE OU MÉDIA), PADRÃO MÉDIO, 60X210CM, ESPESSURA DE 3,5CM, ITENS INCLUSOS: DOBRADIÇAS, MONTAGEM E INSTALAÇÃO DE BATENTE, FECHADURA COM EXECUÇÃO DO FURO - FORNECIMENTO E INSTALAÇÃO. AF_12/2019","UN",980.03]
[100688,"KIT DE PORTA DE MADEIRA FRISADA, SEMI-OCA (LEVE OU MÉDIA), PADRÃO POPULAR, 60X210CM, ESPESSURA DE 3CM, ITENS INCLUSOS: DOBRADIÇAS, MONTAGEM E INSTALAÇÃO DE BATENTE, FECHADURA COM EXECUÇÃO DO FURO - FORNECIMENTO E INSTALAÇÃO. AF_12/2019","UN",822.34]
[100689,"KIT DE PORTA DE MADEIRA FRISADA, SEMI-OCA (LEVE OU MÉDIA), PADRÃO MÉDIO, 80X210CM, ESPESSURA DE 3,5CM, ITENS INCLUSOS: DOBRADIÇAS, MONTAGEM E INSTALAÇÃO DE BATENTE, FECHADURA COM EXECUÇÃO DO FURO - FORNECIMENTO E INSTALAÇÃO. AF_12/2019","UN",1062.1400000000001]
[100690,"KIT DE PORTA DE MADEIRA FRISADA, SEMI-OCA (LEVE OU MÉDIA), PADRÃO POPULAR, 80X210CM, ESPESSURA DE 3,5CM, ITENS INCLUSOS: DOBRADIÇAS, MONTAGEM E INSTALAÇÃO DE BATENTE, FECHADURA COM EXECUÇÃO DO FURO - FORNECIMENTO E INSTALAÇÃO. AF_12/2019","UN",883.64]
[100691,"KIT DE PORTA DE MADEIRA TIPO VENEZIANA, 80X210CM (ESPESSURA DE 3CM), PADRÃO MÉDIO, ITENS INCLUSOS: DOBRADIÇAS, MONTAGEM E INSTALAÇÃO DE BATENTE, FECHADURA COM EXECUÇÃO DO FURO - FORNECIMENTO E INSTALAÇÃO. AF_12/2019","UN",1740.77]
[100692,"KIT DE PORTA DE MADEIRA TIPO VENEZIANA, 80X210CM (ESPESSURA DE 3CM), PADRÃO POPULAR, ITENS INCLUSOS: DOBRADIÇAS, MONTAGEM E INSTALAÇÃO DE BATENTE, FECHADURA COM EXECUÇÃO DO FURO - FORNECIMENTO E INSTALAÇÃO. AF_12/2019","UN",1562.27]
[100693,"KIT DE PORTA DE MADEIRA TIPO MEXICANA, MACIÇA (PESADA OU SUPERPESADA), PADRÃO MÉDIO, 80X210CM, ESPESSURA DE 3,5CM, ITENS INCLUSOS: DOBRADIÇAS, MONTAGEM E INSTALAÇÃO DE BATENTE, FECHADURA COM EXECUÇÃO DO FURO - FORNECIMENTO E INSTALAÇÃO. AF_12/2019","UN",2170.44]
[100694,"KIT DE PORTA DE MADEIRA TIPO MEXICANA, MACIÇA (PESADA OU SUPERPESADA), PADRÃO POPULAR, 80X210CM, ESPESSURA DE 3,5CM, ITENS INCLUSOS: DOBRADIÇAS, MONTAGEM E INSTALAÇÃO DE BATENTE, FECHADURA COM EXECUÇÃO DO FURO - FORNECIMENTO E INSTALAÇÃO. AF_12/2019","UN",1991.94]
[100695,"RECOLOCAÇÃO DE FOLHAS DE PORTA DE MADEIRA LEVE OU MÉDIA DE 60CM DE LARGURA, CONSIDERANDO REAPROVEITAMENTO DO MATERIAL. AF_12/2019","UN",60.24]
[100696,"RECOLOCAÇÃO DE FOLHAS DE PORTA DE MADEIRA LEVE OU MÉDIA DE 70CM DE LARGURA, CONSIDERANDO REAPROVEITAMENTO DO MATERIAL. AF_12/2019","UN",66.87]
[100697,"RECOLOCAÇÃO DE FOLHAS DE PORTA DE MADEIRA LEVE OU MÉDIA DE 80CM DE LARGURA, CONSIDERANDO REAPROVEITAMENTO DO MATERIAL. AF_12/2019","UN",73.55]
[100698,"RECOLOCAÇÃO DE FOLHAS DE PORTA DE MADEIRA LEVE OU MÉDIA DE 90CM DE LARGURA, CONSIDERANDO REAPROVEITAMENTO DO MATERIAL. AF_12/2019","UN",80.209999999999994]
[100699,"RECOLOCAÇÃO DE FOLHAS DE PORTA DE MADEIRA PESADA OU SUPERPESADA DE 80CM DE LARGURA, CONSIDERANDO REAPROVEITAMENTO DO MATERIAL. AF_12/2019","UN",95.95]
[100700,"PORTA DE MADEIRA COMPENSADA LISA PARA PINTURA, 120X210X3,5CM, 2 FOLHAS, INCLUSO ADUELA 2A, ALIZAR 2A E DOBRADIÇAS. AF_12/2019","UN",802.57]
[100712,"KIT DE PORTA DE MADEIRA PARA VERNIZ, SEMI-OCA (LEVE OU MÉDIA), PADRÃO POPULAR, 70X210CM, ESPESSURA DE 3,5CM, ITENS INCLUSOS: DOBRADIÇAS, MONTAGEM E INSTALAÇÃO DE BATENTE, FECHADURA COM EXECUÇÃO DO FURO - FORNECIMENTO E INSTALAÇÃO. AF_12/2019","UN",807.8]
[100665,"JANELA DE MADEIRA (CEDRINHO/ANGELIM OU EQUIV.) DE ABRIR COM 4 FOLHAS (2 VENEZIANAS E 2 GUILHOTINAS), COM BATENTE, ALIZAR E FERRAGENS, EXCLUSIVE VIDROS, ACABAMENTO E CONTRAMARCO, FIXAÇÃO C/ PARAFUSO E ESPUMA - FORNECIMENTO E INSTALAÇÃO. AF_11/2024","M2",890.21]
[100666,"JANELA DE MADEIRA (PINUS/EUCALIPTO OU EQUIV.) DE ABRIR COM 4 FOLHAS (2 VENEZIANAS E 2 GUILHOTINAS), COM BATENTE, ALIZAR E FERRAGENS, EXCLUSIVE VIDROS, ACABAMENTO E CONTRAMARCO, FIXAÇÃO C/ PARAFUSO E ESPUMA - FORNECIMENTO E INSTALAÇÃO. AF_11/2024","M2",708.18]
[100667,"JANELA DE MADEIRA (IMBUIA/CEDRO OU EQUIV.) DE ABRIR COM 4 FOLHAS (2 VENEZIANAS E 2 GUILHOTINAS), COM BATENTE, ALIZAR E FERRAGENS, EXCLUSIVE VIDROS, ACABAMENTO E CONTRAMARCO, FIXAÇÃO C/ PARAFUSO E ESPUMA - FORNECIMENTO E INSTALAÇÃO. AF_11/2024","M2",1147.55]
[100668,"JANELA DE MADEIRA (CEDRINHO/ANGELIM OU EQUIV.) TIPO MAXIM-AR, PARA VIDRO, COM BATENTE, ALIZAR E FERRAGENS, EXCLUSIVE VIDRO, ACABAMENTO E CONTRAMARCO, FIXAÇÃO C/ PARAFUSO E ESPUMA - FORNECIMENTO E INSTALAÇÃO. AF_11/2024","M2",1333.77]
[100669,"JANELA DE MADEIRA (PINUS/EUCALIPTO OU EQUIV.) TIPO BASCULANTE COM 2 FOLHAS PARA VIDRO, COM BATENTE, ALIZAR E FERRAGENS, EXCLUSIVE VIDROS, ACABAMENTO E CONTRAMARCO, FIXAÇÃO C/ PARAFUSO E ESPUMA - FORNECIMENTO E INSTALAÇÃO. AF_11/2024","M2",906.58]
[100670,"JANELA DE MADEIRA (CEDRINHO/ANGELIM OU EQUIV.) DE CORRER COM 6 FOLHAS (4 VENEZ. FIXAS E 2 DE CORRER), COM BATENTE, ALIZAR E FERRAGENS, EXCLUSIVE VIDROS, ACABAMENTO E CONTRAMARCO, FIXAÇÃO C/ PARAFUSO E ESPUMA - FORNECIMENTO E INSTALAÇÃO. AF_11/2024","M2",1100.93]
[100671,"JANELA DE MADEIRA (IMBUIA/CEDRO OU EQUIV) DE CORRER COM 6 FOLHAS (4 VENEZ. FIXAS E 2 DE CORRER), COM BATENTE, ALIZAR E FERRAGENS, EXCLUSIVE VIDROS, ACABAMENTO E CONTRAMARCO, FIXAÇÃO C/ PARAFUSO E ESPUMA - FORNECIMENTO E INSTALAÇÃO. AF_11/2024","M2",1362.63]
[100672,"JANELA DE MADEIRA (PINUS/EUCALIPTO OU EQUIV.) DE CORRER COM 6 FOLHAS (4 VENEZ. FIXAS E 2 DE CORRER), COM BATENTE, ALIZAR E FERRAGENS, EXCLUSIVE VIDROS, ACABAMENTO E CONTRAMARCO, FIXAÇÃO C/ PARAFUSO E ESPUMA - FORNECIMENTO E INSTALAÇÃO. AF_11/2024","M2",885.36]
[100701,"PORTA DE FERRO, DE ABRIR, TIPO GRADE COM CHAPA, COM GUARNIÇÕES. AF_12/2019","M2",598.51]
[94559,"JANELA DE AÇO TIPO BASCULANTE PARA VIDROS, COM BATENTE, FERRAGENS E PINTURA ANTICORROSIVA, EXCLUSIVE VIDROS, ACABAMENTO, ALIZAR E CONTRAMARCO, FIXAÇÃO COM ARGAMASSA. FORNECIMENTO E INSTALAÇÃO. AF_11/2024","M2",676.56]
[94562,"JANELA DE AÇO DE CORRER COM 4 FOLHAS PARA VIDRO, COM BATENTE, FERRAGENS E PINTURA ANTICORROSIVA, EXCLUSIVE VIDROS, ALIZAR E CONTRAMARCO, FIXAÇÃO COM ARGAMASSA. FORNECIMENTO E INSTALAÇÃO. AF_11/2024","M2",589.87]
[94587,"CONTRAMARCO DE AÇO, FIXAÇÃO COM ARGAMASSA - FORNECIMENTO E INSTALAÇÃO. AF_11/2024","M",58.57]
[94588,"CONTRAMARCO DE AÇO, FIXAÇÃO COM PARAFUSO - FORNECIMENTO E INSTALAÇÃO. AF_11/2024","M",68.849999999999994]
[105813,"JANELA DE AÇO GALVANIZADO TIPO MAXIM-AR, COM BATENTE, FERRAGENS, PINTURA ANTICORROSIVA E GRADE, 1 FOLHA, EXCLUSIVE ALIZAR E CONTRAMARCO, FIXAÇÃO COM ARGAMASSA - FORNECIMENTO E INSTALAÇÃO. AF_11/2024","M2",982.46]
[99837,"GUARDA-CORPO DE AÇO GALVANIZADO DE 1,10M, MONTANTES TUBULARES DE 1.1/4\" ESPAÇADOS DE 1,20M, TRAVESSA SUPERIOR DE 1.1/2\", GRADIL FORMADO POR TUBOS HORIZONTAIS DE 1\" E VERTICAIS DE 3/4\", FIXADO COM CHUMBADOR MECÂNICO. AF_04/2019_PS","M",606.16999999999996]
[99839,"GUARDA-CORPO DE AÇO GALVANIZADO DE 1,10M DE ALTURA, MONTANTES TUBULARES DE 1.1/2  ESPAÇADOS DE 1,20M, TRAVESSA SUPERIOR DE 2 , GRADIL FORMADO POR BARRAS CHATAS EM FERRO DE 32X4,8MM, FIXADO COM CHUMBADOR MECÂNICO. AF_04/2019_PS","M",482.6]
[99841,"GUARDA-CORPO PANORÂMICO COM PERFIS DE ALUMÍNIO E VIDRO LAMINADO 8 MM, FIXADO COM CHUMBADOR MECÂNICO. AF_04/2019_PS","M",961.08]
[99855,"CORRIMÃO SIMPLES, DIÂMETRO EXTERNO = 1 1/2\", EM AÇO GALVANIZADO. AF_04/2019_PS","M",113.99]
[99857,"CORRIMÃO SIMPLES, DIÂMETRO EXTERNO = 1 1/2\", EM ALUMÍNIO. AF_04/2019_PS","M",99.02]
[99861,"GRADIL EM FERRO FIXADO EM VÃOS DE JANELAS, FORMADO POR BARRAS CHATAS DE 25X4,8 MM. AF_04/2019","M2",571]
[99862,"GRADIL EM ALUMÍNIO FIXADO EM VÃOS DE JANELAS, FORMADO POR TUBOS DE 3/4\". AF_04/2019","M2",658.16]
[90838,"PORTA CORTA-FOGO 90X210X4CM - FORNECIMENTO E INSTALAÇÃO. AF_12/2019","UN",1505.23]
[91338,"PORTA DE ALUMÍNIO DE ABRIR COM LAMBRI, COM GUARNIÇÃO, FIXAÇÃO COM PARAFUSOS - FORNECIMENTO E INSTALAÇÃO. AF_12/2019","M2",774.53]
[91341,"PORTA EM ALUMÍNIO DE ABRIR TIPO VENEZIANA COM GUARNIÇÃO, FIXAÇÃO COM PARAFUSOS - FORNECIMENTO E INSTALAÇÃO. AF_12/2019","M2",588.34]
[94805,"PORTA DE ALUMÍNIO DE ABRIR PARA VIDRO SEM GUARNIÇÃO, 87X210CM, FIXAÇÃO COM PARAFUSOS, INCLUSIVE VIDROS - FORNECIMENTO E INSTALAÇÃO. AF_12/2019","UN",829.64]
[94806,"PORTA EM AÇO DE ABRIR PARA VIDRO SEM GUARNIÇÃO, 87X210CM, FIXAÇÃO COM PARAFUSOS, EXCLUSIVE VIDROS - FORNECIMENTO E INSTALAÇÃO. AF_12/2019","UN",700.61]
[94807,"PORTA EM AÇO DE ABRIR TIPO VENEZIANA SEM GUARNIÇÃO, 87X210CM, FIXAÇÃO COM PARAFUSOS - FORNECIMENTO E INSTALAÇÃO. AF_12/2019","UN",638.57000000000005]
[100702,"PORTA DE CORRER DE ALUMÍNIO, COM DUAS FOLHAS PARA VIDRO, INCLUSO VIDRO LISO INCOLOR, FECHADURA E PUXADOR, SEM ALIZAR. AF_12/2019","M2",444.88]
[102188,"MOLA HIDRAULICA DE PISO PARA PORTA DE VIDRO TEMPERADO. AF_01/2021","UN",858.4]
[102189,"JOGO DE FERRAGENS CROMADAS PARA PORTA DE VIDRO TEMPERADO, UMA FOLHA COMPOSTO DE DOBRADICAS SUPERIOR E INFERIOR, TRINCO, FECHADURA, CONTRA FECHADURA COM CAPUCHINHO SEM MOLA E PUXADOR. AF_01/2021","UN",224.39]
[100703,"PUXADOR CENTRAL PARA ESQUADRIA DE MADEIRA. AF_12/2019","UN",33.06]
[100704,"PORTA CADEADO ZINCADO OXIDADO PRETO COM CADEADO DE AÇO INOX, LARGURA DE *50* MM. AF_12/2019","UN",69.94]
[100705,"TARJETA TIPO LIVRE/OCUPADO PARA PORTA DE BANHEIRO. AF_12/2019","UN",80.78]
[100706,"CREMONA EM LATÃO CROMADO OU POLIDO, COMPLETA. AF_12/2019","UN",72.34]
[100707,"FECHO DE EMBUTIR TIPO UNHA 22CM. AF_12/2019","UN",147.96]
[100708,"FECHO DE EMBUTIR TIPO UNHA 40CM. AF_12/2019","UN",185.15]
[100709,"DOBRADIÇA EM AÇO/FERRO, 3\" X 21/2\", E=1,9 A 2MM, SEN ANEL, CROMADO OU ZINCADO, TAMPA BOLA, COM PARAFUSOS. AF_12/2019","UN",47.17]
[100710,"DOBRADIÇA TIPO VAI E VEM EM LATÃO POLIDO 3\". AF_12/2019","UN",114.09]
[102151,"INSTALAÇÃO DE VIDRO LISO INCOLOR, E = 3 MM, EM ESQUADRIA DE MADEIRA, FIXADO COM BAGUETE. AF_01/2021","M2",124.15]
[102152,"INSTALAÇÃO DE VIDRO LISO, E = 4 MM, EM ESQUADRIA DE MADEIRA, FIXADO COM BAGUETE. AF_01/2021","M2",136.59]
[102153,"INSTALAÇÃO DE VIDRO LISO FUME, E = 4 MM, EM ESQUADRIA DE MADEIRA, FIXADO COM BAGUETE. AF_01/2021","M2",169.75]
[102154,"INSTALAÇÃO DE VIDRO LISO INCOLOR, E = 5 MM, EM ESQUADRIA DE MADEIRA, FIXADO COM BAGUETE. AF_01/2021","M2",145.91999999999999]
[102155,"INSTALAÇÃO DE VIDRO LISO FUME, E = 5 MM, EM ESQUADRIA DE MADEIRA, FIXADO COM BAGUETE. AF_01/2021","M2",173.05]
[102156,"INSTALAÇÃO DE VIDRO LISO INCOLOR, E = 6 MM, EM ESQUADRIA DE MADEIRA, FIXADO COM BAGUETE. AF_01/2021","M2",163.84]
[102157,"INSTALAÇÃO DE VIDRO LISO FUME, E = 6 MM, EM ESQUADRIA DE MADEIRA, FIXADO COM BAGUETE. AF_01/2021","M2",221.89]
[102158,"INSTALAÇÃO DE VIDRO LISO INCOLOR, E = 8 MM, EM ESQUADRIA DE MADEIRA, FIXADO COM BAGUETE. AF_01/2021","M2",222.62]
[102159,"INSTALAÇÃO DE VIDRO LISO INCOLOR, E = 10 MM, EM ESQUADRIA DE MADEIRA, FIXADO COM BAGUETE. AF_01/2021","M2",263.62]
[102160,"INSTALAÇÃO DE VIDRO IMPRESSO, E = 4 MM, EM ESQUADRIA DE MADEIRA, FIXADO COM BAGUETE. AF_01/2021","M2",120]
[102161,"INSTALAÇÃO DE VIDRO LISO INCOLOR, E = 3 MM, EM ESQUADRIA DE ALUMÍNIO OU PVC, FIXADO COM BAGUETE. AF_01/2021_PS","M2",331.9]
[102162,"INSTALAÇÃO DE VIDRO LISO INCOLOR, E = 4 MM, EM ESQUADRIA DE ALUMÍNIO OU PVC, FIXADO COM BAGUETE. AF_01/2021_PS","M2",344.34]
[102163,"INSTALAÇÃO DE VIDRO LISO FUME, E = 4 MM, EM ESQUADRIA DE ALUMÍNIO OU PVC, FIXADO COM BAGUETE. AF_01/2021_PS","M2",377.5]
[102164,"INSTALAÇÃO DE VIDRO LISO INCOLOR, E = 5 MM, EM ESQUADRIA DE ALUMÍNIO OU PVC, FIXADO COM BAGUETE. AF_01/2021_PS","M2",315.51]
[102165,"INSTALAÇÃO DE VIDRO LISO FUME, E = 5 MM, EM ESQUADRIA DE ALUMÍNIO OU PVC, FIXADO COM BAGUETE. AF_01/2021_PS","M2",342.64]
[102166,"INSTALAÇÃO DE VIDRO LISO INCOLOR, E = 6 MM, EM ESQUADRIA DE ALUMÍNIO OU PVC, FIXADO COM BAGUETE. AF_01/2021_PS","M2",295.19]
[102167,"INSTALAÇÃO DE VIDRO LISO FUME, E = 6 MM, EM ESQUADRIA DE ALUMÍNIO OU PVC, FIXADO COM BAGUETE. AF_01/2021_PS","M2",353.24]
[102168,"INSTALAÇÃO DE VIDRO LISO INCOLOR, E = 8 MM, EM ESQUADRIA DE ALUMÍNIO OU PVC, FIXADO COM BAGUETE. AF_01/2021_PS","M2",319.97000000000003]
[102169,"INSTALAÇÃO DE VIDRO LISO INCOLOR, E = 10 MM, EM ESQUADRIA DE ALUMÍNIO OU PVC, FIXADO COM BAGUETE. AF_01/2021_PS","M2",348.4]
[102170,"INSTALAÇÃO DE VIDRO IMPRESSO, E = 4 MM, EM ESQUADRIA DE ALUMÍNIO OU PVC, FIXADO COM BAGUETE. AF_01/2021_PS","M2",327.75]
[102171,"INSTALAÇÃO DE VIDRO ARAMADO, E = 6 MM, EM ESQUADRIA DE ALUMÍNIO OU PVC, FIXADO COM BAGUETE. AF_01/2021_PS","M2",448.18]
[102172,"INSTALAÇÃO DE VIDRO ARAMADO, E = 7 MM, EM ESQUADRIA DE ALUMÍNIO OU PVC, FIXADO COM BAGUETE. AF_01/2021_PS","M2",411.28]
[102176,"INSTALAÇÃO DE VIDRO LAMINADO, E = 8 MM (4+4), ENCAIXADO EM PERFIL U. AF_01/2021_PS","M2",703.34]
[102177,"INSTALAÇÃO DE VIDRO LAMINADO, E = 12 MM (4+4+4), ENCAIXADO EM PERFIL U. AF_01/2021_PS","M2",1278.03]
[102178,"INSTALAÇÃO DE VIDRO LAMINADO, E = 15 MM (5+5+5), ENCAIXADO EM PERFIL U. AF_01/2021_PS","M2",1440.17]
[102179,"INSTALAÇÃO DE VIDRO TEMPERADO, E = 6 MM, ENCAIXADO EM PERFIL U. AF_01/2021_PS","M2",262.38]
[102180,"INSTALAÇÃO DE VIDRO TEMPERADO, E = 8 MM, ENCAIXADO EM PERFIL U. AF_01/2021_PS","M2",286.63]
[102181,"INSTALAÇÃO DE VIDRO TEMPERADO, E = 10 MM, ENCAIXADO EM PERFIL U. AF_01/2021_PS","M2",323.2]
[102182,"PORTA PIVOTANTE DE VIDRO TEMPERADO, 90X210 CM, ESPESSURA 10 MM, INCLUSIVE ACESSÓRIOS. AF_01/2021","UN",644.21]
[102183,"PORTA PIVOTANTE DE VIDRO TEMPERADO, 2 FOLHAS DE 90X210 CM, ESPESSURA DE 10MM, INCLUSIVE ACESSÓRIOS. AF_01/2021","UN",1298.52]
[102184,"PORTA DE ABRIR COM MOLA HIDRÁULICA, EM VIDRO TEMPERADO, 90X210 CM, ESPESSURA 10 MM, INCLUSIVE ACESSÓRIOS. AF_01/2021","UN",1483.86]
[102185,"PORTA DE ABRIR COM MOLA HIDRÁULICA, EM VIDRO TEMPERADO, 2 FOLHAS DE 90X210 CM, ESPESSURA DD 10MM, INCLUSIVE ACESSÓRIOS. AF_01/2021","UN",2977.54]
[102190,"REMOÇÃO DE VIDRO LISO COMUM DE ESQUADRIA COM BAGUETE DE MADEIRA. AF_01/2021","M2",15.5]
[102191,"REMOÇÃO DE VIDRO LISO COMUM DE ESQUADRIA COM BAGUETE DE ALUMÍNIO OU PVC. AF_01/2021","M2",18.829999999999998]
[102192,"REMOÇÃO DE VIDRO TEMPERADO FIXADO EM PERFIL U. AF_01/2021","M2",13.44]
[94569,"JANELA DE ALUMÍNIO TIPO MAXIM-AR, COM VIDROS, BATENTE E FERRAGENS, EXCLUSIVE ALIZAR, ACABAMENTO E CONTRAMARCO, FIXAÇÃO COM PARAFUSO. FORNECIMENTO E INSTALAÇÃO. AF_11/2024","M2",439.76]
[94570,"JANELA DE ALUMÍNIO DE CORRER COM 2 FOLHAS PARA VIDROS, COM VIDROS, BATENTE, ACABAMENTO COM ACETATO OU BRILHANTE E FERRAGENS, EXCLUSIVE ALIZAR E CONTRAMARCO, FIXAÇÃO COM PARAFUSO. FORNECIMENTO E INSTALAÇÃO. AF_11/2024","M2",230.46]
[94572,"JANELA DE ALUMÍNIO DE CORRER COM 3 FOLHAS (2 VENEZIANAS E 1 PARA VIDRO), COM VIDROS, BATENTE E FERRAGENS, EXCLUSIVE ACABAMENTO, ALIZAR E CONTRAMARCO, FIXAÇÃO COM PARAFUSO. FORNECIMENTO E INSTALAÇÃO. AF_11/2024","M2",327.81]
[94573,"JANELA DE ALUMÍNIO DE CORRER COM 4 FOLHAS PARA VIDROS, COM VIDROS, BATENTE E FERRAGENS, EXCLUSIVE ACABAMENTO, ALIZAR E CONTRAMARCO, FIXAÇÃO COM PARAFUSO. FORNECIMENTO E INSTALAÇÃO. AF_11/2024","M2",255.25]
[94589,"CONTRAMARCO DE ALUMÍNIO, FIXAÇÃO COM ARGAMASSA - FORNECIMENTO E INSTALAÇÃO. AF_11/2024","M",16.399999999999999]
[94590,"CONTRAMARCO DE ALUMÍNIO, FIXAÇÃO COM PARAFUSO - FORNECIMENTO E INSTALAÇÃO. AF_11/2024","M",22.88]
[100674,"JANELA FIXA DE ALUMÍNIO PARA VIDRO, COM VIDRO, BATENTE E FERRAGENS, EXCLUSIVE ACABAMENTO, ALIZAR E CONTRAMARCO, FIXAÇÃO COM PARAFUSO - FORNECIMENTO E INSTALAÇÃO. AF_11/2024","M2",499.87]
[105812,"GUARNIÇÃO DE ALUMÍNIO - FORNECIMENTO E INSTALAÇÃO. AF_11/2024","M",20.170000000000002]
[101096,"TUBULÃO A CÉU ABERTO, DIÂMETRO DO FUSTE DE 70CM, ESCAVAÇÃO MANUAL, SEM ALARGAMENTO DE BASE, CONCRETO FEITO EM OBRA E LANÇADO COM JERICA. AF_05/2020_PA","M3",1310.04]
[101097,"TUBULÃO A CÉU ABERTO, DIÂMETRO DO FUSTE DE 80CM, ESCAVAÇÃO MANUAL, SEM ALARGAMENTO DE BASE, CONCRETO FEITO EM OBRA E LANÇADO COM JERICA. AF_05/2020_PA","M3",1238.8800000000001]
[101098,"TUBULÃO A CÉU ABERTO, DIÂMETRO DO FUSTE DE 100CM, ESCAVAÇÃO MANUAL, SEM ALARGAMENTO DE BASE, CONCRETO FEITO EM OBRA E LANÇADO COM JERICA. AF_05/2020_PA","M3",1147.33]
[101099,"TUBULÃO A CÉU ABERTO, DIÂMETRO DO FUSTE DE 120CM, ESCAVAÇÃO MANUAL, SEM ALARGAMENTO DE BASE, CONCRETO FEITO EM OBRA E LANÇADO COM JERICA. AF_05/2020_PA","M3",1052.23]
[101100,"TUBULÃO A CÉU ABERTO, DIÂMETRO DO FUSTE DE 70CM, ESCAVAÇÃO MECÂNICA, SEM ALARGAMENTO DE BASE, CONCRETO FEITO EM OBRA E LANÇADO COM JERICA. AF_05/2020_PA","M3",960.5]
[101101,"TUBULÃO A CÉU ABERTO, DIÂMETRO DO FUSTE DE 80CM, ESCAVAÇÃO MECÂNICA, SEM ALARGAMENTO DE BASE, CONCRETO FEITO EM OBRA E LANÇADO COM JERICA (EXCLUSIVE MOBILIZAÇÃO E DESMOBILIZAÇÃO). AF_05/2020_PA","M3",938.09]
[101102,"TUBULÃO A CÉU ABERTO, DIÂMETRO DO FUSTE DE 100CM, ESCAVAÇÃO MECÂNICA, SEM ALARGAMENTO DE BASE, CONCRETO FEITO EM OBRA E LANÇADO COM JERICA (EXCLUSIVE MOBILIZAÇÃO E DESMOBILIZAÇÃO). AF_05/2020_PA","M3",913.71]
[101103,"TUBULÃO A CÉU ABERTO, DIÂMETRO DO FUSTE DE 120CM, ESCAVAÇÃO MECÂNICA, SEM ALARGAMENTO DE BASE, CONCRETO FEITO EM OBRA E LANÇADO COM JERICA (EXCLUSIVE MOBILIZAÇÃO E DESMOBILIZAÇÃO). AF_05/2020_PA","M3",862.28]
[101104,"TUBULÃO A CÉU ABERTO, DIÂMETRO DO FUSTE DE 70CM, ESCAVAÇÃO MANUAL, SEM ALARGAMENTO DE BASE, CONCRETO USINADO E LANÇADO COM BOMBA OU DIRETAMENTE DO CAMINHÃO (EXCLUSIVE BOMBEAMENTO). AF_05/2020_PA","M3",1390.93]
[101105,"TUBULÃO A CÉU ABERTO, DIÂMETRO DO FUSTE DE 80CM, ESCAVAÇÃO MANUAL, SEM ALARGAMENTO DE BASE, CONCRETO USINADO E LANÇADO COM BOMBA OU DIRETAMENTE DO CAMINHÃO (EXCLUSIVE BOMBEAMENTO). AF_05/2020_PA","M3",1318.61]
[101106,"TUBULÃO A CÉU ABERTO, DIÂMETRO DO FUSTE DE 100CM, ESCAVAÇÃO MANUAL, SEM ALARGAMENTO DE BASE, CONCRETO USINADO E LANÇADO COM BOMBA OU DIRETAMENTE DO CAMINHÃO (EXCLUSIVE BOMBEAMENTO). AF_05/2020_PA","M3",1225.71]
[101107,"TUBULÃO A CÉU ABERTO, DIÂMETRO DO FUSTE DE 120CM, ESCAVAÇÃO MANUAL, SEM ALARGAMENTO DE BASE, CONCRETO USINADO E LANÇADO COM BOMBA OU DIRETAMENTE DO CAMINHÃO (EXCLUSIVE BOMBEAMENTO). AF_05/2020_PA","M3",1128.32]
[101108,"TUBULÃO A CÉU ABERTO, DIÂMETRO DO FUSTE DE 70CM, ESCAVAÇÃO MECÂNICA, SEM ALARGAMENTO DE BASE, CONCRETO USINADO E LANÇADO COM BOMBA OU DIRETAMENTE DO CAMINHÃO (EXCLUSIVE BOMBEAMENTO, MOBILIZAÇÃO E DESMOBILIZAÇÃO). AF_05/2020_PA","M3",1034.99]
[101109,"TUBULÃO A CÉU ABERTO, DIÂMETRO DO FUSTE DE 80CM, ESCAVAÇÃO MECÂNICA, SEM ALARGAMENTO DE BASE, CONCRETO USINADO E LANÇADO COM BOMBA OU DIRETAMENTE DO CAMINHÃO (EXCLUSIVE BOMBEAMENTO, MOBILIZAÇÃO E DESMOBILIZAÇÃO). AF_05/2020_PA","M3",1011.76]
[101110,"TUBULÃO A CÉU ABERTO, DIÂMETRO DO FUSTE DE 100CM, ESCAVAÇÃO MECÂNICA, SEM ALARGAMENTO DE BASE, CONCRETO USINADO E LANÇADO COM BOMBA OU DIRETAMENTE DO CAMINHÃO (EXCLUSIVE BOMBEAMENTO, MOBILIZAÇÃO E DESMOBILIZAÇÃO). AF_05/2020_PA","M3",986.75]
[101111,"TUBULÃO A CÉU ABERTO, DIÂMETRO DO FUSTE DE 120CM, ESCAVAÇÃO MECÂNICA, SEM ALARGAMENTO DE BASE, CONCRETO USINADO E LANÇADO COM BOMBA OU DIRETAMENTE DO CAMINHÃO (EXCLUSIVE BOMBEAMENTO, MOBILIZAÇÃO E DESMOBILIZAÇÃO). AF_05/2020_PA","M3",933.77]
[101112,"ALARGAMENTO DE BASE DE TUBULÃO A CÉU ABERTO, ESCAVAÇÃO MANUAL, CONCRETO FEITO EM OBRA E LANÇADO COM JERICA. AF_05/2020","M3",948.57]
[101113,"ALARGAMENTO DE BASE DE TUBULÃO A CÉU ABERTO, ESCAVAÇÃO MANUAL, CONCRETO USINADO E LANÇADO COM BOMBA OU DIRETAMENTE DO CAMINHÃO (EXCLUSIVE BOMBEAMENTO). AF_05/2020","M3",1034.8599999999999]
[95601,"ARRASAMENTO MECANICO DE ESTACA DE CONCRETO ARMADO, DIAMETROS DE ATÉ 40 CM. AF_05/2021","UN",15.87]
[95602,"ARRASAMENTO MECANICO DE ESTACA DE CONCRETO ARMADO, DIAMETROS DE 41 CM A 60 CM. AF_05/2021","UN",25.4]
[95603,"ARRASAMENTO MECANICO DE ESTACA DE CONCRETO ARMADO, DIAMETROS DE 61 CM A 80 CM. AF_05/2021","UN",43.32]
[95604,"ARRASAMENTO MECANICO DE ESTACA DE CONCRETO ARMADO, DIAMETROS DE 81 CM A 100 CM. AF_05/2021","UN",67.23]
[95605,"ARRASAMENTO MECANICO DE ESTACA DE CONCRETO ARMADO, DIAMETROS DE 101 CM A 150 CM. AF_05/2021","UN",123.46]
[95607,"ARRASAMENTO MECÂNICO DE ESTACA METÁLICA, PERFIL LAMINADO TIPO  I  FAMÍLIA 250. AF_05/2021","UN",25.07]
[95608,"ARRASAMENTO MECÂNICO DE ESTACA METÁLICA, PERFIL LAMINADO TIPO  H - FAMÍLIA 250. AF_05/2021","UN",36.35]
[95609,"ARRASAMENTO MECÂNICO DE ESTACA METÁLICA, PERFIL LAMINADO TIPO  H - FAMÍLIA 310. AF_05/2021","UN",46.1]
[100651,"ESTACA HÉLICE CONTÍNUA, DIÂMETRO DE 30 CM, INCLUSO CONCRETO FCK=30MPA E ARMADURA MÍNIMA (EXCLUSIVE BOMBEAMENTO, MOBILIZAÇÃO E DESMOBILIZAÇÃO). AF_12/2019_PA","M",149.72999999999999]
[100652,"ESTACA HÉLICE CONTÍNUA , DIÂMETRO DE 50 CM, INCLUSO CONCRETO FCK=30MPA E ARMADURA MÍNIMA (EXCLUSIVE BOMBEAMENTO, MOBILIZAÇÃO E DESMOBILIZAÇÃO). AF_12/2019_PA","M",291.01]
[100653,"ESTACA HÉLICE CONTÍNUA, DIÂMETRO DE 70 CM, INCLUSO CONCRETO FCK=30MPA E ARMADURA MÍNIMA (EXCLUSIVE BOMBEAMENTO, MOBILIZAÇÃO E DESMOBILIZAÇÃO). AF_12/2019_PA","M",487.03]
[100654,"ESTACA HÉLICE CONTÍNUA, DIÂMETRO DE 80 CM, INCLUSO CONCRETO FCK=30MPA E ARMADURA MÍNIMA (EXCLUSIVE BOMBEAMENTO, MOBILIZAÇÃO E DESMOBILIZAÇÃO). AF_12/2019_PA","M",646.59]
[100655,"ESTACA HÉLICE CONTÍNUA, DIÂMETRO DE 90 CM, INCLUSO CONCRETO FCK=30MPA E ARMADURA MÍNIMA (EXCLUSIVE BOMBEAMENTO, MOBILIZAÇÃO E DESMOBILIZAÇÃO). AF_12/2019_PA","M",754.61]
[100656,"ESTACA PRÉ-MOLDADA DE CONCRETO, SEÇÃO QUADRADA, CAPACIDADE DE 25 TONELADAS, INCLUSO EMENDA (EXCLUSIVE MOBILIZAÇÃO E DESMOBILIZAÇÃO). AF_12/2019","M",114.46]
[100657,"ESTACA PRÉ-MOLDADA DE CONCRETO SEÇÃO QUADRADA, CAPACIDADE DE 50 TONELADAS, INCLUSO EMENDA (EXCLUSIVE MOBILIZAÇÃO E DESMOBILIZAÇÃO). AF_12/2019","M",148.11000000000001]
[100658,"ESTACA PRÉ-MOLDADA DE CONCRETO CENTRIFUGADO, SEÇÃO CIRCULAR, CAPACIDADE DE 100 TONELADAS, INCLUSO EMENDA (EXCLUSIVE MOBILIZAÇÃO E DESMOBILIZAÇÃO). AF_12/2019","M",341.14]
[100889,"ESTACA METÁLICA PARA FUNDAÇÃO, UTILIZANDO PERFIL LAMINADO HP250X62 (EXCLUSIVE MOBILIZAÇÃO E DESMOBILIZAÇÃO). AF_01/2020","KG",10.97]
[100890,"ESTACA METÁLICA PARA FUNDAÇÃO, UTILIZANDO PERFIL LAMINADO HP310X79 (EXCLUSIVE MOBILIZAÇÃO E DESMOBILIZAÇÃO). AF_01/2020","KG",10.79]
[100892,"ESTACA METÁLICA PARA CONTENÇÃO, UTILIZANDO PERFIL LAMINADO W250X32,7 (EXCLUSIVE MOBILIZAÇÃO E DESMOBILIZAÇÃO). AF_01/2020","KG",11.43]
[100893,"ESTACA METÁLICA PARA CONTENÇÃO, UTILIZANDO PERFIL LAMINADO W250X38,5 (EXCLUSIVE MOBILIZAÇÃO E DESMOBILIZAÇÃO). AF_01/2020","KG",11.24]
[100894,"ESTACA METÁLICA PARA CONTENÇÃO, UTILIZANDO PERFIL LAMINADO W250X44,8 (EXCLUSIVE MOBILIZAÇÃO E DESMOBILIZAÇÃO). AF_01/2020","KG",11.14]
[100896,"ESTACA ESCAVADA MECANICAMENTE, SEM FLUIDO ESTABILIZANTE, COM 25CM DE DIÂMETRO, CONCRETO LANÇADO POR CAMINHÃO BETONEIRA (EXCLUSIVE MOBILIZAÇÃO E DESMOBILIZAÇÃO). AF_01/2020_PA","M",64.17]
[100897,"ESTACA ESCAVADA MECANICAMENTE, SEM FLUIDO ESTABILIZANTE, COM 40CM DE DIÂMETRO, CONCRETO LANÇADO POR CAMINHÃO BETONEIRA (EXCLUSIVE MOBILIZAÇÃO E DESMOBILIZAÇÃO). AF_01/2020_PA","M",129.09]
[100898,"ESTACA ESCAVADA MECANICAMENTE, SEM FLUIDO ESTABILIZANTE, COM 60CM DE DIÂMETRO, CONCRETO LANÇADO POR CAMINHÃO BETONEIRA (EXCLUSIVE MOBILIZAÇÃO E DESMOBILIZAÇÃO). AF_01/2020_PA","M",254.26]
[100899,"ESTACA ESCAVADA MECANICAMENTE, SEM FLUIDO ESTABILIZANTE, COM 25CM DE DIÂMETRO, CONCRETO LANÇADO MANUALMENTE (EXCLUSIVE MOBILIZAÇÃO E DESMOBILIZAÇÃO). AF_01/2020_PA","M",85.07]
[100900,"ESTACA ESCAVADA MECANICAMENTE, SEM FLUIDO ESTABILIZANTE, COM 60CM DE DIÂMETRO, CONCRETO LANÇADO POR BOMBA LANÇA (EXCLUSIVE BOMBEAMENTO, MOBILIZAÇÃO E DESMOBILIZAÇÃO). AF_01/2020_PA","M",292.93]
[101173,"ESTACA BROCA DE CONCRETO, DIÂMETRO DE 20CM, ESCAVAÇÃO MANUAL COM TRADO CONCHA, COM ARMADURA DE ARRANQUE. AF_05/2020","M",58.13]
[101174,"ESTACA BROCA DE CONCRETO, DIÂMETRO DE 25CM, ESCAVAÇÃO MANUAL COM TRADO CONCHA, COM ARMADURA DE ARRANQUE. AF_05/2020","M",81.569999999999993]
[101175,"ESTACA BROCA DE CONCRETO, DIÂMETRO DE 30CM, ESCAVAÇÃO MANUAL COM TRADO CONCHA, COM ARMADURA DE ARRANQUE. AF_05/2020","M",111.55]
[101176,"ESTACA BROCA DE CONCRETO, DIÂMETRO DE 30CM, ESCAVAÇÃO MANUAL COM TRADO CONCHA, INTEIRAMENTE ARMADA. AF_05/2020_PA","M",137.97999999999999]
[102521,"ARRASAMENTO MECÂNICO DE ESTACA BARRETE DE CONCRETO ARMADO, SEÇÃO DE 0,40 X 2,50 M. AF_05/2021","UN",101.86]
[102522,"ARRASAMENTO MECÂNICO DE ESTACA BARRETE DE CONCRETO ARMADO, SEÇÃO DE 0,60 X 2,50 M. AF_05/2021","UN",149.41999999999999]
[102523,"ARRASAMENTO MECÂNICO DE ESTACA BARRETE DE CONCRETO ARMADO, SEÇÃO DE 0,80 X 2,50 M. AF_05/2021","UN",197]
[95240,"LASTRO DE CONCRETO MAGRO, APLICADO EM PISOS, LAJES SOBRE SOLO OU RADIERS, ESPESSURA DE 3 CM. AF_01/2024","M2",19.2]
[95241,"LASTRO DE CONCRETO MAGRO, APLICADO EM PISOS, LAJES SOBRE SOLO OU RADIERS, ESPESSURA DE 5 CM. AF_01/2024","M2",37.15]
[96616,"LASTRO DE CONCRETO MAGRO, APLICADO EM BLOCOS DE COROAMENTO OU SAPATAS. AF_01/2024","M3",797.68]
[96617,"LASTRO DE CONCRETO MAGRO, APLICADO EM BLOCOS DE COROAMENTO OU SAPATAS, ESPESSURA DE 3 CM. AF_01/2024","M2",19.899999999999999]
[96619,"LASTRO DE CONCRETO MAGRO, APLICADO EM BLOCOS DE COROAMENTO OU SAPATAS, ESPESSURA DE 5 CM. AF_01/2024","M2",39.86]
[96620,"LASTRO DE CONCRETO MAGRO, APLICADO EM PISOS, LAJES SOBRE SOLO OU RADIERS. AF_01/2024","M3",743.24]
[96621,"LASTRO COM MATERIAL GRANULAR, APLICAÇÃO EM BLOCOS DE COROAMENTO, ESPESSURA DE *5 CM*. AF_01/2024","M3",253.92]
[96622,"LASTRO COM MATERIAL GRANULAR, APLICADO EM PISOS OU LAJES SOBRE SOLO, ESPESSURA DE *5 CM*. AF_01/2024","M3",240.88]
[96623,"LASTRO COM MATERIAL GRANULAR, APLICADO EM BLOCOS DE COROAMENTO, ESPESSURA DE *10 CM*. AF_01/2024","M3",217.9]
[96624,"LASTRO COM MATERIAL GRANULAR (PEDRA BRITADA N.2), APLICADO EM PISOS OU LAJES SOBRE SOLO, ESPESSURA DE *10 CM*. AF_01/2024","M3",204.86]
[97082,"ESCAVAÇÃO MANUAL DE VIGA DE BORDA PARA RADIER. AF_09/2021","M3",54.45]
[97083,"COMPACTAÇÃO MECÂNICA DE SOLO PARA EXECUÇÃO DE RADIER, PISO DE CONCRETO OU LAJE SOBRE SOLO, COM COMPACTADOR DE SOLOS A PERCUSSÃO. AF_09/2021","M2",2.96]
[97084,"COMPACTAÇÃO MECÂNICA DE SOLO PARA EXECUÇÃO DE RADIER, PISO DE CONCRETO OU LAJE SOBRE SOLO, COM COMPACTADOR DE SOLOS TIPO PLACA VIBRATÓRIA. AF_09/2021","M2",0.61]
[97086,"FABRICAÇÃO, MONTAGEM E DESMONTAGEM DE FORMA PARA RADIER, PISO DE CONCRETO OU LAJE SOBRE SOLO, EM MADEIRA SERRADA, 4 UTILIZAÇÕES. AF_09/2021","M2",129.44999999999999]
[97087,"CAMADA SEPARADORA PARA EXECUÇÃO DE RADIER, PISO DE CONCRETO OU LAJE SOBRE SOLO, EM LONA PLÁSTICA. AF_09/2021","M2",2.5299999999999998]
[97088,"ARMAÇÃO PARA EXECUÇÃO DE RADIER, PISO DE CONCRETO OU LAJE SOBRE SOLO, COM USO DE TELA Q-92. AF_09/2021","KG",17.989999999999998]
[97089,"ARMAÇÃO PARA EXECUÇÃO DE RADIER, PISO DE CONCRETO OU LAJE SOBRE SOLO, COM USO DE TELA Q-113. AF_09/2021","KG",16.440000000000001]
[97090,"ARMAÇÃO PARA EXECUÇÃO DE RADIER, PISO DE CONCRETO OU LAJE SOBRE SOLO, COM USO DE TELA Q-138. AF_09/2021","KG",16.13]
[97091,"ARMAÇÃO PARA EXECUÇÃO DE RADIER, PISO DE CONCRETO OU LAJE SOBRE SOLO, COM USO DE TELA Q-159. AF_09/2021","KG",15.64]
[97092,"ARMAÇÃO PARA EXECUÇÃO DE RADIER, PISO DE CONCRETO OU LAJE SOBRE SOLO, COM USO DE TELA Q-196. AF_09/2021","KG",15.14]
[97093,"ARMAÇÃO PARA EXECUÇÃO DE RADIER, PISO DE CONCRETO OU LAJE SOBRE SOLO, COM USO DE TELA Q-283. AF_09/2021","KG",14.2]
[97096,"CONCRETAGEM DE RADIER, PISO DE CONCRETO OU LAJE SOBRE SOLO, FCK 30 MPA - LANÇAMENTO, ADENSAMENTO E ACABAMENTO. AF_09/2021","M3",711.87]
[97097,"ACABAMENTO POLIDO PARA PISO DE CONCRETO ARMADO OU LAJE SOBRE SOLO DE ALTA RESISTÊNCIA. AF_09/2021","M2",33.770000000000003]
[97101,"EXECUÇÃO DE RADIER, ESPESSURA DE 10 CM, FCK = 30 MPA, COM USO DE FORMAS EM MADEIRA SERRADA. AF_09/2021","M2",194.1]
[97102,"EXECUÇÃO DE RADIER, ESPESSURA DE 15 CM, FCK = 30 MPA, COM USO DE FORMAS EM MADEIRA SERRADA. AF_09/2021","M2",244.07]
[97103,"EXECUÇÃO DE RADIER, ESPESSURA DE 20 CM, FCK = 30 MPA, COM USO DE FORMAS EM MADEIRA SERRADA. AF_09/2021","M2",290.10000000000002]
[100322,"LASTRO COM MATERIAL GRANULAR (PEDRA BRITADA N.3), APLICADO EM PISOS OU LAJES SOBRE SOLO, ESPESSURA DE *10 CM*. AF_01/2024","M3",195.63]
[100323,"LASTRO COM MATERIAL GRANULAR (AREIA MÉDIA), APLICADO EM PISOS OU LAJES SOBRE SOLO, ESPESSURA DE *10 CM*. AF_01/2024","M3",206.8]
[100324,"LASTRO COM MATERIAL GRANULAR (PEDRA BRITADA N.1 E PEDRA BRITADA N.2), APLICADO EM PISOS OU LAJES SOBRE SOLO, ESPESSURA DE *10 CM*. AF_01/2024","M3",204.45]
[103072,"EXECUÇÃO DE RADIER, ESPESSURA DE 25 CM, FCK = 30 MPA, COM USO DE FORMAS EM MADEIRA SERRADA. AF_09/2021","M2",343.64]
[103073,"EXECUÇÃO DE RADIER, ESPESSURA DE 30 CM, FCK = 30 MPA, COM USO DE FORMAS EM MADEIRA SERRADA. AF_09/2021","M2",414.88]
[103074,"EXECUÇÃO DE PISO DE CONCRETO, SEM ACABAMENTO SUPERFICIAL, ESPESSURA DE 15 CM, FCK = 30 MPA, COM USO DE FORMAS EM MADEIRA SERRADA. AF_09/2021","M2",192.77]
[103075,"EXECUÇÃO DE PISO DE CONCRETO, COM ACABAMENTO SUPERFICIAL, ESPESSURA DE 15 CM, FCK = 30 MPA, COM USO DE FORMAS EM MADEIRA SERRADA. AF_09/2021","M2",226.54]
[103076,"EXECUÇÃO DE LAJE SOBRE SOLO, ESPESSURA DE 10 CM, FCK = 30 MPA, COM USO DE FORMAS EM MADEIRA SERRADA. AF_09/2021","M2",166.68]
[103077,"EXECUÇÃO DE LAJE SOBRE SOLO, ESPESSURA DE 15 CM, FCK = 30 MPA, COM USO DE FORMAS EM MADEIRA SERRADA. AF_09/2021","M2",216.66]
[103078,"EXECUÇÃO DE LAJE SOBRE SOLO, ESPESSURA DE 20 CM, FCK = 30 MPA, COM USO DE FORMAS EM MADEIRA SERRADA. AF_09/2021","M2",262.69]
[103079,"EXECUÇÃO DE LAJE SOBRE SOLO, ESPESSURA DE 25 CM, FCK = 30 MPA, COM USO DE FORMAS EM MADEIRA SERRADA. AF_09/2021","M2",316.22000000000003]
[103080,"EXECUÇÃO DE LAJE SOBRE SOLO, ESPESSURA DE 30 CM, FCK = 30 MPA, COM USO DE FORMAS EM MADEIRA SERRADA. AF_09/2021","M2",387.47]
[92263,"FABRICAÇÃO DE FÔRMA PARA PILARES E ESTRUTURAS SIMILARES, EM CHAPA DE MADEIRA COMPENSADA RESINADA, E = 17 MM. AF_09/2020","M2",161.55000000000001]
[92264,"FABRICAÇÃO DE FÔRMA PARA PILARES E ESTRUTURAS SIMILARES, EM CHAPA DE MADEIRA COMPENSADA PLASTIFICADA, E = 18 MM. AF_09/2020","M2",209.86]
[92265,"FABRICAÇÃO DE FÔRMA PARA VIGAS, EM CHAPA DE MADEIRA COMPENSADA RESINADA, E = 17 MM. AF_09/2020","M2",118.91]
[92266,"FABRICAÇÃO DE FÔRMA PARA VIGAS, EM CHAPA DE MADEIRA COMPENSADA PLASTIFICADA, E = 18 MM. AF_09/2020","M2",160.35]
[92267,"FABRICAÇÃO DE FÔRMA PARA LAJES, EM CHAPA DE MADEIRA COMPENSADA RESINADA, E = 17 MM. AF_09/2020","M2",55.8]
[92268,"FABRICAÇÃO DE FÔRMA PARA LAJES, EM CHAPA DE MADEIRA COMPENSADA PLASTIFICADA, E = 18 MM. AF_09/2020","M2",93.77]
[92269,"FABRICAÇÃO DE FÔRMA PARA PILARES E ESTRUTURAS SIMILARES, EM MADEIRA SERRADA, E=25 MM. AF_09/2020","M2",125.02]
[92270,"FABRICAÇÃO DE FÔRMA PARA VIGAS, COM MADEIRA SERRADA, E = 25 MM. AF_09/2020","M2",211.09]
[92271,"FABRICAÇÃO DE FÔRMA PARA LAJES, EM MADEIRA SERRADA, E=25 MM. AF_09/2020","M2",143.47999999999999]
[92272,"FABRICAÇÃO DE ESCORAS DE VIGA DO TIPO GARFO, EM MADEIRA. AF_09/2020","M",36.82]
[92273,"FABRICAÇÃO DE ESCORAS DO TIPO PONTALETE, EM MADEIRA, PARA PÉ-DIREITO SIMPLES. AF_09/2020","M",14.57]
[92409,"MONTAGEM E DESMONTAGEM DE FÔRMA DE PILARES RETANGULARES E ESTRUTURAS SIMILARES, PÉ-DIREITO SIMPLES, EM MADEIRA SERRADA, 1 UTILIZAÇÃO. AF_09/2020","M2",214.95]
[92411,"MONTAGEM E DESMONTAGEM DE FÔRMA DE PILARES RETANGULARES E ESTRUTURAS SIMILARES, PÉ-DIREITO SIMPLES, EM MADEIRA SERRADA, 2 UTILIZAÇÕES. AF_09/2020","M2",143.5]
[92413,"MONTAGEM E DESMONTAGEM DE FÔRMA DE PILARES RETANGULARES E ESTRUTURAS SIMILARES, PÉ-DIREITO SIMPLES, EM MADEIRA SERRADA, 4 UTILIZAÇÕES. AF_09/2020","M2",93.94]
[92415,"MONTAGEM E DESMONTAGEM DE FÔRMA DE PILARES RETANGULARES E ESTRUTURAS SIMILARES, PÉ-DIREITO SIMPLES, EM CHAPA DE MADEIRA COMPENSADA RESINADA, 2 UTILIZAÇÕES. AF_09/2020","M2",132.84]
[92417,"MONTAGEM E DESMONTAGEM DE FÔRMA DE PILARES RETANGULARES E ESTRUTURAS SIMILARES, PÉ-DIREITO DUPLO, EM CHAPA DE MADEIRA COMPENSADA RESINADA, 2 UTILIZAÇÕES. AF_09/2020","M2",153.72]
[92419,"MONTAGEM E DESMONTAGEM DE FÔRMA DE PILARES RETANGULARES E ESTRUTURAS SIMILARES, PÉ-DIREITO SIMPLES, EM CHAPA DE MADEIRA COMPENSADA RESINADA, 4 UTILIZAÇÕES. AF_09/2020","M2",83.1]
[92421,"MONTAGEM E DESMONTAGEM DE FÔRMA DE PILARES RETANGULARES E ESTRUTURAS SIMILARES, PÉ-DIREITO DUPLO, EM CHAPA DE MADEIRA COMPENSADA RESINADA, 4 UTILIZAÇÕES. AF_09/2020","M2",99.1]
[92423,"MONTAGEM E DESMONTAGEM DE FÔRMA DE PILARES RETANGULARES E ESTRUTURAS SIMILARES, PÉ-DIREITO SIMPLES, EM CHAPA DE MADEIRA COMPENSADA RESINADA, 6 UTILIZAÇÕES. AF_09/2020","M2",67.709999999999994]
[92425,"MONTAGEM E DESMONTAGEM DE FÔRMA DE PILARES RETANGULARES E ESTRUTURAS SIMILARES, PÉ-DIREITO DUPLO, EM CHAPA DE MADEIRA COMPENSADA RESINADA, 6 UTILIZAÇÕES. AF_09/2020","M2",81.63]
[92427,"MONTAGEM E DESMONTAGEM DE FÔRMA DE PILARES RETANGULARES E ESTRUTURAS SIMILARES, PÉ-DIREITO SIMPLES, EM CHAPA DE MADEIRA COMPENSADA RESINADA, 8 UTILIZAÇÕES. AF_09/2020","M2",59.92]
[92429,"MONTAGEM E DESMONTAGEM DE FÔRMA DE PILARES RETANGULARES E ESTRUTURAS SIMILARES, PÉ-DIREITO DUPLO, EM CHAPA DE MADEIRA COMPENSADA RESINADA, 8 UTILIZAÇÕES. AF_09/2020","M2",72.819999999999993]
[92431,"MONTAGEM E DESMONTAGEM DE FÔRMA DE PILARES RETANGULARES E ESTRUTURAS SIMILARES, PÉ-DIREITO SIMPLES, EM CHAPA DE MADEIRA COMPENSADA PLASTIFICADA, 10 UTILIZAÇÕES. AF_09/2020","M2",56.72]
[92433,"MONTAGEM E DESMONTAGEM DE FÔRMA DE PILARES RETANGULARES E ESTRUTURAS SIMILARES, PÉ-DIREITO DUPLO, EM CHAPA DE MADEIRA COMPENSADA PLASTIFICADA, 10 UTILIZAÇÕES. AF_09/2020","M2",68.959999999999994]
[92435,"MONTAGEM E DESMONTAGEM DE FÔRMA DE PILARES RETANGULARES E ESTRUTURAS SIMILARES, PÉ-DIREITO SIMPLES, EM CHAPA DE MADEIRA COMPENSADA PLASTIFICADA, 12 UTILIZAÇÕES. AF_09/2020","M2",53.74]
[92437,"MONTAGEM E DESMONTAGEM DE FÔRMA DE PILARES RETANGULARES E ESTRUTURAS SIMILARES, PÉ-DIREITO DUPLO, EM CHAPA DE MADEIRA COMPENSADA PLASTIFICADA, 12 UTILIZAÇÕES. AF_09/2020","M2",65.58]
[92439,"MONTAGEM E DESMONTAGEM DE FÔRMA DE PILARES RETANGULARES E ESTRUTURAS SIMILARES, PÉ-DIREITO SIMPLES, EM CHAPA DE MADEIRA COMPENSADA PLASTIFICADA, 14 UTILIZAÇÕES. AF_09/2020","M2",51.61]
[92441,"MONTAGEM E DESMONTAGEM DE FÔRMA DE PILARES RETANGULARES E ESTRUTURAS SIMILARES, PÉ-DIREITO DUPLO, EM CHAPA DE MADEIRA COMPENSADA PLASTIFICADA, 14 UTILIZAÇÕES. AF_09/2020","M2",63.14]
[92443,"MONTAGEM E DESMONTAGEM DE FÔRMA DE PILARES RETANGULARES E ESTRUTURAS SIMILARES, PÉ-DIREITO SIMPLES, EM CHAPA DE MADEIRA COMPENSADA PLASTIFICADA, 18 UTILIZAÇÕES. AF_09/2020","M2",47]
[92445,"MONTAGEM E DESMONTAGEM DE FÔRMA DE PILARES RETANGULARES E ESTRUTURAS SIMILARES, PÉ-DIREITO DUPLO, EM CHAPA DE MADEIRA COMPENSADA PLASTIFICADA, 18 UTILIZAÇÕES. AF_09/2020","M2",58.13]
[92446,"MONTAGEM E DESMONTAGEM DE FÔRMA DE VIGA, ESCORAMENTO COM PONTALETE DE MADEIRA, PÉ-DIREITO SIMPLES, EM MADEIRA SERRADA, 1 UTILIZAÇÃO. AF_09/2020","M2",335.76]
[92447,"MONTAGEM E DESMONTAGEM DE FÔRMA DE VIGA, ESCORAMENTO COM PONTALETE DE MADEIRA, PÉ-DIREITO SIMPLES, EM MADEIRA SERRADA, 2 UTILIZAÇÕES. AF_09/2020","M2",227.97]
[92448,"MONTAGEM E DESMONTAGEM DE FÔRMA DE VIGA, ESCORAMENTO COM PONTALETE DE MADEIRA, PÉ-DIREITO SIMPLES, EM MADEIRA SERRADA, 4 UTILIZAÇÕES. AF_09/2020","M2",174.08]
[92449,"MONTAGEM E DESMONTAGEM DE FÔRMA DE VIGA, ESCORAMENTO COM GARFO DE MADEIRA, PÉ-DIREITO DUPLO, EM CHAPA DE MADEIRA RESINADA, 2 UTILIZAÇÕES. AF_09/2020","M2",274.60000000000002]
[92450,"MONTAGEM E DESMONTAGEM DE FÔRMA DE VIGA, ESCORAMENTO METÁLICO, PÉ-DIREITO DUPLO, EM CHAPA DE MADEIRA RESINADA, 2 UTILIZAÇÕES. AF_09/2020","M2",285.42]
[92451,"MONTAGEM E DESMONTAGEM DE FÔRMA DE VIGA, ESCORAMENTO COM GARFO DE MADEIRA, PÉ-DIREITO SIMPLES, EM CHAPA DE MADEIRA RESINADA, 2 UTILIZAÇÕES. AF_09/2020","M2",186.61]
[92452,"MONTAGEM E DESMONTAGEM DE FÔRMA DE VIGA, ESCORAMENTO METÁLICO, PÉ-DIREITO SIMPLES, EM CHAPA DE MADEIRA RESINADA, 2 UTILIZAÇÕES. AF_09/2020","M2",171.16]
[92453,"MONTAGEM E DESMONTAGEM DE FÔRMA DE VIGA, ESCORAMENTO COM GARFO DE MADEIRA, PÉ-DIREITO DUPLO, EM CHAPA DE MADEIRA RESINADA, 4 UTILIZAÇÕES. AF_09/2020","M2",233.95]
[92454,"MONTAGEM E DESMONTAGEM DE FÔRMA DE VIGA, ESCORAMENTO METÁLICO, PÉ-DIREITO DUPLO, EM CHAPA DE MADEIRA RESINADA, 4 UTILIZAÇÕES. AF_09/2020","M2",255.12]
[92455,"MONTAGEM E DESMONTAGEM DE FÔRMA DE VIGA, ESCORAMENTO COM GARFO DE MADEIRA, PÉ-DIREITO SIMPLES, EM CHAPA DE MADEIRA RESINADA, 4 UTILIZAÇÕES. AF_09/2020","M2",152.07]
[92456,"MONTAGEM E DESMONTAGEM DE FÔRMA DE VIGA, ESCORAMENTO METÁLICO, PÉ-DIREITO SIMPLES, EM CHAPA DE MADEIRA RESINADA, 4 UTILIZAÇÕES. AF_09/2020","M2",140.47999999999999]
[92457,"MONTAGEM E DESMONTAGEM DE FÔRMA DE VIGA, ESCORAMENTO COM GARFO DE MADEIRA, PÉ-DIREITO DUPLO, EM CHAPA DE MADEIRA RESINADA, 6 UTILIZAÇÕES. AF_09/2020","M2",203.59]
[92458,"MONTAGEM E DESMONTAGEM DE FÔRMA DE VIGA, ESCORAMENTO METÁLICO, PÉ-DIREITO DUPLO, EM CHAPA DE MADEIRA RESINADA, 6 UTILIZAÇÕES. AF_09/2020","M2",236.45]
[92459,"MONTAGEM E DESMONTAGEM DE FÔRMA DE VIGA, ESCORAMENTO COM GARFO DE MADEIRA, PÉ-DIREITO SIMPLES, EM CHAPA DE MADEIRA RESINADA, 6 UTILIZAÇÕES. AF_09/2020","M2",129.34]
[92460,"MONTAGEM E DESMONTAGEM DE FÔRMA DE VIGA, ESCORAMENTO METÁLICO, PÉ-DIREITO SIMPLES, EM CHAPA DE MADEIRA RESINADA, 6 UTILIZAÇÕES. AF_09/2020","M2",117.19]
[92461,"MONTAGEM E DESMONTAGEM DE FÔRMA DE VIGA, ESCORAMENTO COM GARFO DE MADEIRA, PÉ-DIREITO DUPLO, EM CHAPA DE MADEIRA RESINADA, 8 UTILIZAÇÕES. AF_09/2020","M2",188.19]
[92462,"MONTAGEM E DESMONTAGEM DE FÔRMA DE VIGA, ESCORAMENTO METÁLICO, PÉ-DIREITO DUPLO, EM CHAPA DE MADEIRA RESINADA, 8 UTILIZAÇÕES. AF_09/2020","M2",224.81]
[92463,"MONTAGEM E DESMONTAGEM DE FÔRMA DE VIGA, ESCORAMENTO COM GARFO DE MADEIRA, PÉ-DIREITO SIMPLES, EM CHAPA DE MADEIRA RESINADA, 8 UTILIZAÇÕES. AF_09/2020","M2",117.46]
[92464,"MONTAGEM E DESMONTAGEM DE FÔRMA DE VIGA, ESCORAMENTO METÁLICO, PÉ-DIREITO SIMPLES, EM CHAPA DE MADEIRA RESINADA, 8 UTILIZAÇÕES. AF_09/2020","M2",110.73]
[92465,"MONTAGEM E DESMONTAGEM DE FÔRMA DE VIGA, ESCORAMENTO COM GARFO DE MADEIRA, PÉ-DIREITO DUPLO, EM CHAPA DE MADEIRA PLASTIFICADA, 10 UTILIZAÇÕES. AF_09/2020","M2",150.97]
[92466,"MONTAGEM E DESMONTAGEM DE FÔRMA DE VIGA, ESCORAMENTO METÁLICO, PÉ-DIREITO DUPLO, EM CHAPA DE MADEIRA PLASTIFICADA, 10 UTILIZAÇÕES. AF_09/2020","M2",219.14]
[92467,"MONTAGEM E DESMONTAGEM DE FÔRMA DE VIGA, ESCORAMENTO COM GARFO DE MADEIRA, PÉ-DIREITO SIMPLES, EM CHAPA DE MADEIRA PLASTIFICADA, 10 UTILIZAÇÕES. AF_09/2020","M2",97.54]
[92468,"MONTAGEM E DESMONTAGEM DE FÔRMA DE VIGA, ESCORAMENTO METÁLICO, PÉ-DIREITO SIMPLES, EM CHAPA DE MADEIRA PLASTIFICADA, 10 UTILIZAÇÕES. AF_09/2020","M2",105.35]
[92469,"MONTAGEM E DESMONTAGEM DE FÔRMA DE VIGA, ESCORAMENTO COM GARFO DE MADEIRA, PÉ-DIREITO DUPLO, EM CHAPA DE MADEIRA PLASTIFICADA, 12 UTILIZAÇÕES. AF_09/2020","M2",137.72999999999999]
[92470,"MONTAGEM E DESMONTAGEM DE FÔRMA DE VIGA, ESCORAMENTO METÁLICO, PÉ-DIREITO DUPLO, EM CHAPA DE MADEIRA PLASTIFICADA, 12 UTILIZAÇÕES. AF_09/2020","M2",212.68]
[92471,"MONTAGEM E DESMONTAGEM DE FÔRMA DE VIGA, ESCORAMENTO COM GARFO DE MADEIRA, PÉ-DIREITO SIMPLES, EM CHAPA DE MADEIRA PLASTIFICADA, 12 UTILIZAÇÕES. AF_09/2020","M2",89.12]
[92472,"MONTAGEM E DESMONTAGEM DE FÔRMA DE VIGA, ESCORAMENTO METÁLICO, PÉ-DIREITO SIMPLES, EM CHAPA DE MADEIRA PLASTIFICADA, 12 UTILIZAÇÕES. AF_09/2020","M2",99.64]
[92473,"MONTAGEM E DESMONTAGEM DE FÔRMA DE VIGA, ESCORAMENTO COM GARFO DE MADEIRA, PÉ-DIREITO DUPLO, EM CHAPA DE MADEIRA PLASTIFICADA, 14 UTILIZAÇÕES. AF_09/2020","M2",127.04]
[92474,"MONTAGEM E DESMONTAGEM DE FÔRMA DE VIGA, ESCORAMENTO METÁLICO, PÉ-DIREITO DUPLO, EM CHAPA DE MADEIRA PLASTIFICADA, 14 UTILIZAÇÕES. AF_09/2020","M2",207.15]
[92475,"MONTAGEM E DESMONTAGEM DE FÔRMA DE VIGA, ESCORAMENTO COM GARFO DE MADEIRA, PÉ-DIREITO SIMPLES, EM CHAPA DE MADEIRA PLASTIFICADA, 14 UTILIZAÇÕES. AF_09/2020","M2",82.29]
[92476,"MONTAGEM E DESMONTAGEM DE FÔRMA DE VIGA, ESCORAMENTO METÁLICO, PÉ-DIREITO SIMPLES, EM CHAPA DE MADEIRA PLASTIFICADA, 14 UTILIZAÇÕES. AF_09/2020","M2",94.83]
[92477,"MONTAGEM E DESMONTAGEM DE FÔRMA DE VIGA, ESCORAMENTO COM GARFO DE MADEIRA, PÉ-DIREITO DUPLO, EM CHAPA DE MADEIRA PLASTIFICADA, 18 UTILIZAÇÕES. AF_09/2020","M2",104.09]
[92478,"MONTAGEM E DESMONTAGEM DE FÔRMA DE VIGA, ESCORAMENTO METÁLICO, PÉ-DIREITO DUPLO, EM CHAPA DE MADEIRA PLASTIFICADA, 18 UTILIZAÇÕES. AF_09/2020","M2",196.16]
[92479,"MONTAGEM E DESMONTAGEM DE FÔRMA DE VIGA, ESCORAMENTO COM GARFO DE MADEIRA, PÉ-DIREITO SIMPLES, EM CHAPA DE MADEIRA PLASTIFICADA, 18 UTILIZAÇÕES. AF_09/2020","M2",67.63]
[92480,"MONTAGEM E DESMONTAGEM DE FÔRMA DE VIGA, ESCORAMENTO METÁLICO, PÉ-DIREITO SIMPLES, EM CHAPA DE MADEIRA PLASTIFICADA, 18 UTILIZAÇÕES. AF_09/2020","M2",85.13]
[92482,"MONTAGEM E DESMONTAGEM DE FÔRMA DE LAJE MACIÇA, PÉ-DIREITO SIMPLES, EM MADEIRA SERRADA, 1 UTILIZAÇÃO. AF_09/2020","M2",379.28]
[92484,"MONTAGEM E DESMONTAGEM DE FÔRMA DE LAJE MACIÇA, PÉ-DIREITO SIMPLES, EM MADEIRA SERRADA, 2 UTILIZAÇÕES. AF_09/2020","M2",253.03]
[92486,"MONTAGEM E DESMONTAGEM DE FÔRMA DE LAJE MACIÇA, PÉ-DIREITO SIMPLES, EM MADEIRA SERRADA, 4 UTILIZAÇÕES. AF_09/2020","M2",174.49]
[92488,"MONTAGEM E DESMONTAGEM DE FÔRMA DE LAJE NERVURADA COM CUBETA E ASSOALHO, PÉ-DIREITO DUPLO, EM CHAPA DE MADEIRA COMPENSADA RESINADA, 8 UTILIZAÇÕES. AF_09/2020","M2",97.34]
[92490,"MONTAGEM E DESMONTAGEM DE FÔRMA DE LAJE NERVURADA COM CUBETA E ASSOALHO, PÉ-DIREITO SIMPLES, EM CHAPA DE MADEIRA COMPENSADA RESINADA, 8 UTILIZAÇÕES. AF_09/2020","M2",64.92]
[92492,"MONTAGEM E DESMONTAGEM DE FÔRMA DE LAJE NERVURADA COM CUBETA E ASSOALHO, PÉ-DIREITO DUPLO, EM CHAPA DE MADEIRA COMPENSADA RESINADA, 10 UTILIZAÇÕES. AF_09/2020","M2",91.97]
[92494,"MONTAGEM E DESMONTAGEM DE FÔRMA DE LAJE NERVURADA COM CUBETA E ASSOALHO, PÉ-DIREITO SIMPLES, EM CHAPA DE MADEIRA COMPENSADA RESINADA, 10 UTILIZAÇÕES. AF_09/2020","M2",60.53]
[92496,"MONTAGEM E DESMONTAGEM DE FÔRMA DE LAJE NERVURADA COM CUBETA E ASSOALHO, PÉ-DIREITO DUPLO, EM CHAPA DE MADEIRA COMPENSADA RESINADA, 12 UTILIZAÇÕES. AF_09/2020","M2",87.51]
[92498,"MONTAGEM E DESMONTAGEM DE FÔRMA DE LAJE NERVURADA COM CUBETA E ASSOALHO, PÉ-DIREITO SIMPLES, EM CHAPA DE MADEIRA COMPENSADA RESINADA, 12 UTILIZAÇÕES. AF_09/2020","M2",56.93]
[92500,"MONTAGEM E DESMONTAGEM DE FÔRMA DE LAJE NERVURADA COM CUBETA E ASSOALHO, PÉ-DIREITO DUPLO, EM CHAPA DE MADEIRA COMPENSADA RESINADA, 14 UTILIZAÇÕES. AF_09/2020","M2",84.01]
[92502,"MONTAGEM E DESMONTAGEM DE FÔRMA DE LAJE NERVURADA COM CUBETA E ASSOALHO, PÉ-DIREITO SIMPLES, EM CHAPA DE MADEIRA COMPENSADA RESINADA, 14 UTILIZAÇÕES. AF_09/2020","M2",54.27]
[92504,"MONTAGEM E DESMONTAGEM DE FÔRMA DE LAJE NERVURADA COM CUBETA E ASSOALHO, PÉ-DIREITO DUPLO, EM CHAPA DE MADEIRA COMPENSADA RESINADA, 18 UTILIZAÇÕES. AF_09/2020","M2",77.61]
[92506,"MONTAGEM E DESMONTAGEM DE FÔRMA DE LAJE NERVURADA COM CUBETA E ASSOALHO, PÉ-DIREITO SIMPLES, EM CHAPA DE MADEIRA COMPENSADA RESINADA, 18 UTILIZAÇÕES. AF_09/2020","M2",49.28]
[92508,"MONTAGEM E DESMONTAGEM DE FÔRMA DE LAJE MACIÇA, PÉ-DIREITO DUPLO, EM CHAPA DE MADEIRA COMPENSADA RESINADA, 2 UTILIZAÇÕES. AF_09/2020","M2",98.31]
[92510,"MONTAGEM E DESMONTAGEM DE FÔRMA DE LAJE MACIÇA, PÉ-DIREITO SIMPLES, EM CHAPA DE MADEIRA COMPENSADA RESINADA, 2 UTILIZAÇÕES. AF_09/2020","M2",64.180000000000007]
[92512,"MONTAGEM E DESMONTAGEM DE FÔRMA DE LAJE MACIÇA, PÉ-DIREITO DUPLO, EM CHAPA DE MADEIRA COMPENSADA RESINADA, 4 UTILIZAÇÕES. AF_09/2020","M2",82.57]
[92514,"MONTAGEM E DESMONTAGEM DE FÔRMA DE LAJE MACIÇA, PÉ-DIREITO SIMPLES, EM CHAPA DE MADEIRA COMPENSADA RESINADA, 4 UTILIZAÇÕES. AF_09/2020","M2",49.5]
[92515,"MONTAGEM E DESMONTAGEM DE FÔRMA DE LAJE MACIÇA, PÉ-DIREITO DUPLO, EM CHAPA DE MADEIRA COMPENSADA RESINADA, 6 UTILIZAÇÕES. AF_09/2020","M2",74.84]
[92518,"MONTAGEM E DESMONTAGEM DE FÔRMA DE LAJE MACIÇA, PÉ-DIREITO SIMPLES, EM CHAPA DE MADEIRA COMPENSADA RESINADA, 6 UTILIZAÇÕES. AF_09/2020","M2",42.79]
[92520,"MONTAGEM E DESMONTAGEM DE FÔRMA DE LAJE MACIÇA, PÉ-DIREITO DUPLO, EM CHAPA DE MADEIRA COMPENSADA RESINADA, 8 UTILIZAÇÕES. AF_09/2020","M2",69.84]
[92522,"MONTAGEM E DESMONTAGEM DE FÔRMA DE LAJE MACIÇA, PÉ-DIREITO SIMPLES, EM CHAPA DE MADEIRA COMPENSADA RESINADA, 8 UTILIZAÇÕES. AF_09/2020","M2",38.72]
[92524,"MONTAGEM E DESMONTAGEM DE FÔRMA DE LAJE MACIÇA, PÉ-DIREITO DUPLO, EM CHAPA DE MADEIRA COMPENSADA PLASTIFICADA, 10 UTILIZAÇÕES. AF_09/2020","M2",69.650000000000006]
[92526,"MONTAGEM E DESMONTAGEM DE FÔRMA DE LAJE MACIÇA, PÉ-DIREITO SIMPLES, EM CHAPA DE MADEIRA COMPENSADA PLASTIFICADA, 10 UTILIZAÇÕES. AF_09/2020","M2",39.380000000000003]
[92528,"MONTAGEM E DESMONTAGEM DE FÔRMA DE LAJE MACIÇA, PÉ-DIREITO DUPLO, EM CHAPA DE MADEIRA COMPENSADA PLASTIFICADA, 12 UTILIZAÇÕES. AF_09/2020","M2",66.430000000000007]
[92530,"MONTAGEM E DESMONTAGEM DE FÔRMA DE LAJE MACIÇA, PÉ-DIREITO SIMPLES, EM CHAPA DE MADEIRA COMPENSADA PLASTIFICADA, 12 UTILIZAÇÕES. AF_09/2020","M2",36.97]
[92532,"MONTAGEM E DESMONTAGEM DE FÔRMA DE LAJE MACIÇA, PÉ-DIREITO DUPLO, EM CHAPA DE MADEIRA COMPENSADA PLASTIFICADA, 14 UTILIZAÇÕES. AF_09/2020","M2",63.68]
[92534,"MONTAGEM E DESMONTAGEM DE FÔRMA DE LAJE MACIÇA, PÉ-DIREITO SIMPLES, EM CHAPA DE MADEIRA COMPENSADA PLASTIFICADA, 14 UTILIZAÇÕES. AF_09/2020","M2",34.950000000000003]
[92536,"MONTAGEM E DESMONTAGEM DE FÔRMA DE LAJE MACIÇA, PÉ-DIREITO DUPLO, EM CHAPA DE MADEIRA COMPENSADA PLASTIFICADA, 18 UTILIZAÇÕES. AF_09/2020","M2",58.32]
[92538,"MONTAGEM E DESMONTAGEM DE FÔRMA DE LAJE MACIÇA, PÉ-DIREITO SIMPLES, EM CHAPA DE MADEIRA COMPENSADA PLASTIFICADA, 18 UTILIZAÇÕES. AF_09/2020","M2",30.88]
[96252,"FABRICAÇÃO DE FÔRMA PARA PILARES CIRCULARES, EM CHAPA DE MADEIRA COMPENSADA RESINADA, PÉ-DIREITO SIMPLES. AF_05/2024","M2",152.49]
[96258,"MONTAGEM E DESMONTAGEM DE FÔRMA DE PILARES CIRCULARES, PÉ-DIREITO SIMPLES, EM MADEIRA, 2 UTILIZAÇÕES. AF_05/2024","M2",135.09]
[96529,"FABRICAÇÃO, MONTAGEM E DESMONTAGEM DE FÔRMA PARA SAPATA, EM MADEIRA SERRADA, E=25 MM, 1 UTILIZAÇÃO. AF_01/2024","M2",243.72]
[96530,"FABRICAÇÃO, MONTAGEM E DESMONTAGEM DE FÔRMA PARA VIGA BALDRAME, EM MADEIRA SERRADA, E=25 MM, 1 UTILIZAÇÃO. AF_01/2024","M2",134.16999999999999]
[96531,"FABRICAÇÃO, MONTAGEM E DESMONTAGEM DE FÔRMA PARA BLOCO DE COROAMENTO, EM MADEIRA SERRADA, E=25 MM, 2 UTILIZAÇÕES. AF_01/2024","M2",96.79]
[96532,"FABRICAÇÃO, MONTAGEM E DESMONTAGEM DE FÔRMA PARA SAPATA, EM MADEIRA SERRADA, E=25 MM, 2 UTILIZAÇÕES. AF_01/2024","M2",162.86000000000001]
[96533,"FABRICAÇÃO, MONTAGEM E DESMONTAGEM DE FÔRMA PARA VIGA BALDRAME, EM MADEIRA SERRADA, E=25 MM, 2 UTILIZAÇÕES. AF_01/2024","M2",86.62]
[96534,"FABRICAÇÃO, MONTAGEM E DESMONTAGEM DE FÔRMA PARA BLOCO DE COROAMENTO, EM MADEIRA SERRADA, E=25 MM, 4 UTILIZAÇÕES. AF_01/2024","M2",70.97]
[96535,"FABRICAÇÃO, MONTAGEM E DESMONTAGEM DE FÔRMA PARA SAPATA, EM MADEIRA SERRADA, E=25 MM, 4 UTILIZAÇÕES. AF_01/2024","M2",120.79]
[96536,"FABRICAÇÃO, MONTAGEM E DESMONTAGEM DE FÔRMA PARA VIGA BALDRAME, EM MADEIRA SERRADA, E=25 MM, 4 UTILIZAÇÕES. AF_01/2024","M2",61.84]
[96537,"FABRICAÇÃO, MONTAGEM E DESMONTAGEM DE FÔRMA PARA BLOCO DE COROAMENTO, EM CHAPA DE MADEIRA COMPENSADA RESINADA, E=17 MM, 2 UTILIZAÇÕES. AF_01/2024","M2",171.29]
[96538,"FABRICAÇÃO, MONTAGEM E DESMONTAGEM DE FÔRMA PARA SAPATA, EM CHAPA DE MADEIRA COMPENSADA RESINADA, E=17 MM, 2 UTILIZAÇÕES. AF_01/2024","M2",227.11]
[96539,"FABRICAÇÃO, MONTAGEM E DESMONTAGEM DE FÔRMA PARA VIGA BALDRAME, EM CHAPA DE MADEIRA COMPENSADA RESINADA, E=17 MM, 2 UTILIZAÇÕES. AF_01/2024","M2",121.31]
[96540,"FABRICAÇÃO, MONTAGEM E DESMONTAGEM DE FÔRMA PARA BLOCO DE COROAMENTO, EM CHAPA DE MADEIRA COMPENSADA RESINADA, E=17 MM, 4 UTILIZAÇÕES. AF_01/2024","M2",119.44]
[96541,"FABRICAÇÃO, MONTAGEM E DESMONTAGEM DE FÔRMA PARA SAPATA, EM CHAPA DE MADEIRA COMPENSADA RESINADA, E=17 MM, 4 UTILIZAÇÕES. AF_01/2024","M2",164.94]
[96542,"FABRICAÇÃO, MONTAGEM E DESMONTAGEM DE FÔRMA PARA VIGA BALDRAME, EM CHAPA DE MADEIRA COMPENSADA RESINADA, E=17 MM, 4 UTILIZAÇÕES. AF_01/2024","M2",88.73]
[96543,"ARMAÇÃO DE BLOCO UTILIZANDO AÇO CA-60 DE 5 MM - MONTAGEM. AF_01/2024","KG",18.64]
[101791,"FABRICAÇÃO DE ESCORAS DO TIPO PONTALETE, EM MADEIRA, PARA PÉ-DIREITO DUPLO. AF_09/2020","M",24.93]
[101792,"ESCORAMENTO DE FÔRMAS DE LAJE EM MADEIRA NÃO APARELHADA, PÉ-DIREITO SIMPLES, INCLUSO TRAVAMENTO, 4 UTILIZAÇÕES. AF_09/2020","M3",16.82]
[101793,"ESCORAMENTO DE FÔRMAS DE LAJE EM MADEIRA NÃO APARELHADA, PÉ-DIREITO DUPLO, INCLUSO TRAVAMENTO, 4 UTILIZAÇÕES. AF_09/2020","M3",24.88]
[101969,"FABRICAÇÃO DE FÔRMA PARA ESCADAS, COM 2 LANCES EM \"U\" E LAJE PLANA, EM CHAPA DE MADEIRA COMPENSADA PLASTIFICADA, E=18 MM. AF_11/2020","M2",190.65]
[101971,"FABRICAÇÃO DE FÔRMA PARA ESCADAS, COM 2 LANCES EM \"U\" E LAJE PLANA, EM CHAPA DE MADEIRA COMPENSADA RESINADA, E= 17 MM. AF_11/2020","M2",147.33000000000001]
[101973,"FABRICAÇÃO DE FÔRMA PARA ESCADAS, COM 2 LANCES EM \"U\" E LAJE PLANA, EM MADEIRA SERRADA, E=25 MM. AF_11/2020","M2",258.76]
[101974,"MONTAGEM E DESMONTAGEM DE FÔRMA PARA ESCADAS, COM 2 LANCES EM \"U\" E LAJE PLANA, EM MADEIRA SERRADA, 1 UTILIZAÇÃO. AF_11/2020","M2",517.19000000000005]
[101975,"MONTAGEM E DESMONTAGEM DE FÔRMA PARA ESCADAS, COM 2 LANCES EM \"U\"  E LAJE PLANA, EM MADEIRA SERRADA, 2 UTILIZAÇÕES. AF_11/2020","M2",443.43]
[101977,"MONTAGEM E DESMONTAGEM DE FÔRMA PARA ESCADAS, COM 2 LANCES EM \"U\" E LAJE PLANA, EM CHAPA DE MADEIRA COMPENSADA RESINADA, 2 UTILIZAÇÕES. AF_11/2020","M2",289.92]
[101980,"MONTAGEM E DESMONTAGEM DE FÔRMA PARA ESCADAS, COM 2 LANCES EM \"U\" E LAJE PLANA, EM CHAPA DE MADEIRA COMPENSADA RESINADA, 4 UTILIZAÇÕES. AF_11/2020","M2",269.47000000000003]
[101981,"MONTAGEM E DESMONTAGEM DE FÔRMA PARA ESCADAS, COM 2 LANCES EM \"U\" E LAJE PLANA, EM CHAPA DE MADEIRA COMPENSADA PLASTIFICADA, 6 UTILIZAÇÕES. AF_11/2020","M2",233.63]
[101982,"MONTAGEM E DESMONTAGEM DE FÔRMA PARA ESCADAS, COM 2 LANCES EM \"U\" E LAJE PLANA, EM CHAPA DE MADEIRA COMPENSADA PLASTIFICADA, 8 UTILIZAÇÕES. AF_11/2020","M2",207.68]
[101983,"MONTAGEM E DESMONTAGEM DE FÔRMA PARA ESCADAS, COM 2 LANCES EM \"U\" E LAJE PLANA, EM CHAPA DE MADEIRA COMPENSADA PLASTIFICADA, 10 UTILIZAÇÕES. AF_11/2020","M2",191.34]
[101985,"FABRICAÇÃO DE FÔRMA PARA ESCADAS, COM 2 LANCES EM \"U\" E LAJE CASCATA, EM CHAPA DE MADEIRA COMPENSADA PLASTIFICADA, E=18 MM. AF_11/2020","M2",201.04]
[101986,"FABRICAÇÃO DE FÔRMA PARA ESCADAS, COM 2 LANCES EM \"U\" E LAJE CASCATA, EM CHAPA DE MADEIRA COMPENSADA RESINADA, E= 17 MM. AF_11/2020","M2",145.96]
[101987,"FABRICAÇÃO DE FÔRMA PARA ESCADAS, COM 2 LANCES EM \"U\" E LAJE CASCATA, EM MADEIRA SERRADA, E=25 MM. AF_11/2020","M2",309.14999999999998]
[101988,"FABRICAÇÃO DE FÔRMA PARA ESCADAS, COM 2 LANCES EM \"L\" E LAJE PLANA, EM CHAPA DE MADEIRA COMPENSADA PLASTIFICADA, E=18 MM. AF_11/2020","M2",197.64]
[101989,"FABRICAÇÃO DE FÔRMA PARA ESCADAS, COM 2 LANCES EM \"L\" E LAJE PLANA, EM CHAPA DE MADEIRA COMPENSADA RESINADA, E= 17 MM. AF_11/2020","M2",154.87]
[101990,"FABRICAÇÃO DE FÔRMA PARA ESCADAS, COM 2 LANCES EM \"L\" E LAJE PLANA, EM MADEIRA SERRADA, E=25 MM. AF_11/2020","M2",278.52]
[101991,"FABRICAÇÃO DE FÔRMA PARA ESCADAS, COM 2 LANCES EM \"L\" E LAJE CASCATA, EM CHAPA DE MADEIRA COMPENSADA PLASTIFICADA, E=18 MM. AF_11/2020","M2",200.86]
[101992,"FABRICAÇÃO DE FÔRMA PARA ESCADAS, COM 2 LANCES EM \"L\" E LAJE CASCATA, EM CHAPA DE MADEIRA COMPENSADA RESINADA, E= 17 MM. AF_11/2020","M2",148.21]
[101993,"FABRICAÇÃO DE FÔRMA PARA ESCADAS, COM 2 LANCES EM \"L\" E LAJE CASCATA, EM MADEIRA SERRADA, E=25 MM. AF_11/2020","M2",364.83]
[101994,"FABRICAÇÃO DE FÔRMA PARA ESCADAS, COM 1 LANCE E LAJE PLANA, EM CHAPA DE MADEIRA COMPENSADA PLASTIFICADA, E=18 MM. AF_11/2020","M2",210.2]
[101995,"FABRICAÇÃO DE FÔRMA PARA ESCADAS, COM 1 LANCE E LAJE PLANA, EM CHAPA DE MADEIRA COMPENSADA RESINADA, E= 17 MM. AF_11/2020","M2",162.18]
[101996,"FABRICAÇÃO DE FÔRMA PARA ESCADAS, COM 1 LANCE E LAJE PLANA, EM MADEIRA SERRADA, E=25 MM. AF_11/2020","M2",300.64]
[101997,"FABRICAÇÃO DE FÔRMA PARA ESCADAS, COM 1 LANCE E LAJE CASCATA, EM CHAPA DE MADEIRA COMPENSADA PLASTIFICADA, E=18 MM. AF_11/2020","M2",200.82]
[101998,"FABRICAÇÃO DE FÔRMA PARA ESCADAS, COM 1 LANCE E LAJE CASCATA, EM CHAPA DE MADEIRA COMPENSADA RESINADA, E= 17 MM. AF_11/2020","M2",146.97999999999999]
[101999,"FABRICAÇÃO DE FÔRMA PARA ESCADAS, COM 1 LANCE E LAJE CASCATA, EM MADEIRA SERRADA, E=25 MM. AF_11/2020","M2",391.89]
[102000,"MONTAGEM E DESMONTAGEM DE FÔRMA PARA ESCADAS, COM 2 LANCES EM \"U\" E LAJE CASCATA, EM MADEIRA SERRADA, 1 UTILIZAÇÃO. AF_11/2020","M2",543.61]
[102001,"MONTAGEM E DESMONTAGEM DE FÔRMA PARA ESCADAS, COM 2 LANCES EM \"U\" E LAJE CASCATA, EM MADEIRA SERRADA, 2 UTILIZAÇÕES. AF_11/2020","M2",473.3]
[102002,"MONTAGEM E DESMONTAGEM DE FÔRMA PARA ESCADAS, COM 2 LANCES EM \"U\" E LAJE CASCATA, EM CHAPA DE MADEIRA COMPENSADA RESINADA, 2 UTILIZAÇÕES. AF_11/2020","M2",283.20999999999998]
[102003,"MONTAGEM E DESMONTAGEM DE FÔRMA PARA ESCADAS, COM 2 LANCES EM \"U\" E LAJE CASCATA, EM CHAPA DE MADEIRA COMPENSADA RESINADA, 4 UTILIZAÇÕES. AF_11/2020","M2",261.99]
[102004,"MONTAGEM E DESMONTAGEM DE FÔRMA PARA ESCADAS, COM 2 LANCES EM \"U\" E LAJE CASCATA, EM CHAPA DE MADEIRA COMPENSADA PLASTIFICADA, 6 UTILIZAÇÕES. AF_11/2020","M2",231.38]
[102005,"MONTAGEM E DESMONTAGEM DE FÔRMA PARA ESCADAS, COM 2 LANCES EM \"U\" E LAJE CASCATA, EM CHAPA DE MADEIRA COMPENSADA PLASTIFICADA, 8 UTILIZAÇÕES. AF_11/2020","M2",204.28]
[102006,"MONTAGEM E DESMONTAGEM DE FÔRMA PARA ESCADAS, COM 2 LANCES EM \"U\" E LAJE CASCATA, EM CHAPA DE MADEIRA COMPENSADA PLASTIFICADA, 10 UTILIZAÇÕES. AF_11/2020","M2",187.22]
[102007,"MONTAGEM E DESMONTAGEM DE FÔRMA PARA ESCADAS, COM 2 LANCES EM \"L\" E LAJE PLANA, EM MADEIRA SERRADA, 1 UTILIZAÇÃO. AF_11/2020","M2",513.45000000000005]
[102008,"MONTAGEM E DESMONTAGEM DE FÔRMA PARA ESCADAS, COM 2 LANCES EM \"L\" E LAJE PLANA, EM MADEIRA SERRADA, 2 UTILIZAÇÕES. AF_11/2020","M2",431.56]
[102009,"MONTAGEM E DESMONTAGEM DE FÔRMA PARA ESCADAS, COM 2 LANCES EM \"L\" E LAJE PLANA, EM CHAPA DE MADEIRA COMPENSADA RESINADA, 2 UTILIZAÇÕES. AF_11/2020","M2",291.25]
[102010,"MONTAGEM E DESMONTAGEM DE FÔRMA PARA ESCADAS, COM 2 LANCES EM \"L\" E LAJE PLANA, EM CHAPA DE MADEIRA COMPENSADA RESINADA, 4 UTILIZAÇÕES. AF_11/2020","M2",268.05]
[102011,"MONTAGEM E DESMONTAGEM DE FÔRMA PARA ESCADAS, COM 2 LANCES EM \"L\" E LAJE PLANA, EM CHAPA DE MADEIRA COMPENSADA PLASTIFICADA, 6 UTILIZAÇÕES. AF_11/2020","M2",230.03]
[102012,"MONTAGEM E DESMONTAGEM DE FÔRMA PARA ESCADAS, COM 2 LANCES EM \"L\" E LAJE PLANA, EM CHAPA DE MADEIRA COMPENSADA PLASTIFICADA, 8 UTILIZAÇÕES. AF_11/2020","M2",203.31]
[102013,"MONTAGEM E DESMONTAGEM DE FÔRMA PARA ESCADAS, COM 2 LANCES EM \"L\" E LAJE PLANA, EM CHAPA DE MADEIRA COMPENSADA PLASTIFICADA, 10 UTILIZAÇÕES. AF_11/2020","M2",188.46]
[102014,"MONTAGEM E DESMONTAGEM DE FÔRMA PARA ESCADAS, COM 2 LANCES EM \"L\" E LAJE CASCATA, EM MADEIRA SERRADA, 1 UTILIZAÇÃO. AF_11/2020","M2",599.66]
[102015,"MONTAGEM E DESMONTAGEM DE FÔRMA PARA ESCADAS, COM 2 LANCES EM \"L\" E LAJE CASCATA, EM MADEIRA SERRADA, 2 UTILIZAÇÕES. AF_11/2020","M2",505.34]
[102016,"MONTAGEM E DESMONTAGEM DE FÔRMA PARA ESCADAS, COM 2 LANCES EM \"L\" E LAJE CASCATA, EM CHAPA DE MADEIRA COMPENSADA RESINADA, 2 UTILIZAÇÕES. AF_11/2020","M2",281.07]
[102017,"MONTAGEM E DESMONTAGEM DE FÔRMA PARA ESCADAS, COM 2 LANCES EM \"L\" E LAJE CASCATA, EM CHAPA DE MADEIRA COMPENSADA RESINADA, 4 UTILIZAÇÕES. AF_11/2020","M2",257.77]
[102036,"MONTAGEM E DESMONTAGEM DE FÔRMA PARA ESCADAS, COM 2 LANCES EM \"L\" E LAJE CASCATA, EM CHAPA DE MADEIRA COMPENSADA PLASTIFICADA, 6 UTILIZAÇÕES. AF_11/2020","M2",225.37]
[102037,"MONTAGEM E DESMONTAGEM DE FÔRMA PARA ESCADAS, COM 2 LANCES EM \"L\" E LAJE CASCATA, EM CHAPA DE MADEIRA COMPENSADA PLASTIFICADA, 8 UTILIZAÇÕES. AF_11/2020","M2",198.29]
[102038,"MONTAGEM E DESMONTAGEM DE FÔRMA PARA ESCADAS, COM 2 LANCES EM \"L\" E LAJE CASCATA, EM CHAPA DE MADEIRA COMPENSADA PLASTIFICADA, 10 UTILIZAÇÕES. AF_11/2020","M2",183.25]
[102039,"MONTAGEM E DESMONTAGEM DE FÔRMA PARA ESCADAS, COM 1 LANCE E LAJE PLANA, EM MADEIRA SERRADA, 1 UTILIZAÇÃO. AF_11/2020","M2",542.99]
[102040,"MONTAGEM E DESMONTAGEM DE FÔRMA PARA ESCADAS, COM 1 LANCE E LAJE PLANA, EM MADEIRA SERRADA, 2 UTILIZAÇÕES. AF_11/2020","M2",454.78]
[102041,"MONTAGEM E DESMONTAGEM DE FÔRMA PARA ESCADAS, COM 1 LANCE E LAJE PLANA, EM CHAPA DE MADEIRA COMPENSADA RESINADA, 2 UTILIZAÇÕES. AF_11/2020","M2",292.22000000000003]
[102042,"MONTAGEM E DESMONTAGEM DE FÔRMA PARA ESCADAS, COM 1 LANCE E LAJE PLANA, EM CHAPA DE MADEIRA COMPENSADA RESINADA, 4 UTILIZAÇÕES. AF_11/2020","M2",266.16000000000003]
[102043,"MONTAGEM E DESMONTAGEM DE FÔRMA PARA ESCADAS, COM 1 LANCE E LAJE PLANA, EM CHAPA DE MADEIRA COMPENSADA PLASTIFICADA, 6 UTILIZAÇÕES. AF_11/2020","M2",229.22]
[102044,"MONTAGEM E DESMONTAGEM DE FÔRMA PARA ESCADAS, COM 1 LANCE E LAJE PLANA, EM CHAPA DE MADEIRA COMPENSADA PLASTIFICADA, 8 UTILIZAÇÕES. AF_11/2020","M2",203.22]
[102045,"MONTAGEM E DESMONTAGEM DE FÔRMA PARA ESCADAS, COM 1 LANCE E LAJE PLANA, EM CHAPA DE MADEIRA COMPENSADA PLASTIFICADA, 10 UTILIZAÇÕES. AF_11/2020","M2",187.62]
[102046,"MONTAGEM E DESMONTAGEM DE FÔRMA PARA ESCADAS, COM 1 LANCE E LAJE CASCATA, EM MADEIRA SERRADA, 1 UTILIZAÇÃO. AF_11/2020","M2",616.4]
[102047,"MONTAGEM E DESMONTAGEM DE FÔRMA PARA ESCADAS, COM 1 LANCE E LAJE CASCATA, EM MADEIRA SERRADA, 2 UTILIZAÇÕES. AF_11/2020","M2",529.96]
[102048,"MONTAGEM E DESMONTAGEM DE FÔRMA PARA ESCADAS, COM 1 LANCE E LAJE CASCATA, EM CHAPA DE MADEIRA COMPENSADA RESINADA, 2 UTILIZAÇÕES. AF_11/2020","M2",273.83999999999997]
[102049,"MONTAGEM E DESMONTAGEM DE FÔRMA PARA ESCADAS, COM 1 LANCE E LAJE CASCATA, EM CHAPA DE MADEIRA COMPENSADA RESINADA, 4 UTILIZAÇÕES. AF_11/2020","M2",246.96]
[102050,"MONTAGEM E DESMONTAGEM DE FÔRMA PARA ESCADAS, COM 1 LANCE E LAJE CASCATA, EM CHAPA DE MADEIRA COMPENSADA PLASTIFICADA, 6 UTILIZAÇÕES. AF_11/2020","M2",216.59]
[102051,"MONTAGEM E DESMONTAGEM DE FÔRMA PARA ESCADAS, COM 1 LANCE E LAJE CASCATA, EM CHAPA DE MADEIRA COMPENSADA PLASTIFICADA, 8 UTILIZAÇÕES. AF_11/2020","M2",189.52]
[102052,"MONTAGEM E DESMONTAGEM DE FÔRMA PARA ESCADAS, COM 1 LANCE E LAJE CASCATA, EM CHAPA DE MADEIRA COMPENSADA PLASTIFICADA, 10 UTILIZAÇÕES. AF_11/2020","M2",174.48]
[102059,"MONTAGEM E DESMONTAGEM DE FÔRMA PARA ESCADA DUPLA COM 2 LANCES EM \"X\" E LAJE PLANA, EM MADEIRA SERRADA, 1 UTILIZAÇÃO. AF_11/2020","M2",504.65]
[102060,"MONTAGEM E DESMONTAGEM DE FÔRMA PARA ESCADA DUPLA COM 2 LANCES EM \"X\" E LAJE PLANA, EM MADEIRA SERRADA, 2 UTILIZAÇÕES. AF_11/2020","M2",426.48]
[102061,"MONTAGEM E DESMONTAGEM DE FÔRMA PARA ESCADA DUPLA COM 2 LANCES EM \"X\" E LAJE PLANA, EM CHAPA DE MADEIRA COMPENSADA RESINADA, 2 UTILIZAÇÕES. AF_11/2020","M2",271.8]
[102062,"MONTAGEM E DESMONTAGEM DE FÔRMA PARA ESCADA DUPLA COM 2 LANCES EM \"X\" E LAJE PLANA, EM CHAPA DE MADEIRA COMPENSADA RESINADA, 4 UTILIZAÇÕES. AF_11/2020","M2",253.43]
[102063,"MONTAGEM E DESMONTAGEM DE FÔRMA PARA ESCADA DUPLA COM 2 LANCES EM \"X\" E LAJE PLANA, EM CHAPA DE MADEIRA COMPENSADA PLASTIFICADA, 6 UTILIZAÇÕES. AF_11/2020","M2",217.67]
[102064,"MONTAGEM E DESMONTAGEM DE FÔRMA PARA ESCADA DUPLA COM 2 LANCES EM \"X\" E LAJE PLANA, EM CHAPA DE MADEIRA COMPENSADA PLASTIFICADA, 8 UTILIZAÇÕES. AF_11/2020","M2",191.34]
[102065,"MONTAGEM E DESMONTAGEM DE FÔRMA PARA ESCADA DUPLA COM 2 LANCES EM \"X\" E LAJE PLANA, EM CHAPA DE MADEIRA COMPENSADA PLASTIFICADA, 10 UTILIZAÇÕES. AF_11/2020","M2",176.76]
[102066,"MONTAGEM E DESMONTAGEM DE FÔRMA PARA ESCADA DUPLA COM 2 LANCES EM \"X\" E LAJE CASCATA, EM MADEIRA SERRADA, 1 UTILIZAÇÃO. AF_11/2020","M2",542.32000000000005]
[102067,"MONTAGEM E DESMONTAGEM DE FÔRMA PARA ESCADA DUPLA COM 2 LANCES EM \"X\" E LAJE CASCATA, EM MADEIRA SERRADA, 2 UTILIZAÇÕES. AF_11/2020","M2",468.74]
[102068,"MONTAGEM E DESMONTAGEM DE FÔRMA PARA ESCADA DUPLA COM 2 LANCES EM \"X\" E LAJE CASCATA, EM CHAPA DE MADEIRA COMPENSADA RESINADA, 2 UTILIZAÇÕES. AF_11/2020","M2",252.43]
[102069,"MONTAGEM E DESMONTAGEM DE FÔRMA PARA ESCADA DUPLA COM 2 LANCES EM \"X\" E LAJE CASCATA, EM CHAPA DE MADEIRA COMPENSADA RESINADA, 4 UTILIZAÇÕES. AF_11/2020","M2",233.99]
[102070,"MONTAGEM E DESMONTAGEM DE FÔRMA PARA ESCADA DUPLA COM 2 LANCES EM \"X\" E LAJE CASCATA, EM CHAPA DE MADEIRA COMPENSADA PLASTIFICADA, 6 UTILIZAÇÕES. AF_11/2020","M2",205.25]
[102071,"MONTAGEM E DESMONTAGEM DE FÔRMA PARA ESCADA DUPLA COM 2 LANCES EM \"X\" E LAJE CASCATA, EM CHAPA DE MADEIRA COMPENSADA PLASTIFICADA, 8 UTILIZAÇÕES. AF_11/2020","M2",180.1]
[102072,"MONTAGEM E DESMONTAGEM DE FÔRMA PARA ESCADA DUPLA COM 2 LANCES EM \"X\" E LAJE CASCATA, EM CHAPA DE MADEIRA COMPENSADA PLASTIFICADA, 10 UTILIZAÇÕES. AF_11/2020","M2",170.12]
[102073,"ESCADA EM CONCRETO ARMADO MOLDADO IN LOCO, FCK 25 MPA, COM 1 LANCE E LAJE PLANA, FÔRMA EM CHAPA DE MADEIRA COMPENSADA RESINADA. AF_11/2020_PA","M3",3608.98]
[102074,"ESCADA EM CONCRETO ARMADO MOLDADO IN LOCO, FCK 25 MPA, COM 2 LANCES EM  U  E LAJE PLANA, FÔRMA EM CHAPA DE MADEIRA COMPENSADA RESINADA. AF_11/2020_PA","M3",4287.21]
[102075,"ESCADA EM CONCRETO ARMADO MOLDADO IN LOCO, FCK 25 MPA, COM 2 LANCES EM  L  E LAJE PLANA, FÔRMA EM CHAPA DE MADEIRA COMPENSADA RESINADA. AF_11/2020_PA","M3",4445.88]
[102076,"ESCADA EM CONCRETO ARMADO MOLDADO IN LOCO, FCK 25 MPA, COM 2 LANCES EM  X  E LAJE PLANA, FÔRMA EM CHAPA DE MADEIRA COMPENSADA RESINADA. AF_11/2020_PA","M3",4570.8999999999996]
[102077,"ESCADA EM CONCRETO ARMADO MOLDADO IN LOCO, FCK 25 MPA, COM 1 LANCE E LAJE CASCATA, FÔRMA EM CHAPA DE MADEIRA COMPENSADA RESINADA. AF_11/2020_PA","M3",4953.99]
[102078,"ESCADA EM CONCRETO ARMADO MOLDADO IN LOCO, FCK 25 MPA, COM 2 LANCES EM  U  E LAJE CASCATA, FÔRMA EM CHAPA DE MADEIRA COMPENSADA RESINADA. AF_11/2020_PA","M3",5079.5200000000004]
[102079,"ESCADA EM CONCRETO ARMADO MOLDADO IN LOCO, FCK 25 MPA, COM 2 LANCES EM  L  E LAJE CASCATA, FÔRMA EM CHAPA DE MADEIRA COMPENSADA RESINADA. AF_11/2020_PA","M3",4866.3599999999997]
[102080,"ESCADA EM CONCRETO ARMADO MOLDADO IN LOCO, FCK 25 MPA, COM 2 LANCES EM  X  E LAJE CASCATA, FÔRMA EM CHAPA DE MADEIRA COMPENSADA RESINADA. AF_11/2020_PA","M3",4281.8100000000004]
[102086,"FABRICAÇÃO DE FÔRMA PARA ESCADA DUPLA COM 2 LANCES EM \"X\" E LAJE PLANA, EM CHAPA DE MADEIRA COMPENSADA PLASTIFICADA, E=18 MM. AF_11/2020","M2",201.36]
[102087,"FABRICAÇÃO DE FÔRMA PARA ESCADA DUPLA COM 2 LANCES EM \"X\" E LAJE PLANA, EM CHAPA DE MADEIRA COMPENSADA RESINADA, E= 17 MM. AF_11/2020","M2",156.44999999999999]
[102088,"FABRICAÇÃO DE FÔRMA PARA ESCADA DUPLA COM 2 LANCES EM X E LAJE PLANA, EM MADEIRA SERRADA, E=25 MM. AF_11/2020","M2",278.75]
[102089,"FABRICAÇÃO DE FÔRMA PARA ESCADA DUPLA COM 2 LANCES EM \"X\" E LAJE CASCATA, EM CHAPA DE MADEIRA COMPENSADA PLASTIFICADA, E=18 MM. AF_11/2020","M2",190.64]
[102090,"FABRICAÇÃO DE FÔRMA PARA ESCADA DUPLA COM 2 LANCES EM \"X\" E LAJE CASCATA, EM CHAPA DE MADEIRA COMPENSADA RESINADA, E= 17 MM. AF_11/2020","M2",139.69]
[102091,"FABRICAÇÃO DE FÔRMA PARA ESCADA DUPLA COM 2 LANCES EM X E LAJE CASCATA, EM MADEIRA SERRADA, E=25 MM. AF_11/2020","M2",329.21]
[103760,"MONTAGEM E DESMONTAGEM DE FÔRMA DE LAJE MACIÇA, PÉ-DIREITO SIMPLES, EM CHAPA DE MADEIRA COMPENSADA RESINADA E CIMBRAMENTO DE MADEIRA, 2 UTILIZAÇÕES. AF_03/2022","M2",127.38]
[103761,"MONTAGEM E DESMONTAGEM DE FÔRMA DE LAJE MACIÇA, PÉ-DIREITO SIMPLES, EM CHAPA DE MADEIRA COMPENSADA RESINADA E CIMBRAMENTO DE MADEIRA, 4 UTILIZAÇÕES. AF_03/2022","M2",82.43]
[103762,"MONTAGEM E DESMONTAGEM DE FÔRMA DE LAJE MACIÇA, PÉ-DIREITO SIMPLES, EM CHAPA DE MADEIRA COMPENSADA RESINADA E CIMBRAMENTO DE MADEIRA, 6 UTILIZAÇÕES. AF_03/2022","M2",69.92]
[103763,"MONTAGEM E DESMONTAGEM DE FÔRMA DE LAJE MACIÇA, PÉ-DIREITO SIMPLES, EM CHAPA DE MADEIRA COMPENSADA RESINADA E CIMBRAMENTO DE MADEIRA, 8 UTILIZAÇÕES. AF_03/2022","M2",61.04]
[104925,"FABRICAÇÃO, MONTAGEM E DESMONTAGEM DE FÔRMA PARA SAPATA CORRIDA, EM MADEIRA SERRADA, E=25 MM, 1 UTILIZAÇÃO. AF_01/2024","M2",151.38999999999999]
[104926,"FABRICAÇÃO, MONTAGEM E DESMONTAGEM DE FÔRMA PARA SAPATA CORRIDA, EM MADEIRA SERRADA, E=25 MM, 2 UTILIZAÇÕES. AF_01/2024","M2",95.87]
[104927,"FABRICAÇÃO, MONTAGEM E DESMONTAGEM DE FÔRMA PARA SAPATA CORRIDA, EM MADEIRA SERRADA, E=25 MM, 4 UTILIZAÇÕES. AF_01/2024","M2",67.010000000000005]
[104928,"FABRICAÇÃO, MONTAGEM E DESMONTAGEM DE FÔRMA PARA SAPATA CORRIDA, EM CHAPA DE MADEIRA COMPENSADA RESINADA, E=17 MM, 2 UTILIZAÇÕES. AF_01/2024","M2",138.77000000000001]
[104929,"FABRICAÇÃO, MONTAGEM E DESMONTAGEM DE FÔRMA PARA SAPATA CORRIDA, EM CHAPA DE MADEIRA COMPENSADA RESINADA, E=17 MM, 4 UTILIZAÇÕES. AF_01/2024","M2",84.49]
[105403,"FABRICAÇÃO DE FÔRMA PARA PILARES CIRCULARES, EM CHAPA DE MADEIRA COMPENSADA RESINADA, PÉ-DIREITO DUPLO. AF_05/2024","M2",185.82]
[105406,"MONTAGEM E DESMONTAGEM DE FÔRMA DE PILARES CIRCULARES, PÉ-DIREITO DUPLO, EM MADEIRA, 2 UTILIZAÇÕES. AF_05/2024","M2",184.98]
[89996,"ARMAÇÃO VERTICAL DE ALVENARIA ESTRUTURAL; DIÂMETRO DE 10,0 MM. AF_09/2021","KG",10.210000000000001]
[89997,"ARMAÇÃO VERTICAL DE ALVENARIA ESTRUTURAL; DIÂMETRO DE 12,5 MM. AF_09/2021","KG",8.3000000000000007]
[89998,"ARMAÇÃO DE CINTA DE ALVENARIA ESTRUTURAL; DIÂMETRO DE 10,0 MM. AF_09/2021","KG",9.7200000000000006]
[89999,"ARMAÇÃO DE VERGA E CONTRAVERGA DE ALVENARIA ESTRUTURAL; DIÂMETRO DE 8,0 MM. AF_09/2021","KG",15.26]
[90000,"ARMAÇÃO DE VERGA E CONTRAVERGA DE ALVENARIA ESTRUTURAL; DIÂMETRO DE 10,0 MM. AF_09/2021","KG",12.28]
[91593,"ARMAÇÃO DO SISTEMA DE PAREDES DE CONCRETO, EXECUTADA EM PAREDES DE EDIFICAÇÕES MULTIFAMILIARES, TELA Q-138. AF_12/2024_PS","KG",11.89]
[91594,"ARMAÇÃO DO SISTEMA DE PAREDES DE CONCRETO, EXECUTADA EM PAREDES DE EDIFICAÇÕES UNIFAMILIARES OU MULTIFAMILIARES, TELA Q-92. AF_12/2024_PS","KG",11.91]
[91595,"ARMAÇÃO DO SISTEMA DE PAREDES DE CONCRETO, EXECUTADA EM PAREDES DE EDIFICAÇÕES UNIFAMILIARES, TELA Q-61. AF_12/2024_PS","KG",12.12]
[91596,"ARMAÇÃO DO SISTEMA DE PAREDES DE CONCRETO, EXECUTADA COMO ARMADURA POSITIVA DE LAJES, TELA Q-138. AF_12/2024","KG",11.87]
[91597,"ARMAÇÃO DO SISTEMA DE PAREDES DE CONCRETO, EXECUTADA COMO ARMADURA NEGATIVA DE LAJES, TELA T-196. AF_12/2024","KG",8.74]
[91598,"ARMAÇÃO DO SISTEMA DE PAREDES DE CONCRETO, EXECUTADA COMO ARMADURA POSITIVA DE LAJES, TELA Q-113. AF_12/2024","KG",11.49]
[91599,"ARMAÇÃO DO SISTEMA DE PAREDES DE CONCRETO, EXECUTADA COMO ARMADURA NEGATIVA DE LAJES, TELA L-159. AF_12/2024","KG",9.09]
[91600,"ARMAÇÃO DO SISTEMA DE PAREDES DE CONCRETO, EXECUTADA EM PLATIBANDAS, TELA Q-92. AF_12/2024_PS","KG",12.97]
[91601,"ARMAÇÃO DO SISTEMA DE PAREDES DE CONCRETO, EXECUTADA COMO REFORÇO, VERGALHÃO DE 6,3 MM DE DIÂMETRO. AF_12/2024","KG",11.71]
[91602,"ARMAÇÃO DO SISTEMA DE PAREDES DE CONCRETO, EXECUTADA COMO REFORÇO, VERGALHÃO DE 8,0 MM DE DIÂMETRO. AF_12/2024","KG",10.92]
[91603,"ARMAÇÃO DO SISTEMA DE PAREDES DE CONCRETO, EXECUTADA COMO REFORÇO, VERGALHÃO DE 10,0 MM DE DIÂMETRO. AF_12/2024","KG",9.7799999999999994]
[92759,"ARMAÇÃO DE PILAR OU VIGA DE ESTRUTURA CONVENCIONAL DE CONCRETO ARMADO UTILIZANDO AÇO CA-60 DE 5,0 MM - MONTAGEM. AF_06/2022","KG",13.36]
[92760,"ARMAÇÃO DE PILAR OU VIGA DE ESTRUTURA CONVENCIONAL DE CONCRETO ARMADO UTILIZANDO AÇO CA-50 DE 6,3 MM - MONTAGEM. AF_06/2022","KG",12.66]
[92761,"ARMAÇÃO DE PILAR OU VIGA DE ESTRUTURA CONVENCIONAL DE CONCRETO ARMADO UTILIZANDO AÇO CA-50 DE 8,0 MM - MONTAGEM. AF_06/2022","KG",11.93]
[92762,"ARMAÇÃO DE PILAR OU VIGA DE ESTRUTURA CONVENCIONAL DE CONCRETO ARMADO UTILIZANDO AÇO CA-50 DE 10,0 MM - MONTAGEM. AF_06/2022","KG",10.68]
[92763,"ARMAÇÃO DE PILAR OU VIGA DE ESTRUTURA CONVENCIONAL DE CONCRETO ARMADO UTILIZANDO AÇO CA-50 DE 12,5 MM - MONTAGEM. AF_06/2022","KG",8.9700000000000006]
[92764,"ARMAÇÃO DE PILAR OU VIGA DE ESTRUTURA CONVENCIONAL DE CONCRETO ARMADO UTILIZANDO AÇO CA-50 DE 16,0 MM - MONTAGEM. AF_06/2022","KG",8.69]
[92765,"ARMAÇÃO DE PILAR OU VIGA DE ESTRUTURA CONVENCIONAL DE CONCRETO ARMADO UTILIZANDO AÇO CA-50 DE 20,0 MM - MONTAGEM. AF_06/2022","KG",9.92]
[92766,"ARMAÇÃO DE PILAR OU VIGA DE ESTRUTURA CONVENCIONAL DE CONCRETO ARMADO UTILIZANDO AÇO CA-50 DE 25,0 MM - MONTAGEM. AF_06/2022","KG",9.81]
[92767,"ARMAÇÃO DE LAJE DE ESTRUTURA CONVENCIONAL DE CONCRETO ARMADO UTILIZANDO AÇO CA-60 DE 4,2 MM - MONTAGEM. AF_06/2022","KG",14.67]
[92768,"ARMAÇÃO DE LAJE DE ESTRUTURA CONVENCIONAL DE CONCRETO ARMADO UTILIZANDO AÇO CA-60 DE 5,0 MM - MONTAGEM. AF_06/2022","KG",12.9]
[92769,"ARMAÇÃO DE LAJE DE ESTRUTURA CONVENCIONAL DE CONCRETO ARMADO UTILIZANDO AÇO CA-50 DE 6,3 MM - MONTAGEM. AF_06/2022","KG",12.19]
[92770,"ARMAÇÃO DE LAJE DE ESTRUTURA CONVENCIONAL DE CONCRETO ARMADO UTILIZANDO AÇO CA-50 DE 8,0 MM - MONTAGEM. AF_06/2022","KG",11.47]
[92771,"ARMAÇÃO DE LAJE DE ESTRUTURA CONVENCIONAL DE CONCRETO ARMADO UTILIZANDO AÇO CA-50 DE 10,0 MM - MONTAGEM. AF_06/2022","KG",10.25]
[92772,"ARMAÇÃO DE LAJE DE ESTRUTURA CONVENCIONAL DE CONCRETO ARMADO UTILIZANDO AÇO CA-50 DE 12,5 MM - MONTAGEM. AF_06/2022","KG",8.6]
[92773,"ARMAÇÃO DE LAJE DE ESTRUTURA CONVENCIONAL DE CONCRETO ARMADO UTILIZANDO AÇO CA-50 DE 16,0 MM - MONTAGEM. AF_06/2022","KG",8.4499999999999993]
[92774,"ARMAÇÃO DE LAJE DE ESTRUTURA CONVENCIONAL DE CONCRETO ARMADO UTILIZANDO AÇO CA-50 DE 20,0 MM - MONTAGEM. AF_06/2022","KG",9.77]
[92798,"CORTE E DOBRA DE AÇO CA-50, DIÂMETRO DE 25,0 MM. AF_06/2022","KG",8.93]
[92799,"CORTE E DOBRA DE AÇO CA-60, DIÂMETRO DE 4,2 MM. AF_06/2022","KG",10.56]
[92800,"CORTE E DOBRA DE AÇO CA-60, DIÂMETRO DE 5,0 MM. AF_06/2022","KG",9.56]
[92801,"CORTE E DOBRA DE AÇO CA-50, DIÂMETRO DE 6,3 MM. AF_06/2022","KG",9.6999999999999993]
[92802,"CORTE E DOBRA DE AÇO CA-50, DIÂMETRO DE 8,0 MM. AF_06/2022","KG",9.66]
[92803,"CORTE E DOBRA DE AÇO CA-50, DIÂMETRO DE 10,0 MM. AF_06/2022","KG",8.93]
[92804,"CORTE E DOBRA DE AÇO CA-50, DIÂMETRO DE 12,5 MM. AF_06/2022","KG",7.65]
[92805,"CORTE E DOBRA DE AÇO CA-50, DIÂMETRO DE 16,0 MM. AF_06/2022","KG",7.58]
[92806,"CORTE E DOBRA DE AÇO CA-50, DIÂMETRO DE 20,0 MM. AF_06/2022","KG",8.94]
[92875,"CORTE E DOBRA DE AÇO CA-25, DIÂMETRO DE 6,3 MM. AF_06/2022","KG",9.1999999999999993]
[92876,"CORTE E DOBRA DE AÇO CA-25, DIÂMETRO DE 8,0 MM. AF_06/2022","KG",8.9499999999999993]
[92877,"CORTE E DOBRA DE AÇO CA-25, DIÂMETRO DE 10,0 MM. AF_06/2022","KG",9.67]
[92878,"CORTE E DOBRA DE AÇO CA-25, DIÂMETRO DE 12,5 MM. AF_06/2022","KG",9.52]
[92879,"CORTE E DOBRA DE AÇO CA-25, DIÂMETRO DE 16,0 MM. AF_06/2022","KG",9.42]
[92880,"CORTE E DOBRA DE AÇO CA-25, DIÂMETRO DE 20,0 MM. AF_06/2022","KG",9.6300000000000008]
[92881,"CORTE E DOBRA DE AÇO CA-25, DIÂMETRO DE 25,0 MM. AF_06/2022","KG",9.6]
[92882,"ARMAÇÃO UTILIZANDO AÇO CA-25 DE 6,3 MM - MONTAGEM. AF_06/2022","KG",12.62]
[92883,"ARMAÇÃO UTILIZANDO AÇO CA-25 DE 8,0 MM - MONTAGEM. AF_06/2022","KG",11.63]
[92884,"ARMAÇÃO UTILIZANDO AÇO CA-25 DE 10,0 MM - MONTAGEM. AF_06/2022","KG",11.8]
[92885,"ARMAÇÃO UTILIZANDO AÇO CA-25 DE 12,5 MM - MONTAGEM. AF_06/2022","KG",11.21]
[92886,"ARMAÇÃO UTILIZANDO AÇO CA-25 DE 16,0 MM - MONTAGEM. AF_06/2022","KG",10.72]
[92887,"ARMAÇÃO UTILIZANDO AÇO CA-25 DE 20,0 MM - MONTAGEM. AF_06/2022","KG",10.66]
[92888,"ARMAÇÃO UTILIZANDO AÇO CA-25 DE 25,0 MM - MONTAGEM. AF_06/2022","KG",10.41]
[92915,"ARMAÇÃO DE ESTRUTURAS DIVERSAS DE CONCRETO ARMADO, EXCETO VIGAS, PILARES, LAJES E FUNDAÇÕES, UTILIZANDO AÇO CA-60 DE 5,0 MM - MONTAGEM. AF_06/2022","KG",15.82]
[92916,"ARMAÇÃO DE ESTRUTURAS DIVERSAS DE CONCRETO ARMADO, EXCETO VIGAS, PILARES, LAJES E FUNDAÇÕES, UTILIZANDO AÇO CA-50 DE 6,3 MM - MONTAGEM. AF_06/2022","KG",14.48]
[92917,"ARMAÇÃO DE ESTRUTURAS DIVERSAS DE CONCRETO ARMADO, EXCETO VIGAS, PILARES, LAJES E FUNDAÇÕES, UTILIZANDO AÇO CA-50 DE 8,0 MM - MONTAGEM. AF_06/2022","KG",13.22]
[92919,"ARMAÇÃO DE ESTRUTURAS DIVERSAS DE CONCRETO ARMADO, EXCETO VIGAS, PILARES, LAJES E FUNDAÇÕES, UTILIZANDO AÇO CA-50 DE 10,0 MM - MONTAGEM. AF_06/2022","KG",11.57]
[92921,"ARMAÇÃO DE ESTRUTURAS DIVERSAS DE CONCRETO ARMADO, EXCETO VIGAS, PILARES, LAJES E FUNDAÇÕES, UTILIZANDO AÇO CA-50 DE 12,5 MM - MONTAGEM. AF_06/2022","KG",9.56]
[92922,"ARMAÇÃO DE ESTRUTURAS DIVERSAS DE CONCRETO ARMADO, EXCETO VIGAS, PILARES, LAJES E FUNDAÇÕES, UTILIZANDO AÇO CA-50 DE 16,0 MM - MONTAGEM. AF_06/2022","KG",9.1300000000000008]
[92923,"ARMAÇÃO DE ESTRUTURAS DIVERSAS DE CONCRETO ARMADO, EXCETO VIGAS, PILARES, LAJES E FUNDAÇÕES, UTILIZANDO AÇO CA-50 DE 20,0 MM - MONTAGEM. AF_06/2022","KG",10.26]
[92924,"ARMAÇÃO DE ESTRUTURAS DIVERSAS DE CONCRETO ARMADO, EXCETO VIGAS, PILARES, LAJES E FUNDAÇÕES, UTILIZANDO AÇO CA-50 DE 25,0 MM - MONTAGEM. AF_06/2022","KG",10.08]
[95448,"CORTE E DOBRA DE AÇO CA-50, DIÂMETRO DE 32 MM. AF_06/2022","KG",9.8000000000000007]
[95576,"MONTAGEM DE ARMADURA DE ESTACAS, DIÂMETRO = 8,0 MM. AF_09/2021_PS","KG",12.1]
[95577,"MONTAGEM DE ARMADURA DE ESTACAS, DIÂMETRO = 10,0 MM. AF_09/2021_PS","KG",10.34]
[95578,"MONTAGEM DE ARMADURA DE ESTACAS, DIÂMETRO = 12,5 MM. AF_09/2021_PS","KG",8.61]
[95579,"MONTAGEM DE ARMADURA DE ESTACAS, DIÂMETRO = 16,0 MM. AF_09/2021_PS","KG",8.34]
[95580,"MONTAGEM DE ARMADURA DE ESTACAS, DIÂMETRO = 20,0 MM. AF_09/2021_PS","KG",9.6199999999999992]
[95581,"MONTAGEM DE ARMADURA DE ESTACAS, DIÂMETRO = 25,0 MM. AF_09/2021_PS","KG",9.58]
[95582,"MONTAGEM DE ARMADURA DE ESTACAS, DIÂMETRO = 32,0 MM. AF_09/2021_PS","KG",10.43]
[95583,"MONTAGEM DE ARMADURA TRANSVERSAL DE ESTACAS DE SEÇÃO CIRCULAR, DIÂMETRO = 5,0 MM. AF_09/2021_PS","KG",15.03]
[95584,"MONTAGEM DE ARMADURA TRANSVERSAL DE ESTACAS DE SEÇÃO CIRCULAR, DIÂMETRO = 6,30 MM. AF_09/2021_PS","KG",13.34]
[95592,"MONTAGEM DE ARMADURA TRANVERSAL DE ESTACAS DE SEÇÃO RETANGULAR, DIÂMETRO = 5,0 MM. AF_09/2021_PS","KG",15.03]
[95593,"MONTAGEM DE ARMADURA TRANSVERSAL DE ESTACAS DE SEÇÃO RETANGULAR, DIÂMETRO = 6,30 MM. AF_09/2021_PS","KG",13.34]
[95943,"ARMAÇÃO DE ESCADA, DE UMA ESTRUTURA CONVENCIONAL DE CONCRETO ARMADO UTILIZANDO AÇO CA-60 DE 5,0 MM - MONTAGEM. AF_11/2020","KG",20.66]
[95944,"ARMAÇÃO DE ESCADA, DE UMA ESTRUTURA CONVENCIONAL DE CONCRETO ARMADO UTILIZANDO AÇO CA-50 DE 6,3 MM - MONTAGEM. AF_11/2020","KG",18.809999999999999]
[95945,"ARMAÇÃO DE ESCADA, DE UMA ESTRUTURA CONVENCIONAL DE CONCRETO ARMADO UTILIZANDO AÇO CA-50 DE 8,0 MM - MONTAGEM. AF_11/2020","KG",15.26]
[95946,"ARMAÇÃO DE ESCADA, DE UMA ESTRUTURA CONVENCIONAL DE CONCRETO ARMADO UTILIZANDO AÇO CA-50 DE 10,0 MM - MONTAGEM. AF_11/2020","KG",12.21]
[95947,"ARMAÇÃO DE ESCADA, DE UMA ESTRUTURA CONVENCIONAL DE CONCRETO ARMADO UTILIZANDO AÇO CA-50 DE 12,5 MM - MONTAGEM. AF_11/2020","KG",9.42]
[95948,"ARMAÇÃO DE ESCADA, DE UMA ESTRUTURA CONVENCIONAL DE CONCRETO ARMADO UTILIZANDO AÇO CA-50 DE 16,0 MM - MONTAGEM. AF_11/2020","KG",8.33]
[96544,"ARMAÇÃO DE BLOCO UTILIZANDO AÇO CA-50 DE 6,3 MM - MONTAGEM. AF_01/2024","KG",16.86]
[96545,"ARMAÇÃO DE BLOCO UTILIZANDO AÇO CA-50 DE 8 MM - MONTAGEM. AF_01/2024","KG",15.24]
[96546,"ARMAÇÃO DE BLOCO UTILIZANDO AÇO CA-50 DE 10 MM - MONTAGEM. AF_01/2024","KG",13.36]
[100064,"ARMAÇÃO DO SISTEMA DE PAREDES DE CONCRETO, EXECUTADA COMO ARMADURA POSITIVA DE LAJES, TELA Q-159. AF_12/2024","KG",11.8]
[100066,"ARMAÇÃO DO SISTEMA DE PAREDES DE CONCRETO, EXECUTADA COMO ARMADURA POSITIVA DE LAJES, TELA Q-196. AF_12/2024","KG",11.85]
[100067,"ARMAÇÃO DO SISTEMA DE PAREDES DE CONCRETO, EXECUTADA COMO REFORÇO, VERGALHÃO DE 5,0 MM DE DIÂMETRO. AF_12/2024","KG",11.35]
[100068,"ARMAÇÃO DO SISTEMA DE PAREDES DE CONCRETO, EXECUTADA COMO REFORÇO, VERGALHÃO DE 12,5 MM DE DIÂMETRO. AF_12/2024","KG",8.42]
[102920,"ARMAÇÃO DE CINTA DE ALVENARIA ESTRUTURAL; DIÂMETRO DE 12,5 MM. AF_09/2021","KG",7.99]
[102921,"ARMAÇÃO VERTICAL DE ALVENARIA ESTRUTURAL; DIÂMETRO DE 16,0 MM. AF_09/2021","KG",7.71]
[102922,"ARMAÇÃO DE VERGA E CONTRAVERGA DE ALVENARIA ESTRUTURAL; DIÂMETRO DE 16,0 MM. AF_09/2021","KG",8.51]
[102923,"ARMAÇÃO DE CINTA DE ALVENARIA ESTRUTURAL; DIÂMETRO DE 16,0 MM. AF_09/2021","KG",7.51]
[103088,"ARMAÇÃO DE VERGA E CONTRAVERGA DE ALVENARIA ESTRUTURAL; DIÂMETRO DE 12,5 MM. AF_09/2021","KG",9.6300000000000008]
[104104,"ARMAÇÃO DE ESTRUTURAS DIVERSAS DE CONCRETO ARMADO, EXCETO VIGAS, PILARES, LAJES E FUNDAÇÕES, UTILIZANDO AÇO CA-50 DE 32,0 MM - MONTAGEM. AF_06/2022","KG",10.58]
[104105,"ARMAÇÃO DE PILAR OU VIGA DE ESTRUTURA CONVENCIONAL DE CONCRETO ARMADO UTILIZANDO AÇO CA-50 DE 32,0 MM. AF_06/2022","KG",10.59]
[104106,"ARMAÇÃO DE PILAR OU VIGA DE ESTRUTURA DE CONCRETO ARMADO EMBUTIDA EM ALVENARIA DE VEDAÇÃO UTILIZANDO AÇO CA-50 DE 16,0 MM - MONTAGEM. AF_06/2022","KG",9.74]
[104107,"ARMAÇÃO DE PILAR OU VIGA DE ESTRUTURA DE CONCRETO ARMADO EMBUTIDA EM ALVENARIA DE VEDAÇÃO UTILIZANDO AÇO CA-50 DE 12,5 MM - MONTAGEM. AF_06/2022","KG",10.36]
[104108,"ARMAÇÃO DE PILAR OU VIGA DE ESTRUTURA DE CONCRETO ARMADO EMBUTIDA EM ALVENARIA DE VEDAÇÃO UTILIZANDO AÇO CA-50 DE 10,0 MM - MONTAGEM. AF_06/2022","KG",12.28]
[104109,"ARMAÇÃO DE PILAR OU VIGA DE ESTRUTURA DE CONCRETO ARMADO EMBUTIDA EM ALVENARIA DE VEDAÇÃO UTILIZANDO AÇO CA-50 DE 8,0 MM - MONTAGEM. AF_06/2022","KG",14.95]
[104110,"ARMAÇÃO DE PILAR OU VIGA DE ESTRUTURA DE CONCRETO ARMADO EMBUTIDA EM ALVENARIA DE VEDAÇÃO UTILIZANDO AÇO CA-50 DE 6,3 MM - MONTAGEM. AF_06/2022","KG",16.920000000000002]
[104111,"ARMAÇÃO DE PILAR OU VIGA DE ESTRUTURA DE CONCRETO ARMADO EMBUTIDA EM ALVENARIA DE VEDAÇÃO UTILIZANDO AÇO CA-60 DE 5,0 MM - MONTAGEM. AF_06/2022","KG",19.12]
[104915,"ARMAÇÃO DE BLOCO E SAPATA UTILIZANDO AÇO CA-50 DE 25 MM - MONTAGEM. AF_01/2024","KG",9.8699999999999992]
[104917,"ARMAÇÃO DE SAPATA ISOLADA, VIGA BALDRAME E SAPATA CORRIDA UTILIZANDO AÇO CA-50 DE 6,3 MM - MONTAGEM. AF_01/2024","KG",14.67]
[104918,"ARMAÇÃO DE SAPATA ISOLADA, VIGA BALDRAME E SAPATA CORRIDA UTILIZANDO AÇO CA-50 DE 8 MM - MONTAGEM. AF_01/2024","KG",13.64]
[104919,"ARMAÇÃO DE SAPATA ISOLADA, VIGA BALDRAME E SAPATA CORRIDA UTILIZANDO AÇO CA-50 DE 10 MM - MONTAGEM. AF_01/2024","KG",12.2]
[104920,"ARMAÇÃO DE BLOCO, SAPATA ISOLADA, VIGA BALDRAME E SAPATA CORRIDA UTILIZANDO AÇO CA-50 DE 12,5 MM - MONTAGEM. AF_01/2024","KG",10.35]
[104921,"ARMAÇÃO DE BLOCO, SAPATA ISOLADA, VIGA BALDRAME E SAPATA CORRIDA UTILIZANDO AÇO CA-50 DE 16 MM - MONTAGEM. AF_01/2024","KG",9.77]
[104922,"ARMAÇÃO DE BLOCO, SAPATA ISOLADA E SAPATA CORRIDA UTILIZANDO AÇO CA-50 DE 20 MM - MONTAGEM. AF_01/2024","KG",10.79]
[105814,"ARMAÇÃO DO SISTEMA DE PAREDES DE CONCRETO, EXECUTADA EM PAREDES DE EDIFICAÇÕES MULTIFAMILIARES, TELA Q-283. AF_12/2024_PS","KG",11.65]
[89993,"GRAUTEAMENTO VERTICAL EM ALVENARIA ESTRUTURAL. AF_09/2021","M3",1027.8399999999999]
[89994,"GRAUTEAMENTO DE CINTA INTERMEDIÁRIA OU DE CONTRAVERGA EM ALVENARIA ESTRUTURAL. AF_09/2021","M3",897.52]
[89995,"GRAUTEAMENTO DE CINTA SUPERIOR OU DE VERGA EM ALVENARIA ESTRUTURAL. AF_09/2021","M3",994.51]
[90278,"GRAUTE FGK=15 MPA; TRAÇO 1:0,04:2,2:2,5 (EM MASSA SECA DE CIMENTO/CAL/AREIA GROSSA/BRITA 0) - PREPARO MECÂNICO COM BETONEIRA 400 L. AF_09/2021","M3",542.15]
[90279,"GRAUTE FGK=20 MPA; TRAÇO 1:0,04:1,8:2,1 (EM MASSA SECA DE CIMENTO/ CAL/ AREIA GROSSA/ BRITA 0) - PREPARO MECÂNICO COM BETONEIRA 400 L. AF_09/2021","M3",593.9]
[90280,"GRAUTE FGK=25 MPA; TRAÇO 1:0,02:1,3:1,6 (EM MASSA SECA DE CIMENTO/ CAL/ AREIA GROSSA/ BRITA 0) - PREPARO MECÂNICO COM BETONEIRA 400 L. AF_09/2021","M3",653.41999999999996]
[90281,"GRAUTE FGK=30 MPA; TRAÇO 1:0,02:0,9:1,2 (EM MASSA SECA DE CIMENTO/ CAL/ AREIA GROSSA/ BRITA 0) - PREPARO MECÂNICO COM BETONEIRA 400 L. AF_09/2021","M3",753.05]
[90282,"GRAUTE FGK=15 MPA; TRAÇO 1:2,2:2,5:0,3 (EM MASSA SECA DE CIMENTO/ AREIA GROSSA/ BRITA 0/ ADITIVO) - PREPARO MECÂNICO COM BETONEIRA 400 L. AF_09/2021","M3",530.33000000000004]
[90283,"GRAUTE FGK=20 MPA; TRAÇO 1:1,8:2,1:0,4 (EM MASSA SECA DE CIMENTO/ AREIA GROSSA/ BRITA 0/ ADITIVO) - PREPARO MECÂNICO COM BETONEIRA 400 L. AF_09/2021","M3",581.79]
[90284,"GRAUTE FGK=25 MPA; TRAÇO 1:1,3:1,6:0,4 (EM MASSA SECA DE CIMENTO/ AREIA GROSSA/ BRITA 0/ ADITIVO) - PREPARO MECÂNICO COM BETONEIRA 400 L. AF_09/2021","M3",645.47]
[90285,"GRAUTE FGK=30 MPA; TRAÇO 1:0,9:1,2:0,6 (EM MASSA SECA DE CIMENTO/ AREIA GROSSA/ BRITA 0/ ADITIVO) - PREPARO MECÂNICO COM BETONEIRA 400 L. AF_09/2021","M3",749.91]
[94962,"CONCRETO MAGRO PARA LASTRO, TRAÇO 1:4,5:4,5 (EM MASSA SECA DE CIMENTO/ AREIA MÉDIA/ BRITA 1) - PREPARO MECÂNICO COM BETONEIRA 400 L. AF_05/2021","M3",422.7]
[94963,"CONCRETO FCK = 15MPA, TRAÇO 1:3,4:3,5 (EM MASSA SECA DE CIMENTO/ AREIA MÉDIA/ BRITA 1) - PREPARO MECÂNICO COM BETONEIRA 400 L. AF_05/2021","M3",465.72]
[94964,"CONCRETO FCK = 20MPA, TRAÇO 1:2,7:3 (EM MASSA SECA DE CIMENTO/ AREIA MÉDIA/ BRITA 1) - PREPARO MECÂNICO COM BETONEIRA 400 L. AF_05/2021","M3",505.5]
[94965,"CONCRETO FCK = 25MPA, TRAÇO 1:2,3:2,7 (EM MASSA SECA DE CIMENTO/ AREIA MÉDIA/ BRITA 1) - PREPARO MECÂNICO COM BETONEIRA 400 L. AF_05/2021","M3",524.58000000000004]
[94966,"CONCRETO FCK = 30MPA, TRAÇO 1:2,1:2,5 (EM MASSA SECA DE CIMENTO/ AREIA MÉDIA/ BRITA 1) - PREPARO MECÂNICO COM BETONEIRA 400 L. AF_05/2021","M3",541.35]
[94967,"CONCRETO FCK = 40MPA, TRAÇO 1:1,6:1,9 (EM MASSA SECA DE CIMENTO/ AREIA MÉDIA/ BRITA 1) - PREPARO MECÂNICO COM BETONEIRA 400 L. AF_05/2021","M3",612.85]
[94968,"CONCRETO MAGRO PARA LASTRO, TRAÇO 1:4,5:4,5 (EM MASSA SECA DE CIMENTO/ AREIA MÉDIA/ BRITA 1) - PREPARO MECÂNICO COM BETONEIRA 600 L. AF_05/2021","M3",420.54]
[94969,"CONCRETO FCK = 15MPA, TRAÇO 1:3,4:3,5 (EM MASSA SECA DE CIMENTO/ AREIA MÉDIA/ BRITA 1) - PREPARO MECÂNICO COM BETONEIRA 600 L. AF_05/2021","M3",460.44]
[94970,"CONCRETO FCK = 20MPA, TRAÇO 1:2,7:3 (EM MASSA SECA DE CIMENTO/ AREIA MÉDIA/ BRITA 1) - PREPARO MECÂNICO COM BETONEIRA 600 L. AF_05/2021","M3",494.32]
[94971,"CONCRETO FCK = 25MPA, TRAÇO 1:2,3:2,7 (EM MASSA SECA DE CIMENTO/ AREIA MÉDIA/ BRITA 1) - PREPARO MECÂNICO COM BETONEIRA 600 L. AF_05/2021","M3",519.36]
[94972,"CONCRETO FCK = 30MPA, TRAÇO 1:2,1:2,5 (EM MASSA SECA DE CIMENTO/ AREIA MÉDIA/ BRITA 1) - PREPARO MECÂNICO COM BETONEIRA 600 L. AF_05/2021","M3",536.12]
[94973,"CONCRETO FCK = 40MPA, TRAÇO 1:1,6:1,9 (EM MASSA SECA DE CIMENTO/ AREIA MÉDIA/ BRITA 1) - PREPARO MECÂNICO COM BETONEIRA 600 L. AF_05/2021","M3",605.99]
[94974,"CONCRETO MAGRO PARA LASTRO, TRAÇO 1:4,5:4,5 (EM MASSA SECA DE CIMENTO/ AREIA MÉDIA/ BRITA 1) - PREPARO MANUAL. AF_05/2021","M3",471.46]
[94975,"CONCRETO FCK = 15MPA, TRAÇO 1:3,4:3,5 (EM MASSA SECA DE CIMENTO/ AREIA MÉDIA/ BRITA 1) - PREPARO MANUAL. AF_05/2021","M3",509.21]
[96555,"CONCRETAGEM DE BLOCO DE COROAMENTO OU VIGA BALDRAME, FCK 30 MPA, COM USO DE JERICA - LANÇAMENTO, ADENSAMENTO E ACABAMENTO. AF_01/2024","M3",738.23]
[96556,"CONCRETAGEM DE SAPATA, FCK 30 MPA, COM USO DE JERICA - LANÇAMENTO, ADENSAMENTO E ACABAMENTO. AF_01/2024","M3",876.35]
[96557,"CONCRETAGEM DE BLOCO DE COROAMENTO OU VIGA BALDRAME, FCK 30 MPA, COM USO DE BOMBA - LANÇAMENTO, ADENSAMENTO E ACABAMENTO. AF_01/2024","M3",822.94]
[96558,"CONCRETAGEM DE SAPATA, FCK 30 MPA, COM USO DE BOMBA - LANÇAMENTO, ADENSAMENTO E ACABAMENTO. AF_01/2024","M3",856.21]
[99235,"CONCRETAGEM DE EDIFICAÇÕES (PAREDES E LAJES) FEITAS COM SISTEMA DE FÔRMAS MANUSEÁVEIS, COM CONCRETO USINADO AUTOADENSÁVEL FCK 25 MPA - LANÇAMENTO E ACABAMENTO. AF_09/2024","M3",750.72]
[99431,"CONCRETAGEM DE LAJES EM EDIFICAÇÕES UNIFAMILIARES FEITAS COM SISTEMA DE FÔRMAS MANUSEÁVEIS, COM CONCRETO USINADO BOMBEÁVEL FCK 25 MPA - LANÇAMENTO, ADENSAMENTO E ACABAMENTO. AF_09/2024","M3",834.93]
[99432,"CONCRETAGEM DE PAREDES EM EDIFICAÇÕES UNIFAMILIARES FEITAS COM SISTEMA DE FÔRMAS MANUSEÁVEIS, COM CONCRETO USINADO BOMBEÁVEL FCK 25 MPA - LANÇAMENTO, ADENSAMENTO E ACABAMENTO. AF_09/2024","M3",816.43]
[99433,"CONCRETAGEM DE PLATIBANDA EM EDIFICAÇÕES UNIFAMILIARES FEITAS COM SISTEMA DE FÔRMAS MANUSEÁVEIS, COM CONCRETO USINADO BOMBEÁVEL FCK 25 MPA - LANÇAMENTO, ADENSAMENTO E ACABAMENTO. AF_09/2024","M3",881.67]
[99434,"CONCRETAGEM DE LAJES EM EDIFICAÇÕES MULTIFAMILIARES FEITAS COM SISTEMA DE FÔRMAS MANUSEÁVEIS, COM CONCRETO USINADO BOMBEÁVEL FCK 25 MPA - LANÇAMENTO, ADENSAMENTO E ACABAMENTO. AF_09/2024","M3",838.15]
[99435,"CONCRETAGEM DE PAREDES EM EDIFICAÇÕES MULTIFAMILIARES FEITAS COM SISTEMA DE FÔRMAS MANUSEÁVEIS, COM CONCRETO USINADO BOMBEÁVEL FCK 25 MPA - LANÇAMENTO, ADENSAMENTO E ACABAMENTO. AF_09/2024","M3",818.75]
[99436,"CONCRETAGEM DE PLATIBANDA EM EDIFICAÇÕES MULTIFAMILIARES FEITAS COM SISTEMA DE FÔRMAS MANUSEÁVEIS, COM CONCRETO USINADO BOMBEÁVEL FCK 25 MPA - LANÇAMENTO, ADENSAMENTO E ACABAMENTO. AF_09/2024","M3",900.12]
[99437,"CONCRETAGEM DE PLATIBANDA EM EDIFICAÇÕES UNIFAMILIARES FEITAS COM SISTEMA DE FÔRMAS MANUSEÁVEIS, COM CONCRETO USINADO AUTOADENSÁVEL FCK 25 MPA - LANÇAMENTO E ACABAMENTO. AF_09/2024","M3",797.32]
[99438,"CONCRETAGEM DE PLATIBANDA EM EDIFICAÇÕES MULTIFAMILIARES FEITAS COM SISTEMA DE FÔRMAS MANUSEÁVEIS, COM CONCRETO USINADO AUTOADENSÁVEL FCK 25 MPA - LANÇAMENTO E ACABAMENTO. AF_09/2024","M3",803.45]
[99439,"CONCRETAGEM DE EDIFICAÇÕES (PAREDES E LAJES) FEITAS COM SISTEMA DE FÔRMAS MANUSEÁVEIS, COM CONCRETO USINADO BOMBEÁVEL FCK 25 MPA - LANÇAMENTO, ADENSAMENTO E ACABAMENTO. AF_09/2024","M3",824.24]
[102473,"CONCRETO MAGRO PARA LASTRO, TRAÇO 1:4,5:4,5 (EM MASSA SECA DE CIMENTO/ AREIA MÉDIA/ SEIXO ROLADO) - PREPARO MECÂNICO COM BETONEIRA 400 L. AF_05/2021","M3",606.57000000000005]
[102474,"CONCRETO FCK = 15MPA, TRAÇO 1:3,4:3,4 (EM MASSA SECA DE CIMENTO/ AREIA MÉDIA/ SEIXO ROLADO) - PREPARO MECÂNICO COM BETONEIRA 400 L. AF_05/2021","M3",645.19000000000005]
[102475,"CONCRETO FCK = 20MPA, TRAÇO 1:2,6:2,9 (EM MASSA SECA DE CIMENTO/ AREIA MÉDIA/ SEIXO ROLADO) - PREPARO MECÂNICO COM BETONEIRA 400 L. AF_05/2021","M3",690.29]
[102476,"CONCRETO FCK = 25MPA, TRAÇO 1:2,2:2,5 (EM MASSA SECA DE CIMENTO/ AREIA MÉDIA/ SEIXO ROLADO) - PREPARO MECÂNICO COM BETONEIRA 400 L. AF_05/2021","M3",708.92]
[102477,"CONCRETO FCK = 30MPA, TRAÇO 1:1,9:2,3 (EM MASSA SECA DE CIMENTO/ AREIA MÉDIA/ SEIXO ROLADO) - PREPARO MECÂNICO COM BETONEIRA 400 L. AF_05/2021","M3",744.48]
[102478,"CONCRETO FCK = 40MPA, TRAÇO 1:1,4:1,8 (EM MASSA SECA DE CIMENTO/ AREIA MÉDIA/ SEIXO ROLADO) - PREPARO MECÂNICO COM BETONEIRA 400 L. AF_05/2021","M3",795.26]
[102479,"CONCRETO MAGRO PARA LASTRO, TRAÇO 1:4,5:4,5 (EM MASSA SECA DE CIMENTO/ AREIA MÉDIA/ SEIXO ROLADO) - PREPARO MECÂNICO COM BETONEIRA 600 L. AF_05/2021","M3",605.34]
[102480,"CONCRETO FCK = 15MPA, TRAÇO 1:3,4:3,4 (EM MASSA SECA DE CIMENTO/ AREIA MÉDIA/ SEIXO ROLADO) - PREPARO MECÂNICO COM BETONEIRA 600 L. AF_05/2021","M3",640.54]
[102481,"CONCRETO FCK = 20MPA, TRAÇO 1:2,6:2,9 (EM MASSA SECA DE CIMENTO/ AREIA MÉDIA/ SEIXO ROLADO) - PREPARO MECÂNICO COM BETONEIRA 600 L. AF_05/2021","M3",679.91]
[102482,"CONCRETO FCK = 25MPA, TRAÇO 1:2,2:2,5 (EM MASSA SECA DE CIMENTO/ AREIA MÉDIA/ SEIXO ROLADO) - PREPARO MECÂNICO COM BETONEIRA 600 L. AF_05/2021","M3",707.88]
[102483,"CONCRETO FCK = 30MPA, TRAÇO 1:1,9:2,3 (EM MASSA SECA DE CIMENTO/ AREIA MÉDIA/ SEIXO ROLADO) - PREPARO MECÂNICO COM BETONEIRA 600 L. AF_05/2021","M3",739.75]
[102484,"CONCRETO FCK = 40MPA, TRAÇO 1:1,4:1,8 (EM MASSA SECA DE CIMENTO/ AREIA MÉDIA/ SEIXO ROLADO) - PREPARO MECÂNICO COM BETONEIRA 600 L. AF_05/2021","M3",795.82]
[102485,"CONCRETO MAGRO PARA LASTRO, TRAÇO 1:4,5:4,5 (EM MASSA SECA DE CIMENTO/ AREIA MÉDIA/ SEIXO ROLADO) - PREPARO MANUAL. AF_05/2021","M3",659.7]
[102486,"CONCRETO FCK = 15MPA, TRAÇO 1:3,4:3,4 (EM MASSA SECA DE CIMENTO/ AREIA MÉDIA/ SEIXO ROLADO) - PREPARO MANUAL. AF_05/2021","M3",690.38]
[102487,"CONCRETO CICLÓPICO FCK = 15MPA, 30% PEDRA DE MÃO EM VOLUME REAL, INCLUSIVE LANÇAMENTO. AF_05/2021","M3",593.52]
[103183,"CONCRETAGEM DE ESCADAS EM EDIFICAÇÕES MULTIFAMILIARES FEITAS COM SISTEMA DE FÔRMAS MANUSEÁVEIS COM CONCRETO USINADO BOMBEÁVEL, FCK 25 MPA - LANÇAMENTO, ADENSAMENTO E ACABAMENTO. AF_09/2024","M3",888.47]
[103184,"CONCRETAGEM DE ESCADAS EM EDIFICAÇÕES MULTIFAMILIARES FEITAS COM SISTEMA DE FÔRMAS MANUSEÁVEIS COM CONCRETO USINADO AUTOADENSÁVEL, FCK 25 MPA - LANÇAMENTO E ACABAMENTO. AF_09/2024","M3",769.34]
[103669,"CONCRETAGEM DE PILARES, FCK = 25 MPA,  COM USO DE BALDES - LANÇAMENTO, ADENSAMENTO E ACABAMENTO. AF_02/2022","M3",1006.93]
[103670,"LANÇAMENTO COM USO DE BALDES, ADENSAMENTO E ACABAMENTO DE CONCRETO EM ESTRUTURAS. AF_02/2022","M3",263.87]
[103671,"CONCRETAGEM DE PILARES, FCK = 25 MPA, COM USO DE GRUA - LANÇAMENTO, ADENSAMENTO E ACABAMENTO. AF_02/2022","M3",785.84]
[103672,"CONCRETAGEM DE PILARES, FCK = 25 MPA, COM USO DE BOMBA - LANÇAMENTO, ADENSAMENTO E ACABAMENTO. AF_02/2022_PS","M3",736.92]
[103673,"LANÇAMENTO COM USO DE BOMBA, ADENSAMENTO E ACABAMENTO DE CONCRETO EM ESTRUTURAS. AF_02/2022","M3",36.630000000000003]
[103674,"CONCRETAGEM DE VIGAS E LAJES, FCK=25 MPA, PARA LAJES PREMOLDADAS COM USO DE BOMBA - LANÇAMENTO, ADENSAMENTO E ACABAMENTO. AF_02/2022_PS","M3",755.89]
[103675,"CONCRETAGEM DE VIGAS E LAJES, FCK=25 MPA, PARA LAJES MACIÇAS OU NERVURADAS COM USO DE BOMBA - LANÇAMENTO, ADENSAMENTO E ACABAMENTO. AF_02/2022_PS","M3",738.12]
[103676,"CONCRETAGEM DE VIGAS E LAJES, FCK=25 MPA, PARA LAJES PREMOLDADAS COM JERICAS EM ELEVADOR DE CABO EM EDIFICAÇÃO DE MULTIPAVIMENTOS ATÉ 16 ANDARES - LANÇAMENTO, ADENSAMENTO E ACABAMENTO. AF_02/2022","M3",1054.77]
[103677,"CONCRETAGEM DE VIGAS E LAJES, FCK=25 MPA, PARA LAJES MACIÇAS OU NERVURADAS COM JERICAS EM ELEVADOR DE CABO EM EDIFICAÇÃO DE MULTIPAVIMENTOS ATÉ 16 ANDARES  - LANÇAMENTO, ADENSAMENTO E ACABAMENTO. AF_02/2022","M3",904.62]
[103678,"CONCRETAGEM DE VIGAS E LAJES, FCK=25 MPA, PARA LAJES PREMOLDADAS COM JERICAS EM CREMALHEIRA EM EDIFICAÇÃO DE MULTIPAVIMENTOS ATÉ 16 ANDARES  - LANÇAMENTO, ADENSAMENTO E ACABAMENTO. AF_02/2022","M3",970.35]
[103679,"CONCRETAGEM DE VIGAS E LAJES, FCK=25 MPA, PARA LAJES MACIÇAS OU NERVURADAS COM JERICAS EM CREMALHEIRA EM EDIFICAÇÃO DE MULTIPAVIMENTOS ATÉ 16 ANDARES - LANÇAMENTO, ADENSAMENTO E ACABAMENTO. AF_02/2022","M3",867.1]
[103680,"CONCRETAGEM DE VIGAS E LAJES, FCK=25 MPA, PARA LAJES PREMOLDADAS COM GRUA DE CAÇAMBA DE 350 L EM EDIFICAÇÃO DE MULTIPAVIMENTOS ATÉ 16 ANDARES - LANÇAMENTO, ADENSAMENTO E ACABAMENTO. AF_02/2022","M3",912.8]
[103681,"CONCRETAGEM DE VIGAS E LAJES, FCK=25 MPA, PARA LAJES MACIÇAS OU NERVURADAS COM GRUA DE CAÇAMBA DE 500 L EM EDIFICAÇÃO DE MULTIPAVIMENTOS ATÉ 16 ANDARES - LANÇAMENTO, ADENSAMENTO E ACABAMENTO. AF_02/2022","M3",809.84]
[103682,"CONCRETAGEM DE VIGAS E LAJES, FCK=25 MPA, PARA QUALQUER TIPO DE LAJE COM BALDES EM EDIFICAÇÃO TÉRREA - LANÇAMENTO, ADENSAMENTO E ACABAMENTO. AF_02/2022","M3",1021.98]
[103683,"CONCRETAGEM DE VIGAS E LAJES, FCK=25 MPA, PARA QUALQUER TIPO DE LAJE COM BALDES EM EDIFICAÇÃO DE MULTIPAVIMENTOS ATÉ 04 ANDARES - LANÇAMENTO, ADENSAMENTO E ACABAMENTO. AF_02/2022","M3",1277.3699999999999]
[103684,"CONCRETAGEM DE RESERVATÓRIOS, FCK=25 MPA, COM USO DE BOMBA - LANÇAMENTO, ADENSAMENTO E ACABAMENTO. AF_02/2022_PS","M3",753.39]
[103685,"CONCRETAGEM DE MURETAS, FCK=25 MPA, COM USO DE BOMBA - LANÇAMENTO, ADENSAMENTO E ACABAMENTO. AF_02/2022_PS","M3",742.24]
[103686,"CONCRETAGEM DE ESCADAS, FCK=25 MPA, COM USO DE BOMBA - LANÇAMENTO, ADENSAMENTO E ACABAMENTO. AF_02/2022_PS","M3",797.85]
[103687,"CONCRETAGEM DE PILARES, FCK=25 MPA, COM USO DE JERICAS EM ELEVADOR DE CABO - LANÇAMENTO, ADENSAMENTO E ACABAMENTO. AF_02/2022","M3",1115.5]
[103688,"CONCRETAGEM DE PILARES, FCK=25 MPA, COM USO DE JERICAS EM CREMALHEIRA - LANÇAMENTO, ADENSAMENTO E ACABAMENTO. AF_02/2022","M3",899.22]
[104916,"ARMAÇÃO DE SAPATA ISOLADA, VIGA BALDRAME E SAPATA CORRIDA UTILIZANDO AÇO CA-60 DE 5 MM - MONTAGEM. AF_01/2024","KG",15.73]
[104923,"CONCRETAGEM DE SAPATA CORRIDA, FCK 30 MPA, COM USO DE JERICA - LANÇAMENTO, ADENSAMENTO E ACABAMENTO. AF_01/2024","M3",789.59]
[104924,"CONCRETAGEM DE SAPATA CORRIDA, FCK 30 MPA, COM USO DE BOMBA - LANÇAMENTO, ADENSAMENTO E ACABAMENTO. AF_01/2024","M3",848.28]
[101963,"LAJE PRÉ-MOLDADA UNIDIRECIONAL, BIAPOIADA, PARA PISO, ENCHIMENTO EM CERÂMICA, VIGOTA CONVENCIONAL, ALTURA TOTAL DA LAJE (ENCHIMENTO+CAPA) = (8+4). AF_11/2020_PA","M2",204.62]
[101964,"LAJE PRÉ-MOLDADA UNIDIRECIONAL, BIAPOIADA, PARA FORRO, ENCHIMENTO EM CERÂMICA, VIGOTA CONVENCIONAL, ALTURA TOTAL DA LAJE (ENCHIMENTO+CAPA) = (8+3). AF_11/2020_PA","M2",191.43]
[101165,"ALVENARIA DE EMBASAMENTO COM BLOCO ESTRUTURAL DE CONCRETO, DE 14X19X29CM E ARGAMASSA DE ASSENTAMENTO COM PREPARO EM BETONEIRA. AF_05/2020","M3",956.48]
[101166,"ALVENARIA DE EMBASAMENTO COM BLOCO ESTRUTURAL DE CERÂMICA, DE 14X19X29CM E ARGAMASSA DE ASSENTAMENTO COM PREPARO EM BETONEIRA. AF_05/2020","M3",606.32000000000005]
[98575,"TRATAMENTO DE JUNTA DE DILATAÇÃO, COM TARUGO DE POLIETILENO E SELANTE PU, INCLUSO PREENCHIMENTO COM ESPUMA EXPANSIVA PU. AF_09/2023","M",62.41]
[98576,"TRATAMENTO DE JUNTA DE DILATAÇÃO COM MANTA ASFÁLTICA ADERIDA COM MAÇARICO. AF_09/2023","M",20.73]
[98577,"TRATAMENTO DE JUNTA SERRADA, COM TARUGO DE POLIETILENO E SELANTE À BASE DE SILICONE. AF_09/2023","M",42.45]
[93184,"VERGA PRÉ-MOLDADA COM ATÉ 1,5 M DE VÃO, ESPESSURA DE *20* CM. AF_03/2024","M",29.67]
[93187,"VERGA MOLDADA IN LOCO EM CONCRETO, ESPESSURA DE *20* CM. AF_03/2024","M",77.52]
[93191,"VERGA MOLDADA IN LOCO COM UTILIZAÇÃO DE BLOCOS CANALETA, ESPESSURA DE *20* CM. AF_03/2024","M",69.650000000000006]
[93194,"CONTRAVERGA PRÉ-MOLDADA, ESPESSURA DE *20* CM. AF_03/2024","M",28.86]
[93197,"CONTRAVERGA MOLDADA IN LOCO EM CONCRETO, ESPESSURA DE *20* CM. AF_03/2024","M",58.33]
[93199,"CONTRAVERGA MOLDADA IN LOCO COM UTILIZAÇÃO DE BLOCOS CANALETA, ESPESSURA DE *20* CM. AF_03/2024","M",49.06]
[93200,"FIXAÇÃO (ENCUNHAMENTO) DE ALVENARIA DE VEDAÇÃO COM ARGAMASSA APLICADA COM BISNAGA. AF_03/2024","M",10.69]
[93202,"FIXAÇÃO (ENCUNHAMENTO) DE ALVENARIA DE VEDAÇÃO COM TIJOLO MACIÇO. AF_03/2024","M",25.4]
[93203,"FIXAÇÃO (ENCUNHAMENTO) DE ALVENARIA DE VEDAÇÃO COM ESPUMA DE POLIURETANO EXPANSIVA. AF_03/2024","M",13.13]
[93205,"CINTA DE AMARRAÇÃO DE ALVENARIA MOLDADA IN LOCO COM UTILIZAÇÃO DE BLOCOS CANALETA, ESPESSURA DE *20* CM. AF_03/2024","M",67.06]
[105021,"VERGA PRÉ-MOLDADA COM ATÉ 1,5 M DE VÃO, ESPESSURA DE *15* CM. AF_03/2024","M",25.74]
[105022,"VERGA PRÉ-MOLDADA COM ATÉ 1,5 M DE VÃO, ESPESSURA DE *10* CM. AF_03/2024","M",22.61]
[105023,"VERGA MOLDADA IN LOCO EM CONCRETO, ESPESSURA DE *15* CM. AF_03/2024","M",66.010000000000005]
[105024,"VERGA MOLDADA IN LOCO EM CONCRETO, ESPESSURA DE *10* CM. AF_03/2024","M",54.47]
[105025,"VERGA MOLDADA IN LOCO COM UTILIZAÇÃO DE BLOCOS CANALETA, ESPESSURA DE *15* CM. AF_03/2024","M",57.81]
[105026,"VERGA MOLDADA IN LOCO COM UTILIZAÇÃO DE BLOCOS CANALETA, ESPESSURA DE *10* CM. AF_03/2024","M",41.17]
[105027,"CONTRAVERGA PRÉ-MOLDADA, ESPESSURA DE *15* CM. AF_03/2024","M",25.37]
[105028,"CONTRAVERGA PRÉ-MOLDADA, ESPESSURA DE *10* CM. AF_03/2024","M",22.27]
[105029,"CONTRAVERGA MOLDADA IN LOCO EM CONCRETO, ESPESSURA DE *15* CM. AF_03/2024","M",50.63]
[105030,"CONTRAVERGA MOLDADA IN LOCO EM CONCRETO, ESPESSURA DE *10* CM. AF_03/2024","M",42.96]
[105031,"CONTRAVERGA MOLDADA IN LOCO COM UTILIZAÇÃO DE BLOCOS CANALETA, ESPESSURA DE *15* CM. AF_03/2024","M",46.71]
[105032,"CONTRAVERGA MOLDADA IN LOCO COM UTILIZAÇÃO DE BLOCOS CANALETA, ESPESSURA DE *10* CM. AF_03/2024","M",31.77]
[105033,"CINTA DE AMARRAÇÃO DE ALVENARIA MOLDADA IN LOCO COM UTILIZAÇÃO DE BLOCOS CANALETA, ESPESSURA DE *15* CM. AF_03/2024","M",55.57]
[105034,"CINTA DE AMARRAÇÃO DE ALVENARIA MOLDADA IN LOCO COM UTILIZAÇÃO DE BLOCOS CANALETA, ESPESSURA DE *10* CM. AF_03/2024","M",39.630000000000003]
[105035,"VERGA PRÉ-FABRICADA COM ATÉ 1,5 M DE VÃO, ESPESSURA DE *20* CM. AF_03/2024","M",61.53]
[105036,"VERGA PRÉ-FABRICADA COM ATÉ 1,5 M DE VÃO, ESPESSURA DE *15* CM. AF_03/2024","M",44.34]
[105037,"VERGA PRÉ-FABRICADA COM ATÉ 1,5 M DE VÃO, ESPESSURA DE *10* CM. AF_03/2024","M",30.03]
[105038,"CONTRAVERGA PRÉ-FABRICADA, ESPESSURA DE *20* CM. AF_03/2024","M",61.36]
[105039,"CONTRAVERGA PRÉ-FABRICADA, ESPESSURA DE *15* CM. AF_03/2024","M",44.17]
[105040,"CONTRAVERGA PRÉ-FABRICADA, ESPESSURA DE *10* CM. AF_03/2024","M",29.89]
[97733,"PEÇA RETANGULAR PRÉ-MOLDADA, VOLUME DE CONCRETO DE ATÉ 10 LITROS, TAXA DE AÇO APROXIMADA DE 30KG/M³. AF_03/2024","M3",3194.12]
[97734,"PEÇA RETANGULAR PRÉ-MOLDADA, VOLUME DE CONCRETO DE 10 A 30 LITROS, TAXA DE AÇO APROXIMADA DE 30KG/M³. AF_03/2024","M3",2786.61]
[97735,"PEÇA RETANGULAR PRÉ-MOLDADA, VOLUME DE CONCRETO DE 30 A 100 LITROS, TAXA DE AÇO APROXIMADA DE 30KG/M³. AF_03/2024","M3",2299.2399999999998]
[97736,"PEÇA RETANGULAR PRÉ-MOLDADA, VOLUME DE CONCRETO ACIMA DE 100 LITROS, TAXA DE AÇO APROXIMADA DE 30KG/M³. AF_03/2024","M3",1419.8]
[97737,"PEÇA RETANGULAR PRÉ-MOLDADA, VOLUME DE CONCRETO DE 30 A 70 LITROS, TAXA DE AÇO APROXIMADA DE 70KG/M³. AF_03/2024","M3",3023.07]
[97738,"PEÇA CIRCULAR PRÉ-MOLDADA, VOLUME DE CONCRETO DE 10 A 30 LITROS, TAXA DE FIBRA DE POLIPROPILENO APROXIMADA DE 6 KG/M³. AF_03/2024_PS","M3",3819.51]
[97739,"PEÇA CIRCULAR PRÉ-MOLDADA, VOLUME DE CONCRETO DE 30 A 100 LITROS, TAXA DE AÇO APROXIMADA DE 30KG/M³. AF_03/2024","M3",2761.45]
[97740,"PEÇA CIRCULAR PRÉ-MOLDADA, VOLUME DE CONCRETO ACIMA DE 100 LITROS, TAXA DE AÇO APROXIMADA DE 30KG/M³. AF_03/2024","M3",1975.66]
[98615,"CONTENÇÃO EM CORTINA COM ESTACAS ESPAÇADAS COM 30 CM DE DIÂMETRO E PROFUNDIDADE MENOR OU IGUAL A 10 M. AF_06/2018","M2",157.41]
[98616,"CONTENÇÃO EM CORTINA COM ESTACAS ESPAÇADAS COM 30 CM DE DIÂMETRO E PROFUNDIDADE MAIOR QUE 10 M E MENOR OU IGUAL A 15 M. AF_06/2018","M2",125.87]
[98617,"CONTENÇÃO EM CORTINA COM ESTACAS ESPAÇADAS COM 30 CM DE DIÂMETRO E PROFUNDIDADE MAIOR QUE 15 M. AF_06/2018","M2",117.46]
[98618,"CONTENÇÃO EM CORTINA COM ESTACAS ESPAÇADAS COM 40 CM DE DIÂMETRO E PROFUNDIDADE MENOR OU IGUAL A 10 M. AF_06/2018","M2",160.65]
[98619,"CONTENÇÃO EM CORTINA COM ESTACAS ESPAÇADAS COM 40 CM DE DIÂMETRO E PROFUNDIDADE MAIOR QUE 10 M E MENOR OU IGUAL A 15 M. AF_06/2018","M2",147.86000000000001]
[98620,"CONTENÇÃO EM CORTINA COM ESTACAS ESPAÇADAS COM 40 CM DE DIÂMETRO E PROFUNDIDADE MAIOR QUE 15 M. AF_06/2018","M2",141.4]
[98621,"CONTENÇÃO EM CORTINA COM ESTACAS ESPAÇADAS COM 50 CM DE DIÂMETRO E PROFUNDIDADE MENOR OU IGUAL A 10 M. AF_06/2018","M2",184.27]
[98622,"CONTENÇÃO EM CORTINA COM ESTACAS ESPAÇADAS COM 50 CM DE DIÂMETRO E PROFUNDIDADE MAIOR QUE 10 M E MENOR OU IGUAL A 15 M. AF_06/2018","M2",173.99]
[98623,"CONTENÇÃO EM CORTINA COM ESTACAS ESPAÇADAS COM 50 CM DE DIÂMETRO E PROFUNDIDADE MAIOR QUE 15 M. AF_06/2018","M2",168.72]
[98624,"CONTENÇÃO EM CORTINA COM ESTACAS ESPAÇADAS COM 60 CM DE DIÂMETRO E PROFUNDIDADE MENOR OU IGUAL A 10 M. AF_06/2018","M2",209.58]
[98625,"CONTENÇÃO EM CORTINA COM ESTACAS ESPAÇADAS COM 60 CM DE DIÂMETRO E PROFUNDIDADE MAIOR QUE 10 M E MENOR OU IGUAL A 15 M. AF_06/2018","M2",200.87]
[98626,"CONTENÇÃO EM CORTINA COM ESTACAS ESPAÇADAS COM 60 CM DE DIÂMETRO E PROFUNDIDADE MAIOR QUE 15 M. AF_06/2018","M2",196.35]
[98627,"CONTENÇÃO EM CORTINA COM ESTACAS SECANTES COM 40 CM DE DIÂMETRO E PROFUNDIDADE MENOR OU IGUAL A 10 M. AF_06/2018","M2",642.91]
[98628,"CONTENÇÃO EM CORTINA COM ESTACAS SECANTES COM 40 CM DE DIÂMETRO E PROFUNDIDADE MAIOR QUE 10 M E MENOR OU IGUAL A 15 M. AF_06/2018","M2",558.17999999999995]
[98629,"CONTENÇÃO EM CORTINA COM ESTACAS SECANTES COM 40 CM DE DIÂMETRO E PROFUNDIDADE MAIOR QUE 15 M. AF_06/2018","M2",515.61]
[98630,"CONTENÇÃO EM CORTINA COM ESTACAS SECANTES COM 50 CM DE DIÂMETRO E PROFUNDIDADE MENOR OU IGUAL A 10 M. AF_06/2018","M2",682.27]
[98632,"CONTENÇÃO EM CORTINA COM ESTACAS SECANTES COM 50 CM DE DIÂMETRO E PROFUNDIDADE MAIOR QUE 15 M. AF_06/2018","M2",580.79]
[98655,"EXECUÇÃO DE MURETA GUIA PARA CONTENÇÃO/ FUNDAÇÃO COM 30 CM DE ESPESSURA. AF_06/2018","M",661.71]
[98656,"EXECUÇÃO DE MURETA GUIA PARA CONTENÇÃO/ FUNDAÇÃO COM 40 CM DE ESPESSURA. AF_06/2018","M",672.93]
[98657,"EXECUÇÃO DE MURETA GUIA PARA CONTENÇÃO/ FUNDAÇÃO COM 50 CM DE ESPESSURA. AF_06/2018","M",684.16]
[98658,"EXECUÇÃO DE MURETA GUIA PARA CONTENÇÃO/ FUNDAÇÃO COM 60 CM DE ESPESSURA. AF_06/2018","M",695.4]
[98659,"EXECUÇÃO DE MURETA GUIA PARA CONTENÇÃO/ FUNDAÇÃO COM 80 CM DE ESPESSURA. AF_06/2018","M",717.85]
[98746,"SOLDA DE TOPO EM CHAPA/PERFIL/TUBO DE AÇO CHANFRADO, ESPESSURA=1/4''. AF_06/2018","M",80.41]
[98749,"SOLDA DE TOPO EM CHAPA/PERFIL/TUBO DE AÇO CHANFRADO, ESPESSURA=5/16''. AF_06/2018","M",100.7]
[98750,"SOLDA DE TOPO EM CHAPA/PERFIL/TUBO DE AÇO CHANFRADO, ESPESSURA=3/8''. AF_06/2018","M",125.68]
[98751,"SOLDA DE TOPO EM CHAPA/PERFIL/TUBO DE AÇO CHANFRADO, ESPESSURA=1/2''. AF_06/2018","M",191.08]
[98752,"SOLDA DE TOPO EM CHAPA/PERFIL/TUBO DE AÇO CHANFRADO, ESPESSURA=5/8''. AF_06/2018","M",270.47000000000003]
[98753,"SOLDA DE TOPO EM CHAPA/PERFIL/TUBO DE AÇO CHANFRADO, ESPESSURA=3/4''. AF_06/2018","M",369.71]
[100763,"VIGA METÁLICA EM PERFIL LAMINADO OU SOLDADO EM AÇO ESTRUTURAL, COM CONEXÕES PARAFUSADAS, INCLUSOS MÃO DE OBRA, TRANSPORTE E IÇAMENTO UTILIZANDO GUINDASTE - FORNECIMENTO E INSTALAÇÃO. AF_01/2020_PSA","KG",14.81]
[100764,"VIGA METÁLICA EM PERFIL LAMINADO OU SOLDADO EM AÇO ESTRUTURAL, COM CONEXÕES SOLDADAS, INCLUSOS MÃO DE OBRA, TRANSPORTE E IÇAMENTO UTILIZANDO GUINDASTE - FORNECIMENTO E INSTALAÇÃO. AF_01/2020_PA","KG",14.59]
[100765,"PILAR METÁLICO PERFIL LAMINADO/SOLDADO EM AÇO ESTRUTURAL, COM CONEXÕES PARAFUSADAS, INCLUSOS MÃO DE OBRA, TRANSPORTE E IÇAMENTO UTILIZANDO GUINDASTE - FORNECIMENTO E INSTALAÇÃO. AF_01/2020_PSA","KG",12.93]
[100766,"PILAR METÁLICO PERFIL LAMINADO OU SOLDADO EM AÇO ESTRUTURAL, COM CONEXÕES SOLDADAS, INCLUSOS MÃO DE OBRA, TRANSPORTE E IÇAMENTO UTILIZANDO GUINDASTE - FORNECIMENTO E INSTALAÇÃO. AF_01/2020_PA","KG",13.17]
[100767,"CONTRAVENTAMENTO COM CANTONEIRAS DE AÇO, ABAS IGUAIS, COM CONEXÕES PARAFUSADAS, INCLUSOS MÃO DE OBRA, TRANSPORTE E IÇAMENTO UTILIZANDO TALHA MANUAL, PARA EDIFÍCIOS DE ATÉ 2 PAVIMENTOS - FORNECIMENTO E INSTALAÇÃO. AF_01/2020_PSA","KG",15.11]
[100768,"CONTRAVENTAMENTO COM CANTONEIRAS DE AÇO, ABAS IGUAIS, COM CONEXÕES SOLDADAS, INCLUSOS MÃO DE OBRA, TRANSPORTE E IÇAMENTO UTILIZANDO TALHA MANUAL, PARA EDIFÍCIOS DE ATÉ 2 PAVIMENTOS - FORNECIMENTO E INSTALAÇÃO. AF_01/2020_PA","KG",14.51]
[100769,"CONTRAVENTAMENTO COM CANTONEIRAS DE AÇO, ABAS IGUAIS, COM CONEXÕES PARAFUSADAS, INCLUSOS MÃO DE OBRA, TRANSPORTE E IÇAMENTO UTILIZANDO GUINDASTE, PARA EDIFÍCIOS DE 3 A 5 PAVIMENTOS - FORNECIMENTO E INSTALAÇÃO. AF_01/2020_PSA","KG",21.42]
[100770,"CONTRAVENTAMENTO COM CANTONEIRAS DE AÇO, ABAS IGUAIS, COM CONEXÕES SOLDADAS, INCLUSOS MÃO DE OBRA, TRANSPORTE E IÇAMENTO UTILIZANDO GUINDASTE, PARA EDIFÍCIOS DE 3 A 5 PAVIMENTOS - FORNECIMENTO E INSTALAÇÃO. AF_01/2020_PA","KG",20.53]
[100771,"CONTRAVENTAMENTO COM CANTONEIRAS DE AÇO, ABAS IGUAIS, COM CONEXÕES PARAFUSADAS, INCLUSOS MÃO DE OBRA, TRANSPORTE E IÇAMENTO UTILIZANDO GRUA, PARA EDIFÍCIOS DE 6 A 10 PAVIMENTOS - FORNECIMENTO E INSTALAÇÃO. AF_01/2020_PSA","KG",16.22]
[100772,"CONTRAVENTAMENTO COM CANTONEIRAS DE AÇO, ABAS IGUAIS, COM CONEXÕES SOLDADAS, INCLUSOS MÃO DE OBRA, TRANSPORTE E IÇAMENTO UTILIZANDO GRUA, PARA EDIFÍCIOS DE 6 A 10 PAVIMENTOS - FORNECIMENTO E INSTALAÇÃO. AF_01/2020_PA","KG",15.43]
[100773,"ESTRUTURA TRELIÇADA DE COBERTURA, TIPO ARCO, COM LIGAÇÕES SOLDADAS, INCLUSOS PERFIS METÁLICOS, CHAPAS METÁLICAS, MÃO DE OBRA E TRANSPORTE COM GUINDASTE - FORNECIMENTO E INSTALAÇÃO. AF_01/2020_PSA","KG",18.850000000000001]
[100774,"ESTRUTURA TRELIÇADA DE COBERTURA, TIPO SHED, COM LIGAÇÕES SOLDADAS, INCLUSOS PERFIS METÁLICOS, CHAPAS METÁLICAS, MÃO DE OBRA E TRANSPORTE COM GUINDASTE - FORNECIMENTO E INSTALAÇÃO. AF_01/2020_PSA","KG",10.63]
[100775,"ESTRUTURA TRELIÇADA DE COBERTURA, TIPO FINK, COM LIGAÇÕES SOLDADAS, INCLUSOS PERFIS METÁLICOS, CHAPAS METÁLICAS, MÃO DE OBRA E TRANSPORTE COM GUINDASTE - FORNECIMENTO E INSTALAÇÃO. AF_01/2020_PSA","KG",12.15]
[100776,"ESTRUTURA TRELIÇADA DE COBERTURA, TIPO ARCO, COM LIGAÇÕES PARAFUSADAS, INCLUSOS PERFIS METÁLICOS, CHAPAS METÁLICAS, MÃO DE OBRA E TRANSPORTE COM GUINDASTE - FORNECIMENTO E INSTALAÇÃO. AF_01/2020_PSA","KG",18.96]
[100777,"ESTRUTURA TRELIÇADA DE COBERTURA, TIPO SHED, COM LIGAÇÕES PARAFUSADAS, INCLUSOS PERFIS METÁLICOS, CHAPAS METÁLICAS, MÃO DE OBRA E TRANSPORTE COM GUINDASTE - FORNECIMENTO E INSTALAÇÃO. AF_01/2020_PSA","KG",10.6]
[100778,"ESTRUTURA TRELIÇADA DE COBERTURA, TIPO FINK, COM LIGAÇÕES PARAFUSADAS, INCLUSOS PERFIS METÁLICOS, CHAPAS METÁLICAS, MÃO DE OBRA E TRANSPORTE COM GUINDASTE - FORNECIMENTO E INSTALAÇÃO. AF_01/2020_PSA","KG",12.12]
[103795,"FABRICAÇÃO, MONTAGEM E DESMONTAGEM DE FÔRMA PARA ESCADA HIDRÁULICA, EM CHAPA DE MADEIRA COMPENSADA RESINADA, E = 17 MM, 3 UTILIZAÇÕES. AF_08/2022","M2",79.900000000000006]
[103796,"FABRICAÇÃO, MONTAGEM E DESMONTAGEM DE FÔRMA PARA BACIA DE DISSIPAÇÃO, EM MADEIRA SERRADA, E = 25 MM, 2 UTILIZAÇÕES. AF_08/2022","M2",55.14]
[103797,"ARMAÇÃO DE DESCIDA D'ÁGUA UTILIZANDO AÇO CA-60 DE 5 MM - MONTAGEM. AF_08/2022","KG",15.26]
[103798,"CONCRETAGEM DE DISSIPADOR DE ENERGIA, CONCRETO USINADO, FCK = 20 MPA, COM USO DE BOMBA - LANÇAMENTO, ADENSAMENTO E ACABAMENTO. AF_08/2022","M3",735.01]
[103799,"PEDRA DE MÃO FIXADA COM CONCRETO PARA BACIA DE DISSIPAÇÃO, 40% DE CONCRETO EM VOLUME, FCK = 20 MPA, COM USO DE JERICA E PREPARO EM BETONEIRA DE 600 L - AREIA, BRITA E PEDRA DE MÃO COMERCIAIS - LANÇAMENTO, ADENSAMENTO E ACABAMENTO. AF_08/2022","M3",441.29]
[103800,"PEDRA ARGAMASSADA COM CIMENTO E AREIA 1:3, 40% DE ARGAMASSA EM VOLUME - AREIA E PEDRA DE MÃO COMERCIAIS - FORNECIMENTO E ASSENTAMENTO. AF_08/2022","M3",517.4]
[103801,"CONCRETAGEM DE DISSIPADOR DE ENERGIA, FCK = 20 MPA, COM USO DE JERICAS E PREPARO EM BETONEIRA DE 600 L - AREIA E BRITA COMERCIAIS - LANÇAMENTO, ADENSAMENTO E ACABAMENTO. AF_08/2022","M3",661.87]
[103925,"ESCADA HIDRÁULICA, LARGURA ATÉ 1M, TIPO DESCIDA D'ÁGUA DE CORTE OU ATERRO EM DEGRAUS (DCD 02, 04 E DAD 02), EM CONCRETO USINADO, FCK = 20 MPA, LANÇADO COM BOMBA, INCLUINDO ARMAÇÃO, MATERIAIS E FÔRMAS (3 UTILIZAÇÕES). AF_08/2022","M3",1714.2]
[103926,"ESCADA HIDRÁULICA, LARGURA DE 1 A 4,1 M, TIPO DESCIDA D'ÁGUA DE ATERRO EM DEGRAUS (DAD 04, 06, 08, 10, 12, 14, 16, 18), EM CONCRETO USINADO, FCK = 20 MPA, LANÇADO COM BOMBA, INCLUINDO ARMAÇÃO, MATERIAIS E FÔRMAS (3 UTILIZAÇÕES). AF_08/2022","M3",1409.68]
[103928,"BACIA DE DISSIPAÇÃO, TIPO BACIA EM PEDRA DE MÃO ARGAMASSADA (DES 01, 02, 03, 04), LANÇADO MANUALMENTE, INCLUINDO MATERIAIS E FÔRMAS (2 UTILIZAÇÕES). AF_08/2022","M3",517.4]
[103929,"BACIA DE DISSIPAÇÃO, TIPO BACIA COM DENTES DE CONCRETO (01), COM PREPARO MANUAL, FCK = 20 MPA, LANÇADO MANUALMENTE, INCLUINDO MATERIAIS E FÔRMAS (2 UTILIZAÇÕES). AF_08/2022","M3",1213.33]
[103930,"BACIA DE DISSIPAÇÃO, LARGURA ATÉ 1 M, TIPO BACIA EM PEDRA DE MÃO FIXADA COM CONCRETO (DEB 01, 02), COM PREPARO MANUAL, FCK = 20 MPA, LANÇADO MANUALMENTE, INCLUINDO MATERIAIS E FÔRMAS (2 UTILIZAÇÕES). AF_08/2022","M3",770.4]
[103931,"BACIA DE DISSIPAÇÃO, LARGURA DE 1 A 4 M, TIPO BACIA EM PEDRA DE MÃO FIXADA COM CONCRETO (DEB 03, 04, 05, 06), COM PREPARO MANUAL, FCK = 20 MPA, LANÇADO MANUALMENTE, INCLUINDO MATERIAIS E FÔRMAS (2 UTILIZAÇÕES). AF_08/2022","M3",581.19000000000005]
[103932,"BACIA DE DISSIPAÇÃO, LARGURA DE 4 A 9,2 M, TIPO BACIA EM PEDRA DE MÃO FIXADA COM CONCRETO (DEB 07, 08, 09, 10, 11, 12, 13), COM PREPARO MANUAL, FCK = 20 MPA, LANÇADO MANUALMENTE, INCLUINDO MATERIAIS E FÔRMAS (2 UTILIZAÇÕES). AF_08/2022","M3",553.47]
[103933,"DESCIDA D'ÁGUA RÁPIDA (DAR 03), EM CONCRETO USINADO, FCK = 20 MPA, LANÇADO COM BOMBA, INCLUINDO ARMAÇÃO, MATERIAIS E FÔRMAS (2 UTILIZAÇÕES). AF_08/2022","M3",1562.39]
[105041,"VIGA DE MADEIRA SERRADA, PINUS OU EQUIVALENTE DA REGIÃO, SEÇÃO RETANGULAR 7,5 X 10 CM. AF_03/2024","M",51.71]
[105042,"PILAR DE MADEIRA ROLIÇA, EUCALIPTO OU EQUIVALENTE DA REGIÃO, FIXADO COM VERGALHÃO, DIÂMETRO DE 12 A 15 CM, APOIO ARTICULADO, COMPRIMENTO DE 3 M. AF_03/2024","M",53.14]
[105045,"VIGA DE MADEIRA SERRADA, PINUS OU EQUIVALENTE DA REGIÃO, SEÇÃO RETANGULAR 7,5 X 15 CM. AF_03/2024","M",58.93]
[105046,"PILAR DE MADEIRA ROLIÇA, EUCALIPTO OU EQUIVALENTE DA REGIÃO, FIXADO COM VERGALHÃO, DIÂMETRO DE 12 A 15 CM, APOIO ARTICULADO, COMPRIMENTO DE 6 M. AF_03/2024","M",43.85]
[105050,"PILAR DE MADEIRA ROLIÇA, EUCALIPTO OU EQUIVALENTE DA REGIÃO, FIXADO COM VERGALHÃO, DIÂMETRO DE 21 A 29 CM, APOIO ARTICULADO, COMPRIMENTO DE 3 M. AF_03/2024","M",158.41999999999999]
[105053,"PILAR DE MADEIRA ROLIÇA, EUCALIPTO OU EQUIVALENTE DA REGIÃO, FIXADO COM VERGALHÃO, DIÂMETRO DE 21 A 29 CM, APOIO ARTICULADO, COMPRIMENTO DE 6 M. AF_03/2024","M",149.27000000000001]
[105056,"PILAR DE MADEIRA ROLIÇA, EUCALIPTO OU EQUIVALENTE DA REGIÃO, FIXADO COM VERGALHÃO, DIÂMETRO DE 30 A 34 CM, APOIO ARTICULADO, COMPRIMENTO DE 3 M. AF_03/2024","M",217.76]
[105058,"PILAR DE MADEIRA ROLIÇA, EUCALIPTO OU EQUIVALENTE DA REGIÃO, FIXADO COM VERGALHÃO, DIÂMETRO DE 30 A 34 CM, APOIO ARTICULADO, COMPRIMENTO DE 6 M. AF_03/2024","M",209.24]
[105061,"PILAR DE MADEIRA SERRADA, MAÇARANDUBA OU EQUIVALENTE DA REGIÃO, NÃO APARELHADO, FIXADO COM VERGALHÃO, SEÇÃO QUADRADA 10 X 10 CM, APOIO ARTICULADO, COMPRIMENTO DE 3 M. AF_03/2024","M",108.76]
[105064,"PILAR DE MADEIRA SERRADA, MAÇARANDUBA OU EQUIVALENTE DA REGIÃO, NÃO APARELHADO, FIXADO COM VERGALHÃO, SEÇÃO QUADRADA 10 X 10 CM, APOIO ARTICULADO, COMPRIMENTO DE 6 M. AF_03/2024","M",96.95]
[105068,"PILAR DE MADEIRA SERRADA, MAÇARANDUBA OU EQUIVALENTE DA REGIÃO, NÃO APARELHADO, FIXADO COM VERGALHÃO, SEÇÃO QUADRADA 15 X 15 CM, APOIO ARTICULADO, COMPRIMENTO DE 3 M. AF_03/2024","M",192.72]
[105071,"PILAR DE MADEIRA SERRADA, MAÇARANDUBA OU EQUIVALENTE DA REGIÃO, NÃO APARELHADO, FIXADO COM VERGALHÃO, SEÇÃO QUADRADA 15 X 15 CM, APOIO ARTICULADO, COMPRIMENTO DE 6 M. AF_03/2024","M",180.91]
[105074,"PILAR DE MADEIRA SERRADA, MAÇARANDUBA OU EQUIVALENTE DA REGIÃO, NÃO APARELHADO, FIXADO COM VERGALHÃO, SEÇÃO QUADRADA 20 X 20 CM, APOIO ARTICULADO, COMPRIMENTO DE 3 M. AF_03/2024","M",310.19]
[105077,"PILAR DE MADEIRA SERRADA, MAÇARANDUBA OU EQUIVALENTE DA REGIÃO, NÃO APARELHADO, FIXADO COM VERGALHÃO, SEÇÃO QUADRADA 20 X 20 CM, APOIO ARTICULADO, COMPRIMENTO DE 6 M. AF_03/2024","M",298.43]
[105080,"VIGA DE MADEIRA SERRADA, MAÇARANDUBA OU EQUIVALENTE DA REGIÃO, APARELHADA, SEÇÃO RETANGULAR 6 X 12 CM. AF_03/2024","M",72.98]
[105081,"VIGA DE MADEIRA SERRADA, MAÇARANDUBA OU EQUIVALENTE DA REGIÃO, APARELHADA, SEÇÃO RETANGULAR 6 X 16 CM. AF_03/2024","M",85.92]
[105082,"VIGA DE MADEIRA SERRADA, MAÇARANDUBA OU EQUIVALENTE DA REGIÃO, NÃO APARELHADA, SEÇÃO RETANGULAR 6 X 12 CM. AF_03/2024","M",76.56]
[105083,"VIGA DE MADEIRA SERRADA, MAÇARANDUBA OU EQUIVALENTE DA REGIÃO, NÃO APARELHADA, SEÇÃO RETANGULAR 6 X 16 CM. AF_03/2024","M",87.56]
[105084,"VIGA DE MADEIRA SERRADA, MAÇARANDUBA OU EQUIVALENTE DA REGIÃO, NÃO APARELHADA, SEÇÃO RETANGULAR 6 X 20 CM. AF_03/2024","M",111.29]
[105085,"VIGA DE MADEIRA SERRADA, MAÇARANDUBA OU EQUIVALENTE DA REGIÃO, NÃO APARELHADA, SEÇÃO RETANGULAR 8 X 16 CM. AF_03/2024","M",116.8]
[105086,"VIGA DE MADEIRA SERRADA, MAÇARANDUBA OU EQUIVALENTE DA REGIÃO, NÃO APARELHADA, SEÇÃO RETANGULAR 6 X 25 CM. AF_03/2024","M",102.15]
[105087,"VIGA DE MADEIRA SERRADA, MAÇARANDUBA OU EQUIVALENTE DA REGIÃO, NÃO APARELHADA, SEÇÃO RETANGULAR 6 X 30 CM. AF_03/2024","M",115.9]
[105088,"VIGA DE MADEIRA SERRADA, MAÇARANDUBA OU EQUIVALENTE DA REGIÃO, NÃO APARELHADA, SEÇÃO RETANGULAR 6 X 40 CM. AF_03/2024","M",219.45]
[105089,"VIGA DE MADEIRA SERRADA, MAÇARANDUBA OU EQUIVALENTE DA REGIÃO, APARELHADA, SEÇÃO RETANGULAR 8 X 30 CM. AF_03/2024","M",201.46]
[105090,"PISO DE MADEIRA, SOBRE VIGOTAS DE MADEIRA SEÇÃO 7,5 X 15 CM. AF_03/2024","M2",461.21]
[105091,"VIGA DE MADEIRA SERRADA, MAÇARANDUBA OU EQUIVALENTE DA REGIÃO, APARELHADA, SEÇÃO RETANGULAR 7,5 X 23 CM. AF_03/2024","M",157.68]
[105092,"VIGA DE MADEIRA SERRADA, MAÇARANDUBA OU EQUIVALENTE DA REGIÃO, NÃO APARELHADA, SEÇÃO RETANGULAR 7,5 X 23 CM. AF_03/2024","M",172.68]
[105093,"VIGA DE MADEIRA SERRADA, MAÇARANDUBA OU EQUIVALENTE DA REGIÃO, NÃO APARELHADA, SEÇÃO RETANGULAR 8 X 30 CM. AF_03/2024","M",174.48]
[105095,"PILAR DE MADEIRA ROLIÇA, EUCALIPTO OU EQUIVALENTE DA REGIÃO, FIXADO COM VERGALHÃO, DIÂMETRO DE 16 A 20 CM, APOIO ARTICULADO, COMPRIMENTO DE 3 M. AF_03/2024","M",77.78]
[105098,"PILAR DE MADEIRA ROLIÇA, EUCALIPTO OU EQUIVALENTE DA REGIÃO, FIXADO COM VERGALHÃO, DIÂMETRO DE 16 A 20 CM, APOIO ARTICULADO, COMPRIMENTO DE 6 M. AF_03/2024","M",68.510000000000005]
[105099,"VIGA DE MADEIRA ROLIÇA, EUCALIPTO OU EQUIVALENTE DA REGIÃO, DIÂMETRO DE 12 A 15 CM. AF_03/2024","M",70.92]
[105100,"VIGA DE MADEIRA ROLIÇA, EUCALIPTO OU EQUIVALENTE DA REGIÃO, DIÂMETRO DE 16 A 20 CM. AF_03/2024","M",98.02]
[105101,"VIGA DE MADEIRA ROLIÇA, EUCALIPTO OU EQUIVALENTE DA REGIÃO, DIÂMETRO DE 21 A 29 CM. AF_03/2024","M",183.79]
[105102,"VIGA DE MADEIRA ROLIÇA, EUCALIPTO OU EQUIVALENTE DA REGIÃO, DIÂMETRO DE 30 A 34 CM. AF_03/2024","M",249.78]
[98562,"IMPERMEABILIZAÇÃO DE SUPERFÍCIE COM ARGAMASSA DE CIMENTO E AREIA, COM ADITIVO IMPERMEABILIZANTE, E = 1,5CM. AF_09/2023","M2",46.13]
[98555,"IMPERMEABILIZAÇÃO DE SUPERFÍCIE COM ARGAMASSA POLIMÉRICA / MEMBRANA ACRÍLICA, 3 DEMÃOS. AF_09/2023","M2",28.36]
[98556,"IMPERMEABILIZAÇÃO DE SUPERFÍCIE COM ARGAMASSA POLIMÉRICA / MEMBRANA ACRÍLICA, 4 DEMÃOS, REFORÇADA COM VÉU DE POLIÉSTER (MAV). AF_09/2023","M2",51.96]
[98558,"TRATAMENTO DE RALO OU PONTO EMERGENTE COM ARGAMASSA POLIMÉRICA / MEMBRANA ACRÍLICA REFORÇADO COM TELA DE POLIÉSTER (MAV). AF_09/2023","UN",8.5299999999999994]
[98559,"TRATAMENTO DE RODAPÉ COM TELA DE POLIÉSTER. AF_09/2023","M",4.4000000000000004]
[98546,"IMPERMEABILIZAÇÃO DE SUPERFÍCIE COM MANTA ASFÁLTICA, UMA CAMADA, INCLUSIVE APLICAÇÃO DE PRIMER ASFÁLTICO, E=4MM. AF_09/2023","M2",108.89]
[98547,"IMPERMEABILIZAÇÃO DE SUPERFÍCIE COM MANTA ASFÁLTICA, DUAS CAMADAS, INCLUSIVE APLICAÇÃO DE PRIMER ASFÁLTICO, E=3MM E E=4MM. AF_09/2023","M2",182.99]
[98553,"IMPERMEABILIZAÇÃO DE SUPERFÍCIE COM MEMBRANA À BASE DE POLIURETANO, 2 DEMÃOS. AF_09/2023","M2",164.15]
[98554,"IMPERMEABILIZAÇÃO DE SUPERFÍCIE COM MEMBRANA À BASE DE RESINA ACRÍLICA, 3 DEMÃOS. AF_09/2023","M2",41.94]
[98557,"IMPERMEABILIZAÇÃO DE SUPERFÍCIE COM EMULSÃO ASFÁLTICA, 2 DEMÃOS. AF_09/2023","M2",39.840000000000003]
[98563,"PROTEÇÃO MECÂNICA DE SUPERFÍCIE HORIZONTAL COM ARGAMASSA DE CIMENTO E AREIA, TRAÇO 1:3, E=2CM. AF_09/2023","M2",35.58]
[98564,"PROTEÇÃO MECÂNICA DE SUPERFÍCIE VERTICAL COM ARGAMASSA DE CIMENTO E AREIA, TRAÇO 1:3, E=2CM. AF_09/2023","M2",47.95]
[98565,"PROTEÇÃO MECÂNICA DE SUPERFICIE HORIZONTAL COM ARGAMASSA DE CIMENTO E AREIA, TRAÇO 1:3, E=3CM. AF_09/2023","M2",50.66]
[98566,"PROTEÇÃO MECÂNICA DE SUPERFÍCIE VERTICAL COM ARGAMASSA DE CIMENTO E AREIA, TRAÇO 1:3, E=3CM. AF_09/2023","M2",63.04]
[98567,"PROTEÇÃO MECÂNICA DE SUPERFICIE HORIZONTAL COM ARGAMASSA DE CIMENTO E AREIA, TRAÇO 1:3, E=4CM. AF_09/2023","M2",64.930000000000007]
[98568,"PROTEÇÃO MECÂNICA DE SUPERFÍCIE VERTICAL COM ARGAMASSA DE CIMENTO E AREIA, TRAÇO 1:3, E=4CM. AF_09/2023","M2",77.31]
[98569,"PROTEÇÃO MECÂNICA DE SUPERFICIE HORIZONTAL COM ARGAMASSA DE CIMENTO E AREIA, TRAÇO 1:3, E=5CM. AF_09/2023","M2",80.010000000000005]
[98570,"PROTEÇÃO MECÂNICA DE SUPERFÍCIE VERTICAL COM ARGAMASSA DE CIMENTO E AREIA, TRAÇO 1:3, E=5CM. AF_09/2023","M2",92.39]
[98571,"PROTEÇÃO MECÂNICA DE SUPERFICIE HORIZONTAL COM CONCRETO 15 MPA, E=4CM. AF_09/2023","M2",45.65]
[98572,"PROTEÇÃO MECÂNICA DE SUPERFICIE HORIZONTAL COM CONCRETO 15 MPA, E=5CM. AF_09/2023","M2",56.02]
[98573,"PROTEÇÃO MECÂNICA DE SUPERFÍCIE VERTICAL COM CONCRETO 15 MPA, E=5CM. AF_09/2023","M2",67.900000000000006]
[91831,"ELETRODUTO FLEXÍVEL CORRUGADO, PVC, DN 20 MM (1/2\"), PARA CIRCUITOS TERMINAIS, INSTALADO EM FORRO - FORNECIMENTO E INSTALAÇÃO. AF_03/2023_PA","M",15.68]
[91833,"ELETRODUTO FLEXÍVEL CORRUGADO REFORÇADO, PVC, DN 20 MM (1/2\"), PARA CIRCUITOS TERMINAIS, INSTALADO EM FORRO - FORNECIMENTO E INSTALAÇÃO. AF_03/2023_PA","M",16.350000000000001]
[91834,"ELETRODUTO FLEXÍVEL CORRUGADO, PVC, DN 25 MM (3/4\"), PARA CIRCUITOS TERMINAIS, INSTALADO EM FORRO - FORNECIMENTO E INSTALAÇÃO. AF_03/2023_PA","M",16.45]
[91835,"ELETRODUTO FLEXÍVEL CORRUGADO REFORÇADO, PVC, DN 25 MM (3/4\"), PARA CIRCUITOS TERMINAIS, INSTALADO EM FORRO - FORNECIMENTO E INSTALAÇÃO. AF_03/2023_PA","M",18.170000000000002]
[91836,"ELETRODUTO FLEXÍVEL CORRUGADO, PVC, DN 32 MM (1\"), PARA CIRCUITOS TERMINAIS, INSTALADO EM FORRO - FORNECIMENTO E INSTALAÇÃO. AF_03/2023_PA","M",19.440000000000001]
[91837,"ELETRODUTO FLEXÍVEL CORRUGADO REFORÇADO, PVC, DN 32 MM (1\"), PARA CIRCUITOS TERMINAIS, INSTALADO EM FORRO - FORNECIMENTO E INSTALAÇÃO. AF_03/2023_PA","M",23.44]
[91839,"ELETRODUTO FLEXÍVEL LISO, PEAD, DN 32 MM (1\"), PARA CIRCUITOS TERMINAIS, INSTALADO EM FORRO - FORNECIMENTO E INSTALAÇÃO. AF_03/2023_PA","M",16.59]
[91840,"ELETRODUTO FLEXÍVEL CORRUGADO, PEAD, DN 40 MM (1 1/4\"), PARA CIRCUITOS TERMINAIS, INSTALADO EM FORRO - FORNECIMENTO E INSTALAÇÃO. AF_03/2023_PA","M",18.86]
[91841,"ELETRODUTO FLEXÍVEL LISO, PEAD, DN 40 MM (1 1/4\"), PARA CIRCUITOS TERMINAIS, INSTALADO EM FORRO - FORNECIMENTO E INSTALAÇÃO. AF_03/2023_PA","M",18.22]
[91843,"ELETRODUTO FLEXÍVEL CORRUGADO REFORÇADO, PVC, DN 20 MM (1/2\"), PARA CIRCUITOS TERMINAIS, INSTALADO EM LAJE - FORNECIMENTO E INSTALAÇÃO. AF_03/2023","M",6.56]
[91845,"ELETRODUTO FLEXÍVEL CORRUGADO REFORÇADO, PVC, DN 25 MM (3/4\"), PARA CIRCUITOS TERMINAIS, INSTALADO EM LAJE - FORNECIMENTO E INSTALAÇÃO. AF_03/2023","M",8.32]
[91847,"ELETRODUTO FLEXÍVEL CORRUGADO REFORÇADO, PVC, DN 32 MM (1\"), PARA CIRCUITOS TERMINAIS, INSTALADO EM LAJE - FORNECIMENTO E INSTALAÇÃO. AF_03/2023","M",13.66]
[91849,"ELETRODUTO FLEXÍVEL LISO, PEAD, DN 32 MM (1\"), PARA CIRCUITOS TERMINAIS, INSTALADO EM LAJE - FORNECIMENTO E INSTALAÇÃO. AF_03/2023","M",6.81]
[91850,"ELETRODUTO FLEXÍVEL CORRUGADO, PEAD, DN 40 MM (1 1/4\"), PARA CIRCUITOS TERMINAIS, INSTALADO EM LAJE - FORNECIMENTO E INSTALAÇÃO. AF_03/2023","M",9.02]
[91851,"ELETRODUTO FLEXÍVEL LISO, PEAD, DN 40 MM (1 1/4\"), PARA CIRCUITOS TERMINAIS, INSTALADO EM LAJE - FORNECIMENTO E INSTALAÇÃO. AF_03/2023","M",8.3800000000000008]
[91852,"ELETRODUTO FLEXÍVEL CORRUGADO, PVC, DN 20 MM (1/2\"), PARA CIRCUITOS TERMINAIS, INSTALADO EM PAREDE - FORNECIMENTO E INSTALAÇÃO. AF_03/2023","M",8.57]
[91853,"ELETRODUTO FLEXÍVEL CORRUGADO REFORÇADO, PVC, DN 20 MM (1/2\"), PARA CIRCUITOS TERMINAIS, INSTALADO EM PAREDE - FORNECIMENTO E INSTALAÇÃO. AF_03/2023","M",9.19]
[91854,"ELETRODUTO FLEXÍVEL CORRUGADO, PVC, DN 25 MM (3/4\"), PARA CIRCUITOS TERMINAIS, INSTALADO EM PAREDE - FORNECIMENTO E INSTALAÇÃO. AF_03/2023","M",9.2799999999999994]
[91855,"ELETRODUTO FLEXÍVEL CORRUGADO REFORÇADO, PVC, DN 25 MM (3/4\"), PARA CIRCUITOS TERMINAIS, INSTALADO EM PAREDE - FORNECIMENTO E INSTALAÇÃO. AF_03/2023","M",10.86]
[91856,"ELETRODUTO FLEXÍVEL CORRUGADO, PVC, DN 32 MM (1\"), PARA CIRCUITOS TERMINAIS, INSTALADO EM PAREDE - FORNECIMENTO E INSTALAÇÃO. AF_03/2023","M",12.13]
[91857,"ELETRODUTO FLEXÍVEL CORRUGADO REFORÇADO, PVC, DN 32 MM (1\"), PARA CIRCUITOS TERMINAIS, INSTALADO EM PAREDE - FORNECIMENTO E INSTALAÇÃO. AF_03/2023","M",15.83]
[91859,"ELETRODUTO FLEXÍVEL LISO, PEAD, DN 32 MM (1\"), PARA CIRCUITOS TERMINAIS, INSTALADO EM PAREDE - FORNECIMENTO E INSTALAÇÃO. AF_03/2023","M",9.5]
[91860,"ELETRODUTO FLEXÍVEL CORRUGADO, PEAD, DN 40 MM (1 1/4\"), PARA CIRCUITOS TERMINAIS, INSTALADO EM PAREDE - FORNECIMENTO E INSTALAÇÃO. AF_03/2023","M",11.61]
[91861,"ELETRODUTO FLEXÍVEL LISO, PEAD, DN 40 MM (1 1/4\"), PARA CIRCUITOS TERMINAIS, INSTALADO EM PAREDE - FORNECIMENTO E INSTALAÇÃO. AF_03/2023","M",11.02]
[91862,"ELETRODUTO RÍGIDO ROSCÁVEL, PVC, DN 20 MM (1/2\"), PARA CIRCUITOS TERMINAIS, INSTALADO EM FORRO - FORNECIMENTO E INSTALAÇÃO. AF_03/2023","M",9.51]
[91863,"ELETRODUTO RÍGIDO ROSCÁVEL, PVC, DN 25 MM (3/4\"), PARA CIRCUITOS TERMINAIS, INSTALADO EM FORRO - FORNECIMENTO E INSTALAÇÃO. AF_03/2023","M",11.29]
[91864,"ELETRODUTO RÍGIDO ROSCÁVEL, PVC, DN 32 MM (1\"), PARA CIRCUITOS TERMINAIS, INSTALADO EM FORRO - FORNECIMENTO E INSTALAÇÃO. AF_03/2023","M",15.48]
[91865,"ELETRODUTO RÍGIDO ROSCÁVEL, PVC, DN 40 MM (1 1/4\"), PARA CIRCUITOS TERMINAIS, INSTALADO EM FORRO - FORNECIMENTO E INSTALAÇÃO. AF_03/2023","M",19.54]
[91866,"ELETRODUTO RÍGIDO ROSCÁVEL, PVC, DN 20 MM (1/2\"), PARA CIRCUITOS TERMINAIS, INSTALADO EM LAJE - FORNECIMENTO E INSTALAÇÃO. AF_03/2023","M",8.3699999999999992]
[91867,"ELETRODUTO RÍGIDO ROSCÁVEL, PVC, DN 25 MM (3/4\"), PARA CIRCUITOS TERMINAIS, INSTALADO EM LAJE - FORNECIMENTO E INSTALAÇÃO. AF_03/2023","M",10.16]
[91868,"ELETRODUTO RÍGIDO ROSCÁVEL, PVC, DN 32 MM (1\"), PARA CIRCUITOS TERMINAIS, INSTALADO EM LAJE - FORNECIMENTO E INSTALAÇÃO. AF_03/2023","M",14.35]
[91869,"ELETRODUTO RÍGIDO ROSCÁVEL, PVC, DN 40 MM (1 1/4\"), PARA CIRCUITOS TERMINAIS, INSTALADO EM LAJE - FORNECIMENTO E INSTALAÇÃO. AF_03/2023","M",18.37]
[91870,"ELETRODUTO RÍGIDO ROSCÁVEL, PVC, DN 20 MM (1/2\"), PARA CIRCUITOS TERMINAIS, INSTALADO EM PAREDE - FORNECIMENTO E INSTALAÇÃO. AF_03/2023","M",12.22]
[91871,"ELETRODUTO RÍGIDO ROSCÁVEL, PVC, DN 25 MM (3/4\"), PARA CIRCUITOS TERMINAIS, INSTALADO EM PAREDE - FORNECIMENTO E INSTALAÇÃO. AF_03/2023","M",14.01]
[91872,"ELETRODUTO RÍGIDO ROSCÁVEL, PVC, DN 32 MM (1\"), PARA CIRCUITOS TERMINAIS, INSTALADO EM PAREDE - FORNECIMENTO E INSTALAÇÃO. AF_03/2023","M",18.190000000000001]
[91873,"ELETRODUTO RÍGIDO ROSCÁVEL, PVC, DN 40 MM (1 1/4\"), PARA CIRCUITOS TERMINAIS, INSTALADO EM PAREDE - FORNECIMENTO E INSTALAÇÃO. AF_03/2023","M",22.2]
[93008,"ELETRODUTO RÍGIDO ROSCÁVEL, PVC, DN 50 MM (1 1/2\"), PARA REDE ENTERRADA DE DISTRIBUIÇÃO DE ENERGIA ELÉTRICA - FORNECIMENTO E INSTALAÇÃO. AF_12/2021","M",19.47]
[93009,"ELETRODUTO RÍGIDO ROSCÁVEL, PVC, DN 60 MM (2\"), PARA REDE ENTERRADA DE DISTRIBUIÇÃO DE ENERGIA ELÉTRICA - FORNECIMENTO E INSTALAÇÃO. AF_12/2021","M",29.3]
[93010,"ELETRODUTO RÍGIDO ROSCÁVEL, PVC, DN 75 MM (2 1/2\"), PARA REDE ENTERRADA DE DISTRIBUIÇÃO DE ENERGIA ELÉTRICA - FORNECIMENTO E INSTALAÇÃO. AF_12/2021","M",41.16]
[93011,"ELETRODUTO RÍGIDO ROSCÁVEL, PVC, DN 85 MM (3\"), PARA REDE ENTERRADA DE DISTRIBUIÇÃO DE ENERGIA ELÉTRICA - FORNECIMENTO E INSTALAÇÃO. AF_12/2021","M",50.58]
[93012,"ELETRODUTO RÍGIDO ROSCÁVEL, PVC, DN 110 MM (4\"), PARA REDE ENTERRADA DE DISTRIBUIÇÃO DE ENERGIA ELÉTRICA - FORNECIMENTO E INSTALAÇÃO. AF_12/2021","M",77.08]
[95726,"ELETRODUTO RÍGIDO SOLDÁVEL, PVC, DN 20 MM (1/2\"), APARENTE - FORNECIMENTO E INSTALAÇÃO. AF_10/2022_PA","M",14.69]
[95727,"ELETRODUTO RÍGIDO SOLDÁVEL, PVC, DN 25 MM (3/4\"), APARENTE - FORNECIMENTO E INSTALAÇÃO. AF_10/2022_PA","M",18.11]
[95728,"ELETRODUTO RÍGIDO SOLDÁVEL, PVC, DN 32 MM (1\"), APARENTE - FORNECIMENTO E INSTALAÇÃO. AF_10/2022_PA","M",23.79]
[97667,"ELETRODUTO FLEXÍVEL CORRUGADO, PEAD, DN 50 (1 1/2\"), PARA REDE ENTERRADA DE DISTRIBUIÇÃO DE ENERGIA ELÉTRICA - FORNECIMENTO E INSTALAÇÃO. AF_12/2021","M",7.92]
[97668,"ELETRODUTO FLEXÍVEL CORRUGADO, PEAD, DN 63 (2\"), PARA REDE ENTERRADA DE DISTRIBUIÇÃO DE ENERGIA ELÉTRICA - FORNECIMENTO E INSTALAÇÃO. AF_12/2021","M",11.3]
[97669,"ELETRODUTO FLEXÍVEL CORRUGADO, PEAD, DN 90 (3\"), PARA REDE ENTERRADA DE DISTRIBUIÇÃO DE ENERGIA ELÉTRICA - FORNECIMENTO E INSTALAÇÃO. AF_12/2021","M",16.690000000000001]
[97670,"ELETRODUTO FLEXÍVEL CORRUGADO, PEAD, DN 100 (4\"), PARA REDE ENTERRADA DE DISTRIBUIÇÃO DE ENERGIA ELÉTRICA - FORNECIMENTO E INSTALAÇÃO. AF_12/2021","M",21.48]
[91874,"LUVA PARA ELETRODUTO, PVC, ROSCÁVEL, DN 20 MM (1/2\"), PARA CIRCUITOS TERMINAIS, INSTALADA EM FORRO - FORNECIMENTO E INSTALAÇÃO. AF_03/2023","UN",6.62]
[91875,"LUVA PARA ELETRODUTO, PVC, ROSCÁVEL, DN 25 MM (3/4\"), PARA CIRCUITOS TERMINAIS, INSTALADA EM FORRO - FORNECIMENTO E INSTALAÇÃO. AF_03/2023","UN",7.82]
[91876,"LUVA PARA ELETRODUTO, PVC, ROSCÁVEL, DN 32 MM (1\"), PARA CIRCUITOS TERMINAIS, INSTALADA EM FORRO - FORNECIMENTO E INSTALAÇÃO. AF_03/2023","UN",9.48]
[91877,"LUVA PARA ELETRODUTO, PVC, ROSCÁVEL, DN 40 MM (1 1/4\"), PARA CIRCUITOS TERMINAIS, INSTALADA EM FORRO - FORNECIMENTO E INSTALAÇÃO. AF_03/2023","UN",11.81]
[91878,"LUVA PARA ELETRODUTO, PVC, ROSCÁVEL, DN 20 MM (1/2\"), PARA CIRCUITOS TERMINAIS, INSTALADA EM LAJE - FORNECIMENTO E INSTALAÇÃO. AF_03/2023","UN",5.27]
[91879,"LUVA PARA ELETRODUTO, PVC, ROSCÁVEL, DN 25 MM (3/4\"), PARA CIRCUITOS TERMINAIS, INSTALADA EM LAJE - FORNECIMENTO E INSTALAÇÃO. AF_03/2023","UN",6.47]
[91880,"LUVA PARA ELETRODUTO, PVC, ROSCÁVEL, DN 32 MM (1\"), PARA CIRCUITOS TERMINAIS, INSTALADA EM LAJE - FORNECIMENTO E INSTALAÇÃO. AF_03/2023","UN",8.1300000000000008]
[91881,"LUVA PARA ELETRODUTO, PVC, ROSCÁVEL, DN 40 MM (1 1/4\"), PARA CIRCUITOS TERMINAIS, INSTALADA EM LAJE - FORNECIMENTO E INSTALAÇÃO. AF_03/2023","UN",10.46]
[91882,"LUVA PARA ELETRODUTO, PVC, ROSCÁVEL, DN 20 MM (1/2\"), PARA CIRCUITOS TERMINAIS, INSTALADA EM PAREDE - FORNECIMENTO E INSTALAÇÃO. AF_03/2023","UN",9.42]
[91884,"LUVA PARA ELETRODUTO, PVC, ROSCÁVEL, DN 25 MM (3/4\"), PARA CIRCUITOS TERMINAIS, INSTALADA EM PAREDE - FORNECIMENTO E INSTALAÇÃO. AF_03/2023","UN",10.63]
[91885,"LUVA PARA ELETRODUTO, PVC, ROSCÁVEL, DN 32 MM (1\"), PARA CIRCUITOS TERMINAIS, INSTALADA EM PAREDE - FORNECIMENTO E INSTALAÇÃO. AF_03/2023","UN",12.23]
[91886,"LUVA PARA ELETRODUTO, PVC, ROSCÁVEL, DN 40 MM (1 1/4\"), PARA CIRCUITOS TERMINAIS, INSTALADA EM PAREDE - FORNECIMENTO E INSTALAÇÃO. AF_03/2023","UN",14.51]
[91887,"CURVA 90 GRAUS PARA ELETRODUTO, PVC, ROSCÁVEL, DN 20 MM (1/2\"), PARA CIRCUITOS TERMINAIS, INSTALADA EM FORRO - FORNECIMENTO E INSTALAÇÃO. AF_03/2023","UN",11.78]
[91889,"CURVA 180 GRAUS PARA ELETRODUTO, PVC, ROSCÁVEL, DN 20 MM (1/2\"), PARA CIRCUITOS TERMINAIS, INSTALADA EM FORRO - FORNECIMENTO E INSTALAÇÃO. AF_03/2023","UN",11.42]
[91890,"CURVA 90 GRAUS PARA ELETRODUTO, PVC, ROSCÁVEL, DN 25 MM (3/4\"), PARA CIRCUITOS TERMINAIS, INSTALADA EM FORRO - FORNECIMENTO E INSTALAÇÃO. AF_03/2023","UN",12.94]
[91892,"CURVA 180 GRAUS PARA ELETRODUTO, PVC, ROSCÁVEL, DN 25 MM (3/4\"), PARA CIRCUITOS TERMINAIS, INSTALADA EM FORRO - FORNECIMENTO E INSTALAÇÃO. AF_03/2023","UN",15.33]
[91893,"CURVA 90 GRAUS PARA ELETRODUTO, PVC, ROSCÁVEL, DN 32 MM (1\"), PARA CIRCUITOS TERMINAIS, INSTALADA EM FORRO - FORNECIMENTO E INSTALAÇÃO. AF_03/2023","UN",16.25]
[91895,"CURVA 180 GRAUS PARA ELETRODUTO, PVC, ROSCÁVEL, DN 32 MM (1\"), PARA CIRCUITOS TERMINAIS, INSTALADA EM FORRO - FORNECIMENTO E INSTALAÇÃO. AF_03/2023","UN",18.670000000000002]
[91896,"CURVA 90 GRAUS PARA ELETRODUTO, PVC, ROSCÁVEL, DN 40 MM (1 1/4\"), PARA CIRCUITOS TERMINAIS, INSTALADA EM FORRO - FORNECIMENTO E INSTALAÇÃO. AF_03/2023","UN",18.670000000000002]
[91898,"CURVA 180 GRAUS PARA ELETRODUTO, PVC, ROSCÁVEL, DN 40 MM (1 1/4\"), PARA CIRCUITOS TERMINAIS, INSTALADA EM FORRO - FORNECIMENTO E INSTALAÇÃO. AF_03/2023","UN",21.26]
[91899,"CURVA 90 GRAUS PARA ELETRODUTO, PVC, ROSCÁVEL, DN 20 MM (1/2\"), PARA CIRCUITOS TERMINAIS, INSTALADA EM LAJE - FORNECIMENTO E INSTALAÇÃO. AF_03/2023","UN",9.73]
[91901,"CURVA 180 GRAUS PARA ELETRODUTO, PVC, ROSCÁVEL, DN 20 MM (1/2\"), PARA CIRCUITOS TERMINAIS, INSTALADA EM LAJE - FORNECIMENTO E INSTALAÇÃO. AF_03/2023","UN",9.3699999999999992]
[91902,"CURVA 90 GRAUS PARA ELETRODUTO, PVC, ROSCÁVEL, DN 25 MM (3/4\"), PARA CIRCUITOS TERMINAIS, INSTALADA EM LAJE - FORNECIMENTO E INSTALAÇÃO. AF_03/2023","UN",10.88]
[91904,"CURVA 180 GRAUS PARA ELETRODUTO, PVC, ROSCÁVEL, DN 25 MM (3/4\"), PARA CIRCUITOS TERMINAIS, INSTALADA EM LAJE - FORNECIMENTO E INSTALAÇÃO. AF_03/2023","UN",13.27]
[91905,"CURVA 90 GRAUS PARA ELETRODUTO, PVC, ROSCÁVEL, DN 32 MM (1\"), PARA CIRCUITOS TERMINAIS, INSTALADA EM LAJE - FORNECIMENTO E INSTALAÇÃO. AF_03/2023","UN",14.19]
[91907,"CURVA 180 GRAUS PARA ELETRODUTO, PVC, ROSCÁVEL, DN 32 MM (1\"), PARA CIRCUITOS TERMINAIS, INSTALADA EM LAJE - FORNECIMENTO E INSTALAÇÃO. AF_03/2023","UN",16.61]
[91908,"CURVA 90 GRAUS PARA ELETRODUTO, PVC, ROSCÁVEL, DN 40 MM (1 1/4\"), PARA CIRCUITOS TERMINAIS, INSTALADA EM LAJE - FORNECIMENTO E INSTALAÇÃO. AF_03/2023","UN",16.66]
[91910,"CURVA 180 GRAUS PARA ELETRODUTO, PVC, ROSCÁVEL, DN 40 MM (1 1/4\"), PARA CIRCUITOS TERMINAIS, INSTALADA EM LAJE - FORNECIMENTO E INSTALAÇÃO. AF_03/2023","UN",19.25]
[91911,"CURVA 90 GRAUS PARA ELETRODUTO, PVC, ROSCÁVEL, DN 20 MM (1/2\"), PARA CIRCUITOS TERMINAIS, INSTALADA EM PAREDE - FORNECIMENTO E INSTALAÇÃO. AF_03/2023","UN",15.98]
[91913,"CURVA 180 GRAUS PARA ELETRODUTO, PVC, ROSCÁVEL, DN 20 MM (1/2\"), PARA CIRCUITOS TERMINAIS, INSTALADA EM PAREDE - FORNECIMENTO E INSTALAÇÃO. AF_03/2023","UN",15.62]
[91914,"CURVA 90 GRAUS PARA ELETRODUTO, PVC, ROSCÁVEL, DN 25 MM (3/4\"), PARA CIRCUITOS TERMINAIS, INSTALADA EM PAREDE - FORNECIMENTO E INSTALAÇÃO. AF_03/2023","UN",17.100000000000001]
[91916,"CURVA 180 GRAUS PARA ELETRODUTO, PVC, ROSCÁVEL, DN 25 MM (3/4\"), PARA CIRCUITOS TERMINAIS, INSTALADA EM PAREDE - FORNECIMENTO E INSTALAÇÃO. AF_03/2023","UN",19.489999999999998]
[91917,"CURVA 90 GRAUS PARA ELETRODUTO, PVC, ROSCÁVEL, DN 32 MM (1\"), PARA CIRCUITOS TERMINAIS, INSTALADA EM PAREDE - FORNECIMENTO E INSTALAÇÃO. AF_03/2023","UN",20.36]
[91919,"CURVA 180 GRAUS PARA ELETRODUTO, PVC, ROSCÁVEL, DN 32 MM (1\"), PARA CIRCUITOS TERMINAIS, INSTALADA EM PAREDE - FORNECIMENTO E INSTALAÇÃO. AF_03/2023","UN",22.78]
[91920,"CURVA 90 GRAUS PARA ELETRODUTO, PVC, ROSCÁVEL, DN 40 MM (1 1/4\"), PARA CIRCUITOS TERMINAIS, INSTALADA EM PAREDE - FORNECIMENTO E INSTALAÇÃO. AF_03/2023","UN",22.73]
[91922,"CURVA 180 GRAUS PARA ELETRODUTO, PVC, ROSCÁVEL, DN 40 MM (1 1/4\"), PARA CIRCUITOS TERMINAIS, INSTALADA EM PAREDE - FORNECIMENTO E INSTALAÇÃO. AF_03/2023","UN",25.32]
[93013,"LUVA PARA ELETRODUTO, PVC, ROSCÁVEL, DN 50 MM (1 1/2\"), PARA REDE ENTERRADA DE DISTRIBUIÇÃO DE ENERGIA ELÉTRICA - FORNECIMENTO E INSTALAÇÃO. AF_12/2021","UN",14.78]
[93014,"LUVA PARA ELETRODUTO, PVC, ROSCÁVEL, DN 60 MM (2\"), PARA REDE ENTERRADA DE DISTRIBUIÇÃO DE ENERGIA ELÉTRICA - FORNECIMENTO E INSTALAÇÃO. AF_12/2021","UN",18.260000000000002]
[93015,"LUVA PARA ELETRODUTO, PVC, ROSCÁVEL, DN 75 MM (2 1/2\"), PARA REDE ENTERRADA DE DISTRIBUIÇÃO DE ENERGIA ELÉTRICA - FORNECIMENTO E INSTALAÇÃO. AF_12/2021","UN",28.25]
[93016,"LUVA PARA ELETRODUTO, PVC, ROSCÁVEL, DN 85 MM (3\"), PARA REDE ENTERRADA DE DISTRIBUIÇÃO DE ENERGIA ELÉTRICA - FORNECIMENTO E INSTALAÇÃO. AF_12/2021","UN",34.57]
[93017,"LUVA PARA ELETRODUTO, PVC, ROSCÁVEL, DN 110 MM (4\"), PARA REDE ENTERRADA DE DISTRIBUIÇÃO DE ENERGIA ELÉTRICA - FORNECIMENTO E INSTALAÇÃO. AF_12/2021","UN",52.58]
[93018,"CURVA 90 GRAUS PARA ELETRODUTO, PVC, ROSCÁVEL, DN 50 MM (1 1/2\"), PARA REDE ENTERRADA DE DISTRIBUIÇÃO DE ENERGIA ELÉTRICA - FORNECIMENTO E INSTALAÇÃO. AF_12/2021","UN",22.6]
[93020,"CURVA 90 GRAUS PARA ELETRODUTO, PVC, ROSCÁVEL, DN 60 MM (2\"), PARA REDE ENTERRADA DE DISTRIBUIÇÃO DE ENERGIA ELÉTRICA - FORNECIMENTO E INSTALAÇÃO. AF_12/2021","UN",29.26]
[93022,"CURVA 90 GRAUS PARA ELETRODUTO, PVC, ROSCÁVEL, DN 75 MM (2 1/2\"), PARA REDE ENTERRADA DE DISTRIBUIÇÃO DE ENERGIA ELÉTRICA - FORNECIMENTO E INSTALAÇÃO. AF_12/2021","UN",50.19]
[93024,"CURVA 90 GRAUS PARA ELETRODUTO, PVC, ROSCÁVEL, DN 85 MM (3\"), PARA REDE ENTERRADA DE DISTRIBUIÇÃO DE ENERGIA ELÉTRICA - FORNECIMENTO E INSTALAÇÃO. AF_12/2021","UN",52.58]
[93026,"CURVA 90 GRAUS PARA ELETRODUTO, PVC, ROSCÁVEL, DN 110 MM (4\"), PARA REDE ENTERRADA DE DISTRIBUIÇÃO DE ENERGIA ELÉTRICA - FORNECIMENTO E INSTALAÇÃO. AF_12/2021","UN",87.38]
[97559,"CURVA 135 GRAUS PARA ELETRODUTO, PVC, ROSCÁVEL, DN 25 MM (3/4\"), PARA CIRCUITOS TERMINAIS, INSTALADA EM FORRO - FORNECIMENTO E INSTALAÇÃO. AF_03/2023","UN",12.68]
[97562,"CURVA 135 GRAUS PARA ELETRODUTO, PVC, ROSCÁVEL, DN 25 MM (3/4\"), PARA CIRCUITOS TERMINAIS, INSTALADA EM LAJE - FORNECIMENTO E INSTALAÇÃO. AF_03/2023","UN",10.62]
[97564,"CURVA 135 GRAUS PARA ELETRODUTO, PVC, ROSCÁVEL, DN 25 MM (3/4\"), PARA CIRCUITOS TERMINAIS, INSTALADA EM PAREDE - FORNECIMENTO E INSTALAÇÃO. AF_03/2023","UN",16.84]
[104395,"CONDULETE DE PVC, TIPO E, PARA ELETRODUTO DE PVC SOLDÁVEL DN 20 MM (1/2''), APARENTE - FORNECIMENTO E INSTALAÇÃO. AF_10/2022","UN",22.18]
[91924,"CABO DE COBRE FLEXÍVEL ISOLADO, 1,5 MM², ANTI-CHAMA 450/750 V, PARA CIRCUITOS TERMINAIS - FORNECIMENTO E INSTALAÇÃO. AF_03/2023","M",2.85]
[91925,"CABO DE COBRE FLEXÍVEL ISOLADO, 1,5 MM², ANTI-CHAMA 0,6/1,0 KV, PARA CIRCUITOS TERMINAIS - FORNECIMENTO E INSTALAÇÃO. AF_03/2023","M",3.47]
[91926,"CABO DE COBRE FLEXÍVEL ISOLADO, 2,5 MM², ANTI-CHAMA 450/750 V, PARA CIRCUITOS TERMINAIS - FORNECIMENTO E INSTALAÇÃO. AF_03/2023","M",4.17]
[91927,"CABO DE COBRE FLEXÍVEL ISOLADO, 2,5 MM², ANTI-CHAMA 0,6/1,0 KV, PARA CIRCUITOS TERMINAIS - FORNECIMENTO E INSTALAÇÃO. AF_03/2023","M",4.71]
[91928,"CABO DE COBRE FLEXÍVEL ISOLADO, 4 MM², ANTI-CHAMA 450/750 V, PARA CIRCUITOS TERMINAIS - FORNECIMENTO E INSTALAÇÃO. AF_03/2023","M",6.49]
[91929,"CABO DE COBRE FLEXÍVEL ISOLADO, 4 MM², ANTI-CHAMA 0,6/1,0 KV, PARA CIRCUITOS TERMINAIS - FORNECIMENTO E INSTALAÇÃO. AF_03/2023","M",6.95]
[91930,"CABO DE COBRE FLEXÍVEL ISOLADO, 6 MM², ANTI-CHAMA 450/750 V, PARA CIRCUITOS TERMINAIS - FORNECIMENTO E INSTALAÇÃO. AF_03/2023","M",9.07]
[91931,"CABO DE COBRE FLEXÍVEL ISOLADO, 6 MM², ANTI-CHAMA 0,6/1,0 KV, PARA CIRCUITOS TERMINAIS - FORNECIMENTO E INSTALAÇÃO. AF_03/2023","M",9.83]
[91932,"CABO DE COBRE FLEXÍVEL ISOLADO, 10 MM², ANTI-CHAMA 450/750 V, PARA CIRCUITOS TERMINAIS - FORNECIMENTO E INSTALAÇÃO. AF_03/2023","M",16.329999999999998]
[91933,"CABO DE COBRE FLEXÍVEL ISOLADO, 10 MM², ANTI-CHAMA 0,6/1,0 KV, PARA CIRCUITOS TERMINAIS - FORNECIMENTO E INSTALAÇÃO. AF_03/2023","M",15.75]
[91934,"CABO DE COBRE FLEXÍVEL ISOLADO, 16 MM², ANTI-CHAMA 450/750 V, PARA CIRCUITOS TERMINAIS - FORNECIMENTO E INSTALAÇÃO. AF_03/2023","M",23.59]
[91935,"CABO DE COBRE FLEXÍVEL ISOLADO, 16 MM², ANTI-CHAMA 0,6/1,0 KV, PARA CIRCUITOS TERMINAIS - FORNECIMENTO E INSTALAÇÃO. AF_03/2023","M",24.73]
[92979,"CABO DE COBRE FLEXÍVEL ISOLADO, 10 MM², ANTI-CHAMA 450/750 V, PARA DISTRIBUIÇÃO - FORNECIMENTO E INSTALAÇÃO. AF_10/2020","M",10.98]
[92980,"CABO DE COBRE FLEXÍVEL ISOLADO, 10 MM², ANTI-CHAMA 0,6/1,0 KV, PARA DISTRIBUIÇÃO - FORNECIMENTO E INSTALAÇÃO. AF_10/2020","M",10.5]
[92981,"CABO DE COBRE FLEXÍVEL ISOLADO, 16 MM², ANTI-CHAMA 450/750 V, PARA DISTRIBUIÇÃO - FORNECIMENTO E INSTALAÇÃO. AF_10/2020","M",15.7]
[92982,"CABO DE COBRE FLEXÍVEL ISOLADO, 16 MM², ANTI-CHAMA 0,6/1,0 KV, PARA DISTRIBUIÇÃO - FORNECIMENTO E INSTALAÇÃO. AF_10/2020","M",16.649999999999999]
[92984,"CABO DE COBRE FLEXÍVEL ISOLADO, 25 MM², ANTI-CHAMA 0,6/1,0 KV, PARA REDE ENTERRADA DE DISTRIBUIÇÃO DE ENERGIA ELÉTRICA - FORNECIMENTO E INSTALAÇÃO. AF_12/2021","M",27.41]
[92986,"CABO DE COBRE FLEXÍVEL ISOLADO, 35 MM², ANTI-CHAMA 0,6/1,0 KV, PARA REDE ENTERRADA DE DISTRIBUIÇÃO DE ENERGIA ELÉTRICA - FORNECIMENTO E INSTALAÇÃO. AF_12/2021","M",37.96]
[92988,"CABO DE COBRE FLEXÍVEL ISOLADO, 50 MM², ANTI-CHAMA 0,6/1,0 KV, PARA REDE ENTERRADA DE DISTRIBUIÇÃO DE ENERGIA ELÉTRICA - FORNECIMENTO E INSTALAÇÃO. AF_12/2021","M",55.2]
[92990,"CABO DE COBRE FLEXÍVEL ISOLADO, 70 MM², ANTI-CHAMA 0,6/1,0 KV, PARA REDE ENTERRADA DE DISTRIBUIÇÃO DE ENERGIA ELÉTRICA - FORNECIMENTO E INSTALAÇÃO. AF_12/2021","M",76.489999999999995]
[92992,"CABO DE COBRE FLEXÍVEL ISOLADO, 95 MM², ANTI-CHAMA 0,6/1,0 KV, PARA REDE ENTERRADA DE DISTRIBUIÇÃO DE ENERGIA ELÉTRICA - FORNECIMENTO E INSTALAÇÃO. AF_12/2021","M",98.93]
[92994,"CABO DE COBRE FLEXÍVEL ISOLADO, 120 MM², ANTI-CHAMA 0,6/1,0 KV, PARA REDE ENTERRADA DE DISTRIBUIÇÃO DE ENERGIA ELÉTRICA - FORNECIMENTO E INSTALAÇÃO. AF_12/2021","M",128.66]
[92996,"CABO DE COBRE FLEXÍVEL ISOLADO, 150 MM², ANTI-CHAMA 0,6/1,0 KV, PARA REDE ENTERRADA DE DISTRIBUIÇÃO DE ENERGIA ELÉTRICA - FORNECIMENTO E INSTALAÇÃO. AF_12/2021","M",155.66999999999999]
[92998,"CABO DE COBRE FLEXÍVEL ISOLADO, 185 MM², ANTI-CHAMA 0,6/1,0 KV, PARA REDE ENTERRADA DE DISTRIBUIÇÃO DE ENERGIA ELÉTRICA - FORNECIMENTO E INSTALAÇÃO. AF_12/2021","M",190.83]
[93000,"CABO DE COBRE FLEXÍVEL ISOLADO, 240 MM², ANTI-CHAMA 0,6/1,0 KV, PARA REDE ENTERRADA DE DISTRIBUIÇÃO DE ENERGIA ELÉTRICA - FORNECIMENTO E INSTALAÇÃO. AF_12/2021","M",252.74]
[93002,"CABO DE COBRE FLEXÍVEL ISOLADO, 300 MM², ANTI-CHAMA 0,6/1,0 KV, PARA REDE ENTERRADA DE DISTRIBUIÇÃO DE ENERGIA ELÉTRICA - FORNECIMENTO E INSTALAÇÃO. AF_12/2021","M",326.91000000000003]
[101884,"CABO DE COBRE ISOLADO, 10 MM², ANTI-CHAMA 450/750 V, INSTALADO EM ELETROCALHA OU PERFILADO - FORNECIMENTO E INSTALAÇÃO. AF_10/2020","M",10.74]
[101885,"CABO DE COBRE ISOLADO, 10 MM², ANTI-CHAMA 0,6/1 KV, INSTALADO EM ELETROCALHA OU PERFILADO - FORNECIMENTO E INSTALAÇÃO. AF_10/2020","M",10.26]
[101886,"CABO DE COBRE ISOLADO, 16 MM², ANTI-CHAMA 450/750 V, INSTALADO EM ELETROCALHA OU PERFILADO - FORNECIMENTO E INSTALAÇÃO. AF_10/2020","M",15.42]
[101887,"CABO DE COBRE ISOLADO, 16 MM², ANTI-CHAMA 0,6/1 KV, INSTALADO EM ELETROCALHA OU PERFILADO - FORNECIMENTO E INSTALAÇÃO. AF_10/2020","M",16.37]
[101888,"CABO DE COBRE ISOLADO, 25 MM², ANTI-CHAMA 450/750 V, INSTALADO EM ELETROCALHA OU PERFILADO - FORNECIMENTO E INSTALAÇÃO. AF_10/2020","M",24.19]
[101889,"CABO DE COBRE ISOLADO, 25 MM², ANTI-CHAMA 0,6/1 KV, INSTALADO EM ELETROCALHA OU PERFILADO - FORNECIMENTO E INSTALAÇÃO. AF_10/2020","M",25.42]
[91936,"CAIXA OCTOGONAL 4\" X 4\", PVC, INSTALADA EM LAJE - FORNECIMENTO E INSTALAÇÃO. AF_03/2023","UN",17.79]
[91937,"CAIXA OCTOGONAL 3\" X 3\", PVC, INSTALADA EM LAJE - FORNECIMENTO E INSTALAÇÃO. AF_03/2023","UN",15.5]
[91939,"CAIXA RETANGULAR 4\" X 2\" ALTA (2,00 M DO PISO), PVC, INSTALADA EM PAREDE - FORNECIMENTO E INSTALAÇÃO. AF_03/2023","UN",29.14]
[91940,"CAIXA RETANGULAR 4\" X 2\" MÉDIA (1,30 M DO PISO), PVC, INSTALADA EM PAREDE - FORNECIMENTO E INSTALAÇÃO. AF_03/2023","UN",17.05]
[91941,"CAIXA RETANGULAR 4\" X 2\" BAIXA (0,30 M DO PISO), PVC, INSTALADA EM PAREDE - FORNECIMENTO E INSTALAÇÃO. AF_03/2023","UN",11.12]
[91942,"CAIXA RETANGULAR 4\" X 4\" ALTA (2,00 M DO PISO), PVC, INSTALADA EM PAREDE - FORNECIMENTO E INSTALAÇÃO. AF_03/2023","UN",33.090000000000003]
[91943,"CAIXA RETANGULAR 4\" X 4\" MÉDIA (1,30 M DO PISO), PVC, INSTALADA EM PAREDE - FORNECIMENTO E INSTALAÇÃO. AF_03/2023","UN",20.56]
[91944,"CAIXA RETANGULAR 4\" X 4\" BAIXA (0,30 M DO PISO), PVC, INSTALADA EM PAREDE - FORNECIMENTO E INSTALAÇÃO. AF_03/2023","UN",14.4]
[92865,"CAIXA OCTOGONAL 4\" X 4\", METÁLICA, INSTALADA EM LAJE - FORNECIMENTO E INSTALAÇÃO. AF_03/2023","UN",13.72]
[92866,"CAIXA SEXTAVADA 3\" X 3\", METÁLICA, INSTALADA EM LAJE - FORNECIMENTO E INSTALAÇÃO. AF_03/2023","UN",11.9]
[92867,"CAIXA RETANGULAR 4\" X 2\" ALTA (2,00 M DO PISO), METÁLICA, INSTALADA EM PAREDE - FORNECIMENTO E INSTALAÇÃO. AF_03/2023","UN",27.86]
[92868,"CAIXA RETANGULAR 4\" X 2\" MÉDIA (1,30 M DO PISO), METÁLICA, INSTALADA EM PAREDE - FORNECIMENTO E INSTALAÇÃO. AF_03/2023","UN",15.77]
[92869,"CAIXA RETANGULAR 4\" X 2\" BAIXA (0,30 M DO PISO), METÁLICA, INSTALADA EM PAREDE - FORNECIMENTO E INSTALAÇÃO. AF_03/2023","UN",9.84]
[92870,"CAIXA RETANGULAR 4\" X 4\" ALTA (2,00 M DO PISO), METÁLICA, INSTALADA EM PAREDE - FORNECIMENTO E INSTALAÇÃO. AF_03/2023","UN",30.73]
[92871,"CAIXA RETANGULAR 4\" X 4\" MÉDIA (1,30 M DO PISO), METÁLICA, INSTALADA EM PAREDE - FORNECIMENTO E INSTALAÇÃO. AF_03/2023","UN",18.2]
[92872,"CAIXA RETANGULAR 4\" X 4\" BAIXA (0,30 M DO PISO), METÁLICA, INSTALADA EM PAREDE - FORNECIMENTO E INSTALAÇÃO. AF_03/2023","UN",12.04]
[95777,"CONDULETE DE ALUMÍNIO, TIPO B, PARA ELETRODUTO DE AÇO GALVANIZADO DN 20 MM (3/4''), APARENTE - FORNECIMENTO E INSTALAÇÃO. AF_10/2022","UN",27.6]
[95778,"CONDULETE DE ALUMÍNIO, TIPO C, PARA ELETRODUTO DE AÇO GALVANIZADO DN 20 MM (3/4''), APARENTE - FORNECIMENTO E INSTALAÇÃO. AF_10/2022","UN",30.56]
[95779,"CONDULETE DE ALUMÍNIO, TIPO E, PARA ELETRODUTO DE AÇO GALVANIZADO DN 20 MM (3/4''), APARENTE - FORNECIMENTO E INSTALAÇÃO. AF_10/2022","UN",25.3]
[95780,"CONDULETE DE ALUMÍNIO, TIPO B, PARA ELETRODUTO DE AÇO GALVANIZADO DN 25 MM (1''), APARENTE - FORNECIMENTO E INSTALAÇÃO. AF_10/2022","UN",33.31]
[95781,"CONDULETE DE ALUMÍNIO, TIPO C, PARA ELETRODUTO DE AÇO GALVANIZADO DN 25 MM (1''), APARENTE - FORNECIMENTO E INSTALAÇÃO. AF_10/2022","UN",37.200000000000003]
[95782,"CONDULETE DE ALUMÍNIO, TIPO E, ELETRODUTO DE AÇO GALVANIZADO DN 25 MM (1''), APARENTE - FORNECIMENTO E INSTALAÇÃO. AF_10/2022","UN",35.94]
[95785,"CONDULETE DE ALUMÍNIO, TIPO E, PARA ELETRODUTO DE AÇO GALVANIZADO DN 32 MM (1 1/4''), APARENTE - FORNECIMENTO E INSTALAÇÃO. AF_10/2022","UN",42.86]
[95787,"CONDULETE DE ALUMÍNIO, TIPO LR, PARA ELETRODUTO DE AÇO GALVANIZADO DN 20 MM (3/4''), APARENTE - FORNECIMENTO E INSTALAÇÃO. AF_10/2022","UN",29.74]
[95789,"CONDULETE DE ALUMÍNIO, TIPO LR, PARA ELETRODUTO DE AÇO GALVANIZADO DN 25 MM (1''), APARENTE - FORNECIMENTO E INSTALAÇÃO. AF_10/2022","UN",41.47]
[95791,"CONDULETE DE ALUMÍNIO, TIPO LR, PARA ELETRODUTO DE AÇO GALVANIZADO DN 32 MM (1 1/4''), APARENTE - FORNECIMENTO E INSTALAÇÃO. AF_10/2022","UN",58.78]
[95795,"CONDULETE DE ALUMÍNIO, TIPO T, PARA ELETRODUTO DE AÇO GALVANIZADO DN 20 MM (3/4''), APARENTE - FORNECIMENTO E INSTALAÇÃO. AF_10/2022","UN",33.950000000000003]
[95796,"CONDULETE DE ALUMÍNIO, TIPO T, PARA ELETRODUTO DE AÇO GALVANIZADO DN 25 MM (1''), APARENTE - FORNECIMENTO E INSTALAÇÃO. AF_10/2022","UN",48.74]
[95797,"CONDULETE DE ALUMÍNIO, TIPO T, PARA ELETRODUTO DE AÇO GALVANIZADO DN 32 MM (1 1/4''), APARENTE - FORNECIMENTO E INSTALAÇÃO. AF_10/2022","UN",68.239999999999995]
[95801,"CONDULETE DE ALUMÍNIO, TIPO X, PARA ELETRODUTO DE AÇO GALVANIZADO DN 20 MM (3/4''), APARENTE - FORNECIMENTO E INSTALAÇÃO. AF_10/2022","UN",41.26]
[95802,"CONDULETE DE ALUMÍNIO, TIPO X, PARA ELETRODUTO DE AÇO GALVANIZADO DN 25 MM (1''), APARENTE - FORNECIMENTO E INSTALAÇÃO. AF_10/2022","UN",50.75]
[95803,"CONDULETE DE ALUMÍNIO, TIPO X, PARA ELETRODUTO DE AÇO GALVANIZADO DN 32 MM (1 1/4''), APARENTE - FORNECIMENTO E INSTALAÇÃO. AF_10/2022","UN",75.319999999999993]
[95804,"CONDULETE DE PVC, TIPO B, PARA ELETRODUTO DE PVC SOLDÁVEL DN 20 MM (1/2''), APARENTE - FORNECIMENTO E INSTALAÇÃO. AF_10/2022","UN",22.74]
[95805,"CONDULETE DE PVC, TIPO B, PARA ELETRODUTO DE PVC SOLDÁVEL DN 25 MM (3/4''), APARENTE - FORNECIMENTO E INSTALAÇÃO. AF_10/2022","UN",23.89]
[95806,"CONDULETE DE PVC, TIPO B, PARA ELETRODUTO DE PVC SOLDÁVEL DN 32 MM (1''), APARENTE - FORNECIMENTO E INSTALAÇÃO. AF_10/2022","UN",26.08]
[95807,"CONDULETE DE PVC, TIPO LL, PARA ELETRODUTO DE PVC SOLDÁVEL DN 20 MM (1/2''), APARENTE - FORNECIMENTO E INSTALAÇÃO. AF_10/2022","UN",26.52]
[95808,"CONDULETE DE PVC, TIPO LL, PARA ELETRODUTO DE PVC SOLDÁVEL DN 25 MM (3/4''), APARENTE - FORNECIMENTO E INSTALAÇÃO. AF_10/2022","UN",30.01]
[95809,"CONDULETE DE PVC, TIPO LL, PARA ELETRODUTO DE PVC SOLDÁVEL DN 32 MM (1''), APARENTE - FORNECIMENTO E INSTALAÇÃO. AF_10/2022","UN",37.07]
[95810,"CONDULETE DE PVC, TIPO LB, PARA ELETRODUTO DE PVC SOLDÁVEL DN 20 MM (1/2''), APARENTE - FORNECIMENTO E INSTALAÇÃO. AF_10/2022","UN",17.149999999999999]
[95811,"CONDULETE DE PVC, TIPO LB, PARA ELETRODUTO DE PVC SOLDÁVEL DN 25 MM (3/4''), APARENTE - FORNECIMENTO E INSTALAÇÃO. AF_10/2022","UN",20.65]
[95812,"CONDULETE DE PVC, TIPO LB, PARA ELETRODUTO DE PVC SOLDÁVEL DN 32 MM (1''), APARENTE - FORNECIMENTO E INSTALAÇÃO. AF_10/2022","UN",27.7]
[95813,"CONDULETE DE PVC, TIPO TB, PARA ELETRODUTO DE PVC SOLDÁVEL DN 20 MM (1/2''), APARENTE - FORNECIMENTO E INSTALAÇÃO. AF_10/2022","UN",19.8]
[95814,"CONDULETE DE PVC, TIPO TB, PARA ELETRODUTO DE PVC SOLDÁVEL DN 25 MM (3/4''), APARENTE - FORNECIMENTO E INSTALAÇÃO. AF_10/2022","UN",24.46]
[95815,"CONDULETE DE PVC, TIPO TB, PARA ELETRODUTO DE PVC SOLDÁVEL DN 32 MM (1''), APARENTE - FORNECIMENTO E INSTALAÇÃO. AF_10/2022","UN",35.65]
[95816,"CONDULETE DE PVC, TIPO X, PARA ELETRODUTO DE PVC SOLDÁVEL DN 20 MM (1/2''), APARENTE - FORNECIMENTO E INSTALAÇÃO. AF_10/2022","UN",32.119999999999997]
[95817,"CONDULETE DE PVC, TIPO X, PARA ELETRODUTO DE PVC SOLDÁVEL DN 25 MM (3/4\"), APARENTE - FORNECIMENTO E INSTALAÇÃO. AF_10/2022","UN",37.39]
[95818,"CONDULETE DE PVC, TIPO X, PARA ELETRODUTO DE PVC SOLDÁVEL DN 32 MM (1''), APARENTE - FORNECIMENTO E INSTALAÇÃO. AF_10/2022","UN",51.86]
[97881,"CAIXA ENTERRADA ELÉTRICA RETANGULAR, EM CONCRETO PRÉ-MOLDADO, FUNDO COM BRITA, DIMENSÕES INTERNAS: 0,3X0,3X0,3 M. AF_12/2020","UN",127.28]
[97882,"CAIXA ENTERRADA ELÉTRICA RETANGULAR, EM CONCRETO PRÉ-MOLDADO, FUNDO COM BRITA, DIMENSÕES INTERNAS: 0,4X0,4X0,4 M. AF_12/2020","UN",200.78]
[97883,"CAIXA ENTERRADA ELÉTRICA RETANGULAR, EM CONCRETO PRÉ-MOLDADO, FUNDO COM BRITA, DIMENSÕES INTERNAS: 0,6X0,6X0,5 M. AF_12/2020","UN",389.15]
[97884,"CAIXA ENTERRADA ELÉTRICA RETANGULAR, EM CONCRETO PRÉ-MOLDADO, FUNDO COM BRITA, DIMENSÕES INTERNAS: 0,8X0,8X0,5 M. AF_12/2020","UN",762.23]
[97885,"CAIXA ENTERRADA ELÉTRICA RETANGULAR, EM CONCRETO PRÉ-MOLDADO, FUNDO COM BRITA, DIMENSÕES INTERNAS: 1X1X0,5 M. AF_12/2020","UN",1175.19]
[97886,"CAIXA ENTERRADA ELÉTRICA RETANGULAR, EM ALVENARIA COM TIJOLOS CERÂMICOS MACIÇOS, FUNDO COM BRITA, DIMENSÕES INTERNAS: 0,3X0,3X0,3 M. AF_12/2020","UN",153.28]
[97887,"CAIXA ENTERRADA ELÉTRICA RETANGULAR, EM ALVENARIA COM TIJOLOS CERÂMICOS MACIÇOS, FUNDO COM BRITA, DIMENSÕES INTERNAS: 0,4X0,4X0,4 M. AF_12/2020","UN",241.03]
[97888,"CAIXA ENTERRADA ELÉTRICA RETANGULAR, EM ALVENARIA COM TIJOLOS CERÂMICOS MACIÇOS, FUNDO COM BRITA, DIMENSÕES INTERNAS: 0,6X0,6X0,6 M. AF_12/2020","UN",464.41]
[97889,"CAIXA ENTERRADA ELÉTRICA RETANGULAR, EM ALVENARIA COM TIJOLOS CERÂMICOS MACIÇOS, FUNDO COM BRITA, DIMENSÕES INTERNAS: 0,8X0,8X0,6 M. AF_12/2020","UN",631.19000000000005]
[97890,"CAIXA ENTERRADA ELÉTRICA RETANGULAR, EM ALVENARIA COM TIJOLOS CERÂMICOS MACIÇOS, FUNDO COM BRITA, DIMENSÕES INTERNAS: 1X1X0,6 M. AF_12/2020","UN",719.9]
[97891,"CAIXA ENTERRADA ELÉTRICA RETANGULAR, EM ALVENARIA COM BLOCOS DE CONCRETO, FUNDO COM BRITA, DIMENSÕES INTERNAS: 0,4X0,4X0,4 M. AF_12/2020","UN",193.73]
[97892,"CAIXA ENTERRADA ELÉTRICA RETANGULAR, EM ALVENARIA COM BLOCOS DE CONCRETO, FUNDO COM BRITA, DIMENSÕES INTERNAS: 0,6X0,6X0,6 M. AF_12/2020","UN",364.43]
[97893,"CAIXA ENTERRADA ELÉTRICA RETANGULAR, EM ALVENARIA COM BLOCOS DE CONCRETO, FUNDO COM BRITA, DIMENSÕES INTERNAS: 0,8X0,8X0,6 M. AF_12/2020","UN",503.67]
[97894,"CAIXA ENTERRADA ELÉTRICA RETANGULAR, EM ALVENARIA COM BLOCOS DE CONCRETO, FUNDO COM BRITA, DIMENSÕES INTERNAS: 1X1X0,6 M. AF_12/2020","UN",565.39]
[104396,"CONDULETE DE PVC, TIPO E, PARA ELETRODUTO DE PVC SOLDÁVEL DN 25 MM (3/4''), APARENTE - FORNECIMENTO E INSTALAÇÃO. AF_10/2022","UN",22.41]
[104397,"CONDULETE DE PVC, TIPO E, PARA ELETRODUTO DE PVC SOLDÁVEL DN 32 MM (1''), APARENTE - FORNECIMENTO E INSTALAÇÃO. AF_10/2022","UN",26.79]
[104398,"CONDULETE DE PVC, TIPO LR, PARA ELETRODUTO DE PVC SOLDÁVEL DN 20 MM (1/2''), APARENTE - FORNECIMENTO E INSTALAÇÃO. AF_10/2022","UN",26.5]
[104399,"CONDULETE DE PVC, TIPO LR, PARA ELETRODUTO DE PVC SOLDÁVEL DN 25 MM (3/4''), APARENTE - FORNECIMENTO E INSTALAÇÃO. AF_10/2022","UN",28.52]
[104400,"CONDULETE DE PVC, TIPO LR, PARA ELETRODUTO DE PVC SOLDÁVEL DN 32 MM (1''), APARENTE - FORNECIMENTO E INSTALAÇÃO. AF_10/2022","UN",36.43]
[104401,"CONDULETE DE PVC, TIPO C, PARA ELETRODUTO DE PVC SOLDÁVEL DN 20 MM (1/2''), APARENTE - FORNECIMENTO E INSTALAÇÃO. AF_10/2022","UN",25.22]
[104402,"CONDULETE DE PVC, TIPO C, PARA ELETRODUTO DE PVC SOLDÁVEL DN 25 MM (3/4''), APARENTE - FORNECIMENTO E INSTALAÇÃO. AF_10/2022","UN",26.07]
[104403,"CONDULETE DE PVC, TIPO C, PARA ELETRODUTO DE PVC SOLDÁVEL DN 32 MM (1''), APARENTE - FORNECIMENTO E INSTALAÇÃO. AF_10/2022","UN",32.369999999999997]
[104404,"CONDULETE DE PVC, TIPO T, PARA ELETRODUTO DE PVC SOLDÁVEL DN 25 MM (3/4''), APARENTE - FORNECIMENTO E INSTALAÇÃO. AF_10/2022","UN",33.35]
[104405,"CONDULETE DE PVC, TIPO T, PARA ELETRODUTO DE PVC SOLDÁVEL DN 32 MM (1''), APARENTE - FORNECIMENTO E INSTALAÇÃO. AF_10/2022","UN",45.02]
[93653,"DISJUNTOR MONOPOLAR TIPO DIN, CORRENTE NOMINAL DE 10A - FORNECIMENTO E INSTALAÇÃO. AF_10/2020","UN",16.93]
[93654,"DISJUNTOR MONOPOLAR TIPO DIN, CORRENTE NOMINAL DE 16A - FORNECIMENTO E INSTALAÇÃO. AF_10/2020","UN",17.5]
[93655,"DISJUNTOR MONOPOLAR TIPO DIN, CORRENTE NOMINAL DE 20A - FORNECIMENTO E INSTALAÇÃO. AF_10/2020","UN",18.79]
[93656,"DISJUNTOR MONOPOLAR TIPO DIN, CORRENTE NOMINAL DE 25A - FORNECIMENTO E INSTALAÇÃO. AF_10/2020","UN",18.79]
[93657,"DISJUNTOR MONOPOLAR TIPO DIN, CORRENTE NOMINAL DE 32A - FORNECIMENTO E INSTALAÇÃO. AF_10/2020","UN",20.309999999999999]
[93658,"DISJUNTOR MONOPOLAR TIPO DIN, CORRENTE NOMINAL DE 40A - FORNECIMENTO E INSTALAÇÃO. AF_10/2020","UN",29.25]
[93659,"DISJUNTOR MONOPOLAR TIPO DIN, CORRENTE NOMINAL DE 50A - FORNECIMENTO E INSTALAÇÃO. AF_10/2020","UN",32.21]
[93660,"DISJUNTOR BIPOLAR TIPO DIN, CORRENTE NOMINAL DE 10A - FORNECIMENTO E INSTALAÇÃO. AF_10/2020","UN",85.72]
[93661,"DISJUNTOR BIPOLAR TIPO DIN, CORRENTE NOMINAL DE 16A - FORNECIMENTO E INSTALAÇÃO. AF_10/2020","UN",86.87]
[93662,"DISJUNTOR BIPOLAR TIPO DIN, CORRENTE NOMINAL DE 20A - FORNECIMENTO E INSTALAÇÃO. AF_10/2020","UN",89.46]
[93663,"DISJUNTOR BIPOLAR TIPO DIN, CORRENTE NOMINAL DE 25A - FORNECIMENTO E INSTALAÇÃO. AF_10/2020","UN",89.46]
[93664,"DISJUNTOR BIPOLAR TIPO DIN, CORRENTE NOMINAL DE 32A - FORNECIMENTO E INSTALAÇÃO. AF_10/2020","UN",92.48]
[93665,"DISJUNTOR BIPOLAR TIPO DIN, CORRENTE NOMINAL DE 40A - FORNECIMENTO E INSTALAÇÃO. AF_10/2020","UN",95.72]
[93666,"DISJUNTOR BIPOLAR TIPO DIN, CORRENTE NOMINAL DE 50A - FORNECIMENTO E INSTALAÇÃO. AF_10/2020","UN",101.65]
[93667,"DISJUNTOR TRIPOLAR TIPO DIN, CORRENTE NOMINAL DE 10A - FORNECIMENTO E INSTALAÇÃO. AF_10/2020","UN",106.69]
[93668,"DISJUNTOR TRIPOLAR TIPO DIN, CORRENTE NOMINAL DE 16A - FORNECIMENTO E INSTALAÇÃO. AF_10/2020","UN",108.43]
[93669,"DISJUNTOR TRIPOLAR TIPO DIN, CORRENTE NOMINAL DE 20A - FORNECIMENTO E INSTALAÇÃO. AF_10/2020","UN",112.31]
[93670,"DISJUNTOR TRIPOLAR TIPO DIN, CORRENTE NOMINAL DE 25A - FORNECIMENTO E INSTALAÇÃO. AF_10/2020","UN",112.31]
[93671,"DISJUNTOR TRIPOLAR TIPO DIN, CORRENTE NOMINAL DE 32A - FORNECIMENTO E INSTALAÇÃO. AF_10/2020","UN",116.84]
[93672,"DISJUNTOR TRIPOLAR TIPO DIN, CORRENTE NOMINAL DE 40A - FORNECIMENTO E INSTALAÇÃO. AF_10/2020","UN",123.52]
[93673,"DISJUNTOR TRIPOLAR TIPO DIN, CORRENTE NOMINAL DE 50A - FORNECIMENTO E INSTALAÇÃO. AF_10/2020","UN",132.41]
[97359,"QUADRO DE MEDIÇÃO GERAL DE ENERGIA COM 8 MEDIDORES - FORNECIMENTO E INSTALAÇÃO. AF_10/2020","UN",3823.54]
[97360,"QUADRO DE MEDIÇÃO GERAL DE ENERGIA COM 12 MEDIDORES - FORNECIMENTO E INSTALAÇÃO. AF_10/2020","UN",7379]
[97361,"QUADRO DE MEDIÇÃO GERAL DE ENERGIA COM 16 MEDIDORES - FORNECIMENTO E INSTALAÇÃO. AF_10/2020","UN",9838.66]
[97362,"QUADRO DE MEDIÇÃO GERAL DE ENERGIA PARA BARRAMENTO BLINDADO COM 4 MEDIDORES - FORNECIMENTO E INSTALAÇÃO. AF_10/2020","UN",1817.72]
[101875,"QUADRO DE DISTRIBUIÇÃO DE ENERGIA EM CHAPA DE AÇO GALVANIZADO, DE EMBUTIR, COM BARRAMENTO TRIFÁSICO, PARA 12 DISJUNTORES DIN 100A - FORNECIMENTO E INSTALAÇÃO. AF_10/2020","UN",390.81]
[101876,"QUADRO DE DISTRIBUIÇÃO DE ENERGIA EM PVC, DE EMBUTIR, SEM BARRAMENTO, PARA 6 DISJUNTORES - FORNECIMENTO E INSTALAÇÃO. AF_10/2020","UN",84.33]
[101877,"QUADRO DE DISTRIBUIÇÃO DE ENERGIA EM PVC, DE EMBUTIR, SEM BARRAMENTO, PARA 3 DISJUNTORES - FORNECIMENTO E INSTALAÇÃO. AF_10/2020","UN",57.78]
[101878,"QUADRO DE DISTRIBUIÇÃO DE ENERGIA EM CHAPA DE AÇO GALVANIZADO, DE SOBREPOR, COM BARRAMENTO TRIFÁSICO, PARA 18 DISJUNTORES DIN 100A - FORNECIMENTO E INSTALAÇÃO. AF_10/2020","UN",538.38]
[101879,"QUADRO DE DISTRIBUIÇÃO DE ENERGIA EM CHAPA DE AÇO GALVANIZADO, DE EMBUTIR, COM BARRAMENTO TRIFÁSICO, PARA 24 DISJUNTORES DIN 100A - FORNECIMENTO E INSTALAÇÃO. AF_10/2020","UN",565.49]
[101880,"QUADRO DE DISTRIBUIÇÃO DE ENERGIA EM CHAPA DE AÇO GALVANIZADO, DE EMBUTIR, COM BARRAMENTO TRIFÁSICO, PARA 30 DISJUNTORES DIN 150A - FORNECIMENTO E INSTALAÇÃO. AF_10/2020","UN",651.32000000000005]
[101881,"QUADRO DE DISTRIBUIÇÃO DE ENERGIA EM CHAPA DE AÇO GALVANIZADO, DE EMBUTIR, COM BARRAMENTO TRIFÁSICO, PARA 40 DISJUNTORES DIN 100A - FORNECIMENTO E INSTALAÇÃO. AF_10/2020","UN",935.68]
[101882,"QUADRO DE DISTRIBUIÇÃO DE ENERGIA EM CHAPA DE AÇO GALVANIZADO, DE EMBUTIR, COM BARRAMENTO TRIFÁSICO, PARA 30 DISJUNTORES DIN 225A - FORNECIMENTO E INSTALAÇÃO. AF_10/2020","UN",1327.67]
[101883,"QUADRO DE DISTRIBUIÇÃO DE ENERGIA EM CHAPA DE AÇO GALVANIZADO, DE EMBUTIR, COM BARRAMENTO TRIFÁSICO, PARA 18 DISJUNTORES DIN 100A - FORNECIMENTO E INSTALAÇÃO. AF_10/2020","UN",539.04]
[101890,"DISJUNTOR MONOPOLAR TIPO NEMA, CORRENTE NOMINAL DE 10 ATÉ 30A - FORNECIMENTO E INSTALAÇÃO. AF_10/2020","UN",22.89]
[101891,"DISJUNTOR MONOPOLAR TIPO NEMA, CORRENTE NOMINAL DE 35 ATÉ 50A - FORNECIMENTO E INSTALAÇÃO. AF_10/2020","UN",38.83]
[101892,"DISJUNTOR BIPOLAR TIPO NEMA, CORRENTE NOMINAL DE 10 ATÉ 50A - FORNECIMENTO E INSTALAÇÃO. AF_10/2020","UN",106.67]
[101893,"DISJUNTOR TRIPOLAR TIPO NEMA, CORRENTE NOMINAL DE 10 ATÉ 50A - FORNECIMENTO E INSTALAÇÃO. AF_10/2020","UN",135.54]
[101894,"DISJUNTOR TRIPOLAR TIPO NEMA, CORRENTE NOMINAL DE 60 ATÉ 100A - FORNECIMENTO E INSTALAÇÃO. AF_10/2020","UN",218.29]
[101895,"DISJUNTOR TERMOMAGNÉTICO TRIPOLAR , CORRENTE NOMINAL DE 125A - FORNECIMENTO E INSTALAÇÃO. AF_10/2020","UN",616.67999999999995]
[101896,"DISJUNTOR TERMOMAGNÉTICO TRIPOLAR , CORRENTE NOMINAL DE 200A - FORNECIMENTO E INSTALAÇÃO. AF_10/2020","UN",943.95]
[101897,"DISJUNTOR TERMOMAGNÉTICO TRIPOLAR , CORRENTE NOMINAL DE 250A - FORNECIMENTO E INSTALAÇÃO. AF_10/2020","UN",1529.8]
[101898,"DISJUNTOR TERMOMAGNÉTICO TRIPOLAR , CORRENTE NOMINAL DE 400A - FORNECIMENTO E INSTALAÇÃO. AF_10/2020","UN",2060.16]
[101899,"DISJUNTOR TERMOMAGNÉTICO TRIPOLAR , CORRENTE NOMINAL DE 600A - FORNECIMENTO E INSTALAÇÃO. AF_10/2020","UN",3321.7]
[101900,"DISJUNTOR BAIXA TENSÃO TRIPOLAR A SECO  800A/600V - FORNECIMENTO E INSTALAÇÃO. AF_10/2020","UN",6975.66]
[101901,"CONTATOR TRIPOLAR I NOMINAL 12A - FORNECIMENTO E INSTALAÇÃO. AF_10/2020","UN",196.66]
[101902,"CONTATOR TRIPOLAR I NOMINAL 22A - FORNECIMENTO E INSTALAÇÃO. AF_10/2020","UN",242.57]
[101903,"CONTATOR TRIPOLAR I NOMINAL 38A - FORNECIMENTO E INSTALAÇÃO. AF_10/2020","UN",505.91]
[101904,"CONTATOR TRIPOLAR I NOMIMAL 95A - FORNECIMENTO E INSTALAÇÃO. AF_10/2020","UN",1873.86]
[101938,"CAIXA DE PROTEÇÃO PARA MEDIDOR MONOFÁSICO DE EMBUTIR - FORNECIMENTO E INSTALAÇÃO. AF_10/2020","UN",113.41]
[101946,"QUADRO DE MEDIÇÃO GERAL DE ENERGIA PARA 1 MEDIDOR DE SOBREPOR - FORNECIMENTO E INSTALAÇÃO. AF_10/2020","UN",161.4]
[91945,"SUPORTE PARAFUSADO COM PLACA DE ENCAIXE 4\" X 2\" ALTO (2,00 M DO PISO) PARA PONTO ELÉTRICO - FORNECIMENTO E INSTALAÇÃO. AF_03/2023","UN",12.93]
[91946,"SUPORTE PARAFUSADO COM PLACA DE ENCAIXE 4\" X 2\" MÉDIO (1,30 M DO PISO) PARA PONTO ELÉTRICO - FORNECIMENTO E INSTALAÇÃO. AF_03/2023","UN",10.17]
[91947,"SUPORTE PARAFUSADO COM PLACA DE ENCAIXE 4\" X 2\" BAIXO (0,30 M DO PISO) PARA PONTO ELÉTRICO - FORNECIMENTO E INSTALAÇÃO. AF_03/2023","UN",8.4499999999999993]
[91949,"SUPORTE PARAFUSADO COM PLACA DE ENCAIXE 4\" X 4\" ALTO (2,00 M DO PISO) PARA PONTO ELÉTRICO - FORNECIMENTO E INSTALAÇÃO. AF_03/2023","UN",18.329999999999998]
[91950,"SUPORTE PARAFUSADO COM PLACA DE ENCAIXE 4\" X 4\" MÉDIO (1,30 M DO PISO) PARA PONTO ELÉTRICO - FORNECIMENTO E INSTALAÇÃO. AF_03/2023","UN",14.97]
[91951,"SUPORTE PARAFUSADO COM PLACA DE ENCAIXE 4\" X 4\" BAIXO (0,30 M DO PISO) PARA PONTO ELÉTRICO - FORNECIMENTO E INSTALAÇÃO. AF_03/2023","UN",12.96]
[91952,"INTERRUPTOR SIMPLES (1 MÓDULO), 10A/250V, SEM SUPORTE E SEM PLACA - FORNECIMENTO E INSTALAÇÃO. AF_03/2023","UN",17.36]
[91953,"INTERRUPTOR SIMPLES (1 MÓDULO), 10A/250V, INCLUINDO SUPORTE E PLACA - FORNECIMENTO E INSTALAÇÃO. AF_03/2023","UN",27.53]
[91954,"INTERRUPTOR PARALELO (1 MÓDULO), 10A/250V, SEM SUPORTE E SEM PLACA - FORNECIMENTO E INSTALAÇÃO. AF_03/2023","UN",23.3]
[91955,"INTERRUPTOR PARALELO (1 MÓDULO), 10A/250V, INCLUINDO SUPORTE E PLACA - FORNECIMENTO E INSTALAÇÃO. AF_03/2023","UN",33.47]
[91956,"INTERRUPTOR SIMPLES (1 MÓDULO) COM INTERRUPTOR PARALELO (1 MÓDULO), 10A/250V, SEM SUPORTE E SEM PLACA - FORNECIMENTO E INSTALAÇÃO. AF_03/2023","UN",37.72]
[91957,"INTERRUPTOR SIMPLES (1 MÓDULO) COM INTERRUPTOR PARALELO (1 MÓDULO), 10A/250V, INCLUINDO SUPORTE E PLACA - FORNECIMENTO E INSTALAÇÃO. AF_03/2023","UN",47.89]
[91958,"INTERRUPTOR SIMPLES (2 MÓDULOS), 10A/250V, SEM SUPORTE E SEM PLACA - FORNECIMENTO E INSTALAÇÃO. AF_03/2023","UN",31.82]
[91959,"INTERRUPTOR SIMPLES (2 MÓDULOS), 10A/250V, INCLUINDO SUPORTE E PLACA - FORNECIMENTO E INSTALAÇÃO. AF_03/2023","UN",41.99]
[91960,"INTERRUPTOR PARALELO (2 MÓDULOS), 10A/250V, SEM SUPORTE E SEM PLACA - FORNECIMENTO E INSTALAÇÃO. AF_03/2023","UN",43.72]
[91961,"INTERRUPTOR PARALELO (2 MÓDULOS), 10A/250V, INCLUINDO SUPORTE E PLACA - FORNECIMENTO E INSTALAÇÃO. AF_03/2023","UN",53.89]
[91962,"INTERRUPTOR SIMPLES (1 MÓDULO) COM INTERRUPTOR PARALELO (2 MÓDULOS), 10A/250V, SEM SUPORTE E SEM PLACA - FORNECIMENTO E INSTALAÇÃO. AF_03/2023","UN",58.14]
[91963,"INTERRUPTOR SIMPLES (1 MÓDULO) COM INTERRUPTOR PARALELO (2 MÓDULOS), 10A/250V, INCLUINDO SUPORTE E PLACA - FORNECIMENTO E INSTALAÇÃO. AF_03/2023","UN",68.31]
[91964,"INTERRUPTOR SIMPLES (2 MÓDULOS) COM INTERRUPTOR PARALELO (1 MÓDULO), 10A/250V, SEM SUPORTE E SEM PLACA - FORNECIMENTO E INSTALAÇÃO. AF_03/2023","UN",52.2]
[91965,"INTERRUPTOR SIMPLES (2 MÓDULOS) COM INTERRUPTOR PARALELO (1 MÓDULO), 10A/250V, INCLUINDO SUPORTE E PLACA - FORNECIMENTO E INSTALAÇÃO. AF_03/2023","UN",62.37]
[91966,"INTERRUPTOR SIMPLES (3 MÓDULOS), 10A/250V, SEM SUPORTE E SEM PLACA - FORNECIMENTO E INSTALAÇÃO. AF_03/2023","UN",46.29]
[91967,"INTERRUPTOR SIMPLES (3 MÓDULOS), 10A/250V, INCLUINDO SUPORTE E PLACA - FORNECIMENTO E INSTALAÇÃO. AF_03/2023","UN",56.46]
[91968,"INTERRUPTOR PARALELO (3 MÓDULOS), 10A/250V, SEM SUPORTE E SEM PLACA - FORNECIMENTO E INSTALAÇÃO. AF_03/2023","UN",64.099999999999994]
[91969,"INTERRUPTOR PARALELO (3 MÓDULOS), 10A/250V, INCLUINDO SUPORTE E PLACA - FORNECIMENTO E INSTALAÇÃO. AF_03/2023","UN",74.27]
[91970,"INTERRUPTOR SIMPLES (3 MÓDULOS) COM INTERRUPTOR PARALELO (1 MÓDULO), 10A/250V, SEM SUPORTE E SEM PLACA - FORNECIMENTO E INSTALAÇÃO. AF_03/2023","UN",66.989999999999995]
[91971,"INTERRUPTOR SIMPLES (3 MÓDULOS) COM INTERRUPTOR PARALELO (1 MÓDULO), 10A/250V, INCLUINDO SUPORTE E PLACA - FORNECIMENTO E INSTALAÇÃO. AF_03/2023","UN",81.96]
[91972,"INTERRUPTOR SIMPLES (2 MÓDULOS) COM INTERRUPTOR PARALELO (2 MÓDULOS), 10A/250V, SEM SUPORTE E SEM PLACA - FORNECIMENTO E INSTALAÇÃO. AF_03/2023","UN",72.989999999999995]
[91973,"INTERRUPTOR SIMPLES (2 MÓDULOS) COM INTERRUPTOR PARALELO (2 MÓDULOS), 10A/250V, INCLUINDO SUPORTE E PLACA - FORNECIMENTO E INSTALAÇÃO. AF_03/2023","UN",87.96]
[91974,"INTERRUPTOR SIMPLES (4 MÓDULOS), 10A/250V, SEM SUPORTE E SEM PLACA - FORNECIMENTO E INSTALAÇÃO. AF_03/2023","UN",61.04]
[91975,"INTERRUPTOR SIMPLES (4 MÓDULOS), 10A/250V, INCLUINDO SUPORTE E PLACA - FORNECIMENTO E INSTALAÇÃO. AF_03/2023","UN",76.010000000000005]
[91976,"INTERRUPTOR SIMPLES (6 MÓDULOS), 10A/250V, SEM SUPORTE E SEM PLACA - FORNECIMENTO E INSTALAÇÃO. AF_03/2023","UN",90.02]
[91977,"INTERRUPTOR SIMPLES (6 MÓDULOS), 10A/250V, INCLUINDO SUPORTE E PLACA - FORNECIMENTO E INSTALAÇÃO. AF_03/2023","UN",104.99]
[91978,"INTERRUPTOR INTERMEDIÁRIO (1 MÓDULO), 10A/250V, SEM SUPORTE E SEM PLACA - FORNECIMENTO E INSTALAÇÃO. AF_03/2023","UN",36.840000000000003]
[91979,"INTERRUPTOR INTERMEDIÁRIO (1 MÓDULO), 10A/250V, INCLUINDO SUPORTE E PLACA - FORNECIMENTO E INSTALAÇÃO. AF_03/2023","UN",47.01]
[91980,"INTERRUPTOR BIPOLAR (1 MÓDULO), 10A/250V, SEM SUPORTE E SEM PLACA - FORNECIMENTO E INSTALAÇÃO. AF_03/2023","UN",35.69]
[91981,"INTERRUPTOR BIPOLAR (1 MÓDULO), 10A/250V, INCLUINDO SUPORTE E PLACA - FORNECIMENTO E INSTALAÇÃO. AF_03/2023","UN",45.86]
[91982,"DIMMER ROTATIVO (1 MÓDULO), 220V/600W, SEM SUPORTE E SEM PLACA - FORNECIMENTO E INSTALAÇÃO. AF_03/2023","UN",83.58]
[91983,"DIMMER ROTATIVO (1 MÓDULO), 220V/600W, INCLUINDO SUPORTE E PLACA - FORNECIMENTO E INSTALAÇÃO. AF_03/2023","UN",93.75]
[91984,"INTERRUPTOR PULSADOR CAMPAINHA (1 MÓDULO), 10A/250V, SEM SUPORTE E SEM PLACA - FORNECIMENTO E INSTALAÇÃO. AF_03/2023","UN",16.3]
[91985,"INTERRUPTOR PULSADOR CAMPAINHA (1 MÓDULO), 10A/250V, INCLUINDO SUPORTE E PLACA - FORNECIMENTO E INSTALAÇÃO. AF_03/2023","UN",26.47]
[91986,"CAMPAINHA CIGARRA (1 MÓDULO), 10A/250V, SEM SUPORTE E SEM PLACA - FORNECIMENTO E INSTALAÇÃO. AF_03/2023","UN",34.36]
[91987,"CAMPAINHA CIGARRA (1 MÓDULO), 10A/250V, INCLUINDO SUPORTE E PLACA - FORNECIMENTO E INSTALAÇÃO. AF_03/2023","UN",44.53]
[91988,"INTERRUPTOR PULSADOR MINUTERIA (1 MÓDULO), 10A/250V, SEM SUPORTE E SEM PLACA - FORNECIMENTO E INSTALAÇÃO. AF_03/2023","UN",20.149999999999999]
[91989,"INTERRUPTOR PULSADOR MINUTERIA (1 MÓDULO), 10A/250V, INCLUINDO SUPORTE E PLACA - FORNECIMENTO E INSTALAÇÃO. AF_03/2023","UN",30.32]
[91990,"TOMADA ALTA DE EMBUTIR (1 MÓDULO), 2P+T 10 A, SEM SUPORTE E SEM PLACA - FORNECIMENTO E INSTALAÇÃO. AF_03/2023","UN",31.29]
[91991,"TOMADA ALTA DE EMBUTIR (1 MÓDULO), 2P+T 20 A, SEM SUPORTE E SEM PLACA - FORNECIMENTO E INSTALAÇÃO. AF_03/2023","UN",33.36]
[91992,"TOMADA ALTA DE EMBUTIR (1 MÓDULO), 2P+T 10 A, INCLUINDO SUPORTE E PLACA - FORNECIMENTO E INSTALAÇÃO. AF_03/2023","UN",41.46]
[91993,"TOMADA ALTA DE EMBUTIR (1 MÓDULO), 2P+T 20 A, INCLUINDO SUPORTE E PLACA - FORNECIMENTO E INSTALAÇÃO. AF_03/2023","UN",43.53]
[91994,"TOMADA MÉDIA DE EMBUTIR (1 MÓDULO), 2P+T 10 A, SEM SUPORTE E SEM PLACA - FORNECIMENTO E INSTALAÇÃO. AF_03/2023","UN",22.23]
[91995,"TOMADA MÉDIA DE EMBUTIR (1 MÓDULO), 2P+T 20 A, SEM SUPORTE E SEM PLACA - FORNECIMENTO E INSTALAÇÃO. AF_03/2023","UN",24.3]
[91996,"TOMADA MÉDIA DE EMBUTIR (1 MÓDULO), 2P+T 10 A, INCLUINDO SUPORTE E PLACA - FORNECIMENTO E INSTALAÇÃO. AF_03/2023","UN",32.4]
[91997,"TOMADA MÉDIA DE EMBUTIR (1 MÓDULO), 2P+T 20 A, INCLUINDO SUPORTE E PLACA - FORNECIMENTO E INSTALAÇÃO. AF_03/2023","UN",34.47]
[91998,"TOMADA BAIXA DE EMBUTIR (1 MÓDULO), 2P+T 10 A, SEM SUPORTE E SEM PLACA - FORNECIMENTO E INSTALAÇÃO. AF_03/2023","UN",18.73]
[91999,"TOMADA BAIXA DE EMBUTIR (1 MÓDULO), 2P+T 20 A, SEM SUPORTE E SEM PLACA - FORNECIMENTO E INSTALAÇÃO. AF_03/2023","UN",20.8]
[92000,"TOMADA BAIXA DE EMBUTIR (1 MÓDULO), 2P+T 10 A, INCLUINDO SUPORTE E PLACA - FORNECIMENTO E INSTALAÇÃO. AF_03/2023","UN",28.9]
[92001,"TOMADA BAIXA DE EMBUTIR (1 MÓDULO), 2P+T 20 A, INCLUINDO SUPORTE E PLACA - FORNECIMENTO E INSTALAÇÃO. AF_03/2023","UN",30.97]
[92002,"TOMADA MÉDIA DE EMBUTIR (2 MÓDULOS), 2P+T 10 A, SEM SUPORTE E SEM PLACA - FORNECIMENTO E INSTALAÇÃO. AF_03/2023","UN",41.58]
[92003,"TOMADA MÉDIA DE EMBUTIR (2 MÓDULOS), 2P+T 20 A, SEM SUPORTE E SEM PLACA - FORNECIMENTO E INSTALAÇÃO. AF_03/2023","UN",45.72]
[92004,"TOMADA MÉDIA DE EMBUTIR (2 MÓDULOS), 2P+T 10 A, INCLUINDO SUPORTE E PLACA - FORNECIMENTO E INSTALAÇÃO. AF_03/2023","UN",51.75]
[92005,"TOMADA MÉDIA DE EMBUTIR (2 MÓDULOS), 2P+T 20 A, INCLUINDO SUPORTE E PLACA - FORNECIMENTO E INSTALAÇÃO. AF_03/2023","UN",55.89]
[92006,"TOMADA BAIXA DE EMBUTIR (2 MÓDULOS), 2P+T 10 A, SEM SUPORTE E SEM PLACA - FORNECIMENTO E INSTALAÇÃO. AF_03/2023","UN",34.53]
[92007,"TOMADA BAIXA DE EMBUTIR (2 MÓDULOS), 2P+T 20 A, SEM SUPORTE E SEM PLACA - FORNECIMENTO E INSTALAÇÃO. AF_03/2023","UN",38.67]
[92008,"TOMADA BAIXA DE EMBUTIR (2 MÓDULOS), 2P+T 10 A, INCLUINDO SUPORTE E PLACA - FORNECIMENTO E INSTALAÇÃO. AF_03/2023","UN",44.7]
[92009,"TOMADA BAIXA DE EMBUTIR (2 MÓDULOS), 2P+T 20 A, INCLUINDO SUPORTE E PLACA - FORNECIMENTO E INSTALAÇÃO. AF_03/2023","UN",48.84]
[92010,"TOMADA MÉDIA DE EMBUTIR (3 MÓDULOS), 2P+T 10 A, SEM SUPORTE E SEM PLACA - FORNECIMENTO E INSTALAÇÃO. AF_03/2023","UN",60.89]
[92011,"TOMADA MÉDIA DE EMBUTIR (3 MÓDULOS), 2P+T 20 A, SEM SUPORTE E SEM PLACA - FORNECIMENTO E INSTALAÇÃO. AF_03/2023","UN",67.099999999999994]
[92012,"TOMADA MÉDIA DE EMBUTIR (3 MÓDULOS), 2P+T 10 A, INCLUINDO SUPORTE E PLACA - FORNECIMENTO E INSTALAÇÃO. AF_03/2023","UN",71.06]
[92013,"TOMADA MÉDIA DE EMBUTIR (3 MÓDULOS), 2P+T 20 A, INCLUINDO SUPORTE E PLACA - FORNECIMENTO E INSTALAÇÃO. AF_03/2023","UN",77.27]
[92014,"TOMADA BAIXA DE EMBUTIR (3 MÓDULOS), 2P+T 10 A, SEM SUPORTE E SEM PLACA - FORNECIMENTO E INSTALAÇÃO. AF_03/2023","UN",50.33]
[92015,"TOMADA BAIXA DE EMBUTIR (3 MÓDULOS), 2P+T 20 A, SEM SUPORTE E SEM PLACA - FORNECIMENTO E INSTALAÇÃO. AF_03/2023","UN",56.54]
[92016,"TOMADA BAIXA DE EMBUTIR (3 MÓDULOS), 2P+T 10 A, INCLUINDO SUPORTE E PLACA - FORNECIMENTO E INSTALAÇÃO. AF_03/2023","UN",60.5]
[92017,"TOMADA BAIXA DE EMBUTIR (3 MÓDULOS), 2P+T 20 A, INCLUINDO SUPORTE E PLACA - FORNECIMENTO E INSTALAÇÃO. AF_03/2023","UN",66.709999999999994]
[92018,"TOMADA BAIXA DE EMBUTIR (4 MÓDULOS), 2P+T 10 A, SEM SUPORTE E SEM PLACA - FORNECIMENTO E INSTALAÇÃO. AF_03/2023","UN",66.650000000000006]
[92019,"TOMADA BAIXA DE EMBUTIR (4 MÓDULOS), 2P+T 10 A, INCLUINDO SUPORTE E PLACA - FORNECIMENTO E INSTALAÇÃO. AF_03/2023","UN",81.62]
[92020,"TOMADA BAIXA DE EMBUTIR (6 MÓDULOS), 2P+T 10 A, SEM SUPORTE E SEM PLACA - FORNECIMENTO E INSTALAÇÃO. AF_03/2023","UN",98.47]
[92021,"TOMADA BAIXA DE EMBUTIR (6 MÓDULOS), 2P+T 10 A, INCLUINDO SUPORTE E PLACA - FORNECIMENTO E INSTALAÇÃO. AF_03/2023","UN",113.44]
[92022,"INTERRUPTOR SIMPLES (1 MÓDULO) COM 1 TOMADA DE EMBUTIR 2P+T 10 A, SEM SUPORTE E SEM PLACA - FORNECIMENTO E INSTALAÇÃO. AF_03/2023","UN",36.65]
[92023,"INTERRUPTOR SIMPLES (1 MÓDULO) COM 1 TOMADA DE EMBUTIR 2P+T 10 A, INCLUINDO SUPORTE E PLACA - FORNECIMENTO E INSTALAÇÃO. AF_03/2023","UN",46.82]
[92024,"INTERRUPTOR SIMPLES (1 MÓDULO) COM 2 TOMADAS DE EMBUTIR 2P+T 10 A, SEM SUPORTE E SEM PLACA - FORNECIMENTO E INSTALAÇÃO. AF_03/2023","UN",56]
[92025,"INTERRUPTOR SIMPLES (1 MÓDULO) COM 2 TOMADAS DE EMBUTIR 2P+T 10 A, INCLUINDO SUPORTE E PLACA - FORNECIMENTO E INSTALAÇÃO. AF_03/2023","UN",66.17]
[92026,"INTERRUPTOR SIMPLES (2 MÓDULOS) COM 1 TOMADA DE EMBUTIR 2P+T 10 A, SEM SUPORTE E SEM PLACA - FORNECIMENTO E INSTALAÇÃO. AF_03/2023","UN",51.13]
[92027,"INTERRUPTOR SIMPLES (2 MÓDULOS) COM 1 TOMADA DE EMBUTIR 2P+T 10 A, INCLUINDO SUPORTE E PLACA - FORNECIMENTO E INSTALAÇÃO. AF_03/2023","UN",61.3]
[92028,"INTERRUPTOR PARALELO (1 MÓDULO) COM 1 TOMADA DE EMBUTIR 2P+T 10 A, SEM SUPORTE E SEM PLACA - FORNECIMENTO E INSTALAÇÃO. AF_03/2023","UN",42.65]
[92029,"INTERRUPTOR PARALELO (1 MÓDULO) COM 1 TOMADA DE EMBUTIR 2P+T 10 A, INCLUINDO SUPORTE E PLACA - FORNECIMENTO E INSTALAÇÃO. AF_03/2023","UN",52.82]
[92030,"INTERRUPTOR PARALELO (1 MÓDULO) COM 2 TOMADAS DE EMBUTIR 2P+T 10 A, SEM SUPORTE E SEM PLACA - FORNECIMENTO E INSTALAÇÃO. AF_03/2023","UN",61.96]
[92031,"INTERRUPTOR PARALELO (1 MÓDULO) COM 2 TOMADAS DE EMBUTIR 2P+T 10 A, INCLUINDO SUPORTE E PLACA - FORNECIMENTO E INSTALAÇÃO. AF_03/2023","UN",72.13]
[92032,"INTERRUPTOR PARALELO (2 MÓDULOS) COM 1 TOMADA DE EMBUTIR 2P+T 10 A, SEM SUPORTE E SEM PLACA - FORNECIMENTO E INSTALAÇÃO. AF_03/2023","UN",63.03]
[92033,"INTERRUPTOR PARALELO (2 MÓDULOS) COM 1 TOMADA DE EMBUTIR 2P+T 10 A, INCLUINDO SUPORTE E PLACA - FORNECIMENTO E INSTALAÇÃO. AF_03/2023","UN",73.2]
[92034,"INTERRUPTOR SIMPLES (1 MÓDULO), INTERRUPTOR PARALELO (1 MÓDULO) E 1 TOMADA DE EMBUTIR 2P+T 10 A, SEM SUPORTE E SEM PLACA - FORNECIMENTO E INSTALAÇÃO. AF_03/2023","UN",57.07]
[92035,"INTERRUPTOR SIMPLES (1 MÓDULO), INTERRUPTOR PARALELO (1 MÓDULO) E 1 TOMADA DE EMBUTIR 2P+T 10 A, INCLUINDO SUPORTE E PLACA - FORNECIMENTO E INSTALAÇÃO. AF_03/2023","UN",67.239999999999995]
[97595,"SENSOR DE PRESENÇA COM FOTOCÉLULA, FIXAÇÃO EM PAREDE - FORNECIMENTO E INSTALAÇÃO. AF_09/2024","UN",98.54]
[97596,"SENSOR DE PRESENÇA SEM FOTOCÉLULA, FIXAÇÃO EM PAREDE - FORNECIMENTO E INSTALAÇÃO. AF_09/2024","UN",68.650000000000006]
[97597,"SENSOR DE PRESENÇA COM FOTOCÉLULA, FIXAÇÃO EM TETO - FORNECIMENTO E INSTALAÇÃO. AF_09/2024","UN",69.349999999999994]
[97598,"SENSOR DE PRESENÇA SEM FOTOCÉLULA, FIXAÇÃO EM TETO - FORNECIMENTO E INSTALAÇÃO. AF_09/2024","UN",65.53]
[97599,"LUMINÁRIA DE EMERGÊNCIA, COM 30 LÂMPADAS LED DE 2 W, SEM REATOR - FORNECIMENTO E INSTALAÇÃO. AF_09/2024","UN",18.239999999999998]
[97609,"LÂMPADA COMPACTA DE LED 6 W, BASE E27 - FORNECIMENTO E INSTALAÇÃO. AF_09/2024","UN",12.49]
[97610,"LÂMPADA COMPACTA DE LED 10 W, BASE E27 - FORNECIMENTO E INSTALAÇÃO. AF_09/2024","UN",13.15]
[100902,"LÂMPADA TUBULAR LED DE 9/10 W, COM SOQUETE, BASE G13 - FORNECIMENTO E INSTALAÇÃO. AF_09/2024_PS","UN",25.39]
[100903,"LÂMPADA TUBULAR LED DE 18/20 W, COM SOQUETE, BASE G13 - FORNECIMENTO E INSTALAÇÃO. AF_09/2024_PS","UN",28.29]
[103782,"LUMINÁRIA TIPO PLAFON CIRCULAR, DE SOBREPOR, COM LED DE 12/13 W - FORNECIMENTO E INSTALAÇÃO. AF_09/2024","UN",27.02]
[105554,"LÂMPADA TUBULAR LED 9/10W SEM SOQUETE - FORNECIMENTO E INSTALAÇÃO. AF_09/2024","UN",14.37]
[101489,"ENTRADA DE ENERGIA ELÉTRICA, AÉREA, MONOFÁSICA, COM CAIXA DE SOBREPOR, CABO DE 10 MM2 E DISJUNTOR DIN 50A (NÃO INCLUSO O POSTE DE CONCRETO). AF_07/2020_PS","UN",1460.27]
[101490,"ENTRADA DE ENERGIA ELÉTRICA, AÉREA, MONOFÁSICA, COM CAIXA DE SOBREPOR, CABO DE 16 MM2 E DISJUNTOR DIN 50A (NÃO INCLUSO O POSTE DE CONCRETO). AF_07/2020_PS","UN",1559.05]
[101491,"ENTRADA DE ENERGIA ELÉTRICA, AÉREA, MONOFÁSICA, COM CAIXA DE SOBREPOR, CABO DE 25 MM2 E DISJUNTOR DIN 50A (NÃO INCLUSO O POSTE DE CONCRETO). AF_07/2020_PS","UN",1588.53]
[101492,"ENTRADA DE ENERGIA ELÉTRICA, AÉREA, MONOFÁSICA, COM CAIXA DE SOBREPOR, CABO DE 35 MM2 E DISJUNTOR DIN 50A (NÃO INCLUSO O POSTE DE CONCRETO). AF_07/2020_PS","UN",1736.04]
[101493,"ENTRADA DE ENERGIA ELÉTRICA, AÉREA, MONOFÁSICA, COM CAIXA DE EMBUTIR, CABO DE 10 MM2 E DISJUNTOR DIN 50A (NÃO INCLUSO O POSTE DE CONCRETO). AF_07/2020_PS","UN",1446.08]
[101494,"ENTRADA DE ENERGIA ELÉTRICA, AÉREA, MONOFÁSICA, COM CAIXA DE EMBUTIR, CABO DE 16 MM2 E DISJUNTOR DIN 50A (NÃO INCLUSO O POSTE DE CONCRETO). AF_07/2020_PS","UN",1544.86]
[101495,"ENTRADA DE ENERGIA ELÉTRICA, AÉREA, MONOFÁSICA, COM CAIXA DE EMBUTIR, CABO DE 25 MM2 E DISJUNTOR DIN 50A (NÃO INCLUSO O POSTE DE CONCRETO). AF_07/2020_PS","UN",1574.34]
[101496,"ENTRADA DE ENERGIA ELÉTRICA, AÉREA, MONOFÁSICA, COM CAIXA DE EMBUTIR, CABO DE 35 MM2 E DISJUNTOR DIN 50A (NÃO INCLUSO O POSTE DE CONCRETO). AF_07/2020_PS","UN",1721.85]
[101497,"ENTRADA DE ENERGIA ELÉTRICA, AÉREA, BIFÁSICA, COM CAIXA DE SOBREPOR, CABO DE 10 MM2 E DISJUNTOR DIN 50A (NÃO INCLUSO O POSTE DE CONCRETO). AF_07/2020_PS","UN",1740.82]
[101498,"ENTRADA DE ENERGIA ELÉTRICA, AÉREA, BIFÁSICA, COM CAIXA DE SOBREPOR, CABO DE 16 MM2 E DISJUNTOR DIN 50A (NÃO INCLUSO O POSTE DE CONCRETO). AF_07/2020_PS","UN",1890.34]
[101499,"ENTRADA DE ENERGIA ELÉTRICA, AÉREA, BIFÁSICA, COM CAIXA DE SOBREPOR, CABO DE 25 MM2 E DISJUNTOR DIN 50A (NÃO INCLUSO O POSTE DE CONCRETO). AF_07/2020_PS","UN",1934.96]
[101500,"ENTRADA DE ENERGIA ELÉTRICA, AÉREA, BIFÁSICA, COM CAIXA DE SOBREPOR, CABO DE 35 MM2 E DISJUNTOR DIN 50A (NÃO INCLUSO O POSTE DE CONCRETO). AF_07/2020_PS","UN",2142.08]
[101501,"ENTRADA DE ENERGIA ELÉTRICA, AÉREA, BIFÁSICA, COM CAIXA DE EMBUTIR, CABO DE 10 MM2 E DISJUNTOR DIN 50A (NÃO INCLUSO O POSTE DE CONCRETO). AF_07/2020_PS","UN",1734.38]
[101502,"ENTRADA DE ENERGIA ELÉTRICA, AÉREA, BIFÁSICA, COM CAIXA DE EMBUTIR, CABO DE 16 MM2 E DISJUNTOR DIN 50A (NÃO INCLUSO O POSTE DE CONCRETO). AF_07/2020_PS","UN",1883.9]
[101503,"ENTRADA DE ENERGIA ELÉTRICA, AÉREA, BIFÁSICA, COM CAIXA DE EMBUTIR, CABO DE 25 MM2 E DISJUNTOR DIN 50A (NÃO INCLUSO O POSTE DE CONCRETO). AF_07/2020_PS","UN",1928.52]
[101504,"ENTRADA DE ENERGIA ELÉTRICA, AÉREA, BIFÁSICA, COM CAIXA DE EMBUTIR, CABO DE 35 MM2 E DISJUNTOR DIN 50A (NÃO INCLUSO O POSTE DE CONCRETO). AF_07/2020_PS","UN",2135.64]
[101505,"ENTRADA DE ENERGIA ELÉTRICA, AÉREA, TRIFÁSICA, COM CAIXA DE SOBREPOR, CABO DE 10 MM2 E DISJUNTOR DIN 50A (NÃO INCLUSO O POSTE DE CONCRETO). AF_07/2020_PS","UN",1859]
[101506,"ENTRADA DE ENERGIA ELÉTRICA, AÉREA, TRIFÁSICA, COM CAIXA DE SOBREPOR, CABO DE 16 MM2 E DISJUNTOR DIN 50A (NÃO INCLUSO O POSTE DE CONCRETO). AF_07/2020_PS","UN",2058.35]
[101507,"ENTRADA DE ENERGIA ELÉTRICA, AÉREA, TRIFÁSICA, COM CAIXA DE SOBREPOR, CABO DE 25 MM2 E DISJUNTOR DIN 50A (NÃO INCLUSO O POSTE DE CONCRETO). AF_07/2020_PS","UN",2117.85]
[101508,"ENTRADA DE ENERGIA ELÉTRICA, AÉREA, TRIFÁSICA, COM CAIXA DE SOBREPOR, CABO DE 35 MM2 E DISJUNTOR DIN 50A (NÃO INCLUSO O POSTE DE CONCRETO). AF_07/2020_PS","UN",2383.52]
[101509,"ENTRADA DE ENERGIA ELÉTRICA, AÉREA, TRIFÁSICA, COM CAIXA DE EMBUTIR, CABO DE 10 MM2 E DISJUNTOR DIN 50A (NÃO INCLUSO O POSTE DE CONCRETO). AF_07/2020","UN",1912.91]
[101510,"ENTRADA DE ENERGIA ELÉTRICA, AÉREA, TRIFÁSICA, COM CAIXA DE EMBUTIR, CABO DE 16 MM2 E DISJUNTOR DIN 50A (NÃO INCLUSO O POSTE DE CONCRETO). AF_07/2020","UN",2112.2600000000002]
[101511,"ENTRADA DE ENERGIA ELÉTRICA, AÉREA, TRIFÁSICA, COM CAIXA DE EMBUTIR, CABO DE 25 MM2 E DISJUNTOR DIN 50A (NÃO INCLUSO O POSTE DE CONCRETO). AF_07/2020","UN",2171.7600000000002]
[101512,"ENTRADA DE ENERGIA ELÉTRICA, AÉREA, TRIFÁSICA, COM CAIXA DE EMBUTIR, CABO DE 35 MM2 E DISJUNTOR DIN 50A (NÃO INCLUSO O POSTE DE CONCRETO). AF_07/2020","UN",2437.4299999999998]
[101513,"ENTRADA DE ENERGIA ELÉTRICA, SUBTERRÂNEA, MONOFÁSICA, COM CAIXA DE SOBREPOR, CABO DE 10 MM2 E DISJUNTOR DIN 50A (NÃO INCLUSA MURETA DE ALVENARIA). AF_07/2020_PS","UN",822.84]
[101514,"ENTRADA DE ENERGIA ELÉTRICA, SUBTERRÂNEA, MONOFÁSICA, COM CAIXA DE SOBREPOR, CABO DE 16 MM2 E DISJUNTOR DIN 50A (NÃO INCLUSA MURETA DE ALVENARIA). AF_07/2020_PS","UN",941.37]
[101515,"ENTRADA DE ENERGIA ELÉTRICA, SUBTERRÂNEA, MONOFÁSICA, COM CAIXA DE SOBREPOR, CABO DE 25 MM2 E DISJUNTOR DIN 50A (NÃO INCLUSA MURETA DE ALVENARIA). AF_07/2020_PS","UN",976.75]
[101516,"ENTRADA DE ENERGIA ELÉTRICA, SUBTERRÂNEA, MONOFÁSICA, COM CAIXA DE SOBREPOR, CABO DE 35 MM2 E DISJUNTOR DIN 50A (NÃO INCLUSA MURETA DE ALVENARIA). AF_07/2020_PS","UN",1116.01]
[101517,"ENTRADA DE ENERGIA ELÉTRICA, SUBTERRÂNEA, MONOFÁSICA, COM CAIXA DE EMBUTIR, CABO DE 10 MM2 E DISJUNTOR DIN 50A (NÃO INCLUSA MURETA DE ALVENARIA). AF_07/2020_PS","UN",808.65]
[101518,"ENTRADA DE ENERGIA ELÉTRICA, SUBTERRÂNEA, MONOFÁSICA, COM CAIXA DE EMBUTIR, CABO DE 16 MM2 E DISJUNTOR DIN 50A (NÃO INCLUSA MURETA DE ALVENARIA). AF_07/2020_PS","UN",927.18]
[101519,"ENTRADA DE ENERGIA ELÉTRICA, SUBTERRÂNEA, MONOFÁSICA, COM CAIXA DE EMBUTIR, CABO DE 25 MM2 E DISJUNTOR DIN 50A (NÃO INCLUSA MURETA DE ALVENARIA). AF_07/2020_PS","UN",962.56]
[101520,"ENTRADA DE ENERGIA ELÉTRICA, SUBTERRÂNEA, MONOFÁSICA, COM CAIXA DE EMBUTIR, CABO DE 35 MM2 E DISJUNTOR DIN 50A (NÃO INCLUSA MURETA DE ALVENARIA). AF_07/2020_PS","UN",1101.82]
[101521,"ENTRADA DE ENERGIA ELÉTRICA, SUBTERRÂNEA, BIFÁSICA, COM CAIXA DE SOBREPOR, CABO DE 10 MM2 E DISJUNTOR DIN 50A (NÃO INCLUSA MURETA DE ALVENARIA). AF_07/2020_PS","UN",1118.3599999999999]
[101522,"ENTRADA DE ENERGIA ELÉTRICA, SUBTERRÂNEA, BIFÁSICA, COM CAIXA DE SOBREPOR, CABO DE 16 MM2 E DISJUNTOR DIN 50A (NÃO INCLUSA MURETA DE ALVENARIA). AF_07/2020_PS","UN",1296.1600000000001]
[101523,"ENTRADA DE ENERGIA ELÉTRICA, SUBTERRÂNEA, BIFÁSICA, COM CAIXA DE SOBREPOR, CABO DE 25 MM2 E DISJUNTOR DIN 50A (NÃO INCLUSA MURETA DE ALVENARIA). AF_07/2020_PS","UN",1349.22]
[101524,"ENTRADA DE ENERGIA ELÉTRICA, SUBTERRÂNEA, BIFÁSICA, COM CAIXA DE SOBREPOR, CABO DE 35 MM2 E DISJUNTOR DIN 50A (NÃO INCLUSA MURETA DE ALVENARIA). AF_07/2020_PS","UN",1558.11]
[101525,"ENTRADA DE ENERGIA ELÉTRICA, SUBTERRÂNEA, BIFÁSICA, COM CAIXA DE EMBUTIR, CABO DE 10 MM2 E DISJUNTOR DIN 50A (NÃO INCLUSA MURETA DE ALVENARIA). AF_07/2020_PS","UN",1111.92]
[101526,"ENTRADA DE ENERGIA ELÉTRICA, SUBTERRÂNEA, BIFÁSICA, COM CAIXA DE EMBUTIR, CABO DE 16 MM2 E DISJUNTOR DIN 50A (NÃO INCLUSA MURETA DE ALVENARIA). AF_07/2020_PS","UN",1289.72]
[101527,"ENTRADA DE ENERGIA ELÉTRICA, SUBTERRÂNEA, BIFÁSICA, COM CAIXA DE EMBUTIR, CABO DE 25 MM2 E DISJUNTOR DIN 50A (NÃO INCLUSA MURETA DE ALVENARIA). AF_07/2020_PS","UN",1342.78]
[101528,"ENTRADA DE ENERGIA ELÉTRICA, SUBTERRÂNEA, BIFÁSICA, COM CAIXA DE EMBUTIR, CABO DE 35 MM2 E DISJUNTOR DIN 50A (NÃO INCLUSA MURETA DE ALVENARIA). AF_07/2020_PS","UN",1551.67]
[101529,"ENTRADA DE ENERGIA ELÉTRICA, SUBTERRÂNEA, TRIFÁSICA, COM CAIXA DE SOBREPOR, CABO DE 10 MM2 E DISJUNTOR DIN 50A (NÃO INCLUSA MURETA DE ALVENARIA). AF_07/2020_PS","UN",1253.07]
[101530,"ENTRADA DE ENERGIA ELÉTRICA, SUBTERRÂNEA, TRIFÁSICA, COM CAIXA DE SOBREPOR, CABO DE 16 MM2 E DISJUNTOR DIN 50A (NÃO INCLUSA MURETA DE ALVENARIA). AF_07/2020_PS","UN",1490.14]
[101531,"ENTRADA DE ENERGIA ELÉTRICA, SUBTERRÂNEA, TRIFÁSICA, COM CAIXA DE SOBREPOR, CABO DE 25 MM2 E DISJUNTOR DIN 50A (NÃO INCLUSA MURETA DE ALVENARIA). AF_07/2020_PS","UN",1560.89]
[101532,"ENTRADA DE ENERGIA ELÉTRICA, SUBTERRÂNEA, TRIFÁSICA, COM CAIXA DE SOBREPOR, CABO DE 35 MM2 E DISJUNTOR DIN 50A (NÃO INCLUSA MURETA DE ALVENARIA). AF_07/2020_PS","UN",1839.41]
[101533,"ENTRADA DE ENERGIA ELÉTRICA, SUBTERRÂNEA, TRIFÁSICA, COM CAIXA DE EMBUTIR, CABO DE 10 MM2 E DISJUNTOR DIN 50A (NÃO INCLUSA MURETA DE ALVENARIA). AF_07/2020","UN",1306.98]
[101534,"ENTRADA DE ENERGIA ELÉTRICA, SUBTERRÂNEA, TRIFÁSICA, COM CAIXA DE EMBUTIR, CABO DE 16 MM2 E DISJUNTOR DIN 50A (NÃO INCLUSA MURETA DE ALVENARIA). AF_07/2020","UN",1544.05]
[101535,"ENTRADA DE ENERGIA ELÉTRICA, SUBTERRÂNEA, TRIFÁSICA, COM CAIXA DE EMBUTIR, CABO DE 25 MM2 E DISJUNTOR DIN 50A (NÃO INCLUSA MURETA DE ALVENARIA). AF_07/2020","UN",1614.8]
[101536,"ENTRADA DE ENERGIA ELÉTRICA, SUBTERRÂNEA, TRIFÁSICA, COM CAIXA DE EMBUTIR, CABO DE 35 MM2 E DISJUNTOR DIN 50A (NÃO INCLUSA MURETA DE ALVENARIA). AF_07/2020","UN",1893.32]
[101537,"APARELHO SINALIZADOR DE SAÍDA DE GARAGEM, COM CÉLULA FOTOELÉTRICA - FORNECIMENTO E INSTALAÇÃO. AF_07/2020","UN",92.5]
[101538,"ARMAÇÃO SECUNDÁRIA, COM 1 ESTRIBO E 1 ISOLADOR - FORNECIMENTO E INSTALAÇÃO. AF_07/2020","UN",40.619999999999997]
[101539,"ARMAÇÃO SECUNDÁRIA, COM 2 ESTRIBOS E 2 ISOLADORES - FORNECIMENTO E INSTALAÇÃO. AF_07/2020","UN",67.849999999999994]
[101540,"ARMAÇÃO SECUNDÁRIA, COM 3 ESTRIBOS E 3 ISOLADORES - FORNECIMENTO E INSTALAÇÃO. AF_07/2020","UN",113.69]
[101541,"ARMAÇÃO SECUNDÁRIA, COM 4 ESTRIBOS E 4 ISOLADORES - FORNECIMENTO E INSTALAÇÃO. AF_07/2020","UN",148.44999999999999]
[101542,"ARMAÇÃO SECUNDÁRIA, COM 1 ESTRIBO, SEM ISOLADOR - FORNECIMENTO E INSTALAÇÃO. AF_07/2020","UN",31.04]
[101543,"ARMAÇÃO SECUNDÁRIA, COM 2 ESTRIBOS, SEM ISOLADOR - FORNECIMENTO E INSTALAÇÃO. AF_07/2020","UN",55.62]
[101544,"ARMAÇÃO SECUNDÁRIA, COM 3 ESTRIBOS, SEM ISOLADOR - FORNECIMENTO E INSTALAÇÃO. AF_07/2020","UN",88.6]
[101545,"ARMAÇÃO SECUNDÁRIA, COM 4 ESTRIBOS, SEM ISOLADOR - FORNECIMENTO E INSTALAÇÃO. AF_07/2020","UN",127.89]
[101546,"ISOLADOR, TIPO PINO, PARA TENSÃO 15 KV - FORNECIMENTO E INSTALAÇÃO. AF_07/2020","UN",31.27]
[101547,"ISOLADOR, TIPO DISCO, PARA TENSÃO 15 KV - FORNECIMENTO E INSTALAÇÃO. AF_07/2020","UN",98.26]
[101548,"ISOLADOR, TIPO ROLDANA, PARA BAIXA TENSÃO - FORNECIMENTO E INSTALAÇÃO. AF_07/2020","UN",7.64]
[101549,"GRAMPO PARALELO METÁLICO, PARA REDES AÉREAS DE DISTRIBUIÇÃO DE ENERGIA ELÉTRICA DE BAIXA TENSÃO - FORNECIMENTO E INSTALAÇÃO. AF_07/2020","UN",25.6]
[101553,"ALÇA PREFORMADA DE DISTRIBUIÇÃO, EM  AÇO GALVANIZADO, AWG 1 - FORNECIMENTO E INSTALAÇÃO. AF_07/2020","UN",13.96]
[101554,"ALÇA PREFORMADA DE DISTRIBUIÇÃO, EM  AÇO GALVANIZADO, AWG 2 - FORNECIMENTO E INSTALAÇÃO. AF_07/2020","UN",10.16]
[101555,"ALÇA PREFORMADA DE DISTRIBUIÇÃO, EM  AÇO GALVANIZADO, AWG 4 - FORNECIMENTO E INSTALAÇÃO. AF_07/2020","UN",6.7]
[101556,"ALÇA PREFORMADA DE DISTRIBUIÇÃO, EM  AÇO GALVANIZADO, AWG 6 - FORNECIMENTO E INSTALAÇÃO. AF_07/2020","UN",6.15]
[101560,"CABO DE COBRE FLEXÍVEL ISOLADO, 10 MM², 0,6/1,0 KV, PARA REDE AÉREA DE DISTRIBUIÇÃO DE ENERGIA ELÉTRICA DE BAIXA TENSÃO - FORNECIMENTO E INSTALAÇÃO. AF_07/2020","M",10.26]
[101561,"CABO DE COBRE FLEXÍVEL ISOLADO, 16 MM², 0,6/1,0 KV, PARA REDE AÉREA DE DISTRIBUIÇÃO DE ENERGIA ELÉTRICA DE BAIXA TENSÃO - FORNECIMENTO E INSTALAÇÃO. AF_07/2020","M",16.29]
[101562,"CABO DE COBRE FLEXÍVEL ISOLADO, 25 MM², 0,6/1,0 KV, PARA REDE AÉREA DE DISTRIBUIÇÃO DE ENERGIA ELÉTRICA DE BAIXA TENSÃO - FORNECIMENTO E INSTALAÇÃO. AF_07/2020","M",25.23]
[101563,"CABO DE COBRE FLEXÍVEL ISOLADO, 35 MM², 0,6/1,0 KV, PARA REDE AÉREA DE DISTRIBUIÇÃO DE ENERGIA ELÉTRICA DE BAIXA TENSÃO - FORNECIMENTO E INSTALAÇÃO. AF_07/2020","M",35.619999999999997]
[101564,"CABO DE COBRE FLEXÍVEL ISOLADO, 50 MM², 0,6/1,0 KV, PARA REDE AÉREA DE DISTRIBUIÇÃO DE ENERGIA ELÉTRICA DE BAIXA TENSÃO - FORNECIMENTO E INSTALAÇÃO. AF_07/2020","M",52.64]
[101565,"CABO DE COBRE FLEXÍVEL ISOLADO, 70 MM², 0,6/1,0 KV, PARA REDE AÉREA DE DISTRIBUIÇÃO DE ENERGIA ELÉTRICA DE BAIXA TENSÃO - FORNECIMENTO E INSTALAÇÃO. AF_07/2020","M",73.61]
[101567,"CABO DE COBRE FLEXÍVEL ISOLADO, 95 MM², 0,6/1,0 KV, PARA REDE AÉREA DE DISTRIBUIÇÃO DE ENERGIA ELÉTRICA DE BAIXA TENSÃO - FORNECIMENTO E INSTALAÇÃO. AF_07/2020","M",95.57]
[101568,"CABO DE COBRE FLEXÍVEL ISOLADO, 120 MM², 0,6/1,0 KV, PARA REDE AÉREA DE DISTRIBUIÇÃO DE ENERGIA ELÉTRICA DE BAIXA TENSÃO - FORNECIMENTO E INSTALAÇÃO. AF_07/2020","M",124.96]
[101630,"SUBSTITUIÇÃO DE REATOR PARA ILUMINAÇÃO PÚBLICA (NÃO INCLUI FORNECIMENTO). AF_08/2020","UN",78.09]
[101632,"RELÉ FOTOELÉTRICO PARA COMANDO DE ILUMINAÇÃO EXTERNA 1000 W - FORNECIMENTO E INSTALAÇÃO. AF_08/2020","UN",36.31]
[101633,"SUBSTITUIÇÃO DE RELÉ FOTOELÉTRICO PARA COMANDO DE ILUMINAÇÃO EXTERNA 1000 W - FORNECIMENTO E INSTALAÇÃO. AF_08/2020","UN",102.22]
[101636,"BRAÇO PARA ILUMINAÇÃO PÚBLICA, EM TUBO DE AÇO GALVANIZADO, COMPRIMENTO DE 1,50 M, PARA FIXAÇÃO EM POSTE DE CONCRETO - FORNECIMENTO E INSTALAÇÃO. AF_08/2020","UN",148.96]
[101637,"BRAÇO PARA ILUMINAÇÃO PÚBLICA, EM TUBO DE AÇO GALVANIZADO, COMPRIMENTO DE 1,50 M, PARA FIXAÇÃO EM POSTE METÁLICO - FORNECIMENTO E INSTALAÇÃO. AF_08/2020","UN",143.6]
[101651,"SUBSTITUIÇÃO DE LÂMPADA PARA ILUMINAÇÃO PÚBLICA (NÃO INCLUI FORNECIMENTO). AF_08/2020","UN",67.86]
[101653,"LUMINÁRIA ABERTA PARA ILUMINAÇÃO PÚBLICA, PARA LÂMPADA VAPOR DE MERCÚRIO ATÉ 400 W E MISTA ATÉ 500 W, COM BRAÇO EM TUBO DE AÇO GALV 1\", COMPRIMENTO DE 1,50 M, PARA POSTE DE CONCRETO - FORNECIMENTO E INSTALAÇÃO (EXCLUSIVE LÂMPADA E REATOR). AF_08/2020","UN",270.43]
[101654,"LUMINÁRIA DE LED PARA ILUMINAÇÃO PÚBLICA, DE 33 W ATÉ 50 W - FORNECIMENTO E INSTALAÇÃO. AF_08/2020","UN",205.13]
[101655,"LUMINÁRIA DE LED PARA ILUMINAÇÃO PÚBLICA, DE 51 W ATÉ 67 W - FORNECIMENTO E INSTALAÇÃO. AF_08/2020","UN",314.05]
[101656,"LUMINÁRIA DE LED PARA ILUMINAÇÃO PÚBLICA, DE 68 W ATÉ 97 W - FORNECIMENTO E INSTALAÇÃO. AF_08/2020","UN",339.48]
[101657,"LUMINÁRIA DE LED PARA ILUMINAÇÃO PÚBLICA, DE 98 W ATÉ 137 W - FORNECIMENTO E INSTALAÇÃO. AF_08/2020","UN",393.65]
[101658,"LUMINÁRIA DE LED PARA ILUMINAÇÃO PÚBLICA, DE 138 W ATÉ 180 W - FORNECIMENTO E INSTALAÇÃO. AF_08/2020","UN",505.03]
[101659,"LUMINÁRIA DE LED PARA ILUMINAÇÃO PÚBLICA, DE 181 W ATÉ 239 W - FORNECIMENTO E INSTALAÇÃO. AF_08/2020","UN",574.30999999999995]
[101660,"LUMINÁRIA DE LED PARA ILUMINAÇÃO PÚBLICA, DE 240 W ATÉ 350 W - FORNECIMENTO E INSTALAÇÃO. AF_08/2020","UN",901.33]
[101661,"SUBSTITUIÇÃO DE LUMINÁRIA DE VAPOR DE MERCÚRIO/VAPOR DE SÓDIO POR LUMINÁRIA DE LED PARA ILUMINAÇÃO PÚBLICA (NÃO INCLUI FORNECIMENTO). AF_08/2020","UN",114.1]
[101663,"ABRAÇADEIRA DE FIXAÇÃO DE BRAÇOS DE LUMINÁRIAS DE 2\" - FORNECIMENTO E INSTALAÇÃO. AF_08/2020","UN",26.47]
[101664,"ABRAÇADEIRA DE FIXAÇÃO DE BRAÇOS DE LUMINÁRIAS DE 3\" - FORNECIMENTO E INSTALAÇÃO. AF_08/2020","UN",27.83]
[101665,"ABRAÇADEIRA DE FIXAÇÃO DE BRAÇOS DE LUMINÁRIAS DE 4\" - FORNECIMENTO E INSTALAÇÃO. AF_08/2020","UN",33.659999999999997]
[100578,"ASSENTAMENTO DE POSTE DE CONCRETO COM COMPRIMENTO NOMINAL DE 9 M, CARGA NOMINAL MENOR OU IGUAL A 1000 DAN, ENGASTAMENTO SIMPLES COM 1,5 M DE SOLO (NÃO INCLUI FORNECIMENTO). AF_11/2019","UN",485.43]
[100579,"ASSENTAMENTO DE POSTE DE CONCRETO COM COMPRIMENTO NOMINAL DE 10 M, CARGA NOMINAL MENOR OU IGUAL A 1000 DAN, ENGASTAMENTO SIMPLES COM 1,6 M DE SOLO (NÃO INCLUI FORNECIMENTO). AF_11/2019","UN",532.78]
[100580,"ASSENTAMENTO DE POSTE DE CONCRETO COM COMPRIMENTO NOMINAL DE 10 M, CARGA NOMINAL MAIOR QUE 1000 DAN, ENGASTAMENTO SIMPLES COM 1,6 M DE SOLO (NÃO INCLUI FORNECIMENTO). AF_11/2019","UN",577.84]
[100581,"ASSENTAMENTO DE POSTE DE CONCRETO COM COMPRIMENTO NOMINAL DE 10,5 M, CARGA NOMINAL MENOR OU IGUAL A 1000 DAN, ENGASTAMENTO SIMPLES COM 1,65 M DE SOLO (NÃO INCLUI FORNECIMENTO). AF_11/2019","UN",556.24]
[100582,"ASSENTAMENTO DE POSTE DE CONCRETO COM COMPRIMENTO NOMINAL DE 10,5 M, CARGA NOMINAL MAIOR QUE 1000 DAN, ENGASTAMENTO SIMPLES COM 1,65 M DE SOLO (NÃO INCLUI FORNECIMENTO). AF_11/2019","UN",637.39]
[100583,"ASSENTAMENTO DE POSTE DE CONCRETO COM COMPRIMENTO NOMINAL DE 11 M, CARGA NOMINAL MENOR OU IGUAL A 1000 DAN, ENGASTAMENTO SIMPLES COM 1,7 M DE SOLO (NÃO INCLUI FORNECIMENTO). AF_11/2019","UN",581.21]
[100584,"ASSENTAMENTO DE POSTE DE CONCRETO COM COMPRIMENTO NOMINAL DE 11 M, CARGA NOMINAL MAIOR QUE 1000 DAN, ENGASTAMENTO SIMPLES COM 1,7 M DE SOLO (NÃO INCLUI FORNECIMENTO). AF_11/2019","UN",630.07000000000005]
[100585,"ASSENTAMENTO DE POSTE DE CONCRETO COM COMPRIMENTO NOMINAL DE 12 M, CARGA NOMINAL MENOR OU IGUAL A 1000 DAN, ENGASTAMENTO SIMPLES COM 1,8 M DE SOLO (NÃO INCLUI FORNECIMENTO). AF_11/2019","UN",629.87]
[100586,"ASSENTAMENTO DE POSTE DE CONCRETO COM COMPRIMENTO NOMINAL DE 12 M, CARGA NOMINAL MAIOR QUE 1000 DAN, ENGASTAMENTO SIMPLES COM 1,8 M DE SOLO (NÃO INCLUI FORNECIMENTO). AF_11/2019","UN",707.78]
[100587,"ASSENTAMENTO DE POSTE DE CONCRETO COM COMPRIMENTO NOMINAL DE 13 M, CARGA NOMINAL MENOR OU IGUAL A 1000 DAN, ENGASTAMENTO SIMPLES COM 1,9 M DE SOLO (NÃO INCLUI FORNECIMENTO). AF_11/2019","UN",680.04]
[100588,"ASSENTAMENTO DE POSTE DE CONCRETO COM COMPRIMENTO NOMINAL DE 13 M, CARGA NOMINAL MAIOR QUE 1000 DAN, ENGASTAMENTO SIMPLES COM 1,9 M DE SOLO (NÃO INCLUI FORNECIMENTO). AF_11/2019","UN",740.61]
[100589,"ASSENTAMENTO DE POSTE DE CONCRETO COM COMPRIMENTO NOMINAL DE 13,5 M, CARGA NOMINAL MENOR OU IGUAL A 1000 DAN, ENGASTAMENTO SIMPLES COM 1,95 M DE SOLO (NÃO INCLUI FORNECIMENTO). AF_11/2019","UN",746.92]
[100590,"ASSENTAMENTO DE POSTE DE CONCRETO COM COMPRIMENTO NOMINAL DE 13,5 M, CARGA NOMINAL MAIOR QUE 1000 DAN, ENGASTAMENTO SIMPLES COM 1,95 M DE SOLO (NÃO INCLUI FORNECIMENTO). AF_11/2019","UN",806.62]
[100591,"ASSENTAMENTO DE POSTE DE CONCRETO COM COMPRIMENTO NOMINAL DE 14 M, CARGA NOMINAL MENOR OU IGUAL A 1000 DAN, ENGASTAMENTO SIMPLES COM 2 M DE SOLO (NÃO INCLUI FORNECIMENTO). AF_11/2019","UN",746.18]
[100592,"ASSENTAMENTO DE POSTE DE CONCRETO COM COMPRIMENTO NOMINAL DE 14 M, CARGA NOMINAL MAIOR QUE 1000 DAN, ENGASTAMENTO SIMPLES COM 2 M DE SOLO (NÃO INCLUI FORNECIMENTO). AF_11/2019","UN",795.7]
[100593,"ASSENTAMENTO DE POSTE DE CONCRETO COM COMPRIMENTO NOMINAL DE 15 M, CARGA NOMINAL MENOR OU IGUAL A 1000 DAN, ENGASTAMENTO SIMPLES COM 2,1 M DE SOLO (NÃO INCLUI FORNECIMENTO). AF_11/2019","UN",799.09]
[100594,"ASSENTAMENTO DE POSTE DE CONCRETO COM COMPRIMENTO NOMINAL DE 15 M, CARGA NOMINAL MAIOR QUE 1000 DAN, ENGASTAMENTO SIMPLES COM 2,1 M DE SOLO (NÃO INCLUI FORNECIMENTO). AF_11/2019","UN",883.16]
[100595,"ASSENTAMENTO DE POSTE DE CONCRETO COM COMPRIMENTO NOMINAL DE 18 M, CARGA NOMINAL MENOR OU IGUAL A 1000 DAN, ENGASTAMENTO SIMPLES COM 2,4 M DE SOLO (NÃO INCLUI FORNECIMENTO). AF_11/2019","UN",957.73]
[100596,"ASSENTAMENTO DE POSTE DE CONCRETO COM COMPRIMENTO NOMINAL DE 18 M, CARGA NOMINAL MAIOR QUE 1000 DAN, ENGASTAMENTO SIMPLES COM 2,4 M DE SOLO (NÃO INCLUI FORNECIMENTO). AF_11/2019","UN",1071.28]
[100597,"ASSENTAMENTO DE POSTE DE CONCRETO COM COMPRIMENTO NOMINAL DE 20 M, CARGA NOMINAL MENOR OU IGUAL A 1000 DAN, ENGASTAMENTO SIMPLES COM 2,6 M DE SOLO (NÃO INCLUI FORNECIMENTO). AF_11/2019","UN",1102.06]
[100598,"ASSENTAMENTO DE POSTE DE CONCRETO COM COMPRIMENTO NOMINAL DE 20 M, CARGA NOMINAL MAIOR QUE 1000, ENGASTAMENTO SIMPLES COM 2,6 M DE SOLO (NÃO INCLUI FORNECIMENTO). AF_11/2019","UN",1195.7]
[100599,"ASSENTAMENTO DE POSTE DE CONCRETO COM COMPRIMENTO NOMINAL DE 9 M, CARGA NOMINAL DE 150 DAN, ENGASTAMENTO BASE CONCRETADA COM 1 M DE CONCRETO E 0,5 M DE SOLO (NÃO INCLUI FORNECIMENTO). AF_11/2019","UN",513.79]
[100600,"ASSENTAMENTO DE POSTE DE CONCRETO COM COMPRIMENTO NOMINAL DE 9 M, CARGA NOMINAL DE 300 DAN, ENGASTAMENTO BASE CONCRETADA COM 1 M DE CONCRETO E 0,5 M DE SOLO (NÃO INCLUI FORNECIMENTO). AF_11/2019","UN",608.14]
[100601,"ASSENTAMENTO DE POSTE DE CONCRETO COM COMPRIMENTO NOMINAL DE 9 M, CARGA NOMINAL DE 400 DAN, ENGASTAMENTO BASE CONCRETADA COM 1 M DE CONCRETO E 0,5 M DE SOLO (NÃO INCLUI FORNECIMENTO). AF_11/2019","UN",771.31]
[100602,"ASSENTAMENTO DE POSTE DE CONCRETO COM COMPRIMENTO NOMINAL DE 9 M, CARGA NOMINAL DE 600 DAN, ENGASTAMENTO BASE CONCRETADA COM 1 M DE CONCRETO E 0,5 M DE SOLO (NÃO INCLUI FORNECIMENTO). AF_11/2019","UN",974.83]
[100603,"ASSENTAMENTO DE POSTE DE CONCRETO COM COMPRIMENTO NOMINAL DE 9 M, CARGA NOMINAL DE 1000 DAN, ENGASTAMENTO BASE CONCRETADA COM 1 M DE CONCRETO E 0,5 M DE SOLO (NÃO INCLUI FORNECIMENTO). AF_11/2019","UN",1497.01]
[100604,"ASSENTAMENTO DE POSTE DE CONCRETO COM COMPRIMENTO NOMINAL DE 10 M, CARGA NOMINAL DE 300 DAN, ENGASTAMENTO BASE CONCRETADA COM 1 M DE CONCRETO E 0,6 M DE SOLO (NÃO INCLUI FORNECIMENTO). AF_11/2019","UN",645.71]
[100605,"ASSENTAMENTO DE POSTE DE CONCRETO COM COMPRIMENTO NOMINAL DE 10 M, CARGA NOMINAL DE 600 DAN, ENGASTAMENTO BASE CONCRETADA COM 1 M DE CONCRETO E 0,6 M DE SOLO (NÃO INCLUI FORNECIMENTO). AF_11/2019","UN",1020.46]
[100606,"ASSENTAMENTO DE POSTE DE CONCRETO COM COMPRIMENTO NOMINAL DE 10 M, CARGA NOMINAL DE 1000 DAN, ENGASTAMENTO BASE CONCRETADA COM 1 M DE CONCRETO E 0,6 M DE SOLO (NÃO INCLUI FORNECIMENTO). AF_11/2019","UN",1552.92]
[100607,"ASSENTAMENTO DE POSTE DE CONCRETO COM COMPRIMENTO NOMINAL DE 10,5 M, CARGA NOMINAL DE 300 DAN, ENGASTAMENTO BASE CONCRETADA COM 1 M DE CONCRETO E 0,65 M DE SOLO (NÃO INCLUI FORNECIMENTO). AF_11/2019","UN",663.53]
[100608,"ASSENTAMENTO DE POSTE DE CONCRETO COM COMPRIMENTO NOMINAL DE 10,5 M, CARGA NOMINAL DE 600 DAN, ENGASTAMENTO BASE CONCRETADA COM 1 M DE CONCRETO E 0,65 M DE SOLO (NÃO INCLUI FORNECIMENTO). AF_11/2019","UN",1042.94]
[100609,"ASSENTAMENTO DE POSTE DE CONCRETO COM COMPRIMENTO NOMINAL DE 10,5 M, CARGA NOMINAL DE 1000 DAN, ENGASTAMENTO BASE CONCRETADA COM 1 M DE CONCRETO E 0,65 M DE SOLO (NÃO INCLUI FORNECIMENTO). AF_11/2019","UN",1582.72]
[100610,"ASSENTAMENTO DE POSTE DE CONCRETO COM COMPRIMENTO NOMINAL DE 11 M, CARGA NOMINAL DE 300 DAN, ENGASTAMENTO BASE CONCRETADA COM 1 M DE CONCRETO E 0,7 M DE SOLO (NÃO INCLUI FORNECIMENTO). AF_11/2019","UN",681.34]
[100611,"ASSENTAMENTO DE POSTE DE CONCRETO COM COMPRIMENTO NOMINAL DE 11 M, CARGA NOMINAL DE 400 DAN, ENGASTAMENTO BASE CONCRETADA COM 1 M DE CONCRETO E 0,7 M DE SOLO (NÃO INCLUI FORNECIMENTO). AF_11/2019","UN",851.63]
[100612,"ASSENTAMENTO DE POSTE DE CONCRETO COM COMPRIMENTO NOMINAL DE 11 M, CARGA NOMINAL DE 600 DAN, ENGASTAMENTO BASE CONCRETADA COM 1 M DE CONCRETO E 0,7 M DE SOLO (NÃO INCLUI FORNECIMENTO). AF_11/2019","UN",1065.02]
[100613,"ASSENTAMENTO DE POSTE DE CONCRETO COM COMPRIMENTO NOMINAL DE 11 M, CARGA NOMINAL DE 1000 DAN, ENGASTAMENTO BASE CONCRETADA COM 1 M DE CONCRETO E 0,7 M DE SOLO (NÃO INCLUI FORNECIMENTO). AF_11/2019","UN",1611.77]
[100614,"ASSENTAMENTO DE POSTE DE CONCRETO COM COMPRIMENTO NOMINAL DE 12 M, CARGA NOMINAL DE 400 DAN, ENGASTAMENTO BASE CONCRETADA COM 1 M DE CONCRETO E 0,8 M DE SOLO (NÃO INCLUI FORNECIMENTO). AF_11/2019","UN",891.07]
[100615,"ASSENTAMENTO DE POSTE DE CONCRETO COM COMPRIMENTO NOMINAL DE 12 M, CARGA NOMINAL DE 600 DAN, ENGASTAMENTO BASE CONCRETADA COM 1 M DE CONCRETO E 0,8 M DE SOLO (NÃO INCLUI FORNECIMENTO). AF_11/2019","UN",1108.76]
[100616,"ASSENTAMENTO DE POSTE DE CONCRETO COM COMPRIMENTO NOMINAL DE 12 M, CARGA NOMINAL DE 1000 DAN, ENGASTAMENTO BASE CONCRETADA COM 1 M DE CONCRETO E 0,8 M DE SOLO (NÃO INCLUI FORNECIMENTO). AF_11/2019","UN",1672.62]
[100617,"ASSENTAMENTO DE POSTE DE CONCRETO COM COMPRIMENTO NOMINAL DE 13 M, CARGA NOMINAL DE 600 DAN, ENGASTAMENTO BASE CONCRETADA COM 1 M DE CONCRETO E 0,9 M DE SOLO (NÃO INCLUI FORNECIMENTO). AF_11/2019","UN",1152.26]
[100618,"ASSENTAMENTO DE POSTE DE CONCRETO COM COMPRIMENTO NOMINAL DE 13 M, CARGA NOMINAL DE 1000 DAN, ENGASTAMENTO BASE CONCRETADA COM 1 M DE CONCRETO E 0,9 M DE SOLO - SOMENTE INSTALAÇÃO, SEM FORNECIMENTO. AF_11/2019","UN",1740.39]
[100619,"POSTE DECORATIVO PARA JARDIM EM AÇO TUBULAR, H = *2,5* M, SEM LUMINÁRIA - FORNECIMENTO E INSTALAÇÃO. AF_11/2019","UN",568.17999999999995]
[100620,"POSTE DE AÇO CONICO CONTÍNUO CURVO SIMPLES, FLANGEADO, H=9M, INCLUSIVE LUMINÁRIA, SEM LÂMPADA - FORNECIMENTO E INSTALACAO. AF_11/2019","UN",2700.73]
[100621,"POSTE DE AÇO CONICO CONTÍNUO CURVO DUPLO, FLANGEADO, H=9M, INCLUSIVE LUMINÁRIAS, SEM LÂMPADAS - FORNECIMENTO E INSTALACAO. AF_11/2019","UN",3129.15]
[100622,"POSTE DE AÇO CONICO CONTÍNUO CURVO SIMPLES, ENGASTADO, H=9M, INCLUSIVE LUMINÁRIA, SEM LÂMPADA - FORNECIMENTO E INSTALACAO. AF_11/2019","UN",2341.96]
[100623,"POSTE DE AÇO CONICO CONTÍNUO CURVO DUPLO, ENGASTADO, H=9M, INCLUSIVE LUMINÁRIAS, SEM LÂMPADAS - FORNECIMENTO E INSTALACAO. AF_11/2019","UN",2516.98]
[97605,"LUMINÁRIA ARANDELA TIPO MEIA LUA, DE SOBREPOR, COM 1 LÂMPADA LED DE 6 W, SEM REATOR - FORNECIMENTO E INSTALAÇÃO. AF_09/2024","UN",81.94]
[97607,"LUMINÁRIA ARANDELA TIPO TARTARUGA, DE SOBREPOR, COM 1 LÂMPADA LED DE 6 W, SEM REATOR - FORNECIMENTO E INSTALAÇÃO. AF_09/2024","UN",103.69]
[102102,"TRANSFORMADOR DE DISTRIBUIÇÃO, 30 KVA, TRIFÁSICO, 60 HZ, CLASSE 15 KV, IMERSO EM ÓLEO MINERAL, INSTALAÇÃO EM POSTE (NÃO INCLUSO SUPORTE) - FORNECIMENTO E INSTALAÇÃO. AF_12/2020","UN",10141.459999999999]
[102103,"TRANSFORMADOR DE DISTRIBUIÇÃO, 45 KVA, TRIFÁSICO, 60 HZ, CLASSE 15 KV, IMERSO EM ÓLEO MINERAL, INSTALAÇÃO EM POSTE (NÃO INCLUSO SUPORTE) - FORNECIMENTO E INSTALAÇÃO. AF_12/2020","UN",11287.67]
[102104,"TRANSFORMADOR DE DISTRIBUIÇÃO, 75 KVA, TRIFÁSICO, 60 HZ, CLASSE 15 KV, IMERSO EM ÓLEO MINERAL, INSTALAÇÃO EM POSTE (NÃO INCLUSO SUPORTE) - FORNECIMENTO E INSTALAÇÃO. AF_12/2020","UN",14483.34]
[102105,"TRANSFORMADOR DE DISTRIBUIÇÃO, 112,5 KVA, TRIFÁSICO, 60 HZ, CLASSE 15 KV, IMERSO EM ÓLEO MINERAL, INSTALAÇÃO EM POSTE (NÃO INCLUSO SUPORTE) - FORNECIMENTO E INSTALAÇÃO. AF_12/2020","UN",17803.75]
[102106,"TRANSFORMADOR DE DISTRIBUIÇÃO, 150 KVA, TRIFÁSICO, 60 HZ, CLASSE 15 KV, IMERSO EM ÓLEO MINERAL, INSTALAÇÃO EM POSTE (NÃO INCLUSO SUPORTE) - FORNECIMENTO E INSTALAÇÃO. AF_12/2020","UN",22335.46]
[102107,"TRANSFORMADOR DE DISTRIBUIÇÃO, 225 KVA, TRIFÁSICO, 60 HZ, CLASSE 15 KV, IMERSO EM ÓLEO MINERAL, INSTALAÇÃO EM POSTE (NÃO INCLUSO SUPORTE) - FORNECIMENTO E INSTALAÇÃO. AF_12/2020","UN",31171.65]
[102108,"TRANSFORMADOR DE DISTRIBUIÇÃO, 300 KVA, TRIFÁSICO, 60 HZ, CLASSE 15 KV, IMERSO EM ÓLEO MINERAL, INSTALAÇÃO EM POSTE (NÃO INCLUSO SUPORTE) - FORNECIMENTO E INSTALAÇÃO. AF_12/2020","UN",36301.68]
[102109,"SUPORTE PARA TRANSFORMADOR EM POSTE DE CONCRETO CIRCULAR - FORNECIMENTO E INSTALAÇÃO. AF_12/2020","UN",53.11]
[102110,"SUPORTE PARA TRANSFORMADOR EM POSTE DE CONCRETO DUPLO T - FORNECIMENTO E INSTALAÇÃO. AF_12/2020","UN",162.01]
[103654,"TRANSFORMADOR DE DISTRIBUIÇÃO, 500KVA, TRIFÁSICO, 60 HZ, CLASSE 15 KV, IMERSO EM ÓLEO MINERAL, INSTALAÇÃO EM SOLO (NÃO INCLUSO ABRIGO) - FORNECIMENTO E INSTALAÇÃO. AF_02/2022","UN",58818.85]
[103655,"TRANSFORMADOR DE DISTRIBUIÇÃO, 750 KVA, TRIFÁSICO, 60 HZ, CLASSE 15 KV, IMERSO EM ÓLEO MINERAL, INSTALAÇÃO EM SOLO (NÃO INCLUSO ABRIGO) - FORNECIMENTO E INSTALAÇÃO. AF_02/2022","UN",80572.73]
[103656,"TRANSFORMADOR DE DISTRIBUIÇÃO, 1000 KVA, TRIFÁSICO, 60 HZ, CLASSE 15 KV, IMERSO EM ÓLEO MINERAL, INSTALAÇÃO EM SOLO (NÃO INCLUSO ABRIGO) - FORNECIMENTO E INSTALAÇÃO. AF_02/2022","UN",112649.69]
[96973,"CORDOALHA DE COBRE NU 35 MM², NÃO ENTERRADA, COM ISOLADOR - FORNECIMENTO E INSTALAÇÃO. AF_08/2023","M",66.69]
[96974,"CORDOALHA DE COBRE NU 50 MM², NÃO ENTERRADA, COM ISOLADOR - FORNECIMENTO E INSTALAÇÃO. AF_08/2023","M",86.61]
[96975,"CORDOALHA DE COBRE NU 70 MM², NÃO ENTERRADA, COM ISOLADOR - FORNECIMENTO E INSTALAÇÃO. AF_08/2023","M",107.62]
[96976,"CORDOALHA DE COBRE NU 95 MM², NÃO ENTERRADA, COM ISOLADOR - FORNECIMENTO E INSTALAÇÃO. AF_08/2023","M",142.75]
[96977,"CORDOALHA DE COBRE NU 50 MM², ENTERRADA - FORNECIMENTO E INSTALAÇÃO. AF_08/2023","M",57.33]
[96978,"CORDOALHA DE COBRE NU 70 MM², ENTERRADA - FORNECIMENTO E INSTALAÇÃO. AF_08/2023","M",75.569999999999993]
[96979,"CORDOALHA DE COBRE NU 95 MM², ENTERRADA - FORNECIMENTO E INSTALAÇÃO. AF_08/2023","M",108.17]
[96984,"ELETRODUTO PVC RÍGIDO, DIÂMETRO 40MM, COM 3 METROS, PARA SPDA - FORNECIMENTO E INSTALAÇÃO. AF_08/2023","UN",56.12]
[96985,"HASTE DE ATERRAMENTO, DIÂMETRO 5/8\", COM 3 METROS - FORNECIMENTO E INSTALAÇÃO. AF_08/2023","UN",114.36]
[96986,"HASTE DE ATERRAMENTO, DIÂMETRO 3/4\", COM 3 METROS - FORNECIMENTO E INSTALAÇÃO. AF_08/2023","UN",170.19]
[96987,"BASE METÁLICA PARA MASTRO 1 ½\"  PARA SPDA - FORNECIMENTO E INSTALAÇÃO. AF_08/2023","UN",113.34]
[96988,"MASTRO 1 ½\", COM 3 METROS, PARA SPDA - FORNECIMENTO E INSTALAÇÃO. AF_08/2023","UN",151.94999999999999]
[96989,"CAPTOR TIPO FRANKLIN PARA SPDA - FORNECIMENTO E INSTALAÇÃO. AF_08/2023","UN",127.2]
[98463,"SUPORTE ISOLADOR PARA FIXAÇÃO DA CORDOALHA DE COBRE EM ALVENARIA OU CONCRETO - FORNECIMENTO E INSTALAÇÃO. AF_08/2023","UN",23.9]
[104746,"MINI CAPTOR PARA SPDA - FORNECIMENTO E INSTALAÇÃO. AF_08/2023","UN",25.3]
[104749,"CONECTOR GRAMPO METÁLICO TIPO OLHAL, PARA SPDA, PARA HASTE DE ATERRAMENTO DE 3/4'' E CABOS DE 10 A 50 MM2 - FORNECIMENTO E INSTALAÇÃO. AF_08/2023","UN",24.42]
[104750,"CONECTOR GRAMPO METÁLICO TIPO OLHAL, PARA SPDA, PARA HASTE DE ATERRAMENTO DE 5/8'' E CABOS DE 10 A 50 MM2 - FORNECIMENTO E INSTALAÇÃO. AF_08/2023","UN",18.440000000000001]
[104751,"CONECTOR GRAMPO PARALELO METÁLICO, PARA SPDA, PARA CABOS DE 6 A 50 MM2 - FORNECIMENTO E INSTALAÇÃO. AF_08/2023","UN",28.7]
[104752,"CONECTOR SPLIT-BOLT, PARA SPDA, PARA CABOS ATÉ 35 MM2 - FORNECIMENTO E INSTALAÇÃO. AF_08/2023","UN",22.85]
[104753,"CONECTOR SPLIT-BOLT, PARA SPDA, PARA CABOS ATÉ 50 MM2 - FORNECIMENTO E INSTALAÇÃO. AF_08/2023","UN",28.55]
[104754,"CONECTOR SPLIT-BOLT, PARA SPDA, PARA CABOS ATÉ 70 MM2 - FORNECIMENTO E INSTALAÇÃO. AF_08/2023","UN",38.340000000000003]
[104755,"CONECTOR SPLIT-BOLT, PARA SPDA, PARA CABOS ATÉ 95 MM2 - FORNECIMENTO E INSTALAÇÃO. AF_08/2023","UN",53.51]
[103490,"PLACA DE CONCRETO PRÉ-MOLDADO COMO PROTEÇÃO MECÂNICA ADICIONAL NO REATERRO PARA REDE ENTERRADA DE DISTRIBUIÇÃO DE ENERGIA ELÉTRICA - FORNECIMENTO E INSTALAÇÃO. AF_12/2021","M3",2929.28]
[103491,"CONCRETAGEM COMO PROTEÇÃO MECÂNICA ADICIONAL NO REATERRO PARA REDE ENTERRADA DE DISTRIBUIÇÃO DE ENERGIA ELÉTRICA - FORNECIMENTO E INSTALAÇÃO. AF_12/2021","M3",595.16]
[104758,"FURO MANUAL EM ALVENARIA, PARA INSTALAÇÕES ELÉTRICAS, DIÂMETROS MENORES OU IGUAIS A 40 MM. AF_09/2023","UN",13.78]
[104759,"FURO MANUAL EM ALVENARIA, PARA INSTALAÇÕES ELÉTRICAS, DIÂMETROS MAIORES QUE 40 MM E MENORES OU IGUAIS A 75 MM. AF_09/2023","UN",36.72]
[104760,"FURO MANUAL EM ALVENARIA, PARA INSTALAÇÕES ELÉTRICAS, DIÂMETROS MAIORES QUE 75 MM E MENORES OU IGUAIS A 100 MM. AF_09/2023","UN",53.63]
[104761,"FURO MECANIZADO EM CONCRETO, COM MARTELO DEMOLIDOR, PARA INSTALAÇÕES ELÉTRICAS, DIÂMETROS MENORES OU IGUAIS A 40 MM. AF_09/2023","UN",8.9499999999999993]
[104762,"FURO MECANIZADO EM CONCRETO, COM MARTELO DEMOLIDOR, PARA INSTALAÇÕES ELÉTRICAS, DIÂMETROS MAIORES QUE 40 MM E MENORES OU IGUAIS A 75 MM. AF_09/2023","UN",23.86]
[104763,"FURO MECANIZADO EM CONCRETO, COM MARTELO DEMOLIDOR, PARA INSTALAÇÕES ELÉTRICAS, DIÂMETROS MAIORES QUE 75 MM E MENORES OU IGUAIS A 150 MM. AF_09/2023","UN",34.85]
[104764,"SUPORTE PARA 2 ELETRODUTOS, ESPAÇADO A CADA 80 CM, EM PERFILADO COM COMPRIMENTO DE 25 CM FIXADO EM LAJE, POR METRO DE ELETRODUTO FIXADO. AF_09/2023","M",20.059999999999999]
[104765,"SUPORTE PARA 4 ELETRODUTOS, ESPAÇADO A CADA 80 CM, EM PERFILADO COM COMPRIMENTO DE 42 CM FIXADO EM LAJE, POR METRO DE ELETRODUTO FIXADO. AF_09/2023","M",15.67]
[104766,"CHUMBAMENTO LINEAR EM ALVENARIA PARA ELETRODUTOS COM DIÂMETROS MENORES OU IGUAIS A 40 MM. AF_09/2023","M",14.49]
[104768,"FURO MECANIZADO EM ALVENARIA, PARA INSTALAÇÕES ELÉTRICAS, DIÂMETROS MENORES OU IGUAIS A 40 MM. AF_09/2023","UN",0.56999999999999995]
[104770,"FURO MECANIZADO EM ALVENARIA, PARA INSTALAÇÕES ELÉTRICAS, DIÂMETROS MAIORES QUE 40 MM E MENORES OU IGUAIS A 75 MM. AF_09/2023","UN",1.55]
[104772,"FURO MECANIZADO EM ALVENARIA, PARA INSTALAÇÕES ELÉTRICAS, DIÂMETROS MAIORES QUE 75 MM E MENORES OU IGUAIS A 100 MM. AF_09/2023","UN",2.27]
[104774,"FURO MECANIZADO EM CONCRETO, COM PERFURATRIZ, PARA INSTALAÇÕES ELÉTRICAS, DIÂMETROS MENORES OU IGUAIS A 40 MM. AF_09/2023","UN",2.06]
[104776,"FURO MECANIZADO EM CONCRETO, COM PERFURATRIZ, PARA INSTALAÇÕES ELÉTRICAS, DIÂMETROS MAIORES QUE 40 MM E MENORES OU IGUAIS A 75 MM. AF_09/2023","UN",5.52]
[104778,"FURO MECANIZADO EM CONCRETO, COM PERFURATRIZ, PARA INSTALAÇÕES ELÉTRICAS, DIÂMETROS MAIORES QUE 75 MM E MENORES OU IGUAIS A 150 MM. AF_09/2023","UN",8.07]
[104780,"RASGO LINEAR MECANIZADO EM ALVENARIA, PARA ELETRODUTOS, DIÂMETROS MENORES OU IGUAIS A 40 MM. AF_09/2023","M",6.32]
[104785,"FIXAÇÃO DE ELETRODUTOS, DIÂMETROS MENORES OU IGUAIS A 40 MM, COM ABRAÇADEIRA METÁLICA RÍGIDA TIPO D COM PARAFUSO DE FIXAÇÃO 1 1/4\", FIXADA DIRETAMENTE NA LAJE OU PAREDE. AF_09/2023","M",10.8]
[96765,"ABRIGO PARA HIDRANTE, 90X60X17CM, COM REGISTRO GLOBO ANGULAR 45 GRAUS 2 1/2\", ADAPTADOR STORZ 2 1/2\", MANGUEIRA DE INCÊNDIO 20M, REDUÇÃO 2 1/2\" X 1 1/2\" E ESGUICHO EM LATÃO 1 1/2\" - FORNECIMENTO E INSTALAÇÃO. AF_10/2020","UN",1215.25]
[101905,"EXTINTOR DE INCÊNDIO PORTÁTIL COM CARGA DE ÁGUA PRESSURIZADA DE 10 L, CLASSE A - FORNECIMENTO E INSTALAÇÃO. AF_10/2020_PE","UN",170.22]
[101906,"EXTINTOR DE INCÊNDIO PORTÁTIL COM CARGA DE CO2 DE 4 KG, CLASSE BC - FORNECIMENTO E INSTALAÇÃO. AF_10/2020_PE","UN",491.29]
[101907,"EXTINTOR DE INCÊNDIO PORTÁTIL COM CARGA DE CO2 DE 6 KG, CLASSE BC - FORNECIMENTO E INSTALAÇÃO. AF_10/2020_PE","UN",530.41]
[101908,"EXTINTOR DE INCÊNDIO PORTÁTIL COM CARGA DE PQS DE 4 KG, CLASSE BC - FORNECIMENTO E INSTALAÇÃO. AF_10/2020_PE","UN",165.33]
[101909,"EXTINTOR DE INCÊNDIO PORTÁTIL COM CARGA DE PQS DE 6 KG, CLASSE BC - FORNECIMENTO E INSTALAÇÃO. AF_10/2020_PE","UN",191.41]
[101910,"EXTINTOR DE INCÊNDIO PORTÁTIL COM CARGA DE PQS DE 8 KG, CLASSE BC - FORNECIMENTO E INSTALAÇÃO. AF_10/2020_PE","UN",224]
[101911,"EXTINTOR DE INCÊNDIO PORTÁTIL COM CARGA DE PQS DE 12 KG, CLASSE BC - FORNECIMENTO E INSTALAÇÃO. AF_10/2020_PE","UN",256.60000000000002]
[101912,"ABRIGO PARA HIDRANTE, 75X45X17CM, COM REGISTRO GLOBO ANGULAR 45 GRAUS 2 1/2\", ADAPTADOR STORZ 2 1/2\", MANGUEIRA DE INCÊNDIO 15M 2 1/2\" E ESGUICHO EM LATÃO 2 1/2\" - FORNECIMENTO E INSTALAÇÃO. AF_10/2020","UN",1586.6]
[101913,"CAIXA DE INCÊNDIO 45X75X17CM - FORNECIMENTO E INSTALAÇÃO. AF_10/2020","UN",298.91000000000003]
[101914,"CAIXA DE INCÊNDIO 60X90X17CM - FORNECIMENTO E INSTALAÇÃO. AF_10/2020","UN",381.21]
[101915,"CONJUNTO DE MANGUEIRA PARA COMBATE A INCÊNDIO EM FIBRA DE POLIESTER PURA, COM 1.1/2\", REVESTIDA INTERNAMENTE, COMPRIMENTO DE 15M - FORNECIMENTO E INSTALAÇÃO. AF_10/2020","UN",318.81]
[101916,"HIDRANTE SUBTERRÂNEO PREDIAL (COM CURVA LONGA E CAIXA), DN 75 MM - FORNECIMENTO E INSTALAÇÃO. AF_10/2020","UN",3364.3]
[101917,"MANÔMETRO 0 A 200 PSI (0 A 14 KGF/CM2), D = 50MM - FORNECIMENTO E INSTALAÇÃO. AF_10/2020","UN",160.27000000000001]
[98261,"CABO TELEFÔNICO CCI-50 1 PAR, INSTALADO EM ENTRADA DE EDIFICAÇÃO - FORNECIMENTO E INSTALAÇÃO. AF_11/2019","M",3.5]
[98262,"CABO TELEFÔNICO CCI-50 2 PARES, SEM BLINDAGEM, INSTALADO EM ENTRADA DE EDIFICAÇÃO - FORNECIMENTO E INSTALAÇÃO. AF_11/2019","M",4.2300000000000004]
[98263,"CABO TELEFÔNICO CCI-50 3 PARES, SEM BLINDAGEM, INSTALADO EM ENTRADA DE EDIFICAÇÃO - FORNECIMENTO E INSTALAÇÃO. AF_11/2019","M",4.42]
[98264,"CABO TELEFÔNICO CCI-50 4 PARES, SEM BLINDAGEM, INSTALADO EM ENTRADA DE EDIFICAÇÃO - FORNECIMENTO E INSTALAÇÃO. AF_11/2019","M",5.2]
[98265,"CABO TELEFÔNICO CCI-50 5 PARES, SEM BLINDAGEM, INSTALADO EM ENTRADA DE EDIFICAÇÃO - FORNECIMENTO E INSTALAÇÃO. AF_11/2019","M",5.73]
[98266,"CABO TELEFÔNICO CCI-50 6 PARES, SEM BLINDAGEM, INSTALADO EM ENTRADA DE EDIFICAÇÃO - FORNECIMENTO E INSTALAÇÃO. AF_11/2019","M",6.42]
[98267,"CABO TELEFÔNICO CI-50 10 PARES INSTALADO EM ENTRADA DE EDIFICAÇÃO - FORNECIMENTO E INSTALAÇÃO. AF_11/2019","M",10]
[98268,"CABO TELEFÔNICO CI-50 20 PARES INSTALADO EM ENTRADA DE EDIFICAÇÃO - FORNECIMENTO E INSTALAÇÃO. AF_11/2019","M",15.72]
[98269,"CABO TELEFÔNICO CI-50 30 PARES INSTALADO EM ENTRADA DE EDIFICAÇÃO - FORNECIMENTO E INSTALAÇÃO. AF_11/2019","M",21.24]
[98270,"CABO TELEFÔNICO CI-50 50 PARES INSTALADO EM ENTRADA DE EDIFICAÇÃO - FORNECIMENTO E INSTALAÇÃO. AF_11/2019","M",31.63]
[98271,"CABO TELEFÔNICO CI-50 75 PARES INSTALADO EM ENTRADA DE EDIFICAÇÃO - FORNECIMENTO E INSTALAÇÃO. AF_11/2019","M",44.15]
[98272,"CABO TELEFÔNICO CI-50 200 PARES INSTALADO EM ENTRADA DE EDIFICAÇÃO - FORNECIMENTO E INSTALAÇÃO. AF_11/2019","M",100.18]
[98273,"CABO TELEFÔNICO CCI-50 4 PARES, SEM BLINDAGEM, INSTALADO EM PRUMADA - FORNECIMENTO E INSTALAÇÃO. AF_11/2019","M",2.39]
[98274,"CABO TELEFÔNICO CCI-50 5 PARES, SEM BLINDAGEM, INSTALADO EM PRUMADA - FORNECIMENTO E INSTALAÇÃO. AF_11/2019","M",2.91]
[98275,"CABO TELEFÔNICO CCI-50 6 PARES, SEM BLINDAGEM, INSTALADO EM PRUMADA - FORNECIMENTO E INSTALAÇÃO. AF_11/2019","M",3.6]
[98276,"CABO TELEFÔNICO CI-50 10 PARES INSTALADO EM PRUMADA - FORNECIMENTO E INSTALAÇÃO. AF_11/2019","M",7.18]
[98277,"CABO TELEFÔNICO CI-50 20 PARES INSTALADO EM PRUMADA - FORNECIMENTO E INSTALAÇÃO. AF_11/2019","M",12.91]
[98278,"CABO TELEFÔNICO CI-50 30 PARES INSTALADO EM PRUMADA - FORNECIMENTO E INSTALAÇÃO. AF_11/2019","M",18.43]
[98279,"CABO TELEFÔNICO CI-50 50 PARES INSTALADO EM PRUMADA - FORNECIMENTO E INSTALAÇÃO. AF_11/2019","M",28.81]
[98280,"CABO TELEFÔNICO CCI-50 1 PAR, SEM BLINDAGEM, INSTALADO EM DISTRIBUIÇÃO DE EDIFICAÇÃO RESIDENCIAL - FORNECIMENTO E INSTALAÇÃO. AF_11/2019","M",7.12]
[98281,"CABO TELEFÔNICO CCI-50 2 PARES, SEM BLINDAGEM, INSTALADO EM DISTRIBUIÇÃO DE EDIFICAÇÃO RESIDENCIAL - FORNECIMENTO E INSTALAÇÃO. AF_11/2019","M",7.84]
[98282,"CABO TELEFÔNICO CCI-50 3 PARES, SEM BLINDAGEM, INSTALADO EM DISTRIBUIÇÃO DE EDIFICAÇÃO RESIDENCIAL - FORNECIMENTO E INSTALAÇÃO. AF_11/2019","M",8.0399999999999991]
[98283,"CABO TELEFÔNICO CCI-50 4 PARES, SEM BLINDAGEM, INSTALADO EM DISTRIBUIÇÃO DE EDIFICAÇÃO RESIDENCIAL - FORNECIMENTO E INSTALAÇÃO. AF_11/2019","M",8.83]
[98284,"CABO TELEFÔNICO CCI-50 5 PARES, SEM BLINDAGEM, INSTALADO EM DISTRIBUIÇÃO DE EDIFICAÇÃO RESIDENCIAL - FORNECIMENTO E INSTALAÇÃO. AF_11/2019","M",9.34]
[98285,"CABO TELEFÔNICO CCI-50 6 PARES, SEM BLINDAGEM, INSTALADO EM DISTRIBUIÇÃO DE EDIFICAÇÃO RESIDENCIAL - FORNECIMENTO E INSTALAÇÃO. AF_11/2019","M",10.039999999999999]
[98286,"CABO TELEFÔNICO CI-50 10 PARES INSTALADO EM DISTRIBUIÇÃO DE EDIFICAÇÃO RESIDENCIAL - FORNECIMENTO E INSTALAÇÃO. AF_11/2019","M",13.62]
[98287,"CABO TELEFÔNICO CCI-50 1 PAR, SEM BLINDAGEM, INSTALADO EM DISTRIBUIÇÃO DE EDIFICAÇÃO INSTITUCIONAL - FORNECIMENTO E INSTALAÇÃO. AF_11/2019","M",1.33]
[98288,"CABO TELEFÔNICO CCI-50 2 PARES, SEM BLINDAGEM, INSTALADO EM DISTRIBUIÇÃO DE EDIFICAÇÃO INSTITUCIONAL - FORNECIMENTO E INSTALAÇÃO. AF_11/2019","M",2.06]
[98289,"CABO TELEFÔNICO CCI-50 3 PARES, SEM BLINDAGEM, INSTALADO EM DISTRIBUIÇÃO DE EDIFICAÇÃO INSTITUCIONAL - FORNECIMENTO E INSTALAÇÃO. AF_11/2019","M",2.25]
[98290,"CABO TELEFÔNICO CCI-50 4 PARES, SEM BLINDAGEM, INSTALADO EM DISTRIBUIÇÃO DE EDIFICAÇÃO INSTITUCIONAL - FORNECIMENTO E INSTALAÇÃO. AF_11/2019","M",3.03]
[98291,"CABO TELEFÔNICO CCI-50 5 PARES, SEM BLINDAGEM, INSTALADO EM DISTRIBUIÇÃO DE EDIFICAÇÃO INSTITUCIONAL - FORNECIMENTO E INSTALAÇÃO. AF_11/2019","M",3.55]
[98292,"CABO TELEFÔNICO CCI-50 6 PARES, SEM BLINDAGEM, INSTALADO EM DISTRIBUIÇÃO DE EDIFICAÇÃO INSTITUCIONAL - FORNECIMENTO E INSTALAÇÃO. AF_11/2019","M",4.25]
[98293,"CABO TELEFÔNICO CI-50 10 PARES INSTALADO EM DISTRIBUIÇÃO DE EDIFICAÇÃO INSTITUCIONAL - FORNECIMENTO E INSTALAÇÃO. AF_11/2019","M",7.83]
[98400,"CABO TELEFÔNICO CTP-APL-50 10 PARES INSTALADO EM ENTRADA DE EDIFICAÇÃO - FORNECIMENTO E INSTALAÇÃO. AF_11/2019","M",12.11]
[98401,"CABO TELEFÔNICO CTP-APL-50 20 PARES INSTALADO EM ENTRADA DE EDIFICAÇÃO - FORNECIMENTO E INSTALAÇÃO. AF_11/2019","M",18.64]
[98402,"CABO TELEFÔNICO CTP-APL-50 30 PARES INSTALADO EM ENTRADA DE EDIFICAÇÃO - FORNECIMENTO E INSTALAÇÃO. AF_11/2019","M",21.69]
[100556,"CAIXA DE PASSAGEM PARA TELEFONE 15X15X10CM (SOBREPOR), FORNECIMENTO E INSTALACAO. AF_11/2019","UN",38.799999999999997]
[100557,"CAIXA DE PASSAGEM PARA TELEFONE 80X80X15CM (SOBREPOR) FORNECIMENTO E INSTALACAO. AF_11/2019","UN",471.55]
[100560,"QUADRO DE DISTRIBUIÇÃO PARA TELEFONE N.2, 20X20X12CM EM CHAPA METALICA, DE EMBUTIR, SEM ACESSORIOS, PADRÃO TELEBRAS, FORNECIMENTO E INSTALAÇÃO. AF_11/2019","UN",105.64]
[100561,"QUADRO DE DISTRIBUICAO PARA TELEFONE N.3, 40X40X12CM EM CHAPA METALICA, DE EMBUTIR, SEM ACESSORIOS, PADRAO TELEBRAS, FORNECIMENTO E INSTALAÇÃO. AF_11/2019","UN",191.16]
[100562,"QUADRO DE DISTRIBUICAO PARA TELEFONE N.4, 60X60X12CM EM CHAPA METALICA, DE EMBUTIR, SEM ACESSORIOS, PADRAO TELEBRAS, FORNECIMENTO E INSTALAÇÃO. AF_11/2019","UN",294.89]
[100563,"QUADRO DE DISTRIBUIÇÃO PARA TELEFONE N.5, 80X80X12CM EM CHAPA METALICA, SEM ACESSORIOS, PADRAO TELEBRAS, FORNECIMENTO E INSTALAÇÃO. AF_11/2019","UN",424.32]
[101795,"CAIXA ENTERRADA PARA INSTALAÇÕES TELEFÔNICAS TIPO R1, EM ALVENARIA COM BLOCOS DE CONCRETO, DIMENSÕES INTERNAS: 0,35X0,60X0,60 M, EXCLUINDO TAMPÃO. AF_12/2020","UN",568.53]
[101798,"TAMPA PARA CAIXA TIPO R1, EM FERRO FUNDIDO, DIMENSÕES INTERNAS: 0,40 X 0,60 M - FORNECIMENTO E INSTALAÇÃO. AF_12/2020","UN",284.93]
[101799,"TAMPA PARA CAIXA TIPO R2 E R3, EM FERRO FUNDIDO, DIMENSÕES INTERNAS: 0,55 X 1,10 M - FORNECIMENTO E INSTALAÇÃO. AF_12/2020","UN",684.81]
[98397,"PINTURA ANTICORROSIVA DE DUTO METÁLICO. AF_03/2024","M2",12.61]
[103244,"AR CONDICIONADO SPLIT INVERTER, HI-WALL (PAREDE), 9000 BTU/H, CICLO FRIO - FORNECIMENTO E INSTALAÇÃO. AF_11/2021_PE","UN",2607.7399999999998]
[103245,"AR CONDICIONADO SPLIT ON/OFF, HI-WALL (PAREDE), 9000 BTUS/H, CICLO FRIO - FORNECIMENTO E INSTALAÇÃO. AF_11/2021_PE","UN",2049.79]
[103246,"AR CONDICIONADO SPLIT ON/OFF, HI-WALL (PAREDE), 9000 BTUS/H, CICLO QUENTE/FRIO - FORNECIMENTO E INSTALAÇÃO. AF_11/2021_PE","UN",2238.48]
[103247,"AR CONDICIONADO SPLIT INVERTER, HI-WALL (PAREDE), 12000 BTU/H, CICLO FRIO - FORNECIMENTO E INSTALAÇÃO. AF_11/2021_PE","UN",2897.95]
[103248,"AR CONDICIONADO SPLIT ON/OFF, HI-WALL (PAREDE), 12000 BTUS/H, CICLO FRIO - FORNECIMENTO E INSTALAÇÃO. AF_11/2021_PE","UN",2362.0300000000002]
[103249,"AR CONDICIONADO SPLIT ON/OFF, HI-WALL (PAREDE), 12000 BTUS/H, CICLO QUENTE/FRIO - FORNECIMENTO E INSTALAÇÃO. AF_11/2021_PE","UN",2540.11]
[103250,"AR CONDICIONADO SPLIT INVERTER, HI-WALL (PAREDE), 18000 BTU/H, CICLO FRIO - FORNECIMENTO E INSTALAÇÃO. AF_11/2021_PE","UN",4222.43]
[103251,"AR CONDICIONADO SPLIT ON/OFF, HI-WALL (PAREDE), 18000 BTUS/H, CICLO FRIO - FORNECIMENTO E INSTALAÇÃO. AF_11/2021_PE","UN",3327.35]
[103252,"AR CONDICIONADO SPLIT ON/OFF, HI-WALL (PAREDE), 18000 BTUS/H, CICLO QUENTE/FRIO - FORNECIMENTO E INSTALAÇÃO. AF_11/2021_PE","UN",3688.31]
[103253,"AR CONDICIONADO SPLIT INVERTER, HI-WALL (PAREDE), 24000 BTU/H, CICLO FRIO - FORNECIMENTO E INSTALAÇÃO. AF_11/2021_PE","UN",5767.51]
[103254,"AR CONDICIONADO SPLIT ON/OFF, HI-WALL (PAREDE), 24000 BTUS/H, CICLO FRIO - FORNECIMENTO E INSTALAÇÃO. AF_11/2021_PE","UN",4304.16]
[103255,"AR CONDICIONADO SPLIT ON/OFF, HI-WALL (PAREDE), 24000 BTUS/H, CICLO QUENTE/FRIO - FORNECIMENTO E INSTALAÇÃO. AF_11/2021_PE","UN",4820.47]
[103256,"AR CONDICIONADO SPLIT INVERTER, PISO TETO, 18000 BTU/H, CICLO FRIO - FORNECIMENTO E INSTALAÇÃO. AF_11/2021_PSE","UN",10726.67]
[103257,"AR CONDICIONADO SPLIT ON/OFF, PISO TETO, 18.000 BTU/H, CICLO FRIO - FORNECIMENTO E INSTALAÇÃO. AF_11/2021_PSE","UN",6106.96]
[103258,"AR CONDICIONADO SPLIT INVERTER, PISO TETO, 24000 BTU/H, CICLO FRIO - FORNECIMENTO E INSTALAÇÃO. AF_11/2021_PSE","UN",11997.04]
[103259,"AR CONDICIONADO SPLIT ON/OFF, PISO TETO, 24.000 BTU/H, CICLO FRIO - FORNECIMENTO E INSTALAÇÃO. AF_11/2021_PSE","UN",6440.97]
[103260,"AR CONDICIONADO SPLIT INVERTER, PISO TETO, 24000 BTU/H, QUENTE/FRIO - FORNECIMENTO E INSTALAÇÃO. AF_11/2021_PSE","UN",6617.78]
[103261,"AR CONDICIONADO SPLIT INVERTER, PISO TETO, 36000 BTU/H, CICLO FRIO - FORNECIMENTO E INSTALAÇÃO. AF_11/2021_PSE","UN",13536.58]
[103262,"AR CONDICIONADO SPLIT ON/OFF, PISO TETO, 36.000 BTU/H, CICLO FRIO - FORNECIMENTO E INSTALAÇÃO. AF_11/2021_PSE","UN",8474.24]
[103263,"AR CONDICIONADO SPLIT INVERTER, PISO TETO, 48000 BTU/H, CICLO FRIO - FORNECIMENTO E INSTALAÇÃO. AF_11/2021_PE","UN",18805.580000000002]
[103264,"AR CONDICIONADO SPLIT ON/OFF, PISO TETO, 48.000 BTU/H, CICLO FRIO - FORNECIMENTO E INSTALAÇÃO. AF_11/2021_PE","UN",10517.09]
[103265,"AR CONDICIONADO SPLIT INVERTER, PISO TETO, APRESENTANDO ENTRE 54000 E 58000 BTU/H, CICLO FRIO - FORNECIMENTO E INSTALAÇÃO. AF_11/2021_PE","UN",22685.26]
[103266,"AR CONDICIONADO SPLIT ON/OFF, PISO TETO, 60.000 BTU/H, CICLO FRIO - FORNECIMENTO E INSTALAÇÃO. AF_11/2021_PE","UN",11753.44]
[103267,"AR CONDICIONADO SPLIT ON/OFF, CASSETE (TETO), FRIO 4 VIAS 18000 BTU/H - FORNECIMENTO E INSTALAÇÃO. AF_11/2021_PE","UN",6680.14]
[103268,"AR CONDICIONADO SPLIT ON/OFF, CASSETE (TETO), 18000 BTU/H, CICLO QUENTE/FRIO - FORNECIMENTO E INSTALAÇÃO. AF_11/2021_PE","UN",7939.47]
[103269,"AR CONDICIONADO SPLIT ON/OFF, CASSETE (TETO), FRIO 4 VIAS 24000 BTU/H - FORNECIMENTO E INSTALAÇÃO. AF_11/2021_PE","UN",8221.08]
[103270,"AR CONDICIONADO SPLIT ON/OFF, CASSETE (TETO), 24000 BTU/H, CICLO QUENTE/FRIO - FORNECIMENTO E INSTALAÇÃO. AF_11/2021_PE","UN",8535.68]
[103271,"AR CONDICIONADO SPLIT ON/OFF, CASSETE (TETO), FRIO 4 VIAS 36000 BTU/H - FORNECIMENTO E INSTALAÇÃO. AF_11/2021_PE","UN",12109.72]
[103272,"AR CONDICIONADO SPLIT ON/OFF, CASSETE (TETO), 36000 BTU/H, CICLO QUENTE/FRIO - FORNECIMENTO E INSTALAÇÃO. AF_11/2021_PE","UN",12509.79]
[103273,"AR CONDICIONADO SPLIT ON/OFF, CASSETE (TETO), FRIO 4 VIAS 48000 BTU/H - FORNECIMENTO E INSTALAÇÃO. AF_11/2021_PE","UN",12857.06]
[103274,"AR CONDICIONADO SPLIT ON/OFF, CASSETE (TETO), 48000 BTU/H, CICLO QUENTE/FRIO - FORNECIMENTO E INSTALAÇÃO. AF_11/2021_PE","UN",14738.64]
[103275,"AR CONDICIONADO SPLIT ON/OFF, CASSETE (TETO), FRIO 4 VIAS 60000 BTU/H - FORNECIMENTO E INSTALAÇÃO. AF_11/2021_PE","UN",14661.82]
[103276,"AR CONDICIONADO SPLIT ON/OFF, CASSETE (TETO), 60000 BTU/H, CICLO QUENTE/FRIO - FORNECIMENTO E INSTALAÇÃO. AF_11/2021_PE","UN",15389.56]
[103277,"AR CONDICIONADO SPLITÃO 10 TR - FORNECIMENTO E INSTALAÇÃO. AF_11/2021_PE","UN",28453.86]
[103278,"AR CONDICIONADO SPLITÃO 15 TR - FORNECIMENTO E INSTALAÇÃO. AF_11/2021_PE","UN",36446.879999999997]
[103288,"RASGO E CHUMBAMENTO EM ALVENARIA PARA TUBOS DE SPLIT PAREDE DE 9000 A 24000 BTUS/H. AF_11/2021","UN",13.69]
[103289,"TUBO EM COBRE FLEXÍVEL, DN 1/4\", COM ISOLAMENTO, INSTALADO EM FORRO, PARA RAMAL DE ALIMENTAÇÃO DE AR CONDICIONADO, INCLUSO FIXADOR. AF_11/2021_PA","M",31.72]
[103290,"TUBO EM COBRE FLEXÍVEL, DN 3/8\", COM ISOLAMENTO, INSTALADO EM FORRO, PARA RAMAL DE ALIMENTAÇÃO DE AR CONDICIONADO, INCLUSO FIXADOR. AF_11/2021_PA","M",50.57]
[103291,"TUBO EM COBRE FLEXÍVEL, DN 1/2\", COM ISOLAMENTO, INSTALADO EM FORRO, PARA RAMAL DE ALIMENTAÇÃO DE AR CONDICIONADO, INCLUSO FIXADOR. AF_11/2021_PA","M",63.06]
[103292,"TUBO EM COBRE FLEXÍVEL, DN 5/8\", COM ISOLAMENTO, INSTALADO EM FORRO, PARA RAMAL DE ALIMENTAÇÃO DE AR CONDICIONADO, INCLUSO FIXADOR. AF_11/2021_PA","M",76.16]
[101936,"INSTALAÇÃO DE TUBOS E CONEXÕES, EM AÇO/FERRO GALVANIZADO, PARA O CENTRO DE MEDIÇÃO DE GÁS DE EDIFÍCIO RESIDENCIAL, COM 4 PAVIMENTOS, 16 UNIDADES HABITACIONAIS, DN 32 (1 1/4\") - FORNECIMENTO E INSTALAÇÃO. AF_10/2020","UN",8859.66]
[101937,"INSTALAÇÃO DE TUBOS E CONEXÕES, EM AÇO/FERRO GALVANIZADO, PARA O CENTRO DE MEDIÇÃO DE GÁS DE EDIFÍCIO RESIDENCIAL, COM 4 PAVIMENTOS, 16 UNIDADES HABITACIONAIS, DN 50 (2\") - FORNECIMENTO E INSTALAÇÃO. AF_10/2020","UN",15643.24]
[98294,"CABO ELETRÔNICO CATEGORIA 5E, INSTALADO EM EDIFICAÇÃO RESIDENCIAL - FORNECIMENTO E INSTALAÇÃO. AF_11/2019","M",5.84]
[98295,"CABO ELETRÔNICO CATEGORIA 5E, INSTALADO EM EDIFICAÇÃO INSTITUCIONAL - FORNECIMENTO E INSTALAÇÃO. AF_11/2019","M",5.18]
[98296,"CABO ELETRÔNICO CATEGORIA 6, INSTALADO EM EDIFICAÇÃO RESIDENCIAL - FORNECIMENTO E INSTALAÇÃO. AF_11/2019","M",8.51]
[98297,"CABO ELETRÔNICO CATEGORIA 6, INSTALADO EM EDIFICAÇÃO INSTITUCIONAL - FORNECIMENTO E INSTALAÇÃO. AF_11/2019","M",7.47]
[98298,"CABO ELETRÔNICO CATEGORIA 6A, INSTALADO EM EDIFICAÇÃO RESIDENCIAL - FORNECIMENTO E INSTALAÇÃO. AF_11/2019","M",20.71]
[98299,"CABO ELETRÔNICO CATEGORIA 6A, INSTALADO EM EDIFICAÇÃO INSTITUCIONAL - FORNECIMENTO E INSTALAÇÃO. AF_11/2019","M",19.43]
[98300,"CABO COAXIAL RG6 95% - FORNECIMENTO E INSTALAÇÃO. AF_11/2019","M",5.22]
[98301,"PATCH PANEL 24 PORTAS, CATEGORIA 5E - FORNECIMENTO E INSTALAÇÃO. AF_11/2019","UN",630.54999999999995]
[98302,"PATCH PANEL 24 PORTAS, CATEGORIA 6 - FORNECIMENTO E INSTALAÇÃO. AF_11/2019","UN",1202.76]
[98304,"PATCH PANEL 48 PORTAS, CATEGORIA 6 - FORNECIMENTO E INSTALAÇÃO. AF_11/2019","UN",3794.07]
[98305,"RACK FECHADO PARA SERVIDOR - FORNECIMENTO E INSTALAÇÃO. AF_11/2019","UN",2822.81]
[98306,"BLOCO DE ENGATE RÁPIDO PARA BASTIDOR TIPO M10 - FORNECIMENTO E INSTALAÇÃO. AF_11/2019","UN",62.01]
[98307,"TOMADA DE REDE RJ45 - FORNECIMENTO E INSTALAÇÃO. AF_11/2019","UN",43.61]
[98308,"TOMADA PARA TELEFONE RJ11 - FORNECIMENTO E INSTALAÇÃO. AF_11/2019","UN",28.88]
[98593,"PATCH PANEL 48 PORTAS, CATEGORIA 5E - FORNECIMENTO E INSTALAÇÃO. AF_11/2019","UN",2627.33]
[100553,"CABO COAXIAL RG11 95% - FORNECIMENTO E INSTALAÇÃO. AF_11/2019","M",22.26]
[100554,"CABO COAXIAL RG59 95% - FORNECIMENTO E INSTALAÇÃO. AF_11/2019","M",4.96]
[100555,"RACK ABERTO EM COLUNA 44U PARA SERVIDOR - FORNECIMENTO E INSTALAÇÃO. AF_11/2019","UN",1411.61]
[89355,"TUBO, PVC, SOLDÁVEL, DE 20MM, INSTALADO EM RAMAL OU SUB-RAMAL DE ÁGUA - FORNECIMENTO E INSTALAÇÃO. AF_06/2022","M",18.600000000000001]
[89356,"TUBO, PVC, SOLDÁVEL, DE 25MM, INSTALADO EM RAMAL OU SUB-RAMAL DE ÁGUA - FORNECIMENTO E INSTALAÇÃO. AF_06/2022","M",21.46]
[89357,"TUBO, PVC, SOLDÁVEL, DE 32MM, INSTALADO EM RAMAL OU SUB-RAMAL DE ÁGUA - FORNECIMENTO E INSTALAÇÃO. AF_06/2022","M",29.71]
[89401,"TUBO, PVC, SOLDÁVEL, DE 20MM, INSTALADO EM RAMAL DE DISTRIBUIÇÃO DE ÁGUA - FORNECIMENTO E INSTALAÇÃO. AF_06/2022","M",9.9499999999999993]
[89402,"TUBO, PVC, SOLDÁVEL, DE 25MM, INSTALADO EM RAMAL DE DISTRIBUIÇÃO DE ÁGUA - FORNECIMENTO E INSTALAÇÃO. AF_06/2022","M",11.44]
[89403,"TUBO, PVC, SOLDÁVEL, DE 32MM, INSTALADO EM RAMAL DE DISTRIBUIÇÃO DE ÁGUA - FORNECIMENTO E INSTALAÇÃO. AF_06/2022","M",17.77]
[89446,"TUBO, PVC, SOLDÁVEL, DE 25MM, INSTALADO EM PRUMADA DE ÁGUA - FORNECIMENTO E INSTALAÇÃO. AF_06/2022","M",5.15]
[89447,"TUBO, PVC, SOLDÁVEL, DE 32MM, INSTALADO EM PRUMADA DE ÁGUA - FORNECIMENTO E INSTALAÇÃO. AF_06/2022","M",10.28]
[89448,"TUBO, PVC, SOLDÁVEL, DE 40MM, INSTALADO EM PRUMADA DE ÁGUA - FORNECIMENTO E INSTALAÇÃO. AF_06/2022","M",15.77]
[89449,"TUBO, PVC, SOLDÁVEL, DE 50MM, INSTALADO EM PRUMADA DE ÁGUA - FORNECIMENTO E INSTALAÇÃO. AF_06/2022","M",17.43]
[89450,"TUBO, PVC, SOLDÁVEL, DE 60MM, INSTALADO EM PRUMADA DE ÁGUA - FORNECIMENTO E INSTALAÇÃO. AF_06/2022","M",27.98]
[89451,"TUBO, PVC, SOLDÁVEL, DE 75MM, INSTALADO EM PRUMADA DE ÁGUA - FORNECIMENTO E INSTALAÇÃO. AF_06/2022","M",45.6]
[89452,"TUBO, PVC, SOLDÁVEL, DE 85MM, INSTALADO EM PRUMADA DE ÁGUA - FORNECIMENTO E INSTALAÇÃO. AF_06/2022","M",62.84]
[89508,"TUBO PVC, SÉRIE R, ÁGUA PLUVIAL, DN 40 MM, FORNECIDO E INSTALADO EM RAMAL DE ENCAMINHAMENTO. AF_06/2022","M",16.04]
[89509,"TUBO PVC, SÉRIE R, ÁGUA PLUVIAL, DN 50 MM, FORNECIDO E INSTALADO EM RAMAL DE ENCAMINHAMENTO. AF_06/2022","M",21.73]
[89511,"TUBO PVC, SÉRIE R, ÁGUA PLUVIAL, DN 75 MM, FORNECIDO E INSTALADO EM RAMAL DE ENCAMINHAMENTO. AF_06/2022","M",37.22]
[89512,"TUBO PVC, SÉRIE R, ÁGUA PLUVIAL, DN 100 MM, FORNECIDO E INSTALADO EM RAMAL DE ENCAMINHAMENTO. AF_06/2022","M",47.07]
[89576,"TUBO PVC, SÉRIE R, ÁGUA PLUVIAL, DN 75 MM, FORNECIDO E INSTALADO EM CONDUTORES VERTICAIS DE ÁGUAS PLUVIAIS. AF_06/2022","M",26.29]
[89578,"TUBO PVC, SÉRIE R, ÁGUA PLUVIAL, DN 100 MM, FORNECIDO E INSTALADO EM CONDUTORES VERTICAIS DE ÁGUAS PLUVIAIS. AF_06/2022","M",32.549999999999997]
[89580,"TUBO PVC, SÉRIE R, ÁGUA PLUVIAL, DN 150 MM, FORNECIDO E INSTALADO EM CONDUTORES VERTICAIS DE ÁGUAS PLUVIAIS. AF_06/2022","M",67.42]
[89633,"TUBO, CPVC, SOLDÁVEL, DN 15MM, INSTALADO EM RAMAL OU SUB-RAMAL DE ÁGUA - FORNECIMENTO E INSTALAÇÃO. AF_06/2022","M",24.93]
[89634,"TUBO, CPVC, SOLDÁVEL, DN 22MM, INSTALADO EM RAMAL OU SUB-RAMAL DE ÁGUA - FORNECIMENTO E INSTALAÇÃO. AF_06/2022","M",35.74]
[89635,"TUBO, CPVC, SOLDÁVEL, DN 28MM, INSTALADO EM RAMAL OU SUB-RAMAL DE ÁGUA - FORNECIMENTO E INSTALAÇÃO. AF_06/2022","M",53.14]
[89636,"TUBO, CPVC, SOLDÁVEL, DN 35MM, INSTALADO EM RAMAL OU SUB-RAMAL DE ÁGUA   FORNECIMENTO E INSTALAÇÃO. AF_06/2022","M",67.06]
[89711,"TUBO PVC, SERIE NORMAL, ESGOTO PREDIAL, DN 40 MM, FORNECIDO E INSTALADO EM RAMAL DE DESCARGA OU RAMAL DE ESGOTO SANITÁRIO. AF_08/2022","M",19.96]
[89712,"TUBO PVC, SERIE NORMAL, ESGOTO PREDIAL, DN 50 MM, FORNECIDO E INSTALADO EM RAMAL DE DESCARGA OU RAMAL DE ESGOTO SANITÁRIO. AF_08/2022","M",25.56]
[89713,"TUBO PVC, SERIE NORMAL, ESGOTO PREDIAL, DN 75 MM, FORNECIDO E INSTALADO EM RAMAL DE DESCARGA OU RAMAL DE ESGOTO SANITÁRIO. AF_08/2022","M",31.92]
[89714,"TUBO PVC, SERIE NORMAL, ESGOTO PREDIAL, DN 100 MM, FORNECIDO E INSTALADO EM RAMAL DE DESCARGA OU RAMAL DE ESGOTO SANITÁRIO. AF_08/2022","M",35.590000000000003]
[89716,"TUBO, CPVC, SOLDÁVEL, DN 22MM, INSTALADO EM RAMAL DE DISTRIBUIÇÃO DE ÁGUA - FORNECIMENTO E INSTALAÇÃO. AF_06/2022","M",26.68]
[89717,"TUBO, CPVC, SOLDÁVEL, DN 28MM, INSTALADO EM RAMAL DE DISTRIBUIÇÃO DE ÁGUA - FORNECIMENTO E INSTALAÇÃO. AF_06/2022","M",42.45]
[89770,"TUBO, CPVC, SOLDÁVEL, DN 35MM, INSTALADO EM PRUMADA DE ÁGUA   FORNECIMENTO E INSTALAÇÃO. AF_06/2022","M",46.56]
[89771,"TUBO, CPVC, SOLDÁVEL, DN 42MM, INSTALADO EM PRUMADA DE ÁGUA   FORNECIMENTO E INSTALAÇÃO. AF_06/2022","M",62.17]
[89773,"TUBO, CPVC, SOLDÁVEL, DN 73MM, INSTALADO EM PRUMADA DE ÁGUA   FORNECIMENTO E INSTALAÇÃO. AF_06/2022","M",146.21]
[89775,"TUBO, CPVC, SOLDÁVEL, DN 89MM, INSTALADO EM PRUMADA DE ÁGUA   FORNECIMENTO E INSTALAÇÃO. AF_06/2022","M",228.7]
[89798,"TUBO PVC, SERIE NORMAL, ESGOTO PREDIAL, DN 50 MM, FORNECIDO E INSTALADO EM PRUMADA DE ESGOTO SANITÁRIO OU VENTILAÇÃO. AF_08/2022","M",13.25]
[89799,"TUBO PVC, SERIE NORMAL, ESGOTO PREDIAL, DN 75 MM, FORNECIDO E INSTALADO EM PRUMADA DE ESGOTO SANITÁRIO OU VENTILAÇÃO. AF_08/2022","M",21.69]
[89800,"TUBO PVC, SERIE NORMAL, ESGOTO PREDIAL, DN 100 MM, FORNECIDO E INSTALADO EM PRUMADA DE ESGOTO SANITÁRIO OU VENTILAÇÃO. AF_08/2022","M",27.49]
[89848,"TUBO PVC, SERIE NORMAL, ESGOTO PREDIAL, DN 100 MM, FORNECIDO E INSTALADO EM SUBCOLETOR AÉREO DE ESGOTO SANITÁRIO. AF_08/2022","M",26.43]
[89849,"TUBO PVC, SERIE NORMAL, ESGOTO PREDIAL, DN 150 MM, FORNECIDO E INSTALADO EM SUBCOLETOR AÉREO DE ESGOTO SANITÁRIO. AF_08/2022","M",55.02]
[89865,"TUBO, PVC, SOLDÁVEL, DE 25MM, INSTALADO EM DRENO DE AR-CONDICIONADO - FORNECIMENTO E INSTALAÇÃO. AF_08/2022","M",15.71]
[92275,"TUBO EM COBRE RÍGIDO, DN 22 MM, CLASSE E, SEM ISOLAMENTO, INSTALADO EM PRUMADA DE HIDRÁULICA PREDIAL - FORNECIMENTO E INSTALAÇÃO. AF_04/2022","M",56.33]
[92276,"TUBO EM COBRE RÍGIDO, DN 28 MM, CLASSE E, SEM ISOLAMENTO, INSTALADO EM PRUMADA DE HIDRÁULICA PREDIAL - FORNECIMENTO E INSTALAÇÃO. AF_04/2022","M",71.52]
[92277,"TUBO EM COBRE RÍGIDO, DN 35 MM, CLASSE E, SEM ISOLAMENTO, INSTALADO EM PRUMADA DE HIDRÁULICA PREDIAL - FORNECIMENTO E INSTALAÇÃO. AF_04/2022","M",103.41]
[92278,"TUBO EM COBRE RÍGIDO, DN 42 MM, CLASSE E, SEM ISOLAMENTO, INSTALADO EM PRUMADA DE HIDRÁULICA PREDIAL - FORNECIMENTO E INSTALAÇÃO. AF_04/2022","M",139.19]
[92279,"TUBO EM COBRE RÍGIDO, DN 54 MM, CLASSE E, SEM ISOLAMENTO, INSTALADO EM PRUMADA DE HIDRÁULICA PREDIAL - FORNECIMENTO E INSTALAÇÃO. AF_04/2022","M",201.27]
[92280,"TUBO EM COBRE RÍGIDO, DN 66 MM, CLASSE E, SEM ISOLAMENTO, INSTALADO EM PRUMADA DE HIDRÁULICA PREDIAL - FORNECIMENTO E INSTALAÇÃO. AF_04/2022","M",282.64999999999998]
[92281,"TUBO EM COBRE RÍGIDO, DN 22 MM, CLASSE E, COM ISOLAMENTO, INSTALADO EM PRUMADA DE HIDRÁULICA PREDIAL - FORNECIMENTO E INSTALAÇÃO. AF_04/2022","M",127.97]
[92282,"TUBO EM COBRE RÍGIDO, DN 28 MM, CLASSE E, COM ISOLAMENTO, INSTALADO EM PRUMADA DE HIDRÁULICA PREDIAL - FORNECIMENTO E INSTALAÇÃO. AF_04/2022","M",146.1]
[92283,"TUBO EM COBRE RÍGIDO, DN 35 MM, CLASSE E, COM ISOLAMENTO, INSTALADO EM PRUMADA DE HIDRÁULICA PREDIAL - FORNECIMENTO E INSTALAÇÃO. AF_04/2022","M",197.65]
[92284,"TUBO EM COBRE RÍGIDO, DN 42 MM, CLASSE E, COM ISOLAMENTO, INSTALADO EM PRUMADA DE HIDRÁULICA PREDIAL - FORNECIMENTO E INSTALAÇÃO. AF_04/2022","M",246.63]
[92285,"TUBO EM COBRE RÍGIDO, DN 54 MM, CLASSE E, COM ISOLAMENTO, INSTALADO EM PRUMADA DE HIDRÁULICA PREDIAL - FORNECIMENTO E INSTALAÇÃO. AF_04/2022","M",329.66]
[92286,"TUBO EM COBRE RÍGIDO, DN 66 MM, CLASSE E, COM ISOLAMENTO, INSTALADO EM PRUMADA DE HIDRÁULICA PREDIAL - FORNECIMENTO E INSTALAÇÃO. AF_04/2022","M",412.84]
[92305,"TUBO EM COBRE RÍGIDO, DN 15 MM, CLASSE E, SEM ISOLAMENTO, INSTALADO EM RAMAL DE DISTRIBUIÇÃO DE HIDRÁULICA PREDIAL - FORNECIMENTO E INSTALAÇÃO. AF_04/2022","M",37.659999999999997]
[92306,"TUBO EM COBRE RÍGIDO, DN 22 MM, CLASSE E, SEM ISOLAMENTO, INSTALADO EM RAMAL DE DISTRIBUIÇÃO DE HIDRÁULICA PREDIAL - FORNECIMENTO E INSTALAÇÃO. AF_04/2022","M",61.36]
[92307,"TUBO EM COBRE RÍGIDO, DN 28 MM, CLASSE E, SEM ISOLAMENTO, INSTALADO EM RAMAL DE DISTRIBUIÇÃO DE HIDRÁULICA PREDIAL - FORNECIMENTO E INSTALAÇÃO. AF_04/2022","M",76.78]
[92308,"TUBO EM COBRE RÍGIDO, DN 15 MM, CLASSE E, COM ISOLAMENTO, INSTALADO EM RAMAL DE DISTRIBUIÇÃO DE HIDRÁULICA PREDIAL - FORNECIMENTO E INSTALAÇÃO. AF_04/2022","M",55.41]
[92309,"TUBO EM COBRE RÍGIDO, DN 22 MM, CLASSE E, COM ISOLAMENTO, INSTALADO EM RAMAL DE DISTRIBUIÇÃO DE HIDRÁULICA PREDIAL - FORNECIMENTO E INSTALAÇÃO. AF_04/2022","M",135.51]
[92310,"TUBO EM COBRE RÍGIDO, DN 28 MM, CLASSE E, COM ISOLAMENTO, INSTALADO EM RAMAL DE DISTRIBUIÇÃO DE HIDRÁULICA PREDIAL - FORNECIMENTO E INSTALAÇÃO. AF_04/2022","M",153.87]
[92320,"TUBO EM COBRE RÍGIDO, DN 15 MM, CLASSE E, SEM ISOLAMENTO, INSTALADO EM RAMAL E SUB-RAMAL DE HIDRÁULICA PREDIAL - FORNECIMENTO E INSTALAÇÃO. AF_04/2022","M",47.99]
[92321,"TUBO EM COBRE RÍGIDO, DN 22 MM, CLASSE E, SEM ISOLAMENTO, INSTALADO EM RAMAL E SUB-RAMAL DE HIDRÁULICA PREDIAL - FORNECIMENTO E INSTALAÇÃO. AF_04/2022","M",79.16]
[92322,"TUBO EM COBRE RÍGIDO, DN 28 MM, CLASSE E, SEM ISOLAMENTO, INSTALADO EM RAMAL E SUB-RAMAL DE HIDRÁULICA PREDIAL - FORNECIMENTO E INSTALAÇÃO. AF_04/2022","M",100.99]
[92323,"TUBO EM COBRE RÍGIDO, DN 15 MM, CLASSE E, COM ISOLAMENTO, INSTALADO EM RAMAL E SUB-RAMAL DE HIDRÁULICA PREDIAL - FORNECIMENTO E INSTALAÇÃO. AF_04/2022","M",63.26]
[92324,"TUBO EM COBRE RÍGIDO, DN 22 MM, CLASSE E, COM ISOLAMENTO, INSTALADO EM RAMAL E SUB-RAMAL DE HIDRÁULICA PREDIAL - FORNECIMENTO E INSTALAÇÃO. AF_04/2022","M",150.83000000000001]
[92325,"TUBO EM COBRE RÍGIDO, DN 28 MM, CLASSE E, COM ISOLAMENTO, INSTALADO EM RAMAL E SUB-RAMAL DE HIDRÁULICA PREDIAL - FORNECIMENTO E INSTALAÇÃO. AF_04/2022","M",175.59]
[92335,"TUBO DE AÇO GALVANIZADO COM COSTURA, CLASSE MÉDIA, CONEXÃO RANHURADA, DN 50 (2\"), INSTALADO EM PRUMADAS - FORNECIMENTO E INSTALAÇÃO. AF_10/2020","M",99.8]
[92336,"TUBO DE AÇO GALVANIZADO COM COSTURA, CLASSE MÉDIA, CONEXÃO RANHURADA, DN 65 (2 1/2\"), INSTALADO EM PRUMADAS - FORNECIMENTO E INSTALAÇÃO. AF_10/2020","M",122.81]
[92337,"TUBO DE AÇO GALVANIZADO COM COSTURA, CLASSE MÉDIA, CONEXÃO RANHURADA, DN 80 (3\"), INSTALADO EM PRUMADAS - FORNECIMENTO E INSTALAÇÃO. AF_10/2020","M",162.33000000000001]
[92338,"TUBO DE AÇO PRETO SEM COSTURA, CONEXÃO SOLDADA, DN 50 (2\"), INSTALADO EM PRUMADAS - FORNECIMENTO E INSTALAÇÃO. AF_10/2020","M",136.22999999999999]
[92339,"TUBO DE AÇO PRETO SEM COSTURA, CONEXÃO SOLDADA, DN 65 (2 1/2\"), INSTALADO EM PRUMADAS - FORNECIMENTO E INSTALAÇÃO. AF_10/2020","M",206.66]
[92341,"TUBO DE AÇO GALVANIZADO COM COSTURA, CLASSE MÉDIA, DN 50 (2\"), CONEXÃO ROSQUEADA, INSTALADO EM PRUMADAS - FORNECIMENTO E INSTALAÇÃO. AF_10/2020","M",109.27]
[92342,"TUBO DE AÇO GALVANIZADO COM COSTURA, CLASSE MÉDIA, DN 65 (2 1/2\"), CONEXÃO ROSQUEADA, INSTALADO EM PRUMADAS - FORNECIMENTO E INSTALAÇÃO. AF_10/2020","M",132.35]
[92343,"TUBO DE AÇO GALVANIZADO COM COSTURA, CLASSE MÉDIA, DN 80 (3\"), CONEXÃO ROSQUEADA, INSTALADO EM PRUMADAS - FORNECIMENTO E INSTALAÇÃO. AF_10/2020","M",171.96]
[92359,"TUBO DE AÇO PRETO SEM COSTURA, CONEXÃO SOLDADA, DN 25 (1\"), INSTALADO EM REDE DE ALIMENTAÇÃO PARA HIDRANTE - FORNECIMENTO E INSTALAÇÃO. AF_10/2020","M",64.31]
[92360,"TUBO DE AÇO PRETO SEM COSTURA, CONEXÃO SOLDADA, DN 32 (1 1/4\"), INSTALADO EM REDE DE ALIMENTAÇÃO PARA HIDRANTE - FORNECIMENTO E INSTALAÇÃO. AF_10/2020","M",85.97]
[92361,"TUBO DE AÇO PRETO SEM COSTURA, CONEXÃO SOLDADA, DN 50 (2\"), INSTALADO EM REDE DE ALIMENTAÇÃO PARA HIDRANTE - FORNECIMENTO E INSTALAÇÃO. AF_10/2020","M",116.02]
[92362,"TUBO DE AÇO PRETO SEM COSTURA, CONEXÃO SOLDADA, DN 65 (2 1/2\"), INSTALADO EM REDE DE ALIMENTAÇÃO PARA HIDRANTE - FORNECIMENTO E INSTALAÇÃO. AF_10/2020","M",185.67]
[92364,"TUBO DE AÇO GALVANIZADO COM COSTURA, CLASSE MÉDIA, DN 32 (1 1/4\"), CONEXÃO ROSQUEADA, INSTALADO EM REDE DE ALIMENTAÇÃO PARA HIDRANTE - FORNECIMENTO E INSTALAÇÃO. AF_10/2020","M",60.44]
[92365,"TUBO DE AÇO GALVANIZADO COM COSTURA, CLASSE MÉDIA, DN 40 (1 1/2\"), CONEXÃO ROSQUEADA, INSTALADO EM REDE DE ALIMENTAÇÃO PARA HIDRANTE - FORNECIMENTO E INSTALAÇÃO. AF_10/2020","M",69.650000000000006]
[92366,"TUBO DE AÇO GALVANIZADO COM COSTURA, CLASSE MÉDIA, DN 50 (2\"), CONEXÃO ROSQUEADA, INSTALADO EM REDE DE ALIMENTAÇÃO PARA HIDRANTE - FORNECIMENTO E INSTALAÇÃO. AF_10/2020","M",97.54]
[92367,"TUBO DE AÇO GALVANIZADO COM COSTURA, CLASSE MÉDIA, DN 65 (2 1/2\"), CONEXÃO ROSQUEADA, INSTALADO EM REDE DE ALIMENTAÇÃO PARA HIDRANTE - FORNECIMENTO E INSTALAÇÃO. AF_10/2020","M",120.08]
[92368,"TUBO DE AÇO GALVANIZADO COM COSTURA, CLASSE MÉDIA, DN 80 (3\"), CONEXÃO ROSQUEADA, INSTALADO EM REDE DE ALIMENTAÇÃO PARA HIDRANTE - FORNECIMENTO E INSTALAÇÃO. AF_10/2020","M",159.21]
[92645,"TUBO DE AÇO PRETO SEM COSTURA, CONEXÃO SOLDADA, DN 25 (1\"), INSTALADO EM REDE DE ALIMENTAÇÃO PARA SPRINKLER - FORNECIMENTO E INSTALAÇÃO. AF_10/2020","M",67.94]
[92646,"TUBO DE AÇO PRETO SEM COSTURA, CONEXÃO SOLDADA, DN 32 (1 1/4\"), INSTALADO EM REDE DE ALIMENTAÇÃO PARA SPRINKLER - FORNECIMENTO E INSTALAÇÃO. AF_10/2020","M",89.61]
[92648,"TUBO DE AÇO PRETO SEM COSTURA, CONEXÃO SOLDADA, DN 40 (1 1/2\"), INSTALADO EM REDE DE ALIMENTAÇÃO PARA SPRINKLER - FORNECIMENTO E INSTALAÇÃO. AF_10/2020","M",98.07]
[92649,"TUBO DE AÇO PRETO SEM COSTURA, CONEXÃO SOLDADA, DN 50 (2\"), INSTALADO EM REDE DE ALIMENTAÇÃO PARA SPRINKLER - FORNECIMENTO E INSTALAÇÃO. AF_10/2020","M",119.66]
[92650,"TUBO DE AÇO PRETO SEM COSTURA, CONEXÃO SOLDADA, DN 65 (2 1/2\"), INSTALADO EM REDE DE ALIMENTAÇÃO PARA SPRINKLER - FORNECIMENTO E INSTALAÇÃO. AF_10/2020","M",189.3]
[92652,"TUBO DE AÇO GALVANIZADO COM COSTURA, CLASSE MÉDIA, CONEXÃO ROSQUEADA, DN 32 (1 1/4\"), INSTALADO EM REDE DE ALIMENTAÇÃO PARA SPRINKLER - FORNECIMENTO E INSTALAÇÃO. AF_10/2020","M",64.77]
[92653,"TUBO DE AÇO GALVANIZADO COM COSTURA, CLASSE MÉDIA, CONEXÃO ROSQUEADA, DN 40 (1 1/2\"), INSTALADO EM REDE DE ALIMENTAÇÃO PARA SPRINKLER - FORNECIMENTO E INSTALAÇÃO. AF_10/2020","M",74.02]
[92654,"TUBO DE AÇO GALVANIZADO COM COSTURA, CLASSE MÉDIA, CONEXÃO ROSQUEADA, DN 50 (2\"), INSTALADO EM REDE DE ALIMENTAÇÃO PARA SPRINKLER - FORNECIMENTO E INSTALAÇÃO. AF_10/2020","M",101.92]
[92655,"TUBO DE AÇO GALVANIZADO COM COSTURA, CLASSE MÉDIA, CONEXÃO ROSQUEADA, DN 65 (2 1/2\"), INSTALADO EM REDE DE ALIMENTAÇÃO PARA SPRINKLER - FORNECIMENTO E INSTALAÇÃO. AF_10/2020","M",124.54]
[92656,"TUBO DE AÇO GALVANIZADO COM COSTURA, CLASSE MÉDIA, CONEXÃO ROSQUEADA, DN 80 (3\"), INSTALADO EM REDE DE ALIMENTAÇÃO PARA SPRINKLER - FORNECIMENTO E INSTALAÇÃO. AF_10/2020","M",163.66999999999999]
[92687,"TUBO DE AÇO GALVANIZADO COM COSTURA, CLASSE MÉDIA, CONEXÃO ROSQUEADA, DN 15 (1/2\"), INSTALADO EM RAMAIS E SUB-RAMAIS DE GÁS - FORNECIMENTO E INSTALAÇÃO. AF_10/2020","M",29.9]
[92688,"TUBO DE AÇO GALVANIZADO COM COSTURA, CLASSE MÉDIA, CONEXÃO ROSQUEADA, DN 20 (3/4\"), INSTALADO EM RAMAIS E SUB-RAMAIS DE GÁS - FORNECIMENTO E INSTALAÇÃO. AF_10/2020","M",41.29]
[92689,"TUBO DE AÇO PRETO SEM COSTURA, CLASSE MÉDIA, CONEXÃO SOLDADA, DN 15 (1/2\"), INSTALADO EM RAMAIS E SUB-RAMAIS DE GÁS - FORNECIMENTO E INSTALAÇÃO. AF_10/2020","M",47.8]
[92690,"TUBO DE AÇO PRETO SEM COSTURA, CLASSE MÉDIA, CONEXÃO SOLDADA, DN 20 (3/4\"), INSTALADO EM RAMAIS E SUB-RAMAIS DE GÁS - FORNECIMENTO E INSTALAÇÃO. AF_10/2020","M",68.16]
[92691,"TUBO DE AÇO PRETO SEM COSTURA, CLASSE MÉDIA, CONEXÃO SOLDADA, DN 25 (1\"), INSTALADO EM RAMAIS  E SUB-RAMAIS DE GÁS - FORNECIMENTO E INSTALAÇÃO. AF_10/2020","M",88.45]
[94462,"TUBO DE AÇO GALVANIZADO COM COSTURA, CLASSE MÉDIA, DN 50 MM (2\"), CONEXÃO ROSQUEADA, INSTALADO EM RESERVAÇÃO PREDIAL DE ÁGUA - FORNECIMENTO E INSTALAÇÃO. AF_04/2024","M",104.83]
[94463,"TUBO DE AÇO GALVANIZADO COM COSTURA, CLASSE MÉDIA, DN 65 MM (2 1/2\"), CONEXÃO ROSQUEADA, INSTALADO EM RESERVAÇÃO PREDIAL DE ÁGUA - FORNECIMENTO E INSTALAÇÃO. AF_04/2024","M",128.88]
[94464,"TUBO DE AÇO GALVANIZADO COM COSTURA, CLASSE MÉDIA, DN 80 MM (3\"), CONEXÃO ROSQUEADA, INSTALADO EM RESERVAÇÃO PREDIAL DE ÁGUA - FORNECIMENTO E INSTALAÇÃO. AF_04/2024","M",170.17]
[94602,"TUBO EM COBRE RÍGIDO, DN 54 MM, CLASSE E, SEM ISOLAMENTO, INSTALADO EM RESERVAÇÃO PREDIAL DE ÁGUA - FORNECIMENTO E INSTALAÇÃO. AF_04/2024","M",218.44]
[94603,"TUBO EM COBRE RÍGIDO, DN 66 MM, CLASSE E, SEM ISOLAMENTO, INSTALADO EM RESERVAÇÃO PREDIAL DE ÁGUA - FORNECIMENTO E INSTALAÇÃO. AF_04/2024","M",299.66000000000003]
[94604,"TUBO EM COBRE RÍGIDO, DN 79 MM, CLASSE E, SEM ISOLAMENTO, INSTALADO EM RESERVAÇÃO PREDIAL DE ÁGUA - FORNECIMENTO E INSTALAÇÃO. AF_04/2024","M",428.41]
[94605,"TUBO EM COBRE RÍGIDO, DN 104 MM, CLASSE E, SEM ISOLAMENTO, INSTALADO EM RESERVAÇÃO PREDIAL DE ÁGUA - FORNECIMENTO E INSTALAÇÃO. AF_04/2024","M",622.26]
[94648,"TUBO, PVC, SOLDÁVEL, DE  25MM, INSTALADO EM RESERVAÇÃO PREDIAL DE ÁGUA - FORNECIMENTO E INSTALAÇÃO. AF_04/2024","M",6.34]
[94649,"TUBO, PVC, SOLDÁVEL, DE 32MM, INSTALADO EM RESERVAÇÃO PREDIAL DE ÁGUA - FORNECIMENTO E INSTALAÇÃO. AF_04/2024","M",11.93]
[94650,"TUBO, PVC, SOLDÁVEL, DE 40MM, INSTALADO EM RESERVAÇÃO PREDIAL DE ÁGUA - FORNECIMENTO E INSTALAÇÃO. AF_04/2024","M",18.13]
[94651,"TUBO, PVC, SOLDÁVEL, DE 50MM, INSTALADO EM RESERVAÇÃO PREDIAL DE ÁGUA - FORNECIMENTO E INSTALAÇÃO. AF_04/2024","M",20.95]
[94652,"TUBO, PVC, SOLDÁVEL, DE 60MM, INSTALADO EM RESERVAÇÃO PREDIAL DE ÁGUA - FORNECIMENTO E INSTALAÇÃO. AF_04/2024","M",32.97]
[94653,"TUBO, PVC, SOLDÁVEL, DE 75MM, INSTALADO EM RESERVAÇÃO PREDIAL DE ÁGUA - FORNECIMENTO E INSTALAÇÃO. AF_04/2024","M",53.38]
[94654,"TUBO, PVC, SOLDÁVEL, DE 85MM, INSTALADO EM RESERVAÇÃO PREDIAL DE ÁGUA - FORNECIMENTO E INSTALAÇÃO. AF_04/2024","M",72.91]
[94655,"TUBO, PVC, SOLDÁVEL, DE 110MM, INSTALADO EM RESERVAÇÃO PREDIAL DE ÁGUA - FORNECIMENTO E INSTALAÇÃO. AF_04/2024","M",114.76]
[94716,"TUBO, CPVC, SOLDÁVEL, DN 22 MM, INSTALADO EM RESERVAÇÃO PREDIAL DE ÁGUA - FORNECIMENTO E INSTALAÇÃO. AF_04/2024","M",22.03]
[94717,"TUBO, CPVC, SOLDÁVEL, DN 28 MM, INSTALADO EM RESERVAÇÃO PREDIAL DE ÁGUA - FORNECIMENTO E INSTALAÇÃO. AF_04/2024","M",37.119999999999997]
[94718,"TUBO, CPVC, SOLDÁVEL, DN 35 MM, INSTALADO EM RESERVAÇÃO PREDIAL DE ÁGUA - FORNECIMENTO E INSTALAÇÃO. AF_04/2024","M",48.47]
[94719,"TUBO, CPVC, SOLDÁVEL, DN 42 MM, INSTALADO EM RESERVAÇÃO PREDIAL DE ÁGUA - FORNECIMENTO E INSTALAÇÃO. AF_04/2024","M",64.72]
[94720,"TUBO, CPVC, SOLDÁVEL, DN 54 MM, INSTALADO EM RESERVAÇÃO PREDIAL DE ÁGUA - FORNECIMENTO E INSTALAÇÃO. AF_04/2024","M",94.77]
[94721,"TUBO, CPVC, SOLDÁVEL, DN 73 MM, INSTALADO EM RESERVAÇÃO PREDIAL DE ÁGUA - FORNECIMENTO E INSTALAÇÃO. AF_04/2024","M",153.56]
[94722,"TUBO, CPVC, SOLDÁVEL, DN 89 MM, INSTALADO EM RESERVAÇÃO PREDIAL DE ÁGUA - FORNECIMENTO E INSTALAÇÃO. AF_04/2024","M",239.73]
[94723,"TUBO, CPVC, SOLDÁVEL, DN 114 MM, INSTALADO EM RESERVAÇÃO PREDIAL DE ÁGUA - FORNECIMENTO E INSTALAÇÃO. AF_04/2024","M",451.99]
[95697,"TUBO DE AÇO PRETO SEM COSTURA, CONEXÃO SOLDADA, DN 40 (1 1/2\"), INSTALADO EM REDE DE ALIMENTAÇÃO PARA HIDRANTE - FORNECIMENTO E INSTALAÇÃO. AF_10/2020","M",94.43]
[96635,"TUBO, PPR, DN 25, CLASSE PN 20,  INSTALADO EM RAMAL OU SUB-RAMAL DE ÁGUA   FORNECIMENTO E INSTALAÇÃO. AF_08/2022","M",36.6]
[96636,"TUBO, PPR, DN 25, CLASSE PN 25 INSTALADO EM RAMAL OU SUB-RAMAL DE ÁGUA   FORNECIMENTO E INSTALAÇÃO. AF_08/2022","M",38.799999999999997]
[96644,"TUBO, PPR, DN 25, CLASSE PN 20,  INSTALADO EM RAMAL DE DISTRIBUIÇÃO DE ÁGUA   FORNECIMENTO E INSTALAÇÃO. AF_08/2022","M",20.03]
[96645,"TUBO, PPR, DN 32, CLASSE PN 12,  INSTALADO EM RAMAL DE DISTRIBUIÇÃO DE ÁGUA   FORNECIMENTO E INSTALAÇÃO. AF_08/2022","M",17.75]
[96646,"TUBO, PPR, DN 40, CLASSE PN 12,  INSTALADO EM RAMAL DE DISTRIBUIÇÃO DE ÁGUA   FORNECIMENTO E INSTALAÇÃO. AF_08/2022","M",21.7]
[96647,"TUBO, PPR, DN 25, CLASSE PN 25,  INSTALADO EM RAMAL DE DISTRIBUIÇÃO DE ÁGUA   FORNECIMENTO E INSTALAÇÃO. AF_08/2022","M",21.74]
[96648,"TUBO, PPR, DN 32, CLASSE PN 25,  INSTALADO EM RAMAL DE DISTRIBUIÇÃO DE ÁGUA   FORNECIMENTO E INSTALAÇÃO. AF_08/2022","M",26.82]
[96649,"TUBO, PPR, DN 40, CLASSE PN 25,  INSTALADO EM RAMAL DE DISTRIBUIÇÃO DE ÁGUA   FORNECIMENTO E INSTALAÇÃO. AF_08/2022","M",35.479999999999997]
[96668,"TUBO, PPR, DN 25, CLASSE PN 20,  INSTALADO EM PRUMADA DE ÁGUA   FORNECIMENTO E INSTALAÇÃO. AF_08/2022","M",15.61]
[96669,"TUBO, PPR, DN 32, CLASSE PN 12,  INSTALADO EM PRUMADA DE ÁGUA   FORNECIMENTO E INSTALAÇÃO. AF_08/2022","M",15.39]
[96670,"TUBO, PPR, DN 40, CLASSE PN 12,  INSTALADO EM PRUMADA DE ÁGUA   FORNECIMENTO E INSTALAÇÃO. AF_08/2022","M",20]
[96671,"TUBO, PPR, DN 50, CLASSE PN 12,  INSTALADO EM PRUMADA DE ÁGUA   FORNECIMENTO E INSTALAÇÃO. AF_08/2022","M",30.26]
[96672,"TUBO, PPR, DN 63, CLASSE PN 12,  INSTALADO EM PRUMADA DE ÁGUA   FORNECIMENTO E INSTALAÇÃO. AF_08/2022","M",46.1]
[96673,"TUBO, PPR, DN 75, CLASSE PN 12,  INSTALADO EM PRUMADA DE ÁGUA   FORNECIMENTO E INSTALAÇÃO. AF_08/2022","M",58.12]
[96674,"TUBO, PPR, DN 90, CLASSE PN 12,  INSTALADO EM PRUMADA DE ÁGUA   FORNECIMENTO E INSTALAÇÃO. AF_08/2022","M",93.91]
[96675,"TUBO, PPR, DN 110, CLASSE PN 12,  INSTALADO EM PRUMADA DE ÁGUA   FORNECIMENTO E INSTALAÇÃO. AF_08/2022","M",136.52000000000001]
[96676,"TUBO, PPR, DN 25, CLASSE PN 25,  INSTALADO EM PRUMADA DE ÁGUA   FORNECIMENTO E INSTALAÇÃO. AF_08/2022","M",19.72]
[96677,"TUBO, PPR, DN 32, CLASSE PN 25,  INSTALADO EM PRUMADA DE ÁGUA   FORNECIMENTO E INSTALAÇÃO. AF_08/2022","M",25.69]
[96678,"TUBO, PPR, DN 40, CLASSE PN 25,  INSTALADO EM PRUMADA DE ÁGUA   FORNECIMENTO E INSTALAÇÃO. AF_08/2022","M",35.369999999999997]
[96679,"TUBO, PPR, DN 50, CLASSE PN 25,  INSTALADO EM PRUMADA DE ÁGUA   FORNECIMENTO E INSTALAÇÃO. AF_08/2022","M",52.7]
[96680,"TUBO, PPR, DN 63, CLASSE PN 25,  INSTALADO EM PRUMADA DE ÁGUA   FORNECIMENTO E INSTALAÇÃO. AF_08/2022","M",87.12]
[96681,"TUBO, PPR, DN 75, CLASSE PN 25,  INSTALADO EM PRUMADA DE ÁGUA   FORNECIMENTO E INSTALAÇÃO. AF_08/2022","M",117.21]
[96682,"TUBO, PPR, DN 90, CLASSE PN 25,  INSTALADO EM PRUMADA DE ÁGUA   FORNECIMENTO E INSTALAÇÃO. AF_08/2022","M",193.36]
[96683,"TUBO, PPR, DN 110, CLASSE PN 25,  INSTALADO EM PRUMADA DE ÁGUA   FORNECIMENTO E INSTALAÇÃO. AF_08/2022","M",265.38]
[96718,"TUBO, PPR, DN 20 MM, CLASSE PN 20,  INSTALADO EM RESERVAÇÃO PREDIAL DE ÁGUA - FORNECIMENTO E INSTALAÇÃO. AF_04/2024","M",12.74]
[96719,"TUBO, PPR, DN 25 MM, CLASSE PN 20,  INSTALADO EM RESERVAÇÃO PREDIAL DE ÁGUA - FORNECIMENTO E INSTALAÇÃO. AF_04/2024","M",16.329999999999998]
[96720,"TUBO, PPR, DN 32 MM, CLASSE PN 12,  INSTALADO EM RESERVAÇÃO PREDIAL DE ÁGUA - FORNECIMENTO E INSTALAÇÃO. AF_04/2024","M",14.76]
[96721,"TUBO, PPR, DN 40 MM, CLASSE PN 12,  INSTALADO EM RESERVAÇÃO PREDIAL DE ÁGUA - FORNECIMENTO E INSTALAÇÃO. AF_04/2024","M",19.21]
[96722,"TUBO, PPR, DN 50 MM, CLASSE PN 12,  INSTALADO EM RESERVAÇÃO PREDIAL DE ÁGUA - FORNECIMENTO E INSTALAÇÃO. AF_04/2024","M",29.54]
[96723,"TUBO, PPR, DN 63 MM, CLASSE PN 12,  INSTALADO EM RESERVAÇÃO PREDIAL DE ÁGUA - FORNECIMENTO E INSTALAÇÃO. AF_04/2024","M",45.95]
[96724,"TUBO, PPR, DN 75 MM, CLASSE PN 12,  INSTALADO EM RESERVAÇÃO PREDIAL DE ÁGUA - FORNECIMENTO E INSTALAÇÃO. AF_04/2024","M",58.99]
[96725,"TUBO, PPR, DN 90 MM, CLASSE PN 12,  INSTALADO EM RESERVAÇÃO PREDIAL DE ÁGUA - FORNECIMENTO E INSTALAÇÃO. AF_04/2024","M",96.72]
[96726,"TUBO, PPR, DN 110 MM, CLASSE PN 12,  INSTALADO EM RESERVAÇÃO PREDIAL DE ÁGUA - FORNECIMENTO E INSTALAÇÃO. AF_04/2024","M",143.03]
[96727,"TUBO, PPR, DN 20 MM, CLASSE PN 25,  INSTALADO EM RESERVAÇÃO PREDIAL DE ÁGUA - FORNECIMENTO E INSTALAÇÃO. AF_04/2024","M",14.48]
[96728,"TUBO, PPR, DN 25 MM, CLASSE PN 25,  INSTALADO EM RESERVAÇÃO PREDIAL DE ÁGUA - FORNECIMENTO E INSTALAÇÃO. AF_04/2024","M",18.739999999999998]
[96729,"TUBO, PPR, DN 32 MM, CLASSE PN 25,  INSTALADO EM RESERVAÇÃO PREDIAL DE ÁGUA - FORNECIMENTO E INSTALAÇÃO. AF_04/2024","M",24.2]
[96730,"TUBO, PPR, DN 40 MM, CLASSE PN 25,  INSTALADO EM RESERVAÇÃO PREDIAL DE ÁGUA - FORNECIMENTO E INSTALAÇÃO. AF_04/2024","M",33.520000000000003]
[96731,"TUBO, PPR, DN 50 MM, CLASSE PN 25,  INSTALADO EM RESERVAÇÃO PREDIAL DE ÁGUA - FORNECIMENTO E INSTALAÇÃO. AF_04/2024","M",50.76]
[96732,"TUBO, PPR, DN 63 MM, CLASSE PN 25,  INSTALADO EM RESERVAÇÃO PREDIAL DE ÁGUA - FORNECIMENTO E INSTALAÇÃO. AF_04/2024","M",85.66]
[96733,"TUBO, PPR, DN 75 MM, CLASSE PN 25,  INSTALADO EM RESERVAÇÃO PREDIAL DE ÁGUA - FORNECIMENTO E INSTALAÇÃO. AF_04/2024","M",116.78]
[96734,"TUBO, PPR, DN 90 MM, CLASSE PN 25,  INSTALADO EM RESERVAÇÃO PREDIAL DE ÁGUA - FORNECIMENTO E INSTALAÇÃO. AF_04/2024","M",195.02]
[96735,"TUBO, PPR, DN 110 MM, CLASSE PN 25,  INSTALADO EM RESERVAÇÃO PREDIAL DE ÁGUA - FORNECIMENTO E INSTALAÇÃO. AF_04/2024","M",271.20999999999998]
[96798,"TUBO, PEX, MONOCAMADA, DN 16, INSTALADO EM RAMAL/SUB-RAMAL OU DISTRIBUIÇÃO DE ÁGUA - FORNECIMENTO E INSTALAÇÃO. AF_02/2023","M",7.4]
[96799,"TUBO, PEX, MONOCAMADA, DN 20, INSTALADO EM RAMAL/SUB-RAMAL OU DISTRIBUIÇÃO DE ÁGUA - FORNECIMENTO E INSTALAÇÃO. AF_02/2023","M",9.49]
[96800,"TUBO, PEX, MONOCAMADA, DN 25, INSTALADO EM RAMAL/SUB-RAMAL OU DISTRIBUIÇÃO DE ÁGUA - FORNECIMENTO E INSTALAÇÃO. AF_02/2023","M",12.96]
[96801,"TUBO, PEX, MONOCAMADA, DN 32, INSTALADO EM RAMAL/SUB-RAMAL OU DISTRIBUIÇÃO DE ÁGUA - FORNECIMENTO E INSTALAÇÃO. AF_02/2023","M",19.73]
[97327,"TUBO EM COBRE FLEXÍVEL, DN 1/4\", COM ISOLAMENTO, INSTALADO EM RAMAL DE ALIMENTAÇÃO DE AR CONDICIONADO COM CONDENSADORA INDIVIDUAL   FORNECIMENTO E INSTALAÇÃO. AF_12/2015","M",27.4]
[97328,"TUBO EM COBRE FLEXÍVEL, DN 3/8\", COM ISOLAMENTO, INSTALADO EM RAMAL DE ALIMENTAÇÃO DE AR CONDICIONADO COM CONDENSADORA INDIVIDUAL - FORNECIMENTO E INSTALAÇÃO. AF_12/2015","M",46.2]
[97329,"TUBO EM COBRE FLEXÍVEL, DN 1/2\", COM ISOLAMENTO, INSTALADO EM RAMAL DE ALIMENTAÇÃO DE AR CONDICIONADO COM CONDENSADORA INDIVIDUAL - FORNECIMENTO E INSTALAÇÃO. AF_12/2015","M",58.6]
[97330,"TUBO EM COBRE FLEXÍVEL, DN 5/8\", COM ISOLAMENTO, INSTALADO EM RAMAL DE ALIMENTAÇÃO DE AR CONDICIONADO COM CONDENSADORA INDIVIDUAL - FORNECIMENTO E INSTALAÇÃO. AF_12/2015","M",71.66]
[97331,"TUBO EM COBRE FLEXÍVEL, DN 1/4\", COM ISOLAMENTO, INSTALADO EM RAMAL DE ALIMENTAÇÃO DE AR CONDICIONADO COM CONDENSADORA CENTRAL - FORNECIMENTO E INSTALAÇÃO. AF_12/2015","M",27.71]
[97332,"TUBO EM COBRE FLEXÍVEL, DN 3/8\", COM ISOLAMENTO, INSTALADO EM RAMAL DE ALIMENTAÇÃO DE AR CONDICIONADO COM CONDENSADORA CENTRAL - FORNECIMENTO E INSTALAÇÃO. AF_12/2015","M",46.56]
[97333,"TUBO EM COBRE FLEXÍVEL, DN 1/2\", COM ISOLAMENTO, INSTALADO EM RAMAL DE ALIMENTAÇÃO DE AR CONDICIONADO COM CONDENSADORA CENTRAL - FORNECIMENTO E INSTALAÇÃO. AF_12/2015","M",59.05]
[97334,"TUBO EM COBRE FLEXÍVEL, DN 5/8\", COM ISOLAMENTO, INSTALADO EM RAMAL DE ALIMENTAÇÃO DE AR CONDICIONADO COM CONDENSADORA CENTRAL   FORNECIMENTO E INSTALAÇÃO. AF_12/2015","M",72.150000000000006]
[97335,"TUBO EM COBRE RÍGIDO, DN 22 MM, CLASSE A, SEM ISOLAMENTO, INSTALADO EM PRUMADA DE GÁS COMBUSTÍVEL - FORNECIMENTO E INSTALAÇÃO. AF_04/2022","M",81.150000000000006]
[97336,"TUBO EM COBRE RÍGIDO, DN 28 MM, CLASSE A, SEM ISOLAMENTO, INSTALADO EM PRUMADA DE GÁS COMBUSTÍVEL - FORNECIMENTO E INSTALAÇÃO. AF_04/2022","M",103.26]
[97337,"TUBO EM COBRE RÍGIDO, DN 35 MM, CLASSE A, SEM ISOLAMENTO, INSTALADO EM PRUMADA DE GÁS COMBUSTÍVEL - FORNECIMENTO E INSTALAÇÃO. AF_04/2022","M",155.35]
[97338,"TUBO EM COBRE RÍGIDO, DN 42 MM, CLASSE A, SEM ISOLAMENTO, INSTALADO EM PRUMADA DE GÁS COMBUSTÍVEL - FORNECIMENTO E INSTALAÇÃO. AF_04/2022","M",186.92]
[97339,"TUBO EM COBRE RÍGIDO, DN 54 MM, CLASSE A, SEM ISOLAMENTO, INSTALADO EM PRUMADA DE GÁS COMBUSTÍVEL - FORNECIMENTO E INSTALAÇÃO. AF_04/2022","M",201.27]
[97340,"TUBO EM COBRE RÍGIDO, DN 66 MM, CLASSE A, SEM ISOLAMENTO, INSTALADO EM PRUMADA DE GÁS COMBUSTÍVEL - FORNECIMENTO E INSTALAÇÃO. AF_04/2022","M",202.4]
[97498,"TUBO DE AÇO GALVANIZADO COM COSTURA, CLASSE MÉDIA, DN 25 (1\"), CONEXÃO ROSQUEADA, INSTALADO EM REDE DE ALIMENTAÇÃO PARA HIDRANTE - FORNECIMENTO E INSTALAÇÃO. AF_10/2020","M",48.9]
[97535,"TUBO DE AÇO GALVANIZADO COM COSTURA, CLASSE MÉDIA, CONEXÃO ROSQUEADA, DN 25 (1\"), INSTALADO EM REDE DE ALIMENTAÇÃO PARA SPRINKLER - FORNECIMENTO E INSTALAÇÃO. AF_10/2020","M",53.23]
[97536,"TUBO DE AÇO GALVANIZADO COM COSTURA, CLASSE MÉDIA, CONEXÃO ROSQUEADA, DN 25 (1\"), INSTALADO EM RAMAIS  E SUB-RAMAIS DE GÁS - FORNECIMENTO E INSTALAÇÃO. AF_10/2020","M",63.16]
[100788,"KIT CAVALETE PARA GÁS - SEM MEDIDOR OU REGULADOR - ENTRADA INDIVIDUAL PRINCIPAL, EM AÇO GALVANIZADO DN 15 E 25 MM (1/2\" E 1\") - FORNECIMENTO E INSTALAÇÃO. AF_01/2020","UN",832.82]
[100791,"TUBO, PEX, MULTICAMADA, DN 16, INSTALADO EM IMPLANTAÇÃO DE INSTALAÇÕES DE GÁS - FORNECIMENTO E INSTALAÇÃO. AF_01/2020","M",15.96]
[100792,"TUBO, PEX, MULTICAMADA, DN 20, INSTALADO EM IMPLANTAÇÃO DE INSTALAÇÕES DE GÁS - FORNECIMENTO E INSTALAÇÃO. AF_01/2020","M",23.01]
[100793,"TUBO, PEX, MULTICAMADA, DN 26, INSTALADO EM IMPLANTAÇÃO DE INSTALAÇÕES DE GÁS - FORNECIMENTO E INSTALAÇÃO. AF_01/2020","M",30.3]
[100794,"TUBO, PEX, MULTICAMADA, DN 32, INSTALADO EM IMPLANTAÇÃO DE INSTALAÇÕES DE GÁS - FORNECIMENTO E INSTALAÇÃO. AF_01/2020","M",40.64]
[100799,"TUBO, PEX, MULTICAMADA, COM TUBO LUVA, DN 16, INSTALADO EM IMPLANTAÇÃO DE INSTALAÇÕES DE GÁS - FORNECIMENTO E INSTALAÇÃO. AF_01/2020","M",16.41]
[100800,"TUBO, PEX, MULTICAMADA, COM TUBO LUVA, DN 20, INSTALADO EM IMPLANTAÇÃO DE INSTALAÇÕES DE GÁS - FORNECIMENTO E INSTALAÇÃO. AF_01/2020","M",23.46]
[100801,"TUBO, PEX, MULTICAMADA, COM TUBO LUVA, DN 26, INSTALADO EM IMPLANTAÇÃO DE INSTALAÇÕES DE GÁS - FORNECIMENTO E INSTALAÇÃO. AF_01/2020","M",30.74]
[100802,"TUBO, PEX, MULTICAMADA, COM TUBO LUVA, DN 32, INSTALADO EM IMPLANTAÇÃO DE INSTALAÇÕES DE GÁS - FORNECIMENTO E INSTALAÇÃO. AF_01/2020","M",41.08]
[100803,"TUBO, PEX, MULTICAMADA, DN 16, INSTALADO EM RAMAL INTERNO DE INSTALAÇÕES DE GÁS - FORNECIMENTO E INSTALAÇÃO. AF_01/2020","M",15.06]
[100804,"TUBO, PEX, MULTICAMADA, DN 20, INSTALADO EM RAMAL INTERNO DE INSTALAÇÕES DE GÁS - FORNECIMENTO E INSTALAÇÃO. AF_01/2020","M",21.93]
[100805,"TUBO, PEX, MULTICAMADA, DN 26, INSTALADO EM RAMAL INTERNO DE INSTALAÇÕES DE GÁS - FORNECIMENTO E INSTALAÇÃO. AF_01/2020","M",29.02]
[100806,"TUBO, PEX, MULTICAMADA, DN 32, INSTALADO EM RAMAL INTERNO DE INSTALAÇÕES DE GÁS - FORNECIMENTO E INSTALAÇÃO. AF_01/2020","M",39.06]
[100807,"TUBO, PEX, MULTICAMADA, COM TUBO LUVA, DN 16, INSTALADO EM RAMAL INTERNO DE INSTALAÇÕES DE GÁS - FORNECIMENTO E INSTALAÇÃO. AF_01/2020","M",21.55]
[100808,"TUBO, PEX, MULTICAMADA, COM TUBO LUVA, DN 20, INSTALADO EM RAMAL INTERNO DE INSTALAÇÕES DE GÁS - FORNECIMENTO E INSTALAÇÃO. AF_01/2020","M",29.56]
[100809,"TUBO, PEX, MULTICAMADA, COM TUBO LUVA, DN 26, INSTALADO EM RAMAL INTERNO DE INSTALAÇÕES DE GÁS - FORNECIMENTO E INSTALAÇÃO. AF_01/2020","M",38.049999999999997]
[100810,"TUBO, PEX, MULTICAMADA, COM TUBO LUVA, DN 32, INSTALADO EM RAMAL INTERNO DE INSTALAÇÕES DE GÁS - FORNECIMENTO E INSTALAÇÃO. AF_01/2020","M",50.07]
[101918,"TUBO DE AÇO GALVANIZADO COM COSTURA, CLASSE MÉDIA, DN 100 (4\"), CONEXÃO ROSQUEADA, INSTALADO EM PRUMADAS - FORNECIMENTO E INSTALAÇÃO. AF_10/2020","M",230.04]
[101919,"UNIÃO, EM FERRO GALVANIZADO, 4\", CONEXÃO ROSQUEADA, INSTALADO EM PRUMADAS - FORNECIMENTO E INSTALAÇÃO. AF_10/2020","UN",404.87]
[101920,"LUVA, EM FERRO GALVANIZADO, 4\", CONEXÃO ROSQUEADA, INSTALADO EM PRUMADAS - FORNECIMENTO E INSTALAÇÃO. AF_10/2020","UN",190.92]
[101921,"LUVA DE REDUÇÃO, EM FERRO GALVANIZADO, 4\" X 2 1/2\", CONEXÃO ROSQUEADA, INSTALADO EM PRUMADAS - FORNECIMENTO E INSTALAÇÃO. AF_10/2020","UN",218.47]
[101922,"LUVA DE REDUÇÃO, EM FERRO GALVANIZADO, 4\" X 2\", CONEXÃO ROSQUEADA, INSTALADO EM PRUMADAS - FORNECIMENTO E INSTALAÇÃO. AF_10/2020","UN",218.47]
[101923,"LUVA DE REDUÇÃO, EM FERRO GALVANIZADO, 4\" X 3\", CONEXÃO ROSQUEADA, INSTALADO EM PRUMADAS - FORNECIMENTO E INSTALAÇÃO. AF_10/2020","UN",218.47]
[101924,"NIPLE, EM FERRO GALVANIZADO, 4\", CONEXÃO ROSQUEADA, INSTALADO EM PRUMADAS - FORNECIMENTO E INSTALAÇÃO. AF_10/2020","UN",179.4]
[101925,"JOELHO 90°, EM FERRO GALVANIZADO, 4\", CONEXÃO ROSQUEADA, INSTALADO EM PRUMADAS - FORNECIMENTO E INSTALAÇÃO. AF_10/2020","UN",300.72000000000003]
[101926,"TÊ, EM FERRO GALVANIZADO, 4\", CONEXÃO ROSQUEADA, INSTALADO EM PRUMADAS - FORNECIMENTO E INSTALAÇÃO. AF_10/2020","UN",387.45]
[101927,"TUBO DE AÇO GALVANIZADO COM COSTURA, CLASSE MÉDIA, DN 100 (4\"), CONEXÃO ROSQUEADA, INSTALADO EM REDE DE ALIMENTAÇÃO PARA HIDRANTE - FORNECIMENTO E INSTALAÇÃO. AF_10/2020","M",216.56]
[101928,"UNIÃO, EM FERRO GALVANIZADO, 4\", CONEXÃO ROSQUEADA, INSTALADO EM REDE DE ALIMENTAÇÃO PARA HIDRANTE - FORNECIMENTO E INSTALAÇÃO. AF_10/2020","UN",410.03]
[101929,"LUVA, EM FERRO GALVANIZADO, 4\", CONEXÃO ROSQUEADA, INSTALADO EM REDE DE ALIMENTAÇÃO PARA HIDRANTE - FORNECIMENTO E INSTALAÇÃO. AF_10/2020","UN",196.08]
[101930,"LUVA DE REDUÇÃO, EM FERRO GALVANIZADO, 4\" X 2 1/2\", CONEXÃO ROSQUEADA, INSTALADO EM REDE DE ALIMENTAÇÃO PARA HIDRANTE - FORNECIMENTO E INSTALAÇÃO. AF_10/2020","UN",223.63]
[101931,"LUVA DE REDUÇÃO, EM FERRO GALVANIZADO, 4\" X 2\", CONEXÃO ROSQUEADA, INSTALADO EM REDE DE ALIMENTAÇÃO PARA HIDRANTE - FORNECIMENTO E INSTALAÇÃO. AF_10/2020","UN",223.63]
[101932,"LUVA DE REDUÇÃO, EM FERRO GALVANIZADO, 4\" X 3\", CONEXÃO ROSQUEADA, INSTALADO EM REDE DE ALIMENTAÇÃO PARA HIDRANTE - FORNECIMENTO E INSTALAÇÃO. AF_10/2020","UN",223.63]
[101933,"NIPLE, EM FERRO GALVANIZADO, 4\", CONEXÃO ROSQUEADA, INSTALADO EM REDE DE ALIMENTAÇÃO PARA HIDRANTE - FORNECIMENTO E INSTALAÇÃO. AF_10/2020","UN",184.56]
[101934,"JOELHO 90°, EM FERRO GALVANIZADO, 4\", CONEXÃO ROSQUEADA, INSTALADO EM REDE DE ALIMENTAÇÃO PARA HIDRANTE - FORNECIMENTO E INSTALAÇÃO. AF_10/2020","UN",308.47000000000003]
[101935,"TÊ, EM FERRO GALVANIZADO, 4\", CONEXÃO ROSQUEADA, INSTALADO EM REDE DE ALIMENTAÇÃO PARA HIDRANTE - FORNECIMENTO E INSTALAÇÃO. AF_10/2020","UN",397.77]
[103802,"TUBO EM COBRE RÍGIDO, DN 15 MM, CLASSE E, SEM ISOLAMENTO, INSTALADO EM RAMAL E SUB-RAMAL DE GÁS COMBUSTÍVEL - FORNECIMENTO E INSTALAÇÃO. AF_04/2022","M",39.64]
[103803,"TUBO EM COBRE RÍGIDO, DN 22 MM, CLASSE E, SEM ISOLAMENTO, INSTALADO EM RAMAL E SUB-RAMAL DE GÁS COMBUSTÍVEL - FORNECIMENTO E INSTALAÇÃO. AF_04/2022","M",68.150000000000006]
[103804,"TUBO EM COBRE RÍGIDO, DN 28 MM, CLASSE E, SEM ISOLAMENTO, INSTALADO EM RAMAL E SUB-RAMAL DE GÁS COMBUSTÍVEL - FORNECIMENTO E INSTALAÇÃO. AF_04/2022","M",82.78]
[103835,"TUBO EM COBRE RÍGIDO, DN 15 MM, CLASSE A, SEM ISOLAMENTO, INSTALADO EM RAMAL E SUB-RAMAL DE GÁS MEDICINAL - FORNECIMENTO E INSTALAÇÃO. AF_04/2022","M",61.9]
[103836,"TUBO EM COBRE RÍGIDO, DN 22 MM, CLASSE A, SEM ISOLAMENTO, INSTALADO EM RAMAL E SUB-RAMAL DE GÁS MEDICINAL - FORNECIMENTO E INSTALAÇÃO. AF_04/2022","M",96.48]
[103837,"TUBO EM COBRE RÍGIDO, DN 28 MM, CLASSE A, SEM ISOLAMENTO, INSTALADO EM RAMAL E SUB-RAMAL DE GÁS MEDICINAL - FORNECIMENTO E INSTALAÇÃO. AF_04/2022","M",121.72]
[103868,"TUBO EM COBRE RÍGIDO, DN 15 MM, CLASSE E, SEM ISOLAMENTO, INSTALADO EM RAMAL E SUB-RAMAL DE AQUECIMENTO SOLAR - FORNECIMENTO E INSTALAÇÃO. AF_04/2022","M",48.55]
[103869,"TUBO EM COBRE RÍGIDO, DN 22 MM, CLASSE E, SEM ISOLAMENTO, INSTALADO EM RAMAL E SUB-RAMAL DE AQUECIMENTO SOLAR - FORNECIMENTO E INSTALAÇÃO. AF_04/2022","M",74.39]
[103870,"TUBO EM COBRE RÍGIDO, DN 28 MM, CLASSE E, SEM ISOLAMENTO, INSTALADO EM RAMAL E SUB-RAMAL DE AQUECIMENTO SOLAR - FORNECIMENTO E INSTALAÇÃO. AF_04/2022","M",91.66]
[103871,"TUBO EM COBRE RÍGIDO, DN 15 MM, CLASSE E, COM ISOLAMENTO, INSTALADO EM RAMAL E SUB-RAMAL DE AQUECIMENTO SOLAR - FORNECIMENTO E INSTALAÇÃO. AF_04/2022","M",63.72]
[103872,"TUBO EM COBRE RÍGIDO, DN 22 MM, CLASSE E, COM ISOLAMENTO, INSTALADO EM RAMAL E SUB-RAMAL DE AQUECIMENTO SOLAR - FORNECIMENTO E INSTALAÇÃO. AF_04/2022","M",145.96]
[103873,"TUBO EM COBRE RÍGIDO, DN 28 MM, CLASSE E, COM ISOLAMENTO, INSTALADO EM RAMAL E SUB-RAMAL DE AQUECIMENTO SOLAR - FORNECIMENTO E INSTALAÇÃO. AF_04/2022","M",166.15]
[103978,"TUBO, PVC, SOLDÁVEL, DE 40MM, INSTALADO EM RAMAL DE DISTRIBUIÇÃO DE ÁGUA - FORNECIMENTO E INSTALAÇÃO. AF_06/2022","M",24.56]
[103979,"TUBO, PVC, SOLDÁVEL, DE 50MM, INSTALADO EM RAMAL DE DISTRIBUIÇÃO DE ÁGUA - FORNECIMENTO E INSTALAÇÃO. AF_06/2022","M",27.91]
[104021,"TUBO, CPVC, SOLDÁVEL, DN 42MM, INSTALADO EM RAMAL DE DISTRIBUIÇÃO DE ÁGUA - FORNECIMENTO E INSTALAÇÃO. AF_06/2022","M",71.23]
[104166,"TUBO PVC, SÉRIE R, ÁGUA PLUVIAL, DN 150 MM, FORNECIDO E INSTALADO EM RAMAL DE ENCAMINHAMENTO. AF_06/2022","M",72.709999999999994]
[104194,"TUBO, PPR, DN 20, CLASSE PN20, INSTALADO EM RAMAL OU SUB-RAMAL DE ÁGUA - FORNECIMENTO E INSTALAÇÃO. AF_08/2022","M",19.260000000000002]
[104195,"TUBO, PPR, DN 20, CLASSE PN25, INSTALADO EM RAMAL OU SUB-RAMAL DE ÁGUA - FORNECIMENTO E INSTALAÇÃO. AF_08/2022","M",20.48]
[104315,"TUBO, PVC, SOLDÁVEL, DE 20MM, INSTALADO EM DRENO DE AR CONDICIONADO - FORNECIMENTO E INSTALAÇÃO. AF_08/2022","M",14.63]
[104316,"TUBO, PVC, SOLDÁVEL, DE 32MM, INSTALADO EM DRENO DE AR CONDICIONADO - FORNECIMENTO E INSTALAÇÃO. AF_08/2022","M",21.47]
[105138,"BUCHA DE REDUÇÃO PVC, SOLDÁVEL, LONGA, DN 60 X 25 MM, INSTALADO EM RESERVAÇÃO PREDIAL DE ÁGUA - FORNECIMENTO E INSTALAÇÃO. AF_04/2024","UN",15.86]
[105139,"BUCHA DE REDUÇÃO PVC, SOLDÁVEL, LONGA, DN 60 X 32 MM, INSTALADO EM RESERVAÇÃO PREDIAL DE ÁGUA - FORNECIMENTO E INSTALAÇÃO. AF_04/2024","UN",18.73]
[105140,"BUCHA DE REDUÇÃO PVC, SOLDÁVEL, LONGA, DN 60 X 50 MM, INSTALADO EM RESERVAÇÃO PREDIAL DE ÁGUA - FORNECIMENTO E INSTALAÇÃO. AF_04/2024","UN",24.1]
[105141,"BUCHA DE REDUÇÃO PVC, SOLDÁVEL, LONGA, DN 75 X 50 MM, INSTALADO EM RESERVAÇÃO PREDIAL DE ÁGUA - FORNECIMENTO E INSTALAÇÃO. AF_04/2024","UN",28.61]
[105142,"LUVA DE REDUÇÃO SOLDÁVEL, PVC, DN 32 MM X 25 MM, INSTALADO EM RESERVAÇÃO PREDIAL DE ÁGUA - FORNECIMENTO E INSTALAÇÃO. AF_04/2024","UN",6.2]
[105143,"LUVA DE REDUÇÃO SOLDÁVEL, PVC, DN 40 MM X 32 MM, INSTALADO EM RESERVAÇÃO PREDIAL DE ÁGUA - FORNECIMENTO E INSTALAÇÃO. AF_04/2024","UN",9.34]
[105144,"LUVA DE REDUÇÃO SOLDÁVEL, PVC, DN 60 MM X 50 MM, INSTALADO EM RESERVAÇÃO PREDIAL DE ÁGUA - FORNECIMENTO E INSTALAÇÃO. AF_04/2024","UN",19.899999999999999]
[105145,"LUVA DE REDUÇÃO, SOLDÁVEL, PVC, DN 50 X 25 MM, INSTALADO EM RESERVAÇÃO PREDIAL DE ÁGUA - FORNECIMENTO E INSTALAÇÃO. AF_04/2024","UN",10.83]
[105153,"JOELHO PPR 45 GRAUS, SOLDÁVEL, DN 63 MM, INSTALADO EM RESERVAÇÃO PREDIAL DE ÁGUA - FORNECIMENTO E INSTALAÇÃO. AF_04/2024","UN",45.54]
[89358,"JOELHO 90 GRAUS, PVC, SOLDÁVEL, DN 20MM, INSTALADO EM RAMAL OU SUB-RAMAL DE ÁGUA - FORNECIMENTO E INSTALAÇÃO. AF_06/2022","UN",7.19]
[89359,"JOELHO 45 GRAUS, PVC, SOLDÁVEL, DN 20MM, INSTALADO EM RAMAL OU SUB-RAMAL DE ÁGUA - FORNECIMENTO E INSTALAÇÃO. AF_06/2022","UN",7.72]
[89360,"CURVA 90 GRAUS, PVC, SOLDÁVEL, DN 20MM, INSTALADO EM RAMAL OU SUB-RAMAL DE ÁGUA - FORNECIMENTO E INSTALAÇÃO. AF_06/2022","UN",8.68]
[89361,"CURVA 45 GRAUS, PVC, SOLDÁVEL, DN 20MM, INSTALADO EM RAMAL OU SUB-RAMAL DE ÁGUA - FORNECIMENTO E INSTALAÇÃO. AF_06/2022","UN",8.76]
[89362,"JOELHO 90 GRAUS, PVC, SOLDÁVEL, DN 25MM, INSTALADO EM RAMAL OU SUB-RAMAL DE ÁGUA - FORNECIMENTO E INSTALAÇÃO. AF_06/2022","UN",8.5500000000000007]
[89363,"JOELHO 45 GRAUS, PVC, SOLDÁVEL, DN 25MM, INSTALADO EM RAMAL OU SUB-RAMAL DE ÁGUA - FORNECIMENTO E INSTALAÇÃO. AF_06/2022","UN",9.31]
[89364,"CURVA 90 GRAUS, PVC, SOLDÁVEL, DN 25MM, INSTALADO EM RAMAL OU SUB-RAMAL DE ÁGUA - FORNECIMENTO E INSTALAÇÃO. AF_06/2022","UN",10.77]
[89365,"CURVA 45 GRAUS, PVC, SOLDÁVEL, DN 25MM, INSTALADO EM RAMAL OU SUB-RAMAL DE ÁGUA - FORNECIMENTO E INSTALAÇÃO. AF_06/2022","UN",10.25]
[89366,"JOELHO 90 GRAUS COM BUCHA DE LATÃO, PVC, SOLDÁVEL, DN 25MM, X 3/4  INSTALADO EM RAMAL OU SUB-RAMAL DE ÁGUA - FORNECIMENTO E INSTALAÇÃO. AF_06/2022","UN",15.16]
[89367,"JOELHO 90 GRAUS, PVC, SOLDÁVEL, DN 32MM, INSTALADO EM RAMAL OU SUB-RAMAL DE ÁGUA - FORNECIMENTO E INSTALAÇÃO. AF_06/2022","UN",11.89]
[89368,"JOELHO 45 GRAUS, PVC, SOLDÁVEL, DN 32MM, INSTALADO EM RAMAL OU SUB-RAMAL DE ÁGUA - FORNECIMENTO E INSTALAÇÃO. AF_06/2022","UN",13.58]
[89369,"CURVA 90 GRAUS, PVC, SOLDÁVEL, DN 32MM, INSTALADO EM RAMAL OU SUB-RAMAL DE ÁGUA - FORNECIMENTO E INSTALAÇÃO. AF_06/2022","UN",15.85]
[89370,"CURVA 45 GRAUS, PVC, SOLDÁVEL, DN 32MM, INSTALADO EM RAMAL OU SUB-RAMAL DE ÁGUA - FORNECIMENTO E INSTALAÇÃO. AF_06/2022","UN",13.9]
[89371,"LUVA, PVC, SOLDÁVEL, DN 20MM, INSTALADO EM RAMAL OU SUB-RAMAL DE ÁGUA - FORNECIMENTO E INSTALAÇÃO. AF_06/2022","UN",5.42]
[89372,"LUVA DE CORRER, PVC, SOLDÁVEL, DN 20MM, INSTALADO EM RAMAL OU SUB-RAMAL DE ÁGUA - FORNECIMENTO E INSTALAÇÃO. AF_06/2022","UN",15.07]
[89373,"LUVA DE REDUÇÃO, PVC, SOLDÁVEL, DN 25MM X 20MM, INSTALADO EM RAMAL OU SUB-RAMAL DE ÁGUA - FORNECIMENTO E INSTALAÇÃO. AF_06/2022","UN",6.5]
[89374,"LUVA COM BUCHA DE LATÃO, PVC, SOLDÁVEL, DN 20MM X 1/2\", INSTALADO EM RAMAL OU SUB-RAMAL DE ÁGUA - FORNECIMENTO E INSTALAÇÃO. AF_06/2022","UN",9.42]
[89375,"UNIÃO, PVC, SOLDÁVEL, DN 20MM, INSTALADO EM RAMAL OU SUB-RAMAL DE ÁGUA - FORNECIMENTO E INSTALAÇÃO. AF_06/2022","UN",11.17]
[89376,"ADAPTADOR CURTO COM BOLSA E ROSCA PARA REGISTRO, PVC, SOLDÁVEL, DN 20MM X 1/2 , INSTALADO EM RAMAL OU SUB-RAMAL DE ÁGUA - FORNECIMENTO E INSTALAÇÃO. AF_06/2022","UN",5.15]
[89377,"CURVA DE TRANSPOSIÇÃO, PVC, SOLDÁVEL, DN 20MM, INSTALADO EM RAMAL OU SUB-RAMAL DE ÁGUA - FORNECIMENTO E INSTALAÇÃO. AF_06/2022","UN",9.5]
[89378,"LUVA, PVC, SOLDÁVEL, DN 25MM, INSTALADO EM RAMAL OU SUB-RAMAL DE ÁGUA - FORNECIMENTO E INSTALAÇÃO. AF_06/2022","UN",6.38]
[89379,"LUVA DE CORRER, PVC, SOLDÁVEL, DN 25MM, INSTALADO EM RAMAL OU SUB-RAMAL DE ÁGUA - FORNECIMENTO E INSTALAÇÃO. AF_12/2014","UN",17.7]
[89380,"LUVA DE REDUÇÃO, PVC, SOLDÁVEL, DN 32MM X 25MM, INSTALADO EM RAMAL OU SUB-RAMAL DE ÁGUA - FORNECIMENTO E INSTALAÇÃO. AF_06/2022","UN",9.26]
[89381,"LUVA COM BUCHA DE LATÃO, PVC, SOLDÁVEL, DN 25MM X 3/4 , INSTALADO EM RAMAL OU SUB-RAMAL DE ÁGUA - FORNECIMENTO E INSTALAÇÃO. AF_06/2022","UN",11.57]
[89382,"UNIÃO, PVC, SOLDÁVEL, DN 25MM, INSTALADO EM RAMAL OU SUB-RAMAL DE ÁGUA - FORNECIMENTO E INSTALAÇÃO. AF_06/2022","UN",13.43]
[89383,"ADAPTADOR CURTO COM BOLSA E ROSCA PARA REGISTRO, PVC, SOLDÁVEL, DN 25MM X 3/4 , INSTALADO EM RAMAL OU SUB-RAMAL DE ÁGUA - FORNECIMENTO E INSTALAÇÃO. AF_06/2022","UN",5.99]
[89384,"CURVA DE TRANSPOSIÇÃO, PVC, SOLDÁVEL, DN 25MM, INSTALADO EM RAMAL OU SUB-RAMAL DE ÁGUA   FORNECIMENTO E INSTALAÇÃO. AF_06/2022","UN",12.14]
[89385,"LUVA SOLDÁVEL E COM ROSCA, PVC, SOLDÁVEL, DN 25MM X 3/4 , INSTALADO EM RAMAL OU SUB-RAMAL DE ÁGUA - FORNECIMENTO E INSTALAÇÃO. AF_06/2022","UN",6.61]
[89386,"LUVA, PVC, SOLDÁVEL, DN 32MM, INSTALADO EM RAMAL OU SUB-RAMAL DE ÁGUA - FORNECIMENTO E INSTALAÇÃO. AF_06/2022","UN",8.7799999999999994]
[89387,"LUVA DE CORRER, PVC, SOLDÁVEL, DN 32MM, INSTALADO EM RAMAL OU SUB-RAMAL DE ÁGUA   FORNECIMENTO E INSTALAÇÃO. AF_06/2022","UN",28.34]
[89389,"LUVA SOLDÁVEL E COM ROSCA, PVC, SOLDÁVEL, DN 32MM X 1 , INSTALADO EM RAMAL OU SUB-RAMAL DE ÁGUA - FORNECIMENTO E INSTALAÇÃO. AF_06/2022","UN",10.63]
[89390,"UNIÃO, PVC, SOLDÁVEL, DN 32MM, INSTALADO EM RAMAL OU SUB-RAMAL DE ÁGUA - FORNECIMENTO E INSTALAÇÃO. AF_06/2022","UN",20.04]
[89391,"ADAPTADOR CURTO COM BOLSA E ROSCA PARA REGISTRO, PVC, SOLDÁVEL, DN 32MM X 1 , INSTALADO EM RAMAL OU SUB-RAMAL DE ÁGUA - FORNECIMENTO E INSTALAÇÃO. AF_06/2022","UN",7.97]
[89392,"CURVA DE TRANSPOSIÇÃO, PVC, SOLDÁVEL, DN 32MM, INSTALADO EM RAMAL OU SUB-RAMAL DE ÁGUA   FORNECIMENTO E INSTALAÇÃO. AF_06/2022","UN",23.03]
[89393,"TE, PVC, SOLDÁVEL, DN 20MM, INSTALADO EM RAMAL OU SUB-RAMAL DE ÁGUA - FORNECIMENTO E INSTALAÇÃO. AF_06/2022","UN",9.99]
[89394,"TÊ COM BUCHA DE LATÃO NA BOLSA CENTRAL, PVC, SOLDÁVEL, DN 20MM X 1/2 , INSTALADO EM RAMAL OU SUB-RAMAL DE ÁGUA - FORNECIMENTO E INSTALAÇÃO. AF_06/2022","UN",17.34]
[89395,"TE, PVC, SOLDÁVEL, DN 25MM, INSTALADO EM RAMAL OU SUB-RAMAL DE ÁGUA - FORNECIMENTO E INSTALAÇÃO. AF_06/2022","UN",11.82]
[89396,"TÊ COM BUCHA DE LATÃO NA BOLSA CENTRAL, PVC, SOLDÁVEL, DN 25MM X 1/2 , INSTALADO EM RAMAL OU SUB-RAMAL DE ÁGUA - FORNECIMENTO E INSTALAÇÃO. AF_06/2022","UN",19.010000000000002]
[89397,"TÊ DE REDUÇÃO, PVC, SOLDÁVEL, DN 25MM X 20MM, INSTALADO EM RAMAL OU SUB-RAMAL DE ÁGUA - FORNECIMENTO E INSTALAÇÃO. AF_06/2022","UN",13.57]
[89398,"TE, PVC, SOLDÁVEL, DN 32MM, INSTALADO EM RAMAL OU SUB-RAMAL DE ÁGUA - FORNECIMENTO E INSTALAÇÃO. AF_06/2022","UN",16.66]
[89399,"TÊ COM BUCHA DE LATÃO NA BOLSA CENTRAL, PVC, SOLDÁVEL, DN 32MM X 3/4 , INSTALADO EM RAMAL OU SUB-RAMAL DE ÁGUA - FORNECIMENTO E INSTALAÇÃO. AF_06/2022","UN",23.11]
[89400,"TÊ DE REDUÇÃO, PVC, SOLDÁVEL, DN 32MM X 25MM, INSTALADO EM RAMAL OU SUB-RAMAL DE ÁGUA - FORNECIMENTO E INSTALAÇÃO. AF_06/2022","UN",18.36]
[89404,"JOELHO 90 GRAUS, PVC, SOLDÁVEL, DN 20MM, INSTALADO EM RAMAL DE DISTRIBUIÇÃO DE ÁGUA - FORNECIMENTO E INSTALAÇÃO. AF_06/2022","UN",6.56]
[89405,"JOELHO 45 GRAUS, PVC, SOLDÁVEL, DN 20MM, INSTALADO EM RAMAL DE DISTRIBUIÇÃO DE ÁGUA - FORNECIMENTO E INSTALAÇÃO. AF_06/2022","UN",7.09]
[89406,"CURVA 90 GRAUS, PVC, SOLDÁVEL, DN 20MM, INSTALADO EM RAMAL DE DISTRIBUIÇÃO DE ÁGUA - FORNECIMENTO E INSTALAÇÃO. AF_06/2022","UN",8.0500000000000007]
[89407,"CURVA 45 GRAUS, PVC, SOLDÁVEL, DN 20MM, INSTALADO EM RAMAL DE DISTRIBUIÇÃO DE ÁGUA - FORNECIMENTO E INSTALAÇÃO. AF_06/2022","UN",8.1300000000000008]
[89408,"JOELHO 90 GRAUS, PVC, SOLDÁVEL, DN 25MM, INSTALADO EM RAMAL DE DISTRIBUIÇÃO DE ÁGUA - FORNECIMENTO E INSTALAÇÃO. AF_06/2022","UN",7.82]
[89409,"JOELHO 45 GRAUS, PVC, SOLDÁVEL, DN 25MM, INSTALADO EM RAMAL DE DISTRIBUIÇÃO DE ÁGUA - FORNECIMENTO E INSTALAÇÃO. AF_06/2022","UN",8.58]
[89410,"CURVA 90 GRAUS, PVC, SOLDÁVEL, DN 25MM, INSTALADO EM RAMAL DE DISTRIBUIÇÃO DE ÁGUA - FORNECIMENTO E INSTALAÇÃO. AF_06/2022","UN",10.039999999999999]
[89411,"CURVA 45 GRAUS, PVC, SOLDÁVEL, DN 25MM, INSTALADO EM RAMAL DE DISTRIBUIÇÃO DE ÁGUA - FORNECIMENTO E INSTALAÇÃO. AF_06/2022","UN",9.52]
[89412,"JOELHO 90 GRAUS, PVC, SOLDÁVEL, DN 25MM, X 3/4  INSTALADO EM RAMAL DE DISTRIBUIÇÃO DE ÁGUA - FORNECIMENTO E INSTALAÇÃO. AF_06/2022","UN",8.93]
[89413,"JOELHO 90 GRAUS, PVC, SOLDÁVEL, DN 32MM, INSTALADO EM RAMAL DE DISTRIBUIÇÃO DE ÁGUA - FORNECIMENTO E INSTALAÇÃO. AF_06/2022","UN",11.03]
[89414,"JOELHO 45 GRAUS, PVC, SOLDÁVEL, DN 32MM, INSTALADO EM RAMAL DE DISTRIBUIÇÃO DE ÁGUA - FORNECIMENTO E INSTALAÇÃO. AF_06/2022","UN",12.72]
[89415,"CURVA 90 GRAUS, PVC, SOLDÁVEL, DN 32MM, INSTALADO EM RAMAL DE DISTRIBUIÇÃO DE ÁGUA - FORNECIMENTO E INSTALAÇÃO. AF_06/2022","UN",14.99]
[89416,"CURVA 45 GRAUS, PVC, SOLDÁVEL, DN 32MM, INSTALADO EM RAMAL DE DISTRIBUIÇÃO DE ÁGUA - FORNECIMENTO E INSTALAÇÃO. AF_06/2022","UN",13.04]
[89417,"LUVA, PVC, SOLDÁVEL, DN 20MM, INSTALADO EM RAMAL DE DISTRIBUIÇÃO DE ÁGUA - FORNECIMENTO E INSTALAÇÃO. AF_06/2022","UN",4.99]
[89418,"LUVA DE CORRER, PVC, SOLDÁVEL, DN 20MM, INSTALADO EM RAMAL DE DISTRIBUIÇÃO DE ÁGUA - FORNECIMENTO E INSTALAÇÃO. AF_06/2022","UN",14.64]
[89419,"LUVA DE REDUÇÃO, PVC, SOLDÁVEL, DN 25MM X 20MM, INSTALADO EM RAMAL DE DISTRIBUIÇÃO DE ÁGUA - FORNECIMENTO E INSTALAÇÃO. AF_06/2022","UN",6.04]
[89421,"UNIÃO, PVC, SOLDÁVEL, DN 20MM, INSTALADO EM RAMAL DE DISTRIBUIÇÃO DE ÁGUA - FORNECIMENTO E INSTALAÇÃO. AF_06/2022","UN",10.74]
[89423,"CURVA DE TRANSPOSIÇÃO, PVC, SOLDÁVEL, DN 20MM, INSTALADO EM RAMAL DE DISTRIBUIÇÃO DE ÁGUA   FORNECIMENTO E INSTALAÇÃO. AF_06/2022","UN",9.07]
[89424,"LUVA, PVC, SOLDÁVEL, DN 25MM, INSTALADO EM RAMAL DE DISTRIBUIÇÃO DE ÁGUA - FORNECIMENTO E INSTALAÇÃO. AF_06/2022","UN",5.89]
[89425,"LUVA DE CORRER, PVC, SOLDÁVEL, DN 25MM, INSTALADO EM RAMAL DE DISTRIBUIÇÃO DE ÁGUA - FORNECIMENTO E INSTALAÇÃO. AF_06/2022","UN",17.21]
[89426,"LUVA DE REDUÇÃO, PVC, SOLDÁVEL, DN 32MM X 25MM, INSTALADO EM RAMAL DE DISTRIBUIÇÃO DE ÁGUA - FORNECIMENTO E INSTALAÇÃO. AF_06/2022","UN",8.7200000000000006]
[89427,"LUVA COM BUCHA DE LATÃO, PVC, SOLDÁVEL, DN 25MM X 3/4 , INSTALADO EM RAMAL DE DISTRIBUIÇÃO DE ÁGUA - FORNECIMENTO E INSTALAÇÃO. AF_06/2022","UN",11.11]
[89428,"UNIÃO, PVC, SOLDÁVEL, DN 25MM, INSTALADO EM RAMAL DE DISTRIBUIÇÃO DE ÁGUA - FORNECIMENTO E INSTALAÇÃO. AF_06/2022","UN",12.94]
[89429,"ADAPTADOR CURTO COM BOLSA E ROSCA PARA REGISTRO, PVC, SOLDÁVEL, DN 25MM X 3/4 , INSTALADO EM RAMAL DE DISTRIBUIÇÃO DE ÁGUA - FORNECIMENTO E INSTALAÇÃO. AF_06/2022","UN",5.53]
[89430,"CURVA DE TRANSPOSIÇÃO, PVC, SOLDÁVEL, DN 25MM, INSTALADO EM RAMAL DE DISTRIBUIÇÃO DE ÁGUA   FORNECIMENTO E INSTALAÇÃO. AF_06/2022","UN",11.65]
[89431,"LUVA, PVC, SOLDÁVEL, DN 32MM, INSTALADO EM RAMAL DE DISTRIBUIÇÃO DE ÁGUA - FORNECIMENTO E INSTALAÇÃO. AF_06/2022","UN",8.1999999999999993]
[89432,"LUVA DE CORRER, PVC, SOLDÁVEL, DN 32MM, INSTALADO EM RAMAL DE DISTRIBUIÇÃO DE ÁGUA   FORNECIMENTO E INSTALAÇÃO. AF_06/2022","UN",27.76]
[89433,"LUVA DE REDUÇÃO, PVC, SOLDÁVEL, DN 40MM X 32MM, INSTALADO EM RAMAL DE DISTRIBUIÇÃO DE ÁGUA - FORNECIMENTO E INSTALAÇÃO. AF_06/2022","UN",12.09]
[89434,"LUVA SOLDÁVEL E COM ROSCA, PVC, SOLDÁVEL, DN 32MM X 1 , INSTALADO EM RAMAL DE DISTRIBUIÇÃO DE ÁGUA - FORNECIMENTO E INSTALAÇÃO. AF_06/2022","UN",10.09]
[89435,"UNIÃO, PVC, SOLDÁVEL, DN 32MM, INSTALADO EM RAMAL DE DISTRIBUIÇÃO DE ÁGUA - FORNECIMENTO E INSTALAÇÃO. AF_06/2022","UN",19.46]
[89436,"ADAPTADOR CURTO COM BOLSA E ROSCA PARA REGISTRO, PVC, SOLDÁVEL, DN 32MM X 1 , INSTALADO EM RAMAL DE DISTRIBUIÇÃO DE ÁGUA - FORNECIMENTO E INSTALAÇÃO. AF_06/2022","UN",7.43]
[89437,"CURVA DE TRANSPOSIÇÃO, PVC, SOLDÁVEL, DN 32MM, INSTALADO EM RAMAL DE DISTRIBUIÇÃO DE ÁGUA   FORNECIMENTO E INSTALAÇÃO. AF_06/2022","UN",22.45]
[89438,"TE, PVC, SOLDÁVEL, DN 20MM, INSTALADO EM RAMAL DE DISTRIBUIÇÃO DE ÁGUA - FORNECIMENTO E INSTALAÇÃO. AF_06/2022","UN",9.15]
[89439,"TÊ SOLDÁVEL E COM ROSCA NA BOLSA CENTRAL, PVC, SOLDÁVEL, DN 20MM X 1/2 , INSTALADO EM RAMAL DE DISTRIBUIÇÃO DE ÁGUA - FORNECIMENTO E INSTALAÇÃO. AF_06/2022","UN",10.6]
[89440,"TE, PVC, SOLDÁVEL, DN 25MM, INSTALADO EM RAMAL DE DISTRIBUIÇÃO DE ÁGUA - FORNECIMENTO E INSTALAÇÃO. AF_06/2022","UN",10.85]
[89442,"TÊ DE REDUÇÃO, PVC, SOLDÁVEL, DN 25MM X 20MM, INSTALADO EM RAMAL DE DISTRIBUIÇÃO DE ÁGUA - FORNECIMENTO E INSTALAÇÃO. AF_06/2022","UN",12.67]
[89443,"TE, PVC, SOLDÁVEL, DN 32MM, INSTALADO EM RAMAL DE DISTRIBUIÇÃO DE ÁGUA - FORNECIMENTO E INSTALAÇÃO. AF_06/2022","UN",15.49]
[89444,"TÊ COM BUCHA DE LATÃO NA BOLSA CENTRAL, PVC, SOLDÁVEL, DN 32MM X 3/4 , INSTALADO EM RAMAL DE DISTRIBUIÇÃO DE ÁGUA - FORNECIMENTO E INSTALAÇÃO. AF_06/2022","UN",22.54]
[89445,"TÊ DE REDUÇÃO, PVC, SOLDÁVEL, DN 32MM X 25MM, INSTALADO EM RAMAL DE DISTRIBUIÇÃO DE ÁGUA - FORNECIMENTO E INSTALAÇÃO. AF_06/2022","UN",17.3]
[89481,"JOELHO 90 GRAUS, PVC, SOLDÁVEL, DN 25MM, INSTALADO EM PRUMADA DE ÁGUA - FORNECIMENTO E INSTALAÇÃO. AF_06/2022","UN",4.8600000000000003]
[89485,"JOELHO 45 GRAUS, PVC, SOLDÁVEL, DN 25MM, INSTALADO EM PRUMADA DE ÁGUA - FORNECIMENTO E INSTALAÇÃO. AF_06/2022","UN",5.62]
[89489,"CURVA 90 GRAUS, PVC, SOLDÁVEL, DN 25MM, INSTALADO EM PRUMADA DE ÁGUA - FORNECIMENTO E INSTALAÇÃO. AF_06/2022","UN",7.08]
[89490,"CURVA 45 GRAUS, PVC, SOLDÁVEL, DN 25MM, INSTALADO EM PRUMADA DE ÁGUA - FORNECIMENTO E INSTALAÇÃO. AF_06/2022","UN",6.56]
[89492,"JOELHO 90 GRAUS, PVC, SOLDÁVEL, DN 32MM, INSTALADO EM PRUMADA DE ÁGUA - FORNECIMENTO E INSTALAÇÃO. AF_06/2022","UN",7.56]
[89493,"JOELHO 45 GRAUS, PVC, SOLDÁVEL, DN 32MM, INSTALADO EM PRUMADA DE ÁGUA - FORNECIMENTO E INSTALAÇÃO. AF_06/2022","UN",9.25]
[89494,"CURVA 90 GRAUS, PVC, SOLDÁVEL, DN 32MM, INSTALADO EM PRUMADA DE ÁGUA - FORNECIMENTO E INSTALAÇÃO. AF_06/2022","UN",11.52]
[89496,"CURVA 45 GRAUS, PVC, SOLDÁVEL, DN 32MM, INSTALADO EM PRUMADA DE ÁGUA - FORNECIMENTO E INSTALAÇÃO. AF_06/2022","UN",9.57]
[89497,"JOELHO 90 GRAUS, PVC, SOLDÁVEL, DN 40MM, INSTALADO EM PRUMADA DE ÁGUA - FORNECIMENTO E INSTALAÇÃO. AF_06/2022","UN",12.19]
[89498,"JOELHO 45 GRAUS, PVC, SOLDÁVEL, DN 40MM, INSTALADO EM PRUMADA DE ÁGUA - FORNECIMENTO E INSTALAÇÃO. AF_06/2022","UN",12.24]
[89499,"CURVA 90 GRAUS, PVC, SOLDÁVEL, DN 40MM, INSTALADO EM PRUMADA DE ÁGUA - FORNECIMENTO E INSTALAÇÃO. AF_06/2022","UN",18.2]
[89500,"CURVA 45 GRAUS, PVC, SOLDÁVEL, DN 40MM, INSTALADO EM PRUMADA DE ÁGUA - FORNECIMENTO E INSTALAÇÃO. AF_06/2022","UN",11.71]
[89501,"JOELHO 90 GRAUS, PVC, SOLDÁVEL, DN 50MM, INSTALADO EM PRUMADA DE ÁGUA - FORNECIMENTO E INSTALAÇÃO. AF_06/2022","UN",13.15]
[89502,"JOELHO 45 GRAUS, PVC, SOLDÁVEL, DN 50MM, INSTALADO EM PRUMADA DE ÁGUA - FORNECIMENTO E INSTALAÇÃO. AF_06/2022","UN",15.6]
[89503,"CURVA 90 GRAUS, PVC, SOLDÁVEL, DN 50MM, INSTALADO EM PRUMADA DE ÁGUA - FORNECIMENTO E INSTALAÇÃO. AF_06/2022","UN",21.06]
[89504,"CURVA 45 GRAUS, PVC, SOLDÁVEL, DN 50MM, INSTALADO EM PRUMADA DE ÁGUA - FORNECIMENTO E INSTALAÇÃO. AF_06/2022","UN",17.36]
[89505,"JOELHO 90 GRAUS, PVC, SOLDÁVEL, DN 60MM, INSTALADO EM PRUMADA DE ÁGUA - FORNECIMENTO E INSTALAÇÃO. AF_06/2022","UN",38.6]
[89506,"JOELHO 45 GRAUS, PVC, SOLDÁVEL, DN 60MM, INSTALADO EM PRUMADA DE ÁGUA - FORNECIMENTO E INSTALAÇÃO. AF_06/2022","UN",36.880000000000003]
[89507,"CURVA 90 GRAUS, PVC, SOLDÁVEL, DN 60MM, INSTALADO EM PRUMADA DE ÁGUA - FORNECIMENTO E INSTALAÇÃO. AF_06/2022","UN",43.65]
[89510,"CURVA 45 GRAUS, PVC, SOLDÁVEL, DN 60MM, INSTALADO EM PRUMADA DE ÁGUA - FORNECIMENTO E INSTALAÇÃO. AF_06/2022","UN",24.86]
[89513,"JOELHO 90 GRAUS, PVC, SOLDÁVEL, DN 75MM, INSTALADO EM PRUMADA DE ÁGUA - FORNECIMENTO E INSTALAÇÃO. AF_06/2022","UN",97.23]
[89514,"JOELHO 90 GRAUS, PVC, SERIE R, ÁGUA PLUVIAL, DN 40 MM, JUNTA SOLDÁVEL, FORNECIDO E INSTALADO EM RAMAL DE ENCAMINHAMENTO. AF_06/2022","UN",7.75]
[89515,"JOELHO 45 GRAUS, PVC, SOLDÁVEL, DN 75MM, INSTALADO EM PRUMADA DE ÁGUA - FORNECIMENTO E INSTALAÇÃO. AF_06/2022","UN",77.430000000000007]
[89516,"JOELHO 45 GRAUS, PVC, SERIE R, ÁGUA PLUVIAL, DN 40 MM, JUNTA SOLDÁVEL, FORNECIDO E INSTALADO EM RAMAL DE ENCAMINHAMENTO. AF_06/2022","UN",7.84]
[89517,"CURVA 90 GRAUS, PVC, SOLDÁVEL, DN 75MM, INSTALADO EM PRUMADA DE ÁGUA - FORNECIMENTO E INSTALAÇÃO. AF_06/2022","UN",64.790000000000006]
[89518,"JOELHO 90 GRAUS, PVC, SERIE R, ÁGUA PLUVIAL, DN 50 MM, JUNTA ELÁSTICA, FORNECIDO E INSTALADO EM RAMAL DE ENCAMINHAMENTO. AF_06/2022","UN",14.27]
[89519,"CURVA 45 GRAUS, PVC, SOLDÁVEL, DN 75MM, INSTALADO EM PRUMADA DE ÁGUA - FORNECIMENTO E INSTALAÇÃO. AF_06/2022","UN",43.77]
[89520,"JOELHO 45 GRAUS, PVC, SERIE R, ÁGUA PLUVIAL, DN 50 MM, JUNTA ELÁSTICA, FORNECIDO E INSTALADO EM RAMAL DE ENCAMINHAMENTO. AF_06/2022","UN",14.99]
[89521,"JOELHO 90 GRAUS, PVC, SOLDÁVEL, DN 85MM, INSTALADO EM PRUMADA DE ÁGUA - FORNECIMENTO E INSTALAÇÃO. AF_06/2022","UN",115.92]
[89522,"JOELHO 90 GRAUS, PVC, SERIE R, ÁGUA PLUVIAL, DN 75 MM, JUNTA ELÁSTICA, FORNECIDO E INSTALADO EM RAMAL DE ENCAMINHAMENTO. AF_06/2022","UN",28.18]
[89523,"JOELHO 45 GRAUS, PVC, SOLDÁVEL, DN 85MM, INSTALADO EM PRUMADA DE ÁGUA - FORNECIMENTO E INSTALAÇÃO. AF_06/2022","UN",94.72]
[89524,"JOELHO 45 GRAUS, PVC, SERIE R, ÁGUA PLUVIAL, DN 75 MM, JUNTA ELÁSTICA, FORNECIDO E INSTALADO EM RAMAL DE ENCAMINHAMENTO. AF_06/2022","UN",28.64]
[89525,"CURVA 90 GRAUS, PVC, SOLDÁVEL, DN 85MM, INSTALADO EM PRUMADA DE ÁGUA - FORNECIMENTO E INSTALAÇÃO. AF_06/2022","UN",81.540000000000006]
[89526,"CURVA 87 GRAUS E 30 MINUTOS, PVC, SERIE R, ÁGUA PLUVIAL, DN 75 MM, JUNTA ELÁSTICA, FORNECIDO E INSTALADO EM RAMAL DE ENCAMINHAMENTO. AF_06/2022","UN",37.06]
[89527,"CURVA 45 GRAUS, PVC, SOLDÁVEL, DN 85MM, INSTALADO EM PRUMADA DE ÁGUA - FORNECIMENTO E INSTALAÇÃO. AF_06/2022","UN",52.77]
[89528,"LUVA, PVC, SOLDÁVEL, DN 25MM, INSTALADO EM PRUMADA DE ÁGUA - FORNECIMENTO E INSTALAÇÃO. AF_06/2022","UN",3.9]
[89529,"JOELHO 90 GRAUS, PVC, SERIE R, ÁGUA PLUVIAL, DN 100 MM, JUNTA ELÁSTICA, FORNECIDO E INSTALADO EM RAMAL DE ENCAMINHAMENTO. AF_06/2022","UN",34.9]
[89530,"LUVA DE CORRER, PVC, SOLDÁVEL, DN 25MM, INSTALADO EM PRUMADA DE ÁGUA - FORNECIMENTO E INSTALAÇÃO. AF_06/2022","UN",15.22]
[89531,"JOELHO 45 GRAUS, PVC, SERIE R, ÁGUA PLUVIAL, DN 100 MM, JUNTA ELÁSTICA, FORNECIDO E INSTALADO EM RAMAL DE ENCAMINHAMENTO. AF_06/2022","UN",35.93]
[89532,"LUVA DE REDUÇÃO, PVC, SOLDÁVEL, DN 32MM X 25MM, INSTALADO EM PRUMADA DE ÁGUA - FORNECIMENTO E INSTALAÇÃO. AF_06/2022","UN",6.57]
[89535,"CURVA 87 GRAUS E 30 MINUTOS, PVC, SERIE R, ÁGUA PLUVIAL, DN 100 MM, JUNTA ELÁSTICA, FORNECIDO E INSTALADO EM RAMAL DE ENCAMINHAMENTO. AF_06/2022","UN",40.33]
[89536,"UNIÃO, PVC, SOLDÁVEL, DN 25MM, INSTALADO EM PRUMADA DE ÁGUA - FORNECIMENTO E INSTALAÇÃO. AF_06/2022","UN",10.95]
[89540,"CURVA DE TRANSPOSIÇÃO, PVC, SOLDÁVEL, DN 25MM, INSTALADO EM PRUMADA DE ÁGUA  - FORNECIMENTO E INSTALAÇÃO. AF_06/2022","UN",9.66]
[89541,"LUVA, PVC, SOLDÁVEL, DN 32MM, INSTALADO EM PRUMADA DE ÁGUA - FORNECIMENTO E INSTALAÇÃO. AF_06/2022","UN",5.88]
[89542,"LUVA DE CORRER, PVC, SOLDÁVEL, DN 32MM, INSTALADO EM PRUMADA DE ÁGUA - FORNECIMENTO E INSTALAÇÃO. AF_06/2022","UN",25.44]
[89544,"LUVA SIMPLES, PVC, SERIE R, ÁGUA PLUVIAL, DN 40 MM, JUNTA SOLDÁVEL, FORNECIDO E INSTALADO EM RAMAL DE ENCAMINHAMENTO. AF_06/2022","UN",8.0299999999999994]
[89545,"LUVA SIMPLES, PVC, SERIE R, ÁGUA PLUVIAL, DN 50 MM, JUNTA ELÁSTICA, FORNECIDO E INSTALADO EM RAMAL DE ENCAMINHAMENTO. AF_06/2022","UN",15.96]
[89546,"BUCHA DE REDUÇÃO LONGA, PVC, SERIE R, ÁGUA PLUVIAL, DN 50 X 40 MM, JUNTA ELÁSTICA, FORNECIDO E INSTALADO EM RAMAL DE ENCAMINHAMENTO. AF_06/2022","UN",10.55]
[89547,"LUVA SIMPLES, PVC, SERIE R, ÁGUA PLUVIAL, DN 75 MM, JUNTA ELÁSTICA, FORNECIDO E INSTALADO EM RAMAL DE ENCAMINHAMENTO. AF_06/2022","UN",21.09]
[89548,"LUVA DE CORRER, PVC, SERIE R, ÁGUA PLUVIAL, DN 75 MM, JUNTA ELÁSTICA, FORNECIDO E INSTALADO EM RAMAL DE ENCAMINHAMENTO. AF_06/2022","UN",21.72]
[89549,"REDUÇÃO EXCÊNTRICA, PVC, SERIE R, ÁGUA PLUVIAL, DN 75 X 50 MM, JUNTA ELÁSTICA, FORNECIDO E INSTALADO EM RAMAL DE ENCAMINHAMENTO. AF_06/2022","UN",17.98]
[89550,"TÊ DE INSPEÇÃO, PVC, SERIE R, ÁGUA PLUVIAL, DN 75 MM, JUNTA ELÁSTICA, FORNECIDO E INSTALADO EM RAMAL DE ENCAMINHAMENTO. AF_06/2022","UN",39.35]
[89551,"LUVA SOLDÁVEL E COM ROSCA, PVC, SOLDÁVEL, DN 32MM X 1 , INSTALADO EM PRUMADA DE ÁGUA - FORNECIMENTO E INSTALAÇÃO. AF_06/2022","UN",7.94]
[89552,"UNIÃO, PVC, SOLDÁVEL, DN 32MM, INSTALADO EM PRUMADA DE ÁGUA - FORNECIMENTO E INSTALAÇÃO. AF_06/2022","UN",17.14]
[89553,"ADAPTADOR CURTO COM BOLSA E ROSCA PARA REGISTRO, PVC, SOLDÁVEL, DN 32MM X 1 , INSTALADO EM PRUMADA DE ÁGUA - FORNECIMENTO E INSTALAÇÃO. AF_06/2022","UN",5.28]
[89554,"LUVA SIMPLES, PVC, SERIE R, ÁGUA PLUVIAL, DN 100 MM, JUNTA ELÁSTICA, FORNECIDO E INSTALADO EM RAMAL DE ENCAMINHAMENTO. AF_06/2022","UN",26.66]
[89555,"CURVA DE TRANSPOSIÇÃO, PVC, SOLDÁVEL, DN 32MM, INSTALADO EM PRUMADA DE ÁGUA   FORNECIMENTO E INSTALAÇÃO. AF_06/2022","UN",20.13]
[89556,"LUVA DE CORRER, PVC, SERIE R, ÁGUA PLUVIAL, DN 100 MM, JUNTA ELÁSTICA, FORNECIDO E INSTALADO EM RAMAL DE ENCAMINHAMENTO. AF_06/2022","UN",38.090000000000003]
[89557,"REDUÇÃO EXCÊNTRICA, PVC, SERIE R, ÁGUA PLUVIAL, DN 100 X 75 MM, JUNTA ELÁSTICA, FORNECIDO E INSTALADO EM RAMAL DE ENCAMINHAMENTO. AF_06/2022","UN",30.2]
[89558,"LUVA, PVC, SOLDÁVEL, DN 40MM, INSTALADO EM PRUMADA DE ÁGUA - FORNECIMENTO E INSTALAÇÃO. AF_06/2022","UN",9]
[89559,"TÊ DE INSPEÇÃO, PVC, SERIE R, ÁGUA PLUVIAL, DN 100 MM, JUNTA ELÁSTICA, FORNECIDO E INSTALADO EM RAMAL DE ENCAMINHAMENTO. AF_06/2022","UN",64.16]
[89560,"LUVA DE CORRER, PVC, SOLDÁVEL, DN 40MM, INSTALADO EM PRUMADA DE ÁGUA   FORNECIMENTO E INSTALAÇÃO. AF_06/2022","UN",32.64]
[89561,"JUNÇÃO SIMPLES, PVC, SERIE R, ÁGUA PLUVIAL, DN 40 MM, JUNTA SOLDÁVEL, FORNECIDO E INSTALADO EM RAMAL DE ENCAMINHAMENTO. AF_06/2022","UN",13.96]
[89562,"LUVA DE REDUÇÃO, PVC, SOLDÁVEL, DN 40MM X 32MM, INSTALADO EM PRUMADA DE ÁGUA - FORNECIMENTO E INSTALAÇÃO. AF_06/2022","UN",9.58]
[89563,"JUNÇÃO SIMPLES, PVC, SERIE R, ÁGUA PLUVIAL, DN 50 MM, JUNTA ELÁSTICA, FORNECIDO E INSTALADO EM RAMAL DE ENCAMINHAMENTO. AF_06/2022","UN",32.99]
[89564,"LUVA COM ROSCA, PVC, SOLDÁVEL, DN 40MM X 1.1/4 , INSTALADO EM PRUMADA DE ÁGUA - FORNECIMENTO E INSTALAÇÃO. AF_06/2022","UN",14.52]
[89565,"JUNÇÃO SIMPLES, PVC, SERIE R, ÁGUA PLUVIAL, DN 75 X 75 MM, JUNTA ELÁSTICA, FORNECIDO E INSTALADO EM RAMAL DE ENCAMINHAMENTO. AF_06/2022","UN",53.27]
[89566,"TÊ, PVC, SERIE R, ÁGUA PLUVIAL, DN 75 MM, JUNTA ELÁSTICA, FORNECIDO E INSTALADO EM RAMAL DE ENCAMINHAMENTO. AF_06/2022","UN",45.01]
[89567,"JUNÇÃO SIMPLES, PVC, SERIE R, ÁGUA PLUVIAL, DN 100 X 100 MM, JUNTA ELÁSTICA, FORNECIDO E INSTALADO EM RAMAL DE ENCAMINHAMENTO. AF_06/2022","UN",76.48]
[89568,"UNIÃO, PVC, SOLDÁVEL, DN 40MM, INSTALADO EM PRUMADA DE ÁGUA - FORNECIMENTO E INSTALAÇÃO. AF_06/2022","UN",30.24]
[89569,"JUNÇÃO SIMPLES, PVC, SERIE R, ÁGUA PLUVIAL, DN 100 X 75 MM, JUNTA ELÁSTICA, FORNECIDO E INSTALADO EM RAMAL DE ENCAMINHAMENTO. AF_06/2022","UN",89.64]
[89570,"ADAPTADOR CURTO COM BOLSA E ROSCA PARA REGISTRO, PVC, SOLDÁVEL, DN 40MM X 1.1/2 , INSTALADO EM PRUMADA DE ÁGUA - FORNECIMENTO E INSTALAÇÃO. AF_06/2022","UN",10.6]
[89571,"TÊ, PVC, SERIE R, ÁGUA PLUVIAL, DN 100 X 100 MM, JUNTA ELÁSTICA, FORNECIDO E INSTALADO EM RAMAL DE ENCAMINHAMENTO. AF_06/2022","UN",66.069999999999993]
[89572,"ADAPTADOR CURTO COM BOLSA E ROSCA PARA REGISTRO, PVC, SOLDÁVEL, DN 40MM X 1.1/4 , INSTALADO EM PRUMADA DE ÁGUA - FORNECIMENTO E INSTALAÇÃO. AF_06/2022","UN",8.02]
[89573,"TÊ, PVC, SERIE R, ÁGUA PLUVIAL, DN 100 X 75 MM, JUNTA ELÁSTICA, FORNECIDO E INSTALADO EM RAMAL DE ENCAMINHAMENTO. AF_06/2022","UN",72.790000000000006]
[89574,"JUNÇÃO DUPLA, PVC, SERIE R, ÁGUA PLUVIAL, DN 100 X 100 X 100 MM, JUNTA ELÁSTICA, FORNECIDO E INSTALADO EM RAMAL DE ENCAMINHAMENTO. AF_06/2022","UN",148.30000000000001]
[89575,"LUVA, PVC, SOLDÁVEL, DN 50MM, INSTALADO EM PRUMADA DE ÁGUA - FORNECIMENTO E INSTALAÇÃO. AF_06/2022","UN",10.64]
[89577,"LUVA DE CORRER, PVC, SOLDÁVEL, DN 50MM, INSTALADO EM PRUMADA DE ÁGUA - FORNECIMENTO E INSTALAÇÃO. AF_06/2022","UN",34.42]
[89579,"LUVA DE REDUÇÃO, PVC, SOLDÁVEL, DN 50MM X 25MM, INSTALADO EM PRUMADA DE ÁGUA   FORNECIMENTO E INSTALAÇÃO. AF_06/2022","UN",10.84]
[89581,"JOELHO 90 GRAUS, PVC, SERIE R, ÁGUA PLUVIAL, DN 75 MM, JUNTA ELÁSTICA, FORNECIDO E INSTALADO EM CONDUTORES VERTICAIS DE ÁGUAS PLUVIAIS. AF_06/2022","UN",31.73]
[89582,"JOELHO 45 GRAUS, PVC, SERIE R, ÁGUA PLUVIAL, DN 75 MM, JUNTA ELÁSTICA, FORNECIDO E INSTALADO EM CONDUTORES VERTICAIS DE ÁGUAS PLUVIAIS. AF_06/2022","UN",32.19]
[89583,"CURVA 87 GRAUS E 30 MINUTOS, PVC, SERIE R, ÁGUA PLUVIAL, DN 75 MM, JUNTA ELÁSTICA, FORNECIDO E INSTALADO EM CONDUTORES VERTICAIS DE ÁGUAS PLUVIAIS. AF_06/2022","UN",40.61]
[89584,"JOELHO 90 GRAUS, PVC, SERIE R, ÁGUA PLUVIAL, DN 100 MM, JUNTA ELÁSTICA, FORNECIDO E INSTALADO EM CONDUTORES VERTICAIS DE ÁGUAS PLUVIAIS. AF_06/2022","UN",41.32]
[89585,"JOELHO 45 GRAUS, PVC, SERIE R, ÁGUA PLUVIAL, DN 100 MM, JUNTA ELÁSTICA, FORNECIDO E INSTALADO EM CONDUTORES VERTICAIS DE ÁGUAS PLUVIAIS. AF_06/2022","UN",42.35]
[89587,"CURVA 87 GRAUS E 30 MINUTOS, PVC, SERIE R, ÁGUA PLUVIAL, DN 100 MM, JUNTA ELÁSTICA, FORNECIDO E INSTALADO EM CONDUTORES VERTICAIS DE ÁGUAS PLUVIAIS. AF_06/2022","UN",46.75]
[89590,"JOELHO 90 GRAUS, PVC, SERIE R, ÁGUA PLUVIAL, DN 150 MM, JUNTA ELÁSTICA, FORNECIDO E INSTALADO EM CONDUTORES VERTICAIS DE ÁGUAS PLUVIAIS. AF_06/2022","UN",126.25]
[89591,"JOELHO 45 GRAUS, PVC, SERIE R, ÁGUA PLUVIAL, DN 150 MM, JUNTA ELÁSTICA, FORNECIDO E INSTALADO EM CONDUTORES VERTICAIS DE ÁGUAS PLUVIAIS. AF_06/2022","UN",123.11]
[89592,"CURVA 87 GRAUS E 30 MINUTOS, PVC, SERIE R, ÁGUA PLUVIAL, DN 150 MM, JUNTA ELÁSTICA, FORNECIDO E INSTALADO EM CONDUTORES VERTICAIS DE ÁGUAS PLUVIAIS. AF_06/2022","UN",150.69]
[89593,"LUVA COM ROSCA, PVC, SOLDÁVEL, DN 50MM X 1.1/2 , INSTALADO EM PRUMADA DE ÁGUA - FORNECIMENTO E INSTALAÇÃO. AF_06/2022","UN",23.2]
[89594,"UNIÃO, PVC, SOLDÁVEL, DN 50MM, INSTALADO EM PRUMADA DE ÁGUA - FORNECIMENTO E INSTALAÇÃO. AF_06/2022","UN",33.51]
[89595,"ADAPTADOR CURTO COM BOLSA E ROSCA PARA REGISTRO, PVC, SOLDÁVEL, DN 50MM X 1.1/4 , INSTALADO EM PRUMADA DE ÁGUA - FORNECIMENTO E INSTALAÇÃO. AF_06/2022","UN",13.41]
[89596,"ADAPTADOR CURTO COM BOLSA E ROSCA PARA REGISTRO, PVC, SOLDÁVEL, DN 50MM X 1.1/2 , INSTALADO EM PRUMADA DE ÁGUA - FORNECIMENTO E INSTALAÇÃO. AF_06/2022","UN",9.6300000000000008]
[89597,"LUVA, PVC, SOLDÁVEL, DN 60MM, INSTALADO EM PRUMADA DE ÁGUA - FORNECIMENTO E INSTALAÇÃO. AF_06/2022","UN",21.02]
[89598,"LUVA DE CORRER, PVC, SOLDÁVEL, DN 60MM, INSTALADO EM PRUMADA DE ÁGUA   FORNECIMENTO E INSTALAÇÃO. AF_06/2022","UN",46.46]
[89599,"LUVA SIMPLES, PVC, SERIE R, ÁGUA PLUVIAL, DN 75 MM, JUNTA ELÁSTICA, FORNECIDO E INSTALADO EM CONDUTORES VERTICAIS DE ÁGUAS PLUVIAIS. AF_06/2022","UN",23.48]
[89600,"LUVA DE CORRER, PVC, SERIE R, ÁGUA PLUVIAL, DN 75 MM, JUNTA ELÁSTICA, FORNECIDO E INSTALADO EM CONDUTORES VERTICAIS DE ÁGUAS PLUVIAIS. AF_06/2022","UN",24.09]
[89605,"LUVA DE REDUÇÃO, PVC, SOLDÁVEL, DN 60MM X 50MM, INSTALADO EM PRUMADA DE ÁGUA - FORNECIMENTO E INSTALAÇÃO. AF_06/2022","UN",19.13]
[89609,"UNIÃO, PVC, SOLDÁVEL, DN 60MM, INSTALADO EM PRUMADA DE ÁGUA - FORNECIMENTO E INSTALAÇÃO. AF_06/2022","UN",78.53]
[89610,"ADAPTADOR CURTO COM BOLSA E ROSCA PARA REGISTRO, PVC, SOLDÁVEL, DN 60MM X 2 , INSTALADO EM PRUMADA DE ÁGUA - FORNECIMENTO E INSTALAÇÃO. AF_06/2022","UN",18.09]
[89611,"LUVA, PVC, SOLDÁVEL, DN 75MM, INSTALADO EM PRUMADA DE ÁGUA - FORNECIMENTO E INSTALAÇÃO. AF_06/2022","UN",29.78]
[89612,"UNIÃO, PVC, SOLDÁVEL, DN 75MM, INSTALADO EM PRUMADA DE ÁGUA - FORNECIMENTO E INSTALAÇÃO. AF_06/2022","UN",154.44]
[89613,"ADAPTADOR CURTO COM BOLSA E ROSCA PARA REGISTRO, PVC, SOLDÁVEL, DN 75MM X 2.1/2\", INSTALADO EM PRUMADA DE ÁGUA - FORNECIMENTO E INSTALAÇÃO. AF_12/2014","UN",28.34]
[89614,"LUVA, PVC, SOLDÁVEL, DN 85MM, INSTALADO EM PRUMADA DE ÁGUA - FORNECIMENTO E INSTALAÇÃO. AF_06/2022","UN",55.64]
[89615,"UNIÃO, PVC, SOLDÁVEL, DN 85MM, INSTALADO EM PRUMADA DE ÁGUA - FORNECIMENTO E INSTALAÇÃO. AF_06/2022","UN",182.4]
[89616,"ADAPTADOR CURTO COM BOLSA E ROSCA PARA REGISTRO, PVC, SOLDÁVEL, DN 85MM X 3 , INSTALADO EM PRUMADA DE ÁGUA - FORNECIMENTO E INSTALAÇÃO. AF_06/2022","UN",37.909999999999997]
[89617,"TE, PVC, SOLDÁVEL, DN 25MM, INSTALADO EM PRUMADA DE ÁGUA - FORNECIMENTO E INSTALAÇÃO. AF_06/2022","UN",6.88]
[89620,"TE, PVC, SOLDÁVEL, DN 32MM, INSTALADO EM PRUMADA DE ÁGUA - FORNECIMENTO E INSTALAÇÃO. AF_06/2022","UN",10.9]
[89622,"TÊ DE REDUÇÃO, PVC, SOLDÁVEL, DN 32MM X 25MM, INSTALADO EM PRUMADA DE ÁGUA - FORNECIMENTO E INSTALAÇÃO. AF_06/2022","UN",13.02]
[89623,"TE, PVC, SOLDÁVEL, DN 40MM, INSTALADO EM PRUMADA DE ÁGUA - FORNECIMENTO E INSTALAÇÃO. AF_06/2022","UN",17.899999999999999]
[89624,"TÊ DE REDUÇÃO, PVC, SOLDÁVEL, DN 40MM X 32MM, INSTALADO EM PRUMADA DE ÁGUA - FORNECIMENTO E INSTALAÇÃO. AF_06/2022","UN",16.54]
[89625,"TE, PVC, SOLDÁVEL, DN 50MM, INSTALADO EM PRUMADA DE ÁGUA - FORNECIMENTO E INSTALAÇÃO. AF_06/2022","UN",20.92]
[89626,"TÊ DE REDUÇÃO, PVC, SOLDÁVEL, DN 50MM X 40MM, INSTALADO EM PRUMADA DE ÁGUA - FORNECIMENTO E INSTALAÇÃO. AF_06/2022","UN",27.91]
[89627,"TÊ DE REDUÇÃO, PVC, SOLDÁVEL, DN 50MM X 25MM, INSTALADO EM PRUMADA DE ÁGUA - FORNECIMENTO E INSTALAÇÃO. AF_06/2022","UN",18.57]
[89628,"TE, PVC, SOLDÁVEL, DN 60MM, INSTALADO EM PRUMADA DE ÁGUA - FORNECIMENTO E INSTALAÇÃO. AF_06/2022","UN",44.49]
[89629,"TE, PVC, SOLDÁVEL, DN 75MM, INSTALADO EM PRUMADA DE ÁGUA - FORNECIMENTO E INSTALAÇÃO. AF_06/2022","UN",75.09]
[89630,"TE DE REDUÇÃO, PVC, SOLDÁVEL, DN 75MM X 50MM, INSTALADO EM PRUMADA DE ÁGUA - FORNECIMENTO E INSTALAÇÃO. AF_06/2022","UN",56.91]
[89631,"TE, PVC, SOLDÁVEL, DN 85MM, INSTALADO EM PRUMADA DE ÁGUA - FORNECIMENTO E INSTALAÇÃO. AF_06/2022","UN",98.68]
[89632,"TE DE REDUÇÃO, PVC, SOLDÁVEL, DN 85MM X 60MM, INSTALADO EM PRUMADA DE ÁGUA - FORNECIMENTO E INSTALAÇÃO. AF_06/2022","UN",114.72]
[89637,"JOELHO 90 GRAUS, CPVC, SOLDÁVEL, DN 15MM, INSTALADO EM RAMAL OU SUB-RAMAL DE ÁGUA - FORNECIMENTO E INSTALAÇÃO. AF_06/2022","UN",10.18]
[89638,"JOELHO 45 GRAUS, CPVC, SOLDÁVEL, DN 15MM, INSTALADO EM RAMAL OU SUB-RAMAL DE ÁGUA - FORNECIMENTO E INSTALAÇÃO. AF_06/2022","UN",11.11]
[89639,"CURVA 90 GRAUS, CPVC, SOLDÁVEL, DN 15MM, INSTALADO EM RAMAL OU SUB-RAMAL DE ÁGUA - FORNECIMENTO E INSTALAÇÃO. AF_06/2022","UN",11.76]
[89640,"JOELHO DE TRANSIÇÃO, 90 GRAUS, CPVC, SOLDÁVEL, DN 15MM X 1/2\", INSTALADO EM RAMAL OU SUB-RAMAL DE ÁGUA - FORNECIMENTO E INSTALAÇÃO. AF_06/2022","UN",18.8]
[89641,"JOELHO 90 GRAUS, CPVC, SOLDÁVEL, DN 22MM, INSTALADO EM RAMAL OU SUB-RAMAL DE ÁGUA - FORNECIMENTO E INSTALAÇÃO. AF_06/2022","UN",13.14]
[89642,"JOELHO 45 GRAUS, CPVC, SOLDÁVEL, DN 22MM, INSTALADO EM RAMAL OU SUB-RAMAL DE ÁGUA - FORNECIMENTO E INSTALAÇÃO. AF_06/2022","UN",14.77]
[89643,"CURVA 90 GRAUS, CPVC, SOLDÁVEL, DN 22MM, INSTALADO EM RAMAL OU SUB-RAMAL DE ÁGUA - FORNECIMENTO E INSTALAÇÃO. AF_06/2022","UN",16.07]
[89644,"JOELHO DE TRANSIÇÃO, 90 GRAUS, CPVC, SOLDÁVEL, DN 22MM X 1/2\", INSTALADO EM RAMAL OU SUB-RAMAL DE ÁGUA - FORNECIMENTO E INSTALAÇÃO. AF_06/2022","UN",22.97]
[89645,"JOELHO DE TRANSIÇÃO, 90 GRAUS, CPVC, SOLDÁVEL, DN 22MM X 3/4\", INSTALADO EM RAMAL OU SUB-RAMAL DE ÁGUA - FORNECIMENTO E INSTALAÇÃO. AF_06/2022","UN",32.28]
[89646,"JOELHO 90 GRAUS, CPVC, SOLDÁVEL, DN 28MM, INSTALADO EM RAMAL OU SUB-RAMAL DE ÁGUA - FORNECIMENTO E INSTALAÇÃO. AF_06/2022","UN",20.07]
[89647,"JOELHO 45 GRAUS, CPVC, SOLDÁVEL, DN 28MM, INSTALADO EM RAMAL OU SUB-RAMAL DE ÁGUA   FORNECIMENTO E INSTALAÇÃO. AF_06/2022","UN",19.399999999999999]
[89648,"CURVA 90 GRAUS, CPVC, SOLDÁVEL, DN 28MM, INSTALADO EM RAMAL OU SUB-RAMAL DE ÁGUA   FORNECIMENTO E INSTALAÇÃO. AF_06/2022","UN",24.47]
[89649,"JOELHO 90 GRAUS, CPVC, SOLDÁVEL, DN 35MM, INSTALADO EM RAMAL OU SUB-RAMAL DE ÁGUA   FORNECIMENTO E INSTALAÇÃO. AF_06/2022","UN",29.78]
[89650,"JOELHO 45 GRAUS, CPVC, SOLDÁVEL, DN 35MM, INSTALADO EM RAMAL OU SUB-RAMAL DE ÁGUA   FORNECIMENTO E INSTALAÇÃO. AF_06/2022","UN",28.12]
[89651,"LUVA, CPVC, SOLDÁVEL, DN 15MM, INSTALADO EM RAMAL OU SUB-RAMAL DE ÁGUA - FORNECIMENTO E INSTALAÇÃO. AF_06/2022","UN",6.84]
[89652,"LUVA DE CORRER, CPVC, SOLDÁVEL, DN 15MM, INSTALADO EM RAMAL OU SUB-RAMAL DE ÁGUA   FORNECIMENTO E INSTALAÇÃO. AF_06/2022","UN",12.01]
[89653,"LUVA DE TRANSIÇÃO, CPVC, SOLDÁVEL, DN15MM X 1/2\", INSTALADO EM RAMAL OU SUB-RAMAL DE ÁGUA - FORNECIMENTO E INSTALAÇÃO. AF_06/2022","UN",17.25]
[89654,"UNIÃO, CPVC, SOLDÁVEL, DN15MM, INSTALADO EM RAMAL OU SUB-RAMAL DE ÁGUA   FORNECIMENTO E INSTALAÇÃO. AF_06/2022","UN",20.05]
[89655,"CONECTOR, CPVC, SOLDÁVEL, DN 15MM X 1/2 , INSTALADO EM RAMAL OU SUB-RAMAL DE ÁGUA   FORNECIMENTO E INSTALAÇÃO. AF_06/2022","UN",23.98]
[89656,"ADAPTADOR, CPVC, SOLDÁVEL, DN15MM, INSTALADO EM RAMAL OU SUB-RAMAL DE ÁGUA   FORNECIMENTO E INSTALAÇÃO. AF_06/2022","UN",22.32]
[89657,"CURVA DE TRANSPOSIÇÃO, CPVC, SOLDÁVEL, DN15MM, INSTALADO EM RAMAL OU SUB-RAMAL DE ÁGUA   FORNECIMENTO E INSTALAÇÃO. AF_06/2022","UN",13.67]
[89658,"LUVA, CPVC, SOLDÁVEL, DN 22MM, INSTALADO EM RAMAL OU SUB-RAMAL DE ÁGUA   FORNECIMENTO E INSTALAÇÃO. AF_06/2022","UN",9.1]
[89659,"LUVA DE CORRER, CPVC, SOLDÁVEL, DN 22MM, INSTALADO EM RAMAL OU SUB-RAMAL DE ÁGUA   FORNECIMENTO E INSTALAÇÃO. AF_06/2022","UN",16.899999999999999]
[89660,"LUVA DE TRANSIÇÃO, CPVC, SOLDÁVEL, DN22MM X 25MM, INSTALADO EM RAMAL OU SUB-RAMAL DE ÁGUA - FORNECIMENTO E INSTALAÇÃO. AF_06/2022","UN",9.26]
[89661,"UNIÃO, CPVC, SOLDÁVEL, DN22MM, INSTALADO EM RAMAL OU SUB-RAMAL DE ÁGUA   FORNECIMENTO E INSTALAÇÃO. AF_06/2022","UN",23.31]
[89662,"CONECTOR, CPVC, SOLDÁVEL, DN 22MM X 1/2 , INSTALADO EM RAMAL OU SUB-RAMAL DE ÁGUA   FORNECIMENTO E INSTALAÇÃO. AF_06/2022","UN",31.1]
[89663,"ADAPTADOR, CPVC, SOLDÁVEL, DN22MM, INSTALADO EM RAMAL OU SUB-RAMAL DE ÁGUA   FORNECIMENTO E INSTALAÇÃO. AF_06/2022","UN",29.89]
[89664,"CURVA DE TRANSPOSIÇÃO, CPVC, SOLDÁVEL, DN22MM, INSTALADO EM RAMAL OU SUB-RAMAL DE ÁGUA   FORNECIMENTO E INSTALAÇÃO. AF_06/2022","UN",16.829999999999998]
[89666,"BUCHA DE REDUÇÃO, CPVC, SOLDÁVEL, DN22MM X 15MM, INSTALADO EM RAMAL OU SUB-RAMAL DE ÁGUA   FORNECIMENTO E INSTALAÇÃO. AF_06/2022","UN",7]
[89667,"TÊ DE INSPEÇÃO, PVC, SERIE R, ÁGUA PLUVIAL, DN 75 MM, JUNTA ELÁSTICA, FORNECIDO E INSTALADO EM CONDUTORES VERTICAIS DE ÁGUAS PLUVIAIS. AF_06/2022","UN",41.72]
[89668,"CONECTOR, CPVC, SOLDÁVEL, DN22MM X 3/4\", INSTALADO EM RAMAL OU SUB-RAMAL DE ÁGUA - FORNECIMENTO E INSTALAÇÃO. AF_06/2022","UN",29.19]
[89669,"LUVA SIMPLES, PVC, SERIE R, ÁGUA PLUVIAL, DN 100 MM, JUNTA ELÁSTICA, FORNECIDO E INSTALADO EM CONDUTORES VERTICAIS DE ÁGUAS PLUVIAIS. AF_06/2022","UN",30.98]
[89670,"LUVA, CPVC, SOLDÁVEL, DN 28MM, INSTALADO EM RAMAL OU SUB-RAMAL DE ÁGUA   FORNECIMENTO E INSTALAÇÃO. AF_06/2022","UN",13.68]
[89671,"LUVA DE CORRER, PVC, SERIE R, ÁGUA PLUVIAL, DN 100 MM, JUNTA ELÁSTICA, FORNECIDO E INSTALADO EM CONDUTORES VERTICAIS DE ÁGUAS PLUVIAIS. AF_06/2022","UN",42.37]
[89672,"LUVA DE CORRER, CPVC, SOLDÁVEL, DN 28MM, INSTALADO EM RAMAL OU SUB-RAMAL DE ÁGUA   FORNECIMENTO E INSTALAÇÃO. AF_06/2022","UN",23.39]
[89673,"REDUÇÃO EXCÊNTRICA, PVC, SERIE R, ÁGUA PLUVIAL, DN 100 X 75 MM, JUNTA ELÁSTICA, FORNECIDO E INSTALADO EM CONDUTORES VERTICAIS DE ÁGUAS PLUVIAIS. AF_06/2022","UN",33.51]
[89674,"UNIÃO, CPVC, SOLDÁVEL, DN28MM, INSTALADO EM RAMAL OU SUB-RAMAL DE ÁGUA   FORNECIMENTO E INSTALAÇÃO. AF_06/2022","UN",30.41]
[89675,"TÊ DE INSPEÇÃO, PVC, SERIE R, ÁGUA PLUVIAL, DN 100 MM, JUNTA ELÁSTICA, FORNECIDO E INSTALADO EM CONDUTORES VERTICAIS DE ÁGUAS PLUVIAIS. AF_06/2022","UN",68.44]
[89676,"CONECTOR, CPVC, SOLDÁVEL, DN 28MM X 1 , INSTALADO EM RAMAL OU SUB-RAMAL DE ÁGUA   FORNECIMENTO E INSTALAÇÃO. AF_06/2022","UN",36.81]
[89677,"LUVA SIMPLES, PVC, SERIE R, ÁGUA PLUVIAL, DN 150 MM, JUNTA ELÁSTICA, FORNECIDO E INSTALADO EM CONDUTORES VERTICAIS DE ÁGUAS PLUVIAIS. AF_06/2022","UN",72.83]
[89678,"BUCHA DE REDUÇÃO, CPVC, SOLDÁVEL, DN28MM X 22MM, INSTALADO EM RAMAL OU SUB-RAMAL DE ÁGUA   FORNECIMENTO E INSTALAÇÃO. AF_06/2022","UN",11.6]
[89679,"LUVA DE CORRER, PVC, SERIE R, ÁGUA PLUVIAL, DN 150 MM, JUNTA ELÁSTICA, FORNECIDO E INSTALADO EM CONDUTORES VERTICAIS DE ÁGUAS PLUVIAIS. AF_06/2022","UN",117.01]
[89680,"LUVA, CPVC, SOLDÁVEL, DN 35MM, INSTALADO EM RAMAL OU SUB-RAMAL DE ÁGUA   FORNECIMENTO E INSTALAÇÃO. AF_06/2022","UN",22.07]
[89681,"REDUÇÃO EXCÊNTRICA, PVC, SERIE R, ÁGUA PLUVIAL, DN 150 X 100 MM, JUNTA ELÁSTICA, FORNECIDO E INSTALADO EM CONDUTORES VERTICAIS DE ÁGUAS PLUVIAIS. AF_06/2022","UN",85.28]
[89682,"LUVA DE CORRER, CPVC, SOLDÁVEL, DN 35MM, INSTALADO EM RAMAL OU SUB-RAMAL DE ÁGUA   FORNECIMENTO E INSTALAÇÃO. AF_06/2022","UN",31.24]
[89683,"TÊ DE INSPEÇÃO, PVC, SERIE R, ÁGUA PLUVIAL, DN 150 X 100 MM, JUNTA ELÁSTICA, FORNECIDO E INSTALADO EM CONDUTORES VERTICAIS DE ÁGUAS PLUVIAIS. AF_06/2022","UN",271.67]
[89684,"UNIÃO, CPVC, SOLDÁVEL, DN35MM, INSTALADO EM RAMAL OU SUB-RAMAL DE ÁGUA   FORNECIMENTO E INSTALAÇÃO. AF_06/2022","UN",44.35]
[89685,"JUNÇÃO SIMPLES, PVC, SERIE R, ÁGUA PLUVIAL, DN 75 X 75 MM, JUNTA ELÁSTICA, FORNECIDO E INSTALADO EM CONDUTORES VERTICAIS DE ÁGUAS PLUVIAIS. AF_06/2022","UN",58.01]
[89686,"CONECTOR, CPVC, SOLDÁVEL, DN 35MM X 1 1/4 , INSTALADO EM RAMAL OU SUB-RAMAL DE ÁGUA   FORNECIMENTO E INSTALAÇÃO. AF_06/2022","UN",56.46]
[89687,"TÊ, PVC, SERIE R, ÁGUA PLUVIAL, DN 75 X 75 MM, JUNTA ELÁSTICA, FORNECIDO E INSTALADO EM CONDUTORES VERTICAIS DE ÁGUAS PLUVIAIS. AF_06/2022","UN",49.75]
[89689,"BUCHA DE REDUÇÃO, CPVC, SOLDÁVEL, DN35MM X 28MM, INSTALADO EM RAMAL OU SUB-RAMAL DE ÁGUA   FORNECIMENTO E INSTALAÇÃO. AF_06/2022","UN",37.47]
[89690,"JUNÇÃO SIMPLES, PVC, SERIE R, ÁGUA PLUVIAL, DN 100 X 100 MM, JUNTA ELÁSTICA, FORNECIDO E INSTALADO EM CONDUTORES VERTICAIS DE ÁGUAS PLUVIAIS. AF_06/2022","UN",85.05]
[89691,"TE, CPVC, SOLDÁVEL, DN 15MM, INSTALADO EM RAMAL OU SUB-RAMAL DE ÁGUA - FORNECIMENTO E INSTALAÇÃO. AF_06/2022","UN",13.06]
[89692,"JUNÇÃO SIMPLES, PVC, SERIE R, ÁGUA PLUVIAL, DN 100 X 75 MM, JUNTA ELÁSTICA, FORNECIDO E INSTALADO EM CONDUTORES VERTICAIS DE ÁGUAS PLUVIAIS. AF_06/2022","UN",96.92]
[89693,"TÊ, PVC, SERIE R, ÁGUA PLUVIAL, DN 100 X 100 MM, JUNTA ELÁSTICA, FORNECIDO E INSTALADO EM CONDUTORES VERTICAIS DE ÁGUAS PLUVIAIS. AF_06/2022","UN",74.64]
[89694,"TE DE TRANSIÇÃO, CPVC, SOLDÁVEL, DN 15MM X 1/2 , INSTALADO EM RAMAL OU SUB-RAMAL DE ÁGUA   FORNECIMENTO E INSTALAÇÃO. AF_06/2022","UN",19.7]
[89695,"TÊ MISTURADOR, CPVC, SOLDÁVEL, DN15MM, INSTALADO EM RAMAL OU SUB-RAMAL DE ÁGUA   FORNECIMENTO E INSTALAÇÃO. AF_06/2022","UN",16.64]
[89696,"TÊ, PVC, SERIE R, ÁGUA PLUVIAL, DN 100 X 75 MM, JUNTA ELÁSTICA, FORNECIDO E INSTALADO EM CONDUTORES VERTICAIS DE ÁGUAS PLUVIAIS. AF_06/2022","UN",80.069999999999993]
[89697,"TE, CPVC, SOLDÁVEL, DN 22MM, INSTALADO EM RAMAL OU SUB-RAMAL DE ÁGUA - FORNECIMENTO E INSTALAÇÃO. AF_06/2022","UN",17.03]
[89698,"JUNÇÃO SIMPLES, PVC, SERIE R, ÁGUA PLUVIAL, DN 150 X 150 MM, JUNTA ELÁSTICA, FORNECIDO E INSTALADO EM CONDUTORES VERTICAIS DE ÁGUAS PLUVIAIS. AF_06/2022","UN",253.06]
[89699,"JUNÇÃO SIMPLES, PVC, SERIE R, ÁGUA PLUVIAL, DN 150 X 100 MM, JUNTA ELÁSTICA, FORNECIDO E INSTALADO EM CONDUTORES VERTICAIS DE ÁGUAS PLUVIAIS. AF_06/2022","UN",190.86]
[89700,"TE DE TRANSIÇÃO, CPVC, SOLDÁVEL, DN 22MM X 1/2 , INSTALADO EM RAMAL OU SUB-RAMAL DE ÁGUA   FORNECIMENTO E INSTALAÇÃO. AF_06/2022","UN",22.52]
[89701,"TÊ, PVC, SERIE R, ÁGUA PLUVIAL, DN 150 X 150 MM, JUNTA ELÁSTICA, FORNECIDO E INSTALADO EM CONDUTORES VERTICAIS DE ÁGUAS PLUVIAIS. AF_06/2022","UN",186.21]
[89702,"TÊ MISTURADOR, CPVC, SOLDÁVEL, DN22MM, INSTALADO EM RAMAL OU SUB-RAMAL DE ÁGUA   FORNECIMENTO E INSTALAÇÃO. AF_06/2022","UN",21.38]
[89703,"TE MISTURADOR DE TRANSIÇÃO, CPVC, SOLDÁVEL, DN 22MM X 3/4\", INSTALADO EM RAMAL OU SUB-RAMAL DE ÁGUA - FORNECIMENTO E INSTALAÇÃO. AF_06/2022","UN",47.6]
[89704,"TÊ, PVC, SERIE R, ÁGUA PLUVIAL, DN 150 X 100 MM, JUNTA ELÁSTICA, FORNECIDO E INSTALADO EM CONDUTORES VERTICAIS DE ÁGUAS PLUVIAIS. AF_06/2022","UN",143.72999999999999]
[89705,"TÊ, CPVC, SOLDÁVEL, DN28MM, INSTALADO EM RAMAL OU SUB-RAMAL DE ÁGUA   FORNECIMENTO E INSTALAÇÃO. AF_06/2022","UN",24.78]
[89706,"TÊ, CPVC, SOLDÁVEL, DN35MM, INSTALADO EM RAMAL OU SUB-RAMAL DE ÁGUA   FORNECIMENTO E INSTALAÇÃO. AF_06/2022","UN",55.85]
[89718,"TUBO, CPVC, SOLDÁVEL, DN 35MM, INSTALADO EM RAMAL DE DISTRIBUIÇÃO DE ÁGUA   FORNECIMENTO E INSTALAÇÃO. AF_06/2022","M",54.48]
[89719,"JOELHO 90 GRAUS, CPVC, SOLDÁVEL, DN 22MM, INSTALADO EM RAMAL DE DISTRIBUIÇÃO DE ÁGUA   FORNECIMENTO E INSTALAÇÃO. AF_06/2022","UN",12.48]
[89720,"JOELHO 45 GRAUS, CPVC, SOLDÁVEL, DN 22MM, INSTALADO EM RAMAL DE DISTRIBUIÇÃO DE ÁGUA   FORNECIMENTO E INSTALAÇÃO. AF_06/2022","UN",14.11]
[89721,"CURVA 90 GRAUS, CPVC, SOLDÁVEL, DN 22MM, INSTALADO EM RAMAL DE DISTRIBUIÇÃO DE ÁGUA - FORNECIMENTO E INSTALAÇÃO. AF_06/2022","UN",15.41]
[89723,"JOELHO 90 GRAUS, CPVC, SOLDÁVEL, DN 28MM, INSTALADO EM RAMAL DE DISTRIBUIÇÃO DE ÁGUA   FORNECIMENTO E INSTALAÇÃO. AF_06/2022","UN",19.29]
[89724,"JOELHO 90 GRAUS, PVC, SERIE NORMAL, ESGOTO PREDIAL, DN 40 MM, JUNTA SOLDÁVEL, FORNECIDO E INSTALADO EM RAMAL DE DESCARGA OU RAMAL DE ESGOTO SANITÁRIO. AF_08/2022","UN",9.43]
[89725,"JOELHO 45 GRAUS, CPVC, SOLDÁVEL, DN 28MM, INSTALADO EM RAMAL DE DISTRIBUIÇÃO DE ÁGUA   FORNECIMENTO E INSTALAÇÃO. AF_06/2022","UN",18.62]
[89726,"JOELHO 45 GRAUS, PVC, SERIE NORMAL, ESGOTO PREDIAL, DN 40 MM, JUNTA SOLDÁVEL, FORNECIDO E INSTALADO EM RAMAL DE DESCARGA OU RAMAL DE ESGOTO SANITÁRIO. AF_08/2022","UN",9.66]
[89727,"CURVA 90 GRAUS, CPVC, SOLDÁVEL, DN 28MM, INSTALADO EM RAMAL DE DISTRIBUIÇÃO DE ÁGUA   FORNECIMENTO E INSTALAÇÃO. AF_06/2022","UN",23.69]
[89728,"CURVA CURTA 90 GRAUS, PVC, SERIE NORMAL, ESGOTO PREDIAL, DN 40 MM, JUNTA SOLDÁVEL, FORNECIDO E INSTALADO EM RAMAL DE DESCARGA OU RAMAL DE ESGOTO SANITÁRIO. AF_08/2022","UN",12.35]
[89729,"JOELHO 90 GRAUS, CPVC, SOLDÁVEL, DN 35MM, INSTALADO EM RAMAL DE DISTRIBUIÇÃO DE ÁGUA   FORNECIMENTO E INSTALAÇÃO. AF_06/2022","UN",28.87]
[89730,"CURVA LONGA 90 GRAUS, PVC, SERIE NORMAL, ESGOTO PREDIAL, DN 40 MM, JUNTA SOLDÁVEL, FORNECIDO E INSTALADO EM RAMAL DE DESCARGA OU RAMAL DE ESGOTO SANITÁRIO. AF_08/2022","UN",14.24]
[89731,"JOELHO 90 GRAUS, PVC, SERIE NORMAL, ESGOTO PREDIAL, DN 50 MM, JUNTA ELÁSTICA, FORNECIDO E INSTALADO EM RAMAL DE DESCARGA OU RAMAL DE ESGOTO SANITÁRIO. AF_08/2022","UN",13.76]
[89732,"JOELHO 45 GRAUS, PVC, SERIE NORMAL, ESGOTO PREDIAL, DN 50 MM, JUNTA ELÁSTICA, FORNECIDO E INSTALADO EM RAMAL DE DESCARGA OU RAMAL DE ESGOTO SANITÁRIO. AF_08/2022","UN",14.49]
[89733,"CURVA CURTA 90 GRAUS, PVC, SERIE NORMAL, ESGOTO PREDIAL, DN 50 MM, JUNTA ELÁSTICA, FORNECIDO E INSTALADO EM RAMAL DE DESCARGA OU RAMAL DE ESGOTO SANITÁRIO. AF_08/2022","UN",22.2]
[89734,"JOELHO 45 GRAUS, CPVC, SOLDÁVEL, DN 35MM, INSTALADO EM RAMAL DE DISTRIBUIÇÃO DE ÁGUA   FORNECIMENTO E INSTALAÇÃO. AF_06/2022","UN",27.21]
[89735,"CURVA LONGA 90 GRAUS, PVC, SERIE NORMAL, ESGOTO PREDIAL, DN 50 MM, JUNTA ELÁSTICA, FORNECIDO E INSTALADO EM RAMAL DE DESCARGA OU RAMAL DE ESGOTO SANITÁRIO. AF_08/2022","UN",24.39]
[89736,"LUVA, CPVC, SOLDÁVEL, DN 22MM, INSTALADO EM RAMAL DE DISTRIBUIÇÃO DE ÁGUA   FORNECIMENTO E INSTALAÇÃO. AF_06/2022","UN",8.66]
[89737,"JOELHO 90 GRAUS, PVC, SERIE NORMAL, ESGOTO PREDIAL, DN 75 MM, JUNTA ELÁSTICA, FORNECIDO E INSTALADO EM RAMAL DE DESCARGA OU RAMAL DE ESGOTO SANITÁRIO. AF_08/2022","UN",21.05]
[89738,"LUVA DE CORRER, CPVC, SOLDÁVEL, DN 22MM, INSTALADO EM RAMAL DE DISTRIBUIÇÃO DE ÁGUA   FORNECIMENTO E INSTALAÇÃO. AF_12/2014","UN",16.46]
[89739,"JOELHO 45 GRAUS, PVC, SERIE NORMAL, ESGOTO PREDIAL, DN 75 MM, JUNTA ELÁSTICA, FORNECIDO E INSTALADO EM RAMAL DE DESCARGA OU RAMAL DE ESGOTO SANITÁRIO. AF_08/2022","UN",22.02]
[89740,"LUVA DE TRANSIÇÃO, CPVC, SOLDÁVEL, DN 22MM X 25MM, INSTALADO EM RAMAL DE DISTRIBUIÇÃO DE ÁGUA   FORNECIMENTO E INSTALAÇÃO. AF_06/2022","UN",8.7899999999999991]
[89741,"UNIÃO, CPVC, SOLDÁVEL, DN 22MM, INSTALADO EM RAMAL DE DISTRIBUIÇÃO DE ÁGUA   FORNECIMENTO E INSTALAÇÃO. AF_06/2022","UN",22.87]
[89742,"CURVA CURTA 90 GRAUS, PVC, SERIE NORMAL, ESGOTO PREDIAL, DN 75 MM, JUNTA ELÁSTICA, FORNECIDO E INSTALADO EM RAMAL DE DESCARGA OU RAMAL DE ESGOTO SANITÁRIO. AF_08/2022","UN",38.090000000000003]
[89743,"CURVA LONGA 90 GRAUS, PVC, SERIE NORMAL, ESGOTO PREDIAL, DN 75 MM, JUNTA ELÁSTICA, FORNECIDO E INSTALADO EM RAMAL DE DESCARGA OU RAMAL DE ESGOTO SANITÁRIO. AF_08/2022","UN",58.64]
[89744,"JOELHO 90 GRAUS, PVC, SERIE NORMAL, ESGOTO PREDIAL, DN 100 MM, JUNTA ELÁSTICA, FORNECIDO E INSTALADO EM RAMAL DE DESCARGA OU RAMAL DE ESGOTO SANITÁRIO. AF_08/2022","UN",25.65]
[89746,"JOELHO 45 GRAUS, PVC, SERIE NORMAL, ESGOTO PREDIAL, DN 100 MM, JUNTA ELÁSTICA, FORNECIDO E INSTALADO EM RAMAL DE DESCARGA OU RAMAL DE ESGOTO SANITÁRIO. AF_08/2022","UN",26.49]
[89747,"ADAPTADOR, CPVC, SOLDÁVEL, DN 22MM, INSTALADO EM RAMAL DE DISTRIBUIÇÃO DE ÁGUA   FORNECIMENTO E INSTALAÇÃO. AF_06/2022","UN",29.45]
[89748,"CURVA CURTA 90 GRAUS, PVC, SERIE NORMAL, ESGOTO PREDIAL, DN 100 MM, JUNTA ELÁSTICA, FORNECIDO E INSTALADO EM RAMAL DE DESCARGA OU RAMAL DE ESGOTO SANITÁRIO. AF_08/2022","UN",40.67]
[89749,"CURVA DE TRANSPOSIÇÃO, CPVC, SOLDÁVEL, DN 22MM, INSTALADO EM RAMAL DE DISTRIBUIÇÃO DE ÁGUA   FORNECIMENTO E INSTALAÇÃO. AF_06/2022","UN",16.39]
[89750,"CURVA LONGA 90 GRAUS, PVC, SERIE NORMAL, ESGOTO PREDIAL, DN 100 MM, JUNTA ELÁSTICA, FORNECIDO E INSTALADO EM RAMAL DE DESCARGA OU RAMAL DE ESGOTO SANITÁRIO. AF_08/2022","UN",75.650000000000006]
[89752,"LUVA SIMPLES, PVC, SERIE NORMAL, ESGOTO PREDIAL, DN 40 MM, JUNTA SOLDÁVEL, FORNECIDO E INSTALADO EM RAMAL DE DESCARGA OU RAMAL DE ESGOTO SANITÁRIO. AF_08/2022","UN",7.02]
[89753,"LUVA SIMPLES, PVC, SERIE NORMAL, ESGOTO PREDIAL, DN 50 MM, JUNTA ELÁSTICA, FORNECIDO E INSTALADO EM RAMAL DE DESCARGA OU RAMAL DE ESGOTO SANITÁRIO. AF_08/2022","UN",8.6999999999999993]
[89754,"LUVA DE CORRER, PVC, SERIE NORMAL, ESGOTO PREDIAL, DN 50 MM, JUNTA ELÁSTICA, FORNECIDO E INSTALADO EM RAMAL DE DESCARGA OU RAMAL DE ESGOTO SANITÁRIO. AF_08/2022","UN",19.91]
[89755,"LUVA, CPVC, SOLDÁVEL, DN 28MM, INSTALADO EM RAMAL DE DISTRIBUIÇÃO DE ÁGUA   FORNECIMENTO E INSTALAÇÃO. AF_06/2022","UN",13.16]
[89756,"LUVA DE CORRER, CPVC, SOLDÁVEL, DN 28MM, INSTALADO EM RAMAL DE DISTRIBUIÇÃO DE ÁGUA   FORNECIMENTO E INSTALAÇÃO. AF_06/2022","UN",22.87]
[89757,"UNIÃO, CPVC, SOLDÁVEL, DN 28MM, INSTALADO EM RAMAL DE DISTRIBUIÇÃO DE ÁGUA   FORNECIMENTO E INSTALAÇÃO. AF_06/2022","UN",29.89]
[89758,"CONECTOR, CPVC, SOLDÁVEL, DN 28MM X 1 , INSTALADO EM RAMAL DE DISTRIBUIÇÃO DE ÁGUA   FORNECIMENTO E INSTALAÇÃO. AF_06/2022","UN",36.74]
[89759,"BUCHA DE REDUÇÃO, CPVC, SOLDÁVEL, DN 28MM X 22MM, INSTALADO EM RAMAL DE DISTRIBUIÇÃO DE ÁGUA - FORNECIMENTO E INSTALAÇÃO. AF_06/2022","UN",11.12]
[89760,"LUVA, CPVC, SOLDÁVEL, DN 35MM, INSTALADO EM RAMAL DE DISTRIBUIÇÃO DE ÁGUA - FORNECIMENTO E INSTALAÇÃO. AF_06/2022","UN",21.46]
[89761,"LUVA DE CORRER, CPVC, SOLDÁVEL, DN 35MM, INSTALADO EM RAMAL DE DISTRIBUIÇÃO DE ÁGUA - FORNECIMENTO E INSTALAÇÃO. AF_06/2022","UN",30.63]
[89762,"UNIÃO, CPVC, SOLDÁVEL, DN35MM, INSTALADO EM RAMAL DE DISTRIBUIÇÃO DE ÁGUA - FORNECIMENTO E INSTALAÇÃO. AF_06/2022","UN",43.74]
[89763,"CONECTOR, CPVC, SOLDÁVEL, DN 35MM X 1 1/4 , INSTALADO EM RAMAL DE DISTRIBUIÇÃO DE ÁGUA - FORNECIMENTO E INSTALAÇÃO. AF_06/2022","UN",55.87]
[89764,"BUCHA DE REDUÇÃO, CPVC, SOLDÁVEL, DN35MM X 28MM, INSTALADO EM RAMAL DE DISTRIBUIÇÃO DE ÁGUA - FORNECIMENTO E INSTALAÇÃO. AF_06/2022","UN",36.909999999999997]
[89765,"TE, CPVC, SOLDÁVEL, DN 22MM, INSTALADO EM RAMAL DE DISTRIBUIÇÃO DE ÁGUA - FORNECIMENTO E INSTALAÇÃO. AF_06/2022","UN",16.149999999999999]
[89767,"TÊ MISTURADOR, CPVC, SOLDÁVEL, DN 22MM, INSTALADO EM RAMAL DE DISTRIBUIÇÃO DE ÁGUA - FORNECIMENTO E INSTALAÇÃO. AF_06/2022","UN",20.5]
[89768,"TÊ, CPVC, SOLDÁVEL, DN 28MM, INSTALADO EM RAMAL DE DISTRIBUIÇÃO DE ÁGUA - FORNECIMENTO E INSTALAÇÃO. AF_06/2022","UN",23.74]
[89769,"TÊ, CPVC, SOLDÁVEL, DN35MM, INSTALADO EM RAMAL DE DISTRIBUIÇÃO DE ÁGUA - FORNECIMENTO E INSTALAÇÃO. AF_06/2022","UN",54.64]
[89772,"TUBO, CPVC, SOLDÁVEL, DN 54MM, INSTALADO EM PRUMADA DE ÁGUA   FORNECIMENTO E INSTALAÇÃO. AF_06/2022","M",90.71]
[89774,"LUVA SIMPLES, PVC, SERIE NORMAL, ESGOTO PREDIAL, DN 75 MM, JUNTA ELÁSTICA, FORNECIDO E INSTALADO EM RAMAL DE DESCARGA OU RAMAL DE ESGOTO SANITÁRIO. AF_08/2022","UN",14.57]
[89776,"LUVA DE CORRER, PVC, SERIE NORMAL, ESGOTO PREDIAL, DN 75 MM, JUNTA ELÁSTICA, FORNECIDO E INSTALADO EM RAMAL DE DESCARGA OU RAMAL DE ESGOTO SANITÁRIO. AF_08/2022","UN",24.15]
[89777,"JOELHO 90 GRAUS, CPVC, SOLDÁVEL, DN 35MM, INSTALADO EM PRUMADA DE ÁGUA   FORNECIMENTO E INSTALAÇÃO. AF_06/2022","UN",25.29]
[89778,"LUVA SIMPLES, PVC, SERIE NORMAL, ESGOTO PREDIAL, DN 100 MM, JUNTA ELÁSTICA, FORNECIDO E INSTALADO EM RAMAL DE DESCARGA OU RAMAL DE ESGOTO SANITÁRIO. AF_08/2022","UN",16.559999999999999]
[89779,"LUVA DE CORRER, PVC, SERIE NORMAL, ESGOTO PREDIAL, DN 100 MM, JUNTA ELÁSTICA, FORNECIDO E INSTALADO EM RAMAL DE DESCARGA OU RAMAL DE ESGOTO SANITÁRIO. AF_08/2022","UN",32.93]
[89780,"JOELHO 45 GRAUS, CPVC, SOLDÁVEL, DN 35MM, INSTALADO EM PRUMADA DE ÁGUA - FORNECIMENTO E INSTALAÇÃO. AF_06/2022","UN",23.63]
[89781,"JOELHO 90 GRAUS, CPVC, SOLDÁVEL, DN 42MM, INSTALADO EM PRUMADA DE ÁGUA   FORNECIMENTO E INSTALAÇÃO. AF_06/2022","UN",36.020000000000003]
[89782,"TE, PVC, SERIE NORMAL, ESGOTO PREDIAL, DN 40 X 40 MM, JUNTA SOLDÁVEL, FORNECIDO E INSTALADO EM RAMAL DE DESCARGA OU RAMAL DE ESGOTO SANITÁRIO. AF_08/2022","UN",13.71]
[89783,"JUNÇÃO SIMPLES, PVC, SERIE NORMAL, ESGOTO PREDIAL, DN 40 MM, JUNTA SOLDÁVEL, FORNECIDO E INSTALADO EM RAMAL DE DESCARGA OU RAMAL DE ESGOTO SANITÁRIO. AF_08/2022","UN",13.81]
[89784,"TE, PVC, SERIE NORMAL, ESGOTO PREDIAL, DN 50 X 50 MM, JUNTA ELÁSTICA, FORNECIDO E INSTALADO EM RAMAL DE DESCARGA OU RAMAL DE ESGOTO SANITÁRIO. AF_08/2022","UN",22.56]
[89785,"JUNÇÃO SIMPLES, PVC, SERIE NORMAL, ESGOTO PREDIAL, DN 50 X 50 MM, JUNTA ELÁSTICA, FORNECIDO E INSTALADO EM RAMAL DE DESCARGA OU RAMAL DE ESGOTO SANITÁRIO. AF_08/2022","UN",24.9]
[89786,"TE, PVC, SERIE NORMAL, ESGOTO PREDIAL, DN 75 X 75 MM, JUNTA ELÁSTICA, FORNECIDO E INSTALADO EM RAMAL DE DESCARGA OU RAMAL DE ESGOTO SANITÁRIO. AF_08/2022","UN",36.53]
[89787,"JOELHO 45 GRAUS, CPVC, SOLDÁVEL, DN 42MM, INSTALADO EM PRUMADA DE ÁGUA   FORNECIMENTO E INSTALAÇÃO. AF_06/2022","UN",35.61]
[89788,"JOELHO 90 GRAUS, CPVC, SOLDÁVEL, DN 54MM, INSTALADO EM PRUMADA DE ÁGUA   FORNECIMENTO E INSTALAÇÃO. AF_06/2022","UN",79.11]
[89789,"JOELHO 45 GRAUS, CPVC, SOLDÁVEL, DN 54MM, INSTALADO EM PRUMADA DE ÁGUA   FORNECIMENTO E INSTALAÇÃO. AF_06/2022","UN",66.959999999999994]
[89790,"JOELHO 90 GRAUS, CPVC, SOLDÁVEL, DN 73MM, INSTALADO EM PRUMADA DE ÁGUA   FORNECIMENTO E INSTALAÇÃO. AF_06/2022","UN",158.97]
[89791,"JOELHO 45 GRAUS, CPVC, SOLDÁVEL, DN 73MM, INSTALADO EM PRUMADA DE ÁGUA   FORNECIMENTO E INSTALAÇÃO. AF_06/2022","UN",153.47999999999999]
[89792,"JOELHO 90 GRAUS, CPVC, SOLDÁVEL, DN 89MM, INSTALADO EM PRUMADA DE ÁGUA   FORNECIMENTO E INSTALAÇÃO. AF_06/2022","UN",187.56]
[89793,"JOELHO 45 GRAUS, CPVC, SOLDÁVEL, DN 89MM, INSTALADO EM PRUMADA DE ÁGUA   FORNECIMENTO E INSTALAÇÃO. AF_06/2022","UN",221.75]
[89794,"LUVA, CPVC, SOLDÁVEL, DN 35MM, INSTALADO EM PRUMADA DE ÁGUA   FORNECIMENTO E INSTALAÇÃO. AF_06/2022","UN",19.09]
[89795,"JUNÇÃO SIMPLES, PVC, SERIE NORMAL, ESGOTO PREDIAL, DN 75 X 75 MM, JUNTA ELÁSTICA, FORNECIDO E INSTALADO EM RAMAL DE DESCARGA OU RAMAL DE ESGOTO SANITÁRIO. AF_08/2022","UN",38.6]
[89796,"TE, PVC, SERIE NORMAL, ESGOTO PREDIAL, DN 100 X 100 MM, JUNTA ELÁSTICA, FORNECIDO E INSTALADO EM RAMAL DE DESCARGA OU RAMAL DE ESGOTO SANITÁRIO. AF_08/2022","UN",40.58]
[89797,"JUNÇÃO SIMPLES, PVC, SERIE NORMAL, ESGOTO PREDIAL, DN 100 X 100 MM, JUNTA ELÁSTICA, FORNECIDO E INSTALADO EM RAMAL DE DESCARGA OU RAMAL DE ESGOTO SANITÁRIO. AF_08/2022","UN",48.61]
[89801,"JOELHO 90 GRAUS, PVC, SERIE NORMAL, ESGOTO PREDIAL, DN 50 MM, JUNTA ELÁSTICA, FORNECIDO E INSTALADO EM PRUMADA DE ESGOTO SANITÁRIO OU VENTILAÇÃO. AF_08/2022","UN",9.15]
[89802,"JOELHO 45 GRAUS, PVC, SERIE NORMAL, ESGOTO PREDIAL, DN 50 MM, JUNTA ELÁSTICA, FORNECIDO E INSTALADO EM PRUMADA DE ESGOTO SANITÁRIO OU VENTILAÇÃO. AF_08/2022","UN",9.8800000000000008]
[89803,"CURVA CURTA 90 GRAUS, PVC, SERIE NORMAL, ESGOTO PREDIAL, DN 50 MM, JUNTA ELÁSTICA, FORNECIDO E INSTALADO EM PRUMADA DE ESGOTO SANITÁRIO OU VENTILAÇÃO. AF_08/2022","UN",17.59]
[89804,"CURVA LONGA 90 GRAUS, PVC, SERIE NORMAL, ESGOTO PREDIAL, DN 50 MM, JUNTA ELÁSTICA, FORNECIDO E INSTALADO EM PRUMADA DE ESGOTO SANITÁRIO OU VENTILAÇÃO. AF_08/2022","UN",19.78]
[89805,"JOELHO 90 GRAUS, PVC, SERIE NORMAL, ESGOTO PREDIAL, DN 75 MM, JUNTA ELÁSTICA, FORNECIDO E INSTALADO EM PRUMADA DE ESGOTO SANITÁRIO OU VENTILAÇÃO. AF_08/2022","UN",19.3]
[89806,"JOELHO 45 GRAUS, PVC, SERIE NORMAL, ESGOTO PREDIAL, DN 75 MM, JUNTA ELÁSTICA, FORNECIDO E INSTALADO EM PRUMADA DE ESGOTO SANITÁRIO OU VENTILAÇÃO. AF_08/2022","UN",20.27]
[89807,"CURVA CURTA 90 GRAUS, PVC, SERIE NORMAL, ESGOTO PREDIAL, DN 75 MM, JUNTA ELÁSTICA, FORNECIDO E INSTALADO EM PRUMADA DE ESGOTO SANITÁRIO OU VENTILAÇÃO. AF_08/2022","UN",36.340000000000003]
[89808,"CURVA LONGA 90 GRAUS, PVC, SERIE NORMAL, ESGOTO PREDIAL, DN 75 MM, JUNTA ELÁSTICA, FORNECIDO E INSTALADO EM PRUMADA DE ESGOTO SANITÁRIO OU VENTILAÇÃO. AF_08/2022","UN",56.89]
[89809,"JOELHO 90 GRAUS, PVC, SERIE NORMAL, ESGOTO PREDIAL, DN 100 MM, JUNTA ELÁSTICA, FORNECIDO E INSTALADO EM PRUMADA DE ESGOTO SANITÁRIO OU VENTILAÇÃO. AF_08/2022","UN",26.75]
[89810,"JOELHO 45 GRAUS, PVC, SERIE NORMAL, ESGOTO PREDIAL, DN 100 MM, JUNTA ELÁSTICA, FORNECIDO E INSTALADO EM PRUMADA DE ESGOTO SANITÁRIO OU VENTILAÇÃO. AF_08/2022","UN",27.59]
[89811,"CURVA CURTA 90 GRAUS, PVC, SERIE NORMAL, ESGOTO PREDIAL, DN 100 MM, JUNTA ELÁSTICA, FORNECIDO E INSTALADO EM PRUMADA DE ESGOTO SANITÁRIO OU VENTILAÇÃO. AF_08/2022","UN",41.77]
[89812,"CURVA LONGA 90 GRAUS, PVC, SERIE NORMAL, ESGOTO PREDIAL, DN 100 MM, JUNTA ELÁSTICA, FORNECIDO E INSTALADO EM PRUMADA DE ESGOTO SANITÁRIO OU VENTILAÇÃO. AF_08/2022","UN",76.75]
[89813,"LUVA SIMPLES, PVC, SERIE NORMAL, ESGOTO PREDIAL, DN 50 MM, JUNTA ELÁSTICA, FORNECIDO E INSTALADO EM PRUMADA DE ESGOTO SANITÁRIO OU VENTILAÇÃO. AF_08/2022","UN",5.53]
[89814,"LUVA DE CORRER, PVC, SERIE NORMAL, ESGOTO PREDIAL, DN 50 MM, JUNTA ELÁSTICA, FORNECIDO E INSTALADO EM PRUMADA DE ESGOTO SANITÁRIO OU VENTILAÇÃO. AF_08/2022","UN",16.82]
[89815,"LUVA DE CORRER, CPVC, SOLDÁVEL, DN 35MM, INSTALADO EM PRUMADA DE ÁGUA   FORNECIMENTO E INSTALAÇÃO. AF_06/2022","UN",28.26]
[89816,"UNIÃO, CPVC, SOLDÁVEL, DN35MM, INSTALADO EM PRUMADA DE ÁGUA   FORNECIMENTO E INSTALAÇÃO. AF_06/2022","UN",41.37]
[89817,"LUVA SIMPLES, PVC, SERIE NORMAL, ESGOTO PREDIAL, DN 75 MM, JUNTA ELÁSTICA, FORNECIDO E INSTALADO EM PRUMADA DE ESGOTO SANITÁRIO OU VENTILAÇÃO. AF_08/2022","UN",13.35]
[89818,"CONECTOR, CPVC, SOLDÁVEL, DN 35MM X 1 1/4 , INSTALADO EM PRUMADA DE ÁGUA   FORNECIMENTO E INSTALAÇÃO. AF_06/2022","UN",53.56]
[89819,"LUVA DE CORRER, PVC, SERIE NORMAL, ESGOTO PREDIAL, DN 75 MM, JUNTA ELÁSTICA, FORNECIDO E INSTALADO EM PRUMADA DE ESGOTO SANITÁRIO OU VENTILAÇÃO. AF_08/2022","UN",22.97]
[89821,"LUVA SIMPLES, PVC, SERIE NORMAL, ESGOTO PREDIAL, DN 100 MM, JUNTA ELÁSTICA, FORNECIDO E INSTALADO EM PRUMADA DE ESGOTO SANITÁRIO OU VENTILAÇÃO. AF_08/2022","UN",17.29]
[89822,"LUVA, CPVC, SOLDÁVEL, DN 42MM, INSTALADO EM PRUMADA DE ÁGUA   FORNECIMENTO E INSTALAÇÃO. AF_06/2022","UN",25.06]
[89823,"LUVA DE CORRER, PVC, SERIE NORMAL, ESGOTO PREDIAL, DN 100 MM, JUNTA ELÁSTICA, FORNECIDO E INSTALADO EM PRUMADA DE ESGOTO SANITÁRIO OU VENTILAÇÃO. AF_08/2022","UN",33.659999999999997]
[89824,"LUVA DE CORRER, CPVC, SOLDÁVEL, DN 42MM, INSTALADO EM PRUMADA DE ÁGUA   FORNECIMENTO E INSTALAÇÃO. AF_06/2022","UN",38.520000000000003]
[89825,"TE, PVC, SERIE NORMAL, ESGOTO PREDIAL, DN 50 X 50 MM, JUNTA ELÁSTICA, FORNECIDO E INSTALADO EM PRUMADA DE ESGOTO SANITÁRIO OU VENTILAÇÃO. AF_08/2022","UN",16.399999999999999]
[89826,"LUVA DE TRANSIÇÃO, CPVC, SOLDÁVEL, DN42MM X 1.1/2 , INSTALADO EM PRUMADA DE ÁGUA   FORNECIMENTO E INSTALAÇÃO. AF_06/2022","UN",127.92]
[89827,"JUNÇÃO SIMPLES, PVC, SERIE NORMAL, ESGOTO PREDIAL, DN 50 X 50 MM, JUNTA ELÁSTICA, FORNECIDO E INSTALADO EM PRUMADA DE ESGOTO SANITÁRIO OU VENTILAÇÃO. AF_08/2022","UN",18.739999999999998]
[89828,"UNIÃO, CPVC, SOLDÁVEL, DN42MM, INSTALADO EM PRUMADA DE ÁGUA   FORNECIMENTO E INSTALAÇÃO. AF_06/2022","UN",60.48]
[89829,"TE, PVC, SERIE NORMAL, ESGOTO PREDIAL, DN 75 X 75 MM, JUNTA ELÁSTICA, FORNECIDO E INSTALADO EM PRUMADA DE ESGOTO SANITÁRIO OU VENTILAÇÃO. AF_08/2022","UN",34.18]
[89830,"JUNÇÃO SIMPLES, PVC, SERIE NORMAL, ESGOTO PREDIAL, DN 75 X 75 MM, JUNTA ELÁSTICA, FORNECIDO E INSTALADO EM PRUMADA DE ESGOTO SANITÁRIO OU VENTILAÇÃO. AF_08/2022","UN",36.25]
[89831,"CONECTOR, CPVC, SOLDÁVEL, DN 42MM X 1.1/2 , INSTALADO EM PRUMADA DE ÁGUA   FORNECIMENTO E INSTALAÇÃO. AF_06/2022","UN",64.78]
[89832,"BUCHA DE REDUÇÃO, CPVC, SOLDÁVEL, DN 42MM X 22MM, INSTALADO EM RAMAL DE DISTRIBUIÇÃO DE ÁGUA - FORNECIMENTO E INSTALAÇÃO. AF_06/2022","UN",41.23]
[89833,"TE, PVC, SERIE NORMAL, ESGOTO PREDIAL, DN 100 X 100 MM, JUNTA ELÁSTICA, FORNECIDO E INSTALADO EM PRUMADA DE ESGOTO SANITÁRIO OU VENTILAÇÃO. AF_08/2022","UN",42.04]
[89834,"JUNÇÃO SIMPLES, PVC, SERIE NORMAL, ESGOTO PREDIAL, DN 100 X 100 MM, JUNTA ELÁSTICA, FORNECIDO E INSTALADO EM PRUMADA DE ESGOTO SANITÁRIO OU VENTILAÇÃO. AF_08/2022","UN",50.07]
[89835,"LUVA, CPVC, SOLDÁVEL, DN 54MM, INSTALADO EM PRUMADA DE ÁGUA   FORNECIMENTO E INSTALAÇÃO. AF_06/2022","UN",43.61]
[89836,"LUVA DE TRANSIÇÃO, CPVC, SOLDÁVEL, DN 54MM X 2 , INSTALADO EM PRUMADA DE ÁGUA   FORNECIMENTO E INSTALAÇÃO. AF_06/2022","UN",201.37]
[89837,"UNIÃO, CPVC, SOLDÁVEL, DN 54MM, INSTALADO EM PRUMADA DE ÁGUA   FORNECIMENTO E INSTALAÇÃO. AF_06/2022","UN",134.63999999999999]
[89838,"LUVA, CPVC, SOLDÁVEL, DN 73MM, INSTALADO EM PRUMADA DE ÁGUA   FORNECIMENTO E INSTALAÇÃO. AF_06/2022","UN",154.09]
[89839,"UNIÃO, CPVC, SOLDÁVEL, DN 73MM, INSTALADO EM PRUMADA DE ÁGUA   FORNECIMENTO E INSTALAÇÃO. AF_06/2022","UN",174.93]
[89840,"LUVA, CPVC, SOLDÁVEL, DN 89MM, INSTALADO EM PRUMADA DE ÁGUA   FORNECIMENTO E INSTALAÇÃO. AF_06/2022","UN",181.24]
[89841,"UNIÃO, CPVC, SOLDÁVEL, DN 89MM, INSTALADO EM PRUMADA DE ÁGUA   FORNECIMENTO E INSTALAÇÃO. AF_06/2022","UN",265.77]
[89842,"TÊ, CPVC, SOLDÁVEL, DN 35MM, INSTALADO EM PRUMADA DE ÁGUA   FORNECIMENTO E INSTALAÇÃO. AF_06/2022","UN",49.89]
[89844,"TE, CPVC, SOLDÁVEL, DN  42MM, INSTALADO EM PRUMADA DE ÁGUA   FORNECIMENTO E INSTALAÇÃO. AF_06/2022","UN",62.91]
[89845,"TÊ, CPVC, SOLDÁVEL, DN 54 MM, INSTALADO EM PRUMADA DE ÁGUA   FORNECIMENTO E INSTALAÇÃO. AF_06/2022","UN",99.17]
[89846,"TÊ, CPVC, SOLDÁVEL, DN 73MM, INSTALADO EM PRUMADA DE ÁGUA   FORNECIMENTO E INSTALAÇÃO. AF_06/2022","UN",213.84]
[89847,"TÊ, CPVC, SOLDÁVEL, DN 89MM, INSTALADO EM PRUMADA DE ÁGUA   FORNECIMENTO E INSTALAÇÃO. AF_06/2022","UN",254.81]
[89850,"JOELHO 90 GRAUS, PVC, SERIE NORMAL, ESGOTO PREDIAL, DN 100 MM, JUNTA ELÁSTICA, FORNECIDO E INSTALADO EM SUBCOLETOR AÉREO DE ESGOTO SANITÁRIO. AF_08/2022","UN",29.43]
[89851,"JOELHO 45 GRAUS, PVC, SERIE NORMAL, ESGOTO PREDIAL, DN 100 MM, JUNTA ELÁSTICA, FORNECIDO E INSTALADO EM SUBCOLETOR AÉREO DE ESGOTO SANITÁRIO. AF_08/2022","UN",30.27]
[89852,"CURVA CURTA 90 GRAUS, PVC, SERIE NORMAL, ESGOTO PREDIAL, DN 100 MM, JUNTA ELÁSTICA, FORNECIDO E INSTALADO EM SUBCOLETOR AÉREO DE ESGOTO SANITÁRIO. AF_08/2022","UN",44.45]
[89853,"CURVA LONGA 90 GRAUS, PVC, SERIE NORMAL, ESGOTO PREDIAL, DN 100 MM, JUNTA ELÁSTICA, FORNECIDO E INSTALADO EM SUBCOLETOR AÉREO DE ESGOTO SANITÁRIO. AF_08/2022","UN",79.430000000000007]
[89854,"JOELHO 90 GRAUS, PVC, SERIE NORMAL, ESGOTO PREDIAL, DN 150 MM, JUNTA ELÁSTICA, FORNECIDO E INSTALADO EM SUBCOLETOR AÉREO DE ESGOTO SANITÁRIO. AF_08/2022","UN",101.18]
[89855,"JOELHO 45 GRAUS, PVC, SERIE NORMAL, ESGOTO PREDIAL, DN 150 MM, JUNTA ELÁSTICA, FORNECIDO E INSTALADO EM SUBCOLETOR AÉREO DE ESGOTO SANITÁRIO. AF_08/2022","UN",106.39]
[89856,"LUVA SIMPLES, PVC, SERIE NORMAL, ESGOTO PREDIAL, DN 100 MM, JUNTA ELÁSTICA, FORNECIDO E INSTALADO EM SUBCOLETOR AÉREO DE ESGOTO SANITÁRIO. AF_08/2022","UN",19.100000000000001]
[89857,"LUVA DE CORRER, PVC, SERIE NORMAL, ESGOTO PREDIAL, DN 100 MM, JUNTA ELÁSTICA, FORNECIDO E INSTALADO EM SUBCOLETOR AÉREO DE ESGOTO SANITÁRIO. AF_08/2022","UN",35.46]
[89860,"TE, PVC, SERIE NORMAL, ESGOTO PREDIAL, DN 100 X 100 MM, JUNTA ELÁSTICA, FORNECIDO E INSTALADO EM SUBCOLETOR AÉREO DE ESGOTO SANITÁRIO. AF_08/2022","UN",45.62]
[89861,"JUNÇÃO SIMPLES, PVC, SERIE NORMAL, ESGOTO PREDIAL, DN 100 X 100 MM, JUNTA ELÁSTICA, FORNECIDO E INSTALADO EM SUBCOLETOR AÉREO DE ESGOTO SANITÁRIO. AF_08/2022","UN",53.65]
[89866,"JOELHO 90 GRAUS, PVC, SOLDÁVEL, DN 25MM, INSTALADO EM DRENO DE AR-CONDICIONADO - FORNECIMENTO E INSTALAÇÃO. AF_08/2022","UN",6.63]
[89867,"JOELHO 45 GRAUS, PVC, SOLDÁVEL, DN 25MM, INSTALADO EM DRENO DE AR-CONDICIONADO - FORNECIMENTO E INSTALAÇÃO. AF_08/2022","UN",7.39]
[89868,"LUVA, PVC, SOLDÁVEL, DN 25MM, INSTALADO EM DRENO DE AR-CONDICIONADO - FORNECIMENTO E INSTALAÇÃO. AF_08/2022","UN",5.0599999999999996]
[89869,"TE, PVC, SOLDÁVEL, DN 25MM, INSTALADO EM DRENO DE AR-CONDICIONADO - FORNECIMENTO E INSTALAÇÃO. AF_08/2022","UN",9.24]
[89979,"LUVA COM BUCHA DE LATÃO, PVC, SOLDÁVEL, DN 32MM X 1 , INSTALADO EM RAMAL OU SUB-RAMAL DE ÁGUA   FORNECIMENTO E INSTALAÇÃO. AF_06/2022","UN",23.28]
[89981,"LUVA SOLDÁVEL E COM BUCHA DE LATÃO, PVC, SOLDÁVEL, DN 32MM X 1 , INSTALADO EM PRUMADA DE ÁGUA   FORNECIMENTO E INSTALAÇÃO. AF_06/2022","UN",20.59]
[90373,"JOELHO 90 GRAUS COM BUCHA DE LATÃO, PVC, SOLDÁVEL, DN 25MM, X 1/2  INSTALADO EM RAMAL OU SUB-RAMAL DE ÁGUA - FORNECIMENTO E INSTALAÇÃO. AF_06/2022","UN",12.02]
[90374,"TÊ COM BUCHA DE LATÃO NA BOLSA CENTRAL, PVC, SOLDÁVEL, DN 25MM X 3/4 , INSTALADO EM RAMAL OU SUB-RAMAL DE ÁGUA - FORNECIMENTO E INSTALAÇÃO. AF_06/2022","UN",20.62]
[92287,"COTOVELO EM COBRE, DN 22 MM, 90 GRAUS, SEM ANEL DE SOLDA, INSTALADO EM PRUMADA DE HIDRÁULICA PREDIAL - FORNECIMENTO E INSTALAÇÃO. AF_04/2022","UN",17.25]
[92288,"COTOVELO EM COBRE, DN 28 MM, 90 GRAUS, SEM ANEL DE SOLDA, INSTALADO EM PRUMADA DE HIDRÁULICA PREDIAL - FORNECIMENTO E INSTALAÇÃO. AF_04/2022","UN",27.33]
[92289,"COTOVELO EM COBRE, DN 35 MM, 90 GRAUS, SEM ANEL DE SOLDA, INSTALADO EM PRUMADA DE HIDRÁULICA PREDIAL - FORNECIMENTO E INSTALAÇÃO. AF_04/2022","UN",48.75]
[92290,"COTOVELO EM COBRE, DN 42 MM, 90 GRAUS, SEM ANEL DE SOLDA, INSTALADO EM PRUMADA DE HIDRÁULICA PREDIAL - FORNECIMENTO E INSTALAÇÃO. AF_04/2022","UN",74.11]
[92291,"COTOVELO EM COBRE, DN 54 MM, 90 GRAUS, SEM ANEL DE SOLDA, INSTALADO EM PRUMADA DE HIDRÁULICA PREDIAL - FORNECIMENTO E INSTALAÇÃO. AF_04/2022","UN",115.08]
[92292,"COTOVELO EM COBRE, DN 66 MM, 90 GRAUS, SEM ANEL DE SOLDA, INSTALADO EM PRUMADA DE HIDRÁULICA PREDIAL - FORNECIMENTO E INSTALAÇÃO. AF_04/2022","UN",358.83]
[92293,"LUVA EM COBRE, DN 22 MM, SEM ANEL DE SOLDA, INSTALADO EM PRUMADA DE HIDRÁULICA PREDIAL - FORNECIMENTO E INSTALAÇÃO. AF_04/2022","UN",9.76]
[92294,"LUVA EM COBRE, DN 28 MM, SEM ANEL DE SOLDA, INSTALADO EM PRUMADA DE HIDRÁULICA PREDIAL - FORNECIMENTO E INSTALAÇÃO. AF_04/2022","UN",16.63]
[92295,"LUVA EM COBRE, DN 35 MM, SEM ANEL DE SOLDA, INSTALADO EM PRUMADA DE HIDRÁULICA PREDIAL - FORNECIMENTO E INSTALAÇÃO. AF_04/2022","UN",31.61]
[92296,"LUVA EM COBRE, DN 42 MM, SEM ANEL DE SOLDA, INSTALADO EM PRUMADA DE HIDRÁULICA PREDIAL - FORNECIMENTO E INSTALAÇÃO. AF_04/2022","UN",41.95]
[92297,"LUVA EM COBRE, DN 54 MM, SEM ANEL DE SOLDA, INSTALADO EM PRUMADA DE HIDRÁULICA PREDIAL - FORNECIMENTO E INSTALAÇÃO. AF_04/2022","UN",65.27]
[92298,"LUVA EM COBRE, DN 66 MM, SEM ANEL DE SOLDA, INSTALADO EM PRUMADA DE HIDRÁULICA PREDIAL - FORNECIMENTO E INSTALAÇÃO. AF_04/2022","UN",184.65]
[92299,"TE EM COBRE, DN 22 MM, SEM ANEL DE SOLDA, INSTALADO EM PRUMADA DE HIDRÁULICA PREDIAL - FORNECIMENTO E INSTALAÇÃO. AF_04/2022","UN",22.68]
[92300,"TE EM COBRE, DN 28 MM, SEM ANEL DE SOLDA, INSTALADO EM PRUMADA DE HIDRÁULICA PREDIAL - FORNECIMENTO E INSTALAÇÃO. AF_04/2022","UN",34.71]
[92301,"TE EM COBRE, DN 35 MM, SEM ANEL DE SOLDA, INSTALADO EM PRUMADA DE HIDRÁULICA PREDIAL - FORNECIMENTO E INSTALAÇÃO. AF_04/2022","UN",69.319999999999993]
[92302,"TE EM COBRE, DN 42 MM, SEM ANEL DE SOLDA, INSTALADO EM PRUMADA DE HIDRÁULICA PREDIAL - FORNECIMENTO E INSTALAÇÃO. AF_04/2022","UN",91.7]
[92303,"TE EM COBRE, DN 54 MM, SEM ANEL DE SOLDA, INSTALADO EM PRUMADA DE HIDRÁULICA PREDIAL - FORNECIMENTO E INSTALAÇÃO. AF_04/2022","UN",169.03]
[92304,"TE EM COBRE, DN 66 MM, SEM ANEL DE SOLDA, INSTALADO EM PRUMADA DE HIDRÁULICA PREDIAL - FORNECIMENTO E INSTALAÇÃO. AF_04/2022","UN",441.08]
[92311,"COTOVELO EM COBRE, DN 15 MM, 90 GRAUS, SEM ANEL DE SOLDA, INSTALADO EM RAMAL DE DISTRIBUIÇÃO   FORNECIMENTO E INSTALAÇÃO. AF_04/2022","UN",12.42]
[92312,"COTOVELO EM COBRE, DN 22 MM, 90 GRAUS, SEM ANEL DE SOLDA, INSTALADO EM RAMAL DE DISTRIBUIÇÃO DE HIDRÁULICA PREDIAL - FORNECIMENTO E INSTALAÇÃO. AF_04/2022","UN",21.02]
[92313,"COTOVELO EM COBRE, DN 28 MM, 90 GRAUS, SEM ANEL DE SOLDA, INSTALADO EM RAMAL DE DISTRIBUIÇÃO DE HIDRÁULICA PREDIAL - FORNECIMENTO E INSTALAÇÃO. AF_04/2022","UN",30.81]
[92314,"LUVA EM COBRE, DN 15 MM, SEM ANEL DE SOLDA, INSTALADO EM RAMAL DE DISTRIBUIÇÃO DE HIDRÁULICA PREDIAL - FORNECIMENTO E INSTALAÇÃO. AF_04/2022","UN",8.3000000000000007]
[92315,"LUVA EM COBRE, DN 22 MM, SEM ANEL DE SOLDA, INSTALADO EM RAMAL DE DISTRIBUIÇÃO DE HIDRÁULICA PREDIAL - FORNECIMENTO E INSTALAÇÃO. AF_04/2022","UN",12.28]
[92316,"LUVA EM COBRE, DN 28 MM, SEM ANEL DE SOLDA, INSTALADO EM RAMAL DE DISTRIBUIÇÃO DE HIDRÁULICA PREDIAL - FORNECIMENTO E INSTALAÇÃO. AF_04/2022","UN",18.97]
[92317,"TE EM COBRE, DN 15 MM, SEM ANEL DE SOLDA, INSTALADO EM RAMAL DE DISTRIBUIÇÃO DE HIDRÁULICA PREDIAL - FORNECIMENTO E INSTALAÇÃO. AF_04/2022","UN",17.420000000000002]
[92318,"TE EM COBRE, DN 22 MM, SEM ANEL DE SOLDA, INSTALADO EM RAMAL DE DISTRIBUIÇÃO DE HIDRÁULICA PREDIAL - FORNECIMENTO E INSTALAÇÃO. AF_04/2022","UN",27.72]
[92319,"TE EM COBRE, DN 28 MM, SEM ANEL DE SOLDA, INSTALADO EM RAMAL DE DISTRIBUIÇÃO DE HIDRÁULICA PREDIAL - FORNECIMENTO E INSTALAÇÃO. AF_04/2022","UN",39.36]
[92326,"COTOVELO EM COBRE, DN 15 MM, 90 GRAUS, SEM ANEL DE SOLDA, INSTALADO EM RAMAL E SUB-RAMAL DE HIDRÁULICA PREDIAL - FORNECIMENTO E INSTALAÇÃO. AF_04/2022","UN",13.04]
[92327,"COTOVELO EM COBRE, DN 22 MM, 90 GRAUS, SEM ANEL DE SOLDA, INSTALADO EM RAMAL E SUB-RAMAL DE HIDRÁULICA PREDIAL - FORNECIMENTO E INSTALAÇÃO. AF_04/2022","UN",23.81]
[92328,"COTOVELO EM COBRE, DN 28 MM, 90 GRAUS, SEM ANEL DE SOLDA, INSTALADO EM RAMAL E SUB-RAMAL DE HIDRÁULICA PREDIAL - FORNECIMENTO E INSTALAÇÃO. AF_04/2022","UN",35.81]
[92329,"LUVA EM COBRE, DN 15 MM, SEM ANEL DE SOLDA, INSTALADO EM RAMAL E SUB-RAMAL DE HIDRÁULICA PREDIAL - FORNECIMENTO E INSTALAÇÃO. AF_04/2022","UN",8.4600000000000009]
[92330,"LUVA EM COBRE, DN 22 MM, SEM ANEL DE SOLDA, INSTALADO EM RAMAL E SUB-RAMAL DE HIDRÁULICA PREDIAL - FORNECIMENTO E INSTALAÇÃO. AF_04/2022","UN",14.17]
[92331,"LUVA EM COBRE, DN 28 MM, SEM ANEL DE SOLDA, INSTALADO EM RAMAL E SUB-RAMAL DE HIDRÁULICA PREDIAL - FORNECIMENTO E INSTALAÇÃO. AF_04/2022","UN",22.34]
[92332,"TE EM COBRE, DN 15 MM, SEM ANEL DE SOLDA, INSTALADO EM RAMAL E SUB-RAMAL DE HIDRÁULICA PREDIAL - FORNECIMENTO E INSTALAÇÃO. AF_04/2022","UN",17.73]
[92333,"TE EM COBRE, DN 22 MM, SEM ANEL DE SOLDA, INSTALADO EM RAMAL E SUB-RAMAL DE HIDRÁULICA PREDIAL - FORNECIMENTO E INSTALAÇÃO. AF_04/2022","UN",31.46]
[92334,"TE EM COBRE, DN 28 MM, SEM ANEL DE SOLDA, INSTALADO EM RAMAL E SUB-RAMAL DE HIDRÁULICA PREDIAL - FORNECIMENTO E INSTALAÇÃO. AF_04/2022","UN",46.03]
[92344,"NIPLE, EM FERRO GALVANIZADO, DN 50 (2\"), CONEXÃO ROSQUEADA, INSTALADO EM PRUMADAS - FORNECIMENTO E INSTALAÇÃO. AF_10/2020","UN",64.53]
[92345,"LUVA, EM FERRO GALVANIZADO, DN 50 (2\"), CONEXÃO ROSQUEADA, INSTALADO EM PRUMADAS - FORNECIMENTO E INSTALAÇÃO. AF_10/2020","UN",64.5]
[92346,"NIPLE, EM FERRO GALVANIZADO, DN 65 (2 1/2\"), CONEXÃO ROSQUEADA, INSTALADO EM PRUMADAS - FORNECIMENTO E INSTALAÇÃO. AF_10/2020","UN",85.85]
[92347,"LUVA, EM FERRO GALVANIZADO, DN 65 (2 1/2\"), CONEXÃO ROSQUEADA, INSTALADO EM PRUMADAS - FORNECIMENTO E INSTALAÇÃO. AF_10/2020","UN",96.12]
[92348,"NIPLE, EM FERRO GALVANIZADO, DN 80 (3\"), CONEXÃO ROSQUEADA, INSTALADO EM PRUMADAS - FORNECIMENTO E INSTALAÇÃO. AF_10/2020","UN",122.17]
[92349,"LUVA, EM FERRO GALVANIZADO, DN 80 (3\"), CONEXÃO ROSQUEADA, INSTALADO EM PRUMADAS - FORNECIMENTO E INSTALAÇÃO. AF_10/2020","UN",131.31]
[92350,"JOELHO 45 GRAUS, EM FERRO GALVANIZADO, DN 50 (2\"), CONEXÃO ROSQUEADA, INSTALADO EM PRUMADAS - FORNECIMENTO E INSTALAÇÃO. AF_10/2020","UN",95.91]
[92351,"JOELHO 90 GRAUS, EM FERRO GALVANIZADO, DN 50 (2\"), CONEXÃO ROSQUEADA, INSTALADO EM PRUMADAS - FORNECIMENTO E INSTALAÇÃO. AF_10/2020","UN",93.63]
[92352,"JOELHO 45 GRAUS, EM FERRO GALVANIZADO, DN 65 (2 1/2\"), CONEXÃO ROSQUEADA, INSTALADO EM PRUMADAS - FORNECIMENTO E INSTALAÇÃO. AF_10/2020","UN",148.49]
[92353,"JOELHO 90 GRAUS, EM FERRO GALVANIZADO, DN 65 (2 1/2\"), CONEXÃO ROSQUEADA, INSTALADO EM PRUMADAS - FORNECIMENTO E INSTALAÇÃO. AF_10/2020","UN",138.44]
[92354,"JOELHO 45 GRAUS, EM FERRO GALVANIZADO, DN 80 (3\"), CONEXÃO ROSQUEADA, INSTALADO EM PRUMADAS - FORNECIMENTO E INSTALAÇÃO. AF_10/2020","UN",198.98]
[92355,"JOELHO 90 GRAUS, EM FERRO GALVANIZADO, DN 80 (3\"), CONEXÃO ROSQUEADA, INSTALADO EM PRUMADAS - FORNECIMENTO E INSTALAÇÃO. AF_10/2020","UN",179.61]
[92356,"TÊ, EM FERRO GALVANIZADO, DN 50 (2\"), CONEXÃO ROSQUEADA, INSTALADO EM PRUMADAS - FORNECIMENTO E INSTALAÇÃO. AF_10/2020","UN",124.79]
[92357,"TÊ, EM FERRO GALVANIZADO, DN 65 (2 1/2\"), CONEXÃO ROSQUEADA, INSTALADO EM PRUMADAS - FORNECIMENTO E INSTALAÇÃO. AF_10/2020","UN",189.66]
[92358,"TÊ, EM FERRO GALVANIZADO, DN 80 (3\"), CONEXÃO ROSQUEADA, INSTALADO EM PRUMADAS - FORNECIMENTO E INSTALAÇÃO. AF_10/2020","UN",237.64]
[92369,"NIPLE, EM FERRO GALVANIZADO, DN 25 (1\"), CONEXÃO ROSQUEADA, INSTALADO EM REDE DE ALIMENTAÇÃO PARA HIDRANTE - FORNECIMENTO E INSTALAÇÃO. AF_10/2020","UN",33.71]
[92370,"LUVA, EM FERRO GALVANIZADO, DN 25 (1\"), CONEXÃO ROSQUEADA, INSTALADO EM REDE DE ALIMENTAÇÃO PARA HIDRANTE - FORNECIMENTO E INSTALAÇÃO. AF_10/2020","UN",35.56]
[92371,"NIPLE, EM FERRO GALVANIZADO, DN 32 (1 1/4\"), CONEXÃO ROSQUEADA, INSTALADO EM REDE DE ALIMENTAÇÃO PARA HIDRANTE - FORNECIMENTO E INSTALAÇÃO. AF_10/2020","UN",41.2]
[92372,"LUVA, EM FERRO GALVANIZADO, DN 32 (1 1/4\"), CONEXÃO ROSQUEADA, INSTALADO EM REDE DE ALIMENTAÇÃO PARA HIDRANTE - FORNECIMENTO E INSTALAÇÃO. AF_10/2020","UN",42.92]
[92373,"NIPLE, EM FERRO GALVANIZADO, DN 40 (1 1/2\"), CONEXÃO ROSQUEADA, INSTALADO EM REDE DE ALIMENTAÇÃO PARA HIDRANTE - FORNECIMENTO E INSTALAÇÃO. AF_10/2020","UN",49.05]
[92374,"LUVA, EM FERRO GALVANIZADO, DN 40 (1 1/2\"), CONEXÃO ROSQUEADA, INSTALADO EM REDE DE ALIMENTAÇÃO PARA HIDRANTE - FORNECIMENTO E INSTALAÇÃO. AF_10/2020","UN",49.38]
[92375,"NIPLE, EM FERRO GALVANIZADO, DN 50 (2\"), CONEXÃO ROSQUEADA, INSTALADO EM REDE DE ALIMENTAÇÃO PARA HIDRANTE - FORNECIMENTO E INSTALAÇÃO. AF_10/2020","UN",64.489999999999995]
[92376,"LUVA, EM FERRO GALVANIZADO, DN 50 (2\"), CONEXÃO ROSQUEADA, INSTALADO EM REDE DE ALIMENTAÇÃO PARA HIDRANTE - FORNECIMENTO E INSTALAÇÃO. AF_10/2020","UN",64.459999999999994]
[92377,"NIPLE, EM FERRO GALVANIZADO, DN 65 (2 1/2\"), CONEXÃO ROSQUEADA, INSTALADO EM REDE DE ALIMENTAÇÃO PARA HIDRANTE - FORNECIMENTO E INSTALAÇÃO. AF_10/2020","UN",87.36]
[92378,"LUVA, EM FERRO GALVANIZADO, DN 65 (2 1/2\"), CONEXÃO ROSQUEADA, INSTALADO EM REDE DE ALIMENTAÇÃO PARA HIDRANTE - FORNECIMENTO E INSTALAÇÃO. AF_10/2020","UN",97.63]
[92379,"NIPLE, EM FERRO GALVANIZADO, DN 80 (3\"), CONEXÃO ROSQUEADA, INSTALADO EM REDE DE ALIMENTAÇÃO PARA HIDRANTE - FORNECIMENTO E INSTALAÇÃO. AF_10/2020","UN",125.29]
[92380,"LUVA, EM FERRO GALVANIZADO, DN 80 (3\"), CONEXÃO ROSQUEADA, INSTALADO EM REDE DE ALIMENTAÇÃO PARA HIDRANTE - FORNECIMENTO E INSTALAÇÃO. AF_10/2020","UN",134.43]
[92381,"JOELHO 45 GRAUS, EM FERRO GALVANIZADO, DN 25 (1\"), CONEXÃO ROSQUEADA, INSTALADO EM REDE DE ALIMENTAÇÃO PARA HIDRANTE - FORNECIMENTO E INSTALAÇÃO. AF_10/2020","UN",51.11]
[92382,"JOELHO 90 GRAUS, EM FERRO GALVANIZADO, DN 25 (1\"), CONEXÃO ROSQUEADA, INSTALADO EM REDE DE ALIMENTAÇÃO PARA HIDRANTE - FORNECIMENTO E INSTALAÇÃO. AF_10/2020","UN",48.66]
[92383,"JOELHO 45 GRAUS, EM FERRO GALVANIZADO, DN 32 (1 1/4\"), CONEXÃO ROSQUEADA, INSTALADO EM REDE DE ALIMENTAÇÃO PARA HIDRANTE - FORNECIMENTO E INSTALAÇÃO. AF_10/2020","UN",65.34]
[92384,"JOELHO 90 GRAUS, EM FERRO GALVANIZADO, DN 32 (1 1/4\"), CONEXÃO ROSQUEADA, INSTALADO EM REDE DE ALIMENTAÇÃO PARA HIDRANTE - FORNECIMENTO E INSTALAÇÃO. AF_10/2020","UN",60.46]
[92385,"JOELHO 45 GRAUS, EM FERRO GALVANIZADO, DN 40 (1 1/2\"), CONEXÃO ROSQUEADA, INSTALADO EM REDE DE ALIMENTAÇÃO PARA HIDRANTE - FORNECIMENTO E INSTALAÇÃO. AF_10/2020","UN",75.209999999999994]
[92386,"JOELHO 90 GRAUS, EM FERRO GALVANIZADO, DN 40 (1 1/2\"), CONEXÃO ROSQUEADA, INSTALADO EM REDE DE ALIMENTAÇÃO PARA HIDRANTE - FORNECIMENTO E INSTALAÇÃO. AF_10/2020","UN",71.849999999999994]
[92387,"JOELHO 45 GRAUS, EM FERRO GALVANIZADO, DN 50 (2\"), CONEXÃO ROSQUEADA, INSTALADO EM REDE DE ALIMENTAÇÃO PARA HIDRANTE - FORNECIMENTO E INSTALAÇÃO. AF_10/2020","UN",95.82]
[92388,"JOELHO 90 GRAUS, EM FERRO GALVANIZADO, DN 50 (2\"), CONEXÃO ROSQUEADA, INSTALADO EM REDE DE ALIMENTAÇÃO PARA HIDRANTE - FORNECIMENTO E INSTALAÇÃO. AF_10/2020","UN",93.54]
[92389,"JOELHO 45 GRAUS, EM FERRO GALVANIZADO, DN 65 (2 1/2\"), CONEXÃO ROSQUEADA, INSTALADO EM REDE DE ALIMENTAÇÃO PARA HIDRANTE - FORNECIMENTO E INSTALAÇÃO. AF_10/2020","UN",150.80000000000001]
[92390,"JOELHO 90 GRAUS, EM FERRO GALVANIZADO, DN 65 (2 1/2\"), CONEXÃO ROSQUEADA, INSTALADO EM REDE DE ALIMENTAÇÃO PARA HIDRANTE - FORNECIMENTO E INSTALAÇÃO. AF_10/2020","UN",140.75]
[92635,"JOELHO 45 GRAUS, EM FERRO GALVANIZADO, CONEXÃO ROSQUEADA, DN 80 (3\"), INSTALADO EM REDE DE ALIMENTAÇÃO PARA HIDRANTE - FORNECIMENTO E INSTALAÇÃO. AF_10/2020","UN",203.66]
[92636,"JOELHO 90 GRAUS, EM FERRO GALVANIZADO, CONEXÃO ROSQUEADA, DN 80 (3\"), INSTALADO EM REDE DE ALIMENTAÇÃO PARA HIDRANTE - FORNECIMENTO E INSTALAÇÃO. AF_10/2020","UN",184.29]
[92637,"TÊ, EM FERRO GALVANIZADO, CONEXÃO ROSQUEADA, DN 25 (1\"), INSTALADO EM REDE DE ALIMENTAÇÃO PARA HIDRANTE - FORNECIMENTO E INSTALAÇÃO. AF_10/2020","UN",65.81]
[92638,"TÊ, EM FERRO GALVANIZADO, CONEXÃO ROSQUEADA, DN 32 (1 1/4\"), INSTALADO EM REDE DE ALIMENTAÇÃO PARA HIDRANTE - FORNECIMENTO E INSTALAÇÃO. AF_10/2020","UN",81.22]
[92639,"TÊ, EM FERRO GALVANIZADO, CONEXÃO ROSQUEADA, DN 40 (1 1/2\"), INSTALADO EM REDE DE ALIMENTAÇÃO PARA HIDRANTE - FORNECIMENTO E INSTALAÇÃO. AF_10/2020","UN",94.52]
[92640,"TÊ, EM FERRO GALVANIZADO, CONEXÃO ROSQUEADA, DN 50 (2\"), INSTALADO EM REDE DE ALIMENTAÇÃO PARA HIDRANTE - FORNECIMENTO E INSTALAÇÃO. AF_10/2020","UN",124.66]
[92642,"TÊ, EM FERRO GALVANIZADO, CONEXÃO ROSQUEADA, DN 65 (2 1/2\"), INSTALADO EM REDE DE ALIMENTAÇÃO PARA HIDRANTE - FORNECIMENTO E INSTALAÇÃO. AF_10/2020","UN",192.69]
[92644,"TÊ, EM FERRO GALVANIZADO, CONEXÃO ROSQUEADA, DN 80 (3\"), INSTALADO EM REDE DE ALIMENTAÇÃO PARA HIDRANTE - FORNECIMENTO E INSTALAÇÃO. AF_10/2020","UN",243.88]
[92657,"NIPLE, EM FERRO GALVANIZADO, CONEXÃO ROSQUEADA, DN 25 (1\"), INSTALADO EM REDE DE ALIMENTAÇÃO PARA SPRINKLER - FORNECIMENTO E INSTALAÇÃO. AF_10/2020","UN",25.29]
[92658,"LUVA, EM FERRO GALVANIZADO, CONEXÃO ROSQUEADA, DN 25 (1\"), INSTALADO EM REDE DE ALIMENTAÇÃO PARA SPRINKLER - FORNECIMENTO E INSTALAÇÃO. AF_10/2020","UN",27.14]
[92659,"NIPLE, EM FERRO GALVANIZADO, CONEXÃO ROSQUEADA, DN 32 (1 1/4\"), INSTALADO EM REDE DE ALIMENTAÇÃO PARA SPRINKLER - FORNECIMENTO E INSTALAÇÃO. AF_10/2020","UN",31.61]
[92660,"LUVA, EM FERRO GALVANIZADO, CONEXÃO ROSQUEADA, DN 32 (1 1/4\"), INSTALADO EM REDE DE ALIMENTAÇÃO PARA SPRINKLER - FORNECIMENTO E INSTALAÇÃO. AF_10/2020","UN",33.33]
[92661,"NIPLE, EM FERRO GALVANIZADO, CONEXÃO ROSQUEADA, DN 40 (1 1/2\"), INSTALADO EM REDE DE ALIMENTAÇÃO PARA SPRINKLER - FORNECIMENTO E INSTALAÇÃO. AF_10/2020","UN",38.119999999999997]
[92662,"LUVA, EM FERRO GALVANIZADO, CONEXÃO ROSQUEADA, DN 40 (1 1/2\"), INSTALADO EM REDE DE ALIMENTAÇÃO PARA SPRINKLER - FORNECIMENTO E INSTALAÇÃO. AF_10/2020","UN",38.450000000000003]
[92663,"NIPLE, EM FERRO GALVANIZADO, CONEXÃO ROSQUEADA, DN 50 (2\"), INSTALADO EM REDE DE ALIMENTAÇÃO PARA SPRINKLER - FORNECIMENTO E INSTALAÇÃO. AF_10/2020","UN",51.91]
[92664,"LUVA, EM FERRO GALVANIZADO, CONEXÃO ROSQUEADA, DN 50 (2\"), INSTALADO EM REDE DE ALIMENTAÇÃO PARA SPRINKLER - FORNECIMENTO E INSTALAÇÃO. AF_10/2020","UN",51.88]
[92665,"NIPLE, EM FERRO GALVANIZADO, CONEXÃO ROSQUEADA, DN 65 (2 1/2\"), INSTALADO EM REDE DE ALIMENTAÇÃO PARA SPRINKLER - FORNECIMENTO E INSTALAÇÃO. AF_10/2020","UN",72.3]
[92666,"LUVA, EM FERRO GALVANIZADO, CONEXÃO ROSQUEADA, DN 65 (2 1/2\"), INSTALADO EM REDE DE ALIMENTAÇÃO PARA SPRINKLER - FORNECIMENTO E INSTALAÇÃO. AF_10/2020","UN",82.57]
[92667,"NIPLE, EM FERRO GALVANIZADO, CONEXÃO ROSQUEADA, DN 80 (3\"), INSTALADO EM REDE DE ALIMENTAÇÃO PARA SPRINKLER - FORNECIMENTO E INSTALAÇÃO. AF_10/2020","UN",107.77]
[92668,"LUVA, EM FERRO GALVANIZADO, CONEXÃO ROSQUEADA, DN 80 (3\"), INSTALADO EM REDE DE ALIMENTAÇÃO PARA SPRINKLER - FORNECIMENTO E INSTALAÇÃO. AF_10/2020","UN",116.91]
[92669,"JOELHO 45 GRAUS, EM FERRO GALVANIZADO, CONEXÃO ROSQUEADA, DN 25 (1\"), INSTALADO EM REDE DE ALIMENTAÇÃO PARA SPRINKLER - FORNECIMENTO E INSTALAÇÃO. AF_10/2020","UN",38.450000000000003]
[92670,"JOELHO 90 GRAUS, EM FERRO GALVANIZADO, CONEXÃO ROSQUEADA, DN 25 (1\"), INSTALADO EM REDE DE ALIMENTAÇÃO PARA SPRINKLER - FORNECIMENTO E INSTALAÇÃO. AF_10/2020","UN",36]
[92671,"JOELHO 45 GRAUS, EM FERRO GALVANIZADO, CONEXÃO ROSQUEADA, DN 32 (1 1/4\"), INSTALADO EM REDE DE ALIMENTAÇÃO PARA SPRINKLER - FORNECIMENTO E INSTALAÇÃO. AF_10/2020","UN",50.98]
[92672,"JOELHO 90 GRAUS, EM FERRO GALVANIZADO, CONEXÃO ROSQUEADA, DN 32 (1 1/4\"), INSTALADO EM REDE DE ALIMENTAÇÃO PARA SPRINKLER - FORNECIMENTO E INSTALAÇÃO. AF_10/2020","UN",46.1]
[92673,"JOELHO 45 GRAUS, EM FERRO GALVANIZADO, CONEXÃO ROSQUEADA, DN 40 (1 1/2\"), INSTALADO EM REDE DE ALIMENTAÇÃO PARA SPRINKLER - FORNECIMENTO E INSTALAÇÃO. AF_10/2020","UN",58.86]
[92674,"JOELHO 90 GRAUS, EM FERRO GALVANIZADO, CONEXÃO ROSQUEADA, DN 40 (1 1/2\"), INSTALADO EM REDE DE ALIMENTAÇÃO PARA SPRINKLER - FORNECIMENTO E INSTALAÇÃO. AF_10/2020","UN",55.5]
[92675,"JOELHO 45 GRAUS, EM FERRO GALVANIZADO, CONEXÃO ROSQUEADA, DN 50 (2\"), INSTALADO EM REDE DE ALIMENTAÇÃO PARA SPRINKLER - FORNECIMENTO E INSTALAÇÃO. AF_10/2020","UN",77]
[92676,"JOELHO 90 GRAUS, EM FERRO GALVANIZADO, CONEXÃO ROSQUEADA, DN 50 (2\"), INSTALADO EM REDE DE ALIMENTAÇÃO PARA SPRINKLER - FORNECIMENTO E INSTALAÇÃO. AF_10/2020","UN",74.72]
[92677,"JOELHO 45 GRAUS, EM FERRO GALVANIZADO, CONEXÃO ROSQUEADA, DN 65 (2 1/2\"), INSTALADO EM REDE DE ALIMENTAÇÃO PARA SPRINKLER - FORNECIMENTO E INSTALAÇÃO. AF_10/2020","UN",128.24]
[92678,"JOELHO 90 GRAUS, EM FERRO GALVANIZADO, CONEXÃO ROSQUEADA, DN 65 (2 1/2\"), INSTALADO EM REDE DE ALIMENTAÇÃO PARA SPRINKLER - FORNECIMENTO E INSTALAÇÃO. AF_10/2020","UN",118.19]
[92679,"JOELHO 45 GRAUS, EM FERRO GALVANIZADO, CONEXÃO ROSQUEADA, DN 80 (3\"), INSTALADO EM REDE DE ALIMENTAÇÃO PARA SPRINKLER - FORNECIMENTO E INSTALAÇÃO. AF_10/2020","UN",177.4]
[92680,"JOELHO 90 GRAUS, EM FERRO GALVANIZADO, CONEXÃO ROSQUEADA, DN 80 (3\"), INSTALADO EM REDE DE ALIMENTAÇÃO PARA SPRINKLER - FORNECIMENTO E INSTALAÇÃO. AF_10/2020","UN",158.03]
[92681,"TÊ, EM FERRO GALVANIZADO, CONEXÃO ROSQUEADA, DN 25 (1\"), INSTALADO EM REDE DE ALIMENTAÇÃO PARA SPRINKLER - FORNECIMENTO E INSTALAÇÃO. AF_10/2020","UN",48.92]
[92682,"TÊ, EM FERRO GALVANIZADO, CONEXÃO ROSQUEADA, DN 32 (1 1/4\"), INSTALADO EM REDE DE ALIMENTAÇÃO PARA SPRINKLER - FORNECIMENTO E INSTALAÇÃO. AF_10/2020","UN",62.01]
[92683,"TÊ, EM FERRO GALVANIZADO, CONEXÃO ROSQUEADA, DN 40 (1 1/2\"), INSTALADO EM REDE DE ALIMENTAÇÃO PARA SPRINKLER - FORNECIMENTO E INSTALAÇÃO. AF_10/2020","UN",72.72]
[92684,"TÊ, EM FERRO GALVANIZADO, CONEXÃO ROSQUEADA, DN 50 (2\"), INSTALADO EM REDE DE ALIMENTAÇÃO PARA SPRINKLER - FORNECIMENTO E INSTALAÇÃO. AF_10/2020","UN",99.55]
[92685,"TÊ, EM FERRO GALVANIZADO, CONEXÃO ROSQUEADA, DN 65 (2 1/2\"), INSTALADO EM REDE DE ALIMENTAÇÃO PARA SPRINKLER - FORNECIMENTO E INSTALAÇÃO. AF_10/2020","UN",162.63999999999999]
[92686,"TÊ, EM FERRO GALVANIZADO, CONEXÃO ROSQUEADA, DN 80 (3\"), INSTALADO EM REDE DE ALIMENTAÇÃO PARA SPRINKLER - FORNECIMENTO E INSTALAÇÃO. AF_10/2020","UN",208.83]
[92692,"NIPLE, EM FERRO GALVANIZADO, CONEXÃO ROSQUEADA, DN 15 (1/2\"), INSTALADO EM RAMAIS E SUB-RAMAIS DE GÁS - FORNECIMENTO E INSTALAÇÃO. AF_10/2020","UN",13.56]
[92693,"LUVA, EM FERRO GALVANIZADO, CONEXÃO ROSQUEADA, DN 15 (1/2\"), INSTALADO EM RAMAIS E SUB-RAMAIS DE GÁS - FORNECIMENTO E INSTALAÇÃO. AF_10/2020","UN",13.97]
[92694,"NIPLE, EM FERRO GALVANIZADO, CONEXÃO ROSQUEADA, DN 20 (3/4\"), INSTALADO EM RAMAIS E SUB-RAMAIS DE GÁS - FORNECIMENTO E INSTALAÇÃO. AF_10/2020","UN",21.36]
[92695,"LUVA, EM FERRO GALVANIZADO, CONEXÃO ROSQUEADA, DN 20 (3/4\"), INSTALADO EM RAMAIS E SUB-RAMAIS DE GÁS - FORNECIMENTO E INSTALAÇÃO. AF_10/2020","UN",21.77]
[92696,"NIPLE, EM FERRO GALVANIZADO, CONEXÃO ROSQUEADA, DN 25 (1\"), INSTALADO EM RAMAIS E SUB-RAMAIS DE GÁS - FORNECIMENTO E INSTALAÇÃO. AF_10/2020","UN",33.36]
[92697,"LUVA, EM FERRO GALVANIZADO, CONEXÃO ROSQUEADA, DN 25 (1\"), INSTALADO EM RAMAIS E SUB-RAMAIS DE GÁS - FORNECIMENTO E INSTALAÇÃO. AF_10/2020","UN",35.21]
[92698,"JOELHO 45 GRAUS, EM FERRO GALVANIZADO, CONEXÃO ROSQUEADA, DN 15 (1/2\"), INSTALADO EM RAMAIS E SUB-RAMAIS DE GÁS - FORNECIMENTO E INSTALAÇÃO. AF_10/2020","UN",20.010000000000002]
[92699,"JOELHO 90 GRAUS, EM FERRO GALVANIZADO, CONEXÃO ROSQUEADA, DN 15 (1/2\"), INSTALADO EM RAMAIS E SUB-RAMAIS DE GÁS - FORNECIMENTO E INSTALAÇÃO. AF_10/2020","UN",18.68]
[92700,"JOELHO 45 GRAUS, EM FERRO GALVANIZADO, CONEXÃO ROSQUEADA, DN 20 (3/4\"), INSTALADO EM RAMAIS E SUB-RAMAIS DE GÁS - FORNECIMENTO E INSTALAÇÃO. AF_10/2020","UN",32.49]
[92701,"JOELHO 90 GRAUS, EM FERRO GALVANIZADO, CONEXÃO ROSQUEADA, DN 20 (3/4\"), INSTALADO EM RAMAIS E SUB-RAMAIS DE GÁS - FORNECIMENTO E INSTALAÇÃO. AF_10/2020","UN",30.5]
[92702,"JOELHO 45 GRAUS, EM FERRO GALVANIZADO, CONEXÃO ROSQUEADA, DN 25 (1\"), INSTALADO EM RAMAIS E SUB-RAMAIS DE GÁS - FORNECIMENTO E INSTALAÇÃO. AF_10/2020","UN",50.62]
[92703,"JOELHO 90 GRAUS, EM FERRO GALVANIZADO, CONEXÃO ROSQUEADA, DN 25 (1\"), INSTALADO EM RAMAIS E SUB-RAMAIS DE GÁS - FORNECIMENTO E INSTALAÇÃO. AF_10/2020","UN",48.17]
[92704,"TÊ, EM FERRO GALVANIZADO, CONEXÃO ROSQUEADA, DN 15 (1/2\"), INSTALADO EM RAMAIS E SUB-RAMAIS DE GÁS - FORNECIMENTO E INSTALAÇÃO. AF_10/2020","UN",25.17]
[92705,"TÊ, EM FERRO GALVANIZADO, CONEXÃO ROSQUEADA, DN 20 (3/4\"), INSTALADO EM RAMAIS E SUB-RAMAIS DE GÁS - FORNECIMENTO E INSTALAÇÃO. AF_10/2020","UN",40.270000000000003]
[92706,"TÊ, EM FERRO GALVANIZADO, CONEXÃO ROSQUEADA, DN 25 (1\"), INSTALADO EM RAMAIS E SUB-RAMAIS DE GÁS - FORNECIMENTO E INSTALAÇÃO. AF_10/2020","UN",65.150000000000006]
[92889,"UNIÃO, EM FERRO GALVANIZADO, DN 50 (2\"), CONEXÃO ROSQUEADA, INSTALADO EM PRUMADAS - FORNECIMENTO E INSTALAÇÃO. AF_10/2020","UN",131.19]
[92890,"UNIÃO, EM FERRO GALVANIZADO, DN 65 (2 1/2\"), CONEXÃO ROSQUEADA, INSTALADO EM PRUMADAS - FORNECIMENTO E INSTALAÇÃO. AF_10/2020","UN",200.5]
[92891,"UNIÃO, EM FERRO GALVANIZADO, DN 80 (3\"), CONEXÃO ROSQUEADA, INSTALADO EM PRUMADAS - FORNECIMENTO E INSTALAÇÃO. AF_10/2020","UN",295.62]
[92892,"UNIÃO, EM FERRO GALVANIZADO, DN 25 (1\"), CONEXÃO ROSQUEADA, INSTALADO EM REDE DE ALIMENTAÇÃO PARA HIDRANTE - FORNECIMENTO E INSTALAÇÃO. AF_10/2020","UN",55.4]
[92893,"UNIÃO, EM FERRO GALVANIZADO, DN 32 (1 1/4\"), CONEXÃO ROSQUEADA, INSTALADO EM REDE DE ALIMENTAÇÃO PARA HIDRANTE - FORNECIMENTO E INSTALAÇÃO. AF_10/2020","UN",79.819999999999993]
[92894,"UNIÃO, EM FERRO GALVANIZADO, DN 40 (1 1/2\"), CONEXÃO ROSQUEADA, INSTALADO EM REDE DE ALIMENTAÇÃO PARA HIDRANTE - FORNECIMENTO E INSTALAÇÃO. AF_10/2020","UN",95.68]
[92895,"UNIÃO, EM FERRO GALVANIZADO, DN 50 (2\"), CONEXÃO ROSQUEADA, INSTALADO EM REDE DE ALIMENTAÇÃO PARA HIDRANTE - FORNECIMENTO E INSTALAÇÃO. AF_10/2020","UN",131.15]
[92896,"UNIÃO, EM FERRO GALVANIZADO, DN 65 (2 1/2\"), CONEXÃO ROSQUEADA, INSTALADO EM REDE DE ALIMENTAÇÃO PARA HIDRANTE - FORNECIMENTO E INSTALAÇÃO. AF_10/2020","UN",202.01]
[92897,"UNIÃO, EM FERRO GALVANIZADO, DN 80 (3\"), CONEXÃO ROSQUEADA, INSTALADO EM REDE DE ALIMENTAÇÃO PARA HIDRANTE - FORNECIMENTO E INSTALAÇÃO. AF_10/2020","UN",298.74]
[92898,"UNIÃO, EM FERRO GALVANIZADO, CONEXÃO ROSQUEADA, DN 25 (1\"), INSTALADO EM REDE DE ALIMENTAÇÃO PARA SPRINKLER - FORNECIMENTO E INSTALAÇÃO. AF_10/2020","UN",46.98]
[92899,"UNIÃO, EM FERRO GALVANIZADO, CONEXÃO ROSQUEADA, DN 32 (1 1/4\"), INSTALADO EM REDE DE ALIMENTAÇÃO PARA SPRINKLER - FORNECIMENTO E INSTALAÇÃO. AF_10/2020","UN",70.23]
[92900,"UNIÃO, EM FERRO GALVANIZADO, CONEXÃO ROSQUEADA, DN 40 (1 1/2\"), INSTALADO EM REDE DE ALIMENTAÇÃO PARA SPRINKLER - FORNECIMENTO E INSTALAÇÃO. AF_10/2020","UN",84.75]
[92901,"UNIÃO, EM FERRO GALVANIZADO, CONEXÃO ROSQUEADA, DN 50 (2\"), INSTALADO EM REDE DE ALIMENTAÇÃO PARA SPRINKLER - FORNECIMENTO E INSTALAÇÃO. AF_10/2020","UN",118.57]
[92902,"UNIÃO, EM FERRO GALVANIZADO, CONEXÃO ROSQUEADA, DN 65 (2 1/2\"), INSTALADO EM REDE DE ALIMENTAÇÃO PARA SPRINKLER - FORNECIMENTO E INSTALAÇÃO. AF_10/2020","UN",186.95]
[92903,"UNIÃO, EM FERRO GALVANIZADO, CONEXÃO ROSQUEADA, DN 80 (3\"), INSTALADO EM REDE DE ALIMENTAÇÃO PARA SPRINKLER - FORNECIMENTO E INSTALAÇÃO. AF_10/2020","UN",281.22000000000003]
[92904,"UNIÃO, EM FERRO GALVANIZADO, CONEXÃO ROSQUEADA, DN 15 (1/2\"), INSTALADO EM RAMAIS E SUB-RAMAIS DE GÁS - FORNECIMENTO E INSTALAÇÃO. AF_10/2020","UN",32.19]
[92905,"UNIÃO, EM FERRO GALVANIZADO, CONEXÃO ROSQUEADA, DN 20 (3/4\"), INSTALADO EM RAMAIS E SUB-RAMAIS DE GÁS - FORNECIMENTO E INSTALAÇÃO. AF_10/2020","UN",45.67]
[92906,"UNIÃO, EM FERRO GALVANIZADO, CONEXÃO ROSQUEADA, DN 25 (1\"), INSTALADO EM RAMAIS E SUB-RAMAIS DE GÁS - FORNECIMENTO E INSTALAÇÃO. AF_10/2020","UN",55.05]
[92907,"LUVA DE REDUÇÃO, EM FERRO GALVANIZADO, 2\" X 1 1/2\", CONEXÃO ROSQUEADA, INSTALADO EM PRUMADAS - FORNECIMENTO E INSTALAÇÃO. AF_10/2020","UN",68.38]
[92908,"LUVA DE REDUÇÃO, EM FERRO GALVANIZADO, 2\" X 1 1/4\", CONEXÃO ROSQUEADA, INSTALADO EM PRUMADAS - FORNECIMENTO E INSTALAÇÃO. AF_10/2020","UN",68.38]
[92909,"LUVA DE REDUÇÃO, EM FERRO GALVANIZADO, 2\" X 1\", CONEXÃO ROSQUEADA, INSTALADO EM PRUMADAS - FORNECIMENTO E INSTALAÇÃO. AF_10/2020","UN",68.38]
[92910,"LUVA DE REDUÇÃO, EM FERRO GALVANIZADO, 2 1/2\" X 1 1/2\", CONEXÃO ROSQUEADA, INSTALADO EM PRUMADAS - FORNECIMENTO E INSTALAÇÃO. AF_10/2020","UN",100.46]
[92911,"LUVA DE REDUÇÃO, EM FERRO GALVANIZADO, 2 1/2\" X 2\", CONEXÃO ROSQUEADA, INSTALADO EM PRUMADAS - FORNECIMENTO E INSTALAÇÃO. AF_10/2020","UN",100.46]
[92912,"LUVA DE REDUÇÃO, EM FERRO GALVANIZADO, 3\" X 1 1/2\", CONEXÃO ROSQUEADA, INSTALADO EM PRUMADAS - FORNECIMENTO E INSTALAÇÃO. AF_10/2020","UN",136.26]
[92913,"LUVA DE REDUÇÃO, EM FERRO GALVANIZADO, 3\" X 2 1/2\", CONEXÃO ROSQUEADA, INSTALADO EM PRUMADAS - FORNECIMENTO E INSTALAÇÃO. AF_10/2020","UN",138.88]
[92914,"LUVA DE REDUÇÃO, EM FERRO GALVANIZADO, 3\" X 2\", CONEXÃO ROSQUEADA, INSTALADO EM PRUMADAS - FORNECIMENTO E INSTALAÇÃO. AF_10/2020","UN",138.88]
[92918,"LUVA DE REDUÇÃO, EM FERRO GALVANIZADO, 1\" X 1/2\", CONEXÃO ROSQUEADA, INSTALADO EM REDE DE ALIMENTAÇÃO PARA HIDRANTE - FORNECIMENTO E INSTALAÇÃO. AF_10/2020","UN",35.4]
[92920,"LUVA DE REDUÇÃO, EM FERRO GALVANIZADO, 1\" X 3/4\", CONEXÃO ROSQUEADA, INSTALADO EM REDE DE ALIMENTAÇÃO PARA HIDRANTE - FORNECIMENTO E INSTALAÇÃO. AF_10/2020","UN",35.659999999999997]
[92925,"LUVA DE REDUÇÃO, EM FERRO GALVANIZADO, 1 1/4\" X 1\", CONEXÃO ROSQUEADA, INSTALADO EM REDE DE ALIMENTAÇÃO PARA HIDRANTE - FORNECIMENTO E INSTALAÇÃO. AF_10/2020","UN",44.3]
[92926,"LUVA DE REDUÇÃO, EM FERRO GALVANIZADO, 1 1/4\" X 1/2\", CONEXÃO ROSQUEADA, INSTALADO EM REDE DE ALIMENTAÇÃO PARA HIDRANTE - FORNECIMENTO E INSTALAÇÃO. AF_10/2020","UN",44.28]
[92927,"LUVA DE REDUÇÃO, EM FERRO GALVANIZADO, 1 1/4\" X 3/4\", CONEXÃO ROSQUEADA, INSTALADO EM REDE DE ALIMENTAÇÃO PARA HIDRANTE - FORNECIMENTO E INSTALAÇÃO. AF_10/2020","UN",44.28]
[92928,"LUVA DE REDUÇÃO, EM FERRO GALVANIZADO, 1 1/2\" X 1 1/4\", CONEXÃO ROSQUEADA, INSTALADO EM REDE DE ALIMENTAÇÃO PARA HIDRANTE - FORNECIMENTO E INSTALAÇÃO. AF_10/2020","UN",50.81]
[92929,"LUVA DE REDUÇÃO, EM FERRO GALVANIZADO, 1 1/2\" X 1\", CONEXÃO ROSQUEADA, INSTALADO EM REDE DE ALIMENTAÇÃO PARA HIDRANTE - FORNECIMENTO E INSTALAÇÃO. AF_10/2020","UN",50.81]
[92930,"LUVA DE REDUÇÃO, EM FERRO GALVANIZADO, 1 1/2\" X 3/4\", CONEXÃO ROSQUEADA, INSTALADO EM REDE DE ALIMENTAÇÃO PARA HIDRANTE - FORNECIMENTO E INSTALAÇÃO. AF_10/2020","UN",50.81]
[92931,"LUVA DE REDUÇÃO, EM FERRO GALVANIZADO, 2\" X 1 1/2\", CONEXÃO ROSQUEADA, INSTALADO EM REDE DE ALIMENTAÇÃO PARA HIDRANTE - FORNECIMENTO E INSTALAÇÃO. AF_10/2020","UN",68.34]
[92932,"LUVA DE REDUÇÃO, EM FERRO GALVANIZADO, 2\" X 1 1/4\", CONEXÃO ROSQUEADA, INSTALADO EM REDE DE ALIMENTAÇÃO PARA HIDRANTE - FORNECIMENTO E INSTALAÇÃO. AF_10/2020","UN",68.34]
[92933,"LUVA DE REDUÇÃO, EM FERRO GALVANIZADO, 2\" X 1\", CONEXÃO ROSQUEADA, INSTALADO EM REDE DE ALIMENTAÇÃO PARA HIDRANTE - FORNECIMENTO E INSTALAÇÃO. AF_10/2020","UN",68.34]
[92934,"LUVA DE REDUÇÃO, EM FERRO GALVANIZADO, 2 1/2\" X 1 1/2\", CONEXÃO ROSQUEADA, INSTALADO EM REDE DE ALIMENTAÇÃO PARA HIDRANTE - FORNECIMENTO E INSTALAÇÃO. AF_10/2020","UN",101.97]
[92935,"LUVA DE REDUÇÃO, EM FERRO GALVANIZADO, 2 1/2\" X 2\", CONEXÃO ROSQUEADA, INSTALADO EM REDE DE ALIMENTAÇÃO PARA HIDRANTE - FORNECIMENTO E INSTALAÇÃO. AF_10/2020","UN",101.97]
[92936,"LUVA DE REDUÇÃO, EM FERRO GALVANIZADO, 3\" X 2 1/2\", CONEXÃO ROSQUEADA, INSTALADO EM REDE DE ALIMENTAÇÃO PARA HIDRANTE - FORNECIMENTO E INSTALAÇÃO. AF_10/2020","UN",142]
[92937,"LUVA DE REDUÇÃO, EM FERRO GALVANIZADO, 3\" X 2\", CONEXÃO ROSQUEADA, INSTALADO EM REDE DE ALIMENTAÇÃO PARA HIDRANTE - FORNECIMENTO E INSTALAÇÃO. AF_10/2020","UN",142]
[92938,"LUVA DE REDUÇÃO, EM FERRO GALVANIZADO, 1\" X 1/2\", CONEXÃO ROSQUEADA, INSTALADO EM REDE DE ALIMENTAÇÃO PARA SPRINKLER - FORNECIMENTO E INSTALAÇÃO. AF_10/2020","UN",26.98]
[92939,"LUVA DE REDUÇÃO, EM FERRO GALVANIZADO, 1\" X 3/4\", CONEXÃO ROSQUEADA, INSTALADO EM REDE DE ALIMENTAÇÃO PARA SPRINKLER - FORNECIMENTO E INSTALAÇÃO. AF_10/2020","UN",27.24]
[92940,"LUVA DE REDUÇÃO, EM FERRO GALVANIZADO, 1 1/4\" X 1\", CONEXÃO ROSQUEADA, INSTALADO EM REDE DE ALIMENTAÇÃO PARA SPRINKLER - FORNECIMENTO E INSTALAÇÃO. AF_10/2020","UN",34.71]
[92941,"LUVA DE REDUÇÃO, EM FERRO GALVANIZADO, 1 1/4\" X 1/2\", CONEXÃO ROSQUEADA, INSTALADO EM REDE DE ALIMENTAÇÃO PARA SPRINKLER - FORNECIMENTO E INSTALAÇÃO. AF_10/2020","UN",34.69]
[92942,"LUVA DE REDUÇÃO, EM FERRO GALVANIZADO, 1 1/4\" X 3/4\", CONEXÃO ROSQUEADA, INSTALADO EM REDE DE ALIMENTAÇÃO PARA SPRINKLER - FORNECIMENTO E INSTALAÇÃO. AF_10/2020","UN",34.69]
[92943,"LUVA DE REDUÇÃO, EM FERRO GALVANIZADO, 1 1/2\" X 1 1/4\", CONEXÃO ROSQUEADA, INSTALADO EM REDE DE ALIMENTAÇÃO PARA SPRINKLER - FORNECIMENTO E INSTALAÇÃO. AF_10/2020","UN",39.880000000000003]
[92944,"LUVA DE REDUÇÃO, EM FERRO GALVANIZADO, 1 1/2\" X 1\", CONEXÃO ROSQUEADA, INSTALADO EM REDE DE ALIMENTAÇÃO PARA SPRINKLER - FORNECIMENTO E INSTALAÇÃO. AF_10/2020","UN",39.880000000000003]
[92945,"LUVA DE REDUÇÃO, EM FERRO GALVANIZADO, 1 1/2\" X 3/4\", CONEXÃO ROSQUEADA, INSTALADO EM REDE DE ALIMENTAÇÃO PARA SPRINKLER - FORNECIMENTO E INSTALAÇÃO. AF_10/2020","UN",39.880000000000003]
[92946,"LUVA DE REDUÇÃO, EM FERRO GALVANIZADO, 2\" X 1 1/2\", CONEXÃO ROSQUEADA, INSTALADO EM REDE DE ALIMENTAÇÃO PARA SPRINKLER - FORNECIMENTO E INSTALAÇÃO. AF_10/2020","UN",55.76]
[92947,"LUVA DE REDUÇÃO, EM FERRO GALVANIZADO, 2\" X 1 1/4\", CONEXÃO ROSQUEADA, INSTALADO EM REDE DE ALIMENTAÇÃO PARA SPRINKLER - FORNECIMENTO E INSTALAÇÃO. AF_10/2020","UN",55.76]
[92948,"LUVA DE REDUÇÃO, EM FERRO GALVANIZADO, 2\" X 1\", CONEXÃO ROSQUEADA, INSTALADO EM REDE DE ALIMENTAÇÃO PARA SPRINKLER - FORNECIMENTO E INSTALAÇÃO. AF_10/2020","UN",55.76]
[92949,"LUVA DE REDUÇÃO, EM FERRO GALVANIZADO, 2 1/2\" X 1 1/2\", CONEXÃO ROSQUEADA, INSTALADO EM REDE DE ALIMENTAÇÃO PARA SPRINKLER - FORNECIMENTO E INSTALAÇÃO. AF_10/2020","UN",86.91]
[92950,"LUVA DE REDUÇÃO, EM FERRO GALVANIZADO, 2 1/2\" X 2\", CONEXÃO ROSQUEADA, INSTALADO EM REDE DE ALIMENTAÇÃO PARA SPRINKLER - FORNECIMENTO E INSTALAÇÃO. AF_10/2020","UN",86.91]
[92951,"LUVA DE REDUÇÃO, EM FERRO GALVANIZADO, 3\" X 2 1/2\", CONEXÃO ROSQUEADA, INSTALADO EM REDE DE ALIMENTAÇÃO PARA SPRINKLER - FORNECIMENTO E INSTALAÇÃO. AF_10/2020","UN",124.48]
[92952,"LUVA DE REDUÇÃO, EM FERRO GALVANIZADO, 3\" X 2\", CONEXÃO ROSQUEADA, INSTALADO EM REDE DE ALIMENTAÇÃO PARA SPRINKLER - FORNECIMENTO E INSTALAÇÃO. AF_10/2020","UN",124.48]
[92953,"LUVA DE REDUÇÃO, EM FERRO GALVANIZADO, 3/4\" X 1/2\", CONEXÃO ROSQUEADA, INSTALADO EM RAMAIS E SUB-RAMAIS DE GÁS - FORNECIMENTO E INSTALAÇÃO. AF_10/2020","UN",23.1]
[93050,"LUVA PASSANTE EM COBRE, DN 22 MM, SEM ANEL DE SOLDA, INSTALADO EM PRUMADA DE HIDRÁULICA PREDIAL - FORNECIMENTO E INSTALAÇÃO. AF_04/2022","UN",11.09]
[93052,"JUNTA DE EXPANSÃO EM COBRE, DN 22 MM, PONTA X PONTA, INSTALADO EM PRUMADA DE HIDRÁULICA PREDIAL - FORNECIMENTO E INSTALAÇÃO. AF_04/2022","UN",523.65]
[93054,"CONECTOR EM BRONZE/LATÃO, DN 22 MM X 3/4\", SEM ANEL DE SOLDA, BOLSA X ROSCA F, INSTALADO EM PRUMADA DE HIDRÁULICA PREDIAL - FORNECIMENTO E INSTALAÇÃO. AF_04/2022","UN",22.2]
[93055,"CURVA DE TRANSPOSIÇÃO EM BRONZE/LATÃO, DN 22 MM, SEM ANEL DE SOLDA, BOLSA X BOLSA, INSTALADO EM PRUMADA DE HIDRÁULICA PREDIAL - FORNECIMENTO E INSTALAÇÃO. AF_04/2022","UN",45.04]
[93056,"LUVA PASSANTE EM COBRE, DN 28 MM, SEM ANEL DE SOLDA, INSTALADO EM PRUMADA DE HIDRÁULICA PREDIAL - FORNECIMENTO E INSTALAÇÃO. AF_04/2022","UN",16.63]
[93057,"BUCHA DE REDUÇÃO EM COBRE, DN 28 MM X 22 MM, SEM ANEL DE SOLDA, PONTA X BOLSA, INSTALADO EM PRUMADA DE HIDRÁULICA PREDIAL - FORNECIMENTO E INSTALAÇÃO. AF_04/2022","UN",13.8]
[93058,"JUNTA DE EXPANSÃO EM COBRE, DN 28 MM, PONTA X PONTA, INSTALADO EM PRUMADA DE HIDRÁULICA PREDIAL - FORNECIMENTO E INSTALAÇÃO. AF_04/2022","UN",576.02]
[93059,"CONECTOR EM BRONZE/LATÃO, DN 28 MM X 1/2\", SEM ANEL DE SOLDA, BOLSA X ROSCA F, INSTALADO EM PRUMADA DE HIDRÁULICA PREDIAL - FORNECIMENTO E INSTALAÇÃO. AF_04/2022","UN",29.15]
[93060,"CURVA DE TRANSPOSIÇÃO EM BRONZE/LATÃO, DN 28 MM, SEM ANEL DE SOLDA, BOLSA X BOLSA, INSTALADO EM PRUMADA DE HIDRÁULICA PREDIAL - FORNECIMENTO E INSTALAÇÃO. AF_04/2022","UN",79.040000000000006]
[93061,"LUVA PASSANTE EM COBRE, DN 35 MM, SEM ANEL DE SOLDA, INSTALADO EM PRUMADA DE HIDRÁULICA PREDIAL - FORNECIMENTO E INSTALAÇÃO. AF_04/2022","UN",31.74]
[93062,"BUCHA DE REDUÇÃO EM COBRE, DN 35 MM X 28 MM, SEM ANEL DE SOLDA, PONTA X BOLSA, INSTALADO EM PRUMADA DE HIDRÁULICA PREDIAL - FORNECIMENTO E INSTALAÇÃO. AF_04/2022","UN",26.75]
[93063,"JUNTA DE EXPANSÃO EM BRONZE/LATÃO, DN 35 MM, PONTA X PONTA, INSTALADO EM PRUMADA DE HIDRÁULICA PREDIAL - FORNECIMENTO E INSTALAÇÃO. AF_04/2022","UN",660.04]
[93064,"LUVA PASSANTE EM COBRE, DN 42 MM, SEM ANEL DE SOLDA, INSTALADO EM PRUMADA DE HIDRÁULICA PREDIAL - FORNECIMENTO E INSTALAÇÃO. AF_04/2022","UN",48.87]
[93065,"BUCHA DE REDUÇÃO EM COBRE, DN 42 MM X 35 MM, SEM ANEL DE SOLDA, PONTA X BOLSA, INSTALADO EM PRUMADA DE HIDRÁULICA PREDIAL - FORNECIMENTO E INSTALAÇÃO. AF_04/2022","UN",43.9]
[93066,"JUNTA DE EXPANSÃO EM BRONZE/LATÃO, DN 42 MM, PONTA X PONTA, INSTALADO EM PRUMADA DE HIDRÁULICA PREDIAL - FORNECIMENTO E INSTALAÇÃO. AF_04/2022","UN",828.33]
[93067,"LUVA PASSANTE EM COBRE, DN 54 MM, SEM ANEL DE SOLDA, INSTALADO EM PRUMADA DE HIDRÁULICA PREDIAL - FORNECIMENTO E INSTALAÇÃO. AF_04/2022","UN",72.8]
[93068,"BUCHA DE REDUÇÃO EM COBRE, DN 54 MM X 42 MM, SEM ANEL DE SOLDA, PONTA X BOLSA, INSTALADO EM PRUMADA DE HIDRÁULICA PREDIAL - FORNECIMENTO E INSTALAÇÃO. AF_04/2022","UN",61.87]
[93069,"JUNTA DE EXPANSÃO EM BRONZE/LATÃO, DN 54 MM, PONTA X PONTA, INSTALADO EM PRUMADA DE HIDRÁULICA PREDIAL - FORNECIMENTO E INSTALAÇÃO. AF_04/2022","UN",1148.26]
[93070,"LUVA PASSANTE EM COBRE, DN 66 MM, SEM ANEL DE SOLDA, INSTALADO EM PRUMADA DE HIDRÁULICA PREDIAL - FORNECIMENTO E INSTALAÇÃO. AF_04/2022","UN",184.65]
[93071,"BUCHA DE REDUÇÃO EM COBRE, DN 66 MM X 54 MM, SEM ANEL DE SOLDA, PONTA X BOLSA, INSTALADO EM PRUMADA DE HIDRÁULICA PREDIAL - FORNECIMENTO E INSTALAÇÃO. AF_04/2022","UN",169.76]
[93072,"JUNTA DE EXPANSÃO EM BRONZE/LATÃO, DN 66 MM, PONTA X PONTA, INSTALADO EM PRUMADA DE HIDRÁULICA PREDIAL - FORNECIMENTO E INSTALAÇÃO. AF_04/2022","UN",1515.46]
[93074,"CURVA EM COBRE, DN 15 MM, 45 GRAUS, SEM ANEL DE SOLDA, BOLSA X BOLSA, INSTALADO EM RAMAL DE DISTRIBUIÇÃO DE HIDRÁULICA PREDIAL - FORNECIMENTO E INSTALAÇÃO. AF_04/2022","UN",12.8]
[93075,"COTOVELO EM BRONZE/LATÃO, DN 15 MM X 1/2\", 90 GRAUS, SEM ANEL DE SOLDA, BOLSA X ROSCA F, INSTALADO EM RAMAL DE DISTRIBUIÇÃO DE HIDRÁULICA PREDIAL - FORNECIMENTO E INSTALAÇÃO. AF_04/2022","UN",19.329999999999998]
[93076,"CURVA EM COBRE, DN 22 MM, 45 GRAUS, SEM ANEL DE SOLDA, BOLSA X BOLSA, INSTALADO EM RAMAL DE DISTRIBUIÇÃO DE HIDRÁULICA PREDIAL - FORNECIMENTO E INSTALAÇÃO. AF_04/2022","UN",20.73]
[93077,"COTOVELO EM BRONZE/LATÃO, DN 22 MM X 1/2\", 90 GRAUS, SEM ANEL DE SOLDA, BOLSA X ROSCA F, INSTALADO EM RAMAL DE DISTRIBUIÇÃO DE HIDRÁULICA PREDIAL - FORNECIMENTO E INSTALAÇÃO. AF_04/2022","UN",27.52]
[93078,"COTOVELO EM BRONZE/LATÃO, DN 22 MM X 3/4\", 90 GRAUS, SEM ANEL DE SOLDA, BOLSA X ROSCA F, INSTALADO EM RAMAL DE DISTRIBUIÇÃO DE HIDRÁULICA PREDIAL - FORNECIMENTO E INSTALAÇÃO. AF_04/2022","UN",30.95]
[93079,"CURVA EM COBRE, DN 28 MM, 45 GRAUS, SEM ANEL DE SOLDA, BOLSA X BOLSA, INSTALADO EM RAMAL DE DISTRIBUIÇÃO DE HIDRÁULICA PREDIAL - FORNECIMENTO E INSTALAÇÃO. AF_04/2022","UN",29.03]
[93080,"LUVA PASSANTE EM COBRE, DN 15 MM, SEM ANEL DE SOLDA, INSTALADO EM RAMAL DE DISTRIBUIÇÃO DE HIDRÁULICA PREDIAL - FORNECIMENTO E INSTALAÇÃO. AF_04/2022","UN",8.33]
[93081,"CONECTOR EM BRONZE/LATÃO, DN 15 MM X 1/2\", SEM ANEL DE SOLDA, BOLSA X ROSCA F, INSTALADO EM RAMAL DE DISTRIBUIÇÃO DE HIDRÁULICA PREDIAL - FORNECIMENTO E INSTALAÇÃO. AF_04/2022","UN",18.32]
[93082,"CURVA DE TRANSPOSIÇÃO EM BRONZE/LATÃO, DN 15 MM, SEM ANEL DE SOLDA, BOLSA X BOLSA, INSTALADO EM RAMAL DE DISTRIBUIÇÃO DE HIDRÁULICA PREDIAL - FORNECIMENTO E INSTALAÇÃO. AF_04/2022","UN",23.77]
[93083,"JUNTA DE EXPANSÃO EM COBRE, DN 15 MM, PONTA X PONTA, INSTALADO EM RAMAL DE DISTRIBUIÇÃO DE HIDRÁULICA PREDIAL - FORNECIMENTO E INSTALAÇÃO. AF_04/2022","UN",453.22]
[93084,"LUVA PASSANTE EM COBRE, DN 22 MM, SEM ANEL DE SOLDA, INSTALADO EM RAMAL DE DISTRIBUIÇÃO DE HIDRÁULICA PREDIAL - FORNECIMENTO E INSTALAÇÃO. AF_04/2022","UN",13.61]
[93085,"BUCHA DE REDUÇÃO EM COBRE, DN 22 MM X 15 MM, SEM ANEL DE SOLDA, PONTA X BOLSA, INSTALADO EM RAMAL DE DISTRIBUIÇÃO DE HIDRÁULICA PREDIAL - FORNECIMENTO E INSTALAÇÃO. AF_04/2022","UN",14.45]
[93086,"JUNTA DE EXPANSÃO EM COBRE, DN 22 MM, PONTA X PONTA, INSTALADO EM RAMAL DE DISTRIBUIÇÃO DE HIDRÁULICA PREDIAL - FORNECIMENTO E INSTALAÇÃO. AF_04/2022","UN",526.16999999999996]
[93087,"CONECTOR EM BRONZE/LATÃO, DN 22 MM X 1/2\", SEM ANEL DE SOLDA, BOLSA X ROSCA F, INSTALADO EM RAMAL DE DISTRIBUIÇÃO DE HIDRÁULICA PREDIAL - FORNECIMENTO E INSTALAÇÃO. AF_04/2022","UN",19.18]
[93088,"CONECTOR EM BRONZE/LATÃO, DN 22 MM X 3/4\", SEM ANEL DE SOLDA, BOLSA X ROSCA F, INSTALADO EM RAMAL DE DISTRIBUIÇÃO DE HIDRÁULICA PREDIAL - FORNECIMENTO E INSTALAÇÃO. AF_04/2022","UN",23.78]
[93089,"CURVA DE TRANSPOSIÇÃO EM BRONZE/LATÃO, DN 22 MM, SEM ANEL DE SOLDA, BOLSA X BOLSA, INSTALADO EM RAMAL DE DISTRIBUIÇÃO DE HIDRÁULICA PREDIAL - FORNECIMENTO E INSTALAÇÃO. AF_04/2022","UN",47.56]
[93090,"LUVA PASSANTE EM COBRE, DN 28 MM, SEM ANEL DE SOLDA, INSTALADO EM RAMAL DE DISTRIBUIÇÃO DE HIDRÁULICA PREDIAL - FORNECIMENTO E INSTALAÇÃO. AF_04/2022","UN",18.97]
[93091,"BUCHA DE REDUÇÃO EM COBRE, DN 28 MM X 22 MM, SEM ANEL DE SOLDA, INSTALADO EM RAMAL DE DISTRIBUIÇÃO DE HIDRÁULICA PREDIAL - FORNECIMENTO E INSTALAÇÃO. AF_04/2022","UN",16.23]
[93092,"JUNTA DE EXPANSÃO EM COBRE, DN 28 MM, PONTA X PONTA, INSTALADO EM RAMAL DE DISTRIBUIÇÃO DE HIDRÁULICA PREDIAL - FORNECIMENTO E INSTALAÇÃO. AF_04/2022","UN",578.36]
[93093,"CONECTOR EM BRONZE/LATÃO, DN 28 MM X 1/2\", SEM ANEL DE SOLDA, BOLSA X ROSCA F, INSTALADO EM RAMAL DE DISTRIBUIÇÃO DE HIDRÁULICA PREDIAL - FORNECIMENTO E INSTALAÇÃO. AF_04/2022","UN",30.33]
[93094,"CURVA DE TRANSPOSIÇÃO EM BRONZE/LATÃO, DN 28 MM, SEM ANEL DE SOLDA, BOLSA X BOLSA, INSTALADO EM RAMAL DE DISTRIBUIÇÃO DE HIDRÁULICA PREDIAL - FORNECIMENTO E INSTALAÇÃO. AF_04/2022","UN",81.38]
[93097,"CURVA EM COBRE, DN 15 MM, 45 GRAUS, SEM ANEL DE SOLDA, BOLSA X BOLSA, INSTALADO EM RAMAL E SUB-RAMAL DE HIDRÁULICA PREDIAL - FORNECIMENTO E INSTALAÇÃO. AF_04/2022","UN",13.03]
[93098,"COTOVELO EM BRONZE/LATÃO, DN 15 MM X 1/2\", 90 GRAUS, SEM ANEL DE SOLDA, BOLSA X ROSCA F, INSTALADO EM RAMAL E SUB-RAMAL DE HIDRÁULICA PREDIAL - FORNECIMENTO E INSTALAÇÃO. AF_04/2022","UN",19.440000000000001]
[93099,"CURVA EM COBRE, DN 22 MM, 45 GRAUS, SEM ANEL DE SOLDA, BOLSA X BOLSA, INSTALADO EM RAMAL E SUB-RAMAL DE HIDRÁULICA PREDIAL - FORNECIMENTO E INSTALAÇÃO. AF_04/2022","UN",23.52]
[93100,"COTOVELO EM BRONZE/LATÃO, DN 22 MM X 1/2\", 90 GRAUS, SEM ANEL DE SOLDA, BOLSA X ROSCA F, INSTALADO EM RAMAL E SUB-RAMAL DE HIDRÁULICA PREDIAL - FORNECIMENTO E INSTALAÇÃO. AF_04/2022","UN",28.91]
[93101,"COTOVELO EM BRONZE/LATÃO, DN 22 MM X 3/4\", 90 GRAUS, SEM ANEL DE SOLDA, BOLSA X ROSCA F, INSTALADO EM RAMAL E SUB-RAMAL DE HIDRÁULICA PREDIAL - FORNECIMENTO E INSTALAÇÃO. AF_04/2022","UN",32.340000000000003]
[93102,"CURVA EM COBRE, DN 28 MM, 45 GRAUS, SEM ANEL DE SOLDA, BOLSA X BOLSA, INSTALADO EM RAMAL E SUB-RAMAL DE HIDRÁULICA PREDIAL - FORNECIMENTO E INSTALAÇÃO. AF_04/2022","UN",34.03]
[93103,"LUVA PASSANTE EM COBRE, DN 15 MM, SEM ANEL DE SOLDA, INSTALADO EM RAMAL E SUB-RAMAL DE HIDRÁULICA PREDIAL - FORNECIMENTO E INSTALAÇÃO. AF_04/2022","UN",8.49]
[93104,"CONECTOR EM BRONZE/LATÃO, DN 15 MM X 1/2\", SEM ANEL DE SOLDA, BOLSA X ROSCA F, INSTALADO EM RAMAL E SUB-RAMAL DE HIDRÁULICA PREDIAL - FORNECIMENTO E INSTALAÇÃO. AF_04/2022","UN",18.39]
[93105,"CURVA DE TRANSPOSIÇÃO EM BRONZE/LATÃO, DN 15 MM, SEM ANEL DE SOLDA, BOLSA X BOLSA, INSTALADO EM RAMAL E SUB-RAMAL DE HIDRÁULICA PREDIAL - FORNECIMENTO E INSTALAÇÃO. AF_04/2022","UN",23.93]
[93106,"JUNTA DE EXPANSÃO EM COBRE, DN 15 MM, PONTA X PONTA, INSTALADO EM RAMAL E SUB-RAMAL DE HIDRÁULICA PREDIAL - FORNECIMENTO E INSTALAÇÃO. AF_04/2022","UN",453.38]
[93107,"LUVA PASSANTE EM COBRE, DN 22 MM, SEM ANEL DE SOLDA, INSTALADO EM RAMAL E SUB-RAMAL DE HIDRÁULICA PREDIAL - FORNECIMENTO E INSTALAÇÃO. AF_04/2022","UN",15.5]
[93108,"BUCHA DE REDUÇÃO EM COBRE, DN 22 MM X 15 MM, SEM ANEL DE SOLDA, PONTA X BOLSA, INSTALADO EM RAMAL E SUB-RAMAL DE HIDRÁULICA PREDIAL - FORNECIMENTO E INSTALAÇÃO. AF_04/2022","UN",13.08]
[93109,"JUNTA DE EXPANSÃO EM COBRE, DN 22 MM, PONTA X PONTA, INSTALADO EM RAMAL E SUB-RAMAL DE HIDRÁULICA PREDIAL - FORNECIMENTO E INSTALAÇÃO. AF_04/2022","UN",528.05999999999995]
[93110,"CONECTOR EM BRONZE/LATÃO, DN 22 MM X 1/2\", SEM ANEL DE SOLDA, BOLSA X ROSCA F, INSTALADO EM RAMAL E SUB-RAMAL DE HIDRÁULICA PREDIAL - FORNECIMENTO E INSTALAÇÃO. AF_04/2022","UN",20.12]
[93111,"CONECTOR EM BRONZE/LATÃO, DN 22 MM X 3/4\", SEM ANEL DE SOLDA, BOLSA X ROSCA F, INSTALADO EM RAMAL E SUB-RAMAL DE HIDRÁULICA PREDIAL - FORNECIMENTO E INSTALAÇÃO. AF_04/2022","UN",24.41]
[93112,"CURVA DE TRANSPOSIÇÃO EM BRONZE/LATÃO, DN 22 MM, SEM ANEL DE SOLDA, BOLSA X BOLSA, INSTALADO EM RAMAL E SUB-RAMAL DE HIDRÁULICA PREDIAL - FORNECIMENTO E INSTALAÇÃO. AF_04/2022","UN",49.45]
[93113,"LUVA PASSANTE EM COBRE, DN 28 MM, SEM ANEL DE SOLDA, INSTALADO EM RAMAL E SUB-RAMAL  DE HIDRÁULICA PREDIAL - FORNECIMENTO E INSTALAÇÃO. AF_04/2022","UN",22.34]
[93114,"CONECTOR EM BRONZE/LATÃO, DN 28 MM X 1/2\", SEM ANEL DE SOLDA, BOLSA X ROSCA F, INSTALADO EM RAMAL E SUB-RAMAL DE HIDRÁULICA PREDIAL - FORNECIMENTO E INSTALAÇÃO. AF_04/2022","UN",32.01]
[93115,"CURVA DE TRANSPOSIÇÃO EM BRONZE/LATÃO, DN 28 MM, SEM ANEL DE SOLDA, BOLSA X BOLSA, INSTALADO EM RAMAL E SUB-RAMAL DE HIDRÁULICA PREDIAL - FORNECIMENTO E INSTALAÇÃO. AF_04/2022","UN",84.75]
[93116,"JUNTA DE EXPANSÃO EM COBRE, DN 28 MM, PONTA X PONTA, INSTALADO EM RAMAL E SUB-RAMAL DE HIDRÁULICA PREDIAL - FORNECIMENTO E INSTALAÇÃO. AF_04/2022","UN",581.73]
[93117,"TE DUPLA CURVA EM BRONZE/LATÃO, DN 1/2\" X 15 MM X 1/2\", SEM ANEL DE SOLDA, ROSCA F X BOLSA X ROSCA F, INSTALADO EM RAMAL E SUB-RAMAL DE HIDRÁULICA PREDIAL - FORNECIMENTO E INSTALAÇÃO. AF_04/2022","UN",57.85]
[93118,"TE DUPLA CURVA EM BRONZE/LATÃO, DN 3/4\" X 22 MM X 3/4\", SEM ANEL DE SOLDA, ROSCA F X BOLSA X ROSCA F, INSTALADO EM RAMAL E SUB-RAMAL DE HIDRÁULICA PREDIAL - FORNECIMENTO E INSTALAÇÃO. AF_04/2022","UN",85.26]
[93119,"CURVA EM COBRE, DN 22 MM, 45 GRAUS, SEM ANEL DE SOLDA, BOLSA X BOLSA, INSTALADO EM PRUMADA DE HIDRÁULICA PREDIAL - FORNECIMENTO E INSTALAÇÃO. AF_04/2022","UN",16.96]
[93120,"COTOVELO EM BRONZE/LATÃO, DN 22 MM X 1/2\", 90 GRAUS, SEM ANEL DE SOLDA, BOLSA X ROSCA F, INSTALADO EM PRUMADA DE HIDRÁULICA PREDIAL - FORNECIMENTO E INSTALAÇÃO. AF_04/2022","UN",25.63]
[93121,"COTOVELO EM BRONZE/LATÃO, DN 22 MM X 3/4\", 90 GRAUS, SEM ANEL DE SOLDA, BOLSA X ROSCA F, INSTALADO EM PRUMADA DE HIDRÁULICA PREDIAL - FORNECIMENTO E INSTALAÇÃO. AF_04/2022","UN",29.06]
[93122,"CURVA EM COBRE, DN 28 MM, 45 GRAUS, SEM ANEL DE SOLDA, BOLSA X BOLSA, INSTALADO EM PRUMADA DE HIDRÁULICA PREDIAL - FORNECIMENTO E INSTALAÇÃO. AF_04/2022","UN",25.55]
[93123,"CURVA EM COBRE, DN 35 MM, 45 GRAUS, SEM ANEL DE SOLDA, BOLSA X BOLSA, INSTALADO EM PRUMADA DE HIDRÁULICA PREDIAL -  FORNECIMENTO E INSTALAÇÃO. AF_04/2022","UN",57.51]
[93124,"CURVA EM COBRE, DN 42 MM, 45 GRAUS, SEM ANEL DE SOLDA, BOLSA X BOLSA, INSTALADO EM PRUMADA DE HIDRÁULICA PREDIAL - FORNECIMENTO E INSTALAÇÃO. AF_04/2022","UN",90.54]
[93125,"CURVA EM COBRE, DN 54 MM, 45 GRAUS, SEM ANEL DE SOLDA, BOLSA X BOLSA, INSTALADO EM PRUMADA DE HIDRÁULICA PREDIAL - FORNECIMENTO E INSTALAÇÃO. AF_04/2022","UN",133.29]
[93126,"CURVA EM COBRE, DN 66 MM, 45 GRAUS, SEM ANEL DE SOLDA, BOLSA X BOLSA, INSTALADO EM PRUMADA DE HIDRÁULICA PREDIAL - FORNECIMENTO E INSTALAÇÃO. AF_04/2022","UN",295.52]
[93133,"BUCHA DE REDUÇÃO EM COBRE, DN 28 MM X 22 MM, SEM ANEL DE SOLDA, INSTALADO EM RAMAL E SUB-RAMAL DE HIDRÁULICA PREDIAL - FORNECIMENTO E INSTALAÇÃO. AF_04/2022","UN",18.86]
[94465,"LUVA, EM FERRO GALVANIZADO, CONEXÃO ROSQUEADA, DN 50 MM (2\"), INSTALADO EM RESERVAÇÃO PREDIAL DE ÁGUA - FORNECIMENTO E INSTALAÇÃO. AF_04/2024","UN",49.68]
[94466,"NIPLE, EM FERRO GALVANIZADO, CONEXÃO ROSQUEADA, DN 50 MM (2\"), INSTALADO EM RESERVAÇÃO PREDIAL DE ÁGUA - FORNECIMENTO E INSTALAÇÃO. AF_04/2024","UN",49.71]
[94467,"LUVA, EM FERRO GALVANIZADO, CONEXÃO ROSQUEADA, DN 65 MM (2 1/2\"), INSTALADO EM RESERVAÇÃO PREDIAL DE ÁGUA - FORNECIMENTO E INSTALAÇÃO. AF_04/2024","UN",81.14]
[94468,"NIPLE, EM FERRO GALVANIZADO, CONEXÃO ROSQUEADA, DN 65 MM (2 1/2\"), INSTALADO EM RESERVAÇÃO PREDIAL DE ÁGUA - FORNECIMENTO E INSTALAÇÃO. AF_04/2024","UN",70.87]
[94469,"LUVA, EM FERRO GALVANIZADO, CONEXÃO ROSQUEADA, DN 80 MM (3\"), INSTALADO EM RESERVAÇÃO PREDIAL DE ÁGUA - FORNECIMENTO E INSTALAÇÃO. AF_04/2024","UN",116.8]
[94470,"NIPLE, EM FERRO GALVANIZADO, CONEXÃO ROSQUEADA, DN 80 MM (3\"), INSTALADO EM RESERVAÇÃO PREDIAL DE ÁGUA - FORNECIMENTO E INSTALAÇÃO. AF_04/2024","UN",107.66]
[94471,"COTOVELO 90 GRAUS, EM FERRO GALVANIZADO, CONEXÃO ROSQUEADA, DN 50 MM (2\"), INSTALADO EM RESERVAÇÃO PREDIAL DE ÁGUA - FORNECIMENTO E INSTALAÇÃO. AF_04/2024","UN",71.44]
[94472,"COTOVELO 45 GRAUS, EM FERRO GALVANIZADO, CONEXÃO ROSQUEADA, DN 50 MM (2\"), INSTALADO EM RESERVAÇÃO PREDIAL DE ÁGUA - FORNECIMENTO E INSTALAÇÃO. AF_04/2024","UN",73.72]
[94473,"COTOVELO 90 GRAUS, EM FERRO GALVANIZADO, CONEXÃO ROSQUEADA, DN 65 MM (2 1/2\"), INSTALADO EM RESERVAÇÃO PREDIAL DE ÁGUA - FORNECIMENTO E INSTALAÇÃO. AF_04/2024","UN",116.02]
[94474,"COTOVELO 45 GRAUS, EM FERRO GALVANIZADO, CONEXÃO ROSQUEADA, DN 65 MM (2 1/2\"), INSTALADO EM RESERVAÇÃO PREDIAL DE ÁGUA - FORNECIMENTO E INSTALAÇÃO. AF_04/2024","UN",126.07]
[94475,"COTOVELO 90 GRAUS, EM FERRO GALVANIZADO, CONEXÃO ROSQUEADA, DN 80 MM (3\"), INSTALADO EM RESERVAÇÃO PREDIAL DE ÁGUA - FORNECIMENTO E INSTALAÇÃO. AF_04/2024","UN",157.82]
[94476,"COTOVELO 45 GRAUS, EM FERRO GALVANIZADO, CONEXÃO ROSQUEADA, DN 80 MM (3\"), INSTALADO EM RESERVAÇÃO PREDIAL DE ÁGUA - FORNECIMENTO E INSTALAÇÃO. AF_04/2024","UN",177.19]
[94477,"TÊ, EM FERRO GALVANIZADO, CONEXÃO ROSQUEADA, DN 50 MM (2\"), INSTALADO EM RESERVAÇÃO PREDIAL DE ÁGUA - FORNECIMENTO E INSTALAÇÃO. AF_04/2024","UN",95.17]
[94478,"TÊ, EM FERRO GALVANIZADO, CONEXÃO ROSQUEADA, DN 65 MM (2 1/2\"), INSTALADO EM RESERVAÇÃO PREDIAL DE ÁGUA - FORNECIMENTO E INSTALAÇÃO. AF_04/2024","UN",159.72]
[94479,"TÊ, EM FERRO GALVANIZADO, CONEXÃO ROSQUEADA, DN 80 MM (3\"), INSTALADO EM RESERVAÇÃO PREDIAL DE ÁGUA - FORNECIMENTO E INSTALAÇÃO. AF_04/2024","UN",208.53]
[94606,"LUVA EM COBRE, DN 54 MM, SEM ANEL DE SOLDA, INSTALADO EM RESERVAÇÃO PREDIAL DE ÁGUA - FORNECIMENTO E INSTALAÇÃO. AF_04/2024","UN",76.7]
[94608,"LUVA EM COBRE, DN 66 MM, SEM ANEL DE SOLDA, INSTALADO EM RESERVAÇÃO PREDIAL DE ÁGUA - FORNECIMENTO E INSTALAÇÃO. AF_04/2024","UN",195.28]
[94610,"LUVA EM COBRE, DN 79 MM, SEM ANEL DE SOLDA, INSTALADO EM RESERVAÇÃO PREDIAL DE ÁGUA - FORNECIMENTO E INSTALAÇÃO. AF_04/2024","UN",286.58999999999997]
[94612,"LUVA DE COBRE, DN 104 MM, SEM ANEL DE SOLDA, INSTALADO EM RESERVAÇÃO PREDIAL DE ÁGUA - FORNECIMENTO E INSTALAÇÃO. AF_04/2024","UN",408.09]
[94614,"COTOVELO EM COBRE, DN 54 MM, 90 GRAUS, SEM ANEL DE SOLDA, INSTALADO EM RESERVAÇÃO PREDIAL DE ÁGUA - FORNECIMENTO E INSTALAÇÃO. AF_04/2024","UN",131.28]
[94615,"CURVA EM COBRE, DN 54 MM, 45 GRAUS, SEM ANEL DE SOLDA, BOLSA X BOLSA, INSTALADO EM RESERVAÇÃO PREDIAL DE ÁGUA - FORNECIMENTO E INSTALAÇÃO. AF_04/2024","UN",149.49]
[94616,"COTOVELO EM COBRE, DN 66 MM, 90 GRAUS, SEM ANEL DE SOLDA, INSTALADO EM RESERVAÇÃO PREDIAL DE ÁGUA - FORNECIMENTO E INSTALAÇÃO. AF_04/2024","UN",373.57]
[94617,"CURVA EM COBRE, DN 66 MM, 45 GRAUS, SEM ANEL DE SOLDA, BOLSA X BOLSA, INSTALADO EM RESERVAÇÃO PREDIAL DE ÁGUA - FORNECIMENTO E INSTALAÇÃO. AF_04/2024","UN",310.26]
[94618,"COTOVELO EM COBRE, DN 79 MM, 90 GRAUS, SEM ANEL DE SOLDA, INSTALADO EM RESERVAÇÃO PREDIAL DE ÁGUA - FORNECIMENTO E INSTALAÇÃO. AF_04/2024","UN",362.86]
[94620,"COTOVELO EM COBRE, DN 104 MM, 90 GRAUS, SEM ANEL DE SOLDA, INSTALADO EM RESERVAÇÃO PREDIAL DE ÁGUA - FORNECIMENTO E INSTALAÇÃO. AF_04/2024","UN",841.66]
[94622,"TE EM COBRE, DN 54 MM, SEM ANEL DE SOLDA, INSTALADO EM RESERVAÇÃO PREDIAL DE ÁGUA - FORNECIMENTO E INSTALAÇÃO. AF_04/2024","UN",191.91]
[94623,"TE EM COBRE, DN 66 MM, SEM ANEL DE SOLDA, INSTALADO EM RESERVAÇÃO PREDIAL DE ÁGUA - FORNECIMENTO E INSTALAÇÃO. AF_04/2024","UN",462.39]
[94624,"TE EM COBRE, DN 79 MM, SEM ANEL DE SOLDA, INSTALADO EM RESERVAÇÃO PREDIAL DE ÁGUA - FORNECIMENTO E INSTALAÇÃO. AF_04/2024","UN",698.46]
[94625,"TE EM COBRE, DN 104 MM, SEM ANEL DE SOLDA, INSTALADO EM RESERVAÇÃO PREDIAL DE ÁGUA - FORNECIMENTO E INSTALAÇÃO. AF_04/2024","UN",1467.57]
[94656,"ADAPTADOR CURTO COM BOLSA E ROSCA PARA REGISTRO, PVC, SOLDÁVEL, DN  25 MM X 3/4\", INSTALADO EM RESERVAÇÃO PREDIAL DE ÁGUA - FORNECIMENTO E INSTALAÇÃO. AF_04/2024","UN",3.14]
[94657,"LUVA PVC, SOLDÁVEL, DN  25 MM, INSTALADO EM RESERVAÇÃO PREDIAL DE ÁGUA - FORNECIMENTO E INSTALAÇÃO. AF_04/2024","UN",3.5]
[94658,"ADAPTADOR CURTO COM BOLSA E ROSCA PARA REGISTRO, PVC, SOLDÁVEL, DN 32 MM X 1\", INSTALADO EM RESERVAÇÃO PREDIAL DE ÁGUA - FORNECIMENTO E INSTALAÇÃO. AF_04/2024","UN",4.74]
[94659,"LUVA PVC, SOLDÁVEL, DN 32 MM, INSTALADO EM RESERVAÇÃO PREDIAL DE ÁGUA - FORNECIMENTO E INSTALAÇÃO. AF_04/2024","UN",5.53]
[94660,"ADAPTADOR CURTO COM BOLSA E ROSCA PARA REGISTRO, PVC, SOLDÁVEL, DN 40 MM X 1 1/4\", INSTALADO EM RESERVAÇÃO PREDIAL DE ÁGUA - FORNECIMENTO E INSTALAÇÃO. AF_04/2024","UN",7.59]
[94661,"LUVA, PVC, SOLDÁVEL, DN 40 MM, INSTALADO EM RESERVAÇÃO PREDIAL DE ÁGUA - FORNECIMENTO E INSTALAÇÃO. AF_04/2024","UN",8.8800000000000008]
[94662,"ADAPTADOR CURTO COM BOLSA E ROSCA PARA REGISTRO, PVC, SOLDÁVEL, DN 50 MM X 1 1/2\", INSTALADO EM RESERVAÇÃO PREDIAL DE ÁGUA - FORNECIMENTO E INSTALAÇÃO. AF_04/2024","UN",9.9499999999999993]
[94663,"LUVA, PVC, SOLDÁVEL, DN 50 MM, INSTALADO EM RESERVAÇÃO PREDIAL DE ÁGUA - FORNECIMENTO E INSTALAÇÃO. AF_04/2024","UN",11.01]
[94664,"ADAPTADOR CURTO COM BOLSA E ROSCA PARA REGISTRO, PVC, SOLDÁVEL, DN 60 MM X 2\", INSTALADO EM RESERVAÇÃO PREDIAL DE ÁGUA - FORNECIMENTO E INSTALAÇÃO. AF_04/2024","UN",18.45]
[94665,"LUVA, PVC, SOLDÁVEL, DN 60 MM, INSTALADO EM RESERVAÇÃO PREDIAL DE ÁGUA - FORNECIMENTO E INSTALAÇÃO. AF_04/2024","UN",22.15]
[94666,"ADAPTADOR CURTO COM BOLSA E ROSCA PARA REGISTRO, PVC, SOLDÁVEL, DN 75 MM X 2 1/2\", INSTALADO EM RESERVAÇÃO PREDIAL DE ÁGUA - FORNECIMENTO E INSTALAÇÃO. AF_04/2024","UN",30.13]
[94667,"LUVA, PVC, SOLDÁVEL, DN 75 MM, INSTALADO EM RESERVAÇÃO PREDIAL DE ÁGUA - FORNECIMENTO E INSTALAÇÃO. AF_04/2024","UN",32.58]
[94668,"ADAPTADOR CURTO COM BOLSA E ROSCA PARA REGISTRO, PVC, SOLDÁVEL, DN 85 MM X 3\", INSTALADO EM RESERVAÇÃO PREDIAL DE ÁGUA - FORNECIMENTO E INSTALAÇÃO. AF_04/2024","UN",40.14]
[94669,"LUVA, PVC, SOLDÁVEL, DN 85 MM, INSTALADO EM RESERVAÇÃO PREDIAL DE ÁGUA - FORNECIMENTO E INSTALAÇÃO. AF_04/2024","UN",59.86]
[94670,"ADAPTADOR CURTO COM BOLSA E ROSCA PARA REGISTRO, PVC, SOLDÁVEL, DN 110 MM X 4\", INSTALADO EM RESERVAÇÃO PREDIAL DE ÁGUA - FORNECIMENTO E INSTALAÇÃO. AF_04/2024","UN",63.85]
[94671,"LUVA, PVC, SOLDÁVEL, DN 110 MM, INSTALADO EM RESERVAÇÃO PREDIAL DE ÁGUA - FORNECIMENTO E INSTALAÇÃO. AF_04/2024","UN",98.51]
[94672,"JOELHO 90 GRAUS COM BUCHA DE LATÃO, PVC, SOLDÁVEL, DN  25 MM X 3/4\", INSTALADO EM RESERVAÇÃO PREDIAL DE ÁGUA - FORNECIMENTO E INSTALAÇÃO. AF_04/2024","UN",5.5]
[94673,"CURVA 90 GRAUS, PVC, SOLDÁVEL, DN  25 MM, INSTALADO EM RESERVAÇÃO PREDIAL DE ÁGUA - FORNECIMENTO E INSTALAÇÃO. AF_04/2024","UN",6.48]
[94674,"JOELHO 90 GRAUS, PVC, SOLDÁVEL, DN 32 MM INSTALADO EM RESERVAÇÃO PREDIAL DE ÁGUA - FORNECIMENTO E INSTALAÇÃO. AF_04/2024","UN",7.07]
[94675,"CURVA 90 GRAUS, PVC, SOLDÁVEL, DN 32 MM, INSTALADO EM RESERVAÇÃO PREDIAL DE ÁGUA - FORNECIMENTO E INSTALAÇÃO. AF_04/2024","UN",11.03]
[94676,"JOELHO 90 GRAUS, PVC, SOLDÁVEL, DN 40 MM INSTALADO EM RESERVAÇÃO PREDIAL DE ÁGUA - FORNECIMENTO E INSTALAÇÃO. AF_04/2024","UN",11.99]
[94677,"CURVA 90 GRAUS, PVC, SOLDÁVEL, DN 40 MM, INSTALADO EM RESERVAÇÃO PREDIAL DE ÁGUA - FORNECIMENTO E INSTALAÇÃO. AF_04/2024","UN",18]
[94678,"JOELHO 90 GRAUS, PVC, SOLDÁVEL, DN 50 MM INSTALADO EM RESERVAÇÃO PREDIAL DE ÁGUA - FORNECIMENTO E INSTALAÇÃO. AF_04/2024","UN",13.72]
[94679,"CURVA 90 GRAUS, PVC, SOLDÁVEL, DN 50 MM, INSTALADO EM RESERVAÇÃO PREDIAL DE ÁGUA - FORNECIMENTO E INSTALAÇÃO. AF_04/2024","UN",21.63]
[94680,"JOELHO 90 GRAUS, PVC, SOLDÁVEL, DN 60 MM INSTALADO EM RESERVAÇÃO PREDIAL DE ÁGUA - FORNECIMENTO E INSTALAÇÃO. AF_04/2024","UN",40.28]
[94681,"CURVA 90 GRAUS, PVC, SOLDÁVEL, DN 60 MM, INSTALADO EM RESERVAÇÃO PREDIAL DE ÁGUA - FORNECIMENTO E INSTALAÇÃO. AF_04/2024","UN",45.33]
[94682,"JOELHO 90 GRAUS, PVC, SOLDÁVEL, DN 75 MM INSTALADO EM RESERVAÇÃO PREDIAL DE ÁGUA - FORNECIMENTO E INSTALAÇÃO. AF_04/2024","UN",101.39]
[94683,"CURVA 90 GRAUS, PVC, SOLDÁVEL, DN 75 MM, INSTALADO EM RESERVAÇÃO PREDIAL DE ÁGUA - FORNECIMENTO E INSTALAÇÃO. AF_04/2024","UN",68.95]
[94684,"JOELHO 90 GRAUS, PVC, SOLDÁVEL, DN 85 MM INSTALADO EM RESERVAÇÃO PREDIAL DE ÁGUA - FORNECIMENTO E INSTALAÇÃO. AF_04/2024","UN",122.22]
[94685,"CURVA 90 GRAUS, PVC, SOLDÁVEL, DN 85 MM, INSTALADO EM RESERVAÇÃO PREDIAL DE ÁGUA - FORNECIMENTO E INSTALAÇÃO. AF_04/2024","UN",87.84]
[94686,"JOELHO 90 GRAUS, PVC, SOLDÁVEL, DN 110 MM INSTALADO EM RESERVAÇÃO PREDIAL DE ÁGUA - FORNECIMENTO E INSTALAÇÃO. AF_04/2024","UN",236.88]
[94687,"CURVA 90 GRAUS, PVC, SOLDÁVEL, DN 110 MM, INSTALADO EM RESERVAÇÃO PREDIAL DE ÁGUA - FORNECIMENTO E INSTALAÇÃO. AF_04/2024","UN",214.06]
[94688,"TÊ, PVC, SOLDÁVEL, DN  25 MM INSTALADO EM RESERVAÇÃO PREDIAL DE ÁGUA - FORNECIMENTO E INSTALAÇÃO. AF_04/2024","UN",6.09]
[94689,"TÊ COM BUCHA DE LATÃO NA BOLSA CENTRAL, PVC, SOLDÁVEL, DN  25 MM X 3/4\", INSTALADO EM RESERVAÇÃO PREDIAL DE ÁGUA - FORNECIMENTO E INSTALAÇÃO. AF_04/2024","UN",8.6300000000000008]
[94690,"TÊ, PVC, SOLDÁVEL, DN 32 MM INSTALADO EM RESERVAÇÃO PREDIAL DE ÁGUA - FORNECIMENTO E INSTALAÇÃO. AF_04/2024","UN",10.210000000000001]
[94691,"TÊ DE REDUÇÃO, PVC, SOLDÁVEL, DN 32 MM X  25 MM, INSTALADO EM RESERVAÇÃO PREDIAL DE ÁGUA - FORNECIMENTO E INSTALAÇÃO. AF_04/2024","UN",12.45]
[94692,"TÊ, PVC, SOLDÁVEL, DN 40 MM INSTALADO EM RESERVAÇÃO PREDIAL DE ÁGUA - FORNECIMENTO E INSTALAÇÃO. AF_04/2024","UN",17.600000000000001]
[94693,"TÊ DE REDUÇÃO, PVC, SOLDÁVEL, DN 40 MM X 32 MM, INSTALADO EM RESERVAÇÃO PREDIAL DE ÁGUA - FORNECIMENTO E INSTALAÇÃO. AF_04/2024","UN"